{"text_format":"1","workbook":"xlsx","n_sheets":5,"sheets":["Feuil1","CADETS 1","CADETS 2","JUNIORS","SENIORS"],"not_rendered":{"charts":0,"images":0,"macros":1,"external_links":2,"defined_names":8,"comments":4,"pivot_tables":0},"unopened":[],"bounds":{"document_bytes":16777216,"sheet_cells":100000,"rows_first":2000,"rows_last":500,"rows_between":2000,"halvings":0,"cell_chars":16384,"cell_head_chars":4096},"cells_cut":0,"cells_raw":0,"read":"whole","date_system":"1900"}

{"sheet":"Feuil1","index":0,"n_rows":29,"n_cols":64,"rows_kept":29,"cut":false,"hidden":true,"merged":[]}
[null,null,"FC1 40","FC1 44","FC1 48","FC1 53","FC1 58","FC1 63","FC1 69","FC1 +69","FC2 44","FC2 48","FC2 53","FC2 58","FC2 63","FC2 69","FC2 +69","FJ48","FJ53","FJ58","FJ63","FJ69","FJ75","FJ+75","FS48","FS53","FS58","FS63","FS69","FS75","FS+75","C1 45","C1 50","C1 56","C1 62","C1 69","C1 77","C1 85","C1 94","C1 +94","C2 50","C2 56","C2 62","C2 69","C2 77","C2 85","C2 94","C2 +94","J56","J62","J69","J77","J85","J94","J105","J+105","S56","S62","S69","S77","S85","S94","S105","S+105"]
[null,"DEBUTANT",20,25,25,35,40,45,50,60,30,35,45,50,55,60,70,45,55,60,65,70,80,90,55,65,70,75,80,95,100,35,40,50,75,85,90,100,110,120,45,65,85,95,110,120,125,135,80,90,110,130,145,150,155,165,95,120,130,150,165,170,175,185]
[null,"DEPARTEMENTAL",25,35,35,45,50,55,60,70,40,45,55,60,65,70,80,55,65,70,75,80,95,100,65,75,80,85,90,105,110,50,55,70,95,105,110,120,130,140,65,85,105,115,130,140,145,155,100,120,130,150,165,170,175,185,115,135,150,170,185,190,195,205]
[null,"REGIONAL",35,40,45,55,60,65,70,80,50,55,65,70,75,80,95,65,75,80,85,90,105,110,75,85,90,95,105,115,125,60,65,85,105,115,130,140,145,155,80,100,120,130,150,160,165,175,115,135,150,170,185,190,195,205,130,150,170,190,205,215,220,225]
[null,"INTERREGIONAL",45,50,55,65,70,75,80,95,60,65,75,80,85,90,105,75,85,90,95,105,115,125,85,95,100,110,120,130,140,75,80,100,120,130,150,160,165,175,95,115,135,150,170,180,185,195,130,150,170,190,205,215,220,225,145,170,190,210,225,235,245,250]
[null,"FEDERAL",50,60,65,75,80,85,90,105,70,75,85,90,95,105,115,85,95,100,110,120,130,140,95,105,115,125,135,145,150,90,95,115,135,150,170,180,185,195,110,130,150,170,185,200,210,220,145,170,190,210,225,235,245,250,170,190,220,240,250,260,270,280]
[null,"NATIONAL",60,70,75,85,90,95,105,115,80,85,95,100,110,120,130,95,105,115,125,135,145,150,110,120,130,140,150,160,170,105,110,130,150,170,185,200,210,220,120,145,170,190,200,220,225,235,170,190,220,240,250,260,270,280,190,210,240,265,280,290,300,310]
[null,"INTERNATIONAL B",70,80,85,95,100,110,120,130,90,95,105,115,125,135,145,110,120,130,140,150,160,170,125,140,150,160,170,180,190,115,120,145,170,190,200,220,225,235,135,170,190,210,220,240,250,260,190,210,240,260,280,290,300,310,210,230,260,285,300,310,325,330]
[null,"INTERNATIONAL A",80,90,95,105,115,125,135,145,100,110,120,130,140,150,160,125,135,150,160,170,180,190,140,160,170,180,190,195,210,130,135,170,190,210,220,240,250,260,150,190,210,230,250,260,280,280,210,230,250,285,300,310,325,330,225,255,275,305,325,330,345,355]
[null,"OLYMPIQUE",1000,1000,1000,1000,1000,1000,1000,1000,1000,1000,1000,1000,1000,1000,1000,1000,1000,1000,1000,1000,1000,1000,155,175,190,200,205,210,225,1000,1000,1000,1000,1000,1000,10000,1000,1000,1000,1000,1000,1000,1000,10000,1000,1000,1000,1000,1000,10000,1000,1000,1000,10000,240,270,290,320,345,355,365,375]
[null,"MINIME","CADET","CADET","JUNIOR","SENIOR",null,"MINIME","CADETTE","CADETTE","JUNIOR","SENIOR"]
[20.010000000000002,"NON","C1 45","C2 50","J56","S56",20.010000000000002,"NON","FC1 40","FC2 44","FJ48","FS48"]
[34.01,"NON","C1 45","C2 50","J56","S56",30.01,"NON","FC1 40","FC2 44","FJ48","FS48"]
[38.01,"NON","C1 45","C2 50","J56","S56",35.01,"NON","FC1 40","FC2 44","FJ48","FS48"]
[40.01,"NON","C1 45","C2 50","J56","S56",36.01,"NON","FC1 40","FC2 44","FJ48","FS48"]
[45.01,"NON","C1 50","C2 50","J56","S56",40.01,"NON","FC1 44","FC2 44","FJ48","FS48"]
[50.01,"NON","C1 56","C2 56","J56","S56",44.01,"NON","FC1 48","FC2 48","FJ48","FS48"]
[52.05,"NON","C1 56","C2 56","J56","S56",48.01,"NON","FC1 53","FC2 53","FJ53","FS53"]
[56.01,"NON","C1 62","C2 62","J62","S62",53.01,"NON","FC1 58","FC2 58","FJ58","FS58"]
[62.01,"NON","C1 69","C2 69","J69","S69",58.01,"NON","FC1 63","FC2 63","FJ63","FS63"]
[69.010000000000005,"NON","C1 77","C2 77","J77","S77",63.01,"NON","FC1 69","FC2 69","FJ69","FS69"]
[77.010000000000005,"NON","C1 85","C2 85","J85","S85",69.010000000000005,"NON","FC1 +69","FC2 +69","FJ75","FS75"]
[85.01,"NON","C1 94","C2 94","J94","S94",75.010000000000005,"NON","FC1 +69","FC2 +69","FJ+75","FS+75"]
[94.01,"NON","C1 +94","C2 +94","J105","S105",110,"NON","FC1 +69","FC2 +69","FJ+75","FS+75"]
[105.01,"NON","C1 +94","C2 +94","J+105","S+105",140,"NON","FC1 +69","FC2 +69","FJ+75","FS+75"]
[110,"NON","C1 +94","C2 +94","J+105","S+105"]
[120,"NON","C1 +94","C2 +94","J+105","S+105"]
[130,"NON","C1 +94","C2 +94","J+105","S+105"]
[140,"NON","C1 +94","C2 +94","J+105","S+105",null,null,null,null,null,null,null,null,null,null,null,null,null,null,null,null,null,null,null,null,null,null,null,null,null,null,null," "]

{"sheet":"CADETS 1","index":1,"n_rows":733,"n_cols":50,"rows_kept":733,"cut":false,"hidden":false,"merged":[[3,21,3,22],[0,7,0,14],[0,18,0,21],[1,6,1,10],[1,11,1,13],[1,14,1,17],[1,18,1,19],[1,21,1,22]]}
[null,null,null,null,null,"LISTING NATIONAL",null,"MASCULINS ",null,null,null,null,null,null,null,null,"DATE :",null,"2015-06-30"]
[null,null,null,null,null," ","2014-2015",null,null,null,null,"3° TRIMESTRE"]
[]
["SEXE","ZONE","REG.","CL.","LICENCE","NOMS","Prénoms","AN","POIDS","CLUB","NAT",1,2,3,"ARR",1,2,3,"EP-J","Total","KP-2PC","SERIE",null,"Catég","IWF",null," ","DEB ","DEP +","REG +","IRG +","FED +","NAT +","INTB +","INTA +","OLY +"]
[null,null,null,null,null,null,null,null,null,null,null,null,null,null,null,null,null,null,null,null,null,null,null,null,null,null," ",{"$f":"T5-HLOOKUP(X5,[1]Feuil1!$C$1:$BL$10,2,FALSE)","v":{"$error":"#N/A"}},{"$f":"T5-HLOOKUP(X5,[1]Feuil1!$C$1:$BL$10,3,FALSE)","v":{"$error":"#N/A"}},{"$f":"T5-HLOOKUP(X5,[1]Feuil1!$C$1:$BL$10,4,FALSE)","v":{"$error":"#N/A"}},{"$f":"T5-HLOOKUP(X5,[1]Feuil1!$C$1:$BL$10,5,FALSE)","v":{"$error":"#N/A"}},{"$f":"T5-HLOOKUP(X5,[1]Feuil1!$C$1:$BL$10,6,FALSE)","v":{"$error":"#N/A"}},{"$f":"T5-HLOOKUP(X5,[1]Feuil1!$C$1:$BL$10,7,FALSE)","v":{"$error":"#N/A"}},{"$f":"T5-HLOOKUP(X5,[1]Feuil1!$C$1:$BL$10,8,FALSE)","v":{"$error":"#N/A"}},{"$f":"T5-HLOOKUP(X5,[1]Feuil1!$C$1:$BL$10,9,FALSE)","v":{"$error":"#N/A"}},{"$f":"T5-HLOOKUP(X5,[1]Feuil1!$C$1:$BL$10,10,FALSE)","v":{"$error":"#N/A"}},null,null,null,null,null,null,{"$f":"IF(AJ5>=0,$AJ$4,IF(AI5>=0,$AI$4,IF(AH5>=0,$AH$4,IF(AG5>=0,$AG$4,IF(AF5>=0,$AF$4,IF(AE5>=0,$AE$4,IF(AD5>=0,$AD$4,IF(AC5>=0,$AC$4,$AB$4))))))))","v":{"$error":"#N/A"}}]
["H","DOM","REU",1,239770,"ESSOB","Etienne",2001,43.07,"SCHM St Paul","F",42,44,46,{"$f":"IF(H6=\"\",\"\",IF(MAXA(L6:N6)<=0,0,MAXA(L6:N6)))","v":46},50,53,55,{"$f":"IF(H6=\"\",\"\",IF(MAXA(P6:R6)<=0,0,MAXA(P6:R6)))","v":55},{"$f":"IF(H6=\"\",\"\",IF(OR(O6=0,S6=0),0,O6+S6))","v":101},{"$f":"T6-I6*2","v":14.86},{"$f":"IF(H6=\"\",\"\",AQ6)","v":"FED +"},{"$f":"IF(AJ6>=0,AJ6,IF(AI6>=0,AI6,IF(AH6>=0,AH6,IF(AG6>=0,AG6,IF(AF6>=0,AF6,IF(AE6>=0,AE6,IF(AD6>=0,AD6,IF(AC6>=0,AC6,AB6))))))))","v":11},{"$f":"IF(I6=\"\",\"\",IF(A6=\"H\",IF(OR(H6=\"SEN\",H6<1995),VLOOKUP(I6,Feuil1!$A$11:$G$29,6),IF(AND(H6>1994,H6<1998),VLOOKUP(I6,Feuil1!$A$11:$G$29,5),IF(AND(H6>1997,H6<2000),VLOOKUP(I6,Feuil1!$A$11:$G$29,4),IF(AND(H6>1999,H6<2002),VLOOKUP(I6,Feuil1!$A$11:$G$29,3),VLOOKUP(I6,Feuil1!$A$11:$G$29,2))))),IF(OR(H6=\"SEN\",H6<1995),VLOOKUP(I6,Feuil1!$G$11:$L$25,6),IF(AND(H6>1994,H6<1998),VLOOKUP(I6,Feuil1!$G$11:$L$25,5),IF(AND(H6>1997,H6<2000),VLOOKUP(I6,Feuil1!$G$11:$L$25,4),IF(AND(H6>1999,H6<2002),VLOOKUP(I6,Feuil1!$G$11:$L$25,3),VLOOKUP(I6,Feuil1!$G$11:$L$25,2)))))))","v":"C1 45"},{"$f":"IF(I6=\"\",\"\",IF(A6=\"H\",10^(0.794358141*LOG(I6/174.393)^2)*T6,IF(A6=\"F\",10^(0.89726074*LOG(I6/148.026)^2)*T6,\"\")))","v":198.30948510757824},null," ",{"$f":"T6-HLOOKUP(X6,Feuil1!$C$1:$BL$10,2,FALSE)","v":66},{"$f":"T6-HLOOKUP(X6,Feuil1!$C$1:$BL$10,3,FALSE)","v":51},{"$f":"T6-HLOOKUP(X6,Feuil1!$C$1:$BL$10,4,FALSE)","v":41},{"$f":"T6-HLOOKUP(X6,Feuil1!$C$1:$BL$10,5,FALSE)","v":26},{"$f":"T6-HLOOKUP(X6,Feuil1!$C$1:$BL$10,6,FALSE)","v":11},{"$f":"T6-HLOOKUP(X6,Feuil1!$C$1:$BL$10,7,FALSE)","v":-4},{"$f":"T6-HLOOKUP(X6,Feuil1!$C$1:$BL$10,8,FALSE)","v":-14},{"$f":"T6-HLOOKUP(X6,Feuil1!$C$1:$BL$10,9,FALSE)","v":-29},{"$f":"T6-HLOOKUP(X6,Feuil1!$C$1:$BL$10,10,FALSE)","v":-899},null,null,null,null,null,null,{"$f":"IF(AJ6>=0,$AJ$4,IF(AI6>=0,$AI$4,IF(AH6>=0,$AH$4,IF(AG6>=0,$AG$4,IF(AF6>=0,$AF$4,IF(AE6>=0,$AE$4,IF(AD6>=0,$AD$4,IF(AC6>=0,$AC$4,$AB$4))))))))","v":"FED +"}]
["H","NE","CHA",2,357535,"CATTEAU ","Jimmy",2000,44.2,"Reims HM","F",42,45,-48,45,53,56,-59,56,101,12.599999999999994,"FED +",11,{"$f":"IF(I7=\"\",\"\",IF(A7=\"H\",IF(OR(H7=\"SEN\",H7<1995),VLOOKUP(I7,Feuil1!$A$11:$G$29,6),IF(AND(H7>1994,H7<1998),VLOOKUP(I7,Feuil1!$A$11:$G$29,5),IF(AND(H7>1997,H7<2000),VLOOKUP(I7,Feuil1!$A$11:$G$29,4),IF(AND(H7>1999,H7<2002),VLOOKUP(I7,Feuil1!$A$11:$G$29,3),VLOOKUP(I7,Feuil1!$A$11:$G$29,2))))),IF(OR(H7=\"SEN\",H7<1995),VLOOKUP(I7,Feuil1!$G$11:$L$25,6),IF(AND(H7>1994,H7<1998),VLOOKUP(I7,Feuil1!$G$11:$L$25,5),IF(AND(H7>1997,H7<2000),VLOOKUP(I7,Feuil1!$G$11:$L$25,4),IF(AND(H7>1999,H7<2002),VLOOKUP(I7,Feuil1!$G$11:$L$25,3),VLOOKUP(I7,Feuil1!$G$11:$L$25,2)))))))","v":"C1 45"},193.46001225258431,null," ",{"$f":"T7-HLOOKUP(X7,Feuil1!$C$1:$BL$10,2,FALSE)","v":66},{"$f":"T7-HLOOKUP(X7,Feuil1!$C$1:$BL$10,3,FALSE)","v":51},{"$f":"T7-HLOOKUP(X7,Feuil1!$C$1:$BL$10,4,FALSE)","v":41},{"$f":"T7-HLOOKUP(X7,Feuil1!$C$1:$BL$10,5,FALSE)","v":26},{"$f":"T7-HLOOKUP(X7,Feuil1!$C$1:$BL$10,6,FALSE)","v":11},{"$f":"T7-HLOOKUP(X7,Feuil1!$C$1:$BL$10,7,FALSE)","v":-4},{"$f":"T7-HLOOKUP(X7,Feuil1!$C$1:$BL$10,8,FALSE)","v":-14},{"$f":"T7-HLOOKUP(X7,Feuil1!$C$1:$BL$10,9,FALSE)","v":-29},{"$f":"T7-HLOOKUP(X7,Feuil1!$C$1:$BL$10,10,FALSE)","v":-899},null,null,null,null,null,null,"FED +"]
["H","NE","LOR",3,281801,"GUINDOS","Lucas",2001,44.04,"E.S.LANEUVEVILLOISE","F",40,-43,43,43,51,54,56,56,99,10.920000000000002,"FED +",9,{"$f":"IF(I8=\"\",\"\",IF(A8=\"H\",IF(OR(H8=\"SEN\",H8<1995),VLOOKUP(I8,Feuil1!$A$11:$G$29,6),IF(AND(H8>1994,H8<1998),VLOOKUP(I8,Feuil1!$A$11:$G$29,5),IF(AND(H8>1997,H8<2000),VLOOKUP(I8,Feuil1!$A$11:$G$29,4),IF(AND(H8>1999,H8<2002),VLOOKUP(I8,Feuil1!$A$11:$G$29,3),VLOOKUP(I8,Feuil1!$A$11:$G$29,2))))),IF(OR(H8=\"SEN\",H8<1995),VLOOKUP(I8,Feuil1!$G$11:$L$25,6),IF(AND(H8>1994,H8<1998),VLOOKUP(I8,Feuil1!$G$11:$L$25,5),IF(AND(H8>1997,H8<2000),VLOOKUP(I8,Feuil1!$G$11:$L$25,4),IF(AND(H8>1999,H8<2002),VLOOKUP(I8,Feuil1!$G$11:$L$25,3),VLOOKUP(I8,Feuil1!$G$11:$L$25,2)))))))","v":"C1 45"},190.28237286690609,null," ",{"$f":"T8-HLOOKUP(X8,Feuil1!$C$1:$BL$10,2,FALSE)","v":64},{"$f":"T8-HLOOKUP(X8,Feuil1!$C$1:$BL$10,3,FALSE)","v":49},{"$f":"T8-HLOOKUP(X8,Feuil1!$C$1:$BL$10,4,FALSE)","v":39},{"$f":"T8-HLOOKUP(X8,Feuil1!$C$1:$BL$10,5,FALSE)","v":24},{"$f":"T8-HLOOKUP(X8,Feuil1!$C$1:$BL$10,6,FALSE)","v":9},{"$f":"T8-HLOOKUP(X8,Feuil1!$C$1:$BL$10,7,FALSE)","v":-6},{"$f":"T8-HLOOKUP(X8,Feuil1!$C$1:$BL$10,8,FALSE)","v":-16},{"$f":"T8-HLOOKUP(X8,Feuil1!$C$1:$BL$10,9,FALSE)","v":-31},{"$f":"T8-HLOOKUP(X8,Feuil1!$C$1:$BL$10,10,FALSE)","v":-901},null,null,null,null,null,null,"FED +"]
["H","NE","BOU",4,329944,"AMADOU","Alexis",2001,37.6,"HC Avallon","F",35,37,39,39,53,-57,58,58,97,21.799999999999997,"FED +",7,{"$f":"IF(I9=\"\",\"\",IF(A9=\"H\",IF(OR(H9=\"SEN\",H9<1995),VLOOKUP(I9,Feuil1!$A$11:$G$29,6),IF(AND(H9>1994,H9<1998),VLOOKUP(I9,Feuil1!$A$11:$G$29,5),IF(AND(H9>1997,H9<2000),VLOOKUP(I9,Feuil1!$A$11:$G$29,4),IF(AND(H9>1999,H9<2002),VLOOKUP(I9,Feuil1!$A$11:$G$29,3),VLOOKUP(I9,Feuil1!$A$11:$G$29,2))))),IF(OR(H9=\"SEN\",H9<1995),VLOOKUP(I9,Feuil1!$G$11:$L$25,6),IF(AND(H9>1994,H9<1998),VLOOKUP(I9,Feuil1!$G$11:$L$25,5),IF(AND(H9>1997,H9<2000),VLOOKUP(I9,Feuil1!$G$11:$L$25,4),IF(AND(H9>1999,H9<2002),VLOOKUP(I9,Feuil1!$G$11:$L$25,3),VLOOKUP(I9,Feuil1!$G$11:$L$25,2)))))))","v":"C1 45"},218.51193805350664,null," ",{"$f":"T9-HLOOKUP(X9,Feuil1!$C$1:$BL$10,2,FALSE)","v":62},{"$f":"T9-HLOOKUP(X9,Feuil1!$C$1:$BL$10,3,FALSE)","v":47},{"$f":"T9-HLOOKUP(X9,Feuil1!$C$1:$BL$10,4,FALSE)","v":37},{"$f":"T9-HLOOKUP(X9,Feuil1!$C$1:$BL$10,5,FALSE)","v":22},{"$f":"T9-HLOOKUP(X9,Feuil1!$C$1:$BL$10,6,FALSE)","v":7},{"$f":"T9-HLOOKUP(X9,Feuil1!$C$1:$BL$10,7,FALSE)","v":-8},{"$f":"T9-HLOOKUP(X9,Feuil1!$C$1:$BL$10,8,FALSE)","v":-18},{"$f":"T9-HLOOKUP(X9,Feuil1!$C$1:$BL$10,9,FALSE)","v":-33},{"$f":"T9-HLOOKUP(X9,Feuil1!$C$1:$BL$10,10,FALSE)","v":-903},null,null,null,null,null,null,"FED +"]
["H","SO","POI",5,360355,"MAURY","Yoann",2001,44.3,"ST JEAN D'ANGÉLY","F",32,36,38,38,42,46,48,48,86,-2.5999999999999943,"IRG +",11,{"$f":"IF(I10=\"\",\"\",IF(A10=\"H\",IF(OR(H10=\"SEN\",H10<1995),VLOOKUP(I10,Feuil1!$A$11:$G$29,6),IF(AND(H10>1994,H10<1998),VLOOKUP(I10,Feuil1!$A$11:$G$29,5),IF(AND(H10>1997,H10<2000),VLOOKUP(I10,Feuil1!$A$11:$G$29,4),IF(AND(H10>1999,H10<2002),VLOOKUP(I10,Feuil1!$A$11:$G$29,3),VLOOKUP(I10,Feuil1!$A$11:$G$29,2))))),IF(OR(H10=\"SEN\",H10<1995),VLOOKUP(I10,Feuil1!$G$11:$L$25,6),IF(AND(H10>1994,H10<1998),VLOOKUP(I10,Feuil1!$G$11:$L$25,5),IF(AND(H10>1997,H10<2000),VLOOKUP(I10,Feuil1!$G$11:$L$25,4),IF(AND(H10>1999,H10<2002),VLOOKUP(I10,Feuil1!$G$11:$L$25,3),VLOOKUP(I10,Feuil1!$G$11:$L$25,2)))))))","v":"C1 45"},164.37643990937329,null," ",{"$f":"T10-HLOOKUP(X10,Feuil1!$C$1:$BL$10,2,FALSE)","v":51},{"$f":"T10-HLOOKUP(X10,Feuil1!$C$1:$BL$10,3,FALSE)","v":36},{"$f":"T10-HLOOKUP(X10,Feuil1!$C$1:$BL$10,4,FALSE)","v":26},{"$f":"T10-HLOOKUP(X10,Feuil1!$C$1:$BL$10,5,FALSE)","v":11},{"$f":"T10-HLOOKUP(X10,Feuil1!$C$1:$BL$10,6,FALSE)","v":-4},{"$f":"T10-HLOOKUP(X10,Feuil1!$C$1:$BL$10,7,FALSE)","v":-19},{"$f":"T10-HLOOKUP(X10,Feuil1!$C$1:$BL$10,8,FALSE)","v":-29},{"$f":"T10-HLOOKUP(X10,Feuil1!$C$1:$BL$10,9,FALSE)","v":-44},{"$f":"T10-HLOOKUP(X10,Feuil1!$C$1:$BL$10,10,FALSE)","v":-914},null,null,null,null,null,null,"IRG +"]
["H","DOM","GUA",6,380461,"GRANDMAN","Lionel",2001,45,"AHCS/Pointois","F",32,37,38,38,40,42,44,44,82,-8,"IRG +",7,{"$f":"IF(I11=\"\",\"\",IF(A11=\"H\",IF(OR(H11=\"SEN\",H11<1995),VLOOKUP(I11,Feuil1!$A$11:$G$29,6),IF(AND(H11>1994,H11<1998),VLOOKUP(I11,Feuil1!$A$11:$G$29,5),IF(AND(H11>1997,H11<2000),VLOOKUP(I11,Feuil1!$A$11:$G$29,4),IF(AND(H11>1999,H11<2002),VLOOKUP(I11,Feuil1!$A$11:$G$29,3),VLOOKUP(I11,Feuil1!$A$11:$G$29,2))))),IF(OR(H11=\"SEN\",H11<1995),VLOOKUP(I11,Feuil1!$G$11:$L$25,6),IF(AND(H11>1994,H11<1998),VLOOKUP(I11,Feuil1!$G$11:$L$25,5),IF(AND(H11>1997,H11<2000),VLOOKUP(I11,Feuil1!$G$11:$L$25,4),IF(AND(H11>1999,H11<2002),VLOOKUP(I11,Feuil1!$G$11:$L$25,3),VLOOKUP(I11,Feuil1!$G$11:$L$25,2)))))))","v":"C1 45"},154.43800717767212,null," ",{"$f":"T11-HLOOKUP(X11,Feuil1!$C$1:$BL$10,2,FALSE)","v":47},{"$f":"T11-HLOOKUP(X11,Feuil1!$C$1:$BL$10,3,FALSE)","v":32},{"$f":"T11-HLOOKUP(X11,Feuil1!$C$1:$BL$10,4,FALSE)","v":22},{"$f":"T11-HLOOKUP(X11,Feuil1!$C$1:$BL$10,5,FALSE)","v":7},{"$f":"T11-HLOOKUP(X11,Feuil1!$C$1:$BL$10,6,FALSE)","v":-8},{"$f":"T11-HLOOKUP(X11,Feuil1!$C$1:$BL$10,7,FALSE)","v":-23},{"$f":"T11-HLOOKUP(X11,Feuil1!$C$1:$BL$10,8,FALSE)","v":-33},{"$f":"T11-HLOOKUP(X11,Feuil1!$C$1:$BL$10,9,FALSE)","v":-48},{"$f":"T11-HLOOKUP(X11,Feuil1!$C$1:$BL$10,10,FALSE)","v":-918},null,null,null,null,null,null,"IRG +"]
["H","NORD","PIC",7,356996,"DESSON","Rémy",2000,45,"Saleux CHM","F",30,-33,33,33,40,-45,45,45,78,-12,"IRG +",3,{"$f":"IF(I12=\"\",\"\",IF(A12=\"H\",IF(OR(H12=\"SEN\",H12<1995),VLOOKUP(I12,Feuil1!$A$11:$G$29,6),IF(AND(H12>1994,H12<1998),VLOOKUP(I12,Feuil1!$A$11:$G$29,5),IF(AND(H12>1997,H12<2000),VLOOKUP(I12,Feuil1!$A$11:$G$29,4),IF(AND(H12>1999,H12<2002),VLOOKUP(I12,Feuil1!$A$11:$G$29,3),VLOOKUP(I12,Feuil1!$A$11:$G$29,2))))),IF(OR(H12=\"SEN\",H12<1995),VLOOKUP(I12,Feuil1!$G$11:$L$25,6),IF(AND(H12>1994,H12<1998),VLOOKUP(I12,Feuil1!$G$11:$L$25,5),IF(AND(H12>1997,H12<2000),VLOOKUP(I12,Feuil1!$G$11:$L$25,4),IF(AND(H12>1999,H12<2002),VLOOKUP(I12,Feuil1!$G$11:$L$25,3),VLOOKUP(I12,Feuil1!$G$11:$L$25,2)))))))","v":"C1 45"},146.90444585193202,null," ",{"$f":"T12-HLOOKUP(X12,Feuil1!$C$1:$BL$10,2,FALSE)","v":43},{"$f":"T12-HLOOKUP(X12,Feuil1!$C$1:$BL$10,3,FALSE)","v":28},{"$f":"T12-HLOOKUP(X12,Feuil1!$C$1:$BL$10,4,FALSE)","v":18},{"$f":"T12-HLOOKUP(X12,Feuil1!$C$1:$BL$10,5,FALSE)","v":3},{"$f":"T12-HLOOKUP(X12,Feuil1!$C$1:$BL$10,6,FALSE)","v":-12},{"$f":"T12-HLOOKUP(X12,Feuil1!$C$1:$BL$10,7,FALSE)","v":-27},{"$f":"T12-HLOOKUP(X12,Feuil1!$C$1:$BL$10,8,FALSE)","v":-37},{"$f":"T12-HLOOKUP(X12,Feuil1!$C$1:$BL$10,9,FALSE)","v":-52},{"$f":"T12-HLOOKUP(X12,Feuil1!$C$1:$BL$10,10,FALSE)","v":-922},null,null,null,null,null,null,"IRG +"]
["H","NE","ALS",8,327576,"MARTZ","LEO",2000,43,"CHM Andlau","F",-32,32,-34,32,35,39,41,41,73,-13,"REG +",13,{"$f":"IF(I13=\"\",\"\",IF(A13=\"H\",IF(OR(H13=\"SEN\",H13<1995),VLOOKUP(I13,Feuil1!$A$11:$G$29,6),IF(AND(H13>1994,H13<1998),VLOOKUP(I13,Feuil1!$A$11:$G$29,5),IF(AND(H13>1997,H13<2000),VLOOKUP(I13,Feuil1!$A$11:$G$29,4),IF(AND(H13>1999,H13<2002),VLOOKUP(I13,Feuil1!$A$11:$G$29,3),VLOOKUP(I13,Feuil1!$A$11:$G$29,2))))),IF(OR(H13=\"SEN\",H13<1995),VLOOKUP(I13,Feuil1!$G$11:$L$25,6),IF(AND(H13>1994,H13<1998),VLOOKUP(I13,Feuil1!$G$11:$L$25,5),IF(AND(H13>1997,H13<2000),VLOOKUP(I13,Feuil1!$G$11:$L$25,4),IF(AND(H13>1999,H13<2002),VLOOKUP(I13,Feuil1!$G$11:$L$25,3),VLOOKUP(I13,Feuil1!$G$11:$L$25,2)))))))","v":"C1 45"},143.55786807509327,null," ",{"$f":"T13-HLOOKUP(X13,Feuil1!$C$1:$BL$10,2,FALSE)","v":38},{"$f":"T13-HLOOKUP(X13,Feuil1!$C$1:$BL$10,3,FALSE)","v":23},{"$f":"T13-HLOOKUP(X13,Feuil1!$C$1:$BL$10,4,FALSE)","v":13},{"$f":"T13-HLOOKUP(X13,Feuil1!$C$1:$BL$10,5,FALSE)","v":-2},{"$f":"T13-HLOOKUP(X13,Feuil1!$C$1:$BL$10,6,FALSE)","v":-17},{"$f":"T13-HLOOKUP(X13,Feuil1!$C$1:$BL$10,7,FALSE)","v":-32},{"$f":"T13-HLOOKUP(X13,Feuil1!$C$1:$BL$10,8,FALSE)","v":-42},{"$f":"T13-HLOOKUP(X13,Feuil1!$C$1:$BL$10,9,FALSE)","v":-57},{"$f":"T13-HLOOKUP(X13,Feuil1!$C$1:$BL$10,10,FALSE)","v":-927},null,null,null,null,null,null,"REG +"]
["H","DOM","GUA",9,379132,"MOLINIER","Hugo",2001,44.5,"AHCS/Pointois","F",28,32,34,34,33,35,38,38,72,-17,"REG +",12,{"$f":"IF(I14=\"\",\"\",IF(A14=\"H\",IF(OR(H14=\"SEN\",H14<1995),VLOOKUP(I14,Feuil1!$A$11:$G$29,6),IF(AND(H14>1994,H14<1998),VLOOKUP(I14,Feuil1!$A$11:$G$29,5),IF(AND(H14>1997,H14<2000),VLOOKUP(I14,Feuil1!$A$11:$G$29,4),IF(AND(H14>1999,H14<2002),VLOOKUP(I14,Feuil1!$A$11:$G$29,3),VLOOKUP(I14,Feuil1!$A$11:$G$29,2))))),IF(OR(H14=\"SEN\",H14<1995),VLOOKUP(I14,Feuil1!$G$11:$L$25,6),IF(AND(H14>1994,H14<1998),VLOOKUP(I14,Feuil1!$G$11:$L$25,5),IF(AND(H14>1997,H14<2000),VLOOKUP(I14,Feuil1!$G$11:$L$25,4),IF(AND(H14>1999,H14<2002),VLOOKUP(I14,Feuil1!$G$11:$L$25,3),VLOOKUP(I14,Feuil1!$G$11:$L$25,2)))))))","v":"C1 45"},137.03358415223681,null," ",{"$f":"T14-HLOOKUP(X14,Feuil1!$C$1:$BL$10,2,FALSE)","v":37},{"$f":"T14-HLOOKUP(X14,Feuil1!$C$1:$BL$10,3,FALSE)","v":22},{"$f":"T14-HLOOKUP(X14,Feuil1!$C$1:$BL$10,4,FALSE)","v":12},{"$f":"T14-HLOOKUP(X14,Feuil1!$C$1:$BL$10,5,FALSE)","v":-3},{"$f":"T14-HLOOKUP(X14,Feuil1!$C$1:$BL$10,6,FALSE)","v":-18},{"$f":"T14-HLOOKUP(X14,Feuil1!$C$1:$BL$10,7,FALSE)","v":-33},{"$f":"T14-HLOOKUP(X14,Feuil1!$C$1:$BL$10,8,FALSE)","v":-43},{"$f":"T14-HLOOKUP(X14,Feuil1!$C$1:$BL$10,9,FALSE)","v":-58},{"$f":"T14-HLOOKUP(X14,Feuil1!$C$1:$BL$10,10,FALSE)","v":-928},null,null,null,null,null,null,"REG +"]
["H","DOM","GUA",10,377221,"MARTIN","Mathieu",2000,41.2,"ASCPG/Rémire Montjoly","F",30,33,-35,33,33,36,38,38,71,-11.400000000000006,"REG +",11,{"$f":"IF(I15=\"\",\"\",IF(A15=\"H\",IF(OR(H15=\"SEN\",H15<1995),VLOOKUP(I15,Feuil1!$A$11:$G$29,6),IF(AND(H15>1994,H15<1998),VLOOKUP(I15,Feuil1!$A$11:$G$29,5),IF(AND(H15>1997,H15<2000),VLOOKUP(I15,Feuil1!$A$11:$G$29,4),IF(AND(H15>1999,H15<2002),VLOOKUP(I15,Feuil1!$A$11:$G$29,3),VLOOKUP(I15,Feuil1!$A$11:$G$29,2))))),IF(OR(H15=\"SEN\",H15<1995),VLOOKUP(I15,Feuil1!$G$11:$L$25,6),IF(AND(H15>1994,H15<1998),VLOOKUP(I15,Feuil1!$G$11:$L$25,5),IF(AND(H15>1997,H15<2000),VLOOKUP(I15,Feuil1!$G$11:$L$25,4),IF(AND(H15>1999,H15<2002),VLOOKUP(I15,Feuil1!$G$11:$L$25,3),VLOOKUP(I15,Feuil1!$G$11:$L$25,2)))))))","v":"C1 45"},145.60521745586874,null," ",{"$f":"T15-HLOOKUP(X15,Feuil1!$C$1:$BL$10,2,FALSE)","v":36},{"$f":"T15-HLOOKUP(X15,Feuil1!$C$1:$BL$10,3,FALSE)","v":21},{"$f":"T15-HLOOKUP(X15,Feuil1!$C$1:$BL$10,4,FALSE)","v":11},{"$f":"T15-HLOOKUP(X15,Feuil1!$C$1:$BL$10,5,FALSE)","v":-4},{"$f":"T15-HLOOKUP(X15,Feuil1!$C$1:$BL$10,6,FALSE)","v":-19},{"$f":"T15-HLOOKUP(X15,Feuil1!$C$1:$BL$10,7,FALSE)","v":-34},{"$f":"T15-HLOOKUP(X15,Feuil1!$C$1:$BL$10,8,FALSE)","v":-44},{"$f":"T15-HLOOKUP(X15,Feuil1!$C$1:$BL$10,9,FALSE)","v":-59},{"$f":"T15-HLOOKUP(X15,Feuil1!$C$1:$BL$10,10,FALSE)","v":-929},null,null,null,null,null,null,"REG +"]
["H","SEST","CAZ",11,334473,"TOXE HUREL","Baptiste",2001,40,"ES VILLENEUVE LOUBET","F",26,28,30,30,36,38,40,40,70,-10,"REG +",10,{"$f":"IF(I16=\"\",\"\",IF(A16=\"H\",IF(OR(H16=\"SEN\",H16<1995),VLOOKUP(I16,Feuil1!$A$11:$G$29,6),IF(AND(H16>1994,H16<1998),VLOOKUP(I16,Feuil1!$A$11:$G$29,5),IF(AND(H16>1997,H16<2000),VLOOKUP(I16,Feuil1!$A$11:$G$29,4),IF(AND(H16>1999,H16<2002),VLOOKUP(I16,Feuil1!$A$11:$G$29,3),VLOOKUP(I16,Feuil1!$A$11:$G$29,2))))),IF(OR(H16=\"SEN\",H16<1995),VLOOKUP(I16,Feuil1!$G$11:$L$25,6),IF(AND(H16>1994,H16<1998),VLOOKUP(I16,Feuil1!$G$11:$L$25,5),IF(AND(H16>1997,H16<2000),VLOOKUP(I16,Feuil1!$G$11:$L$25,4),IF(AND(H16>1999,H16<2002),VLOOKUP(I16,Feuil1!$G$11:$L$25,3),VLOOKUP(I16,Feuil1!$G$11:$L$25,2)))))))","v":"C1 45"},147.88615157552027,null," ",{"$f":"T16-HLOOKUP(X16,Feuil1!$C$1:$BL$10,2,FALSE)","v":35},{"$f":"T16-HLOOKUP(X16,Feuil1!$C$1:$BL$10,3,FALSE)","v":20},{"$f":"T16-HLOOKUP(X16,Feuil1!$C$1:$BL$10,4,FALSE)","v":10},{"$f":"T16-HLOOKUP(X16,Feuil1!$C$1:$BL$10,5,FALSE)","v":-5},{"$f":"T16-HLOOKUP(X16,Feuil1!$C$1:$BL$10,6,FALSE)","v":-20},{"$f":"T16-HLOOKUP(X16,Feuil1!$C$1:$BL$10,7,FALSE)","v":-35},{"$f":"T16-HLOOKUP(X16,Feuil1!$C$1:$BL$10,8,FALSE)","v":-45},{"$f":"T16-HLOOKUP(X16,Feuil1!$C$1:$BL$10,9,FALSE)","v":-60},{"$f":"T16-HLOOKUP(X16,Feuil1!$C$1:$BL$10,10,FALSE)","v":-930},null,null,null,null,null,null,"REG +"]
["H","SEST","RAL",12,377231,"POISSON","Quentin",2000,41.3,"Entente VIRIAT","F",25,27,30,30,32,36,40,40,70,-12.599999999999994,"REG +",10,{"$f":"IF(I17=\"\",\"\",IF(A17=\"H\",IF(OR(H17=\"SEN\",H17<1995),VLOOKUP(I17,Feuil1!$A$11:$G$29,6),IF(AND(H17>1994,H17<1998),VLOOKUP(I17,Feuil1!$A$11:$G$29,5),IF(AND(H17>1997,H17<2000),VLOOKUP(I17,Feuil1!$A$11:$G$29,4),IF(AND(H17>1999,H17<2002),VLOOKUP(I17,Feuil1!$A$11:$G$29,3),VLOOKUP(I17,Feuil1!$A$11:$G$29,2))))),IF(OR(H17=\"SEN\",H17<1995),VLOOKUP(I17,Feuil1!$G$11:$L$25,6),IF(AND(H17>1994,H17<1998),VLOOKUP(I17,Feuil1!$G$11:$L$25,5),IF(AND(H17>1997,H17<2000),VLOOKUP(I17,Feuil1!$G$11:$L$25,4),IF(AND(H17>1999,H17<2002),VLOOKUP(I17,Feuil1!$G$11:$L$25,3),VLOOKUP(I17,Feuil1!$G$11:$L$25,2)))))))","v":"C1 45"},143.2086889640496,null," ",{"$f":"T17-HLOOKUP(X17,Feuil1!$C$1:$BL$10,2,FALSE)","v":35},{"$f":"T17-HLOOKUP(X17,Feuil1!$C$1:$BL$10,3,FALSE)","v":20},{"$f":"T17-HLOOKUP(X17,Feuil1!$C$1:$BL$10,4,FALSE)","v":10},{"$f":"T17-HLOOKUP(X17,Feuil1!$C$1:$BL$10,5,FALSE)","v":-5},{"$f":"T17-HLOOKUP(X17,Feuil1!$C$1:$BL$10,6,FALSE)","v":-20},{"$f":"T17-HLOOKUP(X17,Feuil1!$C$1:$BL$10,7,FALSE)","v":-35},{"$f":"T17-HLOOKUP(X17,Feuil1!$C$1:$BL$10,8,FALSE)","v":-45},{"$f":"T17-HLOOKUP(X17,Feuil1!$C$1:$BL$10,9,FALSE)","v":-60},{"$f":"T17-HLOOKUP(X17,Feuil1!$C$1:$BL$10,10,FALSE)","v":-930},null,null,null,null,null,null,"REG +"]
["H","CO","CEN",13,378404,"DAUMAS","Niels",2001,44.8,"AAJ Blois","F",25,27,29,29,35,38,40,40,69,-20.599999999999994,"REG +",9,{"$f":"IF(I18=\"\",\"\",IF(A18=\"H\",IF(OR(H18=\"SEN\",H18<1995),VLOOKUP(I18,Feuil1!$A$11:$G$29,6),IF(AND(H18>1994,H18<1998),VLOOKUP(I18,Feuil1!$A$11:$G$29,5),IF(AND(H18>1997,H18<2000),VLOOKUP(I18,Feuil1!$A$11:$G$29,4),IF(AND(H18>1999,H18<2002),VLOOKUP(I18,Feuil1!$A$11:$G$29,3),VLOOKUP(I18,Feuil1!$A$11:$G$29,2))))),IF(OR(H18=\"SEN\",H18<1995),VLOOKUP(I18,Feuil1!$G$11:$L$25,6),IF(AND(H18>1994,H18<1998),VLOOKUP(I18,Feuil1!$G$11:$L$25,5),IF(AND(H18>1997,H18<2000),VLOOKUP(I18,Feuil1!$G$11:$L$25,4),IF(AND(H18>1999,H18<2002),VLOOKUP(I18,Feuil1!$G$11:$L$25,3),VLOOKUP(I18,Feuil1!$G$11:$L$25,2)))))))","v":"C1 45"},130.4969962211388,null," ",{"$f":"T18-HLOOKUP(X18,Feuil1!$C$1:$BL$10,2,FALSE)","v":34},{"$f":"T18-HLOOKUP(X18,Feuil1!$C$1:$BL$10,3,FALSE)","v":19},{"$f":"T18-HLOOKUP(X18,Feuil1!$C$1:$BL$10,4,FALSE)","v":9},{"$f":"T18-HLOOKUP(X18,Feuil1!$C$1:$BL$10,5,FALSE)","v":-6},{"$f":"T18-HLOOKUP(X18,Feuil1!$C$1:$BL$10,6,FALSE)","v":-21},{"$f":"T18-HLOOKUP(X18,Feuil1!$C$1:$BL$10,7,FALSE)","v":-36},{"$f":"T18-HLOOKUP(X18,Feuil1!$C$1:$BL$10,8,FALSE)","v":-46},{"$f":"T18-HLOOKUP(X18,Feuil1!$C$1:$BL$10,9,FALSE)","v":-61},{"$f":"T18-HLOOKUP(X18,Feuil1!$C$1:$BL$10,10,FALSE)","v":-931},null,null,null,null,null,null,"REG +"]
["H","SEST","CAZ",14,334191,"RIS","Esteban",2001,43.9,"ES VILLENEUVE LOUBET","F",26,28,-30,28,38,40,-42,40,68,-19.799999999999997,"REG +",8,{"$f":"IF(I19=\"\",\"\",IF(A19=\"H\",IF(OR(H19=\"SEN\",H19<1995),VLOOKUP(I19,Feuil1!$A$11:$G$29,6),IF(AND(H19>1994,H19<1998),VLOOKUP(I19,Feuil1!$A$11:$G$29,5),IF(AND(H19>1997,H19<2000),VLOOKUP(I19,Feuil1!$A$11:$G$29,4),IF(AND(H19>1999,H19<2002),VLOOKUP(I19,Feuil1!$A$11:$G$29,3),VLOOKUP(I19,Feuil1!$A$11:$G$29,2))))),IF(OR(H19=\"SEN\",H19<1995),VLOOKUP(I19,Feuil1!$G$11:$L$25,6),IF(AND(H19>1994,H19<1998),VLOOKUP(I19,Feuil1!$G$11:$L$25,5),IF(AND(H19>1997,H19<2000),VLOOKUP(I19,Feuil1!$G$11:$L$25,4),IF(AND(H19>1999,H19<2002),VLOOKUP(I19,Feuil1!$G$11:$L$25,3),VLOOKUP(I19,Feuil1!$G$11:$L$25,2)))))))","v":"C1 45"},131.0952087048563,null," ",{"$f":"T19-HLOOKUP(X19,Feuil1!$C$1:$BL$10,2,FALSE)","v":33},{"$f":"T19-HLOOKUP(X19,Feuil1!$C$1:$BL$10,3,FALSE)","v":18},{"$f":"T19-HLOOKUP(X19,Feuil1!$C$1:$BL$10,4,FALSE)","v":8},{"$f":"T19-HLOOKUP(X19,Feuil1!$C$1:$BL$10,5,FALSE)","v":-7},{"$f":"T19-HLOOKUP(X19,Feuil1!$C$1:$BL$10,6,FALSE)","v":-22},{"$f":"T19-HLOOKUP(X19,Feuil1!$C$1:$BL$10,7,FALSE)","v":-37},{"$f":"T19-HLOOKUP(X19,Feuil1!$C$1:$BL$10,8,FALSE)","v":-47},{"$f":"T19-HLOOKUP(X19,Feuil1!$C$1:$BL$10,9,FALSE)","v":-62},{"$f":"T19-HLOOKUP(X19,Feuil1!$C$1:$BL$10,10,FALSE)","v":-932},null,null,null,null,null,null,"REG +"]
["H","NE","FCO",15,376274,"LECOMTE ","Kylian",2000,43.7,"CH Luxeuil","F",25,-28,28,28,-32,32,37,37,65,-22.400000000000006,"REG +",5,{"$f":"IF(I20=\"\",\"\",IF(A20=\"H\",IF(OR(H20=\"SEN\",H20<1995),VLOOKUP(I20,Feuil1!$A$11:$G$29,6),IF(AND(H20>1994,H20<1998),VLOOKUP(I20,Feuil1!$A$11:$G$29,5),IF(AND(H20>1997,H20<2000),VLOOKUP(I20,Feuil1!$A$11:$G$29,4),IF(AND(H20>1999,H20<2002),VLOOKUP(I20,Feuil1!$A$11:$G$29,3),VLOOKUP(I20,Feuil1!$A$11:$G$29,2))))),IF(OR(H20=\"SEN\",H20<1995),VLOOKUP(I20,Feuil1!$G$11:$L$25,6),IF(AND(H20>1994,H20<1998),VLOOKUP(I20,Feuil1!$G$11:$L$25,5),IF(AND(H20>1997,H20<2000),VLOOKUP(I20,Feuil1!$G$11:$L$25,4),IF(AND(H20>1999,H20<2002),VLOOKUP(I20,Feuil1!$G$11:$L$25,3),VLOOKUP(I20,Feuil1!$G$11:$L$25,2)))))))","v":"C1 45"},125.85827466201977,null," ",{"$f":"T20-HLOOKUP(X20,Feuil1!$C$1:$BL$10,2,FALSE)","v":30},{"$f":"T20-HLOOKUP(X20,Feuil1!$C$1:$BL$10,3,FALSE)","v":15},{"$f":"T20-HLOOKUP(X20,Feuil1!$C$1:$BL$10,4,FALSE)","v":5},{"$f":"T20-HLOOKUP(X20,Feuil1!$C$1:$BL$10,5,FALSE)","v":-10},{"$f":"T20-HLOOKUP(X20,Feuil1!$C$1:$BL$10,6,FALSE)","v":-25},{"$f":"T20-HLOOKUP(X20,Feuil1!$C$1:$BL$10,7,FALSE)","v":-40},{"$f":"T20-HLOOKUP(X20,Feuil1!$C$1:$BL$10,8,FALSE)","v":-50},{"$f":"T20-HLOOKUP(X20,Feuil1!$C$1:$BL$10,9,FALSE)","v":-65},{"$f":"T20-HLOOKUP(X20,Feuil1!$C$1:$BL$10,10,FALSE)","v":-935},null,null,null,null,null,null,"REG +"]
["H","NE","CHA",16," 376656","GUSTIN","Eliséo",2001,44.3,"Reims HM","F",19,22,24,24,32,35,38,38,62,-26.599999999999994,"REG +",2,{"$f":"IF(I21=\"\",\"\",IF(A21=\"H\",IF(OR(H21=\"SEN\",H21<1995),VLOOKUP(I21,Feuil1!$A$11:$G$29,6),IF(AND(H21>1994,H21<1998),VLOOKUP(I21,Feuil1!$A$11:$G$29,5),IF(AND(H21>1997,H21<2000),VLOOKUP(I21,Feuil1!$A$11:$G$29,4),IF(AND(H21>1999,H21<2002),VLOOKUP(I21,Feuil1!$A$11:$G$29,3),VLOOKUP(I21,Feuil1!$A$11:$G$29,2))))),IF(OR(H21=\"SEN\",H21<1995),VLOOKUP(I21,Feuil1!$G$11:$L$25,6),IF(AND(H21>1994,H21<1998),VLOOKUP(I21,Feuil1!$G$11:$L$25,5),IF(AND(H21>1997,H21<2000),VLOOKUP(I21,Feuil1!$G$11:$L$25,4),IF(AND(H21>1999,H21<2002),VLOOKUP(I21,Feuil1!$G$11:$L$25,3),VLOOKUP(I21,Feuil1!$G$11:$L$25,2)))))))","v":"C1 45"},118.50394505094353,null," ",{"$f":"T21-HLOOKUP(X21,Feuil1!$C$1:$BL$10,2,FALSE)","v":27},{"$f":"T21-HLOOKUP(X21,Feuil1!$C$1:$BL$10,3,FALSE)","v":12},{"$f":"T21-HLOOKUP(X21,Feuil1!$C$1:$BL$10,4,FALSE)","v":2},{"$f":"T21-HLOOKUP(X21,Feuil1!$C$1:$BL$10,5,FALSE)","v":-13},{"$f":"T21-HLOOKUP(X21,Feuil1!$C$1:$BL$10,6,FALSE)","v":-28},{"$f":"T21-HLOOKUP(X21,Feuil1!$C$1:$BL$10,7,FALSE)","v":-43},{"$f":"T21-HLOOKUP(X21,Feuil1!$C$1:$BL$10,8,FALSE)","v":-53},{"$f":"T21-HLOOKUP(X21,Feuil1!$C$1:$BL$10,9,FALSE)","v":-68},{"$f":"T21-HLOOKUP(X21,Feuil1!$C$1:$BL$10,10,FALSE)","v":-938},null,null,null,null,null,null,"REG +"]
["H","NE","LOR",17,332322,"SIERADZKI","Lucas",2001,35.9,"A.O.C.Pte-ROSSELLE","F",22,26,28,28,28,33,-36,33,61,-10.799999999999997,"REG +",1,{"$f":"IF(I22=\"\",\"\",IF(A22=\"H\",IF(OR(H22=\"SEN\",H22<1995),VLOOKUP(I22,Feuil1!$A$11:$G$29,6),IF(AND(H22>1994,H22<1998),VLOOKUP(I22,Feuil1!$A$11:$G$29,5),IF(AND(H22>1997,H22<2000),VLOOKUP(I22,Feuil1!$A$11:$G$29,4),IF(AND(H22>1999,H22<2002),VLOOKUP(I22,Feuil1!$A$11:$G$29,3),VLOOKUP(I22,Feuil1!$A$11:$G$29,2))))),IF(OR(H22=\"SEN\",H22<1995),VLOOKUP(I22,Feuil1!$G$11:$L$25,6),IF(AND(H22>1994,H22<1998),VLOOKUP(I22,Feuil1!$G$11:$L$25,5),IF(AND(H22>1997,H22<2000),VLOOKUP(I22,Feuil1!$G$11:$L$25,4),IF(AND(H22>1999,H22<2002),VLOOKUP(I22,Feuil1!$G$11:$L$25,3),VLOOKUP(I22,Feuil1!$G$11:$L$25,2)))))))","v":"C1 45"},144.41935524997041,null," ",{"$f":"T22-HLOOKUP(X22,Feuil1!$C$1:$BL$10,2,FALSE)","v":26},{"$f":"T22-HLOOKUP(X22,Feuil1!$C$1:$BL$10,3,FALSE)","v":11},{"$f":"T22-HLOOKUP(X22,Feuil1!$C$1:$BL$10,4,FALSE)","v":1},{"$f":"T22-HLOOKUP(X22,Feuil1!$C$1:$BL$10,5,FALSE)","v":-14},{"$f":"T22-HLOOKUP(X22,Feuil1!$C$1:$BL$10,6,FALSE)","v":-29},{"$f":"T22-HLOOKUP(X22,Feuil1!$C$1:$BL$10,7,FALSE)","v":-44},{"$f":"T22-HLOOKUP(X22,Feuil1!$C$1:$BL$10,8,FALSE)","v":-54},{"$f":"T22-HLOOKUP(X22,Feuil1!$C$1:$BL$10,9,FALSE)","v":-69},{"$f":"T22-HLOOKUP(X22,Feuil1!$C$1:$BL$10,10,FALSE)","v":-939},null,null,null,null,null,null,"REG +"]
["H","CO","PDL",18,390184,"AERTS","Maxence",2001,39.299999999999997,"CA EVRON 53","F",23,25,26,26,-31,31,34,34,60,-18.599999999999994,"REG +",0,{"$f":"IF(I23=\"\",\"\",IF(A23=\"H\",IF(OR(H23=\"SEN\",H23<1995),VLOOKUP(I23,Feuil1!$A$11:$G$29,6),IF(AND(H23>1994,H23<1998),VLOOKUP(I23,Feuil1!$A$11:$G$29,5),IF(AND(H23>1997,H23<2000),VLOOKUP(I23,Feuil1!$A$11:$G$29,4),IF(AND(H23>1999,H23<2002),VLOOKUP(I23,Feuil1!$A$11:$G$29,3),VLOOKUP(I23,Feuil1!$A$11:$G$29,2))))),IF(OR(H23=\"SEN\",H23<1995),VLOOKUP(I23,Feuil1!$G$11:$L$25,6),IF(AND(H23>1994,H23<1998),VLOOKUP(I23,Feuil1!$G$11:$L$25,5),IF(AND(H23>1997,H23<2000),VLOOKUP(I23,Feuil1!$G$11:$L$25,4),IF(AND(H23>1999,H23<2002),VLOOKUP(I23,Feuil1!$G$11:$L$25,3),VLOOKUP(I23,Feuil1!$G$11:$L$25,2)))))))","v":"C1 45"},129.0675418454644,null," ",{"$f":"T23-HLOOKUP(X23,Feuil1!$C$1:$BL$10,2,FALSE)","v":25},{"$f":"T23-HLOOKUP(X23,Feuil1!$C$1:$BL$10,3,FALSE)","v":10},{"$f":"T23-HLOOKUP(X23,Feuil1!$C$1:$BL$10,4,FALSE)","v":0},{"$f":"T23-HLOOKUP(X23,Feuil1!$C$1:$BL$10,5,FALSE)","v":-15},{"$f":"T23-HLOOKUP(X23,Feuil1!$C$1:$BL$10,6,FALSE)","v":-30},{"$f":"T23-HLOOKUP(X23,Feuil1!$C$1:$BL$10,7,FALSE)","v":-45},{"$f":"T23-HLOOKUP(X23,Feuil1!$C$1:$BL$10,8,FALSE)","v":-55},{"$f":"T23-HLOOKUP(X23,Feuil1!$C$1:$BL$10,9,FALSE)","v":-70},{"$f":"T23-HLOOKUP(X23,Feuil1!$C$1:$BL$10,10,FALSE)","v":-940},null,null,null,null,null,null,"REG +"]
["H","N","IDF",19,381135,"PEREIRA","STAN",2001,39.9,"FRANCONVILLE","F",21,-24,24,24,31,-33,33,33,57,-22.799999999999997,"DEP +",7,{"$f":"IF(I24=\"\",\"\",IF(A24=\"H\",IF(OR(H24=\"SEN\",H24<1995),VLOOKUP(I24,Feuil1!$A$11:$G$29,6),IF(AND(H24>1994,H24<1998),VLOOKUP(I24,Feuil1!$A$11:$G$29,5),IF(AND(H24>1997,H24<2000),VLOOKUP(I24,Feuil1!$A$11:$G$29,4),IF(AND(H24>1999,H24<2002),VLOOKUP(I24,Feuil1!$A$11:$G$29,3),VLOOKUP(I24,Feuil1!$A$11:$G$29,2))))),IF(OR(H24=\"SEN\",H24<1995),VLOOKUP(I24,Feuil1!$G$11:$L$25,6),IF(AND(H24>1994,H24<1998),VLOOKUP(I24,Feuil1!$G$11:$L$25,5),IF(AND(H24>1997,H24<2000),VLOOKUP(I24,Feuil1!$G$11:$L$25,4),IF(AND(H24>1999,H24<2002),VLOOKUP(I24,Feuil1!$G$11:$L$25,3),VLOOKUP(I24,Feuil1!$G$11:$L$25,2)))))))","v":"C1 45"},120.72846540943952,null," ",{"$f":"T24-HLOOKUP(X24,Feuil1!$C$1:$BL$10,2,FALSE)","v":22},{"$f":"T24-HLOOKUP(X24,Feuil1!$C$1:$BL$10,3,FALSE)","v":7},{"$f":"T24-HLOOKUP(X24,Feuil1!$C$1:$BL$10,4,FALSE)","v":-3},{"$f":"T24-HLOOKUP(X24,Feuil1!$C$1:$BL$10,5,FALSE)","v":-18},{"$f":"T24-HLOOKUP(X24,Feuil1!$C$1:$BL$10,6,FALSE)","v":-33},{"$f":"T24-HLOOKUP(X24,Feuil1!$C$1:$BL$10,7,FALSE)","v":-48},{"$f":"T24-HLOOKUP(X24,Feuil1!$C$1:$BL$10,8,FALSE)","v":-58},{"$f":"T24-HLOOKUP(X24,Feuil1!$C$1:$BL$10,9,FALSE)","v":-73},{"$f":"T24-HLOOKUP(X24,Feuil1!$C$1:$BL$10,10,FALSE)","v":-943},null,null,null,null,null,null,"DEP +"]
["H","NE","ALS",20,376850,"LECLERC","YANN",2001,37.799999999999997,"Dorlisheim FH","F",22,-25,25,25,28,31,-34,31,56,-19.599999999999994,"DEP +",6,{"$f":"IF(I25=\"\",\"\",IF(A25=\"H\",IF(OR(H25=\"SEN\",H25<1995),VLOOKUP(I25,Feuil1!$A$11:$G$29,6),IF(AND(H25>1994,H25<1998),VLOOKUP(I25,Feuil1!$A$11:$G$29,5),IF(AND(H25>1997,H25<2000),VLOOKUP(I25,Feuil1!$A$11:$G$29,4),IF(AND(H25>1999,H25<2002),VLOOKUP(I25,Feuil1!$A$11:$G$29,3),VLOOKUP(I25,Feuil1!$A$11:$G$29,2))))),IF(OR(H25=\"SEN\",H25<1995),VLOOKUP(I25,Feuil1!$G$11:$L$25,6),IF(AND(H25>1994,H25<1998),VLOOKUP(I25,Feuil1!$G$11:$L$25,5),IF(AND(H25>1997,H25<2000),VLOOKUP(I25,Feuil1!$G$11:$L$25,4),IF(AND(H25>1999,H25<2002),VLOOKUP(I25,Feuil1!$G$11:$L$25,3),VLOOKUP(I25,Feuil1!$G$11:$L$25,2)))))))","v":"C1 45"},125.44595126987268,null," ",{"$f":"T25-HLOOKUP(X25,Feuil1!$C$1:$BL$10,2,FALSE)","v":21},{"$f":"T25-HLOOKUP(X25,Feuil1!$C$1:$BL$10,3,FALSE)","v":6},{"$f":"T25-HLOOKUP(X25,Feuil1!$C$1:$BL$10,4,FALSE)","v":-4},{"$f":"T25-HLOOKUP(X25,Feuil1!$C$1:$BL$10,5,FALSE)","v":-19},{"$f":"T25-HLOOKUP(X25,Feuil1!$C$1:$BL$10,6,FALSE)","v":-34},{"$f":"T25-HLOOKUP(X25,Feuil1!$C$1:$BL$10,7,FALSE)","v":-49},{"$f":"T25-HLOOKUP(X25,Feuil1!$C$1:$BL$10,8,FALSE)","v":-59},{"$f":"T25-HLOOKUP(X25,Feuil1!$C$1:$BL$10,9,FALSE)","v":-74},{"$f":"T25-HLOOKUP(X25,Feuil1!$C$1:$BL$10,10,FALSE)","v":-944},null,null,null,null,null,null,"DEP +"]
["H","SEST","RAL",21,373867,"PETRIS","Quentin",2001,43.2,"H.C. ST BALDOPH","F",20,22,24,24,-29,29,30,30,54,-32.400000000000006,"DEP +",4,{"$f":"IF(I26=\"\",\"\",IF(A26=\"H\",IF(OR(H26=\"SEN\",H26<1995),VLOOKUP(I26,Feuil1!$A$11:$G$29,6),IF(AND(H26>1994,H26<1998),VLOOKUP(I26,Feuil1!$A$11:$G$29,5),IF(AND(H26>1997,H26<2000),VLOOKUP(I26,Feuil1!$A$11:$G$29,4),IF(AND(H26>1999,H26<2002),VLOOKUP(I26,Feuil1!$A$11:$G$29,3),VLOOKUP(I26,Feuil1!$A$11:$G$29,2))))),IF(OR(H26=\"SEN\",H26<1995),VLOOKUP(I26,Feuil1!$G$11:$L$25,6),IF(AND(H26>1994,H26<1998),VLOOKUP(I26,Feuil1!$G$11:$L$25,5),IF(AND(H26>1997,H26<2000),VLOOKUP(I26,Feuil1!$G$11:$L$25,4),IF(AND(H26>1999,H26<2002),VLOOKUP(I26,Feuil1!$G$11:$L$25,3),VLOOKUP(I26,Feuil1!$G$11:$L$25,2)))))))","v":"C1 45"},105.71930092215169,null," ",{"$f":"T26-HLOOKUP(X26,Feuil1!$C$1:$BL$10,2,FALSE)","v":19},{"$f":"T26-HLOOKUP(X26,Feuil1!$C$1:$BL$10,3,FALSE)","v":4},{"$f":"T26-HLOOKUP(X26,Feuil1!$C$1:$BL$10,4,FALSE)","v":-6},{"$f":"T26-HLOOKUP(X26,Feuil1!$C$1:$BL$10,5,FALSE)","v":-21},{"$f":"T26-HLOOKUP(X26,Feuil1!$C$1:$BL$10,6,FALSE)","v":-36},{"$f":"T26-HLOOKUP(X26,Feuil1!$C$1:$BL$10,7,FALSE)","v":-51},{"$f":"T26-HLOOKUP(X26,Feuil1!$C$1:$BL$10,8,FALSE)","v":-61},{"$f":"T26-HLOOKUP(X26,Feuil1!$C$1:$BL$10,9,FALSE)","v":-76},{"$f":"T26-HLOOKUP(X26,Feuil1!$C$1:$BL$10,10,FALSE)","v":-946},null,null,null,null,null,null,"DEP +"]
["H","NORD","PIC",22,317387,"FLEURY","Alex",2001,35.700000000000003,"Hirson CEHT","F",19,-21,21,21,28,30,32,32,53,-18.400000000000006,"DEP +",3,{"$f":"IF(I27=\"\",\"\",IF(A27=\"H\",IF(OR(H27=\"SEN\",H27<1995),VLOOKUP(I27,Feuil1!$A$11:$G$29,6),IF(AND(H27>1994,H27<1998),VLOOKUP(I27,Feuil1!$A$11:$G$29,5),IF(AND(H27>1997,H27<2000),VLOOKUP(I27,Feuil1!$A$11:$G$29,4),IF(AND(H27>1999,H27<2002),VLOOKUP(I27,Feuil1!$A$11:$G$29,3),VLOOKUP(I27,Feuil1!$A$11:$G$29,2))))),IF(OR(H27=\"SEN\",H27<1995),VLOOKUP(I27,Feuil1!$G$11:$L$25,6),IF(AND(H27>1994,H27<1998),VLOOKUP(I27,Feuil1!$G$11:$L$25,5),IF(AND(H27>1997,H27<2000),VLOOKUP(I27,Feuil1!$G$11:$L$25,4),IF(AND(H27>1999,H27<2002),VLOOKUP(I27,Feuil1!$G$11:$L$25,3),VLOOKUP(I27,Feuil1!$G$11:$L$25,2)))))))","v":"C1 45"},126.24728285813832,null," ",{"$f":"T27-HLOOKUP(X27,Feuil1!$C$1:$BL$10,2,FALSE)","v":18},{"$f":"T27-HLOOKUP(X27,Feuil1!$C$1:$BL$10,3,FALSE)","v":3},{"$f":"T27-HLOOKUP(X27,Feuil1!$C$1:$BL$10,4,FALSE)","v":-7},{"$f":"T27-HLOOKUP(X27,Feuil1!$C$1:$BL$10,5,FALSE)","v":-22},{"$f":"T27-HLOOKUP(X27,Feuil1!$C$1:$BL$10,6,FALSE)","v":-37},{"$f":"T27-HLOOKUP(X27,Feuil1!$C$1:$BL$10,7,FALSE)","v":-52},{"$f":"T27-HLOOKUP(X27,Feuil1!$C$1:$BL$10,8,FALSE)","v":-62},{"$f":"T27-HLOOKUP(X27,Feuil1!$C$1:$BL$10,9,FALSE)","v":-77},{"$f":"T27-HLOOKUP(X27,Feuil1!$C$1:$BL$10,10,FALSE)","v":-947},null,null,null,null,null,null,"DEP +"]
["H","SO","LIM",23,330948,"DOS SANTOS","HUGO",2000,29.9,"TULLE ASH","F",20,-22,22,22,28,30,-32,30,52,-7.7999999999999972,"DEP +",2,{"$f":"IF(I28=\"\",\"\",IF(A28=\"H\",IF(OR(H28=\"SEN\",H28<1995),VLOOKUP(I28,Feuil1!$A$11:$G$29,6),IF(AND(H28>1994,H28<1998),VLOOKUP(I28,Feuil1!$A$11:$G$29,5),IF(AND(H28>1997,H28<2000),VLOOKUP(I28,Feuil1!$A$11:$G$29,4),IF(AND(H28>1999,H28<2002),VLOOKUP(I28,Feuil1!$A$11:$G$29,3),VLOOKUP(I28,Feuil1!$A$11:$G$29,2))))),IF(OR(H28=\"SEN\",H28<1995),VLOOKUP(I28,Feuil1!$G$11:$L$25,6),IF(AND(H28>1994,H28<1998),VLOOKUP(I28,Feuil1!$G$11:$L$25,5),IF(AND(H28>1997,H28<2000),VLOOKUP(I28,Feuil1!$G$11:$L$25,4),IF(AND(H28>1999,H28<2002),VLOOKUP(I28,Feuil1!$G$11:$L$25,3),VLOOKUP(I28,Feuil1!$G$11:$L$25,2)))))))","v":"C1 45"},152.0284218584224,null," ",{"$f":"T28-HLOOKUP(X28,Feuil1!$C$1:$BL$10,2,FALSE)","v":17},{"$f":"T28-HLOOKUP(X28,Feuil1!$C$1:$BL$10,3,FALSE)","v":2},{"$f":"T28-HLOOKUP(X28,Feuil1!$C$1:$BL$10,4,FALSE)","v":-8},{"$f":"T28-HLOOKUP(X28,Feuil1!$C$1:$BL$10,5,FALSE)","v":-23},{"$f":"T28-HLOOKUP(X28,Feuil1!$C$1:$BL$10,6,FALSE)","v":-38},{"$f":"T28-HLOOKUP(X28,Feuil1!$C$1:$BL$10,7,FALSE)","v":-53},{"$f":"T28-HLOOKUP(X28,Feuil1!$C$1:$BL$10,8,FALSE)","v":-63},{"$f":"T28-HLOOKUP(X28,Feuil1!$C$1:$BL$10,9,FALSE)","v":-78},{"$f":"T28-HLOOKUP(X28,Feuil1!$C$1:$BL$10,10,FALSE)","v":-948},null,null,null,null,null,null,"DEP +"]
["H","NORD","NPC",24,390389,"RYCKEBUSCH","Alexis",2000,38.6,"C.A.ROSENDAEL","F",17,20,22,22,-26,28,30,30,52,-25.200000000000003,"DEP +",2,{"$f":"IF(I29=\"\",\"\",IF(A29=\"H\",IF(OR(H29=\"SEN\",H29<1995),VLOOKUP(I29,Feuil1!$A$11:$G$29,6),IF(AND(H29>1994,H29<1998),VLOOKUP(I29,Feuil1!$A$11:$G$29,5),IF(AND(H29>1997,H29<2000),VLOOKUP(I29,Feuil1!$A$11:$G$29,4),IF(AND(H29>1999,H29<2002),VLOOKUP(I29,Feuil1!$A$11:$G$29,3),VLOOKUP(I29,Feuil1!$A$11:$G$29,2))))),IF(OR(H29=\"SEN\",H29<1995),VLOOKUP(I29,Feuil1!$G$11:$L$25,6),IF(AND(H29>1994,H29<1998),VLOOKUP(I29,Feuil1!$G$11:$L$25,5),IF(AND(H29>1997,H29<2000),VLOOKUP(I29,Feuil1!$G$11:$L$25,4),IF(AND(H29>1999,H29<2002),VLOOKUP(I29,Feuil1!$G$11:$L$25,3),VLOOKUP(I29,Feuil1!$G$11:$L$25,2)))))))","v":"C1 45"},113.95731972277818,null," ",{"$f":"T29-HLOOKUP(X29,Feuil1!$C$1:$BL$10,2,FALSE)","v":17},{"$f":"T29-HLOOKUP(X29,Feuil1!$C$1:$BL$10,3,FALSE)","v":2},{"$f":"T29-HLOOKUP(X29,Feuil1!$C$1:$BL$10,4,FALSE)","v":-8},{"$f":"T29-HLOOKUP(X29,Feuil1!$C$1:$BL$10,5,FALSE)","v":-23},{"$f":"T29-HLOOKUP(X29,Feuil1!$C$1:$BL$10,6,FALSE)","v":-38},{"$f":"T29-HLOOKUP(X29,Feuil1!$C$1:$BL$10,7,FALSE)","v":-53},{"$f":"T29-HLOOKUP(X29,Feuil1!$C$1:$BL$10,8,FALSE)","v":-63},{"$f":"T29-HLOOKUP(X29,Feuil1!$C$1:$BL$10,9,FALSE)","v":-78},{"$f":"T29-HLOOKUP(X29,Feuil1!$C$1:$BL$10,10,FALSE)","v":-948},null,null,null,null,null,null,"DEP +"]
["H","SEST","PRO",25,394565,"MAZZOCHI","LEO",2001,43.5,"HC NOVES","F",15,18,21,21,18,22,25,25,46,-41,"DEB ",11,{"$f":"IF(I30=\"\",\"\",IF(A30=\"H\",IF(OR(H30=\"SEN\",H30<1995),VLOOKUP(I30,Feuil1!$A$11:$G$29,6),IF(AND(H30>1994,H30<1998),VLOOKUP(I30,Feuil1!$A$11:$G$29,5),IF(AND(H30>1997,H30<2000),VLOOKUP(I30,Feuil1!$A$11:$G$29,4),IF(AND(H30>1999,H30<2002),VLOOKUP(I30,Feuil1!$A$11:$G$29,3),VLOOKUP(I30,Feuil1!$A$11:$G$29,2))))),IF(OR(H30=\"SEN\",H30<1995),VLOOKUP(I30,Feuil1!$G$11:$L$25,6),IF(AND(H30>1994,H30<1998),VLOOKUP(I30,Feuil1!$G$11:$L$25,5),IF(AND(H30>1997,H30<2000),VLOOKUP(I30,Feuil1!$G$11:$L$25,4),IF(AND(H30>1999,H30<2002),VLOOKUP(I30,Feuil1!$G$11:$L$25,3),VLOOKUP(I30,Feuil1!$G$11:$L$25,2)))))))","v":"C1 45"},89.460582688926465,null," ",{"$f":"T30-HLOOKUP(X30,Feuil1!$C$1:$BL$10,2,FALSE)","v":11},{"$f":"T30-HLOOKUP(X30,Feuil1!$C$1:$BL$10,3,FALSE)","v":-4},{"$f":"T30-HLOOKUP(X30,Feuil1!$C$1:$BL$10,4,FALSE)","v":-14},{"$f":"T30-HLOOKUP(X30,Feuil1!$C$1:$BL$10,5,FALSE)","v":-29},{"$f":"T30-HLOOKUP(X30,Feuil1!$C$1:$BL$10,6,FALSE)","v":-44},{"$f":"T30-HLOOKUP(X30,Feuil1!$C$1:$BL$10,7,FALSE)","v":-59},{"$f":"T30-HLOOKUP(X30,Feuil1!$C$1:$BL$10,8,FALSE)","v":-69},{"$f":"T30-HLOOKUP(X30,Feuil1!$C$1:$BL$10,9,FALSE)","v":-84},{"$f":"T30-HLOOKUP(X30,Feuil1!$C$1:$BL$10,10,FALSE)","v":-954},null,null,null,null,null,null,"DEB "]
["H","NORD","PIC",26,378363,"DEGOUY","Maxandre",2001,44.9,"Villers-Bretonneux KC","F",19,-22,22,22,-23,-23,23,23,45,-44.8,"DEB ",10,{"$f":"IF(I31=\"\",\"\",IF(A31=\"H\",IF(OR(H31=\"SEN\",H31<1995),VLOOKUP(I31,Feuil1!$A$11:$G$29,6),IF(AND(H31>1994,H31<1998),VLOOKUP(I31,Feuil1!$A$11:$G$29,5),IF(AND(H31>1997,H31<2000),VLOOKUP(I31,Feuil1!$A$11:$G$29,4),IF(AND(H31>1999,H31<2002),VLOOKUP(I31,Feuil1!$A$11:$G$29,3),VLOOKUP(I31,Feuil1!$A$11:$G$29,2))))),IF(OR(H31=\"SEN\",H31<1995),VLOOKUP(I31,Feuil1!$G$11:$L$25,6),IF(AND(H31>1994,H31<1998),VLOOKUP(I31,Feuil1!$G$11:$L$25,5),IF(AND(H31>1997,H31<2000),VLOOKUP(I31,Feuil1!$G$11:$L$25,4),IF(AND(H31>1999,H31<2002),VLOOKUP(I31,Feuil1!$G$11:$L$25,3),VLOOKUP(I31,Feuil1!$G$11:$L$25,2)))))))","v":"C1 45"},84.929123636515342,null," ",{"$f":"T31-HLOOKUP(X31,Feuil1!$C$1:$BL$10,2,FALSE)","v":10},{"$f":"T31-HLOOKUP(X31,Feuil1!$C$1:$BL$10,3,FALSE)","v":-5},{"$f":"T31-HLOOKUP(X31,Feuil1!$C$1:$BL$10,4,FALSE)","v":-15},{"$f":"T31-HLOOKUP(X31,Feuil1!$C$1:$BL$10,5,FALSE)","v":-30},{"$f":"T31-HLOOKUP(X31,Feuil1!$C$1:$BL$10,6,FALSE)","v":-45},{"$f":"T31-HLOOKUP(X31,Feuil1!$C$1:$BL$10,7,FALSE)","v":-60},{"$f":"T31-HLOOKUP(X31,Feuil1!$C$1:$BL$10,8,FALSE)","v":-70},{"$f":"T31-HLOOKUP(X31,Feuil1!$C$1:$BL$10,9,FALSE)","v":-85},{"$f":"T31-HLOOKUP(X31,Feuil1!$C$1:$BL$10,10,FALSE)","v":-955},null,null,null,null,null,null,"DEB "]
["H","NORD","PIC",27,329325,"MENESSON","Valentin",2000,35.5,"Hirson CEHT","F",15,17,-19,17,24,27,-29,27,44,-27,"DEB ",9,{"$f":"IF(I32=\"\",\"\",IF(A32=\"H\",IF(OR(H32=\"SEN\",H32<1995),VLOOKUP(I32,Feuil1!$A$11:$G$29,6),IF(AND(H32>1994,H32<1998),VLOOKUP(I32,Feuil1!$A$11:$G$29,5),IF(AND(H32>1997,H32<2000),VLOOKUP(I32,Feuil1!$A$11:$G$29,4),IF(AND(H32>1999,H32<2002),VLOOKUP(I32,Feuil1!$A$11:$G$29,3),VLOOKUP(I32,Feuil1!$A$11:$G$29,2))))),IF(OR(H32=\"SEN\",H32<1995),VLOOKUP(I32,Feuil1!$G$11:$L$25,6),IF(AND(H32>1994,H32<1998),VLOOKUP(I32,Feuil1!$G$11:$L$25,5),IF(AND(H32>1997,H32<2000),VLOOKUP(I32,Feuil1!$G$11:$L$25,4),IF(AND(H32>1999,H32<2002),VLOOKUP(I32,Feuil1!$G$11:$L$25,3),VLOOKUP(I32,Feuil1!$G$11:$L$25,2)))))))","v":"C1 45"},105.45660173885038,null," ",{"$f":"T32-HLOOKUP(X32,Feuil1!$C$1:$BL$10,2,FALSE)","v":9},{"$f":"T32-HLOOKUP(X32,Feuil1!$C$1:$BL$10,3,FALSE)","v":-6},{"$f":"T32-HLOOKUP(X32,Feuil1!$C$1:$BL$10,4,FALSE)","v":-16},{"$f":"T32-HLOOKUP(X32,Feuil1!$C$1:$BL$10,5,FALSE)","v":-31},{"$f":"T32-HLOOKUP(X32,Feuil1!$C$1:$BL$10,6,FALSE)","v":-46},{"$f":"T32-HLOOKUP(X32,Feuil1!$C$1:$BL$10,7,FALSE)","v":-61},{"$f":"T32-HLOOKUP(X32,Feuil1!$C$1:$BL$10,8,FALSE)","v":-71},{"$f":"T32-HLOOKUP(X32,Feuil1!$C$1:$BL$10,9,FALSE)","v":-86},{"$f":"T32-HLOOKUP(X32,Feuil1!$C$1:$BL$10,10,FALSE)","v":-956},null,null,null,null,null,null,"DEB "]
["H","NE","ALS",28,381283,"BUCHER","LEO",2001,42.7,"SR Obernai HM","F",15,17,20,20,20,23,-26,23,43,-42.400000000000006,"DEB ",8,{"$f":"IF(I33=\"\",\"\",IF(A33=\"H\",IF(OR(H33=\"SEN\",H33<1995),VLOOKUP(I33,Feuil1!$A$11:$G$29,6),IF(AND(H33>1994,H33<1998),VLOOKUP(I33,Feuil1!$A$11:$G$29,5),IF(AND(H33>1997,H33<2000),VLOOKUP(I33,Feuil1!$A$11:$G$29,4),IF(AND(H33>1999,H33<2002),VLOOKUP(I33,Feuil1!$A$11:$G$29,3),VLOOKUP(I33,Feuil1!$A$11:$G$29,2))))),IF(OR(H33=\"SEN\",H33<1995),VLOOKUP(I33,Feuil1!$G$11:$L$25,6),IF(AND(H33>1994,H33<1998),VLOOKUP(I33,Feuil1!$G$11:$L$25,5),IF(AND(H33>1997,H33<2000),VLOOKUP(I33,Feuil1!$G$11:$L$25,4),IF(AND(H33>1999,H33<2002),VLOOKUP(I33,Feuil1!$G$11:$L$25,3),VLOOKUP(I33,Feuil1!$G$11:$L$25,2)))))))","v":"C1 45"},85.136785614460706,null," ",{"$f":"T33-HLOOKUP(X33,Feuil1!$C$1:$BL$10,2,FALSE)","v":8},{"$f":"T33-HLOOKUP(X33,Feuil1!$C$1:$BL$10,3,FALSE)","v":-7},{"$f":"T33-HLOOKUP(X33,Feuil1!$C$1:$BL$10,4,FALSE)","v":-17},{"$f":"T33-HLOOKUP(X33,Feuil1!$C$1:$BL$10,5,FALSE)","v":-32},{"$f":"T33-HLOOKUP(X33,Feuil1!$C$1:$BL$10,6,FALSE)","v":-47},{"$f":"T33-HLOOKUP(X33,Feuil1!$C$1:$BL$10,7,FALSE)","v":-62},{"$f":"T33-HLOOKUP(X33,Feuil1!$C$1:$BL$10,8,FALSE)","v":-72},{"$f":"T33-HLOOKUP(X33,Feuil1!$C$1:$BL$10,9,FALSE)","v":-87},{"$f":"T33-HLOOKUP(X33,Feuil1!$C$1:$BL$10,10,FALSE)","v":-957},null,null,null,null,null,null,"DEB "]
["H","CO","PDL",29,386514,"HERVÉ","MATHEW",2001,35.700000000000003,"CJF Laval-Voutré","F",15,-18,18,18,20,22,24,24,42,-29.400000000000006,"DEB ",7,{"$f":"IF(I34=\"\",\"\",IF(A34=\"H\",IF(OR(H34=\"SEN\",H34<1995),VLOOKUP(I34,Feuil1!$A$11:$G$29,6),IF(AND(H34>1994,H34<1998),VLOOKUP(I34,Feuil1!$A$11:$G$29,5),IF(AND(H34>1997,H34<2000),VLOOKUP(I34,Feuil1!$A$11:$G$29,4),IF(AND(H34>1999,H34<2002),VLOOKUP(I34,Feuil1!$A$11:$G$29,3),VLOOKUP(I34,Feuil1!$A$11:$G$29,2))))),IF(OR(H34=\"SEN\",H34<1995),VLOOKUP(I34,Feuil1!$G$11:$L$25,6),IF(AND(H34>1994,H34<1998),VLOOKUP(I34,Feuil1!$G$11:$L$25,5),IF(AND(H34>1997,H34<2000),VLOOKUP(I34,Feuil1!$G$11:$L$25,4),IF(AND(H34>1999,H34<2002),VLOOKUP(I34,Feuil1!$G$11:$L$25,3),VLOOKUP(I34,Feuil1!$G$11:$L$25,2)))))))","v":"C1 45"},100.04501660456243,null," ",{"$f":"T34-HLOOKUP(X34,Feuil1!$C$1:$BL$10,2,FALSE)","v":7},{"$f":"T34-HLOOKUP(X34,Feuil1!$C$1:$BL$10,3,FALSE)","v":-8},{"$f":"T34-HLOOKUP(X34,Feuil1!$C$1:$BL$10,4,FALSE)","v":-18},{"$f":"T34-HLOOKUP(X34,Feuil1!$C$1:$BL$10,5,FALSE)","v":-33},{"$f":"T34-HLOOKUP(X34,Feuil1!$C$1:$BL$10,6,FALSE)","v":-48},{"$f":"T34-HLOOKUP(X34,Feuil1!$C$1:$BL$10,7,FALSE)","v":-63},{"$f":"T34-HLOOKUP(X34,Feuil1!$C$1:$BL$10,8,FALSE)","v":-73},{"$f":"T34-HLOOKUP(X34,Feuil1!$C$1:$BL$10,9,FALSE)","v":-88},{"$f":"T34-HLOOKUP(X34,Feuil1!$C$1:$BL$10,10,FALSE)","v":-958},null,null,null,null,null,null,"DEB "]
["H","SEST","RAL",30,380144,"DUFFEZ","Maxime",2000,40.6,"C.H. L'ARBRESLE","F",15,17,-20,17,20,23,25,25,42,-39.200000000000003,"DEB ",7,{"$f":"IF(I35=\"\",\"\",IF(A35=\"H\",IF(OR(H35=\"SEN\",H35<1995),VLOOKUP(I35,Feuil1!$A$11:$G$29,6),IF(AND(H35>1994,H35<1998),VLOOKUP(I35,Feuil1!$A$11:$G$29,5),IF(AND(H35>1997,H35<2000),VLOOKUP(I35,Feuil1!$A$11:$G$29,4),IF(AND(H35>1999,H35<2002),VLOOKUP(I35,Feuil1!$A$11:$G$29,3),VLOOKUP(I35,Feuil1!$A$11:$G$29,2))))),IF(OR(H35=\"SEN\",H35<1995),VLOOKUP(I35,Feuil1!$G$11:$L$25,6),IF(AND(H35>1994,H35<1998),VLOOKUP(I35,Feuil1!$G$11:$L$25,5),IF(AND(H35>1997,H35<2000),VLOOKUP(I35,Feuil1!$G$11:$L$25,4),IF(AND(H35>1999,H35<2002),VLOOKUP(I35,Feuil1!$G$11:$L$25,3),VLOOKUP(I35,Feuil1!$G$11:$L$25,2)))))))","v":"C1 45"},87.406331247902472,null," ",{"$f":"T35-HLOOKUP(X35,Feuil1!$C$1:$BL$10,2,FALSE)","v":7},{"$f":"T35-HLOOKUP(X35,Feuil1!$C$1:$BL$10,3,FALSE)","v":-8},{"$f":"T35-HLOOKUP(X35,Feuil1!$C$1:$BL$10,4,FALSE)","v":-18},{"$f":"T35-HLOOKUP(X35,Feuil1!$C$1:$BL$10,5,FALSE)","v":-33},{"$f":"T35-HLOOKUP(X35,Feuil1!$C$1:$BL$10,6,FALSE)","v":-48},{"$f":"T35-HLOOKUP(X35,Feuil1!$C$1:$BL$10,7,FALSE)","v":-63},{"$f":"T35-HLOOKUP(X35,Feuil1!$C$1:$BL$10,8,FALSE)","v":-73},{"$f":"T35-HLOOKUP(X35,Feuil1!$C$1:$BL$10,9,FALSE)","v":-88},{"$f":"T35-HLOOKUP(X35,Feuil1!$C$1:$BL$10,10,FALSE)","v":-958},null,null,null,null,null,null,"DEB "]
["H","NORD","PIC",31,387612,"FOURCROY","David",2001,41.5,"Villers-Bretonneux KC","F",10,15,18,18,15,20,23,23,41,-42,"DEB ",6,{"$f":"IF(I36=\"\",\"\",IF(A36=\"H\",IF(OR(H36=\"SEN\",H36<1995),VLOOKUP(I36,Feuil1!$A$11:$G$29,6),IF(AND(H36>1994,H36<1998),VLOOKUP(I36,Feuil1!$A$11:$G$29,5),IF(AND(H36>1997,H36<2000),VLOOKUP(I36,Feuil1!$A$11:$G$29,4),IF(AND(H36>1999,H36<2002),VLOOKUP(I36,Feuil1!$A$11:$G$29,3),VLOOKUP(I36,Feuil1!$A$11:$G$29,2))))),IF(OR(H36=\"SEN\",H36<1995),VLOOKUP(I36,Feuil1!$G$11:$L$25,6),IF(AND(H36>1994,H36<1998),VLOOKUP(I36,Feuil1!$G$11:$L$25,5),IF(AND(H36>1997,H36<2000),VLOOKUP(I36,Feuil1!$G$11:$L$25,4),IF(AND(H36>1999,H36<2002),VLOOKUP(I36,Feuil1!$G$11:$L$25,3),VLOOKUP(I36,Feuil1!$G$11:$L$25,2)))))))","v":"C1 45"},83.478282139622934,null," ",{"$f":"T36-HLOOKUP(X36,Feuil1!$C$1:$BL$10,2,FALSE)","v":6},{"$f":"T36-HLOOKUP(X36,Feuil1!$C$1:$BL$10,3,FALSE)","v":-9},{"$f":"T36-HLOOKUP(X36,Feuil1!$C$1:$BL$10,4,FALSE)","v":-19},{"$f":"T36-HLOOKUP(X36,Feuil1!$C$1:$BL$10,5,FALSE)","v":-34},{"$f":"T36-HLOOKUP(X36,Feuil1!$C$1:$BL$10,6,FALSE)","v":-49},{"$f":"T36-HLOOKUP(X36,Feuil1!$C$1:$BL$10,7,FALSE)","v":-64},{"$f":"T36-HLOOKUP(X36,Feuil1!$C$1:$BL$10,8,FALSE)","v":-74},{"$f":"T36-HLOOKUP(X36,Feuil1!$C$1:$BL$10,9,FALSE)","v":-89},{"$f":"T36-HLOOKUP(X36,Feuil1!$C$1:$BL$10,10,FALSE)","v":-959},null,null,null,null,null,null,"DEB "]
["H","SEST","RAL",32,379909,"REBOULET","Bastien",2001,42.9,"HF Péageois","F",13,15,-17,15,18,-20,20,20,35,-50.8,"DEB ",0,{"$f":"IF(I37=\"\",\"\",IF(A37=\"H\",IF(OR(H37=\"SEN\",H37<1995),VLOOKUP(I37,Feuil1!$A$11:$G$29,6),IF(AND(H37>1994,H37<1998),VLOOKUP(I37,Feuil1!$A$11:$G$29,5),IF(AND(H37>1997,H37<2000),VLOOKUP(I37,Feuil1!$A$11:$G$29,4),IF(AND(H37>1999,H37<2002),VLOOKUP(I37,Feuil1!$A$11:$G$29,3),VLOOKUP(I37,Feuil1!$A$11:$G$29,2))))),IF(OR(H37=\"SEN\",H37<1995),VLOOKUP(I37,Feuil1!$G$11:$L$25,6),IF(AND(H37>1994,H37<1998),VLOOKUP(I37,Feuil1!$G$11:$L$25,5),IF(AND(H37>1997,H37<2000),VLOOKUP(I37,Feuil1!$G$11:$L$25,4),IF(AND(H37>1999,H37<2002),VLOOKUP(I37,Feuil1!$G$11:$L$25,3),VLOOKUP(I37,Feuil1!$G$11:$L$25,2)))))))","v":"C1 45"},68.984229287387436,null," ",{"$f":"T37-HLOOKUP(X37,Feuil1!$C$1:$BL$10,2,FALSE)","v":0},{"$f":"T37-HLOOKUP(X37,Feuil1!$C$1:$BL$10,3,FALSE)","v":-15},{"$f":"T37-HLOOKUP(X37,Feuil1!$C$1:$BL$10,4,FALSE)","v":-25},{"$f":"T37-HLOOKUP(X37,Feuil1!$C$1:$BL$10,5,FALSE)","v":-40},{"$f":"T37-HLOOKUP(X37,Feuil1!$C$1:$BL$10,6,FALSE)","v":-55},{"$f":"T37-HLOOKUP(X37,Feuil1!$C$1:$BL$10,7,FALSE)","v":-70},{"$f":"T37-HLOOKUP(X37,Feuil1!$C$1:$BL$10,8,FALSE)","v":-80},{"$f":"T37-HLOOKUP(X37,Feuil1!$C$1:$BL$10,9,FALSE)","v":-95},{"$f":"T37-HLOOKUP(X37,Feuil1!$C$1:$BL$10,10,FALSE)","v":-965},null,null,null,null,null,null,"DEB "]
["H","SEST","CAZ",33,391435,"PILONE","Costantin",2001,32,"ES VILLENEUVE LOUBET","F",7,9,11,11,12,14,15,15,26,-38,"DEB ",-9,{"$f":"IF(I38=\"\",\"\",IF(A38=\"H\",IF(OR(H38=\"SEN\",H38<1995),VLOOKUP(I38,Feuil1!$A$11:$G$29,6),IF(AND(H38>1994,H38<1998),VLOOKUP(I38,Feuil1!$A$11:$G$29,5),IF(AND(H38>1997,H38<2000),VLOOKUP(I38,Feuil1!$A$11:$G$29,4),IF(AND(H38>1999,H38<2002),VLOOKUP(I38,Feuil1!$A$11:$G$29,3),VLOOKUP(I38,Feuil1!$A$11:$G$29,2))))),IF(OR(H38=\"SEN\",H38<1995),VLOOKUP(I38,Feuil1!$G$11:$L$25,6),IF(AND(H38>1994,H38<1998),VLOOKUP(I38,Feuil1!$G$11:$L$25,5),IF(AND(H38>1997,H38<2000),VLOOKUP(I38,Feuil1!$G$11:$L$25,4),IF(AND(H38>1999,H38<2002),VLOOKUP(I38,Feuil1!$G$11:$L$25,3),VLOOKUP(I38,Feuil1!$G$11:$L$25,2)))))))","v":"C1 45"},70.099889734960243,null," ",{"$f":"T38-HLOOKUP(X38,Feuil1!$C$1:$BL$10,2,FALSE)","v":-9},{"$f":"T38-HLOOKUP(X38,Feuil1!$C$1:$BL$10,3,FALSE)","v":-24},{"$f":"T38-HLOOKUP(X38,Feuil1!$C$1:$BL$10,4,FALSE)","v":-34},{"$f":"T38-HLOOKUP(X38,Feuil1!$C$1:$BL$10,5,FALSE)","v":-49},{"$f":"T38-HLOOKUP(X38,Feuil1!$C$1:$BL$10,6,FALSE)","v":-64},{"$f":"T38-HLOOKUP(X38,Feuil1!$C$1:$BL$10,7,FALSE)","v":-79},{"$f":"T38-HLOOKUP(X38,Feuil1!$C$1:$BL$10,8,FALSE)","v":-89},{"$f":"T38-HLOOKUP(X38,Feuil1!$C$1:$BL$10,9,FALSE)","v":-104},{"$f":"T38-HLOOKUP(X38,Feuil1!$C$1:$BL$10,10,FALSE)","v":-974},null,null,null,null,null,null,"DEB "]
[null,null,null,null,null,null,null,null,null,null,null,null,null,null,null,null,null,null,null,null,null,null,null,null,null,null," ",{"$f":"T39-HLOOKUP(X39,[1]Feuil1!$C$1:$BL$10,2,FALSE)","v":{"$error":"#N/A"}},{"$f":"T39-HLOOKUP(X39,[1]Feuil1!$C$1:$BL$10,3,FALSE)","v":{"$error":"#N/A"}},{"$f":"T39-HLOOKUP(X39,[1]Feuil1!$C$1:$BL$10,4,FALSE)","v":{"$error":"#N/A"}},{"$f":"T39-HLOOKUP(X39,[1]Feuil1!$C$1:$BL$10,5,FALSE)","v":{"$error":"#N/A"}},{"$f":"T39-HLOOKUP(X39,[1]Feuil1!$C$1:$BL$10,6,FALSE)","v":{"$error":"#N/A"}},{"$f":"T39-HLOOKUP(X39,[1]Feuil1!$C$1:$BL$10,7,FALSE)","v":{"$error":"#N/A"}},{"$f":"T39-HLOOKUP(X39,[1]Feuil1!$C$1:$BL$10,8,FALSE)","v":{"$error":"#N/A"}},{"$f":"T39-HLOOKUP(X39,[1]Feuil1!$C$1:$BL$10,9,FALSE)","v":{"$error":"#N/A"}},{"$f":"T39-HLOOKUP(X39,[1]Feuil1!$C$1:$BL$10,10,FALSE)","v":{"$error":"#N/A"}},null,null,null,null,null,null,{"$f":"IF(AJ39>=0,$AJ$4,IF(AI39>=0,$AI$4,IF(AH39>=0,$AH$4,IF(AG39>=0,$AG$4,IF(AF39>=0,$AF$4,IF(AE39>=0,$AE$4,IF(AD39>=0,$AD$4,IF(AC39>=0,$AC$4,$AB$4))))))))","v":{"$error":"#N/A"}}]
["H","NORD","NPC",1,279998,"RIQUIER","Jérémy",2000,49.32,"CHCD COMINES","F",55,61,64,{"$f":"IF(H40=\"\",\"\",IF(MAXA(L40:N40)<=0,0,MAXA(L40:N40)))","v":64},74,-80,80,{"$f":"IF(H40=\"\",\"\",IF(MAXA(P40:R40)<=0,0,MAXA(P40:R40)))","v":80},{"$f":"IF(H40=\"\",\"\",IF(OR(O40=0,S40=0),0,O40+S40))","v":144},{"$f":"T40-I40*2","v":45.36},{"$f":"IF(H40=\"\",\"\",AQ40)","v":"INTA +"},{"$f":"IF(AJ40>=0,AJ40,IF(AI40>=0,AI40,IF(AH40>=0,AH40,IF(AG40>=0,AG40,IF(AF40>=0,AF40,IF(AE40>=0,AE40,IF(AD40>=0,AD40,IF(AC40>=0,AC40,AB40))))))))","v":9},{"$f":"IF(I40=\"\",\"\",IF(A40=\"H\",IF(OR(H40=\"SEN\",H40<1995),VLOOKUP(I40,Feuil1!$A$11:$G$29,6),IF(AND(H40>1994,H40<1998),VLOOKUP(I40,Feuil1!$A$11:$G$29,5),IF(AND(H40>1997,H40<2000),VLOOKUP(I40,Feuil1!$A$11:$G$29,4),IF(AND(H40>1999,H40<2002),VLOOKUP(I40,Feuil1!$A$11:$G$29,3),VLOOKUP(I40,Feuil1!$A$11:$G$29,2))))),IF(OR(H40=\"SEN\",H40<1995),VLOOKUP(I40,Feuil1!$G$11:$L$25,6),IF(AND(H40>1994,H40<1998),VLOOKUP(I40,Feuil1!$G$11:$L$25,5),IF(AND(H40>1997,H40<2000),VLOOKUP(I40,Feuil1!$G$11:$L$25,4),IF(AND(H40>1999,H40<2002),VLOOKUP(I40,Feuil1!$G$11:$L$25,3),VLOOKUP(I40,Feuil1!$G$11:$L$25,2)))))))","v":"C1 50"},{"$f":"IF(I40=\"\",\"\",IF(A40=\"H\",10^(0.794358141*LOG(I40/174.393)^2)*T40,IF(A40=\"F\",10^(0.89726074*LOG(I40/148.026)^2)*T40,\"\")))","v":249.66182329407349},null," ",{"$f":"T40-HLOOKUP(X40,Feuil1!$C$1:$BL$10,2,FALSE)","v":104},{"$f":"T40-HLOOKUP(X40,Feuil1!$C$1:$BL$10,3,FALSE)","v":89},{"$f":"T40-HLOOKUP(X40,Feuil1!$C$1:$BL$10,4,FALSE)","v":79},{"$f":"T40-HLOOKUP(X40,Feuil1!$C$1:$BL$10,5,FALSE)","v":64},{"$f":"T40-HLOOKUP(X40,Feuil1!$C$1:$BL$10,6,FALSE)","v":49},{"$f":"T40-HLOOKUP(X40,Feuil1!$C$1:$BL$10,7,FALSE)","v":34},{"$f":"T40-HLOOKUP(X40,Feuil1!$C$1:$BL$10,8,FALSE)","v":24},{"$f":"T40-HLOOKUP(X40,Feuil1!$C$1:$BL$10,9,FALSE)","v":9},{"$f":"T40-HLOOKUP(X40,Feuil1!$C$1:$BL$10,10,FALSE)","v":-856},null,null,null,null,null,null,{"$f":"IF(AJ40>=0,$AJ$4,IF(AI40>=0,$AI$4,IF(AH40>=0,$AH$4,IF(AG40>=0,$AG$4,IF(AF40>=0,$AF$4,IF(AE40>=0,$AE$4,IF(AD40>=0,$AD$4,IF(AC40>=0,$AC$4,$AB$4))))))))","v":"INTA +"}]
["H","NORD","NPC",2,335809,"FOURNIER","Louis",2000,49.3,"C.A.ROSENDAEL","F",48,-52,-52,48,58,62,65,65,113,14.400000000000006,"NAT +",3,{"$f":"IF(I41=\"\",\"\",IF(A41=\"H\",IF(OR(H41=\"SEN\",H41<1995),VLOOKUP(I41,Feuil1!$A$11:$G$29,6),IF(AND(H41>1994,H41<1998),VLOOKUP(I41,Feuil1!$A$11:$G$29,5),IF(AND(H41>1997,H41<2000),VLOOKUP(I41,Feuil1!$A$11:$G$29,4),IF(AND(H41>1999,H41<2002),VLOOKUP(I41,Feuil1!$A$11:$G$29,3),VLOOKUP(I41,Feuil1!$A$11:$G$29,2))))),IF(OR(H41=\"SEN\",H41<1995),VLOOKUP(I41,Feuil1!$G$11:$L$25,6),IF(AND(H41>1994,H41<1998),VLOOKUP(I41,Feuil1!$G$11:$L$25,5),IF(AND(H41>1997,H41<2000),VLOOKUP(I41,Feuil1!$G$11:$L$25,4),IF(AND(H41>1999,H41<2002),VLOOKUP(I41,Feuil1!$G$11:$L$25,3),VLOOKUP(I41,Feuil1!$G$11:$L$25,2)))))))","v":"C1 50"},195.98444952069491,null," ",{"$f":"T41-HLOOKUP(X41,Feuil1!$C$1:$BL$10,2,FALSE)","v":73},{"$f":"T41-HLOOKUP(X41,Feuil1!$C$1:$BL$10,3,FALSE)","v":58},{"$f":"T41-HLOOKUP(X41,Feuil1!$C$1:$BL$10,4,FALSE)","v":48},{"$f":"T41-HLOOKUP(X41,Feuil1!$C$1:$BL$10,5,FALSE)","v":33},{"$f":"T41-HLOOKUP(X41,Feuil1!$C$1:$BL$10,6,FALSE)","v":18},{"$f":"T41-HLOOKUP(X41,Feuil1!$C$1:$BL$10,7,FALSE)","v":3},{"$f":"T41-HLOOKUP(X41,Feuil1!$C$1:$BL$10,8,FALSE)","v":-7},{"$f":"T41-HLOOKUP(X41,Feuil1!$C$1:$BL$10,9,FALSE)","v":-22},{"$f":"T41-HLOOKUP(X41,Feuil1!$C$1:$BL$10,10,FALSE)","v":-887},null,null,null,null,null,null,"NAT +"]
["H","DOM","REU",3,275413,"ESSOB","DAVID",2001,45.7,"SCHM SAINT PAUL","F",43,45,-48,45,60,63,64,64,109,17.599999999999994,"FED +",14,{"$f":"IF(I42=\"\",\"\",IF(A42=\"H\",IF(OR(H42=\"SEN\",H42<1995),VLOOKUP(I42,Feuil1!$A$11:$G$29,6),IF(AND(H42>1994,H42<1998),VLOOKUP(I42,Feuil1!$A$11:$G$29,5),IF(AND(H42>1997,H42<2000),VLOOKUP(I42,Feuil1!$A$11:$G$29,4),IF(AND(H42>1999,H42<2002),VLOOKUP(I42,Feuil1!$A$11:$G$29,3),VLOOKUP(I42,Feuil1!$A$11:$G$29,2))))),IF(OR(H42=\"SEN\",H42<1995),VLOOKUP(I42,Feuil1!$G$11:$L$25,6),IF(AND(H42>1994,H42<1998),VLOOKUP(I42,Feuil1!$G$11:$L$25,5),IF(AND(H42>1997,H42<2000),VLOOKUP(I42,Feuil1!$G$11:$L$25,4),IF(AND(H42>1999,H42<2002),VLOOKUP(I42,Feuil1!$G$11:$L$25,3),VLOOKUP(I42,Feuil1!$G$11:$L$25,2)))))))","v":"C1 50"},202.36565688261743,null," ",{"$f":"T42-HLOOKUP(X42,Feuil1!$C$1:$BL$10,2,FALSE)","v":69},{"$f":"T42-HLOOKUP(X42,Feuil1!$C$1:$BL$10,3,FALSE)","v":54},{"$f":"T42-HLOOKUP(X42,Feuil1!$C$1:$BL$10,4,FALSE)","v":44},{"$f":"T42-HLOOKUP(X42,Feuil1!$C$1:$BL$10,5,FALSE)","v":29},{"$f":"T42-HLOOKUP(X42,Feuil1!$C$1:$BL$10,6,FALSE)","v":14},{"$f":"T42-HLOOKUP(X42,Feuil1!$C$1:$BL$10,7,FALSE)","v":-1},{"$f":"T42-HLOOKUP(X42,Feuil1!$C$1:$BL$10,8,FALSE)","v":-11},{"$f":"T42-HLOOKUP(X42,Feuil1!$C$1:$BL$10,9,FALSE)","v":-26},{"$f":"T42-HLOOKUP(X42,Feuil1!$C$1:$BL$10,10,FALSE)","v":-891},null,null,null,null,null,null,"FED +"]
["H","NE","BOU",4,326196,"FORMYSIN","Samuel",2000,49.09,"Tournus Haltérophilie","F",43,46,48,48,53,56,61,61,109,10.819999999999993,"FED +",14,{"$f":"IF(I43=\"\",\"\",IF(A43=\"H\",IF(OR(H43=\"SEN\",H43<1995),VLOOKUP(I43,Feuil1!$A$11:$G$29,6),IF(AND(H43>1994,H43<1998),VLOOKUP(I43,Feuil1!$A$11:$G$29,5),IF(AND(H43>1997,H43<2000),VLOOKUP(I43,Feuil1!$A$11:$G$29,4),IF(AND(H43>1999,H43<2002),VLOOKUP(I43,Feuil1!$A$11:$G$29,3),VLOOKUP(I43,Feuil1!$A$11:$G$29,2))))),IF(OR(H43=\"SEN\",H43<1995),VLOOKUP(I43,Feuil1!$G$11:$L$25,6),IF(AND(H43>1994,H43<1998),VLOOKUP(I43,Feuil1!$G$11:$L$25,5),IF(AND(H43>1997,H43<2000),VLOOKUP(I43,Feuil1!$G$11:$L$25,4),IF(AND(H43>1999,H43<2002),VLOOKUP(I43,Feuil1!$G$11:$L$25,3),VLOOKUP(I43,Feuil1!$G$11:$L$25,2)))))))","v":"C1 50"},189.75290434062674,null," ",{"$f":"T43-HLOOKUP(X43,Feuil1!$C$1:$BL$10,2,FALSE)","v":69},{"$f":"T43-HLOOKUP(X43,Feuil1!$C$1:$BL$10,3,FALSE)","v":54},{"$f":"T43-HLOOKUP(X43,Feuil1!$C$1:$BL$10,4,FALSE)","v":44},{"$f":"T43-HLOOKUP(X43,Feuil1!$C$1:$BL$10,5,FALSE)","v":29},{"$f":"T43-HLOOKUP(X43,Feuil1!$C$1:$BL$10,6,FALSE)","v":14},{"$f":"T43-HLOOKUP(X43,Feuil1!$C$1:$BL$10,7,FALSE)","v":-1},{"$f":"T43-HLOOKUP(X43,Feuil1!$C$1:$BL$10,8,FALSE)","v":-11},{"$f":"T43-HLOOKUP(X43,Feuil1!$C$1:$BL$10,9,FALSE)","v":-26},{"$f":"T43-HLOOKUP(X43,Feuil1!$C$1:$BL$10,10,FALSE)","v":-891},null,null,null,null,null,null,"FED +"]
["H","SEST","CAZ",5,376235,"JOLY","Lucas",2000,49.36,"E.S. VILLENEUVE LOUBET","F",43,46,-48,46,56,59,-64,59,105,6.2800000000000011,"FED +",10,{"$f":"IF(I44=\"\",\"\",IF(A44=\"H\",IF(OR(H44=\"SEN\",H44<1995),VLOOKUP(I44,Feuil1!$A$11:$G$29,6),IF(AND(H44>1994,H44<1998),VLOOKUP(I44,Feuil1!$A$11:$G$29,5),IF(AND(H44>1997,H44<2000),VLOOKUP(I44,Feuil1!$A$11:$G$29,4),IF(AND(H44>1999,H44<2002),VLOOKUP(I44,Feuil1!$A$11:$G$29,3),VLOOKUP(I44,Feuil1!$A$11:$G$29,2))))),IF(OR(H44=\"SEN\",H44<1995),VLOOKUP(I44,Feuil1!$G$11:$L$25,6),IF(AND(H44>1994,H44<1998),VLOOKUP(I44,Feuil1!$G$11:$L$25,5),IF(AND(H44>1997,H44<2000),VLOOKUP(I44,Feuil1!$G$11:$L$25,4),IF(AND(H44>1999,H44<2002),VLOOKUP(I44,Feuil1!$G$11:$L$25,3),VLOOKUP(I44,Feuil1!$G$11:$L$25,2)))))))","v":"C1 50"},181.91655828504057,null," ",{"$f":"T44-HLOOKUP(X44,Feuil1!$C$1:$BL$10,2,FALSE)","v":65},{"$f":"T44-HLOOKUP(X44,Feuil1!$C$1:$BL$10,3,FALSE)","v":50},{"$f":"T44-HLOOKUP(X44,Feuil1!$C$1:$BL$10,4,FALSE)","v":40},{"$f":"T44-HLOOKUP(X44,Feuil1!$C$1:$BL$10,5,FALSE)","v":25},{"$f":"T44-HLOOKUP(X44,Feuil1!$C$1:$BL$10,6,FALSE)","v":10},{"$f":"T44-HLOOKUP(X44,Feuil1!$C$1:$BL$10,7,FALSE)","v":-5},{"$f":"T44-HLOOKUP(X44,Feuil1!$C$1:$BL$10,8,FALSE)","v":-15},{"$f":"T44-HLOOKUP(X44,Feuil1!$C$1:$BL$10,9,FALSE)","v":-30},{"$f":"T44-HLOOKUP(X44,Feuil1!$C$1:$BL$10,10,FALSE)","v":-895},null,null,null,null,null,null,"FED +"]
["H","SEST","RAL",6,373866,"PETRIS","Thomas",2000,49.7,"H.C. ST BALDOPH","F",39,-43,43,43,53,55,59,59,102,2.5999999999999943,"FED +",7,{"$f":"IF(I45=\"\",\"\",IF(A45=\"H\",IF(OR(H45=\"SEN\",H45<1995),VLOOKUP(I45,Feuil1!$A$11:$G$29,6),IF(AND(H45>1994,H45<1998),VLOOKUP(I45,Feuil1!$A$11:$G$29,5),IF(AND(H45>1997,H45<2000),VLOOKUP(I45,Feuil1!$A$11:$G$29,4),IF(AND(H45>1999,H45<2002),VLOOKUP(I45,Feuil1!$A$11:$G$29,3),VLOOKUP(I45,Feuil1!$A$11:$G$29,2))))),IF(OR(H45=\"SEN\",H45<1995),VLOOKUP(I45,Feuil1!$G$11:$L$25,6),IF(AND(H45>1994,H45<1998),VLOOKUP(I45,Feuil1!$G$11:$L$25,5),IF(AND(H45>1997,H45<2000),VLOOKUP(I45,Feuil1!$G$11:$L$25,4),IF(AND(H45>1999,H45<2002),VLOOKUP(I45,Feuil1!$G$11:$L$25,3),VLOOKUP(I45,Feuil1!$G$11:$L$25,2)))))))","v":"C1 50"},175.66851092839252,null," ",{"$f":"T45-HLOOKUP(X45,Feuil1!$C$1:$BL$10,2,FALSE)","v":62},{"$f":"T45-HLOOKUP(X45,Feuil1!$C$1:$BL$10,3,FALSE)","v":47},{"$f":"T45-HLOOKUP(X45,Feuil1!$C$1:$BL$10,4,FALSE)","v":37},{"$f":"T45-HLOOKUP(X45,Feuil1!$C$1:$BL$10,5,FALSE)","v":22},{"$f":"T45-HLOOKUP(X45,Feuil1!$C$1:$BL$10,6,FALSE)","v":7},{"$f":"T45-HLOOKUP(X45,Feuil1!$C$1:$BL$10,7,FALSE)","v":-8},{"$f":"T45-HLOOKUP(X45,Feuil1!$C$1:$BL$10,8,FALSE)","v":-18},{"$f":"T45-HLOOKUP(X45,Feuil1!$C$1:$BL$10,9,FALSE)","v":-33},{"$f":"T45-HLOOKUP(X45,Feuil1!$C$1:$BL$10,10,FALSE)","v":-898},null,null,null,null,null,null,"FED +"]
["H","NORD","NPC",7,351701,"BOUGEARD","Dylan",2001,46.9,"A.O.SALLAUMINES","F",38,41,42,42,49,53,55,55,97,3.2000000000000028,"FED +",2,{"$f":"IF(I46=\"\",\"\",IF(A46=\"H\",IF(OR(H46=\"SEN\",H46<1995),VLOOKUP(I46,Feuil1!$A$11:$G$29,6),IF(AND(H46>1994,H46<1998),VLOOKUP(I46,Feuil1!$A$11:$G$29,5),IF(AND(H46>1997,H46<2000),VLOOKUP(I46,Feuil1!$A$11:$G$29,4),IF(AND(H46>1999,H46<2002),VLOOKUP(I46,Feuil1!$A$11:$G$29,3),VLOOKUP(I46,Feuil1!$A$11:$G$29,2))))),IF(OR(H46=\"SEN\",H46<1995),VLOOKUP(I46,Feuil1!$G$11:$L$25,6),IF(AND(H46>1994,H46<1998),VLOOKUP(I46,Feuil1!$G$11:$L$25,5),IF(AND(H46>1997,H46<2000),VLOOKUP(I46,Feuil1!$G$11:$L$25,4),IF(AND(H46>1999,H46<2002),VLOOKUP(I46,Feuil1!$G$11:$L$25,3),VLOOKUP(I46,Feuil1!$G$11:$L$25,2)))))))","v":"C1 50"},175.86578864289331,null," ",{"$f":"T46-HLOOKUP(X46,Feuil1!$C$1:$BL$10,2,FALSE)","v":57},{"$f":"T46-HLOOKUP(X46,Feuil1!$C$1:$BL$10,3,FALSE)","v":42},{"$f":"T46-HLOOKUP(X46,Feuil1!$C$1:$BL$10,4,FALSE)","v":32},{"$f":"T46-HLOOKUP(X46,Feuil1!$C$1:$BL$10,5,FALSE)","v":17},{"$f":"T46-HLOOKUP(X46,Feuil1!$C$1:$BL$10,6,FALSE)","v":2},{"$f":"T46-HLOOKUP(X46,Feuil1!$C$1:$BL$10,7,FALSE)","v":-13},{"$f":"T46-HLOOKUP(X46,Feuil1!$C$1:$BL$10,8,FALSE)","v":-23},{"$f":"T46-HLOOKUP(X46,Feuil1!$C$1:$BL$10,9,FALSE)","v":-38},{"$f":"T46-HLOOKUP(X46,Feuil1!$C$1:$BL$10,10,FALSE)","v":-903},null,null,null,null,null,null,"FED +"]
["H","NORD","NPC",8,359649,"PARANTHOEN","Kévin",2000,48.08,"C.A.ROSENDAEL","F",37,40,-42,40,51,55,57,57,97,0.84000000000000341,"FED +",2,{"$f":"IF(I47=\"\",\"\",IF(A47=\"H\",IF(OR(H47=\"SEN\",H47<1995),VLOOKUP(I47,Feuil1!$A$11:$G$29,6),IF(AND(H47>1994,H47<1998),VLOOKUP(I47,Feuil1!$A$11:$G$29,5),IF(AND(H47>1997,H47<2000),VLOOKUP(I47,Feuil1!$A$11:$G$29,4),IF(AND(H47>1999,H47<2002),VLOOKUP(I47,Feuil1!$A$11:$G$29,3),VLOOKUP(I47,Feuil1!$A$11:$G$29,2))))),IF(OR(H47=\"SEN\",H47<1995),VLOOKUP(I47,Feuil1!$G$11:$L$25,6),IF(AND(H47>1994,H47<1998),VLOOKUP(I47,Feuil1!$G$11:$L$25,5),IF(AND(H47>1997,H47<2000),VLOOKUP(I47,Feuil1!$G$11:$L$25,4),IF(AND(H47>1999,H47<2002),VLOOKUP(I47,Feuil1!$G$11:$L$25,3),VLOOKUP(I47,Feuil1!$G$11:$L$25,2)))))))","v":"C1 50"},171.9868417842921,null," ",{"$f":"T47-HLOOKUP(X47,Feuil1!$C$1:$BL$10,2,FALSE)","v":57},{"$f":"T47-HLOOKUP(X47,Feuil1!$C$1:$BL$10,3,FALSE)","v":42},{"$f":"T47-HLOOKUP(X47,Feuil1!$C$1:$BL$10,4,FALSE)","v":32},{"$f":"T47-HLOOKUP(X47,Feuil1!$C$1:$BL$10,5,FALSE)","v":17},{"$f":"T47-HLOOKUP(X47,Feuil1!$C$1:$BL$10,6,FALSE)","v":2},{"$f":"T47-HLOOKUP(X47,Feuil1!$C$1:$BL$10,7,FALSE)","v":-13},{"$f":"T47-HLOOKUP(X47,Feuil1!$C$1:$BL$10,8,FALSE)","v":-23},{"$f":"T47-HLOOKUP(X47,Feuil1!$C$1:$BL$10,9,FALSE)","v":-38},{"$f":"T47-HLOOKUP(X47,Feuil1!$C$1:$BL$10,10,FALSE)","v":-903},null,null,null,null,null,null,"FED +"]
["H","N","IDF",9,313237,"TRAN-TRI","HUGO",2000,49.2,"CHAVILLE","F",35,40,42,42,40,45,53,53,95,-3.4000000000000057,"FED +",0,{"$f":"IF(I48=\"\",\"\",IF(A48=\"H\",IF(OR(H48=\"SEN\",H48<1995),VLOOKUP(I48,Feuil1!$A$11:$G$29,6),IF(AND(H48>1994,H48<1998),VLOOKUP(I48,Feuil1!$A$11:$G$29,5),IF(AND(H48>1997,H48<2000),VLOOKUP(I48,Feuil1!$A$11:$G$29,4),IF(AND(H48>1999,H48<2002),VLOOKUP(I48,Feuil1!$A$11:$G$29,3),VLOOKUP(I48,Feuil1!$A$11:$G$29,2))))),IF(OR(H48=\"SEN\",H48<1995),VLOOKUP(I48,Feuil1!$G$11:$L$25,6),IF(AND(H48>1994,H48<1998),VLOOKUP(I48,Feuil1!$G$11:$L$25,5),IF(AND(H48>1997,H48<2000),VLOOKUP(I48,Feuil1!$G$11:$L$25,4),IF(AND(H48>1999,H48<2002),VLOOKUP(I48,Feuil1!$G$11:$L$25,3),VLOOKUP(I48,Feuil1!$G$11:$L$25,2)))))))","v":"C1 50"},165.05780772670846,null," ",{"$f":"T48-HLOOKUP(X48,Feuil1!$C$1:$BL$10,2,FALSE)","v":55},{"$f":"T48-HLOOKUP(X48,Feuil1!$C$1:$BL$10,3,FALSE)","v":40},{"$f":"T48-HLOOKUP(X48,Feuil1!$C$1:$BL$10,4,FALSE)","v":30},{"$f":"T48-HLOOKUP(X48,Feuil1!$C$1:$BL$10,5,FALSE)","v":15},{"$f":"T48-HLOOKUP(X48,Feuil1!$C$1:$BL$10,6,FALSE)","v":0},{"$f":"T48-HLOOKUP(X48,Feuil1!$C$1:$BL$10,7,FALSE)","v":-15},{"$f":"T48-HLOOKUP(X48,Feuil1!$C$1:$BL$10,8,FALSE)","v":-25},{"$f":"T48-HLOOKUP(X48,Feuil1!$C$1:$BL$10,9,FALSE)","v":-40},{"$f":"T48-HLOOKUP(X48,Feuil1!$C$1:$BL$10,10,FALSE)","v":-905},null,null,null,null,null,null,"FED +"]
["H","CO","PDL",10,263126,"OBER","arthur",2001,49.8,"ALSavenay","F",38,40,42,42,49,51,53,53,95,-4.5999999999999943,"FED +",0,{"$f":"IF(I49=\"\",\"\",IF(A49=\"H\",IF(OR(H49=\"SEN\",H49<1995),VLOOKUP(I49,Feuil1!$A$11:$G$29,6),IF(AND(H49>1994,H49<1998),VLOOKUP(I49,Feuil1!$A$11:$G$29,5),IF(AND(H49>1997,H49<2000),VLOOKUP(I49,Feuil1!$A$11:$G$29,4),IF(AND(H49>1999,H49<2002),VLOOKUP(I49,Feuil1!$A$11:$G$29,3),VLOOKUP(I49,Feuil1!$A$11:$G$29,2))))),IF(OR(H49=\"SEN\",H49<1995),VLOOKUP(I49,Feuil1!$G$11:$L$25,6),IF(AND(H49>1994,H49<1998),VLOOKUP(I49,Feuil1!$G$11:$L$25,5),IF(AND(H49>1997,H49<2000),VLOOKUP(I49,Feuil1!$G$11:$L$25,4),IF(AND(H49>1999,H49<2002),VLOOKUP(I49,Feuil1!$G$11:$L$25,3),VLOOKUP(I49,Feuil1!$G$11:$L$25,2)))))))","v":"C1 50"},163.32846173905941,null," ",{"$f":"T49-HLOOKUP(X49,Feuil1!$C$1:$BL$10,2,FALSE)","v":55},{"$f":"T49-HLOOKUP(X49,Feuil1!$C$1:$BL$10,3,FALSE)","v":40},{"$f":"T49-HLOOKUP(X49,Feuil1!$C$1:$BL$10,4,FALSE)","v":30},{"$f":"T49-HLOOKUP(X49,Feuil1!$C$1:$BL$10,5,FALSE)","v":15},{"$f":"T49-HLOOKUP(X49,Feuil1!$C$1:$BL$10,6,FALSE)","v":0},{"$f":"T49-HLOOKUP(X49,Feuil1!$C$1:$BL$10,7,FALSE)","v":-15},{"$f":"T49-HLOOKUP(X49,Feuil1!$C$1:$BL$10,8,FALSE)","v":-25},{"$f":"T49-HLOOKUP(X49,Feuil1!$C$1:$BL$10,9,FALSE)","v":-40},{"$f":"T49-HLOOKUP(X49,Feuil1!$C$1:$BL$10,10,FALSE)","v":-905},null,null,null,null,null,null,"FED +"]
["H","SEST","RAL",11,358683,"BALME","Nathan",2000,50,"Pierrelatte","F",30,35,40,40,45,-50,50,50,90,-10,"IRG +",10,{"$f":"IF(I50=\"\",\"\",IF(A50=\"H\",IF(OR(H50=\"SEN\",H50<1995),VLOOKUP(I50,Feuil1!$A$11:$G$29,6),IF(AND(H50>1994,H50<1998),VLOOKUP(I50,Feuil1!$A$11:$G$29,5),IF(AND(H50>1997,H50<2000),VLOOKUP(I50,Feuil1!$A$11:$G$29,4),IF(AND(H50>1999,H50<2002),VLOOKUP(I50,Feuil1!$A$11:$G$29,3),VLOOKUP(I50,Feuil1!$A$11:$G$29,2))))),IF(OR(H50=\"SEN\",H50<1995),VLOOKUP(I50,Feuil1!$G$11:$L$25,6),IF(AND(H50>1994,H50<1998),VLOOKUP(I50,Feuil1!$G$11:$L$25,5),IF(AND(H50>1997,H50<2000),VLOOKUP(I50,Feuil1!$G$11:$L$25,4),IF(AND(H50>1999,H50<2002),VLOOKUP(I50,Feuil1!$G$11:$L$25,3),VLOOKUP(I50,Feuil1!$G$11:$L$25,2)))))))","v":"C1 50"},154.19772522826614,null," ",{"$f":"T50-HLOOKUP(X50,Feuil1!$C$1:$BL$10,2,FALSE)","v":50},{"$f":"T50-HLOOKUP(X50,Feuil1!$C$1:$BL$10,3,FALSE)","v":35},{"$f":"T50-HLOOKUP(X50,Feuil1!$C$1:$BL$10,4,FALSE)","v":25},{"$f":"T50-HLOOKUP(X50,Feuil1!$C$1:$BL$10,5,FALSE)","v":10},{"$f":"T50-HLOOKUP(X50,Feuil1!$C$1:$BL$10,6,FALSE)","v":-5},{"$f":"T50-HLOOKUP(X50,Feuil1!$C$1:$BL$10,7,FALSE)","v":-20},{"$f":"T50-HLOOKUP(X50,Feuil1!$C$1:$BL$10,8,FALSE)","v":-30},{"$f":"T50-HLOOKUP(X50,Feuil1!$C$1:$BL$10,9,FALSE)","v":-45},{"$f":"T50-HLOOKUP(X50,Feuil1!$C$1:$BL$10,10,FALSE)","v":-910},null,null,null,null,null,null,"IRG +"]
["H","NE","ALS",12,341767,"MELAO","ANTHONY",2001,48.8,"Dorlisheim FH","F",34,37,-39,37,45,47,49,49,86,-11.599999999999994,"IRG +",6,{"$f":"IF(I51=\"\",\"\",IF(A51=\"H\",IF(OR(H51=\"SEN\",H51<1995),VLOOKUP(I51,Feuil1!$A$11:$G$29,6),IF(AND(H51>1994,H51<1998),VLOOKUP(I51,Feuil1!$A$11:$G$29,5),IF(AND(H51>1997,H51<2000),VLOOKUP(I51,Feuil1!$A$11:$G$29,4),IF(AND(H51>1999,H51<2002),VLOOKUP(I51,Feuil1!$A$11:$G$29,3),VLOOKUP(I51,Feuil1!$A$11:$G$29,2))))),IF(OR(H51=\"SEN\",H51<1995),VLOOKUP(I51,Feuil1!$G$11:$L$25,6),IF(AND(H51>1994,H51<1998),VLOOKUP(I51,Feuil1!$G$11:$L$25,5),IF(AND(H51>1997,H51<2000),VLOOKUP(I51,Feuil1!$G$11:$L$25,4),IF(AND(H51>1999,H51<2002),VLOOKUP(I51,Feuil1!$G$11:$L$25,3),VLOOKUP(I51,Feuil1!$G$11:$L$25,2)))))))","v":"C1 50"},150.49299721581437,null," ",{"$f":"T51-HLOOKUP(X51,Feuil1!$C$1:$BL$10,2,FALSE)","v":46},{"$f":"T51-HLOOKUP(X51,Feuil1!$C$1:$BL$10,3,FALSE)","v":31},{"$f":"T51-HLOOKUP(X51,Feuil1!$C$1:$BL$10,4,FALSE)","v":21},{"$f":"T51-HLOOKUP(X51,Feuil1!$C$1:$BL$10,5,FALSE)","v":6},{"$f":"T51-HLOOKUP(X51,Feuil1!$C$1:$BL$10,6,FALSE)","v":-9},{"$f":"T51-HLOOKUP(X51,Feuil1!$C$1:$BL$10,7,FALSE)","v":-24},{"$f":"T51-HLOOKUP(X51,Feuil1!$C$1:$BL$10,8,FALSE)","v":-34},{"$f":"T51-HLOOKUP(X51,Feuil1!$C$1:$BL$10,9,FALSE)","v":-49},{"$f":"T51-HLOOKUP(X51,Feuil1!$C$1:$BL$10,10,FALSE)","v":-914},null,null,null,null,null,null,"IRG +"]
["H","NORD","PIC",13,356996,"DESSON","Rémy",2000,46.9,"Saleux CHM","F",32,35,-38,35,45,50,-52,50,85,-8.7999999999999972,"IRG +",5,{"$f":"IF(I52=\"\",\"\",IF(A52=\"H\",IF(OR(H52=\"SEN\",H52<1995),VLOOKUP(I52,Feuil1!$A$11:$G$29,6),IF(AND(H52>1994,H52<1998),VLOOKUP(I52,Feuil1!$A$11:$G$29,5),IF(AND(H52>1997,H52<2000),VLOOKUP(I52,Feuil1!$A$11:$G$29,4),IF(AND(H52>1999,H52<2002),VLOOKUP(I52,Feuil1!$A$11:$G$29,3),VLOOKUP(I52,Feuil1!$A$11:$G$29,2))))),IF(OR(H52=\"SEN\",H52<1995),VLOOKUP(I52,Feuil1!$G$11:$L$25,6),IF(AND(H52>1994,H52<1998),VLOOKUP(I52,Feuil1!$G$11:$L$25,5),IF(AND(H52>1997,H52<2000),VLOOKUP(I52,Feuil1!$G$11:$L$25,4),IF(AND(H52>1999,H52<2002),VLOOKUP(I52,Feuil1!$G$11:$L$25,3),VLOOKUP(I52,Feuil1!$G$11:$L$25,2)))))))","v":"C1 50"},154.10919623346319,null," ",{"$f":"T52-HLOOKUP(X52,Feuil1!$C$1:$BL$10,2,FALSE)","v":45},{"$f":"T52-HLOOKUP(X52,Feuil1!$C$1:$BL$10,3,FALSE)","v":30},{"$f":"T52-HLOOKUP(X52,Feuil1!$C$1:$BL$10,4,FALSE)","v":20},{"$f":"T52-HLOOKUP(X52,Feuil1!$C$1:$BL$10,5,FALSE)","v":5},{"$f":"T52-HLOOKUP(X52,Feuil1!$C$1:$BL$10,6,FALSE)","v":-10},{"$f":"T52-HLOOKUP(X52,Feuil1!$C$1:$BL$10,7,FALSE)","v":-25},{"$f":"T52-HLOOKUP(X52,Feuil1!$C$1:$BL$10,8,FALSE)","v":-35},{"$f":"T52-HLOOKUP(X52,Feuil1!$C$1:$BL$10,9,FALSE)","v":-50},{"$f":"T52-HLOOKUP(X52,Feuil1!$C$1:$BL$10,10,FALSE)","v":-915},null,null,null,null,null,null,"IRG +"]
["H","NE","BOU",14,345094,"WITTMAN","Maxime",2001,50,"ASO Mont de Rême","F",32,34,36,36,42,44,46,46,82,-18,"IRG +",2,{"$f":"IF(I53=\"\",\"\",IF(A53=\"H\",IF(OR(H53=\"SEN\",H53<1995),VLOOKUP(I53,Feuil1!$A$11:$G$29,6),IF(AND(H53>1994,H53<1998),VLOOKUP(I53,Feuil1!$A$11:$G$29,5),IF(AND(H53>1997,H53<2000),VLOOKUP(I53,Feuil1!$A$11:$G$29,4),IF(AND(H53>1999,H53<2002),VLOOKUP(I53,Feuil1!$A$11:$G$29,3),VLOOKUP(I53,Feuil1!$A$11:$G$29,2))))),IF(OR(H53=\"SEN\",H53<1995),VLOOKUP(I53,Feuil1!$G$11:$L$25,6),IF(AND(H53>1994,H53<1998),VLOOKUP(I53,Feuil1!$G$11:$L$25,5),IF(AND(H53>1997,H53<2000),VLOOKUP(I53,Feuil1!$G$11:$L$25,4),IF(AND(H53>1999,H53<2002),VLOOKUP(I53,Feuil1!$G$11:$L$25,3),VLOOKUP(I53,Feuil1!$G$11:$L$25,2)))))))","v":"C1 50"},140.49126076353136,null," ",{"$f":"T53-HLOOKUP(X53,Feuil1!$C$1:$BL$10,2,FALSE)","v":42},{"$f":"T53-HLOOKUP(X53,Feuil1!$C$1:$BL$10,3,FALSE)","v":27},{"$f":"T53-HLOOKUP(X53,Feuil1!$C$1:$BL$10,4,FALSE)","v":17},{"$f":"T53-HLOOKUP(X53,Feuil1!$C$1:$BL$10,5,FALSE)","v":2},{"$f":"T53-HLOOKUP(X53,Feuil1!$C$1:$BL$10,6,FALSE)","v":-13},{"$f":"T53-HLOOKUP(X53,Feuil1!$C$1:$BL$10,7,FALSE)","v":-28},{"$f":"T53-HLOOKUP(X53,Feuil1!$C$1:$BL$10,8,FALSE)","v":-38},{"$f":"T53-HLOOKUP(X53,Feuil1!$C$1:$BL$10,9,FALSE)","v":-53},{"$f":"T53-HLOOKUP(X53,Feuil1!$C$1:$BL$10,10,FALSE)","v":-918},null,null,null,null,null,null,"IRG +"]
["H","NE","CHA",15," 376656","GUSTIN","Eliséo",2001,47.8,"Reims HM","F",30,33,-36,33,40,43,46,46,79,-16.599999999999994,"REG +",14,{"$f":"IF(I54=\"\",\"\",IF(A54=\"H\",IF(OR(H54=\"SEN\",H54<1995),VLOOKUP(I54,Feuil1!$A$11:$G$29,6),IF(AND(H54>1994,H54<1998),VLOOKUP(I54,Feuil1!$A$11:$G$29,5),IF(AND(H54>1997,H54<2000),VLOOKUP(I54,Feuil1!$A$11:$G$29,4),IF(AND(H54>1999,H54<2002),VLOOKUP(I54,Feuil1!$A$11:$G$29,3),VLOOKUP(I54,Feuil1!$A$11:$G$29,2))))),IF(OR(H54=\"SEN\",H54<1995),VLOOKUP(I54,Feuil1!$G$11:$L$25,6),IF(AND(H54>1994,H54<1998),VLOOKUP(I54,Feuil1!$G$11:$L$25,5),IF(AND(H54>1997,H54<2000),VLOOKUP(I54,Feuil1!$G$11:$L$25,4),IF(AND(H54>1999,H54<2002),VLOOKUP(I54,Feuil1!$G$11:$L$25,3),VLOOKUP(I54,Feuil1!$G$11:$L$25,2)))))))","v":"C1 50"},140.80259748352012,null," ",{"$f":"T54-HLOOKUP(X54,Feuil1!$C$1:$BL$10,2,FALSE)","v":39},{"$f":"T54-HLOOKUP(X54,Feuil1!$C$1:$BL$10,3,FALSE)","v":24},{"$f":"T54-HLOOKUP(X54,Feuil1!$C$1:$BL$10,4,FALSE)","v":14},{"$f":"T54-HLOOKUP(X54,Feuil1!$C$1:$BL$10,5,FALSE)","v":-1},{"$f":"T54-HLOOKUP(X54,Feuil1!$C$1:$BL$10,6,FALSE)","v":-16},{"$f":"T54-HLOOKUP(X54,Feuil1!$C$1:$BL$10,7,FALSE)","v":-31},{"$f":"T54-HLOOKUP(X54,Feuil1!$C$1:$BL$10,8,FALSE)","v":-41},{"$f":"T54-HLOOKUP(X54,Feuil1!$C$1:$BL$10,9,FALSE)","v":-56},{"$f":"T54-HLOOKUP(X54,Feuil1!$C$1:$BL$10,10,FALSE)","v":-921},null,null,null,null,null,null,"REG +"]
["H","SO","AQU",16,364793,"VERAC","MATTEO",2001,47.5,"ST MEDARD","F",28,31,33,33,35,40,45,45,78,-17,"REG +",13,{"$f":"IF(I55=\"\",\"\",IF(A55=\"H\",IF(OR(H55=\"SEN\",H55<1995),VLOOKUP(I55,Feuil1!$A$11:$G$29,6),IF(AND(H55>1994,H55<1998),VLOOKUP(I55,Feuil1!$A$11:$G$29,5),IF(AND(H55>1997,H55<2000),VLOOKUP(I55,Feuil1!$A$11:$G$29,4),IF(AND(H55>1999,H55<2002),VLOOKUP(I55,Feuil1!$A$11:$G$29,3),VLOOKUP(I55,Feuil1!$A$11:$G$29,2))))),IF(OR(H55=\"SEN\",H55<1995),VLOOKUP(I55,Feuil1!$G$11:$L$25,6),IF(AND(H55>1994,H55<1998),VLOOKUP(I55,Feuil1!$G$11:$L$25,5),IF(AND(H55>1997,H55<2000),VLOOKUP(I55,Feuil1!$G$11:$L$25,4),IF(AND(H55>1999,H55<2002),VLOOKUP(I55,Feuil1!$G$11:$L$25,3),VLOOKUP(I55,Feuil1!$G$11:$L$25,2)))))))","v":"C1 50"},139.80602496646895,null," ",{"$f":"T55-HLOOKUP(X55,Feuil1!$C$1:$BL$10,2,FALSE)","v":38},{"$f":"T55-HLOOKUP(X55,Feuil1!$C$1:$BL$10,3,FALSE)","v":23},{"$f":"T55-HLOOKUP(X55,Feuil1!$C$1:$BL$10,4,FALSE)","v":13},{"$f":"T55-HLOOKUP(X55,Feuil1!$C$1:$BL$10,5,FALSE)","v":-2},{"$f":"T55-HLOOKUP(X55,Feuil1!$C$1:$BL$10,6,FALSE)","v":-17},{"$f":"T55-HLOOKUP(X55,Feuil1!$C$1:$BL$10,7,FALSE)","v":-32},{"$f":"T55-HLOOKUP(X55,Feuil1!$C$1:$BL$10,8,FALSE)","v":-42},{"$f":"T55-HLOOKUP(X55,Feuil1!$C$1:$BL$10,9,FALSE)","v":-57},{"$f":"T55-HLOOKUP(X55,Feuil1!$C$1:$BL$10,10,FALSE)","v":-922},null,null,null,null,null,null,"REG +"]
["H","CO","CEN",17,378404,"DAUMAS","Niels",2001,45.4,"AAJ Blois","F",-28,28,30,30,40,42,44,44,74,-16.799999999999997,"REG +",9,{"$f":"IF(I56=\"\",\"\",IF(A56=\"H\",IF(OR(H56=\"SEN\",H56<1995),VLOOKUP(I56,Feuil1!$A$11:$G$29,6),IF(AND(H56>1994,H56<1998),VLOOKUP(I56,Feuil1!$A$11:$G$29,5),IF(AND(H56>1997,H56<2000),VLOOKUP(I56,Feuil1!$A$11:$G$29,4),IF(AND(H56>1999,H56<2002),VLOOKUP(I56,Feuil1!$A$11:$G$29,3),VLOOKUP(I56,Feuil1!$A$11:$G$29,2))))),IF(OR(H56=\"SEN\",H56<1995),VLOOKUP(I56,Feuil1!$G$11:$L$25,6),IF(AND(H56>1994,H56<1998),VLOOKUP(I56,Feuil1!$G$11:$L$25,5),IF(AND(H56>1997,H56<2000),VLOOKUP(I56,Feuil1!$G$11:$L$25,4),IF(AND(H56>1999,H56<2002),VLOOKUP(I56,Feuil1!$G$11:$L$25,3),VLOOKUP(I56,Feuil1!$G$11:$L$25,2)))))))","v":"C1 50"},138.22657391243743,null," ",{"$f":"T56-HLOOKUP(X56,Feuil1!$C$1:$BL$10,2,FALSE)","v":34},{"$f":"T56-HLOOKUP(X56,Feuil1!$C$1:$BL$10,3,FALSE)","v":19},{"$f":"T56-HLOOKUP(X56,Feuil1!$C$1:$BL$10,4,FALSE)","v":9},{"$f":"T56-HLOOKUP(X56,Feuil1!$C$1:$BL$10,5,FALSE)","v":-6},{"$f":"T56-HLOOKUP(X56,Feuil1!$C$1:$BL$10,6,FALSE)","v":-21},{"$f":"T56-HLOOKUP(X56,Feuil1!$C$1:$BL$10,7,FALSE)","v":-36},{"$f":"T56-HLOOKUP(X56,Feuil1!$C$1:$BL$10,8,FALSE)","v":-46},{"$f":"T56-HLOOKUP(X56,Feuil1!$C$1:$BL$10,9,FALSE)","v":-61},{"$f":"T56-HLOOKUP(X56,Feuil1!$C$1:$BL$10,10,FALSE)","v":-926},null,null,null,null,null,null,"REG +"]
["H","N","IDF",18,390990,"DURANTEL","MATTHIS",2001,47.1,"CHAVILLE","F",25,-30,30,30,30,35,40,40,70,-24.200000000000003,"REG +",5,{"$f":"IF(I57=\"\",\"\",IF(A57=\"H\",IF(OR(H57=\"SEN\",H57<1995),VLOOKUP(I57,Feuil1!$A$11:$G$29,6),IF(AND(H57>1994,H57<1998),VLOOKUP(I57,Feuil1!$A$11:$G$29,5),IF(AND(H57>1997,H57<2000),VLOOKUP(I57,Feuil1!$A$11:$G$29,4),IF(AND(H57>1999,H57<2002),VLOOKUP(I57,Feuil1!$A$11:$G$29,3),VLOOKUP(I57,Feuil1!$A$11:$G$29,2))))),IF(OR(H57=\"SEN\",H57<1995),VLOOKUP(I57,Feuil1!$G$11:$L$25,6),IF(AND(H57>1994,H57<1998),VLOOKUP(I57,Feuil1!$G$11:$L$25,5),IF(AND(H57>1997,H57<2000),VLOOKUP(I57,Feuil1!$G$11:$L$25,4),IF(AND(H57>1999,H57<2002),VLOOKUP(I57,Feuil1!$G$11:$L$25,3),VLOOKUP(I57,Feuil1!$G$11:$L$25,2)))))))","v":"C1 50"},126.42582266536171,null," ",{"$f":"T57-HLOOKUP(X57,Feuil1!$C$1:$BL$10,2,FALSE)","v":30},{"$f":"T57-HLOOKUP(X57,Feuil1!$C$1:$BL$10,3,FALSE)","v":15},{"$f":"T57-HLOOKUP(X57,Feuil1!$C$1:$BL$10,4,FALSE)","v":5},{"$f":"T57-HLOOKUP(X57,Feuil1!$C$1:$BL$10,5,FALSE)","v":-10},{"$f":"T57-HLOOKUP(X57,Feuil1!$C$1:$BL$10,6,FALSE)","v":-25},{"$f":"T57-HLOOKUP(X57,Feuil1!$C$1:$BL$10,7,FALSE)","v":-40},{"$f":"T57-HLOOKUP(X57,Feuil1!$C$1:$BL$10,8,FALSE)","v":-50},{"$f":"T57-HLOOKUP(X57,Feuil1!$C$1:$BL$10,9,FALSE)","v":-65},{"$f":"T57-HLOOKUP(X57,Feuil1!$C$1:$BL$10,10,FALSE)","v":-930},null,null,null,null,null,null,"REG +"]
["H","N","IDF",19,360587,"SANTOS FERREIRA","ROMAIN",2000,48.6,"RUEIL","F",28,31,33,33,34,37,-40,37,70,-27.200000000000003,"REG +",5,{"$f":"IF(I58=\"\",\"\",IF(A58=\"H\",IF(OR(H58=\"SEN\",H58<1995),VLOOKUP(I58,Feuil1!$A$11:$G$29,6),IF(AND(H58>1994,H58<1998),VLOOKUP(I58,Feuil1!$A$11:$G$29,5),IF(AND(H58>1997,H58<2000),VLOOKUP(I58,Feuil1!$A$11:$G$29,4),IF(AND(H58>1999,H58<2002),VLOOKUP(I58,Feuil1!$A$11:$G$29,3),VLOOKUP(I58,Feuil1!$A$11:$G$29,2))))),IF(OR(H58=\"SEN\",H58<1995),VLOOKUP(I58,Feuil1!$G$11:$L$25,6),IF(AND(H58>1994,H58<1998),VLOOKUP(I58,Feuil1!$G$11:$L$25,5),IF(AND(H58>1997,H58<2000),VLOOKUP(I58,Feuil1!$G$11:$L$25,4),IF(AND(H58>1999,H58<2002),VLOOKUP(I58,Feuil1!$G$11:$L$25,3),VLOOKUP(I58,Feuil1!$G$11:$L$25,2)))))))","v":"C1 50"},122.93786739441971,null," ",{"$f":"T58-HLOOKUP(X58,Feuil1!$C$1:$BL$10,2,FALSE)","v":30},{"$f":"T58-HLOOKUP(X58,Feuil1!$C$1:$BL$10,3,FALSE)","v":15},{"$f":"T58-HLOOKUP(X58,Feuil1!$C$1:$BL$10,4,FALSE)","v":5},{"$f":"T58-HLOOKUP(X58,Feuil1!$C$1:$BL$10,5,FALSE)","v":-10},{"$f":"T58-HLOOKUP(X58,Feuil1!$C$1:$BL$10,6,FALSE)","v":-25},{"$f":"T58-HLOOKUP(X58,Feuil1!$C$1:$BL$10,7,FALSE)","v":-40},{"$f":"T58-HLOOKUP(X58,Feuil1!$C$1:$BL$10,8,FALSE)","v":-50},{"$f":"T58-HLOOKUP(X58,Feuil1!$C$1:$BL$10,9,FALSE)","v":-65},{"$f":"T58-HLOOKUP(X58,Feuil1!$C$1:$BL$10,10,FALSE)","v":-930},null,null,null,null,null,null,"REG +"]
["H","DOM","GUA",20,380895,"HUCHIN","Elliot",2001,49.5,"Body Club Domien","F",25,30,-32,30,35,40,-44,40,70,-29,"REG +",5,{"$f":"IF(I59=\"\",\"\",IF(A59=\"H\",IF(OR(H59=\"SEN\",H59<1995),VLOOKUP(I59,Feuil1!$A$11:$G$29,6),IF(AND(H59>1994,H59<1998),VLOOKUP(I59,Feuil1!$A$11:$G$29,5),IF(AND(H59>1997,H59<2000),VLOOKUP(I59,Feuil1!$A$11:$G$29,4),IF(AND(H59>1999,H59<2002),VLOOKUP(I59,Feuil1!$A$11:$G$29,3),VLOOKUP(I59,Feuil1!$A$11:$G$29,2))))),IF(OR(H59=\"SEN\",H59<1995),VLOOKUP(I59,Feuil1!$G$11:$L$25,6),IF(AND(H59>1994,H59<1998),VLOOKUP(I59,Feuil1!$G$11:$L$25,5),IF(AND(H59>1997,H59<2000),VLOOKUP(I59,Feuil1!$G$11:$L$25,4),IF(AND(H59>1999,H59<2002),VLOOKUP(I59,Feuil1!$G$11:$L$25,3),VLOOKUP(I59,Feuil1!$G$11:$L$25,2)))))))","v":"C1 50"},120.9792737205114,null," ",{"$f":"T59-HLOOKUP(X59,Feuil1!$C$1:$BL$10,2,FALSE)","v":30},{"$f":"T59-HLOOKUP(X59,Feuil1!$C$1:$BL$10,3,FALSE)","v":15},{"$f":"T59-HLOOKUP(X59,Feuil1!$C$1:$BL$10,4,FALSE)","v":5},{"$f":"T59-HLOOKUP(X59,Feuil1!$C$1:$BL$10,5,FALSE)","v":-10},{"$f":"T59-HLOOKUP(X59,Feuil1!$C$1:$BL$10,6,FALSE)","v":-25},{"$f":"T59-HLOOKUP(X59,Feuil1!$C$1:$BL$10,7,FALSE)","v":-40},{"$f":"T59-HLOOKUP(X59,Feuil1!$C$1:$BL$10,8,FALSE)","v":-50},{"$f":"T59-HLOOKUP(X59,Feuil1!$C$1:$BL$10,9,FALSE)","v":-65},{"$f":"T59-HLOOKUP(X59,Feuil1!$C$1:$BL$10,10,FALSE)","v":-930},null,null,null,null,null,null,"REG +"]
["H","NORD","NPC",21,366025,"KEHLI","Taslim",2000,49.7,"A.O.SALLAUMINES","F",25,28,30,30,35,38,40,40,70,-29.400000000000006,"REG +",5,{"$f":"IF(I60=\"\",\"\",IF(A60=\"H\",IF(OR(H60=\"SEN\",H60<1995),VLOOKUP(I60,Feuil1!$A$11:$G$29,6),IF(AND(H60>1994,H60<1998),VLOOKUP(I60,Feuil1!$A$11:$G$29,5),IF(AND(H60>1997,H60<2000),VLOOKUP(I60,Feuil1!$A$11:$G$29,4),IF(AND(H60>1999,H60<2002),VLOOKUP(I60,Feuil1!$A$11:$G$29,3),VLOOKUP(I60,Feuil1!$A$11:$G$29,2))))),IF(OR(H60=\"SEN\",H60<1995),VLOOKUP(I60,Feuil1!$G$11:$L$25,6),IF(AND(H60>1994,H60<1998),VLOOKUP(I60,Feuil1!$G$11:$L$25,5),IF(AND(H60>1997,H60<2000),VLOOKUP(I60,Feuil1!$G$11:$L$25,4),IF(AND(H60>1999,H60<2002),VLOOKUP(I60,Feuil1!$G$11:$L$25,3),VLOOKUP(I60,Feuil1!$G$11:$L$25,2)))))))","v":"C1 50"},120.55682122536741,null," ",{"$f":"T60-HLOOKUP(X60,Feuil1!$C$1:$BL$10,2,FALSE)","v":30},{"$f":"T60-HLOOKUP(X60,Feuil1!$C$1:$BL$10,3,FALSE)","v":15},{"$f":"T60-HLOOKUP(X60,Feuil1!$C$1:$BL$10,4,FALSE)","v":5},{"$f":"T60-HLOOKUP(X60,Feuil1!$C$1:$BL$10,5,FALSE)","v":-10},{"$f":"T60-HLOOKUP(X60,Feuil1!$C$1:$BL$10,6,FALSE)","v":-25},{"$f":"T60-HLOOKUP(X60,Feuil1!$C$1:$BL$10,7,FALSE)","v":-40},{"$f":"T60-HLOOKUP(X60,Feuil1!$C$1:$BL$10,8,FALSE)","v":-50},{"$f":"T60-HLOOKUP(X60,Feuil1!$C$1:$BL$10,9,FALSE)","v":-65},{"$f":"T60-HLOOKUP(X60,Feuil1!$C$1:$BL$10,10,FALSE)","v":-930},null,null,null,null,null,null,"REG +"]
["H","NE","ALS",22,380685,"CRIQUI","MATTHIAS",2001,49.9,"Dorlisheim FH","F",28,31,-35,31,31,34,36,36,67,-32.799999999999997,"REG +",2,{"$f":"IF(I61=\"\",\"\",IF(A61=\"H\",IF(OR(H61=\"SEN\",H61<1995),VLOOKUP(I61,Feuil1!$A$11:$G$29,6),IF(AND(H61>1994,H61<1998),VLOOKUP(I61,Feuil1!$A$11:$G$29,5),IF(AND(H61>1997,H61<2000),VLOOKUP(I61,Feuil1!$A$11:$G$29,4),IF(AND(H61>1999,H61<2002),VLOOKUP(I61,Feuil1!$A$11:$G$29,3),VLOOKUP(I61,Feuil1!$A$11:$G$29,2))))),IF(OR(H61=\"SEN\",H61<1995),VLOOKUP(I61,Feuil1!$G$11:$L$25,6),IF(AND(H61>1994,H61<1998),VLOOKUP(I61,Feuil1!$G$11:$L$25,5),IF(AND(H61>1997,H61<2000),VLOOKUP(I61,Feuil1!$G$11:$L$25,4),IF(AND(H61>1999,H61<2002),VLOOKUP(I61,Feuil1!$G$11:$L$25,3),VLOOKUP(I61,Feuil1!$G$11:$L$25,2)))))))","v":"C1 50"},114.99006251579509,null," ",{"$f":"T61-HLOOKUP(X61,Feuil1!$C$1:$BL$10,2,FALSE)","v":27},{"$f":"T61-HLOOKUP(X61,Feuil1!$C$1:$BL$10,3,FALSE)","v":12},{"$f":"T61-HLOOKUP(X61,Feuil1!$C$1:$BL$10,4,FALSE)","v":2},{"$f":"T61-HLOOKUP(X61,Feuil1!$C$1:$BL$10,5,FALSE)","v":-13},{"$f":"T61-HLOOKUP(X61,Feuil1!$C$1:$BL$10,6,FALSE)","v":-28},{"$f":"T61-HLOOKUP(X61,Feuil1!$C$1:$BL$10,7,FALSE)","v":-43},{"$f":"T61-HLOOKUP(X61,Feuil1!$C$1:$BL$10,8,FALSE)","v":-53},{"$f":"T61-HLOOKUP(X61,Feuil1!$C$1:$BL$10,9,FALSE)","v":-68},{"$f":"T61-HLOOKUP(X61,Feuil1!$C$1:$BL$10,10,FALSE)","v":-933},null,null,null,null,null,null,"REG +"]
["H","SO","AQU",23,361091,"VALLES","QUENTIN",2001,47,"ST MEDARD","F",20,23,26,26,27,30,34,34,60,-34,"DEP +",5,{"$f":"IF(I62=\"\",\"\",IF(A62=\"H\",IF(OR(H62=\"SEN\",H62<1995),VLOOKUP(I62,Feuil1!$A$11:$G$29,6),IF(AND(H62>1994,H62<1998),VLOOKUP(I62,Feuil1!$A$11:$G$29,5),IF(AND(H62>1997,H62<2000),VLOOKUP(I62,Feuil1!$A$11:$G$29,4),IF(AND(H62>1999,H62<2002),VLOOKUP(I62,Feuil1!$A$11:$G$29,3),VLOOKUP(I62,Feuil1!$A$11:$G$29,2))))),IF(OR(H62=\"SEN\",H62<1995),VLOOKUP(I62,Feuil1!$G$11:$L$25,6),IF(AND(H62>1994,H62<1998),VLOOKUP(I62,Feuil1!$G$11:$L$25,5),IF(AND(H62>1997,H62<2000),VLOOKUP(I62,Feuil1!$G$11:$L$25,4),IF(AND(H62>1999,H62<2002),VLOOKUP(I62,Feuil1!$G$11:$L$25,3),VLOOKUP(I62,Feuil1!$G$11:$L$25,2)))))))","v":"C1 50"},108.5733834340749,null," ",{"$f":"T62-HLOOKUP(X62,Feuil1!$C$1:$BL$10,2,FALSE)","v":20},{"$f":"T62-HLOOKUP(X62,Feuil1!$C$1:$BL$10,3,FALSE)","v":5},{"$f":"T62-HLOOKUP(X62,Feuil1!$C$1:$BL$10,4,FALSE)","v":-5},{"$f":"T62-HLOOKUP(X62,Feuil1!$C$1:$BL$10,5,FALSE)","v":-20},{"$f":"T62-HLOOKUP(X62,Feuil1!$C$1:$BL$10,6,FALSE)","v":-35},{"$f":"T62-HLOOKUP(X62,Feuil1!$C$1:$BL$10,7,FALSE)","v":-50},{"$f":"T62-HLOOKUP(X62,Feuil1!$C$1:$BL$10,8,FALSE)","v":-60},{"$f":"T62-HLOOKUP(X62,Feuil1!$C$1:$BL$10,9,FALSE)","v":-75},{"$f":"T62-HLOOKUP(X62,Feuil1!$C$1:$BL$10,10,FALSE)","v":-940},null,null,null,null,null,null,"DEP +"]
["H","SEST","PRO",24,326189,"POUBLAN","Quentin",2000,46.5,"EEAR MONTEUX","F",17,20,22,22,30,33,-35,33,55,-38,"DEP +",0,{"$f":"IF(I63=\"\",\"\",IF(A63=\"H\",IF(OR(H63=\"SEN\",H63<1995),VLOOKUP(I63,Feuil1!$A$11:$G$29,6),IF(AND(H63>1994,H63<1998),VLOOKUP(I63,Feuil1!$A$11:$G$29,5),IF(AND(H63>1997,H63<2000),VLOOKUP(I63,Feuil1!$A$11:$G$29,4),IF(AND(H63>1999,H63<2002),VLOOKUP(I63,Feuil1!$A$11:$G$29,3),VLOOKUP(I63,Feuil1!$A$11:$G$29,2))))),IF(OR(H63=\"SEN\",H63<1995),VLOOKUP(I63,Feuil1!$G$11:$L$25,6),IF(AND(H63>1994,H63<1998),VLOOKUP(I63,Feuil1!$G$11:$L$25,5),IF(AND(H63>1997,H63<2000),VLOOKUP(I63,Feuil1!$G$11:$L$25,4),IF(AND(H63>1999,H63<2002),VLOOKUP(I63,Feuil1!$G$11:$L$25,3),VLOOKUP(I63,Feuil1!$G$11:$L$25,2)))))))","v":"C1 50"},100.49721588570046,null," ",{"$f":"T63-HLOOKUP(X63,Feuil1!$C$1:$BL$10,2,FALSE)","v":15},{"$f":"T63-HLOOKUP(X63,Feuil1!$C$1:$BL$10,3,FALSE)","v":0},{"$f":"T63-HLOOKUP(X63,Feuil1!$C$1:$BL$10,4,FALSE)","v":-10},{"$f":"T63-HLOOKUP(X63,Feuil1!$C$1:$BL$10,5,FALSE)","v":-25},{"$f":"T63-HLOOKUP(X63,Feuil1!$C$1:$BL$10,6,FALSE)","v":-40},{"$f":"T63-HLOOKUP(X63,Feuil1!$C$1:$BL$10,7,FALSE)","v":-55},{"$f":"T63-HLOOKUP(X63,Feuil1!$C$1:$BL$10,8,FALSE)","v":-65},{"$f":"T63-HLOOKUP(X63,Feuil1!$C$1:$BL$10,9,FALSE)","v":-80},{"$f":"T63-HLOOKUP(X63,Feuil1!$C$1:$BL$10,10,FALSE)","v":-945},null,null,null,null,null,null,"DEP +"]
["H","NE","ALS",25,384535,"FABRIANO","ROMAIN",2001,48.9,"SR Obernai HM","F",20,23,-25,23,25,28,32,32,55,-42.8,"DEP +",0,{"$f":"IF(I64=\"\",\"\",IF(A64=\"H\",IF(OR(H64=\"SEN\",H64<1995),VLOOKUP(I64,Feuil1!$A$11:$G$29,6),IF(AND(H64>1994,H64<1998),VLOOKUP(I64,Feuil1!$A$11:$G$29,5),IF(AND(H64>1997,H64<2000),VLOOKUP(I64,Feuil1!$A$11:$G$29,4),IF(AND(H64>1999,H64<2002),VLOOKUP(I64,Feuil1!$A$11:$G$29,3),VLOOKUP(I64,Feuil1!$A$11:$G$29,2))))),IF(OR(H64=\"SEN\",H64<1995),VLOOKUP(I64,Feuil1!$G$11:$L$25,6),IF(AND(H64>1994,H64<1998),VLOOKUP(I64,Feuil1!$G$11:$L$25,5),IF(AND(H64>1997,H64<2000),VLOOKUP(I64,Feuil1!$G$11:$L$25,4),IF(AND(H64>1999,H64<2002),VLOOKUP(I64,Feuil1!$G$11:$L$25,3),VLOOKUP(I64,Feuil1!$G$11:$L$25,2)))))))","v":"C1 50"},96.072685576843469,null," ",{"$f":"T64-HLOOKUP(X64,Feuil1!$C$1:$BL$10,2,FALSE)","v":15},{"$f":"T64-HLOOKUP(X64,Feuil1!$C$1:$BL$10,3,FALSE)","v":0},{"$f":"T64-HLOOKUP(X64,Feuil1!$C$1:$BL$10,4,FALSE)","v":-10},{"$f":"T64-HLOOKUP(X64,Feuil1!$C$1:$BL$10,5,FALSE)","v":-25},{"$f":"T64-HLOOKUP(X64,Feuil1!$C$1:$BL$10,6,FALSE)","v":-40},{"$f":"T64-HLOOKUP(X64,Feuil1!$C$1:$BL$10,7,FALSE)","v":-55},{"$f":"T64-HLOOKUP(X64,Feuil1!$C$1:$BL$10,8,FALSE)","v":-65},{"$f":"T64-HLOOKUP(X64,Feuil1!$C$1:$BL$10,9,FALSE)","v":-80},{"$f":"T64-HLOOKUP(X64,Feuil1!$C$1:$BL$10,10,FALSE)","v":-945},null,null,null,null,null,null,"DEP +"]
["H","NORD","NPC",26,338422,"DRIEUX","Rémi",2001,48.2,"C.A.ROSENDAEL","F",21,-23,-23,21,30,32,-34,32,53,-43.400000000000006,"DEB ",13,{"$f":"IF(I65=\"\",\"\",IF(A65=\"H\",IF(OR(H65=\"SEN\",H65<1995),VLOOKUP(I65,Feuil1!$A$11:$G$29,6),IF(AND(H65>1994,H65<1998),VLOOKUP(I65,Feuil1!$A$11:$G$29,5),IF(AND(H65>1997,H65<2000),VLOOKUP(I65,Feuil1!$A$11:$G$29,4),IF(AND(H65>1999,H65<2002),VLOOKUP(I65,Feuil1!$A$11:$G$29,3),VLOOKUP(I65,Feuil1!$A$11:$G$29,2))))),IF(OR(H65=\"SEN\",H65<1995),VLOOKUP(I65,Feuil1!$G$11:$L$25,6),IF(AND(H65>1994,H65<1998),VLOOKUP(I65,Feuil1!$G$11:$L$25,5),IF(AND(H65>1997,H65<2000),VLOOKUP(I65,Feuil1!$G$11:$L$25,4),IF(AND(H65>1999,H65<2002),VLOOKUP(I65,Feuil1!$G$11:$L$25,3),VLOOKUP(I65,Feuil1!$G$11:$L$25,2)))))))","v":"C1 50"},93.764380032252504,null," ",{"$f":"T65-HLOOKUP(X65,Feuil1!$C$1:$BL$10,2,FALSE)","v":13},{"$f":"T65-HLOOKUP(X65,Feuil1!$C$1:$BL$10,3,FALSE)","v":-2},{"$f":"T65-HLOOKUP(X65,Feuil1!$C$1:$BL$10,4,FALSE)","v":-12},{"$f":"T65-HLOOKUP(X65,Feuil1!$C$1:$BL$10,5,FALSE)","v":-27},{"$f":"T65-HLOOKUP(X65,Feuil1!$C$1:$BL$10,6,FALSE)","v":-42},{"$f":"T65-HLOOKUP(X65,Feuil1!$C$1:$BL$10,7,FALSE)","v":-57},{"$f":"T65-HLOOKUP(X65,Feuil1!$C$1:$BL$10,8,FALSE)","v":-67},{"$f":"T65-HLOOKUP(X65,Feuil1!$C$1:$BL$10,9,FALSE)","v":-82},{"$f":"T65-HLOOKUP(X65,Feuil1!$C$1:$BL$10,10,FALSE)","v":-947},null,null,null,null,null,null,"DEB "]
["H","NE","ALS",27,381292,"BOEHUER","JEAN",2001,49.2,"SR Obernai HM","F",17,20,23,23,25,28,-31,28,51,-47.400000000000006,"DEB ",11,{"$f":"IF(I66=\"\",\"\",IF(A66=\"H\",IF(OR(H66=\"SEN\",H66<1995),VLOOKUP(I66,Feuil1!$A$11:$G$29,6),IF(AND(H66>1994,H66<1998),VLOOKUP(I66,Feuil1!$A$11:$G$29,5),IF(AND(H66>1997,H66<2000),VLOOKUP(I66,Feuil1!$A$11:$G$29,4),IF(AND(H66>1999,H66<2002),VLOOKUP(I66,Feuil1!$A$11:$G$29,3),VLOOKUP(I66,Feuil1!$A$11:$G$29,2))))),IF(OR(H66=\"SEN\",H66<1995),VLOOKUP(I66,Feuil1!$G$11:$L$25,6),IF(AND(H66>1994,H66<1998),VLOOKUP(I66,Feuil1!$G$11:$L$25,5),IF(AND(H66>1997,H66<2000),VLOOKUP(I66,Feuil1!$G$11:$L$25,4),IF(AND(H66>1999,H66<2002),VLOOKUP(I66,Feuil1!$G$11:$L$25,3),VLOOKUP(I66,Feuil1!$G$11:$L$25,2)))))))","v":"C1 50"},88.609980990127696,null," ",{"$f":"T66-HLOOKUP(X66,Feuil1!$C$1:$BL$10,2,FALSE)","v":11},{"$f":"T66-HLOOKUP(X66,Feuil1!$C$1:$BL$10,3,FALSE)","v":-4},{"$f":"T66-HLOOKUP(X66,Feuil1!$C$1:$BL$10,4,FALSE)","v":-14},{"$f":"T66-HLOOKUP(X66,Feuil1!$C$1:$BL$10,5,FALSE)","v":-29},{"$f":"T66-HLOOKUP(X66,Feuil1!$C$1:$BL$10,6,FALSE)","v":-44},{"$f":"T66-HLOOKUP(X66,Feuil1!$C$1:$BL$10,7,FALSE)","v":-59},{"$f":"T66-HLOOKUP(X66,Feuil1!$C$1:$BL$10,8,FALSE)","v":-69},{"$f":"T66-HLOOKUP(X66,Feuil1!$C$1:$BL$10,9,FALSE)","v":-84},{"$f":"T66-HLOOKUP(X66,Feuil1!$C$1:$BL$10,10,FALSE)","v":-949},null,null,null,null,null,null,"DEB "]
["H","SEST","PRO",28,390196,"ANDRE DEWAAL","MARC",2001,45.9,"ISTRES SPORTS",null,15,18,21,21,22,25,28,28,49,-42.8,"DEB ",9,{"$f":"IF(I67=\"\",\"\",IF(A67=\"H\",IF(OR(H67=\"SEN\",H67<1995),VLOOKUP(I67,Feuil1!$A$11:$G$29,6),IF(AND(H67>1994,H67<1998),VLOOKUP(I67,Feuil1!$A$11:$G$29,5),IF(AND(H67>1997,H67<2000),VLOOKUP(I67,Feuil1!$A$11:$G$29,4),IF(AND(H67>1999,H67<2002),VLOOKUP(I67,Feuil1!$A$11:$G$29,3),VLOOKUP(I67,Feuil1!$A$11:$G$29,2))))),IF(OR(H67=\"SEN\",H67<1995),VLOOKUP(I67,Feuil1!$G$11:$L$25,6),IF(AND(H67>1994,H67<1998),VLOOKUP(I67,Feuil1!$G$11:$L$25,5),IF(AND(H67>1997,H67<2000),VLOOKUP(I67,Feuil1!$G$11:$L$25,4),IF(AND(H67>1999,H67<2002),VLOOKUP(I67,Feuil1!$G$11:$L$25,3),VLOOKUP(I67,Feuil1!$G$11:$L$25,2)))))))","v":"C1 50"},90.605980370760236,null," ",{"$f":"T67-HLOOKUP(X67,Feuil1!$C$1:$BL$10,2,FALSE)","v":9},{"$f":"T67-HLOOKUP(X67,Feuil1!$C$1:$BL$10,3,FALSE)","v":-6},{"$f":"T67-HLOOKUP(X67,Feuil1!$C$1:$BL$10,4,FALSE)","v":-16},{"$f":"T67-HLOOKUP(X67,Feuil1!$C$1:$BL$10,5,FALSE)","v":-31},{"$f":"T67-HLOOKUP(X67,Feuil1!$C$1:$BL$10,6,FALSE)","v":-46},{"$f":"T67-HLOOKUP(X67,Feuil1!$C$1:$BL$10,7,FALSE)","v":-61},{"$f":"T67-HLOOKUP(X67,Feuil1!$C$1:$BL$10,8,FALSE)","v":-71},{"$f":"T67-HLOOKUP(X67,Feuil1!$C$1:$BL$10,9,FALSE)","v":-86},{"$f":"T67-HLOOKUP(X67,Feuil1!$C$1:$BL$10,10,FALSE)","v":-951},null,null,null,null,null,null,"DEB "]
["H","NORD","PIC",29,378363,"DEGOUY","Maxandre",2001,46.3,"Villers-Bretonneux KC","F",20,-23,-23,20,25,28,-31,28,48,-44.599999999999994,"DEB ",8,{"$f":"IF(I68=\"\",\"\",IF(A68=\"H\",IF(OR(H68=\"SEN\",H68<1995),VLOOKUP(I68,Feuil1!$A$11:$G$29,6),IF(AND(H68>1994,H68<1998),VLOOKUP(I68,Feuil1!$A$11:$G$29,5),IF(AND(H68>1997,H68<2000),VLOOKUP(I68,Feuil1!$A$11:$G$29,4),IF(AND(H68>1999,H68<2002),VLOOKUP(I68,Feuil1!$A$11:$G$29,3),VLOOKUP(I68,Feuil1!$A$11:$G$29,2))))),IF(OR(H68=\"SEN\",H68<1995),VLOOKUP(I68,Feuil1!$G$11:$L$25,6),IF(AND(H68>1994,H68<1998),VLOOKUP(I68,Feuil1!$G$11:$L$25,5),IF(AND(H68>1997,H68<2000),VLOOKUP(I68,Feuil1!$G$11:$L$25,4),IF(AND(H68>1999,H68<2002),VLOOKUP(I68,Feuil1!$G$11:$L$25,3),VLOOKUP(I68,Feuil1!$G$11:$L$25,2)))))))","v":"C1 50"},88.052699226955596,null," ",{"$f":"T68-HLOOKUP(X68,Feuil1!$C$1:$BL$10,2,FALSE)","v":8},{"$f":"T68-HLOOKUP(X68,Feuil1!$C$1:$BL$10,3,FALSE)","v":-7},{"$f":"T68-HLOOKUP(X68,Feuil1!$C$1:$BL$10,4,FALSE)","v":-17},{"$f":"T68-HLOOKUP(X68,Feuil1!$C$1:$BL$10,5,FALSE)","v":-32},{"$f":"T68-HLOOKUP(X68,Feuil1!$C$1:$BL$10,6,FALSE)","v":-47},{"$f":"T68-HLOOKUP(X68,Feuil1!$C$1:$BL$10,7,FALSE)","v":-62},{"$f":"T68-HLOOKUP(X68,Feuil1!$C$1:$BL$10,8,FALSE)","v":-72},{"$f":"T68-HLOOKUP(X68,Feuil1!$C$1:$BL$10,9,FALSE)","v":-87},{"$f":"T68-HLOOKUP(X68,Feuil1!$C$1:$BL$10,10,FALSE)","v":-952},null,null,null,null,null,null,"DEB "]
["H","NORD","NPC",30,383862,"COUPIGNY","Michel",2001,48.9,"A.O.SALLAUMINES","F",19,-21,21,21,22,24,26,26,47,-50.8,"DEB ",7,{"$f":"IF(I69=\"\",\"\",IF(A69=\"H\",IF(OR(H69=\"SEN\",H69<1995),VLOOKUP(I69,Feuil1!$A$11:$G$29,6),IF(AND(H69>1994,H69<1998),VLOOKUP(I69,Feuil1!$A$11:$G$29,5),IF(AND(H69>1997,H69<2000),VLOOKUP(I69,Feuil1!$A$11:$G$29,4),IF(AND(H69>1999,H69<2002),VLOOKUP(I69,Feuil1!$A$11:$G$29,3),VLOOKUP(I69,Feuil1!$A$11:$G$29,2))))),IF(OR(H69=\"SEN\",H69<1995),VLOOKUP(I69,Feuil1!$G$11:$L$25,6),IF(AND(H69>1994,H69<1998),VLOOKUP(I69,Feuil1!$G$11:$L$25,5),IF(AND(H69>1997,H69<2000),VLOOKUP(I69,Feuil1!$G$11:$L$25,4),IF(AND(H69>1999,H69<2002),VLOOKUP(I69,Feuil1!$G$11:$L$25,3),VLOOKUP(I69,Feuil1!$G$11:$L$25,2)))))))","v":"C1 50"},82.098476765666234,null," ",{"$f":"T69-HLOOKUP(X69,Feuil1!$C$1:$BL$10,2,FALSE)","v":7},{"$f":"T69-HLOOKUP(X69,Feuil1!$C$1:$BL$10,3,FALSE)","v":-8},{"$f":"T69-HLOOKUP(X69,Feuil1!$C$1:$BL$10,4,FALSE)","v":-18},{"$f":"T69-HLOOKUP(X69,Feuil1!$C$1:$BL$10,5,FALSE)","v":-33},{"$f":"T69-HLOOKUP(X69,Feuil1!$C$1:$BL$10,6,FALSE)","v":-48},{"$f":"T69-HLOOKUP(X69,Feuil1!$C$1:$BL$10,7,FALSE)","v":-63},{"$f":"T69-HLOOKUP(X69,Feuil1!$C$1:$BL$10,8,FALSE)","v":-73},{"$f":"T69-HLOOKUP(X69,Feuil1!$C$1:$BL$10,9,FALSE)","v":-88},{"$f":"T69-HLOOKUP(X69,Feuil1!$C$1:$BL$10,10,FALSE)","v":-953},null,null,null,null,null,null,"DEB "]
["H","NE","ALS",31,389913,"CLEMENTZ","EMERIC",2000,49.8,"MJC Ungersheim","F",17,20,23,23,24,-27,-27,24,47,-52.599999999999994,"DEB ",7,{"$f":"IF(I70=\"\",\"\",IF(A70=\"H\",IF(OR(H70=\"SEN\",H70<1995),VLOOKUP(I70,Feuil1!$A$11:$G$29,6),IF(AND(H70>1994,H70<1998),VLOOKUP(I70,Feuil1!$A$11:$G$29,5),IF(AND(H70>1997,H70<2000),VLOOKUP(I70,Feuil1!$A$11:$G$29,4),IF(AND(H70>1999,H70<2002),VLOOKUP(I70,Feuil1!$A$11:$G$29,3),VLOOKUP(I70,Feuil1!$A$11:$G$29,2))))),IF(OR(H70=\"SEN\",H70<1995),VLOOKUP(I70,Feuil1!$G$11:$L$25,6),IF(AND(H70>1994,H70<1998),VLOOKUP(I70,Feuil1!$G$11:$L$25,5),IF(AND(H70>1997,H70<2000),VLOOKUP(I70,Feuil1!$G$11:$L$25,4),IF(AND(H70>1999,H70<2002),VLOOKUP(I70,Feuil1!$G$11:$L$25,3),VLOOKUP(I70,Feuil1!$G$11:$L$25,2)))))))","v":"C1 50"},80.804607386692552,null," ",{"$f":"T70-HLOOKUP(X70,Feuil1!$C$1:$BL$10,2,FALSE)","v":7},{"$f":"T70-HLOOKUP(X70,Feuil1!$C$1:$BL$10,3,FALSE)","v":-8},{"$f":"T70-HLOOKUP(X70,Feuil1!$C$1:$BL$10,4,FALSE)","v":-18},{"$f":"T70-HLOOKUP(X70,Feuil1!$C$1:$BL$10,5,FALSE)","v":-33},{"$f":"T70-HLOOKUP(X70,Feuil1!$C$1:$BL$10,6,FALSE)","v":-48},{"$f":"T70-HLOOKUP(X70,Feuil1!$C$1:$BL$10,7,FALSE)","v":-63},{"$f":"T70-HLOOKUP(X70,Feuil1!$C$1:$BL$10,8,FALSE)","v":-73},{"$f":"T70-HLOOKUP(X70,Feuil1!$C$1:$BL$10,9,FALSE)","v":-88},{"$f":"T70-HLOOKUP(X70,Feuil1!$C$1:$BL$10,10,FALSE)","v":-953},null,null,null,null,null,null,"DEB "]
["H","NORD","PIC",32,387613,"LOGER","Romain",2000,50,"Villers-Bretonneux KC","F",18,23,-25,23,-20,20,22,22,45,-55,"DEB ",5,{"$f":"IF(I71=\"\",\"\",IF(A71=\"H\",IF(OR(H71=\"SEN\",H71<1995),VLOOKUP(I71,Feuil1!$A$11:$G$29,6),IF(AND(H71>1994,H71<1998),VLOOKUP(I71,Feuil1!$A$11:$G$29,5),IF(AND(H71>1997,H71<2000),VLOOKUP(I71,Feuil1!$A$11:$G$29,4),IF(AND(H71>1999,H71<2002),VLOOKUP(I71,Feuil1!$A$11:$G$29,3),VLOOKUP(I71,Feuil1!$A$11:$G$29,2))))),IF(OR(H71=\"SEN\",H71<1995),VLOOKUP(I71,Feuil1!$G$11:$L$25,6),IF(AND(H71>1994,H71<1998),VLOOKUP(I71,Feuil1!$G$11:$L$25,5),IF(AND(H71>1997,H71<2000),VLOOKUP(I71,Feuil1!$G$11:$L$25,4),IF(AND(H71>1999,H71<2002),VLOOKUP(I71,Feuil1!$G$11:$L$25,3),VLOOKUP(I71,Feuil1!$G$11:$L$25,2)))))))","v":"C1 50"},77.098862614133068,null," ",{"$f":"T71-HLOOKUP(X71,Feuil1!$C$1:$BL$10,2,FALSE)","v":5},{"$f":"T71-HLOOKUP(X71,Feuil1!$C$1:$BL$10,3,FALSE)","v":-10},{"$f":"T71-HLOOKUP(X71,Feuil1!$C$1:$BL$10,4,FALSE)","v":-20},{"$f":"T71-HLOOKUP(X71,Feuil1!$C$1:$BL$10,5,FALSE)","v":-35},{"$f":"T71-HLOOKUP(X71,Feuil1!$C$1:$BL$10,6,FALSE)","v":-50},{"$f":"T71-HLOOKUP(X71,Feuil1!$C$1:$BL$10,7,FALSE)","v":-65},{"$f":"T71-HLOOKUP(X71,Feuil1!$C$1:$BL$10,8,FALSE)","v":-75},{"$f":"T71-HLOOKUP(X71,Feuil1!$C$1:$BL$10,9,FALSE)","v":-90},{"$f":"T71-HLOOKUP(X71,Feuil1!$C$1:$BL$10,10,FALSE)","v":-955},null,null,null,null,null,null,"DEB "]
[null,null,null,null,null,null,null,null,null,null,null,null,null,null,null,null,null,null,null,null,null,null,null,null,null,null," ",{"$f":"T72-HLOOKUP(X72,[1]Feuil1!$C$1:$BL$10,2,FALSE)","v":{"$error":"#N/A"}},{"$f":"T72-HLOOKUP(X72,[1]Feuil1!$C$1:$BL$10,3,FALSE)","v":{"$error":"#N/A"}},{"$f":"T72-HLOOKUP(X72,[1]Feuil1!$C$1:$BL$10,4,FALSE)","v":{"$error":"#N/A"}},{"$f":"T72-HLOOKUP(X72,[1]Feuil1!$C$1:$BL$10,5,FALSE)","v":{"$error":"#N/A"}},{"$f":"T72-HLOOKUP(X72,[1]Feuil1!$C$1:$BL$10,6,FALSE)","v":{"$error":"#N/A"}},{"$f":"T72-HLOOKUP(X72,[1]Feuil1!$C$1:$BL$10,7,FALSE)","v":{"$error":"#N/A"}},{"$f":"T72-HLOOKUP(X72,[1]Feuil1!$C$1:$BL$10,8,FALSE)","v":{"$error":"#N/A"}},{"$f":"T72-HLOOKUP(X72,[1]Feuil1!$C$1:$BL$10,9,FALSE)","v":{"$error":"#N/A"}},{"$f":"T72-HLOOKUP(X72,[1]Feuil1!$C$1:$BL$10,10,FALSE)","v":{"$error":"#N/A"}},null,null,null,null,null,null,{"$f":"IF(AJ72>=0,$AJ$4,IF(AI72>=0,$AI$4,IF(AH72>=0,$AH$4,IF(AG72>=0,$AG$4,IF(AF72>=0,$AF$4,IF(AE72>=0,$AE$4,IF(AD72>=0,$AD$4,IF(AC72>=0,$AC$4,$AB$4))))))))","v":{"$error":"#N/A"}}]
["H","SEST","LAN ",1,312387,"SERGENT","Enzo",2001,54.52,"Clermont Sports","F",67,70,73,{"$f":"IF(H73=\"\",\"\",IF(MAXA(L73:N73)<=0,0,MAXA(L73:N73)))","v":73},92,97,102,{"$f":"IF(H73=\"\",\"\",IF(MAXA(P73:R73)<=0,0,MAXA(P73:R73)))","v":102},{"$f":"IF(H73=\"\",\"\",IF(OR(O73=0,S73=0),0,O73+S73))","v":175},{"$f":"T73-I73*2","v":65.959999999999994},{"$f":"IF(H73=\"\",\"\",AQ73)","v":"INTA +"},{"$f":"IF(AJ73>=0,AJ73,IF(AI73>=0,AI73,IF(AH73>=0,AH73,IF(AG73>=0,AG73,IF(AF73>=0,AF73,IF(AE73>=0,AE73,IF(AD73>=0,AD73,IF(AC73>=0,AC73,AB73))))))))","v":5},{"$f":"IF(I73=\"\",\"\",IF(A73=\"H\",IF(OR(H73=\"SEN\",H73<1995),VLOOKUP(I73,Feuil1!$A$11:$G$29,6),IF(AND(H73>1994,H73<1998),VLOOKUP(I73,Feuil1!$A$11:$G$29,5),IF(AND(H73>1997,H73<2000),VLOOKUP(I73,Feuil1!$A$11:$G$29,4),IF(AND(H73>1999,H73<2002),VLOOKUP(I73,Feuil1!$A$11:$G$29,3),VLOOKUP(I73,Feuil1!$A$11:$G$29,2))))),IF(OR(H73=\"SEN\",H73<1995),VLOOKUP(I73,Feuil1!$G$11:$L$25,6),IF(AND(H73>1994,H73<1998),VLOOKUP(I73,Feuil1!$G$11:$L$25,5),IF(AND(H73>1997,H73<2000),VLOOKUP(I73,Feuil1!$G$11:$L$25,4),IF(AND(H73>1999,H73<2002),VLOOKUP(I73,Feuil1!$G$11:$L$25,3),VLOOKUP(I73,Feuil1!$G$11:$L$25,2)))))))","v":"C1 56"},{"$f":"IF(I73=\"\",\"\",IF(A73=\"H\",10^(0.794358141*LOG(I73/174.393)^2)*T73,IF(A73=\"F\",10^(0.89726074*LOG(I73/148.026)^2)*T73,\"\")))","v":278.99584384862976},null," ",{"$f":"T73-HLOOKUP(X73,Feuil1!$C$1:$BL$10,2,FALSE)","v":125},{"$f":"T73-HLOOKUP(X73,Feuil1!$C$1:$BL$10,3,FALSE)","v":105},{"$f":"T73-HLOOKUP(X73,Feuil1!$C$1:$BL$10,4,FALSE)","v":90},{"$f":"T73-HLOOKUP(X73,Feuil1!$C$1:$BL$10,5,FALSE)","v":75},{"$f":"T73-HLOOKUP(X73,Feuil1!$C$1:$BL$10,6,FALSE)","v":60},{"$f":"T73-HLOOKUP(X73,Feuil1!$C$1:$BL$10,7,FALSE)","v":45},{"$f":"T73-HLOOKUP(X73,Feuil1!$C$1:$BL$10,8,FALSE)","v":30},{"$f":"T73-HLOOKUP(X73,Feuil1!$C$1:$BL$10,9,FALSE)","v":5},{"$f":"T73-HLOOKUP(X73,Feuil1!$C$1:$BL$10,10,FALSE)","v":-825},null,null,null,null,null,null,{"$f":"IF(AJ73>=0,$AJ$4,IF(AI73>=0,$AI$4,IF(AH73>=0,$AH$4,IF(AG73>=0,$AG$4,IF(AF73>=0,$AF$4,IF(AE73>=0,$AE$4,IF(AD73>=0,$AD$4,IF(AC73>=0,$AC$4,$AB$4))))))))","v":"INTA +"}]
["H","NORD","NPC",2,335809,"FOURNIER","Louis",2000,55.8,"C.A.ROSENDAEL","F",60,64,-66,64,78,83,87,87,151,39.400000000000006,"INTB +",6,{"$f":"IF(I74=\"\",\"\",IF(A74=\"H\",IF(OR(H74=\"SEN\",H74<1995),VLOOKUP(I74,Feuil1!$A$11:$G$29,6),IF(AND(H74>1994,H74<1998),VLOOKUP(I74,Feuil1!$A$11:$G$29,5),IF(AND(H74>1997,H74<2000),VLOOKUP(I74,Feuil1!$A$11:$G$29,4),IF(AND(H74>1999,H74<2002),VLOOKUP(I74,Feuil1!$A$11:$G$29,3),VLOOKUP(I74,Feuil1!$A$11:$G$29,2))))),IF(OR(H74=\"SEN\",H74<1995),VLOOKUP(I74,Feuil1!$G$11:$L$25,6),IF(AND(H74>1994,H74<1998),VLOOKUP(I74,Feuil1!$G$11:$L$25,5),IF(AND(H74>1997,H74<2000),VLOOKUP(I74,Feuil1!$G$11:$L$25,4),IF(AND(H74>1999,H74<2002),VLOOKUP(I74,Feuil1!$G$11:$L$25,3),VLOOKUP(I74,Feuil1!$G$11:$L$25,2)))))))","v":"C1 56"},236.33708135101193,null," ",{"$f":"T74-HLOOKUP(X74,Feuil1!$C$1:$BL$10,2,FALSE)","v":101},{"$f":"T74-HLOOKUP(X74,Feuil1!$C$1:$BL$10,3,FALSE)","v":81},{"$f":"T74-HLOOKUP(X74,Feuil1!$C$1:$BL$10,4,FALSE)","v":66},{"$f":"T74-HLOOKUP(X74,Feuil1!$C$1:$BL$10,5,FALSE)","v":51},{"$f":"T74-HLOOKUP(X74,Feuil1!$C$1:$BL$10,6,FALSE)","v":36},{"$f":"T74-HLOOKUP(X74,Feuil1!$C$1:$BL$10,7,FALSE)","v":21},{"$f":"T74-HLOOKUP(X74,Feuil1!$C$1:$BL$10,8,FALSE)","v":6},{"$f":"T74-HLOOKUP(X74,Feuil1!$C$1:$BL$10,9,FALSE)","v":-19},{"$f":"T74-HLOOKUP(X74,Feuil1!$C$1:$BL$10,10,FALSE)","v":-849},null,null,null,null,null,null,"INTB +"]
["H","NORD","NPC",3,248932,"BUYSSCHAERT","Eliott",2000,55,"CHCD COMINES","F",65,67,-68,67,75,78,82,82,149,39,"INTB +",4,{"$f":"IF(I75=\"\",\"\",IF(A75=\"H\",IF(OR(H75=\"SEN\",H75<1995),VLOOKUP(I75,Feuil1!$A$11:$G$29,6),IF(AND(H75>1994,H75<1998),VLOOKUP(I75,Feuil1!$A$11:$G$29,5),IF(AND(H75>1997,H75<2000),VLOOKUP(I75,Feuil1!$A$11:$G$29,4),IF(AND(H75>1999,H75<2002),VLOOKUP(I75,Feuil1!$A$11:$G$29,3),VLOOKUP(I75,Feuil1!$A$11:$G$29,2))))),IF(OR(H75=\"SEN\",H75<1995),VLOOKUP(I75,Feuil1!$G$11:$L$25,6),IF(AND(H75>1994,H75<1998),VLOOKUP(I75,Feuil1!$G$11:$L$25,5),IF(AND(H75>1997,H75<2000),VLOOKUP(I75,Feuil1!$G$11:$L$25,4),IF(AND(H75>1999,H75<2002),VLOOKUP(I75,Feuil1!$G$11:$L$25,3),VLOOKUP(I75,Feuil1!$G$11:$L$25,2)))))))","v":"C1 56"},235.88666550162367,null," ",{"$f":"T75-HLOOKUP(X75,Feuil1!$C$1:$BL$10,2,FALSE)","v":99},{"$f":"T75-HLOOKUP(X75,Feuil1!$C$1:$BL$10,3,FALSE)","v":79},{"$f":"T75-HLOOKUP(X75,Feuil1!$C$1:$BL$10,4,FALSE)","v":64},{"$f":"T75-HLOOKUP(X75,Feuil1!$C$1:$BL$10,5,FALSE)","v":49},{"$f":"T75-HLOOKUP(X75,Feuil1!$C$1:$BL$10,6,FALSE)","v":34},{"$f":"T75-HLOOKUP(X75,Feuil1!$C$1:$BL$10,7,FALSE)","v":19},{"$f":"T75-HLOOKUP(X75,Feuil1!$C$1:$BL$10,8,FALSE)","v":4},{"$f":"T75-HLOOKUP(X75,Feuil1!$C$1:$BL$10,9,FALSE)","v":-21},{"$f":"T75-HLOOKUP(X75,Feuil1!$C$1:$BL$10,10,FALSE)","v":-851},null,null,null,null,null,null,"INTB +"]
["H","CO","BRE",4,324558,"LERUYET","Téo",2000,55.46,"CA Lorient","F",63,66,68,68,73,76,79,79,147,36.08,"INTB +",2,{"$f":"IF(I76=\"\",\"\",IF(A76=\"H\",IF(OR(H76=\"SEN\",H76<1995),VLOOKUP(I76,Feuil1!$A$11:$G$29,6),IF(AND(H76>1994,H76<1998),VLOOKUP(I76,Feuil1!$A$11:$G$29,5),IF(AND(H76>1997,H76<2000),VLOOKUP(I76,Feuil1!$A$11:$G$29,4),IF(AND(H76>1999,H76<2002),VLOOKUP(I76,Feuil1!$A$11:$G$29,3),VLOOKUP(I76,Feuil1!$A$11:$G$29,2))))),IF(OR(H76=\"SEN\",H76<1995),VLOOKUP(I76,Feuil1!$G$11:$L$25,6),IF(AND(H76>1994,H76<1998),VLOOKUP(I76,Feuil1!$G$11:$L$25,5),IF(AND(H76>1997,H76<2000),VLOOKUP(I76,Feuil1!$G$11:$L$25,4),IF(AND(H76>1999,H76<2002),VLOOKUP(I76,Feuil1!$G$11:$L$25,3),VLOOKUP(I76,Feuil1!$G$11:$L$25,2)))))))","v":"C1 56"},231.18774837512018,null," ",{"$f":"T76-HLOOKUP(X76,Feuil1!$C$1:$BL$10,2,FALSE)","v":97},{"$f":"T76-HLOOKUP(X76,Feuil1!$C$1:$BL$10,3,FALSE)","v":77},{"$f":"T76-HLOOKUP(X76,Feuil1!$C$1:$BL$10,4,FALSE)","v":62},{"$f":"T76-HLOOKUP(X76,Feuil1!$C$1:$BL$10,5,FALSE)","v":47},{"$f":"T76-HLOOKUP(X76,Feuil1!$C$1:$BL$10,6,FALSE)","v":32},{"$f":"T76-HLOOKUP(X76,Feuil1!$C$1:$BL$10,7,FALSE)","v":17},{"$f":"T76-HLOOKUP(X76,Feuil1!$C$1:$BL$10,8,FALSE)","v":2},{"$f":"T76-HLOOKUP(X76,Feuil1!$C$1:$BL$10,9,FALSE)","v":-23},{"$f":"T76-HLOOKUP(X76,Feuil1!$C$1:$BL$10,10,FALSE)","v":-853},null,null,null,null,null,null,"INTB +"]
["H","NORD","NPC",5,311192,"JURKOWSKI","Alexis",2000,55.72,"A.O.SALLAUMINES","F",60,-63,-63,60,79,84,86,86,146,34.56,"INTB +",1,{"$f":"IF(I77=\"\",\"\",IF(A77=\"H\",IF(OR(H77=\"SEN\",H77<1995),VLOOKUP(I77,Feuil1!$A$11:$G$29,6),IF(AND(H77>1994,H77<1998),VLOOKUP(I77,Feuil1!$A$11:$G$29,5),IF(AND(H77>1997,H77<2000),VLOOKUP(I77,Feuil1!$A$11:$G$29,4),IF(AND(H77>1999,H77<2002),VLOOKUP(I77,Feuil1!$A$11:$G$29,3),VLOOKUP(I77,Feuil1!$A$11:$G$29,2))))),IF(OR(H77=\"SEN\",H77<1995),VLOOKUP(I77,Feuil1!$G$11:$L$25,6),IF(AND(H77>1994,H77<1998),VLOOKUP(I77,Feuil1!$G$11:$L$25,5),IF(AND(H77>1997,H77<2000),VLOOKUP(I77,Feuil1!$G$11:$L$25,4),IF(AND(H77>1999,H77<2002),VLOOKUP(I77,Feuil1!$G$11:$L$25,3),VLOOKUP(I77,Feuil1!$G$11:$L$25,2)))))))","v":"C1 56"},228.76942925528857,null," ",{"$f":"T77-HLOOKUP(X77,Feuil1!$C$1:$BL$10,2,FALSE)","v":96},{"$f":"T77-HLOOKUP(X77,Feuil1!$C$1:$BL$10,3,FALSE)","v":76},{"$f":"T77-HLOOKUP(X77,Feuil1!$C$1:$BL$10,4,FALSE)","v":61},{"$f":"T77-HLOOKUP(X77,Feuil1!$C$1:$BL$10,5,FALSE)","v":46},{"$f":"T77-HLOOKUP(X77,Feuil1!$C$1:$BL$10,6,FALSE)","v":31},{"$f":"T77-HLOOKUP(X77,Feuil1!$C$1:$BL$10,7,FALSE)","v":16},{"$f":"T77-HLOOKUP(X77,Feuil1!$C$1:$BL$10,8,FALSE)","v":1},{"$f":"T77-HLOOKUP(X77,Feuil1!$C$1:$BL$10,9,FALSE)","v":-24},{"$f":"T77-HLOOKUP(X77,Feuil1!$C$1:$BL$10,10,FALSE)","v":-854},null,null,null,null,null,null,"INTB +"]
["H","NORD","NPC",6,279998,"RIQUIER","Jérémy",2000,50.23,"CHCD COMINES","F",55,-60,60,60,70,75,78,78,138,37.540000000000006,"NAT +",8,{"$f":"IF(I78=\"\",\"\",IF(A78=\"H\",IF(OR(H78=\"SEN\",H78<1995),VLOOKUP(I78,Feuil1!$A$11:$G$29,6),IF(AND(H78>1994,H78<1998),VLOOKUP(I78,Feuil1!$A$11:$G$29,5),IF(AND(H78>1997,H78<2000),VLOOKUP(I78,Feuil1!$A$11:$G$29,4),IF(AND(H78>1999,H78<2002),VLOOKUP(I78,Feuil1!$A$11:$G$29,3),VLOOKUP(I78,Feuil1!$A$11:$G$29,2))))),IF(OR(H78=\"SEN\",H78<1995),VLOOKUP(I78,Feuil1!$G$11:$L$25,6),IF(AND(H78>1994,H78<1998),VLOOKUP(I78,Feuil1!$G$11:$L$25,5),IF(AND(H78>1997,H78<2000),VLOOKUP(I78,Feuil1!$G$11:$L$25,4),IF(AND(H78>1999,H78<2002),VLOOKUP(I78,Feuil1!$G$11:$L$25,3),VLOOKUP(I78,Feuil1!$G$11:$L$25,2)))))))","v":"C1 56"},235.50473255417651,null," ",{"$f":"T78-HLOOKUP(X78,Feuil1!$C$1:$BL$10,2,FALSE)","v":88},{"$f":"T78-HLOOKUP(X78,Feuil1!$C$1:$BL$10,3,FALSE)","v":68},{"$f":"T78-HLOOKUP(X78,Feuil1!$C$1:$BL$10,4,FALSE)","v":53},{"$f":"T78-HLOOKUP(X78,Feuil1!$C$1:$BL$10,5,FALSE)","v":38},{"$f":"T78-HLOOKUP(X78,Feuil1!$C$1:$BL$10,6,FALSE)","v":23},{"$f":"T78-HLOOKUP(X78,Feuil1!$C$1:$BL$10,7,FALSE)","v":8},{"$f":"T78-HLOOKUP(X78,Feuil1!$C$1:$BL$10,8,FALSE)","v":-7},{"$f":"T78-HLOOKUP(X78,Feuil1!$C$1:$BL$10,9,FALSE)","v":-32},{"$f":"T78-HLOOKUP(X78,Feuil1!$C$1:$BL$10,10,FALSE)","v":-862},null,null,null,null,null,null,"NAT +"]
["H","CO","PDL",7,368728,"MELLIER","Romain",2000,55.5,"CA EVRON 53","F",57,60,62,62,68,71,75,75,137,26,"NAT +",7,{"$f":"IF(I79=\"\",\"\",IF(A79=\"H\",IF(OR(H79=\"SEN\",H79<1995),VLOOKUP(I79,Feuil1!$A$11:$G$29,6),IF(AND(H79>1994,H79<1998),VLOOKUP(I79,Feuil1!$A$11:$G$29,5),IF(AND(H79>1997,H79<2000),VLOOKUP(I79,Feuil1!$A$11:$G$29,4),IF(AND(H79>1999,H79<2002),VLOOKUP(I79,Feuil1!$A$11:$G$29,3),VLOOKUP(I79,Feuil1!$A$11:$G$29,2))))),IF(OR(H79=\"SEN\",H79<1995),VLOOKUP(I79,Feuil1!$G$11:$L$25,6),IF(AND(H79>1994,H79<1998),VLOOKUP(I79,Feuil1!$G$11:$L$25,5),IF(AND(H79>1997,H79<2000),VLOOKUP(I79,Feuil1!$G$11:$L$25,4),IF(AND(H79>1999,H79<2002),VLOOKUP(I79,Feuil1!$G$11:$L$25,3),VLOOKUP(I79,Feuil1!$G$11:$L$25,2)))))))","v":"C1 56"},215.3379711607314,null," ",{"$f":"T79-HLOOKUP(X79,Feuil1!$C$1:$BL$10,2,FALSE)","v":87},{"$f":"T79-HLOOKUP(X79,Feuil1!$C$1:$BL$10,3,FALSE)","v":67},{"$f":"T79-HLOOKUP(X79,Feuil1!$C$1:$BL$10,4,FALSE)","v":52},{"$f":"T79-HLOOKUP(X79,Feuil1!$C$1:$BL$10,5,FALSE)","v":37},{"$f":"T79-HLOOKUP(X79,Feuil1!$C$1:$BL$10,6,FALSE)","v":22},{"$f":"T79-HLOOKUP(X79,Feuil1!$C$1:$BL$10,7,FALSE)","v":7},{"$f":"T79-HLOOKUP(X79,Feuil1!$C$1:$BL$10,8,FALSE)","v":-8},{"$f":"T79-HLOOKUP(X79,Feuil1!$C$1:$BL$10,9,FALSE)","v":-33},{"$f":"T79-HLOOKUP(X79,Feuil1!$C$1:$BL$10,10,FALSE)","v":-863},null,null,null,null,null,null,"NAT +"]
["H","SEST","RAL",8,373868,"MATHUREL","Allan",2000,55.8,"H.C. ST BALDOPH","F",55,57,59,59,72,74,76,76,135,23.400000000000006,"NAT +",5,{"$f":"IF(I80=\"\",\"\",IF(A80=\"H\",IF(OR(H80=\"SEN\",H80<1995),VLOOKUP(I80,Feuil1!$A$11:$G$29,6),IF(AND(H80>1994,H80<1998),VLOOKUP(I80,Feuil1!$A$11:$G$29,5),IF(AND(H80>1997,H80<2000),VLOOKUP(I80,Feuil1!$A$11:$G$29,4),IF(AND(H80>1999,H80<2002),VLOOKUP(I80,Feuil1!$A$11:$G$29,3),VLOOKUP(I80,Feuil1!$A$11:$G$29,2))))),IF(OR(H80=\"SEN\",H80<1995),VLOOKUP(I80,Feuil1!$G$11:$L$25,6),IF(AND(H80>1994,H80<1998),VLOOKUP(I80,Feuil1!$G$11:$L$25,5),IF(AND(H80>1997,H80<2000),VLOOKUP(I80,Feuil1!$G$11:$L$25,4),IF(AND(H80>1999,H80<2002),VLOOKUP(I80,Feuil1!$G$11:$L$25,3),VLOOKUP(I80,Feuil1!$G$11:$L$25,2)))))))","v":"C1 56"},211.29474160520934,null," ",{"$f":"T80-HLOOKUP(X80,Feuil1!$C$1:$BL$10,2,FALSE)","v":85},{"$f":"T80-HLOOKUP(X80,Feuil1!$C$1:$BL$10,3,FALSE)","v":65},{"$f":"T80-HLOOKUP(X80,Feuil1!$C$1:$BL$10,4,FALSE)","v":50},{"$f":"T80-HLOOKUP(X80,Feuil1!$C$1:$BL$10,5,FALSE)","v":35},{"$f":"T80-HLOOKUP(X80,Feuil1!$C$1:$BL$10,6,FALSE)","v":20},{"$f":"T80-HLOOKUP(X80,Feuil1!$C$1:$BL$10,7,FALSE)","v":5},{"$f":"T80-HLOOKUP(X80,Feuil1!$C$1:$BL$10,8,FALSE)","v":-10},{"$f":"T80-HLOOKUP(X80,Feuil1!$C$1:$BL$10,9,FALSE)","v":-35},{"$f":"T80-HLOOKUP(X80,Feuil1!$C$1:$BL$10,10,FALSE)","v":-865},null,null,null,null,null,null,"NAT +"]
["H","N","IDF",9,368725,"CISSOKO","CHRISTOPHER",2000,55.82,"SAINT-MAUR","F",-59,-59,59,59,71,76,-78,76,135,23.36,"NAT +",5,{"$f":"IF(I81=\"\",\"\",IF(A81=\"H\",IF(OR(H81=\"SEN\",H81<1995),VLOOKUP(I81,Feuil1!$A$11:$G$29,6),IF(AND(H81>1994,H81<1998),VLOOKUP(I81,Feuil1!$A$11:$G$29,5),IF(AND(H81>1997,H81<2000),VLOOKUP(I81,Feuil1!$A$11:$G$29,4),IF(AND(H81>1999,H81<2002),VLOOKUP(I81,Feuil1!$A$11:$G$29,3),VLOOKUP(I81,Feuil1!$A$11:$G$29,2))))),IF(OR(H81=\"SEN\",H81<1995),VLOOKUP(I81,Feuil1!$G$11:$L$25,6),IF(AND(H81>1994,H81<1998),VLOOKUP(I81,Feuil1!$G$11:$L$25,5),IF(AND(H81>1997,H81<2000),VLOOKUP(I81,Feuil1!$G$11:$L$25,4),IF(AND(H81>1999,H81<2002),VLOOKUP(I81,Feuil1!$G$11:$L$25,3),VLOOKUP(I81,Feuil1!$G$11:$L$25,2)))))))","v":"C1 56"},211.23522522873324,null," ",{"$f":"T81-HLOOKUP(X81,Feuil1!$C$1:$BL$10,2,FALSE)","v":85},{"$f":"T81-HLOOKUP(X81,Feuil1!$C$1:$BL$10,3,FALSE)","v":65},{"$f":"T81-HLOOKUP(X81,Feuil1!$C$1:$BL$10,4,FALSE)","v":50},{"$f":"T81-HLOOKUP(X81,Feuil1!$C$1:$BL$10,5,FALSE)","v":35},{"$f":"T81-HLOOKUP(X81,Feuil1!$C$1:$BL$10,6,FALSE)","v":20},{"$f":"T81-HLOOKUP(X81,Feuil1!$C$1:$BL$10,7,FALSE)","v":5},{"$f":"T81-HLOOKUP(X81,Feuil1!$C$1:$BL$10,8,FALSE)","v":-10},{"$f":"T81-HLOOKUP(X81,Feuil1!$C$1:$BL$10,9,FALSE)","v":-35},{"$f":"T81-HLOOKUP(X81,Feuil1!$C$1:$BL$10,10,FALSE)","v":-865},null,null,null,null,null,null,"NAT +"]
["H","NE","CHA",10,366016,"MIGEON ","Arthur",2000,54.06,"Reims HM","F",56,60,63,63,67,-72,-72,67,130,21.879999999999995,"NAT +",0,{"$f":"IF(I82=\"\",\"\",IF(A82=\"H\",IF(OR(H82=\"SEN\",H82<1995),VLOOKUP(I82,Feuil1!$A$11:$G$29,6),IF(AND(H82>1994,H82<1998),VLOOKUP(I82,Feuil1!$A$11:$G$29,5),IF(AND(H82>1997,H82<2000),VLOOKUP(I82,Feuil1!$A$11:$G$29,4),IF(AND(H82>1999,H82<2002),VLOOKUP(I82,Feuil1!$A$11:$G$29,3),VLOOKUP(I82,Feuil1!$A$11:$G$29,2))))),IF(OR(H82=\"SEN\",H82<1995),VLOOKUP(I82,Feuil1!$G$11:$L$25,6),IF(AND(H82>1994,H82<1998),VLOOKUP(I82,Feuil1!$G$11:$L$25,5),IF(AND(H82>1997,H82<2000),VLOOKUP(I82,Feuil1!$G$11:$L$25,4),IF(AND(H82>1999,H82<2002),VLOOKUP(I82,Feuil1!$G$11:$L$25,3),VLOOKUP(I82,Feuil1!$G$11:$L$25,2)))))))","v":"C1 56"},208.67285192617439,null," ",{"$f":"T82-HLOOKUP(X82,Feuil1!$C$1:$BL$10,2,FALSE)","v":80},{"$f":"T82-HLOOKUP(X82,Feuil1!$C$1:$BL$10,3,FALSE)","v":60},{"$f":"T82-HLOOKUP(X82,Feuil1!$C$1:$BL$10,4,FALSE)","v":45},{"$f":"T82-HLOOKUP(X82,Feuil1!$C$1:$BL$10,5,FALSE)","v":30},{"$f":"T82-HLOOKUP(X82,Feuil1!$C$1:$BL$10,6,FALSE)","v":15},{"$f":"T82-HLOOKUP(X82,Feuil1!$C$1:$BL$10,7,FALSE)","v":0},{"$f":"T82-HLOOKUP(X82,Feuil1!$C$1:$BL$10,8,FALSE)","v":-15},{"$f":"T82-HLOOKUP(X82,Feuil1!$C$1:$BL$10,9,FALSE)","v":-40},{"$f":"T82-HLOOKUP(X82,Feuil1!$C$1:$BL$10,10,FALSE)","v":-870},null,null,null,null,null,null,"NAT +"]
["H","NE","ALS",11,351862,"EHRHARDT","GAUTHIER",2001,54.7,"SHC Haguenau","F",54,57,-59,57,-67,68,73,73,130,20.599999999999994,"NAT +",0,{"$f":"IF(I83=\"\",\"\",IF(A83=\"H\",IF(OR(H83=\"SEN\",H83<1995),VLOOKUP(I83,Feuil1!$A$11:$G$29,6),IF(AND(H83>1994,H83<1998),VLOOKUP(I83,Feuil1!$A$11:$G$29,5),IF(AND(H83>1997,H83<2000),VLOOKUP(I83,Feuil1!$A$11:$G$29,4),IF(AND(H83>1999,H83<2002),VLOOKUP(I83,Feuil1!$A$11:$G$29,3),VLOOKUP(I83,Feuil1!$A$11:$G$29,2))))),IF(OR(H83=\"SEN\",H83<1995),VLOOKUP(I83,Feuil1!$G$11:$L$25,6),IF(AND(H83>1994,H83<1998),VLOOKUP(I83,Feuil1!$G$11:$L$25,5),IF(AND(H83>1997,H83<2000),VLOOKUP(I83,Feuil1!$G$11:$L$25,4),IF(AND(H83>1999,H83<2002),VLOOKUP(I83,Feuil1!$G$11:$L$25,3),VLOOKUP(I83,Feuil1!$G$11:$L$25,2)))))))","v":"C1 56"},206.70750634671012,null," ",{"$f":"T83-HLOOKUP(X83,Feuil1!$C$1:$BL$10,2,FALSE)","v":80},{"$f":"T83-HLOOKUP(X83,Feuil1!$C$1:$BL$10,3,FALSE)","v":60},{"$f":"T83-HLOOKUP(X83,Feuil1!$C$1:$BL$10,4,FALSE)","v":45},{"$f":"T83-HLOOKUP(X83,Feuil1!$C$1:$BL$10,5,FALSE)","v":30},{"$f":"T83-HLOOKUP(X83,Feuil1!$C$1:$BL$10,6,FALSE)","v":15},{"$f":"T83-HLOOKUP(X83,Feuil1!$C$1:$BL$10,7,FALSE)","v":0},{"$f":"T83-HLOOKUP(X83,Feuil1!$C$1:$BL$10,8,FALSE)","v":-15},{"$f":"T83-HLOOKUP(X83,Feuil1!$C$1:$BL$10,9,FALSE)","v":-40},{"$f":"T83-HLOOKUP(X83,Feuil1!$C$1:$BL$10,10,FALSE)","v":-870},null,null,null,null,null,null,"NAT +"]
["H","SEST","PRO",12,369617,"GIRARD","Maxime",2001,55.6,"ISTRES SPORTS",null,-50,50,-55,50,65,70,-75,70,120,8.7999999999999972,"FED +",5,{"$f":"IF(I84=\"\",\"\",IF(A84=\"H\",IF(OR(H84=\"SEN\",H84<1995),VLOOKUP(I84,Feuil1!$A$11:$G$29,6),IF(AND(H84>1994,H84<1998),VLOOKUP(I84,Feuil1!$A$11:$G$29,5),IF(AND(H84>1997,H84<2000),VLOOKUP(I84,Feuil1!$A$11:$G$29,4),IF(AND(H84>1999,H84<2002),VLOOKUP(I84,Feuil1!$A$11:$G$29,3),VLOOKUP(I84,Feuil1!$A$11:$G$29,2))))),IF(OR(H84=\"SEN\",H84<1995),VLOOKUP(I84,Feuil1!$G$11:$L$25,6),IF(AND(H84>1994,H84<1998),VLOOKUP(I84,Feuil1!$G$11:$L$25,5),IF(AND(H84>1997,H84<2000),VLOOKUP(I84,Feuil1!$G$11:$L$25,4),IF(AND(H84>1999,H84<2002),VLOOKUP(I84,Feuil1!$G$11:$L$25,3),VLOOKUP(I84,Feuil1!$G$11:$L$25,2)))))))","v":"C1 56"},188.34937285598335,null," ",{"$f":"T84-HLOOKUP(X84,Feuil1!$C$1:$BL$10,2,FALSE)","v":70},{"$f":"T84-HLOOKUP(X84,Feuil1!$C$1:$BL$10,3,FALSE)","v":50},{"$f":"T84-HLOOKUP(X84,Feuil1!$C$1:$BL$10,4,FALSE)","v":35},{"$f":"T84-HLOOKUP(X84,Feuil1!$C$1:$BL$10,5,FALSE)","v":20},{"$f":"T84-HLOOKUP(X84,Feuil1!$C$1:$BL$10,6,FALSE)","v":5},{"$f":"T84-HLOOKUP(X84,Feuil1!$C$1:$BL$10,7,FALSE)","v":-10},{"$f":"T84-HLOOKUP(X84,Feuil1!$C$1:$BL$10,8,FALSE)","v":-25},{"$f":"T84-HLOOKUP(X84,Feuil1!$C$1:$BL$10,9,FALSE)","v":-50},{"$f":"T84-HLOOKUP(X84,Feuil1!$C$1:$BL$10,10,FALSE)","v":-880},null,null,null,null,null,null,"FED +"]
["H","NORD","NPC",13,248951,"KEMPENAIRE","Cédric",2001,55.21,"CHCD COMINES","F",50,-53,-53,50,65,69,-70,69,119,8.5799999999999983,"FED +",4,{"$f":"IF(I85=\"\",\"\",IF(A85=\"H\",IF(OR(H85=\"SEN\",H85<1995),VLOOKUP(I85,Feuil1!$A$11:$G$29,6),IF(AND(H85>1994,H85<1998),VLOOKUP(I85,Feuil1!$A$11:$G$29,5),IF(AND(H85>1997,H85<2000),VLOOKUP(I85,Feuil1!$A$11:$G$29,4),IF(AND(H85>1999,H85<2002),VLOOKUP(I85,Feuil1!$A$11:$G$29,3),VLOOKUP(I85,Feuil1!$A$11:$G$29,2))))),IF(OR(H85=\"SEN\",H85<1995),VLOOKUP(I85,Feuil1!$G$11:$L$25,6),IF(AND(H85>1994,H85<1998),VLOOKUP(I85,Feuil1!$G$11:$L$25,5),IF(AND(H85>1997,H85<2000),VLOOKUP(I85,Feuil1!$G$11:$L$25,4),IF(AND(H85>1999,H85<2002),VLOOKUP(I85,Feuil1!$G$11:$L$25,3),VLOOKUP(I85,Feuil1!$G$11:$L$25,2)))))))","v":"C1 56"},187.82287533592054,null," ",{"$f":"T85-HLOOKUP(X85,Feuil1!$C$1:$BL$10,2,FALSE)","v":69},{"$f":"T85-HLOOKUP(X85,Feuil1!$C$1:$BL$10,3,FALSE)","v":49},{"$f":"T85-HLOOKUP(X85,Feuil1!$C$1:$BL$10,4,FALSE)","v":34},{"$f":"T85-HLOOKUP(X85,Feuil1!$C$1:$BL$10,5,FALSE)","v":19},{"$f":"T85-HLOOKUP(X85,Feuil1!$C$1:$BL$10,6,FALSE)","v":4},{"$f":"T85-HLOOKUP(X85,Feuil1!$C$1:$BL$10,7,FALSE)","v":-11},{"$f":"T85-HLOOKUP(X85,Feuil1!$C$1:$BL$10,8,FALSE)","v":-26},{"$f":"T85-HLOOKUP(X85,Feuil1!$C$1:$BL$10,9,FALSE)","v":-51},{"$f":"T85-HLOOKUP(X85,Feuil1!$C$1:$BL$10,10,FALSE)","v":-881},null,null,null,null,null,null,"FED +"]
["H","CO","BRE",14,344078,"COQUET","Robin",2001,54.9,"CHM Plouhinec PR","F",51,-53,-53,51,64,67,-70,67,118,8.2000000000000028,"FED +",3,{"$f":"IF(I86=\"\",\"\",IF(A86=\"H\",IF(OR(H86=\"SEN\",H86<1995),VLOOKUP(I86,Feuil1!$A$11:$G$29,6),IF(AND(H86>1994,H86<1998),VLOOKUP(I86,Feuil1!$A$11:$G$29,5),IF(AND(H86>1997,H86<2000),VLOOKUP(I86,Feuil1!$A$11:$G$29,4),IF(AND(H86>1999,H86<2002),VLOOKUP(I86,Feuil1!$A$11:$G$29,3),VLOOKUP(I86,Feuil1!$A$11:$G$29,2))))),IF(OR(H86=\"SEN\",H86<1995),VLOOKUP(I86,Feuil1!$G$11:$L$25,6),IF(AND(H86>1994,H86<1998),VLOOKUP(I86,Feuil1!$G$11:$L$25,5),IF(AND(H86>1997,H86<2000),VLOOKUP(I86,Feuil1!$G$11:$L$25,4),IF(AND(H86>1999,H86<2002),VLOOKUP(I86,Feuil1!$G$11:$L$25,3),VLOOKUP(I86,Feuil1!$G$11:$L$25,2)))))))","v":"C1 56"},187.08066623676183,null," ",{"$f":"T86-HLOOKUP(X86,Feuil1!$C$1:$BL$10,2,FALSE)","v":68},{"$f":"T86-HLOOKUP(X86,Feuil1!$C$1:$BL$10,3,FALSE)","v":48},{"$f":"T86-HLOOKUP(X86,Feuil1!$C$1:$BL$10,4,FALSE)","v":33},{"$f":"T86-HLOOKUP(X86,Feuil1!$C$1:$BL$10,5,FALSE)","v":18},{"$f":"T86-HLOOKUP(X86,Feuil1!$C$1:$BL$10,6,FALSE)","v":3},{"$f":"T86-HLOOKUP(X86,Feuil1!$C$1:$BL$10,7,FALSE)","v":-12},{"$f":"T86-HLOOKUP(X86,Feuil1!$C$1:$BL$10,8,FALSE)","v":-27},{"$f":"T86-HLOOKUP(X86,Feuil1!$C$1:$BL$10,9,FALSE)","v":-52},{"$f":"T86-HLOOKUP(X86,Feuil1!$C$1:$BL$10,10,FALSE)","v":-882},null,null,null,null,null,null,"FED +"]
["H","SEST","LAN ",15,250549,"PEIGUET","Jérémy",2001,53.1,"Clermont Sports","F",42,46,50,50,55,60,65,65,115,8.7999999999999972,"FED +",0,{"$f":"IF(I87=\"\",\"\",IF(A87=\"H\",IF(OR(H87=\"SEN\",H87<1995),VLOOKUP(I87,Feuil1!$A$11:$G$29,6),IF(AND(H87>1994,H87<1998),VLOOKUP(I87,Feuil1!$A$11:$G$29,5),IF(AND(H87>1997,H87<2000),VLOOKUP(I87,Feuil1!$A$11:$G$29,4),IF(AND(H87>1999,H87<2002),VLOOKUP(I87,Feuil1!$A$11:$G$29,3),VLOOKUP(I87,Feuil1!$A$11:$G$29,2))))),IF(OR(H87=\"SEN\",H87<1995),VLOOKUP(I87,Feuil1!$G$11:$L$25,6),IF(AND(H87>1994,H87<1998),VLOOKUP(I87,Feuil1!$G$11:$L$25,5),IF(AND(H87>1997,H87<2000),VLOOKUP(I87,Feuil1!$G$11:$L$25,4),IF(AND(H87>1999,H87<2002),VLOOKUP(I87,Feuil1!$G$11:$L$25,3),VLOOKUP(I87,Feuil1!$G$11:$L$25,2)))))))","v":"C1 56"},187.3082160247522,null," ",{"$f":"T87-HLOOKUP(X87,Feuil1!$C$1:$BL$10,2,FALSE)","v":65},{"$f":"T87-HLOOKUP(X87,Feuil1!$C$1:$BL$10,3,FALSE)","v":45},{"$f":"T87-HLOOKUP(X87,Feuil1!$C$1:$BL$10,4,FALSE)","v":30},{"$f":"T87-HLOOKUP(X87,Feuil1!$C$1:$BL$10,5,FALSE)","v":15},{"$f":"T87-HLOOKUP(X87,Feuil1!$C$1:$BL$10,6,FALSE)","v":0},{"$f":"T87-HLOOKUP(X87,Feuil1!$C$1:$BL$10,7,FALSE)","v":-15},{"$f":"T87-HLOOKUP(X87,Feuil1!$C$1:$BL$10,8,FALSE)","v":-30},{"$f":"T87-HLOOKUP(X87,Feuil1!$C$1:$BL$10,9,FALSE)","v":-55},{"$f":"T87-HLOOKUP(X87,Feuil1!$C$1:$BL$10,10,FALSE)","v":-885},null,null,null,null,null,null,"FED +"]
["H","SEST","RAL",16,373866,"PETRIS","Thomas",2000,51.1,"H.C. ST BALDOPH","F",42,45,47,47,57,60,62,62,109,6.7999999999999972,"IRG +",9,{"$f":"IF(I88=\"\",\"\",IF(A88=\"H\",IF(OR(H88=\"SEN\",H88<1995),VLOOKUP(I88,Feuil1!$A$11:$G$29,6),IF(AND(H88>1994,H88<1998),VLOOKUP(I88,Feuil1!$A$11:$G$29,5),IF(AND(H88>1997,H88<2000),VLOOKUP(I88,Feuil1!$A$11:$G$29,4),IF(AND(H88>1999,H88<2002),VLOOKUP(I88,Feuil1!$A$11:$G$29,3),VLOOKUP(I88,Feuil1!$A$11:$G$29,2))))),IF(OR(H88=\"SEN\",H88<1995),VLOOKUP(I88,Feuil1!$G$11:$L$25,6),IF(AND(H88>1994,H88<1998),VLOOKUP(I88,Feuil1!$G$11:$L$25,5),IF(AND(H88>1997,H88<2000),VLOOKUP(I88,Feuil1!$G$11:$L$25,4),IF(AND(H88>1999,H88<2002),VLOOKUP(I88,Feuil1!$G$11:$L$25,3),VLOOKUP(I88,Feuil1!$G$11:$L$25,2)))))))","v":"C1 56"},183.31014283645212,null," ",{"$f":"T88-HLOOKUP(X88,Feuil1!$C$1:$BL$10,2,FALSE)","v":59},{"$f":"T88-HLOOKUP(X88,Feuil1!$C$1:$BL$10,3,FALSE)","v":39},{"$f":"T88-HLOOKUP(X88,Feuil1!$C$1:$BL$10,4,FALSE)","v":24},{"$f":"T88-HLOOKUP(X88,Feuil1!$C$1:$BL$10,5,FALSE)","v":9},{"$f":"T88-HLOOKUP(X88,Feuil1!$C$1:$BL$10,6,FALSE)","v":-6},{"$f":"T88-HLOOKUP(X88,Feuil1!$C$1:$BL$10,7,FALSE)","v":-21},{"$f":"T88-HLOOKUP(X88,Feuil1!$C$1:$BL$10,8,FALSE)","v":-36},{"$f":"T88-HLOOKUP(X88,Feuil1!$C$1:$BL$10,9,FALSE)","v":-61},{"$f":"T88-HLOOKUP(X88,Feuil1!$C$1:$BL$10,10,FALSE)","v":-891},null,null,null,null,null,null,"IRG +"]
["H","SEST","PRO",17,316262,"BRESSY","BILAL",2000,55.14,"EEAR MONTEUX",null,43,46,-50,46,60,63,-65,63,109,-1.2800000000000011,"IRG +",9,{"$f":"IF(I89=\"\",\"\",IF(A89=\"H\",IF(OR(H89=\"SEN\",H89<1995),VLOOKUP(I89,Feuil1!$A$11:$G$29,6),IF(AND(H89>1994,H89<1998),VLOOKUP(I89,Feuil1!$A$11:$G$29,5),IF(AND(H89>1997,H89<2000),VLOOKUP(I89,Feuil1!$A$11:$G$29,4),IF(AND(H89>1999,H89<2002),VLOOKUP(I89,Feuil1!$A$11:$G$29,3),VLOOKUP(I89,Feuil1!$A$11:$G$29,2))))),IF(OR(H89=\"SEN\",H89<1995),VLOOKUP(I89,Feuil1!$G$11:$L$25,6),IF(AND(H89>1994,H89<1998),VLOOKUP(I89,Feuil1!$G$11:$L$25,5),IF(AND(H89>1997,H89<2000),VLOOKUP(I89,Feuil1!$G$11:$L$25,4),IF(AND(H89>1999,H89<2002),VLOOKUP(I89,Feuil1!$G$11:$L$25,3),VLOOKUP(I89,Feuil1!$G$11:$L$25,2)))))))","v":"C1 56"},172.21283427419678,null," ",{"$f":"T89-HLOOKUP(X89,Feuil1!$C$1:$BL$10,2,FALSE)","v":59},{"$f":"T89-HLOOKUP(X89,Feuil1!$C$1:$BL$10,3,FALSE)","v":39},{"$f":"T89-HLOOKUP(X89,Feuil1!$C$1:$BL$10,4,FALSE)","v":24},{"$f":"T89-HLOOKUP(X89,Feuil1!$C$1:$BL$10,5,FALSE)","v":9},{"$f":"T89-HLOOKUP(X89,Feuil1!$C$1:$BL$10,6,FALSE)","v":-6},{"$f":"T89-HLOOKUP(X89,Feuil1!$C$1:$BL$10,7,FALSE)","v":-21},{"$f":"T89-HLOOKUP(X89,Feuil1!$C$1:$BL$10,8,FALSE)","v":-36},{"$f":"T89-HLOOKUP(X89,Feuil1!$C$1:$BL$10,9,FALSE)","v":-61},{"$f":"T89-HLOOKUP(X89,Feuil1!$C$1:$BL$10,10,FALSE)","v":-891},null,null,null,null,null,null,"IRG +"]
["H","NORD","NPC",18,383661,"BOULANGER","Christopher",2000,53.8,"A.O.SALLAUMINES","F",42,45,47,47,55,58,61,61,108,0.40000000000000568,"IRG +",8,{"$f":"IF(I90=\"\",\"\",IF(A90=\"H\",IF(OR(H90=\"SEN\",H90<1995),VLOOKUP(I90,Feuil1!$A$11:$G$29,6),IF(AND(H90>1994,H90<1998),VLOOKUP(I90,Feuil1!$A$11:$G$29,5),IF(AND(H90>1997,H90<2000),VLOOKUP(I90,Feuil1!$A$11:$G$29,4),IF(AND(H90>1999,H90<2002),VLOOKUP(I90,Feuil1!$A$11:$G$29,3),VLOOKUP(I90,Feuil1!$A$11:$G$29,2))))),IF(OR(H90=\"SEN\",H90<1995),VLOOKUP(I90,Feuil1!$G$11:$L$25,6),IF(AND(H90>1994,H90<1998),VLOOKUP(I90,Feuil1!$G$11:$L$25,5),IF(AND(H90>1997,H90<2000),VLOOKUP(I90,Feuil1!$G$11:$L$25,4),IF(AND(H90>1999,H90<2002),VLOOKUP(I90,Feuil1!$G$11:$L$25,3),VLOOKUP(I90,Feuil1!$G$11:$L$25,2)))))))","v":"C1 56"},174.03709291233963,null," ",{"$f":"T90-HLOOKUP(X90,Feuil1!$C$1:$BL$10,2,FALSE)","v":58},{"$f":"T90-HLOOKUP(X90,Feuil1!$C$1:$BL$10,3,FALSE)","v":38},{"$f":"T90-HLOOKUP(X90,Feuil1!$C$1:$BL$10,4,FALSE)","v":23},{"$f":"T90-HLOOKUP(X90,Feuil1!$C$1:$BL$10,5,FALSE)","v":8},{"$f":"T90-HLOOKUP(X90,Feuil1!$C$1:$BL$10,6,FALSE)","v":-7},{"$f":"T90-HLOOKUP(X90,Feuil1!$C$1:$BL$10,7,FALSE)","v":-22},{"$f":"T90-HLOOKUP(X90,Feuil1!$C$1:$BL$10,8,FALSE)","v":-37},{"$f":"T90-HLOOKUP(X90,Feuil1!$C$1:$BL$10,9,FALSE)","v":-62},{"$f":"T90-HLOOKUP(X90,Feuil1!$C$1:$BL$10,10,FALSE)","v":-892},null,null,null,null,null,null,"IRG +"]
["H","NORD","NPC",19,359649,"PARANTHOEN","Kévin",2000,52.4,"C.A.ROSENDAEL","F",38,41,44,44,55,-60,60,60,104,-0.79999999999999716,"IRG +",4,{"$f":"IF(I91=\"\",\"\",IF(A91=\"H\",IF(OR(H91=\"SEN\",H91<1995),VLOOKUP(I91,Feuil1!$A$11:$G$29,6),IF(AND(H91>1994,H91<1998),VLOOKUP(I91,Feuil1!$A$11:$G$29,5),IF(AND(H91>1997,H91<2000),VLOOKUP(I91,Feuil1!$A$11:$G$29,4),IF(AND(H91>1999,H91<2002),VLOOKUP(I91,Feuil1!$A$11:$G$29,3),VLOOKUP(I91,Feuil1!$A$11:$G$29,2))))),IF(OR(H91=\"SEN\",H91<1995),VLOOKUP(I91,Feuil1!$G$11:$L$25,6),IF(AND(H91>1994,H91<1998),VLOOKUP(I91,Feuil1!$G$11:$L$25,5),IF(AND(H91>1997,H91<2000),VLOOKUP(I91,Feuil1!$G$11:$L$25,4),IF(AND(H91>1999,H91<2002),VLOOKUP(I91,Feuil1!$G$11:$L$25,3),VLOOKUP(I91,Feuil1!$G$11:$L$25,2)))))))","v":"C1 56"},171.25657720528312,null," ",{"$f":"T91-HLOOKUP(X91,Feuil1!$C$1:$BL$10,2,FALSE)","v":54},{"$f":"T91-HLOOKUP(X91,Feuil1!$C$1:$BL$10,3,FALSE)","v":34},{"$f":"T91-HLOOKUP(X91,Feuil1!$C$1:$BL$10,4,FALSE)","v":19},{"$f":"T91-HLOOKUP(X91,Feuil1!$C$1:$BL$10,5,FALSE)","v":4},{"$f":"T91-HLOOKUP(X91,Feuil1!$C$1:$BL$10,6,FALSE)","v":-11},{"$f":"T91-HLOOKUP(X91,Feuil1!$C$1:$BL$10,7,FALSE)","v":-26},{"$f":"T91-HLOOKUP(X91,Feuil1!$C$1:$BL$10,8,FALSE)","v":-41},{"$f":"T91-HLOOKUP(X91,Feuil1!$C$1:$BL$10,9,FALSE)","v":-66},{"$f":"T91-HLOOKUP(X91,Feuil1!$C$1:$BL$10,10,FALSE)","v":-896},null,null,null,null,null,null,"IRG +"]
["H","N","IDF",20,313237,"TRAN-TRI","HUGO",2000,53,"CHAVILLE","F",40,45,47,47,50,53,57,57,104,-2,"IRG +",4,{"$f":"IF(I92=\"\",\"\",IF(A92=\"H\",IF(OR(H92=\"SEN\",H92<1995),VLOOKUP(I92,Feuil1!$A$11:$G$29,6),IF(AND(H92>1994,H92<1998),VLOOKUP(I92,Feuil1!$A$11:$G$29,5),IF(AND(H92>1997,H92<2000),VLOOKUP(I92,Feuil1!$A$11:$G$29,4),IF(AND(H92>1999,H92<2002),VLOOKUP(I92,Feuil1!$A$11:$G$29,3),VLOOKUP(I92,Feuil1!$A$11:$G$29,2))))),IF(OR(H92=\"SEN\",H92<1995),VLOOKUP(I92,Feuil1!$G$11:$L$25,6),IF(AND(H92>1994,H92<1998),VLOOKUP(I92,Feuil1!$G$11:$L$25,5),IF(AND(H92>1997,H92<2000),VLOOKUP(I92,Feuil1!$G$11:$L$25,4),IF(AND(H92>1999,H92<2002),VLOOKUP(I92,Feuil1!$G$11:$L$25,3),VLOOKUP(I92,Feuil1!$G$11:$L$25,2)))))))","v":"C1 56"},169.65416895965566,null," ",{"$f":"T92-HLOOKUP(X92,Feuil1!$C$1:$BL$10,2,FALSE)","v":54},{"$f":"T92-HLOOKUP(X92,Feuil1!$C$1:$BL$10,3,FALSE)","v":34},{"$f":"T92-HLOOKUP(X92,Feuil1!$C$1:$BL$10,4,FALSE)","v":19},{"$f":"T92-HLOOKUP(X92,Feuil1!$C$1:$BL$10,5,FALSE)","v":4},{"$f":"T92-HLOOKUP(X92,Feuil1!$C$1:$BL$10,6,FALSE)","v":-11},{"$f":"T92-HLOOKUP(X92,Feuil1!$C$1:$BL$10,7,FALSE)","v":-26},{"$f":"T92-HLOOKUP(X92,Feuil1!$C$1:$BL$10,8,FALSE)","v":-41},{"$f":"T92-HLOOKUP(X92,Feuil1!$C$1:$BL$10,9,FALSE)","v":-66},{"$f":"T92-HLOOKUP(X92,Feuil1!$C$1:$BL$10,10,FALSE)","v":-896},null,null,null,null,null,null,"IRG +"]
["H","SEST","RAL",21,358683,"BALME","Nathan",2000,51.4,"Pierrelatte","F",-41,41,44,44,51,-56,56,56,100,-2.7999999999999972,"IRG +",0,{"$f":"IF(I93=\"\",\"\",IF(A93=\"H\",IF(OR(H93=\"SEN\",H93<1995),VLOOKUP(I93,Feuil1!$A$11:$G$29,6),IF(AND(H93>1994,H93<1998),VLOOKUP(I93,Feuil1!$A$11:$G$29,5),IF(AND(H93>1997,H93<2000),VLOOKUP(I93,Feuil1!$A$11:$G$29,4),IF(AND(H93>1999,H93<2002),VLOOKUP(I93,Feuil1!$A$11:$G$29,3),VLOOKUP(I93,Feuil1!$A$11:$G$29,2))))),IF(OR(H93=\"SEN\",H93<1995),VLOOKUP(I93,Feuil1!$G$11:$L$25,6),IF(AND(H93>1994,H93<1998),VLOOKUP(I93,Feuil1!$G$11:$L$25,5),IF(AND(H93>1997,H93<2000),VLOOKUP(I93,Feuil1!$G$11:$L$25,4),IF(AND(H93>1999,H93<2002),VLOOKUP(I93,Feuil1!$G$11:$L$25,3),VLOOKUP(I93,Feuil1!$G$11:$L$25,2)))))))","v":"C1 56"},167.34470687404689,null," ",{"$f":"T93-HLOOKUP(X93,Feuil1!$C$1:$BL$10,2,FALSE)","v":50},{"$f":"T93-HLOOKUP(X93,Feuil1!$C$1:$BL$10,3,FALSE)","v":30},{"$f":"T93-HLOOKUP(X93,Feuil1!$C$1:$BL$10,4,FALSE)","v":15},{"$f":"T93-HLOOKUP(X93,Feuil1!$C$1:$BL$10,5,FALSE)","v":0},{"$f":"T93-HLOOKUP(X93,Feuil1!$C$1:$BL$10,6,FALSE)","v":-15},{"$f":"T93-HLOOKUP(X93,Feuil1!$C$1:$BL$10,7,FALSE)","v":-30},{"$f":"T93-HLOOKUP(X93,Feuil1!$C$1:$BL$10,8,FALSE)","v":-45},{"$f":"T93-HLOOKUP(X93,Feuil1!$C$1:$BL$10,9,FALSE)","v":-70},{"$f":"T93-HLOOKUP(X93,Feuil1!$C$1:$BL$10,10,FALSE)","v":-900},null,null,null,null,null,null,"IRG +"]
["H","SEST","AUV",22,319977,"ALTAYRAC","Thomas",2000,53.1,"CHM AURILLAC",null,40,43,45,45,50,53,55,55,100,-6.2000000000000028,"IRG +",0,{"$f":"IF(I94=\"\",\"\",IF(A94=\"H\",IF(OR(H94=\"SEN\",H94<1995),VLOOKUP(I94,Feuil1!$A$11:$G$29,6),IF(AND(H94>1994,H94<1998),VLOOKUP(I94,Feuil1!$A$11:$G$29,5),IF(AND(H94>1997,H94<2000),VLOOKUP(I94,Feuil1!$A$11:$G$29,4),IF(AND(H94>1999,H94<2002),VLOOKUP(I94,Feuil1!$A$11:$G$29,3),VLOOKUP(I94,Feuil1!$A$11:$G$29,2))))),IF(OR(H94=\"SEN\",H94<1995),VLOOKUP(I94,Feuil1!$G$11:$L$25,6),IF(AND(H94>1994,H94<1998),VLOOKUP(I94,Feuil1!$G$11:$L$25,5),IF(AND(H94>1997,H94<2000),VLOOKUP(I94,Feuil1!$G$11:$L$25,4),IF(AND(H94>1999,H94<2002),VLOOKUP(I94,Feuil1!$G$11:$L$25,3),VLOOKUP(I94,Feuil1!$G$11:$L$25,2)))))))","v":"C1 56"},162.87670958674104,null," ",{"$f":"T94-HLOOKUP(X94,Feuil1!$C$1:$BL$10,2,FALSE)","v":50},{"$f":"T94-HLOOKUP(X94,Feuil1!$C$1:$BL$10,3,FALSE)","v":30},{"$f":"T94-HLOOKUP(X94,Feuil1!$C$1:$BL$10,4,FALSE)","v":15},{"$f":"T94-HLOOKUP(X94,Feuil1!$C$1:$BL$10,5,FALSE)","v":0},{"$f":"T94-HLOOKUP(X94,Feuil1!$C$1:$BL$10,6,FALSE)","v":-15},{"$f":"T94-HLOOKUP(X94,Feuil1!$C$1:$BL$10,7,FALSE)","v":-30},{"$f":"T94-HLOOKUP(X94,Feuil1!$C$1:$BL$10,8,FALSE)","v":-45},{"$f":"T94-HLOOKUP(X94,Feuil1!$C$1:$BL$10,9,FALSE)","v":-70},{"$f":"T94-HLOOKUP(X94,Feuil1!$C$1:$BL$10,10,FALSE)","v":-900},null,null,null,null,null,null,"IRG +"]
["H","SO","MPY",23,325145,"BEN KHELIFA","Alexandre",2000,55.16,"COLOMIERS US","F",40,43,-45,43,50,53,57,57,100,-10.319999999999993,"IRG +",0,{"$f":"IF(I95=\"\",\"\",IF(A95=\"H\",IF(OR(H95=\"SEN\",H95<1995),VLOOKUP(I95,Feuil1!$A$11:$G$29,6),IF(AND(H95>1994,H95<1998),VLOOKUP(I95,Feuil1!$A$11:$G$29,5),IF(AND(H95>1997,H95<2000),VLOOKUP(I95,Feuil1!$A$11:$G$29,4),IF(AND(H95>1999,H95<2002),VLOOKUP(I95,Feuil1!$A$11:$G$29,3),VLOOKUP(I95,Feuil1!$A$11:$G$29,2))))),IF(OR(H95=\"SEN\",H95<1995),VLOOKUP(I95,Feuil1!$G$11:$L$25,6),IF(AND(H95>1994,H95<1998),VLOOKUP(I95,Feuil1!$G$11:$L$25,5),IF(AND(H95>1997,H95<2000),VLOOKUP(I95,Feuil1!$G$11:$L$25,4),IF(AND(H95>1999,H95<2002),VLOOKUP(I95,Feuil1!$G$11:$L$25,3),VLOOKUP(I95,Feuil1!$G$11:$L$25,2)))))))","v":"C1 56"},157.94792053269569,null," ",{"$f":"T95-HLOOKUP(X95,Feuil1!$C$1:$BL$10,2,FALSE)","v":50},{"$f":"T95-HLOOKUP(X95,Feuil1!$C$1:$BL$10,3,FALSE)","v":30},{"$f":"T95-HLOOKUP(X95,Feuil1!$C$1:$BL$10,4,FALSE)","v":15},{"$f":"T95-HLOOKUP(X95,Feuil1!$C$1:$BL$10,5,FALSE)","v":0},{"$f":"T95-HLOOKUP(X95,Feuil1!$C$1:$BL$10,6,FALSE)","v":-15},{"$f":"T95-HLOOKUP(X95,Feuil1!$C$1:$BL$10,7,FALSE)","v":-30},{"$f":"T95-HLOOKUP(X95,Feuil1!$C$1:$BL$10,8,FALSE)","v":-45},{"$f":"T95-HLOOKUP(X95,Feuil1!$C$1:$BL$10,9,FALSE)","v":-70},{"$f":"T95-HLOOKUP(X95,Feuil1!$C$1:$BL$10,10,FALSE)","v":-900},null,null,null,null,null,null,"IRG +"]
["H","SEST","CAZ",24,360583,"LECOMTE","Cameron",2000,56,"ES VILLENEUVE LOUBET","F",44,-47,-47,44,52,56,-58,56,100,-12,"IRG +",0,{"$f":"IF(I96=\"\",\"\",IF(A96=\"H\",IF(OR(H96=\"SEN\",H96<1995),VLOOKUP(I96,Feuil1!$A$11:$G$29,6),IF(AND(H96>1994,H96<1998),VLOOKUP(I96,Feuil1!$A$11:$G$29,5),IF(AND(H96>1997,H96<2000),VLOOKUP(I96,Feuil1!$A$11:$G$29,4),IF(AND(H96>1999,H96<2002),VLOOKUP(I96,Feuil1!$A$11:$G$29,3),VLOOKUP(I96,Feuil1!$A$11:$G$29,2))))),IF(OR(H96=\"SEN\",H96<1995),VLOOKUP(I96,Feuil1!$G$11:$L$25,6),IF(AND(H96>1994,H96<1998),VLOOKUP(I96,Feuil1!$G$11:$L$25,5),IF(AND(H96>1997,H96<2000),VLOOKUP(I96,Feuil1!$G$11:$L$25,4),IF(AND(H96>1999,H96<2002),VLOOKUP(I96,Feuil1!$G$11:$L$25,3),VLOOKUP(I96,Feuil1!$G$11:$L$25,2)))))))","v":"C1 56"},156.07564739647631,null," ",{"$f":"T96-HLOOKUP(X96,Feuil1!$C$1:$BL$10,2,FALSE)","v":50},{"$f":"T96-HLOOKUP(X96,Feuil1!$C$1:$BL$10,3,FALSE)","v":30},{"$f":"T96-HLOOKUP(X96,Feuil1!$C$1:$BL$10,4,FALSE)","v":15},{"$f":"T96-HLOOKUP(X96,Feuil1!$C$1:$BL$10,5,FALSE)","v":0},{"$f":"T96-HLOOKUP(X96,Feuil1!$C$1:$BL$10,6,FALSE)","v":-15},{"$f":"T96-HLOOKUP(X96,Feuil1!$C$1:$BL$10,7,FALSE)","v":-30},{"$f":"T96-HLOOKUP(X96,Feuil1!$C$1:$BL$10,8,FALSE)","v":-45},{"$f":"T96-HLOOKUP(X96,Feuil1!$C$1:$BL$10,9,FALSE)","v":-70},{"$f":"T96-HLOOKUP(X96,Feuil1!$C$1:$BL$10,10,FALSE)","v":-900},null,null,null,null,null,null,"IRG +"]
["H","NE","FCO",25,350181,"BERTHELIN","Simon",2000,54.1,"CH Luxeuil","F",35,40,-43,40,47,51,55,55,95,-13.200000000000003,"REG +",10,{"$f":"IF(I97=\"\",\"\",IF(A97=\"H\",IF(OR(H97=\"SEN\",H97<1995),VLOOKUP(I97,Feuil1!$A$11:$G$29,6),IF(AND(H97>1994,H97<1998),VLOOKUP(I97,Feuil1!$A$11:$G$29,5),IF(AND(H97>1997,H97<2000),VLOOKUP(I97,Feuil1!$A$11:$G$29,4),IF(AND(H97>1999,H97<2002),VLOOKUP(I97,Feuil1!$A$11:$G$29,3),VLOOKUP(I97,Feuil1!$A$11:$G$29,2))))),IF(OR(H97=\"SEN\",H97<1995),VLOOKUP(I97,Feuil1!$G$11:$L$25,6),IF(AND(H97>1994,H97<1998),VLOOKUP(I97,Feuil1!$G$11:$L$25,5),IF(AND(H97>1997,H97<2000),VLOOKUP(I97,Feuil1!$G$11:$L$25,4),IF(AND(H97>1999,H97<2002),VLOOKUP(I97,Feuil1!$G$11:$L$25,3),VLOOKUP(I97,Feuil1!$G$11:$L$25,2)))))))","v":"C1 56"},152.400609506395,null," ",{"$f":"T97-HLOOKUP(X97,Feuil1!$C$1:$BL$10,2,FALSE)","v":45},{"$f":"T97-HLOOKUP(X97,Feuil1!$C$1:$BL$10,3,FALSE)","v":25},{"$f":"T97-HLOOKUP(X97,Feuil1!$C$1:$BL$10,4,FALSE)","v":10},{"$f":"T97-HLOOKUP(X97,Feuil1!$C$1:$BL$10,5,FALSE)","v":-5},{"$f":"T97-HLOOKUP(X97,Feuil1!$C$1:$BL$10,6,FALSE)","v":-20},{"$f":"T97-HLOOKUP(X97,Feuil1!$C$1:$BL$10,7,FALSE)","v":-35},{"$f":"T97-HLOOKUP(X97,Feuil1!$C$1:$BL$10,8,FALSE)","v":-50},{"$f":"T97-HLOOKUP(X97,Feuil1!$C$1:$BL$10,9,FALSE)","v":-75},{"$f":"T97-HLOOKUP(X97,Feuil1!$C$1:$BL$10,10,FALSE)","v":-905},null,null,null,null,null,null,"REG +"]
["H","DOM","GUA",26,379132,"MOLINIER","Hugo",2001,50,"AHCS/Pointois","F",38,40,-43,40,45,50,52,52,92,-8,"IRG +",12,{"$f":"IF(I98=\"\",\"\",IF(A98=\"H\",IF(OR(H98=\"SEN\",H98<1995),VLOOKUP(I98,Feuil1!$A$11:$G$29,6),IF(AND(H98>1994,H98<1998),VLOOKUP(I98,Feuil1!$A$11:$G$29,5),IF(AND(H98>1997,H98<2000),VLOOKUP(I98,Feuil1!$A$11:$G$29,4),IF(AND(H98>1999,H98<2002),VLOOKUP(I98,Feuil1!$A$11:$G$29,3),VLOOKUP(I98,Feuil1!$A$11:$G$29,2))))),IF(OR(H98=\"SEN\",H98<1995),VLOOKUP(I98,Feuil1!$G$11:$L$25,6),IF(AND(H98>1994,H98<1998),VLOOKUP(I98,Feuil1!$G$11:$L$25,5),IF(AND(H98>1997,H98<2000),VLOOKUP(I98,Feuil1!$G$11:$L$25,4),IF(AND(H98>1999,H98<2002),VLOOKUP(I98,Feuil1!$G$11:$L$25,3),VLOOKUP(I98,Feuil1!$G$11:$L$25,2)))))))","v":"C1 50"},157.62434134444982,null," ",{"$f":"T98-HLOOKUP(X98,Feuil1!$C$1:$BL$10,2,FALSE)","v":52},{"$f":"T98-HLOOKUP(X98,Feuil1!$C$1:$BL$10,3,FALSE)","v":37},{"$f":"T98-HLOOKUP(X98,Feuil1!$C$1:$BL$10,4,FALSE)","v":27},{"$f":"T98-HLOOKUP(X98,Feuil1!$C$1:$BL$10,5,FALSE)","v":12},{"$f":"T98-HLOOKUP(X98,Feuil1!$C$1:$BL$10,6,FALSE)","v":-3},{"$f":"T98-HLOOKUP(X98,Feuil1!$C$1:$BL$10,7,FALSE)","v":-18},{"$f":"T98-HLOOKUP(X98,Feuil1!$C$1:$BL$10,8,FALSE)","v":-28},{"$f":"T98-HLOOKUP(X98,Feuil1!$C$1:$BL$10,9,FALSE)","v":-43},{"$f":"T98-HLOOKUP(X98,Feuil1!$C$1:$BL$10,10,FALSE)","v":-908},null,null,null,null,null,null,"IRG +"]
["H","NE","ALS",27,341767,"MELAO","ANTHONY",2001,50.4,"Dorlisheim FH","F",35,37,40,40,45,48,50,50,90,-10.799999999999997,"REG +",5,{"$f":"IF(I99=\"\",\"\",IF(A99=\"H\",IF(OR(H99=\"SEN\",H99<1995),VLOOKUP(I99,Feuil1!$A$11:$G$29,6),IF(AND(H99>1994,H99<1998),VLOOKUP(I99,Feuil1!$A$11:$G$29,5),IF(AND(H99>1997,H99<2000),VLOOKUP(I99,Feuil1!$A$11:$G$29,4),IF(AND(H99>1999,H99<2002),VLOOKUP(I99,Feuil1!$A$11:$G$29,3),VLOOKUP(I99,Feuil1!$A$11:$G$29,2))))),IF(OR(H99=\"SEN\",H99<1995),VLOOKUP(I99,Feuil1!$G$11:$L$25,6),IF(AND(H99>1994,H99<1998),VLOOKUP(I99,Feuil1!$G$11:$L$25,5),IF(AND(H99>1997,H99<2000),VLOOKUP(I99,Feuil1!$G$11:$L$25,4),IF(AND(H99>1999,H99<2002),VLOOKUP(I99,Feuil1!$G$11:$L$25,3),VLOOKUP(I99,Feuil1!$G$11:$L$25,2)))))))","v":"C1 56"},153.1456256624742,null," ",{"$f":"T99-HLOOKUP(X99,Feuil1!$C$1:$BL$10,2,FALSE)","v":40},{"$f":"T99-HLOOKUP(X99,Feuil1!$C$1:$BL$10,3,FALSE)","v":20},{"$f":"T99-HLOOKUP(X99,Feuil1!$C$1:$BL$10,4,FALSE)","v":5},{"$f":"T99-HLOOKUP(X99,Feuil1!$C$1:$BL$10,5,FALSE)","v":-10},{"$f":"T99-HLOOKUP(X99,Feuil1!$C$1:$BL$10,6,FALSE)","v":-25},{"$f":"T99-HLOOKUP(X99,Feuil1!$C$1:$BL$10,7,FALSE)","v":-40},{"$f":"T99-HLOOKUP(X99,Feuil1!$C$1:$BL$10,8,FALSE)","v":-55},{"$f":"T99-HLOOKUP(X99,Feuil1!$C$1:$BL$10,9,FALSE)","v":-80},{"$f":"T99-HLOOKUP(X99,Feuil1!$C$1:$BL$10,10,FALSE)","v":-910},null,null,null,null,null,null,"REG +"]
["H","NE","BOU",28,345094,"WITTMAN","Maxime",2001,52.3,"ASO Mont de Rême","F",36,38,-40,38,46,-48,48,48,86,-18.599999999999994,"REG +",1,{"$f":"IF(I100=\"\",\"\",IF(A100=\"H\",IF(OR(H100=\"SEN\",H100<1995),VLOOKUP(I100,Feuil1!$A$11:$G$29,6),IF(AND(H100>1994,H100<1998),VLOOKUP(I100,Feuil1!$A$11:$G$29,5),IF(AND(H100>1997,H100<2000),VLOOKUP(I100,Feuil1!$A$11:$G$29,4),IF(AND(H100>1999,H100<2002),VLOOKUP(I100,Feuil1!$A$11:$G$29,3),VLOOKUP(I100,Feuil1!$A$11:$G$29,2))))),IF(OR(H100=\"SEN\",H100<1995),VLOOKUP(I100,Feuil1!$G$11:$L$25,6),IF(AND(H100>1994,H100<1998),VLOOKUP(I100,Feuil1!$G$11:$L$25,5),IF(AND(H100>1997,H100<2000),VLOOKUP(I100,Feuil1!$G$11:$L$25,4),IF(AND(H100>1999,H100<2002),VLOOKUP(I100,Feuil1!$G$11:$L$25,3),VLOOKUP(I100,Feuil1!$G$11:$L$25,2)))))))","v":"C1 56"},141.84080031395192,null," ",{"$f":"T100-HLOOKUP(X100,Feuil1!$C$1:$BL$10,2,FALSE)","v":36},{"$f":"T100-HLOOKUP(X100,Feuil1!$C$1:$BL$10,3,FALSE)","v":16},{"$f":"T100-HLOOKUP(X100,Feuil1!$C$1:$BL$10,4,FALSE)","v":1},{"$f":"T100-HLOOKUP(X100,Feuil1!$C$1:$BL$10,5,FALSE)","v":-14},{"$f":"T100-HLOOKUP(X100,Feuil1!$C$1:$BL$10,6,FALSE)","v":-29},{"$f":"T100-HLOOKUP(X100,Feuil1!$C$1:$BL$10,7,FALSE)","v":-44},{"$f":"T100-HLOOKUP(X100,Feuil1!$C$1:$BL$10,8,FALSE)","v":-59},{"$f":"T100-HLOOKUP(X100,Feuil1!$C$1:$BL$10,9,FALSE)","v":-84},{"$f":"T100-HLOOKUP(X100,Feuil1!$C$1:$BL$10,10,FALSE)","v":-914},null,null,null,null,null,null,"REG +"]
["H","NORD","NPC",29,375306,"LEURS","Allan",2000,55.2,"C.A.ROSENDAEL","F",30,33,35,35,42,46,50,50,85,-25.400000000000006,"REG +",0,{"$f":"IF(I101=\"\",\"\",IF(A101=\"H\",IF(OR(H101=\"SEN\",H101<1995),VLOOKUP(I101,Feuil1!$A$11:$G$29,6),IF(AND(H101>1994,H101<1998),VLOOKUP(I101,Feuil1!$A$11:$G$29,5),IF(AND(H101>1997,H101<2000),VLOOKUP(I101,Feuil1!$A$11:$G$29,4),IF(AND(H101>1999,H101<2002),VLOOKUP(I101,Feuil1!$A$11:$G$29,3),VLOOKUP(I101,Feuil1!$A$11:$G$29,2))))),IF(OR(H101=\"SEN\",H101<1995),VLOOKUP(I101,Feuil1!$G$11:$L$25,6),IF(AND(H101>1994,H101<1998),VLOOKUP(I101,Feuil1!$G$11:$L$25,5),IF(AND(H101>1997,H101<2000),VLOOKUP(I101,Feuil1!$G$11:$L$25,4),IF(AND(H101>1999,H101<2002),VLOOKUP(I101,Feuil1!$G$11:$L$25,3),VLOOKUP(I101,Feuil1!$G$11:$L$25,2)))))))","v":"C1 56"},134.17848519790442,null," ",{"$f":"T101-HLOOKUP(X101,Feuil1!$C$1:$BL$10,2,FALSE)","v":35},{"$f":"T101-HLOOKUP(X101,Feuil1!$C$1:$BL$10,3,FALSE)","v":15},{"$f":"T101-HLOOKUP(X101,Feuil1!$C$1:$BL$10,4,FALSE)","v":0},{"$f":"T101-HLOOKUP(X101,Feuil1!$C$1:$BL$10,5,FALSE)","v":-15},{"$f":"T101-HLOOKUP(X101,Feuil1!$C$1:$BL$10,6,FALSE)","v":-30},{"$f":"T101-HLOOKUP(X101,Feuil1!$C$1:$BL$10,7,FALSE)","v":-45},{"$f":"T101-HLOOKUP(X101,Feuil1!$C$1:$BL$10,8,FALSE)","v":-60},{"$f":"T101-HLOOKUP(X101,Feuil1!$C$1:$BL$10,9,FALSE)","v":-85},{"$f":"T101-HLOOKUP(X101,Feuil1!$C$1:$BL$10,10,FALSE)","v":-915},null,null,null,null,null,null,"REG +"]
["H","CO","PDL",30,367895,"SONNET","MAXENCE",2000,53.4,"CA EVRON 53","F",33,36,38,38,43,46,-48,46,84,-22.799999999999997,"DEP +",14,{"$f":"IF(I102=\"\",\"\",IF(A102=\"H\",IF(OR(H102=\"SEN\",H102<1995),VLOOKUP(I102,Feuil1!$A$11:$G$29,6),IF(AND(H102>1994,H102<1998),VLOOKUP(I102,Feuil1!$A$11:$G$29,5),IF(AND(H102>1997,H102<2000),VLOOKUP(I102,Feuil1!$A$11:$G$29,4),IF(AND(H102>1999,H102<2002),VLOOKUP(I102,Feuil1!$A$11:$G$29,3),VLOOKUP(I102,Feuil1!$A$11:$G$29,2))))),IF(OR(H102=\"SEN\",H102<1995),VLOOKUP(I102,Feuil1!$G$11:$L$25,6),IF(AND(H102>1994,H102<1998),VLOOKUP(I102,Feuil1!$G$11:$L$25,5),IF(AND(H102>1997,H102<2000),VLOOKUP(I102,Feuil1!$G$11:$L$25,4),IF(AND(H102>1999,H102<2002),VLOOKUP(I102,Feuil1!$G$11:$L$25,3),VLOOKUP(I102,Feuil1!$G$11:$L$25,2)))))))","v":"C1 56"},136.18697088820176,null," ",{"$f":"T102-HLOOKUP(X102,Feuil1!$C$1:$BL$10,2,FALSE)","v":34},{"$f":"T102-HLOOKUP(X102,Feuil1!$C$1:$BL$10,3,FALSE)","v":14},{"$f":"T102-HLOOKUP(X102,Feuil1!$C$1:$BL$10,4,FALSE)","v":-1},{"$f":"T102-HLOOKUP(X102,Feuil1!$C$1:$BL$10,5,FALSE)","v":-16},{"$f":"T102-HLOOKUP(X102,Feuil1!$C$1:$BL$10,6,FALSE)","v":-31},{"$f":"T102-HLOOKUP(X102,Feuil1!$C$1:$BL$10,7,FALSE)","v":-46},{"$f":"T102-HLOOKUP(X102,Feuil1!$C$1:$BL$10,8,FALSE)","v":-61},{"$f":"T102-HLOOKUP(X102,Feuil1!$C$1:$BL$10,9,FALSE)","v":-86},{"$f":"T102-HLOOKUP(X102,Feuil1!$C$1:$BL$10,10,FALSE)","v":-916},null,null,null,null,null,null,"DEP +"]
["H","NE","ALS",31,380685,"CRIQUI","MATTHIAS",2001,51.2,"Dorlisheim FH","F",30,33,-36,33,-40,42,44,44,77,-25.400000000000006,"DEP +",7,{"$f":"IF(I103=\"\",\"\",IF(A103=\"H\",IF(OR(H103=\"SEN\",H103<1995),VLOOKUP(I103,Feuil1!$A$11:$G$29,6),IF(AND(H103>1994,H103<1998),VLOOKUP(I103,Feuil1!$A$11:$G$29,5),IF(AND(H103>1997,H103<2000),VLOOKUP(I103,Feuil1!$A$11:$G$29,4),IF(AND(H103>1999,H103<2002),VLOOKUP(I103,Feuil1!$A$11:$G$29,3),VLOOKUP(I103,Feuil1!$A$11:$G$29,2))))),IF(OR(H103=\"SEN\",H103<1995),VLOOKUP(I103,Feuil1!$G$11:$L$25,6),IF(AND(H103>1994,H103<1998),VLOOKUP(I103,Feuil1!$G$11:$L$25,5),IF(AND(H103>1997,H103<2000),VLOOKUP(I103,Feuil1!$G$11:$L$25,4),IF(AND(H103>1999,H103<2002),VLOOKUP(I103,Feuil1!$G$11:$L$25,3),VLOOKUP(I103,Feuil1!$G$11:$L$25,2)))))))","v":"C1 56"},129.28024818880633,null," ",{"$f":"T103-HLOOKUP(X103,Feuil1!$C$1:$BL$10,2,FALSE)","v":27},{"$f":"T103-HLOOKUP(X103,Feuil1!$C$1:$BL$10,3,FALSE)","v":7},{"$f":"T103-HLOOKUP(X103,Feuil1!$C$1:$BL$10,4,FALSE)","v":-8},{"$f":"T103-HLOOKUP(X103,Feuil1!$C$1:$BL$10,5,FALSE)","v":-23},{"$f":"T103-HLOOKUP(X103,Feuil1!$C$1:$BL$10,6,FALSE)","v":-38},{"$f":"T103-HLOOKUP(X103,Feuil1!$C$1:$BL$10,7,FALSE)","v":-53},{"$f":"T103-HLOOKUP(X103,Feuil1!$C$1:$BL$10,8,FALSE)","v":-68},{"$f":"T103-HLOOKUP(X103,Feuil1!$C$1:$BL$10,9,FALSE)","v":-93},{"$f":"T103-HLOOKUP(X103,Feuil1!$C$1:$BL$10,10,FALSE)","v":-923},null,null,null,null,null,null,"DEP +"]
["H","NE","CHA",32,381736,"ELOI","Franck",2000,56,"Reims HM","F",30,33,35,35,36,39,42,42,77,-35,"DEP +",7,{"$f":"IF(I104=\"\",\"\",IF(A104=\"H\",IF(OR(H104=\"SEN\",H104<1995),VLOOKUP(I104,Feuil1!$A$11:$G$29,6),IF(AND(H104>1994,H104<1998),VLOOKUP(I104,Feuil1!$A$11:$G$29,5),IF(AND(H104>1997,H104<2000),VLOOKUP(I104,Feuil1!$A$11:$G$29,4),IF(AND(H104>1999,H104<2002),VLOOKUP(I104,Feuil1!$A$11:$G$29,3),VLOOKUP(I104,Feuil1!$A$11:$G$29,2))))),IF(OR(H104=\"SEN\",H104<1995),VLOOKUP(I104,Feuil1!$G$11:$L$25,6),IF(AND(H104>1994,H104<1998),VLOOKUP(I104,Feuil1!$G$11:$L$25,5),IF(AND(H104>1997,H104<2000),VLOOKUP(I104,Feuil1!$G$11:$L$25,4),IF(AND(H104>1999,H104<2002),VLOOKUP(I104,Feuil1!$G$11:$L$25,3),VLOOKUP(I104,Feuil1!$G$11:$L$25,2)))))))","v":"C1 56"},120.17824849528677,null," ",{"$f":"T104-HLOOKUP(X104,Feuil1!$C$1:$BL$10,2,FALSE)","v":27},{"$f":"T104-HLOOKUP(X104,Feuil1!$C$1:$BL$10,3,FALSE)","v":7},{"$f":"T104-HLOOKUP(X104,Feuil1!$C$1:$BL$10,4,FALSE)","v":-8},{"$f":"T104-HLOOKUP(X104,Feuil1!$C$1:$BL$10,5,FALSE)","v":-23},{"$f":"T104-HLOOKUP(X104,Feuil1!$C$1:$BL$10,6,FALSE)","v":-38},{"$f":"T104-HLOOKUP(X104,Feuil1!$C$1:$BL$10,7,FALSE)","v":-53},{"$f":"T104-HLOOKUP(X104,Feuil1!$C$1:$BL$10,8,FALSE)","v":-68},{"$f":"T104-HLOOKUP(X104,Feuil1!$C$1:$BL$10,9,FALSE)","v":-93},{"$f":"T104-HLOOKUP(X104,Feuil1!$C$1:$BL$10,10,FALSE)","v":-923},null,null,null,null,null,null,"DEP +"]
["H","SEST","RAL",33,381398,"HUGONNIER","Remi",2001,53.3,"C.H. L'ARBRESLE","F",25,30,35,35,30,35,40,40,75,-31.599999999999994,"DEP +",5,{"$f":"IF(I105=\"\",\"\",IF(A105=\"H\",IF(OR(H105=\"SEN\",H105<1995),VLOOKUP(I105,Feuil1!$A$11:$G$29,6),IF(AND(H105>1994,H105<1998),VLOOKUP(I105,Feuil1!$A$11:$G$29,5),IF(AND(H105>1997,H105<2000),VLOOKUP(I105,Feuil1!$A$11:$G$29,4),IF(AND(H105>1999,H105<2002),VLOOKUP(I105,Feuil1!$A$11:$G$29,3),VLOOKUP(I105,Feuil1!$A$11:$G$29,2))))),IF(OR(H105=\"SEN\",H105<1995),VLOOKUP(I105,Feuil1!$G$11:$L$25,6),IF(AND(H105>1994,H105<1998),VLOOKUP(I105,Feuil1!$G$11:$L$25,5),IF(AND(H105>1997,H105<2000),VLOOKUP(I105,Feuil1!$G$11:$L$25,4),IF(AND(H105>1999,H105<2002),VLOOKUP(I105,Feuil1!$G$11:$L$25,3),VLOOKUP(I105,Feuil1!$G$11:$L$25,2)))))))","v":"C1 56"},121.78191527383262,null," ",{"$f":"T105-HLOOKUP(X105,Feuil1!$C$1:$BL$10,2,FALSE)","v":25},{"$f":"T105-HLOOKUP(X105,Feuil1!$C$1:$BL$10,3,FALSE)","v":5},{"$f":"T105-HLOOKUP(X105,Feuil1!$C$1:$BL$10,4,FALSE)","v":-10},{"$f":"T105-HLOOKUP(X105,Feuil1!$C$1:$BL$10,5,FALSE)","v":-25},{"$f":"T105-HLOOKUP(X105,Feuil1!$C$1:$BL$10,6,FALSE)","v":-40},{"$f":"T105-HLOOKUP(X105,Feuil1!$C$1:$BL$10,7,FALSE)","v":-55},{"$f":"T105-HLOOKUP(X105,Feuil1!$C$1:$BL$10,8,FALSE)","v":-70},{"$f":"T105-HLOOKUP(X105,Feuil1!$C$1:$BL$10,9,FALSE)","v":-95},{"$f":"T105-HLOOKUP(X105,Feuil1!$C$1:$BL$10,10,FALSE)","v":-925},null,null,null,null,null,null,"DEP +"]
["H","N","IDF",34,352741,"ALDUY","THUREL",2001,55.3,"CHAVILLE","F",27,-30,30,30,40,42,45,45,75,-35.599999999999994,"DEP +",5,{"$f":"IF(I106=\"\",\"\",IF(A106=\"H\",IF(OR(H106=\"SEN\",H106<1995),VLOOKUP(I106,Feuil1!$A$11:$G$29,6),IF(AND(H106>1994,H106<1998),VLOOKUP(I106,Feuil1!$A$11:$G$29,5),IF(AND(H106>1997,H106<2000),VLOOKUP(I106,Feuil1!$A$11:$G$29,4),IF(AND(H106>1999,H106<2002),VLOOKUP(I106,Feuil1!$A$11:$G$29,3),VLOOKUP(I106,Feuil1!$A$11:$G$29,2))))),IF(OR(H106=\"SEN\",H106<1995),VLOOKUP(I106,Feuil1!$G$11:$L$25,6),IF(AND(H106>1994,H106<1998),VLOOKUP(I106,Feuil1!$G$11:$L$25,5),IF(AND(H106>1997,H106<2000),VLOOKUP(I106,Feuil1!$G$11:$L$25,4),IF(AND(H106>1999,H106<2002),VLOOKUP(I106,Feuil1!$G$11:$L$25,3),VLOOKUP(I106,Feuil1!$G$11:$L$25,2)))))))","v":"C1 56"},118.22295682554014,null," ",{"$f":"T106-HLOOKUP(X106,Feuil1!$C$1:$BL$10,2,FALSE)","v":25},{"$f":"T106-HLOOKUP(X106,Feuil1!$C$1:$BL$10,3,FALSE)","v":5},{"$f":"T106-HLOOKUP(X106,Feuil1!$C$1:$BL$10,4,FALSE)","v":-10},{"$f":"T106-HLOOKUP(X106,Feuil1!$C$1:$BL$10,5,FALSE)","v":-25},{"$f":"T106-HLOOKUP(X106,Feuil1!$C$1:$BL$10,6,FALSE)","v":-40},{"$f":"T106-HLOOKUP(X106,Feuil1!$C$1:$BL$10,7,FALSE)","v":-55},{"$f":"T106-HLOOKUP(X106,Feuil1!$C$1:$BL$10,8,FALSE)","v":-70},{"$f":"T106-HLOOKUP(X106,Feuil1!$C$1:$BL$10,9,FALSE)","v":-95},{"$f":"T106-HLOOKUP(X106,Feuil1!$C$1:$BL$10,10,FALSE)","v":-925},null,null,null,null,null,null,"DEP +"]
["H","NE","ALS",35,381290,"CECERE","THOMAS",2001,53.9,"SR Obernai HM","F",28,30,32,32,32,35,38,38,70,-37.799999999999997,"DEP +",0,{"$f":"IF(I107=\"\",\"\",IF(A107=\"H\",IF(OR(H107=\"SEN\",H107<1995),VLOOKUP(I107,Feuil1!$A$11:$G$29,6),IF(AND(H107>1994,H107<1998),VLOOKUP(I107,Feuil1!$A$11:$G$29,5),IF(AND(H107>1997,H107<2000),VLOOKUP(I107,Feuil1!$A$11:$G$29,4),IF(AND(H107>1999,H107<2002),VLOOKUP(I107,Feuil1!$A$11:$G$29,3),VLOOKUP(I107,Feuil1!$A$11:$G$29,2))))),IF(OR(H107=\"SEN\",H107<1995),VLOOKUP(I107,Feuil1!$G$11:$L$25,6),IF(AND(H107>1994,H107<1998),VLOOKUP(I107,Feuil1!$G$11:$L$25,5),IF(AND(H107>1997,H107<2000),VLOOKUP(I107,Feuil1!$G$11:$L$25,4),IF(AND(H107>1999,H107<2002),VLOOKUP(I107,Feuil1!$G$11:$L$25,3),VLOOKUP(I107,Feuil1!$G$11:$L$25,2)))))))","v":"C1 56"},112.6321074714257,null," ",{"$f":"T107-HLOOKUP(X107,Feuil1!$C$1:$BL$10,2,FALSE)","v":20},{"$f":"T107-HLOOKUP(X107,Feuil1!$C$1:$BL$10,3,FALSE)","v":0},{"$f":"T107-HLOOKUP(X107,Feuil1!$C$1:$BL$10,4,FALSE)","v":-15},{"$f":"T107-HLOOKUP(X107,Feuil1!$C$1:$BL$10,5,FALSE)","v":-30},{"$f":"T107-HLOOKUP(X107,Feuil1!$C$1:$BL$10,6,FALSE)","v":-45},{"$f":"T107-HLOOKUP(X107,Feuil1!$C$1:$BL$10,7,FALSE)","v":-60},{"$f":"T107-HLOOKUP(X107,Feuil1!$C$1:$BL$10,8,FALSE)","v":-75},{"$f":"T107-HLOOKUP(X107,Feuil1!$C$1:$BL$10,9,FALSE)","v":-100},{"$f":"T107-HLOOKUP(X107,Feuil1!$C$1:$BL$10,10,FALSE)","v":-930},null,null,null,null,null,null,"DEP +"]
["H","NE","CHA",36,336659,"GALANDON","Mattéo",2001,55,"Reims HM","F",23,26,28,28,33,37,40,40,68,-42,"DEB ",18,{"$f":"IF(I108=\"\",\"\",IF(A108=\"H\",IF(OR(H108=\"SEN\",H108<1995),VLOOKUP(I108,Feuil1!$A$11:$G$29,6),IF(AND(H108>1994,H108<1998),VLOOKUP(I108,Feuil1!$A$11:$G$29,5),IF(AND(H108>1997,H108<2000),VLOOKUP(I108,Feuil1!$A$11:$G$29,4),IF(AND(H108>1999,H108<2002),VLOOKUP(I108,Feuil1!$A$11:$G$29,3),VLOOKUP(I108,Feuil1!$A$11:$G$29,2))))),IF(OR(H108=\"SEN\",H108<1995),VLOOKUP(I108,Feuil1!$G$11:$L$25,6),IF(AND(H108>1994,H108<1998),VLOOKUP(I108,Feuil1!$G$11:$L$25,5),IF(AND(H108>1997,H108<2000),VLOOKUP(I108,Feuil1!$G$11:$L$25,4),IF(AND(H108>1999,H108<2002),VLOOKUP(I108,Feuil1!$G$11:$L$25,3),VLOOKUP(I108,Feuil1!$G$11:$L$25,2)))))))","v":"C1 56"},107.6529748598014,null," ",{"$f":"T108-HLOOKUP(X108,Feuil1!$C$1:$BL$10,2,FALSE)","v":18},{"$f":"T108-HLOOKUP(X108,Feuil1!$C$1:$BL$10,3,FALSE)","v":-2},{"$f":"T108-HLOOKUP(X108,Feuil1!$C$1:$BL$10,4,FALSE)","v":-17},{"$f":"T108-HLOOKUP(X108,Feuil1!$C$1:$BL$10,5,FALSE)","v":-32},{"$f":"T108-HLOOKUP(X108,Feuil1!$C$1:$BL$10,6,FALSE)","v":-47},{"$f":"T108-HLOOKUP(X108,Feuil1!$C$1:$BL$10,7,FALSE)","v":-62},{"$f":"T108-HLOOKUP(X108,Feuil1!$C$1:$BL$10,8,FALSE)","v":-77},{"$f":"T108-HLOOKUP(X108,Feuil1!$C$1:$BL$10,9,FALSE)","v":-102},{"$f":"T108-HLOOKUP(X108,Feuil1!$C$1:$BL$10,10,FALSE)","v":-932},null,null,null,null,null,null,"DEB "]
["H","NE","CHA",37,387905,"RENDA","Jean",2001,51,"Langres HM","F",25,28,30,30,30,34,36,36,66,-36,"DEB ",16,{"$f":"IF(I109=\"\",\"\",IF(A109=\"H\",IF(OR(H109=\"SEN\",H109<1995),VLOOKUP(I109,Feuil1!$A$11:$G$29,6),IF(AND(H109>1994,H109<1998),VLOOKUP(I109,Feuil1!$A$11:$G$29,5),IF(AND(H109>1997,H109<2000),VLOOKUP(I109,Feuil1!$A$11:$G$29,4),IF(AND(H109>1999,H109<2002),VLOOKUP(I109,Feuil1!$A$11:$G$29,3),VLOOKUP(I109,Feuil1!$A$11:$G$29,2))))),IF(OR(H109=\"SEN\",H109<1995),VLOOKUP(I109,Feuil1!$G$11:$L$25,6),IF(AND(H109>1994,H109<1998),VLOOKUP(I109,Feuil1!$G$11:$L$25,5),IF(AND(H109>1997,H109<2000),VLOOKUP(I109,Feuil1!$G$11:$L$25,4),IF(AND(H109>1999,H109<2002),VLOOKUP(I109,Feuil1!$G$11:$L$25,3),VLOOKUP(I109,Feuil1!$G$11:$L$25,2)))))))","v":"C1 56"},111.17958164438922,null," ",{"$f":"T109-HLOOKUP(X109,Feuil1!$C$1:$BL$10,2,FALSE)","v":16},{"$f":"T109-HLOOKUP(X109,Feuil1!$C$1:$BL$10,3,FALSE)","v":-4},{"$f":"T109-HLOOKUP(X109,Feuil1!$C$1:$BL$10,4,FALSE)","v":-19},{"$f":"T109-HLOOKUP(X109,Feuil1!$C$1:$BL$10,5,FALSE)","v":-34},{"$f":"T109-HLOOKUP(X109,Feuil1!$C$1:$BL$10,6,FALSE)","v":-49},{"$f":"T109-HLOOKUP(X109,Feuil1!$C$1:$BL$10,7,FALSE)","v":-64},{"$f":"T109-HLOOKUP(X109,Feuil1!$C$1:$BL$10,8,FALSE)","v":-79},{"$f":"T109-HLOOKUP(X109,Feuil1!$C$1:$BL$10,9,FALSE)","v":-104},{"$f":"T109-HLOOKUP(X109,Feuil1!$C$1:$BL$10,10,FALSE)","v":-934},null,null,null,null,null,null,"DEB "]
["H","CO","PDL",38,379614,"PUISSET","GABRIEL",2001,55.8,"BBFC ALLONNES","F",25,26,27,27,30,32,35,35,62,-49.599999999999994,"DEB ",12,{"$f":"IF(I110=\"\",\"\",IF(A110=\"H\",IF(OR(H110=\"SEN\",H110<1995),VLOOKUP(I110,Feuil1!$A$11:$G$29,6),IF(AND(H110>1994,H110<1998),VLOOKUP(I110,Feuil1!$A$11:$G$29,5),IF(AND(H110>1997,H110<2000),VLOOKUP(I110,Feuil1!$A$11:$G$29,4),IF(AND(H110>1999,H110<2002),VLOOKUP(I110,Feuil1!$A$11:$G$29,3),VLOOKUP(I110,Feuil1!$A$11:$G$29,2))))),IF(OR(H110=\"SEN\",H110<1995),VLOOKUP(I110,Feuil1!$G$11:$L$25,6),IF(AND(H110>1994,H110<1998),VLOOKUP(I110,Feuil1!$G$11:$L$25,5),IF(AND(H110>1997,H110<2000),VLOOKUP(I110,Feuil1!$G$11:$L$25,4),IF(AND(H110>1999,H110<2002),VLOOKUP(I110,Feuil1!$G$11:$L$25,3),VLOOKUP(I110,Feuil1!$G$11:$L$25,2)))))))","v":"C1 56"},97.039066514985038,null," ",{"$f":"T110-HLOOKUP(X110,Feuil1!$C$1:$BL$10,2,FALSE)","v":12},{"$f":"T110-HLOOKUP(X110,Feuil1!$C$1:$BL$10,3,FALSE)","v":-8},{"$f":"T110-HLOOKUP(X110,Feuil1!$C$1:$BL$10,4,FALSE)","v":-23},{"$f":"T110-HLOOKUP(X110,Feuil1!$C$1:$BL$10,5,FALSE)","v":-38},{"$f":"T110-HLOOKUP(X110,Feuil1!$C$1:$BL$10,6,FALSE)","v":-53},{"$f":"T110-HLOOKUP(X110,Feuil1!$C$1:$BL$10,7,FALSE)","v":-68},{"$f":"T110-HLOOKUP(X110,Feuil1!$C$1:$BL$10,8,FALSE)","v":-83},{"$f":"T110-HLOOKUP(X110,Feuil1!$C$1:$BL$10,9,FALSE)","v":-108},{"$f":"T110-HLOOKUP(X110,Feuil1!$C$1:$BL$10,10,FALSE)","v":-938},null,null,null,null,null,null,"DEB "]
["H","NE","ALS",39,389913,"CLEMENTZ","EMERIC",2000,50.8,"MJC Ungersheim","F",25,-28,-28,25,27,-29,30,30,55,-46.599999999999994,"DEB ",5,{"$f":"IF(I111=\"\",\"\",IF(A111=\"H\",IF(OR(H111=\"SEN\",H111<1995),VLOOKUP(I111,Feuil1!$A$11:$G$29,6),IF(AND(H111>1994,H111<1998),VLOOKUP(I111,Feuil1!$A$11:$G$29,5),IF(AND(H111>1997,H111<2000),VLOOKUP(I111,Feuil1!$A$11:$G$29,4),IF(AND(H111>1999,H111<2002),VLOOKUP(I111,Feuil1!$A$11:$G$29,3),VLOOKUP(I111,Feuil1!$A$11:$G$29,2))))),IF(OR(H111=\"SEN\",H111<1995),VLOOKUP(I111,Feuil1!$G$11:$L$25,6),IF(AND(H111>1994,H111<1998),VLOOKUP(I111,Feuil1!$G$11:$L$25,5),IF(AND(H111>1997,H111<2000),VLOOKUP(I111,Feuil1!$G$11:$L$25,4),IF(AND(H111>1999,H111<2002),VLOOKUP(I111,Feuil1!$G$11:$L$25,3),VLOOKUP(I111,Feuil1!$G$11:$L$25,2)))))))","v":"C1 56"},92.959485530871817,null," ",{"$f":"T111-HLOOKUP(X111,Feuil1!$C$1:$BL$10,2,FALSE)","v":5},{"$f":"T111-HLOOKUP(X111,Feuil1!$C$1:$BL$10,3,FALSE)","v":-15},{"$f":"T111-HLOOKUP(X111,Feuil1!$C$1:$BL$10,4,FALSE)","v":-30},{"$f":"T111-HLOOKUP(X111,Feuil1!$C$1:$BL$10,5,FALSE)","v":-45},{"$f":"T111-HLOOKUP(X111,Feuil1!$C$1:$BL$10,6,FALSE)","v":-60},{"$f":"T111-HLOOKUP(X111,Feuil1!$C$1:$BL$10,7,FALSE)","v":-75},{"$f":"T111-HLOOKUP(X111,Feuil1!$C$1:$BL$10,8,FALSE)","v":-90},{"$f":"T111-HLOOKUP(X111,Feuil1!$C$1:$BL$10,9,FALSE)","v":-115},{"$f":"T111-HLOOKUP(X111,Feuil1!$C$1:$BL$10,10,FALSE)","v":-945},null,null,null,null,null,null,"DEB "]
["H","CO","CEN",40,385632,"MARIE","Edouard",2000,51,"CM Orléans","F",25,-27,-28,25,25,30,-35,30,55,-47,"DEB ",5,{"$f":"IF(I112=\"\",\"\",IF(A112=\"H\",IF(OR(H112=\"SEN\",H112<1995),VLOOKUP(I112,Feuil1!$A$11:$G$29,6),IF(AND(H112>1994,H112<1998),VLOOKUP(I112,Feuil1!$A$11:$G$29,5),IF(AND(H112>1997,H112<2000),VLOOKUP(I112,Feuil1!$A$11:$G$29,4),IF(AND(H112>1999,H112<2002),VLOOKUP(I112,Feuil1!$A$11:$G$29,3),VLOOKUP(I112,Feuil1!$A$11:$G$29,2))))),IF(OR(H112=\"SEN\",H112<1995),VLOOKUP(I112,Feuil1!$G$11:$L$25,6),IF(AND(H112>1994,H112<1998),VLOOKUP(I112,Feuil1!$G$11:$L$25,5),IF(AND(H112>1997,H112<2000),VLOOKUP(I112,Feuil1!$G$11:$L$25,4),IF(AND(H112>1999,H112<2002),VLOOKUP(I112,Feuil1!$G$11:$L$25,3),VLOOKUP(I112,Feuil1!$G$11:$L$25,2)))))))","v":"C1 56"},92.649651370324349,null," ",{"$f":"T112-HLOOKUP(X112,Feuil1!$C$1:$BL$10,2,FALSE)","v":5},{"$f":"T112-HLOOKUP(X112,Feuil1!$C$1:$BL$10,3,FALSE)","v":-15},{"$f":"T112-HLOOKUP(X112,Feuil1!$C$1:$BL$10,4,FALSE)","v":-30},{"$f":"T112-HLOOKUP(X112,Feuil1!$C$1:$BL$10,5,FALSE)","v":-45},{"$f":"T112-HLOOKUP(X112,Feuil1!$C$1:$BL$10,6,FALSE)","v":-60},{"$f":"T112-HLOOKUP(X112,Feuil1!$C$1:$BL$10,7,FALSE)","v":-75},{"$f":"T112-HLOOKUP(X112,Feuil1!$C$1:$BL$10,8,FALSE)","v":-90},{"$f":"T112-HLOOKUP(X112,Feuil1!$C$1:$BL$10,9,FALSE)","v":-115},{"$f":"T112-HLOOKUP(X112,Feuil1!$C$1:$BL$10,10,FALSE)","v":-945},null,null,null,null,null,null,"DEB "]
["H","CO","BNO",41,302146,"FAUNY","Gilles",2001,55.95,"Stade St Lois","F",18,20,22,22,28,31,33,33,55,-56.900000000000006,"DEB ",5,{"$f":"IF(I113=\"\",\"\",IF(A113=\"H\",IF(OR(H113=\"SEN\",H113<1995),VLOOKUP(I113,Feuil1!$A$11:$G$29,6),IF(AND(H113>1994,H113<1998),VLOOKUP(I113,Feuil1!$A$11:$G$29,5),IF(AND(H113>1997,H113<2000),VLOOKUP(I113,Feuil1!$A$11:$G$29,4),IF(AND(H113>1999,H113<2002),VLOOKUP(I113,Feuil1!$A$11:$G$29,3),VLOOKUP(I113,Feuil1!$A$11:$G$29,2))))),IF(OR(H113=\"SEN\",H113<1995),VLOOKUP(I113,Feuil1!$G$11:$L$25,6),IF(AND(H113>1994,H113<1998),VLOOKUP(I113,Feuil1!$G$11:$L$25,5),IF(AND(H113>1997,H113<2000),VLOOKUP(I113,Feuil1!$G$11:$L$25,4),IF(AND(H113>1999,H113<2002),VLOOKUP(I113,Feuil1!$G$11:$L$25,3),VLOOKUP(I113,Feuil1!$G$11:$L$25,2)))))))","v":"C1 56"},85.901749770073422,null," ",{"$f":"T113-HLOOKUP(X113,Feuil1!$C$1:$BL$10,2,FALSE)","v":5},{"$f":"T113-HLOOKUP(X113,Feuil1!$C$1:$BL$10,3,FALSE)","v":-15},{"$f":"T113-HLOOKUP(X113,Feuil1!$C$1:$BL$10,4,FALSE)","v":-30},{"$f":"T113-HLOOKUP(X113,Feuil1!$C$1:$BL$10,5,FALSE)","v":-45},{"$f":"T113-HLOOKUP(X113,Feuil1!$C$1:$BL$10,6,FALSE)","v":-60},{"$f":"T113-HLOOKUP(X113,Feuil1!$C$1:$BL$10,7,FALSE)","v":-75},{"$f":"T113-HLOOKUP(X113,Feuil1!$C$1:$BL$10,8,FALSE)","v":-90},{"$f":"T113-HLOOKUP(X113,Feuil1!$C$1:$BL$10,9,FALSE)","v":-115},{"$f":"T113-HLOOKUP(X113,Feuil1!$C$1:$BL$10,10,FALSE)","v":-945},null,null,null,null,null,null,"DEB "]
["H","NORD","PIC",42,387613,"LOGER","Romain",2000,51.4,"Villers-Bretonneux KC","F",20,25,-30,25,-25,25,-30,25,50,-52.8,"DEB ",0,{"$f":"IF(I114=\"\",\"\",IF(A114=\"H\",IF(OR(H114=\"SEN\",H114<1995),VLOOKUP(I114,Feuil1!$A$11:$G$29,6),IF(AND(H114>1994,H114<1998),VLOOKUP(I114,Feuil1!$A$11:$G$29,5),IF(AND(H114>1997,H114<2000),VLOOKUP(I114,Feuil1!$A$11:$G$29,4),IF(AND(H114>1999,H114<2002),VLOOKUP(I114,Feuil1!$A$11:$G$29,3),VLOOKUP(I114,Feuil1!$A$11:$G$29,2))))),IF(OR(H114=\"SEN\",H114<1995),VLOOKUP(I114,Feuil1!$G$11:$L$25,6),IF(AND(H114>1994,H114<1998),VLOOKUP(I114,Feuil1!$G$11:$L$25,5),IF(AND(H114>1997,H114<2000),VLOOKUP(I114,Feuil1!$G$11:$L$25,4),IF(AND(H114>1999,H114<2002),VLOOKUP(I114,Feuil1!$G$11:$L$25,3),VLOOKUP(I114,Feuil1!$G$11:$L$25,2)))))))","v":"C1 56"},83.672353437023446,null," ",{"$f":"T114-HLOOKUP(X114,Feuil1!$C$1:$BL$10,2,FALSE)","v":0},{"$f":"T114-HLOOKUP(X114,Feuil1!$C$1:$BL$10,3,FALSE)","v":-20},{"$f":"T114-HLOOKUP(X114,Feuil1!$C$1:$BL$10,4,FALSE)","v":-35},{"$f":"T114-HLOOKUP(X114,Feuil1!$C$1:$BL$10,5,FALSE)","v":-50},{"$f":"T114-HLOOKUP(X114,Feuil1!$C$1:$BL$10,6,FALSE)","v":-65},{"$f":"T114-HLOOKUP(X114,Feuil1!$C$1:$BL$10,7,FALSE)","v":-80},{"$f":"T114-HLOOKUP(X114,Feuil1!$C$1:$BL$10,8,FALSE)","v":-95},{"$f":"T114-HLOOKUP(X114,Feuil1!$C$1:$BL$10,9,FALSE)","v":-120},{"$f":"T114-HLOOKUP(X114,Feuil1!$C$1:$BL$10,10,FALSE)","v":-950},null,null,null,null,null,null,"DEB "]
["H","SO","MPY",43,371172,"PINQUIE","Jérémy",2000,51,"FIGEAC HC","F",15,17,-19,17,25,-29,29,29,46,-56,"DEB ",-4,{"$f":"IF(I115=\"\",\"\",IF(A115=\"H\",IF(OR(H115=\"SEN\",H115<1995),VLOOKUP(I115,Feuil1!$A$11:$G$29,6),IF(AND(H115>1994,H115<1998),VLOOKUP(I115,Feuil1!$A$11:$G$29,5),IF(AND(H115>1997,H115<2000),VLOOKUP(I115,Feuil1!$A$11:$G$29,4),IF(AND(H115>1999,H115<2002),VLOOKUP(I115,Feuil1!$A$11:$G$29,3),VLOOKUP(I115,Feuil1!$A$11:$G$29,2))))),IF(OR(H115=\"SEN\",H115<1995),VLOOKUP(I115,Feuil1!$G$11:$L$25,6),IF(AND(H115>1994,H115<1998),VLOOKUP(I115,Feuil1!$G$11:$L$25,5),IF(AND(H115>1997,H115<2000),VLOOKUP(I115,Feuil1!$G$11:$L$25,4),IF(AND(H115>1999,H115<2002),VLOOKUP(I115,Feuil1!$G$11:$L$25,3),VLOOKUP(I115,Feuil1!$G$11:$L$25,2)))))))","v":"C1 56"},77.488799327907628,null," ",{"$f":"T115-HLOOKUP(X115,Feuil1!$C$1:$BL$10,2,FALSE)","v":-4},{"$f":"T115-HLOOKUP(X115,Feuil1!$C$1:$BL$10,3,FALSE)","v":-24},{"$f":"T115-HLOOKUP(X115,Feuil1!$C$1:$BL$10,4,FALSE)","v":-39},{"$f":"T115-HLOOKUP(X115,Feuil1!$C$1:$BL$10,5,FALSE)","v":-54},{"$f":"T115-HLOOKUP(X115,Feuil1!$C$1:$BL$10,6,FALSE)","v":-69},{"$f":"T115-HLOOKUP(X115,Feuil1!$C$1:$BL$10,7,FALSE)","v":-84},{"$f":"T115-HLOOKUP(X115,Feuil1!$C$1:$BL$10,8,FALSE)","v":-99},{"$f":"T115-HLOOKUP(X115,Feuil1!$C$1:$BL$10,9,FALSE)","v":-124},{"$f":"T115-HLOOKUP(X115,Feuil1!$C$1:$BL$10,10,FALSE)","v":-954},null,null,null,null,null,null,"DEB "]
["H","CO","PDL",44,379818,"REGENT","Damien",2000,55.56,"ALSavenay","F",17,-20,20,20,24,-26,26,26,46,-65.12,"DEB ",-4,{"$f":"IF(I116=\"\",\"\",IF(A116=\"H\",IF(OR(H116=\"SEN\",H116<1995),VLOOKUP(I116,Feuil1!$A$11:$G$29,6),IF(AND(H116>1994,H116<1998),VLOOKUP(I116,Feuil1!$A$11:$G$29,5),IF(AND(H116>1997,H116<2000),VLOOKUP(I116,Feuil1!$A$11:$G$29,4),IF(AND(H116>1999,H116<2002),VLOOKUP(I116,Feuil1!$A$11:$G$29,3),VLOOKUP(I116,Feuil1!$A$11:$G$29,2))))),IF(OR(H116=\"SEN\",H116<1995),VLOOKUP(I116,Feuil1!$G$11:$L$25,6),IF(AND(H116>1994,H116<1998),VLOOKUP(I116,Feuil1!$G$11:$L$25,5),IF(AND(H116>1997,H116<2000),VLOOKUP(I116,Feuil1!$G$11:$L$25,4),IF(AND(H116>1999,H116<2002),VLOOKUP(I116,Feuil1!$G$11:$L$25,3),VLOOKUP(I116,Feuil1!$G$11:$L$25,2)))))))","v":"C1 56"},72.241600854624068,null," ",{"$f":"T116-HLOOKUP(X116,Feuil1!$C$1:$BL$10,2,FALSE)","v":-4},{"$f":"T116-HLOOKUP(X116,Feuil1!$C$1:$BL$10,3,FALSE)","v":-24},{"$f":"T116-HLOOKUP(X116,Feuil1!$C$1:$BL$10,4,FALSE)","v":-39},{"$f":"T116-HLOOKUP(X116,Feuil1!$C$1:$BL$10,5,FALSE)","v":-54},{"$f":"T116-HLOOKUP(X116,Feuil1!$C$1:$BL$10,6,FALSE)","v":-69},{"$f":"T116-HLOOKUP(X116,Feuil1!$C$1:$BL$10,7,FALSE)","v":-84},{"$f":"T116-HLOOKUP(X116,Feuil1!$C$1:$BL$10,8,FALSE)","v":-99},{"$f":"T116-HLOOKUP(X116,Feuil1!$C$1:$BL$10,9,FALSE)","v":-124},{"$f":"T116-HLOOKUP(X116,Feuil1!$C$1:$BL$10,10,FALSE)","v":-954},null,null,null,null,null,null,"DEB "]
["H","NE","ALS",45,384535,"FABRIANO","Romain",2001,51.3,"SR Obernai HM","F",17,19,21,21,-22,22,24,24,45,-57.599999999999994,"DEB ",-5,{"$f":"IF(I117=\"\",\"\",IF(A117=\"H\",IF(OR(H117=\"SEN\",H117<1995),VLOOKUP(I117,Feuil1!$A$11:$G$29,6),IF(AND(H117>1994,H117<1998),VLOOKUP(I117,Feuil1!$A$11:$G$29,5),IF(AND(H117>1997,H117<2000),VLOOKUP(I117,Feuil1!$A$11:$G$29,4),IF(AND(H117>1999,H117<2002),VLOOKUP(I117,Feuil1!$A$11:$G$29,3),VLOOKUP(I117,Feuil1!$A$11:$G$29,2))))),IF(OR(H117=\"SEN\",H117<1995),VLOOKUP(I117,Feuil1!$G$11:$L$25,6),IF(AND(H117>1994,H117<1998),VLOOKUP(I117,Feuil1!$G$11:$L$25,5),IF(AND(H117>1997,H117<2000),VLOOKUP(I117,Feuil1!$G$11:$L$25,4),IF(AND(H117>1999,H117<2002),VLOOKUP(I117,Feuil1!$G$11:$L$25,3),VLOOKUP(I117,Feuil1!$G$11:$L$25,2)))))))","v":"C1 56"},75.428932927307358,null," ",{"$f":"T117-HLOOKUP(X117,Feuil1!$C$1:$BL$10,2,FALSE)","v":-5},{"$f":"T117-HLOOKUP(X117,Feuil1!$C$1:$BL$10,3,FALSE)","v":-25},{"$f":"T117-HLOOKUP(X117,Feuil1!$C$1:$BL$10,4,FALSE)","v":-40},{"$f":"T117-HLOOKUP(X117,Feuil1!$C$1:$BL$10,5,FALSE)","v":-55},{"$f":"T117-HLOOKUP(X117,Feuil1!$C$1:$BL$10,6,FALSE)","v":-70},{"$f":"T117-HLOOKUP(X117,Feuil1!$C$1:$BL$10,7,FALSE)","v":-85},{"$f":"T117-HLOOKUP(X117,Feuil1!$C$1:$BL$10,8,FALSE)","v":-100},{"$f":"T117-HLOOKUP(X117,Feuil1!$C$1:$BL$10,9,FALSE)","v":-125},{"$f":"T117-HLOOKUP(X117,Feuil1!$C$1:$BL$10,10,FALSE)","v":-955},null,null,null,null,null,null,"DEB "]
["H","N","IDF",46,395667,"FARIA","MANUEL",2000,56,"CHAVILLE","F",14,17,20,20,-22,24,25,25,45,-67,"DEB ",-5,{"$f":"IF(I118=\"\",\"\",IF(A118=\"H\",IF(OR(H118=\"SEN\",H118<1995),VLOOKUP(I118,Feuil1!$A$11:$G$29,6),IF(AND(H118>1994,H118<1998),VLOOKUP(I118,Feuil1!$A$11:$G$29,5),IF(AND(H118>1997,H118<2000),VLOOKUP(I118,Feuil1!$A$11:$G$29,4),IF(AND(H118>1999,H118<2002),VLOOKUP(I118,Feuil1!$A$11:$G$29,3),VLOOKUP(I118,Feuil1!$A$11:$G$29,2))))),IF(OR(H118=\"SEN\",H118<1995),VLOOKUP(I118,Feuil1!$G$11:$L$25,6),IF(AND(H118>1994,H118<1998),VLOOKUP(I118,Feuil1!$G$11:$L$25,5),IF(AND(H118>1997,H118<2000),VLOOKUP(I118,Feuil1!$G$11:$L$25,4),IF(AND(H118>1999,H118<2002),VLOOKUP(I118,Feuil1!$G$11:$L$25,3),VLOOKUP(I118,Feuil1!$G$11:$L$25,2)))))))","v":"C1 56"},70.234041328414349,null," ",{"$f":"T118-HLOOKUP(X118,Feuil1!$C$1:$BL$10,2,FALSE)","v":-5},{"$f":"T118-HLOOKUP(X118,Feuil1!$C$1:$BL$10,3,FALSE)","v":-25},{"$f":"T118-HLOOKUP(X118,Feuil1!$C$1:$BL$10,4,FALSE)","v":-40},{"$f":"T118-HLOOKUP(X118,Feuil1!$C$1:$BL$10,5,FALSE)","v":-55},{"$f":"T118-HLOOKUP(X118,Feuil1!$C$1:$BL$10,6,FALSE)","v":-70},{"$f":"T118-HLOOKUP(X118,Feuil1!$C$1:$BL$10,7,FALSE)","v":-85},{"$f":"T118-HLOOKUP(X118,Feuil1!$C$1:$BL$10,8,FALSE)","v":-100},{"$f":"T118-HLOOKUP(X118,Feuil1!$C$1:$BL$10,9,FALSE)","v":-125},{"$f":"T118-HLOOKUP(X118,Feuil1!$C$1:$BL$10,10,FALSE)","v":-955},null,null,null,null,null,null,"DEB "]
["H","NORD","PIC",47,375795,"VERRECHIA","Jimmy",2000,56,"La Ferté Milon CMHM","F",10,13,15,15,17,19,-21,19,34,-78,"DEB ",-16,{"$f":"IF(I119=\"\",\"\",IF(A119=\"H\",IF(OR(H119=\"SEN\",H119<1995),VLOOKUP(I119,Feuil1!$A$11:$G$29,6),IF(AND(H119>1994,H119<1998),VLOOKUP(I119,Feuil1!$A$11:$G$29,5),IF(AND(H119>1997,H119<2000),VLOOKUP(I119,Feuil1!$A$11:$G$29,4),IF(AND(H119>1999,H119<2002),VLOOKUP(I119,Feuil1!$A$11:$G$29,3),VLOOKUP(I119,Feuil1!$A$11:$G$29,2))))),IF(OR(H119=\"SEN\",H119<1995),VLOOKUP(I119,Feuil1!$G$11:$L$25,6),IF(AND(H119>1994,H119<1998),VLOOKUP(I119,Feuil1!$G$11:$L$25,5),IF(AND(H119>1997,H119<2000),VLOOKUP(I119,Feuil1!$G$11:$L$25,4),IF(AND(H119>1999,H119<2002),VLOOKUP(I119,Feuil1!$G$11:$L$25,3),VLOOKUP(I119,Feuil1!$G$11:$L$25,2)))))))","v":"C1 56"},53.065720114801948,null," ",{"$f":"T119-HLOOKUP(X119,Feuil1!$C$1:$BL$10,2,FALSE)","v":-16},{"$f":"T119-HLOOKUP(X119,Feuil1!$C$1:$BL$10,3,FALSE)","v":-36},{"$f":"T119-HLOOKUP(X119,Feuil1!$C$1:$BL$10,4,FALSE)","v":-51},{"$f":"T119-HLOOKUP(X119,Feuil1!$C$1:$BL$10,5,FALSE)","v":-66},{"$f":"T119-HLOOKUP(X119,Feuil1!$C$1:$BL$10,6,FALSE)","v":-81},{"$f":"T119-HLOOKUP(X119,Feuil1!$C$1:$BL$10,7,FALSE)","v":-96},{"$f":"T119-HLOOKUP(X119,Feuil1!$C$1:$BL$10,8,FALSE)","v":-111},{"$f":"T119-HLOOKUP(X119,Feuil1!$C$1:$BL$10,9,FALSE)","v":-136},{"$f":"T119-HLOOKUP(X119,Feuil1!$C$1:$BL$10,10,FALSE)","v":-966},null,null,null,null,null,null,"DEB "]
[null,null,null,null,null,null,null,null,null,null,null,null,null,null,null,null,null,null,null,null,null,null,null,null,null,null," ",{"$f":"T120-HLOOKUP(X120,[1]Feuil1!$C$1:$BL$10,2,FALSE)","v":{"$error":"#N/A"}},{"$f":"T120-HLOOKUP(X120,[1]Feuil1!$C$1:$BL$10,3,FALSE)","v":{"$error":"#N/A"}},{"$f":"T120-HLOOKUP(X120,[1]Feuil1!$C$1:$BL$10,4,FALSE)","v":{"$error":"#N/A"}},{"$f":"T120-HLOOKUP(X120,[1]Feuil1!$C$1:$BL$10,5,FALSE)","v":{"$error":"#N/A"}},{"$f":"T120-HLOOKUP(X120,[1]Feuil1!$C$1:$BL$10,6,FALSE)","v":{"$error":"#N/A"}},{"$f":"T120-HLOOKUP(X120,[1]Feuil1!$C$1:$BL$10,7,FALSE)","v":{"$error":"#N/A"}},{"$f":"T120-HLOOKUP(X120,[1]Feuil1!$C$1:$BL$10,8,FALSE)","v":{"$error":"#N/A"}},{"$f":"T120-HLOOKUP(X120,[1]Feuil1!$C$1:$BL$10,9,FALSE)","v":{"$error":"#N/A"}},{"$f":"T120-HLOOKUP(X120,[1]Feuil1!$C$1:$BL$10,10,FALSE)","v":{"$error":"#N/A"}},null,null,null,null,null,null,{"$f":"IF(AJ120>=0,$AJ$4,IF(AI120>=0,$AI$4,IF(AH120>=0,$AH$4,IF(AG120>=0,$AG$4,IF(AF120>=0,$AF$4,IF(AE120>=0,$AE$4,IF(AD120>=0,$AD$4,IF(AC120>=0,$AC$4,$AB$4))))))))","v":{"$error":"#N/A"}}]
["H","NORD","NPC",1,336176,"FARETIE","Sony",2000,61.23,"C.A.ROSENDAEL","F",-73,75,80,{"$f":"IF(H121=\"\",\"\",IF(MAXA(L121:N121)<=0,0,MAXA(L121:N121)))","v":80},-95,95,100,{"$f":"IF(H121=\"\",\"\",IF(MAXA(P121:R121)<=0,0,MAXA(P121:R121)))","v":100},{"$f":"IF(H121=\"\",\"\",IF(OR(O121=0,S121=0),0,O121+S121))","v":180},{"$f":"T121-I121*2","v":57.540000000000006},{"$f":"IF(H121=\"\",\"\",AQ121)","v":"INTB +"},{"$f":"IF(AJ121>=0,AJ121,IF(AI121>=0,AI121,IF(AH121>=0,AH121,IF(AG121>=0,AG121,IF(AF121>=0,AF121,IF(AE121>=0,AE121,IF(AD121>=0,AD121,IF(AC121>=0,AC121,AB121))))))))","v":10},{"$f":"IF(I121=\"\",\"\",IF(A121=\"H\",IF(OR(H121=\"SEN\",H121<1995),VLOOKUP(I121,Feuil1!$A$11:$G$29,6),IF(AND(H121>1994,H121<1998),VLOOKUP(I121,Feuil1!$A$11:$G$29,5),IF(AND(H121>1997,H121<2000),VLOOKUP(I121,Feuil1!$A$11:$G$29,4),IF(AND(H121>1999,H121<2002),VLOOKUP(I121,Feuil1!$A$11:$G$29,3),VLOOKUP(I121,Feuil1!$A$11:$G$29,2))))),IF(OR(H121=\"SEN\",H121<1995),VLOOKUP(I121,Feuil1!$G$11:$L$25,6),IF(AND(H121>1994,H121<1998),VLOOKUP(I121,Feuil1!$G$11:$L$25,5),IF(AND(H121>1997,H121<2000),VLOOKUP(I121,Feuil1!$G$11:$L$25,4),IF(AND(H121>1999,H121<2002),VLOOKUP(I121,Feuil1!$G$11:$L$25,3),VLOOKUP(I121,Feuil1!$G$11:$L$25,2)))))))","v":"C1 62"},{"$f":"IF(I121=\"\",\"\",IF(A121=\"H\",10^(0.794358141*LOG(I121/174.393)^2)*T121,IF(A121=\"F\",10^(0.89726074*LOG(I121/148.026)^2)*T121,\"\")))","v":262.66974392746584},null," ",{"$f":"T121-HLOOKUP(X121,Feuil1!$C$1:$BL$10,2,FALSE)","v":105},{"$f":"T121-HLOOKUP(X121,Feuil1!$C$1:$BL$10,3,FALSE)","v":85},{"$f":"T121-HLOOKUP(X121,Feuil1!$C$1:$BL$10,4,FALSE)","v":75},{"$f":"T121-HLOOKUP(X121,Feuil1!$C$1:$BL$10,5,FALSE)","v":60},{"$f":"T121-HLOOKUP(X121,Feuil1!$C$1:$BL$10,6,FALSE)","v":45},{"$f":"T121-HLOOKUP(X121,Feuil1!$C$1:$BL$10,7,FALSE)","v":30},{"$f":"T121-HLOOKUP(X121,Feuil1!$C$1:$BL$10,8,FALSE)","v":10},{"$f":"T121-HLOOKUP(X121,Feuil1!$C$1:$BL$10,9,FALSE)","v":-10},{"$f":"T121-HLOOKUP(X121,Feuil1!$C$1:$BL$10,10,FALSE)","v":-820},null,null,null,null,null,null,{"$f":"IF(AJ121>=0,$AJ$4,IF(AI121>=0,$AI$4,IF(AH121>=0,$AH$4,IF(AG121>=0,$AG$4,IF(AF121>=0,$AF$4,IF(AE121>=0,$AE$4,IF(AD121>=0,$AD$4,IF(AC121>=0,$AC$4,$AB$4))))))))","v":"INTB +"}]
["H","SEST","LAN ",2,312387,"SERGENT","Enzo",2001,57.8,"Clermont Sports","F",70,73,75,75,95,100,-104,100,175,59.400000000000006,"INTB +",5,{"$f":"IF(I122=\"\",\"\",IF(A122=\"H\",IF(OR(H122=\"SEN\",H122<1995),VLOOKUP(I122,Feuil1!$A$11:$G$29,6),IF(AND(H122>1994,H122<1998),VLOOKUP(I122,Feuil1!$A$11:$G$29,5),IF(AND(H122>1997,H122<2000),VLOOKUP(I122,Feuil1!$A$11:$G$29,4),IF(AND(H122>1999,H122<2002),VLOOKUP(I122,Feuil1!$A$11:$G$29,3),VLOOKUP(I122,Feuil1!$A$11:$G$29,2))))),IF(OR(H122=\"SEN\",H122<1995),VLOOKUP(I122,Feuil1!$G$11:$L$25,6),IF(AND(H122>1994,H122<1998),VLOOKUP(I122,Feuil1!$G$11:$L$25,5),IF(AND(H122>1997,H122<2000),VLOOKUP(I122,Feuil1!$G$11:$L$25,4),IF(AND(H122>1999,H122<2002),VLOOKUP(I122,Feuil1!$G$11:$L$25,3),VLOOKUP(I122,Feuil1!$G$11:$L$25,2)))))))","v":"C1 62"},266.53495931087656,null," ",{"$f":"T122-HLOOKUP(X122,Feuil1!$C$1:$BL$10,2,FALSE)","v":100},{"$f":"T122-HLOOKUP(X122,Feuil1!$C$1:$BL$10,3,FALSE)","v":80},{"$f":"T122-HLOOKUP(X122,Feuil1!$C$1:$BL$10,4,FALSE)","v":70},{"$f":"T122-HLOOKUP(X122,Feuil1!$C$1:$BL$10,5,FALSE)","v":55},{"$f":"T122-HLOOKUP(X122,Feuil1!$C$1:$BL$10,6,FALSE)","v":40},{"$f":"T122-HLOOKUP(X122,Feuil1!$C$1:$BL$10,7,FALSE)","v":25},{"$f":"T122-HLOOKUP(X122,Feuil1!$C$1:$BL$10,8,FALSE)","v":5},{"$f":"T122-HLOOKUP(X122,Feuil1!$C$1:$BL$10,9,FALSE)","v":-15},{"$f":"T122-HLOOKUP(X122,Feuil1!$C$1:$BL$10,10,FALSE)","v":-825},null,null,null,null,null,null,"INTB +"]
["H","DOM","GUA",3,265989,"BERTILI","Bernard",2000,61,"Body Club Domien","F",70,75,80,80,90,95,-100,95,175,53,"INTB +",5,{"$f":"IF(I123=\"\",\"\",IF(A123=\"H\",IF(OR(H123=\"SEN\",H123<1995),VLOOKUP(I123,Feuil1!$A$11:$G$29,6),IF(AND(H123>1994,H123<1998),VLOOKUP(I123,Feuil1!$A$11:$G$29,5),IF(AND(H123>1997,H123<2000),VLOOKUP(I123,Feuil1!$A$11:$G$29,4),IF(AND(H123>1999,H123<2002),VLOOKUP(I123,Feuil1!$A$11:$G$29,3),VLOOKUP(I123,Feuil1!$A$11:$G$29,2))))),IF(OR(H123=\"SEN\",H123<1995),VLOOKUP(I123,Feuil1!$G$11:$L$25,6),IF(AND(H123>1994,H123<1998),VLOOKUP(I123,Feuil1!$G$11:$L$25,5),IF(AND(H123>1997,H123<2000),VLOOKUP(I123,Feuil1!$G$11:$L$25,4),IF(AND(H123>1999,H123<2002),VLOOKUP(I123,Feuil1!$G$11:$L$25,3),VLOOKUP(I123,Feuil1!$G$11:$L$25,2)))))))","v":"C1 62"},256.0696193524995,null," ",{"$f":"T123-HLOOKUP(X123,Feuil1!$C$1:$BL$10,2,FALSE)","v":100},{"$f":"T123-HLOOKUP(X123,Feuil1!$C$1:$BL$10,3,FALSE)","v":80},{"$f":"T123-HLOOKUP(X123,Feuil1!$C$1:$BL$10,4,FALSE)","v":70},{"$f":"T123-HLOOKUP(X123,Feuil1!$C$1:$BL$10,5,FALSE)","v":55},{"$f":"T123-HLOOKUP(X123,Feuil1!$C$1:$BL$10,6,FALSE)","v":40},{"$f":"T123-HLOOKUP(X123,Feuil1!$C$1:$BL$10,7,FALSE)","v":25},{"$f":"T123-HLOOKUP(X123,Feuil1!$C$1:$BL$10,8,FALSE)","v":5},{"$f":"T123-HLOOKUP(X123,Feuil1!$C$1:$BL$10,9,FALSE)","v":-15},{"$f":"T123-HLOOKUP(X123,Feuil1!$C$1:$BL$10,10,FALSE)","v":-825},null,null,null,null,null,null,"INTB +"]
["H","NE","CHA",4,339573,"MKRTCHYAN ","Armen",2000,61.82,"Reims HM","Arm",65,69,72,72,88,93,-97,93,165,41.36,"NAT +",15,{"$f":"IF(I124=\"\",\"\",IF(A124=\"H\",IF(OR(H124=\"SEN\",H124<1995),VLOOKUP(I124,Feuil1!$A$11:$G$29,6),IF(AND(H124>1994,H124<1998),VLOOKUP(I124,Feuil1!$A$11:$G$29,5),IF(AND(H124>1997,H124<2000),VLOOKUP(I124,Feuil1!$A$11:$G$29,4),IF(AND(H124>1999,H124<2002),VLOOKUP(I124,Feuil1!$A$11:$G$29,3),VLOOKUP(I124,Feuil1!$A$11:$G$29,2))))),IF(OR(H124=\"SEN\",H124<1995),VLOOKUP(I124,Feuil1!$G$11:$L$25,6),IF(AND(H124>1994,H124<1998),VLOOKUP(I124,Feuil1!$G$11:$L$25,5),IF(AND(H124>1997,H124<2000),VLOOKUP(I124,Feuil1!$G$11:$L$25,4),IF(AND(H124>1999,H124<2002),VLOOKUP(I124,Feuil1!$G$11:$L$25,3),VLOOKUP(I124,Feuil1!$G$11:$L$25,2)))))))","v":"C1 62"},239.12643988653392,null," ",{"$f":"T124-HLOOKUP(X124,Feuil1!$C$1:$BL$10,2,FALSE)","v":90},{"$f":"T124-HLOOKUP(X124,Feuil1!$C$1:$BL$10,3,FALSE)","v":70},{"$f":"T124-HLOOKUP(X124,Feuil1!$C$1:$BL$10,4,FALSE)","v":60},{"$f":"T124-HLOOKUP(X124,Feuil1!$C$1:$BL$10,5,FALSE)","v":45},{"$f":"T124-HLOOKUP(X124,Feuil1!$C$1:$BL$10,6,FALSE)","v":30},{"$f":"T124-HLOOKUP(X124,Feuil1!$C$1:$BL$10,7,FALSE)","v":15},{"$f":"T124-HLOOKUP(X124,Feuil1!$C$1:$BL$10,8,FALSE)","v":-5},{"$f":"T124-HLOOKUP(X124,Feuil1!$C$1:$BL$10,9,FALSE)","v":-25},{"$f":"T124-HLOOKUP(X124,Feuil1!$C$1:$BL$10,10,FALSE)","v":-835},null,null,null,null,null,null,"NAT +"]
["H","SEST","LAN ",5,331084,"GIAMBRONE","Alexandre",2000,61.34,"Clermont Sports","F",67,70,-72,70,90,-96,-96,90,160,37.319999999999993,"NAT +",10,{"$f":"IF(I125=\"\",\"\",IF(A125=\"H\",IF(OR(H125=\"SEN\",H125<1995),VLOOKUP(I125,Feuil1!$A$11:$G$29,6),IF(AND(H125>1994,H125<1998),VLOOKUP(I125,Feuil1!$A$11:$G$29,5),IF(AND(H125>1997,H125<2000),VLOOKUP(I125,Feuil1!$A$11:$G$29,4),IF(AND(H125>1999,H125<2002),VLOOKUP(I125,Feuil1!$A$11:$G$29,3),VLOOKUP(I125,Feuil1!$A$11:$G$29,2))))),IF(OR(H125=\"SEN\",H125<1995),VLOOKUP(I125,Feuil1!$G$11:$L$25,6),IF(AND(H125>1994,H125<1998),VLOOKUP(I125,Feuil1!$G$11:$L$25,5),IF(AND(H125>1997,H125<2000),VLOOKUP(I125,Feuil1!$G$11:$L$25,4),IF(AND(H125>1999,H125<2002),VLOOKUP(I125,Feuil1!$G$11:$L$25,3),VLOOKUP(I125,Feuil1!$G$11:$L$25,2)))))))","v":"C1 62"},233.18202372543485,null," ",{"$f":"T125-HLOOKUP(X125,Feuil1!$C$1:$BL$10,2,FALSE)","v":85},{"$f":"T125-HLOOKUP(X125,Feuil1!$C$1:$BL$10,3,FALSE)","v":65},{"$f":"T125-HLOOKUP(X125,Feuil1!$C$1:$BL$10,4,FALSE)","v":55},{"$f":"T125-HLOOKUP(X125,Feuil1!$C$1:$BL$10,5,FALSE)","v":40},{"$f":"T125-HLOOKUP(X125,Feuil1!$C$1:$BL$10,6,FALSE)","v":25},{"$f":"T125-HLOOKUP(X125,Feuil1!$C$1:$BL$10,7,FALSE)","v":10},{"$f":"T125-HLOOKUP(X125,Feuil1!$C$1:$BL$10,8,FALSE)","v":-10},{"$f":"T125-HLOOKUP(X125,Feuil1!$C$1:$BL$10,9,FALSE)","v":-30},{"$f":"T125-HLOOKUP(X125,Feuil1!$C$1:$BL$10,10,FALSE)","v":-840},null,null,null,null,null,null,"NAT +"]
["H","CO","BRE",6,324558,"LERUYET","Téo",2000,57.6,"CA Lorient","F",62,65,69,69,73,77,80,80,149,33.799999999999997,"FED +",14,{"$f":"IF(I126=\"\",\"\",IF(A126=\"H\",IF(OR(H126=\"SEN\",H126<1995),VLOOKUP(I126,Feuil1!$A$11:$G$29,6),IF(AND(H126>1994,H126<1998),VLOOKUP(I126,Feuil1!$A$11:$G$29,5),IF(AND(H126>1997,H126<2000),VLOOKUP(I126,Feuil1!$A$11:$G$29,4),IF(AND(H126>1999,H126<2002),VLOOKUP(I126,Feuil1!$A$11:$G$29,3),VLOOKUP(I126,Feuil1!$A$11:$G$29,2))))),IF(OR(H126=\"SEN\",H126<1995),VLOOKUP(I126,Feuil1!$G$11:$L$25,6),IF(AND(H126>1994,H126<1998),VLOOKUP(I126,Feuil1!$G$11:$L$25,5),IF(AND(H126>1997,H126<2000),VLOOKUP(I126,Feuil1!$G$11:$L$25,4),IF(AND(H126>1999,H126<2002),VLOOKUP(I126,Feuil1!$G$11:$L$25,3),VLOOKUP(I126,Feuil1!$G$11:$L$25,2)))))))","v":"C1 62"},227.53656922692468,null," ",{"$f":"T126-HLOOKUP(X126,Feuil1!$C$1:$BL$10,2,FALSE)","v":74},{"$f":"T126-HLOOKUP(X126,Feuil1!$C$1:$BL$10,3,FALSE)","v":54},{"$f":"T126-HLOOKUP(X126,Feuil1!$C$1:$BL$10,4,FALSE)","v":44},{"$f":"T126-HLOOKUP(X126,Feuil1!$C$1:$BL$10,5,FALSE)","v":29},{"$f":"T126-HLOOKUP(X126,Feuil1!$C$1:$BL$10,6,FALSE)","v":14},{"$f":"T126-HLOOKUP(X126,Feuil1!$C$1:$BL$10,7,FALSE)","v":-1},{"$f":"T126-HLOOKUP(X126,Feuil1!$C$1:$BL$10,8,FALSE)","v":-21},{"$f":"T126-HLOOKUP(X126,Feuil1!$C$1:$BL$10,9,FALSE)","v":-41},{"$f":"T126-HLOOKUP(X126,Feuil1!$C$1:$BL$10,10,FALSE)","v":-851},null,null,null,null,null,null,"FED +"]
["H","NORD","NPC",7,304778,"DESMAREST","Dylan",2000,61.2,"CHCD COMINES","F",58,61,-64,61,77,80,85,85,146,23.599999999999994,"FED +",11,{"$f":"IF(I127=\"\",\"\",IF(A127=\"H\",IF(OR(H127=\"SEN\",H127<1995),VLOOKUP(I127,Feuil1!$A$11:$G$29,6),IF(AND(H127>1994,H127<1998),VLOOKUP(I127,Feuil1!$A$11:$G$29,5),IF(AND(H127>1997,H127<2000),VLOOKUP(I127,Feuil1!$A$11:$G$29,4),IF(AND(H127>1999,H127<2002),VLOOKUP(I127,Feuil1!$A$11:$G$29,3),VLOOKUP(I127,Feuil1!$A$11:$G$29,2))))),IF(OR(H127=\"SEN\",H127<1995),VLOOKUP(I127,Feuil1!$G$11:$L$25,6),IF(AND(H127>1994,H127<1998),VLOOKUP(I127,Feuil1!$G$11:$L$25,5),IF(AND(H127>1997,H127<2000),VLOOKUP(I127,Feuil1!$G$11:$L$25,4),IF(AND(H127>1999,H127<2002),VLOOKUP(I127,Feuil1!$G$11:$L$25,3),VLOOKUP(I127,Feuil1!$G$11:$L$25,2)))))))","v":"C1 62"},213.12978312830924,null," ",{"$f":"T127-HLOOKUP(X127,Feuil1!$C$1:$BL$10,2,FALSE)","v":71},{"$f":"T127-HLOOKUP(X127,Feuil1!$C$1:$BL$10,3,FALSE)","v":51},{"$f":"T127-HLOOKUP(X127,Feuil1!$C$1:$BL$10,4,FALSE)","v":41},{"$f":"T127-HLOOKUP(X127,Feuil1!$C$1:$BL$10,5,FALSE)","v":26},{"$f":"T127-HLOOKUP(X127,Feuil1!$C$1:$BL$10,6,FALSE)","v":11},{"$f":"T127-HLOOKUP(X127,Feuil1!$C$1:$BL$10,7,FALSE)","v":-4},{"$f":"T127-HLOOKUP(X127,Feuil1!$C$1:$BL$10,8,FALSE)","v":-24},{"$f":"T127-HLOOKUP(X127,Feuil1!$C$1:$BL$10,9,FALSE)","v":-44},{"$f":"T127-HLOOKUP(X127,Feuil1!$C$1:$BL$10,10,FALSE)","v":-854},null,null,null,null,null,null,"FED +"]
["H","CO","PDL",8,368728,"MELLIER","Romain",2000,57.4,"CA EVRON 53","F",60,65,-67,65,72,77,80,80,145,30.200000000000003,"FED +",10,{"$f":"IF(I128=\"\",\"\",IF(A128=\"H\",IF(OR(H128=\"SEN\",H128<1995),VLOOKUP(I128,Feuil1!$A$11:$G$29,6),IF(AND(H128>1994,H128<1998),VLOOKUP(I128,Feuil1!$A$11:$G$29,5),IF(AND(H128>1997,H128<2000),VLOOKUP(I128,Feuil1!$A$11:$G$29,4),IF(AND(H128>1999,H128<2002),VLOOKUP(I128,Feuil1!$A$11:$G$29,3),VLOOKUP(I128,Feuil1!$A$11:$G$29,2))))),IF(OR(H128=\"SEN\",H128<1995),VLOOKUP(I128,Feuil1!$G$11:$L$25,6),IF(AND(H128>1994,H128<1998),VLOOKUP(I128,Feuil1!$G$11:$L$25,5),IF(AND(H128>1997,H128<2000),VLOOKUP(I128,Feuil1!$G$11:$L$25,4),IF(AND(H128>1999,H128<2002),VLOOKUP(I128,Feuil1!$G$11:$L$25,3),VLOOKUP(I128,Feuil1!$G$11:$L$25,2)))))))","v":"C1 62"},222.01860008259197,null," ",{"$f":"T128-HLOOKUP(X128,Feuil1!$C$1:$BL$10,2,FALSE)","v":70},{"$f":"T128-HLOOKUP(X128,Feuil1!$C$1:$BL$10,3,FALSE)","v":50},{"$f":"T128-HLOOKUP(X128,Feuil1!$C$1:$BL$10,4,FALSE)","v":40},{"$f":"T128-HLOOKUP(X128,Feuil1!$C$1:$BL$10,5,FALSE)","v":25},{"$f":"T128-HLOOKUP(X128,Feuil1!$C$1:$BL$10,6,FALSE)","v":10},{"$f":"T128-HLOOKUP(X128,Feuil1!$C$1:$BL$10,7,FALSE)","v":-5},{"$f":"T128-HLOOKUP(X128,Feuil1!$C$1:$BL$10,8,FALSE)","v":-25},{"$f":"T128-HLOOKUP(X128,Feuil1!$C$1:$BL$10,9,FALSE)","v":-45},{"$f":"T128-HLOOKUP(X128,Feuil1!$C$1:$BL$10,10,FALSE)","v":-855},null,null,null,null,null,null,"FED +"]
["H","N","IDF",9,368739,"CISSOKO","CHRISTOPHER",2000,56.4,"SAINT-MAUR","F",55,-60,60,60,75,80,-83,80,140,27.200000000000003,"FED +",5,{"$f":"IF(I129=\"\",\"\",IF(A129=\"H\",IF(OR(H129=\"SEN\",H129<1995),VLOOKUP(I129,Feuil1!$A$11:$G$29,6),IF(AND(H129>1994,H129<1998),VLOOKUP(I129,Feuil1!$A$11:$G$29,5),IF(AND(H129>1997,H129<2000),VLOOKUP(I129,Feuil1!$A$11:$G$29,4),IF(AND(H129>1999,H129<2002),VLOOKUP(I129,Feuil1!$A$11:$G$29,3),VLOOKUP(I129,Feuil1!$A$11:$G$29,2))))),IF(OR(H129=\"SEN\",H129<1995),VLOOKUP(I129,Feuil1!$G$11:$L$25,6),IF(AND(H129>1994,H129<1998),VLOOKUP(I129,Feuil1!$G$11:$L$25,5),IF(AND(H129>1997,H129<2000),VLOOKUP(I129,Feuil1!$G$11:$L$25,4),IF(AND(H129>1999,H129<2002),VLOOKUP(I129,Feuil1!$G$11:$L$25,3),VLOOKUP(I129,Feuil1!$G$11:$L$25,2)))))))","v":"C1 62"},217.29415764487348,null," ",{"$f":"T129-HLOOKUP(X129,Feuil1!$C$1:$BL$10,2,FALSE)","v":65},{"$f":"T129-HLOOKUP(X129,Feuil1!$C$1:$BL$10,3,FALSE)","v":45},{"$f":"T129-HLOOKUP(X129,Feuil1!$C$1:$BL$10,4,FALSE)","v":35},{"$f":"T129-HLOOKUP(X129,Feuil1!$C$1:$BL$10,5,FALSE)","v":20},{"$f":"T129-HLOOKUP(X129,Feuil1!$C$1:$BL$10,6,FALSE)","v":5},{"$f":"T129-HLOOKUP(X129,Feuil1!$C$1:$BL$10,7,FALSE)","v":-10},{"$f":"T129-HLOOKUP(X129,Feuil1!$C$1:$BL$10,8,FALSE)","v":-30},{"$f":"T129-HLOOKUP(X129,Feuil1!$C$1:$BL$10,9,FALSE)","v":-50},{"$f":"T129-HLOOKUP(X129,Feuil1!$C$1:$BL$10,10,FALSE)","v":-860},null,null,null,null,null,null,"FED +"]
["H","NORD","NPC",10,311932,"MAES","Calvin",2000,61.5,"C.A.ROSENDAEL","F",50,55,58,58,70,75,-78,75,133,10,"IRG +",13,{"$f":"IF(I130=\"\",\"\",IF(A130=\"H\",IF(OR(H130=\"SEN\",H130<1995),VLOOKUP(I130,Feuil1!$A$11:$G$29,6),IF(AND(H130>1994,H130<1998),VLOOKUP(I130,Feuil1!$A$11:$G$29,5),IF(AND(H130>1997,H130<2000),VLOOKUP(I130,Feuil1!$A$11:$G$29,4),IF(AND(H130>1999,H130<2002),VLOOKUP(I130,Feuil1!$A$11:$G$29,3),VLOOKUP(I130,Feuil1!$A$11:$G$29,2))))),IF(OR(H130=\"SEN\",H130<1995),VLOOKUP(I130,Feuil1!$G$11:$L$25,6),IF(AND(H130>1994,H130<1998),VLOOKUP(I130,Feuil1!$G$11:$L$25,5),IF(AND(H130>1997,H130<2000),VLOOKUP(I130,Feuil1!$G$11:$L$25,4),IF(AND(H130>1999,H130<2002),VLOOKUP(I130,Feuil1!$G$11:$L$25,3),VLOOKUP(I130,Feuil1!$G$11:$L$25,2)))))))","v":"C1 62"},193.46932452540381,null," ",{"$f":"T130-HLOOKUP(X130,Feuil1!$C$1:$BL$10,2,FALSE)","v":58},{"$f":"T130-HLOOKUP(X130,Feuil1!$C$1:$BL$10,3,FALSE)","v":38},{"$f":"T130-HLOOKUP(X130,Feuil1!$C$1:$BL$10,4,FALSE)","v":28},{"$f":"T130-HLOOKUP(X130,Feuil1!$C$1:$BL$10,5,FALSE)","v":13},{"$f":"T130-HLOOKUP(X130,Feuil1!$C$1:$BL$10,6,FALSE)","v":-2},{"$f":"T130-HLOOKUP(X130,Feuil1!$C$1:$BL$10,7,FALSE)","v":-17},{"$f":"T130-HLOOKUP(X130,Feuil1!$C$1:$BL$10,8,FALSE)","v":-37},{"$f":"T130-HLOOKUP(X130,Feuil1!$C$1:$BL$10,9,FALSE)","v":-57},{"$f":"T130-HLOOKUP(X130,Feuil1!$C$1:$BL$10,10,FALSE)","v":-867},null,null,null,null,null,null,"IRG +"]
["H","NORD","NPC",11,355670,"LESSCHAVE","Théo",2000,59.25,"ASPTT LILLE","F",57,-61,-61,57,70,-74,-78,70,127,8.5,"IRG +",7,{"$f":"IF(I131=\"\",\"\",IF(A131=\"H\",IF(OR(H131=\"SEN\",H131<1995),VLOOKUP(I131,Feuil1!$A$11:$G$29,6),IF(AND(H131>1994,H131<1998),VLOOKUP(I131,Feuil1!$A$11:$G$29,5),IF(AND(H131>1997,H131<2000),VLOOKUP(I131,Feuil1!$A$11:$G$29,4),IF(AND(H131>1999,H131<2002),VLOOKUP(I131,Feuil1!$A$11:$G$29,3),VLOOKUP(I131,Feuil1!$A$11:$G$29,2))))),IF(OR(H131=\"SEN\",H131<1995),VLOOKUP(I131,Feuil1!$G$11:$L$25,6),IF(AND(H131>1994,H131<1998),VLOOKUP(I131,Feuil1!$G$11:$L$25,5),IF(AND(H131>1997,H131<2000),VLOOKUP(I131,Feuil1!$G$11:$L$25,4),IF(AND(H131>1999,H131<2002),VLOOKUP(I131,Feuil1!$G$11:$L$25,3),VLOOKUP(I131,Feuil1!$G$11:$L$25,2)))))))","v":"C1 62"},189.85098381756649,null," ",{"$f":"T131-HLOOKUP(X131,Feuil1!$C$1:$BL$10,2,FALSE)","v":52},{"$f":"T131-HLOOKUP(X131,Feuil1!$C$1:$BL$10,3,FALSE)","v":32},{"$f":"T131-HLOOKUP(X131,Feuil1!$C$1:$BL$10,4,FALSE)","v":22},{"$f":"T131-HLOOKUP(X131,Feuil1!$C$1:$BL$10,5,FALSE)","v":7},{"$f":"T131-HLOOKUP(X131,Feuil1!$C$1:$BL$10,6,FALSE)","v":-8},{"$f":"T131-HLOOKUP(X131,Feuil1!$C$1:$BL$10,7,FALSE)","v":-23},{"$f":"T131-HLOOKUP(X131,Feuil1!$C$1:$BL$10,8,FALSE)","v":-43},{"$f":"T131-HLOOKUP(X131,Feuil1!$C$1:$BL$10,9,FALSE)","v":-63},{"$f":"T131-HLOOKUP(X131,Feuil1!$C$1:$BL$10,10,FALSE)","v":-873},null,null,null,null,null,null,"IRG +"]
["H","SEST","RAL",12,304551,"DOMINGUEZ","Gaetan",2001,59.9,"Gauloise de Vaise","F",-55,55,-62,55,65,72,-80,72,127,7.2000000000000028,"IRG +",7,{"$f":"IF(I132=\"\",\"\",IF(A132=\"H\",IF(OR(H132=\"SEN\",H132<1995),VLOOKUP(I132,Feuil1!$A$11:$G$29,6),IF(AND(H132>1994,H132<1998),VLOOKUP(I132,Feuil1!$A$11:$G$29,5),IF(AND(H132>1997,H132<2000),VLOOKUP(I132,Feuil1!$A$11:$G$29,4),IF(AND(H132>1999,H132<2002),VLOOKUP(I132,Feuil1!$A$11:$G$29,3),VLOOKUP(I132,Feuil1!$A$11:$G$29,2))))),IF(OR(H132=\"SEN\",H132<1995),VLOOKUP(I132,Feuil1!$G$11:$L$25,6),IF(AND(H132>1994,H132<1998),VLOOKUP(I132,Feuil1!$G$11:$L$25,5),IF(AND(H132>1997,H132<2000),VLOOKUP(I132,Feuil1!$G$11:$L$25,4),IF(AND(H132>1999,H132<2002),VLOOKUP(I132,Feuil1!$G$11:$L$25,3),VLOOKUP(I132,Feuil1!$G$11:$L$25,2)))))))","v":"C1 62"},188.32206911920622,null," ",{"$f":"T132-HLOOKUP(X132,Feuil1!$C$1:$BL$10,2,FALSE)","v":52},{"$f":"T132-HLOOKUP(X132,Feuil1!$C$1:$BL$10,3,FALSE)","v":32},{"$f":"T132-HLOOKUP(X132,Feuil1!$C$1:$BL$10,4,FALSE)","v":22},{"$f":"T132-HLOOKUP(X132,Feuil1!$C$1:$BL$10,5,FALSE)","v":7},{"$f":"T132-HLOOKUP(X132,Feuil1!$C$1:$BL$10,6,FALSE)","v":-8},{"$f":"T132-HLOOKUP(X132,Feuil1!$C$1:$BL$10,7,FALSE)","v":-23},{"$f":"T132-HLOOKUP(X132,Feuil1!$C$1:$BL$10,8,FALSE)","v":-43},{"$f":"T132-HLOOKUP(X132,Feuil1!$C$1:$BL$10,9,FALSE)","v":-63},{"$f":"T132-HLOOKUP(X132,Feuil1!$C$1:$BL$10,10,FALSE)","v":-873},null,null,null,null,null,null,"IRG +"]
["H","SEST","PRO",13,369617,"GIRARD","Maxime",2001,57,"ISTRES SPORTS",null,47,51,-55,51,67,71,75,75,126,12,"IRG +",6,{"$f":"IF(I133=\"\",\"\",IF(A133=\"H\",IF(OR(H133=\"SEN\",H133<1995),VLOOKUP(I133,Feuil1!$A$11:$G$29,6),IF(AND(H133>1994,H133<1998),VLOOKUP(I133,Feuil1!$A$11:$G$29,5),IF(AND(H133>1997,H133<2000),VLOOKUP(I133,Feuil1!$A$11:$G$29,4),IF(AND(H133>1999,H133<2002),VLOOKUP(I133,Feuil1!$A$11:$G$29,3),VLOOKUP(I133,Feuil1!$A$11:$G$29,2))))),IF(OR(H133=\"SEN\",H133<1995),VLOOKUP(I133,Feuil1!$G$11:$L$25,6),IF(AND(H133>1994,H133<1998),VLOOKUP(I133,Feuil1!$G$11:$L$25,5),IF(AND(H133>1997,H133<2000),VLOOKUP(I133,Feuil1!$G$11:$L$25,4),IF(AND(H133>1999,H133<2002),VLOOKUP(I133,Feuil1!$G$11:$L$25,3),VLOOKUP(I133,Feuil1!$G$11:$L$25,2)))))))","v":"C1 62"},193.96700162343456,null," ",{"$f":"T133-HLOOKUP(X133,Feuil1!$C$1:$BL$10,2,FALSE)","v":51},{"$f":"T133-HLOOKUP(X133,Feuil1!$C$1:$BL$10,3,FALSE)","v":31},{"$f":"T133-HLOOKUP(X133,Feuil1!$C$1:$BL$10,4,FALSE)","v":21},{"$f":"T133-HLOOKUP(X133,Feuil1!$C$1:$BL$10,5,FALSE)","v":6},{"$f":"T133-HLOOKUP(X133,Feuil1!$C$1:$BL$10,6,FALSE)","v":-9},{"$f":"T133-HLOOKUP(X133,Feuil1!$C$1:$BL$10,7,FALSE)","v":-24},{"$f":"T133-HLOOKUP(X133,Feuil1!$C$1:$BL$10,8,FALSE)","v":-44},{"$f":"T133-HLOOKUP(X133,Feuil1!$C$1:$BL$10,9,FALSE)","v":-64},{"$f":"T133-HLOOKUP(X133,Feuil1!$C$1:$BL$10,10,FALSE)","v":-874},null,null,null,null,null,null,"IRG +"]
["H","N","IDF",14,383017,"THAN ","YVES-OLIVIER",2000,60.6,"SAINT-MAUR","F",45,50,-55,50,65,70,75,75,125,3.7999999999999972,"IRG +",5,{"$f":"IF(I134=\"\",\"\",IF(A134=\"H\",IF(OR(H134=\"SEN\",H134<1995),VLOOKUP(I134,Feuil1!$A$11:$G$29,6),IF(AND(H134>1994,H134<1998),VLOOKUP(I134,Feuil1!$A$11:$G$29,5),IF(AND(H134>1997,H134<2000),VLOOKUP(I134,Feuil1!$A$11:$G$29,4),IF(AND(H134>1999,H134<2002),VLOOKUP(I134,Feuil1!$A$11:$G$29,3),VLOOKUP(I134,Feuil1!$A$11:$G$29,2))))),IF(OR(H134=\"SEN\",H134<1995),VLOOKUP(I134,Feuil1!$G$11:$L$25,6),IF(AND(H134>1994,H134<1998),VLOOKUP(I134,Feuil1!$G$11:$L$25,5),IF(AND(H134>1997,H134<2000),VLOOKUP(I134,Feuil1!$G$11:$L$25,4),IF(AND(H134>1999,H134<2002),VLOOKUP(I134,Feuil1!$G$11:$L$25,3),VLOOKUP(I134,Feuil1!$G$11:$L$25,2)))))))","v":"C1 62"},183.78384317490634,null," ",{"$f":"T134-HLOOKUP(X134,Feuil1!$C$1:$BL$10,2,FALSE)","v":50},{"$f":"T134-HLOOKUP(X134,Feuil1!$C$1:$BL$10,3,FALSE)","v":30},{"$f":"T134-HLOOKUP(X134,Feuil1!$C$1:$BL$10,4,FALSE)","v":20},{"$f":"T134-HLOOKUP(X134,Feuil1!$C$1:$BL$10,5,FALSE)","v":5},{"$f":"T134-HLOOKUP(X134,Feuil1!$C$1:$BL$10,6,FALSE)","v":-10},{"$f":"T134-HLOOKUP(X134,Feuil1!$C$1:$BL$10,7,FALSE)","v":-25},{"$f":"T134-HLOOKUP(X134,Feuil1!$C$1:$BL$10,8,FALSE)","v":-45},{"$f":"T134-HLOOKUP(X134,Feuil1!$C$1:$BL$10,9,FALSE)","v":-65},{"$f":"T134-HLOOKUP(X134,Feuil1!$C$1:$BL$10,10,FALSE)","v":-875},null,null,null,null,null,null,"IRG +"]
["H","SEST","PRO",15,354303,"GUERIN","Hugo ",2001,61.2,"EEAR MONTEUX",null,48,52,54,54,61,66,68,68,122,-0.40000000000000568,"IRG +",2,{"$f":"IF(I135=\"\",\"\",IF(A135=\"H\",IF(OR(H135=\"SEN\",H135<1995),VLOOKUP(I135,Feuil1!$A$11:$G$29,6),IF(AND(H135>1994,H135<1998),VLOOKUP(I135,Feuil1!$A$11:$G$29,5),IF(AND(H135>1997,H135<2000),VLOOKUP(I135,Feuil1!$A$11:$G$29,4),IF(AND(H135>1999,H135<2002),VLOOKUP(I135,Feuil1!$A$11:$G$29,3),VLOOKUP(I135,Feuil1!$A$11:$G$29,2))))),IF(OR(H135=\"SEN\",H135<1995),VLOOKUP(I135,Feuil1!$G$11:$L$25,6),IF(AND(H135>1994,H135<1998),VLOOKUP(I135,Feuil1!$G$11:$L$25,5),IF(AND(H135>1997,H135<2000),VLOOKUP(I135,Feuil1!$G$11:$L$25,4),IF(AND(H135>1999,H135<2002),VLOOKUP(I135,Feuil1!$G$11:$L$25,3),VLOOKUP(I135,Feuil1!$G$11:$L$25,2)))))))","v":"C1 62"},178.09475028529951,null," ",{"$f":"T135-HLOOKUP(X135,Feuil1!$C$1:$BL$10,2,FALSE)","v":47},{"$f":"T135-HLOOKUP(X135,Feuil1!$C$1:$BL$10,3,FALSE)","v":27},{"$f":"T135-HLOOKUP(X135,Feuil1!$C$1:$BL$10,4,FALSE)","v":17},{"$f":"T135-HLOOKUP(X135,Feuil1!$C$1:$BL$10,5,FALSE)","v":2},{"$f":"T135-HLOOKUP(X135,Feuil1!$C$1:$BL$10,6,FALSE)","v":-13},{"$f":"T135-HLOOKUP(X135,Feuil1!$C$1:$BL$10,7,FALSE)","v":-28},{"$f":"T135-HLOOKUP(X135,Feuil1!$C$1:$BL$10,8,FALSE)","v":-48},{"$f":"T135-HLOOKUP(X135,Feuil1!$C$1:$BL$10,9,FALSE)","v":-68},{"$f":"T135-HLOOKUP(X135,Feuil1!$C$1:$BL$10,10,FALSE)","v":-878},null,null,null,null,null,null,"IRG +"]
["H","NORD","NPC",16,248951,"KEMPENAIRE","Cédric",2001,57.1,"CHCD COMINES","F",50,53,-55,53,65,-68,68,68,121,6.7999999999999972,"IRG +",1,{"$f":"IF(I136=\"\",\"\",IF(A136=\"H\",IF(OR(H136=\"SEN\",H136<1995),VLOOKUP(I136,Feuil1!$A$11:$G$29,6),IF(AND(H136>1994,H136<1998),VLOOKUP(I136,Feuil1!$A$11:$G$29,5),IF(AND(H136>1997,H136<2000),VLOOKUP(I136,Feuil1!$A$11:$G$29,4),IF(AND(H136>1999,H136<2002),VLOOKUP(I136,Feuil1!$A$11:$G$29,3),VLOOKUP(I136,Feuil1!$A$11:$G$29,2))))),IF(OR(H136=\"SEN\",H136<1995),VLOOKUP(I136,Feuil1!$G$11:$L$25,6),IF(AND(H136>1994,H136<1998),VLOOKUP(I136,Feuil1!$G$11:$L$25,5),IF(AND(H136>1997,H136<2000),VLOOKUP(I136,Feuil1!$G$11:$L$25,4),IF(AND(H136>1999,H136<2002),VLOOKUP(I136,Feuil1!$G$11:$L$25,3),VLOOKUP(I136,Feuil1!$G$11:$L$25,2)))))))","v":"C1 62"},186.01834700292906,null," ",{"$f":"T136-HLOOKUP(X136,Feuil1!$C$1:$BL$10,2,FALSE)","v":46},{"$f":"T136-HLOOKUP(X136,Feuil1!$C$1:$BL$10,3,FALSE)","v":26},{"$f":"T136-HLOOKUP(X136,Feuil1!$C$1:$BL$10,4,FALSE)","v":16},{"$f":"T136-HLOOKUP(X136,Feuil1!$C$1:$BL$10,5,FALSE)","v":1},{"$f":"T136-HLOOKUP(X136,Feuil1!$C$1:$BL$10,6,FALSE)","v":-14},{"$f":"T136-HLOOKUP(X136,Feuil1!$C$1:$BL$10,7,FALSE)","v":-29},{"$f":"T136-HLOOKUP(X136,Feuil1!$C$1:$BL$10,8,FALSE)","v":-49},{"$f":"T136-HLOOKUP(X136,Feuil1!$C$1:$BL$10,9,FALSE)","v":-69},{"$f":"T136-HLOOKUP(X136,Feuil1!$C$1:$BL$10,10,FALSE)","v":-879},null,null,null,null,null,null,"IRG +"]
["H","NE","FCO",17,350181,"BERTHELIN","Simon",2000,58.7,"CH Luxeuil","F",45,48,51,51,60,65,69,69,120,2.5999999999999943,"IRG +",0,{"$f":"IF(I137=\"\",\"\",IF(A137=\"H\",IF(OR(H137=\"SEN\",H137<1995),VLOOKUP(I137,Feuil1!$A$11:$G$29,6),IF(AND(H137>1994,H137<1998),VLOOKUP(I137,Feuil1!$A$11:$G$29,5),IF(AND(H137>1997,H137<2000),VLOOKUP(I137,Feuil1!$A$11:$G$29,4),IF(AND(H137>1999,H137<2002),VLOOKUP(I137,Feuil1!$A$11:$G$29,3),VLOOKUP(I137,Feuil1!$A$11:$G$29,2))))),IF(OR(H137=\"SEN\",H137<1995),VLOOKUP(I137,Feuil1!$G$11:$L$25,6),IF(AND(H137>1994,H137<1998),VLOOKUP(I137,Feuil1!$G$11:$L$25,5),IF(AND(H137>1997,H137<2000),VLOOKUP(I137,Feuil1!$G$11:$L$25,4),IF(AND(H137>1999,H137<2002),VLOOKUP(I137,Feuil1!$G$11:$L$25,3),VLOOKUP(I137,Feuil1!$G$11:$L$25,2)))))))","v":"C1 62"},180.64263478881625,null," ",{"$f":"T137-HLOOKUP(X137,Feuil1!$C$1:$BL$10,2,FALSE)","v":45},{"$f":"T137-HLOOKUP(X137,Feuil1!$C$1:$BL$10,3,FALSE)","v":25},{"$f":"T137-HLOOKUP(X137,Feuil1!$C$1:$BL$10,4,FALSE)","v":15},{"$f":"T137-HLOOKUP(X137,Feuil1!$C$1:$BL$10,5,FALSE)","v":0},{"$f":"T137-HLOOKUP(X137,Feuil1!$C$1:$BL$10,6,FALSE)","v":-15},{"$f":"T137-HLOOKUP(X137,Feuil1!$C$1:$BL$10,7,FALSE)","v":-30},{"$f":"T137-HLOOKUP(X137,Feuil1!$C$1:$BL$10,8,FALSE)","v":-50},{"$f":"T137-HLOOKUP(X137,Feuil1!$C$1:$BL$10,9,FALSE)","v":-70},{"$f":"T137-HLOOKUP(X137,Feuil1!$C$1:$BL$10,10,FALSE)","v":-880},null,null,null,null,null,null,"IRG +"]
["H","N","IDF",18,366087,"SACOTTE","ARTHUR",2000,59.9,"MELUN","F",50,55,-58,55,60,65,-70,65,120,0.20000000000000284,"IRG +",0,{"$f":"IF(I138=\"\",\"\",IF(A138=\"H\",IF(OR(H138=\"SEN\",H138<1995),VLOOKUP(I138,Feuil1!$A$11:$G$29,6),IF(AND(H138>1994,H138<1998),VLOOKUP(I138,Feuil1!$A$11:$G$29,5),IF(AND(H138>1997,H138<2000),VLOOKUP(I138,Feuil1!$A$11:$G$29,4),IF(AND(H138>1999,H138<2002),VLOOKUP(I138,Feuil1!$A$11:$G$29,3),VLOOKUP(I138,Feuil1!$A$11:$G$29,2))))),IF(OR(H138=\"SEN\",H138<1995),VLOOKUP(I138,Feuil1!$G$11:$L$25,6),IF(AND(H138>1994,H138<1998),VLOOKUP(I138,Feuil1!$G$11:$L$25,5),IF(AND(H138>1997,H138<2000),VLOOKUP(I138,Feuil1!$G$11:$L$25,4),IF(AND(H138>1999,H138<2002),VLOOKUP(I138,Feuil1!$G$11:$L$25,3),VLOOKUP(I138,Feuil1!$G$11:$L$25,2)))))))","v":"C1 62"},177.94211255358067,null," ",{"$f":"T138-HLOOKUP(X138,Feuil1!$C$1:$BL$10,2,FALSE)","v":45},{"$f":"T138-HLOOKUP(X138,Feuil1!$C$1:$BL$10,3,FALSE)","v":25},{"$f":"T138-HLOOKUP(X138,Feuil1!$C$1:$BL$10,4,FALSE)","v":15},{"$f":"T138-HLOOKUP(X138,Feuil1!$C$1:$BL$10,5,FALSE)","v":0},{"$f":"T138-HLOOKUP(X138,Feuil1!$C$1:$BL$10,6,FALSE)","v":-15},{"$f":"T138-HLOOKUP(X138,Feuil1!$C$1:$BL$10,7,FALSE)","v":-30},{"$f":"T138-HLOOKUP(X138,Feuil1!$C$1:$BL$10,8,FALSE)","v":-50},{"$f":"T138-HLOOKUP(X138,Feuil1!$C$1:$BL$10,9,FALSE)","v":-70},{"$f":"T138-HLOOKUP(X138,Feuil1!$C$1:$BL$10,10,FALSE)","v":-880},null,null,null,null,null,null,"IRG +"]
["H","CO","BNO",19,327978,"PANNIER","Quentin",2000,61.9,"Caen CHM","F",45,50,-54,50,65,-70,70,70,120,-3.7999999999999972,"IRG +",0,{"$f":"IF(I139=\"\",\"\",IF(A139=\"H\",IF(OR(H139=\"SEN\",H139<1995),VLOOKUP(I139,Feuil1!$A$11:$G$29,6),IF(AND(H139>1994,H139<1998),VLOOKUP(I139,Feuil1!$A$11:$G$29,5),IF(AND(H139>1997,H139<2000),VLOOKUP(I139,Feuil1!$A$11:$G$29,4),IF(AND(H139>1999,H139<2002),VLOOKUP(I139,Feuil1!$A$11:$G$29,3),VLOOKUP(I139,Feuil1!$A$11:$G$29,2))))),IF(OR(H139=\"SEN\",H139<1995),VLOOKUP(I139,Feuil1!$G$11:$L$25,6),IF(AND(H139>1994,H139<1998),VLOOKUP(I139,Feuil1!$G$11:$L$25,5),IF(AND(H139>1997,H139<2000),VLOOKUP(I139,Feuil1!$G$11:$L$25,4),IF(AND(H139>1999,H139<2002),VLOOKUP(I139,Feuil1!$G$11:$L$25,3),VLOOKUP(I139,Feuil1!$G$11:$L$25,2)))))))","v":"C1 62"},173.7493780486285,null," ",{"$f":"T139-HLOOKUP(X139,Feuil1!$C$1:$BL$10,2,FALSE)","v":45},{"$f":"T139-HLOOKUP(X139,Feuil1!$C$1:$BL$10,3,FALSE)","v":25},{"$f":"T139-HLOOKUP(X139,Feuil1!$C$1:$BL$10,4,FALSE)","v":15},{"$f":"T139-HLOOKUP(X139,Feuil1!$C$1:$BL$10,5,FALSE)","v":0},{"$f":"T139-HLOOKUP(X139,Feuil1!$C$1:$BL$10,6,FALSE)","v":-15},{"$f":"T139-HLOOKUP(X139,Feuil1!$C$1:$BL$10,7,FALSE)","v":-30},{"$f":"T139-HLOOKUP(X139,Feuil1!$C$1:$BL$10,8,FALSE)","v":-50},{"$f":"T139-HLOOKUP(X139,Feuil1!$C$1:$BL$10,9,FALSE)","v":-70},{"$f":"T139-HLOOKUP(X139,Feuil1!$C$1:$BL$10,10,FALSE)","v":-880},null,null,null,null,null,null,"IRG +"]
["H","DOM","GUA",20,382074,"LUERRE","Joé",2000,61,"ASCPG/Rémire Montjoly","F",45,50,-53,50,60,65,-70,65,115,-7,"REG +",10,{"$f":"IF(I140=\"\",\"\",IF(A140=\"H\",IF(OR(H140=\"SEN\",H140<1995),VLOOKUP(I140,Feuil1!$A$11:$G$29,6),IF(AND(H140>1994,H140<1998),VLOOKUP(I140,Feuil1!$A$11:$G$29,5),IF(AND(H140>1997,H140<2000),VLOOKUP(I140,Feuil1!$A$11:$G$29,4),IF(AND(H140>1999,H140<2002),VLOOKUP(I140,Feuil1!$A$11:$G$29,3),VLOOKUP(I140,Feuil1!$A$11:$G$29,2))))),IF(OR(H140=\"SEN\",H140<1995),VLOOKUP(I140,Feuil1!$G$11:$L$25,6),IF(AND(H140>1994,H140<1998),VLOOKUP(I140,Feuil1!$G$11:$L$25,5),IF(AND(H140>1997,H140<2000),VLOOKUP(I140,Feuil1!$G$11:$L$25,4),IF(AND(H140>1999,H140<2002),VLOOKUP(I140,Feuil1!$G$11:$L$25,3),VLOOKUP(I140,Feuil1!$G$11:$L$25,2)))))))","v":"C1 62"},168.27432128878539,null," ",{"$f":"T140-HLOOKUP(X140,Feuil1!$C$1:$BL$10,2,FALSE)","v":40},{"$f":"T140-HLOOKUP(X140,Feuil1!$C$1:$BL$10,3,FALSE)","v":20},{"$f":"T140-HLOOKUP(X140,Feuil1!$C$1:$BL$10,4,FALSE)","v":10},{"$f":"T140-HLOOKUP(X140,Feuil1!$C$1:$BL$10,5,FALSE)","v":-5},{"$f":"T140-HLOOKUP(X140,Feuil1!$C$1:$BL$10,6,FALSE)","v":-20},{"$f":"T140-HLOOKUP(X140,Feuil1!$C$1:$BL$10,7,FALSE)","v":-35},{"$f":"T140-HLOOKUP(X140,Feuil1!$C$1:$BL$10,8,FALSE)","v":-55},{"$f":"T140-HLOOKUP(X140,Feuil1!$C$1:$BL$10,9,FALSE)","v":-75},{"$f":"T140-HLOOKUP(X140,Feuil1!$C$1:$BL$10,10,FALSE)","v":-885},null,null,null,null,null,null,"REG +"]
["H","SEST","PRO",21,344412,"MATS","Arthur",2001,58.3,"EEAR MONTEUX",null,44,48,51,51,55,59,62,62,113,-3.5999999999999943,"REG +",8,{"$f":"IF(I141=\"\",\"\",IF(A141=\"H\",IF(OR(H141=\"SEN\",H141<1995),VLOOKUP(I141,Feuil1!$A$11:$G$29,6),IF(AND(H141>1994,H141<1998),VLOOKUP(I141,Feuil1!$A$11:$G$29,5),IF(AND(H141>1997,H141<2000),VLOOKUP(I141,Feuil1!$A$11:$G$29,4),IF(AND(H141>1999,H141<2002),VLOOKUP(I141,Feuil1!$A$11:$G$29,3),VLOOKUP(I141,Feuil1!$A$11:$G$29,2))))),IF(OR(H141=\"SEN\",H141<1995),VLOOKUP(I141,Feuil1!$G$11:$L$25,6),IF(AND(H141>1994,H141<1998),VLOOKUP(I141,Feuil1!$G$11:$L$25,5),IF(AND(H141>1997,H141<2000),VLOOKUP(I141,Feuil1!$G$11:$L$25,4),IF(AND(H141>1999,H141<2002),VLOOKUP(I141,Feuil1!$G$11:$L$25,3),VLOOKUP(I141,Feuil1!$G$11:$L$25,2)))))))","v":"C1 62"},170.98399127135565,null," ",{"$f":"T141-HLOOKUP(X141,Feuil1!$C$1:$BL$10,2,FALSE)","v":38},{"$f":"T141-HLOOKUP(X141,Feuil1!$C$1:$BL$10,3,FALSE)","v":18},{"$f":"T141-HLOOKUP(X141,Feuil1!$C$1:$BL$10,4,FALSE)","v":8},{"$f":"T141-HLOOKUP(X141,Feuil1!$C$1:$BL$10,5,FALSE)","v":-7},{"$f":"T141-HLOOKUP(X141,Feuil1!$C$1:$BL$10,6,FALSE)","v":-22},{"$f":"T141-HLOOKUP(X141,Feuil1!$C$1:$BL$10,7,FALSE)","v":-37},{"$f":"T141-HLOOKUP(X141,Feuil1!$C$1:$BL$10,8,FALSE)","v":-57},{"$f":"T141-HLOOKUP(X141,Feuil1!$C$1:$BL$10,9,FALSE)","v":-77},{"$f":"T141-HLOOKUP(X141,Feuil1!$C$1:$BL$10,10,FALSE)","v":-887},null,null,null,null,null,null,"REG +"]
["H","SEST","PRO",22,389955,"BERNARD","QUENTIN",2000,61.68,"CHC MONDRAGON",null,42,45,-48,45,60,-65,65,65,110,-13.36,"REG +",5,{"$f":"IF(I142=\"\",\"\",IF(A142=\"H\",IF(OR(H142=\"SEN\",H142<1995),VLOOKUP(I142,Feuil1!$A$11:$G$29,6),IF(AND(H142>1994,H142<1998),VLOOKUP(I142,Feuil1!$A$11:$G$29,5),IF(AND(H142>1997,H142<2000),VLOOKUP(I142,Feuil1!$A$11:$G$29,4),IF(AND(H142>1999,H142<2002),VLOOKUP(I142,Feuil1!$A$11:$G$29,3),VLOOKUP(I142,Feuil1!$A$11:$G$29,2))))),IF(OR(H142=\"SEN\",H142<1995),VLOOKUP(I142,Feuil1!$G$11:$L$25,6),IF(AND(H142>1994,H142<1998),VLOOKUP(I142,Feuil1!$G$11:$L$25,5),IF(AND(H142>1997,H142<2000),VLOOKUP(I142,Feuil1!$G$11:$L$25,4),IF(AND(H142>1999,H142<2002),VLOOKUP(I142,Feuil1!$G$11:$L$25,3),VLOOKUP(I142,Feuil1!$G$11:$L$25,2)))))))","v":"C1 62"},159.6767457600219,null," ",{"$f":"T142-HLOOKUP(X142,Feuil1!$C$1:$BL$10,2,FALSE)","v":35},{"$f":"T142-HLOOKUP(X142,Feuil1!$C$1:$BL$10,3,FALSE)","v":15},{"$f":"T142-HLOOKUP(X142,Feuil1!$C$1:$BL$10,4,FALSE)","v":5},{"$f":"T142-HLOOKUP(X142,Feuil1!$C$1:$BL$10,5,FALSE)","v":-10},{"$f":"T142-HLOOKUP(X142,Feuil1!$C$1:$BL$10,6,FALSE)","v":-25},{"$f":"T142-HLOOKUP(X142,Feuil1!$C$1:$BL$10,7,FALSE)","v":-40},{"$f":"T142-HLOOKUP(X142,Feuil1!$C$1:$BL$10,8,FALSE)","v":-60},{"$f":"T142-HLOOKUP(X142,Feuil1!$C$1:$BL$10,9,FALSE)","v":-80},{"$f":"T142-HLOOKUP(X142,Feuil1!$C$1:$BL$10,10,FALSE)","v":-890},null,null,null,null,null,null,"REG +"]
["H","SEST","CAZ",23,360583,"LECOMTE","Cameron",2000,57,"ES VILLENEUVE LOUBET","F",46,48,50,50,55,57,-60,57,107,-7,"REG +",2,{"$f":"IF(I143=\"\",\"\",IF(A143=\"H\",IF(OR(H143=\"SEN\",H143<1995),VLOOKUP(I143,Feuil1!$A$11:$G$29,6),IF(AND(H143>1994,H143<1998),VLOOKUP(I143,Feuil1!$A$11:$G$29,5),IF(AND(H143>1997,H143<2000),VLOOKUP(I143,Feuil1!$A$11:$G$29,4),IF(AND(H143>1999,H143<2002),VLOOKUP(I143,Feuil1!$A$11:$G$29,3),VLOOKUP(I143,Feuil1!$A$11:$G$29,2))))),IF(OR(H143=\"SEN\",H143<1995),VLOOKUP(I143,Feuil1!$G$11:$L$25,6),IF(AND(H143>1994,H143<1998),VLOOKUP(I143,Feuil1!$G$11:$L$25,5),IF(AND(H143>1997,H143<2000),VLOOKUP(I143,Feuil1!$G$11:$L$25,4),IF(AND(H143>1999,H143<2002),VLOOKUP(I143,Feuil1!$G$11:$L$25,3),VLOOKUP(I143,Feuil1!$G$11:$L$25,2)))))))","v":"C1 62"},164.71800931513886,null," ",{"$f":"T143-HLOOKUP(X143,Feuil1!$C$1:$BL$10,2,FALSE)","v":32},{"$f":"T143-HLOOKUP(X143,Feuil1!$C$1:$BL$10,3,FALSE)","v":12},{"$f":"T143-HLOOKUP(X143,Feuil1!$C$1:$BL$10,4,FALSE)","v":2},{"$f":"T143-HLOOKUP(X143,Feuil1!$C$1:$BL$10,5,FALSE)","v":-13},{"$f":"T143-HLOOKUP(X143,Feuil1!$C$1:$BL$10,6,FALSE)","v":-28},{"$f":"T143-HLOOKUP(X143,Feuil1!$C$1:$BL$10,7,FALSE)","v":-43},{"$f":"T143-HLOOKUP(X143,Feuil1!$C$1:$BL$10,8,FALSE)","v":-63},{"$f":"T143-HLOOKUP(X143,Feuil1!$C$1:$BL$10,9,FALSE)","v":-83},{"$f":"T143-HLOOKUP(X143,Feuil1!$C$1:$BL$10,10,FALSE)","v":-893},null,null,null,null,null,null,"REG +"]
["H","DOM","REU",24,323500,"ROCROU","GILLES",2000,56.9,"SCHM St Paul","F",40,45,-50,45,50,55,60,60,105,-8.7999999999999972,"REG +",0,{"$f":"IF(I144=\"\",\"\",IF(A144=\"H\",IF(OR(H144=\"SEN\",H144<1995),VLOOKUP(I144,Feuil1!$A$11:$G$29,6),IF(AND(H144>1994,H144<1998),VLOOKUP(I144,Feuil1!$A$11:$G$29,5),IF(AND(H144>1997,H144<2000),VLOOKUP(I144,Feuil1!$A$11:$G$29,4),IF(AND(H144>1999,H144<2002),VLOOKUP(I144,Feuil1!$A$11:$G$29,3),VLOOKUP(I144,Feuil1!$A$11:$G$29,2))))),IF(OR(H144=\"SEN\",H144<1995),VLOOKUP(I144,Feuil1!$G$11:$L$25,6),IF(AND(H144>1994,H144<1998),VLOOKUP(I144,Feuil1!$G$11:$L$25,5),IF(AND(H144>1997,H144<2000),VLOOKUP(I144,Feuil1!$G$11:$L$25,4),IF(AND(H144>1999,H144<2002),VLOOKUP(I144,Feuil1!$G$11:$L$25,3),VLOOKUP(I144,Feuil1!$G$11:$L$25,2)))))))","v":"C1 62"},161.85847970609731,null," ",{"$f":"T144-HLOOKUP(X144,Feuil1!$C$1:$BL$10,2,FALSE)","v":30},{"$f":"T144-HLOOKUP(X144,Feuil1!$C$1:$BL$10,3,FALSE)","v":10},{"$f":"T144-HLOOKUP(X144,Feuil1!$C$1:$BL$10,4,FALSE)","v":0},{"$f":"T144-HLOOKUP(X144,Feuil1!$C$1:$BL$10,5,FALSE)","v":-15},{"$f":"T144-HLOOKUP(X144,Feuil1!$C$1:$BL$10,6,FALSE)","v":-30},{"$f":"T144-HLOOKUP(X144,Feuil1!$C$1:$BL$10,7,FALSE)","v":-45},{"$f":"T144-HLOOKUP(X144,Feuil1!$C$1:$BL$10,8,FALSE)","v":-65},{"$f":"T144-HLOOKUP(X144,Feuil1!$C$1:$BL$10,9,FALSE)","v":-85},{"$f":"T144-HLOOKUP(X144,Feuil1!$C$1:$BL$10,10,FALSE)","v":-895},null,null,null,null,null,null,"REG +"]
["H","NE","BOU",25,380052,"DUCREUX","Bastien",2000,58.8,"Tournus Haltérophilie","F",39,42,45,45,48,51,55,55,100,-17.599999999999994,"DEP +",5,{"$f":"IF(I145=\"\",\"\",IF(A145=\"H\",IF(OR(H145=\"SEN\",H145<1995),VLOOKUP(I145,Feuil1!$A$11:$G$29,6),IF(AND(H145>1994,H145<1998),VLOOKUP(I145,Feuil1!$A$11:$G$29,5),IF(AND(H145>1997,H145<2000),VLOOKUP(I145,Feuil1!$A$11:$G$29,4),IF(AND(H145>1999,H145<2002),VLOOKUP(I145,Feuil1!$A$11:$G$29,3),VLOOKUP(I145,Feuil1!$A$11:$G$29,2))))),IF(OR(H145=\"SEN\",H145<1995),VLOOKUP(I145,Feuil1!$G$11:$L$25,6),IF(AND(H145>1994,H145<1998),VLOOKUP(I145,Feuil1!$G$11:$L$25,5),IF(AND(H145>1997,H145<2000),VLOOKUP(I145,Feuil1!$G$11:$L$25,4),IF(AND(H145>1999,H145<2002),VLOOKUP(I145,Feuil1!$G$11:$L$25,3),VLOOKUP(I145,Feuil1!$G$11:$L$25,2)))))))","v":"C1 62"},150.34329880901507,null," ",{"$f":"T145-HLOOKUP(X145,Feuil1!$C$1:$BL$10,2,FALSE)","v":25},{"$f":"T145-HLOOKUP(X145,Feuil1!$C$1:$BL$10,3,FALSE)","v":5},{"$f":"T145-HLOOKUP(X145,Feuil1!$C$1:$BL$10,4,FALSE)","v":-5},{"$f":"T145-HLOOKUP(X145,Feuil1!$C$1:$BL$10,5,FALSE)","v":-20},{"$f":"T145-HLOOKUP(X145,Feuil1!$C$1:$BL$10,6,FALSE)","v":-35},{"$f":"T145-HLOOKUP(X145,Feuil1!$C$1:$BL$10,7,FALSE)","v":-50},{"$f":"T145-HLOOKUP(X145,Feuil1!$C$1:$BL$10,8,FALSE)","v":-70},{"$f":"T145-HLOOKUP(X145,Feuil1!$C$1:$BL$10,9,FALSE)","v":-90},{"$f":"T145-HLOOKUP(X145,Feuil1!$C$1:$BL$10,10,FALSE)","v":-900},null,null,null,null,null,null,"DEP +"]
["H","CO","PDL",26,324248,"CHALVIN","Maxime ",2000,62,"Saint Herblain","F",-40,40,42,42,55,-57,57,57,99,-25,"DEP +",4,{"$f":"IF(I146=\"\",\"\",IF(A146=\"H\",IF(OR(H146=\"SEN\",H146<1995),VLOOKUP(I146,Feuil1!$A$11:$G$29,6),IF(AND(H146>1994,H146<1998),VLOOKUP(I146,Feuil1!$A$11:$G$29,5),IF(AND(H146>1997,H146<2000),VLOOKUP(I146,Feuil1!$A$11:$G$29,4),IF(AND(H146>1999,H146<2002),VLOOKUP(I146,Feuil1!$A$11:$G$29,3),VLOOKUP(I146,Feuil1!$A$11:$G$29,2))))),IF(OR(H146=\"SEN\",H146<1995),VLOOKUP(I146,Feuil1!$G$11:$L$25,6),IF(AND(H146>1994,H146<1998),VLOOKUP(I146,Feuil1!$G$11:$L$25,5),IF(AND(H146>1997,H146<2000),VLOOKUP(I146,Feuil1!$G$11:$L$25,4),IF(AND(H146>1999,H146<2002),VLOOKUP(I146,Feuil1!$G$11:$L$25,3),VLOOKUP(I146,Feuil1!$G$11:$L$25,2)))))))","v":"C1 62"},143.17809774307361,null," ",{"$f":"T146-HLOOKUP(X146,Feuil1!$C$1:$BL$10,2,FALSE)","v":24},{"$f":"T146-HLOOKUP(X146,Feuil1!$C$1:$BL$10,3,FALSE)","v":4},{"$f":"T146-HLOOKUP(X146,Feuil1!$C$1:$BL$10,4,FALSE)","v":-6},{"$f":"T146-HLOOKUP(X146,Feuil1!$C$1:$BL$10,5,FALSE)","v":-21},{"$f":"T146-HLOOKUP(X146,Feuil1!$C$1:$BL$10,6,FALSE)","v":-36},{"$f":"T146-HLOOKUP(X146,Feuil1!$C$1:$BL$10,7,FALSE)","v":-51},{"$f":"T146-HLOOKUP(X146,Feuil1!$C$1:$BL$10,8,FALSE)","v":-71},{"$f":"T146-HLOOKUP(X146,Feuil1!$C$1:$BL$10,9,FALSE)","v":-91},{"$f":"T146-HLOOKUP(X146,Feuil1!$C$1:$BL$10,10,FALSE)","v":-901},null,null,null,null,null,null,"DEP +"]
["H","CO","BRE",27,356013,"MEINSER","Malone",2001,58.6,"HC Pleurtuit","F",37,40,-43,40,47,50,55,55,95,-22.200000000000003,"DEP +",0,{"$f":"IF(I147=\"\",\"\",IF(A147=\"H\",IF(OR(H147=\"SEN\",H147<1995),VLOOKUP(I147,Feuil1!$A$11:$G$29,6),IF(AND(H147>1994,H147<1998),VLOOKUP(I147,Feuil1!$A$11:$G$29,5),IF(AND(H147>1997,H147<2000),VLOOKUP(I147,Feuil1!$A$11:$G$29,4),IF(AND(H147>1999,H147<2002),VLOOKUP(I147,Feuil1!$A$11:$G$29,3),VLOOKUP(I147,Feuil1!$A$11:$G$29,2))))),IF(OR(H147=\"SEN\",H147<1995),VLOOKUP(I147,Feuil1!$G$11:$L$25,6),IF(AND(H147>1994,H147<1998),VLOOKUP(I147,Feuil1!$G$11:$L$25,5),IF(AND(H147>1997,H147<2000),VLOOKUP(I147,Feuil1!$G$11:$L$25,4),IF(AND(H147>1999,H147<2002),VLOOKUP(I147,Feuil1!$G$11:$L$25,3),VLOOKUP(I147,Feuil1!$G$11:$L$25,2)))))))","v":"C1 62"},143.19220365455524,null," ",{"$f":"T147-HLOOKUP(X147,Feuil1!$C$1:$BL$10,2,FALSE)","v":20},{"$f":"T147-HLOOKUP(X147,Feuil1!$C$1:$BL$10,3,FALSE)","v":0},{"$f":"T147-HLOOKUP(X147,Feuil1!$C$1:$BL$10,4,FALSE)","v":-10},{"$f":"T147-HLOOKUP(X147,Feuil1!$C$1:$BL$10,5,FALSE)","v":-25},{"$f":"T147-HLOOKUP(X147,Feuil1!$C$1:$BL$10,6,FALSE)","v":-40},{"$f":"T147-HLOOKUP(X147,Feuil1!$C$1:$BL$10,7,FALSE)","v":-55},{"$f":"T147-HLOOKUP(X147,Feuil1!$C$1:$BL$10,8,FALSE)","v":-75},{"$f":"T147-HLOOKUP(X147,Feuil1!$C$1:$BL$10,9,FALSE)","v":-95},{"$f":"T147-HLOOKUP(X147,Feuil1!$C$1:$BL$10,10,FALSE)","v":-905},null,null,null,null,null,null,"DEP +"]
["H","SO","MPY",28,357551,"MEUNIER ","Julien",2001,57.9,"MONTAUBAN HC","F",34,37,40,40,41,45,50,50,90,-25.799999999999997,"DEB ",15,{"$f":"IF(I148=\"\",\"\",IF(A148=\"H\",IF(OR(H148=\"SEN\",H148<1995),VLOOKUP(I148,Feuil1!$A$11:$G$29,6),IF(AND(H148>1994,H148<1998),VLOOKUP(I148,Feuil1!$A$11:$G$29,5),IF(AND(H148>1997,H148<2000),VLOOKUP(I148,Feuil1!$A$11:$G$29,4),IF(AND(H148>1999,H148<2002),VLOOKUP(I148,Feuil1!$A$11:$G$29,3),VLOOKUP(I148,Feuil1!$A$11:$G$29,2))))),IF(OR(H148=\"SEN\",H148<1995),VLOOKUP(I148,Feuil1!$G$11:$L$25,6),IF(AND(H148>1994,H148<1998),VLOOKUP(I148,Feuil1!$G$11:$L$25,5),IF(AND(H148>1997,H148<2000),VLOOKUP(I148,Feuil1!$G$11:$L$25,4),IF(AND(H148>1999,H148<2002),VLOOKUP(I148,Feuil1!$G$11:$L$25,3),VLOOKUP(I148,Feuil1!$G$11:$L$25,2)))))))","v":"C1 62"},136.89483833454975,null," ",{"$f":"T148-HLOOKUP(X148,Feuil1!$C$1:$BL$10,2,FALSE)","v":15},{"$f":"T148-HLOOKUP(X148,Feuil1!$C$1:$BL$10,3,FALSE)","v":-5},{"$f":"T148-HLOOKUP(X148,Feuil1!$C$1:$BL$10,4,FALSE)","v":-15},{"$f":"T148-HLOOKUP(X148,Feuil1!$C$1:$BL$10,5,FALSE)","v":-30},{"$f":"T148-HLOOKUP(X148,Feuil1!$C$1:$BL$10,6,FALSE)","v":-45},{"$f":"T148-HLOOKUP(X148,Feuil1!$C$1:$BL$10,7,FALSE)","v":-60},{"$f":"T148-HLOOKUP(X148,Feuil1!$C$1:$BL$10,8,FALSE)","v":-80},{"$f":"T148-HLOOKUP(X148,Feuil1!$C$1:$BL$10,9,FALSE)","v":-100},{"$f":"T148-HLOOKUP(X148,Feuil1!$C$1:$BL$10,10,FALSE)","v":-910},null,null,null,null,null,null,"DEB "]
["H","DOM","GUA",29,387920,"MOLINIER","Théo",2000,58,"AHCS/Pointois","F",35,40,-43,40,40,45,50,50,90,-26,"DEB ",15,{"$f":"IF(I149=\"\",\"\",IF(A149=\"H\",IF(OR(H149=\"SEN\",H149<1995),VLOOKUP(I149,Feuil1!$A$11:$G$29,6),IF(AND(H149>1994,H149<1998),VLOOKUP(I149,Feuil1!$A$11:$G$29,5),IF(AND(H149>1997,H149<2000),VLOOKUP(I149,Feuil1!$A$11:$G$29,4),IF(AND(H149>1999,H149<2002),VLOOKUP(I149,Feuil1!$A$11:$G$29,3),VLOOKUP(I149,Feuil1!$A$11:$G$29,2))))),IF(OR(H149=\"SEN\",H149<1995),VLOOKUP(I149,Feuil1!$G$11:$L$25,6),IF(AND(H149>1994,H149<1998),VLOOKUP(I149,Feuil1!$G$11:$L$25,5),IF(AND(H149>1997,H149<2000),VLOOKUP(I149,Feuil1!$G$11:$L$25,4),IF(AND(H149>1999,H149<2002),VLOOKUP(I149,Feuil1!$G$11:$L$25,3),VLOOKUP(I149,Feuil1!$G$11:$L$25,2)))))))","v":"C1 62"},136.71538347463138,null," ",{"$f":"T149-HLOOKUP(X149,Feuil1!$C$1:$BL$10,2,FALSE)","v":15},{"$f":"T149-HLOOKUP(X149,Feuil1!$C$1:$BL$10,3,FALSE)","v":-5},{"$f":"T149-HLOOKUP(X149,Feuil1!$C$1:$BL$10,4,FALSE)","v":-15},{"$f":"T149-HLOOKUP(X149,Feuil1!$C$1:$BL$10,5,FALSE)","v":-30},{"$f":"T149-HLOOKUP(X149,Feuil1!$C$1:$BL$10,6,FALSE)","v":-45},{"$f":"T149-HLOOKUP(X149,Feuil1!$C$1:$BL$10,7,FALSE)","v":-60},{"$f":"T149-HLOOKUP(X149,Feuil1!$C$1:$BL$10,8,FALSE)","v":-80},{"$f":"T149-HLOOKUP(X149,Feuil1!$C$1:$BL$10,9,FALSE)","v":-100},{"$f":"T149-HLOOKUP(X149,Feuil1!$C$1:$BL$10,10,FALSE)","v":-910},null,null,null,null,null,null,"DEB "]
["H","NORD","NPC",30,366505,"DELRUE","Baptiste",2001,58,"CHCD COMINES","F",35,38,-40,38,45,48,-52,48,86,-30,"DEB ",11,{"$f":"IF(I150=\"\",\"\",IF(A150=\"H\",IF(OR(H150=\"SEN\",H150<1995),VLOOKUP(I150,Feuil1!$A$11:$G$29,6),IF(AND(H150>1994,H150<1998),VLOOKUP(I150,Feuil1!$A$11:$G$29,5),IF(AND(H150>1997,H150<2000),VLOOKUP(I150,Feuil1!$A$11:$G$29,4),IF(AND(H150>1999,H150<2002),VLOOKUP(I150,Feuil1!$A$11:$G$29,3),VLOOKUP(I150,Feuil1!$A$11:$G$29,2))))),IF(OR(H150=\"SEN\",H150<1995),VLOOKUP(I150,Feuil1!$G$11:$L$25,6),IF(AND(H150>1994,H150<1998),VLOOKUP(I150,Feuil1!$G$11:$L$25,5),IF(AND(H150>1997,H150<2000),VLOOKUP(I150,Feuil1!$G$11:$L$25,4),IF(AND(H150>1999,H150<2002),VLOOKUP(I150,Feuil1!$G$11:$L$25,3),VLOOKUP(I150,Feuil1!$G$11:$L$25,2)))))))","v":"C1 62"},130.63914420909222,null," ",{"$f":"T150-HLOOKUP(X150,Feuil1!$C$1:$BL$10,2,FALSE)","v":11},{"$f":"T150-HLOOKUP(X150,Feuil1!$C$1:$BL$10,3,FALSE)","v":-9},{"$f":"T150-HLOOKUP(X150,Feuil1!$C$1:$BL$10,4,FALSE)","v":-19},{"$f":"T150-HLOOKUP(X150,Feuil1!$C$1:$BL$10,5,FALSE)","v":-34},{"$f":"T150-HLOOKUP(X150,Feuil1!$C$1:$BL$10,6,FALSE)","v":-49},{"$f":"T150-HLOOKUP(X150,Feuil1!$C$1:$BL$10,7,FALSE)","v":-64},{"$f":"T150-HLOOKUP(X150,Feuil1!$C$1:$BL$10,8,FALSE)","v":-84},{"$f":"T150-HLOOKUP(X150,Feuil1!$C$1:$BL$10,9,FALSE)","v":-104},{"$f":"T150-HLOOKUP(X150,Feuil1!$C$1:$BL$10,10,FALSE)","v":-914},null,null,null,null,null,null,"DEB "]
["H","SEST","RAL",31,383848,"MATHEY","LoÏc",2000,58.5,"Entente VIRIAT","F",35,38,40,40,42,46,-50,46,86,-31,"DEB ",11,{"$f":"IF(I151=\"\",\"\",IF(A151=\"H\",IF(OR(H151=\"SEN\",H151<1995),VLOOKUP(I151,Feuil1!$A$11:$G$29,6),IF(AND(H151>1994,H151<1998),VLOOKUP(I151,Feuil1!$A$11:$G$29,5),IF(AND(H151>1997,H151<2000),VLOOKUP(I151,Feuil1!$A$11:$G$29,4),IF(AND(H151>1999,H151<2002),VLOOKUP(I151,Feuil1!$A$11:$G$29,3),VLOOKUP(I151,Feuil1!$A$11:$G$29,2))))),IF(OR(H151=\"SEN\",H151<1995),VLOOKUP(I151,Feuil1!$G$11:$L$25,6),IF(AND(H151>1994,H151<1998),VLOOKUP(I151,Feuil1!$G$11:$L$25,5),IF(AND(H151>1997,H151<2000),VLOOKUP(I151,Feuil1!$G$11:$L$25,4),IF(AND(H151>1999,H151<2002),VLOOKUP(I151,Feuil1!$G$11:$L$25,3),VLOOKUP(I151,Feuil1!$G$11:$L$25,2)))))))","v":"C1 62"},129.79345623449271,null," ",{"$f":"T151-HLOOKUP(X151,Feuil1!$C$1:$BL$10,2,FALSE)","v":11},{"$f":"T151-HLOOKUP(X151,Feuil1!$C$1:$BL$10,3,FALSE)","v":-9},{"$f":"T151-HLOOKUP(X151,Feuil1!$C$1:$BL$10,4,FALSE)","v":-19},{"$f":"T151-HLOOKUP(X151,Feuil1!$C$1:$BL$10,5,FALSE)","v":-34},{"$f":"T151-HLOOKUP(X151,Feuil1!$C$1:$BL$10,6,FALSE)","v":-49},{"$f":"T151-HLOOKUP(X151,Feuil1!$C$1:$BL$10,7,FALSE)","v":-64},{"$f":"T151-HLOOKUP(X151,Feuil1!$C$1:$BL$10,8,FALSE)","v":-84},{"$f":"T151-HLOOKUP(X151,Feuil1!$C$1:$BL$10,9,FALSE)","v":-104},{"$f":"T151-HLOOKUP(X151,Feuil1!$C$1:$BL$10,10,FALSE)","v":-914},null,null,null,null,null,null,"DEB "]
["H","SEST","RAL",32,396974,"CASTILLO","Antoine",2000,57.5,"Vaulx-en-Velin","F",32,35,-38,35,45,50,-55,50,85,-30,"DEB ",10,{"$f":"IF(I152=\"\",\"\",IF(A152=\"H\",IF(OR(H152=\"SEN\",H152<1995),VLOOKUP(I152,Feuil1!$A$11:$G$29,6),IF(AND(H152>1994,H152<1998),VLOOKUP(I152,Feuil1!$A$11:$G$29,5),IF(AND(H152>1997,H152<2000),VLOOKUP(I152,Feuil1!$A$11:$G$29,4),IF(AND(H152>1999,H152<2002),VLOOKUP(I152,Feuil1!$A$11:$G$29,3),VLOOKUP(I152,Feuil1!$A$11:$G$29,2))))),IF(OR(H152=\"SEN\",H152<1995),VLOOKUP(I152,Feuil1!$G$11:$L$25,6),IF(AND(H152>1994,H152<1998),VLOOKUP(I152,Feuil1!$G$11:$L$25,5),IF(AND(H152>1997,H152<2000),VLOOKUP(I152,Feuil1!$G$11:$L$25,4),IF(AND(H152>1999,H152<2002),VLOOKUP(I152,Feuil1!$G$11:$L$25,3),VLOOKUP(I152,Feuil1!$G$11:$L$25,2)))))))","v":"C1 62"},129.97538639082546,null," ",{"$f":"T152-HLOOKUP(X152,Feuil1!$C$1:$BL$10,2,FALSE)","v":10},{"$f":"T152-HLOOKUP(X152,Feuil1!$C$1:$BL$10,3,FALSE)","v":-10},{"$f":"T152-HLOOKUP(X152,Feuil1!$C$1:$BL$10,4,FALSE)","v":-20},{"$f":"T152-HLOOKUP(X152,Feuil1!$C$1:$BL$10,5,FALSE)","v":-35},{"$f":"T152-HLOOKUP(X152,Feuil1!$C$1:$BL$10,6,FALSE)","v":-50},{"$f":"T152-HLOOKUP(X152,Feuil1!$C$1:$BL$10,7,FALSE)","v":-65},{"$f":"T152-HLOOKUP(X152,Feuil1!$C$1:$BL$10,8,FALSE)","v":-85},{"$f":"T152-HLOOKUP(X152,Feuil1!$C$1:$BL$10,9,FALSE)","v":-105},{"$f":"T152-HLOOKUP(X152,Feuil1!$C$1:$BL$10,10,FALSE)","v":-915},null,null,null,null,null,null,"DEB "]
["H","NE","BOU",33,383618,"SCHNEIDER","Quentin",2001,60.95,"varennes vauzelles","F",33,36,-39,{"$f":"IF(H153=\"\",\"\",IF(MAXA(L153:N153)<=0,0,MAXA(L153:N153)))","v":36},40,43,47,{"$f":"IF(H153=\"\",\"\",IF(MAXA(P153:R153)<=0,0,MAXA(P153:R153)))","v":47},{"$f":"IF(H153=\"\",\"\",IF(OR(O153=0,S153=0),0,O153+S153))","v":83},{"$f":"T153-I153*2","v":-38.900000000000006},{"$f":"IF(H153=\"\",\"\",AQ153)","v":"DEB "},{"$f":"IF(AJ153>=0,AJ153,IF(AI153>=0,AI153,IF(AH153>=0,AH153,IF(AG153>=0,AG153,IF(AF153>=0,AF153,IF(AE153>=0,AE153,IF(AD153>=0,AD153,IF(AC153>=0,AC153,AB153))))))))","v":8},{"$f":"IF(I153=\"\",\"\",IF(A153=\"H\",IF(OR(H153=\"SEN\",H153<1995),VLOOKUP(I153,Feuil1!$A$11:$G$29,6),IF(AND(H153>1994,H153<1998),VLOOKUP(I153,Feuil1!$A$11:$G$29,5),IF(AND(H153>1997,H153<2000),VLOOKUP(I153,Feuil1!$A$11:$G$29,4),IF(AND(H153>1999,H153<2002),VLOOKUP(I153,Feuil1!$A$11:$G$29,3),VLOOKUP(I153,Feuil1!$A$11:$G$29,2))))),IF(OR(H153=\"SEN\",H153<1995),VLOOKUP(I153,Feuil1!$G$11:$L$25,6),IF(AND(H153>1994,H153<1998),VLOOKUP(I153,Feuil1!$G$11:$L$25,5),IF(AND(H153>1997,H153<2000),VLOOKUP(I153,Feuil1!$G$11:$L$25,4),IF(AND(H153>1999,H153<2002),VLOOKUP(I153,Feuil1!$G$11:$L$25,3),VLOOKUP(I153,Feuil1!$G$11:$L$25,2)))))))","v":"C1 62"},{"$f":"IF(I153=\"\",\"\",IF(A153=\"H\",10^(0.794358141*LOG(I153/174.393)^2)*T153,IF(A153=\"F\",10^(0.89726074*LOG(I153/148.026)^2)*T153,\"\")))","v":121.52239201782037},null," ",{"$f":"T153-HLOOKUP(X153,Feuil1!$C$1:$BL$10,2,FALSE)","v":8},{"$f":"T153-HLOOKUP(X153,Feuil1!$C$1:$BL$10,3,FALSE)","v":-12},{"$f":"T153-HLOOKUP(X153,Feuil1!$C$1:$BL$10,4,FALSE)","v":-22},{"$f":"T153-HLOOKUP(X153,Feuil1!$C$1:$BL$10,5,FALSE)","v":-37},{"$f":"T153-HLOOKUP(X153,Feuil1!$C$1:$BL$10,6,FALSE)","v":-52},{"$f":"T153-HLOOKUP(X153,Feuil1!$C$1:$BL$10,7,FALSE)","v":-67},{"$f":"T153-HLOOKUP(X153,Feuil1!$C$1:$BL$10,8,FALSE)","v":-87},{"$f":"T153-HLOOKUP(X153,Feuil1!$C$1:$BL$10,9,FALSE)","v":-107},{"$f":"T153-HLOOKUP(X153,Feuil1!$C$1:$BL$10,10,FALSE)","v":-917},null,null,null,null,null,null,{"$f":"IF(AJ153>=0,$AJ$4,IF(AI153>=0,$AI$4,IF(AH153>=0,$AH$4,IF(AG153>=0,$AG$4,IF(AF153>=0,$AF$4,IF(AE153>=0,$AE$4,IF(AD153>=0,$AD$4,IF(AC153>=0,$AC$4,$AB$4))))))))","v":"DEB "}]
["H","NE","FCO",34,390774,"KHOURI","Martin",2000,56.5,"LF Besançon","F",33,36,-37,36,38,42,45,45,81,-32,"DEB ",6,{"$f":"IF(I154=\"\",\"\",IF(A154=\"H\",IF(OR(H154=\"SEN\",H154<1995),VLOOKUP(I154,Feuil1!$A$11:$G$29,6),IF(AND(H154>1994,H154<1998),VLOOKUP(I154,Feuil1!$A$11:$G$29,5),IF(AND(H154>1997,H154<2000),VLOOKUP(I154,Feuil1!$A$11:$G$29,4),IF(AND(H154>1999,H154<2002),VLOOKUP(I154,Feuil1!$A$11:$G$29,3),VLOOKUP(I154,Feuil1!$A$11:$G$29,2))))),IF(OR(H154=\"SEN\",H154<1995),VLOOKUP(I154,Feuil1!$G$11:$L$25,6),IF(AND(H154>1994,H154<1998),VLOOKUP(I154,Feuil1!$G$11:$L$25,5),IF(AND(H154>1997,H154<2000),VLOOKUP(I154,Feuil1!$G$11:$L$25,4),IF(AND(H154>1999,H154<2002),VLOOKUP(I154,Feuil1!$G$11:$L$25,3),VLOOKUP(I154,Feuil1!$G$11:$L$25,2)))))))","v":"C1 62"},125.54698443988929,null," ",{"$f":"T154-HLOOKUP(X154,Feuil1!$C$1:$BL$10,2,FALSE)","v":6},{"$f":"T154-HLOOKUP(X154,Feuil1!$C$1:$BL$10,3,FALSE)","v":-14},{"$f":"T154-HLOOKUP(X154,Feuil1!$C$1:$BL$10,4,FALSE)","v":-24},{"$f":"T154-HLOOKUP(X154,Feuil1!$C$1:$BL$10,5,FALSE)","v":-39},{"$f":"T154-HLOOKUP(X154,Feuil1!$C$1:$BL$10,6,FALSE)","v":-54},{"$f":"T154-HLOOKUP(X154,Feuil1!$C$1:$BL$10,7,FALSE)","v":-69},{"$f":"T154-HLOOKUP(X154,Feuil1!$C$1:$BL$10,8,FALSE)","v":-89},{"$f":"T154-HLOOKUP(X154,Feuil1!$C$1:$BL$10,9,FALSE)","v":-109},{"$f":"T154-HLOOKUP(X154,Feuil1!$C$1:$BL$10,10,FALSE)","v":-919},null,null,null,null,null,null,"DEB "]
["H","NORD","PIC",35,351882,"LELY","Valentin",2001,61.9,"La Ferté Milon CMHM","F",27,32,-35,32,40,45,48,48,80,-43.8,"DEB ",5,{"$f":"IF(I155=\"\",\"\",IF(A155=\"H\",IF(OR(H155=\"SEN\",H155<1995),VLOOKUP(I155,Feuil1!$A$11:$G$29,6),IF(AND(H155>1994,H155<1998),VLOOKUP(I155,Feuil1!$A$11:$G$29,5),IF(AND(H155>1997,H155<2000),VLOOKUP(I155,Feuil1!$A$11:$G$29,4),IF(AND(H155>1999,H155<2002),VLOOKUP(I155,Feuil1!$A$11:$G$29,3),VLOOKUP(I155,Feuil1!$A$11:$G$29,2))))),IF(OR(H155=\"SEN\",H155<1995),VLOOKUP(I155,Feuil1!$G$11:$L$25,6),IF(AND(H155>1994,H155<1998),VLOOKUP(I155,Feuil1!$G$11:$L$25,5),IF(AND(H155>1997,H155<2000),VLOOKUP(I155,Feuil1!$G$11:$L$25,4),IF(AND(H155>1999,H155<2002),VLOOKUP(I155,Feuil1!$G$11:$L$25,3),VLOOKUP(I155,Feuil1!$G$11:$L$25,2)))))))","v":"C1 62"},115.83291869908567,null," ",{"$f":"T155-HLOOKUP(X155,Feuil1!$C$1:$BL$10,2,FALSE)","v":5},{"$f":"T155-HLOOKUP(X155,Feuil1!$C$1:$BL$10,3,FALSE)","v":-15},{"$f":"T155-HLOOKUP(X155,Feuil1!$C$1:$BL$10,4,FALSE)","v":-25},{"$f":"T155-HLOOKUP(X155,Feuil1!$C$1:$BL$10,5,FALSE)","v":-40},{"$f":"T155-HLOOKUP(X155,Feuil1!$C$1:$BL$10,6,FALSE)","v":-55},{"$f":"T155-HLOOKUP(X155,Feuil1!$C$1:$BL$10,7,FALSE)","v":-70},{"$f":"T155-HLOOKUP(X155,Feuil1!$C$1:$BL$10,8,FALSE)","v":-90},{"$f":"T155-HLOOKUP(X155,Feuil1!$C$1:$BL$10,9,FALSE)","v":-110},{"$f":"T155-HLOOKUP(X155,Feuil1!$C$1:$BL$10,10,FALSE)","v":-920},null,null,null,null,null,null,"DEB "]
["H","NE","CHA",36,381736,"ELOI","Franck",2000,58,"Reims HM","F",30,-34,34,34,35,40,45,45,79,-37,"DEB ",4,{"$f":"IF(I156=\"\",\"\",IF(A156=\"H\",IF(OR(H156=\"SEN\",H156<1995),VLOOKUP(I156,Feuil1!$A$11:$G$29,6),IF(AND(H156>1994,H156<1998),VLOOKUP(I156,Feuil1!$A$11:$G$29,5),IF(AND(H156>1997,H156<2000),VLOOKUP(I156,Feuil1!$A$11:$G$29,4),IF(AND(H156>1999,H156<2002),VLOOKUP(I156,Feuil1!$A$11:$G$29,3),VLOOKUP(I156,Feuil1!$A$11:$G$29,2))))),IF(OR(H156=\"SEN\",H156<1995),VLOOKUP(I156,Feuil1!$G$11:$L$25,6),IF(AND(H156>1994,H156<1998),VLOOKUP(I156,Feuil1!$G$11:$L$25,5),IF(AND(H156>1997,H156<2000),VLOOKUP(I156,Feuil1!$G$11:$L$25,4),IF(AND(H156>1999,H156<2002),VLOOKUP(I156,Feuil1!$G$11:$L$25,3),VLOOKUP(I156,Feuil1!$G$11:$L$25,2)))))))","v":"C1 62"},120.00572549439866,null," ",{"$f":"T156-HLOOKUP(X156,Feuil1!$C$1:$BL$10,2,FALSE)","v":4},{"$f":"T156-HLOOKUP(X156,Feuil1!$C$1:$BL$10,3,FALSE)","v":-16},{"$f":"T156-HLOOKUP(X156,Feuil1!$C$1:$BL$10,4,FALSE)","v":-26},{"$f":"T156-HLOOKUP(X156,Feuil1!$C$1:$BL$10,5,FALSE)","v":-41},{"$f":"T156-HLOOKUP(X156,Feuil1!$C$1:$BL$10,6,FALSE)","v":-56},{"$f":"T156-HLOOKUP(X156,Feuil1!$C$1:$BL$10,7,FALSE)","v":-71},{"$f":"T156-HLOOKUP(X156,Feuil1!$C$1:$BL$10,8,FALSE)","v":-91},{"$f":"T156-HLOOKUP(X156,Feuil1!$C$1:$BL$10,9,FALSE)","v":-111},{"$f":"T156-HLOOKUP(X156,Feuil1!$C$1:$BL$10,10,FALSE)","v":-921},null,null,null,null,null,null,"DEB "]
["H","NE","ALS",37,327578,"HOFFMANN","HUGO",2001,56.9,"CHM Andlau","F",35,-40,-40,35,35,40,43,43,78,-35.799999999999997,"DEB ",3,{"$f":"IF(I157=\"\",\"\",IF(A157=\"H\",IF(OR(H157=\"SEN\",H157<1995),VLOOKUP(I157,Feuil1!$A$11:$G$29,6),IF(AND(H157>1994,H157<1998),VLOOKUP(I157,Feuil1!$A$11:$G$29,5),IF(AND(H157>1997,H157<2000),VLOOKUP(I157,Feuil1!$A$11:$G$29,4),IF(AND(H157>1999,H157<2002),VLOOKUP(I157,Feuil1!$A$11:$G$29,3),VLOOKUP(I157,Feuil1!$A$11:$G$29,2))))),IF(OR(H157=\"SEN\",H157<1995),VLOOKUP(I157,Feuil1!$G$11:$L$25,6),IF(AND(H157>1994,H157<1998),VLOOKUP(I157,Feuil1!$G$11:$L$25,5),IF(AND(H157>1997,H157<2000),VLOOKUP(I157,Feuil1!$G$11:$L$25,4),IF(AND(H157>1999,H157<2002),VLOOKUP(I157,Feuil1!$G$11:$L$25,3),VLOOKUP(I157,Feuil1!$G$11:$L$25,2)))))))","v":"C1 62"},120.23772778167229,null," ",{"$f":"T157-HLOOKUP(X157,Feuil1!$C$1:$BL$10,2,FALSE)","v":3},{"$f":"T157-HLOOKUP(X157,Feuil1!$C$1:$BL$10,3,FALSE)","v":-17},{"$f":"T157-HLOOKUP(X157,Feuil1!$C$1:$BL$10,4,FALSE)","v":-27},{"$f":"T157-HLOOKUP(X157,Feuil1!$C$1:$BL$10,5,FALSE)","v":-42},{"$f":"T157-HLOOKUP(X157,Feuil1!$C$1:$BL$10,6,FALSE)","v":-57},{"$f":"T157-HLOOKUP(X157,Feuil1!$C$1:$BL$10,7,FALSE)","v":-72},{"$f":"T157-HLOOKUP(X157,Feuil1!$C$1:$BL$10,8,FALSE)","v":-92},{"$f":"T157-HLOOKUP(X157,Feuil1!$C$1:$BL$10,9,FALSE)","v":-112},{"$f":"T157-HLOOKUP(X157,Feuil1!$C$1:$BL$10,10,FALSE)","v":-922},null,null,null,null,null,null,"DEB "]
["H","NE","ALS",38,381289,"L'HOMMELET","LUCAS",2001,58.7,"SR Obernai HM","F",28,31,34,34,36,39,42,42,76,-41.400000000000006,"DEB ",1,{"$f":"IF(I158=\"\",\"\",IF(A158=\"H\",IF(OR(H158=\"SEN\",H158<1995),VLOOKUP(I158,Feuil1!$A$11:$G$29,6),IF(AND(H158>1994,H158<1998),VLOOKUP(I158,Feuil1!$A$11:$G$29,5),IF(AND(H158>1997,H158<2000),VLOOKUP(I158,Feuil1!$A$11:$G$29,4),IF(AND(H158>1999,H158<2002),VLOOKUP(I158,Feuil1!$A$11:$G$29,3),VLOOKUP(I158,Feuil1!$A$11:$G$29,2))))),IF(OR(H158=\"SEN\",H158<1995),VLOOKUP(I158,Feuil1!$G$11:$L$25,6),IF(AND(H158>1994,H158<1998),VLOOKUP(I158,Feuil1!$G$11:$L$25,5),IF(AND(H158>1997,H158<2000),VLOOKUP(I158,Feuil1!$G$11:$L$25,4),IF(AND(H158>1999,H158<2002),VLOOKUP(I158,Feuil1!$G$11:$L$25,3),VLOOKUP(I158,Feuil1!$G$11:$L$25,2)))))))","v":"C1 62"},114.40700203291696,null," ",{"$f":"T158-HLOOKUP(X158,Feuil1!$C$1:$BL$10,2,FALSE)","v":1},{"$f":"T158-HLOOKUP(X158,Feuil1!$C$1:$BL$10,3,FALSE)","v":-19},{"$f":"T158-HLOOKUP(X158,Feuil1!$C$1:$BL$10,4,FALSE)","v":-29},{"$f":"T158-HLOOKUP(X158,Feuil1!$C$1:$BL$10,5,FALSE)","v":-44},{"$f":"T158-HLOOKUP(X158,Feuil1!$C$1:$BL$10,6,FALSE)","v":-59},{"$f":"T158-HLOOKUP(X158,Feuil1!$C$1:$BL$10,7,FALSE)","v":-74},{"$f":"T158-HLOOKUP(X158,Feuil1!$C$1:$BL$10,8,FALSE)","v":-94},{"$f":"T158-HLOOKUP(X158,Feuil1!$C$1:$BL$10,9,FALSE)","v":-114},{"$f":"T158-HLOOKUP(X158,Feuil1!$C$1:$BL$10,10,FALSE)","v":-924},null,null,null,null,null,null,"DEB "]
["H","SEST","CAZ",39,387212,"BELHADJASSINE","Mohamed",2001,58.4,"ASLDD TOULON","F",25,28,31,31,30,35,40,40,71,-45.8,"DEB ",-4,{"$f":"IF(I159=\"\",\"\",IF(A159=\"H\",IF(OR(H159=\"SEN\",H159<1995),VLOOKUP(I159,Feuil1!$A$11:$G$29,6),IF(AND(H159>1994,H159<1998),VLOOKUP(I159,Feuil1!$A$11:$G$29,5),IF(AND(H159>1997,H159<2000),VLOOKUP(I159,Feuil1!$A$11:$G$29,4),IF(AND(H159>1999,H159<2002),VLOOKUP(I159,Feuil1!$A$11:$G$29,3),VLOOKUP(I159,Feuil1!$A$11:$G$29,2))))),IF(OR(H159=\"SEN\",H159<1995),VLOOKUP(I159,Feuil1!$G$11:$L$25,6),IF(AND(H159>1994,H159<1998),VLOOKUP(I159,Feuil1!$G$11:$L$25,5),IF(AND(H159>1997,H159<2000),VLOOKUP(I159,Feuil1!$G$11:$L$25,4),IF(AND(H159>1999,H159<2002),VLOOKUP(I159,Feuil1!$G$11:$L$25,3),VLOOKUP(I159,Feuil1!$G$11:$L$25,2)))))))","v":"C1 62"},107.2934241170567,null," ",{"$f":"T159-HLOOKUP(X159,Feuil1!$C$1:$BL$10,2,FALSE)","v":-4},{"$f":"T159-HLOOKUP(X159,Feuil1!$C$1:$BL$10,3,FALSE)","v":-24},{"$f":"T159-HLOOKUP(X159,Feuil1!$C$1:$BL$10,4,FALSE)","v":-34},{"$f":"T159-HLOOKUP(X159,Feuil1!$C$1:$BL$10,5,FALSE)","v":-49},{"$f":"T159-HLOOKUP(X159,Feuil1!$C$1:$BL$10,6,FALSE)","v":-64},{"$f":"T159-HLOOKUP(X159,Feuil1!$C$1:$BL$10,7,FALSE)","v":-79},{"$f":"T159-HLOOKUP(X159,Feuil1!$C$1:$BL$10,8,FALSE)","v":-99},{"$f":"T159-HLOOKUP(X159,Feuil1!$C$1:$BL$10,9,FALSE)","v":-119},{"$f":"T159-HLOOKUP(X159,Feuil1!$C$1:$BL$10,10,FALSE)","v":-929},null,null,null,null,null,null,"DEB "]
["H","NE","ALS",40,384537,"LAMY","KEVIN",2001,60.8,"SR Obernai HM","F",27,29,32,32,35,-38,38,38,70,-51.599999999999994,"DEB ",-5,{"$f":"IF(I160=\"\",\"\",IF(A160=\"H\",IF(OR(H160=\"SEN\",H160<1995),VLOOKUP(I160,Feuil1!$A$11:$G$29,6),IF(AND(H160>1994,H160<1998),VLOOKUP(I160,Feuil1!$A$11:$G$29,5),IF(AND(H160>1997,H160<2000),VLOOKUP(I160,Feuil1!$A$11:$G$29,4),IF(AND(H160>1999,H160<2002),VLOOKUP(I160,Feuil1!$A$11:$G$29,3),VLOOKUP(I160,Feuil1!$A$11:$G$29,2))))),IF(OR(H160=\"SEN\",H160<1995),VLOOKUP(I160,Feuil1!$G$11:$L$25,6),IF(AND(H160>1994,H160<1998),VLOOKUP(I160,Feuil1!$G$11:$L$25,5),IF(AND(H160>1997,H160<2000),VLOOKUP(I160,Feuil1!$G$11:$L$25,4),IF(AND(H160>1999,H160<2002),VLOOKUP(I160,Feuil1!$G$11:$L$25,3),VLOOKUP(I160,Feuil1!$G$11:$L$25,2)))))))","v":"C1 62"},102.67231918691319,null," ",{"$f":"T160-HLOOKUP(X160,Feuil1!$C$1:$BL$10,2,FALSE)","v":-5},{"$f":"T160-HLOOKUP(X160,Feuil1!$C$1:$BL$10,3,FALSE)","v":-25},{"$f":"T160-HLOOKUP(X160,Feuil1!$C$1:$BL$10,4,FALSE)","v":-35},{"$f":"T160-HLOOKUP(X160,Feuil1!$C$1:$BL$10,5,FALSE)","v":-50},{"$f":"T160-HLOOKUP(X160,Feuil1!$C$1:$BL$10,6,FALSE)","v":-65},{"$f":"T160-HLOOKUP(X160,Feuil1!$C$1:$BL$10,7,FALSE)","v":-80},{"$f":"T160-HLOOKUP(X160,Feuil1!$C$1:$BL$10,8,FALSE)","v":-100},{"$f":"T160-HLOOKUP(X160,Feuil1!$C$1:$BL$10,9,FALSE)","v":-120},{"$f":"T160-HLOOKUP(X160,Feuil1!$C$1:$BL$10,10,FALSE)","v":-930},null,null,null,null,null,null,"DEB "]
["H","CO","BNO",41,362011,"ACHOURI","Teddy",2001,60.3,"Blainville","F",25,28,30,30,33,38,-40,38,68,-52.599999999999994,"DEB ",-7,{"$f":"IF(I161=\"\",\"\",IF(A161=\"H\",IF(OR(H161=\"SEN\",H161<1995),VLOOKUP(I161,Feuil1!$A$11:$G$29,6),IF(AND(H161>1994,H161<1998),VLOOKUP(I161,Feuil1!$A$11:$G$29,5),IF(AND(H161>1997,H161<2000),VLOOKUP(I161,Feuil1!$A$11:$G$29,4),IF(AND(H161>1999,H161<2002),VLOOKUP(I161,Feuil1!$A$11:$G$29,3),VLOOKUP(I161,Feuil1!$A$11:$G$29,2))))),IF(OR(H161=\"SEN\",H161<1995),VLOOKUP(I161,Feuil1!$G$11:$L$25,6),IF(AND(H161>1994,H161<1998),VLOOKUP(I161,Feuil1!$G$11:$L$25,5),IF(AND(H161>1997,H161<2000),VLOOKUP(I161,Feuil1!$G$11:$L$25,4),IF(AND(H161>1999,H161<2002),VLOOKUP(I161,Feuil1!$G$11:$L$25,3),VLOOKUP(I161,Feuil1!$G$11:$L$25,2)))))))","v":"C1 62"},100.3417821741531,null," ",{"$f":"T161-HLOOKUP(X161,Feuil1!$C$1:$BL$10,2,FALSE)","v":-7},{"$f":"T161-HLOOKUP(X161,Feuil1!$C$1:$BL$10,3,FALSE)","v":-27},{"$f":"T161-HLOOKUP(X161,Feuil1!$C$1:$BL$10,4,FALSE)","v":-37},{"$f":"T161-HLOOKUP(X161,Feuil1!$C$1:$BL$10,5,FALSE)","v":-52},{"$f":"T161-HLOOKUP(X161,Feuil1!$C$1:$BL$10,6,FALSE)","v":-67},{"$f":"T161-HLOOKUP(X161,Feuil1!$C$1:$BL$10,7,FALSE)","v":-82},{"$f":"T161-HLOOKUP(X161,Feuil1!$C$1:$BL$10,8,FALSE)","v":-102},{"$f":"T161-HLOOKUP(X161,Feuil1!$C$1:$BL$10,9,FALSE)","v":-122},{"$f":"T161-HLOOKUP(X161,Feuil1!$C$1:$BL$10,10,FALSE)","v":-932},null,null,null,null,null,null,"DEB "]
["H","CO","PDL",42,300298,"RIGOT","Fabien",2001,56.48,"ALSavenay","F",28,-30,-30,28,36,-38,38,38,66,-46.959999999999994,"DEB ",-9,{"$f":"IF(I162=\"\",\"\",IF(A162=\"H\",IF(OR(H162=\"SEN\",H162<1995),VLOOKUP(I162,Feuil1!$A$11:$G$29,6),IF(AND(H162>1994,H162<1998),VLOOKUP(I162,Feuil1!$A$11:$G$29,5),IF(AND(H162>1997,H162<2000),VLOOKUP(I162,Feuil1!$A$11:$G$29,4),IF(AND(H162>1999,H162<2002),VLOOKUP(I162,Feuil1!$A$11:$G$29,3),VLOOKUP(I162,Feuil1!$A$11:$G$29,2))))),IF(OR(H162=\"SEN\",H162<1995),VLOOKUP(I162,Feuil1!$G$11:$L$25,6),IF(AND(H162>1994,H162<1998),VLOOKUP(I162,Feuil1!$G$11:$L$25,5),IF(AND(H162>1997,H162<2000),VLOOKUP(I162,Feuil1!$G$11:$L$25,4),IF(AND(H162>1999,H162<2002),VLOOKUP(I162,Feuil1!$G$11:$L$25,3),VLOOKUP(I162,Feuil1!$G$11:$L$25,2)))))))","v":"C1 62"},102.3257159007122,null," ",{"$f":"T162-HLOOKUP(X162,Feuil1!$C$1:$BL$10,2,FALSE)","v":-9},{"$f":"T162-HLOOKUP(X162,Feuil1!$C$1:$BL$10,3,FALSE)","v":-29},{"$f":"T162-HLOOKUP(X162,Feuil1!$C$1:$BL$10,4,FALSE)","v":-39},{"$f":"T162-HLOOKUP(X162,Feuil1!$C$1:$BL$10,5,FALSE)","v":-54},{"$f":"T162-HLOOKUP(X162,Feuil1!$C$1:$BL$10,6,FALSE)","v":-69},{"$f":"T162-HLOOKUP(X162,Feuil1!$C$1:$BL$10,7,FALSE)","v":-84},{"$f":"T162-HLOOKUP(X162,Feuil1!$C$1:$BL$10,8,FALSE)","v":-104},{"$f":"T162-HLOOKUP(X162,Feuil1!$C$1:$BL$10,9,FALSE)","v":-124},{"$f":"T162-HLOOKUP(X162,Feuil1!$C$1:$BL$10,10,FALSE)","v":-934},null,null,null,null,null,null,"DEB "]
["H","NE","CHA",43,336659,"GALANDON","Mattéo",2001,57.1,"Reims HM","F",23,26,28,28,33,37,-40,37,65,-49.2,"DEB ",-10,{"$f":"IF(I163=\"\",\"\",IF(A163=\"H\",IF(OR(H163=\"SEN\",H163<1995),VLOOKUP(I163,Feuil1!$A$11:$G$29,6),IF(AND(H163>1994,H163<1998),VLOOKUP(I163,Feuil1!$A$11:$G$29,5),IF(AND(H163>1997,H163<2000),VLOOKUP(I163,Feuil1!$A$11:$G$29,4),IF(AND(H163>1999,H163<2002),VLOOKUP(I163,Feuil1!$A$11:$G$29,3),VLOOKUP(I163,Feuil1!$A$11:$G$29,2))))),IF(OR(H163=\"SEN\",H163<1995),VLOOKUP(I163,Feuil1!$G$11:$L$25,6),IF(AND(H163>1994,H163<1998),VLOOKUP(I163,Feuil1!$G$11:$L$25,5),IF(AND(H163>1997,H163<2000),VLOOKUP(I163,Feuil1!$G$11:$L$25,4),IF(AND(H163>1999,H163<2002),VLOOKUP(I163,Feuil1!$G$11:$L$25,3),VLOOKUP(I163,Feuil1!$G$11:$L$25,2)))))))","v":"C1 62"},99.927211199920563,null," ",{"$f":"T163-HLOOKUP(X163,Feuil1!$C$1:$BL$10,2,FALSE)","v":-10},{"$f":"T163-HLOOKUP(X163,Feuil1!$C$1:$BL$10,3,FALSE)","v":-30},{"$f":"T163-HLOOKUP(X163,Feuil1!$C$1:$BL$10,4,FALSE)","v":-40},{"$f":"T163-HLOOKUP(X163,Feuil1!$C$1:$BL$10,5,FALSE)","v":-55},{"$f":"T163-HLOOKUP(X163,Feuil1!$C$1:$BL$10,6,FALSE)","v":-70},{"$f":"T163-HLOOKUP(X163,Feuil1!$C$1:$BL$10,7,FALSE)","v":-85},{"$f":"T163-HLOOKUP(X163,Feuil1!$C$1:$BL$10,8,FALSE)","v":-105},{"$f":"T163-HLOOKUP(X163,Feuil1!$C$1:$BL$10,9,FALSE)","v":-125},{"$f":"T163-HLOOKUP(X163,Feuil1!$C$1:$BL$10,10,FALSE)","v":-935},null,null,null,null,null,null,"DEB "]
["H","NORD","PIC",44,357878,"ELOY","Martin",2001,61.8,"Villers-Bretonneux KC","F",22,25,-30,25,32,36,40,40,65,-58.599999999999994,"DEB ",-10,{"$f":"IF(I164=\"\",\"\",IF(A164=\"H\",IF(OR(H164=\"SEN\",H164<1995),VLOOKUP(I164,Feuil1!$A$11:$G$29,6),IF(AND(H164>1994,H164<1998),VLOOKUP(I164,Feuil1!$A$11:$G$29,5),IF(AND(H164>1997,H164<2000),VLOOKUP(I164,Feuil1!$A$11:$G$29,4),IF(AND(H164>1999,H164<2002),VLOOKUP(I164,Feuil1!$A$11:$G$29,3),VLOOKUP(I164,Feuil1!$A$11:$G$29,2))))),IF(OR(H164=\"SEN\",H164<1995),VLOOKUP(I164,Feuil1!$G$11:$L$25,6),IF(AND(H164>1994,H164<1998),VLOOKUP(I164,Feuil1!$G$11:$L$25,5),IF(AND(H164>1997,H164<2000),VLOOKUP(I164,Feuil1!$G$11:$L$25,4),IF(AND(H164>1999,H164<2002),VLOOKUP(I164,Feuil1!$G$11:$L$25,3),VLOOKUP(I164,Feuil1!$G$11:$L$25,2)))))))","v":"C1 62"},94.223141604869937,null," ",{"$f":"T164-HLOOKUP(X164,Feuil1!$C$1:$BL$10,2,FALSE)","v":-10},{"$f":"T164-HLOOKUP(X164,Feuil1!$C$1:$BL$10,3,FALSE)","v":-30},{"$f":"T164-HLOOKUP(X164,Feuil1!$C$1:$BL$10,4,FALSE)","v":-40},{"$f":"T164-HLOOKUP(X164,Feuil1!$C$1:$BL$10,5,FALSE)","v":-55},{"$f":"T164-HLOOKUP(X164,Feuil1!$C$1:$BL$10,6,FALSE)","v":-70},{"$f":"T164-HLOOKUP(X164,Feuil1!$C$1:$BL$10,7,FALSE)","v":-85},{"$f":"T164-HLOOKUP(X164,Feuil1!$C$1:$BL$10,8,FALSE)","v":-105},{"$f":"T164-HLOOKUP(X164,Feuil1!$C$1:$BL$10,9,FALSE)","v":-125},{"$f":"T164-HLOOKUP(X164,Feuil1!$C$1:$BL$10,10,FALSE)","v":-935},null,null,null,null,null,null,"DEB "]
["H","CO","CEN",45,385777,"TILKI","Ali",2000,60.5,"CM Orléans","F",-27,27,-28,27,35,-40,-40,35,62,-59,"DEB ",-13,{"$f":"IF(I165=\"\",\"\",IF(A165=\"H\",IF(OR(H165=\"SEN\",H165<1995),VLOOKUP(I165,Feuil1!$A$11:$G$29,6),IF(AND(H165>1994,H165<1998),VLOOKUP(I165,Feuil1!$A$11:$G$29,5),IF(AND(H165>1997,H165<2000),VLOOKUP(I165,Feuil1!$A$11:$G$29,4),IF(AND(H165>1999,H165<2002),VLOOKUP(I165,Feuil1!$A$11:$G$29,3),VLOOKUP(I165,Feuil1!$A$11:$G$29,2))))),IF(OR(H165=\"SEN\",H165<1995),VLOOKUP(I165,Feuil1!$G$11:$L$25,6),IF(AND(H165>1994,H165<1998),VLOOKUP(I165,Feuil1!$G$11:$L$25,5),IF(AND(H165>1997,H165<2000),VLOOKUP(I165,Feuil1!$G$11:$L$25,4),IF(AND(H165>1999,H165<2002),VLOOKUP(I165,Feuil1!$G$11:$L$25,3),VLOOKUP(I165,Feuil1!$G$11:$L$25,2)))))))","v":"C1 62"},91.266734459379506,null," ",{"$f":"T165-HLOOKUP(X165,Feuil1!$C$1:$BL$10,2,FALSE)","v":-13},{"$f":"T165-HLOOKUP(X165,Feuil1!$C$1:$BL$10,3,FALSE)","v":-33},{"$f":"T165-HLOOKUP(X165,Feuil1!$C$1:$BL$10,4,FALSE)","v":-43},{"$f":"T165-HLOOKUP(X165,Feuil1!$C$1:$BL$10,5,FALSE)","v":-58},{"$f":"T165-HLOOKUP(X165,Feuil1!$C$1:$BL$10,6,FALSE)","v":-73},{"$f":"T165-HLOOKUP(X165,Feuil1!$C$1:$BL$10,7,FALSE)","v":-88},{"$f":"T165-HLOOKUP(X165,Feuil1!$C$1:$BL$10,8,FALSE)","v":-108},{"$f":"T165-HLOOKUP(X165,Feuil1!$C$1:$BL$10,9,FALSE)","v":-128},{"$f":"T165-HLOOKUP(X165,Feuil1!$C$1:$BL$10,10,FALSE)","v":-938},null,null,null,null,null,null,"DEB "]
["H","CO","PDL",46,379818,"REGENT ","Damien",2000,59.8,"ALSavenay","F",22,25,27,27,27,30,33,33,60,-59.599999999999994,"DEB ",-15,{"$f":"IF(I166=\"\",\"\",IF(A166=\"H\",IF(OR(H166=\"SEN\",H166<1995),VLOOKUP(I166,Feuil1!$A$11:$G$29,6),IF(AND(H166>1994,H166<1998),VLOOKUP(I166,Feuil1!$A$11:$G$29,5),IF(AND(H166>1997,H166<2000),VLOOKUP(I166,Feuil1!$A$11:$G$29,4),IF(AND(H166>1999,H166<2002),VLOOKUP(I166,Feuil1!$A$11:$G$29,3),VLOOKUP(I166,Feuil1!$A$11:$G$29,2))))),IF(OR(H166=\"SEN\",H166<1995),VLOOKUP(I166,Feuil1!$G$11:$L$25,6),IF(AND(H166>1994,H166<1998),VLOOKUP(I166,Feuil1!$G$11:$L$25,5),IF(AND(H166>1997,H166<2000),VLOOKUP(I166,Feuil1!$G$11:$L$25,4),IF(AND(H166>1999,H166<2002),VLOOKUP(I166,Feuil1!$G$11:$L$25,3),VLOOKUP(I166,Feuil1!$G$11:$L$25,2)))))))","v":"C1 62"},89.080818230313199,null," ",{"$f":"T166-HLOOKUP(X166,Feuil1!$C$1:$BL$10,2,FALSE)","v":-15},{"$f":"T166-HLOOKUP(X166,Feuil1!$C$1:$BL$10,3,FALSE)","v":-35},{"$f":"T166-HLOOKUP(X166,Feuil1!$C$1:$BL$10,4,FALSE)","v":-45},{"$f":"T166-HLOOKUP(X166,Feuil1!$C$1:$BL$10,5,FALSE)","v":-60},{"$f":"T166-HLOOKUP(X166,Feuil1!$C$1:$BL$10,6,FALSE)","v":-75},{"$f":"T166-HLOOKUP(X166,Feuil1!$C$1:$BL$10,7,FALSE)","v":-90},{"$f":"T166-HLOOKUP(X166,Feuil1!$C$1:$BL$10,8,FALSE)","v":-110},{"$f":"T166-HLOOKUP(X166,Feuil1!$C$1:$BL$10,9,FALSE)","v":-130},{"$f":"T166-HLOOKUP(X166,Feuil1!$C$1:$BL$10,10,FALSE)","v":-940},null,null,null,null,null,null,"DEB "]
["H","SEST","PRO",47,361674,"LE COZ","KILLIAN",2001,59.7,"ISTRES SPORTS",null,-20,20,23,23,28,31,33,33,56,-63.400000000000006,"DEB ",-19,{"$f":"IF(I167=\"\",\"\",IF(A167=\"H\",IF(OR(H167=\"SEN\",H167<1995),VLOOKUP(I167,Feuil1!$A$11:$G$29,6),IF(AND(H167>1994,H167<1998),VLOOKUP(I167,Feuil1!$A$11:$G$29,5),IF(AND(H167>1997,H167<2000),VLOOKUP(I167,Feuil1!$A$11:$G$29,4),IF(AND(H167>1999,H167<2002),VLOOKUP(I167,Feuil1!$A$11:$G$29,3),VLOOKUP(I167,Feuil1!$A$11:$G$29,2))))),IF(OR(H167=\"SEN\",H167<1995),VLOOKUP(I167,Feuil1!$G$11:$L$25,6),IF(AND(H167>1994,H167<1998),VLOOKUP(I167,Feuil1!$G$11:$L$25,5),IF(AND(H167>1997,H167<2000),VLOOKUP(I167,Feuil1!$G$11:$L$25,4),IF(AND(H167>1999,H167<2002),VLOOKUP(I167,Feuil1!$G$11:$L$25,3),VLOOKUP(I167,Feuil1!$G$11:$L$25,2)))))))","v":"C1 62"},83.245000411200095,null," ",{"$f":"T167-HLOOKUP(X167,Feuil1!$C$1:$BL$10,2,FALSE)","v":-19},{"$f":"T167-HLOOKUP(X167,Feuil1!$C$1:$BL$10,3,FALSE)","v":-39},{"$f":"T167-HLOOKUP(X167,Feuil1!$C$1:$BL$10,4,FALSE)","v":-49},{"$f":"T167-HLOOKUP(X167,Feuil1!$C$1:$BL$10,5,FALSE)","v":-64},{"$f":"T167-HLOOKUP(X167,Feuil1!$C$1:$BL$10,6,FALSE)","v":-79},{"$f":"T167-HLOOKUP(X167,Feuil1!$C$1:$BL$10,7,FALSE)","v":-94},{"$f":"T167-HLOOKUP(X167,Feuil1!$C$1:$BL$10,8,FALSE)","v":-114},{"$f":"T167-HLOOKUP(X167,Feuil1!$C$1:$BL$10,9,FALSE)","v":-134},{"$f":"T167-HLOOKUP(X167,Feuil1!$C$1:$BL$10,10,FALSE)","v":-944},null,null,null,null,null,null,"DEB "]
["H","CO","BRE",48,377668,"SAM","Rithy",2001,56.6,"ES Saint Avé","F",20,23,25,25,-26,26,30,30,55,-58.2,"DEB ",-20,{"$f":"IF(I168=\"\",\"\",IF(A168=\"H\",IF(OR(H168=\"SEN\",H168<1995),VLOOKUP(I168,Feuil1!$A$11:$G$29,6),IF(AND(H168>1994,H168<1998),VLOOKUP(I168,Feuil1!$A$11:$G$29,5),IF(AND(H168>1997,H168<2000),VLOOKUP(I168,Feuil1!$A$11:$G$29,4),IF(AND(H168>1999,H168<2002),VLOOKUP(I168,Feuil1!$A$11:$G$29,3),VLOOKUP(I168,Feuil1!$A$11:$G$29,2))))),IF(OR(H168=\"SEN\",H168<1995),VLOOKUP(I168,Feuil1!$G$11:$L$25,6),IF(AND(H168>1994,H168<1998),VLOOKUP(I168,Feuil1!$G$11:$L$25,5),IF(AND(H168>1997,H168<2000),VLOOKUP(I168,Feuil1!$G$11:$L$25,4),IF(AND(H168>1999,H168<2002),VLOOKUP(I168,Feuil1!$G$11:$L$25,3),VLOOKUP(I168,Feuil1!$G$11:$L$25,2)))))))","v":"C1 62"},85.130896279383791,null," ",{"$f":"T168-HLOOKUP(X168,Feuil1!$C$1:$BL$10,2,FALSE)","v":-20},{"$f":"T168-HLOOKUP(X168,Feuil1!$C$1:$BL$10,3,FALSE)","v":-40},{"$f":"T168-HLOOKUP(X168,Feuil1!$C$1:$BL$10,4,FALSE)","v":-50},{"$f":"T168-HLOOKUP(X168,Feuil1!$C$1:$BL$10,5,FALSE)","v":-65},{"$f":"T168-HLOOKUP(X168,Feuil1!$C$1:$BL$10,6,FALSE)","v":-80},{"$f":"T168-HLOOKUP(X168,Feuil1!$C$1:$BL$10,7,FALSE)","v":-95},{"$f":"T168-HLOOKUP(X168,Feuil1!$C$1:$BL$10,8,FALSE)","v":-115},{"$f":"T168-HLOOKUP(X168,Feuil1!$C$1:$BL$10,9,FALSE)","v":-135},{"$f":"T168-HLOOKUP(X168,Feuil1!$C$1:$BL$10,10,FALSE)","v":-945},null,null,null,null,null,null,"DEB "]
["H","NE","BOU",49,351819,"HENOCQ","Thomas",2000,61.5,"HC Avallon","F",20,23,-26,23,28,-31,-31,28,51,-72,"DEB ",-24,{"$f":"IF(I169=\"\",\"\",IF(A169=\"H\",IF(OR(H169=\"SEN\",H169<1995),VLOOKUP(I169,Feuil1!$A$11:$G$29,6),IF(AND(H169>1994,H169<1998),VLOOKUP(I169,Feuil1!$A$11:$G$29,5),IF(AND(H169>1997,H169<2000),VLOOKUP(I169,Feuil1!$A$11:$G$29,4),IF(AND(H169>1999,H169<2002),VLOOKUP(I169,Feuil1!$A$11:$G$29,3),VLOOKUP(I169,Feuil1!$A$11:$G$29,2))))),IF(OR(H169=\"SEN\",H169<1995),VLOOKUP(I169,Feuil1!$G$11:$L$25,6),IF(AND(H169>1994,H169<1998),VLOOKUP(I169,Feuil1!$G$11:$L$25,5),IF(AND(H169>1997,H169<2000),VLOOKUP(I169,Feuil1!$G$11:$L$25,4),IF(AND(H169>1999,H169<2002),VLOOKUP(I169,Feuil1!$G$11:$L$25,3),VLOOKUP(I169,Feuil1!$G$11:$L$25,2)))))))","v":"C1 62"},74.187485344327769,null," ",{"$f":"T169-HLOOKUP(X169,Feuil1!$C$1:$BL$10,2,FALSE)","v":-24},{"$f":"T169-HLOOKUP(X169,Feuil1!$C$1:$BL$10,3,FALSE)","v":-44},{"$f":"T169-HLOOKUP(X169,Feuil1!$C$1:$BL$10,4,FALSE)","v":-54},{"$f":"T169-HLOOKUP(X169,Feuil1!$C$1:$BL$10,5,FALSE)","v":-69},{"$f":"T169-HLOOKUP(X169,Feuil1!$C$1:$BL$10,6,FALSE)","v":-84},{"$f":"T169-HLOOKUP(X169,Feuil1!$C$1:$BL$10,7,FALSE)","v":-99},{"$f":"T169-HLOOKUP(X169,Feuil1!$C$1:$BL$10,8,FALSE)","v":-119},{"$f":"T169-HLOOKUP(X169,Feuil1!$C$1:$BL$10,9,FALSE)","v":-139},{"$f":"T169-HLOOKUP(X169,Feuil1!$C$1:$BL$10,10,FALSE)","v":-949},null,null,null,null,null,null,"DEB "]
["H","NE","CHA",50,323375,"MARCHAND","Christopher ",2001,58.4,"Reims HM","F",12,15,18,18,25,28,30,30,48,-68.8,"DEB ",-27,{"$f":"IF(I170=\"\",\"\",IF(A170=\"H\",IF(OR(H170=\"SEN\",H170<1995),VLOOKUP(I170,Feuil1!$A$11:$G$29,6),IF(AND(H170>1994,H170<1998),VLOOKUP(I170,Feuil1!$A$11:$G$29,5),IF(AND(H170>1997,H170<2000),VLOOKUP(I170,Feuil1!$A$11:$G$29,4),IF(AND(H170>1999,H170<2002),VLOOKUP(I170,Feuil1!$A$11:$G$29,3),VLOOKUP(I170,Feuil1!$A$11:$G$29,2))))),IF(OR(H170=\"SEN\",H170<1995),VLOOKUP(I170,Feuil1!$G$11:$L$25,6),IF(AND(H170>1994,H170<1998),VLOOKUP(I170,Feuil1!$G$11:$L$25,5),IF(AND(H170>1997,H170<2000),VLOOKUP(I170,Feuil1!$G$11:$L$25,4),IF(AND(H170>1999,H170<2002),VLOOKUP(I170,Feuil1!$G$11:$L$25,3),VLOOKUP(I170,Feuil1!$G$11:$L$25,2)))))))","v":"C1 62"},72.536399403080594,null," ",{"$f":"T170-HLOOKUP(X170,Feuil1!$C$1:$BL$10,2,FALSE)","v":-27},{"$f":"T170-HLOOKUP(X170,Feuil1!$C$1:$BL$10,3,FALSE)","v":-47},{"$f":"T170-HLOOKUP(X170,Feuil1!$C$1:$BL$10,4,FALSE)","v":-57},{"$f":"T170-HLOOKUP(X170,Feuil1!$C$1:$BL$10,5,FALSE)","v":-72},{"$f":"T170-HLOOKUP(X170,Feuil1!$C$1:$BL$10,6,FALSE)","v":-87},{"$f":"T170-HLOOKUP(X170,Feuil1!$C$1:$BL$10,7,FALSE)","v":-102},{"$f":"T170-HLOOKUP(X170,Feuil1!$C$1:$BL$10,8,FALSE)","v":-122},{"$f":"T170-HLOOKUP(X170,Feuil1!$C$1:$BL$10,9,FALSE)","v":-142},{"$f":"T170-HLOOKUP(X170,Feuil1!$C$1:$BL$10,10,FALSE)","v":-952},null,null,null,null,null,null,"DEB "]
["H","SEST","RAL",51,388825,"VAVRE","CORENTIN",2001,56.85,"Vaulx-en-Velin","F",14,18,20,20,20,24,"-27_",24,44,-69.7,"DEB ",-31,{"$f":"IF(I171=\"\",\"\",IF(A171=\"H\",IF(OR(H171=\"SEN\",H171<1995),VLOOKUP(I171,Feuil1!$A$11:$G$29,6),IF(AND(H171>1994,H171<1998),VLOOKUP(I171,Feuil1!$A$11:$G$29,5),IF(AND(H171>1997,H171<2000),VLOOKUP(I171,Feuil1!$A$11:$G$29,4),IF(AND(H171>1999,H171<2002),VLOOKUP(I171,Feuil1!$A$11:$G$29,3),VLOOKUP(I171,Feuil1!$A$11:$G$29,2))))),IF(OR(H171=\"SEN\",H171<1995),VLOOKUP(I171,Feuil1!$G$11:$L$25,6),IF(AND(H171>1994,H171<1998),VLOOKUP(I171,Feuil1!$G$11:$L$25,5),IF(AND(H171>1997,H171<2000),VLOOKUP(I171,Feuil1!$G$11:$L$25,4),IF(AND(H171>1999,H171<2002),VLOOKUP(I171,Feuil1!$G$11:$L$25,3),VLOOKUP(I171,Feuil1!$G$11:$L$25,2)))))))","v":"C1 62"},67.872523222271965,null," ",{"$f":"T171-HLOOKUP(X171,Feuil1!$C$1:$BL$10,2,FALSE)","v":-31},{"$f":"T171-HLOOKUP(X171,Feuil1!$C$1:$BL$10,3,FALSE)","v":-51},{"$f":"T171-HLOOKUP(X171,Feuil1!$C$1:$BL$10,4,FALSE)","v":-61},{"$f":"T171-HLOOKUP(X171,Feuil1!$C$1:$BL$10,5,FALSE)","v":-76},{"$f":"T171-HLOOKUP(X171,Feuil1!$C$1:$BL$10,6,FALSE)","v":-91},{"$f":"T171-HLOOKUP(X171,Feuil1!$C$1:$BL$10,7,FALSE)","v":-106},{"$f":"T171-HLOOKUP(X171,Feuil1!$C$1:$BL$10,8,FALSE)","v":-126},{"$f":"T171-HLOOKUP(X171,Feuil1!$C$1:$BL$10,9,FALSE)","v":-146},{"$f":"T171-HLOOKUP(X171,Feuil1!$C$1:$BL$10,10,FALSE)","v":-956},null,null,null,null,null,null,"DEB "]
["H","SEST","RAL",52,377759,"BEYODDI","Charf-Eddine",2000,62,"C.H. L'ARBRESLE","F",15,18,-22,18,20,23,-26,23,41,-83,"DEB ",-34,{"$f":"IF(I172=\"\",\"\",IF(A172=\"H\",IF(OR(H172=\"SEN\",H172<1995),VLOOKUP(I172,Feuil1!$A$11:$G$29,6),IF(AND(H172>1994,H172<1998),VLOOKUP(I172,Feuil1!$A$11:$G$29,5),IF(AND(H172>1997,H172<2000),VLOOKUP(I172,Feuil1!$A$11:$G$29,4),IF(AND(H172>1999,H172<2002),VLOOKUP(I172,Feuil1!$A$11:$G$29,3),VLOOKUP(I172,Feuil1!$A$11:$G$29,2))))),IF(OR(H172=\"SEN\",H172<1995),VLOOKUP(I172,Feuil1!$G$11:$L$25,6),IF(AND(H172>1994,H172<1998),VLOOKUP(I172,Feuil1!$G$11:$L$25,5),IF(AND(H172>1997,H172<2000),VLOOKUP(I172,Feuil1!$G$11:$L$25,4),IF(AND(H172>1999,H172<2002),VLOOKUP(I172,Feuil1!$G$11:$L$25,3),VLOOKUP(I172,Feuil1!$G$11:$L$25,2)))))))","v":"C1 62"},59.295979873394124,null," ",{"$f":"T172-HLOOKUP(X172,Feuil1!$C$1:$BL$10,2,FALSE)","v":-34},{"$f":"T172-HLOOKUP(X172,Feuil1!$C$1:$BL$10,3,FALSE)","v":-54},{"$f":"T172-HLOOKUP(X172,Feuil1!$C$1:$BL$10,4,FALSE)","v":-64},{"$f":"T172-HLOOKUP(X172,Feuil1!$C$1:$BL$10,5,FALSE)","v":-79},{"$f":"T172-HLOOKUP(X172,Feuil1!$C$1:$BL$10,6,FALSE)","v":-94},{"$f":"T172-HLOOKUP(X172,Feuil1!$C$1:$BL$10,7,FALSE)","v":-109},{"$f":"T172-HLOOKUP(X172,Feuil1!$C$1:$BL$10,8,FALSE)","v":-129},{"$f":"T172-HLOOKUP(X172,Feuil1!$C$1:$BL$10,9,FALSE)","v":-149},{"$f":"T172-HLOOKUP(X172,Feuil1!$C$1:$BL$10,10,FALSE)","v":-959},null,null,null,null,null,null,"DEB "]
["H","CO","BNO",53,378973,"Malhere","Axel",2001,61.8,"Giberville","F",13,15,17,17,17,19,-21,19,36,-87.6,"DEB ",-39,{"$f":"IF(I173=\"\",\"\",IF(A173=\"H\",IF(OR(H173=\"SEN\",H173<1995),VLOOKUP(I173,Feuil1!$A$11:$G$29,6),IF(AND(H173>1994,H173<1998),VLOOKUP(I173,Feuil1!$A$11:$G$29,5),IF(AND(H173>1997,H173<2000),VLOOKUP(I173,Feuil1!$A$11:$G$29,4),IF(AND(H173>1999,H173<2002),VLOOKUP(I173,Feuil1!$A$11:$G$29,3),VLOOKUP(I173,Feuil1!$A$11:$G$29,2))))),IF(OR(H173=\"SEN\",H173<1995),VLOOKUP(I173,Feuil1!$G$11:$L$25,6),IF(AND(H173>1994,H173<1998),VLOOKUP(I173,Feuil1!$G$11:$L$25,5),IF(AND(H173>1997,H173<2000),VLOOKUP(I173,Feuil1!$G$11:$L$25,4),IF(AND(H173>1999,H173<2002),VLOOKUP(I173,Feuil1!$G$11:$L$25,3),VLOOKUP(I173,Feuil1!$G$11:$L$25,2)))))))","v":"C1 62"},52.185124581158739,null," ",{"$f":"T173-HLOOKUP(X173,Feuil1!$C$1:$BL$10,2,FALSE)","v":-39},{"$f":"T173-HLOOKUP(X173,Feuil1!$C$1:$BL$10,3,FALSE)","v":-59},{"$f":"T173-HLOOKUP(X173,Feuil1!$C$1:$BL$10,4,FALSE)","v":-69},{"$f":"T173-HLOOKUP(X173,Feuil1!$C$1:$BL$10,5,FALSE)","v":-84},{"$f":"T173-HLOOKUP(X173,Feuil1!$C$1:$BL$10,6,FALSE)","v":-99},{"$f":"T173-HLOOKUP(X173,Feuil1!$C$1:$BL$10,7,FALSE)","v":-114},{"$f":"T173-HLOOKUP(X173,Feuil1!$C$1:$BL$10,8,FALSE)","v":-134},{"$f":"T173-HLOOKUP(X173,Feuil1!$C$1:$BL$10,9,FALSE)","v":-154},{"$f":"T173-HLOOKUP(X173,Feuil1!$C$1:$BL$10,10,FALSE)","v":-964},null,null,null,null,null,null,"DEB "]
[null,null,null,null,null,null,null,null,null,null,null,null,null,null,null,null,null,null,null,null,null,null,null,null,null,null," ",{"$f":"T174-HLOOKUP(X174,[1]Feuil1!$C$1:$BL$10,2,FALSE)","v":{"$error":"#N/A"}},{"$f":"T174-HLOOKUP(X174,[1]Feuil1!$C$1:$BL$10,3,FALSE)","v":{"$error":"#N/A"}},{"$f":"T174-HLOOKUP(X174,[1]Feuil1!$C$1:$BL$10,4,FALSE)","v":{"$error":"#N/A"}},{"$f":"T174-HLOOKUP(X174,[1]Feuil1!$C$1:$BL$10,5,FALSE)","v":{"$error":"#N/A"}},{"$f":"T174-HLOOKUP(X174,[1]Feuil1!$C$1:$BL$10,6,FALSE)","v":{"$error":"#N/A"}},{"$f":"T174-HLOOKUP(X174,[1]Feuil1!$C$1:$BL$10,7,FALSE)","v":{"$error":"#N/A"}},{"$f":"T174-HLOOKUP(X174,[1]Feuil1!$C$1:$BL$10,8,FALSE)","v":{"$error":"#N/A"}},{"$f":"T174-HLOOKUP(X174,[1]Feuil1!$C$1:$BL$10,9,FALSE)","v":{"$error":"#N/A"}},{"$f":"T174-HLOOKUP(X174,[1]Feuil1!$C$1:$BL$10,10,FALSE)","v":{"$error":"#N/A"}},null,null,null,null,null,null,{"$f":"IF(AJ174>=0,$AJ$4,IF(AI174>=0,$AI$4,IF(AH174>=0,$AH$4,IF(AG174>=0,$AG$4,IF(AF174>=0,$AF$4,IF(AE174>=0,$AE$4,IF(AD174>=0,$AD$4,IF(AC174>=0,$AC$4,$AB$4))))))))","v":{"$error":"#N/A"}}]
["H","NORD","NPC",1,336176,"FARETIE","Sony",2000,67.12,"C.A.ROSENDAEL","F",88,92,-95,{"$f":"IF(H175=\"\",\"\",IF(MAXA(L175:N175)<=0,0,MAXA(L175:N175)))","v":92},106,111,115,{"$f":"IF(H175=\"\",\"\",IF(MAXA(P175:R175)<=0,0,MAXA(P175:R175)))","v":115},{"$f":"IF(H175=\"\",\"\",IF(OR(O175=0,S175=0),0,O175+S175))","v":207},{"$f":"T175-I175*2","v":72.759999999999991},{"$f":"IF(H175=\"\",\"\",AQ175)","v":"INTB +"},{"$f":"IF(AJ175>=0,AJ175,IF(AI175>=0,AI175,IF(AH175>=0,AH175,IF(AG175>=0,AG175,IF(AF175>=0,AF175,IF(AE175>=0,AE175,IF(AD175>=0,AD175,IF(AC175>=0,AC175,AB175))))))))","v":17},{"$f":"IF(I175=\"\",\"\",IF(A175=\"H\",IF(OR(H175=\"SEN\",H175<1995),VLOOKUP(I175,Feuil1!$A$11:$G$29,6),IF(AND(H175>1994,H175<1998),VLOOKUP(I175,Feuil1!$A$11:$G$29,5),IF(AND(H175>1997,H175<2000),VLOOKUP(I175,Feuil1!$A$11:$G$29,4),IF(AND(H175>1999,H175<2002),VLOOKUP(I175,Feuil1!$A$11:$G$29,3),VLOOKUP(I175,Feuil1!$A$11:$G$29,2))))),IF(OR(H175=\"SEN\",H175<1995),VLOOKUP(I175,Feuil1!$G$11:$L$25,6),IF(AND(H175>1994,H175<1998),VLOOKUP(I175,Feuil1!$G$11:$L$25,5),IF(AND(H175>1997,H175<2000),VLOOKUP(I175,Feuil1!$G$11:$L$25,4),IF(AND(H175>1999,H175<2002),VLOOKUP(I175,Feuil1!$G$11:$L$25,3),VLOOKUP(I175,Feuil1!$G$11:$L$25,2)))))))","v":"C1 69"},{"$f":"IF(I175=\"\",\"\",IF(A175=\"H\",10^(0.794358141*LOG(I175/174.393)^2)*T175,IF(A175=\"F\",10^(0.89726074*LOG(I175/148.026)^2)*T175,\"\")))","v":283.5083576523453},null," ",{"$f":"T175-HLOOKUP(X175,Feuil1!$C$1:$BL$10,2,FALSE)","v":122},{"$f":"T175-HLOOKUP(X175,Feuil1!$C$1:$BL$10,3,FALSE)","v":102},{"$f":"T175-HLOOKUP(X175,Feuil1!$C$1:$BL$10,4,FALSE)","v":92},{"$f":"T175-HLOOKUP(X175,Feuil1!$C$1:$BL$10,5,FALSE)","v":77},{"$f":"T175-HLOOKUP(X175,Feuil1!$C$1:$BL$10,6,FALSE)","v":57},{"$f":"T175-HLOOKUP(X175,Feuil1!$C$1:$BL$10,7,FALSE)","v":37},{"$f":"T175-HLOOKUP(X175,Feuil1!$C$1:$BL$10,8,FALSE)","v":17},{"$f":"T175-HLOOKUP(X175,Feuil1!$C$1:$BL$10,9,FALSE)","v":-3},{"$f":"T175-HLOOKUP(X175,Feuil1!$C$1:$BL$10,10,FALSE)","v":-793},null,null,null,null,null,null,{"$f":"IF(AJ175>=0,$AJ$4,IF(AI175>=0,$AI$4,IF(AH175>=0,$AH$4,IF(AG175>=0,$AG$4,IF(AF175>=0,$AF$4,IF(AE175>=0,$AE$4,IF(AD175>=0,$AD$4,IF(AC175>=0,$AC$4,$AB$4))))))))","v":"INTB +"}]
["H","SEST","PRO",2,342507,"ALFONSI","Luc ",2000,65.84,"EEAR MONTEUX","F",80,83,85,85,105,112,116,116,201,69.319999999999993,"INTB +",11,{"$f":"IF(I176=\"\",\"\",IF(A176=\"H\",IF(OR(H176=\"SEN\",H176<1995),VLOOKUP(I176,Feuil1!$A$11:$G$29,6),IF(AND(H176>1994,H176<1998),VLOOKUP(I176,Feuil1!$A$11:$G$29,5),IF(AND(H176>1997,H176<2000),VLOOKUP(I176,Feuil1!$A$11:$G$29,4),IF(AND(H176>1999,H176<2002),VLOOKUP(I176,Feuil1!$A$11:$G$29,3),VLOOKUP(I176,Feuil1!$A$11:$G$29,2))))),IF(OR(H176=\"SEN\",H176<1995),VLOOKUP(I176,Feuil1!$G$11:$L$25,6),IF(AND(H176>1994,H176<1998),VLOOKUP(I176,Feuil1!$G$11:$L$25,5),IF(AND(H176>1997,H176<2000),VLOOKUP(I176,Feuil1!$G$11:$L$25,4),IF(AND(H176>1999,H176<2002),VLOOKUP(I176,Feuil1!$G$11:$L$25,3),VLOOKUP(I176,Feuil1!$G$11:$L$25,2)))))))","v":"C1 69"},278.84067650268611,null," ",{"$f":"T176-HLOOKUP(X176,Feuil1!$C$1:$BL$10,2,FALSE)","v":116},{"$f":"T176-HLOOKUP(X176,Feuil1!$C$1:$BL$10,3,FALSE)","v":96},{"$f":"T176-HLOOKUP(X176,Feuil1!$C$1:$BL$10,4,FALSE)","v":86},{"$f":"T176-HLOOKUP(X176,Feuil1!$C$1:$BL$10,5,FALSE)","v":71},{"$f":"T176-HLOOKUP(X176,Feuil1!$C$1:$BL$10,6,FALSE)","v":51},{"$f":"T176-HLOOKUP(X176,Feuil1!$C$1:$BL$10,7,FALSE)","v":31},{"$f":"T176-HLOOKUP(X176,Feuil1!$C$1:$BL$10,8,FALSE)","v":11},{"$f":"T176-HLOOKUP(X176,Feuil1!$C$1:$BL$10,9,FALSE)","v":-9},{"$f":"T176-HLOOKUP(X176,Feuil1!$C$1:$BL$10,10,FALSE)","v":-799},null,null,null,null,null,null,"INTB +"]
["H","NE","CHA",3,339573,"MKRTCHYAN ","Armen",2000,63.3,"Reims HM","Arm",67,71,74,74,90,94,96,96,170,43.400000000000006,"NAT +",0,{"$f":"IF(I177=\"\",\"\",IF(A177=\"H\",IF(OR(H177=\"SEN\",H177<1995),VLOOKUP(I177,Feuil1!$A$11:$G$29,6),IF(AND(H177>1994,H177<1998),VLOOKUP(I177,Feuil1!$A$11:$G$29,5),IF(AND(H177>1997,H177<2000),VLOOKUP(I177,Feuil1!$A$11:$G$29,4),IF(AND(H177>1999,H177<2002),VLOOKUP(I177,Feuil1!$A$11:$G$29,3),VLOOKUP(I177,Feuil1!$A$11:$G$29,2))))),IF(OR(H177=\"SEN\",H177<1995),VLOOKUP(I177,Feuil1!$G$11:$L$25,6),IF(AND(H177>1994,H177<1998),VLOOKUP(I177,Feuil1!$G$11:$L$25,5),IF(AND(H177>1997,H177<2000),VLOOKUP(I177,Feuil1!$G$11:$L$25,4),IF(AND(H177>1999,H177<2002),VLOOKUP(I177,Feuil1!$G$11:$L$25,3),VLOOKUP(I177,Feuil1!$G$11:$L$25,2)))))))","v":"C1 69"},242.2837495378289,null," ",{"$f":"T177-HLOOKUP(X177,Feuil1!$C$1:$BL$10,2,FALSE)","v":85},{"$f":"T177-HLOOKUP(X177,Feuil1!$C$1:$BL$10,3,FALSE)","v":65},{"$f":"T177-HLOOKUP(X177,Feuil1!$C$1:$BL$10,4,FALSE)","v":55},{"$f":"T177-HLOOKUP(X177,Feuil1!$C$1:$BL$10,5,FALSE)","v":40},{"$f":"T177-HLOOKUP(X177,Feuil1!$C$1:$BL$10,6,FALSE)","v":20},{"$f":"T177-HLOOKUP(X177,Feuil1!$C$1:$BL$10,7,FALSE)","v":0},{"$f":"T177-HLOOKUP(X177,Feuil1!$C$1:$BL$10,8,FALSE)","v":-20},{"$f":"T177-HLOOKUP(X177,Feuil1!$C$1:$BL$10,9,FALSE)","v":-40},{"$f":"T177-HLOOKUP(X177,Feuil1!$C$1:$BL$10,10,FALSE)","v":-830},null,null,null,null,null,null,"NAT +"]
["H","SEST","LAN ",4,331084,"GIAMBRONE","Alexandre",2000,62.6,"Clermont Sports","F",62,-70,70,70,90,95,-97,95,165,39.799999999999997,"FED +",15,{"$f":"IF(I178=\"\",\"\",IF(A178=\"H\",IF(OR(H178=\"SEN\",H178<1995),VLOOKUP(I178,Feuil1!$A$11:$G$29,6),IF(AND(H178>1994,H178<1998),VLOOKUP(I178,Feuil1!$A$11:$G$29,5),IF(AND(H178>1997,H178<2000),VLOOKUP(I178,Feuil1!$A$11:$G$29,4),IF(AND(H178>1999,H178<2002),VLOOKUP(I178,Feuil1!$A$11:$G$29,3),VLOOKUP(I178,Feuil1!$A$11:$G$29,2))))),IF(OR(H178=\"SEN\",H178<1995),VLOOKUP(I178,Feuil1!$G$11:$L$25,6),IF(AND(H178>1994,H178<1998),VLOOKUP(I178,Feuil1!$G$11:$L$25,5),IF(AND(H178>1997,H178<2000),VLOOKUP(I178,Feuil1!$G$11:$L$25,4),IF(AND(H178>1999,H178<2002),VLOOKUP(I178,Feuil1!$G$11:$L$25,3),VLOOKUP(I178,Feuil1!$G$11:$L$25,2)))))))","v":"C1 69"},237.00346831284409,null," ",{"$f":"T178-HLOOKUP(X178,Feuil1!$C$1:$BL$10,2,FALSE)","v":80},{"$f":"T178-HLOOKUP(X178,Feuil1!$C$1:$BL$10,3,FALSE)","v":60},{"$f":"T178-HLOOKUP(X178,Feuil1!$C$1:$BL$10,4,FALSE)","v":50},{"$f":"T178-HLOOKUP(X178,Feuil1!$C$1:$BL$10,5,FALSE)","v":35},{"$f":"T178-HLOOKUP(X178,Feuil1!$C$1:$BL$10,6,FALSE)","v":15},{"$f":"T178-HLOOKUP(X178,Feuil1!$C$1:$BL$10,7,FALSE)","v":-5},{"$f":"T178-HLOOKUP(X178,Feuil1!$C$1:$BL$10,8,FALSE)","v":-25},{"$f":"T178-HLOOKUP(X178,Feuil1!$C$1:$BL$10,9,FALSE)","v":-45},{"$f":"T178-HLOOKUP(X178,Feuil1!$C$1:$BL$10,10,FALSE)","v":-835},null,null,null,null,null,null,"FED +"]
["H","SEST","LAN ",5,327347,"CHOTARD","Jean Marc",2000,67.8,"Frontignan AC","F",60,-65,65,65,82,87,-92,87,152,16.400000000000006,"FED +",2,{"$f":"IF(I179=\"\",\"\",IF(A179=\"H\",IF(OR(H179=\"SEN\",H179<1995),VLOOKUP(I179,Feuil1!$A$11:$G$29,6),IF(AND(H179>1994,H179<1998),VLOOKUP(I179,Feuil1!$A$11:$G$29,5),IF(AND(H179>1997,H179<2000),VLOOKUP(I179,Feuil1!$A$11:$G$29,4),IF(AND(H179>1999,H179<2002),VLOOKUP(I179,Feuil1!$A$11:$G$29,3),VLOOKUP(I179,Feuil1!$A$11:$G$29,2))))),IF(OR(H179=\"SEN\",H179<1995),VLOOKUP(I179,Feuil1!$G$11:$L$25,6),IF(AND(H179>1994,H179<1998),VLOOKUP(I179,Feuil1!$G$11:$L$25,5),IF(AND(H179>1997,H179<2000),VLOOKUP(I179,Feuil1!$G$11:$L$25,4),IF(AND(H179>1999,H179<2002),VLOOKUP(I179,Feuil1!$G$11:$L$25,3),VLOOKUP(I179,Feuil1!$G$11:$L$25,2)))))))","v":"C1 69"},206.80939040923732,null," ",{"$f":"T179-HLOOKUP(X179,Feuil1!$C$1:$BL$10,2,FALSE)","v":67},{"$f":"T179-HLOOKUP(X179,Feuil1!$C$1:$BL$10,3,FALSE)","v":47},{"$f":"T179-HLOOKUP(X179,Feuil1!$C$1:$BL$10,4,FALSE)","v":37},{"$f":"T179-HLOOKUP(X179,Feuil1!$C$1:$BL$10,5,FALSE)","v":22},{"$f":"T179-HLOOKUP(X179,Feuil1!$C$1:$BL$10,6,FALSE)","v":2},{"$f":"T179-HLOOKUP(X179,Feuil1!$C$1:$BL$10,7,FALSE)","v":-18},{"$f":"T179-HLOOKUP(X179,Feuil1!$C$1:$BL$10,8,FALSE)","v":-38},{"$f":"T179-HLOOKUP(X179,Feuil1!$C$1:$BL$10,9,FALSE)","v":-58},{"$f":"T179-HLOOKUP(X179,Feuil1!$C$1:$BL$10,10,FALSE)","v":-848},null,null,null,null,null,null,"FED +"]
["H","NORD","NPC",6,311932,"MAES","Calvin",2000,64.5,"C.A.ROSENDAEL","F",55,60,65,65,75,80,85,85,150,21,"FED +",0,{"$f":"IF(I180=\"\",\"\",IF(A180=\"H\",IF(OR(H180=\"SEN\",H180<1995),VLOOKUP(I180,Feuil1!$A$11:$G$29,6),IF(AND(H180>1994,H180<1998),VLOOKUP(I180,Feuil1!$A$11:$G$29,5),IF(AND(H180>1997,H180<2000),VLOOKUP(I180,Feuil1!$A$11:$G$29,4),IF(AND(H180>1999,H180<2002),VLOOKUP(I180,Feuil1!$A$11:$G$29,3),VLOOKUP(I180,Feuil1!$A$11:$G$29,2))))),IF(OR(H180=\"SEN\",H180<1995),VLOOKUP(I180,Feuil1!$G$11:$L$25,6),IF(AND(H180>1994,H180<1998),VLOOKUP(I180,Feuil1!$G$11:$L$25,5),IF(AND(H180>1997,H180<2000),VLOOKUP(I180,Feuil1!$G$11:$L$25,4),IF(AND(H180>1999,H180<2002),VLOOKUP(I180,Feuil1!$G$11:$L$25,3),VLOOKUP(I180,Feuil1!$G$11:$L$25,2)))))))","v":"C1 69"},211.01654436704342,null," ",{"$f":"T180-HLOOKUP(X180,Feuil1!$C$1:$BL$10,2,FALSE)","v":65},{"$f":"T180-HLOOKUP(X180,Feuil1!$C$1:$BL$10,3,FALSE)","v":45},{"$f":"T180-HLOOKUP(X180,Feuil1!$C$1:$BL$10,4,FALSE)","v":35},{"$f":"T180-HLOOKUP(X180,Feuil1!$C$1:$BL$10,5,FALSE)","v":20},{"$f":"T180-HLOOKUP(X180,Feuil1!$C$1:$BL$10,6,FALSE)","v":0},{"$f":"T180-HLOOKUP(X180,Feuil1!$C$1:$BL$10,7,FALSE)","v":-20},{"$f":"T180-HLOOKUP(X180,Feuil1!$C$1:$BL$10,8,FALSE)","v":-40},{"$f":"T180-HLOOKUP(X180,Feuil1!$C$1:$BL$10,9,FALSE)","v":-60},{"$f":"T180-HLOOKUP(X180,Feuil1!$C$1:$BL$10,10,FALSE)","v":-850},null,null,null,null,null,null,"FED +"]
["H","SEST","PRO",7,304532,"GUERIN","Hugo ",2001,67.7,"EEAR MONTEUX",null,55,59,61,61,65,70,-75,70,131,-4.4000000000000057,"IRG +",1,{"$f":"IF(I181=\"\",\"\",IF(A181=\"H\",IF(OR(H181=\"SEN\",H181<1995),VLOOKUP(I181,Feuil1!$A$11:$G$29,6),IF(AND(H181>1994,H181<1998),VLOOKUP(I181,Feuil1!$A$11:$G$29,5),IF(AND(H181>1997,H181<2000),VLOOKUP(I181,Feuil1!$A$11:$G$29,4),IF(AND(H181>1999,H181<2002),VLOOKUP(I181,Feuil1!$A$11:$G$29,3),VLOOKUP(I181,Feuil1!$A$11:$G$29,2))))),IF(OR(H181=\"SEN\",H181<1995),VLOOKUP(I181,Feuil1!$G$11:$L$25,6),IF(AND(H181>1994,H181<1998),VLOOKUP(I181,Feuil1!$G$11:$L$25,5),IF(AND(H181>1997,H181<2000),VLOOKUP(I181,Feuil1!$G$11:$L$25,4),IF(AND(H181>1999,H181<2002),VLOOKUP(I181,Feuil1!$G$11:$L$25,3),VLOOKUP(I181,Feuil1!$G$11:$L$25,2)))))))","v":"C1 69"},178.40874589703566,null," ",{"$f":"T181-HLOOKUP(X181,Feuil1!$C$1:$BL$10,2,FALSE)","v":46},{"$f":"T181-HLOOKUP(X181,Feuil1!$C$1:$BL$10,3,FALSE)","v":26},{"$f":"T181-HLOOKUP(X181,Feuil1!$C$1:$BL$10,4,FALSE)","v":16},{"$f":"T181-HLOOKUP(X181,Feuil1!$C$1:$BL$10,5,FALSE)","v":1},{"$f":"T181-HLOOKUP(X181,Feuil1!$C$1:$BL$10,6,FALSE)","v":-19},{"$f":"T181-HLOOKUP(X181,Feuil1!$C$1:$BL$10,7,FALSE)","v":-39},{"$f":"T181-HLOOKUP(X181,Feuil1!$C$1:$BL$10,8,FALSE)","v":-59},{"$f":"T181-HLOOKUP(X181,Feuil1!$C$1:$BL$10,9,FALSE)","v":-79},{"$f":"T181-HLOOKUP(X181,Feuil1!$C$1:$BL$10,10,FALSE)","v":-869},null,null,null,null,null,null,"IRG +"]
["H","CO","PDL",8,324248,"CHALVIN","Maxime ",2000,66.150000000000006,"Saint Herblain","F",55,60,-63,60,65,-70,70,70,130,-2.3000000000000114,"IRG +",0,{"$f":"IF(I182=\"\",\"\",IF(A182=\"H\",IF(OR(H182=\"SEN\",H182<1995),VLOOKUP(I182,Feuil1!$A$11:$G$29,6),IF(AND(H182>1994,H182<1998),VLOOKUP(I182,Feuil1!$A$11:$G$29,5),IF(AND(H182>1997,H182<2000),VLOOKUP(I182,Feuil1!$A$11:$G$29,4),IF(AND(H182>1999,H182<2002),VLOOKUP(I182,Feuil1!$A$11:$G$29,3),VLOOKUP(I182,Feuil1!$A$11:$G$29,2))))),IF(OR(H182=\"SEN\",H182<1995),VLOOKUP(I182,Feuil1!$G$11:$L$25,6),IF(AND(H182>1994,H182<1998),VLOOKUP(I182,Feuil1!$G$11:$L$25,5),IF(AND(H182>1997,H182<2000),VLOOKUP(I182,Feuil1!$G$11:$L$25,4),IF(AND(H182>1999,H182<2002),VLOOKUP(I182,Feuil1!$G$11:$L$25,3),VLOOKUP(I182,Feuil1!$G$11:$L$25,2)))))))","v":"C1 69"},179.77762907709362,null," ",{"$f":"T182-HLOOKUP(X182,Feuil1!$C$1:$BL$10,2,FALSE)","v":45},{"$f":"T182-HLOOKUP(X182,Feuil1!$C$1:$BL$10,3,FALSE)","v":25},{"$f":"T182-HLOOKUP(X182,Feuil1!$C$1:$BL$10,4,FALSE)","v":15},{"$f":"T182-HLOOKUP(X182,Feuil1!$C$1:$BL$10,5,FALSE)","v":0},{"$f":"T182-HLOOKUP(X182,Feuil1!$C$1:$BL$10,6,FALSE)","v":-20},{"$f":"T182-HLOOKUP(X182,Feuil1!$C$1:$BL$10,7,FALSE)","v":-40},{"$f":"T182-HLOOKUP(X182,Feuil1!$C$1:$BL$10,8,FALSE)","v":-60},{"$f":"T182-HLOOKUP(X182,Feuil1!$C$1:$BL$10,9,FALSE)","v":-80},{"$f":"T182-HLOOKUP(X182,Feuil1!$C$1:$BL$10,10,FALSE)","v":-870},null,null,null,null,null,null,"IRG +"]
["H","SEST","RAL",9,304551,"DOMINGUEZ","Gaetan",2001,62.5,"Gauloise de Vaise","F",-55,-55,55,55,67,70,73,73,128,3,"REG +",13,{"$f":"IF(I183=\"\",\"\",IF(A183=\"H\",IF(OR(H183=\"SEN\",H183<1995),VLOOKUP(I183,Feuil1!$A$11:$G$29,6),IF(AND(H183>1994,H183<1998),VLOOKUP(I183,Feuil1!$A$11:$G$29,5),IF(AND(H183>1997,H183<2000),VLOOKUP(I183,Feuil1!$A$11:$G$29,4),IF(AND(H183>1999,H183<2002),VLOOKUP(I183,Feuil1!$A$11:$G$29,3),VLOOKUP(I183,Feuil1!$A$11:$G$29,2))))),IF(OR(H183=\"SEN\",H183<1995),VLOOKUP(I183,Feuil1!$G$11:$L$25,6),IF(AND(H183>1994,H183<1998),VLOOKUP(I183,Feuil1!$G$11:$L$25,5),IF(AND(H183>1997,H183<2000),VLOOKUP(I183,Feuil1!$G$11:$L$25,4),IF(AND(H183>1999,H183<2002),VLOOKUP(I183,Feuil1!$G$11:$L$25,3),VLOOKUP(I183,Feuil1!$G$11:$L$25,2)))))))","v":"C1 69"},184.06530148743548,null," ",{"$f":"T183-HLOOKUP(X183,Feuil1!$C$1:$BL$10,2,FALSE)","v":43},{"$f":"T183-HLOOKUP(X183,Feuil1!$C$1:$BL$10,3,FALSE)","v":23},{"$f":"T183-HLOOKUP(X183,Feuil1!$C$1:$BL$10,4,FALSE)","v":13},{"$f":"T183-HLOOKUP(X183,Feuil1!$C$1:$BL$10,5,FALSE)","v":-2},{"$f":"T183-HLOOKUP(X183,Feuil1!$C$1:$BL$10,6,FALSE)","v":-22},{"$f":"T183-HLOOKUP(X183,Feuil1!$C$1:$BL$10,7,FALSE)","v":-42},{"$f":"T183-HLOOKUP(X183,Feuil1!$C$1:$BL$10,8,FALSE)","v":-62},{"$f":"T183-HLOOKUP(X183,Feuil1!$C$1:$BL$10,9,FALSE)","v":-82},{"$f":"T183-HLOOKUP(X183,Feuil1!$C$1:$BL$10,10,FALSE)","v":-872},null,null,null,null,null,null,"REG +"]
["H","CO","BNO",10,327978,"PANNIER","Quentin",2000,63.7,"Caen CHM","F",50,54,-57,54,68,72,-75,72,126,-1.4000000000000057,"REG +",11,{"$f":"IF(I184=\"\",\"\",IF(A184=\"H\",IF(OR(H184=\"SEN\",H184<1995),VLOOKUP(I184,Feuil1!$A$11:$G$29,6),IF(AND(H184>1994,H184<1998),VLOOKUP(I184,Feuil1!$A$11:$G$29,5),IF(AND(H184>1997,H184<2000),VLOOKUP(I184,Feuil1!$A$11:$G$29,4),IF(AND(H184>1999,H184<2002),VLOOKUP(I184,Feuil1!$A$11:$G$29,3),VLOOKUP(I184,Feuil1!$A$11:$G$29,2))))),IF(OR(H184=\"SEN\",H184<1995),VLOOKUP(I184,Feuil1!$G$11:$L$25,6),IF(AND(H184>1994,H184<1998),VLOOKUP(I184,Feuil1!$G$11:$L$25,5),IF(AND(H184>1997,H184<2000),VLOOKUP(I184,Feuil1!$G$11:$L$25,4),IF(AND(H184>1999,H184<2002),VLOOKUP(I184,Feuil1!$G$11:$L$25,3),VLOOKUP(I184,Feuil1!$G$11:$L$25,2)))))))","v":"C1 69"},178.788237907179,null," ",{"$f":"T184-HLOOKUP(X184,Feuil1!$C$1:$BL$10,2,FALSE)","v":41},{"$f":"T184-HLOOKUP(X184,Feuil1!$C$1:$BL$10,3,FALSE)","v":21},{"$f":"T184-HLOOKUP(X184,Feuil1!$C$1:$BL$10,4,FALSE)","v":11},{"$f":"T184-HLOOKUP(X184,Feuil1!$C$1:$BL$10,5,FALSE)","v":-4},{"$f":"T184-HLOOKUP(X184,Feuil1!$C$1:$BL$10,6,FALSE)","v":-24},{"$f":"T184-HLOOKUP(X184,Feuil1!$C$1:$BL$10,7,FALSE)","v":-44},{"$f":"T184-HLOOKUP(X184,Feuil1!$C$1:$BL$10,8,FALSE)","v":-64},{"$f":"T184-HLOOKUP(X184,Feuil1!$C$1:$BL$10,9,FALSE)","v":-84},{"$f":"T184-HLOOKUP(X184,Feuil1!$C$1:$BL$10,10,FALSE)","v":-874},null,null,null,null,null,null,"REG +"]
["H","N","IDF",11,383017,"THAN ","YVES-OLIVIER",2000,64.2,"SAINT-MAUR","F",45,50,-55,50,65,70,75,75,125,-3.4000000000000057,"REG +",10,{"$f":"IF(I185=\"\",\"\",IF(A185=\"H\",IF(OR(H185=\"SEN\",H185<1995),VLOOKUP(I185,Feuil1!$A$11:$G$29,6),IF(AND(H185>1994,H185<1998),VLOOKUP(I185,Feuil1!$A$11:$G$29,5),IF(AND(H185>1997,H185<2000),VLOOKUP(I185,Feuil1!$A$11:$G$29,4),IF(AND(H185>1999,H185<2002),VLOOKUP(I185,Feuil1!$A$11:$G$29,3),VLOOKUP(I185,Feuil1!$A$11:$G$29,2))))),IF(OR(H185=\"SEN\",H185<1995),VLOOKUP(I185,Feuil1!$G$11:$L$25,6),IF(AND(H185>1994,H185<1998),VLOOKUP(I185,Feuil1!$G$11:$L$25,5),IF(AND(H185>1997,H185<2000),VLOOKUP(I185,Feuil1!$G$11:$L$25,4),IF(AND(H185>1999,H185<2002),VLOOKUP(I185,Feuil1!$G$11:$L$25,3),VLOOKUP(I185,Feuil1!$G$11:$L$25,2)))))))","v":"C1 69"},176.41195475659845,null," ",{"$f":"T185-HLOOKUP(X185,Feuil1!$C$1:$BL$10,2,FALSE)","v":40},{"$f":"T185-HLOOKUP(X185,Feuil1!$C$1:$BL$10,3,FALSE)","v":20},{"$f":"T185-HLOOKUP(X185,Feuil1!$C$1:$BL$10,4,FALSE)","v":10},{"$f":"T185-HLOOKUP(X185,Feuil1!$C$1:$BL$10,5,FALSE)","v":-5},{"$f":"T185-HLOOKUP(X185,Feuil1!$C$1:$BL$10,6,FALSE)","v":-25},{"$f":"T185-HLOOKUP(X185,Feuil1!$C$1:$BL$10,7,FALSE)","v":-45},{"$f":"T185-HLOOKUP(X185,Feuil1!$C$1:$BL$10,8,FALSE)","v":-65},{"$f":"T185-HLOOKUP(X185,Feuil1!$C$1:$BL$10,9,FALSE)","v":-85},{"$f":"T185-HLOOKUP(X185,Feuil1!$C$1:$BL$10,10,FALSE)","v":-875},null,null,null,null,null,null,"REG +"]
["H","NE","LOR",12,304107,"BÉNÉ","Dylan",2000,64.8,"A.O.C.Pte-ROSSELLE","F",45,50,-54,50,60,65,70,70,120,-9.5999999999999943,"REG +",5,{"$f":"IF(I186=\"\",\"\",IF(A186=\"H\",IF(OR(H186=\"SEN\",H186<1995),VLOOKUP(I186,Feuil1!$A$11:$G$29,6),IF(AND(H186>1994,H186<1998),VLOOKUP(I186,Feuil1!$A$11:$G$29,5),IF(AND(H186>1997,H186<2000),VLOOKUP(I186,Feuil1!$A$11:$G$29,4),IF(AND(H186>1999,H186<2002),VLOOKUP(I186,Feuil1!$A$11:$G$29,3),VLOOKUP(I186,Feuil1!$A$11:$G$29,2))))),IF(OR(H186=\"SEN\",H186<1995),VLOOKUP(I186,Feuil1!$G$11:$L$25,6),IF(AND(H186>1994,H186<1998),VLOOKUP(I186,Feuil1!$G$11:$L$25,5),IF(AND(H186>1997,H186<2000),VLOOKUP(I186,Feuil1!$G$11:$L$25,4),IF(AND(H186>1999,H186<2002),VLOOKUP(I186,Feuil1!$G$11:$L$25,3),VLOOKUP(I186,Feuil1!$G$11:$L$25,2)))))))","v":"C1 69"},168.27774066511833,null," ",{"$f":"T186-HLOOKUP(X186,Feuil1!$C$1:$BL$10,2,FALSE)","v":35},{"$f":"T186-HLOOKUP(X186,Feuil1!$C$1:$BL$10,3,FALSE)","v":15},{"$f":"T186-HLOOKUP(X186,Feuil1!$C$1:$BL$10,4,FALSE)","v":5},{"$f":"T186-HLOOKUP(X186,Feuil1!$C$1:$BL$10,5,FALSE)","v":-10},{"$f":"T186-HLOOKUP(X186,Feuil1!$C$1:$BL$10,6,FALSE)","v":-30},{"$f":"T186-HLOOKUP(X186,Feuil1!$C$1:$BL$10,7,FALSE)","v":-50},{"$f":"T186-HLOOKUP(X186,Feuil1!$C$1:$BL$10,8,FALSE)","v":-70},{"$f":"T186-HLOOKUP(X186,Feuil1!$C$1:$BL$10,9,FALSE)","v":-90},{"$f":"T186-HLOOKUP(X186,Feuil1!$C$1:$BL$10,10,FALSE)","v":-880},null,null,null,null,null,null,"REG +"]
["H","CO","CEN",13,357592,"BEZARD","Antonin",2000,66.099999999999994,"US Tours","F",45,-50,50,50,60,65,68,68,118,-14.199999999999989,"REG +",3,{"$f":"IF(I187=\"\",\"\",IF(A187=\"H\",IF(OR(H187=\"SEN\",H187<1995),VLOOKUP(I187,Feuil1!$A$11:$G$29,6),IF(AND(H187>1994,H187<1998),VLOOKUP(I187,Feuil1!$A$11:$G$29,5),IF(AND(H187>1997,H187<2000),VLOOKUP(I187,Feuil1!$A$11:$G$29,4),IF(AND(H187>1999,H187<2002),VLOOKUP(I187,Feuil1!$A$11:$G$29,3),VLOOKUP(I187,Feuil1!$A$11:$G$29,2))))),IF(OR(H187=\"SEN\",H187<1995),VLOOKUP(I187,Feuil1!$G$11:$L$25,6),IF(AND(H187>1994,H187<1998),VLOOKUP(I187,Feuil1!$G$11:$L$25,5),IF(AND(H187>1997,H187<2000),VLOOKUP(I187,Feuil1!$G$11:$L$25,4),IF(AND(H187>1999,H187<2002),VLOOKUP(I187,Feuil1!$G$11:$L$25,3),VLOOKUP(I187,Feuil1!$G$11:$L$25,2)))))))","v":"C1 69"},163.2653530236004,null," ",{"$f":"T187-HLOOKUP(X187,Feuil1!$C$1:$BL$10,2,FALSE)","v":33},{"$f":"T187-HLOOKUP(X187,Feuil1!$C$1:$BL$10,3,FALSE)","v":13},{"$f":"T187-HLOOKUP(X187,Feuil1!$C$1:$BL$10,4,FALSE)","v":3},{"$f":"T187-HLOOKUP(X187,Feuil1!$C$1:$BL$10,5,FALSE)","v":-12},{"$f":"T187-HLOOKUP(X187,Feuil1!$C$1:$BL$10,6,FALSE)","v":-32},{"$f":"T187-HLOOKUP(X187,Feuil1!$C$1:$BL$10,7,FALSE)","v":-52},{"$f":"T187-HLOOKUP(X187,Feuil1!$C$1:$BL$10,8,FALSE)","v":-72},{"$f":"T187-HLOOKUP(X187,Feuil1!$C$1:$BL$10,9,FALSE)","v":-92},{"$f":"T187-HLOOKUP(X187,Feuil1!$C$1:$BL$10,10,FALSE)","v":-882},null,null,null,null,null,null,"REG +"]
["H","NORD","NPC",14,351699,"LAMBLIN","Logan",2001,66.7,"A.O.SALLAUMINES","F",43,46,49,49,63,66,68,68,117,-16.400000000000006,"REG +",2,{"$f":"IF(I188=\"\",\"\",IF(A188=\"H\",IF(OR(H188=\"SEN\",H188<1995),VLOOKUP(I188,Feuil1!$A$11:$G$29,6),IF(AND(H188>1994,H188<1998),VLOOKUP(I188,Feuil1!$A$11:$G$29,5),IF(AND(H188>1997,H188<2000),VLOOKUP(I188,Feuil1!$A$11:$G$29,4),IF(AND(H188>1999,H188<2002),VLOOKUP(I188,Feuil1!$A$11:$G$29,3),VLOOKUP(I188,Feuil1!$A$11:$G$29,2))))),IF(OR(H188=\"SEN\",H188<1995),VLOOKUP(I188,Feuil1!$G$11:$L$25,6),IF(AND(H188>1994,H188<1998),VLOOKUP(I188,Feuil1!$G$11:$L$25,5),IF(AND(H188>1997,H188<2000),VLOOKUP(I188,Feuil1!$G$11:$L$25,4),IF(AND(H188>1999,H188<2002),VLOOKUP(I188,Feuil1!$G$11:$L$25,3),VLOOKUP(I188,Feuil1!$G$11:$L$25,2)))))))","v":"C1 69"},160.91008391711748,null," ",{"$f":"T188-HLOOKUP(X188,Feuil1!$C$1:$BL$10,2,FALSE)","v":32},{"$f":"T188-HLOOKUP(X188,Feuil1!$C$1:$BL$10,3,FALSE)","v":12},{"$f":"T188-HLOOKUP(X188,Feuil1!$C$1:$BL$10,4,FALSE)","v":2},{"$f":"T188-HLOOKUP(X188,Feuil1!$C$1:$BL$10,5,FALSE)","v":-13},{"$f":"T188-HLOOKUP(X188,Feuil1!$C$1:$BL$10,6,FALSE)","v":-33},{"$f":"T188-HLOOKUP(X188,Feuil1!$C$1:$BL$10,7,FALSE)","v":-53},{"$f":"T188-HLOOKUP(X188,Feuil1!$C$1:$BL$10,8,FALSE)","v":-73},{"$f":"T188-HLOOKUP(X188,Feuil1!$C$1:$BL$10,9,FALSE)","v":-93},{"$f":"T188-HLOOKUP(X188,Feuil1!$C$1:$BL$10,10,FALSE)","v":-883},null,null,null,null,null,null,"REG +"]
["H","DOM","GUA",15,387844,"ALQUIER","Martin",2001,63,"EGAFC/Baie Mahault","F",45,50,-53,50,55,60,-65,60,110,-16,"DEP +",5,{"$f":"IF(I189=\"\",\"\",IF(A189=\"H\",IF(OR(H189=\"SEN\",H189<1995),VLOOKUP(I189,Feuil1!$A$11:$G$29,6),IF(AND(H189>1994,H189<1998),VLOOKUP(I189,Feuil1!$A$11:$G$29,5),IF(AND(H189>1997,H189<2000),VLOOKUP(I189,Feuil1!$A$11:$G$29,4),IF(AND(H189>1999,H189<2002),VLOOKUP(I189,Feuil1!$A$11:$G$29,3),VLOOKUP(I189,Feuil1!$A$11:$G$29,2))))),IF(OR(H189=\"SEN\",H189<1995),VLOOKUP(I189,Feuil1!$G$11:$L$25,6),IF(AND(H189>1994,H189<1998),VLOOKUP(I189,Feuil1!$G$11:$L$25,5),IF(AND(H189>1997,H189<2000),VLOOKUP(I189,Feuil1!$G$11:$L$25,4),IF(AND(H189>1999,H189<2002),VLOOKUP(I189,Feuil1!$G$11:$L$25,3),VLOOKUP(I189,Feuil1!$G$11:$L$25,2)))))))","v":"C1 69"},157.29469070895033,null," ",{"$f":"T189-HLOOKUP(X189,Feuil1!$C$1:$BL$10,2,FALSE)","v":25},{"$f":"T189-HLOOKUP(X189,Feuil1!$C$1:$BL$10,3,FALSE)","v":5},{"$f":"T189-HLOOKUP(X189,Feuil1!$C$1:$BL$10,4,FALSE)","v":-5},{"$f":"T189-HLOOKUP(X189,Feuil1!$C$1:$BL$10,5,FALSE)","v":-20},{"$f":"T189-HLOOKUP(X189,Feuil1!$C$1:$BL$10,6,FALSE)","v":-40},{"$f":"T189-HLOOKUP(X189,Feuil1!$C$1:$BL$10,7,FALSE)","v":-60},{"$f":"T189-HLOOKUP(X189,Feuil1!$C$1:$BL$10,8,FALSE)","v":-80},{"$f":"T189-HLOOKUP(X189,Feuil1!$C$1:$BL$10,9,FALSE)","v":-100},{"$f":"T189-HLOOKUP(X189,Feuil1!$C$1:$BL$10,10,FALSE)","v":-890},null,null,null,null,null,null,"DEP +"]
["H","DOM","GUY",16,382076,"GUEGUENIAT","Kavan",2000,68,"ASCPG/Rémire Montjoly","F",40,45,47,47,52,56,-60,56,103,-33,"DEB ",18,{"$f":"IF(I190=\"\",\"\",IF(A190=\"H\",IF(OR(H190=\"SEN\",H190<1995),VLOOKUP(I190,Feuil1!$A$11:$G$29,6),IF(AND(H190>1994,H190<1998),VLOOKUP(I190,Feuil1!$A$11:$G$29,5),IF(AND(H190>1997,H190<2000),VLOOKUP(I190,Feuil1!$A$11:$G$29,4),IF(AND(H190>1999,H190<2002),VLOOKUP(I190,Feuil1!$A$11:$G$29,3),VLOOKUP(I190,Feuil1!$A$11:$G$29,2))))),IF(OR(H190=\"SEN\",H190<1995),VLOOKUP(I190,Feuil1!$G$11:$L$25,6),IF(AND(H190>1994,H190<1998),VLOOKUP(I190,Feuil1!$G$11:$L$25,5),IF(AND(H190>1997,H190<2000),VLOOKUP(I190,Feuil1!$G$11:$L$25,4),IF(AND(H190>1999,H190<2002),VLOOKUP(I190,Feuil1!$G$11:$L$25,3),VLOOKUP(I190,Feuil1!$G$11:$L$25,2)))))))","v":"C1 69"},139.8721766441673,null," ",{"$f":"T190-HLOOKUP(X190,Feuil1!$C$1:$BL$10,2,FALSE)","v":18},{"$f":"T190-HLOOKUP(X190,Feuil1!$C$1:$BL$10,3,FALSE)","v":-2},{"$f":"T190-HLOOKUP(X190,Feuil1!$C$1:$BL$10,4,FALSE)","v":-12},{"$f":"T190-HLOOKUP(X190,Feuil1!$C$1:$BL$10,5,FALSE)","v":-27},{"$f":"T190-HLOOKUP(X190,Feuil1!$C$1:$BL$10,6,FALSE)","v":-47},{"$f":"T190-HLOOKUP(X190,Feuil1!$C$1:$BL$10,7,FALSE)","v":-67},{"$f":"T190-HLOOKUP(X190,Feuil1!$C$1:$BL$10,8,FALSE)","v":-87},{"$f":"T190-HLOOKUP(X190,Feuil1!$C$1:$BL$10,9,FALSE)","v":-107},{"$f":"T190-HLOOKUP(X190,Feuil1!$C$1:$BL$10,10,FALSE)","v":-897},null,null,null,null,null,null,"DEB "]
["H","NORD","NPC",17,312409,"PEREZ","Endy",2000,68.8,"CHCD COMINES","F",38,42,45,45,55,58,"-",58,103,-34.599999999999994,"DEB ",18,{"$f":"IF(I191=\"\",\"\",IF(A191=\"H\",IF(OR(H191=\"SEN\",H191<1995),VLOOKUP(I191,Feuil1!$A$11:$G$29,6),IF(AND(H191>1994,H191<1998),VLOOKUP(I191,Feuil1!$A$11:$G$29,5),IF(AND(H191>1997,H191<2000),VLOOKUP(I191,Feuil1!$A$11:$G$29,4),IF(AND(H191>1999,H191<2002),VLOOKUP(I191,Feuil1!$A$11:$G$29,3),VLOOKUP(I191,Feuil1!$A$11:$G$29,2))))),IF(OR(H191=\"SEN\",H191<1995),VLOOKUP(I191,Feuil1!$G$11:$L$25,6),IF(AND(H191>1994,H191<1998),VLOOKUP(I191,Feuil1!$G$11:$L$25,5),IF(AND(H191>1997,H191<2000),VLOOKUP(I191,Feuil1!$G$11:$L$25,4),IF(AND(H191>1999,H191<2002),VLOOKUP(I191,Feuil1!$G$11:$L$25,3),VLOOKUP(I191,Feuil1!$G$11:$L$25,2)))))))","v":"C1 69"},138.81968902494035,null," ",{"$f":"T191-HLOOKUP(X191,Feuil1!$C$1:$BL$10,2,FALSE)","v":18},{"$f":"T191-HLOOKUP(X191,Feuil1!$C$1:$BL$10,3,FALSE)","v":-2},{"$f":"T191-HLOOKUP(X191,Feuil1!$C$1:$BL$10,4,FALSE)","v":-12},{"$f":"T191-HLOOKUP(X191,Feuil1!$C$1:$BL$10,5,FALSE)","v":-27},{"$f":"T191-HLOOKUP(X191,Feuil1!$C$1:$BL$10,6,FALSE)","v":-47},{"$f":"T191-HLOOKUP(X191,Feuil1!$C$1:$BL$10,7,FALSE)","v":-67},{"$f":"T191-HLOOKUP(X191,Feuil1!$C$1:$BL$10,8,FALSE)","v":-87},{"$f":"T191-HLOOKUP(X191,Feuil1!$C$1:$BL$10,9,FALSE)","v":-107},{"$f":"T191-HLOOKUP(X191,Feuil1!$C$1:$BL$10,10,FALSE)","v":-897},null,null,null,null,null,null,"DEB "]
["H","NE","ALS",18,381284,"MARTELLI","ALESSANDRO",2000,67.400000000000006,"SR Obernai HM","F",35,40,45,45,48,52,56,56,101,-33.800000000000011,"DEB ",16,{"$f":"IF(I192=\"\",\"\",IF(A192=\"H\",IF(OR(H192=\"SEN\",H192<1995),VLOOKUP(I192,Feuil1!$A$11:$G$29,6),IF(AND(H192>1994,H192<1998),VLOOKUP(I192,Feuil1!$A$11:$G$29,5),IF(AND(H192>1997,H192<2000),VLOOKUP(I192,Feuil1!$A$11:$G$29,4),IF(AND(H192>1999,H192<2002),VLOOKUP(I192,Feuil1!$A$11:$G$29,3),VLOOKUP(I192,Feuil1!$A$11:$G$29,2))))),IF(OR(H192=\"SEN\",H192<1995),VLOOKUP(I192,Feuil1!$G$11:$L$25,6),IF(AND(H192>1994,H192<1998),VLOOKUP(I192,Feuil1!$G$11:$L$25,5),IF(AND(H192>1997,H192<2000),VLOOKUP(I192,Feuil1!$G$11:$L$25,4),IF(AND(H192>1999,H192<2002),VLOOKUP(I192,Feuil1!$G$11:$L$25,3),VLOOKUP(I192,Feuil1!$G$11:$L$25,2)))))))","v":"C1 69"},137.95212880150746,null," ",{"$f":"T192-HLOOKUP(X192,Feuil1!$C$1:$BL$10,2,FALSE)","v":16},{"$f":"T192-HLOOKUP(X192,Feuil1!$C$1:$BL$10,3,FALSE)","v":-4},{"$f":"T192-HLOOKUP(X192,Feuil1!$C$1:$BL$10,4,FALSE)","v":-14},{"$f":"T192-HLOOKUP(X192,Feuil1!$C$1:$BL$10,5,FALSE)","v":-29},{"$f":"T192-HLOOKUP(X192,Feuil1!$C$1:$BL$10,6,FALSE)","v":-49},{"$f":"T192-HLOOKUP(X192,Feuil1!$C$1:$BL$10,7,FALSE)","v":-69},{"$f":"T192-HLOOKUP(X192,Feuil1!$C$1:$BL$10,8,FALSE)","v":-89},{"$f":"T192-HLOOKUP(X192,Feuil1!$C$1:$BL$10,9,FALSE)","v":-109},{"$f":"T192-HLOOKUP(X192,Feuil1!$C$1:$BL$10,10,FALSE)","v":-899},null,null,null,null,null,null,"DEB "]
["H","DOM","GUA",19,366040,"GALVANI","Grégory",2001,66,"Body Club Domien","F",40,45,-48,45,50,55,-58,55,100,-32,"DEB ",15,{"$f":"IF(I193=\"\",\"\",IF(A193=\"H\",IF(OR(H193=\"SEN\",H193<1995),VLOOKUP(I193,Feuil1!$A$11:$G$29,6),IF(AND(H193>1994,H193<1998),VLOOKUP(I193,Feuil1!$A$11:$G$29,5),IF(AND(H193>1997,H193<2000),VLOOKUP(I193,Feuil1!$A$11:$G$29,4),IF(AND(H193>1999,H193<2002),VLOOKUP(I193,Feuil1!$A$11:$G$29,3),VLOOKUP(I193,Feuil1!$A$11:$G$29,2))))),IF(OR(H193=\"SEN\",H193<1995),VLOOKUP(I193,Feuil1!$G$11:$L$25,6),IF(AND(H193>1994,H193<1998),VLOOKUP(I193,Feuil1!$G$11:$L$25,5),IF(AND(H193>1997,H193<2000),VLOOKUP(I193,Feuil1!$G$11:$L$25,4),IF(AND(H193>1999,H193<2002),VLOOKUP(I193,Feuil1!$G$11:$L$25,3),VLOOKUP(I193,Feuil1!$G$11:$L$25,2)))))))","v":"C1 69"},138.50086783131547,null," ",{"$f":"T193-HLOOKUP(X193,Feuil1!$C$1:$BL$10,2,FALSE)","v":15},{"$f":"T193-HLOOKUP(X193,Feuil1!$C$1:$BL$10,3,FALSE)","v":-5},{"$f":"T193-HLOOKUP(X193,Feuil1!$C$1:$BL$10,4,FALSE)","v":-15},{"$f":"T193-HLOOKUP(X193,Feuil1!$C$1:$BL$10,5,FALSE)","v":-30},{"$f":"T193-HLOOKUP(X193,Feuil1!$C$1:$BL$10,6,FALSE)","v":-50},{"$f":"T193-HLOOKUP(X193,Feuil1!$C$1:$BL$10,7,FALSE)","v":-70},{"$f":"T193-HLOOKUP(X193,Feuil1!$C$1:$BL$10,8,FALSE)","v":-90},{"$f":"T193-HLOOKUP(X193,Feuil1!$C$1:$BL$10,9,FALSE)","v":-110},{"$f":"T193-HLOOKUP(X193,Feuil1!$C$1:$BL$10,10,FALSE)","v":-900},null,null,null,null,null,null,"DEB "]
["H","DOM","GUA",20,387627,"DOMON","Pablo",2000,67.5,"Budokan/Guadeloupe","F",40,45,-50,45,50,55,-60,55,100,-35,"DEB ",15,{"$f":"IF(I194=\"\",\"\",IF(A194=\"H\",IF(OR(H194=\"SEN\",H194<1995),VLOOKUP(I194,Feuil1!$A$11:$G$29,6),IF(AND(H194>1994,H194<1998),VLOOKUP(I194,Feuil1!$A$11:$G$29,5),IF(AND(H194>1997,H194<2000),VLOOKUP(I194,Feuil1!$A$11:$G$29,4),IF(AND(H194>1999,H194<2002),VLOOKUP(I194,Feuil1!$A$11:$G$29,3),VLOOKUP(I194,Feuil1!$A$11:$G$29,2))))),IF(OR(H194=\"SEN\",H194<1995),VLOOKUP(I194,Feuil1!$G$11:$L$25,6),IF(AND(H194>1994,H194<1998),VLOOKUP(I194,Feuil1!$G$11:$L$25,5),IF(AND(H194>1997,H194<2000),VLOOKUP(I194,Feuil1!$G$11:$L$25,4),IF(AND(H194>1999,H194<2002),VLOOKUP(I194,Feuil1!$G$11:$L$25,3),VLOOKUP(I194,Feuil1!$G$11:$L$25,2)))))))","v":"C1 69"},136.45360791703658,null," ",{"$f":"T194-HLOOKUP(X194,Feuil1!$C$1:$BL$10,2,FALSE)","v":15},{"$f":"T194-HLOOKUP(X194,Feuil1!$C$1:$BL$10,3,FALSE)","v":-5},{"$f":"T194-HLOOKUP(X194,Feuil1!$C$1:$BL$10,4,FALSE)","v":-15},{"$f":"T194-HLOOKUP(X194,Feuil1!$C$1:$BL$10,5,FALSE)","v":-30},{"$f":"T194-HLOOKUP(X194,Feuil1!$C$1:$BL$10,6,FALSE)","v":-50},{"$f":"T194-HLOOKUP(X194,Feuil1!$C$1:$BL$10,7,FALSE)","v":-70},{"$f":"T194-HLOOKUP(X194,Feuil1!$C$1:$BL$10,8,FALSE)","v":-90},{"$f":"T194-HLOOKUP(X194,Feuil1!$C$1:$BL$10,9,FALSE)","v":-110},{"$f":"T194-HLOOKUP(X194,Feuil1!$C$1:$BL$10,10,FALSE)","v":-900},null,null,null,null,null,null,"DEB "]
["H","NE","ALS",21,339324,"CERDAN","TOM",2000,69,"US Wittenheim","F",37,-40,40,40,52,56,60,60,100,-38,"DEB ",15,{"$f":"IF(I195=\"\",\"\",IF(A195=\"H\",IF(OR(H195=\"SEN\",H195<1995),VLOOKUP(I195,Feuil1!$A$11:$G$29,6),IF(AND(H195>1994,H195<1998),VLOOKUP(I195,Feuil1!$A$11:$G$29,5),IF(AND(H195>1997,H195<2000),VLOOKUP(I195,Feuil1!$A$11:$G$29,4),IF(AND(H195>1999,H195<2002),VLOOKUP(I195,Feuil1!$A$11:$G$29,3),VLOOKUP(I195,Feuil1!$A$11:$G$29,2))))),IF(OR(H195=\"SEN\",H195<1995),VLOOKUP(I195,Feuil1!$G$11:$L$25,6),IF(AND(H195>1994,H195<1998),VLOOKUP(I195,Feuil1!$G$11:$L$25,5),IF(AND(H195>1997,H195<2000),VLOOKUP(I195,Feuil1!$G$11:$L$25,4),IF(AND(H195>1999,H195<2002),VLOOKUP(I195,Feuil1!$G$11:$L$25,3),VLOOKUP(I195,Feuil1!$G$11:$L$25,2)))))))","v":"C1 69"},134.52595535117104,null," ",{"$f":"T195-HLOOKUP(X195,Feuil1!$C$1:$BL$10,2,FALSE)","v":15},{"$f":"T195-HLOOKUP(X195,Feuil1!$C$1:$BL$10,3,FALSE)","v":-5},{"$f":"T195-HLOOKUP(X195,Feuil1!$C$1:$BL$10,4,FALSE)","v":-15},{"$f":"T195-HLOOKUP(X195,Feuil1!$C$1:$BL$10,5,FALSE)","v":-30},{"$f":"T195-HLOOKUP(X195,Feuil1!$C$1:$BL$10,6,FALSE)","v":-50},{"$f":"T195-HLOOKUP(X195,Feuil1!$C$1:$BL$10,7,FALSE)","v":-70},{"$f":"T195-HLOOKUP(X195,Feuil1!$C$1:$BL$10,8,FALSE)","v":-90},{"$f":"T195-HLOOKUP(X195,Feuil1!$C$1:$BL$10,9,FALSE)","v":-110},{"$f":"T195-HLOOKUP(X195,Feuil1!$C$1:$BL$10,10,FALSE)","v":-900},null,null,null,null,null,null,"DEB "]
["H","NE","ALS",22,343986,"BASTOS","ANTHONY",2000,67.8,"US Wittenheim","F",41,45,-48,45,50,53,-56,53,98,-37.599999999999994,"DEB ",13,{"$f":"IF(I196=\"\",\"\",IF(A196=\"H\",IF(OR(H196=\"SEN\",H196<1995),VLOOKUP(I196,Feuil1!$A$11:$G$29,6),IF(AND(H196>1994,H196<1998),VLOOKUP(I196,Feuil1!$A$11:$G$29,5),IF(AND(H196>1997,H196<2000),VLOOKUP(I196,Feuil1!$A$11:$G$29,4),IF(AND(H196>1999,H196<2002),VLOOKUP(I196,Feuil1!$A$11:$G$29,3),VLOOKUP(I196,Feuil1!$A$11:$G$29,2))))),IF(OR(H196=\"SEN\",H196<1995),VLOOKUP(I196,Feuil1!$G$11:$L$25,6),IF(AND(H196>1994,H196<1998),VLOOKUP(I196,Feuil1!$G$11:$L$25,5),IF(AND(H196>1997,H196<2000),VLOOKUP(I196,Feuil1!$G$11:$L$25,4),IF(AND(H196>1999,H196<2002),VLOOKUP(I196,Feuil1!$G$11:$L$25,3),VLOOKUP(I196,Feuil1!$G$11:$L$25,2)))))))","v":"C1 69"},133.33763329016617,null," ",{"$f":"T196-HLOOKUP(X196,Feuil1!$C$1:$BL$10,2,FALSE)","v":13},{"$f":"T196-HLOOKUP(X196,Feuil1!$C$1:$BL$10,3,FALSE)","v":-7},{"$f":"T196-HLOOKUP(X196,Feuil1!$C$1:$BL$10,4,FALSE)","v":-17},{"$f":"T196-HLOOKUP(X196,Feuil1!$C$1:$BL$10,5,FALSE)","v":-32},{"$f":"T196-HLOOKUP(X196,Feuil1!$C$1:$BL$10,6,FALSE)","v":-52},{"$f":"T196-HLOOKUP(X196,Feuil1!$C$1:$BL$10,7,FALSE)","v":-72},{"$f":"T196-HLOOKUP(X196,Feuil1!$C$1:$BL$10,8,FALSE)","v":-92},{"$f":"T196-HLOOKUP(X196,Feuil1!$C$1:$BL$10,9,FALSE)","v":-112},{"$f":"T196-HLOOKUP(X196,Feuil1!$C$1:$BL$10,10,FALSE)","v":-902},null,null,null,null,null,null,"DEB "]
["H","SEST","LAN ",23,371666,"CHORON RISO","Victor",2000,67.5,"Frontignan AC","F",35,39,42,42,50,55,-60,55,97,-38,"DEB ",12,{"$f":"IF(I197=\"\",\"\",IF(A197=\"H\",IF(OR(H197=\"SEN\",H197<1995),VLOOKUP(I197,Feuil1!$A$11:$G$29,6),IF(AND(H197>1994,H197<1998),VLOOKUP(I197,Feuil1!$A$11:$G$29,5),IF(AND(H197>1997,H197<2000),VLOOKUP(I197,Feuil1!$A$11:$G$29,4),IF(AND(H197>1999,H197<2002),VLOOKUP(I197,Feuil1!$A$11:$G$29,3),VLOOKUP(I197,Feuil1!$A$11:$G$29,2))))),IF(OR(H197=\"SEN\",H197<1995),VLOOKUP(I197,Feuil1!$G$11:$L$25,6),IF(AND(H197>1994,H197<1998),VLOOKUP(I197,Feuil1!$G$11:$L$25,5),IF(AND(H197>1997,H197<2000),VLOOKUP(I197,Feuil1!$G$11:$L$25,4),IF(AND(H197>1999,H197<2002),VLOOKUP(I197,Feuil1!$G$11:$L$25,3),VLOOKUP(I197,Feuil1!$G$11:$L$25,2)))))))","v":"C1 69"},132.35999967952549,null," ",{"$f":"T197-HLOOKUP(X197,Feuil1!$C$1:$BL$10,2,FALSE)","v":12},{"$f":"T197-HLOOKUP(X197,Feuil1!$C$1:$BL$10,3,FALSE)","v":-8},{"$f":"T197-HLOOKUP(X197,Feuil1!$C$1:$BL$10,4,FALSE)","v":-18},{"$f":"T197-HLOOKUP(X197,Feuil1!$C$1:$BL$10,5,FALSE)","v":-33},{"$f":"T197-HLOOKUP(X197,Feuil1!$C$1:$BL$10,6,FALSE)","v":-53},{"$f":"T197-HLOOKUP(X197,Feuil1!$C$1:$BL$10,7,FALSE)","v":-73},{"$f":"T197-HLOOKUP(X197,Feuil1!$C$1:$BL$10,8,FALSE)","v":-93},{"$f":"T197-HLOOKUP(X197,Feuil1!$C$1:$BL$10,9,FALSE)","v":-113},{"$f":"T197-HLOOKUP(X197,Feuil1!$C$1:$BL$10,10,FALSE)","v":-903},null,null,null,null,null,null,"DEB "]
["H","SEST","PRO",24,284821,"SZYSZKA","ROMAIN",2000,64.599999999999994,"EEAR MONTEUX",null,30,35,40,40,40,47,52,52,92,-37.199999999999989,"DEB ",7,{"$f":"IF(I198=\"\",\"\",IF(A198=\"H\",IF(OR(H198=\"SEN\",H198<1995),VLOOKUP(I198,Feuil1!$A$11:$G$29,6),IF(AND(H198>1994,H198<1998),VLOOKUP(I198,Feuil1!$A$11:$G$29,5),IF(AND(H198>1997,H198<2000),VLOOKUP(I198,Feuil1!$A$11:$G$29,4),IF(AND(H198>1999,H198<2002),VLOOKUP(I198,Feuil1!$A$11:$G$29,3),VLOOKUP(I198,Feuil1!$A$11:$G$29,2))))),IF(OR(H198=\"SEN\",H198<1995),VLOOKUP(I198,Feuil1!$G$11:$L$25,6),IF(AND(H198>1994,H198<1998),VLOOKUP(I198,Feuil1!$G$11:$L$25,5),IF(AND(H198>1997,H198<2000),VLOOKUP(I198,Feuil1!$G$11:$L$25,4),IF(AND(H198>1999,H198<2002),VLOOKUP(I198,Feuil1!$G$11:$L$25,3),VLOOKUP(I198,Feuil1!$G$11:$L$25,2)))))))","v":"C1 69"},129.28606142293759,null," ",{"$f":"T198-HLOOKUP(X198,Feuil1!$C$1:$BL$10,2,FALSE)","v":7},{"$f":"T198-HLOOKUP(X198,Feuil1!$C$1:$BL$10,3,FALSE)","v":-13},{"$f":"T198-HLOOKUP(X198,Feuil1!$C$1:$BL$10,4,FALSE)","v":-23},{"$f":"T198-HLOOKUP(X198,Feuil1!$C$1:$BL$10,5,FALSE)","v":-38},{"$f":"T198-HLOOKUP(X198,Feuil1!$C$1:$BL$10,6,FALSE)","v":-58},{"$f":"T198-HLOOKUP(X198,Feuil1!$C$1:$BL$10,7,FALSE)","v":-78},{"$f":"T198-HLOOKUP(X198,Feuil1!$C$1:$BL$10,8,FALSE)","v":-98},{"$f":"T198-HLOOKUP(X198,Feuil1!$C$1:$BL$10,9,FALSE)","v":-118},{"$f":"T198-HLOOKUP(X198,Feuil1!$C$1:$BL$10,10,FALSE)","v":-908},null,null,null,null,null,null,"DEB "]
["H","NORD","NPC",25,357287,"MEHAY","Bryan",2000,65.900000000000006,"LILLE U.C.","F",36,38,40,40,46,48,50,50,90,-41.800000000000011,"DEB ",5,{"$f":"IF(I199=\"\",\"\",IF(A199=\"H\",IF(OR(H199=\"SEN\",H199<1995),VLOOKUP(I199,Feuil1!$A$11:$G$29,6),IF(AND(H199>1994,H199<1998),VLOOKUP(I199,Feuil1!$A$11:$G$29,5),IF(AND(H199>1997,H199<2000),VLOOKUP(I199,Feuil1!$A$11:$G$29,4),IF(AND(H199>1999,H199<2002),VLOOKUP(I199,Feuil1!$A$11:$G$29,3),VLOOKUP(I199,Feuil1!$A$11:$G$29,2))))),IF(OR(H199=\"SEN\",H199<1995),VLOOKUP(I199,Feuil1!$G$11:$L$25,6),IF(AND(H199>1994,H199<1998),VLOOKUP(I199,Feuil1!$G$11:$L$25,5),IF(AND(H199>1997,H199<2000),VLOOKUP(I199,Feuil1!$G$11:$L$25,4),IF(AND(H199>1999,H199<2002),VLOOKUP(I199,Feuil1!$G$11:$L$25,3),VLOOKUP(I199,Feuil1!$G$11:$L$25,2)))))))","v":"C1 69"},124.77765820234768,null," ",{"$f":"T199-HLOOKUP(X199,Feuil1!$C$1:$BL$10,2,FALSE)","v":5},{"$f":"T199-HLOOKUP(X199,Feuil1!$C$1:$BL$10,3,FALSE)","v":-15},{"$f":"T199-HLOOKUP(X199,Feuil1!$C$1:$BL$10,4,FALSE)","v":-25},{"$f":"T199-HLOOKUP(X199,Feuil1!$C$1:$BL$10,5,FALSE)","v":-40},{"$f":"T199-HLOOKUP(X199,Feuil1!$C$1:$BL$10,6,FALSE)","v":-60},{"$f":"T199-HLOOKUP(X199,Feuil1!$C$1:$BL$10,7,FALSE)","v":-80},{"$f":"T199-HLOOKUP(X199,Feuil1!$C$1:$BL$10,8,FALSE)","v":-100},{"$f":"T199-HLOOKUP(X199,Feuil1!$C$1:$BL$10,9,FALSE)","v":-120},{"$f":"T199-HLOOKUP(X199,Feuil1!$C$1:$BL$10,10,FALSE)","v":-910},null,null,null,null,null,null,"DEB "]
["H","SEST","RAL",26,390094,"CHANAL","Aubin",2000,65.8,"H.C. ST BALDOPH","F",-40,40,-42,40,45,-47,47,47,87,-44.599999999999994,"DEB ",2,{"$f":"IF(I200=\"\",\"\",IF(A200=\"H\",IF(OR(H200=\"SEN\",H200<1995),VLOOKUP(I200,Feuil1!$A$11:$G$29,6),IF(AND(H200>1994,H200<1998),VLOOKUP(I200,Feuil1!$A$11:$G$29,5),IF(AND(H200>1997,H200<2000),VLOOKUP(I200,Feuil1!$A$11:$G$29,4),IF(AND(H200>1999,H200<2002),VLOOKUP(I200,Feuil1!$A$11:$G$29,3),VLOOKUP(I200,Feuil1!$A$11:$G$29,2))))),IF(OR(H200=\"SEN\",H200<1995),VLOOKUP(I200,Feuil1!$G$11:$L$25,6),IF(AND(H200>1994,H200<1998),VLOOKUP(I200,Feuil1!$G$11:$L$25,5),IF(AND(H200>1997,H200<2000),VLOOKUP(I200,Feuil1!$G$11:$L$25,4),IF(AND(H200>1999,H200<2002),VLOOKUP(I200,Feuil1!$G$11:$L$25,3),VLOOKUP(I200,Feuil1!$G$11:$L$25,2)))))))","v":"C1 69"},120.74155419698903,null," ",{"$f":"T200-HLOOKUP(X200,Feuil1!$C$1:$BL$10,2,FALSE)","v":2},{"$f":"T200-HLOOKUP(X200,Feuil1!$C$1:$BL$10,3,FALSE)","v":-18},{"$f":"T200-HLOOKUP(X200,Feuil1!$C$1:$BL$10,4,FALSE)","v":-28},{"$f":"T200-HLOOKUP(X200,Feuil1!$C$1:$BL$10,5,FALSE)","v":-43},{"$f":"T200-HLOOKUP(X200,Feuil1!$C$1:$BL$10,6,FALSE)","v":-63},{"$f":"T200-HLOOKUP(X200,Feuil1!$C$1:$BL$10,7,FALSE)","v":-83},{"$f":"T200-HLOOKUP(X200,Feuil1!$C$1:$BL$10,8,FALSE)","v":-103},{"$f":"T200-HLOOKUP(X200,Feuil1!$C$1:$BL$10,9,FALSE)","v":-123},{"$f":"T200-HLOOKUP(X200,Feuil1!$C$1:$BL$10,10,FALSE)","v":-913},null,null,null,null,null,null,"DEB "]
["H","SEST","PRO",27,322017,"TONNAIRE","PIERRE",2000,67.7,"EEAR MONTEUX",null,35,37,39,39,40,45,48,48,87,-48.400000000000006,"DEB ",2,{"$f":"IF(I201=\"\",\"\",IF(A201=\"H\",IF(OR(H201=\"SEN\",H201<1995),VLOOKUP(I201,Feuil1!$A$11:$G$29,6),IF(AND(H201>1994,H201<1998),VLOOKUP(I201,Feuil1!$A$11:$G$29,5),IF(AND(H201>1997,H201<2000),VLOOKUP(I201,Feuil1!$A$11:$G$29,4),IF(AND(H201>1999,H201<2002),VLOOKUP(I201,Feuil1!$A$11:$G$29,3),VLOOKUP(I201,Feuil1!$A$11:$G$29,2))))),IF(OR(H201=\"SEN\",H201<1995),VLOOKUP(I201,Feuil1!$G$11:$L$25,6),IF(AND(H201>1994,H201<1998),VLOOKUP(I201,Feuil1!$G$11:$L$25,5),IF(AND(H201>1997,H201<2000),VLOOKUP(I201,Feuil1!$G$11:$L$25,4),IF(AND(H201>1999,H201<2002),VLOOKUP(I201,Feuil1!$G$11:$L$25,3),VLOOKUP(I201,Feuil1!$G$11:$L$25,2)))))))","v":"C1 69"},118.48519765680993,null," ",{"$f":"T201-HLOOKUP(X201,Feuil1!$C$1:$BL$10,2,FALSE)","v":2},{"$f":"T201-HLOOKUP(X201,Feuil1!$C$1:$BL$10,3,FALSE)","v":-18},{"$f":"T201-HLOOKUP(X201,Feuil1!$C$1:$BL$10,4,FALSE)","v":-28},{"$f":"T201-HLOOKUP(X201,Feuil1!$C$1:$BL$10,5,FALSE)","v":-43},{"$f":"T201-HLOOKUP(X201,Feuil1!$C$1:$BL$10,6,FALSE)","v":-63},{"$f":"T201-HLOOKUP(X201,Feuil1!$C$1:$BL$10,7,FALSE)","v":-83},{"$f":"T201-HLOOKUP(X201,Feuil1!$C$1:$BL$10,8,FALSE)","v":-103},{"$f":"T201-HLOOKUP(X201,Feuil1!$C$1:$BL$10,9,FALSE)","v":-123},{"$f":"T201-HLOOKUP(X201,Feuil1!$C$1:$BL$10,10,FALSE)","v":-913},null,null,null,null,null,null,"DEB "]
["H","NE","BOU",28,393972,"MICHAUD ","Pierre",2000,65.900000000000006,"varennes vauzelles","F",35,38,-40,38,42,45,48,48,86,-45.800000000000011,"DEB ",1,{"$f":"IF(I202=\"\",\"\",IF(A202=\"H\",IF(OR(H202=\"SEN\",H202<1995),VLOOKUP(I202,Feuil1!$A$11:$G$29,6),IF(AND(H202>1994,H202<1998),VLOOKUP(I202,Feuil1!$A$11:$G$29,5),IF(AND(H202>1997,H202<2000),VLOOKUP(I202,Feuil1!$A$11:$G$29,4),IF(AND(H202>1999,H202<2002),VLOOKUP(I202,Feuil1!$A$11:$G$29,3),VLOOKUP(I202,Feuil1!$A$11:$G$29,2))))),IF(OR(H202=\"SEN\",H202<1995),VLOOKUP(I202,Feuil1!$G$11:$L$25,6),IF(AND(H202>1994,H202<1998),VLOOKUP(I202,Feuil1!$G$11:$L$25,5),IF(AND(H202>1997,H202<2000),VLOOKUP(I202,Feuil1!$G$11:$L$25,4),IF(AND(H202>1999,H202<2002),VLOOKUP(I202,Feuil1!$G$11:$L$25,3),VLOOKUP(I202,Feuil1!$G$11:$L$25,2)))))))","v":"C1 69"},119.23198450446556,null," ",{"$f":"T202-HLOOKUP(X202,Feuil1!$C$1:$BL$10,2,FALSE)","v":1},{"$f":"T202-HLOOKUP(X202,Feuil1!$C$1:$BL$10,3,FALSE)","v":-19},{"$f":"T202-HLOOKUP(X202,Feuil1!$C$1:$BL$10,4,FALSE)","v":-29},{"$f":"T202-HLOOKUP(X202,Feuil1!$C$1:$BL$10,5,FALSE)","v":-44},{"$f":"T202-HLOOKUP(X202,Feuil1!$C$1:$BL$10,6,FALSE)","v":-64},{"$f":"T202-HLOOKUP(X202,Feuil1!$C$1:$BL$10,7,FALSE)","v":-84},{"$f":"T202-HLOOKUP(X202,Feuil1!$C$1:$BL$10,8,FALSE)","v":-104},{"$f":"T202-HLOOKUP(X202,Feuil1!$C$1:$BL$10,9,FALSE)","v":-124},{"$f":"T202-HLOOKUP(X202,Feuil1!$C$1:$BL$10,10,FALSE)","v":-914},null,null,null,null,null,null,"DEB "]
["H","NE","ALS",29,383298,"POTENZA","FLORIAN",2001,64.7,"CHM Andlau","F",33,37,-41,37,40,47,-52,47,84,-45.400000000000006,"DEB ",-1,{"$f":"IF(I203=\"\",\"\",IF(A203=\"H\",IF(OR(H203=\"SEN\",H203<1995),VLOOKUP(I203,Feuil1!$A$11:$G$29,6),IF(AND(H203>1994,H203<1998),VLOOKUP(I203,Feuil1!$A$11:$G$29,5),IF(AND(H203>1997,H203<2000),VLOOKUP(I203,Feuil1!$A$11:$G$29,4),IF(AND(H203>1999,H203<2002),VLOOKUP(I203,Feuil1!$A$11:$G$29,3),VLOOKUP(I203,Feuil1!$A$11:$G$29,2))))),IF(OR(H203=\"SEN\",H203<1995),VLOOKUP(I203,Feuil1!$G$11:$L$25,6),IF(AND(H203>1994,H203<1998),VLOOKUP(I203,Feuil1!$G$11:$L$25,5),IF(AND(H203>1997,H203<2000),VLOOKUP(I203,Feuil1!$G$11:$L$25,4),IF(AND(H203>1999,H203<2002),VLOOKUP(I203,Feuil1!$G$11:$L$25,3),VLOOKUP(I203,Feuil1!$G$11:$L$25,2)))))))","v":"C1 69"},117.91884737714506,null," ",{"$f":"T203-HLOOKUP(X203,Feuil1!$C$1:$BL$10,2,FALSE)","v":-1},{"$f":"T203-HLOOKUP(X203,Feuil1!$C$1:$BL$10,3,FALSE)","v":-21},{"$f":"T203-HLOOKUP(X203,Feuil1!$C$1:$BL$10,4,FALSE)","v":-31},{"$f":"T203-HLOOKUP(X203,Feuil1!$C$1:$BL$10,5,FALSE)","v":-46},{"$f":"T203-HLOOKUP(X203,Feuil1!$C$1:$BL$10,6,FALSE)","v":-66},{"$f":"T203-HLOOKUP(X203,Feuil1!$C$1:$BL$10,7,FALSE)","v":-86},{"$f":"T203-HLOOKUP(X203,Feuil1!$C$1:$BL$10,8,FALSE)","v":-106},{"$f":"T203-HLOOKUP(X203,Feuil1!$C$1:$BL$10,9,FALSE)","v":-126},{"$f":"T203-HLOOKUP(X203,Feuil1!$C$1:$BL$10,10,FALSE)","v":-916},null,null,null,null,null,null,"DEB "]
["H","NORD","PIC",30,351882,"LELY","Valentin",2001,62.8,"La Ferté Milon CMHM","F",30,34,-37,34,42,47,-50,47,81,-44.599999999999994,"DEB ",-4,{"$f":"IF(I204=\"\",\"\",IF(A204=\"H\",IF(OR(H204=\"SEN\",H204<1995),VLOOKUP(I204,Feuil1!$A$11:$G$29,6),IF(AND(H204>1994,H204<1998),VLOOKUP(I204,Feuil1!$A$11:$G$29,5),IF(AND(H204>1997,H204<2000),VLOOKUP(I204,Feuil1!$A$11:$G$29,4),IF(AND(H204>1999,H204<2002),VLOOKUP(I204,Feuil1!$A$11:$G$29,3),VLOOKUP(I204,Feuil1!$A$11:$G$29,2))))),IF(OR(H204=\"SEN\",H204<1995),VLOOKUP(I204,Feuil1!$G$11:$L$25,6),IF(AND(H204>1994,H204<1998),VLOOKUP(I204,Feuil1!$G$11:$L$25,5),IF(AND(H204>1997,H204<2000),VLOOKUP(I204,Feuil1!$G$11:$L$25,4),IF(AND(H204>1999,H204<2002),VLOOKUP(I204,Feuil1!$G$11:$L$25,3),VLOOKUP(I204,Feuil1!$G$11:$L$25,2)))))))","v":"C1 69"},116.08551039849361,null," ",{"$f":"T204-HLOOKUP(X204,Feuil1!$C$1:$BL$10,2,FALSE)","v":-4},{"$f":"T204-HLOOKUP(X204,Feuil1!$C$1:$BL$10,3,FALSE)","v":-24},{"$f":"T204-HLOOKUP(X204,Feuil1!$C$1:$BL$10,4,FALSE)","v":-34},{"$f":"T204-HLOOKUP(X204,Feuil1!$C$1:$BL$10,5,FALSE)","v":-49},{"$f":"T204-HLOOKUP(X204,Feuil1!$C$1:$BL$10,6,FALSE)","v":-69},{"$f":"T204-HLOOKUP(X204,Feuil1!$C$1:$BL$10,7,FALSE)","v":-89},{"$f":"T204-HLOOKUP(X204,Feuil1!$C$1:$BL$10,8,FALSE)","v":-109},{"$f":"T204-HLOOKUP(X204,Feuil1!$C$1:$BL$10,9,FALSE)","v":-129},{"$f":"T204-HLOOKUP(X204,Feuil1!$C$1:$BL$10,10,FALSE)","v":-919},null,null,null,null,null,null,"DEB "]
["H","SEST","PRO",31,315320,"BARTHAS","LUCA",2001,69,"EEAR MONTEUX",null,30,33,-36,33,42,47,-50,47,80,-58,"DEB ",-5,{"$f":"IF(I205=\"\",\"\",IF(A205=\"H\",IF(OR(H205=\"SEN\",H205<1995),VLOOKUP(I205,Feuil1!$A$11:$G$29,6),IF(AND(H205>1994,H205<1998),VLOOKUP(I205,Feuil1!$A$11:$G$29,5),IF(AND(H205>1997,H205<2000),VLOOKUP(I205,Feuil1!$A$11:$G$29,4),IF(AND(H205>1999,H205<2002),VLOOKUP(I205,Feuil1!$A$11:$G$29,3),VLOOKUP(I205,Feuil1!$A$11:$G$29,2))))),IF(OR(H205=\"SEN\",H205<1995),VLOOKUP(I205,Feuil1!$G$11:$L$25,6),IF(AND(H205>1994,H205<1998),VLOOKUP(I205,Feuil1!$G$11:$L$25,5),IF(AND(H205>1997,H205<2000),VLOOKUP(I205,Feuil1!$G$11:$L$25,4),IF(AND(H205>1999,H205<2002),VLOOKUP(I205,Feuil1!$G$11:$L$25,3),VLOOKUP(I205,Feuil1!$G$11:$L$25,2)))))))","v":"C1 69"},107.62076428093684,null," ",{"$f":"T205-HLOOKUP(X205,Feuil1!$C$1:$BL$10,2,FALSE)","v":-5},{"$f":"T205-HLOOKUP(X205,Feuil1!$C$1:$BL$10,3,FALSE)","v":-25},{"$f":"T205-HLOOKUP(X205,Feuil1!$C$1:$BL$10,4,FALSE)","v":-35},{"$f":"T205-HLOOKUP(X205,Feuil1!$C$1:$BL$10,5,FALSE)","v":-50},{"$f":"T205-HLOOKUP(X205,Feuil1!$C$1:$BL$10,6,FALSE)","v":-70},{"$f":"T205-HLOOKUP(X205,Feuil1!$C$1:$BL$10,7,FALSE)","v":-90},{"$f":"T205-HLOOKUP(X205,Feuil1!$C$1:$BL$10,8,FALSE)","v":-110},{"$f":"T205-HLOOKUP(X205,Feuil1!$C$1:$BL$10,9,FALSE)","v":-130},{"$f":"T205-HLOOKUP(X205,Feuil1!$C$1:$BL$10,10,FALSE)","v":-920},null,null,null,null,null,null,"DEB "]
["H","SEST","RAL",32,378672,"DUPRAZ","Loîc",2000,62.6,"H.C. ST BALDOPH","F",26,30,33,33,36,39,41,41,74,-51.2,"DEB ",-11,{"$f":"IF(I206=\"\",\"\",IF(A206=\"H\",IF(OR(H206=\"SEN\",H206<1995),VLOOKUP(I206,Feuil1!$A$11:$G$29,6),IF(AND(H206>1994,H206<1998),VLOOKUP(I206,Feuil1!$A$11:$G$29,5),IF(AND(H206>1997,H206<2000),VLOOKUP(I206,Feuil1!$A$11:$G$29,4),IF(AND(H206>1999,H206<2002),VLOOKUP(I206,Feuil1!$A$11:$G$29,3),VLOOKUP(I206,Feuil1!$A$11:$G$29,2))))),IF(OR(H206=\"SEN\",H206<1995),VLOOKUP(I206,Feuil1!$G$11:$L$25,6),IF(AND(H206>1994,H206<1998),VLOOKUP(I206,Feuil1!$G$11:$L$25,5),IF(AND(H206>1997,H206<2000),VLOOKUP(I206,Feuil1!$G$11:$L$25,4),IF(AND(H206>1999,H206<2002),VLOOKUP(I206,Feuil1!$G$11:$L$25,3),VLOOKUP(I206,Feuil1!$G$11:$L$25,2)))))))","v":"C1 69"},106.29246457666946,null," ",{"$f":"T206-HLOOKUP(X206,Feuil1!$C$1:$BL$10,2,FALSE)","v":-11},{"$f":"T206-HLOOKUP(X206,Feuil1!$C$1:$BL$10,3,FALSE)","v":-31},{"$f":"T206-HLOOKUP(X206,Feuil1!$C$1:$BL$10,4,FALSE)","v":-41},{"$f":"T206-HLOOKUP(X206,Feuil1!$C$1:$BL$10,5,FALSE)","v":-56},{"$f":"T206-HLOOKUP(X206,Feuil1!$C$1:$BL$10,6,FALSE)","v":-76},{"$f":"T206-HLOOKUP(X206,Feuil1!$C$1:$BL$10,7,FALSE)","v":-96},{"$f":"T206-HLOOKUP(X206,Feuil1!$C$1:$BL$10,8,FALSE)","v":-116},{"$f":"T206-HLOOKUP(X206,Feuil1!$C$1:$BL$10,9,FALSE)","v":-136},{"$f":"T206-HLOOKUP(X206,Feuil1!$C$1:$BL$10,10,FALSE)","v":-926},null,null,null,null,null,null,"DEB "]
["H","NORD","PIC",33,357878,"ELOY","Martin",2001,62.1,"Villers-Bretonneux KC","F",23,27,-30,27,35,-39,40,40,67,-57.2,"DEB ",-18,{"$f":"IF(I207=\"\",\"\",IF(A207=\"H\",IF(OR(H207=\"SEN\",H207<1995),VLOOKUP(I207,Feuil1!$A$11:$G$29,6),IF(AND(H207>1994,H207<1998),VLOOKUP(I207,Feuil1!$A$11:$G$29,5),IF(AND(H207>1997,H207<2000),VLOOKUP(I207,Feuil1!$A$11:$G$29,4),IF(AND(H207>1999,H207<2002),VLOOKUP(I207,Feuil1!$A$11:$G$29,3),VLOOKUP(I207,Feuil1!$A$11:$G$29,2))))),IF(OR(H207=\"SEN\",H207<1995),VLOOKUP(I207,Feuil1!$G$11:$L$25,6),IF(AND(H207>1994,H207<1998),VLOOKUP(I207,Feuil1!$G$11:$L$25,5),IF(AND(H207>1997,H207<2000),VLOOKUP(I207,Feuil1!$G$11:$L$25,4),IF(AND(H207>1999,H207<2002),VLOOKUP(I207,Feuil1!$G$11:$L$25,3),VLOOKUP(I207,Feuil1!$G$11:$L$25,2)))))))","v":"C1 69"},96.787029880349706,null," ",{"$f":"T207-HLOOKUP(X207,Feuil1!$C$1:$BL$10,2,FALSE)","v":-18},{"$f":"T207-HLOOKUP(X207,Feuil1!$C$1:$BL$10,3,FALSE)","v":-38},{"$f":"T207-HLOOKUP(X207,Feuil1!$C$1:$BL$10,4,FALSE)","v":-48},{"$f":"T207-HLOOKUP(X207,Feuil1!$C$1:$BL$10,5,FALSE)","v":-63},{"$f":"T207-HLOOKUP(X207,Feuil1!$C$1:$BL$10,6,FALSE)","v":-83},{"$f":"T207-HLOOKUP(X207,Feuil1!$C$1:$BL$10,7,FALSE)","v":-103},{"$f":"T207-HLOOKUP(X207,Feuil1!$C$1:$BL$10,8,FALSE)","v":-123},{"$f":"T207-HLOOKUP(X207,Feuil1!$C$1:$BL$10,9,FALSE)","v":-143},{"$f":"T207-HLOOKUP(X207,Feuil1!$C$1:$BL$10,10,FALSE)","v":-933},null,null,null,null,null,null,"DEB "]
["H","SEST","CAZ",34,372596,"GANDINO","Charly",2000,65.5,"ASPTT DRAGUIGNAN","F",20,25,30,30,30,35,-40,35,65,-66,"DEB ",-20,{"$f":"IF(I208=\"\",\"\",IF(A208=\"H\",IF(OR(H208=\"SEN\",H208<1995),VLOOKUP(I208,Feuil1!$A$11:$G$29,6),IF(AND(H208>1994,H208<1998),VLOOKUP(I208,Feuil1!$A$11:$G$29,5),IF(AND(H208>1997,H208<2000),VLOOKUP(I208,Feuil1!$A$11:$G$29,4),IF(AND(H208>1999,H208<2002),VLOOKUP(I208,Feuil1!$A$11:$G$29,3),VLOOKUP(I208,Feuil1!$A$11:$G$29,2))))),IF(OR(H208=\"SEN\",H208<1995),VLOOKUP(I208,Feuil1!$G$11:$L$25,6),IF(AND(H208>1994,H208<1998),VLOOKUP(I208,Feuil1!$G$11:$L$25,5),IF(AND(H208>1997,H208<2000),VLOOKUP(I208,Feuil1!$G$11:$L$25,4),IF(AND(H208>1999,H208<2002),VLOOKUP(I208,Feuil1!$G$11:$L$25,3),VLOOKUP(I208,Feuil1!$G$11:$L$25,2)))))))","v":"C1 69"},90.487512750884505,null," ",{"$f":"T208-HLOOKUP(X208,Feuil1!$C$1:$BL$10,2,FALSE)","v":-20},{"$f":"T208-HLOOKUP(X208,Feuil1!$C$1:$BL$10,3,FALSE)","v":-40},{"$f":"T208-HLOOKUP(X208,Feuil1!$C$1:$BL$10,4,FALSE)","v":-50},{"$f":"T208-HLOOKUP(X208,Feuil1!$C$1:$BL$10,5,FALSE)","v":-65},{"$f":"T208-HLOOKUP(X208,Feuil1!$C$1:$BL$10,6,FALSE)","v":-85},{"$f":"T208-HLOOKUP(X208,Feuil1!$C$1:$BL$10,7,FALSE)","v":-105},{"$f":"T208-HLOOKUP(X208,Feuil1!$C$1:$BL$10,8,FALSE)","v":-125},{"$f":"T208-HLOOKUP(X208,Feuil1!$C$1:$BL$10,9,FALSE)","v":-145},{"$f":"T208-HLOOKUP(X208,Feuil1!$C$1:$BL$10,10,FALSE)","v":-935},null,null,null,null,null,null,"DEB "]
["H","SEST","RAL",35,383160,"JULLIAN","Charlely",2000,67.400000000000006,"Charlieu","F",20,25,30,30,30,35,-40,35,65,-69.800000000000011,"DEB ",-20,{"$f":"IF(I209=\"\",\"\",IF(A209=\"H\",IF(OR(H209=\"SEN\",H209<1995),VLOOKUP(I209,Feuil1!$A$11:$G$29,6),IF(AND(H209>1994,H209<1998),VLOOKUP(I209,Feuil1!$A$11:$G$29,5),IF(AND(H209>1997,H209<2000),VLOOKUP(I209,Feuil1!$A$11:$G$29,4),IF(AND(H209>1999,H209<2002),VLOOKUP(I209,Feuil1!$A$11:$G$29,3),VLOOKUP(I209,Feuil1!$A$11:$G$29,2))))),IF(OR(H209=\"SEN\",H209<1995),VLOOKUP(I209,Feuil1!$G$11:$L$25,6),IF(AND(H209>1994,H209<1998),VLOOKUP(I209,Feuil1!$G$11:$L$25,5),IF(AND(H209>1997,H209<2000),VLOOKUP(I209,Feuil1!$G$11:$L$25,4),IF(AND(H209>1999,H209<2002),VLOOKUP(I209,Feuil1!$G$11:$L$25,3),VLOOKUP(I209,Feuil1!$G$11:$L$25,2)))))))","v":"C1 69"},88.781072991069166,null," ",{"$f":"T209-HLOOKUP(X209,Feuil1!$C$1:$BL$10,2,FALSE)","v":-20},{"$f":"T209-HLOOKUP(X209,Feuil1!$C$1:$BL$10,3,FALSE)","v":-40},{"$f":"T209-HLOOKUP(X209,Feuil1!$C$1:$BL$10,4,FALSE)","v":-50},{"$f":"T209-HLOOKUP(X209,Feuil1!$C$1:$BL$10,5,FALSE)","v":-65},{"$f":"T209-HLOOKUP(X209,Feuil1!$C$1:$BL$10,6,FALSE)","v":-85},{"$f":"T209-HLOOKUP(X209,Feuil1!$C$1:$BL$10,7,FALSE)","v":-105},{"$f":"T209-HLOOKUP(X209,Feuil1!$C$1:$BL$10,8,FALSE)","v":-125},{"$f":"T209-HLOOKUP(X209,Feuil1!$C$1:$BL$10,9,FALSE)","v":-145},{"$f":"T209-HLOOKUP(X209,Feuil1!$C$1:$BL$10,10,FALSE)","v":-935},null,null,null,null,null,null,"DEB "]
["H","SEST","PRO",36,361674,"LE COZ","KILLIAN",2001,62.1,"ISTRES SPORTS",null,20,23,26,26,30,35,-38,35,61,-63.2,"DEB ",-24,{"$f":"IF(I210=\"\",\"\",IF(A210=\"H\",IF(OR(H210=\"SEN\",H210<1995),VLOOKUP(I210,Feuil1!$A$11:$G$29,6),IF(AND(H210>1994,H210<1998),VLOOKUP(I210,Feuil1!$A$11:$G$29,5),IF(AND(H210>1997,H210<2000),VLOOKUP(I210,Feuil1!$A$11:$G$29,4),IF(AND(H210>1999,H210<2002),VLOOKUP(I210,Feuil1!$A$11:$G$29,3),VLOOKUP(I210,Feuil1!$A$11:$G$29,2))))),IF(OR(H210=\"SEN\",H210<1995),VLOOKUP(I210,Feuil1!$G$11:$L$25,6),IF(AND(H210>1994,H210<1998),VLOOKUP(I210,Feuil1!$G$11:$L$25,5),IF(AND(H210>1997,H210<2000),VLOOKUP(I210,Feuil1!$G$11:$L$25,4),IF(AND(H210>1999,H210<2002),VLOOKUP(I210,Feuil1!$G$11:$L$25,3),VLOOKUP(I210,Feuil1!$G$11:$L$25,2)))))))","v":"C1 69"},88.11953466718407,null," ",{"$f":"T210-HLOOKUP(X210,Feuil1!$C$1:$BL$10,2,FALSE)","v":-24},{"$f":"T210-HLOOKUP(X210,Feuil1!$C$1:$BL$10,3,FALSE)","v":-44},{"$f":"T210-HLOOKUP(X210,Feuil1!$C$1:$BL$10,4,FALSE)","v":-54},{"$f":"T210-HLOOKUP(X210,Feuil1!$C$1:$BL$10,5,FALSE)","v":-69},{"$f":"T210-HLOOKUP(X210,Feuil1!$C$1:$BL$10,6,FALSE)","v":-89},{"$f":"T210-HLOOKUP(X210,Feuil1!$C$1:$BL$10,7,FALSE)","v":-109},{"$f":"T210-HLOOKUP(X210,Feuil1!$C$1:$BL$10,8,FALSE)","v":-129},{"$f":"T210-HLOOKUP(X210,Feuil1!$C$1:$BL$10,9,FALSE)","v":-149},{"$f":"T210-HLOOKUP(X210,Feuil1!$C$1:$BL$10,10,FALSE)","v":-939},null,null,null,null,null,null,"DEB "]
["H","CO","BNO",37,377472,"Houillard","Melvin",2001,68.849999999999994,"Blainville","F",23,25,28,28,27,30,33,33,61,-76.699999999999989,"DEB ",-24,{"$f":"IF(I211=\"\",\"\",IF(A211=\"H\",IF(OR(H211=\"SEN\",H211<1995),VLOOKUP(I211,Feuil1!$A$11:$G$29,6),IF(AND(H211>1994,H211<1998),VLOOKUP(I211,Feuil1!$A$11:$G$29,5),IF(AND(H211>1997,H211<2000),VLOOKUP(I211,Feuil1!$A$11:$G$29,4),IF(AND(H211>1999,H211<2002),VLOOKUP(I211,Feuil1!$A$11:$G$29,3),VLOOKUP(I211,Feuil1!$A$11:$G$29,2))))),IF(OR(H211=\"SEN\",H211<1995),VLOOKUP(I211,Feuil1!$G$11:$L$25,6),IF(AND(H211>1994,H211<1998),VLOOKUP(I211,Feuil1!$G$11:$L$25,5),IF(AND(H211>1997,H211<2000),VLOOKUP(I211,Feuil1!$G$11:$L$25,4),IF(AND(H211>1999,H211<2002),VLOOKUP(I211,Feuil1!$G$11:$L$25,3),VLOOKUP(I211,Feuil1!$G$11:$L$25,2)))))))","v":"C1 69"},82.175296793240577,null," ",{"$f":"T211-HLOOKUP(X211,Feuil1!$C$1:$BL$10,2,FALSE)","v":-24},{"$f":"T211-HLOOKUP(X211,Feuil1!$C$1:$BL$10,3,FALSE)","v":-44},{"$f":"T211-HLOOKUP(X211,Feuil1!$C$1:$BL$10,4,FALSE)","v":-54},{"$f":"T211-HLOOKUP(X211,Feuil1!$C$1:$BL$10,5,FALSE)","v":-69},{"$f":"T211-HLOOKUP(X211,Feuil1!$C$1:$BL$10,6,FALSE)","v":-89},{"$f":"T211-HLOOKUP(X211,Feuil1!$C$1:$BL$10,7,FALSE)","v":-109},{"$f":"T211-HLOOKUP(X211,Feuil1!$C$1:$BL$10,8,FALSE)","v":-129},{"$f":"T211-HLOOKUP(X211,Feuil1!$C$1:$BL$10,9,FALSE)","v":-149},{"$f":"T211-HLOOKUP(X211,Feuil1!$C$1:$BL$10,10,FALSE)","v":-939},null,null,null,null,null,null,"DEB "]
["H","NORD","NPC",38,357288,"DEVROE","Louis",2000,63.7,"LILLE U.C.","F",22,24,-26,24,30,33,-36,33,57,-70.400000000000006,"DEB ",-28,{"$f":"IF(I212=\"\",\"\",IF(A212=\"H\",IF(OR(H212=\"SEN\",H212<1995),VLOOKUP(I212,Feuil1!$A$11:$G$29,6),IF(AND(H212>1994,H212<1998),VLOOKUP(I212,Feuil1!$A$11:$G$29,5),IF(AND(H212>1997,H212<2000),VLOOKUP(I212,Feuil1!$A$11:$G$29,4),IF(AND(H212>1999,H212<2002),VLOOKUP(I212,Feuil1!$A$11:$G$29,3),VLOOKUP(I212,Feuil1!$A$11:$G$29,2))))),IF(OR(H212=\"SEN\",H212<1995),VLOOKUP(I212,Feuil1!$G$11:$L$25,6),IF(AND(H212>1994,H212<1998),VLOOKUP(I212,Feuil1!$G$11:$L$25,5),IF(AND(H212>1997,H212<2000),VLOOKUP(I212,Feuil1!$G$11:$L$25,4),IF(AND(H212>1999,H212<2002),VLOOKUP(I212,Feuil1!$G$11:$L$25,3),VLOOKUP(I212,Feuil1!$G$11:$L$25,2)))))))","v":"C1 69"},80.880393338961923,null," ",{"$f":"T212-HLOOKUP(X212,Feuil1!$C$1:$BL$10,2,FALSE)","v":-28},{"$f":"T212-HLOOKUP(X212,Feuil1!$C$1:$BL$10,3,FALSE)","v":-48},{"$f":"T212-HLOOKUP(X212,Feuil1!$C$1:$BL$10,4,FALSE)","v":-58},{"$f":"T212-HLOOKUP(X212,Feuil1!$C$1:$BL$10,5,FALSE)","v":-73},{"$f":"T212-HLOOKUP(X212,Feuil1!$C$1:$BL$10,6,FALSE)","v":-93},{"$f":"T212-HLOOKUP(X212,Feuil1!$C$1:$BL$10,7,FALSE)","v":-113},{"$f":"T212-HLOOKUP(X212,Feuil1!$C$1:$BL$10,8,FALSE)","v":-133},{"$f":"T212-HLOOKUP(X212,Feuil1!$C$1:$BL$10,9,FALSE)","v":-153},{"$f":"T212-HLOOKUP(X212,Feuil1!$C$1:$BL$10,10,FALSE)","v":-943},null,null,null,null,null,null,"DEB "]
["H","CO","PDL",39,366168,"AIT SAGGOUT","ZACHARIA",2001,66.900000000000006,"CJF Laval-Voutré","Ital",20,22,-23,22,25,27,30,30,52,-81.800000000000011,"DEB ",-33,{"$f":"IF(I213=\"\",\"\",IF(A213=\"H\",IF(OR(H213=\"SEN\",H213<1995),VLOOKUP(I213,Feuil1!$A$11:$G$29,6),IF(AND(H213>1994,H213<1998),VLOOKUP(I213,Feuil1!$A$11:$G$29,5),IF(AND(H213>1997,H213<2000),VLOOKUP(I213,Feuil1!$A$11:$G$29,4),IF(AND(H213>1999,H213<2002),VLOOKUP(I213,Feuil1!$A$11:$G$29,3),VLOOKUP(I213,Feuil1!$A$11:$G$29,2))))),IF(OR(H213=\"SEN\",H213<1995),VLOOKUP(I213,Feuil1!$G$11:$L$25,6),IF(AND(H213>1994,H213<1998),VLOOKUP(I213,Feuil1!$G$11:$L$25,5),IF(AND(H213>1997,H213<2000),VLOOKUP(I213,Feuil1!$G$11:$L$25,4),IF(AND(H213>1999,H213<2002),VLOOKUP(I213,Feuil1!$G$11:$L$25,3),VLOOKUP(I213,Feuil1!$G$11:$L$25,2)))))))","v":"C1 69"},71.373964771742806,null," ",{"$f":"T213-HLOOKUP(X213,Feuil1!$C$1:$BL$10,2,FALSE)","v":-33},{"$f":"T213-HLOOKUP(X213,Feuil1!$C$1:$BL$10,3,FALSE)","v":-53},{"$f":"T213-HLOOKUP(X213,Feuil1!$C$1:$BL$10,4,FALSE)","v":-63},{"$f":"T213-HLOOKUP(X213,Feuil1!$C$1:$BL$10,5,FALSE)","v":-78},{"$f":"T213-HLOOKUP(X213,Feuil1!$C$1:$BL$10,6,FALSE)","v":-98},{"$f":"T213-HLOOKUP(X213,Feuil1!$C$1:$BL$10,7,FALSE)","v":-118},{"$f":"T213-HLOOKUP(X213,Feuil1!$C$1:$BL$10,8,FALSE)","v":-138},{"$f":"T213-HLOOKUP(X213,Feuil1!$C$1:$BL$10,9,FALSE)","v":-158},{"$f":"T213-HLOOKUP(X213,Feuil1!$C$1:$BL$10,10,FALSE)","v":-948},null,null,null,null,null,null,"DEB "]
["H","SEST","RAL",40,377759,"BEYODDI","Charf-Eddine",2000,63.5,"C.H. L'ARBRESLE","F",17,-19,20,20,20,22,24,24,44,-83,"DEB ",-41,{"$f":"IF(I214=\"\",\"\",IF(A214=\"H\",IF(OR(H214=\"SEN\",H214<1995),VLOOKUP(I214,Feuil1!$A$11:$G$29,6),IF(AND(H214>1994,H214<1998),VLOOKUP(I214,Feuil1!$A$11:$G$29,5),IF(AND(H214>1997,H214<2000),VLOOKUP(I214,Feuil1!$A$11:$G$29,4),IF(AND(H214>1999,H214<2002),VLOOKUP(I214,Feuil1!$A$11:$G$29,3),VLOOKUP(I214,Feuil1!$A$11:$G$29,2))))),IF(OR(H214=\"SEN\",H214<1995),VLOOKUP(I214,Feuil1!$G$11:$L$25,6),IF(AND(H214>1994,H214<1998),VLOOKUP(I214,Feuil1!$G$11:$L$25,5),IF(AND(H214>1997,H214<2000),VLOOKUP(I214,Feuil1!$G$11:$L$25,4),IF(AND(H214>1999,H214<2002),VLOOKUP(I214,Feuil1!$G$11:$L$25,3),VLOOKUP(I214,Feuil1!$G$11:$L$25,2)))))))","v":"C1 69"},62.570780236231343,null," ",{"$f":"T214-HLOOKUP(X214,Feuil1!$C$1:$BL$10,2,FALSE)","v":-41},{"$f":"T214-HLOOKUP(X214,Feuil1!$C$1:$BL$10,3,FALSE)","v":-61},{"$f":"T214-HLOOKUP(X214,Feuil1!$C$1:$BL$10,4,FALSE)","v":-71},{"$f":"T214-HLOOKUP(X214,Feuil1!$C$1:$BL$10,5,FALSE)","v":-86},{"$f":"T214-HLOOKUP(X214,Feuil1!$C$1:$BL$10,6,FALSE)","v":-106},{"$f":"T214-HLOOKUP(X214,Feuil1!$C$1:$BL$10,7,FALSE)","v":-126},{"$f":"T214-HLOOKUP(X214,Feuil1!$C$1:$BL$10,8,FALSE)","v":-146},{"$f":"T214-HLOOKUP(X214,Feuil1!$C$1:$BL$10,9,FALSE)","v":-166},{"$f":"T214-HLOOKUP(X214,Feuil1!$C$1:$BL$10,10,FALSE)","v":-956},null,null,null,null,null,null,"DEB "]
["H","N","IDF",41,381844,"CATANIA","GABRIEL",2001,64,"NEUILLY ","F",15,-18,18,18,20,25,-28,25,43,-85,"DEB ",-42,{"$f":"IF(I215=\"\",\"\",IF(A215=\"H\",IF(OR(H215=\"SEN\",H215<1995),VLOOKUP(I215,Feuil1!$A$11:$G$29,6),IF(AND(H215>1994,H215<1998),VLOOKUP(I215,Feuil1!$A$11:$G$29,5),IF(AND(H215>1997,H215<2000),VLOOKUP(I215,Feuil1!$A$11:$G$29,4),IF(AND(H215>1999,H215<2002),VLOOKUP(I215,Feuil1!$A$11:$G$29,3),VLOOKUP(I215,Feuil1!$A$11:$G$29,2))))),IF(OR(H215=\"SEN\",H215<1995),VLOOKUP(I215,Feuil1!$G$11:$L$25,6),IF(AND(H215>1994,H215<1998),VLOOKUP(I215,Feuil1!$G$11:$L$25,5),IF(AND(H215>1997,H215<2000),VLOOKUP(I215,Feuil1!$G$11:$L$25,4),IF(AND(H215>1999,H215<2002),VLOOKUP(I215,Feuil1!$G$11:$L$25,3),VLOOKUP(I215,Feuil1!$G$11:$L$25,2)))))))","v":"C1 69"},60.816610823856323,null," ",{"$f":"T215-HLOOKUP(X215,Feuil1!$C$1:$BL$10,2,FALSE)","v":-42},{"$f":"T215-HLOOKUP(X215,Feuil1!$C$1:$BL$10,3,FALSE)","v":-62},{"$f":"T215-HLOOKUP(X215,Feuil1!$C$1:$BL$10,4,FALSE)","v":-72},{"$f":"T215-HLOOKUP(X215,Feuil1!$C$1:$BL$10,5,FALSE)","v":-87},{"$f":"T215-HLOOKUP(X215,Feuil1!$C$1:$BL$10,6,FALSE)","v":-107},{"$f":"T215-HLOOKUP(X215,Feuil1!$C$1:$BL$10,7,FALSE)","v":-127},{"$f":"T215-HLOOKUP(X215,Feuil1!$C$1:$BL$10,8,FALSE)","v":-147},{"$f":"T215-HLOOKUP(X215,Feuil1!$C$1:$BL$10,9,FALSE)","v":-167},{"$f":"T215-HLOOKUP(X215,Feuil1!$C$1:$BL$10,10,FALSE)","v":-957},null,null,null,null,null,null,"DEB "]
["H","CO","BNO",42,378973,"Malhere","Axel",2001,62.7,"Giberville","F",15,17,18,18,18,20,23,23,41,-84.4,"DEB ",-44,{"$f":"IF(I216=\"\",\"\",IF(A216=\"H\",IF(OR(H216=\"SEN\",H216<1995),VLOOKUP(I216,Feuil1!$A$11:$G$29,6),IF(AND(H216>1994,H216<1998),VLOOKUP(I216,Feuil1!$A$11:$G$29,5),IF(AND(H216>1997,H216<2000),VLOOKUP(I216,Feuil1!$A$11:$G$29,4),IF(AND(H216>1999,H216<2002),VLOOKUP(I216,Feuil1!$A$11:$G$29,3),VLOOKUP(I216,Feuil1!$A$11:$G$29,2))))),IF(OR(H216=\"SEN\",H216<1995),VLOOKUP(I216,Feuil1!$G$11:$L$25,6),IF(AND(H216>1994,H216<1998),VLOOKUP(I216,Feuil1!$G$11:$L$25,5),IF(AND(H216>1997,H216<2000),VLOOKUP(I216,Feuil1!$G$11:$L$25,4),IF(AND(H216>1999,H216<2002),VLOOKUP(I216,Feuil1!$G$11:$L$25,3),VLOOKUP(I216,Feuil1!$G$11:$L$25,2)))))))","v":"C1 69"},58.825409969911412,null," ",{"$f":"T216-HLOOKUP(X216,Feuil1!$C$1:$BL$10,2,FALSE)","v":-44},{"$f":"T216-HLOOKUP(X216,Feuil1!$C$1:$BL$10,3,FALSE)","v":-64},{"$f":"T216-HLOOKUP(X216,Feuil1!$C$1:$BL$10,4,FALSE)","v":-74},{"$f":"T216-HLOOKUP(X216,Feuil1!$C$1:$BL$10,5,FALSE)","v":-89},{"$f":"T216-HLOOKUP(X216,Feuil1!$C$1:$BL$10,6,FALSE)","v":-109},{"$f":"T216-HLOOKUP(X216,Feuil1!$C$1:$BL$10,7,FALSE)","v":-129},{"$f":"T216-HLOOKUP(X216,Feuil1!$C$1:$BL$10,8,FALSE)","v":-149},{"$f":"T216-HLOOKUP(X216,Feuil1!$C$1:$BL$10,9,FALSE)","v":-169},{"$f":"T216-HLOOKUP(X216,Feuil1!$C$1:$BL$10,10,FALSE)","v":-959},null,null,null,null,null,null,"DEB "]
[null,null,null,null,null,null,null,null,null,null,null,null,null,null,null,null,null,null,null,null,null,null,null,null,null,null," ",{"$f":"T217-HLOOKUP(X217,[1]Feuil1!$C$1:$BL$10,2,FALSE)","v":{"$error":"#N/A"}},{"$f":"T217-HLOOKUP(X217,[1]Feuil1!$C$1:$BL$10,3,FALSE)","v":{"$error":"#N/A"}},{"$f":"T217-HLOOKUP(X217,[1]Feuil1!$C$1:$BL$10,4,FALSE)","v":{"$error":"#N/A"}},{"$f":"T217-HLOOKUP(X217,[1]Feuil1!$C$1:$BL$10,5,FALSE)","v":{"$error":"#N/A"}},{"$f":"T217-HLOOKUP(X217,[1]Feuil1!$C$1:$BL$10,6,FALSE)","v":{"$error":"#N/A"}},{"$f":"T217-HLOOKUP(X217,[1]Feuil1!$C$1:$BL$10,7,FALSE)","v":{"$error":"#N/A"}},{"$f":"T217-HLOOKUP(X217,[1]Feuil1!$C$1:$BL$10,8,FALSE)","v":{"$error":"#N/A"}},{"$f":"T217-HLOOKUP(X217,[1]Feuil1!$C$1:$BL$10,9,FALSE)","v":{"$error":"#N/A"}},{"$f":"T217-HLOOKUP(X217,[1]Feuil1!$C$1:$BL$10,10,FALSE)","v":{"$error":"#N/A"}},null,null,null,null,null,null,{"$f":"IF(AJ217>=0,$AJ$4,IF(AI217>=0,$AI$4,IF(AH217>=0,$AH$4,IF(AG217>=0,$AG$4,IF(AF217>=0,$AF$4,IF(AE217>=0,$AE$4,IF(AD217>=0,$AD$4,IF(AC217>=0,$AC$4,$AB$4))))))))","v":{"$error":"#N/A"}}]
["H","NORD","NPC",1,336176,"FARETIE","Sony",2000,69.2,"C.A.ROSENDAEL","F",-85,89,92,{"$f":"IF(H218=\"\",\"\",IF(MAXA(L218:N218)<=0,0,MAXA(L218:N218)))","v":92},108,112,115,{"$f":"IF(H218=\"\",\"\",IF(MAXA(P218:R218)<=0,0,MAXA(P218:R218)))","v":115},{"$f":"IF(H218=\"\",\"\",IF(OR(O218=0,S218=0),0,O218+S218))","v":207},{"$f":"T218-I218*2","v":68.599999999999994},{"$f":"IF(H218=\"\",\"\",AQ218)","v":"INTB +"},{"$f":"IF(AJ218>=0,AJ218,IF(AI218>=0,AI218,IF(AH218>=0,AH218,IF(AG218>=0,AG218,IF(AF218>=0,AF218,IF(AE218>=0,AE218,IF(AD218>=0,AD218,IF(AC218>=0,AC218,AB218))))))))","v":7},{"$f":"IF(I218=\"\",\"\",IF(A218=\"H\",IF(OR(H218=\"SEN\",H218<1995),VLOOKUP(I218,Feuil1!$A$11:$G$29,6),IF(AND(H218>1994,H218<1998),VLOOKUP(I218,Feuil1!$A$11:$G$29,5),IF(AND(H218>1997,H218<2000),VLOOKUP(I218,Feuil1!$A$11:$G$29,4),IF(AND(H218>1999,H218<2002),VLOOKUP(I218,Feuil1!$A$11:$G$29,3),VLOOKUP(I218,Feuil1!$A$11:$G$29,2))))),IF(OR(H218=\"SEN\",H218<1995),VLOOKUP(I218,Feuil1!$G$11:$L$25,6),IF(AND(H218>1994,H218<1998),VLOOKUP(I218,Feuil1!$G$11:$L$25,5),IF(AND(H218>1997,H218<2000),VLOOKUP(I218,Feuil1!$G$11:$L$25,4),IF(AND(H218>1999,H218<2002),VLOOKUP(I218,Feuil1!$G$11:$L$25,3),VLOOKUP(I218,Feuil1!$G$11:$L$25,2)))))))","v":"C1 77"},{"$f":"IF(I218=\"\",\"\",IF(A218=\"H\",10^(0.794358141*LOG(I218/174.393)^2)*T218,IF(A218=\"F\",10^(0.89726074*LOG(I218/148.026)^2)*T218,\"\")))","v":277.95438168364541},null," ",{"$f":"T218-HLOOKUP(X218,Feuil1!$C$1:$BL$10,2,FALSE)","v":117},{"$f":"T218-HLOOKUP(X218,Feuil1!$C$1:$BL$10,3,FALSE)","v":97},{"$f":"T218-HLOOKUP(X218,Feuil1!$C$1:$BL$10,4,FALSE)","v":77},{"$f":"T218-HLOOKUP(X218,Feuil1!$C$1:$BL$10,5,FALSE)","v":57},{"$f":"T218-HLOOKUP(X218,Feuil1!$C$1:$BL$10,6,FALSE)","v":37},{"$f":"T218-HLOOKUP(X218,Feuil1!$C$1:$BL$10,7,FALSE)","v":22},{"$f":"T218-HLOOKUP(X218,Feuil1!$C$1:$BL$10,8,FALSE)","v":7},{"$f":"T218-HLOOKUP(X218,Feuil1!$C$1:$BL$10,9,FALSE)","v":-13},{"$f":"T218-HLOOKUP(X218,Feuil1!$C$1:$BL$10,10,FALSE)","v":-793},null,null,null,null,null,null,{"$f":"IF(AJ218>=0,$AJ$4,IF(AI218>=0,$AI$4,IF(AH218>=0,$AH$4,IF(AG218>=0,$AG$4,IF(AF218>=0,$AF$4,IF(AE218>=0,$AE$4,IF(AD218>=0,$AD$4,IF(AC218>=0,$AC$4,$AB$4))))))))","v":"INTB +"}]
["H","NORD","NPC",2,272004,"FRANCHOIS","Kévin",2000,76.08,"ST POL SUR MER","F",80,85,-88,85,100,105,110,110,195,42.84,"NAT +",10,{"$f":"IF(I219=\"\",\"\",IF(A219=\"H\",IF(OR(H219=\"SEN\",H219<1995),VLOOKUP(I219,Feuil1!$A$11:$G$29,6),IF(AND(H219>1994,H219<1998),VLOOKUP(I219,Feuil1!$A$11:$G$29,5),IF(AND(H219>1997,H219<2000),VLOOKUP(I219,Feuil1!$A$11:$G$29,4),IF(AND(H219>1999,H219<2002),VLOOKUP(I219,Feuil1!$A$11:$G$29,3),VLOOKUP(I219,Feuil1!$A$11:$G$29,2))))),IF(OR(H219=\"SEN\",H219<1995),VLOOKUP(I219,Feuil1!$G$11:$L$25,6),IF(AND(H219>1994,H219<1998),VLOOKUP(I219,Feuil1!$G$11:$L$25,5),IF(AND(H219>1997,H219<2000),VLOOKUP(I219,Feuil1!$G$11:$L$25,4),IF(AND(H219>1999,H219<2002),VLOOKUP(I219,Feuil1!$G$11:$L$25,3),VLOOKUP(I219,Feuil1!$G$11:$L$25,2)))))))","v":"C1 77"},247.2471823723931,null," ",{"$f":"T219-HLOOKUP(X219,Feuil1!$C$1:$BL$10,2,FALSE)","v":105},{"$f":"T219-HLOOKUP(X219,Feuil1!$C$1:$BL$10,3,FALSE)","v":85},{"$f":"T219-HLOOKUP(X219,Feuil1!$C$1:$BL$10,4,FALSE)","v":65},{"$f":"T219-HLOOKUP(X219,Feuil1!$C$1:$BL$10,5,FALSE)","v":45},{"$f":"T219-HLOOKUP(X219,Feuil1!$C$1:$BL$10,6,FALSE)","v":25},{"$f":"T219-HLOOKUP(X219,Feuil1!$C$1:$BL$10,7,FALSE)","v":10},{"$f":"T219-HLOOKUP(X219,Feuil1!$C$1:$BL$10,8,FALSE)","v":-5},{"$f":"T219-HLOOKUP(X219,Feuil1!$C$1:$BL$10,9,FALSE)","v":-25},{"$f":"T219-HLOOKUP(X219,Feuil1!$C$1:$BL$10,10,FALSE)","v":-805},null,null,null,null,null,null,"NAT +"]
["H","DOM","REU",3,323504,"PATCHIE","TOMMY",2000,76,"SCHM St Paul","F",-75,-75,75,75,95,100,105,105,180,28,"FED +",10,{"$f":"IF(I220=\"\",\"\",IF(A220=\"H\",IF(OR(H220=\"SEN\",H220<1995),VLOOKUP(I220,Feuil1!$A$11:$G$29,6),IF(AND(H220>1994,H220<1998),VLOOKUP(I220,Feuil1!$A$11:$G$29,5),IF(AND(H220>1997,H220<2000),VLOOKUP(I220,Feuil1!$A$11:$G$29,4),IF(AND(H220>1999,H220<2002),VLOOKUP(I220,Feuil1!$A$11:$G$29,3),VLOOKUP(I220,Feuil1!$A$11:$G$29,2))))),IF(OR(H220=\"SEN\",H220<1995),VLOOKUP(I220,Feuil1!$G$11:$L$25,6),IF(AND(H220>1994,H220<1998),VLOOKUP(I220,Feuil1!$G$11:$L$25,5),IF(AND(H220>1997,H220<2000),VLOOKUP(I220,Feuil1!$G$11:$L$25,4),IF(AND(H220>1999,H220<2002),VLOOKUP(I220,Feuil1!$G$11:$L$25,3),VLOOKUP(I220,Feuil1!$G$11:$L$25,2)))))))","v":"C1 77"},228.36572574559457,null," ",{"$f":"T220-HLOOKUP(X220,Feuil1!$C$1:$BL$10,2,FALSE)","v":90},{"$f":"T220-HLOOKUP(X220,Feuil1!$C$1:$BL$10,3,FALSE)","v":70},{"$f":"T220-HLOOKUP(X220,Feuil1!$C$1:$BL$10,4,FALSE)","v":50},{"$f":"T220-HLOOKUP(X220,Feuil1!$C$1:$BL$10,5,FALSE)","v":30},{"$f":"T220-HLOOKUP(X220,Feuil1!$C$1:$BL$10,6,FALSE)","v":10},{"$f":"T220-HLOOKUP(X220,Feuil1!$C$1:$BL$10,7,FALSE)","v":-5},{"$f":"T220-HLOOKUP(X220,Feuil1!$C$1:$BL$10,8,FALSE)","v":-20},{"$f":"T220-HLOOKUP(X220,Feuil1!$C$1:$BL$10,9,FALSE)","v":-40},{"$f":"T220-HLOOKUP(X220,Feuil1!$C$1:$BL$10,10,FALSE)","v":-820},null,null,null,null,null,null,"FED +"]
["H","NE","ALS",4,326143,"SPIELMANN","ARTHUR",2000,75.7,"SR Obernai HM","F",-74,74,-78,74,95,99,-102,99,173,21.599999999999994,"FED +",3,{"$f":"IF(I221=\"\",\"\",IF(A221=\"H\",IF(OR(H221=\"SEN\",H221<1995),VLOOKUP(I221,Feuil1!$A$11:$G$29,6),IF(AND(H221>1994,H221<1998),VLOOKUP(I221,Feuil1!$A$11:$G$29,5),IF(AND(H221>1997,H221<2000),VLOOKUP(I221,Feuil1!$A$11:$G$29,4),IF(AND(H221>1999,H221<2002),VLOOKUP(I221,Feuil1!$A$11:$G$29,3),VLOOKUP(I221,Feuil1!$A$11:$G$29,2))))),IF(OR(H221=\"SEN\",H221<1995),VLOOKUP(I221,Feuil1!$G$11:$L$25,6),IF(AND(H221>1994,H221<1998),VLOOKUP(I221,Feuil1!$G$11:$L$25,5),IF(AND(H221>1997,H221<2000),VLOOKUP(I221,Feuil1!$G$11:$L$25,4),IF(AND(H221>1999,H221<2002),VLOOKUP(I221,Feuil1!$G$11:$L$25,3),VLOOKUP(I221,Feuil1!$G$11:$L$25,2)))))))","v":"C1 77"},219.98407497711054,null," ",{"$f":"T221-HLOOKUP(X221,Feuil1!$C$1:$BL$10,2,FALSE)","v":83},{"$f":"T221-HLOOKUP(X221,Feuil1!$C$1:$BL$10,3,FALSE)","v":63},{"$f":"T221-HLOOKUP(X221,Feuil1!$C$1:$BL$10,4,FALSE)","v":43},{"$f":"T221-HLOOKUP(X221,Feuil1!$C$1:$BL$10,5,FALSE)","v":23},{"$f":"T221-HLOOKUP(X221,Feuil1!$C$1:$BL$10,6,FALSE)","v":3},{"$f":"T221-HLOOKUP(X221,Feuil1!$C$1:$BL$10,7,FALSE)","v":-12},{"$f":"T221-HLOOKUP(X221,Feuil1!$C$1:$BL$10,8,FALSE)","v":-27},{"$f":"T221-HLOOKUP(X221,Feuil1!$C$1:$BL$10,9,FALSE)","v":-47},{"$f":"T221-HLOOKUP(X221,Feuil1!$C$1:$BL$10,10,FALSE)","v":-827},null,null,null,null,null,null,"FED +"]
["H","NORD","NPC",5,390910,"LABAEYE","Tom",2000,75.3,"ST POL SUR MER","F",65,70,73,73,90,-95,95,95,168,17.400000000000006,"IRG +",18,{"$f":"IF(I222=\"\",\"\",IF(A222=\"H\",IF(OR(H222=\"SEN\",H222<1995),VLOOKUP(I222,Feuil1!$A$11:$G$29,6),IF(AND(H222>1994,H222<1998),VLOOKUP(I222,Feuil1!$A$11:$G$29,5),IF(AND(H222>1997,H222<2000),VLOOKUP(I222,Feuil1!$A$11:$G$29,4),IF(AND(H222>1999,H222<2002),VLOOKUP(I222,Feuil1!$A$11:$G$29,3),VLOOKUP(I222,Feuil1!$A$11:$G$29,2))))),IF(OR(H222=\"SEN\",H222<1995),VLOOKUP(I222,Feuil1!$G$11:$L$25,6),IF(AND(H222>1994,H222<1998),VLOOKUP(I222,Feuil1!$G$11:$L$25,5),IF(AND(H222>1997,H222<2000),VLOOKUP(I222,Feuil1!$G$11:$L$25,4),IF(AND(H222>1999,H222<2002),VLOOKUP(I222,Feuil1!$G$11:$L$25,3),VLOOKUP(I222,Feuil1!$G$11:$L$25,2)))))))","v":"C1 77"},214.28091629775201,null," ",{"$f":"T222-HLOOKUP(X222,Feuil1!$C$1:$BL$10,2,FALSE)","v":78},{"$f":"T222-HLOOKUP(X222,Feuil1!$C$1:$BL$10,3,FALSE)","v":58},{"$f":"T222-HLOOKUP(X222,Feuil1!$C$1:$BL$10,4,FALSE)","v":38},{"$f":"T222-HLOOKUP(X222,Feuil1!$C$1:$BL$10,5,FALSE)","v":18},{"$f":"T222-HLOOKUP(X222,Feuil1!$C$1:$BL$10,6,FALSE)","v":-2},{"$f":"T222-HLOOKUP(X222,Feuil1!$C$1:$BL$10,7,FALSE)","v":-17},{"$f":"T222-HLOOKUP(X222,Feuil1!$C$1:$BL$10,8,FALSE)","v":-32},{"$f":"T222-HLOOKUP(X222,Feuil1!$C$1:$BL$10,9,FALSE)","v":-52},{"$f":"T222-HLOOKUP(X222,Feuil1!$C$1:$BL$10,10,FALSE)","v":-832},null,null,null,null,null,null,"IRG +"]
["H","NORD","NPC",6,360035,"VANDEVOORDE","Kylian",2000,71.400000000000006,"CHCD COMINES","BEL",58,61,-64,61,80,85,89,89,150,7.1999999999999886,"IRG +",0,{"$f":"IF(I223=\"\",\"\",IF(A223=\"H\",IF(OR(H223=\"SEN\",H223<1995),VLOOKUP(I223,Feuil1!$A$11:$G$29,6),IF(AND(H223>1994,H223<1998),VLOOKUP(I223,Feuil1!$A$11:$G$29,5),IF(AND(H223>1997,H223<2000),VLOOKUP(I223,Feuil1!$A$11:$G$29,4),IF(AND(H223>1999,H223<2002),VLOOKUP(I223,Feuil1!$A$11:$G$29,3),VLOOKUP(I223,Feuil1!$A$11:$G$29,2))))),IF(OR(H223=\"SEN\",H223<1995),VLOOKUP(I223,Feuil1!$G$11:$L$25,6),IF(AND(H223>1994,H223<1998),VLOOKUP(I223,Feuil1!$G$11:$L$25,5),IF(AND(H223>1997,H223<2000),VLOOKUP(I223,Feuil1!$G$11:$L$25,4),IF(AND(H223>1999,H223<2002),VLOOKUP(I223,Feuil1!$G$11:$L$25,3),VLOOKUP(I223,Feuil1!$G$11:$L$25,2)))))))","v":"C1 77"},197.50261851814335,null," ",{"$f":"T223-HLOOKUP(X223,Feuil1!$C$1:$BL$10,2,FALSE)","v":60},{"$f":"T223-HLOOKUP(X223,Feuil1!$C$1:$BL$10,3,FALSE)","v":40},{"$f":"T223-HLOOKUP(X223,Feuil1!$C$1:$BL$10,4,FALSE)","v":20},{"$f":"T223-HLOOKUP(X223,Feuil1!$C$1:$BL$10,5,FALSE)","v":0},{"$f":"T223-HLOOKUP(X223,Feuil1!$C$1:$BL$10,6,FALSE)","v":-20},{"$f":"T223-HLOOKUP(X223,Feuil1!$C$1:$BL$10,7,FALSE)","v":-35},{"$f":"T223-HLOOKUP(X223,Feuil1!$C$1:$BL$10,8,FALSE)","v":-50},{"$f":"T223-HLOOKUP(X223,Feuil1!$C$1:$BL$10,9,FALSE)","v":-70},{"$f":"T223-HLOOKUP(X223,Feuil1!$C$1:$BL$10,10,FALSE)","v":-850},null,null,null,null,null,null,"IRG +"]
["H","SEST","RAL",7,367581,"ROBERT","Damien",2000,73.5,"A.C. ST MARCELLIN","F",60,65,-67,65,70,75,-78,75,140,-7,"REG +",10,{"$f":"IF(I224=\"\",\"\",IF(A224=\"H\",IF(OR(H224=\"SEN\",H224<1995),VLOOKUP(I224,Feuil1!$A$11:$G$29,6),IF(AND(H224>1994,H224<1998),VLOOKUP(I224,Feuil1!$A$11:$G$29,5),IF(AND(H224>1997,H224<2000),VLOOKUP(I224,Feuil1!$A$11:$G$29,4),IF(AND(H224>1999,H224<2002),VLOOKUP(I224,Feuil1!$A$11:$G$29,3),VLOOKUP(I224,Feuil1!$A$11:$G$29,2))))),IF(OR(H224=\"SEN\",H224<1995),VLOOKUP(I224,Feuil1!$G$11:$L$25,6),IF(AND(H224>1994,H224<1998),VLOOKUP(I224,Feuil1!$G$11:$L$25,5),IF(AND(H224>1997,H224<2000),VLOOKUP(I224,Feuil1!$G$11:$L$25,4),IF(AND(H224>1999,H224<2002),VLOOKUP(I224,Feuil1!$G$11:$L$25,3),VLOOKUP(I224,Feuil1!$G$11:$L$25,2)))))))","v":"C1 77"},181.125125195344,null," ",{"$f":"T224-HLOOKUP(X224,Feuil1!$C$1:$BL$10,2,FALSE)","v":50},{"$f":"T224-HLOOKUP(X224,Feuil1!$C$1:$BL$10,3,FALSE)","v":30},{"$f":"T224-HLOOKUP(X224,Feuil1!$C$1:$BL$10,4,FALSE)","v":10},{"$f":"T224-HLOOKUP(X224,Feuil1!$C$1:$BL$10,5,FALSE)","v":-10},{"$f":"T224-HLOOKUP(X224,Feuil1!$C$1:$BL$10,6,FALSE)","v":-30},{"$f":"T224-HLOOKUP(X224,Feuil1!$C$1:$BL$10,7,FALSE)","v":-45},{"$f":"T224-HLOOKUP(X224,Feuil1!$C$1:$BL$10,8,FALSE)","v":-60},{"$f":"T224-HLOOKUP(X224,Feuil1!$C$1:$BL$10,9,FALSE)","v":-80},{"$f":"T224-HLOOKUP(X224,Feuil1!$C$1:$BL$10,10,FALSE)","v":-860},null,null,null,null,null,null,"REG +"]
["H","NE","LOR",8,304107,"BÉNÉ","Dylan",2000,70.8,"A.O.C.Pte-ROSSELLE","F",54,56,-60,56,72,76,81,81,137,-4.5999999999999943,"REG +",7,{"$f":"IF(I225=\"\",\"\",IF(A225=\"H\",IF(OR(H225=\"SEN\",H225<1995),VLOOKUP(I225,Feuil1!$A$11:$G$29,6),IF(AND(H225>1994,H225<1998),VLOOKUP(I225,Feuil1!$A$11:$G$29,5),IF(AND(H225>1997,H225<2000),VLOOKUP(I225,Feuil1!$A$11:$G$29,4),IF(AND(H225>1999,H225<2002),VLOOKUP(I225,Feuil1!$A$11:$G$29,3),VLOOKUP(I225,Feuil1!$A$11:$G$29,2))))),IF(OR(H225=\"SEN\",H225<1995),VLOOKUP(I225,Feuil1!$G$11:$L$25,6),IF(AND(H225>1994,H225<1998),VLOOKUP(I225,Feuil1!$G$11:$L$25,5),IF(AND(H225>1997,H225<2000),VLOOKUP(I225,Feuil1!$G$11:$L$25,4),IF(AND(H225>1999,H225<2002),VLOOKUP(I225,Feuil1!$G$11:$L$25,3),VLOOKUP(I225,Feuil1!$G$11:$L$25,2)))))))","v":"C1 77"},181.33056252780875,null," ",{"$f":"T225-HLOOKUP(X225,Feuil1!$C$1:$BL$10,2,FALSE)","v":47},{"$f":"T225-HLOOKUP(X225,Feuil1!$C$1:$BL$10,3,FALSE)","v":27},{"$f":"T225-HLOOKUP(X225,Feuil1!$C$1:$BL$10,4,FALSE)","v":7},{"$f":"T225-HLOOKUP(X225,Feuil1!$C$1:$BL$10,5,FALSE)","v":-13},{"$f":"T225-HLOOKUP(X225,Feuil1!$C$1:$BL$10,6,FALSE)","v":-33},{"$f":"T225-HLOOKUP(X225,Feuil1!$C$1:$BL$10,7,FALSE)","v":-48},{"$f":"T225-HLOOKUP(X225,Feuil1!$C$1:$BL$10,8,FALSE)","v":-63},{"$f":"T225-HLOOKUP(X225,Feuil1!$C$1:$BL$10,9,FALSE)","v":-83},{"$f":"T225-HLOOKUP(X225,Feuil1!$C$1:$BL$10,10,FALSE)","v":-863},null,null,null,null,null,null,"REG +"]
["H","NE","ALS",9,381284,"MARTELLI","ALESSANDRO",2000,71.2,"SR Obernai HM","F",57,61,-64,61,-76,76,-79,76,137,-5.4000000000000057,"REG +",7,{"$f":"IF(I226=\"\",\"\",IF(A226=\"H\",IF(OR(H226=\"SEN\",H226<1995),VLOOKUP(I226,Feuil1!$A$11:$G$29,6),IF(AND(H226>1994,H226<1998),VLOOKUP(I226,Feuil1!$A$11:$G$29,5),IF(AND(H226>1997,H226<2000),VLOOKUP(I226,Feuil1!$A$11:$G$29,4),IF(AND(H226>1999,H226<2002),VLOOKUP(I226,Feuil1!$A$11:$G$29,3),VLOOKUP(I226,Feuil1!$A$11:$G$29,2))))),IF(OR(H226=\"SEN\",H226<1995),VLOOKUP(I226,Feuil1!$G$11:$L$25,6),IF(AND(H226>1994,H226<1998),VLOOKUP(I226,Feuil1!$G$11:$L$25,5),IF(AND(H226>1997,H226<2000),VLOOKUP(I226,Feuil1!$G$11:$L$25,4),IF(AND(H226>1999,H226<2002),VLOOKUP(I226,Feuil1!$G$11:$L$25,3),VLOOKUP(I226,Feuil1!$G$11:$L$25,2)))))))","v":"C1 77"},180.69825303093128,null," ",{"$f":"T226-HLOOKUP(X226,Feuil1!$C$1:$BL$10,2,FALSE)","v":47},{"$f":"T226-HLOOKUP(X226,Feuil1!$C$1:$BL$10,3,FALSE)","v":27},{"$f":"T226-HLOOKUP(X226,Feuil1!$C$1:$BL$10,4,FALSE)","v":7},{"$f":"T226-HLOOKUP(X226,Feuil1!$C$1:$BL$10,5,FALSE)","v":-13},{"$f":"T226-HLOOKUP(X226,Feuil1!$C$1:$BL$10,6,FALSE)","v":-33},{"$f":"T226-HLOOKUP(X226,Feuil1!$C$1:$BL$10,7,FALSE)","v":-48},{"$f":"T226-HLOOKUP(X226,Feuil1!$C$1:$BL$10,8,FALSE)","v":-63},{"$f":"T226-HLOOKUP(X226,Feuil1!$C$1:$BL$10,9,FALSE)","v":-83},{"$f":"T226-HLOOKUP(X226,Feuil1!$C$1:$BL$10,10,FALSE)","v":-863},null,null,null,null,null,null,"REG +"]
["H","SEST","PRO",10,304532,"GUERIN","Hugo ",2001,71.41,"EEAR MONTEUX",null,50,55,-60,55,60,65,70,70,125,-17.819999999999993,"DEP +",15,{"$f":"IF(I227=\"\",\"\",IF(A227=\"H\",IF(OR(H227=\"SEN\",H227<1995),VLOOKUP(I227,Feuil1!$A$11:$G$29,6),IF(AND(H227>1994,H227<1998),VLOOKUP(I227,Feuil1!$A$11:$G$29,5),IF(AND(H227>1997,H227<2000),VLOOKUP(I227,Feuil1!$A$11:$G$29,4),IF(AND(H227>1999,H227<2002),VLOOKUP(I227,Feuil1!$A$11:$G$29,3),VLOOKUP(I227,Feuil1!$A$11:$G$29,2))))),IF(OR(H227=\"SEN\",H227<1995),VLOOKUP(I227,Feuil1!$G$11:$L$25,6),IF(AND(H227>1994,H227<1998),VLOOKUP(I227,Feuil1!$G$11:$L$25,5),IF(AND(H227>1997,H227<2000),VLOOKUP(I227,Feuil1!$G$11:$L$25,4),IF(AND(H227>1999,H227<2002),VLOOKUP(I227,Feuil1!$G$11:$L$25,3),VLOOKUP(I227,Feuil1!$G$11:$L$25,2)))))))","v":"C1 77"},164.57131508724743,null," ",{"$f":"T227-HLOOKUP(X227,Feuil1!$C$1:$BL$10,2,FALSE)","v":35},{"$f":"T227-HLOOKUP(X227,Feuil1!$C$1:$BL$10,3,FALSE)","v":15},{"$f":"T227-HLOOKUP(X227,Feuil1!$C$1:$BL$10,4,FALSE)","v":-5},{"$f":"T227-HLOOKUP(X227,Feuil1!$C$1:$BL$10,5,FALSE)","v":-25},{"$f":"T227-HLOOKUP(X227,Feuil1!$C$1:$BL$10,6,FALSE)","v":-45},{"$f":"T227-HLOOKUP(X227,Feuil1!$C$1:$BL$10,7,FALSE)","v":-60},{"$f":"T227-HLOOKUP(X227,Feuil1!$C$1:$BL$10,8,FALSE)","v":-75},{"$f":"T227-HLOOKUP(X227,Feuil1!$C$1:$BL$10,9,FALSE)","v":-95},{"$f":"T227-HLOOKUP(X227,Feuil1!$C$1:$BL$10,10,FALSE)","v":-875},null,null,null,null,null,null,"DEP +"]
["H","NORD","PIC",11,363994,"POTARD","Valentin",2001,75.3,"Péronne AAEEP","F",47,51,53,53,64,-69,70,70,123,-27.599999999999994,"DEP +",13,{"$f":"IF(I228=\"\",\"\",IF(A228=\"H\",IF(OR(H228=\"SEN\",H228<1995),VLOOKUP(I228,Feuil1!$A$11:$G$29,6),IF(AND(H228>1994,H228<1998),VLOOKUP(I228,Feuil1!$A$11:$G$29,5),IF(AND(H228>1997,H228<2000),VLOOKUP(I228,Feuil1!$A$11:$G$29,4),IF(AND(H228>1999,H228<2002),VLOOKUP(I228,Feuil1!$A$11:$G$29,3),VLOOKUP(I228,Feuil1!$A$11:$G$29,2))))),IF(OR(H228=\"SEN\",H228<1995),VLOOKUP(I228,Feuil1!$G$11:$L$25,6),IF(AND(H228>1994,H228<1998),VLOOKUP(I228,Feuil1!$G$11:$L$25,5),IF(AND(H228>1997,H228<2000),VLOOKUP(I228,Feuil1!$G$11:$L$25,4),IF(AND(H228>1999,H228<2002),VLOOKUP(I228,Feuil1!$G$11:$L$25,3),VLOOKUP(I228,Feuil1!$G$11:$L$25,2)))))))","v":"C1 77"},156.8842422894256,null," ",{"$f":"T228-HLOOKUP(X228,Feuil1!$C$1:$BL$10,2,FALSE)","v":33},{"$f":"T228-HLOOKUP(X228,Feuil1!$C$1:$BL$10,3,FALSE)","v":13},{"$f":"T228-HLOOKUP(X228,Feuil1!$C$1:$BL$10,4,FALSE)","v":-7},{"$f":"T228-HLOOKUP(X228,Feuil1!$C$1:$BL$10,5,FALSE)","v":-27},{"$f":"T228-HLOOKUP(X228,Feuil1!$C$1:$BL$10,6,FALSE)","v":-47},{"$f":"T228-HLOOKUP(X228,Feuil1!$C$1:$BL$10,7,FALSE)","v":-62},{"$f":"T228-HLOOKUP(X228,Feuil1!$C$1:$BL$10,8,FALSE)","v":-77},{"$f":"T228-HLOOKUP(X228,Feuil1!$C$1:$BL$10,9,FALSE)","v":-97},{"$f":"T228-HLOOKUP(X228,Feuil1!$C$1:$BL$10,10,FALSE)","v":-877},null,null,null,null,null,null,"DEP +"]
["H","SEST","AUV",12,332459,"DAUBIGIE","Kévin",2000,73.599999999999994,"CHM AURILLAC",null,43,47,52,52,60,65,70,70,122,-25.199999999999989,"DEP +",12,{"$f":"IF(I229=\"\",\"\",IF(A229=\"H\",IF(OR(H229=\"SEN\",H229<1995),VLOOKUP(I229,Feuil1!$A$11:$G$29,6),IF(AND(H229>1994,H229<1998),VLOOKUP(I229,Feuil1!$A$11:$G$29,5),IF(AND(H229>1997,H229<2000),VLOOKUP(I229,Feuil1!$A$11:$G$29,4),IF(AND(H229>1999,H229<2002),VLOOKUP(I229,Feuil1!$A$11:$G$29,3),VLOOKUP(I229,Feuil1!$A$11:$G$29,2))))),IF(OR(H229=\"SEN\",H229<1995),VLOOKUP(I229,Feuil1!$G$11:$L$25,6),IF(AND(H229>1994,H229<1998),VLOOKUP(I229,Feuil1!$G$11:$L$25,5),IF(AND(H229>1997,H229<2000),VLOOKUP(I229,Feuil1!$G$11:$L$25,4),IF(AND(H229>1999,H229<2002),VLOOKUP(I229,Feuil1!$G$11:$L$25,3),VLOOKUP(I229,Feuil1!$G$11:$L$25,2)))))))","v":"C1 77"},157.70982769789092,null," ",{"$f":"T229-HLOOKUP(X229,Feuil1!$C$1:$BL$10,2,FALSE)","v":32},{"$f":"T229-HLOOKUP(X229,Feuil1!$C$1:$BL$10,3,FALSE)","v":12},{"$f":"T229-HLOOKUP(X229,Feuil1!$C$1:$BL$10,4,FALSE)","v":-8},{"$f":"T229-HLOOKUP(X229,Feuil1!$C$1:$BL$10,5,FALSE)","v":-28},{"$f":"T229-HLOOKUP(X229,Feuil1!$C$1:$BL$10,6,FALSE)","v":-48},{"$f":"T229-HLOOKUP(X229,Feuil1!$C$1:$BL$10,7,FALSE)","v":-63},{"$f":"T229-HLOOKUP(X229,Feuil1!$C$1:$BL$10,8,FALSE)","v":-78},{"$f":"T229-HLOOKUP(X229,Feuil1!$C$1:$BL$10,9,FALSE)","v":-98},{"$f":"T229-HLOOKUP(X229,Feuil1!$C$1:$BL$10,10,FALSE)","v":-878},null,null,null,null,null,null,"DEP +"]
["H","SO","MPY",13,300311,"SAHRAOUI","Lemine",2001,75.2,"TOULOUSE HC","F",43,46,48,48,58,-62,62,62,110,-40.400000000000006,"DEP +",0,{"$f":"IF(I230=\"\",\"\",IF(A230=\"H\",IF(OR(H230=\"SEN\",H230<1995),VLOOKUP(I230,Feuil1!$A$11:$G$29,6),IF(AND(H230>1994,H230<1998),VLOOKUP(I230,Feuil1!$A$11:$G$29,5),IF(AND(H230>1997,H230<2000),VLOOKUP(I230,Feuil1!$A$11:$G$29,4),IF(AND(H230>1999,H230<2002),VLOOKUP(I230,Feuil1!$A$11:$G$29,3),VLOOKUP(I230,Feuil1!$A$11:$G$29,2))))),IF(OR(H230=\"SEN\",H230<1995),VLOOKUP(I230,Feuil1!$G$11:$L$25,6),IF(AND(H230>1994,H230<1998),VLOOKUP(I230,Feuil1!$G$11:$L$25,5),IF(AND(H230>1997,H230<2000),VLOOKUP(I230,Feuil1!$G$11:$L$25,4),IF(AND(H230>1999,H230<2002),VLOOKUP(I230,Feuil1!$G$11:$L$25,3),VLOOKUP(I230,Feuil1!$G$11:$L$25,2)))))))","v":"C1 77"},140.41114770450125,null," ",{"$f":"T230-HLOOKUP(X230,Feuil1!$C$1:$BL$10,2,FALSE)","v":20},{"$f":"T230-HLOOKUP(X230,Feuil1!$C$1:$BL$10,3,FALSE)","v":0},{"$f":"T230-HLOOKUP(X230,Feuil1!$C$1:$BL$10,4,FALSE)","v":-20},{"$f":"T230-HLOOKUP(X230,Feuil1!$C$1:$BL$10,5,FALSE)","v":-40},{"$f":"T230-HLOOKUP(X230,Feuil1!$C$1:$BL$10,6,FALSE)","v":-60},{"$f":"T230-HLOOKUP(X230,Feuil1!$C$1:$BL$10,7,FALSE)","v":-75},{"$f":"T230-HLOOKUP(X230,Feuil1!$C$1:$BL$10,8,FALSE)","v":-90},{"$f":"T230-HLOOKUP(X230,Feuil1!$C$1:$BL$10,9,FALSE)","v":-110},{"$f":"T230-HLOOKUP(X230,Feuil1!$C$1:$BL$10,10,FALSE)","v":-890},null,null,null,null,null,null,"DEP +"]
["H","NE","ALS",14,339324,"CERDAN","TOM",2000,70.7,"US Wittenheim","F",38,42,-45,42,55,60,-65,60,102,-39.400000000000006,"DEB ",12,{"$f":"IF(I231=\"\",\"\",IF(A231=\"H\",IF(OR(H231=\"SEN\",H231<1995),VLOOKUP(I231,Feuil1!$A$11:$G$29,6),IF(AND(H231>1994,H231<1998),VLOOKUP(I231,Feuil1!$A$11:$G$29,5),IF(AND(H231>1997,H231<2000),VLOOKUP(I231,Feuil1!$A$11:$G$29,4),IF(AND(H231>1999,H231<2002),VLOOKUP(I231,Feuil1!$A$11:$G$29,3),VLOOKUP(I231,Feuil1!$A$11:$G$29,2))))),IF(OR(H231=\"SEN\",H231<1995),VLOOKUP(I231,Feuil1!$G$11:$L$25,6),IF(AND(H231>1994,H231<1998),VLOOKUP(I231,Feuil1!$G$11:$L$25,5),IF(AND(H231>1997,H231<2000),VLOOKUP(I231,Feuil1!$G$11:$L$25,4),IF(AND(H231>1999,H231<2002),VLOOKUP(I231,Feuil1!$G$11:$L$25,3),VLOOKUP(I231,Feuil1!$G$11:$L$25,2)))))))","v":"C1 77"},135.12406715306724,null," ",{"$f":"T231-HLOOKUP(X231,Feuil1!$C$1:$BL$10,2,FALSE)","v":12},{"$f":"T231-HLOOKUP(X231,Feuil1!$C$1:$BL$10,3,FALSE)","v":-8},{"$f":"T231-HLOOKUP(X231,Feuil1!$C$1:$BL$10,4,FALSE)","v":-28},{"$f":"T231-HLOOKUP(X231,Feuil1!$C$1:$BL$10,5,FALSE)","v":-48},{"$f":"T231-HLOOKUP(X231,Feuil1!$C$1:$BL$10,6,FALSE)","v":-68},{"$f":"T231-HLOOKUP(X231,Feuil1!$C$1:$BL$10,7,FALSE)","v":-83},{"$f":"T231-HLOOKUP(X231,Feuil1!$C$1:$BL$10,8,FALSE)","v":-98},{"$f":"T231-HLOOKUP(X231,Feuil1!$C$1:$BL$10,9,FALSE)","v":-118},{"$f":"T231-HLOOKUP(X231,Feuil1!$C$1:$BL$10,10,FALSE)","v":-898},null,null,null,null,null,null,"DEB "]
["H","NE","ALS",15,343986,"BASTOS","ANTHONY",2000,69.5,"US Wittenheim","F",-45,45,-47,45,51,54,56,56,101,-38,"DEB ",11,{"$f":"IF(I232=\"\",\"\",IF(A232=\"H\",IF(OR(H232=\"SEN\",H232<1995),VLOOKUP(I232,Feuil1!$A$11:$G$29,6),IF(AND(H232>1994,H232<1998),VLOOKUP(I232,Feuil1!$A$11:$G$29,5),IF(AND(H232>1997,H232<2000),VLOOKUP(I232,Feuil1!$A$11:$G$29,4),IF(AND(H232>1999,H232<2002),VLOOKUP(I232,Feuil1!$A$11:$G$29,3),VLOOKUP(I232,Feuil1!$A$11:$G$29,2))))),IF(OR(H232=\"SEN\",H232<1995),VLOOKUP(I232,Feuil1!$G$11:$L$25,6),IF(AND(H232>1994,H232<1998),VLOOKUP(I232,Feuil1!$G$11:$L$25,5),IF(AND(H232>1997,H232<2000),VLOOKUP(I232,Feuil1!$G$11:$L$25,4),IF(AND(H232>1999,H232<2002),VLOOKUP(I232,Feuil1!$G$11:$L$25,3),VLOOKUP(I232,Feuil1!$G$11:$L$25,2)))))))","v":"C1 77"},135.24749020325405,null," ",{"$f":"T232-HLOOKUP(X232,Feuil1!$C$1:$BL$10,2,FALSE)","v":11},{"$f":"T232-HLOOKUP(X232,Feuil1!$C$1:$BL$10,3,FALSE)","v":-9},{"$f":"T232-HLOOKUP(X232,Feuil1!$C$1:$BL$10,4,FALSE)","v":-29},{"$f":"T232-HLOOKUP(X232,Feuil1!$C$1:$BL$10,5,FALSE)","v":-49},{"$f":"T232-HLOOKUP(X232,Feuil1!$C$1:$BL$10,6,FALSE)","v":-69},{"$f":"T232-HLOOKUP(X232,Feuil1!$C$1:$BL$10,7,FALSE)","v":-84},{"$f":"T232-HLOOKUP(X232,Feuil1!$C$1:$BL$10,8,FALSE)","v":-99},{"$f":"T232-HLOOKUP(X232,Feuil1!$C$1:$BL$10,9,FALSE)","v":-119},{"$f":"T232-HLOOKUP(X232,Feuil1!$C$1:$BL$10,10,FALSE)","v":-899},null,null,null,null,null,null,"DEB "]
["H","SEST","RAL",16,356460,"BLACHE","Valentin",2000,69.099999999999994,"Bourg de Péage","F",35,40,43,43,50,55,-60,55,98,-40.199999999999989,"DEB ",8,{"$f":"IF(I233=\"\",\"\",IF(A233=\"H\",IF(OR(H233=\"SEN\",H233<1995),VLOOKUP(I233,Feuil1!$A$11:$G$29,6),IF(AND(H233>1994,H233<1998),VLOOKUP(I233,Feuil1!$A$11:$G$29,5),IF(AND(H233>1997,H233<2000),VLOOKUP(I233,Feuil1!$A$11:$G$29,4),IF(AND(H233>1999,H233<2002),VLOOKUP(I233,Feuil1!$A$11:$G$29,3),VLOOKUP(I233,Feuil1!$A$11:$G$29,2))))),IF(OR(H233=\"SEN\",H233<1995),VLOOKUP(I233,Feuil1!$G$11:$L$25,6),IF(AND(H233>1994,H233<1998),VLOOKUP(I233,Feuil1!$G$11:$L$25,5),IF(AND(H233>1997,H233<2000),VLOOKUP(I233,Feuil1!$G$11:$L$25,4),IF(AND(H233>1999,H233<2002),VLOOKUP(I233,Feuil1!$G$11:$L$25,3),VLOOKUP(I233,Feuil1!$G$11:$L$25,2)))))))","v":"C1 77"},131.71344333134988,null," ",{"$f":"T233-HLOOKUP(X233,Feuil1!$C$1:$BL$10,2,FALSE)","v":8},{"$f":"T233-HLOOKUP(X233,Feuil1!$C$1:$BL$10,3,FALSE)","v":-12},{"$f":"T233-HLOOKUP(X233,Feuil1!$C$1:$BL$10,4,FALSE)","v":-32},{"$f":"T233-HLOOKUP(X233,Feuil1!$C$1:$BL$10,5,FALSE)","v":-52},{"$f":"T233-HLOOKUP(X233,Feuil1!$C$1:$BL$10,6,FALSE)","v":-72},{"$f":"T233-HLOOKUP(X233,Feuil1!$C$1:$BL$10,7,FALSE)","v":-87},{"$f":"T233-HLOOKUP(X233,Feuil1!$C$1:$BL$10,8,FALSE)","v":-102},{"$f":"T233-HLOOKUP(X233,Feuil1!$C$1:$BL$10,9,FALSE)","v":-122},{"$f":"T233-HLOOKUP(X233,Feuil1!$C$1:$BL$10,10,FALSE)","v":-902},null,null,null,null,null,null,"DEB "]
["H","NE","ALS",17,377281,"MAHAMAT SALEH","BRAHIM",2001,70.900000000000006,"ASPTT Strasbourg","TCD",37,40,43,43,51,-54,54,54,97,-44.800000000000011,"DEB ",7,{"$f":"IF(I234=\"\",\"\",IF(A234=\"H\",IF(OR(H234=\"SEN\",H234<1995),VLOOKUP(I234,Feuil1!$A$11:$G$29,6),IF(AND(H234>1994,H234<1998),VLOOKUP(I234,Feuil1!$A$11:$G$29,5),IF(AND(H234>1997,H234<2000),VLOOKUP(I234,Feuil1!$A$11:$G$29,4),IF(AND(H234>1999,H234<2002),VLOOKUP(I234,Feuil1!$A$11:$G$29,3),VLOOKUP(I234,Feuil1!$A$11:$G$29,2))))),IF(OR(H234=\"SEN\",H234<1995),VLOOKUP(I234,Feuil1!$G$11:$L$25,6),IF(AND(H234>1994,H234<1998),VLOOKUP(I234,Feuil1!$G$11:$L$25,5),IF(AND(H234>1997,H234<2000),VLOOKUP(I234,Feuil1!$G$11:$L$25,4),IF(AND(H234>1999,H234<2002),VLOOKUP(I234,Feuil1!$G$11:$L$25,3),VLOOKUP(I234,Feuil1!$G$11:$L$25,2)))))))","v":"C1 77"},128.27476192441435,null," ",{"$f":"T234-HLOOKUP(X234,Feuil1!$C$1:$BL$10,2,FALSE)","v":7},{"$f":"T234-HLOOKUP(X234,Feuil1!$C$1:$BL$10,3,FALSE)","v":-13},{"$f":"T234-HLOOKUP(X234,Feuil1!$C$1:$BL$10,4,FALSE)","v":-33},{"$f":"T234-HLOOKUP(X234,Feuil1!$C$1:$BL$10,5,FALSE)","v":-53},{"$f":"T234-HLOOKUP(X234,Feuil1!$C$1:$BL$10,6,FALSE)","v":-73},{"$f":"T234-HLOOKUP(X234,Feuil1!$C$1:$BL$10,7,FALSE)","v":-88},{"$f":"T234-HLOOKUP(X234,Feuil1!$C$1:$BL$10,8,FALSE)","v":-103},{"$f":"T234-HLOOKUP(X234,Feuil1!$C$1:$BL$10,9,FALSE)","v":-123},{"$f":"T234-HLOOKUP(X234,Feuil1!$C$1:$BL$10,10,FALSE)","v":-903},null,null,null,null,null,null,"DEB "]
["H","SEST","PRO",18,284851,"SZYSZKA","ROMAIN",2000,69.2,"EEAR MONTEUX",null,30,37,42,42,40,47,53,53,95,-43.400000000000006,"DEB ",5,{"$f":"IF(I235=\"\",\"\",IF(A235=\"H\",IF(OR(H235=\"SEN\",H235<1995),VLOOKUP(I235,Feuil1!$A$11:$G$29,6),IF(AND(H235>1994,H235<1998),VLOOKUP(I235,Feuil1!$A$11:$G$29,5),IF(AND(H235>1997,H235<2000),VLOOKUP(I235,Feuil1!$A$11:$G$29,4),IF(AND(H235>1999,H235<2002),VLOOKUP(I235,Feuil1!$A$11:$G$29,3),VLOOKUP(I235,Feuil1!$A$11:$G$29,2))))),IF(OR(H235=\"SEN\",H235<1995),VLOOKUP(I235,Feuil1!$G$11:$L$25,6),IF(AND(H235>1994,H235<1998),VLOOKUP(I235,Feuil1!$G$11:$L$25,5),IF(AND(H235>1997,H235<2000),VLOOKUP(I235,Feuil1!$G$11:$L$25,4),IF(AND(H235>1999,H235<2002),VLOOKUP(I235,Feuil1!$G$11:$L$25,3),VLOOKUP(I235,Feuil1!$G$11:$L$25,2)))))))","v":"C1 77"},127.5636051205136,null," ",{"$f":"T235-HLOOKUP(X235,Feuil1!$C$1:$BL$10,2,FALSE)","v":5},{"$f":"T235-HLOOKUP(X235,Feuil1!$C$1:$BL$10,3,FALSE)","v":-15},{"$f":"T235-HLOOKUP(X235,Feuil1!$C$1:$BL$10,4,FALSE)","v":-35},{"$f":"T235-HLOOKUP(X235,Feuil1!$C$1:$BL$10,5,FALSE)","v":-55},{"$f":"T235-HLOOKUP(X235,Feuil1!$C$1:$BL$10,6,FALSE)","v":-75},{"$f":"T235-HLOOKUP(X235,Feuil1!$C$1:$BL$10,7,FALSE)","v":-90},{"$f":"T235-HLOOKUP(X235,Feuil1!$C$1:$BL$10,8,FALSE)","v":-105},{"$f":"T235-HLOOKUP(X235,Feuil1!$C$1:$BL$10,9,FALSE)","v":-125},{"$f":"T235-HLOOKUP(X235,Feuil1!$C$1:$BL$10,10,FALSE)","v":-905},null,null,null,null,null,null,"DEB "]
["H","SEST","CAZ",19,372596,"GANDINO","Charly",2000,70.650000000000006,"ASPTT DRAGUIGNAN","F",35,40,-42,40,45,50,53,53,93,-48.300000000000011,"DEB ",3,{"$f":"IF(I236=\"\",\"\",IF(A236=\"H\",IF(OR(H236=\"SEN\",H236<1995),VLOOKUP(I236,Feuil1!$A$11:$G$29,6),IF(AND(H236>1994,H236<1998),VLOOKUP(I236,Feuil1!$A$11:$G$29,5),IF(AND(H236>1997,H236<2000),VLOOKUP(I236,Feuil1!$A$11:$G$29,4),IF(AND(H236>1999,H236<2002),VLOOKUP(I236,Feuil1!$A$11:$G$29,3),VLOOKUP(I236,Feuil1!$A$11:$G$29,2))))),IF(OR(H236=\"SEN\",H236<1995),VLOOKUP(I236,Feuil1!$G$11:$L$25,6),IF(AND(H236>1994,H236<1998),VLOOKUP(I236,Feuil1!$G$11:$L$25,5),IF(AND(H236>1997,H236<2000),VLOOKUP(I236,Feuil1!$G$11:$L$25,4),IF(AND(H236>1999,H236<2002),VLOOKUP(I236,Feuil1!$G$11:$L$25,3),VLOOKUP(I236,Feuil1!$G$11:$L$25,2)))))))","v":"C1 77"},123.25568530857169,null," ",{"$f":"T236-HLOOKUP(X236,Feuil1!$C$1:$BL$10,2,FALSE)","v":3},{"$f":"T236-HLOOKUP(X236,Feuil1!$C$1:$BL$10,3,FALSE)","v":-17},{"$f":"T236-HLOOKUP(X236,Feuil1!$C$1:$BL$10,4,FALSE)","v":-37},{"$f":"T236-HLOOKUP(X236,Feuil1!$C$1:$BL$10,5,FALSE)","v":-57},{"$f":"T236-HLOOKUP(X236,Feuil1!$C$1:$BL$10,6,FALSE)","v":-77},{"$f":"T236-HLOOKUP(X236,Feuil1!$C$1:$BL$10,7,FALSE)","v":-92},{"$f":"T236-HLOOKUP(X236,Feuil1!$C$1:$BL$10,8,FALSE)","v":-107},{"$f":"T236-HLOOKUP(X236,Feuil1!$C$1:$BL$10,9,FALSE)","v":-127},{"$f":"T236-HLOOKUP(X236,Feuil1!$C$1:$BL$10,10,FALSE)","v":-907},null,null,null,null,null,null,"DEB "]
["H","NORD","PIC",20,374913,"QUERTELET","Dylan",2000,76.099999999999994,"La Vaillante Saint Quentin","F",30,33,35,35,40,43,46,46,81,-71.199999999999989,"DEB ",-9,{"$f":"IF(I237=\"\",\"\",IF(A237=\"H\",IF(OR(H237=\"SEN\",H237<1995),VLOOKUP(I237,Feuil1!$A$11:$G$29,6),IF(AND(H237>1994,H237<1998),VLOOKUP(I237,Feuil1!$A$11:$G$29,5),IF(AND(H237>1997,H237<2000),VLOOKUP(I237,Feuil1!$A$11:$G$29,4),IF(AND(H237>1999,H237<2002),VLOOKUP(I237,Feuil1!$A$11:$G$29,3),VLOOKUP(I237,Feuil1!$A$11:$G$29,2))))),IF(OR(H237=\"SEN\",H237<1995),VLOOKUP(I237,Feuil1!$G$11:$L$25,6),IF(AND(H237>1994,H237<1998),VLOOKUP(I237,Feuil1!$G$11:$L$25,5),IF(AND(H237>1997,H237<2000),VLOOKUP(I237,Feuil1!$G$11:$L$25,4),IF(AND(H237>1999,H237<2002),VLOOKUP(I237,Feuil1!$G$11:$L$25,3),VLOOKUP(I237,Feuil1!$G$11:$L$25,2)))))))","v":"C1 77"},102.68722878351748,null," ",{"$f":"T237-HLOOKUP(X237,Feuil1!$C$1:$BL$10,2,FALSE)","v":-9},{"$f":"T237-HLOOKUP(X237,Feuil1!$C$1:$BL$10,3,FALSE)","v":-29},{"$f":"T237-HLOOKUP(X237,Feuil1!$C$1:$BL$10,4,FALSE)","v":-49},{"$f":"T237-HLOOKUP(X237,Feuil1!$C$1:$BL$10,5,FALSE)","v":-69},{"$f":"T237-HLOOKUP(X237,Feuil1!$C$1:$BL$10,6,FALSE)","v":-89},{"$f":"T237-HLOOKUP(X237,Feuil1!$C$1:$BL$10,7,FALSE)","v":-104},{"$f":"T237-HLOOKUP(X237,Feuil1!$C$1:$BL$10,8,FALSE)","v":-119},{"$f":"T237-HLOOKUP(X237,Feuil1!$C$1:$BL$10,9,FALSE)","v":-139},{"$f":"T237-HLOOKUP(X237,Feuil1!$C$1:$BL$10,10,FALSE)","v":-919},null,null,null,null,null,null,"DEB "]
["H","SO","MPY",21,384790,"AMIGO","Guillaume",2000,74.2,"MONTAUBAN HC","F",30,-35,35,35,40,45,-50,45,80,-68.400000000000006,"DEB ",-10,{"$f":"IF(I238=\"\",\"\",IF(A238=\"H\",IF(OR(H238=\"SEN\",H238<1995),VLOOKUP(I238,Feuil1!$A$11:$G$29,6),IF(AND(H238>1994,H238<1998),VLOOKUP(I238,Feuil1!$A$11:$G$29,5),IF(AND(H238>1997,H238<2000),VLOOKUP(I238,Feuil1!$A$11:$G$29,4),IF(AND(H238>1999,H238<2002),VLOOKUP(I238,Feuil1!$A$11:$G$29,3),VLOOKUP(I238,Feuil1!$A$11:$G$29,2))))),IF(OR(H238=\"SEN\",H238<1995),VLOOKUP(I238,Feuil1!$G$11:$L$25,6),IF(AND(H238>1994,H238<1998),VLOOKUP(I238,Feuil1!$G$11:$L$25,5),IF(AND(H238>1997,H238<2000),VLOOKUP(I238,Feuil1!$G$11:$L$25,4),IF(AND(H238>1999,H238<2002),VLOOKUP(I238,Feuil1!$G$11:$L$25,3),VLOOKUP(I238,Feuil1!$G$11:$L$25,2)))))))","v":"C1 77"},102.92005498755157,null," ",{"$f":"T238-HLOOKUP(X238,Feuil1!$C$1:$BL$10,2,FALSE)","v":-10},{"$f":"T238-HLOOKUP(X238,Feuil1!$C$1:$BL$10,3,FALSE)","v":-30},{"$f":"T238-HLOOKUP(X238,Feuil1!$C$1:$BL$10,4,FALSE)","v":-50},{"$f":"T238-HLOOKUP(X238,Feuil1!$C$1:$BL$10,5,FALSE)","v":-70},{"$f":"T238-HLOOKUP(X238,Feuil1!$C$1:$BL$10,6,FALSE)","v":-90},{"$f":"T238-HLOOKUP(X238,Feuil1!$C$1:$BL$10,7,FALSE)","v":-105},{"$f":"T238-HLOOKUP(X238,Feuil1!$C$1:$BL$10,8,FALSE)","v":-120},{"$f":"T238-HLOOKUP(X238,Feuil1!$C$1:$BL$10,9,FALSE)","v":-140},{"$f":"T238-HLOOKUP(X238,Feuil1!$C$1:$BL$10,10,FALSE)","v":-920},null,null,null,null,null,null,"DEB "]
["H","N","IDF",22,396417,"COULAUDOU","HUGO",2000,75.7,"CHAVILLE","F",30,32,35,35,40,42,45,45,80,-71.400000000000006,"DEB ",-10,{"$f":"IF(I239=\"\",\"\",IF(A239=\"H\",IF(OR(H239=\"SEN\",H239<1995),VLOOKUP(I239,Feuil1!$A$11:$G$29,6),IF(AND(H239>1994,H239<1998),VLOOKUP(I239,Feuil1!$A$11:$G$29,5),IF(AND(H239>1997,H239<2000),VLOOKUP(I239,Feuil1!$A$11:$G$29,4),IF(AND(H239>1999,H239<2002),VLOOKUP(I239,Feuil1!$A$11:$G$29,3),VLOOKUP(I239,Feuil1!$A$11:$G$29,2))))),IF(OR(H239=\"SEN\",H239<1995),VLOOKUP(I239,Feuil1!$G$11:$L$25,6),IF(AND(H239>1994,H239<1998),VLOOKUP(I239,Feuil1!$G$11:$L$25,5),IF(AND(H239>1997,H239<2000),VLOOKUP(I239,Feuil1!$G$11:$L$25,4),IF(AND(H239>1999,H239<2002),VLOOKUP(I239,Feuil1!$G$11:$L$25,3),VLOOKUP(I239,Feuil1!$G$11:$L$25,2)))))))","v":"C1 77"},101.72673987380834,null," ",{"$f":"T239-HLOOKUP(X239,Feuil1!$C$1:$BL$10,2,FALSE)","v":-10},{"$f":"T239-HLOOKUP(X239,Feuil1!$C$1:$BL$10,3,FALSE)","v":-30},{"$f":"T239-HLOOKUP(X239,Feuil1!$C$1:$BL$10,4,FALSE)","v":-50},{"$f":"T239-HLOOKUP(X239,Feuil1!$C$1:$BL$10,5,FALSE)","v":-70},{"$f":"T239-HLOOKUP(X239,Feuil1!$C$1:$BL$10,6,FALSE)","v":-90},{"$f":"T239-HLOOKUP(X239,Feuil1!$C$1:$BL$10,7,FALSE)","v":-105},{"$f":"T239-HLOOKUP(X239,Feuil1!$C$1:$BL$10,8,FALSE)","v":-120},{"$f":"T239-HLOOKUP(X239,Feuil1!$C$1:$BL$10,9,FALSE)","v":-140},{"$f":"T239-HLOOKUP(X239,Feuil1!$C$1:$BL$10,10,FALSE)","v":-920},null,null,null,null,null,null,"DEB "]
["H","SEST","RAL",23,285665,"BOULON","Laurent",2000,74,"ST QUENTIN FALLAVIER","F",30,33,35,35,37,40,43,43,78,-70,"DEB ",-12,{"$f":"IF(I240=\"\",\"\",IF(A240=\"H\",IF(OR(H240=\"SEN\",H240<1995),VLOOKUP(I240,Feuil1!$A$11:$G$29,6),IF(AND(H240>1994,H240<1998),VLOOKUP(I240,Feuil1!$A$11:$G$29,5),IF(AND(H240>1997,H240<2000),VLOOKUP(I240,Feuil1!$A$11:$G$29,4),IF(AND(H240>1999,H240<2002),VLOOKUP(I240,Feuil1!$A$11:$G$29,3),VLOOKUP(I240,Feuil1!$A$11:$G$29,2))))),IF(OR(H240=\"SEN\",H240<1995),VLOOKUP(I240,Feuil1!$G$11:$L$25,6),IF(AND(H240>1994,H240<1998),VLOOKUP(I240,Feuil1!$G$11:$L$25,5),IF(AND(H240>1997,H240<2000),VLOOKUP(I240,Feuil1!$G$11:$L$25,4),IF(AND(H240>1999,H240<2002),VLOOKUP(I240,Feuil1!$G$11:$L$25,3),VLOOKUP(I240,Feuil1!$G$11:$L$25,2)))))))","v":"C1 77"},100.50712542874783,null," ",{"$f":"T240-HLOOKUP(X240,Feuil1!$C$1:$BL$10,2,FALSE)","v":-12},{"$f":"T240-HLOOKUP(X240,Feuil1!$C$1:$BL$10,3,FALSE)","v":-32},{"$f":"T240-HLOOKUP(X240,Feuil1!$C$1:$BL$10,4,FALSE)","v":-52},{"$f":"T240-HLOOKUP(X240,Feuil1!$C$1:$BL$10,5,FALSE)","v":-72},{"$f":"T240-HLOOKUP(X240,Feuil1!$C$1:$BL$10,6,FALSE)","v":-92},{"$f":"T240-HLOOKUP(X240,Feuil1!$C$1:$BL$10,7,FALSE)","v":-107},{"$f":"T240-HLOOKUP(X240,Feuil1!$C$1:$BL$10,8,FALSE)","v":-122},{"$f":"T240-HLOOKUP(X240,Feuil1!$C$1:$BL$10,9,FALSE)","v":-142},{"$f":"T240-HLOOKUP(X240,Feuil1!$C$1:$BL$10,10,FALSE)","v":-922},null,null,null,null,null,null,"DEB "]
["H","CO","PDL",24,353572,"DE OLIVEIRA","Ayrton",2001,77,"CJF Laval-Voutré","F",32,35,-37,35,40,-43,43,43,78,-76,"DEB ",-12,{"$f":"IF(I241=\"\",\"\",IF(A241=\"H\",IF(OR(H241=\"SEN\",H241<1995),VLOOKUP(I241,Feuil1!$A$11:$G$29,6),IF(AND(H241>1994,H241<1998),VLOOKUP(I241,Feuil1!$A$11:$G$29,5),IF(AND(H241>1997,H241<2000),VLOOKUP(I241,Feuil1!$A$11:$G$29,4),IF(AND(H241>1999,H241<2002),VLOOKUP(I241,Feuil1!$A$11:$G$29,3),VLOOKUP(I241,Feuil1!$A$11:$G$29,2))))),IF(OR(H241=\"SEN\",H241<1995),VLOOKUP(I241,Feuil1!$G$11:$L$25,6),IF(AND(H241>1994,H241<1998),VLOOKUP(I241,Feuil1!$G$11:$L$25,5),IF(AND(H241>1997,H241<2000),VLOOKUP(I241,Feuil1!$G$11:$L$25,4),IF(AND(H241>1999,H241<2002),VLOOKUP(I241,Feuil1!$G$11:$L$25,3),VLOOKUP(I241,Feuil1!$G$11:$L$25,2)))))))","v":"C1 77"},98.225715913037547,null," ",{"$f":"T241-HLOOKUP(X241,Feuil1!$C$1:$BL$10,2,FALSE)","v":-12},{"$f":"T241-HLOOKUP(X241,Feuil1!$C$1:$BL$10,3,FALSE)","v":-32},{"$f":"T241-HLOOKUP(X241,Feuil1!$C$1:$BL$10,4,FALSE)","v":-52},{"$f":"T241-HLOOKUP(X241,Feuil1!$C$1:$BL$10,5,FALSE)","v":-72},{"$f":"T241-HLOOKUP(X241,Feuil1!$C$1:$BL$10,6,FALSE)","v":-92},{"$f":"T241-HLOOKUP(X241,Feuil1!$C$1:$BL$10,7,FALSE)","v":-107},{"$f":"T241-HLOOKUP(X241,Feuil1!$C$1:$BL$10,8,FALSE)","v":-122},{"$f":"T241-HLOOKUP(X241,Feuil1!$C$1:$BL$10,9,FALSE)","v":-142},{"$f":"T241-HLOOKUP(X241,Feuil1!$C$1:$BL$10,10,FALSE)","v":-922},null,null,null,null,null,null,"DEB "]
["H","N","IDF",25," 383693","BENSEHIL","REDOUANE",2000,71.3,"GENNEVILLIERS","F",30,-35,-35,30,35,40,45,45,75,-67.599999999999994,"DEB ",-15,{"$f":"IF(I242=\"\",\"\",IF(A242=\"H\",IF(OR(H242=\"SEN\",H242<1995),VLOOKUP(I242,Feuil1!$A$11:$G$29,6),IF(AND(H242>1994,H242<1998),VLOOKUP(I242,Feuil1!$A$11:$G$29,5),IF(AND(H242>1997,H242<2000),VLOOKUP(I242,Feuil1!$A$11:$G$29,4),IF(AND(H242>1999,H242<2002),VLOOKUP(I242,Feuil1!$A$11:$G$29,3),VLOOKUP(I242,Feuil1!$A$11:$G$29,2))))),IF(OR(H242=\"SEN\",H242<1995),VLOOKUP(I242,Feuil1!$G$11:$L$25,6),IF(AND(H242>1994,H242<1998),VLOOKUP(I242,Feuil1!$G$11:$L$25,5),IF(AND(H242>1997,H242<2000),VLOOKUP(I242,Feuil1!$G$11:$L$25,4),IF(AND(H242>1999,H242<2002),VLOOKUP(I242,Feuil1!$G$11:$L$25,3),VLOOKUP(I242,Feuil1!$G$11:$L$25,2)))))))","v":"C1 77"},98.836691193424187,null," ",{"$f":"T242-HLOOKUP(X242,Feuil1!$C$1:$BL$10,2,FALSE)","v":-15},{"$f":"T242-HLOOKUP(X242,Feuil1!$C$1:$BL$10,3,FALSE)","v":-35},{"$f":"T242-HLOOKUP(X242,Feuil1!$C$1:$BL$10,4,FALSE)","v":-55},{"$f":"T242-HLOOKUP(X242,Feuil1!$C$1:$BL$10,5,FALSE)","v":-75},{"$f":"T242-HLOOKUP(X242,Feuil1!$C$1:$BL$10,6,FALSE)","v":-95},{"$f":"T242-HLOOKUP(X242,Feuil1!$C$1:$BL$10,7,FALSE)","v":-110},{"$f":"T242-HLOOKUP(X242,Feuil1!$C$1:$BL$10,8,FALSE)","v":-125},{"$f":"T242-HLOOKUP(X242,Feuil1!$C$1:$BL$10,9,FALSE)","v":-145},{"$f":"T242-HLOOKUP(X242,Feuil1!$C$1:$BL$10,10,FALSE)","v":-925},null,null,null,null,null,null,"DEB "]
["H","SEST","PRO",26,315320,"BARTHAS","LUCA",2001,69.2,"EEAR MONTEUX",null,30,33,-36,33,40,-44,null,40,73,-65.400000000000006,"DEB ",-17,{"$f":"IF(I243=\"\",\"\",IF(A243=\"H\",IF(OR(H243=\"SEN\",H243<1995),VLOOKUP(I243,Feuil1!$A$11:$G$29,6),IF(AND(H243>1994,H243<1998),VLOOKUP(I243,Feuil1!$A$11:$G$29,5),IF(AND(H243>1997,H243<2000),VLOOKUP(I243,Feuil1!$A$11:$G$29,4),IF(AND(H243>1999,H243<2002),VLOOKUP(I243,Feuil1!$A$11:$G$29,3),VLOOKUP(I243,Feuil1!$A$11:$G$29,2))))),IF(OR(H243=\"SEN\",H243<1995),VLOOKUP(I243,Feuil1!$G$11:$L$25,6),IF(AND(H243>1994,H243<1998),VLOOKUP(I243,Feuil1!$G$11:$L$25,5),IF(AND(H243>1997,H243<2000),VLOOKUP(I243,Feuil1!$G$11:$L$25,4),IF(AND(H243>1999,H243<2002),VLOOKUP(I243,Feuil1!$G$11:$L$25,3),VLOOKUP(I243,Feuil1!$G$11:$L$25,2)))))))","v":"C1 77"},98.022559724184134,null," ",{"$f":"T243-HLOOKUP(X243,Feuil1!$C$1:$BL$10,2,FALSE)","v":-17},{"$f":"T243-HLOOKUP(X243,Feuil1!$C$1:$BL$10,3,FALSE)","v":-37},{"$f":"T243-HLOOKUP(X243,Feuil1!$C$1:$BL$10,4,FALSE)","v":-57},{"$f":"T243-HLOOKUP(X243,Feuil1!$C$1:$BL$10,5,FALSE)","v":-77},{"$f":"T243-HLOOKUP(X243,Feuil1!$C$1:$BL$10,6,FALSE)","v":-97},{"$f":"T243-HLOOKUP(X243,Feuil1!$C$1:$BL$10,7,FALSE)","v":-112},{"$f":"T243-HLOOKUP(X243,Feuil1!$C$1:$BL$10,8,FALSE)","v":-127},{"$f":"T243-HLOOKUP(X243,Feuil1!$C$1:$BL$10,9,FALSE)","v":-147},{"$f":"T243-HLOOKUP(X243,Feuil1!$C$1:$BL$10,10,FALSE)","v":-927},null,null,null,null,null,null,"DEB "]
["H","CO","CEN",27,388375,"OLIVEIRA","Vincent",2000,70,"CHM Avrais","F",25,30,32,32,30,33,37,37,69,-71,"DEB ",-21,{"$f":"IF(I244=\"\",\"\",IF(A244=\"H\",IF(OR(H244=\"SEN\",H244<1995),VLOOKUP(I244,Feuil1!$A$11:$G$29,6),IF(AND(H244>1994,H244<1998),VLOOKUP(I244,Feuil1!$A$11:$G$29,5),IF(AND(H244>1997,H244<2000),VLOOKUP(I244,Feuil1!$A$11:$G$29,4),IF(AND(H244>1999,H244<2002),VLOOKUP(I244,Feuil1!$A$11:$G$29,3),VLOOKUP(I244,Feuil1!$A$11:$G$29,2))))),IF(OR(H244=\"SEN\",H244<1995),VLOOKUP(I244,Feuil1!$G$11:$L$25,6),IF(AND(H244>1994,H244<1998),VLOOKUP(I244,Feuil1!$G$11:$L$25,5),IF(AND(H244>1997,H244<2000),VLOOKUP(I244,Feuil1!$G$11:$L$25,4),IF(AND(H244>1999,H244<2002),VLOOKUP(I244,Feuil1!$G$11:$L$25,3),VLOOKUP(I244,Feuil1!$G$11:$L$25,2)))))))","v":"C1 77"},91.978953862790988,null," ",{"$f":"T244-HLOOKUP(X244,Feuil1!$C$1:$BL$10,2,FALSE)","v":-21},{"$f":"T244-HLOOKUP(X244,Feuil1!$C$1:$BL$10,3,FALSE)","v":-41},{"$f":"T244-HLOOKUP(X244,Feuil1!$C$1:$BL$10,4,FALSE)","v":-61},{"$f":"T244-HLOOKUP(X244,Feuil1!$C$1:$BL$10,5,FALSE)","v":-81},{"$f":"T244-HLOOKUP(X244,Feuil1!$C$1:$BL$10,6,FALSE)","v":-101},{"$f":"T244-HLOOKUP(X244,Feuil1!$C$1:$BL$10,7,FALSE)","v":-116},{"$f":"T244-HLOOKUP(X244,Feuil1!$C$1:$BL$10,8,FALSE)","v":-131},{"$f":"T244-HLOOKUP(X244,Feuil1!$C$1:$BL$10,9,FALSE)","v":-151},{"$f":"T244-HLOOKUP(X244,Feuil1!$C$1:$BL$10,10,FALSE)","v":-931},null,null,null,null,null,null,"DEB "]
["H","DOM","GUA",28,387921,"MARCHEL","Méalov-Noah",2001,75,"AHCS/Pointois","F",25,30,-33,30,30,35,-38,35,65,-85,"DEB ",-25,{"$f":"IF(I245=\"\",\"\",IF(A245=\"H\",IF(OR(H245=\"SEN\",H245<1995),VLOOKUP(I245,Feuil1!$A$11:$G$29,6),IF(AND(H245>1994,H245<1998),VLOOKUP(I245,Feuil1!$A$11:$G$29,5),IF(AND(H245>1997,H245<2000),VLOOKUP(I245,Feuil1!$A$11:$G$29,4),IF(AND(H245>1999,H245<2002),VLOOKUP(I245,Feuil1!$A$11:$G$29,3),VLOOKUP(I245,Feuil1!$A$11:$G$29,2))))),IF(OR(H245=\"SEN\",H245<1995),VLOOKUP(I245,Feuil1!$G$11:$L$25,6),IF(AND(H245>1994,H245<1998),VLOOKUP(I245,Feuil1!$G$11:$L$25,5),IF(AND(H245>1997,H245<2000),VLOOKUP(I245,Feuil1!$G$11:$L$25,4),IF(AND(H245>1999,H245<2002),VLOOKUP(I245,Feuil1!$G$11:$L$25,3),VLOOKUP(I245,Feuil1!$G$11:$L$25,2)))))))","v":"C1 77"},83.098765647052431,null," ",{"$f":"T245-HLOOKUP(X245,Feuil1!$C$1:$BL$10,2,FALSE)","v":-25},{"$f":"T245-HLOOKUP(X245,Feuil1!$C$1:$BL$10,3,FALSE)","v":-45},{"$f":"T245-HLOOKUP(X245,Feuil1!$C$1:$BL$10,4,FALSE)","v":-65},{"$f":"T245-HLOOKUP(X245,Feuil1!$C$1:$BL$10,5,FALSE)","v":-85},{"$f":"T245-HLOOKUP(X245,Feuil1!$C$1:$BL$10,6,FALSE)","v":-105},{"$f":"T245-HLOOKUP(X245,Feuil1!$C$1:$BL$10,7,FALSE)","v":-120},{"$f":"T245-HLOOKUP(X245,Feuil1!$C$1:$BL$10,8,FALSE)","v":-135},{"$f":"T245-HLOOKUP(X245,Feuil1!$C$1:$BL$10,9,FALSE)","v":-155},{"$f":"T245-HLOOKUP(X245,Feuil1!$C$1:$BL$10,10,FALSE)","v":-935},null,null,null,null,null,null,"DEB "]
["H","NE","LOR",29,366667,"LAMBINÉ","Tristan",2001,76.2,"A.O.C.Pte-ROSSELLE","F",25,28,-30,28,29,31,33,33,61,-91.4,"DEB ",-29,{"$f":"IF(I246=\"\",\"\",IF(A246=\"H\",IF(OR(H246=\"SEN\",H246<1995),VLOOKUP(I246,Feuil1!$A$11:$G$29,6),IF(AND(H246>1994,H246<1998),VLOOKUP(I246,Feuil1!$A$11:$G$29,5),IF(AND(H246>1997,H246<2000),VLOOKUP(I246,Feuil1!$A$11:$G$29,4),IF(AND(H246>1999,H246<2002),VLOOKUP(I246,Feuil1!$A$11:$G$29,3),VLOOKUP(I246,Feuil1!$A$11:$G$29,2))))),IF(OR(H246=\"SEN\",H246<1995),VLOOKUP(I246,Feuil1!$G$11:$L$25,6),IF(AND(H246>1994,H246<1998),VLOOKUP(I246,Feuil1!$G$11:$L$25,5),IF(AND(H246>1997,H246<2000),VLOOKUP(I246,Feuil1!$G$11:$L$25,4),IF(AND(H246>1999,H246<2002),VLOOKUP(I246,Feuil1!$G$11:$L$25,3),VLOOKUP(I246,Feuil1!$G$11:$L$25,2)))))))","v":"C1 77"},77.274320154269176,null," ",{"$f":"T246-HLOOKUP(X246,Feuil1!$C$1:$BL$10,2,FALSE)","v":-29},{"$f":"T246-HLOOKUP(X246,Feuil1!$C$1:$BL$10,3,FALSE)","v":-49},{"$f":"T246-HLOOKUP(X246,Feuil1!$C$1:$BL$10,4,FALSE)","v":-69},{"$f":"T246-HLOOKUP(X246,Feuil1!$C$1:$BL$10,5,FALSE)","v":-89},{"$f":"T246-HLOOKUP(X246,Feuil1!$C$1:$BL$10,6,FALSE)","v":-109},{"$f":"T246-HLOOKUP(X246,Feuil1!$C$1:$BL$10,7,FALSE)","v":-124},{"$f":"T246-HLOOKUP(X246,Feuil1!$C$1:$BL$10,8,FALSE)","v":-139},{"$f":"T246-HLOOKUP(X246,Feuil1!$C$1:$BL$10,9,FALSE)","v":-159},{"$f":"T246-HLOOKUP(X246,Feuil1!$C$1:$BL$10,10,FALSE)","v":-939},null,null,null,null,null,null,"DEB "]
["H","NE","ALS",30,380460,"EDDIB","ABDESLAM",2001,75.8,"SA Koenigshoffen","ESP",20,23,-25,23,25,28,30,30,53,-98.6,"DEB ",-37,{"$f":"IF(I247=\"\",\"\",IF(A247=\"H\",IF(OR(H247=\"SEN\",H247<1995),VLOOKUP(I247,Feuil1!$A$11:$G$29,6),IF(AND(H247>1994,H247<1998),VLOOKUP(I247,Feuil1!$A$11:$G$29,5),IF(AND(H247>1997,H247<2000),VLOOKUP(I247,Feuil1!$A$11:$G$29,4),IF(AND(H247>1999,H247<2002),VLOOKUP(I247,Feuil1!$A$11:$G$29,3),VLOOKUP(I247,Feuil1!$A$11:$G$29,2))))),IF(OR(H247=\"SEN\",H247<1995),VLOOKUP(I247,Feuil1!$G$11:$L$25,6),IF(AND(H247>1994,H247<1998),VLOOKUP(I247,Feuil1!$G$11:$L$25,5),IF(AND(H247>1997,H247<2000),VLOOKUP(I247,Feuil1!$G$11:$L$25,4),IF(AND(H247>1999,H247<2002),VLOOKUP(I247,Feuil1!$G$11:$L$25,3),VLOOKUP(I247,Feuil1!$G$11:$L$25,2)))))))","v":"C1 77"},67.342796492656262,null," ",{"$f":"T247-HLOOKUP(X247,Feuil1!$C$1:$BL$10,2,FALSE)","v":-37},{"$f":"T247-HLOOKUP(X247,Feuil1!$C$1:$BL$10,3,FALSE)","v":-57},{"$f":"T247-HLOOKUP(X247,Feuil1!$C$1:$BL$10,4,FALSE)","v":-77},{"$f":"T247-HLOOKUP(X247,Feuil1!$C$1:$BL$10,5,FALSE)","v":-97},{"$f":"T247-HLOOKUP(X247,Feuil1!$C$1:$BL$10,6,FALSE)","v":-117},{"$f":"T247-HLOOKUP(X247,Feuil1!$C$1:$BL$10,7,FALSE)","v":-132},{"$f":"T247-HLOOKUP(X247,Feuil1!$C$1:$BL$10,8,FALSE)","v":-147},{"$f":"T247-HLOOKUP(X247,Feuil1!$C$1:$BL$10,9,FALSE)","v":-167},{"$f":"T247-HLOOKUP(X247,Feuil1!$C$1:$BL$10,10,FALSE)","v":-947},null,null,null,null,null,null,"DEB "]
["H","CO","PDL",31,366167,"RENOIR ","ERWAN",2001,75.599999999999994,"CJF Laval-Voutré","F",15,17,-19,17,17,20,22,22,39,-112.19999999999999,"DEB ",-51,{"$f":"IF(I248=\"\",\"\",IF(A248=\"H\",IF(OR(H248=\"SEN\",H248<1995),VLOOKUP(I248,Feuil1!$A$11:$G$29,6),IF(AND(H248>1994,H248<1998),VLOOKUP(I248,Feuil1!$A$11:$G$29,5),IF(AND(H248>1997,H248<2000),VLOOKUP(I248,Feuil1!$A$11:$G$29,4),IF(AND(H248>1999,H248<2002),VLOOKUP(I248,Feuil1!$A$11:$G$29,3),VLOOKUP(I248,Feuil1!$A$11:$G$29,2))))),IF(OR(H248=\"SEN\",H248<1995),VLOOKUP(I248,Feuil1!$G$11:$L$25,6),IF(AND(H248>1994,H248<1998),VLOOKUP(I248,Feuil1!$G$11:$L$25,5),IF(AND(H248>1997,H248<2000),VLOOKUP(I248,Feuil1!$G$11:$L$25,4),IF(AND(H248>1999,H248<2002),VLOOKUP(I248,Feuil1!$G$11:$L$25,3),VLOOKUP(I248,Feuil1!$G$11:$L$25,2)))))))","v":"C1 77"},49.629576341861863,null," ",{"$f":"T248-HLOOKUP(X248,Feuil1!$C$1:$BL$10,2,FALSE)","v":-51},{"$f":"T248-HLOOKUP(X248,Feuil1!$C$1:$BL$10,3,FALSE)","v":-71},{"$f":"T248-HLOOKUP(X248,Feuil1!$C$1:$BL$10,4,FALSE)","v":-91},{"$f":"T248-HLOOKUP(X248,Feuil1!$C$1:$BL$10,5,FALSE)","v":-111},{"$f":"T248-HLOOKUP(X248,Feuil1!$C$1:$BL$10,6,FALSE)","v":-131},{"$f":"T248-HLOOKUP(X248,Feuil1!$C$1:$BL$10,7,FALSE)","v":-146},{"$f":"T248-HLOOKUP(X248,Feuil1!$C$1:$BL$10,8,FALSE)","v":-161},{"$f":"T248-HLOOKUP(X248,Feuil1!$C$1:$BL$10,9,FALSE)","v":-181},{"$f":"T248-HLOOKUP(X248,Feuil1!$C$1:$BL$10,10,FALSE)","v":-961},null,null,null,null,null,null,"DEB "]
["H","SO","MPY",32,378622,"SCANDALIATTO","Corentin",2001,70,"FIGEAC HC","F",15,17,-19,17,15,-20,20,20,37,-103,"DEB ",-53,{"$f":"IF(I249=\"\",\"\",IF(A249=\"H\",IF(OR(H249=\"SEN\",H249<1995),VLOOKUP(I249,Feuil1!$A$11:$G$29,6),IF(AND(H249>1994,H249<1998),VLOOKUP(I249,Feuil1!$A$11:$G$29,5),IF(AND(H249>1997,H249<2000),VLOOKUP(I249,Feuil1!$A$11:$G$29,4),IF(AND(H249>1999,H249<2002),VLOOKUP(I249,Feuil1!$A$11:$G$29,3),VLOOKUP(I249,Feuil1!$A$11:$G$29,2))))),IF(OR(H249=\"SEN\",H249<1995),VLOOKUP(I249,Feuil1!$G$11:$L$25,6),IF(AND(H249>1994,H249<1998),VLOOKUP(I249,Feuil1!$G$11:$L$25,5),IF(AND(H249>1997,H249<2000),VLOOKUP(I249,Feuil1!$G$11:$L$25,4),IF(AND(H249>1999,H249<2002),VLOOKUP(I249,Feuil1!$G$11:$L$25,3),VLOOKUP(I249,Feuil1!$G$11:$L$25,2)))))))","v":"C1 77"},49.322047723525607,null," ",{"$f":"T249-HLOOKUP(X249,Feuil1!$C$1:$BL$10,2,FALSE)","v":-53},{"$f":"T249-HLOOKUP(X249,Feuil1!$C$1:$BL$10,3,FALSE)","v":-73},{"$f":"T249-HLOOKUP(X249,Feuil1!$C$1:$BL$10,4,FALSE)","v":-93},{"$f":"T249-HLOOKUP(X249,Feuil1!$C$1:$BL$10,5,FALSE)","v":-113},{"$f":"T249-HLOOKUP(X249,Feuil1!$C$1:$BL$10,6,FALSE)","v":-133},{"$f":"T249-HLOOKUP(X249,Feuil1!$C$1:$BL$10,7,FALSE)","v":-148},{"$f":"T249-HLOOKUP(X249,Feuil1!$C$1:$BL$10,8,FALSE)","v":-163},{"$f":"T249-HLOOKUP(X249,Feuil1!$C$1:$BL$10,9,FALSE)","v":-183},{"$f":"T249-HLOOKUP(X249,Feuil1!$C$1:$BL$10,10,FALSE)","v":-963},null,null,null,null,null,null,"DEB "]
[null,null,null,null,null,null,null,null,null,null,null,null,null,null,null,null,null,null,null,null,null,null,null,null,null,null," ",{"$f":"T250-HLOOKUP(X250,[1]Feuil1!$C$1:$BL$10,2,FALSE)","v":{"$error":"#N/A"}},{"$f":"T250-HLOOKUP(X250,[1]Feuil1!$C$1:$BL$10,3,FALSE)","v":{"$error":"#N/A"}},{"$f":"T250-HLOOKUP(X250,[1]Feuil1!$C$1:$BL$10,4,FALSE)","v":{"$error":"#N/A"}},{"$f":"T250-HLOOKUP(X250,[1]Feuil1!$C$1:$BL$10,5,FALSE)","v":{"$error":"#N/A"}},{"$f":"T250-HLOOKUP(X250,[1]Feuil1!$C$1:$BL$10,6,FALSE)","v":{"$error":"#N/A"}},{"$f":"T250-HLOOKUP(X250,[1]Feuil1!$C$1:$BL$10,7,FALSE)","v":{"$error":"#N/A"}},{"$f":"T250-HLOOKUP(X250,[1]Feuil1!$C$1:$BL$10,8,FALSE)","v":{"$error":"#N/A"}},{"$f":"T250-HLOOKUP(X250,[1]Feuil1!$C$1:$BL$10,9,FALSE)","v":{"$error":"#N/A"}},{"$f":"T250-HLOOKUP(X250,[1]Feuil1!$C$1:$BL$10,10,FALSE)","v":{"$error":"#N/A"}},null,null,null,null,null,null,{"$f":"IF(AJ250>=0,$AJ$4,IF(AI250>=0,$AI$4,IF(AH250>=0,$AH$4,IF(AG250>=0,$AG$4,IF(AF250>=0,$AF$4,IF(AE250>=0,$AE$4,IF(AD250>=0,$AD$4,IF(AC250>=0,$AC$4,$AB$4))))))))","v":{"$error":"#N/A"}}]
["H","NORD","NPC",1,272004,"FRANCHOIS","Kévin",2000,77.349999999999994,"ST POL SUR MER","F",80,85,87,{"$f":"IF(H251=\"\",\"\",IF(MAXA(L251:N251)<=0,0,MAXA(L251:N251)))","v":87},101,106,109,{"$f":"IF(H251=\"\",\"\",IF(MAXA(P251:R251)<=0,0,MAXA(P251:R251)))","v":109},{"$f":"IF(H251=\"\",\"\",IF(OR(O251=0,S251=0),0,O251+S251))","v":196},{"$f":"T251-I251*2","v":41.300000000000011},{"$f":"IF(H251=\"\",\"\",AQ251)","v":"FED +"},{"$f":"IF(AJ251>=0,AJ251,IF(AI251>=0,AI251,IF(AH251>=0,AH251,IF(AG251>=0,AG251,IF(AF251>=0,AF251,IF(AE251>=0,AE251,IF(AD251>=0,AD251,IF(AC251>=0,AC251,AB251))))))))","v":16},{"$f":"IF(I251=\"\",\"\",IF(A251=\"H\",IF(OR(H251=\"SEN\",H251<1995),VLOOKUP(I251,Feuil1!$A$11:$G$29,6),IF(AND(H251>1994,H251<1998),VLOOKUP(I251,Feuil1!$A$11:$G$29,5),IF(AND(H251>1997,H251<2000),VLOOKUP(I251,Feuil1!$A$11:$G$29,4),IF(AND(H251>1999,H251<2002),VLOOKUP(I251,Feuil1!$A$11:$G$29,3),VLOOKUP(I251,Feuil1!$A$11:$G$29,2))))),IF(OR(H251=\"SEN\",H251<1995),VLOOKUP(I251,Feuil1!$G$11:$L$25,6),IF(AND(H251>1994,H251<1998),VLOOKUP(I251,Feuil1!$G$11:$L$25,5),IF(AND(H251>1997,H251<2000),VLOOKUP(I251,Feuil1!$G$11:$L$25,4),IF(AND(H251>1999,H251<2002),VLOOKUP(I251,Feuil1!$G$11:$L$25,3),VLOOKUP(I251,Feuil1!$G$11:$L$25,2)))))))","v":"C1 85"},{"$f":"IF(I251=\"\",\"\",IF(A251=\"H\",10^(0.794358141*LOG(I251/174.393)^2)*T251,IF(A251=\"F\",10^(0.89726074*LOG(I251/148.026)^2)*T251,\"\")))","v":246.19475366813143},null," ",{"$f":"T251-HLOOKUP(X251,Feuil1!$C$1:$BL$10,2,FALSE)","v":96},{"$f":"T251-HLOOKUP(X251,Feuil1!$C$1:$BL$10,3,FALSE)","v":76},{"$f":"T251-HLOOKUP(X251,Feuil1!$C$1:$BL$10,4,FALSE)","v":56},{"$f":"T251-HLOOKUP(X251,Feuil1!$C$1:$BL$10,5,FALSE)","v":36},{"$f":"T251-HLOOKUP(X251,Feuil1!$C$1:$BL$10,6,FALSE)","v":16},{"$f":"T251-HLOOKUP(X251,Feuil1!$C$1:$BL$10,7,FALSE)","v":-4},{"$f":"T251-HLOOKUP(X251,Feuil1!$C$1:$BL$10,8,FALSE)","v":-24},{"$f":"T251-HLOOKUP(X251,Feuil1!$C$1:$BL$10,9,FALSE)","v":-44},{"$f":"T251-HLOOKUP(X251,Feuil1!$C$1:$BL$10,10,FALSE)","v":-9804},null,null,null,null,null,null,{"$f":"IF(AJ251>=0,$AJ$4,IF(AI251>=0,$AI$4,IF(AH251>=0,$AH$4,IF(AG251>=0,$AG$4,IF(AF251>=0,$AF$4,IF(AE251>=0,$AE$4,IF(AD251>=0,$AD$4,IF(AC251>=0,$AC$4,$AB$4))))))))","v":"FED +"}]
["H","NE","ALS",2,326143,"SPIELMANN","ARTHUR",2000,79.2,"SR Obernai HM","F",70,75,80,80,87,92,-97,92,172,13.599999999999994,"IRG +",12,{"$f":"IF(I252=\"\",\"\",IF(A252=\"H\",IF(OR(H252=\"SEN\",H252<1995),VLOOKUP(I252,Feuil1!$A$11:$G$29,6),IF(AND(H252>1994,H252<1998),VLOOKUP(I252,Feuil1!$A$11:$G$29,5),IF(AND(H252>1997,H252<2000),VLOOKUP(I252,Feuil1!$A$11:$G$29,4),IF(AND(H252>1999,H252<2002),VLOOKUP(I252,Feuil1!$A$11:$G$29,3),VLOOKUP(I252,Feuil1!$A$11:$G$29,2))))),IF(OR(H252=\"SEN\",H252<1995),VLOOKUP(I252,Feuil1!$G$11:$L$25,6),IF(AND(H252>1994,H252<1998),VLOOKUP(I252,Feuil1!$G$11:$L$25,5),IF(AND(H252>1997,H252<2000),VLOOKUP(I252,Feuil1!$G$11:$L$25,4),IF(AND(H252>1999,H252<2002),VLOOKUP(I252,Feuil1!$G$11:$L$25,3),VLOOKUP(I252,Feuil1!$G$11:$L$25,2)))))))","v":"C1 85"},213.24410772858013,null," ",{"$f":"T252-HLOOKUP(X252,Feuil1!$C$1:$BL$10,2,FALSE)","v":72},{"$f":"T252-HLOOKUP(X252,Feuil1!$C$1:$BL$10,3,FALSE)","v":52},{"$f":"T252-HLOOKUP(X252,Feuil1!$C$1:$BL$10,4,FALSE)","v":32},{"$f":"T252-HLOOKUP(X252,Feuil1!$C$1:$BL$10,5,FALSE)","v":12},{"$f":"T252-HLOOKUP(X252,Feuil1!$C$1:$BL$10,6,FALSE)","v":-8},{"$f":"T252-HLOOKUP(X252,Feuil1!$C$1:$BL$10,7,FALSE)","v":-28},{"$f":"T252-HLOOKUP(X252,Feuil1!$C$1:$BL$10,8,FALSE)","v":-48},{"$f":"T252-HLOOKUP(X252,Feuil1!$C$1:$BL$10,9,FALSE)","v":-68},{"$f":"T252-HLOOKUP(X252,Feuil1!$C$1:$BL$10,10,FALSE)","v":-9828},null,null,null,null,null,null,"IRG +"]
["H","CO","PDL",3,370720,"IBRAHIMI","RRON",2000,83.3,"CJF LAVAL/VOUTRÉ","Kos",65,70,73,73,80,84,86,86,159,-7.5999999999999943,"REG +",19,{"$f":"IF(I253=\"\",\"\",IF(A253=\"H\",IF(OR(H253=\"SEN\",H253<1995),VLOOKUP(I253,Feuil1!$A$11:$G$29,6),IF(AND(H253>1994,H253<1998),VLOOKUP(I253,Feuil1!$A$11:$G$29,5),IF(AND(H253>1997,H253<2000),VLOOKUP(I253,Feuil1!$A$11:$G$29,4),IF(AND(H253>1999,H253<2002),VLOOKUP(I253,Feuil1!$A$11:$G$29,3),VLOOKUP(I253,Feuil1!$A$11:$G$29,2))))),IF(OR(H253=\"SEN\",H253<1995),VLOOKUP(I253,Feuil1!$G$11:$L$25,6),IF(AND(H253>1994,H253<1998),VLOOKUP(I253,Feuil1!$G$11:$L$25,5),IF(AND(H253>1997,H253<2000),VLOOKUP(I253,Feuil1!$G$11:$L$25,4),IF(AND(H253>1999,H253<2002),VLOOKUP(I253,Feuil1!$G$11:$L$25,3),VLOOKUP(I253,Feuil1!$G$11:$L$25,2)))))))","v":"C1 85"},191.95059333155646,null," ",{"$f":"T253-HLOOKUP(X253,Feuil1!$C$1:$BL$10,2,FALSE)","v":59},{"$f":"T253-HLOOKUP(X253,Feuil1!$C$1:$BL$10,3,FALSE)","v":39},{"$f":"T253-HLOOKUP(X253,Feuil1!$C$1:$BL$10,4,FALSE)","v":19},{"$f":"T253-HLOOKUP(X253,Feuil1!$C$1:$BL$10,5,FALSE)","v":-1},{"$f":"T253-HLOOKUP(X253,Feuil1!$C$1:$BL$10,6,FALSE)","v":-21},{"$f":"T253-HLOOKUP(X253,Feuil1!$C$1:$BL$10,7,FALSE)","v":-41},{"$f":"T253-HLOOKUP(X253,Feuil1!$C$1:$BL$10,8,FALSE)","v":-61},{"$f":"T253-HLOOKUP(X253,Feuil1!$C$1:$BL$10,9,FALSE)","v":-81},{"$f":"T253-HLOOKUP(X253,Feuil1!$C$1:$BL$10,10,FALSE)","v":-9841},null,null,null,null,null,null,"REG +"]
["H","SEST","CAZ",4,363011,"MONTILLET","Alexandre",2000,83.6,"ASPTT DRAGUIGNAN","F",50,-55,-55,50,-72,72,77,77,127,-40.199999999999989,"DEP +",7,{"$f":"IF(I254=\"\",\"\",IF(A254=\"H\",IF(OR(H254=\"SEN\",H254<1995),VLOOKUP(I254,Feuil1!$A$11:$G$29,6),IF(AND(H254>1994,H254<1998),VLOOKUP(I254,Feuil1!$A$11:$G$29,5),IF(AND(H254>1997,H254<2000),VLOOKUP(I254,Feuil1!$A$11:$G$29,4),IF(AND(H254>1999,H254<2002),VLOOKUP(I254,Feuil1!$A$11:$G$29,3),VLOOKUP(I254,Feuil1!$A$11:$G$29,2))))),IF(OR(H254=\"SEN\",H254<1995),VLOOKUP(I254,Feuil1!$G$11:$L$25,6),IF(AND(H254>1994,H254<1998),VLOOKUP(I254,Feuil1!$G$11:$L$25,5),IF(AND(H254>1997,H254<2000),VLOOKUP(I254,Feuil1!$G$11:$L$25,4),IF(AND(H254>1999,H254<2002),VLOOKUP(I254,Feuil1!$G$11:$L$25,3),VLOOKUP(I254,Feuil1!$G$11:$L$25,2)))))))","v":"C1 85"},153.03898023444455,null," ",{"$f":"T254-HLOOKUP(X254,Feuil1!$C$1:$BL$10,2,FALSE)","v":27},{"$f":"T254-HLOOKUP(X254,Feuil1!$C$1:$BL$10,3,FALSE)","v":7},{"$f":"T254-HLOOKUP(X254,Feuil1!$C$1:$BL$10,4,FALSE)","v":-13},{"$f":"T254-HLOOKUP(X254,Feuil1!$C$1:$BL$10,5,FALSE)","v":-33},{"$f":"T254-HLOOKUP(X254,Feuil1!$C$1:$BL$10,6,FALSE)","v":-53},{"$f":"T254-HLOOKUP(X254,Feuil1!$C$1:$BL$10,7,FALSE)","v":-73},{"$f":"T254-HLOOKUP(X254,Feuil1!$C$1:$BL$10,8,FALSE)","v":-93},{"$f":"T254-HLOOKUP(X254,Feuil1!$C$1:$BL$10,9,FALSE)","v":-113},{"$f":"T254-HLOOKUP(X254,Feuil1!$C$1:$BL$10,10,FALSE)","v":-9873},null,null,null,null,null,null,"DEP +"]
["H","NE","LOR",5,304103,"FLAUS","Alexis",2001,82.7,"A.O.C.Pte-ROSSELLE","F",-50,52,55,55,-62,62,66,66,121,-44.400000000000006,"DEP +",1,{"$f":"IF(I255=\"\",\"\",IF(A255=\"H\",IF(OR(H255=\"SEN\",H255<1995),VLOOKUP(I255,Feuil1!$A$11:$G$29,6),IF(AND(H255>1994,H255<1998),VLOOKUP(I255,Feuil1!$A$11:$G$29,5),IF(AND(H255>1997,H255<2000),VLOOKUP(I255,Feuil1!$A$11:$G$29,4),IF(AND(H255>1999,H255<2002),VLOOKUP(I255,Feuil1!$A$11:$G$29,3),VLOOKUP(I255,Feuil1!$A$11:$G$29,2))))),IF(OR(H255=\"SEN\",H255<1995),VLOOKUP(I255,Feuil1!$G$11:$L$25,6),IF(AND(H255>1994,H255<1998),VLOOKUP(I255,Feuil1!$G$11:$L$25,5),IF(AND(H255>1997,H255<2000),VLOOKUP(I255,Feuil1!$G$11:$L$25,4),IF(AND(H255>1999,H255<2002),VLOOKUP(I255,Feuil1!$G$11:$L$25,3),VLOOKUP(I255,Feuil1!$G$11:$L$25,2)))))))","v":"C1 85"},146.6175734616495,null," ",{"$f":"T255-HLOOKUP(X255,Feuil1!$C$1:$BL$10,2,FALSE)","v":21},{"$f":"T255-HLOOKUP(X255,Feuil1!$C$1:$BL$10,3,FALSE)","v":1},{"$f":"T255-HLOOKUP(X255,Feuil1!$C$1:$BL$10,4,FALSE)","v":-19},{"$f":"T255-HLOOKUP(X255,Feuil1!$C$1:$BL$10,5,FALSE)","v":-39},{"$f":"T255-HLOOKUP(X255,Feuil1!$C$1:$BL$10,6,FALSE)","v":-59},{"$f":"T255-HLOOKUP(X255,Feuil1!$C$1:$BL$10,7,FALSE)","v":-79},{"$f":"T255-HLOOKUP(X255,Feuil1!$C$1:$BL$10,8,FALSE)","v":-99},{"$f":"T255-HLOOKUP(X255,Feuil1!$C$1:$BL$10,9,FALSE)","v":-119},{"$f":"T255-HLOOKUP(X255,Feuil1!$C$1:$BL$10,10,FALSE)","v":-9879},null,null,null,null,null,null,"DEP +"]
["H","SEST","RAL",6,367581,"ROBERT","Damien",2000,77.2,"A.C. ST MARCELLIN","F",45,48,51,51,55,60,64,64,115,-39.400000000000006,"DEB ",15,{"$f":"IF(I256=\"\",\"\",IF(A256=\"H\",IF(OR(H256=\"SEN\",H256<1995),VLOOKUP(I256,Feuil1!$A$11:$G$29,6),IF(AND(H256>1994,H256<1998),VLOOKUP(I256,Feuil1!$A$11:$G$29,5),IF(AND(H256>1997,H256<2000),VLOOKUP(I256,Feuil1!$A$11:$G$29,4),IF(AND(H256>1999,H256<2002),VLOOKUP(I256,Feuil1!$A$11:$G$29,3),VLOOKUP(I256,Feuil1!$A$11:$G$29,2))))),IF(OR(H256=\"SEN\",H256<1995),VLOOKUP(I256,Feuil1!$G$11:$L$25,6),IF(AND(H256>1994,H256<1998),VLOOKUP(I256,Feuil1!$G$11:$L$25,5),IF(AND(H256>1997,H256<2000),VLOOKUP(I256,Feuil1!$G$11:$L$25,4),IF(AND(H256>1999,H256<2002),VLOOKUP(I256,Feuil1!$G$11:$L$25,3),VLOOKUP(I256,Feuil1!$G$11:$L$25,2)))))))","v":"C1 85"},144.60855888731709,null," ",{"$f":"T256-HLOOKUP(X256,Feuil1!$C$1:$BL$10,2,FALSE)","v":15},{"$f":"T256-HLOOKUP(X256,Feuil1!$C$1:$BL$10,3,FALSE)","v":-5},{"$f":"T256-HLOOKUP(X256,Feuil1!$C$1:$BL$10,4,FALSE)","v":-25},{"$f":"T256-HLOOKUP(X256,Feuil1!$C$1:$BL$10,5,FALSE)","v":-45},{"$f":"T256-HLOOKUP(X256,Feuil1!$C$1:$BL$10,6,FALSE)","v":-65},{"$f":"T256-HLOOKUP(X256,Feuil1!$C$1:$BL$10,7,FALSE)","v":-85},{"$f":"T256-HLOOKUP(X256,Feuil1!$C$1:$BL$10,8,FALSE)","v":-105},{"$f":"T256-HLOOKUP(X256,Feuil1!$C$1:$BL$10,9,FALSE)","v":-125},{"$f":"T256-HLOOKUP(X256,Feuil1!$C$1:$BL$10,10,FALSE)","v":-9885},null,null,null,null,null,null,"DEB "]
["H","DOM","GUA",7,392887,"SAMSON","Terry",2001,83.6,"AHCS/Pointois","F",40,45,50,50,50,55,-58,55,105,-62.199999999999989,"DEB ",5,{"$f":"IF(I257=\"\",\"\",IF(A257=\"H\",IF(OR(H257=\"SEN\",H257<1995),VLOOKUP(I257,Feuil1!$A$11:$G$29,6),IF(AND(H257>1994,H257<1998),VLOOKUP(I257,Feuil1!$A$11:$G$29,5),IF(AND(H257>1997,H257<2000),VLOOKUP(I257,Feuil1!$A$11:$G$29,4),IF(AND(H257>1999,H257<2002),VLOOKUP(I257,Feuil1!$A$11:$G$29,3),VLOOKUP(I257,Feuil1!$A$11:$G$29,2))))),IF(OR(H257=\"SEN\",H257<1995),VLOOKUP(I257,Feuil1!$G$11:$L$25,6),IF(AND(H257>1994,H257<1998),VLOOKUP(I257,Feuil1!$G$11:$L$25,5),IF(AND(H257>1997,H257<2000),VLOOKUP(I257,Feuil1!$G$11:$L$25,4),IF(AND(H257>1999,H257<2002),VLOOKUP(I257,Feuil1!$G$11:$L$25,3),VLOOKUP(I257,Feuil1!$G$11:$L$25,2)))))))","v":"C1 85"},126.52829074501321,null," ",{"$f":"T257-HLOOKUP(X257,Feuil1!$C$1:$BL$10,2,FALSE)","v":5},{"$f":"T257-HLOOKUP(X257,Feuil1!$C$1:$BL$10,3,FALSE)","v":-15},{"$f":"T257-HLOOKUP(X257,Feuil1!$C$1:$BL$10,4,FALSE)","v":-35},{"$f":"T257-HLOOKUP(X257,Feuil1!$C$1:$BL$10,5,FALSE)","v":-55},{"$f":"T257-HLOOKUP(X257,Feuil1!$C$1:$BL$10,6,FALSE)","v":-75},{"$f":"T257-HLOOKUP(X257,Feuil1!$C$1:$BL$10,7,FALSE)","v":-95},{"$f":"T257-HLOOKUP(X257,Feuil1!$C$1:$BL$10,8,FALSE)","v":-115},{"$f":"T257-HLOOKUP(X257,Feuil1!$C$1:$BL$10,9,FALSE)","v":-135},{"$f":"T257-HLOOKUP(X257,Feuil1!$C$1:$BL$10,10,FALSE)","v":-9895},null,null,null,null,null,null,"DEB "]
["H","CO","PDL",8,353572,"DE OLIVEIRA","AYRTON",2001,84,"CJF LAVAL/VOUTRÉ","F",40,43,45,45,50,53,55,55,100,-68,"DEB ",0,{"$f":"IF(I258=\"\",\"\",IF(A258=\"H\",IF(OR(H258=\"SEN\",H258<1995),VLOOKUP(I258,Feuil1!$A$11:$G$29,6),IF(AND(H258>1994,H258<1998),VLOOKUP(I258,Feuil1!$A$11:$G$29,5),IF(AND(H258>1997,H258<2000),VLOOKUP(I258,Feuil1!$A$11:$G$29,4),IF(AND(H258>1999,H258<2002),VLOOKUP(I258,Feuil1!$A$11:$G$29,3),VLOOKUP(I258,Feuil1!$A$11:$G$29,2))))),IF(OR(H258=\"SEN\",H258<1995),VLOOKUP(I258,Feuil1!$G$11:$L$25,6),IF(AND(H258>1994,H258<1998),VLOOKUP(I258,Feuil1!$G$11:$L$25,5),IF(AND(H258>1997,H258<2000),VLOOKUP(I258,Feuil1!$G$11:$L$25,4),IF(AND(H258>1999,H258<2002),VLOOKUP(I258,Feuil1!$G$11:$L$25,3),VLOOKUP(I258,Feuil1!$G$11:$L$25,2)))))))","v":"C1 85"},120.212627869111,null," ",{"$f":"T258-HLOOKUP(X258,Feuil1!$C$1:$BL$10,2,FALSE)","v":0},{"$f":"T258-HLOOKUP(X258,Feuil1!$C$1:$BL$10,3,FALSE)","v":-20},{"$f":"T258-HLOOKUP(X258,Feuil1!$C$1:$BL$10,4,FALSE)","v":-40},{"$f":"T258-HLOOKUP(X258,Feuil1!$C$1:$BL$10,5,FALSE)","v":-60},{"$f":"T258-HLOOKUP(X258,Feuil1!$C$1:$BL$10,6,FALSE)","v":-80},{"$f":"T258-HLOOKUP(X258,Feuil1!$C$1:$BL$10,7,FALSE)","v":-100},{"$f":"T258-HLOOKUP(X258,Feuil1!$C$1:$BL$10,8,FALSE)","v":-120},{"$f":"T258-HLOOKUP(X258,Feuil1!$C$1:$BL$10,9,FALSE)","v":-140},{"$f":"T258-HLOOKUP(X258,Feuil1!$C$1:$BL$10,10,FALSE)","v":-9900},null,null,null,null,null,null,"DEB "]
["H","NORD","PIC",9,374913,"QUERTELET","Dylan",2000,79.8,"La Vaillante Saint Quentin","F",28,32,35,35,42,47,-52,47,82,-77.599999999999994,"DEB ",-18,{"$f":"IF(I259=\"\",\"\",IF(A259=\"H\",IF(OR(H259=\"SEN\",H259<1995),VLOOKUP(I259,Feuil1!$A$11:$G$29,6),IF(AND(H259>1994,H259<1998),VLOOKUP(I259,Feuil1!$A$11:$G$29,5),IF(AND(H259>1997,H259<2000),VLOOKUP(I259,Feuil1!$A$11:$G$29,4),IF(AND(H259>1999,H259<2002),VLOOKUP(I259,Feuil1!$A$11:$G$29,3),VLOOKUP(I259,Feuil1!$A$11:$G$29,2))))),IF(OR(H259=\"SEN\",H259<1995),VLOOKUP(I259,Feuil1!$G$11:$L$25,6),IF(AND(H259>1994,H259<1998),VLOOKUP(I259,Feuil1!$G$11:$L$25,5),IF(AND(H259>1997,H259<2000),VLOOKUP(I259,Feuil1!$G$11:$L$25,4),IF(AND(H259>1999,H259<2002),VLOOKUP(I259,Feuil1!$G$11:$L$25,3),VLOOKUP(I259,Feuil1!$G$11:$L$25,2)))))))","v":"C1 85"},101.24786622233971,null," ",{"$f":"T259-HLOOKUP(X259,Feuil1!$C$1:$BL$10,2,FALSE)","v":-18},{"$f":"T259-HLOOKUP(X259,Feuil1!$C$1:$BL$10,3,FALSE)","v":-38},{"$f":"T259-HLOOKUP(X259,Feuil1!$C$1:$BL$10,4,FALSE)","v":-58},{"$f":"T259-HLOOKUP(X259,Feuil1!$C$1:$BL$10,5,FALSE)","v":-78},{"$f":"T259-HLOOKUP(X259,Feuil1!$C$1:$BL$10,6,FALSE)","v":-98},{"$f":"T259-HLOOKUP(X259,Feuil1!$C$1:$BL$10,7,FALSE)","v":-118},{"$f":"T259-HLOOKUP(X259,Feuil1!$C$1:$BL$10,8,FALSE)","v":-138},{"$f":"T259-HLOOKUP(X259,Feuil1!$C$1:$BL$10,9,FALSE)","v":-158},{"$f":"T259-HLOOKUP(X259,Feuil1!$C$1:$BL$10,10,FALSE)","v":-9918},null,null,null,null,null,null,"DEB "]
["H","SEST","RAL",10,385865,"NUGUES","Nelson",2000,81.069999999999993,"A.C. ST MARCELLIN","F",-25,27,-30,27,34,36,39,39,66,-96.139999999999986,"DEB ",-34,{"$f":"IF(I260=\"\",\"\",IF(A260=\"H\",IF(OR(H260=\"SEN\",H260<1995),VLOOKUP(I260,Feuil1!$A$11:$G$29,6),IF(AND(H260>1994,H260<1998),VLOOKUP(I260,Feuil1!$A$11:$G$29,5),IF(AND(H260>1997,H260<2000),VLOOKUP(I260,Feuil1!$A$11:$G$29,4),IF(AND(H260>1999,H260<2002),VLOOKUP(I260,Feuil1!$A$11:$G$29,3),VLOOKUP(I260,Feuil1!$A$11:$G$29,2))))),IF(OR(H260=\"SEN\",H260<1995),VLOOKUP(I260,Feuil1!$G$11:$L$25,6),IF(AND(H260>1994,H260<1998),VLOOKUP(I260,Feuil1!$G$11:$L$25,5),IF(AND(H260>1997,H260<2000),VLOOKUP(I260,Feuil1!$G$11:$L$25,4),IF(AND(H260>1999,H260<2002),VLOOKUP(I260,Feuil1!$G$11:$L$25,3),VLOOKUP(I260,Feuil1!$G$11:$L$25,2)))))))","v":"C1 85"},80.808012204682342,null," ",{"$f":"T260-HLOOKUP(X260,Feuil1!$C$1:$BL$10,2,FALSE)","v":-34},{"$f":"T260-HLOOKUP(X260,Feuil1!$C$1:$BL$10,3,FALSE)","v":-54},{"$f":"T260-HLOOKUP(X260,Feuil1!$C$1:$BL$10,4,FALSE)","v":-74},{"$f":"T260-HLOOKUP(X260,Feuil1!$C$1:$BL$10,5,FALSE)","v":-94},{"$f":"T260-HLOOKUP(X260,Feuil1!$C$1:$BL$10,6,FALSE)","v":-114},{"$f":"T260-HLOOKUP(X260,Feuil1!$C$1:$BL$10,7,FALSE)","v":-134},{"$f":"T260-HLOOKUP(X260,Feuil1!$C$1:$BL$10,8,FALSE)","v":-154},{"$f":"T260-HLOOKUP(X260,Feuil1!$C$1:$BL$10,9,FALSE)","v":-174},{"$f":"T260-HLOOKUP(X260,Feuil1!$C$1:$BL$10,10,FALSE)","v":-9934},null,null,null,null,null,null,"DEB "]
["H","CO","PDL",11,378499,"RENOIR","Erwan",2001,84,"CJF LAVAL VOUTRÉ","F",27,29,31,31,32,35,-38,35,66,-102,"DEB ",-34,{"$f":"IF(I261=\"\",\"\",IF(A261=\"H\",IF(OR(H261=\"SEN\",H261<1995),VLOOKUP(I261,Feuil1!$A$11:$G$29,6),IF(AND(H261>1994,H261<1998),VLOOKUP(I261,Feuil1!$A$11:$G$29,5),IF(AND(H261>1997,H261<2000),VLOOKUP(I261,Feuil1!$A$11:$G$29,4),IF(AND(H261>1999,H261<2002),VLOOKUP(I261,Feuil1!$A$11:$G$29,3),VLOOKUP(I261,Feuil1!$A$11:$G$29,2))))),IF(OR(H261=\"SEN\",H261<1995),VLOOKUP(I261,Feuil1!$G$11:$L$25,6),IF(AND(H261>1994,H261<1998),VLOOKUP(I261,Feuil1!$G$11:$L$25,5),IF(AND(H261>1997,H261<2000),VLOOKUP(I261,Feuil1!$G$11:$L$25,4),IF(AND(H261>1999,H261<2002),VLOOKUP(I261,Feuil1!$G$11:$L$25,3),VLOOKUP(I261,Feuil1!$G$11:$L$25,2)))))))","v":"C1 85"},79.340334393613261,null," ",{"$f":"T261-HLOOKUP(X261,Feuil1!$C$1:$BL$10,2,FALSE)","v":-34},{"$f":"T261-HLOOKUP(X261,Feuil1!$C$1:$BL$10,3,FALSE)","v":-54},{"$f":"T261-HLOOKUP(X261,Feuil1!$C$1:$BL$10,4,FALSE)","v":-74},{"$f":"T261-HLOOKUP(X261,Feuil1!$C$1:$BL$10,5,FALSE)","v":-94},{"$f":"T261-HLOOKUP(X261,Feuil1!$C$1:$BL$10,6,FALSE)","v":-114},{"$f":"T261-HLOOKUP(X261,Feuil1!$C$1:$BL$10,7,FALSE)","v":-134},{"$f":"T261-HLOOKUP(X261,Feuil1!$C$1:$BL$10,8,FALSE)","v":-154},{"$f":"T261-HLOOKUP(X261,Feuil1!$C$1:$BL$10,9,FALSE)","v":-174},{"$f":"T261-HLOOKUP(X261,Feuil1!$C$1:$BL$10,10,FALSE)","v":-9934},null,null,null,null,null,null,"DEB "]
["H","CO","BRE",12,378686,"SQUIVIDAN","Sam",2001,83.6,"CHM Plouhinec PR","F",30,-35,-35,30,30,35,-38,35,65,-102.19999999999999,"DEB ",-35,{"$f":"IF(I262=\"\",\"\",IF(A262=\"H\",IF(OR(H262=\"SEN\",H262<1995),VLOOKUP(I262,Feuil1!$A$11:$G$29,6),IF(AND(H262>1994,H262<1998),VLOOKUP(I262,Feuil1!$A$11:$G$29,5),IF(AND(H262>1997,H262<2000),VLOOKUP(I262,Feuil1!$A$11:$G$29,4),IF(AND(H262>1999,H262<2002),VLOOKUP(I262,Feuil1!$A$11:$G$29,3),VLOOKUP(I262,Feuil1!$A$11:$G$29,2))))),IF(OR(H262=\"SEN\",H262<1995),VLOOKUP(I262,Feuil1!$G$11:$L$25,6),IF(AND(H262>1994,H262<1998),VLOOKUP(I262,Feuil1!$G$11:$L$25,5),IF(AND(H262>1997,H262<2000),VLOOKUP(I262,Feuil1!$G$11:$L$25,4),IF(AND(H262>1999,H262<2002),VLOOKUP(I262,Feuil1!$G$11:$L$25,3),VLOOKUP(I262,Feuil1!$G$11:$L$25,2)))))))","v":"C1 85"},78.327037127865324,null," ",{"$f":"T262-HLOOKUP(X262,Feuil1!$C$1:$BL$10,2,FALSE)","v":-35},{"$f":"T262-HLOOKUP(X262,Feuil1!$C$1:$BL$10,3,FALSE)","v":-55},{"$f":"T262-HLOOKUP(X262,Feuil1!$C$1:$BL$10,4,FALSE)","v":-75},{"$f":"T262-HLOOKUP(X262,Feuil1!$C$1:$BL$10,5,FALSE)","v":-95},{"$f":"T262-HLOOKUP(X262,Feuil1!$C$1:$BL$10,6,FALSE)","v":-115},{"$f":"T262-HLOOKUP(X262,Feuil1!$C$1:$BL$10,7,FALSE)","v":-135},{"$f":"T262-HLOOKUP(X262,Feuil1!$C$1:$BL$10,8,FALSE)","v":-155},{"$f":"T262-HLOOKUP(X262,Feuil1!$C$1:$BL$10,9,FALSE)","v":-175},{"$f":"T262-HLOOKUP(X262,Feuil1!$C$1:$BL$10,10,FALSE)","v":-9935},null,null,null,null,null,null,"DEB "]
["H","NORD","NPC",13,382776,"CHEVALIER","Maxime",2001,80.599999999999994,"CHCD COMINES","F",20,23,25,25,30,34,37,37,62,-99.199999999999989,"DEB ",-38,{"$f":"IF(I263=\"\",\"\",IF(A263=\"H\",IF(OR(H263=\"SEN\",H263<1995),VLOOKUP(I263,Feuil1!$A$11:$G$29,6),IF(AND(H263>1994,H263<1998),VLOOKUP(I263,Feuil1!$A$11:$G$29,5),IF(AND(H263>1997,H263<2000),VLOOKUP(I263,Feuil1!$A$11:$G$29,4),IF(AND(H263>1999,H263<2002),VLOOKUP(I263,Feuil1!$A$11:$G$29,3),VLOOKUP(I263,Feuil1!$A$11:$G$29,2))))),IF(OR(H263=\"SEN\",H263<1995),VLOOKUP(I263,Feuil1!$G$11:$L$25,6),IF(AND(H263>1994,H263<1998),VLOOKUP(I263,Feuil1!$G$11:$L$25,5),IF(AND(H263>1997,H263<2000),VLOOKUP(I263,Feuil1!$G$11:$L$25,4),IF(AND(H263>1999,H263<2002),VLOOKUP(I263,Feuil1!$G$11:$L$25,3),VLOOKUP(I263,Feuil1!$G$11:$L$25,2)))))))","v":"C1 85"},76.145074533137205,null," ",{"$f":"T263-HLOOKUP(X263,Feuil1!$C$1:$BL$10,2,FALSE)","v":-38},{"$f":"T263-HLOOKUP(X263,Feuil1!$C$1:$BL$10,3,FALSE)","v":-58},{"$f":"T263-HLOOKUP(X263,Feuil1!$C$1:$BL$10,4,FALSE)","v":-78},{"$f":"T263-HLOOKUP(X263,Feuil1!$C$1:$BL$10,5,FALSE)","v":-98},{"$f":"T263-HLOOKUP(X263,Feuil1!$C$1:$BL$10,6,FALSE)","v":-118},{"$f":"T263-HLOOKUP(X263,Feuil1!$C$1:$BL$10,7,FALSE)","v":-138},{"$f":"T263-HLOOKUP(X263,Feuil1!$C$1:$BL$10,8,FALSE)","v":-158},{"$f":"T263-HLOOKUP(X263,Feuil1!$C$1:$BL$10,9,FALSE)","v":-178},{"$f":"T263-HLOOKUP(X263,Feuil1!$C$1:$BL$10,10,FALSE)","v":-9938},null,null,null,null,null,null,"DEB "]
["H","SEST","PRO",14,381117,"ALLOUCHENE","QUENTIN",2000,77.5," AS SORGUES",null,20,22,25,25,20,25,30,30,55,-100,"DEB ",-45,{"$f":"IF(I264=\"\",\"\",IF(A264=\"H\",IF(OR(H264=\"SEN\",H264<1995),VLOOKUP(I264,Feuil1!$A$11:$G$29,6),IF(AND(H264>1994,H264<1998),VLOOKUP(I264,Feuil1!$A$11:$G$29,5),IF(AND(H264>1997,H264<2000),VLOOKUP(I264,Feuil1!$A$11:$G$29,4),IF(AND(H264>1999,H264<2002),VLOOKUP(I264,Feuil1!$A$11:$G$29,3),VLOOKUP(I264,Feuil1!$A$11:$G$29,2))))),IF(OR(H264=\"SEN\",H264<1995),VLOOKUP(I264,Feuil1!$G$11:$L$25,6),IF(AND(H264>1994,H264<1998),VLOOKUP(I264,Feuil1!$G$11:$L$25,5),IF(AND(H264>1997,H264<2000),VLOOKUP(I264,Feuil1!$G$11:$L$25,4),IF(AND(H264>1999,H264<2002),VLOOKUP(I264,Feuil1!$G$11:$L$25,3),VLOOKUP(I264,Feuil1!$G$11:$L$25,2)))))))","v":"C1 85"},69.010316633431231,null," ",{"$f":"T264-HLOOKUP(X264,Feuil1!$C$1:$BL$10,2,FALSE)","v":-45},{"$f":"T264-HLOOKUP(X264,Feuil1!$C$1:$BL$10,3,FALSE)","v":-65},{"$f":"T264-HLOOKUP(X264,Feuil1!$C$1:$BL$10,4,FALSE)","v":-85},{"$f":"T264-HLOOKUP(X264,Feuil1!$C$1:$BL$10,5,FALSE)","v":-105},{"$f":"T264-HLOOKUP(X264,Feuil1!$C$1:$BL$10,6,FALSE)","v":-125},{"$f":"T264-HLOOKUP(X264,Feuil1!$C$1:$BL$10,7,FALSE)","v":-145},{"$f":"T264-HLOOKUP(X264,Feuil1!$C$1:$BL$10,8,FALSE)","v":-165},{"$f":"T264-HLOOKUP(X264,Feuil1!$C$1:$BL$10,9,FALSE)","v":-185},{"$f":"T264-HLOOKUP(X264,Feuil1!$C$1:$BL$10,10,FALSE)","v":-9945},null,null,null,null,null,null,"DEB "]
["H","NORD","PIC",15,390170,"BARRÉ","Augustin",2001,80.8,"La Vaillante Saint Quentin","F",15,17,19,19,20,23,25,25,44,-117.6,"DEB ",-56,{"$f":"IF(I265=\"\",\"\",IF(A265=\"H\",IF(OR(H265=\"SEN\",H265<1995),VLOOKUP(I265,Feuil1!$A$11:$G$29,6),IF(AND(H265>1994,H265<1998),VLOOKUP(I265,Feuil1!$A$11:$G$29,5),IF(AND(H265>1997,H265<2000),VLOOKUP(I265,Feuil1!$A$11:$G$29,4),IF(AND(H265>1999,H265<2002),VLOOKUP(I265,Feuil1!$A$11:$G$29,3),VLOOKUP(I265,Feuil1!$A$11:$G$29,2))))),IF(OR(H265=\"SEN\",H265<1995),VLOOKUP(I265,Feuil1!$G$11:$L$25,6),IF(AND(H265>1994,H265<1998),VLOOKUP(I265,Feuil1!$G$11:$L$25,5),IF(AND(H265>1997,H265<2000),VLOOKUP(I265,Feuil1!$G$11:$L$25,4),IF(AND(H265>1999,H265<2002),VLOOKUP(I265,Feuil1!$G$11:$L$25,3),VLOOKUP(I265,Feuil1!$G$11:$L$25,2)))))))","v":"C1 85"},53.967282904879447,null," ",{"$f":"T265-HLOOKUP(X265,Feuil1!$C$1:$BL$10,2,FALSE)","v":-56},{"$f":"T265-HLOOKUP(X265,Feuil1!$C$1:$BL$10,3,FALSE)","v":-76},{"$f":"T265-HLOOKUP(X265,Feuil1!$C$1:$BL$10,4,FALSE)","v":-96},{"$f":"T265-HLOOKUP(X265,Feuil1!$C$1:$BL$10,5,FALSE)","v":-116},{"$f":"T265-HLOOKUP(X265,Feuil1!$C$1:$BL$10,6,FALSE)","v":-136},{"$f":"T265-HLOOKUP(X265,Feuil1!$C$1:$BL$10,7,FALSE)","v":-156},{"$f":"T265-HLOOKUP(X265,Feuil1!$C$1:$BL$10,8,FALSE)","v":-176},{"$f":"T265-HLOOKUP(X265,Feuil1!$C$1:$BL$10,9,FALSE)","v":-196},{"$f":"T265-HLOOKUP(X265,Feuil1!$C$1:$BL$10,10,FALSE)","v":-9956},null,null,null,null,null,null,"DEB "]
["H","SO","MPY",16,396426,"BERTIT","Hamza",2001,78.5,"FIGEAC HC","F",12,14,16,16,20,22,24,24,40,-117,"DEB ",-60,{"$f":"IF(I266=\"\",\"\",IF(A266=\"H\",IF(OR(H266=\"SEN\",H266<1995),VLOOKUP(I266,Feuil1!$A$11:$G$29,6),IF(AND(H266>1994,H266<1998),VLOOKUP(I266,Feuil1!$A$11:$G$29,5),IF(AND(H266>1997,H266<2000),VLOOKUP(I266,Feuil1!$A$11:$G$29,4),IF(AND(H266>1999,H266<2002),VLOOKUP(I266,Feuil1!$A$11:$G$29,3),VLOOKUP(I266,Feuil1!$A$11:$G$29,2))))),IF(OR(H266=\"SEN\",H266<1995),VLOOKUP(I266,Feuil1!$G$11:$L$25,6),IF(AND(H266>1994,H266<1998),VLOOKUP(I266,Feuil1!$G$11:$L$25,5),IF(AND(H266>1997,H266<2000),VLOOKUP(I266,Feuil1!$G$11:$L$25,4),IF(AND(H266>1999,H266<2002),VLOOKUP(I266,Feuil1!$G$11:$L$25,3),VLOOKUP(I266,Feuil1!$G$11:$L$25,2)))))))","v":"C1 85"},49.833361215538019,null," ",{"$f":"T266-HLOOKUP(X266,Feuil1!$C$1:$BL$10,2,FALSE)","v":-60},{"$f":"T266-HLOOKUP(X266,Feuil1!$C$1:$BL$10,3,FALSE)","v":-80},{"$f":"T266-HLOOKUP(X266,Feuil1!$C$1:$BL$10,4,FALSE)","v":-100},{"$f":"T266-HLOOKUP(X266,Feuil1!$C$1:$BL$10,5,FALSE)","v":-120},{"$f":"T266-HLOOKUP(X266,Feuil1!$C$1:$BL$10,6,FALSE)","v":-140},{"$f":"T266-HLOOKUP(X266,Feuil1!$C$1:$BL$10,7,FALSE)","v":-160},{"$f":"T266-HLOOKUP(X266,Feuil1!$C$1:$BL$10,8,FALSE)","v":-180},{"$f":"T266-HLOOKUP(X266,Feuil1!$C$1:$BL$10,9,FALSE)","v":-200},{"$f":"T266-HLOOKUP(X266,Feuil1!$C$1:$BL$10,10,FALSE)","v":-9960},null,null,null,null,null,null,"DEB "]
[null,null,null,null,null,null,null,null,null,null,null,null,null,null,null,null,null,null,null,null,null,null,null,null,null,null," ",{"$f":"T267-HLOOKUP(X267,[1]Feuil1!$C$1:$BL$10,2,FALSE)","v":{"$error":"#N/A"}},{"$f":"T267-HLOOKUP(X267,[1]Feuil1!$C$1:$BL$10,3,FALSE)","v":{"$error":"#N/A"}},{"$f":"T267-HLOOKUP(X267,[1]Feuil1!$C$1:$BL$10,4,FALSE)","v":{"$error":"#N/A"}},{"$f":"T267-HLOOKUP(X267,[1]Feuil1!$C$1:$BL$10,5,FALSE)","v":{"$error":"#N/A"}},{"$f":"T267-HLOOKUP(X267,[1]Feuil1!$C$1:$BL$10,6,FALSE)","v":{"$error":"#N/A"}},{"$f":"T267-HLOOKUP(X267,[1]Feuil1!$C$1:$BL$10,7,FALSE)","v":{"$error":"#N/A"}},{"$f":"T267-HLOOKUP(X267,[1]Feuil1!$C$1:$BL$10,8,FALSE)","v":{"$error":"#N/A"}},{"$f":"T267-HLOOKUP(X267,[1]Feuil1!$C$1:$BL$10,9,FALSE)","v":{"$error":"#N/A"}},{"$f":"T267-HLOOKUP(X267,[1]Feuil1!$C$1:$BL$10,10,FALSE)","v":{"$error":"#N/A"}},null,null,null,null,null,null,{"$error":"#N/A"}]
["H","DOM","REU",1,323504,"PATCHIE","TOMMY",2000,90.2,"SCHM St Paul","F",65,70,75,{"$f":"IF(H268=\"\",\"\",IF(MAXA(L268:N268)<=0,0,MAXA(L268:N268)))","v":75},85,90,-95,{"$f":"IF(H268=\"\",\"\",IF(MAXA(P268:R268)<=0,0,MAXA(P268:R268)))","v":90},{"$f":"IF(H268=\"\",\"\",IF(OR(O268=0,S268=0),0,O268+S268))","v":165},{"$f":"T268-I268*2","v":-15.400000000000006},{"$f":"IF(H268=\"\",\"\",AQ268)","v":"IRG +"},{"$f":"IF(AJ268>=0,AJ268,IF(AI268>=0,AI268,IF(AH268>=0,AH268,IF(AG268>=0,AG268,IF(AF268>=0,AF268,IF(AE268>=0,AE268,IF(AD268>=0,AD268,IF(AC268>=0,AC268,AB268))))))))","v":0},{"$f":"IF(I268=\"\",\"\",IF(A268=\"H\",IF(OR(H268=\"SEN\",H268<1995),VLOOKUP(I268,Feuil1!$A$11:$G$29,6),IF(AND(H268>1994,H268<1998),VLOOKUP(I268,Feuil1!$A$11:$G$29,5),IF(AND(H268>1997,H268<2000),VLOOKUP(I268,Feuil1!$A$11:$G$29,4),IF(AND(H268>1999,H268<2002),VLOOKUP(I268,Feuil1!$A$11:$G$29,3),VLOOKUP(I268,Feuil1!$A$11:$G$29,2))))),IF(OR(H268=\"SEN\",H268<1995),VLOOKUP(I268,Feuil1!$G$11:$L$25,6),IF(AND(H268>1994,H268<1998),VLOOKUP(I268,Feuil1!$G$11:$L$25,5),IF(AND(H268>1997,H268<2000),VLOOKUP(I268,Feuil1!$G$11:$L$25,4),IF(AND(H268>1999,H268<2002),VLOOKUP(I268,Feuil1!$G$11:$L$25,3),VLOOKUP(I268,Feuil1!$G$11:$L$25,2)))))))","v":"C1 94"},{"$f":"IF(I268=\"\",\"\",IF(A268=\"H\",10^(0.794358141*LOG(I268/174.393)^2)*T268,IF(A268=\"F\",10^(0.89726074*LOG(I268/148.026)^2)*T268,\"\")))","v":191.69283734783829},null," ",{"$f":"T268-HLOOKUP(X268,Feuil1!$C$1:$BL$10,2,FALSE)","v":55},{"$f":"T268-HLOOKUP(X268,Feuil1!$C$1:$BL$10,3,FALSE)","v":35},{"$f":"T268-HLOOKUP(X268,Feuil1!$C$1:$BL$10,4,FALSE)","v":20},{"$f":"T268-HLOOKUP(X268,Feuil1!$C$1:$BL$10,5,FALSE)","v":0},{"$f":"T268-HLOOKUP(X268,Feuil1!$C$1:$BL$10,6,FALSE)","v":-20},{"$f":"T268-HLOOKUP(X268,Feuil1!$C$1:$BL$10,7,FALSE)","v":-45},{"$f":"T268-HLOOKUP(X268,Feuil1!$C$1:$BL$10,8,FALSE)","v":-60},{"$f":"T268-HLOOKUP(X268,Feuil1!$C$1:$BL$10,9,FALSE)","v":-85},{"$f":"T268-HLOOKUP(X268,Feuil1!$C$1:$BL$10,10,FALSE)","v":-835},null,null,null,null,null,null,{"$f":"IF(AJ268>=0,$AJ$4,IF(AI268>=0,$AI$4,IF(AH268>=0,$AH$4,IF(AG268>=0,$AG$4,IF(AF268>=0,$AF$4,IF(AE268>=0,$AE$4,IF(AD268>=0,$AD$4,IF(AC268>=0,$AC$4,$AB$4))))))))","v":"IRG +"}]
["H","NE","ALS",2,297886,"BOIGEOL","AURELIEN",2000,85.8,"US Wittenheim","F",55,60,65,65,80,85,-88,85,150,-21.599999999999994,"REG +",5,{"$f":"IF(I269=\"\",\"\",IF(A269=\"H\",IF(OR(H269=\"SEN\",H269<1995),VLOOKUP(I269,Feuil1!$A$11:$G$29,6),IF(AND(H269>1994,H269<1998),VLOOKUP(I269,Feuil1!$A$11:$G$29,5),IF(AND(H269>1997,H269<2000),VLOOKUP(I269,Feuil1!$A$11:$G$29,4),IF(AND(H269>1999,H269<2002),VLOOKUP(I269,Feuil1!$A$11:$G$29,3),VLOOKUP(I269,Feuil1!$A$11:$G$29,2))))),IF(OR(H269=\"SEN\",H269<1995),VLOOKUP(I269,Feuil1!$G$11:$L$25,6),IF(AND(H269>1994,H269<1998),VLOOKUP(I269,Feuil1!$G$11:$L$25,5),IF(AND(H269>1997,H269<2000),VLOOKUP(I269,Feuil1!$G$11:$L$25,4),IF(AND(H269>1999,H269<2002),VLOOKUP(I269,Feuil1!$G$11:$L$25,3),VLOOKUP(I269,Feuil1!$G$11:$L$25,2)))))))","v":"C1 94"},178.42992204481172,null," ",{"$f":"T269-HLOOKUP(X269,Feuil1!$C$1:$BL$10,2,FALSE)","v":40},{"$f":"T269-HLOOKUP(X269,Feuil1!$C$1:$BL$10,3,FALSE)","v":20},{"$f":"T269-HLOOKUP(X269,Feuil1!$C$1:$BL$10,4,FALSE)","v":5},{"$f":"T269-HLOOKUP(X269,Feuil1!$C$1:$BL$10,5,FALSE)","v":-15},{"$f":"T269-HLOOKUP(X269,Feuil1!$C$1:$BL$10,6,FALSE)","v":-35},{"$f":"T269-HLOOKUP(X269,Feuil1!$C$1:$BL$10,7,FALSE)","v":-60},{"$f":"T269-HLOOKUP(X269,Feuil1!$C$1:$BL$10,8,FALSE)","v":-75},{"$f":"T269-HLOOKUP(X269,Feuil1!$C$1:$BL$10,9,FALSE)","v":-100},{"$f":"T269-HLOOKUP(X269,Feuil1!$C$1:$BL$10,10,FALSE)","v":-850},null,null,null,null,null,null,"REG +"]
["H","NORD","PIC",3,376368,"KRAUSHAAR","Wilfrid",2000,90.7,"Péronne AAEEP","F",55,-61,61,61,76,-81,81,81,142,-39.400000000000006,"DEP +",12,{"$f":"IF(I270=\"\",\"\",IF(A270=\"H\",IF(OR(H270=\"SEN\",H270<1995),VLOOKUP(I270,Feuil1!$A$11:$G$29,6),IF(AND(H270>1994,H270<1998),VLOOKUP(I270,Feuil1!$A$11:$G$29,5),IF(AND(H270>1997,H270<2000),VLOOKUP(I270,Feuil1!$A$11:$G$29,4),IF(AND(H270>1999,H270<2002),VLOOKUP(I270,Feuil1!$A$11:$G$29,3),VLOOKUP(I270,Feuil1!$A$11:$G$29,2))))),IF(OR(H270=\"SEN\",H270<1995),VLOOKUP(I270,Feuil1!$G$11:$L$25,6),IF(AND(H270>1994,H270<1998),VLOOKUP(I270,Feuil1!$G$11:$L$25,5),IF(AND(H270>1997,H270<2000),VLOOKUP(I270,Feuil1!$G$11:$L$25,4),IF(AND(H270>1999,H270<2002),VLOOKUP(I270,Feuil1!$G$11:$L$25,3),VLOOKUP(I270,Feuil1!$G$11:$L$25,2)))))))","v":"C1 94"},164.55943920542231,null," ",{"$f":"T270-HLOOKUP(X270,Feuil1!$C$1:$BL$10,2,FALSE)","v":32},{"$f":"T270-HLOOKUP(X270,Feuil1!$C$1:$BL$10,3,FALSE)","v":12},{"$f":"T270-HLOOKUP(X270,Feuil1!$C$1:$BL$10,4,FALSE)","v":-3},{"$f":"T270-HLOOKUP(X270,Feuil1!$C$1:$BL$10,5,FALSE)","v":-23},{"$f":"T270-HLOOKUP(X270,Feuil1!$C$1:$BL$10,6,FALSE)","v":-43},{"$f":"T270-HLOOKUP(X270,Feuil1!$C$1:$BL$10,7,FALSE)","v":-68},{"$f":"T270-HLOOKUP(X270,Feuil1!$C$1:$BL$10,8,FALSE)","v":-83},{"$f":"T270-HLOOKUP(X270,Feuil1!$C$1:$BL$10,9,FALSE)","v":-108},{"$f":"T270-HLOOKUP(X270,Feuil1!$C$1:$BL$10,10,FALSE)","v":-858},null,null,null,null,null,null,"DEP +"]
["H","DOM","REU",4,288586,"RICHARD","KENNY",2000,88.12,"SCHM St Paul","F",47,52,-57,52,65,70,75,75,127,-49.240000000000009,"DEB ",17,{"$f":"IF(I271=\"\",\"\",IF(A271=\"H\",IF(OR(H271=\"SEN\",H271<1995),VLOOKUP(I271,Feuil1!$A$11:$G$29,6),IF(AND(H271>1994,H271<1998),VLOOKUP(I271,Feuil1!$A$11:$G$29,5),IF(AND(H271>1997,H271<2000),VLOOKUP(I271,Feuil1!$A$11:$G$29,4),IF(AND(H271>1999,H271<2002),VLOOKUP(I271,Feuil1!$A$11:$G$29,3),VLOOKUP(I271,Feuil1!$A$11:$G$29,2))))),IF(OR(H271=\"SEN\",H271<1995),VLOOKUP(I271,Feuil1!$G$11:$L$25,6),IF(AND(H271>1994,H271<1998),VLOOKUP(I271,Feuil1!$G$11:$L$25,5),IF(AND(H271>1997,H271<2000),VLOOKUP(I271,Feuil1!$G$11:$L$25,4),IF(AND(H271>1999,H271<2002),VLOOKUP(I271,Feuil1!$G$11:$L$25,3),VLOOKUP(I271,Feuil1!$G$11:$L$25,2)))))))","v":"C1 94"},149.14755196922096,null," ",{"$f":"T271-HLOOKUP(X271,Feuil1!$C$1:$BL$10,2,FALSE)","v":17},{"$f":"T271-HLOOKUP(X271,Feuil1!$C$1:$BL$10,3,FALSE)","v":-3},{"$f":"T271-HLOOKUP(X271,Feuil1!$C$1:$BL$10,4,FALSE)","v":-18},{"$f":"T271-HLOOKUP(X271,Feuil1!$C$1:$BL$10,5,FALSE)","v":-38},{"$f":"T271-HLOOKUP(X271,Feuil1!$C$1:$BL$10,6,FALSE)","v":-58},{"$f":"T271-HLOOKUP(X271,Feuil1!$C$1:$BL$10,7,FALSE)","v":-83},{"$f":"T271-HLOOKUP(X271,Feuil1!$C$1:$BL$10,8,FALSE)","v":-98},{"$f":"T271-HLOOKUP(X271,Feuil1!$C$1:$BL$10,9,FALSE)","v":-123},{"$f":"T271-HLOOKUP(X271,Feuil1!$C$1:$BL$10,10,FALSE)","v":-873},null,null,null,null,null,null,"DEB "]
["H","NORD","PIC",5,357297,"MESSE","Gabriel",2001,87,"Villers-Bretonneux KC","F",50,55,57,57,60,65,-68,65,122,-52,"DEB ",12,{"$f":"IF(I272=\"\",\"\",IF(A272=\"H\",IF(OR(H272=\"SEN\",H272<1995),VLOOKUP(I272,Feuil1!$A$11:$G$29,6),IF(AND(H272>1994,H272<1998),VLOOKUP(I272,Feuil1!$A$11:$G$29,5),IF(AND(H272>1997,H272<2000),VLOOKUP(I272,Feuil1!$A$11:$G$29,4),IF(AND(H272>1999,H272<2002),VLOOKUP(I272,Feuil1!$A$11:$G$29,3),VLOOKUP(I272,Feuil1!$A$11:$G$29,2))))),IF(OR(H272=\"SEN\",H272<1995),VLOOKUP(I272,Feuil1!$G$11:$L$25,6),IF(AND(H272>1994,H272<1998),VLOOKUP(I272,Feuil1!$G$11:$L$25,5),IF(AND(H272>1997,H272<2000),VLOOKUP(I272,Feuil1!$G$11:$L$25,4),IF(AND(H272>1999,H272<2002),VLOOKUP(I272,Feuil1!$G$11:$L$25,3),VLOOKUP(I272,Feuil1!$G$11:$L$25,2)))))))","v":"C1 94"},144.1495100917634,null," ",{"$f":"T272-HLOOKUP(X272,Feuil1!$C$1:$BL$10,2,FALSE)","v":12},{"$f":"T272-HLOOKUP(X272,Feuil1!$C$1:$BL$10,3,FALSE)","v":-8},{"$f":"T272-HLOOKUP(X272,Feuil1!$C$1:$BL$10,4,FALSE)","v":-23},{"$f":"T272-HLOOKUP(X272,Feuil1!$C$1:$BL$10,5,FALSE)","v":-43},{"$f":"T272-HLOOKUP(X272,Feuil1!$C$1:$BL$10,6,FALSE)","v":-63},{"$f":"T272-HLOOKUP(X272,Feuil1!$C$1:$BL$10,7,FALSE)","v":-88},{"$f":"T272-HLOOKUP(X272,Feuil1!$C$1:$BL$10,8,FALSE)","v":-103},{"$f":"T272-HLOOKUP(X272,Feuil1!$C$1:$BL$10,9,FALSE)","v":-128},{"$f":"T272-HLOOKUP(X272,Feuil1!$C$1:$BL$10,10,FALSE)","v":-878},null,null,null,null,null,null,"DEB "]
["H","CO","BRE",6,378686,"SQUIVIDAN","Sam",2001,87.9,"CHM Plouhinec PR","F",45,48,51,51,60,-63,-63,60,111,-64.800000000000011,"DEB ",1,{"$f":"IF(I273=\"\",\"\",IF(A273=\"H\",IF(OR(H273=\"SEN\",H273<1995),VLOOKUP(I273,Feuil1!$A$11:$G$29,6),IF(AND(H273>1994,H273<1998),VLOOKUP(I273,Feuil1!$A$11:$G$29,5),IF(AND(H273>1997,H273<2000),VLOOKUP(I273,Feuil1!$A$11:$G$29,4),IF(AND(H273>1999,H273<2002),VLOOKUP(I273,Feuil1!$A$11:$G$29,3),VLOOKUP(I273,Feuil1!$A$11:$G$29,2))))),IF(OR(H273=\"SEN\",H273<1995),VLOOKUP(I273,Feuil1!$G$11:$L$25,6),IF(AND(H273>1994,H273<1998),VLOOKUP(I273,Feuil1!$G$11:$L$25,5),IF(AND(H273>1997,H273<2000),VLOOKUP(I273,Feuil1!$G$11:$L$25,4),IF(AND(H273>1999,H273<2002),VLOOKUP(I273,Feuil1!$G$11:$L$25,3),VLOOKUP(I273,Feuil1!$G$11:$L$25,2)))))))","v":"C1 94"},130.51115348523328,null," ",{"$f":"T273-HLOOKUP(X273,Feuil1!$C$1:$BL$10,2,FALSE)","v":1},{"$f":"T273-HLOOKUP(X273,Feuil1!$C$1:$BL$10,3,FALSE)","v":-19},{"$f":"T273-HLOOKUP(X273,Feuil1!$C$1:$BL$10,4,FALSE)","v":-34},{"$f":"T273-HLOOKUP(X273,Feuil1!$C$1:$BL$10,5,FALSE)","v":-54},{"$f":"T273-HLOOKUP(X273,Feuil1!$C$1:$BL$10,6,FALSE)","v":-74},{"$f":"T273-HLOOKUP(X273,Feuil1!$C$1:$BL$10,7,FALSE)","v":-99},{"$f":"T273-HLOOKUP(X273,Feuil1!$C$1:$BL$10,8,FALSE)","v":-114},{"$f":"T273-HLOOKUP(X273,Feuil1!$C$1:$BL$10,9,FALSE)","v":-139},{"$f":"T273-HLOOKUP(X273,Feuil1!$C$1:$BL$10,10,FALSE)","v":-889},null,null,null,null,null,null,"DEB "]
["H","SEST","RAL",7,326656,"LLORED","Yoan",2001,93.5,"ST QUENTIN FALLAVIER","F",40,43,45,45,52,55,57,57,102,-85,"DEB ",-8,{"$f":"IF(I274=\"\",\"\",IF(A274=\"H\",IF(OR(H274=\"SEN\",H274<1995),VLOOKUP(I274,Feuil1!$A$11:$G$29,6),IF(AND(H274>1994,H274<1998),VLOOKUP(I274,Feuil1!$A$11:$G$29,5),IF(AND(H274>1997,H274<2000),VLOOKUP(I274,Feuil1!$A$11:$G$29,4),IF(AND(H274>1999,H274<2002),VLOOKUP(I274,Feuil1!$A$11:$G$29,3),VLOOKUP(I274,Feuil1!$A$11:$G$29,2))))),IF(OR(H274=\"SEN\",H274<1995),VLOOKUP(I274,Feuil1!$G$11:$L$25,6),IF(AND(H274>1994,H274<1998),VLOOKUP(I274,Feuil1!$G$11:$L$25,5),IF(AND(H274>1997,H274<2000),VLOOKUP(I274,Feuil1!$G$11:$L$25,4),IF(AND(H274>1999,H274<2002),VLOOKUP(I274,Feuil1!$G$11:$L$25,3),VLOOKUP(I274,Feuil1!$G$11:$L$25,2)))))))","v":"C1 94"},116.63181565134663,null," ",{"$f":"T274-HLOOKUP(X274,Feuil1!$C$1:$BL$10,2,FALSE)","v":-8},{"$f":"T274-HLOOKUP(X274,Feuil1!$C$1:$BL$10,3,FALSE)","v":-28},{"$f":"T274-HLOOKUP(X274,Feuil1!$C$1:$BL$10,4,FALSE)","v":-43},{"$f":"T274-HLOOKUP(X274,Feuil1!$C$1:$BL$10,5,FALSE)","v":-63},{"$f":"T274-HLOOKUP(X274,Feuil1!$C$1:$BL$10,6,FALSE)","v":-83},{"$f":"T274-HLOOKUP(X274,Feuil1!$C$1:$BL$10,7,FALSE)","v":-108},{"$f":"T274-HLOOKUP(X274,Feuil1!$C$1:$BL$10,8,FALSE)","v":-123},{"$f":"T274-HLOOKUP(X274,Feuil1!$C$1:$BL$10,9,FALSE)","v":-148},{"$f":"T274-HLOOKUP(X274,Feuil1!$C$1:$BL$10,10,FALSE)","v":-898},null,null,null,null,null,null,"DEB "]
["H","CO","PDL",8,353572,"DE OLIVEIRA","AYRTON",2001,86.5,"CJF LAVAL/VOUTRÉ","F",42,45,46,46,50,-53,53,53,99,-74,"DEB ",-11,{"$f":"IF(I275=\"\",\"\",IF(A275=\"H\",IF(OR(H275=\"SEN\",H275<1995),VLOOKUP(I275,Feuil1!$A$11:$G$29,6),IF(AND(H275>1994,H275<1998),VLOOKUP(I275,Feuil1!$A$11:$G$29,5),IF(AND(H275>1997,H275<2000),VLOOKUP(I275,Feuil1!$A$11:$G$29,4),IF(AND(H275>1999,H275<2002),VLOOKUP(I275,Feuil1!$A$11:$G$29,3),VLOOKUP(I275,Feuil1!$A$11:$G$29,2))))),IF(OR(H275=\"SEN\",H275<1995),VLOOKUP(I275,Feuil1!$G$11:$L$25,6),IF(AND(H275>1994,H275<1998),VLOOKUP(I275,Feuil1!$G$11:$L$25,5),IF(AND(H275>1997,H275<2000),VLOOKUP(I275,Feuil1!$G$11:$L$25,4),IF(AND(H275>1999,H275<2002),VLOOKUP(I275,Feuil1!$G$11:$L$25,3),VLOOKUP(I275,Feuil1!$G$11:$L$25,2)))))))","v":"C1 94"},117.29906238704334,null," ",{"$f":"T275-HLOOKUP(X275,Feuil1!$C$1:$BL$10,2,FALSE)","v":-11},{"$f":"T275-HLOOKUP(X275,Feuil1!$C$1:$BL$10,3,FALSE)","v":-31},{"$f":"T275-HLOOKUP(X275,Feuil1!$C$1:$BL$10,4,FALSE)","v":-46},{"$f":"T275-HLOOKUP(X275,Feuil1!$C$1:$BL$10,5,FALSE)","v":-66},{"$f":"T275-HLOOKUP(X275,Feuil1!$C$1:$BL$10,6,FALSE)","v":-86},{"$f":"T275-HLOOKUP(X275,Feuil1!$C$1:$BL$10,7,FALSE)","v":-111},{"$f":"T275-HLOOKUP(X275,Feuil1!$C$1:$BL$10,8,FALSE)","v":-126},{"$f":"T275-HLOOKUP(X275,Feuil1!$C$1:$BL$10,9,FALSE)","v":-151},{"$f":"T275-HLOOKUP(X275,Feuil1!$C$1:$BL$10,10,FALSE)","v":-901},null,null,null,null,null,null,"DEB "]
[null,null,null,null,null,null,null,null,null,null,null,null,null,null,null,null,null,null,null,null,null,null,null,null,null,null," ",{"$f":"T276-HLOOKUP(X276,[1]Feuil1!$C$1:$BL$10,2,FALSE)","v":{"$error":"#N/A"}},{"$f":"T276-HLOOKUP(X276,[1]Feuil1!$C$1:$BL$10,3,FALSE)","v":{"$error":"#N/A"}},{"$f":"T276-HLOOKUP(X276,[1]Feuil1!$C$1:$BL$10,4,FALSE)","v":{"$error":"#N/A"}},{"$f":"T276-HLOOKUP(X276,[1]Feuil1!$C$1:$BL$10,5,FALSE)","v":{"$error":"#N/A"}},{"$f":"T276-HLOOKUP(X276,[1]Feuil1!$C$1:$BL$10,6,FALSE)","v":{"$error":"#N/A"}},{"$f":"T276-HLOOKUP(X276,[1]Feuil1!$C$1:$BL$10,7,FALSE)","v":{"$error":"#N/A"}},{"$f":"T276-HLOOKUP(X276,[1]Feuil1!$C$1:$BL$10,8,FALSE)","v":{"$error":"#N/A"}},{"$f":"T276-HLOOKUP(X276,[1]Feuil1!$C$1:$BL$10,9,FALSE)","v":{"$error":"#N/A"}},{"$f":"T276-HLOOKUP(X276,[1]Feuil1!$C$1:$BL$10,10,FALSE)","v":{"$error":"#N/A"}},null,null,null,null,null,null,{"$f":"IF(AJ276>=0,$AJ$4,IF(AI276>=0,$AI$4,IF(AH276>=0,$AH$4,IF(AG276>=0,$AG$4,IF(AF276>=0,$AF$4,IF(AE276>=0,$AE$4,IF(AD276>=0,$AD$4,IF(AC276>=0,$AC$4,$AB$4))))))))","v":{"$error":"#N/A"}}]
["H","DOM","REU",1,325488,"ROUGET","LOUCHIANO",2001,104,"LES DEUX PETITS NANOS","F",65,70,75,{"$f":"IF(H277=\"\",\"\",IF(MAXA(L277:N277)<=0,0,MAXA(L277:N277)))","v":75},85,90,-93,{"$f":"IF(H277=\"\",\"\",IF(MAXA(P277:R277)<=0,0,MAXA(P277:R277)))","v":90},{"$f":"IF(H277=\"\",\"\",IF(OR(O277=0,S277=0),0,O277+S277))","v":165},{"$f":"T277-I277*2","v":-43},{"$f":"IF(H277=\"\",\"\",AQ277)","v":"REG +"},{"$f":"IF(AJ277>=0,AJ277,IF(AI277>=0,AI277,IF(AH277>=0,AH277,IF(AG277>=0,AG277,IF(AF277>=0,AF277,IF(AE277>=0,AE277,IF(AD277>=0,AD277,IF(AC277>=0,AC277,AB277))))))))","v":10},{"$f":"IF(I277=\"\",\"\",IF(A277=\"H\",IF(OR(H277=\"SEN\",H277<1995),VLOOKUP(I277,Feuil1!$A$11:$G$29,6),IF(AND(H277>1994,H277<1998),VLOOKUP(I277,Feuil1!$A$11:$G$29,5),IF(AND(H277>1997,H277<2000),VLOOKUP(I277,Feuil1!$A$11:$G$29,4),IF(AND(H277>1999,H277<2002),VLOOKUP(I277,Feuil1!$A$11:$G$29,3),VLOOKUP(I277,Feuil1!$A$11:$G$29,2))))),IF(OR(H277=\"SEN\",H277<1995),VLOOKUP(I277,Feuil1!$G$11:$L$25,6),IF(AND(H277>1994,H277<1998),VLOOKUP(I277,Feuil1!$G$11:$L$25,5),IF(AND(H277>1997,H277<2000),VLOOKUP(I277,Feuil1!$G$11:$L$25,4),IF(AND(H277>1999,H277<2002),VLOOKUP(I277,Feuil1!$G$11:$L$25,3),VLOOKUP(I277,Feuil1!$G$11:$L$25,2)))))))","v":"C1 +94"},{"$f":"IF(I277=\"\",\"\",IF(A277=\"H\",10^(0.794358141*LOG(I277/174.393)^2)*T277,IF(A277=\"F\",10^(0.89726074*LOG(I277/148.026)^2)*T277,\"\")))","v":180.93319940978159},null," ",{"$f":"T277-HLOOKUP(X277,Feuil1!$C$1:$BL$10,2,FALSE)","v":45},{"$f":"T277-HLOOKUP(X277,Feuil1!$C$1:$BL$10,3,FALSE)","v":25},{"$f":"T277-HLOOKUP(X277,Feuil1!$C$1:$BL$10,4,FALSE)","v":10},{"$f":"T277-HLOOKUP(X277,Feuil1!$C$1:$BL$10,5,FALSE)","v":-10},{"$f":"T277-HLOOKUP(X277,Feuil1!$C$1:$BL$10,6,FALSE)","v":-30},{"$f":"T277-HLOOKUP(X277,Feuil1!$C$1:$BL$10,7,FALSE)","v":-55},{"$f":"T277-HLOOKUP(X277,Feuil1!$C$1:$BL$10,8,FALSE)","v":-70},{"$f":"T277-HLOOKUP(X277,Feuil1!$C$1:$BL$10,9,FALSE)","v":-95},{"$f":"T277-HLOOKUP(X277,Feuil1!$C$1:$BL$10,10,FALSE)","v":-835},null,null,null,null,null,null,{"$f":"IF(AJ277>=0,$AJ$4,IF(AI277>=0,$AI$4,IF(AH277>=0,$AH$4,IF(AG277>=0,$AG$4,IF(AF277>=0,$AF$4,IF(AE277>=0,$AE$4,IF(AD277>=0,$AD$4,IF(AC277>=0,$AC$4,$AB$4))))))))","v":"REG +"}]
["H","CO","PDL",2,366740,"RIBOT","BAPTISTE",2000,107.3,"CJF Laval-Voutré","F",62,64,-66,64,75,80,82,82,146,-68.599999999999994,"DEP +",6,{"$f":"IF(I278=\"\",\"\",IF(A278=\"H\",IF(OR(H278=\"SEN\",H278<1995),VLOOKUP(I278,Feuil1!$A$11:$G$29,6),IF(AND(H278>1994,H278<1998),VLOOKUP(I278,Feuil1!$A$11:$G$29,5),IF(AND(H278>1997,H278<2000),VLOOKUP(I278,Feuil1!$A$11:$G$29,4),IF(AND(H278>1999,H278<2002),VLOOKUP(I278,Feuil1!$A$11:$G$29,3),VLOOKUP(I278,Feuil1!$A$11:$G$29,2))))),IF(OR(H278=\"SEN\",H278<1995),VLOOKUP(I278,Feuil1!$G$11:$L$25,6),IF(AND(H278>1994,H278<1998),VLOOKUP(I278,Feuil1!$G$11:$L$25,5),IF(AND(H278>1997,H278<2000),VLOOKUP(I278,Feuil1!$G$11:$L$25,4),IF(AND(H278>1999,H278<2002),VLOOKUP(I278,Feuil1!$G$11:$L$25,3),VLOOKUP(I278,Feuil1!$G$11:$L$25,2)))))))","v":"C1 +94"},158.37797561423551,null," ",{"$f":"T278-HLOOKUP(X278,Feuil1!$C$1:$BL$10,2,FALSE)","v":26},{"$f":"T278-HLOOKUP(X278,Feuil1!$C$1:$BL$10,3,FALSE)","v":6},{"$f":"T278-HLOOKUP(X278,Feuil1!$C$1:$BL$10,4,FALSE)","v":-9},{"$f":"T278-HLOOKUP(X278,Feuil1!$C$1:$BL$10,5,FALSE)","v":-29},{"$f":"T278-HLOOKUP(X278,Feuil1!$C$1:$BL$10,6,FALSE)","v":-49},{"$f":"T278-HLOOKUP(X278,Feuil1!$C$1:$BL$10,7,FALSE)","v":-74},{"$f":"T278-HLOOKUP(X278,Feuil1!$C$1:$BL$10,8,FALSE)","v":-89},{"$f":"T278-HLOOKUP(X278,Feuil1!$C$1:$BL$10,9,FALSE)","v":-114},{"$f":"T278-HLOOKUP(X278,Feuil1!$C$1:$BL$10,10,FALSE)","v":-854},null,null,null,null,null,null,"DEP +"]
["H","CO","BNO",3,376347,"DUCHEMIN","ISMAEL",2001,102.3,"Caen CHM","F",50,54,58,58,60,65,70,70,128,-76.599999999999994,"DEB ",8,{"$f":"IF(I279=\"\",\"\",IF(A279=\"H\",IF(OR(H279=\"SEN\",H279<1995),VLOOKUP(I279,Feuil1!$A$11:$G$29,6),IF(AND(H279>1994,H279<1998),VLOOKUP(I279,Feuil1!$A$11:$G$29,5),IF(AND(H279>1997,H279<2000),VLOOKUP(I279,Feuil1!$A$11:$G$29,4),IF(AND(H279>1999,H279<2002),VLOOKUP(I279,Feuil1!$A$11:$G$29,3),VLOOKUP(I279,Feuil1!$A$11:$G$29,2))))),IF(OR(H279=\"SEN\",H279<1995),VLOOKUP(I279,Feuil1!$G$11:$L$25,6),IF(AND(H279>1994,H279<1998),VLOOKUP(I279,Feuil1!$G$11:$L$25,5),IF(AND(H279>1997,H279<2000),VLOOKUP(I279,Feuil1!$G$11:$L$25,4),IF(AND(H279>1999,H279<2002),VLOOKUP(I279,Feuil1!$G$11:$L$25,3),VLOOKUP(I279,Feuil1!$G$11:$L$25,2)))))))","v":"C1 +94"},141.20102605758285,null," ",{"$f":"T279-HLOOKUP(X279,Feuil1!$C$1:$BL$10,2,FALSE)","v":8},{"$f":"T279-HLOOKUP(X279,Feuil1!$C$1:$BL$10,3,FALSE)","v":-12},{"$f":"T279-HLOOKUP(X279,Feuil1!$C$1:$BL$10,4,FALSE)","v":-27},{"$f":"T279-HLOOKUP(X279,Feuil1!$C$1:$BL$10,5,FALSE)","v":-47},{"$f":"T279-HLOOKUP(X279,Feuil1!$C$1:$BL$10,6,FALSE)","v":-67},{"$f":"T279-HLOOKUP(X279,Feuil1!$C$1:$BL$10,7,FALSE)","v":-92},{"$f":"T279-HLOOKUP(X279,Feuil1!$C$1:$BL$10,8,FALSE)","v":-107},{"$f":"T279-HLOOKUP(X279,Feuil1!$C$1:$BL$10,9,FALSE)","v":-132},{"$f":"T279-HLOOKUP(X279,Feuil1!$C$1:$BL$10,10,FALSE)","v":-872},null,null,null,null,null,null,"DEB "]
["H","DOM","GUA",4,363271,"PHAM","Kenji",2000,96.4,"AHCS/Pointois","F",50,55,-60,55,65,70,-75,70,125,-67.800000000000011,"DEB ",5,{"$f":"IF(I280=\"\",\"\",IF(A280=\"H\",IF(OR(H280=\"SEN\",H280<1995),VLOOKUP(I280,Feuil1!$A$11:$G$29,6),IF(AND(H280>1994,H280<1998),VLOOKUP(I280,Feuil1!$A$11:$G$29,5),IF(AND(H280>1997,H280<2000),VLOOKUP(I280,Feuil1!$A$11:$G$29,4),IF(AND(H280>1999,H280<2002),VLOOKUP(I280,Feuil1!$A$11:$G$29,3),VLOOKUP(I280,Feuil1!$A$11:$G$29,2))))),IF(OR(H280=\"SEN\",H280<1995),VLOOKUP(I280,Feuil1!$G$11:$L$25,6),IF(AND(H280>1994,H280<1998),VLOOKUP(I280,Feuil1!$G$11:$L$25,5),IF(AND(H280>1997,H280<2000),VLOOKUP(I280,Feuil1!$G$11:$L$25,4),IF(AND(H280>1999,H280<2002),VLOOKUP(I280,Feuil1!$G$11:$L$25,3),VLOOKUP(I280,Feuil1!$G$11:$L$25,2)))))))","v":"C1 +94"},141.11113786123568,null," ",{"$f":"T280-HLOOKUP(X280,Feuil1!$C$1:$BL$10,2,FALSE)","v":5},{"$f":"T280-HLOOKUP(X280,Feuil1!$C$1:$BL$10,3,FALSE)","v":-15},{"$f":"T280-HLOOKUP(X280,Feuil1!$C$1:$BL$10,4,FALSE)","v":-30},{"$f":"T280-HLOOKUP(X280,Feuil1!$C$1:$BL$10,5,FALSE)","v":-50},{"$f":"T280-HLOOKUP(X280,Feuil1!$C$1:$BL$10,6,FALSE)","v":-70},{"$f":"T280-HLOOKUP(X280,Feuil1!$C$1:$BL$10,7,FALSE)","v":-95},{"$f":"T280-HLOOKUP(X280,Feuil1!$C$1:$BL$10,8,FALSE)","v":-110},{"$f":"T280-HLOOKUP(X280,Feuil1!$C$1:$BL$10,9,FALSE)","v":-135},{"$f":"T280-HLOOKUP(X280,Feuil1!$C$1:$BL$10,10,FALSE)","v":-875},null,null,null,null,null,null,"DEB "]
["H","CO","CEN",5,311668,"FONTENELLE","Thomas",2000,115.6,"CHM Avrais","F",46,50,-55,50,60,63,70,70,120,-111.19999999999999,"DEB ",0,{"$f":"IF(I281=\"\",\"\",IF(A281=\"H\",IF(OR(H281=\"SEN\",H281<1995),VLOOKUP(I281,Feuil1!$A$11:$G$29,6),IF(AND(H281>1994,H281<1998),VLOOKUP(I281,Feuil1!$A$11:$G$29,5),IF(AND(H281>1997,H281<2000),VLOOKUP(I281,Feuil1!$A$11:$G$29,4),IF(AND(H281>1999,H281<2002),VLOOKUP(I281,Feuil1!$A$11:$G$29,3),VLOOKUP(I281,Feuil1!$A$11:$G$29,2))))),IF(OR(H281=\"SEN\",H281<1995),VLOOKUP(I281,Feuil1!$G$11:$L$25,6),IF(AND(H281>1994,H281<1998),VLOOKUP(I281,Feuil1!$G$11:$L$25,5),IF(AND(H281>1997,H281<2000),VLOOKUP(I281,Feuil1!$G$11:$L$25,4),IF(AND(H281>1999,H281<2002),VLOOKUP(I281,Feuil1!$G$11:$L$25,3),VLOOKUP(I281,Feuil1!$G$11:$L$25,2)))))))","v":"C1 +94"},127.20713845749174,null," ",{"$f":"T281-HLOOKUP(X281,Feuil1!$C$1:$BL$10,2,FALSE)","v":0},{"$f":"T281-HLOOKUP(X281,Feuil1!$C$1:$BL$10,3,FALSE)","v":-20},{"$f":"T281-HLOOKUP(X281,Feuil1!$C$1:$BL$10,4,FALSE)","v":-35},{"$f":"T281-HLOOKUP(X281,Feuil1!$C$1:$BL$10,5,FALSE)","v":-55},{"$f":"T281-HLOOKUP(X281,Feuil1!$C$1:$BL$10,6,FALSE)","v":-75},{"$f":"T281-HLOOKUP(X281,Feuil1!$C$1:$BL$10,7,FALSE)","v":-100},{"$f":"T281-HLOOKUP(X281,Feuil1!$C$1:$BL$10,8,FALSE)","v":-115},{"$f":"T281-HLOOKUP(X281,Feuil1!$C$1:$BL$10,9,FALSE)","v":-140},{"$f":"T281-HLOOKUP(X281,Feuil1!$C$1:$BL$10,10,FALSE)","v":-880},null,null,null,null,null,null,"DEB "]
["H","NE","CHA",6,338794,"BRAHIM ","Ahmed ",2001,130.80000000000001,"Reims HM","F",37,42,47,47,47,52,56,56,103,-158.60000000000002,"DEB ",-17,{"$f":"IF(I282=\"\",\"\",IF(A282=\"H\",IF(OR(H282=\"SEN\",H282<1995),VLOOKUP(I282,Feuil1!$A$11:$G$29,6),IF(AND(H282>1994,H282<1998),VLOOKUP(I282,Feuil1!$A$11:$G$29,5),IF(AND(H282>1997,H282<2000),VLOOKUP(I282,Feuil1!$A$11:$G$29,4),IF(AND(H282>1999,H282<2002),VLOOKUP(I282,Feuil1!$A$11:$G$29,3),VLOOKUP(I282,Feuil1!$A$11:$G$29,2))))),IF(OR(H282=\"SEN\",H282<1995),VLOOKUP(I282,Feuil1!$G$11:$L$25,6),IF(AND(H282>1994,H282<1998),VLOOKUP(I282,Feuil1!$G$11:$L$25,5),IF(AND(H282>1997,H282<2000),VLOOKUP(I282,Feuil1!$G$11:$L$25,4),IF(AND(H282>1999,H282<2002),VLOOKUP(I282,Feuil1!$G$11:$L$25,3),VLOOKUP(I282,Feuil1!$G$11:$L$25,2)))))))","v":"C1 +94"},105.98232618287336,null," ",{"$f":"T282-HLOOKUP(X282,Feuil1!$C$1:$BL$10,2,FALSE)","v":-17},{"$f":"T282-HLOOKUP(X282,Feuil1!$C$1:$BL$10,3,FALSE)","v":-37},{"$f":"T282-HLOOKUP(X282,Feuil1!$C$1:$BL$10,4,FALSE)","v":-52},{"$f":"T282-HLOOKUP(X282,Feuil1!$C$1:$BL$10,5,FALSE)","v":-72},{"$f":"T282-HLOOKUP(X282,Feuil1!$C$1:$BL$10,6,FALSE)","v":-92},{"$f":"T282-HLOOKUP(X282,Feuil1!$C$1:$BL$10,7,FALSE)","v":-117},{"$f":"T282-HLOOKUP(X282,Feuil1!$C$1:$BL$10,8,FALSE)","v":-132},{"$f":"T282-HLOOKUP(X282,Feuil1!$C$1:$BL$10,9,FALSE)","v":-157},{"$f":"T282-HLOOKUP(X282,Feuil1!$C$1:$BL$10,10,FALSE)","v":-897},null,null,null,null,null,null,"DEB "]
["H","NORD","PIC",7,386574,"BOSSÉ","Kévin",2001,100.3,"Hirson CEHT","F",35,40,45,45,50,55,-60,55,100,-100.6,"DEB ",-20,{"$f":"IF(I283=\"\",\"\",IF(A283=\"H\",IF(OR(H283=\"SEN\",H283<1995),VLOOKUP(I283,Feuil1!$A$11:$G$29,6),IF(AND(H283>1994,H283<1998),VLOOKUP(I283,Feuil1!$A$11:$G$29,5),IF(AND(H283>1997,H283<2000),VLOOKUP(I283,Feuil1!$A$11:$G$29,4),IF(AND(H283>1999,H283<2002),VLOOKUP(I283,Feuil1!$A$11:$G$29,3),VLOOKUP(I283,Feuil1!$A$11:$G$29,2))))),IF(OR(H283=\"SEN\",H283<1995),VLOOKUP(I283,Feuil1!$G$11:$L$25,6),IF(AND(H283>1994,H283<1998),VLOOKUP(I283,Feuil1!$G$11:$L$25,5),IF(AND(H283>1997,H283<2000),VLOOKUP(I283,Feuil1!$G$11:$L$25,4),IF(AND(H283>1999,H283<2002),VLOOKUP(I283,Feuil1!$G$11:$L$25,3),VLOOKUP(I283,Feuil1!$G$11:$L$25,2)))))))","v":"C1 +94"},111.13274686394708,null," ",{"$f":"T283-HLOOKUP(X283,Feuil1!$C$1:$BL$10,2,FALSE)","v":-20},{"$f":"T283-HLOOKUP(X283,Feuil1!$C$1:$BL$10,3,FALSE)","v":-40},{"$f":"T283-HLOOKUP(X283,Feuil1!$C$1:$BL$10,4,FALSE)","v":-55},{"$f":"T283-HLOOKUP(X283,Feuil1!$C$1:$BL$10,5,FALSE)","v":-75},{"$f":"T283-HLOOKUP(X283,Feuil1!$C$1:$BL$10,6,FALSE)","v":-95},{"$f":"T283-HLOOKUP(X283,Feuil1!$C$1:$BL$10,7,FALSE)","v":-120},{"$f":"T283-HLOOKUP(X283,Feuil1!$C$1:$BL$10,8,FALSE)","v":-135},{"$f":"T283-HLOOKUP(X283,Feuil1!$C$1:$BL$10,9,FALSE)","v":-160},{"$f":"T283-HLOOKUP(X283,Feuil1!$C$1:$BL$10,10,FALSE)","v":-900},null,null,null,null,null,null,"DEB "]
["H","SEST","RAL",8,326656,"LLORED","Yoan",2001,94.3,"ST QUENTIN FALLAVIER","F",35,40,45,45,50,-55,-55,50,95,-93.6,"DEB ",-25,{"$f":"IF(I284=\"\",\"\",IF(A284=\"H\",IF(OR(H284=\"SEN\",H284<1995),VLOOKUP(I284,Feuil1!$A$11:$G$29,6),IF(AND(H284>1994,H284<1998),VLOOKUP(I284,Feuil1!$A$11:$G$29,5),IF(AND(H284>1997,H284<2000),VLOOKUP(I284,Feuil1!$A$11:$G$29,4),IF(AND(H284>1999,H284<2002),VLOOKUP(I284,Feuil1!$A$11:$G$29,3),VLOOKUP(I284,Feuil1!$A$11:$G$29,2))))),IF(OR(H284=\"SEN\",H284<1995),VLOOKUP(I284,Feuil1!$G$11:$L$25,6),IF(AND(H284>1994,H284<1998),VLOOKUP(I284,Feuil1!$G$11:$L$25,5),IF(AND(H284>1997,H284<2000),VLOOKUP(I284,Feuil1!$G$11:$L$25,4),IF(AND(H284>1999,H284<2002),VLOOKUP(I284,Feuil1!$G$11:$L$25,3),VLOOKUP(I284,Feuil1!$G$11:$L$25,2)))))))","v":"C1 +94"},108.23306699963854,null," ",{"$f":"T284-HLOOKUP(X284,Feuil1!$C$1:$BL$10,2,FALSE)","v":-25},{"$f":"T284-HLOOKUP(X284,Feuil1!$C$1:$BL$10,3,FALSE)","v":-45},{"$f":"T284-HLOOKUP(X284,Feuil1!$C$1:$BL$10,4,FALSE)","v":-60},{"$f":"T284-HLOOKUP(X284,Feuil1!$C$1:$BL$10,5,FALSE)","v":-80},{"$f":"T284-HLOOKUP(X284,Feuil1!$C$1:$BL$10,6,FALSE)","v":-100},{"$f":"T284-HLOOKUP(X284,Feuil1!$C$1:$BL$10,7,FALSE)","v":-125},{"$f":"T284-HLOOKUP(X284,Feuil1!$C$1:$BL$10,8,FALSE)","v":-140},{"$f":"T284-HLOOKUP(X284,Feuil1!$C$1:$BL$10,9,FALSE)","v":-165},{"$f":"T284-HLOOKUP(X284,Feuil1!$C$1:$BL$10,10,FALSE)","v":-905},null,null,null,null,null,null,"DEB "]
["H","SEST","CAZ",9,378529,"FAUCOUNIER","Benjamin",2000,102.7,"ASPTT DRAGUIGNAN","F",-35,35,40,40,40,45,50,50,90,-115.4,"DEB ",-30,{"$f":"IF(I285=\"\",\"\",IF(A285=\"H\",IF(OR(H285=\"SEN\",H285<1995),VLOOKUP(I285,Feuil1!$A$11:$G$29,6),IF(AND(H285>1994,H285<1998),VLOOKUP(I285,Feuil1!$A$11:$G$29,5),IF(AND(H285>1997,H285<2000),VLOOKUP(I285,Feuil1!$A$11:$G$29,4),IF(AND(H285>1999,H285<2002),VLOOKUP(I285,Feuil1!$A$11:$G$29,3),VLOOKUP(I285,Feuil1!$A$11:$G$29,2))))),IF(OR(H285=\"SEN\",H285<1995),VLOOKUP(I285,Feuil1!$G$11:$L$25,6),IF(AND(H285>1994,H285<1998),VLOOKUP(I285,Feuil1!$G$11:$L$25,5),IF(AND(H285>1997,H285<2000),VLOOKUP(I285,Feuil1!$G$11:$L$25,4),IF(AND(H285>1999,H285<2002),VLOOKUP(I285,Feuil1!$G$11:$L$25,3),VLOOKUP(I285,Feuil1!$G$11:$L$25,2)))))))","v":"C1 +94"},99.140003652260319,null," ",{"$f":"T285-HLOOKUP(X285,Feuil1!$C$1:$BL$10,2,FALSE)","v":-30},{"$f":"T285-HLOOKUP(X285,Feuil1!$C$1:$BL$10,3,FALSE)","v":-50},{"$f":"T285-HLOOKUP(X285,Feuil1!$C$1:$BL$10,4,FALSE)","v":-65},{"$f":"T285-HLOOKUP(X285,Feuil1!$C$1:$BL$10,5,FALSE)","v":-85},{"$f":"T285-HLOOKUP(X285,Feuil1!$C$1:$BL$10,6,FALSE)","v":-105},{"$f":"T285-HLOOKUP(X285,Feuil1!$C$1:$BL$10,7,FALSE)","v":-130},{"$f":"T285-HLOOKUP(X285,Feuil1!$C$1:$BL$10,8,FALSE)","v":-145},{"$f":"T285-HLOOKUP(X285,Feuil1!$C$1:$BL$10,9,FALSE)","v":-170},{"$f":"T285-HLOOKUP(X285,Feuil1!$C$1:$BL$10,10,FALSE)","v":-910},null,null,null,null,null,null,"DEB "]
["H","NE","LOR",10,381348,"PLAI","Corentin",2000,106.2,"E.S.LANEUVEVILLOISE","F",30,35,38,38,43,48,50,50,88,-124.4,"DEB ",-32,{"$f":"IF(I286=\"\",\"\",IF(A286=\"H\",IF(OR(H286=\"SEN\",H286<1995),VLOOKUP(I286,Feuil1!$A$11:$G$29,6),IF(AND(H286>1994,H286<1998),VLOOKUP(I286,Feuil1!$A$11:$G$29,5),IF(AND(H286>1997,H286<2000),VLOOKUP(I286,Feuil1!$A$11:$G$29,4),IF(AND(H286>1999,H286<2002),VLOOKUP(I286,Feuil1!$A$11:$G$29,3),VLOOKUP(I286,Feuil1!$A$11:$G$29,2))))),IF(OR(H286=\"SEN\",H286<1995),VLOOKUP(I286,Feuil1!$G$11:$L$25,6),IF(AND(H286>1994,H286<1998),VLOOKUP(I286,Feuil1!$G$11:$L$25,5),IF(AND(H286>1997,H286<2000),VLOOKUP(I286,Feuil1!$G$11:$L$25,4),IF(AND(H286>1999,H286<2002),VLOOKUP(I286,Feuil1!$G$11:$L$25,3),VLOOKUP(I286,Feuil1!$G$11:$L$25,2)))))))","v":"C1 +94"},95.794413942006443,null," ",{"$f":"T286-HLOOKUP(X286,Feuil1!$C$1:$BL$10,2,FALSE)","v":-32},{"$f":"T286-HLOOKUP(X286,Feuil1!$C$1:$BL$10,3,FALSE)","v":-52},{"$f":"T286-HLOOKUP(X286,Feuil1!$C$1:$BL$10,4,FALSE)","v":-67},{"$f":"T286-HLOOKUP(X286,Feuil1!$C$1:$BL$10,5,FALSE)","v":-87},{"$f":"T286-HLOOKUP(X286,Feuil1!$C$1:$BL$10,6,FALSE)","v":-107},{"$f":"T286-HLOOKUP(X286,Feuil1!$C$1:$BL$10,7,FALSE)","v":-132},{"$f":"T286-HLOOKUP(X286,Feuil1!$C$1:$BL$10,8,FALSE)","v":-147},{"$f":"T286-HLOOKUP(X286,Feuil1!$C$1:$BL$10,9,FALSE)","v":-172},{"$f":"T286-HLOOKUP(X286,Feuil1!$C$1:$BL$10,10,FALSE)","v":-912},null,null,null,null,null,null,"DEB "]
["H","CO","PDL",11,392690,"BOUHEROUM","Mohamed",2000,98,"Saint Herblain","F",25,30,-32,30,30,33,-35,33,63,-133,"DEB ",-57,{"$f":"IF(I287=\"\",\"\",IF(A287=\"H\",IF(OR(H287=\"SEN\",H287<1995),VLOOKUP(I287,Feuil1!$A$11:$G$29,6),IF(AND(H287>1994,H287<1998),VLOOKUP(I287,Feuil1!$A$11:$G$29,5),IF(AND(H287>1997,H287<2000),VLOOKUP(I287,Feuil1!$A$11:$G$29,4),IF(AND(H287>1999,H287<2002),VLOOKUP(I287,Feuil1!$A$11:$G$29,3),VLOOKUP(I287,Feuil1!$A$11:$G$29,2))))),IF(OR(H287=\"SEN\",H287<1995),VLOOKUP(I287,Feuil1!$G$11:$L$25,6),IF(AND(H287>1994,H287<1998),VLOOKUP(I287,Feuil1!$G$11:$L$25,5),IF(AND(H287>1997,H287<2000),VLOOKUP(I287,Feuil1!$G$11:$L$25,4),IF(AND(H287>1999,H287<2002),VLOOKUP(I287,Feuil1!$G$11:$L$25,3),VLOOKUP(I287,Feuil1!$G$11:$L$25,2)))))))","v":"C1 +94"},70.649377685313013,null," ",{"$f":"T287-HLOOKUP(X287,Feuil1!$C$1:$BL$10,2,FALSE)","v":-57},{"$f":"T287-HLOOKUP(X287,Feuil1!$C$1:$BL$10,3,FALSE)","v":-77},{"$f":"T287-HLOOKUP(X287,Feuil1!$C$1:$BL$10,4,FALSE)","v":-92},{"$f":"T287-HLOOKUP(X287,Feuil1!$C$1:$BL$10,5,FALSE)","v":-112},{"$f":"T287-HLOOKUP(X287,Feuil1!$C$1:$BL$10,6,FALSE)","v":-132},{"$f":"T287-HLOOKUP(X287,Feuil1!$C$1:$BL$10,7,FALSE)","v":-157},{"$f":"T287-HLOOKUP(X287,Feuil1!$C$1:$BL$10,8,FALSE)","v":-172},{"$f":"T287-HLOOKUP(X287,Feuil1!$C$1:$BL$10,9,FALSE)","v":-197},{"$f":"T287-HLOOKUP(X287,Feuil1!$C$1:$BL$10,10,FALSE)","v":-937},null,null,null,null,null,null,"DEB "]
["H","NORD","PIC",12,372452,"DEPLUS","Alexis",2001,96.3,"La Vaillante Saint Quentin","F",19,22,25,25,26,29,-33,29,54,-138.6,"DEB ",-66,{"$f":"IF(I288=\"\",\"\",IF(A288=\"H\",IF(OR(H288=\"SEN\",H288<1995),VLOOKUP(I288,Feuil1!$A$11:$G$29,6),IF(AND(H288>1994,H288<1998),VLOOKUP(I288,Feuil1!$A$11:$G$29,5),IF(AND(H288>1997,H288<2000),VLOOKUP(I288,Feuil1!$A$11:$G$29,4),IF(AND(H288>1999,H288<2002),VLOOKUP(I288,Feuil1!$A$11:$G$29,3),VLOOKUP(I288,Feuil1!$A$11:$G$29,2))))),IF(OR(H288=\"SEN\",H288<1995),VLOOKUP(I288,Feuil1!$G$11:$L$25,6),IF(AND(H288>1994,H288<1998),VLOOKUP(I288,Feuil1!$G$11:$L$25,5),IF(AND(H288>1997,H288<2000),VLOOKUP(I288,Feuil1!$G$11:$L$25,4),IF(AND(H288>1999,H288<2002),VLOOKUP(I288,Feuil1!$G$11:$L$25,3),VLOOKUP(I288,Feuil1!$G$11:$L$25,2)))))))","v":"C1 +94"},60.985918028583228,null," ",{"$f":"T288-HLOOKUP(X288,Feuil1!$C$1:$BL$10,2,FALSE)","v":-66},{"$f":"T288-HLOOKUP(X288,Feuil1!$C$1:$BL$10,3,FALSE)","v":-86},{"$f":"T288-HLOOKUP(X288,Feuil1!$C$1:$BL$10,4,FALSE)","v":-101},{"$f":"T288-HLOOKUP(X288,Feuil1!$C$1:$BL$10,5,FALSE)","v":-121},{"$f":"T288-HLOOKUP(X288,Feuil1!$C$1:$BL$10,6,FALSE)","v":-141},{"$f":"T288-HLOOKUP(X288,Feuil1!$C$1:$BL$10,7,FALSE)","v":-166},{"$f":"T288-HLOOKUP(X288,Feuil1!$C$1:$BL$10,8,FALSE)","v":-181},{"$f":"T288-HLOOKUP(X288,Feuil1!$C$1:$BL$10,9,FALSE)","v":-206},{"$f":"T288-HLOOKUP(X288,Feuil1!$C$1:$BL$10,10,FALSE)","v":-946},null,null,null,null,null,null,"DEB "]
[null,null,null,null,null,null,null,null,null,null,null,null,null,null,null,null,null,null,null,null,null,null,null,null,null,null," ",{"$f":"T289-HLOOKUP(X289,[1]Feuil1!$C$1:$BL$10,2,FALSE)","v":{"$error":"#N/A"}},{"$f":"T289-HLOOKUP(X289,[1]Feuil1!$C$1:$BL$10,3,FALSE)","v":{"$error":"#N/A"}},{"$f":"T289-HLOOKUP(X289,[1]Feuil1!$C$1:$BL$10,4,FALSE)","v":{"$error":"#N/A"}},{"$f":"T289-HLOOKUP(X289,[1]Feuil1!$C$1:$BL$10,5,FALSE)","v":{"$error":"#N/A"}},{"$f":"T289-HLOOKUP(X289,[1]Feuil1!$C$1:$BL$10,6,FALSE)","v":{"$error":"#N/A"}},{"$f":"T289-HLOOKUP(X289,[1]Feuil1!$C$1:$BL$10,7,FALSE)","v":{"$error":"#N/A"}},{"$f":"T289-HLOOKUP(X289,[1]Feuil1!$C$1:$BL$10,8,FALSE)","v":{"$error":"#N/A"}},{"$f":"T289-HLOOKUP(X289,[1]Feuil1!$C$1:$BL$10,9,FALSE)","v":{"$error":"#N/A"}},{"$f":"T289-HLOOKUP(X289,[1]Feuil1!$C$1:$BL$10,10,FALSE)","v":{"$error":"#N/A"}},null,null,null,null,null,null,{"$error":"#N/A"}]
[]
[]
[]
[]
[]
[]
[]
[]
[]
[]
[]
[]
[]
[]
[]
[]
[]
[]
[]
[]
[]
[]
[]
[]
[]
[]
[]
[]
[]
[]
[]
[]
[]
[]
[]
[]
[]
[]
[]
[]
[]
[]
[]
[]
[]
[]
[]
[]
[]
[]
[]
[]
[]
[]
[]
[]
[]
[]
[]
[]
[]
[]
[]
[]
[]
[]
[]
[]
[]
[]
[]
[]
[]
[]
[]
[]
[]
[]
[]
[]
[]
[]
[]
[]
[]
[]
[]
[]
[]
[]
[]
[]
[]
[]
[]
[]
[]
[]
[]
[]
[]
[]
[]
[]
[]
[]
[]
[]
[]
[]
[]
[]
[]
[]
[]
[]
[]
[]
[]
[]
[]
[]
[]
[]
[]
[]
[]
[]
[]
[]
[]
[]
[]
[]
[]
[]
[]
[]
[]
[]
[]
[]
[]
[]
[]
[]
[]
[]
[]
[]
[]
[]
[]
[]
[]
[]
[]
[]
[]
[]
[]
[]
[]
[]
[]
[]
[]
[]
[]
[]
[]
[]
[]
[]
[]
[]
[]
[]
[]
[]
[]
[]
[]
[]
[]
[]
[]
[]
[]
[]
[]
[]
[]
[]
[]
[]
[]
[]
[]
[]
[]
[]
[]
[]
[]
[]
[]
[]
[]
[]
[]
[]
[]
[]
[]
[]
[]
[]
[]
[]
[]
[]
[]
[]
[]
[]
[]
[]
[]
[]
[]
[]
[]
[]
[]
[]
[]
[]
[]
[]
[]
[]
[]
[]
[]
[]
[]
[]
[]
[]
[]
[]
[]
[]
[]
[]
[]
[]
[]
[]
[]
[]
[]
[]
[]
[]
[]
[]
[]
[]
[]
[]
[]
[]
[]
[]
[]
[]
[]
[]
[]
[]
[]
[]
[]
[]
[]
[]
[]
[]
[]
[]
[]
[]
[]
[]
[]
[]
[]
[]
[]
[]
[]
[]
[]
[]
[]
[]
[]
[]
[]
[]
[]
[]
[]
[]
[]
[]
[]
[]
[]
[]
[]
[]
[]
[]
[]
[]
[]
[]
[]
[]
[]
[]
[]
[]
[]
[]
[]
[]
[]
[]
[]
[]
[]
[]
[]
[]
[]
[]
[]
[]
[]
[]
[]
[]
[]
[]
[]
[]
[]
[]
[]
[]
[]
[]
[]
[]
[]
[]
[]
[]
[]
[]
[]
[]
[]
[]
[]
[]
[]
[]
[]
[]
[]
[]
[]
[]
[]
[]
[]
[]
[]
[]
[]
[]
[]
[]
[]
[]
[]
[]
[]
[]
[]
[]
[]
[]
[]
[]
[]
[]
[]
[]
[]
[]
[]
[]
[]
[]
[]
[]
[]
[]
[]
[]
[]
[]
[]
[]
[]
[]
[]
[]
[]
[]
[null,null,null,null,null,null,null,null,null,null,null,null,null,null,null,null,null,null,null,null,null,null,null,null,null,null,null,"J77","J85","J94","J105","J+105",null,"J56","J62","J69","J77","J85","J94","J105","J+105",null,"S56","S62","S69","S77","S85","S94","S105","S+105"]
[null,null,null,null,null,null,null,null,null,null,null,null,null,null,null,null,null,null,null,null,null,null,null,null,null,null,null,145,160,170,180,190,null,100,115,130,145,160,170,180,190,null,115,135,150,165,180,190,200,210]
[null,null,null,null,null,null,null,null,null,null,null,null,null,null,null,null,null,null,null,null,null,null,null,null,null,null,null,165,180,190,200,210,null,115,135,150,165,180,190,200,210,null,130,150,165,185,200,210,220,230]
[null,null,null,null,null,null,null,null,null,null,null,null,null,null,null,null,null,null,null,null,null,null,null,null,null,null,null,185,200,210,220,230,null,130,150,165,185,200,210,220,230,null,145,165,180,200,220,230,240,250]
[null,null,null,null,null,null,null,null,null,null,null,null,null,null,null,null,null,null,null,null,null,null,null,null,null,null,null,200,220,230,240,250,null,145,165,180,200,220,230,240,250,null,175,195,215,235,250,260,275,280]
[null,null,null,null,null,null,null,null,null,null,null,null,null,null,null,null,null,null,null,null,null,null,null,null,null,null,null,235,250,260,275,280,null,175,195,215,235,250,260,275,280,null,210,230,250,270,290,300,310,325]
[null,null,null,null,null,null,null,null,null,null,null,null,null,null,null,null,null,null,null,null,null,null,null,null,null,null,null,270,290,300,310,325,null,210,230,250,270,290,300,310,325,null,230,255,275,300,315,335,345,355]
[null,null,null,null,null,null,null,null,null,null,null,null,null,null,null,null,null,null,null,null,null,null,null,null,null,null,null,320,335,355,370,380,null,245,270,295,320,335,355,370,380,null,245,270,295,320,335,355,370,380]

{"sheet":"CADETS 2","index":2,"n_rows":701,"n_cols":50,"rows_kept":701,"cut":false,"hidden":false,"merged":[[3,21,3,22],[0,7,0,14],[0,18,0,21],[1,6,1,10],[1,11,1,13],[1,14,1,17],[1,18,1,19],[1,21,1,22]]}
[null,null,null,null,null,"LISTING NATIONAL",null,"MASCULINS",null,null,null,null,null,null,null,null,"DATE :",null,"2015-06-30"]
[null,null,null,null,null," ","2014-2015",null,null,null,null,"3° TRIMESTRE"]
[]
["SEXE","ZONE","REG.","CL.","LICENCE","NOMS","Prénoms","AN","POIDS","CLUB","NAT",1,2,3,"ARR",1,2,3,"EP-J","Total","KP-2PC","SERIE",null,"Catég","IWF",null," ","DEB ","DEP +","REG +","IRG +","FED +","NAT +","INTB +","INTA +","OLY +"]
[null,null,null,null,null,null,null,null,null,null,null,null,null,null,null,null,null,null,null,null,null,null,null,null,null,null," ",{"$f":"T5-HLOOKUP(X5,[1]Feuil1!$C$1:$BL$10,2,FALSE)","v":{"$error":"#N/A"}},{"$f":"T5-HLOOKUP(X5,[1]Feuil1!$C$1:$BL$10,3,FALSE)","v":{"$error":"#N/A"}},{"$f":"T5-HLOOKUP(X5,[1]Feuil1!$C$1:$BL$10,4,FALSE)","v":{"$error":"#N/A"}},{"$f":"T5-HLOOKUP(X5,[1]Feuil1!$C$1:$BL$10,5,FALSE)","v":{"$error":"#N/A"}},{"$f":"T5-HLOOKUP(X5,[1]Feuil1!$C$1:$BL$10,6,FALSE)","v":{"$error":"#N/A"}},{"$f":"T5-HLOOKUP(X5,[1]Feuil1!$C$1:$BL$10,7,FALSE)","v":{"$error":"#N/A"}},{"$f":"T5-HLOOKUP(X5,[1]Feuil1!$C$1:$BL$10,8,FALSE)","v":{"$error":"#N/A"}},{"$f":"T5-HLOOKUP(X5,[1]Feuil1!$C$1:$BL$10,9,FALSE)","v":{"$error":"#N/A"}},{"$f":"T5-HLOOKUP(X5,[1]Feuil1!$C$1:$BL$10,10,FALSE)","v":{"$error":"#N/A"}},null,null,null,null,null,null,{"$f":"IF(AJ5>=0,$AJ$4,IF(AI5>=0,$AI$4,IF(AH5>=0,$AH$4,IF(AG5>=0,$AG$4,IF(AF5>=0,$AF$4,IF(AE5>=0,$AE$4,IF(AD5>=0,$AD$4,IF(AC5>=0,$AC$4,$AB$4))))))))","v":{"$error":"#N/A"}}]
["H","SEST","CAZ",1,357026,"MONTAGNOLI","Corentin",1998,49.45,"E.S. VILLENEUVE LOUBET","F",51,-53,53,{"$f":"IF(H6=\"\",\"\",IF(MAXA(L6:N6)<=0,0,MAXA(L6:N6)))","v":53},61,65,68,{"$f":"IF(H6=\"\",\"\",IF(MAXA(P6:R6)<=0,0,MAXA(P6:R6)))","v":68},{"$f":"IF(H6=\"\",\"\",IF(OR(O6=0,S6=0),0,O6+S6))","v":121},{"$f":"T6-I6*2","v":22.099999999999994},{"$f":"IF(H6=\"\",\"\",AQ6)","v":"NAT +"},{"$f":"IF(AJ6>=0,AJ6,IF(AI6>=0,AI6,IF(AH6>=0,AH6,IF(AG6>=0,AG6,IF(AF6>=0,AF6,IF(AE6>=0,AE6,IF(AD6>=0,AD6,IF(AC6>=0,AC6,AB6))))))))","v":1},{"$f":"IF(I6=\"\",\"\",IF(A6=\"H\",IF(OR(H6=\"SEN\",H6<1995),VLOOKUP(I6,Feuil1!$A$11:$G$29,6),IF(AND(H6>1994,H6<1998),VLOOKUP(I6,Feuil1!$A$11:$G$29,5),IF(AND(H6>1997,H6<2000),VLOOKUP(I6,Feuil1!$A$11:$G$29,4),IF(AND(H6>1999,H6<2002),VLOOKUP(I6,Feuil1!$A$11:$G$29,3),VLOOKUP(I6,Feuil1!$A$11:$G$29,2))))),IF(OR(H6=\"SEN\",H6<1995),VLOOKUP(I6,Feuil1!$G$11:$L$25,6),IF(AND(H6>1994,H6<1998),VLOOKUP(I6,Feuil1!$G$11:$L$25,5),IF(AND(H6>1997,H6<2000),VLOOKUP(I6,Feuil1!$G$11:$L$25,4),IF(AND(H6>1999,H6<2002),VLOOKUP(I6,Feuil1!$G$11:$L$25,3),VLOOKUP(I6,Feuil1!$G$11:$L$25,2)))))))","v":"C2 50"},{"$f":"IF(I6=\"\",\"\",IF(A6=\"H\",10^(0.794358141*LOG(I6/174.393)^2)*T6,IF(A6=\"F\",10^(0.89726074*LOG(I6/148.026)^2)*T6,\"\")))","v":209.30510552448808},null," ",{"$f":"T6-HLOOKUP(X6,Feuil1!$C$1:$BL$10,2,FALSE)","v":76},{"$f":"T6-HLOOKUP(X6,Feuil1!$C$1:$BL$10,3,FALSE)","v":56},{"$f":"T6-HLOOKUP(X6,Feuil1!$C$1:$BL$10,4,FALSE)","v":41},{"$f":"T6-HLOOKUP(X6,Feuil1!$C$1:$BL$10,5,FALSE)","v":26},{"$f":"T6-HLOOKUP(X6,Feuil1!$C$1:$BL$10,6,FALSE)","v":11},{"$f":"T6-HLOOKUP(X6,Feuil1!$C$1:$BL$10,7,FALSE)","v":1},{"$f":"T6-HLOOKUP(X6,Feuil1!$C$1:$BL$10,8,FALSE)","v":-14},{"$f":"T6-HLOOKUP(X6,Feuil1!$C$1:$BL$10,9,FALSE)","v":-29},{"$f":"T6-HLOOKUP(X6,Feuil1!$C$1:$BL$10,10,FALSE)","v":-879},null,null,null,null,null,null,{"$f":"IF(AJ6>=0,$AJ$4,IF(AI6>=0,$AI$4,IF(AH6>=0,$AH$4,IF(AG6>=0,$AG$4,IF(AF6>=0,$AF$4,IF(AE6>=0,$AE$4,IF(AD6>=0,$AD$4,IF(AC6>=0,$AC$4,$AB$4))))))))","v":"NAT +"}]
["H","CO","BNO",2,367283,"Rousselet","Clément",1999,49.2,"Giberville","F",-46,46,50,50,60,64,66,66,116,17.599999999999994,"FED +",6,{"$f":"IF(I7=\"\",\"\",IF(A7=\"H\",IF(OR(H7=\"SEN\",H7<1995),VLOOKUP(I7,Feuil1!$A$11:$G$29,6),IF(AND(H7>1994,H7<1998),VLOOKUP(I7,Feuil1!$A$11:$G$29,5),IF(AND(H7>1997,H7<2000),VLOOKUP(I7,Feuil1!$A$11:$G$29,4),IF(AND(H7>1999,H7<2002),VLOOKUP(I7,Feuil1!$A$11:$G$29,3),VLOOKUP(I7,Feuil1!$A$11:$G$29,2))))),IF(OR(H7=\"SEN\",H7<1995),VLOOKUP(I7,Feuil1!$G$11:$L$25,6),IF(AND(H7>1994,H7<1998),VLOOKUP(I7,Feuil1!$G$11:$L$25,5),IF(AND(H7>1997,H7<2000),VLOOKUP(I7,Feuil1!$G$11:$L$25,4),IF(AND(H7>1999,H7<2002),VLOOKUP(I7,Feuil1!$G$11:$L$25,3),VLOOKUP(I7,Feuil1!$G$11:$L$25,2)))))))","v":"C2 50"},201.54427048734925,null," ",{"$f":"T7-HLOOKUP(X7,Feuil1!$C$1:$BL$10,2,FALSE)","v":71},{"$f":"T7-HLOOKUP(X7,Feuil1!$C$1:$BL$10,3,FALSE)","v":51},{"$f":"T7-HLOOKUP(X7,Feuil1!$C$1:$BL$10,4,FALSE)","v":36},{"$f":"T7-HLOOKUP(X7,Feuil1!$C$1:$BL$10,5,FALSE)","v":21},{"$f":"T7-HLOOKUP(X7,Feuil1!$C$1:$BL$10,6,FALSE)","v":6},{"$f":"T7-HLOOKUP(X7,Feuil1!$C$1:$BL$10,7,FALSE)","v":-4},{"$f":"T7-HLOOKUP(X7,Feuil1!$C$1:$BL$10,8,FALSE)","v":-19},{"$f":"T7-HLOOKUP(X7,Feuil1!$C$1:$BL$10,9,FALSE)","v":-34},{"$f":"T7-HLOOKUP(X7,Feuil1!$C$1:$BL$10,10,FALSE)","v":-884},null,null,null,null,null,null,"FED +"]
["H","CO","CEN",3,357303,"ESTEBAN","Marlon",1999,49.5,"AAJ Blois","F",44,-46,46,46,56,58,60,60,106,7,"IRG +",11,{"$f":"IF(I8=\"\",\"\",IF(A8=\"H\",IF(OR(H8=\"SEN\",H8<1995),VLOOKUP(I8,Feuil1!$A$11:$G$29,6),IF(AND(H8>1994,H8<1998),VLOOKUP(I8,Feuil1!$A$11:$G$29,5),IF(AND(H8>1997,H8<2000),VLOOKUP(I8,Feuil1!$A$11:$G$29,4),IF(AND(H8>1999,H8<2002),VLOOKUP(I8,Feuil1!$A$11:$G$29,3),VLOOKUP(I8,Feuil1!$A$11:$G$29,2))))),IF(OR(H8=\"SEN\",H8<1995),VLOOKUP(I8,Feuil1!$G$11:$L$25,6),IF(AND(H8>1994,H8<1998),VLOOKUP(I8,Feuil1!$G$11:$L$25,5),IF(AND(H8>1997,H8<2000),VLOOKUP(I8,Feuil1!$G$11:$L$25,4),IF(AND(H8>1999,H8<2002),VLOOKUP(I8,Feuil1!$G$11:$L$25,3),VLOOKUP(I8,Feuil1!$G$11:$L$25,2)))))))","v":"C2 50"},183.19718591963155,null," ",{"$f":"T8-HLOOKUP(X8,Feuil1!$C$1:$BL$10,2,FALSE)","v":61},{"$f":"T8-HLOOKUP(X8,Feuil1!$C$1:$BL$10,3,FALSE)","v":41},{"$f":"T8-HLOOKUP(X8,Feuil1!$C$1:$BL$10,4,FALSE)","v":26},{"$f":"T8-HLOOKUP(X8,Feuil1!$C$1:$BL$10,5,FALSE)","v":11},{"$f":"T8-HLOOKUP(X8,Feuil1!$C$1:$BL$10,6,FALSE)","v":-4},{"$f":"T8-HLOOKUP(X8,Feuil1!$C$1:$BL$10,7,FALSE)","v":-14},{"$f":"T8-HLOOKUP(X8,Feuil1!$C$1:$BL$10,8,FALSE)","v":-29},{"$f":"T8-HLOOKUP(X8,Feuil1!$C$1:$BL$10,9,FALSE)","v":-44},{"$f":"T8-HLOOKUP(X8,Feuil1!$C$1:$BL$10,10,FALSE)","v":-894},null,null,null,null,null,null,"IRG +"]
["H","NORD","PIC",4,362741,"DELACOURT","Valentin",1998,48.61,"La Vaillante Saint Quentin","F",38,40,42,42,48,53,-55,53,95,-2.2199999999999989,"IRG +",0,{"$f":"IF(I9=\"\",\"\",IF(A9=\"H\",IF(OR(H9=\"SEN\",H9<1995),VLOOKUP(I9,Feuil1!$A$11:$G$29,6),IF(AND(H9>1994,H9<1998),VLOOKUP(I9,Feuil1!$A$11:$G$29,5),IF(AND(H9>1997,H9<2000),VLOOKUP(I9,Feuil1!$A$11:$G$29,4),IF(AND(H9>1999,H9<2002),VLOOKUP(I9,Feuil1!$A$11:$G$29,3),VLOOKUP(I9,Feuil1!$A$11:$G$29,2))))),IF(OR(H9=\"SEN\",H9<1995),VLOOKUP(I9,Feuil1!$G$11:$L$25,6),IF(AND(H9>1994,H9<1998),VLOOKUP(I9,Feuil1!$G$11:$L$25,5),IF(AND(H9>1997,H9<2000),VLOOKUP(I9,Feuil1!$G$11:$L$25,4),IF(AND(H9>1999,H9<2002),VLOOKUP(I9,Feuil1!$G$11:$L$25,3),VLOOKUP(I9,Feuil1!$G$11:$L$25,2)))))))","v":"C2 50"},166.8139926168609,null," ",{"$f":"T9-HLOOKUP(X9,Feuil1!$C$1:$BL$10,2,FALSE)","v":50},{"$f":"T9-HLOOKUP(X9,Feuil1!$C$1:$BL$10,3,FALSE)","v":30},{"$f":"T9-HLOOKUP(X9,Feuil1!$C$1:$BL$10,4,FALSE)","v":15},{"$f":"T9-HLOOKUP(X9,Feuil1!$C$1:$BL$10,5,FALSE)","v":0},{"$f":"T9-HLOOKUP(X9,Feuil1!$C$1:$BL$10,6,FALSE)","v":-15},{"$f":"T9-HLOOKUP(X9,Feuil1!$C$1:$BL$10,7,FALSE)","v":-25},{"$f":"T9-HLOOKUP(X9,Feuil1!$C$1:$BL$10,8,FALSE)","v":-40},{"$f":"T9-HLOOKUP(X9,Feuil1!$C$1:$BL$10,9,FALSE)","v":-55},{"$f":"T9-HLOOKUP(X9,Feuil1!$C$1:$BL$10,10,FALSE)","v":-905},null,null,null,null,null,null,"IRG +"]
["H","SEST","RAL",5,388850,"GAZE","William",1999,49.9,"CH Ansois","F",-37,-37,37,37,50,-58,58,58,95,-4.7999999999999972,"IRG +",0,{"$f":"IF(I10=\"\",\"\",IF(A10=\"H\",IF(OR(H10=\"SEN\",H10<1995),VLOOKUP(I10,Feuil1!$A$11:$G$29,6),IF(AND(H10>1994,H10<1998),VLOOKUP(I10,Feuil1!$A$11:$G$29,5),IF(AND(H10>1997,H10<2000),VLOOKUP(I10,Feuil1!$A$11:$G$29,4),IF(AND(H10>1999,H10<2002),VLOOKUP(I10,Feuil1!$A$11:$G$29,3),VLOOKUP(I10,Feuil1!$A$11:$G$29,2))))),IF(OR(H10=\"SEN\",H10<1995),VLOOKUP(I10,Feuil1!$G$11:$L$25,6),IF(AND(H10>1994,H10<1998),VLOOKUP(I10,Feuil1!$G$11:$L$25,5),IF(AND(H10>1997,H10<2000),VLOOKUP(I10,Feuil1!$G$11:$L$25,4),IF(AND(H10>1999,H10<2002),VLOOKUP(I10,Feuil1!$G$11:$L$25,3),VLOOKUP(I10,Feuil1!$G$11:$L$25,2)))))))","v":"C2 50"},163.04561102985872,null," ",{"$f":"T10-HLOOKUP(X10,Feuil1!$C$1:$BL$10,2,FALSE)","v":50},{"$f":"T10-HLOOKUP(X10,Feuil1!$C$1:$BL$10,3,FALSE)","v":30},{"$f":"T10-HLOOKUP(X10,Feuil1!$C$1:$BL$10,4,FALSE)","v":15},{"$f":"T10-HLOOKUP(X10,Feuil1!$C$1:$BL$10,5,FALSE)","v":0},{"$f":"T10-HLOOKUP(X10,Feuil1!$C$1:$BL$10,6,FALSE)","v":-15},{"$f":"T10-HLOOKUP(X10,Feuil1!$C$1:$BL$10,7,FALSE)","v":-25},{"$f":"T10-HLOOKUP(X10,Feuil1!$C$1:$BL$10,8,FALSE)","v":-40},{"$f":"T10-HLOOKUP(X10,Feuil1!$C$1:$BL$10,9,FALSE)","v":-55},{"$f":"T10-HLOOKUP(X10,Feuil1!$C$1:$BL$10,10,FALSE)","v":-905},null,null,null,null,null,null,"IRG +"]
["H","CO","BRE",6,377881,"LEFEUVRE","Novan",1999,49.9,"AL Quimper","F",38,-42,42,42,43,48,-52,48,90,-9.7999999999999972,"REG +",10,{"$f":"IF(I11=\"\",\"\",IF(A11=\"H\",IF(OR(H11=\"SEN\",H11<1995),VLOOKUP(I11,Feuil1!$A$11:$G$29,6),IF(AND(H11>1994,H11<1998),VLOOKUP(I11,Feuil1!$A$11:$G$29,5),IF(AND(H11>1997,H11<2000),VLOOKUP(I11,Feuil1!$A$11:$G$29,4),IF(AND(H11>1999,H11<2002),VLOOKUP(I11,Feuil1!$A$11:$G$29,3),VLOOKUP(I11,Feuil1!$A$11:$G$29,2))))),IF(OR(H11=\"SEN\",H11<1995),VLOOKUP(I11,Feuil1!$G$11:$L$25,6),IF(AND(H11>1994,H11<1998),VLOOKUP(I11,Feuil1!$G$11:$L$25,5),IF(AND(H11>1997,H11<2000),VLOOKUP(I11,Feuil1!$G$11:$L$25,4),IF(AND(H11>1999,H11<2002),VLOOKUP(I11,Feuil1!$G$11:$L$25,3),VLOOKUP(I11,Feuil1!$G$11:$L$25,2)))))))","v":"C2 50"},154.46426308091878,null," ",{"$f":"T11-HLOOKUP(X11,Feuil1!$C$1:$BL$10,2,FALSE)","v":45},{"$f":"T11-HLOOKUP(X11,Feuil1!$C$1:$BL$10,3,FALSE)","v":25},{"$f":"T11-HLOOKUP(X11,Feuil1!$C$1:$BL$10,4,FALSE)","v":10},{"$f":"T11-HLOOKUP(X11,Feuil1!$C$1:$BL$10,5,FALSE)","v":-5},{"$f":"T11-HLOOKUP(X11,Feuil1!$C$1:$BL$10,6,FALSE)","v":-20},{"$f":"T11-HLOOKUP(X11,Feuil1!$C$1:$BL$10,7,FALSE)","v":-30},{"$f":"T11-HLOOKUP(X11,Feuil1!$C$1:$BL$10,8,FALSE)","v":-45},{"$f":"T11-HLOOKUP(X11,Feuil1!$C$1:$BL$10,9,FALSE)","v":-60},{"$f":"T11-HLOOKUP(X11,Feuil1!$C$1:$BL$10,10,FALSE)","v":-910},null,null,null,null,null,null,"REG +"]
["H","DOM","GUY",7,382077,"MESTARI","Kélian",1998,50,"ASCPG/Rémire Montjoly","F",30,35,37,37,40,45,47,47,84,-16,"REG +",4,{"$f":"IF(I12=\"\",\"\",IF(A12=\"H\",IF(OR(H12=\"SEN\",H12<1995),VLOOKUP(I12,Feuil1!$A$11:$G$29,6),IF(AND(H12>1994,H12<1998),VLOOKUP(I12,Feuil1!$A$11:$G$29,5),IF(AND(H12>1997,H12<2000),VLOOKUP(I12,Feuil1!$A$11:$G$29,4),IF(AND(H12>1999,H12<2002),VLOOKUP(I12,Feuil1!$A$11:$G$29,3),VLOOKUP(I12,Feuil1!$A$11:$G$29,2))))),IF(OR(H12=\"SEN\",H12<1995),VLOOKUP(I12,Feuil1!$G$11:$L$25,6),IF(AND(H12>1994,H12<1998),VLOOKUP(I12,Feuil1!$G$11:$L$25,5),IF(AND(H12>1997,H12<2000),VLOOKUP(I12,Feuil1!$G$11:$L$25,4),IF(AND(H12>1999,H12<2002),VLOOKUP(I12,Feuil1!$G$11:$L$25,3),VLOOKUP(I12,Feuil1!$G$11:$L$25,2)))))))","v":"C2 50"},143.91787687971504,null," ",{"$f":"T12-HLOOKUP(X12,Feuil1!$C$1:$BL$10,2,FALSE)","v":39},{"$f":"T12-HLOOKUP(X12,Feuil1!$C$1:$BL$10,3,FALSE)","v":19},{"$f":"T12-HLOOKUP(X12,Feuil1!$C$1:$BL$10,4,FALSE)","v":4},{"$f":"T12-HLOOKUP(X12,Feuil1!$C$1:$BL$10,5,FALSE)","v":-11},{"$f":"T12-HLOOKUP(X12,Feuil1!$C$1:$BL$10,6,FALSE)","v":-26},{"$f":"T12-HLOOKUP(X12,Feuil1!$C$1:$BL$10,7,FALSE)","v":-36},{"$f":"T12-HLOOKUP(X12,Feuil1!$C$1:$BL$10,8,FALSE)","v":-51},{"$f":"T12-HLOOKUP(X12,Feuil1!$C$1:$BL$10,9,FALSE)","v":-66},{"$f":"T12-HLOOKUP(X12,Feuil1!$C$1:$BL$10,10,FALSE)","v":-916},null,null,null,null,null,null,"REG +"]
["H","NE","FCO",8,374649,"CREVOISIER","Jules",1999,48.2,"CH Luxeuil","F",22,26,30,30,35,40,-43,40,70,-26.400000000000006,"DEP +",5,{"$f":"IF(I13=\"\",\"\",IF(A13=\"H\",IF(OR(H13=\"SEN\",H13<1995),VLOOKUP(I13,Feuil1!$A$11:$G$29,6),IF(AND(H13>1994,H13<1998),VLOOKUP(I13,Feuil1!$A$11:$G$29,5),IF(AND(H13>1997,H13<2000),VLOOKUP(I13,Feuil1!$A$11:$G$29,4),IF(AND(H13>1999,H13<2002),VLOOKUP(I13,Feuil1!$A$11:$G$29,3),VLOOKUP(I13,Feuil1!$A$11:$G$29,2))))),IF(OR(H13=\"SEN\",H13<1995),VLOOKUP(I13,Feuil1!$G$11:$L$25,6),IF(AND(H13>1994,H13<1998),VLOOKUP(I13,Feuil1!$G$11:$L$25,5),IF(AND(H13>1997,H13<2000),VLOOKUP(I13,Feuil1!$G$11:$L$25,4),IF(AND(H13>1999,H13<2002),VLOOKUP(I13,Feuil1!$G$11:$L$25,3),VLOOKUP(I13,Feuil1!$G$11:$L$25,2)))))))","v":"C2 50"},123.83974721240897,null," ",{"$f":"T13-HLOOKUP(X13,Feuil1!$C$1:$BL$10,2,FALSE)","v":25},{"$f":"T13-HLOOKUP(X13,Feuil1!$C$1:$BL$10,3,FALSE)","v":5},{"$f":"T13-HLOOKUP(X13,Feuil1!$C$1:$BL$10,4,FALSE)","v":-10},{"$f":"T13-HLOOKUP(X13,Feuil1!$C$1:$BL$10,5,FALSE)","v":-25},{"$f":"T13-HLOOKUP(X13,Feuil1!$C$1:$BL$10,6,FALSE)","v":-40},{"$f":"T13-HLOOKUP(X13,Feuil1!$C$1:$BL$10,7,FALSE)","v":-50},{"$f":"T13-HLOOKUP(X13,Feuil1!$C$1:$BL$10,8,FALSE)","v":-65},{"$f":"T13-HLOOKUP(X13,Feuil1!$C$1:$BL$10,9,FALSE)","v":-80},{"$f":"T13-HLOOKUP(X13,Feuil1!$C$1:$BL$10,10,FALSE)","v":-930},null,null,null,null,null,null,"DEP +"]
["H","NORD","PIC",9,377285,"LANGUILLÉ","Martin",1998,49.2,"Saleux CHM","F",27,29,31,31,35,37,39,39,70,-28.400000000000006,"DEP +",5,{"$f":"IF(I14=\"\",\"\",IF(A14=\"H\",IF(OR(H14=\"SEN\",H14<1995),VLOOKUP(I14,Feuil1!$A$11:$G$29,6),IF(AND(H14>1994,H14<1998),VLOOKUP(I14,Feuil1!$A$11:$G$29,5),IF(AND(H14>1997,H14<2000),VLOOKUP(I14,Feuil1!$A$11:$G$29,4),IF(AND(H14>1999,H14<2002),VLOOKUP(I14,Feuil1!$A$11:$G$29,3),VLOOKUP(I14,Feuil1!$A$11:$G$29,2))))),IF(OR(H14=\"SEN\",H14<1995),VLOOKUP(I14,Feuil1!$G$11:$L$25,6),IF(AND(H14>1994,H14<1998),VLOOKUP(I14,Feuil1!$G$11:$L$25,5),IF(AND(H14>1997,H14<2000),VLOOKUP(I14,Feuil1!$G$11:$L$25,4),IF(AND(H14>1999,H14<2002),VLOOKUP(I14,Feuil1!$G$11:$L$25,3),VLOOKUP(I14,Feuil1!$G$11:$L$25,2)))))))","v":"C2 50"},121.62154253546939,null," ",{"$f":"T14-HLOOKUP(X14,Feuil1!$C$1:$BL$10,2,FALSE)","v":25},{"$f":"T14-HLOOKUP(X14,Feuil1!$C$1:$BL$10,3,FALSE)","v":5},{"$f":"T14-HLOOKUP(X14,Feuil1!$C$1:$BL$10,4,FALSE)","v":-10},{"$f":"T14-HLOOKUP(X14,Feuil1!$C$1:$BL$10,5,FALSE)","v":-25},{"$f":"T14-HLOOKUP(X14,Feuil1!$C$1:$BL$10,6,FALSE)","v":-40},{"$f":"T14-HLOOKUP(X14,Feuil1!$C$1:$BL$10,7,FALSE)","v":-50},{"$f":"T14-HLOOKUP(X14,Feuil1!$C$1:$BL$10,8,FALSE)","v":-65},{"$f":"T14-HLOOKUP(X14,Feuil1!$C$1:$BL$10,9,FALSE)","v":-80},{"$f":"T14-HLOOKUP(X14,Feuil1!$C$1:$BL$10,10,FALSE)","v":-930},null,null,null,null,null,null,"DEP +"]
["H","NE","CHA",10," 376652","GUSTIN","Allan",1999,48.8,"Reims HM","F",18,-21,21,21,32,34,-36,34,55,-42.599999999999994,"DEB ",10,{"$f":"IF(I15=\"\",\"\",IF(A15=\"H\",IF(OR(H15=\"SEN\",H15<1995),VLOOKUP(I15,Feuil1!$A$11:$G$29,6),IF(AND(H15>1994,H15<1998),VLOOKUP(I15,Feuil1!$A$11:$G$29,5),IF(AND(H15>1997,H15<2000),VLOOKUP(I15,Feuil1!$A$11:$G$29,4),IF(AND(H15>1999,H15<2002),VLOOKUP(I15,Feuil1!$A$11:$G$29,3),VLOOKUP(I15,Feuil1!$A$11:$G$29,2))))),IF(OR(H15=\"SEN\",H15<1995),VLOOKUP(I15,Feuil1!$G$11:$L$25,6),IF(AND(H15>1994,H15<1998),VLOOKUP(I15,Feuil1!$G$11:$L$25,5),IF(AND(H15>1997,H15<2000),VLOOKUP(I15,Feuil1!$G$11:$L$25,4),IF(AND(H15>1999,H15<2002),VLOOKUP(I15,Feuil1!$G$11:$L$25,3),VLOOKUP(I15,Feuil1!$G$11:$L$25,2)))))))","v":"C2 50"},96.24552147523012,null," ",{"$f":"T15-HLOOKUP(X15,Feuil1!$C$1:$BL$10,2,FALSE)","v":10},{"$f":"T15-HLOOKUP(X15,Feuil1!$C$1:$BL$10,3,FALSE)","v":-10},{"$f":"T15-HLOOKUP(X15,Feuil1!$C$1:$BL$10,4,FALSE)","v":-25},{"$f":"T15-HLOOKUP(X15,Feuil1!$C$1:$BL$10,5,FALSE)","v":-40},{"$f":"T15-HLOOKUP(X15,Feuil1!$C$1:$BL$10,6,FALSE)","v":-55},{"$f":"T15-HLOOKUP(X15,Feuil1!$C$1:$BL$10,7,FALSE)","v":-65},{"$f":"T15-HLOOKUP(X15,Feuil1!$C$1:$BL$10,8,FALSE)","v":-80},{"$f":"T15-HLOOKUP(X15,Feuil1!$C$1:$BL$10,9,FALSE)","v":-95},{"$f":"T15-HLOOKUP(X15,Feuil1!$C$1:$BL$10,10,FALSE)","v":-945},null,null,null,null,null,null,"DEB "]
[null,null,null,null,null,null,null,null,null,null,null,null,null,null,null,null,null,null,null,null,null,null,null,null,null,null," ",{"$f":"T16-HLOOKUP(X16,[1]Feuil1!$C$1:$BL$10,2,FALSE)","v":{"$error":"#N/A"}},{"$f":"T16-HLOOKUP(X16,[1]Feuil1!$C$1:$BL$10,3,FALSE)","v":{"$error":"#N/A"}},{"$f":"T16-HLOOKUP(X16,[1]Feuil1!$C$1:$BL$10,4,FALSE)","v":{"$error":"#N/A"}},{"$f":"T16-HLOOKUP(X16,[1]Feuil1!$C$1:$BL$10,5,FALSE)","v":{"$error":"#N/A"}},{"$f":"T16-HLOOKUP(X16,[1]Feuil1!$C$1:$BL$10,6,FALSE)","v":{"$error":"#N/A"}},{"$f":"T16-HLOOKUP(X16,[1]Feuil1!$C$1:$BL$10,7,FALSE)","v":{"$error":"#N/A"}},{"$f":"T16-HLOOKUP(X16,[1]Feuil1!$C$1:$BL$10,8,FALSE)","v":{"$error":"#N/A"}},{"$f":"T16-HLOOKUP(X16,[1]Feuil1!$C$1:$BL$10,9,FALSE)","v":{"$error":"#N/A"}},{"$f":"T16-HLOOKUP(X16,[1]Feuil1!$C$1:$BL$10,10,FALSE)","v":{"$error":"#N/A"}},null,null,null,null,null,null,{"$f":"IF(AJ16>=0,$AJ$4,IF(AI16>=0,$AI$4,IF(AH16>=0,$AH$4,IF(AG16>=0,$AG$4,IF(AF16>=0,$AF$4,IF(AE16>=0,$AE$4,IF(AD16>=0,$AD$4,IF(AC16>=0,$AC$4,$AB$4))))))))","v":{"$error":"#N/A"}}]
["H","NORD","PIC",1,261141,"PEDRAK","Benjamin",1998,55.39,"Villers-Bretonneux KC","F",84,88,-92,{"$f":"IF(H17=\"\",\"\",IF(MAXA(L17:N17)<=0,0,MAXA(L17:N17)))","v":88},105,111,-113,{"$f":"IF(H17=\"\",\"\",IF(MAXA(P17:R17)<=0,0,MAXA(P17:R17)))","v":111},{"$f":"IF(H17=\"\",\"\",IF(OR(O17=0,S17=0),0,O17+S17))","v":199},{"$f":"T17-I17*2","v":88.22},{"$f":"IF(H17=\"\",\"\",AQ17)","v":"INTA +"},{"$f":"IF(AJ17>=0,AJ17,IF(AI17>=0,AI17,IF(AH17>=0,AH17,IF(AG17>=0,AG17,IF(AF17>=0,AF17,IF(AE17>=0,AE17,IF(AD17>=0,AD17,IF(AC17>=0,AC17,AB17))))))))","v":9},{"$f":"IF(I17=\"\",\"\",IF(A17=\"H\",IF(OR(H17=\"SEN\",H17<1995),VLOOKUP(I17,Feuil1!$A$11:$G$29,6),IF(AND(H17>1994,H17<1998),VLOOKUP(I17,Feuil1!$A$11:$G$29,5),IF(AND(H17>1997,H17<2000),VLOOKUP(I17,Feuil1!$A$11:$G$29,4),IF(AND(H17>1999,H17<2002),VLOOKUP(I17,Feuil1!$A$11:$G$29,3),VLOOKUP(I17,Feuil1!$A$11:$G$29,2))))),IF(OR(H17=\"SEN\",H17<1995),VLOOKUP(I17,Feuil1!$G$11:$L$25,6),IF(AND(H17>1994,H17<1998),VLOOKUP(I17,Feuil1!$G$11:$L$25,5),IF(AND(H17>1997,H17<2000),VLOOKUP(I17,Feuil1!$G$11:$L$25,4),IF(AND(H17>1999,H17<2002),VLOOKUP(I17,Feuil1!$G$11:$L$25,3),VLOOKUP(I17,Feuil1!$G$11:$L$25,2)))))))","v":"C2 56"},{"$f":"IF(I17=\"\",\"\",IF(A17=\"H\",10^(0.794358141*LOG(I17/174.393)^2)*T17,IF(A17=\"F\",10^(0.89726074*LOG(I17/148.026)^2)*T17,\"\")))","v":313.28122313839987},null," ",{"$f":"T17-HLOOKUP(X17,Feuil1!$C$1:$BL$10,2,FALSE)","v":134},{"$f":"T17-HLOOKUP(X17,Feuil1!$C$1:$BL$10,3,FALSE)","v":114},{"$f":"T17-HLOOKUP(X17,Feuil1!$C$1:$BL$10,4,FALSE)","v":99},{"$f":"T17-HLOOKUP(X17,Feuil1!$C$1:$BL$10,5,FALSE)","v":84},{"$f":"T17-HLOOKUP(X17,Feuil1!$C$1:$BL$10,6,FALSE)","v":69},{"$f":"T17-HLOOKUP(X17,Feuil1!$C$1:$BL$10,7,FALSE)","v":54},{"$f":"T17-HLOOKUP(X17,Feuil1!$C$1:$BL$10,8,FALSE)","v":29},{"$f":"T17-HLOOKUP(X17,Feuil1!$C$1:$BL$10,9,FALSE)","v":9},{"$f":"T17-HLOOKUP(X17,Feuil1!$C$1:$BL$10,10,FALSE)","v":-801},null,null,null,null,null,null,{"$f":"IF(AJ17>=0,$AJ$4,IF(AI17>=0,$AI$4,IF(AH17>=0,$AH$4,IF(AG17>=0,$AG$4,IF(AF17>=0,$AF$4,IF(AE17>=0,$AE$4,IF(AD17>=0,$AD$4,IF(AC17>=0,$AC$4,$AB$4))))))))","v":"INTA +"}]
["H","NORD","NPC",2,328452,"HOELLE","Alexis",1998,55.9,"C.A.ROSENDAEL","F",75,79,83,83,95,100,-112,100,183,71.2,"INTB +",13,{"$f":"IF(I18=\"\",\"\",IF(A18=\"H\",IF(OR(H18=\"SEN\",H18<1995),VLOOKUP(I18,Feuil1!$A$11:$G$29,6),IF(AND(H18>1994,H18<1998),VLOOKUP(I18,Feuil1!$A$11:$G$29,5),IF(AND(H18>1997,H18<2000),VLOOKUP(I18,Feuil1!$A$11:$G$29,4),IF(AND(H18>1999,H18<2002),VLOOKUP(I18,Feuil1!$A$11:$G$29,3),VLOOKUP(I18,Feuil1!$A$11:$G$29,2))))),IF(OR(H18=\"SEN\",H18<1995),VLOOKUP(I18,Feuil1!$G$11:$L$25,6),IF(AND(H18>1994,H18<1998),VLOOKUP(I18,Feuil1!$G$11:$L$25,5),IF(AND(H18>1997,H18<2000),VLOOKUP(I18,Feuil1!$G$11:$L$25,4),IF(AND(H18>1999,H18<2002),VLOOKUP(I18,Feuil1!$G$11:$L$25,3),VLOOKUP(I18,Feuil1!$G$11:$L$25,2)))))))","v":"C2 56"},286.01914071705005,null," ",{"$f":"T18-HLOOKUP(X18,Feuil1!$C$1:$BL$10,2,FALSE)","v":118},{"$f":"T18-HLOOKUP(X18,Feuil1!$C$1:$BL$10,3,FALSE)","v":98},{"$f":"T18-HLOOKUP(X18,Feuil1!$C$1:$BL$10,4,FALSE)","v":83},{"$f":"T18-HLOOKUP(X18,Feuil1!$C$1:$BL$10,5,FALSE)","v":68},{"$f":"T18-HLOOKUP(X18,Feuil1!$C$1:$BL$10,6,FALSE)","v":53},{"$f":"T18-HLOOKUP(X18,Feuil1!$C$1:$BL$10,7,FALSE)","v":38},{"$f":"T18-HLOOKUP(X18,Feuil1!$C$1:$BL$10,8,FALSE)","v":13},{"$f":"T18-HLOOKUP(X18,Feuil1!$C$1:$BL$10,9,FALSE)","v":-7},{"$f":"T18-HLOOKUP(X18,Feuil1!$C$1:$BL$10,10,FALSE)","v":-817},null,null,null,null,null,null,"INTB +"]
["H","NORD","PIC",3,279883,"SEGARD","Lilian",1998,55.8,"La Vaillante Saint Quentin","F",65,70,75,75,85,90,95,95,170,58.400000000000006,"INTB +",0,{"$f":"IF(I19=\"\",\"\",IF(A19=\"H\",IF(OR(H19=\"SEN\",H19<1995),VLOOKUP(I19,Feuil1!$A$11:$G$29,6),IF(AND(H19>1994,H19<1998),VLOOKUP(I19,Feuil1!$A$11:$G$29,5),IF(AND(H19>1997,H19<2000),VLOOKUP(I19,Feuil1!$A$11:$G$29,4),IF(AND(H19>1999,H19<2002),VLOOKUP(I19,Feuil1!$A$11:$G$29,3),VLOOKUP(I19,Feuil1!$A$11:$G$29,2))))),IF(OR(H19=\"SEN\",H19<1995),VLOOKUP(I19,Feuil1!$G$11:$L$25,6),IF(AND(H19>1994,H19<1998),VLOOKUP(I19,Feuil1!$G$11:$L$25,5),IF(AND(H19>1997,H19<2000),VLOOKUP(I19,Feuil1!$G$11:$L$25,4),IF(AND(H19>1999,H19<2002),VLOOKUP(I19,Feuil1!$G$11:$L$25,3),VLOOKUP(I19,Feuil1!$G$11:$L$25,2)))))))","v":"C2 56"},266.07485979915253,null," ",{"$f":"T19-HLOOKUP(X19,Feuil1!$C$1:$BL$10,2,FALSE)","v":105},{"$f":"T19-HLOOKUP(X19,Feuil1!$C$1:$BL$10,3,FALSE)","v":85},{"$f":"T19-HLOOKUP(X19,Feuil1!$C$1:$BL$10,4,FALSE)","v":70},{"$f":"T19-HLOOKUP(X19,Feuil1!$C$1:$BL$10,5,FALSE)","v":55},{"$f":"T19-HLOOKUP(X19,Feuil1!$C$1:$BL$10,6,FALSE)","v":40},{"$f":"T19-HLOOKUP(X19,Feuil1!$C$1:$BL$10,7,FALSE)","v":25},{"$f":"T19-HLOOKUP(X19,Feuil1!$C$1:$BL$10,8,FALSE)","v":0},{"$f":"T19-HLOOKUP(X19,Feuil1!$C$1:$BL$10,9,FALSE)","v":-20},{"$f":"T19-HLOOKUP(X19,Feuil1!$C$1:$BL$10,10,FALSE)","v":-830},null,null,null,null,null,null,"INTB +"]
["H","SEST","CAZ",4,305873,"LANDAIS","Alexis",1999,55.8,"ES VILLENEUVE LOUBET","F",70,74,-76,74,88,93,96,96,170,58.400000000000006,"INTB +",0,{"$f":"IF(I20=\"\",\"\",IF(A20=\"H\",IF(OR(H20=\"SEN\",H20<1995),VLOOKUP(I20,Feuil1!$A$11:$G$29,6),IF(AND(H20>1994,H20<1998),VLOOKUP(I20,Feuil1!$A$11:$G$29,5),IF(AND(H20>1997,H20<2000),VLOOKUP(I20,Feuil1!$A$11:$G$29,4),IF(AND(H20>1999,H20<2002),VLOOKUP(I20,Feuil1!$A$11:$G$29,3),VLOOKUP(I20,Feuil1!$A$11:$G$29,2))))),IF(OR(H20=\"SEN\",H20<1995),VLOOKUP(I20,Feuil1!$G$11:$L$25,6),IF(AND(H20>1994,H20<1998),VLOOKUP(I20,Feuil1!$G$11:$L$25,5),IF(AND(H20>1997,H20<2000),VLOOKUP(I20,Feuil1!$G$11:$L$25,4),IF(AND(H20>1999,H20<2002),VLOOKUP(I20,Feuil1!$G$11:$L$25,3),VLOOKUP(I20,Feuil1!$G$11:$L$25,2)))))))","v":"C2 56"},266.07485979915253,null," ",{"$f":"T20-HLOOKUP(X20,Feuil1!$C$1:$BL$10,2,FALSE)","v":105},{"$f":"T20-HLOOKUP(X20,Feuil1!$C$1:$BL$10,3,FALSE)","v":85},{"$f":"T20-HLOOKUP(X20,Feuil1!$C$1:$BL$10,4,FALSE)","v":70},{"$f":"T20-HLOOKUP(X20,Feuil1!$C$1:$BL$10,5,FALSE)","v":55},{"$f":"T20-HLOOKUP(X20,Feuil1!$C$1:$BL$10,6,FALSE)","v":40},{"$f":"T20-HLOOKUP(X20,Feuil1!$C$1:$BL$10,7,FALSE)","v":25},{"$f":"T20-HLOOKUP(X20,Feuil1!$C$1:$BL$10,8,FALSE)","v":0},{"$f":"T20-HLOOKUP(X20,Feuil1!$C$1:$BL$10,9,FALSE)","v":-20},{"$f":"T20-HLOOKUP(X20,Feuil1!$C$1:$BL$10,10,FALSE)","v":-830},null,null,null,null,null,null,"INTB +"]
["H","NORD","PIC",5,343406,"CANUT","Timothé",1999,55,"La Vaillante Saint Quentin","F",67,-70,70,70,80,85,88,88,158,48,"NAT +",13,{"$f":"IF(I21=\"\",\"\",IF(A21=\"H\",IF(OR(H21=\"SEN\",H21<1995),VLOOKUP(I21,Feuil1!$A$11:$G$29,6),IF(AND(H21>1994,H21<1998),VLOOKUP(I21,Feuil1!$A$11:$G$29,5),IF(AND(H21>1997,H21<2000),VLOOKUP(I21,Feuil1!$A$11:$G$29,4),IF(AND(H21>1999,H21<2002),VLOOKUP(I21,Feuil1!$A$11:$G$29,3),VLOOKUP(I21,Feuil1!$A$11:$G$29,2))))),IF(OR(H21=\"SEN\",H21<1995),VLOOKUP(I21,Feuil1!$G$11:$L$25,6),IF(AND(H21>1994,H21<1998),VLOOKUP(I21,Feuil1!$G$11:$L$25,5),IF(AND(H21>1997,H21<2000),VLOOKUP(I21,Feuil1!$G$11:$L$25,4),IF(AND(H21>1999,H21<2002),VLOOKUP(I21,Feuil1!$G$11:$L$25,3),VLOOKUP(I21,Feuil1!$G$11:$L$25,2)))))))","v":"C2 56"},250.13485335071502,null," ",{"$f":"T21-HLOOKUP(X21,Feuil1!$C$1:$BL$10,2,FALSE)","v":93},{"$f":"T21-HLOOKUP(X21,Feuil1!$C$1:$BL$10,3,FALSE)","v":73},{"$f":"T21-HLOOKUP(X21,Feuil1!$C$1:$BL$10,4,FALSE)","v":58},{"$f":"T21-HLOOKUP(X21,Feuil1!$C$1:$BL$10,5,FALSE)","v":43},{"$f":"T21-HLOOKUP(X21,Feuil1!$C$1:$BL$10,6,FALSE)","v":28},{"$f":"T21-HLOOKUP(X21,Feuil1!$C$1:$BL$10,7,FALSE)","v":13},{"$f":"T21-HLOOKUP(X21,Feuil1!$C$1:$BL$10,8,FALSE)","v":-12},{"$f":"T21-HLOOKUP(X21,Feuil1!$C$1:$BL$10,9,FALSE)","v":-32},{"$f":"T21-HLOOKUP(X21,Feuil1!$C$1:$BL$10,10,FALSE)","v":-842},null,null,null,null,null,null,"NAT +"]
["H","NE","LOR",6,273033,"GUINDOS","Vincent",1998,55.6,"E.S.LANEUVEVILLOISE","F",65,68,70,70,83,86,-90,86,156,44.8,"NAT +",11,{"$f":"IF(I22=\"\",\"\",IF(A22=\"H\",IF(OR(H22=\"SEN\",H22<1995),VLOOKUP(I22,Feuil1!$A$11:$G$29,6),IF(AND(H22>1994,H22<1998),VLOOKUP(I22,Feuil1!$A$11:$G$29,5),IF(AND(H22>1997,H22<2000),VLOOKUP(I22,Feuil1!$A$11:$G$29,4),IF(AND(H22>1999,H22<2002),VLOOKUP(I22,Feuil1!$A$11:$G$29,3),VLOOKUP(I22,Feuil1!$A$11:$G$29,2))))),IF(OR(H22=\"SEN\",H22<1995),VLOOKUP(I22,Feuil1!$G$11:$L$25,6),IF(AND(H22>1994,H22<1998),VLOOKUP(I22,Feuil1!$G$11:$L$25,5),IF(AND(H22>1997,H22<2000),VLOOKUP(I22,Feuil1!$G$11:$L$25,4),IF(AND(H22>1999,H22<2002),VLOOKUP(I22,Feuil1!$G$11:$L$25,3),VLOOKUP(I22,Feuil1!$G$11:$L$25,2)))))))","v":"C2 56"},244.85418471277836,null," ",{"$f":"T22-HLOOKUP(X22,Feuil1!$C$1:$BL$10,2,FALSE)","v":91},{"$f":"T22-HLOOKUP(X22,Feuil1!$C$1:$BL$10,3,FALSE)","v":71},{"$f":"T22-HLOOKUP(X22,Feuil1!$C$1:$BL$10,4,FALSE)","v":56},{"$f":"T22-HLOOKUP(X22,Feuil1!$C$1:$BL$10,5,FALSE)","v":41},{"$f":"T22-HLOOKUP(X22,Feuil1!$C$1:$BL$10,6,FALSE)","v":26},{"$f":"T22-HLOOKUP(X22,Feuil1!$C$1:$BL$10,7,FALSE)","v":11},{"$f":"T22-HLOOKUP(X22,Feuil1!$C$1:$BL$10,8,FALSE)","v":-14},{"$f":"T22-HLOOKUP(X22,Feuil1!$C$1:$BL$10,9,FALSE)","v":-34},{"$f":"T22-HLOOKUP(X22,Feuil1!$C$1:$BL$10,10,FALSE)","v":-844},null,null,null,null,null,null,"NAT +"]
["H","SEST","LAN ",7,280808,"FERNANDEZ","Gabriel",1999,54.7,"Clermont Sports","F",58,60,62,62,77,80,83,83,145,35.599999999999994,"NAT +",0,{"$f":"IF(I23=\"\",\"\",IF(A23=\"H\",IF(OR(H23=\"SEN\",H23<1995),VLOOKUP(I23,Feuil1!$A$11:$G$29,6),IF(AND(H23>1994,H23<1998),VLOOKUP(I23,Feuil1!$A$11:$G$29,5),IF(AND(H23>1997,H23<2000),VLOOKUP(I23,Feuil1!$A$11:$G$29,4),IF(AND(H23>1999,H23<2002),VLOOKUP(I23,Feuil1!$A$11:$G$29,3),VLOOKUP(I23,Feuil1!$A$11:$G$29,2))))),IF(OR(H23=\"SEN\",H23<1995),VLOOKUP(I23,Feuil1!$G$11:$L$25,6),IF(AND(H23>1994,H23<1998),VLOOKUP(I23,Feuil1!$G$11:$L$25,5),IF(AND(H23>1997,H23<2000),VLOOKUP(I23,Feuil1!$G$11:$L$25,4),IF(AND(H23>1999,H23<2002),VLOOKUP(I23,Feuil1!$G$11:$L$25,3),VLOOKUP(I23,Feuil1!$G$11:$L$25,2)))))))","v":"C2 56"},230.55837246363822,null," ",{"$f":"T23-HLOOKUP(X23,Feuil1!$C$1:$BL$10,2,FALSE)","v":80},{"$f":"T23-HLOOKUP(X23,Feuil1!$C$1:$BL$10,3,FALSE)","v":60},{"$f":"T23-HLOOKUP(X23,Feuil1!$C$1:$BL$10,4,FALSE)","v":45},{"$f":"T23-HLOOKUP(X23,Feuil1!$C$1:$BL$10,5,FALSE)","v":30},{"$f":"T23-HLOOKUP(X23,Feuil1!$C$1:$BL$10,6,FALSE)","v":15},{"$f":"T23-HLOOKUP(X23,Feuil1!$C$1:$BL$10,7,FALSE)","v":0},{"$f":"T23-HLOOKUP(X23,Feuil1!$C$1:$BL$10,8,FALSE)","v":-25},{"$f":"T23-HLOOKUP(X23,Feuil1!$C$1:$BL$10,9,FALSE)","v":-45},{"$f":"T23-HLOOKUP(X23,Feuil1!$C$1:$BL$10,10,FALSE)","v":-855},null,null,null,null,null,null,"NAT +"]
["H","DOM","REU",8,250368,"MARKA","ERWAN",1999,54.51,"CSPJ St Denis","F",55,60,65,65,70,75,-80,75,140,30.980000000000004,"FED +",10,{"$f":"IF(I24=\"\",\"\",IF(A24=\"H\",IF(OR(H24=\"SEN\",H24<1995),VLOOKUP(I24,Feuil1!$A$11:$G$29,6),IF(AND(H24>1994,H24<1998),VLOOKUP(I24,Feuil1!$A$11:$G$29,5),IF(AND(H24>1997,H24<2000),VLOOKUP(I24,Feuil1!$A$11:$G$29,4),IF(AND(H24>1999,H24<2002),VLOOKUP(I24,Feuil1!$A$11:$G$29,3),VLOOKUP(I24,Feuil1!$A$11:$G$29,2))))),IF(OR(H24=\"SEN\",H24<1995),VLOOKUP(I24,Feuil1!$G$11:$L$25,6),IF(AND(H24>1994,H24<1998),VLOOKUP(I24,Feuil1!$G$11:$L$25,5),IF(AND(H24>1997,H24<2000),VLOOKUP(I24,Feuil1!$G$11:$L$25,4),IF(AND(H24>1999,H24<2002),VLOOKUP(I24,Feuil1!$G$11:$L$25,3),VLOOKUP(I24,Feuil1!$G$11:$L$25,2)))))))","v":"C2 56"},223.22952638176434,null," ",{"$f":"T24-HLOOKUP(X24,Feuil1!$C$1:$BL$10,2,FALSE)","v":75},{"$f":"T24-HLOOKUP(X24,Feuil1!$C$1:$BL$10,3,FALSE)","v":55},{"$f":"T24-HLOOKUP(X24,Feuil1!$C$1:$BL$10,4,FALSE)","v":40},{"$f":"T24-HLOOKUP(X24,Feuil1!$C$1:$BL$10,5,FALSE)","v":25},{"$f":"T24-HLOOKUP(X24,Feuil1!$C$1:$BL$10,6,FALSE)","v":10},{"$f":"T24-HLOOKUP(X24,Feuil1!$C$1:$BL$10,7,FALSE)","v":-5},{"$f":"T24-HLOOKUP(X24,Feuil1!$C$1:$BL$10,8,FALSE)","v":-30},{"$f":"T24-HLOOKUP(X24,Feuil1!$C$1:$BL$10,9,FALSE)","v":-50},{"$f":"T24-HLOOKUP(X24,Feuil1!$C$1:$BL$10,10,FALSE)","v":-860},null,null,null,null,null,null,"FED +"]
["H","NORD","NPC",9,332308,"EVERAERT","Gaëtan",1999,54.8,"ST POL SUR MER","F",50,55,58,58,70,75,78,78,136,26.400000000000006,"FED +",6,{"$f":"IF(I25=\"\",\"\",IF(A25=\"H\",IF(OR(H25=\"SEN\",H25<1995),VLOOKUP(I25,Feuil1!$A$11:$G$29,6),IF(AND(H25>1994,H25<1998),VLOOKUP(I25,Feuil1!$A$11:$G$29,5),IF(AND(H25>1997,H25<2000),VLOOKUP(I25,Feuil1!$A$11:$G$29,4),IF(AND(H25>1999,H25<2002),VLOOKUP(I25,Feuil1!$A$11:$G$29,3),VLOOKUP(I25,Feuil1!$A$11:$G$29,2))))),IF(OR(H25=\"SEN\",H25<1995),VLOOKUP(I25,Feuil1!$G$11:$L$25,6),IF(AND(H25>1994,H25<1998),VLOOKUP(I25,Feuil1!$G$11:$L$25,5),IF(AND(H25>1997,H25<2000),VLOOKUP(I25,Feuil1!$G$11:$L$25,4),IF(AND(H25>1999,H25<2002),VLOOKUP(I25,Feuil1!$G$11:$L$25,3),VLOOKUP(I25,Feuil1!$G$11:$L$25,2)))))))","v":"C2 56"},215.93235930358568,null," ",{"$f":"T25-HLOOKUP(X25,Feuil1!$C$1:$BL$10,2,FALSE)","v":71},{"$f":"T25-HLOOKUP(X25,Feuil1!$C$1:$BL$10,3,FALSE)","v":51},{"$f":"T25-HLOOKUP(X25,Feuil1!$C$1:$BL$10,4,FALSE)","v":36},{"$f":"T25-HLOOKUP(X25,Feuil1!$C$1:$BL$10,5,FALSE)","v":21},{"$f":"T25-HLOOKUP(X25,Feuil1!$C$1:$BL$10,6,FALSE)","v":6},{"$f":"T25-HLOOKUP(X25,Feuil1!$C$1:$BL$10,7,FALSE)","v":-9},{"$f":"T25-HLOOKUP(X25,Feuil1!$C$1:$BL$10,8,FALSE)","v":-34},{"$f":"T25-HLOOKUP(X25,Feuil1!$C$1:$BL$10,9,FALSE)","v":-54},{"$f":"T25-HLOOKUP(X25,Feuil1!$C$1:$BL$10,10,FALSE)","v":-864},null,null,null,null,null,null,"FED +"]
["H","DOM","GUA",10,363272,"PROCOPE","Nathanael",1998,56,"AHCS/Pointois","F",50,55,-57,55,70,75,-77,75,130,18,"FED +",0,{"$f":"IF(I26=\"\",\"\",IF(A26=\"H\",IF(OR(H26=\"SEN\",H26<1995),VLOOKUP(I26,Feuil1!$A$11:$G$29,6),IF(AND(H26>1994,H26<1998),VLOOKUP(I26,Feuil1!$A$11:$G$29,5),IF(AND(H26>1997,H26<2000),VLOOKUP(I26,Feuil1!$A$11:$G$29,4),IF(AND(H26>1999,H26<2002),VLOOKUP(I26,Feuil1!$A$11:$G$29,3),VLOOKUP(I26,Feuil1!$A$11:$G$29,2))))),IF(OR(H26=\"SEN\",H26<1995),VLOOKUP(I26,Feuil1!$G$11:$L$25,6),IF(AND(H26>1994,H26<1998),VLOOKUP(I26,Feuil1!$G$11:$L$25,5),IF(AND(H26>1997,H26<2000),VLOOKUP(I26,Feuil1!$G$11:$L$25,4),IF(AND(H26>1999,H26<2002),VLOOKUP(I26,Feuil1!$G$11:$L$25,3),VLOOKUP(I26,Feuil1!$G$11:$L$25,2)))))))","v":"C2 56"},202.89834161541921,null," ",{"$f":"T26-HLOOKUP(X26,Feuil1!$C$1:$BL$10,2,FALSE)","v":65},{"$f":"T26-HLOOKUP(X26,Feuil1!$C$1:$BL$10,3,FALSE)","v":45},{"$f":"T26-HLOOKUP(X26,Feuil1!$C$1:$BL$10,4,FALSE)","v":30},{"$f":"T26-HLOOKUP(X26,Feuil1!$C$1:$BL$10,5,FALSE)","v":15},{"$f":"T26-HLOOKUP(X26,Feuil1!$C$1:$BL$10,6,FALSE)","v":0},{"$f":"T26-HLOOKUP(X26,Feuil1!$C$1:$BL$10,7,FALSE)","v":-15},{"$f":"T26-HLOOKUP(X26,Feuil1!$C$1:$BL$10,8,FALSE)","v":-40},{"$f":"T26-HLOOKUP(X26,Feuil1!$C$1:$BL$10,9,FALSE)","v":-60},{"$f":"T26-HLOOKUP(X26,Feuil1!$C$1:$BL$10,10,FALSE)","v":-870},null,null,null,null,null,null,"FED +"]
["H","NE","BOU",11,166540,"LAMBERT","Brice",1998,55.9,"HC Saint Honoré les Bains","F",55,58,-60,58,65,70,-75,70,128,16.200000000000003,"IRG +",13,{"$f":"IF(I27=\"\",\"\",IF(A27=\"H\",IF(OR(H27=\"SEN\",H27<1995),VLOOKUP(I27,Feuil1!$A$11:$G$29,6),IF(AND(H27>1994,H27<1998),VLOOKUP(I27,Feuil1!$A$11:$G$29,5),IF(AND(H27>1997,H27<2000),VLOOKUP(I27,Feuil1!$A$11:$G$29,4),IF(AND(H27>1999,H27<2002),VLOOKUP(I27,Feuil1!$A$11:$G$29,3),VLOOKUP(I27,Feuil1!$A$11:$G$29,2))))),IF(OR(H27=\"SEN\",H27<1995),VLOOKUP(I27,Feuil1!$G$11:$L$25,6),IF(AND(H27>1994,H27<1998),VLOOKUP(I27,Feuil1!$G$11:$L$25,5),IF(AND(H27>1997,H27<2000),VLOOKUP(I27,Feuil1!$G$11:$L$25,4),IF(AND(H27>1999,H27<2002),VLOOKUP(I27,Feuil1!$G$11:$L$25,3),VLOOKUP(I27,Feuil1!$G$11:$L$25,2)))))))","v":"C2 56"},200.05710388952136,null," ",{"$f":"T27-HLOOKUP(X27,Feuil1!$C$1:$BL$10,2,FALSE)","v":63},{"$f":"T27-HLOOKUP(X27,Feuil1!$C$1:$BL$10,3,FALSE)","v":43},{"$f":"T27-HLOOKUP(X27,Feuil1!$C$1:$BL$10,4,FALSE)","v":28},{"$f":"T27-HLOOKUP(X27,Feuil1!$C$1:$BL$10,5,FALSE)","v":13},{"$f":"T27-HLOOKUP(X27,Feuil1!$C$1:$BL$10,6,FALSE)","v":-2},{"$f":"T27-HLOOKUP(X27,Feuil1!$C$1:$BL$10,7,FALSE)","v":-17},{"$f":"T27-HLOOKUP(X27,Feuil1!$C$1:$BL$10,8,FALSE)","v":-42},{"$f":"T27-HLOOKUP(X27,Feuil1!$C$1:$BL$10,9,FALSE)","v":-62},{"$f":"T27-HLOOKUP(X27,Feuil1!$C$1:$BL$10,10,FALSE)","v":-872},null,null,null,null,null,null,"IRG +"]
["H","NORD","NPC",12,279997,"RIQUIER","Dimitri",1999,52,"CHCD COMINES","F",48,52,55,55,65,70,-75,70,125,21,"IRG +",10,{"$f":"IF(I28=\"\",\"\",IF(A28=\"H\",IF(OR(H28=\"SEN\",H28<1995),VLOOKUP(I28,Feuil1!$A$11:$G$29,6),IF(AND(H28>1994,H28<1998),VLOOKUP(I28,Feuil1!$A$11:$G$29,5),IF(AND(H28>1997,H28<2000),VLOOKUP(I28,Feuil1!$A$11:$G$29,4),IF(AND(H28>1999,H28<2002),VLOOKUP(I28,Feuil1!$A$11:$G$29,3),VLOOKUP(I28,Feuil1!$A$11:$G$29,2))))),IF(OR(H28=\"SEN\",H28<1995),VLOOKUP(I28,Feuil1!$G$11:$L$25,6),IF(AND(H28>1994,H28<1998),VLOOKUP(I28,Feuil1!$G$11:$L$25,5),IF(AND(H28>1997,H28<2000),VLOOKUP(I28,Feuil1!$G$11:$L$25,4),IF(AND(H28>1999,H28<2002),VLOOKUP(I28,Feuil1!$G$11:$L$25,3),VLOOKUP(I28,Feuil1!$G$11:$L$25,2)))))))","v":"C2 56"},207.1541667171534,null," ",{"$f":"T28-HLOOKUP(X28,Feuil1!$C$1:$BL$10,2,FALSE)","v":60},{"$f":"T28-HLOOKUP(X28,Feuil1!$C$1:$BL$10,3,FALSE)","v":40},{"$f":"T28-HLOOKUP(X28,Feuil1!$C$1:$BL$10,4,FALSE)","v":25},{"$f":"T28-HLOOKUP(X28,Feuil1!$C$1:$BL$10,5,FALSE)","v":10},{"$f":"T28-HLOOKUP(X28,Feuil1!$C$1:$BL$10,6,FALSE)","v":-5},{"$f":"T28-HLOOKUP(X28,Feuil1!$C$1:$BL$10,7,FALSE)","v":-20},{"$f":"T28-HLOOKUP(X28,Feuil1!$C$1:$BL$10,8,FALSE)","v":-45},{"$f":"T28-HLOOKUP(X28,Feuil1!$C$1:$BL$10,9,FALSE)","v":-65},{"$f":"T28-HLOOKUP(X28,Feuil1!$C$1:$BL$10,10,FALSE)","v":-875},null,null,null,null,null,null,"IRG +"]
["H","SEST","RAL",13,391418,"BAH","Boubacar",1998,55.2,"Vaulx-en-Velin","F",53,-56,56,56,69,-74,-74,69,125,14.599999999999994,"IRG +",10,{"$f":"IF(I29=\"\",\"\",IF(A29=\"H\",IF(OR(H29=\"SEN\",H29<1995),VLOOKUP(I29,Feuil1!$A$11:$G$29,6),IF(AND(H29>1994,H29<1998),VLOOKUP(I29,Feuil1!$A$11:$G$29,5),IF(AND(H29>1997,H29<2000),VLOOKUP(I29,Feuil1!$A$11:$G$29,4),IF(AND(H29>1999,H29<2002),VLOOKUP(I29,Feuil1!$A$11:$G$29,3),VLOOKUP(I29,Feuil1!$A$11:$G$29,2))))),IF(OR(H29=\"SEN\",H29<1995),VLOOKUP(I29,Feuil1!$G$11:$L$25,6),IF(AND(H29>1994,H29<1998),VLOOKUP(I29,Feuil1!$G$11:$L$25,5),IF(AND(H29>1997,H29<2000),VLOOKUP(I29,Feuil1!$G$11:$L$25,4),IF(AND(H29>1999,H29<2002),VLOOKUP(I29,Feuil1!$G$11:$L$25,3),VLOOKUP(I29,Feuil1!$G$11:$L$25,2)))))))","v":"C2 56"},197.32130176162414,null," ",{"$f":"T29-HLOOKUP(X29,Feuil1!$C$1:$BL$10,2,FALSE)","v":60},{"$f":"T29-HLOOKUP(X29,Feuil1!$C$1:$BL$10,3,FALSE)","v":40},{"$f":"T29-HLOOKUP(X29,Feuil1!$C$1:$BL$10,4,FALSE)","v":25},{"$f":"T29-HLOOKUP(X29,Feuil1!$C$1:$BL$10,5,FALSE)","v":10},{"$f":"T29-HLOOKUP(X29,Feuil1!$C$1:$BL$10,6,FALSE)","v":-5},{"$f":"T29-HLOOKUP(X29,Feuil1!$C$1:$BL$10,7,FALSE)","v":-20},{"$f":"T29-HLOOKUP(X29,Feuil1!$C$1:$BL$10,8,FALSE)","v":-45},{"$f":"T29-HLOOKUP(X29,Feuil1!$C$1:$BL$10,9,FALSE)","v":-65},{"$f":"T29-HLOOKUP(X29,Feuil1!$C$1:$BL$10,10,FALSE)","v":-875},null,null,null,null,null,null,"IRG +"]
["H","CO","CEN",14,357303,"ESTEBAN","Marlon",1999,52.6,"AAJ Blois","F",52,54,-55,54,65,68,70,70,124,18.799999999999997,"IRG +",9,{"$f":"IF(I30=\"\",\"\",IF(A30=\"H\",IF(OR(H30=\"SEN\",H30<1995),VLOOKUP(I30,Feuil1!$A$11:$G$29,6),IF(AND(H30>1994,H30<1998),VLOOKUP(I30,Feuil1!$A$11:$G$29,5),IF(AND(H30>1997,H30<2000),VLOOKUP(I30,Feuil1!$A$11:$G$29,4),IF(AND(H30>1999,H30<2002),VLOOKUP(I30,Feuil1!$A$11:$G$29,3),VLOOKUP(I30,Feuil1!$A$11:$G$29,2))))),IF(OR(H30=\"SEN\",H30<1995),VLOOKUP(I30,Feuil1!$G$11:$L$25,6),IF(AND(H30>1994,H30<1998),VLOOKUP(I30,Feuil1!$G$11:$L$25,5),IF(AND(H30>1997,H30<2000),VLOOKUP(I30,Feuil1!$G$11:$L$25,4),IF(AND(H30>1999,H30<2002),VLOOKUP(I30,Feuil1!$G$11:$L$25,3),VLOOKUP(I30,Feuil1!$G$11:$L$25,2)))))))","v":"C2 56"},203.54723276214048,null," ",{"$f":"T30-HLOOKUP(X30,Feuil1!$C$1:$BL$10,2,FALSE)","v":59},{"$f":"T30-HLOOKUP(X30,Feuil1!$C$1:$BL$10,3,FALSE)","v":39},{"$f":"T30-HLOOKUP(X30,Feuil1!$C$1:$BL$10,4,FALSE)","v":24},{"$f":"T30-HLOOKUP(X30,Feuil1!$C$1:$BL$10,5,FALSE)","v":9},{"$f":"T30-HLOOKUP(X30,Feuil1!$C$1:$BL$10,6,FALSE)","v":-6},{"$f":"T30-HLOOKUP(X30,Feuil1!$C$1:$BL$10,7,FALSE)","v":-21},{"$f":"T30-HLOOKUP(X30,Feuil1!$C$1:$BL$10,8,FALSE)","v":-46},{"$f":"T30-HLOOKUP(X30,Feuil1!$C$1:$BL$10,9,FALSE)","v":-66},{"$f":"T30-HLOOKUP(X30,Feuil1!$C$1:$BL$10,10,FALSE)","v":-876},null,null,null,null,null,null,"IRG +"]
["H","NORD","PIC",15,277201,"FLAMENT","Dylan",1999,53.6,"Roisel CHFM","F",45,50,-53,50,67,72,-77,72,122,14.799999999999997,"IRG +",7,{"$f":"IF(I31=\"\",\"\",IF(A31=\"H\",IF(OR(H31=\"SEN\",H31<1995),VLOOKUP(I31,Feuil1!$A$11:$G$29,6),IF(AND(H31>1994,H31<1998),VLOOKUP(I31,Feuil1!$A$11:$G$29,5),IF(AND(H31>1997,H31<2000),VLOOKUP(I31,Feuil1!$A$11:$G$29,4),IF(AND(H31>1999,H31<2002),VLOOKUP(I31,Feuil1!$A$11:$G$29,3),VLOOKUP(I31,Feuil1!$A$11:$G$29,2))))),IF(OR(H31=\"SEN\",H31<1995),VLOOKUP(I31,Feuil1!$G$11:$L$25,6),IF(AND(H31>1994,H31<1998),VLOOKUP(I31,Feuil1!$G$11:$L$25,5),IF(AND(H31>1997,H31<2000),VLOOKUP(I31,Feuil1!$G$11:$L$25,4),IF(AND(H31>1999,H31<2002),VLOOKUP(I31,Feuil1!$G$11:$L$25,3),VLOOKUP(I31,Feuil1!$G$11:$L$25,2)))))))","v":"C2 56"},197.19343541499879,null," ",{"$f":"T31-HLOOKUP(X31,Feuil1!$C$1:$BL$10,2,FALSE)","v":57},{"$f":"T31-HLOOKUP(X31,Feuil1!$C$1:$BL$10,3,FALSE)","v":37},{"$f":"T31-HLOOKUP(X31,Feuil1!$C$1:$BL$10,4,FALSE)","v":22},{"$f":"T31-HLOOKUP(X31,Feuil1!$C$1:$BL$10,5,FALSE)","v":7},{"$f":"T31-HLOOKUP(X31,Feuil1!$C$1:$BL$10,6,FALSE)","v":-8},{"$f":"T31-HLOOKUP(X31,Feuil1!$C$1:$BL$10,7,FALSE)","v":-23},{"$f":"T31-HLOOKUP(X31,Feuil1!$C$1:$BL$10,8,FALSE)","v":-48},{"$f":"T31-HLOOKUP(X31,Feuil1!$C$1:$BL$10,9,FALSE)","v":-68},{"$f":"T31-HLOOKUP(X31,Feuil1!$C$1:$BL$10,10,FALSE)","v":-878},null,null,null,null,null,null,"IRG +"]
["H","NE","CHA",16,342472,"CHAPLET","Jason",1999,55.7,"Langres HM","F",40,45,48,48,65,68,-70,68,116,4.5999999999999943,"IRG +",1,{"$f":"IF(I32=\"\",\"\",IF(A32=\"H\",IF(OR(H32=\"SEN\",H32<1995),VLOOKUP(I32,Feuil1!$A$11:$G$29,6),IF(AND(H32>1994,H32<1998),VLOOKUP(I32,Feuil1!$A$11:$G$29,5),IF(AND(H32>1997,H32<2000),VLOOKUP(I32,Feuil1!$A$11:$G$29,4),IF(AND(H32>1999,H32<2002),VLOOKUP(I32,Feuil1!$A$11:$G$29,3),VLOOKUP(I32,Feuil1!$A$11:$G$29,2))))),IF(OR(H32=\"SEN\",H32<1995),VLOOKUP(I32,Feuil1!$G$11:$L$25,6),IF(AND(H32>1994,H32<1998),VLOOKUP(I32,Feuil1!$G$11:$L$25,5),IF(AND(H32>1997,H32<2000),VLOOKUP(I32,Feuil1!$G$11:$L$25,4),IF(AND(H32>1999,H32<2002),VLOOKUP(I32,Feuil1!$G$11:$L$25,3),VLOOKUP(I32,Feuil1!$G$11:$L$25,2)))))))","v":"C2 56"},181.81339717063636,null," ",{"$f":"T32-HLOOKUP(X32,Feuil1!$C$1:$BL$10,2,FALSE)","v":51},{"$f":"T32-HLOOKUP(X32,Feuil1!$C$1:$BL$10,3,FALSE)","v":31},{"$f":"T32-HLOOKUP(X32,Feuil1!$C$1:$BL$10,4,FALSE)","v":16},{"$f":"T32-HLOOKUP(X32,Feuil1!$C$1:$BL$10,5,FALSE)","v":1},{"$f":"T32-HLOOKUP(X32,Feuil1!$C$1:$BL$10,6,FALSE)","v":-14},{"$f":"T32-HLOOKUP(X32,Feuil1!$C$1:$BL$10,7,FALSE)","v":-29},{"$f":"T32-HLOOKUP(X32,Feuil1!$C$1:$BL$10,8,FALSE)","v":-54},{"$f":"T32-HLOOKUP(X32,Feuil1!$C$1:$BL$10,9,FALSE)","v":-74},{"$f":"T32-HLOOKUP(X32,Feuil1!$C$1:$BL$10,10,FALSE)","v":-884},null,null,null,null,null,null,"IRG +"]
["H","CO","CEN",17,360888,"PARCOLLET","Guillaume",1999,54.7,"CM Orléans","F",49,-51,-51,49,63,-66,66,66,115,5.5999999999999943,"IRG +",0,{"$f":"IF(I33=\"\",\"\",IF(A33=\"H\",IF(OR(H33=\"SEN\",H33<1995),VLOOKUP(I33,Feuil1!$A$11:$G$29,6),IF(AND(H33>1994,H33<1998),VLOOKUP(I33,Feuil1!$A$11:$G$29,5),IF(AND(H33>1997,H33<2000),VLOOKUP(I33,Feuil1!$A$11:$G$29,4),IF(AND(H33>1999,H33<2002),VLOOKUP(I33,Feuil1!$A$11:$G$29,3),VLOOKUP(I33,Feuil1!$A$11:$G$29,2))))),IF(OR(H33=\"SEN\",H33<1995),VLOOKUP(I33,Feuil1!$G$11:$L$25,6),IF(AND(H33>1994,H33<1998),VLOOKUP(I33,Feuil1!$G$11:$L$25,5),IF(AND(H33>1997,H33<2000),VLOOKUP(I33,Feuil1!$G$11:$L$25,4),IF(AND(H33>1999,H33<2002),VLOOKUP(I33,Feuil1!$G$11:$L$25,3),VLOOKUP(I33,Feuil1!$G$11:$L$25,2)))))))","v":"C2 56"},182.85664022978204,null," ",{"$f":"T33-HLOOKUP(X33,Feuil1!$C$1:$BL$10,2,FALSE)","v":50},{"$f":"T33-HLOOKUP(X33,Feuil1!$C$1:$BL$10,3,FALSE)","v":30},{"$f":"T33-HLOOKUP(X33,Feuil1!$C$1:$BL$10,4,FALSE)","v":15},{"$f":"T33-HLOOKUP(X33,Feuil1!$C$1:$BL$10,5,FALSE)","v":0},{"$f":"T33-HLOOKUP(X33,Feuil1!$C$1:$BL$10,6,FALSE)","v":-15},{"$f":"T33-HLOOKUP(X33,Feuil1!$C$1:$BL$10,7,FALSE)","v":-30},{"$f":"T33-HLOOKUP(X33,Feuil1!$C$1:$BL$10,8,FALSE)","v":-55},{"$f":"T33-HLOOKUP(X33,Feuil1!$C$1:$BL$10,9,FALSE)","v":-75},{"$f":"T33-HLOOKUP(X33,Feuil1!$C$1:$BL$10,10,FALSE)","v":-885},null,null,null,null,null,null,"IRG +"]
["H","SEST","CAZ",18,357153,"KHOU","Nicolas",1998,55.1,"ASLDD TOULON","F",41,44,-46,44,62,65,67,67,111,0.79999999999999716,"REG +",11,{"$f":"IF(I34=\"\",\"\",IF(A34=\"H\",IF(OR(H34=\"SEN\",H34<1995),VLOOKUP(I34,Feuil1!$A$11:$G$29,6),IF(AND(H34>1994,H34<1998),VLOOKUP(I34,Feuil1!$A$11:$G$29,5),IF(AND(H34>1997,H34<2000),VLOOKUP(I34,Feuil1!$A$11:$G$29,4),IF(AND(H34>1999,H34<2002),VLOOKUP(I34,Feuil1!$A$11:$G$29,3),VLOOKUP(I34,Feuil1!$A$11:$G$29,2))))),IF(OR(H34=\"SEN\",H34<1995),VLOOKUP(I34,Feuil1!$G$11:$L$25,6),IF(AND(H34>1994,H34<1998),VLOOKUP(I34,Feuil1!$G$11:$L$25,5),IF(AND(H34>1997,H34<2000),VLOOKUP(I34,Feuil1!$G$11:$L$25,4),IF(AND(H34>1999,H34<2002),VLOOKUP(I34,Feuil1!$G$11:$L$25,3),VLOOKUP(I34,Feuil1!$G$11:$L$25,2)))))))","v":"C2 56"},175.47387129464573,null," ",{"$f":"T34-HLOOKUP(X34,Feuil1!$C$1:$BL$10,2,FALSE)","v":46},{"$f":"T34-HLOOKUP(X34,Feuil1!$C$1:$BL$10,3,FALSE)","v":26},{"$f":"T34-HLOOKUP(X34,Feuil1!$C$1:$BL$10,4,FALSE)","v":11},{"$f":"T34-HLOOKUP(X34,Feuil1!$C$1:$BL$10,5,FALSE)","v":-4},{"$f":"T34-HLOOKUP(X34,Feuil1!$C$1:$BL$10,6,FALSE)","v":-19},{"$f":"T34-HLOOKUP(X34,Feuil1!$C$1:$BL$10,7,FALSE)","v":-34},{"$f":"T34-HLOOKUP(X34,Feuil1!$C$1:$BL$10,8,FALSE)","v":-59},{"$f":"T34-HLOOKUP(X34,Feuil1!$C$1:$BL$10,9,FALSE)","v":-79},{"$f":"T34-HLOOKUP(X34,Feuil1!$C$1:$BL$10,10,FALSE)","v":-889},null,null,null,null,null,null,"REG +"]
["H","CO","BRE",19,353388,"LERUYET","Kévin",1999,56,"AL Quimper","F",49,-53,-53,49,59,-61,61,61,110,-2,"REG +",10,{"$f":"IF(I35=\"\",\"\",IF(A35=\"H\",IF(OR(H35=\"SEN\",H35<1995),VLOOKUP(I35,Feuil1!$A$11:$G$29,6),IF(AND(H35>1994,H35<1998),VLOOKUP(I35,Feuil1!$A$11:$G$29,5),IF(AND(H35>1997,H35<2000),VLOOKUP(I35,Feuil1!$A$11:$G$29,4),IF(AND(H35>1999,H35<2002),VLOOKUP(I35,Feuil1!$A$11:$G$29,3),VLOOKUP(I35,Feuil1!$A$11:$G$29,2))))),IF(OR(H35=\"SEN\",H35<1995),VLOOKUP(I35,Feuil1!$G$11:$L$25,6),IF(AND(H35>1994,H35<1998),VLOOKUP(I35,Feuil1!$G$11:$L$25,5),IF(AND(H35>1997,H35<2000),VLOOKUP(I35,Feuil1!$G$11:$L$25,4),IF(AND(H35>1999,H35<2002),VLOOKUP(I35,Feuil1!$G$11:$L$25,3),VLOOKUP(I35,Feuil1!$G$11:$L$25,2)))))))","v":"C2 56"},171.68321213612396,null," ",{"$f":"T35-HLOOKUP(X35,Feuil1!$C$1:$BL$10,2,FALSE)","v":45},{"$f":"T35-HLOOKUP(X35,Feuil1!$C$1:$BL$10,3,FALSE)","v":25},{"$f":"T35-HLOOKUP(X35,Feuil1!$C$1:$BL$10,4,FALSE)","v":10},{"$f":"T35-HLOOKUP(X35,Feuil1!$C$1:$BL$10,5,FALSE)","v":-5},{"$f":"T35-HLOOKUP(X35,Feuil1!$C$1:$BL$10,6,FALSE)","v":-20},{"$f":"T35-HLOOKUP(X35,Feuil1!$C$1:$BL$10,7,FALSE)","v":-35},{"$f":"T35-HLOOKUP(X35,Feuil1!$C$1:$BL$10,8,FALSE)","v":-60},{"$f":"T35-HLOOKUP(X35,Feuil1!$C$1:$BL$10,9,FALSE)","v":-80},{"$f":"T35-HLOOKUP(X35,Feuil1!$C$1:$BL$10,10,FALSE)","v":-890},null,null,null,null,null,null,"REG +"]
["H","CO","PDL",20,378714,"ABRAHAM","BENJAMIN",1998,52.3,"CJF LAVAL/VOUTRÉ","F",42,-45,-45,42,57,-60,63,63,105,0.40000000000000568,"REG +",5,{"$f":"IF(I36=\"\",\"\",IF(A36=\"H\",IF(OR(H36=\"SEN\",H36<1995),VLOOKUP(I36,Feuil1!$A$11:$G$29,6),IF(AND(H36>1994,H36<1998),VLOOKUP(I36,Feuil1!$A$11:$G$29,5),IF(AND(H36>1997,H36<2000),VLOOKUP(I36,Feuil1!$A$11:$G$29,4),IF(AND(H36>1999,H36<2002),VLOOKUP(I36,Feuil1!$A$11:$G$29,3),VLOOKUP(I36,Feuil1!$A$11:$G$29,2))))),IF(OR(H36=\"SEN\",H36<1995),VLOOKUP(I36,Feuil1!$G$11:$L$25,6),IF(AND(H36>1994,H36<1998),VLOOKUP(I36,Feuil1!$G$11:$L$25,5),IF(AND(H36>1997,H36<2000),VLOOKUP(I36,Feuil1!$G$11:$L$25,4),IF(AND(H36>1999,H36<2002),VLOOKUP(I36,Feuil1!$G$11:$L$25,3),VLOOKUP(I36,Feuil1!$G$11:$L$25,2)))))))","v":"C2 56"},173.17772131354593,null," ",{"$f":"T36-HLOOKUP(X36,Feuil1!$C$1:$BL$10,2,FALSE)","v":40},{"$f":"T36-HLOOKUP(X36,Feuil1!$C$1:$BL$10,3,FALSE)","v":20},{"$f":"T36-HLOOKUP(X36,Feuil1!$C$1:$BL$10,4,FALSE)","v":5},{"$f":"T36-HLOOKUP(X36,Feuil1!$C$1:$BL$10,5,FALSE)","v":-10},{"$f":"T36-HLOOKUP(X36,Feuil1!$C$1:$BL$10,6,FALSE)","v":-25},{"$f":"T36-HLOOKUP(X36,Feuil1!$C$1:$BL$10,7,FALSE)","v":-40},{"$f":"T36-HLOOKUP(X36,Feuil1!$C$1:$BL$10,8,FALSE)","v":-65},{"$f":"T36-HLOOKUP(X36,Feuil1!$C$1:$BL$10,9,FALSE)","v":-85},{"$f":"T36-HLOOKUP(X36,Feuil1!$C$1:$BL$10,10,FALSE)","v":-895},null,null,null,null,null,null,"REG +"]
["H","NORD","PIC",21,275111,"VIESIER","Kévin",1999,56,"Saleux CHM","F",40,43,-45,43,55,60,-65,60,103,-9,"REG +",3,{"$f":"IF(I37=\"\",\"\",IF(A37=\"H\",IF(OR(H37=\"SEN\",H37<1995),VLOOKUP(I37,Feuil1!$A$11:$G$29,6),IF(AND(H37>1994,H37<1998),VLOOKUP(I37,Feuil1!$A$11:$G$29,5),IF(AND(H37>1997,H37<2000),VLOOKUP(I37,Feuil1!$A$11:$G$29,4),IF(AND(H37>1999,H37<2002),VLOOKUP(I37,Feuil1!$A$11:$G$29,3),VLOOKUP(I37,Feuil1!$A$11:$G$29,2))))),IF(OR(H37=\"SEN\",H37<1995),VLOOKUP(I37,Feuil1!$G$11:$L$25,6),IF(AND(H37>1994,H37<1998),VLOOKUP(I37,Feuil1!$G$11:$L$25,5),IF(AND(H37>1997,H37<2000),VLOOKUP(I37,Feuil1!$G$11:$L$25,4),IF(AND(H37>1999,H37<2002),VLOOKUP(I37,Feuil1!$G$11:$L$25,3),VLOOKUP(I37,Feuil1!$G$11:$L$25,2)))))))","v":"C2 56"},160.7579168183706,null," ",{"$f":"T37-HLOOKUP(X37,Feuil1!$C$1:$BL$10,2,FALSE)","v":38},{"$f":"T37-HLOOKUP(X37,Feuil1!$C$1:$BL$10,3,FALSE)","v":18},{"$f":"T37-HLOOKUP(X37,Feuil1!$C$1:$BL$10,4,FALSE)","v":3},{"$f":"T37-HLOOKUP(X37,Feuil1!$C$1:$BL$10,5,FALSE)","v":-12},{"$f":"T37-HLOOKUP(X37,Feuil1!$C$1:$BL$10,6,FALSE)","v":-27},{"$f":"T37-HLOOKUP(X37,Feuil1!$C$1:$BL$10,7,FALSE)","v":-42},{"$f":"T37-HLOOKUP(X37,Feuil1!$C$1:$BL$10,8,FALSE)","v":-67},{"$f":"T37-HLOOKUP(X37,Feuil1!$C$1:$BL$10,9,FALSE)","v":-87},{"$f":"T37-HLOOKUP(X37,Feuil1!$C$1:$BL$10,10,FALSE)","v":-897},null,null,null,null,null,null,"REG +"]
["H","N","IDF",22,377073,"BENSOUSSAN","JOACHIM",1999,50.5,"FRANCONVILLE","F",40,45,-46,45,50,55,-56,55,100,-1,"REG +",0,{"$f":"IF(I38=\"\",\"\",IF(A38=\"H\",IF(OR(H38=\"SEN\",H38<1995),VLOOKUP(I38,Feuil1!$A$11:$G$29,6),IF(AND(H38>1994,H38<1998),VLOOKUP(I38,Feuil1!$A$11:$G$29,5),IF(AND(H38>1997,H38<2000),VLOOKUP(I38,Feuil1!$A$11:$G$29,4),IF(AND(H38>1999,H38<2002),VLOOKUP(I38,Feuil1!$A$11:$G$29,3),VLOOKUP(I38,Feuil1!$A$11:$G$29,2))))),IF(OR(H38=\"SEN\",H38<1995),VLOOKUP(I38,Feuil1!$G$11:$L$25,6),IF(AND(H38>1994,H38<1998),VLOOKUP(I38,Feuil1!$G$11:$L$25,5),IF(AND(H38>1997,H38<2000),VLOOKUP(I38,Feuil1!$G$11:$L$25,4),IF(AND(H38>1999,H38<2002),VLOOKUP(I38,Feuil1!$G$11:$L$25,3),VLOOKUP(I38,Feuil1!$G$11:$L$25,2)))))))","v":"C2 56"},169.87340290399678,null," ",{"$f":"T38-HLOOKUP(X38,Feuil1!$C$1:$BL$10,2,FALSE)","v":35},{"$f":"T38-HLOOKUP(X38,Feuil1!$C$1:$BL$10,3,FALSE)","v":15},{"$f":"T38-HLOOKUP(X38,Feuil1!$C$1:$BL$10,4,FALSE)","v":0},{"$f":"T38-HLOOKUP(X38,Feuil1!$C$1:$BL$10,5,FALSE)","v":-15},{"$f":"T38-HLOOKUP(X38,Feuil1!$C$1:$BL$10,6,FALSE)","v":-30},{"$f":"T38-HLOOKUP(X38,Feuil1!$C$1:$BL$10,7,FALSE)","v":-45},{"$f":"T38-HLOOKUP(X38,Feuil1!$C$1:$BL$10,8,FALSE)","v":-70},{"$f":"T38-HLOOKUP(X38,Feuil1!$C$1:$BL$10,9,FALSE)","v":-90},{"$f":"T38-HLOOKUP(X38,Feuil1!$C$1:$BL$10,10,FALSE)","v":-900},null,null,null,null,null,null,"REG +"]
["H","SEST","RAL",23,388850,"GAZE","William",1999,51,"CH Ansois","F",40,-43,44,44,51,56,-57,56,100,-2,"REG +",0,{"$f":"IF(I39=\"\",\"\",IF(A39=\"H\",IF(OR(H39=\"SEN\",H39<1995),VLOOKUP(I39,Feuil1!$A$11:$G$29,6),IF(AND(H39>1994,H39<1998),VLOOKUP(I39,Feuil1!$A$11:$G$29,5),IF(AND(H39>1997,H39<2000),VLOOKUP(I39,Feuil1!$A$11:$G$29,4),IF(AND(H39>1999,H39<2002),VLOOKUP(I39,Feuil1!$A$11:$G$29,3),VLOOKUP(I39,Feuil1!$A$11:$G$29,2))))),IF(OR(H39=\"SEN\",H39<1995),VLOOKUP(I39,Feuil1!$G$11:$L$25,6),IF(AND(H39>1994,H39<1998),VLOOKUP(I39,Feuil1!$G$11:$L$25,5),IF(AND(H39>1997,H39<2000),VLOOKUP(I39,Feuil1!$G$11:$L$25,4),IF(AND(H39>1999,H39<2002),VLOOKUP(I39,Feuil1!$G$11:$L$25,3),VLOOKUP(I39,Feuil1!$G$11:$L$25,2)))))))","v":"C2 56"},168.4539115824079,null," ",{"$f":"T39-HLOOKUP(X39,Feuil1!$C$1:$BL$10,2,FALSE)","v":35},{"$f":"T39-HLOOKUP(X39,Feuil1!$C$1:$BL$10,3,FALSE)","v":15},{"$f":"T39-HLOOKUP(X39,Feuil1!$C$1:$BL$10,4,FALSE)","v":0},{"$f":"T39-HLOOKUP(X39,Feuil1!$C$1:$BL$10,5,FALSE)","v":-15},{"$f":"T39-HLOOKUP(X39,Feuil1!$C$1:$BL$10,6,FALSE)","v":-30},{"$f":"T39-HLOOKUP(X39,Feuil1!$C$1:$BL$10,7,FALSE)","v":-45},{"$f":"T39-HLOOKUP(X39,Feuil1!$C$1:$BL$10,8,FALSE)","v":-70},{"$f":"T39-HLOOKUP(X39,Feuil1!$C$1:$BL$10,9,FALSE)","v":-90},{"$f":"T39-HLOOKUP(X39,Feuil1!$C$1:$BL$10,10,FALSE)","v":-900},null,null,null,null,null,null,"REG +"]
["H","CO","BRE",24,353054,"DREANO","Maxence",1998,53.1,"CA Lorient","F",41,44,46,46,50,-54,54,54,100,-6.2000000000000028,"REG +",0,{"$f":"IF(I40=\"\",\"\",IF(A40=\"H\",IF(OR(H40=\"SEN\",H40<1995),VLOOKUP(I40,Feuil1!$A$11:$G$29,6),IF(AND(H40>1994,H40<1998),VLOOKUP(I40,Feuil1!$A$11:$G$29,5),IF(AND(H40>1997,H40<2000),VLOOKUP(I40,Feuil1!$A$11:$G$29,4),IF(AND(H40>1999,H40<2002),VLOOKUP(I40,Feuil1!$A$11:$G$29,3),VLOOKUP(I40,Feuil1!$A$11:$G$29,2))))),IF(OR(H40=\"SEN\",H40<1995),VLOOKUP(I40,Feuil1!$G$11:$L$25,6),IF(AND(H40>1994,H40<1998),VLOOKUP(I40,Feuil1!$G$11:$L$25,5),IF(AND(H40>1997,H40<2000),VLOOKUP(I40,Feuil1!$G$11:$L$25,4),IF(AND(H40>1999,H40<2002),VLOOKUP(I40,Feuil1!$G$11:$L$25,3),VLOOKUP(I40,Feuil1!$G$11:$L$25,2)))))))","v":"C2 56"},162.87670958674104,null," ",{"$f":"T40-HLOOKUP(X40,Feuil1!$C$1:$BL$10,2,FALSE)","v":35},{"$f":"T40-HLOOKUP(X40,Feuil1!$C$1:$BL$10,3,FALSE)","v":15},{"$f":"T40-HLOOKUP(X40,Feuil1!$C$1:$BL$10,4,FALSE)","v":0},{"$f":"T40-HLOOKUP(X40,Feuil1!$C$1:$BL$10,5,FALSE)","v":-15},{"$f":"T40-HLOOKUP(X40,Feuil1!$C$1:$BL$10,6,FALSE)","v":-30},{"$f":"T40-HLOOKUP(X40,Feuil1!$C$1:$BL$10,7,FALSE)","v":-45},{"$f":"T40-HLOOKUP(X40,Feuil1!$C$1:$BL$10,8,FALSE)","v":-70},{"$f":"T40-HLOOKUP(X40,Feuil1!$C$1:$BL$10,9,FALSE)","v":-90},{"$f":"T40-HLOOKUP(X40,Feuil1!$C$1:$BL$10,10,FALSE)","v":-900},null,null,null,null,null,null,"REG +"]
["H","CO","BRE",25,377881,"LEFEUVRE","Novan",1999,50.4,"AL Quimper","F",42,45,-47,45,48,51,-53,51,96,-4.7999999999999972,"DEP +",11,{"$f":"IF(I41=\"\",\"\",IF(A41=\"H\",IF(OR(H41=\"SEN\",H41<1995),VLOOKUP(I41,Feuil1!$A$11:$G$29,6),IF(AND(H41>1994,H41<1998),VLOOKUP(I41,Feuil1!$A$11:$G$29,5),IF(AND(H41>1997,H41<2000),VLOOKUP(I41,Feuil1!$A$11:$G$29,4),IF(AND(H41>1999,H41<2002),VLOOKUP(I41,Feuil1!$A$11:$G$29,3),VLOOKUP(I41,Feuil1!$A$11:$G$29,2))))),IF(OR(H41=\"SEN\",H41<1995),VLOOKUP(I41,Feuil1!$G$11:$L$25,6),IF(AND(H41>1994,H41<1998),VLOOKUP(I41,Feuil1!$G$11:$L$25,5),IF(AND(H41>1997,H41<2000),VLOOKUP(I41,Feuil1!$G$11:$L$25,4),IF(AND(H41>1999,H41<2002),VLOOKUP(I41,Feuil1!$G$11:$L$25,3),VLOOKUP(I41,Feuil1!$G$11:$L$25,2)))))))","v":"C2 56"},163.35533403997249,null," ",{"$f":"T41-HLOOKUP(X41,Feuil1!$C$1:$BL$10,2,FALSE)","v":31},{"$f":"T41-HLOOKUP(X41,Feuil1!$C$1:$BL$10,3,FALSE)","v":11},{"$f":"T41-HLOOKUP(X41,Feuil1!$C$1:$BL$10,4,FALSE)","v":-4},{"$f":"T41-HLOOKUP(X41,Feuil1!$C$1:$BL$10,5,FALSE)","v":-19},{"$f":"T41-HLOOKUP(X41,Feuil1!$C$1:$BL$10,6,FALSE)","v":-34},{"$f":"T41-HLOOKUP(X41,Feuil1!$C$1:$BL$10,7,FALSE)","v":-49},{"$f":"T41-HLOOKUP(X41,Feuil1!$C$1:$BL$10,8,FALSE)","v":-74},{"$f":"T41-HLOOKUP(X41,Feuil1!$C$1:$BL$10,9,FALSE)","v":-94},{"$f":"T41-HLOOKUP(X41,Feuil1!$C$1:$BL$10,10,FALSE)","v":-904},null,null,null,null,null,null,"DEP +"]
["H","CO","PDL",26,357292,"CODABACCUS","JORDAN",1998,54.7,"CJF LAVAL/VOUTRÉ","Mau",40,42,-44,42,48,50,52,52,94,-15.400000000000006,"DEP +",9,{"$f":"IF(I42=\"\",\"\",IF(A42=\"H\",IF(OR(H42=\"SEN\",H42<1995),VLOOKUP(I42,Feuil1!$A$11:$G$29,6),IF(AND(H42>1994,H42<1998),VLOOKUP(I42,Feuil1!$A$11:$G$29,5),IF(AND(H42>1997,H42<2000),VLOOKUP(I42,Feuil1!$A$11:$G$29,4),IF(AND(H42>1999,H42<2002),VLOOKUP(I42,Feuil1!$A$11:$G$29,3),VLOOKUP(I42,Feuil1!$A$11:$G$29,2))))),IF(OR(H42=\"SEN\",H42<1995),VLOOKUP(I42,Feuil1!$G$11:$L$25,6),IF(AND(H42>1994,H42<1998),VLOOKUP(I42,Feuil1!$G$11:$L$25,5),IF(AND(H42>1997,H42<2000),VLOOKUP(I42,Feuil1!$G$11:$L$25,4),IF(AND(H42>1999,H42<2002),VLOOKUP(I42,Feuil1!$G$11:$L$25,3),VLOOKUP(I42,Feuil1!$G$11:$L$25,2)))))))","v":"C2 56"},149.46542766608272,null," ",{"$f":"T42-HLOOKUP(X42,Feuil1!$C$1:$BL$10,2,FALSE)","v":29},{"$f":"T42-HLOOKUP(X42,Feuil1!$C$1:$BL$10,3,FALSE)","v":9},{"$f":"T42-HLOOKUP(X42,Feuil1!$C$1:$BL$10,4,FALSE)","v":-6},{"$f":"T42-HLOOKUP(X42,Feuil1!$C$1:$BL$10,5,FALSE)","v":-21},{"$f":"T42-HLOOKUP(X42,Feuil1!$C$1:$BL$10,6,FALSE)","v":-36},{"$f":"T42-HLOOKUP(X42,Feuil1!$C$1:$BL$10,7,FALSE)","v":-51},{"$f":"T42-HLOOKUP(X42,Feuil1!$C$1:$BL$10,8,FALSE)","v":-76},{"$f":"T42-HLOOKUP(X42,Feuil1!$C$1:$BL$10,9,FALSE)","v":-96},{"$f":"T42-HLOOKUP(X42,Feuil1!$C$1:$BL$10,10,FALSE)","v":-906},null,null,null,null,null,null,"DEP +"]
["H","CO","BRE",27,353056,"LOAS","Kévin",1999,54.1,"CA Lorient","F",37,39,41,41,47,49,52,52,93,-15.200000000000003,"DEP +",8,{"$f":"IF(I43=\"\",\"\",IF(A43=\"H\",IF(OR(H43=\"SEN\",H43<1995),VLOOKUP(I43,Feuil1!$A$11:$G$29,6),IF(AND(H43>1994,H43<1998),VLOOKUP(I43,Feuil1!$A$11:$G$29,5),IF(AND(H43>1997,H43<2000),VLOOKUP(I43,Feuil1!$A$11:$G$29,4),IF(AND(H43>1999,H43<2002),VLOOKUP(I43,Feuil1!$A$11:$G$29,3),VLOOKUP(I43,Feuil1!$A$11:$G$29,2))))),IF(OR(H43=\"SEN\",H43<1995),VLOOKUP(I43,Feuil1!$G$11:$L$25,6),IF(AND(H43>1994,H43<1998),VLOOKUP(I43,Feuil1!$G$11:$L$25,5),IF(AND(H43>1997,H43<2000),VLOOKUP(I43,Feuil1!$G$11:$L$25,4),IF(AND(H43>1999,H43<2002),VLOOKUP(I43,Feuil1!$G$11:$L$25,3),VLOOKUP(I43,Feuil1!$G$11:$L$25,2)))))))","v":"C2 56"},149.19217562204983,null," ",{"$f":"T43-HLOOKUP(X43,Feuil1!$C$1:$BL$10,2,FALSE)","v":28},{"$f":"T43-HLOOKUP(X43,Feuil1!$C$1:$BL$10,3,FALSE)","v":8},{"$f":"T43-HLOOKUP(X43,Feuil1!$C$1:$BL$10,4,FALSE)","v":-7},{"$f":"T43-HLOOKUP(X43,Feuil1!$C$1:$BL$10,5,FALSE)","v":-22},{"$f":"T43-HLOOKUP(X43,Feuil1!$C$1:$BL$10,6,FALSE)","v":-37},{"$f":"T43-HLOOKUP(X43,Feuil1!$C$1:$BL$10,7,FALSE)","v":-52},{"$f":"T43-HLOOKUP(X43,Feuil1!$C$1:$BL$10,8,FALSE)","v":-77},{"$f":"T43-HLOOKUP(X43,Feuil1!$C$1:$BL$10,9,FALSE)","v":-97},{"$f":"T43-HLOOKUP(X43,Feuil1!$C$1:$BL$10,10,FALSE)","v":-907},null,null,null,null,null,null,"DEP +"]
["H","NE","ALS",28,355150,"ENGEL","NICOLAS",1998,55.7,"SR Obernai HM","F",-38,-38,38,38,50,55,-58,55,93,-18.400000000000006,"DEP +",8,{"$f":"IF(I44=\"\",\"\",IF(A44=\"H\",IF(OR(H44=\"SEN\",H44<1995),VLOOKUP(I44,Feuil1!$A$11:$G$29,6),IF(AND(H44>1994,H44<1998),VLOOKUP(I44,Feuil1!$A$11:$G$29,5),IF(AND(H44>1997,H44<2000),VLOOKUP(I44,Feuil1!$A$11:$G$29,4),IF(AND(H44>1999,H44<2002),VLOOKUP(I44,Feuil1!$A$11:$G$29,3),VLOOKUP(I44,Feuil1!$A$11:$G$29,2))))),IF(OR(H44=\"SEN\",H44<1995),VLOOKUP(I44,Feuil1!$G$11:$L$25,6),IF(AND(H44>1994,H44<1998),VLOOKUP(I44,Feuil1!$G$11:$L$25,5),IF(AND(H44>1997,H44<2000),VLOOKUP(I44,Feuil1!$G$11:$L$25,4),IF(AND(H44>1999,H44<2002),VLOOKUP(I44,Feuil1!$G$11:$L$25,3),VLOOKUP(I44,Feuil1!$G$11:$L$25,2)))))))","v":"C2 56"},145.76418911094123,null," ",{"$f":"T44-HLOOKUP(X44,Feuil1!$C$1:$BL$10,2,FALSE)","v":28},{"$f":"T44-HLOOKUP(X44,Feuil1!$C$1:$BL$10,3,FALSE)","v":8},{"$f":"T44-HLOOKUP(X44,Feuil1!$C$1:$BL$10,4,FALSE)","v":-7},{"$f":"T44-HLOOKUP(X44,Feuil1!$C$1:$BL$10,5,FALSE)","v":-22},{"$f":"T44-HLOOKUP(X44,Feuil1!$C$1:$BL$10,6,FALSE)","v":-37},{"$f":"T44-HLOOKUP(X44,Feuil1!$C$1:$BL$10,7,FALSE)","v":-52},{"$f":"T44-HLOOKUP(X44,Feuil1!$C$1:$BL$10,8,FALSE)","v":-77},{"$f":"T44-HLOOKUP(X44,Feuil1!$C$1:$BL$10,9,FALSE)","v":-97},{"$f":"T44-HLOOKUP(X44,Feuil1!$C$1:$BL$10,10,FALSE)","v":-907},null,null,null,null,null,null,"DEP +"]
["H","DOM","GUA",29,379132,"APPATORE","Jordan",1999,55.2,"AHCS/Pointois","F",35,40,-43,40,42,48,50,50,90,-20.400000000000006,"DEP +",5,{"$f":"IF(I45=\"\",\"\",IF(A45=\"H\",IF(OR(H45=\"SEN\",H45<1995),VLOOKUP(I45,Feuil1!$A$11:$G$29,6),IF(AND(H45>1994,H45<1998),VLOOKUP(I45,Feuil1!$A$11:$G$29,5),IF(AND(H45>1997,H45<2000),VLOOKUP(I45,Feuil1!$A$11:$G$29,4),IF(AND(H45>1999,H45<2002),VLOOKUP(I45,Feuil1!$A$11:$G$29,3),VLOOKUP(I45,Feuil1!$A$11:$G$29,2))))),IF(OR(H45=\"SEN\",H45<1995),VLOOKUP(I45,Feuil1!$G$11:$L$25,6),IF(AND(H45>1994,H45<1998),VLOOKUP(I45,Feuil1!$G$11:$L$25,5),IF(AND(H45>1997,H45<2000),VLOOKUP(I45,Feuil1!$G$11:$L$25,4),IF(AND(H45>1999,H45<2002),VLOOKUP(I45,Feuil1!$G$11:$L$25,3),VLOOKUP(I45,Feuil1!$G$11:$L$25,2)))))))","v":"C2 56"},142.07133726836938,null," ",{"$f":"T45-HLOOKUP(X45,Feuil1!$C$1:$BL$10,2,FALSE)","v":25},{"$f":"T45-HLOOKUP(X45,Feuil1!$C$1:$BL$10,3,FALSE)","v":5},{"$f":"T45-HLOOKUP(X45,Feuil1!$C$1:$BL$10,4,FALSE)","v":-10},{"$f":"T45-HLOOKUP(X45,Feuil1!$C$1:$BL$10,5,FALSE)","v":-25},{"$f":"T45-HLOOKUP(X45,Feuil1!$C$1:$BL$10,6,FALSE)","v":-40},{"$f":"T45-HLOOKUP(X45,Feuil1!$C$1:$BL$10,7,FALSE)","v":-55},{"$f":"T45-HLOOKUP(X45,Feuil1!$C$1:$BL$10,8,FALSE)","v":-80},{"$f":"T45-HLOOKUP(X45,Feuil1!$C$1:$BL$10,9,FALSE)","v":-100},{"$f":"T45-HLOOKUP(X45,Feuil1!$C$1:$BL$10,10,FALSE)","v":-910},null,null,null,null,null,null,"DEP +"]
["H","CO","BNO",30,312031,"JAMES","Paul",1999,52.4,"Stade St Lois","F",-40,-40,40,40,45,-50,-50,45,85,-19.799999999999997,"DEP +",0,{"$f":"IF(I46=\"\",\"\",IF(A46=\"H\",IF(OR(H46=\"SEN\",H46<1995),VLOOKUP(I46,Feuil1!$A$11:$G$29,6),IF(AND(H46>1994,H46<1998),VLOOKUP(I46,Feuil1!$A$11:$G$29,5),IF(AND(H46>1997,H46<2000),VLOOKUP(I46,Feuil1!$A$11:$G$29,4),IF(AND(H46>1999,H46<2002),VLOOKUP(I46,Feuil1!$A$11:$G$29,3),VLOOKUP(I46,Feuil1!$A$11:$G$29,2))))),IF(OR(H46=\"SEN\",H46<1995),VLOOKUP(I46,Feuil1!$G$11:$L$25,6),IF(AND(H46>1994,H46<1998),VLOOKUP(I46,Feuil1!$G$11:$L$25,5),IF(AND(H46>1997,H46<2000),VLOOKUP(I46,Feuil1!$G$11:$L$25,4),IF(AND(H46>1999,H46<2002),VLOOKUP(I46,Feuil1!$G$11:$L$25,3),VLOOKUP(I46,Feuil1!$G$11:$L$25,2)))))))","v":"C2 56"},139.9693179081641,null," ",{"$f":"T46-HLOOKUP(X46,Feuil1!$C$1:$BL$10,2,FALSE)","v":20},{"$f":"T46-HLOOKUP(X46,Feuil1!$C$1:$BL$10,3,FALSE)","v":0},{"$f":"T46-HLOOKUP(X46,Feuil1!$C$1:$BL$10,4,FALSE)","v":-15},{"$f":"T46-HLOOKUP(X46,Feuil1!$C$1:$BL$10,5,FALSE)","v":-30},{"$f":"T46-HLOOKUP(X46,Feuil1!$C$1:$BL$10,6,FALSE)","v":-45},{"$f":"T46-HLOOKUP(X46,Feuil1!$C$1:$BL$10,7,FALSE)","v":-60},{"$f":"T46-HLOOKUP(X46,Feuil1!$C$1:$BL$10,8,FALSE)","v":-85},{"$f":"T46-HLOOKUP(X46,Feuil1!$C$1:$BL$10,9,FALSE)","v":-105},{"$f":"T46-HLOOKUP(X46,Feuil1!$C$1:$BL$10,10,FALSE)","v":-915},null,null,null,null,null,null,"DEP +"]
["H","CO","BRE",31,392691,"SAM","Sensam",1999,55.7,"ES Saint Avé","F",-30,34,36,36,36,42,45,45,81,-30.400000000000006,"DEB ",16,{"$f":"IF(I47=\"\",\"\",IF(A47=\"H\",IF(OR(H47=\"SEN\",H47<1995),VLOOKUP(I47,Feuil1!$A$11:$G$29,6),IF(AND(H47>1994,H47<1998),VLOOKUP(I47,Feuil1!$A$11:$G$29,5),IF(AND(H47>1997,H47<2000),VLOOKUP(I47,Feuil1!$A$11:$G$29,4),IF(AND(H47>1999,H47<2002),VLOOKUP(I47,Feuil1!$A$11:$G$29,3),VLOOKUP(I47,Feuil1!$A$11:$G$29,2))))),IF(OR(H47=\"SEN\",H47<1995),VLOOKUP(I47,Feuil1!$G$11:$L$25,6),IF(AND(H47>1994,H47<1998),VLOOKUP(I47,Feuil1!$G$11:$L$25,5),IF(AND(H47>1997,H47<2000),VLOOKUP(I47,Feuil1!$G$11:$L$25,4),IF(AND(H47>1999,H47<2002),VLOOKUP(I47,Feuil1!$G$11:$L$25,3),VLOOKUP(I47,Feuil1!$G$11:$L$25,2)))))))","v":"C2 56"},126.95590664501333,null," ",{"$f":"T47-HLOOKUP(X47,Feuil1!$C$1:$BL$10,2,FALSE)","v":16},{"$f":"T47-HLOOKUP(X47,Feuil1!$C$1:$BL$10,3,FALSE)","v":-4},{"$f":"T47-HLOOKUP(X47,Feuil1!$C$1:$BL$10,4,FALSE)","v":-19},{"$f":"T47-HLOOKUP(X47,Feuil1!$C$1:$BL$10,5,FALSE)","v":-34},{"$f":"T47-HLOOKUP(X47,Feuil1!$C$1:$BL$10,6,FALSE)","v":-49},{"$f":"T47-HLOOKUP(X47,Feuil1!$C$1:$BL$10,7,FALSE)","v":-64},{"$f":"T47-HLOOKUP(X47,Feuil1!$C$1:$BL$10,8,FALSE)","v":-89},{"$f":"T47-HLOOKUP(X47,Feuil1!$C$1:$BL$10,9,FALSE)","v":-109},{"$f":"T47-HLOOKUP(X47,Feuil1!$C$1:$BL$10,10,FALSE)","v":-919},null,null,null,null,null,null,"DEB "]
["H","NORD","NPC",32,375379,"MATHE","Thomas",1999,55.9,"ALSH BULLY LES MINES","F",31,33,35,35,42,-46,46,46,81,-30.799999999999997,"DEB ",16,{"$f":"IF(I48=\"\",\"\",IF(A48=\"H\",IF(OR(H48=\"SEN\",H48<1995),VLOOKUP(I48,Feuil1!$A$11:$G$29,6),IF(AND(H48>1994,H48<1998),VLOOKUP(I48,Feuil1!$A$11:$G$29,5),IF(AND(H48>1997,H48<2000),VLOOKUP(I48,Feuil1!$A$11:$G$29,4),IF(AND(H48>1999,H48<2002),VLOOKUP(I48,Feuil1!$A$11:$G$29,3),VLOOKUP(I48,Feuil1!$A$11:$G$29,2))))),IF(OR(H48=\"SEN\",H48<1995),VLOOKUP(I48,Feuil1!$G$11:$L$25,6),IF(AND(H48>1994,H48<1998),VLOOKUP(I48,Feuil1!$G$11:$L$25,5),IF(AND(H48>1997,H48<2000),VLOOKUP(I48,Feuil1!$G$11:$L$25,4),IF(AND(H48>1999,H48<2002),VLOOKUP(I48,Feuil1!$G$11:$L$25,3),VLOOKUP(I48,Feuil1!$G$11:$L$25,2)))))))","v":"C2 56"},126.59863605508774,null," ",{"$f":"T48-HLOOKUP(X48,Feuil1!$C$1:$BL$10,2,FALSE)","v":16},{"$f":"T48-HLOOKUP(X48,Feuil1!$C$1:$BL$10,3,FALSE)","v":-4},{"$f":"T48-HLOOKUP(X48,Feuil1!$C$1:$BL$10,4,FALSE)","v":-19},{"$f":"T48-HLOOKUP(X48,Feuil1!$C$1:$BL$10,5,FALSE)","v":-34},{"$f":"T48-HLOOKUP(X48,Feuil1!$C$1:$BL$10,6,FALSE)","v":-49},{"$f":"T48-HLOOKUP(X48,Feuil1!$C$1:$BL$10,7,FALSE)","v":-64},{"$f":"T48-HLOOKUP(X48,Feuil1!$C$1:$BL$10,8,FALSE)","v":-89},{"$f":"T48-HLOOKUP(X48,Feuil1!$C$1:$BL$10,9,FALSE)","v":-109},{"$f":"T48-HLOOKUP(X48,Feuil1!$C$1:$BL$10,10,FALSE)","v":-919},null,null,null,null,null,null,"DEB "]
["H","DOM","REU",33,381877,"SMITH","QUENTIN",1999,50.8,"CH TAMPON","F",30,35,-37,35,40,45,-50,45,80,-21.599999999999994,"DEB ",15,{"$f":"IF(I49=\"\",\"\",IF(A49=\"H\",IF(OR(H49=\"SEN\",H49<1995),VLOOKUP(I49,Feuil1!$A$11:$G$29,6),IF(AND(H49>1994,H49<1998),VLOOKUP(I49,Feuil1!$A$11:$G$29,5),IF(AND(H49>1997,H49<2000),VLOOKUP(I49,Feuil1!$A$11:$G$29,4),IF(AND(H49>1999,H49<2002),VLOOKUP(I49,Feuil1!$A$11:$G$29,3),VLOOKUP(I49,Feuil1!$A$11:$G$29,2))))),IF(OR(H49=\"SEN\",H49<1995),VLOOKUP(I49,Feuil1!$G$11:$L$25,6),IF(AND(H49>1994,H49<1998),VLOOKUP(I49,Feuil1!$G$11:$L$25,5),IF(AND(H49>1997,H49<2000),VLOOKUP(I49,Feuil1!$G$11:$L$25,4),IF(AND(H49>1999,H49<2002),VLOOKUP(I49,Feuil1!$G$11:$L$25,3),VLOOKUP(I49,Feuil1!$G$11:$L$25,2)))))))","v":"C2 56"},135.21379713581356,null," ",{"$f":"T49-HLOOKUP(X49,Feuil1!$C$1:$BL$10,2,FALSE)","v":15},{"$f":"T49-HLOOKUP(X49,Feuil1!$C$1:$BL$10,3,FALSE)","v":-5},{"$f":"T49-HLOOKUP(X49,Feuil1!$C$1:$BL$10,4,FALSE)","v":-20},{"$f":"T49-HLOOKUP(X49,Feuil1!$C$1:$BL$10,5,FALSE)","v":-35},{"$f":"T49-HLOOKUP(X49,Feuil1!$C$1:$BL$10,6,FALSE)","v":-50},{"$f":"T49-HLOOKUP(X49,Feuil1!$C$1:$BL$10,7,FALSE)","v":-65},{"$f":"T49-HLOOKUP(X49,Feuil1!$C$1:$BL$10,8,FALSE)","v":-90},{"$f":"T49-HLOOKUP(X49,Feuil1!$C$1:$BL$10,9,FALSE)","v":-110},{"$f":"T49-HLOOKUP(X49,Feuil1!$C$1:$BL$10,10,FALSE)","v":-920},null,null,null,null,null,null,"DEB "]
["H","CO","BNO",34,383820,"Renault","Théo",1998,56,"Sannerville","F",30,32,34,34,38,41,42,42,76,-36,"DEB ",11,{"$f":"IF(I50=\"\",\"\",IF(A50=\"H\",IF(OR(H50=\"SEN\",H50<1995),VLOOKUP(I50,Feuil1!$A$11:$G$29,6),IF(AND(H50>1994,H50<1998),VLOOKUP(I50,Feuil1!$A$11:$G$29,5),IF(AND(H50>1997,H50<2000),VLOOKUP(I50,Feuil1!$A$11:$G$29,4),IF(AND(H50>1999,H50<2002),VLOOKUP(I50,Feuil1!$A$11:$G$29,3),VLOOKUP(I50,Feuil1!$A$11:$G$29,2))))),IF(OR(H50=\"SEN\",H50<1995),VLOOKUP(I50,Feuil1!$G$11:$L$25,6),IF(AND(H50>1994,H50<1998),VLOOKUP(I50,Feuil1!$G$11:$L$25,5),IF(AND(H50>1997,H50<2000),VLOOKUP(I50,Feuil1!$G$11:$L$25,4),IF(AND(H50>1999,H50<2002),VLOOKUP(I50,Feuil1!$G$11:$L$25,3),VLOOKUP(I50,Feuil1!$G$11:$L$25,2)))))))","v":"C2 56"},118.61749202132201,null," ",{"$f":"T50-HLOOKUP(X50,Feuil1!$C$1:$BL$10,2,FALSE)","v":11},{"$f":"T50-HLOOKUP(X50,Feuil1!$C$1:$BL$10,3,FALSE)","v":-9},{"$f":"T50-HLOOKUP(X50,Feuil1!$C$1:$BL$10,4,FALSE)","v":-24},{"$f":"T50-HLOOKUP(X50,Feuil1!$C$1:$BL$10,5,FALSE)","v":-39},{"$f":"T50-HLOOKUP(X50,Feuil1!$C$1:$BL$10,6,FALSE)","v":-54},{"$f":"T50-HLOOKUP(X50,Feuil1!$C$1:$BL$10,7,FALSE)","v":-69},{"$f":"T50-HLOOKUP(X50,Feuil1!$C$1:$BL$10,8,FALSE)","v":-94},{"$f":"T50-HLOOKUP(X50,Feuil1!$C$1:$BL$10,9,FALSE)","v":-114},{"$f":"T50-HLOOKUP(X50,Feuil1!$C$1:$BL$10,10,FALSE)","v":-924},null,null,null,null,null,null,"DEB "]
["H","NORD","PIC",35,377285,"LANGUILLÉ","Martin",1998,50.4,"Saleux CHM","F",28,31,33,33,35,39,41,41,74,-26.799999999999997,"DEB ",9,{"$f":"IF(I51=\"\",\"\",IF(A51=\"H\",IF(OR(H51=\"SEN\",H51<1995),VLOOKUP(I51,Feuil1!$A$11:$G$29,6),IF(AND(H51>1994,H51<1998),VLOOKUP(I51,Feuil1!$A$11:$G$29,5),IF(AND(H51>1997,H51<2000),VLOOKUP(I51,Feuil1!$A$11:$G$29,4),IF(AND(H51>1999,H51<2002),VLOOKUP(I51,Feuil1!$A$11:$G$29,3),VLOOKUP(I51,Feuil1!$A$11:$G$29,2))))),IF(OR(H51=\"SEN\",H51<1995),VLOOKUP(I51,Feuil1!$G$11:$L$25,6),IF(AND(H51>1994,H51<1998),VLOOKUP(I51,Feuil1!$G$11:$L$25,5),IF(AND(H51>1997,H51<2000),VLOOKUP(I51,Feuil1!$G$11:$L$25,4),IF(AND(H51>1999,H51<2002),VLOOKUP(I51,Feuil1!$G$11:$L$25,3),VLOOKUP(I51,Feuil1!$G$11:$L$25,2)))))))","v":"C2 56"},125.91973665581213,null," ",{"$f":"T51-HLOOKUP(X51,Feuil1!$C$1:$BL$10,2,FALSE)","v":9},{"$f":"T51-HLOOKUP(X51,Feuil1!$C$1:$BL$10,3,FALSE)","v":-11},{"$f":"T51-HLOOKUP(X51,Feuil1!$C$1:$BL$10,4,FALSE)","v":-26},{"$f":"T51-HLOOKUP(X51,Feuil1!$C$1:$BL$10,5,FALSE)","v":-41},{"$f":"T51-HLOOKUP(X51,Feuil1!$C$1:$BL$10,6,FALSE)","v":-56},{"$f":"T51-HLOOKUP(X51,Feuil1!$C$1:$BL$10,7,FALSE)","v":-71},{"$f":"T51-HLOOKUP(X51,Feuil1!$C$1:$BL$10,8,FALSE)","v":-96},{"$f":"T51-HLOOKUP(X51,Feuil1!$C$1:$BL$10,9,FALSE)","v":-116},{"$f":"T51-HLOOKUP(X51,Feuil1!$C$1:$BL$10,10,FALSE)","v":-926},null,null,null,null,null,null,"DEB "]
["H","NE","LOR",36,329101,"ALBANESE","Zaccaria",1999,54.35,"S.C.FAMECK","F",30,-33,33,33,40,-45,-45,40,73,-35.700000000000003,"DEB ",8,{"$f":"IF(I52=\"\",\"\",IF(A52=\"H\",IF(OR(H52=\"SEN\",H52<1995),VLOOKUP(I52,Feuil1!$A$11:$G$29,6),IF(AND(H52>1994,H52<1998),VLOOKUP(I52,Feuil1!$A$11:$G$29,5),IF(AND(H52>1997,H52<2000),VLOOKUP(I52,Feuil1!$A$11:$G$29,4),IF(AND(H52>1999,H52<2002),VLOOKUP(I52,Feuil1!$A$11:$G$29,3),VLOOKUP(I52,Feuil1!$A$11:$G$29,2))))),IF(OR(H52=\"SEN\",H52<1995),VLOOKUP(I52,Feuil1!$G$11:$L$25,6),IF(AND(H52>1994,H52<1998),VLOOKUP(I52,Feuil1!$G$11:$L$25,5),IF(AND(H52>1997,H52<2000),VLOOKUP(I52,Feuil1!$G$11:$L$25,4),IF(AND(H52>1999,H52<2002),VLOOKUP(I52,Feuil1!$G$11:$L$25,3),VLOOKUP(I52,Feuil1!$G$11:$L$25,2)))))))","v":"C2 56"},116.67346866027026,null," ",{"$f":"T52-HLOOKUP(X52,Feuil1!$C$1:$BL$10,2,FALSE)","v":8},{"$f":"T52-HLOOKUP(X52,Feuil1!$C$1:$BL$10,3,FALSE)","v":-12},{"$f":"T52-HLOOKUP(X52,Feuil1!$C$1:$BL$10,4,FALSE)","v":-27},{"$f":"T52-HLOOKUP(X52,Feuil1!$C$1:$BL$10,5,FALSE)","v":-42},{"$f":"T52-HLOOKUP(X52,Feuil1!$C$1:$BL$10,6,FALSE)","v":-57},{"$f":"T52-HLOOKUP(X52,Feuil1!$C$1:$BL$10,7,FALSE)","v":-72},{"$f":"T52-HLOOKUP(X52,Feuil1!$C$1:$BL$10,8,FALSE)","v":-97},{"$f":"T52-HLOOKUP(X52,Feuil1!$C$1:$BL$10,9,FALSE)","v":-117},{"$f":"T52-HLOOKUP(X52,Feuil1!$C$1:$BL$10,10,FALSE)","v":-927},null,null,null,null,null,null,"DEB "]
["H","NE","BOU",37,358195,"DUCHET","Pierre",1998,54.5,"Olympique Mâcon","F",-30,30,33,33,35,-40,40,40,73,-36,"DEB ",8,{"$f":"IF(I53=\"\",\"\",IF(A53=\"H\",IF(OR(H53=\"SEN\",H53<1995),VLOOKUP(I53,Feuil1!$A$11:$G$29,6),IF(AND(H53>1994,H53<1998),VLOOKUP(I53,Feuil1!$A$11:$G$29,5),IF(AND(H53>1997,H53<2000),VLOOKUP(I53,Feuil1!$A$11:$G$29,4),IF(AND(H53>1999,H53<2002),VLOOKUP(I53,Feuil1!$A$11:$G$29,3),VLOOKUP(I53,Feuil1!$A$11:$G$29,2))))),IF(OR(H53=\"SEN\",H53<1995),VLOOKUP(I53,Feuil1!$G$11:$L$25,6),IF(AND(H53>1994,H53<1998),VLOOKUP(I53,Feuil1!$G$11:$L$25,5),IF(AND(H53>1997,H53<2000),VLOOKUP(I53,Feuil1!$G$11:$L$25,4),IF(AND(H53>1999,H53<2002),VLOOKUP(I53,Feuil1!$G$11:$L$25,3),VLOOKUP(I53,Feuil1!$G$11:$L$25,2)))))))","v":"C2 56"},116.41539101803552,null," ",{"$f":"T53-HLOOKUP(X53,Feuil1!$C$1:$BL$10,2,FALSE)","v":8},{"$f":"T53-HLOOKUP(X53,Feuil1!$C$1:$BL$10,3,FALSE)","v":-12},{"$f":"T53-HLOOKUP(X53,Feuil1!$C$1:$BL$10,4,FALSE)","v":-27},{"$f":"T53-HLOOKUP(X53,Feuil1!$C$1:$BL$10,5,FALSE)","v":-42},{"$f":"T53-HLOOKUP(X53,Feuil1!$C$1:$BL$10,6,FALSE)","v":-57},{"$f":"T53-HLOOKUP(X53,Feuil1!$C$1:$BL$10,7,FALSE)","v":-72},{"$f":"T53-HLOOKUP(X53,Feuil1!$C$1:$BL$10,8,FALSE)","v":-97},{"$f":"T53-HLOOKUP(X53,Feuil1!$C$1:$BL$10,9,FALSE)","v":-117},{"$f":"T53-HLOOKUP(X53,Feuil1!$C$1:$BL$10,10,FALSE)","v":-927},null,null,null,null,null,null,"DEB "]
["H","CO","CEN",38,388376,"BENARD","Julien",1999,55.6,"CHM Avrais","F",25,-30,30,30,30,33,37,37,67,-44.2,"DEB ",2,{"$f":"IF(I54=\"\",\"\",IF(A54=\"H\",IF(OR(H54=\"SEN\",H54<1995),VLOOKUP(I54,Feuil1!$A$11:$G$29,6),IF(AND(H54>1994,H54<1998),VLOOKUP(I54,Feuil1!$A$11:$G$29,5),IF(AND(H54>1997,H54<2000),VLOOKUP(I54,Feuil1!$A$11:$G$29,4),IF(AND(H54>1999,H54<2002),VLOOKUP(I54,Feuil1!$A$11:$G$29,3),VLOOKUP(I54,Feuil1!$A$11:$G$29,2))))),IF(OR(H54=\"SEN\",H54<1995),VLOOKUP(I54,Feuil1!$G$11:$L$25,6),IF(AND(H54>1994,H54<1998),VLOOKUP(I54,Feuil1!$G$11:$L$25,5),IF(AND(H54>1997,H54<2000),VLOOKUP(I54,Feuil1!$G$11:$L$25,4),IF(AND(H54>1999,H54<2002),VLOOKUP(I54,Feuil1!$G$11:$L$25,3),VLOOKUP(I54,Feuil1!$G$11:$L$25,2)))))))","v":"C2 56"},105.16173317792405,null," ",{"$f":"T54-HLOOKUP(X54,Feuil1!$C$1:$BL$10,2,FALSE)","v":2},{"$f":"T54-HLOOKUP(X54,Feuil1!$C$1:$BL$10,3,FALSE)","v":-18},{"$f":"T54-HLOOKUP(X54,Feuil1!$C$1:$BL$10,4,FALSE)","v":-33},{"$f":"T54-HLOOKUP(X54,Feuil1!$C$1:$BL$10,5,FALSE)","v":-48},{"$f":"T54-HLOOKUP(X54,Feuil1!$C$1:$BL$10,6,FALSE)","v":-63},{"$f":"T54-HLOOKUP(X54,Feuil1!$C$1:$BL$10,7,FALSE)","v":-78},{"$f":"T54-HLOOKUP(X54,Feuil1!$C$1:$BL$10,8,FALSE)","v":-103},{"$f":"T54-HLOOKUP(X54,Feuil1!$C$1:$BL$10,9,FALSE)","v":-123},{"$f":"T54-HLOOKUP(X54,Feuil1!$C$1:$BL$10,10,FALSE)","v":-933},null,null,null,null,null,null,"DEB "]
["H","SEST","CAZ",39,382506,"DELMAS","Valentin",1999,52.8,"ES VILLENEUVE LOUBET","F",26,-30,-31,26,38,-42,-44,38,64,-41.599999999999994,"DEB ",-1,{"$f":"IF(I55=\"\",\"\",IF(A55=\"H\",IF(OR(H55=\"SEN\",H55<1995),VLOOKUP(I55,Feuil1!$A$11:$G$29,6),IF(AND(H55>1994,H55<1998),VLOOKUP(I55,Feuil1!$A$11:$G$29,5),IF(AND(H55>1997,H55<2000),VLOOKUP(I55,Feuil1!$A$11:$G$29,4),IF(AND(H55>1999,H55<2002),VLOOKUP(I55,Feuil1!$A$11:$G$29,3),VLOOKUP(I55,Feuil1!$A$11:$G$29,2))))),IF(OR(H55=\"SEN\",H55<1995),VLOOKUP(I55,Feuil1!$G$11:$L$25,6),IF(AND(H55>1994,H55<1998),VLOOKUP(I55,Feuil1!$G$11:$L$25,5),IF(AND(H55>1997,H55<2000),VLOOKUP(I55,Feuil1!$G$11:$L$25,4),IF(AND(H55>1999,H55<2002),VLOOKUP(I55,Feuil1!$G$11:$L$25,3),VLOOKUP(I55,Feuil1!$G$11:$L$25,2)))))))","v":"C2 56"},104.72795250012781,null," ",{"$f":"T55-HLOOKUP(X55,Feuil1!$C$1:$BL$10,2,FALSE)","v":-1},{"$f":"T55-HLOOKUP(X55,Feuil1!$C$1:$BL$10,3,FALSE)","v":-21},{"$f":"T55-HLOOKUP(X55,Feuil1!$C$1:$BL$10,4,FALSE)","v":-36},{"$f":"T55-HLOOKUP(X55,Feuil1!$C$1:$BL$10,5,FALSE)","v":-51},{"$f":"T55-HLOOKUP(X55,Feuil1!$C$1:$BL$10,6,FALSE)","v":-66},{"$f":"T55-HLOOKUP(X55,Feuil1!$C$1:$BL$10,7,FALSE)","v":-81},{"$f":"T55-HLOOKUP(X55,Feuil1!$C$1:$BL$10,8,FALSE)","v":-106},{"$f":"T55-HLOOKUP(X55,Feuil1!$C$1:$BL$10,9,FALSE)","v":-126},{"$f":"T55-HLOOKUP(X55,Feuil1!$C$1:$BL$10,10,FALSE)","v":-936},null,null,null,null,null,null,"DEB "]
["H","CO","PDL",40,379152,"TRIGUER","Nicolas",1999,55.68,"ALSavenay","F",17,20,23,23,24,26,28,28,51,-60.36,"DEB ",-14,{"$f":"IF(I56=\"\",\"\",IF(A56=\"H\",IF(OR(H56=\"SEN\",H56<1995),VLOOKUP(I56,Feuil1!$A$11:$G$29,6),IF(AND(H56>1994,H56<1998),VLOOKUP(I56,Feuil1!$A$11:$G$29,5),IF(AND(H56>1997,H56<2000),VLOOKUP(I56,Feuil1!$A$11:$G$29,4),IF(AND(H56>1999,H56<2002),VLOOKUP(I56,Feuil1!$A$11:$G$29,3),VLOOKUP(I56,Feuil1!$A$11:$G$29,2))))),IF(OR(H56=\"SEN\",H56<1995),VLOOKUP(I56,Feuil1!$G$11:$L$25,6),IF(AND(H56>1994,H56<1998),VLOOKUP(I56,Feuil1!$G$11:$L$25,5),IF(AND(H56>1997,H56<2000),VLOOKUP(I56,Feuil1!$G$11:$L$25,4),IF(AND(H56>1999,H56<2002),VLOOKUP(I56,Feuil1!$G$11:$L$25,3),VLOOKUP(I56,Feuil1!$G$11:$L$25,2)))))))","v":"C2 56"},79.957813728566862,null," ",{"$f":"T56-HLOOKUP(X56,Feuil1!$C$1:$BL$10,2,FALSE)","v":-14},{"$f":"T56-HLOOKUP(X56,Feuil1!$C$1:$BL$10,3,FALSE)","v":-34},{"$f":"T56-HLOOKUP(X56,Feuil1!$C$1:$BL$10,4,FALSE)","v":-49},{"$f":"T56-HLOOKUP(X56,Feuil1!$C$1:$BL$10,5,FALSE)","v":-64},{"$f":"T56-HLOOKUP(X56,Feuil1!$C$1:$BL$10,6,FALSE)","v":-79},{"$f":"T56-HLOOKUP(X56,Feuil1!$C$1:$BL$10,7,FALSE)","v":-94},{"$f":"T56-HLOOKUP(X56,Feuil1!$C$1:$BL$10,8,FALSE)","v":-119},{"$f":"T56-HLOOKUP(X56,Feuil1!$C$1:$BL$10,9,FALSE)","v":-139},{"$f":"T56-HLOOKUP(X56,Feuil1!$C$1:$BL$10,10,FALSE)","v":-949},null,null,null,null,null,null,"DEB "]
[null,null,null,null,null,null,null,null,null,null,null,null,null,null,null,null,null,null,null,null,null,null,null,null,null,null," ",{"$f":"T57-HLOOKUP(X57,[1]Feuil1!$C$1:$BL$10,2,FALSE)","v":{"$error":"#N/A"}},{"$f":"T57-HLOOKUP(X57,[1]Feuil1!$C$1:$BL$10,3,FALSE)","v":{"$error":"#N/A"}},{"$f":"T57-HLOOKUP(X57,[1]Feuil1!$C$1:$BL$10,4,FALSE)","v":{"$error":"#N/A"}},{"$f":"T57-HLOOKUP(X57,[1]Feuil1!$C$1:$BL$10,5,FALSE)","v":{"$error":"#N/A"}},{"$f":"T57-HLOOKUP(X57,[1]Feuil1!$C$1:$BL$10,6,FALSE)","v":{"$error":"#N/A"}},{"$f":"T57-HLOOKUP(X57,[1]Feuil1!$C$1:$BL$10,7,FALSE)","v":{"$error":"#N/A"}},{"$f":"T57-HLOOKUP(X57,[1]Feuil1!$C$1:$BL$10,8,FALSE)","v":{"$error":"#N/A"}},{"$f":"T57-HLOOKUP(X57,[1]Feuil1!$C$1:$BL$10,9,FALSE)","v":{"$error":"#N/A"}},{"$f":"T57-HLOOKUP(X57,[1]Feuil1!$C$1:$BL$10,10,FALSE)","v":{"$error":"#N/A"}},null,null,null,null,null,null,{"$f":"IF(AJ57>=0,$AJ$4,IF(AI57>=0,$AI$4,IF(AH57>=0,$AH$4,IF(AG57>=0,$AG$4,IF(AF57>=0,$AF$4,IF(AE57>=0,$AE$4,IF(AD57>=0,$AD$4,IF(AC57>=0,$AC$4,$AB$4))))))))","v":{"$error":"#N/A"}}]
["H","NORD","PIC",1,261141,"PEDRAK","Benjamin",1998,57.7,"Villers-Bretonneux KC","F",90,95,-97,{"$f":"IF(H58=\"\",\"\",IF(MAXA(L58:N58)<=0,0,MAXA(L58:N58)))","v":95},110,115,120,{"$f":"IF(H58=\"\",\"\",IF(MAXA(P58:R58)<=0,0,MAXA(P58:R58)))","v":120},{"$f":"IF(H58=\"\",\"\",IF(OR(O58=0,S58=0),0,O58+S58))","v":215},{"$f":"T58-I58*2","v":99.6},{"$f":"IF(H58=\"\",\"\",AQ58)","v":"INTA +"},{"$f":"IF(AJ58>=0,AJ58,IF(AI58>=0,AI58,IF(AH58>=0,AH58,IF(AG58>=0,AG58,IF(AF58>=0,AF58,IF(AE58>=0,AE58,IF(AD58>=0,AD58,IF(AC58>=0,AC58,AB58))))))))","v":5},{"$f":"IF(I58=\"\",\"\",IF(A58=\"H\",IF(OR(H58=\"SEN\",H58<1995),VLOOKUP(I58,Feuil1!$A$11:$G$29,6),IF(AND(H58>1994,H58<1998),VLOOKUP(I58,Feuil1!$A$11:$G$29,5),IF(AND(H58>1997,H58<2000),VLOOKUP(I58,Feuil1!$A$11:$G$29,4),IF(AND(H58>1999,H58<2002),VLOOKUP(I58,Feuil1!$A$11:$G$29,3),VLOOKUP(I58,Feuil1!$A$11:$G$29,2))))),IF(OR(H58=\"SEN\",H58<1995),VLOOKUP(I58,Feuil1!$G$11:$L$25,6),IF(AND(H58>1994,H58<1998),VLOOKUP(I58,Feuil1!$G$11:$L$25,5),IF(AND(H58>1997,H58<2000),VLOOKUP(I58,Feuil1!$G$11:$L$25,4),IF(AND(H58>1999,H58<2002),VLOOKUP(I58,Feuil1!$G$11:$L$25,3),VLOOKUP(I58,Feuil1!$G$11:$L$25,2)))))))","v":"C2 62"},{"$f":"IF(I58=\"\",\"\",IF(A58=\"H\",10^(0.794358141*LOG(I58/174.393)^2)*T58,IF(A58=\"F\",10^(0.89726074*LOG(I58/148.026)^2)*T58,\"\")))","v":327.8899053879158},null," ",{"$f":"T58-HLOOKUP(X58,Feuil1!$C$1:$BL$10,2,FALSE)","v":130},{"$f":"T58-HLOOKUP(X58,Feuil1!$C$1:$BL$10,3,FALSE)","v":110},{"$f":"T58-HLOOKUP(X58,Feuil1!$C$1:$BL$10,4,FALSE)","v":95},{"$f":"T58-HLOOKUP(X58,Feuil1!$C$1:$BL$10,5,FALSE)","v":80},{"$f":"T58-HLOOKUP(X58,Feuil1!$C$1:$BL$10,6,FALSE)","v":65},{"$f":"T58-HLOOKUP(X58,Feuil1!$C$1:$BL$10,7,FALSE)","v":45},{"$f":"T58-HLOOKUP(X58,Feuil1!$C$1:$BL$10,8,FALSE)","v":25},{"$f":"T58-HLOOKUP(X58,Feuil1!$C$1:$BL$10,9,FALSE)","v":5},{"$f":"T58-HLOOKUP(X58,Feuil1!$C$1:$BL$10,10,FALSE)","v":-785},null,null,null,null,null,null,{"$f":"IF(AJ58>=0,$AJ$4,IF(AI58>=0,$AI$4,IF(AH58>=0,$AH$4,IF(AG58>=0,$AG$4,IF(AF58>=0,$AF$4,IF(AE58>=0,$AE$4,IF(AD58>=0,$AD$4,IF(AC58>=0,$AC$4,$AB$4))))))))","v":"INTA +"}]
["H","NORD","PIC",2,274621,"CABON","Lilian",1998,59.84,"Péronne AAEEP","F",80,83,85,85,100,104,106,106,191,71.319999999999993,"INTB +",1,{"$f":"IF(I59=\"\",\"\",IF(A59=\"H\",IF(OR(H59=\"SEN\",H59<1995),VLOOKUP(I59,Feuil1!$A$11:$G$29,6),IF(AND(H59>1994,H59<1998),VLOOKUP(I59,Feuil1!$A$11:$G$29,5),IF(AND(H59>1997,H59<2000),VLOOKUP(I59,Feuil1!$A$11:$G$29,4),IF(AND(H59>1999,H59<2002),VLOOKUP(I59,Feuil1!$A$11:$G$29,3),VLOOKUP(I59,Feuil1!$A$11:$G$29,2))))),IF(OR(H59=\"SEN\",H59<1995),VLOOKUP(I59,Feuil1!$G$11:$L$25,6),IF(AND(H59>1994,H59<1998),VLOOKUP(I59,Feuil1!$G$11:$L$25,5),IF(AND(H59>1997,H59<2000),VLOOKUP(I59,Feuil1!$G$11:$L$25,4),IF(AND(H59>1999,H59<2002),VLOOKUP(I59,Feuil1!$G$11:$L$25,3),VLOOKUP(I59,Feuil1!$G$11:$L$25,2)))))))","v":"C2 62"},283.43398718310812,null," ",{"$f":"T59-HLOOKUP(X59,Feuil1!$C$1:$BL$10,2,FALSE)","v":106},{"$f":"T59-HLOOKUP(X59,Feuil1!$C$1:$BL$10,3,FALSE)","v":86},{"$f":"T59-HLOOKUP(X59,Feuil1!$C$1:$BL$10,4,FALSE)","v":71},{"$f":"T59-HLOOKUP(X59,Feuil1!$C$1:$BL$10,5,FALSE)","v":56},{"$f":"T59-HLOOKUP(X59,Feuil1!$C$1:$BL$10,6,FALSE)","v":41},{"$f":"T59-HLOOKUP(X59,Feuil1!$C$1:$BL$10,7,FALSE)","v":21},{"$f":"T59-HLOOKUP(X59,Feuil1!$C$1:$BL$10,8,FALSE)","v":1},{"$f":"T59-HLOOKUP(X59,Feuil1!$C$1:$BL$10,9,FALSE)","v":-19},{"$f":"T59-HLOOKUP(X59,Feuil1!$C$1:$BL$10,10,FALSE)","v":-809},null,null,null,null,null,null,"INTB +"]
["H","NORD","NPC",3,328452,"HOELLE","Alexis",1998,56.9,"C.A.ROSENDAEL","F",78,-82,82,82,100,-105,105,105,187,73.2,"NAT +",17,{"$f":"IF(I60=\"\",\"\",IF(A60=\"H\",IF(OR(H60=\"SEN\",H60<1995),VLOOKUP(I60,Feuil1!$A$11:$G$29,6),IF(AND(H60>1994,H60<1998),VLOOKUP(I60,Feuil1!$A$11:$G$29,5),IF(AND(H60>1997,H60<2000),VLOOKUP(I60,Feuil1!$A$11:$G$29,4),IF(AND(H60>1999,H60<2002),VLOOKUP(I60,Feuil1!$A$11:$G$29,3),VLOOKUP(I60,Feuil1!$A$11:$G$29,2))))),IF(OR(H60=\"SEN\",H60<1995),VLOOKUP(I60,Feuil1!$G$11:$L$25,6),IF(AND(H60>1994,H60<1998),VLOOKUP(I60,Feuil1!$G$11:$L$25,5),IF(AND(H60>1997,H60<2000),VLOOKUP(I60,Feuil1!$G$11:$L$25,4),IF(AND(H60>1999,H60<2002),VLOOKUP(I60,Feuil1!$G$11:$L$25,3),VLOOKUP(I60,Feuil1!$G$11:$L$25,2)))))))","v":"C2 62"},288.26224480990663,null," ",{"$f":"T60-HLOOKUP(X60,Feuil1!$C$1:$BL$10,2,FALSE)","v":102},{"$f":"T60-HLOOKUP(X60,Feuil1!$C$1:$BL$10,3,FALSE)","v":82},{"$f":"T60-HLOOKUP(X60,Feuil1!$C$1:$BL$10,4,FALSE)","v":67},{"$f":"T60-HLOOKUP(X60,Feuil1!$C$1:$BL$10,5,FALSE)","v":52},{"$f":"T60-HLOOKUP(X60,Feuil1!$C$1:$BL$10,6,FALSE)","v":37},{"$f":"T60-HLOOKUP(X60,Feuil1!$C$1:$BL$10,7,FALSE)","v":17},{"$f":"T60-HLOOKUP(X60,Feuil1!$C$1:$BL$10,8,FALSE)","v":-3},{"$f":"T60-HLOOKUP(X60,Feuil1!$C$1:$BL$10,9,FALSE)","v":-23},{"$f":"T60-HLOOKUP(X60,Feuil1!$C$1:$BL$10,10,FALSE)","v":-813},null,null,null,null,null,null,"NAT +"]
["H","NE","LOR",4,283960,"CUVILLIER","Valentin",1998,59.9,"E.S.LANEUVEVILLOISE","F",73,78,81,81,97,101,105,105,186,66.2,"NAT +",16,{"$f":"IF(I61=\"\",\"\",IF(A61=\"H\",IF(OR(H61=\"SEN\",H61<1995),VLOOKUP(I61,Feuil1!$A$11:$G$29,6),IF(AND(H61>1994,H61<1998),VLOOKUP(I61,Feuil1!$A$11:$G$29,5),IF(AND(H61>1997,H61<2000),VLOOKUP(I61,Feuil1!$A$11:$G$29,4),IF(AND(H61>1999,H61<2002),VLOOKUP(I61,Feuil1!$A$11:$G$29,3),VLOOKUP(I61,Feuil1!$A$11:$G$29,2))))),IF(OR(H61=\"SEN\",H61<1995),VLOOKUP(I61,Feuil1!$G$11:$L$25,6),IF(AND(H61>1994,H61<1998),VLOOKUP(I61,Feuil1!$G$11:$L$25,5),IF(AND(H61>1997,H61<2000),VLOOKUP(I61,Feuil1!$G$11:$L$25,4),IF(AND(H61>1999,H61<2002),VLOOKUP(I61,Feuil1!$G$11:$L$25,3),VLOOKUP(I61,Feuil1!$G$11:$L$25,2)))))))","v":"C2 62"},275.81027445805006,null," ",{"$f":"T61-HLOOKUP(X61,Feuil1!$C$1:$BL$10,2,FALSE)","v":101},{"$f":"T61-HLOOKUP(X61,Feuil1!$C$1:$BL$10,3,FALSE)","v":81},{"$f":"T61-HLOOKUP(X61,Feuil1!$C$1:$BL$10,4,FALSE)","v":66},{"$f":"T61-HLOOKUP(X61,Feuil1!$C$1:$BL$10,5,FALSE)","v":51},{"$f":"T61-HLOOKUP(X61,Feuil1!$C$1:$BL$10,6,FALSE)","v":36},{"$f":"T61-HLOOKUP(X61,Feuil1!$C$1:$BL$10,7,FALSE)","v":16},{"$f":"T61-HLOOKUP(X61,Feuil1!$C$1:$BL$10,8,FALSE)","v":-4},{"$f":"T61-HLOOKUP(X61,Feuil1!$C$1:$BL$10,9,FALSE)","v":-24},{"$f":"T61-HLOOKUP(X61,Feuil1!$C$1:$BL$10,10,FALSE)","v":-814},null,null,null,null,null,null,"NAT +"]
["H","SEST","CAZ",5,305873,"LANDAIS","Alexis",1999,56.6,"E.S. VILLENEUVE LOUBET","F",72,76,79,79,95,100,-103,100,179,65.8,"NAT +",9,{"$f":"IF(I62=\"\",\"\",IF(A62=\"H\",IF(OR(H62=\"SEN\",H62<1995),VLOOKUP(I62,Feuil1!$A$11:$G$29,6),IF(AND(H62>1994,H62<1998),VLOOKUP(I62,Feuil1!$A$11:$G$29,5),IF(AND(H62>1997,H62<2000),VLOOKUP(I62,Feuil1!$A$11:$G$29,4),IF(AND(H62>1999,H62<2002),VLOOKUP(I62,Feuil1!$A$11:$G$29,3),VLOOKUP(I62,Feuil1!$A$11:$G$29,2))))),IF(OR(H62=\"SEN\",H62<1995),VLOOKUP(I62,Feuil1!$G$11:$L$25,6),IF(AND(H62>1994,H62<1998),VLOOKUP(I62,Feuil1!$G$11:$L$25,5),IF(AND(H62>1997,H62<2000),VLOOKUP(I62,Feuil1!$G$11:$L$25,4),IF(AND(H62>1999,H62<2002),VLOOKUP(I62,Feuil1!$G$11:$L$25,3),VLOOKUP(I62,Feuil1!$G$11:$L$25,2)))))))","v":"C2 62"},277.0623715274491,null," ",{"$f":"T62-HLOOKUP(X62,Feuil1!$C$1:$BL$10,2,FALSE)","v":94},{"$f":"T62-HLOOKUP(X62,Feuil1!$C$1:$BL$10,3,FALSE)","v":74},{"$f":"T62-HLOOKUP(X62,Feuil1!$C$1:$BL$10,4,FALSE)","v":59},{"$f":"T62-HLOOKUP(X62,Feuil1!$C$1:$BL$10,5,FALSE)","v":44},{"$f":"T62-HLOOKUP(X62,Feuil1!$C$1:$BL$10,6,FALSE)","v":29},{"$f":"T62-HLOOKUP(X62,Feuil1!$C$1:$BL$10,7,FALSE)","v":9},{"$f":"T62-HLOOKUP(X62,Feuil1!$C$1:$BL$10,8,FALSE)","v":-11},{"$f":"T62-HLOOKUP(X62,Feuil1!$C$1:$BL$10,9,FALSE)","v":-31},{"$f":"T62-HLOOKUP(X62,Feuil1!$C$1:$BL$10,10,FALSE)","v":-821},null,null,null,null,null,null,"NAT +"]
["H","NORD","PIC",6,250197,"ANCEL","Georges",1998,61.9,"Saleux CHM","F",70,-75,75,75,90,95,100,100,175,51.2,"NAT +",5,{"$f":"IF(I63=\"\",\"\",IF(A63=\"H\",IF(OR(H63=\"SEN\",H63<1995),VLOOKUP(I63,Feuil1!$A$11:$G$29,6),IF(AND(H63>1994,H63<1998),VLOOKUP(I63,Feuil1!$A$11:$G$29,5),IF(AND(H63>1997,H63<2000),VLOOKUP(I63,Feuil1!$A$11:$G$29,4),IF(AND(H63>1999,H63<2002),VLOOKUP(I63,Feuil1!$A$11:$G$29,3),VLOOKUP(I63,Feuil1!$A$11:$G$29,2))))),IF(OR(H63=\"SEN\",H63<1995),VLOOKUP(I63,Feuil1!$G$11:$L$25,6),IF(AND(H63>1994,H63<1998),VLOOKUP(I63,Feuil1!$G$11:$L$25,5),IF(AND(H63>1997,H63<2000),VLOOKUP(I63,Feuil1!$G$11:$L$25,4),IF(AND(H63>1999,H63<2002),VLOOKUP(I63,Feuil1!$G$11:$L$25,3),VLOOKUP(I63,Feuil1!$G$11:$L$25,2)))))))","v":"C2 62"},253.38450965424991,null," ",{"$f":"T63-HLOOKUP(X63,Feuil1!$C$1:$BL$10,2,FALSE)","v":90},{"$f":"T63-HLOOKUP(X63,Feuil1!$C$1:$BL$10,3,FALSE)","v":70},{"$f":"T63-HLOOKUP(X63,Feuil1!$C$1:$BL$10,4,FALSE)","v":55},{"$f":"T63-HLOOKUP(X63,Feuil1!$C$1:$BL$10,5,FALSE)","v":40},{"$f":"T63-HLOOKUP(X63,Feuil1!$C$1:$BL$10,6,FALSE)","v":25},{"$f":"T63-HLOOKUP(X63,Feuil1!$C$1:$BL$10,7,FALSE)","v":5},{"$f":"T63-HLOOKUP(X63,Feuil1!$C$1:$BL$10,8,FALSE)","v":-15},{"$f":"T63-HLOOKUP(X63,Feuil1!$C$1:$BL$10,9,FALSE)","v":-35},{"$f":"T63-HLOOKUP(X63,Feuil1!$C$1:$BL$10,10,FALSE)","v":-825},null,null,null,null,null,null,"NAT +"]
["H","NORD","PIC",7,279883,"SEGARD","Lilian",1998,57.8,"La Vaillante Saint Quentin","F",65,70,75,75,85,90,95,95,170,54.400000000000006,"NAT +",0,{"$f":"IF(I64=\"\",\"\",IF(A64=\"H\",IF(OR(H64=\"SEN\",H64<1995),VLOOKUP(I64,Feuil1!$A$11:$G$29,6),IF(AND(H64>1994,H64<1998),VLOOKUP(I64,Feuil1!$A$11:$G$29,5),IF(AND(H64>1997,H64<2000),VLOOKUP(I64,Feuil1!$A$11:$G$29,4),IF(AND(H64>1999,H64<2002),VLOOKUP(I64,Feuil1!$A$11:$G$29,3),VLOOKUP(I64,Feuil1!$A$11:$G$29,2))))),IF(OR(H64=\"SEN\",H64<1995),VLOOKUP(I64,Feuil1!$G$11:$L$25,6),IF(AND(H64>1994,H64<1998),VLOOKUP(I64,Feuil1!$G$11:$L$25,5),IF(AND(H64>1997,H64<2000),VLOOKUP(I64,Feuil1!$G$11:$L$25,4),IF(AND(H64>1999,H64<2002),VLOOKUP(I64,Feuil1!$G$11:$L$25,3),VLOOKUP(I64,Feuil1!$G$11:$L$25,2)))))))","v":"C2 62"},258.91967475913719,null," ",{"$f":"T64-HLOOKUP(X64,Feuil1!$C$1:$BL$10,2,FALSE)","v":85},{"$f":"T64-HLOOKUP(X64,Feuil1!$C$1:$BL$10,3,FALSE)","v":65},{"$f":"T64-HLOOKUP(X64,Feuil1!$C$1:$BL$10,4,FALSE)","v":50},{"$f":"T64-HLOOKUP(X64,Feuil1!$C$1:$BL$10,5,FALSE)","v":35},{"$f":"T64-HLOOKUP(X64,Feuil1!$C$1:$BL$10,6,FALSE)","v":20},{"$f":"T64-HLOOKUP(X64,Feuil1!$C$1:$BL$10,7,FALSE)","v":0},{"$f":"T64-HLOOKUP(X64,Feuil1!$C$1:$BL$10,8,FALSE)","v":-20},{"$f":"T64-HLOOKUP(X64,Feuil1!$C$1:$BL$10,9,FALSE)","v":-40},{"$f":"T64-HLOOKUP(X64,Feuil1!$C$1:$BL$10,10,FALSE)","v":-830},null,null,null,null,null,null,"NAT +"]
["H","SEST","CAZ",8,305874,"FOLCHER","Guilhem",1998,61.1,"ES VILLENEUVE LOUBET","F",70,73,76,76,85,90,-94,90,166,43.8,"FED +",16,{"$f":"IF(I65=\"\",\"\",IF(A65=\"H\",IF(OR(H65=\"SEN\",H65<1995),VLOOKUP(I65,Feuil1!$A$11:$G$29,6),IF(AND(H65>1994,H65<1998),VLOOKUP(I65,Feuil1!$A$11:$G$29,5),IF(AND(H65>1997,H65<2000),VLOOKUP(I65,Feuil1!$A$11:$G$29,4),IF(AND(H65>1999,H65<2002),VLOOKUP(I65,Feuil1!$A$11:$G$29,3),VLOOKUP(I65,Feuil1!$A$11:$G$29,2))))),IF(OR(H65=\"SEN\",H65<1995),VLOOKUP(I65,Feuil1!$G$11:$L$25,6),IF(AND(H65>1994,H65<1998),VLOOKUP(I65,Feuil1!$G$11:$L$25,5),IF(AND(H65>1997,H65<2000),VLOOKUP(I65,Feuil1!$G$11:$L$25,4),IF(AND(H65>1999,H65<2002),VLOOKUP(I65,Feuil1!$G$11:$L$25,3),VLOOKUP(I65,Feuil1!$G$11:$L$25,2)))))))","v":"C2 62"},242.61235474255852,null," ",{"$f":"T65-HLOOKUP(X65,Feuil1!$C$1:$BL$10,2,FALSE)","v":81},{"$f":"T65-HLOOKUP(X65,Feuil1!$C$1:$BL$10,3,FALSE)","v":61},{"$f":"T65-HLOOKUP(X65,Feuil1!$C$1:$BL$10,4,FALSE)","v":46},{"$f":"T65-HLOOKUP(X65,Feuil1!$C$1:$BL$10,5,FALSE)","v":31},{"$f":"T65-HLOOKUP(X65,Feuil1!$C$1:$BL$10,6,FALSE)","v":16},{"$f":"T65-HLOOKUP(X65,Feuil1!$C$1:$BL$10,7,FALSE)","v":-4},{"$f":"T65-HLOOKUP(X65,Feuil1!$C$1:$BL$10,8,FALSE)","v":-24},{"$f":"T65-HLOOKUP(X65,Feuil1!$C$1:$BL$10,9,FALSE)","v":-44},{"$f":"T65-HLOOKUP(X65,Feuil1!$C$1:$BL$10,10,FALSE)","v":-834},null,null,null,null,null,null,"FED +"]
["H","NORD","PIC",9,334518,"DUPREZ","Kurt",1998,61.69,"Saleux CHM","F",65,70,-73,70,79,84,-87,84,154,30.620000000000005,"FED +",4,{"$f":"IF(I66=\"\",\"\",IF(A66=\"H\",IF(OR(H66=\"SEN\",H66<1995),VLOOKUP(I66,Feuil1!$A$11:$G$29,6),IF(AND(H66>1994,H66<1998),VLOOKUP(I66,Feuil1!$A$11:$G$29,5),IF(AND(H66>1997,H66<2000),VLOOKUP(I66,Feuil1!$A$11:$G$29,4),IF(AND(H66>1999,H66<2002),VLOOKUP(I66,Feuil1!$A$11:$G$29,3),VLOOKUP(I66,Feuil1!$A$11:$G$29,2))))),IF(OR(H66=\"SEN\",H66<1995),VLOOKUP(I66,Feuil1!$G$11:$L$25,6),IF(AND(H66>1994,H66<1998),VLOOKUP(I66,Feuil1!$G$11:$L$25,5),IF(AND(H66>1997,H66<2000),VLOOKUP(I66,Feuil1!$G$11:$L$25,4),IF(AND(H66>1999,H66<2002),VLOOKUP(I66,Feuil1!$G$11:$L$25,3),VLOOKUP(I66,Feuil1!$G$11:$L$25,2)))))))","v":"C2 62"},223.52145897601719,null," ",{"$f":"T66-HLOOKUP(X66,Feuil1!$C$1:$BL$10,2,FALSE)","v":69},{"$f":"T66-HLOOKUP(X66,Feuil1!$C$1:$BL$10,3,FALSE)","v":49},{"$f":"T66-HLOOKUP(X66,Feuil1!$C$1:$BL$10,4,FALSE)","v":34},{"$f":"T66-HLOOKUP(X66,Feuil1!$C$1:$BL$10,5,FALSE)","v":19},{"$f":"T66-HLOOKUP(X66,Feuil1!$C$1:$BL$10,6,FALSE)","v":4},{"$f":"T66-HLOOKUP(X66,Feuil1!$C$1:$BL$10,7,FALSE)","v":-16},{"$f":"T66-HLOOKUP(X66,Feuil1!$C$1:$BL$10,8,FALSE)","v":-36},{"$f":"T66-HLOOKUP(X66,Feuil1!$C$1:$BL$10,9,FALSE)","v":-56},{"$f":"T66-HLOOKUP(X66,Feuil1!$C$1:$BL$10,10,FALSE)","v":-846},null,null,null,null,null,null,"FED +"]
["H","CO","BNO",10,312349,"RENOUF","Tom",1999,61.7,"Caen CHM","F",65,70,73,73,77,81,-85,81,154,30.599999999999994,"FED +",4,{"$f":"IF(I67=\"\",\"\",IF(A67=\"H\",IF(OR(H67=\"SEN\",H67<1995),VLOOKUP(I67,Feuil1!$A$11:$G$29,6),IF(AND(H67>1994,H67<1998),VLOOKUP(I67,Feuil1!$A$11:$G$29,5),IF(AND(H67>1997,H67<2000),VLOOKUP(I67,Feuil1!$A$11:$G$29,4),IF(AND(H67>1999,H67<2002),VLOOKUP(I67,Feuil1!$A$11:$G$29,3),VLOOKUP(I67,Feuil1!$A$11:$G$29,2))))),IF(OR(H67=\"SEN\",H67<1995),VLOOKUP(I67,Feuil1!$G$11:$L$25,6),IF(AND(H67>1994,H67<1998),VLOOKUP(I67,Feuil1!$G$11:$L$25,5),IF(AND(H67>1997,H67<2000),VLOOKUP(I67,Feuil1!$G$11:$L$25,4),IF(AND(H67>1999,H67<2002),VLOOKUP(I67,Feuil1!$G$11:$L$25,3),VLOOKUP(I67,Feuil1!$G$11:$L$25,2)))))))","v":"C2 62"},223.49548517130685,null," ",{"$f":"T67-HLOOKUP(X67,Feuil1!$C$1:$BL$10,2,FALSE)","v":69},{"$f":"T67-HLOOKUP(X67,Feuil1!$C$1:$BL$10,3,FALSE)","v":49},{"$f":"T67-HLOOKUP(X67,Feuil1!$C$1:$BL$10,4,FALSE)","v":34},{"$f":"T67-HLOOKUP(X67,Feuil1!$C$1:$BL$10,5,FALSE)","v":19},{"$f":"T67-HLOOKUP(X67,Feuil1!$C$1:$BL$10,6,FALSE)","v":4},{"$f":"T67-HLOOKUP(X67,Feuil1!$C$1:$BL$10,7,FALSE)","v":-16},{"$f":"T67-HLOOKUP(X67,Feuil1!$C$1:$BL$10,8,FALSE)","v":-36},{"$f":"T67-HLOOKUP(X67,Feuil1!$C$1:$BL$10,9,FALSE)","v":-56},{"$f":"T67-HLOOKUP(X67,Feuil1!$C$1:$BL$10,10,FALSE)","v":-846},null,null,null,null,null,null,"FED +"]
["H","NE","LOR",11,273033,"GUINDOS","Vincent",1998,56.4,"E.S.LANEUVEVILLOISE","F",63,-67,67,67,82,-86,86,86,153,40.200000000000003,"FED +",3,{"$f":"IF(I68=\"\",\"\",IF(A68=\"H\",IF(OR(H68=\"SEN\",H68<1995),VLOOKUP(I68,Feuil1!$A$11:$G$29,6),IF(AND(H68>1994,H68<1998),VLOOKUP(I68,Feuil1!$A$11:$G$29,5),IF(AND(H68>1997,H68<2000),VLOOKUP(I68,Feuil1!$A$11:$G$29,4),IF(AND(H68>1999,H68<2002),VLOOKUP(I68,Feuil1!$A$11:$G$29,3),VLOOKUP(I68,Feuil1!$A$11:$G$29,2))))),IF(OR(H68=\"SEN\",H68<1995),VLOOKUP(I68,Feuil1!$G$11:$L$25,6),IF(AND(H68>1994,H68<1998),VLOOKUP(I68,Feuil1!$G$11:$L$25,5),IF(AND(H68>1997,H68<2000),VLOOKUP(I68,Feuil1!$G$11:$L$25,4),IF(AND(H68>1999,H68<2002),VLOOKUP(I68,Feuil1!$G$11:$L$25,3),VLOOKUP(I68,Feuil1!$G$11:$L$25,2)))))))","v":"C2 62"},237.47147228332602,null," ",{"$f":"T68-HLOOKUP(X68,Feuil1!$C$1:$BL$10,2,FALSE)","v":68},{"$f":"T68-HLOOKUP(X68,Feuil1!$C$1:$BL$10,3,FALSE)","v":48},{"$f":"T68-HLOOKUP(X68,Feuil1!$C$1:$BL$10,4,FALSE)","v":33},{"$f":"T68-HLOOKUP(X68,Feuil1!$C$1:$BL$10,5,FALSE)","v":18},{"$f":"T68-HLOOKUP(X68,Feuil1!$C$1:$BL$10,6,FALSE)","v":3},{"$f":"T68-HLOOKUP(X68,Feuil1!$C$1:$BL$10,7,FALSE)","v":-17},{"$f":"T68-HLOOKUP(X68,Feuil1!$C$1:$BL$10,8,FALSE)","v":-37},{"$f":"T68-HLOOKUP(X68,Feuil1!$C$1:$BL$10,9,FALSE)","v":-57},{"$f":"T68-HLOOKUP(X68,Feuil1!$C$1:$BL$10,10,FALSE)","v":-847},null,null,null,null,null,null,"FED +"]
["H","NORD","PIC",12,343406,"CANUT","Timothé",1999,56.59,"La Vaillante Saint Quentin","F",-64,64,68,68,77,82,85,85,153,39.819999999999993,"FED +",3,{"$f":"IF(I69=\"\",\"\",IF(A69=\"H\",IF(OR(H69=\"SEN\",H69<1995),VLOOKUP(I69,Feuil1!$A$11:$G$29,6),IF(AND(H69>1994,H69<1998),VLOOKUP(I69,Feuil1!$A$11:$G$29,5),IF(AND(H69>1997,H69<2000),VLOOKUP(I69,Feuil1!$A$11:$G$29,4),IF(AND(H69>1999,H69<2002),VLOOKUP(I69,Feuil1!$A$11:$G$29,3),VLOOKUP(I69,Feuil1!$A$11:$G$29,2))))),IF(OR(H69=\"SEN\",H69<1995),VLOOKUP(I69,Feuil1!$G$11:$L$25,6),IF(AND(H69>1994,H69<1998),VLOOKUP(I69,Feuil1!$G$11:$L$25,5),IF(AND(H69>1997,H69<2000),VLOOKUP(I69,Feuil1!$G$11:$L$25,4),IF(AND(H69>1999,H69<2002),VLOOKUP(I69,Feuil1!$G$11:$L$25,3),VLOOKUP(I69,Feuil1!$G$11:$L$25,2)))))))","v":"C2 62"},236.85116899179013,null," ",{"$f":"T69-HLOOKUP(X69,Feuil1!$C$1:$BL$10,2,FALSE)","v":68},{"$f":"T69-HLOOKUP(X69,Feuil1!$C$1:$BL$10,3,FALSE)","v":48},{"$f":"T69-HLOOKUP(X69,Feuil1!$C$1:$BL$10,4,FALSE)","v":33},{"$f":"T69-HLOOKUP(X69,Feuil1!$C$1:$BL$10,5,FALSE)","v":18},{"$f":"T69-HLOOKUP(X69,Feuil1!$C$1:$BL$10,6,FALSE)","v":3},{"$f":"T69-HLOOKUP(X69,Feuil1!$C$1:$BL$10,7,FALSE)","v":-17},{"$f":"T69-HLOOKUP(X69,Feuil1!$C$1:$BL$10,8,FALSE)","v":-37},{"$f":"T69-HLOOKUP(X69,Feuil1!$C$1:$BL$10,9,FALSE)","v":-57},{"$f":"T69-HLOOKUP(X69,Feuil1!$C$1:$BL$10,10,FALSE)","v":-847},null,null,null,null,null,null,"FED +"]
["H","NE","BOU",13,166540,"LAMBERT","Brice",1998,57.3,"HC Saint Honoré les Bains","F",58,61,65,65,75,80,-85,80,145,30.400000000000006,"IRG +",10,{"$f":"IF(I70=\"\",\"\",IF(A70=\"H\",IF(OR(H70=\"SEN\",H70<1995),VLOOKUP(I70,Feuil1!$A$11:$G$29,6),IF(AND(H70>1994,H70<1998),VLOOKUP(I70,Feuil1!$A$11:$G$29,5),IF(AND(H70>1997,H70<2000),VLOOKUP(I70,Feuil1!$A$11:$G$29,4),IF(AND(H70>1999,H70<2002),VLOOKUP(I70,Feuil1!$A$11:$G$29,3),VLOOKUP(I70,Feuil1!$A$11:$G$29,2))))),IF(OR(H70=\"SEN\",H70<1995),VLOOKUP(I70,Feuil1!$G$11:$L$25,6),IF(AND(H70>1994,H70<1998),VLOOKUP(I70,Feuil1!$G$11:$L$25,5),IF(AND(H70>1997,H70<2000),VLOOKUP(I70,Feuil1!$G$11:$L$25,4),IF(AND(H70>1999,H70<2002),VLOOKUP(I70,Feuil1!$G$11:$L$25,3),VLOOKUP(I70,Feuil1!$G$11:$L$25,2)))))))","v":"C2 62"},222.31585997508154,null," ",{"$f":"T70-HLOOKUP(X70,Feuil1!$C$1:$BL$10,2,FALSE)","v":60},{"$f":"T70-HLOOKUP(X70,Feuil1!$C$1:$BL$10,3,FALSE)","v":40},{"$f":"T70-HLOOKUP(X70,Feuil1!$C$1:$BL$10,4,FALSE)","v":25},{"$f":"T70-HLOOKUP(X70,Feuil1!$C$1:$BL$10,5,FALSE)","v":10},{"$f":"T70-HLOOKUP(X70,Feuil1!$C$1:$BL$10,6,FALSE)","v":-5},{"$f":"T70-HLOOKUP(X70,Feuil1!$C$1:$BL$10,7,FALSE)","v":-25},{"$f":"T70-HLOOKUP(X70,Feuil1!$C$1:$BL$10,8,FALSE)","v":-45},{"$f":"T70-HLOOKUP(X70,Feuil1!$C$1:$BL$10,9,FALSE)","v":-65},{"$f":"T70-HLOOKUP(X70,Feuil1!$C$1:$BL$10,10,FALSE)","v":-855},null,null,null,null,null,null,"IRG +"]
["H","SEST","RAL",14,305314,"ABRAS","Remy",1999,60.3,"HC CHAMBON FEUGEROLLES","F",60,-63,65,65,80,-85,-85,80,145,24.400000000000006,"IRG +",10,{"$f":"IF(I71=\"\",\"\",IF(A71=\"H\",IF(OR(H71=\"SEN\",H71<1995),VLOOKUP(I71,Feuil1!$A$11:$G$29,6),IF(AND(H71>1994,H71<1998),VLOOKUP(I71,Feuil1!$A$11:$G$29,5),IF(AND(H71>1997,H71<2000),VLOOKUP(I71,Feuil1!$A$11:$G$29,4),IF(AND(H71>1999,H71<2002),VLOOKUP(I71,Feuil1!$A$11:$G$29,3),VLOOKUP(I71,Feuil1!$A$11:$G$29,2))))),IF(OR(H71=\"SEN\",H71<1995),VLOOKUP(I71,Feuil1!$G$11:$L$25,6),IF(AND(H71>1994,H71<1998),VLOOKUP(I71,Feuil1!$G$11:$L$25,5),IF(AND(H71>1997,H71<2000),VLOOKUP(I71,Feuil1!$G$11:$L$25,4),IF(AND(H71>1999,H71<2002),VLOOKUP(I71,Feuil1!$G$11:$L$25,3),VLOOKUP(I71,Feuil1!$G$11:$L$25,2)))))))","v":"C2 62"},213.9640943419441,null," ",{"$f":"T71-HLOOKUP(X71,Feuil1!$C$1:$BL$10,2,FALSE)","v":60},{"$f":"T71-HLOOKUP(X71,Feuil1!$C$1:$BL$10,3,FALSE)","v":40},{"$f":"T71-HLOOKUP(X71,Feuil1!$C$1:$BL$10,4,FALSE)","v":25},{"$f":"T71-HLOOKUP(X71,Feuil1!$C$1:$BL$10,5,FALSE)","v":10},{"$f":"T71-HLOOKUP(X71,Feuil1!$C$1:$BL$10,6,FALSE)","v":-5},{"$f":"T71-HLOOKUP(X71,Feuil1!$C$1:$BL$10,7,FALSE)","v":-25},{"$f":"T71-HLOOKUP(X71,Feuil1!$C$1:$BL$10,8,FALSE)","v":-45},{"$f":"T71-HLOOKUP(X71,Feuil1!$C$1:$BL$10,9,FALSE)","v":-65},{"$f":"T71-HLOOKUP(X71,Feuil1!$C$1:$BL$10,10,FALSE)","v":-855},null,null,null,null,null,null,"IRG +"]
["H","NORD","NPC",15,316430,"CHOQUET","Mathieu",1999,59.6,"ST POL SUR MER","F",55,58,60,60,75,80,83,83,143,23.799999999999997,"IRG +",8,{"$f":"IF(I72=\"\",\"\",IF(A72=\"H\",IF(OR(H72=\"SEN\",H72<1995),VLOOKUP(I72,Feuil1!$A$11:$G$29,6),IF(AND(H72>1994,H72<1998),VLOOKUP(I72,Feuil1!$A$11:$G$29,5),IF(AND(H72>1997,H72<2000),VLOOKUP(I72,Feuil1!$A$11:$G$29,4),IF(AND(H72>1999,H72<2002),VLOOKUP(I72,Feuil1!$A$11:$G$29,3),VLOOKUP(I72,Feuil1!$A$11:$G$29,2))))),IF(OR(H72=\"SEN\",H72<1995),VLOOKUP(I72,Feuil1!$G$11:$L$25,6),IF(AND(H72>1994,H72<1998),VLOOKUP(I72,Feuil1!$G$11:$L$25,5),IF(AND(H72>1997,H72<2000),VLOOKUP(I72,Feuil1!$G$11:$L$25,4),IF(AND(H72>1999,H72<2002),VLOOKUP(I72,Feuil1!$G$11:$L$25,3),VLOOKUP(I72,Feuil1!$G$11:$L$25,2)))))))","v":"C2 62"},212.83600473508699,null," ",{"$f":"T72-HLOOKUP(X72,Feuil1!$C$1:$BL$10,2,FALSE)","v":58},{"$f":"T72-HLOOKUP(X72,Feuil1!$C$1:$BL$10,3,FALSE)","v":38},{"$f":"T72-HLOOKUP(X72,Feuil1!$C$1:$BL$10,4,FALSE)","v":23},{"$f":"T72-HLOOKUP(X72,Feuil1!$C$1:$BL$10,5,FALSE)","v":8},{"$f":"T72-HLOOKUP(X72,Feuil1!$C$1:$BL$10,6,FALSE)","v":-7},{"$f":"T72-HLOOKUP(X72,Feuil1!$C$1:$BL$10,7,FALSE)","v":-27},{"$f":"T72-HLOOKUP(X72,Feuil1!$C$1:$BL$10,8,FALSE)","v":-47},{"$f":"T72-HLOOKUP(X72,Feuil1!$C$1:$BL$10,9,FALSE)","v":-67},{"$f":"T72-HLOOKUP(X72,Feuil1!$C$1:$BL$10,10,FALSE)","v":-857},null,null,null,null,null,null,"IRG +"]
["H","N","IDF",16,356185,"FERRET","GEOFFREY",1999,59.9,"SAINT-MAUR","F",55,60,63,63,75,80,-83,80,143,23.200000000000003,"IRG +",8,{"$f":"IF(I73=\"\",\"\",IF(A73=\"H\",IF(OR(H73=\"SEN\",H73<1995),VLOOKUP(I73,Feuil1!$A$11:$G$29,6),IF(AND(H73>1994,H73<1998),VLOOKUP(I73,Feuil1!$A$11:$G$29,5),IF(AND(H73>1997,H73<2000),VLOOKUP(I73,Feuil1!$A$11:$G$29,4),IF(AND(H73>1999,H73<2002),VLOOKUP(I73,Feuil1!$A$11:$G$29,3),VLOOKUP(I73,Feuil1!$A$11:$G$29,2))))),IF(OR(H73=\"SEN\",H73<1995),VLOOKUP(I73,Feuil1!$G$11:$L$25,6),IF(AND(H73>1994,H73<1998),VLOOKUP(I73,Feuil1!$G$11:$L$25,5),IF(AND(H73>1997,H73<2000),VLOOKUP(I73,Feuil1!$G$11:$L$25,4),IF(AND(H73>1999,H73<2002),VLOOKUP(I73,Feuil1!$G$11:$L$25,3),VLOOKUP(I73,Feuil1!$G$11:$L$25,2)))))))","v":"C2 62"},212.0476841263503,null," ",{"$f":"T73-HLOOKUP(X73,Feuil1!$C$1:$BL$10,2,FALSE)","v":58},{"$f":"T73-HLOOKUP(X73,Feuil1!$C$1:$BL$10,3,FALSE)","v":38},{"$f":"T73-HLOOKUP(X73,Feuil1!$C$1:$BL$10,4,FALSE)","v":23},{"$f":"T73-HLOOKUP(X73,Feuil1!$C$1:$BL$10,5,FALSE)","v":8},{"$f":"T73-HLOOKUP(X73,Feuil1!$C$1:$BL$10,6,FALSE)","v":-7},{"$f":"T73-HLOOKUP(X73,Feuil1!$C$1:$BL$10,7,FALSE)","v":-27},{"$f":"T73-HLOOKUP(X73,Feuil1!$C$1:$BL$10,8,FALSE)","v":-47},{"$f":"T73-HLOOKUP(X73,Feuil1!$C$1:$BL$10,9,FALSE)","v":-67},{"$f":"T73-HLOOKUP(X73,Feuil1!$C$1:$BL$10,10,FALSE)","v":-857},null,null,null,null,null,null,"IRG +"]
["H","SEST","RAL",17,391418,"BAH","Boubacar",1998,56.4,"Vaulx-en-Velin","F",-60,60,65,65,70,-75,77,77,142,29.200000000000003,"IRG +",7,{"$f":"IF(I74=\"\",\"\",IF(A74=\"H\",IF(OR(H74=\"SEN\",H74<1995),VLOOKUP(I74,Feuil1!$A$11:$G$29,6),IF(AND(H74>1994,H74<1998),VLOOKUP(I74,Feuil1!$A$11:$G$29,5),IF(AND(H74>1997,H74<2000),VLOOKUP(I74,Feuil1!$A$11:$G$29,4),IF(AND(H74>1999,H74<2002),VLOOKUP(I74,Feuil1!$A$11:$G$29,3),VLOOKUP(I74,Feuil1!$A$11:$G$29,2))))),IF(OR(H74=\"SEN\",H74<1995),VLOOKUP(I74,Feuil1!$G$11:$L$25,6),IF(AND(H74>1994,H74<1998),VLOOKUP(I74,Feuil1!$G$11:$L$25,5),IF(AND(H74>1997,H74<2000),VLOOKUP(I74,Feuil1!$G$11:$L$25,4),IF(AND(H74>1999,H74<2002),VLOOKUP(I74,Feuil1!$G$11:$L$25,3),VLOOKUP(I74,Feuil1!$G$11:$L$25,2)))))))","v":"C2 62"},220.39835989694311,null," ",{"$f":"T74-HLOOKUP(X74,Feuil1!$C$1:$BL$10,2,FALSE)","v":57},{"$f":"T74-HLOOKUP(X74,Feuil1!$C$1:$BL$10,3,FALSE)","v":37},{"$f":"T74-HLOOKUP(X74,Feuil1!$C$1:$BL$10,4,FALSE)","v":22},{"$f":"T74-HLOOKUP(X74,Feuil1!$C$1:$BL$10,5,FALSE)","v":7},{"$f":"T74-HLOOKUP(X74,Feuil1!$C$1:$BL$10,6,FALSE)","v":-8},{"$f":"T74-HLOOKUP(X74,Feuil1!$C$1:$BL$10,7,FALSE)","v":-28},{"$f":"T74-HLOOKUP(X74,Feuil1!$C$1:$BL$10,8,FALSE)","v":-48},{"$f":"T74-HLOOKUP(X74,Feuil1!$C$1:$BL$10,9,FALSE)","v":-68},{"$f":"T74-HLOOKUP(X74,Feuil1!$C$1:$BL$10,10,FALSE)","v":-858},null,null,null,null,null,null,"IRG +"]
["H","NORD","PIC",18,391577,"CLABAUT","Sullyvan",1999,61.5,"Amiens HM","F",60,-63,-63,60,70,75,80,80,140,17,"IRG +",5,{"$f":"IF(I75=\"\",\"\",IF(A75=\"H\",IF(OR(H75=\"SEN\",H75<1995),VLOOKUP(I75,Feuil1!$A$11:$G$29,6),IF(AND(H75>1994,H75<1998),VLOOKUP(I75,Feuil1!$A$11:$G$29,5),IF(AND(H75>1997,H75<2000),VLOOKUP(I75,Feuil1!$A$11:$G$29,4),IF(AND(H75>1999,H75<2002),VLOOKUP(I75,Feuil1!$A$11:$G$29,3),VLOOKUP(I75,Feuil1!$A$11:$G$29,2))))),IF(OR(H75=\"SEN\",H75<1995),VLOOKUP(I75,Feuil1!$G$11:$L$25,6),IF(AND(H75>1994,H75<1998),VLOOKUP(I75,Feuil1!$G$11:$L$25,5),IF(AND(H75>1997,H75<2000),VLOOKUP(I75,Feuil1!$G$11:$L$25,4),IF(AND(H75>1999,H75<2002),VLOOKUP(I75,Feuil1!$G$11:$L$25,3),VLOOKUP(I75,Feuil1!$G$11:$L$25,2)))))))","v":"C2 62"},203.65192055305664,null," ",{"$f":"T75-HLOOKUP(X75,Feuil1!$C$1:$BL$10,2,FALSE)","v":55},{"$f":"T75-HLOOKUP(X75,Feuil1!$C$1:$BL$10,3,FALSE)","v":35},{"$f":"T75-HLOOKUP(X75,Feuil1!$C$1:$BL$10,4,FALSE)","v":20},{"$f":"T75-HLOOKUP(X75,Feuil1!$C$1:$BL$10,5,FALSE)","v":5},{"$f":"T75-HLOOKUP(X75,Feuil1!$C$1:$BL$10,6,FALSE)","v":-10},{"$f":"T75-HLOOKUP(X75,Feuil1!$C$1:$BL$10,7,FALSE)","v":-30},{"$f":"T75-HLOOKUP(X75,Feuil1!$C$1:$BL$10,8,FALSE)","v":-50},{"$f":"T75-HLOOKUP(X75,Feuil1!$C$1:$BL$10,9,FALSE)","v":-70},{"$f":"T75-HLOOKUP(X75,Feuil1!$C$1:$BL$10,10,FALSE)","v":-860},null,null,null,null,null,null,"IRG +"]
["H","SEST","CAZ",19,307138,"BLAIN","Remi",1998,62,"ES VILLENEUVE LOUBET","F",56,-60,61,61,74,78,-80,78,139,15,"IRG +",4,{"$f":"IF(I76=\"\",\"\",IF(A76=\"H\",IF(OR(H76=\"SEN\",H76<1995),VLOOKUP(I76,Feuil1!$A$11:$G$29,6),IF(AND(H76>1994,H76<1998),VLOOKUP(I76,Feuil1!$A$11:$G$29,5),IF(AND(H76>1997,H76<2000),VLOOKUP(I76,Feuil1!$A$11:$G$29,4),IF(AND(H76>1999,H76<2002),VLOOKUP(I76,Feuil1!$A$11:$G$29,3),VLOOKUP(I76,Feuil1!$A$11:$G$29,2))))),IF(OR(H76=\"SEN\",H76<1995),VLOOKUP(I76,Feuil1!$G$11:$L$25,6),IF(AND(H76>1994,H76<1998),VLOOKUP(I76,Feuil1!$G$11:$L$25,5),IF(AND(H76>1997,H76<2000),VLOOKUP(I76,Feuil1!$G$11:$L$25,4),IF(AND(H76>1999,H76<2002),VLOOKUP(I76,Feuil1!$G$11:$L$25,3),VLOOKUP(I76,Feuil1!$G$11:$L$25,2)))))))","v":"C2 62"},201.02783420492153,null," ",{"$f":"T76-HLOOKUP(X76,Feuil1!$C$1:$BL$10,2,FALSE)","v":54},{"$f":"T76-HLOOKUP(X76,Feuil1!$C$1:$BL$10,3,FALSE)","v":34},{"$f":"T76-HLOOKUP(X76,Feuil1!$C$1:$BL$10,4,FALSE)","v":19},{"$f":"T76-HLOOKUP(X76,Feuil1!$C$1:$BL$10,5,FALSE)","v":4},{"$f":"T76-HLOOKUP(X76,Feuil1!$C$1:$BL$10,6,FALSE)","v":-11},{"$f":"T76-HLOOKUP(X76,Feuil1!$C$1:$BL$10,7,FALSE)","v":-31},{"$f":"T76-HLOOKUP(X76,Feuil1!$C$1:$BL$10,8,FALSE)","v":-51},{"$f":"T76-HLOOKUP(X76,Feuil1!$C$1:$BL$10,9,FALSE)","v":-71},{"$f":"T76-HLOOKUP(X76,Feuil1!$C$1:$BL$10,10,FALSE)","v":-861},null,null,null,null,null,null,"IRG +"]
["H","N","IDF",20,265699,"LAAJOUNE","ZAKARIA",1998,61.9,"GENNEVILLIERS","F",50,55,58,58,64,68,75,75,133,9.2000000000000028,"REG +",13,{"$f":"IF(I77=\"\",\"\",IF(A77=\"H\",IF(OR(H77=\"SEN\",H77<1995),VLOOKUP(I77,Feuil1!$A$11:$G$29,6),IF(AND(H77>1994,H77<1998),VLOOKUP(I77,Feuil1!$A$11:$G$29,5),IF(AND(H77>1997,H77<2000),VLOOKUP(I77,Feuil1!$A$11:$G$29,4),IF(AND(H77>1999,H77<2002),VLOOKUP(I77,Feuil1!$A$11:$G$29,3),VLOOKUP(I77,Feuil1!$A$11:$G$29,2))))),IF(OR(H77=\"SEN\",H77<1995),VLOOKUP(I77,Feuil1!$G$11:$L$25,6),IF(AND(H77>1994,H77<1998),VLOOKUP(I77,Feuil1!$G$11:$L$25,5),IF(AND(H77>1997,H77<2000),VLOOKUP(I77,Feuil1!$G$11:$L$25,4),IF(AND(H77>1999,H77<2002),VLOOKUP(I77,Feuil1!$G$11:$L$25,3),VLOOKUP(I77,Feuil1!$G$11:$L$25,2)))))))","v":"C2 62"},192.57222733722995,null," ",{"$f":"T77-HLOOKUP(X77,Feuil1!$C$1:$BL$10,2,FALSE)","v":48},{"$f":"T77-HLOOKUP(X77,Feuil1!$C$1:$BL$10,3,FALSE)","v":28},{"$f":"T77-HLOOKUP(X77,Feuil1!$C$1:$BL$10,4,FALSE)","v":13},{"$f":"T77-HLOOKUP(X77,Feuil1!$C$1:$BL$10,5,FALSE)","v":-2},{"$f":"T77-HLOOKUP(X77,Feuil1!$C$1:$BL$10,6,FALSE)","v":-17},{"$f":"T77-HLOOKUP(X77,Feuil1!$C$1:$BL$10,7,FALSE)","v":-37},{"$f":"T77-HLOOKUP(X77,Feuil1!$C$1:$BL$10,8,FALSE)","v":-57},{"$f":"T77-HLOOKUP(X77,Feuil1!$C$1:$BL$10,9,FALSE)","v":-77},{"$f":"T77-HLOOKUP(X77,Feuil1!$C$1:$BL$10,10,FALSE)","v":-867},null,null,null,null,null,null,"REG +"]
["H","NE","CHA",21,342472,"CHAPLET","Jason",1999,60.6,"Langres HM","F",48,52,55,55,67,71,74,74,129,7.7999999999999972,"REG +",9,{"$f":"IF(I78=\"\",\"\",IF(A78=\"H\",IF(OR(H78=\"SEN\",H78<1995),VLOOKUP(I78,Feuil1!$A$11:$G$29,6),IF(AND(H78>1994,H78<1998),VLOOKUP(I78,Feuil1!$A$11:$G$29,5),IF(AND(H78>1997,H78<2000),VLOOKUP(I78,Feuil1!$A$11:$G$29,4),IF(AND(H78>1999,H78<2002),VLOOKUP(I78,Feuil1!$A$11:$G$29,3),VLOOKUP(I78,Feuil1!$A$11:$G$29,2))))),IF(OR(H78=\"SEN\",H78<1995),VLOOKUP(I78,Feuil1!$G$11:$L$25,6),IF(AND(H78>1994,H78<1998),VLOOKUP(I78,Feuil1!$G$11:$L$25,5),IF(AND(H78>1997,H78<2000),VLOOKUP(I78,Feuil1!$G$11:$L$25,4),IF(AND(H78>1999,H78<2002),VLOOKUP(I78,Feuil1!$G$11:$L$25,3),VLOOKUP(I78,Feuil1!$G$11:$L$25,2)))))))","v":"C2 62"},189.66492615650336,null," ",{"$f":"T78-HLOOKUP(X78,Feuil1!$C$1:$BL$10,2,FALSE)","v":44},{"$f":"T78-HLOOKUP(X78,Feuil1!$C$1:$BL$10,3,FALSE)","v":24},{"$f":"T78-HLOOKUP(X78,Feuil1!$C$1:$BL$10,4,FALSE)","v":9},{"$f":"T78-HLOOKUP(X78,Feuil1!$C$1:$BL$10,5,FALSE)","v":-6},{"$f":"T78-HLOOKUP(X78,Feuil1!$C$1:$BL$10,6,FALSE)","v":-21},{"$f":"T78-HLOOKUP(X78,Feuil1!$C$1:$BL$10,7,FALSE)","v":-41},{"$f":"T78-HLOOKUP(X78,Feuil1!$C$1:$BL$10,8,FALSE)","v":-61},{"$f":"T78-HLOOKUP(X78,Feuil1!$C$1:$BL$10,9,FALSE)","v":-81},{"$f":"T78-HLOOKUP(X78,Feuil1!$C$1:$BL$10,10,FALSE)","v":-871},null,null,null,null,null,null,"REG +"]
["H","NORD","PIC",22,275111,"VIESIER","Kévin",1999,61,"Saleux CHM","F",47,50,53,53,68,73,75,75,128,6,"REG +",8,{"$f":"IF(I79=\"\",\"\",IF(A79=\"H\",IF(OR(H79=\"SEN\",H79<1995),VLOOKUP(I79,Feuil1!$A$11:$G$29,6),IF(AND(H79>1994,H79<1998),VLOOKUP(I79,Feuil1!$A$11:$G$29,5),IF(AND(H79>1997,H79<2000),VLOOKUP(I79,Feuil1!$A$11:$G$29,4),IF(AND(H79>1999,H79<2002),VLOOKUP(I79,Feuil1!$A$11:$G$29,3),VLOOKUP(I79,Feuil1!$A$11:$G$29,2))))),IF(OR(H79=\"SEN\",H79<1995),VLOOKUP(I79,Feuil1!$G$11:$L$25,6),IF(AND(H79>1994,H79<1998),VLOOKUP(I79,Feuil1!$G$11:$L$25,5),IF(AND(H79>1997,H79<2000),VLOOKUP(I79,Feuil1!$G$11:$L$25,4),IF(AND(H79>1999,H79<2002),VLOOKUP(I79,Feuil1!$G$11:$L$25,3),VLOOKUP(I79,Feuil1!$G$11:$L$25,2)))))))","v":"C2 62"},187.29663586925679,null," ",{"$f":"T79-HLOOKUP(X79,Feuil1!$C$1:$BL$10,2,FALSE)","v":43},{"$f":"T79-HLOOKUP(X79,Feuil1!$C$1:$BL$10,3,FALSE)","v":23},{"$f":"T79-HLOOKUP(X79,Feuil1!$C$1:$BL$10,4,FALSE)","v":8},{"$f":"T79-HLOOKUP(X79,Feuil1!$C$1:$BL$10,5,FALSE)","v":-7},{"$f":"T79-HLOOKUP(X79,Feuil1!$C$1:$BL$10,6,FALSE)","v":-22},{"$f":"T79-HLOOKUP(X79,Feuil1!$C$1:$BL$10,7,FALSE)","v":-42},{"$f":"T79-HLOOKUP(X79,Feuil1!$C$1:$BL$10,8,FALSE)","v":-62},{"$f":"T79-HLOOKUP(X79,Feuil1!$C$1:$BL$10,9,FALSE)","v":-82},{"$f":"T79-HLOOKUP(X79,Feuil1!$C$1:$BL$10,10,FALSE)","v":-872},null,null,null,null,null,null,"REG +"]
["H","CO","CEN",23,327184,"DUCOURTIOUX","Brian",1999,61.3,"AAJ Blois","F",52,55,57,57,64,67,69,69,126,3.4000000000000057,"REG +",6,{"$f":"IF(I80=\"\",\"\",IF(A80=\"H\",IF(OR(H80=\"SEN\",H80<1995),VLOOKUP(I80,Feuil1!$A$11:$G$29,6),IF(AND(H80>1994,H80<1998),VLOOKUP(I80,Feuil1!$A$11:$G$29,5),IF(AND(H80>1997,H80<2000),VLOOKUP(I80,Feuil1!$A$11:$G$29,4),IF(AND(H80>1999,H80<2002),VLOOKUP(I80,Feuil1!$A$11:$G$29,3),VLOOKUP(I80,Feuil1!$A$11:$G$29,2))))),IF(OR(H80=\"SEN\",H80<1995),VLOOKUP(I80,Feuil1!$G$11:$L$25,6),IF(AND(H80>1994,H80<1998),VLOOKUP(I80,Feuil1!$G$11:$L$25,5),IF(AND(H80>1997,H80<2000),VLOOKUP(I80,Feuil1!$G$11:$L$25,4),IF(AND(H80>1999,H80<2002),VLOOKUP(I80,Feuil1!$G$11:$L$25,3),VLOOKUP(I80,Feuil1!$G$11:$L$25,2)))))))","v":"C2 62"},183.71724849717066,null," ",{"$f":"T80-HLOOKUP(X80,Feuil1!$C$1:$BL$10,2,FALSE)","v":41},{"$f":"T80-HLOOKUP(X80,Feuil1!$C$1:$BL$10,3,FALSE)","v":21},{"$f":"T80-HLOOKUP(X80,Feuil1!$C$1:$BL$10,4,FALSE)","v":6},{"$f":"T80-HLOOKUP(X80,Feuil1!$C$1:$BL$10,5,FALSE)","v":-9},{"$f":"T80-HLOOKUP(X80,Feuil1!$C$1:$BL$10,6,FALSE)","v":-24},{"$f":"T80-HLOOKUP(X80,Feuil1!$C$1:$BL$10,7,FALSE)","v":-44},{"$f":"T80-HLOOKUP(X80,Feuil1!$C$1:$BL$10,8,FALSE)","v":-64},{"$f":"T80-HLOOKUP(X80,Feuil1!$C$1:$BL$10,9,FALSE)","v":-84},{"$f":"T80-HLOOKUP(X80,Feuil1!$C$1:$BL$10,10,FALSE)","v":-874},null,null,null,null,null,null,"REG +"]
["H","CO","BRE",24,353388,"LE RUYET","Kevin",1999,61.8,"AL Quimper","F",53,56,-58,56,65,70,-72,70,126,2.4000000000000057,"REG +",6,{"$f":"IF(I81=\"\",\"\",IF(A81=\"H\",IF(OR(H81=\"SEN\",H81<1995),VLOOKUP(I81,Feuil1!$A$11:$G$29,6),IF(AND(H81>1994,H81<1998),VLOOKUP(I81,Feuil1!$A$11:$G$29,5),IF(AND(H81>1997,H81<2000),VLOOKUP(I81,Feuil1!$A$11:$G$29,4),IF(AND(H81>1999,H81<2002),VLOOKUP(I81,Feuil1!$A$11:$G$29,3),VLOOKUP(I81,Feuil1!$A$11:$G$29,2))))),IF(OR(H81=\"SEN\",H81<1995),VLOOKUP(I81,Feuil1!$G$11:$L$25,6),IF(AND(H81>1994,H81<1998),VLOOKUP(I81,Feuil1!$G$11:$L$25,5),IF(AND(H81>1997,H81<2000),VLOOKUP(I81,Feuil1!$G$11:$L$25,4),IF(AND(H81>1999,H81<2002),VLOOKUP(I81,Feuil1!$G$11:$L$25,3),VLOOKUP(I81,Feuil1!$G$11:$L$25,2)))))))","v":"C2 62"},182.64793603405559,null," ",{"$f":"T81-HLOOKUP(X81,Feuil1!$C$1:$BL$10,2,FALSE)","v":41},{"$f":"T81-HLOOKUP(X81,Feuil1!$C$1:$BL$10,3,FALSE)","v":21},{"$f":"T81-HLOOKUP(X81,Feuil1!$C$1:$BL$10,4,FALSE)","v":6},{"$f":"T81-HLOOKUP(X81,Feuil1!$C$1:$BL$10,5,FALSE)","v":-9},{"$f":"T81-HLOOKUP(X81,Feuil1!$C$1:$BL$10,6,FALSE)","v":-24},{"$f":"T81-HLOOKUP(X81,Feuil1!$C$1:$BL$10,7,FALSE)","v":-44},{"$f":"T81-HLOOKUP(X81,Feuil1!$C$1:$BL$10,8,FALSE)","v":-64},{"$f":"T81-HLOOKUP(X81,Feuil1!$C$1:$BL$10,9,FALSE)","v":-84},{"$f":"T81-HLOOKUP(X81,Feuil1!$C$1:$BL$10,10,FALSE)","v":-874},null,null,null,null,null,null,"REG +"]
["H","CO","BRE",25,331071,"COCHINARD","Mathieu",1999,60.1,"CHM Plougastel Daoulas","F",50,53,56,56,61,-64,65,65,121,0.79999999999999716,"REG +",1,{"$f":"IF(I82=\"\",\"\",IF(A82=\"H\",IF(OR(H82=\"SEN\",H82<1995),VLOOKUP(I82,Feuil1!$A$11:$G$29,6),IF(AND(H82>1994,H82<1998),VLOOKUP(I82,Feuil1!$A$11:$G$29,5),IF(AND(H82>1997,H82<2000),VLOOKUP(I82,Feuil1!$A$11:$G$29,4),IF(AND(H82>1999,H82<2002),VLOOKUP(I82,Feuil1!$A$11:$G$29,3),VLOOKUP(I82,Feuil1!$A$11:$G$29,2))))),IF(OR(H82=\"SEN\",H82<1995),VLOOKUP(I82,Feuil1!$G$11:$L$25,6),IF(AND(H82>1994,H82<1998),VLOOKUP(I82,Feuil1!$G$11:$L$25,5),IF(AND(H82>1997,H82<2000),VLOOKUP(I82,Feuil1!$G$11:$L$25,4),IF(AND(H82>1999,H82<2002),VLOOKUP(I82,Feuil1!$G$11:$L$25,3),VLOOKUP(I82,Feuil1!$G$11:$L$25,2)))))))","v":"C2 62"},178.98520787658796,null," ",{"$f":"T82-HLOOKUP(X82,Feuil1!$C$1:$BL$10,2,FALSE)","v":36},{"$f":"T82-HLOOKUP(X82,Feuil1!$C$1:$BL$10,3,FALSE)","v":16},{"$f":"T82-HLOOKUP(X82,Feuil1!$C$1:$BL$10,4,FALSE)","v":1},{"$f":"T82-HLOOKUP(X82,Feuil1!$C$1:$BL$10,5,FALSE)","v":-14},{"$f":"T82-HLOOKUP(X82,Feuil1!$C$1:$BL$10,6,FALSE)","v":-29},{"$f":"T82-HLOOKUP(X82,Feuil1!$C$1:$BL$10,7,FALSE)","v":-49},{"$f":"T82-HLOOKUP(X82,Feuil1!$C$1:$BL$10,8,FALSE)","v":-69},{"$f":"T82-HLOOKUP(X82,Feuil1!$C$1:$BL$10,9,FALSE)","v":-89},{"$f":"T82-HLOOKUP(X82,Feuil1!$C$1:$BL$10,10,FALSE)","v":-879},null,null,null,null,null,null,"REG +"]
["H","SEST","CAZ",26,377278,"TIENYO SONG","J marc",1998,59.9,"ASLDD TOULON","F",44,47,52,52,62,66,68,68,120,0.20000000000000284,"REG +",0,{"$f":"IF(I83=\"\",\"\",IF(A83=\"H\",IF(OR(H83=\"SEN\",H83<1995),VLOOKUP(I83,Feuil1!$A$11:$G$29,6),IF(AND(H83>1994,H83<1998),VLOOKUP(I83,Feuil1!$A$11:$G$29,5),IF(AND(H83>1997,H83<2000),VLOOKUP(I83,Feuil1!$A$11:$G$29,4),IF(AND(H83>1999,H83<2002),VLOOKUP(I83,Feuil1!$A$11:$G$29,3),VLOOKUP(I83,Feuil1!$A$11:$G$29,2))))),IF(OR(H83=\"SEN\",H83<1995),VLOOKUP(I83,Feuil1!$G$11:$L$25,6),IF(AND(H83>1994,H83<1998),VLOOKUP(I83,Feuil1!$G$11:$L$25,5),IF(AND(H83>1997,H83<2000),VLOOKUP(I83,Feuil1!$G$11:$L$25,4),IF(AND(H83>1999,H83<2002),VLOOKUP(I83,Feuil1!$G$11:$L$25,3),VLOOKUP(I83,Feuil1!$G$11:$L$25,2)))))))","v":"C2 62"},177.94211255358067,null," ",{"$f":"T83-HLOOKUP(X83,Feuil1!$C$1:$BL$10,2,FALSE)","v":35},{"$f":"T83-HLOOKUP(X83,Feuil1!$C$1:$BL$10,3,FALSE)","v":15},{"$f":"T83-HLOOKUP(X83,Feuil1!$C$1:$BL$10,4,FALSE)","v":0},{"$f":"T83-HLOOKUP(X83,Feuil1!$C$1:$BL$10,5,FALSE)","v":-15},{"$f":"T83-HLOOKUP(X83,Feuil1!$C$1:$BL$10,6,FALSE)","v":-30},{"$f":"T83-HLOOKUP(X83,Feuil1!$C$1:$BL$10,7,FALSE)","v":-50},{"$f":"T83-HLOOKUP(X83,Feuil1!$C$1:$BL$10,8,FALSE)","v":-70},{"$f":"T83-HLOOKUP(X83,Feuil1!$C$1:$BL$10,9,FALSE)","v":-90},{"$f":"T83-HLOOKUP(X83,Feuil1!$C$1:$BL$10,10,FALSE)","v":-880},null,null,null,null,null,null,"REG +"]
["H","SEST","RAL",27,392065,"TRIAU","Valentin",1998,57.6,"VALENCE","F",43,46,49,49,55,60,65,65,114,-1.2000000000000028,"DEP +",9,{"$f":"IF(I84=\"\",\"\",IF(A84=\"H\",IF(OR(H84=\"SEN\",H84<1995),VLOOKUP(I84,Feuil1!$A$11:$G$29,6),IF(AND(H84>1994,H84<1998),VLOOKUP(I84,Feuil1!$A$11:$G$29,5),IF(AND(H84>1997,H84<2000),VLOOKUP(I84,Feuil1!$A$11:$G$29,4),IF(AND(H84>1999,H84<2002),VLOOKUP(I84,Feuil1!$A$11:$G$29,3),VLOOKUP(I84,Feuil1!$A$11:$G$29,2))))),IF(OR(H84=\"SEN\",H84<1995),VLOOKUP(I84,Feuil1!$G$11:$L$25,6),IF(AND(H84>1994,H84<1998),VLOOKUP(I84,Feuil1!$G$11:$L$25,5),IF(AND(H84>1997,H84<2000),VLOOKUP(I84,Feuil1!$G$11:$L$25,4),IF(AND(H84>1999,H84<2002),VLOOKUP(I84,Feuil1!$G$11:$L$25,3),VLOOKUP(I84,Feuil1!$G$11:$L$25,2)))))))","v":"C2 62"},174.08838182462694,null," ",{"$f":"T84-HLOOKUP(X84,Feuil1!$C$1:$BL$10,2,FALSE)","v":29},{"$f":"T84-HLOOKUP(X84,Feuil1!$C$1:$BL$10,3,FALSE)","v":9},{"$f":"T84-HLOOKUP(X84,Feuil1!$C$1:$BL$10,4,FALSE)","v":-6},{"$f":"T84-HLOOKUP(X84,Feuil1!$C$1:$BL$10,5,FALSE)","v":-21},{"$f":"T84-HLOOKUP(X84,Feuil1!$C$1:$BL$10,6,FALSE)","v":-36},{"$f":"T84-HLOOKUP(X84,Feuil1!$C$1:$BL$10,7,FALSE)","v":-56},{"$f":"T84-HLOOKUP(X84,Feuil1!$C$1:$BL$10,8,FALSE)","v":-76},{"$f":"T84-HLOOKUP(X84,Feuil1!$C$1:$BL$10,9,FALSE)","v":-96},{"$f":"T84-HLOOKUP(X84,Feuil1!$C$1:$BL$10,10,FALSE)","v":-886},null,null,null,null,null,null,"DEP +"]
["H","NORD","PIC",28,357554,"MANZCYK","Morgan",1999,59.8,"La Ferté Milon CMHM","F",40,45,47,47,60,66,-69,66,113,-6.5999999999999943,"DEP +",8,{"$f":"IF(I85=\"\",\"\",IF(A85=\"H\",IF(OR(H85=\"SEN\",H85<1995),VLOOKUP(I85,Feuil1!$A$11:$G$29,6),IF(AND(H85>1994,H85<1998),VLOOKUP(I85,Feuil1!$A$11:$G$29,5),IF(AND(H85>1997,H85<2000),VLOOKUP(I85,Feuil1!$A$11:$G$29,4),IF(AND(H85>1999,H85<2002),VLOOKUP(I85,Feuil1!$A$11:$G$29,3),VLOOKUP(I85,Feuil1!$A$11:$G$29,2))))),IF(OR(H85=\"SEN\",H85<1995),VLOOKUP(I85,Feuil1!$G$11:$L$25,6),IF(AND(H85>1994,H85<1998),VLOOKUP(I85,Feuil1!$G$11:$L$25,5),IF(AND(H85>1997,H85<2000),VLOOKUP(I85,Feuil1!$G$11:$L$25,4),IF(AND(H85>1999,H85<2002),VLOOKUP(I85,Feuil1!$G$11:$L$25,3),VLOOKUP(I85,Feuil1!$G$11:$L$25,2)))))))","v":"C2 62"},167.76887433375651,null," ",{"$f":"T85-HLOOKUP(X85,Feuil1!$C$1:$BL$10,2,FALSE)","v":28},{"$f":"T85-HLOOKUP(X85,Feuil1!$C$1:$BL$10,3,FALSE)","v":8},{"$f":"T85-HLOOKUP(X85,Feuil1!$C$1:$BL$10,4,FALSE)","v":-7},{"$f":"T85-HLOOKUP(X85,Feuil1!$C$1:$BL$10,5,FALSE)","v":-22},{"$f":"T85-HLOOKUP(X85,Feuil1!$C$1:$BL$10,6,FALSE)","v":-37},{"$f":"T85-HLOOKUP(X85,Feuil1!$C$1:$BL$10,7,FALSE)","v":-57},{"$f":"T85-HLOOKUP(X85,Feuil1!$C$1:$BL$10,8,FALSE)","v":-77},{"$f":"T85-HLOOKUP(X85,Feuil1!$C$1:$BL$10,9,FALSE)","v":-97},{"$f":"T85-HLOOKUP(X85,Feuil1!$C$1:$BL$10,10,FALSE)","v":-887},null,null,null,null,null,null,"DEP +"]
["H","SEST","RAL",29,357870,"CAMPANA","Enzo",1998,59.9,"Vaulx-en-Velin","F",-45,45,48,48,55,60,65,65,113,-6.7999999999999972,"DEP +",8,{"$f":"IF(I86=\"\",\"\",IF(A86=\"H\",IF(OR(H86=\"SEN\",H86<1995),VLOOKUP(I86,Feuil1!$A$11:$G$29,6),IF(AND(H86>1994,H86<1998),VLOOKUP(I86,Feuil1!$A$11:$G$29,5),IF(AND(H86>1997,H86<2000),VLOOKUP(I86,Feuil1!$A$11:$G$29,4),IF(AND(H86>1999,H86<2002),VLOOKUP(I86,Feuil1!$A$11:$G$29,3),VLOOKUP(I86,Feuil1!$A$11:$G$29,2))))),IF(OR(H86=\"SEN\",H86<1995),VLOOKUP(I86,Feuil1!$G$11:$L$25,6),IF(AND(H86>1994,H86<1998),VLOOKUP(I86,Feuil1!$G$11:$L$25,5),IF(AND(H86>1997,H86<2000),VLOOKUP(I86,Feuil1!$G$11:$L$25,4),IF(AND(H86>1999,H86<2002),VLOOKUP(I86,Feuil1!$G$11:$L$25,3),VLOOKUP(I86,Feuil1!$G$11:$L$25,2)))))))","v":"C2 62"},167.56215598795512,null," ",{"$f":"T86-HLOOKUP(X86,Feuil1!$C$1:$BL$10,2,FALSE)","v":28},{"$f":"T86-HLOOKUP(X86,Feuil1!$C$1:$BL$10,3,FALSE)","v":8},{"$f":"T86-HLOOKUP(X86,Feuil1!$C$1:$BL$10,4,FALSE)","v":-7},{"$f":"T86-HLOOKUP(X86,Feuil1!$C$1:$BL$10,5,FALSE)","v":-22},{"$f":"T86-HLOOKUP(X86,Feuil1!$C$1:$BL$10,6,FALSE)","v":-37},{"$f":"T86-HLOOKUP(X86,Feuil1!$C$1:$BL$10,7,FALSE)","v":-57},{"$f":"T86-HLOOKUP(X86,Feuil1!$C$1:$BL$10,8,FALSE)","v":-77},{"$f":"T86-HLOOKUP(X86,Feuil1!$C$1:$BL$10,9,FALSE)","v":-97},{"$f":"T86-HLOOKUP(X86,Feuil1!$C$1:$BL$10,10,FALSE)","v":-887},null,null,null,null,null,null,"DEP +"]
["H","NE","FCO",30,370230,"PERRAUT","Tristan",1999,61.8,"CH Luxeuil","F",45,-47,47,47,60,64,-66,64,111,-12.599999999999994,"DEP +",6,{"$f":"IF(I87=\"\",\"\",IF(A87=\"H\",IF(OR(H87=\"SEN\",H87<1995),VLOOKUP(I87,Feuil1!$A$11:$G$29,6),IF(AND(H87>1994,H87<1998),VLOOKUP(I87,Feuil1!$A$11:$G$29,5),IF(AND(H87>1997,H87<2000),VLOOKUP(I87,Feuil1!$A$11:$G$29,4),IF(AND(H87>1999,H87<2002),VLOOKUP(I87,Feuil1!$A$11:$G$29,3),VLOOKUP(I87,Feuil1!$A$11:$G$29,2))))),IF(OR(H87=\"SEN\",H87<1995),VLOOKUP(I87,Feuil1!$G$11:$L$25,6),IF(AND(H87>1994,H87<1998),VLOOKUP(I87,Feuil1!$G$11:$L$25,5),IF(AND(H87>1997,H87<2000),VLOOKUP(I87,Feuil1!$G$11:$L$25,4),IF(AND(H87>1999,H87<2002),VLOOKUP(I87,Feuil1!$G$11:$L$25,3),VLOOKUP(I87,Feuil1!$G$11:$L$25,2)))))))","v":"C2 62"},160.90413412523944,null," ",{"$f":"T87-HLOOKUP(X87,Feuil1!$C$1:$BL$10,2,FALSE)","v":26},{"$f":"T87-HLOOKUP(X87,Feuil1!$C$1:$BL$10,3,FALSE)","v":6},{"$f":"T87-HLOOKUP(X87,Feuil1!$C$1:$BL$10,4,FALSE)","v":-9},{"$f":"T87-HLOOKUP(X87,Feuil1!$C$1:$BL$10,5,FALSE)","v":-24},{"$f":"T87-HLOOKUP(X87,Feuil1!$C$1:$BL$10,6,FALSE)","v":-39},{"$f":"T87-HLOOKUP(X87,Feuil1!$C$1:$BL$10,7,FALSE)","v":-59},{"$f":"T87-HLOOKUP(X87,Feuil1!$C$1:$BL$10,8,FALSE)","v":-79},{"$f":"T87-HLOOKUP(X87,Feuil1!$C$1:$BL$10,9,FALSE)","v":-99},{"$f":"T87-HLOOKUP(X87,Feuil1!$C$1:$BL$10,10,FALSE)","v":-889},null,null,null,null,null,null,"DEP +"]
["H","N","IDF",31,329803,"DURANTEL","LEO",1998,60.1,"CHAVILLE","F",40,-45,47,47,55,60,-62,60,107,-13.200000000000003,"DEP +",2,{"$f":"IF(I88=\"\",\"\",IF(A88=\"H\",IF(OR(H88=\"SEN\",H88<1995),VLOOKUP(I88,Feuil1!$A$11:$G$29,6),IF(AND(H88>1994,H88<1998),VLOOKUP(I88,Feuil1!$A$11:$G$29,5),IF(AND(H88>1997,H88<2000),VLOOKUP(I88,Feuil1!$A$11:$G$29,4),IF(AND(H88>1999,H88<2002),VLOOKUP(I88,Feuil1!$A$11:$G$29,3),VLOOKUP(I88,Feuil1!$A$11:$G$29,2))))),IF(OR(H88=\"SEN\",H88<1995),VLOOKUP(I88,Feuil1!$G$11:$L$25,6),IF(AND(H88>1994,H88<1998),VLOOKUP(I88,Feuil1!$G$11:$L$25,5),IF(AND(H88>1997,H88<2000),VLOOKUP(I88,Feuil1!$G$11:$L$25,4),IF(AND(H88>1999,H88<2002),VLOOKUP(I88,Feuil1!$G$11:$L$25,3),VLOOKUP(I88,Feuil1!$G$11:$L$25,2)))))))","v":"C2 62"},158.27617556028852,null," ",{"$f":"T88-HLOOKUP(X88,Feuil1!$C$1:$BL$10,2,FALSE)","v":22},{"$f":"T88-HLOOKUP(X88,Feuil1!$C$1:$BL$10,3,FALSE)","v":2},{"$f":"T88-HLOOKUP(X88,Feuil1!$C$1:$BL$10,4,FALSE)","v":-13},{"$f":"T88-HLOOKUP(X88,Feuil1!$C$1:$BL$10,5,FALSE)","v":-28},{"$f":"T88-HLOOKUP(X88,Feuil1!$C$1:$BL$10,6,FALSE)","v":-43},{"$f":"T88-HLOOKUP(X88,Feuil1!$C$1:$BL$10,7,FALSE)","v":-63},{"$f":"T88-HLOOKUP(X88,Feuil1!$C$1:$BL$10,8,FALSE)","v":-83},{"$f":"T88-HLOOKUP(X88,Feuil1!$C$1:$BL$10,9,FALSE)","v":-103},{"$f":"T88-HLOOKUP(X88,Feuil1!$C$1:$BL$10,10,FALSE)","v":-893},null,null,null,null,null,null,"DEP +"]
["H","SO","MPY",32,323476,"DAVELU","Erwan",1999,61.5,"PAMIERS HC","F",-40,43,46,46,53,57,59,59,105,-18,"DEP +",0,{"$f":"IF(I89=\"\",\"\",IF(A89=\"H\",IF(OR(H89=\"SEN\",H89<1995),VLOOKUP(I89,Feuil1!$A$11:$G$29,6),IF(AND(H89>1994,H89<1998),VLOOKUP(I89,Feuil1!$A$11:$G$29,5),IF(AND(H89>1997,H89<2000),VLOOKUP(I89,Feuil1!$A$11:$G$29,4),IF(AND(H89>1999,H89<2002),VLOOKUP(I89,Feuil1!$A$11:$G$29,3),VLOOKUP(I89,Feuil1!$A$11:$G$29,2))))),IF(OR(H89=\"SEN\",H89<1995),VLOOKUP(I89,Feuil1!$G$11:$L$25,6),IF(AND(H89>1994,H89<1998),VLOOKUP(I89,Feuil1!$G$11:$L$25,5),IF(AND(H89>1997,H89<2000),VLOOKUP(I89,Feuil1!$G$11:$L$25,4),IF(AND(H89>1999,H89<2002),VLOOKUP(I89,Feuil1!$G$11:$L$25,3),VLOOKUP(I89,Feuil1!$G$11:$L$25,2)))))))","v":"C2 62"},152.73894041479247,null," ",{"$f":"T89-HLOOKUP(X89,Feuil1!$C$1:$BL$10,2,FALSE)","v":20},{"$f":"T89-HLOOKUP(X89,Feuil1!$C$1:$BL$10,3,FALSE)","v":0},{"$f":"T89-HLOOKUP(X89,Feuil1!$C$1:$BL$10,4,FALSE)","v":-15},{"$f":"T89-HLOOKUP(X89,Feuil1!$C$1:$BL$10,5,FALSE)","v":-30},{"$f":"T89-HLOOKUP(X89,Feuil1!$C$1:$BL$10,6,FALSE)","v":-45},{"$f":"T89-HLOOKUP(X89,Feuil1!$C$1:$BL$10,7,FALSE)","v":-65},{"$f":"T89-HLOOKUP(X89,Feuil1!$C$1:$BL$10,8,FALSE)","v":-85},{"$f":"T89-HLOOKUP(X89,Feuil1!$C$1:$BL$10,9,FALSE)","v":-105},{"$f":"T89-HLOOKUP(X89,Feuil1!$C$1:$BL$10,10,FALSE)","v":-895},null,null,null,null,null,null,"DEP +"]
["H","CO","PDL",33,378714,"ABRAHAM","BENJAMIN",1998,57.2,"CJF LAVAL/VOUTRÉ","F",-40,40,45,45,50,55,58,58,103,-11.400000000000006,"DEB ",18,{"$f":"IF(I90=\"\",\"\",IF(A90=\"H\",IF(OR(H90=\"SEN\",H90<1995),VLOOKUP(I90,Feuil1!$A$11:$G$29,6),IF(AND(H90>1994,H90<1998),VLOOKUP(I90,Feuil1!$A$11:$G$29,5),IF(AND(H90>1997,H90<2000),VLOOKUP(I90,Feuil1!$A$11:$G$29,4),IF(AND(H90>1999,H90<2002),VLOOKUP(I90,Feuil1!$A$11:$G$29,3),VLOOKUP(I90,Feuil1!$A$11:$G$29,2))))),IF(OR(H90=\"SEN\",H90<1995),VLOOKUP(I90,Feuil1!$G$11:$L$25,6),IF(AND(H90>1994,H90<1998),VLOOKUP(I90,Feuil1!$G$11:$L$25,5),IF(AND(H90>1997,H90<2000),VLOOKUP(I90,Feuil1!$G$11:$L$25,4),IF(AND(H90>1999,H90<2002),VLOOKUP(I90,Feuil1!$G$11:$L$25,3),VLOOKUP(I90,Feuil1!$G$11:$L$25,2)))))))","v":"C2 62"},158.13306314377436,null," ",{"$f":"T90-HLOOKUP(X90,Feuil1!$C$1:$BL$10,2,FALSE)","v":18},{"$f":"T90-HLOOKUP(X90,Feuil1!$C$1:$BL$10,3,FALSE)","v":-2},{"$f":"T90-HLOOKUP(X90,Feuil1!$C$1:$BL$10,4,FALSE)","v":-17},{"$f":"T90-HLOOKUP(X90,Feuil1!$C$1:$BL$10,5,FALSE)","v":-32},{"$f":"T90-HLOOKUP(X90,Feuil1!$C$1:$BL$10,6,FALSE)","v":-47},{"$f":"T90-HLOOKUP(X90,Feuil1!$C$1:$BL$10,7,FALSE)","v":-67},{"$f":"T90-HLOOKUP(X90,Feuil1!$C$1:$BL$10,8,FALSE)","v":-87},{"$f":"T90-HLOOKUP(X90,Feuil1!$C$1:$BL$10,9,FALSE)","v":-107},{"$f":"T90-HLOOKUP(X90,Feuil1!$C$1:$BL$10,10,FALSE)","v":-897},null,null,null,null,null,null,"DEB "]
["H","CO","BNO",34,382340,"BRENNEMANE","Théo",1999,61.9,"Caen CHM","F",43,45,47,47,53,56,-58,56,103,-20.799999999999997,"DEB ",18,{"$f":"IF(I91=\"\",\"\",IF(A91=\"H\",IF(OR(H91=\"SEN\",H91<1995),VLOOKUP(I91,Feuil1!$A$11:$G$29,6),IF(AND(H91>1994,H91<1998),VLOOKUP(I91,Feuil1!$A$11:$G$29,5),IF(AND(H91>1997,H91<2000),VLOOKUP(I91,Feuil1!$A$11:$G$29,4),IF(AND(H91>1999,H91<2002),VLOOKUP(I91,Feuil1!$A$11:$G$29,3),VLOOKUP(I91,Feuil1!$A$11:$G$29,2))))),IF(OR(H91=\"SEN\",H91<1995),VLOOKUP(I91,Feuil1!$G$11:$L$25,6),IF(AND(H91>1994,H91<1998),VLOOKUP(I91,Feuil1!$G$11:$L$25,5),IF(AND(H91>1997,H91<2000),VLOOKUP(I91,Feuil1!$G$11:$L$25,4),IF(AND(H91>1999,H91<2002),VLOOKUP(I91,Feuil1!$G$11:$L$25,3),VLOOKUP(I91,Feuil1!$G$11:$L$25,2)))))))","v":"C2 62"},149.13488282507279,null," ",{"$f":"T91-HLOOKUP(X91,Feuil1!$C$1:$BL$10,2,FALSE)","v":18},{"$f":"T91-HLOOKUP(X91,Feuil1!$C$1:$BL$10,3,FALSE)","v":-2},{"$f":"T91-HLOOKUP(X91,Feuil1!$C$1:$BL$10,4,FALSE)","v":-17},{"$f":"T91-HLOOKUP(X91,Feuil1!$C$1:$BL$10,5,FALSE)","v":-32},{"$f":"T91-HLOOKUP(X91,Feuil1!$C$1:$BL$10,6,FALSE)","v":-47},{"$f":"T91-HLOOKUP(X91,Feuil1!$C$1:$BL$10,7,FALSE)","v":-67},{"$f":"T91-HLOOKUP(X91,Feuil1!$C$1:$BL$10,8,FALSE)","v":-87},{"$f":"T91-HLOOKUP(X91,Feuil1!$C$1:$BL$10,9,FALSE)","v":-107},{"$f":"T91-HLOOKUP(X91,Feuil1!$C$1:$BL$10,10,FALSE)","v":-897},null,null,null,null,null,null,"DEB "]
["H","NE","ALS",35,355150,"ENGEL","NICOLAS",1998,56.5,"SR Obernai HM","F",38,41,45,45,-56,56,-60,56,101,-12,"DEB ",16,{"$f":"IF(I92=\"\",\"\",IF(A92=\"H\",IF(OR(H92=\"SEN\",H92<1995),VLOOKUP(I92,Feuil1!$A$11:$G$29,6),IF(AND(H92>1994,H92<1998),VLOOKUP(I92,Feuil1!$A$11:$G$29,5),IF(AND(H92>1997,H92<2000),VLOOKUP(I92,Feuil1!$A$11:$G$29,4),IF(AND(H92>1999,H92<2002),VLOOKUP(I92,Feuil1!$A$11:$G$29,3),VLOOKUP(I92,Feuil1!$A$11:$G$29,2))))),IF(OR(H92=\"SEN\",H92<1995),VLOOKUP(I92,Feuil1!$G$11:$L$25,6),IF(AND(H92>1994,H92<1998),VLOOKUP(I92,Feuil1!$G$11:$L$25,5),IF(AND(H92>1997,H92<2000),VLOOKUP(I92,Feuil1!$G$11:$L$25,4),IF(AND(H92>1999,H92<2002),VLOOKUP(I92,Feuil1!$G$11:$L$25,3),VLOOKUP(I92,Feuil1!$G$11:$L$25,2)))))))","v":"C2 62"},156.54623985714591,null," ",{"$f":"T92-HLOOKUP(X92,Feuil1!$C$1:$BL$10,2,FALSE)","v":16},{"$f":"T92-HLOOKUP(X92,Feuil1!$C$1:$BL$10,3,FALSE)","v":-4},{"$f":"T92-HLOOKUP(X92,Feuil1!$C$1:$BL$10,4,FALSE)","v":-19},{"$f":"T92-HLOOKUP(X92,Feuil1!$C$1:$BL$10,5,FALSE)","v":-34},{"$f":"T92-HLOOKUP(X92,Feuil1!$C$1:$BL$10,6,FALSE)","v":-49},{"$f":"T92-HLOOKUP(X92,Feuil1!$C$1:$BL$10,7,FALSE)","v":-69},{"$f":"T92-HLOOKUP(X92,Feuil1!$C$1:$BL$10,8,FALSE)","v":-89},{"$f":"T92-HLOOKUP(X92,Feuil1!$C$1:$BL$10,9,FALSE)","v":-109},{"$f":"T92-HLOOKUP(X92,Feuil1!$C$1:$BL$10,10,FALSE)","v":-899},null,null,null,null,null,null,"DEB "]
["H","DOM","GUY",36,386482,"LINGUET","Mickael",1999,61.7,"ASCPG/Rémire Montjoly","F",40,45,-48,45,50,55,-58,55,100,-23.400000000000006,"DEB ",15,{"$f":"IF(I93=\"\",\"\",IF(A93=\"H\",IF(OR(H93=\"SEN\",H93<1995),VLOOKUP(I93,Feuil1!$A$11:$G$29,6),IF(AND(H93>1994,H93<1998),VLOOKUP(I93,Feuil1!$A$11:$G$29,5),IF(AND(H93>1997,H93<2000),VLOOKUP(I93,Feuil1!$A$11:$G$29,4),IF(AND(H93>1999,H93<2002),VLOOKUP(I93,Feuil1!$A$11:$G$29,3),VLOOKUP(I93,Feuil1!$A$11:$G$29,2))))),IF(OR(H93=\"SEN\",H93<1995),VLOOKUP(I93,Feuil1!$G$11:$L$25,6),IF(AND(H93>1994,H93<1998),VLOOKUP(I93,Feuil1!$G$11:$L$25,5),IF(AND(H93>1997,H93<2000),VLOOKUP(I93,Feuil1!$G$11:$L$25,4),IF(AND(H93>1999,H93<2002),VLOOKUP(I93,Feuil1!$G$11:$L$25,3),VLOOKUP(I93,Feuil1!$G$11:$L$25,2)))))))","v":"C2 62"},145.12693842292651,null," ",{"$f":"T93-HLOOKUP(X93,Feuil1!$C$1:$BL$10,2,FALSE)","v":15},{"$f":"T93-HLOOKUP(X93,Feuil1!$C$1:$BL$10,3,FALSE)","v":-5},{"$f":"T93-HLOOKUP(X93,Feuil1!$C$1:$BL$10,4,FALSE)","v":-20},{"$f":"T93-HLOOKUP(X93,Feuil1!$C$1:$BL$10,5,FALSE)","v":-35},{"$f":"T93-HLOOKUP(X93,Feuil1!$C$1:$BL$10,6,FALSE)","v":-50},{"$f":"T93-HLOOKUP(X93,Feuil1!$C$1:$BL$10,7,FALSE)","v":-70},{"$f":"T93-HLOOKUP(X93,Feuil1!$C$1:$BL$10,8,FALSE)","v":-90},{"$f":"T93-HLOOKUP(X93,Feuil1!$C$1:$BL$10,9,FALSE)","v":-110},{"$f":"T93-HLOOKUP(X93,Feuil1!$C$1:$BL$10,10,FALSE)","v":-900},null,null,null,null,null,null,"DEB "]
["H","N","IDF",37,299652,"TAILLANDIER","REMI",1999,61.9,"CHAVILLE","F",40,-45,-45,40,50,55,57,57,97,-26.799999999999997,"DEB ",12,{"$f":"IF(I94=\"\",\"\",IF(A94=\"H\",IF(OR(H94=\"SEN\",H94<1995),VLOOKUP(I94,Feuil1!$A$11:$G$29,6),IF(AND(H94>1994,H94<1998),VLOOKUP(I94,Feuil1!$A$11:$G$29,5),IF(AND(H94>1997,H94<2000),VLOOKUP(I94,Feuil1!$A$11:$G$29,4),IF(AND(H94>1999,H94<2002),VLOOKUP(I94,Feuil1!$A$11:$G$29,3),VLOOKUP(I94,Feuil1!$A$11:$G$29,2))))),IF(OR(H94=\"SEN\",H94<1995),VLOOKUP(I94,Feuil1!$G$11:$L$25,6),IF(AND(H94>1994,H94<1998),VLOOKUP(I94,Feuil1!$G$11:$L$25,5),IF(AND(H94>1997,H94<2000),VLOOKUP(I94,Feuil1!$G$11:$L$25,4),IF(AND(H94>1999,H94<2002),VLOOKUP(I94,Feuil1!$G$11:$L$25,3),VLOOKUP(I94,Feuil1!$G$11:$L$25,2)))))))","v":"C2 62"},140.44741392264137,null," ",{"$f":"T94-HLOOKUP(X94,Feuil1!$C$1:$BL$10,2,FALSE)","v":12},{"$f":"T94-HLOOKUP(X94,Feuil1!$C$1:$BL$10,3,FALSE)","v":-8},{"$f":"T94-HLOOKUP(X94,Feuil1!$C$1:$BL$10,4,FALSE)","v":-23},{"$f":"T94-HLOOKUP(X94,Feuil1!$C$1:$BL$10,5,FALSE)","v":-38},{"$f":"T94-HLOOKUP(X94,Feuil1!$C$1:$BL$10,6,FALSE)","v":-53},{"$f":"T94-HLOOKUP(X94,Feuil1!$C$1:$BL$10,7,FALSE)","v":-73},{"$f":"T94-HLOOKUP(X94,Feuil1!$C$1:$BL$10,8,FALSE)","v":-93},{"$f":"T94-HLOOKUP(X94,Feuil1!$C$1:$BL$10,9,FALSE)","v":-113},{"$f":"T94-HLOOKUP(X94,Feuil1!$C$1:$BL$10,10,FALSE)","v":-903},null,null,null,null,null,null,"DEB "]
["H","CO","BNO",38,383820,"Renault","Théo",1998,58.3,"Sannerville","F",-33,-33,33,33,48,52,55,55,88,-28.599999999999994,"DEB ",3,{"$f":"IF(I95=\"\",\"\",IF(A95=\"H\",IF(OR(H95=\"SEN\",H95<1995),VLOOKUP(I95,Feuil1!$A$11:$G$29,6),IF(AND(H95>1994,H95<1998),VLOOKUP(I95,Feuil1!$A$11:$G$29,5),IF(AND(H95>1997,H95<2000),VLOOKUP(I95,Feuil1!$A$11:$G$29,4),IF(AND(H95>1999,H95<2002),VLOOKUP(I95,Feuil1!$A$11:$G$29,3),VLOOKUP(I95,Feuil1!$A$11:$G$29,2))))),IF(OR(H95=\"SEN\",H95<1995),VLOOKUP(I95,Feuil1!$G$11:$L$25,6),IF(AND(H95>1994,H95<1998),VLOOKUP(I95,Feuil1!$G$11:$L$25,5),IF(AND(H95>1997,H95<2000),VLOOKUP(I95,Feuil1!$G$11:$L$25,4),IF(AND(H95>1999,H95<2002),VLOOKUP(I95,Feuil1!$G$11:$L$25,3),VLOOKUP(I95,Feuil1!$G$11:$L$25,2)))))))","v":"C2 62"},133.15567461840087,null," ",{"$f":"T95-HLOOKUP(X95,Feuil1!$C$1:$BL$10,2,FALSE)","v":3},{"$f":"T95-HLOOKUP(X95,Feuil1!$C$1:$BL$10,3,FALSE)","v":-17},{"$f":"T95-HLOOKUP(X95,Feuil1!$C$1:$BL$10,4,FALSE)","v":-32},{"$f":"T95-HLOOKUP(X95,Feuil1!$C$1:$BL$10,5,FALSE)","v":-47},{"$f":"T95-HLOOKUP(X95,Feuil1!$C$1:$BL$10,6,FALSE)","v":-62},{"$f":"T95-HLOOKUP(X95,Feuil1!$C$1:$BL$10,7,FALSE)","v":-82},{"$f":"T95-HLOOKUP(X95,Feuil1!$C$1:$BL$10,8,FALSE)","v":-102},{"$f":"T95-HLOOKUP(X95,Feuil1!$C$1:$BL$10,9,FALSE)","v":-122},{"$f":"T95-HLOOKUP(X95,Feuil1!$C$1:$BL$10,10,FALSE)","v":-912},null,null,null,null,null,null,"DEB "]
["H","CO","CEN",39,385392,"MENNOTI","Arthur",1998,58,"CM Orléans","F",37,-40,40,40,45,-50,-50,45,85,-31,"DEB ",0,{"$f":"IF(I96=\"\",\"\",IF(A96=\"H\",IF(OR(H96=\"SEN\",H96<1995),VLOOKUP(I96,Feuil1!$A$11:$G$29,6),IF(AND(H96>1994,H96<1998),VLOOKUP(I96,Feuil1!$A$11:$G$29,5),IF(AND(H96>1997,H96<2000),VLOOKUP(I96,Feuil1!$A$11:$G$29,4),IF(AND(H96>1999,H96<2002),VLOOKUP(I96,Feuil1!$A$11:$G$29,3),VLOOKUP(I96,Feuil1!$A$11:$G$29,2))))),IF(OR(H96=\"SEN\",H96<1995),VLOOKUP(I96,Feuil1!$G$11:$L$25,6),IF(AND(H96>1994,H96<1998),VLOOKUP(I96,Feuil1!$G$11:$L$25,5),IF(AND(H96>1997,H96<2000),VLOOKUP(I96,Feuil1!$G$11:$L$25,4),IF(AND(H96>1999,H96<2002),VLOOKUP(I96,Feuil1!$G$11:$L$25,3),VLOOKUP(I96,Feuil1!$G$11:$L$25,2)))))))","v":"C2 62"},129.12008439270744,null," ",{"$f":"T96-HLOOKUP(X96,Feuil1!$C$1:$BL$10,2,FALSE)","v":0},{"$f":"T96-HLOOKUP(X96,Feuil1!$C$1:$BL$10,3,FALSE)","v":-20},{"$f":"T96-HLOOKUP(X96,Feuil1!$C$1:$BL$10,4,FALSE)","v":-35},{"$f":"T96-HLOOKUP(X96,Feuil1!$C$1:$BL$10,5,FALSE)","v":-50},{"$f":"T96-HLOOKUP(X96,Feuil1!$C$1:$BL$10,6,FALSE)","v":-65},{"$f":"T96-HLOOKUP(X96,Feuil1!$C$1:$BL$10,7,FALSE)","v":-85},{"$f":"T96-HLOOKUP(X96,Feuil1!$C$1:$BL$10,8,FALSE)","v":-105},{"$f":"T96-HLOOKUP(X96,Feuil1!$C$1:$BL$10,9,FALSE)","v":-125},{"$f":"T96-HLOOKUP(X96,Feuil1!$C$1:$BL$10,10,FALSE)","v":-915},null,null,null,null,null,null,"DEB "]
["H","CO","PDL",40,379152,"TRIGUER","Nicolas",1999,60.2,"ALSavenay","F",27,30,33,33,40,43,46,46,79,-41.400000000000006,"DEB ",-6,{"$f":"IF(I97=\"\",\"\",IF(A97=\"H\",IF(OR(H97=\"SEN\",H97<1995),VLOOKUP(I97,Feuil1!$A$11:$G$29,6),IF(AND(H97>1994,H97<1998),VLOOKUP(I97,Feuil1!$A$11:$G$29,5),IF(AND(H97>1997,H97<2000),VLOOKUP(I97,Feuil1!$A$11:$G$29,4),IF(AND(H97>1999,H97<2002),VLOOKUP(I97,Feuil1!$A$11:$G$29,3),VLOOKUP(I97,Feuil1!$A$11:$G$29,2))))),IF(OR(H97=\"SEN\",H97<1995),VLOOKUP(I97,Feuil1!$G$11:$L$25,6),IF(AND(H97>1994,H97<1998),VLOOKUP(I97,Feuil1!$G$11:$L$25,5),IF(AND(H97>1997,H97<2000),VLOOKUP(I97,Feuil1!$G$11:$L$25,4),IF(AND(H97>1999,H97<2002),VLOOKUP(I97,Feuil1!$G$11:$L$25,3),VLOOKUP(I97,Feuil1!$G$11:$L$25,2)))))))","v":"C2 62"},116.71550998101029,null," ",{"$f":"T97-HLOOKUP(X97,Feuil1!$C$1:$BL$10,2,FALSE)","v":-6},{"$f":"T97-HLOOKUP(X97,Feuil1!$C$1:$BL$10,3,FALSE)","v":-26},{"$f":"T97-HLOOKUP(X97,Feuil1!$C$1:$BL$10,4,FALSE)","v":-41},{"$f":"T97-HLOOKUP(X97,Feuil1!$C$1:$BL$10,5,FALSE)","v":-56},{"$f":"T97-HLOOKUP(X97,Feuil1!$C$1:$BL$10,6,FALSE)","v":-71},{"$f":"T97-HLOOKUP(X97,Feuil1!$C$1:$BL$10,7,FALSE)","v":-91},{"$f":"T97-HLOOKUP(X97,Feuil1!$C$1:$BL$10,8,FALSE)","v":-111},{"$f":"T97-HLOOKUP(X97,Feuil1!$C$1:$BL$10,9,FALSE)","v":-131},{"$f":"T97-HLOOKUP(X97,Feuil1!$C$1:$BL$10,10,FALSE)","v":-921},null,null,null,null,null,null,"DEB "]
["H","CO","BRE",41,377884,"MENDER","Lionel",1999,60.4,"AL Quimper","F",30,34,36,36,37,42,-50,42,78,-42.8,"DEB ",-7,{"$f":"IF(I98=\"\",\"\",IF(A98=\"H\",IF(OR(H98=\"SEN\",H98<1995),VLOOKUP(I98,Feuil1!$A$11:$G$29,6),IF(AND(H98>1994,H98<1998),VLOOKUP(I98,Feuil1!$A$11:$G$29,5),IF(AND(H98>1997,H98<2000),VLOOKUP(I98,Feuil1!$A$11:$G$29,4),IF(AND(H98>1999,H98<2002),VLOOKUP(I98,Feuil1!$A$11:$G$29,3),VLOOKUP(I98,Feuil1!$A$11:$G$29,2))))),IF(OR(H98=\"SEN\",H98<1995),VLOOKUP(I98,Feuil1!$G$11:$L$25,6),IF(AND(H98>1994,H98<1998),VLOOKUP(I98,Feuil1!$G$11:$L$25,5),IF(AND(H98>1997,H98<2000),VLOOKUP(I98,Feuil1!$G$11:$L$25,4),IF(AND(H98>1999,H98<2002),VLOOKUP(I98,Feuil1!$G$11:$L$25,3),VLOOKUP(I98,Feuil1!$G$11:$L$25,2)))))))","v":"C2 62"},114.95837506277988,null," ",{"$f":"T98-HLOOKUP(X98,Feuil1!$C$1:$BL$10,2,FALSE)","v":-7},{"$f":"T98-HLOOKUP(X98,Feuil1!$C$1:$BL$10,3,FALSE)","v":-27},{"$f":"T98-HLOOKUP(X98,Feuil1!$C$1:$BL$10,4,FALSE)","v":-42},{"$f":"T98-HLOOKUP(X98,Feuil1!$C$1:$BL$10,5,FALSE)","v":-57},{"$f":"T98-HLOOKUP(X98,Feuil1!$C$1:$BL$10,6,FALSE)","v":-72},{"$f":"T98-HLOOKUP(X98,Feuil1!$C$1:$BL$10,7,FALSE)","v":-92},{"$f":"T98-HLOOKUP(X98,Feuil1!$C$1:$BL$10,8,FALSE)","v":-112},{"$f":"T98-HLOOKUP(X98,Feuil1!$C$1:$BL$10,9,FALSE)","v":-132},{"$f":"T98-HLOOKUP(X98,Feuil1!$C$1:$BL$10,10,FALSE)","v":-922},null,null,null,null,null,null,"DEB "]
["H","CO","CEN",42,388376,"BENARD","Julien",1999,57.1,"CHM Avrais","F",32,35,-37,35,35,36,38,38,73,-41.2,"DEB ",-12,{"$f":"IF(I99=\"\",\"\",IF(A99=\"H\",IF(OR(H99=\"SEN\",H99<1995),VLOOKUP(I99,Feuil1!$A$11:$G$29,6),IF(AND(H99>1994,H99<1998),VLOOKUP(I99,Feuil1!$A$11:$G$29,5),IF(AND(H99>1997,H99<2000),VLOOKUP(I99,Feuil1!$A$11:$G$29,4),IF(AND(H99>1999,H99<2002),VLOOKUP(I99,Feuil1!$A$11:$G$29,3),VLOOKUP(I99,Feuil1!$A$11:$G$29,2))))),IF(OR(H99=\"SEN\",H99<1995),VLOOKUP(I99,Feuil1!$G$11:$L$25,6),IF(AND(H99>1994,H99<1998),VLOOKUP(I99,Feuil1!$G$11:$L$25,5),IF(AND(H99>1997,H99<2000),VLOOKUP(I99,Feuil1!$G$11:$L$25,4),IF(AND(H99>1999,H99<2002),VLOOKUP(I99,Feuil1!$G$11:$L$25,3),VLOOKUP(I99,Feuil1!$G$11:$L$25,2)))))))","v":"C2 62"},112.22594488606464,null," ",{"$f":"T99-HLOOKUP(X99,Feuil1!$C$1:$BL$10,2,FALSE)","v":-12},{"$f":"T99-HLOOKUP(X99,Feuil1!$C$1:$BL$10,3,FALSE)","v":-32},{"$f":"T99-HLOOKUP(X99,Feuil1!$C$1:$BL$10,4,FALSE)","v":-47},{"$f":"T99-HLOOKUP(X99,Feuil1!$C$1:$BL$10,5,FALSE)","v":-62},{"$f":"T99-HLOOKUP(X99,Feuil1!$C$1:$BL$10,6,FALSE)","v":-77},{"$f":"T99-HLOOKUP(X99,Feuil1!$C$1:$BL$10,7,FALSE)","v":-97},{"$f":"T99-HLOOKUP(X99,Feuil1!$C$1:$BL$10,8,FALSE)","v":-117},{"$f":"T99-HLOOKUP(X99,Feuil1!$C$1:$BL$10,9,FALSE)","v":-137},{"$f":"T99-HLOOKUP(X99,Feuil1!$C$1:$BL$10,10,FALSE)","v":-927},null,null,null,null,null,null,"DEB "]
["H","NE","ALS",43,382826,"GROSS","THIBAUD",1998,60,"SA Koenigshoffen","F",30,-35,35,35,35,-38,38,38,73,-47,"DEB ",-12,{"$f":"IF(I100=\"\",\"\",IF(A100=\"H\",IF(OR(H100=\"SEN\",H100<1995),VLOOKUP(I100,Feuil1!$A$11:$G$29,6),IF(AND(H100>1994,H100<1998),VLOOKUP(I100,Feuil1!$A$11:$G$29,5),IF(AND(H100>1997,H100<2000),VLOOKUP(I100,Feuil1!$A$11:$G$29,4),IF(AND(H100>1999,H100<2002),VLOOKUP(I100,Feuil1!$A$11:$G$29,3),VLOOKUP(I100,Feuil1!$A$11:$G$29,2))))),IF(OR(H100=\"SEN\",H100<1995),VLOOKUP(I100,Feuil1!$G$11:$L$25,6),IF(AND(H100>1994,H100<1998),VLOOKUP(I100,Feuil1!$G$11:$L$25,5),IF(AND(H100>1997,H100<2000),VLOOKUP(I100,Feuil1!$G$11:$L$25,4),IF(AND(H100>1999,H100<2002),VLOOKUP(I100,Feuil1!$G$11:$L$25,3),VLOOKUP(I100,Feuil1!$G$11:$L$25,2)))))))","v":"C2 62"},108.11516938563408,null," ",{"$f":"T100-HLOOKUP(X100,Feuil1!$C$1:$BL$10,2,FALSE)","v":-12},{"$f":"T100-HLOOKUP(X100,Feuil1!$C$1:$BL$10,3,FALSE)","v":-32},{"$f":"T100-HLOOKUP(X100,Feuil1!$C$1:$BL$10,4,FALSE)","v":-47},{"$f":"T100-HLOOKUP(X100,Feuil1!$C$1:$BL$10,5,FALSE)","v":-62},{"$f":"T100-HLOOKUP(X100,Feuil1!$C$1:$BL$10,6,FALSE)","v":-77},{"$f":"T100-HLOOKUP(X100,Feuil1!$C$1:$BL$10,7,FALSE)","v":-97},{"$f":"T100-HLOOKUP(X100,Feuil1!$C$1:$BL$10,8,FALSE)","v":-117},{"$f":"T100-HLOOKUP(X100,Feuil1!$C$1:$BL$10,9,FALSE)","v":-137},{"$f":"T100-HLOOKUP(X100,Feuil1!$C$1:$BL$10,10,FALSE)","v":-927},null,null,null,null,null,null,"DEB "]
["H","NE","CHA",44,387907,"DELONG","Frédéric",1999,59.6,"Langres HM","F",25,28,30,30,33,36,40,40,70,-49.2,"DEB ",-15,{"$f":"IF(I101=\"\",\"\",IF(A101=\"H\",IF(OR(H101=\"SEN\",H101<1995),VLOOKUP(I101,Feuil1!$A$11:$G$29,6),IF(AND(H101>1994,H101<1998),VLOOKUP(I101,Feuil1!$A$11:$G$29,5),IF(AND(H101>1997,H101<2000),VLOOKUP(I101,Feuil1!$A$11:$G$29,4),IF(AND(H101>1999,H101<2002),VLOOKUP(I101,Feuil1!$A$11:$G$29,3),VLOOKUP(I101,Feuil1!$A$11:$G$29,2))))),IF(OR(H101=\"SEN\",H101<1995),VLOOKUP(I101,Feuil1!$G$11:$L$25,6),IF(AND(H101>1994,H101<1998),VLOOKUP(I101,Feuil1!$G$11:$L$25,5),IF(AND(H101>1997,H101<2000),VLOOKUP(I101,Feuil1!$G$11:$L$25,4),IF(AND(H101>1999,H101<2002),VLOOKUP(I101,Feuil1!$G$11:$L$25,3),VLOOKUP(I101,Feuil1!$G$11:$L$25,2)))))))","v":"C2 62"},104.18545686332931,null," ",{"$f":"T101-HLOOKUP(X101,Feuil1!$C$1:$BL$10,2,FALSE)","v":-15},{"$f":"T101-HLOOKUP(X101,Feuil1!$C$1:$BL$10,3,FALSE)","v":-35},{"$f":"T101-HLOOKUP(X101,Feuil1!$C$1:$BL$10,4,FALSE)","v":-50},{"$f":"T101-HLOOKUP(X101,Feuil1!$C$1:$BL$10,5,FALSE)","v":-65},{"$f":"T101-HLOOKUP(X101,Feuil1!$C$1:$BL$10,6,FALSE)","v":-80},{"$f":"T101-HLOOKUP(X101,Feuil1!$C$1:$BL$10,7,FALSE)","v":-100},{"$f":"T101-HLOOKUP(X101,Feuil1!$C$1:$BL$10,8,FALSE)","v":-120},{"$f":"T101-HLOOKUP(X101,Feuil1!$C$1:$BL$10,9,FALSE)","v":-140},{"$f":"T101-HLOOKUP(X101,Feuil1!$C$1:$BL$10,10,FALSE)","v":-930},null,null,null,null,null,null,"DEB "]
["H","SEST","RAL",45,383326,"CAUCHARD","Florian",1999,60.7,"Bourg de Péage","F",25,28,30,30,35,-38,38,38,68,-53.400000000000006,"DEB ",-17,{"$f":"IF(I102=\"\",\"\",IF(A102=\"H\",IF(OR(H102=\"SEN\",H102<1995),VLOOKUP(I102,Feuil1!$A$11:$G$29,6),IF(AND(H102>1994,H102<1998),VLOOKUP(I102,Feuil1!$A$11:$G$29,5),IF(AND(H102>1997,H102<2000),VLOOKUP(I102,Feuil1!$A$11:$G$29,4),IF(AND(H102>1999,H102<2002),VLOOKUP(I102,Feuil1!$A$11:$G$29,3),VLOOKUP(I102,Feuil1!$A$11:$G$29,2))))),IF(OR(H102=\"SEN\",H102<1995),VLOOKUP(I102,Feuil1!$G$11:$L$25,6),IF(AND(H102>1994,H102<1998),VLOOKUP(I102,Feuil1!$G$11:$L$25,5),IF(AND(H102>1997,H102<2000),VLOOKUP(I102,Feuil1!$G$11:$L$25,4),IF(AND(H102>1999,H102<2002),VLOOKUP(I102,Feuil1!$G$11:$L$25,3),VLOOKUP(I102,Feuil1!$G$11:$L$25,2)))))))","v":"C2 62"},99.858353490756556,null," ",{"$f":"T102-HLOOKUP(X102,Feuil1!$C$1:$BL$10,2,FALSE)","v":-17},{"$f":"T102-HLOOKUP(X102,Feuil1!$C$1:$BL$10,3,FALSE)","v":-37},{"$f":"T102-HLOOKUP(X102,Feuil1!$C$1:$BL$10,4,FALSE)","v":-52},{"$f":"T102-HLOOKUP(X102,Feuil1!$C$1:$BL$10,5,FALSE)","v":-67},{"$f":"T102-HLOOKUP(X102,Feuil1!$C$1:$BL$10,6,FALSE)","v":-82},{"$f":"T102-HLOOKUP(X102,Feuil1!$C$1:$BL$10,7,FALSE)","v":-102},{"$f":"T102-HLOOKUP(X102,Feuil1!$C$1:$BL$10,8,FALSE)","v":-122},{"$f":"T102-HLOOKUP(X102,Feuil1!$C$1:$BL$10,9,FALSE)","v":-142},{"$f":"T102-HLOOKUP(X102,Feuil1!$C$1:$BL$10,10,FALSE)","v":-932},null,null,null,null,null,null,"DEB "]
["H","SEST","RAL",46,362694,"BEUDAERT","Yann",1999,56.5,"OYONNAX","F",27,30,32,32,30,35,-38,35,67,-46,"DEB ",-18,{"$f":"IF(I103=\"\",\"\",IF(A103=\"H\",IF(OR(H103=\"SEN\",H103<1995),VLOOKUP(I103,Feuil1!$A$11:$G$29,6),IF(AND(H103>1994,H103<1998),VLOOKUP(I103,Feuil1!$A$11:$G$29,5),IF(AND(H103>1997,H103<2000),VLOOKUP(I103,Feuil1!$A$11:$G$29,4),IF(AND(H103>1999,H103<2002),VLOOKUP(I103,Feuil1!$A$11:$G$29,3),VLOOKUP(I103,Feuil1!$A$11:$G$29,2))))),IF(OR(H103=\"SEN\",H103<1995),VLOOKUP(I103,Feuil1!$G$11:$L$25,6),IF(AND(H103>1994,H103<1998),VLOOKUP(I103,Feuil1!$G$11:$L$25,5),IF(AND(H103>1997,H103<2000),VLOOKUP(I103,Feuil1!$G$11:$L$25,4),IF(AND(H103>1999,H103<2002),VLOOKUP(I103,Feuil1!$G$11:$L$25,3),VLOOKUP(I103,Feuil1!$G$11:$L$25,2)))))))","v":"C2 62"},103.84750564780965,null," ",{"$f":"T103-HLOOKUP(X103,Feuil1!$C$1:$BL$10,2,FALSE)","v":-18},{"$f":"T103-HLOOKUP(X103,Feuil1!$C$1:$BL$10,3,FALSE)","v":-38},{"$f":"T103-HLOOKUP(X103,Feuil1!$C$1:$BL$10,4,FALSE)","v":-53},{"$f":"T103-HLOOKUP(X103,Feuil1!$C$1:$BL$10,5,FALSE)","v":-68},{"$f":"T103-HLOOKUP(X103,Feuil1!$C$1:$BL$10,6,FALSE)","v":-83},{"$f":"T103-HLOOKUP(X103,Feuil1!$C$1:$BL$10,7,FALSE)","v":-103},{"$f":"T103-HLOOKUP(X103,Feuil1!$C$1:$BL$10,8,FALSE)","v":-123},{"$f":"T103-HLOOKUP(X103,Feuil1!$C$1:$BL$10,9,FALSE)","v":-143},{"$f":"T103-HLOOKUP(X103,Feuil1!$C$1:$BL$10,10,FALSE)","v":-933},null,null,null,null,null,null,"DEB "]
[null,null,null,null,null,null,null,null,null,null,null,null,null,null,null,null,null,null,null,null,null,null,null,null,null,null," ",{"$f":"T104-HLOOKUP(X104,[1]Feuil1!$C$1:$BL$10,2,FALSE)","v":{"$error":"#N/A"}},{"$f":"T104-HLOOKUP(X104,[1]Feuil1!$C$1:$BL$10,3,FALSE)","v":{"$error":"#N/A"}},{"$f":"T104-HLOOKUP(X104,[1]Feuil1!$C$1:$BL$10,4,FALSE)","v":{"$error":"#N/A"}},{"$f":"T104-HLOOKUP(X104,[1]Feuil1!$C$1:$BL$10,5,FALSE)","v":{"$error":"#N/A"}},{"$f":"T104-HLOOKUP(X104,[1]Feuil1!$C$1:$BL$10,6,FALSE)","v":{"$error":"#N/A"}},{"$f":"T104-HLOOKUP(X104,[1]Feuil1!$C$1:$BL$10,7,FALSE)","v":{"$error":"#N/A"}},{"$f":"T104-HLOOKUP(X104,[1]Feuil1!$C$1:$BL$10,8,FALSE)","v":{"$error":"#N/A"}},{"$f":"T104-HLOOKUP(X104,[1]Feuil1!$C$1:$BL$10,9,FALSE)","v":{"$error":"#N/A"}},{"$f":"T104-HLOOKUP(X104,[1]Feuil1!$C$1:$BL$10,10,FALSE)","v":{"$error":"#N/A"}},null,null,null,null,null,null,{"$f":"IF(AJ104>=0,$AJ$4,IF(AI104>=0,$AI$4,IF(AH104>=0,$AH$4,IF(AG104>=0,$AG$4,IF(AF104>=0,$AF$4,IF(AE104>=0,$AE$4,IF(AD104>=0,$AD$4,IF(AC104>=0,$AC$4,$AB$4))))))))","v":{"$error":"#N/A"}}]
["H","NE","ALS",1,295214,"YILDIRIM","MARIO",1998,68.400000000000006,"SR Obernai HM","F",95,-99,99,{"$f":"IF(H105=\"\",\"\",IF(MAXA(L105:N105)<=0,0,MAXA(L105:N105)))","v":99},111,-118,120,{"$f":"IF(H105=\"\",\"\",IF(MAXA(P105:R105)<=0,0,MAXA(P105:R105)))","v":120},{"$f":"IF(H105=\"\",\"\",IF(OR(O105=0,S105=0),0,O105+S105))","v":219},{"$f":"T105-I105*2","v":82.199999999999989},{"$f":"IF(H105=\"\",\"\",AQ105)","v":"INTB +"},{"$f":"IF(AJ105>=0,AJ105,IF(AI105>=0,AI105,IF(AH105>=0,AH105,IF(AG105>=0,AG105,IF(AF105>=0,AF105,IF(AE105>=0,AE105,IF(AD105>=0,AD105,IF(AC105>=0,AC105,AB105))))))))","v":9},{"$f":"IF(I105=\"\",\"\",IF(A105=\"H\",IF(OR(H105=\"SEN\",H105<1995),VLOOKUP(I105,Feuil1!$A$11:$G$29,6),IF(AND(H105>1994,H105<1998),VLOOKUP(I105,Feuil1!$A$11:$G$29,5),IF(AND(H105>1997,H105<2000),VLOOKUP(I105,Feuil1!$A$11:$G$29,4),IF(AND(H105>1999,H105<2002),VLOOKUP(I105,Feuil1!$A$11:$G$29,3),VLOOKUP(I105,Feuil1!$A$11:$G$29,2))))),IF(OR(H105=\"SEN\",H105<1995),VLOOKUP(I105,Feuil1!$G$11:$L$25,6),IF(AND(H105>1994,H105<1998),VLOOKUP(I105,Feuil1!$G$11:$L$25,5),IF(AND(H105>1997,H105<2000),VLOOKUP(I105,Feuil1!$G$11:$L$25,4),IF(AND(H105>1999,H105<2002),VLOOKUP(I105,Feuil1!$G$11:$L$25,3),VLOOKUP(I105,Feuil1!$G$11:$L$25,2)))))))","v":"C2 69"},{"$f":"IF(I105=\"\",\"\",IF(A105=\"H\",10^(0.794358141*LOG(I105/174.393)^2)*T105,IF(A105=\"F\",10^(0.89726074*LOG(I105/148.026)^2)*T105,\"\")))","v":296.27033649819413},null," ",{"$f":"T105-HLOOKUP(X105,Feuil1!$C$1:$BL$10,2,FALSE)","v":124},{"$f":"T105-HLOOKUP(X105,Feuil1!$C$1:$BL$10,3,FALSE)","v":104},{"$f":"T105-HLOOKUP(X105,Feuil1!$C$1:$BL$10,4,FALSE)","v":89},{"$f":"T105-HLOOKUP(X105,Feuil1!$C$1:$BL$10,5,FALSE)","v":69},{"$f":"T105-HLOOKUP(X105,Feuil1!$C$1:$BL$10,6,FALSE)","v":49},{"$f":"T105-HLOOKUP(X105,Feuil1!$C$1:$BL$10,7,FALSE)","v":29},{"$f":"T105-HLOOKUP(X105,Feuil1!$C$1:$BL$10,8,FALSE)","v":9},{"$f":"T105-HLOOKUP(X105,Feuil1!$C$1:$BL$10,9,FALSE)","v":-11},{"$f":"T105-HLOOKUP(X105,Feuil1!$C$1:$BL$10,10,FALSE)","v":-781},null,null,null,null,null,null,{"$f":"IF(AJ105>=0,$AJ$4,IF(AI105>=0,$AI$4,IF(AH105>=0,$AH$4,IF(AG105>=0,$AG$4,IF(AF105>=0,$AF$4,IF(AE105>=0,$AE$4,IF(AD105>=0,$AD$4,IF(AC105>=0,$AC$4,$AB$4))))))))","v":"INTB +"}]
["H","CO","BRE",2,290461,"DELAPLACE","Quentin",1998,68.599999999999994,"ES Saint Avé","F",88,93,-95,93,110,-115,115,115,208,70.800000000000011,"NAT +",18,{"$f":"IF(I106=\"\",\"\",IF(A106=\"H\",IF(OR(H106=\"SEN\",H106<1995),VLOOKUP(I106,Feuil1!$A$11:$G$29,6),IF(AND(H106>1994,H106<1998),VLOOKUP(I106,Feuil1!$A$11:$G$29,5),IF(AND(H106>1997,H106<2000),VLOOKUP(I106,Feuil1!$A$11:$G$29,4),IF(AND(H106>1999,H106<2002),VLOOKUP(I106,Feuil1!$A$11:$G$29,3),VLOOKUP(I106,Feuil1!$A$11:$G$29,2))))),IF(OR(H106=\"SEN\",H106<1995),VLOOKUP(I106,Feuil1!$G$11:$L$25,6),IF(AND(H106>1994,H106<1998),VLOOKUP(I106,Feuil1!$G$11:$L$25,5),IF(AND(H106>1997,H106<2000),VLOOKUP(I106,Feuil1!$G$11:$L$25,4),IF(AND(H106>1999,H106<2002),VLOOKUP(I106,Feuil1!$G$11:$L$25,3),VLOOKUP(I106,Feuil1!$G$11:$L$25,2)))))))","v":"C2 69"},280.85995534302612,null," ",{"$f":"T106-HLOOKUP(X106,Feuil1!$C$1:$BL$10,2,FALSE)","v":113},{"$f":"T106-HLOOKUP(X106,Feuil1!$C$1:$BL$10,3,FALSE)","v":93},{"$f":"T106-HLOOKUP(X106,Feuil1!$C$1:$BL$10,4,FALSE)","v":78},{"$f":"T106-HLOOKUP(X106,Feuil1!$C$1:$BL$10,5,FALSE)","v":58},{"$f":"T106-HLOOKUP(X106,Feuil1!$C$1:$BL$10,6,FALSE)","v":38},{"$f":"T106-HLOOKUP(X106,Feuil1!$C$1:$BL$10,7,FALSE)","v":18},{"$f":"T106-HLOOKUP(X106,Feuil1!$C$1:$BL$10,8,FALSE)","v":-2},{"$f":"T106-HLOOKUP(X106,Feuil1!$C$1:$BL$10,9,FALSE)","v":-22},{"$f":"T106-HLOOKUP(X106,Feuil1!$C$1:$BL$10,10,FALSE)","v":-792},null,null,null,null,null,null,"NAT +"]
["H","NE","ALS",3,273469,"SPAGNULO","PAOLO",1998,65.400000000000006,"SHC Haguenau","F",77,-80,80,80,105,-110,112,112,192,61.199999999999989,"NAT +",2,{"$f":"IF(I107=\"\",\"\",IF(A107=\"H\",IF(OR(H107=\"SEN\",H107<1995),VLOOKUP(I107,Feuil1!$A$11:$G$29,6),IF(AND(H107>1994,H107<1998),VLOOKUP(I107,Feuil1!$A$11:$G$29,5),IF(AND(H107>1997,H107<2000),VLOOKUP(I107,Feuil1!$A$11:$G$29,4),IF(AND(H107>1999,H107<2002),VLOOKUP(I107,Feuil1!$A$11:$G$29,3),VLOOKUP(I107,Feuil1!$A$11:$G$29,2))))),IF(OR(H107=\"SEN\",H107<1995),VLOOKUP(I107,Feuil1!$G$11:$L$25,6),IF(AND(H107>1994,H107<1998),VLOOKUP(I107,Feuil1!$G$11:$L$25,5),IF(AND(H107>1997,H107<2000),VLOOKUP(I107,Feuil1!$G$11:$L$25,4),IF(AND(H107>1999,H107<2002),VLOOKUP(I107,Feuil1!$G$11:$L$25,3),VLOOKUP(I107,Feuil1!$G$11:$L$25,2)))))))","v":"C2 69"},267.56247771941514,null," ",{"$f":"T107-HLOOKUP(X107,Feuil1!$C$1:$BL$10,2,FALSE)","v":97},{"$f":"T107-HLOOKUP(X107,Feuil1!$C$1:$BL$10,3,FALSE)","v":77},{"$f":"T107-HLOOKUP(X107,Feuil1!$C$1:$BL$10,4,FALSE)","v":62},{"$f":"T107-HLOOKUP(X107,Feuil1!$C$1:$BL$10,5,FALSE)","v":42},{"$f":"T107-HLOOKUP(X107,Feuil1!$C$1:$BL$10,6,FALSE)","v":22},{"$f":"T107-HLOOKUP(X107,Feuil1!$C$1:$BL$10,7,FALSE)","v":2},{"$f":"T107-HLOOKUP(X107,Feuil1!$C$1:$BL$10,8,FALSE)","v":-18},{"$f":"T107-HLOOKUP(X107,Feuil1!$C$1:$BL$10,9,FALSE)","v":-38},{"$f":"T107-HLOOKUP(X107,Feuil1!$C$1:$BL$10,10,FALSE)","v":-808},null,null,null,null,null,null,"NAT +"]
["H","CO","PDL",4,379231,"HEUZE","Alexandre",1998,67.66,"CA Evron 53","F",78,82,-84,82,105,-110,110,110,192,56.680000000000007,"NAT +",2,{"$f":"IF(I108=\"\",\"\",IF(A108=\"H\",IF(OR(H108=\"SEN\",H108<1995),VLOOKUP(I108,Feuil1!$A$11:$G$29,6),IF(AND(H108>1994,H108<1998),VLOOKUP(I108,Feuil1!$A$11:$G$29,5),IF(AND(H108>1997,H108<2000),VLOOKUP(I108,Feuil1!$A$11:$G$29,4),IF(AND(H108>1999,H108<2002),VLOOKUP(I108,Feuil1!$A$11:$G$29,3),VLOOKUP(I108,Feuil1!$A$11:$G$29,2))))),IF(OR(H108=\"SEN\",H108<1995),VLOOKUP(I108,Feuil1!$G$11:$L$25,6),IF(AND(H108>1994,H108<1998),VLOOKUP(I108,Feuil1!$G$11:$L$25,5),IF(AND(H108>1997,H108<2000),VLOOKUP(I108,Feuil1!$G$11:$L$25,4),IF(AND(H108>1999,H108<2002),VLOOKUP(I108,Feuil1!$G$11:$L$25,3),VLOOKUP(I108,Feuil1!$G$11:$L$25,2)))))))","v":"C2 69"},261.58552041895899,null," ",{"$f":"T108-HLOOKUP(X108,Feuil1!$C$1:$BL$10,2,FALSE)","v":97},{"$f":"T108-HLOOKUP(X108,Feuil1!$C$1:$BL$10,3,FALSE)","v":77},{"$f":"T108-HLOOKUP(X108,Feuil1!$C$1:$BL$10,4,FALSE)","v":62},{"$f":"T108-HLOOKUP(X108,Feuil1!$C$1:$BL$10,5,FALSE)","v":42},{"$f":"T108-HLOOKUP(X108,Feuil1!$C$1:$BL$10,6,FALSE)","v":22},{"$f":"T108-HLOOKUP(X108,Feuil1!$C$1:$BL$10,7,FALSE)","v":2},{"$f":"T108-HLOOKUP(X108,Feuil1!$C$1:$BL$10,8,FALSE)","v":-18},{"$f":"T108-HLOOKUP(X108,Feuil1!$C$1:$BL$10,9,FALSE)","v":-38},{"$f":"T108-HLOOKUP(X108,Feuil1!$C$1:$BL$10,10,FALSE)","v":-808},null,null,null,null,null,null,"NAT +"]
["H","SEST","CAZ",5,295872,"RICHET","Benoit",1999,68.58,"E.S. VILLENEUVE LOUBET","F",78,83,87,87,99,105,-109,105,192,54.84,"NAT +",2,{"$f":"IF(I109=\"\",\"\",IF(A109=\"H\",IF(OR(H109=\"SEN\",H109<1995),VLOOKUP(I109,Feuil1!$A$11:$G$29,6),IF(AND(H109>1994,H109<1998),VLOOKUP(I109,Feuil1!$A$11:$G$29,5),IF(AND(H109>1997,H109<2000),VLOOKUP(I109,Feuil1!$A$11:$G$29,4),IF(AND(H109>1999,H109<2002),VLOOKUP(I109,Feuil1!$A$11:$G$29,3),VLOOKUP(I109,Feuil1!$A$11:$G$29,2))))),IF(OR(H109=\"SEN\",H109<1995),VLOOKUP(I109,Feuil1!$G$11:$L$25,6),IF(AND(H109>1994,H109<1998),VLOOKUP(I109,Feuil1!$G$11:$L$25,5),IF(AND(H109>1997,H109<2000),VLOOKUP(I109,Feuil1!$G$11:$L$25,4),IF(AND(H109>1999,H109<2002),VLOOKUP(I109,Feuil1!$G$11:$L$25,3),VLOOKUP(I109,Feuil1!$G$11:$L$25,2)))))))","v":"C2 69"},259.30402070779706,null," ",{"$f":"T109-HLOOKUP(X109,Feuil1!$C$1:$BL$10,2,FALSE)","v":97},{"$f":"T109-HLOOKUP(X109,Feuil1!$C$1:$BL$10,3,FALSE)","v":77},{"$f":"T109-HLOOKUP(X109,Feuil1!$C$1:$BL$10,4,FALSE)","v":62},{"$f":"T109-HLOOKUP(X109,Feuil1!$C$1:$BL$10,5,FALSE)","v":42},{"$f":"T109-HLOOKUP(X109,Feuil1!$C$1:$BL$10,6,FALSE)","v":22},{"$f":"T109-HLOOKUP(X109,Feuil1!$C$1:$BL$10,7,FALSE)","v":2},{"$f":"T109-HLOOKUP(X109,Feuil1!$C$1:$BL$10,8,FALSE)","v":-18},{"$f":"T109-HLOOKUP(X109,Feuil1!$C$1:$BL$10,9,FALSE)","v":-38},{"$f":"T109-HLOOKUP(X109,Feuil1!$C$1:$BL$10,10,FALSE)","v":-808},null,null,null,null,null,null,"NAT +"]
["H","NORD","PIC",6,250197,"ANCEL","Georges",1998,64,"Saleux CHM","F",75,78,80,80,95,100,105,105,185,57,"FED +",15,{"$f":"IF(I110=\"\",\"\",IF(A110=\"H\",IF(OR(H110=\"SEN\",H110<1995),VLOOKUP(I110,Feuil1!$A$11:$G$29,6),IF(AND(H110>1994,H110<1998),VLOOKUP(I110,Feuil1!$A$11:$G$29,5),IF(AND(H110>1997,H110<2000),VLOOKUP(I110,Feuil1!$A$11:$G$29,4),IF(AND(H110>1999,H110<2002),VLOOKUP(I110,Feuil1!$A$11:$G$29,3),VLOOKUP(I110,Feuil1!$A$11:$G$29,2))))),IF(OR(H110=\"SEN\",H110<1995),VLOOKUP(I110,Feuil1!$G$11:$L$25,6),IF(AND(H110>1994,H110<1998),VLOOKUP(I110,Feuil1!$G$11:$L$25,5),IF(AND(H110>1997,H110<2000),VLOOKUP(I110,Feuil1!$G$11:$L$25,4),IF(AND(H110>1999,H110<2002),VLOOKUP(I110,Feuil1!$G$11:$L$25,3),VLOOKUP(I110,Feuil1!$G$11:$L$25,2)))))))","v":"C2 69"},261.6528605212423,null," ",{"$f":"T110-HLOOKUP(X110,Feuil1!$C$1:$BL$10,2,FALSE)","v":90},{"$f":"T110-HLOOKUP(X110,Feuil1!$C$1:$BL$10,3,FALSE)","v":70},{"$f":"T110-HLOOKUP(X110,Feuil1!$C$1:$BL$10,4,FALSE)","v":55},{"$f":"T110-HLOOKUP(X110,Feuil1!$C$1:$BL$10,5,FALSE)","v":35},{"$f":"T110-HLOOKUP(X110,Feuil1!$C$1:$BL$10,6,FALSE)","v":15},{"$f":"T110-HLOOKUP(X110,Feuil1!$C$1:$BL$10,7,FALSE)","v":-5},{"$f":"T110-HLOOKUP(X110,Feuil1!$C$1:$BL$10,8,FALSE)","v":-25},{"$f":"T110-HLOOKUP(X110,Feuil1!$C$1:$BL$10,9,FALSE)","v":-45},{"$f":"T110-HLOOKUP(X110,Feuil1!$C$1:$BL$10,10,FALSE)","v":-815},null,null,null,null,null,null,"FED +"]
["H","SEST","CAZ",7,305874,"FOLCHER","Guilhem",1998,63.8,"E.S. VILLENEUVE LOUBET","F",76,-79,79,79,92,-96,97,97,176,48.400000000000006,"FED +",6,{"$f":"IF(I111=\"\",\"\",IF(A111=\"H\",IF(OR(H111=\"SEN\",H111<1995),VLOOKUP(I111,Feuil1!$A$11:$G$29,6),IF(AND(H111>1994,H111<1998),VLOOKUP(I111,Feuil1!$A$11:$G$29,5),IF(AND(H111>1997,H111<2000),VLOOKUP(I111,Feuil1!$A$11:$G$29,4),IF(AND(H111>1999,H111<2002),VLOOKUP(I111,Feuil1!$A$11:$G$29,3),VLOOKUP(I111,Feuil1!$A$11:$G$29,2))))),IF(OR(H111=\"SEN\",H111<1995),VLOOKUP(I111,Feuil1!$G$11:$L$25,6),IF(AND(H111>1994,H111<1998),VLOOKUP(I111,Feuil1!$G$11:$L$25,5),IF(AND(H111>1997,H111<2000),VLOOKUP(I111,Feuil1!$G$11:$L$25,4),IF(AND(H111>1999,H111<2002),VLOOKUP(I111,Feuil1!$G$11:$L$25,3),VLOOKUP(I111,Feuil1!$G$11:$L$25,2)))))))","v":"C2 69"},249.4640940944613,null," ",{"$f":"T111-HLOOKUP(X111,Feuil1!$C$1:$BL$10,2,FALSE)","v":81},{"$f":"T111-HLOOKUP(X111,Feuil1!$C$1:$BL$10,3,FALSE)","v":61},{"$f":"T111-HLOOKUP(X111,Feuil1!$C$1:$BL$10,4,FALSE)","v":46},{"$f":"T111-HLOOKUP(X111,Feuil1!$C$1:$BL$10,5,FALSE)","v":26},{"$f":"T111-HLOOKUP(X111,Feuil1!$C$1:$BL$10,6,FALSE)","v":6},{"$f":"T111-HLOOKUP(X111,Feuil1!$C$1:$BL$10,7,FALSE)","v":-14},{"$f":"T111-HLOOKUP(X111,Feuil1!$C$1:$BL$10,8,FALSE)","v":-34},{"$f":"T111-HLOOKUP(X111,Feuil1!$C$1:$BL$10,9,FALSE)","v":-54},{"$f":"T111-HLOOKUP(X111,Feuil1!$C$1:$BL$10,10,FALSE)","v":-824},null,null,null,null,null,null,"FED +"]
["H","SEST","RAL",8,"\n 218634","MENDEZ PACHECO ","Juan",1999,67.900000000000006,"Vaulx-en-Velin","F",74,77,-80,77,95,99,-102,99,176,40.199999999999989,"FED +",6,{"$f":"IF(I112=\"\",\"\",IF(A112=\"H\",IF(OR(H112=\"SEN\",H112<1995),VLOOKUP(I112,Feuil1!$A$11:$G$29,6),IF(AND(H112>1994,H112<1998),VLOOKUP(I112,Feuil1!$A$11:$G$29,5),IF(AND(H112>1997,H112<2000),VLOOKUP(I112,Feuil1!$A$11:$G$29,4),IF(AND(H112>1999,H112<2002),VLOOKUP(I112,Feuil1!$A$11:$G$29,3),VLOOKUP(I112,Feuil1!$A$11:$G$29,2))))),IF(OR(H112=\"SEN\",H112<1995),VLOOKUP(I112,Feuil1!$G$11:$L$25,6),IF(AND(H112>1994,H112<1998),VLOOKUP(I112,Feuil1!$G$11:$L$25,5),IF(AND(H112>1997,H112<2000),VLOOKUP(I112,Feuil1!$G$11:$L$25,4),IF(AND(H112>1999,H112<2002),VLOOKUP(I112,Feuil1!$G$11:$L$25,3),VLOOKUP(I112,Feuil1!$G$11:$L$25,2)))))))","v":"C2 69"},239.23373675317646,null," ",{"$f":"T112-HLOOKUP(X112,Feuil1!$C$1:$BL$10,2,FALSE)","v":81},{"$f":"T112-HLOOKUP(X112,Feuil1!$C$1:$BL$10,3,FALSE)","v":61},{"$f":"T112-HLOOKUP(X112,Feuil1!$C$1:$BL$10,4,FALSE)","v":46},{"$f":"T112-HLOOKUP(X112,Feuil1!$C$1:$BL$10,5,FALSE)","v":26},{"$f":"T112-HLOOKUP(X112,Feuil1!$C$1:$BL$10,6,FALSE)","v":6},{"$f":"T112-HLOOKUP(X112,Feuil1!$C$1:$BL$10,7,FALSE)","v":-14},{"$f":"T112-HLOOKUP(X112,Feuil1!$C$1:$BL$10,8,FALSE)","v":-34},{"$f":"T112-HLOOKUP(X112,Feuil1!$C$1:$BL$10,9,FALSE)","v":-54},{"$f":"T112-HLOOKUP(X112,Feuil1!$C$1:$BL$10,10,FALSE)","v":-824},null,null,null,null,null,null,"FED +"]
["H","CO","BNO",9,284350,"FAUNY","Sébastien",1998,65.7,"Stade St Lois","F",72,76,78,78,92,97,-101,97,175,43.599999999999994,"FED +",5,{"$f":"IF(I113=\"\",\"\",IF(A113=\"H\",IF(OR(H113=\"SEN\",H113<1995),VLOOKUP(I113,Feuil1!$A$11:$G$29,6),IF(AND(H113>1994,H113<1998),VLOOKUP(I113,Feuil1!$A$11:$G$29,5),IF(AND(H113>1997,H113<2000),VLOOKUP(I113,Feuil1!$A$11:$G$29,4),IF(AND(H113>1999,H113<2002),VLOOKUP(I113,Feuil1!$A$11:$G$29,3),VLOOKUP(I113,Feuil1!$A$11:$G$29,2))))),IF(OR(H113=\"SEN\",H113<1995),VLOOKUP(I113,Feuil1!$G$11:$L$25,6),IF(AND(H113>1994,H113<1998),VLOOKUP(I113,Feuil1!$G$11:$L$25,5),IF(AND(H113>1997,H113<2000),VLOOKUP(I113,Feuil1!$G$11:$L$25,4),IF(AND(H113>1999,H113<2002),VLOOKUP(I113,Feuil1!$G$11:$L$25,3),VLOOKUP(I113,Feuil1!$G$11:$L$25,2)))))))","v":"C2 69"},243.11967840298547,null," ",{"$f":"T113-HLOOKUP(X113,Feuil1!$C$1:$BL$10,2,FALSE)","v":80},{"$f":"T113-HLOOKUP(X113,Feuil1!$C$1:$BL$10,3,FALSE)","v":60},{"$f":"T113-HLOOKUP(X113,Feuil1!$C$1:$BL$10,4,FALSE)","v":45},{"$f":"T113-HLOOKUP(X113,Feuil1!$C$1:$BL$10,5,FALSE)","v":25},{"$f":"T113-HLOOKUP(X113,Feuil1!$C$1:$BL$10,6,FALSE)","v":5},{"$f":"T113-HLOOKUP(X113,Feuil1!$C$1:$BL$10,7,FALSE)","v":-15},{"$f":"T113-HLOOKUP(X113,Feuil1!$C$1:$BL$10,8,FALSE)","v":-35},{"$f":"T113-HLOOKUP(X113,Feuil1!$C$1:$BL$10,9,FALSE)","v":-55},{"$f":"T113-HLOOKUP(X113,Feuil1!$C$1:$BL$10,10,FALSE)","v":-825},null,null,null,null,null,null,"FED +"]
["H","NE","ALS",10,281051,"GIORGIANI","DYLAN",1999,67.8,"US Wittenheim","F",67,71,74,74,92,96,100,100,174,38.400000000000006,"FED +",4,{"$f":"IF(I114=\"\",\"\",IF(A114=\"H\",IF(OR(H114=\"SEN\",H114<1995),VLOOKUP(I114,Feuil1!$A$11:$G$29,6),IF(AND(H114>1994,H114<1998),VLOOKUP(I114,Feuil1!$A$11:$G$29,5),IF(AND(H114>1997,H114<2000),VLOOKUP(I114,Feuil1!$A$11:$G$29,4),IF(AND(H114>1999,H114<2002),VLOOKUP(I114,Feuil1!$A$11:$G$29,3),VLOOKUP(I114,Feuil1!$A$11:$G$29,2))))),IF(OR(H114=\"SEN\",H114<1995),VLOOKUP(I114,Feuil1!$G$11:$L$25,6),IF(AND(H114>1994,H114<1998),VLOOKUP(I114,Feuil1!$G$11:$L$25,5),IF(AND(H114>1997,H114<2000),VLOOKUP(I114,Feuil1!$G$11:$L$25,4),IF(AND(H114>1999,H114<2002),VLOOKUP(I114,Feuil1!$G$11:$L$25,3),VLOOKUP(I114,Feuil1!$G$11:$L$25,2)))))))","v":"C2 69"},236.74232849478483,null," ",{"$f":"T114-HLOOKUP(X114,Feuil1!$C$1:$BL$10,2,FALSE)","v":79},{"$f":"T114-HLOOKUP(X114,Feuil1!$C$1:$BL$10,3,FALSE)","v":59},{"$f":"T114-HLOOKUP(X114,Feuil1!$C$1:$BL$10,4,FALSE)","v":44},{"$f":"T114-HLOOKUP(X114,Feuil1!$C$1:$BL$10,5,FALSE)","v":24},{"$f":"T114-HLOOKUP(X114,Feuil1!$C$1:$BL$10,6,FALSE)","v":4},{"$f":"T114-HLOOKUP(X114,Feuil1!$C$1:$BL$10,7,FALSE)","v":-16},{"$f":"T114-HLOOKUP(X114,Feuil1!$C$1:$BL$10,8,FALSE)","v":-36},{"$f":"T114-HLOOKUP(X114,Feuil1!$C$1:$BL$10,9,FALSE)","v":-56},{"$f":"T114-HLOOKUP(X114,Feuil1!$C$1:$BL$10,10,FALSE)","v":-826},null,null,null,null,null,null,"FED +"]
["H","CO","BRE",11,355842,"LOZACHMEUR","David",1998,65,"AL Quimper","F",70,73,76,76,90,94,-99,94,170,40,"FED +",0,{"$f":"IF(I115=\"\",\"\",IF(A115=\"H\",IF(OR(H115=\"SEN\",H115<1995),VLOOKUP(I115,Feuil1!$A$11:$G$29,6),IF(AND(H115>1994,H115<1998),VLOOKUP(I115,Feuil1!$A$11:$G$29,5),IF(AND(H115>1997,H115<2000),VLOOKUP(I115,Feuil1!$A$11:$G$29,4),IF(AND(H115>1999,H115<2002),VLOOKUP(I115,Feuil1!$A$11:$G$29,3),VLOOKUP(I115,Feuil1!$A$11:$G$29,2))))),IF(OR(H115=\"SEN\",H115<1995),VLOOKUP(I115,Feuil1!$G$11:$L$25,6),IF(AND(H115>1994,H115<1998),VLOOKUP(I115,Feuil1!$G$11:$L$25,5),IF(AND(H115>1997,H115<2000),VLOOKUP(I115,Feuil1!$G$11:$L$25,4),IF(AND(H115>1999,H115<2002),VLOOKUP(I115,Feuil1!$G$11:$L$25,3),VLOOKUP(I115,Feuil1!$G$11:$L$25,2)))))))","v":"C2 69"},237.89295265560241,null," ",{"$f":"T115-HLOOKUP(X115,Feuil1!$C$1:$BL$10,2,FALSE)","v":75},{"$f":"T115-HLOOKUP(X115,Feuil1!$C$1:$BL$10,3,FALSE)","v":55},{"$f":"T115-HLOOKUP(X115,Feuil1!$C$1:$BL$10,4,FALSE)","v":40},{"$f":"T115-HLOOKUP(X115,Feuil1!$C$1:$BL$10,5,FALSE)","v":20},{"$f":"T115-HLOOKUP(X115,Feuil1!$C$1:$BL$10,6,FALSE)","v":0},{"$f":"T115-HLOOKUP(X115,Feuil1!$C$1:$BL$10,7,FALSE)","v":-20},{"$f":"T115-HLOOKUP(X115,Feuil1!$C$1:$BL$10,8,FALSE)","v":-40},{"$f":"T115-HLOOKUP(X115,Feuil1!$C$1:$BL$10,9,FALSE)","v":-60},{"$f":"T115-HLOOKUP(X115,Feuil1!$C$1:$BL$10,10,FALSE)","v":-830},null,null,null,null,null,null,"FED +"]
["H","SEST","CAZ",12,307138,"BLAIN","Remi",1998,67.7,"E.S. VILLENEUVE LOUBET","F",77,-79,-79,77,-87,87,93,93,170,34.599999999999994,"FED +",0,{"$f":"IF(I116=\"\",\"\",IF(A116=\"H\",IF(OR(H116=\"SEN\",H116<1995),VLOOKUP(I116,Feuil1!$A$11:$G$29,6),IF(AND(H116>1994,H116<1998),VLOOKUP(I116,Feuil1!$A$11:$G$29,5),IF(AND(H116>1997,H116<2000),VLOOKUP(I116,Feuil1!$A$11:$G$29,4),IF(AND(H116>1999,H116<2002),VLOOKUP(I116,Feuil1!$A$11:$G$29,3),VLOOKUP(I116,Feuil1!$A$11:$G$29,2))))),IF(OR(H116=\"SEN\",H116<1995),VLOOKUP(I116,Feuil1!$G$11:$L$25,6),IF(AND(H116>1994,H116<1998),VLOOKUP(I116,Feuil1!$G$11:$L$25,5),IF(AND(H116>1997,H116<2000),VLOOKUP(I116,Feuil1!$G$11:$L$25,4),IF(AND(H116>1999,H116<2002),VLOOKUP(I116,Feuil1!$G$11:$L$25,3),VLOOKUP(I116,Feuil1!$G$11:$L$25,2)))))))","v":"C2 69"},231.5228000190539,null," ",{"$f":"T116-HLOOKUP(X116,Feuil1!$C$1:$BL$10,2,FALSE)","v":75},{"$f":"T116-HLOOKUP(X116,Feuil1!$C$1:$BL$10,3,FALSE)","v":55},{"$f":"T116-HLOOKUP(X116,Feuil1!$C$1:$BL$10,4,FALSE)","v":40},{"$f":"T116-HLOOKUP(X116,Feuil1!$C$1:$BL$10,5,FALSE)","v":20},{"$f":"T116-HLOOKUP(X116,Feuil1!$C$1:$BL$10,6,FALSE)","v":0},{"$f":"T116-HLOOKUP(X116,Feuil1!$C$1:$BL$10,7,FALSE)","v":-20},{"$f":"T116-HLOOKUP(X116,Feuil1!$C$1:$BL$10,8,FALSE)","v":-40},{"$f":"T116-HLOOKUP(X116,Feuil1!$C$1:$BL$10,9,FALSE)","v":-60},{"$f":"T116-HLOOKUP(X116,Feuil1!$C$1:$BL$10,10,FALSE)","v":-830},null,null,null,null,null,null,"FED +"]
["H","CO","BNO",13,247806,"PANNIER","Julien",1998,68.5,"Caen CHM","F",67,70,75,75,90,95,-97,95,170,33,"FED +",0,{"$f":"IF(I117=\"\",\"\",IF(A117=\"H\",IF(OR(H117=\"SEN\",H117<1995),VLOOKUP(I117,Feuil1!$A$11:$G$29,6),IF(AND(H117>1994,H117<1998),VLOOKUP(I117,Feuil1!$A$11:$G$29,5),IF(AND(H117>1997,H117<2000),VLOOKUP(I117,Feuil1!$A$11:$G$29,4),IF(AND(H117>1999,H117<2002),VLOOKUP(I117,Feuil1!$A$11:$G$29,3),VLOOKUP(I117,Feuil1!$A$11:$G$29,2))))),IF(OR(H117=\"SEN\",H117<1995),VLOOKUP(I117,Feuil1!$G$11:$L$25,6),IF(AND(H117>1994,H117<1998),VLOOKUP(I117,Feuil1!$G$11:$L$25,5),IF(AND(H117>1997,H117<2000),VLOOKUP(I117,Feuil1!$G$11:$L$25,4),IF(AND(H117>1999,H117<2002),VLOOKUP(I117,Feuil1!$G$11:$L$25,3),VLOOKUP(I117,Feuil1!$G$11:$L$25,2)))))))","v":"C2 69"},229.76484228332492,null," ",{"$f":"T117-HLOOKUP(X117,Feuil1!$C$1:$BL$10,2,FALSE)","v":75},{"$f":"T117-HLOOKUP(X117,Feuil1!$C$1:$BL$10,3,FALSE)","v":55},{"$f":"T117-HLOOKUP(X117,Feuil1!$C$1:$BL$10,4,FALSE)","v":40},{"$f":"T117-HLOOKUP(X117,Feuil1!$C$1:$BL$10,5,FALSE)","v":20},{"$f":"T117-HLOOKUP(X117,Feuil1!$C$1:$BL$10,6,FALSE)","v":0},{"$f":"T117-HLOOKUP(X117,Feuil1!$C$1:$BL$10,7,FALSE)","v":-20},{"$f":"T117-HLOOKUP(X117,Feuil1!$C$1:$BL$10,8,FALSE)","v":-40},{"$f":"T117-HLOOKUP(X117,Feuil1!$C$1:$BL$10,9,FALSE)","v":-60},{"$f":"T117-HLOOKUP(X117,Feuil1!$C$1:$BL$10,10,FALSE)","v":-830},null,null,null,null,null,null,"FED +"]
["H","DOM","GUA",14,292762,"GALVANI","Dylan",1998,69,"Body Club Domien","F",70,75,-78,75,85,90,95,95,170,32,"FED +",0,{"$f":"IF(I118=\"\",\"\",IF(A118=\"H\",IF(OR(H118=\"SEN\",H118<1995),VLOOKUP(I118,Feuil1!$A$11:$G$29,6),IF(AND(H118>1994,H118<1998),VLOOKUP(I118,Feuil1!$A$11:$G$29,5),IF(AND(H118>1997,H118<2000),VLOOKUP(I118,Feuil1!$A$11:$G$29,4),IF(AND(H118>1999,H118<2002),VLOOKUP(I118,Feuil1!$A$11:$G$29,3),VLOOKUP(I118,Feuil1!$A$11:$G$29,2))))),IF(OR(H118=\"SEN\",H118<1995),VLOOKUP(I118,Feuil1!$G$11:$L$25,6),IF(AND(H118>1994,H118<1998),VLOOKUP(I118,Feuil1!$G$11:$L$25,5),IF(AND(H118>1997,H118<2000),VLOOKUP(I118,Feuil1!$G$11:$L$25,4),IF(AND(H118>1999,H118<2002),VLOOKUP(I118,Feuil1!$G$11:$L$25,3),VLOOKUP(I118,Feuil1!$G$11:$L$25,2)))))))","v":"C2 69"},228.69412409699078,null," ",{"$f":"T118-HLOOKUP(X118,Feuil1!$C$1:$BL$10,2,FALSE)","v":75},{"$f":"T118-HLOOKUP(X118,Feuil1!$C$1:$BL$10,3,FALSE)","v":55},{"$f":"T118-HLOOKUP(X118,Feuil1!$C$1:$BL$10,4,FALSE)","v":40},{"$f":"T118-HLOOKUP(X118,Feuil1!$C$1:$BL$10,5,FALSE)","v":20},{"$f":"T118-HLOOKUP(X118,Feuil1!$C$1:$BL$10,6,FALSE)","v":0},{"$f":"T118-HLOOKUP(X118,Feuil1!$C$1:$BL$10,7,FALSE)","v":-20},{"$f":"T118-HLOOKUP(X118,Feuil1!$C$1:$BL$10,8,FALSE)","v":-40},{"$f":"T118-HLOOKUP(X118,Feuil1!$C$1:$BL$10,9,FALSE)","v":-60},{"$f":"T118-HLOOKUP(X118,Feuil1!$C$1:$BL$10,10,FALSE)","v":-830},null,null,null,null,null,null,"FED +"]
["H","CO","BNO",15,312349,"RENOUF","Tom",1999,64.5,"Caen CHM","F",70,75,-77,75,80,87,-90,87,162,33,"IRG +",12,{"$f":"IF(I119=\"\",\"\",IF(A119=\"H\",IF(OR(H119=\"SEN\",H119<1995),VLOOKUP(I119,Feuil1!$A$11:$G$29,6),IF(AND(H119>1994,H119<1998),VLOOKUP(I119,Feuil1!$A$11:$G$29,5),IF(AND(H119>1997,H119<2000),VLOOKUP(I119,Feuil1!$A$11:$G$29,4),IF(AND(H119>1999,H119<2002),VLOOKUP(I119,Feuil1!$A$11:$G$29,3),VLOOKUP(I119,Feuil1!$A$11:$G$29,2))))),IF(OR(H119=\"SEN\",H119<1995),VLOOKUP(I119,Feuil1!$G$11:$L$25,6),IF(AND(H119>1994,H119<1998),VLOOKUP(I119,Feuil1!$G$11:$L$25,5),IF(AND(H119>1997,H119<2000),VLOOKUP(I119,Feuil1!$G$11:$L$25,4),IF(AND(H119>1999,H119<2002),VLOOKUP(I119,Feuil1!$G$11:$L$25,3),VLOOKUP(I119,Feuil1!$G$11:$L$25,2)))))))","v":"C2 69"},227.89786791640691,null," ",{"$f":"T119-HLOOKUP(X119,Feuil1!$C$1:$BL$10,2,FALSE)","v":67},{"$f":"T119-HLOOKUP(X119,Feuil1!$C$1:$BL$10,3,FALSE)","v":47},{"$f":"T119-HLOOKUP(X119,Feuil1!$C$1:$BL$10,4,FALSE)","v":32},{"$f":"T119-HLOOKUP(X119,Feuil1!$C$1:$BL$10,5,FALSE)","v":12},{"$f":"T119-HLOOKUP(X119,Feuil1!$C$1:$BL$10,6,FALSE)","v":-8},{"$f":"T119-HLOOKUP(X119,Feuil1!$C$1:$BL$10,7,FALSE)","v":-28},{"$f":"T119-HLOOKUP(X119,Feuil1!$C$1:$BL$10,8,FALSE)","v":-48},{"$f":"T119-HLOOKUP(X119,Feuil1!$C$1:$BL$10,9,FALSE)","v":-68},{"$f":"T119-HLOOKUP(X119,Feuil1!$C$1:$BL$10,10,FALSE)","v":-838},null,null,null,null,null,null,"IRG +"]
["H","NORD","PIC",16,334518,"DUPREZ","Kurt",1998,63.9,"Saleux CHM","F",65,68,71,71,78,83,86,86,157,29.200000000000003,"IRG +",7,{"$f":"IF(I120=\"\",\"\",IF(A120=\"H\",IF(OR(H120=\"SEN\",H120<1995),VLOOKUP(I120,Feuil1!$A$11:$G$29,6),IF(AND(H120>1994,H120<1998),VLOOKUP(I120,Feuil1!$A$11:$G$29,5),IF(AND(H120>1997,H120<2000),VLOOKUP(I120,Feuil1!$A$11:$G$29,4),IF(AND(H120>1999,H120<2002),VLOOKUP(I120,Feuil1!$A$11:$G$29,3),VLOOKUP(I120,Feuil1!$A$11:$G$29,2))))),IF(OR(H120=\"SEN\",H120<1995),VLOOKUP(I120,Feuil1!$G$11:$L$25,6),IF(AND(H120>1994,H120<1998),VLOOKUP(I120,Feuil1!$G$11:$L$25,5),IF(AND(H120>1997,H120<2000),VLOOKUP(I120,Feuil1!$G$11:$L$25,4),IF(AND(H120>1999,H120<2002),VLOOKUP(I120,Feuil1!$G$11:$L$25,3),VLOOKUP(I120,Feuil1!$G$11:$L$25,2)))))))","v":"C2 69"},222.29182185695538,null," ",{"$f":"T120-HLOOKUP(X120,Feuil1!$C$1:$BL$10,2,FALSE)","v":62},{"$f":"T120-HLOOKUP(X120,Feuil1!$C$1:$BL$10,3,FALSE)","v":42},{"$f":"T120-HLOOKUP(X120,Feuil1!$C$1:$BL$10,4,FALSE)","v":27},{"$f":"T120-HLOOKUP(X120,Feuil1!$C$1:$BL$10,5,FALSE)","v":7},{"$f":"T120-HLOOKUP(X120,Feuil1!$C$1:$BL$10,6,FALSE)","v":-13},{"$f":"T120-HLOOKUP(X120,Feuil1!$C$1:$BL$10,7,FALSE)","v":-33},{"$f":"T120-HLOOKUP(X120,Feuil1!$C$1:$BL$10,8,FALSE)","v":-53},{"$f":"T120-HLOOKUP(X120,Feuil1!$C$1:$BL$10,9,FALSE)","v":-73},{"$f":"T120-HLOOKUP(X120,Feuil1!$C$1:$BL$10,10,FALSE)","v":-843},null,null,null,null,null,null,"IRG +"]
["H","SEST","RAL",17,305314,"ABRAS","Remy",1999,62.8,"HC CHAMBON FEUGEROLLES","F",-65,65,70,70,80,85,-90,85,155,29.400000000000006,"IRG +",5,{"$f":"IF(I121=\"\",\"\",IF(A121=\"H\",IF(OR(H121=\"SEN\",H121<1995),VLOOKUP(I121,Feuil1!$A$11:$G$29,6),IF(AND(H121>1994,H121<1998),VLOOKUP(I121,Feuil1!$A$11:$G$29,5),IF(AND(H121>1997,H121<2000),VLOOKUP(I121,Feuil1!$A$11:$G$29,4),IF(AND(H121>1999,H121<2002),VLOOKUP(I121,Feuil1!$A$11:$G$29,3),VLOOKUP(I121,Feuil1!$A$11:$G$29,2))))),IF(OR(H121=\"SEN\",H121<1995),VLOOKUP(I121,Feuil1!$G$11:$L$25,6),IF(AND(H121>1994,H121<1998),VLOOKUP(I121,Feuil1!$G$11:$L$25,5),IF(AND(H121>1997,H121<2000),VLOOKUP(I121,Feuil1!$G$11:$L$25,4),IF(AND(H121>1999,H121<2002),VLOOKUP(I121,Feuil1!$G$11:$L$25,3),VLOOKUP(I121,Feuil1!$G$11:$L$25,2)))))))","v":"C2 69"},222.13893965143839,null," ",{"$f":"T121-HLOOKUP(X121,Feuil1!$C$1:$BL$10,2,FALSE)","v":60},{"$f":"T121-HLOOKUP(X121,Feuil1!$C$1:$BL$10,3,FALSE)","v":40},{"$f":"T121-HLOOKUP(X121,Feuil1!$C$1:$BL$10,4,FALSE)","v":25},{"$f":"T121-HLOOKUP(X121,Feuil1!$C$1:$BL$10,5,FALSE)","v":5},{"$f":"T121-HLOOKUP(X121,Feuil1!$C$1:$BL$10,6,FALSE)","v":-15},{"$f":"T121-HLOOKUP(X121,Feuil1!$C$1:$BL$10,7,FALSE)","v":-35},{"$f":"T121-HLOOKUP(X121,Feuil1!$C$1:$BL$10,8,FALSE)","v":-55},{"$f":"T121-HLOOKUP(X121,Feuil1!$C$1:$BL$10,9,FALSE)","v":-75},{"$f":"T121-HLOOKUP(X121,Feuil1!$C$1:$BL$10,10,FALSE)","v":-845},null,null,null,null,null,null,"IRG +"]
["H","N","IDF",18,357543,"CABEL","KILLIAN",1998,64.5,"RUEIL","F",60,65,-70,65,75,80,85,85,150,21,"IRG +",0,{"$f":"IF(I122=\"\",\"\",IF(A122=\"H\",IF(OR(H122=\"SEN\",H122<1995),VLOOKUP(I122,Feuil1!$A$11:$G$29,6),IF(AND(H122>1994,H122<1998),VLOOKUP(I122,Feuil1!$A$11:$G$29,5),IF(AND(H122>1997,H122<2000),VLOOKUP(I122,Feuil1!$A$11:$G$29,4),IF(AND(H122>1999,H122<2002),VLOOKUP(I122,Feuil1!$A$11:$G$29,3),VLOOKUP(I122,Feuil1!$A$11:$G$29,2))))),IF(OR(H122=\"SEN\",H122<1995),VLOOKUP(I122,Feuil1!$G$11:$L$25,6),IF(AND(H122>1994,H122<1998),VLOOKUP(I122,Feuil1!$G$11:$L$25,5),IF(AND(H122>1997,H122<2000),VLOOKUP(I122,Feuil1!$G$11:$L$25,4),IF(AND(H122>1999,H122<2002),VLOOKUP(I122,Feuil1!$G$11:$L$25,3),VLOOKUP(I122,Feuil1!$G$11:$L$25,2)))))))","v":"C2 69"},211.01654436704342,null," ",{"$f":"T122-HLOOKUP(X122,Feuil1!$C$1:$BL$10,2,FALSE)","v":55},{"$f":"T122-HLOOKUP(X122,Feuil1!$C$1:$BL$10,3,FALSE)","v":35},{"$f":"T122-HLOOKUP(X122,Feuil1!$C$1:$BL$10,4,FALSE)","v":20},{"$f":"T122-HLOOKUP(X122,Feuil1!$C$1:$BL$10,5,FALSE)","v":0},{"$f":"T122-HLOOKUP(X122,Feuil1!$C$1:$BL$10,6,FALSE)","v":-20},{"$f":"T122-HLOOKUP(X122,Feuil1!$C$1:$BL$10,7,FALSE)","v":-40},{"$f":"T122-HLOOKUP(X122,Feuil1!$C$1:$BL$10,8,FALSE)","v":-60},{"$f":"T122-HLOOKUP(X122,Feuil1!$C$1:$BL$10,9,FALSE)","v":-80},{"$f":"T122-HLOOKUP(X122,Feuil1!$C$1:$BL$10,10,FALSE)","v":-850},null,null,null,null,null,null,"IRG +"]
["H","CO","PDL",19,332335,"REZÉ","PIERRE",1998,65.8,"CA Evron 53","F",65,70,-72,70,75,-80,80,80,150,18.400000000000006,"IRG +",0,{"$f":"IF(I123=\"\",\"\",IF(A123=\"H\",IF(OR(H123=\"SEN\",H123<1995),VLOOKUP(I123,Feuil1!$A$11:$G$29,6),IF(AND(H123>1994,H123<1998),VLOOKUP(I123,Feuil1!$A$11:$G$29,5),IF(AND(H123>1997,H123<2000),VLOOKUP(I123,Feuil1!$A$11:$G$29,4),IF(AND(H123>1999,H123<2002),VLOOKUP(I123,Feuil1!$A$11:$G$29,3),VLOOKUP(I123,Feuil1!$A$11:$G$29,2))))),IF(OR(H123=\"SEN\",H123<1995),VLOOKUP(I123,Feuil1!$G$11:$L$25,6),IF(AND(H123>1994,H123<1998),VLOOKUP(I123,Feuil1!$G$11:$L$25,5),IF(AND(H123>1997,H123<2000),VLOOKUP(I123,Feuil1!$G$11:$L$25,4),IF(AND(H123>1999,H123<2002),VLOOKUP(I123,Feuil1!$G$11:$L$25,3),VLOOKUP(I123,Feuil1!$G$11:$L$25,2)))))))","v":"C2 69"},208.17509344308453,null," ",{"$f":"T123-HLOOKUP(X123,Feuil1!$C$1:$BL$10,2,FALSE)","v":55},{"$f":"T123-HLOOKUP(X123,Feuil1!$C$1:$BL$10,3,FALSE)","v":35},{"$f":"T123-HLOOKUP(X123,Feuil1!$C$1:$BL$10,4,FALSE)","v":20},{"$f":"T123-HLOOKUP(X123,Feuil1!$C$1:$BL$10,5,FALSE)","v":0},{"$f":"T123-HLOOKUP(X123,Feuil1!$C$1:$BL$10,6,FALSE)","v":-20},{"$f":"T123-HLOOKUP(X123,Feuil1!$C$1:$BL$10,7,FALSE)","v":-40},{"$f":"T123-HLOOKUP(X123,Feuil1!$C$1:$BL$10,8,FALSE)","v":-60},{"$f":"T123-HLOOKUP(X123,Feuil1!$C$1:$BL$10,9,FALSE)","v":-80},{"$f":"T123-HLOOKUP(X123,Feuil1!$C$1:$BL$10,10,FALSE)","v":-850},null,null,null,null,null,null,"IRG +"]
["H","DOM","GUA",20,380462,"RESON","Nicolas",1999,68.7,"AHCS/Pointois","F",55,60,65,65,75,80,85,85,150,12.599999999999994,"IRG +",0,{"$f":"IF(I124=\"\",\"\",IF(A124=\"H\",IF(OR(H124=\"SEN\",H124<1995),VLOOKUP(I124,Feuil1!$A$11:$G$29,6),IF(AND(H124>1994,H124<1998),VLOOKUP(I124,Feuil1!$A$11:$G$29,5),IF(AND(H124>1997,H124<2000),VLOOKUP(I124,Feuil1!$A$11:$G$29,4),IF(AND(H124>1999,H124<2002),VLOOKUP(I124,Feuil1!$A$11:$G$29,3),VLOOKUP(I124,Feuil1!$A$11:$G$29,2))))),IF(OR(H124=\"SEN\",H124<1995),VLOOKUP(I124,Feuil1!$G$11:$L$25,6),IF(AND(H124>1994,H124<1998),VLOOKUP(I124,Feuil1!$G$11:$L$25,5),IF(AND(H124>1997,H124<2000),VLOOKUP(I124,Feuil1!$G$11:$L$25,4),IF(AND(H124>1999,H124<2002),VLOOKUP(I124,Feuil1!$G$11:$L$25,3),VLOOKUP(I124,Feuil1!$G$11:$L$25,2)))))))","v":"C2 69"},202.35354208504114,null," ",{"$f":"T124-HLOOKUP(X124,Feuil1!$C$1:$BL$10,2,FALSE)","v":55},{"$f":"T124-HLOOKUP(X124,Feuil1!$C$1:$BL$10,3,FALSE)","v":35},{"$f":"T124-HLOOKUP(X124,Feuil1!$C$1:$BL$10,4,FALSE)","v":20},{"$f":"T124-HLOOKUP(X124,Feuil1!$C$1:$BL$10,5,FALSE)","v":0},{"$f":"T124-HLOOKUP(X124,Feuil1!$C$1:$BL$10,6,FALSE)","v":-20},{"$f":"T124-HLOOKUP(X124,Feuil1!$C$1:$BL$10,7,FALSE)","v":-40},{"$f":"T124-HLOOKUP(X124,Feuil1!$C$1:$BL$10,8,FALSE)","v":-60},{"$f":"T124-HLOOKUP(X124,Feuil1!$C$1:$BL$10,9,FALSE)","v":-80},{"$f":"T124-HLOOKUP(X124,Feuil1!$C$1:$BL$10,10,FALSE)","v":-850},null,null,null,null,null,null,"IRG +"]
["H","N","IDF",21,380863,"GARNIER","SAMUEL",1999,68.900000000000006,"MASSY","F",-62,62,68,68,77,82,-88,82,150,12.199999999999989,"IRG +",0,{"$f":"IF(I125=\"\",\"\",IF(A125=\"H\",IF(OR(H125=\"SEN\",H125<1995),VLOOKUP(I125,Feuil1!$A$11:$G$29,6),IF(AND(H125>1994,H125<1998),VLOOKUP(I125,Feuil1!$A$11:$G$29,5),IF(AND(H125>1997,H125<2000),VLOOKUP(I125,Feuil1!$A$11:$G$29,4),IF(AND(H125>1999,H125<2002),VLOOKUP(I125,Feuil1!$A$11:$G$29,3),VLOOKUP(I125,Feuil1!$A$11:$G$29,2))))),IF(OR(H125=\"SEN\",H125<1995),VLOOKUP(I125,Feuil1!$G$11:$L$25,6),IF(AND(H125>1994,H125<1998),VLOOKUP(I125,Feuil1!$G$11:$L$25,5),IF(AND(H125>1997,H125<2000),VLOOKUP(I125,Feuil1!$G$11:$L$25,4),IF(AND(H125>1999,H125<2002),VLOOKUP(I125,Feuil1!$G$11:$L$25,3),VLOOKUP(I125,Feuil1!$G$11:$L$25,2)))))))","v":"C2 69"},201.97639392278325,null," ",{"$f":"T125-HLOOKUP(X125,Feuil1!$C$1:$BL$10,2,FALSE)","v":55},{"$f":"T125-HLOOKUP(X125,Feuil1!$C$1:$BL$10,3,FALSE)","v":35},{"$f":"T125-HLOOKUP(X125,Feuil1!$C$1:$BL$10,4,FALSE)","v":20},{"$f":"T125-HLOOKUP(X125,Feuil1!$C$1:$BL$10,5,FALSE)","v":0},{"$f":"T125-HLOOKUP(X125,Feuil1!$C$1:$BL$10,6,FALSE)","v":-20},{"$f":"T125-HLOOKUP(X125,Feuil1!$C$1:$BL$10,7,FALSE)","v":-40},{"$f":"T125-HLOOKUP(X125,Feuil1!$C$1:$BL$10,8,FALSE)","v":-60},{"$f":"T125-HLOOKUP(X125,Feuil1!$C$1:$BL$10,9,FALSE)","v":-80},{"$f":"T125-HLOOKUP(X125,Feuil1!$C$1:$BL$10,10,FALSE)","v":-850},null,null,null,null,null,null,"IRG +"]
["H","SEST","PRO",22,388046,"BERTRAND","BENOIT",1998,66.599999999999994,"CHC MONDRAGON","F",55,60,63,63,72,77,80,80,143,9.8000000000000114,"REG +",13,{"$f":"IF(I126=\"\",\"\",IF(A126=\"H\",IF(OR(H126=\"SEN\",H126<1995),VLOOKUP(I126,Feuil1!$A$11:$G$29,6),IF(AND(H126>1994,H126<1998),VLOOKUP(I126,Feuil1!$A$11:$G$29,5),IF(AND(H126>1997,H126<2000),VLOOKUP(I126,Feuil1!$A$11:$G$29,4),IF(AND(H126>1999,H126<2002),VLOOKUP(I126,Feuil1!$A$11:$G$29,3),VLOOKUP(I126,Feuil1!$A$11:$G$29,2))))),IF(OR(H126=\"SEN\",H126<1995),VLOOKUP(I126,Feuil1!$G$11:$L$25,6),IF(AND(H126>1994,H126<1998),VLOOKUP(I126,Feuil1!$G$11:$L$25,5),IF(AND(H126>1997,H126<2000),VLOOKUP(I126,Feuil1!$G$11:$L$25,4),IF(AND(H126>1999,H126<2002),VLOOKUP(I126,Feuil1!$G$11:$L$25,3),VLOOKUP(I126,Feuil1!$G$11:$L$25,2)))))))","v":"C2 69"},196.86380567589009,null," ",{"$f":"T126-HLOOKUP(X126,Feuil1!$C$1:$BL$10,2,FALSE)","v":48},{"$f":"T126-HLOOKUP(X126,Feuil1!$C$1:$BL$10,3,FALSE)","v":28},{"$f":"T126-HLOOKUP(X126,Feuil1!$C$1:$BL$10,4,FALSE)","v":13},{"$f":"T126-HLOOKUP(X126,Feuil1!$C$1:$BL$10,5,FALSE)","v":-7},{"$f":"T126-HLOOKUP(X126,Feuil1!$C$1:$BL$10,6,FALSE)","v":-27},{"$f":"T126-HLOOKUP(X126,Feuil1!$C$1:$BL$10,7,FALSE)","v":-47},{"$f":"T126-HLOOKUP(X126,Feuil1!$C$1:$BL$10,8,FALSE)","v":-67},{"$f":"T126-HLOOKUP(X126,Feuil1!$C$1:$BL$10,9,FALSE)","v":-87},{"$f":"T126-HLOOKUP(X126,Feuil1!$C$1:$BL$10,10,FALSE)","v":-857},null,null,null,null,null,null,"REG +"]
["H","DOM","MAR",23,244086,"BOULANGE","Nicolas",1998,69,"ABBC/Foyal Didier","F",55,-60,60,60,75,80,-85,80,140,2,"REG +",10,{"$f":"IF(I127=\"\",\"\",IF(A127=\"H\",IF(OR(H127=\"SEN\",H127<1995),VLOOKUP(I127,Feuil1!$A$11:$G$29,6),IF(AND(H127>1994,H127<1998),VLOOKUP(I127,Feuil1!$A$11:$G$29,5),IF(AND(H127>1997,H127<2000),VLOOKUP(I127,Feuil1!$A$11:$G$29,4),IF(AND(H127>1999,H127<2002),VLOOKUP(I127,Feuil1!$A$11:$G$29,3),VLOOKUP(I127,Feuil1!$A$11:$G$29,2))))),IF(OR(H127=\"SEN\",H127<1995),VLOOKUP(I127,Feuil1!$G$11:$L$25,6),IF(AND(H127>1994,H127<1998),VLOOKUP(I127,Feuil1!$G$11:$L$25,5),IF(AND(H127>1997,H127<2000),VLOOKUP(I127,Feuil1!$G$11:$L$25,4),IF(AND(H127>1999,H127<2002),VLOOKUP(I127,Feuil1!$G$11:$L$25,3),VLOOKUP(I127,Feuil1!$G$11:$L$25,2)))))))","v":"C2 69"},188.33633749163945,null," ",{"$f":"T127-HLOOKUP(X127,Feuil1!$C$1:$BL$10,2,FALSE)","v":45},{"$f":"T127-HLOOKUP(X127,Feuil1!$C$1:$BL$10,3,FALSE)","v":25},{"$f":"T127-HLOOKUP(X127,Feuil1!$C$1:$BL$10,4,FALSE)","v":10},{"$f":"T127-HLOOKUP(X127,Feuil1!$C$1:$BL$10,5,FALSE)","v":-10},{"$f":"T127-HLOOKUP(X127,Feuil1!$C$1:$BL$10,6,FALSE)","v":-30},{"$f":"T127-HLOOKUP(X127,Feuil1!$C$1:$BL$10,7,FALSE)","v":-50},{"$f":"T127-HLOOKUP(X127,Feuil1!$C$1:$BL$10,8,FALSE)","v":-70},{"$f":"T127-HLOOKUP(X127,Feuil1!$C$1:$BL$10,9,FALSE)","v":-90},{"$f":"T127-HLOOKUP(X127,Feuil1!$C$1:$BL$10,10,FALSE)","v":-860},null,null,null,null,null,null,"REG +"]
["H","CO","CEN",24,361421,"CHENEVEAU","Yoni",1999,68.5,"AAJ Blois","F",58,60,62,62,70,73,76,76,138,1,"REG +",8,{"$f":"IF(I128=\"\",\"\",IF(A128=\"H\",IF(OR(H128=\"SEN\",H128<1995),VLOOKUP(I128,Feuil1!$A$11:$G$29,6),IF(AND(H128>1994,H128<1998),VLOOKUP(I128,Feuil1!$A$11:$G$29,5),IF(AND(H128>1997,H128<2000),VLOOKUP(I128,Feuil1!$A$11:$G$29,4),IF(AND(H128>1999,H128<2002),VLOOKUP(I128,Feuil1!$A$11:$G$29,3),VLOOKUP(I128,Feuil1!$A$11:$G$29,2))))),IF(OR(H128=\"SEN\",H128<1995),VLOOKUP(I128,Feuil1!$G$11:$L$25,6),IF(AND(H128>1994,H128<1998),VLOOKUP(I128,Feuil1!$G$11:$L$25,5),IF(AND(H128>1997,H128<2000),VLOOKUP(I128,Feuil1!$G$11:$L$25,4),IF(AND(H128>1999,H128<2002),VLOOKUP(I128,Feuil1!$G$11:$L$25,3),VLOOKUP(I128,Feuil1!$G$11:$L$25,2)))))))","v":"C2 69"},186.51498961822847,null," ",{"$f":"T128-HLOOKUP(X128,Feuil1!$C$1:$BL$10,2,FALSE)","v":43},{"$f":"T128-HLOOKUP(X128,Feuil1!$C$1:$BL$10,3,FALSE)","v":23},{"$f":"T128-HLOOKUP(X128,Feuil1!$C$1:$BL$10,4,FALSE)","v":8},{"$f":"T128-HLOOKUP(X128,Feuil1!$C$1:$BL$10,5,FALSE)","v":-12},{"$f":"T128-HLOOKUP(X128,Feuil1!$C$1:$BL$10,6,FALSE)","v":-32},{"$f":"T128-HLOOKUP(X128,Feuil1!$C$1:$BL$10,7,FALSE)","v":-52},{"$f":"T128-HLOOKUP(X128,Feuil1!$C$1:$BL$10,8,FALSE)","v":-72},{"$f":"T128-HLOOKUP(X128,Feuil1!$C$1:$BL$10,9,FALSE)","v":-92},{"$f":"T128-HLOOKUP(X128,Feuil1!$C$1:$BL$10,10,FALSE)","v":-862},null,null,null,null,null,null,"REG +"]
["H","CO","PDL",25,300942,"BORNET","Rayan",1999,69,"CJF LAVAL/VOUTRÉ","F",60,63,-65,63,-70,70,75,75,138,0,"REG +",8,{"$f":"IF(I129=\"\",\"\",IF(A129=\"H\",IF(OR(H129=\"SEN\",H129<1995),VLOOKUP(I129,Feuil1!$A$11:$G$29,6),IF(AND(H129>1994,H129<1998),VLOOKUP(I129,Feuil1!$A$11:$G$29,5),IF(AND(H129>1997,H129<2000),VLOOKUP(I129,Feuil1!$A$11:$G$29,4),IF(AND(H129>1999,H129<2002),VLOOKUP(I129,Feuil1!$A$11:$G$29,3),VLOOKUP(I129,Feuil1!$A$11:$G$29,2))))),IF(OR(H129=\"SEN\",H129<1995),VLOOKUP(I129,Feuil1!$G$11:$L$25,6),IF(AND(H129>1994,H129<1998),VLOOKUP(I129,Feuil1!$G$11:$L$25,5),IF(AND(H129>1997,H129<2000),VLOOKUP(I129,Feuil1!$G$11:$L$25,4),IF(AND(H129>1999,H129<2002),VLOOKUP(I129,Feuil1!$G$11:$L$25,3),VLOOKUP(I129,Feuil1!$G$11:$L$25,2)))))))","v":"C2 69"},185.64581838461604,null," ",{"$f":"T129-HLOOKUP(X129,Feuil1!$C$1:$BL$10,2,FALSE)","v":43},{"$f":"T129-HLOOKUP(X129,Feuil1!$C$1:$BL$10,3,FALSE)","v":23},{"$f":"T129-HLOOKUP(X129,Feuil1!$C$1:$BL$10,4,FALSE)","v":8},{"$f":"T129-HLOOKUP(X129,Feuil1!$C$1:$BL$10,5,FALSE)","v":-12},{"$f":"T129-HLOOKUP(X129,Feuil1!$C$1:$BL$10,6,FALSE)","v":-32},{"$f":"T129-HLOOKUP(X129,Feuil1!$C$1:$BL$10,7,FALSE)","v":-52},{"$f":"T129-HLOOKUP(X129,Feuil1!$C$1:$BL$10,8,FALSE)","v":-72},{"$f":"T129-HLOOKUP(X129,Feuil1!$C$1:$BL$10,9,FALSE)","v":-92},{"$f":"T129-HLOOKUP(X129,Feuil1!$C$1:$BL$10,10,FALSE)","v":-862},null,null,null,null,null,null,"REG +"]
["H","CO","CEN",26,356057,"MARTINEZ","Léo",1999,64.2,"US Tours","F",58,62,65,65,68,72,-75,72,137,8.5999999999999943,"REG +",7,{"$f":"IF(I130=\"\",\"\",IF(A130=\"H\",IF(OR(H130=\"SEN\",H130<1995),VLOOKUP(I130,Feuil1!$A$11:$G$29,6),IF(AND(H130>1994,H130<1998),VLOOKUP(I130,Feuil1!$A$11:$G$29,5),IF(AND(H130>1997,H130<2000),VLOOKUP(I130,Feuil1!$A$11:$G$29,4),IF(AND(H130>1999,H130<2002),VLOOKUP(I130,Feuil1!$A$11:$G$29,3),VLOOKUP(I130,Feuil1!$A$11:$G$29,2))))),IF(OR(H130=\"SEN\",H130<1995),VLOOKUP(I130,Feuil1!$G$11:$L$25,6),IF(AND(H130>1994,H130<1998),VLOOKUP(I130,Feuil1!$G$11:$L$25,5),IF(AND(H130>1997,H130<2000),VLOOKUP(I130,Feuil1!$G$11:$L$25,4),IF(AND(H130>1999,H130<2002),VLOOKUP(I130,Feuil1!$G$11:$L$25,3),VLOOKUP(I130,Feuil1!$G$11:$L$25,2)))))))","v":"C2 69"},193.34750241323192,null," ",{"$f":"T130-HLOOKUP(X130,Feuil1!$C$1:$BL$10,2,FALSE)","v":42},{"$f":"T130-HLOOKUP(X130,Feuil1!$C$1:$BL$10,3,FALSE)","v":22},{"$f":"T130-HLOOKUP(X130,Feuil1!$C$1:$BL$10,4,FALSE)","v":7},{"$f":"T130-HLOOKUP(X130,Feuil1!$C$1:$BL$10,5,FALSE)","v":-13},{"$f":"T130-HLOOKUP(X130,Feuil1!$C$1:$BL$10,6,FALSE)","v":-33},{"$f":"T130-HLOOKUP(X130,Feuil1!$C$1:$BL$10,7,FALSE)","v":-53},{"$f":"T130-HLOOKUP(X130,Feuil1!$C$1:$BL$10,8,FALSE)","v":-73},{"$f":"T130-HLOOKUP(X130,Feuil1!$C$1:$BL$10,9,FALSE)","v":-93},{"$f":"T130-HLOOKUP(X130,Feuil1!$C$1:$BL$10,10,FALSE)","v":-863},null,null,null,null,null,null,"REG +"]
["H","N","IDF",27,265699,"LAAJOUNE","ZAKARIA",1998,62.5,"GENNEVILLIERS","F",53,58,-61,58,68,73,78,78,136,11,"REG +",6,{"$f":"IF(I131=\"\",\"\",IF(A131=\"H\",IF(OR(H131=\"SEN\",H131<1995),VLOOKUP(I131,Feuil1!$A$11:$G$29,6),IF(AND(H131>1994,H131<1998),VLOOKUP(I131,Feuil1!$A$11:$G$29,5),IF(AND(H131>1997,H131<2000),VLOOKUP(I131,Feuil1!$A$11:$G$29,4),IF(AND(H131>1999,H131<2002),VLOOKUP(I131,Feuil1!$A$11:$G$29,3),VLOOKUP(I131,Feuil1!$A$11:$G$29,2))))),IF(OR(H131=\"SEN\",H131<1995),VLOOKUP(I131,Feuil1!$G$11:$L$25,6),IF(AND(H131>1994,H131<1998),VLOOKUP(I131,Feuil1!$G$11:$L$25,5),IF(AND(H131>1997,H131<2000),VLOOKUP(I131,Feuil1!$G$11:$L$25,4),IF(AND(H131>1999,H131<2002),VLOOKUP(I131,Feuil1!$G$11:$L$25,3),VLOOKUP(I131,Feuil1!$G$11:$L$25,2)))))))","v":"C2 69"},195.5693828304002,null," ",{"$f":"T131-HLOOKUP(X131,Feuil1!$C$1:$BL$10,2,FALSE)","v":41},{"$f":"T131-HLOOKUP(X131,Feuil1!$C$1:$BL$10,3,FALSE)","v":21},{"$f":"T131-HLOOKUP(X131,Feuil1!$C$1:$BL$10,4,FALSE)","v":6},{"$f":"T131-HLOOKUP(X131,Feuil1!$C$1:$BL$10,5,FALSE)","v":-14},{"$f":"T131-HLOOKUP(X131,Feuil1!$C$1:$BL$10,6,FALSE)","v":-34},{"$f":"T131-HLOOKUP(X131,Feuil1!$C$1:$BL$10,7,FALSE)","v":-54},{"$f":"T131-HLOOKUP(X131,Feuil1!$C$1:$BL$10,8,FALSE)","v":-74},{"$f":"T131-HLOOKUP(X131,Feuil1!$C$1:$BL$10,9,FALSE)","v":-94},{"$f":"T131-HLOOKUP(X131,Feuil1!$C$1:$BL$10,10,FALSE)","v":-864},null,null,null,null,null,null,"REG +"]
["H","CO","CEN",28,327184,"DUCOURTIOUX","Brian",1999,62.2,"AAJ Blois","F",55,-58,59,59,71,74,76,76,135,10.599999999999994,"REG +",5,{"$f":"IF(I132=\"\",\"\",IF(A132=\"H\",IF(OR(H132=\"SEN\",H132<1995),VLOOKUP(I132,Feuil1!$A$11:$G$29,6),IF(AND(H132>1994,H132<1998),VLOOKUP(I132,Feuil1!$A$11:$G$29,5),IF(AND(H132>1997,H132<2000),VLOOKUP(I132,Feuil1!$A$11:$G$29,4),IF(AND(H132>1999,H132<2002),VLOOKUP(I132,Feuil1!$A$11:$G$29,3),VLOOKUP(I132,Feuil1!$A$11:$G$29,2))))),IF(OR(H132=\"SEN\",H132<1995),VLOOKUP(I132,Feuil1!$G$11:$L$25,6),IF(AND(H132>1994,H132<1998),VLOOKUP(I132,Feuil1!$G$11:$L$25,5),IF(AND(H132>1997,H132<2000),VLOOKUP(I132,Feuil1!$G$11:$L$25,4),IF(AND(H132>1999,H132<2002),VLOOKUP(I132,Feuil1!$G$11:$L$25,3),VLOOKUP(I132,Feuil1!$G$11:$L$25,2)))))))","v":"C2 69"},194.79538991466165,null," ",{"$f":"T132-HLOOKUP(X132,Feuil1!$C$1:$BL$10,2,FALSE)","v":40},{"$f":"T132-HLOOKUP(X132,Feuil1!$C$1:$BL$10,3,FALSE)","v":20},{"$f":"T132-HLOOKUP(X132,Feuil1!$C$1:$BL$10,4,FALSE)","v":5},{"$f":"T132-HLOOKUP(X132,Feuil1!$C$1:$BL$10,5,FALSE)","v":-15},{"$f":"T132-HLOOKUP(X132,Feuil1!$C$1:$BL$10,6,FALSE)","v":-35},{"$f":"T132-HLOOKUP(X132,Feuil1!$C$1:$BL$10,7,FALSE)","v":-55},{"$f":"T132-HLOOKUP(X132,Feuil1!$C$1:$BL$10,8,FALSE)","v":-75},{"$f":"T132-HLOOKUP(X132,Feuil1!$C$1:$BL$10,9,FALSE)","v":-95},{"$f":"T132-HLOOKUP(X132,Feuil1!$C$1:$BL$10,10,FALSE)","v":-865},null,null,null,null,null,null,"REG +"]
["H","DOM","REU",29,287646,"CALPETARD","THOMAS",1999,67.5,"CH TAMPON","F",60,-65,-65,60,70,75,-80,75,135,0,"REG +",5,{"$f":"IF(I133=\"\",\"\",IF(A133=\"H\",IF(OR(H133=\"SEN\",H133<1995),VLOOKUP(I133,Feuil1!$A$11:$G$29,6),IF(AND(H133>1994,H133<1998),VLOOKUP(I133,Feuil1!$A$11:$G$29,5),IF(AND(H133>1997,H133<2000),VLOOKUP(I133,Feuil1!$A$11:$G$29,4),IF(AND(H133>1999,H133<2002),VLOOKUP(I133,Feuil1!$A$11:$G$29,3),VLOOKUP(I133,Feuil1!$A$11:$G$29,2))))),IF(OR(H133=\"SEN\",H133<1995),VLOOKUP(I133,Feuil1!$G$11:$L$25,6),IF(AND(H133>1994,H133<1998),VLOOKUP(I133,Feuil1!$G$11:$L$25,5),IF(AND(H133>1997,H133<2000),VLOOKUP(I133,Feuil1!$G$11:$L$25,4),IF(AND(H133>1999,H133<2002),VLOOKUP(I133,Feuil1!$G$11:$L$25,3),VLOOKUP(I133,Feuil1!$G$11:$L$25,2)))))))","v":"C2 69"},184.21237068799937,null," ",{"$f":"T133-HLOOKUP(X133,Feuil1!$C$1:$BL$10,2,FALSE)","v":40},{"$f":"T133-HLOOKUP(X133,Feuil1!$C$1:$BL$10,3,FALSE)","v":20},{"$f":"T133-HLOOKUP(X133,Feuil1!$C$1:$BL$10,4,FALSE)","v":5},{"$f":"T133-HLOOKUP(X133,Feuil1!$C$1:$BL$10,5,FALSE)","v":-15},{"$f":"T133-HLOOKUP(X133,Feuil1!$C$1:$BL$10,6,FALSE)","v":-35},{"$f":"T133-HLOOKUP(X133,Feuil1!$C$1:$BL$10,7,FALSE)","v":-55},{"$f":"T133-HLOOKUP(X133,Feuil1!$C$1:$BL$10,8,FALSE)","v":-75},{"$f":"T133-HLOOKUP(X133,Feuil1!$C$1:$BL$10,9,FALSE)","v":-95},{"$f":"T133-HLOOKUP(X133,Feuil1!$C$1:$BL$10,10,FALSE)","v":-865},null,null,null,null,null,null,"REG +"]
["H","NE","ALS",30,328654,"GREMMEL","THOMAS",1998,67.599999999999994,"SR Obernai HM","F",52,56,59,59,72,76,-79,76,135,-0.19999999999998863,"REG +",5,{"$f":"IF(I134=\"\",\"\",IF(A134=\"H\",IF(OR(H134=\"SEN\",H134<1995),VLOOKUP(I134,Feuil1!$A$11:$G$29,6),IF(AND(H134>1994,H134<1998),VLOOKUP(I134,Feuil1!$A$11:$G$29,5),IF(AND(H134>1997,H134<2000),VLOOKUP(I134,Feuil1!$A$11:$G$29,4),IF(AND(H134>1999,H134<2002),VLOOKUP(I134,Feuil1!$A$11:$G$29,3),VLOOKUP(I134,Feuil1!$A$11:$G$29,2))))),IF(OR(H134=\"SEN\",H134<1995),VLOOKUP(I134,Feuil1!$G$11:$L$25,6),IF(AND(H134>1994,H134<1998),VLOOKUP(I134,Feuil1!$G$11:$L$25,5),IF(AND(H134>1997,H134<2000),VLOOKUP(I134,Feuil1!$G$11:$L$25,4),IF(AND(H134>1999,H134<2002),VLOOKUP(I134,Feuil1!$G$11:$L$25,3),VLOOKUP(I134,Feuil1!$G$11:$L$25,2)))))))","v":"C2 69"},184.03399924291477,null," ",{"$f":"T134-HLOOKUP(X134,Feuil1!$C$1:$BL$10,2,FALSE)","v":40},{"$f":"T134-HLOOKUP(X134,Feuil1!$C$1:$BL$10,3,FALSE)","v":20},{"$f":"T134-HLOOKUP(X134,Feuil1!$C$1:$BL$10,4,FALSE)","v":5},{"$f":"T134-HLOOKUP(X134,Feuil1!$C$1:$BL$10,5,FALSE)","v":-15},{"$f":"T134-HLOOKUP(X134,Feuil1!$C$1:$BL$10,6,FALSE)","v":-35},{"$f":"T134-HLOOKUP(X134,Feuil1!$C$1:$BL$10,7,FALSE)","v":-55},{"$f":"T134-HLOOKUP(X134,Feuil1!$C$1:$BL$10,8,FALSE)","v":-75},{"$f":"T134-HLOOKUP(X134,Feuil1!$C$1:$BL$10,9,FALSE)","v":-95},{"$f":"T134-HLOOKUP(X134,Feuil1!$C$1:$BL$10,10,FALSE)","v":-865},null,null,null,null,null,null,"REG +"]
["H","SEST","RAL",31,366125,"BAGHDADI","Jessim",1998,68.3,"Vaulx-en-Velin","F",50,54,57,57,73,-75,-75,73,130,-6.5999999999999943,"REG +",0,{"$f":"IF(I135=\"\",\"\",IF(A135=\"H\",IF(OR(H135=\"SEN\",H135<1995),VLOOKUP(I135,Feuil1!$A$11:$G$29,6),IF(AND(H135>1994,H135<1998),VLOOKUP(I135,Feuil1!$A$11:$G$29,5),IF(AND(H135>1997,H135<2000),VLOOKUP(I135,Feuil1!$A$11:$G$29,4),IF(AND(H135>1999,H135<2002),VLOOKUP(I135,Feuil1!$A$11:$G$29,3),VLOOKUP(I135,Feuil1!$A$11:$G$29,2))))),IF(OR(H135=\"SEN\",H135<1995),VLOOKUP(I135,Feuil1!$G$11:$L$25,6),IF(AND(H135>1994,H135<1998),VLOOKUP(I135,Feuil1!$G$11:$L$25,5),IF(AND(H135>1997,H135<2000),VLOOKUP(I135,Feuil1!$G$11:$L$25,4),IF(AND(H135>1999,H135<2002),VLOOKUP(I135,Feuil1!$G$11:$L$25,3),VLOOKUP(I135,Feuil1!$G$11:$L$25,2)))))))","v":"C2 69"},176.03460497178921,null," ",{"$f":"T135-HLOOKUP(X135,Feuil1!$C$1:$BL$10,2,FALSE)","v":35},{"$f":"T135-HLOOKUP(X135,Feuil1!$C$1:$BL$10,3,FALSE)","v":15},{"$f":"T135-HLOOKUP(X135,Feuil1!$C$1:$BL$10,4,FALSE)","v":0},{"$f":"T135-HLOOKUP(X135,Feuil1!$C$1:$BL$10,5,FALSE)","v":-20},{"$f":"T135-HLOOKUP(X135,Feuil1!$C$1:$BL$10,6,FALSE)","v":-40},{"$f":"T135-HLOOKUP(X135,Feuil1!$C$1:$BL$10,7,FALSE)","v":-60},{"$f":"T135-HLOOKUP(X135,Feuil1!$C$1:$BL$10,8,FALSE)","v":-80},{"$f":"T135-HLOOKUP(X135,Feuil1!$C$1:$BL$10,9,FALSE)","v":-100},{"$f":"T135-HLOOKUP(X135,Feuil1!$C$1:$BL$10,10,FALSE)","v":-870},null,null,null,null,null,null,"REG +"]
["H","SEST","RAL",32,357835,"MORFIN","Renaud",1998,68.7,"Bourg de Péage","F",-60,-60,60,60,70,-76,-77,70,130,-7.4000000000000057,"REG +",0,{"$f":"IF(I136=\"\",\"\",IF(A136=\"H\",IF(OR(H136=\"SEN\",H136<1995),VLOOKUP(I136,Feuil1!$A$11:$G$29,6),IF(AND(H136>1994,H136<1998),VLOOKUP(I136,Feuil1!$A$11:$G$29,5),IF(AND(H136>1997,H136<2000),VLOOKUP(I136,Feuil1!$A$11:$G$29,4),IF(AND(H136>1999,H136<2002),VLOOKUP(I136,Feuil1!$A$11:$G$29,3),VLOOKUP(I136,Feuil1!$A$11:$G$29,2))))),IF(OR(H136=\"SEN\",H136<1995),VLOOKUP(I136,Feuil1!$G$11:$L$25,6),IF(AND(H136>1994,H136<1998),VLOOKUP(I136,Feuil1!$G$11:$L$25,5),IF(AND(H136>1997,H136<2000),VLOOKUP(I136,Feuil1!$G$11:$L$25,4),IF(AND(H136>1999,H136<2002),VLOOKUP(I136,Feuil1!$G$11:$L$25,3),VLOOKUP(I136,Feuil1!$G$11:$L$25,2)))))))","v":"C2 69"},175.37306980703565,null," ",{"$f":"T136-HLOOKUP(X136,Feuil1!$C$1:$BL$10,2,FALSE)","v":35},{"$f":"T136-HLOOKUP(X136,Feuil1!$C$1:$BL$10,3,FALSE)","v":15},{"$f":"T136-HLOOKUP(X136,Feuil1!$C$1:$BL$10,4,FALSE)","v":0},{"$f":"T136-HLOOKUP(X136,Feuil1!$C$1:$BL$10,5,FALSE)","v":-20},{"$f":"T136-HLOOKUP(X136,Feuil1!$C$1:$BL$10,6,FALSE)","v":-40},{"$f":"T136-HLOOKUP(X136,Feuil1!$C$1:$BL$10,7,FALSE)","v":-60},{"$f":"T136-HLOOKUP(X136,Feuil1!$C$1:$BL$10,8,FALSE)","v":-80},{"$f":"T136-HLOOKUP(X136,Feuil1!$C$1:$BL$10,9,FALSE)","v":-100},{"$f":"T136-HLOOKUP(X136,Feuil1!$C$1:$BL$10,10,FALSE)","v":-870},null,null,null,null,null,null,"REG +"]
["H","NORD","PIC",33,391577,"CLABAUT","Sullyvan",1999,62.3,"Amiens HM","F",50,55,57,{"$f":"IF(H137=\"\",\"\",IF(MAXA(L137:N137)<=0,0,MAXA(L137:N137)))","v":57},65,68,70,{"$f":"IF(H137=\"\",\"\",IF(MAXA(P137:R137)<=0,0,MAXA(P137:R137)))","v":70},{"$f":"IF(H137=\"\",\"\",IF(OR(O137=0,S137=0),0,O137+S137))","v":127},{"$f":"T137-I137*2","v":2.4000000000000057},{"$f":"IF(H137=\"\",\"\",AQ137)","v":"DEP +"},{"$f":"IF(AJ137>=0,AJ137,IF(AI137>=0,AI137,IF(AH137>=0,AH137,IF(AG137>=0,AG137,IF(AF137>=0,AF137,IF(AE137>=0,AE137,IF(AD137>=0,AD137,IF(AC137>=0,AC137,AB137))))))))","v":12},{"$f":"IF(I137=\"\",\"\",IF(A137=\"H\",IF(OR(H137=\"SEN\",H137<1995),VLOOKUP(I137,Feuil1!$A$11:$G$29,6),IF(AND(H137>1994,H137<1998),VLOOKUP(I137,Feuil1!$A$11:$G$29,5),IF(AND(H137>1997,H137<2000),VLOOKUP(I137,Feuil1!$A$11:$G$29,4),IF(AND(H137>1999,H137<2002),VLOOKUP(I137,Feuil1!$A$11:$G$29,3),VLOOKUP(I137,Feuil1!$A$11:$G$29,2))))),IF(OR(H137=\"SEN\",H137<1995),VLOOKUP(I137,Feuil1!$G$11:$L$25,6),IF(AND(H137>1994,H137<1998),VLOOKUP(I137,Feuil1!$G$11:$L$25,5),IF(AND(H137>1997,H137<2000),VLOOKUP(I137,Feuil1!$G$11:$L$25,4),IF(AND(H137>1999,H137<2002),VLOOKUP(I137,Feuil1!$G$11:$L$25,3),VLOOKUP(I137,Feuil1!$G$11:$L$25,2)))))))","v":"C2 69"},{"$f":"IF(I137=\"\",\"\",IF(A137=\"H\",10^(0.794358141*LOG(I137/174.393)^2)*T137,IF(A137=\"F\",10^(0.89726074*LOG(I137/148.026)^2)*T137,\"\")))","v":183.04284020322172},null," ",{"$f":"T137-HLOOKUP(X137,Feuil1!$C$1:$BL$10,2,FALSE)","v":32},{"$f":"T137-HLOOKUP(X137,Feuil1!$C$1:$BL$10,3,FALSE)","v":12},{"$f":"T137-HLOOKUP(X137,Feuil1!$C$1:$BL$10,4,FALSE)","v":-3},{"$f":"T137-HLOOKUP(X137,Feuil1!$C$1:$BL$10,5,FALSE)","v":-23},{"$f":"T137-HLOOKUP(X137,Feuil1!$C$1:$BL$10,6,FALSE)","v":-43},{"$f":"T137-HLOOKUP(X137,Feuil1!$C$1:$BL$10,7,FALSE)","v":-63},{"$f":"T137-HLOOKUP(X137,Feuil1!$C$1:$BL$10,8,FALSE)","v":-83},{"$f":"T137-HLOOKUP(X137,Feuil1!$C$1:$BL$10,9,FALSE)","v":-103},{"$f":"T137-HLOOKUP(X137,Feuil1!$C$1:$BL$10,10,FALSE)","v":-873},null,null,null,null,null,null,{"$f":"IF(AJ137>=0,$AJ$4,IF(AI137>=0,$AI$4,IF(AH137>=0,$AH$4,IF(AG137>=0,$AG$4,IF(AF137>=0,$AF$4,IF(AE137>=0,$AE$4,IF(AD137>=0,$AD$4,IF(AC137>=0,$AC$4,$AB$4))))))))","v":"DEP +"}]
["H","NE","ALS",34,345037,"ACHOURI","FARES",1999,64.7,"SA Koenigshoffen","F",50,55,58,58,63,69,-72,69,127,-2.4000000000000057,"DEP +",12,{"$f":"IF(I138=\"\",\"\",IF(A138=\"H\",IF(OR(H138=\"SEN\",H138<1995),VLOOKUP(I138,Feuil1!$A$11:$G$29,6),IF(AND(H138>1994,H138<1998),VLOOKUP(I138,Feuil1!$A$11:$G$29,5),IF(AND(H138>1997,H138<2000),VLOOKUP(I138,Feuil1!$A$11:$G$29,4),IF(AND(H138>1999,H138<2002),VLOOKUP(I138,Feuil1!$A$11:$G$29,3),VLOOKUP(I138,Feuil1!$A$11:$G$29,2))))),IF(OR(H138=\"SEN\",H138<1995),VLOOKUP(I138,Feuil1!$G$11:$L$25,6),IF(AND(H138>1994,H138<1998),VLOOKUP(I138,Feuil1!$G$11:$L$25,5),IF(AND(H138>1997,H138<2000),VLOOKUP(I138,Feuil1!$G$11:$L$25,4),IF(AND(H138>1999,H138<2002),VLOOKUP(I138,Feuil1!$G$11:$L$25,3),VLOOKUP(I138,Feuil1!$G$11:$L$25,2)))))))","v":"C2 69"},178.28206686782644,null," ",{"$f":"T138-HLOOKUP(X138,Feuil1!$C$1:$BL$10,2,FALSE)","v":32},{"$f":"T138-HLOOKUP(X138,Feuil1!$C$1:$BL$10,3,FALSE)","v":12},{"$f":"T138-HLOOKUP(X138,Feuil1!$C$1:$BL$10,4,FALSE)","v":-3},{"$f":"T138-HLOOKUP(X138,Feuil1!$C$1:$BL$10,5,FALSE)","v":-23},{"$f":"T138-HLOOKUP(X138,Feuil1!$C$1:$BL$10,6,FALSE)","v":-43},{"$f":"T138-HLOOKUP(X138,Feuil1!$C$1:$BL$10,7,FALSE)","v":-63},{"$f":"T138-HLOOKUP(X138,Feuil1!$C$1:$BL$10,8,FALSE)","v":-83},{"$f":"T138-HLOOKUP(X138,Feuil1!$C$1:$BL$10,9,FALSE)","v":-103},{"$f":"T138-HLOOKUP(X138,Feuil1!$C$1:$BL$10,10,FALSE)","v":-873},null,null,null,null,null,null,"DEP +"]
["H","DOM","GUA",35,337365,"DESIAGE","Jules",1998,65,"AHCS/Pointois","F",52,56,-60,56,65,70,-75,70,126,-4,"DEP +",11,{"$f":"IF(I139=\"\",\"\",IF(A139=\"H\",IF(OR(H139=\"SEN\",H139<1995),VLOOKUP(I139,Feuil1!$A$11:$G$29,6),IF(AND(H139>1994,H139<1998),VLOOKUP(I139,Feuil1!$A$11:$G$29,5),IF(AND(H139>1997,H139<2000),VLOOKUP(I139,Feuil1!$A$11:$G$29,4),IF(AND(H139>1999,H139<2002),VLOOKUP(I139,Feuil1!$A$11:$G$29,3),VLOOKUP(I139,Feuil1!$A$11:$G$29,2))))),IF(OR(H139=\"SEN\",H139<1995),VLOOKUP(I139,Feuil1!$G$11:$L$25,6),IF(AND(H139>1994,H139<1998),VLOOKUP(I139,Feuil1!$G$11:$L$25,5),IF(AND(H139>1997,H139<2000),VLOOKUP(I139,Feuil1!$G$11:$L$25,4),IF(AND(H139>1999,H139<2002),VLOOKUP(I139,Feuil1!$G$11:$L$25,3),VLOOKUP(I139,Feuil1!$G$11:$L$25,2)))))))","v":"C2 69"},176.32065902709354,null," ",{"$f":"T139-HLOOKUP(X139,Feuil1!$C$1:$BL$10,2,FALSE)","v":31},{"$f":"T139-HLOOKUP(X139,Feuil1!$C$1:$BL$10,3,FALSE)","v":11},{"$f":"T139-HLOOKUP(X139,Feuil1!$C$1:$BL$10,4,FALSE)","v":-4},{"$f":"T139-HLOOKUP(X139,Feuil1!$C$1:$BL$10,5,FALSE)","v":-24},{"$f":"T139-HLOOKUP(X139,Feuil1!$C$1:$BL$10,6,FALSE)","v":-44},{"$f":"T139-HLOOKUP(X139,Feuil1!$C$1:$BL$10,7,FALSE)","v":-64},{"$f":"T139-HLOOKUP(X139,Feuil1!$C$1:$BL$10,8,FALSE)","v":-84},{"$f":"T139-HLOOKUP(X139,Feuil1!$C$1:$BL$10,9,FALSE)","v":-104},{"$f":"T139-HLOOKUP(X139,Feuil1!$C$1:$BL$10,10,FALSE)","v":-874},null,null,null,null,null,null,"DEP +"]
["H","N","IDF",36,393922,"CASTEL","HUGO",1998,66.900000000000006,"SAINT-MAUR","F",50,55,-60,55,62,69,71,71,126,-7.8000000000000114,"DEP +",11,{"$f":"IF(I140=\"\",\"\",IF(A140=\"H\",IF(OR(H140=\"SEN\",H140<1995),VLOOKUP(I140,Feuil1!$A$11:$G$29,6),IF(AND(H140>1994,H140<1998),VLOOKUP(I140,Feuil1!$A$11:$G$29,5),IF(AND(H140>1997,H140<2000),VLOOKUP(I140,Feuil1!$A$11:$G$29,4),IF(AND(H140>1999,H140<2002),VLOOKUP(I140,Feuil1!$A$11:$G$29,3),VLOOKUP(I140,Feuil1!$A$11:$G$29,2))))),IF(OR(H140=\"SEN\",H140<1995),VLOOKUP(I140,Feuil1!$G$11:$L$25,6),IF(AND(H140>1994,H140<1998),VLOOKUP(I140,Feuil1!$G$11:$L$25,5),IF(AND(H140>1997,H140<2000),VLOOKUP(I140,Feuil1!$G$11:$L$25,4),IF(AND(H140>1999,H140<2002),VLOOKUP(I140,Feuil1!$G$11:$L$25,3),VLOOKUP(I140,Feuil1!$G$11:$L$25,2)))))))","v":"C2 69"},172.94460694691529,null," ",{"$f":"T140-HLOOKUP(X140,Feuil1!$C$1:$BL$10,2,FALSE)","v":31},{"$f":"T140-HLOOKUP(X140,Feuil1!$C$1:$BL$10,3,FALSE)","v":11},{"$f":"T140-HLOOKUP(X140,Feuil1!$C$1:$BL$10,4,FALSE)","v":-4},{"$f":"T140-HLOOKUP(X140,Feuil1!$C$1:$BL$10,5,FALSE)","v":-24},{"$f":"T140-HLOOKUP(X140,Feuil1!$C$1:$BL$10,6,FALSE)","v":-44},{"$f":"T140-HLOOKUP(X140,Feuil1!$C$1:$BL$10,7,FALSE)","v":-64},{"$f":"T140-HLOOKUP(X140,Feuil1!$C$1:$BL$10,8,FALSE)","v":-84},{"$f":"T140-HLOOKUP(X140,Feuil1!$C$1:$BL$10,9,FALSE)","v":-104},{"$f":"T140-HLOOKUP(X140,Feuil1!$C$1:$BL$10,10,FALSE)","v":-874},null,null,null,null,null,null,"DEP +"]
["H","CO","BNO",37,396142,"NDAYE","MARCEL",1998,63.4,"Caen CHM","F",47,52,-56,52,65,70,73,73,125,-1.7999999999999972,"DEP +",10,{"$f":"IF(I141=\"\",\"\",IF(A141=\"H\",IF(OR(H141=\"SEN\",H141<1995),VLOOKUP(I141,Feuil1!$A$11:$G$29,6),IF(AND(H141>1994,H141<1998),VLOOKUP(I141,Feuil1!$A$11:$G$29,5),IF(AND(H141>1997,H141<2000),VLOOKUP(I141,Feuil1!$A$11:$G$29,4),IF(AND(H141>1999,H141<2002),VLOOKUP(I141,Feuil1!$A$11:$G$29,3),VLOOKUP(I141,Feuil1!$A$11:$G$29,2))))),IF(OR(H141=\"SEN\",H141<1995),VLOOKUP(I141,Feuil1!$G$11:$L$25,6),IF(AND(H141>1994,H141<1998),VLOOKUP(I141,Feuil1!$G$11:$L$25,5),IF(AND(H141>1997,H141<2000),VLOOKUP(I141,Feuil1!$G$11:$L$25,4),IF(AND(H141>1999,H141<2002),VLOOKUP(I141,Feuil1!$G$11:$L$25,3),VLOOKUP(I141,Feuil1!$G$11:$L$25,2)))))))","v":"C2 69"},177.95344195160953,null," ",{"$f":"T141-HLOOKUP(X141,Feuil1!$C$1:$BL$10,2,FALSE)","v":30},{"$f":"T141-HLOOKUP(X141,Feuil1!$C$1:$BL$10,3,FALSE)","v":10},{"$f":"T141-HLOOKUP(X141,Feuil1!$C$1:$BL$10,4,FALSE)","v":-5},{"$f":"T141-HLOOKUP(X141,Feuil1!$C$1:$BL$10,5,FALSE)","v":-25},{"$f":"T141-HLOOKUP(X141,Feuil1!$C$1:$BL$10,6,FALSE)","v":-45},{"$f":"T141-HLOOKUP(X141,Feuil1!$C$1:$BL$10,7,FALSE)","v":-65},{"$f":"T141-HLOOKUP(X141,Feuil1!$C$1:$BL$10,8,FALSE)","v":-85},{"$f":"T141-HLOOKUP(X141,Feuil1!$C$1:$BL$10,9,FALSE)","v":-105},{"$f":"T141-HLOOKUP(X141,Feuil1!$C$1:$BL$10,10,FALSE)","v":-875},null,null,null,null,null,null,"DEP +"]
["H","N","IDF",38,357544,"DEVILLARD","ARTHUR",1998,65,"RUEIL","F",48,52,-55,52,62,67,72,72,124,-6,"DEP +",9,{"$f":"IF(I142=\"\",\"\",IF(A142=\"H\",IF(OR(H142=\"SEN\",H142<1995),VLOOKUP(I142,Feuil1!$A$11:$G$29,6),IF(AND(H142>1994,H142<1998),VLOOKUP(I142,Feuil1!$A$11:$G$29,5),IF(AND(H142>1997,H142<2000),VLOOKUP(I142,Feuil1!$A$11:$G$29,4),IF(AND(H142>1999,H142<2002),VLOOKUP(I142,Feuil1!$A$11:$G$29,3),VLOOKUP(I142,Feuil1!$A$11:$G$29,2))))),IF(OR(H142=\"SEN\",H142<1995),VLOOKUP(I142,Feuil1!$G$11:$L$25,6),IF(AND(H142>1994,H142<1998),VLOOKUP(I142,Feuil1!$G$11:$L$25,5),IF(AND(H142>1997,H142<2000),VLOOKUP(I142,Feuil1!$G$11:$L$25,4),IF(AND(H142>1999,H142<2002),VLOOKUP(I142,Feuil1!$G$11:$L$25,3),VLOOKUP(I142,Feuil1!$G$11:$L$25,2)))))))","v":"C2 69"},173.52191840761589,null," ",{"$f":"T142-HLOOKUP(X142,Feuil1!$C$1:$BL$10,2,FALSE)","v":29},{"$f":"T142-HLOOKUP(X142,Feuil1!$C$1:$BL$10,3,FALSE)","v":9},{"$f":"T142-HLOOKUP(X142,Feuil1!$C$1:$BL$10,4,FALSE)","v":-6},{"$f":"T142-HLOOKUP(X142,Feuil1!$C$1:$BL$10,5,FALSE)","v":-26},{"$f":"T142-HLOOKUP(X142,Feuil1!$C$1:$BL$10,6,FALSE)","v":-46},{"$f":"T142-HLOOKUP(X142,Feuil1!$C$1:$BL$10,7,FALSE)","v":-66},{"$f":"T142-HLOOKUP(X142,Feuil1!$C$1:$BL$10,8,FALSE)","v":-86},{"$f":"T142-HLOOKUP(X142,Feuil1!$C$1:$BL$10,9,FALSE)","v":-106},{"$f":"T142-HLOOKUP(X142,Feuil1!$C$1:$BL$10,10,FALSE)","v":-876},null,null,null,null,null,null,"DEP +"]
["H","N","IDF",39,358101,"CHEKKAF","MOUSSA",1999,64.3,"GENNEVILLIERS","F",45,50,54,54,58,63,66,66,120,-8.5999999999999943,"DEP +",5,{"$f":"IF(I143=\"\",\"\",IF(A143=\"H\",IF(OR(H143=\"SEN\",H143<1995),VLOOKUP(I143,Feuil1!$A$11:$G$29,6),IF(AND(H143>1994,H143<1998),VLOOKUP(I143,Feuil1!$A$11:$G$29,5),IF(AND(H143>1997,H143<2000),VLOOKUP(I143,Feuil1!$A$11:$G$29,4),IF(AND(H143>1999,H143<2002),VLOOKUP(I143,Feuil1!$A$11:$G$29,3),VLOOKUP(I143,Feuil1!$A$11:$G$29,2))))),IF(OR(H143=\"SEN\",H143<1995),VLOOKUP(I143,Feuil1!$G$11:$L$25,6),IF(AND(H143>1994,H143<1998),VLOOKUP(I143,Feuil1!$G$11:$L$25,5),IF(AND(H143>1997,H143<2000),VLOOKUP(I143,Feuil1!$G$11:$L$25,4),IF(AND(H143>1999,H143<2002),VLOOKUP(I143,Feuil1!$G$11:$L$25,3),VLOOKUP(I143,Feuil1!$G$11:$L$25,2)))))))","v":"C2 69"},169.17397301463802,null," ",{"$f":"T143-HLOOKUP(X143,Feuil1!$C$1:$BL$10,2,FALSE)","v":25},{"$f":"T143-HLOOKUP(X143,Feuil1!$C$1:$BL$10,3,FALSE)","v":5},{"$f":"T143-HLOOKUP(X143,Feuil1!$C$1:$BL$10,4,FALSE)","v":-10},{"$f":"T143-HLOOKUP(X143,Feuil1!$C$1:$BL$10,5,FALSE)","v":-30},{"$f":"T143-HLOOKUP(X143,Feuil1!$C$1:$BL$10,6,FALSE)","v":-50},{"$f":"T143-HLOOKUP(X143,Feuil1!$C$1:$BL$10,7,FALSE)","v":-70},{"$f":"T143-HLOOKUP(X143,Feuil1!$C$1:$BL$10,8,FALSE)","v":-90},{"$f":"T143-HLOOKUP(X143,Feuil1!$C$1:$BL$10,9,FALSE)","v":-110},{"$f":"T143-HLOOKUP(X143,Feuil1!$C$1:$BL$10,10,FALSE)","v":-880},null,null,null,null,null,null,"DEP +"]
["H","NE","FCO",40,338628,"HERBEIN","NICOLAS",1998,69,"LF Besançon","F",48,51,-54,51,62,65,68,68,119,-19,"DEP +",4,{"$f":"IF(I144=\"\",\"\",IF(A144=\"H\",IF(OR(H144=\"SEN\",H144<1995),VLOOKUP(I144,Feuil1!$A$11:$G$29,6),IF(AND(H144>1994,H144<1998),VLOOKUP(I144,Feuil1!$A$11:$G$29,5),IF(AND(H144>1997,H144<2000),VLOOKUP(I144,Feuil1!$A$11:$G$29,4),IF(AND(H144>1999,H144<2002),VLOOKUP(I144,Feuil1!$A$11:$G$29,3),VLOOKUP(I144,Feuil1!$A$11:$G$29,2))))),IF(OR(H144=\"SEN\",H144<1995),VLOOKUP(I144,Feuil1!$G$11:$L$25,6),IF(AND(H144>1994,H144<1998),VLOOKUP(I144,Feuil1!$G$11:$L$25,5),IF(AND(H144>1997,H144<2000),VLOOKUP(I144,Feuil1!$G$11:$L$25,4),IF(AND(H144>1999,H144<2002),VLOOKUP(I144,Feuil1!$G$11:$L$25,3),VLOOKUP(I144,Feuil1!$G$11:$L$25,2)))))))","v":"C2 69"},160.08588686789355,null," ",{"$f":"T144-HLOOKUP(X144,Feuil1!$C$1:$BL$10,2,FALSE)","v":24},{"$f":"T144-HLOOKUP(X144,Feuil1!$C$1:$BL$10,3,FALSE)","v":4},{"$f":"T144-HLOOKUP(X144,Feuil1!$C$1:$BL$10,4,FALSE)","v":-11},{"$f":"T144-HLOOKUP(X144,Feuil1!$C$1:$BL$10,5,FALSE)","v":-31},{"$f":"T144-HLOOKUP(X144,Feuil1!$C$1:$BL$10,6,FALSE)","v":-51},{"$f":"T144-HLOOKUP(X144,Feuil1!$C$1:$BL$10,7,FALSE)","v":-71},{"$f":"T144-HLOOKUP(X144,Feuil1!$C$1:$BL$10,8,FALSE)","v":-91},{"$f":"T144-HLOOKUP(X144,Feuil1!$C$1:$BL$10,9,FALSE)","v":-111},{"$f":"T144-HLOOKUP(X144,Feuil1!$C$1:$BL$10,10,FALSE)","v":-881},null,null,null,null,null,null,"DEP +"]
["H","NORD","PIC",41,360904,"LASSEAUX","Arthur",1999,67.8,"Hirson CEHT","F",48,-53,53,53,60,65,-70,65,118,-17.599999999999994,"DEP +",3,{"$f":"IF(I145=\"\",\"\",IF(A145=\"H\",IF(OR(H145=\"SEN\",H145<1995),VLOOKUP(I145,Feuil1!$A$11:$G$29,6),IF(AND(H145>1994,H145<1998),VLOOKUP(I145,Feuil1!$A$11:$G$29,5),IF(AND(H145>1997,H145<2000),VLOOKUP(I145,Feuil1!$A$11:$G$29,4),IF(AND(H145>1999,H145<2002),VLOOKUP(I145,Feuil1!$A$11:$G$29,3),VLOOKUP(I145,Feuil1!$A$11:$G$29,2))))),IF(OR(H145=\"SEN\",H145<1995),VLOOKUP(I145,Feuil1!$G$11:$L$25,6),IF(AND(H145>1994,H145<1998),VLOOKUP(I145,Feuil1!$G$11:$L$25,5),IF(AND(H145>1997,H145<2000),VLOOKUP(I145,Feuil1!$G$11:$L$25,4),IF(AND(H145>1999,H145<2002),VLOOKUP(I145,Feuil1!$G$11:$L$25,3),VLOOKUP(I145,Feuil1!$G$11:$L$25,2)))))))","v":"C2 69"},160.54939518611843,null," ",{"$f":"T145-HLOOKUP(X145,Feuil1!$C$1:$BL$10,2,FALSE)","v":23},{"$f":"T145-HLOOKUP(X145,Feuil1!$C$1:$BL$10,3,FALSE)","v":3},{"$f":"T145-HLOOKUP(X145,Feuil1!$C$1:$BL$10,4,FALSE)","v":-12},{"$f":"T145-HLOOKUP(X145,Feuil1!$C$1:$BL$10,5,FALSE)","v":-32},{"$f":"T145-HLOOKUP(X145,Feuil1!$C$1:$BL$10,6,FALSE)","v":-52},{"$f":"T145-HLOOKUP(X145,Feuil1!$C$1:$BL$10,7,FALSE)","v":-72},{"$f":"T145-HLOOKUP(X145,Feuil1!$C$1:$BL$10,8,FALSE)","v":-92},{"$f":"T145-HLOOKUP(X145,Feuil1!$C$1:$BL$10,9,FALSE)","v":-112},{"$f":"T145-HLOOKUP(X145,Feuil1!$C$1:$BL$10,10,FALSE)","v":-882},null,null,null,null,null,null,"DEP +"]
["H","NE","ALS",42,384061,"SOLD","LUCAS",1999,65.400000000000006,"CS Brumath","F",-50,-50,50,50,65,-70,-70,65,115,-15.800000000000011,"DEP +",0,{"$f":"IF(I146=\"\",\"\",IF(A146=\"H\",IF(OR(H146=\"SEN\",H146<1995),VLOOKUP(I146,Feuil1!$A$11:$G$29,6),IF(AND(H146>1994,H146<1998),VLOOKUP(I146,Feuil1!$A$11:$G$29,5),IF(AND(H146>1997,H146<2000),VLOOKUP(I146,Feuil1!$A$11:$G$29,4),IF(AND(H146>1999,H146<2002),VLOOKUP(I146,Feuil1!$A$11:$G$29,3),VLOOKUP(I146,Feuil1!$A$11:$G$29,2))))),IF(OR(H146=\"SEN\",H146<1995),VLOOKUP(I146,Feuil1!$G$11:$L$25,6),IF(AND(H146>1994,H146<1998),VLOOKUP(I146,Feuil1!$G$11:$L$25,5),IF(AND(H146>1997,H146<2000),VLOOKUP(I146,Feuil1!$G$11:$L$25,4),IF(AND(H146>1999,H146<2002),VLOOKUP(I146,Feuil1!$G$11:$L$25,3),VLOOKUP(I146,Feuil1!$G$11:$L$25,2)))))))","v":"C2 69"},160.25877571735802,null," ",{"$f":"T146-HLOOKUP(X146,Feuil1!$C$1:$BL$10,2,FALSE)","v":20},{"$f":"T146-HLOOKUP(X146,Feuil1!$C$1:$BL$10,3,FALSE)","v":0},{"$f":"T146-HLOOKUP(X146,Feuil1!$C$1:$BL$10,4,FALSE)","v":-15},{"$f":"T146-HLOOKUP(X146,Feuil1!$C$1:$BL$10,5,FALSE)","v":-35},{"$f":"T146-HLOOKUP(X146,Feuil1!$C$1:$BL$10,6,FALSE)","v":-55},{"$f":"T146-HLOOKUP(X146,Feuil1!$C$1:$BL$10,7,FALSE)","v":-75},{"$f":"T146-HLOOKUP(X146,Feuil1!$C$1:$BL$10,8,FALSE)","v":-95},{"$f":"T146-HLOOKUP(X146,Feuil1!$C$1:$BL$10,9,FALSE)","v":-115},{"$f":"T146-HLOOKUP(X146,Feuil1!$C$1:$BL$10,10,FALSE)","v":-885},null,null,null,null,null,null,"DEP +"]
["H","SEST","PRO",43,3602528,"WADJA","ERWAN",1998,66.09,"ISTRES SPORTS","F",42,45,48,48,60,63,65,65,113,-19.180000000000007,"DEB ",18,{"$f":"IF(I147=\"\",\"\",IF(A147=\"H\",IF(OR(H147=\"SEN\",H147<1995),VLOOKUP(I147,Feuil1!$A$11:$G$29,6),IF(AND(H147>1994,H147<1998),VLOOKUP(I147,Feuil1!$A$11:$G$29,5),IF(AND(H147>1997,H147<2000),VLOOKUP(I147,Feuil1!$A$11:$G$29,4),IF(AND(H147>1999,H147<2002),VLOOKUP(I147,Feuil1!$A$11:$G$29,3),VLOOKUP(I147,Feuil1!$A$11:$G$29,2))))),IF(OR(H147=\"SEN\",H147<1995),VLOOKUP(I147,Feuil1!$G$11:$L$25,6),IF(AND(H147>1994,H147<1998),VLOOKUP(I147,Feuil1!$G$11:$L$25,5),IF(AND(H147>1997,H147<2000),VLOOKUP(I147,Feuil1!$G$11:$L$25,4),IF(AND(H147>1999,H147<2002),VLOOKUP(I147,Feuil1!$G$11:$L$25,3),VLOOKUP(I147,Feuil1!$G$11:$L$25,2)))))))","v":"C2 69"},156.36316553462206,null," ",{"$f":"T147-HLOOKUP(X147,Feuil1!$C$1:$BL$10,2,FALSE)","v":18},{"$f":"T147-HLOOKUP(X147,Feuil1!$C$1:$BL$10,3,FALSE)","v":-2},{"$f":"T147-HLOOKUP(X147,Feuil1!$C$1:$BL$10,4,FALSE)","v":-17},{"$f":"T147-HLOOKUP(X147,Feuil1!$C$1:$BL$10,5,FALSE)","v":-37},{"$f":"T147-HLOOKUP(X147,Feuil1!$C$1:$BL$10,6,FALSE)","v":-57},{"$f":"T147-HLOOKUP(X147,Feuil1!$C$1:$BL$10,7,FALSE)","v":-77},{"$f":"T147-HLOOKUP(X147,Feuil1!$C$1:$BL$10,8,FALSE)","v":-97},{"$f":"T147-HLOOKUP(X147,Feuil1!$C$1:$BL$10,9,FALSE)","v":-117},{"$f":"T147-HLOOKUP(X147,Feuil1!$C$1:$BL$10,10,FALSE)","v":-887},null,null,null,null,null,null,"DEB "]
["H","DOM","REU",44,251233,"HABIERA ","WILLIAM",1999,68.95,"CH TAMPON","F",47,50,-55,50,57,62,-65,62,112,-25.900000000000006,"DEB ",17,{"$f":"IF(I148=\"\",\"\",IF(A148=\"H\",IF(OR(H148=\"SEN\",H148<1995),VLOOKUP(I148,Feuil1!$A$11:$G$29,6),IF(AND(H148>1994,H148<1998),VLOOKUP(I148,Feuil1!$A$11:$G$29,5),IF(AND(H148>1997,H148<2000),VLOOKUP(I148,Feuil1!$A$11:$G$29,4),IF(AND(H148>1999,H148<2002),VLOOKUP(I148,Feuil1!$A$11:$G$29,3),VLOOKUP(I148,Feuil1!$A$11:$G$29,2))))),IF(OR(H148=\"SEN\",H148<1995),VLOOKUP(I148,Feuil1!$G$11:$L$25,6),IF(AND(H148>1994,H148<1998),VLOOKUP(I148,Feuil1!$G$11:$L$25,5),IF(AND(H148>1997,H148<2000),VLOOKUP(I148,Feuil1!$G$11:$L$25,4),IF(AND(H148>1999,H148<2002),VLOOKUP(I148,Feuil1!$G$11:$L$25,3),VLOOKUP(I148,Feuil1!$G$11:$L$25,2)))))))","v":"C2 69"},150.73898642634839,null," ",{"$f":"T148-HLOOKUP(X148,Feuil1!$C$1:$BL$10,2,FALSE)","v":17},{"$f":"T148-HLOOKUP(X148,Feuil1!$C$1:$BL$10,3,FALSE)","v":-3},{"$f":"T148-HLOOKUP(X148,Feuil1!$C$1:$BL$10,4,FALSE)","v":-18},{"$f":"T148-HLOOKUP(X148,Feuil1!$C$1:$BL$10,5,FALSE)","v":-38},{"$f":"T148-HLOOKUP(X148,Feuil1!$C$1:$BL$10,6,FALSE)","v":-58},{"$f":"T148-HLOOKUP(X148,Feuil1!$C$1:$BL$10,7,FALSE)","v":-78},{"$f":"T148-HLOOKUP(X148,Feuil1!$C$1:$BL$10,8,FALSE)","v":-98},{"$f":"T148-HLOOKUP(X148,Feuil1!$C$1:$BL$10,9,FALSE)","v":-118},{"$f":"T148-HLOOKUP(X148,Feuil1!$C$1:$BL$10,10,FALSE)","v":-888},null,null,null,null,null,null,"DEB "]
["H","DOM","GUA",45,380896,"BRUN","Thomas",1999,65.599999999999994,"Body Club Domien","F",42,47,-50,47,55,60,-63,60,107,-24.199999999999989,"DEB ",12,{"$f":"IF(I149=\"\",\"\",IF(A149=\"H\",IF(OR(H149=\"SEN\",H149<1995),VLOOKUP(I149,Feuil1!$A$11:$G$29,6),IF(AND(H149>1994,H149<1998),VLOOKUP(I149,Feuil1!$A$11:$G$29,5),IF(AND(H149>1997,H149<2000),VLOOKUP(I149,Feuil1!$A$11:$G$29,4),IF(AND(H149>1999,H149<2002),VLOOKUP(I149,Feuil1!$A$11:$G$29,3),VLOOKUP(I149,Feuil1!$A$11:$G$29,2))))),IF(OR(H149=\"SEN\",H149<1995),VLOOKUP(I149,Feuil1!$G$11:$L$25,6),IF(AND(H149>1994,H149<1998),VLOOKUP(I149,Feuil1!$G$11:$L$25,5),IF(AND(H149>1997,H149<2000),VLOOKUP(I149,Feuil1!$G$11:$L$25,4),IF(AND(H149>1999,H149<2002),VLOOKUP(I149,Feuil1!$G$11:$L$25,3),VLOOKUP(I149,Feuil1!$G$11:$L$25,2)))))))","v":"C2 69"},148.80302778991063,null," ",{"$f":"T149-HLOOKUP(X149,Feuil1!$C$1:$BL$10,2,FALSE)","v":12},{"$f":"T149-HLOOKUP(X149,Feuil1!$C$1:$BL$10,3,FALSE)","v":-8},{"$f":"T149-HLOOKUP(X149,Feuil1!$C$1:$BL$10,4,FALSE)","v":-23},{"$f":"T149-HLOOKUP(X149,Feuil1!$C$1:$BL$10,5,FALSE)","v":-43},{"$f":"T149-HLOOKUP(X149,Feuil1!$C$1:$BL$10,6,FALSE)","v":-63},{"$f":"T149-HLOOKUP(X149,Feuil1!$C$1:$BL$10,7,FALSE)","v":-83},{"$f":"T149-HLOOKUP(X149,Feuil1!$C$1:$BL$10,8,FALSE)","v":-103},{"$f":"T149-HLOOKUP(X149,Feuil1!$C$1:$BL$10,9,FALSE)","v":-123},{"$f":"T149-HLOOKUP(X149,Feuil1!$C$1:$BL$10,10,FALSE)","v":-893},null,null,null,null,null,null,"DEB "]
["H","CO","BNO",46,343244,"SADE","Maxim",1999,68.599999999999994,"Caen CHM","F",42,-45,45,45,55,58,60,60,105,-32.199999999999989,"DEB ",10,{"$f":"IF(I150=\"\",\"\",IF(A150=\"H\",IF(OR(H150=\"SEN\",H150<1995),VLOOKUP(I150,Feuil1!$A$11:$G$29,6),IF(AND(H150>1994,H150<1998),VLOOKUP(I150,Feuil1!$A$11:$G$29,5),IF(AND(H150>1997,H150<2000),VLOOKUP(I150,Feuil1!$A$11:$G$29,4),IF(AND(H150>1999,H150<2002),VLOOKUP(I150,Feuil1!$A$11:$G$29,3),VLOOKUP(I150,Feuil1!$A$11:$G$29,2))))),IF(OR(H150=\"SEN\",H150<1995),VLOOKUP(I150,Feuil1!$G$11:$L$25,6),IF(AND(H150>1994,H150<1998),VLOOKUP(I150,Feuil1!$G$11:$L$25,5),IF(AND(H150>1997,H150<2000),VLOOKUP(I150,Feuil1!$G$11:$L$25,4),IF(AND(H150>1999,H150<2002),VLOOKUP(I150,Feuil1!$G$11:$L$25,3),VLOOKUP(I150,Feuil1!$G$11:$L$25,2)))))))","v":"C2 69"},141.78026591835453,null," ",{"$f":"T150-HLOOKUP(X150,Feuil1!$C$1:$BL$10,2,FALSE)","v":10},{"$f":"T150-HLOOKUP(X150,Feuil1!$C$1:$BL$10,3,FALSE)","v":-10},{"$f":"T150-HLOOKUP(X150,Feuil1!$C$1:$BL$10,4,FALSE)","v":-25},{"$f":"T150-HLOOKUP(X150,Feuil1!$C$1:$BL$10,5,FALSE)","v":-45},{"$f":"T150-HLOOKUP(X150,Feuil1!$C$1:$BL$10,6,FALSE)","v":-65},{"$f":"T150-HLOOKUP(X150,Feuil1!$C$1:$BL$10,7,FALSE)","v":-85},{"$f":"T150-HLOOKUP(X150,Feuil1!$C$1:$BL$10,8,FALSE)","v":-105},{"$f":"T150-HLOOKUP(X150,Feuil1!$C$1:$BL$10,9,FALSE)","v":-125},{"$f":"T150-HLOOKUP(X150,Feuil1!$C$1:$BL$10,10,FALSE)","v":-895},null,null,null,null,null,null,"DEB "]
["H","SEST","PRO",47,355562,"ARDOIN DUMAZET","BAPTISTE",1999,68.63,"HC NOVES","F",42,45,-48,45,52,56,60,60,105,-32.259999999999991,"DEB ",10,{"$f":"IF(I151=\"\",\"\",IF(A151=\"H\",IF(OR(H151=\"SEN\",H151<1995),VLOOKUP(I151,Feuil1!$A$11:$G$29,6),IF(AND(H151>1994,H151<1998),VLOOKUP(I151,Feuil1!$A$11:$G$29,5),IF(AND(H151>1997,H151<2000),VLOOKUP(I151,Feuil1!$A$11:$G$29,4),IF(AND(H151>1999,H151<2002),VLOOKUP(I151,Feuil1!$A$11:$G$29,3),VLOOKUP(I151,Feuil1!$A$11:$G$29,2))))),IF(OR(H151=\"SEN\",H151<1995),VLOOKUP(I151,Feuil1!$G$11:$L$25,6),IF(AND(H151>1994,H151<1998),VLOOKUP(I151,Feuil1!$G$11:$L$25,5),IF(AND(H151>1997,H151<2000),VLOOKUP(I151,Feuil1!$G$11:$L$25,4),IF(AND(H151>1999,H151<2002),VLOOKUP(I151,Feuil1!$G$11:$L$25,3),VLOOKUP(I151,Feuil1!$G$11:$L$25,2)))))))","v":"C2 69"},141.74037480311918,null," ",{"$f":"T151-HLOOKUP(X151,Feuil1!$C$1:$BL$10,2,FALSE)","v":10},{"$f":"T151-HLOOKUP(X151,Feuil1!$C$1:$BL$10,3,FALSE)","v":-10},{"$f":"T151-HLOOKUP(X151,Feuil1!$C$1:$BL$10,4,FALSE)","v":-25},{"$f":"T151-HLOOKUP(X151,Feuil1!$C$1:$BL$10,5,FALSE)","v":-45},{"$f":"T151-HLOOKUP(X151,Feuil1!$C$1:$BL$10,6,FALSE)","v":-65},{"$f":"T151-HLOOKUP(X151,Feuil1!$C$1:$BL$10,7,FALSE)","v":-85},{"$f":"T151-HLOOKUP(X151,Feuil1!$C$1:$BL$10,8,FALSE)","v":-105},{"$f":"T151-HLOOKUP(X151,Feuil1!$C$1:$BL$10,9,FALSE)","v":-125},{"$f":"T151-HLOOKUP(X151,Feuil1!$C$1:$BL$10,10,FALSE)","v":-895},null,null,null,null,null,null,"DEB "]
["H","CO","BNO",48,382340,"BRENNEMANE","Théo",1999,63.2,"Caen CHM","F",40,43,45,45,50,54,56,56,101,-25.400000000000006,"DEB ",6,{"$f":"IF(I152=\"\",\"\",IF(A152=\"H\",IF(OR(H152=\"SEN\",H152<1995),VLOOKUP(I152,Feuil1!$A$11:$G$29,6),IF(AND(H152>1994,H152<1998),VLOOKUP(I152,Feuil1!$A$11:$G$29,5),IF(AND(H152>1997,H152<2000),VLOOKUP(I152,Feuil1!$A$11:$G$29,4),IF(AND(H152>1999,H152<2002),VLOOKUP(I152,Feuil1!$A$11:$G$29,3),VLOOKUP(I152,Feuil1!$A$11:$G$29,2))))),IF(OR(H152=\"SEN\",H152<1995),VLOOKUP(I152,Feuil1!$G$11:$L$25,6),IF(AND(H152>1994,H152<1998),VLOOKUP(I152,Feuil1!$G$11:$L$25,5),IF(AND(H152>1997,H152<2000),VLOOKUP(I152,Feuil1!$G$11:$L$25,4),IF(AND(H152>1999,H152<2002),VLOOKUP(I152,Feuil1!$G$11:$L$25,3),VLOOKUP(I152,Feuil1!$G$11:$L$25,2)))))))","v":"C2 69"},144.10439600537714,null," ",{"$f":"T152-HLOOKUP(X152,Feuil1!$C$1:$BL$10,2,FALSE)","v":6},{"$f":"T152-HLOOKUP(X152,Feuil1!$C$1:$BL$10,3,FALSE)","v":-14},{"$f":"T152-HLOOKUP(X152,Feuil1!$C$1:$BL$10,4,FALSE)","v":-29},{"$f":"T152-HLOOKUP(X152,Feuil1!$C$1:$BL$10,5,FALSE)","v":-49},{"$f":"T152-HLOOKUP(X152,Feuil1!$C$1:$BL$10,6,FALSE)","v":-69},{"$f":"T152-HLOOKUP(X152,Feuil1!$C$1:$BL$10,7,FALSE)","v":-89},{"$f":"T152-HLOOKUP(X152,Feuil1!$C$1:$BL$10,8,FALSE)","v":-109},{"$f":"T152-HLOOKUP(X152,Feuil1!$C$1:$BL$10,9,FALSE)","v":-129},{"$f":"T152-HLOOKUP(X152,Feuil1!$C$1:$BL$10,10,FALSE)","v":-899},null,null,null,null,null,null,"DEB "]
["H","DOM","GUA",49,380463,"HERESON","Youri",1998,65,"AHCS/Pointois","F",40,45,-50,45,50,55,-60,55,100,-30,"DEB ",5,{"$f":"IF(I153=\"\",\"\",IF(A153=\"H\",IF(OR(H153=\"SEN\",H153<1995),VLOOKUP(I153,Feuil1!$A$11:$G$29,6),IF(AND(H153>1994,H153<1998),VLOOKUP(I153,Feuil1!$A$11:$G$29,5),IF(AND(H153>1997,H153<2000),VLOOKUP(I153,Feuil1!$A$11:$G$29,4),IF(AND(H153>1999,H153<2002),VLOOKUP(I153,Feuil1!$A$11:$G$29,3),VLOOKUP(I153,Feuil1!$A$11:$G$29,2))))),IF(OR(H153=\"SEN\",H153<1995),VLOOKUP(I153,Feuil1!$G$11:$L$25,6),IF(AND(H153>1994,H153<1998),VLOOKUP(I153,Feuil1!$G$11:$L$25,5),IF(AND(H153>1997,H153<2000),VLOOKUP(I153,Feuil1!$G$11:$L$25,4),IF(AND(H153>1999,H153<2002),VLOOKUP(I153,Feuil1!$G$11:$L$25,3),VLOOKUP(I153,Feuil1!$G$11:$L$25,2)))))))","v":"C2 69"},139.93703097388376,null," ",{"$f":"T153-HLOOKUP(X153,Feuil1!$C$1:$BL$10,2,FALSE)","v":5},{"$f":"T153-HLOOKUP(X153,Feuil1!$C$1:$BL$10,3,FALSE)","v":-15},{"$f":"T153-HLOOKUP(X153,Feuil1!$C$1:$BL$10,4,FALSE)","v":-30},{"$f":"T153-HLOOKUP(X153,Feuil1!$C$1:$BL$10,5,FALSE)","v":-50},{"$f":"T153-HLOOKUP(X153,Feuil1!$C$1:$BL$10,6,FALSE)","v":-70},{"$f":"T153-HLOOKUP(X153,Feuil1!$C$1:$BL$10,7,FALSE)","v":-90},{"$f":"T153-HLOOKUP(X153,Feuil1!$C$1:$BL$10,8,FALSE)","v":-110},{"$f":"T153-HLOOKUP(X153,Feuil1!$C$1:$BL$10,9,FALSE)","v":-130},{"$f":"T153-HLOOKUP(X153,Feuil1!$C$1:$BL$10,10,FALSE)","v":-900},null,null,null,null,null,null,"DEB "]
["H","N","IDF",50,308381,"LE DEAN","MAEL",1999,65.2,"PONTOISE","F",35,40,45,45,45,50,55,55,100,-30.400000000000006,"DEB ",5,{"$f":"IF(I154=\"\",\"\",IF(A154=\"H\",IF(OR(H154=\"SEN\",H154<1995),VLOOKUP(I154,Feuil1!$A$11:$G$29,6),IF(AND(H154>1994,H154<1998),VLOOKUP(I154,Feuil1!$A$11:$G$29,5),IF(AND(H154>1997,H154<2000),VLOOKUP(I154,Feuil1!$A$11:$G$29,4),IF(AND(H154>1999,H154<2002),VLOOKUP(I154,Feuil1!$A$11:$G$29,3),VLOOKUP(I154,Feuil1!$A$11:$G$29,2))))),IF(OR(H154=\"SEN\",H154<1995),VLOOKUP(I154,Feuil1!$G$11:$L$25,6),IF(AND(H154>1994,H154<1998),VLOOKUP(I154,Feuil1!$G$11:$L$25,5),IF(AND(H154>1997,H154<2000),VLOOKUP(I154,Feuil1!$G$11:$L$25,4),IF(AND(H154>1999,H154<2002),VLOOKUP(I154,Feuil1!$G$11:$L$25,3),VLOOKUP(I154,Feuil1!$G$11:$L$25,2)))))))","v":"C2 69"},139.64504200510694,null," ",{"$f":"T154-HLOOKUP(X154,Feuil1!$C$1:$BL$10,2,FALSE)","v":5},{"$f":"T154-HLOOKUP(X154,Feuil1!$C$1:$BL$10,3,FALSE)","v":-15},{"$f":"T154-HLOOKUP(X154,Feuil1!$C$1:$BL$10,4,FALSE)","v":-30},{"$f":"T154-HLOOKUP(X154,Feuil1!$C$1:$BL$10,5,FALSE)","v":-50},{"$f":"T154-HLOOKUP(X154,Feuil1!$C$1:$BL$10,6,FALSE)","v":-70},{"$f":"T154-HLOOKUP(X154,Feuil1!$C$1:$BL$10,7,FALSE)","v":-90},{"$f":"T154-HLOOKUP(X154,Feuil1!$C$1:$BL$10,8,FALSE)","v":-110},{"$f":"T154-HLOOKUP(X154,Feuil1!$C$1:$BL$10,9,FALSE)","v":-130},{"$f":"T154-HLOOKUP(X154,Feuil1!$C$1:$BL$10,10,FALSE)","v":-900},null,null,null,null,null,null,"DEB "]
["H","DOM","GUA",51,388367,"KANCEL","Frédéric",1999,66,"AHCS/Pointois","F",40,45,-50,45,50,55,-60,55,100,-32,"DEB ",5,{"$f":"IF(I155=\"\",\"\",IF(A155=\"H\",IF(OR(H155=\"SEN\",H155<1995),VLOOKUP(I155,Feuil1!$A$11:$G$29,6),IF(AND(H155>1994,H155<1998),VLOOKUP(I155,Feuil1!$A$11:$G$29,5),IF(AND(H155>1997,H155<2000),VLOOKUP(I155,Feuil1!$A$11:$G$29,4),IF(AND(H155>1999,H155<2002),VLOOKUP(I155,Feuil1!$A$11:$G$29,3),VLOOKUP(I155,Feuil1!$A$11:$G$29,2))))),IF(OR(H155=\"SEN\",H155<1995),VLOOKUP(I155,Feuil1!$G$11:$L$25,6),IF(AND(H155>1994,H155<1998),VLOOKUP(I155,Feuil1!$G$11:$L$25,5),IF(AND(H155>1997,H155<2000),VLOOKUP(I155,Feuil1!$G$11:$L$25,4),IF(AND(H155>1999,H155<2002),VLOOKUP(I155,Feuil1!$G$11:$L$25,3),VLOOKUP(I155,Feuil1!$G$11:$L$25,2)))))))","v":"C2 69"},138.50086783131547,null," ",{"$f":"T155-HLOOKUP(X155,Feuil1!$C$1:$BL$10,2,FALSE)","v":5},{"$f":"T155-HLOOKUP(X155,Feuil1!$C$1:$BL$10,3,FALSE)","v":-15},{"$f":"T155-HLOOKUP(X155,Feuil1!$C$1:$BL$10,4,FALSE)","v":-30},{"$f":"T155-HLOOKUP(X155,Feuil1!$C$1:$BL$10,5,FALSE)","v":-50},{"$f":"T155-HLOOKUP(X155,Feuil1!$C$1:$BL$10,6,FALSE)","v":-70},{"$f":"T155-HLOOKUP(X155,Feuil1!$C$1:$BL$10,7,FALSE)","v":-90},{"$f":"T155-HLOOKUP(X155,Feuil1!$C$1:$BL$10,8,FALSE)","v":-110},{"$f":"T155-HLOOKUP(X155,Feuil1!$C$1:$BL$10,9,FALSE)","v":-130},{"$f":"T155-HLOOKUP(X155,Feuil1!$C$1:$BL$10,10,FALSE)","v":-900},null,null,null,null,null,null,"DEB "]
["H","DOM","GUA",52,367628,"DEROO","Sacha",1998,66.2,"Budokan/Guadeloupe","F",40,45,-50,45,50,55,-60,55,100,-32.400000000000006,"DEB ",5,{"$f":"IF(I156=\"\",\"\",IF(A156=\"H\",IF(OR(H156=\"SEN\",H156<1995),VLOOKUP(I156,Feuil1!$A$11:$G$29,6),IF(AND(H156>1994,H156<1998),VLOOKUP(I156,Feuil1!$A$11:$G$29,5),IF(AND(H156>1997,H156<2000),VLOOKUP(I156,Feuil1!$A$11:$G$29,4),IF(AND(H156>1999,H156<2002),VLOOKUP(I156,Feuil1!$A$11:$G$29,3),VLOOKUP(I156,Feuil1!$A$11:$G$29,2))))),IF(OR(H156=\"SEN\",H156<1995),VLOOKUP(I156,Feuil1!$G$11:$L$25,6),IF(AND(H156>1994,H156<1998),VLOOKUP(I156,Feuil1!$G$11:$L$25,5),IF(AND(H156>1997,H156<2000),VLOOKUP(I156,Feuil1!$G$11:$L$25,4),IF(AND(H156>1999,H156<2002),VLOOKUP(I156,Feuil1!$G$11:$L$25,3),VLOOKUP(I156,Feuil1!$G$11:$L$25,2)))))))","v":"C2 69"},138.22064184989878,null," ",{"$f":"T156-HLOOKUP(X156,Feuil1!$C$1:$BL$10,2,FALSE)","v":5},{"$f":"T156-HLOOKUP(X156,Feuil1!$C$1:$BL$10,3,FALSE)","v":-15},{"$f":"T156-HLOOKUP(X156,Feuil1!$C$1:$BL$10,4,FALSE)","v":-30},{"$f":"T156-HLOOKUP(X156,Feuil1!$C$1:$BL$10,5,FALSE)","v":-50},{"$f":"T156-HLOOKUP(X156,Feuil1!$C$1:$BL$10,6,FALSE)","v":-70},{"$f":"T156-HLOOKUP(X156,Feuil1!$C$1:$BL$10,7,FALSE)","v":-90},{"$f":"T156-HLOOKUP(X156,Feuil1!$C$1:$BL$10,8,FALSE)","v":-110},{"$f":"T156-HLOOKUP(X156,Feuil1!$C$1:$BL$10,9,FALSE)","v":-130},{"$f":"T156-HLOOKUP(X156,Feuil1!$C$1:$BL$10,10,FALSE)","v":-900},null,null,null,null,null,null,"DEB "]
["H","DOM","GUA",53,390969,"DUREL","Enzo",1999,67,"AHCS/Pointois","F",40,45,-50,45,50,55,-60,55,100,-34,"DEB ",5,{"$f":"IF(I157=\"\",\"\",IF(A157=\"H\",IF(OR(H157=\"SEN\",H157<1995),VLOOKUP(I157,Feuil1!$A$11:$G$29,6),IF(AND(H157>1994,H157<1998),VLOOKUP(I157,Feuil1!$A$11:$G$29,5),IF(AND(H157>1997,H157<2000),VLOOKUP(I157,Feuil1!$A$11:$G$29,4),IF(AND(H157>1999,H157<2002),VLOOKUP(I157,Feuil1!$A$11:$G$29,3),VLOOKUP(I157,Feuil1!$A$11:$G$29,2))))),IF(OR(H157=\"SEN\",H157<1995),VLOOKUP(I157,Feuil1!$G$11:$L$25,6),IF(AND(H157>1994,H157<1998),VLOOKUP(I157,Feuil1!$G$11:$L$25,5),IF(AND(H157>1997,H157<2000),VLOOKUP(I157,Feuil1!$G$11:$L$25,4),IF(AND(H157>1999,H157<2002),VLOOKUP(I157,Feuil1!$G$11:$L$25,3),VLOOKUP(I157,Feuil1!$G$11:$L$25,2)))))))","v":"C2 69"},137.12226771798396,null," ",{"$f":"T157-HLOOKUP(X157,Feuil1!$C$1:$BL$10,2,FALSE)","v":5},{"$f":"T157-HLOOKUP(X157,Feuil1!$C$1:$BL$10,3,FALSE)","v":-15},{"$f":"T157-HLOOKUP(X157,Feuil1!$C$1:$BL$10,4,FALSE)","v":-30},{"$f":"T157-HLOOKUP(X157,Feuil1!$C$1:$BL$10,5,FALSE)","v":-50},{"$f":"T157-HLOOKUP(X157,Feuil1!$C$1:$BL$10,6,FALSE)","v":-70},{"$f":"T157-HLOOKUP(X157,Feuil1!$C$1:$BL$10,7,FALSE)","v":-90},{"$f":"T157-HLOOKUP(X157,Feuil1!$C$1:$BL$10,8,FALSE)","v":-110},{"$f":"T157-HLOOKUP(X157,Feuil1!$C$1:$BL$10,9,FALSE)","v":-130},{"$f":"T157-HLOOKUP(X157,Feuil1!$C$1:$BL$10,10,FALSE)","v":-900},null,null,null,null,null,null,"DEB "]
["H","DOM","GUA",54,388226,"ARNOUX","Jules",1999,68.599999999999994,"EGAFC/Baie Mahault","F",40,45,-50,45,50,55,-60,55,100,-37.199999999999989,"DEB ",5,{"$f":"IF(I158=\"\",\"\",IF(A158=\"H\",IF(OR(H158=\"SEN\",H158<1995),VLOOKUP(I158,Feuil1!$A$11:$G$29,6),IF(AND(H158>1994,H158<1998),VLOOKUP(I158,Feuil1!$A$11:$G$29,5),IF(AND(H158>1997,H158<2000),VLOOKUP(I158,Feuil1!$A$11:$G$29,4),IF(AND(H158>1999,H158<2002),VLOOKUP(I158,Feuil1!$A$11:$G$29,3),VLOOKUP(I158,Feuil1!$A$11:$G$29,2))))),IF(OR(H158=\"SEN\",H158<1995),VLOOKUP(I158,Feuil1!$G$11:$L$25,6),IF(AND(H158>1994,H158<1998),VLOOKUP(I158,Feuil1!$G$11:$L$25,5),IF(AND(H158>1997,H158<2000),VLOOKUP(I158,Feuil1!$G$11:$L$25,4),IF(AND(H158>1999,H158<2002),VLOOKUP(I158,Feuil1!$G$11:$L$25,3),VLOOKUP(I158,Feuil1!$G$11:$L$25,2)))))))","v":"C2 69"},135.02882468414717,null," ",{"$f":"T158-HLOOKUP(X158,Feuil1!$C$1:$BL$10,2,FALSE)","v":5},{"$f":"T158-HLOOKUP(X158,Feuil1!$C$1:$BL$10,3,FALSE)","v":-15},{"$f":"T158-HLOOKUP(X158,Feuil1!$C$1:$BL$10,4,FALSE)","v":-30},{"$f":"T158-HLOOKUP(X158,Feuil1!$C$1:$BL$10,5,FALSE)","v":-50},{"$f":"T158-HLOOKUP(X158,Feuil1!$C$1:$BL$10,6,FALSE)","v":-70},{"$f":"T158-HLOOKUP(X158,Feuil1!$C$1:$BL$10,7,FALSE)","v":-90},{"$f":"T158-HLOOKUP(X158,Feuil1!$C$1:$BL$10,8,FALSE)","v":-110},{"$f":"T158-HLOOKUP(X158,Feuil1!$C$1:$BL$10,9,FALSE)","v":-130},{"$f":"T158-HLOOKUP(X158,Feuil1!$C$1:$BL$10,10,FALSE)","v":-900},null,null,null,null,null,null,"DEB "]
["H","NE","ALS",55,371862,"CHANTELOUP","FLORIAN",1998,68.900000000000006,"CS Brumath","F",45,50,-55,50,-50,50,-58,50,100,-37.800000000000011,"DEB ",5,{"$f":"IF(I159=\"\",\"\",IF(A159=\"H\",IF(OR(H159=\"SEN\",H159<1995),VLOOKUP(I159,Feuil1!$A$11:$G$29,6),IF(AND(H159>1994,H159<1998),VLOOKUP(I159,Feuil1!$A$11:$G$29,5),IF(AND(H159>1997,H159<2000),VLOOKUP(I159,Feuil1!$A$11:$G$29,4),IF(AND(H159>1999,H159<2002),VLOOKUP(I159,Feuil1!$A$11:$G$29,3),VLOOKUP(I159,Feuil1!$A$11:$G$29,2))))),IF(OR(H159=\"SEN\",H159<1995),VLOOKUP(I159,Feuil1!$G$11:$L$25,6),IF(AND(H159>1994,H159<1998),VLOOKUP(I159,Feuil1!$G$11:$L$25,5),IF(AND(H159>1997,H159<2000),VLOOKUP(I159,Feuil1!$G$11:$L$25,4),IF(AND(H159>1999,H159<2002),VLOOKUP(I159,Feuil1!$G$11:$L$25,3),VLOOKUP(I159,Feuil1!$G$11:$L$25,2)))))))","v":"C2 69"},134.6509292818555,null," ",{"$f":"T159-HLOOKUP(X159,Feuil1!$C$1:$BL$10,2,FALSE)","v":5},{"$f":"T159-HLOOKUP(X159,Feuil1!$C$1:$BL$10,3,FALSE)","v":-15},{"$f":"T159-HLOOKUP(X159,Feuil1!$C$1:$BL$10,4,FALSE)","v":-30},{"$f":"T159-HLOOKUP(X159,Feuil1!$C$1:$BL$10,5,FALSE)","v":-50},{"$f":"T159-HLOOKUP(X159,Feuil1!$C$1:$BL$10,6,FALSE)","v":-70},{"$f":"T159-HLOOKUP(X159,Feuil1!$C$1:$BL$10,7,FALSE)","v":-90},{"$f":"T159-HLOOKUP(X159,Feuil1!$C$1:$BL$10,8,FALSE)","v":-110},{"$f":"T159-HLOOKUP(X159,Feuil1!$C$1:$BL$10,9,FALSE)","v":-130},{"$f":"T159-HLOOKUP(X159,Feuil1!$C$1:$BL$10,10,FALSE)","v":-900},null,null,null,null,null,null,"DEB "]
["H","N","IDF",56,299652,"TAILLANDIER","REMI",1999,62.6,"CHAVILLE","F",40,-45,-45,40,50,55,57,57,97,-28.200000000000003,"DEB ",2,{"$f":"IF(I160=\"\",\"\",IF(A160=\"H\",IF(OR(H160=\"SEN\",H160<1995),VLOOKUP(I160,Feuil1!$A$11:$G$29,6),IF(AND(H160>1994,H160<1998),VLOOKUP(I160,Feuil1!$A$11:$G$29,5),IF(AND(H160>1997,H160<2000),VLOOKUP(I160,Feuil1!$A$11:$G$29,4),IF(AND(H160>1999,H160<2002),VLOOKUP(I160,Feuil1!$A$11:$G$29,3),VLOOKUP(I160,Feuil1!$A$11:$G$29,2))))),IF(OR(H160=\"SEN\",H160<1995),VLOOKUP(I160,Feuil1!$G$11:$L$25,6),IF(AND(H160>1994,H160<1998),VLOOKUP(I160,Feuil1!$G$11:$L$25,5),IF(AND(H160>1997,H160<2000),VLOOKUP(I160,Feuil1!$G$11:$L$25,4),IF(AND(H160>1999,H160<2002),VLOOKUP(I160,Feuil1!$G$11:$L$25,3),VLOOKUP(I160,Feuil1!$G$11:$L$25,2)))))))","v":"C2 69"},139.32931167482349,null," ",{"$f":"T160-HLOOKUP(X160,Feuil1!$C$1:$BL$10,2,FALSE)","v":2},{"$f":"T160-HLOOKUP(X160,Feuil1!$C$1:$BL$10,3,FALSE)","v":-18},{"$f":"T160-HLOOKUP(X160,Feuil1!$C$1:$BL$10,4,FALSE)","v":-33},{"$f":"T160-HLOOKUP(X160,Feuil1!$C$1:$BL$10,5,FALSE)","v":-53},{"$f":"T160-HLOOKUP(X160,Feuil1!$C$1:$BL$10,6,FALSE)","v":-73},{"$f":"T160-HLOOKUP(X160,Feuil1!$C$1:$BL$10,7,FALSE)","v":-93},{"$f":"T160-HLOOKUP(X160,Feuil1!$C$1:$BL$10,8,FALSE)","v":-113},{"$f":"T160-HLOOKUP(X160,Feuil1!$C$1:$BL$10,9,FALSE)","v":-133},{"$f":"T160-HLOOKUP(X160,Feuil1!$C$1:$BL$10,10,FALSE)","v":-903},null,null,null,null,null,null,"DEB "]
["H","CO","BRE",57,329030,"MAGNIEZ","Killian",1999,64.8,"CHM Plougastel Daoulas","F",36,38,40,40,50,53,56,56,96,-33.599999999999994,"DEB ",1,{"$f":"IF(I161=\"\",\"\",IF(A161=\"H\",IF(OR(H161=\"SEN\",H161<1995),VLOOKUP(I161,Feuil1!$A$11:$G$29,6),IF(AND(H161>1994,H161<1998),VLOOKUP(I161,Feuil1!$A$11:$G$29,5),IF(AND(H161>1997,H161<2000),VLOOKUP(I161,Feuil1!$A$11:$G$29,4),IF(AND(H161>1999,H161<2002),VLOOKUP(I161,Feuil1!$A$11:$G$29,3),VLOOKUP(I161,Feuil1!$A$11:$G$29,2))))),IF(OR(H161=\"SEN\",H161<1995),VLOOKUP(I161,Feuil1!$G$11:$L$25,6),IF(AND(H161>1994,H161<1998),VLOOKUP(I161,Feuil1!$G$11:$L$25,5),IF(AND(H161>1997,H161<2000),VLOOKUP(I161,Feuil1!$G$11:$L$25,4),IF(AND(H161>1999,H161<2002),VLOOKUP(I161,Feuil1!$G$11:$L$25,3),VLOOKUP(I161,Feuil1!$G$11:$L$25,2)))))))","v":"C2 69"},134.62219253209466,null," ",{"$f":"T161-HLOOKUP(X161,Feuil1!$C$1:$BL$10,2,FALSE)","v":1},{"$f":"T161-HLOOKUP(X161,Feuil1!$C$1:$BL$10,3,FALSE)","v":-19},{"$f":"T161-HLOOKUP(X161,Feuil1!$C$1:$BL$10,4,FALSE)","v":-34},{"$f":"T161-HLOOKUP(X161,Feuil1!$C$1:$BL$10,5,FALSE)","v":-54},{"$f":"T161-HLOOKUP(X161,Feuil1!$C$1:$BL$10,6,FALSE)","v":-74},{"$f":"T161-HLOOKUP(X161,Feuil1!$C$1:$BL$10,7,FALSE)","v":-94},{"$f":"T161-HLOOKUP(X161,Feuil1!$C$1:$BL$10,8,FALSE)","v":-114},{"$f":"T161-HLOOKUP(X161,Feuil1!$C$1:$BL$10,9,FALSE)","v":-134},{"$f":"T161-HLOOKUP(X161,Feuil1!$C$1:$BL$10,10,FALSE)","v":-904},null,null,null,null,null,null,"DEB "]
["H","CO","CEN",58,388371,"LAURET","Jérémy",1999,68.8,"CHM Avrais","F",35,40,44,44,40,44,50,50,94,-43.599999999999994,"DEB ",-1,{"$f":"IF(I162=\"\",\"\",IF(A162=\"H\",IF(OR(H162=\"SEN\",H162<1995),VLOOKUP(I162,Feuil1!$A$11:$G$29,6),IF(AND(H162>1994,H162<1998),VLOOKUP(I162,Feuil1!$A$11:$G$29,5),IF(AND(H162>1997,H162<2000),VLOOKUP(I162,Feuil1!$A$11:$G$29,4),IF(AND(H162>1999,H162<2002),VLOOKUP(I162,Feuil1!$A$11:$G$29,3),VLOOKUP(I162,Feuil1!$A$11:$G$29,2))))),IF(OR(H162=\"SEN\",H162<1995),VLOOKUP(I162,Feuil1!$G$11:$L$25,6),IF(AND(H162>1994,H162<1998),VLOOKUP(I162,Feuil1!$G$11:$L$25,5),IF(AND(H162>1997,H162<2000),VLOOKUP(I162,Feuil1!$G$11:$L$25,4),IF(AND(H162>1999,H162<2002),VLOOKUP(I162,Feuil1!$G$11:$L$25,3),VLOOKUP(I162,Feuil1!$G$11:$L$25,2)))))))","v":"C2 69"},126.68981328489701,null," ",{"$f":"T162-HLOOKUP(X162,Feuil1!$C$1:$BL$10,2,FALSE)","v":-1},{"$f":"T162-HLOOKUP(X162,Feuil1!$C$1:$BL$10,3,FALSE)","v":-21},{"$f":"T162-HLOOKUP(X162,Feuil1!$C$1:$BL$10,4,FALSE)","v":-36},{"$f":"T162-HLOOKUP(X162,Feuil1!$C$1:$BL$10,5,FALSE)","v":-56},{"$f":"T162-HLOOKUP(X162,Feuil1!$C$1:$BL$10,6,FALSE)","v":-76},{"$f":"T162-HLOOKUP(X162,Feuil1!$C$1:$BL$10,7,FALSE)","v":-96},{"$f":"T162-HLOOKUP(X162,Feuil1!$C$1:$BL$10,8,FALSE)","v":-116},{"$f":"T162-HLOOKUP(X162,Feuil1!$C$1:$BL$10,9,FALSE)","v":-136},{"$f":"T162-HLOOKUP(X162,Feuil1!$C$1:$BL$10,10,FALSE)","v":-906},null,null,null,null,null,null,"DEB "]
["H","SEST","CAZ",59,376239,"ALLASIA","Denis",1998,67.599999999999994,"ESVL","F",40,-43,-43,40,45,47,53,53,93,-42.199999999999989,"DEB ",-2,{"$f":"IF(I163=\"\",\"\",IF(A163=\"H\",IF(OR(H163=\"SEN\",H163<1995),VLOOKUP(I163,Feuil1!$A$11:$G$29,6),IF(AND(H163>1994,H163<1998),VLOOKUP(I163,Feuil1!$A$11:$G$29,5),IF(AND(H163>1997,H163<2000),VLOOKUP(I163,Feuil1!$A$11:$G$29,4),IF(AND(H163>1999,H163<2002),VLOOKUP(I163,Feuil1!$A$11:$G$29,3),VLOOKUP(I163,Feuil1!$A$11:$G$29,2))))),IF(OR(H163=\"SEN\",H163<1995),VLOOKUP(I163,Feuil1!$G$11:$L$25,6),IF(AND(H163>1994,H163<1998),VLOOKUP(I163,Feuil1!$G$11:$L$25,5),IF(AND(H163>1997,H163<2000),VLOOKUP(I163,Feuil1!$G$11:$L$25,4),IF(AND(H163>1999,H163<2002),VLOOKUP(I163,Feuil1!$G$11:$L$25,3),VLOOKUP(I163,Feuil1!$G$11:$L$25,2)))))))","v":"C2 69"},126.77897725623018,null," ",{"$f":"T163-HLOOKUP(X163,Feuil1!$C$1:$BL$10,2,FALSE)","v":-2},{"$f":"T163-HLOOKUP(X163,Feuil1!$C$1:$BL$10,3,FALSE)","v":-22},{"$f":"T163-HLOOKUP(X163,Feuil1!$C$1:$BL$10,4,FALSE)","v":-37},{"$f":"T163-HLOOKUP(X163,Feuil1!$C$1:$BL$10,5,FALSE)","v":-57},{"$f":"T163-HLOOKUP(X163,Feuil1!$C$1:$BL$10,6,FALSE)","v":-77},{"$f":"T163-HLOOKUP(X163,Feuil1!$C$1:$BL$10,7,FALSE)","v":-97},{"$f":"T163-HLOOKUP(X163,Feuil1!$C$1:$BL$10,8,FALSE)","v":-117},{"$f":"T163-HLOOKUP(X163,Feuil1!$C$1:$BL$10,9,FALSE)","v":-137},{"$f":"T163-HLOOKUP(X163,Feuil1!$C$1:$BL$10,10,FALSE)","v":-907},null,null,null,null,null,null,"DEB "]
["H","CO","CEN",60,391108,"DA SILVA","Boris",1999,67.2,"CM Orléans","F",-37,37,40,40,45,50,52,52,92,-42.400000000000006,"DEB ",-3,{"$f":"IF(I164=\"\",\"\",IF(A164=\"H\",IF(OR(H164=\"SEN\",H164<1995),VLOOKUP(I164,Feuil1!$A$11:$G$29,6),IF(AND(H164>1994,H164<1998),VLOOKUP(I164,Feuil1!$A$11:$G$29,5),IF(AND(H164>1997,H164<2000),VLOOKUP(I164,Feuil1!$A$11:$G$29,4),IF(AND(H164>1999,H164<2002),VLOOKUP(I164,Feuil1!$A$11:$G$29,3),VLOOKUP(I164,Feuil1!$A$11:$G$29,2))))),IF(OR(H164=\"SEN\",H164<1995),VLOOKUP(I164,Feuil1!$G$11:$L$25,6),IF(AND(H164>1994,H164<1998),VLOOKUP(I164,Feuil1!$G$11:$L$25,5),IF(AND(H164>1997,H164<2000),VLOOKUP(I164,Feuil1!$G$11:$L$25,4),IF(AND(H164>1999,H164<2002),VLOOKUP(I164,Feuil1!$G$11:$L$25,3),VLOOKUP(I164,Feuil1!$G$11:$L$25,2)))))))","v":"C2 69"},125.90493250996842,null," ",{"$f":"T164-HLOOKUP(X164,Feuil1!$C$1:$BL$10,2,FALSE)","v":-3},{"$f":"T164-HLOOKUP(X164,Feuil1!$C$1:$BL$10,3,FALSE)","v":-23},{"$f":"T164-HLOOKUP(X164,Feuil1!$C$1:$BL$10,4,FALSE)","v":-38},{"$f":"T164-HLOOKUP(X164,Feuil1!$C$1:$BL$10,5,FALSE)","v":-58},{"$f":"T164-HLOOKUP(X164,Feuil1!$C$1:$BL$10,6,FALSE)","v":-78},{"$f":"T164-HLOOKUP(X164,Feuil1!$C$1:$BL$10,7,FALSE)","v":-98},{"$f":"T164-HLOOKUP(X164,Feuil1!$C$1:$BL$10,8,FALSE)","v":-118},{"$f":"T164-HLOOKUP(X164,Feuil1!$C$1:$BL$10,9,FALSE)","v":-138},{"$f":"T164-HLOOKUP(X164,Feuil1!$C$1:$BL$10,10,FALSE)","v":-908},null,null,null,null,null,null,"DEB "]
["H","SO","MPY",61,378620,"DELBOS","Adrien",1998,62.64,"FIGEAC HC","F",30,-35,35,35,45,50,55,55,90,-35.28,"DEB ",-5,{"$f":"IF(I165=\"\",\"\",IF(A165=\"H\",IF(OR(H165=\"SEN\",H165<1995),VLOOKUP(I165,Feuil1!$A$11:$G$29,6),IF(AND(H165>1994,H165<1998),VLOOKUP(I165,Feuil1!$A$11:$G$29,5),IF(AND(H165>1997,H165<2000),VLOOKUP(I165,Feuil1!$A$11:$G$29,4),IF(AND(H165>1999,H165<2002),VLOOKUP(I165,Feuil1!$A$11:$G$29,3),VLOOKUP(I165,Feuil1!$A$11:$G$29,2))))),IF(OR(H165=\"SEN\",H165<1995),VLOOKUP(I165,Feuil1!$G$11:$L$25,6),IF(AND(H165>1994,H165<1998),VLOOKUP(I165,Feuil1!$G$11:$L$25,5),IF(AND(H165>1997,H165<2000),VLOOKUP(I165,Feuil1!$G$11:$L$25,4),IF(AND(H165>1999,H165<2002),VLOOKUP(I165,Feuil1!$G$11:$L$25,3),VLOOKUP(I165,Feuil1!$G$11:$L$25,2)))))))","v":"C2 69"},129.21627605452016,null," ",{"$f":"T165-HLOOKUP(X165,Feuil1!$C$1:$BL$10,2,FALSE)","v":-5},{"$f":"T165-HLOOKUP(X165,Feuil1!$C$1:$BL$10,3,FALSE)","v":-25},{"$f":"T165-HLOOKUP(X165,Feuil1!$C$1:$BL$10,4,FALSE)","v":-40},{"$f":"T165-HLOOKUP(X165,Feuil1!$C$1:$BL$10,5,FALSE)","v":-60},{"$f":"T165-HLOOKUP(X165,Feuil1!$C$1:$BL$10,6,FALSE)","v":-80},{"$f":"T165-HLOOKUP(X165,Feuil1!$C$1:$BL$10,7,FALSE)","v":-100},{"$f":"T165-HLOOKUP(X165,Feuil1!$C$1:$BL$10,8,FALSE)","v":-120},{"$f":"T165-HLOOKUP(X165,Feuil1!$C$1:$BL$10,9,FALSE)","v":-140},{"$f":"T165-HLOOKUP(X165,Feuil1!$C$1:$BL$10,10,FALSE)","v":-910},null,null,null,null,null,null,"DEB "]
["H","NE","BOU",62,388232,"VERVIER ","Yoann",1998,65.150000000000006,"Olympique Mâcon","F",35,38,40,40,45,50,-53,50,90,-40.300000000000011,"DEB ",-5,{"$f":"IF(I166=\"\",\"\",IF(A166=\"H\",IF(OR(H166=\"SEN\",H166<1995),VLOOKUP(I166,Feuil1!$A$11:$G$29,6),IF(AND(H166>1994,H166<1998),VLOOKUP(I166,Feuil1!$A$11:$G$29,5),IF(AND(H166>1997,H166<2000),VLOOKUP(I166,Feuil1!$A$11:$G$29,4),IF(AND(H166>1999,H166<2002),VLOOKUP(I166,Feuil1!$A$11:$G$29,3),VLOOKUP(I166,Feuil1!$A$11:$G$29,2))))),IF(OR(H166=\"SEN\",H166<1995),VLOOKUP(I166,Feuil1!$G$11:$L$25,6),IF(AND(H166>1994,H166<1998),VLOOKUP(I166,Feuil1!$G$11:$L$25,5),IF(AND(H166>1997,H166<2000),VLOOKUP(I166,Feuil1!$G$11:$L$25,4),IF(AND(H166>1999,H166<2002),VLOOKUP(I166,Feuil1!$G$11:$L$25,3),VLOOKUP(I166,Feuil1!$G$11:$L$25,2)))))))","v":"C2 69"},125.74603154999565,null," ",{"$f":"T166-HLOOKUP(X166,Feuil1!$C$1:$BL$10,2,FALSE)","v":-5},{"$f":"T166-HLOOKUP(X166,Feuil1!$C$1:$BL$10,3,FALSE)","v":-25},{"$f":"T166-HLOOKUP(X166,Feuil1!$C$1:$BL$10,4,FALSE)","v":-40},{"$f":"T166-HLOOKUP(X166,Feuil1!$C$1:$BL$10,5,FALSE)","v":-60},{"$f":"T166-HLOOKUP(X166,Feuil1!$C$1:$BL$10,6,FALSE)","v":-80},{"$f":"T166-HLOOKUP(X166,Feuil1!$C$1:$BL$10,7,FALSE)","v":-100},{"$f":"T166-HLOOKUP(X166,Feuil1!$C$1:$BL$10,8,FALSE)","v":-120},{"$f":"T166-HLOOKUP(X166,Feuil1!$C$1:$BL$10,9,FALSE)","v":-140},{"$f":"T166-HLOOKUP(X166,Feuil1!$C$1:$BL$10,10,FALSE)","v":-910},null,null,null,null,null,null,"DEB "]
["H","SEST","RAL",63,383325,"AZZOPARDI","Romain",1998,69,"Bourg de Péage","F",30,35,38,38,40,45,50,50,88,-50,"DEB ",-7,{"$f":"IF(I167=\"\",\"\",IF(A167=\"H\",IF(OR(H167=\"SEN\",H167<1995),VLOOKUP(I167,Feuil1!$A$11:$G$29,6),IF(AND(H167>1994,H167<1998),VLOOKUP(I167,Feuil1!$A$11:$G$29,5),IF(AND(H167>1997,H167<2000),VLOOKUP(I167,Feuil1!$A$11:$G$29,4),IF(AND(H167>1999,H167<2002),VLOOKUP(I167,Feuil1!$A$11:$G$29,3),VLOOKUP(I167,Feuil1!$A$11:$G$29,2))))),IF(OR(H167=\"SEN\",H167<1995),VLOOKUP(I167,Feuil1!$G$11:$L$25,6),IF(AND(H167>1994,H167<1998),VLOOKUP(I167,Feuil1!$G$11:$L$25,5),IF(AND(H167>1997,H167<2000),VLOOKUP(I167,Feuil1!$G$11:$L$25,4),IF(AND(H167>1999,H167<2002),VLOOKUP(I167,Feuil1!$G$11:$L$25,3),VLOOKUP(I167,Feuil1!$G$11:$L$25,2)))))))","v":"C2 69"},118.38284070903052,null," ",{"$f":"T167-HLOOKUP(X167,Feuil1!$C$1:$BL$10,2,FALSE)","v":-7},{"$f":"T167-HLOOKUP(X167,Feuil1!$C$1:$BL$10,3,FALSE)","v":-27},{"$f":"T167-HLOOKUP(X167,Feuil1!$C$1:$BL$10,4,FALSE)","v":-42},{"$f":"T167-HLOOKUP(X167,Feuil1!$C$1:$BL$10,5,FALSE)","v":-62},{"$f":"T167-HLOOKUP(X167,Feuil1!$C$1:$BL$10,6,FALSE)","v":-82},{"$f":"T167-HLOOKUP(X167,Feuil1!$C$1:$BL$10,7,FALSE)","v":-102},{"$f":"T167-HLOOKUP(X167,Feuil1!$C$1:$BL$10,8,FALSE)","v":-122},{"$f":"T167-HLOOKUP(X167,Feuil1!$C$1:$BL$10,9,FALSE)","v":-142},{"$f":"T167-HLOOKUP(X167,Feuil1!$C$1:$BL$10,10,FALSE)","v":-912},null,null,null,null,null,null,"DEB "]
["H","SEST","RAL",64,383326,"CAUCHARD","Florian",1999,62.7,"Bourg de Péage","F",33,36,-39,36,50,-53,-53,50,86,-39.400000000000006,"DEB ",-9,{"$f":"IF(I168=\"\",\"\",IF(A168=\"H\",IF(OR(H168=\"SEN\",H168<1995),VLOOKUP(I168,Feuil1!$A$11:$G$29,6),IF(AND(H168>1994,H168<1998),VLOOKUP(I168,Feuil1!$A$11:$G$29,5),IF(AND(H168>1997,H168<2000),VLOOKUP(I168,Feuil1!$A$11:$G$29,4),IF(AND(H168>1999,H168<2002),VLOOKUP(I168,Feuil1!$A$11:$G$29,3),VLOOKUP(I168,Feuil1!$A$11:$G$29,2))))),IF(OR(H168=\"SEN\",H168<1995),VLOOKUP(I168,Feuil1!$G$11:$L$25,6),IF(AND(H168>1994,H168<1998),VLOOKUP(I168,Feuil1!$G$11:$L$25,5),IF(AND(H168>1997,H168<2000),VLOOKUP(I168,Feuil1!$G$11:$L$25,4),IF(AND(H168>1999,H168<2002),VLOOKUP(I168,Feuil1!$G$11:$L$25,3),VLOOKUP(I168,Feuil1!$G$11:$L$25,2)))))))","v":"C2 69"},123.38988432713126,null," ",{"$f":"T168-HLOOKUP(X168,Feuil1!$C$1:$BL$10,2,FALSE)","v":-9},{"$f":"T168-HLOOKUP(X168,Feuil1!$C$1:$BL$10,3,FALSE)","v":-29},{"$f":"T168-HLOOKUP(X168,Feuil1!$C$1:$BL$10,4,FALSE)","v":-44},{"$f":"T168-HLOOKUP(X168,Feuil1!$C$1:$BL$10,5,FALSE)","v":-64},{"$f":"T168-HLOOKUP(X168,Feuil1!$C$1:$BL$10,6,FALSE)","v":-84},{"$f":"T168-HLOOKUP(X168,Feuil1!$C$1:$BL$10,7,FALSE)","v":-104},{"$f":"T168-HLOOKUP(X168,Feuil1!$C$1:$BL$10,8,FALSE)","v":-124},{"$f":"T168-HLOOKUP(X168,Feuil1!$C$1:$BL$10,9,FALSE)","v":-144},{"$f":"T168-HLOOKUP(X168,Feuil1!$C$1:$BL$10,10,FALSE)","v":-914},null,null,null,null,null,null,"DEB "]
["H","CO","CEN",65,381006,"COLIN","Jocelin",1999,62.2,"CHM Avrais","F",30,33,35,{"$f":"IF(H169=\"\",\"\",IF(MAXA(L169:N169)<=0,0,MAXA(L169:N169)))","v":35},42,45,-47,{"$f":"IF(H169=\"\",\"\",IF(MAXA(P169:R169)<=0,0,MAXA(P169:R169)))","v":45},{"$f":"IF(H169=\"\",\"\",IF(OR(O169=0,S169=0),0,O169+S169))","v":80},{"$f":"T169-I169*2","v":-44.400000000000006},{"$f":"IF(H169=\"\",\"\",AQ169)","v":"DEB "},{"$f":"IF(AJ169>=0,AJ169,IF(AI169>=0,AI169,IF(AH169>=0,AH169,IF(AG169>=0,AG169,IF(AF169>=0,AF169,IF(AE169>=0,AE169,IF(AD169>=0,AD169,IF(AC169>=0,AC169,AB169))))))))","v":-15},{"$f":"IF(I169=\"\",\"\",IF(A169=\"H\",IF(OR(H169=\"SEN\",H169<1995),VLOOKUP(I169,Feuil1!$A$11:$G$29,6),IF(AND(H169>1994,H169<1998),VLOOKUP(I169,Feuil1!$A$11:$G$29,5),IF(AND(H169>1997,H169<2000),VLOOKUP(I169,Feuil1!$A$11:$G$29,4),IF(AND(H169>1999,H169<2002),VLOOKUP(I169,Feuil1!$A$11:$G$29,3),VLOOKUP(I169,Feuil1!$A$11:$G$29,2))))),IF(OR(H169=\"SEN\",H169<1995),VLOOKUP(I169,Feuil1!$G$11:$L$25,6),IF(AND(H169>1994,H169<1998),VLOOKUP(I169,Feuil1!$G$11:$L$25,5),IF(AND(H169>1997,H169<2000),VLOOKUP(I169,Feuil1!$G$11:$L$25,4),IF(AND(H169>1999,H169<2002),VLOOKUP(I169,Feuil1!$G$11:$L$25,3),VLOOKUP(I169,Feuil1!$G$11:$L$25,2)))))))","v":"C2 69"},{"$f":"IF(I169=\"\",\"\",IF(A169=\"H\",10^(0.794358141*LOG(I169/174.393)^2)*T169,IF(A169=\"F\",10^(0.89726074*LOG(I169/148.026)^2)*T169,\"\")))","v":115.43430513461431},null," ",{"$f":"T169-HLOOKUP(X169,Feuil1!$C$1:$BL$10,2,FALSE)","v":-15},{"$f":"T169-HLOOKUP(X169,Feuil1!$C$1:$BL$10,3,FALSE)","v":-35},{"$f":"T169-HLOOKUP(X169,Feuil1!$C$1:$BL$10,4,FALSE)","v":-50},{"$f":"T169-HLOOKUP(X169,Feuil1!$C$1:$BL$10,5,FALSE)","v":-70},{"$f":"T169-HLOOKUP(X169,Feuil1!$C$1:$BL$10,6,FALSE)","v":-90},{"$f":"T169-HLOOKUP(X169,Feuil1!$C$1:$BL$10,7,FALSE)","v":-110},{"$f":"T169-HLOOKUP(X169,Feuil1!$C$1:$BL$10,8,FALSE)","v":-130},{"$f":"T169-HLOOKUP(X169,Feuil1!$C$1:$BL$10,9,FALSE)","v":-150},{"$f":"T169-HLOOKUP(X169,Feuil1!$C$1:$BL$10,10,FALSE)","v":-920},null,null,null,null,null,null,{"$f":"IF(AJ169>=0,$AJ$4,IF(AI169>=0,$AI$4,IF(AH169>=0,$AH$4,IF(AG169>=0,$AG$4,IF(AF169>=0,$AF$4,IF(AE169>=0,$AE$4,IF(AD169>=0,$AD$4,IF(AC169>=0,$AC$4,$AB$4))))))))","v":"DEB "}]
["H","SEST","RAL",66,383849,"PERRET","Hugo",1999,62.5,"Entente VIRIAT","F",30,35,-40,35,40,43,45,45,80,-45,"DEB ",-15,{"$f":"IF(I170=\"\",\"\",IF(A170=\"H\",IF(OR(H170=\"SEN\",H170<1995),VLOOKUP(I170,Feuil1!$A$11:$G$29,6),IF(AND(H170>1994,H170<1998),VLOOKUP(I170,Feuil1!$A$11:$G$29,5),IF(AND(H170>1997,H170<2000),VLOOKUP(I170,Feuil1!$A$11:$G$29,4),IF(AND(H170>1999,H170<2002),VLOOKUP(I170,Feuil1!$A$11:$G$29,3),VLOOKUP(I170,Feuil1!$A$11:$G$29,2))))),IF(OR(H170=\"SEN\",H170<1995),VLOOKUP(I170,Feuil1!$G$11:$L$25,6),IF(AND(H170>1994,H170<1998),VLOOKUP(I170,Feuil1!$G$11:$L$25,5),IF(AND(H170>1997,H170<2000),VLOOKUP(I170,Feuil1!$G$11:$L$25,4),IF(AND(H170>1999,H170<2002),VLOOKUP(I170,Feuil1!$G$11:$L$25,3),VLOOKUP(I170,Feuil1!$G$11:$L$25,2)))))))","v":"C2 69"},115.04081342964717,null," ",{"$f":"T170-HLOOKUP(X170,Feuil1!$C$1:$BL$10,2,FALSE)","v":-15},{"$f":"T170-HLOOKUP(X170,Feuil1!$C$1:$BL$10,3,FALSE)","v":-35},{"$f":"T170-HLOOKUP(X170,Feuil1!$C$1:$BL$10,4,FALSE)","v":-50},{"$f":"T170-HLOOKUP(X170,Feuil1!$C$1:$BL$10,5,FALSE)","v":-70},{"$f":"T170-HLOOKUP(X170,Feuil1!$C$1:$BL$10,6,FALSE)","v":-90},{"$f":"T170-HLOOKUP(X170,Feuil1!$C$1:$BL$10,7,FALSE)","v":-110},{"$f":"T170-HLOOKUP(X170,Feuil1!$C$1:$BL$10,8,FALSE)","v":-130},{"$f":"T170-HLOOKUP(X170,Feuil1!$C$1:$BL$10,9,FALSE)","v":-150},{"$f":"T170-HLOOKUP(X170,Feuil1!$C$1:$BL$10,10,FALSE)","v":-920},null,null,null,null,null,null,"DEB "]
["H","SEST","PRO",67,382410,"FLECHE","WILLIAM",1998,62.8,"EEAR MONTEUX","F",25,30,-35,30,35,40,-43,40,70,-55.599999999999994,"DEB ",-25,{"$f":"IF(I171=\"\",\"\",IF(A171=\"H\",IF(OR(H171=\"SEN\",H171<1995),VLOOKUP(I171,Feuil1!$A$11:$G$29,6),IF(AND(H171>1994,H171<1998),VLOOKUP(I171,Feuil1!$A$11:$G$29,5),IF(AND(H171>1997,H171<2000),VLOOKUP(I171,Feuil1!$A$11:$G$29,4),IF(AND(H171>1999,H171<2002),VLOOKUP(I171,Feuil1!$A$11:$G$29,3),VLOOKUP(I171,Feuil1!$A$11:$G$29,2))))),IF(OR(H171=\"SEN\",H171<1995),VLOOKUP(I171,Feuil1!$G$11:$L$25,6),IF(AND(H171>1994,H171<1998),VLOOKUP(I171,Feuil1!$G$11:$L$25,5),IF(AND(H171>1997,H171<2000),VLOOKUP(I171,Feuil1!$G$11:$L$25,4),IF(AND(H171>1999,H171<2002),VLOOKUP(I171,Feuil1!$G$11:$L$25,3),VLOOKUP(I171,Feuil1!$G$11:$L$25,2)))))))","v":"C2 69"},100.3208114554883,null," ",{"$f":"T171-HLOOKUP(X171,Feuil1!$C$1:$BL$10,2,FALSE)","v":-25},{"$f":"T171-HLOOKUP(X171,Feuil1!$C$1:$BL$10,3,FALSE)","v":-45},{"$f":"T171-HLOOKUP(X171,Feuil1!$C$1:$BL$10,4,FALSE)","v":-60},{"$f":"T171-HLOOKUP(X171,Feuil1!$C$1:$BL$10,5,FALSE)","v":-80},{"$f":"T171-HLOOKUP(X171,Feuil1!$C$1:$BL$10,6,FALSE)","v":-100},{"$f":"T171-HLOOKUP(X171,Feuil1!$C$1:$BL$10,7,FALSE)","v":-120},{"$f":"T171-HLOOKUP(X171,Feuil1!$C$1:$BL$10,8,FALSE)","v":-140},{"$f":"T171-HLOOKUP(X171,Feuil1!$C$1:$BL$10,9,FALSE)","v":-160},{"$f":"T171-HLOOKUP(X171,Feuil1!$C$1:$BL$10,10,FALSE)","v":-930},null,null,null,null,null,null,"DEB "]
["H","SEST","RAL",68,379668,"GUIMARD ","Helliott",1998,65.599999999999994,"VALENCE","F",30,32,35,35,30,35,-40,35,70,-61.199999999999989,"DEB ",-25,{"$f":"IF(I172=\"\",\"\",IF(A172=\"H\",IF(OR(H172=\"SEN\",H172<1995),VLOOKUP(I172,Feuil1!$A$11:$G$29,6),IF(AND(H172>1994,H172<1998),VLOOKUP(I172,Feuil1!$A$11:$G$29,5),IF(AND(H172>1997,H172<2000),VLOOKUP(I172,Feuil1!$A$11:$G$29,4),IF(AND(H172>1999,H172<2002),VLOOKUP(I172,Feuil1!$A$11:$G$29,3),VLOOKUP(I172,Feuil1!$A$11:$G$29,2))))),IF(OR(H172=\"SEN\",H172<1995),VLOOKUP(I172,Feuil1!$G$11:$L$25,6),IF(AND(H172>1994,H172<1998),VLOOKUP(I172,Feuil1!$G$11:$L$25,5),IF(AND(H172>1997,H172<2000),VLOOKUP(I172,Feuil1!$G$11:$L$25,4),IF(AND(H172>1999,H172<2002),VLOOKUP(I172,Feuil1!$G$11:$L$25,3),VLOOKUP(I172,Feuil1!$G$11:$L$25,2)))))))","v":"C2 69"},97.347775189661164,null," ",{"$f":"T172-HLOOKUP(X172,Feuil1!$C$1:$BL$10,2,FALSE)","v":-25},{"$f":"T172-HLOOKUP(X172,Feuil1!$C$1:$BL$10,3,FALSE)","v":-45},{"$f":"T172-HLOOKUP(X172,Feuil1!$C$1:$BL$10,4,FALSE)","v":-60},{"$f":"T172-HLOOKUP(X172,Feuil1!$C$1:$BL$10,5,FALSE)","v":-80},{"$f":"T172-HLOOKUP(X172,Feuil1!$C$1:$BL$10,6,FALSE)","v":-100},{"$f":"T172-HLOOKUP(X172,Feuil1!$C$1:$BL$10,7,FALSE)","v":-120},{"$f":"T172-HLOOKUP(X172,Feuil1!$C$1:$BL$10,8,FALSE)","v":-140},{"$f":"T172-HLOOKUP(X172,Feuil1!$C$1:$BL$10,9,FALSE)","v":-160},{"$f":"T172-HLOOKUP(X172,Feuil1!$C$1:$BL$10,10,FALSE)","v":-930},null,null,null,null,null,null,"DEB "]
["H","NE","FCO",69,390779,"SOLANET","Maxime",1999,63.5,"LF Besançon","F",25,28,-30,28,30,32,35,35,63,-64,"DEB ",-32,{"$f":"IF(I173=\"\",\"\",IF(A173=\"H\",IF(OR(H173=\"SEN\",H173<1995),VLOOKUP(I173,Feuil1!$A$11:$G$29,6),IF(AND(H173>1994,H173<1998),VLOOKUP(I173,Feuil1!$A$11:$G$29,5),IF(AND(H173>1997,H173<2000),VLOOKUP(I173,Feuil1!$A$11:$G$29,4),IF(AND(H173>1999,H173<2002),VLOOKUP(I173,Feuil1!$A$11:$G$29,3),VLOOKUP(I173,Feuil1!$A$11:$G$29,2))))),IF(OR(H173=\"SEN\",H173<1995),VLOOKUP(I173,Feuil1!$G$11:$L$25,6),IF(AND(H173>1994,H173<1998),VLOOKUP(I173,Feuil1!$G$11:$L$25,5),IF(AND(H173>1997,H173<2000),VLOOKUP(I173,Feuil1!$G$11:$L$25,4),IF(AND(H173>1999,H173<2002),VLOOKUP(I173,Feuil1!$G$11:$L$25,3),VLOOKUP(I173,Feuil1!$G$11:$L$25,2)))))))","v":"C2 69"},89.589980792785781,null," ",{"$f":"T173-HLOOKUP(X173,Feuil1!$C$1:$BL$10,2,FALSE)","v":-32},{"$f":"T173-HLOOKUP(X173,Feuil1!$C$1:$BL$10,3,FALSE)","v":-52},{"$f":"T173-HLOOKUP(X173,Feuil1!$C$1:$BL$10,4,FALSE)","v":-67},{"$f":"T173-HLOOKUP(X173,Feuil1!$C$1:$BL$10,5,FALSE)","v":-87},{"$f":"T173-HLOOKUP(X173,Feuil1!$C$1:$BL$10,6,FALSE)","v":-107},{"$f":"T173-HLOOKUP(X173,Feuil1!$C$1:$BL$10,7,FALSE)","v":-127},{"$f":"T173-HLOOKUP(X173,Feuil1!$C$1:$BL$10,8,FALSE)","v":-147},{"$f":"T173-HLOOKUP(X173,Feuil1!$C$1:$BL$10,9,FALSE)","v":-167},{"$f":"T173-HLOOKUP(X173,Feuil1!$C$1:$BL$10,10,FALSE)","v":-937},null,null,null,null,null,null,"DEB "]
["H","NE","ALS",70,382825,"BENDENADJI","CHEMSS EDDINE",1998,66.900000000000006,"SA Koenigshoffen","F",25,-27,27,27,30,33,35,35,62,-71.800000000000011,"DEB ",-33,{"$f":"IF(I174=\"\",\"\",IF(A174=\"H\",IF(OR(H174=\"SEN\",H174<1995),VLOOKUP(I174,Feuil1!$A$11:$G$29,6),IF(AND(H174>1994,H174<1998),VLOOKUP(I174,Feuil1!$A$11:$G$29,5),IF(AND(H174>1997,H174<2000),VLOOKUP(I174,Feuil1!$A$11:$G$29,4),IF(AND(H174>1999,H174<2002),VLOOKUP(I174,Feuil1!$A$11:$G$29,3),VLOOKUP(I174,Feuil1!$A$11:$G$29,2))))),IF(OR(H174=\"SEN\",H174<1995),VLOOKUP(I174,Feuil1!$G$11:$L$25,6),IF(AND(H174>1994,H174<1998),VLOOKUP(I174,Feuil1!$G$11:$L$25,5),IF(AND(H174>1997,H174<2000),VLOOKUP(I174,Feuil1!$G$11:$L$25,4),IF(AND(H174>1999,H174<2002),VLOOKUP(I174,Feuil1!$G$11:$L$25,3),VLOOKUP(I174,Feuil1!$G$11:$L$25,2)))))))","v":"C2 69"},85.099727227847197,null," ",{"$f":"T174-HLOOKUP(X174,Feuil1!$C$1:$BL$10,2,FALSE)","v":-33},{"$f":"T174-HLOOKUP(X174,Feuil1!$C$1:$BL$10,3,FALSE)","v":-53},{"$f":"T174-HLOOKUP(X174,Feuil1!$C$1:$BL$10,4,FALSE)","v":-68},{"$f":"T174-HLOOKUP(X174,Feuil1!$C$1:$BL$10,5,FALSE)","v":-88},{"$f":"T174-HLOOKUP(X174,Feuil1!$C$1:$BL$10,6,FALSE)","v":-108},{"$f":"T174-HLOOKUP(X174,Feuil1!$C$1:$BL$10,7,FALSE)","v":-128},{"$f":"T174-HLOOKUP(X174,Feuil1!$C$1:$BL$10,8,FALSE)","v":-148},{"$f":"T174-HLOOKUP(X174,Feuil1!$C$1:$BL$10,9,FALSE)","v":-168},{"$f":"T174-HLOOKUP(X174,Feuil1!$C$1:$BL$10,10,FALSE)","v":-938},null,null,null,null,null,null,"DEB "]
[null,null,null,null,null,null,null,null,null,null,null,null,null,null,null,null,null,null,null,null,null,null,null,null,null,null," ",{"$f":"T175-HLOOKUP(X175,[1]Feuil1!$C$1:$BL$10,2,FALSE)","v":{"$error":"#N/A"}},{"$f":"T175-HLOOKUP(X175,[1]Feuil1!$C$1:$BL$10,3,FALSE)","v":{"$error":"#N/A"}},{"$f":"T175-HLOOKUP(X175,[1]Feuil1!$C$1:$BL$10,4,FALSE)","v":{"$error":"#N/A"}},{"$f":"T175-HLOOKUP(X175,[1]Feuil1!$C$1:$BL$10,5,FALSE)","v":{"$error":"#N/A"}},{"$f":"T175-HLOOKUP(X175,[1]Feuil1!$C$1:$BL$10,6,FALSE)","v":{"$error":"#N/A"}},{"$f":"T175-HLOOKUP(X175,[1]Feuil1!$C$1:$BL$10,7,FALSE)","v":{"$error":"#N/A"}},{"$f":"T175-HLOOKUP(X175,[1]Feuil1!$C$1:$BL$10,8,FALSE)","v":{"$error":"#N/A"}},{"$f":"T175-HLOOKUP(X175,[1]Feuil1!$C$1:$BL$10,9,FALSE)","v":{"$error":"#N/A"}},{"$f":"T175-HLOOKUP(X175,[1]Feuil1!$C$1:$BL$10,10,FALSE)","v":{"$error":"#N/A"}},null,null,null,null,null,null,{"$f":"IF(AJ175>=0,$AJ$4,IF(AI175>=0,$AI$4,IF(AH175>=0,$AH$4,IF(AG175>=0,$AG$4,IF(AF175>=0,$AF$4,IF(AE175>=0,$AE$4,IF(AD175>=0,$AD$4,IF(AC175>=0,$AC$4,$AB$4))))))))","v":{"$error":"#N/A"}}]
["H","NE","LOR",1,222911,"FLAUS","Dylan",1998,76,"A.O.C.Pte-ROSSELLE","F",100,108,-112,{"$f":"IF(H176=\"\",\"\",IF(MAXA(L176:N176)<=0,0,MAXA(L176:N176)))","v":108},120,126,-130,{"$f":"IF(H176=\"\",\"\",IF(MAXA(P176:R176)<=0,0,MAXA(P176:R176)))","v":126},{"$f":"IF(H176=\"\",\"\",IF(OR(O176=0,S176=0),0,O176+S176))","v":234},{"$f":"T176-I176*2","v":82},{"$f":"IF(H176=\"\",\"\",AQ176)","v":"INTB +"},{"$f":"IF(AJ176>=0,AJ176,IF(AI176>=0,AI176,IF(AH176>=0,AH176,IF(AG176>=0,AG176,IF(AF176>=0,AF176,IF(AE176>=0,AE176,IF(AD176>=0,AD176,IF(AC176>=0,AC176,AB176))))))))","v":14},{"$f":"IF(I176=\"\",\"\",IF(A176=\"H\",IF(OR(H176=\"SEN\",H176<1995),VLOOKUP(I176,Feuil1!$A$11:$G$29,6),IF(AND(H176>1994,H176<1998),VLOOKUP(I176,Feuil1!$A$11:$G$29,5),IF(AND(H176>1997,H176<2000),VLOOKUP(I176,Feuil1!$A$11:$G$29,4),IF(AND(H176>1999,H176<2002),VLOOKUP(I176,Feuil1!$A$11:$G$29,3),VLOOKUP(I176,Feuil1!$A$11:$G$29,2))))),IF(OR(H176=\"SEN\",H176<1995),VLOOKUP(I176,Feuil1!$G$11:$L$25,6),IF(AND(H176>1994,H176<1998),VLOOKUP(I176,Feuil1!$G$11:$L$25,5),IF(AND(H176>1997,H176<2000),VLOOKUP(I176,Feuil1!$G$11:$L$25,4),IF(AND(H176>1999,H176<2002),VLOOKUP(I176,Feuil1!$G$11:$L$25,3),VLOOKUP(I176,Feuil1!$G$11:$L$25,2)))))))","v":"C2 77"},{"$f":"IF(I176=\"\",\"\",IF(A176=\"H\",10^(0.794358141*LOG(I176/174.393)^2)*T176,IF(A176=\"F\",10^(0.89726074*LOG(I176/148.026)^2)*T176,\"\")))","v":296.87544346927291},null," ",{"$f":"T176-HLOOKUP(X176,Feuil1!$C$1:$BL$10,2,FALSE)","v":124},{"$f":"T176-HLOOKUP(X176,Feuil1!$C$1:$BL$10,3,FALSE)","v":104},{"$f":"T176-HLOOKUP(X176,Feuil1!$C$1:$BL$10,4,FALSE)","v":84},{"$f":"T176-HLOOKUP(X176,Feuil1!$C$1:$BL$10,5,FALSE)","v":64},{"$f":"T176-HLOOKUP(X176,Feuil1!$C$1:$BL$10,6,FALSE)","v":49},{"$f":"T176-HLOOKUP(X176,Feuil1!$C$1:$BL$10,7,FALSE)","v":34},{"$f":"T176-HLOOKUP(X176,Feuil1!$C$1:$BL$10,8,FALSE)","v":14},{"$f":"T176-HLOOKUP(X176,Feuil1!$C$1:$BL$10,9,FALSE)","v":-16},{"$f":"T176-HLOOKUP(X176,Feuil1!$C$1:$BL$10,10,FALSE)","v":-766},null,null,null,null,null,null,{"$f":"IF(AJ176>=0,$AJ$4,IF(AI176>=0,$AI$4,IF(AH176>=0,$AH$4,IF(AG176>=0,$AG$4,IF(AF176>=0,$AF$4,IF(AE176>=0,$AE$4,IF(AD176>=0,$AD$4,IF(AC176>=0,$AC$4,$AB$4))))))))","v":"INTB +"}]
["H","NE","ALS",2,295214,"YILDIRIM","MARIO",1998,69.599999999999994,"SR Obernai HM","F",90,95,97,97,110,115,118,118,215,75.800000000000011,"NAT +",15,{"$f":"IF(I177=\"\",\"\",IF(A177=\"H\",IF(OR(H177=\"SEN\",H177<1995),VLOOKUP(I177,Feuil1!$A$11:$G$29,6),IF(AND(H177>1994,H177<1998),VLOOKUP(I177,Feuil1!$A$11:$G$29,5),IF(AND(H177>1997,H177<2000),VLOOKUP(I177,Feuil1!$A$11:$G$29,4),IF(AND(H177>1999,H177<2002),VLOOKUP(I177,Feuil1!$A$11:$G$29,3),VLOOKUP(I177,Feuil1!$A$11:$G$29,2))))),IF(OR(H177=\"SEN\",H177<1995),VLOOKUP(I177,Feuil1!$G$11:$L$25,6),IF(AND(H177>1994,H177<1998),VLOOKUP(I177,Feuil1!$G$11:$L$25,5),IF(AND(H177>1997,H177<2000),VLOOKUP(I177,Feuil1!$G$11:$L$25,4),IF(AND(H177>1999,H177<2002),VLOOKUP(I177,Feuil1!$G$11:$L$25,3),VLOOKUP(I177,Feuil1!$G$11:$L$25,2)))))))","v":"C2 77"},287.64063748454907,null," ",{"$f":"T177-HLOOKUP(X177,Feuil1!$C$1:$BL$10,2,FALSE)","v":105},{"$f":"T177-HLOOKUP(X177,Feuil1!$C$1:$BL$10,3,FALSE)","v":85},{"$f":"T177-HLOOKUP(X177,Feuil1!$C$1:$BL$10,4,FALSE)","v":65},{"$f":"T177-HLOOKUP(X177,Feuil1!$C$1:$BL$10,5,FALSE)","v":45},{"$f":"T177-HLOOKUP(X177,Feuil1!$C$1:$BL$10,6,FALSE)","v":30},{"$f":"T177-HLOOKUP(X177,Feuil1!$C$1:$BL$10,7,FALSE)","v":15},{"$f":"T177-HLOOKUP(X177,Feuil1!$C$1:$BL$10,8,FALSE)","v":-5},{"$f":"T177-HLOOKUP(X177,Feuil1!$C$1:$BL$10,9,FALSE)","v":-35},{"$f":"T177-HLOOKUP(X177,Feuil1!$C$1:$BL$10,10,FALSE)","v":-785},null,null,null,null,null,null,"NAT +"]
["H","CO","BRE",3,290461,"DELAPLACE","Quentin",1998,69.7,"ES Saint Avé","F",87,89,-91,89,106,110,-113,110,199,59.599999999999994,"FED +",14,{"$f":"IF(I178=\"\",\"\",IF(A178=\"H\",IF(OR(H178=\"SEN\",H178<1995),VLOOKUP(I178,Feuil1!$A$11:$G$29,6),IF(AND(H178>1994,H178<1998),VLOOKUP(I178,Feuil1!$A$11:$G$29,5),IF(AND(H178>1997,H178<2000),VLOOKUP(I178,Feuil1!$A$11:$G$29,4),IF(AND(H178>1999,H178<2002),VLOOKUP(I178,Feuil1!$A$11:$G$29,3),VLOOKUP(I178,Feuil1!$A$11:$G$29,2))))),IF(OR(H178=\"SEN\",H178<1995),VLOOKUP(I178,Feuil1!$G$11:$L$25,6),IF(AND(H178>1994,H178<1998),VLOOKUP(I178,Feuil1!$G$11:$L$25,5),IF(AND(H178>1997,H178<2000),VLOOKUP(I178,Feuil1!$G$11:$L$25,4),IF(AND(H178>1999,H178<2002),VLOOKUP(I178,Feuil1!$G$11:$L$25,3),VLOOKUP(I178,Feuil1!$G$11:$L$25,2)))))))","v":"C2 77"},265.99286526679384,null," ",{"$f":"T178-HLOOKUP(X178,Feuil1!$C$1:$BL$10,2,FALSE)","v":89},{"$f":"T178-HLOOKUP(X178,Feuil1!$C$1:$BL$10,3,FALSE)","v":69},{"$f":"T178-HLOOKUP(X178,Feuil1!$C$1:$BL$10,4,FALSE)","v":49},{"$f":"T178-HLOOKUP(X178,Feuil1!$C$1:$BL$10,5,FALSE)","v":29},{"$f":"T178-HLOOKUP(X178,Feuil1!$C$1:$BL$10,6,FALSE)","v":14},{"$f":"T178-HLOOKUP(X178,Feuil1!$C$1:$BL$10,7,FALSE)","v":-1},{"$f":"T178-HLOOKUP(X178,Feuil1!$C$1:$BL$10,8,FALSE)","v":-21},{"$f":"T178-HLOOKUP(X178,Feuil1!$C$1:$BL$10,9,FALSE)","v":-51},{"$f":"T178-HLOOKUP(X178,Feuil1!$C$1:$BL$10,10,FALSE)","v":-801},null,null,null,null,null,null,"FED +"]
["H","NE","ALS",4,326137,"CASPAR","JEAN",1998,74.849999999999994,"CS Brumath","F",83,86,88,88,106,109,-112,109,197,47.300000000000011,"FED +",12,{"$f":"IF(I179=\"\",\"\",IF(A179=\"H\",IF(OR(H179=\"SEN\",H179<1995),VLOOKUP(I179,Feuil1!$A$11:$G$29,6),IF(AND(H179>1994,H179<1998),VLOOKUP(I179,Feuil1!$A$11:$G$29,5),IF(AND(H179>1997,H179<2000),VLOOKUP(I179,Feuil1!$A$11:$G$29,4),IF(AND(H179>1999,H179<2002),VLOOKUP(I179,Feuil1!$A$11:$G$29,3),VLOOKUP(I179,Feuil1!$A$11:$G$29,2))))),IF(OR(H179=\"SEN\",H179<1995),VLOOKUP(I179,Feuil1!$G$11:$L$25,6),IF(AND(H179>1994,H179<1998),VLOOKUP(I179,Feuil1!$G$11:$L$25,5),IF(AND(H179>1997,H179<2000),VLOOKUP(I179,Feuil1!$G$11:$L$25,4),IF(AND(H179>1999,H179<2002),VLOOKUP(I179,Feuil1!$G$11:$L$25,3),VLOOKUP(I179,Feuil1!$G$11:$L$25,2)))))))","v":"C2 77"},252.14726005396139,null," ",{"$f":"T179-HLOOKUP(X179,Feuil1!$C$1:$BL$10,2,FALSE)","v":87},{"$f":"T179-HLOOKUP(X179,Feuil1!$C$1:$BL$10,3,FALSE)","v":67},{"$f":"T179-HLOOKUP(X179,Feuil1!$C$1:$BL$10,4,FALSE)","v":47},{"$f":"T179-HLOOKUP(X179,Feuil1!$C$1:$BL$10,5,FALSE)","v":27},{"$f":"T179-HLOOKUP(X179,Feuil1!$C$1:$BL$10,6,FALSE)","v":12},{"$f":"T179-HLOOKUP(X179,Feuil1!$C$1:$BL$10,7,FALSE)","v":-3},{"$f":"T179-HLOOKUP(X179,Feuil1!$C$1:$BL$10,8,FALSE)","v":-23},{"$f":"T179-HLOOKUP(X179,Feuil1!$C$1:$BL$10,9,FALSE)","v":-53},{"$f":"T179-HLOOKUP(X179,Feuil1!$C$1:$BL$10,10,FALSE)","v":-803},null,null,null,null,null,null,"FED +"]
["H","SEST","CAZ",5,295872,"RICHET","Benoit",1999,69.8,"E.S. VILLENEUVE LOUBET","F",82,86,90,90,100,105,-110,105,195,55.400000000000006,"FED +",10,{"$f":"IF(I180=\"\",\"\",IF(A180=\"H\",IF(OR(H180=\"SEN\",H180<1995),VLOOKUP(I180,Feuil1!$A$11:$G$29,6),IF(AND(H180>1994,H180<1998),VLOOKUP(I180,Feuil1!$A$11:$G$29,5),IF(AND(H180>1997,H180<2000),VLOOKUP(I180,Feuil1!$A$11:$G$29,4),IF(AND(H180>1999,H180<2002),VLOOKUP(I180,Feuil1!$A$11:$G$29,3),VLOOKUP(I180,Feuil1!$A$11:$G$29,2))))),IF(OR(H180=\"SEN\",H180<1995),VLOOKUP(I180,Feuil1!$G$11:$L$25,6),IF(AND(H180>1994,H180<1998),VLOOKUP(I180,Feuil1!$G$11:$L$25,5),IF(AND(H180>1997,H180<2000),VLOOKUP(I180,Feuil1!$G$11:$L$25,4),IF(AND(H180>1999,H180<2002),VLOOKUP(I180,Feuil1!$G$11:$L$25,3),VLOOKUP(I180,Feuil1!$G$11:$L$25,2)))))))","v":"C2 77"},260.41010565192801,null," ",{"$f":"T180-HLOOKUP(X180,Feuil1!$C$1:$BL$10,2,FALSE)","v":85},{"$f":"T180-HLOOKUP(X180,Feuil1!$C$1:$BL$10,3,FALSE)","v":65},{"$f":"T180-HLOOKUP(X180,Feuil1!$C$1:$BL$10,4,FALSE)","v":45},{"$f":"T180-HLOOKUP(X180,Feuil1!$C$1:$BL$10,5,FALSE)","v":25},{"$f":"T180-HLOOKUP(X180,Feuil1!$C$1:$BL$10,6,FALSE)","v":10},{"$f":"T180-HLOOKUP(X180,Feuil1!$C$1:$BL$10,7,FALSE)","v":-5},{"$f":"T180-HLOOKUP(X180,Feuil1!$C$1:$BL$10,8,FALSE)","v":-25},{"$f":"T180-HLOOKUP(X180,Feuil1!$C$1:$BL$10,9,FALSE)","v":-55},{"$f":"T180-HLOOKUP(X180,Feuil1!$C$1:$BL$10,10,FALSE)","v":-805},null,null,null,null,null,null,"FED +"]
["H","SEST","RAL",6,"\n 218634","MENDEZ PACHECO","Juan",1999,71.62,"Vaulx-en-Velin","F",80,84,-86,84,104,110,-113,110,194,50.759999999999991,"FED +",9,{"$f":"IF(I181=\"\",\"\",IF(A181=\"H\",IF(OR(H181=\"SEN\",H181<1995),VLOOKUP(I181,Feuil1!$A$11:$G$29,6),IF(AND(H181>1994,H181<1998),VLOOKUP(I181,Feuil1!$A$11:$G$29,5),IF(AND(H181>1997,H181<2000),VLOOKUP(I181,Feuil1!$A$11:$G$29,4),IF(AND(H181>1999,H181<2002),VLOOKUP(I181,Feuil1!$A$11:$G$29,3),VLOOKUP(I181,Feuil1!$A$11:$G$29,2))))),IF(OR(H181=\"SEN\",H181<1995),VLOOKUP(I181,Feuil1!$G$11:$L$25,6),IF(AND(H181>1994,H181<1998),VLOOKUP(I181,Feuil1!$G$11:$L$25,5),IF(AND(H181>1997,H181<2000),VLOOKUP(I181,Feuil1!$G$11:$L$25,4),IF(AND(H181>1999,H181<2002),VLOOKUP(I181,Feuil1!$G$11:$L$25,3),VLOOKUP(I181,Feuil1!$G$11:$L$25,2)))))))","v":"C2 77"},254.95380719511655,null," ",{"$f":"T181-HLOOKUP(X181,Feuil1!$C$1:$BL$10,2,FALSE)","v":84},{"$f":"T181-HLOOKUP(X181,Feuil1!$C$1:$BL$10,3,FALSE)","v":64},{"$f":"T181-HLOOKUP(X181,Feuil1!$C$1:$BL$10,4,FALSE)","v":44},{"$f":"T181-HLOOKUP(X181,Feuil1!$C$1:$BL$10,5,FALSE)","v":24},{"$f":"T181-HLOOKUP(X181,Feuil1!$C$1:$BL$10,6,FALSE)","v":9},{"$f":"T181-HLOOKUP(X181,Feuil1!$C$1:$BL$10,7,FALSE)","v":-6},{"$f":"T181-HLOOKUP(X181,Feuil1!$C$1:$BL$10,8,FALSE)","v":-26},{"$f":"T181-HLOOKUP(X181,Feuil1!$C$1:$BL$10,9,FALSE)","v":-56},{"$f":"T181-HLOOKUP(X181,Feuil1!$C$1:$BL$10,10,FALSE)","v":-806},null,null,null,null,null,null,"FED +"]
["H","CO","PDL",7,379231,"HEUZE","Alexandre",1998,69.5,"CA Evron 53","F",75,80,82,82,103,108,111,111,193,54,"FED +",8,{"$f":"IF(I182=\"\",\"\",IF(A182=\"H\",IF(OR(H182=\"SEN\",H182<1995),VLOOKUP(I182,Feuil1!$A$11:$G$29,6),IF(AND(H182>1994,H182<1998),VLOOKUP(I182,Feuil1!$A$11:$G$29,5),IF(AND(H182>1997,H182<2000),VLOOKUP(I182,Feuil1!$A$11:$G$29,4),IF(AND(H182>1999,H182<2002),VLOOKUP(I182,Feuil1!$A$11:$G$29,3),VLOOKUP(I182,Feuil1!$A$11:$G$29,2))))),IF(OR(H182=\"SEN\",H182<1995),VLOOKUP(I182,Feuil1!$G$11:$L$25,6),IF(AND(H182>1994,H182<1998),VLOOKUP(I182,Feuil1!$G$11:$L$25,5),IF(AND(H182>1997,H182<2000),VLOOKUP(I182,Feuil1!$G$11:$L$25,4),IF(AND(H182>1999,H182<2002),VLOOKUP(I182,Feuil1!$G$11:$L$25,3),VLOOKUP(I182,Feuil1!$G$11:$L$25,2)))))))","v":"C2 77"},258.44322385374284,null," ",{"$f":"T182-HLOOKUP(X182,Feuil1!$C$1:$BL$10,2,FALSE)","v":83},{"$f":"T182-HLOOKUP(X182,Feuil1!$C$1:$BL$10,3,FALSE)","v":63},{"$f":"T182-HLOOKUP(X182,Feuil1!$C$1:$BL$10,4,FALSE)","v":43},{"$f":"T182-HLOOKUP(X182,Feuil1!$C$1:$BL$10,5,FALSE)","v":23},{"$f":"T182-HLOOKUP(X182,Feuil1!$C$1:$BL$10,6,FALSE)","v":8},{"$f":"T182-HLOOKUP(X182,Feuil1!$C$1:$BL$10,7,FALSE)","v":-7},{"$f":"T182-HLOOKUP(X182,Feuil1!$C$1:$BL$10,8,FALSE)","v":-27},{"$f":"T182-HLOOKUP(X182,Feuil1!$C$1:$BL$10,9,FALSE)","v":-57},{"$f":"T182-HLOOKUP(X182,Feuil1!$C$1:$BL$10,10,FALSE)","v":-807},null,null,null,null,null,null,"FED +"]
["H","NE","ALS",8,371863,"TRAUTMANN","GUILLAUME",1998,76.5,"CS Brumath","F",-82,82,90,90,-102,102,-110,102,192,39,"FED +",7,{"$f":"IF(I183=\"\",\"\",IF(A183=\"H\",IF(OR(H183=\"SEN\",H183<1995),VLOOKUP(I183,Feuil1!$A$11:$G$29,6),IF(AND(H183>1994,H183<1998),VLOOKUP(I183,Feuil1!$A$11:$G$29,5),IF(AND(H183>1997,H183<2000),VLOOKUP(I183,Feuil1!$A$11:$G$29,4),IF(AND(H183>1999,H183<2002),VLOOKUP(I183,Feuil1!$A$11:$G$29,3),VLOOKUP(I183,Feuil1!$A$11:$G$29,2))))),IF(OR(H183=\"SEN\",H183<1995),VLOOKUP(I183,Feuil1!$G$11:$L$25,6),IF(AND(H183>1994,H183<1998),VLOOKUP(I183,Feuil1!$G$11:$L$25,5),IF(AND(H183>1997,H183<2000),VLOOKUP(I183,Feuil1!$G$11:$L$25,4),IF(AND(H183>1999,H183<2002),VLOOKUP(I183,Feuil1!$G$11:$L$25,3),VLOOKUP(I183,Feuil1!$G$11:$L$25,2)))))))","v":"C2 77"},242.68004300558565,null," ",{"$f":"T183-HLOOKUP(X183,Feuil1!$C$1:$BL$10,2,FALSE)","v":82},{"$f":"T183-HLOOKUP(X183,Feuil1!$C$1:$BL$10,3,FALSE)","v":62},{"$f":"T183-HLOOKUP(X183,Feuil1!$C$1:$BL$10,4,FALSE)","v":42},{"$f":"T183-HLOOKUP(X183,Feuil1!$C$1:$BL$10,5,FALSE)","v":22},{"$f":"T183-HLOOKUP(X183,Feuil1!$C$1:$BL$10,6,FALSE)","v":7},{"$f":"T183-HLOOKUP(X183,Feuil1!$C$1:$BL$10,7,FALSE)","v":-8},{"$f":"T183-HLOOKUP(X183,Feuil1!$C$1:$BL$10,8,FALSE)","v":-28},{"$f":"T183-HLOOKUP(X183,Feuil1!$C$1:$BL$10,9,FALSE)","v":-58},{"$f":"T183-HLOOKUP(X183,Feuil1!$C$1:$BL$10,10,FALSE)","v":-808},null,null,null,null,null,null,"FED +"]
["H","NE","FCO",9,312740,"BULLE","Sébastien",1998,70.900000000000006,"LF Besançon","F",80,82,85,85,93,97,100,100,185,43.199999999999989,"FED +",0,{"$f":"IF(I184=\"\",\"\",IF(A184=\"H\",IF(OR(H184=\"SEN\",H184<1995),VLOOKUP(I184,Feuil1!$A$11:$G$29,6),IF(AND(H184>1994,H184<1998),VLOOKUP(I184,Feuil1!$A$11:$G$29,5),IF(AND(H184>1997,H184<2000),VLOOKUP(I184,Feuil1!$A$11:$G$29,4),IF(AND(H184>1999,H184<2002),VLOOKUP(I184,Feuil1!$A$11:$G$29,3),VLOOKUP(I184,Feuil1!$A$11:$G$29,2))))),IF(OR(H184=\"SEN\",H184<1995),VLOOKUP(I184,Feuil1!$G$11:$L$25,6),IF(AND(H184>1994,H184<1998),VLOOKUP(I184,Feuil1!$G$11:$L$25,5),IF(AND(H184>1997,H184<2000),VLOOKUP(I184,Feuil1!$G$11:$L$25,4),IF(AND(H184>1999,H184<2002),VLOOKUP(I184,Feuil1!$G$11:$L$25,3),VLOOKUP(I184,Feuil1!$G$11:$L$25,2)))))))","v":"C2 77"},244.6477418146047,null," ",{"$f":"T184-HLOOKUP(X184,Feuil1!$C$1:$BL$10,2,FALSE)","v":75},{"$f":"T184-HLOOKUP(X184,Feuil1!$C$1:$BL$10,3,FALSE)","v":55},{"$f":"T184-HLOOKUP(X184,Feuil1!$C$1:$BL$10,4,FALSE)","v":35},{"$f":"T184-HLOOKUP(X184,Feuil1!$C$1:$BL$10,5,FALSE)","v":15},{"$f":"T184-HLOOKUP(X184,Feuil1!$C$1:$BL$10,6,FALSE)","v":0},{"$f":"T184-HLOOKUP(X184,Feuil1!$C$1:$BL$10,7,FALSE)","v":-15},{"$f":"T184-HLOOKUP(X184,Feuil1!$C$1:$BL$10,8,FALSE)","v":-35},{"$f":"T184-HLOOKUP(X184,Feuil1!$C$1:$BL$10,9,FALSE)","v":-65},{"$f":"T184-HLOOKUP(X184,Feuil1!$C$1:$BL$10,10,FALSE)","v":-815},null,null,null,null,null,null,"FED +"]
["H","CO","PDL",10,273245,"BERTIN","AYMERIC",1998,76.7,"CJF LAVAL/VOUTRÉ","F",80,-83,83,83,92,-95,95,95,178,24.599999999999994,"IRG +",8,{"$f":"IF(I185=\"\",\"\",IF(A185=\"H\",IF(OR(H185=\"SEN\",H185<1995),VLOOKUP(I185,Feuil1!$A$11:$G$29,6),IF(AND(H185>1994,H185<1998),VLOOKUP(I185,Feuil1!$A$11:$G$29,5),IF(AND(H185>1997,H185<2000),VLOOKUP(I185,Feuil1!$A$11:$G$29,4),IF(AND(H185>1999,H185<2002),VLOOKUP(I185,Feuil1!$A$11:$G$29,3),VLOOKUP(I185,Feuil1!$A$11:$G$29,2))))),IF(OR(H185=\"SEN\",H185<1995),VLOOKUP(I185,Feuil1!$G$11:$L$25,6),IF(AND(H185>1994,H185<1998),VLOOKUP(I185,Feuil1!$G$11:$L$25,5),IF(AND(H185>1997,H185<2000),VLOOKUP(I185,Feuil1!$G$11:$L$25,4),IF(AND(H185>1999,H185<2002),VLOOKUP(I185,Feuil1!$G$11:$L$25,3),VLOOKUP(I185,Feuil1!$G$11:$L$25,2)))))))","v":"C2 77"},224.65141731744919,null," ",{"$f":"T185-HLOOKUP(X185,Feuil1!$C$1:$BL$10,2,FALSE)","v":68},{"$f":"T185-HLOOKUP(X185,Feuil1!$C$1:$BL$10,3,FALSE)","v":48},{"$f":"T185-HLOOKUP(X185,Feuil1!$C$1:$BL$10,4,FALSE)","v":28},{"$f":"T185-HLOOKUP(X185,Feuil1!$C$1:$BL$10,5,FALSE)","v":8},{"$f":"T185-HLOOKUP(X185,Feuil1!$C$1:$BL$10,6,FALSE)","v":-7},{"$f":"T185-HLOOKUP(X185,Feuil1!$C$1:$BL$10,7,FALSE)","v":-22},{"$f":"T185-HLOOKUP(X185,Feuil1!$C$1:$BL$10,8,FALSE)","v":-42},{"$f":"T185-HLOOKUP(X185,Feuil1!$C$1:$BL$10,9,FALSE)","v":-72},{"$f":"T185-HLOOKUP(X185,Feuil1!$C$1:$BL$10,10,FALSE)","v":-822},null,null,null,null,null,null,"IRG +"]
["H","CO","BNO",11,247806,"PANNIER","Julien",1998,69.400000000000006,"Caen CHM","F",-70,70,75,75,90,95,100,100,175,36.199999999999989,"IRG +",5,{"$f":"IF(I186=\"\",\"\",IF(A186=\"H\",IF(OR(H186=\"SEN\",H186<1995),VLOOKUP(I186,Feuil1!$A$11:$G$29,6),IF(AND(H186>1994,H186<1998),VLOOKUP(I186,Feuil1!$A$11:$G$29,5),IF(AND(H186>1997,H186<2000),VLOOKUP(I186,Feuil1!$A$11:$G$29,4),IF(AND(H186>1999,H186<2002),VLOOKUP(I186,Feuil1!$A$11:$G$29,3),VLOOKUP(I186,Feuil1!$A$11:$G$29,2))))),IF(OR(H186=\"SEN\",H186<1995),VLOOKUP(I186,Feuil1!$G$11:$L$25,6),IF(AND(H186>1994,H186<1998),VLOOKUP(I186,Feuil1!$G$11:$L$25,5),IF(AND(H186>1997,H186<2000),VLOOKUP(I186,Feuil1!$G$11:$L$25,4),IF(AND(H186>1999,H186<2002),VLOOKUP(I186,Feuil1!$G$11:$L$25,3),VLOOKUP(I186,Feuil1!$G$11:$L$25,2)))))))","v":"C2 77"},234.55415939372406,null," ",{"$f":"T186-HLOOKUP(X186,Feuil1!$C$1:$BL$10,2,FALSE)","v":65},{"$f":"T186-HLOOKUP(X186,Feuil1!$C$1:$BL$10,3,FALSE)","v":45},{"$f":"T186-HLOOKUP(X186,Feuil1!$C$1:$BL$10,4,FALSE)","v":25},{"$f":"T186-HLOOKUP(X186,Feuil1!$C$1:$BL$10,5,FALSE)","v":5},{"$f":"T186-HLOOKUP(X186,Feuil1!$C$1:$BL$10,6,FALSE)","v":-10},{"$f":"T186-HLOOKUP(X186,Feuil1!$C$1:$BL$10,7,FALSE)","v":-25},{"$f":"T186-HLOOKUP(X186,Feuil1!$C$1:$BL$10,8,FALSE)","v":-45},{"$f":"T186-HLOOKUP(X186,Feuil1!$C$1:$BL$10,9,FALSE)","v":-75},{"$f":"T186-HLOOKUP(X186,Feuil1!$C$1:$BL$10,10,FALSE)","v":-825},null,null,null,null,null,null,"IRG +"]
["H","NE","ALS",12,281051,"GIORGIANI","DYLAN",1999,69.3,"US Wittenheim","F",-73,73,-77,73,90,95,100,100,173,34.400000000000006,"IRG +",3,{"$f":"IF(I187=\"\",\"\",IF(A187=\"H\",IF(OR(H187=\"SEN\",H187<1995),VLOOKUP(I187,Feuil1!$A$11:$G$29,6),IF(AND(H187>1994,H187<1998),VLOOKUP(I187,Feuil1!$A$11:$G$29,5),IF(AND(H187>1997,H187<2000),VLOOKUP(I187,Feuil1!$A$11:$G$29,4),IF(AND(H187>1999,H187<2002),VLOOKUP(I187,Feuil1!$A$11:$G$29,3),VLOOKUP(I187,Feuil1!$A$11:$G$29,2))))),IF(OR(H187=\"SEN\",H187<1995),VLOOKUP(I187,Feuil1!$G$11:$L$25,6),IF(AND(H187>1994,H187<1998),VLOOKUP(I187,Feuil1!$G$11:$L$25,5),IF(AND(H187>1997,H187<2000),VLOOKUP(I187,Feuil1!$G$11:$L$25,4),IF(AND(H187>1999,H187<2002),VLOOKUP(I187,Feuil1!$G$11:$L$25,3),VLOOKUP(I187,Feuil1!$G$11:$L$25,2)))))))","v":"C2 77"},232.08637106537785,null," ",{"$f":"T187-HLOOKUP(X187,Feuil1!$C$1:$BL$10,2,FALSE)","v":63},{"$f":"T187-HLOOKUP(X187,Feuil1!$C$1:$BL$10,3,FALSE)","v":43},{"$f":"T187-HLOOKUP(X187,Feuil1!$C$1:$BL$10,4,FALSE)","v":23},{"$f":"T187-HLOOKUP(X187,Feuil1!$C$1:$BL$10,5,FALSE)","v":3},{"$f":"T187-HLOOKUP(X187,Feuil1!$C$1:$BL$10,6,FALSE)","v":-12},{"$f":"T187-HLOOKUP(X187,Feuil1!$C$1:$BL$10,7,FALSE)","v":-27},{"$f":"T187-HLOOKUP(X187,Feuil1!$C$1:$BL$10,8,FALSE)","v":-47},{"$f":"T187-HLOOKUP(X187,Feuil1!$C$1:$BL$10,9,FALSE)","v":-77},{"$f":"T187-HLOOKUP(X187,Feuil1!$C$1:$BL$10,10,FALSE)","v":-827},null,null,null,null,null,null,"IRG +"]
["H","DOM","REU",13,287646,"CALPETARD","THOMAS",1999,73.5,"CH TAMPON","F",70,75,-77,75,90,-95,-95,90,165,18,"REG +",15,{"$f":"IF(I188=\"\",\"\",IF(A188=\"H\",IF(OR(H188=\"SEN\",H188<1995),VLOOKUP(I188,Feuil1!$A$11:$G$29,6),IF(AND(H188>1994,H188<1998),VLOOKUP(I188,Feuil1!$A$11:$G$29,5),IF(AND(H188>1997,H188<2000),VLOOKUP(I188,Feuil1!$A$11:$G$29,4),IF(AND(H188>1999,H188<2002),VLOOKUP(I188,Feuil1!$A$11:$G$29,3),VLOOKUP(I188,Feuil1!$A$11:$G$29,2))))),IF(OR(H188=\"SEN\",H188<1995),VLOOKUP(I188,Feuil1!$G$11:$L$25,6),IF(AND(H188>1994,H188<1998),VLOOKUP(I188,Feuil1!$G$11:$L$25,5),IF(AND(H188>1997,H188<2000),VLOOKUP(I188,Feuil1!$G$11:$L$25,4),IF(AND(H188>1999,H188<2002),VLOOKUP(I188,Feuil1!$G$11:$L$25,3),VLOOKUP(I188,Feuil1!$G$11:$L$25,2)))))))","v":"C2 77"},213.46889755165543,null," ",{"$f":"T188-HLOOKUP(X188,Feuil1!$C$1:$BL$10,2,FALSE)","v":55},{"$f":"T188-HLOOKUP(X188,Feuil1!$C$1:$BL$10,3,FALSE)","v":35},{"$f":"T188-HLOOKUP(X188,Feuil1!$C$1:$BL$10,4,FALSE)","v":15},{"$f":"T188-HLOOKUP(X188,Feuil1!$C$1:$BL$10,5,FALSE)","v":-5},{"$f":"T188-HLOOKUP(X188,Feuil1!$C$1:$BL$10,6,FALSE)","v":-20},{"$f":"T188-HLOOKUP(X188,Feuil1!$C$1:$BL$10,7,FALSE)","v":-35},{"$f":"T188-HLOOKUP(X188,Feuil1!$C$1:$BL$10,8,FALSE)","v":-55},{"$f":"T188-HLOOKUP(X188,Feuil1!$C$1:$BL$10,9,FALSE)","v":-85},{"$f":"T188-HLOOKUP(X188,Feuil1!$C$1:$BL$10,10,FALSE)","v":-835},null,null,null,null,null,null,"REG +"]
["H","N","IDF",14,380863,"GARNIER","SAMUEL",1999,69.8,"MASSY","F",65,70,75,75,80,85,-90,85,160,20.400000000000006,"REG +",10,{"$f":"IF(I189=\"\",\"\",IF(A189=\"H\",IF(OR(H189=\"SEN\",H189<1995),VLOOKUP(I189,Feuil1!$A$11:$G$29,6),IF(AND(H189>1994,H189<1998),VLOOKUP(I189,Feuil1!$A$11:$G$29,5),IF(AND(H189>1997,H189<2000),VLOOKUP(I189,Feuil1!$A$11:$G$29,4),IF(AND(H189>1999,H189<2002),VLOOKUP(I189,Feuil1!$A$11:$G$29,3),VLOOKUP(I189,Feuil1!$A$11:$G$29,2))))),IF(OR(H189=\"SEN\",H189<1995),VLOOKUP(I189,Feuil1!$G$11:$L$25,6),IF(AND(H189>1994,H189<1998),VLOOKUP(I189,Feuil1!$G$11:$L$25,5),IF(AND(H189>1997,H189<2000),VLOOKUP(I189,Feuil1!$G$11:$L$25,4),IF(AND(H189>1999,H189<2002),VLOOKUP(I189,Feuil1!$G$11:$L$25,3),VLOOKUP(I189,Feuil1!$G$11:$L$25,2)))))))","v":"C2 77"},213.669830278505,null," ",{"$f":"T189-HLOOKUP(X189,Feuil1!$C$1:$BL$10,2,FALSE)","v":50},{"$f":"T189-HLOOKUP(X189,Feuil1!$C$1:$BL$10,3,FALSE)","v":30},{"$f":"T189-HLOOKUP(X189,Feuil1!$C$1:$BL$10,4,FALSE)","v":10},{"$f":"T189-HLOOKUP(X189,Feuil1!$C$1:$BL$10,5,FALSE)","v":-10},{"$f":"T189-HLOOKUP(X189,Feuil1!$C$1:$BL$10,6,FALSE)","v":-25},{"$f":"T189-HLOOKUP(X189,Feuil1!$C$1:$BL$10,7,FALSE)","v":-40},{"$f":"T189-HLOOKUP(X189,Feuil1!$C$1:$BL$10,8,FALSE)","v":-60},{"$f":"T189-HLOOKUP(X189,Feuil1!$C$1:$BL$10,9,FALSE)","v":-90},{"$f":"T189-HLOOKUP(X189,Feuil1!$C$1:$BL$10,10,FALSE)","v":-840},null,null,null,null,null,null,"REG +"]
["H","NE","CHA",15,372278,"ARSANUKAEV","Ruslan",1999,76.099999999999994,"Langres HM","Rus",67,70,-74,70,80,85,88,88,158,5.8000000000000114,"REG +",8,{"$f":"IF(I190=\"\",\"\",IF(A190=\"H\",IF(OR(H190=\"SEN\",H190<1995),VLOOKUP(I190,Feuil1!$A$11:$G$29,6),IF(AND(H190>1994,H190<1998),VLOOKUP(I190,Feuil1!$A$11:$G$29,5),IF(AND(H190>1997,H190<2000),VLOOKUP(I190,Feuil1!$A$11:$G$29,4),IF(AND(H190>1999,H190<2002),VLOOKUP(I190,Feuil1!$A$11:$G$29,3),VLOOKUP(I190,Feuil1!$A$11:$G$29,2))))),IF(OR(H190=\"SEN\",H190<1995),VLOOKUP(I190,Feuil1!$G$11:$L$25,6),IF(AND(H190>1994,H190<1998),VLOOKUP(I190,Feuil1!$G$11:$L$25,5),IF(AND(H190>1997,H190<2000),VLOOKUP(I190,Feuil1!$G$11:$L$25,4),IF(AND(H190>1999,H190<2002),VLOOKUP(I190,Feuil1!$G$11:$L$25,3),VLOOKUP(I190,Feuil1!$G$11:$L$25,2)))))))","v":"C2 77"},200.30348330612051,null," ",{"$f":"T190-HLOOKUP(X190,Feuil1!$C$1:$BL$10,2,FALSE)","v":48},{"$f":"T190-HLOOKUP(X190,Feuil1!$C$1:$BL$10,3,FALSE)","v":28},{"$f":"T190-HLOOKUP(X190,Feuil1!$C$1:$BL$10,4,FALSE)","v":8},{"$f":"T190-HLOOKUP(X190,Feuil1!$C$1:$BL$10,5,FALSE)","v":-12},{"$f":"T190-HLOOKUP(X190,Feuil1!$C$1:$BL$10,6,FALSE)","v":-27},{"$f":"T190-HLOOKUP(X190,Feuil1!$C$1:$BL$10,7,FALSE)","v":-42},{"$f":"T190-HLOOKUP(X190,Feuil1!$C$1:$BL$10,8,FALSE)","v":-62},{"$f":"T190-HLOOKUP(X190,Feuil1!$C$1:$BL$10,9,FALSE)","v":-92},{"$f":"T190-HLOOKUP(X190,Feuil1!$C$1:$BL$10,10,FALSE)","v":-842},null,null,null,null,null,null,"REG +"]
["H","SEST","RAL",16,357835,"MORFIN","Renaud",1998,71.599999999999994,"Bourg de Péage","F",64,69,-73,69,75,80,85,85,154,10.800000000000011,"REG +",4,{"$f":"IF(I191=\"\",\"\",IF(A191=\"H\",IF(OR(H191=\"SEN\",H191<1995),VLOOKUP(I191,Feuil1!$A$11:$G$29,6),IF(AND(H191>1994,H191<1998),VLOOKUP(I191,Feuil1!$A$11:$G$29,5),IF(AND(H191>1997,H191<2000),VLOOKUP(I191,Feuil1!$A$11:$G$29,4),IF(AND(H191>1999,H191<2002),VLOOKUP(I191,Feuil1!$A$11:$G$29,3),VLOOKUP(I191,Feuil1!$A$11:$G$29,2))))),IF(OR(H191=\"SEN\",H191<1995),VLOOKUP(I191,Feuil1!$G$11:$L$25,6),IF(AND(H191>1994,H191<1998),VLOOKUP(I191,Feuil1!$G$11:$L$25,5),IF(AND(H191>1997,H191<2000),VLOOKUP(I191,Feuil1!$G$11:$L$25,4),IF(AND(H191>1999,H191<2002),VLOOKUP(I191,Feuil1!$G$11:$L$25,3),VLOOKUP(I191,Feuil1!$G$11:$L$25,2)))))))","v":"C2 77"},202.42072809306458,null," ",{"$f":"T191-HLOOKUP(X191,Feuil1!$C$1:$BL$10,2,FALSE)","v":44},{"$f":"T191-HLOOKUP(X191,Feuil1!$C$1:$BL$10,3,FALSE)","v":24},{"$f":"T191-HLOOKUP(X191,Feuil1!$C$1:$BL$10,4,FALSE)","v":4},{"$f":"T191-HLOOKUP(X191,Feuil1!$C$1:$BL$10,5,FALSE)","v":-16},{"$f":"T191-HLOOKUP(X191,Feuil1!$C$1:$BL$10,6,FALSE)","v":-31},{"$f":"T191-HLOOKUP(X191,Feuil1!$C$1:$BL$10,7,FALSE)","v":-46},{"$f":"T191-HLOOKUP(X191,Feuil1!$C$1:$BL$10,8,FALSE)","v":-66},{"$f":"T191-HLOOKUP(X191,Feuil1!$C$1:$BL$10,9,FALSE)","v":-96},{"$f":"T191-HLOOKUP(X191,Feuil1!$C$1:$BL$10,10,FALSE)","v":-846},null,null,null,null,null,null,"REG +"]
["H","CO","CEN",17,361421,"CHENEVEAU","Yoni",1999,70.5,"AAJ Blois","F",63,65,67,67,78,80,82,82,149,8,"DEP +",19,{"$f":"IF(I192=\"\",\"\",IF(A192=\"H\",IF(OR(H192=\"SEN\",H192<1995),VLOOKUP(I192,Feuil1!$A$11:$G$29,6),IF(AND(H192>1994,H192<1998),VLOOKUP(I192,Feuil1!$A$11:$G$29,5),IF(AND(H192>1997,H192<2000),VLOOKUP(I192,Feuil1!$A$11:$G$29,4),IF(AND(H192>1999,H192<2002),VLOOKUP(I192,Feuil1!$A$11:$G$29,3),VLOOKUP(I192,Feuil1!$A$11:$G$29,2))))),IF(OR(H192=\"SEN\",H192<1995),VLOOKUP(I192,Feuil1!$G$11:$L$25,6),IF(AND(H192>1994,H192<1998),VLOOKUP(I192,Feuil1!$G$11:$L$25,5),IF(AND(H192>1997,H192<2000),VLOOKUP(I192,Feuil1!$G$11:$L$25,4),IF(AND(H192>1999,H192<2002),VLOOKUP(I192,Feuil1!$G$11:$L$25,3),VLOOKUP(I192,Feuil1!$G$11:$L$25,2)))))))","v":"C2 77"},197.73630859859639,null," ",{"$f":"T192-HLOOKUP(X192,Feuil1!$C$1:$BL$10,2,FALSE)","v":39},{"$f":"T192-HLOOKUP(X192,Feuil1!$C$1:$BL$10,3,FALSE)","v":19},{"$f":"T192-HLOOKUP(X192,Feuil1!$C$1:$BL$10,4,FALSE)","v":-1},{"$f":"T192-HLOOKUP(X192,Feuil1!$C$1:$BL$10,5,FALSE)","v":-21},{"$f":"T192-HLOOKUP(X192,Feuil1!$C$1:$BL$10,6,FALSE)","v":-36},{"$f":"T192-HLOOKUP(X192,Feuil1!$C$1:$BL$10,7,FALSE)","v":-51},{"$f":"T192-HLOOKUP(X192,Feuil1!$C$1:$BL$10,8,FALSE)","v":-71},{"$f":"T192-HLOOKUP(X192,Feuil1!$C$1:$BL$10,9,FALSE)","v":-101},{"$f":"T192-HLOOKUP(X192,Feuil1!$C$1:$BL$10,10,FALSE)","v":-851},null,null,null,null,null,null,"DEP +"]
["H","NE","LOR",18,292652,"KULPMANN","Bryan",1998,76.599999999999994,"A.O.C.Pte-ROSSELLE","F",55,60,-64,60,77,84,-88,84,144,-9.1999999999999886,"DEP +",14,{"$f":"IF(I193=\"\",\"\",IF(A193=\"H\",IF(OR(H193=\"SEN\",H193<1995),VLOOKUP(I193,Feuil1!$A$11:$G$29,6),IF(AND(H193>1994,H193<1998),VLOOKUP(I193,Feuil1!$A$11:$G$29,5),IF(AND(H193>1997,H193<2000),VLOOKUP(I193,Feuil1!$A$11:$G$29,4),IF(AND(H193>1999,H193<2002),VLOOKUP(I193,Feuil1!$A$11:$G$29,3),VLOOKUP(I193,Feuil1!$A$11:$G$29,2))))),IF(OR(H193=\"SEN\",H193<1995),VLOOKUP(I193,Feuil1!$G$11:$L$25,6),IF(AND(H193>1994,H193<1998),VLOOKUP(I193,Feuil1!$G$11:$L$25,5),IF(AND(H193>1997,H193<2000),VLOOKUP(I193,Feuil1!$G$11:$L$25,4),IF(AND(H193>1999,H193<2002),VLOOKUP(I193,Feuil1!$G$11:$L$25,3),VLOOKUP(I193,Feuil1!$G$11:$L$25,2)))))))","v":"C2 77"},181.87500749496465,null," ",{"$f":"T193-HLOOKUP(X193,Feuil1!$C$1:$BL$10,2,FALSE)","v":34},{"$f":"T193-HLOOKUP(X193,Feuil1!$C$1:$BL$10,3,FALSE)","v":14},{"$f":"T193-HLOOKUP(X193,Feuil1!$C$1:$BL$10,4,FALSE)","v":-6},{"$f":"T193-HLOOKUP(X193,Feuil1!$C$1:$BL$10,5,FALSE)","v":-26},{"$f":"T193-HLOOKUP(X193,Feuil1!$C$1:$BL$10,6,FALSE)","v":-41},{"$f":"T193-HLOOKUP(X193,Feuil1!$C$1:$BL$10,7,FALSE)","v":-56},{"$f":"T193-HLOOKUP(X193,Feuil1!$C$1:$BL$10,8,FALSE)","v":-76},{"$f":"T193-HLOOKUP(X193,Feuil1!$C$1:$BL$10,9,FALSE)","v":-106},{"$f":"T193-HLOOKUP(X193,Feuil1!$C$1:$BL$10,10,FALSE)","v":-856},null,null,null,null,null,null,"DEP +"]
["H","CO","PDL",19,300942,"BORNET","Rayan",1999,70.900000000000006,"CJF LAVAL/VOUTRÉ","F",61,64,66,66,-76,76,-80,76,142,0.19999999999998863,"DEP +",12,{"$f":"IF(I194=\"\",\"\",IF(A194=\"H\",IF(OR(H194=\"SEN\",H194<1995),VLOOKUP(I194,Feuil1!$A$11:$G$29,6),IF(AND(H194>1994,H194<1998),VLOOKUP(I194,Feuil1!$A$11:$G$29,5),IF(AND(H194>1997,H194<2000),VLOOKUP(I194,Feuil1!$A$11:$G$29,4),IF(AND(H194>1999,H194<2002),VLOOKUP(I194,Feuil1!$A$11:$G$29,3),VLOOKUP(I194,Feuil1!$A$11:$G$29,2))))),IF(OR(H194=\"SEN\",H194<1995),VLOOKUP(I194,Feuil1!$G$11:$L$25,6),IF(AND(H194>1994,H194<1998),VLOOKUP(I194,Feuil1!$G$11:$L$25,5),IF(AND(H194>1997,H194<2000),VLOOKUP(I194,Feuil1!$G$11:$L$25,4),IF(AND(H194>1999,H194<2002),VLOOKUP(I194,Feuil1!$G$11:$L$25,3),VLOOKUP(I194,Feuil1!$G$11:$L$25,2)))))))","v":"C2 77"},187.78367209553443,null," ",{"$f":"T194-HLOOKUP(X194,Feuil1!$C$1:$BL$10,2,FALSE)","v":32},{"$f":"T194-HLOOKUP(X194,Feuil1!$C$1:$BL$10,3,FALSE)","v":12},{"$f":"T194-HLOOKUP(X194,Feuil1!$C$1:$BL$10,4,FALSE)","v":-8},{"$f":"T194-HLOOKUP(X194,Feuil1!$C$1:$BL$10,5,FALSE)","v":-28},{"$f":"T194-HLOOKUP(X194,Feuil1!$C$1:$BL$10,6,FALSE)","v":-43},{"$f":"T194-HLOOKUP(X194,Feuil1!$C$1:$BL$10,7,FALSE)","v":-58},{"$f":"T194-HLOOKUP(X194,Feuil1!$C$1:$BL$10,8,FALSE)","v":-78},{"$f":"T194-HLOOKUP(X194,Feuil1!$C$1:$BL$10,9,FALSE)","v":-108},{"$f":"T194-HLOOKUP(X194,Feuil1!$C$1:$BL$10,10,FALSE)","v":-858},null,null,null,null,null,null,"DEP +"]
["H","NE","LOR",20,363996,"FUHRMANN","Florentin",1999,70.900000000000006,"A.O.C.Pte-ROSSELLE","F",57,-61,61,61,76,80,-84,80,141,-0.80000000000001137,"DEP +",11,{"$f":"IF(I195=\"\",\"\",IF(A195=\"H\",IF(OR(H195=\"SEN\",H195<1995),VLOOKUP(I195,Feuil1!$A$11:$G$29,6),IF(AND(H195>1994,H195<1998),VLOOKUP(I195,Feuil1!$A$11:$G$29,5),IF(AND(H195>1997,H195<2000),VLOOKUP(I195,Feuil1!$A$11:$G$29,4),IF(AND(H195>1999,H195<2002),VLOOKUP(I195,Feuil1!$A$11:$G$29,3),VLOOKUP(I195,Feuil1!$A$11:$G$29,2))))),IF(OR(H195=\"SEN\",H195<1995),VLOOKUP(I195,Feuil1!$G$11:$L$25,6),IF(AND(H195>1994,H195<1998),VLOOKUP(I195,Feuil1!$G$11:$L$25,5),IF(AND(H195>1997,H195<2000),VLOOKUP(I195,Feuil1!$G$11:$L$25,4),IF(AND(H195>1999,H195<2002),VLOOKUP(I195,Feuil1!$G$11:$L$25,3),VLOOKUP(I195,Feuil1!$G$11:$L$25,2)))))))","v":"C2 77"},186.46125186950954,null," ",{"$f":"T195-HLOOKUP(X195,Feuil1!$C$1:$BL$10,2,FALSE)","v":31},{"$f":"T195-HLOOKUP(X195,Feuil1!$C$1:$BL$10,3,FALSE)","v":11},{"$f":"T195-HLOOKUP(X195,Feuil1!$C$1:$BL$10,4,FALSE)","v":-9},{"$f":"T195-HLOOKUP(X195,Feuil1!$C$1:$BL$10,5,FALSE)","v":-29},{"$f":"T195-HLOOKUP(X195,Feuil1!$C$1:$BL$10,6,FALSE)","v":-44},{"$f":"T195-HLOOKUP(X195,Feuil1!$C$1:$BL$10,7,FALSE)","v":-59},{"$f":"T195-HLOOKUP(X195,Feuil1!$C$1:$BL$10,8,FALSE)","v":-79},{"$f":"T195-HLOOKUP(X195,Feuil1!$C$1:$BL$10,9,FALSE)","v":-109},{"$f":"T195-HLOOKUP(X195,Feuil1!$C$1:$BL$10,10,FALSE)","v":-859},null,null,null,null,null,null,"DEP +"]
["H","DOM","MAR",21,244086,"BOULANGE","Nicolas",1999,70,"ABBC/Foyal Didier","F",55,-60,60,60,75,80,-85,80,140,0,"DEP +",10,{"$f":"IF(I196=\"\",\"\",IF(A196=\"H\",IF(OR(H196=\"SEN\",H196<1995),VLOOKUP(I196,Feuil1!$A$11:$G$29,6),IF(AND(H196>1994,H196<1998),VLOOKUP(I196,Feuil1!$A$11:$G$29,5),IF(AND(H196>1997,H196<2000),VLOOKUP(I196,Feuil1!$A$11:$G$29,4),IF(AND(H196>1999,H196<2002),VLOOKUP(I196,Feuil1!$A$11:$G$29,3),VLOOKUP(I196,Feuil1!$A$11:$G$29,2))))),IF(OR(H196=\"SEN\",H196<1995),VLOOKUP(I196,Feuil1!$G$11:$L$25,6),IF(AND(H196>1994,H196<1998),VLOOKUP(I196,Feuil1!$G$11:$L$25,5),IF(AND(H196>1997,H196<2000),VLOOKUP(I196,Feuil1!$G$11:$L$25,4),IF(AND(H196>1999,H196<2002),VLOOKUP(I196,Feuil1!$G$11:$L$25,3),VLOOKUP(I196,Feuil1!$G$11:$L$25,2)))))))","v":"C2 77"},186.62396435928608,null," ",{"$f":"T196-HLOOKUP(X196,Feuil1!$C$1:$BL$10,2,FALSE)","v":30},{"$f":"T196-HLOOKUP(X196,Feuil1!$C$1:$BL$10,3,FALSE)","v":10},{"$f":"T196-HLOOKUP(X196,Feuil1!$C$1:$BL$10,4,FALSE)","v":-10},{"$f":"T196-HLOOKUP(X196,Feuil1!$C$1:$BL$10,5,FALSE)","v":-30},{"$f":"T196-HLOOKUP(X196,Feuil1!$C$1:$BL$10,6,FALSE)","v":-45},{"$f":"T196-HLOOKUP(X196,Feuil1!$C$1:$BL$10,7,FALSE)","v":-60},{"$f":"T196-HLOOKUP(X196,Feuil1!$C$1:$BL$10,8,FALSE)","v":-80},{"$f":"T196-HLOOKUP(X196,Feuil1!$C$1:$BL$10,9,FALSE)","v":-110},{"$f":"T196-HLOOKUP(X196,Feuil1!$C$1:$BL$10,10,FALSE)","v":-860},null,null,null,null,null,null,"DEP +"]
["H","NE","ALS",22,328654,"GREMMEL","THOMAS",1998,71,"SR Obernai HM","F",52,55,58,58,71,75,79,79,137,-5,"DEP +",7,{"$f":"IF(I197=\"\",\"\",IF(A197=\"H\",IF(OR(H197=\"SEN\",H197<1995),VLOOKUP(I197,Feuil1!$A$11:$G$29,6),IF(AND(H197>1994,H197<1998),VLOOKUP(I197,Feuil1!$A$11:$G$29,5),IF(AND(H197>1997,H197<2000),VLOOKUP(I197,Feuil1!$A$11:$G$29,4),IF(AND(H197>1999,H197<2002),VLOOKUP(I197,Feuil1!$A$11:$G$29,3),VLOOKUP(I197,Feuil1!$A$11:$G$29,2))))),IF(OR(H197=\"SEN\",H197<1995),VLOOKUP(I197,Feuil1!$G$11:$L$25,6),IF(AND(H197>1994,H197<1998),VLOOKUP(I197,Feuil1!$G$11:$L$25,5),IF(AND(H197>1997,H197<2000),VLOOKUP(I197,Feuil1!$G$11:$L$25,4),IF(AND(H197>1999,H197<2002),VLOOKUP(I197,Feuil1!$G$11:$L$25,3),VLOOKUP(I197,Feuil1!$G$11:$L$25,2)))))))","v":"C2 77"},181.0131908830846,null," ",{"$f":"T197-HLOOKUP(X197,Feuil1!$C$1:$BL$10,2,FALSE)","v":27},{"$f":"T197-HLOOKUP(X197,Feuil1!$C$1:$BL$10,3,FALSE)","v":7},{"$f":"T197-HLOOKUP(X197,Feuil1!$C$1:$BL$10,4,FALSE)","v":-13},{"$f":"T197-HLOOKUP(X197,Feuil1!$C$1:$BL$10,5,FALSE)","v":-33},{"$f":"T197-HLOOKUP(X197,Feuil1!$C$1:$BL$10,6,FALSE)","v":-48},{"$f":"T197-HLOOKUP(X197,Feuil1!$C$1:$BL$10,7,FALSE)","v":-63},{"$f":"T197-HLOOKUP(X197,Feuil1!$C$1:$BL$10,8,FALSE)","v":-83},{"$f":"T197-HLOOKUP(X197,Feuil1!$C$1:$BL$10,9,FALSE)","v":-113},{"$f":"T197-HLOOKUP(X197,Feuil1!$C$1:$BL$10,10,FALSE)","v":-863},null,null,null,null,null,null,"DEP +"]
["H","CO","BRE",23,248899,"LE JULE","Dorian",1998,77,"CA Lorient","F",55,60,62,62,70,-75,-78,70,132,-22,"DEP +",2,{"$f":"IF(I198=\"\",\"\",IF(A198=\"H\",IF(OR(H198=\"SEN\",H198<1995),VLOOKUP(I198,Feuil1!$A$11:$G$29,6),IF(AND(H198>1994,H198<1998),VLOOKUP(I198,Feuil1!$A$11:$G$29,5),IF(AND(H198>1997,H198<2000),VLOOKUP(I198,Feuil1!$A$11:$G$29,4),IF(AND(H198>1999,H198<2002),VLOOKUP(I198,Feuil1!$A$11:$G$29,3),VLOOKUP(I198,Feuil1!$A$11:$G$29,2))))),IF(OR(H198=\"SEN\",H198<1995),VLOOKUP(I198,Feuil1!$G$11:$L$25,6),IF(AND(H198>1994,H198<1998),VLOOKUP(I198,Feuil1!$G$11:$L$25,5),IF(AND(H198>1997,H198<2000),VLOOKUP(I198,Feuil1!$G$11:$L$25,4),IF(AND(H198>1999,H198<2002),VLOOKUP(I198,Feuil1!$G$11:$L$25,3),VLOOKUP(I198,Feuil1!$G$11:$L$25,2)))))))","v":"C2 77"},166.22813462206352,null," ",{"$f":"T198-HLOOKUP(X198,Feuil1!$C$1:$BL$10,2,FALSE)","v":22},{"$f":"T198-HLOOKUP(X198,Feuil1!$C$1:$BL$10,3,FALSE)","v":2},{"$f":"T198-HLOOKUP(X198,Feuil1!$C$1:$BL$10,4,FALSE)","v":-18},{"$f":"T198-HLOOKUP(X198,Feuil1!$C$1:$BL$10,5,FALSE)","v":-38},{"$f":"T198-HLOOKUP(X198,Feuil1!$C$1:$BL$10,6,FALSE)","v":-53},{"$f":"T198-HLOOKUP(X198,Feuil1!$C$1:$BL$10,7,FALSE)","v":-68},{"$f":"T198-HLOOKUP(X198,Feuil1!$C$1:$BL$10,8,FALSE)","v":-88},{"$f":"T198-HLOOKUP(X198,Feuil1!$C$1:$BL$10,9,FALSE)","v":-118},{"$f":"T198-HLOOKUP(X198,Feuil1!$C$1:$BL$10,10,FALSE)","v":-868},null,null,null,null,null,null,"DEP +"]
["H","SEST","RAL",24,366125,"BAGHDADI","Jessim",1998,70.319999999999993,"Vaulx-en-Velin","F",45,47,52,52,65,70,78,78,130,-10.639999999999986,"DEP +",0,{"$f":"IF(I199=\"\",\"\",IF(A199=\"H\",IF(OR(H199=\"SEN\",H199<1995),VLOOKUP(I199,Feuil1!$A$11:$G$29,6),IF(AND(H199>1994,H199<1998),VLOOKUP(I199,Feuil1!$A$11:$G$29,5),IF(AND(H199>1997,H199<2000),VLOOKUP(I199,Feuil1!$A$11:$G$29,4),IF(AND(H199>1999,H199<2002),VLOOKUP(I199,Feuil1!$A$11:$G$29,3),VLOOKUP(I199,Feuil1!$A$11:$G$29,2))))),IF(OR(H199=\"SEN\",H199<1995),VLOOKUP(I199,Feuil1!$G$11:$L$25,6),IF(AND(H199>1994,H199<1998),VLOOKUP(I199,Feuil1!$G$11:$L$25,5),IF(AND(H199>1997,H199<2000),VLOOKUP(I199,Feuil1!$G$11:$L$25,4),IF(AND(H199>1999,H199<2002),VLOOKUP(I199,Feuil1!$G$11:$L$25,3),VLOOKUP(I199,Feuil1!$G$11:$L$25,2)))))))","v":"C2 77"},172.79783222890316,null," ",{"$f":"T199-HLOOKUP(X199,Feuil1!$C$1:$BL$10,2,FALSE)","v":20},{"$f":"T199-HLOOKUP(X199,Feuil1!$C$1:$BL$10,3,FALSE)","v":0},{"$f":"T199-HLOOKUP(X199,Feuil1!$C$1:$BL$10,4,FALSE)","v":-20},{"$f":"T199-HLOOKUP(X199,Feuil1!$C$1:$BL$10,5,FALSE)","v":-40},{"$f":"T199-HLOOKUP(X199,Feuil1!$C$1:$BL$10,6,FALSE)","v":-55},{"$f":"T199-HLOOKUP(X199,Feuil1!$C$1:$BL$10,7,FALSE)","v":-70},{"$f":"T199-HLOOKUP(X199,Feuil1!$C$1:$BL$10,8,FALSE)","v":-90},{"$f":"T199-HLOOKUP(X199,Feuil1!$C$1:$BL$10,9,FALSE)","v":-120},{"$f":"T199-HLOOKUP(X199,Feuil1!$C$1:$BL$10,10,FALSE)","v":-870},null,null,null,null,null,null,"DEP +"]
["H","NORD","PIC",25,326260,"LALOUX","Alexis",1999,77,"Saleux CHM","F",50,55,-57,55,65,70,75,75,130,-24,"DEP +",0,{"$f":"IF(I200=\"\",\"\",IF(A200=\"H\",IF(OR(H200=\"SEN\",H200<1995),VLOOKUP(I200,Feuil1!$A$11:$G$29,6),IF(AND(H200>1994,H200<1998),VLOOKUP(I200,Feuil1!$A$11:$G$29,5),IF(AND(H200>1997,H200<2000),VLOOKUP(I200,Feuil1!$A$11:$G$29,4),IF(AND(H200>1999,H200<2002),VLOOKUP(I200,Feuil1!$A$11:$G$29,3),VLOOKUP(I200,Feuil1!$A$11:$G$29,2))))),IF(OR(H200=\"SEN\",H200<1995),VLOOKUP(I200,Feuil1!$G$11:$L$25,6),IF(AND(H200>1994,H200<1998),VLOOKUP(I200,Feuil1!$G$11:$L$25,5),IF(AND(H200>1997,H200<2000),VLOOKUP(I200,Feuil1!$G$11:$L$25,4),IF(AND(H200>1999,H200<2002),VLOOKUP(I200,Feuil1!$G$11:$L$25,3),VLOOKUP(I200,Feuil1!$G$11:$L$25,2)))))))","v":"C2 77"},163.70952652172923,null," ",{"$f":"T200-HLOOKUP(X200,Feuil1!$C$1:$BL$10,2,FALSE)","v":20},{"$f":"T200-HLOOKUP(X200,Feuil1!$C$1:$BL$10,3,FALSE)","v":0},{"$f":"T200-HLOOKUP(X200,Feuil1!$C$1:$BL$10,4,FALSE)","v":-20},{"$f":"T200-HLOOKUP(X200,Feuil1!$C$1:$BL$10,5,FALSE)","v":-40},{"$f":"T200-HLOOKUP(X200,Feuil1!$C$1:$BL$10,6,FALSE)","v":-55},{"$f":"T200-HLOOKUP(X200,Feuil1!$C$1:$BL$10,7,FALSE)","v":-70},{"$f":"T200-HLOOKUP(X200,Feuil1!$C$1:$BL$10,8,FALSE)","v":-90},{"$f":"T200-HLOOKUP(X200,Feuil1!$C$1:$BL$10,9,FALSE)","v":-120},{"$f":"T200-HLOOKUP(X200,Feuil1!$C$1:$BL$10,10,FALSE)","v":-870},null,null,null,null,null,null,"DEP +"]
["H","DOM","GUA",26,380462,"RESON","Nicolas",1999,69.099999999999994,"AHCS/Pointois","F",55,58,-61,58,65,71,-76,71,129,-9.1999999999999886,"DEB ",19,{"$f":"IF(I201=\"\",\"\",IF(A201=\"H\",IF(OR(H201=\"SEN\",H201<1995),VLOOKUP(I201,Feuil1!$A$11:$G$29,6),IF(AND(H201>1994,H201<1998),VLOOKUP(I201,Feuil1!$A$11:$G$29,5),IF(AND(H201>1997,H201<2000),VLOOKUP(I201,Feuil1!$A$11:$G$29,4),IF(AND(H201>1999,H201<2002),VLOOKUP(I201,Feuil1!$A$11:$G$29,3),VLOOKUP(I201,Feuil1!$A$11:$G$29,2))))),IF(OR(H201=\"SEN\",H201<1995),VLOOKUP(I201,Feuil1!$G$11:$L$25,6),IF(AND(H201>1994,H201<1998),VLOOKUP(I201,Feuil1!$G$11:$L$25,5),IF(AND(H201>1997,H201<2000),VLOOKUP(I201,Feuil1!$G$11:$L$25,4),IF(AND(H201>1999,H201<2002),VLOOKUP(I201,Feuil1!$G$11:$L$25,3),VLOOKUP(I201,Feuil1!$G$11:$L$25,2)))))))","v":"C2 77"},173.37789989534832,null," ",{"$f":"T201-HLOOKUP(X201,Feuil1!$C$1:$BL$10,2,FALSE)","v":19},{"$f":"T201-HLOOKUP(X201,Feuil1!$C$1:$BL$10,3,FALSE)","v":-1},{"$f":"T201-HLOOKUP(X201,Feuil1!$C$1:$BL$10,4,FALSE)","v":-21},{"$f":"T201-HLOOKUP(X201,Feuil1!$C$1:$BL$10,5,FALSE)","v":-41},{"$f":"T201-HLOOKUP(X201,Feuil1!$C$1:$BL$10,6,FALSE)","v":-56},{"$f":"T201-HLOOKUP(X201,Feuil1!$C$1:$BL$10,7,FALSE)","v":-71},{"$f":"T201-HLOOKUP(X201,Feuil1!$C$1:$BL$10,8,FALSE)","v":-91},{"$f":"T201-HLOOKUP(X201,Feuil1!$C$1:$BL$10,9,FALSE)","v":-121},{"$f":"T201-HLOOKUP(X201,Feuil1!$C$1:$BL$10,10,FALSE)","v":-871},null,null,null,null,null,null,"DEB "]
["H","DOM","REU",27,251233,"HABIERA ","WILLIAM",1999,71.650000000000006,"CH TAMPON","F",47,52,-55,52,65,70,-72,70,122,-21.300000000000011,"DEB ",12,{"$f":"IF(I202=\"\",\"\",IF(A202=\"H\",IF(OR(H202=\"SEN\",H202<1995),VLOOKUP(I202,Feuil1!$A$11:$G$29,6),IF(AND(H202>1994,H202<1998),VLOOKUP(I202,Feuil1!$A$11:$G$29,5),IF(AND(H202>1997,H202<2000),VLOOKUP(I202,Feuil1!$A$11:$G$29,4),IF(AND(H202>1999,H202<2002),VLOOKUP(I202,Feuil1!$A$11:$G$29,3),VLOOKUP(I202,Feuil1!$A$11:$G$29,2))))),IF(OR(H202=\"SEN\",H202<1995),VLOOKUP(I202,Feuil1!$G$11:$L$25,6),IF(AND(H202>1994,H202<1998),VLOOKUP(I202,Feuil1!$G$11:$L$25,5),IF(AND(H202>1997,H202<2000),VLOOKUP(I202,Feuil1!$G$11:$L$25,4),IF(AND(H202>1999,H202<2002),VLOOKUP(I202,Feuil1!$G$11:$L$25,3),VLOOKUP(I202,Feuil1!$G$11:$L$25,2)))))))","v":"C2 77"},160.29056139935406,null," ",{"$f":"T202-HLOOKUP(X202,Feuil1!$C$1:$BL$10,2,FALSE)","v":12},{"$f":"T202-HLOOKUP(X202,Feuil1!$C$1:$BL$10,3,FALSE)","v":-8},{"$f":"T202-HLOOKUP(X202,Feuil1!$C$1:$BL$10,4,FALSE)","v":-28},{"$f":"T202-HLOOKUP(X202,Feuil1!$C$1:$BL$10,5,FALSE)","v":-48},{"$f":"T202-HLOOKUP(X202,Feuil1!$C$1:$BL$10,6,FALSE)","v":-63},{"$f":"T202-HLOOKUP(X202,Feuil1!$C$1:$BL$10,7,FALSE)","v":-78},{"$f":"T202-HLOOKUP(X202,Feuil1!$C$1:$BL$10,8,FALSE)","v":-98},{"$f":"T202-HLOOKUP(X202,Feuil1!$C$1:$BL$10,9,FALSE)","v":-128},{"$f":"T202-HLOOKUP(X202,Feuil1!$C$1:$BL$10,10,FALSE)","v":-878},null,null,null,null,null,null,"DEB "]
["H","SEST","LAN ",28,398208,"FARATS","Julien",1998,75,"ASC Béziers","F",50,55,-60,55,57,62,66,66,121,-29,"DEB ",11,{"$f":"IF(I203=\"\",\"\",IF(A203=\"H\",IF(OR(H203=\"SEN\",H203<1995),VLOOKUP(I203,Feuil1!$A$11:$G$29,6),IF(AND(H203>1994,H203<1998),VLOOKUP(I203,Feuil1!$A$11:$G$29,5),IF(AND(H203>1997,H203<2000),VLOOKUP(I203,Feuil1!$A$11:$G$29,4),IF(AND(H203>1999,H203<2002),VLOOKUP(I203,Feuil1!$A$11:$G$29,3),VLOOKUP(I203,Feuil1!$A$11:$G$29,2))))),IF(OR(H203=\"SEN\",H203<1995),VLOOKUP(I203,Feuil1!$G$11:$L$25,6),IF(AND(H203>1994,H203<1998),VLOOKUP(I203,Feuil1!$G$11:$L$25,5),IF(AND(H203>1997,H203<2000),VLOOKUP(I203,Feuil1!$G$11:$L$25,4),IF(AND(H203>1999,H203<2002),VLOOKUP(I203,Feuil1!$G$11:$L$25,3),VLOOKUP(I203,Feuil1!$G$11:$L$25,2)))))))","v":"C2 77"},154.69154835835914,null," ",{"$f":"T203-HLOOKUP(X203,Feuil1!$C$1:$BL$10,2,FALSE)","v":11},{"$f":"T203-HLOOKUP(X203,Feuil1!$C$1:$BL$10,3,FALSE)","v":-9},{"$f":"T203-HLOOKUP(X203,Feuil1!$C$1:$BL$10,4,FALSE)","v":-29},{"$f":"T203-HLOOKUP(X203,Feuil1!$C$1:$BL$10,5,FALSE)","v":-49},{"$f":"T203-HLOOKUP(X203,Feuil1!$C$1:$BL$10,6,FALSE)","v":-64},{"$f":"T203-HLOOKUP(X203,Feuil1!$C$1:$BL$10,7,FALSE)","v":-79},{"$f":"T203-HLOOKUP(X203,Feuil1!$C$1:$BL$10,8,FALSE)","v":-99},{"$f":"T203-HLOOKUP(X203,Feuil1!$C$1:$BL$10,9,FALSE)","v":-129},{"$f":"T203-HLOOKUP(X203,Feuil1!$C$1:$BL$10,10,FALSE)","v":-879},null,null,null,null,null,null,"DEB "]
["H","SEST","RAL",29,390831,"GOSTEAU","Alan",1998,72.8,"VALENCE","F",50,53,-55,53,-60,60,-65,60,113,-32.599999999999994,"DEB ",3,{"$f":"IF(I204=\"\",\"\",IF(A204=\"H\",IF(OR(H204=\"SEN\",H204<1995),VLOOKUP(I204,Feuil1!$A$11:$G$29,6),IF(AND(H204>1994,H204<1998),VLOOKUP(I204,Feuil1!$A$11:$G$29,5),IF(AND(H204>1997,H204<2000),VLOOKUP(I204,Feuil1!$A$11:$G$29,4),IF(AND(H204>1999,H204<2002),VLOOKUP(I204,Feuil1!$A$11:$G$29,3),VLOOKUP(I204,Feuil1!$A$11:$G$29,2))))),IF(OR(H204=\"SEN\",H204<1995),VLOOKUP(I204,Feuil1!$G$11:$L$25,6),IF(AND(H204>1994,H204<1998),VLOOKUP(I204,Feuil1!$G$11:$L$25,5),IF(AND(H204>1997,H204<2000),VLOOKUP(I204,Feuil1!$G$11:$L$25,4),IF(AND(H204>1999,H204<2002),VLOOKUP(I204,Feuil1!$G$11:$L$25,3),VLOOKUP(I204,Feuil1!$G$11:$L$25,2)))))))","v":"C2 77"},147.03489403730981,null," ",{"$f":"T204-HLOOKUP(X204,Feuil1!$C$1:$BL$10,2,FALSE)","v":3},{"$f":"T204-HLOOKUP(X204,Feuil1!$C$1:$BL$10,3,FALSE)","v":-17},{"$f":"T204-HLOOKUP(X204,Feuil1!$C$1:$BL$10,4,FALSE)","v":-37},{"$f":"T204-HLOOKUP(X204,Feuil1!$C$1:$BL$10,5,FALSE)","v":-57},{"$f":"T204-HLOOKUP(X204,Feuil1!$C$1:$BL$10,6,FALSE)","v":-72},{"$f":"T204-HLOOKUP(X204,Feuil1!$C$1:$BL$10,7,FALSE)","v":-87},{"$f":"T204-HLOOKUP(X204,Feuil1!$C$1:$BL$10,8,FALSE)","v":-107},{"$f":"T204-HLOOKUP(X204,Feuil1!$C$1:$BL$10,9,FALSE)","v":-137},{"$f":"T204-HLOOKUP(X204,Feuil1!$C$1:$BL$10,10,FALSE)","v":-887},null,null,null,null,null,null,"DEB "]
["H","CO","PDL",30,390015,"BLOSSIER","Lenny",1998,72.8,"CJF LAVAL/VOUTRÉ","F",45,47,50,50,60,62,-65,62,112,-33.599999999999994,"DEB ",2,{"$f":"IF(I205=\"\",\"\",IF(A205=\"H\",IF(OR(H205=\"SEN\",H205<1995),VLOOKUP(I205,Feuil1!$A$11:$G$29,6),IF(AND(H205>1994,H205<1998),VLOOKUP(I205,Feuil1!$A$11:$G$29,5),IF(AND(H205>1997,H205<2000),VLOOKUP(I205,Feuil1!$A$11:$G$29,4),IF(AND(H205>1999,H205<2002),VLOOKUP(I205,Feuil1!$A$11:$G$29,3),VLOOKUP(I205,Feuil1!$A$11:$G$29,2))))),IF(OR(H205=\"SEN\",H205<1995),VLOOKUP(I205,Feuil1!$G$11:$L$25,6),IF(AND(H205>1994,H205<1998),VLOOKUP(I205,Feuil1!$G$11:$L$25,5),IF(AND(H205>1997,H205<2000),VLOOKUP(I205,Feuil1!$G$11:$L$25,4),IF(AND(H205>1999,H205<2002),VLOOKUP(I205,Feuil1!$G$11:$L$25,3),VLOOKUP(I205,Feuil1!$G$11:$L$25,2)))))))","v":"C2 77"},145.73370028476725,null," ",{"$f":"T205-HLOOKUP(X205,Feuil1!$C$1:$BL$10,2,FALSE)","v":2},{"$f":"T205-HLOOKUP(X205,Feuil1!$C$1:$BL$10,3,FALSE)","v":-18},{"$f":"T205-HLOOKUP(X205,Feuil1!$C$1:$BL$10,4,FALSE)","v":-38},{"$f":"T205-HLOOKUP(X205,Feuil1!$C$1:$BL$10,5,FALSE)","v":-58},{"$f":"T205-HLOOKUP(X205,Feuil1!$C$1:$BL$10,6,FALSE)","v":-73},{"$f":"T205-HLOOKUP(X205,Feuil1!$C$1:$BL$10,7,FALSE)","v":-88},{"$f":"T205-HLOOKUP(X205,Feuil1!$C$1:$BL$10,8,FALSE)","v":-108},{"$f":"T205-HLOOKUP(X205,Feuil1!$C$1:$BL$10,9,FALSE)","v":-138},{"$f":"T205-HLOOKUP(X205,Feuil1!$C$1:$BL$10,10,FALSE)","v":-888},null,null,null,null,null,null,"DEB "]
["H","SEST","CAZ",31,385373,"BELHADJHASSINE","Youssef",1999,69.5,"ASLDD TOULON","F",45,48,-51,48,60,62,-64,62,110,-29,"DEB ",0,{"$f":"IF(I206=\"\",\"\",IF(A206=\"H\",IF(OR(H206=\"SEN\",H206<1995),VLOOKUP(I206,Feuil1!$A$11:$G$29,6),IF(AND(H206>1994,H206<1998),VLOOKUP(I206,Feuil1!$A$11:$G$29,5),IF(AND(H206>1997,H206<2000),VLOOKUP(I206,Feuil1!$A$11:$G$29,4),IF(AND(H206>1999,H206<2002),VLOOKUP(I206,Feuil1!$A$11:$G$29,3),VLOOKUP(I206,Feuil1!$A$11:$G$29,2))))),IF(OR(H206=\"SEN\",H206<1995),VLOOKUP(I206,Feuil1!$G$11:$L$25,6),IF(AND(H206>1994,H206<1998),VLOOKUP(I206,Feuil1!$G$11:$L$25,5),IF(AND(H206>1997,H206<2000),VLOOKUP(I206,Feuil1!$G$11:$L$25,4),IF(AND(H206>1999,H206<2002),VLOOKUP(I206,Feuil1!$G$11:$L$25,3),VLOOKUP(I206,Feuil1!$G$11:$L$25,2)))))))","v":"C2 77"},147.29924675601924,null," ",{"$f":"T206-HLOOKUP(X206,Feuil1!$C$1:$BL$10,2,FALSE)","v":0},{"$f":"T206-HLOOKUP(X206,Feuil1!$C$1:$BL$10,3,FALSE)","v":-20},{"$f":"T206-HLOOKUP(X206,Feuil1!$C$1:$BL$10,4,FALSE)","v":-40},{"$f":"T206-HLOOKUP(X206,Feuil1!$C$1:$BL$10,5,FALSE)","v":-60},{"$f":"T206-HLOOKUP(X206,Feuil1!$C$1:$BL$10,6,FALSE)","v":-75},{"$f":"T206-HLOOKUP(X206,Feuil1!$C$1:$BL$10,7,FALSE)","v":-90},{"$f":"T206-HLOOKUP(X206,Feuil1!$C$1:$BL$10,8,FALSE)","v":-110},{"$f":"T206-HLOOKUP(X206,Feuil1!$C$1:$BL$10,9,FALSE)","v":-140},{"$f":"T206-HLOOKUP(X206,Feuil1!$C$1:$BL$10,10,FALSE)","v":-890},null,null,null,null,null,null,"DEB "]
["H","SEST","RAL",32,383325,"AZZOPARDI","Romain",1998,69.900000000000006,"Bourg de Péage","F",35,38,41,41,60,63,68,68,109,-30.800000000000011,"DEB ",-1,{"$f":"IF(I207=\"\",\"\",IF(A207=\"H\",IF(OR(H207=\"SEN\",H207<1995),VLOOKUP(I207,Feuil1!$A$11:$G$29,6),IF(AND(H207>1994,H207<1998),VLOOKUP(I207,Feuil1!$A$11:$G$29,5),IF(AND(H207>1997,H207<2000),VLOOKUP(I207,Feuil1!$A$11:$G$29,4),IF(AND(H207>1999,H207<2002),VLOOKUP(I207,Feuil1!$A$11:$G$29,3),VLOOKUP(I207,Feuil1!$A$11:$G$29,2))))),IF(OR(H207=\"SEN\",H207<1995),VLOOKUP(I207,Feuil1!$G$11:$L$25,6),IF(AND(H207>1994,H207<1998),VLOOKUP(I207,Feuil1!$G$11:$L$25,5),IF(AND(H207>1997,H207<2000),VLOOKUP(I207,Feuil1!$G$11:$L$25,4),IF(AND(H207>1999,H207<2002),VLOOKUP(I207,Feuil1!$G$11:$L$25,3),VLOOKUP(I207,Feuil1!$G$11:$L$25,2)))))))","v":"C2 77"},145.43107342472786,null," ",{"$f":"T207-HLOOKUP(X207,Feuil1!$C$1:$BL$10,2,FALSE)","v":-1},{"$f":"T207-HLOOKUP(X207,Feuil1!$C$1:$BL$10,3,FALSE)","v":-21},{"$f":"T207-HLOOKUP(X207,Feuil1!$C$1:$BL$10,4,FALSE)","v":-41},{"$f":"T207-HLOOKUP(X207,Feuil1!$C$1:$BL$10,5,FALSE)","v":-61},{"$f":"T207-HLOOKUP(X207,Feuil1!$C$1:$BL$10,6,FALSE)","v":-76},{"$f":"T207-HLOOKUP(X207,Feuil1!$C$1:$BL$10,7,FALSE)","v":-91},{"$f":"T207-HLOOKUP(X207,Feuil1!$C$1:$BL$10,8,FALSE)","v":-111},{"$f":"T207-HLOOKUP(X207,Feuil1!$C$1:$BL$10,9,FALSE)","v":-141},{"$f":"T207-HLOOKUP(X207,Feuil1!$C$1:$BL$10,10,FALSE)","v":-891},null,null,null,null,null,null,"DEB "]
["H","CO","BNO",33,343244,"SADE","Maxim",1999,70.3,"Caen CHM","F",43,-46,46,46,55,60,-63,60,106,-34.599999999999994,"DEB ",-4,{"$f":"IF(I208=\"\",\"\",IF(A208=\"H\",IF(OR(H208=\"SEN\",H208<1995),VLOOKUP(I208,Feuil1!$A$11:$G$29,6),IF(AND(H208>1994,H208<1998),VLOOKUP(I208,Feuil1!$A$11:$G$29,5),IF(AND(H208>1997,H208<2000),VLOOKUP(I208,Feuil1!$A$11:$G$29,4),IF(AND(H208>1999,H208<2002),VLOOKUP(I208,Feuil1!$A$11:$G$29,3),VLOOKUP(I208,Feuil1!$A$11:$G$29,2))))),IF(OR(H208=\"SEN\",H208<1995),VLOOKUP(I208,Feuil1!$G$11:$L$25,6),IF(AND(H208>1994,H208<1998),VLOOKUP(I208,Feuil1!$G$11:$L$25,5),IF(AND(H208>1997,H208<2000),VLOOKUP(I208,Feuil1!$G$11:$L$25,4),IF(AND(H208>1999,H208<2002),VLOOKUP(I208,Feuil1!$G$11:$L$25,3),VLOOKUP(I208,Feuil1!$G$11:$L$25,2)))))))","v":"C2 77"},140.92181624442054,null," ",{"$f":"T208-HLOOKUP(X208,Feuil1!$C$1:$BL$10,2,FALSE)","v":-4},{"$f":"T208-HLOOKUP(X208,Feuil1!$C$1:$BL$10,3,FALSE)","v":-24},{"$f":"T208-HLOOKUP(X208,Feuil1!$C$1:$BL$10,4,FALSE)","v":-44},{"$f":"T208-HLOOKUP(X208,Feuil1!$C$1:$BL$10,5,FALSE)","v":-64},{"$f":"T208-HLOOKUP(X208,Feuil1!$C$1:$BL$10,6,FALSE)","v":-79},{"$f":"T208-HLOOKUP(X208,Feuil1!$C$1:$BL$10,7,FALSE)","v":-94},{"$f":"T208-HLOOKUP(X208,Feuil1!$C$1:$BL$10,8,FALSE)","v":-114},{"$f":"T208-HLOOKUP(X208,Feuil1!$C$1:$BL$10,9,FALSE)","v":-144},{"$f":"T208-HLOOKUP(X208,Feuil1!$C$1:$BL$10,10,FALSE)","v":-894},null,null,null,null,null,null,"DEB "]
["H","NE","ALS",34,371862,"CHANTELOUP","FLORIAN",1998,69.5,"CS Brumath","F",45,50,-55,50,-50,50,55,55,105,-34,"DEB ",-5,{"$f":"IF(I209=\"\",\"\",IF(A209=\"H\",IF(OR(H209=\"SEN\",H209<1995),VLOOKUP(I209,Feuil1!$A$11:$G$29,6),IF(AND(H209>1994,H209<1998),VLOOKUP(I209,Feuil1!$A$11:$G$29,5),IF(AND(H209>1997,H209<2000),VLOOKUP(I209,Feuil1!$A$11:$G$29,4),IF(AND(H209>1999,H209<2002),VLOOKUP(I209,Feuil1!$A$11:$G$29,3),VLOOKUP(I209,Feuil1!$A$11:$G$29,2))))),IF(OR(H209=\"SEN\",H209<1995),VLOOKUP(I209,Feuil1!$G$11:$L$25,6),IF(AND(H209>1994,H209<1998),VLOOKUP(I209,Feuil1!$G$11:$L$25,5),IF(AND(H209>1997,H209<2000),VLOOKUP(I209,Feuil1!$G$11:$L$25,4),IF(AND(H209>1999,H209<2002),VLOOKUP(I209,Feuil1!$G$11:$L$25,3),VLOOKUP(I209,Feuil1!$G$11:$L$25,2)))))))","v":"C2 77"},140.60382644892746,null," ",{"$f":"T209-HLOOKUP(X209,Feuil1!$C$1:$BL$10,2,FALSE)","v":-5},{"$f":"T209-HLOOKUP(X209,Feuil1!$C$1:$BL$10,3,FALSE)","v":-25},{"$f":"T209-HLOOKUP(X209,Feuil1!$C$1:$BL$10,4,FALSE)","v":-45},{"$f":"T209-HLOOKUP(X209,Feuil1!$C$1:$BL$10,5,FALSE)","v":-65},{"$f":"T209-HLOOKUP(X209,Feuil1!$C$1:$BL$10,6,FALSE)","v":-80},{"$f":"T209-HLOOKUP(X209,Feuil1!$C$1:$BL$10,7,FALSE)","v":-95},{"$f":"T209-HLOOKUP(X209,Feuil1!$C$1:$BL$10,8,FALSE)","v":-115},{"$f":"T209-HLOOKUP(X209,Feuil1!$C$1:$BL$10,9,FALSE)","v":-145},{"$f":"T209-HLOOKUP(X209,Feuil1!$C$1:$BL$10,10,FALSE)","v":-895},null,null,null,null,null,null,"DEB "]
["H","SEST","PRO",35,355562,"ARDOUIN-DUMAZET","BAPTISTE",1999,70.900000000000006,"HC NOVES","F",40,45,-50,45,55,-60,60,60,105,-36.800000000000011,"DEB ",-5,{"$f":"IF(I210=\"\",\"\",IF(A210=\"H\",IF(OR(H210=\"SEN\",H210<1995),VLOOKUP(I210,Feuil1!$A$11:$G$29,6),IF(AND(H210>1994,H210<1998),VLOOKUP(I210,Feuil1!$A$11:$G$29,5),IF(AND(H210>1997,H210<2000),VLOOKUP(I210,Feuil1!$A$11:$G$29,4),IF(AND(H210>1999,H210<2002),VLOOKUP(I210,Feuil1!$A$11:$G$29,3),VLOOKUP(I210,Feuil1!$A$11:$G$29,2))))),IF(OR(H210=\"SEN\",H210<1995),VLOOKUP(I210,Feuil1!$G$11:$L$25,6),IF(AND(H210>1994,H210<1998),VLOOKUP(I210,Feuil1!$G$11:$L$25,5),IF(AND(H210>1997,H210<2000),VLOOKUP(I210,Feuil1!$G$11:$L$25,4),IF(AND(H210>1999,H210<2002),VLOOKUP(I210,Feuil1!$G$11:$L$25,3),VLOOKUP(I210,Feuil1!$G$11:$L$25,2)))))))","v":"C2 77"},138.85412373261349,null," ",{"$f":"T210-HLOOKUP(X210,Feuil1!$C$1:$BL$10,2,FALSE)","v":-5},{"$f":"T210-HLOOKUP(X210,Feuil1!$C$1:$BL$10,3,FALSE)","v":-25},{"$f":"T210-HLOOKUP(X210,Feuil1!$C$1:$BL$10,4,FALSE)","v":-45},{"$f":"T210-HLOOKUP(X210,Feuil1!$C$1:$BL$10,5,FALSE)","v":-65},{"$f":"T210-HLOOKUP(X210,Feuil1!$C$1:$BL$10,6,FALSE)","v":-80},{"$f":"T210-HLOOKUP(X210,Feuil1!$C$1:$BL$10,7,FALSE)","v":-95},{"$f":"T210-HLOOKUP(X210,Feuil1!$C$1:$BL$10,8,FALSE)","v":-115},{"$f":"T210-HLOOKUP(X210,Feuil1!$C$1:$BL$10,9,FALSE)","v":-145},{"$f":"T210-HLOOKUP(X210,Feuil1!$C$1:$BL$10,10,FALSE)","v":-895},null,null,null,null,null,null,"DEB "]
["H","NE","ALS",36,394878,"COTRIM","JEREMY",1998,71.900000000000006,"Dorlisheim FH","F",40,44,47,47,48,51,57,57,104,-39.800000000000011,"DEB ",-6,{"$f":"IF(I211=\"\",\"\",IF(A211=\"H\",IF(OR(H211=\"SEN\",H211<1995),VLOOKUP(I211,Feuil1!$A$11:$G$29,6),IF(AND(H211>1994,H211<1998),VLOOKUP(I211,Feuil1!$A$11:$G$29,5),IF(AND(H211>1997,H211<2000),VLOOKUP(I211,Feuil1!$A$11:$G$29,4),IF(AND(H211>1999,H211<2002),VLOOKUP(I211,Feuil1!$A$11:$G$29,3),VLOOKUP(I211,Feuil1!$A$11:$G$29,2))))),IF(OR(H211=\"SEN\",H211<1995),VLOOKUP(I211,Feuil1!$G$11:$L$25,6),IF(AND(H211>1994,H211<1998),VLOOKUP(I211,Feuil1!$G$11:$L$25,5),IF(AND(H211>1997,H211<2000),VLOOKUP(I211,Feuil1!$G$11:$L$25,4),IF(AND(H211>1999,H211<2002),VLOOKUP(I211,Feuil1!$G$11:$L$25,3),VLOOKUP(I211,Feuil1!$G$11:$L$25,2)))))))","v":"C2 77"},136.34991519322617,null," ",{"$f":"T211-HLOOKUP(X211,Feuil1!$C$1:$BL$10,2,FALSE)","v":-6},{"$f":"T211-HLOOKUP(X211,Feuil1!$C$1:$BL$10,3,FALSE)","v":-26},{"$f":"T211-HLOOKUP(X211,Feuil1!$C$1:$BL$10,4,FALSE)","v":-46},{"$f":"T211-HLOOKUP(X211,Feuil1!$C$1:$BL$10,5,FALSE)","v":-66},{"$f":"T211-HLOOKUP(X211,Feuil1!$C$1:$BL$10,6,FALSE)","v":-81},{"$f":"T211-HLOOKUP(X211,Feuil1!$C$1:$BL$10,7,FALSE)","v":-96},{"$f":"T211-HLOOKUP(X211,Feuil1!$C$1:$BL$10,8,FALSE)","v":-116},{"$f":"T211-HLOOKUP(X211,Feuil1!$C$1:$BL$10,9,FALSE)","v":-146},{"$f":"T211-HLOOKUP(X211,Feuil1!$C$1:$BL$10,10,FALSE)","v":-896},null,null,null,null,null,null,"DEB "]
["H","NE","FCO",37,350179,"AUBRY","Marius",1999,72.400000000000006,"CH Luxeuil","F",45,50,-55,50,53,0,0,53,103,-41.800000000000011,"DEB ",-7,{"$f":"IF(I212=\"\",\"\",IF(A212=\"H\",IF(OR(H212=\"SEN\",H212<1995),VLOOKUP(I212,Feuil1!$A$11:$G$29,6),IF(AND(H212>1994,H212<1998),VLOOKUP(I212,Feuil1!$A$11:$G$29,5),IF(AND(H212>1997,H212<2000),VLOOKUP(I212,Feuil1!$A$11:$G$29,4),IF(AND(H212>1999,H212<2002),VLOOKUP(I212,Feuil1!$A$11:$G$29,3),VLOOKUP(I212,Feuil1!$A$11:$G$29,2))))),IF(OR(H212=\"SEN\",H212<1995),VLOOKUP(I212,Feuil1!$G$11:$L$25,6),IF(AND(H212>1994,H212<1998),VLOOKUP(I212,Feuil1!$G$11:$L$25,5),IF(AND(H212>1997,H212<2000),VLOOKUP(I212,Feuil1!$G$11:$L$25,4),IF(AND(H212>1999,H212<2002),VLOOKUP(I212,Feuil1!$G$11:$L$25,3),VLOOKUP(I212,Feuil1!$G$11:$L$25,2)))))))","v":"C2 77"},134.47019137354488,null," ",{"$f":"T212-HLOOKUP(X212,Feuil1!$C$1:$BL$10,2,FALSE)","v":-7},{"$f":"T212-HLOOKUP(X212,Feuil1!$C$1:$BL$10,3,FALSE)","v":-27},{"$f":"T212-HLOOKUP(X212,Feuil1!$C$1:$BL$10,4,FALSE)","v":-47},{"$f":"T212-HLOOKUP(X212,Feuil1!$C$1:$BL$10,5,FALSE)","v":-67},{"$f":"T212-HLOOKUP(X212,Feuil1!$C$1:$BL$10,6,FALSE)","v":-82},{"$f":"T212-HLOOKUP(X212,Feuil1!$C$1:$BL$10,7,FALSE)","v":-97},{"$f":"T212-HLOOKUP(X212,Feuil1!$C$1:$BL$10,8,FALSE)","v":-117},{"$f":"T212-HLOOKUP(X212,Feuil1!$C$1:$BL$10,9,FALSE)","v":-147},{"$f":"T212-HLOOKUP(X212,Feuil1!$C$1:$BL$10,10,FALSE)","v":-897},null,null,null,null,null,null,"DEB "]
["H","SO","LIM",38,317326,"GARRY PETIT","OLIVIER",1998,72.900000000000006,"TULLE ASH","F",40,45,-50,45,55,57,-60,57,102,-43.800000000000011,"DEB ",-8,{"$f":"IF(I213=\"\",\"\",IF(A213=\"H\",IF(OR(H213=\"SEN\",H213<1995),VLOOKUP(I213,Feuil1!$A$11:$G$29,6),IF(AND(H213>1994,H213<1998),VLOOKUP(I213,Feuil1!$A$11:$G$29,5),IF(AND(H213>1997,H213<2000),VLOOKUP(I213,Feuil1!$A$11:$G$29,4),IF(AND(H213>1999,H213<2002),VLOOKUP(I213,Feuil1!$A$11:$G$29,3),VLOOKUP(I213,Feuil1!$A$11:$G$29,2))))),IF(OR(H213=\"SEN\",H213<1995),VLOOKUP(I213,Feuil1!$G$11:$L$25,6),IF(AND(H213>1994,H213<1998),VLOOKUP(I213,Feuil1!$G$11:$L$25,5),IF(AND(H213>1997,H213<2000),VLOOKUP(I213,Feuil1!$G$11:$L$25,4),IF(AND(H213>1999,H213<2002),VLOOKUP(I213,Feuil1!$G$11:$L$25,3),VLOOKUP(I213,Feuil1!$G$11:$L$25,2)))))))","v":"C2 77"},132.61208140420905,null," ",{"$f":"T213-HLOOKUP(X213,Feuil1!$C$1:$BL$10,2,FALSE)","v":-8},{"$f":"T213-HLOOKUP(X213,Feuil1!$C$1:$BL$10,3,FALSE)","v":-28},{"$f":"T213-HLOOKUP(X213,Feuil1!$C$1:$BL$10,4,FALSE)","v":-48},{"$f":"T213-HLOOKUP(X213,Feuil1!$C$1:$BL$10,5,FALSE)","v":-68},{"$f":"T213-HLOOKUP(X213,Feuil1!$C$1:$BL$10,6,FALSE)","v":-83},{"$f":"T213-HLOOKUP(X213,Feuil1!$C$1:$BL$10,7,FALSE)","v":-98},{"$f":"T213-HLOOKUP(X213,Feuil1!$C$1:$BL$10,8,FALSE)","v":-118},{"$f":"T213-HLOOKUP(X213,Feuil1!$C$1:$BL$10,9,FALSE)","v":-148},{"$f":"T213-HLOOKUP(X213,Feuil1!$C$1:$BL$10,10,FALSE)","v":-898},null,null,null,null,null,null,"DEB "]
["H","NE","BOU",39,380604,"VILLEROT","Anthony",1998,70.5,"Tournus Haltérophilie","F",-42,43,-46,43,-55,56,-60,56,99,-42,"DEB ",-11,{"$f":"IF(I214=\"\",\"\",IF(A214=\"H\",IF(OR(H214=\"SEN\",H214<1995),VLOOKUP(I214,Feuil1!$A$11:$G$29,6),IF(AND(H214>1994,H214<1998),VLOOKUP(I214,Feuil1!$A$11:$G$29,5),IF(AND(H214>1997,H214<2000),VLOOKUP(I214,Feuil1!$A$11:$G$29,4),IF(AND(H214>1999,H214<2002),VLOOKUP(I214,Feuil1!$A$11:$G$29,3),VLOOKUP(I214,Feuil1!$A$11:$G$29,2))))),IF(OR(H214=\"SEN\",H214<1995),VLOOKUP(I214,Feuil1!$G$11:$L$25,6),IF(AND(H214>1994,H214<1998),VLOOKUP(I214,Feuil1!$G$11:$L$25,5),IF(AND(H214>1997,H214<2000),VLOOKUP(I214,Feuil1!$G$11:$L$25,4),IF(AND(H214>1999,H214<2002),VLOOKUP(I214,Feuil1!$G$11:$L$25,3),VLOOKUP(I214,Feuil1!$G$11:$L$25,2)))))))","v":"C2 77"},131.38184262591304,null," ",{"$f":"T214-HLOOKUP(X214,Feuil1!$C$1:$BL$10,2,FALSE)","v":-11},{"$f":"T214-HLOOKUP(X214,Feuil1!$C$1:$BL$10,3,FALSE)","v":-31},{"$f":"T214-HLOOKUP(X214,Feuil1!$C$1:$BL$10,4,FALSE)","v":-51},{"$f":"T214-HLOOKUP(X214,Feuil1!$C$1:$BL$10,5,FALSE)","v":-71},{"$f":"T214-HLOOKUP(X214,Feuil1!$C$1:$BL$10,6,FALSE)","v":-86},{"$f":"T214-HLOOKUP(X214,Feuil1!$C$1:$BL$10,7,FALSE)","v":-101},{"$f":"T214-HLOOKUP(X214,Feuil1!$C$1:$BL$10,8,FALSE)","v":-121},{"$f":"T214-HLOOKUP(X214,Feuil1!$C$1:$BL$10,9,FALSE)","v":-151},{"$f":"T214-HLOOKUP(X214,Feuil1!$C$1:$BL$10,10,FALSE)","v":-901},null,null,null,null,null,null,"DEB "]
["H","SEST","RAL",40,392064,"MALLLEBAY","Victorien",1998,75.2,"VALENCE","F",-40,42,46,46,-45,45,51,51,97,-53.400000000000006,"DEB ",-13,{"$f":"IF(I215=\"\",\"\",IF(A215=\"H\",IF(OR(H215=\"SEN\",H215<1995),VLOOKUP(I215,Feuil1!$A$11:$G$29,6),IF(AND(H215>1994,H215<1998),VLOOKUP(I215,Feuil1!$A$11:$G$29,5),IF(AND(H215>1997,H215<2000),VLOOKUP(I215,Feuil1!$A$11:$G$29,4),IF(AND(H215>1999,H215<2002),VLOOKUP(I215,Feuil1!$A$11:$G$29,3),VLOOKUP(I215,Feuil1!$A$11:$G$29,2))))),IF(OR(H215=\"SEN\",H215<1995),VLOOKUP(I215,Feuil1!$G$11:$L$25,6),IF(AND(H215>1994,H215<1998),VLOOKUP(I215,Feuil1!$G$11:$L$25,5),IF(AND(H215>1997,H215<2000),VLOOKUP(I215,Feuil1!$G$11:$L$25,4),IF(AND(H215>1999,H215<2002),VLOOKUP(I215,Feuil1!$G$11:$L$25,3),VLOOKUP(I215,Feuil1!$G$11:$L$25,2)))))))","v":"C2 77"},123.81710297578745,null," ",{"$f":"T215-HLOOKUP(X215,Feuil1!$C$1:$BL$10,2,FALSE)","v":-13},{"$f":"T215-HLOOKUP(X215,Feuil1!$C$1:$BL$10,3,FALSE)","v":-33},{"$f":"T215-HLOOKUP(X215,Feuil1!$C$1:$BL$10,4,FALSE)","v":-53},{"$f":"T215-HLOOKUP(X215,Feuil1!$C$1:$BL$10,5,FALSE)","v":-73},{"$f":"T215-HLOOKUP(X215,Feuil1!$C$1:$BL$10,6,FALSE)","v":-88},{"$f":"T215-HLOOKUP(X215,Feuil1!$C$1:$BL$10,7,FALSE)","v":-103},{"$f":"T215-HLOOKUP(X215,Feuil1!$C$1:$BL$10,8,FALSE)","v":-123},{"$f":"T215-HLOOKUP(X215,Feuil1!$C$1:$BL$10,9,FALSE)","v":-153},{"$f":"T215-HLOOKUP(X215,Feuil1!$C$1:$BL$10,10,FALSE)","v":-903},null,null,null,null,null,null,"DEB "]
["H","CO","CEN",41,388371,"LAURET","Jérémy",1999,69.5,"CHM Avrais","F",37,40,-43,40,42,46,50,50,90,-49,"DEB ",-20,{"$f":"IF(I216=\"\",\"\",IF(A216=\"H\",IF(OR(H216=\"SEN\",H216<1995),VLOOKUP(I216,Feuil1!$A$11:$G$29,6),IF(AND(H216>1994,H216<1998),VLOOKUP(I216,Feuil1!$A$11:$G$29,5),IF(AND(H216>1997,H216<2000),VLOOKUP(I216,Feuil1!$A$11:$G$29,4),IF(AND(H216>1999,H216<2002),VLOOKUP(I216,Feuil1!$A$11:$G$29,3),VLOOKUP(I216,Feuil1!$A$11:$G$29,2))))),IF(OR(H216=\"SEN\",H216<1995),VLOOKUP(I216,Feuil1!$G$11:$L$25,6),IF(AND(H216>1994,H216<1998),VLOOKUP(I216,Feuil1!$G$11:$L$25,5),IF(AND(H216>1997,H216<2000),VLOOKUP(I216,Feuil1!$G$11:$L$25,4),IF(AND(H216>1999,H216<2002),VLOOKUP(I216,Feuil1!$G$11:$L$25,3),VLOOKUP(I216,Feuil1!$G$11:$L$25,2)))))))","v":"C2 77"},120.51756552765211,null," ",{"$f":"T216-HLOOKUP(X216,Feuil1!$C$1:$BL$10,2,FALSE)","v":-20},{"$f":"T216-HLOOKUP(X216,Feuil1!$C$1:$BL$10,3,FALSE)","v":-40},{"$f":"T216-HLOOKUP(X216,Feuil1!$C$1:$BL$10,4,FALSE)","v":-60},{"$f":"T216-HLOOKUP(X216,Feuil1!$C$1:$BL$10,5,FALSE)","v":-80},{"$f":"T216-HLOOKUP(X216,Feuil1!$C$1:$BL$10,6,FALSE)","v":-95},{"$f":"T216-HLOOKUP(X216,Feuil1!$C$1:$BL$10,7,FALSE)","v":-110},{"$f":"T216-HLOOKUP(X216,Feuil1!$C$1:$BL$10,8,FALSE)","v":-130},{"$f":"T216-HLOOKUP(X216,Feuil1!$C$1:$BL$10,9,FALSE)","v":-160},{"$f":"T216-HLOOKUP(X216,Feuil1!$C$1:$BL$10,10,FALSE)","v":-910},null,null,null,null,null,null,"DEB "]
["H","NE","ALS",42,370224,"EBY","ALEX",1998,70.599999999999994,"ASI Avenir HM","F",30,33,35,35,40,44,48,48,83,-58.199999999999989,"DEB ",-27,{"$f":"IF(I217=\"\",\"\",IF(A217=\"H\",IF(OR(H217=\"SEN\",H217<1995),VLOOKUP(I217,Feuil1!$A$11:$G$29,6),IF(AND(H217>1994,H217<1998),VLOOKUP(I217,Feuil1!$A$11:$G$29,5),IF(AND(H217>1997,H217<2000),VLOOKUP(I217,Feuil1!$A$11:$G$29,4),IF(AND(H217>1999,H217<2002),VLOOKUP(I217,Feuil1!$A$11:$G$29,3),VLOOKUP(I217,Feuil1!$A$11:$G$29,2))))),IF(OR(H217=\"SEN\",H217<1995),VLOOKUP(I217,Feuil1!$G$11:$L$25,6),IF(AND(H217>1994,H217<1998),VLOOKUP(I217,Feuil1!$G$11:$L$25,5),IF(AND(H217>1997,H217<2000),VLOOKUP(I217,Feuil1!$G$11:$L$25,4),IF(AND(H217>1999,H217<2002),VLOOKUP(I217,Feuil1!$G$11:$L$25,3),VLOOKUP(I217,Feuil1!$G$11:$L$25,2)))))))","v":"C2 77"},110.05096762234132,null," ",{"$f":"T217-HLOOKUP(X217,Feuil1!$C$1:$BL$10,2,FALSE)","v":-27},{"$f":"T217-HLOOKUP(X217,Feuil1!$C$1:$BL$10,3,FALSE)","v":-47},{"$f":"T217-HLOOKUP(X217,Feuil1!$C$1:$BL$10,4,FALSE)","v":-67},{"$f":"T217-HLOOKUP(X217,Feuil1!$C$1:$BL$10,5,FALSE)","v":-87},{"$f":"T217-HLOOKUP(X217,Feuil1!$C$1:$BL$10,6,FALSE)","v":-102},{"$f":"T217-HLOOKUP(X217,Feuil1!$C$1:$BL$10,7,FALSE)","v":-117},{"$f":"T217-HLOOKUP(X217,Feuil1!$C$1:$BL$10,8,FALSE)","v":-137},{"$f":"T217-HLOOKUP(X217,Feuil1!$C$1:$BL$10,9,FALSE)","v":-167},{"$f":"T217-HLOOKUP(X217,Feuil1!$C$1:$BL$10,10,FALSE)","v":-917},null,null,null,null,null,null,"DEB "]
["H","CO","PDL",43,379233,"HOULBERT","LUCAS",1998,76.900000000000006,"CA Evron 53","F",35,-38,null,35,40,-45,null,40,75,-78.800000000000011,"DEB ",-35,{"$f":"IF(I218=\"\",\"\",IF(A218=\"H\",IF(OR(H218=\"SEN\",H218<1995),VLOOKUP(I218,Feuil1!$A$11:$G$29,6),IF(AND(H218>1994,H218<1998),VLOOKUP(I218,Feuil1!$A$11:$G$29,5),IF(AND(H218>1997,H218<2000),VLOOKUP(I218,Feuil1!$A$11:$G$29,4),IF(AND(H218>1999,H218<2002),VLOOKUP(I218,Feuil1!$A$11:$G$29,3),VLOOKUP(I218,Feuil1!$A$11:$G$29,2))))),IF(OR(H218=\"SEN\",H218<1995),VLOOKUP(I218,Feuil1!$G$11:$L$25,6),IF(AND(H218>1994,H218<1998),VLOOKUP(I218,Feuil1!$G$11:$L$25,5),IF(AND(H218>1997,H218<2000),VLOOKUP(I218,Feuil1!$G$11:$L$25,4),IF(AND(H218>1999,H218<2002),VLOOKUP(I218,Feuil1!$G$11:$L$25,3),VLOOKUP(I218,Feuil1!$G$11:$L$25,2)))))))","v":"C2 77"},94.517115891681627,null," ",{"$f":"T218-HLOOKUP(X218,Feuil1!$C$1:$BL$10,2,FALSE)","v":-35},{"$f":"T218-HLOOKUP(X218,Feuil1!$C$1:$BL$10,3,FALSE)","v":-55},{"$f":"T218-HLOOKUP(X218,Feuil1!$C$1:$BL$10,4,FALSE)","v":-75},{"$f":"T218-HLOOKUP(X218,Feuil1!$C$1:$BL$10,5,FALSE)","v":-95},{"$f":"T218-HLOOKUP(X218,Feuil1!$C$1:$BL$10,6,FALSE)","v":-110},{"$f":"T218-HLOOKUP(X218,Feuil1!$C$1:$BL$10,7,FALSE)","v":-125},{"$f":"T218-HLOOKUP(X218,Feuil1!$C$1:$BL$10,8,FALSE)","v":-145},{"$f":"T218-HLOOKUP(X218,Feuil1!$C$1:$BL$10,9,FALSE)","v":-175},{"$f":"T218-HLOOKUP(X218,Feuil1!$C$1:$BL$10,10,FALSE)","v":-925},null,null,null,null,null,null,"DEB "]
[null,null,null,null,null,null,null,null,null,null,null,null,null,null,null,null,null,null,null,null,null,null,null,null,null,null," ",{"$f":"T219-HLOOKUP(X219,[1]Feuil1!$C$1:$BL$10,2,FALSE)","v":{"$error":"#N/A"}},{"$f":"T219-HLOOKUP(X219,[1]Feuil1!$C$1:$BL$10,3,FALSE)","v":{"$error":"#N/A"}},{"$f":"T219-HLOOKUP(X219,[1]Feuil1!$C$1:$BL$10,4,FALSE)","v":{"$error":"#N/A"}},{"$f":"T219-HLOOKUP(X219,[1]Feuil1!$C$1:$BL$10,5,FALSE)","v":{"$error":"#N/A"}},{"$f":"T219-HLOOKUP(X219,[1]Feuil1!$C$1:$BL$10,6,FALSE)","v":{"$error":"#N/A"}},{"$f":"T219-HLOOKUP(X219,[1]Feuil1!$C$1:$BL$10,7,FALSE)","v":{"$error":"#N/A"}},{"$f":"T219-HLOOKUP(X219,[1]Feuil1!$C$1:$BL$10,8,FALSE)","v":{"$error":"#N/A"}},{"$f":"T219-HLOOKUP(X219,[1]Feuil1!$C$1:$BL$10,9,FALSE)","v":{"$error":"#N/A"}},{"$f":"T219-HLOOKUP(X219,[1]Feuil1!$C$1:$BL$10,10,FALSE)","v":{"$error":"#N/A"}},null,null,null,null,null,null,{"$f":"IF(AJ219>=0,$AJ$4,IF(AI219>=0,$AI$4,IF(AH219>=0,$AH$4,IF(AG219>=0,$AG$4,IF(AF219>=0,$AF$4,IF(AE219>=0,$AE$4,IF(AD219>=0,$AD$4,IF(AC219>=0,$AC$4,$AB$4))))))))","v":{"$error":"#N/A"}}]
["H","NE","LOR",1,222911,"FLAUS","Dylan",1998,77.3,"A.O.C.Pte-ROSSELLE","F",-95,100,-102,{"$f":"IF(H220=\"\",\"\",IF(MAXA(L220:N220)<=0,0,MAXA(L220:N220)))","v":100},115,120,-122,{"$f":"IF(H220=\"\",\"\",IF(MAXA(P220:R220)<=0,0,MAXA(P220:R220)))","v":120},{"$f":"IF(H220=\"\",\"\",IF(OR(O220=0,S220=0),0,O220+S220))","v":220},{"$f":"T220-I220*2","v":65.400000000000006},{"$f":"IF(H220=\"\",\"\",AQ220)","v":"NAT +"},{"$f":"IF(AJ220>=0,AJ220,IF(AI220>=0,AI220,IF(AH220>=0,AH220,IF(AG220>=0,AG220,IF(AF220>=0,AF220,IF(AE220>=0,AE220,IF(AD220>=0,AD220,IF(AC220>=0,AC220,AB220))))))))","v":0},{"$f":"IF(I220=\"\",\"\",IF(A220=\"H\",IF(OR(H220=\"SEN\",H220<1995),VLOOKUP(I220,Feuil1!$A$11:$G$29,6),IF(AND(H220>1994,H220<1998),VLOOKUP(I220,Feuil1!$A$11:$G$29,5),IF(AND(H220>1997,H220<2000),VLOOKUP(I220,Feuil1!$A$11:$G$29,4),IF(AND(H220>1999,H220<2002),VLOOKUP(I220,Feuil1!$A$11:$G$29,3),VLOOKUP(I220,Feuil1!$A$11:$G$29,2))))),IF(OR(H220=\"SEN\",H220<1995),VLOOKUP(I220,Feuil1!$G$11:$L$25,6),IF(AND(H220>1994,H220<1998),VLOOKUP(I220,Feuil1!$G$11:$L$25,5),IF(AND(H220>1997,H220<2000),VLOOKUP(I220,Feuil1!$G$11:$L$25,4),IF(AND(H220>1999,H220<2002),VLOOKUP(I220,Feuil1!$G$11:$L$25,3),VLOOKUP(I220,Feuil1!$G$11:$L$25,2)))))))","v":"C2 85"},{"$f":"IF(I220=\"\",\"\",IF(A220=\"H\",10^(0.794358141*LOG(I220/174.393)^2)*T220,IF(A220=\"F\",10^(0.89726074*LOG(I220/148.026)^2)*T220,\"\")))","v":276.44133886730259},null," ",{"$f":"T220-HLOOKUP(X220,Feuil1!$C$1:$BL$10,2,FALSE)","v":100},{"$f":"T220-HLOOKUP(X220,Feuil1!$C$1:$BL$10,3,FALSE)","v":80},{"$f":"T220-HLOOKUP(X220,Feuil1!$C$1:$BL$10,4,FALSE)","v":60},{"$f":"T220-HLOOKUP(X220,Feuil1!$C$1:$BL$10,5,FALSE)","v":40},{"$f":"T220-HLOOKUP(X220,Feuil1!$C$1:$BL$10,6,FALSE)","v":20},{"$f":"T220-HLOOKUP(X220,Feuil1!$C$1:$BL$10,7,FALSE)","v":0},{"$f":"T220-HLOOKUP(X220,Feuil1!$C$1:$BL$10,8,FALSE)","v":-20},{"$f":"T220-HLOOKUP(X220,Feuil1!$C$1:$BL$10,9,FALSE)","v":-40},{"$f":"T220-HLOOKUP(X220,Feuil1!$C$1:$BL$10,10,FALSE)","v":-9780},null,null,null,null,null,null,{"$f":"IF(AJ220>=0,$AJ$4,IF(AI220>=0,$AI$4,IF(AH220>=0,$AH$4,IF(AG220>=0,$AG$4,IF(AF220>=0,$AF$4,IF(AE220>=0,$AE$4,IF(AD220>=0,$AD$4,IF(AC220>=0,$AC$4,$AB$4))))))))","v":"NAT +"}]
["H","CO","PDL",2,273245,"BERTIN","AYMERIC",1998,78.7,"CJF LAVAL/VOUTRÉ","F",80,85,87,87,96,100,-102,100,187,29.599999999999994,"IRG +",7,{"$f":"IF(I221=\"\",\"\",IF(A221=\"H\",IF(OR(H221=\"SEN\",H221<1995),VLOOKUP(I221,Feuil1!$A$11:$G$29,6),IF(AND(H221>1994,H221<1998),VLOOKUP(I221,Feuil1!$A$11:$G$29,5),IF(AND(H221>1997,H221<2000),VLOOKUP(I221,Feuil1!$A$11:$G$29,4),IF(AND(H221>1999,H221<2002),VLOOKUP(I221,Feuil1!$A$11:$G$29,3),VLOOKUP(I221,Feuil1!$A$11:$G$29,2))))),IF(OR(H221=\"SEN\",H221<1995),VLOOKUP(I221,Feuil1!$G$11:$L$25,6),IF(AND(H221>1994,H221<1998),VLOOKUP(I221,Feuil1!$G$11:$L$25,5),IF(AND(H221>1997,H221<2000),VLOOKUP(I221,Feuil1!$G$11:$L$25,4),IF(AND(H221>1999,H221<2002),VLOOKUP(I221,Feuil1!$G$11:$L$25,3),VLOOKUP(I221,Feuil1!$G$11:$L$25,2)))))))","v":"C2 85"},232.64523032170152,null," ",{"$f":"T221-HLOOKUP(X221,Feuil1!$C$1:$BL$10,2,FALSE)","v":67},{"$f":"T221-HLOOKUP(X221,Feuil1!$C$1:$BL$10,3,FALSE)","v":47},{"$f":"T221-HLOOKUP(X221,Feuil1!$C$1:$BL$10,4,FALSE)","v":27},{"$f":"T221-HLOOKUP(X221,Feuil1!$C$1:$BL$10,5,FALSE)","v":7},{"$f":"T221-HLOOKUP(X221,Feuil1!$C$1:$BL$10,6,FALSE)","v":-13},{"$f":"T221-HLOOKUP(X221,Feuil1!$C$1:$BL$10,7,FALSE)","v":-33},{"$f":"T221-HLOOKUP(X221,Feuil1!$C$1:$BL$10,8,FALSE)","v":-53},{"$f":"T221-HLOOKUP(X221,Feuil1!$C$1:$BL$10,9,FALSE)","v":-73},{"$f":"T221-HLOOKUP(X221,Feuil1!$C$1:$BL$10,10,FALSE)","v":-9813},null,null,null,null,null,null,"IRG +"]
["H","CO","BRE",3,325178,"DEMEILLAT","Jordan",1999,79.5,"CHM Plougastel Daoulas","F",74,78,81,81,95,101,106,106,187,28,"IRG +",7,{"$f":"IF(I222=\"\",\"\",IF(A222=\"H\",IF(OR(H222=\"SEN\",H222<1995),VLOOKUP(I222,Feuil1!$A$11:$G$29,6),IF(AND(H222>1994,H222<1998),VLOOKUP(I222,Feuil1!$A$11:$G$29,5),IF(AND(H222>1997,H222<2000),VLOOKUP(I222,Feuil1!$A$11:$G$29,4),IF(AND(H222>1999,H222<2002),VLOOKUP(I222,Feuil1!$A$11:$G$29,3),VLOOKUP(I222,Feuil1!$A$11:$G$29,2))))),IF(OR(H222=\"SEN\",H222<1995),VLOOKUP(I222,Feuil1!$G$11:$L$25,6),IF(AND(H222>1994,H222<1998),VLOOKUP(I222,Feuil1!$G$11:$L$25,5),IF(AND(H222>1997,H222<2000),VLOOKUP(I222,Feuil1!$G$11:$L$25,4),IF(AND(H222>1999,H222<2002),VLOOKUP(I222,Feuil1!$G$11:$L$25,3),VLOOKUP(I222,Feuil1!$G$11:$L$25,2)))))))","v":"C2 85"},231.36523744481565,null," ",{"$f":"T222-HLOOKUP(X222,Feuil1!$C$1:$BL$10,2,FALSE)","v":67},{"$f":"T222-HLOOKUP(X222,Feuil1!$C$1:$BL$10,3,FALSE)","v":47},{"$f":"T222-HLOOKUP(X222,Feuil1!$C$1:$BL$10,4,FALSE)","v":27},{"$f":"T222-HLOOKUP(X222,Feuil1!$C$1:$BL$10,5,FALSE)","v":7},{"$f":"T222-HLOOKUP(X222,Feuil1!$C$1:$BL$10,6,FALSE)","v":-13},{"$f":"T222-HLOOKUP(X222,Feuil1!$C$1:$BL$10,7,FALSE)","v":-33},{"$f":"T222-HLOOKUP(X222,Feuil1!$C$1:$BL$10,8,FALSE)","v":-53},{"$f":"T222-HLOOKUP(X222,Feuil1!$C$1:$BL$10,9,FALSE)","v":-73},{"$f":"T222-HLOOKUP(X222,Feuil1!$C$1:$BL$10,10,FALSE)","v":-9813},null,null,null,null,null,null,"IRG +"]
["H","NE","ALS",4,378716,"SCHMIDT","JEREMY",1999,84.4,"CA Moosch","F",-75,75,80,80,95,-98,-98,95,175,6.1999999999999886,"REG +",15,{"$f":"IF(I223=\"\",\"\",IF(A223=\"H\",IF(OR(H223=\"SEN\",H223<1995),VLOOKUP(I223,Feuil1!$A$11:$G$29,6),IF(AND(H223>1994,H223<1998),VLOOKUP(I223,Feuil1!$A$11:$G$29,5),IF(AND(H223>1997,H223<2000),VLOOKUP(I223,Feuil1!$A$11:$G$29,4),IF(AND(H223>1999,H223<2002),VLOOKUP(I223,Feuil1!$A$11:$G$29,3),VLOOKUP(I223,Feuil1!$A$11:$G$29,2))))),IF(OR(H223=\"SEN\",H223<1995),VLOOKUP(I223,Feuil1!$G$11:$L$25,6),IF(AND(H223>1994,H223<1998),VLOOKUP(I223,Feuil1!$G$11:$L$25,5),IF(AND(H223>1997,H223<2000),VLOOKUP(I223,Feuil1!$G$11:$L$25,4),IF(AND(H223>1999,H223<2002),VLOOKUP(I223,Feuil1!$G$11:$L$25,3),VLOOKUP(I223,Feuil1!$G$11:$L$25,2)))))))","v":"C2 85"},209.87062075667839,null," ",{"$f":"T223-HLOOKUP(X223,Feuil1!$C$1:$BL$10,2,FALSE)","v":55},{"$f":"T223-HLOOKUP(X223,Feuil1!$C$1:$BL$10,3,FALSE)","v":35},{"$f":"T223-HLOOKUP(X223,Feuil1!$C$1:$BL$10,4,FALSE)","v":15},{"$f":"T223-HLOOKUP(X223,Feuil1!$C$1:$BL$10,5,FALSE)","v":-5},{"$f":"T223-HLOOKUP(X223,Feuil1!$C$1:$BL$10,6,FALSE)","v":-25},{"$f":"T223-HLOOKUP(X223,Feuil1!$C$1:$BL$10,7,FALSE)","v":-45},{"$f":"T223-HLOOKUP(X223,Feuil1!$C$1:$BL$10,8,FALSE)","v":-65},{"$f":"T223-HLOOKUP(X223,Feuil1!$C$1:$BL$10,9,FALSE)","v":-85},{"$f":"T223-HLOOKUP(X223,Feuil1!$C$1:$BL$10,10,FALSE)","v":-9825},null,null,null,null,null,null,"REG +"]
["H","NE","CHA",5,372278,"ARSANUKAEV","Ruslan",1999,78.2,"Langres HM","RUS",65,-70,70,70,77,82,86,86,156,-0.40000000000000568,"DEP +",16,{"$f":"IF(I224=\"\",\"\",IF(A224=\"H\",IF(OR(H224=\"SEN\",H224<1995),VLOOKUP(I224,Feuil1!$A$11:$G$29,6),IF(AND(H224>1994,H224<1998),VLOOKUP(I224,Feuil1!$A$11:$G$29,5),IF(AND(H224>1997,H224<2000),VLOOKUP(I224,Feuil1!$A$11:$G$29,4),IF(AND(H224>1999,H224<2002),VLOOKUP(I224,Feuil1!$A$11:$G$29,3),VLOOKUP(I224,Feuil1!$A$11:$G$29,2))))),IF(OR(H224=\"SEN\",H224<1995),VLOOKUP(I224,Feuil1!$G$11:$L$25,6),IF(AND(H224>1994,H224<1998),VLOOKUP(I224,Feuil1!$G$11:$L$25,5),IF(AND(H224>1997,H224<2000),VLOOKUP(I224,Feuil1!$G$11:$L$25,4),IF(AND(H224>1999,H224<2002),VLOOKUP(I224,Feuil1!$G$11:$L$25,3),VLOOKUP(I224,Feuil1!$G$11:$L$25,2)))))))","v":"C2 85"},194.76136865458699,null," ",{"$f":"T224-HLOOKUP(X224,Feuil1!$C$1:$BL$10,2,FALSE)","v":36},{"$f":"T224-HLOOKUP(X224,Feuil1!$C$1:$BL$10,3,FALSE)","v":16},{"$f":"T224-HLOOKUP(X224,Feuil1!$C$1:$BL$10,4,FALSE)","v":-4},{"$f":"T224-HLOOKUP(X224,Feuil1!$C$1:$BL$10,5,FALSE)","v":-24},{"$f":"T224-HLOOKUP(X224,Feuil1!$C$1:$BL$10,6,FALSE)","v":-44},{"$f":"T224-HLOOKUP(X224,Feuil1!$C$1:$BL$10,7,FALSE)","v":-64},{"$f":"T224-HLOOKUP(X224,Feuil1!$C$1:$BL$10,8,FALSE)","v":-84},{"$f":"T224-HLOOKUP(X224,Feuil1!$C$1:$BL$10,9,FALSE)","v":-104},{"$f":"T224-HLOOKUP(X224,Feuil1!$C$1:$BL$10,10,FALSE)","v":-9844},null,null,null,null,null,null,"DEP +"]
["H","NE","LOR",6,292652,"KULPMANN","Bryan",1998,79.5,"A.O.C.Pte-ROSSELLE","F",65,-70,-70,65,85,90,-92,90,155,-4,"DEP +",15,{"$f":"IF(I225=\"\",\"\",IF(A225=\"H\",IF(OR(H225=\"SEN\",H225<1995),VLOOKUP(I225,Feuil1!$A$11:$G$29,6),IF(AND(H225>1994,H225<1998),VLOOKUP(I225,Feuil1!$A$11:$G$29,5),IF(AND(H225>1997,H225<2000),VLOOKUP(I225,Feuil1!$A$11:$G$29,4),IF(AND(H225>1999,H225<2002),VLOOKUP(I225,Feuil1!$A$11:$G$29,3),VLOOKUP(I225,Feuil1!$A$11:$G$29,2))))),IF(OR(H225=\"SEN\",H225<1995),VLOOKUP(I225,Feuil1!$G$11:$L$25,6),IF(AND(H225>1994,H225<1998),VLOOKUP(I225,Feuil1!$G$11:$L$25,5),IF(AND(H225>1997,H225<2000),VLOOKUP(I225,Feuil1!$G$11:$L$25,4),IF(AND(H225>1999,H225<2002),VLOOKUP(I225,Feuil1!$G$11:$L$25,3),VLOOKUP(I225,Feuil1!$G$11:$L$25,2)))))))","v":"C2 85"},191.77332515479372,null," ",{"$f":"T225-HLOOKUP(X225,Feuil1!$C$1:$BL$10,2,FALSE)","v":35},{"$f":"T225-HLOOKUP(X225,Feuil1!$C$1:$BL$10,3,FALSE)","v":15},{"$f":"T225-HLOOKUP(X225,Feuil1!$C$1:$BL$10,4,FALSE)","v":-5},{"$f":"T225-HLOOKUP(X225,Feuil1!$C$1:$BL$10,5,FALSE)","v":-25},{"$f":"T225-HLOOKUP(X225,Feuil1!$C$1:$BL$10,6,FALSE)","v":-45},{"$f":"T225-HLOOKUP(X225,Feuil1!$C$1:$BL$10,7,FALSE)","v":-65},{"$f":"T225-HLOOKUP(X225,Feuil1!$C$1:$BL$10,8,FALSE)","v":-85},{"$f":"T225-HLOOKUP(X225,Feuil1!$C$1:$BL$10,9,FALSE)","v":-105},{"$f":"T225-HLOOKUP(X225,Feuil1!$C$1:$BL$10,10,FALSE)","v":-9845},null,null,null,null,null,null,"DEP +"]
["H","NE","ALS",7,306714,"WAGNER","GUILLAUME",1999,83.5,"SHC Haguenau","F",-61,61,65,65,82,86,-88,86,151,-16,"DEP +",11,{"$f":"IF(I226=\"\",\"\",IF(A226=\"H\",IF(OR(H226=\"SEN\",H226<1995),VLOOKUP(I226,Feuil1!$A$11:$G$29,6),IF(AND(H226>1994,H226<1998),VLOOKUP(I226,Feuil1!$A$11:$G$29,5),IF(AND(H226>1997,H226<2000),VLOOKUP(I226,Feuil1!$A$11:$G$29,4),IF(AND(H226>1999,H226<2002),VLOOKUP(I226,Feuil1!$A$11:$G$29,3),VLOOKUP(I226,Feuil1!$A$11:$G$29,2))))),IF(OR(H226=\"SEN\",H226<1995),VLOOKUP(I226,Feuil1!$G$11:$L$25,6),IF(AND(H226>1994,H226<1998),VLOOKUP(I226,Feuil1!$G$11:$L$25,5),IF(AND(H226>1997,H226<2000),VLOOKUP(I226,Feuil1!$G$11:$L$25,4),IF(AND(H226>1999,H226<2002),VLOOKUP(I226,Feuil1!$G$11:$L$25,3),VLOOKUP(I226,Feuil1!$G$11:$L$25,2)))))))","v":"C2 85"},182.07034139369281,null," ",{"$f":"T226-HLOOKUP(X226,Feuil1!$C$1:$BL$10,2,FALSE)","v":31},{"$f":"T226-HLOOKUP(X226,Feuil1!$C$1:$BL$10,3,FALSE)","v":11},{"$f":"T226-HLOOKUP(X226,Feuil1!$C$1:$BL$10,4,FALSE)","v":-9},{"$f":"T226-HLOOKUP(X226,Feuil1!$C$1:$BL$10,5,FALSE)","v":-29},{"$f":"T226-HLOOKUP(X226,Feuil1!$C$1:$BL$10,6,FALSE)","v":-49},{"$f":"T226-HLOOKUP(X226,Feuil1!$C$1:$BL$10,7,FALSE)","v":-69},{"$f":"T226-HLOOKUP(X226,Feuil1!$C$1:$BL$10,8,FALSE)","v":-89},{"$f":"T226-HLOOKUP(X226,Feuil1!$C$1:$BL$10,9,FALSE)","v":-109},{"$f":"T226-HLOOKUP(X226,Feuil1!$C$1:$BL$10,10,FALSE)","v":-9849},null,null,null,null,null,null,"DEP +"]
["H","CO","CEN",8,368839,"PIERRON","Tom",1998,77.5,"AAJ Blois","F",60,-65,65,65,75,80,85,85,150,-5,"DEP +",10,{"$f":"IF(I227=\"\",\"\",IF(A227=\"H\",IF(OR(H227=\"SEN\",H227<1995),VLOOKUP(I227,Feuil1!$A$11:$G$29,6),IF(AND(H227>1994,H227<1998),VLOOKUP(I227,Feuil1!$A$11:$G$29,5),IF(AND(H227>1997,H227<2000),VLOOKUP(I227,Feuil1!$A$11:$G$29,4),IF(AND(H227>1999,H227<2002),VLOOKUP(I227,Feuil1!$A$11:$G$29,3),VLOOKUP(I227,Feuil1!$A$11:$G$29,2))))),IF(OR(H227=\"SEN\",H227<1995),VLOOKUP(I227,Feuil1!$G$11:$L$25,6),IF(AND(H227>1994,H227<1998),VLOOKUP(I227,Feuil1!$G$11:$L$25,5),IF(AND(H227>1997,H227<2000),VLOOKUP(I227,Feuil1!$G$11:$L$25,4),IF(AND(H227>1999,H227<2002),VLOOKUP(I227,Feuil1!$G$11:$L$25,3),VLOOKUP(I227,Feuil1!$G$11:$L$25,2)))))))","v":"C2 85"},188.20995445481245,null," ",{"$f":"T227-HLOOKUP(X227,Feuil1!$C$1:$BL$10,2,FALSE)","v":30},{"$f":"T227-HLOOKUP(X227,Feuil1!$C$1:$BL$10,3,FALSE)","v":10},{"$f":"T227-HLOOKUP(X227,Feuil1!$C$1:$BL$10,4,FALSE)","v":-10},{"$f":"T227-HLOOKUP(X227,Feuil1!$C$1:$BL$10,5,FALSE)","v":-30},{"$f":"T227-HLOOKUP(X227,Feuil1!$C$1:$BL$10,6,FALSE)","v":-50},{"$f":"T227-HLOOKUP(X227,Feuil1!$C$1:$BL$10,7,FALSE)","v":-70},{"$f":"T227-HLOOKUP(X227,Feuil1!$C$1:$BL$10,8,FALSE)","v":-90},{"$f":"T227-HLOOKUP(X227,Feuil1!$C$1:$BL$10,9,FALSE)","v":-110},{"$f":"T227-HLOOKUP(X227,Feuil1!$C$1:$BL$10,10,FALSE)","v":-9850},null,null,null,null,null,null,"DEP +"]
["H","CO","BRE",9,248899,"LE JULE","Dorian",1998,79.400000000000006,"CA Lorient","F",55,60,-63,60,70,75,80,80,140,-18.800000000000011,"DEP +",0,{"$f":"IF(I228=\"\",\"\",IF(A228=\"H\",IF(OR(H228=\"SEN\",H228<1995),VLOOKUP(I228,Feuil1!$A$11:$G$29,6),IF(AND(H228>1994,H228<1998),VLOOKUP(I228,Feuil1!$A$11:$G$29,5),IF(AND(H228>1997,H228<2000),VLOOKUP(I228,Feuil1!$A$11:$G$29,4),IF(AND(H228>1999,H228<2002),VLOOKUP(I228,Feuil1!$A$11:$G$29,3),VLOOKUP(I228,Feuil1!$A$11:$G$29,2))))),IF(OR(H228=\"SEN\",H228<1995),VLOOKUP(I228,Feuil1!$G$11:$L$25,6),IF(AND(H228>1994,H228<1998),VLOOKUP(I228,Feuil1!$G$11:$L$25,5),IF(AND(H228>1997,H228<2000),VLOOKUP(I228,Feuil1!$G$11:$L$25,4),IF(AND(H228>1999,H228<2002),VLOOKUP(I228,Feuil1!$G$11:$L$25,3),VLOOKUP(I228,Feuil1!$G$11:$L$25,2)))))))","v":"C2 85"},173.3329186914483,null," ",{"$f":"T228-HLOOKUP(X228,Feuil1!$C$1:$BL$10,2,FALSE)","v":20},{"$f":"T228-HLOOKUP(X228,Feuil1!$C$1:$BL$10,3,FALSE)","v":0},{"$f":"T228-HLOOKUP(X228,Feuil1!$C$1:$BL$10,4,FALSE)","v":-20},{"$f":"T228-HLOOKUP(X228,Feuil1!$C$1:$BL$10,5,FALSE)","v":-40},{"$f":"T228-HLOOKUP(X228,Feuil1!$C$1:$BL$10,6,FALSE)","v":-60},{"$f":"T228-HLOOKUP(X228,Feuil1!$C$1:$BL$10,7,FALSE)","v":-80},{"$f":"T228-HLOOKUP(X228,Feuil1!$C$1:$BL$10,8,FALSE)","v":-100},{"$f":"T228-HLOOKUP(X228,Feuil1!$C$1:$BL$10,9,FALSE)","v":-120},{"$f":"T228-HLOOKUP(X228,Feuil1!$C$1:$BL$10,10,FALSE)","v":-9860},null,null,null,null,null,null,"DEP +"]
["H","NE","ALS",10,302805,"PEJSMANN","CHRISTOPHE",1998,78.2,"ASPTT Strasbourg","F",52,56,60,60,67,71,-74,71,131,-25.400000000000006,"DEB ",11,{"$f":"IF(I229=\"\",\"\",IF(A229=\"H\",IF(OR(H229=\"SEN\",H229<1995),VLOOKUP(I229,Feuil1!$A$11:$G$29,6),IF(AND(H229>1994,H229<1998),VLOOKUP(I229,Feuil1!$A$11:$G$29,5),IF(AND(H229>1997,H229<2000),VLOOKUP(I229,Feuil1!$A$11:$G$29,4),IF(AND(H229>1999,H229<2002),VLOOKUP(I229,Feuil1!$A$11:$G$29,3),VLOOKUP(I229,Feuil1!$A$11:$G$29,2))))),IF(OR(H229=\"SEN\",H229<1995),VLOOKUP(I229,Feuil1!$G$11:$L$25,6),IF(AND(H229>1994,H229<1998),VLOOKUP(I229,Feuil1!$G$11:$L$25,5),IF(AND(H229>1997,H229<2000),VLOOKUP(I229,Feuil1!$G$11:$L$25,4),IF(AND(H229>1999,H229<2002),VLOOKUP(I229,Feuil1!$G$11:$L$25,3),VLOOKUP(I229,Feuil1!$G$11:$L$25,2)))))))","v":"C2 85"},163.54961085737756,null," ",{"$f":"T229-HLOOKUP(X229,Feuil1!$C$1:$BL$10,2,FALSE)","v":11},{"$f":"T229-HLOOKUP(X229,Feuil1!$C$1:$BL$10,3,FALSE)","v":-9},{"$f":"T229-HLOOKUP(X229,Feuil1!$C$1:$BL$10,4,FALSE)","v":-29},{"$f":"T229-HLOOKUP(X229,Feuil1!$C$1:$BL$10,5,FALSE)","v":-49},{"$f":"T229-HLOOKUP(X229,Feuil1!$C$1:$BL$10,6,FALSE)","v":-69},{"$f":"T229-HLOOKUP(X229,Feuil1!$C$1:$BL$10,7,FALSE)","v":-89},{"$f":"T229-HLOOKUP(X229,Feuil1!$C$1:$BL$10,8,FALSE)","v":-109},{"$f":"T229-HLOOKUP(X229,Feuil1!$C$1:$BL$10,9,FALSE)","v":-129},{"$f":"T229-HLOOKUP(X229,Feuil1!$C$1:$BL$10,10,FALSE)","v":-9869},null,null,null,null,null,null,"DEB "]
["H","NORD","PIC",11,326260,"LALOUX","Alexis",1999,79.5,"Saleux CHM","F",50,55,-60,55,70,75,"-",75,130,-29,"DEB ",10,{"$f":"IF(I230=\"\",\"\",IF(A230=\"H\",IF(OR(H230=\"SEN\",H230<1995),VLOOKUP(I230,Feuil1!$A$11:$G$29,6),IF(AND(H230>1994,H230<1998),VLOOKUP(I230,Feuil1!$A$11:$G$29,5),IF(AND(H230>1997,H230<2000),VLOOKUP(I230,Feuil1!$A$11:$G$29,4),IF(AND(H230>1999,H230<2002),VLOOKUP(I230,Feuil1!$A$11:$G$29,3),VLOOKUP(I230,Feuil1!$A$11:$G$29,2))))),IF(OR(H230=\"SEN\",H230<1995),VLOOKUP(I230,Feuil1!$G$11:$L$25,6),IF(AND(H230>1994,H230<1998),VLOOKUP(I230,Feuil1!$G$11:$L$25,5),IF(AND(H230>1997,H230<2000),VLOOKUP(I230,Feuil1!$G$11:$L$25,4),IF(AND(H230>1999,H230<2002),VLOOKUP(I230,Feuil1!$G$11:$L$25,3),VLOOKUP(I230,Feuil1!$G$11:$L$25,2)))))))","v":"C2 85"},160.84214367821409,null," ",{"$f":"T230-HLOOKUP(X230,Feuil1!$C$1:$BL$10,2,FALSE)","v":10},{"$f":"T230-HLOOKUP(X230,Feuil1!$C$1:$BL$10,3,FALSE)","v":-10},{"$f":"T230-HLOOKUP(X230,Feuil1!$C$1:$BL$10,4,FALSE)","v":-30},{"$f":"T230-HLOOKUP(X230,Feuil1!$C$1:$BL$10,5,FALSE)","v":-50},{"$f":"T230-HLOOKUP(X230,Feuil1!$C$1:$BL$10,6,FALSE)","v":-70},{"$f":"T230-HLOOKUP(X230,Feuil1!$C$1:$BL$10,7,FALSE)","v":-90},{"$f":"T230-HLOOKUP(X230,Feuil1!$C$1:$BL$10,8,FALSE)","v":-110},{"$f":"T230-HLOOKUP(X230,Feuil1!$C$1:$BL$10,9,FALSE)","v":-130},{"$f":"T230-HLOOKUP(X230,Feuil1!$C$1:$BL$10,10,FALSE)","v":-9870},null,null,null,null,null,null,"DEB "]
["H","CO","PDL",12,391305,"OZDEMIR","Dogukar",1998,80.25,"Saint Herblain","F",35,40,45,45,-70,70,75,75,120,-40.5,"DEB ",0,{"$f":"IF(I231=\"\",\"\",IF(A231=\"H\",IF(OR(H231=\"SEN\",H231<1995),VLOOKUP(I231,Feuil1!$A$11:$G$29,6),IF(AND(H231>1994,H231<1998),VLOOKUP(I231,Feuil1!$A$11:$G$29,5),IF(AND(H231>1997,H231<2000),VLOOKUP(I231,Feuil1!$A$11:$G$29,4),IF(AND(H231>1999,H231<2002),VLOOKUP(I231,Feuil1!$A$11:$G$29,3),VLOOKUP(I231,Feuil1!$A$11:$G$29,2))))),IF(OR(H231=\"SEN\",H231<1995),VLOOKUP(I231,Feuil1!$G$11:$L$25,6),IF(AND(H231>1994,H231<1998),VLOOKUP(I231,Feuil1!$G$11:$L$25,5),IF(AND(H231>1997,H231<2000),VLOOKUP(I231,Feuil1!$G$11:$L$25,4),IF(AND(H231>1999,H231<2002),VLOOKUP(I231,Feuil1!$G$11:$L$25,3),VLOOKUP(I231,Feuil1!$G$11:$L$25,2)))))))","v":"C2 85"},147.72047274238145,null," ",{"$f":"T231-HLOOKUP(X231,Feuil1!$C$1:$BL$10,2,FALSE)","v":0},{"$f":"T231-HLOOKUP(X231,Feuil1!$C$1:$BL$10,3,FALSE)","v":-20},{"$f":"T231-HLOOKUP(X231,Feuil1!$C$1:$BL$10,4,FALSE)","v":-40},{"$f":"T231-HLOOKUP(X231,Feuil1!$C$1:$BL$10,5,FALSE)","v":-60},{"$f":"T231-HLOOKUP(X231,Feuil1!$C$1:$BL$10,6,FALSE)","v":-80},{"$f":"T231-HLOOKUP(X231,Feuil1!$C$1:$BL$10,7,FALSE)","v":-100},{"$f":"T231-HLOOKUP(X231,Feuil1!$C$1:$BL$10,8,FALSE)","v":-120},{"$f":"T231-HLOOKUP(X231,Feuil1!$C$1:$BL$10,9,FALSE)","v":-140},{"$f":"T231-HLOOKUP(X231,Feuil1!$C$1:$BL$10,10,FALSE)","v":-9880},null,null,null,null,null,null,"DEB "]
["H","SEST","RAL",13,332325,"DABBABI","Nadir",1999,83.8,"A.C. ST MARCELLIN","F",42,46,49,49,56,-61,61,61,110,-57.599999999999994,"DEB ",-10,{"$f":"IF(I232=\"\",\"\",IF(A232=\"H\",IF(OR(H232=\"SEN\",H232<1995),VLOOKUP(I232,Feuil1!$A$11:$G$29,6),IF(AND(H232>1994,H232<1998),VLOOKUP(I232,Feuil1!$A$11:$G$29,5),IF(AND(H232>1997,H232<2000),VLOOKUP(I232,Feuil1!$A$11:$G$29,4),IF(AND(H232>1999,H232<2002),VLOOKUP(I232,Feuil1!$A$11:$G$29,3),VLOOKUP(I232,Feuil1!$A$11:$G$29,2))))),IF(OR(H232=\"SEN\",H232<1995),VLOOKUP(I232,Feuil1!$G$11:$L$25,6),IF(AND(H232>1994,H232<1998),VLOOKUP(I232,Feuil1!$G$11:$L$25,5),IF(AND(H232>1997,H232<2000),VLOOKUP(I232,Feuil1!$G$11:$L$25,4),IF(AND(H232>1999,H232<2002),VLOOKUP(I232,Feuil1!$G$11:$L$25,3),VLOOKUP(I232,Feuil1!$G$11:$L$25,2)))))))","v":"C2 85"},132.3931218120963,null," ",{"$f":"T232-HLOOKUP(X232,Feuil1!$C$1:$BL$10,2,FALSE)","v":-10},{"$f":"T232-HLOOKUP(X232,Feuil1!$C$1:$BL$10,3,FALSE)","v":-30},{"$f":"T232-HLOOKUP(X232,Feuil1!$C$1:$BL$10,4,FALSE)","v":-50},{"$f":"T232-HLOOKUP(X232,Feuil1!$C$1:$BL$10,5,FALSE)","v":-70},{"$f":"T232-HLOOKUP(X232,Feuil1!$C$1:$BL$10,6,FALSE)","v":-90},{"$f":"T232-HLOOKUP(X232,Feuil1!$C$1:$BL$10,7,FALSE)","v":-110},{"$f":"T232-HLOOKUP(X232,Feuil1!$C$1:$BL$10,8,FALSE)","v":-130},{"$f":"T232-HLOOKUP(X232,Feuil1!$C$1:$BL$10,9,FALSE)","v":-150},{"$f":"T232-HLOOKUP(X232,Feuil1!$C$1:$BL$10,10,FALSE)","v":-9890},null,null,null,null,null,null,"DEB "]
["H","CO","PDL",14,378501,"LEVEQUE ","GAËL",1998,82.6,"CJF LAVAL/VOUTRÉ","F",40,43,46,46,57,-60,60,60,106,-59.199999999999989,"DEB ",-14,{"$f":"IF(I233=\"\",\"\",IF(A233=\"H\",IF(OR(H233=\"SEN\",H233<1995),VLOOKUP(I233,Feuil1!$A$11:$G$29,6),IF(AND(H233>1994,H233<1998),VLOOKUP(I233,Feuil1!$A$11:$G$29,5),IF(AND(H233>1997,H233<2000),VLOOKUP(I233,Feuil1!$A$11:$G$29,4),IF(AND(H233>1999,H233<2002),VLOOKUP(I233,Feuil1!$A$11:$G$29,3),VLOOKUP(I233,Feuil1!$A$11:$G$29,2))))),IF(OR(H233=\"SEN\",H233<1995),VLOOKUP(I233,Feuil1!$G$11:$L$25,6),IF(AND(H233>1994,H233<1998),VLOOKUP(I233,Feuil1!$G$11:$L$25,5),IF(AND(H233>1997,H233<2000),VLOOKUP(I233,Feuil1!$G$11:$L$25,4),IF(AND(H233>1999,H233<2002),VLOOKUP(I233,Feuil1!$G$11:$L$25,3),VLOOKUP(I233,Feuil1!$G$11:$L$25,2)))))))","v":"C2 85"},128.5219304209885,null," ",{"$f":"T233-HLOOKUP(X233,Feuil1!$C$1:$BL$10,2,FALSE)","v":-14},{"$f":"T233-HLOOKUP(X233,Feuil1!$C$1:$BL$10,3,FALSE)","v":-34},{"$f":"T233-HLOOKUP(X233,Feuil1!$C$1:$BL$10,4,FALSE)","v":-54},{"$f":"T233-HLOOKUP(X233,Feuil1!$C$1:$BL$10,5,FALSE)","v":-74},{"$f":"T233-HLOOKUP(X233,Feuil1!$C$1:$BL$10,6,FALSE)","v":-94},{"$f":"T233-HLOOKUP(X233,Feuil1!$C$1:$BL$10,7,FALSE)","v":-114},{"$f":"T233-HLOOKUP(X233,Feuil1!$C$1:$BL$10,8,FALSE)","v":-134},{"$f":"T233-HLOOKUP(X233,Feuil1!$C$1:$BL$10,9,FALSE)","v":-154},{"$f":"T233-HLOOKUP(X233,Feuil1!$C$1:$BL$10,10,FALSE)","v":-9894},null,null,null,null,null,null,"DEB "]
["H","NORD","NPC",15,374382,"PAWLAK","Xavier",1999,77.3,"A.O.SALLAUMINES","F",30,33,36,36,45,47,51,51,87,-67.599999999999994,"DEB ",-33,{"$f":"IF(I234=\"\",\"\",IF(A234=\"H\",IF(OR(H234=\"SEN\",H234<1995),VLOOKUP(I234,Feuil1!$A$11:$G$29,6),IF(AND(H234>1994,H234<1998),VLOOKUP(I234,Feuil1!$A$11:$G$29,5),IF(AND(H234>1997,H234<2000),VLOOKUP(I234,Feuil1!$A$11:$G$29,4),IF(AND(H234>1999,H234<2002),VLOOKUP(I234,Feuil1!$A$11:$G$29,3),VLOOKUP(I234,Feuil1!$A$11:$G$29,2))))),IF(OR(H234=\"SEN\",H234<1995),VLOOKUP(I234,Feuil1!$G$11:$L$25,6),IF(AND(H234>1994,H234<1998),VLOOKUP(I234,Feuil1!$G$11:$L$25,5),IF(AND(H234>1997,H234<2000),VLOOKUP(I234,Feuil1!$G$11:$L$25,4),IF(AND(H234>1999,H234<2002),VLOOKUP(I234,Feuil1!$G$11:$L$25,3),VLOOKUP(I234,Feuil1!$G$11:$L$25,2)))))))","v":"C2 85"},109.31998400661512,null," ",{"$f":"T234-HLOOKUP(X234,Feuil1!$C$1:$BL$10,2,FALSE)","v":-33},{"$f":"T234-HLOOKUP(X234,Feuil1!$C$1:$BL$10,3,FALSE)","v":-53},{"$f":"T234-HLOOKUP(X234,Feuil1!$C$1:$BL$10,4,FALSE)","v":-73},{"$f":"T234-HLOOKUP(X234,Feuil1!$C$1:$BL$10,5,FALSE)","v":-93},{"$f":"T234-HLOOKUP(X234,Feuil1!$C$1:$BL$10,6,FALSE)","v":-113},{"$f":"T234-HLOOKUP(X234,Feuil1!$C$1:$BL$10,7,FALSE)","v":-133},{"$f":"T234-HLOOKUP(X234,Feuil1!$C$1:$BL$10,8,FALSE)","v":-153},{"$f":"T234-HLOOKUP(X234,Feuil1!$C$1:$BL$10,9,FALSE)","v":-173},{"$f":"T234-HLOOKUP(X234,Feuil1!$C$1:$BL$10,10,FALSE)","v":-9913},null,null,null,null,null,null,"DEB "]
["H","CO","PDL",16,379233,"HOULBERT","LUCAS",1998,77.2,"CA Evron 53","F",35,40,-45,40,45,-50,-55,45,85,-69.400000000000006,"DEB ",-35,{"$f":"IF(I235=\"\",\"\",IF(A235=\"H\",IF(OR(H235=\"SEN\",H235<1995),VLOOKUP(I235,Feuil1!$A$11:$G$29,6),IF(AND(H235>1994,H235<1998),VLOOKUP(I235,Feuil1!$A$11:$G$29,5),IF(AND(H235>1997,H235<2000),VLOOKUP(I235,Feuil1!$A$11:$G$29,4),IF(AND(H235>1999,H235<2002),VLOOKUP(I235,Feuil1!$A$11:$G$29,3),VLOOKUP(I235,Feuil1!$A$11:$G$29,2))))),IF(OR(H235=\"SEN\",H235<1995),VLOOKUP(I235,Feuil1!$G$11:$L$25,6),IF(AND(H235>1994,H235<1998),VLOOKUP(I235,Feuil1!$G$11:$L$25,5),IF(AND(H235>1997,H235<2000),VLOOKUP(I235,Feuil1!$G$11:$L$25,4),IF(AND(H235>1999,H235<2002),VLOOKUP(I235,Feuil1!$G$11:$L$25,3),VLOOKUP(I235,Feuil1!$G$11:$L$25,2)))))))","v":"C2 85"},106.88458700366915,null," ",{"$f":"T235-HLOOKUP(X235,Feuil1!$C$1:$BL$10,2,FALSE)","v":-35},{"$f":"T235-HLOOKUP(X235,Feuil1!$C$1:$BL$10,3,FALSE)","v":-55},{"$f":"T235-HLOOKUP(X235,Feuil1!$C$1:$BL$10,4,FALSE)","v":-75},{"$f":"T235-HLOOKUP(X235,Feuil1!$C$1:$BL$10,5,FALSE)","v":-95},{"$f":"T235-HLOOKUP(X235,Feuil1!$C$1:$BL$10,6,FALSE)","v":-115},{"$f":"T235-HLOOKUP(X235,Feuil1!$C$1:$BL$10,7,FALSE)","v":-135},{"$f":"T235-HLOOKUP(X235,Feuil1!$C$1:$BL$10,8,FALSE)","v":-155},{"$f":"T235-HLOOKUP(X235,Feuil1!$C$1:$BL$10,9,FALSE)","v":-175},{"$f":"T235-HLOOKUP(X235,Feuil1!$C$1:$BL$10,10,FALSE)","v":-9915},null,null,null,null,null,null,"DEB "]
["H","CO","CEN",17,388374,"BOULAY","Aurélien",1999,79.5,"CHM Avrais","F",30,-33,-33,30,37,40,43,43,73,-86,"DEB ",-47,{"$f":"IF(I236=\"\",\"\",IF(A236=\"H\",IF(OR(H236=\"SEN\",H236<1995),VLOOKUP(I236,Feuil1!$A$11:$G$29,6),IF(AND(H236>1994,H236<1998),VLOOKUP(I236,Feuil1!$A$11:$G$29,5),IF(AND(H236>1997,H236<2000),VLOOKUP(I236,Feuil1!$A$11:$G$29,4),IF(AND(H236>1999,H236<2002),VLOOKUP(I236,Feuil1!$A$11:$G$29,3),VLOOKUP(I236,Feuil1!$A$11:$G$29,2))))),IF(OR(H236=\"SEN\",H236<1995),VLOOKUP(I236,Feuil1!$G$11:$L$25,6),IF(AND(H236>1994,H236<1998),VLOOKUP(I236,Feuil1!$G$11:$L$25,5),IF(AND(H236>1997,H236<2000),VLOOKUP(I236,Feuil1!$G$11:$L$25,4),IF(AND(H236>1999,H236<2002),VLOOKUP(I236,Feuil1!$G$11:$L$25,3),VLOOKUP(I236,Feuil1!$G$11:$L$25,2)))))))","v":"C2 85"},90.319049911612524,null," ",{"$f":"T236-HLOOKUP(X236,Feuil1!$C$1:$BL$10,2,FALSE)","v":-47},{"$f":"T236-HLOOKUP(X236,Feuil1!$C$1:$BL$10,3,FALSE)","v":-67},{"$f":"T236-HLOOKUP(X236,Feuil1!$C$1:$BL$10,4,FALSE)","v":-87},{"$f":"T236-HLOOKUP(X236,Feuil1!$C$1:$BL$10,5,FALSE)","v":-107},{"$f":"T236-HLOOKUP(X236,Feuil1!$C$1:$BL$10,6,FALSE)","v":-127},{"$f":"T236-HLOOKUP(X236,Feuil1!$C$1:$BL$10,7,FALSE)","v":-147},{"$f":"T236-HLOOKUP(X236,Feuil1!$C$1:$BL$10,8,FALSE)","v":-167},{"$f":"T236-HLOOKUP(X236,Feuil1!$C$1:$BL$10,9,FALSE)","v":-187},{"$f":"T236-HLOOKUP(X236,Feuil1!$C$1:$BL$10,10,FALSE)","v":-9927},null,null,null,null,null,null,"DEB "]
["H","SEST","RAL",18,329645,"RONDOT","Dimitri",1999,81.599999999999994,"ST QUENTIN FALLAVIER","F",27,29,-31,29,38,40,-42,40,69,-94.199999999999989,"DEB ",-51,{"$f":"IF(I237=\"\",\"\",IF(A237=\"H\",IF(OR(H237=\"SEN\",H237<1995),VLOOKUP(I237,Feuil1!$A$11:$G$29,6),IF(AND(H237>1994,H237<1998),VLOOKUP(I237,Feuil1!$A$11:$G$29,5),IF(AND(H237>1997,H237<2000),VLOOKUP(I237,Feuil1!$A$11:$G$29,4),IF(AND(H237>1999,H237<2002),VLOOKUP(I237,Feuil1!$A$11:$G$29,3),VLOOKUP(I237,Feuil1!$A$11:$G$29,2))))),IF(OR(H237=\"SEN\",H237<1995),VLOOKUP(I237,Feuil1!$G$11:$L$25,6),IF(AND(H237>1994,H237<1998),VLOOKUP(I237,Feuil1!$G$11:$L$25,5),IF(AND(H237>1997,H237<2000),VLOOKUP(I237,Feuil1!$G$11:$L$25,4),IF(AND(H237>1999,H237<2002),VLOOKUP(I237,Feuil1!$G$11:$L$25,3),VLOOKUP(I237,Feuil1!$G$11:$L$25,2)))))))","v":"C2 85"},84.19188762213571,null," ",{"$f":"T237-HLOOKUP(X237,Feuil1!$C$1:$BL$10,2,FALSE)","v":-51},{"$f":"T237-HLOOKUP(X237,Feuil1!$C$1:$BL$10,3,FALSE)","v":-71},{"$f":"T237-HLOOKUP(X237,Feuil1!$C$1:$BL$10,4,FALSE)","v":-91},{"$f":"T237-HLOOKUP(X237,Feuil1!$C$1:$BL$10,5,FALSE)","v":-111},{"$f":"T237-HLOOKUP(X237,Feuil1!$C$1:$BL$10,6,FALSE)","v":-131},{"$f":"T237-HLOOKUP(X237,Feuil1!$C$1:$BL$10,7,FALSE)","v":-151},{"$f":"T237-HLOOKUP(X237,Feuil1!$C$1:$BL$10,8,FALSE)","v":-171},{"$f":"T237-HLOOKUP(X237,Feuil1!$C$1:$BL$10,9,FALSE)","v":-191},{"$f":"T237-HLOOKUP(X237,Feuil1!$C$1:$BL$10,10,FALSE)","v":-9931},null,null,null,null,null,null,"DEB "]
[null,null,null,null,null,null,null,null,null,null,null,null,null,null,null,null,null,null,null,null,null,null,null,null,null,null," ",{"$f":"T238-HLOOKUP(X238,[1]Feuil1!$C$1:$BL$10,2,FALSE)","v":{"$error":"#N/A"}},{"$f":"T238-HLOOKUP(X238,[1]Feuil1!$C$1:$BL$10,3,FALSE)","v":{"$error":"#N/A"}},{"$f":"T238-HLOOKUP(X238,[1]Feuil1!$C$1:$BL$10,4,FALSE)","v":{"$error":"#N/A"}},{"$f":"T238-HLOOKUP(X238,[1]Feuil1!$C$1:$BL$10,5,FALSE)","v":{"$error":"#N/A"}},{"$f":"T238-HLOOKUP(X238,[1]Feuil1!$C$1:$BL$10,6,FALSE)","v":{"$error":"#N/A"}},{"$f":"T238-HLOOKUP(X238,[1]Feuil1!$C$1:$BL$10,7,FALSE)","v":{"$error":"#N/A"}},{"$f":"T238-HLOOKUP(X238,[1]Feuil1!$C$1:$BL$10,8,FALSE)","v":{"$error":"#N/A"}},{"$f":"T238-HLOOKUP(X238,[1]Feuil1!$C$1:$BL$10,9,FALSE)","v":{"$error":"#N/A"}},{"$f":"T238-HLOOKUP(X238,[1]Feuil1!$C$1:$BL$10,10,FALSE)","v":{"$error":"#N/A"}},null,null,null,null,null,null,{"$f":"IF(AJ238>=0,$AJ$4,IF(AI238>=0,$AI$4,IF(AH238>=0,$AH$4,IF(AG238>=0,$AG$4,IF(AF238>=0,$AF$4,IF(AE238>=0,$AE$4,IF(AD238>=0,$AD$4,IF(AC238>=0,$AC$4,$AB$4))))))))","v":{"$error":"#N/A"}}]
["H","SEST","PRO",1,377631,"BENOIT","JOAN",1998,92.8,"EEAR MONTEUX","F",82,86,-90,{"$f":"IF(H239=\"\",\"\",IF(MAXA(L239:N239)<=0,0,MAXA(L239:N239)))","v":86},102,105,-107,{"$f":"IF(H239=\"\",\"\",IF(MAXA(P239:R239)<=0,0,MAXA(P239:R239)))","v":105},{"$f":"IF(H239=\"\",\"\",IF(OR(O239=0,S239=0),0,O239+S239))","v":191},{"$f":"T239-I239*2","v":5.4000000000000057},{"$f":"IF(H239=\"\",\"\",AQ239)","v":"IRG +"},{"$f":"IF(AJ239>=0,AJ239,IF(AI239>=0,AI239,IF(AH239>=0,AH239,IF(AG239>=0,AG239,IF(AF239>=0,AF239,IF(AE239>=0,AE239,IF(AD239>=0,AD239,IF(AC239>=0,AC239,AB239))))))))","v":6},{"$f":"IF(I239=\"\",\"\",IF(A239=\"H\",IF(OR(H239=\"SEN\",H239<1995),VLOOKUP(I239,Feuil1!$A$11:$G$29,6),IF(AND(H239>1994,H239<1998),VLOOKUP(I239,Feuil1!$A$11:$G$29,5),IF(AND(H239>1997,H239<2000),VLOOKUP(I239,Feuil1!$A$11:$G$29,4),IF(AND(H239>1999,H239<2002),VLOOKUP(I239,Feuil1!$A$11:$G$29,3),VLOOKUP(I239,Feuil1!$A$11:$G$29,2))))),IF(OR(H239=\"SEN\",H239<1995),VLOOKUP(I239,Feuil1!$G$11:$L$25,6),IF(AND(H239>1994,H239<1998),VLOOKUP(I239,Feuil1!$G$11:$L$25,5),IF(AND(H239>1997,H239<2000),VLOOKUP(I239,Feuil1!$G$11:$L$25,4),IF(AND(H239>1999,H239<2002),VLOOKUP(I239,Feuil1!$G$11:$L$25,3),VLOOKUP(I239,Feuil1!$G$11:$L$25,2)))))))","v":"C2 94"},{"$f":"IF(I239=\"\",\"\",IF(A239=\"H\",10^(0.794358141*LOG(I239/174.393)^2)*T239,IF(A239=\"F\",10^(0.89726074*LOG(I239/148.026)^2)*T239,\"\")))","v":219.11008131140136},null," ",{"$f":"T239-HLOOKUP(X239,Feuil1!$C$1:$BL$10,2,FALSE)","v":66},{"$f":"T239-HLOOKUP(X239,Feuil1!$C$1:$BL$10,3,FALSE)","v":46},{"$f":"T239-HLOOKUP(X239,Feuil1!$C$1:$BL$10,4,FALSE)","v":26},{"$f":"T239-HLOOKUP(X239,Feuil1!$C$1:$BL$10,5,FALSE)","v":6},{"$f":"T239-HLOOKUP(X239,Feuil1!$C$1:$BL$10,6,FALSE)","v":-19},{"$f":"T239-HLOOKUP(X239,Feuil1!$C$1:$BL$10,7,FALSE)","v":-34},{"$f":"T239-HLOOKUP(X239,Feuil1!$C$1:$BL$10,8,FALSE)","v":-59},{"$f":"T239-HLOOKUP(X239,Feuil1!$C$1:$BL$10,9,FALSE)","v":-89},{"$f":"T239-HLOOKUP(X239,Feuil1!$C$1:$BL$10,10,FALSE)","v":-809},null,null,null,null,null,null,{"$f":"IF(AJ239>=0,$AJ$4,IF(AI239>=0,$AI$4,IF(AH239>=0,$AH$4,IF(AG239>=0,$AG$4,IF(AF239>=0,$AF$4,IF(AE239>=0,$AE$4,IF(AD239>=0,$AD$4,IF(AC239>=0,$AC$4,$AB$4))))))))","v":"IRG +"}]
["H","SEST","PRO",2,316093,"GIRAUD","Florian",1998,89.5,"HC NOVES","F",75,80,-82,{"$f":"IF(H240=\"\",\"\",IF(MAXA(L240:N240)<=0,0,MAXA(L240:N240)))","v":80},100,-105,105,{"$f":"IF(H240=\"\",\"\",IF(MAXA(P240:R240)<=0,0,MAXA(P240:R240)))","v":105},{"$f":"IF(H240=\"\",\"\",IF(OR(O240=0,S240=0),0,O240+S240))","v":185},{"$f":"T240-I240*2","v":6},{"$f":"IF(H240=\"\",\"\",AQ240)","v":"IRG +"},{"$f":"IF(AJ240>=0,AJ240,IF(AI240>=0,AI240,IF(AH240>=0,AH240,IF(AG240>=0,AG240,IF(AF240>=0,AF240,IF(AE240>=0,AE240,IF(AD240>=0,AD240,IF(AC240>=0,AC240,AB240))))))))","v":0},{"$f":"IF(I240=\"\",\"\",IF(A240=\"H\",IF(OR(H240=\"SEN\",H240<1995),VLOOKUP(I240,Feuil1!$A$11:$G$29,6),IF(AND(H240>1994,H240<1998),VLOOKUP(I240,Feuil1!$A$11:$G$29,5),IF(AND(H240>1997,H240<2000),VLOOKUP(I240,Feuil1!$A$11:$G$29,4),IF(AND(H240>1999,H240<2002),VLOOKUP(I240,Feuil1!$A$11:$G$29,3),VLOOKUP(I240,Feuil1!$A$11:$G$29,2))))),IF(OR(H240=\"SEN\",H240<1995),VLOOKUP(I240,Feuil1!$G$11:$L$25,6),IF(AND(H240>1994,H240<1998),VLOOKUP(I240,Feuil1!$G$11:$L$25,5),IF(AND(H240>1997,H240<2000),VLOOKUP(I240,Feuil1!$G$11:$L$25,4),IF(AND(H240>1999,H240<2002),VLOOKUP(I240,Feuil1!$G$11:$L$25,3),VLOOKUP(I240,Feuil1!$G$11:$L$25,2)))))))","v":"C2 94"},{"$f":"IF(I240=\"\",\"\",IF(A240=\"H\",10^(0.794358141*LOG(I240/174.393)^2)*T240,IF(A240=\"F\",10^(0.89726074*LOG(I240/148.026)^2)*T240,\"\")))","v":215.69588953396399},null," ",{"$f":"T240-HLOOKUP(X240,Feuil1!$C$1:$BL$10,2,FALSE)","v":60},{"$f":"T240-HLOOKUP(X240,Feuil1!$C$1:$BL$10,3,FALSE)","v":40},{"$f":"T240-HLOOKUP(X240,Feuil1!$C$1:$BL$10,4,FALSE)","v":20},{"$f":"T240-HLOOKUP(X240,Feuil1!$C$1:$BL$10,5,FALSE)","v":0},{"$f":"T240-HLOOKUP(X240,Feuil1!$C$1:$BL$10,6,FALSE)","v":-25},{"$f":"T240-HLOOKUP(X240,Feuil1!$C$1:$BL$10,7,FALSE)","v":-40},{"$f":"T240-HLOOKUP(X240,Feuil1!$C$1:$BL$10,8,FALSE)","v":-65},{"$f":"T240-HLOOKUP(X240,Feuil1!$C$1:$BL$10,9,FALSE)","v":-95},{"$f":"T240-HLOOKUP(X240,Feuil1!$C$1:$BL$10,10,FALSE)","v":-815},null,null,null,null,null,null,{"$f":"IF(AJ240>=0,$AJ$4,IF(AI240>=0,$AI$4,IF(AH240>=0,$AH$4,IF(AG240>=0,$AG$4,IF(AF240>=0,$AF$4,IF(AE240>=0,$AE$4,IF(AD240>=0,$AD$4,IF(AC240>=0,$AC$4,$AB$4))))))))","v":"IRG +"}]
["H","CO","BRE",3,360252,"LE GALL","Mathieu",1998,93.8,"AL Quimper","F",70,74,-76,{"$f":"IF(H241=\"\",\"\",IF(MAXA(L241:N241)<=0,0,MAXA(L241:N241)))","v":74},90,-95,98,{"$f":"IF(H241=\"\",\"\",IF(MAXA(P241:R241)<=0,0,MAXA(P241:R241)))","v":98},{"$f":"IF(H241=\"\",\"\",IF(OR(O241=0,S241=0),0,O241+S241))","v":172},{"$f":"T241-I241*2","v":-15.599999999999994},{"$f":"IF(H241=\"\",\"\",AQ241)","v":"REG +"},{"$f":"IF(AJ241>=0,AJ241,IF(AI241>=0,AI241,IF(AH241>=0,AH241,IF(AG241>=0,AG241,IF(AF241>=0,AF241,IF(AE241>=0,AE241,IF(AD241>=0,AD241,IF(AC241>=0,AC241,AB241))))))))","v":7},{"$f":"IF(I241=\"\",\"\",IF(A241=\"H\",IF(OR(H241=\"SEN\",H241<1995),VLOOKUP(I241,Feuil1!$A$11:$G$29,6),IF(AND(H241>1994,H241<1998),VLOOKUP(I241,Feuil1!$A$11:$G$29,5),IF(AND(H241>1997,H241<2000),VLOOKUP(I241,Feuil1!$A$11:$G$29,4),IF(AND(H241>1999,H241<2002),VLOOKUP(I241,Feuil1!$A$11:$G$29,3),VLOOKUP(I241,Feuil1!$A$11:$G$29,2))))),IF(OR(H241=\"SEN\",H241<1995),VLOOKUP(I241,Feuil1!$G$11:$L$25,6),IF(AND(H241>1994,H241<1998),VLOOKUP(I241,Feuil1!$G$11:$L$25,5),IF(AND(H241>1997,H241<2000),VLOOKUP(I241,Feuil1!$G$11:$L$25,4),IF(AND(H241>1999,H241<2002),VLOOKUP(I241,Feuil1!$G$11:$L$25,3),VLOOKUP(I241,Feuil1!$G$11:$L$25,2)))))))","v":"C2 94"},{"$f":"IF(I241=\"\",\"\",IF(A241=\"H\",10^(0.794358141*LOG(I241/174.393)^2)*T241,IF(A241=\"F\",10^(0.89726074*LOG(I241/148.026)^2)*T241,\"\")))","v":196.40316932690988},null," ",{"$f":"T241-HLOOKUP(X241,Feuil1!$C$1:$BL$10,2,FALSE)","v":47},{"$f":"T241-HLOOKUP(X241,Feuil1!$C$1:$BL$10,3,FALSE)","v":27},{"$f":"T241-HLOOKUP(X241,Feuil1!$C$1:$BL$10,4,FALSE)","v":7},{"$f":"T241-HLOOKUP(X241,Feuil1!$C$1:$BL$10,5,FALSE)","v":-13},{"$f":"T241-HLOOKUP(X241,Feuil1!$C$1:$BL$10,6,FALSE)","v":-38},{"$f":"T241-HLOOKUP(X241,Feuil1!$C$1:$BL$10,7,FALSE)","v":-53},{"$f":"T241-HLOOKUP(X241,Feuil1!$C$1:$BL$10,8,FALSE)","v":-78},{"$f":"T241-HLOOKUP(X241,Feuil1!$C$1:$BL$10,9,FALSE)","v":-108},{"$f":"T241-HLOOKUP(X241,Feuil1!$C$1:$BL$10,10,FALSE)","v":-828},null,null,null,null,null,null,{"$f":"IF(AJ241>=0,$AJ$4,IF(AI241>=0,$AI$4,IF(AH241>=0,$AH$4,IF(AG241>=0,$AG$4,IF(AF241>=0,$AF$4,IF(AE241>=0,$AE$4,IF(AD241>=0,$AD$4,IF(AC241>=0,$AC$4,$AB$4))))))))","v":"REG +"}]
["H","DOM","GUY",4,382073,"BALHOUL","Malik",1998,92,"ASCPG/Rémire Montjoly","F",50,55,57,{"$f":"IF(H242=\"\",\"\",IF(MAXA(L242:N242)<=0,0,MAXA(L242:N242)))","v":57},65,70,-75,{"$f":"IF(H242=\"\",\"\",IF(MAXA(P242:R242)<=0,0,MAXA(P242:R242)))","v":70},{"$f":"IF(H242=\"\",\"\",IF(OR(O242=0,S242=0),0,O242+S242))","v":127},{"$f":"T242-I242*2","v":-57},{"$f":"IF(H242=\"\",\"\",AQ242)","v":"DEB "},{"$f":"IF(AJ242>=0,AJ242,IF(AI242>=0,AI242,IF(AH242>=0,AH242,IF(AG242>=0,AG242,IF(AF242>=0,AF242,IF(AE242>=0,AE242,IF(AD242>=0,AD242,IF(AC242>=0,AC242,AB242))))))))","v":2},{"$f":"IF(I242=\"\",\"\",IF(A242=\"H\",IF(OR(H242=\"SEN\",H242<1995),VLOOKUP(I242,Feuil1!$A$11:$G$29,6),IF(AND(H242>1994,H242<1998),VLOOKUP(I242,Feuil1!$A$11:$G$29,5),IF(AND(H242>1997,H242<2000),VLOOKUP(I242,Feuil1!$A$11:$G$29,4),IF(AND(H242>1999,H242<2002),VLOOKUP(I242,Feuil1!$A$11:$G$29,3),VLOOKUP(I242,Feuil1!$A$11:$G$29,2))))),IF(OR(H242=\"SEN\",H242<1995),VLOOKUP(I242,Feuil1!$G$11:$L$25,6),IF(AND(H242>1994,H242<1998),VLOOKUP(I242,Feuil1!$G$11:$L$25,5),IF(AND(H242>1997,H242<2000),VLOOKUP(I242,Feuil1!$G$11:$L$25,4),IF(AND(H242>1999,H242<2002),VLOOKUP(I242,Feuil1!$G$11:$L$25,3),VLOOKUP(I242,Feuil1!$G$11:$L$25,2)))))))","v":"C2 94"},{"$f":"IF(I242=\"\",\"\",IF(A242=\"H\",10^(0.794358141*LOG(I242/174.393)^2)*T242,IF(A242=\"F\",10^(0.89726074*LOG(I242/148.026)^2)*T242,\"\")))","v":146.24487503855747},null," ",{"$f":"T242-HLOOKUP(X242,Feuil1!$C$1:$BL$10,2,FALSE)","v":2},{"$f":"T242-HLOOKUP(X242,Feuil1!$C$1:$BL$10,3,FALSE)","v":-18},{"$f":"T242-HLOOKUP(X242,Feuil1!$C$1:$BL$10,4,FALSE)","v":-38},{"$f":"T242-HLOOKUP(X242,Feuil1!$C$1:$BL$10,5,FALSE)","v":-58},{"$f":"T242-HLOOKUP(X242,Feuil1!$C$1:$BL$10,6,FALSE)","v":-83},{"$f":"T242-HLOOKUP(X242,Feuil1!$C$1:$BL$10,7,FALSE)","v":-98},{"$f":"T242-HLOOKUP(X242,Feuil1!$C$1:$BL$10,8,FALSE)","v":-123},{"$f":"T242-HLOOKUP(X242,Feuil1!$C$1:$BL$10,9,FALSE)","v":-153},{"$f":"T242-HLOOKUP(X242,Feuil1!$C$1:$BL$10,10,FALSE)","v":-873},null,null,null,null,null,null,{"$f":"IF(AJ242>=0,$AJ$4,IF(AI242>=0,$AI$4,IF(AH242>=0,$AH$4,IF(AG242>=0,$AG$4,IF(AF242>=0,$AF$4,IF(AE242>=0,$AE$4,IF(AD242>=0,$AD$4,IF(AC242>=0,$AC$4,$AB$4))))))))","v":"DEB "}]
["H","SEST","CAZ",5,359454,"LITTO","Maximilien",1999,93.8,"ASPTT DRAGUIGNAN","F",45,-50,50,{"$f":"IF(H243=\"\",\"\",IF(MAXA(L243:N243)<=0,0,MAXA(L243:N243)))","v":50},62,67,72,{"$f":"IF(H243=\"\",\"\",IF(MAXA(P243:R243)<=0,0,MAXA(P243:R243)))","v":72},{"$f":"IF(H243=\"\",\"\",IF(OR(O243=0,S243=0),0,O243+S243))","v":122},{"$f":"T243-I243*2","v":-65.599999999999994},{"$f":"IF(H243=\"\",\"\",AQ243)","v":"DEB "},{"$f":"IF(AJ243>=0,AJ243,IF(AI243>=0,AI243,IF(AH243>=0,AH243,IF(AG243>=0,AG243,IF(AF243>=0,AF243,IF(AE243>=0,AE243,IF(AD243>=0,AD243,IF(AC243>=0,AC243,AB243))))))))","v":-3},{"$f":"IF(I243=\"\",\"\",IF(A243=\"H\",IF(OR(H243=\"SEN\",H243<1995),VLOOKUP(I243,Feuil1!$A$11:$G$29,6),IF(AND(H243>1994,H243<1998),VLOOKUP(I243,Feuil1!$A$11:$G$29,5),IF(AND(H243>1997,H243<2000),VLOOKUP(I243,Feuil1!$A$11:$G$29,4),IF(AND(H243>1999,H243<2002),VLOOKUP(I243,Feuil1!$A$11:$G$29,3),VLOOKUP(I243,Feuil1!$A$11:$G$29,2))))),IF(OR(H243=\"SEN\",H243<1995),VLOOKUP(I243,Feuil1!$G$11:$L$25,6),IF(AND(H243>1994,H243<1998),VLOOKUP(I243,Feuil1!$G$11:$L$25,5),IF(AND(H243>1997,H243<2000),VLOOKUP(I243,Feuil1!$G$11:$L$25,4),IF(AND(H243>1999,H243<2002),VLOOKUP(I243,Feuil1!$G$11:$L$25,3),VLOOKUP(I243,Feuil1!$G$11:$L$25,2)))))))","v":"C2 94"},{"$f":"IF(I243=\"\",\"\",IF(A243=\"H\",10^(0.794358141*LOG(I243/174.393)^2)*T243,IF(A243=\"F\",10^(0.89726074*LOG(I243/148.026)^2)*T243,\"\")))","v":139.30922475513373},null," ",{"$f":"T243-HLOOKUP(X243,Feuil1!$C$1:$BL$10,2,FALSE)","v":-3},{"$f":"T243-HLOOKUP(X243,Feuil1!$C$1:$BL$10,3,FALSE)","v":-23},{"$f":"T243-HLOOKUP(X243,Feuil1!$C$1:$BL$10,4,FALSE)","v":-43},{"$f":"T243-HLOOKUP(X243,Feuil1!$C$1:$BL$10,5,FALSE)","v":-63},{"$f":"T243-HLOOKUP(X243,Feuil1!$C$1:$BL$10,6,FALSE)","v":-88},{"$f":"T243-HLOOKUP(X243,Feuil1!$C$1:$BL$10,7,FALSE)","v":-103},{"$f":"T243-HLOOKUP(X243,Feuil1!$C$1:$BL$10,8,FALSE)","v":-128},{"$f":"T243-HLOOKUP(X243,Feuil1!$C$1:$BL$10,9,FALSE)","v":-158},{"$f":"T243-HLOOKUP(X243,Feuil1!$C$1:$BL$10,10,FALSE)","v":-878},null,null,null,null,null,null,{"$f":"IF(AJ243>=0,$AJ$4,IF(AI243>=0,$AI$4,IF(AH243>=0,$AH$4,IF(AG243>=0,$AG$4,IF(AF243>=0,$AF$4,IF(AE243>=0,$AE$4,IF(AD243>=0,$AD$4,IF(AC243>=0,$AC$4,$AB$4))))))))","v":"DEB "}]
[null,null,null,null,null,null,null,null,null,null,null,null,null,null,null,null,null,null,null,null,null,null,null,null,null,null," ",{"$f":"T244-HLOOKUP(X244,[1]Feuil1!$C$1:$BL$10,2,FALSE)","v":{"$error":"#N/A"}},{"$f":"T244-HLOOKUP(X244,[1]Feuil1!$C$1:$BL$10,3,FALSE)","v":{"$error":"#N/A"}},{"$f":"T244-HLOOKUP(X244,[1]Feuil1!$C$1:$BL$10,4,FALSE)","v":{"$error":"#N/A"}},{"$f":"T244-HLOOKUP(X244,[1]Feuil1!$C$1:$BL$10,5,FALSE)","v":{"$error":"#N/A"}},{"$f":"T244-HLOOKUP(X244,[1]Feuil1!$C$1:$BL$10,6,FALSE)","v":{"$error":"#N/A"}},{"$f":"T244-HLOOKUP(X244,[1]Feuil1!$C$1:$BL$10,7,FALSE)","v":{"$error":"#N/A"}},{"$f":"T244-HLOOKUP(X244,[1]Feuil1!$C$1:$BL$10,8,FALSE)","v":{"$error":"#N/A"}},{"$f":"T244-HLOOKUP(X244,[1]Feuil1!$C$1:$BL$10,9,FALSE)","v":{"$error":"#N/A"}},{"$f":"T244-HLOOKUP(X244,[1]Feuil1!$C$1:$BL$10,10,FALSE)","v":{"$error":"#N/A"}},null,null,null,null,null,null,{"$f":"IF(AJ244>=0,$AJ$4,IF(AI244>=0,$AI$4,IF(AH244>=0,$AH$4,IF(AG244>=0,$AG$4,IF(AF244>=0,$AF$4,IF(AE244>=0,$AE$4,IF(AD244>=0,$AD$4,IF(AC244>=0,$AC$4,$AB$4))))))))","v":{"$error":"#N/A"}}]
["H","N","IDF",1,325263,"HILDEVERT","MALCOLM",1998,132,"SAINT-MAUR","F",90,95,-98,{"$f":"IF(H245=\"\",\"\",IF(MAXA(L245:N245)<=0,0,MAXA(L245:N245)))","v":95},110,115,-120,{"$f":"IF(H245=\"\",\"\",IF(MAXA(P245:R245)<=0,0,MAXA(P245:R245)))","v":115},{"$f":"IF(H245=\"\",\"\",IF(OR(O245=0,S245=0),0,O245+S245))","v":210},{"$f":"T245-I245*2","v":-54},{"$f":"IF(H245=\"\",\"\",AQ245)","v":"IRG +"},{"$f":"IF(AJ245>=0,AJ245,IF(AI245>=0,AI245,IF(AH245>=0,AH245,IF(AG245>=0,AG245,IF(AF245>=0,AF245,IF(AE245>=0,AE245,IF(AD245>=0,AD245,IF(AC245>=0,AC245,AB245))))))))","v":15},{"$f":"IF(I245=\"\",\"\",IF(A245=\"H\",IF(OR(H245=\"SEN\",H245<1995),VLOOKUP(I245,Feuil1!$A$11:$G$29,6),IF(AND(H245>1994,H245<1998),VLOOKUP(I245,Feuil1!$A$11:$G$29,5),IF(AND(H245>1997,H245<2000),VLOOKUP(I245,Feuil1!$A$11:$G$29,4),IF(AND(H245>1999,H245<2002),VLOOKUP(I245,Feuil1!$A$11:$G$29,3),VLOOKUP(I245,Feuil1!$A$11:$G$29,2))))),IF(OR(H245=\"SEN\",H245<1995),VLOOKUP(I245,Feuil1!$G$11:$L$25,6),IF(AND(H245>1994,H245<1998),VLOOKUP(I245,Feuil1!$G$11:$L$25,5),IF(AND(H245>1997,H245<2000),VLOOKUP(I245,Feuil1!$G$11:$L$25,4),IF(AND(H245>1999,H245<2002),VLOOKUP(I245,Feuil1!$G$11:$L$25,3),VLOOKUP(I245,Feuil1!$G$11:$L$25,2)))))))","v":"C2 +94"},{"$f":"IF(I245=\"\",\"\",IF(A245=\"H\",10^(0.794358141*LOG(I245/174.393)^2)*T245,IF(A245=\"F\",10^(0.89726074*LOG(I245/148.026)^2)*T245,\"\")))","v":215.69539137151904},null," ",{"$f":"T245-HLOOKUP(X245,Feuil1!$C$1:$BL$10,2,FALSE)","v":75},{"$f":"T245-HLOOKUP(X245,Feuil1!$C$1:$BL$10,3,FALSE)","v":55},{"$f":"T245-HLOOKUP(X245,Feuil1!$C$1:$BL$10,4,FALSE)","v":35},{"$f":"T245-HLOOKUP(X245,Feuil1!$C$1:$BL$10,5,FALSE)","v":15},{"$f":"T245-HLOOKUP(X245,Feuil1!$C$1:$BL$10,6,FALSE)","v":-10},{"$f":"T245-HLOOKUP(X245,Feuil1!$C$1:$BL$10,7,FALSE)","v":-25},{"$f":"T245-HLOOKUP(X245,Feuil1!$C$1:$BL$10,8,FALSE)","v":-50},{"$f":"T245-HLOOKUP(X245,Feuil1!$C$1:$BL$10,9,FALSE)","v":-70},{"$f":"T245-HLOOKUP(X245,Feuil1!$C$1:$BL$10,10,FALSE)","v":-790},null,null,null,null,null,null,{"$f":"IF(AJ245>=0,$AJ$4,IF(AI245>=0,$AI$4,IF(AH245>=0,$AH$4,IF(AG245>=0,$AG$4,IF(AF245>=0,$AF$4,IF(AE245>=0,$AE$4,IF(AD245>=0,$AD$4,IF(AC245>=0,$AC$4,$AB$4))))))))","v":"IRG +"}]
["H","NORD","NPC",2,376451,"CEYLAND","Umut",1998,114.2,"C.A.ROSENDAEL","BEL",90,95,-97,95,95,100,-105,100,195,-33.400000000000006,"IRG +",0,{"$f":"IF(I246=\"\",\"\",IF(A246=\"H\",IF(OR(H246=\"SEN\",H246<1995),VLOOKUP(I246,Feuil1!$A$11:$G$29,6),IF(AND(H246>1994,H246<1998),VLOOKUP(I246,Feuil1!$A$11:$G$29,5),IF(AND(H246>1997,H246<2000),VLOOKUP(I246,Feuil1!$A$11:$G$29,4),IF(AND(H246>1999,H246<2002),VLOOKUP(I246,Feuil1!$A$11:$G$29,3),VLOOKUP(I246,Feuil1!$A$11:$G$29,2))))),IF(OR(H246=\"SEN\",H246<1995),VLOOKUP(I246,Feuil1!$G$11:$L$25,6),IF(AND(H246>1994,H246<1998),VLOOKUP(I246,Feuil1!$G$11:$L$25,5),IF(AND(H246>1997,H246<2000),VLOOKUP(I246,Feuil1!$G$11:$L$25,4),IF(AND(H246>1999,H246<2002),VLOOKUP(I246,Feuil1!$G$11:$L$25,3),VLOOKUP(I246,Feuil1!$G$11:$L$25,2)))))))","v":"C2 +94"},207.43801645364593,null," ",{"$f":"T246-HLOOKUP(X246,Feuil1!$C$1:$BL$10,2,FALSE)","v":60},{"$f":"T246-HLOOKUP(X246,Feuil1!$C$1:$BL$10,3,FALSE)","v":40},{"$f":"T246-HLOOKUP(X246,Feuil1!$C$1:$BL$10,4,FALSE)","v":20},{"$f":"T246-HLOOKUP(X246,Feuil1!$C$1:$BL$10,5,FALSE)","v":0},{"$f":"T246-HLOOKUP(X246,Feuil1!$C$1:$BL$10,6,FALSE)","v":-25},{"$f":"T246-HLOOKUP(X246,Feuil1!$C$1:$BL$10,7,FALSE)","v":-40},{"$f":"T246-HLOOKUP(X246,Feuil1!$C$1:$BL$10,8,FALSE)","v":-65},{"$f":"T246-HLOOKUP(X246,Feuil1!$C$1:$BL$10,9,FALSE)","v":-85},{"$f":"T246-HLOOKUP(X246,Feuil1!$C$1:$BL$10,10,FALSE)","v":-805},null,null,null,null,null,null,"IRG +"]
["H","CO","BRE",3,360252,"LE GALL","Mathieu",1998,96.5,"AL Quimper","F",67,-72,74,74,90,-95,95,95,169,-24,"DEP +",14,{"$f":"IF(I247=\"\",\"\",IF(A247=\"H\",IF(OR(H247=\"SEN\",H247<1995),VLOOKUP(I247,Feuil1!$A$11:$G$29,6),IF(AND(H247>1994,H247<1998),VLOOKUP(I247,Feuil1!$A$11:$G$29,5),IF(AND(H247>1997,H247<2000),VLOOKUP(I247,Feuil1!$A$11:$G$29,4),IF(AND(H247>1999,H247<2002),VLOOKUP(I247,Feuil1!$A$11:$G$29,3),VLOOKUP(I247,Feuil1!$A$11:$G$29,2))))),IF(OR(H247=\"SEN\",H247<1995),VLOOKUP(I247,Feuil1!$G$11:$L$25,6),IF(AND(H247>1994,H247<1998),VLOOKUP(I247,Feuil1!$G$11:$L$25,5),IF(AND(H247>1997,H247<2000),VLOOKUP(I247,Feuil1!$G$11:$L$25,4),IF(AND(H247>1999,H247<2002),VLOOKUP(I247,Feuil1!$G$11:$L$25,3),VLOOKUP(I247,Feuil1!$G$11:$L$25,2)))))))","v":"C2 +94"},190.70144068998368,null," ",{"$f":"T247-HLOOKUP(X247,Feuil1!$C$1:$BL$10,2,FALSE)","v":34},{"$f":"T247-HLOOKUP(X247,Feuil1!$C$1:$BL$10,3,FALSE)","v":14},{"$f":"T247-HLOOKUP(X247,Feuil1!$C$1:$BL$10,4,FALSE)","v":-6},{"$f":"T247-HLOOKUP(X247,Feuil1!$C$1:$BL$10,5,FALSE)","v":-26},{"$f":"T247-HLOOKUP(X247,Feuil1!$C$1:$BL$10,6,FALSE)","v":-51},{"$f":"T247-HLOOKUP(X247,Feuil1!$C$1:$BL$10,7,FALSE)","v":-66},{"$f":"T247-HLOOKUP(X247,Feuil1!$C$1:$BL$10,8,FALSE)","v":-91},{"$f":"T247-HLOOKUP(X247,Feuil1!$C$1:$BL$10,9,FALSE)","v":-111},{"$f":"T247-HLOOKUP(X247,Feuil1!$C$1:$BL$10,10,FALSE)","v":-831},null,null,null,null,null,null,"DEP +"]
["H","DOM","GUA",4,366039,"SEGUIN CADICHE","Jeffrey",1998,108,"Budokan/Guadeloupe","F",65,70,75,75,-90,90,-95,90,165,-51,"DEP +",10,{"$f":"IF(I248=\"\",\"\",IF(A248=\"H\",IF(OR(H248=\"SEN\",H248<1995),VLOOKUP(I248,Feuil1!$A$11:$G$29,6),IF(AND(H248>1994,H248<1998),VLOOKUP(I248,Feuil1!$A$11:$G$29,5),IF(AND(H248>1997,H248<2000),VLOOKUP(I248,Feuil1!$A$11:$G$29,4),IF(AND(H248>1999,H248<2002),VLOOKUP(I248,Feuil1!$A$11:$G$29,3),VLOOKUP(I248,Feuil1!$A$11:$G$29,2))))),IF(OR(H248=\"SEN\",H248<1995),VLOOKUP(I248,Feuil1!$G$11:$L$25,6),IF(AND(H248>1994,H248<1998),VLOOKUP(I248,Feuil1!$G$11:$L$25,5),IF(AND(H248>1997,H248<2000),VLOOKUP(I248,Feuil1!$G$11:$L$25,4),IF(AND(H248>1999,H248<2002),VLOOKUP(I248,Feuil1!$G$11:$L$25,3),VLOOKUP(I248,Feuil1!$G$11:$L$25,2)))))))","v":"C2 +94"},178.60181092754766,null," ",{"$f":"T248-HLOOKUP(X248,Feuil1!$C$1:$BL$10,2,FALSE)","v":30},{"$f":"T248-HLOOKUP(X248,Feuil1!$C$1:$BL$10,3,FALSE)","v":10},{"$f":"T248-HLOOKUP(X248,Feuil1!$C$1:$BL$10,4,FALSE)","v":-10},{"$f":"T248-HLOOKUP(X248,Feuil1!$C$1:$BL$10,5,FALSE)","v":-30},{"$f":"T248-HLOOKUP(X248,Feuil1!$C$1:$BL$10,6,FALSE)","v":-55},{"$f":"T248-HLOOKUP(X248,Feuil1!$C$1:$BL$10,7,FALSE)","v":-70},{"$f":"T248-HLOOKUP(X248,Feuil1!$C$1:$BL$10,8,FALSE)","v":-95},{"$f":"T248-HLOOKUP(X248,Feuil1!$C$1:$BL$10,9,FALSE)","v":-115},{"$f":"T248-HLOOKUP(X248,Feuil1!$C$1:$BL$10,10,FALSE)","v":-835},null,null,null,null,null,null,"DEP +"]
["H","NORD","PIC",5,254200,"LEVASSEUR","Clément",1999,104.6,"La Ferté Milon CMHM","F",55,60,-63,60,70,75,80,80,140,-69.199999999999989,"DEB ",5,{"$f":"IF(I249=\"\",\"\",IF(A249=\"H\",IF(OR(H249=\"SEN\",H249<1995),VLOOKUP(I249,Feuil1!$A$11:$G$29,6),IF(AND(H249>1994,H249<1998),VLOOKUP(I249,Feuil1!$A$11:$G$29,5),IF(AND(H249>1997,H249<2000),VLOOKUP(I249,Feuil1!$A$11:$G$29,4),IF(AND(H249>1999,H249<2002),VLOOKUP(I249,Feuil1!$A$11:$G$29,3),VLOOKUP(I249,Feuil1!$A$11:$G$29,2))))),IF(OR(H249=\"SEN\",H249<1995),VLOOKUP(I249,Feuil1!$G$11:$L$25,6),IF(AND(H249>1994,H249<1998),VLOOKUP(I249,Feuil1!$G$11:$L$25,5),IF(AND(H249>1997,H249<2000),VLOOKUP(I249,Feuil1!$G$11:$L$25,4),IF(AND(H249>1999,H249<2002),VLOOKUP(I249,Feuil1!$G$11:$L$25,3),VLOOKUP(I249,Feuil1!$G$11:$L$25,2)))))))","v":"C2 +94"},153.20616889755746,null," ",{"$f":"T249-HLOOKUP(X249,Feuil1!$C$1:$BL$10,2,FALSE)","v":5},{"$f":"T249-HLOOKUP(X249,Feuil1!$C$1:$BL$10,3,FALSE)","v":-15},{"$f":"T249-HLOOKUP(X249,Feuil1!$C$1:$BL$10,4,FALSE)","v":-35},{"$f":"T249-HLOOKUP(X249,Feuil1!$C$1:$BL$10,5,FALSE)","v":-55},{"$f":"T249-HLOOKUP(X249,Feuil1!$C$1:$BL$10,6,FALSE)","v":-80},{"$f":"T249-HLOOKUP(X249,Feuil1!$C$1:$BL$10,7,FALSE)","v":-95},{"$f":"T249-HLOOKUP(X249,Feuil1!$C$1:$BL$10,8,FALSE)","v":-120},{"$f":"T249-HLOOKUP(X249,Feuil1!$C$1:$BL$10,9,FALSE)","v":-140},{"$f":"T249-HLOOKUP(X249,Feuil1!$C$1:$BL$10,10,FALSE)","v":-860},null,null,null,null,null,null,"DEB "]
["H","DOM","GUA",6,381280,"LINON","Dylan",1999,105.4,"AHCS/Pointois","F",55,60,-65,60,75,80,-83,80,140,-70.800000000000011,"DEB ",5,{"$f":"IF(I250=\"\",\"\",IF(A250=\"H\",IF(OR(H250=\"SEN\",H250<1995),VLOOKUP(I250,Feuil1!$A$11:$G$29,6),IF(AND(H250>1994,H250<1998),VLOOKUP(I250,Feuil1!$A$11:$G$29,5),IF(AND(H250>1997,H250<2000),VLOOKUP(I250,Feuil1!$A$11:$G$29,4),IF(AND(H250>1999,H250<2002),VLOOKUP(I250,Feuil1!$A$11:$G$29,3),VLOOKUP(I250,Feuil1!$A$11:$G$29,2))))),IF(OR(H250=\"SEN\",H250<1995),VLOOKUP(I250,Feuil1!$G$11:$L$25,6),IF(AND(H250>1994,H250<1998),VLOOKUP(I250,Feuil1!$G$11:$L$25,5),IF(AND(H250>1997,H250<2000),VLOOKUP(I250,Feuil1!$G$11:$L$25,4),IF(AND(H250>1999,H250<2002),VLOOKUP(I250,Feuil1!$G$11:$L$25,3),VLOOKUP(I250,Feuil1!$G$11:$L$25,2)))))))","v":"C2 +94"},152.79808879997697,null," ",{"$f":"T250-HLOOKUP(X250,Feuil1!$C$1:$BL$10,2,FALSE)","v":5},{"$f":"T250-HLOOKUP(X250,Feuil1!$C$1:$BL$10,3,FALSE)","v":-15},{"$f":"T250-HLOOKUP(X250,Feuil1!$C$1:$BL$10,4,FALSE)","v":-35},{"$f":"T250-HLOOKUP(X250,Feuil1!$C$1:$BL$10,5,FALSE)","v":-55},{"$f":"T250-HLOOKUP(X250,Feuil1!$C$1:$BL$10,6,FALSE)","v":-80},{"$f":"T250-HLOOKUP(X250,Feuil1!$C$1:$BL$10,7,FALSE)","v":-95},{"$f":"T250-HLOOKUP(X250,Feuil1!$C$1:$BL$10,8,FALSE)","v":-120},{"$f":"T250-HLOOKUP(X250,Feuil1!$C$1:$BL$10,9,FALSE)","v":-140},{"$f":"T250-HLOOKUP(X250,Feuil1!$C$1:$BL$10,10,FALSE)","v":-860},null,null,null,null,null,null,"DEB "]
["H","N","IDF",7,358096,"BOUGRYNE","ALI",1998,100.5,"GENNEVILLIERS","F",55,60,-65,60,65,75,-80,75,135,-66,"DEB ",0,{"$f":"IF(I251=\"\",\"\",IF(A251=\"H\",IF(OR(H251=\"SEN\",H251<1995),VLOOKUP(I251,Feuil1!$A$11:$G$29,6),IF(AND(H251>1994,H251<1998),VLOOKUP(I251,Feuil1!$A$11:$G$29,5),IF(AND(H251>1997,H251<2000),VLOOKUP(I251,Feuil1!$A$11:$G$29,4),IF(AND(H251>1999,H251<2002),VLOOKUP(I251,Feuil1!$A$11:$G$29,3),VLOOKUP(I251,Feuil1!$A$11:$G$29,2))))),IF(OR(H251=\"SEN\",H251<1995),VLOOKUP(I251,Feuil1!$G$11:$L$25,6),IF(AND(H251>1994,H251<1998),VLOOKUP(I251,Feuil1!$G$11:$L$25,5),IF(AND(H251>1997,H251<2000),VLOOKUP(I251,Feuil1!$G$11:$L$25,4),IF(AND(H251>1999,H251<2002),VLOOKUP(I251,Feuil1!$G$11:$L$25,3),VLOOKUP(I251,Feuil1!$G$11:$L$25,2)))))))","v":"C2 +94"},149.91539446475201,null," ",{"$f":"T251-HLOOKUP(X251,Feuil1!$C$1:$BL$10,2,FALSE)","v":0},{"$f":"T251-HLOOKUP(X251,Feuil1!$C$1:$BL$10,3,FALSE)","v":-20},{"$f":"T251-HLOOKUP(X251,Feuil1!$C$1:$BL$10,4,FALSE)","v":-40},{"$f":"T251-HLOOKUP(X251,Feuil1!$C$1:$BL$10,5,FALSE)","v":-60},{"$f":"T251-HLOOKUP(X251,Feuil1!$C$1:$BL$10,6,FALSE)","v":-85},{"$f":"T251-HLOOKUP(X251,Feuil1!$C$1:$BL$10,7,FALSE)","v":-100},{"$f":"T251-HLOOKUP(X251,Feuil1!$C$1:$BL$10,8,FALSE)","v":-125},{"$f":"T251-HLOOKUP(X251,Feuil1!$C$1:$BL$10,9,FALSE)","v":-145},{"$f":"T251-HLOOKUP(X251,Feuil1!$C$1:$BL$10,10,FALSE)","v":-865},null,null,null,null,null,null,"DEB "]
["H","N","IDF",8," 383692","IDZOUZANE","OUSSAMA",1999,116.9,"GENNEVILLIERS","F",55,60,-63,60,65,75,-45,75,135,-98.800000000000011,"DEB ",0,{"$f":"IF(I252=\"\",\"\",IF(A252=\"H\",IF(OR(H252=\"SEN\",H252<1995),VLOOKUP(I252,Feuil1!$A$11:$G$29,6),IF(AND(H252>1994,H252<1998),VLOOKUP(I252,Feuil1!$A$11:$G$29,5),IF(AND(H252>1997,H252<2000),VLOOKUP(I252,Feuil1!$A$11:$G$29,4),IF(AND(H252>1999,H252<2002),VLOOKUP(I252,Feuil1!$A$11:$G$29,3),VLOOKUP(I252,Feuil1!$A$11:$G$29,2))))),IF(OR(H252=\"SEN\",H252<1995),VLOOKUP(I252,Feuil1!$G$11:$L$25,6),IF(AND(H252>1994,H252<1998),VLOOKUP(I252,Feuil1!$G$11:$L$25,5),IF(AND(H252>1997,H252<2000),VLOOKUP(I252,Feuil1!$G$11:$L$25,4),IF(AND(H252>1999,H252<2002),VLOOKUP(I252,Feuil1!$G$11:$L$25,3),VLOOKUP(I252,Feuil1!$G$11:$L$25,2)))))))","v":"C2 +94"},142.6608830860329,null," ",{"$f":"T252-HLOOKUP(X252,Feuil1!$C$1:$BL$10,2,FALSE)","v":0},{"$f":"T252-HLOOKUP(X252,Feuil1!$C$1:$BL$10,3,FALSE)","v":-20},{"$f":"T252-HLOOKUP(X252,Feuil1!$C$1:$BL$10,4,FALSE)","v":-40},{"$f":"T252-HLOOKUP(X252,Feuil1!$C$1:$BL$10,5,FALSE)","v":-60},{"$f":"T252-HLOOKUP(X252,Feuil1!$C$1:$BL$10,6,FALSE)","v":-85},{"$f":"T252-HLOOKUP(X252,Feuil1!$C$1:$BL$10,7,FALSE)","v":-100},{"$f":"T252-HLOOKUP(X252,Feuil1!$C$1:$BL$10,8,FALSE)","v":-125},{"$f":"T252-HLOOKUP(X252,Feuil1!$C$1:$BL$10,9,FALSE)","v":-145},{"$f":"T252-HLOOKUP(X252,Feuil1!$C$1:$BL$10,10,FALSE)","v":-865},null,null,null,null,null,null,"DEB "]
["H","CO","PDL",9,378502,"LEMAILE","ARTHUR",1998,98,"CJF LAVAL/VOUTRÉ","F",52,55,-58,55,65,70,74,74,129,-67,"DEB ",-6,{"$f":"IF(I253=\"\",\"\",IF(A253=\"H\",IF(OR(H253=\"SEN\",H253<1995),VLOOKUP(I253,Feuil1!$A$11:$G$29,6),IF(AND(H253>1994,H253<1998),VLOOKUP(I253,Feuil1!$A$11:$G$29,5),IF(AND(H253>1997,H253<2000),VLOOKUP(I253,Feuil1!$A$11:$G$29,4),IF(AND(H253>1999,H253<2002),VLOOKUP(I253,Feuil1!$A$11:$G$29,3),VLOOKUP(I253,Feuil1!$A$11:$G$29,2))))),IF(OR(H253=\"SEN\",H253<1995),VLOOKUP(I253,Feuil1!$G$11:$L$25,6),IF(AND(H253>1994,H253<1998),VLOOKUP(I253,Feuil1!$G$11:$L$25,5),IF(AND(H253>1997,H253<2000),VLOOKUP(I253,Feuil1!$G$11:$L$25,4),IF(AND(H253>1999,H253<2002),VLOOKUP(I253,Feuil1!$G$11:$L$25,3),VLOOKUP(I253,Feuil1!$G$11:$L$25,2)))))))","v":"C2 +94"},144.66301145087903,null," ",{"$f":"T253-HLOOKUP(X253,Feuil1!$C$1:$BL$10,2,FALSE)","v":-6},{"$f":"T253-HLOOKUP(X253,Feuil1!$C$1:$BL$10,3,FALSE)","v":-26},{"$f":"T253-HLOOKUP(X253,Feuil1!$C$1:$BL$10,4,FALSE)","v":-46},{"$f":"T253-HLOOKUP(X253,Feuil1!$C$1:$BL$10,5,FALSE)","v":-66},{"$f":"T253-HLOOKUP(X253,Feuil1!$C$1:$BL$10,6,FALSE)","v":-91},{"$f":"T253-HLOOKUP(X253,Feuil1!$C$1:$BL$10,7,FALSE)","v":-106},{"$f":"T253-HLOOKUP(X253,Feuil1!$C$1:$BL$10,8,FALSE)","v":-131},{"$f":"T253-HLOOKUP(X253,Feuil1!$C$1:$BL$10,9,FALSE)","v":-151},{"$f":"T253-HLOOKUP(X253,Feuil1!$C$1:$BL$10,10,FALSE)","v":-871},null,null,null,null,null,null,"DEB "]
["H","DOM","GUA",10,363275,"MEGE","Hugo",1998,95,"EGAFC/Baie Mahault","F",50,55,-60,55,60,65,-70,65,120,-70,"DEB ",-15,{"$f":"IF(I254=\"\",\"\",IF(A254=\"H\",IF(OR(H254=\"SEN\",H254<1995),VLOOKUP(I254,Feuil1!$A$11:$G$29,6),IF(AND(H254>1994,H254<1998),VLOOKUP(I254,Feuil1!$A$11:$G$29,5),IF(AND(H254>1997,H254<2000),VLOOKUP(I254,Feuil1!$A$11:$G$29,4),IF(AND(H254>1999,H254<2002),VLOOKUP(I254,Feuil1!$A$11:$G$29,3),VLOOKUP(I254,Feuil1!$A$11:$G$29,2))))),IF(OR(H254=\"SEN\",H254<1995),VLOOKUP(I254,Feuil1!$G$11:$L$25,6),IF(AND(H254>1994,H254<1998),VLOOKUP(I254,Feuil1!$G$11:$L$25,5),IF(AND(H254>1997,H254<2000),VLOOKUP(I254,Feuil1!$G$11:$L$25,4),IF(AND(H254>1999,H254<2002),VLOOKUP(I254,Feuil1!$G$11:$L$25,3),VLOOKUP(I254,Feuil1!$G$11:$L$25,2)))))))","v":"C2 +94"},136.2897704223476,null," ",{"$f":"T254-HLOOKUP(X254,Feuil1!$C$1:$BL$10,2,FALSE)","v":-15},{"$f":"T254-HLOOKUP(X254,Feuil1!$C$1:$BL$10,3,FALSE)","v":-35},{"$f":"T254-HLOOKUP(X254,Feuil1!$C$1:$BL$10,4,FALSE)","v":-55},{"$f":"T254-HLOOKUP(X254,Feuil1!$C$1:$BL$10,5,FALSE)","v":-75},{"$f":"T254-HLOOKUP(X254,Feuil1!$C$1:$BL$10,6,FALSE)","v":-100},{"$f":"T254-HLOOKUP(X254,Feuil1!$C$1:$BL$10,7,FALSE)","v":-115},{"$f":"T254-HLOOKUP(X254,Feuil1!$C$1:$BL$10,8,FALSE)","v":-140},{"$f":"T254-HLOOKUP(X254,Feuil1!$C$1:$BL$10,9,FALSE)","v":-160},{"$f":"T254-HLOOKUP(X254,Feuil1!$C$1:$BL$10,10,FALSE)","v":-880},null,null,null,null,null,null,"DEB "]
["H","NORD","PIC",11,386576,"BOSQUET","Lucas",1999,96.1,"Hirson CEHT","F",35,40,-45,40,50,-55,55,55,95,-97.199999999999989,"DEB ",-40,{"$f":"IF(I255=\"\",\"\",IF(A255=\"H\",IF(OR(H255=\"SEN\",H255<1995),VLOOKUP(I255,Feuil1!$A$11:$G$29,6),IF(AND(H255>1994,H255<1998),VLOOKUP(I255,Feuil1!$A$11:$G$29,5),IF(AND(H255>1997,H255<2000),VLOOKUP(I255,Feuil1!$A$11:$G$29,4),IF(AND(H255>1999,H255<2002),VLOOKUP(I255,Feuil1!$A$11:$G$29,3),VLOOKUP(I255,Feuil1!$A$11:$G$29,2))))),IF(OR(H255=\"SEN\",H255<1995),VLOOKUP(I255,Feuil1!$G$11:$L$25,6),IF(AND(H255>1994,H255<1998),VLOOKUP(I255,Feuil1!$G$11:$L$25,5),IF(AND(H255>1997,H255<2000),VLOOKUP(I255,Feuil1!$G$11:$L$25,4),IF(AND(H255>1999,H255<2002),VLOOKUP(I255,Feuil1!$G$11:$L$25,3),VLOOKUP(I255,Feuil1!$G$11:$L$25,2)))))))","v":"C2 +94"},107.38163385183741,null," ",{"$f":"T255-HLOOKUP(X255,Feuil1!$C$1:$BL$10,2,FALSE)","v":-40},{"$f":"T255-HLOOKUP(X255,Feuil1!$C$1:$BL$10,3,FALSE)","v":-60},{"$f":"T255-HLOOKUP(X255,Feuil1!$C$1:$BL$10,4,FALSE)","v":-80},{"$f":"T255-HLOOKUP(X255,Feuil1!$C$1:$BL$10,5,FALSE)","v":-100},{"$f":"T255-HLOOKUP(X255,Feuil1!$C$1:$BL$10,6,FALSE)","v":-125},{"$f":"T255-HLOOKUP(X255,Feuil1!$C$1:$BL$10,7,FALSE)","v":-140},{"$f":"T255-HLOOKUP(X255,Feuil1!$C$1:$BL$10,8,FALSE)","v":-165},{"$f":"T255-HLOOKUP(X255,Feuil1!$C$1:$BL$10,9,FALSE)","v":-185},{"$f":"T255-HLOOKUP(X255,Feuil1!$C$1:$BL$10,10,FALSE)","v":-905},null,null,null,null,null,null,"DEB "]
["H","SEST","CAZ",12,375959,"ISMAEL","HYAM",1998,94.3,"ASLDD TOULON","F",25,30,35,35,30,35,40,40,75,-113.6,"DEB ",-60,{"$f":"IF(I256=\"\",\"\",IF(A256=\"H\",IF(OR(H256=\"SEN\",H256<1995),VLOOKUP(I256,Feuil1!$A$11:$G$29,6),IF(AND(H256>1994,H256<1998),VLOOKUP(I256,Feuil1!$A$11:$G$29,5),IF(AND(H256>1997,H256<2000),VLOOKUP(I256,Feuil1!$A$11:$G$29,4),IF(AND(H256>1999,H256<2002),VLOOKUP(I256,Feuil1!$A$11:$G$29,3),VLOOKUP(I256,Feuil1!$A$11:$G$29,2))))),IF(OR(H256=\"SEN\",H256<1995),VLOOKUP(I256,Feuil1!$G$11:$L$25,6),IF(AND(H256>1994,H256<1998),VLOOKUP(I256,Feuil1!$G$11:$L$25,5),IF(AND(H256>1997,H256<2000),VLOOKUP(I256,Feuil1!$G$11:$L$25,4),IF(AND(H256>1999,H256<2002),VLOOKUP(I256,Feuil1!$G$11:$L$25,3),VLOOKUP(I256,Feuil1!$G$11:$L$25,2)))))))","v":"C2 +94"},85.447158157609366,null," ",{"$f":"T256-HLOOKUP(X256,Feuil1!$C$1:$BL$10,2,FALSE)","v":-60},{"$f":"T256-HLOOKUP(X256,Feuil1!$C$1:$BL$10,3,FALSE)","v":-80},{"$f":"T256-HLOOKUP(X256,Feuil1!$C$1:$BL$10,4,FALSE)","v":-100},{"$f":"T256-HLOOKUP(X256,Feuil1!$C$1:$BL$10,5,FALSE)","v":-120},{"$f":"T256-HLOOKUP(X256,Feuil1!$C$1:$BL$10,6,FALSE)","v":-145},{"$f":"T256-HLOOKUP(X256,Feuil1!$C$1:$BL$10,7,FALSE)","v":-160},{"$f":"T256-HLOOKUP(X256,Feuil1!$C$1:$BL$10,8,FALSE)","v":-185},{"$f":"T256-HLOOKUP(X256,Feuil1!$C$1:$BL$10,9,FALSE)","v":-205},{"$f":"T256-HLOOKUP(X256,Feuil1!$C$1:$BL$10,10,FALSE)","v":-925},null,null,null,null,null,null,"DEB "]
[null,null,null,null,null,null,null,null,null,null,null,null,null,null,null,null,null,null,null,null,null,null,null,null,null,null," ",{"$f":"T257-HLOOKUP(X257,[1]Feuil1!$C$1:$BL$10,2,FALSE)","v":{"$error":"#N/A"}},{"$f":"T257-HLOOKUP(X257,[1]Feuil1!$C$1:$BL$10,3,FALSE)","v":{"$error":"#N/A"}},{"$f":"T257-HLOOKUP(X257,[1]Feuil1!$C$1:$BL$10,4,FALSE)","v":{"$error":"#N/A"}},{"$f":"T257-HLOOKUP(X257,[1]Feuil1!$C$1:$BL$10,5,FALSE)","v":{"$error":"#N/A"}},{"$f":"T257-HLOOKUP(X257,[1]Feuil1!$C$1:$BL$10,6,FALSE)","v":{"$error":"#N/A"}},{"$f":"T257-HLOOKUP(X257,[1]Feuil1!$C$1:$BL$10,7,FALSE)","v":{"$error":"#N/A"}},{"$f":"T257-HLOOKUP(X257,[1]Feuil1!$C$1:$BL$10,8,FALSE)","v":{"$error":"#N/A"}},{"$f":"T257-HLOOKUP(X257,[1]Feuil1!$C$1:$BL$10,9,FALSE)","v":{"$error":"#N/A"}},{"$f":"T257-HLOOKUP(X257,[1]Feuil1!$C$1:$BL$10,10,FALSE)","v":{"$error":"#N/A"}},null,null,null,null,null,null,{"$f":"IF(AJ257>=0,$AJ$4,IF(AI257>=0,$AI$4,IF(AH257>=0,$AH$4,IF(AG257>=0,$AG$4,IF(AF257>=0,$AF$4,IF(AE257>=0,$AE$4,IF(AD257>=0,$AD$4,IF(AC257>=0,$AC$4,$AB$4))))))))","v":{"$error":"#N/A"}}]
[]
[]
[]
[]
[]
[]
[]
[]
[]
[]
[]
[]
[]
[]
[]
[]
[]
[]
[]
[]
[]
[]
[]
[]
[]
[]
[]
[]
[]
[]
[]
[]
[]
[]
[]
[]
[]
[]
[]
[]
[]
[]
[]
[]
[]
[]
[]
[]
[]
[]
[]
[]
[]
[]
[]
[]
[]
[]
[]
[]
[]
[]
[]
[]
[]
[]
[]
[]
[]
[]
[]
[]
[]
[]
[]
[]
[]
[]
[]
[]
[]
[]
[]
[]
[]
[]
[]
[]
[]
[]
[]
[]
[]
[]
[]
[]
[]
[]
[]
[]
[]
[]
[]
[]
[]
[]
[]
[]
[]
[]
[]
[]
[]
[]
[]
[]
[]
[]
[]
[]
[]
[]
[]
[]
[]
[]
[]
[]
[]
[]
[]
[]
[]
[]
[]
[]
[]
[]
[]
[]
[]
[]
[]
[]
[]
[]
[]
[]
[]
[]
[]
[]
[]
[]
[]
[]
[]
[]
[]
[]
[]
[]
[]
[]
[]
[]
[]
[]
[]
[]
[]
[]
[]
[]
[]
[]
[]
[]
[]
[]
[]
[]
[]
[]
[]
[]
[]
[]
[]
[]
[]
[]
[]
[]
[]
[]
[]
[]
[]
[]
[]
[]
[]
[]
[]
[]
[]
[]
[]
[]
[]
[]
[]
[]
[]
[]
[]
[]
[]
[]
[]
[]
[]
[]
[]
[]
[]
[]
[]
[]
[]
[]
[]
[]
[]
[]
[]
[]
[]
[]
[]
[]
[]
[]
[]
[]
[]
[]
[]
[]
[]
[]
[]
[]
[]
[]
[]
[]
[]
[]
[]
[]
[]
[]
[]
[]
[]
[]
[]
[]
[]
[]
[]
[]
[]
[]
[]
[]
[]
[]
[]
[]
[]
[]
[]
[]
[]
[]
[]
[]
[]
[]
[]
[]
[]
[]
[]
[]
[]
[]
[]
[]
[]
[]
[]
[]
[]
[]
[]
[]
[]
[]
[]
[]
[]
[]
[]
[]
[]
[]
[]
[]
[]
[]
[]
[]
[]
[]
[]
[]
[]
[]
[]
[]
[]
[]
[]
[]
[]
[]
[]
[]
[]
[]
[]
[]
[]
[]
[]
[]
[]
[]
[]
[]
[]
[]
[]
[]
[]
[]
[]
[]
[]
[]
[]
[]
[]
[]
[]
[]
[]
[]
[]
[]
[]
[]
[]
[]
[]
[]
[]
[]
[]
[]
[]
[]
[]
[]
[]
[]
[]
[]
[]
[]
[]
[]
[]
[]
[]
[]
[]
[]
[]
[]
[]
[]
[]
[]
[]
[]
[]
[]
[]
[]
[]
[]
[]
[]
[]
[]
[]
[]
[]
[]
[]
[]
[]
[]
[]
[]
[]
[]
[]
[]
[]
[]
[null,null,null,null,null,null,null,null,null,null,null,null,null,null,null,null,null,null,null,null,null,null,null,null,null,null,null,"J77","J85","J94","J105","J+105",null,"J56","J62","J69","J77","J85","J94","J105","J+105",null,"S56","S62","S69","S77","S85","S94","S105","S+105"]
[null,null,null,null,null,null,null,null,null,null,null,null,null,null,null,null,null,null,null,null,null,null,null,null,null,null,null,145,160,170,180,190,null,100,115,130,145,160,170,180,190,null,115,135,150,165,180,190,200,210]
[null,null,null,null,null,null,null,null,null,null,null,null,null,null,null,null,null,null,null,null,null,null,null,null,null,null,null,165,180,190,200,210,null,115,135,150,165,180,190,200,210,null,130,150,165,185,200,210,220,230]
[null,null,null,null,null,null,null,null,null,null,null,null,null,null,null,null,null,null,null,null,null,null,null,null,null,null,null,185,200,210,220,230,null,130,150,165,185,200,210,220,230,null,145,165,180,200,220,230,240,250]
[null,null,null,null,null,null,null,null,null,null,null,null,null,null,null,null,null,null,null,null,null,null,null,null,null,null,null,200,220,230,240,250,null,145,165,180,200,220,230,240,250,null,175,195,215,235,250,260,275,280]
[null,null,null,null,null,null,null,null,null,null,null,null,null,null,null,null,null,null,null,null,null,null,null,null,null,null,null,235,250,260,275,280,null,175,195,215,235,250,260,275,280,null,210,230,250,270,290,300,310,325]
[null,null,null,null,null,null,null,null,null,null,null,null,null,null,null,null,null,null,null,null,null,null,null,null,null,null,null,270,290,300,310,325,null,210,230,250,270,290,300,310,325,null,230,255,275,300,315,335,345,355]
[null,null,null,null,null,null,null,null,null,null,null,null,null,null,null,null,null,null,null,null,null,null,null,null,null,null,null,320,335,355,370,380,null,245,270,295,320,335,355,370,380,null,245,270,295,320,335,355,370,380]

{"sheet":"JUNIORS","index":3,"n_rows":843,"n_cols":50,"rows_kept":843,"cut":false,"hidden":false,"merged":[[3,21,3,22],[0,7,0,14],[0,18,0,21],[1,6,1,10],[1,11,1,13],[1,14,1,17],[1,18,1,19],[1,21,1,22]]}
[null,null,null,null,null,"LISTING NATIONAL",null,"MASCULINS ",null,null,null,null,null,null,null,null,"DATE :",null,"2015-06-30"]
[null,null,null,null,null," ","2014-2015",null,null,null,null,"3° TRIMESTRE"]
[]
["SEXE","ZONE","REG.","CL.","LICENCE","NOMS","Prénoms","AN","POIDS","CLUB","NAT",1,2,3,"ARR",1,2,3,"EP-J","Total","KP-2PC","SERIE",null,"Catég","IWF",null," ","DEB ","DEP +","REG +","IRG +","FED +","NAT +","INTB +","INTA +","OLY +"]
[null,null,null,null,null,null,null,null,null,null,null,null,null,null,null,null,null,null,null,null,null,null,null,null,null,null," ",{"$f":"T5-HLOOKUP(X5,[1]Feuil1!$C$1:$BL$10,2,FALSE)","v":{"$error":"#N/A"}},{"$f":"T5-HLOOKUP(X5,[1]Feuil1!$C$1:$BL$10,3,FALSE)","v":{"$error":"#N/A"}},{"$f":"T5-HLOOKUP(X5,[1]Feuil1!$C$1:$BL$10,4,FALSE)","v":{"$error":"#N/A"}},{"$f":"T5-HLOOKUP(X5,[1]Feuil1!$C$1:$BL$10,5,FALSE)","v":{"$error":"#N/A"}},{"$f":"T5-HLOOKUP(X5,[1]Feuil1!$C$1:$BL$10,6,FALSE)","v":{"$error":"#N/A"}},{"$f":"T5-HLOOKUP(X5,[1]Feuil1!$C$1:$BL$10,7,FALSE)","v":{"$error":"#N/A"}},{"$f":"T5-HLOOKUP(X5,[1]Feuil1!$C$1:$BL$10,8,FALSE)","v":{"$error":"#N/A"}},{"$f":"T5-HLOOKUP(X5,[1]Feuil1!$C$1:$BL$10,9,FALSE)","v":{"$error":"#N/A"}},{"$f":"T5-HLOOKUP(X5,[1]Feuil1!$C$1:$BL$10,10,FALSE)","v":{"$error":"#N/A"}},null,null,null,null,null,null,{"$f":"IF(AJ5>=0,$AJ$4,IF(AI5>=0,$AI$4,IF(AH5>=0,$AH$4,IF(AG5>=0,$AG$4,IF(AF5>=0,$AF$4,IF(AE5>=0,$AE$4,IF(AD5>=0,$AD$4,IF(AC5>=0,$AC$4,$AB$4))))))))","v":{"$error":"#N/A"}}]
["H","SEST","PRO",1,245875,"MARI","Edouard",1997,54.8,"HM STE TULLE","F",75,81,-83,{"$f":"IF(H6=\"\",\"\",IF(MAXA(L6:N6)<=0,0,MAXA(L6:N6)))","v":81},95,101,105,{"$f":"IF(H6=\"\",\"\",IF(MAXA(P6:R6)<=0,0,MAXA(P6:R6)))","v":105},{"$f":"IF(H6=\"\",\"\",IF(OR(O6=0,S6=0),0,O6+S6))","v":186},{"$f":"T6-I6*2","v":76.400000000000006},{"$f":"IF(H6=\"\",\"\",AQ6)","v":"NAT +"},{"$f":"IF(AJ6>=0,AJ6,IF(AI6>=0,AI6,IF(AH6>=0,AH6,IF(AG6>=0,AG6,IF(AF6>=0,AF6,IF(AE6>=0,AE6,IF(AD6>=0,AD6,IF(AC6>=0,AC6,AB6))))))))","v":16},{"$f":"IF(I6=\"\",\"\",IF(A6=\"H\",IF(OR(H6=\"SEN\",H6<1995),VLOOKUP(I6,Feuil1!$A$11:$F$29,6),IF(AND(H6>1994,H6<1998),VLOOKUP(I6,Feuil1!$A$11:$F$29,5),IF(AND(H6>1997,H6<2000),VLOOKUP(I6,Feuil1!$A$11:$F$29,4),IF(AND(H6>1999,H6<2002),VLOOKUP(I6,Feuil1!$A$11:$F$29,3),VLOOKUP(I6,Feuil1!$A$11:$F$29,2))))),IF(OR(H6=\"SEN\",H6<1995),VLOOKUP(I6,Feuil1!$G$11:$L$25,6),IF(AND(H6>1994,H6<1998),VLOOKUP(I6,Feuil1!$G$11:$L$25,5),IF(AND(H6>1997,H6<2000),VLOOKUP(I6,Feuil1!$G$11:$L$25,4),IF(AND(H6>1999,H6<2002),VLOOKUP(I6,Feuil1!$G$11:$L$25,3),VLOOKUP(I6,Feuil1!$G$11:$L$25,2)))))))","v":"J56"},{"$f":"IF(I6=\"\",\"\",IF(A6=\"H\",10^(0.794358141*LOG(I6/174.393)^2)*T6,IF(A6=\"F\",10^(0.89726074*LOG(I6/148.026)^2)*T6,\"\")))","v":295.31925610637455},null," ",{"$f":"T6-HLOOKUP(X6,Feuil1!$C$1:$BL$10,2,FALSE)","v":106},{"$f":"T6-HLOOKUP(X6,Feuil1!$C$1:$BL$10,3,FALSE)","v":86},{"$f":"T6-HLOOKUP(X6,Feuil1!$C$1:$BL$10,4,FALSE)","v":71},{"$f":"T6-HLOOKUP(X6,Feuil1!$C$1:$BL$10,5,FALSE)","v":56},{"$f":"T6-HLOOKUP(X6,Feuil1!$C$1:$BL$10,6,FALSE)","v":41},{"$f":"T6-HLOOKUP(X6,Feuil1!$C$1:$BL$10,7,FALSE)","v":16},{"$f":"T6-HLOOKUP(X6,Feuil1!$C$1:$BL$10,8,FALSE)","v":-4},{"$f":"T6-HLOOKUP(X6,Feuil1!$C$1:$BL$10,9,FALSE)","v":-24},{"$f":"T6-HLOOKUP(X6,Feuil1!$C$1:$BL$10,10,FALSE)","v":-814},null,null,null,null,null,null,{"$f":"IF(AJ6>=0,$AJ$4,IF(AI6>=0,$AI$4,IF(AH6>=0,$AH$4,IF(AG6>=0,$AG$4,IF(AF6>=0,$AF$4,IF(AE6>=0,$AE$4,IF(AD6>=0,$AD$4,IF(AC6>=0,$AC$4,$AB$4))))))))","v":"NAT +"}]
["H","SO","AQU",2,220892,"MOCAER","ALAN",1996,50.6,"ST MEDARD","F",67,70,73,73,88,93,97,97,170,68.8,"NAT +",0,{"$f":"IF(I7=\"\",\"\",IF(A7=\"H\",IF(OR(H7=\"SEN\",H7<1995),VLOOKUP(I7,Feuil1!$A$11:$F$29,6),IF(AND(H7>1994,H7<1998),VLOOKUP(I7,Feuil1!$A$11:$F$29,5),IF(AND(H7>1997,H7<2000),VLOOKUP(I7,Feuil1!$A$11:$F$29,4),IF(AND(H7>1999,H7<2002),VLOOKUP(I7,Feuil1!$A$11:$F$29,3),VLOOKUP(I7,Feuil1!$A$11:$F$29,2))))),IF(OR(H7=\"SEN\",H7<1995),VLOOKUP(I7,Feuil1!$G$11:$L$25,6),IF(AND(H7>1994,H7<1998),VLOOKUP(I7,Feuil1!$G$11:$L$25,5),IF(AND(H7>1997,H7<2000),VLOOKUP(I7,Feuil1!$G$11:$L$25,4),IF(AND(H7>1999,H7<2002),VLOOKUP(I7,Feuil1!$G$11:$L$25,3),VLOOKUP(I7,Feuil1!$G$11:$L$25,2)))))))","v":"J56"},288.29707680910786,null," ",{"$f":"T7-HLOOKUP(X7,Feuil1!$C$1:$BL$10,2,FALSE)","v":90},{"$f":"T7-HLOOKUP(X7,Feuil1!$C$1:$BL$10,3,FALSE)","v":70},{"$f":"T7-HLOOKUP(X7,Feuil1!$C$1:$BL$10,4,FALSE)","v":55},{"$f":"T7-HLOOKUP(X7,Feuil1!$C$1:$BL$10,5,FALSE)","v":40},{"$f":"T7-HLOOKUP(X7,Feuil1!$C$1:$BL$10,6,FALSE)","v":25},{"$f":"T7-HLOOKUP(X7,Feuil1!$C$1:$BL$10,7,FALSE)","v":0},{"$f":"T7-HLOOKUP(X7,Feuil1!$C$1:$BL$10,8,FALSE)","v":-20},{"$f":"T7-HLOOKUP(X7,Feuil1!$C$1:$BL$10,9,FALSE)","v":-40},{"$f":"T7-HLOOKUP(X7,Feuil1!$C$1:$BL$10,10,FALSE)","v":-830},null,null,null,null,null,null,"NAT +"]
["H","NORD","NPC",3,223520,"TRANCART","Tristan",1996,53.66,"LOMME","F",64,68,70,70,85,-87,87,87,157,49.680000000000007,"FED +",12,{"$f":"IF(I8=\"\",\"\",IF(A8=\"H\",IF(OR(H8=\"SEN\",H8<1995),VLOOKUP(I8,Feuil1!$A$11:$F$29,6),IF(AND(H8>1994,H8<1998),VLOOKUP(I8,Feuil1!$A$11:$F$29,5),IF(AND(H8>1997,H8<2000),VLOOKUP(I8,Feuil1!$A$11:$F$29,4),IF(AND(H8>1999,H8<2002),VLOOKUP(I8,Feuil1!$A$11:$F$29,3),VLOOKUP(I8,Feuil1!$A$11:$F$29,2))))),IF(OR(H8=\"SEN\",H8<1995),VLOOKUP(I8,Feuil1!$G$11:$L$25,6),IF(AND(H8>1994,H8<1998),VLOOKUP(I8,Feuil1!$G$11:$L$25,5),IF(AND(H8>1997,H8<2000),VLOOKUP(I8,Feuil1!$G$11:$L$25,4),IF(AND(H8>1999,H8<2002),VLOOKUP(I8,Feuil1!$G$11:$L$25,3),VLOOKUP(I8,Feuil1!$G$11:$L$25,2)))))))","v":"J56"},253.5344367667187,null," ",{"$f":"T8-HLOOKUP(X8,Feuil1!$C$1:$BL$10,2,FALSE)","v":77},{"$f":"T8-HLOOKUP(X8,Feuil1!$C$1:$BL$10,3,FALSE)","v":57},{"$f":"T8-HLOOKUP(X8,Feuil1!$C$1:$BL$10,4,FALSE)","v":42},{"$f":"T8-HLOOKUP(X8,Feuil1!$C$1:$BL$10,5,FALSE)","v":27},{"$f":"T8-HLOOKUP(X8,Feuil1!$C$1:$BL$10,6,FALSE)","v":12},{"$f":"T8-HLOOKUP(X8,Feuil1!$C$1:$BL$10,7,FALSE)","v":-13},{"$f":"T8-HLOOKUP(X8,Feuil1!$C$1:$BL$10,8,FALSE)","v":-33},{"$f":"T8-HLOOKUP(X8,Feuil1!$C$1:$BL$10,9,FALSE)","v":-53},{"$f":"T8-HLOOKUP(X8,Feuil1!$C$1:$BL$10,10,FALSE)","v":-843},null,null,null,null,null,null,"FED +"]
["H","NE","CHA",4,"214038","NOEL","Tanguy",1996,52.92,"Langres HM","F",68,70,72,72,80,83,-85,83,155,49.16,"FED +",10,{"$f":"IF(I9=\"\",\"\",IF(A9=\"H\",IF(OR(H9=\"SEN\",H9<1995),VLOOKUP(I9,Feuil1!$A$11:$F$29,6),IF(AND(H9>1994,H9<1998),VLOOKUP(I9,Feuil1!$A$11:$F$29,5),IF(AND(H9>1997,H9<2000),VLOOKUP(I9,Feuil1!$A$11:$F$29,4),IF(AND(H9>1999,H9<2002),VLOOKUP(I9,Feuil1!$A$11:$F$29,3),VLOOKUP(I9,Feuil1!$A$11:$F$29,2))))),IF(OR(H9=\"SEN\",H9<1995),VLOOKUP(I9,Feuil1!$G$11:$L$25,6),IF(AND(H9>1994,H9<1998),VLOOKUP(I9,Feuil1!$G$11:$L$25,5),IF(AND(H9>1997,H9<2000),VLOOKUP(I9,Feuil1!$G$11:$L$25,4),IF(AND(H9>1999,H9<2002),VLOOKUP(I9,Feuil1!$G$11:$L$25,3),VLOOKUP(I9,Feuil1!$G$11:$L$25,2)))))))","v":"J56"},253.1642309305704,null," ",{"$f":"T9-HLOOKUP(X9,Feuil1!$C$1:$BL$10,2,FALSE)","v":75},{"$f":"T9-HLOOKUP(X9,Feuil1!$C$1:$BL$10,3,FALSE)","v":55},{"$f":"T9-HLOOKUP(X9,Feuil1!$C$1:$BL$10,4,FALSE)","v":40},{"$f":"T9-HLOOKUP(X9,Feuil1!$C$1:$BL$10,5,FALSE)","v":25},{"$f":"T9-HLOOKUP(X9,Feuil1!$C$1:$BL$10,6,FALSE)","v":10},{"$f":"T9-HLOOKUP(X9,Feuil1!$C$1:$BL$10,7,FALSE)","v":-15},{"$f":"T9-HLOOKUP(X9,Feuil1!$C$1:$BL$10,8,FALSE)","v":-35},{"$f":"T9-HLOOKUP(X9,Feuil1!$C$1:$BL$10,9,FALSE)","v":-55},{"$f":"T9-HLOOKUP(X9,Feuil1!$C$1:$BL$10,10,FALSE)","v":-845},null,null,null,null,null,null,"FED +"]
["H","SEST","CAZ",5,325142,"MONTAGNOLI","Valentin",1996,54.71,"E.S. VILLENEUVE LOUBET","F",58,62,-64,62,78,82,85,85,147,37.58,"FED +",2,{"$f":"IF(I10=\"\",\"\",IF(A10=\"H\",IF(OR(H10=\"SEN\",H10<1995),VLOOKUP(I10,Feuil1!$A$11:$F$29,6),IF(AND(H10>1994,H10<1998),VLOOKUP(I10,Feuil1!$A$11:$F$29,5),IF(AND(H10>1997,H10<2000),VLOOKUP(I10,Feuil1!$A$11:$F$29,4),IF(AND(H10>1999,H10<2002),VLOOKUP(I10,Feuil1!$A$11:$F$29,3),VLOOKUP(I10,Feuil1!$A$11:$F$29,2))))),IF(OR(H10=\"SEN\",H10<1995),VLOOKUP(I10,Feuil1!$G$11:$L$25,6),IF(AND(H10>1994,H10<1998),VLOOKUP(I10,Feuil1!$G$11:$L$25,5),IF(AND(H10>1997,H10<2000),VLOOKUP(I10,Feuil1!$G$11:$L$25,4),IF(AND(H10>1999,H10<2002),VLOOKUP(I10,Feuil1!$G$11:$L$25,3),VLOOKUP(I10,Feuil1!$G$11:$L$25,2)))))))","v":"J56"},233.70431211926288,null," ",{"$f":"T10-HLOOKUP(X10,Feuil1!$C$1:$BL$10,2,FALSE)","v":67},{"$f":"T10-HLOOKUP(X10,Feuil1!$C$1:$BL$10,3,FALSE)","v":47},{"$f":"T10-HLOOKUP(X10,Feuil1!$C$1:$BL$10,4,FALSE)","v":32},{"$f":"T10-HLOOKUP(X10,Feuil1!$C$1:$BL$10,5,FALSE)","v":17},{"$f":"T10-HLOOKUP(X10,Feuil1!$C$1:$BL$10,6,FALSE)","v":2},{"$f":"T10-HLOOKUP(X10,Feuil1!$C$1:$BL$10,7,FALSE)","v":-23},{"$f":"T10-HLOOKUP(X10,Feuil1!$C$1:$BL$10,8,FALSE)","v":-43},{"$f":"T10-HLOOKUP(X10,Feuil1!$C$1:$BL$10,9,FALSE)","v":-63},{"$f":"T10-HLOOKUP(X10,Feuil1!$C$1:$BL$10,10,FALSE)","v":-853},null,null,null,null,null,null,"FED +"]
["H","SEST","PRO",6,196545,"REYNAUD","Loic",1996,55.8,"HC NOVES","F",62,66,-68,66,80,-85,-85,80,146,34.400000000000006,"FED +",1,{"$f":"IF(I11=\"\",\"\",IF(A11=\"H\",IF(OR(H11=\"SEN\",H11<1995),VLOOKUP(I11,Feuil1!$A$11:$F$29,6),IF(AND(H11>1994,H11<1998),VLOOKUP(I11,Feuil1!$A$11:$F$29,5),IF(AND(H11>1997,H11<2000),VLOOKUP(I11,Feuil1!$A$11:$F$29,4),IF(AND(H11>1999,H11<2002),VLOOKUP(I11,Feuil1!$A$11:$F$29,3),VLOOKUP(I11,Feuil1!$A$11:$F$29,2))))),IF(OR(H11=\"SEN\",H11<1995),VLOOKUP(I11,Feuil1!$G$11:$L$25,6),IF(AND(H11>1994,H11<1998),VLOOKUP(I11,Feuil1!$G$11:$L$25,5),IF(AND(H11>1997,H11<2000),VLOOKUP(I11,Feuil1!$G$11:$L$25,4),IF(AND(H11>1999,H11<2002),VLOOKUP(I11,Feuil1!$G$11:$L$25,3),VLOOKUP(I11,Feuil1!$G$11:$L$25,2)))))))","v":"J56"},228.51135018044863,null," ",{"$f":"T11-HLOOKUP(X11,Feuil1!$C$1:$BL$10,2,FALSE)","v":66},{"$f":"T11-HLOOKUP(X11,Feuil1!$C$1:$BL$10,3,FALSE)","v":46},{"$f":"T11-HLOOKUP(X11,Feuil1!$C$1:$BL$10,4,FALSE)","v":31},{"$f":"T11-HLOOKUP(X11,Feuil1!$C$1:$BL$10,5,FALSE)","v":16},{"$f":"T11-HLOOKUP(X11,Feuil1!$C$1:$BL$10,6,FALSE)","v":1},{"$f":"T11-HLOOKUP(X11,Feuil1!$C$1:$BL$10,7,FALSE)","v":-24},{"$f":"T11-HLOOKUP(X11,Feuil1!$C$1:$BL$10,8,FALSE)","v":-44},{"$f":"T11-HLOOKUP(X11,Feuil1!$C$1:$BL$10,9,FALSE)","v":-64},{"$f":"T11-HLOOKUP(X11,Feuil1!$C$1:$BL$10,10,FALSE)","v":-854},null,null,null,null,null,null,"FED +"]
["H","SO","MPY",7,300998,"DELPECH","Rémy",1997,52.95,"FIGEAC HC","F",57,62,65,65,-77,77,80,80,145,39.099999999999994,"FED +",0,{"$f":"IF(I12=\"\",\"\",IF(A12=\"H\",IF(OR(H12=\"SEN\",H12<1995),VLOOKUP(I12,Feuil1!$A$11:$F$29,6),IF(AND(H12>1994,H12<1998),VLOOKUP(I12,Feuil1!$A$11:$F$29,5),IF(AND(H12>1997,H12<2000),VLOOKUP(I12,Feuil1!$A$11:$F$29,4),IF(AND(H12>1999,H12<2002),VLOOKUP(I12,Feuil1!$A$11:$F$29,3),VLOOKUP(I12,Feuil1!$A$11:$F$29,2))))),IF(OR(H12=\"SEN\",H12<1995),VLOOKUP(I12,Feuil1!$G$11:$L$25,6),IF(AND(H12>1994,H12<1998),VLOOKUP(I12,Feuil1!$G$11:$L$25,5),IF(AND(H12>1997,H12<2000),VLOOKUP(I12,Feuil1!$G$11:$L$25,4),IF(AND(H12>1999,H12<2002),VLOOKUP(I12,Feuil1!$G$11:$L$25,3),VLOOKUP(I12,Feuil1!$G$11:$L$25,2)))))))","v":"J56"},236.7206691111009,null," ",{"$f":"T12-HLOOKUP(X12,Feuil1!$C$1:$BL$10,2,FALSE)","v":65},{"$f":"T12-HLOOKUP(X12,Feuil1!$C$1:$BL$10,3,FALSE)","v":45},{"$f":"T12-HLOOKUP(X12,Feuil1!$C$1:$BL$10,4,FALSE)","v":30},{"$f":"T12-HLOOKUP(X12,Feuil1!$C$1:$BL$10,5,FALSE)","v":15},{"$f":"T12-HLOOKUP(X12,Feuil1!$C$1:$BL$10,6,FALSE)","v":0},{"$f":"T12-HLOOKUP(X12,Feuil1!$C$1:$BL$10,7,FALSE)","v":-25},{"$f":"T12-HLOOKUP(X12,Feuil1!$C$1:$BL$10,8,FALSE)","v":-45},{"$f":"T12-HLOOKUP(X12,Feuil1!$C$1:$BL$10,9,FALSE)","v":-65},{"$f":"T12-HLOOKUP(X12,Feuil1!$C$1:$BL$10,10,FALSE)","v":-855},null,null,null,null,null,null,"FED +"]
["H","N","IDF",8,307426,"ROUGE","NICOLAS",1996,55.3,"FRANCONVILLE","F",60,65,-70,65,70,-75,75,75,140,29.400000000000006,"IRG +",10,{"$f":"IF(I13=\"\",\"\",IF(A13=\"H\",IF(OR(H13=\"SEN\",H13<1995),VLOOKUP(I13,Feuil1!$A$11:$F$29,6),IF(AND(H13>1994,H13<1998),VLOOKUP(I13,Feuil1!$A$11:$F$29,5),IF(AND(H13>1997,H13<2000),VLOOKUP(I13,Feuil1!$A$11:$F$29,4),IF(AND(H13>1999,H13<2002),VLOOKUP(I13,Feuil1!$A$11:$F$29,3),VLOOKUP(I13,Feuil1!$A$11:$F$29,2))))),IF(OR(H13=\"SEN\",H13<1995),VLOOKUP(I13,Feuil1!$G$11:$L$25,6),IF(AND(H13>1994,H13<1998),VLOOKUP(I13,Feuil1!$G$11:$L$25,5),IF(AND(H13>1997,H13<2000),VLOOKUP(I13,Feuil1!$G$11:$L$25,4),IF(AND(H13>1999,H13<2002),VLOOKUP(I13,Feuil1!$G$11:$L$25,3),VLOOKUP(I13,Feuil1!$G$11:$L$25,2)))))))","v":"J56"},220.68285274100825,null," ",{"$f":"T13-HLOOKUP(X13,Feuil1!$C$1:$BL$10,2,FALSE)","v":60},{"$f":"T13-HLOOKUP(X13,Feuil1!$C$1:$BL$10,3,FALSE)","v":40},{"$f":"T13-HLOOKUP(X13,Feuil1!$C$1:$BL$10,4,FALSE)","v":25},{"$f":"T13-HLOOKUP(X13,Feuil1!$C$1:$BL$10,5,FALSE)","v":10},{"$f":"T13-HLOOKUP(X13,Feuil1!$C$1:$BL$10,6,FALSE)","v":-5},{"$f":"T13-HLOOKUP(X13,Feuil1!$C$1:$BL$10,7,FALSE)","v":-30},{"$f":"T13-HLOOKUP(X13,Feuil1!$C$1:$BL$10,8,FALSE)","v":-50},{"$f":"T13-HLOOKUP(X13,Feuil1!$C$1:$BL$10,9,FALSE)","v":-70},{"$f":"T13-HLOOKUP(X13,Feuil1!$C$1:$BL$10,10,FALSE)","v":-860},null,null,null,null,null,null,"IRG +"]
["H","NE","BOU",9,214050,"MAIRE","Anthony",1997,56,"ASO Mont de Rême","F",45,50,55,55,60,65,70,70,125,13,"REG +",10,{"$f":"IF(I14=\"\",\"\",IF(A14=\"H\",IF(OR(H14=\"SEN\",H14<1995),VLOOKUP(I14,Feuil1!$A$11:$F$29,6),IF(AND(H14>1994,H14<1998),VLOOKUP(I14,Feuil1!$A$11:$F$29,5),IF(AND(H14>1997,H14<2000),VLOOKUP(I14,Feuil1!$A$11:$F$29,4),IF(AND(H14>1999,H14<2002),VLOOKUP(I14,Feuil1!$A$11:$F$29,3),VLOOKUP(I14,Feuil1!$A$11:$F$29,2))))),IF(OR(H14=\"SEN\",H14<1995),VLOOKUP(I14,Feuil1!$G$11:$L$25,6),IF(AND(H14>1994,H14<1998),VLOOKUP(I14,Feuil1!$G$11:$L$25,5),IF(AND(H14>1997,H14<2000),VLOOKUP(I14,Feuil1!$G$11:$L$25,4),IF(AND(H14>1999,H14<2002),VLOOKUP(I14,Feuil1!$G$11:$L$25,3),VLOOKUP(I14,Feuil1!$G$11:$L$25,2)))))))","v":"J56"},195.09455924559541,null," ",{"$f":"T14-HLOOKUP(X14,Feuil1!$C$1:$BL$10,2,FALSE)","v":45},{"$f":"T14-HLOOKUP(X14,Feuil1!$C$1:$BL$10,3,FALSE)","v":25},{"$f":"T14-HLOOKUP(X14,Feuil1!$C$1:$BL$10,4,FALSE)","v":10},{"$f":"T14-HLOOKUP(X14,Feuil1!$C$1:$BL$10,5,FALSE)","v":-5},{"$f":"T14-HLOOKUP(X14,Feuil1!$C$1:$BL$10,6,FALSE)","v":-20},{"$f":"T14-HLOOKUP(X14,Feuil1!$C$1:$BL$10,7,FALSE)","v":-45},{"$f":"T14-HLOOKUP(X14,Feuil1!$C$1:$BL$10,8,FALSE)","v":-65},{"$f":"T14-HLOOKUP(X14,Feuil1!$C$1:$BL$10,9,FALSE)","v":-85},{"$f":"T14-HLOOKUP(X14,Feuil1!$C$1:$BL$10,10,FALSE)","v":-875},null,null,null,null,null,null,"REG +"]
["H","SEST","RAL",10,339517,"PIZZO","Paolo",1997,50.5,"Pierrelatte","F",47,-53,53,53,62,67,70,70,123,22,"REG +",8,{"$f":"IF(I15=\"\",\"\",IF(A15=\"H\",IF(OR(H15=\"SEN\",H15<1995),VLOOKUP(I15,Feuil1!$A$11:$F$29,6),IF(AND(H15>1994,H15<1998),VLOOKUP(I15,Feuil1!$A$11:$F$29,5),IF(AND(H15>1997,H15<2000),VLOOKUP(I15,Feuil1!$A$11:$F$29,4),IF(AND(H15>1999,H15<2002),VLOOKUP(I15,Feuil1!$A$11:$F$29,3),VLOOKUP(I15,Feuil1!$A$11:$F$29,2))))),IF(OR(H15=\"SEN\",H15<1995),VLOOKUP(I15,Feuil1!$G$11:$L$25,6),IF(AND(H15>1994,H15<1998),VLOOKUP(I15,Feuil1!$G$11:$L$25,5),IF(AND(H15>1997,H15<2000),VLOOKUP(I15,Feuil1!$G$11:$L$25,4),IF(AND(H15>1999,H15<2002),VLOOKUP(I15,Feuil1!$G$11:$L$25,3),VLOOKUP(I15,Feuil1!$G$11:$L$25,2)))))))","v":"J56"},208.94428557191603,null," ",{"$f":"T15-HLOOKUP(X15,Feuil1!$C$1:$BL$10,2,FALSE)","v":43},{"$f":"T15-HLOOKUP(X15,Feuil1!$C$1:$BL$10,3,FALSE)","v":23},{"$f":"T15-HLOOKUP(X15,Feuil1!$C$1:$BL$10,4,FALSE)","v":8},{"$f":"T15-HLOOKUP(X15,Feuil1!$C$1:$BL$10,5,FALSE)","v":-7},{"$f":"T15-HLOOKUP(X15,Feuil1!$C$1:$BL$10,6,FALSE)","v":-22},{"$f":"T15-HLOOKUP(X15,Feuil1!$C$1:$BL$10,7,FALSE)","v":-47},{"$f":"T15-HLOOKUP(X15,Feuil1!$C$1:$BL$10,8,FALSE)","v":-67},{"$f":"T15-HLOOKUP(X15,Feuil1!$C$1:$BL$10,9,FALSE)","v":-87},{"$f":"T15-HLOOKUP(X15,Feuil1!$C$1:$BL$10,10,FALSE)","v":-877},null,null,null,null,null,null,"REG +"]
["H","NORD","NPC",11,390053,"MONVOISIN","Lucas",1995,53.6,"CAHC BERCK/MER","F",45,50,-54,50,65,70,71,71,121,13.799999999999997,"REG +",6,{"$f":"IF(I16=\"\",\"\",IF(A16=\"H\",IF(OR(H16=\"SEN\",H16<1995),VLOOKUP(I16,Feuil1!$A$11:$F$29,6),IF(AND(H16>1994,H16<1998),VLOOKUP(I16,Feuil1!$A$11:$F$29,5),IF(AND(H16>1997,H16<2000),VLOOKUP(I16,Feuil1!$A$11:$F$29,4),IF(AND(H16>1999,H16<2002),VLOOKUP(I16,Feuil1!$A$11:$F$29,3),VLOOKUP(I16,Feuil1!$A$11:$F$29,2))))),IF(OR(H16=\"SEN\",H16<1995),VLOOKUP(I16,Feuil1!$G$11:$L$25,6),IF(AND(H16>1994,H16<1998),VLOOKUP(I16,Feuil1!$G$11:$L$25,5),IF(AND(H16>1997,H16<2000),VLOOKUP(I16,Feuil1!$G$11:$L$25,4),IF(AND(H16>1999,H16<2002),VLOOKUP(I16,Feuil1!$G$11:$L$25,3),VLOOKUP(I16,Feuil1!$G$11:$L$25,2)))))))","v":"J56"},195.57709578044961,null," ",{"$f":"T16-HLOOKUP(X16,Feuil1!$C$1:$BL$10,2,FALSE)","v":41},{"$f":"T16-HLOOKUP(X16,Feuil1!$C$1:$BL$10,3,FALSE)","v":21},{"$f":"T16-HLOOKUP(X16,Feuil1!$C$1:$BL$10,4,FALSE)","v":6},{"$f":"T16-HLOOKUP(X16,Feuil1!$C$1:$BL$10,5,FALSE)","v":-9},{"$f":"T16-HLOOKUP(X16,Feuil1!$C$1:$BL$10,6,FALSE)","v":-24},{"$f":"T16-HLOOKUP(X16,Feuil1!$C$1:$BL$10,7,FALSE)","v":-49},{"$f":"T16-HLOOKUP(X16,Feuil1!$C$1:$BL$10,8,FALSE)","v":-69},{"$f":"T16-HLOOKUP(X16,Feuil1!$C$1:$BL$10,9,FALSE)","v":-89},{"$f":"T16-HLOOKUP(X16,Feuil1!$C$1:$BL$10,10,FALSE)","v":-879},null,null,null,null,null,null,"REG +"]
["H","NORD","NPC",12,382977,"VENNIN","Jason",1997,55.7,"LOMME","F",42,45,47,47,57,60,64,64,111,-0.40000000000000568,"DEP +",11,{"$f":"IF(I17=\"\",\"\",IF(A17=\"H\",IF(OR(H17=\"SEN\",H17<1995),VLOOKUP(I17,Feuil1!$A$11:$F$29,6),IF(AND(H17>1994,H17<1998),VLOOKUP(I17,Feuil1!$A$11:$F$29,5),IF(AND(H17>1997,H17<2000),VLOOKUP(I17,Feuil1!$A$11:$F$29,4),IF(AND(H17>1999,H17<2002),VLOOKUP(I17,Feuil1!$A$11:$F$29,3),VLOOKUP(I17,Feuil1!$A$11:$F$29,2))))),IF(OR(H17=\"SEN\",H17<1995),VLOOKUP(I17,Feuil1!$G$11:$L$25,6),IF(AND(H17>1994,H17<1998),VLOOKUP(I17,Feuil1!$G$11:$L$25,5),IF(AND(H17>1997,H17<2000),VLOOKUP(I17,Feuil1!$G$11:$L$25,4),IF(AND(H17>1999,H17<2002),VLOOKUP(I17,Feuil1!$G$11:$L$25,3),VLOOKUP(I17,Feuil1!$G$11:$L$25,2)))))))","v":"J56"},173.97661280983309,null," ",{"$f":"T17-HLOOKUP(X17,Feuil1!$C$1:$BL$10,2,FALSE)","v":31},{"$f":"T17-HLOOKUP(X17,Feuil1!$C$1:$BL$10,3,FALSE)","v":11},{"$f":"T17-HLOOKUP(X17,Feuil1!$C$1:$BL$10,4,FALSE)","v":-4},{"$f":"T17-HLOOKUP(X17,Feuil1!$C$1:$BL$10,5,FALSE)","v":-19},{"$f":"T17-HLOOKUP(X17,Feuil1!$C$1:$BL$10,6,FALSE)","v":-34},{"$f":"T17-HLOOKUP(X17,Feuil1!$C$1:$BL$10,7,FALSE)","v":-59},{"$f":"T17-HLOOKUP(X17,Feuil1!$C$1:$BL$10,8,FALSE)","v":-79},{"$f":"T17-HLOOKUP(X17,Feuil1!$C$1:$BL$10,9,FALSE)","v":-99},{"$f":"T17-HLOOKUP(X17,Feuil1!$C$1:$BL$10,10,FALSE)","v":-889},null,null,null,null,null,null,"DEP +"]
["H","CO","CEN",13,378401,"BRIERE","Mathieu",1997,54.9,"AAJ Blois","F",40,45,50,50,50,55,60,60,110,0.20000000000000284,"DEP +",10,{"$f":"IF(I18=\"\",\"\",IF(A18=\"H\",IF(OR(H18=\"SEN\",H18<1995),VLOOKUP(I18,Feuil1!$A$11:$F$29,6),IF(AND(H18>1994,H18<1998),VLOOKUP(I18,Feuil1!$A$11:$F$29,5),IF(AND(H18>1997,H18<2000),VLOOKUP(I18,Feuil1!$A$11:$F$29,4),IF(AND(H18>1999,H18<2002),VLOOKUP(I18,Feuil1!$A$11:$F$29,3),VLOOKUP(I18,Feuil1!$A$11:$F$29,2))))),IF(OR(H18=\"SEN\",H18<1995),VLOOKUP(I18,Feuil1!$G$11:$L$25,6),IF(AND(H18>1994,H18<1998),VLOOKUP(I18,Feuil1!$G$11:$L$25,5),IF(AND(H18>1997,H18<2000),VLOOKUP(I18,Feuil1!$G$11:$L$25,4),IF(AND(H18>1999,H18<2002),VLOOKUP(I18,Feuil1!$G$11:$L$25,3),VLOOKUP(I18,Feuil1!$G$11:$L$25,2)))))))","v":"J56"},174.39723123765933,null," ",{"$f":"T18-HLOOKUP(X18,Feuil1!$C$1:$BL$10,2,FALSE)","v":30},{"$f":"T18-HLOOKUP(X18,Feuil1!$C$1:$BL$10,3,FALSE)","v":10},{"$f":"T18-HLOOKUP(X18,Feuil1!$C$1:$BL$10,4,FALSE)","v":-5},{"$f":"T18-HLOOKUP(X18,Feuil1!$C$1:$BL$10,5,FALSE)","v":-20},{"$f":"T18-HLOOKUP(X18,Feuil1!$C$1:$BL$10,6,FALSE)","v":-35},{"$f":"T18-HLOOKUP(X18,Feuil1!$C$1:$BL$10,7,FALSE)","v":-60},{"$f":"T18-HLOOKUP(X18,Feuil1!$C$1:$BL$10,8,FALSE)","v":-80},{"$f":"T18-HLOOKUP(X18,Feuil1!$C$1:$BL$10,9,FALSE)","v":-100},{"$f":"T18-HLOOKUP(X18,Feuil1!$C$1:$BL$10,10,FALSE)","v":-890},null,null,null,null,null,null,"DEP +"]
["H","NORD","NPC",14,385356,"LEROY","Quentin",1997,54.4,"ALSH BULLY LES MINES","F",35,38,42,42,50,53,-57,53,95,-13.799999999999997,"DEB ",15,{"$f":"IF(I19=\"\",\"\",IF(A19=\"H\",IF(OR(H19=\"SEN\",H19<1995),VLOOKUP(I19,Feuil1!$A$11:$F$29,6),IF(AND(H19>1994,H19<1998),VLOOKUP(I19,Feuil1!$A$11:$F$29,5),IF(AND(H19>1997,H19<2000),VLOOKUP(I19,Feuil1!$A$11:$F$29,4),IF(AND(H19>1999,H19<2002),VLOOKUP(I19,Feuil1!$A$11:$F$29,3),VLOOKUP(I19,Feuil1!$A$11:$F$29,2))))),IF(OR(H19=\"SEN\",H19<1995),VLOOKUP(I19,Feuil1!$G$11:$L$25,6),IF(AND(H19>1994,H19<1998),VLOOKUP(I19,Feuil1!$G$11:$L$25,5),IF(AND(H19>1997,H19<2000),VLOOKUP(I19,Feuil1!$G$11:$L$25,4),IF(AND(H19>1999,H19<2002),VLOOKUP(I19,Feuil1!$G$11:$L$25,3),VLOOKUP(I19,Feuil1!$G$11:$L$25,2)))))))","v":"J56"},151.72311047991798,null," ",{"$f":"T19-HLOOKUP(X19,Feuil1!$C$1:$BL$10,2,FALSE)","v":15},{"$f":"T19-HLOOKUP(X19,Feuil1!$C$1:$BL$10,3,FALSE)","v":-5},{"$f":"T19-HLOOKUP(X19,Feuil1!$C$1:$BL$10,4,FALSE)","v":-20},{"$f":"T19-HLOOKUP(X19,Feuil1!$C$1:$BL$10,5,FALSE)","v":-35},{"$f":"T19-HLOOKUP(X19,Feuil1!$C$1:$BL$10,6,FALSE)","v":-50},{"$f":"T19-HLOOKUP(X19,Feuil1!$C$1:$BL$10,7,FALSE)","v":-75},{"$f":"T19-HLOOKUP(X19,Feuil1!$C$1:$BL$10,8,FALSE)","v":-95},{"$f":"T19-HLOOKUP(X19,Feuil1!$C$1:$BL$10,9,FALSE)","v":-115},{"$f":"T19-HLOOKUP(X19,Feuil1!$C$1:$BL$10,10,FALSE)","v":-905},null,null,null,null,null,null,"DEB "]
["H","ZCO","BRE",15,302331,"MAGNIEZ","Baptiste",1996,49.5,"CHM Plougastel Daoulas","F",32,-34,-34,32,45,-50,50,50,82,-17,"DEB ",2,{"$f":"IF(I20=\"\",\"\",IF(A20=\"H\",IF(OR(H20=\"SEN\",H20<1995),VLOOKUP(I20,Feuil1!$A$11:$F$29,6),IF(AND(H20>1994,H20<1998),VLOOKUP(I20,Feuil1!$A$11:$F$29,5),IF(AND(H20>1997,H20<2000),VLOOKUP(I20,Feuil1!$A$11:$F$29,4),IF(AND(H20>1999,H20<2002),VLOOKUP(I20,Feuil1!$A$11:$F$29,3),VLOOKUP(I20,Feuil1!$A$11:$F$29,2))))),IF(OR(H20=\"SEN\",H20<1995),VLOOKUP(I20,Feuil1!$G$11:$L$25,6),IF(AND(H20>1994,H20<1998),VLOOKUP(I20,Feuil1!$G$11:$L$25,5),IF(AND(H20>1997,H20<2000),VLOOKUP(I20,Feuil1!$G$11:$L$25,4),IF(AND(H20>1999,H20<2002),VLOOKUP(I20,Feuil1!$G$11:$L$25,3),VLOOKUP(I20,Feuil1!$G$11:$L$25,2)))))))","v":"J56"},141.71857778688477,null," ",{"$f":"T20-HLOOKUP(X20,Feuil1!$C$1:$BL$10,2,FALSE)","v":2},{"$f":"T20-HLOOKUP(X20,Feuil1!$C$1:$BL$10,3,FALSE)","v":-18},{"$f":"T20-HLOOKUP(X20,Feuil1!$C$1:$BL$10,4,FALSE)","v":-33},{"$f":"T20-HLOOKUP(X20,Feuil1!$C$1:$BL$10,5,FALSE)","v":-48},{"$f":"T20-HLOOKUP(X20,Feuil1!$C$1:$BL$10,6,FALSE)","v":-63},{"$f":"T20-HLOOKUP(X20,Feuil1!$C$1:$BL$10,7,FALSE)","v":-88},{"$f":"T20-HLOOKUP(X20,Feuil1!$C$1:$BL$10,8,FALSE)","v":-108},{"$f":"T20-HLOOKUP(X20,Feuil1!$C$1:$BL$10,9,FALSE)","v":-128},{"$f":"T20-HLOOKUP(X20,Feuil1!$C$1:$BL$10,10,FALSE)","v":-918},null,null,null,null,null,null,"DEB "]
["H","SO","MPY",16,378628,"CECCHINI","Romain",1996,52.5,"FIGEAC HC","F",25,27,30,30,40,45,47,47,77,-28,"DEB ",-3,{"$f":"IF(I21=\"\",\"\",IF(A21=\"H\",IF(OR(H21=\"SEN\",H21<1995),VLOOKUP(I21,Feuil1!$A$11:$F$29,6),IF(AND(H21>1994,H21<1998),VLOOKUP(I21,Feuil1!$A$11:$F$29,5),IF(AND(H21>1997,H21<2000),VLOOKUP(I21,Feuil1!$A$11:$F$29,4),IF(AND(H21>1999,H21<2002),VLOOKUP(I21,Feuil1!$A$11:$F$29,3),VLOOKUP(I21,Feuil1!$A$11:$F$29,2))))),IF(OR(H21=\"SEN\",H21<1995),VLOOKUP(I21,Feuil1!$G$11:$L$25,6),IF(AND(H21>1994,H21<1998),VLOOKUP(I21,Feuil1!$G$11:$L$25,5),IF(AND(H21>1997,H21<2000),VLOOKUP(I21,Feuil1!$G$11:$L$25,4),IF(AND(H21>1999,H21<2002),VLOOKUP(I21,Feuil1!$G$11:$L$25,3),VLOOKUP(I21,Feuil1!$G$11:$L$25,2)))))))","v":"J56"},126.59549403487495,null," ",{"$f":"T21-HLOOKUP(X21,Feuil1!$C$1:$BL$10,2,FALSE)","v":-3},{"$f":"T21-HLOOKUP(X21,Feuil1!$C$1:$BL$10,3,FALSE)","v":-23},{"$f":"T21-HLOOKUP(X21,Feuil1!$C$1:$BL$10,4,FALSE)","v":-38},{"$f":"T21-HLOOKUP(X21,Feuil1!$C$1:$BL$10,5,FALSE)","v":-53},{"$f":"T21-HLOOKUP(X21,Feuil1!$C$1:$BL$10,6,FALSE)","v":-68},{"$f":"T21-HLOOKUP(X21,Feuil1!$C$1:$BL$10,7,FALSE)","v":-93},{"$f":"T21-HLOOKUP(X21,Feuil1!$C$1:$BL$10,8,FALSE)","v":-113},{"$f":"T21-HLOOKUP(X21,Feuil1!$C$1:$BL$10,9,FALSE)","v":-133},{"$f":"T21-HLOOKUP(X21,Feuil1!$C$1:$BL$10,10,FALSE)","v":-923},null,null,null,null,null,null,"DEB "]
["H","SEST","RAL",17,391554,"DJIROUN","Isahak",1996,52.3,"A.C. ST MARCELLIN","F",30,33,-37,33,37,41,-42,41,74,-30.599999999999994,"DEB ",-6,{"$f":"IF(I22=\"\",\"\",IF(A22=\"H\",IF(OR(H22=\"SEN\",H22<1995),VLOOKUP(I22,Feuil1!$A$11:$F$29,6),IF(AND(H22>1994,H22<1998),VLOOKUP(I22,Feuil1!$A$11:$F$29,5),IF(AND(H22>1997,H22<2000),VLOOKUP(I22,Feuil1!$A$11:$F$29,4),IF(AND(H22>1999,H22<2002),VLOOKUP(I22,Feuil1!$A$11:$F$29,3),VLOOKUP(I22,Feuil1!$A$11:$F$29,2))))),IF(OR(H22=\"SEN\",H22<1995),VLOOKUP(I22,Feuil1!$G$11:$L$25,6),IF(AND(H22>1994,H22<1998),VLOOKUP(I22,Feuil1!$G$11:$L$25,5),IF(AND(H22>1997,H22<2000),VLOOKUP(I22,Feuil1!$G$11:$L$25,4),IF(AND(H22>1999,H22<2002),VLOOKUP(I22,Feuil1!$G$11:$L$25,3),VLOOKUP(I22,Feuil1!$G$11:$L$25,2)))))))","v":"J56"},122.04906073526095,null," ",{"$f":"T22-HLOOKUP(X22,Feuil1!$C$1:$BL$10,2,FALSE)","v":-6},{"$f":"T22-HLOOKUP(X22,Feuil1!$C$1:$BL$10,3,FALSE)","v":-26},{"$f":"T22-HLOOKUP(X22,Feuil1!$C$1:$BL$10,4,FALSE)","v":-41},{"$f":"T22-HLOOKUP(X22,Feuil1!$C$1:$BL$10,5,FALSE)","v":-56},{"$f":"T22-HLOOKUP(X22,Feuil1!$C$1:$BL$10,6,FALSE)","v":-71},{"$f":"T22-HLOOKUP(X22,Feuil1!$C$1:$BL$10,7,FALSE)","v":-96},{"$f":"T22-HLOOKUP(X22,Feuil1!$C$1:$BL$10,8,FALSE)","v":-116},{"$f":"T22-HLOOKUP(X22,Feuil1!$C$1:$BL$10,9,FALSE)","v":-136},{"$f":"T22-HLOOKUP(X22,Feuil1!$C$1:$BL$10,10,FALSE)","v":-926},null,null,null,null,null,null,"DEB "]
["H","SO","MPY",18,391589,"COLPAERT","Lenny",1995,49.25,"FIGEAC HC","F",25,27,30,30,-35,35,38,38,68,-30.5,"DEB ",-12,{"$f":"IF(I23=\"\",\"\",IF(A23=\"H\",IF(OR(H23=\"SEN\",H23<1995),VLOOKUP(I23,Feuil1!$A$11:$F$29,6),IF(AND(H23>1994,H23<1998),VLOOKUP(I23,Feuil1!$A$11:$F$29,5),IF(AND(H23>1997,H23<2000),VLOOKUP(I23,Feuil1!$A$11:$F$29,4),IF(AND(H23>1999,H23<2002),VLOOKUP(I23,Feuil1!$A$11:$F$29,3),VLOOKUP(I23,Feuil1!$A$11:$F$29,2))))),IF(OR(H23=\"SEN\",H23<1995),VLOOKUP(I23,Feuil1!$G$11:$L$25,6),IF(AND(H23>1994,H23<1998),VLOOKUP(I23,Feuil1!$G$11:$L$25,5),IF(AND(H23>1997,H23<2000),VLOOKUP(I23,Feuil1!$G$11:$L$25,4),IF(AND(H23>1999,H23<2002),VLOOKUP(I23,Feuil1!$G$11:$L$25,3),VLOOKUP(I23,Feuil1!$G$11:$L$25,2)))))))","v":"J56"},118.04195174111025,null," ",{"$f":"T23-HLOOKUP(X23,Feuil1!$C$1:$BL$10,2,FALSE)","v":-12},{"$f":"T23-HLOOKUP(X23,Feuil1!$C$1:$BL$10,3,FALSE)","v":-32},{"$f":"T23-HLOOKUP(X23,Feuil1!$C$1:$BL$10,4,FALSE)","v":-47},{"$f":"T23-HLOOKUP(X23,Feuil1!$C$1:$BL$10,5,FALSE)","v":-62},{"$f":"T23-HLOOKUP(X23,Feuil1!$C$1:$BL$10,6,FALSE)","v":-77},{"$f":"T23-HLOOKUP(X23,Feuil1!$C$1:$BL$10,7,FALSE)","v":-102},{"$f":"T23-HLOOKUP(X23,Feuil1!$C$1:$BL$10,8,FALSE)","v":-122},{"$f":"T23-HLOOKUP(X23,Feuil1!$C$1:$BL$10,9,FALSE)","v":-142},{"$f":"T23-HLOOKUP(X23,Feuil1!$C$1:$BL$10,10,FALSE)","v":-932},null,null,null,null,null,null,"DEB "]
["H","NORD","PIC",19,386575,"BRASSEUR","François",1996,50.4,"Hirson CEHT","F",22,25,-28,25,30,-33,33,33,58,-42.8,"DEB ",-22,{"$f":"IF(I24=\"\",\"\",IF(A24=\"H\",IF(OR(H24=\"SEN\",H24<1995),VLOOKUP(I24,Feuil1!$A$11:$F$29,6),IF(AND(H24>1994,H24<1998),VLOOKUP(I24,Feuil1!$A$11:$F$29,5),IF(AND(H24>1997,H24<2000),VLOOKUP(I24,Feuil1!$A$11:$F$29,4),IF(AND(H24>1999,H24<2002),VLOOKUP(I24,Feuil1!$A$11:$F$29,3),VLOOKUP(I24,Feuil1!$A$11:$F$29,2))))),IF(OR(H24=\"SEN\",H24<1995),VLOOKUP(I24,Feuil1!$G$11:$L$25,6),IF(AND(H24>1994,H24<1998),VLOOKUP(I24,Feuil1!$G$11:$L$25,5),IF(AND(H24>1997,H24<2000),VLOOKUP(I24,Feuil1!$G$11:$L$25,4),IF(AND(H24>1999,H24<2002),VLOOKUP(I24,Feuil1!$G$11:$L$25,3),VLOOKUP(I24,Feuil1!$G$11:$L$25,2)))))))","v":"J56"},98.693847649150044,null," ",{"$f":"T24-HLOOKUP(X24,Feuil1!$C$1:$BL$10,2,FALSE)","v":-22},{"$f":"T24-HLOOKUP(X24,Feuil1!$C$1:$BL$10,3,FALSE)","v":-42},{"$f":"T24-HLOOKUP(X24,Feuil1!$C$1:$BL$10,4,FALSE)","v":-57},{"$f":"T24-HLOOKUP(X24,Feuil1!$C$1:$BL$10,5,FALSE)","v":-72},{"$f":"T24-HLOOKUP(X24,Feuil1!$C$1:$BL$10,6,FALSE)","v":-87},{"$f":"T24-HLOOKUP(X24,Feuil1!$C$1:$BL$10,7,FALSE)","v":-112},{"$f":"T24-HLOOKUP(X24,Feuil1!$C$1:$BL$10,8,FALSE)","v":-132},{"$f":"T24-HLOOKUP(X24,Feuil1!$C$1:$BL$10,9,FALSE)","v":-152},{"$f":"T24-HLOOKUP(X24,Feuil1!$C$1:$BL$10,10,FALSE)","v":-942},null,null,null,null,null,null,"DEB "]
["H","N","IDF",20,375904,"AGOUGILE","AMIR",1996,51.3,"FRANCONVILLE","F",22,25,27,27,28,31,-34,31,58,-44.599999999999994,"DEB ",-22,{"$f":"IF(I25=\"\",\"\",IF(A25=\"H\",IF(OR(H25=\"SEN\",H25<1995),VLOOKUP(I25,Feuil1!$A$11:$F$29,6),IF(AND(H25>1994,H25<1998),VLOOKUP(I25,Feuil1!$A$11:$F$29,5),IF(AND(H25>1997,H25<2000),VLOOKUP(I25,Feuil1!$A$11:$F$29,4),IF(AND(H25>1999,H25<2002),VLOOKUP(I25,Feuil1!$A$11:$F$29,3),VLOOKUP(I25,Feuil1!$A$11:$F$29,2))))),IF(OR(H25=\"SEN\",H25<1995),VLOOKUP(I25,Feuil1!$G$11:$L$25,6),IF(AND(H25>1994,H25<1998),VLOOKUP(I25,Feuil1!$G$11:$L$25,5),IF(AND(H25>1997,H25<2000),VLOOKUP(I25,Feuil1!$G$11:$L$25,4),IF(AND(H25>1999,H25<2002),VLOOKUP(I25,Feuil1!$G$11:$L$25,3),VLOOKUP(I25,Feuil1!$G$11:$L$25,2)))))))","v":"J56"},97.219513550751699,null," ",{"$f":"T25-HLOOKUP(X25,Feuil1!$C$1:$BL$10,2,FALSE)","v":-22},{"$f":"T25-HLOOKUP(X25,Feuil1!$C$1:$BL$10,3,FALSE)","v":-42},{"$f":"T25-HLOOKUP(X25,Feuil1!$C$1:$BL$10,4,FALSE)","v":-57},{"$f":"T25-HLOOKUP(X25,Feuil1!$C$1:$BL$10,5,FALSE)","v":-72},{"$f":"T25-HLOOKUP(X25,Feuil1!$C$1:$BL$10,6,FALSE)","v":-87},{"$f":"T25-HLOOKUP(X25,Feuil1!$C$1:$BL$10,7,FALSE)","v":-112},{"$f":"T25-HLOOKUP(X25,Feuil1!$C$1:$BL$10,8,FALSE)","v":-132},{"$f":"T25-HLOOKUP(X25,Feuil1!$C$1:$BL$10,9,FALSE)","v":-152},{"$f":"T25-HLOOKUP(X25,Feuil1!$C$1:$BL$10,10,FALSE)","v":-942},null,null,null,null,null,null,"DEB "]
[null,null,null,null,null,null,null,null,null,null,null,null,null,null,null,null,null,null,null,null,null,null,null,null,null,null," ",{"$f":"T26-HLOOKUP(X26,[1]Feuil1!$C$1:$BL$10,2,FALSE)","v":{"$error":"#N/A"}},{"$f":"T26-HLOOKUP(X26,[1]Feuil1!$C$1:$BL$10,3,FALSE)","v":{"$error":"#N/A"}},{"$f":"T26-HLOOKUP(X26,[1]Feuil1!$C$1:$BL$10,4,FALSE)","v":{"$error":"#N/A"}},{"$f":"T26-HLOOKUP(X26,[1]Feuil1!$C$1:$BL$10,5,FALSE)","v":{"$error":"#N/A"}},{"$f":"T26-HLOOKUP(X26,[1]Feuil1!$C$1:$BL$10,6,FALSE)","v":{"$error":"#N/A"}},{"$f":"T26-HLOOKUP(X26,[1]Feuil1!$C$1:$BL$10,7,FALSE)","v":{"$error":"#N/A"}},{"$f":"T26-HLOOKUP(X26,[1]Feuil1!$C$1:$BL$10,8,FALSE)","v":{"$error":"#N/A"}},{"$f":"T26-HLOOKUP(X26,[1]Feuil1!$C$1:$BL$10,9,FALSE)","v":{"$error":"#N/A"}},{"$f":"T26-HLOOKUP(X26,[1]Feuil1!$C$1:$BL$10,10,FALSE)","v":{"$error":"#N/A"}},null,null,null,null,null,null,{"$f":"IF(AJ26>=0,$AJ$4,IF(AI26>=0,$AI$4,IF(AH26>=0,$AH$4,IF(AG26>=0,$AG$4,IF(AF26>=0,$AF$4,IF(AE26>=0,$AE$4,IF(AD26>=0,$AD$4,IF(AC26>=0,$AC$4,$AB$4))))))))","v":{"$error":"#N/A"}}]
["H","N","IDF",1,318054,"ARNOU-MEUNIER","KILLIAN",1997,61.7,"SAINT-MAUR","F",88,-90,90,{"$f":"IF(H27=\"\",\"\",IF(MAXA(L27:N27)<=0,0,MAXA(L27:N27)))","v":90},120,125,130,{"$f":"IF(H27=\"\",\"\",IF(MAXA(P27:R27)<=0,0,MAXA(P27:R27)))","v":130},{"$f":"IF(H27=\"\",\"\",IF(OR(O27=0,S27=0),0,O27+S27))","v":220},{"$f":"T27-I27*2","v":96.6},{"$f":"IF(H27=\"\",\"\",AQ27)","v":"INTB +"},{"$f":"IF(AJ27>=0,AJ27,IF(AI27>=0,AI27,IF(AH27>=0,AH27,IF(AG27>=0,AG27,IF(AF27>=0,AF27,IF(AE27>=0,AE27,IF(AD27>=0,AD27,IF(AC27>=0,AC27,AB27))))))))","v":10},{"$f":"IF(I27=\"\",\"\",IF(A27=\"H\",IF(OR(H27=\"SEN\",H27<1995),VLOOKUP(I27,Feuil1!$A$11:$F$29,6),IF(AND(H27>1994,H27<1998),VLOOKUP(I27,Feuil1!$A$11:$F$29,5),IF(AND(H27>1997,H27<2000),VLOOKUP(I27,Feuil1!$A$11:$F$29,4),IF(AND(H27>1999,H27<2002),VLOOKUP(I27,Feuil1!$A$11:$F$29,3),VLOOKUP(I27,Feuil1!$A$11:$F$29,2))))),IF(OR(H27=\"SEN\",H27<1995),VLOOKUP(I27,Feuil1!$G$11:$L$25,6),IF(AND(H27>1994,H27<1998),VLOOKUP(I27,Feuil1!$G$11:$L$25,5),IF(AND(H27>1997,H27<2000),VLOOKUP(I27,Feuil1!$G$11:$L$25,4),IF(AND(H27>1999,H27<2002),VLOOKUP(I27,Feuil1!$G$11:$L$25,3),VLOOKUP(I27,Feuil1!$G$11:$L$25,2)))))))","v":"J62"},{"$f":"IF(I27=\"\",\"\",IF(A27=\"H\",10^(0.794358141*LOG(I27/174.393)^2)*T27,IF(A27=\"F\",10^(0.89726074*LOG(I27/148.026)^2)*T27,\"\")))","v":319.27926453043835},null," ",{"$f":"T27-HLOOKUP(X27,Feuil1!$C$1:$BL$10,2,FALSE)","v":130},{"$f":"T27-HLOOKUP(X27,Feuil1!$C$1:$BL$10,3,FALSE)","v":100},{"$f":"T27-HLOOKUP(X27,Feuil1!$C$1:$BL$10,4,FALSE)","v":85},{"$f":"T27-HLOOKUP(X27,Feuil1!$C$1:$BL$10,5,FALSE)","v":70},{"$f":"T27-HLOOKUP(X27,Feuil1!$C$1:$BL$10,6,FALSE)","v":50},{"$f":"T27-HLOOKUP(X27,Feuil1!$C$1:$BL$10,7,FALSE)","v":30},{"$f":"T27-HLOOKUP(X27,Feuil1!$C$1:$BL$10,8,FALSE)","v":10},{"$f":"T27-HLOOKUP(X27,Feuil1!$C$1:$BL$10,9,FALSE)","v":-10},{"$f":"T27-HLOOKUP(X27,Feuil1!$C$1:$BL$10,10,FALSE)","v":-780},null,null,null,null,null,null,{"$f":"IF(AJ27>=0,$AJ$4,IF(AI27>=0,$AI$4,IF(AH27>=0,$AH$4,IF(AG27>=0,$AG$4,IF(AF27>=0,$AF$4,IF(AE27>=0,$AE$4,IF(AD27>=0,$AD$4,IF(AC27>=0,$AC$4,$AB$4))))))))","v":"INTB +"}]
["H","SO","MPY",2,222054,"JIMENEZ","Valentin",1995,60.9,"TOULOUSE HC","F",83,-86,88,88,110,-115,115,115,203,81.2,"NAT +",13,{"$f":"IF(I28=\"\",\"\",IF(A28=\"H\",IF(OR(H28=\"SEN\",H28<1995),VLOOKUP(I28,Feuil1!$A$11:$F$29,6),IF(AND(H28>1994,H28<1998),VLOOKUP(I28,Feuil1!$A$11:$F$29,5),IF(AND(H28>1997,H28<2000),VLOOKUP(I28,Feuil1!$A$11:$F$29,4),IF(AND(H28>1999,H28<2002),VLOOKUP(I28,Feuil1!$A$11:$F$29,3),VLOOKUP(I28,Feuil1!$A$11:$F$29,2))))),IF(OR(H28=\"SEN\",H28<1995),VLOOKUP(I28,Feuil1!$G$11:$L$25,6),IF(AND(H28>1994,H28<1998),VLOOKUP(I28,Feuil1!$G$11:$L$25,5),IF(AND(H28>1997,H28<2000),VLOOKUP(I28,Feuil1!$G$11:$L$25,4),IF(AND(H28>1999,H28<2002),VLOOKUP(I28,Feuil1!$G$11:$L$25,3),VLOOKUP(I28,Feuil1!$G$11:$L$25,2)))))))","v":"J62"},297.3944631124582,null," ",{"$f":"T28-HLOOKUP(X28,Feuil1!$C$1:$BL$10,2,FALSE)","v":113},{"$f":"T28-HLOOKUP(X28,Feuil1!$C$1:$BL$10,3,FALSE)","v":83},{"$f":"T28-HLOOKUP(X28,Feuil1!$C$1:$BL$10,4,FALSE)","v":68},{"$f":"T28-HLOOKUP(X28,Feuil1!$C$1:$BL$10,5,FALSE)","v":53},{"$f":"T28-HLOOKUP(X28,Feuil1!$C$1:$BL$10,6,FALSE)","v":33},{"$f":"T28-HLOOKUP(X28,Feuil1!$C$1:$BL$10,7,FALSE)","v":13},{"$f":"T28-HLOOKUP(X28,Feuil1!$C$1:$BL$10,8,FALSE)","v":-7},{"$f":"T28-HLOOKUP(X28,Feuil1!$C$1:$BL$10,9,FALSE)","v":-27},{"$f":"T28-HLOOKUP(X28,Feuil1!$C$1:$BL$10,10,FALSE)","v":-797},null,null,null,null,null,null,"NAT +"]
["H","SEST","CAZ",3,310069,"JULLIEN","Gabriel",1995,60.7,"ASLDD TOULON","F",81,85,88,88,-105,105,108,108,196,74.599999999999994,"NAT +",6,{"$f":"IF(I29=\"\",\"\",IF(A29=\"H\",IF(OR(H29=\"SEN\",H29<1995),VLOOKUP(I29,Feuil1!$A$11:$F$29,6),IF(AND(H29>1994,H29<1998),VLOOKUP(I29,Feuil1!$A$11:$F$29,5),IF(AND(H29>1997,H29<2000),VLOOKUP(I29,Feuil1!$A$11:$F$29,4),IF(AND(H29>1999,H29<2002),VLOOKUP(I29,Feuil1!$A$11:$F$29,3),VLOOKUP(I29,Feuil1!$A$11:$F$29,2))))),IF(OR(H29=\"SEN\",H29<1995),VLOOKUP(I29,Feuil1!$G$11:$L$25,6),IF(AND(H29>1994,H29<1998),VLOOKUP(I29,Feuil1!$G$11:$L$25,5),IF(AND(H29>1997,H29<2000),VLOOKUP(I29,Feuil1!$G$11:$L$25,4),IF(AND(H29>1999,H29<2002),VLOOKUP(I29,Feuil1!$G$11:$L$25,3),VLOOKUP(I29,Feuil1!$G$11:$L$25,2)))))))","v":"J62"},287.82701888512184,null," ",{"$f":"T29-HLOOKUP(X29,Feuil1!$C$1:$BL$10,2,FALSE)","v":106},{"$f":"T29-HLOOKUP(X29,Feuil1!$C$1:$BL$10,3,FALSE)","v":76},{"$f":"T29-HLOOKUP(X29,Feuil1!$C$1:$BL$10,4,FALSE)","v":61},{"$f":"T29-HLOOKUP(X29,Feuil1!$C$1:$BL$10,5,FALSE)","v":46},{"$f":"T29-HLOOKUP(X29,Feuil1!$C$1:$BL$10,6,FALSE)","v":26},{"$f":"T29-HLOOKUP(X29,Feuil1!$C$1:$BL$10,7,FALSE)","v":6},{"$f":"T29-HLOOKUP(X29,Feuil1!$C$1:$BL$10,8,FALSE)","v":-14},{"$f":"T29-HLOOKUP(X29,Feuil1!$C$1:$BL$10,9,FALSE)","v":-34},{"$f":"T29-HLOOKUP(X29,Feuil1!$C$1:$BL$10,10,FALSE)","v":-804},null,null,null,null,null,null,"NAT +"]
["H","NORD","NPC",4,387642,"SAERENS","Brent",1997,61.2,"ST POL SUR MER","BEL",80,85,90,90,100,105,-108,105,195,72.599999999999994,"NAT +",5,{"$f":"IF(I30=\"\",\"\",IF(A30=\"H\",IF(OR(H30=\"SEN\",H30<1995),VLOOKUP(I30,Feuil1!$A$11:$F$29,6),IF(AND(H30>1994,H30<1998),VLOOKUP(I30,Feuil1!$A$11:$F$29,5),IF(AND(H30>1997,H30<2000),VLOOKUP(I30,Feuil1!$A$11:$F$29,4),IF(AND(H30>1999,H30<2002),VLOOKUP(I30,Feuil1!$A$11:$F$29,3),VLOOKUP(I30,Feuil1!$A$11:$F$29,2))))),IF(OR(H30=\"SEN\",H30<1995),VLOOKUP(I30,Feuil1!$G$11:$L$25,6),IF(AND(H30>1994,H30<1998),VLOOKUP(I30,Feuil1!$G$11:$L$25,5),IF(AND(H30>1997,H30<2000),VLOOKUP(I30,Feuil1!$G$11:$L$25,4),IF(AND(H30>1999,H30<2002),VLOOKUP(I30,Feuil1!$G$11:$L$25,3),VLOOKUP(I30,Feuil1!$G$11:$L$25,2)))))))","v":"J62"},284.65964184945415,null," ",{"$f":"T30-HLOOKUP(X30,Feuil1!$C$1:$BL$10,2,FALSE)","v":105},{"$f":"T30-HLOOKUP(X30,Feuil1!$C$1:$BL$10,3,FALSE)","v":75},{"$f":"T30-HLOOKUP(X30,Feuil1!$C$1:$BL$10,4,FALSE)","v":60},{"$f":"T30-HLOOKUP(X30,Feuil1!$C$1:$BL$10,5,FALSE)","v":45},{"$f":"T30-HLOOKUP(X30,Feuil1!$C$1:$BL$10,6,FALSE)","v":25},{"$f":"T30-HLOOKUP(X30,Feuil1!$C$1:$BL$10,7,FALSE)","v":5},{"$f":"T30-HLOOKUP(X30,Feuil1!$C$1:$BL$10,8,FALSE)","v":-15},{"$f":"T30-HLOOKUP(X30,Feuil1!$C$1:$BL$10,9,FALSE)","v":-35},{"$f":"T30-HLOOKUP(X30,Feuil1!$C$1:$BL$10,10,FALSE)","v":-805},null,null,null,null,null,null,"NAT +"]
["H","SEST","LAN ",5,182520,"MULLOR","Julien",1997,61.5,"Clermont Sports","F",80,85,88,88,100,105,-108,105,193,70,"NAT +",3,{"$f":"IF(I31=\"\",\"\",IF(A31=\"H\",IF(OR(H31=\"SEN\",H31<1995),VLOOKUP(I31,Feuil1!$A$11:$F$29,6),IF(AND(H31>1994,H31<1998),VLOOKUP(I31,Feuil1!$A$11:$F$29,5),IF(AND(H31>1997,H31<2000),VLOOKUP(I31,Feuil1!$A$11:$F$29,4),IF(AND(H31>1999,H31<2002),VLOOKUP(I31,Feuil1!$A$11:$F$29,3),VLOOKUP(I31,Feuil1!$A$11:$F$29,2))))),IF(OR(H31=\"SEN\",H31<1995),VLOOKUP(I31,Feuil1!$G$11:$L$25,6),IF(AND(H31>1994,H31<1998),VLOOKUP(I31,Feuil1!$G$11:$L$25,5),IF(AND(H31>1997,H31<2000),VLOOKUP(I31,Feuil1!$G$11:$L$25,4),IF(AND(H31>1999,H31<2002),VLOOKUP(I31,Feuil1!$G$11:$L$25,3),VLOOKUP(I31,Feuil1!$G$11:$L$25,2)))))))","v":"J62"},280.74871904814233,null," ",{"$f":"T31-HLOOKUP(X31,Feuil1!$C$1:$BL$10,2,FALSE)","v":103},{"$f":"T31-HLOOKUP(X31,Feuil1!$C$1:$BL$10,3,FALSE)","v":73},{"$f":"T31-HLOOKUP(X31,Feuil1!$C$1:$BL$10,4,FALSE)","v":58},{"$f":"T31-HLOOKUP(X31,Feuil1!$C$1:$BL$10,5,FALSE)","v":43},{"$f":"T31-HLOOKUP(X31,Feuil1!$C$1:$BL$10,6,FALSE)","v":23},{"$f":"T31-HLOOKUP(X31,Feuil1!$C$1:$BL$10,7,FALSE)","v":3},{"$f":"T31-HLOOKUP(X31,Feuil1!$C$1:$BL$10,8,FALSE)","v":-17},{"$f":"T31-HLOOKUP(X31,Feuil1!$C$1:$BL$10,9,FALSE)","v":-37},{"$f":"T31-HLOOKUP(X31,Feuil1!$C$1:$BL$10,10,FALSE)","v":-807},null,null,null,null,null,null,"NAT +"]
["H","SEST","PRO",6,245875,"MARI","Edouard",1997,56.69,"HM STE TULLE","F",77,81,83,83,100,105,107,107,190,76.62,"NAT +",0,{"$f":"IF(I32=\"\",\"\",IF(A32=\"H\",IF(OR(H32=\"SEN\",H32<1995),VLOOKUP(I32,Feuil1!$A$11:$F$29,6),IF(AND(H32>1994,H32<1998),VLOOKUP(I32,Feuil1!$A$11:$F$29,5),IF(AND(H32>1997,H32<2000),VLOOKUP(I32,Feuil1!$A$11:$F$29,4),IF(AND(H32>1999,H32<2002),VLOOKUP(I32,Feuil1!$A$11:$F$29,3),VLOOKUP(I32,Feuil1!$A$11:$F$29,2))))),IF(OR(H32=\"SEN\",H32<1995),VLOOKUP(I32,Feuil1!$G$11:$L$25,6),IF(AND(H32>1994,H32<1998),VLOOKUP(I32,Feuil1!$G$11:$L$25,5),IF(AND(H32>1997,H32<2000),VLOOKUP(I32,Feuil1!$G$11:$L$25,4),IF(AND(H32>1999,H32<2002),VLOOKUP(I32,Feuil1!$G$11:$L$25,3),VLOOKUP(I32,Feuil1!$G$11:$L$25,2)))))))","v":"J62"},293.7262371545001,null," ",{"$f":"T32-HLOOKUP(X32,Feuil1!$C$1:$BL$10,2,FALSE)","v":100},{"$f":"T32-HLOOKUP(X32,Feuil1!$C$1:$BL$10,3,FALSE)","v":70},{"$f":"T32-HLOOKUP(X32,Feuil1!$C$1:$BL$10,4,FALSE)","v":55},{"$f":"T32-HLOOKUP(X32,Feuil1!$C$1:$BL$10,5,FALSE)","v":40},{"$f":"T32-HLOOKUP(X32,Feuil1!$C$1:$BL$10,6,FALSE)","v":20},{"$f":"T32-HLOOKUP(X32,Feuil1!$C$1:$BL$10,7,FALSE)","v":0},{"$f":"T32-HLOOKUP(X32,Feuil1!$C$1:$BL$10,8,FALSE)","v":-20},{"$f":"T32-HLOOKUP(X32,Feuil1!$C$1:$BL$10,9,FALSE)","v":-40},{"$f":"T32-HLOOKUP(X32,Feuil1!$C$1:$BL$10,10,FALSE)","v":-810},null,null,null,null,null,null,"NAT +"]
["H","SEST","RAL",7,222418,"BAILLET","Valentin",1997,61.86,"H.C. ST BALDOPH","F",80,83,85,85,100,105,-107,105,190,66.28,"NAT +",0,{"$f":"IF(I33=\"\",\"\",IF(A33=\"H\",IF(OR(H33=\"SEN\",H33<1995),VLOOKUP(I33,Feuil1!$A$11:$F$29,6),IF(AND(H33>1994,H33<1998),VLOOKUP(I33,Feuil1!$A$11:$F$29,5),IF(AND(H33>1997,H33<2000),VLOOKUP(I33,Feuil1!$A$11:$F$29,4),IF(AND(H33>1999,H33<2002),VLOOKUP(I33,Feuil1!$A$11:$F$29,3),VLOOKUP(I33,Feuil1!$A$11:$F$29,2))))),IF(OR(H33=\"SEN\",H33<1995),VLOOKUP(I33,Feuil1!$G$11:$L$25,6),IF(AND(H33>1994,H33<1998),VLOOKUP(I33,Feuil1!$G$11:$L$25,5),IF(AND(H33>1997,H33<2000),VLOOKUP(I33,Feuil1!$G$11:$L$25,4),IF(AND(H33>1999,H33<2002),VLOOKUP(I33,Feuil1!$G$11:$L$25,3),VLOOKUP(I33,Feuil1!$G$11:$L$25,2)))))))","v":"J62"},275.23034001106623,null," ",{"$f":"T33-HLOOKUP(X33,Feuil1!$C$1:$BL$10,2,FALSE)","v":100},{"$f":"T33-HLOOKUP(X33,Feuil1!$C$1:$BL$10,3,FALSE)","v":70},{"$f":"T33-HLOOKUP(X33,Feuil1!$C$1:$BL$10,4,FALSE)","v":55},{"$f":"T33-HLOOKUP(X33,Feuil1!$C$1:$BL$10,5,FALSE)","v":40},{"$f":"T33-HLOOKUP(X33,Feuil1!$C$1:$BL$10,6,FALSE)","v":20},{"$f":"T33-HLOOKUP(X33,Feuil1!$C$1:$BL$10,7,FALSE)","v":0},{"$f":"T33-HLOOKUP(X33,Feuil1!$C$1:$BL$10,8,FALSE)","v":-20},{"$f":"T33-HLOOKUP(X33,Feuil1!$C$1:$BL$10,9,FALSE)","v":-40},{"$f":"T33-HLOOKUP(X33,Feuil1!$C$1:$BL$10,10,FALSE)","v":-810},null,null,null,null,null,null,"NAT +"]
["H","SO","AQU",8,263946,"LECOMTE","EWEN",1997,59.28,"ST MEDARD","F",80,-83,83,83,-97,97,-107,97,180,61.44,"FED +",10,{"$f":"IF(I34=\"\",\"\",IF(A34=\"H\",IF(OR(H34=\"SEN\",H34<1995),VLOOKUP(I34,Feuil1!$A$11:$F$29,6),IF(AND(H34>1994,H34<1998),VLOOKUP(I34,Feuil1!$A$11:$F$29,5),IF(AND(H34>1997,H34<2000),VLOOKUP(I34,Feuil1!$A$11:$F$29,4),IF(AND(H34>1999,H34<2002),VLOOKUP(I34,Feuil1!$A$11:$F$29,3),VLOOKUP(I34,Feuil1!$A$11:$F$29,2))))),IF(OR(H34=\"SEN\",H34<1995),VLOOKUP(I34,Feuil1!$G$11:$L$25,6),IF(AND(H34>1994,H34<1998),VLOOKUP(I34,Feuil1!$G$11:$L$25,5),IF(AND(H34>1997,H34<2000),VLOOKUP(I34,Feuil1!$G$11:$L$25,4),IF(AND(H34>1999,H34<2002),VLOOKUP(I34,Feuil1!$G$11:$L$25,3),VLOOKUP(I34,Feuil1!$G$11:$L$25,2)))))))","v":"J62"},268.97872179155939,null," ",{"$f":"T34-HLOOKUP(X34,Feuil1!$C$1:$BL$10,2,FALSE)","v":90},{"$f":"T34-HLOOKUP(X34,Feuil1!$C$1:$BL$10,3,FALSE)","v":60},{"$f":"T34-HLOOKUP(X34,Feuil1!$C$1:$BL$10,4,FALSE)","v":45},{"$f":"T34-HLOOKUP(X34,Feuil1!$C$1:$BL$10,5,FALSE)","v":30},{"$f":"T34-HLOOKUP(X34,Feuil1!$C$1:$BL$10,6,FALSE)","v":10},{"$f":"T34-HLOOKUP(X34,Feuil1!$C$1:$BL$10,7,FALSE)","v":-10},{"$f":"T34-HLOOKUP(X34,Feuil1!$C$1:$BL$10,8,FALSE)","v":-30},{"$f":"T34-HLOOKUP(X34,Feuil1!$C$1:$BL$10,9,FALSE)","v":-50},{"$f":"T34-HLOOKUP(X34,Feuil1!$C$1:$BL$10,10,FALSE)","v":-820},null,null,null,null,null,null,"FED +"]
["H","NE","ALS",9,200062,"KNITTEL","CEDRIC",1996,59.48,"SHC Haguenau","F",-73,76,-80,76,91,-95,95,95,171,52.040000000000006,"FED +",1,{"$f":"IF(I35=\"\",\"\",IF(A35=\"H\",IF(OR(H35=\"SEN\",H35<1995),VLOOKUP(I35,Feuil1!$A$11:$F$29,6),IF(AND(H35>1994,H35<1998),VLOOKUP(I35,Feuil1!$A$11:$F$29,5),IF(AND(H35>1997,H35<2000),VLOOKUP(I35,Feuil1!$A$11:$F$29,4),IF(AND(H35>1999,H35<2002),VLOOKUP(I35,Feuil1!$A$11:$F$29,3),VLOOKUP(I35,Feuil1!$A$11:$F$29,2))))),IF(OR(H35=\"SEN\",H35<1995),VLOOKUP(I35,Feuil1!$G$11:$L$25,6),IF(AND(H35>1994,H35<1998),VLOOKUP(I35,Feuil1!$G$11:$L$25,5),IF(AND(H35>1997,H35<2000),VLOOKUP(I35,Feuil1!$G$11:$L$25,4),IF(AND(H35>1999,H35<2002),VLOOKUP(I35,Feuil1!$G$11:$L$25,3),VLOOKUP(I35,Feuil1!$G$11:$L$25,2)))))))","v":"J62"},254.89081961644314,null," ",{"$f":"T35-HLOOKUP(X35,Feuil1!$C$1:$BL$10,2,FALSE)","v":81},{"$f":"T35-HLOOKUP(X35,Feuil1!$C$1:$BL$10,3,FALSE)","v":51},{"$f":"T35-HLOOKUP(X35,Feuil1!$C$1:$BL$10,4,FALSE)","v":36},{"$f":"T35-HLOOKUP(X35,Feuil1!$C$1:$BL$10,5,FALSE)","v":21},{"$f":"T35-HLOOKUP(X35,Feuil1!$C$1:$BL$10,6,FALSE)","v":1},{"$f":"T35-HLOOKUP(X35,Feuil1!$C$1:$BL$10,7,FALSE)","v":-19},{"$f":"T35-HLOOKUP(X35,Feuil1!$C$1:$BL$10,8,FALSE)","v":-39},{"$f":"T35-HLOOKUP(X35,Feuil1!$C$1:$BL$10,9,FALSE)","v":-59},{"$f":"T35-HLOOKUP(X35,Feuil1!$C$1:$BL$10,10,FALSE)","v":-829},null,null,null,null,null,null,"FED +"]
["H","NORD","NPC",10,359842,"REMBAUVILLE","Paul",1997,61.95,"C.A.ROSENDAEL","F",75,-79,79,79,87,91,-94,91,170,46.099999999999994,"FED +",0,{"$f":"IF(I36=\"\",\"\",IF(A36=\"H\",IF(OR(H36=\"SEN\",H36<1995),VLOOKUP(I36,Feuil1!$A$11:$F$29,6),IF(AND(H36>1994,H36<1998),VLOOKUP(I36,Feuil1!$A$11:$F$29,5),IF(AND(H36>1997,H36<2000),VLOOKUP(I36,Feuil1!$A$11:$F$29,4),IF(AND(H36>1999,H36<2002),VLOOKUP(I36,Feuil1!$A$11:$F$29,3),VLOOKUP(I36,Feuil1!$A$11:$F$29,2))))),IF(OR(H36=\"SEN\",H36<1995),VLOOKUP(I36,Feuil1!$G$11:$L$25,6),IF(AND(H36>1994,H36<1998),VLOOKUP(I36,Feuil1!$G$11:$L$25,5),IF(AND(H36>1997,H36<2000),VLOOKUP(I36,Feuil1!$G$11:$L$25,4),IF(AND(H36>1999,H36<2002),VLOOKUP(I36,Feuil1!$G$11:$L$25,3),VLOOKUP(I36,Feuil1!$G$11:$L$25,2)))))))","v":"J62"},246.00301273747965,null," ",{"$f":"T36-HLOOKUP(X36,Feuil1!$C$1:$BL$10,2,FALSE)","v":80},{"$f":"T36-HLOOKUP(X36,Feuil1!$C$1:$BL$10,3,FALSE)","v":50},{"$f":"T36-HLOOKUP(X36,Feuil1!$C$1:$BL$10,4,FALSE)","v":35},{"$f":"T36-HLOOKUP(X36,Feuil1!$C$1:$BL$10,5,FALSE)","v":20},{"$f":"T36-HLOOKUP(X36,Feuil1!$C$1:$BL$10,6,FALSE)","v":0},{"$f":"T36-HLOOKUP(X36,Feuil1!$C$1:$BL$10,7,FALSE)","v":-20},{"$f":"T36-HLOOKUP(X36,Feuil1!$C$1:$BL$10,8,FALSE)","v":-40},{"$f":"T36-HLOOKUP(X36,Feuil1!$C$1:$BL$10,9,FALSE)","v":-60},{"$f":"T36-HLOOKUP(X36,Feuil1!$C$1:$BL$10,10,FALSE)","v":-830},null,null,null,null,null,null,"FED +"]
["H","NE","FCO",11,330809,"VENERI","Kory",1997,61.9,"CH Luxeuil","F",75,-77,-77,75,-87,87,-95,87,162,38.200000000000003,"IRG +",12,{"$f":"IF(I37=\"\",\"\",IF(A37=\"H\",IF(OR(H37=\"SEN\",H37<1995),VLOOKUP(I37,Feuil1!$A$11:$F$29,6),IF(AND(H37>1994,H37<1998),VLOOKUP(I37,Feuil1!$A$11:$F$29,5),IF(AND(H37>1997,H37<2000),VLOOKUP(I37,Feuil1!$A$11:$F$29,4),IF(AND(H37>1999,H37<2002),VLOOKUP(I37,Feuil1!$A$11:$F$29,3),VLOOKUP(I37,Feuil1!$A$11:$F$29,2))))),IF(OR(H37=\"SEN\",H37<1995),VLOOKUP(I37,Feuil1!$G$11:$L$25,6),IF(AND(H37>1994,H37<1998),VLOOKUP(I37,Feuil1!$G$11:$L$25,5),IF(AND(H37>1997,H37<2000),VLOOKUP(I37,Feuil1!$G$11:$L$25,4),IF(AND(H37>1999,H37<2002),VLOOKUP(I37,Feuil1!$G$11:$L$25,3),VLOOKUP(I37,Feuil1!$G$11:$L$25,2)))))))","v":"J62"},234.56166036564849,null," ",{"$f":"T37-HLOOKUP(X37,Feuil1!$C$1:$BL$10,2,FALSE)","v":72},{"$f":"T37-HLOOKUP(X37,Feuil1!$C$1:$BL$10,3,FALSE)","v":42},{"$f":"T37-HLOOKUP(X37,Feuil1!$C$1:$BL$10,4,FALSE)","v":27},{"$f":"T37-HLOOKUP(X37,Feuil1!$C$1:$BL$10,5,FALSE)","v":12},{"$f":"T37-HLOOKUP(X37,Feuil1!$C$1:$BL$10,6,FALSE)","v":-8},{"$f":"T37-HLOOKUP(X37,Feuil1!$C$1:$BL$10,7,FALSE)","v":-28},{"$f":"T37-HLOOKUP(X37,Feuil1!$C$1:$BL$10,8,FALSE)","v":-48},{"$f":"T37-HLOOKUP(X37,Feuil1!$C$1:$BL$10,9,FALSE)","v":-68},{"$f":"T37-HLOOKUP(X37,Feuil1!$C$1:$BL$10,10,FALSE)","v":-838},null,null,null,null,null,null,"IRG +"]
["H","NE","CHA",12,368336,"CREVISY","Nicolas",1995,61.9,"Langres HM","F",65,70,73,73,85,88,-90,88,161,37.200000000000003,"IRG +",11,{"$f":"IF(I38=\"\",\"\",IF(A38=\"H\",IF(OR(H38=\"SEN\",H38<1995),VLOOKUP(I38,Feuil1!$A$11:$F$29,6),IF(AND(H38>1994,H38<1998),VLOOKUP(I38,Feuil1!$A$11:$F$29,5),IF(AND(H38>1997,H38<2000),VLOOKUP(I38,Feuil1!$A$11:$F$29,4),IF(AND(H38>1999,H38<2002),VLOOKUP(I38,Feuil1!$A$11:$F$29,3),VLOOKUP(I38,Feuil1!$A$11:$F$29,2))))),IF(OR(H38=\"SEN\",H38<1995),VLOOKUP(I38,Feuil1!$G$11:$L$25,6),IF(AND(H38>1994,H38<1998),VLOOKUP(I38,Feuil1!$G$11:$L$25,5),IF(AND(H38>1997,H38<2000),VLOOKUP(I38,Feuil1!$G$11:$L$25,4),IF(AND(H38>1999,H38<2002),VLOOKUP(I38,Feuil1!$G$11:$L$25,3),VLOOKUP(I38,Feuil1!$G$11:$L$25,2)))))))","v":"J62"},233.11374888190991,null," ",{"$f":"T38-HLOOKUP(X38,Feuil1!$C$1:$BL$10,2,FALSE)","v":71},{"$f":"T38-HLOOKUP(X38,Feuil1!$C$1:$BL$10,3,FALSE)","v":41},{"$f":"T38-HLOOKUP(X38,Feuil1!$C$1:$BL$10,4,FALSE)","v":26},{"$f":"T38-HLOOKUP(X38,Feuil1!$C$1:$BL$10,5,FALSE)","v":11},{"$f":"T38-HLOOKUP(X38,Feuil1!$C$1:$BL$10,6,FALSE)","v":-9},{"$f":"T38-HLOOKUP(X38,Feuil1!$C$1:$BL$10,7,FALSE)","v":-29},{"$f":"T38-HLOOKUP(X38,Feuil1!$C$1:$BL$10,8,FALSE)","v":-49},{"$f":"T38-HLOOKUP(X38,Feuil1!$C$1:$BL$10,9,FALSE)","v":-69},{"$f":"T38-HLOOKUP(X38,Feuil1!$C$1:$BL$10,10,FALSE)","v":-839},null,null,null,null,null,null,"IRG +"]
["H","SEST","RAL",13,389683,"ROBERT","Lucas",1996,57,"Bourg de Péage","F",65,-70,73,73,75,82,-87,82,155,41,"IRG +",5,{"$f":"IF(I39=\"\",\"\",IF(A39=\"H\",IF(OR(H39=\"SEN\",H39<1995),VLOOKUP(I39,Feuil1!$A$11:$F$29,6),IF(AND(H39>1994,H39<1998),VLOOKUP(I39,Feuil1!$A$11:$F$29,5),IF(AND(H39>1997,H39<2000),VLOOKUP(I39,Feuil1!$A$11:$F$29,4),IF(AND(H39>1999,H39<2002),VLOOKUP(I39,Feuil1!$A$11:$F$29,3),VLOOKUP(I39,Feuil1!$A$11:$F$29,2))))),IF(OR(H39=\"SEN\",H39<1995),VLOOKUP(I39,Feuil1!$G$11:$L$25,6),IF(AND(H39>1994,H39<1998),VLOOKUP(I39,Feuil1!$G$11:$L$25,5),IF(AND(H39>1997,H39<2000),VLOOKUP(I39,Feuil1!$G$11:$L$25,4),IF(AND(H39>1999,H39<2002),VLOOKUP(I39,Feuil1!$G$11:$L$25,3),VLOOKUP(I39,Feuil1!$G$11:$L$25,2)))))))","v":"J62"},238.61020040978059,null," ",{"$f":"T39-HLOOKUP(X39,Feuil1!$C$1:$BL$10,2,FALSE)","v":65},{"$f":"T39-HLOOKUP(X39,Feuil1!$C$1:$BL$10,3,FALSE)","v":35},{"$f":"T39-HLOOKUP(X39,Feuil1!$C$1:$BL$10,4,FALSE)","v":20},{"$f":"T39-HLOOKUP(X39,Feuil1!$C$1:$BL$10,5,FALSE)","v":5},{"$f":"T39-HLOOKUP(X39,Feuil1!$C$1:$BL$10,6,FALSE)","v":-15},{"$f":"T39-HLOOKUP(X39,Feuil1!$C$1:$BL$10,7,FALSE)","v":-35},{"$f":"T39-HLOOKUP(X39,Feuil1!$C$1:$BL$10,8,FALSE)","v":-55},{"$f":"T39-HLOOKUP(X39,Feuil1!$C$1:$BL$10,9,FALSE)","v":-75},{"$f":"T39-HLOOKUP(X39,Feuil1!$C$1:$BL$10,10,FALSE)","v":-845},null,null,null,null,null,null,"IRG +"]
["H","SEST","PRO",14,196545,"REYNAUD","Loic",1996,57.3,"HC NOVES","F",60,65,70,70,-80,80,-86,80,150,35.400000000000006,"IRG +",0,{"$f":"IF(I40=\"\",\"\",IF(A40=\"H\",IF(OR(H40=\"SEN\",H40<1995),VLOOKUP(I40,Feuil1!$A$11:$F$29,6),IF(AND(H40>1994,H40<1998),VLOOKUP(I40,Feuil1!$A$11:$F$29,5),IF(AND(H40>1997,H40<2000),VLOOKUP(I40,Feuil1!$A$11:$F$29,4),IF(AND(H40>1999,H40<2002),VLOOKUP(I40,Feuil1!$A$11:$F$29,3),VLOOKUP(I40,Feuil1!$A$11:$F$29,2))))),IF(OR(H40=\"SEN\",H40<1995),VLOOKUP(I40,Feuil1!$G$11:$L$25,6),IF(AND(H40>1994,H40<1998),VLOOKUP(I40,Feuil1!$G$11:$L$25,5),IF(AND(H40>1997,H40<2000),VLOOKUP(I40,Feuil1!$G$11:$L$25,4),IF(AND(H40>1999,H40<2002),VLOOKUP(I40,Feuil1!$G$11:$L$25,3),VLOOKUP(I40,Feuil1!$G$11:$L$25,2)))))))","v":"J62"},229.98192411215334,null," ",{"$f":"T40-HLOOKUP(X40,Feuil1!$C$1:$BL$10,2,FALSE)","v":60},{"$f":"T40-HLOOKUP(X40,Feuil1!$C$1:$BL$10,3,FALSE)","v":30},{"$f":"T40-HLOOKUP(X40,Feuil1!$C$1:$BL$10,4,FALSE)","v":15},{"$f":"T40-HLOOKUP(X40,Feuil1!$C$1:$BL$10,5,FALSE)","v":0},{"$f":"T40-HLOOKUP(X40,Feuil1!$C$1:$BL$10,6,FALSE)","v":-20},{"$f":"T40-HLOOKUP(X40,Feuil1!$C$1:$BL$10,7,FALSE)","v":-40},{"$f":"T40-HLOOKUP(X40,Feuil1!$C$1:$BL$10,8,FALSE)","v":-60},{"$f":"T40-HLOOKUP(X40,Feuil1!$C$1:$BL$10,9,FALSE)","v":-80},{"$f":"T40-HLOOKUP(X40,Feuil1!$C$1:$BL$10,10,FALSE)","v":-850},null,null,null,null,null,null,"IRG +"]
["H","NORD","PIC",15,294706,"DOLÉ","Andy",1995,61.7,"La Vaillante Saint Quentin","F",62,-67,67,67,78,83,-85,83,150,26.599999999999994,"IRG +",0,{"$f":"IF(I41=\"\",\"\",IF(A41=\"H\",IF(OR(H41=\"SEN\",H41<1995),VLOOKUP(I41,Feuil1!$A$11:$F$29,6),IF(AND(H41>1994,H41<1998),VLOOKUP(I41,Feuil1!$A$11:$F$29,5),IF(AND(H41>1997,H41<2000),VLOOKUP(I41,Feuil1!$A$11:$F$29,4),IF(AND(H41>1999,H41<2002),VLOOKUP(I41,Feuil1!$A$11:$F$29,3),VLOOKUP(I41,Feuil1!$A$11:$F$29,2))))),IF(OR(H41=\"SEN\",H41<1995),VLOOKUP(I41,Feuil1!$G$11:$L$25,6),IF(AND(H41>1994,H41<1998),VLOOKUP(I41,Feuil1!$G$11:$L$25,5),IF(AND(H41>1997,H41<2000),VLOOKUP(I41,Feuil1!$G$11:$L$25,4),IF(AND(H41>1999,H41<2002),VLOOKUP(I41,Feuil1!$G$11:$L$25,3),VLOOKUP(I41,Feuil1!$G$11:$L$25,2)))))))","v":"J62"},217.69040763438977,null," ",{"$f":"T41-HLOOKUP(X41,Feuil1!$C$1:$BL$10,2,FALSE)","v":60},{"$f":"T41-HLOOKUP(X41,Feuil1!$C$1:$BL$10,3,FALSE)","v":30},{"$f":"T41-HLOOKUP(X41,Feuil1!$C$1:$BL$10,4,FALSE)","v":15},{"$f":"T41-HLOOKUP(X41,Feuil1!$C$1:$BL$10,5,FALSE)","v":0},{"$f":"T41-HLOOKUP(X41,Feuil1!$C$1:$BL$10,6,FALSE)","v":-20},{"$f":"T41-HLOOKUP(X41,Feuil1!$C$1:$BL$10,7,FALSE)","v":-40},{"$f":"T41-HLOOKUP(X41,Feuil1!$C$1:$BL$10,8,FALSE)","v":-60},{"$f":"T41-HLOOKUP(X41,Feuil1!$C$1:$BL$10,9,FALSE)","v":-80},{"$f":"T41-HLOOKUP(X41,Feuil1!$C$1:$BL$10,10,FALSE)","v":-850},null,null,null,null,null,null,"IRG +"]
["H","CO","CEN",16,367410,"D'ANA","Clément",1996,61.9,"CM Orléans","F",70,-75,-75,70,80,-90,-90,80,150,26.200000000000003,"IRG +",0,{"$f":"IF(I42=\"\",\"\",IF(A42=\"H\",IF(OR(H42=\"SEN\",H42<1995),VLOOKUP(I42,Feuil1!$A$11:$F$29,6),IF(AND(H42>1994,H42<1998),VLOOKUP(I42,Feuil1!$A$11:$F$29,5),IF(AND(H42>1997,H42<2000),VLOOKUP(I42,Feuil1!$A$11:$F$29,4),IF(AND(H42>1999,H42<2002),VLOOKUP(I42,Feuil1!$A$11:$F$29,3),VLOOKUP(I42,Feuil1!$A$11:$F$29,2))))),IF(OR(H42=\"SEN\",H42<1995),VLOOKUP(I42,Feuil1!$G$11:$L$25,6),IF(AND(H42>1994,H42<1998),VLOOKUP(I42,Feuil1!$G$11:$L$25,5),IF(AND(H42>1997,H42<2000),VLOOKUP(I42,Feuil1!$G$11:$L$25,4),IF(AND(H42>1999,H42<2002),VLOOKUP(I42,Feuil1!$G$11:$L$25,3),VLOOKUP(I42,Feuil1!$G$11:$L$25,2)))))))","v":"J62"},217.18672256078563,null," ",{"$f":"T42-HLOOKUP(X42,Feuil1!$C$1:$BL$10,2,FALSE)","v":60},{"$f":"T42-HLOOKUP(X42,Feuil1!$C$1:$BL$10,3,FALSE)","v":30},{"$f":"T42-HLOOKUP(X42,Feuil1!$C$1:$BL$10,4,FALSE)","v":15},{"$f":"T42-HLOOKUP(X42,Feuil1!$C$1:$BL$10,5,FALSE)","v":0},{"$f":"T42-HLOOKUP(X42,Feuil1!$C$1:$BL$10,6,FALSE)","v":-20},{"$f":"T42-HLOOKUP(X42,Feuil1!$C$1:$BL$10,7,FALSE)","v":-40},{"$f":"T42-HLOOKUP(X42,Feuil1!$C$1:$BL$10,8,FALSE)","v":-60},{"$f":"T42-HLOOKUP(X42,Feuil1!$C$1:$BL$10,9,FALSE)","v":-80},{"$f":"T42-HLOOKUP(X42,Feuil1!$C$1:$BL$10,10,FALSE)","v":-850},null,null,null,null,null,null,"IRG +"]
["H","NORD","PIC",17,390683,"THUILLIEZ","Teddy",1996,60.97,"La Ferté Milon CMHM","F",55,62,68,68,70,76,80,80,148,26.060000000000002,"REG +",13,{"$f":"IF(I43=\"\",\"\",IF(A43=\"H\",IF(OR(H43=\"SEN\",H43<1995),VLOOKUP(I43,Feuil1!$A$11:$F$29,6),IF(AND(H43>1994,H43<1998),VLOOKUP(I43,Feuil1!$A$11:$F$29,5),IF(AND(H43>1997,H43<2000),VLOOKUP(I43,Feuil1!$A$11:$F$29,4),IF(AND(H43>1999,H43<2002),VLOOKUP(I43,Feuil1!$A$11:$F$29,3),VLOOKUP(I43,Feuil1!$A$11:$F$29,2))))),IF(OR(H43=\"SEN\",H43<1995),VLOOKUP(I43,Feuil1!$G$11:$L$25,6),IF(AND(H43>1994,H43<1998),VLOOKUP(I43,Feuil1!$G$11:$L$25,5),IF(AND(H43>1997,H43<2000),VLOOKUP(I43,Feuil1!$G$11:$L$25,4),IF(AND(H43>1999,H43<2002),VLOOKUP(I43,Feuil1!$G$11:$L$25,3),VLOOKUP(I43,Feuil1!$G$11:$L$25,2)))))))","v":"J62"},216.63897837029893,null," ",{"$f":"T43-HLOOKUP(X43,Feuil1!$C$1:$BL$10,2,FALSE)","v":58},{"$f":"T43-HLOOKUP(X43,Feuil1!$C$1:$BL$10,3,FALSE)","v":28},{"$f":"T43-HLOOKUP(X43,Feuil1!$C$1:$BL$10,4,FALSE)","v":13},{"$f":"T43-HLOOKUP(X43,Feuil1!$C$1:$BL$10,5,FALSE)","v":-2},{"$f":"T43-HLOOKUP(X43,Feuil1!$C$1:$BL$10,6,FALSE)","v":-22},{"$f":"T43-HLOOKUP(X43,Feuil1!$C$1:$BL$10,7,FALSE)","v":-42},{"$f":"T43-HLOOKUP(X43,Feuil1!$C$1:$BL$10,8,FALSE)","v":-62},{"$f":"T43-HLOOKUP(X43,Feuil1!$C$1:$BL$10,9,FALSE)","v":-82},{"$f":"T43-HLOOKUP(X43,Feuil1!$C$1:$BL$10,10,FALSE)","v":-852},null,null,null,null,null,null,"REG +"]
["H","SEST","RAL",18,355299,"DUMAS","Geremy",1995,61.5,"VALENCE","F",63,66,70,70,-73,75,-80,75,145,22,"REG +",10,{"$f":"IF(I44=\"\",\"\",IF(A44=\"H\",IF(OR(H44=\"SEN\",H44<1995),VLOOKUP(I44,Feuil1!$A$11:$F$29,6),IF(AND(H44>1994,H44<1998),VLOOKUP(I44,Feuil1!$A$11:$F$29,5),IF(AND(H44>1997,H44<2000),VLOOKUP(I44,Feuil1!$A$11:$F$29,4),IF(AND(H44>1999,H44<2002),VLOOKUP(I44,Feuil1!$A$11:$F$29,3),VLOOKUP(I44,Feuil1!$A$11:$F$29,2))))),IF(OR(H44=\"SEN\",H44<1995),VLOOKUP(I44,Feuil1!$G$11:$L$25,6),IF(AND(H44>1994,H44<1998),VLOOKUP(I44,Feuil1!$G$11:$L$25,5),IF(AND(H44>1997,H44<2000),VLOOKUP(I44,Feuil1!$G$11:$L$25,4),IF(AND(H44>1999,H44<2002),VLOOKUP(I44,Feuil1!$G$11:$L$25,3),VLOOKUP(I44,Feuil1!$G$11:$L$25,2)))))))","v":"J62"},210.92520342995152,null," ",{"$f":"T44-HLOOKUP(X44,Feuil1!$C$1:$BL$10,2,FALSE)","v":55},{"$f":"T44-HLOOKUP(X44,Feuil1!$C$1:$BL$10,3,FALSE)","v":25},{"$f":"T44-HLOOKUP(X44,Feuil1!$C$1:$BL$10,4,FALSE)","v":10},{"$f":"T44-HLOOKUP(X44,Feuil1!$C$1:$BL$10,5,FALSE)","v":-5},{"$f":"T44-HLOOKUP(X44,Feuil1!$C$1:$BL$10,6,FALSE)","v":-25},{"$f":"T44-HLOOKUP(X44,Feuil1!$C$1:$BL$10,7,FALSE)","v":-45},{"$f":"T44-HLOOKUP(X44,Feuil1!$C$1:$BL$10,8,FALSE)","v":-65},{"$f":"T44-HLOOKUP(X44,Feuil1!$C$1:$BL$10,9,FALSE)","v":-85},{"$f":"T44-HLOOKUP(X44,Feuil1!$C$1:$BL$10,10,FALSE)","v":-855},null,null,null,null,null,null,"REG +"]
["H","SEST","CAZ",19,325142,"MONTAGNOLI","Valentin",1996,56.8,"E.S. VILLENEUVE LOUBET","F",58,62,-64,62,77,82,-85,82,144,30.400000000000006,"REG +",9,{"$f":"IF(I45=\"\",\"\",IF(A45=\"H\",IF(OR(H45=\"SEN\",H45<1995),VLOOKUP(I45,Feuil1!$A$11:$F$29,6),IF(AND(H45>1994,H45<1998),VLOOKUP(I45,Feuil1!$A$11:$F$29,5),IF(AND(H45>1997,H45<2000),VLOOKUP(I45,Feuil1!$A$11:$F$29,4),IF(AND(H45>1999,H45<2002),VLOOKUP(I45,Feuil1!$A$11:$F$29,3),VLOOKUP(I45,Feuil1!$A$11:$F$29,2))))),IF(OR(H45=\"SEN\",H45<1995),VLOOKUP(I45,Feuil1!$G$11:$L$25,6),IF(AND(H45>1994,H45<1998),VLOOKUP(I45,Feuil1!$G$11:$L$25,5),IF(AND(H45>1997,H45<2000),VLOOKUP(I45,Feuil1!$G$11:$L$25,4),IF(AND(H45>1999,H45<2002),VLOOKUP(I45,Feuil1!$G$11:$L$25,3),VLOOKUP(I45,Feuil1!$G$11:$L$25,2)))))))","v":"J62"},222.27952625105587,null," ",{"$f":"T45-HLOOKUP(X45,Feuil1!$C$1:$BL$10,2,FALSE)","v":54},{"$f":"T45-HLOOKUP(X45,Feuil1!$C$1:$BL$10,3,FALSE)","v":24},{"$f":"T45-HLOOKUP(X45,Feuil1!$C$1:$BL$10,4,FALSE)","v":9},{"$f":"T45-HLOOKUP(X45,Feuil1!$C$1:$BL$10,5,FALSE)","v":-6},{"$f":"T45-HLOOKUP(X45,Feuil1!$C$1:$BL$10,6,FALSE)","v":-26},{"$f":"T45-HLOOKUP(X45,Feuil1!$C$1:$BL$10,7,FALSE)","v":-46},{"$f":"T45-HLOOKUP(X45,Feuil1!$C$1:$BL$10,8,FALSE)","v":-66},{"$f":"T45-HLOOKUP(X45,Feuil1!$C$1:$BL$10,9,FALSE)","v":-86},{"$f":"T45-HLOOKUP(X45,Feuil1!$C$1:$BL$10,10,FALSE)","v":-856},null,null,null,null,null,null,"REG +"]
["H","NORD","PIC",20,277217,"MARTIN","Brandon",1996,58.2,"Saleux CHM","F",58,61,64,64,72,77,80,80,144,27.599999999999994,"REG +",9,{"$f":"IF(I46=\"\",\"\",IF(A46=\"H\",IF(OR(H46=\"SEN\",H46<1995),VLOOKUP(I46,Feuil1!$A$11:$F$29,6),IF(AND(H46>1994,H46<1998),VLOOKUP(I46,Feuil1!$A$11:$F$29,5),IF(AND(H46>1997,H46<2000),VLOOKUP(I46,Feuil1!$A$11:$F$29,4),IF(AND(H46>1999,H46<2002),VLOOKUP(I46,Feuil1!$A$11:$F$29,3),VLOOKUP(I46,Feuil1!$A$11:$F$29,2))))),IF(OR(H46=\"SEN\",H46<1995),VLOOKUP(I46,Feuil1!$G$11:$L$25,6),IF(AND(H46>1994,H46<1998),VLOOKUP(I46,Feuil1!$G$11:$L$25,5),IF(AND(H46>1997,H46<2000),VLOOKUP(I46,Feuil1!$G$11:$L$25,4),IF(AND(H46>1999,H46<2002),VLOOKUP(I46,Feuil1!$G$11:$L$25,3),VLOOKUP(I46,Feuil1!$G$11:$L$25,2)))))))","v":"J62"},218.17430300390606,null," ",{"$f":"T46-HLOOKUP(X46,Feuil1!$C$1:$BL$10,2,FALSE)","v":54},{"$f":"T46-HLOOKUP(X46,Feuil1!$C$1:$BL$10,3,FALSE)","v":24},{"$f":"T46-HLOOKUP(X46,Feuil1!$C$1:$BL$10,4,FALSE)","v":9},{"$f":"T46-HLOOKUP(X46,Feuil1!$C$1:$BL$10,5,FALSE)","v":-6},{"$f":"T46-HLOOKUP(X46,Feuil1!$C$1:$BL$10,6,FALSE)","v":-26},{"$f":"T46-HLOOKUP(X46,Feuil1!$C$1:$BL$10,7,FALSE)","v":-46},{"$f":"T46-HLOOKUP(X46,Feuil1!$C$1:$BL$10,8,FALSE)","v":-66},{"$f":"T46-HLOOKUP(X46,Feuil1!$C$1:$BL$10,9,FALSE)","v":-86},{"$f":"T46-HLOOKUP(X46,Feuil1!$C$1:$BL$10,10,FALSE)","v":-856},null,null,null,null,null,null,"REG +"]
["H","N","IDF",21,386893,"AOUDIA","YANICE",1996,60.7,"FRANCONVILLE","F",-54,57,-60,57,70,-75,75,75,132,10.599999999999994,"DEP +",12,{"$f":"IF(I47=\"\",\"\",IF(A47=\"H\",IF(OR(H47=\"SEN\",H47<1995),VLOOKUP(I47,Feuil1!$A$11:$F$29,6),IF(AND(H47>1994,H47<1998),VLOOKUP(I47,Feuil1!$A$11:$F$29,5),IF(AND(H47>1997,H47<2000),VLOOKUP(I47,Feuil1!$A$11:$F$29,4),IF(AND(H47>1999,H47<2002),VLOOKUP(I47,Feuil1!$A$11:$F$29,3),VLOOKUP(I47,Feuil1!$A$11:$F$29,2))))),IF(OR(H47=\"SEN\",H47<1995),VLOOKUP(I47,Feuil1!$G$11:$L$25,6),IF(AND(H47>1994,H47<1998),VLOOKUP(I47,Feuil1!$G$11:$L$25,5),IF(AND(H47>1997,H47<2000),VLOOKUP(I47,Feuil1!$G$11:$L$25,4),IF(AND(H47>1999,H47<2002),VLOOKUP(I47,Feuil1!$G$11:$L$25,3),VLOOKUP(I47,Feuil1!$G$11:$L$25,2)))))))","v":"J62"},193.84268618793919,null," ",{"$f":"T47-HLOOKUP(X47,Feuil1!$C$1:$BL$10,2,FALSE)","v":42},{"$f":"T47-HLOOKUP(X47,Feuil1!$C$1:$BL$10,3,FALSE)","v":12},{"$f":"T47-HLOOKUP(X47,Feuil1!$C$1:$BL$10,4,FALSE)","v":-3},{"$f":"T47-HLOOKUP(X47,Feuil1!$C$1:$BL$10,5,FALSE)","v":-18},{"$f":"T47-HLOOKUP(X47,Feuil1!$C$1:$BL$10,6,FALSE)","v":-38},{"$f":"T47-HLOOKUP(X47,Feuil1!$C$1:$BL$10,7,FALSE)","v":-58},{"$f":"T47-HLOOKUP(X47,Feuil1!$C$1:$BL$10,8,FALSE)","v":-78},{"$f":"T47-HLOOKUP(X47,Feuil1!$C$1:$BL$10,9,FALSE)","v":-98},{"$f":"T47-HLOOKUP(X47,Feuil1!$C$1:$BL$10,10,FALSE)","v":-868},null,null,null,null,null,null,"DEP +"]
["H","SEST","RAL",22,302338,"GUYOT","Jonathan",1996,59.4,"Charlieu","F",48,53,56,56,69,74,-80,74,130,11.200000000000003,"DEP +",10,{"$f":"IF(I48=\"\",\"\",IF(A48=\"H\",IF(OR(H48=\"SEN\",H48<1995),VLOOKUP(I48,Feuil1!$A$11:$F$29,6),IF(AND(H48>1994,H48<1998),VLOOKUP(I48,Feuil1!$A$11:$F$29,5),IF(AND(H48>1997,H48<2000),VLOOKUP(I48,Feuil1!$A$11:$F$29,4),IF(AND(H48>1999,H48<2002),VLOOKUP(I48,Feuil1!$A$11:$F$29,3),VLOOKUP(I48,Feuil1!$A$11:$F$29,2))))),IF(OR(H48=\"SEN\",H48<1995),VLOOKUP(I48,Feuil1!$G$11:$L$25,6),IF(AND(H48>1994,H48<1998),VLOOKUP(I48,Feuil1!$G$11:$L$25,5),IF(AND(H48>1997,H48<2000),VLOOKUP(I48,Feuil1!$G$11:$L$25,4),IF(AND(H48>1999,H48<2002),VLOOKUP(I48,Feuil1!$G$11:$L$25,3),VLOOKUP(I48,Feuil1!$G$11:$L$25,2)))))))","v":"J62"},193.97042766557928,null," ",{"$f":"T48-HLOOKUP(X48,Feuil1!$C$1:$BL$10,2,FALSE)","v":40},{"$f":"T48-HLOOKUP(X48,Feuil1!$C$1:$BL$10,3,FALSE)","v":10},{"$f":"T48-HLOOKUP(X48,Feuil1!$C$1:$BL$10,4,FALSE)","v":-5},{"$f":"T48-HLOOKUP(X48,Feuil1!$C$1:$BL$10,5,FALSE)","v":-20},{"$f":"T48-HLOOKUP(X48,Feuil1!$C$1:$BL$10,6,FALSE)","v":-40},{"$f":"T48-HLOOKUP(X48,Feuil1!$C$1:$BL$10,7,FALSE)","v":-60},{"$f":"T48-HLOOKUP(X48,Feuil1!$C$1:$BL$10,8,FALSE)","v":-80},{"$f":"T48-HLOOKUP(X48,Feuil1!$C$1:$BL$10,9,FALSE)","v":-100},{"$f":"T48-HLOOKUP(X48,Feuil1!$C$1:$BL$10,10,FALSE)","v":-870},null,null,null,null,null,null,"DEP +"]
["H","N","IDF",23,286368,"MILLET","BRUNO",1997,60.3,"CHAVILLE","F",55,60,-62,60,65,-70,70,70,130,9.4000000000000057,"DEP +",10,{"$f":"IF(I49=\"\",\"\",IF(A49=\"H\",IF(OR(H49=\"SEN\",H49<1995),VLOOKUP(I49,Feuil1!$A$11:$F$29,6),IF(AND(H49>1994,H49<1998),VLOOKUP(I49,Feuil1!$A$11:$F$29,5),IF(AND(H49>1997,H49<2000),VLOOKUP(I49,Feuil1!$A$11:$F$29,4),IF(AND(H49>1999,H49<2002),VLOOKUP(I49,Feuil1!$A$11:$F$29,3),VLOOKUP(I49,Feuil1!$A$11:$F$29,2))))),IF(OR(H49=\"SEN\",H49<1995),VLOOKUP(I49,Feuil1!$G$11:$L$25,6),IF(AND(H49>1994,H49<1998),VLOOKUP(I49,Feuil1!$G$11:$L$25,5),IF(AND(H49>1997,H49<2000),VLOOKUP(I49,Feuil1!$G$11:$L$25,4),IF(AND(H49>1999,H49<2002),VLOOKUP(I49,Feuil1!$G$11:$L$25,3),VLOOKUP(I49,Feuil1!$G$11:$L$25,2)))))))","v":"J62"},191.82987768588092,null," ",{"$f":"T49-HLOOKUP(X49,Feuil1!$C$1:$BL$10,2,FALSE)","v":40},{"$f":"T49-HLOOKUP(X49,Feuil1!$C$1:$BL$10,3,FALSE)","v":10},{"$f":"T49-HLOOKUP(X49,Feuil1!$C$1:$BL$10,4,FALSE)","v":-5},{"$f":"T49-HLOOKUP(X49,Feuil1!$C$1:$BL$10,5,FALSE)","v":-20},{"$f":"T49-HLOOKUP(X49,Feuil1!$C$1:$BL$10,6,FALSE)","v":-40},{"$f":"T49-HLOOKUP(X49,Feuil1!$C$1:$BL$10,7,FALSE)","v":-60},{"$f":"T49-HLOOKUP(X49,Feuil1!$C$1:$BL$10,8,FALSE)","v":-80},{"$f":"T49-HLOOKUP(X49,Feuil1!$C$1:$BL$10,9,FALSE)","v":-100},{"$f":"T49-HLOOKUP(X49,Feuil1!$C$1:$BL$10,10,FALSE)","v":-870},null,null,null,null,null,null,"DEP +"]
["H","ZCO","BRE",24,390054,"DURAND","Maxime",1996,61.9,"CHM Plouhinec PR","F",52,55,57,57,63,68,71,71,128,4.2000000000000028,"DEP +",8,{"$f":"IF(I50=\"\",\"\",IF(A50=\"H\",IF(OR(H50=\"SEN\",H50<1995),VLOOKUP(I50,Feuil1!$A$11:$F$29,6),IF(AND(H50>1994,H50<1998),VLOOKUP(I50,Feuil1!$A$11:$F$29,5),IF(AND(H50>1997,H50<2000),VLOOKUP(I50,Feuil1!$A$11:$F$29,4),IF(AND(H50>1999,H50<2002),VLOOKUP(I50,Feuil1!$A$11:$F$29,3),VLOOKUP(I50,Feuil1!$A$11:$F$29,2))))),IF(OR(H50=\"SEN\",H50<1995),VLOOKUP(I50,Feuil1!$G$11:$L$25,6),IF(AND(H50>1994,H50<1998),VLOOKUP(I50,Feuil1!$G$11:$L$25,5),IF(AND(H50>1997,H50<2000),VLOOKUP(I50,Feuil1!$G$11:$L$25,4),IF(AND(H50>1999,H50<2002),VLOOKUP(I50,Feuil1!$G$11:$L$25,3),VLOOKUP(I50,Feuil1!$G$11:$L$25,2)))))))","v":"J62"},185.33266991853708,null," ",{"$f":"T50-HLOOKUP(X50,Feuil1!$C$1:$BL$10,2,FALSE)","v":38},{"$f":"T50-HLOOKUP(X50,Feuil1!$C$1:$BL$10,3,FALSE)","v":8},{"$f":"T50-HLOOKUP(X50,Feuil1!$C$1:$BL$10,4,FALSE)","v":-7},{"$f":"T50-HLOOKUP(X50,Feuil1!$C$1:$BL$10,5,FALSE)","v":-22},{"$f":"T50-HLOOKUP(X50,Feuil1!$C$1:$BL$10,6,FALSE)","v":-42},{"$f":"T50-HLOOKUP(X50,Feuil1!$C$1:$BL$10,7,FALSE)","v":-62},{"$f":"T50-HLOOKUP(X50,Feuil1!$C$1:$BL$10,8,FALSE)","v":-82},{"$f":"T50-HLOOKUP(X50,Feuil1!$C$1:$BL$10,9,FALSE)","v":-102},{"$f":"T50-HLOOKUP(X50,Feuil1!$C$1:$BL$10,10,FALSE)","v":-872},null,null,null,null,null,null,"DEP +"]
["H","NE","LOR",25,364230,"SALVAN","Émerick",1997,62,"E.S.LANEUVEVILLOISE","F",52,57,-60,57,68,71,-74,71,128,4,"DEP +",8,{"$f":"IF(I51=\"\",\"\",IF(A51=\"H\",IF(OR(H51=\"SEN\",H51<1995),VLOOKUP(I51,Feuil1!$A$11:$F$29,6),IF(AND(H51>1994,H51<1998),VLOOKUP(I51,Feuil1!$A$11:$F$29,5),IF(AND(H51>1997,H51<2000),VLOOKUP(I51,Feuil1!$A$11:$F$29,4),IF(AND(H51>1999,H51<2002),VLOOKUP(I51,Feuil1!$A$11:$F$29,3),VLOOKUP(I51,Feuil1!$A$11:$F$29,2))))),IF(OR(H51=\"SEN\",H51<1995),VLOOKUP(I51,Feuil1!$G$11:$L$25,6),IF(AND(H51>1994,H51<1998),VLOOKUP(I51,Feuil1!$G$11:$L$25,5),IF(AND(H51>1997,H51<2000),VLOOKUP(I51,Feuil1!$G$11:$L$25,4),IF(AND(H51>1999,H51<2002),VLOOKUP(I51,Feuil1!$G$11:$L$25,3),VLOOKUP(I51,Feuil1!$G$11:$L$25,2)))))))","v":"J62"},185.11915667791337,null," ",{"$f":"T51-HLOOKUP(X51,Feuil1!$C$1:$BL$10,2,FALSE)","v":38},{"$f":"T51-HLOOKUP(X51,Feuil1!$C$1:$BL$10,3,FALSE)","v":8},{"$f":"T51-HLOOKUP(X51,Feuil1!$C$1:$BL$10,4,FALSE)","v":-7},{"$f":"T51-HLOOKUP(X51,Feuil1!$C$1:$BL$10,5,FALSE)","v":-22},{"$f":"T51-HLOOKUP(X51,Feuil1!$C$1:$BL$10,6,FALSE)","v":-42},{"$f":"T51-HLOOKUP(X51,Feuil1!$C$1:$BL$10,7,FALSE)","v":-62},{"$f":"T51-HLOOKUP(X51,Feuil1!$C$1:$BL$10,8,FALSE)","v":-82},{"$f":"T51-HLOOKUP(X51,Feuil1!$C$1:$BL$10,9,FALSE)","v":-102},{"$f":"T51-HLOOKUP(X51,Feuil1!$C$1:$BL$10,10,FALSE)","v":-872},null,null,null,null,null,null,"DEP +"]
["H","NE","ALS",26,347188,"BUGNA LAMBERT","LUCAS",1996,61.3,"MJC Ungersheim","F",50,-55,55,55,65,70,-75,70,125,2.4000000000000057,"DEP +",5,{"$f":"IF(I52=\"\",\"\",IF(A52=\"H\",IF(OR(H52=\"SEN\",H52<1995),VLOOKUP(I52,Feuil1!$A$11:$F$29,6),IF(AND(H52>1994,H52<1998),VLOOKUP(I52,Feuil1!$A$11:$F$29,5),IF(AND(H52>1997,H52<2000),VLOOKUP(I52,Feuil1!$A$11:$F$29,4),IF(AND(H52>1999,H52<2002),VLOOKUP(I52,Feuil1!$A$11:$F$29,3),VLOOKUP(I52,Feuil1!$A$11:$F$29,2))))),IF(OR(H52=\"SEN\",H52<1995),VLOOKUP(I52,Feuil1!$G$11:$L$25,6),IF(AND(H52>1994,H52<1998),VLOOKUP(I52,Feuil1!$G$11:$L$25,5),IF(AND(H52>1997,H52<2000),VLOOKUP(I52,Feuil1!$G$11:$L$25,4),IF(AND(H52>1999,H52<2002),VLOOKUP(I52,Feuil1!$G$11:$L$25,3),VLOOKUP(I52,Feuil1!$G$11:$L$25,2)))))))","v":"J62"},182.25917509639947,null," ",{"$f":"T52-HLOOKUP(X52,Feuil1!$C$1:$BL$10,2,FALSE)","v":35},{"$f":"T52-HLOOKUP(X52,Feuil1!$C$1:$BL$10,3,FALSE)","v":5},{"$f":"T52-HLOOKUP(X52,Feuil1!$C$1:$BL$10,4,FALSE)","v":-10},{"$f":"T52-HLOOKUP(X52,Feuil1!$C$1:$BL$10,5,FALSE)","v":-25},{"$f":"T52-HLOOKUP(X52,Feuil1!$C$1:$BL$10,6,FALSE)","v":-45},{"$f":"T52-HLOOKUP(X52,Feuil1!$C$1:$BL$10,7,FALSE)","v":-65},{"$f":"T52-HLOOKUP(X52,Feuil1!$C$1:$BL$10,8,FALSE)","v":-85},{"$f":"T52-HLOOKUP(X52,Feuil1!$C$1:$BL$10,9,FALSE)","v":-105},{"$f":"T52-HLOOKUP(X52,Feuil1!$C$1:$BL$10,10,FALSE)","v":-875},null,null,null,null,null,null,"DEP +"]
["H","NE","BOU",27,369902,"CAVAL","Loic",1995,60.6,"HC Avallon","F",46,50,-52,50,63,67,70,70,120,-1.2000000000000028,"DEP +",0,{"$f":"IF(I53=\"\",\"\",IF(A53=\"H\",IF(OR(H53=\"SEN\",H53<1995),VLOOKUP(I53,Feuil1!$A$11:$F$29,6),IF(AND(H53>1994,H53<1998),VLOOKUP(I53,Feuil1!$A$11:$F$29,5),IF(AND(H53>1997,H53<2000),VLOOKUP(I53,Feuil1!$A$11:$F$29,4),IF(AND(H53>1999,H53<2002),VLOOKUP(I53,Feuil1!$A$11:$F$29,3),VLOOKUP(I53,Feuil1!$A$11:$F$29,2))))),IF(OR(H53=\"SEN\",H53<1995),VLOOKUP(I53,Feuil1!$G$11:$L$25,6),IF(AND(H53>1994,H53<1998),VLOOKUP(I53,Feuil1!$G$11:$L$25,5),IF(AND(H53>1997,H53<2000),VLOOKUP(I53,Feuil1!$G$11:$L$25,4),IF(AND(H53>1999,H53<2002),VLOOKUP(I53,Feuil1!$G$11:$L$25,3),VLOOKUP(I53,Feuil1!$G$11:$L$25,2)))))))","v":"J62"},176.43248944791009,null," ",{"$f":"T53-HLOOKUP(X53,Feuil1!$C$1:$BL$10,2,FALSE)","v":30},{"$f":"T53-HLOOKUP(X53,Feuil1!$C$1:$BL$10,3,FALSE)","v":0},{"$f":"T53-HLOOKUP(X53,Feuil1!$C$1:$BL$10,4,FALSE)","v":-15},{"$f":"T53-HLOOKUP(X53,Feuil1!$C$1:$BL$10,5,FALSE)","v":-30},{"$f":"T53-HLOOKUP(X53,Feuil1!$C$1:$BL$10,6,FALSE)","v":-50},{"$f":"T53-HLOOKUP(X53,Feuil1!$C$1:$BL$10,7,FALSE)","v":-70},{"$f":"T53-HLOOKUP(X53,Feuil1!$C$1:$BL$10,8,FALSE)","v":-90},{"$f":"T53-HLOOKUP(X53,Feuil1!$C$1:$BL$10,9,FALSE)","v":-110},{"$f":"T53-HLOOKUP(X53,Feuil1!$C$1:$BL$10,10,FALSE)","v":-880},null,null,null,null,null,null,"DEP +"]
["H","N","IDF",28,377072,"TRAN-NHO","GEORGES",1996,62,"FRANCONVILLE","F",48,51,-53,51,60,69,-71,69,120,-4,"DEP +",0,{"$f":"IF(I54=\"\",\"\",IF(A54=\"H\",IF(OR(H54=\"SEN\",H54<1995),VLOOKUP(I54,Feuil1!$A$11:$F$29,6),IF(AND(H54>1994,H54<1998),VLOOKUP(I54,Feuil1!$A$11:$F$29,5),IF(AND(H54>1997,H54<2000),VLOOKUP(I54,Feuil1!$A$11:$F$29,4),IF(AND(H54>1999,H54<2002),VLOOKUP(I54,Feuil1!$A$11:$F$29,3),VLOOKUP(I54,Feuil1!$A$11:$F$29,2))))),IF(OR(H54=\"SEN\",H54<1995),VLOOKUP(I54,Feuil1!$G$11:$L$25,6),IF(AND(H54>1994,H54<1998),VLOOKUP(I54,Feuil1!$G$11:$L$25,5),IF(AND(H54>1997,H54<2000),VLOOKUP(I54,Feuil1!$G$11:$L$25,4),IF(AND(H54>1999,H54<2002),VLOOKUP(I54,Feuil1!$G$11:$L$25,3),VLOOKUP(I54,Feuil1!$G$11:$L$25,2)))))))","v":"J62"},173.54920938554378,null," ",{"$f":"T54-HLOOKUP(X54,Feuil1!$C$1:$BL$10,2,FALSE)","v":30},{"$f":"T54-HLOOKUP(X54,Feuil1!$C$1:$BL$10,3,FALSE)","v":0},{"$f":"T54-HLOOKUP(X54,Feuil1!$C$1:$BL$10,4,FALSE)","v":-15},{"$f":"T54-HLOOKUP(X54,Feuil1!$C$1:$BL$10,5,FALSE)","v":-30},{"$f":"T54-HLOOKUP(X54,Feuil1!$C$1:$BL$10,6,FALSE)","v":-50},{"$f":"T54-HLOOKUP(X54,Feuil1!$C$1:$BL$10,7,FALSE)","v":-70},{"$f":"T54-HLOOKUP(X54,Feuil1!$C$1:$BL$10,8,FALSE)","v":-90},{"$f":"T54-HLOOKUP(X54,Feuil1!$C$1:$BL$10,9,FALSE)","v":-110},{"$f":"T54-HLOOKUP(X54,Feuil1!$C$1:$BL$10,10,FALSE)","v":-880},null,null,null,null,null,null,"DEP +"]
["H","N","IDF",29,385267,"KADRI","ISSAM",1997,60.7,"GENNEVILLIERS","F",37,41,45,45,50,55,58,58,103,-18.400000000000006,"DEB ",13,{"$f":"IF(I55=\"\",\"\",IF(A55=\"H\",IF(OR(H55=\"SEN\",H55<1995),VLOOKUP(I55,Feuil1!$A$11:$F$29,6),IF(AND(H55>1994,H55<1998),VLOOKUP(I55,Feuil1!$A$11:$F$29,5),IF(AND(H55>1997,H55<2000),VLOOKUP(I55,Feuil1!$A$11:$F$29,4),IF(AND(H55>1999,H55<2002),VLOOKUP(I55,Feuil1!$A$11:$F$29,3),VLOOKUP(I55,Feuil1!$A$11:$F$29,2))))),IF(OR(H55=\"SEN\",H55<1995),VLOOKUP(I55,Feuil1!$G$11:$L$25,6),IF(AND(H55>1994,H55<1998),VLOOKUP(I55,Feuil1!$G$11:$L$25,5),IF(AND(H55>1997,H55<2000),VLOOKUP(I55,Feuil1!$G$11:$L$25,4),IF(AND(H55>1999,H55<2002),VLOOKUP(I55,Feuil1!$G$11:$L$25,3),VLOOKUP(I55,Feuil1!$G$11:$L$25,2)))))))","v":"J62"},151.25603543452831,null," ",{"$f":"T55-HLOOKUP(X55,Feuil1!$C$1:$BL$10,2,FALSE)","v":13},{"$f":"T55-HLOOKUP(X55,Feuil1!$C$1:$BL$10,3,FALSE)","v":-17},{"$f":"T55-HLOOKUP(X55,Feuil1!$C$1:$BL$10,4,FALSE)","v":-32},{"$f":"T55-HLOOKUP(X55,Feuil1!$C$1:$BL$10,5,FALSE)","v":-47},{"$f":"T55-HLOOKUP(X55,Feuil1!$C$1:$BL$10,6,FALSE)","v":-67},{"$f":"T55-HLOOKUP(X55,Feuil1!$C$1:$BL$10,7,FALSE)","v":-87},{"$f":"T55-HLOOKUP(X55,Feuil1!$C$1:$BL$10,8,FALSE)","v":-107},{"$f":"T55-HLOOKUP(X55,Feuil1!$C$1:$BL$10,9,FALSE)","v":-127},{"$f":"T55-HLOOKUP(X55,Feuil1!$C$1:$BL$10,10,FALSE)","v":-897},null,null,null,null,null,null,"DEB "]
["H","NE","BOU",30,383593,"LACOUR ","Benoit",1996,62,"varennes vauzelles","F",40,-43,43,43,50,53,56,56,99,-25,"DEB ",9,{"$f":"IF(I56=\"\",\"\",IF(A56=\"H\",IF(OR(H56=\"SEN\",H56<1995),VLOOKUP(I56,Feuil1!$A$11:$F$29,6),IF(AND(H56>1994,H56<1998),VLOOKUP(I56,Feuil1!$A$11:$F$29,5),IF(AND(H56>1997,H56<2000),VLOOKUP(I56,Feuil1!$A$11:$F$29,4),IF(AND(H56>1999,H56<2002),VLOOKUP(I56,Feuil1!$A$11:$F$29,3),VLOOKUP(I56,Feuil1!$A$11:$F$29,2))))),IF(OR(H56=\"SEN\",H56<1995),VLOOKUP(I56,Feuil1!$G$11:$L$25,6),IF(AND(H56>1994,H56<1998),VLOOKUP(I56,Feuil1!$G$11:$L$25,5),IF(AND(H56>1997,H56<2000),VLOOKUP(I56,Feuil1!$G$11:$L$25,4),IF(AND(H56>1999,H56<2002),VLOOKUP(I56,Feuil1!$G$11:$L$25,3),VLOOKUP(I56,Feuil1!$G$11:$L$25,2)))))))","v":"J62"},143.17809774307361,null," ",{"$f":"T56-HLOOKUP(X56,Feuil1!$C$1:$BL$10,2,FALSE)","v":9},{"$f":"T56-HLOOKUP(X56,Feuil1!$C$1:$BL$10,3,FALSE)","v":-21},{"$f":"T56-HLOOKUP(X56,Feuil1!$C$1:$BL$10,4,FALSE)","v":-36},{"$f":"T56-HLOOKUP(X56,Feuil1!$C$1:$BL$10,5,FALSE)","v":-51},{"$f":"T56-HLOOKUP(X56,Feuil1!$C$1:$BL$10,6,FALSE)","v":-71},{"$f":"T56-HLOOKUP(X56,Feuil1!$C$1:$BL$10,7,FALSE)","v":-91},{"$f":"T56-HLOOKUP(X56,Feuil1!$C$1:$BL$10,8,FALSE)","v":-111},{"$f":"T56-HLOOKUP(X56,Feuil1!$C$1:$BL$10,9,FALSE)","v":-131},{"$f":"T56-HLOOKUP(X56,Feuil1!$C$1:$BL$10,10,FALSE)","v":-901},null,null,null,null,null,null,"DEB "]
["H","N","IDF",31,378752,"AMASH","SALIH",1997,62,"FRANCONVILLE","F",38,41,43,43,47,52,54,54,97,-27,"DEB ",7,{"$f":"IF(I57=\"\",\"\",IF(A57=\"H\",IF(OR(H57=\"SEN\",H57<1995),VLOOKUP(I57,Feuil1!$A$11:$F$29,6),IF(AND(H57>1994,H57<1998),VLOOKUP(I57,Feuil1!$A$11:$F$29,5),IF(AND(H57>1997,H57<2000),VLOOKUP(I57,Feuil1!$A$11:$F$29,4),IF(AND(H57>1999,H57<2002),VLOOKUP(I57,Feuil1!$A$11:$F$29,3),VLOOKUP(I57,Feuil1!$A$11:$F$29,2))))),IF(OR(H57=\"SEN\",H57<1995),VLOOKUP(I57,Feuil1!$G$11:$L$25,6),IF(AND(H57>1994,H57<1998),VLOOKUP(I57,Feuil1!$G$11:$L$25,5),IF(AND(H57>1997,H57<2000),VLOOKUP(I57,Feuil1!$G$11:$L$25,4),IF(AND(H57>1999,H57<2002),VLOOKUP(I57,Feuil1!$G$11:$L$25,3),VLOOKUP(I57,Feuil1!$G$11:$L$25,2)))))))","v":"J62"},140.28561091998122,null," ",{"$f":"T57-HLOOKUP(X57,Feuil1!$C$1:$BL$10,2,FALSE)","v":7},{"$f":"T57-HLOOKUP(X57,Feuil1!$C$1:$BL$10,3,FALSE)","v":-23},{"$f":"T57-HLOOKUP(X57,Feuil1!$C$1:$BL$10,4,FALSE)","v":-38},{"$f":"T57-HLOOKUP(X57,Feuil1!$C$1:$BL$10,5,FALSE)","v":-53},{"$f":"T57-HLOOKUP(X57,Feuil1!$C$1:$BL$10,6,FALSE)","v":-73},{"$f":"T57-HLOOKUP(X57,Feuil1!$C$1:$BL$10,7,FALSE)","v":-93},{"$f":"T57-HLOOKUP(X57,Feuil1!$C$1:$BL$10,8,FALSE)","v":-113},{"$f":"T57-HLOOKUP(X57,Feuil1!$C$1:$BL$10,9,FALSE)","v":-133},{"$f":"T57-HLOOKUP(X57,Feuil1!$C$1:$BL$10,10,FALSE)","v":-903},null,null,null,null,null,null,"DEB "]
["H","NE","ALS",32,378206,"MARTZ","LOGAN",1996,61.2,"CHM Andlau","F",35,38,41,41,42,47,-52,47,88,-34.400000000000006,"DEB ",-2,{"$f":"IF(I58=\"\",\"\",IF(A58=\"H\",IF(OR(H58=\"SEN\",H58<1995),VLOOKUP(I58,Feuil1!$A$11:$F$29,6),IF(AND(H58>1994,H58<1998),VLOOKUP(I58,Feuil1!$A$11:$F$29,5),IF(AND(H58>1997,H58<2000),VLOOKUP(I58,Feuil1!$A$11:$F$29,4),IF(AND(H58>1999,H58<2002),VLOOKUP(I58,Feuil1!$A$11:$F$29,3),VLOOKUP(I58,Feuil1!$A$11:$F$29,2))))),IF(OR(H58=\"SEN\",H58<1995),VLOOKUP(I58,Feuil1!$G$11:$L$25,6),IF(AND(H58>1994,H58<1998),VLOOKUP(I58,Feuil1!$G$11:$L$25,5),IF(AND(H58>1997,H58<2000),VLOOKUP(I58,Feuil1!$G$11:$L$25,4),IF(AND(H58>1999,H58<2002),VLOOKUP(I58,Feuil1!$G$11:$L$25,3),VLOOKUP(I58,Feuil1!$G$11:$L$25,2)))))))","v":"J62"},128.46178709103572,null," ",{"$f":"T58-HLOOKUP(X58,Feuil1!$C$1:$BL$10,2,FALSE)","v":-2},{"$f":"T58-HLOOKUP(X58,Feuil1!$C$1:$BL$10,3,FALSE)","v":-32},{"$f":"T58-HLOOKUP(X58,Feuil1!$C$1:$BL$10,4,FALSE)","v":-47},{"$f":"T58-HLOOKUP(X58,Feuil1!$C$1:$BL$10,5,FALSE)","v":-62},{"$f":"T58-HLOOKUP(X58,Feuil1!$C$1:$BL$10,6,FALSE)","v":-82},{"$f":"T58-HLOOKUP(X58,Feuil1!$C$1:$BL$10,7,FALSE)","v":-102},{"$f":"T58-HLOOKUP(X58,Feuil1!$C$1:$BL$10,8,FALSE)","v":-122},{"$f":"T58-HLOOKUP(X58,Feuil1!$C$1:$BL$10,9,FALSE)","v":-142},{"$f":"T58-HLOOKUP(X58,Feuil1!$C$1:$BL$10,10,FALSE)","v":-912},null,null,null,null,null,null,"DEB "]
["H","N","IDF",33,378750,"LECADRE","VALENTIN",1997,56.9,"FRANCONVILLE","F",15,20,23,23,20,23,25,25,48,-65.8,"DEB ",-42,{"$f":"IF(I59=\"\",\"\",IF(A59=\"H\",IF(OR(H59=\"SEN\",H59<1995),VLOOKUP(I59,Feuil1!$A$11:$F$29,6),IF(AND(H59>1994,H59<1998),VLOOKUP(I59,Feuil1!$A$11:$F$29,5),IF(AND(H59>1997,H59<2000),VLOOKUP(I59,Feuil1!$A$11:$F$29,4),IF(AND(H59>1999,H59<2002),VLOOKUP(I59,Feuil1!$A$11:$F$29,3),VLOOKUP(I59,Feuil1!$A$11:$F$29,2))))),IF(OR(H59=\"SEN\",H59<1995),VLOOKUP(I59,Feuil1!$G$11:$L$25,6),IF(AND(H59>1994,H59<1998),VLOOKUP(I59,Feuil1!$G$11:$L$25,5),IF(AND(H59>1997,H59<2000),VLOOKUP(I59,Feuil1!$G$11:$L$25,4),IF(AND(H59>1999,H59<2002),VLOOKUP(I59,Feuil1!$G$11:$L$25,3),VLOOKUP(I59,Feuil1!$G$11:$L$25,2)))))))","v":"J62"},73.992447865644493,null," ",{"$f":"T59-HLOOKUP(X59,Feuil1!$C$1:$BL$10,2,FALSE)","v":-42},{"$f":"T59-HLOOKUP(X59,Feuil1!$C$1:$BL$10,3,FALSE)","v":-72},{"$f":"T59-HLOOKUP(X59,Feuil1!$C$1:$BL$10,4,FALSE)","v":-87},{"$f":"T59-HLOOKUP(X59,Feuil1!$C$1:$BL$10,5,FALSE)","v":-102},{"$f":"T59-HLOOKUP(X59,Feuil1!$C$1:$BL$10,6,FALSE)","v":-122},{"$f":"T59-HLOOKUP(X59,Feuil1!$C$1:$BL$10,7,FALSE)","v":-142},{"$f":"T59-HLOOKUP(X59,Feuil1!$C$1:$BL$10,8,FALSE)","v":-162},{"$f":"T59-HLOOKUP(X59,Feuil1!$C$1:$BL$10,9,FALSE)","v":-182},{"$f":"T59-HLOOKUP(X59,Feuil1!$C$1:$BL$10,10,FALSE)","v":-952},null,null,null,null,null,null,"DEB "]
[null,null,null,null,null,null,null,null,null,null,null,null,null,null,null,null,null,null,null,null,null,null,null,null,null,null," ",{"$f":"T60-HLOOKUP(X60,[1]Feuil1!$C$1:$BL$10,2,FALSE)","v":{"$error":"#N/A"}},{"$f":"T60-HLOOKUP(X60,[1]Feuil1!$C$1:$BL$10,3,FALSE)","v":{"$error":"#N/A"}},{"$f":"T60-HLOOKUP(X60,[1]Feuil1!$C$1:$BL$10,4,FALSE)","v":{"$error":"#N/A"}},{"$f":"T60-HLOOKUP(X60,[1]Feuil1!$C$1:$BL$10,5,FALSE)","v":{"$error":"#N/A"}},{"$f":"T60-HLOOKUP(X60,[1]Feuil1!$C$1:$BL$10,6,FALSE)","v":{"$error":"#N/A"}},{"$f":"T60-HLOOKUP(X60,[1]Feuil1!$C$1:$BL$10,7,FALSE)","v":{"$error":"#N/A"}},{"$f":"T60-HLOOKUP(X60,[1]Feuil1!$C$1:$BL$10,8,FALSE)","v":{"$error":"#N/A"}},{"$f":"T60-HLOOKUP(X60,[1]Feuil1!$C$1:$BL$10,9,FALSE)","v":{"$error":"#N/A"}},{"$f":"T60-HLOOKUP(X60,[1]Feuil1!$C$1:$BL$10,10,FALSE)","v":{"$error":"#N/A"}},null,null,null,null,null,null,{"$f":"IF(AJ60>=0,$AJ$4,IF(AI60>=0,$AI$4,IF(AH60>=0,$AH$4,IF(AG60>=0,$AG$4,IF(AF60>=0,$AF$4,IF(AE60>=0,$AE$4,IF(AD60>=0,$AD$4,IF(AC60>=0,$AC$4,$AB$4))))))))","v":{"$error":"#N/A"}}]
["H","NE","FCO",1,258286,"DA SILVA","Luka",1997,67.95,"LF Besançon","F",-103,103,108,{"$f":"IF(H61=\"\",\"\",IF(MAXA(L61:N61)<=0,0,MAXA(L61:N61)))","v":108},120,127,-133,{"$f":"IF(H61=\"\",\"\",IF(MAXA(P61:R61)<=0,0,MAXA(P61:R61)))","v":127},{"$f":"IF(H61=\"\",\"\",IF(OR(O61=0,S61=0),0,O61+S61))","v":235},{"$f":"T61-I61*2","v":99.1},{"$f":"IF(H61=\"\",\"\",AQ61)","v":"NAT +"},{"$f":"IF(AJ61>=0,AJ61,IF(AI61>=0,AI61,IF(AH61>=0,AH61,IF(AG61>=0,AG61,IF(AF61>=0,AF61,IF(AE61>=0,AE61,IF(AD61>=0,AD61,IF(AC61>=0,AC61,AB61))))))))","v":15},{"$f":"IF(I61=\"\",\"\",IF(A61=\"H\",IF(OR(H61=\"SEN\",H61<1995),VLOOKUP(I61,Feuil1!$A$11:$F$29,6),IF(AND(H61>1994,H61<1998),VLOOKUP(I61,Feuil1!$A$11:$F$29,5),IF(AND(H61>1997,H61<2000),VLOOKUP(I61,Feuil1!$A$11:$F$29,4),IF(AND(H61>1999,H61<2002),VLOOKUP(I61,Feuil1!$A$11:$F$29,3),VLOOKUP(I61,Feuil1!$A$11:$F$29,2))))),IF(OR(H61=\"SEN\",H61<1995),VLOOKUP(I61,Feuil1!$G$11:$L$25,6),IF(AND(H61>1994,H61<1998),VLOOKUP(I61,Feuil1!$G$11:$L$25,5),IF(AND(H61>1997,H61<2000),VLOOKUP(I61,Feuil1!$G$11:$L$25,4),IF(AND(H61>1999,H61<2002),VLOOKUP(I61,Feuil1!$G$11:$L$25,3),VLOOKUP(I61,Feuil1!$G$11:$L$25,2)))))))","v":"J69"},{"$f":"IF(I61=\"\",\"\",IF(A61=\"H\",10^(0.794358141*LOG(I61/174.393)^2)*T61,IF(A61=\"F\",10^(0.89726074*LOG(I61/148.026)^2)*T61,\"\")))","v":319.27847248512506},null," ",{"$f":"T61-HLOOKUP(X61,Feuil1!$C$1:$BL$10,2,FALSE)","v":125},{"$f":"T61-HLOOKUP(X61,Feuil1!$C$1:$BL$10,3,FALSE)","v":105},{"$f":"T61-HLOOKUP(X61,Feuil1!$C$1:$BL$10,4,FALSE)","v":85},{"$f":"T61-HLOOKUP(X61,Feuil1!$C$1:$BL$10,5,FALSE)","v":65},{"$f":"T61-HLOOKUP(X61,Feuil1!$C$1:$BL$10,6,FALSE)","v":45},{"$f":"T61-HLOOKUP(X61,Feuil1!$C$1:$BL$10,7,FALSE)","v":15},{"$f":"T61-HLOOKUP(X61,Feuil1!$C$1:$BL$10,8,FALSE)","v":-5},{"$f":"T61-HLOOKUP(X61,Feuil1!$C$1:$BL$10,9,FALSE)","v":-15},{"$f":"T61-HLOOKUP(X61,Feuil1!$C$1:$BL$10,10,FALSE)","v":-765},null,null,null,null,null,null,{"$f":"IF(AJ61>=0,$AJ$4,IF(AI61>=0,$AI$4,IF(AH61>=0,$AH$4,IF(AG61>=0,$AG$4,IF(AF61>=0,$AF$4,IF(AE61>=0,$AE$4,IF(AD61>=0,$AD$4,IF(AC61>=0,$AC$4,$AB$4))))))))","v":"NAT +"}]
["H","ZCO","BRE",2,247499,"BOUGET","Alexandre",1996,68,"CHM Plouhinec PR","F",101,104,106,106,125,-130,-130,125,231,95,"NAT +",11,{"$f":"IF(I62=\"\",\"\",IF(A62=\"H\",IF(OR(H62=\"SEN\",H62<1995),VLOOKUP(I62,Feuil1!$A$11:$F$29,6),IF(AND(H62>1994,H62<1998),VLOOKUP(I62,Feuil1!$A$11:$F$29,5),IF(AND(H62>1997,H62<2000),VLOOKUP(I62,Feuil1!$A$11:$F$29,4),IF(AND(H62>1999,H62<2002),VLOOKUP(I62,Feuil1!$A$11:$F$29,3),VLOOKUP(I62,Feuil1!$A$11:$F$29,2))))),IF(OR(H62=\"SEN\",H62<1995),VLOOKUP(I62,Feuil1!$G$11:$L$25,6),IF(AND(H62>1994,H62<1998),VLOOKUP(I62,Feuil1!$G$11:$L$25,5),IF(AND(H62>1997,H62<2000),VLOOKUP(I62,Feuil1!$G$11:$L$25,4),IF(AND(H62>1999,H62<2002),VLOOKUP(I62,Feuil1!$G$11:$L$25,3),VLOOKUP(I62,Feuil1!$G$11:$L$25,2)))))))","v":"J69"},313.69391072623927,null," ",{"$f":"T62-HLOOKUP(X62,Feuil1!$C$1:$BL$10,2,FALSE)","v":121},{"$f":"T62-HLOOKUP(X62,Feuil1!$C$1:$BL$10,3,FALSE)","v":101},{"$f":"T62-HLOOKUP(X62,Feuil1!$C$1:$BL$10,4,FALSE)","v":81},{"$f":"T62-HLOOKUP(X62,Feuil1!$C$1:$BL$10,5,FALSE)","v":61},{"$f":"T62-HLOOKUP(X62,Feuil1!$C$1:$BL$10,6,FALSE)","v":41},{"$f":"T62-HLOOKUP(X62,Feuil1!$C$1:$BL$10,7,FALSE)","v":11},{"$f":"T62-HLOOKUP(X62,Feuil1!$C$1:$BL$10,8,FALSE)","v":-9},{"$f":"T62-HLOOKUP(X62,Feuil1!$C$1:$BL$10,9,FALSE)","v":-19},{"$f":"T62-HLOOKUP(X62,Feuil1!$C$1:$BL$10,10,FALSE)","v":-769},null,null,null,null,null,null,"NAT +"]
["H","CO","BNO",3,169489,"COISNARD","José",1995,67.900000000000006,"Caen CHM","F",102,110,-113,110,112,-118,120,120,230,94.199999999999989,"NAT +",10,{"$f":"IF(I63=\"\",\"\",IF(A63=\"H\",IF(OR(H63=\"SEN\",H63<1995),VLOOKUP(I63,Feuil1!$A$11:$F$29,6),IF(AND(H63>1994,H63<1998),VLOOKUP(I63,Feuil1!$A$11:$F$29,5),IF(AND(H63>1997,H63<2000),VLOOKUP(I63,Feuil1!$A$11:$F$29,4),IF(AND(H63>1999,H63<2002),VLOOKUP(I63,Feuil1!$A$11:$F$29,3),VLOOKUP(I63,Feuil1!$A$11:$F$29,2))))),IF(OR(H63=\"SEN\",H63<1995),VLOOKUP(I63,Feuil1!$G$11:$L$25,6),IF(AND(H63>1994,H63<1998),VLOOKUP(I63,Feuil1!$G$11:$L$25,5),IF(AND(H63>1997,H63<2000),VLOOKUP(I63,Feuil1!$G$11:$L$25,4),IF(AND(H63>1999,H63<2002),VLOOKUP(I63,Feuil1!$G$11:$L$25,3),VLOOKUP(I63,Feuil1!$G$11:$L$25,2)))))))","v":"J69"},312.63499689335561,null," ",{"$f":"T63-HLOOKUP(X63,Feuil1!$C$1:$BL$10,2,FALSE)","v":120},{"$f":"T63-HLOOKUP(X63,Feuil1!$C$1:$BL$10,3,FALSE)","v":100},{"$f":"T63-HLOOKUP(X63,Feuil1!$C$1:$BL$10,4,FALSE)","v":80},{"$f":"T63-HLOOKUP(X63,Feuil1!$C$1:$BL$10,5,FALSE)","v":60},{"$f":"T63-HLOOKUP(X63,Feuil1!$C$1:$BL$10,6,FALSE)","v":40},{"$f":"T63-HLOOKUP(X63,Feuil1!$C$1:$BL$10,7,FALSE)","v":10},{"$f":"T63-HLOOKUP(X63,Feuil1!$C$1:$BL$10,8,FALSE)","v":-10},{"$f":"T63-HLOOKUP(X63,Feuil1!$C$1:$BL$10,9,FALSE)","v":-20},{"$f":"T63-HLOOKUP(X63,Feuil1!$C$1:$BL$10,10,FALSE)","v":-770},null,null,null,null,null,null,"NAT +"]
["H","N","IDF",4,335580,"FARDEL","MARVIN",1996,68.400000000000006,"FRANCONVILLE","F",100,104,-106,104,-123,-123,125,125,229,92.199999999999989,"NAT +",9,{"$f":"IF(I64=\"\",\"\",IF(A64=\"H\",IF(OR(H64=\"SEN\",H64<1995),VLOOKUP(I64,Feuil1!$A$11:$F$29,6),IF(AND(H64>1994,H64<1998),VLOOKUP(I64,Feuil1!$A$11:$F$29,5),IF(AND(H64>1997,H64<2000),VLOOKUP(I64,Feuil1!$A$11:$F$29,4),IF(AND(H64>1999,H64<2002),VLOOKUP(I64,Feuil1!$A$11:$F$29,3),VLOOKUP(I64,Feuil1!$A$11:$F$29,2))))),IF(OR(H64=\"SEN\",H64<1995),VLOOKUP(I64,Feuil1!$G$11:$L$25,6),IF(AND(H64>1994,H64<1998),VLOOKUP(I64,Feuil1!$G$11:$L$25,5),IF(AND(H64>1997,H64<2000),VLOOKUP(I64,Feuil1!$G$11:$L$25,4),IF(AND(H64>1999,H64<2002),VLOOKUP(I64,Feuil1!$G$11:$L$25,3),VLOOKUP(I64,Feuil1!$G$11:$L$25,2)))))))","v":"J69"},309.79866236569154,null," ",{"$f":"T64-HLOOKUP(X64,Feuil1!$C$1:$BL$10,2,FALSE)","v":119},{"$f":"T64-HLOOKUP(X64,Feuil1!$C$1:$BL$10,3,FALSE)","v":99},{"$f":"T64-HLOOKUP(X64,Feuil1!$C$1:$BL$10,4,FALSE)","v":79},{"$f":"T64-HLOOKUP(X64,Feuil1!$C$1:$BL$10,5,FALSE)","v":59},{"$f":"T64-HLOOKUP(X64,Feuil1!$C$1:$BL$10,6,FALSE)","v":39},{"$f":"T64-HLOOKUP(X64,Feuil1!$C$1:$BL$10,7,FALSE)","v":9},{"$f":"T64-HLOOKUP(X64,Feuil1!$C$1:$BL$10,8,FALSE)","v":-11},{"$f":"T64-HLOOKUP(X64,Feuil1!$C$1:$BL$10,9,FALSE)","v":-21},{"$f":"T64-HLOOKUP(X64,Feuil1!$C$1:$BL$10,10,FALSE)","v":-771},null,null,null,null,null,null,"NAT +"]
["H","N","IDF",5,320289,"PAUL","JILL",1996,65,"NEUILLY","F",95,-100,100,100,120,125,"-",125,225,95,"NAT +",5,{"$f":"IF(I65=\"\",\"\",IF(A65=\"H\",IF(OR(H65=\"SEN\",H65<1995),VLOOKUP(I65,Feuil1!$A$11:$F$29,6),IF(AND(H65>1994,H65<1998),VLOOKUP(I65,Feuil1!$A$11:$F$29,5),IF(AND(H65>1997,H65<2000),VLOOKUP(I65,Feuil1!$A$11:$F$29,4),IF(AND(H65>1999,H65<2002),VLOOKUP(I65,Feuil1!$A$11:$F$29,3),VLOOKUP(I65,Feuil1!$A$11:$F$29,2))))),IF(OR(H65=\"SEN\",H65<1995),VLOOKUP(I65,Feuil1!$G$11:$L$25,6),IF(AND(H65>1994,H65<1998),VLOOKUP(I65,Feuil1!$G$11:$L$25,5),IF(AND(H65>1997,H65<2000),VLOOKUP(I65,Feuil1!$G$11:$L$25,4),IF(AND(H65>1999,H65<2002),VLOOKUP(I65,Feuil1!$G$11:$L$25,3),VLOOKUP(I65,Feuil1!$G$11:$L$25,2)))))))","v":"J69"},314.85831969123848,null," ",{"$f":"T65-HLOOKUP(X65,Feuil1!$C$1:$BL$10,2,FALSE)","v":115},{"$f":"T65-HLOOKUP(X65,Feuil1!$C$1:$BL$10,3,FALSE)","v":95},{"$f":"T65-HLOOKUP(X65,Feuil1!$C$1:$BL$10,4,FALSE)","v":75},{"$f":"T65-HLOOKUP(X65,Feuil1!$C$1:$BL$10,5,FALSE)","v":55},{"$f":"T65-HLOOKUP(X65,Feuil1!$C$1:$BL$10,6,FALSE)","v":35},{"$f":"T65-HLOOKUP(X65,Feuil1!$C$1:$BL$10,7,FALSE)","v":5},{"$f":"T65-HLOOKUP(X65,Feuil1!$C$1:$BL$10,8,FALSE)","v":-15},{"$f":"T65-HLOOKUP(X65,Feuil1!$C$1:$BL$10,9,FALSE)","v":-25},{"$f":"T65-HLOOKUP(X65,Feuil1!$C$1:$BL$10,10,FALSE)","v":-775},null,null,null,null,null,null,"NAT +"]
["H","NE","ALS",6,188738,"JACQUEL","FLORIAN",1995,68.8,"SHC Haguenau","F",95,100,-102,100,116,120,123,123,223,85.4,"NAT +",3,{"$f":"IF(I66=\"\",\"\",IF(A66=\"H\",IF(OR(H66=\"SEN\",H66<1995),VLOOKUP(I66,Feuil1!$A$11:$F$29,6),IF(AND(H66>1994,H66<1998),VLOOKUP(I66,Feuil1!$A$11:$F$29,5),IF(AND(H66>1997,H66<2000),VLOOKUP(I66,Feuil1!$A$11:$F$29,4),IF(AND(H66>1999,H66<2002),VLOOKUP(I66,Feuil1!$A$11:$F$29,3),VLOOKUP(I66,Feuil1!$A$11:$F$29,2))))),IF(OR(H66=\"SEN\",H66<1995),VLOOKUP(I66,Feuil1!$G$11:$L$25,6),IF(AND(H66>1994,H66<1998),VLOOKUP(I66,Feuil1!$G$11:$L$25,5),IF(AND(H66>1997,H66<2000),VLOOKUP(I66,Feuil1!$G$11:$L$25,4),IF(AND(H66>1999,H66<2002),VLOOKUP(I66,Feuil1!$G$11:$L$25,3),VLOOKUP(I66,Feuil1!$G$11:$L$25,2)))))))","v":"J69"},300.55136555885144,null," ",{"$f":"T66-HLOOKUP(X66,Feuil1!$C$1:$BL$10,2,FALSE)","v":113},{"$f":"T66-HLOOKUP(X66,Feuil1!$C$1:$BL$10,3,FALSE)","v":93},{"$f":"T66-HLOOKUP(X66,Feuil1!$C$1:$BL$10,4,FALSE)","v":73},{"$f":"T66-HLOOKUP(X66,Feuil1!$C$1:$BL$10,5,FALSE)","v":53},{"$f":"T66-HLOOKUP(X66,Feuil1!$C$1:$BL$10,6,FALSE)","v":33},{"$f":"T66-HLOOKUP(X66,Feuil1!$C$1:$BL$10,7,FALSE)","v":3},{"$f":"T66-HLOOKUP(X66,Feuil1!$C$1:$BL$10,8,FALSE)","v":-17},{"$f":"T66-HLOOKUP(X66,Feuil1!$C$1:$BL$10,9,FALSE)","v":-27},{"$f":"T66-HLOOKUP(X66,Feuil1!$C$1:$BL$10,10,FALSE)","v":-777},null,null,null,null,null,null,"NAT +"]
["H","N","IDF",7,318054,"ARNOU-MEUNIER","KILLIAN",1997,64.400000000000006,"SAINT-MAUR","F",85,90,-93,90,120,125,-130,125,215,86.199999999999989,"FED +",25,{"$f":"IF(I67=\"\",\"\",IF(A67=\"H\",IF(OR(H67=\"SEN\",H67<1995),VLOOKUP(I67,Feuil1!$A$11:$F$29,6),IF(AND(H67>1994,H67<1998),VLOOKUP(I67,Feuil1!$A$11:$F$29,5),IF(AND(H67>1997,H67<2000),VLOOKUP(I67,Feuil1!$A$11:$F$29,4),IF(AND(H67>1999,H67<2002),VLOOKUP(I67,Feuil1!$A$11:$F$29,3),VLOOKUP(I67,Feuil1!$A$11:$F$29,2))))),IF(OR(H67=\"SEN\",H67<1995),VLOOKUP(I67,Feuil1!$G$11:$L$25,6),IF(AND(H67>1994,H67<1998),VLOOKUP(I67,Feuil1!$G$11:$L$25,5),IF(AND(H67>1997,H67<2000),VLOOKUP(I67,Feuil1!$G$11:$L$25,4),IF(AND(H67>1999,H67<2002),VLOOKUP(I67,Feuil1!$G$11:$L$25,3),VLOOKUP(I67,Feuil1!$G$11:$L$25,2)))))))","v":"J69"},302.7795324061467,null," ",{"$f":"T67-HLOOKUP(X67,Feuil1!$C$1:$BL$10,2,FALSE)","v":105},{"$f":"T67-HLOOKUP(X67,Feuil1!$C$1:$BL$10,3,FALSE)","v":85},{"$f":"T67-HLOOKUP(X67,Feuil1!$C$1:$BL$10,4,FALSE)","v":65},{"$f":"T67-HLOOKUP(X67,Feuil1!$C$1:$BL$10,5,FALSE)","v":45},{"$f":"T67-HLOOKUP(X67,Feuil1!$C$1:$BL$10,6,FALSE)","v":25},{"$f":"T67-HLOOKUP(X67,Feuil1!$C$1:$BL$10,7,FALSE)","v":-5},{"$f":"T67-HLOOKUP(X67,Feuil1!$C$1:$BL$10,8,FALSE)","v":-25},{"$f":"T67-HLOOKUP(X67,Feuil1!$C$1:$BL$10,9,FALSE)","v":-35},{"$f":"T67-HLOOKUP(X67,Feuil1!$C$1:$BL$10,10,FALSE)","v":-785},null,null,null,null,null,null,"FED +"]
["H","CO","CEN",8,193777,"COT","Benjamin",1996,67.8,"US Tours","F",90,95,100,100,105,110,115,115,215,79.400000000000006,"FED +",25,{"$f":"IF(I68=\"\",\"\",IF(A68=\"H\",IF(OR(H68=\"SEN\",H68<1995),VLOOKUP(I68,Feuil1!$A$11:$F$29,6),IF(AND(H68>1994,H68<1998),VLOOKUP(I68,Feuil1!$A$11:$F$29,5),IF(AND(H68>1997,H68<2000),VLOOKUP(I68,Feuil1!$A$11:$F$29,4),IF(AND(H68>1999,H68<2002),VLOOKUP(I68,Feuil1!$A$11:$F$29,3),VLOOKUP(I68,Feuil1!$A$11:$F$29,2))))),IF(OR(H68=\"SEN\",H68<1995),VLOOKUP(I68,Feuil1!$G$11:$L$25,6),IF(AND(H68>1994,H68<1998),VLOOKUP(I68,Feuil1!$G$11:$L$25,5),IF(AND(H68>1997,H68<2000),VLOOKUP(I68,Feuil1!$G$11:$L$25,4),IF(AND(H68>1999,H68<2002),VLOOKUP(I68,Feuil1!$G$11:$L$25,3),VLOOKUP(I68,Feuil1!$G$11:$L$25,2)))))))","v":"J69"},292.52644038148696,null," ",{"$f":"T68-HLOOKUP(X68,Feuil1!$C$1:$BL$10,2,FALSE)","v":105},{"$f":"T68-HLOOKUP(X68,Feuil1!$C$1:$BL$10,3,FALSE)","v":85},{"$f":"T68-HLOOKUP(X68,Feuil1!$C$1:$BL$10,4,FALSE)","v":65},{"$f":"T68-HLOOKUP(X68,Feuil1!$C$1:$BL$10,5,FALSE)","v":45},{"$f":"T68-HLOOKUP(X68,Feuil1!$C$1:$BL$10,6,FALSE)","v":25},{"$f":"T68-HLOOKUP(X68,Feuil1!$C$1:$BL$10,7,FALSE)","v":-5},{"$f":"T68-HLOOKUP(X68,Feuil1!$C$1:$BL$10,8,FALSE)","v":-25},{"$f":"T68-HLOOKUP(X68,Feuil1!$C$1:$BL$10,9,FALSE)","v":-35},{"$f":"T68-HLOOKUP(X68,Feuil1!$C$1:$BL$10,10,FALSE)","v":-785},null,null,null,null,null,null,"FED +"]
["H","NORD","NPC",9,225360,"PAPEGAY","Florian",1995,65.599999999999994,"ST POL SUR MER","F",88,93,-97,93,113,118,-121,118,211,79.800000000000011,"FED +",21,{"$f":"IF(I69=\"\",\"\",IF(A69=\"H\",IF(OR(H69=\"SEN\",H69<1995),VLOOKUP(I69,Feuil1!$A$11:$F$29,6),IF(AND(H69>1994,H69<1998),VLOOKUP(I69,Feuil1!$A$11:$F$29,5),IF(AND(H69>1997,H69<2000),VLOOKUP(I69,Feuil1!$A$11:$F$29,4),IF(AND(H69>1999,H69<2002),VLOOKUP(I69,Feuil1!$A$11:$F$29,3),VLOOKUP(I69,Feuil1!$A$11:$F$29,2))))),IF(OR(H69=\"SEN\",H69<1995),VLOOKUP(I69,Feuil1!$G$11:$L$25,6),IF(AND(H69>1994,H69<1998),VLOOKUP(I69,Feuil1!$G$11:$L$25,5),IF(AND(H69>1997,H69<2000),VLOOKUP(I69,Feuil1!$G$11:$L$25,4),IF(AND(H69>1999,H69<2002),VLOOKUP(I69,Feuil1!$G$11:$L$25,3),VLOOKUP(I69,Feuil1!$G$11:$L$25,2)))))))","v":"J69"},293.43400807169292,null," ",{"$f":"T69-HLOOKUP(X69,Feuil1!$C$1:$BL$10,2,FALSE)","v":101},{"$f":"T69-HLOOKUP(X69,Feuil1!$C$1:$BL$10,3,FALSE)","v":81},{"$f":"T69-HLOOKUP(X69,Feuil1!$C$1:$BL$10,4,FALSE)","v":61},{"$f":"T69-HLOOKUP(X69,Feuil1!$C$1:$BL$10,5,FALSE)","v":41},{"$f":"T69-HLOOKUP(X69,Feuil1!$C$1:$BL$10,6,FALSE)","v":21},{"$f":"T69-HLOOKUP(X69,Feuil1!$C$1:$BL$10,7,FALSE)","v":-9},{"$f":"T69-HLOOKUP(X69,Feuil1!$C$1:$BL$10,8,FALSE)","v":-29},{"$f":"T69-HLOOKUP(X69,Feuil1!$C$1:$BL$10,9,FALSE)","v":-39},{"$f":"T69-HLOOKUP(X69,Feuil1!$C$1:$BL$10,10,FALSE)","v":-789},null,null,null,null,null,null,"FED +"]
["H","NE","FCO",10,268097,"BOYRAZ","Gokan",1995,67.599999999999994,"CH Luxeuil","F",91,95,-98,95,110,115,-120,115,210,74.800000000000011,"FED +",20,{"$f":"IF(I70=\"\",\"\",IF(A70=\"H\",IF(OR(H70=\"SEN\",H70<1995),VLOOKUP(I70,Feuil1!$A$11:$F$29,6),IF(AND(H70>1994,H70<1998),VLOOKUP(I70,Feuil1!$A$11:$F$29,5),IF(AND(H70>1997,H70<2000),VLOOKUP(I70,Feuil1!$A$11:$F$29,4),IF(AND(H70>1999,H70<2002),VLOOKUP(I70,Feuil1!$A$11:$F$29,3),VLOOKUP(I70,Feuil1!$A$11:$F$29,2))))),IF(OR(H70=\"SEN\",H70<1995),VLOOKUP(I70,Feuil1!$G$11:$L$25,6),IF(AND(H70>1994,H70<1998),VLOOKUP(I70,Feuil1!$G$11:$L$25,5),IF(AND(H70>1997,H70<2000),VLOOKUP(I70,Feuil1!$G$11:$L$25,4),IF(AND(H70>1999,H70<2002),VLOOKUP(I70,Feuil1!$G$11:$L$25,3),VLOOKUP(I70,Feuil1!$G$11:$L$25,2)))))))","v":"J69"},286.27510993342298,null," ",{"$f":"T70-HLOOKUP(X70,Feuil1!$C$1:$BL$10,2,FALSE)","v":100},{"$f":"T70-HLOOKUP(X70,Feuil1!$C$1:$BL$10,3,FALSE)","v":80},{"$f":"T70-HLOOKUP(X70,Feuil1!$C$1:$BL$10,4,FALSE)","v":60},{"$f":"T70-HLOOKUP(X70,Feuil1!$C$1:$BL$10,5,FALSE)","v":40},{"$f":"T70-HLOOKUP(X70,Feuil1!$C$1:$BL$10,6,FALSE)","v":20},{"$f":"T70-HLOOKUP(X70,Feuil1!$C$1:$BL$10,7,FALSE)","v":-10},{"$f":"T70-HLOOKUP(X70,Feuil1!$C$1:$BL$10,8,FALSE)","v":-30},{"$f":"T70-HLOOKUP(X70,Feuil1!$C$1:$BL$10,9,FALSE)","v":-40},{"$f":"T70-HLOOKUP(X70,Feuil1!$C$1:$BL$10,10,FALSE)","v":-790},null,null,null,null,null,null,"FED +"]
["H","NE","CHA",11,246843,"RENAUT","Guillaume",1997,67.739999999999995,"Langres HM","F",-88,88,-90,88,105,110,113,113,201,65.52000000000001,"FED +",11,{"$f":"IF(I71=\"\",\"\",IF(A71=\"H\",IF(OR(H71=\"SEN\",H71<1995),VLOOKUP(I71,Feuil1!$A$11:$F$29,6),IF(AND(H71>1994,H71<1998),VLOOKUP(I71,Feuil1!$A$11:$F$29,5),IF(AND(H71>1997,H71<2000),VLOOKUP(I71,Feuil1!$A$11:$F$29,4),IF(AND(H71>1999,H71<2002),VLOOKUP(I71,Feuil1!$A$11:$F$29,3),VLOOKUP(I71,Feuil1!$A$11:$F$29,2))))),IF(OR(H71=\"SEN\",H71<1995),VLOOKUP(I71,Feuil1!$G$11:$L$25,6),IF(AND(H71>1994,H71<1998),VLOOKUP(I71,Feuil1!$G$11:$L$25,5),IF(AND(H71>1997,H71<2000),VLOOKUP(I71,Feuil1!$G$11:$L$25,4),IF(AND(H71>1999,H71<2002),VLOOKUP(I71,Feuil1!$G$11:$L$25,3),VLOOKUP(I71,Feuil1!$G$11:$L$25,2)))))))","v":"J69"},273.63615447101478,null," ",{"$f":"T71-HLOOKUP(X71,Feuil1!$C$1:$BL$10,2,FALSE)","v":91},{"$f":"T71-HLOOKUP(X71,Feuil1!$C$1:$BL$10,3,FALSE)","v":71},{"$f":"T71-HLOOKUP(X71,Feuil1!$C$1:$BL$10,4,FALSE)","v":51},{"$f":"T71-HLOOKUP(X71,Feuil1!$C$1:$BL$10,5,FALSE)","v":31},{"$f":"T71-HLOOKUP(X71,Feuil1!$C$1:$BL$10,6,FALSE)","v":11},{"$f":"T71-HLOOKUP(X71,Feuil1!$C$1:$BL$10,7,FALSE)","v":-19},{"$f":"T71-HLOOKUP(X71,Feuil1!$C$1:$BL$10,8,FALSE)","v":-39},{"$f":"T71-HLOOKUP(X71,Feuil1!$C$1:$BL$10,9,FALSE)","v":-49},{"$f":"T71-HLOOKUP(X71,Feuil1!$C$1:$BL$10,10,FALSE)","v":-799},null,null,null,null,null,null,"FED +"]
["H","NE","ALS",12,311235,"HUYNH","PHUONG",1995,68.78,"SA Koenigshoffen","F",-80,80,85,85,103,110,115,115,200,62.44,"FED +",10,{"$f":"IF(I72=\"\",\"\",IF(A72=\"H\",IF(OR(H72=\"SEN\",H72<1995),VLOOKUP(I72,Feuil1!$A$11:$F$29,6),IF(AND(H72>1994,H72<1998),VLOOKUP(I72,Feuil1!$A$11:$F$29,5),IF(AND(H72>1997,H72<2000),VLOOKUP(I72,Feuil1!$A$11:$F$29,4),IF(AND(H72>1999,H72<2002),VLOOKUP(I72,Feuil1!$A$11:$F$29,3),VLOOKUP(I72,Feuil1!$A$11:$F$29,2))))),IF(OR(H72=\"SEN\",H72<1995),VLOOKUP(I72,Feuil1!$G$11:$L$25,6),IF(AND(H72>1994,H72<1998),VLOOKUP(I72,Feuil1!$G$11:$L$25,5),IF(AND(H72>1997,H72<2000),VLOOKUP(I72,Feuil1!$G$11:$L$25,4),IF(AND(H72>1999,H72<2002),VLOOKUP(I72,Feuil1!$G$11:$L$25,3),VLOOKUP(I72,Feuil1!$G$11:$L$25,2)))))))","v":"J69"},269.60310033898151,null," ",{"$f":"T72-HLOOKUP(X72,Feuil1!$C$1:$BL$10,2,FALSE)","v":90},{"$f":"T72-HLOOKUP(X72,Feuil1!$C$1:$BL$10,3,FALSE)","v":70},{"$f":"T72-HLOOKUP(X72,Feuil1!$C$1:$BL$10,4,FALSE)","v":50},{"$f":"T72-HLOOKUP(X72,Feuil1!$C$1:$BL$10,5,FALSE)","v":30},{"$f":"T72-HLOOKUP(X72,Feuil1!$C$1:$BL$10,6,FALSE)","v":10},{"$f":"T72-HLOOKUP(X72,Feuil1!$C$1:$BL$10,7,FALSE)","v":-20},{"$f":"T72-HLOOKUP(X72,Feuil1!$C$1:$BL$10,8,FALSE)","v":-40},{"$f":"T72-HLOOKUP(X72,Feuil1!$C$1:$BL$10,9,FALSE)","v":-50},{"$f":"T72-HLOOKUP(X72,Feuil1!$C$1:$BL$10,10,FALSE)","v":-800},null,null,null,null,null,null,"FED +"]
["H","NORD","NPC",13,265172,"SCHOLAERT","Thomas",1996,65,"O.GRANDE SYNTHE","F",80,85,88,88,102,108,110,110,198,68,"FED +",8,{"$f":"IF(I73=\"\",\"\",IF(A73=\"H\",IF(OR(H73=\"SEN\",H73<1995),VLOOKUP(I73,Feuil1!$A$11:$F$29,6),IF(AND(H73>1994,H73<1998),VLOOKUP(I73,Feuil1!$A$11:$F$29,5),IF(AND(H73>1997,H73<2000),VLOOKUP(I73,Feuil1!$A$11:$F$29,4),IF(AND(H73>1999,H73<2002),VLOOKUP(I73,Feuil1!$A$11:$F$29,3),VLOOKUP(I73,Feuil1!$A$11:$F$29,2))))),IF(OR(H73=\"SEN\",H73<1995),VLOOKUP(I73,Feuil1!$G$11:$L$25,6),IF(AND(H73>1994,H73<1998),VLOOKUP(I73,Feuil1!$G$11:$L$25,5),IF(AND(H73>1997,H73<2000),VLOOKUP(I73,Feuil1!$G$11:$L$25,4),IF(AND(H73>1999,H73<2002),VLOOKUP(I73,Feuil1!$G$11:$L$25,3),VLOOKUP(I73,Feuil1!$G$11:$L$25,2)))))))","v":"J69"},277.07532132828987,null," ",{"$f":"T73-HLOOKUP(X73,Feuil1!$C$1:$BL$10,2,FALSE)","v":88},{"$f":"T73-HLOOKUP(X73,Feuil1!$C$1:$BL$10,3,FALSE)","v":68},{"$f":"T73-HLOOKUP(X73,Feuil1!$C$1:$BL$10,4,FALSE)","v":48},{"$f":"T73-HLOOKUP(X73,Feuil1!$C$1:$BL$10,5,FALSE)","v":28},{"$f":"T73-HLOOKUP(X73,Feuil1!$C$1:$BL$10,6,FALSE)","v":8},{"$f":"T73-HLOOKUP(X73,Feuil1!$C$1:$BL$10,7,FALSE)","v":-22},{"$f":"T73-HLOOKUP(X73,Feuil1!$C$1:$BL$10,8,FALSE)","v":-42},{"$f":"T73-HLOOKUP(X73,Feuil1!$C$1:$BL$10,9,FALSE)","v":-52},{"$f":"T73-HLOOKUP(X73,Feuil1!$C$1:$BL$10,10,FALSE)","v":-802},null,null,null,null,null,null,"FED +"]
["H","SO","MPY",14,325338,"CHARRON","Clément",1995,68.989999999999995,"COLOMIERS US","F",80,84,87,87,105,110,-113,110,197,59.02000000000001,"FED +",7,{"$f":"IF(I74=\"\",\"\",IF(A74=\"H\",IF(OR(H74=\"SEN\",H74<1995),VLOOKUP(I74,Feuil1!$A$11:$F$29,6),IF(AND(H74>1994,H74<1998),VLOOKUP(I74,Feuil1!$A$11:$F$29,5),IF(AND(H74>1997,H74<2000),VLOOKUP(I74,Feuil1!$A$11:$F$29,4),IF(AND(H74>1999,H74<2002),VLOOKUP(I74,Feuil1!$A$11:$F$29,3),VLOOKUP(I74,Feuil1!$A$11:$F$29,2))))),IF(OR(H74=\"SEN\",H74<1995),VLOOKUP(I74,Feuil1!$G$11:$L$25,6),IF(AND(H74>1994,H74<1998),VLOOKUP(I74,Feuil1!$G$11:$L$25,5),IF(AND(H74>1997,H74<2000),VLOOKUP(I74,Feuil1!$G$11:$L$25,4),IF(AND(H74>1999,H74<2002),VLOOKUP(I74,Feuil1!$G$11:$L$25,3),VLOOKUP(I74,Feuil1!$G$11:$L$25,2)))))))","v":"J69"},265.04070826444928,null," ",{"$f":"T74-HLOOKUP(X74,Feuil1!$C$1:$BL$10,2,FALSE)","v":87},{"$f":"T74-HLOOKUP(X74,Feuil1!$C$1:$BL$10,3,FALSE)","v":67},{"$f":"T74-HLOOKUP(X74,Feuil1!$C$1:$BL$10,4,FALSE)","v":47},{"$f":"T74-HLOOKUP(X74,Feuil1!$C$1:$BL$10,5,FALSE)","v":27},{"$f":"T74-HLOOKUP(X74,Feuil1!$C$1:$BL$10,6,FALSE)","v":7},{"$f":"T74-HLOOKUP(X74,Feuil1!$C$1:$BL$10,7,FALSE)","v":-23},{"$f":"T74-HLOOKUP(X74,Feuil1!$C$1:$BL$10,8,FALSE)","v":-43},{"$f":"T74-HLOOKUP(X74,Feuil1!$C$1:$BL$10,9,FALSE)","v":-53},{"$f":"T74-HLOOKUP(X74,Feuil1!$C$1:$BL$10,10,FALSE)","v":-803},null,null,null,null,null,null,"FED +"]
["H","SO","MPY",15,222054,"JIMENEZ","Valentin",1995,62.7,"TOULOUSE HC","F",80,-85,85,85,105,-110,110,110,195,69.599999999999994,"FED +",5,{"$f":"IF(I75=\"\",\"\",IF(A75=\"H\",IF(OR(H75=\"SEN\",H75<1995),VLOOKUP(I75,Feuil1!$A$11:$F$29,6),IF(AND(H75>1994,H75<1998),VLOOKUP(I75,Feuil1!$A$11:$F$29,5),IF(AND(H75>1997,H75<2000),VLOOKUP(I75,Feuil1!$A$11:$F$29,4),IF(AND(H75>1999,H75<2002),VLOOKUP(I75,Feuil1!$A$11:$F$29,3),VLOOKUP(I75,Feuil1!$A$11:$F$29,2))))),IF(OR(H75=\"SEN\",H75<1995),VLOOKUP(I75,Feuil1!$G$11:$L$25,6),IF(AND(H75>1994,H75<1998),VLOOKUP(I75,Feuil1!$G$11:$L$25,5),IF(AND(H75>1997,H75<2000),VLOOKUP(I75,Feuil1!$G$11:$L$25,4),IF(AND(H75>1999,H75<2002),VLOOKUP(I75,Feuil1!$G$11:$L$25,3),VLOOKUP(I75,Feuil1!$G$11:$L$25,2)))))))","v":"J69"},279.77938888128597,null," ",{"$f":"T75-HLOOKUP(X75,Feuil1!$C$1:$BL$10,2,FALSE)","v":85},{"$f":"T75-HLOOKUP(X75,Feuil1!$C$1:$BL$10,3,FALSE)","v":65},{"$f":"T75-HLOOKUP(X75,Feuil1!$C$1:$BL$10,4,FALSE)","v":45},{"$f":"T75-HLOOKUP(X75,Feuil1!$C$1:$BL$10,5,FALSE)","v":25},{"$f":"T75-HLOOKUP(X75,Feuil1!$C$1:$BL$10,6,FALSE)","v":5},{"$f":"T75-HLOOKUP(X75,Feuil1!$C$1:$BL$10,7,FALSE)","v":-25},{"$f":"T75-HLOOKUP(X75,Feuil1!$C$1:$BL$10,8,FALSE)","v":-45},{"$f":"T75-HLOOKUP(X75,Feuil1!$C$1:$BL$10,9,FALSE)","v":-55},{"$f":"T75-HLOOKUP(X75,Feuil1!$C$1:$BL$10,10,FALSE)","v":-805},null,null,null,null,null,null,"FED +"]
["H","NORD","NPC",16,378539,"DELEPLACE","Nicolas",1995,68.599999999999994,"CAHC BERCK/MER","F",85,88,90,90,100,105,-109,105,195,57.800000000000011,"FED +",5,{"$f":"IF(I76=\"\",\"\",IF(A76=\"H\",IF(OR(H76=\"SEN\",H76<1995),VLOOKUP(I76,Feuil1!$A$11:$F$29,6),IF(AND(H76>1994,H76<1998),VLOOKUP(I76,Feuil1!$A$11:$F$29,5),IF(AND(H76>1997,H76<2000),VLOOKUP(I76,Feuil1!$A$11:$F$29,4),IF(AND(H76>1999,H76<2002),VLOOKUP(I76,Feuil1!$A$11:$F$29,3),VLOOKUP(I76,Feuil1!$A$11:$F$29,2))))),IF(OR(H76=\"SEN\",H76<1995),VLOOKUP(I76,Feuil1!$G$11:$L$25,6),IF(AND(H76>1994,H76<1998),VLOOKUP(I76,Feuil1!$G$11:$L$25,5),IF(AND(H76>1997,H76<2000),VLOOKUP(I76,Feuil1!$G$11:$L$25,4),IF(AND(H76>1999,H76<2002),VLOOKUP(I76,Feuil1!$G$11:$L$25,3),VLOOKUP(I76,Feuil1!$G$11:$L$25,2)))))))","v":"J69"},263.30620813408694,null," ",{"$f":"T76-HLOOKUP(X76,Feuil1!$C$1:$BL$10,2,FALSE)","v":85},{"$f":"T76-HLOOKUP(X76,Feuil1!$C$1:$BL$10,3,FALSE)","v":65},{"$f":"T76-HLOOKUP(X76,Feuil1!$C$1:$BL$10,4,FALSE)","v":45},{"$f":"T76-HLOOKUP(X76,Feuil1!$C$1:$BL$10,5,FALSE)","v":25},{"$f":"T76-HLOOKUP(X76,Feuil1!$C$1:$BL$10,6,FALSE)","v":5},{"$f":"T76-HLOOKUP(X76,Feuil1!$C$1:$BL$10,7,FALSE)","v":-25},{"$f":"T76-HLOOKUP(X76,Feuil1!$C$1:$BL$10,8,FALSE)","v":-45},{"$f":"T76-HLOOKUP(X76,Feuil1!$C$1:$BL$10,9,FALSE)","v":-55},{"$f":"T76-HLOOKUP(X76,Feuil1!$C$1:$BL$10,10,FALSE)","v":-805},null,null,null,null,null,null,"FED +"]
["H","SO","MPY",17,226978,"LICCIARDI","Kévin",1995,69,"FIGEAC HC","F",80,85,88,88,100,105,-108,105,193,55,"FED +",3,{"$f":"IF(I77=\"\",\"\",IF(A77=\"H\",IF(OR(H77=\"SEN\",H77<1995),VLOOKUP(I77,Feuil1!$A$11:$F$29,6),IF(AND(H77>1994,H77<1998),VLOOKUP(I77,Feuil1!$A$11:$F$29,5),IF(AND(H77>1997,H77<2000),VLOOKUP(I77,Feuil1!$A$11:$F$29,4),IF(AND(H77>1999,H77<2002),VLOOKUP(I77,Feuil1!$A$11:$F$29,3),VLOOKUP(I77,Feuil1!$A$11:$F$29,2))))),IF(OR(H77=\"SEN\",H77<1995),VLOOKUP(I77,Feuil1!$G$11:$L$25,6),IF(AND(H77>1994,H77<1998),VLOOKUP(I77,Feuil1!$G$11:$L$25,5),IF(AND(H77>1997,H77<2000),VLOOKUP(I77,Feuil1!$G$11:$L$25,4),IF(AND(H77>1999,H77<2002),VLOOKUP(I77,Feuil1!$G$11:$L$25,3),VLOOKUP(I77,Feuil1!$G$11:$L$25,2)))))))","v":"J69"},259.6350938277601,null," ",{"$f":"T77-HLOOKUP(X77,Feuil1!$C$1:$BL$10,2,FALSE)","v":83},{"$f":"T77-HLOOKUP(X77,Feuil1!$C$1:$BL$10,3,FALSE)","v":63},{"$f":"T77-HLOOKUP(X77,Feuil1!$C$1:$BL$10,4,FALSE)","v":43},{"$f":"T77-HLOOKUP(X77,Feuil1!$C$1:$BL$10,5,FALSE)","v":23},{"$f":"T77-HLOOKUP(X77,Feuil1!$C$1:$BL$10,6,FALSE)","v":3},{"$f":"T77-HLOOKUP(X77,Feuil1!$C$1:$BL$10,7,FALSE)","v":-27},{"$f":"T77-HLOOKUP(X77,Feuil1!$C$1:$BL$10,8,FALSE)","v":-47},{"$f":"T77-HLOOKUP(X77,Feuil1!$C$1:$BL$10,9,FALSE)","v":-57},{"$f":"T77-HLOOKUP(X77,Feuil1!$C$1:$BL$10,10,FALSE)","v":-807},null,null,null,null,null,null,"FED +"]
["H","CO","PDL",18,250977,"SEVIN","Vincent",1995,62.9,"CA Evron 53","F",77,82,85,85,97,102,105,105,190,64.2,"FED +",0,{"$f":"IF(I78=\"\",\"\",IF(A78=\"H\",IF(OR(H78=\"SEN\",H78<1995),VLOOKUP(I78,Feuil1!$A$11:$F$29,6),IF(AND(H78>1994,H78<1998),VLOOKUP(I78,Feuil1!$A$11:$F$29,5),IF(AND(H78>1997,H78<2000),VLOOKUP(I78,Feuil1!$A$11:$F$29,4),IF(AND(H78>1999,H78<2002),VLOOKUP(I78,Feuil1!$A$11:$F$29,3),VLOOKUP(I78,Feuil1!$A$11:$F$29,2))))),IF(OR(H78=\"SEN\",H78<1995),VLOOKUP(I78,Feuil1!$G$11:$L$25,6),IF(AND(H78>1994,H78<1998),VLOOKUP(I78,Feuil1!$G$11:$L$25,5),IF(AND(H78>1997,H78<2000),VLOOKUP(I78,Feuil1!$G$11:$L$25,4),IF(AND(H78>1999,H78<2002),VLOOKUP(I78,Feuil1!$G$11:$L$25,3),VLOOKUP(I78,Feuil1!$G$11:$L$25,2)))))))","v":"J69"},271.99443819023998,null," ",{"$f":"T78-HLOOKUP(X78,Feuil1!$C$1:$BL$10,2,FALSE)","v":80},{"$f":"T78-HLOOKUP(X78,Feuil1!$C$1:$BL$10,3,FALSE)","v":60},{"$f":"T78-HLOOKUP(X78,Feuil1!$C$1:$BL$10,4,FALSE)","v":40},{"$f":"T78-HLOOKUP(X78,Feuil1!$C$1:$BL$10,5,FALSE)","v":20},{"$f":"T78-HLOOKUP(X78,Feuil1!$C$1:$BL$10,6,FALSE)","v":0},{"$f":"T78-HLOOKUP(X78,Feuil1!$C$1:$BL$10,7,FALSE)","v":-30},{"$f":"T78-HLOOKUP(X78,Feuil1!$C$1:$BL$10,8,FALSE)","v":-50},{"$f":"T78-HLOOKUP(X78,Feuil1!$C$1:$BL$10,9,FALSE)","v":-60},{"$f":"T78-HLOOKUP(X78,Feuil1!$C$1:$BL$10,10,FALSE)","v":-810},null,null,null,null,null,null,"FED +"]
["H","ZCO","BRE",19,195240,"GNOINSKI","Antoine",1996,63.8,"ES Saint Avé","F",75,80,85,85,96,100,105,105,190,62.400000000000006,"FED +",0,{"$f":"IF(I79=\"\",\"\",IF(A79=\"H\",IF(OR(H79=\"SEN\",H79<1995),VLOOKUP(I79,Feuil1!$A$11:$F$29,6),IF(AND(H79>1994,H79<1998),VLOOKUP(I79,Feuil1!$A$11:$F$29,5),IF(AND(H79>1997,H79<2000),VLOOKUP(I79,Feuil1!$A$11:$F$29,4),IF(AND(H79>1999,H79<2002),VLOOKUP(I79,Feuil1!$A$11:$F$29,3),VLOOKUP(I79,Feuil1!$A$11:$F$29,2))))),IF(OR(H79=\"SEN\",H79<1995),VLOOKUP(I79,Feuil1!$G$11:$L$25,6),IF(AND(H79>1994,H79<1998),VLOOKUP(I79,Feuil1!$G$11:$L$25,5),IF(AND(H79>1997,H79<2000),VLOOKUP(I79,Feuil1!$G$11:$L$25,4),IF(AND(H79>1999,H79<2002),VLOOKUP(I79,Feuil1!$G$11:$L$25,3),VLOOKUP(I79,Feuil1!$G$11:$L$25,2)))))))","v":"J69"},269.30782885197527,null," ",{"$f":"T79-HLOOKUP(X79,Feuil1!$C$1:$BL$10,2,FALSE)","v":80},{"$f":"T79-HLOOKUP(X79,Feuil1!$C$1:$BL$10,3,FALSE)","v":60},{"$f":"T79-HLOOKUP(X79,Feuil1!$C$1:$BL$10,4,FALSE)","v":40},{"$f":"T79-HLOOKUP(X79,Feuil1!$C$1:$BL$10,5,FALSE)","v":20},{"$f":"T79-HLOOKUP(X79,Feuil1!$C$1:$BL$10,6,FALSE)","v":0},{"$f":"T79-HLOOKUP(X79,Feuil1!$C$1:$BL$10,7,FALSE)","v":-30},{"$f":"T79-HLOOKUP(X79,Feuil1!$C$1:$BL$10,8,FALSE)","v":-50},{"$f":"T79-HLOOKUP(X79,Feuil1!$C$1:$BL$10,9,FALSE)","v":-60},{"$f":"T79-HLOOKUP(X79,Feuil1!$C$1:$BL$10,10,FALSE)","v":-810},null,null,null,null,null,null,"FED +"]
["H","NORD","NPC",20,359842,"REMBAUVILLE","Paul",1997,68,"C.A.ROSENDAEL","F",80,84,-86,84,95,100,105,105,189,53,"IRG +",19,{"$f":"IF(I80=\"\",\"\",IF(A80=\"H\",IF(OR(H80=\"SEN\",H80<1995),VLOOKUP(I80,Feuil1!$A$11:$F$29,6),IF(AND(H80>1994,H80<1998),VLOOKUP(I80,Feuil1!$A$11:$F$29,5),IF(AND(H80>1997,H80<2000),VLOOKUP(I80,Feuil1!$A$11:$F$29,4),IF(AND(H80>1999,H80<2002),VLOOKUP(I80,Feuil1!$A$11:$F$29,3),VLOOKUP(I80,Feuil1!$A$11:$F$29,2))))),IF(OR(H80=\"SEN\",H80<1995),VLOOKUP(I80,Feuil1!$G$11:$L$25,6),IF(AND(H80>1994,H80<1998),VLOOKUP(I80,Feuil1!$G$11:$L$25,5),IF(AND(H80>1997,H80<2000),VLOOKUP(I80,Feuil1!$G$11:$L$25,4),IF(AND(H80>1999,H80<2002),VLOOKUP(I80,Feuil1!$G$11:$L$25,3),VLOOKUP(I80,Feuil1!$G$11:$L$25,2)))))))","v":"J69"},256.65865423055942,null," ",{"$f":"T80-HLOOKUP(X80,Feuil1!$C$1:$BL$10,2,FALSE)","v":79},{"$f":"T80-HLOOKUP(X80,Feuil1!$C$1:$BL$10,3,FALSE)","v":59},{"$f":"T80-HLOOKUP(X80,Feuil1!$C$1:$BL$10,4,FALSE)","v":39},{"$f":"T80-HLOOKUP(X80,Feuil1!$C$1:$BL$10,5,FALSE)","v":19},{"$f":"T80-HLOOKUP(X80,Feuil1!$C$1:$BL$10,6,FALSE)","v":-1},{"$f":"T80-HLOOKUP(X80,Feuil1!$C$1:$BL$10,7,FALSE)","v":-31},{"$f":"T80-HLOOKUP(X80,Feuil1!$C$1:$BL$10,8,FALSE)","v":-51},{"$f":"T80-HLOOKUP(X80,Feuil1!$C$1:$BL$10,9,FALSE)","v":-61},{"$f":"T80-HLOOKUP(X80,Feuil1!$C$1:$BL$10,10,FALSE)","v":-811},null,null,null,null,null,null,"IRG +"]
["H","SEST","RAL",21,336197,"DENIS","Brian",1997,63.9,"HC CHAMBON FEUGEROLLES","F",75,80,83,83,100,105,-107,105,188,60.2,"IRG +",18,{"$f":"IF(I81=\"\",\"\",IF(A81=\"H\",IF(OR(H81=\"SEN\",H81<1995),VLOOKUP(I81,Feuil1!$A$11:$F$29,6),IF(AND(H81>1994,H81<1998),VLOOKUP(I81,Feuil1!$A$11:$F$29,5),IF(AND(H81>1997,H81<2000),VLOOKUP(I81,Feuil1!$A$11:$F$29,4),IF(AND(H81>1999,H81<2002),VLOOKUP(I81,Feuil1!$A$11:$F$29,3),VLOOKUP(I81,Feuil1!$A$11:$F$29,2))))),IF(OR(H81=\"SEN\",H81<1995),VLOOKUP(I81,Feuil1!$G$11:$L$25,6),IF(AND(H81>1994,H81<1998),VLOOKUP(I81,Feuil1!$G$11:$L$25,5),IF(AND(H81>1997,H81<2000),VLOOKUP(I81,Feuil1!$G$11:$L$25,4),IF(AND(H81>1999,H81<2002),VLOOKUP(I81,Feuil1!$G$11:$L$25,3),VLOOKUP(I81,Feuil1!$G$11:$L$25,2)))))))","v":"J69"},266.18383763762813,null," ",{"$f":"T81-HLOOKUP(X81,Feuil1!$C$1:$BL$10,2,FALSE)","v":78},{"$f":"T81-HLOOKUP(X81,Feuil1!$C$1:$BL$10,3,FALSE)","v":58},{"$f":"T81-HLOOKUP(X81,Feuil1!$C$1:$BL$10,4,FALSE)","v":38},{"$f":"T81-HLOOKUP(X81,Feuil1!$C$1:$BL$10,5,FALSE)","v":18},{"$f":"T81-HLOOKUP(X81,Feuil1!$C$1:$BL$10,6,FALSE)","v":-2},{"$f":"T81-HLOOKUP(X81,Feuil1!$C$1:$BL$10,7,FALSE)","v":-32},{"$f":"T81-HLOOKUP(X81,Feuil1!$C$1:$BL$10,8,FALSE)","v":-52},{"$f":"T81-HLOOKUP(X81,Feuil1!$C$1:$BL$10,9,FALSE)","v":-62},{"$f":"T81-HLOOKUP(X81,Feuil1!$C$1:$BL$10,10,FALSE)","v":-812},null,null,null,null,null,null,"IRG +"]
["H","CO","CEN",22,296622,"MONTGUILLON","Benjamin",1996,67.2,"EC Chartres","F",-80,80,83,83,98,-102,102,102,185,50.599999999999994,"IRG +",15,{"$f":"IF(I82=\"\",\"\",IF(A82=\"H\",IF(OR(H82=\"SEN\",H82<1995),VLOOKUP(I82,Feuil1!$A$11:$F$29,6),IF(AND(H82>1994,H82<1998),VLOOKUP(I82,Feuil1!$A$11:$F$29,5),IF(AND(H82>1997,H82<2000),VLOOKUP(I82,Feuil1!$A$11:$F$29,4),IF(AND(H82>1999,H82<2002),VLOOKUP(I82,Feuil1!$A$11:$F$29,3),VLOOKUP(I82,Feuil1!$A$11:$F$29,2))))),IF(OR(H82=\"SEN\",H82<1995),VLOOKUP(I82,Feuil1!$G$11:$L$25,6),IF(AND(H82>1994,H82<1998),VLOOKUP(I82,Feuil1!$G$11:$L$25,5),IF(AND(H82>1997,H82<2000),VLOOKUP(I82,Feuil1!$G$11:$L$25,4),IF(AND(H82>1999,H82<2002),VLOOKUP(I82,Feuil1!$G$11:$L$25,3),VLOOKUP(I82,Feuil1!$G$11:$L$25,2)))))))","v":"J69"},253.17839689504518,null," ",{"$f":"T82-HLOOKUP(X82,Feuil1!$C$1:$BL$10,2,FALSE)","v":75},{"$f":"T82-HLOOKUP(X82,Feuil1!$C$1:$BL$10,3,FALSE)","v":55},{"$f":"T82-HLOOKUP(X82,Feuil1!$C$1:$BL$10,4,FALSE)","v":35},{"$f":"T82-HLOOKUP(X82,Feuil1!$C$1:$BL$10,5,FALSE)","v":15},{"$f":"T82-HLOOKUP(X82,Feuil1!$C$1:$BL$10,6,FALSE)","v":-5},{"$f":"T82-HLOOKUP(X82,Feuil1!$C$1:$BL$10,7,FALSE)","v":-35},{"$f":"T82-HLOOKUP(X82,Feuil1!$C$1:$BL$10,8,FALSE)","v":-55},{"$f":"T82-HLOOKUP(X82,Feuil1!$C$1:$BL$10,9,FALSE)","v":-65},{"$f":"T82-HLOOKUP(X82,Feuil1!$C$1:$BL$10,10,FALSE)","v":-815},null,null,null,null,null,null,"IRG +"]
["H","NE","BOU",23,35831,"GRAILLOT ","Steeven",1997,69,"HMDB21","F",70,75,80,80,100,105,-110,105,185,47,"IRG +",15,{"$f":"IF(I83=\"\",\"\",IF(A83=\"H\",IF(OR(H83=\"SEN\",H83<1995),VLOOKUP(I83,Feuil1!$A$11:$F$29,6),IF(AND(H83>1994,H83<1998),VLOOKUP(I83,Feuil1!$A$11:$F$29,5),IF(AND(H83>1997,H83<2000),VLOOKUP(I83,Feuil1!$A$11:$F$29,4),IF(AND(H83>1999,H83<2002),VLOOKUP(I83,Feuil1!$A$11:$F$29,3),VLOOKUP(I83,Feuil1!$A$11:$F$29,2))))),IF(OR(H83=\"SEN\",H83<1995),VLOOKUP(I83,Feuil1!$G$11:$L$25,6),IF(AND(H83>1994,H83<1998),VLOOKUP(I83,Feuil1!$G$11:$L$25,5),IF(AND(H83>1997,H83<2000),VLOOKUP(I83,Feuil1!$G$11:$L$25,4),IF(AND(H83>1999,H83<2002),VLOOKUP(I83,Feuil1!$G$11:$L$25,3),VLOOKUP(I83,Feuil1!$G$11:$L$25,2)))))))","v":"J69"},248.87301739966642,null," ",{"$f":"T83-HLOOKUP(X83,Feuil1!$C$1:$BL$10,2,FALSE)","v":75},{"$f":"T83-HLOOKUP(X83,Feuil1!$C$1:$BL$10,3,FALSE)","v":55},{"$f":"T83-HLOOKUP(X83,Feuil1!$C$1:$BL$10,4,FALSE)","v":35},{"$f":"T83-HLOOKUP(X83,Feuil1!$C$1:$BL$10,5,FALSE)","v":15},{"$f":"T83-HLOOKUP(X83,Feuil1!$C$1:$BL$10,6,FALSE)","v":-5},{"$f":"T83-HLOOKUP(X83,Feuil1!$C$1:$BL$10,7,FALSE)","v":-35},{"$f":"T83-HLOOKUP(X83,Feuil1!$C$1:$BL$10,8,FALSE)","v":-55},{"$f":"T83-HLOOKUP(X83,Feuil1!$C$1:$BL$10,9,FALSE)","v":-65},{"$f":"T83-HLOOKUP(X83,Feuil1!$C$1:$BL$10,10,FALSE)","v":-815},null,null,null,null,null,null,"IRG +"]
["H","NE","ALS",24,247551,"GIORGIANI","LIONEL",1996,66.3,"US Wittenheim","F",70,75,78,78,95,100,103,103,181,48.400000000000006,"IRG +",11,{"$f":"IF(I84=\"\",\"\",IF(A84=\"H\",IF(OR(H84=\"SEN\",H84<1995),VLOOKUP(I84,Feuil1!$A$11:$F$29,6),IF(AND(H84>1994,H84<1998),VLOOKUP(I84,Feuil1!$A$11:$F$29,5),IF(AND(H84>1997,H84<2000),VLOOKUP(I84,Feuil1!$A$11:$F$29,4),IF(AND(H84>1999,H84<2002),VLOOKUP(I84,Feuil1!$A$11:$F$29,3),VLOOKUP(I84,Feuil1!$A$11:$F$29,2))))),IF(OR(H84=\"SEN\",H84<1995),VLOOKUP(I84,Feuil1!$G$11:$L$25,6),IF(AND(H84>1994,H84<1998),VLOOKUP(I84,Feuil1!$G$11:$L$25,5),IF(AND(H84>1997,H84<2000),VLOOKUP(I84,Feuil1!$G$11:$L$25,4),IF(AND(H84>1999,H84<2002),VLOOKUP(I84,Feuil1!$G$11:$L$25,3),VLOOKUP(I84,Feuil1!$G$11:$L$25,2)))))))","v":"J69"},249.92730561057374,null," ",{"$f":"T84-HLOOKUP(X84,Feuil1!$C$1:$BL$10,2,FALSE)","v":71},{"$f":"T84-HLOOKUP(X84,Feuil1!$C$1:$BL$10,3,FALSE)","v":51},{"$f":"T84-HLOOKUP(X84,Feuil1!$C$1:$BL$10,4,FALSE)","v":31},{"$f":"T84-HLOOKUP(X84,Feuil1!$C$1:$BL$10,5,FALSE)","v":11},{"$f":"T84-HLOOKUP(X84,Feuil1!$C$1:$BL$10,6,FALSE)","v":-9},{"$f":"T84-HLOOKUP(X84,Feuil1!$C$1:$BL$10,7,FALSE)","v":-39},{"$f":"T84-HLOOKUP(X84,Feuil1!$C$1:$BL$10,8,FALSE)","v":-59},{"$f":"T84-HLOOKUP(X84,Feuil1!$C$1:$BL$10,9,FALSE)","v":-69},{"$f":"T84-HLOOKUP(X84,Feuil1!$C$1:$BL$10,10,FALSE)","v":-819},null,null,null,null,null,null,"IRG +"]
["H","CO","CEN",25,367410,"D'ANA","Clément",1996,66.400000000000006,"CM Orléans","F",80,-86,86,86,-90,90,95,95,181,48.199999999999989,"IRG +",11,{"$f":"IF(I85=\"\",\"\",IF(A85=\"H\",IF(OR(H85=\"SEN\",H85<1995),VLOOKUP(I85,Feuil1!$A$11:$F$29,6),IF(AND(H85>1994,H85<1998),VLOOKUP(I85,Feuil1!$A$11:$F$29,5),IF(AND(H85>1997,H85<2000),VLOOKUP(I85,Feuil1!$A$11:$F$29,4),IF(AND(H85>1999,H85<2002),VLOOKUP(I85,Feuil1!$A$11:$F$29,3),VLOOKUP(I85,Feuil1!$A$11:$F$29,2))))),IF(OR(H85=\"SEN\",H85<1995),VLOOKUP(I85,Feuil1!$G$11:$L$25,6),IF(AND(H85>1994,H85<1998),VLOOKUP(I85,Feuil1!$G$11:$L$25,5),IF(AND(H85>1997,H85<2000),VLOOKUP(I85,Feuil1!$G$11:$L$25,4),IF(AND(H85>1999,H85<2002),VLOOKUP(I85,Feuil1!$G$11:$L$25,3),VLOOKUP(I85,Feuil1!$G$11:$L$25,2)))))))","v":"J69"},249.67627434475111,null," ",{"$f":"T85-HLOOKUP(X85,Feuil1!$C$1:$BL$10,2,FALSE)","v":71},{"$f":"T85-HLOOKUP(X85,Feuil1!$C$1:$BL$10,3,FALSE)","v":51},{"$f":"T85-HLOOKUP(X85,Feuil1!$C$1:$BL$10,4,FALSE)","v":31},{"$f":"T85-HLOOKUP(X85,Feuil1!$C$1:$BL$10,5,FALSE)","v":11},{"$f":"T85-HLOOKUP(X85,Feuil1!$C$1:$BL$10,6,FALSE)","v":-9},{"$f":"T85-HLOOKUP(X85,Feuil1!$C$1:$BL$10,7,FALSE)","v":-39},{"$f":"T85-HLOOKUP(X85,Feuil1!$C$1:$BL$10,8,FALSE)","v":-59},{"$f":"T85-HLOOKUP(X85,Feuil1!$C$1:$BL$10,9,FALSE)","v":-69},{"$f":"T85-HLOOKUP(X85,Feuil1!$C$1:$BL$10,10,FALSE)","v":-819},null,null,null,null,null,null,"IRG +"]
["H","SEST","LAN ",26,182520,"MULLOR","Julien",1997,63.1,"Clermont Sports","F",75,80,-85,80,90,100,-106,100,180,53.8,"IRG +",10,{"$f":"IF(I86=\"\",\"\",IF(A86=\"H\",IF(OR(H86=\"SEN\",H86<1995),VLOOKUP(I86,Feuil1!$A$11:$F$29,6),IF(AND(H86>1994,H86<1998),VLOOKUP(I86,Feuil1!$A$11:$F$29,5),IF(AND(H86>1997,H86<2000),VLOOKUP(I86,Feuil1!$A$11:$F$29,4),IF(AND(H86>1999,H86<2002),VLOOKUP(I86,Feuil1!$A$11:$F$29,3),VLOOKUP(I86,Feuil1!$A$11:$F$29,2))))),IF(OR(H86=\"SEN\",H86<1995),VLOOKUP(I86,Feuil1!$G$11:$L$25,6),IF(AND(H86>1994,H86<1998),VLOOKUP(I86,Feuil1!$G$11:$L$25,5),IF(AND(H86>1997,H86<2000),VLOOKUP(I86,Feuil1!$G$11:$L$25,4),IF(AND(H86>1999,H86<2002),VLOOKUP(I86,Feuil1!$G$11:$L$25,3),VLOOKUP(I86,Feuil1!$G$11:$L$25,2)))))))","v":"J69"},257.10490578210329,null," ",{"$f":"T86-HLOOKUP(X86,Feuil1!$C$1:$BL$10,2,FALSE)","v":70},{"$f":"T86-HLOOKUP(X86,Feuil1!$C$1:$BL$10,3,FALSE)","v":50},{"$f":"T86-HLOOKUP(X86,Feuil1!$C$1:$BL$10,4,FALSE)","v":30},{"$f":"T86-HLOOKUP(X86,Feuil1!$C$1:$BL$10,5,FALSE)","v":10},{"$f":"T86-HLOOKUP(X86,Feuil1!$C$1:$BL$10,6,FALSE)","v":-10},{"$f":"T86-HLOOKUP(X86,Feuil1!$C$1:$BL$10,7,FALSE)","v":-40},{"$f":"T86-HLOOKUP(X86,Feuil1!$C$1:$BL$10,8,FALSE)","v":-60},{"$f":"T86-HLOOKUP(X86,Feuil1!$C$1:$BL$10,9,FALSE)","v":-70},{"$f":"T86-HLOOKUP(X86,Feuil1!$C$1:$BL$10,10,FALSE)","v":-820},null,null,null,null,null,null,"IRG +"]
["H","N","IDF",27,368740,"MENDES","BAPTISTE",1997,66.5,"RUEIL","F",75,80,-83,80,90,95,-100,95,175,42,"IRG +",5,{"$f":"IF(I87=\"\",\"\",IF(A87=\"H\",IF(OR(H87=\"SEN\",H87<1995),VLOOKUP(I87,Feuil1!$A$11:$F$29,6),IF(AND(H87>1994,H87<1998),VLOOKUP(I87,Feuil1!$A$11:$F$29,5),IF(AND(H87>1997,H87<2000),VLOOKUP(I87,Feuil1!$A$11:$F$29,4),IF(AND(H87>1999,H87<2002),VLOOKUP(I87,Feuil1!$A$11:$F$29,3),VLOOKUP(I87,Feuil1!$A$11:$F$29,2))))),IF(OR(H87=\"SEN\",H87<1995),VLOOKUP(I87,Feuil1!$G$11:$L$25,6),IF(AND(H87>1994,H87<1998),VLOOKUP(I87,Feuil1!$G$11:$L$25,5),IF(AND(H87>1997,H87<2000),VLOOKUP(I87,Feuil1!$G$11:$L$25,4),IF(AND(H87>1999,H87<2002),VLOOKUP(I87,Feuil1!$G$11:$L$25,3),VLOOKUP(I87,Feuil1!$G$11:$L$25,2)))))))","v":"J69"},241.15798857182028,null," ",{"$f":"T87-HLOOKUP(X87,Feuil1!$C$1:$BL$10,2,FALSE)","v":65},{"$f":"T87-HLOOKUP(X87,Feuil1!$C$1:$BL$10,3,FALSE)","v":45},{"$f":"T87-HLOOKUP(X87,Feuil1!$C$1:$BL$10,4,FALSE)","v":25},{"$f":"T87-HLOOKUP(X87,Feuil1!$C$1:$BL$10,5,FALSE)","v":5},{"$f":"T87-HLOOKUP(X87,Feuil1!$C$1:$BL$10,6,FALSE)","v":-15},{"$f":"T87-HLOOKUP(X87,Feuil1!$C$1:$BL$10,7,FALSE)","v":-45},{"$f":"T87-HLOOKUP(X87,Feuil1!$C$1:$BL$10,8,FALSE)","v":-65},{"$f":"T87-HLOOKUP(X87,Feuil1!$C$1:$BL$10,9,FALSE)","v":-75},{"$f":"T87-HLOOKUP(X87,Feuil1!$C$1:$BL$10,10,FALSE)","v":-825},null,null,null,null,null,null,"IRG +"]
["H","NE","FCO",28,178468,"CHATRENET","Antoine",1995,68.7,"LF Besançon","F",77,80,-82,80,95,-99,-101,95,175,37.599999999999994,"IRG +",5,{"$f":"IF(I88=\"\",\"\",IF(A88=\"H\",IF(OR(H88=\"SEN\",H88<1995),VLOOKUP(I88,Feuil1!$A$11:$F$29,6),IF(AND(H88>1994,H88<1998),VLOOKUP(I88,Feuil1!$A$11:$F$29,5),IF(AND(H88>1997,H88<2000),VLOOKUP(I88,Feuil1!$A$11:$F$29,4),IF(AND(H88>1999,H88<2002),VLOOKUP(I88,Feuil1!$A$11:$F$29,3),VLOOKUP(I88,Feuil1!$A$11:$F$29,2))))),IF(OR(H88=\"SEN\",H88<1995),VLOOKUP(I88,Feuil1!$G$11:$L$25,6),IF(AND(H88>1994,H88<1998),VLOOKUP(I88,Feuil1!$G$11:$L$25,5),IF(AND(H88>1997,H88<2000),VLOOKUP(I88,Feuil1!$G$11:$L$25,4),IF(AND(H88>1999,H88<2002),VLOOKUP(I88,Feuil1!$G$11:$L$25,3),VLOOKUP(I88,Feuil1!$G$11:$L$25,2)))))))","v":"J69"},236.07913243254799,null," ",{"$f":"T88-HLOOKUP(X88,Feuil1!$C$1:$BL$10,2,FALSE)","v":65},{"$f":"T88-HLOOKUP(X88,Feuil1!$C$1:$BL$10,3,FALSE)","v":45},{"$f":"T88-HLOOKUP(X88,Feuil1!$C$1:$BL$10,4,FALSE)","v":25},{"$f":"T88-HLOOKUP(X88,Feuil1!$C$1:$BL$10,5,FALSE)","v":5},{"$f":"T88-HLOOKUP(X88,Feuil1!$C$1:$BL$10,6,FALSE)","v":-15},{"$f":"T88-HLOOKUP(X88,Feuil1!$C$1:$BL$10,7,FALSE)","v":-45},{"$f":"T88-HLOOKUP(X88,Feuil1!$C$1:$BL$10,8,FALSE)","v":-65},{"$f":"T88-HLOOKUP(X88,Feuil1!$C$1:$BL$10,9,FALSE)","v":-75},{"$f":"T88-HLOOKUP(X88,Feuil1!$C$1:$BL$10,10,FALSE)","v":-825},null,null,null,null,null,null,"IRG +"]
["H","CO","BNO",29,169488,"COISNARD","Rémi",1995,68.599999999999994,"Caen CHM","F",70,74,77,77,90,95,-100,95,172,34.800000000000011,"IRG +",2,{"$f":"IF(I89=\"\",\"\",IF(A89=\"H\",IF(OR(H89=\"SEN\",H89<1995),VLOOKUP(I89,Feuil1!$A$11:$F$29,6),IF(AND(H89>1994,H89<1998),VLOOKUP(I89,Feuil1!$A$11:$F$29,5),IF(AND(H89>1997,H89<2000),VLOOKUP(I89,Feuil1!$A$11:$F$29,4),IF(AND(H89>1999,H89<2002),VLOOKUP(I89,Feuil1!$A$11:$F$29,3),VLOOKUP(I89,Feuil1!$A$11:$F$29,2))))),IF(OR(H89=\"SEN\",H89<1995),VLOOKUP(I89,Feuil1!$G$11:$L$25,6),IF(AND(H89>1994,H89<1998),VLOOKUP(I89,Feuil1!$G$11:$L$25,5),IF(AND(H89>1997,H89<2000),VLOOKUP(I89,Feuil1!$G$11:$L$25,4),IF(AND(H89>1999,H89<2002),VLOOKUP(I89,Feuil1!$G$11:$L$25,3),VLOOKUP(I89,Feuil1!$G$11:$L$25,2)))))))","v":"J69"},232.24957845673313,null," ",{"$f":"T89-HLOOKUP(X89,Feuil1!$C$1:$BL$10,2,FALSE)","v":62},{"$f":"T89-HLOOKUP(X89,Feuil1!$C$1:$BL$10,3,FALSE)","v":42},{"$f":"T89-HLOOKUP(X89,Feuil1!$C$1:$BL$10,4,FALSE)","v":22},{"$f":"T89-HLOOKUP(X89,Feuil1!$C$1:$BL$10,5,FALSE)","v":2},{"$f":"T89-HLOOKUP(X89,Feuil1!$C$1:$BL$10,6,FALSE)","v":-18},{"$f":"T89-HLOOKUP(X89,Feuil1!$C$1:$BL$10,7,FALSE)","v":-48},{"$f":"T89-HLOOKUP(X89,Feuil1!$C$1:$BL$10,8,FALSE)","v":-68},{"$f":"T89-HLOOKUP(X89,Feuil1!$C$1:$BL$10,9,FALSE)","v":-78},{"$f":"T89-HLOOKUP(X89,Feuil1!$C$1:$BL$10,10,FALSE)","v":-828},null,null,null,null,null,null,"IRG +"]
["H","SEST","AUV",30,319978,"ALTAYRAC","Nicolas",1997,67,"CHM AURILLAC",null,65,69,72,72,85,90,98,98,170,36,"IRG +",0,{"$f":"IF(I90=\"\",\"\",IF(A90=\"H\",IF(OR(H90=\"SEN\",H90<1995),VLOOKUP(I90,Feuil1!$A$11:$F$29,6),IF(AND(H90>1994,H90<1998),VLOOKUP(I90,Feuil1!$A$11:$F$29,5),IF(AND(H90>1997,H90<2000),VLOOKUP(I90,Feuil1!$A$11:$F$29,4),IF(AND(H90>1999,H90<2002),VLOOKUP(I90,Feuil1!$A$11:$F$29,3),VLOOKUP(I90,Feuil1!$A$11:$F$29,2))))),IF(OR(H90=\"SEN\",H90<1995),VLOOKUP(I90,Feuil1!$G$11:$L$25,6),IF(AND(H90>1994,H90<1998),VLOOKUP(I90,Feuil1!$G$11:$L$25,5),IF(AND(H90>1997,H90<2000),VLOOKUP(I90,Feuil1!$G$11:$L$25,4),IF(AND(H90>1999,H90<2002),VLOOKUP(I90,Feuil1!$G$11:$L$25,3),VLOOKUP(I90,Feuil1!$G$11:$L$25,2)))))))","v":"J69"},233.10785512057274,null," ",{"$f":"T90-HLOOKUP(X90,Feuil1!$C$1:$BL$10,2,FALSE)","v":60},{"$f":"T90-HLOOKUP(X90,Feuil1!$C$1:$BL$10,3,FALSE)","v":40},{"$f":"T90-HLOOKUP(X90,Feuil1!$C$1:$BL$10,4,FALSE)","v":20},{"$f":"T90-HLOOKUP(X90,Feuil1!$C$1:$BL$10,5,FALSE)","v":0},{"$f":"T90-HLOOKUP(X90,Feuil1!$C$1:$BL$10,6,FALSE)","v":-20},{"$f":"T90-HLOOKUP(X90,Feuil1!$C$1:$BL$10,7,FALSE)","v":-50},{"$f":"T90-HLOOKUP(X90,Feuil1!$C$1:$BL$10,8,FALSE)","v":-70},{"$f":"T90-HLOOKUP(X90,Feuil1!$C$1:$BL$10,9,FALSE)","v":-80},{"$f":"T90-HLOOKUP(X90,Feuil1!$C$1:$BL$10,10,FALSE)","v":-830},null,null,null,null,null,null,"IRG +"]
["H","NE","LOR",31,360359,"MULLER  GROSIUS","Johan",1997,69,"A.O.C.Pte-ROSSELLE","F",75,-80,-80,75,95,-100,-100,95,170,32,"IRG +",0,{"$f":"IF(I91=\"\",\"\",IF(A91=\"H\",IF(OR(H91=\"SEN\",H91<1995),VLOOKUP(I91,Feuil1!$A$11:$F$29,6),IF(AND(H91>1994,H91<1998),VLOOKUP(I91,Feuil1!$A$11:$F$29,5),IF(AND(H91>1997,H91<2000),VLOOKUP(I91,Feuil1!$A$11:$F$29,4),IF(AND(H91>1999,H91<2002),VLOOKUP(I91,Feuil1!$A$11:$F$29,3),VLOOKUP(I91,Feuil1!$A$11:$F$29,2))))),IF(OR(H91=\"SEN\",H91<1995),VLOOKUP(I91,Feuil1!$G$11:$L$25,6),IF(AND(H91>1994,H91<1998),VLOOKUP(I91,Feuil1!$G$11:$L$25,5),IF(AND(H91>1997,H91<2000),VLOOKUP(I91,Feuil1!$G$11:$L$25,4),IF(AND(H91>1999,H91<2002),VLOOKUP(I91,Feuil1!$G$11:$L$25,3),VLOOKUP(I91,Feuil1!$G$11:$L$25,2)))))))","v":"J69"},228.69412409699078,null," ",{"$f":"T91-HLOOKUP(X91,Feuil1!$C$1:$BL$10,2,FALSE)","v":60},{"$f":"T91-HLOOKUP(X91,Feuil1!$C$1:$BL$10,3,FALSE)","v":40},{"$f":"T91-HLOOKUP(X91,Feuil1!$C$1:$BL$10,4,FALSE)","v":20},{"$f":"T91-HLOOKUP(X91,Feuil1!$C$1:$BL$10,5,FALSE)","v":0},{"$f":"T91-HLOOKUP(X91,Feuil1!$C$1:$BL$10,6,FALSE)","v":-20},{"$f":"T91-HLOOKUP(X91,Feuil1!$C$1:$BL$10,7,FALSE)","v":-50},{"$f":"T91-HLOOKUP(X91,Feuil1!$C$1:$BL$10,8,FALSE)","v":-70},{"$f":"T91-HLOOKUP(X91,Feuil1!$C$1:$BL$10,9,FALSE)","v":-80},{"$f":"T91-HLOOKUP(X91,Feuil1!$C$1:$BL$10,10,FALSE)","v":-830},null,null,null,null,null,null,"IRG +"]
["H","NORD","NPC",32,245655,"HARS","Romain",1996,68.400000000000006,"O.GRANDE SYNTHE","F",72,75,78,78,-90,90,-92,90,168,31.199999999999989,"REG +",18,{"$f":"IF(I92=\"\",\"\",IF(A92=\"H\",IF(OR(H92=\"SEN\",H92<1995),VLOOKUP(I92,Feuil1!$A$11:$F$29,6),IF(AND(H92>1994,H92<1998),VLOOKUP(I92,Feuil1!$A$11:$F$29,5),IF(AND(H92>1997,H92<2000),VLOOKUP(I92,Feuil1!$A$11:$F$29,4),IF(AND(H92>1999,H92<2002),VLOOKUP(I92,Feuil1!$A$11:$F$29,3),VLOOKUP(I92,Feuil1!$A$11:$F$29,2))))),IF(OR(H92=\"SEN\",H92<1995),VLOOKUP(I92,Feuil1!$G$11:$L$25,6),IF(AND(H92>1994,H92<1998),VLOOKUP(I92,Feuil1!$G$11:$L$25,5),IF(AND(H92>1997,H92<2000),VLOOKUP(I92,Feuil1!$G$11:$L$25,4),IF(AND(H92>1999,H92<2002),VLOOKUP(I92,Feuil1!$G$11:$L$25,3),VLOOKUP(I92,Feuil1!$G$11:$L$25,2)))))))","v":"J69"},227.27587457395714,null," ",{"$f":"T92-HLOOKUP(X92,Feuil1!$C$1:$BL$10,2,FALSE)","v":58},{"$f":"T92-HLOOKUP(X92,Feuil1!$C$1:$BL$10,3,FALSE)","v":38},{"$f":"T92-HLOOKUP(X92,Feuil1!$C$1:$BL$10,4,FALSE)","v":18},{"$f":"T92-HLOOKUP(X92,Feuil1!$C$1:$BL$10,5,FALSE)","v":-2},{"$f":"T92-HLOOKUP(X92,Feuil1!$C$1:$BL$10,6,FALSE)","v":-22},{"$f":"T92-HLOOKUP(X92,Feuil1!$C$1:$BL$10,7,FALSE)","v":-52},{"$f":"T92-HLOOKUP(X92,Feuil1!$C$1:$BL$10,8,FALSE)","v":-72},{"$f":"T92-HLOOKUP(X92,Feuil1!$C$1:$BL$10,9,FALSE)","v":-82},{"$f":"T92-HLOOKUP(X92,Feuil1!$C$1:$BL$10,10,FALSE)","v":-832},null,null,null,null,null,null,"REG +"]
["H","DOM","GUA",33,296010,"GALVANI","Kevin",1995,69,"Body Club Domien","F",70,-75,75,{"$f":"IF(H93=\"\",\"\",IF(MAXA(L93:N93)<=0,0,MAXA(L93:N93)))","v":75},85,90,-95,{"$f":"IF(H93=\"\",\"\",IF(MAXA(P93:R93)<=0,0,MAXA(P93:R93)))","v":90},{"$f":"IF(H93=\"\",\"\",IF(OR(O93=0,S93=0),0,O93+S93))","v":165},{"$f":"T93-I93*2","v":27},{"$f":"IF(H93=\"\",\"\",AQ93)","v":"REG +"},{"$f":"IF(AJ93>=0,AJ93,IF(AI93>=0,AI93,IF(AH93>=0,AH93,IF(AG93>=0,AG93,IF(AF93>=0,AF93,IF(AE93>=0,AE93,IF(AD93>=0,AD93,IF(AC93>=0,AC93,AB93))))))))","v":15},{"$f":"IF(I93=\"\",\"\",IF(A93=\"H\",IF(OR(H93=\"SEN\",H93<1995),VLOOKUP(I93,Feuil1!$A$11:$F$29,6),IF(AND(H93>1994,H93<1998),VLOOKUP(I93,Feuil1!$A$11:$F$29,5),IF(AND(H93>1997,H93<2000),VLOOKUP(I93,Feuil1!$A$11:$F$29,4),IF(AND(H93>1999,H93<2002),VLOOKUP(I93,Feuil1!$A$11:$F$29,3),VLOOKUP(I93,Feuil1!$A$11:$F$29,2))))),IF(OR(H93=\"SEN\",H93<1995),VLOOKUP(I93,Feuil1!$G$11:$L$25,6),IF(AND(H93>1994,H93<1998),VLOOKUP(I93,Feuil1!$G$11:$L$25,5),IF(AND(H93>1997,H93<2000),VLOOKUP(I93,Feuil1!$G$11:$L$25,4),IF(AND(H93>1999,H93<2002),VLOOKUP(I93,Feuil1!$G$11:$L$25,3),VLOOKUP(I93,Feuil1!$G$11:$L$25,2)))))))","v":"J69"},{"$f":"IF(I93=\"\",\"\",IF(A93=\"H\",10^(0.794358141*LOG(I93/174.393)^2)*T93,IF(A93=\"F\",10^(0.89726074*LOG(I93/148.026)^2)*T93,\"\")))","v":221.96782632943223},null," ",{"$f":"T93-HLOOKUP(X93,Feuil1!$C$1:$BL$10,2,FALSE)","v":55},{"$f":"T93-HLOOKUP(X93,Feuil1!$C$1:$BL$10,3,FALSE)","v":35},{"$f":"T93-HLOOKUP(X93,Feuil1!$C$1:$BL$10,4,FALSE)","v":15},{"$f":"T93-HLOOKUP(X93,Feuil1!$C$1:$BL$10,5,FALSE)","v":-5},{"$f":"T93-HLOOKUP(X93,Feuil1!$C$1:$BL$10,6,FALSE)","v":-25},{"$f":"T93-HLOOKUP(X93,Feuil1!$C$1:$BL$10,7,FALSE)","v":-55},{"$f":"T93-HLOOKUP(X93,Feuil1!$C$1:$BL$10,8,FALSE)","v":-75},{"$f":"T93-HLOOKUP(X93,Feuil1!$C$1:$BL$10,9,FALSE)","v":-85},{"$f":"T93-HLOOKUP(X93,Feuil1!$C$1:$BL$10,10,FALSE)","v":-835},null,null,null,null,null,null,{"$f":"IF(AJ93>=0,$AJ$4,IF(AI93>=0,$AI$4,IF(AH93>=0,$AH$4,IF(AG93>=0,$AG$4,IF(AF93>=0,$AF$4,IF(AE93>=0,$AE$4,IF(AD93>=0,$AD$4,IF(AC93>=0,$AC$4,$AB$4))))))))","v":"REG +"}]
["H","SO","POI",34,338969,"NORMAND","Thomas",1997,67.3,"LA ROCHELLE","F",60,65,70,70,85,90,-93,90,160,25.400000000000006,"REG +",10,{"$f":"IF(I94=\"\",\"\",IF(A94=\"H\",IF(OR(H94=\"SEN\",H94<1995),VLOOKUP(I94,Feuil1!$A$11:$F$29,6),IF(AND(H94>1994,H94<1998),VLOOKUP(I94,Feuil1!$A$11:$F$29,5),IF(AND(H94>1997,H94<2000),VLOOKUP(I94,Feuil1!$A$11:$F$29,4),IF(AND(H94>1999,H94<2002),VLOOKUP(I94,Feuil1!$A$11:$F$29,3),VLOOKUP(I94,Feuil1!$A$11:$F$29,2))))),IF(OR(H94=\"SEN\",H94<1995),VLOOKUP(I94,Feuil1!$G$11:$L$25,6),IF(AND(H94>1994,H94<1998),VLOOKUP(I94,Feuil1!$G$11:$L$25,5),IF(AND(H94>1997,H94<2000),VLOOKUP(I94,Feuil1!$G$11:$L$25,4),IF(AND(H94>1999,H94<2002),VLOOKUP(I94,Feuil1!$G$11:$L$25,3),VLOOKUP(I94,Feuil1!$G$11:$L$25,2)))))))","v":"J69"},218.75113343379405,null," ",{"$f":"T94-HLOOKUP(X94,Feuil1!$C$1:$BL$10,2,FALSE)","v":50},{"$f":"T94-HLOOKUP(X94,Feuil1!$C$1:$BL$10,3,FALSE)","v":30},{"$f":"T94-HLOOKUP(X94,Feuil1!$C$1:$BL$10,4,FALSE)","v":10},{"$f":"T94-HLOOKUP(X94,Feuil1!$C$1:$BL$10,5,FALSE)","v":-10},{"$f":"T94-HLOOKUP(X94,Feuil1!$C$1:$BL$10,6,FALSE)","v":-30},{"$f":"T94-HLOOKUP(X94,Feuil1!$C$1:$BL$10,7,FALSE)","v":-60},{"$f":"T94-HLOOKUP(X94,Feuil1!$C$1:$BL$10,8,FALSE)","v":-80},{"$f":"T94-HLOOKUP(X94,Feuil1!$C$1:$BL$10,9,FALSE)","v":-90},{"$f":"T94-HLOOKUP(X94,Feuil1!$C$1:$BL$10,10,FALSE)","v":-840},null,null,null,null,null,null,"REG +"]
["H","NE","CHA",35,316700,"NOYELLE","Thibaut ",1995,68,"Reims HM","F",70,74,-77,74,85,-90,-90,85,159,23,"REG +",9,{"$f":"IF(I95=\"\",\"\",IF(A95=\"H\",IF(OR(H95=\"SEN\",H95<1995),VLOOKUP(I95,Feuil1!$A$11:$F$29,6),IF(AND(H95>1994,H95<1998),VLOOKUP(I95,Feuil1!$A$11:$F$29,5),IF(AND(H95>1997,H95<2000),VLOOKUP(I95,Feuil1!$A$11:$F$29,4),IF(AND(H95>1999,H95<2002),VLOOKUP(I95,Feuil1!$A$11:$F$29,3),VLOOKUP(I95,Feuil1!$A$11:$F$29,2))))),IF(OR(H95=\"SEN\",H95<1995),VLOOKUP(I95,Feuil1!$G$11:$L$25,6),IF(AND(H95>1994,H95<1998),VLOOKUP(I95,Feuil1!$G$11:$L$25,5),IF(AND(H95>1997,H95<2000),VLOOKUP(I95,Feuil1!$G$11:$L$25,4),IF(AND(H95>1999,H95<2002),VLOOKUP(I95,Feuil1!$G$11:$L$25,3),VLOOKUP(I95,Feuil1!$G$11:$L$25,2)))))))","v":"J69"},215.91918530507377,null," ",{"$f":"T95-HLOOKUP(X95,Feuil1!$C$1:$BL$10,2,FALSE)","v":49},{"$f":"T95-HLOOKUP(X95,Feuil1!$C$1:$BL$10,3,FALSE)","v":29},{"$f":"T95-HLOOKUP(X95,Feuil1!$C$1:$BL$10,4,FALSE)","v":9},{"$f":"T95-HLOOKUP(X95,Feuil1!$C$1:$BL$10,5,FALSE)","v":-11},{"$f":"T95-HLOOKUP(X95,Feuil1!$C$1:$BL$10,6,FALSE)","v":-31},{"$f":"T95-HLOOKUP(X95,Feuil1!$C$1:$BL$10,7,FALSE)","v":-61},{"$f":"T95-HLOOKUP(X95,Feuil1!$C$1:$BL$10,8,FALSE)","v":-81},{"$f":"T95-HLOOKUP(X95,Feuil1!$C$1:$BL$10,9,FALSE)","v":-91},{"$f":"T95-HLOOKUP(X95,Feuil1!$C$1:$BL$10,10,FALSE)","v":-841},null,null,null,null,null,null,"REG +"]
["H","SEST","CAZ",36,380054,"BENVENUTI","Leo",1995,66.900000000000006,"HC HYERES","F",65,67,-70,67,85,88,91,91,158,24.199999999999989,"REG +",8,{"$f":"IF(I96=\"\",\"\",IF(A96=\"H\",IF(OR(H96=\"SEN\",H96<1995),VLOOKUP(I96,Feuil1!$A$11:$F$29,6),IF(AND(H96>1994,H96<1998),VLOOKUP(I96,Feuil1!$A$11:$F$29,5),IF(AND(H96>1997,H96<2000),VLOOKUP(I96,Feuil1!$A$11:$F$29,4),IF(AND(H96>1999,H96<2002),VLOOKUP(I96,Feuil1!$A$11:$F$29,3),VLOOKUP(I96,Feuil1!$A$11:$F$29,2))))),IF(OR(H96=\"SEN\",H96<1995),VLOOKUP(I96,Feuil1!$G$11:$L$25,6),IF(AND(H96>1994,H96<1998),VLOOKUP(I96,Feuil1!$G$11:$L$25,5),IF(AND(H96>1997,H96<2000),VLOOKUP(I96,Feuil1!$G$11:$L$25,4),IF(AND(H96>1999,H96<2002),VLOOKUP(I96,Feuil1!$G$11:$L$25,3),VLOOKUP(I96,Feuil1!$G$11:$L$25,2)))))))","v":"J69"},216.86704680644931,null," ",{"$f":"T96-HLOOKUP(X96,Feuil1!$C$1:$BL$10,2,FALSE)","v":48},{"$f":"T96-HLOOKUP(X96,Feuil1!$C$1:$BL$10,3,FALSE)","v":28},{"$f":"T96-HLOOKUP(X96,Feuil1!$C$1:$BL$10,4,FALSE)","v":8},{"$f":"T96-HLOOKUP(X96,Feuil1!$C$1:$BL$10,5,FALSE)","v":-12},{"$f":"T96-HLOOKUP(X96,Feuil1!$C$1:$BL$10,6,FALSE)","v":-32},{"$f":"T96-HLOOKUP(X96,Feuil1!$C$1:$BL$10,7,FALSE)","v":-62},{"$f":"T96-HLOOKUP(X96,Feuil1!$C$1:$BL$10,8,FALSE)","v":-82},{"$f":"T96-HLOOKUP(X96,Feuil1!$C$1:$BL$10,9,FALSE)","v":-92},{"$f":"T96-HLOOKUP(X96,Feuil1!$C$1:$BL$10,10,FALSE)","v":-842},null,null,null,null,null,null,"REG +"]
["H","NE","CHA",37,218469,"LEROUGE","Florian",1997,68.2,"Reims HM","F",-64,64,68,68,83,88,90,90,158,21.599999999999994,"REG +",8,{"$f":"IF(I97=\"\",\"\",IF(A97=\"H\",IF(OR(H97=\"SEN\",H97<1995),VLOOKUP(I97,Feuil1!$A$11:$F$29,6),IF(AND(H97>1994,H97<1998),VLOOKUP(I97,Feuil1!$A$11:$F$29,5),IF(AND(H97>1997,H97<2000),VLOOKUP(I97,Feuil1!$A$11:$F$29,4),IF(AND(H97>1999,H97<2002),VLOOKUP(I97,Feuil1!$A$11:$F$29,3),VLOOKUP(I97,Feuil1!$A$11:$F$29,2))))),IF(OR(H97=\"SEN\",H97<1995),VLOOKUP(I97,Feuil1!$G$11:$L$25,6),IF(AND(H97>1994,H97<1998),VLOOKUP(I97,Feuil1!$G$11:$L$25,5),IF(AND(H97>1997,H97<2000),VLOOKUP(I97,Feuil1!$G$11:$L$25,4),IF(AND(H97>1999,H97<2002),VLOOKUP(I97,Feuil1!$G$11:$L$25,3),VLOOKUP(I97,Feuil1!$G$11:$L$25,2)))))))","v":"J69"},214.15275755636191,null," ",{"$f":"T97-HLOOKUP(X97,Feuil1!$C$1:$BL$10,2,FALSE)","v":48},{"$f":"T97-HLOOKUP(X97,Feuil1!$C$1:$BL$10,3,FALSE)","v":28},{"$f":"T97-HLOOKUP(X97,Feuil1!$C$1:$BL$10,4,FALSE)","v":8},{"$f":"T97-HLOOKUP(X97,Feuil1!$C$1:$BL$10,5,FALSE)","v":-12},{"$f":"T97-HLOOKUP(X97,Feuil1!$C$1:$BL$10,6,FALSE)","v":-32},{"$f":"T97-HLOOKUP(X97,Feuil1!$C$1:$BL$10,7,FALSE)","v":-62},{"$f":"T97-HLOOKUP(X97,Feuil1!$C$1:$BL$10,8,FALSE)","v":-82},{"$f":"T97-HLOOKUP(X97,Feuil1!$C$1:$BL$10,9,FALSE)","v":-92},{"$f":"T97-HLOOKUP(X97,Feuil1!$C$1:$BL$10,10,FALSE)","v":-842},null,null,null,null,null,null,"REG +"]
["H","N","IDF",38,378470,"SANTOS  FERREIRA","PHILIPPE",1995,67.599999999999994,"RUEIL","F",-65,65,72,72,-85,-85,85,85,157,21.800000000000011,"REG +",7,{"$f":"IF(I98=\"\",\"\",IF(A98=\"H\",IF(OR(H98=\"SEN\",H98<1995),VLOOKUP(I98,Feuil1!$A$11:$F$29,6),IF(AND(H98>1994,H98<1998),VLOOKUP(I98,Feuil1!$A$11:$F$29,5),IF(AND(H98>1997,H98<2000),VLOOKUP(I98,Feuil1!$A$11:$F$29,4),IF(AND(H98>1999,H98<2002),VLOOKUP(I98,Feuil1!$A$11:$F$29,3),VLOOKUP(I98,Feuil1!$A$11:$F$29,2))))),IF(OR(H98=\"SEN\",H98<1995),VLOOKUP(I98,Feuil1!$G$11:$L$25,6),IF(AND(H98>1994,H98<1998),VLOOKUP(I98,Feuil1!$G$11:$L$25,5),IF(AND(H98>1997,H98<2000),VLOOKUP(I98,Feuil1!$G$11:$L$25,4),IF(AND(H98>1999,H98<2002),VLOOKUP(I98,Feuil1!$G$11:$L$25,3),VLOOKUP(I98,Feuil1!$G$11:$L$25,2)))))))","v":"J69"},214.02472504546387,null," ",{"$f":"T98-HLOOKUP(X98,Feuil1!$C$1:$BL$10,2,FALSE)","v":47},{"$f":"T98-HLOOKUP(X98,Feuil1!$C$1:$BL$10,3,FALSE)","v":27},{"$f":"T98-HLOOKUP(X98,Feuil1!$C$1:$BL$10,4,FALSE)","v":7},{"$f":"T98-HLOOKUP(X98,Feuil1!$C$1:$BL$10,5,FALSE)","v":-13},{"$f":"T98-HLOOKUP(X98,Feuil1!$C$1:$BL$10,6,FALSE)","v":-33},{"$f":"T98-HLOOKUP(X98,Feuil1!$C$1:$BL$10,7,FALSE)","v":-63},{"$f":"T98-HLOOKUP(X98,Feuil1!$C$1:$BL$10,8,FALSE)","v":-83},{"$f":"T98-HLOOKUP(X98,Feuil1!$C$1:$BL$10,9,FALSE)","v":-93},{"$f":"T98-HLOOKUP(X98,Feuil1!$C$1:$BL$10,10,FALSE)","v":-843},null,null,null,null,null,null,"REG +"]
["H","CO","BNO",39,345230,"DEFEVER","Lucas",1995,68.7,"Giberville","F",60,65,-70,65,80,85,91,91,156,18.599999999999994,"REG +",6,{"$f":"IF(I99=\"\",\"\",IF(A99=\"H\",IF(OR(H99=\"SEN\",H99<1995),VLOOKUP(I99,Feuil1!$A$11:$F$29,6),IF(AND(H99>1994,H99<1998),VLOOKUP(I99,Feuil1!$A$11:$F$29,5),IF(AND(H99>1997,H99<2000),VLOOKUP(I99,Feuil1!$A$11:$F$29,4),IF(AND(H99>1999,H99<2002),VLOOKUP(I99,Feuil1!$A$11:$F$29,3),VLOOKUP(I99,Feuil1!$A$11:$F$29,2))))),IF(OR(H99=\"SEN\",H99<1995),VLOOKUP(I99,Feuil1!$G$11:$L$25,6),IF(AND(H99>1994,H99<1998),VLOOKUP(I99,Feuil1!$G$11:$L$25,5),IF(AND(H99>1997,H99<2000),VLOOKUP(I99,Feuil1!$G$11:$L$25,4),IF(AND(H99>1999,H99<2002),VLOOKUP(I99,Feuil1!$G$11:$L$25,3),VLOOKUP(I99,Feuil1!$G$11:$L$25,2)))))))","v":"J69"},210.44768376844277,null," ",{"$f":"T99-HLOOKUP(X99,Feuil1!$C$1:$BL$10,2,FALSE)","v":46},{"$f":"T99-HLOOKUP(X99,Feuil1!$C$1:$BL$10,3,FALSE)","v":26},{"$f":"T99-HLOOKUP(X99,Feuil1!$C$1:$BL$10,4,FALSE)","v":6},{"$f":"T99-HLOOKUP(X99,Feuil1!$C$1:$BL$10,5,FALSE)","v":-14},{"$f":"T99-HLOOKUP(X99,Feuil1!$C$1:$BL$10,6,FALSE)","v":-34},{"$f":"T99-HLOOKUP(X99,Feuil1!$C$1:$BL$10,7,FALSE)","v":-64},{"$f":"T99-HLOOKUP(X99,Feuil1!$C$1:$BL$10,8,FALSE)","v":-84},{"$f":"T99-HLOOKUP(X99,Feuil1!$C$1:$BL$10,9,FALSE)","v":-94},{"$f":"T99-HLOOKUP(X99,Feuil1!$C$1:$BL$10,10,FALSE)","v":-844},null,null,null,null,null,null,"REG +"]
["H","SO","POI",40,377647,"PALVADEAU","Benjamin",1997,65.5,"LA ROCHELLE","F",65,-70,-70,65,85,90,-95,90,155,24,"REG +",5,{"$f":"IF(I100=\"\",\"\",IF(A100=\"H\",IF(OR(H100=\"SEN\",H100<1995),VLOOKUP(I100,Feuil1!$A$11:$F$29,6),IF(AND(H100>1994,H100<1998),VLOOKUP(I100,Feuil1!$A$11:$F$29,5),IF(AND(H100>1997,H100<2000),VLOOKUP(I100,Feuil1!$A$11:$F$29,4),IF(AND(H100>1999,H100<2002),VLOOKUP(I100,Feuil1!$A$11:$F$29,3),VLOOKUP(I100,Feuil1!$A$11:$F$29,2))))),IF(OR(H100=\"SEN\",H100<1995),VLOOKUP(I100,Feuil1!$G$11:$L$25,6),IF(AND(H100>1994,H100<1998),VLOOKUP(I100,Feuil1!$G$11:$L$25,5),IF(AND(H100>1997,H100<2000),VLOOKUP(I100,Feuil1!$G$11:$L$25,4),IF(AND(H100>1999,H100<2002),VLOOKUP(I100,Feuil1!$G$11:$L$25,3),VLOOKUP(I100,Feuil1!$G$11:$L$25,2)))))))","v":"J69"},215.77791502133996,null," ",{"$f":"T100-HLOOKUP(X100,Feuil1!$C$1:$BL$10,2,FALSE)","v":45},{"$f":"T100-HLOOKUP(X100,Feuil1!$C$1:$BL$10,3,FALSE)","v":25},{"$f":"T100-HLOOKUP(X100,Feuil1!$C$1:$BL$10,4,FALSE)","v":5},{"$f":"T100-HLOOKUP(X100,Feuil1!$C$1:$BL$10,5,FALSE)","v":-15},{"$f":"T100-HLOOKUP(X100,Feuil1!$C$1:$BL$10,6,FALSE)","v":-35},{"$f":"T100-HLOOKUP(X100,Feuil1!$C$1:$BL$10,7,FALSE)","v":-65},{"$f":"T100-HLOOKUP(X100,Feuil1!$C$1:$BL$10,8,FALSE)","v":-85},{"$f":"T100-HLOOKUP(X100,Feuil1!$C$1:$BL$10,9,FALSE)","v":-95},{"$f":"T100-HLOOKUP(X100,Feuil1!$C$1:$BL$10,10,FALSE)","v":-845},null,null,null,null,null,null,"REG +"]
["H","SEST","RAL",41,358693,"BREYSSE","Mathieu",1997,66.2,"CHM AUBENAS","F",60,65,70,70,80,"-85_",85,85,155,22.599999999999994,"REG +",5,{"$f":"IF(I101=\"\",\"\",IF(A101=\"H\",IF(OR(H101=\"SEN\",H101<1995),VLOOKUP(I101,Feuil1!$A$11:$F$29,6),IF(AND(H101>1994,H101<1998),VLOOKUP(I101,Feuil1!$A$11:$F$29,5),IF(AND(H101>1997,H101<2000),VLOOKUP(I101,Feuil1!$A$11:$F$29,4),IF(AND(H101>1999,H101<2002),VLOOKUP(I101,Feuil1!$A$11:$F$29,3),VLOOKUP(I101,Feuil1!$A$11:$F$29,2))))),IF(OR(H101=\"SEN\",H101<1995),VLOOKUP(I101,Feuil1!$G$11:$L$25,6),IF(AND(H101>1994,H101<1998),VLOOKUP(I101,Feuil1!$G$11:$L$25,5),IF(AND(H101>1997,H101<2000),VLOOKUP(I101,Feuil1!$G$11:$L$25,4),IF(AND(H101>1999,H101<2002),VLOOKUP(I101,Feuil1!$G$11:$L$25,3),VLOOKUP(I101,Feuil1!$G$11:$L$25,2)))))))","v":"J69"},214.24199486734312,null," ",{"$f":"T101-HLOOKUP(X101,Feuil1!$C$1:$BL$10,2,FALSE)","v":45},{"$f":"T101-HLOOKUP(X101,Feuil1!$C$1:$BL$10,3,FALSE)","v":25},{"$f":"T101-HLOOKUP(X101,Feuil1!$C$1:$BL$10,4,FALSE)","v":5},{"$f":"T101-HLOOKUP(X101,Feuil1!$C$1:$BL$10,5,FALSE)","v":-15},{"$f":"T101-HLOOKUP(X101,Feuil1!$C$1:$BL$10,6,FALSE)","v":-35},{"$f":"T101-HLOOKUP(X101,Feuil1!$C$1:$BL$10,7,FALSE)","v":-65},{"$f":"T101-HLOOKUP(X101,Feuil1!$C$1:$BL$10,8,FALSE)","v":-85},{"$f":"T101-HLOOKUP(X101,Feuil1!$C$1:$BL$10,9,FALSE)","v":-95},{"$f":"T101-HLOOKUP(X101,Feuil1!$C$1:$BL$10,10,FALSE)","v":-845},null,null,null,null,null,null,"REG +"]
["H","NORD","PIC",42,294706,"DOLÉ","Andy",1995,66,"La Vaillante Saint Quentin","F",62,66,-70,66,78,83,86,86,152,20,"REG +",2,{"$f":"IF(I102=\"\",\"\",IF(A102=\"H\",IF(OR(H102=\"SEN\",H102<1995),VLOOKUP(I102,Feuil1!$A$11:$F$29,6),IF(AND(H102>1994,H102<1998),VLOOKUP(I102,Feuil1!$A$11:$F$29,5),IF(AND(H102>1997,H102<2000),VLOOKUP(I102,Feuil1!$A$11:$F$29,4),IF(AND(H102>1999,H102<2002),VLOOKUP(I102,Feuil1!$A$11:$F$29,3),VLOOKUP(I102,Feuil1!$A$11:$F$29,2))))),IF(OR(H102=\"SEN\",H102<1995),VLOOKUP(I102,Feuil1!$G$11:$L$25,6),IF(AND(H102>1994,H102<1998),VLOOKUP(I102,Feuil1!$G$11:$L$25,5),IF(AND(H102>1997,H102<2000),VLOOKUP(I102,Feuil1!$G$11:$L$25,4),IF(AND(H102>1999,H102<2002),VLOOKUP(I102,Feuil1!$G$11:$L$25,3),VLOOKUP(I102,Feuil1!$G$11:$L$25,2)))))))","v":"J69"},210.52131910359952,null," ",{"$f":"T102-HLOOKUP(X102,Feuil1!$C$1:$BL$10,2,FALSE)","v":42},{"$f":"T102-HLOOKUP(X102,Feuil1!$C$1:$BL$10,3,FALSE)","v":22},{"$f":"T102-HLOOKUP(X102,Feuil1!$C$1:$BL$10,4,FALSE)","v":2},{"$f":"T102-HLOOKUP(X102,Feuil1!$C$1:$BL$10,5,FALSE)","v":-18},{"$f":"T102-HLOOKUP(X102,Feuil1!$C$1:$BL$10,6,FALSE)","v":-38},{"$f":"T102-HLOOKUP(X102,Feuil1!$C$1:$BL$10,7,FALSE)","v":-68},{"$f":"T102-HLOOKUP(X102,Feuil1!$C$1:$BL$10,8,FALSE)","v":-88},{"$f":"T102-HLOOKUP(X102,Feuil1!$C$1:$BL$10,9,FALSE)","v":-98},{"$f":"T102-HLOOKUP(X102,Feuil1!$C$1:$BL$10,10,FALSE)","v":-848},null,null,null,null,null,null,"REG +"]
["H","NORD","PIC",43,390683,"THUILLIEZ","Teddy",1996,62.2,"La Ferté Milon CMHM","F",60,64,66,66,75,80,84,84,150,25.599999999999994,"REG +",0,{"$f":"IF(I103=\"\",\"\",IF(A103=\"H\",IF(OR(H103=\"SEN\",H103<1995),VLOOKUP(I103,Feuil1!$A$11:$F$29,6),IF(AND(H103>1994,H103<1998),VLOOKUP(I103,Feuil1!$A$11:$F$29,5),IF(AND(H103>1997,H103<2000),VLOOKUP(I103,Feuil1!$A$11:$F$29,4),IF(AND(H103>1999,H103<2002),VLOOKUP(I103,Feuil1!$A$11:$F$29,3),VLOOKUP(I103,Feuil1!$A$11:$F$29,2))))),IF(OR(H103=\"SEN\",H103<1995),VLOOKUP(I103,Feuil1!$G$11:$L$25,6),IF(AND(H103>1994,H103<1998),VLOOKUP(I103,Feuil1!$G$11:$L$25,5),IF(AND(H103>1997,H103<2000),VLOOKUP(I103,Feuil1!$G$11:$L$25,4),IF(AND(H103>1999,H103<2002),VLOOKUP(I103,Feuil1!$G$11:$L$25,3),VLOOKUP(I103,Feuil1!$G$11:$L$25,2)))))))","v":"J69"},216.43932212740182,null," ",{"$f":"T103-HLOOKUP(X103,Feuil1!$C$1:$BL$10,2,FALSE)","v":40},{"$f":"T103-HLOOKUP(X103,Feuil1!$C$1:$BL$10,3,FALSE)","v":20},{"$f":"T103-HLOOKUP(X103,Feuil1!$C$1:$BL$10,4,FALSE)","v":0},{"$f":"T103-HLOOKUP(X103,Feuil1!$C$1:$BL$10,5,FALSE)","v":-20},{"$f":"T103-HLOOKUP(X103,Feuil1!$C$1:$BL$10,6,FALSE)","v":-40},{"$f":"T103-HLOOKUP(X103,Feuil1!$C$1:$BL$10,7,FALSE)","v":-70},{"$f":"T103-HLOOKUP(X103,Feuil1!$C$1:$BL$10,8,FALSE)","v":-90},{"$f":"T103-HLOOKUP(X103,Feuil1!$C$1:$BL$10,9,FALSE)","v":-100},{"$f":"T103-HLOOKUP(X103,Feuil1!$C$1:$BL$10,10,FALSE)","v":-850},null,null,null,null,null,null,"REG +"]
["H","SO","MPY",44,372055,"SERPIN ","Maxime",1996,66.599999999999994,"MONTAUBAN HC","F",-60,60,65,65,80,85,-90,85,150,16.800000000000011,"REG +",0,{"$f":"IF(I104=\"\",\"\",IF(A104=\"H\",IF(OR(H104=\"SEN\",H104<1995),VLOOKUP(I104,Feuil1!$A$11:$F$29,6),IF(AND(H104>1994,H104<1998),VLOOKUP(I104,Feuil1!$A$11:$F$29,5),IF(AND(H104>1997,H104<2000),VLOOKUP(I104,Feuil1!$A$11:$F$29,4),IF(AND(H104>1999,H104<2002),VLOOKUP(I104,Feuil1!$A$11:$F$29,3),VLOOKUP(I104,Feuil1!$A$11:$F$29,2))))),IF(OR(H104=\"SEN\",H104<1995),VLOOKUP(I104,Feuil1!$G$11:$L$25,6),IF(AND(H104>1994,H104<1998),VLOOKUP(I104,Feuil1!$G$11:$L$25,5),IF(AND(H104>1997,H104<2000),VLOOKUP(I104,Feuil1!$G$11:$L$25,4),IF(AND(H104>1999,H104<2002),VLOOKUP(I104,Feuil1!$G$11:$L$25,3),VLOOKUP(I104,Feuil1!$G$11:$L$25,2)))))))","v":"J69"},206.50049546422039,null," ",{"$f":"T104-HLOOKUP(X104,Feuil1!$C$1:$BL$10,2,FALSE)","v":40},{"$f":"T104-HLOOKUP(X104,Feuil1!$C$1:$BL$10,3,FALSE)","v":20},{"$f":"T104-HLOOKUP(X104,Feuil1!$C$1:$BL$10,4,FALSE)","v":0},{"$f":"T104-HLOOKUP(X104,Feuil1!$C$1:$BL$10,5,FALSE)","v":-20},{"$f":"T104-HLOOKUP(X104,Feuil1!$C$1:$BL$10,6,FALSE)","v":-40},{"$f":"T104-HLOOKUP(X104,Feuil1!$C$1:$BL$10,7,FALSE)","v":-70},{"$f":"T104-HLOOKUP(X104,Feuil1!$C$1:$BL$10,8,FALSE)","v":-90},{"$f":"T104-HLOOKUP(X104,Feuil1!$C$1:$BL$10,9,FALSE)","v":-100},{"$f":"T104-HLOOKUP(X104,Feuil1!$C$1:$BL$10,10,FALSE)","v":-850},null,null,null,null,null,null,"REG +"]
["H","SEST","LAN ",45,230413,"PEDRENO","Nicolas",1995,68.599999999999994,"Clermont Sports","F",61,65,-68,65,80,-85,85,85,150,12.800000000000011,"REG +",0,{"$f":"IF(I105=\"\",\"\",IF(A105=\"H\",IF(OR(H105=\"SEN\",H105<1995),VLOOKUP(I105,Feuil1!$A$11:$F$29,6),IF(AND(H105>1994,H105<1998),VLOOKUP(I105,Feuil1!$A$11:$F$29,5),IF(AND(H105>1997,H105<2000),VLOOKUP(I105,Feuil1!$A$11:$F$29,4),IF(AND(H105>1999,H105<2002),VLOOKUP(I105,Feuil1!$A$11:$F$29,3),VLOOKUP(I105,Feuil1!$A$11:$F$29,2))))),IF(OR(H105=\"SEN\",H105<1995),VLOOKUP(I105,Feuil1!$G$11:$L$25,6),IF(AND(H105>1994,H105<1998),VLOOKUP(I105,Feuil1!$G$11:$L$25,5),IF(AND(H105>1997,H105<2000),VLOOKUP(I105,Feuil1!$G$11:$L$25,4),IF(AND(H105>1999,H105<2002),VLOOKUP(I105,Feuil1!$G$11:$L$25,3),VLOOKUP(I105,Feuil1!$G$11:$L$25,2)))))))","v":"J69"},202.54323702622074,null," ",{"$f":"T105-HLOOKUP(X105,Feuil1!$C$1:$BL$10,2,FALSE)","v":40},{"$f":"T105-HLOOKUP(X105,Feuil1!$C$1:$BL$10,3,FALSE)","v":20},{"$f":"T105-HLOOKUP(X105,Feuil1!$C$1:$BL$10,4,FALSE)","v":0},{"$f":"T105-HLOOKUP(X105,Feuil1!$C$1:$BL$10,5,FALSE)","v":-20},{"$f":"T105-HLOOKUP(X105,Feuil1!$C$1:$BL$10,6,FALSE)","v":-40},{"$f":"T105-HLOOKUP(X105,Feuil1!$C$1:$BL$10,7,FALSE)","v":-70},{"$f":"T105-HLOOKUP(X105,Feuil1!$C$1:$BL$10,8,FALSE)","v":-90},{"$f":"T105-HLOOKUP(X105,Feuil1!$C$1:$BL$10,9,FALSE)","v":-100},{"$f":"T105-HLOOKUP(X105,Feuil1!$C$1:$BL$10,10,FALSE)","v":-850},null,null,null,null,null,null,"REG +"]
["H","NE","BOU",46,381158,"BADET","Thomas",1996,67,"Varennes Vauzelles","F",60,64,67,67,70,75,78,78,145,11,"DEP +",15,{"$f":"IF(I106=\"\",\"\",IF(A106=\"H\",IF(OR(H106=\"SEN\",H106<1995),VLOOKUP(I106,Feuil1!$A$11:$F$29,6),IF(AND(H106>1994,H106<1998),VLOOKUP(I106,Feuil1!$A$11:$F$29,5),IF(AND(H106>1997,H106<2000),VLOOKUP(I106,Feuil1!$A$11:$F$29,4),IF(AND(H106>1999,H106<2002),VLOOKUP(I106,Feuil1!$A$11:$F$29,3),VLOOKUP(I106,Feuil1!$A$11:$F$29,2))))),IF(OR(H106=\"SEN\",H106<1995),VLOOKUP(I106,Feuil1!$G$11:$L$25,6),IF(AND(H106>1994,H106<1998),VLOOKUP(I106,Feuil1!$G$11:$L$25,5),IF(AND(H106>1997,H106<2000),VLOOKUP(I106,Feuil1!$G$11:$L$25,4),IF(AND(H106>1999,H106<2002),VLOOKUP(I106,Feuil1!$G$11:$L$25,3),VLOOKUP(I106,Feuil1!$G$11:$L$25,2)))))))","v":"J69"},198.82728819107675,null," ",{"$f":"T106-HLOOKUP(X106,Feuil1!$C$1:$BL$10,2,FALSE)","v":35},{"$f":"T106-HLOOKUP(X106,Feuil1!$C$1:$BL$10,3,FALSE)","v":15},{"$f":"T106-HLOOKUP(X106,Feuil1!$C$1:$BL$10,4,FALSE)","v":-5},{"$f":"T106-HLOOKUP(X106,Feuil1!$C$1:$BL$10,5,FALSE)","v":-25},{"$f":"T106-HLOOKUP(X106,Feuil1!$C$1:$BL$10,6,FALSE)","v":-45},{"$f":"T106-HLOOKUP(X106,Feuil1!$C$1:$BL$10,7,FALSE)","v":-75},{"$f":"T106-HLOOKUP(X106,Feuil1!$C$1:$BL$10,8,FALSE)","v":-95},{"$f":"T106-HLOOKUP(X106,Feuil1!$C$1:$BL$10,9,FALSE)","v":-105},{"$f":"T106-HLOOKUP(X106,Feuil1!$C$1:$BL$10,10,FALSE)","v":-855},null,null,null,null,null,null,"DEP +"]
["H","NORD","PIC",47,391583,"PORQUET","Florian",1995,68.099999999999994,"Villers-Bretonneux KC","F",55,-58,58,58,80,85,-88,85,143,6.8000000000000114,"DEP +",13,{"$f":"IF(I107=\"\",\"\",IF(A107=\"H\",IF(OR(H107=\"SEN\",H107<1995),VLOOKUP(I107,Feuil1!$A$11:$F$29,6),IF(AND(H107>1994,H107<1998),VLOOKUP(I107,Feuil1!$A$11:$F$29,5),IF(AND(H107>1997,H107<2000),VLOOKUP(I107,Feuil1!$A$11:$F$29,4),IF(AND(H107>1999,H107<2002),VLOOKUP(I107,Feuil1!$A$11:$F$29,3),VLOOKUP(I107,Feuil1!$A$11:$F$29,2))))),IF(OR(H107=\"SEN\",H107<1995),VLOOKUP(I107,Feuil1!$G$11:$L$25,6),IF(AND(H107>1994,H107<1998),VLOOKUP(I107,Feuil1!$G$11:$L$25,5),IF(AND(H107>1997,H107<2000),VLOOKUP(I107,Feuil1!$G$11:$L$25,4),IF(AND(H107>1999,H107<2002),VLOOKUP(I107,Feuil1!$G$11:$L$25,3),VLOOKUP(I107,Feuil1!$G$11:$L$25,2)))))))","v":"J69"},194.00626597777597,null," ",{"$f":"T107-HLOOKUP(X107,Feuil1!$C$1:$BL$10,2,FALSE)","v":33},{"$f":"T107-HLOOKUP(X107,Feuil1!$C$1:$BL$10,3,FALSE)","v":13},{"$f":"T107-HLOOKUP(X107,Feuil1!$C$1:$BL$10,4,FALSE)","v":-7},{"$f":"T107-HLOOKUP(X107,Feuil1!$C$1:$BL$10,5,FALSE)","v":-27},{"$f":"T107-HLOOKUP(X107,Feuil1!$C$1:$BL$10,6,FALSE)","v":-47},{"$f":"T107-HLOOKUP(X107,Feuil1!$C$1:$BL$10,7,FALSE)","v":-77},{"$f":"T107-HLOOKUP(X107,Feuil1!$C$1:$BL$10,8,FALSE)","v":-97},{"$f":"T107-HLOOKUP(X107,Feuil1!$C$1:$BL$10,9,FALSE)","v":-107},{"$f":"T107-HLOOKUP(X107,Feuil1!$C$1:$BL$10,10,FALSE)","v":-857},null,null,null,null,null,null,"DEP +"]
["H","SEST","CAZ",48,339404,"SURROGATO","Victor",1997,65.2,"ASLDD TOULON","F",-62,62,65,65,73,76,-79,76,141,10.599999999999994,"DEP +",11,{"$f":"IF(I108=\"\",\"\",IF(A108=\"H\",IF(OR(H108=\"SEN\",H108<1995),VLOOKUP(I108,Feuil1!$A$11:$F$29,6),IF(AND(H108>1994,H108<1998),VLOOKUP(I108,Feuil1!$A$11:$F$29,5),IF(AND(H108>1997,H108<2000),VLOOKUP(I108,Feuil1!$A$11:$F$29,4),IF(AND(H108>1999,H108<2002),VLOOKUP(I108,Feuil1!$A$11:$F$29,3),VLOOKUP(I108,Feuil1!$A$11:$F$29,2))))),IF(OR(H108=\"SEN\",H108<1995),VLOOKUP(I108,Feuil1!$G$11:$L$25,6),IF(AND(H108>1994,H108<1998),VLOOKUP(I108,Feuil1!$G$11:$L$25,5),IF(AND(H108>1997,H108<2000),VLOOKUP(I108,Feuil1!$G$11:$L$25,4),IF(AND(H108>1999,H108<2002),VLOOKUP(I108,Feuil1!$G$11:$L$25,3),VLOOKUP(I108,Feuil1!$G$11:$L$25,2)))))))","v":"J69"},196.89950922720078,null," ",{"$f":"T108-HLOOKUP(X108,Feuil1!$C$1:$BL$10,2,FALSE)","v":31},{"$f":"T108-HLOOKUP(X108,Feuil1!$C$1:$BL$10,3,FALSE)","v":11},{"$f":"T108-HLOOKUP(X108,Feuil1!$C$1:$BL$10,4,FALSE)","v":-9},{"$f":"T108-HLOOKUP(X108,Feuil1!$C$1:$BL$10,5,FALSE)","v":-29},{"$f":"T108-HLOOKUP(X108,Feuil1!$C$1:$BL$10,6,FALSE)","v":-49},{"$f":"T108-HLOOKUP(X108,Feuil1!$C$1:$BL$10,7,FALSE)","v":-79},{"$f":"T108-HLOOKUP(X108,Feuil1!$C$1:$BL$10,8,FALSE)","v":-99},{"$f":"T108-HLOOKUP(X108,Feuil1!$C$1:$BL$10,9,FALSE)","v":-109},{"$f":"T108-HLOOKUP(X108,Feuil1!$C$1:$BL$10,10,FALSE)","v":-859},null,null,null,null,null,null,"DEP +"]
["H","SEST","RAL",49,379857,"LAMIRI","Vincent",1995,68.3,"VALENCE","F",60,-65,65,65,-72,72,76,76,141,4.4000000000000057,"DEP +",11,{"$f":"IF(I109=\"\",\"\",IF(A109=\"H\",IF(OR(H109=\"SEN\",H109<1995),VLOOKUP(I109,Feuil1!$A$11:$F$29,6),IF(AND(H109>1994,H109<1998),VLOOKUP(I109,Feuil1!$A$11:$F$29,5),IF(AND(H109>1997,H109<2000),VLOOKUP(I109,Feuil1!$A$11:$F$29,4),IF(AND(H109>1999,H109<2002),VLOOKUP(I109,Feuil1!$A$11:$F$29,3),VLOOKUP(I109,Feuil1!$A$11:$F$29,2))))),IF(OR(H109=\"SEN\",H109<1995),VLOOKUP(I109,Feuil1!$G$11:$L$25,6),IF(AND(H109>1994,H109<1998),VLOOKUP(I109,Feuil1!$G$11:$L$25,5),IF(AND(H109>1997,H109<2000),VLOOKUP(I109,Feuil1!$G$11:$L$25,4),IF(AND(H109>1999,H109<2002),VLOOKUP(I109,Feuil1!$G$11:$L$25,3),VLOOKUP(I109,Feuil1!$G$11:$L$25,2)))))))","v":"J69"},190.92984077709446,null," ",{"$f":"T109-HLOOKUP(X109,Feuil1!$C$1:$BL$10,2,FALSE)","v":31},{"$f":"T109-HLOOKUP(X109,Feuil1!$C$1:$BL$10,3,FALSE)","v":11},{"$f":"T109-HLOOKUP(X109,Feuil1!$C$1:$BL$10,4,FALSE)","v":-9},{"$f":"T109-HLOOKUP(X109,Feuil1!$C$1:$BL$10,5,FALSE)","v":-29},{"$f":"T109-HLOOKUP(X109,Feuil1!$C$1:$BL$10,6,FALSE)","v":-49},{"$f":"T109-HLOOKUP(X109,Feuil1!$C$1:$BL$10,7,FALSE)","v":-79},{"$f":"T109-HLOOKUP(X109,Feuil1!$C$1:$BL$10,8,FALSE)","v":-99},{"$f":"T109-HLOOKUP(X109,Feuil1!$C$1:$BL$10,9,FALSE)","v":-109},{"$f":"T109-HLOOKUP(X109,Feuil1!$C$1:$BL$10,10,FALSE)","v":-859},null,null,null,null,null,null,"DEP +"]
["H","NORD","NPC",50,294055,"DEFONTAINE","Jordan",1997,68.099999999999994,"A.O.SALLAUMINES","F",55,58,60,60,73,77,80,80,140,3.8000000000000114,"DEP +",10,{"$f":"IF(I110=\"\",\"\",IF(A110=\"H\",IF(OR(H110=\"SEN\",H110<1995),VLOOKUP(I110,Feuil1!$A$11:$F$29,6),IF(AND(H110>1994,H110<1998),VLOOKUP(I110,Feuil1!$A$11:$F$29,5),IF(AND(H110>1997,H110<2000),VLOOKUP(I110,Feuil1!$A$11:$F$29,4),IF(AND(H110>1999,H110<2002),VLOOKUP(I110,Feuil1!$A$11:$F$29,3),VLOOKUP(I110,Feuil1!$A$11:$F$29,2))))),IF(OR(H110=\"SEN\",H110<1995),VLOOKUP(I110,Feuil1!$G$11:$L$25,6),IF(AND(H110>1994,H110<1998),VLOOKUP(I110,Feuil1!$G$11:$L$25,5),IF(AND(H110>1997,H110<2000),VLOOKUP(I110,Feuil1!$G$11:$L$25,4),IF(AND(H110>1999,H110<2002),VLOOKUP(I110,Feuil1!$G$11:$L$25,3),VLOOKUP(I110,Feuil1!$G$11:$L$25,2)))))))","v":"J69"},189.93620445376666,null," ",{"$f":"T110-HLOOKUP(X110,Feuil1!$C$1:$BL$10,2,FALSE)","v":30},{"$f":"T110-HLOOKUP(X110,Feuil1!$C$1:$BL$10,3,FALSE)","v":10},{"$f":"T110-HLOOKUP(X110,Feuil1!$C$1:$BL$10,4,FALSE)","v":-10},{"$f":"T110-HLOOKUP(X110,Feuil1!$C$1:$BL$10,5,FALSE)","v":-30},{"$f":"T110-HLOOKUP(X110,Feuil1!$C$1:$BL$10,6,FALSE)","v":-50},{"$f":"T110-HLOOKUP(X110,Feuil1!$C$1:$BL$10,7,FALSE)","v":-80},{"$f":"T110-HLOOKUP(X110,Feuil1!$C$1:$BL$10,8,FALSE)","v":-100},{"$f":"T110-HLOOKUP(X110,Feuil1!$C$1:$BL$10,9,FALSE)","v":-110},{"$f":"T110-HLOOKUP(X110,Feuil1!$C$1:$BL$10,10,FALSE)","v":-860},null,null,null,null,null,null,"DEP +"]
["H","SO","MPY",51,301669,"CABANEL","Rémy",1996,66.7,"ALBI HC","F",50,55,62,62,72,77,-80,77,139,5.5999999999999943,"DEP +",9,{"$f":"IF(I111=\"\",\"\",IF(A111=\"H\",IF(OR(H111=\"SEN\",H111<1995),VLOOKUP(I111,Feuil1!$A$11:$F$29,6),IF(AND(H111>1994,H111<1998),VLOOKUP(I111,Feuil1!$A$11:$F$29,5),IF(AND(H111>1997,H111<2000),VLOOKUP(I111,Feuil1!$A$11:$F$29,4),IF(AND(H111>1999,H111<2002),VLOOKUP(I111,Feuil1!$A$11:$F$29,3),VLOOKUP(I111,Feuil1!$A$11:$F$29,2))))),IF(OR(H111=\"SEN\",H111<1995),VLOOKUP(I111,Feuil1!$G$11:$L$25,6),IF(AND(H111>1994,H111<1998),VLOOKUP(I111,Feuil1!$G$11:$L$25,5),IF(AND(H111>1997,H111<2000),VLOOKUP(I111,Feuil1!$G$11:$L$25,4),IF(AND(H111>1999,H111<2002),VLOOKUP(I111,Feuil1!$G$11:$L$25,3),VLOOKUP(I111,Feuil1!$G$11:$L$25,2)))))))","v":"J69"},191.16668089298574,null," ",{"$f":"T111-HLOOKUP(X111,Feuil1!$C$1:$BL$10,2,FALSE)","v":29},{"$f":"T111-HLOOKUP(X111,Feuil1!$C$1:$BL$10,3,FALSE)","v":9},{"$f":"T111-HLOOKUP(X111,Feuil1!$C$1:$BL$10,4,FALSE)","v":-11},{"$f":"T111-HLOOKUP(X111,Feuil1!$C$1:$BL$10,5,FALSE)","v":-31},{"$f":"T111-HLOOKUP(X111,Feuil1!$C$1:$BL$10,6,FALSE)","v":-51},{"$f":"T111-HLOOKUP(X111,Feuil1!$C$1:$BL$10,7,FALSE)","v":-81},{"$f":"T111-HLOOKUP(X111,Feuil1!$C$1:$BL$10,8,FALSE)","v":-101},{"$f":"T111-HLOOKUP(X111,Feuil1!$C$1:$BL$10,9,FALSE)","v":-111},{"$f":"T111-HLOOKUP(X111,Feuil1!$C$1:$BL$10,10,FALSE)","v":-861},null,null,null,null,null,null,"DEP +"]
["H","NE","ALS",52,311238,"YAHIA","ALI",1995,68.599999999999994,"SA Koenigshoffen","F",55,59,63,63,65,70,75,75,138,0.80000000000001137,"DEP +",8,{"$f":"IF(I112=\"\",\"\",IF(A112=\"H\",IF(OR(H112=\"SEN\",H112<1995),VLOOKUP(I112,Feuil1!$A$11:$F$29,6),IF(AND(H112>1994,H112<1998),VLOOKUP(I112,Feuil1!$A$11:$F$29,5),IF(AND(H112>1997,H112<2000),VLOOKUP(I112,Feuil1!$A$11:$F$29,4),IF(AND(H112>1999,H112<2002),VLOOKUP(I112,Feuil1!$A$11:$F$29,3),VLOOKUP(I112,Feuil1!$A$11:$F$29,2))))),IF(OR(H112=\"SEN\",H112<1995),VLOOKUP(I112,Feuil1!$G$11:$L$25,6),IF(AND(H112>1994,H112<1998),VLOOKUP(I112,Feuil1!$G$11:$L$25,5),IF(AND(H112>1997,H112<2000),VLOOKUP(I112,Feuil1!$G$11:$L$25,4),IF(AND(H112>1999,H112<2002),VLOOKUP(I112,Feuil1!$G$11:$L$25,3),VLOOKUP(I112,Feuil1!$G$11:$L$25,2)))))))","v":"J69"},186.3397780641231,null," ",{"$f":"T112-HLOOKUP(X112,Feuil1!$C$1:$BL$10,2,FALSE)","v":28},{"$f":"T112-HLOOKUP(X112,Feuil1!$C$1:$BL$10,3,FALSE)","v":8},{"$f":"T112-HLOOKUP(X112,Feuil1!$C$1:$BL$10,4,FALSE)","v":-12},{"$f":"T112-HLOOKUP(X112,Feuil1!$C$1:$BL$10,5,FALSE)","v":-32},{"$f":"T112-HLOOKUP(X112,Feuil1!$C$1:$BL$10,6,FALSE)","v":-52},{"$f":"T112-HLOOKUP(X112,Feuil1!$C$1:$BL$10,7,FALSE)","v":-82},{"$f":"T112-HLOOKUP(X112,Feuil1!$C$1:$BL$10,8,FALSE)","v":-102},{"$f":"T112-HLOOKUP(X112,Feuil1!$C$1:$BL$10,9,FALSE)","v":-112},{"$f":"T112-HLOOKUP(X112,Feuil1!$C$1:$BL$10,10,FALSE)","v":-862},null,null,null,null,null,null,"DEP +"]
["H","NE","BOU",53,351818,"SEURAT","Allan",1997,67.7,"HC Avallon","F",54,57,60,60,71,75,77,77,137,1.5999999999999943,"DEP +",7,{"$f":"IF(I113=\"\",\"\",IF(A113=\"H\",IF(OR(H113=\"SEN\",H113<1995),VLOOKUP(I113,Feuil1!$A$11:$F$29,6),IF(AND(H113>1994,H113<1998),VLOOKUP(I113,Feuil1!$A$11:$F$29,5),IF(AND(H113>1997,H113<2000),VLOOKUP(I113,Feuil1!$A$11:$F$29,4),IF(AND(H113>1999,H113<2002),VLOOKUP(I113,Feuil1!$A$11:$F$29,3),VLOOKUP(I113,Feuil1!$A$11:$F$29,2))))),IF(OR(H113=\"SEN\",H113<1995),VLOOKUP(I113,Feuil1!$G$11:$L$25,6),IF(AND(H113>1994,H113<1998),VLOOKUP(I113,Feuil1!$G$11:$L$25,5),IF(AND(H113>1997,H113<2000),VLOOKUP(I113,Feuil1!$G$11:$L$25,4),IF(AND(H113>1999,H113<2002),VLOOKUP(I113,Feuil1!$G$11:$L$25,3),VLOOKUP(I113,Feuil1!$G$11:$L$25,2)))))))","v":"J69"},186.58013883888461,null," ",{"$f":"T113-HLOOKUP(X113,Feuil1!$C$1:$BL$10,2,FALSE)","v":27},{"$f":"T113-HLOOKUP(X113,Feuil1!$C$1:$BL$10,3,FALSE)","v":7},{"$f":"T113-HLOOKUP(X113,Feuil1!$C$1:$BL$10,4,FALSE)","v":-13},{"$f":"T113-HLOOKUP(X113,Feuil1!$C$1:$BL$10,5,FALSE)","v":-33},{"$f":"T113-HLOOKUP(X113,Feuil1!$C$1:$BL$10,6,FALSE)","v":-53},{"$f":"T113-HLOOKUP(X113,Feuil1!$C$1:$BL$10,7,FALSE)","v":-83},{"$f":"T113-HLOOKUP(X113,Feuil1!$C$1:$BL$10,8,FALSE)","v":-103},{"$f":"T113-HLOOKUP(X113,Feuil1!$C$1:$BL$10,9,FALSE)","v":-113},{"$f":"T113-HLOOKUP(X113,Feuil1!$C$1:$BL$10,10,FALSE)","v":-863},null,null,null,null,null,null,"DEP +"]
["H","NE","CHA",54,368336,"CREVISY","Nicolas",1995,62.2,"Langres HM","F",60,-65,-65,60,75,"-","-",75,135,10.599999999999994,"DEP +",5,{"$f":"IF(I114=\"\",\"\",IF(A114=\"H\",IF(OR(H114=\"SEN\",H114<1995),VLOOKUP(I114,Feuil1!$A$11:$F$29,6),IF(AND(H114>1994,H114<1998),VLOOKUP(I114,Feuil1!$A$11:$F$29,5),IF(AND(H114>1997,H114<2000),VLOOKUP(I114,Feuil1!$A$11:$F$29,4),IF(AND(H114>1999,H114<2002),VLOOKUP(I114,Feuil1!$A$11:$F$29,3),VLOOKUP(I114,Feuil1!$A$11:$F$29,2))))),IF(OR(H114=\"SEN\",H114<1995),VLOOKUP(I114,Feuil1!$G$11:$L$25,6),IF(AND(H114>1994,H114<1998),VLOOKUP(I114,Feuil1!$G$11:$L$25,5),IF(AND(H114>1997,H114<2000),VLOOKUP(I114,Feuil1!$G$11:$L$25,4),IF(AND(H114>1999,H114<2002),VLOOKUP(I114,Feuil1!$G$11:$L$25,3),VLOOKUP(I114,Feuil1!$G$11:$L$25,2)))))))","v":"J69"},194.79538991466165,null," ",{"$f":"T114-HLOOKUP(X114,Feuil1!$C$1:$BL$10,2,FALSE)","v":25},{"$f":"T114-HLOOKUP(X114,Feuil1!$C$1:$BL$10,3,FALSE)","v":5},{"$f":"T114-HLOOKUP(X114,Feuil1!$C$1:$BL$10,4,FALSE)","v":-15},{"$f":"T114-HLOOKUP(X114,Feuil1!$C$1:$BL$10,5,FALSE)","v":-35},{"$f":"T114-HLOOKUP(X114,Feuil1!$C$1:$BL$10,6,FALSE)","v":-55},{"$f":"T114-HLOOKUP(X114,Feuil1!$C$1:$BL$10,7,FALSE)","v":-85},{"$f":"T114-HLOOKUP(X114,Feuil1!$C$1:$BL$10,8,FALSE)","v":-105},{"$f":"T114-HLOOKUP(X114,Feuil1!$C$1:$BL$10,9,FALSE)","v":-115},{"$f":"T114-HLOOKUP(X114,Feuil1!$C$1:$BL$10,10,FALSE)","v":-865},null,null,null,null,null,null,"DEP +"]
["H","SEST","RAL",55,344094,"ROMAN","Guillaume",1997,67.900000000000006,"Pierrelatte","F",55,-60,-60,55,75,-80,80,80,135,-0.80000000000001137,"DEP +",5,{"$f":"IF(I115=\"\",\"\",IF(A115=\"H\",IF(OR(H115=\"SEN\",H115<1995),VLOOKUP(I115,Feuil1!$A$11:$F$29,6),IF(AND(H115>1994,H115<1998),VLOOKUP(I115,Feuil1!$A$11:$F$29,5),IF(AND(H115>1997,H115<2000),VLOOKUP(I115,Feuil1!$A$11:$F$29,4),IF(AND(H115>1999,H115<2002),VLOOKUP(I115,Feuil1!$A$11:$F$29,3),VLOOKUP(I115,Feuil1!$A$11:$F$29,2))))),IF(OR(H115=\"SEN\",H115<1995),VLOOKUP(I115,Feuil1!$G$11:$L$25,6),IF(AND(H115>1994,H115<1998),VLOOKUP(I115,Feuil1!$G$11:$L$25,5),IF(AND(H115>1997,H115<2000),VLOOKUP(I115,Feuil1!$G$11:$L$25,4),IF(AND(H115>1999,H115<2002),VLOOKUP(I115,Feuil1!$G$11:$L$25,3),VLOOKUP(I115,Feuil1!$G$11:$L$25,2)))))))","v":"J69"},183.50315035044784,null," ",{"$f":"T115-HLOOKUP(X115,Feuil1!$C$1:$BL$10,2,FALSE)","v":25},{"$f":"T115-HLOOKUP(X115,Feuil1!$C$1:$BL$10,3,FALSE)","v":5},{"$f":"T115-HLOOKUP(X115,Feuil1!$C$1:$BL$10,4,FALSE)","v":-15},{"$f":"T115-HLOOKUP(X115,Feuil1!$C$1:$BL$10,5,FALSE)","v":-35},{"$f":"T115-HLOOKUP(X115,Feuil1!$C$1:$BL$10,6,FALSE)","v":-55},{"$f":"T115-HLOOKUP(X115,Feuil1!$C$1:$BL$10,7,FALSE)","v":-85},{"$f":"T115-HLOOKUP(X115,Feuil1!$C$1:$BL$10,8,FALSE)","v":-105},{"$f":"T115-HLOOKUP(X115,Feuil1!$C$1:$BL$10,9,FALSE)","v":-115},{"$f":"T115-HLOOKUP(X115,Feuil1!$C$1:$BL$10,10,FALSE)","v":-865},null,null,null,null,null,null,"DEP +"]
["H","SEST","CAZ",56,357056,"COCU","Mickael",1997,63.6,"ASPTT DRAGUIGNAN","F",52,57,-62,57,70,75,-80,75,132,4.7999999999999972,"DEP +",2,{"$f":"IF(I116=\"\",\"\",IF(A116=\"H\",IF(OR(H116=\"SEN\",H116<1995),VLOOKUP(I116,Feuil1!$A$11:$F$29,6),IF(AND(H116>1994,H116<1998),VLOOKUP(I116,Feuil1!$A$11:$F$29,5),IF(AND(H116>1997,H116<2000),VLOOKUP(I116,Feuil1!$A$11:$F$29,4),IF(AND(H116>1999,H116<2002),VLOOKUP(I116,Feuil1!$A$11:$F$29,3),VLOOKUP(I116,Feuil1!$A$11:$F$29,2))))),IF(OR(H116=\"SEN\",H116<1995),VLOOKUP(I116,Feuil1!$G$11:$L$25,6),IF(AND(H116>1994,H116<1998),VLOOKUP(I116,Feuil1!$G$11:$L$25,5),IF(AND(H116>1997,H116<2000),VLOOKUP(I116,Feuil1!$G$11:$L$25,4),IF(AND(H116>1999,H116<2002),VLOOKUP(I116,Feuil1!$G$11:$L$25,3),VLOOKUP(I116,Feuil1!$G$11:$L$25,2)))))))","v":"J69"},187.506718614379,null," ",{"$f":"T116-HLOOKUP(X116,Feuil1!$C$1:$BL$10,2,FALSE)","v":22},{"$f":"T116-HLOOKUP(X116,Feuil1!$C$1:$BL$10,3,FALSE)","v":2},{"$f":"T116-HLOOKUP(X116,Feuil1!$C$1:$BL$10,4,FALSE)","v":-18},{"$f":"T116-HLOOKUP(X116,Feuil1!$C$1:$BL$10,5,FALSE)","v":-38},{"$f":"T116-HLOOKUP(X116,Feuil1!$C$1:$BL$10,6,FALSE)","v":-58},{"$f":"T116-HLOOKUP(X116,Feuil1!$C$1:$BL$10,7,FALSE)","v":-88},{"$f":"T116-HLOOKUP(X116,Feuil1!$C$1:$BL$10,8,FALSE)","v":-108},{"$f":"T116-HLOOKUP(X116,Feuil1!$C$1:$BL$10,9,FALSE)","v":-118},{"$f":"T116-HLOOKUP(X116,Feuil1!$C$1:$BL$10,10,FALSE)","v":-868},null,null,null,null,null,null,"DEP +"]
["H","SEST","CAZ",57,352287,"NACCARI","François",1996,66.599999999999994,"E.S. VILLENEUVE LOUBET","F",50,56,-60,56,71,-76,76,76,132,-1.1999999999999886,"DEP +",2,{"$f":"IF(I117=\"\",\"\",IF(A117=\"H\",IF(OR(H117=\"SEN\",H117<1995),VLOOKUP(I117,Feuil1!$A$11:$F$29,6),IF(AND(H117>1994,H117<1998),VLOOKUP(I117,Feuil1!$A$11:$F$29,5),IF(AND(H117>1997,H117<2000),VLOOKUP(I117,Feuil1!$A$11:$F$29,4),IF(AND(H117>1999,H117<2002),VLOOKUP(I117,Feuil1!$A$11:$F$29,3),VLOOKUP(I117,Feuil1!$A$11:$F$29,2))))),IF(OR(H117=\"SEN\",H117<1995),VLOOKUP(I117,Feuil1!$G$11:$L$25,6),IF(AND(H117>1994,H117<1998),VLOOKUP(I117,Feuil1!$G$11:$L$25,5),IF(AND(H117>1997,H117<2000),VLOOKUP(I117,Feuil1!$G$11:$L$25,4),IF(AND(H117>1999,H117<2002),VLOOKUP(I117,Feuil1!$G$11:$L$25,3),VLOOKUP(I117,Feuil1!$G$11:$L$25,2)))))))","v":"J69"},181.72043600851396,null," ",{"$f":"T117-HLOOKUP(X117,Feuil1!$C$1:$BL$10,2,FALSE)","v":22},{"$f":"T117-HLOOKUP(X117,Feuil1!$C$1:$BL$10,3,FALSE)","v":2},{"$f":"T117-HLOOKUP(X117,Feuil1!$C$1:$BL$10,4,FALSE)","v":-18},{"$f":"T117-HLOOKUP(X117,Feuil1!$C$1:$BL$10,5,FALSE)","v":-38},{"$f":"T117-HLOOKUP(X117,Feuil1!$C$1:$BL$10,6,FALSE)","v":-58},{"$f":"T117-HLOOKUP(X117,Feuil1!$C$1:$BL$10,7,FALSE)","v":-88},{"$f":"T117-HLOOKUP(X117,Feuil1!$C$1:$BL$10,8,FALSE)","v":-108},{"$f":"T117-HLOOKUP(X117,Feuil1!$C$1:$BL$10,9,FALSE)","v":-118},{"$f":"T117-HLOOKUP(X117,Feuil1!$C$1:$BL$10,10,FALSE)","v":-868},null,null,null,null,null,null,"DEP +"]
["H","SEST","RAL",58,356320,"ROUVEURE","Maxime",1995,66.599999999999994,"VALENCE","F",55,-60,-60,55,72,76,-78,76,131,-2.1999999999999886,"DEP +",1,{"$f":"IF(I118=\"\",\"\",IF(A118=\"H\",IF(OR(H118=\"SEN\",H118<1995),VLOOKUP(I118,Feuil1!$A$11:$F$29,6),IF(AND(H118>1994,H118<1998),VLOOKUP(I118,Feuil1!$A$11:$F$29,5),IF(AND(H118>1997,H118<2000),VLOOKUP(I118,Feuil1!$A$11:$F$29,4),IF(AND(H118>1999,H118<2002),VLOOKUP(I118,Feuil1!$A$11:$F$29,3),VLOOKUP(I118,Feuil1!$A$11:$F$29,2))))),IF(OR(H118=\"SEN\",H118<1995),VLOOKUP(I118,Feuil1!$G$11:$L$25,6),IF(AND(H118>1994,H118<1998),VLOOKUP(I118,Feuil1!$G$11:$L$25,5),IF(AND(H118>1997,H118<2000),VLOOKUP(I118,Feuil1!$G$11:$L$25,4),IF(AND(H118>1999,H118<2002),VLOOKUP(I118,Feuil1!$G$11:$L$25,3),VLOOKUP(I118,Feuil1!$G$11:$L$25,2)))))))","v":"J69"},180.34376603875248,null," ",{"$f":"T118-HLOOKUP(X118,Feuil1!$C$1:$BL$10,2,FALSE)","v":21},{"$f":"T118-HLOOKUP(X118,Feuil1!$C$1:$BL$10,3,FALSE)","v":1},{"$f":"T118-HLOOKUP(X118,Feuil1!$C$1:$BL$10,4,FALSE)","v":-19},{"$f":"T118-HLOOKUP(X118,Feuil1!$C$1:$BL$10,5,FALSE)","v":-39},{"$f":"T118-HLOOKUP(X118,Feuil1!$C$1:$BL$10,6,FALSE)","v":-59},{"$f":"T118-HLOOKUP(X118,Feuil1!$C$1:$BL$10,7,FALSE)","v":-89},{"$f":"T118-HLOOKUP(X118,Feuil1!$C$1:$BL$10,8,FALSE)","v":-109},{"$f":"T118-HLOOKUP(X118,Feuil1!$C$1:$BL$10,9,FALSE)","v":-119},{"$f":"T118-HLOOKUP(X118,Feuil1!$C$1:$BL$10,10,FALSE)","v":-869},null,null,null,null,null,null,"DEP +"]
["H","N","IDF",59,386893,"AOUDIA","YANICE",1996,63,"FRANCONVILLE","F",50,55,58,58,64,69,72,72,130,4,"DEP +",0,{"$f":"IF(I119=\"\",\"\",IF(A119=\"H\",IF(OR(H119=\"SEN\",H119<1995),VLOOKUP(I119,Feuil1!$A$11:$F$29,6),IF(AND(H119>1994,H119<1998),VLOOKUP(I119,Feuil1!$A$11:$F$29,5),IF(AND(H119>1997,H119<2000),VLOOKUP(I119,Feuil1!$A$11:$F$29,4),IF(AND(H119>1999,H119<2002),VLOOKUP(I119,Feuil1!$A$11:$F$29,3),VLOOKUP(I119,Feuil1!$A$11:$F$29,2))))),IF(OR(H119=\"SEN\",H119<1995),VLOOKUP(I119,Feuil1!$G$11:$L$25,6),IF(AND(H119>1994,H119<1998),VLOOKUP(I119,Feuil1!$G$11:$L$25,5),IF(AND(H119>1997,H119<2000),VLOOKUP(I119,Feuil1!$G$11:$L$25,4),IF(AND(H119>1999,H119<2002),VLOOKUP(I119,Feuil1!$G$11:$L$25,3),VLOOKUP(I119,Feuil1!$G$11:$L$25,2)))))))","v":"J69"},185.89372538330494,null," ",{"$f":"T119-HLOOKUP(X119,Feuil1!$C$1:$BL$10,2,FALSE)","v":20},{"$f":"T119-HLOOKUP(X119,Feuil1!$C$1:$BL$10,3,FALSE)","v":0},{"$f":"T119-HLOOKUP(X119,Feuil1!$C$1:$BL$10,4,FALSE)","v":-20},{"$f":"T119-HLOOKUP(X119,Feuil1!$C$1:$BL$10,5,FALSE)","v":-40},{"$f":"T119-HLOOKUP(X119,Feuil1!$C$1:$BL$10,6,FALSE)","v":-60},{"$f":"T119-HLOOKUP(X119,Feuil1!$C$1:$BL$10,7,FALSE)","v":-90},{"$f":"T119-HLOOKUP(X119,Feuil1!$C$1:$BL$10,8,FALSE)","v":-110},{"$f":"T119-HLOOKUP(X119,Feuil1!$C$1:$BL$10,9,FALSE)","v":-120},{"$f":"T119-HLOOKUP(X119,Feuil1!$C$1:$BL$10,10,FALSE)","v":-870},null,null,null,null,null,null,"DEP +"]
["H","CO","BNO",60,357867,"Rouimi","Kebir",1997,64.25,"Alençon","F",50,54,-56,54,67,72,74,74,128,-0.5,"DEB ",18,{"$f":"IF(I120=\"\",\"\",IF(A120=\"H\",IF(OR(H120=\"SEN\",H120<1995),VLOOKUP(I120,Feuil1!$A$11:$F$29,6),IF(AND(H120>1994,H120<1998),VLOOKUP(I120,Feuil1!$A$11:$F$29,5),IF(AND(H120>1997,H120<2000),VLOOKUP(I120,Feuil1!$A$11:$F$29,4),IF(AND(H120>1999,H120<2002),VLOOKUP(I120,Feuil1!$A$11:$F$29,3),VLOOKUP(I120,Feuil1!$A$11:$F$29,2))))),IF(OR(H120=\"SEN\",H120<1995),VLOOKUP(I120,Feuil1!$G$11:$L$25,6),IF(AND(H120>1994,H120<1998),VLOOKUP(I120,Feuil1!$G$11:$L$25,5),IF(AND(H120>1997,H120<2000),VLOOKUP(I120,Feuil1!$G$11:$L$25,4),IF(AND(H120>1999,H120<2002),VLOOKUP(I120,Feuil1!$G$11:$L$25,3),VLOOKUP(I120,Feuil1!$G$11:$L$25,2)))))))","v":"J69"},180.54893843855561,null," ",{"$f":"T120-HLOOKUP(X120,Feuil1!$C$1:$BL$10,2,FALSE)","v":18},{"$f":"T120-HLOOKUP(X120,Feuil1!$C$1:$BL$10,3,FALSE)","v":-2},{"$f":"T120-HLOOKUP(X120,Feuil1!$C$1:$BL$10,4,FALSE)","v":-22},{"$f":"T120-HLOOKUP(X120,Feuil1!$C$1:$BL$10,5,FALSE)","v":-42},{"$f":"T120-HLOOKUP(X120,Feuil1!$C$1:$BL$10,6,FALSE)","v":-62},{"$f":"T120-HLOOKUP(X120,Feuil1!$C$1:$BL$10,7,FALSE)","v":-92},{"$f":"T120-HLOOKUP(X120,Feuil1!$C$1:$BL$10,8,FALSE)","v":-112},{"$f":"T120-HLOOKUP(X120,Feuil1!$C$1:$BL$10,9,FALSE)","v":-122},{"$f":"T120-HLOOKUP(X120,Feuil1!$C$1:$BL$10,10,FALSE)","v":-872},null,null,null,null,null,null,"DEB "]
["H","NE","ALS",61,353575,"LAPP","AURELIEN",1995,68.599999999999994,"MJC Ungersheim","F",50,-55,55,55,65,70,73,73,128,-9.1999999999999886,"DEB ",18,{"$f":"IF(I121=\"\",\"\",IF(A121=\"H\",IF(OR(H121=\"SEN\",H121<1995),VLOOKUP(I121,Feuil1!$A$11:$F$29,6),IF(AND(H121>1994,H121<1998),VLOOKUP(I121,Feuil1!$A$11:$F$29,5),IF(AND(H121>1997,H121<2000),VLOOKUP(I121,Feuil1!$A$11:$F$29,4),IF(AND(H121>1999,H121<2002),VLOOKUP(I121,Feuil1!$A$11:$F$29,3),VLOOKUP(I121,Feuil1!$A$11:$F$29,2))))),IF(OR(H121=\"SEN\",H121<1995),VLOOKUP(I121,Feuil1!$G$11:$L$25,6),IF(AND(H121>1994,H121<1998),VLOOKUP(I121,Feuil1!$G$11:$L$25,5),IF(AND(H121>1997,H121<2000),VLOOKUP(I121,Feuil1!$G$11:$L$25,4),IF(AND(H121>1999,H121<2002),VLOOKUP(I121,Feuil1!$G$11:$L$25,3),VLOOKUP(I121,Feuil1!$G$11:$L$25,2)))))))","v":"J69"},172.83689559570837,null," ",{"$f":"T121-HLOOKUP(X121,Feuil1!$C$1:$BL$10,2,FALSE)","v":18},{"$f":"T121-HLOOKUP(X121,Feuil1!$C$1:$BL$10,3,FALSE)","v":-2},{"$f":"T121-HLOOKUP(X121,Feuil1!$C$1:$BL$10,4,FALSE)","v":-22},{"$f":"T121-HLOOKUP(X121,Feuil1!$C$1:$BL$10,5,FALSE)","v":-42},{"$f":"T121-HLOOKUP(X121,Feuil1!$C$1:$BL$10,6,FALSE)","v":-62},{"$f":"T121-HLOOKUP(X121,Feuil1!$C$1:$BL$10,7,FALSE)","v":-92},{"$f":"T121-HLOOKUP(X121,Feuil1!$C$1:$BL$10,8,FALSE)","v":-112},{"$f":"T121-HLOOKUP(X121,Feuil1!$C$1:$BL$10,9,FALSE)","v":-122},{"$f":"T121-HLOOKUP(X121,Feuil1!$C$1:$BL$10,10,FALSE)","v":-872},null,null,null,null,null,null,"DEB "]
["H","NE","ALS",62,347188,"BUGNA LAMBERT","LUCAS",1996,62.7,"MJC Ungersheim","F",50,55,-60,55,63,71,-75,71,126,0.59999999999999432,"DEB ",16,{"$f":"IF(I122=\"\",\"\",IF(A122=\"H\",IF(OR(H122=\"SEN\",H122<1995),VLOOKUP(I122,Feuil1!$A$11:$F$29,6),IF(AND(H122>1994,H122<1998),VLOOKUP(I122,Feuil1!$A$11:$F$29,5),IF(AND(H122>1997,H122<2000),VLOOKUP(I122,Feuil1!$A$11:$F$29,4),IF(AND(H122>1999,H122<2002),VLOOKUP(I122,Feuil1!$A$11:$F$29,3),VLOOKUP(I122,Feuil1!$A$11:$F$29,2))))),IF(OR(H122=\"SEN\",H122<1995),VLOOKUP(I122,Feuil1!$G$11:$L$25,6),IF(AND(H122>1994,H122<1998),VLOOKUP(I122,Feuil1!$G$11:$L$25,5),IF(AND(H122>1997,H122<2000),VLOOKUP(I122,Feuil1!$G$11:$L$25,4),IF(AND(H122>1999,H122<2002),VLOOKUP(I122,Feuil1!$G$11:$L$25,3),VLOOKUP(I122,Feuil1!$G$11:$L$25,2)))))))","v":"J69"},180.78052820021557,null," ",{"$f":"T122-HLOOKUP(X122,Feuil1!$C$1:$BL$10,2,FALSE)","v":16},{"$f":"T122-HLOOKUP(X122,Feuil1!$C$1:$BL$10,3,FALSE)","v":-4},{"$f":"T122-HLOOKUP(X122,Feuil1!$C$1:$BL$10,4,FALSE)","v":-24},{"$f":"T122-HLOOKUP(X122,Feuil1!$C$1:$BL$10,5,FALSE)","v":-44},{"$f":"T122-HLOOKUP(X122,Feuil1!$C$1:$BL$10,6,FALSE)","v":-64},{"$f":"T122-HLOOKUP(X122,Feuil1!$C$1:$BL$10,7,FALSE)","v":-94},{"$f":"T122-HLOOKUP(X122,Feuil1!$C$1:$BL$10,8,FALSE)","v":-114},{"$f":"T122-HLOOKUP(X122,Feuil1!$C$1:$BL$10,9,FALSE)","v":-124},{"$f":"T122-HLOOKUP(X122,Feuil1!$C$1:$BL$10,10,FALSE)","v":-874},null,null,null,null,null,null,"DEB "]
["H","ZCO","BRE",63,390054,"DURAND","Maxime",1996,62.7,"CHM Plouhinec PR","F",-55,55,-58,55,67,70,-73,70,125,-0.40000000000000568,"DEB ",15,{"$f":"IF(I123=\"\",\"\",IF(A123=\"H\",IF(OR(H123=\"SEN\",H123<1995),VLOOKUP(I123,Feuil1!$A$11:$F$29,6),IF(AND(H123>1994,H123<1998),VLOOKUP(I123,Feuil1!$A$11:$F$29,5),IF(AND(H123>1997,H123<2000),VLOOKUP(I123,Feuil1!$A$11:$F$29,4),IF(AND(H123>1999,H123<2002),VLOOKUP(I123,Feuil1!$A$11:$F$29,3),VLOOKUP(I123,Feuil1!$A$11:$F$29,2))))),IF(OR(H123=\"SEN\",H123<1995),VLOOKUP(I123,Feuil1!$G$11:$L$25,6),IF(AND(H123>1994,H123<1998),VLOOKUP(I123,Feuil1!$G$11:$L$25,5),IF(AND(H123>1997,H123<2000),VLOOKUP(I123,Feuil1!$G$11:$L$25,4),IF(AND(H123>1999,H123<2002),VLOOKUP(I123,Feuil1!$G$11:$L$25,3),VLOOKUP(I123,Feuil1!$G$11:$L$25,2)))))))","v":"J69"},179.34576210338847,null," ",{"$f":"T123-HLOOKUP(X123,Feuil1!$C$1:$BL$10,2,FALSE)","v":15},{"$f":"T123-HLOOKUP(X123,Feuil1!$C$1:$BL$10,3,FALSE)","v":-5},{"$f":"T123-HLOOKUP(X123,Feuil1!$C$1:$BL$10,4,FALSE)","v":-25},{"$f":"T123-HLOOKUP(X123,Feuil1!$C$1:$BL$10,5,FALSE)","v":-45},{"$f":"T123-HLOOKUP(X123,Feuil1!$C$1:$BL$10,6,FALSE)","v":-65},{"$f":"T123-HLOOKUP(X123,Feuil1!$C$1:$BL$10,7,FALSE)","v":-95},{"$f":"T123-HLOOKUP(X123,Feuil1!$C$1:$BL$10,8,FALSE)","v":-115},{"$f":"T123-HLOOKUP(X123,Feuil1!$C$1:$BL$10,9,FALSE)","v":-125},{"$f":"T123-HLOOKUP(X123,Feuil1!$C$1:$BL$10,10,FALSE)","v":-875},null,null,null,null,null,null,"DEB "]
["H","NE","LOR",64,364230,"SALVAN","Émerick",1997,62.6,"E.S.LANEUVEVILLOISE","F",50,53,-55,53,67,70,-42,70,123,-2.2000000000000028,"DEB ",13,{"$f":"IF(I124=\"\",\"\",IF(A124=\"H\",IF(OR(H124=\"SEN\",H124<1995),VLOOKUP(I124,Feuil1!$A$11:$F$29,6),IF(AND(H124>1994,H124<1998),VLOOKUP(I124,Feuil1!$A$11:$F$29,5),IF(AND(H124>1997,H124<2000),VLOOKUP(I124,Feuil1!$A$11:$F$29,4),IF(AND(H124>1999,H124<2002),VLOOKUP(I124,Feuil1!$A$11:$F$29,3),VLOOKUP(I124,Feuil1!$A$11:$F$29,2))))),IF(OR(H124=\"SEN\",H124<1995),VLOOKUP(I124,Feuil1!$G$11:$L$25,6),IF(AND(H124>1994,H124<1998),VLOOKUP(I124,Feuil1!$G$11:$L$25,5),IF(AND(H124>1997,H124<2000),VLOOKUP(I124,Feuil1!$G$11:$L$25,4),IF(AND(H124>1999,H124<2002),VLOOKUP(I124,Feuil1!$G$11:$L$25,3),VLOOKUP(I124,Feuil1!$G$11:$L$25,2)))))))","v":"J69"},176.67531274230194,null," ",{"$f":"T124-HLOOKUP(X124,Feuil1!$C$1:$BL$10,2,FALSE)","v":13},{"$f":"T124-HLOOKUP(X124,Feuil1!$C$1:$BL$10,3,FALSE)","v":-7},{"$f":"T124-HLOOKUP(X124,Feuil1!$C$1:$BL$10,4,FALSE)","v":-27},{"$f":"T124-HLOOKUP(X124,Feuil1!$C$1:$BL$10,5,FALSE)","v":-47},{"$f":"T124-HLOOKUP(X124,Feuil1!$C$1:$BL$10,6,FALSE)","v":-67},{"$f":"T124-HLOOKUP(X124,Feuil1!$C$1:$BL$10,7,FALSE)","v":-97},{"$f":"T124-HLOOKUP(X124,Feuil1!$C$1:$BL$10,8,FALSE)","v":-117},{"$f":"T124-HLOOKUP(X124,Feuil1!$C$1:$BL$10,9,FALSE)","v":-127},{"$f":"T124-HLOOKUP(X124,Feuil1!$C$1:$BL$10,10,FALSE)","v":-877},null,null,null,null,null,null,"DEB "]
["H","N","IDF",65,380863,"ORANTE","KEVIN",1997,67.3,"MASSY","F",45,50,-55,{"$f":"IF(H125=\"\",\"\",IF(MAXA(L125:N125)<=0,0,MAXA(L125:N125)))","v":50},65,70,73,{"$f":"IF(H125=\"\",\"\",IF(MAXA(P125:R125)<=0,0,MAXA(P125:R125)))","v":73},{"$f":"IF(H125=\"\",\"\",IF(OR(O125=0,S125=0),0,O125+S125))","v":123},{"$f":"T125-I125*2","v":-11.599999999999994},{"$f":"IF(H125=\"\",\"\",AQ125)","v":"DEB "},{"$f":"IF(AJ125>=0,AJ125,IF(AI125>=0,AI125,IF(AH125>=0,AH125,IF(AG125>=0,AG125,IF(AF125>=0,AF125,IF(AE125>=0,AE125,IF(AD125>=0,AD125,IF(AC125>=0,AC125,AB125))))))))","v":13},{"$f":"IF(I125=\"\",\"\",IF(A125=\"H\",IF(OR(H125=\"SEN\",H125<1995),VLOOKUP(I125,Feuil1!$A$11:$F$29,6),IF(AND(H125>1994,H125<1998),VLOOKUP(I125,Feuil1!$A$11:$F$29,5),IF(AND(H125>1997,H125<2000),VLOOKUP(I125,Feuil1!$A$11:$F$29,4),IF(AND(H125>1999,H125<2002),VLOOKUP(I125,Feuil1!$A$11:$F$29,3),VLOOKUP(I125,Feuil1!$A$11:$F$29,2))))),IF(OR(H125=\"SEN\",H125<1995),VLOOKUP(I125,Feuil1!$G$11:$L$25,6),IF(AND(H125>1994,H125<1998),VLOOKUP(I125,Feuil1!$G$11:$L$25,5),IF(AND(H125>1997,H125<2000),VLOOKUP(I125,Feuil1!$G$11:$L$25,4),IF(AND(H125>1999,H125<2002),VLOOKUP(I125,Feuil1!$G$11:$L$25,3),VLOOKUP(I125,Feuil1!$G$11:$L$25,2)))))))","v":"J69"},{"$f":"IF(I125=\"\",\"\",IF(A125=\"H\",10^(0.794358141*LOG(I125/174.393)^2)*T125,IF(A125=\"F\",10^(0.89726074*LOG(I125/148.026)^2)*T125,\"\")))","v":168.16493382722916},null," ",{"$f":"T125-HLOOKUP(X125,Feuil1!$C$1:$BL$10,2,FALSE)","v":13},{"$f":"T125-HLOOKUP(X125,Feuil1!$C$1:$BL$10,3,FALSE)","v":-7},{"$f":"T125-HLOOKUP(X125,Feuil1!$C$1:$BL$10,4,FALSE)","v":-27},{"$f":"T125-HLOOKUP(X125,Feuil1!$C$1:$BL$10,5,FALSE)","v":-47},{"$f":"T125-HLOOKUP(X125,Feuil1!$C$1:$BL$10,6,FALSE)","v":-67},{"$f":"T125-HLOOKUP(X125,Feuil1!$C$1:$BL$10,7,FALSE)","v":-97},{"$f":"T125-HLOOKUP(X125,Feuil1!$C$1:$BL$10,8,FALSE)","v":-117},{"$f":"T125-HLOOKUP(X125,Feuil1!$C$1:$BL$10,9,FALSE)","v":-127},{"$f":"T125-HLOOKUP(X125,Feuil1!$C$1:$BL$10,10,FALSE)","v":-877},null,null,null,null,null,null,{"$f":"IF(AJ125>=0,$AJ$4,IF(AI125>=0,$AI$4,IF(AH125>=0,$AH$4,IF(AG125>=0,$AG$4,IF(AF125>=0,$AF$4,IF(AE125>=0,$AE$4,IF(AD125>=0,$AD$4,IF(AC125>=0,$AC$4,$AB$4))))))))","v":"DEB "}]
["H","NE","BOU",66,366276,"FERTIER","Jeremy",1995,66.8,"HMDB21","F",47,50,52,52,62,67,70,70,122,-11.599999999999994,"DEB ",12,{"$f":"IF(I126=\"\",\"\",IF(A126=\"H\",IF(OR(H126=\"SEN\",H126<1995),VLOOKUP(I126,Feuil1!$A$11:$F$29,6),IF(AND(H126>1994,H126<1998),VLOOKUP(I126,Feuil1!$A$11:$F$29,5),IF(AND(H126>1997,H126<2000),VLOOKUP(I126,Feuil1!$A$11:$F$29,4),IF(AND(H126>1999,H126<2002),VLOOKUP(I126,Feuil1!$A$11:$F$29,3),VLOOKUP(I126,Feuil1!$A$11:$F$29,2))))),IF(OR(H126=\"SEN\",H126<1995),VLOOKUP(I126,Feuil1!$G$11:$L$25,6),IF(AND(H126>1994,H126<1998),VLOOKUP(I126,Feuil1!$G$11:$L$25,5),IF(AND(H126>1997,H126<2000),VLOOKUP(I126,Feuil1!$G$11:$L$25,4),IF(AND(H126>1999,H126<2002),VLOOKUP(I126,Feuil1!$G$11:$L$25,3),VLOOKUP(I126,Feuil1!$G$11:$L$25,2)))))))","v":"J69"},167.6201063125645,null," ",{"$f":"T126-HLOOKUP(X126,Feuil1!$C$1:$BL$10,2,FALSE)","v":12},{"$f":"T126-HLOOKUP(X126,Feuil1!$C$1:$BL$10,3,FALSE)","v":-8},{"$f":"T126-HLOOKUP(X126,Feuil1!$C$1:$BL$10,4,FALSE)","v":-28},{"$f":"T126-HLOOKUP(X126,Feuil1!$C$1:$BL$10,5,FALSE)","v":-48},{"$f":"T126-HLOOKUP(X126,Feuil1!$C$1:$BL$10,6,FALSE)","v":-68},{"$f":"T126-HLOOKUP(X126,Feuil1!$C$1:$BL$10,7,FALSE)","v":-98},{"$f":"T126-HLOOKUP(X126,Feuil1!$C$1:$BL$10,8,FALSE)","v":-118},{"$f":"T126-HLOOKUP(X126,Feuil1!$C$1:$BL$10,9,FALSE)","v":-128},{"$f":"T126-HLOOKUP(X126,Feuil1!$C$1:$BL$10,10,FALSE)","v":-878},null,null,null,null,null,null,"DEB "]
["H","SEST","RAL",67,309300,"BENAISSA","Dorian",1996,68.5,"St Priest","F",48,55,-58,55,60,-65,65,65,120,-17,"DEB ",10,{"$f":"IF(I127=\"\",\"\",IF(A127=\"H\",IF(OR(H127=\"SEN\",H127<1995),VLOOKUP(I127,Feuil1!$A$11:$F$29,6),IF(AND(H127>1994,H127<1998),VLOOKUP(I127,Feuil1!$A$11:$F$29,5),IF(AND(H127>1997,H127<2000),VLOOKUP(I127,Feuil1!$A$11:$F$29,4),IF(AND(H127>1999,H127<2002),VLOOKUP(I127,Feuil1!$A$11:$F$29,3),VLOOKUP(I127,Feuil1!$A$11:$F$29,2))))),IF(OR(H127=\"SEN\",H127<1995),VLOOKUP(I127,Feuil1!$G$11:$L$25,6),IF(AND(H127>1994,H127<1998),VLOOKUP(I127,Feuil1!$G$11:$L$25,5),IF(AND(H127>1997,H127<2000),VLOOKUP(I127,Feuil1!$G$11:$L$25,4),IF(AND(H127>1999,H127<2002),VLOOKUP(I127,Feuil1!$G$11:$L$25,3),VLOOKUP(I127,Feuil1!$G$11:$L$25,2)))))))","v":"J69"},162.18694749411171,null," ",{"$f":"T127-HLOOKUP(X127,Feuil1!$C$1:$BL$10,2,FALSE)","v":10},{"$f":"T127-HLOOKUP(X127,Feuil1!$C$1:$BL$10,3,FALSE)","v":-10},{"$f":"T127-HLOOKUP(X127,Feuil1!$C$1:$BL$10,4,FALSE)","v":-30},{"$f":"T127-HLOOKUP(X127,Feuil1!$C$1:$BL$10,5,FALSE)","v":-50},{"$f":"T127-HLOOKUP(X127,Feuil1!$C$1:$BL$10,6,FALSE)","v":-70},{"$f":"T127-HLOOKUP(X127,Feuil1!$C$1:$BL$10,7,FALSE)","v":-100},{"$f":"T127-HLOOKUP(X127,Feuil1!$C$1:$BL$10,8,FALSE)","v":-120},{"$f":"T127-HLOOKUP(X127,Feuil1!$C$1:$BL$10,9,FALSE)","v":-130},{"$f":"T127-HLOOKUP(X127,Feuil1!$C$1:$BL$10,10,FALSE)","v":-880},null,null,null,null,null,null,"DEB "]
["H","N","IDF",68,286368,"MILLET","BRUNO",1997,62.4,"CHAVILLE","F",50,-55,-60,50,60,65,-72,65,115,-9.7999999999999972,"DEB ",5,{"$f":"IF(I128=\"\",\"\",IF(A128=\"H\",IF(OR(H128=\"SEN\",H128<1995),VLOOKUP(I128,Feuil1!$A$11:$F$29,6),IF(AND(H128>1994,H128<1998),VLOOKUP(I128,Feuil1!$A$11:$F$29,5),IF(AND(H128>1997,H128<2000),VLOOKUP(I128,Feuil1!$A$11:$F$29,4),IF(AND(H128>1999,H128<2002),VLOOKUP(I128,Feuil1!$A$11:$F$29,3),VLOOKUP(I128,Feuil1!$A$11:$F$29,2))))),IF(OR(H128=\"SEN\",H128<1995),VLOOKUP(I128,Feuil1!$G$11:$L$25,6),IF(AND(H128>1994,H128<1998),VLOOKUP(I128,Feuil1!$G$11:$L$25,5),IF(AND(H128>1997,H128<2000),VLOOKUP(I128,Feuil1!$G$11:$L$25,4),IF(AND(H128>1999,H128<2002),VLOOKUP(I128,Feuil1!$G$11:$L$25,3),VLOOKUP(I128,Feuil1!$G$11:$L$25,2)))))))","v":"J69"},165.5589071738394,null," ",{"$f":"T128-HLOOKUP(X128,Feuil1!$C$1:$BL$10,2,FALSE)","v":5},{"$f":"T128-HLOOKUP(X128,Feuil1!$C$1:$BL$10,3,FALSE)","v":-15},{"$f":"T128-HLOOKUP(X128,Feuil1!$C$1:$BL$10,4,FALSE)","v":-35},{"$f":"T128-HLOOKUP(X128,Feuil1!$C$1:$BL$10,5,FALSE)","v":-55},{"$f":"T128-HLOOKUP(X128,Feuil1!$C$1:$BL$10,6,FALSE)","v":-75},{"$f":"T128-HLOOKUP(X128,Feuil1!$C$1:$BL$10,7,FALSE)","v":-105},{"$f":"T128-HLOOKUP(X128,Feuil1!$C$1:$BL$10,8,FALSE)","v":-125},{"$f":"T128-HLOOKUP(X128,Feuil1!$C$1:$BL$10,9,FALSE)","v":-135},{"$f":"T128-HLOOKUP(X128,Feuil1!$C$1:$BL$10,10,FALSE)","v":-885},null,null,null,null,null,null,"DEB "]
["H","N","IDF",69,377072,"TRAN-NHO","GEORGES",1996,65.8,"FRANCONVILLE","F",50,-54,-54,50,60,64,-67,64,114,-17.599999999999994,"DEB ",4,{"$f":"IF(I129=\"\",\"\",IF(A129=\"H\",IF(OR(H129=\"SEN\",H129<1995),VLOOKUP(I129,Feuil1!$A$11:$F$29,6),IF(AND(H129>1994,H129<1998),VLOOKUP(I129,Feuil1!$A$11:$F$29,5),IF(AND(H129>1997,H129<2000),VLOOKUP(I129,Feuil1!$A$11:$F$29,4),IF(AND(H129>1999,H129<2002),VLOOKUP(I129,Feuil1!$A$11:$F$29,3),VLOOKUP(I129,Feuil1!$A$11:$F$29,2))))),IF(OR(H129=\"SEN\",H129<1995),VLOOKUP(I129,Feuil1!$G$11:$L$25,6),IF(AND(H129>1994,H129<1998),VLOOKUP(I129,Feuil1!$G$11:$L$25,5),IF(AND(H129>1997,H129<2000),VLOOKUP(I129,Feuil1!$G$11:$L$25,4),IF(AND(H129>1999,H129<2002),VLOOKUP(I129,Feuil1!$G$11:$L$25,3),VLOOKUP(I129,Feuil1!$G$11:$L$25,2)))))))","v":"J69"},158.21307101674424,null," ",{"$f":"T129-HLOOKUP(X129,Feuil1!$C$1:$BL$10,2,FALSE)","v":4},{"$f":"T129-HLOOKUP(X129,Feuil1!$C$1:$BL$10,3,FALSE)","v":-16},{"$f":"T129-HLOOKUP(X129,Feuil1!$C$1:$BL$10,4,FALSE)","v":-36},{"$f":"T129-HLOOKUP(X129,Feuil1!$C$1:$BL$10,5,FALSE)","v":-56},{"$f":"T129-HLOOKUP(X129,Feuil1!$C$1:$BL$10,6,FALSE)","v":-76},{"$f":"T129-HLOOKUP(X129,Feuil1!$C$1:$BL$10,7,FALSE)","v":-106},{"$f":"T129-HLOOKUP(X129,Feuil1!$C$1:$BL$10,8,FALSE)","v":-126},{"$f":"T129-HLOOKUP(X129,Feuil1!$C$1:$BL$10,9,FALSE)","v":-136},{"$f":"T129-HLOOKUP(X129,Feuil1!$C$1:$BL$10,10,FALSE)","v":-886},null,null,null,null,null,null,"DEB "]
["H","SEST","RAL",70,324593,"LUIS","Cédric",1997,67.3,"Charlieu","F",45,50,-55,50,55,60,-65,60,110,-24.599999999999994,"DEB ",0,{"$f":"IF(I130=\"\",\"\",IF(A130=\"H\",IF(OR(H130=\"SEN\",H130<1995),VLOOKUP(I130,Feuil1!$A$11:$F$29,6),IF(AND(H130>1994,H130<1998),VLOOKUP(I130,Feuil1!$A$11:$F$29,5),IF(AND(H130>1997,H130<2000),VLOOKUP(I130,Feuil1!$A$11:$F$29,4),IF(AND(H130>1999,H130<2002),VLOOKUP(I130,Feuil1!$A$11:$F$29,3),VLOOKUP(I130,Feuil1!$A$11:$F$29,2))))),IF(OR(H130=\"SEN\",H130<1995),VLOOKUP(I130,Feuil1!$G$11:$L$25,6),IF(AND(H130>1994,H130<1998),VLOOKUP(I130,Feuil1!$G$11:$L$25,5),IF(AND(H130>1997,H130<2000),VLOOKUP(I130,Feuil1!$G$11:$L$25,4),IF(AND(H130>1999,H130<2002),VLOOKUP(I130,Feuil1!$G$11:$L$25,3),VLOOKUP(I130,Feuil1!$G$11:$L$25,2)))))))","v":"J69"},150.3914042357334,null," ",{"$f":"T130-HLOOKUP(X130,Feuil1!$C$1:$BL$10,2,FALSE)","v":0},{"$f":"T130-HLOOKUP(X130,Feuil1!$C$1:$BL$10,3,FALSE)","v":-20},{"$f":"T130-HLOOKUP(X130,Feuil1!$C$1:$BL$10,4,FALSE)","v":-40},{"$f":"T130-HLOOKUP(X130,Feuil1!$C$1:$BL$10,5,FALSE)","v":-60},{"$f":"T130-HLOOKUP(X130,Feuil1!$C$1:$BL$10,6,FALSE)","v":-80},{"$f":"T130-HLOOKUP(X130,Feuil1!$C$1:$BL$10,7,FALSE)","v":-110},{"$f":"T130-HLOOKUP(X130,Feuil1!$C$1:$BL$10,8,FALSE)","v":-130},{"$f":"T130-HLOOKUP(X130,Feuil1!$C$1:$BL$10,9,FALSE)","v":-140},{"$f":"T130-HLOOKUP(X130,Feuil1!$C$1:$BL$10,10,FALSE)","v":-890},null,null,null,null,null,null,"DEB "]
["H","NORD","NPC",71,286696,"GUILLEMOT","Dylan",1996,63,"ST POL SUR MER","F",35,40,43,43,50,55,60,60,103,-23,"DEB ",-7,{"$f":"IF(I131=\"\",\"\",IF(A131=\"H\",IF(OR(H131=\"SEN\",H131<1995),VLOOKUP(I131,Feuil1!$A$11:$F$29,6),IF(AND(H131>1994,H131<1998),VLOOKUP(I131,Feuil1!$A$11:$F$29,5),IF(AND(H131>1997,H131<2000),VLOOKUP(I131,Feuil1!$A$11:$F$29,4),IF(AND(H131>1999,H131<2002),VLOOKUP(I131,Feuil1!$A$11:$F$29,3),VLOOKUP(I131,Feuil1!$A$11:$F$29,2))))),IF(OR(H131=\"SEN\",H131<1995),VLOOKUP(I131,Feuil1!$G$11:$L$25,6),IF(AND(H131>1994,H131<1998),VLOOKUP(I131,Feuil1!$G$11:$L$25,5),IF(AND(H131>1997,H131<2000),VLOOKUP(I131,Feuil1!$G$11:$L$25,4),IF(AND(H131>1999,H131<2002),VLOOKUP(I131,Feuil1!$G$11:$L$25,3),VLOOKUP(I131,Feuil1!$G$11:$L$25,2)))))))","v":"J69"},147.28502857292622,null," ",{"$f":"T131-HLOOKUP(X131,Feuil1!$C$1:$BL$10,2,FALSE)","v":-7},{"$f":"T131-HLOOKUP(X131,Feuil1!$C$1:$BL$10,3,FALSE)","v":-27},{"$f":"T131-HLOOKUP(X131,Feuil1!$C$1:$BL$10,4,FALSE)","v":-47},{"$f":"T131-HLOOKUP(X131,Feuil1!$C$1:$BL$10,5,FALSE)","v":-67},{"$f":"T131-HLOOKUP(X131,Feuil1!$C$1:$BL$10,6,FALSE)","v":-87},{"$f":"T131-HLOOKUP(X131,Feuil1!$C$1:$BL$10,7,FALSE)","v":-117},{"$f":"T131-HLOOKUP(X131,Feuil1!$C$1:$BL$10,8,FALSE)","v":-137},{"$f":"T131-HLOOKUP(X131,Feuil1!$C$1:$BL$10,9,FALSE)","v":-147},{"$f":"T131-HLOOKUP(X131,Feuil1!$C$1:$BL$10,10,FALSE)","v":-897},null,null,null,null,null,null,"DEB "]
["H","ZCO","BRE",72,289367,"LAYOUNI","Seif",1996,68.7,"Vannes AC","F",40,43,-45,43,55,57,-60,57,100,-37.400000000000006,"DEB ",-10,{"$f":"IF(I132=\"\",\"\",IF(A132=\"H\",IF(OR(H132=\"SEN\",H132<1995),VLOOKUP(I132,Feuil1!$A$11:$F$29,6),IF(AND(H132>1994,H132<1998),VLOOKUP(I132,Feuil1!$A$11:$F$29,5),IF(AND(H132>1997,H132<2000),VLOOKUP(I132,Feuil1!$A$11:$F$29,4),IF(AND(H132>1999,H132<2002),VLOOKUP(I132,Feuil1!$A$11:$F$29,3),VLOOKUP(I132,Feuil1!$A$11:$F$29,2))))),IF(OR(H132=\"SEN\",H132<1995),VLOOKUP(I132,Feuil1!$G$11:$L$25,6),IF(AND(H132>1994,H132<1998),VLOOKUP(I132,Feuil1!$G$11:$L$25,5),IF(AND(H132>1997,H132<2000),VLOOKUP(I132,Feuil1!$G$11:$L$25,4),IF(AND(H132>1999,H132<2002),VLOOKUP(I132,Feuil1!$G$11:$L$25,3),VLOOKUP(I132,Feuil1!$G$11:$L$25,2)))))))","v":"J69"},134.90236139002744,null," ",{"$f":"T132-HLOOKUP(X132,Feuil1!$C$1:$BL$10,2,FALSE)","v":-10},{"$f":"T132-HLOOKUP(X132,Feuil1!$C$1:$BL$10,3,FALSE)","v":-30},{"$f":"T132-HLOOKUP(X132,Feuil1!$C$1:$BL$10,4,FALSE)","v":-50},{"$f":"T132-HLOOKUP(X132,Feuil1!$C$1:$BL$10,5,FALSE)","v":-70},{"$f":"T132-HLOOKUP(X132,Feuil1!$C$1:$BL$10,6,FALSE)","v":-90},{"$f":"T132-HLOOKUP(X132,Feuil1!$C$1:$BL$10,7,FALSE)","v":-120},{"$f":"T132-HLOOKUP(X132,Feuil1!$C$1:$BL$10,8,FALSE)","v":-140},{"$f":"T132-HLOOKUP(X132,Feuil1!$C$1:$BL$10,9,FALSE)","v":-150},{"$f":"T132-HLOOKUP(X132,Feuil1!$C$1:$BL$10,10,FALSE)","v":-900},null,null,null,null,null,null,"DEB "]
["H","SEST","CAZ",73,372422,"PICHON","QUENTIN",1995,68.7,"AC MENTON","F",40,45,-47,45,-55,-55,55,55,100,-37.400000000000006,"DEB ",-10,{"$f":"IF(I133=\"\",\"\",IF(A133=\"H\",IF(OR(H133=\"SEN\",H133<1995),VLOOKUP(I133,Feuil1!$A$11:$F$29,6),IF(AND(H133>1994,H133<1998),VLOOKUP(I133,Feuil1!$A$11:$F$29,5),IF(AND(H133>1997,H133<2000),VLOOKUP(I133,Feuil1!$A$11:$F$29,4),IF(AND(H133>1999,H133<2002),VLOOKUP(I133,Feuil1!$A$11:$F$29,3),VLOOKUP(I133,Feuil1!$A$11:$F$29,2))))),IF(OR(H133=\"SEN\",H133<1995),VLOOKUP(I133,Feuil1!$G$11:$L$25,6),IF(AND(H133>1994,H133<1998),VLOOKUP(I133,Feuil1!$G$11:$L$25,5),IF(AND(H133>1997,H133<2000),VLOOKUP(I133,Feuil1!$G$11:$L$25,4),IF(AND(H133>1999,H133<2002),VLOOKUP(I133,Feuil1!$G$11:$L$25,3),VLOOKUP(I133,Feuil1!$G$11:$L$25,2)))))))","v":"J69"},134.90236139002744,null," ",{"$f":"T133-HLOOKUP(X133,Feuil1!$C$1:$BL$10,2,FALSE)","v":-10},{"$f":"T133-HLOOKUP(X133,Feuil1!$C$1:$BL$10,3,FALSE)","v":-30},{"$f":"T133-HLOOKUP(X133,Feuil1!$C$1:$BL$10,4,FALSE)","v":-50},{"$f":"T133-HLOOKUP(X133,Feuil1!$C$1:$BL$10,5,FALSE)","v":-70},{"$f":"T133-HLOOKUP(X133,Feuil1!$C$1:$BL$10,6,FALSE)","v":-90},{"$f":"T133-HLOOKUP(X133,Feuil1!$C$1:$BL$10,7,FALSE)","v":-120},{"$f":"T133-HLOOKUP(X133,Feuil1!$C$1:$BL$10,8,FALSE)","v":-140},{"$f":"T133-HLOOKUP(X133,Feuil1!$C$1:$BL$10,9,FALSE)","v":-150},{"$f":"T133-HLOOKUP(X133,Feuil1!$C$1:$BL$10,10,FALSE)","v":-900},null,null,null,null,null,null,"DEB "]
["H","N","IDF",74,377646,"TRABELSI","CHRISTOPHER",1997,68.099999999999994,"FRANCONVILLE","F",35,38,40,40,43,-47,47,47,87,-49.199999999999989,"DEB ",-23,{"$f":"IF(I134=\"\",\"\",IF(A134=\"H\",IF(OR(H134=\"SEN\",H134<1995),VLOOKUP(I134,Feuil1!$A$11:$F$29,6),IF(AND(H134>1994,H134<1998),VLOOKUP(I134,Feuil1!$A$11:$F$29,5),IF(AND(H134>1997,H134<2000),VLOOKUP(I134,Feuil1!$A$11:$F$29,4),IF(AND(H134>1999,H134<2002),VLOOKUP(I134,Feuil1!$A$11:$F$29,3),VLOOKUP(I134,Feuil1!$A$11:$F$29,2))))),IF(OR(H134=\"SEN\",H134<1995),VLOOKUP(I134,Feuil1!$G$11:$L$25,6),IF(AND(H134>1994,H134<1998),VLOOKUP(I134,Feuil1!$G$11:$L$25,5),IF(AND(H134>1997,H134<2000),VLOOKUP(I134,Feuil1!$G$11:$L$25,4),IF(AND(H134>1999,H134<2002),VLOOKUP(I134,Feuil1!$G$11:$L$25,3),VLOOKUP(I134,Feuil1!$G$11:$L$25,2)))))))","v":"J69"},118.03178419626929,null," ",{"$f":"T134-HLOOKUP(X134,Feuil1!$C$1:$BL$10,2,FALSE)","v":-23},{"$f":"T134-HLOOKUP(X134,Feuil1!$C$1:$BL$10,3,FALSE)","v":-43},{"$f":"T134-HLOOKUP(X134,Feuil1!$C$1:$BL$10,4,FALSE)","v":-63},{"$f":"T134-HLOOKUP(X134,Feuil1!$C$1:$BL$10,5,FALSE)","v":-83},{"$f":"T134-HLOOKUP(X134,Feuil1!$C$1:$BL$10,6,FALSE)","v":-103},{"$f":"T134-HLOOKUP(X134,Feuil1!$C$1:$BL$10,7,FALSE)","v":-133},{"$f":"T134-HLOOKUP(X134,Feuil1!$C$1:$BL$10,8,FALSE)","v":-153},{"$f":"T134-HLOOKUP(X134,Feuil1!$C$1:$BL$10,9,FALSE)","v":-163},{"$f":"T134-HLOOKUP(X134,Feuil1!$C$1:$BL$10,10,FALSE)","v":-913},null,null,null,null,null,null,"DEB "]
["H","ZCO","BRE",75,380872,"GAUTRET","Raphael",1995,65.3,"ES Saint Avé","F",30,-35,35,35,40,45,47,47,82,-48.599999999999994,"DEB ",-28,{"$f":"IF(I135=\"\",\"\",IF(A135=\"H\",IF(OR(H135=\"SEN\",H135<1995),VLOOKUP(I135,Feuil1!$A$11:$F$29,6),IF(AND(H135>1994,H135<1998),VLOOKUP(I135,Feuil1!$A$11:$F$29,5),IF(AND(H135>1997,H135<2000),VLOOKUP(I135,Feuil1!$A$11:$F$29,4),IF(AND(H135>1999,H135<2002),VLOOKUP(I135,Feuil1!$A$11:$F$29,3),VLOOKUP(I135,Feuil1!$A$11:$F$29,2))))),IF(OR(H135=\"SEN\",H135<1995),VLOOKUP(I135,Feuil1!$G$11:$L$25,6),IF(AND(H135>1994,H135<1998),VLOOKUP(I135,Feuil1!$G$11:$L$25,5),IF(AND(H135>1997,H135<2000),VLOOKUP(I135,Feuil1!$G$11:$L$25,4),IF(AND(H135>1999,H135<2002),VLOOKUP(I135,Feuil1!$G$11:$L$25,3),VLOOKUP(I135,Feuil1!$G$11:$L$25,2)))))))","v":"J69"},114.38995957663755,null," ",{"$f":"T135-HLOOKUP(X135,Feuil1!$C$1:$BL$10,2,FALSE)","v":-28},{"$f":"T135-HLOOKUP(X135,Feuil1!$C$1:$BL$10,3,FALSE)","v":-48},{"$f":"T135-HLOOKUP(X135,Feuil1!$C$1:$BL$10,4,FALSE)","v":-68},{"$f":"T135-HLOOKUP(X135,Feuil1!$C$1:$BL$10,5,FALSE)","v":-88},{"$f":"T135-HLOOKUP(X135,Feuil1!$C$1:$BL$10,6,FALSE)","v":-108},{"$f":"T135-HLOOKUP(X135,Feuil1!$C$1:$BL$10,7,FALSE)","v":-138},{"$f":"T135-HLOOKUP(X135,Feuil1!$C$1:$BL$10,8,FALSE)","v":-158},{"$f":"T135-HLOOKUP(X135,Feuil1!$C$1:$BL$10,9,FALSE)","v":-168},{"$f":"T135-HLOOKUP(X135,Feuil1!$C$1:$BL$10,10,FALSE)","v":-918},null,null,null,null,null,null,"DEB "]
["H","CO","BNO",76,361692,"Aupy","Quentin",1997,67.599999999999994,"Alençon","F",27,30,-33,30,40,45,-50,45,75,-60.199999999999989,"DEB ",-35,{"$f":"IF(I136=\"\",\"\",IF(A136=\"H\",IF(OR(H136=\"SEN\",H136<1995),VLOOKUP(I136,Feuil1!$A$11:$F$29,6),IF(AND(H136>1994,H136<1998),VLOOKUP(I136,Feuil1!$A$11:$F$29,5),IF(AND(H136>1997,H136<2000),VLOOKUP(I136,Feuil1!$A$11:$F$29,4),IF(AND(H136>1999,H136<2002),VLOOKUP(I136,Feuil1!$A$11:$F$29,3),VLOOKUP(I136,Feuil1!$A$11:$F$29,2))))),IF(OR(H136=\"SEN\",H136<1995),VLOOKUP(I136,Feuil1!$G$11:$L$25,6),IF(AND(H136>1994,H136<1998),VLOOKUP(I136,Feuil1!$G$11:$L$25,5),IF(AND(H136>1997,H136<2000),VLOOKUP(I136,Feuil1!$G$11:$L$25,4),IF(AND(H136>1999,H136<2002),VLOOKUP(I136,Feuil1!$G$11:$L$25,3),VLOOKUP(I136,Feuil1!$G$11:$L$25,2)))))))","v":"J69"},102.24111069050821,null," ",{"$f":"T136-HLOOKUP(X136,Feuil1!$C$1:$BL$10,2,FALSE)","v":-35},{"$f":"T136-HLOOKUP(X136,Feuil1!$C$1:$BL$10,3,FALSE)","v":-55},{"$f":"T136-HLOOKUP(X136,Feuil1!$C$1:$BL$10,4,FALSE)","v":-75},{"$f":"T136-HLOOKUP(X136,Feuil1!$C$1:$BL$10,5,FALSE)","v":-95},{"$f":"T136-HLOOKUP(X136,Feuil1!$C$1:$BL$10,6,FALSE)","v":-115},{"$f":"T136-HLOOKUP(X136,Feuil1!$C$1:$BL$10,7,FALSE)","v":-145},{"$f":"T136-HLOOKUP(X136,Feuil1!$C$1:$BL$10,8,FALSE)","v":-165},{"$f":"T136-HLOOKUP(X136,Feuil1!$C$1:$BL$10,9,FALSE)","v":-175},{"$f":"T136-HLOOKUP(X136,Feuil1!$C$1:$BL$10,10,FALSE)","v":-925},null,null,null,null,null,null,"DEB "]
[null,null,null,null,null,null,null,null,null,null,null,null,null,null,null,null,null,null,null,null,null,null,null,null,null,null," ",{"$f":"T137-HLOOKUP(X137,[1]Feuil1!$C$1:$BL$10,2,FALSE)","v":{"$error":"#N/A"}},{"$f":"T137-HLOOKUP(X137,[1]Feuil1!$C$1:$BL$10,3,FALSE)","v":{"$error":"#N/A"}},{"$f":"T137-HLOOKUP(X137,[1]Feuil1!$C$1:$BL$10,4,FALSE)","v":{"$error":"#N/A"}},{"$f":"T137-HLOOKUP(X137,[1]Feuil1!$C$1:$BL$10,5,FALSE)","v":{"$error":"#N/A"}},{"$f":"T137-HLOOKUP(X137,[1]Feuil1!$C$1:$BL$10,6,FALSE)","v":{"$error":"#N/A"}},{"$f":"T137-HLOOKUP(X137,[1]Feuil1!$C$1:$BL$10,7,FALSE)","v":{"$error":"#N/A"}},{"$f":"T137-HLOOKUP(X137,[1]Feuil1!$C$1:$BL$10,8,FALSE)","v":{"$error":"#N/A"}},{"$f":"T137-HLOOKUP(X137,[1]Feuil1!$C$1:$BL$10,9,FALSE)","v":{"$error":"#N/A"}},{"$f":"T137-HLOOKUP(X137,[1]Feuil1!$C$1:$BL$10,10,FALSE)","v":{"$error":"#N/A"}},null,null,null,null,null,null,{"$f":"IF(AJ137>=0,$AJ$4,IF(AI137>=0,$AI$4,IF(AH137>=0,$AH$4,IF(AG137>=0,$AG$4,IF(AF137>=0,$AF$4,IF(AE137>=0,$AE$4,IF(AD137>=0,$AD$4,IF(AC137>=0,$AC$4,$AB$4))))))))","v":{"$error":"#N/A"}}]
["H","NE","CHA",1,"192457","VAUTARD ","Brandon",1996,76.45,"Langres HM","F",125,130,134,{"$f":"IF(H138=\"\",\"\",IF(MAXA(L138:N138)<=0,0,MAXA(L138:N138)))","v":134},162,168,172,{"$f":"IF(H138=\"\",\"\",IF(MAXA(P138:R138)<=0,0,MAXA(P138:R138)))","v":172},{"$f":"IF(H138=\"\",\"\",IF(OR(O138=0,S138=0),0,O138+S138))","v":306},{"$f":"T138-I138*2","v":153.1},{"$f":"IF(H138=\"\",\"\",AQ138)","v":"INTA +"},{"$f":"IF(AJ138>=0,AJ138,IF(AI138>=0,AI138,IF(AH138>=0,AH138,IF(AG138>=0,AG138,IF(AF138>=0,AF138,IF(AE138>=0,AE138,IF(AD138>=0,AD138,IF(AC138>=0,AC138,AB138))))))))","v":21},{"$f":"IF(I138=\"\",\"\",IF(A138=\"H\",IF(OR(H138=\"SEN\",H138<1995),VLOOKUP(I138,Feuil1!$A$11:$F$29,6),IF(AND(H138>1994,H138<1998),VLOOKUP(I138,Feuil1!$A$11:$F$29,5),IF(AND(H138>1997,H138<2000),VLOOKUP(I138,Feuil1!$A$11:$F$29,4),IF(AND(H138>1999,H138<2002),VLOOKUP(I138,Feuil1!$A$11:$F$29,3),VLOOKUP(I138,Feuil1!$A$11:$F$29,2))))),IF(OR(H138=\"SEN\",H138<1995),VLOOKUP(I138,Feuil1!$G$11:$L$25,6),IF(AND(H138>1994,H138<1998),VLOOKUP(I138,Feuil1!$G$11:$L$25,5),IF(AND(H138>1997,H138<2000),VLOOKUP(I138,Feuil1!$G$11:$L$25,4),IF(AND(H138>1999,H138<2002),VLOOKUP(I138,Feuil1!$G$11:$L$25,3),VLOOKUP(I138,Feuil1!$G$11:$L$25,2)))))))","v":"J77"},{"$f":"IF(I138=\"\",\"\",IF(A138=\"H\",10^(0.794358141*LOG(I138/174.393)^2)*T138,IF(A138=\"F\",10^(0.89726074*LOG(I138/148.026)^2)*T138,\"\")))","v":386.91517406651144},null," ",{"$f":"T138-HLOOKUP(X138,Feuil1!$C$1:$BL$10,2,FALSE)","v":176},{"$f":"T138-HLOOKUP(X138,Feuil1!$C$1:$BL$10,3,FALSE)","v":156},{"$f":"T138-HLOOKUP(X138,Feuil1!$C$1:$BL$10,4,FALSE)","v":136},{"$f":"T138-HLOOKUP(X138,Feuil1!$C$1:$BL$10,5,FALSE)","v":116},{"$f":"T138-HLOOKUP(X138,Feuil1!$C$1:$BL$10,6,FALSE)","v":96},{"$f":"T138-HLOOKUP(X138,Feuil1!$C$1:$BL$10,7,FALSE)","v":66},{"$f":"T138-HLOOKUP(X138,Feuil1!$C$1:$BL$10,8,FALSE)","v":46},{"$f":"T138-HLOOKUP(X138,Feuil1!$C$1:$BL$10,9,FALSE)","v":21},{"$f":"T138-HLOOKUP(X138,Feuil1!$C$1:$BL$10,10,FALSE)","v":-9694},null,null,null,null,null,null,{"$f":"IF(AJ138>=0,$AJ$4,IF(AI138>=0,$AI$4,IF(AH138>=0,$AH$4,IF(AG138>=0,$AG$4,IF(AF138>=0,$AF$4,IF(AE138>=0,$AE$4,IF(AD138>=0,$AD$4,IF(AC138>=0,$AC$4,$AB$4))))))))","v":"INTA +"}]
["H","SEST","LAN ",2,312376,"GHAZARYAN","Norik",1995,76.650000000000006,"Clermont Sports","Arm",131,135,-138,135,162,168,-172,168,303,149.69999999999999,"INTA +",18,{"$f":"IF(I139=\"\",\"\",IF(A139=\"H\",IF(OR(H139=\"SEN\",H139<1995),VLOOKUP(I139,Feuil1!$A$11:$F$29,6),IF(AND(H139>1994,H139<1998),VLOOKUP(I139,Feuil1!$A$11:$F$29,5),IF(AND(H139>1997,H139<2000),VLOOKUP(I139,Feuil1!$A$11:$F$29,4),IF(AND(H139>1999,H139<2002),VLOOKUP(I139,Feuil1!$A$11:$F$29,3),VLOOKUP(I139,Feuil1!$A$11:$F$29,2))))),IF(OR(H139=\"SEN\",H139<1995),VLOOKUP(I139,Feuil1!$G$11:$L$25,6),IF(AND(H139>1994,H139<1998),VLOOKUP(I139,Feuil1!$G$11:$L$25,5),IF(AND(H139>1997,H139<2000),VLOOKUP(I139,Feuil1!$G$11:$L$25,4),IF(AND(H139>1999,H139<2002),VLOOKUP(I139,Feuil1!$G$11:$L$25,3),VLOOKUP(I139,Feuil1!$G$11:$L$25,2)))))))","v":"J77"},382.5536576705174,null," ",{"$f":"T139-HLOOKUP(X139,Feuil1!$C$1:$BL$10,2,FALSE)","v":173},{"$f":"T139-HLOOKUP(X139,Feuil1!$C$1:$BL$10,3,FALSE)","v":153},{"$f":"T139-HLOOKUP(X139,Feuil1!$C$1:$BL$10,4,FALSE)","v":133},{"$f":"T139-HLOOKUP(X139,Feuil1!$C$1:$BL$10,5,FALSE)","v":113},{"$f":"T139-HLOOKUP(X139,Feuil1!$C$1:$BL$10,6,FALSE)","v":93},{"$f":"T139-HLOOKUP(X139,Feuil1!$C$1:$BL$10,7,FALSE)","v":63},{"$f":"T139-HLOOKUP(X139,Feuil1!$C$1:$BL$10,8,FALSE)","v":43},{"$f":"T139-HLOOKUP(X139,Feuil1!$C$1:$BL$10,9,FALSE)","v":18},{"$f":"T139-HLOOKUP(X139,Feuil1!$C$1:$BL$10,10,FALSE)","v":-9697},null,null,null,null,null,null,"INTA +"]
["H","NE","CHA",3,246713,"COLOMBO ","Ludwig",1995,76.400000000000006,"Reims HM","F",115,119,-121,119,146,-151,151,151,270,117.19999999999999,"INTB +",10,{"$f":"IF(I140=\"\",\"\",IF(A140=\"H\",IF(OR(H140=\"SEN\",H140<1995),VLOOKUP(I140,Feuil1!$A$11:$F$29,6),IF(AND(H140>1994,H140<1998),VLOOKUP(I140,Feuil1!$A$11:$F$29,5),IF(AND(H140>1997,H140<2000),VLOOKUP(I140,Feuil1!$A$11:$F$29,4),IF(AND(H140>1999,H140<2002),VLOOKUP(I140,Feuil1!$A$11:$F$29,3),VLOOKUP(I140,Feuil1!$A$11:$F$29,2))))),IF(OR(H140=\"SEN\",H140<1995),VLOOKUP(I140,Feuil1!$G$11:$L$25,6),IF(AND(H140>1994,H140<1998),VLOOKUP(I140,Feuil1!$G$11:$L$25,5),IF(AND(H140>1997,H140<2000),VLOOKUP(I140,Feuil1!$G$11:$L$25,4),IF(AND(H140>1999,H140<2002),VLOOKUP(I140,Feuil1!$G$11:$L$25,3),VLOOKUP(I140,Feuil1!$G$11:$L$25,2)))))))","v":"J77"},341.52290429755999,null," ",{"$f":"T140-HLOOKUP(X140,Feuil1!$C$1:$BL$10,2,FALSE)","v":140},{"$f":"T140-HLOOKUP(X140,Feuil1!$C$1:$BL$10,3,FALSE)","v":120},{"$f":"T140-HLOOKUP(X140,Feuil1!$C$1:$BL$10,4,FALSE)","v":100},{"$f":"T140-HLOOKUP(X140,Feuil1!$C$1:$BL$10,5,FALSE)","v":80},{"$f":"T140-HLOOKUP(X140,Feuil1!$C$1:$BL$10,6,FALSE)","v":60},{"$f":"T140-HLOOKUP(X140,Feuil1!$C$1:$BL$10,7,FALSE)","v":30},{"$f":"T140-HLOOKUP(X140,Feuil1!$C$1:$BL$10,8,FALSE)","v":10},{"$f":"T140-HLOOKUP(X140,Feuil1!$C$1:$BL$10,9,FALSE)","v":-15},{"$f":"T140-HLOOKUP(X140,Feuil1!$C$1:$BL$10,10,FALSE)","v":-9730},null,null,null,null,null,null,"INTB +"]
["H","SEST","PRO",4,230768,"GANDON","ROMAIN",1997,76.650000000000006," AS SORGUES","F",115,120,123,123,142,147,-150,147,270,116.69999999999999,"INTB +",10,{"$f":"IF(I141=\"\",\"\",IF(A141=\"H\",IF(OR(H141=\"SEN\",H141<1995),VLOOKUP(I141,Feuil1!$A$11:$F$29,6),IF(AND(H141>1994,H141<1998),VLOOKUP(I141,Feuil1!$A$11:$F$29,5),IF(AND(H141>1997,H141<2000),VLOOKUP(I141,Feuil1!$A$11:$F$29,4),IF(AND(H141>1999,H141<2002),VLOOKUP(I141,Feuil1!$A$11:$F$29,3),VLOOKUP(I141,Feuil1!$A$11:$F$29,2))))),IF(OR(H141=\"SEN\",H141<1995),VLOOKUP(I141,Feuil1!$G$11:$L$25,6),IF(AND(H141>1994,H141<1998),VLOOKUP(I141,Feuil1!$G$11:$L$25,5),IF(AND(H141>1997,H141<2000),VLOOKUP(I141,Feuil1!$G$11:$L$25,4),IF(AND(H141>1999,H141<2002),VLOOKUP(I141,Feuil1!$G$11:$L$25,3),VLOOKUP(I141,Feuil1!$G$11:$L$25,2)))))))","v":"J77"},340.88939792422343,null," ",{"$f":"T141-HLOOKUP(X141,Feuil1!$C$1:$BL$10,2,FALSE)","v":140},{"$f":"T141-HLOOKUP(X141,Feuil1!$C$1:$BL$10,3,FALSE)","v":120},{"$f":"T141-HLOOKUP(X141,Feuil1!$C$1:$BL$10,4,FALSE)","v":100},{"$f":"T141-HLOOKUP(X141,Feuil1!$C$1:$BL$10,5,FALSE)","v":80},{"$f":"T141-HLOOKUP(X141,Feuil1!$C$1:$BL$10,6,FALSE)","v":60},{"$f":"T141-HLOOKUP(X141,Feuil1!$C$1:$BL$10,7,FALSE)","v":30},{"$f":"T141-HLOOKUP(X141,Feuil1!$C$1:$BL$10,8,FALSE)","v":10},{"$f":"T141-HLOOKUP(X141,Feuil1!$C$1:$BL$10,9,FALSE)","v":-15},{"$f":"T141-HLOOKUP(X141,Feuil1!$C$1:$BL$10,10,FALSE)","v":-9730},null,null,null,null,null,null,"INTB +"]
["H","NE","ALS",5,264848,"ELAFATI","MEHDI",1996,74.7,"ASPTT Strasbourg","F",105,110,115,115,133,140,145,145,260,110.6,"INTB +",0,{"$f":"IF(I142=\"\",\"\",IF(A142=\"H\",IF(OR(H142=\"SEN\",H142<1995),VLOOKUP(I142,Feuil1!$A$11:$F$29,6),IF(AND(H142>1994,H142<1998),VLOOKUP(I142,Feuil1!$A$11:$F$29,5),IF(AND(H142>1997,H142<2000),VLOOKUP(I142,Feuil1!$A$11:$F$29,4),IF(AND(H142>1999,H142<2002),VLOOKUP(I142,Feuil1!$A$11:$F$29,3),VLOOKUP(I142,Feuil1!$A$11:$F$29,2))))),IF(OR(H142=\"SEN\",H142<1995),VLOOKUP(I142,Feuil1!$G$11:$L$25,6),IF(AND(H142>1994,H142<1998),VLOOKUP(I142,Feuil1!$G$11:$L$25,5),IF(AND(H142>1997,H142<2000),VLOOKUP(I142,Feuil1!$G$11:$L$25,4),IF(AND(H142>1999,H142<2002),VLOOKUP(I142,Feuil1!$G$11:$L$25,3),VLOOKUP(I142,Feuil1!$G$11:$L$25,2)))))))","v":"J77"},333.17346640539051,null," ",{"$f":"T142-HLOOKUP(X142,Feuil1!$C$1:$BL$10,2,FALSE)","v":130},{"$f":"T142-HLOOKUP(X142,Feuil1!$C$1:$BL$10,3,FALSE)","v":110},{"$f":"T142-HLOOKUP(X142,Feuil1!$C$1:$BL$10,4,FALSE)","v":90},{"$f":"T142-HLOOKUP(X142,Feuil1!$C$1:$BL$10,5,FALSE)","v":70},{"$f":"T142-HLOOKUP(X142,Feuil1!$C$1:$BL$10,6,FALSE)","v":50},{"$f":"T142-HLOOKUP(X142,Feuil1!$C$1:$BL$10,7,FALSE)","v":20},{"$f":"T142-HLOOKUP(X142,Feuil1!$C$1:$BL$10,8,FALSE)","v":0},{"$f":"T142-HLOOKUP(X142,Feuil1!$C$1:$BL$10,9,FALSE)","v":-25},{"$f":"T142-HLOOKUP(X142,Feuil1!$C$1:$BL$10,10,FALSE)","v":-9740},null,null,null,null,null,null,"INTB +"]
["H","SO","AQU",6,219860,"JOFFRET","TEDDY",1997,75.900000000000006,"ST MEDARD","F",112,-115,115,115,140,145,-148,145,260,108.19999999999999,"INTB +",0,{"$f":"IF(I143=\"\",\"\",IF(A143=\"H\",IF(OR(H143=\"SEN\",H143<1995),VLOOKUP(I143,Feuil1!$A$11:$F$29,6),IF(AND(H143>1994,H143<1998),VLOOKUP(I143,Feuil1!$A$11:$F$29,5),IF(AND(H143>1997,H143<2000),VLOOKUP(I143,Feuil1!$A$11:$F$29,4),IF(AND(H143>1999,H143<2002),VLOOKUP(I143,Feuil1!$A$11:$F$29,3),VLOOKUP(I143,Feuil1!$A$11:$F$29,2))))),IF(OR(H143=\"SEN\",H143<1995),VLOOKUP(I143,Feuil1!$G$11:$L$25,6),IF(AND(H143>1994,H143<1998),VLOOKUP(I143,Feuil1!$G$11:$L$25,5),IF(AND(H143>1997,H143<2000),VLOOKUP(I143,Feuil1!$G$11:$L$25,4),IF(AND(H143>1999,H143<2002),VLOOKUP(I143,Feuil1!$G$11:$L$25,3),VLOOKUP(I143,Feuil1!$G$11:$L$25,2)))))))","v":"J77"},330.11078961892008,null," ",{"$f":"T143-HLOOKUP(X143,Feuil1!$C$1:$BL$10,2,FALSE)","v":130},{"$f":"T143-HLOOKUP(X143,Feuil1!$C$1:$BL$10,3,FALSE)","v":110},{"$f":"T143-HLOOKUP(X143,Feuil1!$C$1:$BL$10,4,FALSE)","v":90},{"$f":"T143-HLOOKUP(X143,Feuil1!$C$1:$BL$10,5,FALSE)","v":70},{"$f":"T143-HLOOKUP(X143,Feuil1!$C$1:$BL$10,6,FALSE)","v":50},{"$f":"T143-HLOOKUP(X143,Feuil1!$C$1:$BL$10,7,FALSE)","v":20},{"$f":"T143-HLOOKUP(X143,Feuil1!$C$1:$BL$10,8,FALSE)","v":0},{"$f":"T143-HLOOKUP(X143,Feuil1!$C$1:$BL$10,9,FALSE)","v":-25},{"$f":"T143-HLOOKUP(X143,Feuil1!$C$1:$BL$10,10,FALSE)","v":-9740},null,null,null,null,null,null,"INTB +"]
["H","SEST","PRO",7,256692,"CHEPIS","Antoine",1995,75.900000000000006,"HC MARSEILLE","F",100,104,107,107,138,-141,-142,138,245,93.199999999999989,"NAT +",5,{"$f":"IF(I144=\"\",\"\",IF(A144=\"H\",IF(OR(H144=\"SEN\",H144<1995),VLOOKUP(I144,Feuil1!$A$11:$F$29,6),IF(AND(H144>1994,H144<1998),VLOOKUP(I144,Feuil1!$A$11:$F$29,5),IF(AND(H144>1997,H144<2000),VLOOKUP(I144,Feuil1!$A$11:$F$29,4),IF(AND(H144>1999,H144<2002),VLOOKUP(I144,Feuil1!$A$11:$F$29,3),VLOOKUP(I144,Feuil1!$A$11:$F$29,2))))),IF(OR(H144=\"SEN\",H144<1995),VLOOKUP(I144,Feuil1!$G$11:$L$25,6),IF(AND(H144>1994,H144<1998),VLOOKUP(I144,Feuil1!$G$11:$L$25,5),IF(AND(H144>1997,H144<2000),VLOOKUP(I144,Feuil1!$G$11:$L$25,4),IF(AND(H144>1999,H144<2002),VLOOKUP(I144,Feuil1!$G$11:$L$25,3),VLOOKUP(I144,Feuil1!$G$11:$L$25,2)))))))","v":"J77"},311.0659363716747,null," ",{"$f":"T144-HLOOKUP(X144,Feuil1!$C$1:$BL$10,2,FALSE)","v":115},{"$f":"T144-HLOOKUP(X144,Feuil1!$C$1:$BL$10,3,FALSE)","v":95},{"$f":"T144-HLOOKUP(X144,Feuil1!$C$1:$BL$10,4,FALSE)","v":75},{"$f":"T144-HLOOKUP(X144,Feuil1!$C$1:$BL$10,5,FALSE)","v":55},{"$f":"T144-HLOOKUP(X144,Feuil1!$C$1:$BL$10,6,FALSE)","v":35},{"$f":"T144-HLOOKUP(X144,Feuil1!$C$1:$BL$10,7,FALSE)","v":5},{"$f":"T144-HLOOKUP(X144,Feuil1!$C$1:$BL$10,8,FALSE)","v":-15},{"$f":"T144-HLOOKUP(X144,Feuil1!$C$1:$BL$10,9,FALSE)","v":-40},{"$f":"T144-HLOOKUP(X144,Feuil1!$C$1:$BL$10,10,FALSE)","v":-9755},null,null,null,null,null,null,"NAT +"]
["H","ZCO","BRE",8,247499,"BOUGET","Alexandre",1996,73.5,"CHM Plouhinec PR","F",100,105,108,108,124,128,132,132,240,93,"NAT +",0,{"$f":"IF(I145=\"\",\"\",IF(A145=\"H\",IF(OR(H145=\"SEN\",H145<1995),VLOOKUP(I145,Feuil1!$A$11:$F$29,6),IF(AND(H145>1994,H145<1998),VLOOKUP(I145,Feuil1!$A$11:$F$29,5),IF(AND(H145>1997,H145<2000),VLOOKUP(I145,Feuil1!$A$11:$F$29,4),IF(AND(H145>1999,H145<2002),VLOOKUP(I145,Feuil1!$A$11:$F$29,3),VLOOKUP(I145,Feuil1!$A$11:$F$29,2))))),IF(OR(H145=\"SEN\",H145<1995),VLOOKUP(I145,Feuil1!$G$11:$L$25,6),IF(AND(H145>1994,H145<1998),VLOOKUP(I145,Feuil1!$G$11:$L$25,5),IF(AND(H145>1997,H145<2000),VLOOKUP(I145,Feuil1!$G$11:$L$25,4),IF(AND(H145>1999,H145<2002),VLOOKUP(I145,Feuil1!$G$11:$L$25,3),VLOOKUP(I145,Feuil1!$G$11:$L$25,2)))))))","v":"J77"},310.5002146205897,null," ",{"$f":"T145-HLOOKUP(X145,Feuil1!$C$1:$BL$10,2,FALSE)","v":110},{"$f":"T145-HLOOKUP(X145,Feuil1!$C$1:$BL$10,3,FALSE)","v":90},{"$f":"T145-HLOOKUP(X145,Feuil1!$C$1:$BL$10,4,FALSE)","v":70},{"$f":"T145-HLOOKUP(X145,Feuil1!$C$1:$BL$10,5,FALSE)","v":50},{"$f":"T145-HLOOKUP(X145,Feuil1!$C$1:$BL$10,6,FALSE)","v":30},{"$f":"T145-HLOOKUP(X145,Feuil1!$C$1:$BL$10,7,FALSE)","v":0},{"$f":"T145-HLOOKUP(X145,Feuil1!$C$1:$BL$10,8,FALSE)","v":-20},{"$f":"T145-HLOOKUP(X145,Feuil1!$C$1:$BL$10,9,FALSE)","v":-45},{"$f":"T145-HLOOKUP(X145,Feuil1!$C$1:$BL$10,10,FALSE)","v":-9760},null,null,null,null,null,null,"NAT +"]
["H","CO","BNO",9,169489,"COISNARD","José",1995,70.099999999999994,"Caen CHM","F",104,108,112,112,115,120,-125,120,232,91.800000000000011,"FED +",22,{"$f":"IF(I146=\"\",\"\",IF(A146=\"H\",IF(OR(H146=\"SEN\",H146<1995),VLOOKUP(I146,Feuil1!$A$11:$F$29,6),IF(AND(H146>1994,H146<1998),VLOOKUP(I146,Feuil1!$A$11:$F$29,5),IF(AND(H146>1997,H146<2000),VLOOKUP(I146,Feuil1!$A$11:$F$29,4),IF(AND(H146>1999,H146<2002),VLOOKUP(I146,Feuil1!$A$11:$F$29,3),VLOOKUP(I146,Feuil1!$A$11:$F$29,2))))),IF(OR(H146=\"SEN\",H146<1995),VLOOKUP(I146,Feuil1!$G$11:$L$25,6),IF(AND(H146>1994,H146<1998),VLOOKUP(I146,Feuil1!$G$11:$L$25,5),IF(AND(H146>1997,H146<2000),VLOOKUP(I146,Feuil1!$G$11:$L$25,4),IF(AND(H146>1999,H146<2002),VLOOKUP(I146,Feuil1!$G$11:$L$25,3),VLOOKUP(I146,Feuil1!$G$11:$L$25,2)))))))","v":"J77"},308.98485507087861,null," ",{"$f":"T146-HLOOKUP(X146,Feuil1!$C$1:$BL$10,2,FALSE)","v":102},{"$f":"T146-HLOOKUP(X146,Feuil1!$C$1:$BL$10,3,FALSE)","v":82},{"$f":"T146-HLOOKUP(X146,Feuil1!$C$1:$BL$10,4,FALSE)","v":62},{"$f":"T146-HLOOKUP(X146,Feuil1!$C$1:$BL$10,5,FALSE)","v":42},{"$f":"T146-HLOOKUP(X146,Feuil1!$C$1:$BL$10,6,FALSE)","v":22},{"$f":"T146-HLOOKUP(X146,Feuil1!$C$1:$BL$10,7,FALSE)","v":-8},{"$f":"T146-HLOOKUP(X146,Feuil1!$C$1:$BL$10,8,FALSE)","v":-28},{"$f":"T146-HLOOKUP(X146,Feuil1!$C$1:$BL$10,9,FALSE)","v":-53},{"$f":"T146-HLOOKUP(X146,Feuil1!$C$1:$BL$10,10,FALSE)","v":-9768},null,null,null,null,null,null,"FED +"]
["H","NORD","PIC",10,339414,"LEMERCIER","Corentin",1996,76.3,"La Ferté Milon CMHM","F",95,99,102,102,120,124,-128,124,226,73.400000000000006,"FED +",16,{"$f":"IF(I147=\"\",\"\",IF(A147=\"H\",IF(OR(H147=\"SEN\",H147<1995),VLOOKUP(I147,Feuil1!$A$11:$F$29,6),IF(AND(H147>1994,H147<1998),VLOOKUP(I147,Feuil1!$A$11:$F$29,5),IF(AND(H147>1997,H147<2000),VLOOKUP(I147,Feuil1!$A$11:$F$29,4),IF(AND(H147>1999,H147<2002),VLOOKUP(I147,Feuil1!$A$11:$F$29,3),VLOOKUP(I147,Feuil1!$A$11:$F$29,2))))),IF(OR(H147=\"SEN\",H147<1995),VLOOKUP(I147,Feuil1!$G$11:$L$25,6),IF(AND(H147>1994,H147<1998),VLOOKUP(I147,Feuil1!$G$11:$L$25,5),IF(AND(H147>1997,H147<2000),VLOOKUP(I147,Feuil1!$G$11:$L$25,4),IF(AND(H147>1999,H147<2002),VLOOKUP(I147,Feuil1!$G$11:$L$25,3),VLOOKUP(I147,Feuil1!$G$11:$L$25,2)))))))","v":"J77"},286.08078145719287,null," ",{"$f":"T147-HLOOKUP(X147,Feuil1!$C$1:$BL$10,2,FALSE)","v":96},{"$f":"T147-HLOOKUP(X147,Feuil1!$C$1:$BL$10,3,FALSE)","v":76},{"$f":"T147-HLOOKUP(X147,Feuil1!$C$1:$BL$10,4,FALSE)","v":56},{"$f":"T147-HLOOKUP(X147,Feuil1!$C$1:$BL$10,5,FALSE)","v":36},{"$f":"T147-HLOOKUP(X147,Feuil1!$C$1:$BL$10,6,FALSE)","v":16},{"$f":"T147-HLOOKUP(X147,Feuil1!$C$1:$BL$10,7,FALSE)","v":-14},{"$f":"T147-HLOOKUP(X147,Feuil1!$C$1:$BL$10,8,FALSE)","v":-34},{"$f":"T147-HLOOKUP(X147,Feuil1!$C$1:$BL$10,9,FALSE)","v":-59},{"$f":"T147-HLOOKUP(X147,Feuil1!$C$1:$BL$10,10,FALSE)","v":-9774},null,null,null,null,null,null,"FED +"]
["H","NE","FCO",11,258286,"DA SILVA","Luka",1997,69.28,"LF Besançon","F",100,-105,-106,100,115,120,125,125,225,86.44,"FED +",15,{"$f":"IF(I148=\"\",\"\",IF(A148=\"H\",IF(OR(H148=\"SEN\",H148<1995),VLOOKUP(I148,Feuil1!$A$11:$F$29,6),IF(AND(H148>1994,H148<1998),VLOOKUP(I148,Feuil1!$A$11:$F$29,5),IF(AND(H148>1997,H148<2000),VLOOKUP(I148,Feuil1!$A$11:$F$29,4),IF(AND(H148>1999,H148<2002),VLOOKUP(I148,Feuil1!$A$11:$F$29,3),VLOOKUP(I148,Feuil1!$A$11:$F$29,2))))),IF(OR(H148=\"SEN\",H148<1995),VLOOKUP(I148,Feuil1!$G$11:$L$25,6),IF(AND(H148>1994,H148<1998),VLOOKUP(I148,Feuil1!$G$11:$L$25,5),IF(AND(H148>1997,H148<2000),VLOOKUP(I148,Feuil1!$G$11:$L$25,4),IF(AND(H148>1999,H148<2002),VLOOKUP(I148,Feuil1!$G$11:$L$25,3),VLOOKUP(I148,Feuil1!$G$11:$L$25,2)))))))","v":"J77"},301.90192739383855,null," ",{"$f":"T148-HLOOKUP(X148,Feuil1!$C$1:$BL$10,2,FALSE)","v":95},{"$f":"T148-HLOOKUP(X148,Feuil1!$C$1:$BL$10,3,FALSE)","v":75},{"$f":"T148-HLOOKUP(X148,Feuil1!$C$1:$BL$10,4,FALSE)","v":55},{"$f":"T148-HLOOKUP(X148,Feuil1!$C$1:$BL$10,5,FALSE)","v":35},{"$f":"T148-HLOOKUP(X148,Feuil1!$C$1:$BL$10,6,FALSE)","v":15},{"$f":"T148-HLOOKUP(X148,Feuil1!$C$1:$BL$10,7,FALSE)","v":-15},{"$f":"T148-HLOOKUP(X148,Feuil1!$C$1:$BL$10,8,FALSE)","v":-35},{"$f":"T148-HLOOKUP(X148,Feuil1!$C$1:$BL$10,9,FALSE)","v":-60},{"$f":"T148-HLOOKUP(X148,Feuil1!$C$1:$BL$10,10,FALSE)","v":-9775},null,null,null,null,null,null,"FED +"]
["H","N","IDF",12,335580,"FARDEL","MARVIN",1996,69.599999999999994,"FRANCONVILLE","F",100,-105,-105,100,115,121,125,125,225,85.800000000000011,"FED +",15,{"$f":"IF(I149=\"\",\"\",IF(A149=\"H\",IF(OR(H149=\"SEN\",H149<1995),VLOOKUP(I149,Feuil1!$A$11:$F$29,6),IF(AND(H149>1994,H149<1998),VLOOKUP(I149,Feuil1!$A$11:$F$29,5),IF(AND(H149>1997,H149<2000),VLOOKUP(I149,Feuil1!$A$11:$F$29,4),IF(AND(H149>1999,H149<2002),VLOOKUP(I149,Feuil1!$A$11:$F$29,3),VLOOKUP(I149,Feuil1!$A$11:$F$29,2))))),IF(OR(H149=\"SEN\",H149<1995),VLOOKUP(I149,Feuil1!$G$11:$L$25,6),IF(AND(H149>1994,H149<1998),VLOOKUP(I149,Feuil1!$G$11:$L$25,5),IF(AND(H149>1997,H149<2000),VLOOKUP(I149,Feuil1!$G$11:$L$25,4),IF(AND(H149>1999,H149<2002),VLOOKUP(I149,Feuil1!$G$11:$L$25,3),VLOOKUP(I149,Feuil1!$G$11:$L$25,2)))))))","v":"J77"},301.01927178615597,null," ",{"$f":"T149-HLOOKUP(X149,Feuil1!$C$1:$BL$10,2,FALSE)","v":95},{"$f":"T149-HLOOKUP(X149,Feuil1!$C$1:$BL$10,3,FALSE)","v":75},{"$f":"T149-HLOOKUP(X149,Feuil1!$C$1:$BL$10,4,FALSE)","v":55},{"$f":"T149-HLOOKUP(X149,Feuil1!$C$1:$BL$10,5,FALSE)","v":35},{"$f":"T149-HLOOKUP(X149,Feuil1!$C$1:$BL$10,6,FALSE)","v":15},{"$f":"T149-HLOOKUP(X149,Feuil1!$C$1:$BL$10,7,FALSE)","v":-15},{"$f":"T149-HLOOKUP(X149,Feuil1!$C$1:$BL$10,8,FALSE)","v":-35},{"$f":"T149-HLOOKUP(X149,Feuil1!$C$1:$BL$10,9,FALSE)","v":-60},{"$f":"T149-HLOOKUP(X149,Feuil1!$C$1:$BL$10,10,FALSE)","v":-9775},null,null,null,null,null,null,"FED +"]
["H","SO","POI",13,255570,"PASQUIER","Guillaume",1996,74.099999999999994,"POITIERS","F",90,95,-100,95,115,123,125,125,220,71.800000000000011,"FED +",10,{"$f":"IF(I150=\"\",\"\",IF(A150=\"H\",IF(OR(H150=\"SEN\",H150<1995),VLOOKUP(I150,Feuil1!$A$11:$F$29,6),IF(AND(H150>1994,H150<1998),VLOOKUP(I150,Feuil1!$A$11:$F$29,5),IF(AND(H150>1997,H150<2000),VLOOKUP(I150,Feuil1!$A$11:$F$29,4),IF(AND(H150>1999,H150<2002),VLOOKUP(I150,Feuil1!$A$11:$F$29,3),VLOOKUP(I150,Feuil1!$A$11:$F$29,2))))),IF(OR(H150=\"SEN\",H150<1995),VLOOKUP(I150,Feuil1!$G$11:$L$25,6),IF(AND(H150>1994,H150<1998),VLOOKUP(I150,Feuil1!$G$11:$L$25,5),IF(AND(H150>1997,H150<2000),VLOOKUP(I150,Feuil1!$G$11:$L$25,4),IF(AND(H150>1999,H150<2002),VLOOKUP(I150,Feuil1!$G$11:$L$25,3),VLOOKUP(I150,Feuil1!$G$11:$L$25,2)))))))","v":"J77"},283.25547327575174,null," ",{"$f":"T150-HLOOKUP(X150,Feuil1!$C$1:$BL$10,2,FALSE)","v":90},{"$f":"T150-HLOOKUP(X150,Feuil1!$C$1:$BL$10,3,FALSE)","v":70},{"$f":"T150-HLOOKUP(X150,Feuil1!$C$1:$BL$10,4,FALSE)","v":50},{"$f":"T150-HLOOKUP(X150,Feuil1!$C$1:$BL$10,5,FALSE)","v":30},{"$f":"T150-HLOOKUP(X150,Feuil1!$C$1:$BL$10,6,FALSE)","v":10},{"$f":"T150-HLOOKUP(X150,Feuil1!$C$1:$BL$10,7,FALSE)","v":-20},{"$f":"T150-HLOOKUP(X150,Feuil1!$C$1:$BL$10,8,FALSE)","v":-40},{"$f":"T150-HLOOKUP(X150,Feuil1!$C$1:$BL$10,9,FALSE)","v":-65},{"$f":"T150-HLOOKUP(X150,Feuil1!$C$1:$BL$10,10,FALSE)","v":-9780},null,null,null,null,null,null,"FED +"]
["H","NORD","NPC",14,221209,"CAFFIN","Arthur",1996,75.3,"O.GRANDE SYNTHE","F",87,92,94,94,120,125,-129,125,219,68.400000000000006,"FED +",9,{"$f":"IF(I151=\"\",\"\",IF(A151=\"H\",IF(OR(H151=\"SEN\",H151<1995),VLOOKUP(I151,Feuil1!$A$11:$F$29,6),IF(AND(H151>1994,H151<1998),VLOOKUP(I151,Feuil1!$A$11:$F$29,5),IF(AND(H151>1997,H151<2000),VLOOKUP(I151,Feuil1!$A$11:$F$29,4),IF(AND(H151>1999,H151<2002),VLOOKUP(I151,Feuil1!$A$11:$F$29,3),VLOOKUP(I151,Feuil1!$A$11:$F$29,2))))),IF(OR(H151=\"SEN\",H151<1995),VLOOKUP(I151,Feuil1!$G$11:$L$25,6),IF(AND(H151>1994,H151<1998),VLOOKUP(I151,Feuil1!$G$11:$L$25,5),IF(AND(H151>1997,H151<2000),VLOOKUP(I151,Feuil1!$G$11:$L$25,4),IF(AND(H151>1999,H151<2002),VLOOKUP(I151,Feuil1!$G$11:$L$25,3),VLOOKUP(I151,Feuil1!$G$11:$L$25,2)))))))","v":"J77"},279.33048017385534,null," ",{"$f":"T151-HLOOKUP(X151,Feuil1!$C$1:$BL$10,2,FALSE)","v":89},{"$f":"T151-HLOOKUP(X151,Feuil1!$C$1:$BL$10,3,FALSE)","v":69},{"$f":"T151-HLOOKUP(X151,Feuil1!$C$1:$BL$10,4,FALSE)","v":49},{"$f":"T151-HLOOKUP(X151,Feuil1!$C$1:$BL$10,5,FALSE)","v":29},{"$f":"T151-HLOOKUP(X151,Feuil1!$C$1:$BL$10,6,FALSE)","v":9},{"$f":"T151-HLOOKUP(X151,Feuil1!$C$1:$BL$10,7,FALSE)","v":-21},{"$f":"T151-HLOOKUP(X151,Feuil1!$C$1:$BL$10,8,FALSE)","v":-41},{"$f":"T151-HLOOKUP(X151,Feuil1!$C$1:$BL$10,9,FALSE)","v":-66},{"$f":"T151-HLOOKUP(X151,Feuil1!$C$1:$BL$10,10,FALSE)","v":-9781},null,null,null,null,null,null,"FED +"]
["H","NE","CHA",15,160082,"DUCOURTY ","Florentin",1995,75.59,"Reims HM","F",92,-96,96,96,116,120,123,123,219,67.819999999999993,"FED +",9,{"$f":"IF(I152=\"\",\"\",IF(A152=\"H\",IF(OR(H152=\"SEN\",H152<1995),VLOOKUP(I152,Feuil1!$A$11:$F$29,6),IF(AND(H152>1994,H152<1998),VLOOKUP(I152,Feuil1!$A$11:$F$29,5),IF(AND(H152>1997,H152<2000),VLOOKUP(I152,Feuil1!$A$11:$F$29,4),IF(AND(H152>1999,H152<2002),VLOOKUP(I152,Feuil1!$A$11:$F$29,3),VLOOKUP(I152,Feuil1!$A$11:$F$29,2))))),IF(OR(H152=\"SEN\",H152<1995),VLOOKUP(I152,Feuil1!$G$11:$L$25,6),IF(AND(H152>1994,H152<1998),VLOOKUP(I152,Feuil1!$G$11:$L$25,5),IF(AND(H152>1997,H152<2000),VLOOKUP(I152,Feuil1!$G$11:$L$25,4),IF(AND(H152>1999,H152<2002),VLOOKUP(I152,Feuil1!$G$11:$L$25,3),VLOOKUP(I152,Feuil1!$G$11:$L$25,2)))))))","v":"J77"},278.71042319487356,null," ",{"$f":"T152-HLOOKUP(X152,Feuil1!$C$1:$BL$10,2,FALSE)","v":89},{"$f":"T152-HLOOKUP(X152,Feuil1!$C$1:$BL$10,3,FALSE)","v":69},{"$f":"T152-HLOOKUP(X152,Feuil1!$C$1:$BL$10,4,FALSE)","v":49},{"$f":"T152-HLOOKUP(X152,Feuil1!$C$1:$BL$10,5,FALSE)","v":29},{"$f":"T152-HLOOKUP(X152,Feuil1!$C$1:$BL$10,6,FALSE)","v":9},{"$f":"T152-HLOOKUP(X152,Feuil1!$C$1:$BL$10,7,FALSE)","v":-21},{"$f":"T152-HLOOKUP(X152,Feuil1!$C$1:$BL$10,8,FALSE)","v":-41},{"$f":"T152-HLOOKUP(X152,Feuil1!$C$1:$BL$10,9,FALSE)","v":-66},{"$f":"T152-HLOOKUP(X152,Feuil1!$C$1:$BL$10,10,FALSE)","v":-9781},null,null,null,null,null,null,"FED +"]
["H","SEST","CAZ",16,231902,"CINQUIN","Rapahel",1995,76.3,"ES VILLENEUVE LOUBET","F",93,98,101,101,109,115,-120,115,216,63.400000000000006,"FED +",6,{"$f":"IF(I153=\"\",\"\",IF(A153=\"H\",IF(OR(H153=\"SEN\",H153<1995),VLOOKUP(I153,Feuil1!$A$11:$F$29,6),IF(AND(H153>1994,H153<1998),VLOOKUP(I153,Feuil1!$A$11:$F$29,5),IF(AND(H153>1997,H153<2000),VLOOKUP(I153,Feuil1!$A$11:$F$29,4),IF(AND(H153>1999,H153<2002),VLOOKUP(I153,Feuil1!$A$11:$F$29,3),VLOOKUP(I153,Feuil1!$A$11:$F$29,2))))),IF(OR(H153=\"SEN\",H153<1995),VLOOKUP(I153,Feuil1!$G$11:$L$25,6),IF(AND(H153>1994,H153<1998),VLOOKUP(I153,Feuil1!$G$11:$L$25,5),IF(AND(H153>1997,H153<2000),VLOOKUP(I153,Feuil1!$G$11:$L$25,4),IF(AND(H153>1999,H153<2002),VLOOKUP(I153,Feuil1!$G$11:$L$25,3),VLOOKUP(I153,Feuil1!$G$11:$L$25,2)))))))","v":"J77"},273.42233979979494,null," ",{"$f":"T153-HLOOKUP(X153,Feuil1!$C$1:$BL$10,2,FALSE)","v":86},{"$f":"T153-HLOOKUP(X153,Feuil1!$C$1:$BL$10,3,FALSE)","v":66},{"$f":"T153-HLOOKUP(X153,Feuil1!$C$1:$BL$10,4,FALSE)","v":46},{"$f":"T153-HLOOKUP(X153,Feuil1!$C$1:$BL$10,5,FALSE)","v":26},{"$f":"T153-HLOOKUP(X153,Feuil1!$C$1:$BL$10,6,FALSE)","v":6},{"$f":"T153-HLOOKUP(X153,Feuil1!$C$1:$BL$10,7,FALSE)","v":-24},{"$f":"T153-HLOOKUP(X153,Feuil1!$C$1:$BL$10,8,FALSE)","v":-44},{"$f":"T153-HLOOKUP(X153,Feuil1!$C$1:$BL$10,9,FALSE)","v":-69},{"$f":"T153-HLOOKUP(X153,Feuil1!$C$1:$BL$10,10,FALSE)","v":-9784},null,null,null,null,null,null,"FED +"]
["H","NORD","NPC",17,195298,"GATNER","Arthur",1995,74.7,"LOMME","F",90,95,-100,95,115,120,-123,120,215,65.599999999999994,"FED +",5,{"$f":"IF(I154=\"\",\"\",IF(A154=\"H\",IF(OR(H154=\"SEN\",H154<1995),VLOOKUP(I154,Feuil1!$A$11:$F$29,6),IF(AND(H154>1994,H154<1998),VLOOKUP(I154,Feuil1!$A$11:$F$29,5),IF(AND(H154>1997,H154<2000),VLOOKUP(I154,Feuil1!$A$11:$F$29,4),IF(AND(H154>1999,H154<2002),VLOOKUP(I154,Feuil1!$A$11:$F$29,3),VLOOKUP(I154,Feuil1!$A$11:$F$29,2))))),IF(OR(H154=\"SEN\",H154<1995),VLOOKUP(I154,Feuil1!$G$11:$L$25,6),IF(AND(H154>1994,H154<1998),VLOOKUP(I154,Feuil1!$G$11:$L$25,5),IF(AND(H154>1997,H154<2000),VLOOKUP(I154,Feuil1!$G$11:$L$25,4),IF(AND(H154>1999,H154<2002),VLOOKUP(I154,Feuil1!$G$11:$L$25,3),VLOOKUP(I154,Feuil1!$G$11:$L$25,2)))))))","v":"J77"},275.50882798907293,null," ",{"$f":"T154-HLOOKUP(X154,Feuil1!$C$1:$BL$10,2,FALSE)","v":85},{"$f":"T154-HLOOKUP(X154,Feuil1!$C$1:$BL$10,3,FALSE)","v":65},{"$f":"T154-HLOOKUP(X154,Feuil1!$C$1:$BL$10,4,FALSE)","v":45},{"$f":"T154-HLOOKUP(X154,Feuil1!$C$1:$BL$10,5,FALSE)","v":25},{"$f":"T154-HLOOKUP(X154,Feuil1!$C$1:$BL$10,6,FALSE)","v":5},{"$f":"T154-HLOOKUP(X154,Feuil1!$C$1:$BL$10,7,FALSE)","v":-25},{"$f":"T154-HLOOKUP(X154,Feuil1!$C$1:$BL$10,8,FALSE)","v":-45},{"$f":"T154-HLOOKUP(X154,Feuil1!$C$1:$BL$10,9,FALSE)","v":-70},{"$f":"T154-HLOOKUP(X154,Feuil1!$C$1:$BL$10,10,FALSE)","v":-9785},null,null,null,null,null,null,"FED +"]
["H","SO","MPY",18,227534,"DESTRUEL","Nicolas",1995,76.400000000000006,"FIGEAC HC","F",85,95,-98,95,113,118,120,120,215,62.199999999999989,"FED +",5,{"$f":"IF(I155=\"\",\"\",IF(A155=\"H\",IF(OR(H155=\"SEN\",H155<1995),VLOOKUP(I155,Feuil1!$A$11:$F$29,6),IF(AND(H155>1994,H155<1998),VLOOKUP(I155,Feuil1!$A$11:$F$29,5),IF(AND(H155>1997,H155<2000),VLOOKUP(I155,Feuil1!$A$11:$F$29,4),IF(AND(H155>1999,H155<2002),VLOOKUP(I155,Feuil1!$A$11:$F$29,3),VLOOKUP(I155,Feuil1!$A$11:$F$29,2))))),IF(OR(H155=\"SEN\",H155<1995),VLOOKUP(I155,Feuil1!$G$11:$L$25,6),IF(AND(H155>1994,H155<1998),VLOOKUP(I155,Feuil1!$G$11:$L$25,5),IF(AND(H155>1997,H155<2000),VLOOKUP(I155,Feuil1!$G$11:$L$25,4),IF(AND(H155>1999,H155<2002),VLOOKUP(I155,Feuil1!$G$11:$L$25,3),VLOOKUP(I155,Feuil1!$G$11:$L$25,2)))))))","v":"J77"},271.9534237925015,null," ",{"$f":"T155-HLOOKUP(X155,Feuil1!$C$1:$BL$10,2,FALSE)","v":85},{"$f":"T155-HLOOKUP(X155,Feuil1!$C$1:$BL$10,3,FALSE)","v":65},{"$f":"T155-HLOOKUP(X155,Feuil1!$C$1:$BL$10,4,FALSE)","v":45},{"$f":"T155-HLOOKUP(X155,Feuil1!$C$1:$BL$10,5,FALSE)","v":25},{"$f":"T155-HLOOKUP(X155,Feuil1!$C$1:$BL$10,6,FALSE)","v":5},{"$f":"T155-HLOOKUP(X155,Feuil1!$C$1:$BL$10,7,FALSE)","v":-25},{"$f":"T155-HLOOKUP(X155,Feuil1!$C$1:$BL$10,8,FALSE)","v":-45},{"$f":"T155-HLOOKUP(X155,Feuil1!$C$1:$BL$10,9,FALSE)","v":-70},{"$f":"T155-HLOOKUP(X155,Feuil1!$C$1:$BL$10,10,FALSE)","v":-9785},null,null,null,null,null,null,"FED +"]
["H","DOM","GUA",19,204691,"NIVELLES","Medy",1996,75,"AHCS/Pointois","F",88,91,95,95,110,115,-118,115,210,60,"FED +",0,{"$f":"IF(I156=\"\",\"\",IF(A156=\"H\",IF(OR(H156=\"SEN\",H156<1995),VLOOKUP(I156,Feuil1!$A$11:$F$29,6),IF(AND(H156>1994,H156<1998),VLOOKUP(I156,Feuil1!$A$11:$F$29,5),IF(AND(H156>1997,H156<2000),VLOOKUP(I156,Feuil1!$A$11:$F$29,4),IF(AND(H156>1999,H156<2002),VLOOKUP(I156,Feuil1!$A$11:$F$29,3),VLOOKUP(I156,Feuil1!$A$11:$F$29,2))))),IF(OR(H156=\"SEN\",H156<1995),VLOOKUP(I156,Feuil1!$G$11:$L$25,6),IF(AND(H156>1994,H156<1998),VLOOKUP(I156,Feuil1!$G$11:$L$25,5),IF(AND(H156>1997,H156<2000),VLOOKUP(I156,Feuil1!$G$11:$L$25,4),IF(AND(H156>1999,H156<2002),VLOOKUP(I156,Feuil1!$G$11:$L$25,3),VLOOKUP(I156,Feuil1!$G$11:$L$25,2)))))))","v":"J77"},268.47293516740018,null," ",{"$f":"T156-HLOOKUP(X156,Feuil1!$C$1:$BL$10,2,FALSE)","v":80},{"$f":"T156-HLOOKUP(X156,Feuil1!$C$1:$BL$10,3,FALSE)","v":60},{"$f":"T156-HLOOKUP(X156,Feuil1!$C$1:$BL$10,4,FALSE)","v":40},{"$f":"T156-HLOOKUP(X156,Feuil1!$C$1:$BL$10,5,FALSE)","v":20},{"$f":"T156-HLOOKUP(X156,Feuil1!$C$1:$BL$10,6,FALSE)","v":0},{"$f":"T156-HLOOKUP(X156,Feuil1!$C$1:$BL$10,7,FALSE)","v":-30},{"$f":"T156-HLOOKUP(X156,Feuil1!$C$1:$BL$10,8,FALSE)","v":-50},{"$f":"T156-HLOOKUP(X156,Feuil1!$C$1:$BL$10,9,FALSE)","v":-75},{"$f":"T156-HLOOKUP(X156,Feuil1!$C$1:$BL$10,10,FALSE)","v":-9790},null,null,null,null,null,null,"FED +"]
["H","NE","CHA",20,246843,"RENAUT","Guillaume",1997,70.099999999999994,"Langres HM","F",87,90,92,92,108,112,115,115,207,66.800000000000011,"IRG +",17,{"$f":"IF(I157=\"\",\"\",IF(A157=\"H\",IF(OR(H157=\"SEN\",H157<1995),VLOOKUP(I157,Feuil1!$A$11:$F$29,6),IF(AND(H157>1994,H157<1998),VLOOKUP(I157,Feuil1!$A$11:$F$29,5),IF(AND(H157>1997,H157<2000),VLOOKUP(I157,Feuil1!$A$11:$F$29,4),IF(AND(H157>1999,H157<2002),VLOOKUP(I157,Feuil1!$A$11:$F$29,3),VLOOKUP(I157,Feuil1!$A$11:$F$29,2))))),IF(OR(H157=\"SEN\",H157<1995),VLOOKUP(I157,Feuil1!$G$11:$L$25,6),IF(AND(H157>1994,H157<1998),VLOOKUP(I157,Feuil1!$G$11:$L$25,5),IF(AND(H157>1997,H157<2000),VLOOKUP(I157,Feuil1!$G$11:$L$25,4),IF(AND(H157>1999,H157<2002),VLOOKUP(I157,Feuil1!$G$11:$L$25,3),VLOOKUP(I157,Feuil1!$G$11:$L$25,2)))))))","v":"J77"},275.68907327444771,null," ",{"$f":"T157-HLOOKUP(X157,Feuil1!$C$1:$BL$10,2,FALSE)","v":77},{"$f":"T157-HLOOKUP(X157,Feuil1!$C$1:$BL$10,3,FALSE)","v":57},{"$f":"T157-HLOOKUP(X157,Feuil1!$C$1:$BL$10,4,FALSE)","v":37},{"$f":"T157-HLOOKUP(X157,Feuil1!$C$1:$BL$10,5,FALSE)","v":17},{"$f":"T157-HLOOKUP(X157,Feuil1!$C$1:$BL$10,6,FALSE)","v":-3},{"$f":"T157-HLOOKUP(X157,Feuil1!$C$1:$BL$10,7,FALSE)","v":-33},{"$f":"T157-HLOOKUP(X157,Feuil1!$C$1:$BL$10,8,FALSE)","v":-53},{"$f":"T157-HLOOKUP(X157,Feuil1!$C$1:$BL$10,9,FALSE)","v":-78},{"$f":"T157-HLOOKUP(X157,Feuil1!$C$1:$BL$10,10,FALSE)","v":-9793},null,null,null,null,null,null,"IRG +"]
["H","SEST","CAZ",21,301051,"CINQUIN","Nicolas",1996,74.900000000000006,"ES VILLENEUVE LOUBET","F",90,95,-100,95,100,108,112,112,207,57.199999999999989,"IRG +",17,{"$f":"IF(I158=\"\",\"\",IF(A158=\"H\",IF(OR(H158=\"SEN\",H158<1995),VLOOKUP(I158,Feuil1!$A$11:$F$29,6),IF(AND(H158>1994,H158<1998),VLOOKUP(I158,Feuil1!$A$11:$F$29,5),IF(AND(H158>1997,H158<2000),VLOOKUP(I158,Feuil1!$A$11:$F$29,4),IF(AND(H158>1999,H158<2002),VLOOKUP(I158,Feuil1!$A$11:$F$29,3),VLOOKUP(I158,Feuil1!$A$11:$F$29,2))))),IF(OR(H158=\"SEN\",H158<1995),VLOOKUP(I158,Feuil1!$G$11:$L$25,6),IF(AND(H158>1994,H158<1998),VLOOKUP(I158,Feuil1!$G$11:$L$25,5),IF(AND(H158>1997,H158<2000),VLOOKUP(I158,Feuil1!$G$11:$L$25,4),IF(AND(H158>1999,H158<2002),VLOOKUP(I158,Feuil1!$G$11:$L$25,3),VLOOKUP(I158,Feuil1!$G$11:$L$25,2)))))))","v":"J77"},264.84342117155524,null," ",{"$f":"T158-HLOOKUP(X158,Feuil1!$C$1:$BL$10,2,FALSE)","v":77},{"$f":"T158-HLOOKUP(X158,Feuil1!$C$1:$BL$10,3,FALSE)","v":57},{"$f":"T158-HLOOKUP(X158,Feuil1!$C$1:$BL$10,4,FALSE)","v":37},{"$f":"T158-HLOOKUP(X158,Feuil1!$C$1:$BL$10,5,FALSE)","v":17},{"$f":"T158-HLOOKUP(X158,Feuil1!$C$1:$BL$10,6,FALSE)","v":-3},{"$f":"T158-HLOOKUP(X158,Feuil1!$C$1:$BL$10,7,FALSE)","v":-33},{"$f":"T158-HLOOKUP(X158,Feuil1!$C$1:$BL$10,8,FALSE)","v":-53},{"$f":"T158-HLOOKUP(X158,Feuil1!$C$1:$BL$10,9,FALSE)","v":-78},{"$f":"T158-HLOOKUP(X158,Feuil1!$C$1:$BL$10,10,FALSE)","v":-9793},null,null,null,null,null,null,"IRG +"]
["H","NE","FCO",22,"246718","PHARIZAT","Kévin",1997,76.099999999999994,"LF Besançon","F",90,95,97,97,110,-115,-116,110,207,54.800000000000011,"IRG +",17,{"$f":"IF(I159=\"\",\"\",IF(A159=\"H\",IF(OR(H159=\"SEN\",H159<1995),VLOOKUP(I159,Feuil1!$A$11:$F$29,6),IF(AND(H159>1994,H159<1998),VLOOKUP(I159,Feuil1!$A$11:$F$29,5),IF(AND(H159>1997,H159<2000),VLOOKUP(I159,Feuil1!$A$11:$F$29,4),IF(AND(H159>1999,H159<2002),VLOOKUP(I159,Feuil1!$A$11:$F$29,3),VLOOKUP(I159,Feuil1!$A$11:$F$29,2))))),IF(OR(H159=\"SEN\",H159<1995),VLOOKUP(I159,Feuil1!$G$11:$L$25,6),IF(AND(H159>1994,H159<1998),VLOOKUP(I159,Feuil1!$G$11:$L$25,5),IF(AND(H159>1997,H159<2000),VLOOKUP(I159,Feuil1!$G$11:$L$25,4),IF(AND(H159>1999,H159<2002),VLOOKUP(I159,Feuil1!$G$11:$L$25,3),VLOOKUP(I159,Feuil1!$G$11:$L$25,2)))))))","v":"J77"},262.42291800232243,null," ",{"$f":"T159-HLOOKUP(X159,Feuil1!$C$1:$BL$10,2,FALSE)","v":77},{"$f":"T159-HLOOKUP(X159,Feuil1!$C$1:$BL$10,3,FALSE)","v":57},{"$f":"T159-HLOOKUP(X159,Feuil1!$C$1:$BL$10,4,FALSE)","v":37},{"$f":"T159-HLOOKUP(X159,Feuil1!$C$1:$BL$10,5,FALSE)","v":17},{"$f":"T159-HLOOKUP(X159,Feuil1!$C$1:$BL$10,6,FALSE)","v":-3},{"$f":"T159-HLOOKUP(X159,Feuil1!$C$1:$BL$10,7,FALSE)","v":-33},{"$f":"T159-HLOOKUP(X159,Feuil1!$C$1:$BL$10,8,FALSE)","v":-53},{"$f":"T159-HLOOKUP(X159,Feuil1!$C$1:$BL$10,9,FALSE)","v":-78},{"$f":"T159-HLOOKUP(X159,Feuil1!$C$1:$BL$10,10,FALSE)","v":-9793},null,null,null,null,null,null,"IRG +"]
["H","ZCO","BRE",23,361769,"LE GALL","Jean-Baptiste",1996,74.3,"AL Quimper","F",80,-85,85,85,115,-120,-120,115,200,51.400000000000006,"IRG +",10,{"$f":"IF(I160=\"\",\"\",IF(A160=\"H\",IF(OR(H160=\"SEN\",H160<1995),VLOOKUP(I160,Feuil1!$A$11:$F$29,6),IF(AND(H160>1994,H160<1998),VLOOKUP(I160,Feuil1!$A$11:$F$29,5),IF(AND(H160>1997,H160<2000),VLOOKUP(I160,Feuil1!$A$11:$F$29,4),IF(AND(H160>1999,H160<2002),VLOOKUP(I160,Feuil1!$A$11:$F$29,3),VLOOKUP(I160,Feuil1!$A$11:$F$29,2))))),IF(OR(H160=\"SEN\",H160<1995),VLOOKUP(I160,Feuil1!$G$11:$L$25,6),IF(AND(H160>1994,H160<1998),VLOOKUP(I160,Feuil1!$G$11:$L$25,5),IF(AND(H160>1997,H160<2000),VLOOKUP(I160,Feuil1!$G$11:$L$25,4),IF(AND(H160>1999,H160<2002),VLOOKUP(I160,Feuil1!$G$11:$L$25,3),VLOOKUP(I160,Feuil1!$G$11:$L$25,2)))))))","v":"J77"},257.09605970100722,null," ",{"$f":"T160-HLOOKUP(X160,Feuil1!$C$1:$BL$10,2,FALSE)","v":70},{"$f":"T160-HLOOKUP(X160,Feuil1!$C$1:$BL$10,3,FALSE)","v":50},{"$f":"T160-HLOOKUP(X160,Feuil1!$C$1:$BL$10,4,FALSE)","v":30},{"$f":"T160-HLOOKUP(X160,Feuil1!$C$1:$BL$10,5,FALSE)","v":10},{"$f":"T160-HLOOKUP(X160,Feuil1!$C$1:$BL$10,6,FALSE)","v":-10},{"$f":"T160-HLOOKUP(X160,Feuil1!$C$1:$BL$10,7,FALSE)","v":-40},{"$f":"T160-HLOOKUP(X160,Feuil1!$C$1:$BL$10,8,FALSE)","v":-60},{"$f":"T160-HLOOKUP(X160,Feuil1!$C$1:$BL$10,9,FALSE)","v":-85},{"$f":"T160-HLOOKUP(X160,Feuil1!$C$1:$BL$10,10,FALSE)","v":-9800},null,null,null,null,null,null,"IRG +"]
["H","N","IDF",24,224126,"SERRA","ROMAIN",1995,75.400000000000006,"CHAVILLE ","F",75,80,85,85,100,110,115,115,200,49.199999999999989,"IRG +",10,{"$f":"IF(I161=\"\",\"\",IF(A161=\"H\",IF(OR(H161=\"SEN\",H161<1995),VLOOKUP(I161,Feuil1!$A$11:$F$29,6),IF(AND(H161>1994,H161<1998),VLOOKUP(I161,Feuil1!$A$11:$F$29,5),IF(AND(H161>1997,H161<2000),VLOOKUP(I161,Feuil1!$A$11:$F$29,4),IF(AND(H161>1999,H161<2002),VLOOKUP(I161,Feuil1!$A$11:$F$29,3),VLOOKUP(I161,Feuil1!$A$11:$F$29,2))))),IF(OR(H161=\"SEN\",H161<1995),VLOOKUP(I161,Feuil1!$G$11:$L$25,6),IF(AND(H161>1994,H161<1998),VLOOKUP(I161,Feuil1!$G$11:$L$25,5),IF(AND(H161>1997,H161<2000),VLOOKUP(I161,Feuil1!$G$11:$L$25,4),IF(AND(H161>1999,H161<2002),VLOOKUP(I161,Feuil1!$G$11:$L$25,3),VLOOKUP(I161,Feuil1!$G$11:$L$25,2)))))))","v":"J77"},254.90038420480113,null," ",{"$f":"T161-HLOOKUP(X161,Feuil1!$C$1:$BL$10,2,FALSE)","v":70},{"$f":"T161-HLOOKUP(X161,Feuil1!$C$1:$BL$10,3,FALSE)","v":50},{"$f":"T161-HLOOKUP(X161,Feuil1!$C$1:$BL$10,4,FALSE)","v":30},{"$f":"T161-HLOOKUP(X161,Feuil1!$C$1:$BL$10,5,FALSE)","v":10},{"$f":"T161-HLOOKUP(X161,Feuil1!$C$1:$BL$10,6,FALSE)","v":-10},{"$f":"T161-HLOOKUP(X161,Feuil1!$C$1:$BL$10,7,FALSE)","v":-40},{"$f":"T161-HLOOKUP(X161,Feuil1!$C$1:$BL$10,8,FALSE)","v":-60},{"$f":"T161-HLOOKUP(X161,Feuil1!$C$1:$BL$10,9,FALSE)","v":-85},{"$f":"T161-HLOOKUP(X161,Feuil1!$C$1:$BL$10,10,FALSE)","v":-9800},null,null,null,null,null,null,"IRG +"]
["H","SO","MPY",25,327829,"BENA","Charly",1995,76.900000000000006,"COLOMIERS US","F",80,85,-90,85,105,113,-118,113,198,44.199999999999989,"IRG +",8,{"$f":"IF(I162=\"\",\"\",IF(A162=\"H\",IF(OR(H162=\"SEN\",H162<1995),VLOOKUP(I162,Feuil1!$A$11:$F$29,6),IF(AND(H162>1994,H162<1998),VLOOKUP(I162,Feuil1!$A$11:$F$29,5),IF(AND(H162>1997,H162<2000),VLOOKUP(I162,Feuil1!$A$11:$F$29,4),IF(AND(H162>1999,H162<2002),VLOOKUP(I162,Feuil1!$A$11:$F$29,3),VLOOKUP(I162,Feuil1!$A$11:$F$29,2))))),IF(OR(H162=\"SEN\",H162<1995),VLOOKUP(I162,Feuil1!$G$11:$L$25,6),IF(AND(H162>1994,H162<1998),VLOOKUP(I162,Feuil1!$G$11:$L$25,5),IF(AND(H162>1997,H162<2000),VLOOKUP(I162,Feuil1!$G$11:$L$25,4),IF(AND(H162>1999,H162<2002),VLOOKUP(I162,Feuil1!$G$11:$L$25,3),VLOOKUP(I162,Feuil1!$G$11:$L$25,2)))))))","v":"J77"},249.5251859540395,null," ",{"$f":"T162-HLOOKUP(X162,Feuil1!$C$1:$BL$10,2,FALSE)","v":68},{"$f":"T162-HLOOKUP(X162,Feuil1!$C$1:$BL$10,3,FALSE)","v":48},{"$f":"T162-HLOOKUP(X162,Feuil1!$C$1:$BL$10,4,FALSE)","v":28},{"$f":"T162-HLOOKUP(X162,Feuil1!$C$1:$BL$10,5,FALSE)","v":8},{"$f":"T162-HLOOKUP(X162,Feuil1!$C$1:$BL$10,6,FALSE)","v":-12},{"$f":"T162-HLOOKUP(X162,Feuil1!$C$1:$BL$10,7,FALSE)","v":-42},{"$f":"T162-HLOOKUP(X162,Feuil1!$C$1:$BL$10,8,FALSE)","v":-62},{"$f":"T162-HLOOKUP(X162,Feuil1!$C$1:$BL$10,9,FALSE)","v":-87},{"$f":"T162-HLOOKUP(X162,Feuil1!$C$1:$BL$10,10,FALSE)","v":-9802},null,null,null,null,null,null,"IRG +"]
["H","SEST","LAN ",26,288082,"GARCIA ","Florian",1997,75.400000000000006,"Clermont Sports","F",80,83,85,85,105,110,112,112,197,46.199999999999989,"IRG +",7,{"$f":"IF(I163=\"\",\"\",IF(A163=\"H\",IF(OR(H163=\"SEN\",H163<1995),VLOOKUP(I163,Feuil1!$A$11:$F$29,6),IF(AND(H163>1994,H163<1998),VLOOKUP(I163,Feuil1!$A$11:$F$29,5),IF(AND(H163>1997,H163<2000),VLOOKUP(I163,Feuil1!$A$11:$F$29,4),IF(AND(H163>1999,H163<2002),VLOOKUP(I163,Feuil1!$A$11:$F$29,3),VLOOKUP(I163,Feuil1!$A$11:$F$29,2))))),IF(OR(H163=\"SEN\",H163<1995),VLOOKUP(I163,Feuil1!$G$11:$L$25,6),IF(AND(H163>1994,H163<1998),VLOOKUP(I163,Feuil1!$G$11:$L$25,5),IF(AND(H163>1997,H163<2000),VLOOKUP(I163,Feuil1!$G$11:$L$25,4),IF(AND(H163>1999,H163<2002),VLOOKUP(I163,Feuil1!$G$11:$L$25,3),VLOOKUP(I163,Feuil1!$G$11:$L$25,2)))))))","v":"J77"},251.07687844172909,null," ",{"$f":"T163-HLOOKUP(X163,Feuil1!$C$1:$BL$10,2,FALSE)","v":67},{"$f":"T163-HLOOKUP(X163,Feuil1!$C$1:$BL$10,3,FALSE)","v":47},{"$f":"T163-HLOOKUP(X163,Feuil1!$C$1:$BL$10,4,FALSE)","v":27},{"$f":"T163-HLOOKUP(X163,Feuil1!$C$1:$BL$10,5,FALSE)","v":7},{"$f":"T163-HLOOKUP(X163,Feuil1!$C$1:$BL$10,6,FALSE)","v":-13},{"$f":"T163-HLOOKUP(X163,Feuil1!$C$1:$BL$10,7,FALSE)","v":-43},{"$f":"T163-HLOOKUP(X163,Feuil1!$C$1:$BL$10,8,FALSE)","v":-63},{"$f":"T163-HLOOKUP(X163,Feuil1!$C$1:$BL$10,9,FALSE)","v":-88},{"$f":"T163-HLOOKUP(X163,Feuil1!$C$1:$BL$10,10,FALSE)","v":-9803},null,null,null,null,null,null,"IRG +"]
["H","SO","MPY",27,372055,"SERPIN ","Maxime",1996,73.5,"MONTAUBAN HC","F",80,85,-90,85,100,105,110,110,195,48,"IRG +",5,{"$f":"IF(I164=\"\",\"\",IF(A164=\"H\",IF(OR(H164=\"SEN\",H164<1995),VLOOKUP(I164,Feuil1!$A$11:$F$29,6),IF(AND(H164>1994,H164<1998),VLOOKUP(I164,Feuil1!$A$11:$F$29,5),IF(AND(H164>1997,H164<2000),VLOOKUP(I164,Feuil1!$A$11:$F$29,4),IF(AND(H164>1999,H164<2002),VLOOKUP(I164,Feuil1!$A$11:$F$29,3),VLOOKUP(I164,Feuil1!$A$11:$F$29,2))))),IF(OR(H164=\"SEN\",H164<1995),VLOOKUP(I164,Feuil1!$G$11:$L$25,6),IF(AND(H164>1994,H164<1998),VLOOKUP(I164,Feuil1!$G$11:$L$25,5),IF(AND(H164>1997,H164<2000),VLOOKUP(I164,Feuil1!$G$11:$L$25,4),IF(AND(H164>1999,H164<2002),VLOOKUP(I164,Feuil1!$G$11:$L$25,3),VLOOKUP(I164,Feuil1!$G$11:$L$25,2)))))))","v":"J77"},252.28142437922915,null," ",{"$f":"T164-HLOOKUP(X164,Feuil1!$C$1:$BL$10,2,FALSE)","v":65},{"$f":"T164-HLOOKUP(X164,Feuil1!$C$1:$BL$10,3,FALSE)","v":45},{"$f":"T164-HLOOKUP(X164,Feuil1!$C$1:$BL$10,4,FALSE)","v":25},{"$f":"T164-HLOOKUP(X164,Feuil1!$C$1:$BL$10,5,FALSE)","v":5},{"$f":"T164-HLOOKUP(X164,Feuil1!$C$1:$BL$10,6,FALSE)","v":-15},{"$f":"T164-HLOOKUP(X164,Feuil1!$C$1:$BL$10,7,FALSE)","v":-45},{"$f":"T164-HLOOKUP(X164,Feuil1!$C$1:$BL$10,8,FALSE)","v":-65},{"$f":"T164-HLOOKUP(X164,Feuil1!$C$1:$BL$10,9,FALSE)","v":-90},{"$f":"T164-HLOOKUP(X164,Feuil1!$C$1:$BL$10,10,FALSE)","v":-9805},null,null,null,null,null,null,"IRG +"]
["H","NE","ALS",28,311235,"HUYNH","PHUONG",1995,69.8,"SA Koenigshoffen","F",80,84,-86,84,100,106,110,110,194,54.400000000000006,"IRG +",4,{"$f":"IF(I165=\"\",\"\",IF(A165=\"H\",IF(OR(H165=\"SEN\",H165<1995),VLOOKUP(I165,Feuil1!$A$11:$F$29,6),IF(AND(H165>1994,H165<1998),VLOOKUP(I165,Feuil1!$A$11:$F$29,5),IF(AND(H165>1997,H165<2000),VLOOKUP(I165,Feuil1!$A$11:$F$29,4),IF(AND(H165>1999,H165<2002),VLOOKUP(I165,Feuil1!$A$11:$F$29,3),VLOOKUP(I165,Feuil1!$A$11:$F$29,2))))),IF(OR(H165=\"SEN\",H165<1995),VLOOKUP(I165,Feuil1!$G$11:$L$25,6),IF(AND(H165>1994,H165<1998),VLOOKUP(I165,Feuil1!$G$11:$L$25,5),IF(AND(H165>1997,H165<2000),VLOOKUP(I165,Feuil1!$G$11:$L$25,4),IF(AND(H165>1999,H165<2002),VLOOKUP(I165,Feuil1!$G$11:$L$25,3),VLOOKUP(I165,Feuil1!$G$11:$L$25,2)))))))","v":"J77"},259.07466921268735,null," ",{"$f":"T165-HLOOKUP(X165,Feuil1!$C$1:$BL$10,2,FALSE)","v":64},{"$f":"T165-HLOOKUP(X165,Feuil1!$C$1:$BL$10,3,FALSE)","v":44},{"$f":"T165-HLOOKUP(X165,Feuil1!$C$1:$BL$10,4,FALSE)","v":24},{"$f":"T165-HLOOKUP(X165,Feuil1!$C$1:$BL$10,5,FALSE)","v":4},{"$f":"T165-HLOOKUP(X165,Feuil1!$C$1:$BL$10,6,FALSE)","v":-16},{"$f":"T165-HLOOKUP(X165,Feuil1!$C$1:$BL$10,7,FALSE)","v":-46},{"$f":"T165-HLOOKUP(X165,Feuil1!$C$1:$BL$10,8,FALSE)","v":-66},{"$f":"T165-HLOOKUP(X165,Feuil1!$C$1:$BL$10,9,FALSE)","v":-91},{"$f":"T165-HLOOKUP(X165,Feuil1!$C$1:$BL$10,10,FALSE)","v":-9806},null,null,null,null,null,null,"IRG +"]
["H","NORD","NPC",29,359842,"REMBAUVILLE","Paul",1997,69.3,"C.A.ROSENDAEL","F",80,84,86,86,100,-105,105,105,191,52.400000000000006,"IRG +",1,{"$f":"IF(I166=\"\",\"\",IF(A166=\"H\",IF(OR(H166=\"SEN\",H166<1995),VLOOKUP(I166,Feuil1!$A$11:$F$29,6),IF(AND(H166>1994,H166<1998),VLOOKUP(I166,Feuil1!$A$11:$F$29,5),IF(AND(H166>1997,H166<2000),VLOOKUP(I166,Feuil1!$A$11:$F$29,4),IF(AND(H166>1999,H166<2002),VLOOKUP(I166,Feuil1!$A$11:$F$29,3),VLOOKUP(I166,Feuil1!$A$11:$F$29,2))))),IF(OR(H166=\"SEN\",H166<1995),VLOOKUP(I166,Feuil1!$G$11:$L$25,6),IF(AND(H166>1994,H166<1998),VLOOKUP(I166,Feuil1!$G$11:$L$25,5),IF(AND(H166>1997,H166<2000),VLOOKUP(I166,Feuil1!$G$11:$L$25,4),IF(AND(H166>1999,H166<2002),VLOOKUP(I166,Feuil1!$G$11:$L$25,3),VLOOKUP(I166,Feuil1!$G$11:$L$25,2)))))))","v":"J77"},256.23408597391426,null," ",{"$f":"T166-HLOOKUP(X166,Feuil1!$C$1:$BL$10,2,FALSE)","v":61},{"$f":"T166-HLOOKUP(X166,Feuil1!$C$1:$BL$10,3,FALSE)","v":41},{"$f":"T166-HLOOKUP(X166,Feuil1!$C$1:$BL$10,4,FALSE)","v":21},{"$f":"T166-HLOOKUP(X166,Feuil1!$C$1:$BL$10,5,FALSE)","v":1},{"$f":"T166-HLOOKUP(X166,Feuil1!$C$1:$BL$10,6,FALSE)","v":-19},{"$f":"T166-HLOOKUP(X166,Feuil1!$C$1:$BL$10,7,FALSE)","v":-49},{"$f":"T166-HLOOKUP(X166,Feuil1!$C$1:$BL$10,8,FALSE)","v":-69},{"$f":"T166-HLOOKUP(X166,Feuil1!$C$1:$BL$10,9,FALSE)","v":-94},{"$f":"T166-HLOOKUP(X166,Feuil1!$C$1:$BL$10,10,FALSE)","v":-9809},null,null,null,null,null,null,"IRG +"]
["H","NE","ALS",30,299294,"CASPAR","PAUL",1996,76.34,"CS Brumath","F",75,80,85,85,95,100,105,105,190,37.319999999999993,"IRG +",0,{"$f":"IF(I167=\"\",\"\",IF(A167=\"H\",IF(OR(H167=\"SEN\",H167<1995),VLOOKUP(I167,Feuil1!$A$11:$F$29,6),IF(AND(H167>1994,H167<1998),VLOOKUP(I167,Feuil1!$A$11:$F$29,5),IF(AND(H167>1997,H167<2000),VLOOKUP(I167,Feuil1!$A$11:$F$29,4),IF(AND(H167>1999,H167<2002),VLOOKUP(I167,Feuil1!$A$11:$F$29,3),VLOOKUP(I167,Feuil1!$A$11:$F$29,2))))),IF(OR(H167=\"SEN\",H167<1995),VLOOKUP(I167,Feuil1!$G$11:$L$25,6),IF(AND(H167>1994,H167<1998),VLOOKUP(I167,Feuil1!$G$11:$L$25,5),IF(AND(H167>1997,H167<2000),VLOOKUP(I167,Feuil1!$G$11:$L$25,4),IF(AND(H167>1999,H167<2002),VLOOKUP(I167,Feuil1!$G$11:$L$25,3),VLOOKUP(I167,Feuil1!$G$11:$L$25,2)))))))","v":"J77"},240.43852951558316,null," ",{"$f":"T167-HLOOKUP(X167,Feuil1!$C$1:$BL$10,2,FALSE)","v":60},{"$f":"T167-HLOOKUP(X167,Feuil1!$C$1:$BL$10,3,FALSE)","v":40},{"$f":"T167-HLOOKUP(X167,Feuil1!$C$1:$BL$10,4,FALSE)","v":20},{"$f":"T167-HLOOKUP(X167,Feuil1!$C$1:$BL$10,5,FALSE)","v":0},{"$f":"T167-HLOOKUP(X167,Feuil1!$C$1:$BL$10,6,FALSE)","v":-20},{"$f":"T167-HLOOKUP(X167,Feuil1!$C$1:$BL$10,7,FALSE)","v":-50},{"$f":"T167-HLOOKUP(X167,Feuil1!$C$1:$BL$10,8,FALSE)","v":-70},{"$f":"T167-HLOOKUP(X167,Feuil1!$C$1:$BL$10,9,FALSE)","v":-95},{"$f":"T167-HLOOKUP(X167,Feuil1!$C$1:$BL$10,10,FALSE)","v":-9810},null,null,null,null,null,null,"IRG +"]
["H","NE","BOU",31,35831,"GRAILLOT ","Steeven",1997,69.599999999999994,"HMDB21","F",73,77,-80,77,100,105,110,110,187,47.800000000000011,"REG +",17,{"$f":"IF(I168=\"\",\"\",IF(A168=\"H\",IF(OR(H168=\"SEN\",H168<1995),VLOOKUP(I168,Feuil1!$A$11:$F$29,6),IF(AND(H168>1994,H168<1998),VLOOKUP(I168,Feuil1!$A$11:$F$29,5),IF(AND(H168>1997,H168<2000),VLOOKUP(I168,Feuil1!$A$11:$F$29,4),IF(AND(H168>1999,H168<2002),VLOOKUP(I168,Feuil1!$A$11:$F$29,3),VLOOKUP(I168,Feuil1!$A$11:$F$29,2))))),IF(OR(H168=\"SEN\",H168<1995),VLOOKUP(I168,Feuil1!$G$11:$L$25,6),IF(AND(H168>1994,H168<1998),VLOOKUP(I168,Feuil1!$G$11:$L$25,5),IF(AND(H168>1997,H168<2000),VLOOKUP(I168,Feuil1!$G$11:$L$25,4),IF(AND(H168>1999,H168<2002),VLOOKUP(I168,Feuil1!$G$11:$L$25,3),VLOOKUP(I168,Feuil1!$G$11:$L$25,2)))))))","v":"J77"},250.18046144004964,null," ",{"$f":"T168-HLOOKUP(X168,Feuil1!$C$1:$BL$10,2,FALSE)","v":57},{"$f":"T168-HLOOKUP(X168,Feuil1!$C$1:$BL$10,3,FALSE)","v":37},{"$f":"T168-HLOOKUP(X168,Feuil1!$C$1:$BL$10,4,FALSE)","v":17},{"$f":"T168-HLOOKUP(X168,Feuil1!$C$1:$BL$10,5,FALSE)","v":-3},{"$f":"T168-HLOOKUP(X168,Feuil1!$C$1:$BL$10,6,FALSE)","v":-23},{"$f":"T168-HLOOKUP(X168,Feuil1!$C$1:$BL$10,7,FALSE)","v":-53},{"$f":"T168-HLOOKUP(X168,Feuil1!$C$1:$BL$10,8,FALSE)","v":-73},{"$f":"T168-HLOOKUP(X168,Feuil1!$C$1:$BL$10,9,FALSE)","v":-98},{"$f":"T168-HLOOKUP(X168,Feuil1!$C$1:$BL$10,10,FALSE)","v":-9813},null,null,null,null,null,null,"REG +"]
["H","NE","FCO",32,178468,"CHATRENET","Antoine",1995,69.7,"LF Besançon","F",75,80,83,83,93,97,100,100,183,43.599999999999994,"REG +",13,{"$f":"IF(I169=\"\",\"\",IF(A169=\"H\",IF(OR(H169=\"SEN\",H169<1995),VLOOKUP(I169,Feuil1!$A$11:$F$29,6),IF(AND(H169>1994,H169<1998),VLOOKUP(I169,Feuil1!$A$11:$F$29,5),IF(AND(H169>1997,H169<2000),VLOOKUP(I169,Feuil1!$A$11:$F$29,4),IF(AND(H169>1999,H169<2002),VLOOKUP(I169,Feuil1!$A$11:$F$29,3),VLOOKUP(I169,Feuil1!$A$11:$F$29,2))))),IF(OR(H169=\"SEN\",H169<1995),VLOOKUP(I169,Feuil1!$G$11:$L$25,6),IF(AND(H169>1994,H169<1998),VLOOKUP(I169,Feuil1!$G$11:$L$25,5),IF(AND(H169>1997,H169<2000),VLOOKUP(I169,Feuil1!$G$11:$L$25,4),IF(AND(H169>1999,H169<2002),VLOOKUP(I169,Feuil1!$G$11:$L$25,3),VLOOKUP(I169,Feuil1!$G$11:$L$25,2)))))))","v":"J77"},244.60650424031795,null," ",{"$f":"T169-HLOOKUP(X169,Feuil1!$C$1:$BL$10,2,FALSE)","v":53},{"$f":"T169-HLOOKUP(X169,Feuil1!$C$1:$BL$10,3,FALSE)","v":33},{"$f":"T169-HLOOKUP(X169,Feuil1!$C$1:$BL$10,4,FALSE)","v":13},{"$f":"T169-HLOOKUP(X169,Feuil1!$C$1:$BL$10,5,FALSE)","v":-7},{"$f":"T169-HLOOKUP(X169,Feuil1!$C$1:$BL$10,6,FALSE)","v":-27},{"$f":"T169-HLOOKUP(X169,Feuil1!$C$1:$BL$10,7,FALSE)","v":-57},{"$f":"T169-HLOOKUP(X169,Feuil1!$C$1:$BL$10,8,FALSE)","v":-77},{"$f":"T169-HLOOKUP(X169,Feuil1!$C$1:$BL$10,9,FALSE)","v":-102},{"$f":"T169-HLOOKUP(X169,Feuil1!$C$1:$BL$10,10,FALSE)","v":-9817},null,null,null,null,null,null,"REG +"]
["H","NE","ALS",33,243033,"MULLER","VICTOR",1996,75.2,"ASI Avenir HM","F",75,78,81,{"$f":"IF(H170=\"\",\"\",IF(MAXA(L170:N170)<=0,0,MAXA(L170:N170)))","v":81},93,98,102,{"$f":"IF(H170=\"\",\"\",IF(MAXA(P170:R170)<=0,0,MAXA(P170:R170)))","v":102},{"$f":"IF(H170=\"\",\"\",IF(OR(O170=0,S170=0),0,O170+S170))","v":183},{"$f":"T170-I170*2","v":32.599999999999994},{"$f":"IF(H170=\"\",\"\",AQ170)","v":"REG +"},{"$f":"IF(AJ170>=0,AJ170,IF(AI170>=0,AI170,IF(AH170>=0,AH170,IF(AG170>=0,AG170,IF(AF170>=0,AF170,IF(AE170>=0,AE170,IF(AD170>=0,AD170,IF(AC170>=0,AC170,AB170))))))))","v":13},{"$f":"IF(I170=\"\",\"\",IF(A170=\"H\",IF(OR(H170=\"SEN\",H170<1995),VLOOKUP(I170,Feuil1!$A$11:$F$29,6),IF(AND(H170>1994,H170<1998),VLOOKUP(I170,Feuil1!$A$11:$F$29,5),IF(AND(H170>1997,H170<2000),VLOOKUP(I170,Feuil1!$A$11:$F$29,4),IF(AND(H170>1999,H170<2002),VLOOKUP(I170,Feuil1!$A$11:$F$29,3),VLOOKUP(I170,Feuil1!$A$11:$F$29,2))))),IF(OR(H170=\"SEN\",H170<1995),VLOOKUP(I170,Feuil1!$G$11:$L$25,6),IF(AND(H170>1994,H170<1998),VLOOKUP(I170,Feuil1!$G$11:$L$25,5),IF(AND(H170>1997,H170<2000),VLOOKUP(I170,Feuil1!$G$11:$L$25,4),IF(AND(H170>1999,H170<2002),VLOOKUP(I170,Feuil1!$G$11:$L$25,3),VLOOKUP(I170,Feuil1!$G$11:$L$25,2)))))))","v":"J77"},{"$f":"IF(I170=\"\",\"\",IF(A170=\"H\",10^(0.794358141*LOG(I170/174.393)^2)*T170,IF(A170=\"F\",10^(0.89726074*LOG(I170/148.026)^2)*T170,\"\")))","v":233.59309118112478},null," ",{"$f":"T170-HLOOKUP(X170,Feuil1!$C$1:$BL$10,2,FALSE)","v":53},{"$f":"T170-HLOOKUP(X170,Feuil1!$C$1:$BL$10,3,FALSE)","v":33},{"$f":"T170-HLOOKUP(X170,Feuil1!$C$1:$BL$10,4,FALSE)","v":13},{"$f":"T170-HLOOKUP(X170,Feuil1!$C$1:$BL$10,5,FALSE)","v":-7},{"$f":"T170-HLOOKUP(X170,Feuil1!$C$1:$BL$10,6,FALSE)","v":-27},{"$f":"T170-HLOOKUP(X170,Feuil1!$C$1:$BL$10,7,FALSE)","v":-57},{"$f":"T170-HLOOKUP(X170,Feuil1!$C$1:$BL$10,8,FALSE)","v":-77},{"$f":"T170-HLOOKUP(X170,Feuil1!$C$1:$BL$10,9,FALSE)","v":-102},{"$f":"T170-HLOOKUP(X170,Feuil1!$C$1:$BL$10,10,FALSE)","v":-9817},null,null,null,null,null,null,{"$f":"IF(AJ170>=0,$AJ$4,IF(AI170>=0,$AI$4,IF(AH170>=0,$AH$4,IF(AG170>=0,$AG$4,IF(AF170>=0,$AF$4,IF(AE170>=0,$AE$4,IF(AD170>=0,$AD$4,IF(AC170>=0,$AC$4,$AB$4))))))))","v":"REG +"}]
["H","SEST","PRO",34,310253,"AMRI","BEKAY",1996,76.8,"CHC MONDRAGON",null,72,77,-80,77,95,100,103,103,180,26.400000000000006,"REG +",10,{"$f":"IF(I171=\"\",\"\",IF(A171=\"H\",IF(OR(H171=\"SEN\",H171<1995),VLOOKUP(I171,Feuil1!$A$11:$F$29,6),IF(AND(H171>1994,H171<1998),VLOOKUP(I171,Feuil1!$A$11:$F$29,5),IF(AND(H171>1997,H171<2000),VLOOKUP(I171,Feuil1!$A$11:$F$29,4),IF(AND(H171>1999,H171<2002),VLOOKUP(I171,Feuil1!$A$11:$F$29,3),VLOOKUP(I171,Feuil1!$A$11:$F$29,2))))),IF(OR(H171=\"SEN\",H171<1995),VLOOKUP(I171,Feuil1!$G$11:$L$25,6),IF(AND(H171>1994,H171<1998),VLOOKUP(I171,Feuil1!$G$11:$L$25,5),IF(AND(H171>1997,H171<2000),VLOOKUP(I171,Feuil1!$G$11:$L$25,4),IF(AND(H171>1999,H171<2002),VLOOKUP(I171,Feuil1!$G$11:$L$25,3),VLOOKUP(I171,Feuil1!$G$11:$L$25,2)))))))","v":"J77"},227.0080310601528,null," ",{"$f":"T171-HLOOKUP(X171,Feuil1!$C$1:$BL$10,2,FALSE)","v":50},{"$f":"T171-HLOOKUP(X171,Feuil1!$C$1:$BL$10,3,FALSE)","v":30},{"$f":"T171-HLOOKUP(X171,Feuil1!$C$1:$BL$10,4,FALSE)","v":10},{"$f":"T171-HLOOKUP(X171,Feuil1!$C$1:$BL$10,5,FALSE)","v":-10},{"$f":"T171-HLOOKUP(X171,Feuil1!$C$1:$BL$10,6,FALSE)","v":-30},{"$f":"T171-HLOOKUP(X171,Feuil1!$C$1:$BL$10,7,FALSE)","v":-60},{"$f":"T171-HLOOKUP(X171,Feuil1!$C$1:$BL$10,8,FALSE)","v":-80},{"$f":"T171-HLOOKUP(X171,Feuil1!$C$1:$BL$10,9,FALSE)","v":-105},{"$f":"T171-HLOOKUP(X171,Feuil1!$C$1:$BL$10,10,FALSE)","v":-9820},null,null,null,null,null,null,"REG +"]
["H","NE","ALS",35,288388,"BURST","GABIN",1996,72.900000000000006,"SR Obernai HM","F",72,76,80,80,88,94,-97,94,174,28.199999999999989,"REG +",4,{"$f":"IF(I172=\"\",\"\",IF(A172=\"H\",IF(OR(H172=\"SEN\",H172<1995),VLOOKUP(I172,Feuil1!$A$11:$F$29,6),IF(AND(H172>1994,H172<1998),VLOOKUP(I172,Feuil1!$A$11:$F$29,5),IF(AND(H172>1997,H172<2000),VLOOKUP(I172,Feuil1!$A$11:$F$29,4),IF(AND(H172>1999,H172<2002),VLOOKUP(I172,Feuil1!$A$11:$F$29,3),VLOOKUP(I172,Feuil1!$A$11:$F$29,2))))),IF(OR(H172=\"SEN\",H172<1995),VLOOKUP(I172,Feuil1!$G$11:$L$25,6),IF(AND(H172>1994,H172<1998),VLOOKUP(I172,Feuil1!$G$11:$L$25,5),IF(AND(H172>1997,H172<2000),VLOOKUP(I172,Feuil1!$G$11:$L$25,4),IF(AND(H172>1999,H172<2002),VLOOKUP(I172,Feuil1!$G$11:$L$25,3),VLOOKUP(I172,Feuil1!$G$11:$L$25,2)))))))","v":"J77"},226.22060945423897,null," ",{"$f":"T172-HLOOKUP(X172,Feuil1!$C$1:$BL$10,2,FALSE)","v":44},{"$f":"T172-HLOOKUP(X172,Feuil1!$C$1:$BL$10,3,FALSE)","v":24},{"$f":"T172-HLOOKUP(X172,Feuil1!$C$1:$BL$10,4,FALSE)","v":4},{"$f":"T172-HLOOKUP(X172,Feuil1!$C$1:$BL$10,5,FALSE)","v":-16},{"$f":"T172-HLOOKUP(X172,Feuil1!$C$1:$BL$10,6,FALSE)","v":-36},{"$f":"T172-HLOOKUP(X172,Feuil1!$C$1:$BL$10,7,FALSE)","v":-66},{"$f":"T172-HLOOKUP(X172,Feuil1!$C$1:$BL$10,8,FALSE)","v":-86},{"$f":"T172-HLOOKUP(X172,Feuil1!$C$1:$BL$10,9,FALSE)","v":-111},{"$f":"T172-HLOOKUP(X172,Feuil1!$C$1:$BL$10,10,FALSE)","v":-9826},null,null,null,null,null,null,"REG +"]
["H","SO","MPY",36,226978,"LICCIARDI","Kévin",1995,70.099999999999994,"FIGEAC HC","F",75,78,-80,78,95,"x","x",95,173,32.800000000000011,"REG +",3,{"$f":"IF(I173=\"\",\"\",IF(A173=\"H\",IF(OR(H173=\"SEN\",H173<1995),VLOOKUP(I173,Feuil1!$A$11:$F$29,6),IF(AND(H173>1994,H173<1998),VLOOKUP(I173,Feuil1!$A$11:$F$29,5),IF(AND(H173>1997,H173<2000),VLOOKUP(I173,Feuil1!$A$11:$F$29,4),IF(AND(H173>1999,H173<2002),VLOOKUP(I173,Feuil1!$A$11:$F$29,3),VLOOKUP(I173,Feuil1!$A$11:$F$29,2))))),IF(OR(H173=\"SEN\",H173<1995),VLOOKUP(I173,Feuil1!$G$11:$L$25,6),IF(AND(H173>1994,H173<1998),VLOOKUP(I173,Feuil1!$G$11:$L$25,5),IF(AND(H173>1997,H173<2000),VLOOKUP(I173,Feuil1!$G$11:$L$25,4),IF(AND(H173>1999,H173<2002),VLOOKUP(I173,Feuil1!$G$11:$L$25,3),VLOOKUP(I173,Feuil1!$G$11:$L$25,2)))))))","v":"J77"},230.40681003130172,null," ",{"$f":"T173-HLOOKUP(X173,Feuil1!$C$1:$BL$10,2,FALSE)","v":43},{"$f":"T173-HLOOKUP(X173,Feuil1!$C$1:$BL$10,3,FALSE)","v":23},{"$f":"T173-HLOOKUP(X173,Feuil1!$C$1:$BL$10,4,FALSE)","v":3},{"$f":"T173-HLOOKUP(X173,Feuil1!$C$1:$BL$10,5,FALSE)","v":-17},{"$f":"T173-HLOOKUP(X173,Feuil1!$C$1:$BL$10,6,FALSE)","v":-37},{"$f":"T173-HLOOKUP(X173,Feuil1!$C$1:$BL$10,7,FALSE)","v":-67},{"$f":"T173-HLOOKUP(X173,Feuil1!$C$1:$BL$10,8,FALSE)","v":-87},{"$f":"T173-HLOOKUP(X173,Feuil1!$C$1:$BL$10,9,FALSE)","v":-112},{"$f":"T173-HLOOKUP(X173,Feuil1!$C$1:$BL$10,10,FALSE)","v":-9827},null,null,null,null,null,null,"REG +"]
["H","NE","ALS",37,302118,"GAUGLER","VINCENT",1995,74,"US Wittenheim","F",-78,78,-81,78,88,92,95,95,173,25,"REG +",3,{"$f":"IF(I174=\"\",\"\",IF(A174=\"H\",IF(OR(H174=\"SEN\",H174<1995),VLOOKUP(I174,Feuil1!$A$11:$F$29,6),IF(AND(H174>1994,H174<1998),VLOOKUP(I174,Feuil1!$A$11:$F$29,5),IF(AND(H174>1997,H174<2000),VLOOKUP(I174,Feuil1!$A$11:$F$29,4),IF(AND(H174>1999,H174<2002),VLOOKUP(I174,Feuil1!$A$11:$F$29,3),VLOOKUP(I174,Feuil1!$A$11:$F$29,2))))),IF(OR(H174=\"SEN\",H174<1995),VLOOKUP(I174,Feuil1!$G$11:$L$25,6),IF(AND(H174>1994,H174<1998),VLOOKUP(I174,Feuil1!$G$11:$L$25,5),IF(AND(H174>1997,H174<2000),VLOOKUP(I174,Feuil1!$G$11:$L$25,4),IF(AND(H174>1999,H174<2002),VLOOKUP(I174,Feuil1!$G$11:$L$25,3),VLOOKUP(I174,Feuil1!$G$11:$L$25,2)))))))","v":"J77"},222.91964998940225,null," ",{"$f":"T174-HLOOKUP(X174,Feuil1!$C$1:$BL$10,2,FALSE)","v":43},{"$f":"T174-HLOOKUP(X174,Feuil1!$C$1:$BL$10,3,FALSE)","v":23},{"$f":"T174-HLOOKUP(X174,Feuil1!$C$1:$BL$10,4,FALSE)","v":3},{"$f":"T174-HLOOKUP(X174,Feuil1!$C$1:$BL$10,5,FALSE)","v":-17},{"$f":"T174-HLOOKUP(X174,Feuil1!$C$1:$BL$10,6,FALSE)","v":-37},{"$f":"T174-HLOOKUP(X174,Feuil1!$C$1:$BL$10,7,FALSE)","v":-67},{"$f":"T174-HLOOKUP(X174,Feuil1!$C$1:$BL$10,8,FALSE)","v":-87},{"$f":"T174-HLOOKUP(X174,Feuil1!$C$1:$BL$10,9,FALSE)","v":-112},{"$f":"T174-HLOOKUP(X174,Feuil1!$C$1:$BL$10,10,FALSE)","v":-9827},null,null,null,null,null,null,"REG +"]
["H","NORD","NPC",38,378539,"DELEPLACE","Nicolas",1995,70,"CAHC BERCK/MER","F",80,-87,-87,80,90,"-","-",90,170,30,"REG +",0,{"$f":"IF(I175=\"\",\"\",IF(A175=\"H\",IF(OR(H175=\"SEN\",H175<1995),VLOOKUP(I175,Feuil1!$A$11:$F$29,6),IF(AND(H175>1994,H175<1998),VLOOKUP(I175,Feuil1!$A$11:$F$29,5),IF(AND(H175>1997,H175<2000),VLOOKUP(I175,Feuil1!$A$11:$F$29,4),IF(AND(H175>1999,H175<2002),VLOOKUP(I175,Feuil1!$A$11:$F$29,3),VLOOKUP(I175,Feuil1!$A$11:$F$29,2))))),IF(OR(H175=\"SEN\",H175<1995),VLOOKUP(I175,Feuil1!$G$11:$L$25,6),IF(AND(H175>1994,H175<1998),VLOOKUP(I175,Feuil1!$G$11:$L$25,5),IF(AND(H175>1997,H175<2000),VLOOKUP(I175,Feuil1!$G$11:$L$25,4),IF(AND(H175>1999,H175<2002),VLOOKUP(I175,Feuil1!$G$11:$L$25,3),VLOOKUP(I175,Feuil1!$G$11:$L$25,2)))))))","v":"J77"},226.61481386484738,null," ",{"$f":"T175-HLOOKUP(X175,Feuil1!$C$1:$BL$10,2,FALSE)","v":40},{"$f":"T175-HLOOKUP(X175,Feuil1!$C$1:$BL$10,3,FALSE)","v":20},{"$f":"T175-HLOOKUP(X175,Feuil1!$C$1:$BL$10,4,FALSE)","v":0},{"$f":"T175-HLOOKUP(X175,Feuil1!$C$1:$BL$10,5,FALSE)","v":-20},{"$f":"T175-HLOOKUP(X175,Feuil1!$C$1:$BL$10,6,FALSE)","v":-40},{"$f":"T175-HLOOKUP(X175,Feuil1!$C$1:$BL$10,7,FALSE)","v":-70},{"$f":"T175-HLOOKUP(X175,Feuil1!$C$1:$BL$10,8,FALSE)","v":-90},{"$f":"T175-HLOOKUP(X175,Feuil1!$C$1:$BL$10,9,FALSE)","v":-115},{"$f":"T175-HLOOKUP(X175,Feuil1!$C$1:$BL$10,10,FALSE)","v":-9830},null,null,null,null,null,null,"REG +"]
["H","NE","ALS",39,226696,"BECKER","CLEMENT",1996,75.7,"ASI Avenir HM","F",70,75,-80,75,85,90,95,95,170,18.599999999999994,"REG +",0,{"$f":"IF(I176=\"\",\"\",IF(A176=\"H\",IF(OR(H176=\"SEN\",H176<1995),VLOOKUP(I176,Feuil1!$A$11:$F$29,6),IF(AND(H176>1994,H176<1998),VLOOKUP(I176,Feuil1!$A$11:$F$29,5),IF(AND(H176>1997,H176<2000),VLOOKUP(I176,Feuil1!$A$11:$F$29,4),IF(AND(H176>1999,H176<2002),VLOOKUP(I176,Feuil1!$A$11:$F$29,3),VLOOKUP(I176,Feuil1!$A$11:$F$29,2))))),IF(OR(H176=\"SEN\",H176<1995),VLOOKUP(I176,Feuil1!$G$11:$L$25,6),IF(AND(H176>1994,H176<1998),VLOOKUP(I176,Feuil1!$G$11:$L$25,5),IF(AND(H176>1997,H176<2000),VLOOKUP(I176,Feuil1!$G$11:$L$25,4),IF(AND(H176>1999,H176<2002),VLOOKUP(I176,Feuil1!$G$11:$L$25,3),VLOOKUP(I176,Feuil1!$G$11:$L$25,2)))))))","v":"J77"},216.16932223184273,null," ",{"$f":"T176-HLOOKUP(X176,Feuil1!$C$1:$BL$10,2,FALSE)","v":40},{"$f":"T176-HLOOKUP(X176,Feuil1!$C$1:$BL$10,3,FALSE)","v":20},{"$f":"T176-HLOOKUP(X176,Feuil1!$C$1:$BL$10,4,FALSE)","v":0},{"$f":"T176-HLOOKUP(X176,Feuil1!$C$1:$BL$10,5,FALSE)","v":-20},{"$f":"T176-HLOOKUP(X176,Feuil1!$C$1:$BL$10,6,FALSE)","v":-40},{"$f":"T176-HLOOKUP(X176,Feuil1!$C$1:$BL$10,7,FALSE)","v":-70},{"$f":"T176-HLOOKUP(X176,Feuil1!$C$1:$BL$10,8,FALSE)","v":-90},{"$f":"T176-HLOOKUP(X176,Feuil1!$C$1:$BL$10,9,FALSE)","v":-115},{"$f":"T176-HLOOKUP(X176,Feuil1!$C$1:$BL$10,10,FALSE)","v":-9830},null,null,null,null,null,null,"REG +"]
["H","NE","CHA",40,324224,"MARTIN","Alex",1995,76,"Langres HM","F",70,75,-80,75,90,95,-100,95,170,18,"REG +",0,{"$f":"IF(I177=\"\",\"\",IF(A177=\"H\",IF(OR(H177=\"SEN\",H177<1995),VLOOKUP(I177,Feuil1!$A$11:$F$29,6),IF(AND(H177>1994,H177<1998),VLOOKUP(I177,Feuil1!$A$11:$F$29,5),IF(AND(H177>1997,H177<2000),VLOOKUP(I177,Feuil1!$A$11:$F$29,4),IF(AND(H177>1999,H177<2002),VLOOKUP(I177,Feuil1!$A$11:$F$29,3),VLOOKUP(I177,Feuil1!$A$11:$F$29,2))))),IF(OR(H177=\"SEN\",H177<1995),VLOOKUP(I177,Feuil1!$G$11:$L$25,6),IF(AND(H177>1994,H177<1998),VLOOKUP(I177,Feuil1!$G$11:$L$25,5),IF(AND(H177>1997,H177<2000),VLOOKUP(I177,Feuil1!$G$11:$L$25,4),IF(AND(H177>1999,H177<2002),VLOOKUP(I177,Feuil1!$G$11:$L$25,3),VLOOKUP(I177,Feuil1!$G$11:$L$25,2)))))))","v":"J77"},215.67874098195043,null," ",{"$f":"T177-HLOOKUP(X177,Feuil1!$C$1:$BL$10,2,FALSE)","v":40},{"$f":"T177-HLOOKUP(X177,Feuil1!$C$1:$BL$10,3,FALSE)","v":20},{"$f":"T177-HLOOKUP(X177,Feuil1!$C$1:$BL$10,4,FALSE)","v":0},{"$f":"T177-HLOOKUP(X177,Feuil1!$C$1:$BL$10,5,FALSE)","v":-20},{"$f":"T177-HLOOKUP(X177,Feuil1!$C$1:$BL$10,6,FALSE)","v":-40},{"$f":"T177-HLOOKUP(X177,Feuil1!$C$1:$BL$10,7,FALSE)","v":-70},{"$f":"T177-HLOOKUP(X177,Feuil1!$C$1:$BL$10,8,FALSE)","v":-90},{"$f":"T177-HLOOKUP(X177,Feuil1!$C$1:$BL$10,9,FALSE)","v":-115},{"$f":"T177-HLOOKUP(X177,Feuil1!$C$1:$BL$10,10,FALSE)","v":-9830},null,null,null,null,null,null,"REG +"]
["H","NE","ALS",41,247551,"GIORGIANI","LIONEL",1996,69.400000000000006,"US Wittenheim","F",67,70,74,74,85,90,95,95,169,30.199999999999989,"DEP +",19,{"$f":"IF(I178=\"\",\"\",IF(A178=\"H\",IF(OR(H178=\"SEN\",H178<1995),VLOOKUP(I178,Feuil1!$A$11:$F$29,6),IF(AND(H178>1994,H178<1998),VLOOKUP(I178,Feuil1!$A$11:$F$29,5),IF(AND(H178>1997,H178<2000),VLOOKUP(I178,Feuil1!$A$11:$F$29,4),IF(AND(H178>1999,H178<2002),VLOOKUP(I178,Feuil1!$A$11:$F$29,3),VLOOKUP(I178,Feuil1!$A$11:$F$29,2))))),IF(OR(H178=\"SEN\",H178<1995),VLOOKUP(I178,Feuil1!$G$11:$L$25,6),IF(AND(H178>1994,H178<1998),VLOOKUP(I178,Feuil1!$G$11:$L$25,5),IF(AND(H178>1997,H178<2000),VLOOKUP(I178,Feuil1!$G$11:$L$25,4),IF(AND(H178>1999,H178<2002),VLOOKUP(I178,Feuil1!$G$11:$L$25,3),VLOOKUP(I178,Feuil1!$G$11:$L$25,2)))))))","v":"J77"},226.51230250022496,null," ",{"$f":"T178-HLOOKUP(X178,Feuil1!$C$1:$BL$10,2,FALSE)","v":39},{"$f":"T178-HLOOKUP(X178,Feuil1!$C$1:$BL$10,3,FALSE)","v":19},{"$f":"T178-HLOOKUP(X178,Feuil1!$C$1:$BL$10,4,FALSE)","v":-1},{"$f":"T178-HLOOKUP(X178,Feuil1!$C$1:$BL$10,5,FALSE)","v":-21},{"$f":"T178-HLOOKUP(X178,Feuil1!$C$1:$BL$10,6,FALSE)","v":-41},{"$f":"T178-HLOOKUP(X178,Feuil1!$C$1:$BL$10,7,FALSE)","v":-71},{"$f":"T178-HLOOKUP(X178,Feuil1!$C$1:$BL$10,8,FALSE)","v":-91},{"$f":"T178-HLOOKUP(X178,Feuil1!$C$1:$BL$10,9,FALSE)","v":-116},{"$f":"T178-HLOOKUP(X178,Feuil1!$C$1:$BL$10,10,FALSE)","v":-9831},null,null,null,null,null,null,"DEP +"]
["H","NORD","NPC",42,245655,"HARS","Romain",1996,70.099999999999994,"O.GRANDE SYNTHE","F",75,-80,-80,75,85,90,93,93,168,27.800000000000011,"DEP +",18,{"$f":"IF(I179=\"\",\"\",IF(A179=\"H\",IF(OR(H179=\"SEN\",H179<1995),VLOOKUP(I179,Feuil1!$A$11:$F$29,6),IF(AND(H179>1994,H179<1998),VLOOKUP(I179,Feuil1!$A$11:$F$29,5),IF(AND(H179>1997,H179<2000),VLOOKUP(I179,Feuil1!$A$11:$F$29,4),IF(AND(H179>1999,H179<2002),VLOOKUP(I179,Feuil1!$A$11:$F$29,3),VLOOKUP(I179,Feuil1!$A$11:$F$29,2))))),IF(OR(H179=\"SEN\",H179<1995),VLOOKUP(I179,Feuil1!$G$11:$L$25,6),IF(AND(H179>1994,H179<1998),VLOOKUP(I179,Feuil1!$G$11:$L$25,5),IF(AND(H179>1997,H179<2000),VLOOKUP(I179,Feuil1!$G$11:$L$25,4),IF(AND(H179>1999,H179<2002),VLOOKUP(I179,Feuil1!$G$11:$L$25,3),VLOOKUP(I179,Feuil1!$G$11:$L$25,2)))))))","v":"J77"},223.74765367201553,null," ",{"$f":"T179-HLOOKUP(X179,Feuil1!$C$1:$BL$10,2,FALSE)","v":38},{"$f":"T179-HLOOKUP(X179,Feuil1!$C$1:$BL$10,3,FALSE)","v":18},{"$f":"T179-HLOOKUP(X179,Feuil1!$C$1:$BL$10,4,FALSE)","v":-2},{"$f":"T179-HLOOKUP(X179,Feuil1!$C$1:$BL$10,5,FALSE)","v":-22},{"$f":"T179-HLOOKUP(X179,Feuil1!$C$1:$BL$10,6,FALSE)","v":-42},{"$f":"T179-HLOOKUP(X179,Feuil1!$C$1:$BL$10,7,FALSE)","v":-72},{"$f":"T179-HLOOKUP(X179,Feuil1!$C$1:$BL$10,8,FALSE)","v":-92},{"$f":"T179-HLOOKUP(X179,Feuil1!$C$1:$BL$10,9,FALSE)","v":-117},{"$f":"T179-HLOOKUP(X179,Feuil1!$C$1:$BL$10,10,FALSE)","v":-9832},null,null,null,null,null,null,"DEP +"]
["H","NE","LOR",43,360359,"MULLER  GROSIUS","Johan",1997,69.8,"A.O.C.Pte-ROSSELLE","F",67,72,-77,72,87,-92,95,95,167,27.400000000000006,"DEP +",17,{"$f":"IF(I180=\"\",\"\",IF(A180=\"H\",IF(OR(H180=\"SEN\",H180<1995),VLOOKUP(I180,Feuil1!$A$11:$F$29,6),IF(AND(H180>1994,H180<1998),VLOOKUP(I180,Feuil1!$A$11:$F$29,5),IF(AND(H180>1997,H180<2000),VLOOKUP(I180,Feuil1!$A$11:$F$29,4),IF(AND(H180>1999,H180<2002),VLOOKUP(I180,Feuil1!$A$11:$F$29,3),VLOOKUP(I180,Feuil1!$A$11:$F$29,2))))),IF(OR(H180=\"SEN\",H180<1995),VLOOKUP(I180,Feuil1!$G$11:$L$25,6),IF(AND(H180>1994,H180<1998),VLOOKUP(I180,Feuil1!$G$11:$L$25,5),IF(AND(H180>1997,H180<2000),VLOOKUP(I180,Feuil1!$G$11:$L$25,4),IF(AND(H180>1999,H180<2002),VLOOKUP(I180,Feuil1!$G$11:$L$25,3),VLOOKUP(I180,Feuil1!$G$11:$L$25,2)))))))","v":"J77"},223.0178853531896,null," ",{"$f":"T180-HLOOKUP(X180,Feuil1!$C$1:$BL$10,2,FALSE)","v":37},{"$f":"T180-HLOOKUP(X180,Feuil1!$C$1:$BL$10,3,FALSE)","v":17},{"$f":"T180-HLOOKUP(X180,Feuil1!$C$1:$BL$10,4,FALSE)","v":-3},{"$f":"T180-HLOOKUP(X180,Feuil1!$C$1:$BL$10,5,FALSE)","v":-23},{"$f":"T180-HLOOKUP(X180,Feuil1!$C$1:$BL$10,6,FALSE)","v":-43},{"$f":"T180-HLOOKUP(X180,Feuil1!$C$1:$BL$10,7,FALSE)","v":-73},{"$f":"T180-HLOOKUP(X180,Feuil1!$C$1:$BL$10,8,FALSE)","v":-93},{"$f":"T180-HLOOKUP(X180,Feuil1!$C$1:$BL$10,9,FALSE)","v":-118},{"$f":"T180-HLOOKUP(X180,Feuil1!$C$1:$BL$10,10,FALSE)","v":-9833},null,null,null,null,null,null,"DEP +"]
["H","SEST","CAZ",44,312877,"GALAND","KEVIN",1995,77,"ASLDD TOULON","F",68,-72,74,74,93,-97,-97,93,167,13,"DEP +",17,{"$f":"IF(I181=\"\",\"\",IF(A181=\"H\",IF(OR(H181=\"SEN\",H181<1995),VLOOKUP(I181,Feuil1!$A$11:$F$29,6),IF(AND(H181>1994,H181<1998),VLOOKUP(I181,Feuil1!$A$11:$F$29,5),IF(AND(H181>1997,H181<2000),VLOOKUP(I181,Feuil1!$A$11:$F$29,4),IF(AND(H181>1999,H181<2002),VLOOKUP(I181,Feuil1!$A$11:$F$29,3),VLOOKUP(I181,Feuil1!$A$11:$F$29,2))))),IF(OR(H181=\"SEN\",H181<1995),VLOOKUP(I181,Feuil1!$G$11:$L$25,6),IF(AND(H181>1994,H181<1998),VLOOKUP(I181,Feuil1!$G$11:$L$25,5),IF(AND(H181>1997,H181<2000),VLOOKUP(I181,Feuil1!$G$11:$L$25,4),IF(AND(H181>1999,H181<2002),VLOOKUP(I181,Feuil1!$G$11:$L$25,3),VLOOKUP(I181,Feuil1!$G$11:$L$25,2)))))))","v":"J77"},210.30377637791372,null," ",{"$f":"T181-HLOOKUP(X181,Feuil1!$C$1:$BL$10,2,FALSE)","v":37},{"$f":"T181-HLOOKUP(X181,Feuil1!$C$1:$BL$10,3,FALSE)","v":17},{"$f":"T181-HLOOKUP(X181,Feuil1!$C$1:$BL$10,4,FALSE)","v":-3},{"$f":"T181-HLOOKUP(X181,Feuil1!$C$1:$BL$10,5,FALSE)","v":-23},{"$f":"T181-HLOOKUP(X181,Feuil1!$C$1:$BL$10,6,FALSE)","v":-43},{"$f":"T181-HLOOKUP(X181,Feuil1!$C$1:$BL$10,7,FALSE)","v":-73},{"$f":"T181-HLOOKUP(X181,Feuil1!$C$1:$BL$10,8,FALSE)","v":-93},{"$f":"T181-HLOOKUP(X181,Feuil1!$C$1:$BL$10,9,FALSE)","v":-118},{"$f":"T181-HLOOKUP(X181,Feuil1!$C$1:$BL$10,10,FALSE)","v":-9833},null,null,null,null,null,null,"DEP +"]
["H","NORD","NPC",45,300456,"HURIAU","Jonathan",1997,74.599999999999994,"ST POL SUR MER","F",65,70,75,75,85,-90,90,90,165,15.800000000000011,"DEP +",15,{"$f":"IF(I182=\"\",\"\",IF(A182=\"H\",IF(OR(H182=\"SEN\",H182<1995),VLOOKUP(I182,Feuil1!$A$11:$F$29,6),IF(AND(H182>1994,H182<1998),VLOOKUP(I182,Feuil1!$A$11:$F$29,5),IF(AND(H182>1997,H182<2000),VLOOKUP(I182,Feuil1!$A$11:$F$29,4),IF(AND(H182>1999,H182<2002),VLOOKUP(I182,Feuil1!$A$11:$F$29,3),VLOOKUP(I182,Feuil1!$A$11:$F$29,2))))),IF(OR(H182=\"SEN\",H182<1995),VLOOKUP(I182,Feuil1!$G$11:$L$25,6),IF(AND(H182>1994,H182<1998),VLOOKUP(I182,Feuil1!$G$11:$L$25,5),IF(AND(H182>1997,H182<2000),VLOOKUP(I182,Feuil1!$G$11:$L$25,4),IF(AND(H182>1999,H182<2002),VLOOKUP(I182,Feuil1!$G$11:$L$25,3),VLOOKUP(I182,Feuil1!$G$11:$L$25,2)))))))","v":"J77"},211.60289157217107,null," ",{"$f":"T182-HLOOKUP(X182,Feuil1!$C$1:$BL$10,2,FALSE)","v":35},{"$f":"T182-HLOOKUP(X182,Feuil1!$C$1:$BL$10,3,FALSE)","v":15},{"$f":"T182-HLOOKUP(X182,Feuil1!$C$1:$BL$10,4,FALSE)","v":-5},{"$f":"T182-HLOOKUP(X182,Feuil1!$C$1:$BL$10,5,FALSE)","v":-25},{"$f":"T182-HLOOKUP(X182,Feuil1!$C$1:$BL$10,6,FALSE)","v":-45},{"$f":"T182-HLOOKUP(X182,Feuil1!$C$1:$BL$10,7,FALSE)","v":-75},{"$f":"T182-HLOOKUP(X182,Feuil1!$C$1:$BL$10,8,FALSE)","v":-95},{"$f":"T182-HLOOKUP(X182,Feuil1!$C$1:$BL$10,9,FALSE)","v":-120},{"$f":"T182-HLOOKUP(X182,Feuil1!$C$1:$BL$10,10,FALSE)","v":-9835},null,null,null,null,null,null,"DEP +"]
["H","NE","CHA",46,316700,"NOYELLE","Thibaut ",1995,73.099999999999994,"Reims HM","F",70,74,76,76,85,-90,-90,85,161,14.800000000000011,"DEP +",11,{"$f":"IF(I183=\"\",\"\",IF(A183=\"H\",IF(OR(H183=\"SEN\",H183<1995),VLOOKUP(I183,Feuil1!$A$11:$F$29,6),IF(AND(H183>1994,H183<1998),VLOOKUP(I183,Feuil1!$A$11:$F$29,5),IF(AND(H183>1997,H183<2000),VLOOKUP(I183,Feuil1!$A$11:$F$29,4),IF(AND(H183>1999,H183<2002),VLOOKUP(I183,Feuil1!$A$11:$F$29,3),VLOOKUP(I183,Feuil1!$A$11:$F$29,2))))),IF(OR(H183=\"SEN\",H183<1995),VLOOKUP(I183,Feuil1!$G$11:$L$25,6),IF(AND(H183>1994,H183<1998),VLOOKUP(I183,Feuil1!$G$11:$L$25,5),IF(AND(H183>1997,H183<2000),VLOOKUP(I183,Feuil1!$G$11:$L$25,4),IF(AND(H183>1999,H183<2002),VLOOKUP(I183,Feuil1!$G$11:$L$25,3),VLOOKUP(I183,Feuil1!$G$11:$L$25,2)))))))","v":"J77"},208.97477188194711,null," ",{"$f":"T183-HLOOKUP(X183,Feuil1!$C$1:$BL$10,2,FALSE)","v":31},{"$f":"T183-HLOOKUP(X183,Feuil1!$C$1:$BL$10,3,FALSE)","v":11},{"$f":"T183-HLOOKUP(X183,Feuil1!$C$1:$BL$10,4,FALSE)","v":-9},{"$f":"T183-HLOOKUP(X183,Feuil1!$C$1:$BL$10,5,FALSE)","v":-29},{"$f":"T183-HLOOKUP(X183,Feuil1!$C$1:$BL$10,6,FALSE)","v":-49},{"$f":"T183-HLOOKUP(X183,Feuil1!$C$1:$BL$10,7,FALSE)","v":-79},{"$f":"T183-HLOOKUP(X183,Feuil1!$C$1:$BL$10,8,FALSE)","v":-99},{"$f":"T183-HLOOKUP(X183,Feuil1!$C$1:$BL$10,9,FALSE)","v":-124},{"$f":"T183-HLOOKUP(X183,Feuil1!$C$1:$BL$10,10,FALSE)","v":-9839},null,null,null,null,null,null,"DEP +"]
["H","DOM","GUA",47,296010,"GALVANI","Kevin",1995,71,"Body Club Domien","F",65,70,75,75,80,85,-90,85,160,18,"DEP +",10,{"$f":"IF(I184=\"\",\"\",IF(A184=\"H\",IF(OR(H184=\"SEN\",H184<1995),VLOOKUP(I184,Feuil1!$A$11:$F$29,6),IF(AND(H184>1994,H184<1998),VLOOKUP(I184,Feuil1!$A$11:$F$29,5),IF(AND(H184>1997,H184<2000),VLOOKUP(I184,Feuil1!$A$11:$F$29,4),IF(AND(H184>1999,H184<2002),VLOOKUP(I184,Feuil1!$A$11:$F$29,3),VLOOKUP(I184,Feuil1!$A$11:$F$29,2))))),IF(OR(H184=\"SEN\",H184<1995),VLOOKUP(I184,Feuil1!$G$11:$L$25,6),IF(AND(H184>1994,H184<1998),VLOOKUP(I184,Feuil1!$G$11:$L$25,5),IF(AND(H184>1997,H184<2000),VLOOKUP(I184,Feuil1!$G$11:$L$25,4),IF(AND(H184>1999,H184<2002),VLOOKUP(I184,Feuil1!$G$11:$L$25,3),VLOOKUP(I184,Feuil1!$G$11:$L$25,2)))))))","v":"J77"},211.40226672477036,null," ",{"$f":"T184-HLOOKUP(X184,Feuil1!$C$1:$BL$10,2,FALSE)","v":30},{"$f":"T184-HLOOKUP(X184,Feuil1!$C$1:$BL$10,3,FALSE)","v":10},{"$f":"T184-HLOOKUP(X184,Feuil1!$C$1:$BL$10,4,FALSE)","v":-10},{"$f":"T184-HLOOKUP(X184,Feuil1!$C$1:$BL$10,5,FALSE)","v":-30},{"$f":"T184-HLOOKUP(X184,Feuil1!$C$1:$BL$10,6,FALSE)","v":-50},{"$f":"T184-HLOOKUP(X184,Feuil1!$C$1:$BL$10,7,FALSE)","v":-80},{"$f":"T184-HLOOKUP(X184,Feuil1!$C$1:$BL$10,8,FALSE)","v":-100},{"$f":"T184-HLOOKUP(X184,Feuil1!$C$1:$BL$10,9,FALSE)","v":-125},{"$f":"T184-HLOOKUP(X184,Feuil1!$C$1:$BL$10,10,FALSE)","v":-9840},null,null,null,null,null,null,"DEP +"]
["H","NE","ALS",48,296019,"DEGRUTTOLA","ROMAIN",1997,72.599999999999994,"US Wittenheim","F",75,-80,-80,75,85,0,0,85,160,14.800000000000011,"DEP +",10,{"$f":"IF(I185=\"\",\"\",IF(A185=\"H\",IF(OR(H185=\"SEN\",H185<1995),VLOOKUP(I185,Feuil1!$A$11:$F$29,6),IF(AND(H185>1994,H185<1998),VLOOKUP(I185,Feuil1!$A$11:$F$29,5),IF(AND(H185>1997,H185<2000),VLOOKUP(I185,Feuil1!$A$11:$F$29,4),IF(AND(H185>1999,H185<2002),VLOOKUP(I185,Feuil1!$A$11:$F$29,3),VLOOKUP(I185,Feuil1!$A$11:$F$29,2))))),IF(OR(H185=\"SEN\",H185<1995),VLOOKUP(I185,Feuil1!$G$11:$L$25,6),IF(AND(H185>1994,H185<1998),VLOOKUP(I185,Feuil1!$G$11:$L$25,5),IF(AND(H185>1997,H185<2000),VLOOKUP(I185,Feuil1!$G$11:$L$25,4),IF(AND(H185>1999,H185<2002),VLOOKUP(I185,Feuil1!$G$11:$L$25,3),VLOOKUP(I185,Feuil1!$G$11:$L$25,2)))))))","v":"J77"},208.53705353977443,null," ",{"$f":"T185-HLOOKUP(X185,Feuil1!$C$1:$BL$10,2,FALSE)","v":30},{"$f":"T185-HLOOKUP(X185,Feuil1!$C$1:$BL$10,3,FALSE)","v":10},{"$f":"T185-HLOOKUP(X185,Feuil1!$C$1:$BL$10,4,FALSE)","v":-10},{"$f":"T185-HLOOKUP(X185,Feuil1!$C$1:$BL$10,5,FALSE)","v":-30},{"$f":"T185-HLOOKUP(X185,Feuil1!$C$1:$BL$10,6,FALSE)","v":-50},{"$f":"T185-HLOOKUP(X185,Feuil1!$C$1:$BL$10,7,FALSE)","v":-80},{"$f":"T185-HLOOKUP(X185,Feuil1!$C$1:$BL$10,8,FALSE)","v":-100},{"$f":"T185-HLOOKUP(X185,Feuil1!$C$1:$BL$10,9,FALSE)","v":-125},{"$f":"T185-HLOOKUP(X185,Feuil1!$C$1:$BL$10,10,FALSE)","v":-9840},null,null,null,null,null,null,"DEP +"]
["H","NORD","PIC",49,393156,"DOKA","Klerdi",1997,73.7,"Amiens HM","Alb",-70,73,75,75,85,-90,-90,85,160,12.599999999999994,"DEP +",10,{"$f":"IF(I186=\"\",\"\",IF(A186=\"H\",IF(OR(H186=\"SEN\",H186<1995),VLOOKUP(I186,Feuil1!$A$11:$F$29,6),IF(AND(H186>1994,H186<1998),VLOOKUP(I186,Feuil1!$A$11:$F$29,5),IF(AND(H186>1997,H186<2000),VLOOKUP(I186,Feuil1!$A$11:$F$29,4),IF(AND(H186>1999,H186<2002),VLOOKUP(I186,Feuil1!$A$11:$F$29,3),VLOOKUP(I186,Feuil1!$A$11:$F$29,2))))),IF(OR(H186=\"SEN\",H186<1995),VLOOKUP(I186,Feuil1!$G$11:$L$25,6),IF(AND(H186>1994,H186<1998),VLOOKUP(I186,Feuil1!$G$11:$L$25,5),IF(AND(H186>1997,H186<2000),VLOOKUP(I186,Feuil1!$G$11:$L$25,4),IF(AND(H186>1999,H186<2002),VLOOKUP(I186,Feuil1!$G$11:$L$25,3),VLOOKUP(I186,Feuil1!$G$11:$L$25,2)))))))","v":"J77"},206.66560473908822,null," ",{"$f":"T186-HLOOKUP(X186,Feuil1!$C$1:$BL$10,2,FALSE)","v":30},{"$f":"T186-HLOOKUP(X186,Feuil1!$C$1:$BL$10,3,FALSE)","v":10},{"$f":"T186-HLOOKUP(X186,Feuil1!$C$1:$BL$10,4,FALSE)","v":-10},{"$f":"T186-HLOOKUP(X186,Feuil1!$C$1:$BL$10,5,FALSE)","v":-30},{"$f":"T186-HLOOKUP(X186,Feuil1!$C$1:$BL$10,6,FALSE)","v":-50},{"$f":"T186-HLOOKUP(X186,Feuil1!$C$1:$BL$10,7,FALSE)","v":-80},{"$f":"T186-HLOOKUP(X186,Feuil1!$C$1:$BL$10,8,FALSE)","v":-100},{"$f":"T186-HLOOKUP(X186,Feuil1!$C$1:$BL$10,9,FALSE)","v":-125},{"$f":"T186-HLOOKUP(X186,Feuil1!$C$1:$BL$10,10,FALSE)","v":-9840},null,null,null,null,null,null,"DEP +"]
["H","NORD","PIC",50,316387,"CANUT","Marvin",1995,76.8,"La Vaillante Saint Quentin","F",70,75,-80,75,85,-90,-90,85,160,6.4000000000000057,"DEP +",10,{"$f":"IF(I187=\"\",\"\",IF(A187=\"H\",IF(OR(H187=\"SEN\",H187<1995),VLOOKUP(I187,Feuil1!$A$11:$F$29,6),IF(AND(H187>1994,H187<1998),VLOOKUP(I187,Feuil1!$A$11:$F$29,5),IF(AND(H187>1997,H187<2000),VLOOKUP(I187,Feuil1!$A$11:$F$29,4),IF(AND(H187>1999,H187<2002),VLOOKUP(I187,Feuil1!$A$11:$F$29,3),VLOOKUP(I187,Feuil1!$A$11:$F$29,2))))),IF(OR(H187=\"SEN\",H187<1995),VLOOKUP(I187,Feuil1!$G$11:$L$25,6),IF(AND(H187>1994,H187<1998),VLOOKUP(I187,Feuil1!$G$11:$L$25,5),IF(AND(H187>1997,H187<2000),VLOOKUP(I187,Feuil1!$G$11:$L$25,4),IF(AND(H187>1999,H187<2002),VLOOKUP(I187,Feuil1!$G$11:$L$25,3),VLOOKUP(I187,Feuil1!$G$11:$L$25,2)))))))","v":"J77"},201.78491649791363,null," ",{"$f":"T187-HLOOKUP(X187,Feuil1!$C$1:$BL$10,2,FALSE)","v":30},{"$f":"T187-HLOOKUP(X187,Feuil1!$C$1:$BL$10,3,FALSE)","v":10},{"$f":"T187-HLOOKUP(X187,Feuil1!$C$1:$BL$10,4,FALSE)","v":-10},{"$f":"T187-HLOOKUP(X187,Feuil1!$C$1:$BL$10,5,FALSE)","v":-30},{"$f":"T187-HLOOKUP(X187,Feuil1!$C$1:$BL$10,6,FALSE)","v":-50},{"$f":"T187-HLOOKUP(X187,Feuil1!$C$1:$BL$10,7,FALSE)","v":-80},{"$f":"T187-HLOOKUP(X187,Feuil1!$C$1:$BL$10,8,FALSE)","v":-100},{"$f":"T187-HLOOKUP(X187,Feuil1!$C$1:$BL$10,9,FALSE)","v":-125},{"$f":"T187-HLOOKUP(X187,Feuil1!$C$1:$BL$10,10,FALSE)","v":-9840},null,null,null,null,null,null,"DEP +"]
["H","NE","LOR",51,201073,"JOISSAINS","Nicolas",1996,77,"A.O.C.Pte-ROSSELLE","F",62,-70,70,70,80,85,90,90,160,6,"DEP +",10,{"$f":"IF(I188=\"\",\"\",IF(A188=\"H\",IF(OR(H188=\"SEN\",H188<1995),VLOOKUP(I188,Feuil1!$A$11:$F$29,6),IF(AND(H188>1994,H188<1998),VLOOKUP(I188,Feuil1!$A$11:$F$29,5),IF(AND(H188>1997,H188<2000),VLOOKUP(I188,Feuil1!$A$11:$F$29,4),IF(AND(H188>1999,H188<2002),VLOOKUP(I188,Feuil1!$A$11:$F$29,3),VLOOKUP(I188,Feuil1!$A$11:$F$29,2))))),IF(OR(H188=\"SEN\",H188<1995),VLOOKUP(I188,Feuil1!$G$11:$L$25,6),IF(AND(H188>1994,H188<1998),VLOOKUP(I188,Feuil1!$G$11:$L$25,5),IF(AND(H188>1997,H188<2000),VLOOKUP(I188,Feuil1!$G$11:$L$25,4),IF(AND(H188>1999,H188<2002),VLOOKUP(I188,Feuil1!$G$11:$L$25,3),VLOOKUP(I188,Feuil1!$G$11:$L$25,2)))))))","v":"J77"},201.48864802674368,null," ",{"$f":"T188-HLOOKUP(X188,Feuil1!$C$1:$BL$10,2,FALSE)","v":30},{"$f":"T188-HLOOKUP(X188,Feuil1!$C$1:$BL$10,3,FALSE)","v":10},{"$f":"T188-HLOOKUP(X188,Feuil1!$C$1:$BL$10,4,FALSE)","v":-10},{"$f":"T188-HLOOKUP(X188,Feuil1!$C$1:$BL$10,5,FALSE)","v":-30},{"$f":"T188-HLOOKUP(X188,Feuil1!$C$1:$BL$10,6,FALSE)","v":-50},{"$f":"T188-HLOOKUP(X188,Feuil1!$C$1:$BL$10,7,FALSE)","v":-80},{"$f":"T188-HLOOKUP(X188,Feuil1!$C$1:$BL$10,8,FALSE)","v":-100},{"$f":"T188-HLOOKUP(X188,Feuil1!$C$1:$BL$10,9,FALSE)","v":-125},{"$f":"T188-HLOOKUP(X188,Feuil1!$C$1:$BL$10,10,FALSE)","v":-9840},null,null,null,null,null,null,"DEP +"]
["H","N","IDF",52,330531,"AMAZOUZ","MADJID",1996,77,"FRANCONVILLE","F",63,-68,68,68,92,-102,0,92,160,6,"DEP +",10,{"$f":"IF(I189=\"\",\"\",IF(A189=\"H\",IF(OR(H189=\"SEN\",H189<1995),VLOOKUP(I189,Feuil1!$A$11:$F$29,6),IF(AND(H189>1994,H189<1998),VLOOKUP(I189,Feuil1!$A$11:$F$29,5),IF(AND(H189>1997,H189<2000),VLOOKUP(I189,Feuil1!$A$11:$F$29,4),IF(AND(H189>1999,H189<2002),VLOOKUP(I189,Feuil1!$A$11:$F$29,3),VLOOKUP(I189,Feuil1!$A$11:$F$29,2))))),IF(OR(H189=\"SEN\",H189<1995),VLOOKUP(I189,Feuil1!$G$11:$L$25,6),IF(AND(H189>1994,H189<1998),VLOOKUP(I189,Feuil1!$G$11:$L$25,5),IF(AND(H189>1997,H189<2000),VLOOKUP(I189,Feuil1!$G$11:$L$25,4),IF(AND(H189>1999,H189<2002),VLOOKUP(I189,Feuil1!$G$11:$L$25,3),VLOOKUP(I189,Feuil1!$G$11:$L$25,2)))))))","v":"J77"},201.48864802674368,null," ",{"$f":"T189-HLOOKUP(X189,Feuil1!$C$1:$BL$10,2,FALSE)","v":30},{"$f":"T189-HLOOKUP(X189,Feuil1!$C$1:$BL$10,3,FALSE)","v":10},{"$f":"T189-HLOOKUP(X189,Feuil1!$C$1:$BL$10,4,FALSE)","v":-10},{"$f":"T189-HLOOKUP(X189,Feuil1!$C$1:$BL$10,5,FALSE)","v":-30},{"$f":"T189-HLOOKUP(X189,Feuil1!$C$1:$BL$10,6,FALSE)","v":-50},{"$f":"T189-HLOOKUP(X189,Feuil1!$C$1:$BL$10,7,FALSE)","v":-80},{"$f":"T189-HLOOKUP(X189,Feuil1!$C$1:$BL$10,8,FALSE)","v":-100},{"$f":"T189-HLOOKUP(X189,Feuil1!$C$1:$BL$10,9,FALSE)","v":-125},{"$f":"T189-HLOOKUP(X189,Feuil1!$C$1:$BL$10,10,FALSE)","v":-9840},null,null,null,null,null,null,"DEP +"]
["H","SEST","RAL",53,372604,"MITU","Daniel",1997,77,"Gauloise de Vaise","F",63,67,70,70,83,87,90,90,160,6,"DEP +",10,{"$f":"IF(I190=\"\",\"\",IF(A190=\"H\",IF(OR(H190=\"SEN\",H190<1995),VLOOKUP(I190,Feuil1!$A$11:$F$29,6),IF(AND(H190>1994,H190<1998),VLOOKUP(I190,Feuil1!$A$11:$F$29,5),IF(AND(H190>1997,H190<2000),VLOOKUP(I190,Feuil1!$A$11:$F$29,4),IF(AND(H190>1999,H190<2002),VLOOKUP(I190,Feuil1!$A$11:$F$29,3),VLOOKUP(I190,Feuil1!$A$11:$F$29,2))))),IF(OR(H190=\"SEN\",H190<1995),VLOOKUP(I190,Feuil1!$G$11:$L$25,6),IF(AND(H190>1994,H190<1998),VLOOKUP(I190,Feuil1!$G$11:$L$25,5),IF(AND(H190>1997,H190<2000),VLOOKUP(I190,Feuil1!$G$11:$L$25,4),IF(AND(H190>1999,H190<2002),VLOOKUP(I190,Feuil1!$G$11:$L$25,3),VLOOKUP(I190,Feuil1!$G$11:$L$25,2)))))))","v":"J77"},201.48864802674368,null," ",{"$f":"T190-HLOOKUP(X190,Feuil1!$C$1:$BL$10,2,FALSE)","v":30},{"$f":"T190-HLOOKUP(X190,Feuil1!$C$1:$BL$10,3,FALSE)","v":10},{"$f":"T190-HLOOKUP(X190,Feuil1!$C$1:$BL$10,4,FALSE)","v":-10},{"$f":"T190-HLOOKUP(X190,Feuil1!$C$1:$BL$10,5,FALSE)","v":-30},{"$f":"T190-HLOOKUP(X190,Feuil1!$C$1:$BL$10,6,FALSE)","v":-50},{"$f":"T190-HLOOKUP(X190,Feuil1!$C$1:$BL$10,7,FALSE)","v":-80},{"$f":"T190-HLOOKUP(X190,Feuil1!$C$1:$BL$10,8,FALSE)","v":-100},{"$f":"T190-HLOOKUP(X190,Feuil1!$C$1:$BL$10,9,FALSE)","v":-125},{"$f":"T190-HLOOKUP(X190,Feuil1!$C$1:$BL$10,10,FALSE)","v":-9840},null,null,null,null,null,null,"DEP +"]
["H","ZCO","BRE",54,360831,"VANG","Vincent",1995,73.599999999999994,"AL Quimper","F",68,-72,-75,68,90,-95,-95,90,158,10.800000000000011,"DEP +",8,{"$f":"IF(I191=\"\",\"\",IF(A191=\"H\",IF(OR(H191=\"SEN\",H191<1995),VLOOKUP(I191,Feuil1!$A$11:$F$29,6),IF(AND(H191>1994,H191<1998),VLOOKUP(I191,Feuil1!$A$11:$F$29,5),IF(AND(H191>1997,H191<2000),VLOOKUP(I191,Feuil1!$A$11:$F$29,4),IF(AND(H191>1999,H191<2002),VLOOKUP(I191,Feuil1!$A$11:$F$29,3),VLOOKUP(I191,Feuil1!$A$11:$F$29,2))))),IF(OR(H191=\"SEN\",H191<1995),VLOOKUP(I191,Feuil1!$G$11:$L$25,6),IF(AND(H191>1994,H191<1998),VLOOKUP(I191,Feuil1!$G$11:$L$25,5),IF(AND(H191>1997,H191<2000),VLOOKUP(I191,Feuil1!$G$11:$L$25,4),IF(AND(H191>1999,H191<2002),VLOOKUP(I191,Feuil1!$G$11:$L$25,3),VLOOKUP(I191,Feuil1!$G$11:$L$25,2)))))))","v":"J77"},204.24715390382593,null," ",{"$f":"T191-HLOOKUP(X191,Feuil1!$C$1:$BL$10,2,FALSE)","v":28},{"$f":"T191-HLOOKUP(X191,Feuil1!$C$1:$BL$10,3,FALSE)","v":8},{"$f":"T191-HLOOKUP(X191,Feuil1!$C$1:$BL$10,4,FALSE)","v":-12},{"$f":"T191-HLOOKUP(X191,Feuil1!$C$1:$BL$10,5,FALSE)","v":-32},{"$f":"T191-HLOOKUP(X191,Feuil1!$C$1:$BL$10,6,FALSE)","v":-52},{"$f":"T191-HLOOKUP(X191,Feuil1!$C$1:$BL$10,7,FALSE)","v":-82},{"$f":"T191-HLOOKUP(X191,Feuil1!$C$1:$BL$10,8,FALSE)","v":-102},{"$f":"T191-HLOOKUP(X191,Feuil1!$C$1:$BL$10,9,FALSE)","v":-127},{"$f":"T191-HLOOKUP(X191,Feuil1!$C$1:$BL$10,10,FALSE)","v":-9842},null,null,null,null,null,null,"DEP +"]
["H","NORD","PIC",55,391583,"PORQUET","Florian",1995,71.099999999999994,"Villers-Bretonneux KC","F",55,60,65,65,85,90,-95,90,155,12.800000000000011,"DEP +",5,{"$f":"IF(I192=\"\",\"\",IF(A192=\"H\",IF(OR(H192=\"SEN\",H192<1995),VLOOKUP(I192,Feuil1!$A$11:$F$29,6),IF(AND(H192>1994,H192<1998),VLOOKUP(I192,Feuil1!$A$11:$F$29,5),IF(AND(H192>1997,H192<2000),VLOOKUP(I192,Feuil1!$A$11:$F$29,4),IF(AND(H192>1999,H192<2002),VLOOKUP(I192,Feuil1!$A$11:$F$29,3),VLOOKUP(I192,Feuil1!$A$11:$F$29,2))))),IF(OR(H192=\"SEN\",H192<1995),VLOOKUP(I192,Feuil1!$G$11:$L$25,6),IF(AND(H192>1994,H192<1998),VLOOKUP(I192,Feuil1!$G$11:$L$25,5),IF(AND(H192>1997,H192<2000),VLOOKUP(I192,Feuil1!$G$11:$L$25,4),IF(AND(H192>1999,H192<2002),VLOOKUP(I192,Feuil1!$G$11:$L$25,3),VLOOKUP(I192,Feuil1!$G$11:$L$25,2)))))))","v":"J77"},204.61744513001048,null," ",{"$f":"T192-HLOOKUP(X192,Feuil1!$C$1:$BL$10,2,FALSE)","v":25},{"$f":"T192-HLOOKUP(X192,Feuil1!$C$1:$BL$10,3,FALSE)","v":5},{"$f":"T192-HLOOKUP(X192,Feuil1!$C$1:$BL$10,4,FALSE)","v":-15},{"$f":"T192-HLOOKUP(X192,Feuil1!$C$1:$BL$10,5,FALSE)","v":-35},{"$f":"T192-HLOOKUP(X192,Feuil1!$C$1:$BL$10,6,FALSE)","v":-55},{"$f":"T192-HLOOKUP(X192,Feuil1!$C$1:$BL$10,7,FALSE)","v":-85},{"$f":"T192-HLOOKUP(X192,Feuil1!$C$1:$BL$10,8,FALSE)","v":-105},{"$f":"T192-HLOOKUP(X192,Feuil1!$C$1:$BL$10,9,FALSE)","v":-130},{"$f":"T192-HLOOKUP(X192,Feuil1!$C$1:$BL$10,10,FALSE)","v":-9845},null,null,null,null,null,null,"DEP +"]
["H","NORD","NPC",56,294055,"DEFONTAINE","Jordan",1997,72.8,"A.O.SALLAUMINES","F",60,64,66,66,82,85,88,88,154,8.4000000000000057,"DEP +",4,{"$f":"IF(I193=\"\",\"\",IF(A193=\"H\",IF(OR(H193=\"SEN\",H193<1995),VLOOKUP(I193,Feuil1!$A$11:$F$29,6),IF(AND(H193>1994,H193<1998),VLOOKUP(I193,Feuil1!$A$11:$F$29,5),IF(AND(H193>1997,H193<2000),VLOOKUP(I193,Feuil1!$A$11:$F$29,4),IF(AND(H193>1999,H193<2002),VLOOKUP(I193,Feuil1!$A$11:$F$29,3),VLOOKUP(I193,Feuil1!$A$11:$F$29,2))))),IF(OR(H193=\"SEN\",H193<1995),VLOOKUP(I193,Feuil1!$G$11:$L$25,6),IF(AND(H193>1994,H193<1998),VLOOKUP(I193,Feuil1!$G$11:$L$25,5),IF(AND(H193>1997,H193<2000),VLOOKUP(I193,Feuil1!$G$11:$L$25,4),IF(AND(H193>1999,H193<2002),VLOOKUP(I193,Feuil1!$G$11:$L$25,3),VLOOKUP(I193,Feuil1!$G$11:$L$25,2)))))))","v":"J77"},200.38383789155498,null," ",{"$f":"T193-HLOOKUP(X193,Feuil1!$C$1:$BL$10,2,FALSE)","v":24},{"$f":"T193-HLOOKUP(X193,Feuil1!$C$1:$BL$10,3,FALSE)","v":4},{"$f":"T193-HLOOKUP(X193,Feuil1!$C$1:$BL$10,4,FALSE)","v":-16},{"$f":"T193-HLOOKUP(X193,Feuil1!$C$1:$BL$10,5,FALSE)","v":-36},{"$f":"T193-HLOOKUP(X193,Feuil1!$C$1:$BL$10,6,FALSE)","v":-56},{"$f":"T193-HLOOKUP(X193,Feuil1!$C$1:$BL$10,7,FALSE)","v":-86},{"$f":"T193-HLOOKUP(X193,Feuil1!$C$1:$BL$10,8,FALSE)","v":-106},{"$f":"T193-HLOOKUP(X193,Feuil1!$C$1:$BL$10,9,FALSE)","v":-131},{"$f":"T193-HLOOKUP(X193,Feuil1!$C$1:$BL$10,10,FALSE)","v":-9846},null,null,null,null,null,null,"DEP +"]
["H","NE","CHA",57,218469,"LEROUGE","Florian",1997,69.5,"Reims HM","F",60,63,66,66,83,87,-90,87,153,14,"DEP +",3,{"$f":"IF(I194=\"\",\"\",IF(A194=\"H\",IF(OR(H194=\"SEN\",H194<1995),VLOOKUP(I194,Feuil1!$A$11:$F$29,6),IF(AND(H194>1994,H194<1998),VLOOKUP(I194,Feuil1!$A$11:$F$29,5),IF(AND(H194>1997,H194<2000),VLOOKUP(I194,Feuil1!$A$11:$F$29,4),IF(AND(H194>1999,H194<2002),VLOOKUP(I194,Feuil1!$A$11:$F$29,3),VLOOKUP(I194,Feuil1!$A$11:$F$29,2))))),IF(OR(H194=\"SEN\",H194<1995),VLOOKUP(I194,Feuil1!$G$11:$L$25,6),IF(AND(H194>1994,H194<1998),VLOOKUP(I194,Feuil1!$G$11:$L$25,5),IF(AND(H194>1997,H194<2000),VLOOKUP(I194,Feuil1!$G$11:$L$25,4),IF(AND(H194>1999,H194<2002),VLOOKUP(I194,Feuil1!$G$11:$L$25,3),VLOOKUP(I194,Feuil1!$G$11:$L$25,2)))))))","v":"J77"},204.8798613970086,null," ",{"$f":"T194-HLOOKUP(X194,Feuil1!$C$1:$BL$10,2,FALSE)","v":23},{"$f":"T194-HLOOKUP(X194,Feuil1!$C$1:$BL$10,3,FALSE)","v":3},{"$f":"T194-HLOOKUP(X194,Feuil1!$C$1:$BL$10,4,FALSE)","v":-17},{"$f":"T194-HLOOKUP(X194,Feuil1!$C$1:$BL$10,5,FALSE)","v":-37},{"$f":"T194-HLOOKUP(X194,Feuil1!$C$1:$BL$10,6,FALSE)","v":-57},{"$f":"T194-HLOOKUP(X194,Feuil1!$C$1:$BL$10,7,FALSE)","v":-87},{"$f":"T194-HLOOKUP(X194,Feuil1!$C$1:$BL$10,8,FALSE)","v":-107},{"$f":"T194-HLOOKUP(X194,Feuil1!$C$1:$BL$10,9,FALSE)","v":-132},{"$f":"T194-HLOOKUP(X194,Feuil1!$C$1:$BL$10,10,FALSE)","v":-9847},null,null,null,null,null,null,"DEP +"]
["H","N","IDF",58,279838,"BOBIN","DYLAN",1997,73.7,"NEUILLY","F",63,67,-70,67,78,81,85,85,152,4.5999999999999943,"DEP +",2,{"$f":"IF(I195=\"\",\"\",IF(A195=\"H\",IF(OR(H195=\"SEN\",H195<1995),VLOOKUP(I195,Feuil1!$A$11:$F$29,6),IF(AND(H195>1994,H195<1998),VLOOKUP(I195,Feuil1!$A$11:$F$29,5),IF(AND(H195>1997,H195<2000),VLOOKUP(I195,Feuil1!$A$11:$F$29,4),IF(AND(H195>1999,H195<2002),VLOOKUP(I195,Feuil1!$A$11:$F$29,3),VLOOKUP(I195,Feuil1!$A$11:$F$29,2))))),IF(OR(H195=\"SEN\",H195<1995),VLOOKUP(I195,Feuil1!$G$11:$L$25,6),IF(AND(H195>1994,H195<1998),VLOOKUP(I195,Feuil1!$G$11:$L$25,5),IF(AND(H195>1997,H195<2000),VLOOKUP(I195,Feuil1!$G$11:$L$25,4),IF(AND(H195>1999,H195<2002),VLOOKUP(I195,Feuil1!$G$11:$L$25,3),VLOOKUP(I195,Feuil1!$G$11:$L$25,2)))))))","v":"J77"},196.33232450213382,null," ",{"$f":"T195-HLOOKUP(X195,Feuil1!$C$1:$BL$10,2,FALSE)","v":22},{"$f":"T195-HLOOKUP(X195,Feuil1!$C$1:$BL$10,3,FALSE)","v":2},{"$f":"T195-HLOOKUP(X195,Feuil1!$C$1:$BL$10,4,FALSE)","v":-18},{"$f":"T195-HLOOKUP(X195,Feuil1!$C$1:$BL$10,5,FALSE)","v":-38},{"$f":"T195-HLOOKUP(X195,Feuil1!$C$1:$BL$10,6,FALSE)","v":-58},{"$f":"T195-HLOOKUP(X195,Feuil1!$C$1:$BL$10,7,FALSE)","v":-88},{"$f":"T195-HLOOKUP(X195,Feuil1!$C$1:$BL$10,8,FALSE)","v":-108},{"$f":"T195-HLOOKUP(X195,Feuil1!$C$1:$BL$10,9,FALSE)","v":-133},{"$f":"T195-HLOOKUP(X195,Feuil1!$C$1:$BL$10,10,FALSE)","v":-9848},null,null,null,null,null,null,"DEP +"]
["H","SEST","LAN ",59,230413,"PEDRENO","Nicolas",1995,70.400000000000006,"Clermont Sports","F",55,60,65,65,75,80,85,85,150,9.1999999999999886,"DEP +",0,{"$f":"IF(I196=\"\",\"\",IF(A196=\"H\",IF(OR(H196=\"SEN\",H196<1995),VLOOKUP(I196,Feuil1!$A$11:$F$29,6),IF(AND(H196>1994,H196<1998),VLOOKUP(I196,Feuil1!$A$11:$F$29,5),IF(AND(H196>1997,H196<2000),VLOOKUP(I196,Feuil1!$A$11:$F$29,4),IF(AND(H196>1999,H196<2002),VLOOKUP(I196,Feuil1!$A$11:$F$29,3),VLOOKUP(I196,Feuil1!$A$11:$F$29,2))))),IF(OR(H196=\"SEN\",H196<1995),VLOOKUP(I196,Feuil1!$G$11:$L$25,6),IF(AND(H196>1994,H196<1998),VLOOKUP(I196,Feuil1!$G$11:$L$25,5),IF(AND(H196>1997,H196<2000),VLOOKUP(I196,Feuil1!$G$11:$L$25,4),IF(AND(H196>1999,H196<2002),VLOOKUP(I196,Feuil1!$G$11:$L$25,3),VLOOKUP(I196,Feuil1!$G$11:$L$25,2)))))))","v":"J77"},199.24018797697698,null," ",{"$f":"T196-HLOOKUP(X196,Feuil1!$C$1:$BL$10,2,FALSE)","v":20},{"$f":"T196-HLOOKUP(X196,Feuil1!$C$1:$BL$10,3,FALSE)","v":0},{"$f":"T196-HLOOKUP(X196,Feuil1!$C$1:$BL$10,4,FALSE)","v":-20},{"$f":"T196-HLOOKUP(X196,Feuil1!$C$1:$BL$10,5,FALSE)","v":-40},{"$f":"T196-HLOOKUP(X196,Feuil1!$C$1:$BL$10,6,FALSE)","v":-60},{"$f":"T196-HLOOKUP(X196,Feuil1!$C$1:$BL$10,7,FALSE)","v":-90},{"$f":"T196-HLOOKUP(X196,Feuil1!$C$1:$BL$10,8,FALSE)","v":-110},{"$f":"T196-HLOOKUP(X196,Feuil1!$C$1:$BL$10,9,FALSE)","v":-135},{"$f":"T196-HLOOKUP(X196,Feuil1!$C$1:$BL$10,10,FALSE)","v":-9850},null,null,null,null,null,null,"DEP +"]
["H","NORD","PIC",60,294706,"DOLÉ","Andy",1995,69.2,"La Vaillante Saint Quentin","F",-63,63,67,67,78,82,-85,82,149,10.599999999999994,"DEB ",19,{"$f":"IF(I197=\"\",\"\",IF(A197=\"H\",IF(OR(H197=\"SEN\",H197<1995),VLOOKUP(I197,Feuil1!$A$11:$F$29,6),IF(AND(H197>1994,H197<1998),VLOOKUP(I197,Feuil1!$A$11:$F$29,5),IF(AND(H197>1997,H197<2000),VLOOKUP(I197,Feuil1!$A$11:$F$29,4),IF(AND(H197>1999,H197<2002),VLOOKUP(I197,Feuil1!$A$11:$F$29,3),VLOOKUP(I197,Feuil1!$A$11:$F$29,2))))),IF(OR(H197=\"SEN\",H197<1995),VLOOKUP(I197,Feuil1!$G$11:$L$25,6),IF(AND(H197>1994,H197<1998),VLOOKUP(I197,Feuil1!$G$11:$L$25,5),IF(AND(H197>1997,H197<2000),VLOOKUP(I197,Feuil1!$G$11:$L$25,4),IF(AND(H197>1999,H197<2002),VLOOKUP(I197,Feuil1!$G$11:$L$25,3),VLOOKUP(I197,Feuil1!$G$11:$L$25,2)))))))","v":"J77"},200.07344382059503,null," ",{"$f":"T197-HLOOKUP(X197,Feuil1!$C$1:$BL$10,2,FALSE)","v":19},{"$f":"T197-HLOOKUP(X197,Feuil1!$C$1:$BL$10,3,FALSE)","v":-1},{"$f":"T197-HLOOKUP(X197,Feuil1!$C$1:$BL$10,4,FALSE)","v":-21},{"$f":"T197-HLOOKUP(X197,Feuil1!$C$1:$BL$10,5,FALSE)","v":-41},{"$f":"T197-HLOOKUP(X197,Feuil1!$C$1:$BL$10,6,FALSE)","v":-61},{"$f":"T197-HLOOKUP(X197,Feuil1!$C$1:$BL$10,7,FALSE)","v":-91},{"$f":"T197-HLOOKUP(X197,Feuil1!$C$1:$BL$10,8,FALSE)","v":-111},{"$f":"T197-HLOOKUP(X197,Feuil1!$C$1:$BL$10,9,FALSE)","v":-136},{"$f":"T197-HLOOKUP(X197,Feuil1!$C$1:$BL$10,10,FALSE)","v":-9851},null,null,null,null,null,null,"DEB "]
["H","N","IDF",61,356192,"BARBANEL","NATHAN",1997,74.099999999999994,"SAINT-MAUR","F",60,65,-68,65,78,-83,83,83,148,-0.19999999999998863,"DEB ",18,{"$f":"IF(I198=\"\",\"\",IF(A198=\"H\",IF(OR(H198=\"SEN\",H198<1995),VLOOKUP(I198,Feuil1!$A$11:$F$29,6),IF(AND(H198>1994,H198<1998),VLOOKUP(I198,Feuil1!$A$11:$F$29,5),IF(AND(H198>1997,H198<2000),VLOOKUP(I198,Feuil1!$A$11:$F$29,4),IF(AND(H198>1999,H198<2002),VLOOKUP(I198,Feuil1!$A$11:$F$29,3),VLOOKUP(I198,Feuil1!$A$11:$F$29,2))))),IF(OR(H198=\"SEN\",H198<1995),VLOOKUP(I198,Feuil1!$G$11:$L$25,6),IF(AND(H198>1994,H198<1998),VLOOKUP(I198,Feuil1!$G$11:$L$25,5),IF(AND(H198>1997,H198<2000),VLOOKUP(I198,Feuil1!$G$11:$L$25,4),IF(AND(H198>1999,H198<2002),VLOOKUP(I198,Feuil1!$G$11:$L$25,3),VLOOKUP(I198,Feuil1!$G$11:$L$25,2)))))))","v":"J77"},190.55368202186938,null," ",{"$f":"T198-HLOOKUP(X198,Feuil1!$C$1:$BL$10,2,FALSE)","v":18},{"$f":"T198-HLOOKUP(X198,Feuil1!$C$1:$BL$10,3,FALSE)","v":-2},{"$f":"T198-HLOOKUP(X198,Feuil1!$C$1:$BL$10,4,FALSE)","v":-22},{"$f":"T198-HLOOKUP(X198,Feuil1!$C$1:$BL$10,5,FALSE)","v":-42},{"$f":"T198-HLOOKUP(X198,Feuil1!$C$1:$BL$10,6,FALSE)","v":-62},{"$f":"T198-HLOOKUP(X198,Feuil1!$C$1:$BL$10,7,FALSE)","v":-92},{"$f":"T198-HLOOKUP(X198,Feuil1!$C$1:$BL$10,8,FALSE)","v":-112},{"$f":"T198-HLOOKUP(X198,Feuil1!$C$1:$BL$10,9,FALSE)","v":-137},{"$f":"T198-HLOOKUP(X198,Feuil1!$C$1:$BL$10,10,FALSE)","v":-9852},null,null,null,null,null,null,"DEB "]
["H","N","IDF",62,368740,"MENDES","BAPTISTE",1997,69.099999999999994,"RUEIL","F",60,-65,65,65,75,-80,80,80,145,6.8000000000000114,"DEB ",15,{"$f":"IF(I199=\"\",\"\",IF(A199=\"H\",IF(OR(H199=\"SEN\",H199<1995),VLOOKUP(I199,Feuil1!$A$11:$F$29,6),IF(AND(H199>1994,H199<1998),VLOOKUP(I199,Feuil1!$A$11:$F$29,5),IF(AND(H199>1997,H199<2000),VLOOKUP(I199,Feuil1!$A$11:$F$29,4),IF(AND(H199>1999,H199<2002),VLOOKUP(I199,Feuil1!$A$11:$F$29,3),VLOOKUP(I199,Feuil1!$A$11:$F$29,2))))),IF(OR(H199=\"SEN\",H199<1995),VLOOKUP(I199,Feuil1!$G$11:$L$25,6),IF(AND(H199>1994,H199<1998),VLOOKUP(I199,Feuil1!$G$11:$L$25,5),IF(AND(H199>1997,H199<2000),VLOOKUP(I199,Feuil1!$G$11:$L$25,4),IF(AND(H199>1999,H199<2002),VLOOKUP(I199,Feuil1!$G$11:$L$25,3),VLOOKUP(I199,Feuil1!$G$11:$L$25,2)))))))","v":"J77"},194.88213554128299,null," ",{"$f":"T199-HLOOKUP(X199,Feuil1!$C$1:$BL$10,2,FALSE)","v":15},{"$f":"T199-HLOOKUP(X199,Feuil1!$C$1:$BL$10,3,FALSE)","v":-5},{"$f":"T199-HLOOKUP(X199,Feuil1!$C$1:$BL$10,4,FALSE)","v":-25},{"$f":"T199-HLOOKUP(X199,Feuil1!$C$1:$BL$10,5,FALSE)","v":-45},{"$f":"T199-HLOOKUP(X199,Feuil1!$C$1:$BL$10,6,FALSE)","v":-65},{"$f":"T199-HLOOKUP(X199,Feuil1!$C$1:$BL$10,7,FALSE)","v":-95},{"$f":"T199-HLOOKUP(X199,Feuil1!$C$1:$BL$10,8,FALSE)","v":-115},{"$f":"T199-HLOOKUP(X199,Feuil1!$C$1:$BL$10,9,FALSE)","v":-140},{"$f":"T199-HLOOKUP(X199,Feuil1!$C$1:$BL$10,10,FALSE)","v":-9855},null,null,null,null,null,null,"DEB "]
["H","CO","CEN",63,352899,"MARTINEZ","Bastien",1995,72.7,"US Tours","F",60,65,-70,65,75,-80,80,80,145,-0.40000000000000568,"DEB ",15,{"$f":"IF(I200=\"\",\"\",IF(A200=\"H\",IF(OR(H200=\"SEN\",H200<1995),VLOOKUP(I200,Feuil1!$A$11:$F$29,6),IF(AND(H200>1994,H200<1998),VLOOKUP(I200,Feuil1!$A$11:$F$29,5),IF(AND(H200>1997,H200<2000),VLOOKUP(I200,Feuil1!$A$11:$F$29,4),IF(AND(H200>1999,H200<2002),VLOOKUP(I200,Feuil1!$A$11:$F$29,3),VLOOKUP(I200,Feuil1!$A$11:$F$29,2))))),IF(OR(H200=\"SEN\",H200<1995),VLOOKUP(I200,Feuil1!$G$11:$L$25,6),IF(AND(H200>1994,H200<1998),VLOOKUP(I200,Feuil1!$G$11:$L$25,5),IF(AND(H200>1997,H200<2000),VLOOKUP(I200,Feuil1!$G$11:$L$25,4),IF(AND(H200>1999,H200<2002),VLOOKUP(I200,Feuil1!$G$11:$L$25,3),VLOOKUP(I200,Feuil1!$G$11:$L$25,2)))))))","v":"J77"},188.82960324007158,null," ",{"$f":"T200-HLOOKUP(X200,Feuil1!$C$1:$BL$10,2,FALSE)","v":15},{"$f":"T200-HLOOKUP(X200,Feuil1!$C$1:$BL$10,3,FALSE)","v":-5},{"$f":"T200-HLOOKUP(X200,Feuil1!$C$1:$BL$10,4,FALSE)","v":-25},{"$f":"T200-HLOOKUP(X200,Feuil1!$C$1:$BL$10,5,FALSE)","v":-45},{"$f":"T200-HLOOKUP(X200,Feuil1!$C$1:$BL$10,6,FALSE)","v":-65},{"$f":"T200-HLOOKUP(X200,Feuil1!$C$1:$BL$10,7,FALSE)","v":-95},{"$f":"T200-HLOOKUP(X200,Feuil1!$C$1:$BL$10,8,FALSE)","v":-115},{"$f":"T200-HLOOKUP(X200,Feuil1!$C$1:$BL$10,9,FALSE)","v":-140},{"$f":"T200-HLOOKUP(X200,Feuil1!$C$1:$BL$10,10,FALSE)","v":-9855},null,null,null,null,null,null,"DEB "]
["H","SEST","CAZ",64,389777,"DION","Emmanuel",1995,74.7,"AC Menton","F",-60,60,-65,60,80,-85,85,85,145,-4.4000000000000057,"DEB ",15,{"$f":"IF(I201=\"\",\"\",IF(A201=\"H\",IF(OR(H201=\"SEN\",H201<1995),VLOOKUP(I201,Feuil1!$A$11:$F$29,6),IF(AND(H201>1994,H201<1998),VLOOKUP(I201,Feuil1!$A$11:$F$29,5),IF(AND(H201>1997,H201<2000),VLOOKUP(I201,Feuil1!$A$11:$F$29,4),IF(AND(H201>1999,H201<2002),VLOOKUP(I201,Feuil1!$A$11:$F$29,3),VLOOKUP(I201,Feuil1!$A$11:$F$29,2))))),IF(OR(H201=\"SEN\",H201<1995),VLOOKUP(I201,Feuil1!$G$11:$L$25,6),IF(AND(H201>1994,H201<1998),VLOOKUP(I201,Feuil1!$G$11:$L$25,5),IF(AND(H201>1997,H201<2000),VLOOKUP(I201,Feuil1!$G$11:$L$25,4),IF(AND(H201>1999,H201<2002),VLOOKUP(I201,Feuil1!$G$11:$L$25,3),VLOOKUP(I201,Feuil1!$G$11:$L$25,2)))))))","v":"J77"},185.8082793414678,null," ",{"$f":"T201-HLOOKUP(X201,Feuil1!$C$1:$BL$10,2,FALSE)","v":15},{"$f":"T201-HLOOKUP(X201,Feuil1!$C$1:$BL$10,3,FALSE)","v":-5},{"$f":"T201-HLOOKUP(X201,Feuil1!$C$1:$BL$10,4,FALSE)","v":-25},{"$f":"T201-HLOOKUP(X201,Feuil1!$C$1:$BL$10,5,FALSE)","v":-45},{"$f":"T201-HLOOKUP(X201,Feuil1!$C$1:$BL$10,6,FALSE)","v":-65},{"$f":"T201-HLOOKUP(X201,Feuil1!$C$1:$BL$10,7,FALSE)","v":-95},{"$f":"T201-HLOOKUP(X201,Feuil1!$C$1:$BL$10,8,FALSE)","v":-115},{"$f":"T201-HLOOKUP(X201,Feuil1!$C$1:$BL$10,9,FALSE)","v":-140},{"$f":"T201-HLOOKUP(X201,Feuil1!$C$1:$BL$10,10,FALSE)","v":-9855},null,null,null,null,null,null,"DEB "]
["H","SEST","RAL",65,344094,"ROMAN","Guillaume",1997,73.7,"Pierrelatte","F",60,-63,-63,{"$f":"IF(H202=\"\",\"\",IF(MAXA(L202:N202)<=0,0,MAXA(L202:N202)))","v":60},78,81,84,{"$f":"IF(H202=\"\",\"\",IF(MAXA(P202:R202)<=0,0,MAXA(P202:R202)))","v":84},{"$f":"IF(H202=\"\",\"\",IF(OR(O202=0,S202=0),0,O202+S202))","v":144},{"$f":"T202-I202*2","v":-3.4000000000000057},{"$f":"IF(H202=\"\",\"\",AQ202)","v":"DEB "},{"$f":"IF(AJ202>=0,AJ202,IF(AI202>=0,AI202,IF(AH202>=0,AH202,IF(AG202>=0,AG202,IF(AF202>=0,AF202,IF(AE202>=0,AE202,IF(AD202>=0,AD202,IF(AC202>=0,AC202,AB202))))))))","v":14},{"$f":"IF(I202=\"\",\"\",IF(A202=\"H\",IF(OR(H202=\"SEN\",H202<1995),VLOOKUP(I202,Feuil1!$A$11:$F$29,6),IF(AND(H202>1994,H202<1998),VLOOKUP(I202,Feuil1!$A$11:$F$29,5),IF(AND(H202>1997,H202<2000),VLOOKUP(I202,Feuil1!$A$11:$F$29,4),IF(AND(H202>1999,H202<2002),VLOOKUP(I202,Feuil1!$A$11:$F$29,3),VLOOKUP(I202,Feuil1!$A$11:$F$29,2))))),IF(OR(H202=\"SEN\",H202<1995),VLOOKUP(I202,Feuil1!$G$11:$L$25,6),IF(AND(H202>1994,H202<1998),VLOOKUP(I202,Feuil1!$G$11:$L$25,5),IF(AND(H202>1997,H202<2000),VLOOKUP(I202,Feuil1!$G$11:$L$25,4),IF(AND(H202>1999,H202<2002),VLOOKUP(I202,Feuil1!$G$11:$L$25,3),VLOOKUP(I202,Feuil1!$G$11:$L$25,2)))))))","v":"J77"},{"$f":"IF(I202=\"\",\"\",IF(A202=\"H\",10^(0.794358141*LOG(I202/174.393)^2)*T202,IF(A202=\"F\",10^(0.89726074*LOG(I202/148.026)^2)*T202,\"\")))","v":185.99904426517941},null," ",{"$f":"T202-HLOOKUP(X202,Feuil1!$C$1:$BL$10,2,FALSE)","v":14},{"$f":"T202-HLOOKUP(X202,Feuil1!$C$1:$BL$10,3,FALSE)","v":-6},{"$f":"T202-HLOOKUP(X202,Feuil1!$C$1:$BL$10,4,FALSE)","v":-26},{"$f":"T202-HLOOKUP(X202,Feuil1!$C$1:$BL$10,5,FALSE)","v":-46},{"$f":"T202-HLOOKUP(X202,Feuil1!$C$1:$BL$10,6,FALSE)","v":-66},{"$f":"T202-HLOOKUP(X202,Feuil1!$C$1:$BL$10,7,FALSE)","v":-96},{"$f":"T202-HLOOKUP(X202,Feuil1!$C$1:$BL$10,8,FALSE)","v":-116},{"$f":"T202-HLOOKUP(X202,Feuil1!$C$1:$BL$10,9,FALSE)","v":-141},{"$f":"T202-HLOOKUP(X202,Feuil1!$C$1:$BL$10,10,FALSE)","v":-9856},null,null,null,null,null,null,{"$f":"IF(AJ202>=0,$AJ$4,IF(AI202>=0,$AI$4,IF(AH202>=0,$AH$4,IF(AG202>=0,$AG$4,IF(AF202>=0,$AF$4,IF(AE202>=0,$AE$4,IF(AD202>=0,$AD$4,IF(AC202>=0,$AC$4,$AB$4))))))))","v":"DEB "}]
["H","NE","ALS",66,311238,"YAHIA","ALI",1995,71.5,"SA Koenigshoffen","F",57,63,-65,63,70,75,80,80,143,0,"DEB ",13,{"$f":"IF(I203=\"\",\"\",IF(A203=\"H\",IF(OR(H203=\"SEN\",H203<1995),VLOOKUP(I203,Feuil1!$A$11:$F$29,6),IF(AND(H203>1994,H203<1998),VLOOKUP(I203,Feuil1!$A$11:$F$29,5),IF(AND(H203>1997,H203<2000),VLOOKUP(I203,Feuil1!$A$11:$F$29,4),IF(AND(H203>1999,H203<2002),VLOOKUP(I203,Feuil1!$A$11:$F$29,3),VLOOKUP(I203,Feuil1!$A$11:$F$29,2))))),IF(OR(H203=\"SEN\",H203<1995),VLOOKUP(I203,Feuil1!$G$11:$L$25,6),IF(AND(H203>1994,H203<1998),VLOOKUP(I203,Feuil1!$G$11:$L$25,5),IF(AND(H203>1997,H203<2000),VLOOKUP(I203,Feuil1!$G$11:$L$25,4),IF(AND(H203>1999,H203<2002),VLOOKUP(I203,Feuil1!$G$11:$L$25,3),VLOOKUP(I203,Feuil1!$G$11:$L$25,2)))))))","v":"J77"},188.12365738188632,null," ",{"$f":"T203-HLOOKUP(X203,Feuil1!$C$1:$BL$10,2,FALSE)","v":13},{"$f":"T203-HLOOKUP(X203,Feuil1!$C$1:$BL$10,3,FALSE)","v":-7},{"$f":"T203-HLOOKUP(X203,Feuil1!$C$1:$BL$10,4,FALSE)","v":-27},{"$f":"T203-HLOOKUP(X203,Feuil1!$C$1:$BL$10,5,FALSE)","v":-47},{"$f":"T203-HLOOKUP(X203,Feuil1!$C$1:$BL$10,6,FALSE)","v":-67},{"$f":"T203-HLOOKUP(X203,Feuil1!$C$1:$BL$10,7,FALSE)","v":-97},{"$f":"T203-HLOOKUP(X203,Feuil1!$C$1:$BL$10,8,FALSE)","v":-117},{"$f":"T203-HLOOKUP(X203,Feuil1!$C$1:$BL$10,9,FALSE)","v":-142},{"$f":"T203-HLOOKUP(X203,Feuil1!$C$1:$BL$10,10,FALSE)","v":-9857},null,null,null,null,null,null,"DEB "]
["H","N","IDF",67,192695,"BIZE","MARTIN",1996,71.900000000000006,"CHAVILLE ","F",55,60,-65,60,70,75,80,80,140,-3.8000000000000114,"DEB ",10,{"$f":"IF(I204=\"\",\"\",IF(A204=\"H\",IF(OR(H204=\"SEN\",H204<1995),VLOOKUP(I204,Feuil1!$A$11:$F$29,6),IF(AND(H204>1994,H204<1998),VLOOKUP(I204,Feuil1!$A$11:$F$29,5),IF(AND(H204>1997,H204<2000),VLOOKUP(I204,Feuil1!$A$11:$F$29,4),IF(AND(H204>1999,H204<2002),VLOOKUP(I204,Feuil1!$A$11:$F$29,3),VLOOKUP(I204,Feuil1!$A$11:$F$29,2))))),IF(OR(H204=\"SEN\",H204<1995),VLOOKUP(I204,Feuil1!$G$11:$L$25,6),IF(AND(H204>1994,H204<1998),VLOOKUP(I204,Feuil1!$G$11:$L$25,5),IF(AND(H204>1997,H204<2000),VLOOKUP(I204,Feuil1!$G$11:$L$25,4),IF(AND(H204>1999,H204<2002),VLOOKUP(I204,Feuil1!$G$11:$L$25,3),VLOOKUP(I204,Feuil1!$G$11:$L$25,2)))))))","v":"J77"},183.54796276011217,null," ",{"$f":"T204-HLOOKUP(X204,Feuil1!$C$1:$BL$10,2,FALSE)","v":10},{"$f":"T204-HLOOKUP(X204,Feuil1!$C$1:$BL$10,3,FALSE)","v":-10},{"$f":"T204-HLOOKUP(X204,Feuil1!$C$1:$BL$10,4,FALSE)","v":-30},{"$f":"T204-HLOOKUP(X204,Feuil1!$C$1:$BL$10,5,FALSE)","v":-50},{"$f":"T204-HLOOKUP(X204,Feuil1!$C$1:$BL$10,6,FALSE)","v":-70},{"$f":"T204-HLOOKUP(X204,Feuil1!$C$1:$BL$10,7,FALSE)","v":-100},{"$f":"T204-HLOOKUP(X204,Feuil1!$C$1:$BL$10,8,FALSE)","v":-120},{"$f":"T204-HLOOKUP(X204,Feuil1!$C$1:$BL$10,9,FALSE)","v":-145},{"$f":"T204-HLOOKUP(X204,Feuil1!$C$1:$BL$10,10,FALSE)","v":-9860},null,null,null,null,null,null,"DEB "]
["H","SEST","RAL",68,358687,"BELLAY","Théo",1997,76.400000000000006,"Pierrelatte","F",54,-58,-58,54,76,80,82,82,136,-16.800000000000011,"DEB ",6,{"$f":"IF(I205=\"\",\"\",IF(A205=\"H\",IF(OR(H205=\"SEN\",H205<1995),VLOOKUP(I205,Feuil1!$A$11:$F$29,6),IF(AND(H205>1994,H205<1998),VLOOKUP(I205,Feuil1!$A$11:$F$29,5),IF(AND(H205>1997,H205<2000),VLOOKUP(I205,Feuil1!$A$11:$F$29,4),IF(AND(H205>1999,H205<2002),VLOOKUP(I205,Feuil1!$A$11:$F$29,3),VLOOKUP(I205,Feuil1!$A$11:$F$29,2))))),IF(OR(H205=\"SEN\",H205<1995),VLOOKUP(I205,Feuil1!$G$11:$L$25,6),IF(AND(H205>1994,H205<1998),VLOOKUP(I205,Feuil1!$G$11:$L$25,5),IF(AND(H205>1997,H205<2000),VLOOKUP(I205,Feuil1!$G$11:$L$25,4),IF(AND(H205>1999,H205<2002),VLOOKUP(I205,Feuil1!$G$11:$L$25,3),VLOOKUP(I205,Feuil1!$G$11:$L$25,2)))))))","v":"J77"},172.0263517943265,null," ",{"$f":"T205-HLOOKUP(X205,Feuil1!$C$1:$BL$10,2,FALSE)","v":6},{"$f":"T205-HLOOKUP(X205,Feuil1!$C$1:$BL$10,3,FALSE)","v":-14},{"$f":"T205-HLOOKUP(X205,Feuil1!$C$1:$BL$10,4,FALSE)","v":-34},{"$f":"T205-HLOOKUP(X205,Feuil1!$C$1:$BL$10,5,FALSE)","v":-54},{"$f":"T205-HLOOKUP(X205,Feuil1!$C$1:$BL$10,6,FALSE)","v":-74},{"$f":"T205-HLOOKUP(X205,Feuil1!$C$1:$BL$10,7,FALSE)","v":-104},{"$f":"T205-HLOOKUP(X205,Feuil1!$C$1:$BL$10,8,FALSE)","v":-124},{"$f":"T205-HLOOKUP(X205,Feuil1!$C$1:$BL$10,9,FALSE)","v":-149},{"$f":"T205-HLOOKUP(X205,Feuil1!$C$1:$BL$10,10,FALSE)","v":-9864},null,null,null,null,null,null,"DEB "]
["H","SEST","AUV",69,339808,"ACOSTA","benjamin",1995,74.599999999999994,"STADE CLERMONTOIS",null,-55,55,60,60,70,75,-80,75,135,-14.199999999999989,"DEB ",5,{"$f":"IF(I206=\"\",\"\",IF(A206=\"H\",IF(OR(H206=\"SEN\",H206<1995),VLOOKUP(I206,Feuil1!$A$11:$F$29,6),IF(AND(H206>1994,H206<1998),VLOOKUP(I206,Feuil1!$A$11:$F$29,5),IF(AND(H206>1997,H206<2000),VLOOKUP(I206,Feuil1!$A$11:$F$29,4),IF(AND(H206>1999,H206<2002),VLOOKUP(I206,Feuil1!$A$11:$F$29,3),VLOOKUP(I206,Feuil1!$A$11:$F$29,2))))),IF(OR(H206=\"SEN\",H206<1995),VLOOKUP(I206,Feuil1!$G$11:$L$25,6),IF(AND(H206>1994,H206<1998),VLOOKUP(I206,Feuil1!$G$11:$L$25,5),IF(AND(H206>1997,H206<2000),VLOOKUP(I206,Feuil1!$G$11:$L$25,4),IF(AND(H206>1999,H206<2002),VLOOKUP(I206,Feuil1!$G$11:$L$25,3),VLOOKUP(I206,Feuil1!$G$11:$L$25,2)))))))","v":"J77"},173.12963855904906,null," ",{"$f":"T206-HLOOKUP(X206,Feuil1!$C$1:$BL$10,2,FALSE)","v":5},{"$f":"T206-HLOOKUP(X206,Feuil1!$C$1:$BL$10,3,FALSE)","v":-15},{"$f":"T206-HLOOKUP(X206,Feuil1!$C$1:$BL$10,4,FALSE)","v":-35},{"$f":"T206-HLOOKUP(X206,Feuil1!$C$1:$BL$10,5,FALSE)","v":-55},{"$f":"T206-HLOOKUP(X206,Feuil1!$C$1:$BL$10,6,FALSE)","v":-75},{"$f":"T206-HLOOKUP(X206,Feuil1!$C$1:$BL$10,7,FALSE)","v":-105},{"$f":"T206-HLOOKUP(X206,Feuil1!$C$1:$BL$10,8,FALSE)","v":-125},{"$f":"T206-HLOOKUP(X206,Feuil1!$C$1:$BL$10,9,FALSE)","v":-150},{"$f":"T206-HLOOKUP(X206,Feuil1!$C$1:$BL$10,10,FALSE)","v":-9865},null,null,null,null,null,null,"DEB "]
["H","SO","POI",70,378614,"ISHAK","Ryan",1995,75.599999999999994,"LA ROCHELLE","F",55,-60,-60,55,70,75,80,80,135,-16.199999999999989,"DEB ",5,{"$f":"IF(I207=\"\",\"\",IF(A207=\"H\",IF(OR(H207=\"SEN\",H207<1995),VLOOKUP(I207,Feuil1!$A$11:$F$29,6),IF(AND(H207>1994,H207<1998),VLOOKUP(I207,Feuil1!$A$11:$F$29,5),IF(AND(H207>1997,H207<2000),VLOOKUP(I207,Feuil1!$A$11:$F$29,4),IF(AND(H207>1999,H207<2002),VLOOKUP(I207,Feuil1!$A$11:$F$29,3),VLOOKUP(I207,Feuil1!$A$11:$F$29,2))))),IF(OR(H207=\"SEN\",H207<1995),VLOOKUP(I207,Feuil1!$G$11:$L$25,6),IF(AND(H207>1994,H207<1998),VLOOKUP(I207,Feuil1!$G$11:$L$25,5),IF(AND(H207>1997,H207<2000),VLOOKUP(I207,Feuil1!$G$11:$L$25,4),IF(AND(H207>1999,H207<2002),VLOOKUP(I207,Feuil1!$G$11:$L$25,3),VLOOKUP(I207,Feuil1!$G$11:$L$25,2)))))))","v":"J77"},171.79468733721413,null," ",{"$f":"T207-HLOOKUP(X207,Feuil1!$C$1:$BL$10,2,FALSE)","v":5},{"$f":"T207-HLOOKUP(X207,Feuil1!$C$1:$BL$10,3,FALSE)","v":-15},{"$f":"T207-HLOOKUP(X207,Feuil1!$C$1:$BL$10,4,FALSE)","v":-35},{"$f":"T207-HLOOKUP(X207,Feuil1!$C$1:$BL$10,5,FALSE)","v":-55},{"$f":"T207-HLOOKUP(X207,Feuil1!$C$1:$BL$10,6,FALSE)","v":-75},{"$f":"T207-HLOOKUP(X207,Feuil1!$C$1:$BL$10,7,FALSE)","v":-105},{"$f":"T207-HLOOKUP(X207,Feuil1!$C$1:$BL$10,8,FALSE)","v":-125},{"$f":"T207-HLOOKUP(X207,Feuil1!$C$1:$BL$10,9,FALSE)","v":-150},{"$f":"T207-HLOOKUP(X207,Feuil1!$C$1:$BL$10,10,FALSE)","v":-9865},null,null,null,null,null,null,"DEB "]
["H","CO","BNO",71,233732,"Serafin","Guillaume",1997,76,"Sannerville","F",50,55,60,60,70,75,-80,75,135,-17,"DEB ",5,{"$f":"IF(I208=\"\",\"\",IF(A208=\"H\",IF(OR(H208=\"SEN\",H208<1995),VLOOKUP(I208,Feuil1!$A$11:$F$29,6),IF(AND(H208>1994,H208<1998),VLOOKUP(I208,Feuil1!$A$11:$F$29,5),IF(AND(H208>1997,H208<2000),VLOOKUP(I208,Feuil1!$A$11:$F$29,4),IF(AND(H208>1999,H208<2002),VLOOKUP(I208,Feuil1!$A$11:$F$29,3),VLOOKUP(I208,Feuil1!$A$11:$F$29,2))))),IF(OR(H208=\"SEN\",H208<1995),VLOOKUP(I208,Feuil1!$G$11:$L$25,6),IF(AND(H208>1994,H208<1998),VLOOKUP(I208,Feuil1!$G$11:$L$25,5),IF(AND(H208>1997,H208<2000),VLOOKUP(I208,Feuil1!$G$11:$L$25,4),IF(AND(H208>1999,H208<2002),VLOOKUP(I208,Feuil1!$G$11:$L$25,3),VLOOKUP(I208,Feuil1!$G$11:$L$25,2)))))))","v":"J77"},171.27429430919591,null," ",{"$f":"T208-HLOOKUP(X208,Feuil1!$C$1:$BL$10,2,FALSE)","v":5},{"$f":"T208-HLOOKUP(X208,Feuil1!$C$1:$BL$10,3,FALSE)","v":-15},{"$f":"T208-HLOOKUP(X208,Feuil1!$C$1:$BL$10,4,FALSE)","v":-35},{"$f":"T208-HLOOKUP(X208,Feuil1!$C$1:$BL$10,5,FALSE)","v":-55},{"$f":"T208-HLOOKUP(X208,Feuil1!$C$1:$BL$10,6,FALSE)","v":-75},{"$f":"T208-HLOOKUP(X208,Feuil1!$C$1:$BL$10,7,FALSE)","v":-105},{"$f":"T208-HLOOKUP(X208,Feuil1!$C$1:$BL$10,8,FALSE)","v":-125},{"$f":"T208-HLOOKUP(X208,Feuil1!$C$1:$BL$10,9,FALSE)","v":-150},{"$f":"T208-HLOOKUP(X208,Feuil1!$C$1:$BL$10,10,FALSE)","v":-9865},null,null,null,null,null,null,"DEB "]
["H","SEST","RAL",72,252620,"DUCHENE","Jordan",1997,69.2,"CH Ansois","F",50,55,"-60-",55,70,75,78,78,133,-5.4000000000000057,"DEB ",3,{"$f":"IF(I209=\"\",\"\",IF(A209=\"H\",IF(OR(H209=\"SEN\",H209<1995),VLOOKUP(I209,Feuil1!$A$11:$F$29,6),IF(AND(H209>1994,H209<1998),VLOOKUP(I209,Feuil1!$A$11:$F$29,5),IF(AND(H209>1997,H209<2000),VLOOKUP(I209,Feuil1!$A$11:$F$29,4),IF(AND(H209>1999,H209<2002),VLOOKUP(I209,Feuil1!$A$11:$F$29,3),VLOOKUP(I209,Feuil1!$A$11:$F$29,2))))),IF(OR(H209=\"SEN\",H209<1995),VLOOKUP(I209,Feuil1!$G$11:$L$25,6),IF(AND(H209>1994,H209<1998),VLOOKUP(I209,Feuil1!$G$11:$L$25,5),IF(AND(H209>1997,H209<2000),VLOOKUP(I209,Feuil1!$G$11:$L$25,4),IF(AND(H209>1999,H209<2002),VLOOKUP(I209,Feuil1!$G$11:$L$25,3),VLOOKUP(I209,Feuil1!$G$11:$L$25,2)))))))","v":"J77"},178.58904716871905,null," ",{"$f":"T209-HLOOKUP(X209,Feuil1!$C$1:$BL$10,2,FALSE)","v":3},{"$f":"T209-HLOOKUP(X209,Feuil1!$C$1:$BL$10,3,FALSE)","v":-17},{"$f":"T209-HLOOKUP(X209,Feuil1!$C$1:$BL$10,4,FALSE)","v":-37},{"$f":"T209-HLOOKUP(X209,Feuil1!$C$1:$BL$10,5,FALSE)","v":-57},{"$f":"T209-HLOOKUP(X209,Feuil1!$C$1:$BL$10,6,FALSE)","v":-77},{"$f":"T209-HLOOKUP(X209,Feuil1!$C$1:$BL$10,7,FALSE)","v":-107},{"$f":"T209-HLOOKUP(X209,Feuil1!$C$1:$BL$10,8,FALSE)","v":-127},{"$f":"T209-HLOOKUP(X209,Feuil1!$C$1:$BL$10,9,FALSE)","v":-152},{"$f":"T209-HLOOKUP(X209,Feuil1!$C$1:$BL$10,10,FALSE)","v":-9867},null,null,null,null,null,null,"DEB "]
["H","NORD","PIC",73,298023,"LESUEUR","Damien",1996,73.8,"Saleux CHM","F",58,-62,-62,58,70,75,-78,75,133,-14.599999999999994,"DEB ",3,{"$f":"IF(I210=\"\",\"\",IF(A210=\"H\",IF(OR(H210=\"SEN\",H210<1995),VLOOKUP(I210,Feuil1!$A$11:$F$29,6),IF(AND(H210>1994,H210<1998),VLOOKUP(I210,Feuil1!$A$11:$F$29,5),IF(AND(H210>1997,H210<2000),VLOOKUP(I210,Feuil1!$A$11:$F$29,4),IF(AND(H210>1999,H210<2002),VLOOKUP(I210,Feuil1!$A$11:$F$29,3),VLOOKUP(I210,Feuil1!$A$11:$F$29,2))))),IF(OR(H210=\"SEN\",H210<1995),VLOOKUP(I210,Feuil1!$G$11:$L$25,6),IF(AND(H210>1994,H210<1998),VLOOKUP(I210,Feuil1!$G$11:$L$25,5),IF(AND(H210>1997,H210<2000),VLOOKUP(I210,Feuil1!$G$11:$L$25,4),IF(AND(H210>1999,H210<2002),VLOOKUP(I210,Feuil1!$G$11:$L$25,3),VLOOKUP(I210,Feuil1!$G$11:$L$25,2)))))))","v":"J77"},171.65251949247329,null," ",{"$f":"T210-HLOOKUP(X210,Feuil1!$C$1:$BL$10,2,FALSE)","v":3},{"$f":"T210-HLOOKUP(X210,Feuil1!$C$1:$BL$10,3,FALSE)","v":-17},{"$f":"T210-HLOOKUP(X210,Feuil1!$C$1:$BL$10,4,FALSE)","v":-37},{"$f":"T210-HLOOKUP(X210,Feuil1!$C$1:$BL$10,5,FALSE)","v":-57},{"$f":"T210-HLOOKUP(X210,Feuil1!$C$1:$BL$10,6,FALSE)","v":-77},{"$f":"T210-HLOOKUP(X210,Feuil1!$C$1:$BL$10,7,FALSE)","v":-107},{"$f":"T210-HLOOKUP(X210,Feuil1!$C$1:$BL$10,8,FALSE)","v":-127},{"$f":"T210-HLOOKUP(X210,Feuil1!$C$1:$BL$10,9,FALSE)","v":-152},{"$f":"T210-HLOOKUP(X210,Feuil1!$C$1:$BL$10,10,FALSE)","v":-9867},null,null,null,null,null,null,"DEB "]
["H","NE","LOR",74,381038,"GERBER-ROTH","Anthony",1997,75.849999999999994,"E.S.H.HAGONDANGE","F",53,58,-60,58,73,-75,75,75,133,-18.699999999999989,"DEB ",3,{"$f":"IF(I211=\"\",\"\",IF(A211=\"H\",IF(OR(H211=\"SEN\",H211<1995),VLOOKUP(I211,Feuil1!$A$11:$F$29,6),IF(AND(H211>1994,H211<1998),VLOOKUP(I211,Feuil1!$A$11:$F$29,5),IF(AND(H211>1997,H211<2000),VLOOKUP(I211,Feuil1!$A$11:$F$29,4),IF(AND(H211>1999,H211<2002),VLOOKUP(I211,Feuil1!$A$11:$F$29,3),VLOOKUP(I211,Feuil1!$A$11:$F$29,2))))),IF(OR(H211=\"SEN\",H211<1995),VLOOKUP(I211,Feuil1!$G$11:$L$25,6),IF(AND(H211>1994,H211<1998),VLOOKUP(I211,Feuil1!$G$11:$L$25,5),IF(AND(H211>1997,H211<2000),VLOOKUP(I211,Feuil1!$G$11:$L$25,4),IF(AND(H211>1999,H211<2002),VLOOKUP(I211,Feuil1!$G$11:$L$25,3),VLOOKUP(I211,Feuil1!$G$11:$L$25,2)))))))","v":"J77"},168.92827452694294,null," ",{"$f":"T211-HLOOKUP(X211,Feuil1!$C$1:$BL$10,2,FALSE)","v":3},{"$f":"T211-HLOOKUP(X211,Feuil1!$C$1:$BL$10,3,FALSE)","v":-17},{"$f":"T211-HLOOKUP(X211,Feuil1!$C$1:$BL$10,4,FALSE)","v":-37},{"$f":"T211-HLOOKUP(X211,Feuil1!$C$1:$BL$10,5,FALSE)","v":-57},{"$f":"T211-HLOOKUP(X211,Feuil1!$C$1:$BL$10,6,FALSE)","v":-77},{"$f":"T211-HLOOKUP(X211,Feuil1!$C$1:$BL$10,7,FALSE)","v":-107},{"$f":"T211-HLOOKUP(X211,Feuil1!$C$1:$BL$10,8,FALSE)","v":-127},{"$f":"T211-HLOOKUP(X211,Feuil1!$C$1:$BL$10,9,FALSE)","v":-152},{"$f":"T211-HLOOKUP(X211,Feuil1!$C$1:$BL$10,10,FALSE)","v":-9867},null,null,null,null,null,null,"DEB "]
["H","SEST","CAZ",75,366910,"PERRIER","Baptiste",1997,71.599999999999994,"ASLDD TOULON","F",50,55,60,60,65,70,72,72,132,-11.199999999999989,"DEB ",2,{"$f":"IF(I212=\"\",\"\",IF(A212=\"H\",IF(OR(H212=\"SEN\",H212<1995),VLOOKUP(I212,Feuil1!$A$11:$F$29,6),IF(AND(H212>1994,H212<1998),VLOOKUP(I212,Feuil1!$A$11:$F$29,5),IF(AND(H212>1997,H212<2000),VLOOKUP(I212,Feuil1!$A$11:$F$29,4),IF(AND(H212>1999,H212<2002),VLOOKUP(I212,Feuil1!$A$11:$F$29,3),VLOOKUP(I212,Feuil1!$A$11:$F$29,2))))),IF(OR(H212=\"SEN\",H212<1995),VLOOKUP(I212,Feuil1!$G$11:$L$25,6),IF(AND(H212>1994,H212<1998),VLOOKUP(I212,Feuil1!$G$11:$L$25,5),IF(AND(H212>1997,H212<2000),VLOOKUP(I212,Feuil1!$G$11:$L$25,4),IF(AND(H212>1999,H212<2002),VLOOKUP(I212,Feuil1!$G$11:$L$25,3),VLOOKUP(I212,Feuil1!$G$11:$L$25,2)))))))","v":"J77"},173.50348122262679,null," ",{"$f":"T212-HLOOKUP(X212,Feuil1!$C$1:$BL$10,2,FALSE)","v":2},{"$f":"T212-HLOOKUP(X212,Feuil1!$C$1:$BL$10,3,FALSE)","v":-18},{"$f":"T212-HLOOKUP(X212,Feuil1!$C$1:$BL$10,4,FALSE)","v":-38},{"$f":"T212-HLOOKUP(X212,Feuil1!$C$1:$BL$10,5,FALSE)","v":-58},{"$f":"T212-HLOOKUP(X212,Feuil1!$C$1:$BL$10,6,FALSE)","v":-78},{"$f":"T212-HLOOKUP(X212,Feuil1!$C$1:$BL$10,7,FALSE)","v":-108},{"$f":"T212-HLOOKUP(X212,Feuil1!$C$1:$BL$10,8,FALSE)","v":-128},{"$f":"T212-HLOOKUP(X212,Feuil1!$C$1:$BL$10,9,FALSE)","v":-153},{"$f":"T212-HLOOKUP(X212,Feuil1!$C$1:$BL$10,10,FALSE)","v":-9868},null,null,null,null,null,null,"DEB "]
["H","NORD","PIC",76,391811,"KLEINE","Loic",1996,72.03,"La Ferté Milon CMHM","F",55,60,-65,60,70,-74,-74,70,130,-14.060000000000002,"DEB ",0,{"$f":"IF(I213=\"\",\"\",IF(A213=\"H\",IF(OR(H213=\"SEN\",H213<1995),VLOOKUP(I213,Feuil1!$A$11:$F$29,6),IF(AND(H213>1994,H213<1998),VLOOKUP(I213,Feuil1!$A$11:$F$29,5),IF(AND(H213>1997,H213<2000),VLOOKUP(I213,Feuil1!$A$11:$F$29,4),IF(AND(H213>1999,H213<2002),VLOOKUP(I213,Feuil1!$A$11:$F$29,3),VLOOKUP(I213,Feuil1!$A$11:$F$29,2))))),IF(OR(H213=\"SEN\",H213<1995),VLOOKUP(I213,Feuil1!$G$11:$L$25,6),IF(AND(H213>1994,H213<1998),VLOOKUP(I213,Feuil1!$G$11:$L$25,5),IF(AND(H213>1997,H213<2000),VLOOKUP(I213,Feuil1!$G$11:$L$25,4),IF(AND(H213>1999,H213<2002),VLOOKUP(I213,Feuil1!$G$11:$L$25,3),VLOOKUP(I213,Feuil1!$G$11:$L$25,2)))))))","v":"J77"},170.24946831005946,null," ",{"$f":"T213-HLOOKUP(X213,Feuil1!$C$1:$BL$10,2,FALSE)","v":0},{"$f":"T213-HLOOKUP(X213,Feuil1!$C$1:$BL$10,3,FALSE)","v":-20},{"$f":"T213-HLOOKUP(X213,Feuil1!$C$1:$BL$10,4,FALSE)","v":-40},{"$f":"T213-HLOOKUP(X213,Feuil1!$C$1:$BL$10,5,FALSE)","v":-60},{"$f":"T213-HLOOKUP(X213,Feuil1!$C$1:$BL$10,6,FALSE)","v":-80},{"$f":"T213-HLOOKUP(X213,Feuil1!$C$1:$BL$10,7,FALSE)","v":-110},{"$f":"T213-HLOOKUP(X213,Feuil1!$C$1:$BL$10,8,FALSE)","v":-130},{"$f":"T213-HLOOKUP(X213,Feuil1!$C$1:$BL$10,9,FALSE)","v":-155},{"$f":"T213-HLOOKUP(X213,Feuil1!$C$1:$BL$10,10,FALSE)","v":-9870},null,null,null,null,null,null,"DEB "]
["H","SEST","RAL",77,365885,"GOMEZ","Arthur",1997,75.5,"SAINT ETIENNE","F",50,55,-60,55,70,-75,75,75,130,-21,"DEB ",0,{"$f":"IF(I214=\"\",\"\",IF(A214=\"H\",IF(OR(H214=\"SEN\",H214<1995),VLOOKUP(I214,Feuil1!$A$11:$F$29,6),IF(AND(H214>1994,H214<1998),VLOOKUP(I214,Feuil1!$A$11:$F$29,5),IF(AND(H214>1997,H214<2000),VLOOKUP(I214,Feuil1!$A$11:$F$29,4),IF(AND(H214>1999,H214<2002),VLOOKUP(I214,Feuil1!$A$11:$F$29,3),VLOOKUP(I214,Feuil1!$A$11:$F$29,2))))),IF(OR(H214=\"SEN\",H214<1995),VLOOKUP(I214,Feuil1!$G$11:$L$25,6),IF(AND(H214>1994,H214<1998),VLOOKUP(I214,Feuil1!$G$11:$L$25,5),IF(AND(H214>1997,H214<2000),VLOOKUP(I214,Feuil1!$G$11:$L$25,4),IF(AND(H214>1999,H214<2002),VLOOKUP(I214,Feuil1!$G$11:$L$25,3),VLOOKUP(I214,Feuil1!$G$11:$L$25,2)))))))","v":"J77"},165.55835290118441,null," ",{"$f":"T214-HLOOKUP(X214,Feuil1!$C$1:$BL$10,2,FALSE)","v":0},{"$f":"T214-HLOOKUP(X214,Feuil1!$C$1:$BL$10,3,FALSE)","v":-20},{"$f":"T214-HLOOKUP(X214,Feuil1!$C$1:$BL$10,4,FALSE)","v":-40},{"$f":"T214-HLOOKUP(X214,Feuil1!$C$1:$BL$10,5,FALSE)","v":-60},{"$f":"T214-HLOOKUP(X214,Feuil1!$C$1:$BL$10,6,FALSE)","v":-80},{"$f":"T214-HLOOKUP(X214,Feuil1!$C$1:$BL$10,7,FALSE)","v":-110},{"$f":"T214-HLOOKUP(X214,Feuil1!$C$1:$BL$10,8,FALSE)","v":-130},{"$f":"T214-HLOOKUP(X214,Feuil1!$C$1:$BL$10,9,FALSE)","v":-155},{"$f":"T214-HLOOKUP(X214,Feuil1!$C$1:$BL$10,10,FALSE)","v":-9870},null,null,null,null,null,null,"DEB "]
["H","SEST","PRO",78,331373,"GUIGNEBERT","Thomas",1997,72.5," AS SORGUES","F",50,55,58,58,60,65,70,70,128,-17,"DEB ",-2,{"$f":"IF(I215=\"\",\"\",IF(A215=\"H\",IF(OR(H215=\"SEN\",H215<1995),VLOOKUP(I215,Feuil1!$A$11:$F$29,6),IF(AND(H215>1994,H215<1998),VLOOKUP(I215,Feuil1!$A$11:$F$29,5),IF(AND(H215>1997,H215<2000),VLOOKUP(I215,Feuil1!$A$11:$F$29,4),IF(AND(H215>1999,H215<2002),VLOOKUP(I215,Feuil1!$A$11:$F$29,3),VLOOKUP(I215,Feuil1!$A$11:$F$29,2))))),IF(OR(H215=\"SEN\",H215<1995),VLOOKUP(I215,Feuil1!$G$11:$L$25,6),IF(AND(H215>1994,H215<1998),VLOOKUP(I215,Feuil1!$G$11:$L$25,5),IF(AND(H215>1997,H215<2000),VLOOKUP(I215,Feuil1!$G$11:$L$25,4),IF(AND(H215>1999,H215<2002),VLOOKUP(I215,Feuil1!$G$11:$L$25,3),VLOOKUP(I215,Feuil1!$G$11:$L$25,2)))))))","v":"J77"},166.96885105793416,null," ",{"$f":"T215-HLOOKUP(X215,Feuil1!$C$1:$BL$10,2,FALSE)","v":-2},{"$f":"T215-HLOOKUP(X215,Feuil1!$C$1:$BL$10,3,FALSE)","v":-22},{"$f":"T215-HLOOKUP(X215,Feuil1!$C$1:$BL$10,4,FALSE)","v":-42},{"$f":"T215-HLOOKUP(X215,Feuil1!$C$1:$BL$10,5,FALSE)","v":-62},{"$f":"T215-HLOOKUP(X215,Feuil1!$C$1:$BL$10,6,FALSE)","v":-82},{"$f":"T215-HLOOKUP(X215,Feuil1!$C$1:$BL$10,7,FALSE)","v":-112},{"$f":"T215-HLOOKUP(X215,Feuil1!$C$1:$BL$10,8,FALSE)","v":-132},{"$f":"T215-HLOOKUP(X215,Feuil1!$C$1:$BL$10,9,FALSE)","v":-157},{"$f":"T215-HLOOKUP(X215,Feuil1!$C$1:$BL$10,10,FALSE)","v":-9872},null,null,null,null,null,null,"DEB "]
["H","NE","ALS",79,346396,"PETER","MAXIME",1996,75.2,"CAU Guebwiller","F",-52,55,-60,55,62,67,73,73,128,-22.400000000000006,"DEB ",-2,{"$f":"IF(I216=\"\",\"\",IF(A216=\"H\",IF(OR(H216=\"SEN\",H216<1995),VLOOKUP(I216,Feuil1!$A$11:$F$29,6),IF(AND(H216>1994,H216<1998),VLOOKUP(I216,Feuil1!$A$11:$F$29,5),IF(AND(H216>1997,H216<2000),VLOOKUP(I216,Feuil1!$A$11:$F$29,4),IF(AND(H216>1999,H216<2002),VLOOKUP(I216,Feuil1!$A$11:$F$29,3),VLOOKUP(I216,Feuil1!$A$11:$F$29,2))))),IF(OR(H216=\"SEN\",H216<1995),VLOOKUP(I216,Feuil1!$G$11:$L$25,6),IF(AND(H216>1994,H216<1998),VLOOKUP(I216,Feuil1!$G$11:$L$25,5),IF(AND(H216>1997,H216<2000),VLOOKUP(I216,Feuil1!$G$11:$L$25,4),IF(AND(H216>1999,H216<2002),VLOOKUP(I216,Feuil1!$G$11:$L$25,3),VLOOKUP(I216,Feuil1!$G$11:$L$25,2)))))))","v":"J77"},163.38751732887417,null," ",{"$f":"T216-HLOOKUP(X216,Feuil1!$C$1:$BL$10,2,FALSE)","v":-2},{"$f":"T216-HLOOKUP(X216,Feuil1!$C$1:$BL$10,3,FALSE)","v":-22},{"$f":"T216-HLOOKUP(X216,Feuil1!$C$1:$BL$10,4,FALSE)","v":-42},{"$f":"T216-HLOOKUP(X216,Feuil1!$C$1:$BL$10,5,FALSE)","v":-62},{"$f":"T216-HLOOKUP(X216,Feuil1!$C$1:$BL$10,6,FALSE)","v":-82},{"$f":"T216-HLOOKUP(X216,Feuil1!$C$1:$BL$10,7,FALSE)","v":-112},{"$f":"T216-HLOOKUP(X216,Feuil1!$C$1:$BL$10,8,FALSE)","v":-132},{"$f":"T216-HLOOKUP(X216,Feuil1!$C$1:$BL$10,9,FALSE)","v":-157},{"$f":"T216-HLOOKUP(X216,Feuil1!$C$1:$BL$10,10,FALSE)","v":-9872},null,null,null,null,null,null,"DEB "]
["H","SEST","RAL",80,379857,"LAMIRI","Vincent",1995,69.75,"VALENCE","F",50,55,-60,55,70,-75,-75,70,125,-14.5,"DEB ",-5,{"$f":"IF(I217=\"\",\"\",IF(A217=\"H\",IF(OR(H217=\"SEN\",H217<1995),VLOOKUP(I217,Feuil1!$A$11:$F$29,6),IF(AND(H217>1994,H217<1998),VLOOKUP(I217,Feuil1!$A$11:$F$29,5),IF(AND(H217>1997,H217<2000),VLOOKUP(I217,Feuil1!$A$11:$F$29,4),IF(AND(H217>1999,H217<2002),VLOOKUP(I217,Feuil1!$A$11:$F$29,3),VLOOKUP(I217,Feuil1!$A$11:$F$29,2))))),IF(OR(H217=\"SEN\",H217<1995),VLOOKUP(I217,Feuil1!$G$11:$L$25,6),IF(AND(H217>1994,H217<1998),VLOOKUP(I217,Feuil1!$G$11:$L$25,5),IF(AND(H217>1997,H217<2000),VLOOKUP(I217,Feuil1!$G$11:$L$25,4),IF(AND(H217>1999,H217<2002),VLOOKUP(I217,Feuil1!$G$11:$L$25,3),VLOOKUP(I217,Feuil1!$G$11:$L$25,2)))))))","v":"J77"},167.00517632061315,null," ",{"$f":"T217-HLOOKUP(X217,Feuil1!$C$1:$BL$10,2,FALSE)","v":-5},{"$f":"T217-HLOOKUP(X217,Feuil1!$C$1:$BL$10,3,FALSE)","v":-25},{"$f":"T217-HLOOKUP(X217,Feuil1!$C$1:$BL$10,4,FALSE)","v":-45},{"$f":"T217-HLOOKUP(X217,Feuil1!$C$1:$BL$10,5,FALSE)","v":-65},{"$f":"T217-HLOOKUP(X217,Feuil1!$C$1:$BL$10,6,FALSE)","v":-85},{"$f":"T217-HLOOKUP(X217,Feuil1!$C$1:$BL$10,7,FALSE)","v":-115},{"$f":"T217-HLOOKUP(X217,Feuil1!$C$1:$BL$10,8,FALSE)","v":-135},{"$f":"T217-HLOOKUP(X217,Feuil1!$C$1:$BL$10,9,FALSE)","v":-160},{"$f":"T217-HLOOKUP(X217,Feuil1!$C$1:$BL$10,10,FALSE)","v":-9875},null,null,null,null,null,null,"DEB "]
["H","N","IDF",81,397138,"DELEVALLEE","VALENTIN",1997,75.400000000000006,"CHAVILLE","F",45,50,55,55,60,65,70,70,125,-25.800000000000011,"DEB ",-5,{"$f":"IF(I218=\"\",\"\",IF(A218=\"H\",IF(OR(H218=\"SEN\",H218<1995),VLOOKUP(I218,Feuil1!$A$11:$F$29,6),IF(AND(H218>1994,H218<1998),VLOOKUP(I218,Feuil1!$A$11:$F$29,5),IF(AND(H218>1997,H218<2000),VLOOKUP(I218,Feuil1!$A$11:$F$29,4),IF(AND(H218>1999,H218<2002),VLOOKUP(I218,Feuil1!$A$11:$F$29,3),VLOOKUP(I218,Feuil1!$A$11:$F$29,2))))),IF(OR(H218=\"SEN\",H218<1995),VLOOKUP(I218,Feuil1!$G$11:$L$25,6),IF(AND(H218>1994,H218<1998),VLOOKUP(I218,Feuil1!$G$11:$L$25,5),IF(AND(H218>1997,H218<2000),VLOOKUP(I218,Feuil1!$G$11:$L$25,4),IF(AND(H218>1999,H218<2002),VLOOKUP(I218,Feuil1!$G$11:$L$25,3),VLOOKUP(I218,Feuil1!$G$11:$L$25,2)))))))","v":"J77"},159.31274012800071,null," ",{"$f":"T218-HLOOKUP(X218,Feuil1!$C$1:$BL$10,2,FALSE)","v":-5},{"$f":"T218-HLOOKUP(X218,Feuil1!$C$1:$BL$10,3,FALSE)","v":-25},{"$f":"T218-HLOOKUP(X218,Feuil1!$C$1:$BL$10,4,FALSE)","v":-45},{"$f":"T218-HLOOKUP(X218,Feuil1!$C$1:$BL$10,5,FALSE)","v":-65},{"$f":"T218-HLOOKUP(X218,Feuil1!$C$1:$BL$10,6,FALSE)","v":-85},{"$f":"T218-HLOOKUP(X218,Feuil1!$C$1:$BL$10,7,FALSE)","v":-115},{"$f":"T218-HLOOKUP(X218,Feuil1!$C$1:$BL$10,8,FALSE)","v":-135},{"$f":"T218-HLOOKUP(X218,Feuil1!$C$1:$BL$10,9,FALSE)","v":-160},{"$f":"T218-HLOOKUP(X218,Feuil1!$C$1:$BL$10,10,FALSE)","v":-9875},null,null,null,null,null,null,"DEB "]
["H","CO","CEN",82,335825,"AIGROT","Léopold",1996,75.900000000000006,"CM Orléans","F",-50,50,-55,50,75,-76,-76,75,125,-26.800000000000011,"DEB ",-5,{"$f":"IF(I219=\"\",\"\",IF(A219=\"H\",IF(OR(H219=\"SEN\",H219<1995),VLOOKUP(I219,Feuil1!$A$11:$F$29,6),IF(AND(H219>1994,H219<1998),VLOOKUP(I219,Feuil1!$A$11:$F$29,5),IF(AND(H219>1997,H219<2000),VLOOKUP(I219,Feuil1!$A$11:$F$29,4),IF(AND(H219>1999,H219<2002),VLOOKUP(I219,Feuil1!$A$11:$F$29,3),VLOOKUP(I219,Feuil1!$A$11:$F$29,2))))),IF(OR(H219=\"SEN\",H219<1995),VLOOKUP(I219,Feuil1!$G$11:$L$25,6),IF(AND(H219>1994,H219<1998),VLOOKUP(I219,Feuil1!$G$11:$L$25,5),IF(AND(H219>1997,H219<2000),VLOOKUP(I219,Feuil1!$G$11:$L$25,4),IF(AND(H219>1999,H219<2002),VLOOKUP(I219,Feuil1!$G$11:$L$25,3),VLOOKUP(I219,Feuil1!$G$11:$L$25,2)))))))","v":"J77"},158.70711039371159,null," ",{"$f":"T219-HLOOKUP(X219,Feuil1!$C$1:$BL$10,2,FALSE)","v":-5},{"$f":"T219-HLOOKUP(X219,Feuil1!$C$1:$BL$10,3,FALSE)","v":-25},{"$f":"T219-HLOOKUP(X219,Feuil1!$C$1:$BL$10,4,FALSE)","v":-45},{"$f":"T219-HLOOKUP(X219,Feuil1!$C$1:$BL$10,5,FALSE)","v":-65},{"$f":"T219-HLOOKUP(X219,Feuil1!$C$1:$BL$10,6,FALSE)","v":-85},{"$f":"T219-HLOOKUP(X219,Feuil1!$C$1:$BL$10,7,FALSE)","v":-115},{"$f":"T219-HLOOKUP(X219,Feuil1!$C$1:$BL$10,8,FALSE)","v":-135},{"$f":"T219-HLOOKUP(X219,Feuil1!$C$1:$BL$10,9,FALSE)","v":-160},{"$f":"T219-HLOOKUP(X219,Feuil1!$C$1:$BL$10,10,FALSE)","v":-9875},null,null,null,null,null,null,"DEB "]
["H","ZCO","BRE",83,382851,"LOPEZ","Guillaume",1995,70.900000000000006,"Vannes AC","F",52,-55,55,55,62,65,68,68,123,-18.800000000000011,"DEB ",-7,{"$f":"IF(I220=\"\",\"\",IF(A220=\"H\",IF(OR(H220=\"SEN\",H220<1995),VLOOKUP(I220,Feuil1!$A$11:$F$29,6),IF(AND(H220>1994,H220<1998),VLOOKUP(I220,Feuil1!$A$11:$F$29,5),IF(AND(H220>1997,H220<2000),VLOOKUP(I220,Feuil1!$A$11:$F$29,4),IF(AND(H220>1999,H220<2002),VLOOKUP(I220,Feuil1!$A$11:$F$29,3),VLOOKUP(I220,Feuil1!$A$11:$F$29,2))))),IF(OR(H220=\"SEN\",H220<1995),VLOOKUP(I220,Feuil1!$G$11:$L$25,6),IF(AND(H220>1994,H220<1998),VLOOKUP(I220,Feuil1!$G$11:$L$25,5),IF(AND(H220>1997,H220<2000),VLOOKUP(I220,Feuil1!$G$11:$L$25,4),IF(AND(H220>1999,H220<2002),VLOOKUP(I220,Feuil1!$G$11:$L$25,3),VLOOKUP(I220,Feuil1!$G$11:$L$25,2)))))))","v":"J77"},162.65768780106151,null," ",{"$f":"T220-HLOOKUP(X220,Feuil1!$C$1:$BL$10,2,FALSE)","v":-7},{"$f":"T220-HLOOKUP(X220,Feuil1!$C$1:$BL$10,3,FALSE)","v":-27},{"$f":"T220-HLOOKUP(X220,Feuil1!$C$1:$BL$10,4,FALSE)","v":-47},{"$f":"T220-HLOOKUP(X220,Feuil1!$C$1:$BL$10,5,FALSE)","v":-67},{"$f":"T220-HLOOKUP(X220,Feuil1!$C$1:$BL$10,6,FALSE)","v":-87},{"$f":"T220-HLOOKUP(X220,Feuil1!$C$1:$BL$10,7,FALSE)","v":-117},{"$f":"T220-HLOOKUP(X220,Feuil1!$C$1:$BL$10,8,FALSE)","v":-137},{"$f":"T220-HLOOKUP(X220,Feuil1!$C$1:$BL$10,9,FALSE)","v":-162},{"$f":"T220-HLOOKUP(X220,Feuil1!$C$1:$BL$10,10,FALSE)","v":-9877},null,null,null,null,null,null,"DEB "]
["H","N","IDF",84,371559,"OLAGNIER","CHARLES",1996,75.400000000000006,"NEUILLY","F",45,50,-55,50,60,65,71,71,121,-29.800000000000011,"DEB ",-9,{"$f":"IF(I221=\"\",\"\",IF(A221=\"H\",IF(OR(H221=\"SEN\",H221<1995),VLOOKUP(I221,Feuil1!$A$11:$F$29,6),IF(AND(H221>1994,H221<1998),VLOOKUP(I221,Feuil1!$A$11:$F$29,5),IF(AND(H221>1997,H221<2000),VLOOKUP(I221,Feuil1!$A$11:$F$29,4),IF(AND(H221>1999,H221<2002),VLOOKUP(I221,Feuil1!$A$11:$F$29,3),VLOOKUP(I221,Feuil1!$A$11:$F$29,2))))),IF(OR(H221=\"SEN\",H221<1995),VLOOKUP(I221,Feuil1!$G$11:$L$25,6),IF(AND(H221>1994,H221<1998),VLOOKUP(I221,Feuil1!$G$11:$L$25,5),IF(AND(H221>1997,H221<2000),VLOOKUP(I221,Feuil1!$G$11:$L$25,4),IF(AND(H221>1999,H221<2002),VLOOKUP(I221,Feuil1!$G$11:$L$25,3),VLOOKUP(I221,Feuil1!$G$11:$L$25,2)))))))","v":"J77"},154.21473244390467,null," ",{"$f":"T221-HLOOKUP(X221,Feuil1!$C$1:$BL$10,2,FALSE)","v":-9},{"$f":"T221-HLOOKUP(X221,Feuil1!$C$1:$BL$10,3,FALSE)","v":-29},{"$f":"T221-HLOOKUP(X221,Feuil1!$C$1:$BL$10,4,FALSE)","v":-49},{"$f":"T221-HLOOKUP(X221,Feuil1!$C$1:$BL$10,5,FALSE)","v":-69},{"$f":"T221-HLOOKUP(X221,Feuil1!$C$1:$BL$10,6,FALSE)","v":-89},{"$f":"T221-HLOOKUP(X221,Feuil1!$C$1:$BL$10,7,FALSE)","v":-119},{"$f":"T221-HLOOKUP(X221,Feuil1!$C$1:$BL$10,8,FALSE)","v":-139},{"$f":"T221-HLOOKUP(X221,Feuil1!$C$1:$BL$10,9,FALSE)","v":-164},{"$f":"T221-HLOOKUP(X221,Feuil1!$C$1:$BL$10,10,FALSE)","v":-9879},null,null,null,null,null,null,"DEB "]
["H","SO","LIM",85,212262,"LEROUSSEAU","JORIS",1997,74.150000000000006,"LIMOGES AVA","F",43,48,50,50,60,65,70,70,120,-28.300000000000011,"DEB ",-10,{"$f":"IF(I222=\"\",\"\",IF(A222=\"H\",IF(OR(H222=\"SEN\",H222<1995),VLOOKUP(I222,Feuil1!$A$11:$F$29,6),IF(AND(H222>1994,H222<1998),VLOOKUP(I222,Feuil1!$A$11:$F$29,5),IF(AND(H222>1997,H222<2000),VLOOKUP(I222,Feuil1!$A$11:$F$29,4),IF(AND(H222>1999,H222<2002),VLOOKUP(I222,Feuil1!$A$11:$F$29,3),VLOOKUP(I222,Feuil1!$A$11:$F$29,2))))),IF(OR(H222=\"SEN\",H222<1995),VLOOKUP(I222,Feuil1!$G$11:$L$25,6),IF(AND(H222>1994,H222<1998),VLOOKUP(I222,Feuil1!$G$11:$L$25,5),IF(AND(H222>1997,H222<2000),VLOOKUP(I222,Feuil1!$G$11:$L$25,4),IF(AND(H222>1999,H222<2002),VLOOKUP(I222,Feuil1!$G$11:$L$25,3),VLOOKUP(I222,Feuil1!$G$11:$L$25,2)))))))","v":"J77"},154.44147678194992,null," ",{"$f":"T222-HLOOKUP(X222,Feuil1!$C$1:$BL$10,2,FALSE)","v":-10},{"$f":"T222-HLOOKUP(X222,Feuil1!$C$1:$BL$10,3,FALSE)","v":-30},{"$f":"T222-HLOOKUP(X222,Feuil1!$C$1:$BL$10,4,FALSE)","v":-50},{"$f":"T222-HLOOKUP(X222,Feuil1!$C$1:$BL$10,5,FALSE)","v":-70},{"$f":"T222-HLOOKUP(X222,Feuil1!$C$1:$BL$10,6,FALSE)","v":-90},{"$f":"T222-HLOOKUP(X222,Feuil1!$C$1:$BL$10,7,FALSE)","v":-120},{"$f":"T222-HLOOKUP(X222,Feuil1!$C$1:$BL$10,8,FALSE)","v":-140},{"$f":"T222-HLOOKUP(X222,Feuil1!$C$1:$BL$10,9,FALSE)","v":-165},{"$f":"T222-HLOOKUP(X222,Feuil1!$C$1:$BL$10,10,FALSE)","v":-9880},null,null,null,null,null,null,"DEB "]
["H","SO","MPY",86,356060,"LAFAILLE","Emmanuel",1995,69.400000000000006,"TARBES CUTPH","F",45,50,-55,50,50,-55,55,55,105,-33.800000000000011,"DEB ",-25,{"$f":"IF(I223=\"\",\"\",IF(A223=\"H\",IF(OR(H223=\"SEN\",H223<1995),VLOOKUP(I223,Feuil1!$A$11:$F$29,6),IF(AND(H223>1994,H223<1998),VLOOKUP(I223,Feuil1!$A$11:$F$29,5),IF(AND(H223>1997,H223<2000),VLOOKUP(I223,Feuil1!$A$11:$F$29,4),IF(AND(H223>1999,H223<2002),VLOOKUP(I223,Feuil1!$A$11:$F$29,3),VLOOKUP(I223,Feuil1!$A$11:$F$29,2))))),IF(OR(H223=\"SEN\",H223<1995),VLOOKUP(I223,Feuil1!$G$11:$L$25,6),IF(AND(H223>1994,H223<1998),VLOOKUP(I223,Feuil1!$G$11:$L$25,5),IF(AND(H223>1997,H223<2000),VLOOKUP(I223,Feuil1!$G$11:$L$25,4),IF(AND(H223>1999,H223<2002),VLOOKUP(I223,Feuil1!$G$11:$L$25,3),VLOOKUP(I223,Feuil1!$G$11:$L$25,2)))))))","v":"J77"},140.73249563623443,null," ",{"$f":"T223-HLOOKUP(X223,Feuil1!$C$1:$BL$10,2,FALSE)","v":-25},{"$f":"T223-HLOOKUP(X223,Feuil1!$C$1:$BL$10,3,FALSE)","v":-45},{"$f":"T223-HLOOKUP(X223,Feuil1!$C$1:$BL$10,4,FALSE)","v":-65},{"$f":"T223-HLOOKUP(X223,Feuil1!$C$1:$BL$10,5,FALSE)","v":-85},{"$f":"T223-HLOOKUP(X223,Feuil1!$C$1:$BL$10,6,FALSE)","v":-105},{"$f":"T223-HLOOKUP(X223,Feuil1!$C$1:$BL$10,7,FALSE)","v":-135},{"$f":"T223-HLOOKUP(X223,Feuil1!$C$1:$BL$10,8,FALSE)","v":-155},{"$f":"T223-HLOOKUP(X223,Feuil1!$C$1:$BL$10,9,FALSE)","v":-180},{"$f":"T223-HLOOKUP(X223,Feuil1!$C$1:$BL$10,10,FALSE)","v":-9895},null,null,null,null,null,null,"DEB "]
["H","NORD","PIC",87,357581,"CAUET","Maxime",1997,69.44,"La Vaillante Saint Quentin","F",42,45,-48,45,52,57,60,60,105,-33.879999999999995,"DEB ",-25,{"$f":"IF(I224=\"\",\"\",IF(A224=\"H\",IF(OR(H224=\"SEN\",H224<1995),VLOOKUP(I224,Feuil1!$A$11:$F$29,6),IF(AND(H224>1994,H224<1998),VLOOKUP(I224,Feuil1!$A$11:$F$29,5),IF(AND(H224>1997,H224<2000),VLOOKUP(I224,Feuil1!$A$11:$F$29,4),IF(AND(H224>1999,H224<2002),VLOOKUP(I224,Feuil1!$A$11:$F$29,3),VLOOKUP(I224,Feuil1!$A$11:$F$29,2))))),IF(OR(H224=\"SEN\",H224<1995),VLOOKUP(I224,Feuil1!$G$11:$L$25,6),IF(AND(H224>1994,H224<1998),VLOOKUP(I224,Feuil1!$G$11:$L$25,5),IF(AND(H224>1997,H224<2000),VLOOKUP(I224,Feuil1!$G$11:$L$25,4),IF(AND(H224>1999,H224<2002),VLOOKUP(I224,Feuil1!$G$11:$L$25,3),VLOOKUP(I224,Feuil1!$G$11:$L$25,2)))))))","v":"J77"},140.68096744852375,null," ",{"$f":"T224-HLOOKUP(X224,Feuil1!$C$1:$BL$10,2,FALSE)","v":-25},{"$f":"T224-HLOOKUP(X224,Feuil1!$C$1:$BL$10,3,FALSE)","v":-45},{"$f":"T224-HLOOKUP(X224,Feuil1!$C$1:$BL$10,4,FALSE)","v":-65},{"$f":"T224-HLOOKUP(X224,Feuil1!$C$1:$BL$10,5,FALSE)","v":-85},{"$f":"T224-HLOOKUP(X224,Feuil1!$C$1:$BL$10,6,FALSE)","v":-105},{"$f":"T224-HLOOKUP(X224,Feuil1!$C$1:$BL$10,7,FALSE)","v":-135},{"$f":"T224-HLOOKUP(X224,Feuil1!$C$1:$BL$10,8,FALSE)","v":-155},{"$f":"T224-HLOOKUP(X224,Feuil1!$C$1:$BL$10,9,FALSE)","v":-180},{"$f":"T224-HLOOKUP(X224,Feuil1!$C$1:$BL$10,10,FALSE)","v":-9895},null,null,null,null,null,null,"DEB "]
["H","N","IDF",88,382861,"KORTBI","FAISAL",1995,75.5,"FRANCONVILLE","F",38,42,-45,42,50,55,-58,55,97,-54,"DEB ",-33,{"$f":"IF(I225=\"\",\"\",IF(A225=\"H\",IF(OR(H225=\"SEN\",H225<1995),VLOOKUP(I225,Feuil1!$A$11:$F$29,6),IF(AND(H225>1994,H225<1998),VLOOKUP(I225,Feuil1!$A$11:$F$29,5),IF(AND(H225>1997,H225<2000),VLOOKUP(I225,Feuil1!$A$11:$F$29,4),IF(AND(H225>1999,H225<2002),VLOOKUP(I225,Feuil1!$A$11:$F$29,3),VLOOKUP(I225,Feuil1!$A$11:$F$29,2))))),IF(OR(H225=\"SEN\",H225<1995),VLOOKUP(I225,Feuil1!$G$11:$L$25,6),IF(AND(H225>1994,H225<1998),VLOOKUP(I225,Feuil1!$G$11:$L$25,5),IF(AND(H225>1997,H225<2000),VLOOKUP(I225,Feuil1!$G$11:$L$25,4),IF(AND(H225>1999,H225<2002),VLOOKUP(I225,Feuil1!$G$11:$L$25,3),VLOOKUP(I225,Feuil1!$G$11:$L$25,2)))))))","v":"J77"},123.53200178011453,null," ",{"$f":"T225-HLOOKUP(X225,Feuil1!$C$1:$BL$10,2,FALSE)","v":-33},{"$f":"T225-HLOOKUP(X225,Feuil1!$C$1:$BL$10,3,FALSE)","v":-53},{"$f":"T225-HLOOKUP(X225,Feuil1!$C$1:$BL$10,4,FALSE)","v":-73},{"$f":"T225-HLOOKUP(X225,Feuil1!$C$1:$BL$10,5,FALSE)","v":-93},{"$f":"T225-HLOOKUP(X225,Feuil1!$C$1:$BL$10,6,FALSE)","v":-113},{"$f":"T225-HLOOKUP(X225,Feuil1!$C$1:$BL$10,7,FALSE)","v":-143},{"$f":"T225-HLOOKUP(X225,Feuil1!$C$1:$BL$10,8,FALSE)","v":-163},{"$f":"T225-HLOOKUP(X225,Feuil1!$C$1:$BL$10,9,FALSE)","v":-188},{"$f":"T225-HLOOKUP(X225,Feuil1!$C$1:$BL$10,10,FALSE)","v":-9903},null,null,null,null,null,null,"DEB "]
["H","CO","BNO",89,361692,"Aupy","Quentin",1997,73.7,"Alençon","F",35,40,42,42,45,50,54,54,96,-51.400000000000006,"DEB ",-34,{"$f":"IF(I226=\"\",\"\",IF(A226=\"H\",IF(OR(H226=\"SEN\",H226<1995),VLOOKUP(I226,Feuil1!$A$11:$F$29,6),IF(AND(H226>1994,H226<1998),VLOOKUP(I226,Feuil1!$A$11:$F$29,5),IF(AND(H226>1997,H226<2000),VLOOKUP(I226,Feuil1!$A$11:$F$29,4),IF(AND(H226>1999,H226<2002),VLOOKUP(I226,Feuil1!$A$11:$F$29,3),VLOOKUP(I226,Feuil1!$A$11:$F$29,2))))),IF(OR(H226=\"SEN\",H226<1995),VLOOKUP(I226,Feuil1!$G$11:$L$25,6),IF(AND(H226>1994,H226<1998),VLOOKUP(I226,Feuil1!$G$11:$L$25,5),IF(AND(H226>1997,H226<2000),VLOOKUP(I226,Feuil1!$G$11:$L$25,4),IF(AND(H226>1999,H226<2002),VLOOKUP(I226,Feuil1!$G$11:$L$25,3),VLOOKUP(I226,Feuil1!$G$11:$L$25,2)))))))","v":"J77"},123.99936284345294,null," ",{"$f":"T226-HLOOKUP(X226,Feuil1!$C$1:$BL$10,2,FALSE)","v":-34},{"$f":"T226-HLOOKUP(X226,Feuil1!$C$1:$BL$10,3,FALSE)","v":-54},{"$f":"T226-HLOOKUP(X226,Feuil1!$C$1:$BL$10,4,FALSE)","v":-74},{"$f":"T226-HLOOKUP(X226,Feuil1!$C$1:$BL$10,5,FALSE)","v":-94},{"$f":"T226-HLOOKUP(X226,Feuil1!$C$1:$BL$10,6,FALSE)","v":-114},{"$f":"T226-HLOOKUP(X226,Feuil1!$C$1:$BL$10,7,FALSE)","v":-144},{"$f":"T226-HLOOKUP(X226,Feuil1!$C$1:$BL$10,8,FALSE)","v":-164},{"$f":"T226-HLOOKUP(X226,Feuil1!$C$1:$BL$10,9,FALSE)","v":-189},{"$f":"T226-HLOOKUP(X226,Feuil1!$C$1:$BL$10,10,FALSE)","v":-9904},null,null,null,null,null,null,"DEB "]
["H","ZCO","BRE",90,289362,"LAYOUNI","Seif",1996,70.900000000000006,"Vannes AC","F",40,-44,-44,40,50,55,-60,55,95,-46.800000000000011,"DEB ",-35,{"$f":"IF(I227=\"\",\"\",IF(A227=\"H\",IF(OR(H227=\"SEN\",H227<1995),VLOOKUP(I227,Feuil1!$A$11:$F$29,6),IF(AND(H227>1994,H227<1998),VLOOKUP(I227,Feuil1!$A$11:$F$29,5),IF(AND(H227>1997,H227<2000),VLOOKUP(I227,Feuil1!$A$11:$F$29,4),IF(AND(H227>1999,H227<2002),VLOOKUP(I227,Feuil1!$A$11:$F$29,3),VLOOKUP(I227,Feuil1!$A$11:$F$29,2))))),IF(OR(H227=\"SEN\",H227<1995),VLOOKUP(I227,Feuil1!$G$11:$L$25,6),IF(AND(H227>1994,H227<1998),VLOOKUP(I227,Feuil1!$G$11:$L$25,5),IF(AND(H227>1997,H227<2000),VLOOKUP(I227,Feuil1!$G$11:$L$25,4),IF(AND(H227>1999,H227<2002),VLOOKUP(I227,Feuil1!$G$11:$L$25,3),VLOOKUP(I227,Feuil1!$G$11:$L$25,2)))))))","v":"J77"},125.62992147236457,null," ",{"$f":"T227-HLOOKUP(X227,Feuil1!$C$1:$BL$10,2,FALSE)","v":-35},{"$f":"T227-HLOOKUP(X227,Feuil1!$C$1:$BL$10,3,FALSE)","v":-55},{"$f":"T227-HLOOKUP(X227,Feuil1!$C$1:$BL$10,4,FALSE)","v":-75},{"$f":"T227-HLOOKUP(X227,Feuil1!$C$1:$BL$10,5,FALSE)","v":-95},{"$f":"T227-HLOOKUP(X227,Feuil1!$C$1:$BL$10,6,FALSE)","v":-115},{"$f":"T227-HLOOKUP(X227,Feuil1!$C$1:$BL$10,7,FALSE)","v":-145},{"$f":"T227-HLOOKUP(X227,Feuil1!$C$1:$BL$10,8,FALSE)","v":-165},{"$f":"T227-HLOOKUP(X227,Feuil1!$C$1:$BL$10,9,FALSE)","v":-190},{"$f":"T227-HLOOKUP(X227,Feuil1!$C$1:$BL$10,10,FALSE)","v":-9905},null,null,null,null,null,null,"DEB "]
["H","SO","POI",91,360440,"RABAT","Jérémy",1996,76.2,"LA ROCHELLE","F",30,-35,-35,30,40,45,50,50,80,-72.400000000000006,"DEB ",-50,{"$f":"IF(I228=\"\",\"\",IF(A228=\"H\",IF(OR(H228=\"SEN\",H228<1995),VLOOKUP(I228,Feuil1!$A$11:$F$29,6),IF(AND(H228>1994,H228<1998),VLOOKUP(I228,Feuil1!$A$11:$F$29,5),IF(AND(H228>1997,H228<2000),VLOOKUP(I228,Feuil1!$A$11:$F$29,4),IF(AND(H228>1999,H228<2002),VLOOKUP(I228,Feuil1!$A$11:$F$29,3),VLOOKUP(I228,Feuil1!$A$11:$F$29,2))))),IF(OR(H228=\"SEN\",H228<1995),VLOOKUP(I228,Feuil1!$G$11:$L$25,6),IF(AND(H228>1994,H228<1998),VLOOKUP(I228,Feuil1!$G$11:$L$25,5),IF(AND(H228>1997,H228<2000),VLOOKUP(I228,Feuil1!$G$11:$L$25,4),IF(AND(H228>1999,H228<2002),VLOOKUP(I228,Feuil1!$G$11:$L$25,3),VLOOKUP(I228,Feuil1!$G$11:$L$25,2)))))))","v":"J77"},101.34337069412352,null," ",{"$f":"T228-HLOOKUP(X228,Feuil1!$C$1:$BL$10,2,FALSE)","v":-50},{"$f":"T228-HLOOKUP(X228,Feuil1!$C$1:$BL$10,3,FALSE)","v":-70},{"$f":"T228-HLOOKUP(X228,Feuil1!$C$1:$BL$10,4,FALSE)","v":-90},{"$f":"T228-HLOOKUP(X228,Feuil1!$C$1:$BL$10,5,FALSE)","v":-110},{"$f":"T228-HLOOKUP(X228,Feuil1!$C$1:$BL$10,6,FALSE)","v":-130},{"$f":"T228-HLOOKUP(X228,Feuil1!$C$1:$BL$10,7,FALSE)","v":-160},{"$f":"T228-HLOOKUP(X228,Feuil1!$C$1:$BL$10,8,FALSE)","v":-180},{"$f":"T228-HLOOKUP(X228,Feuil1!$C$1:$BL$10,9,FALSE)","v":-205},{"$f":"T228-HLOOKUP(X228,Feuil1!$C$1:$BL$10,10,FALSE)","v":-9920},null,null,null,null,null,null,"DEB "]
["H","SEST","RAL",92,392228,"BONNEFOI ","Clément",1997,76.599999999999994,"VALENCE","F",30,32,-35,32,-35,-35,35,35,67,-86.199999999999989,"DEB ",-63,{"$f":"IF(I229=\"\",\"\",IF(A229=\"H\",IF(OR(H229=\"SEN\",H229<1995),VLOOKUP(I229,Feuil1!$A$11:$F$29,6),IF(AND(H229>1994,H229<1998),VLOOKUP(I229,Feuil1!$A$11:$F$29,5),IF(AND(H229>1997,H229<2000),VLOOKUP(I229,Feuil1!$A$11:$F$29,4),IF(AND(H229>1999,H229<2002),VLOOKUP(I229,Feuil1!$A$11:$F$29,3),VLOOKUP(I229,Feuil1!$A$11:$F$29,2))))),IF(OR(H229=\"SEN\",H229<1995),VLOOKUP(I229,Feuil1!$G$11:$L$25,6),IF(AND(H229>1994,H229<1998),VLOOKUP(I229,Feuil1!$G$11:$L$25,5),IF(AND(H229>1997,H229<2000),VLOOKUP(I229,Feuil1!$G$11:$L$25,4),IF(AND(H229>1999,H229<2002),VLOOKUP(I229,Feuil1!$G$11:$L$25,3),VLOOKUP(I229,Feuil1!$G$11:$L$25,2)))))))","v":"J77"},84.62239932057382,null," ",{"$f":"T229-HLOOKUP(X229,Feuil1!$C$1:$BL$10,2,FALSE)","v":-63},{"$f":"T229-HLOOKUP(X229,Feuil1!$C$1:$BL$10,3,FALSE)","v":-83},{"$f":"T229-HLOOKUP(X229,Feuil1!$C$1:$BL$10,4,FALSE)","v":-103},{"$f":"T229-HLOOKUP(X229,Feuil1!$C$1:$BL$10,5,FALSE)","v":-123},{"$f":"T229-HLOOKUP(X229,Feuil1!$C$1:$BL$10,6,FALSE)","v":-143},{"$f":"T229-HLOOKUP(X229,Feuil1!$C$1:$BL$10,7,FALSE)","v":-173},{"$f":"T229-HLOOKUP(X229,Feuil1!$C$1:$BL$10,8,FALSE)","v":-193},{"$f":"T229-HLOOKUP(X229,Feuil1!$C$1:$BL$10,9,FALSE)","v":-218},{"$f":"T229-HLOOKUP(X229,Feuil1!$C$1:$BL$10,10,FALSE)","v":-9933},null,null,null,null,null,null,"DEB "]
["H","NE","CHA",93,376854,"PRELOT","Corentin",1995,71,"CAD Mourmelon FAC","F",25,30,"-",30,30,-40,-40,30,60,-82,"DEB ",-70,{"$f":"IF(I230=\"\",\"\",IF(A230=\"H\",IF(OR(H230=\"SEN\",H230<1995),VLOOKUP(I230,Feuil1!$A$11:$F$29,6),IF(AND(H230>1994,H230<1998),VLOOKUP(I230,Feuil1!$A$11:$F$29,5),IF(AND(H230>1997,H230<2000),VLOOKUP(I230,Feuil1!$A$11:$F$29,4),IF(AND(H230>1999,H230<2002),VLOOKUP(I230,Feuil1!$A$11:$F$29,3),VLOOKUP(I230,Feuil1!$A$11:$F$29,2))))),IF(OR(H230=\"SEN\",H230<1995),VLOOKUP(I230,Feuil1!$G$11:$L$25,6),IF(AND(H230>1994,H230<1998),VLOOKUP(I230,Feuil1!$G$11:$L$25,5),IF(AND(H230>1997,H230<2000),VLOOKUP(I230,Feuil1!$G$11:$L$25,4),IF(AND(H230>1999,H230<2002),VLOOKUP(I230,Feuil1!$G$11:$L$25,3),VLOOKUP(I230,Feuil1!$G$11:$L$25,2)))))))","v":"J77"},79.275850021788884,null," ",{"$f":"T230-HLOOKUP(X230,Feuil1!$C$1:$BL$10,2,FALSE)","v":-70},{"$f":"T230-HLOOKUP(X230,Feuil1!$C$1:$BL$10,3,FALSE)","v":-90},{"$f":"T230-HLOOKUP(X230,Feuil1!$C$1:$BL$10,4,FALSE)","v":-110},{"$f":"T230-HLOOKUP(X230,Feuil1!$C$1:$BL$10,5,FALSE)","v":-130},{"$f":"T230-HLOOKUP(X230,Feuil1!$C$1:$BL$10,6,FALSE)","v":-150},{"$f":"T230-HLOOKUP(X230,Feuil1!$C$1:$BL$10,7,FALSE)","v":-180},{"$f":"T230-HLOOKUP(X230,Feuil1!$C$1:$BL$10,8,FALSE)","v":-200},{"$f":"T230-HLOOKUP(X230,Feuil1!$C$1:$BL$10,9,FALSE)","v":-225},{"$f":"T230-HLOOKUP(X230,Feuil1!$C$1:$BL$10,10,FALSE)","v":-9940},null,null,null,null,null,null,"DEB "]
[null,null,null,null,null,null,null,null,null,null,null,null,null,null,null,null,null,null,null,null,null,null,null,null,null,null," ",{"$f":"T231-HLOOKUP(X231,[1]Feuil1!$C$1:$BL$10,2,FALSE)","v":{"$error":"#N/A"}},{"$f":"T231-HLOOKUP(X231,[1]Feuil1!$C$1:$BL$10,3,FALSE)","v":{"$error":"#N/A"}},{"$f":"T231-HLOOKUP(X231,[1]Feuil1!$C$1:$BL$10,4,FALSE)","v":{"$error":"#N/A"}},{"$f":"T231-HLOOKUP(X231,[1]Feuil1!$C$1:$BL$10,5,FALSE)","v":{"$error":"#N/A"}},{"$f":"T231-HLOOKUP(X231,[1]Feuil1!$C$1:$BL$10,6,FALSE)","v":{"$error":"#N/A"}},{"$f":"T231-HLOOKUP(X231,[1]Feuil1!$C$1:$BL$10,7,FALSE)","v":{"$error":"#N/A"}},{"$f":"T231-HLOOKUP(X231,[1]Feuil1!$C$1:$BL$10,8,FALSE)","v":{"$error":"#N/A"}},{"$f":"T231-HLOOKUP(X231,[1]Feuil1!$C$1:$BL$10,9,FALSE)","v":{"$error":"#N/A"}},{"$f":"T231-HLOOKUP(X231,[1]Feuil1!$C$1:$BL$10,10,FALSE)","v":{"$error":"#N/A"}},null,null,null,null,null,null,{"$f":"IF(AJ231>=0,$AJ$4,IF(AI231>=0,$AI$4,IF(AH231>=0,$AH$4,IF(AG231>=0,$AG$4,IF(AF231>=0,$AF$4,IF(AE231>=0,$AE$4,IF(AD231>=0,$AD$4,IF(AC231>=0,$AC$4,$AB$4))))))))","v":{"$error":"#N/A"}}]
["H","NORD","NPC",1,288374,"IMADOUCHENE","Romain",1995,80.5,"C.A.ROSENDAEL","F",128,133,138,{"$f":"IF(H232=\"\",\"\",IF(MAXA(L232:N232)<=0,0,MAXA(L232:N232)))","v":138},164,172,-180,{"$f":"IF(H232=\"\",\"\",IF(MAXA(P232:R232)<=0,0,MAXA(P232:R232)))","v":172},{"$f":"IF(H232=\"\",\"\",IF(OR(O232=0,S232=0),0,O232+S232))","v":310},{"$f":"T232-I232*2","v":149},{"$f":"IF(H232=\"\",\"\",AQ232)","v":"INTA +"},{"$f":"IF(AJ232>=0,AJ232,IF(AI232>=0,AI232,IF(AH232>=0,AH232,IF(AG232>=0,AG232,IF(AF232>=0,AF232,IF(AE232>=0,AE232,IF(AD232>=0,AD232,IF(AC232>=0,AC232,AB232))))))))","v":10},{"$f":"IF(I232=\"\",\"\",IF(A232=\"H\",IF(OR(H232=\"SEN\",H232<1995),VLOOKUP(I232,Feuil1!$A$11:$F$29,6),IF(AND(H232>1994,H232<1998),VLOOKUP(I232,Feuil1!$A$11:$F$29,5),IF(AND(H232>1997,H232<2000),VLOOKUP(I232,Feuil1!$A$11:$F$29,4),IF(AND(H232>1999,H232<2002),VLOOKUP(I232,Feuil1!$A$11:$F$29,3),VLOOKUP(I232,Feuil1!$A$11:$F$29,2))))),IF(OR(H232=\"SEN\",H232<1995),VLOOKUP(I232,Feuil1!$G$11:$L$25,6),IF(AND(H232>1994,H232<1998),VLOOKUP(I232,Feuil1!$G$11:$L$25,5),IF(AND(H232>1997,H232<2000),VLOOKUP(I232,Feuil1!$G$11:$L$25,4),IF(AND(H232>1999,H232<2002),VLOOKUP(I232,Feuil1!$G$11:$L$25,3),VLOOKUP(I232,Feuil1!$G$11:$L$25,2)))))))","v":"J85"},{"$f":"IF(I232=\"\",\"\",IF(A232=\"H\",10^(0.794358141*LOG(I232/174.393)^2)*T232,IF(A232=\"F\",10^(0.89726074*LOG(I232/148.026)^2)*T232,\"\")))","v":380.97736176129882},null," ",{"$f":"T232-HLOOKUP(X232,Feuil1!$C$1:$BL$10,2,FALSE)","v":165},{"$f":"T232-HLOOKUP(X232,Feuil1!$C$1:$BL$10,3,FALSE)","v":145},{"$f":"T232-HLOOKUP(X232,Feuil1!$C$1:$BL$10,4,FALSE)","v":125},{"$f":"T232-HLOOKUP(X232,Feuil1!$C$1:$BL$10,5,FALSE)","v":105},{"$f":"T232-HLOOKUP(X232,Feuil1!$C$1:$BL$10,6,FALSE)","v":85},{"$f":"T232-HLOOKUP(X232,Feuil1!$C$1:$BL$10,7,FALSE)","v":60},{"$f":"T232-HLOOKUP(X232,Feuil1!$C$1:$BL$10,8,FALSE)","v":30},{"$f":"T232-HLOOKUP(X232,Feuil1!$C$1:$BL$10,9,FALSE)","v":10},{"$f":"T232-HLOOKUP(X232,Feuil1!$C$1:$BL$10,10,FALSE)","v":-690},null,null,null,null,null,null,{"$f":"IF(AJ232>=0,$AJ$4,IF(AI232>=0,$AI$4,IF(AH232>=0,$AH$4,IF(AG232>=0,$AG$4,IF(AF232>=0,$AF$4,IF(AE232>=0,$AE$4,IF(AD232>=0,$AD$4,IF(AC232>=0,$AC$4,$AB$4))))))))","v":"INTA +"}]
["H","SEST","LAN ",2,312376,"GHAZARYAN","Norik",1995,80.3,"Clermont Sports","Arm",125,135,-140,135,160,167,171,171,306,145.4,"INTA +",6,{"$f":"IF(I233=\"\",\"\",IF(A233=\"H\",IF(OR(H233=\"SEN\",H233<1995),VLOOKUP(I233,Feuil1!$A$11:$F$29,6),IF(AND(H233>1994,H233<1998),VLOOKUP(I233,Feuil1!$A$11:$F$29,5),IF(AND(H233>1997,H233<2000),VLOOKUP(I233,Feuil1!$A$11:$F$29,4),IF(AND(H233>1999,H233<2002),VLOOKUP(I233,Feuil1!$A$11:$F$29,3),VLOOKUP(I233,Feuil1!$A$11:$F$29,2))))),IF(OR(H233=\"SEN\",H233<1995),VLOOKUP(I233,Feuil1!$G$11:$L$25,6),IF(AND(H233>1994,H233<1998),VLOOKUP(I233,Feuil1!$G$11:$L$25,5),IF(AND(H233>1997,H233<2000),VLOOKUP(I233,Feuil1!$G$11:$L$25,4),IF(AND(H233>1999,H233<2002),VLOOKUP(I233,Feuil1!$G$11:$L$25,3),VLOOKUP(I233,Feuil1!$G$11:$L$25,2)))))))","v":"J85"},376.56162899264484,null," ",{"$f":"T233-HLOOKUP(X233,Feuil1!$C$1:$BL$10,2,FALSE)","v":161},{"$f":"T233-HLOOKUP(X233,Feuil1!$C$1:$BL$10,3,FALSE)","v":141},{"$f":"T233-HLOOKUP(X233,Feuil1!$C$1:$BL$10,4,FALSE)","v":121},{"$f":"T233-HLOOKUP(X233,Feuil1!$C$1:$BL$10,5,FALSE)","v":101},{"$f":"T233-HLOOKUP(X233,Feuil1!$C$1:$BL$10,6,FALSE)","v":81},{"$f":"T233-HLOOKUP(X233,Feuil1!$C$1:$BL$10,7,FALSE)","v":56},{"$f":"T233-HLOOKUP(X233,Feuil1!$C$1:$BL$10,8,FALSE)","v":26},{"$f":"T233-HLOOKUP(X233,Feuil1!$C$1:$BL$10,9,FALSE)","v":6},{"$f":"T233-HLOOKUP(X233,Feuil1!$C$1:$BL$10,10,FALSE)","v":-694},null,null,null,null,null,null,"INTA +"]
["H","NE","CHA",3,"192457","VAUTARD ","Brandon",1996,77.8,"Langres HM","F",128,132,135,135,165,-171,-174,165,300,144.4,"INTA +",0,{"$f":"IF(I234=\"\",\"\",IF(A234=\"H\",IF(OR(H234=\"SEN\",H234<1995),VLOOKUP(I234,Feuil1!$A$11:$F$29,6),IF(AND(H234>1994,H234<1998),VLOOKUP(I234,Feuil1!$A$11:$F$29,5),IF(AND(H234>1997,H234<2000),VLOOKUP(I234,Feuil1!$A$11:$F$29,4),IF(AND(H234>1999,H234<2002),VLOOKUP(I234,Feuil1!$A$11:$F$29,3),VLOOKUP(I234,Feuil1!$A$11:$F$29,2))))),IF(OR(H234=\"SEN\",H234<1995),VLOOKUP(I234,Feuil1!$G$11:$L$25,6),IF(AND(H234>1994,H234<1998),VLOOKUP(I234,Feuil1!$G$11:$L$25,5),IF(AND(H234>1997,H234<2000),VLOOKUP(I234,Feuil1!$G$11:$L$25,4),IF(AND(H234>1999,H234<2002),VLOOKUP(I234,Feuil1!$G$11:$L$25,3),VLOOKUP(I234,Feuil1!$G$11:$L$25,2)))))))","v":"J85"},375.60891345105631,null," ",{"$f":"T234-HLOOKUP(X234,Feuil1!$C$1:$BL$10,2,FALSE)","v":155},{"$f":"T234-HLOOKUP(X234,Feuil1!$C$1:$BL$10,3,FALSE)","v":135},{"$f":"T234-HLOOKUP(X234,Feuil1!$C$1:$BL$10,4,FALSE)","v":115},{"$f":"T234-HLOOKUP(X234,Feuil1!$C$1:$BL$10,5,FALSE)","v":95},{"$f":"T234-HLOOKUP(X234,Feuil1!$C$1:$BL$10,6,FALSE)","v":75},{"$f":"T234-HLOOKUP(X234,Feuil1!$C$1:$BL$10,7,FALSE)","v":50},{"$f":"T234-HLOOKUP(X234,Feuil1!$C$1:$BL$10,8,FALSE)","v":20},{"$f":"T234-HLOOKUP(X234,Feuil1!$C$1:$BL$10,9,FALSE)","v":0},{"$f":"T234-HLOOKUP(X234,Feuil1!$C$1:$BL$10,10,FALSE)","v":-700},null,null,null,null,null,null,"INTA +"]
["H","SEST","RAL",4,141368,"MENONI","Enzo",1997,83.05,"A.C. ST MARCELLIN","F",120,127,131,131,142,149,-155,149,280,113.9,"INTB +",0,{"$f":"IF(I235=\"\",\"\",IF(A235=\"H\",IF(OR(H235=\"SEN\",H235<1995),VLOOKUP(I235,Feuil1!$A$11:$F$29,6),IF(AND(H235>1994,H235<1998),VLOOKUP(I235,Feuil1!$A$11:$F$29,5),IF(AND(H235>1997,H235<2000),VLOOKUP(I235,Feuil1!$A$11:$F$29,4),IF(AND(H235>1999,H235<2002),VLOOKUP(I235,Feuil1!$A$11:$F$29,3),VLOOKUP(I235,Feuil1!$A$11:$F$29,2))))),IF(OR(H235=\"SEN\",H235<1995),VLOOKUP(I235,Feuil1!$G$11:$L$25,6),IF(AND(H235>1994,H235<1998),VLOOKUP(I235,Feuil1!$G$11:$L$25,5),IF(AND(H235>1997,H235<2000),VLOOKUP(I235,Feuil1!$G$11:$L$25,4),IF(AND(H235>1999,H235<2002),VLOOKUP(I235,Feuil1!$G$11:$L$25,3),VLOOKUP(I235,Feuil1!$G$11:$L$25,2)))))))","v":"J85"},338.54560967111797,null," ",{"$f":"T235-HLOOKUP(X235,Feuil1!$C$1:$BL$10,2,FALSE)","v":135},{"$f":"T235-HLOOKUP(X235,Feuil1!$C$1:$BL$10,3,FALSE)","v":115},{"$f":"T235-HLOOKUP(X235,Feuil1!$C$1:$BL$10,4,FALSE)","v":95},{"$f":"T235-HLOOKUP(X235,Feuil1!$C$1:$BL$10,5,FALSE)","v":75},{"$f":"T235-HLOOKUP(X235,Feuil1!$C$1:$BL$10,6,FALSE)","v":55},{"$f":"T235-HLOOKUP(X235,Feuil1!$C$1:$BL$10,7,FALSE)","v":30},{"$f":"T235-HLOOKUP(X235,Feuil1!$C$1:$BL$10,8,FALSE)","v":0},{"$f":"T235-HLOOKUP(X235,Feuil1!$C$1:$BL$10,9,FALSE)","v":-20},{"$f":"T235-HLOOKUP(X235,Feuil1!$C$1:$BL$10,10,FALSE)","v":-720},null,null,null,null,null,null,"INTB +"]
["H","SEST","LAN ",5,199415,"BIJJI","Sami",1995,79.599999999999994,"Clermont Sports","F",115,120,123,123,145,150,155,155,278,118.80000000000001,"NAT +",28,{"$f":"IF(I236=\"\",\"\",IF(A236=\"H\",IF(OR(H236=\"SEN\",H236<1995),VLOOKUP(I236,Feuil1!$A$11:$F$29,6),IF(AND(H236>1994,H236<1998),VLOOKUP(I236,Feuil1!$A$11:$F$29,5),IF(AND(H236>1997,H236<2000),VLOOKUP(I236,Feuil1!$A$11:$F$29,4),IF(AND(H236>1999,H236<2002),VLOOKUP(I236,Feuil1!$A$11:$F$29,3),VLOOKUP(I236,Feuil1!$A$11:$F$29,2))))),IF(OR(H236=\"SEN\",H236<1995),VLOOKUP(I236,Feuil1!$G$11:$L$25,6),IF(AND(H236>1994,H236<1998),VLOOKUP(I236,Feuil1!$G$11:$L$25,5),IF(AND(H236>1997,H236<2000),VLOOKUP(I236,Feuil1!$G$11:$L$25,4),IF(AND(H236>1999,H236<2002),VLOOKUP(I236,Feuil1!$G$11:$L$25,3),VLOOKUP(I236,Feuil1!$G$11:$L$25,2)))))))","v":"J85"},343.72065354258342,null," ",{"$f":"T236-HLOOKUP(X236,Feuil1!$C$1:$BL$10,2,FALSE)","v":133},{"$f":"T236-HLOOKUP(X236,Feuil1!$C$1:$BL$10,3,FALSE)","v":113},{"$f":"T236-HLOOKUP(X236,Feuil1!$C$1:$BL$10,4,FALSE)","v":93},{"$f":"T236-HLOOKUP(X236,Feuil1!$C$1:$BL$10,5,FALSE)","v":73},{"$f":"T236-HLOOKUP(X236,Feuil1!$C$1:$BL$10,6,FALSE)","v":53},{"$f":"T236-HLOOKUP(X236,Feuil1!$C$1:$BL$10,7,FALSE)","v":28},{"$f":"T236-HLOOKUP(X236,Feuil1!$C$1:$BL$10,8,FALSE)","v":-2},{"$f":"T236-HLOOKUP(X236,Feuil1!$C$1:$BL$10,9,FALSE)","v":-22},{"$f":"T236-HLOOKUP(X236,Feuil1!$C$1:$BL$10,10,FALSE)","v":-722},null,null,null,null,null,null,"NAT +"]
["H","SO","AQU",6,219860,"JOFFRET","TEDDY",1997,80.650000000000006,"ST MEDARD","F",115,120,-123,120,145,150,156,156,276,114.69999999999999,"NAT +",26,{"$f":"IF(I237=\"\",\"\",IF(A237=\"H\",IF(OR(H237=\"SEN\",H237<1995),VLOOKUP(I237,Feuil1!$A$11:$F$29,6),IF(AND(H237>1994,H237<1998),VLOOKUP(I237,Feuil1!$A$11:$F$29,5),IF(AND(H237>1997,H237<2000),VLOOKUP(I237,Feuil1!$A$11:$F$29,4),IF(AND(H237>1999,H237<2002),VLOOKUP(I237,Feuil1!$A$11:$F$29,3),VLOOKUP(I237,Feuil1!$A$11:$F$29,2))))),IF(OR(H237=\"SEN\",H237<1995),VLOOKUP(I237,Feuil1!$G$11:$L$25,6),IF(AND(H237>1994,H237<1998),VLOOKUP(I237,Feuil1!$G$11:$L$25,5),IF(AND(H237>1997,H237<2000),VLOOKUP(I237,Feuil1!$G$11:$L$25,4),IF(AND(H237>1999,H237<2002),VLOOKUP(I237,Feuil1!$G$11:$L$25,3),VLOOKUP(I237,Feuil1!$G$11:$L$25,2)))))))","v":"J85"},338.85651542335091,null," ",{"$f":"T237-HLOOKUP(X237,Feuil1!$C$1:$BL$10,2,FALSE)","v":131},{"$f":"T237-HLOOKUP(X237,Feuil1!$C$1:$BL$10,3,FALSE)","v":111},{"$f":"T237-HLOOKUP(X237,Feuil1!$C$1:$BL$10,4,FALSE)","v":91},{"$f":"T237-HLOOKUP(X237,Feuil1!$C$1:$BL$10,5,FALSE)","v":71},{"$f":"T237-HLOOKUP(X237,Feuil1!$C$1:$BL$10,6,FALSE)","v":51},{"$f":"T237-HLOOKUP(X237,Feuil1!$C$1:$BL$10,7,FALSE)","v":26},{"$f":"T237-HLOOKUP(X237,Feuil1!$C$1:$BL$10,8,FALSE)","v":-4},{"$f":"T237-HLOOKUP(X237,Feuil1!$C$1:$BL$10,9,FALSE)","v":-24},{"$f":"T237-HLOOKUP(X237,Feuil1!$C$1:$BL$10,10,FALSE)","v":-724},null,null,null,null,null,null,"NAT +"]
["H","NE","CHA",7,246713,"COLOMBO ","Ludwig",1995,79,"Reims HM","F",113,118,121,121,145,150,154,154,275,117,"NAT +",25,{"$f":"IF(I238=\"\",\"\",IF(A238=\"H\",IF(OR(H238=\"SEN\",H238<1995),VLOOKUP(I238,Feuil1!$A$11:$F$29,6),IF(AND(H238>1994,H238<1998),VLOOKUP(I238,Feuil1!$A$11:$F$29,5),IF(AND(H238>1997,H238<2000),VLOOKUP(I238,Feuil1!$A$11:$F$29,4),IF(AND(H238>1999,H238<2002),VLOOKUP(I238,Feuil1!$A$11:$F$29,3),VLOOKUP(I238,Feuil1!$A$11:$F$29,2))))),IF(OR(H238=\"SEN\",H238<1995),VLOOKUP(I238,Feuil1!$G$11:$L$25,6),IF(AND(H238>1994,H238<1998),VLOOKUP(I238,Feuil1!$G$11:$L$25,5),IF(AND(H238>1997,H238<2000),VLOOKUP(I238,Feuil1!$G$11:$L$25,4),IF(AND(H238>1999,H238<2002),VLOOKUP(I238,Feuil1!$G$11:$L$25,3),VLOOKUP(I238,Feuil1!$G$11:$L$25,2)))))))","v":"J85"},341.41318129342022,null," ",{"$f":"T238-HLOOKUP(X238,Feuil1!$C$1:$BL$10,2,FALSE)","v":130},{"$f":"T238-HLOOKUP(X238,Feuil1!$C$1:$BL$10,3,FALSE)","v":110},{"$f":"T238-HLOOKUP(X238,Feuil1!$C$1:$BL$10,4,FALSE)","v":90},{"$f":"T238-HLOOKUP(X238,Feuil1!$C$1:$BL$10,5,FALSE)","v":70},{"$f":"T238-HLOOKUP(X238,Feuil1!$C$1:$BL$10,6,FALSE)","v":50},{"$f":"T238-HLOOKUP(X238,Feuil1!$C$1:$BL$10,7,FALSE)","v":25},{"$f":"T238-HLOOKUP(X238,Feuil1!$C$1:$BL$10,8,FALSE)","v":-5},{"$f":"T238-HLOOKUP(X238,Feuil1!$C$1:$BL$10,9,FALSE)","v":-25},{"$f":"T238-HLOOKUP(X238,Feuil1!$C$1:$BL$10,10,FALSE)","v":-725},null,null,null,null,null,null,"NAT +"]
["H","NE","ALS",8,264848,"ELAFATI","MEHDI",1996,77.2,"ASPTT Strasbourg","F",110,-116,117,117,140,148,-151,148,265,110.6,"NAT +",15,{"$f":"IF(I239=\"\",\"\",IF(A239=\"H\",IF(OR(H239=\"SEN\",H239<1995),VLOOKUP(I239,Feuil1!$A$11:$F$29,6),IF(AND(H239>1994,H239<1998),VLOOKUP(I239,Feuil1!$A$11:$F$29,5),IF(AND(H239>1997,H239<2000),VLOOKUP(I239,Feuil1!$A$11:$F$29,4),IF(AND(H239>1999,H239<2002),VLOOKUP(I239,Feuil1!$A$11:$F$29,3),VLOOKUP(I239,Feuil1!$A$11:$F$29,2))))),IF(OR(H239=\"SEN\",H239<1995),VLOOKUP(I239,Feuil1!$G$11:$L$25,6),IF(AND(H239>1994,H239<1998),VLOOKUP(I239,Feuil1!$G$11:$L$25,5),IF(AND(H239>1997,H239<2000),VLOOKUP(I239,Feuil1!$G$11:$L$25,4),IF(AND(H239>1999,H239<2002),VLOOKUP(I239,Feuil1!$G$11:$L$25,3),VLOOKUP(I239,Feuil1!$G$11:$L$25,2)))))))","v":"J85"},333.22841830555677,null," ",{"$f":"T239-HLOOKUP(X239,Feuil1!$C$1:$BL$10,2,FALSE)","v":120},{"$f":"T239-HLOOKUP(X239,Feuil1!$C$1:$BL$10,3,FALSE)","v":100},{"$f":"T239-HLOOKUP(X239,Feuil1!$C$1:$BL$10,4,FALSE)","v":80},{"$f":"T239-HLOOKUP(X239,Feuil1!$C$1:$BL$10,5,FALSE)","v":60},{"$f":"T239-HLOOKUP(X239,Feuil1!$C$1:$BL$10,6,FALSE)","v":40},{"$f":"T239-HLOOKUP(X239,Feuil1!$C$1:$BL$10,7,FALSE)","v":15},{"$f":"T239-HLOOKUP(X239,Feuil1!$C$1:$BL$10,8,FALSE)","v":-15},{"$f":"T239-HLOOKUP(X239,Feuil1!$C$1:$BL$10,9,FALSE)","v":-35},{"$f":"T239-HLOOKUP(X239,Feuil1!$C$1:$BL$10,10,FALSE)","v":-735},null,null,null,null,null,null,"NAT +"]
["H","N","IDF",9,183839,"ANGOT","ALEXIS",1995,81.400000000000006,"PONTOISE","F",107,113,118,118,-126,126,135,135,253,90.199999999999989,"NAT +",3,{"$f":"IF(I240=\"\",\"\",IF(A240=\"H\",IF(OR(H240=\"SEN\",H240<1995),VLOOKUP(I240,Feuil1!$A$11:$F$29,6),IF(AND(H240>1994,H240<1998),VLOOKUP(I240,Feuil1!$A$11:$F$29,5),IF(AND(H240>1997,H240<2000),VLOOKUP(I240,Feuil1!$A$11:$F$29,4),IF(AND(H240>1999,H240<2002),VLOOKUP(I240,Feuil1!$A$11:$F$29,3),VLOOKUP(I240,Feuil1!$A$11:$F$29,2))))),IF(OR(H240=\"SEN\",H240<1995),VLOOKUP(I240,Feuil1!$G$11:$L$25,6),IF(AND(H240>1994,H240<1998),VLOOKUP(I240,Feuil1!$G$11:$L$25,5),IF(AND(H240>1997,H240<2000),VLOOKUP(I240,Feuil1!$G$11:$L$25,4),IF(AND(H240>1999,H240<2002),VLOOKUP(I240,Feuil1!$G$11:$L$25,3),VLOOKUP(I240,Feuil1!$G$11:$L$25,2)))))))","v":"J85"},309.10145985348657,null," ",{"$f":"T240-HLOOKUP(X240,Feuil1!$C$1:$BL$10,2,FALSE)","v":108},{"$f":"T240-HLOOKUP(X240,Feuil1!$C$1:$BL$10,3,FALSE)","v":88},{"$f":"T240-HLOOKUP(X240,Feuil1!$C$1:$BL$10,4,FALSE)","v":68},{"$f":"T240-HLOOKUP(X240,Feuil1!$C$1:$BL$10,5,FALSE)","v":48},{"$f":"T240-HLOOKUP(X240,Feuil1!$C$1:$BL$10,6,FALSE)","v":28},{"$f":"T240-HLOOKUP(X240,Feuil1!$C$1:$BL$10,7,FALSE)","v":3},{"$f":"T240-HLOOKUP(X240,Feuil1!$C$1:$BL$10,8,FALSE)","v":-27},{"$f":"T240-HLOOKUP(X240,Feuil1!$C$1:$BL$10,9,FALSE)","v":-47},{"$f":"T240-HLOOKUP(X240,Feuil1!$C$1:$BL$10,10,FALSE)","v":-747},null,null,null,null,null,null,"NAT +"]
["H","NE","BOU",10,211151,"GVOZDENOVIC","Michel",1997,84.85,"HMDB21","f",100,-110,-110,100,130,140,-150,140,240,70.300000000000011,"FED +",15,{"$f":"IF(I241=\"\",\"\",IF(A241=\"H\",IF(OR(H241=\"SEN\",H241<1995),VLOOKUP(I241,Feuil1!$A$11:$F$29,6),IF(AND(H241>1994,H241<1998),VLOOKUP(I241,Feuil1!$A$11:$F$29,5),IF(AND(H241>1997,H241<2000),VLOOKUP(I241,Feuil1!$A$11:$F$29,4),IF(AND(H241>1999,H241<2002),VLOOKUP(I241,Feuil1!$A$11:$F$29,3),VLOOKUP(I241,Feuil1!$A$11:$F$29,2))))),IF(OR(H241=\"SEN\",H241<1995),VLOOKUP(I241,Feuil1!$G$11:$L$25,6),IF(AND(H241>1994,H241<1998),VLOOKUP(I241,Feuil1!$G$11:$L$25,5),IF(AND(H241>1997,H241<2000),VLOOKUP(I241,Feuil1!$G$11:$L$25,4),IF(AND(H241>1999,H241<2002),VLOOKUP(I241,Feuil1!$G$11:$L$25,3),VLOOKUP(I241,Feuil1!$G$11:$L$25,2)))))))","v":"J85"},287.05998834926521,null," ",{"$f":"T241-HLOOKUP(X241,Feuil1!$C$1:$BL$10,2,FALSE)","v":95},{"$f":"T241-HLOOKUP(X241,Feuil1!$C$1:$BL$10,3,FALSE)","v":75},{"$f":"T241-HLOOKUP(X241,Feuil1!$C$1:$BL$10,4,FALSE)","v":55},{"$f":"T241-HLOOKUP(X241,Feuil1!$C$1:$BL$10,5,FALSE)","v":35},{"$f":"T241-HLOOKUP(X241,Feuil1!$C$1:$BL$10,6,FALSE)","v":15},{"$f":"T241-HLOOKUP(X241,Feuil1!$C$1:$BL$10,7,FALSE)","v":-10},{"$f":"T241-HLOOKUP(X241,Feuil1!$C$1:$BL$10,8,FALSE)","v":-40},{"$f":"T241-HLOOKUP(X241,Feuil1!$C$1:$BL$10,9,FALSE)","v":-60},{"$f":"T241-HLOOKUP(X241,Feuil1!$C$1:$BL$10,10,FALSE)","v":-760},null,null,null,null,null,null,"FED +"]
["H","NE","ALS",11,299294,"CASPAR","PAUL",1996,80.3,"Les 225","F",92,96,100,100,118,122,125,125,225,64.400000000000006,"FED +",0,{"$f":"IF(I242=\"\",\"\",IF(A242=\"H\",IF(OR(H242=\"SEN\",H242<1995),VLOOKUP(I242,Feuil1!$A$11:$F$29,6),IF(AND(H242>1994,H242<1998),VLOOKUP(I242,Feuil1!$A$11:$F$29,5),IF(AND(H242>1997,H242<2000),VLOOKUP(I242,Feuil1!$A$11:$F$29,4),IF(AND(H242>1999,H242<2002),VLOOKUP(I242,Feuil1!$A$11:$F$29,3),VLOOKUP(I242,Feuil1!$A$11:$F$29,2))))),IF(OR(H242=\"SEN\",H242<1995),VLOOKUP(I242,Feuil1!$G$11:$L$25,6),IF(AND(H242>1994,H242<1998),VLOOKUP(I242,Feuil1!$G$11:$L$25,5),IF(AND(H242>1997,H242<2000),VLOOKUP(I242,Feuil1!$G$11:$L$25,4),IF(AND(H242>1999,H242<2002),VLOOKUP(I242,Feuil1!$G$11:$L$25,3),VLOOKUP(I242,Feuil1!$G$11:$L$25,2)))))))","v":"J85"},276.88355072988594,null," ",{"$f":"T242-HLOOKUP(X242,Feuil1!$C$1:$BL$10,2,FALSE)","v":80},{"$f":"T242-HLOOKUP(X242,Feuil1!$C$1:$BL$10,3,FALSE)","v":60},{"$f":"T242-HLOOKUP(X242,Feuil1!$C$1:$BL$10,4,FALSE)","v":40},{"$f":"T242-HLOOKUP(X242,Feuil1!$C$1:$BL$10,5,FALSE)","v":20},{"$f":"T242-HLOOKUP(X242,Feuil1!$C$1:$BL$10,6,FALSE)","v":0},{"$f":"T242-HLOOKUP(X242,Feuil1!$C$1:$BL$10,7,FALSE)","v":-25},{"$f":"T242-HLOOKUP(X242,Feuil1!$C$1:$BL$10,8,FALSE)","v":-55},{"$f":"T242-HLOOKUP(X242,Feuil1!$C$1:$BL$10,9,FALSE)","v":-75},{"$f":"T242-HLOOKUP(X242,Feuil1!$C$1:$BL$10,10,FALSE)","v":-775},null,null,null,null,null,null,"FED +"]
["H","SEST","CAZ",12,231902,"CINQUIN","Raphael",1995,81.7,"E.S. VILLENEUVE LOUBET","F",97,101,-104,101,110,115,120,120,221,57.599999999999994,"IRG +",16,{"$f":"IF(I243=\"\",\"\",IF(A243=\"H\",IF(OR(H243=\"SEN\",H243<1995),VLOOKUP(I243,Feuil1!$A$11:$F$29,6),IF(AND(H243>1994,H243<1998),VLOOKUP(I243,Feuil1!$A$11:$F$29,5),IF(AND(H243>1997,H243<2000),VLOOKUP(I243,Feuil1!$A$11:$F$29,4),IF(AND(H243>1999,H243<2002),VLOOKUP(I243,Feuil1!$A$11:$F$29,3),VLOOKUP(I243,Feuil1!$A$11:$F$29,2))))),IF(OR(H243=\"SEN\",H243<1995),VLOOKUP(I243,Feuil1!$G$11:$L$25,6),IF(AND(H243>1994,H243<1998),VLOOKUP(I243,Feuil1!$G$11:$L$25,5),IF(AND(H243>1997,H243<2000),VLOOKUP(I243,Feuil1!$G$11:$L$25,4),IF(AND(H243>1999,H243<2002),VLOOKUP(I243,Feuil1!$G$11:$L$25,3),VLOOKUP(I243,Feuil1!$G$11:$L$25,2)))))))","v":"J85"},269.48520631487673,null," ",{"$f":"T243-HLOOKUP(X243,Feuil1!$C$1:$BL$10,2,FALSE)","v":76},{"$f":"T243-HLOOKUP(X243,Feuil1!$C$1:$BL$10,3,FALSE)","v":56},{"$f":"T243-HLOOKUP(X243,Feuil1!$C$1:$BL$10,4,FALSE)","v":36},{"$f":"T243-HLOOKUP(X243,Feuil1!$C$1:$BL$10,5,FALSE)","v":16},{"$f":"T243-HLOOKUP(X243,Feuil1!$C$1:$BL$10,6,FALSE)","v":-4},{"$f":"T243-HLOOKUP(X243,Feuil1!$C$1:$BL$10,7,FALSE)","v":-29},{"$f":"T243-HLOOKUP(X243,Feuil1!$C$1:$BL$10,8,FALSE)","v":-59},{"$f":"T243-HLOOKUP(X243,Feuil1!$C$1:$BL$10,9,FALSE)","v":-79},{"$f":"T243-HLOOKUP(X243,Feuil1!$C$1:$BL$10,10,FALSE)","v":-779},null,null,null,null,null,null,"IRG +"]
["H","NORD","PIC",13,339414,"LEMERCIER","Corentin",1996,77.900000000000006,"La Ferté Milon CMHM","F",95,100,-105,100,110,120,-125,120,220,64.199999999999989,"IRG +",15,{"$f":"IF(I244=\"\",\"\",IF(A244=\"H\",IF(OR(H244=\"SEN\",H244<1995),VLOOKUP(I244,Feuil1!$A$11:$F$29,6),IF(AND(H244>1994,H244<1998),VLOOKUP(I244,Feuil1!$A$11:$F$29,5),IF(AND(H244>1997,H244<2000),VLOOKUP(I244,Feuil1!$A$11:$F$29,4),IF(AND(H244>1999,H244<2002),VLOOKUP(I244,Feuil1!$A$11:$F$29,3),VLOOKUP(I244,Feuil1!$A$11:$F$29,2))))),IF(OR(H244=\"SEN\",H244<1995),VLOOKUP(I244,Feuil1!$G$11:$L$25,6),IF(AND(H244>1994,H244<1998),VLOOKUP(I244,Feuil1!$G$11:$L$25,5),IF(AND(H244>1997,H244<2000),VLOOKUP(I244,Feuil1!$G$11:$L$25,4),IF(AND(H244>1999,H244<2002),VLOOKUP(I244,Feuil1!$G$11:$L$25,3),VLOOKUP(I244,Feuil1!$G$11:$L$25,2)))))))","v":"J85"},275.24971460175931,null," ",{"$f":"T244-HLOOKUP(X244,Feuil1!$C$1:$BL$10,2,FALSE)","v":75},{"$f":"T244-HLOOKUP(X244,Feuil1!$C$1:$BL$10,3,FALSE)","v":55},{"$f":"T244-HLOOKUP(X244,Feuil1!$C$1:$BL$10,4,FALSE)","v":35},{"$f":"T244-HLOOKUP(X244,Feuil1!$C$1:$BL$10,5,FALSE)","v":15},{"$f":"T244-HLOOKUP(X244,Feuil1!$C$1:$BL$10,6,FALSE)","v":-5},{"$f":"T244-HLOOKUP(X244,Feuil1!$C$1:$BL$10,7,FALSE)","v":-30},{"$f":"T244-HLOOKUP(X244,Feuil1!$C$1:$BL$10,8,FALSE)","v":-60},{"$f":"T244-HLOOKUP(X244,Feuil1!$C$1:$BL$10,9,FALSE)","v":-80},{"$f":"T244-HLOOKUP(X244,Feuil1!$C$1:$BL$10,10,FALSE)","v":-780},null,null,null,null,null,null,"IRG +"]
["H","NORD","NPC",14,195298,"GATNER","Arthur",1995,77.099999999999994,"LOMME","F",97,101,-103,101,117,-121,"-",117,218,63.800000000000011,"IRG +",13,{"$f":"IF(I245=\"\",\"\",IF(A245=\"H\",IF(OR(H245=\"SEN\",H245<1995),VLOOKUP(I245,Feuil1!$A$11:$F$29,6),IF(AND(H245>1994,H245<1998),VLOOKUP(I245,Feuil1!$A$11:$F$29,5),IF(AND(H245>1997,H245<2000),VLOOKUP(I245,Feuil1!$A$11:$F$29,4),IF(AND(H245>1999,H245<2002),VLOOKUP(I245,Feuil1!$A$11:$F$29,3),VLOOKUP(I245,Feuil1!$A$11:$F$29,2))))),IF(OR(H245=\"SEN\",H245<1995),VLOOKUP(I245,Feuil1!$G$11:$L$25,6),IF(AND(H245>1994,H245<1998),VLOOKUP(I245,Feuil1!$G$11:$L$25,5),IF(AND(H245>1997,H245<2000),VLOOKUP(I245,Feuil1!$G$11:$L$25,4),IF(AND(H245>1999,H245<2002),VLOOKUP(I245,Feuil1!$G$11:$L$25,3),VLOOKUP(I245,Feuil1!$G$11:$L$25,2)))))))","v":"J85"},274.32754364527216,null," ",{"$f":"T245-HLOOKUP(X245,Feuil1!$C$1:$BL$10,2,FALSE)","v":73},{"$f":"T245-HLOOKUP(X245,Feuil1!$C$1:$BL$10,3,FALSE)","v":53},{"$f":"T245-HLOOKUP(X245,Feuil1!$C$1:$BL$10,4,FALSE)","v":33},{"$f":"T245-HLOOKUP(X245,Feuil1!$C$1:$BL$10,5,FALSE)","v":13},{"$f":"T245-HLOOKUP(X245,Feuil1!$C$1:$BL$10,6,FALSE)","v":-7},{"$f":"T245-HLOOKUP(X245,Feuil1!$C$1:$BL$10,7,FALSE)","v":-32},{"$f":"T245-HLOOKUP(X245,Feuil1!$C$1:$BL$10,8,FALSE)","v":-62},{"$f":"T245-HLOOKUP(X245,Feuil1!$C$1:$BL$10,9,FALSE)","v":-82},{"$f":"T245-HLOOKUP(X245,Feuil1!$C$1:$BL$10,10,FALSE)","v":-782},null,null,null,null,null,null,"IRG +"]
["H","SO","MPY",15,227534,"DESTRUEL","Nicolas",1995,80.7,"FIGEAC HC","F",90,95,100,100,110,-115,118,118,218,56.599999999999994,"IRG +",13,{"$f":"IF(I246=\"\",\"\",IF(A246=\"H\",IF(OR(H246=\"SEN\",H246<1995),VLOOKUP(I246,Feuil1!$A$11:$F$29,6),IF(AND(H246>1994,H246<1998),VLOOKUP(I246,Feuil1!$A$11:$F$29,5),IF(AND(H246>1997,H246<2000),VLOOKUP(I246,Feuil1!$A$11:$F$29,4),IF(AND(H246>1999,H246<2002),VLOOKUP(I246,Feuil1!$A$11:$F$29,3),VLOOKUP(I246,Feuil1!$A$11:$F$29,2))))),IF(OR(H246=\"SEN\",H246<1995),VLOOKUP(I246,Feuil1!$G$11:$L$25,6),IF(AND(H246>1994,H246<1998),VLOOKUP(I246,Feuil1!$G$11:$L$25,5),IF(AND(H246>1997,H246<2000),VLOOKUP(I246,Feuil1!$G$11:$L$25,4),IF(AND(H246>1999,H246<2002),VLOOKUP(I246,Feuil1!$G$11:$L$25,3),VLOOKUP(I246,Feuil1!$G$11:$L$25,2)))))))","v":"J85"},267.55932270188367,null," ",{"$f":"T246-HLOOKUP(X246,Feuil1!$C$1:$BL$10,2,FALSE)","v":73},{"$f":"T246-HLOOKUP(X246,Feuil1!$C$1:$BL$10,3,FALSE)","v":53},{"$f":"T246-HLOOKUP(X246,Feuil1!$C$1:$BL$10,4,FALSE)","v":33},{"$f":"T246-HLOOKUP(X246,Feuil1!$C$1:$BL$10,5,FALSE)","v":13},{"$f":"T246-HLOOKUP(X246,Feuil1!$C$1:$BL$10,6,FALSE)","v":-7},{"$f":"T246-HLOOKUP(X246,Feuil1!$C$1:$BL$10,7,FALSE)","v":-32},{"$f":"T246-HLOOKUP(X246,Feuil1!$C$1:$BL$10,8,FALSE)","v":-62},{"$f":"T246-HLOOKUP(X246,Feuil1!$C$1:$BL$10,9,FALSE)","v":-82},{"$f":"T246-HLOOKUP(X246,Feuil1!$C$1:$BL$10,10,FALSE)","v":-782},null,null,null,null,null,null,"IRG +"]
["H","NORD","NPC",16,338801,"HAYNAU","Aurélien",1995,80.3,"C.A.ROSENDAEL","F",85,90,93,93,112,115,120,120,213,52.400000000000006,"IRG +",8,{"$f":"IF(I247=\"\",\"\",IF(A247=\"H\",IF(OR(H247=\"SEN\",H247<1995),VLOOKUP(I247,Feuil1!$A$11:$F$29,6),IF(AND(H247>1994,H247<1998),VLOOKUP(I247,Feuil1!$A$11:$F$29,5),IF(AND(H247>1997,H247<2000),VLOOKUP(I247,Feuil1!$A$11:$F$29,4),IF(AND(H247>1999,H247<2002),VLOOKUP(I247,Feuil1!$A$11:$F$29,3),VLOOKUP(I247,Feuil1!$A$11:$F$29,2))))),IF(OR(H247=\"SEN\",H247<1995),VLOOKUP(I247,Feuil1!$G$11:$L$25,6),IF(AND(H247>1994,H247<1998),VLOOKUP(I247,Feuil1!$G$11:$L$25,5),IF(AND(H247>1997,H247<2000),VLOOKUP(I247,Feuil1!$G$11:$L$25,4),IF(AND(H247>1999,H247<2002),VLOOKUP(I247,Feuil1!$G$11:$L$25,3),VLOOKUP(I247,Feuil1!$G$11:$L$25,2)))))))","v":"J85"},262.11642802429202,null," ",{"$f":"T247-HLOOKUP(X247,Feuil1!$C$1:$BL$10,2,FALSE)","v":68},{"$f":"T247-HLOOKUP(X247,Feuil1!$C$1:$BL$10,3,FALSE)","v":48},{"$f":"T247-HLOOKUP(X247,Feuil1!$C$1:$BL$10,4,FALSE)","v":28},{"$f":"T247-HLOOKUP(X247,Feuil1!$C$1:$BL$10,5,FALSE)","v":8},{"$f":"T247-HLOOKUP(X247,Feuil1!$C$1:$BL$10,6,FALSE)","v":-12},{"$f":"T247-HLOOKUP(X247,Feuil1!$C$1:$BL$10,7,FALSE)","v":-37},{"$f":"T247-HLOOKUP(X247,Feuil1!$C$1:$BL$10,8,FALSE)","v":-67},{"$f":"T247-HLOOKUP(X247,Feuil1!$C$1:$BL$10,9,FALSE)","v":-87},{"$f":"T247-HLOOKUP(X247,Feuil1!$C$1:$BL$10,10,FALSE)","v":-787},null,null,null,null,null,null,"IRG +"]
["H","NE","CHA",17,160082,"DUCOURTY ","Florentin",1995,77.3,"Reims HM","F",92,-96,-99,92,115,120,-125,120,212,57.400000000000006,"IRG +",7,{"$f":"IF(I248=\"\",\"\",IF(A248=\"H\",IF(OR(H248=\"SEN\",H248<1995),VLOOKUP(I248,Feuil1!$A$11:$F$29,6),IF(AND(H248>1994,H248<1998),VLOOKUP(I248,Feuil1!$A$11:$F$29,5),IF(AND(H248>1997,H248<2000),VLOOKUP(I248,Feuil1!$A$11:$F$29,4),IF(AND(H248>1999,H248<2002),VLOOKUP(I248,Feuil1!$A$11:$F$29,3),VLOOKUP(I248,Feuil1!$A$11:$F$29,2))))),IF(OR(H248=\"SEN\",H248<1995),VLOOKUP(I248,Feuil1!$G$11:$L$25,6),IF(AND(H248>1994,H248<1998),VLOOKUP(I248,Feuil1!$G$11:$L$25,5),IF(AND(H248>1997,H248<2000),VLOOKUP(I248,Feuil1!$G$11:$L$25,4),IF(AND(H248>1999,H248<2002),VLOOKUP(I248,Feuil1!$G$11:$L$25,3),VLOOKUP(I248,Feuil1!$G$11:$L$25,2)))))))","v":"J85"},266.38892654485522,null," ",{"$f":"T248-HLOOKUP(X248,Feuil1!$C$1:$BL$10,2,FALSE)","v":67},{"$f":"T248-HLOOKUP(X248,Feuil1!$C$1:$BL$10,3,FALSE)","v":47},{"$f":"T248-HLOOKUP(X248,Feuil1!$C$1:$BL$10,4,FALSE)","v":27},{"$f":"T248-HLOOKUP(X248,Feuil1!$C$1:$BL$10,5,FALSE)","v":7},{"$f":"T248-HLOOKUP(X248,Feuil1!$C$1:$BL$10,6,FALSE)","v":-13},{"$f":"T248-HLOOKUP(X248,Feuil1!$C$1:$BL$10,7,FALSE)","v":-38},{"$f":"T248-HLOOKUP(X248,Feuil1!$C$1:$BL$10,8,FALSE)","v":-68},{"$f":"T248-HLOOKUP(X248,Feuil1!$C$1:$BL$10,9,FALSE)","v":-88},{"$f":"T248-HLOOKUP(X248,Feuil1!$C$1:$BL$10,10,FALSE)","v":-788},null,null,null,null,null,null,"IRG +"]
["H","NORD","NPC",18,245572,"CAURA","Benjamin",1995,81.599999999999994,"ST POL SUR MER","F",90,95,-100,95,112,117,-120,117,212,48.800000000000011,"IRG +",7,{"$f":"IF(I249=\"\",\"\",IF(A249=\"H\",IF(OR(H249=\"SEN\",H249<1995),VLOOKUP(I249,Feuil1!$A$11:$F$29,6),IF(AND(H249>1994,H249<1998),VLOOKUP(I249,Feuil1!$A$11:$F$29,5),IF(AND(H249>1997,H249<2000),VLOOKUP(I249,Feuil1!$A$11:$F$29,4),IF(AND(H249>1999,H249<2002),VLOOKUP(I249,Feuil1!$A$11:$F$29,3),VLOOKUP(I249,Feuil1!$A$11:$F$29,2))))),IF(OR(H249=\"SEN\",H249<1995),VLOOKUP(I249,Feuil1!$G$11:$L$25,6),IF(AND(H249>1994,H249<1998),VLOOKUP(I249,Feuil1!$G$11:$L$25,5),IF(AND(H249>1997,H249<2000),VLOOKUP(I249,Feuil1!$G$11:$L$25,4),IF(AND(H249>1999,H249<2002),VLOOKUP(I249,Feuil1!$G$11:$L$25,3),VLOOKUP(I249,Feuil1!$G$11:$L$25,2)))))))","v":"J85"},258.67652428830098,null," ",{"$f":"T249-HLOOKUP(X249,Feuil1!$C$1:$BL$10,2,FALSE)","v":67},{"$f":"T249-HLOOKUP(X249,Feuil1!$C$1:$BL$10,3,FALSE)","v":47},{"$f":"T249-HLOOKUP(X249,Feuil1!$C$1:$BL$10,4,FALSE)","v":27},{"$f":"T249-HLOOKUP(X249,Feuil1!$C$1:$BL$10,5,FALSE)","v":7},{"$f":"T249-HLOOKUP(X249,Feuil1!$C$1:$BL$10,6,FALSE)","v":-13},{"$f":"T249-HLOOKUP(X249,Feuil1!$C$1:$BL$10,7,FALSE)","v":-38},{"$f":"T249-HLOOKUP(X249,Feuil1!$C$1:$BL$10,8,FALSE)","v":-68},{"$f":"T249-HLOOKUP(X249,Feuil1!$C$1:$BL$10,9,FALSE)","v":-88},{"$f":"T249-HLOOKUP(X249,Feuil1!$C$1:$BL$10,10,FALSE)","v":-788},null,null,null,null,null,null,"IRG +"]
["H","NORD","NPC",19,396724,"HALLANI","Mehdi",1997,82.4,"ASPTT LILLE","F",-90,90,-100,90,110,115,122,122,212,47.199999999999989,"IRG +",7,{"$f":"IF(I250=\"\",\"\",IF(A250=\"H\",IF(OR(H250=\"SEN\",H250<1995),VLOOKUP(I250,Feuil1!$A$11:$F$29,6),IF(AND(H250>1994,H250<1998),VLOOKUP(I250,Feuil1!$A$11:$F$29,5),IF(AND(H250>1997,H250<2000),VLOOKUP(I250,Feuil1!$A$11:$F$29,4),IF(AND(H250>1999,H250<2002),VLOOKUP(I250,Feuil1!$A$11:$F$29,3),VLOOKUP(I250,Feuil1!$A$11:$F$29,2))))),IF(OR(H250=\"SEN\",H250<1995),VLOOKUP(I250,Feuil1!$G$11:$L$25,6),IF(AND(H250>1994,H250<1998),VLOOKUP(I250,Feuil1!$G$11:$L$25,5),IF(AND(H250>1997,H250<2000),VLOOKUP(I250,Feuil1!$G$11:$L$25,4),IF(AND(H250>1999,H250<2002),VLOOKUP(I250,Feuil1!$G$11:$L$25,3),VLOOKUP(I250,Feuil1!$G$11:$L$25,2)))))))","v":"J85"},257.36588308556748,null," ",{"$f":"T250-HLOOKUP(X250,Feuil1!$C$1:$BL$10,2,FALSE)","v":67},{"$f":"T250-HLOOKUP(X250,Feuil1!$C$1:$BL$10,3,FALSE)","v":47},{"$f":"T250-HLOOKUP(X250,Feuil1!$C$1:$BL$10,4,FALSE)","v":27},{"$f":"T250-HLOOKUP(X250,Feuil1!$C$1:$BL$10,5,FALSE)","v":7},{"$f":"T250-HLOOKUP(X250,Feuil1!$C$1:$BL$10,6,FALSE)","v":-13},{"$f":"T250-HLOOKUP(X250,Feuil1!$C$1:$BL$10,7,FALSE)","v":-38},{"$f":"T250-HLOOKUP(X250,Feuil1!$C$1:$BL$10,8,FALSE)","v":-68},{"$f":"T250-HLOOKUP(X250,Feuil1!$C$1:$BL$10,9,FALSE)","v":-88},{"$f":"T250-HLOOKUP(X250,Feuil1!$C$1:$BL$10,10,FALSE)","v":-788},null,null,null,null,null,null,"IRG +"]
["H","SO","MPY",20,377267,"GASCA","Clément",1996,78.900000000000006,"TARBES CUTPH","F",-85,85,93,93,110,-112,112,112,205,47.199999999999989,"IRG +",0,{"$f":"IF(I251=\"\",\"\",IF(A251=\"H\",IF(OR(H251=\"SEN\",H251<1995),VLOOKUP(I251,Feuil1!$A$11:$F$29,6),IF(AND(H251>1994,H251<1998),VLOOKUP(I251,Feuil1!$A$11:$F$29,5),IF(AND(H251>1997,H251<2000),VLOOKUP(I251,Feuil1!$A$11:$F$29,4),IF(AND(H251>1999,H251<2002),VLOOKUP(I251,Feuil1!$A$11:$F$29,3),VLOOKUP(I251,Feuil1!$A$11:$F$29,2))))),IF(OR(H251=\"SEN\",H251<1995),VLOOKUP(I251,Feuil1!$G$11:$L$25,6),IF(AND(H251>1994,H251<1998),VLOOKUP(I251,Feuil1!$G$11:$L$25,5),IF(AND(H251>1997,H251<2000),VLOOKUP(I251,Feuil1!$G$11:$L$25,4),IF(AND(H251>1999,H251<2002),VLOOKUP(I251,Feuil1!$G$11:$L$25,3),VLOOKUP(I251,Feuil1!$G$11:$L$25,2)))))))","v":"J85"},254.68433858927932,null," ",{"$f":"T251-HLOOKUP(X251,Feuil1!$C$1:$BL$10,2,FALSE)","v":60},{"$f":"T251-HLOOKUP(X251,Feuil1!$C$1:$BL$10,3,FALSE)","v":40},{"$f":"T251-HLOOKUP(X251,Feuil1!$C$1:$BL$10,4,FALSE)","v":20},{"$f":"T251-HLOOKUP(X251,Feuil1!$C$1:$BL$10,5,FALSE)","v":0},{"$f":"T251-HLOOKUP(X251,Feuil1!$C$1:$BL$10,6,FALSE)","v":-20},{"$f":"T251-HLOOKUP(X251,Feuil1!$C$1:$BL$10,7,FALSE)","v":-45},{"$f":"T251-HLOOKUP(X251,Feuil1!$C$1:$BL$10,8,FALSE)","v":-75},{"$f":"T251-HLOOKUP(X251,Feuil1!$C$1:$BL$10,9,FALSE)","v":-95},{"$f":"T251-HLOOKUP(X251,Feuil1!$C$1:$BL$10,10,FALSE)","v":-795},null,null,null,null,null,null,"IRG +"]
["H","NE","LOR",21,266300,"THOMASSON","Loïc",1996,81.900000000000006,"E.S.LANEUVEVILLOISE","F",80,85,90,90,105,110,-115,110,200,36.199999999999989,"REG +",15,{"$f":"IF(I252=\"\",\"\",IF(A252=\"H\",IF(OR(H252=\"SEN\",H252<1995),VLOOKUP(I252,Feuil1!$A$11:$F$29,6),IF(AND(H252>1994,H252<1998),VLOOKUP(I252,Feuil1!$A$11:$F$29,5),IF(AND(H252>1997,H252<2000),VLOOKUP(I252,Feuil1!$A$11:$F$29,4),IF(AND(H252>1999,H252<2002),VLOOKUP(I252,Feuil1!$A$11:$F$29,3),VLOOKUP(I252,Feuil1!$A$11:$F$29,2))))),IF(OR(H252=\"SEN\",H252<1995),VLOOKUP(I252,Feuil1!$G$11:$L$25,6),IF(AND(H252>1994,H252<1998),VLOOKUP(I252,Feuil1!$G$11:$L$25,5),IF(AND(H252>1997,H252<2000),VLOOKUP(I252,Feuil1!$G$11:$L$25,4),IF(AND(H252>1999,H252<2002),VLOOKUP(I252,Feuil1!$G$11:$L$25,3),VLOOKUP(I252,Feuil1!$G$11:$L$25,2)))))))","v":"J85"},243.56675798707536,null," ",{"$f":"T252-HLOOKUP(X252,Feuil1!$C$1:$BL$10,2,FALSE)","v":55},{"$f":"T252-HLOOKUP(X252,Feuil1!$C$1:$BL$10,3,FALSE)","v":35},{"$f":"T252-HLOOKUP(X252,Feuil1!$C$1:$BL$10,4,FALSE)","v":15},{"$f":"T252-HLOOKUP(X252,Feuil1!$C$1:$BL$10,5,FALSE)","v":-5},{"$f":"T252-HLOOKUP(X252,Feuil1!$C$1:$BL$10,6,FALSE)","v":-25},{"$f":"T252-HLOOKUP(X252,Feuil1!$C$1:$BL$10,7,FALSE)","v":-50},{"$f":"T252-HLOOKUP(X252,Feuil1!$C$1:$BL$10,8,FALSE)","v":-80},{"$f":"T252-HLOOKUP(X252,Feuil1!$C$1:$BL$10,9,FALSE)","v":-100},{"$f":"T252-HLOOKUP(X252,Feuil1!$C$1:$BL$10,10,FALSE)","v":-800},null,null,null,null,null,null,"REG +"]
["H","NORD","NPC",22,245570,"DEVEMY","Cédric",1995,82.7,"ST POL SUR MER","F",85,89,91,91,100,105,-108,105,196,30.599999999999994,"REG +",11,{"$f":"IF(I253=\"\",\"\",IF(A253=\"H\",IF(OR(H253=\"SEN\",H253<1995),VLOOKUP(I253,Feuil1!$A$11:$F$29,6),IF(AND(H253>1994,H253<1998),VLOOKUP(I253,Feuil1!$A$11:$F$29,5),IF(AND(H253>1997,H253<2000),VLOOKUP(I253,Feuil1!$A$11:$F$29,4),IF(AND(H253>1999,H253<2002),VLOOKUP(I253,Feuil1!$A$11:$F$29,3),VLOOKUP(I253,Feuil1!$A$11:$F$29,2))))),IF(OR(H253=\"SEN\",H253<1995),VLOOKUP(I253,Feuil1!$G$11:$L$25,6),IF(AND(H253>1994,H253<1998),VLOOKUP(I253,Feuil1!$G$11:$L$25,5),IF(AND(H253>1997,H253<2000),VLOOKUP(I253,Feuil1!$G$11:$L$25,4),IF(AND(H253>1999,H253<2002),VLOOKUP(I253,Feuil1!$G$11:$L$25,3),VLOOKUP(I253,Feuil1!$G$11:$L$25,2)))))))","v":"J85"},237.49623469820912,null," ",{"$f":"T253-HLOOKUP(X253,Feuil1!$C$1:$BL$10,2,FALSE)","v":51},{"$f":"T253-HLOOKUP(X253,Feuil1!$C$1:$BL$10,3,FALSE)","v":31},{"$f":"T253-HLOOKUP(X253,Feuil1!$C$1:$BL$10,4,FALSE)","v":11},{"$f":"T253-HLOOKUP(X253,Feuil1!$C$1:$BL$10,5,FALSE)","v":-9},{"$f":"T253-HLOOKUP(X253,Feuil1!$C$1:$BL$10,6,FALSE)","v":-29},{"$f":"T253-HLOOKUP(X253,Feuil1!$C$1:$BL$10,7,FALSE)","v":-54},{"$f":"T253-HLOOKUP(X253,Feuil1!$C$1:$BL$10,8,FALSE)","v":-84},{"$f":"T253-HLOOKUP(X253,Feuil1!$C$1:$BL$10,9,FALSE)","v":-104},{"$f":"T253-HLOOKUP(X253,Feuil1!$C$1:$BL$10,10,FALSE)","v":-804},null,null,null,null,null,null,"REG +"]
["H","NORD","NPC",23,280899,"HAMILL","Cormac",1995,78.5,"C.A.ROSENDAEL","F",75,80,83,83,100,105,110,110,193,36,"REG +",8,{"$f":"IF(I254=\"\",\"\",IF(A254=\"H\",IF(OR(H254=\"SEN\",H254<1995),VLOOKUP(I254,Feuil1!$A$11:$F$29,6),IF(AND(H254>1994,H254<1998),VLOOKUP(I254,Feuil1!$A$11:$F$29,5),IF(AND(H254>1997,H254<2000),VLOOKUP(I254,Feuil1!$A$11:$F$29,4),IF(AND(H254>1999,H254<2002),VLOOKUP(I254,Feuil1!$A$11:$F$29,3),VLOOKUP(I254,Feuil1!$A$11:$F$29,2))))),IF(OR(H254=\"SEN\",H254<1995),VLOOKUP(I254,Feuil1!$G$11:$L$25,6),IF(AND(H254>1994,H254<1998),VLOOKUP(I254,Feuil1!$G$11:$L$25,5),IF(AND(H254>1997,H254<2000),VLOOKUP(I254,Feuil1!$G$11:$L$25,4),IF(AND(H254>1999,H254<2002),VLOOKUP(I254,Feuil1!$G$11:$L$25,3),VLOOKUP(I254,Feuil1!$G$11:$L$25,2)))))))","v":"J85"},240.44596786497095,null," ",{"$f":"T254-HLOOKUP(X254,Feuil1!$C$1:$BL$10,2,FALSE)","v":48},{"$f":"T254-HLOOKUP(X254,Feuil1!$C$1:$BL$10,3,FALSE)","v":28},{"$f":"T254-HLOOKUP(X254,Feuil1!$C$1:$BL$10,4,FALSE)","v":8},{"$f":"T254-HLOOKUP(X254,Feuil1!$C$1:$BL$10,5,FALSE)","v":-12},{"$f":"T254-HLOOKUP(X254,Feuil1!$C$1:$BL$10,6,FALSE)","v":-32},{"$f":"T254-HLOOKUP(X254,Feuil1!$C$1:$BL$10,7,FALSE)","v":-57},{"$f":"T254-HLOOKUP(X254,Feuil1!$C$1:$BL$10,8,FALSE)","v":-87},{"$f":"T254-HLOOKUP(X254,Feuil1!$C$1:$BL$10,9,FALSE)","v":-107},{"$f":"T254-HLOOKUP(X254,Feuil1!$C$1:$BL$10,10,FALSE)","v":-807},null,null,null,null,null,null,"REG +"]
["H","SEST","LAN ",24,288082,"GARCIA ","Florian",1997,77.099999999999994,"Clermont Sports","F",80,85,-88,85,105,-110,null,105,190,35.800000000000011,"REG +",5,{"$f":"IF(I255=\"\",\"\",IF(A255=\"H\",IF(OR(H255=\"SEN\",H255<1995),VLOOKUP(I255,Feuil1!$A$11:$F$29,6),IF(AND(H255>1994,H255<1998),VLOOKUP(I255,Feuil1!$A$11:$F$29,5),IF(AND(H255>1997,H255<2000),VLOOKUP(I255,Feuil1!$A$11:$F$29,4),IF(AND(H255>1999,H255<2002),VLOOKUP(I255,Feuil1!$A$11:$F$29,3),VLOOKUP(I255,Feuil1!$A$11:$F$29,2))))),IF(OR(H255=\"SEN\",H255<1995),VLOOKUP(I255,Feuil1!$G$11:$L$25,6),IF(AND(H255>1994,H255<1998),VLOOKUP(I255,Feuil1!$G$11:$L$25,5),IF(AND(H255>1997,H255<2000),VLOOKUP(I255,Feuil1!$G$11:$L$25,4),IF(AND(H255>1999,H255<2002),VLOOKUP(I255,Feuil1!$G$11:$L$25,3),VLOOKUP(I255,Feuil1!$G$11:$L$25,2)))))))","v":"J85"},239.09281326881518,null," ",{"$f":"T255-HLOOKUP(X255,Feuil1!$C$1:$BL$10,2,FALSE)","v":45},{"$f":"T255-HLOOKUP(X255,Feuil1!$C$1:$BL$10,3,FALSE)","v":25},{"$f":"T255-HLOOKUP(X255,Feuil1!$C$1:$BL$10,4,FALSE)","v":5},{"$f":"T255-HLOOKUP(X255,Feuil1!$C$1:$BL$10,5,FALSE)","v":-15},{"$f":"T255-HLOOKUP(X255,Feuil1!$C$1:$BL$10,6,FALSE)","v":-35},{"$f":"T255-HLOOKUP(X255,Feuil1!$C$1:$BL$10,7,FALSE)","v":-60},{"$f":"T255-HLOOKUP(X255,Feuil1!$C$1:$BL$10,8,FALSE)","v":-90},{"$f":"T255-HLOOKUP(X255,Feuil1!$C$1:$BL$10,9,FALSE)","v":-110},{"$f":"T255-HLOOKUP(X255,Feuil1!$C$1:$BL$10,10,FALSE)","v":-810},null,null,null,null,null,null,"REG +"]
["H","SO","LIM",25,341840,"WERRO","Romain",1997,79.3,"LIMOGES AVA","CH",78,83,86,86,92,98,103,103,189,30.400000000000006,"REG +",4,{"$f":"IF(I256=\"\",\"\",IF(A256=\"H\",IF(OR(H256=\"SEN\",H256<1995),VLOOKUP(I256,Feuil1!$A$11:$F$29,6),IF(AND(H256>1994,H256<1998),VLOOKUP(I256,Feuil1!$A$11:$F$29,5),IF(AND(H256>1997,H256<2000),VLOOKUP(I256,Feuil1!$A$11:$F$29,4),IF(AND(H256>1999,H256<2002),VLOOKUP(I256,Feuil1!$A$11:$F$29,3),VLOOKUP(I256,Feuil1!$A$11:$F$29,2))))),IF(OR(H256=\"SEN\",H256<1995),VLOOKUP(I256,Feuil1!$G$11:$L$25,6),IF(AND(H256>1994,H256<1998),VLOOKUP(I256,Feuil1!$G$11:$L$25,5),IF(AND(H256>1997,H256<2000),VLOOKUP(I256,Feuil1!$G$11:$L$25,4),IF(AND(H256>1999,H256<2002),VLOOKUP(I256,Feuil1!$G$11:$L$25,3),VLOOKUP(I256,Feuil1!$G$11:$L$25,2)))))))","v":"J85"},234.15971549274363,null," ",{"$f":"T256-HLOOKUP(X256,Feuil1!$C$1:$BL$10,2,FALSE)","v":44},{"$f":"T256-HLOOKUP(X256,Feuil1!$C$1:$BL$10,3,FALSE)","v":24},{"$f":"T256-HLOOKUP(X256,Feuil1!$C$1:$BL$10,4,FALSE)","v":4},{"$f":"T256-HLOOKUP(X256,Feuil1!$C$1:$BL$10,5,FALSE)","v":-16},{"$f":"T256-HLOOKUP(X256,Feuil1!$C$1:$BL$10,6,FALSE)","v":-36},{"$f":"T256-HLOOKUP(X256,Feuil1!$C$1:$BL$10,7,FALSE)","v":-61},{"$f":"T256-HLOOKUP(X256,Feuil1!$C$1:$BL$10,8,FALSE)","v":-91},{"$f":"T256-HLOOKUP(X256,Feuil1!$C$1:$BL$10,9,FALSE)","v":-111},{"$f":"T256-HLOOKUP(X256,Feuil1!$C$1:$BL$10,10,FALSE)","v":-811},null,null,null,null,null,null,"REG +"]
["H","SEST","RAL",26,372604,"MITU ","Daniel",1997,84.8,"Gauloise de Vaise","F",75,82,85,85,-98,98,103,103,188,18.400000000000006,"REG +",3,{"$f":"IF(I257=\"\",\"\",IF(A257=\"H\",IF(OR(H257=\"SEN\",H257<1995),VLOOKUP(I257,Feuil1!$A$11:$F$29,6),IF(AND(H257>1994,H257<1998),VLOOKUP(I257,Feuil1!$A$11:$F$29,5),IF(AND(H257>1997,H257<2000),VLOOKUP(I257,Feuil1!$A$11:$F$29,4),IF(AND(H257>1999,H257<2002),VLOOKUP(I257,Feuil1!$A$11:$F$29,3),VLOOKUP(I257,Feuil1!$A$11:$F$29,2))))),IF(OR(H257=\"SEN\",H257<1995),VLOOKUP(I257,Feuil1!$G$11:$L$25,6),IF(AND(H257>1994,H257<1998),VLOOKUP(I257,Feuil1!$G$11:$L$25,5),IF(AND(H257>1997,H257<2000),VLOOKUP(I257,Feuil1!$G$11:$L$25,4),IF(AND(H257>1999,H257<2002),VLOOKUP(I257,Feuil1!$G$11:$L$25,3),VLOOKUP(I257,Feuil1!$G$11:$L$25,2)))))))","v":"J85"},224.9295790232118,null," ",{"$f":"T257-HLOOKUP(X257,Feuil1!$C$1:$BL$10,2,FALSE)","v":43},{"$f":"T257-HLOOKUP(X257,Feuil1!$C$1:$BL$10,3,FALSE)","v":23},{"$f":"T257-HLOOKUP(X257,Feuil1!$C$1:$BL$10,4,FALSE)","v":3},{"$f":"T257-HLOOKUP(X257,Feuil1!$C$1:$BL$10,5,FALSE)","v":-17},{"$f":"T257-HLOOKUP(X257,Feuil1!$C$1:$BL$10,6,FALSE)","v":-37},{"$f":"T257-HLOOKUP(X257,Feuil1!$C$1:$BL$10,7,FALSE)","v":-62},{"$f":"T257-HLOOKUP(X257,Feuil1!$C$1:$BL$10,8,FALSE)","v":-92},{"$f":"T257-HLOOKUP(X257,Feuil1!$C$1:$BL$10,9,FALSE)","v":-112},{"$f":"T257-HLOOKUP(X257,Feuil1!$C$1:$BL$10,10,FALSE)","v":-812},null,null,null,null,null,null,"REG +"]
["H","SEST","RAL",27,384609,"BELLOD","Alexis",1995,79.2,"Vaulx-en-Velin","F",78,82,-85,82,100,104,-108,104,186,27.599999999999994,"REG +",1,{"$f":"IF(I258=\"\",\"\",IF(A258=\"H\",IF(OR(H258=\"SEN\",H258<1995),VLOOKUP(I258,Feuil1!$A$11:$F$29,6),IF(AND(H258>1994,H258<1998),VLOOKUP(I258,Feuil1!$A$11:$F$29,5),IF(AND(H258>1997,H258<2000),VLOOKUP(I258,Feuil1!$A$11:$F$29,4),IF(AND(H258>1999,H258<2002),VLOOKUP(I258,Feuil1!$A$11:$F$29,3),VLOOKUP(I258,Feuil1!$A$11:$F$29,2))))),IF(OR(H258=\"SEN\",H258<1995),VLOOKUP(I258,Feuil1!$G$11:$L$25,6),IF(AND(H258>1994,H258<1998),VLOOKUP(I258,Feuil1!$G$11:$L$25,5),IF(AND(H258>1997,H258<2000),VLOOKUP(I258,Feuil1!$G$11:$L$25,4),IF(AND(H258>1999,H258<2002),VLOOKUP(I258,Feuil1!$G$11:$L$25,3),VLOOKUP(I258,Feuil1!$G$11:$L$25,2)))))))","v":"J85"},230.60118626462736,null," ",{"$f":"T258-HLOOKUP(X258,Feuil1!$C$1:$BL$10,2,FALSE)","v":41},{"$f":"T258-HLOOKUP(X258,Feuil1!$C$1:$BL$10,3,FALSE)","v":21},{"$f":"T258-HLOOKUP(X258,Feuil1!$C$1:$BL$10,4,FALSE)","v":1},{"$f":"T258-HLOOKUP(X258,Feuil1!$C$1:$BL$10,5,FALSE)","v":-19},{"$f":"T258-HLOOKUP(X258,Feuil1!$C$1:$BL$10,6,FALSE)","v":-39},{"$f":"T258-HLOOKUP(X258,Feuil1!$C$1:$BL$10,7,FALSE)","v":-64},{"$f":"T258-HLOOKUP(X258,Feuil1!$C$1:$BL$10,8,FALSE)","v":-94},{"$f":"T258-HLOOKUP(X258,Feuil1!$C$1:$BL$10,9,FALSE)","v":-114},{"$f":"T258-HLOOKUP(X258,Feuil1!$C$1:$BL$10,10,FALSE)","v":-814},null,null,null,null,null,null,"REG +"]
["H","SO","MPY",28,355103,"L'EXACT","Jean-François",1995,82.72,"TOULOUSE HC","F",75,80,-85,80,97,103,-105,103,183,17.560000000000002,"DEP +",18,{"$f":"IF(I259=\"\",\"\",IF(A259=\"H\",IF(OR(H259=\"SEN\",H259<1995),VLOOKUP(I259,Feuil1!$A$11:$F$29,6),IF(AND(H259>1994,H259<1998),VLOOKUP(I259,Feuil1!$A$11:$F$29,5),IF(AND(H259>1997,H259<2000),VLOOKUP(I259,Feuil1!$A$11:$F$29,4),IF(AND(H259>1999,H259<2002),VLOOKUP(I259,Feuil1!$A$11:$F$29,3),VLOOKUP(I259,Feuil1!$A$11:$F$29,2))))),IF(OR(H259=\"SEN\",H259<1995),VLOOKUP(I259,Feuil1!$G$11:$L$25,6),IF(AND(H259>1994,H259<1998),VLOOKUP(I259,Feuil1!$G$11:$L$25,5),IF(AND(H259>1997,H259<2000),VLOOKUP(I259,Feuil1!$G$11:$L$25,4),IF(AND(H259>1999,H259<2002),VLOOKUP(I259,Feuil1!$G$11:$L$25,3),VLOOKUP(I259,Feuil1!$G$11:$L$25,2)))))))","v":"J85"},221.71633722107174,null," ",{"$f":"T259-HLOOKUP(X259,Feuil1!$C$1:$BL$10,2,FALSE)","v":38},{"$f":"T259-HLOOKUP(X259,Feuil1!$C$1:$BL$10,3,FALSE)","v":18},{"$f":"T259-HLOOKUP(X259,Feuil1!$C$1:$BL$10,4,FALSE)","v":-2},{"$f":"T259-HLOOKUP(X259,Feuil1!$C$1:$BL$10,5,FALSE)","v":-22},{"$f":"T259-HLOOKUP(X259,Feuil1!$C$1:$BL$10,6,FALSE)","v":-42},{"$f":"T259-HLOOKUP(X259,Feuil1!$C$1:$BL$10,7,FALSE)","v":-67},{"$f":"T259-HLOOKUP(X259,Feuil1!$C$1:$BL$10,8,FALSE)","v":-97},{"$f":"T259-HLOOKUP(X259,Feuil1!$C$1:$BL$10,9,FALSE)","v":-117},{"$f":"T259-HLOOKUP(X259,Feuil1!$C$1:$BL$10,10,FALSE)","v":-817},null,null,null,null,null,null,"DEP +"]
["H","N","IDF",29,330531,"AMAZOUZ","MADJID",1996,81.7,"FRANCONVILLE","F",70,-75,75,75,95,105,"-",105,180,16.599999999999994,"DEP +",15,{"$f":"IF(I260=\"\",\"\",IF(A260=\"H\",IF(OR(H260=\"SEN\",H260<1995),VLOOKUP(I260,Feuil1!$A$11:$F$29,6),IF(AND(H260>1994,H260<1998),VLOOKUP(I260,Feuil1!$A$11:$F$29,5),IF(AND(H260>1997,H260<2000),VLOOKUP(I260,Feuil1!$A$11:$F$29,4),IF(AND(H260>1999,H260<2002),VLOOKUP(I260,Feuil1!$A$11:$F$29,3),VLOOKUP(I260,Feuil1!$A$11:$F$29,2))))),IF(OR(H260=\"SEN\",H260<1995),VLOOKUP(I260,Feuil1!$G$11:$L$25,6),IF(AND(H260>1994,H260<1998),VLOOKUP(I260,Feuil1!$G$11:$L$25,5),IF(AND(H260>1997,H260<2000),VLOOKUP(I260,Feuil1!$G$11:$L$25,4),IF(AND(H260>1999,H260<2002),VLOOKUP(I260,Feuil1!$G$11:$L$25,3),VLOOKUP(I260,Feuil1!$G$11:$L$25,2)))))))","v":"J85"},219.4902132881349,null," ",{"$f":"T260-HLOOKUP(X260,Feuil1!$C$1:$BL$10,2,FALSE)","v":35},{"$f":"T260-HLOOKUP(X260,Feuil1!$C$1:$BL$10,3,FALSE)","v":15},{"$f":"T260-HLOOKUP(X260,Feuil1!$C$1:$BL$10,4,FALSE)","v":-5},{"$f":"T260-HLOOKUP(X260,Feuil1!$C$1:$BL$10,5,FALSE)","v":-25},{"$f":"T260-HLOOKUP(X260,Feuil1!$C$1:$BL$10,6,FALSE)","v":-45},{"$f":"T260-HLOOKUP(X260,Feuil1!$C$1:$BL$10,7,FALSE)","v":-70},{"$f":"T260-HLOOKUP(X260,Feuil1!$C$1:$BL$10,8,FALSE)","v":-100},{"$f":"T260-HLOOKUP(X260,Feuil1!$C$1:$BL$10,9,FALSE)","v":-120},{"$f":"T260-HLOOKUP(X260,Feuil1!$C$1:$BL$10,10,FALSE)","v":-820},null,null,null,null,null,null,"DEP +"]
["H","SEST","CAZ",30,339405,"JARNOT","Florian",1997,81.900000000000006,"ASLDD TOULON","F",-75,75,80,80,93,97,100,100,180,16.199999999999989,"DEP +",15,{"$f":"IF(I261=\"\",\"\",IF(A261=\"H\",IF(OR(H261=\"SEN\",H261<1995),VLOOKUP(I261,Feuil1!$A$11:$F$29,6),IF(AND(H261>1994,H261<1998),VLOOKUP(I261,Feuil1!$A$11:$F$29,5),IF(AND(H261>1997,H261<2000),VLOOKUP(I261,Feuil1!$A$11:$F$29,4),IF(AND(H261>1999,H261<2002),VLOOKUP(I261,Feuil1!$A$11:$F$29,3),VLOOKUP(I261,Feuil1!$A$11:$F$29,2))))),IF(OR(H261=\"SEN\",H261<1995),VLOOKUP(I261,Feuil1!$G$11:$L$25,6),IF(AND(H261>1994,H261<1998),VLOOKUP(I261,Feuil1!$G$11:$L$25,5),IF(AND(H261>1997,H261<2000),VLOOKUP(I261,Feuil1!$G$11:$L$25,4),IF(AND(H261>1999,H261<2002),VLOOKUP(I261,Feuil1!$G$11:$L$25,3),VLOOKUP(I261,Feuil1!$G$11:$L$25,2)))))))","v":"J85"},219.21008218836783,null," ",{"$f":"T261-HLOOKUP(X261,Feuil1!$C$1:$BL$10,2,FALSE)","v":35},{"$f":"T261-HLOOKUP(X261,Feuil1!$C$1:$BL$10,3,FALSE)","v":15},{"$f":"T261-HLOOKUP(X261,Feuil1!$C$1:$BL$10,4,FALSE)","v":-5},{"$f":"T261-HLOOKUP(X261,Feuil1!$C$1:$BL$10,5,FALSE)","v":-25},{"$f":"T261-HLOOKUP(X261,Feuil1!$C$1:$BL$10,6,FALSE)","v":-45},{"$f":"T261-HLOOKUP(X261,Feuil1!$C$1:$BL$10,7,FALSE)","v":-70},{"$f":"T261-HLOOKUP(X261,Feuil1!$C$1:$BL$10,8,FALSE)","v":-100},{"$f":"T261-HLOOKUP(X261,Feuil1!$C$1:$BL$10,9,FALSE)","v":-120},{"$f":"T261-HLOOKUP(X261,Feuil1!$C$1:$BL$10,10,FALSE)","v":-820},null,null,null,null,null,null,"DEP +"]
["H","N","IDF",31,336652,"MASCLEF","CORENTIN",1997,83.1,"GENNEVILLIERS","F",75,-80,80,80,95,100,-105,100,180,13.800000000000011,"DEP +",15,{"$f":"IF(I262=\"\",\"\",IF(A262=\"H\",IF(OR(H262=\"SEN\",H262<1995),VLOOKUP(I262,Feuil1!$A$11:$F$29,6),IF(AND(H262>1994,H262<1998),VLOOKUP(I262,Feuil1!$A$11:$F$29,5),IF(AND(H262>1997,H262<2000),VLOOKUP(I262,Feuil1!$A$11:$F$29,4),IF(AND(H262>1999,H262<2002),VLOOKUP(I262,Feuil1!$A$11:$F$29,3),VLOOKUP(I262,Feuil1!$A$11:$F$29,2))))),IF(OR(H262=\"SEN\",H262<1995),VLOOKUP(I262,Feuil1!$G$11:$L$25,6),IF(AND(H262>1994,H262<1998),VLOOKUP(I262,Feuil1!$G$11:$L$25,5),IF(AND(H262>1997,H262<2000),VLOOKUP(I262,Feuil1!$G$11:$L$25,4),IF(AND(H262>1999,H262<2002),VLOOKUP(I262,Feuil1!$G$11:$L$25,3),VLOOKUP(I262,Feuil1!$G$11:$L$25,2)))))))","v":"J85"},217.56945239604823,null," ",{"$f":"T262-HLOOKUP(X262,Feuil1!$C$1:$BL$10,2,FALSE)","v":35},{"$f":"T262-HLOOKUP(X262,Feuil1!$C$1:$BL$10,3,FALSE)","v":15},{"$f":"T262-HLOOKUP(X262,Feuil1!$C$1:$BL$10,4,FALSE)","v":-5},{"$f":"T262-HLOOKUP(X262,Feuil1!$C$1:$BL$10,5,FALSE)","v":-25},{"$f":"T262-HLOOKUP(X262,Feuil1!$C$1:$BL$10,6,FALSE)","v":-45},{"$f":"T262-HLOOKUP(X262,Feuil1!$C$1:$BL$10,7,FALSE)","v":-70},{"$f":"T262-HLOOKUP(X262,Feuil1!$C$1:$BL$10,8,FALSE)","v":-100},{"$f":"T262-HLOOKUP(X262,Feuil1!$C$1:$BL$10,9,FALSE)","v":-120},{"$f":"T262-HLOOKUP(X262,Feuil1!$C$1:$BL$10,10,FALSE)","v":-820},null,null,null,null,null,null,"DEP +"]
["H","NE","ALS",32,226696,"BECKER","CLEMENT",1996,79.7,"ASI Avenir HM","F",65,73,78,78,85,93,98,98,176,16.599999999999994,"DEP +",11,{"$f":"IF(I263=\"\",\"\",IF(A263=\"H\",IF(OR(H263=\"SEN\",H263<1995),VLOOKUP(I263,Feuil1!$A$11:$F$29,6),IF(AND(H263>1994,H263<1998),VLOOKUP(I263,Feuil1!$A$11:$F$29,5),IF(AND(H263>1997,H263<2000),VLOOKUP(I263,Feuil1!$A$11:$F$29,4),IF(AND(H263>1999,H263<2002),VLOOKUP(I263,Feuil1!$A$11:$F$29,3),VLOOKUP(I263,Feuil1!$A$11:$F$29,2))))),IF(OR(H263=\"SEN\",H263<1995),VLOOKUP(I263,Feuil1!$G$11:$L$25,6),IF(AND(H263>1994,H263<1998),VLOOKUP(I263,Feuil1!$G$11:$L$25,5),IF(AND(H263>1997,H263<2000),VLOOKUP(I263,Feuil1!$G$11:$L$25,4),IF(AND(H263>1999,H263<2002),VLOOKUP(I263,Feuil1!$G$11:$L$25,3),VLOOKUP(I263,Feuil1!$G$11:$L$25,2)))))))","v":"J85"},217.45964624314851,null," ",{"$f":"T263-HLOOKUP(X263,Feuil1!$C$1:$BL$10,2,FALSE)","v":31},{"$f":"T263-HLOOKUP(X263,Feuil1!$C$1:$BL$10,3,FALSE)","v":11},{"$f":"T263-HLOOKUP(X263,Feuil1!$C$1:$BL$10,4,FALSE)","v":-9},{"$f":"T263-HLOOKUP(X263,Feuil1!$C$1:$BL$10,5,FALSE)","v":-29},{"$f":"T263-HLOOKUP(X263,Feuil1!$C$1:$BL$10,6,FALSE)","v":-49},{"$f":"T263-HLOOKUP(X263,Feuil1!$C$1:$BL$10,7,FALSE)","v":-74},{"$f":"T263-HLOOKUP(X263,Feuil1!$C$1:$BL$10,8,FALSE)","v":-104},{"$f":"T263-HLOOKUP(X263,Feuil1!$C$1:$BL$10,9,FALSE)","v":-124},{"$f":"T263-HLOOKUP(X263,Feuil1!$C$1:$BL$10,10,FALSE)","v":-824},null,null,null,null,null,null,"DEP +"]
["H","NE","ALS",33,243033,"MULLER","VICTOR",1996,77.400000000000006,"ASI Avenir HM","F",70,75,78,{"$f":"IF(H264=\"\",\"\",IF(MAXA(L264:N264)<=0,0,MAXA(L264:N264)))","v":78},90,95,-100,{"$f":"IF(H264=\"\",\"\",IF(MAXA(P264:R264)<=0,0,MAXA(P264:R264)))","v":95},{"$f":"IF(H264=\"\",\"\",IF(OR(O264=0,S264=0),0,O264+S264))","v":173},{"$f":"T264-I264*2","v":18.199999999999989},{"$f":"IF(H264=\"\",\"\",AQ264)","v":"DEP +"},{"$f":"IF(AJ264>=0,AJ264,IF(AI264>=0,AI264,IF(AH264>=0,AH264,IF(AG264>=0,AG264,IF(AF264>=0,AF264,IF(AE264>=0,AE264,IF(AD264>=0,AD264,IF(AC264>=0,AC264,AB264))))))))","v":8},{"$f":"IF(I264=\"\",\"\",IF(A264=\"H\",IF(OR(H264=\"SEN\",H264<1995),VLOOKUP(I264,Feuil1!$A$11:$F$29,6),IF(AND(H264>1994,H264<1998),VLOOKUP(I264,Feuil1!$A$11:$F$29,5),IF(AND(H264>1997,H264<2000),VLOOKUP(I264,Feuil1!$A$11:$F$29,4),IF(AND(H264>1999,H264<2002),VLOOKUP(I264,Feuil1!$A$11:$F$29,3),VLOOKUP(I264,Feuil1!$A$11:$F$29,2))))),IF(OR(H264=\"SEN\",H264<1995),VLOOKUP(I264,Feuil1!$G$11:$L$25,6),IF(AND(H264>1994,H264<1998),VLOOKUP(I264,Feuil1!$G$11:$L$25,5),IF(AND(H264>1997,H264<2000),VLOOKUP(I264,Feuil1!$G$11:$L$25,4),IF(AND(H264>1999,H264<2002),VLOOKUP(I264,Feuil1!$G$11:$L$25,3),VLOOKUP(I264,Feuil1!$G$11:$L$25,2)))))))","v":"J85"},{"$f":"IF(I264=\"\",\"\",IF(A264=\"H\",10^(0.794358141*LOG(I264/174.393)^2)*T264,IF(A264=\"F\",10^(0.89726074*LOG(I264/148.026)^2)*T264,\"\")))","v":217.22583164365352},null," ",{"$f":"T264-HLOOKUP(X264,Feuil1!$C$1:$BL$10,2,FALSE)","v":28},{"$f":"T264-HLOOKUP(X264,Feuil1!$C$1:$BL$10,3,FALSE)","v":8},{"$f":"T264-HLOOKUP(X264,Feuil1!$C$1:$BL$10,4,FALSE)","v":-12},{"$f":"T264-HLOOKUP(X264,Feuil1!$C$1:$BL$10,5,FALSE)","v":-32},{"$f":"T264-HLOOKUP(X264,Feuil1!$C$1:$BL$10,6,FALSE)","v":-52},{"$f":"T264-HLOOKUP(X264,Feuil1!$C$1:$BL$10,7,FALSE)","v":-77},{"$f":"T264-HLOOKUP(X264,Feuil1!$C$1:$BL$10,8,FALSE)","v":-107},{"$f":"T264-HLOOKUP(X264,Feuil1!$C$1:$BL$10,9,FALSE)","v":-127},{"$f":"T264-HLOOKUP(X264,Feuil1!$C$1:$BL$10,10,FALSE)","v":-827},null,null,null,null,null,null,{"$f":"IF(AJ264>=0,$AJ$4,IF(AI264>=0,$AI$4,IF(AH264>=0,$AH$4,IF(AG264>=0,$AG$4,IF(AF264>=0,$AF$4,IF(AE264>=0,$AE$4,IF(AD264>=0,$AD$4,IF(AC264>=0,$AC$4,$AB$4))))))))","v":"DEP +"}]
["H","SEST","CAZ",34,312877,"GALAND","KEVIN",1995,78.8,"ASLDD TOULON","F",70,-74,-74,70,95,98,-100,98,168,10.400000000000006,"DEP +",3,{"$f":"IF(I265=\"\",\"\",IF(A265=\"H\",IF(OR(H265=\"SEN\",H265<1995),VLOOKUP(I265,Feuil1!$A$11:$F$29,6),IF(AND(H265>1994,H265<1998),VLOOKUP(I265,Feuil1!$A$11:$F$29,5),IF(AND(H265>1997,H265<2000),VLOOKUP(I265,Feuil1!$A$11:$F$29,4),IF(AND(H265>1999,H265<2002),VLOOKUP(I265,Feuil1!$A$11:$F$29,3),VLOOKUP(I265,Feuil1!$A$11:$F$29,2))))),IF(OR(H265=\"SEN\",H265<1995),VLOOKUP(I265,Feuil1!$G$11:$L$25,6),IF(AND(H265>1994,H265<1998),VLOOKUP(I265,Feuil1!$G$11:$L$25,5),IF(AND(H265>1997,H265<2000),VLOOKUP(I265,Feuil1!$G$11:$L$25,4),IF(AND(H265>1999,H265<2002),VLOOKUP(I265,Feuil1!$G$11:$L$25,3),VLOOKUP(I265,Feuil1!$G$11:$L$25,2)))))))","v":"J85"},208.86194176543751,null," ",{"$f":"T265-HLOOKUP(X265,Feuil1!$C$1:$BL$10,2,FALSE)","v":23},{"$f":"T265-HLOOKUP(X265,Feuil1!$C$1:$BL$10,3,FALSE)","v":3},{"$f":"T265-HLOOKUP(X265,Feuil1!$C$1:$BL$10,4,FALSE)","v":-17},{"$f":"T265-HLOOKUP(X265,Feuil1!$C$1:$BL$10,5,FALSE)","v":-37},{"$f":"T265-HLOOKUP(X265,Feuil1!$C$1:$BL$10,6,FALSE)","v":-57},{"$f":"T265-HLOOKUP(X265,Feuil1!$C$1:$BL$10,7,FALSE)","v":-82},{"$f":"T265-HLOOKUP(X265,Feuil1!$C$1:$BL$10,8,FALSE)","v":-112},{"$f":"T265-HLOOKUP(X265,Feuil1!$C$1:$BL$10,9,FALSE)","v":-132},{"$f":"T265-HLOOKUP(X265,Feuil1!$C$1:$BL$10,10,FALSE)","v":-832},null,null,null,null,null,null,"DEP +"]
["H","N","IDF",35,356189,"BARBANEL","ELIAS",1997,83.3,"SAINT-MAUR","F",70,-75,75,75,93,-96,-96,93,168,1.4000000000000057,"DEP +",3,{"$f":"IF(I266=\"\",\"\",IF(A266=\"H\",IF(OR(H266=\"SEN\",H266<1995),VLOOKUP(I266,Feuil1!$A$11:$F$29,6),IF(AND(H266>1994,H266<1998),VLOOKUP(I266,Feuil1!$A$11:$F$29,5),IF(AND(H266>1997,H266<2000),VLOOKUP(I266,Feuil1!$A$11:$F$29,4),IF(AND(H266>1999,H266<2002),VLOOKUP(I266,Feuil1!$A$11:$F$29,3),VLOOKUP(I266,Feuil1!$A$11:$F$29,2))))),IF(OR(H266=\"SEN\",H266<1995),VLOOKUP(I266,Feuil1!$G$11:$L$25,6),IF(AND(H266>1994,H266<1998),VLOOKUP(I266,Feuil1!$G$11:$L$25,5),IF(AND(H266>1997,H266<2000),VLOOKUP(I266,Feuil1!$G$11:$L$25,4),IF(AND(H266>1999,H266<2002),VLOOKUP(I266,Feuil1!$G$11:$L$25,3),VLOOKUP(I266,Feuil1!$G$11:$L$25,2)))))))","v":"J85"},202.81572125598419,null," ",{"$f":"T266-HLOOKUP(X266,Feuil1!$C$1:$BL$10,2,FALSE)","v":23},{"$f":"T266-HLOOKUP(X266,Feuil1!$C$1:$BL$10,3,FALSE)","v":3},{"$f":"T266-HLOOKUP(X266,Feuil1!$C$1:$BL$10,4,FALSE)","v":-17},{"$f":"T266-HLOOKUP(X266,Feuil1!$C$1:$BL$10,5,FALSE)","v":-37},{"$f":"T266-HLOOKUP(X266,Feuil1!$C$1:$BL$10,6,FALSE)","v":-57},{"$f":"T266-HLOOKUP(X266,Feuil1!$C$1:$BL$10,7,FALSE)","v":-82},{"$f":"T266-HLOOKUP(X266,Feuil1!$C$1:$BL$10,8,FALSE)","v":-112},{"$f":"T266-HLOOKUP(X266,Feuil1!$C$1:$BL$10,9,FALSE)","v":-132},{"$f":"T266-HLOOKUP(X266,Feuil1!$C$1:$BL$10,10,FALSE)","v":-832},null,null,null,null,null,null,"DEP +"]
["H","NE","LOR",36,201073,"JOISSAINS","Nicolas",1996,77.099999999999994,"A.O.C.Pte-ROSSELLE","F",65,70,75,75,85,90,-95,90,165,10.800000000000011,"DEP +",0,{"$f":"IF(I267=\"\",\"\",IF(A267=\"H\",IF(OR(H267=\"SEN\",H267<1995),VLOOKUP(I267,Feuil1!$A$11:$F$29,6),IF(AND(H267>1994,H267<1998),VLOOKUP(I267,Feuil1!$A$11:$F$29,5),IF(AND(H267>1997,H267<2000),VLOOKUP(I267,Feuil1!$A$11:$F$29,4),IF(AND(H267>1999,H267<2002),VLOOKUP(I267,Feuil1!$A$11:$F$29,3),VLOOKUP(I267,Feuil1!$A$11:$F$29,2))))),IF(OR(H267=\"SEN\",H267<1995),VLOOKUP(I267,Feuil1!$G$11:$L$25,6),IF(AND(H267>1994,H267<1998),VLOOKUP(I267,Feuil1!$G$11:$L$25,5),IF(AND(H267>1997,H267<2000),VLOOKUP(I267,Feuil1!$G$11:$L$25,4),IF(AND(H267>1999,H267<2002),VLOOKUP(I267,Feuil1!$G$11:$L$25,3),VLOOKUP(I267,Feuil1!$G$11:$L$25,2)))))))","v":"J85"},207.63323257555001,null," ",{"$f":"T267-HLOOKUP(X267,Feuil1!$C$1:$BL$10,2,FALSE)","v":20},{"$f":"T267-HLOOKUP(X267,Feuil1!$C$1:$BL$10,3,FALSE)","v":0},{"$f":"T267-HLOOKUP(X267,Feuil1!$C$1:$BL$10,4,FALSE)","v":-20},{"$f":"T267-HLOOKUP(X267,Feuil1!$C$1:$BL$10,5,FALSE)","v":-40},{"$f":"T267-HLOOKUP(X267,Feuil1!$C$1:$BL$10,6,FALSE)","v":-60},{"$f":"T267-HLOOKUP(X267,Feuil1!$C$1:$BL$10,7,FALSE)","v":-85},{"$f":"T267-HLOOKUP(X267,Feuil1!$C$1:$BL$10,8,FALSE)","v":-115},{"$f":"T267-HLOOKUP(X267,Feuil1!$C$1:$BL$10,9,FALSE)","v":-135},{"$f":"T267-HLOOKUP(X267,Feuil1!$C$1:$BL$10,10,FALSE)","v":-835},null,null,null,null,null,null,"DEP +"]
["H","DOM","GUA",37,313423,"DAUDE","Nathanael",1996,84.5,"EGAFC/Baie Mahault","F",65,70,-75,70,85,90,95,95,165,-4,"DEP +",0,{"$f":"IF(I268=\"\",\"\",IF(A268=\"H\",IF(OR(H268=\"SEN\",H268<1995),VLOOKUP(I268,Feuil1!$A$11:$F$29,6),IF(AND(H268>1994,H268<1998),VLOOKUP(I268,Feuil1!$A$11:$F$29,5),IF(AND(H268>1997,H268<2000),VLOOKUP(I268,Feuil1!$A$11:$F$29,4),IF(AND(H268>1999,H268<2002),VLOOKUP(I268,Feuil1!$A$11:$F$29,3),VLOOKUP(I268,Feuil1!$A$11:$F$29,2))))),IF(OR(H268=\"SEN\",H268<1995),VLOOKUP(I268,Feuil1!$G$11:$L$25,6),IF(AND(H268>1994,H268<1998),VLOOKUP(I268,Feuil1!$G$11:$L$25,5),IF(AND(H268>1997,H268<2000),VLOOKUP(I268,Feuil1!$G$11:$L$25,4),IF(AND(H268>1999,H268<2002),VLOOKUP(I268,Feuil1!$G$11:$L$25,3),VLOOKUP(I268,Feuil1!$G$11:$L$25,2)))))))","v":"J85"},197.7608134966319,null," ",{"$f":"T268-HLOOKUP(X268,Feuil1!$C$1:$BL$10,2,FALSE)","v":20},{"$f":"T268-HLOOKUP(X268,Feuil1!$C$1:$BL$10,3,FALSE)","v":0},{"$f":"T268-HLOOKUP(X268,Feuil1!$C$1:$BL$10,4,FALSE)","v":-20},{"$f":"T268-HLOOKUP(X268,Feuil1!$C$1:$BL$10,5,FALSE)","v":-40},{"$f":"T268-HLOOKUP(X268,Feuil1!$C$1:$BL$10,6,FALSE)","v":-60},{"$f":"T268-HLOOKUP(X268,Feuil1!$C$1:$BL$10,7,FALSE)","v":-85},{"$f":"T268-HLOOKUP(X268,Feuil1!$C$1:$BL$10,8,FALSE)","v":-115},{"$f":"T268-HLOOKUP(X268,Feuil1!$C$1:$BL$10,9,FALSE)","v":-135},{"$f":"T268-HLOOKUP(X268,Feuil1!$C$1:$BL$10,10,FALSE)","v":-835},null,null,null,null,null,null,"DEP +"]
["H","NORD","NPC",38,389324,"CLER","Loïs",1996,77.7,"ASPTT LILLE","F",60,65,70,70,80,85,90,90,160,4.5999999999999943,"DEB ",15,{"$f":"IF(I269=\"\",\"\",IF(A269=\"H\",IF(OR(H269=\"SEN\",H269<1995),VLOOKUP(I269,Feuil1!$A$11:$F$29,6),IF(AND(H269>1994,H269<1998),VLOOKUP(I269,Feuil1!$A$11:$F$29,5),IF(AND(H269>1997,H269<2000),VLOOKUP(I269,Feuil1!$A$11:$F$29,4),IF(AND(H269>1999,H269<2002),VLOOKUP(I269,Feuil1!$A$11:$F$29,3),VLOOKUP(I269,Feuil1!$A$11:$F$29,2))))),IF(OR(H269=\"SEN\",H269<1995),VLOOKUP(I269,Feuil1!$G$11:$L$25,6),IF(AND(H269>1994,H269<1998),VLOOKUP(I269,Feuil1!$G$11:$L$25,5),IF(AND(H269>1997,H269<2000),VLOOKUP(I269,Feuil1!$G$11:$L$25,4),IF(AND(H269>1999,H269<2002),VLOOKUP(I269,Feuil1!$G$11:$L$25,3),VLOOKUP(I269,Feuil1!$G$11:$L$25,2)))))))","v":"J85"},200.46841238671007,null," ",{"$f":"T269-HLOOKUP(X269,Feuil1!$C$1:$BL$10,2,FALSE)","v":15},{"$f":"T269-HLOOKUP(X269,Feuil1!$C$1:$BL$10,3,FALSE)","v":-5},{"$f":"T269-HLOOKUP(X269,Feuil1!$C$1:$BL$10,4,FALSE)","v":-25},{"$f":"T269-HLOOKUP(X269,Feuil1!$C$1:$BL$10,5,FALSE)","v":-45},{"$f":"T269-HLOOKUP(X269,Feuil1!$C$1:$BL$10,6,FALSE)","v":-65},{"$f":"T269-HLOOKUP(X269,Feuil1!$C$1:$BL$10,7,FALSE)","v":-90},{"$f":"T269-HLOOKUP(X269,Feuil1!$C$1:$BL$10,8,FALSE)","v":-120},{"$f":"T269-HLOOKUP(X269,Feuil1!$C$1:$BL$10,9,FALSE)","v":-140},{"$f":"T269-HLOOKUP(X269,Feuil1!$C$1:$BL$10,10,FALSE)","v":-840},null,null,null,null,null,null,"DEB "]
["H","NORD","PIC",39,316387,"CANUT","Marvin",1995,77.84,"La Vaillante Saint Quentin","F",70,75,-80,75,-85,85,-95,85,160,4.3199999999999932,"DEB ",15,{"$f":"IF(I270=\"\",\"\",IF(A270=\"H\",IF(OR(H270=\"SEN\",H270<1995),VLOOKUP(I270,Feuil1!$A$11:$F$29,6),IF(AND(H270>1994,H270<1998),VLOOKUP(I270,Feuil1!$A$11:$F$29,5),IF(AND(H270>1997,H270<2000),VLOOKUP(I270,Feuil1!$A$11:$F$29,4),IF(AND(H270>1999,H270<2002),VLOOKUP(I270,Feuil1!$A$11:$F$29,3),VLOOKUP(I270,Feuil1!$A$11:$F$29,2))))),IF(OR(H270=\"SEN\",H270<1995),VLOOKUP(I270,Feuil1!$G$11:$L$25,6),IF(AND(H270>1994,H270<1998),VLOOKUP(I270,Feuil1!$G$11:$L$25,5),IF(AND(H270>1997,H270<2000),VLOOKUP(I270,Feuil1!$G$11:$L$25,4),IF(AND(H270>1999,H270<2002),VLOOKUP(I270,Feuil1!$G$11:$L$25,3),VLOOKUP(I270,Feuil1!$G$11:$L$25,2)))))))","v":"J85"},200.26743484262857,null," ",{"$f":"T270-HLOOKUP(X270,Feuil1!$C$1:$BL$10,2,FALSE)","v":15},{"$f":"T270-HLOOKUP(X270,Feuil1!$C$1:$BL$10,3,FALSE)","v":-5},{"$f":"T270-HLOOKUP(X270,Feuil1!$C$1:$BL$10,4,FALSE)","v":-25},{"$f":"T270-HLOOKUP(X270,Feuil1!$C$1:$BL$10,5,FALSE)","v":-45},{"$f":"T270-HLOOKUP(X270,Feuil1!$C$1:$BL$10,6,FALSE)","v":-65},{"$f":"T270-HLOOKUP(X270,Feuil1!$C$1:$BL$10,7,FALSE)","v":-90},{"$f":"T270-HLOOKUP(X270,Feuil1!$C$1:$BL$10,8,FALSE)","v":-120},{"$f":"T270-HLOOKUP(X270,Feuil1!$C$1:$BL$10,9,FALSE)","v":-140},{"$f":"T270-HLOOKUP(X270,Feuil1!$C$1:$BL$10,10,FALSE)","v":-840},null,null,null,null,null,null,"DEB "]
["H","NE","ALS",40,212649,"EL GHOUL","MOHAMED",1995,83.7,"SA Koenigshoffen","F",68,73,-76,73,87,-92,-92,87,160,-7.4000000000000057,"DEB ",15,{"$f":"IF(I271=\"\",\"\",IF(A271=\"H\",IF(OR(H271=\"SEN\",H271<1995),VLOOKUP(I271,Feuil1!$A$11:$F$29,6),IF(AND(H271>1994,H271<1998),VLOOKUP(I271,Feuil1!$A$11:$F$29,5),IF(AND(H271>1997,H271<2000),VLOOKUP(I271,Feuil1!$A$11:$F$29,4),IF(AND(H271>1999,H271<2002),VLOOKUP(I271,Feuil1!$A$11:$F$29,3),VLOOKUP(I271,Feuil1!$A$11:$F$29,2))))),IF(OR(H271=\"SEN\",H271<1995),VLOOKUP(I271,Feuil1!$G$11:$L$25,6),IF(AND(H271>1994,H271<1998),VLOOKUP(I271,Feuil1!$G$11:$L$25,5),IF(AND(H271>1997,H271<2000),VLOOKUP(I271,Feuil1!$G$11:$L$25,4),IF(AND(H271>1999,H271<2002),VLOOKUP(I271,Feuil1!$G$11:$L$25,3),VLOOKUP(I271,Feuil1!$G$11:$L$25,2)))))))","v":"J85"},192.68821418735098,null," ",{"$f":"T271-HLOOKUP(X271,Feuil1!$C$1:$BL$10,2,FALSE)","v":15},{"$f":"T271-HLOOKUP(X271,Feuil1!$C$1:$BL$10,3,FALSE)","v":-5},{"$f":"T271-HLOOKUP(X271,Feuil1!$C$1:$BL$10,4,FALSE)","v":-25},{"$f":"T271-HLOOKUP(X271,Feuil1!$C$1:$BL$10,5,FALSE)","v":-45},{"$f":"T271-HLOOKUP(X271,Feuil1!$C$1:$BL$10,6,FALSE)","v":-65},{"$f":"T271-HLOOKUP(X271,Feuil1!$C$1:$BL$10,7,FALSE)","v":-90},{"$f":"T271-HLOOKUP(X271,Feuil1!$C$1:$BL$10,8,FALSE)","v":-120},{"$f":"T271-HLOOKUP(X271,Feuil1!$C$1:$BL$10,9,FALSE)","v":-140},{"$f":"T271-HLOOKUP(X271,Feuil1!$C$1:$BL$10,10,FALSE)","v":-840},null,null,null,null,null,null,"DEB "]
["H","NE","ALS",41,296019,"DEGRUTTOLA","ROMAIN",1997,77.599999999999994,"US Wittenheim","F",70,74,-77,74,80,85,-90,85,159,3.8000000000000114,"DEB ",14,{"$f":"IF(I272=\"\",\"\",IF(A272=\"H\",IF(OR(H272=\"SEN\",H272<1995),VLOOKUP(I272,Feuil1!$A$11:$F$29,6),IF(AND(H272>1994,H272<1998),VLOOKUP(I272,Feuil1!$A$11:$F$29,5),IF(AND(H272>1997,H272<2000),VLOOKUP(I272,Feuil1!$A$11:$F$29,4),IF(AND(H272>1999,H272<2002),VLOOKUP(I272,Feuil1!$A$11:$F$29,3),VLOOKUP(I272,Feuil1!$A$11:$F$29,2))))),IF(OR(H272=\"SEN\",H272<1995),VLOOKUP(I272,Feuil1!$G$11:$L$25,6),IF(AND(H272>1994,H272<1998),VLOOKUP(I272,Feuil1!$G$11:$L$25,5),IF(AND(H272>1997,H272<2000),VLOOKUP(I272,Feuil1!$G$11:$L$25,4),IF(AND(H272>1999,H272<2002),VLOOKUP(I272,Feuil1!$G$11:$L$25,3),VLOOKUP(I272,Feuil1!$G$11:$L$25,2)))))))","v":"J85"},199.35875990024218,null," ",{"$f":"T272-HLOOKUP(X272,Feuil1!$C$1:$BL$10,2,FALSE)","v":14},{"$f":"T272-HLOOKUP(X272,Feuil1!$C$1:$BL$10,3,FALSE)","v":-6},{"$f":"T272-HLOOKUP(X272,Feuil1!$C$1:$BL$10,4,FALSE)","v":-26},{"$f":"T272-HLOOKUP(X272,Feuil1!$C$1:$BL$10,5,FALSE)","v":-46},{"$f":"T272-HLOOKUP(X272,Feuil1!$C$1:$BL$10,6,FALSE)","v":-66},{"$f":"T272-HLOOKUP(X272,Feuil1!$C$1:$BL$10,7,FALSE)","v":-91},{"$f":"T272-HLOOKUP(X272,Feuil1!$C$1:$BL$10,8,FALSE)","v":-121},{"$f":"T272-HLOOKUP(X272,Feuil1!$C$1:$BL$10,9,FALSE)","v":-141},{"$f":"T272-HLOOKUP(X272,Feuil1!$C$1:$BL$10,10,FALSE)","v":-841},null,null,null,null,null,null,"DEB "]
["H","NORD","PIC",42,246884,"LEROUGE","Ludovic",1996,84,"Péronne AAEEP","F",62,-67,67,67,82,87,90,90,157,-11,"DEB ",12,{"$f":"IF(I273=\"\",\"\",IF(A273=\"H\",IF(OR(H273=\"SEN\",H273<1995),VLOOKUP(I273,Feuil1!$A$11:$F$29,6),IF(AND(H273>1994,H273<1998),VLOOKUP(I273,Feuil1!$A$11:$F$29,5),IF(AND(H273>1997,H273<2000),VLOOKUP(I273,Feuil1!$A$11:$F$29,4),IF(AND(H273>1999,H273<2002),VLOOKUP(I273,Feuil1!$A$11:$F$29,3),VLOOKUP(I273,Feuil1!$A$11:$F$29,2))))),IF(OR(H273=\"SEN\",H273<1995),VLOOKUP(I273,Feuil1!$G$11:$L$25,6),IF(AND(H273>1994,H273<1998),VLOOKUP(I273,Feuil1!$G$11:$L$25,5),IF(AND(H273>1997,H273<2000),VLOOKUP(I273,Feuil1!$G$11:$L$25,4),IF(AND(H273>1999,H273<2002),VLOOKUP(I273,Feuil1!$G$11:$L$25,3),VLOOKUP(I273,Feuil1!$G$11:$L$25,2)))))))","v":"J85"},188.73382575450427,null," ",{"$f":"T273-HLOOKUP(X273,Feuil1!$C$1:$BL$10,2,FALSE)","v":12},{"$f":"T273-HLOOKUP(X273,Feuil1!$C$1:$BL$10,3,FALSE)","v":-8},{"$f":"T273-HLOOKUP(X273,Feuil1!$C$1:$BL$10,4,FALSE)","v":-28},{"$f":"T273-HLOOKUP(X273,Feuil1!$C$1:$BL$10,5,FALSE)","v":-48},{"$f":"T273-HLOOKUP(X273,Feuil1!$C$1:$BL$10,6,FALSE)","v":-68},{"$f":"T273-HLOOKUP(X273,Feuil1!$C$1:$BL$10,7,FALSE)","v":-93},{"$f":"T273-HLOOKUP(X273,Feuil1!$C$1:$BL$10,8,FALSE)","v":-123},{"$f":"T273-HLOOKUP(X273,Feuil1!$C$1:$BL$10,9,FALSE)","v":-143},{"$f":"T273-HLOOKUP(X273,Feuil1!$C$1:$BL$10,10,FALSE)","v":-843},null,null,null,null,null,null,"DEB "]
["H","DOM","REU",43,271872,"CALPETARD","MATTHIEU",1995,78.7,"CH TAMPON","F",65,70,75,75,80,-85,-86,80,155,-2.4000000000000057,"DEB ",10,{"$f":"IF(I274=\"\",\"\",IF(A274=\"H\",IF(OR(H274=\"SEN\",H274<1995),VLOOKUP(I274,Feuil1!$A$11:$F$29,6),IF(AND(H274>1994,H274<1998),VLOOKUP(I274,Feuil1!$A$11:$F$29,5),IF(AND(H274>1997,H274<2000),VLOOKUP(I274,Feuil1!$A$11:$F$29,4),IF(AND(H274>1999,H274<2002),VLOOKUP(I274,Feuil1!$A$11:$F$29,3),VLOOKUP(I274,Feuil1!$A$11:$F$29,2))))),IF(OR(H274=\"SEN\",H274<1995),VLOOKUP(I274,Feuil1!$G$11:$L$25,6),IF(AND(H274>1994,H274<1998),VLOOKUP(I274,Feuil1!$G$11:$L$25,5),IF(AND(H274>1997,H274<2000),VLOOKUP(I274,Feuil1!$G$11:$L$25,4),IF(AND(H274>1999,H274<2002),VLOOKUP(I274,Feuil1!$G$11:$L$25,3),VLOOKUP(I274,Feuil1!$G$11:$L$25,2)))))))","v":"J85"},192.83428181745313,null," ",{"$f":"T274-HLOOKUP(X274,Feuil1!$C$1:$BL$10,2,FALSE)","v":10},{"$f":"T274-HLOOKUP(X274,Feuil1!$C$1:$BL$10,3,FALSE)","v":-10},{"$f":"T274-HLOOKUP(X274,Feuil1!$C$1:$BL$10,4,FALSE)","v":-30},{"$f":"T274-HLOOKUP(X274,Feuil1!$C$1:$BL$10,5,FALSE)","v":-50},{"$f":"T274-HLOOKUP(X274,Feuil1!$C$1:$BL$10,6,FALSE)","v":-70},{"$f":"T274-HLOOKUP(X274,Feuil1!$C$1:$BL$10,7,FALSE)","v":-95},{"$f":"T274-HLOOKUP(X274,Feuil1!$C$1:$BL$10,8,FALSE)","v":-125},{"$f":"T274-HLOOKUP(X274,Feuil1!$C$1:$BL$10,9,FALSE)","v":-145},{"$f":"T274-HLOOKUP(X274,Feuil1!$C$1:$BL$10,10,FALSE)","v":-845},null,null,null,null,null,null,"DEB "]
["H","SO","MPY",44,376751,"OCHIRBAT","Suchochir",1995,82.8,"PAMIERS HC","MGL",-60,60,65,65,80,85,90,90,155,-10.599999999999994,"DEB ",10,{"$f":"IF(I275=\"\",\"\",IF(A275=\"H\",IF(OR(H275=\"SEN\",H275<1995),VLOOKUP(I275,Feuil1!$A$11:$F$29,6),IF(AND(H275>1994,H275<1998),VLOOKUP(I275,Feuil1!$A$11:$F$29,5),IF(AND(H275>1997,H275<2000),VLOOKUP(I275,Feuil1!$A$11:$F$29,4),IF(AND(H275>1999,H275<2002),VLOOKUP(I275,Feuil1!$A$11:$F$29,3),VLOOKUP(I275,Feuil1!$A$11:$F$29,2))))),IF(OR(H275=\"SEN\",H275<1995),VLOOKUP(I275,Feuil1!$G$11:$L$25,6),IF(AND(H275>1994,H275<1998),VLOOKUP(I275,Feuil1!$G$11:$L$25,5),IF(AND(H275>1997,H275<2000),VLOOKUP(I275,Feuil1!$G$11:$L$25,4),IF(AND(H275>1999,H275<2002),VLOOKUP(I275,Feuil1!$G$11:$L$25,3),VLOOKUP(I275,Feuil1!$G$11:$L$25,2)))))))","v":"J85"},187.69919192718382,null," ",{"$f":"T275-HLOOKUP(X275,Feuil1!$C$1:$BL$10,2,FALSE)","v":10},{"$f":"T275-HLOOKUP(X275,Feuil1!$C$1:$BL$10,3,FALSE)","v":-10},{"$f":"T275-HLOOKUP(X275,Feuil1!$C$1:$BL$10,4,FALSE)","v":-30},{"$f":"T275-HLOOKUP(X275,Feuil1!$C$1:$BL$10,5,FALSE)","v":-50},{"$f":"T275-HLOOKUP(X275,Feuil1!$C$1:$BL$10,6,FALSE)","v":-70},{"$f":"T275-HLOOKUP(X275,Feuil1!$C$1:$BL$10,7,FALSE)","v":-95},{"$f":"T275-HLOOKUP(X275,Feuil1!$C$1:$BL$10,8,FALSE)","v":-125},{"$f":"T275-HLOOKUP(X275,Feuil1!$C$1:$BL$10,9,FALSE)","v":-145},{"$f":"T275-HLOOKUP(X275,Feuil1!$C$1:$BL$10,10,FALSE)","v":-845},null,null,null,null,null,null,"DEB "]
["H","CO","PDL",45,277175,"ORHANT","BRYAN",1997,83.8,"CJF LAVAL/VOUTRÉ","F",-60,60,64,64,80,84,87,87,151,-16.599999999999994,"DEB ",6,{"$f":"IF(I276=\"\",\"\",IF(A276=\"H\",IF(OR(H276=\"SEN\",H276<1995),VLOOKUP(I276,Feuil1!$A$11:$F$29,6),IF(AND(H276>1994,H276<1998),VLOOKUP(I276,Feuil1!$A$11:$F$29,5),IF(AND(H276>1997,H276<2000),VLOOKUP(I276,Feuil1!$A$11:$F$29,4),IF(AND(H276>1999,H276<2002),VLOOKUP(I276,Feuil1!$A$11:$F$29,3),VLOOKUP(I276,Feuil1!$A$11:$F$29,2))))),IF(OR(H276=\"SEN\",H276<1995),VLOOKUP(I276,Feuil1!$G$11:$L$25,6),IF(AND(H276>1994,H276<1998),VLOOKUP(I276,Feuil1!$G$11:$L$25,5),IF(AND(H276>1997,H276<2000),VLOOKUP(I276,Feuil1!$G$11:$L$25,4),IF(AND(H276>1999,H276<2002),VLOOKUP(I276,Feuil1!$G$11:$L$25,3),VLOOKUP(I276,Feuil1!$G$11:$L$25,2)))))))","v":"J85"},181.73964903296854,null," ",{"$f":"T276-HLOOKUP(X276,Feuil1!$C$1:$BL$10,2,FALSE)","v":6},{"$f":"T276-HLOOKUP(X276,Feuil1!$C$1:$BL$10,3,FALSE)","v":-14},{"$f":"T276-HLOOKUP(X276,Feuil1!$C$1:$BL$10,4,FALSE)","v":-34},{"$f":"T276-HLOOKUP(X276,Feuil1!$C$1:$BL$10,5,FALSE)","v":-54},{"$f":"T276-HLOOKUP(X276,Feuil1!$C$1:$BL$10,6,FALSE)","v":-74},{"$f":"T276-HLOOKUP(X276,Feuil1!$C$1:$BL$10,7,FALSE)","v":-99},{"$f":"T276-HLOOKUP(X276,Feuil1!$C$1:$BL$10,8,FALSE)","v":-129},{"$f":"T276-HLOOKUP(X276,Feuil1!$C$1:$BL$10,9,FALSE)","v":-149},{"$f":"T276-HLOOKUP(X276,Feuil1!$C$1:$BL$10,10,FALSE)","v":-849},null,null,null,null,null,null,"DEB "]
["H","CO","PDL",46,304993,"CAUVIERE","Pierre",1997,83.75,"SGTAngers","F",62,65,-68,65,78,80,82,82,147,-20.5,"DEB ",2,{"$f":"IF(I277=\"\",\"\",IF(A277=\"H\",IF(OR(H277=\"SEN\",H277<1995),VLOOKUP(I277,Feuil1!$A$11:$F$29,6),IF(AND(H277>1994,H277<1998),VLOOKUP(I277,Feuil1!$A$11:$F$29,5),IF(AND(H277>1997,H277<2000),VLOOKUP(I277,Feuil1!$A$11:$F$29,4),IF(AND(H277>1999,H277<2002),VLOOKUP(I277,Feuil1!$A$11:$F$29,3),VLOOKUP(I277,Feuil1!$A$11:$F$29,2))))),IF(OR(H277=\"SEN\",H277<1995),VLOOKUP(I277,Feuil1!$G$11:$L$25,6),IF(AND(H277>1994,H277<1998),VLOOKUP(I277,Feuil1!$G$11:$L$25,5),IF(AND(H277>1997,H277<2000),VLOOKUP(I277,Feuil1!$G$11:$L$25,4),IF(AND(H277>1999,H277<2002),VLOOKUP(I277,Feuil1!$G$11:$L$25,3),VLOOKUP(I277,Feuil1!$G$11:$L$25,2)))))))","v":"J85"},176.97877943833714,null," ",{"$f":"T277-HLOOKUP(X277,Feuil1!$C$1:$BL$10,2,FALSE)","v":2},{"$f":"T277-HLOOKUP(X277,Feuil1!$C$1:$BL$10,3,FALSE)","v":-18},{"$f":"T277-HLOOKUP(X277,Feuil1!$C$1:$BL$10,4,FALSE)","v":-38},{"$f":"T277-HLOOKUP(X277,Feuil1!$C$1:$BL$10,5,FALSE)","v":-58},{"$f":"T277-HLOOKUP(X277,Feuil1!$C$1:$BL$10,6,FALSE)","v":-78},{"$f":"T277-HLOOKUP(X277,Feuil1!$C$1:$BL$10,7,FALSE)","v":-103},{"$f":"T277-HLOOKUP(X277,Feuil1!$C$1:$BL$10,8,FALSE)","v":-133},{"$f":"T277-HLOOKUP(X277,Feuil1!$C$1:$BL$10,9,FALSE)","v":-153},{"$f":"T277-HLOOKUP(X277,Feuil1!$C$1:$BL$10,10,FALSE)","v":-853},null,null,null,null,null,null,"DEB "]
["H","NE","CHA",47,323817,"DORLÉ","Steve",1995,83,"CAD Mourmelon FAC","F",55,60,65,65,70,75,80,80,145,-21,"DEB ",0,{"$f":"IF(I278=\"\",\"\",IF(A278=\"H\",IF(OR(H278=\"SEN\",H278<1995),VLOOKUP(I278,Feuil1!$A$11:$F$29,6),IF(AND(H278>1994,H278<1998),VLOOKUP(I278,Feuil1!$A$11:$F$29,5),IF(AND(H278>1997,H278<2000),VLOOKUP(I278,Feuil1!$A$11:$F$29,4),IF(AND(H278>1999,H278<2002),VLOOKUP(I278,Feuil1!$A$11:$F$29,3),VLOOKUP(I278,Feuil1!$A$11:$F$29,2))))),IF(OR(H278=\"SEN\",H278<1995),VLOOKUP(I278,Feuil1!$G$11:$L$25,6),IF(AND(H278>1994,H278<1998),VLOOKUP(I278,Feuil1!$G$11:$L$25,5),IF(AND(H278>1997,H278<2000),VLOOKUP(I278,Feuil1!$G$11:$L$25,4),IF(AND(H278>1999,H278<2002),VLOOKUP(I278,Feuil1!$G$11:$L$25,3),VLOOKUP(I278,Feuil1!$G$11:$L$25,2)))))))","v":"J85"},175.37233622698886,null," ",{"$f":"T278-HLOOKUP(X278,Feuil1!$C$1:$BL$10,2,FALSE)","v":0},{"$f":"T278-HLOOKUP(X278,Feuil1!$C$1:$BL$10,3,FALSE)","v":-20},{"$f":"T278-HLOOKUP(X278,Feuil1!$C$1:$BL$10,4,FALSE)","v":-40},{"$f":"T278-HLOOKUP(X278,Feuil1!$C$1:$BL$10,5,FALSE)","v":-60},{"$f":"T278-HLOOKUP(X278,Feuil1!$C$1:$BL$10,6,FALSE)","v":-80},{"$f":"T278-HLOOKUP(X278,Feuil1!$C$1:$BL$10,7,FALSE)","v":-105},{"$f":"T278-HLOOKUP(X278,Feuil1!$C$1:$BL$10,8,FALSE)","v":-135},{"$f":"T278-HLOOKUP(X278,Feuil1!$C$1:$BL$10,9,FALSE)","v":-155},{"$f":"T278-HLOOKUP(X278,Feuil1!$C$1:$BL$10,10,FALSE)","v":-855},null,null,null,null,null,null,"DEB "]
["H","NE","LOR",48,381038,"GERBER-ROTH","Anthony",1997,78.400000000000006,"E.S.H.HAGONDANGE","F",55,60,63,63,75,-78,78,78,141,-15.800000000000011,"DEB ",-4,{"$f":"IF(I279=\"\",\"\",IF(A279=\"H\",IF(OR(H279=\"SEN\",H279<1995),VLOOKUP(I279,Feuil1!$A$11:$F$29,6),IF(AND(H279>1994,H279<1998),VLOOKUP(I279,Feuil1!$A$11:$F$29,5),IF(AND(H279>1997,H279<2000),VLOOKUP(I279,Feuil1!$A$11:$F$29,4),IF(AND(H279>1999,H279<2002),VLOOKUP(I279,Feuil1!$A$11:$F$29,3),VLOOKUP(I279,Feuil1!$A$11:$F$29,2))))),IF(OR(H279=\"SEN\",H279<1995),VLOOKUP(I279,Feuil1!$G$11:$L$25,6),IF(AND(H279>1994,H279<1998),VLOOKUP(I279,Feuil1!$G$11:$L$25,5),IF(AND(H279>1997,H279<2000),VLOOKUP(I279,Feuil1!$G$11:$L$25,4),IF(AND(H279>1999,H279<2002),VLOOKUP(I279,Feuil1!$G$11:$L$25,3),VLOOKUP(I279,Feuil1!$G$11:$L$25,2)))))))","v":"J85"},175.78606074814496,null," ",{"$f":"T279-HLOOKUP(X279,Feuil1!$C$1:$BL$10,2,FALSE)","v":-4},{"$f":"T279-HLOOKUP(X279,Feuil1!$C$1:$BL$10,3,FALSE)","v":-24},{"$f":"T279-HLOOKUP(X279,Feuil1!$C$1:$BL$10,4,FALSE)","v":-44},{"$f":"T279-HLOOKUP(X279,Feuil1!$C$1:$BL$10,5,FALSE)","v":-64},{"$f":"T279-HLOOKUP(X279,Feuil1!$C$1:$BL$10,6,FALSE)","v":-84},{"$f":"T279-HLOOKUP(X279,Feuil1!$C$1:$BL$10,7,FALSE)","v":-109},{"$f":"T279-HLOOKUP(X279,Feuil1!$C$1:$BL$10,8,FALSE)","v":-139},{"$f":"T279-HLOOKUP(X279,Feuil1!$C$1:$BL$10,9,FALSE)","v":-159},{"$f":"T279-HLOOKUP(X279,Feuil1!$C$1:$BL$10,10,FALSE)","v":-859},null,null,null,null,null,null,"DEB "]
["H","SO","POI",49,378614,"ISHAK","Ryan",1995,77.7,"LA ROCHELLE","F",60,-65,-65,60,-75,75,80,80,140,-15.400000000000006,"DEB ",-5,{"$f":"IF(I280=\"\",\"\",IF(A280=\"H\",IF(OR(H280=\"SEN\",H280<1995),VLOOKUP(I280,Feuil1!$A$11:$F$29,6),IF(AND(H280>1994,H280<1998),VLOOKUP(I280,Feuil1!$A$11:$F$29,5),IF(AND(H280>1997,H280<2000),VLOOKUP(I280,Feuil1!$A$11:$F$29,4),IF(AND(H280>1999,H280<2002),VLOOKUP(I280,Feuil1!$A$11:$F$29,3),VLOOKUP(I280,Feuil1!$A$11:$F$29,2))))),IF(OR(H280=\"SEN\",H280<1995),VLOOKUP(I280,Feuil1!$G$11:$L$25,6),IF(AND(H280>1994,H280<1998),VLOOKUP(I280,Feuil1!$G$11:$L$25,5),IF(AND(H280>1997,H280<2000),VLOOKUP(I280,Feuil1!$G$11:$L$25,4),IF(AND(H280>1999,H280<2002),VLOOKUP(I280,Feuil1!$G$11:$L$25,3),VLOOKUP(I280,Feuil1!$G$11:$L$25,2)))))))","v":"J85"},175.40986083837132,null," ",{"$f":"T280-HLOOKUP(X280,Feuil1!$C$1:$BL$10,2,FALSE)","v":-5},{"$f":"T280-HLOOKUP(X280,Feuil1!$C$1:$BL$10,3,FALSE)","v":-25},{"$f":"T280-HLOOKUP(X280,Feuil1!$C$1:$BL$10,4,FALSE)","v":-45},{"$f":"T280-HLOOKUP(X280,Feuil1!$C$1:$BL$10,5,FALSE)","v":-65},{"$f":"T280-HLOOKUP(X280,Feuil1!$C$1:$BL$10,6,FALSE)","v":-85},{"$f":"T280-HLOOKUP(X280,Feuil1!$C$1:$BL$10,7,FALSE)","v":-110},{"$f":"T280-HLOOKUP(X280,Feuil1!$C$1:$BL$10,8,FALSE)","v":-140},{"$f":"T280-HLOOKUP(X280,Feuil1!$C$1:$BL$10,9,FALSE)","v":-160},{"$f":"T280-HLOOKUP(X280,Feuil1!$C$1:$BL$10,10,FALSE)","v":-860},null,null,null,null,null,null,"DEB "]
["H","SO","MPY",50,356065,"GALEY","Simon",1995,82,"TARBES CUTPH","F",45,50,60,60,75,80,-85,80,140,-24,"DEB ",-5,{"$f":"IF(I281=\"\",\"\",IF(A281=\"H\",IF(OR(H281=\"SEN\",H281<1995),VLOOKUP(I281,Feuil1!$A$11:$F$29,6),IF(AND(H281>1994,H281<1998),VLOOKUP(I281,Feuil1!$A$11:$F$29,5),IF(AND(H281>1997,H281<2000),VLOOKUP(I281,Feuil1!$A$11:$F$29,4),IF(AND(H281>1999,H281<2002),VLOOKUP(I281,Feuil1!$A$11:$F$29,3),VLOOKUP(I281,Feuil1!$A$11:$F$29,2))))),IF(OR(H281=\"SEN\",H281<1995),VLOOKUP(I281,Feuil1!$G$11:$L$25,6),IF(AND(H281>1994,H281<1998),VLOOKUP(I281,Feuil1!$G$11:$L$25,5),IF(AND(H281>1997,H281<2000),VLOOKUP(I281,Feuil1!$G$11:$L$25,4),IF(AND(H281>1999,H281<2002),VLOOKUP(I281,Feuil1!$G$11:$L$25,3),VLOOKUP(I281,Feuil1!$G$11:$L$25,2)))))))","v":"J85"},170.38835710977892,null," ",{"$f":"T281-HLOOKUP(X281,Feuil1!$C$1:$BL$10,2,FALSE)","v":-5},{"$f":"T281-HLOOKUP(X281,Feuil1!$C$1:$BL$10,3,FALSE)","v":-25},{"$f":"T281-HLOOKUP(X281,Feuil1!$C$1:$BL$10,4,FALSE)","v":-45},{"$f":"T281-HLOOKUP(X281,Feuil1!$C$1:$BL$10,5,FALSE)","v":-65},{"$f":"T281-HLOOKUP(X281,Feuil1!$C$1:$BL$10,6,FALSE)","v":-85},{"$f":"T281-HLOOKUP(X281,Feuil1!$C$1:$BL$10,7,FALSE)","v":-110},{"$f":"T281-HLOOKUP(X281,Feuil1!$C$1:$BL$10,8,FALSE)","v":-140},{"$f":"T281-HLOOKUP(X281,Feuil1!$C$1:$BL$10,9,FALSE)","v":-160},{"$f":"T281-HLOOKUP(X281,Feuil1!$C$1:$BL$10,10,FALSE)","v":-860},null,null,null,null,null,null,"DEB "]
["H","SEST","RAL",51,358687,"BELLAY","Théo",1997,78,"Pierrelatte","F",53,56,58,58,73,77,80,80,138,-18,"DEB ",-7,{"$f":"IF(I282=\"\",\"\",IF(A282=\"H\",IF(OR(H282=\"SEN\",H282<1995),VLOOKUP(I282,Feuil1!$A$11:$F$29,6),IF(AND(H282>1994,H282<1998),VLOOKUP(I282,Feuil1!$A$11:$F$29,5),IF(AND(H282>1997,H282<2000),VLOOKUP(I282,Feuil1!$A$11:$F$29,4),IF(AND(H282>1999,H282<2002),VLOOKUP(I282,Feuil1!$A$11:$F$29,3),VLOOKUP(I282,Feuil1!$A$11:$F$29,2))))),IF(OR(H282=\"SEN\",H282<1995),VLOOKUP(I282,Feuil1!$G$11:$L$25,6),IF(AND(H282>1994,H282<1998),VLOOKUP(I282,Feuil1!$G$11:$L$25,5),IF(AND(H282>1997,H282<2000),VLOOKUP(I282,Feuil1!$G$11:$L$25,4),IF(AND(H282>1999,H282<2002),VLOOKUP(I282,Feuil1!$G$11:$L$25,3),VLOOKUP(I282,Feuil1!$G$11:$L$25,2)))))))","v":"J85"},172.53362060894852,null," ",{"$f":"T282-HLOOKUP(X282,Feuil1!$C$1:$BL$10,2,FALSE)","v":-7},{"$f":"T282-HLOOKUP(X282,Feuil1!$C$1:$BL$10,3,FALSE)","v":-27},{"$f":"T282-HLOOKUP(X282,Feuil1!$C$1:$BL$10,4,FALSE)","v":-47},{"$f":"T282-HLOOKUP(X282,Feuil1!$C$1:$BL$10,5,FALSE)","v":-67},{"$f":"T282-HLOOKUP(X282,Feuil1!$C$1:$BL$10,6,FALSE)","v":-87},{"$f":"T282-HLOOKUP(X282,Feuil1!$C$1:$BL$10,7,FALSE)","v":-112},{"$f":"T282-HLOOKUP(X282,Feuil1!$C$1:$BL$10,8,FALSE)","v":-142},{"$f":"T282-HLOOKUP(X282,Feuil1!$C$1:$BL$10,9,FALSE)","v":-162},{"$f":"T282-HLOOKUP(X282,Feuil1!$C$1:$BL$10,10,FALSE)","v":-862},null,null,null,null,null,null,"DEB "]
["H","SO","MPY",52,308970,"BARRANCA","Romain",1996,84.7,"ALBI HC","F",50,-55,55,55,76,81,-86,81,136,-33.400000000000006,"DEB ",-9,{"$f":"IF(I283=\"\",\"\",IF(A283=\"H\",IF(OR(H283=\"SEN\",H283<1995),VLOOKUP(I283,Feuil1!$A$11:$F$29,6),IF(AND(H283>1994,H283<1998),VLOOKUP(I283,Feuil1!$A$11:$F$29,5),IF(AND(H283>1997,H283<2000),VLOOKUP(I283,Feuil1!$A$11:$F$29,4),IF(AND(H283>1999,H283<2002),VLOOKUP(I283,Feuil1!$A$11:$F$29,3),VLOOKUP(I283,Feuil1!$A$11:$F$29,2))))),IF(OR(H283=\"SEN\",H283<1995),VLOOKUP(I283,Feuil1!$G$11:$L$25,6),IF(AND(H283>1994,H283<1998),VLOOKUP(I283,Feuil1!$G$11:$L$25,5),IF(AND(H283>1997,H283<2000),VLOOKUP(I283,Feuil1!$G$11:$L$25,4),IF(AND(H283>1999,H283<2002),VLOOKUP(I283,Feuil1!$G$11:$L$25,3),VLOOKUP(I283,Feuil1!$G$11:$L$25,2)))))))","v":"J85"},162.81063405824614,null," ",{"$f":"T283-HLOOKUP(X283,Feuil1!$C$1:$BL$10,2,FALSE)","v":-9},{"$f":"T283-HLOOKUP(X283,Feuil1!$C$1:$BL$10,3,FALSE)","v":-29},{"$f":"T283-HLOOKUP(X283,Feuil1!$C$1:$BL$10,4,FALSE)","v":-49},{"$f":"T283-HLOOKUP(X283,Feuil1!$C$1:$BL$10,5,FALSE)","v":-69},{"$f":"T283-HLOOKUP(X283,Feuil1!$C$1:$BL$10,6,FALSE)","v":-89},{"$f":"T283-HLOOKUP(X283,Feuil1!$C$1:$BL$10,7,FALSE)","v":-114},{"$f":"T283-HLOOKUP(X283,Feuil1!$C$1:$BL$10,8,FALSE)","v":-144},{"$f":"T283-HLOOKUP(X283,Feuil1!$C$1:$BL$10,9,FALSE)","v":-164},{"$f":"T283-HLOOKUP(X283,Feuil1!$C$1:$BL$10,10,FALSE)","v":-864},null,null,null,null,null,null,"DEB "]
["H","SEST","CAZ",53,366648,"CALISTRI","Thomas",1997,81.2,"ASLDD TOULON","F",60,-65,65,65,64,66,70,70,135,-27.400000000000006,"DEB ",-10,{"$f":"IF(I284=\"\",\"\",IF(A284=\"H\",IF(OR(H284=\"SEN\",H284<1995),VLOOKUP(I284,Feuil1!$A$11:$F$29,6),IF(AND(H284>1994,H284<1998),VLOOKUP(I284,Feuil1!$A$11:$F$29,5),IF(AND(H284>1997,H284<2000),VLOOKUP(I284,Feuil1!$A$11:$F$29,4),IF(AND(H284>1999,H284<2002),VLOOKUP(I284,Feuil1!$A$11:$F$29,3),VLOOKUP(I284,Feuil1!$A$11:$F$29,2))))),IF(OR(H284=\"SEN\",H284<1995),VLOOKUP(I284,Feuil1!$G$11:$L$25,6),IF(AND(H284>1994,H284<1998),VLOOKUP(I284,Feuil1!$G$11:$L$25,5),IF(AND(H284>1997,H284<2000),VLOOKUP(I284,Feuil1!$G$11:$L$25,4),IF(AND(H284>1999,H284<2002),VLOOKUP(I284,Feuil1!$G$11:$L$25,3),VLOOKUP(I284,Feuil1!$G$11:$L$25,2)))))))","v":"J85"},165.1493504175057,null," ",{"$f":"T284-HLOOKUP(X284,Feuil1!$C$1:$BL$10,2,FALSE)","v":-10},{"$f":"T284-HLOOKUP(X284,Feuil1!$C$1:$BL$10,3,FALSE)","v":-30},{"$f":"T284-HLOOKUP(X284,Feuil1!$C$1:$BL$10,4,FALSE)","v":-50},{"$f":"T284-HLOOKUP(X284,Feuil1!$C$1:$BL$10,5,FALSE)","v":-70},{"$f":"T284-HLOOKUP(X284,Feuil1!$C$1:$BL$10,6,FALSE)","v":-90},{"$f":"T284-HLOOKUP(X284,Feuil1!$C$1:$BL$10,7,FALSE)","v":-115},{"$f":"T284-HLOOKUP(X284,Feuil1!$C$1:$BL$10,8,FALSE)","v":-145},{"$f":"T284-HLOOKUP(X284,Feuil1!$C$1:$BL$10,9,FALSE)","v":-165},{"$f":"T284-HLOOKUP(X284,Feuil1!$C$1:$BL$10,10,FALSE)","v":-865},null,null,null,null,null,null,"DEB "]
["H","ZCO","BRE",54,389502,"DRULA","Clément",1995,84.3,"Vannes AC","F",52,-56,56,56,-72,72,75,75,131,-37.599999999999994,"DEB ",-14,{"$f":"IF(I285=\"\",\"\",IF(A285=\"H\",IF(OR(H285=\"SEN\",H285<1995),VLOOKUP(I285,Feuil1!$A$11:$F$29,6),IF(AND(H285>1994,H285<1998),VLOOKUP(I285,Feuil1!$A$11:$F$29,5),IF(AND(H285>1997,H285<2000),VLOOKUP(I285,Feuil1!$A$11:$F$29,4),IF(AND(H285>1999,H285<2002),VLOOKUP(I285,Feuil1!$A$11:$F$29,3),VLOOKUP(I285,Feuil1!$A$11:$F$29,2))))),IF(OR(H285=\"SEN\",H285<1995),VLOOKUP(I285,Feuil1!$G$11:$L$25,6),IF(AND(H285>1994,H285<1998),VLOOKUP(I285,Feuil1!$G$11:$L$25,5),IF(AND(H285>1997,H285<2000),VLOOKUP(I285,Feuil1!$G$11:$L$25,4),IF(AND(H285>1999,H285<2002),VLOOKUP(I285,Feuil1!$G$11:$L$25,3),VLOOKUP(I285,Feuil1!$G$11:$L$25,2)))))))","v":"J85"},157.19651828593865,null," ",{"$f":"T285-HLOOKUP(X285,Feuil1!$C$1:$BL$10,2,FALSE)","v":-14},{"$f":"T285-HLOOKUP(X285,Feuil1!$C$1:$BL$10,3,FALSE)","v":-34},{"$f":"T285-HLOOKUP(X285,Feuil1!$C$1:$BL$10,4,FALSE)","v":-54},{"$f":"T285-HLOOKUP(X285,Feuil1!$C$1:$BL$10,5,FALSE)","v":-74},{"$f":"T285-HLOOKUP(X285,Feuil1!$C$1:$BL$10,6,FALSE)","v":-94},{"$f":"T285-HLOOKUP(X285,Feuil1!$C$1:$BL$10,7,FALSE)","v":-119},{"$f":"T285-HLOOKUP(X285,Feuil1!$C$1:$BL$10,8,FALSE)","v":-149},{"$f":"T285-HLOOKUP(X285,Feuil1!$C$1:$BL$10,9,FALSE)","v":-169},{"$f":"T285-HLOOKUP(X285,Feuil1!$C$1:$BL$10,10,FALSE)","v":-869},null,null,null,null,null,null,"DEB "]
["H","NE","BOU",55,366470,"GRAILLOT","Antoine",1995,81.2,"HMDB21","F",47,50,55,55,65,70,75,75,130,-32.400000000000006,"DEB ",-15,{"$f":"IF(I286=\"\",\"\",IF(A286=\"H\",IF(OR(H286=\"SEN\",H286<1995),VLOOKUP(I286,Feuil1!$A$11:$F$29,6),IF(AND(H286>1994,H286<1998),VLOOKUP(I286,Feuil1!$A$11:$F$29,5),IF(AND(H286>1997,H286<2000),VLOOKUP(I286,Feuil1!$A$11:$F$29,4),IF(AND(H286>1999,H286<2002),VLOOKUP(I286,Feuil1!$A$11:$F$29,3),VLOOKUP(I286,Feuil1!$A$11:$F$29,2))))),IF(OR(H286=\"SEN\",H286<1995),VLOOKUP(I286,Feuil1!$G$11:$L$25,6),IF(AND(H286>1994,H286<1998),VLOOKUP(I286,Feuil1!$G$11:$L$25,5),IF(AND(H286>1997,H286<2000),VLOOKUP(I286,Feuil1!$G$11:$L$25,4),IF(AND(H286>1999,H286<2002),VLOOKUP(I286,Feuil1!$G$11:$L$25,3),VLOOKUP(I286,Feuil1!$G$11:$L$25,2)))))))","v":"J85"},159.03270780944993,null," ",{"$f":"T286-HLOOKUP(X286,Feuil1!$C$1:$BL$10,2,FALSE)","v":-15},{"$f":"T286-HLOOKUP(X286,Feuil1!$C$1:$BL$10,3,FALSE)","v":-35},{"$f":"T286-HLOOKUP(X286,Feuil1!$C$1:$BL$10,4,FALSE)","v":-55},{"$f":"T286-HLOOKUP(X286,Feuil1!$C$1:$BL$10,5,FALSE)","v":-75},{"$f":"T286-HLOOKUP(X286,Feuil1!$C$1:$BL$10,6,FALSE)","v":-95},{"$f":"T286-HLOOKUP(X286,Feuil1!$C$1:$BL$10,7,FALSE)","v":-120},{"$f":"T286-HLOOKUP(X286,Feuil1!$C$1:$BL$10,8,FALSE)","v":-150},{"$f":"T286-HLOOKUP(X286,Feuil1!$C$1:$BL$10,9,FALSE)","v":-170},{"$f":"T286-HLOOKUP(X286,Feuil1!$C$1:$BL$10,10,FALSE)","v":-870},null,null,null,null,null,null,"DEB "]
["H","CO","BNO",56,233732,"Serafin","Guillaume",1997,79.599999999999994,"Sannerville","F",-45,45,50,50,58,63,67,67,117,-42.199999999999989,"DEB ",-28,{"$f":"IF(I287=\"\",\"\",IF(A287=\"H\",IF(OR(H287=\"SEN\",H287<1995),VLOOKUP(I287,Feuil1!$A$11:$F$29,6),IF(AND(H287>1994,H287<1998),VLOOKUP(I287,Feuil1!$A$11:$F$29,5),IF(AND(H287>1997,H287<2000),VLOOKUP(I287,Feuil1!$A$11:$F$29,4),IF(AND(H287>1999,H287<2002),VLOOKUP(I287,Feuil1!$A$11:$F$29,3),VLOOKUP(I287,Feuil1!$A$11:$F$29,2))))),IF(OR(H287=\"SEN\",H287<1995),VLOOKUP(I287,Feuil1!$G$11:$L$25,6),IF(AND(H287>1994,H287<1998),VLOOKUP(I287,Feuil1!$G$11:$L$25,5),IF(AND(H287>1997,H287<2000),VLOOKUP(I287,Feuil1!$G$11:$L$25,4),IF(AND(H287>1999,H287<2002),VLOOKUP(I287,Feuil1!$G$11:$L$25,3),VLOOKUP(I287,Feuil1!$G$11:$L$25,2)))))))","v":"J85"},144.65941174274192,null," ",{"$f":"T287-HLOOKUP(X287,Feuil1!$C$1:$BL$10,2,FALSE)","v":-28},{"$f":"T287-HLOOKUP(X287,Feuil1!$C$1:$BL$10,3,FALSE)","v":-48},{"$f":"T287-HLOOKUP(X287,Feuil1!$C$1:$BL$10,4,FALSE)","v":-68},{"$f":"T287-HLOOKUP(X287,Feuil1!$C$1:$BL$10,5,FALSE)","v":-88},{"$f":"T287-HLOOKUP(X287,Feuil1!$C$1:$BL$10,6,FALSE)","v":-108},{"$f":"T287-HLOOKUP(X287,Feuil1!$C$1:$BL$10,7,FALSE)","v":-133},{"$f":"T287-HLOOKUP(X287,Feuil1!$C$1:$BL$10,8,FALSE)","v":-163},{"$f":"T287-HLOOKUP(X287,Feuil1!$C$1:$BL$10,9,FALSE)","v":-183},{"$f":"T287-HLOOKUP(X287,Feuil1!$C$1:$BL$10,10,FALSE)","v":-883},null,null,null,null,null,null,"DEB "]
["H","NORD","NPC",57,392459,"LAPOSTOLLE","Sébastien",1997,77.7,"CAHC BERCK/MER","F",45,50,-53,50,50,55,60,60,110,-45.400000000000006,"DEB ",-35,{"$f":"IF(I288=\"\",\"\",IF(A288=\"H\",IF(OR(H288=\"SEN\",H288<1995),VLOOKUP(I288,Feuil1!$A$11:$F$29,6),IF(AND(H288>1994,H288<1998),VLOOKUP(I288,Feuil1!$A$11:$F$29,5),IF(AND(H288>1997,H288<2000),VLOOKUP(I288,Feuil1!$A$11:$F$29,4),IF(AND(H288>1999,H288<2002),VLOOKUP(I288,Feuil1!$A$11:$F$29,3),VLOOKUP(I288,Feuil1!$A$11:$F$29,2))))),IF(OR(H288=\"SEN\",H288<1995),VLOOKUP(I288,Feuil1!$G$11:$L$25,6),IF(AND(H288>1994,H288<1998),VLOOKUP(I288,Feuil1!$G$11:$L$25,5),IF(AND(H288>1997,H288<2000),VLOOKUP(I288,Feuil1!$G$11:$L$25,4),IF(AND(H288>1999,H288<2002),VLOOKUP(I288,Feuil1!$G$11:$L$25,3),VLOOKUP(I288,Feuil1!$G$11:$L$25,2)))))))","v":"J85"},137.82203351586318,null," ",{"$f":"T288-HLOOKUP(X288,Feuil1!$C$1:$BL$10,2,FALSE)","v":-35},{"$f":"T288-HLOOKUP(X288,Feuil1!$C$1:$BL$10,3,FALSE)","v":-55},{"$f":"T288-HLOOKUP(X288,Feuil1!$C$1:$BL$10,4,FALSE)","v":-75},{"$f":"T288-HLOOKUP(X288,Feuil1!$C$1:$BL$10,5,FALSE)","v":-95},{"$f":"T288-HLOOKUP(X288,Feuil1!$C$1:$BL$10,6,FALSE)","v":-115},{"$f":"T288-HLOOKUP(X288,Feuil1!$C$1:$BL$10,7,FALSE)","v":-140},{"$f":"T288-HLOOKUP(X288,Feuil1!$C$1:$BL$10,8,FALSE)","v":-170},{"$f":"T288-HLOOKUP(X288,Feuil1!$C$1:$BL$10,9,FALSE)","v":-190},{"$f":"T288-HLOOKUP(X288,Feuil1!$C$1:$BL$10,10,FALSE)","v":-890},null,null,null,null,null,null,"DEB "]
["H","ZCO","BRE",58,390335,"LEFEVRE","Corentin",1996,79.599999999999994,"CHM Plouhinec PR","F",42,45,48,48,55,58,-60,58,106,-53.199999999999989,"DEB ",-39,{"$f":"IF(I289=\"\",\"\",IF(A289=\"H\",IF(OR(H289=\"SEN\",H289<1995),VLOOKUP(I289,Feuil1!$A$11:$F$29,6),IF(AND(H289>1994,H289<1998),VLOOKUP(I289,Feuil1!$A$11:$F$29,5),IF(AND(H289>1997,H289<2000),VLOOKUP(I289,Feuil1!$A$11:$F$29,4),IF(AND(H289>1999,H289<2002),VLOOKUP(I289,Feuil1!$A$11:$F$29,3),VLOOKUP(I289,Feuil1!$A$11:$F$29,2))))),IF(OR(H289=\"SEN\",H289<1995),VLOOKUP(I289,Feuil1!$G$11:$L$25,6),IF(AND(H289>1994,H289<1998),VLOOKUP(I289,Feuil1!$G$11:$L$25,5),IF(AND(H289>1997,H289<2000),VLOOKUP(I289,Feuil1!$G$11:$L$25,4),IF(AND(H289>1999,H289<2002),VLOOKUP(I289,Feuil1!$G$11:$L$25,3),VLOOKUP(I289,Feuil1!$G$11:$L$25,2)))))))","v":"J85"},131.05895422846706,null," ",{"$f":"T289-HLOOKUP(X289,Feuil1!$C$1:$BL$10,2,FALSE)","v":-39},{"$f":"T289-HLOOKUP(X289,Feuil1!$C$1:$BL$10,3,FALSE)","v":-59},{"$f":"T289-HLOOKUP(X289,Feuil1!$C$1:$BL$10,4,FALSE)","v":-79},{"$f":"T289-HLOOKUP(X289,Feuil1!$C$1:$BL$10,5,FALSE)","v":-99},{"$f":"T289-HLOOKUP(X289,Feuil1!$C$1:$BL$10,6,FALSE)","v":-119},{"$f":"T289-HLOOKUP(X289,Feuil1!$C$1:$BL$10,7,FALSE)","v":-144},{"$f":"T289-HLOOKUP(X289,Feuil1!$C$1:$BL$10,8,FALSE)","v":-174},{"$f":"T289-HLOOKUP(X289,Feuil1!$C$1:$BL$10,9,FALSE)","v":-194},{"$f":"T289-HLOOKUP(X289,Feuil1!$C$1:$BL$10,10,FALSE)","v":-894},null,null,null,null,null,null,"DEB "]
[null,null,null,null,null,null,null,null,null,null,null,null,null,null,null,null,null,null,null,null,null,null,null,null,null,null," ",{"$f":"T290-HLOOKUP(X290,[1]Feuil1!$C$1:$BL$10,2,FALSE)","v":{"$error":"#N/A"}},{"$f":"T290-HLOOKUP(X290,[1]Feuil1!$C$1:$BL$10,3,FALSE)","v":{"$error":"#N/A"}},{"$f":"T290-HLOOKUP(X290,[1]Feuil1!$C$1:$BL$10,4,FALSE)","v":{"$error":"#N/A"}},{"$f":"T290-HLOOKUP(X290,[1]Feuil1!$C$1:$BL$10,5,FALSE)","v":{"$error":"#N/A"}},{"$f":"T290-HLOOKUP(X290,[1]Feuil1!$C$1:$BL$10,6,FALSE)","v":{"$error":"#N/A"}},{"$f":"T290-HLOOKUP(X290,[1]Feuil1!$C$1:$BL$10,7,FALSE)","v":{"$error":"#N/A"}},{"$f":"T290-HLOOKUP(X290,[1]Feuil1!$C$1:$BL$10,8,FALSE)","v":{"$error":"#N/A"}},{"$f":"T290-HLOOKUP(X290,[1]Feuil1!$C$1:$BL$10,9,FALSE)","v":{"$error":"#N/A"}},{"$f":"T290-HLOOKUP(X290,[1]Feuil1!$C$1:$BL$10,10,FALSE)","v":{"$error":"#N/A"}},null,null,null,null,null,null,{"$f":"IF(AJ290>=0,$AJ$4,IF(AI290>=0,$AI$4,IF(AH290>=0,$AH$4,IF(AG290>=0,$AG$4,IF(AF290>=0,$AF$4,IF(AE290>=0,$AE$4,IF(AD290>=0,$AD$4,IF(AC290>=0,$AC$4,$AB$4))))))))","v":{"$error":"#N/A"}}]
["H","SEST","RAL",1,141368,"MENONI","Enzo",1997,85.05,"A.C. ST MARCELLIN","F",123,128,-131,{"$f":"IF(H291=\"\",\"\",IF(MAXA(L291:N291)<=0,0,MAXA(L291:N291)))","v":128},145,-152,152,{"$f":"IF(H291=\"\",\"\",IF(MAXA(P291:R291)<=0,0,MAXA(P291:R291)))","v":152},{"$f":"IF(H291=\"\",\"\",IF(OR(O291=0,S291=0),0,O291+S291))","v":280},{"$f":"T291-I291*2","v":109.9},{"$f":"IF(H291=\"\",\"\",AQ291)","v":"NAT +"},{"$f":"IF(AJ291>=0,AJ291,IF(AI291>=0,AI291,IF(AH291>=0,AH291,IF(AG291>=0,AG291,IF(AF291>=0,AF291,IF(AE291>=0,AE291,IF(AD291>=0,AD291,IF(AC291>=0,AC291,AB291))))))))","v":20},{"$f":"IF(I291=\"\",\"\",IF(A291=\"H\",IF(OR(H291=\"SEN\",H291<1995),VLOOKUP(I291,Feuil1!$A$11:$F$29,6),IF(AND(H291>1994,H291<1998),VLOOKUP(I291,Feuil1!$A$11:$F$29,5),IF(AND(H291>1997,H291<2000),VLOOKUP(I291,Feuil1!$A$11:$F$29,4),IF(AND(H291>1999,H291<2002),VLOOKUP(I291,Feuil1!$A$11:$F$29,3),VLOOKUP(I291,Feuil1!$A$11:$F$29,2))))),IF(OR(H291=\"SEN\",H291<1995),VLOOKUP(I291,Feuil1!$G$11:$L$25,6),IF(AND(H291>1994,H291<1998),VLOOKUP(I291,Feuil1!$G$11:$L$25,5),IF(AND(H291>1997,H291<2000),VLOOKUP(I291,Feuil1!$G$11:$L$25,4),IF(AND(H291>1999,H291<2002),VLOOKUP(I291,Feuil1!$G$11:$L$25,3),VLOOKUP(I291,Feuil1!$G$11:$L$25,2)))))))","v":"J94"},{"$f":"IF(I291=\"\",\"\",IF(A291=\"H\",10^(0.794358141*LOG(I291/174.393)^2)*T291,IF(A291=\"F\",10^(0.89726074*LOG(I291/148.026)^2)*T291,\"\")))","v":334.51226042147351},null," ",{"$f":"T291-HLOOKUP(X291,Feuil1!$C$1:$BL$10,2,FALSE)","v":130},{"$f":"T291-HLOOKUP(X291,Feuil1!$C$1:$BL$10,3,FALSE)","v":110},{"$f":"T291-HLOOKUP(X291,Feuil1!$C$1:$BL$10,4,FALSE)","v":90},{"$f":"T291-HLOOKUP(X291,Feuil1!$C$1:$BL$10,5,FALSE)","v":65},{"$f":"T291-HLOOKUP(X291,Feuil1!$C$1:$BL$10,6,FALSE)","v":45},{"$f":"T291-HLOOKUP(X291,Feuil1!$C$1:$BL$10,7,FALSE)","v":20},{"$f":"T291-HLOOKUP(X291,Feuil1!$C$1:$BL$10,8,FALSE)","v":-10},{"$f":"T291-HLOOKUP(X291,Feuil1!$C$1:$BL$10,9,FALSE)","v":-30},{"$f":"T291-HLOOKUP(X291,Feuil1!$C$1:$BL$10,10,FALSE)","v":-720},null,null,null,null,null,null,{"$f":"IF(AJ291>=0,$AJ$4,IF(AI291>=0,$AI$4,IF(AH291>=0,$AH$4,IF(AG291>=0,$AG$4,IF(AF291>=0,$AF$4,IF(AE291>=0,$AE$4,IF(AD291>=0,$AD$4,IF(AC291>=0,$AC$4,$AB$4))))))))","v":"NAT +"}]
["H","DOM","MAR",2,244200,"ZOBAL","Florent",1996,91,"ABBC/Foyal Didier","F",95,100,103,103,127,132,-135,132,235,53,"FED +",0,{"$f":"IF(I292=\"\",\"\",IF(A292=\"H\",IF(OR(H292=\"SEN\",H292<1995),VLOOKUP(I292,Feuil1!$A$11:$F$29,6),IF(AND(H292>1994,H292<1998),VLOOKUP(I292,Feuil1!$A$11:$F$29,5),IF(AND(H292>1997,H292<2000),VLOOKUP(I292,Feuil1!$A$11:$F$29,4),IF(AND(H292>1999,H292<2002),VLOOKUP(I292,Feuil1!$A$11:$F$29,3),VLOOKUP(I292,Feuil1!$A$11:$F$29,2))))),IF(OR(H292=\"SEN\",H292<1995),VLOOKUP(I292,Feuil1!$G$11:$L$25,6),IF(AND(H292>1994,H292<1998),VLOOKUP(I292,Feuil1!$G$11:$L$25,5),IF(AND(H292>1997,H292<2000),VLOOKUP(I292,Feuil1!$G$11:$L$25,4),IF(AND(H292>1999,H292<2002),VLOOKUP(I292,Feuil1!$G$11:$L$25,3),VLOOKUP(I292,Feuil1!$G$11:$L$25,2)))))))","v":"J94"},271.92996501533719,null," ",{"$f":"T292-HLOOKUP(X292,Feuil1!$C$1:$BL$10,2,FALSE)","v":85},{"$f":"T292-HLOOKUP(X292,Feuil1!$C$1:$BL$10,3,FALSE)","v":65},{"$f":"T292-HLOOKUP(X292,Feuil1!$C$1:$BL$10,4,FALSE)","v":45},{"$f":"T292-HLOOKUP(X292,Feuil1!$C$1:$BL$10,5,FALSE)","v":20},{"$f":"T292-HLOOKUP(X292,Feuil1!$C$1:$BL$10,6,FALSE)","v":0},{"$f":"T292-HLOOKUP(X292,Feuil1!$C$1:$BL$10,7,FALSE)","v":-25},{"$f":"T292-HLOOKUP(X292,Feuil1!$C$1:$BL$10,8,FALSE)","v":-55},{"$f":"T292-HLOOKUP(X292,Feuil1!$C$1:$BL$10,9,FALSE)","v":-75},{"$f":"T292-HLOOKUP(X292,Feuil1!$C$1:$BL$10,10,FALSE)","v":-765},null,null,null,null,null,null,"FED +"]
["H","NE","BOU",3,211151,"GVOZDENOVIC","Michel",1997,85.5,"HMDB21","F",90,-100,-100,90,125,134,-140,134,224,53,"IRG +",9,{"$f":"IF(I293=\"\",\"\",IF(A293=\"H\",IF(OR(H293=\"SEN\",H293<1995),VLOOKUP(I293,Feuil1!$A$11:$F$29,6),IF(AND(H293>1994,H293<1998),VLOOKUP(I293,Feuil1!$A$11:$F$29,5),IF(AND(H293>1997,H293<2000),VLOOKUP(I293,Feuil1!$A$11:$F$29,4),IF(AND(H293>1999,H293<2002),VLOOKUP(I293,Feuil1!$A$11:$F$29,3),VLOOKUP(I293,Feuil1!$A$11:$F$29,2))))),IF(OR(H293=\"SEN\",H293<1995),VLOOKUP(I293,Feuil1!$G$11:$L$25,6),IF(AND(H293>1994,H293<1998),VLOOKUP(I293,Feuil1!$G$11:$L$25,5),IF(AND(H293>1997,H293<2000),VLOOKUP(I293,Feuil1!$G$11:$L$25,4),IF(AND(H293>1999,H293<2002),VLOOKUP(I293,Feuil1!$G$11:$L$25,3),VLOOKUP(I293,Feuil1!$G$11:$L$25,2)))))))","v":"J94"},266.91361759965935,null," ",{"$f":"T293-HLOOKUP(X293,Feuil1!$C$1:$BL$10,2,FALSE)","v":74},{"$f":"T293-HLOOKUP(X293,Feuil1!$C$1:$BL$10,3,FALSE)","v":54},{"$f":"T293-HLOOKUP(X293,Feuil1!$C$1:$BL$10,4,FALSE)","v":34},{"$f":"T293-HLOOKUP(X293,Feuil1!$C$1:$BL$10,5,FALSE)","v":9},{"$f":"T293-HLOOKUP(X293,Feuil1!$C$1:$BL$10,6,FALSE)","v":-11},{"$f":"T293-HLOOKUP(X293,Feuil1!$C$1:$BL$10,7,FALSE)","v":-36},{"$f":"T293-HLOOKUP(X293,Feuil1!$C$1:$BL$10,8,FALSE)","v":-66},{"$f":"T293-HLOOKUP(X293,Feuil1!$C$1:$BL$10,9,FALSE)","v":-86},{"$f":"T293-HLOOKUP(X293,Feuil1!$C$1:$BL$10,10,FALSE)","v":-776},null,null,null,null,null,null,"IRG +"]
["H","N","IDF",4,286943,"MALBRANCHE","PETERSON",1996,87.1,"SA MONTMARTRE","F",90,95,101,101,112,120,123,123,224,49.800000000000011,"IRG +",9,{"$f":"IF(I294=\"\",\"\",IF(A294=\"H\",IF(OR(H294=\"SEN\",H294<1995),VLOOKUP(I294,Feuil1!$A$11:$F$29,6),IF(AND(H294>1994,H294<1998),VLOOKUP(I294,Feuil1!$A$11:$F$29,5),IF(AND(H294>1997,H294<2000),VLOOKUP(I294,Feuil1!$A$11:$F$29,4),IF(AND(H294>1999,H294<2002),VLOOKUP(I294,Feuil1!$A$11:$F$29,3),VLOOKUP(I294,Feuil1!$A$11:$F$29,2))))),IF(OR(H294=\"SEN\",H294<1995),VLOOKUP(I294,Feuil1!$G$11:$L$25,6),IF(AND(H294>1994,H294<1998),VLOOKUP(I294,Feuil1!$G$11:$L$25,5),IF(AND(H294>1997,H294<2000),VLOOKUP(I294,Feuil1!$G$11:$L$25,4),IF(AND(H294>1999,H294<2002),VLOOKUP(I294,Feuil1!$G$11:$L$25,3),VLOOKUP(I294,Feuil1!$G$11:$L$25,2)))))))","v":"J94"},264.5222321508632,null," ",{"$f":"T294-HLOOKUP(X294,Feuil1!$C$1:$BL$10,2,FALSE)","v":74},{"$f":"T294-HLOOKUP(X294,Feuil1!$C$1:$BL$10,3,FALSE)","v":54},{"$f":"T294-HLOOKUP(X294,Feuil1!$C$1:$BL$10,4,FALSE)","v":34},{"$f":"T294-HLOOKUP(X294,Feuil1!$C$1:$BL$10,5,FALSE)","v":9},{"$f":"T294-HLOOKUP(X294,Feuil1!$C$1:$BL$10,6,FALSE)","v":-11},{"$f":"T294-HLOOKUP(X294,Feuil1!$C$1:$BL$10,7,FALSE)","v":-36},{"$f":"T294-HLOOKUP(X294,Feuil1!$C$1:$BL$10,8,FALSE)","v":-66},{"$f":"T294-HLOOKUP(X294,Feuil1!$C$1:$BL$10,9,FALSE)","v":-86},{"$f":"T294-HLOOKUP(X294,Feuil1!$C$1:$BL$10,10,FALSE)","v":-776},null,null,null,null,null,null,"IRG +"]
["H","CO","PDL",5,388767,"POTIER","Pierre",1995,88.7,"CA Evron 53","F",85,90,95,95,115,120,125,125,220,42.599999999999994,"IRG +",5,{"$f":"IF(I295=\"\",\"\",IF(A295=\"H\",IF(OR(H295=\"SEN\",H295<1995),VLOOKUP(I295,Feuil1!$A$11:$F$29,6),IF(AND(H295>1994,H295<1998),VLOOKUP(I295,Feuil1!$A$11:$F$29,5),IF(AND(H295>1997,H295<2000),VLOOKUP(I295,Feuil1!$A$11:$F$29,4),IF(AND(H295>1999,H295<2002),VLOOKUP(I295,Feuil1!$A$11:$F$29,3),VLOOKUP(I295,Feuil1!$A$11:$F$29,2))))),IF(OR(H295=\"SEN\",H295<1995),VLOOKUP(I295,Feuil1!$G$11:$L$25,6),IF(AND(H295>1994,H295<1998),VLOOKUP(I295,Feuil1!$G$11:$L$25,5),IF(AND(H295>1997,H295<2000),VLOOKUP(I295,Feuil1!$G$11:$L$25,4),IF(AND(H295>1999,H295<2002),VLOOKUP(I295,Feuil1!$G$11:$L$25,3),VLOOKUP(I295,Feuil1!$G$11:$L$25,2)))))))","v":"J94"},257.57259145968806,null," ",{"$f":"T295-HLOOKUP(X295,Feuil1!$C$1:$BL$10,2,FALSE)","v":70},{"$f":"T295-HLOOKUP(X295,Feuil1!$C$1:$BL$10,3,FALSE)","v":50},{"$f":"T295-HLOOKUP(X295,Feuil1!$C$1:$BL$10,4,FALSE)","v":30},{"$f":"T295-HLOOKUP(X295,Feuil1!$C$1:$BL$10,5,FALSE)","v":5},{"$f":"T295-HLOOKUP(X295,Feuil1!$C$1:$BL$10,6,FALSE)","v":-15},{"$f":"T295-HLOOKUP(X295,Feuil1!$C$1:$BL$10,7,FALSE)","v":-40},{"$f":"T295-HLOOKUP(X295,Feuil1!$C$1:$BL$10,8,FALSE)","v":-70},{"$f":"T295-HLOOKUP(X295,Feuil1!$C$1:$BL$10,9,FALSE)","v":-90},{"$f":"T295-HLOOKUP(X295,Feuil1!$C$1:$BL$10,10,FALSE)","v":-780},null,null,null,null,null,null,"IRG +"]
["H","N","IDF",6,269224,"EL KODSSI","SAMY",1996,88.4,"CHAVILLE ","F",90,95,-100,95,110,115,120,120,215,38.199999999999989,"IRG +",0,{"$f":"IF(I296=\"\",\"\",IF(A296=\"H\",IF(OR(H296=\"SEN\",H296<1995),VLOOKUP(I296,Feuil1!$A$11:$F$29,6),IF(AND(H296>1994,H296<1998),VLOOKUP(I296,Feuil1!$A$11:$F$29,5),IF(AND(H296>1997,H296<2000),VLOOKUP(I296,Feuil1!$A$11:$F$29,4),IF(AND(H296>1999,H296<2002),VLOOKUP(I296,Feuil1!$A$11:$F$29,3),VLOOKUP(I296,Feuil1!$A$11:$F$29,2))))),IF(OR(H296=\"SEN\",H296<1995),VLOOKUP(I296,Feuil1!$G$11:$L$25,6),IF(AND(H296>1994,H296<1998),VLOOKUP(I296,Feuil1!$G$11:$L$25,5),IF(AND(H296>1997,H296<2000),VLOOKUP(I296,Feuil1!$G$11:$L$25,4),IF(AND(H296>1999,H296<2002),VLOOKUP(I296,Feuil1!$G$11:$L$25,3),VLOOKUP(I296,Feuil1!$G$11:$L$25,2)))))))","v":"J94"},252.11777640128628,null," ",{"$f":"T296-HLOOKUP(X296,Feuil1!$C$1:$BL$10,2,FALSE)","v":65},{"$f":"T296-HLOOKUP(X296,Feuil1!$C$1:$BL$10,3,FALSE)","v":45},{"$f":"T296-HLOOKUP(X296,Feuil1!$C$1:$BL$10,4,FALSE)","v":25},{"$f":"T296-HLOOKUP(X296,Feuil1!$C$1:$BL$10,5,FALSE)","v":0},{"$f":"T296-HLOOKUP(X296,Feuil1!$C$1:$BL$10,6,FALSE)","v":-20},{"$f":"T296-HLOOKUP(X296,Feuil1!$C$1:$BL$10,7,FALSE)","v":-45},{"$f":"T296-HLOOKUP(X296,Feuil1!$C$1:$BL$10,8,FALSE)","v":-75},{"$f":"T296-HLOOKUP(X296,Feuil1!$C$1:$BL$10,9,FALSE)","v":-95},{"$f":"T296-HLOOKUP(X296,Feuil1!$C$1:$BL$10,10,FALSE)","v":-785},null,null,null,null,null,null,"IRG +"]
["H","NE","ALS",7,377316,"AUBRY","HUGO",1995,90.3,"SR Obernai HM","F",90,95,-100,95,-120,120,-129,120,215,34.400000000000006,"IRG +",0,{"$f":"IF(I297=\"\",\"\",IF(A297=\"H\",IF(OR(H297=\"SEN\",H297<1995),VLOOKUP(I297,Feuil1!$A$11:$F$29,6),IF(AND(H297>1994,H297<1998),VLOOKUP(I297,Feuil1!$A$11:$F$29,5),IF(AND(H297>1997,H297<2000),VLOOKUP(I297,Feuil1!$A$11:$F$29,4),IF(AND(H297>1999,H297<2002),VLOOKUP(I297,Feuil1!$A$11:$F$29,3),VLOOKUP(I297,Feuil1!$A$11:$F$29,2))))),IF(OR(H297=\"SEN\",H297<1995),VLOOKUP(I297,Feuil1!$G$11:$L$25,6),IF(AND(H297>1994,H297<1998),VLOOKUP(I297,Feuil1!$G$11:$L$25,5),IF(AND(H297>1997,H297<2000),VLOOKUP(I297,Feuil1!$G$11:$L$25,4),IF(AND(H297>1999,H297<2002),VLOOKUP(I297,Feuil1!$G$11:$L$25,3),VLOOKUP(I297,Feuil1!$G$11:$L$25,2)))))))","v":"J94"},249.65581649118954,null," ",{"$f":"T297-HLOOKUP(X297,Feuil1!$C$1:$BL$10,2,FALSE)","v":65},{"$f":"T297-HLOOKUP(X297,Feuil1!$C$1:$BL$10,3,FALSE)","v":45},{"$f":"T297-HLOOKUP(X297,Feuil1!$C$1:$BL$10,4,FALSE)","v":25},{"$f":"T297-HLOOKUP(X297,Feuil1!$C$1:$BL$10,5,FALSE)","v":0},{"$f":"T297-HLOOKUP(X297,Feuil1!$C$1:$BL$10,6,FALSE)","v":-20},{"$f":"T297-HLOOKUP(X297,Feuil1!$C$1:$BL$10,7,FALSE)","v":-45},{"$f":"T297-HLOOKUP(X297,Feuil1!$C$1:$BL$10,8,FALSE)","v":-75},{"$f":"T297-HLOOKUP(X297,Feuil1!$C$1:$BL$10,9,FALSE)","v":-95},{"$f":"T297-HLOOKUP(X297,Feuil1!$C$1:$BL$10,10,FALSE)","v":-785},null,null,null,null,null,null,"IRG +"]
["H","SO","LIM",8,341840,"WERRO","Romain",1997,85.2,"LIMOGES AVA","CH",87,95,-100,95,105,-111,-115,105,200,29.599999999999994,"REG +",10,{"$f":"IF(I298=\"\",\"\",IF(A298=\"H\",IF(OR(H298=\"SEN\",H298<1995),VLOOKUP(I298,Feuil1!$A$11:$F$29,6),IF(AND(H298>1994,H298<1998),VLOOKUP(I298,Feuil1!$A$11:$F$29,5),IF(AND(H298>1997,H298<2000),VLOOKUP(I298,Feuil1!$A$11:$F$29,4),IF(AND(H298>1999,H298<2002),VLOOKUP(I298,Feuil1!$A$11:$F$29,3),VLOOKUP(I298,Feuil1!$A$11:$F$29,2))))),IF(OR(H298=\"SEN\",H298<1995),VLOOKUP(I298,Feuil1!$G$11:$L$25,6),IF(AND(H298>1994,H298<1998),VLOOKUP(I298,Feuil1!$G$11:$L$25,5),IF(AND(H298>1997,H298<2000),VLOOKUP(I298,Feuil1!$G$11:$L$25,4),IF(AND(H298>1999,H298<2002),VLOOKUP(I298,Feuil1!$G$11:$L$25,3),VLOOKUP(I298,Feuil1!$G$11:$L$25,2)))))))","v":"J94"},238.7290743668498,null," ",{"$f":"T298-HLOOKUP(X298,Feuil1!$C$1:$BL$10,2,FALSE)","v":50},{"$f":"T298-HLOOKUP(X298,Feuil1!$C$1:$BL$10,3,FALSE)","v":30},{"$f":"T298-HLOOKUP(X298,Feuil1!$C$1:$BL$10,4,FALSE)","v":10},{"$f":"T298-HLOOKUP(X298,Feuil1!$C$1:$BL$10,5,FALSE)","v":-15},{"$f":"T298-HLOOKUP(X298,Feuil1!$C$1:$BL$10,6,FALSE)","v":-35},{"$f":"T298-HLOOKUP(X298,Feuil1!$C$1:$BL$10,7,FALSE)","v":-60},{"$f":"T298-HLOOKUP(X298,Feuil1!$C$1:$BL$10,8,FALSE)","v":-90},{"$f":"T298-HLOOKUP(X298,Feuil1!$C$1:$BL$10,9,FALSE)","v":-110},{"$f":"T298-HLOOKUP(X298,Feuil1!$C$1:$BL$10,10,FALSE)","v":-800},null,null,null,null,null,null,"REG +"]
["H","SEST","CAZ",9,392617,"ARCHOWSKI","Pierre",1997,88.89,"HC HYERES","F",75,80,85,85,110,-115,115,115,200,22.22,"REG +",10,{"$f":"IF(I299=\"\",\"\",IF(A299=\"H\",IF(OR(H299=\"SEN\",H299<1995),VLOOKUP(I299,Feuil1!$A$11:$F$29,6),IF(AND(H299>1994,H299<1998),VLOOKUP(I299,Feuil1!$A$11:$F$29,5),IF(AND(H299>1997,H299<2000),VLOOKUP(I299,Feuil1!$A$11:$F$29,4),IF(AND(H299>1999,H299<2002),VLOOKUP(I299,Feuil1!$A$11:$F$29,3),VLOOKUP(I299,Feuil1!$A$11:$F$29,2))))),IF(OR(H299=\"SEN\",H299<1995),VLOOKUP(I299,Feuil1!$G$11:$L$25,6),IF(AND(H299>1994,H299<1998),VLOOKUP(I299,Feuil1!$G$11:$L$25,5),IF(AND(H299>1997,H299<2000),VLOOKUP(I299,Feuil1!$G$11:$L$25,4),IF(AND(H299>1999,H299<2002),VLOOKUP(I299,Feuil1!$G$11:$L$25,3),VLOOKUP(I299,Feuil1!$G$11:$L$25,2)))))))","v":"J94"},233.92367453596256,null," ",{"$f":"T299-HLOOKUP(X299,Feuil1!$C$1:$BL$10,2,FALSE)","v":50},{"$f":"T299-HLOOKUP(X299,Feuil1!$C$1:$BL$10,3,FALSE)","v":30},{"$f":"T299-HLOOKUP(X299,Feuil1!$C$1:$BL$10,4,FALSE)","v":10},{"$f":"T299-HLOOKUP(X299,Feuil1!$C$1:$BL$10,5,FALSE)","v":-15},{"$f":"T299-HLOOKUP(X299,Feuil1!$C$1:$BL$10,6,FALSE)","v":-35},{"$f":"T299-HLOOKUP(X299,Feuil1!$C$1:$BL$10,7,FALSE)","v":-60},{"$f":"T299-HLOOKUP(X299,Feuil1!$C$1:$BL$10,8,FALSE)","v":-90},{"$f":"T299-HLOOKUP(X299,Feuil1!$C$1:$BL$10,9,FALSE)","v":-110},{"$f":"T299-HLOOKUP(X299,Feuil1!$C$1:$BL$10,10,FALSE)","v":-800},null,null,null,null,null,null,"REG +"]
["H","SO","MPY",10,375987,"SIMMONS","Rory",1996,87.2,"TARBES CUTPH","GBR",-80,-80,80,80,105,110,-115,110,190,15.599999999999994,"REG +",0,{"$f":"IF(I300=\"\",\"\",IF(A300=\"H\",IF(OR(H300=\"SEN\",H300<1995),VLOOKUP(I300,Feuil1!$A$11:$F$29,6),IF(AND(H300>1994,H300<1998),VLOOKUP(I300,Feuil1!$A$11:$F$29,5),IF(AND(H300>1997,H300<2000),VLOOKUP(I300,Feuil1!$A$11:$F$29,4),IF(AND(H300>1999,H300<2002),VLOOKUP(I300,Feuil1!$A$11:$F$29,3),VLOOKUP(I300,Feuil1!$A$11:$F$29,2))))),IF(OR(H300=\"SEN\",H300<1995),VLOOKUP(I300,Feuil1!$G$11:$L$25,6),IF(AND(H300>1994,H300<1998),VLOOKUP(I300,Feuil1!$G$11:$L$25,5),IF(AND(H300>1997,H300<2000),VLOOKUP(I300,Feuil1!$G$11:$L$25,4),IF(AND(H300>1999,H300<2002),VLOOKUP(I300,Feuil1!$G$11:$L$25,3),VLOOKUP(I300,Feuil1!$G$11:$L$25,2)))))))","v":"J94"},224.24834732748468,null," ",{"$f":"T300-HLOOKUP(X300,Feuil1!$C$1:$BL$10,2,FALSE)","v":40},{"$f":"T300-HLOOKUP(X300,Feuil1!$C$1:$BL$10,3,FALSE)","v":20},{"$f":"T300-HLOOKUP(X300,Feuil1!$C$1:$BL$10,4,FALSE)","v":0},{"$f":"T300-HLOOKUP(X300,Feuil1!$C$1:$BL$10,5,FALSE)","v":-25},{"$f":"T300-HLOOKUP(X300,Feuil1!$C$1:$BL$10,6,FALSE)","v":-45},{"$f":"T300-HLOOKUP(X300,Feuil1!$C$1:$BL$10,7,FALSE)","v":-70},{"$f":"T300-HLOOKUP(X300,Feuil1!$C$1:$BL$10,8,FALSE)","v":-100},{"$f":"T300-HLOOKUP(X300,Feuil1!$C$1:$BL$10,9,FALSE)","v":-120},{"$f":"T300-HLOOKUP(X300,Feuil1!$C$1:$BL$10,10,FALSE)","v":-810},null,null,null,null,null,null,"REG +"]
["H","N","IDF",11,245375,"PETITCUENOT","ROBIN",1996,88.5,"CHAVILLE ","F",75,80,90,90,90,100,-110,100,190,13,"REG +",0,{"$f":"IF(I301=\"\",\"\",IF(A301=\"H\",IF(OR(H301=\"SEN\",H301<1995),VLOOKUP(I301,Feuil1!$A$11:$F$29,6),IF(AND(H301>1994,H301<1998),VLOOKUP(I301,Feuil1!$A$11:$F$29,5),IF(AND(H301>1997,H301<2000),VLOOKUP(I301,Feuil1!$A$11:$F$29,4),IF(AND(H301>1999,H301<2002),VLOOKUP(I301,Feuil1!$A$11:$F$29,3),VLOOKUP(I301,Feuil1!$A$11:$F$29,2))))),IF(OR(H301=\"SEN\",H301<1995),VLOOKUP(I301,Feuil1!$G$11:$L$25,6),IF(AND(H301>1994,H301<1998),VLOOKUP(I301,Feuil1!$G$11:$L$25,5),IF(AND(H301>1997,H301<2000),VLOOKUP(I301,Feuil1!$G$11:$L$25,4),IF(AND(H301>1999,H301<2002),VLOOKUP(I301,Feuil1!$G$11:$L$25,3),VLOOKUP(I301,Feuil1!$G$11:$L$25,2)))))))","v":"J94"},222.68379834196921,null," ",{"$f":"T301-HLOOKUP(X301,Feuil1!$C$1:$BL$10,2,FALSE)","v":40},{"$f":"T301-HLOOKUP(X301,Feuil1!$C$1:$BL$10,3,FALSE)","v":20},{"$f":"T301-HLOOKUP(X301,Feuil1!$C$1:$BL$10,4,FALSE)","v":0},{"$f":"T301-HLOOKUP(X301,Feuil1!$C$1:$BL$10,5,FALSE)","v":-25},{"$f":"T301-HLOOKUP(X301,Feuil1!$C$1:$BL$10,6,FALSE)","v":-45},{"$f":"T301-HLOOKUP(X301,Feuil1!$C$1:$BL$10,7,FALSE)","v":-70},{"$f":"T301-HLOOKUP(X301,Feuil1!$C$1:$BL$10,8,FALSE)","v":-100},{"$f":"T301-HLOOKUP(X301,Feuil1!$C$1:$BL$10,9,FALSE)","v":-120},{"$f":"T301-HLOOKUP(X301,Feuil1!$C$1:$BL$10,10,FALSE)","v":-810},null,null,null,null,null,null,"REG +"]
["H","N","IDF",12,336652,"MASCLEF","CORENTIN",1997,85.3,"GENNEVILLIERS","F",75,83,-88,83,95,100,105,105,188,17.400000000000006,"DEP +",18,{"$f":"IF(I302=\"\",\"\",IF(A302=\"H\",IF(OR(H302=\"SEN\",H302<1995),VLOOKUP(I302,Feuil1!$A$11:$F$29,6),IF(AND(H302>1994,H302<1998),VLOOKUP(I302,Feuil1!$A$11:$F$29,5),IF(AND(H302>1997,H302<2000),VLOOKUP(I302,Feuil1!$A$11:$F$29,4),IF(AND(H302>1999,H302<2002),VLOOKUP(I302,Feuil1!$A$11:$F$29,3),VLOOKUP(I302,Feuil1!$A$11:$F$29,2))))),IF(OR(H302=\"SEN\",H302<1995),VLOOKUP(I302,Feuil1!$G$11:$L$25,6),IF(AND(H302>1994,H302<1998),VLOOKUP(I302,Feuil1!$G$11:$L$25,5),IF(AND(H302>1997,H302<2000),VLOOKUP(I302,Feuil1!$G$11:$L$25,4),IF(AND(H302>1999,H302<2002),VLOOKUP(I302,Feuil1!$G$11:$L$25,3),VLOOKUP(I302,Feuil1!$G$11:$L$25,2)))))))","v":"J94"},224.27537611763299,null," ",{"$f":"T302-HLOOKUP(X302,Feuil1!$C$1:$BL$10,2,FALSE)","v":38},{"$f":"T302-HLOOKUP(X302,Feuil1!$C$1:$BL$10,3,FALSE)","v":18},{"$f":"T302-HLOOKUP(X302,Feuil1!$C$1:$BL$10,4,FALSE)","v":-2},{"$f":"T302-HLOOKUP(X302,Feuil1!$C$1:$BL$10,5,FALSE)","v":-27},{"$f":"T302-HLOOKUP(X302,Feuil1!$C$1:$BL$10,6,FALSE)","v":-47},{"$f":"T302-HLOOKUP(X302,Feuil1!$C$1:$BL$10,7,FALSE)","v":-72},{"$f":"T302-HLOOKUP(X302,Feuil1!$C$1:$BL$10,8,FALSE)","v":-102},{"$f":"T302-HLOOKUP(X302,Feuil1!$C$1:$BL$10,9,FALSE)","v":-122},{"$f":"T302-HLOOKUP(X302,Feuil1!$C$1:$BL$10,10,FALSE)","v":-812},null,null,null,null,null,null,"DEP +"]
["H","NE","ALS",13,212649,"EL GHOUL","MOHAMED",1995,88.2,"SA Koenigshoffen","F",75,80,-83,80,93,100,102,102,182,5.5999999999999943,"DEP +",12,{"$f":"IF(I303=\"\",\"\",IF(A303=\"H\",IF(OR(H303=\"SEN\",H303<1995),VLOOKUP(I303,Feuil1!$A$11:$F$29,6),IF(AND(H303>1994,H303<1998),VLOOKUP(I303,Feuil1!$A$11:$F$29,5),IF(AND(H303>1997,H303<2000),VLOOKUP(I303,Feuil1!$A$11:$F$29,4),IF(AND(H303>1999,H303<2002),VLOOKUP(I303,Feuil1!$A$11:$F$29,3),VLOOKUP(I303,Feuil1!$A$11:$F$29,2))))),IF(OR(H303=\"SEN\",H303<1995),VLOOKUP(I303,Feuil1!$G$11:$L$25,6),IF(AND(H303>1994,H303<1998),VLOOKUP(I303,Feuil1!$G$11:$L$25,5),IF(AND(H303>1997,H303<2000),VLOOKUP(I303,Feuil1!$G$11:$L$25,4),IF(AND(H303>1999,H303<2002),VLOOKUP(I303,Feuil1!$G$11:$L$25,3),VLOOKUP(I303,Feuil1!$G$11:$L$25,2)))))))","v":"J94"},213.64774208080871,null," ",{"$f":"T303-HLOOKUP(X303,Feuil1!$C$1:$BL$10,2,FALSE)","v":32},{"$f":"T303-HLOOKUP(X303,Feuil1!$C$1:$BL$10,3,FALSE)","v":12},{"$f":"T303-HLOOKUP(X303,Feuil1!$C$1:$BL$10,4,FALSE)","v":-8},{"$f":"T303-HLOOKUP(X303,Feuil1!$C$1:$BL$10,5,FALSE)","v":-33},{"$f":"T303-HLOOKUP(X303,Feuil1!$C$1:$BL$10,6,FALSE)","v":-53},{"$f":"T303-HLOOKUP(X303,Feuil1!$C$1:$BL$10,7,FALSE)","v":-78},{"$f":"T303-HLOOKUP(X303,Feuil1!$C$1:$BL$10,8,FALSE)","v":-108},{"$f":"T303-HLOOKUP(X303,Feuil1!$C$1:$BL$10,9,FALSE)","v":-128},{"$f":"T303-HLOOKUP(X303,Feuil1!$C$1:$BL$10,10,FALSE)","v":-818},null,null,null,null,null,null,"DEP +"]
["H","SEST","LAN ",14,329036,"HUND","Ludovic",1997,90,"ASC Béziers","F",70,75,80,80,95,-102,-102,95,175,-5,"DEP +",5,{"$f":"IF(I304=\"\",\"\",IF(A304=\"H\",IF(OR(H304=\"SEN\",H304<1995),VLOOKUP(I304,Feuil1!$A$11:$F$29,6),IF(AND(H304>1994,H304<1998),VLOOKUP(I304,Feuil1!$A$11:$F$29,5),IF(AND(H304>1997,H304<2000),VLOOKUP(I304,Feuil1!$A$11:$F$29,4),IF(AND(H304>1999,H304<2002),VLOOKUP(I304,Feuil1!$A$11:$F$29,3),VLOOKUP(I304,Feuil1!$A$11:$F$29,2))))),IF(OR(H304=\"SEN\",H304<1995),VLOOKUP(I304,Feuil1!$G$11:$L$25,6),IF(AND(H304>1994,H304<1998),VLOOKUP(I304,Feuil1!$G$11:$L$25,5),IF(AND(H304>1997,H304<2000),VLOOKUP(I304,Feuil1!$G$11:$L$25,4),IF(AND(H304>1999,H304<2002),VLOOKUP(I304,Feuil1!$G$11:$L$25,3),VLOOKUP(I304,Feuil1!$G$11:$L$25,2)))))))","v":"J94"},203.51632441789451,null," ",{"$f":"T304-HLOOKUP(X304,Feuil1!$C$1:$BL$10,2,FALSE)","v":25},{"$f":"T304-HLOOKUP(X304,Feuil1!$C$1:$BL$10,3,FALSE)","v":5},{"$f":"T304-HLOOKUP(X304,Feuil1!$C$1:$BL$10,4,FALSE)","v":-15},{"$f":"T304-HLOOKUP(X304,Feuil1!$C$1:$BL$10,5,FALSE)","v":-40},{"$f":"T304-HLOOKUP(X304,Feuil1!$C$1:$BL$10,6,FALSE)","v":-60},{"$f":"T304-HLOOKUP(X304,Feuil1!$C$1:$BL$10,7,FALSE)","v":-85},{"$f":"T304-HLOOKUP(X304,Feuil1!$C$1:$BL$10,8,FALSE)","v":-115},{"$f":"T304-HLOOKUP(X304,Feuil1!$C$1:$BL$10,9,FALSE)","v":-135},{"$f":"T304-HLOOKUP(X304,Feuil1!$C$1:$BL$10,10,FALSE)","v":-825},null,null,null,null,null,null,"DEP +"]
["H","ZCO","BRE",15,288815,"BERTIN","Pierre Antoine",1997,91.9,"CA Lorient","F",70,-75,-75,70,90,95,100,100,170,-13.800000000000011,"DEP +",0,{"$f":"IF(I305=\"\",\"\",IF(A305=\"H\",IF(OR(H305=\"SEN\",H305<1995),VLOOKUP(I305,Feuil1!$A$11:$F$29,6),IF(AND(H305>1994,H305<1998),VLOOKUP(I305,Feuil1!$A$11:$F$29,5),IF(AND(H305>1997,H305<2000),VLOOKUP(I305,Feuil1!$A$11:$F$29,4),IF(AND(H305>1999,H305<2002),VLOOKUP(I305,Feuil1!$A$11:$F$29,3),VLOOKUP(I305,Feuil1!$A$11:$F$29,2))))),IF(OR(H305=\"SEN\",H305<1995),VLOOKUP(I305,Feuil1!$G$11:$L$25,6),IF(AND(H305>1994,H305<1998),VLOOKUP(I305,Feuil1!$G$11:$L$25,5),IF(AND(H305>1997,H305<2000),VLOOKUP(I305,Feuil1!$G$11:$L$25,4),IF(AND(H305>1999,H305<2002),VLOOKUP(I305,Feuil1!$G$11:$L$25,3),VLOOKUP(I305,Feuil1!$G$11:$L$25,2)))))))","v":"J94"},195.85490103797051,null," ",{"$f":"T305-HLOOKUP(X305,Feuil1!$C$1:$BL$10,2,FALSE)","v":20},{"$f":"T305-HLOOKUP(X305,Feuil1!$C$1:$BL$10,3,FALSE)","v":0},{"$f":"T305-HLOOKUP(X305,Feuil1!$C$1:$BL$10,4,FALSE)","v":-20},{"$f":"T305-HLOOKUP(X305,Feuil1!$C$1:$BL$10,5,FALSE)","v":-45},{"$f":"T305-HLOOKUP(X305,Feuil1!$C$1:$BL$10,6,FALSE)","v":-65},{"$f":"T305-HLOOKUP(X305,Feuil1!$C$1:$BL$10,7,FALSE)","v":-90},{"$f":"T305-HLOOKUP(X305,Feuil1!$C$1:$BL$10,8,FALSE)","v":-120},{"$f":"T305-HLOOKUP(X305,Feuil1!$C$1:$BL$10,9,FALSE)","v":-140},{"$f":"T305-HLOOKUP(X305,Feuil1!$C$1:$BL$10,10,FALSE)","v":-830},null,null,null,null,null,null,"DEP +"]
["H","NORD","NPC",16,366510,"MASOUTE","Guillaume",1996,91.5,"ST POL SUR MER","F",60,65,68,68,-75,80,85,85,153,-30,"DEB ",3,{"$f":"IF(I306=\"\",\"\",IF(A306=\"H\",IF(OR(H306=\"SEN\",H306<1995),VLOOKUP(I306,Feuil1!$A$11:$F$29,6),IF(AND(H306>1994,H306<1998),VLOOKUP(I306,Feuil1!$A$11:$F$29,5),IF(AND(H306>1997,H306<2000),VLOOKUP(I306,Feuil1!$A$11:$F$29,4),IF(AND(H306>1999,H306<2002),VLOOKUP(I306,Feuil1!$A$11:$F$29,3),VLOOKUP(I306,Feuil1!$A$11:$F$29,2))))),IF(OR(H306=\"SEN\",H306<1995),VLOOKUP(I306,Feuil1!$G$11:$L$25,6),IF(AND(H306>1994,H306<1998),VLOOKUP(I306,Feuil1!$G$11:$L$25,5),IF(AND(H306>1997,H306<2000),VLOOKUP(I306,Feuil1!$G$11:$L$25,4),IF(AND(H306>1999,H306<2002),VLOOKUP(I306,Feuil1!$G$11:$L$25,3),VLOOKUP(I306,Feuil1!$G$11:$L$25,2)))))))","v":"J94"},176.61075248373314,null," ",{"$f":"T306-HLOOKUP(X306,Feuil1!$C$1:$BL$10,2,FALSE)","v":3},{"$f":"T306-HLOOKUP(X306,Feuil1!$C$1:$BL$10,3,FALSE)","v":-17},{"$f":"T306-HLOOKUP(X306,Feuil1!$C$1:$BL$10,4,FALSE)","v":-37},{"$f":"T306-HLOOKUP(X306,Feuil1!$C$1:$BL$10,5,FALSE)","v":-62},{"$f":"T306-HLOOKUP(X306,Feuil1!$C$1:$BL$10,6,FALSE)","v":-82},{"$f":"T306-HLOOKUP(X306,Feuil1!$C$1:$BL$10,7,FALSE)","v":-107},{"$f":"T306-HLOOKUP(X306,Feuil1!$C$1:$BL$10,8,FALSE)","v":-137},{"$f":"T306-HLOOKUP(X306,Feuil1!$C$1:$BL$10,9,FALSE)","v":-157},{"$f":"T306-HLOOKUP(X306,Feuil1!$C$1:$BL$10,10,FALSE)","v":-847},null,null,null,null,null,null,"DEB "]
["H","CO","PDL",17,277175,"ORHANT","BRYAN",1997,85.3,"CJF LAVAL/VOUTRÉ","F",60,63,65,65,78,80,83,83,148,-22.599999999999994,"DEB ",-2,{"$f":"IF(I307=\"\",\"\",IF(A307=\"H\",IF(OR(H307=\"SEN\",H307<1995),VLOOKUP(I307,Feuil1!$A$11:$F$29,6),IF(AND(H307>1994,H307<1998),VLOOKUP(I307,Feuil1!$A$11:$F$29,5),IF(AND(H307>1997,H307<2000),VLOOKUP(I307,Feuil1!$A$11:$F$29,4),IF(AND(H307>1999,H307<2002),VLOOKUP(I307,Feuil1!$A$11:$F$29,3),VLOOKUP(I307,Feuil1!$A$11:$F$29,2))))),IF(OR(H307=\"SEN\",H307<1995),VLOOKUP(I307,Feuil1!$G$11:$L$25,6),IF(AND(H307>1994,H307<1998),VLOOKUP(I307,Feuil1!$G$11:$L$25,5),IF(AND(H307>1997,H307<2000),VLOOKUP(I307,Feuil1!$G$11:$L$25,4),IF(AND(H307>1999,H307<2002),VLOOKUP(I307,Feuil1!$G$11:$L$25,3),VLOOKUP(I307,Feuil1!$G$11:$L$25,2)))))))","v":"J94"},176.55721098622172,null," ",{"$f":"T307-HLOOKUP(X307,Feuil1!$C$1:$BL$10,2,FALSE)","v":-2},{"$f":"T307-HLOOKUP(X307,Feuil1!$C$1:$BL$10,3,FALSE)","v":-22},{"$f":"T307-HLOOKUP(X307,Feuil1!$C$1:$BL$10,4,FALSE)","v":-42},{"$f":"T307-HLOOKUP(X307,Feuil1!$C$1:$BL$10,5,FALSE)","v":-67},{"$f":"T307-HLOOKUP(X307,Feuil1!$C$1:$BL$10,6,FALSE)","v":-87},{"$f":"T307-HLOOKUP(X307,Feuil1!$C$1:$BL$10,7,FALSE)","v":-112},{"$f":"T307-HLOOKUP(X307,Feuil1!$C$1:$BL$10,8,FALSE)","v":-142},{"$f":"T307-HLOOKUP(X307,Feuil1!$C$1:$BL$10,9,FALSE)","v":-162},{"$f":"T307-HLOOKUP(X307,Feuil1!$C$1:$BL$10,10,FALSE)","v":-852},null,null,null,null,null,null,"DEB "]
["H","ZCO","BRE",18,389502,"DRULA","Clément",1995,85.7,"Vannes AC","F",55,60,63,63,70,-75,78,78,141,-30.400000000000006,"DEB ",-9,{"$f":"IF(I308=\"\",\"\",IF(A308=\"H\",IF(OR(H308=\"SEN\",H308<1995),VLOOKUP(I308,Feuil1!$A$11:$F$29,6),IF(AND(H308>1994,H308<1998),VLOOKUP(I308,Feuil1!$A$11:$F$29,5),IF(AND(H308>1997,H308<2000),VLOOKUP(I308,Feuil1!$A$11:$F$29,4),IF(AND(H308>1999,H308<2002),VLOOKUP(I308,Feuil1!$A$11:$F$29,3),VLOOKUP(I308,Feuil1!$A$11:$F$29,2))))),IF(OR(H308=\"SEN\",H308<1995),VLOOKUP(I308,Feuil1!$G$11:$L$25,6),IF(AND(H308>1994,H308<1998),VLOOKUP(I308,Feuil1!$G$11:$L$25,5),IF(AND(H308>1997,H308<2000),VLOOKUP(I308,Feuil1!$G$11:$L$25,4),IF(AND(H308>1999,H308<2002),VLOOKUP(I308,Feuil1!$G$11:$L$25,3),VLOOKUP(I308,Feuil1!$G$11:$L$25,2)))))))","v":"J94"},167.8199560222977,null," ",{"$f":"T308-HLOOKUP(X308,Feuil1!$C$1:$BL$10,2,FALSE)","v":-9},{"$f":"T308-HLOOKUP(X308,Feuil1!$C$1:$BL$10,3,FALSE)","v":-29},{"$f":"T308-HLOOKUP(X308,Feuil1!$C$1:$BL$10,4,FALSE)","v":-49},{"$f":"T308-HLOOKUP(X308,Feuil1!$C$1:$BL$10,5,FALSE)","v":-74},{"$f":"T308-HLOOKUP(X308,Feuil1!$C$1:$BL$10,6,FALSE)","v":-94},{"$f":"T308-HLOOKUP(X308,Feuil1!$C$1:$BL$10,7,FALSE)","v":-119},{"$f":"T308-HLOOKUP(X308,Feuil1!$C$1:$BL$10,8,FALSE)","v":-149},{"$f":"T308-HLOOKUP(X308,Feuil1!$C$1:$BL$10,9,FALSE)","v":-169},{"$f":"T308-HLOOKUP(X308,Feuil1!$C$1:$BL$10,10,FALSE)","v":-859},null,null,null,null,null,null,"DEB "]
["H","NORD","PIC",19,363997,"CLARYS","Benjamin",1996,90.35,"Moislains USC","F",45,50,55,55,60,65,-70,65,120,-60.699999999999989,"DEB ",-30,{"$f":"IF(I309=\"\",\"\",IF(A309=\"H\",IF(OR(H309=\"SEN\",H309<1995),VLOOKUP(I309,Feuil1!$A$11:$F$29,6),IF(AND(H309>1994,H309<1998),VLOOKUP(I309,Feuil1!$A$11:$F$29,5),IF(AND(H309>1997,H309<2000),VLOOKUP(I309,Feuil1!$A$11:$F$29,4),IF(AND(H309>1999,H309<2002),VLOOKUP(I309,Feuil1!$A$11:$F$29,3),VLOOKUP(I309,Feuil1!$A$11:$F$29,2))))),IF(OR(H309=\"SEN\",H309<1995),VLOOKUP(I309,Feuil1!$G$11:$L$25,6),IF(AND(H309>1994,H309<1998),VLOOKUP(I309,Feuil1!$G$11:$L$25,5),IF(AND(H309>1997,H309<2000),VLOOKUP(I309,Feuil1!$G$11:$L$25,4),IF(AND(H309>1999,H309<2002),VLOOKUP(I309,Feuil1!$G$11:$L$25,3),VLOOKUP(I309,Feuil1!$G$11:$L$25,2)))))))","v":"J94"},139.30777222453139,null," ",{"$f":"T309-HLOOKUP(X309,Feuil1!$C$1:$BL$10,2,FALSE)","v":-30},{"$f":"T309-HLOOKUP(X309,Feuil1!$C$1:$BL$10,3,FALSE)","v":-50},{"$f":"T309-HLOOKUP(X309,Feuil1!$C$1:$BL$10,4,FALSE)","v":-70},{"$f":"T309-HLOOKUP(X309,Feuil1!$C$1:$BL$10,5,FALSE)","v":-95},{"$f":"T309-HLOOKUP(X309,Feuil1!$C$1:$BL$10,6,FALSE)","v":-115},{"$f":"T309-HLOOKUP(X309,Feuil1!$C$1:$BL$10,7,FALSE)","v":-140},{"$f":"T309-HLOOKUP(X309,Feuil1!$C$1:$BL$10,8,FALSE)","v":-170},{"$f":"T309-HLOOKUP(X309,Feuil1!$C$1:$BL$10,9,FALSE)","v":-190},{"$f":"T309-HLOOKUP(X309,Feuil1!$C$1:$BL$10,10,FALSE)","v":-880},null,null,null,null,null,null,"DEB "]
[null,null,null,null,null,null,null,null,null,null,null,null,null,null,null,null,null,null,null,null,null,null,null,null,null,null," ",{"$f":"T310-HLOOKUP(X310,[1]Feuil1!$C$1:$BL$10,2,FALSE)","v":{"$error":"#N/A"}},{"$f":"T310-HLOOKUP(X310,[1]Feuil1!$C$1:$BL$10,3,FALSE)","v":{"$error":"#N/A"}},{"$f":"T310-HLOOKUP(X310,[1]Feuil1!$C$1:$BL$10,4,FALSE)","v":{"$error":"#N/A"}},{"$f":"T310-HLOOKUP(X310,[1]Feuil1!$C$1:$BL$10,5,FALSE)","v":{"$error":"#N/A"}},{"$f":"T310-HLOOKUP(X310,[1]Feuil1!$C$1:$BL$10,6,FALSE)","v":{"$error":"#N/A"}},{"$f":"T310-HLOOKUP(X310,[1]Feuil1!$C$1:$BL$10,7,FALSE)","v":{"$error":"#N/A"}},{"$f":"T310-HLOOKUP(X310,[1]Feuil1!$C$1:$BL$10,8,FALSE)","v":{"$error":"#N/A"}},{"$f":"T310-HLOOKUP(X310,[1]Feuil1!$C$1:$BL$10,9,FALSE)","v":{"$error":"#N/A"}},{"$f":"T310-HLOOKUP(X310,[1]Feuil1!$C$1:$BL$10,10,FALSE)","v":{"$error":"#N/A"}},null,null,null,null,null,null,{"$f":"IF(AJ310>=0,$AJ$4,IF(AI310>=0,$AI$4,IF(AH310>=0,$AH$4,IF(AG310>=0,$AG$4,IF(AF310>=0,$AF$4,IF(AE310>=0,$AE$4,IF(AD310>=0,$AD$4,IF(AC310>=0,$AC$4,$AB$4))))))))","v":{"$error":"#N/A"}}]
["H","SO","MPY",1,322351,"BOADA","Clément",1997,102.6,"FIGEAC HC","F",80,-85,85,{"$f":"IF(H311=\"\",\"\",IF(MAXA(L311:N311)<=0,0,MAXA(L311:N311)))","v":85},85,-95,-95,{"$f":"IF(H311=\"\",\"\",IF(MAXA(P311:R311)<=0,0,MAXA(P311:R311)))","v":85},{"$f":"IF(H311=\"\",\"\",IF(OR(O311=0,S311=0),0,O311+S311))","v":170},{"$f":"T311-I311*2","v":-35.199999999999989},{"$f":"IF(H311=\"\",\"\",AQ311)","v":"DEB "},{"$f":"IF(AJ311>=0,AJ311,IF(AI311>=0,AI311,IF(AH311>=0,AH311,IF(AG311>=0,AG311,IF(AF311>=0,AF311,IF(AE311>=0,AE311,IF(AD311>=0,AD311,IF(AC311>=0,AC311,AB311))))))))","v":15},{"$f":"IF(I311=\"\",\"\",IF(A311=\"H\",IF(OR(H311=\"SEN\",H311<1995),VLOOKUP(I311,Feuil1!$A$11:$F$29,6),IF(AND(H311>1994,H311<1998),VLOOKUP(I311,Feuil1!$A$11:$F$29,5),IF(AND(H311>1997,H311<2000),VLOOKUP(I311,Feuil1!$A$11:$F$29,4),IF(AND(H311>1999,H311<2002),VLOOKUP(I311,Feuil1!$A$11:$F$29,3),VLOOKUP(I311,Feuil1!$A$11:$F$29,2))))),IF(OR(H311=\"SEN\",H311<1995),VLOOKUP(I311,Feuil1!$G$11:$L$25,6),IF(AND(H311>1994,H311<1998),VLOOKUP(I311,Feuil1!$G$11:$L$25,5),IF(AND(H311>1997,H311<2000),VLOOKUP(I311,Feuil1!$G$11:$L$25,4),IF(AND(H311>1999,H311<2002),VLOOKUP(I311,Feuil1!$G$11:$L$25,3),VLOOKUP(I311,Feuil1!$G$11:$L$25,2)))))))","v":"J105"},{"$f":"IF(I311=\"\",\"\",IF(A311=\"H\",10^(0.794358141*LOG(I311/174.393)^2)*T311,IF(A311=\"F\",10^(0.89726074*LOG(I311/148.026)^2)*T311,\"\")))","v":187.33117335323942},null," ",{"$f":"T311-HLOOKUP(X311,Feuil1!$C$1:$BL$10,2,FALSE)","v":15},{"$f":"T311-HLOOKUP(X311,Feuil1!$C$1:$BL$10,3,FALSE)","v":-5},{"$f":"T311-HLOOKUP(X311,Feuil1!$C$1:$BL$10,4,FALSE)","v":-25},{"$f":"T311-HLOOKUP(X311,Feuil1!$C$1:$BL$10,5,FALSE)","v":-50},{"$f":"T311-HLOOKUP(X311,Feuil1!$C$1:$BL$10,6,FALSE)","v":-75},{"$f":"T311-HLOOKUP(X311,Feuil1!$C$1:$BL$10,7,FALSE)","v":-100},{"$f":"T311-HLOOKUP(X311,Feuil1!$C$1:$BL$10,8,FALSE)","v":-130},{"$f":"T311-HLOOKUP(X311,Feuil1!$C$1:$BL$10,9,FALSE)","v":-155},{"$f":"T311-HLOOKUP(X311,Feuil1!$C$1:$BL$10,10,FALSE)","v":-830},null,null,null,null,null,null,{"$f":"IF(AJ311>=0,$AJ$4,IF(AI311>=0,$AI$4,IF(AH311>=0,$AH$4,IF(AG311>=0,$AG$4,IF(AF311>=0,$AF$4,IF(AE311>=0,$AE$4,IF(AD311>=0,$AD$4,IF(AC311>=0,$AC$4,$AB$4))))))))","v":"DEB "}]
["H","NORD","NPC",2,327010,"CLEMENT","Mathieu",1995,103.4,"ALSH BULLY LES MINES","F",67,70,-72,70,90,93,97,97,167,-39.800000000000011,"DEB ",12,{"$f":"IF(I312=\"\",\"\",IF(A312=\"H\",IF(OR(H312=\"SEN\",H312<1995),VLOOKUP(I312,Feuil1!$A$11:$F$29,6),IF(AND(H312>1994,H312<1998),VLOOKUP(I312,Feuil1!$A$11:$F$29,5),IF(AND(H312>1997,H312<2000),VLOOKUP(I312,Feuil1!$A$11:$F$29,4),IF(AND(H312>1999,H312<2002),VLOOKUP(I312,Feuil1!$A$11:$F$29,3),VLOOKUP(I312,Feuil1!$A$11:$F$29,2))))),IF(OR(H312=\"SEN\",H312<1995),VLOOKUP(I312,Feuil1!$G$11:$L$25,6),IF(AND(H312>1994,H312<1998),VLOOKUP(I312,Feuil1!$G$11:$L$25,5),IF(AND(H312>1997,H312<2000),VLOOKUP(I312,Feuil1!$G$11:$L$25,4),IF(AND(H312>1999,H312<2002),VLOOKUP(I312,Feuil1!$G$11:$L$25,3),VLOOKUP(I312,Feuil1!$G$11:$L$25,2)))))))","v":"J105"},183.50674035030653,null," ",{"$f":"T312-HLOOKUP(X312,Feuil1!$C$1:$BL$10,2,FALSE)","v":12},{"$f":"T312-HLOOKUP(X312,Feuil1!$C$1:$BL$10,3,FALSE)","v":-8},{"$f":"T312-HLOOKUP(X312,Feuil1!$C$1:$BL$10,4,FALSE)","v":-28},{"$f":"T312-HLOOKUP(X312,Feuil1!$C$1:$BL$10,5,FALSE)","v":-53},{"$f":"T312-HLOOKUP(X312,Feuil1!$C$1:$BL$10,6,FALSE)","v":-78},{"$f":"T312-HLOOKUP(X312,Feuil1!$C$1:$BL$10,7,FALSE)","v":-103},{"$f":"T312-HLOOKUP(X312,Feuil1!$C$1:$BL$10,8,FALSE)","v":-133},{"$f":"T312-HLOOKUP(X312,Feuil1!$C$1:$BL$10,9,FALSE)","v":-158},{"$f":"T312-HLOOKUP(X312,Feuil1!$C$1:$BL$10,10,FALSE)","v":-833},null,null,null,null,null,null,"DEB "]
["H","ZCO","BRE",3,288815,"BERTIN","Pierre Antoine",1997,96.8,"CA Lorient","F",64,68,71,71,83,87,90,90,161,-32.599999999999994,"DEB ",6,{"$f":"IF(I313=\"\",\"\",IF(A313=\"H\",IF(OR(H313=\"SEN\",H313<1995),VLOOKUP(I313,Feuil1!$A$11:$F$29,6),IF(AND(H313>1994,H313<1998),VLOOKUP(I313,Feuil1!$A$11:$F$29,5),IF(AND(H313>1997,H313<2000),VLOOKUP(I313,Feuil1!$A$11:$F$29,4),IF(AND(H313>1999,H313<2002),VLOOKUP(I313,Feuil1!$A$11:$F$29,3),VLOOKUP(I313,Feuil1!$A$11:$F$29,2))))),IF(OR(H313=\"SEN\",H313<1995),VLOOKUP(I313,Feuil1!$G$11:$L$25,6),IF(AND(H313>1994,H313<1998),VLOOKUP(I313,Feuil1!$G$11:$L$25,5),IF(AND(H313>1997,H313<2000),VLOOKUP(I313,Feuil1!$G$11:$L$25,4),IF(AND(H313>1999,H313<2002),VLOOKUP(I313,Feuil1!$G$11:$L$25,3),VLOOKUP(I313,Feuil1!$G$11:$L$25,2)))))))","v":"J105"},181.44465479541563,null," ",{"$f":"T313-HLOOKUP(X313,Feuil1!$C$1:$BL$10,2,FALSE)","v":6},{"$f":"T313-HLOOKUP(X313,Feuil1!$C$1:$BL$10,3,FALSE)","v":-14},{"$f":"T313-HLOOKUP(X313,Feuil1!$C$1:$BL$10,4,FALSE)","v":-34},{"$f":"T313-HLOOKUP(X313,Feuil1!$C$1:$BL$10,5,FALSE)","v":-59},{"$f":"T313-HLOOKUP(X313,Feuil1!$C$1:$BL$10,6,FALSE)","v":-84},{"$f":"T313-HLOOKUP(X313,Feuil1!$C$1:$BL$10,7,FALSE)","v":-109},{"$f":"T313-HLOOKUP(X313,Feuil1!$C$1:$BL$10,8,FALSE)","v":-139},{"$f":"T313-HLOOKUP(X313,Feuil1!$C$1:$BL$10,9,FALSE)","v":-164},{"$f":"T313-HLOOKUP(X313,Feuil1!$C$1:$BL$10,10,FALSE)","v":-839},null,null,null,null,null,null,"DEB "]
["H","N","IDF",4,381153,"WAIT","ALEXANDRE",1996,101.3,"PONTOISE","F",40,45,51,51,70,77,80,80,131,-71.599999999999994,"DEB ",-24,{"$f":"IF(I314=\"\",\"\",IF(A314=\"H\",IF(OR(H314=\"SEN\",H314<1995),VLOOKUP(I314,Feuil1!$A$11:$F$29,6),IF(AND(H314>1994,H314<1998),VLOOKUP(I314,Feuil1!$A$11:$F$29,5),IF(AND(H314>1997,H314<2000),VLOOKUP(I314,Feuil1!$A$11:$F$29,4),IF(AND(H314>1999,H314<2002),VLOOKUP(I314,Feuil1!$A$11:$F$29,3),VLOOKUP(I314,Feuil1!$A$11:$F$29,2))))),IF(OR(H314=\"SEN\",H314<1995),VLOOKUP(I314,Feuil1!$G$11:$L$25,6),IF(AND(H314>1994,H314<1998),VLOOKUP(I314,Feuil1!$G$11:$L$25,5),IF(AND(H314>1997,H314<2000),VLOOKUP(I314,Feuil1!$G$11:$L$25,4),IF(AND(H314>1999,H314<2002),VLOOKUP(I314,Feuil1!$G$11:$L$25,3),VLOOKUP(I314,Feuil1!$G$11:$L$25,2)))))))","v":"J105"},145.03864311156795,null," ",{"$f":"T314-HLOOKUP(X314,Feuil1!$C$1:$BL$10,2,FALSE)","v":-24},{"$f":"T314-HLOOKUP(X314,Feuil1!$C$1:$BL$10,3,FALSE)","v":-44},{"$f":"T314-HLOOKUP(X314,Feuil1!$C$1:$BL$10,4,FALSE)","v":-64},{"$f":"T314-HLOOKUP(X314,Feuil1!$C$1:$BL$10,5,FALSE)","v":-89},{"$f":"T314-HLOOKUP(X314,Feuil1!$C$1:$BL$10,6,FALSE)","v":-114},{"$f":"T314-HLOOKUP(X314,Feuil1!$C$1:$BL$10,7,FALSE)","v":-139},{"$f":"T314-HLOOKUP(X314,Feuil1!$C$1:$BL$10,8,FALSE)","v":-169},{"$f":"T314-HLOOKUP(X314,Feuil1!$C$1:$BL$10,9,FALSE)","v":-194},{"$f":"T314-HLOOKUP(X314,Feuil1!$C$1:$BL$10,10,FALSE)","v":-869},null,null,null,null,null,null,"DEB "]
["H","NORD","PIC",5,351877,"LABARRE","Charles",1996,103.2,"La Ferté Milon CMHM","F",48,-53,53,53,60,67,72,72,125,-81.400000000000006,"DEB ",-30,{"$f":"IF(I315=\"\",\"\",IF(A315=\"H\",IF(OR(H315=\"SEN\",H315<1995),VLOOKUP(I315,Feuil1!$A$11:$F$29,6),IF(AND(H315>1994,H315<1998),VLOOKUP(I315,Feuil1!$A$11:$F$29,5),IF(AND(H315>1997,H315<2000),VLOOKUP(I315,Feuil1!$A$11:$F$29,4),IF(AND(H315>1999,H315<2002),VLOOKUP(I315,Feuil1!$A$11:$F$29,3),VLOOKUP(I315,Feuil1!$A$11:$F$29,2))))),IF(OR(H315=\"SEN\",H315<1995),VLOOKUP(I315,Feuil1!$G$11:$L$25,6),IF(AND(H315>1994,H315<1998),VLOOKUP(I315,Feuil1!$G$11:$L$25,5),IF(AND(H315>1997,H315<2000),VLOOKUP(I315,Feuil1!$G$11:$L$25,4),IF(AND(H315>1999,H315<2002),VLOOKUP(I315,Feuil1!$G$11:$L$25,3),VLOOKUP(I315,Feuil1!$G$11:$L$25,2)))))))","v":"J105"},137.45146580892316,null," ",{"$f":"T315-HLOOKUP(X315,Feuil1!$C$1:$BL$10,2,FALSE)","v":-30},{"$f":"T315-HLOOKUP(X315,Feuil1!$C$1:$BL$10,3,FALSE)","v":-50},{"$f":"T315-HLOOKUP(X315,Feuil1!$C$1:$BL$10,4,FALSE)","v":-70},{"$f":"T315-HLOOKUP(X315,Feuil1!$C$1:$BL$10,5,FALSE)","v":-95},{"$f":"T315-HLOOKUP(X315,Feuil1!$C$1:$BL$10,6,FALSE)","v":-120},{"$f":"T315-HLOOKUP(X315,Feuil1!$C$1:$BL$10,7,FALSE)","v":-145},{"$f":"T315-HLOOKUP(X315,Feuil1!$C$1:$BL$10,8,FALSE)","v":-175},{"$f":"T315-HLOOKUP(X315,Feuil1!$C$1:$BL$10,9,FALSE)","v":-200},{"$f":"T315-HLOOKUP(X315,Feuil1!$C$1:$BL$10,10,FALSE)","v":-875},null,null,null,null,null,null,"DEB "]
["H","NORD","PIC",6,386573,"BOSSÉ","Anthony",1997,98.9,"Hirson CEHT","F",45,48,51,51,65,-70,70,70,121,-76.800000000000011,"DEB ",-34,{"$f":"IF(I316=\"\",\"\",IF(A316=\"H\",IF(OR(H316=\"SEN\",H316<1995),VLOOKUP(I316,Feuil1!$A$11:$F$29,6),IF(AND(H316>1994,H316<1998),VLOOKUP(I316,Feuil1!$A$11:$F$29,5),IF(AND(H316>1997,H316<2000),VLOOKUP(I316,Feuil1!$A$11:$F$29,4),IF(AND(H316>1999,H316<2002),VLOOKUP(I316,Feuil1!$A$11:$F$29,3),VLOOKUP(I316,Feuil1!$A$11:$F$29,2))))),IF(OR(H316=\"SEN\",H316<1995),VLOOKUP(I316,Feuil1!$G$11:$L$25,6),IF(AND(H316>1994,H316<1998),VLOOKUP(I316,Feuil1!$G$11:$L$25,5),IF(AND(H316>1997,H316<2000),VLOOKUP(I316,Feuil1!$G$11:$L$25,4),IF(AND(H316>1999,H316<2002),VLOOKUP(I316,Feuil1!$G$11:$L$25,3),VLOOKUP(I316,Feuil1!$G$11:$L$25,2)))))))","v":"J105"},135.20317335817421,null," ",{"$f":"T316-HLOOKUP(X316,Feuil1!$C$1:$BL$10,2,FALSE)","v":-34},{"$f":"T316-HLOOKUP(X316,Feuil1!$C$1:$BL$10,3,FALSE)","v":-54},{"$f":"T316-HLOOKUP(X316,Feuil1!$C$1:$BL$10,4,FALSE)","v":-74},{"$f":"T316-HLOOKUP(X316,Feuil1!$C$1:$BL$10,5,FALSE)","v":-99},{"$f":"T316-HLOOKUP(X316,Feuil1!$C$1:$BL$10,6,FALSE)","v":-124},{"$f":"T316-HLOOKUP(X316,Feuil1!$C$1:$BL$10,7,FALSE)","v":-149},{"$f":"T316-HLOOKUP(X316,Feuil1!$C$1:$BL$10,8,FALSE)","v":-179},{"$f":"T316-HLOOKUP(X316,Feuil1!$C$1:$BL$10,9,FALSE)","v":-204},{"$f":"T316-HLOOKUP(X316,Feuil1!$C$1:$BL$10,10,FALSE)","v":-879},null,null,null,null,null,null,"DEB "]
["H","N","IDF",7,378165,"FERTIKH","RAYAN",1996,98.9,"FRANCONVILLE","F",35,40,42,42,45,50,53,53,95,-102.80000000000001,"DEB ",-60,{"$f":"IF(I317=\"\",\"\",IF(A317=\"H\",IF(OR(H317=\"SEN\",H317<1995),VLOOKUP(I317,Feuil1!$A$11:$F$29,6),IF(AND(H317>1994,H317<1998),VLOOKUP(I317,Feuil1!$A$11:$F$29,5),IF(AND(H317>1997,H317<2000),VLOOKUP(I317,Feuil1!$A$11:$F$29,4),IF(AND(H317>1999,H317<2002),VLOOKUP(I317,Feuil1!$A$11:$F$29,3),VLOOKUP(I317,Feuil1!$A$11:$F$29,2))))),IF(OR(H317=\"SEN\",H317<1995),VLOOKUP(I317,Feuil1!$G$11:$L$25,6),IF(AND(H317>1994,H317<1998),VLOOKUP(I317,Feuil1!$G$11:$L$25,5),IF(AND(H317>1997,H317<2000),VLOOKUP(I317,Feuil1!$G$11:$L$25,4),IF(AND(H317>1999,H317<2002),VLOOKUP(I317,Feuil1!$G$11:$L$25,3),VLOOKUP(I317,Feuil1!$G$11:$L$25,2)))))))","v":"J105"},106.15125181013678,null," ",{"$f":"T317-HLOOKUP(X317,Feuil1!$C$1:$BL$10,2,FALSE)","v":-60},{"$f":"T317-HLOOKUP(X317,Feuil1!$C$1:$BL$10,3,FALSE)","v":-80},{"$f":"T317-HLOOKUP(X317,Feuil1!$C$1:$BL$10,4,FALSE)","v":-100},{"$f":"T317-HLOOKUP(X317,Feuil1!$C$1:$BL$10,5,FALSE)","v":-125},{"$f":"T317-HLOOKUP(X317,Feuil1!$C$1:$BL$10,6,FALSE)","v":-150},{"$f":"T317-HLOOKUP(X317,Feuil1!$C$1:$BL$10,7,FALSE)","v":-175},{"$f":"T317-HLOOKUP(X317,Feuil1!$C$1:$BL$10,8,FALSE)","v":-205},{"$f":"T317-HLOOKUP(X317,Feuil1!$C$1:$BL$10,9,FALSE)","v":-230},{"$f":"T317-HLOOKUP(X317,Feuil1!$C$1:$BL$10,10,FALSE)","v":-905},null,null,null,null,null,null,"DEB "]
[null,null,null,null,null,null,null,null,null,null,null,null,null,null,null,null,null,null,null,null,null,null,null,null,null,null," ",{"$f":"T318-HLOOKUP(X318,[1]Feuil1!$C$1:$BL$10,2,FALSE)","v":{"$error":"#N/A"}},{"$f":"T318-HLOOKUP(X318,[1]Feuil1!$C$1:$BL$10,3,FALSE)","v":{"$error":"#N/A"}},{"$f":"T318-HLOOKUP(X318,[1]Feuil1!$C$1:$BL$10,4,FALSE)","v":{"$error":"#N/A"}},{"$f":"T318-HLOOKUP(X318,[1]Feuil1!$C$1:$BL$10,5,FALSE)","v":{"$error":"#N/A"}},{"$f":"T318-HLOOKUP(X318,[1]Feuil1!$C$1:$BL$10,6,FALSE)","v":{"$error":"#N/A"}},{"$f":"T318-HLOOKUP(X318,[1]Feuil1!$C$1:$BL$10,7,FALSE)","v":{"$error":"#N/A"}},{"$f":"T318-HLOOKUP(X318,[1]Feuil1!$C$1:$BL$10,8,FALSE)","v":{"$error":"#N/A"}},{"$f":"T318-HLOOKUP(X318,[1]Feuil1!$C$1:$BL$10,9,FALSE)","v":{"$error":"#N/A"}},{"$f":"T318-HLOOKUP(X318,[1]Feuil1!$C$1:$BL$10,10,FALSE)","v":{"$error":"#N/A"}},null,null,null,null,null,null,{"$f":"IF(AJ318>=0,$AJ$4,IF(AI318>=0,$AI$4,IF(AH318>=0,$AH$4,IF(AG318>=0,$AG$4,IF(AF318>=0,$AF$4,IF(AE318>=0,$AE$4,IF(AD318>=0,$AD$4,IF(AC318>=0,$AC$4,$AB$4))))))))","v":{"$error":"#N/A"}}]
["H","SEST","PRO",1,239336,"COULLET","Anthony",1997,139.1,"EEAR MONTEUX","F",142,150,155,{"$f":"IF(H319=\"\",\"\",IF(MAXA(L319:N319)<=0,0,MAXA(L319:N319)))","v":155},180,-191,191,{"$f":"IF(H319=\"\",\"\",IF(MAXA(P319:R319)<=0,0,MAXA(P319:R319)))","v":191},{"$f":"IF(H319=\"\",\"\",IF(OR(O319=0,S319=0),0,O319+S319))","v":346},{"$f":"T319-I319*2","v":67.800000000000011},{"$f":"IF(H319=\"\",\"\",AQ319)","v":"INTA +"},{"$f":"IF(AJ319>=0,AJ319,IF(AI319>=0,AI319,IF(AH319>=0,AH319,IF(AG319>=0,AG319,IF(AF319>=0,AF319,IF(AE319>=0,AE319,IF(AD319>=0,AD319,IF(AC319>=0,AC319,AB319))))))))","v":16},{"$f":"IF(I319=\"\",\"\",IF(A319=\"H\",IF(OR(H319=\"SEN\",H319<1995),VLOOKUP(I319,Feuil1!$A$11:$F$29,6),IF(AND(H319>1994,H319<1998),VLOOKUP(I319,Feuil1!$A$11:$F$29,5),IF(AND(H319>1997,H319<2000),VLOOKUP(I319,Feuil1!$A$11:$F$29,4),IF(AND(H319>1999,H319<2002),VLOOKUP(I319,Feuil1!$A$11:$F$29,3),VLOOKUP(I319,Feuil1!$A$11:$F$29,2))))),IF(OR(H319=\"SEN\",H319<1995),VLOOKUP(I319,Feuil1!$G$11:$L$25,6),IF(AND(H319>1994,H319<1998),VLOOKUP(I319,Feuil1!$G$11:$L$25,5),IF(AND(H319>1997,H319<2000),VLOOKUP(I319,Feuil1!$G$11:$L$25,4),IF(AND(H319>1999,H319<2002),VLOOKUP(I319,Feuil1!$G$11:$L$25,3),VLOOKUP(I319,Feuil1!$G$11:$L$25,2)))))))","v":"J+105"},{"$f":"IF(I319=\"\",\"\",IF(A319=\"H\",10^(0.794358141*LOG(I319/174.393)^2)*T319,IF(A319=\"F\",10^(0.89726074*LOG(I319/148.026)^2)*T319,\"\")))","v":352.15720988216498},null," ",{"$f":"T319-HLOOKUP(X319,Feuil1!$C$1:$BL$10,2,FALSE)","v":181},{"$f":"T319-HLOOKUP(X319,Feuil1!$C$1:$BL$10,3,FALSE)","v":161},{"$f":"T319-HLOOKUP(X319,Feuil1!$C$1:$BL$10,4,FALSE)","v":141},{"$f":"T319-HLOOKUP(X319,Feuil1!$C$1:$BL$10,5,FALSE)","v":121},{"$f":"T319-HLOOKUP(X319,Feuil1!$C$1:$BL$10,6,FALSE)","v":96},{"$f":"T319-HLOOKUP(X319,Feuil1!$C$1:$BL$10,7,FALSE)","v":66},{"$f":"T319-HLOOKUP(X319,Feuil1!$C$1:$BL$10,8,FALSE)","v":36},{"$f":"T319-HLOOKUP(X319,Feuil1!$C$1:$BL$10,9,FALSE)","v":16},{"$f":"T319-HLOOKUP(X319,Feuil1!$C$1:$BL$10,10,FALSE)","v":-9654},null,null,null,null,null,null,{"$f":"IF(AJ319>=0,$AJ$4,IF(AI319>=0,$AI$4,IF(AH319>=0,$AH$4,IF(AG319>=0,$AG$4,IF(AF319>=0,$AF$4,IF(AE319>=0,$AE$4,IF(AD319>=0,$AD$4,IF(AC319>=0,$AC$4,$AB$4))))))))","v":"INTA +"}]
["H","DOM","NCL",2,348186,"LAGIKULA","Petelo",1995,114.2,"CMO LA FOA  ","F",140,145,-150,{"$f":"IF(H320=\"\",\"\",IF(MAXA(L320:N320)<=0,0,MAXA(L320:N320)))","v":145},-171,171,180,{"$f":"IF(H320=\"\",\"\",IF(MAXA(P320:R320)<=0,0,MAXA(P320:R320)))","v":180},{"$f":"IF(H320=\"\",\"\",IF(OR(O320=0,S320=0),0,O320+S320))","v":325},{"$f":"T320-I320*2","v":96.6},{"$f":"IF(H320=\"\",\"\",AQ320)","v":"INTB +"},{"$f":"IF(AJ320>=0,AJ320,IF(AI320>=0,AI320,IF(AH320>=0,AH320,IF(AG320>=0,AG320,IF(AF320>=0,AF320,IF(AE320>=0,AE320,IF(AD320>=0,AD320,IF(AC320>=0,AC320,AB320))))))))","v":15},{"$f":"IF(I320=\"\",\"\",IF(A320=\"H\",IF(OR(H320=\"SEN\",H320<1995),VLOOKUP(I320,Feuil1!$A$11:$F$29,6),IF(AND(H320>1994,H320<1998),VLOOKUP(I320,Feuil1!$A$11:$F$29,5),IF(AND(H320>1997,H320<2000),VLOOKUP(I320,Feuil1!$A$11:$F$29,4),IF(AND(H320>1999,H320<2002),VLOOKUP(I320,Feuil1!$A$11:$F$29,3),VLOOKUP(I320,Feuil1!$A$11:$F$29,2))))),IF(OR(H320=\"SEN\",H320<1995),VLOOKUP(I320,Feuil1!$G$11:$L$25,6),IF(AND(H320>1994,H320<1998),VLOOKUP(I320,Feuil1!$G$11:$L$25,5),IF(AND(H320>1997,H320<2000),VLOOKUP(I320,Feuil1!$G$11:$L$25,4),IF(AND(H320>1999,H320<2002),VLOOKUP(I320,Feuil1!$G$11:$L$25,3),VLOOKUP(I320,Feuil1!$G$11:$L$25,2)))))))","v":"J+105"},{"$f":"IF(I320=\"\",\"\",IF(A320=\"H\",10^(0.794358141*LOG(I320/174.393)^2)*T320,IF(A320=\"F\",10^(0.89726074*LOG(I320/148.026)^2)*T320,\"\")))","v":345.73002742274321},null," ",{"$f":"T320-HLOOKUP(X320,Feuil1!$C$1:$BL$10,2,FALSE)","v":160},{"$f":"T320-HLOOKUP(X320,Feuil1!$C$1:$BL$10,3,FALSE)","v":140},{"$f":"T320-HLOOKUP(X320,Feuil1!$C$1:$BL$10,4,FALSE)","v":120},{"$f":"T320-HLOOKUP(X320,Feuil1!$C$1:$BL$10,5,FALSE)","v":100},{"$f":"T320-HLOOKUP(X320,Feuil1!$C$1:$BL$10,6,FALSE)","v":75},{"$f":"T320-HLOOKUP(X320,Feuil1!$C$1:$BL$10,7,FALSE)","v":45},{"$f":"T320-HLOOKUP(X320,Feuil1!$C$1:$BL$10,8,FALSE)","v":15},{"$f":"T320-HLOOKUP(X320,Feuil1!$C$1:$BL$10,9,FALSE)","v":-5},{"$f":"T320-HLOOKUP(X320,Feuil1!$C$1:$BL$10,10,FALSE)","v":-9675},null,null,null,null,null,null,{"$f":"IF(AJ320>=0,$AJ$4,IF(AI320>=0,$AI$4,IF(AH320>=0,$AH$4,IF(AG320>=0,$AG$4,IF(AF320>=0,$AF$4,IF(AE320>=0,$AE$4,IF(AD320>=0,$AD$4,IF(AC320>=0,$AC$4,$AB$4))))))))","v":"INTB +"}]
["H","DOM","MAR",3,338059,"MERLIN","Tristan",1995,136,"ABBC/Foyal Didier","F",100,105,110,110,115,120,125,125,235,-37,"IRG +",10,{"$f":"IF(I321=\"\",\"\",IF(A321=\"H\",IF(OR(H321=\"SEN\",H321<1995),VLOOKUP(I321,Feuil1!$A$11:$F$29,6),IF(AND(H321>1994,H321<1998),VLOOKUP(I321,Feuil1!$A$11:$F$29,5),IF(AND(H321>1997,H321<2000),VLOOKUP(I321,Feuil1!$A$11:$F$29,4),IF(AND(H321>1999,H321<2002),VLOOKUP(I321,Feuil1!$A$11:$F$29,3),VLOOKUP(I321,Feuil1!$A$11:$F$29,2))))),IF(OR(H321=\"SEN\",H321<1995),VLOOKUP(I321,Feuil1!$G$11:$L$25,6),IF(AND(H321>1994,H321<1998),VLOOKUP(I321,Feuil1!$G$11:$L$25,5),IF(AND(H321>1997,H321<2000),VLOOKUP(I321,Feuil1!$G$11:$L$25,4),IF(AND(H321>1999,H321<2002),VLOOKUP(I321,Feuil1!$G$11:$L$25,3),VLOOKUP(I321,Feuil1!$G$11:$L$25,2)))))))","v":"J+105"},240.06650174923928,null," ",{"$f":"T321-HLOOKUP(X321,Feuil1!$C$1:$BL$10,2,FALSE)","v":70},{"$f":"T321-HLOOKUP(X321,Feuil1!$C$1:$BL$10,3,FALSE)","v":50},{"$f":"T321-HLOOKUP(X321,Feuil1!$C$1:$BL$10,4,FALSE)","v":30},{"$f":"T321-HLOOKUP(X321,Feuil1!$C$1:$BL$10,5,FALSE)","v":10},{"$f":"T321-HLOOKUP(X321,Feuil1!$C$1:$BL$10,6,FALSE)","v":-15},{"$f":"T321-HLOOKUP(X321,Feuil1!$C$1:$BL$10,7,FALSE)","v":-45},{"$f":"T321-HLOOKUP(X321,Feuil1!$C$1:$BL$10,8,FALSE)","v":-75},{"$f":"T321-HLOOKUP(X321,Feuil1!$C$1:$BL$10,9,FALSE)","v":-95},{"$f":"T321-HLOOKUP(X321,Feuil1!$C$1:$BL$10,10,FALSE)","v":-9765},null,null,null,null,null,null,"IRG +"]
["H","CO","PDL",4,83730,"MEZIERE","Sébastien",1995,137.4,"CA Evron 53","F",95,101,-103,101,125,130,132,132,233,-41.800000000000011,"IRG +",8,{"$f":"IF(I322=\"\",\"\",IF(A322=\"H\",IF(OR(H322=\"SEN\",H322<1995),VLOOKUP(I322,Feuil1!$A$11:$F$29,6),IF(AND(H322>1994,H322<1998),VLOOKUP(I322,Feuil1!$A$11:$F$29,5),IF(AND(H322>1997,H322<2000),VLOOKUP(I322,Feuil1!$A$11:$F$29,4),IF(AND(H322>1999,H322<2002),VLOOKUP(I322,Feuil1!$A$11:$F$29,3),VLOOKUP(I322,Feuil1!$A$11:$F$29,2))))),IF(OR(H322=\"SEN\",H322<1995),VLOOKUP(I322,Feuil1!$G$11:$L$25,6),IF(AND(H322>1994,H322<1998),VLOOKUP(I322,Feuil1!$G$11:$L$25,5),IF(AND(H322>1997,H322<2000),VLOOKUP(I322,Feuil1!$G$11:$L$25,4),IF(AND(H322>1999,H322<2002),VLOOKUP(I322,Feuil1!$G$11:$L$25,3),VLOOKUP(I322,Feuil1!$G$11:$L$25,2)))))))","v":"J+105"},237.61411941234456,null," ",{"$f":"T322-HLOOKUP(X322,Feuil1!$C$1:$BL$10,2,FALSE)","v":68},{"$f":"T322-HLOOKUP(X322,Feuil1!$C$1:$BL$10,3,FALSE)","v":48},{"$f":"T322-HLOOKUP(X322,Feuil1!$C$1:$BL$10,4,FALSE)","v":28},{"$f":"T322-HLOOKUP(X322,Feuil1!$C$1:$BL$10,5,FALSE)","v":8},{"$f":"T322-HLOOKUP(X322,Feuil1!$C$1:$BL$10,6,FALSE)","v":-17},{"$f":"T322-HLOOKUP(X322,Feuil1!$C$1:$BL$10,7,FALSE)","v":-47},{"$f":"T322-HLOOKUP(X322,Feuil1!$C$1:$BL$10,8,FALSE)","v":-77},{"$f":"T322-HLOOKUP(X322,Feuil1!$C$1:$BL$10,9,FALSE)","v":-97},{"$f":"T322-HLOOKUP(X322,Feuil1!$C$1:$BL$10,10,FALSE)","v":-9767},null,null,null,null,null,null,"IRG +"]
["H","NORD","NPC",5,261201,"BAUQUEL","Tristan",1996,110,"C.A.ROSENDAEL","F",90,-95,97,97,117,123,-127,123,220,0,"REG +",15,{"$f":"IF(I323=\"\",\"\",IF(A323=\"H\",IF(OR(H323=\"SEN\",H323<1995),VLOOKUP(I323,Feuil1!$A$11:$F$29,6),IF(AND(H323>1994,H323<1998),VLOOKUP(I323,Feuil1!$A$11:$F$29,5),IF(AND(H323>1997,H323<2000),VLOOKUP(I323,Feuil1!$A$11:$F$29,4),IF(AND(H323>1999,H323<2002),VLOOKUP(I323,Feuil1!$A$11:$F$29,3),VLOOKUP(I323,Feuil1!$A$11:$F$29,2))))),IF(OR(H323=\"SEN\",H323<1995),VLOOKUP(I323,Feuil1!$G$11:$L$25,6),IF(AND(H323>1994,H323<1998),VLOOKUP(I323,Feuil1!$G$11:$L$25,5),IF(AND(H323>1997,H323<2000),VLOOKUP(I323,Feuil1!$G$11:$L$25,4),IF(AND(H323>1999,H323<2002),VLOOKUP(I323,Feuil1!$G$11:$L$25,3),VLOOKUP(I323,Feuil1!$G$11:$L$25,2)))))))","v":"J+105"},236.72294211910844,null," ",{"$f":"T323-HLOOKUP(X323,Feuil1!$C$1:$BL$10,2,FALSE)","v":55},{"$f":"T323-HLOOKUP(X323,Feuil1!$C$1:$BL$10,3,FALSE)","v":35},{"$f":"T323-HLOOKUP(X323,Feuil1!$C$1:$BL$10,4,FALSE)","v":15},{"$f":"T323-HLOOKUP(X323,Feuil1!$C$1:$BL$10,5,FALSE)","v":-5},{"$f":"T323-HLOOKUP(X323,Feuil1!$C$1:$BL$10,6,FALSE)","v":-30},{"$f":"T323-HLOOKUP(X323,Feuil1!$C$1:$BL$10,7,FALSE)","v":-60},{"$f":"T323-HLOOKUP(X323,Feuil1!$C$1:$BL$10,8,FALSE)","v":-90},{"$f":"T323-HLOOKUP(X323,Feuil1!$C$1:$BL$10,9,FALSE)","v":-110},{"$f":"T323-HLOOKUP(X323,Feuil1!$C$1:$BL$10,10,FALSE)","v":-9780},null,null,null,null,null,null,"REG +"]
["H","DOM","MAR",6,286907,"CLODION","Yannis",1996,117,"ABBC/Foyal Didier","F",95,100,-103,100,115,120,-123,120,220,-14,"REG +",15,{"$f":"IF(I324=\"\",\"\",IF(A324=\"H\",IF(OR(H324=\"SEN\",H324<1995),VLOOKUP(I324,Feuil1!$A$11:$F$29,6),IF(AND(H324>1994,H324<1998),VLOOKUP(I324,Feuil1!$A$11:$F$29,5),IF(AND(H324>1997,H324<2000),VLOOKUP(I324,Feuil1!$A$11:$F$29,4),IF(AND(H324>1999,H324<2002),VLOOKUP(I324,Feuil1!$A$11:$F$29,3),VLOOKUP(I324,Feuil1!$A$11:$F$29,2))))),IF(OR(H324=\"SEN\",H324<1995),VLOOKUP(I324,Feuil1!$G$11:$L$25,6),IF(AND(H324>1994,H324<1998),VLOOKUP(I324,Feuil1!$G$11:$L$25,5),IF(AND(H324>1997,H324<2000),VLOOKUP(I324,Feuil1!$G$11:$L$25,4),IF(AND(H324>1999,H324<2002),VLOOKUP(I324,Feuil1!$G$11:$L$25,3),VLOOKUP(I324,Feuil1!$G$11:$L$25,2)))))))","v":"J+105"},232.429604597214,null," ",{"$f":"T324-HLOOKUP(X324,Feuil1!$C$1:$BL$10,2,FALSE)","v":55},{"$f":"T324-HLOOKUP(X324,Feuil1!$C$1:$BL$10,3,FALSE)","v":35},{"$f":"T324-HLOOKUP(X324,Feuil1!$C$1:$BL$10,4,FALSE)","v":15},{"$f":"T324-HLOOKUP(X324,Feuil1!$C$1:$BL$10,5,FALSE)","v":-5},{"$f":"T324-HLOOKUP(X324,Feuil1!$C$1:$BL$10,6,FALSE)","v":-30},{"$f":"T324-HLOOKUP(X324,Feuil1!$C$1:$BL$10,7,FALSE)","v":-60},{"$f":"T324-HLOOKUP(X324,Feuil1!$C$1:$BL$10,8,FALSE)","v":-90},{"$f":"T324-HLOOKUP(X324,Feuil1!$C$1:$BL$10,9,FALSE)","v":-110},{"$f":"T324-HLOOKUP(X324,Feuil1!$C$1:$BL$10,10,FALSE)","v":-9780},null,null,null,null,null,null,"REG +"]
["H","SEST","LAN ",7,124151,"RIERA","Robin",1996,118.8,"Frontignan AC","F",95,100,-107,100,120,-130,-130,120,220,-17.599999999999994,"REG +",15,{"$f":"IF(I325=\"\",\"\",IF(A325=\"H\",IF(OR(H325=\"SEN\",H325<1995),VLOOKUP(I325,Feuil1!$A$11:$F$29,6),IF(AND(H325>1994,H325<1998),VLOOKUP(I325,Feuil1!$A$11:$F$29,5),IF(AND(H325>1997,H325<2000),VLOOKUP(I325,Feuil1!$A$11:$F$29,4),IF(AND(H325>1999,H325<2002),VLOOKUP(I325,Feuil1!$A$11:$F$29,3),VLOOKUP(I325,Feuil1!$A$11:$F$29,2))))),IF(OR(H325=\"SEN\",H325<1995),VLOOKUP(I325,Feuil1!$G$11:$L$25,6),IF(AND(H325>1994,H325<1998),VLOOKUP(I325,Feuil1!$G$11:$L$25,5),IF(AND(H325>1997,H325<2000),VLOOKUP(I325,Feuil1!$G$11:$L$25,4),IF(AND(H325>1999,H325<2002),VLOOKUP(I325,Feuil1!$G$11:$L$25,3),VLOOKUP(I325,Feuil1!$G$11:$L$25,2)))))))","v":"J+105"},231.47300570872991,null," ",{"$f":"T325-HLOOKUP(X325,Feuil1!$C$1:$BL$10,2,FALSE)","v":55},{"$f":"T325-HLOOKUP(X325,Feuil1!$C$1:$BL$10,3,FALSE)","v":35},{"$f":"T325-HLOOKUP(X325,Feuil1!$C$1:$BL$10,4,FALSE)","v":15},{"$f":"T325-HLOOKUP(X325,Feuil1!$C$1:$BL$10,5,FALSE)","v":-5},{"$f":"T325-HLOOKUP(X325,Feuil1!$C$1:$BL$10,6,FALSE)","v":-30},{"$f":"T325-HLOOKUP(X325,Feuil1!$C$1:$BL$10,7,FALSE)","v":-60},{"$f":"T325-HLOOKUP(X325,Feuil1!$C$1:$BL$10,8,FALSE)","v":-90},{"$f":"T325-HLOOKUP(X325,Feuil1!$C$1:$BL$10,9,FALSE)","v":-110},{"$f":"T325-HLOOKUP(X325,Feuil1!$C$1:$BL$10,10,FALSE)","v":-9780},null,null,null,null,null,null,"REG +"]
["H","NORD","NPC",8,327010,"CLEMENT","Mathieu",1995,109.2,"ALSH BULLY LES MINES","F",75,78,81,81,112,-117,117,117,198,-20.400000000000006,"DEP +",13,{"$f":"IF(I326=\"\",\"\",IF(A326=\"H\",IF(OR(H326=\"SEN\",H326<1995),VLOOKUP(I326,Feuil1!$A$11:$F$29,6),IF(AND(H326>1994,H326<1998),VLOOKUP(I326,Feuil1!$A$11:$F$29,5),IF(AND(H326>1997,H326<2000),VLOOKUP(I326,Feuil1!$A$11:$F$29,4),IF(AND(H326>1999,H326<2002),VLOOKUP(I326,Feuil1!$A$11:$F$29,3),VLOOKUP(I326,Feuil1!$A$11:$F$29,2))))),IF(OR(H326=\"SEN\",H326<1995),VLOOKUP(I326,Feuil1!$G$11:$L$25,6),IF(AND(H326>1994,H326<1998),VLOOKUP(I326,Feuil1!$G$11:$L$25,5),IF(AND(H326>1997,H326<2000),VLOOKUP(I326,Feuil1!$G$11:$L$25,4),IF(AND(H326>1999,H326<2002),VLOOKUP(I326,Feuil1!$G$11:$L$25,3),VLOOKUP(I326,Feuil1!$G$11:$L$25,2)))))))","v":"J+105"},213.54961347420891,null," ",{"$f":"T326-HLOOKUP(X326,Feuil1!$C$1:$BL$10,2,FALSE)","v":33},{"$f":"T326-HLOOKUP(X326,Feuil1!$C$1:$BL$10,3,FALSE)","v":13},{"$f":"T326-HLOOKUP(X326,Feuil1!$C$1:$BL$10,4,FALSE)","v":-7},{"$f":"T326-HLOOKUP(X326,Feuil1!$C$1:$BL$10,5,FALSE)","v":-27},{"$f":"T326-HLOOKUP(X326,Feuil1!$C$1:$BL$10,6,FALSE)","v":-52},{"$f":"T326-HLOOKUP(X326,Feuil1!$C$1:$BL$10,7,FALSE)","v":-82},{"$f":"T326-HLOOKUP(X326,Feuil1!$C$1:$BL$10,8,FALSE)","v":-112},{"$f":"T326-HLOOKUP(X326,Feuil1!$C$1:$BL$10,9,FALSE)","v":-132},{"$f":"T326-HLOOKUP(X326,Feuil1!$C$1:$BL$10,10,FALSE)","v":-9802},null,null,null,null,null,null,"DEP +"]
["H","N","IDF",9,381153,"WAIT","Alexandre",1996,106.9,"PONTOISE","F",55,65,75,75,75,85,-90,85,160,-53.800000000000011,"DEB ",-5,{"$f":"IF(I327=\"\",\"\",IF(A327=\"H\",IF(OR(H327=\"SEN\",H327<1995),VLOOKUP(I327,Feuil1!$A$11:$F$29,6),IF(AND(H327>1994,H327<1998),VLOOKUP(I327,Feuil1!$A$11:$F$29,5),IF(AND(H327>1997,H327<2000),VLOOKUP(I327,Feuil1!$A$11:$F$29,4),IF(AND(H327>1999,H327<2002),VLOOKUP(I327,Feuil1!$A$11:$F$29,3),VLOOKUP(I327,Feuil1!$A$11:$F$29,2))))),IF(OR(H327=\"SEN\",H327<1995),VLOOKUP(I327,Feuil1!$G$11:$L$25,6),IF(AND(H327>1994,H327<1998),VLOOKUP(I327,Feuil1!$G$11:$L$25,5),IF(AND(H327>1997,H327<2000),VLOOKUP(I327,Feuil1!$G$11:$L$25,4),IF(AND(H327>1999,H327<2002),VLOOKUP(I327,Feuil1!$G$11:$L$25,3),VLOOKUP(I327,Feuil1!$G$11:$L$25,2)))))))","v":"J+105"},173.7831052770992,null," ",{"$f":"T327-HLOOKUP(X327,Feuil1!$C$1:$BL$10,2,FALSE)","v":-5},{"$f":"T327-HLOOKUP(X327,Feuil1!$C$1:$BL$10,3,FALSE)","v":-25},{"$f":"T327-HLOOKUP(X327,Feuil1!$C$1:$BL$10,4,FALSE)","v":-45},{"$f":"T327-HLOOKUP(X327,Feuil1!$C$1:$BL$10,5,FALSE)","v":-65},{"$f":"T327-HLOOKUP(X327,Feuil1!$C$1:$BL$10,6,FALSE)","v":-90},{"$f":"T327-HLOOKUP(X327,Feuil1!$C$1:$BL$10,7,FALSE)","v":-120},{"$f":"T327-HLOOKUP(X327,Feuil1!$C$1:$BL$10,8,FALSE)","v":-150},{"$f":"T327-HLOOKUP(X327,Feuil1!$C$1:$BL$10,9,FALSE)","v":-170},{"$f":"T327-HLOOKUP(X327,Feuil1!$C$1:$BL$10,10,FALSE)","v":-9840},null,null,null,null,null,null,"DEB "]
["H","NE","LOR",10,314656,"GUALANDI","David",1996,107.7,"E.S.LANEUVEVILLOISE","F",65,70,-73,70,85,90,-95,90,160,-55.400000000000006,"DEB ",-5,{"$f":"IF(I328=\"\",\"\",IF(A328=\"H\",IF(OR(H328=\"SEN\",H328<1995),VLOOKUP(I328,Feuil1!$A$11:$F$29,6),IF(AND(H328>1994,H328<1998),VLOOKUP(I328,Feuil1!$A$11:$F$29,5),IF(AND(H328>1997,H328<2000),VLOOKUP(I328,Feuil1!$A$11:$F$29,4),IF(AND(H328>1999,H328<2002),VLOOKUP(I328,Feuil1!$A$11:$F$29,3),VLOOKUP(I328,Feuil1!$A$11:$F$29,2))))),IF(OR(H328=\"SEN\",H328<1995),VLOOKUP(I328,Feuil1!$G$11:$L$25,6),IF(AND(H328>1994,H328<1998),VLOOKUP(I328,Feuil1!$G$11:$L$25,5),IF(AND(H328>1997,H328<2000),VLOOKUP(I328,Feuil1!$G$11:$L$25,4),IF(AND(H328>1999,H328<2002),VLOOKUP(I328,Feuil1!$G$11:$L$25,3),VLOOKUP(I328,Feuil1!$G$11:$L$25,2)))))))","v":"J+105"},173.34944771523564,null," ",{"$f":"T328-HLOOKUP(X328,Feuil1!$C$1:$BL$10,2,FALSE)","v":-5},{"$f":"T328-HLOOKUP(X328,Feuil1!$C$1:$BL$10,3,FALSE)","v":-25},{"$f":"T328-HLOOKUP(X328,Feuil1!$C$1:$BL$10,4,FALSE)","v":-45},{"$f":"T328-HLOOKUP(X328,Feuil1!$C$1:$BL$10,5,FALSE)","v":-65},{"$f":"T328-HLOOKUP(X328,Feuil1!$C$1:$BL$10,6,FALSE)","v":-90},{"$f":"T328-HLOOKUP(X328,Feuil1!$C$1:$BL$10,7,FALSE)","v":-120},{"$f":"T328-HLOOKUP(X328,Feuil1!$C$1:$BL$10,8,FALSE)","v":-150},{"$f":"T328-HLOOKUP(X328,Feuil1!$C$1:$BL$10,9,FALSE)","v":-170},{"$f":"T328-HLOOKUP(X328,Feuil1!$C$1:$BL$10,10,FALSE)","v":-9840},null,null,null,null,null,null,"DEB "]
["H","SO","AQU",11,277037,"GIRAUD","HONORIN",1997,108.7,"ASOA Aquitaine","F",50,-55,55,55,77,-82,82,82,137,-80.400000000000006,"DEB ",-28,{"$f":"IF(I329=\"\",\"\",IF(A329=\"H\",IF(OR(H329=\"SEN\",H329<1995),VLOOKUP(I329,Feuil1!$A$11:$F$29,6),IF(AND(H329>1994,H329<1998),VLOOKUP(I329,Feuil1!$A$11:$F$29,5),IF(AND(H329>1997,H329<2000),VLOOKUP(I329,Feuil1!$A$11:$F$29,4),IF(AND(H329>1999,H329<2002),VLOOKUP(I329,Feuil1!$A$11:$F$29,3),VLOOKUP(I329,Feuil1!$A$11:$F$29,2))))),IF(OR(H329=\"SEN\",H329<1995),VLOOKUP(I329,Feuil1!$G$11:$L$25,6),IF(AND(H329>1994,H329<1998),VLOOKUP(I329,Feuil1!$G$11:$L$25,5),IF(AND(H329>1997,H329<2000),VLOOKUP(I329,Feuil1!$G$11:$L$25,4),IF(AND(H329>1999,H329<2002),VLOOKUP(I329,Feuil1!$G$11:$L$25,3),VLOOKUP(I329,Feuil1!$G$11:$L$25,2)))))))","v":"J+105"},147.97933931803249,null," ",{"$f":"T329-HLOOKUP(X329,Feuil1!$C$1:$BL$10,2,FALSE)","v":-28},{"$f":"T329-HLOOKUP(X329,Feuil1!$C$1:$BL$10,3,FALSE)","v":-48},{"$f":"T329-HLOOKUP(X329,Feuil1!$C$1:$BL$10,4,FALSE)","v":-68},{"$f":"T329-HLOOKUP(X329,Feuil1!$C$1:$BL$10,5,FALSE)","v":-88},{"$f":"T329-HLOOKUP(X329,Feuil1!$C$1:$BL$10,6,FALSE)","v":-113},{"$f":"T329-HLOOKUP(X329,Feuil1!$C$1:$BL$10,7,FALSE)","v":-143},{"$f":"T329-HLOOKUP(X329,Feuil1!$C$1:$BL$10,8,FALSE)","v":-173},{"$f":"T329-HLOOKUP(X329,Feuil1!$C$1:$BL$10,9,FALSE)","v":-193},{"$f":"T329-HLOOKUP(X329,Feuil1!$C$1:$BL$10,10,FALSE)","v":-9863},null,null,null,null,null,null,"DEB "]
["H","CO","PDL",12,388364,"IDMONT","Kevin",1995,110.4,"CJF LAVAL/VOUTRÉ","F",50,53,55,55,60,65,-68,65,120,-100.80000000000001,"DEB ",-45,{"$f":"IF(I330=\"\",\"\",IF(A330=\"H\",IF(OR(H330=\"SEN\",H330<1995),VLOOKUP(I330,Feuil1!$A$11:$F$29,6),IF(AND(H330>1994,H330<1998),VLOOKUP(I330,Feuil1!$A$11:$F$29,5),IF(AND(H330>1997,H330<2000),VLOOKUP(I330,Feuil1!$A$11:$F$29,4),IF(AND(H330>1999,H330<2002),VLOOKUP(I330,Feuil1!$A$11:$F$29,3),VLOOKUP(I330,Feuil1!$A$11:$F$29,2))))),IF(OR(H330=\"SEN\",H330<1995),VLOOKUP(I330,Feuil1!$G$11:$L$25,6),IF(AND(H330>1994,H330<1998),VLOOKUP(I330,Feuil1!$G$11:$L$25,5),IF(AND(H330>1997,H330<2000),VLOOKUP(I330,Feuil1!$G$11:$L$25,4),IF(AND(H330>1999,H330<2002),VLOOKUP(I330,Feuil1!$G$11:$L$25,3),VLOOKUP(I330,Feuil1!$G$11:$L$25,2)))))))","v":"J+105"},128.97325505415529,null," ",{"$f":"T330-HLOOKUP(X330,Feuil1!$C$1:$BL$10,2,FALSE)","v":-45},{"$f":"T330-HLOOKUP(X330,Feuil1!$C$1:$BL$10,3,FALSE)","v":-65},{"$f":"T330-HLOOKUP(X330,Feuil1!$C$1:$BL$10,4,FALSE)","v":-85},{"$f":"T330-HLOOKUP(X330,Feuil1!$C$1:$BL$10,5,FALSE)","v":-105},{"$f":"T330-HLOOKUP(X330,Feuil1!$C$1:$BL$10,6,FALSE)","v":-130},{"$f":"T330-HLOOKUP(X330,Feuil1!$C$1:$BL$10,7,FALSE)","v":-160},{"$f":"T330-HLOOKUP(X330,Feuil1!$C$1:$BL$10,8,FALSE)","v":-190},{"$f":"T330-HLOOKUP(X330,Feuil1!$C$1:$BL$10,9,FALSE)","v":-210},{"$f":"T330-HLOOKUP(X330,Feuil1!$C$1:$BL$10,10,FALSE)","v":-9880},null,null,null,null,null,null,"DEB "]
["H","DOM","MAR",13,296958,"MONTAISE","Yannis",1997,118,"ABBC/Foyal Didier","F",50,55,-60,55,60,65,-70,65,120,-116,"DEB ",-45,{"$f":"IF(I331=\"\",\"\",IF(A331=\"H\",IF(OR(H331=\"SEN\",H331<1995),VLOOKUP(I331,Feuil1!$A$11:$F$29,6),IF(AND(H331>1994,H331<1998),VLOOKUP(I331,Feuil1!$A$11:$F$29,5),IF(AND(H331>1997,H331<2000),VLOOKUP(I331,Feuil1!$A$11:$F$29,4),IF(AND(H331>1999,H331<2002),VLOOKUP(I331,Feuil1!$A$11:$F$29,3),VLOOKUP(I331,Feuil1!$A$11:$F$29,2))))),IF(OR(H331=\"SEN\",H331<1995),VLOOKUP(I331,Feuil1!$G$11:$L$25,6),IF(AND(H331>1994,H331<1998),VLOOKUP(I331,Feuil1!$G$11:$L$25,5),IF(AND(H331>1997,H331<2000),VLOOKUP(I331,Feuil1!$G$11:$L$25,4),IF(AND(H331>1999,H331<2002),VLOOKUP(I331,Feuil1!$G$11:$L$25,3),VLOOKUP(I331,Feuil1!$G$11:$L$25,2)))))))","v":"J+105"},126.4861482317916,null," ",{"$f":"T331-HLOOKUP(X331,Feuil1!$C$1:$BL$10,2,FALSE)","v":-45},{"$f":"T331-HLOOKUP(X331,Feuil1!$C$1:$BL$10,3,FALSE)","v":-65},{"$f":"T331-HLOOKUP(X331,Feuil1!$C$1:$BL$10,4,FALSE)","v":-85},{"$f":"T331-HLOOKUP(X331,Feuil1!$C$1:$BL$10,5,FALSE)","v":-105},{"$f":"T331-HLOOKUP(X331,Feuil1!$C$1:$BL$10,6,FALSE)","v":-130},{"$f":"T331-HLOOKUP(X331,Feuil1!$C$1:$BL$10,7,FALSE)","v":-160},{"$f":"T331-HLOOKUP(X331,Feuil1!$C$1:$BL$10,8,FALSE)","v":-190},{"$f":"T331-HLOOKUP(X331,Feuil1!$C$1:$BL$10,9,FALSE)","v":-210},{"$f":"T331-HLOOKUP(X331,Feuil1!$C$1:$BL$10,10,FALSE)","v":-9880},null,null,null,null,null,null,"DEB "]
["H","SO","LIM",14,205505,"SEIJO LOPEZ","Valentin",1996,106.4,"TULLE ASH","F",40,45,-50,45,50,-55,55,55,100,-112.80000000000001,"DEB ",-65,{"$f":"IF(I332=\"\",\"\",IF(A332=\"H\",IF(OR(H332=\"SEN\",H332<1995),VLOOKUP(I332,Feuil1!$A$11:$F$29,6),IF(AND(H332>1994,H332<1998),VLOOKUP(I332,Feuil1!$A$11:$F$29,5),IF(AND(H332>1997,H332<2000),VLOOKUP(I332,Feuil1!$A$11:$F$29,4),IF(AND(H332>1999,H332<2002),VLOOKUP(I332,Feuil1!$A$11:$F$29,3),VLOOKUP(I332,Feuil1!$A$11:$F$29,2))))),IF(OR(H332=\"SEN\",H332<1995),VLOOKUP(I332,Feuil1!$G$11:$L$25,6),IF(AND(H332>1994,H332<1998),VLOOKUP(I332,Feuil1!$G$11:$L$25,5),IF(AND(H332>1997,H332<2000),VLOOKUP(I332,Feuil1!$G$11:$L$25,4),IF(AND(H332>1999,H332<2002),VLOOKUP(I332,Feuil1!$G$11:$L$25,3),VLOOKUP(I332,Feuil1!$G$11:$L$25,2)))))))","v":"J+105"},108.787354064919,null," ",{"$f":"T332-HLOOKUP(X332,Feuil1!$C$1:$BL$10,2,FALSE)","v":-65},{"$f":"T332-HLOOKUP(X332,Feuil1!$C$1:$BL$10,3,FALSE)","v":-85},{"$f":"T332-HLOOKUP(X332,Feuil1!$C$1:$BL$10,4,FALSE)","v":-105},{"$f":"T332-HLOOKUP(X332,Feuil1!$C$1:$BL$10,5,FALSE)","v":-125},{"$f":"T332-HLOOKUP(X332,Feuil1!$C$1:$BL$10,6,FALSE)","v":-150},{"$f":"T332-HLOOKUP(X332,Feuil1!$C$1:$BL$10,7,FALSE)","v":-180},{"$f":"T332-HLOOKUP(X332,Feuil1!$C$1:$BL$10,8,FALSE)","v":-210},{"$f":"T332-HLOOKUP(X332,Feuil1!$C$1:$BL$10,9,FALSE)","v":-230},{"$f":"T332-HLOOKUP(X332,Feuil1!$C$1:$BL$10,10,FALSE)","v":-9900},null,null,null,null,null,null,"DEB "]
["H","NE","ALS",15,376038,"BARKANI","KARIM",1997,110.9,"SA Koenigshoffen","F",34,36,-38,36,-43,43,-46,43,79,-142.80000000000001,"DEB ",-86,{"$f":"IF(I333=\"\",\"\",IF(A333=\"H\",IF(OR(H333=\"SEN\",H333<1995),VLOOKUP(I333,Feuil1!$A$11:$F$29,6),IF(AND(H333>1994,H333<1998),VLOOKUP(I333,Feuil1!$A$11:$F$29,5),IF(AND(H333>1997,H333<2000),VLOOKUP(I333,Feuil1!$A$11:$F$29,4),IF(AND(H333>1999,H333<2002),VLOOKUP(I333,Feuil1!$A$11:$F$29,3),VLOOKUP(I333,Feuil1!$A$11:$F$29,2))))),IF(OR(H333=\"SEN\",H333<1995),VLOOKUP(I333,Feuil1!$G$11:$L$25,6),IF(AND(H333>1994,H333<1998),VLOOKUP(I333,Feuil1!$G$11:$L$25,5),IF(AND(H333>1997,H333<2000),VLOOKUP(I333,Feuil1!$G$11:$L$25,4),IF(AND(H333>1999,H333<2002),VLOOKUP(I333,Feuil1!$G$11:$L$25,3),VLOOKUP(I333,Feuil1!$G$11:$L$25,2)))))))","v":"J+105"},84.787043652825929,null," ",{"$f":"T333-HLOOKUP(X333,Feuil1!$C$1:$BL$10,2,FALSE)","v":-86},{"$f":"T333-HLOOKUP(X333,Feuil1!$C$1:$BL$10,3,FALSE)","v":-106},{"$f":"T333-HLOOKUP(X333,Feuil1!$C$1:$BL$10,4,FALSE)","v":-126},{"$f":"T333-HLOOKUP(X333,Feuil1!$C$1:$BL$10,5,FALSE)","v":-146},{"$f":"T333-HLOOKUP(X333,Feuil1!$C$1:$BL$10,6,FALSE)","v":-171},{"$f":"T333-HLOOKUP(X333,Feuil1!$C$1:$BL$10,7,FALSE)","v":-201},{"$f":"T333-HLOOKUP(X333,Feuil1!$C$1:$BL$10,8,FALSE)","v":-231},{"$f":"T333-HLOOKUP(X333,Feuil1!$C$1:$BL$10,9,FALSE)","v":-251},{"$f":"T333-HLOOKUP(X333,Feuil1!$C$1:$BL$10,10,FALSE)","v":-9921},null,null,null,null,null,null,"DEB "]
[null,null,null,null,null,null,null,null,null,null,null,null,null,null,null,null,null,null,null,null,null,null,null,null,null,null," ",{"$f":"T334-HLOOKUP(X334,[1]Feuil1!$C$1:$BL$10,2,FALSE)","v":{"$error":"#N/A"}},{"$f":"T334-HLOOKUP(X334,[1]Feuil1!$C$1:$BL$10,3,FALSE)","v":{"$error":"#N/A"}},{"$f":"T334-HLOOKUP(X334,[1]Feuil1!$C$1:$BL$10,4,FALSE)","v":{"$error":"#N/A"}},{"$f":"T334-HLOOKUP(X334,[1]Feuil1!$C$1:$BL$10,5,FALSE)","v":{"$error":"#N/A"}},{"$f":"T334-HLOOKUP(X334,[1]Feuil1!$C$1:$BL$10,6,FALSE)","v":{"$error":"#N/A"}},{"$f":"T334-HLOOKUP(X334,[1]Feuil1!$C$1:$BL$10,7,FALSE)","v":{"$error":"#N/A"}},{"$f":"T334-HLOOKUP(X334,[1]Feuil1!$C$1:$BL$10,8,FALSE)","v":{"$error":"#N/A"}},{"$f":"T334-HLOOKUP(X334,[1]Feuil1!$C$1:$BL$10,9,FALSE)","v":{"$error":"#N/A"}},{"$f":"T334-HLOOKUP(X334,[1]Feuil1!$C$1:$BL$10,10,FALSE)","v":{"$error":"#N/A"}},null,null,null,null,null,null,{"$f":"IF(AJ334>=0,$AJ$4,IF(AI334>=0,$AI$4,IF(AH334>=0,$AH$4,IF(AG334>=0,$AG$4,IF(AF334>=0,$AF$4,IF(AE334>=0,$AE$4,IF(AD334>=0,$AD$4,IF(AC334>=0,$AC$4,$AB$4))))))))","v":{"$error":"#N/A"}}]
[null,null,null,null,null,null,null,null,null,null,null,null," "," ",null,null,null,null,null,null,null,null,null,null,null,null,null,null,null,null,null,null,null,null,null,null,null,null,null,null,null,null," "]
[]
[]
[]
[]
[]
[]
[]
[]
[]
[]
[]
[]
[]
[]
[]
[]
[]
[]
[]
[]
[]
[]
[]
[]
[]
[]
[]
[]
[]
[]
[]
[]
[]
[]
[]
[]
[]
[]
[]
[]
[]
[]
[]
[]
[]
[]
[]
[]
[]
[]
[]
[]
[]
[]
[]
[]
[]
[]
[]
[]
[]
[]
[]
[]
[]
[]
[]
[]
[]
[]
[]
[]
[]
[]
[]
[]
[]
[]
[]
[]
[]
[]
[]
[]
[]
[]
[]
[]
[]
[]
[]
[]
[]
[]
[]
[]
[]
[]
[]
[]
[]
[]
[]
[]
[]
[]
[]
[]
[]
[]
[]
[]
[]
[]
[]
[]
[]
[]
[]
[]
[]
[]
[]
[]
[]
[]
[]
[]
[]
[]
[]
[]
[]
[]
[]
[]
[]
[]
[]
[]
[]
[]
[]
[]
[]
[]
[]
[]
[]
[]
[]
[]
[]
[]
[]
[]
[]
[]
[]
[]
[]
[]
[]
[]
[]
[]
[]
[]
[]
[]
[]
[]
[]
[]
[]
[]
[]
[]
[]
[]
[]
[]
[]
[]
[]
[]
[]
[]
[]
[]
[]
[]
[]
[]
[]
[]
[]
[]
[]
[]
[]
[]
[]
[]
[]
[]
[]
[]
[]
[]
[]
[]
[]
[]
[]
[]
[]
[]
[]
[]
[]
[]
[]
[]
[]
[]
[]
[]
[]
[]
[]
[]
[]
[]
[]
[]
[]
[]
[]
[]
[]
[]
[]
[]
[]
[]
[]
[]
[]
[]
[]
[]
[]
[]
[]
[]
[]
[]
[]
[]
[]
[]
[]
[]
[]
[]
[]
[]
[]
[]
[]
[]
[]
[]
[]
[]
[]
[]
[]
[]
[]
[]
[]
[]
[]
[]
[]
[]
[]
[]
[]
[]
[]
[]
[]
[]
[]
[]
[]
[]
[]
[]
[]
[]
[]
[]
[]
[]
[]
[]
[]
[]
[]
[]
[]
[]
[]
[]
[]
[]
[]
[]
[]
[]
[]
[]
[]
[]
[]
[]
[]
[]
[]
[]
[]
[]
[]
[]
[]
[]
[]
[]
[]
[]
[]
[]
[]
[]
[]
[]
[]
[]
[]
[]
[]
[]
[]
[]
[]
[]
[]
[]
[]
[]
[]
[]
[]
[]
[]
[]
[]
[]
[]
[]
[]
[]
[]
[]
[]
[]
[]
[]
[]
[]
[]
[]
[]
[]
[]
[]
[]
[]
[]
[]
[]
[]
[]
[]
[]
[]
[]
[]
[]
[]
[]
[]
[]
[]
[]
[]
[]
[]
[]
[]
[]
[]
[]
[]
[]
[]
[]
[]
[]
[]
[]
[]
[]
[]
[]
[]
[]
[]
[]
[]
[]
[]
[]
[]
[]
[]
[]
[]
[]
[]
[]
[]
[]
[]
[]
[]
[]
[]
[]
[]
[]
[]
[]
[]
[]
[]
[]
[]
[]
[]
[]
[]
[]
[]
[]
[]
[]
[]
[]
[]
[]
[]
[]
[]
[]
[]
[]
[]
[]
[]
[]
[]
[]
[]
[]
[]
[]
[]
[]
[]
[]
[]
[]
[]
[]
[]
[null,null,null,null,null,null,null,null,null,null,null,null,null,null,null,null,null,null,null,null,null,null,null,null,null,null,null,"J77","J85","J94","J105","J+105",null,"J56","J62","J69","J77","J85","J94","J105","J+105",null,"S56","S62","S69","S77","S85","S94","S105","S+105"]
[null,null,null,null,null,null,null,null,null,null,null,null,null,null,null,null,null,null,null,null,null,null,null,null,null,null,null,145,160,170,180,190,null,100,115,130,145,160,170,180,190,null,115,135,150,165,180,190,200,210]
[null,null,null,null,null,null,null,null,null,null,null,null,null,null,null,null,null,null,null,null,null,null,null,null,null,null,null,165,180,190,200,210,null,115,135,150,165,180,190,200,210,null,130,150,165,185,200,210,220,230]
[null,null,null,null,null,null,null,null,null,null,null,null,null,null,null,null,null,null,null,null,null,null,null,null,null,null,null,185,200,210,220,230,null,130,150,165,185,200,210,220,230,null,145,165,180,200,220,230,240,250]
[null,null,null,null,null,null,null,null,null,null,null,null,null,null,null,null,null,null,null,null,null,null,null,null,null,null,null,200,220,230,240,250,null,145,165,180,200,220,230,240,250,null,175,195,215,235,250,260,275,280]
[null,null,null,null,null,null,null,null,null,null,null,null,null,null,null,null,null,null,null,null,null,null,null,null,null,null,null,235,250,260,275,280,null,175,195,215,235,250,260,275,280,null,210,230,250,270,290,300,310,325]
[null,null,null,null,null,null,null,null,null,null,null,null,null,null,null,null,null,null,null,null,null,null,null,null,null,null,null,270,290,300,310,325,null,210,230,250,270,290,300,310,325,null,230,255,275,300,315,335,345,355]
[null,null,null,null,null,null,null,null,null,null,null,null,null,null,null,null,null,null,null,null,null,null,null,null,null,null,null,320,335,355,370,380,null,245,270,295,320,335,355,370,380,null,245,270,295,320,335,355,370,380]

{"sheet":"SENIORS","index":4,"n_rows":1912,"n_cols":50,"rows_kept":1912,"cut":false,"hidden":false,"merged":[[3,21,3,22],[0,7,0,14],[0,18,0,21],[1,6,1,10],[1,11,1,13],[1,14,1,17],[1,18,1,19],[1,21,1,22]]}
[null,null,null,null,null,"LISTING NATIONAL",null,"MASCULINS ",null,null,null,null,null,null,null,null,"DATE :",null,"2015-06-30"]
[null,null,null,null,null," ","2014-2015",null,null,null,null,"3° TRIMESTRE"]
[]
["SEXE","ZONE","REG.","CL.","LICENCE","NOMS","Prénoms","AN","POIDS","CLUB","NAT",1,2,3,"ARR",1,2,3,"EP-J","Total","KP-2PC","SERIE",null,"Catég","IWF",null," ","DEB ","DEP +","REG +","IRG +","FED +","NAT +","INTB +","INTA +","OLY +"]
[null,null,null,null,null,null,null,null,null,null,null,null,null,null,null,null,null,null,null,null,null,null,null,null,null,null," ",{"$f":"T5-HLOOKUP(X5,[1]Feuil1!$C$1:$BL$10,2,FALSE)","v":{"$error":"#N/A"}},{"$f":"T5-HLOOKUP(X5,[1]Feuil1!$C$1:$BL$10,3,FALSE)","v":{"$error":"#N/A"}},{"$f":"T5-HLOOKUP(X5,[1]Feuil1!$C$1:$BL$10,4,FALSE)","v":{"$error":"#N/A"}},{"$f":"T5-HLOOKUP(X5,[1]Feuil1!$C$1:$BL$10,5,FALSE)","v":{"$error":"#N/A"}},{"$f":"T5-HLOOKUP(X5,[1]Feuil1!$C$1:$BL$10,6,FALSE)","v":{"$error":"#N/A"}},{"$f":"T5-HLOOKUP(X5,[1]Feuil1!$C$1:$BL$10,7,FALSE)","v":{"$error":"#N/A"}},{"$f":"T5-HLOOKUP(X5,[1]Feuil1!$C$1:$BL$10,8,FALSE)","v":{"$error":"#N/A"}},{"$f":"T5-HLOOKUP(X5,[1]Feuil1!$C$1:$BL$10,9,FALSE)","v":{"$error":"#N/A"}},{"$f":"T5-HLOOKUP(X5,[1]Feuil1!$C$1:$BL$10,10,FALSE)","v":{"$error":"#N/A"}},null,null,null,null,null,null,{"$f":"IF(AJ5>=0,$AJ$4,IF(AI5>=0,$AI$4,IF(AH5>=0,$AH$4,IF(AG5>=0,$AG$4,IF(AF5>=0,$AF$4,IF(AE5>=0,$AE$4,IF(AD5>=0,$AD$4,IF(AC5>=0,$AC$4,$AB$4))))))))","v":{"$error":"#N/A"}}]
["H","NE","FCO",1,383218,"NDICKA MATAM ","Paul Heracles",1988,54.5,"LF Besançon","CAM",80,84,86,{"$f":"IF(H6=\"\",\"\",IF(MAXA(L6:N6)<=0,0,MAXA(L6:N6)))","v":86},115,120,-123,{"$f":"IF(H6=\"\",\"\",IF(MAXA(P6:R6)<=0,0,MAXA(P6:R6)))","v":120},{"$f":"IF(H6=\"\",\"\",IF(OR(O6=0,S6=0),0,O6+S6))","v":206},{"$f":"T6-I6*2","v":97},{"$f":"IF(H6=\"\",\"\",AQ6)","v":"NAT +"},{"$f":"IF(AJ6>=0,AJ6,IF(AI6>=0,AI6,IF(AH6>=0,AH6,IF(AG6>=0,AG6,IF(AF6>=0,AF6,IF(AE6>=0,AE6,IF(AD6>=0,AD6,IF(AC6>=0,AC6,AB6))))))))","v":16},{"$f":"IF(I6=\"\",\"\",IF(A6=\"H\",IF(OR(H6=\"SEN\",H6<1995),VLOOKUP(I6,Feuil1!$A$11:$F$29,6),IF(AND(H6>1994,H6<1998),VLOOKUP(I6,Feuil1!$A$11:$F$29,5),IF(AND(H6>1997,H6<2000),VLOOKUP(I6,Feuil1!$A$11:$F$29,4),IF(AND(H6>1999,H6<2002),VLOOKUP(I6,Feuil1!$A$11:$F$29,3),VLOOKUP(I6,Feuil1!$A$11:$F$29,2))))),IF(OR(H6=\"SEN\",H6<1995),VLOOKUP(I6,Feuil1!$G$11:$L$25,6),IF(AND(H6>1994,H6<1998),VLOOKUP(I6,Feuil1!$G$11:$L$25,5),IF(AND(H6>1997,H6<2000),VLOOKUP(I6,Feuil1!$G$11:$L$25,4),IF(AND(H6>1999,H6<2002),VLOOKUP(I6,Feuil1!$G$11:$L$25,3),VLOOKUP(I6,Feuil1!$G$11:$L$25,2)))))))","v":"S56"},{"$f":"IF(I6=\"\",\"\",IF(A6=\"H\",10^(0.794358141*LOG(I6/174.393)^2)*T6,IF(A6=\"F\",10^(0.89726074*LOG(I6/148.026)^2)*T6,\"\")))","v":328.51466506459337},null," ",{"$f":"T6-HLOOKUP(X6,Feuil1!$C$1:$BL$10,2,FALSE)","v":111},{"$f":"T6-HLOOKUP(X6,Feuil1!$C$1:$BL$10,3,FALSE)","v":91},{"$f":"T6-HLOOKUP(X6,Feuil1!$C$1:$BL$10,4,FALSE)","v":76},{"$f":"T6-HLOOKUP(X6,Feuil1!$C$1:$BL$10,5,FALSE)","v":61},{"$f":"T6-HLOOKUP(X6,Feuil1!$C$1:$BL$10,6,FALSE)","v":36},{"$f":"T6-HLOOKUP(X6,Feuil1!$C$1:$BL$10,7,FALSE)","v":16},{"$f":"T6-HLOOKUP(X6,Feuil1!$C$1:$BL$10,8,FALSE)","v":-4},{"$f":"T6-HLOOKUP(X6,Feuil1!$C$1:$BL$10,9,FALSE)","v":-19},{"$f":"T6-HLOOKUP(X6,Feuil1!$C$1:$BL$10,10,FALSE)","v":-34},null,null,null,null,null,null,{"$f":"IF(AJ6>=0,$AJ$4,IF(AI6>=0,$AI$4,IF(AH6>=0,$AH$4,IF(AG6>=0,$AG$4,IF(AF6>=0,$AF$4,IF(AE6>=0,$AE$4,IF(AD6>=0,$AD$4,IF(AC6>=0,$AC$4,$AB$4))))))))","v":"NAT +"}]
["H","N","IDF",2,304880,"RASCLE","DAVID",1979,55.93,"SAINT-MAUR","F",75,80,-82,80,96,100,-105,100,180,68.14,"FED +",10,{"$f":"IF(I7=\"\",\"\",IF(A7=\"H\",IF(OR(H7=\"SEN\",H7<1995),VLOOKUP(I7,Feuil1!$A$11:$F$29,6),IF(AND(H7>1994,H7<1998),VLOOKUP(I7,Feuil1!$A$11:$F$29,5),IF(AND(H7>1997,H7<2000),VLOOKUP(I7,Feuil1!$A$11:$F$29,4),IF(AND(H7>1999,H7<2002),VLOOKUP(I7,Feuil1!$A$11:$F$29,3),VLOOKUP(I7,Feuil1!$A$11:$F$29,2))))),IF(OR(H7=\"SEN\",H7<1995),VLOOKUP(I7,Feuil1!$G$11:$L$25,6),IF(AND(H7>1994,H7<1998),VLOOKUP(I7,Feuil1!$G$11:$L$25,5),IF(AND(H7>1997,H7<2000),VLOOKUP(I7,Feuil1!$G$11:$L$25,4),IF(AND(H7>1999,H7<2002),VLOOKUP(I7,Feuil1!$G$11:$L$25,3),VLOOKUP(I7,Feuil1!$G$11:$L$25,2)))))))","v":"S56"},281.2118641014452,null," ",{"$f":"T7-HLOOKUP(X7,Feuil1!$C$1:$BL$10,2,FALSE)","v":85},{"$f":"T7-HLOOKUP(X7,Feuil1!$C$1:$BL$10,3,FALSE)","v":65},{"$f":"T7-HLOOKUP(X7,Feuil1!$C$1:$BL$10,4,FALSE)","v":50},{"$f":"T7-HLOOKUP(X7,Feuil1!$C$1:$BL$10,5,FALSE)","v":35},{"$f":"T7-HLOOKUP(X7,Feuil1!$C$1:$BL$10,6,FALSE)","v":10},{"$f":"T7-HLOOKUP(X7,Feuil1!$C$1:$BL$10,7,FALSE)","v":-10},{"$f":"T7-HLOOKUP(X7,Feuil1!$C$1:$BL$10,8,FALSE)","v":-30},{"$f":"T7-HLOOKUP(X7,Feuil1!$C$1:$BL$10,9,FALSE)","v":-45},{"$f":"T7-HLOOKUP(X7,Feuil1!$C$1:$BL$10,10,FALSE)","v":-60},null,null,null,null,null,null,"FED +"]
["H","DOM","REU",3,118312,"RICHARD","OLIVIER",1980,55.35,"SCHM Saint Paul","F",75,78,-80,78,95,100,-103,100,178,67.3,"FED +",8,{"$f":"IF(I8=\"\",\"\",IF(A8=\"H\",IF(OR(H8=\"SEN\",H8<1995),VLOOKUP(I8,Feuil1!$A$11:$F$29,6),IF(AND(H8>1994,H8<1998),VLOOKUP(I8,Feuil1!$A$11:$F$29,5),IF(AND(H8>1997,H8<2000),VLOOKUP(I8,Feuil1!$A$11:$F$29,4),IF(AND(H8>1999,H8<2002),VLOOKUP(I8,Feuil1!$A$11:$F$29,3),VLOOKUP(I8,Feuil1!$A$11:$F$29,2))))),IF(OR(H8=\"SEN\",H8<1995),VLOOKUP(I8,Feuil1!$G$11:$L$25,6),IF(AND(H8>1994,H8<1998),VLOOKUP(I8,Feuil1!$G$11:$L$25,5),IF(AND(H8>1997,H8<2000),VLOOKUP(I8,Feuil1!$G$11:$L$25,4),IF(AND(H8>1999,H8<2002),VLOOKUP(I8,Feuil1!$G$11:$L$25,3),VLOOKUP(I8,Feuil1!$G$11:$L$25,2)))))))","v":"S56"},280.38168636607548,null," ",{"$f":"T8-HLOOKUP(X8,Feuil1!$C$1:$BL$10,2,FALSE)","v":83},{"$f":"T8-HLOOKUP(X8,Feuil1!$C$1:$BL$10,3,FALSE)","v":63},{"$f":"T8-HLOOKUP(X8,Feuil1!$C$1:$BL$10,4,FALSE)","v":48},{"$f":"T8-HLOOKUP(X8,Feuil1!$C$1:$BL$10,5,FALSE)","v":33},{"$f":"T8-HLOOKUP(X8,Feuil1!$C$1:$BL$10,6,FALSE)","v":8},{"$f":"T8-HLOOKUP(X8,Feuil1!$C$1:$BL$10,7,FALSE)","v":-12},{"$f":"T8-HLOOKUP(X8,Feuil1!$C$1:$BL$10,8,FALSE)","v":-32},{"$f":"T8-HLOOKUP(X8,Feuil1!$C$1:$BL$10,9,FALSE)","v":-47},{"$f":"T8-HLOOKUP(X8,Feuil1!$C$1:$BL$10,10,FALSE)","v":-62},null,null,null,null,null,null,"FED +"]
["H","SEST","CAZ",4,326485,"DELAYEN","Antoine",1992,55.92,"E.S. VILLENEUVE LOUBET","F",73,77,-80,77,90,96,-100,96,173,61.16,"FED +",3,{"$f":"IF(I9=\"\",\"\",IF(A9=\"H\",IF(OR(H9=\"SEN\",H9<1995),VLOOKUP(I9,Feuil1!$A$11:$F$29,6),IF(AND(H9>1994,H9<1998),VLOOKUP(I9,Feuil1!$A$11:$F$29,5),IF(AND(H9>1997,H9<2000),VLOOKUP(I9,Feuil1!$A$11:$F$29,4),IF(AND(H9>1999,H9<2002),VLOOKUP(I9,Feuil1!$A$11:$F$29,3),VLOOKUP(I9,Feuil1!$A$11:$F$29,2))))),IF(OR(H9=\"SEN\",H9<1995),VLOOKUP(I9,Feuil1!$G$11:$L$25,6),IF(AND(H9>1994,H9<1998),VLOOKUP(I9,Feuil1!$G$11:$L$25,5),IF(AND(H9>1997,H9<2000),VLOOKUP(I9,Feuil1!$G$11:$L$25,4),IF(AND(H9>1999,H9<2002),VLOOKUP(I9,Feuil1!$G$11:$L$25,3),VLOOKUP(I9,Feuil1!$G$11:$L$25,2)))))))","v":"S56"},270.31377319221252,null," ",{"$f":"T9-HLOOKUP(X9,Feuil1!$C$1:$BL$10,2,FALSE)","v":78},{"$f":"T9-HLOOKUP(X9,Feuil1!$C$1:$BL$10,3,FALSE)","v":58},{"$f":"T9-HLOOKUP(X9,Feuil1!$C$1:$BL$10,4,FALSE)","v":43},{"$f":"T9-HLOOKUP(X9,Feuil1!$C$1:$BL$10,5,FALSE)","v":28},{"$f":"T9-HLOOKUP(X9,Feuil1!$C$1:$BL$10,6,FALSE)","v":3},{"$f":"T9-HLOOKUP(X9,Feuil1!$C$1:$BL$10,7,FALSE)","v":-17},{"$f":"T9-HLOOKUP(X9,Feuil1!$C$1:$BL$10,8,FALSE)","v":-37},{"$f":"T9-HLOOKUP(X9,Feuil1!$C$1:$BL$10,9,FALSE)","v":-52},{"$f":"T9-HLOOKUP(X9,Feuil1!$C$1:$BL$10,10,FALSE)","v":-67},null,null,null,null,null,null,"FED +"]
["H","DOM","REU",5,182130,"PALMA","EMMANUEL",1993,54,"CH TAMPON","F",65,70,72,72,80,85,88,88,160,52,"IRG +",15,{"$f":"IF(I10=\"\",\"\",IF(A10=\"H\",IF(OR(H10=\"SEN\",H10<1995),VLOOKUP(I10,Feuil1!$A$11:$F$29,6),IF(AND(H10>1994,H10<1998),VLOOKUP(I10,Feuil1!$A$11:$F$29,5),IF(AND(H10>1997,H10<2000),VLOOKUP(I10,Feuil1!$A$11:$F$29,4),IF(AND(H10>1999,H10<2002),VLOOKUP(I10,Feuil1!$A$11:$F$29,3),VLOOKUP(I10,Feuil1!$A$11:$F$29,2))))),IF(OR(H10=\"SEN\",H10<1995),VLOOKUP(I10,Feuil1!$G$11:$L$25,6),IF(AND(H10>1994,H10<1998),VLOOKUP(I10,Feuil1!$G$11:$L$25,5),IF(AND(H10>1997,H10<2000),VLOOKUP(I10,Feuil1!$G$11:$L$25,4),IF(AND(H10>1999,H10<2002),VLOOKUP(I10,Feuil1!$G$11:$L$25,3),VLOOKUP(I10,Feuil1!$G$11:$L$25,2)))))))","v":"S56"},257.05881487273462,null," ",{"$f":"T10-HLOOKUP(X10,Feuil1!$C$1:$BL$10,2,FALSE)","v":65},{"$f":"T10-HLOOKUP(X10,Feuil1!$C$1:$BL$10,3,FALSE)","v":45},{"$f":"T10-HLOOKUP(X10,Feuil1!$C$1:$BL$10,4,FALSE)","v":30},{"$f":"T10-HLOOKUP(X10,Feuil1!$C$1:$BL$10,5,FALSE)","v":15},{"$f":"T10-HLOOKUP(X10,Feuil1!$C$1:$BL$10,6,FALSE)","v":-10},{"$f":"T10-HLOOKUP(X10,Feuil1!$C$1:$BL$10,7,FALSE)","v":-30},{"$f":"T10-HLOOKUP(X10,Feuil1!$C$1:$BL$10,8,FALSE)","v":-50},{"$f":"T10-HLOOKUP(X10,Feuil1!$C$1:$BL$10,9,FALSE)","v":-65},{"$f":"T10-HLOOKUP(X10,Feuil1!$C$1:$BL$10,10,FALSE)","v":-80},null,null,null,null,null,null,"IRG +"]
["H","NE","FCO",6,208774,"GROSJEAN","Marc",1979,55.4,"CH Luxeuil","F",67,69,71,71,84,88,-91,88,159,48.2,"IRG +",14,{"$f":"IF(I11=\"\",\"\",IF(A11=\"H\",IF(OR(H11=\"SEN\",H11<1995),VLOOKUP(I11,Feuil1!$A$11:$F$29,6),IF(AND(H11>1994,H11<1998),VLOOKUP(I11,Feuil1!$A$11:$F$29,5),IF(AND(H11>1997,H11<2000),VLOOKUP(I11,Feuil1!$A$11:$F$29,4),IF(AND(H11>1999,H11<2002),VLOOKUP(I11,Feuil1!$A$11:$F$29,3),VLOOKUP(I11,Feuil1!$A$11:$F$29,2))))),IF(OR(H11=\"SEN\",H11<1995),VLOOKUP(I11,Feuil1!$G$11:$L$25,6),IF(AND(H11>1994,H11<1998),VLOOKUP(I11,Feuil1!$G$11:$L$25,5),IF(AND(H11>1997,H11<2000),VLOOKUP(I11,Feuil1!$G$11:$L$25,4),IF(AND(H11>1999,H11<2002),VLOOKUP(I11,Feuil1!$G$11:$L$25,3),VLOOKUP(I11,Feuil1!$G$11:$L$25,2)))))))","v":"S56"},250.27437074848717,null," ",{"$f":"T11-HLOOKUP(X11,Feuil1!$C$1:$BL$10,2,FALSE)","v":64},{"$f":"T11-HLOOKUP(X11,Feuil1!$C$1:$BL$10,3,FALSE)","v":44},{"$f":"T11-HLOOKUP(X11,Feuil1!$C$1:$BL$10,4,FALSE)","v":29},{"$f":"T11-HLOOKUP(X11,Feuil1!$C$1:$BL$10,5,FALSE)","v":14},{"$f":"T11-HLOOKUP(X11,Feuil1!$C$1:$BL$10,6,FALSE)","v":-11},{"$f":"T11-HLOOKUP(X11,Feuil1!$C$1:$BL$10,7,FALSE)","v":-31},{"$f":"T11-HLOOKUP(X11,Feuil1!$C$1:$BL$10,8,FALSE)","v":-51},{"$f":"T11-HLOOKUP(X11,Feuil1!$C$1:$BL$10,9,FALSE)","v":-66},{"$f":"T11-HLOOKUP(X11,Feuil1!$C$1:$BL$10,10,FALSE)","v":-81},null,null,null,null,null,null,"IRG +"]
["H","NORD","PIC",7,140590,"DIEU","Florian",1994,47.4,"Villers-Bretonneux KC","F",60,65,68,68,80,85,-87,85,153,58.2,"IRG +",8,{"$f":"IF(I12=\"\",\"\",IF(A12=\"H\",IF(OR(H12=\"SEN\",H12<1995),VLOOKUP(I12,Feuil1!$A$11:$F$29,6),IF(AND(H12>1994,H12<1998),VLOOKUP(I12,Feuil1!$A$11:$F$29,5),IF(AND(H12>1997,H12<2000),VLOOKUP(I12,Feuil1!$A$11:$F$29,4),IF(AND(H12>1999,H12<2002),VLOOKUP(I12,Feuil1!$A$11:$F$29,3),VLOOKUP(I12,Feuil1!$A$11:$F$29,2))))),IF(OR(H12=\"SEN\",H12<1995),VLOOKUP(I12,Feuil1!$G$11:$L$25,6),IF(AND(H12>1994,H12<1998),VLOOKUP(I12,Feuil1!$G$11:$L$25,5),IF(AND(H12>1997,H12<2000),VLOOKUP(I12,Feuil1!$G$11:$L$25,4),IF(AND(H12>1999,H12<2002),VLOOKUP(I12,Feuil1!$G$11:$L$25,3),VLOOKUP(I12,Feuil1!$G$11:$L$25,2)))))))","v":"S56"},274.75443362109246,null," ",{"$f":"T12-HLOOKUP(X12,Feuil1!$C$1:$BL$10,2,FALSE)","v":58},{"$f":"T12-HLOOKUP(X12,Feuil1!$C$1:$BL$10,3,FALSE)","v":38},{"$f":"T12-HLOOKUP(X12,Feuil1!$C$1:$BL$10,4,FALSE)","v":23},{"$f":"T12-HLOOKUP(X12,Feuil1!$C$1:$BL$10,5,FALSE)","v":8},{"$f":"T12-HLOOKUP(X12,Feuil1!$C$1:$BL$10,6,FALSE)","v":-17},{"$f":"T12-HLOOKUP(X12,Feuil1!$C$1:$BL$10,7,FALSE)","v":-37},{"$f":"T12-HLOOKUP(X12,Feuil1!$C$1:$BL$10,8,FALSE)","v":-57},{"$f":"T12-HLOOKUP(X12,Feuil1!$C$1:$BL$10,9,FALSE)","v":-72},{"$f":"T12-HLOOKUP(X12,Feuil1!$C$1:$BL$10,10,FALSE)","v":-87},null,null,null,null,null,null,"IRG +"]
["H","CO","BNO",8,221153,"CORNEILLET","GREGORY",1977,55.1,"Alençon","F",60,65,70,70,75,80,-85,80,150,39.799999999999997,"IRG +",5,{"$f":"IF(I13=\"\",\"\",IF(A13=\"H\",IF(OR(H13=\"SEN\",H13<1995),VLOOKUP(I13,Feuil1!$A$11:$F$29,6),IF(AND(H13>1994,H13<1998),VLOOKUP(I13,Feuil1!$A$11:$F$29,5),IF(AND(H13>1997,H13<2000),VLOOKUP(I13,Feuil1!$A$11:$F$29,4),IF(AND(H13>1999,H13<2002),VLOOKUP(I13,Feuil1!$A$11:$F$29,3),VLOOKUP(I13,Feuil1!$A$11:$F$29,2))))),IF(OR(H13=\"SEN\",H13<1995),VLOOKUP(I13,Feuil1!$G$11:$L$25,6),IF(AND(H13>1994,H13<1998),VLOOKUP(I13,Feuil1!$G$11:$L$25,5),IF(AND(H13>1997,H13<2000),VLOOKUP(I13,Feuil1!$G$11:$L$25,4),IF(AND(H13>1999,H13<2002),VLOOKUP(I13,Feuil1!$G$11:$L$25,3),VLOOKUP(I13,Feuil1!$G$11:$L$25,2)))))))","v":"S56"},237.12685310087261,null," ",{"$f":"T13-HLOOKUP(X13,Feuil1!$C$1:$BL$10,2,FALSE)","v":55},{"$f":"T13-HLOOKUP(X13,Feuil1!$C$1:$BL$10,3,FALSE)","v":35},{"$f":"T13-HLOOKUP(X13,Feuil1!$C$1:$BL$10,4,FALSE)","v":20},{"$f":"T13-HLOOKUP(X13,Feuil1!$C$1:$BL$10,5,FALSE)","v":5},{"$f":"T13-HLOOKUP(X13,Feuil1!$C$1:$BL$10,6,FALSE)","v":-20},{"$f":"T13-HLOOKUP(X13,Feuil1!$C$1:$BL$10,7,FALSE)","v":-40},{"$f":"T13-HLOOKUP(X13,Feuil1!$C$1:$BL$10,8,FALSE)","v":-60},{"$f":"T13-HLOOKUP(X13,Feuil1!$C$1:$BL$10,9,FALSE)","v":-75},{"$f":"T13-HLOOKUP(X13,Feuil1!$C$1:$BL$10,10,FALSE)","v":-90},null,null,null,null,null,null,"IRG +"]
["H","NE","LOR",9,225152,"WAHRHEIT","Cyrille",1972,55.6,"E.S.LANEUVEVILLOISE","F",50,54,-56,54,65,70,72,72,126,14.799999999999997,"DEP +",11,{"$f":"IF(I14=\"\",\"\",IF(A14=\"H\",IF(OR(H14=\"SEN\",H14<1995),VLOOKUP(I14,Feuil1!$A$11:$F$29,6),IF(AND(H14>1994,H14<1998),VLOOKUP(I14,Feuil1!$A$11:$F$29,5),IF(AND(H14>1997,H14<2000),VLOOKUP(I14,Feuil1!$A$11:$F$29,4),IF(AND(H14>1999,H14<2002),VLOOKUP(I14,Feuil1!$A$11:$F$29,3),VLOOKUP(I14,Feuil1!$A$11:$F$29,2))))),IF(OR(H14=\"SEN\",H14<1995),VLOOKUP(I14,Feuil1!$G$11:$L$25,6),IF(AND(H14>1994,H14<1998),VLOOKUP(I14,Feuil1!$G$11:$L$25,5),IF(AND(H14>1997,H14<2000),VLOOKUP(I14,Feuil1!$G$11:$L$25,4),IF(AND(H14>1999,H14<2002),VLOOKUP(I14,Feuil1!$G$11:$L$25,3),VLOOKUP(I14,Feuil1!$G$11:$L$25,2)))))))","v":"S56"},197.76684149878253,null," ",{"$f":"T14-HLOOKUP(X14,Feuil1!$C$1:$BL$10,2,FALSE)","v":31},{"$f":"T14-HLOOKUP(X14,Feuil1!$C$1:$BL$10,3,FALSE)","v":11},{"$f":"T14-HLOOKUP(X14,Feuil1!$C$1:$BL$10,4,FALSE)","v":-4},{"$f":"T14-HLOOKUP(X14,Feuil1!$C$1:$BL$10,5,FALSE)","v":-19},{"$f":"T14-HLOOKUP(X14,Feuil1!$C$1:$BL$10,6,FALSE)","v":-44},{"$f":"T14-HLOOKUP(X14,Feuil1!$C$1:$BL$10,7,FALSE)","v":-64},{"$f":"T14-HLOOKUP(X14,Feuil1!$C$1:$BL$10,8,FALSE)","v":-84},{"$f":"T14-HLOOKUP(X14,Feuil1!$C$1:$BL$10,9,FALSE)","v":-99},{"$f":"T14-HLOOKUP(X14,Feuil1!$C$1:$BL$10,10,FALSE)","v":-114},null,null,null,null,null,null,"DEP +"]
["H","ZCO","CEN",10,376225,"DAMPRUNT","Etienne",1988,47.7,"CM Orléans","F",40,45,50,50,50,60,65,65,115,19.599999999999994,"DEP +",0,{"$f":"IF(I15=\"\",\"\",IF(A15=\"H\",IF(OR(H15=\"SEN\",H15<1995),VLOOKUP(I15,Feuil1!$A$11:$F$29,6),IF(AND(H15>1994,H15<1998),VLOOKUP(I15,Feuil1!$A$11:$F$29,5),IF(AND(H15>1997,H15<2000),VLOOKUP(I15,Feuil1!$A$11:$F$29,4),IF(AND(H15>1999,H15<2002),VLOOKUP(I15,Feuil1!$A$11:$F$29,3),VLOOKUP(I15,Feuil1!$A$11:$F$29,2))))),IF(OR(H15=\"SEN\",H15<1995),VLOOKUP(I15,Feuil1!$G$11:$L$25,6),IF(AND(H15>1994,H15<1998),VLOOKUP(I15,Feuil1!$G$11:$L$25,5),IF(AND(H15>1997,H15<2000),VLOOKUP(I15,Feuil1!$G$11:$L$25,4),IF(AND(H15>1999,H15<2002),VLOOKUP(I15,Feuil1!$G$11:$L$25,3),VLOOKUP(I15,Feuil1!$G$11:$L$25,2)))))))","v":"S56"},205.34980249610433,null," ",{"$f":"T15-HLOOKUP(X15,Feuil1!$C$1:$BL$10,2,FALSE)","v":20},{"$f":"T15-HLOOKUP(X15,Feuil1!$C$1:$BL$10,3,FALSE)","v":0},{"$f":"T15-HLOOKUP(X15,Feuil1!$C$1:$BL$10,4,FALSE)","v":-15},{"$f":"T15-HLOOKUP(X15,Feuil1!$C$1:$BL$10,5,FALSE)","v":-30},{"$f":"T15-HLOOKUP(X15,Feuil1!$C$1:$BL$10,6,FALSE)","v":-55},{"$f":"T15-HLOOKUP(X15,Feuil1!$C$1:$BL$10,7,FALSE)","v":-75},{"$f":"T15-HLOOKUP(X15,Feuil1!$C$1:$BL$10,8,FALSE)","v":-95},{"$f":"T15-HLOOKUP(X15,Feuil1!$C$1:$BL$10,9,FALSE)","v":-110},{"$f":"T15-HLOOKUP(X15,Feuil1!$C$1:$BL$10,10,FALSE)","v":-125},null,null,null,null,null,null,"DEP +"]
["H","N","IDF",11,317031,"THAN","Guillaume",1968,53,"SAINT-MAUR ","F",45,50,52,52,60,63,-67,63,115,9,"DEP +",0,{"$f":"IF(I16=\"\",\"\",IF(A16=\"H\",IF(OR(H16=\"SEN\",H16<1995),VLOOKUP(I16,Feuil1!$A$11:$F$29,6),IF(AND(H16>1994,H16<1998),VLOOKUP(I16,Feuil1!$A$11:$F$29,5),IF(AND(H16>1997,H16<2000),VLOOKUP(I16,Feuil1!$A$11:$F$29,4),IF(AND(H16>1999,H16<2002),VLOOKUP(I16,Feuil1!$A$11:$F$29,3),VLOOKUP(I16,Feuil1!$A$11:$F$29,2))))),IF(OR(H16=\"SEN\",H16<1995),VLOOKUP(I16,Feuil1!$G$11:$L$25,6),IF(AND(H16>1994,H16<1998),VLOOKUP(I16,Feuil1!$G$11:$L$25,5),IF(AND(H16>1997,H16<2000),VLOOKUP(I16,Feuil1!$G$11:$L$25,4),IF(AND(H16>1999,H16<2002),VLOOKUP(I16,Feuil1!$G$11:$L$25,3),VLOOKUP(I16,Feuil1!$G$11:$L$25,2)))))))","v":"S56"},187.59835990731156,null," ",{"$f":"T16-HLOOKUP(X16,Feuil1!$C$1:$BL$10,2,FALSE)","v":20},{"$f":"T16-HLOOKUP(X16,Feuil1!$C$1:$BL$10,3,FALSE)","v":0},{"$f":"T16-HLOOKUP(X16,Feuil1!$C$1:$BL$10,4,FALSE)","v":-15},{"$f":"T16-HLOOKUP(X16,Feuil1!$C$1:$BL$10,5,FALSE)","v":-30},{"$f":"T16-HLOOKUP(X16,Feuil1!$C$1:$BL$10,6,FALSE)","v":-55},{"$f":"T16-HLOOKUP(X16,Feuil1!$C$1:$BL$10,7,FALSE)","v":-75},{"$f":"T16-HLOOKUP(X16,Feuil1!$C$1:$BL$10,8,FALSE)","v":-95},{"$f":"T16-HLOOKUP(X16,Feuil1!$C$1:$BL$10,9,FALSE)","v":-110},{"$f":"T16-HLOOKUP(X16,Feuil1!$C$1:$BL$10,10,FALSE)","v":-125},null,null,null,null,null,null,"DEP +"]
["H","SEST","PRO",12,8027,"VICENTE","FRANCOIS",1951,55,"AVIGNON HALTERO","F",45,50," -",50,60,-65,65,65,115,5,"DEP +",0,{"$f":"IF(I17=\"\",\"\",IF(A17=\"H\",IF(OR(H17=\"SEN\",H17<1995),VLOOKUP(I17,Feuil1!$A$11:$F$29,6),IF(AND(H17>1994,H17<1998),VLOOKUP(I17,Feuil1!$A$11:$F$29,5),IF(AND(H17>1997,H17<2000),VLOOKUP(I17,Feuil1!$A$11:$F$29,4),IF(AND(H17>1999,H17<2002),VLOOKUP(I17,Feuil1!$A$11:$F$29,3),VLOOKUP(I17,Feuil1!$A$11:$F$29,2))))),IF(OR(H17=\"SEN\",H17<1995),VLOOKUP(I17,Feuil1!$G$11:$L$25,6),IF(AND(H17>1994,H17<1998),VLOOKUP(I17,Feuil1!$G$11:$L$25,5),IF(AND(H17>1997,H17<2000),VLOOKUP(I17,Feuil1!$G$11:$L$25,4),IF(AND(H17>1999,H17<2002),VLOOKUP(I17,Feuil1!$G$11:$L$25,3),VLOOKUP(I17,Feuil1!$G$11:$L$25,2)))))))","v":"S56"},182.06017807172296,null," ",{"$f":"T17-HLOOKUP(X17,Feuil1!$C$1:$BL$10,2,FALSE)","v":20},{"$f":"T17-HLOOKUP(X17,Feuil1!$C$1:$BL$10,3,FALSE)","v":0},{"$f":"T17-HLOOKUP(X17,Feuil1!$C$1:$BL$10,4,FALSE)","v":-15},{"$f":"T17-HLOOKUP(X17,Feuil1!$C$1:$BL$10,5,FALSE)","v":-30},{"$f":"T17-HLOOKUP(X17,Feuil1!$C$1:$BL$10,6,FALSE)","v":-55},{"$f":"T17-HLOOKUP(X17,Feuil1!$C$1:$BL$10,7,FALSE)","v":-75},{"$f":"T17-HLOOKUP(X17,Feuil1!$C$1:$BL$10,8,FALSE)","v":-95},{"$f":"T17-HLOOKUP(X17,Feuil1!$C$1:$BL$10,9,FALSE)","v":-110},{"$f":"T17-HLOOKUP(X17,Feuil1!$C$1:$BL$10,10,FALSE)","v":-125},null,null,null,null,null,null,"DEP +"]
["H","CO","PDL",13,256650,"FAUCHOUX","Eric",1982,54.1,"SGTAngers","F",48,50,52,52,58,60,62,62,114,5.7999999999999972,"DEB ",19,{"$f":"IF(I18=\"\",\"\",IF(A18=\"H\",IF(OR(H18=\"SEN\",H18<1995),VLOOKUP(I18,Feuil1!$A$11:$F$29,6),IF(AND(H18>1994,H18<1998),VLOOKUP(I18,Feuil1!$A$11:$F$29,5),IF(AND(H18>1997,H18<2000),VLOOKUP(I18,Feuil1!$A$11:$F$29,4),IF(AND(H18>1999,H18<2002),VLOOKUP(I18,Feuil1!$A$11:$F$29,3),VLOOKUP(I18,Feuil1!$A$11:$F$29,2))))),IF(OR(H18=\"SEN\",H18<1995),VLOOKUP(I18,Feuil1!$G$11:$L$25,6),IF(AND(H18>1994,H18<1998),VLOOKUP(I18,Feuil1!$G$11:$L$25,5),IF(AND(H18>1997,H18<2000),VLOOKUP(I18,Feuil1!$G$11:$L$25,4),IF(AND(H18>1999,H18<2002),VLOOKUP(I18,Feuil1!$G$11:$L$25,3),VLOOKUP(I18,Feuil1!$G$11:$L$25,2)))))))","v":"S56"},182.88073140767401,null," ",{"$f":"T18-HLOOKUP(X18,Feuil1!$C$1:$BL$10,2,FALSE)","v":19},{"$f":"T18-HLOOKUP(X18,Feuil1!$C$1:$BL$10,3,FALSE)","v":-1},{"$f":"T18-HLOOKUP(X18,Feuil1!$C$1:$BL$10,4,FALSE)","v":-16},{"$f":"T18-HLOOKUP(X18,Feuil1!$C$1:$BL$10,5,FALSE)","v":-31},{"$f":"T18-HLOOKUP(X18,Feuil1!$C$1:$BL$10,6,FALSE)","v":-56},{"$f":"T18-HLOOKUP(X18,Feuil1!$C$1:$BL$10,7,FALSE)","v":-76},{"$f":"T18-HLOOKUP(X18,Feuil1!$C$1:$BL$10,8,FALSE)","v":-96},{"$f":"T18-HLOOKUP(X18,Feuil1!$C$1:$BL$10,9,FALSE)","v":-111},{"$f":"T18-HLOOKUP(X18,Feuil1!$C$1:$BL$10,10,FALSE)","v":-126},null,null,null,null,null,null,"DEB "]
["H","NORD","PIC",14,171380,"DEMESSENCE","Guillaume",1992,55.29,"Hirson CEHT","F",43,48,-50,48,57,62,-67,62,110,-0.57999999999999829,"DEB ",15,{"$f":"IF(I19=\"\",\"\",IF(A19=\"H\",IF(OR(H19=\"SEN\",H19<1995),VLOOKUP(I19,Feuil1!$A$11:$F$29,6),IF(AND(H19>1994,H19<1998),VLOOKUP(I19,Feuil1!$A$11:$F$29,5),IF(AND(H19>1997,H19<2000),VLOOKUP(I19,Feuil1!$A$11:$F$29,4),IF(AND(H19>1999,H19<2002),VLOOKUP(I19,Feuil1!$A$11:$F$29,3),VLOOKUP(I19,Feuil1!$A$11:$F$29,2))))),IF(OR(H19=\"SEN\",H19<1995),VLOOKUP(I19,Feuil1!$G$11:$L$25,6),IF(AND(H19>1994,H19<1998),VLOOKUP(I19,Feuil1!$G$11:$L$25,5),IF(AND(H19>1997,H19<2000),VLOOKUP(I19,Feuil1!$G$11:$L$25,4),IF(AND(H19>1999,H19<2002),VLOOKUP(I19,Feuil1!$G$11:$L$25,3),VLOOKUP(I19,Feuil1!$G$11:$L$25,2)))))))","v":"S56"},173.41852358727127,null," ",{"$f":"T19-HLOOKUP(X19,Feuil1!$C$1:$BL$10,2,FALSE)","v":15},{"$f":"T19-HLOOKUP(X19,Feuil1!$C$1:$BL$10,3,FALSE)","v":-5},{"$f":"T19-HLOOKUP(X19,Feuil1!$C$1:$BL$10,4,FALSE)","v":-20},{"$f":"T19-HLOOKUP(X19,Feuil1!$C$1:$BL$10,5,FALSE)","v":-35},{"$f":"T19-HLOOKUP(X19,Feuil1!$C$1:$BL$10,6,FALSE)","v":-60},{"$f":"T19-HLOOKUP(X19,Feuil1!$C$1:$BL$10,7,FALSE)","v":-80},{"$f":"T19-HLOOKUP(X19,Feuil1!$C$1:$BL$10,8,FALSE)","v":-100},{"$f":"T19-HLOOKUP(X19,Feuil1!$C$1:$BL$10,9,FALSE)","v":-115},{"$f":"T19-HLOOKUP(X19,Feuil1!$C$1:$BL$10,10,FALSE)","v":-130},null,null,null,null,null,null,"DEB "]
["H","CO","BNO",15,4982,"CORNEILLET","Jacques",1949,55.6,"Alençon","F",42,-47,47,47,55,-60,62,62,109,-2.2000000000000028,"DEB ",14,{"$f":"IF(I20=\"\",\"\",IF(A20=\"H\",IF(OR(H20=\"SEN\",H20<1995),VLOOKUP(I20,Feuil1!$A$11:$F$29,6),IF(AND(H20>1994,H20<1998),VLOOKUP(I20,Feuil1!$A$11:$F$29,5),IF(AND(H20>1997,H20<2000),VLOOKUP(I20,Feuil1!$A$11:$F$29,4),IF(AND(H20>1999,H20<2002),VLOOKUP(I20,Feuil1!$A$11:$F$29,3),VLOOKUP(I20,Feuil1!$A$11:$F$29,2))))),IF(OR(H20=\"SEN\",H20<1995),VLOOKUP(I20,Feuil1!$G$11:$L$25,6),IF(AND(H20>1994,H20<1998),VLOOKUP(I20,Feuil1!$G$11:$L$25,5),IF(AND(H20>1997,H20<2000),VLOOKUP(I20,Feuil1!$G$11:$L$25,4),IF(AND(H20>1999,H20<2002),VLOOKUP(I20,Feuil1!$G$11:$L$25,3),VLOOKUP(I20,Feuil1!$G$11:$L$25,2)))))))","v":"S56"},171.08401367751821,null," ",{"$f":"T20-HLOOKUP(X20,Feuil1!$C$1:$BL$10,2,FALSE)","v":14},{"$f":"T20-HLOOKUP(X20,Feuil1!$C$1:$BL$10,3,FALSE)","v":-6},{"$f":"T20-HLOOKUP(X20,Feuil1!$C$1:$BL$10,4,FALSE)","v":-21},{"$f":"T20-HLOOKUP(X20,Feuil1!$C$1:$BL$10,5,FALSE)","v":-36},{"$f":"T20-HLOOKUP(X20,Feuil1!$C$1:$BL$10,6,FALSE)","v":-61},{"$f":"T20-HLOOKUP(X20,Feuil1!$C$1:$BL$10,7,FALSE)","v":-81},{"$f":"T20-HLOOKUP(X20,Feuil1!$C$1:$BL$10,8,FALSE)","v":-101},{"$f":"T20-HLOOKUP(X20,Feuil1!$C$1:$BL$10,9,FALSE)","v":-116},{"$f":"T20-HLOOKUP(X20,Feuil1!$C$1:$BL$10,10,FALSE)","v":-131},null,null,null,null,null,null,"DEB "]
["H","SO","LIM",16,268319,"OUMOUCH","Youssef",1993,55.4,"TULLE ASH","Ma",30,35,37,37,40,42,45,45,82,-28.799999999999997,"DEB ",-13,{"$f":"IF(I21=\"\",\"\",IF(A21=\"H\",IF(OR(H21=\"SEN\",H21<1995),VLOOKUP(I21,Feuil1!$A$11:$F$29,6),IF(AND(H21>1994,H21<1998),VLOOKUP(I21,Feuil1!$A$11:$F$29,5),IF(AND(H21>1997,H21<2000),VLOOKUP(I21,Feuil1!$A$11:$F$29,4),IF(AND(H21>1999,H21<2002),VLOOKUP(I21,Feuil1!$A$11:$F$29,3),VLOOKUP(I21,Feuil1!$A$11:$F$29,2))))),IF(OR(H21=\"SEN\",H21<1995),VLOOKUP(I21,Feuil1!$G$11:$L$25,6),IF(AND(H21>1994,H21<1998),VLOOKUP(I21,Feuil1!$G$11:$L$25,5),IF(AND(H21>1997,H21<2000),VLOOKUP(I21,Feuil1!$G$11:$L$25,4),IF(AND(H21>1999,H21<2002),VLOOKUP(I21,Feuil1!$G$11:$L$25,3),VLOOKUP(I21,Feuil1!$G$11:$L$25,2)))))))","v":"S56"},129.07231698978583,null," ",{"$f":"T21-HLOOKUP(X21,Feuil1!$C$1:$BL$10,2,FALSE)","v":-13},{"$f":"T21-HLOOKUP(X21,Feuil1!$C$1:$BL$10,3,FALSE)","v":-33},{"$f":"T21-HLOOKUP(X21,Feuil1!$C$1:$BL$10,4,FALSE)","v":-48},{"$f":"T21-HLOOKUP(X21,Feuil1!$C$1:$BL$10,5,FALSE)","v":-63},{"$f":"T21-HLOOKUP(X21,Feuil1!$C$1:$BL$10,6,FALSE)","v":-88},{"$f":"T21-HLOOKUP(X21,Feuil1!$C$1:$BL$10,7,FALSE)","v":-108},{"$f":"T21-HLOOKUP(X21,Feuil1!$C$1:$BL$10,8,FALSE)","v":-128},{"$f":"T21-HLOOKUP(X21,Feuil1!$C$1:$BL$10,9,FALSE)","v":-143},{"$f":"T21-HLOOKUP(X21,Feuil1!$C$1:$BL$10,10,FALSE)","v":-158},null,null,null,null,null,null,"DEB "]
["H","SO","LIM",17,226798,"MASDUPUY","YANNICK",1974,53.5,"TULLE ASH","F",20,25,-30,25,30,35,-40,35,60,-47,"DEB ",-35,{"$f":"IF(I22=\"\",\"\",IF(A22=\"H\",IF(OR(H22=\"SEN\",H22<1995),VLOOKUP(I22,Feuil1!$A$11:$F$29,6),IF(AND(H22>1994,H22<1998),VLOOKUP(I22,Feuil1!$A$11:$F$29,5),IF(AND(H22>1997,H22<2000),VLOOKUP(I22,Feuil1!$A$11:$F$29,4),IF(AND(H22>1999,H22<2002),VLOOKUP(I22,Feuil1!$A$11:$F$29,3),VLOOKUP(I22,Feuil1!$A$11:$F$29,2))))),IF(OR(H22=\"SEN\",H22<1995),VLOOKUP(I22,Feuil1!$G$11:$L$25,6),IF(AND(H22>1994,H22<1998),VLOOKUP(I22,Feuil1!$G$11:$L$25,5),IF(AND(H22>1997,H22<2000),VLOOKUP(I22,Feuil1!$G$11:$L$25,4),IF(AND(H22>1999,H22<2002),VLOOKUP(I22,Feuil1!$G$11:$L$25,3),VLOOKUP(I22,Feuil1!$G$11:$L$25,2)))))))","v":"S56"},97.128024744794828,null," ",{"$f":"T22-HLOOKUP(X22,Feuil1!$C$1:$BL$10,2,FALSE)","v":-35},{"$f":"T22-HLOOKUP(X22,Feuil1!$C$1:$BL$10,3,FALSE)","v":-55},{"$f":"T22-HLOOKUP(X22,Feuil1!$C$1:$BL$10,4,FALSE)","v":-70},{"$f":"T22-HLOOKUP(X22,Feuil1!$C$1:$BL$10,5,FALSE)","v":-85},{"$f":"T22-HLOOKUP(X22,Feuil1!$C$1:$BL$10,6,FALSE)","v":-110},{"$f":"T22-HLOOKUP(X22,Feuil1!$C$1:$BL$10,7,FALSE)","v":-130},{"$f":"T22-HLOOKUP(X22,Feuil1!$C$1:$BL$10,8,FALSE)","v":-150},{"$f":"T22-HLOOKUP(X22,Feuil1!$C$1:$BL$10,9,FALSE)","v":-165},{"$f":"T22-HLOOKUP(X22,Feuil1!$C$1:$BL$10,10,FALSE)","v":-180},null,null,null,null,null,null,"DEB "]
[null,null,null,null,null,null,null,null,null,null,null,null,null,null,null,null,null,null,null,null,null,null,null,null,null,null," ",{"$f":"T23-HLOOKUP(X23,[1]Feuil1!$C$1:$BL$10,2,FALSE)","v":{"$error":"#N/A"}},{"$f":"T23-HLOOKUP(X23,[1]Feuil1!$C$1:$BL$10,3,FALSE)","v":{"$error":"#N/A"}},{"$f":"T23-HLOOKUP(X23,[1]Feuil1!$C$1:$BL$10,4,FALSE)","v":{"$error":"#N/A"}},{"$f":"T23-HLOOKUP(X23,[1]Feuil1!$C$1:$BL$10,5,FALSE)","v":{"$error":"#N/A"}},{"$f":"T23-HLOOKUP(X23,[1]Feuil1!$C$1:$BL$10,6,FALSE)","v":{"$error":"#N/A"}},{"$f":"T23-HLOOKUP(X23,[1]Feuil1!$C$1:$BL$10,7,FALSE)","v":{"$error":"#N/A"}},{"$f":"T23-HLOOKUP(X23,[1]Feuil1!$C$1:$BL$10,8,FALSE)","v":{"$error":"#N/A"}},{"$f":"T23-HLOOKUP(X23,[1]Feuil1!$C$1:$BL$10,9,FALSE)","v":{"$error":"#N/A"}},{"$f":"T23-HLOOKUP(X23,[1]Feuil1!$C$1:$BL$10,10,FALSE)","v":{"$error":"#N/A"}},null,null,null,null,null,null,{"$f":"IF(AJ23>=0,$AJ$4,IF(AI23>=0,$AI$4,IF(AH23>=0,$AH$4,IF(AG23>=0,$AG$4,IF(AF23>=0,$AF$4,IF(AE23>=0,$AE$4,IF(AD23>=0,$AD$4,IF(AC23>=0,$AC$4,$AB$4))))))))","v":{"$error":"#N/A"}}]
["H","N","IDF",1,32445,"CAESEMAECKER","Kévin",1986,61,"RUEIL ","F",104,109,112,{"$f":"IF(H24=\"\",\"\",IF(MAXA(L24:N24)<=0,0,MAXA(L24:N24)))","v":112},125,132,-143,{"$f":"IF(H24=\"\",\"\",IF(MAXA(P24:R24)<=0,0,MAXA(P24:R24)))","v":132},{"$f":"IF(H24=\"\",\"\",IF(OR(O24=0,S24=0),0,O24+S24))","v":244},{"$f":"T24-I24*2","v":122},{"$f":"IF(H24=\"\",\"\",AQ24)","v":"INTB +"},{"$f":"IF(AJ24>=0,AJ24,IF(AI24>=0,AI24,IF(AH24>=0,AH24,IF(AG24>=0,AG24,IF(AF24>=0,AF24,IF(AE24>=0,AE24,IF(AD24>=0,AD24,IF(AC24>=0,AC24,AB24))))))))","v":14},{"$f":"IF(I24=\"\",\"\",IF(A24=\"H\",IF(OR(H24=\"SEN\",H24<1995),VLOOKUP(I24,Feuil1!$A$11:$F$29,6),IF(AND(H24>1994,H24<1998),VLOOKUP(I24,Feuil1!$A$11:$F$29,5),IF(AND(H24>1997,H24<2000),VLOOKUP(I24,Feuil1!$A$11:$F$29,4),IF(AND(H24>1999,H24<2002),VLOOKUP(I24,Feuil1!$A$11:$F$29,3),VLOOKUP(I24,Feuil1!$A$11:$F$29,2))))),IF(OR(H24=\"SEN\",H24<1995),VLOOKUP(I24,Feuil1!$G$11:$L$25,6),IF(AND(H24>1994,H24<1998),VLOOKUP(I24,Feuil1!$G$11:$L$25,5),IF(AND(H24>1997,H24<2000),VLOOKUP(I24,Feuil1!$G$11:$L$25,4),IF(AND(H24>1999,H24<2002),VLOOKUP(I24,Feuil1!$G$11:$L$25,3),VLOOKUP(I24,Feuil1!$G$11:$L$25,2)))))))","v":"S62"},{"$f":"IF(I24=\"\",\"\",IF(A24=\"H\",10^(0.794358141*LOG(I24/174.393)^2)*T24,IF(A24=\"F\",10^(0.89726074*LOG(I24/148.026)^2)*T24,\"\")))","v":357.03421212577075},null," ",{"$f":"T24-HLOOKUP(X24,Feuil1!$C$1:$BL$10,2,FALSE)","v":124},{"$f":"T24-HLOOKUP(X24,Feuil1!$C$1:$BL$10,3,FALSE)","v":109},{"$f":"T24-HLOOKUP(X24,Feuil1!$C$1:$BL$10,4,FALSE)","v":94},{"$f":"T24-HLOOKUP(X24,Feuil1!$C$1:$BL$10,5,FALSE)","v":74},{"$f":"T24-HLOOKUP(X24,Feuil1!$C$1:$BL$10,6,FALSE)","v":54},{"$f":"T24-HLOOKUP(X24,Feuil1!$C$1:$BL$10,7,FALSE)","v":34},{"$f":"T24-HLOOKUP(X24,Feuil1!$C$1:$BL$10,8,FALSE)","v":14},{"$f":"T24-HLOOKUP(X24,Feuil1!$C$1:$BL$10,9,FALSE)","v":-11},{"$f":"T24-HLOOKUP(X24,Feuil1!$C$1:$BL$10,10,FALSE)","v":-26},null,null,null,null,null,null,{"$f":"IF(AJ24>=0,$AJ$4,IF(AI24>=0,$AI$4,IF(AH24>=0,$AH$4,IF(AG24>=0,$AG$4,IF(AF24>=0,$AF$4,IF(AE24>=0,$AE$4,IF(AD24>=0,$AD$4,IF(AC24>=0,$AC$4,$AB$4))))))))","v":"INTB +"}]
["H","SEST","PRO",2,214037,"MARI","Charles",1992,61.35,"HM STE TULLE","F",105,108,-110,108,125,130,-138,130,238,115.3,"INTB +",8,{"$f":"IF(I25=\"\",\"\",IF(A25=\"H\",IF(OR(H25=\"SEN\",H25<1995),VLOOKUP(I25,Feuil1!$A$11:$F$29,6),IF(AND(H25>1994,H25<1998),VLOOKUP(I25,Feuil1!$A$11:$F$29,5),IF(AND(H25>1997,H25<2000),VLOOKUP(I25,Feuil1!$A$11:$F$29,4),IF(AND(H25>1999,H25<2002),VLOOKUP(I25,Feuil1!$A$11:$F$29,3),VLOOKUP(I25,Feuil1!$A$11:$F$29,2))))),IF(OR(H25=\"SEN\",H25<1995),VLOOKUP(I25,Feuil1!$G$11:$L$25,6),IF(AND(H25>1994,H25<1998),VLOOKUP(I25,Feuil1!$G$11:$L$25,5),IF(AND(H25>1997,H25<2000),VLOOKUP(I25,Feuil1!$G$11:$L$25,4),IF(AND(H25>1999,H25<2002),VLOOKUP(I25,Feuil1!$G$11:$L$25,3),VLOOKUP(I25,Feuil1!$G$11:$L$25,2)))))))","v":"S62"},346.81750253948854,null," ",{"$f":"T25-HLOOKUP(X25,Feuil1!$C$1:$BL$10,2,FALSE)","v":118},{"$f":"T25-HLOOKUP(X25,Feuil1!$C$1:$BL$10,3,FALSE)","v":103},{"$f":"T25-HLOOKUP(X25,Feuil1!$C$1:$BL$10,4,FALSE)","v":88},{"$f":"T25-HLOOKUP(X25,Feuil1!$C$1:$BL$10,5,FALSE)","v":68},{"$f":"T25-HLOOKUP(X25,Feuil1!$C$1:$BL$10,6,FALSE)","v":48},{"$f":"T25-HLOOKUP(X25,Feuil1!$C$1:$BL$10,7,FALSE)","v":28},{"$f":"T25-HLOOKUP(X25,Feuil1!$C$1:$BL$10,8,FALSE)","v":8},{"$f":"T25-HLOOKUP(X25,Feuil1!$C$1:$BL$10,9,FALSE)","v":-17},{"$f":"T25-HLOOKUP(X25,Feuil1!$C$1:$BL$10,10,FALSE)","v":-32},null,null,null,null,null,null,"INTB +"]
["H","SEST","PRO",3,130685,"CLAUX","Anthony",1991,61.8,"ISTRES SPORTS","F",95,100,103,103,115,120,125,125,228,104.4,"NAT +",18,{"$f":"IF(I26=\"\",\"\",IF(A26=\"H\",IF(OR(H26=\"SEN\",H26<1995),VLOOKUP(I26,Feuil1!$A$11:$F$29,6),IF(AND(H26>1994,H26<1998),VLOOKUP(I26,Feuil1!$A$11:$F$29,5),IF(AND(H26>1997,H26<2000),VLOOKUP(I26,Feuil1!$A$11:$F$29,4),IF(AND(H26>1999,H26<2002),VLOOKUP(I26,Feuil1!$A$11:$F$29,3),VLOOKUP(I26,Feuil1!$A$11:$F$29,2))))),IF(OR(H26=\"SEN\",H26<1995),VLOOKUP(I26,Feuil1!$G$11:$L$25,6),IF(AND(H26>1994,H26<1998),VLOOKUP(I26,Feuil1!$G$11:$L$25,5),IF(AND(H26>1997,H26<2000),VLOOKUP(I26,Feuil1!$G$11:$L$25,4),IF(AND(H26>1999,H26<2002),VLOOKUP(I26,Feuil1!$G$11:$L$25,3),VLOOKUP(I26,Feuil1!$G$11:$L$25,2)))))))","v":"S62"},330.50578901400536,null," ",{"$f":"T26-HLOOKUP(X26,Feuil1!$C$1:$BL$10,2,FALSE)","v":108},{"$f":"T26-HLOOKUP(X26,Feuil1!$C$1:$BL$10,3,FALSE)","v":93},{"$f":"T26-HLOOKUP(X26,Feuil1!$C$1:$BL$10,4,FALSE)","v":78},{"$f":"T26-HLOOKUP(X26,Feuil1!$C$1:$BL$10,5,FALSE)","v":58},{"$f":"T26-HLOOKUP(X26,Feuil1!$C$1:$BL$10,6,FALSE)","v":38},{"$f":"T26-HLOOKUP(X26,Feuil1!$C$1:$BL$10,7,FALSE)","v":18},{"$f":"T26-HLOOKUP(X26,Feuil1!$C$1:$BL$10,8,FALSE)","v":-2},{"$f":"T26-HLOOKUP(X26,Feuil1!$C$1:$BL$10,9,FALSE)","v":-27},{"$f":"T26-HLOOKUP(X26,Feuil1!$C$1:$BL$10,10,FALSE)","v":-42},null,null,null,null,null,null,"NAT +"]
["H","NORD","PIC",4,34508,"JEROME","Alexis",1989,61.95,"Senlis Ligne & Forme","F",95,98,-102,98,118,123,-129,123,221,97.1,"NAT +",11,{"$f":"IF(I27=\"\",\"\",IF(A27=\"H\",IF(OR(H27=\"SEN\",H27<1995),VLOOKUP(I27,Feuil1!$A$11:$F$29,6),IF(AND(H27>1994,H27<1998),VLOOKUP(I27,Feuil1!$A$11:$F$29,5),IF(AND(H27>1997,H27<2000),VLOOKUP(I27,Feuil1!$A$11:$F$29,4),IF(AND(H27>1999,H27<2002),VLOOKUP(I27,Feuil1!$A$11:$F$29,3),VLOOKUP(I27,Feuil1!$A$11:$F$29,2))))),IF(OR(H27=\"SEN\",H27<1995),VLOOKUP(I27,Feuil1!$G$11:$L$25,6),IF(AND(H27>1994,H27<1998),VLOOKUP(I27,Feuil1!$G$11:$L$25,5),IF(AND(H27>1997,H27<2000),VLOOKUP(I27,Feuil1!$G$11:$L$25,4),IF(AND(H27>1999,H27<2002),VLOOKUP(I27,Feuil1!$G$11:$L$25,3),VLOOKUP(I27,Feuil1!$G$11:$L$25,2)))))))","v":"S62"},319.80391655872353,null," ",{"$f":"T27-HLOOKUP(X27,Feuil1!$C$1:$BL$10,2,FALSE)","v":101},{"$f":"T27-HLOOKUP(X27,Feuil1!$C$1:$BL$10,3,FALSE)","v":86},{"$f":"T27-HLOOKUP(X27,Feuil1!$C$1:$BL$10,4,FALSE)","v":71},{"$f":"T27-HLOOKUP(X27,Feuil1!$C$1:$BL$10,5,FALSE)","v":51},{"$f":"T27-HLOOKUP(X27,Feuil1!$C$1:$BL$10,6,FALSE)","v":31},{"$f":"T27-HLOOKUP(X27,Feuil1!$C$1:$BL$10,7,FALSE)","v":11},{"$f":"T27-HLOOKUP(X27,Feuil1!$C$1:$BL$10,8,FALSE)","v":-9},{"$f":"T27-HLOOKUP(X27,Feuil1!$C$1:$BL$10,9,FALSE)","v":-34},{"$f":"T27-HLOOKUP(X27,Feuil1!$C$1:$BL$10,10,FALSE)","v":-49},null,null,null,null,null,null,"NAT +"]
["H","ZCO","BRE",5,171426,"MORICE","Vincent",1993,61.95,"AL Quimper","F",-91,91,-95,91,120,-125,-125,120,211,87.1,"NAT +",1,{"$f":"IF(I28=\"\",\"\",IF(A28=\"H\",IF(OR(H28=\"SEN\",H28<1995),VLOOKUP(I28,Feuil1!$A$11:$F$29,6),IF(AND(H28>1994,H28<1998),VLOOKUP(I28,Feuil1!$A$11:$F$29,5),IF(AND(H28>1997,H28<2000),VLOOKUP(I28,Feuil1!$A$11:$F$29,4),IF(AND(H28>1999,H28<2002),VLOOKUP(I28,Feuil1!$A$11:$F$29,3),VLOOKUP(I28,Feuil1!$A$11:$F$29,2))))),IF(OR(H28=\"SEN\",H28<1995),VLOOKUP(I28,Feuil1!$G$11:$L$25,6),IF(AND(H28>1994,H28<1998),VLOOKUP(I28,Feuil1!$G$11:$L$25,5),IF(AND(H28>1997,H28<2000),VLOOKUP(I28,Feuil1!$G$11:$L$25,4),IF(AND(H28>1999,H28<2002),VLOOKUP(I28,Feuil1!$G$11:$L$25,3),VLOOKUP(I28,Feuil1!$G$11:$L$25,2)))))))","v":"S62"},305.33315110357768,null," ",{"$f":"T28-HLOOKUP(X28,Feuil1!$C$1:$BL$10,2,FALSE)","v":91},{"$f":"T28-HLOOKUP(X28,Feuil1!$C$1:$BL$10,3,FALSE)","v":76},{"$f":"T28-HLOOKUP(X28,Feuil1!$C$1:$BL$10,4,FALSE)","v":61},{"$f":"T28-HLOOKUP(X28,Feuil1!$C$1:$BL$10,5,FALSE)","v":41},{"$f":"T28-HLOOKUP(X28,Feuil1!$C$1:$BL$10,6,FALSE)","v":21},{"$f":"T28-HLOOKUP(X28,Feuil1!$C$1:$BL$10,7,FALSE)","v":1},{"$f":"T28-HLOOKUP(X28,Feuil1!$C$1:$BL$10,8,FALSE)","v":-19},{"$f":"T28-HLOOKUP(X28,Feuil1!$C$1:$BL$10,9,FALSE)","v":-44},{"$f":"T28-HLOOKUP(X28,Feuil1!$C$1:$BL$10,10,FALSE)","v":-59},null,null,null,null,null,null,"NAT +"]
["H","NORD","PIC",6,300,"ANDRIEUX","Sylvain",1981,61.7,"La Ferté Milon CMHM","F",85,90,95,95,105,110,115,115,210,86.6,"NAT +",0,{"$f":"IF(I29=\"\",\"\",IF(A29=\"H\",IF(OR(H29=\"SEN\",H29<1995),VLOOKUP(I29,Feuil1!$A$11:$F$29,6),IF(AND(H29>1994,H29<1998),VLOOKUP(I29,Feuil1!$A$11:$F$29,5),IF(AND(H29>1997,H29<2000),VLOOKUP(I29,Feuil1!$A$11:$F$29,4),IF(AND(H29>1999,H29<2002),VLOOKUP(I29,Feuil1!$A$11:$F$29,3),VLOOKUP(I29,Feuil1!$A$11:$F$29,2))))),IF(OR(H29=\"SEN\",H29<1995),VLOOKUP(I29,Feuil1!$G$11:$L$25,6),IF(AND(H29>1994,H29<1998),VLOOKUP(I29,Feuil1!$G$11:$L$25,5),IF(AND(H29>1997,H29<2000),VLOOKUP(I29,Feuil1!$G$11:$L$25,4),IF(AND(H29>1999,H29<2002),VLOOKUP(I29,Feuil1!$G$11:$L$25,3),VLOOKUP(I29,Feuil1!$G$11:$L$25,2)))))))","v":"S62"},304.76657068814569,null," ",{"$f":"T29-HLOOKUP(X29,Feuil1!$C$1:$BL$10,2,FALSE)","v":90},{"$f":"T29-HLOOKUP(X29,Feuil1!$C$1:$BL$10,3,FALSE)","v":75},{"$f":"T29-HLOOKUP(X29,Feuil1!$C$1:$BL$10,4,FALSE)","v":60},{"$f":"T29-HLOOKUP(X29,Feuil1!$C$1:$BL$10,5,FALSE)","v":40},{"$f":"T29-HLOOKUP(X29,Feuil1!$C$1:$BL$10,6,FALSE)","v":20},{"$f":"T29-HLOOKUP(X29,Feuil1!$C$1:$BL$10,7,FALSE)","v":0},{"$f":"T29-HLOOKUP(X29,Feuil1!$C$1:$BL$10,8,FALSE)","v":-20},{"$f":"T29-HLOOKUP(X29,Feuil1!$C$1:$BL$10,9,FALSE)","v":-45},{"$f":"T29-HLOOKUP(X29,Feuil1!$C$1:$BL$10,10,FALSE)","v":-60},null,null,null,null,null,null,"NAT +"]
["H","NORD","NPC",7,"076341","MANCINI","Julien",1990,62,"C.A.ROSENDAEL","F",95,-98,-98,95,110,115,"-",115,210,86,"NAT +",0,{"$f":"IF(I30=\"\",\"\",IF(A30=\"H\",IF(OR(H30=\"SEN\",H30<1995),VLOOKUP(I30,Feuil1!$A$11:$F$29,6),IF(AND(H30>1994,H30<1998),VLOOKUP(I30,Feuil1!$A$11:$F$29,5),IF(AND(H30>1997,H30<2000),VLOOKUP(I30,Feuil1!$A$11:$F$29,4),IF(AND(H30>1999,H30<2002),VLOOKUP(I30,Feuil1!$A$11:$F$29,3),VLOOKUP(I30,Feuil1!$A$11:$F$29,2))))),IF(OR(H30=\"SEN\",H30<1995),VLOOKUP(I30,Feuil1!$G$11:$L$25,6),IF(AND(H30>1994,H30<1998),VLOOKUP(I30,Feuil1!$G$11:$L$25,5),IF(AND(H30>1997,H30<2000),VLOOKUP(I30,Feuil1!$G$11:$L$25,4),IF(AND(H30>1999,H30<2002),VLOOKUP(I30,Feuil1!$G$11:$L$25,3),VLOOKUP(I30,Feuil1!$G$11:$L$25,2)))))))","v":"S62"},303.71111642470163,null," ",{"$f":"T30-HLOOKUP(X30,Feuil1!$C$1:$BL$10,2,FALSE)","v":90},{"$f":"T30-HLOOKUP(X30,Feuil1!$C$1:$BL$10,3,FALSE)","v":75},{"$f":"T30-HLOOKUP(X30,Feuil1!$C$1:$BL$10,4,FALSE)","v":60},{"$f":"T30-HLOOKUP(X30,Feuil1!$C$1:$BL$10,5,FALSE)","v":40},{"$f":"T30-HLOOKUP(X30,Feuil1!$C$1:$BL$10,6,FALSE)","v":20},{"$f":"T30-HLOOKUP(X30,Feuil1!$C$1:$BL$10,7,FALSE)","v":0},{"$f":"T30-HLOOKUP(X30,Feuil1!$C$1:$BL$10,8,FALSE)","v":-20},{"$f":"T30-HLOOKUP(X30,Feuil1!$C$1:$BL$10,9,FALSE)","v":-45},{"$f":"T30-HLOOKUP(X30,Feuil1!$C$1:$BL$10,10,FALSE)","v":-60},null,null,null,null,null,null,"NAT +"]
["H","NORD","NPC",8,307413,"UMEGAE","Kenta",1987,62,"LILLE U.C.","BEL",92,-96,-96,92,110,-115,-118,110,202,78,"FED +",12,{"$f":"IF(I31=\"\",\"\",IF(A31=\"H\",IF(OR(H31=\"SEN\",H31<1995),VLOOKUP(I31,Feuil1!$A$11:$F$29,6),IF(AND(H31>1994,H31<1998),VLOOKUP(I31,Feuil1!$A$11:$F$29,5),IF(AND(H31>1997,H31<2000),VLOOKUP(I31,Feuil1!$A$11:$F$29,4),IF(AND(H31>1999,H31<2002),VLOOKUP(I31,Feuil1!$A$11:$F$29,3),VLOOKUP(I31,Feuil1!$A$11:$F$29,2))))),IF(OR(H31=\"SEN\",H31<1995),VLOOKUP(I31,Feuil1!$G$11:$L$25,6),IF(AND(H31>1994,H31<1998),VLOOKUP(I31,Feuil1!$G$11:$L$25,5),IF(AND(H31>1997,H31<2000),VLOOKUP(I31,Feuil1!$G$11:$L$25,4),IF(AND(H31>1999,H31<2002),VLOOKUP(I31,Feuil1!$G$11:$L$25,3),VLOOKUP(I31,Feuil1!$G$11:$L$25,2)))))))","v":"S62"},292.14116913233204,null," ",{"$f":"T31-HLOOKUP(X31,Feuil1!$C$1:$BL$10,2,FALSE)","v":82},{"$f":"T31-HLOOKUP(X31,Feuil1!$C$1:$BL$10,3,FALSE)","v":67},{"$f":"T31-HLOOKUP(X31,Feuil1!$C$1:$BL$10,4,FALSE)","v":52},{"$f":"T31-HLOOKUP(X31,Feuil1!$C$1:$BL$10,5,FALSE)","v":32},{"$f":"T31-HLOOKUP(X31,Feuil1!$C$1:$BL$10,6,FALSE)","v":12},{"$f":"T31-HLOOKUP(X31,Feuil1!$C$1:$BL$10,7,FALSE)","v":-8},{"$f":"T31-HLOOKUP(X31,Feuil1!$C$1:$BL$10,8,FALSE)","v":-28},{"$f":"T31-HLOOKUP(X31,Feuil1!$C$1:$BL$10,9,FALSE)","v":-53},{"$f":"T31-HLOOKUP(X31,Feuil1!$C$1:$BL$10,10,FALSE)","v":-68},null,null,null,null,null,null,"FED +"]
["H","SEST","RAL",9,71451,"MERANCIENNE","LOIC",1987,61.89,"Vaulx-en-Velin","F",83,86,88,88,105,111,-113,111,199,75.22,"FED +",9,{"$f":"IF(I32=\"\",\"\",IF(A32=\"H\",IF(OR(H32=\"SEN\",H32<1995),VLOOKUP(I32,Feuil1!$A$11:$F$29,6),IF(AND(H32>1994,H32<1998),VLOOKUP(I32,Feuil1!$A$11:$F$29,5),IF(AND(H32>1997,H32<2000),VLOOKUP(I32,Feuil1!$A$11:$F$29,4),IF(AND(H32>1999,H32<2002),VLOOKUP(I32,Feuil1!$A$11:$F$29,3),VLOOKUP(I32,Feuil1!$A$11:$F$29,2))))),IF(OR(H32=\"SEN\",H32<1995),VLOOKUP(I32,Feuil1!$G$11:$L$25,6),IF(AND(H32>1994,H32<1998),VLOOKUP(I32,Feuil1!$G$11:$L$25,5),IF(AND(H32>1997,H32<2000),VLOOKUP(I32,Feuil1!$G$11:$L$25,4),IF(AND(H32>1999,H32<2002),VLOOKUP(I32,Feuil1!$G$11:$L$25,3),VLOOKUP(I32,Feuil1!$G$11:$L$25,2)))))))","v":"S62"},288.16765898255358,null," ",{"$f":"T32-HLOOKUP(X32,Feuil1!$C$1:$BL$10,2,FALSE)","v":79},{"$f":"T32-HLOOKUP(X32,Feuil1!$C$1:$BL$10,3,FALSE)","v":64},{"$f":"T32-HLOOKUP(X32,Feuil1!$C$1:$BL$10,4,FALSE)","v":49},{"$f":"T32-HLOOKUP(X32,Feuil1!$C$1:$BL$10,5,FALSE)","v":29},{"$f":"T32-HLOOKUP(X32,Feuil1!$C$1:$BL$10,6,FALSE)","v":9},{"$f":"T32-HLOOKUP(X32,Feuil1!$C$1:$BL$10,7,FALSE)","v":-11},{"$f":"T32-HLOOKUP(X32,Feuil1!$C$1:$BL$10,8,FALSE)","v":-31},{"$f":"T32-HLOOKUP(X32,Feuil1!$C$1:$BL$10,9,FALSE)","v":-56},{"$f":"T32-HLOOKUP(X32,Feuil1!$C$1:$BL$10,10,FALSE)","v":-71},null,null,null,null,null,null,"FED +"]
["H","SO","AQU",10,263896,"RICHEBOIS","EDWARD",1994,61.4,"ST MEDARD","F",80,85,87,87,100,106,-110,106,193,70.2,"FED +",3,{"$f":"IF(I33=\"\",\"\",IF(A33=\"H\",IF(OR(H33=\"SEN\",H33<1995),VLOOKUP(I33,Feuil1!$A$11:$F$29,6),IF(AND(H33>1994,H33<1998),VLOOKUP(I33,Feuil1!$A$11:$F$29,5),IF(AND(H33>1997,H33<2000),VLOOKUP(I33,Feuil1!$A$11:$F$29,4),IF(AND(H33>1999,H33<2002),VLOOKUP(I33,Feuil1!$A$11:$F$29,3),VLOOKUP(I33,Feuil1!$A$11:$F$29,2))))),IF(OR(H33=\"SEN\",H33<1995),VLOOKUP(I33,Feuil1!$G$11:$L$25,6),IF(AND(H33>1994,H33<1998),VLOOKUP(I33,Feuil1!$G$11:$L$25,5),IF(AND(H33>1997,H33<2000),VLOOKUP(I33,Feuil1!$G$11:$L$25,4),IF(AND(H33>1999,H33<2002),VLOOKUP(I33,Feuil1!$G$11:$L$25,3),VLOOKUP(I33,Feuil1!$G$11:$L$25,2)))))))","v":"S62"},281.07772358816135,null," ",{"$f":"T33-HLOOKUP(X33,Feuil1!$C$1:$BL$10,2,FALSE)","v":73},{"$f":"T33-HLOOKUP(X33,Feuil1!$C$1:$BL$10,3,FALSE)","v":58},{"$f":"T33-HLOOKUP(X33,Feuil1!$C$1:$BL$10,4,FALSE)","v":43},{"$f":"T33-HLOOKUP(X33,Feuil1!$C$1:$BL$10,5,FALSE)","v":23},{"$f":"T33-HLOOKUP(X33,Feuil1!$C$1:$BL$10,6,FALSE)","v":3},{"$f":"T33-HLOOKUP(X33,Feuil1!$C$1:$BL$10,7,FALSE)","v":-17},{"$f":"T33-HLOOKUP(X33,Feuil1!$C$1:$BL$10,8,FALSE)","v":-37},{"$f":"T33-HLOOKUP(X33,Feuil1!$C$1:$BL$10,9,FALSE)","v":-62},{"$f":"T33-HLOOKUP(X33,Feuil1!$C$1:$BL$10,10,FALSE)","v":-77},null,null,null,null,null,null,"FED +"]
["H","SEST","CAZ",11,953,"BONVENTRE","Sebastien",1971,61.3,"AS MONACO","F",80,85,87,87,-100,100,105,105,192,69.400000000000006,"FED +",2,{"$f":"IF(I34=\"\",\"\",IF(A34=\"H\",IF(OR(H34=\"SEN\",H34<1995),VLOOKUP(I34,Feuil1!$A$11:$F$29,6),IF(AND(H34>1994,H34<1998),VLOOKUP(I34,Feuil1!$A$11:$F$29,5),IF(AND(H34>1997,H34<2000),VLOOKUP(I34,Feuil1!$A$11:$F$29,4),IF(AND(H34>1999,H34<2002),VLOOKUP(I34,Feuil1!$A$11:$F$29,3),VLOOKUP(I34,Feuil1!$A$11:$F$29,2))))),IF(OR(H34=\"SEN\",H34<1995),VLOOKUP(I34,Feuil1!$G$11:$L$25,6),IF(AND(H34>1994,H34<1998),VLOOKUP(I34,Feuil1!$G$11:$L$25,5),IF(AND(H34>1997,H34<2000),VLOOKUP(I34,Feuil1!$G$11:$L$25,4),IF(AND(H34>1999,H34<2002),VLOOKUP(I34,Feuil1!$G$11:$L$25,3),VLOOKUP(I34,Feuil1!$G$11:$L$25,2)))))))","v":"S62"},279.9500929480696,null," ",{"$f":"T34-HLOOKUP(X34,Feuil1!$C$1:$BL$10,2,FALSE)","v":72},{"$f":"T34-HLOOKUP(X34,Feuil1!$C$1:$BL$10,3,FALSE)","v":57},{"$f":"T34-HLOOKUP(X34,Feuil1!$C$1:$BL$10,4,FALSE)","v":42},{"$f":"T34-HLOOKUP(X34,Feuil1!$C$1:$BL$10,5,FALSE)","v":22},{"$f":"T34-HLOOKUP(X34,Feuil1!$C$1:$BL$10,6,FALSE)","v":2},{"$f":"T34-HLOOKUP(X34,Feuil1!$C$1:$BL$10,7,FALSE)","v":-18},{"$f":"T34-HLOOKUP(X34,Feuil1!$C$1:$BL$10,8,FALSE)","v":-38},{"$f":"T34-HLOOKUP(X34,Feuil1!$C$1:$BL$10,9,FALSE)","v":-63},{"$f":"T34-HLOOKUP(X34,Feuil1!$C$1:$BL$10,10,FALSE)","v":-78},null,null,null,null,null,null,"FED +"]
["H","DOM","REU",12,118312,"RICHARD","OLIVIER",1980,58.01,"SCHM St Paul","F",75,80,85,85,96,101,105,105,190,73.98,"FED +",0,{"$f":"IF(I35=\"\",\"\",IF(A35=\"H\",IF(OR(H35=\"SEN\",H35<1995),VLOOKUP(I35,Feuil1!$A$11:$F$29,6),IF(AND(H35>1994,H35<1998),VLOOKUP(I35,Feuil1!$A$11:$F$29,5),IF(AND(H35>1997,H35<2000),VLOOKUP(I35,Feuil1!$A$11:$F$29,4),IF(AND(H35>1999,H35<2002),VLOOKUP(I35,Feuil1!$A$11:$F$29,3),VLOOKUP(I35,Feuil1!$A$11:$F$29,2))))),IF(OR(H35=\"SEN\",H35<1995),VLOOKUP(I35,Feuil1!$G$11:$L$25,6),IF(AND(H35>1994,H35<1998),VLOOKUP(I35,Feuil1!$G$11:$L$25,5),IF(AND(H35>1997,H35<2000),VLOOKUP(I35,Feuil1!$G$11:$L$25,4),IF(AND(H35>1999,H35<2002),VLOOKUP(I35,Feuil1!$G$11:$L$25,3),VLOOKUP(I35,Feuil1!$G$11:$L$25,2)))))))","v":"S62"},288.58357600383857,null," ",{"$f":"T35-HLOOKUP(X35,Feuil1!$C$1:$BL$10,2,FALSE)","v":70},{"$f":"T35-HLOOKUP(X35,Feuil1!$C$1:$BL$10,3,FALSE)","v":55},{"$f":"T35-HLOOKUP(X35,Feuil1!$C$1:$BL$10,4,FALSE)","v":40},{"$f":"T35-HLOOKUP(X35,Feuil1!$C$1:$BL$10,5,FALSE)","v":20},{"$f":"T35-HLOOKUP(X35,Feuil1!$C$1:$BL$10,6,FALSE)","v":0},{"$f":"T35-HLOOKUP(X35,Feuil1!$C$1:$BL$10,7,FALSE)","v":-20},{"$f":"T35-HLOOKUP(X35,Feuil1!$C$1:$BL$10,8,FALSE)","v":-40},{"$f":"T35-HLOOKUP(X35,Feuil1!$C$1:$BL$10,9,FALSE)","v":-65},{"$f":"T35-HLOOKUP(X35,Feuil1!$C$1:$BL$10,10,FALSE)","v":-80},null,null,null,null,null,null,"FED +"]
["H","NE","CHA",13,"133565","POIRET ","Allan",1990,59.9,"Reims HM","F",80,84,88,88,98,102,-106,102,190,70.2,"FED +",0,{"$f":"IF(I36=\"\",\"\",IF(A36=\"H\",IF(OR(H36=\"SEN\",H36<1995),VLOOKUP(I36,Feuil1!$A$11:$F$29,6),IF(AND(H36>1994,H36<1998),VLOOKUP(I36,Feuil1!$A$11:$F$29,5),IF(AND(H36>1997,H36<2000),VLOOKUP(I36,Feuil1!$A$11:$F$29,4),IF(AND(H36>1999,H36<2002),VLOOKUP(I36,Feuil1!$A$11:$F$29,3),VLOOKUP(I36,Feuil1!$A$11:$F$29,2))))),IF(OR(H36=\"SEN\",H36<1995),VLOOKUP(I36,Feuil1!$G$11:$L$25,6),IF(AND(H36>1994,H36<1998),VLOOKUP(I36,Feuil1!$G$11:$L$25,5),IF(AND(H36>1997,H36<2000),VLOOKUP(I36,Feuil1!$G$11:$L$25,4),IF(AND(H36>1999,H36<2002),VLOOKUP(I36,Feuil1!$G$11:$L$25,3),VLOOKUP(I36,Feuil1!$G$11:$L$25,2)))))))","v":"S62"},281.74167820983604,null," ",{"$f":"T36-HLOOKUP(X36,Feuil1!$C$1:$BL$10,2,FALSE)","v":70},{"$f":"T36-HLOOKUP(X36,Feuil1!$C$1:$BL$10,3,FALSE)","v":55},{"$f":"T36-HLOOKUP(X36,Feuil1!$C$1:$BL$10,4,FALSE)","v":40},{"$f":"T36-HLOOKUP(X36,Feuil1!$C$1:$BL$10,5,FALSE)","v":20},{"$f":"T36-HLOOKUP(X36,Feuil1!$C$1:$BL$10,6,FALSE)","v":0},{"$f":"T36-HLOOKUP(X36,Feuil1!$C$1:$BL$10,7,FALSE)","v":-20},{"$f":"T36-HLOOKUP(X36,Feuil1!$C$1:$BL$10,8,FALSE)","v":-40},{"$f":"T36-HLOOKUP(X36,Feuil1!$C$1:$BL$10,9,FALSE)","v":-65},{"$f":"T36-HLOOKUP(X36,Feuil1!$C$1:$BL$10,10,FALSE)","v":-80},null,null,null,null,null,null,"FED +"]
["H","NE","FCO",14,221769,"CHOLLEY","Paul",1994,60.5,"CH Luxeuil","F",81,-85,-85,81,105,109,0,109,190,69,"FED +",0,{"$f":"IF(I37=\"\",\"\",IF(A37=\"H\",IF(OR(H37=\"SEN\",H37<1995),VLOOKUP(I37,Feuil1!$A$11:$F$29,6),IF(AND(H37>1994,H37<1998),VLOOKUP(I37,Feuil1!$A$11:$F$29,5),IF(AND(H37>1997,H37<2000),VLOOKUP(I37,Feuil1!$A$11:$F$29,4),IF(AND(H37>1999,H37<2002),VLOOKUP(I37,Feuil1!$A$11:$F$29,3),VLOOKUP(I37,Feuil1!$A$11:$F$29,2))))),IF(OR(H37=\"SEN\",H37<1995),VLOOKUP(I37,Feuil1!$G$11:$L$25,6),IF(AND(H37>1994,H37<1998),VLOOKUP(I37,Feuil1!$G$11:$L$25,5),IF(AND(H37>1997,H37<2000),VLOOKUP(I37,Feuil1!$G$11:$L$25,4),IF(AND(H37>1999,H37<2002),VLOOKUP(I37,Feuil1!$G$11:$L$25,3),VLOOKUP(I37,Feuil1!$G$11:$L$25,2)))))))","v":"S62"},279.68837979487267,null," ",{"$f":"T37-HLOOKUP(X37,Feuil1!$C$1:$BL$10,2,FALSE)","v":70},{"$f":"T37-HLOOKUP(X37,Feuil1!$C$1:$BL$10,3,FALSE)","v":55},{"$f":"T37-HLOOKUP(X37,Feuil1!$C$1:$BL$10,4,FALSE)","v":40},{"$f":"T37-HLOOKUP(X37,Feuil1!$C$1:$BL$10,5,FALSE)","v":20},{"$f":"T37-HLOOKUP(X37,Feuil1!$C$1:$BL$10,6,FALSE)","v":0},{"$f":"T37-HLOOKUP(X37,Feuil1!$C$1:$BL$10,7,FALSE)","v":-20},{"$f":"T37-HLOOKUP(X37,Feuil1!$C$1:$BL$10,8,FALSE)","v":-40},{"$f":"T37-HLOOKUP(X37,Feuil1!$C$1:$BL$10,9,FALSE)","v":-65},{"$f":"T37-HLOOKUP(X37,Feuil1!$C$1:$BL$10,10,FALSE)","v":-80},null,null,null,null,null,null,"FED +"]
["H","NE","FCO",15,139465,"CREVOISIER ","Lucien",1991,60.3,"CH Luxeuil","F",81,85,-88,85,93,98,101,101,186,65.400000000000006,"IRG +",16,{"$f":"IF(I38=\"\",\"\",IF(A38=\"H\",IF(OR(H38=\"SEN\",H38<1995),VLOOKUP(I38,Feuil1!$A$11:$F$29,6),IF(AND(H38>1994,H38<1998),VLOOKUP(I38,Feuil1!$A$11:$F$29,5),IF(AND(H38>1997,H38<2000),VLOOKUP(I38,Feuil1!$A$11:$F$29,4),IF(AND(H38>1999,H38<2002),VLOOKUP(I38,Feuil1!$A$11:$F$29,3),VLOOKUP(I38,Feuil1!$A$11:$F$29,2))))),IF(OR(H38=\"SEN\",H38<1995),VLOOKUP(I38,Feuil1!$G$11:$L$25,6),IF(AND(H38>1994,H38<1998),VLOOKUP(I38,Feuil1!$G$11:$L$25,5),IF(AND(H38>1997,H38<2000),VLOOKUP(I38,Feuil1!$G$11:$L$25,4),IF(AND(H38>1999,H38<2002),VLOOKUP(I38,Feuil1!$G$11:$L$25,3),VLOOKUP(I38,Feuil1!$G$11:$L$25,2)))))))","v":"S62"},274.46428653518348,null," ",{"$f":"T38-HLOOKUP(X38,Feuil1!$C$1:$BL$10,2,FALSE)","v":66},{"$f":"T38-HLOOKUP(X38,Feuil1!$C$1:$BL$10,3,FALSE)","v":51},{"$f":"T38-HLOOKUP(X38,Feuil1!$C$1:$BL$10,4,FALSE)","v":36},{"$f":"T38-HLOOKUP(X38,Feuil1!$C$1:$BL$10,5,FALSE)","v":16},{"$f":"T38-HLOOKUP(X38,Feuil1!$C$1:$BL$10,6,FALSE)","v":-4},{"$f":"T38-HLOOKUP(X38,Feuil1!$C$1:$BL$10,7,FALSE)","v":-24},{"$f":"T38-HLOOKUP(X38,Feuil1!$C$1:$BL$10,8,FALSE)","v":-44},{"$f":"T38-HLOOKUP(X38,Feuil1!$C$1:$BL$10,9,FALSE)","v":-69},{"$f":"T38-HLOOKUP(X38,Feuil1!$C$1:$BL$10,10,FALSE)","v":-84},null,null,null,null,null,null,"IRG +"]
["H","N","IDF",16,304880,"RASCLE","DAVID",1979,58.8,"SAINT-MAUR","F",75,80,83,83,97,102,-107,102,185,67.400000000000006,"IRG +",15,{"$f":"IF(I39=\"\",\"\",IF(A39=\"H\",IF(OR(H39=\"SEN\",H39<1995),VLOOKUP(I39,Feuil1!$A$11:$F$29,6),IF(AND(H39>1994,H39<1998),VLOOKUP(I39,Feuil1!$A$11:$F$29,5),IF(AND(H39>1997,H39<2000),VLOOKUP(I39,Feuil1!$A$11:$F$29,4),IF(AND(H39>1999,H39<2002),VLOOKUP(I39,Feuil1!$A$11:$F$29,3),VLOOKUP(I39,Feuil1!$A$11:$F$29,2))))),IF(OR(H39=\"SEN\",H39<1995),VLOOKUP(I39,Feuil1!$G$11:$L$25,6),IF(AND(H39>1994,H39<1998),VLOOKUP(I39,Feuil1!$G$11:$L$25,5),IF(AND(H39>1997,H39<2000),VLOOKUP(I39,Feuil1!$G$11:$L$25,4),IF(AND(H39>1999,H39<2002),VLOOKUP(I39,Feuil1!$G$11:$L$25,3),VLOOKUP(I39,Feuil1!$G$11:$L$25,2)))))))","v":"S62"},278.13510279667787,null," ",{"$f":"T39-HLOOKUP(X39,Feuil1!$C$1:$BL$10,2,FALSE)","v":65},{"$f":"T39-HLOOKUP(X39,Feuil1!$C$1:$BL$10,3,FALSE)","v":50},{"$f":"T39-HLOOKUP(X39,Feuil1!$C$1:$BL$10,4,FALSE)","v":35},{"$f":"T39-HLOOKUP(X39,Feuil1!$C$1:$BL$10,5,FALSE)","v":15},{"$f":"T39-HLOOKUP(X39,Feuil1!$C$1:$BL$10,6,FALSE)","v":-5},{"$f":"T39-HLOOKUP(X39,Feuil1!$C$1:$BL$10,7,FALSE)","v":-25},{"$f":"T39-HLOOKUP(X39,Feuil1!$C$1:$BL$10,8,FALSE)","v":-45},{"$f":"T39-HLOOKUP(X39,Feuil1!$C$1:$BL$10,9,FALSE)","v":-70},{"$f":"T39-HLOOKUP(X39,Feuil1!$C$1:$BL$10,10,FALSE)","v":-85},null,null,null,null,null,null,"IRG +"]
["H","SEST","RAL",17,145587,"ROBLES"," Sébastien",1991,60.1,"Bourg de Péage","F",75,80,-85,80,100,105,-110,105,185,64.8,"IRG +",15,{"$f":"IF(I40=\"\",\"\",IF(A40=\"H\",IF(OR(H40=\"SEN\",H40<1995),VLOOKUP(I40,Feuil1!$A$11:$F$29,6),IF(AND(H40>1994,H40<1998),VLOOKUP(I40,Feuil1!$A$11:$F$29,5),IF(AND(H40>1997,H40<2000),VLOOKUP(I40,Feuil1!$A$11:$F$29,4),IF(AND(H40>1999,H40<2002),VLOOKUP(I40,Feuil1!$A$11:$F$29,3),VLOOKUP(I40,Feuil1!$A$11:$F$29,2))))),IF(OR(H40=\"SEN\",H40<1995),VLOOKUP(I40,Feuil1!$G$11:$L$25,6),IF(AND(H40>1994,H40<1998),VLOOKUP(I40,Feuil1!$G$11:$L$25,5),IF(AND(H40>1997,H40<2000),VLOOKUP(I40,Feuil1!$G$11:$L$25,4),IF(AND(H40>1999,H40<2002),VLOOKUP(I40,Feuil1!$G$11:$L$25,3),VLOOKUP(I40,Feuil1!$G$11:$L$25,2)))))))","v":"S62"},273.65506989395681,null," ",{"$f":"T40-HLOOKUP(X40,Feuil1!$C$1:$BL$10,2,FALSE)","v":65},{"$f":"T40-HLOOKUP(X40,Feuil1!$C$1:$BL$10,3,FALSE)","v":50},{"$f":"T40-HLOOKUP(X40,Feuil1!$C$1:$BL$10,4,FALSE)","v":35},{"$f":"T40-HLOOKUP(X40,Feuil1!$C$1:$BL$10,5,FALSE)","v":15},{"$f":"T40-HLOOKUP(X40,Feuil1!$C$1:$BL$10,6,FALSE)","v":-5},{"$f":"T40-HLOOKUP(X40,Feuil1!$C$1:$BL$10,7,FALSE)","v":-25},{"$f":"T40-HLOOKUP(X40,Feuil1!$C$1:$BL$10,8,FALSE)","v":-45},{"$f":"T40-HLOOKUP(X40,Feuil1!$C$1:$BL$10,9,FALSE)","v":-70},{"$f":"T40-HLOOKUP(X40,Feuil1!$C$1:$BL$10,10,FALSE)","v":-85},null,null,null,null,null,null,"IRG +"]
["H","SEST","LAN ",18,168623,"MULLOR","Nicolas",1994,61.6,"Clermont Sports","F",75,80,82,82,102,-108,-108,102,184,60.8,"IRG +",14,{"$f":"IF(I41=\"\",\"\",IF(A41=\"H\",IF(OR(H41=\"SEN\",H41<1995),VLOOKUP(I41,Feuil1!$A$11:$F$29,6),IF(AND(H41>1994,H41<1998),VLOOKUP(I41,Feuil1!$A$11:$F$29,5),IF(AND(H41>1997,H41<2000),VLOOKUP(I41,Feuil1!$A$11:$F$29,4),IF(AND(H41>1999,H41<2002),VLOOKUP(I41,Feuil1!$A$11:$F$29,3),VLOOKUP(I41,Feuil1!$A$11:$F$29,2))))),IF(OR(H41=\"SEN\",H41<1995),VLOOKUP(I41,Feuil1!$G$11:$L$25,6),IF(AND(H41>1994,H41<1998),VLOOKUP(I41,Feuil1!$G$11:$L$25,5),IF(AND(H41>1997,H41<2000),VLOOKUP(I41,Feuil1!$G$11:$L$25,4),IF(AND(H41>1999,H41<2002),VLOOKUP(I41,Feuil1!$G$11:$L$25,3),VLOOKUP(I41,Feuil1!$G$11:$L$25,2)))))))","v":"S62"},267.34451067024503,null," ",{"$f":"T41-HLOOKUP(X41,Feuil1!$C$1:$BL$10,2,FALSE)","v":64},{"$f":"T41-HLOOKUP(X41,Feuil1!$C$1:$BL$10,3,FALSE)","v":49},{"$f":"T41-HLOOKUP(X41,Feuil1!$C$1:$BL$10,4,FALSE)","v":34},{"$f":"T41-HLOOKUP(X41,Feuil1!$C$1:$BL$10,5,FALSE)","v":14},{"$f":"T41-HLOOKUP(X41,Feuil1!$C$1:$BL$10,6,FALSE)","v":-6},{"$f":"T41-HLOOKUP(X41,Feuil1!$C$1:$BL$10,7,FALSE)","v":-26},{"$f":"T41-HLOOKUP(X41,Feuil1!$C$1:$BL$10,8,FALSE)","v":-46},{"$f":"T41-HLOOKUP(X41,Feuil1!$C$1:$BL$10,9,FALSE)","v":-71},{"$f":"T41-HLOOKUP(X41,Feuil1!$C$1:$BL$10,10,FALSE)","v":-86},null,null,null,null,null,null,"IRG +"]
["H","SEST","RAL",19,318328,"GAILLOT","Julien",1977,60.5,"C.H. L'ARBRESLE","F",77,80,82,82,100,-105,-105,100,182,61,"IRG +",12,{"$f":"IF(I42=\"\",\"\",IF(A42=\"H\",IF(OR(H42=\"SEN\",H42<1995),VLOOKUP(I42,Feuil1!$A$11:$F$29,6),IF(AND(H42>1994,H42<1998),VLOOKUP(I42,Feuil1!$A$11:$F$29,5),IF(AND(H42>1997,H42<2000),VLOOKUP(I42,Feuil1!$A$11:$F$29,4),IF(AND(H42>1999,H42<2002),VLOOKUP(I42,Feuil1!$A$11:$F$29,3),VLOOKUP(I42,Feuil1!$A$11:$F$29,2))))),IF(OR(H42=\"SEN\",H42<1995),VLOOKUP(I42,Feuil1!$G$11:$L$25,6),IF(AND(H42>1994,H42<1998),VLOOKUP(I42,Feuil1!$G$11:$L$25,5),IF(AND(H42>1997,H42<2000),VLOOKUP(I42,Feuil1!$G$11:$L$25,4),IF(AND(H42>1999,H42<2002),VLOOKUP(I42,Feuil1!$G$11:$L$25,3),VLOOKUP(I42,Feuil1!$G$11:$L$25,2)))))))","v":"S62"},267.91202696140437,null," ",{"$f":"T42-HLOOKUP(X42,Feuil1!$C$1:$BL$10,2,FALSE)","v":62},{"$f":"T42-HLOOKUP(X42,Feuil1!$C$1:$BL$10,3,FALSE)","v":47},{"$f":"T42-HLOOKUP(X42,Feuil1!$C$1:$BL$10,4,FALSE)","v":32},{"$f":"T42-HLOOKUP(X42,Feuil1!$C$1:$BL$10,5,FALSE)","v":12},{"$f":"T42-HLOOKUP(X42,Feuil1!$C$1:$BL$10,6,FALSE)","v":-8},{"$f":"T42-HLOOKUP(X42,Feuil1!$C$1:$BL$10,7,FALSE)","v":-28},{"$f":"T42-HLOOKUP(X42,Feuil1!$C$1:$BL$10,8,FALSE)","v":-48},{"$f":"T42-HLOOKUP(X42,Feuil1!$C$1:$BL$10,9,FALSE)","v":-73},{"$f":"T42-HLOOKUP(X42,Feuil1!$C$1:$BL$10,10,FALSE)","v":-88},null,null,null,null,null,null,"IRG +"]
["H","NORD","NPC",20,117292,"DESBIENS","Eddy",1983,61.9,"LILLE U.C.","F",80,-85,-85,80,100,"-","-",100,180,56.2,"IRG +",10,{"$f":"IF(I43=\"\",\"\",IF(A43=\"H\",IF(OR(H43=\"SEN\",H43<1995),VLOOKUP(I43,Feuil1!$A$11:$F$29,6),IF(AND(H43>1994,H43<1998),VLOOKUP(I43,Feuil1!$A$11:$F$29,5),IF(AND(H43>1997,H43<2000),VLOOKUP(I43,Feuil1!$A$11:$F$29,4),IF(AND(H43>1999,H43<2002),VLOOKUP(I43,Feuil1!$A$11:$F$29,3),VLOOKUP(I43,Feuil1!$A$11:$F$29,2))))),IF(OR(H43=\"SEN\",H43<1995),VLOOKUP(I43,Feuil1!$G$11:$L$25,6),IF(AND(H43>1994,H43<1998),VLOOKUP(I43,Feuil1!$G$11:$L$25,5),IF(AND(H43>1997,H43<2000),VLOOKUP(I43,Feuil1!$G$11:$L$25,4),IF(AND(H43>1999,H43<2002),VLOOKUP(I43,Feuil1!$G$11:$L$25,3),VLOOKUP(I43,Feuil1!$G$11:$L$25,2)))))))","v":"S62"},260.62406707294275,null," ",{"$f":"T43-HLOOKUP(X43,Feuil1!$C$1:$BL$10,2,FALSE)","v":60},{"$f":"T43-HLOOKUP(X43,Feuil1!$C$1:$BL$10,3,FALSE)","v":45},{"$f":"T43-HLOOKUP(X43,Feuil1!$C$1:$BL$10,4,FALSE)","v":30},{"$f":"T43-HLOOKUP(X43,Feuil1!$C$1:$BL$10,5,FALSE)","v":10},{"$f":"T43-HLOOKUP(X43,Feuil1!$C$1:$BL$10,6,FALSE)","v":-10},{"$f":"T43-HLOOKUP(X43,Feuil1!$C$1:$BL$10,7,FALSE)","v":-30},{"$f":"T43-HLOOKUP(X43,Feuil1!$C$1:$BL$10,8,FALSE)","v":-50},{"$f":"T43-HLOOKUP(X43,Feuil1!$C$1:$BL$10,9,FALSE)","v":-75},{"$f":"T43-HLOOKUP(X43,Feuil1!$C$1:$BL$10,10,FALSE)","v":-90},null,null,null,null,null,null,"IRG +"]
["H","NE","BOU",21,166142,"OPY","Valentin",1990,61.35,"HMDB21","F",70,75,-78,75,100,-105,-105,100,175,52.3,"IRG +",5,{"$f":"IF(I44=\"\",\"\",IF(A44=\"H\",IF(OR(H44=\"SEN\",H44<1995),VLOOKUP(I44,Feuil1!$A$11:$F$29,6),IF(AND(H44>1994,H44<1998),VLOOKUP(I44,Feuil1!$A$11:$F$29,5),IF(AND(H44>1997,H44<2000),VLOOKUP(I44,Feuil1!$A$11:$F$29,4),IF(AND(H44>1999,H44<2002),VLOOKUP(I44,Feuil1!$A$11:$F$29,3),VLOOKUP(I44,Feuil1!$A$11:$F$29,2))))),IF(OR(H44=\"SEN\",H44<1995),VLOOKUP(I44,Feuil1!$G$11:$L$25,6),IF(AND(H44>1994,H44<1998),VLOOKUP(I44,Feuil1!$G$11:$L$25,5),IF(AND(H44>1997,H44<2000),VLOOKUP(I44,Feuil1!$G$11:$L$25,4),IF(AND(H44>1999,H44<2002),VLOOKUP(I44,Feuil1!$G$11:$L$25,3),VLOOKUP(I44,Feuil1!$G$11:$L$25,2)))))))","v":"S62"},255.01286951432982,null," ",{"$f":"T44-HLOOKUP(X44,Feuil1!$C$1:$BL$10,2,FALSE)","v":55},{"$f":"T44-HLOOKUP(X44,Feuil1!$C$1:$BL$10,3,FALSE)","v":40},{"$f":"T44-HLOOKUP(X44,Feuil1!$C$1:$BL$10,4,FALSE)","v":25},{"$f":"T44-HLOOKUP(X44,Feuil1!$C$1:$BL$10,5,FALSE)","v":5},{"$f":"T44-HLOOKUP(X44,Feuil1!$C$1:$BL$10,6,FALSE)","v":-15},{"$f":"T44-HLOOKUP(X44,Feuil1!$C$1:$BL$10,7,FALSE)","v":-35},{"$f":"T44-HLOOKUP(X44,Feuil1!$C$1:$BL$10,8,FALSE)","v":-55},{"$f":"T44-HLOOKUP(X44,Feuil1!$C$1:$BL$10,9,FALSE)","v":-80},{"$f":"T44-HLOOKUP(X44,Feuil1!$C$1:$BL$10,10,FALSE)","v":-95},null,null,null,null,null,null,"IRG +"]
["H","ZCO","BRE",22,195634,"PERVIER","Alix",1990,61.8,"Vannes AC","F",72,-75,75,75,95,98,100,100,175,51.400000000000006,"IRG +",5,{"$f":"IF(I45=\"\",\"\",IF(A45=\"H\",IF(OR(H45=\"SEN\",H45<1995),VLOOKUP(I45,Feuil1!$A$11:$F$29,6),IF(AND(H45>1994,H45<1998),VLOOKUP(I45,Feuil1!$A$11:$F$29,5),IF(AND(H45>1997,H45<2000),VLOOKUP(I45,Feuil1!$A$11:$F$29,4),IF(AND(H45>1999,H45<2002),VLOOKUP(I45,Feuil1!$A$11:$F$29,3),VLOOKUP(I45,Feuil1!$A$11:$F$29,2))))),IF(OR(H45=\"SEN\",H45<1995),VLOOKUP(I45,Feuil1!$G$11:$L$25,6),IF(AND(H45>1994,H45<1998),VLOOKUP(I45,Feuil1!$G$11:$L$25,5),IF(AND(H45>1997,H45<2000),VLOOKUP(I45,Feuil1!$G$11:$L$25,4),IF(AND(H45>1999,H45<2002),VLOOKUP(I45,Feuil1!$G$11:$L$25,3),VLOOKUP(I45,Feuil1!$G$11:$L$25,2)))))))","v":"S62"},253.6776889361883,null," ",{"$f":"T45-HLOOKUP(X45,Feuil1!$C$1:$BL$10,2,FALSE)","v":55},{"$f":"T45-HLOOKUP(X45,Feuil1!$C$1:$BL$10,3,FALSE)","v":40},{"$f":"T45-HLOOKUP(X45,Feuil1!$C$1:$BL$10,4,FALSE)","v":25},{"$f":"T45-HLOOKUP(X45,Feuil1!$C$1:$BL$10,5,FALSE)","v":5},{"$f":"T45-HLOOKUP(X45,Feuil1!$C$1:$BL$10,6,FALSE)","v":-15},{"$f":"T45-HLOOKUP(X45,Feuil1!$C$1:$BL$10,7,FALSE)","v":-35},{"$f":"T45-HLOOKUP(X45,Feuil1!$C$1:$BL$10,8,FALSE)","v":-55},{"$f":"T45-HLOOKUP(X45,Feuil1!$C$1:$BL$10,9,FALSE)","v":-80},{"$f":"T45-HLOOKUP(X45,Feuil1!$C$1:$BL$10,10,FALSE)","v":-95},null,null,null,null,null,null,"IRG +"]
["H","SEST","RAL",23,145799,"BUCHWALTER","Morgan",1990,60.6,"ST QUENTIN FALLAVIER","F",73,77,79,79,85,90,95,95,174,52.8,"IRG +",4,{"$f":"IF(I46=\"\",\"\",IF(A46=\"H\",IF(OR(H46=\"SEN\",H46<1995),VLOOKUP(I46,Feuil1!$A$11:$F$29,6),IF(AND(H46>1994,H46<1998),VLOOKUP(I46,Feuil1!$A$11:$F$29,5),IF(AND(H46>1997,H46<2000),VLOOKUP(I46,Feuil1!$A$11:$F$29,4),IF(AND(H46>1999,H46<2002),VLOOKUP(I46,Feuil1!$A$11:$F$29,3),VLOOKUP(I46,Feuil1!$A$11:$F$29,2))))),IF(OR(H46=\"SEN\",H46<1995),VLOOKUP(I46,Feuil1!$G$11:$L$25,6),IF(AND(H46>1994,H46<1998),VLOOKUP(I46,Feuil1!$G$11:$L$25,5),IF(AND(H46>1997,H46<2000),VLOOKUP(I46,Feuil1!$G$11:$L$25,4),IF(AND(H46>1999,H46<2002),VLOOKUP(I46,Feuil1!$G$11:$L$25,3),VLOOKUP(I46,Feuil1!$G$11:$L$25,2)))))))","v":"S62"},255.82710969946962,null," ",{"$f":"T46-HLOOKUP(X46,Feuil1!$C$1:$BL$10,2,FALSE)","v":54},{"$f":"T46-HLOOKUP(X46,Feuil1!$C$1:$BL$10,3,FALSE)","v":39},{"$f":"T46-HLOOKUP(X46,Feuil1!$C$1:$BL$10,4,FALSE)","v":24},{"$f":"T46-HLOOKUP(X46,Feuil1!$C$1:$BL$10,5,FALSE)","v":4},{"$f":"T46-HLOOKUP(X46,Feuil1!$C$1:$BL$10,6,FALSE)","v":-16},{"$f":"T46-HLOOKUP(X46,Feuil1!$C$1:$BL$10,7,FALSE)","v":-36},{"$f":"T46-HLOOKUP(X46,Feuil1!$C$1:$BL$10,8,FALSE)","v":-56},{"$f":"T46-HLOOKUP(X46,Feuil1!$C$1:$BL$10,9,FALSE)","v":-81},{"$f":"T46-HLOOKUP(X46,Feuil1!$C$1:$BL$10,10,FALSE)","v":-96},null,null,null,null,null,null,"IRG +"]
["H","NE","FCO",24,208774,"GROSJEAN","Marc",1979,61.1,"CH Luxeuil","F",71,75,77,77,90,93,96,96,173,50.8,"IRG +",3,{"$f":"IF(I47=\"\",\"\",IF(A47=\"H\",IF(OR(H47=\"SEN\",H47<1995),VLOOKUP(I47,Feuil1!$A$11:$F$29,6),IF(AND(H47>1994,H47<1998),VLOOKUP(I47,Feuil1!$A$11:$F$29,5),IF(AND(H47>1997,H47<2000),VLOOKUP(I47,Feuil1!$A$11:$F$29,4),IF(AND(H47>1999,H47<2002),VLOOKUP(I47,Feuil1!$A$11:$F$29,3),VLOOKUP(I47,Feuil1!$A$11:$F$29,2))))),IF(OR(H47=\"SEN\",H47<1995),VLOOKUP(I47,Feuil1!$G$11:$L$25,6),IF(AND(H47>1994,H47<1998),VLOOKUP(I47,Feuil1!$G$11:$L$25,5),IF(AND(H47>1997,H47<2000),VLOOKUP(I47,Feuil1!$G$11:$L$25,4),IF(AND(H47>1999,H47<2002),VLOOKUP(I47,Feuil1!$G$11:$L$25,3),VLOOKUP(I47,Feuil1!$G$11:$L$25,2)))))))","v":"S62"},252.84299620760618,null," ",{"$f":"T47-HLOOKUP(X47,Feuil1!$C$1:$BL$10,2,FALSE)","v":53},{"$f":"T47-HLOOKUP(X47,Feuil1!$C$1:$BL$10,3,FALSE)","v":38},{"$f":"T47-HLOOKUP(X47,Feuil1!$C$1:$BL$10,4,FALSE)","v":23},{"$f":"T47-HLOOKUP(X47,Feuil1!$C$1:$BL$10,5,FALSE)","v":3},{"$f":"T47-HLOOKUP(X47,Feuil1!$C$1:$BL$10,6,FALSE)","v":-17},{"$f":"T47-HLOOKUP(X47,Feuil1!$C$1:$BL$10,7,FALSE)","v":-37},{"$f":"T47-HLOOKUP(X47,Feuil1!$C$1:$BL$10,8,FALSE)","v":-57},{"$f":"T47-HLOOKUP(X47,Feuil1!$C$1:$BL$10,9,FALSE)","v":-82},{"$f":"T47-HLOOKUP(X47,Feuil1!$C$1:$BL$10,10,FALSE)","v":-97},null,null,null,null,null,null,"IRG +"]
["H","NE","ALS",25,219699,"MIESCH","BAPTISTE",90,62,"US Wittenheim","F",72,76,-78,76,90,94,97,97,173,49,"IRG +",3,{"$f":"IF(I48=\"\",\"\",IF(A48=\"H\",IF(OR(H48=\"SEN\",H48<1995),VLOOKUP(I48,Feuil1!$A$11:$F$29,6),IF(AND(H48>1994,H48<1998),VLOOKUP(I48,Feuil1!$A$11:$F$29,5),IF(AND(H48>1997,H48<2000),VLOOKUP(I48,Feuil1!$A$11:$F$29,4),IF(AND(H48>1999,H48<2002),VLOOKUP(I48,Feuil1!$A$11:$F$29,3),VLOOKUP(I48,Feuil1!$A$11:$F$29,2))))),IF(OR(H48=\"SEN\",H48<1995),VLOOKUP(I48,Feuil1!$G$11:$L$25,6),IF(AND(H48>1994,H48<1998),VLOOKUP(I48,Feuil1!$G$11:$L$25,5),IF(AND(H48>1997,H48<2000),VLOOKUP(I48,Feuil1!$G$11:$L$25,4),IF(AND(H48>1999,H48<2002),VLOOKUP(I48,Feuil1!$G$11:$L$25,3),VLOOKUP(I48,Feuil1!$G$11:$L$25,2)))))))","v":"S62"},250.20011019749228,null," ",{"$f":"T48-HLOOKUP(X48,Feuil1!$C$1:$BL$10,2,FALSE)","v":53},{"$f":"T48-HLOOKUP(X48,Feuil1!$C$1:$BL$10,3,FALSE)","v":38},{"$f":"T48-HLOOKUP(X48,Feuil1!$C$1:$BL$10,4,FALSE)","v":23},{"$f":"T48-HLOOKUP(X48,Feuil1!$C$1:$BL$10,5,FALSE)","v":3},{"$f":"T48-HLOOKUP(X48,Feuil1!$C$1:$BL$10,6,FALSE)","v":-17},{"$f":"T48-HLOOKUP(X48,Feuil1!$C$1:$BL$10,7,FALSE)","v":-37},{"$f":"T48-HLOOKUP(X48,Feuil1!$C$1:$BL$10,8,FALSE)","v":-57},{"$f":"T48-HLOOKUP(X48,Feuil1!$C$1:$BL$10,9,FALSE)","v":-82},{"$f":"T48-HLOOKUP(X48,Feuil1!$C$1:$BL$10,10,FALSE)","v":-97},null,null,null,null,null,null,"IRG +"]
["H","N","IDF",26,7236,"LOISEL ","PIERRE",1961,61.15,"PONTOISE","F",70,77,80,80,90,-96,-100,90,170,47.7,"IRG +",0,{"$f":"IF(I49=\"\",\"\",IF(A49=\"H\",IF(OR(H49=\"SEN\",H49<1995),VLOOKUP(I49,Feuil1!$A$11:$F$29,6),IF(AND(H49>1994,H49<1998),VLOOKUP(I49,Feuil1!$A$11:$F$29,5),IF(AND(H49>1997,H49<2000),VLOOKUP(I49,Feuil1!$A$11:$F$29,4),IF(AND(H49>1999,H49<2002),VLOOKUP(I49,Feuil1!$A$11:$F$29,3),VLOOKUP(I49,Feuil1!$A$11:$F$29,2))))),IF(OR(H49=\"SEN\",H49<1995),VLOOKUP(I49,Feuil1!$G$11:$L$25,6),IF(AND(H49>1994,H49<1998),VLOOKUP(I49,Feuil1!$G$11:$L$25,5),IF(AND(H49>1997,H49<2000),VLOOKUP(I49,Feuil1!$G$11:$L$25,4),IF(AND(H49>1999,H49<2002),VLOOKUP(I49,Feuil1!$G$11:$L$25,3),VLOOKUP(I49,Feuil1!$G$11:$L$25,2)))))))","v":"S62"},248.31146508351921,null," ",{"$f":"T49-HLOOKUP(X49,Feuil1!$C$1:$BL$10,2,FALSE)","v":50},{"$f":"T49-HLOOKUP(X49,Feuil1!$C$1:$BL$10,3,FALSE)","v":35},{"$f":"T49-HLOOKUP(X49,Feuil1!$C$1:$BL$10,4,FALSE)","v":20},{"$f":"T49-HLOOKUP(X49,Feuil1!$C$1:$BL$10,5,FALSE)","v":0},{"$f":"T49-HLOOKUP(X49,Feuil1!$C$1:$BL$10,6,FALSE)","v":-20},{"$f":"T49-HLOOKUP(X49,Feuil1!$C$1:$BL$10,7,FALSE)","v":-40},{"$f":"T49-HLOOKUP(X49,Feuil1!$C$1:$BL$10,8,FALSE)","v":-60},{"$f":"T49-HLOOKUP(X49,Feuil1!$C$1:$BL$10,9,FALSE)","v":-85},{"$f":"T49-HLOOKUP(X49,Feuil1!$C$1:$BL$10,10,FALSE)","v":-100},null,null,null,null,null,null,"IRG +"]
["H","NORD","NPC",27,141063,"CAPIOMONT","Frédéric",1990,61.55,"LOMME","F",65,70,75,75,85,90,95,95,170,46.900000000000006,"IRG +",0,{"$f":"IF(I50=\"\",\"\",IF(A50=\"H\",IF(OR(H50=\"SEN\",H50<1995),VLOOKUP(I50,Feuil1!$A$11:$F$29,6),IF(AND(H50>1994,H50<1998),VLOOKUP(I50,Feuil1!$A$11:$F$29,5),IF(AND(H50>1997,H50<2000),VLOOKUP(I50,Feuil1!$A$11:$F$29,4),IF(AND(H50>1999,H50<2002),VLOOKUP(I50,Feuil1!$A$11:$F$29,3),VLOOKUP(I50,Feuil1!$A$11:$F$29,2))))),IF(OR(H50=\"SEN\",H50<1995),VLOOKUP(I50,Feuil1!$G$11:$L$25,6),IF(AND(H50>1994,H50<1998),VLOOKUP(I50,Feuil1!$G$11:$L$25,5),IF(AND(H50>1997,H50<2000),VLOOKUP(I50,Feuil1!$G$11:$L$25,4),IF(AND(H50>1999,H50<2002),VLOOKUP(I50,Feuil1!$G$11:$L$25,3),VLOOKUP(I50,Feuil1!$G$11:$L$25,2)))))))","v":"S62"},247.14719219170871,null," ",{"$f":"T50-HLOOKUP(X50,Feuil1!$C$1:$BL$10,2,FALSE)","v":50},{"$f":"T50-HLOOKUP(X50,Feuil1!$C$1:$BL$10,3,FALSE)","v":35},{"$f":"T50-HLOOKUP(X50,Feuil1!$C$1:$BL$10,4,FALSE)","v":20},{"$f":"T50-HLOOKUP(X50,Feuil1!$C$1:$BL$10,5,FALSE)","v":0},{"$f":"T50-HLOOKUP(X50,Feuil1!$C$1:$BL$10,6,FALSE)","v":-20},{"$f":"T50-HLOOKUP(X50,Feuil1!$C$1:$BL$10,7,FALSE)","v":-40},{"$f":"T50-HLOOKUP(X50,Feuil1!$C$1:$BL$10,8,FALSE)","v":-60},{"$f":"T50-HLOOKUP(X50,Feuil1!$C$1:$BL$10,9,FALSE)","v":-85},{"$f":"T50-HLOOKUP(X50,Feuil1!$C$1:$BL$10,10,FALSE)","v":-100},null,null,null,null,null,null,"IRG +"]
["H","ZCO","CEN",28,318973,"BENAMEUR","Sidi Ahmed",1988,61.6,"CM Orléans","F",75,-80,-80,75,93,-97,-97,93,168,44.8,"REG +",18,{"$f":"IF(I51=\"\",\"\",IF(A51=\"H\",IF(OR(H51=\"SEN\",H51<1995),VLOOKUP(I51,Feuil1!$A$11:$F$29,6),IF(AND(H51>1994,H51<1998),VLOOKUP(I51,Feuil1!$A$11:$F$29,5),IF(AND(H51>1997,H51<2000),VLOOKUP(I51,Feuil1!$A$11:$F$29,4),IF(AND(H51>1999,H51<2002),VLOOKUP(I51,Feuil1!$A$11:$F$29,3),VLOOKUP(I51,Feuil1!$A$11:$F$29,2))))),IF(OR(H51=\"SEN\",H51<1995),VLOOKUP(I51,Feuil1!$G$11:$L$25,6),IF(AND(H51>1994,H51<1998),VLOOKUP(I51,Feuil1!$G$11:$L$25,5),IF(AND(H51>1997,H51<2000),VLOOKUP(I51,Feuil1!$G$11:$L$25,4),IF(AND(H51>1999,H51<2002),VLOOKUP(I51,Feuil1!$G$11:$L$25,3),VLOOKUP(I51,Feuil1!$G$11:$L$25,2)))))))","v":"S62"},244.09716191631068,null," ",{"$f":"T51-HLOOKUP(X51,Feuil1!$C$1:$BL$10,2,FALSE)","v":48},{"$f":"T51-HLOOKUP(X51,Feuil1!$C$1:$BL$10,3,FALSE)","v":33},{"$f":"T51-HLOOKUP(X51,Feuil1!$C$1:$BL$10,4,FALSE)","v":18},{"$f":"T51-HLOOKUP(X51,Feuil1!$C$1:$BL$10,5,FALSE)","v":-2},{"$f":"T51-HLOOKUP(X51,Feuil1!$C$1:$BL$10,6,FALSE)","v":-22},{"$f":"T51-HLOOKUP(X51,Feuil1!$C$1:$BL$10,7,FALSE)","v":-42},{"$f":"T51-HLOOKUP(X51,Feuil1!$C$1:$BL$10,8,FALSE)","v":-62},{"$f":"T51-HLOOKUP(X51,Feuil1!$C$1:$BL$10,9,FALSE)","v":-87},{"$f":"T51-HLOOKUP(X51,Feuil1!$C$1:$BL$10,10,FALSE)","v":-102},null,null,null,null,null,null,"REG +"]
["H","NE","ALS",29,325206,"BAESLE","HERVE",87,60.45,"SAS Colmarienne","F",70,-73,-73,70,90,95,-98,95,165,44.099999999999994,"REG +",15,{"$f":"IF(I52=\"\",\"\",IF(A52=\"H\",IF(OR(H52=\"SEN\",H52<1995),VLOOKUP(I52,Feuil1!$A$11:$F$29,6),IF(AND(H52>1994,H52<1998),VLOOKUP(I52,Feuil1!$A$11:$F$29,5),IF(AND(H52>1997,H52<2000),VLOOKUP(I52,Feuil1!$A$11:$F$29,4),IF(AND(H52>1999,H52<2002),VLOOKUP(I52,Feuil1!$A$11:$F$29,3),VLOOKUP(I52,Feuil1!$A$11:$F$29,2))))),IF(OR(H52=\"SEN\",H52<1995),VLOOKUP(I52,Feuil1!$G$11:$L$25,6),IF(AND(H52>1994,H52<1998),VLOOKUP(I52,Feuil1!$G$11:$L$25,5),IF(AND(H52>1997,H52<2000),VLOOKUP(I52,Feuil1!$G$11:$L$25,4),IF(AND(H52>1999,H52<2002),VLOOKUP(I52,Feuil1!$G$11:$L$25,3),VLOOKUP(I52,Feuil1!$G$11:$L$25,2)))))))","v":"S62"},243.03406504277615,null," ",{"$f":"T52-HLOOKUP(X52,Feuil1!$C$1:$BL$10,2,FALSE)","v":45},{"$f":"T52-HLOOKUP(X52,Feuil1!$C$1:$BL$10,3,FALSE)","v":30},{"$f":"T52-HLOOKUP(X52,Feuil1!$C$1:$BL$10,4,FALSE)","v":15},{"$f":"T52-HLOOKUP(X52,Feuil1!$C$1:$BL$10,5,FALSE)","v":-5},{"$f":"T52-HLOOKUP(X52,Feuil1!$C$1:$BL$10,6,FALSE)","v":-25},{"$f":"T52-HLOOKUP(X52,Feuil1!$C$1:$BL$10,7,FALSE)","v":-45},{"$f":"T52-HLOOKUP(X52,Feuil1!$C$1:$BL$10,8,FALSE)","v":-65},{"$f":"T52-HLOOKUP(X52,Feuil1!$C$1:$BL$10,9,FALSE)","v":-90},{"$f":"T52-HLOOKUP(X52,Feuil1!$C$1:$BL$10,10,FALSE)","v":-105},null,null,null,null,null,null,"REG +"]
["H","SEST","LAN ",30,512,"ADELINO","René",1972,61.6,"Frontignan AC","F",66,72,76,76,77,83,87,87,163,39.799999999999997,"REG +",13,{"$f":"IF(I53=\"\",\"\",IF(A53=\"H\",IF(OR(H53=\"SEN\",H53<1995),VLOOKUP(I53,Feuil1!$A$11:$F$29,6),IF(AND(H53>1994,H53<1998),VLOOKUP(I53,Feuil1!$A$11:$F$29,5),IF(AND(H53>1997,H53<2000),VLOOKUP(I53,Feuil1!$A$11:$F$29,4),IF(AND(H53>1999,H53<2002),VLOOKUP(I53,Feuil1!$A$11:$F$29,3),VLOOKUP(I53,Feuil1!$A$11:$F$29,2))))),IF(OR(H53=\"SEN\",H53<1995),VLOOKUP(I53,Feuil1!$G$11:$L$25,6),IF(AND(H53>1994,H53<1998),VLOOKUP(I53,Feuil1!$G$11:$L$25,5),IF(AND(H53>1997,H53<2000),VLOOKUP(I53,Feuil1!$G$11:$L$25,4),IF(AND(H53>1999,H53<2002),VLOOKUP(I53,Feuil1!$G$11:$L$25,3),VLOOKUP(I53,Feuil1!$G$11:$L$25,2)))))))","v":"S62"},236.8323654307062,null," ",{"$f":"T53-HLOOKUP(X53,Feuil1!$C$1:$BL$10,2,FALSE)","v":43},{"$f":"T53-HLOOKUP(X53,Feuil1!$C$1:$BL$10,3,FALSE)","v":28},{"$f":"T53-HLOOKUP(X53,Feuil1!$C$1:$BL$10,4,FALSE)","v":13},{"$f":"T53-HLOOKUP(X53,Feuil1!$C$1:$BL$10,5,FALSE)","v":-7},{"$f":"T53-HLOOKUP(X53,Feuil1!$C$1:$BL$10,6,FALSE)","v":-27},{"$f":"T53-HLOOKUP(X53,Feuil1!$C$1:$BL$10,7,FALSE)","v":-47},{"$f":"T53-HLOOKUP(X53,Feuil1!$C$1:$BL$10,8,FALSE)","v":-67},{"$f":"T53-HLOOKUP(X53,Feuil1!$C$1:$BL$10,9,FALSE)","v":-92},{"$f":"T53-HLOOKUP(X53,Feuil1!$C$1:$BL$10,10,FALSE)","v":-107},null,null,null,null,null,null,"REG +"]
["H","SEST","RAL",31,6446,"BELLI","Alain",1957,61.45,"SAINT ETIENNE","F",60,67,70,70,80,87,90,90,160,37.099999999999994,"REG +",10,{"$f":"IF(I54=\"\",\"\",IF(A54=\"H\",IF(OR(H54=\"SEN\",H54<1995),VLOOKUP(I54,Feuil1!$A$11:$F$29,6),IF(AND(H54>1994,H54<1998),VLOOKUP(I54,Feuil1!$A$11:$F$29,5),IF(AND(H54>1997,H54<2000),VLOOKUP(I54,Feuil1!$A$11:$F$29,4),IF(AND(H54>1999,H54<2002),VLOOKUP(I54,Feuil1!$A$11:$F$29,3),VLOOKUP(I54,Feuil1!$A$11:$F$29,2))))),IF(OR(H54=\"SEN\",H54<1995),VLOOKUP(I54,Feuil1!$G$11:$L$25,6),IF(AND(H54>1994,H54<1998),VLOOKUP(I54,Feuil1!$G$11:$L$25,5),IF(AND(H54>1997,H54<2000),VLOOKUP(I54,Feuil1!$G$11:$L$25,4),IF(AND(H54>1999,H54<2002),VLOOKUP(I54,Feuil1!$G$11:$L$25,3),VLOOKUP(I54,Feuil1!$G$11:$L$25,2)))))))","v":"S62"},232.88127839676991,null," ",{"$f":"T54-HLOOKUP(X54,Feuil1!$C$1:$BL$10,2,FALSE)","v":40},{"$f":"T54-HLOOKUP(X54,Feuil1!$C$1:$BL$10,3,FALSE)","v":25},{"$f":"T54-HLOOKUP(X54,Feuil1!$C$1:$BL$10,4,FALSE)","v":10},{"$f":"T54-HLOOKUP(X54,Feuil1!$C$1:$BL$10,5,FALSE)","v":-10},{"$f":"T54-HLOOKUP(X54,Feuil1!$C$1:$BL$10,6,FALSE)","v":-30},{"$f":"T54-HLOOKUP(X54,Feuil1!$C$1:$BL$10,7,FALSE)","v":-50},{"$f":"T54-HLOOKUP(X54,Feuil1!$C$1:$BL$10,8,FALSE)","v":-70},{"$f":"T54-HLOOKUP(X54,Feuil1!$C$1:$BL$10,9,FALSE)","v":-95},{"$f":"T54-HLOOKUP(X54,Feuil1!$C$1:$BL$10,10,FALSE)","v":-110},null,null,null,null,null,null,"REG +"]
["H","SO","LIM",32,3907,"DUMET","Eric",1980,62,"LIMOGES AVA","F",60,65,70,70,80,90,"x",90,160,36,"REG +",10,{"$f":"IF(I55=\"\",\"\",IF(A55=\"H\",IF(OR(H55=\"SEN\",H55<1995),VLOOKUP(I55,Feuil1!$A$11:$F$29,6),IF(AND(H55>1994,H55<1998),VLOOKUP(I55,Feuil1!$A$11:$F$29,5),IF(AND(H55>1997,H55<2000),VLOOKUP(I55,Feuil1!$A$11:$F$29,4),IF(AND(H55>1999,H55<2002),VLOOKUP(I55,Feuil1!$A$11:$F$29,3),VLOOKUP(I55,Feuil1!$A$11:$F$29,2))))),IF(OR(H55=\"SEN\",H55<1995),VLOOKUP(I55,Feuil1!$G$11:$L$25,6),IF(AND(H55>1994,H55<1998),VLOOKUP(I55,Feuil1!$G$11:$L$25,5),IF(AND(H55>1997,H55<2000),VLOOKUP(I55,Feuil1!$G$11:$L$25,4),IF(AND(H55>1999,H55<2002),VLOOKUP(I55,Feuil1!$G$11:$L$25,3),VLOOKUP(I55,Feuil1!$G$11:$L$25,2)))))))","v":"S62"},231.3989458473917,null," ",{"$f":"T55-HLOOKUP(X55,Feuil1!$C$1:$BL$10,2,FALSE)","v":40},{"$f":"T55-HLOOKUP(X55,Feuil1!$C$1:$BL$10,3,FALSE)","v":25},{"$f":"T55-HLOOKUP(X55,Feuil1!$C$1:$BL$10,4,FALSE)","v":10},{"$f":"T55-HLOOKUP(X55,Feuil1!$C$1:$BL$10,5,FALSE)","v":-10},{"$f":"T55-HLOOKUP(X55,Feuil1!$C$1:$BL$10,6,FALSE)","v":-30},{"$f":"T55-HLOOKUP(X55,Feuil1!$C$1:$BL$10,7,FALSE)","v":-50},{"$f":"T55-HLOOKUP(X55,Feuil1!$C$1:$BL$10,8,FALSE)","v":-70},{"$f":"T55-HLOOKUP(X55,Feuil1!$C$1:$BL$10,9,FALSE)","v":-95},{"$f":"T55-HLOOKUP(X55,Feuil1!$C$1:$BL$10,10,FALSE)","v":-110},null,null,null,null,null,null,"REG +"]
["H","NORD","PIC",33,166625,"ROHAUT","Florian",1992,61.2,"Saleux CHM","F",-62,62,65,{"$f":"IF(H56=\"\",\"\",IF(MAXA(L56:N56)<=0,0,MAXA(L56:N56)))","v":65},80,85,90,{"$f":"IF(H56=\"\",\"\",IF(MAXA(P56:R56)<=0,0,MAXA(P56:R56)))","v":90},{"$f":"IF(H56=\"\",\"\",IF(OR(O56=0,S56=0),0,O56+S56))","v":155},{"$f":"T56-I56*2","v":32.599999999999994},{"$f":"IF(H56=\"\",\"\",AQ56)","v":"REG +"},{"$f":"IF(AJ56>=0,AJ56,IF(AI56>=0,AI56,IF(AH56>=0,AH56,IF(AG56>=0,AG56,IF(AF56>=0,AF56,IF(AE56>=0,AE56,IF(AD56>=0,AD56,IF(AC56>=0,AC56,AB56))))))))","v":5},{"$f":"IF(I56=\"\",\"\",IF(A56=\"H\",IF(OR(H56=\"SEN\",H56<1995),VLOOKUP(I56,Feuil1!$A$11:$F$29,6),IF(AND(H56>1994,H56<1998),VLOOKUP(I56,Feuil1!$A$11:$F$29,5),IF(AND(H56>1997,H56<2000),VLOOKUP(I56,Feuil1!$A$11:$F$29,4),IF(AND(H56>1999,H56<2002),VLOOKUP(I56,Feuil1!$A$11:$F$29,3),VLOOKUP(I56,Feuil1!$A$11:$F$29,2))))),IF(OR(H56=\"SEN\",H56<1995),VLOOKUP(I56,Feuil1!$G$11:$L$25,6),IF(AND(H56>1994,H56<1998),VLOOKUP(I56,Feuil1!$G$11:$L$25,5),IF(AND(H56>1997,H56<2000),VLOOKUP(I56,Feuil1!$G$11:$L$25,4),IF(AND(H56>1999,H56<2002),VLOOKUP(I56,Feuil1!$G$11:$L$25,3),VLOOKUP(I56,Feuil1!$G$11:$L$25,2)))))))","v":"S62"},{"$f":"IF(I56=\"\",\"\",IF(A56=\"H\",10^(0.794358141*LOG(I56/174.393)^2)*T56,IF(A56=\"F\",10^(0.89726074*LOG(I56/148.026)^2)*T56,\"\")))","v":226.26792044443789},null," ",{"$f":"T56-HLOOKUP(X56,Feuil1!$C$1:$BL$10,2,FALSE)","v":35},{"$f":"T56-HLOOKUP(X56,Feuil1!$C$1:$BL$10,3,FALSE)","v":20},{"$f":"T56-HLOOKUP(X56,Feuil1!$C$1:$BL$10,4,FALSE)","v":5},{"$f":"T56-HLOOKUP(X56,Feuil1!$C$1:$BL$10,5,FALSE)","v":-15},{"$f":"T56-HLOOKUP(X56,Feuil1!$C$1:$BL$10,6,FALSE)","v":-35},{"$f":"T56-HLOOKUP(X56,Feuil1!$C$1:$BL$10,7,FALSE)","v":-55},{"$f":"T56-HLOOKUP(X56,Feuil1!$C$1:$BL$10,8,FALSE)","v":-75},{"$f":"T56-HLOOKUP(X56,Feuil1!$C$1:$BL$10,9,FALSE)","v":-100},{"$f":"T56-HLOOKUP(X56,Feuil1!$C$1:$BL$10,10,FALSE)","v":-115},null,null,null,null,null,null,{"$f":"IF(AJ56>=0,$AJ$4,IF(AI56>=0,$AI$4,IF(AH56>=0,$AH$4,IF(AG56>=0,$AG$4,IF(AF56>=0,$AF$4,IF(AE56>=0,$AE$4,IF(AD56>=0,$AD$4,IF(AC56>=0,$AC$4,$AB$4))))))))","v":"REG +"}]
["H","CO","PDL",34,238779,"CESBRON","Pierrick",1989,61.7,"SGTAngers","F",65,68,70,70,-85,85,-88,85,155,31.599999999999994,"REG +",5,{"$f":"IF(I57=\"\",\"\",IF(A57=\"H\",IF(OR(H57=\"SEN\",H57<1995),VLOOKUP(I57,Feuil1!$A$11:$F$29,6),IF(AND(H57>1994,H57<1998),VLOOKUP(I57,Feuil1!$A$11:$F$29,5),IF(AND(H57>1997,H57<2000),VLOOKUP(I57,Feuil1!$A$11:$F$29,4),IF(AND(H57>1999,H57<2002),VLOOKUP(I57,Feuil1!$A$11:$F$29,3),VLOOKUP(I57,Feuil1!$A$11:$F$29,2))))),IF(OR(H57=\"SEN\",H57<1995),VLOOKUP(I57,Feuil1!$G$11:$L$25,6),IF(AND(H57>1994,H57<1998),VLOOKUP(I57,Feuil1!$G$11:$L$25,5),IF(AND(H57>1997,H57<2000),VLOOKUP(I57,Feuil1!$G$11:$L$25,4),IF(AND(H57>1999,H57<2002),VLOOKUP(I57,Feuil1!$G$11:$L$25,3),VLOOKUP(I57,Feuil1!$G$11:$L$25,2)))))))","v":"S62"},224.9467545555361,null," ",{"$f":"T57-HLOOKUP(X57,Feuil1!$C$1:$BL$10,2,FALSE)","v":35},{"$f":"T57-HLOOKUP(X57,Feuil1!$C$1:$BL$10,3,FALSE)","v":20},{"$f":"T57-HLOOKUP(X57,Feuil1!$C$1:$BL$10,4,FALSE)","v":5},{"$f":"T57-HLOOKUP(X57,Feuil1!$C$1:$BL$10,5,FALSE)","v":-15},{"$f":"T57-HLOOKUP(X57,Feuil1!$C$1:$BL$10,6,FALSE)","v":-35},{"$f":"T57-HLOOKUP(X57,Feuil1!$C$1:$BL$10,7,FALSE)","v":-55},{"$f":"T57-HLOOKUP(X57,Feuil1!$C$1:$BL$10,8,FALSE)","v":-75},{"$f":"T57-HLOOKUP(X57,Feuil1!$C$1:$BL$10,9,FALSE)","v":-100},{"$f":"T57-HLOOKUP(X57,Feuil1!$C$1:$BL$10,10,FALSE)","v":-115},null,null,null,null,null,null,"REG +"]
["H","CO","PDL",35,3407,"PASCAL","Eric",1968,60.7,"CJF Laval-Voutré","F",62,65,-67,65,78,82,85,85,150,28.599999999999994,"REG +",0,{"$f":"IF(I58=\"\",\"\",IF(A58=\"H\",IF(OR(H58=\"SEN\",H58<1995),VLOOKUP(I58,Feuil1!$A$11:$F$29,6),IF(AND(H58>1994,H58<1998),VLOOKUP(I58,Feuil1!$A$11:$F$29,5),IF(AND(H58>1997,H58<2000),VLOOKUP(I58,Feuil1!$A$11:$F$29,4),IF(AND(H58>1999,H58<2002),VLOOKUP(I58,Feuil1!$A$11:$F$29,3),VLOOKUP(I58,Feuil1!$A$11:$F$29,2))))),IF(OR(H58=\"SEN\",H58<1995),VLOOKUP(I58,Feuil1!$G$11:$L$25,6),IF(AND(H58>1994,H58<1998),VLOOKUP(I58,Feuil1!$G$11:$L$25,5),IF(AND(H58>1997,H58<2000),VLOOKUP(I58,Feuil1!$G$11:$L$25,4),IF(AND(H58>1999,H58<2002),VLOOKUP(I58,Feuil1!$G$11:$L$25,3),VLOOKUP(I58,Feuil1!$G$11:$L$25,2)))))))","v":"S62"},220.27577975902182,null," ",{"$f":"T58-HLOOKUP(X58,Feuil1!$C$1:$BL$10,2,FALSE)","v":30},{"$f":"T58-HLOOKUP(X58,Feuil1!$C$1:$BL$10,3,FALSE)","v":15},{"$f":"T58-HLOOKUP(X58,Feuil1!$C$1:$BL$10,4,FALSE)","v":0},{"$f":"T58-HLOOKUP(X58,Feuil1!$C$1:$BL$10,5,FALSE)","v":-20},{"$f":"T58-HLOOKUP(X58,Feuil1!$C$1:$BL$10,6,FALSE)","v":-40},{"$f":"T58-HLOOKUP(X58,Feuil1!$C$1:$BL$10,7,FALSE)","v":-60},{"$f":"T58-HLOOKUP(X58,Feuil1!$C$1:$BL$10,8,FALSE)","v":-80},{"$f":"T58-HLOOKUP(X58,Feuil1!$C$1:$BL$10,9,FALSE)","v":-105},{"$f":"T58-HLOOKUP(X58,Feuil1!$C$1:$BL$10,10,FALSE)","v":-120},null,null,null,null,null,null,"REG +"]
["H","SO","AQU",36,383521,"ROBERT","FREDERIC",1968,61.25,"ARTIGUES","F",60,-65,68,68,-80,82,-85,82,150,27.5,"REG +",0,{"$f":"IF(I59=\"\",\"\",IF(A59=\"H\",IF(OR(H59=\"SEN\",H59<1995),VLOOKUP(I59,Feuil1!$A$11:$F$29,6),IF(AND(H59>1994,H59<1998),VLOOKUP(I59,Feuil1!$A$11:$F$29,5),IF(AND(H59>1997,H59<2000),VLOOKUP(I59,Feuil1!$A$11:$F$29,4),IF(AND(H59>1999,H59<2002),VLOOKUP(I59,Feuil1!$A$11:$F$29,3),VLOOKUP(I59,Feuil1!$A$11:$F$29,2))))),IF(OR(H59=\"SEN\",H59<1995),VLOOKUP(I59,Feuil1!$G$11:$L$25,6),IF(AND(H59>1994,H59<1998),VLOOKUP(I59,Feuil1!$G$11:$L$25,5),IF(AND(H59>1997,H59<2000),VLOOKUP(I59,Feuil1!$G$11:$L$25,4),IF(AND(H59>1999,H59<2002),VLOOKUP(I59,Feuil1!$G$11:$L$25,3),VLOOKUP(I59,Feuil1!$G$11:$L$25,2)))))))","v":"S62"},218.83984173552491,null," ",{"$f":"T59-HLOOKUP(X59,Feuil1!$C$1:$BL$10,2,FALSE)","v":30},{"$f":"T59-HLOOKUP(X59,Feuil1!$C$1:$BL$10,3,FALSE)","v":15},{"$f":"T59-HLOOKUP(X59,Feuil1!$C$1:$BL$10,4,FALSE)","v":0},{"$f":"T59-HLOOKUP(X59,Feuil1!$C$1:$BL$10,5,FALSE)","v":-20},{"$f":"T59-HLOOKUP(X59,Feuil1!$C$1:$BL$10,6,FALSE)","v":-40},{"$f":"T59-HLOOKUP(X59,Feuil1!$C$1:$BL$10,7,FALSE)","v":-60},{"$f":"T59-HLOOKUP(X59,Feuil1!$C$1:$BL$10,8,FALSE)","v":-80},{"$f":"T59-HLOOKUP(X59,Feuil1!$C$1:$BL$10,9,FALSE)","v":-105},{"$f":"T59-HLOOKUP(X59,Feuil1!$C$1:$BL$10,10,FALSE)","v":-120},null,null,null,null,null,null,"REG +"]
["H","NORD","NPC",37,362593,"MATHE","Mathieu",1993,59.9,"ALSH BULLY LES MINES","F",60,-63,63,63,-80,80,85,85,148,28.200000000000003,"DEP +",13,{"$f":"IF(I60=\"\",\"\",IF(A60=\"H\",IF(OR(H60=\"SEN\",H60<1995),VLOOKUP(I60,Feuil1!$A$11:$F$29,6),IF(AND(H60>1994,H60<1998),VLOOKUP(I60,Feuil1!$A$11:$F$29,5),IF(AND(H60>1997,H60<2000),VLOOKUP(I60,Feuil1!$A$11:$F$29,4),IF(AND(H60>1999,H60<2002),VLOOKUP(I60,Feuil1!$A$11:$F$29,3),VLOOKUP(I60,Feuil1!$A$11:$F$29,2))))),IF(OR(H60=\"SEN\",H60<1995),VLOOKUP(I60,Feuil1!$G$11:$L$25,6),IF(AND(H60>1994,H60<1998),VLOOKUP(I60,Feuil1!$G$11:$L$25,5),IF(AND(H60>1997,H60<2000),VLOOKUP(I60,Feuil1!$G$11:$L$25,4),IF(AND(H60>1999,H60<2002),VLOOKUP(I60,Feuil1!$G$11:$L$25,3),VLOOKUP(I60,Feuil1!$G$11:$L$25,2)))))))","v":"S62"},219.46193881608284,null," ",{"$f":"T60-HLOOKUP(X60,Feuil1!$C$1:$BL$10,2,FALSE)","v":28},{"$f":"T60-HLOOKUP(X60,Feuil1!$C$1:$BL$10,3,FALSE)","v":13},{"$f":"T60-HLOOKUP(X60,Feuil1!$C$1:$BL$10,4,FALSE)","v":-2},{"$f":"T60-HLOOKUP(X60,Feuil1!$C$1:$BL$10,5,FALSE)","v":-22},{"$f":"T60-HLOOKUP(X60,Feuil1!$C$1:$BL$10,6,FALSE)","v":-42},{"$f":"T60-HLOOKUP(X60,Feuil1!$C$1:$BL$10,7,FALSE)","v":-62},{"$f":"T60-HLOOKUP(X60,Feuil1!$C$1:$BL$10,8,FALSE)","v":-82},{"$f":"T60-HLOOKUP(X60,Feuil1!$C$1:$BL$10,9,FALSE)","v":-107},{"$f":"T60-HLOOKUP(X60,Feuil1!$C$1:$BL$10,10,FALSE)","v":-122},null,null,null,null,null,null,"DEP +"]
["H","SEST","RAL",38,4118,"DUMONT","Christophe",1983,61,"CH Ansois","F",58,62,-65,62,80,85,-90,85,147,25,"DEP +",12,{"$f":"IF(I61=\"\",\"\",IF(A61=\"H\",IF(OR(H61=\"SEN\",H61<1995),VLOOKUP(I61,Feuil1!$A$11:$F$29,6),IF(AND(H61>1994,H61<1998),VLOOKUP(I61,Feuil1!$A$11:$F$29,5),IF(AND(H61>1997,H61<2000),VLOOKUP(I61,Feuil1!$A$11:$F$29,4),IF(AND(H61>1999,H61<2002),VLOOKUP(I61,Feuil1!$A$11:$F$29,3),VLOOKUP(I61,Feuil1!$A$11:$F$29,2))))),IF(OR(H61=\"SEN\",H61<1995),VLOOKUP(I61,Feuil1!$G$11:$L$25,6),IF(AND(H61>1994,H61<1998),VLOOKUP(I61,Feuil1!$G$11:$L$25,5),IF(AND(H61>1997,H61<2000),VLOOKUP(I61,Feuil1!$G$11:$L$25,4),IF(AND(H61>1999,H61<2002),VLOOKUP(I61,Feuil1!$G$11:$L$25,3),VLOOKUP(I61,Feuil1!$G$11:$L$25,2)))))))","v":"S62"},215.09848025609961,null," ",{"$f":"T61-HLOOKUP(X61,Feuil1!$C$1:$BL$10,2,FALSE)","v":27},{"$f":"T61-HLOOKUP(X61,Feuil1!$C$1:$BL$10,3,FALSE)","v":12},{"$f":"T61-HLOOKUP(X61,Feuil1!$C$1:$BL$10,4,FALSE)","v":-3},{"$f":"T61-HLOOKUP(X61,Feuil1!$C$1:$BL$10,5,FALSE)","v":-23},{"$f":"T61-HLOOKUP(X61,Feuil1!$C$1:$BL$10,6,FALSE)","v":-43},{"$f":"T61-HLOOKUP(X61,Feuil1!$C$1:$BL$10,7,FALSE)","v":-63},{"$f":"T61-HLOOKUP(X61,Feuil1!$C$1:$BL$10,8,FALSE)","v":-83},{"$f":"T61-HLOOKUP(X61,Feuil1!$C$1:$BL$10,9,FALSE)","v":-108},{"$f":"T61-HLOOKUP(X61,Feuil1!$C$1:$BL$10,10,FALSE)","v":-123},null,null,null,null,null,null,"DEP +"]
["H","SEST","RAL",39,322900,"BONDIL","Serge",1983,62,"HC GRENOBLE","F",62,67,-70,67,-80,80,-82,80,147,23,"DEP +",12,{"$f":"IF(I62=\"\",\"\",IF(A62=\"H\",IF(OR(H62=\"SEN\",H62<1995),VLOOKUP(I62,Feuil1!$A$11:$F$29,6),IF(AND(H62>1994,H62<1998),VLOOKUP(I62,Feuil1!$A$11:$F$29,5),IF(AND(H62>1997,H62<2000),VLOOKUP(I62,Feuil1!$A$11:$F$29,4),IF(AND(H62>1999,H62<2002),VLOOKUP(I62,Feuil1!$A$11:$F$29,3),VLOOKUP(I62,Feuil1!$A$11:$F$29,2))))),IF(OR(H62=\"SEN\",H62<1995),VLOOKUP(I62,Feuil1!$G$11:$L$25,6),IF(AND(H62>1994,H62<1998),VLOOKUP(I62,Feuil1!$G$11:$L$25,5),IF(AND(H62>1997,H62<2000),VLOOKUP(I62,Feuil1!$G$11:$L$25,4),IF(AND(H62>1999,H62<2002),VLOOKUP(I62,Feuil1!$G$11:$L$25,3),VLOOKUP(I62,Feuil1!$G$11:$L$25,2)))))))","v":"S62"},212.59778149729112,null," ",{"$f":"T62-HLOOKUP(X62,Feuil1!$C$1:$BL$10,2,FALSE)","v":27},{"$f":"T62-HLOOKUP(X62,Feuil1!$C$1:$BL$10,3,FALSE)","v":12},{"$f":"T62-HLOOKUP(X62,Feuil1!$C$1:$BL$10,4,FALSE)","v":-3},{"$f":"T62-HLOOKUP(X62,Feuil1!$C$1:$BL$10,5,FALSE)","v":-23},{"$f":"T62-HLOOKUP(X62,Feuil1!$C$1:$BL$10,6,FALSE)","v":-43},{"$f":"T62-HLOOKUP(X62,Feuil1!$C$1:$BL$10,7,FALSE)","v":-63},{"$f":"T62-HLOOKUP(X62,Feuil1!$C$1:$BL$10,8,FALSE)","v":-83},{"$f":"T62-HLOOKUP(X62,Feuil1!$C$1:$BL$10,9,FALSE)","v":-108},{"$f":"T62-HLOOKUP(X62,Feuil1!$C$1:$BL$10,10,FALSE)","v":-123},null,null,null,null,null,null,"DEP +"]
["H","SEST","RAL",40,6104,"VIALLE","Raphaël",1969,57.7,"CHM AUBENAS","F",57,60,63,63,77,80,83,83,146,30.599999999999994,"DEP +",11,{"$f":"IF(I63=\"\",\"\",IF(A63=\"H\",IF(OR(H63=\"SEN\",H63<1995),VLOOKUP(I63,Feuil1!$A$11:$F$29,6),IF(AND(H63>1994,H63<1998),VLOOKUP(I63,Feuil1!$A$11:$F$29,5),IF(AND(H63>1997,H63<2000),VLOOKUP(I63,Feuil1!$A$11:$F$29,4),IF(AND(H63>1999,H63<2002),VLOOKUP(I63,Feuil1!$A$11:$F$29,3),VLOOKUP(I63,Feuil1!$A$11:$F$29,2))))),IF(OR(H63=\"SEN\",H63<1995),VLOOKUP(I63,Feuil1!$G$11:$L$25,6),IF(AND(H63>1994,H63<1998),VLOOKUP(I63,Feuil1!$G$11:$L$25,5),IF(AND(H63>1997,H63<2000),VLOOKUP(I63,Feuil1!$G$11:$L$25,4),IF(AND(H63>1999,H63<2002),VLOOKUP(I63,Feuil1!$G$11:$L$25,3),VLOOKUP(I63,Feuil1!$G$11:$L$25,2)))))))","v":"S62"},222.6601217983056,null," ",{"$f":"T63-HLOOKUP(X63,Feuil1!$C$1:$BL$10,2,FALSE)","v":26},{"$f":"T63-HLOOKUP(X63,Feuil1!$C$1:$BL$10,3,FALSE)","v":11},{"$f":"T63-HLOOKUP(X63,Feuil1!$C$1:$BL$10,4,FALSE)","v":-4},{"$f":"T63-HLOOKUP(X63,Feuil1!$C$1:$BL$10,5,FALSE)","v":-24},{"$f":"T63-HLOOKUP(X63,Feuil1!$C$1:$BL$10,6,FALSE)","v":-44},{"$f":"T63-HLOOKUP(X63,Feuil1!$C$1:$BL$10,7,FALSE)","v":-64},{"$f":"T63-HLOOKUP(X63,Feuil1!$C$1:$BL$10,8,FALSE)","v":-84},{"$f":"T63-HLOOKUP(X63,Feuil1!$C$1:$BL$10,9,FALSE)","v":-109},{"$f":"T63-HLOOKUP(X63,Feuil1!$C$1:$BL$10,10,FALSE)","v":-124},null,null,null,null,null,null,"DEP +"]
["H","SEST","CAZ",41,169510,"KAYSEN","Laurent",1982,58.5,"ASLDD TOULON","F",63,65,-67,65,78,81,-83,81,146,29,"DEP +",11,{"$f":"IF(I64=\"\",\"\",IF(A64=\"H\",IF(OR(H64=\"SEN\",H64<1995),VLOOKUP(I64,Feuil1!$A$11:$F$29,6),IF(AND(H64>1994,H64<1998),VLOOKUP(I64,Feuil1!$A$11:$F$29,5),IF(AND(H64>1997,H64<2000),VLOOKUP(I64,Feuil1!$A$11:$F$29,4),IF(AND(H64>1999,H64<2002),VLOOKUP(I64,Feuil1!$A$11:$F$29,3),VLOOKUP(I64,Feuil1!$A$11:$F$29,2))))),IF(OR(H64=\"SEN\",H64<1995),VLOOKUP(I64,Feuil1!$G$11:$L$25,6),IF(AND(H64>1994,H64<1998),VLOOKUP(I64,Feuil1!$G$11:$L$25,5),IF(AND(H64>1997,H64<2000),VLOOKUP(I64,Feuil1!$G$11:$L$25,4),IF(AND(H64>1999,H64<2002),VLOOKUP(I64,Feuil1!$G$11:$L$25,3),VLOOKUP(I64,Feuil1!$G$11:$L$25,2)))))))","v":"S62"},220.34703035158066,null," ",{"$f":"T64-HLOOKUP(X64,Feuil1!$C$1:$BL$10,2,FALSE)","v":26},{"$f":"T64-HLOOKUP(X64,Feuil1!$C$1:$BL$10,3,FALSE)","v":11},{"$f":"T64-HLOOKUP(X64,Feuil1!$C$1:$BL$10,4,FALSE)","v":-4},{"$f":"T64-HLOOKUP(X64,Feuil1!$C$1:$BL$10,5,FALSE)","v":-24},{"$f":"T64-HLOOKUP(X64,Feuil1!$C$1:$BL$10,6,FALSE)","v":-44},{"$f":"T64-HLOOKUP(X64,Feuil1!$C$1:$BL$10,7,FALSE)","v":-64},{"$f":"T64-HLOOKUP(X64,Feuil1!$C$1:$BL$10,8,FALSE)","v":-84},{"$f":"T64-HLOOKUP(X64,Feuil1!$C$1:$BL$10,9,FALSE)","v":-109},{"$f":"T64-HLOOKUP(X64,Feuil1!$C$1:$BL$10,10,FALSE)","v":-124},null,null,null,null,null,null,"DEP +"]
["H","N","IDF",42,352744,"BELLION","ELIE",1989,61.5,"CHAVILLE","F",60,65,-70,65,75,-80,80,80,145,22,"DEP +",10,{"$f":"IF(I65=\"\",\"\",IF(A65=\"H\",IF(OR(H65=\"SEN\",H65<1995),VLOOKUP(I65,Feuil1!$A$11:$F$29,6),IF(AND(H65>1994,H65<1998),VLOOKUP(I65,Feuil1!$A$11:$F$29,5),IF(AND(H65>1997,H65<2000),VLOOKUP(I65,Feuil1!$A$11:$F$29,4),IF(AND(H65>1999,H65<2002),VLOOKUP(I65,Feuil1!$A$11:$F$29,3),VLOOKUP(I65,Feuil1!$A$11:$F$29,2))))),IF(OR(H65=\"SEN\",H65<1995),VLOOKUP(I65,Feuil1!$G$11:$L$25,6),IF(AND(H65>1994,H65<1998),VLOOKUP(I65,Feuil1!$G$11:$L$25,5),IF(AND(H65>1997,H65<2000),VLOOKUP(I65,Feuil1!$G$11:$L$25,4),IF(AND(H65>1999,H65<2002),VLOOKUP(I65,Feuil1!$G$11:$L$25,3),VLOOKUP(I65,Feuil1!$G$11:$L$25,2)))))))","v":"S62"},210.92520342995152,null," ",{"$f":"T65-HLOOKUP(X65,Feuil1!$C$1:$BL$10,2,FALSE)","v":25},{"$f":"T65-HLOOKUP(X65,Feuil1!$C$1:$BL$10,3,FALSE)","v":10},{"$f":"T65-HLOOKUP(X65,Feuil1!$C$1:$BL$10,4,FALSE)","v":-5},{"$f":"T65-HLOOKUP(X65,Feuil1!$C$1:$BL$10,5,FALSE)","v":-25},{"$f":"T65-HLOOKUP(X65,Feuil1!$C$1:$BL$10,6,FALSE)","v":-45},{"$f":"T65-HLOOKUP(X65,Feuil1!$C$1:$BL$10,7,FALSE)","v":-65},{"$f":"T65-HLOOKUP(X65,Feuil1!$C$1:$BL$10,8,FALSE)","v":-85},{"$f":"T65-HLOOKUP(X65,Feuil1!$C$1:$BL$10,9,FALSE)","v":-110},{"$f":"T65-HLOOKUP(X65,Feuil1!$C$1:$BL$10,10,FALSE)","v":-125},null,null,null,null,null,null,"DEP +"]
["H","SEST","RAL",43,14388,"DOMINGUEZ","Jean-Manuel",1965,60.3,"Gauloise de Vaise","F",55,60,-65,60,75,80,-83,80,140,19.400000000000006,"DEP +",5,{"$f":"IF(I66=\"\",\"\",IF(A66=\"H\",IF(OR(H66=\"SEN\",H66<1995),VLOOKUP(I66,Feuil1!$A$11:$F$29,6),IF(AND(H66>1994,H66<1998),VLOOKUP(I66,Feuil1!$A$11:$F$29,5),IF(AND(H66>1997,H66<2000),VLOOKUP(I66,Feuil1!$A$11:$F$29,4),IF(AND(H66>1999,H66<2002),VLOOKUP(I66,Feuil1!$A$11:$F$29,3),VLOOKUP(I66,Feuil1!$A$11:$F$29,2))))),IF(OR(H66=\"SEN\",H66<1995),VLOOKUP(I66,Feuil1!$G$11:$L$25,6),IF(AND(H66>1994,H66<1998),VLOOKUP(I66,Feuil1!$G$11:$L$25,5),IF(AND(H66>1997,H66<2000),VLOOKUP(I66,Feuil1!$G$11:$L$25,4),IF(AND(H66>1999,H66<2002),VLOOKUP(I66,Feuil1!$G$11:$L$25,3),VLOOKUP(I66,Feuil1!$G$11:$L$25,2)))))))","v":"S62"},206.58602212325638,null," ",{"$f":"T66-HLOOKUP(X66,Feuil1!$C$1:$BL$10,2,FALSE)","v":20},{"$f":"T66-HLOOKUP(X66,Feuil1!$C$1:$BL$10,3,FALSE)","v":5},{"$f":"T66-HLOOKUP(X66,Feuil1!$C$1:$BL$10,4,FALSE)","v":-10},{"$f":"T66-HLOOKUP(X66,Feuil1!$C$1:$BL$10,5,FALSE)","v":-30},{"$f":"T66-HLOOKUP(X66,Feuil1!$C$1:$BL$10,6,FALSE)","v":-50},{"$f":"T66-HLOOKUP(X66,Feuil1!$C$1:$BL$10,7,FALSE)","v":-70},{"$f":"T66-HLOOKUP(X66,Feuil1!$C$1:$BL$10,8,FALSE)","v":-90},{"$f":"T66-HLOOKUP(X66,Feuil1!$C$1:$BL$10,9,FALSE)","v":-115},{"$f":"T66-HLOOKUP(X66,Feuil1!$C$1:$BL$10,10,FALSE)","v":-130},null,null,null,null,null,null,"DEP +"]
["H","SEST","CAZ",44,374346,"RENARD","CLOVIS",1988,61.2,"HC NICE","F",-60,-60,60,60,-80,80,-85,80,140,17.599999999999994,"DEP +",5,{"$f":"IF(I67=\"\",\"\",IF(A67=\"H\",IF(OR(H67=\"SEN\",H67<1995),VLOOKUP(I67,Feuil1!$A$11:$F$29,6),IF(AND(H67>1994,H67<1998),VLOOKUP(I67,Feuil1!$A$11:$F$29,5),IF(AND(H67>1997,H67<2000),VLOOKUP(I67,Feuil1!$A$11:$F$29,4),IF(AND(H67>1999,H67<2002),VLOOKUP(I67,Feuil1!$A$11:$F$29,3),VLOOKUP(I67,Feuil1!$A$11:$F$29,2))))),IF(OR(H67=\"SEN\",H67<1995),VLOOKUP(I67,Feuil1!$G$11:$L$25,6),IF(AND(H67>1994,H67<1998),VLOOKUP(I67,Feuil1!$G$11:$L$25,5),IF(AND(H67>1997,H67<2000),VLOOKUP(I67,Feuil1!$G$11:$L$25,4),IF(AND(H67>1999,H67<2002),VLOOKUP(I67,Feuil1!$G$11:$L$25,3),VLOOKUP(I67,Feuil1!$G$11:$L$25,2)))))))","v":"S62"},204.37102491755681,null," ",{"$f":"T67-HLOOKUP(X67,Feuil1!$C$1:$BL$10,2,FALSE)","v":20},{"$f":"T67-HLOOKUP(X67,Feuil1!$C$1:$BL$10,3,FALSE)","v":5},{"$f":"T67-HLOOKUP(X67,Feuil1!$C$1:$BL$10,4,FALSE)","v":-10},{"$f":"T67-HLOOKUP(X67,Feuil1!$C$1:$BL$10,5,FALSE)","v":-30},{"$f":"T67-HLOOKUP(X67,Feuil1!$C$1:$BL$10,6,FALSE)","v":-50},{"$f":"T67-HLOOKUP(X67,Feuil1!$C$1:$BL$10,7,FALSE)","v":-70},{"$f":"T67-HLOOKUP(X67,Feuil1!$C$1:$BL$10,8,FALSE)","v":-90},{"$f":"T67-HLOOKUP(X67,Feuil1!$C$1:$BL$10,9,FALSE)","v":-115},{"$f":"T67-HLOOKUP(X67,Feuil1!$C$1:$BL$10,10,FALSE)","v":-130},null,null,null,null,null,null,"DEP +"]
["H","SEST","RAL",45,391981,"MKRTCHYAN","Vachagan",1994,60.9,"SAINT ETIENNE","Arm",55,60,63,63,68,72,-77,72,135,13.200000000000003,"DEP +",0,{"$f":"IF(I68=\"\",\"\",IF(A68=\"H\",IF(OR(H68=\"SEN\",H68<1995),VLOOKUP(I68,Feuil1!$A$11:$F$29,6),IF(AND(H68>1994,H68<1998),VLOOKUP(I68,Feuil1!$A$11:$F$29,5),IF(AND(H68>1997,H68<2000),VLOOKUP(I68,Feuil1!$A$11:$F$29,4),IF(AND(H68>1999,H68<2002),VLOOKUP(I68,Feuil1!$A$11:$F$29,3),VLOOKUP(I68,Feuil1!$A$11:$F$29,2))))),IF(OR(H68=\"SEN\",H68<1995),VLOOKUP(I68,Feuil1!$G$11:$L$25,6),IF(AND(H68>1994,H68<1998),VLOOKUP(I68,Feuil1!$G$11:$L$25,5),IF(AND(H68>1997,H68<2000),VLOOKUP(I68,Feuil1!$G$11:$L$25,4),IF(AND(H68>1999,H68<2002),VLOOKUP(I68,Feuil1!$G$11:$L$25,3),VLOOKUP(I68,Feuil1!$G$11:$L$25,2)))))))","v":"S62"},197.77464295656088,null," ",{"$f":"T68-HLOOKUP(X68,Feuil1!$C$1:$BL$10,2,FALSE)","v":15},{"$f":"T68-HLOOKUP(X68,Feuil1!$C$1:$BL$10,3,FALSE)","v":0},{"$f":"T68-HLOOKUP(X68,Feuil1!$C$1:$BL$10,4,FALSE)","v":-15},{"$f":"T68-HLOOKUP(X68,Feuil1!$C$1:$BL$10,5,FALSE)","v":-35},{"$f":"T68-HLOOKUP(X68,Feuil1!$C$1:$BL$10,6,FALSE)","v":-55},{"$f":"T68-HLOOKUP(X68,Feuil1!$C$1:$BL$10,7,FALSE)","v":-75},{"$f":"T68-HLOOKUP(X68,Feuil1!$C$1:$BL$10,8,FALSE)","v":-95},{"$f":"T68-HLOOKUP(X68,Feuil1!$C$1:$BL$10,9,FALSE)","v":-120},{"$f":"T68-HLOOKUP(X68,Feuil1!$C$1:$BL$10,10,FALSE)","v":-135},null,null,null,null,null,null,"DEP +"]
["H","DOM","GUA",46,362568,"FACORAT","Teddy",1993,61.7,"AHCS/Pointois","F",57,62,-65,62,65,70,73,73,135,11.599999999999994,"DEP +",0,{"$f":"IF(I69=\"\",\"\",IF(A69=\"H\",IF(OR(H69=\"SEN\",H69<1995),VLOOKUP(I69,Feuil1!$A$11:$F$29,6),IF(AND(H69>1994,H69<1998),VLOOKUP(I69,Feuil1!$A$11:$F$29,5),IF(AND(H69>1997,H69<2000),VLOOKUP(I69,Feuil1!$A$11:$F$29,4),IF(AND(H69>1999,H69<2002),VLOOKUP(I69,Feuil1!$A$11:$F$29,3),VLOOKUP(I69,Feuil1!$A$11:$F$29,2))))),IF(OR(H69=\"SEN\",H69<1995),VLOOKUP(I69,Feuil1!$G$11:$L$25,6),IF(AND(H69>1994,H69<1998),VLOOKUP(I69,Feuil1!$G$11:$L$25,5),IF(AND(H69>1997,H69<2000),VLOOKUP(I69,Feuil1!$G$11:$L$25,4),IF(AND(H69>1999,H69<2002),VLOOKUP(I69,Feuil1!$G$11:$L$25,3),VLOOKUP(I69,Feuil1!$G$11:$L$25,2)))))))","v":"S62"},195.92136687095081,null," ",{"$f":"T69-HLOOKUP(X69,Feuil1!$C$1:$BL$10,2,FALSE)","v":15},{"$f":"T69-HLOOKUP(X69,Feuil1!$C$1:$BL$10,3,FALSE)","v":0},{"$f":"T69-HLOOKUP(X69,Feuil1!$C$1:$BL$10,4,FALSE)","v":-15},{"$f":"T69-HLOOKUP(X69,Feuil1!$C$1:$BL$10,5,FALSE)","v":-35},{"$f":"T69-HLOOKUP(X69,Feuil1!$C$1:$BL$10,6,FALSE)","v":-55},{"$f":"T69-HLOOKUP(X69,Feuil1!$C$1:$BL$10,7,FALSE)","v":-75},{"$f":"T69-HLOOKUP(X69,Feuil1!$C$1:$BL$10,8,FALSE)","v":-95},{"$f":"T69-HLOOKUP(X69,Feuil1!$C$1:$BL$10,9,FALSE)","v":-120},{"$f":"T69-HLOOKUP(X69,Feuil1!$C$1:$BL$10,10,FALSE)","v":-135},null,null,null,null,null,null,"DEP +"]
["H","CO","PDL",47,302291,"BOMMERT","Kévin",1992,61.8,"BBFC Allonnes","F",52,55,-57,55,75,80,-85,80,135,11.400000000000006,"DEP +",0,{"$f":"IF(I70=\"\",\"\",IF(A70=\"H\",IF(OR(H70=\"SEN\",H70<1995),VLOOKUP(I70,Feuil1!$A$11:$F$29,6),IF(AND(H70>1994,H70<1998),VLOOKUP(I70,Feuil1!$A$11:$F$29,5),IF(AND(H70>1997,H70<2000),VLOOKUP(I70,Feuil1!$A$11:$F$29,4),IF(AND(H70>1999,H70<2002),VLOOKUP(I70,Feuil1!$A$11:$F$29,3),VLOOKUP(I70,Feuil1!$A$11:$F$29,2))))),IF(OR(H70=\"SEN\",H70<1995),VLOOKUP(I70,Feuil1!$G$11:$L$25,6),IF(AND(H70>1994,H70<1998),VLOOKUP(I70,Feuil1!$G$11:$L$25,5),IF(AND(H70>1997,H70<2000),VLOOKUP(I70,Feuil1!$G$11:$L$25,4),IF(AND(H70>1999,H70<2002),VLOOKUP(I70,Feuil1!$G$11:$L$25,3),VLOOKUP(I70,Feuil1!$G$11:$L$25,2)))))))","v":"S62"},195.69421717934526,null," ",{"$f":"T70-HLOOKUP(X70,Feuil1!$C$1:$BL$10,2,FALSE)","v":15},{"$f":"T70-HLOOKUP(X70,Feuil1!$C$1:$BL$10,3,FALSE)","v":0},{"$f":"T70-HLOOKUP(X70,Feuil1!$C$1:$BL$10,4,FALSE)","v":-15},{"$f":"T70-HLOOKUP(X70,Feuil1!$C$1:$BL$10,5,FALSE)","v":-35},{"$f":"T70-HLOOKUP(X70,Feuil1!$C$1:$BL$10,6,FALSE)","v":-55},{"$f":"T70-HLOOKUP(X70,Feuil1!$C$1:$BL$10,7,FALSE)","v":-75},{"$f":"T70-HLOOKUP(X70,Feuil1!$C$1:$BL$10,8,FALSE)","v":-95},{"$f":"T70-HLOOKUP(X70,Feuil1!$C$1:$BL$10,9,FALSE)","v":-120},{"$f":"T70-HLOOKUP(X70,Feuil1!$C$1:$BL$10,10,FALSE)","v":-135},null,null,null,null,null,null,"DEP +"]
["H","CO","BNO",48,357578,"MADELAINE","LUCAS",1993,61.8,"Stade St Lois","F",55,58,61,61,68,70,-74,70,131,7.4000000000000057,"DEB ",11,{"$f":"IF(I71=\"\",\"\",IF(A71=\"H\",IF(OR(H71=\"SEN\",H71<1995),VLOOKUP(I71,Feuil1!$A$11:$F$29,6),IF(AND(H71>1994,H71<1998),VLOOKUP(I71,Feuil1!$A$11:$F$29,5),IF(AND(H71>1997,H71<2000),VLOOKUP(I71,Feuil1!$A$11:$F$29,4),IF(AND(H71>1999,H71<2002),VLOOKUP(I71,Feuil1!$A$11:$F$29,3),VLOOKUP(I71,Feuil1!$A$11:$F$29,2))))),IF(OR(H71=\"SEN\",H71<1995),VLOOKUP(I71,Feuil1!$G$11:$L$25,6),IF(AND(H71>1994,H71<1998),VLOOKUP(I71,Feuil1!$G$11:$L$25,5),IF(AND(H71>1997,H71<2000),VLOOKUP(I71,Feuil1!$G$11:$L$25,4),IF(AND(H71>1999,H71<2002),VLOOKUP(I71,Feuil1!$G$11:$L$25,3),VLOOKUP(I71,Feuil1!$G$11:$L$25,2)))))))","v":"S62"},189.89587000366097,null," ",{"$f":"T71-HLOOKUP(X71,Feuil1!$C$1:$BL$10,2,FALSE)","v":11},{"$f":"T71-HLOOKUP(X71,Feuil1!$C$1:$BL$10,3,FALSE)","v":-4},{"$f":"T71-HLOOKUP(X71,Feuil1!$C$1:$BL$10,4,FALSE)","v":-19},{"$f":"T71-HLOOKUP(X71,Feuil1!$C$1:$BL$10,5,FALSE)","v":-39},{"$f":"T71-HLOOKUP(X71,Feuil1!$C$1:$BL$10,6,FALSE)","v":-59},{"$f":"T71-HLOOKUP(X71,Feuil1!$C$1:$BL$10,7,FALSE)","v":-79},{"$f":"T71-HLOOKUP(X71,Feuil1!$C$1:$BL$10,8,FALSE)","v":-99},{"$f":"T71-HLOOKUP(X71,Feuil1!$C$1:$BL$10,9,FALSE)","v":-124},{"$f":"T71-HLOOKUP(X71,Feuil1!$C$1:$BL$10,10,FALSE)","v":-139},null,null,null,null,null,null,"DEB "]
["H","SEST","RAL",49,388222,"ANTON","Xavier",1989,59.6,"C.H. L'ARBRESLE","F",53,58,-60,58,63,68,71,71,129,9.7999999999999972,"DEB ",9,{"$f":"IF(I72=\"\",\"\",IF(A72=\"H\",IF(OR(H72=\"SEN\",H72<1995),VLOOKUP(I72,Feuil1!$A$11:$F$29,6),IF(AND(H72>1994,H72<1998),VLOOKUP(I72,Feuil1!$A$11:$F$29,5),IF(AND(H72>1997,H72<2000),VLOOKUP(I72,Feuil1!$A$11:$F$29,4),IF(AND(H72>1999,H72<2002),VLOOKUP(I72,Feuil1!$A$11:$F$29,3),VLOOKUP(I72,Feuil1!$A$11:$F$29,2))))),IF(OR(H72=\"SEN\",H72<1995),VLOOKUP(I72,Feuil1!$G$11:$L$25,6),IF(AND(H72>1994,H72<1998),VLOOKUP(I72,Feuil1!$G$11:$L$25,5),IF(AND(H72>1997,H72<2000),VLOOKUP(I72,Feuil1!$G$11:$L$25,4),IF(AND(H72>1999,H72<2002),VLOOKUP(I72,Feuil1!$G$11:$L$25,3),VLOOKUP(I72,Feuil1!$G$11:$L$25,2)))))))","v":"S62"},191.99891336242115,null," ",{"$f":"T72-HLOOKUP(X72,Feuil1!$C$1:$BL$10,2,FALSE)","v":9},{"$f":"T72-HLOOKUP(X72,Feuil1!$C$1:$BL$10,3,FALSE)","v":-6},{"$f":"T72-HLOOKUP(X72,Feuil1!$C$1:$BL$10,4,FALSE)","v":-21},{"$f":"T72-HLOOKUP(X72,Feuil1!$C$1:$BL$10,5,FALSE)","v":-41},{"$f":"T72-HLOOKUP(X72,Feuil1!$C$1:$BL$10,6,FALSE)","v":-61},{"$f":"T72-HLOOKUP(X72,Feuil1!$C$1:$BL$10,7,FALSE)","v":-81},{"$f":"T72-HLOOKUP(X72,Feuil1!$C$1:$BL$10,8,FALSE)","v":-101},{"$f":"T72-HLOOKUP(X72,Feuil1!$C$1:$BL$10,9,FALSE)","v":-126},{"$f":"T72-HLOOKUP(X72,Feuil1!$C$1:$BL$10,10,FALSE)","v":-141},null,null,null,null,null,null,"DEB "]
["H","CO","PDL",50,79965,"DELAUNAY","Jean Claude",1950,61.15,"SGTAngers","F",56,58,-60,58,68,-70,70,70,128,5.7000000000000028,"DEB ",8,{"$f":"IF(I73=\"\",\"\",IF(A73=\"H\",IF(OR(H73=\"SEN\",H73<1995),VLOOKUP(I73,Feuil1!$A$11:$F$29,6),IF(AND(H73>1994,H73<1998),VLOOKUP(I73,Feuil1!$A$11:$F$29,5),IF(AND(H73>1997,H73<2000),VLOOKUP(I73,Feuil1!$A$11:$F$29,4),IF(AND(H73>1999,H73<2002),VLOOKUP(I73,Feuil1!$A$11:$F$29,3),VLOOKUP(I73,Feuil1!$A$11:$F$29,2))))),IF(OR(H73=\"SEN\",H73<1995),VLOOKUP(I73,Feuil1!$G$11:$L$25,6),IF(AND(H73>1994,H73<1998),VLOOKUP(I73,Feuil1!$G$11:$L$25,5),IF(AND(H73>1997,H73<2000),VLOOKUP(I73,Feuil1!$G$11:$L$25,4),IF(AND(H73>1999,H73<2002),VLOOKUP(I73,Feuil1!$G$11:$L$25,3),VLOOKUP(I73,Feuil1!$G$11:$L$25,2)))))))","v":"S62"},186.96392665112035,null," ",{"$f":"T73-HLOOKUP(X73,Feuil1!$C$1:$BL$10,2,FALSE)","v":8},{"$f":"T73-HLOOKUP(X73,Feuil1!$C$1:$BL$10,3,FALSE)","v":-7},{"$f":"T73-HLOOKUP(X73,Feuil1!$C$1:$BL$10,4,FALSE)","v":-22},{"$f":"T73-HLOOKUP(X73,Feuil1!$C$1:$BL$10,5,FALSE)","v":-42},{"$f":"T73-HLOOKUP(X73,Feuil1!$C$1:$BL$10,6,FALSE)","v":-62},{"$f":"T73-HLOOKUP(X73,Feuil1!$C$1:$BL$10,7,FALSE)","v":-82},{"$f":"T73-HLOOKUP(X73,Feuil1!$C$1:$BL$10,8,FALSE)","v":-102},{"$f":"T73-HLOOKUP(X73,Feuil1!$C$1:$BL$10,9,FALSE)","v":-127},{"$f":"T73-HLOOKUP(X73,Feuil1!$C$1:$BL$10,10,FALSE)","v":-142},null,null,null,null,null,null,"DEB "]
["H","SEST","RAL",51,396033,"VERNIN","Nicolas",1989,59,"Vaulx-en-Velin","F",50,-55,55,55,69,72,-75,72,127,9,"DEB ",7,{"$f":"IF(I74=\"\",\"\",IF(A74=\"H\",IF(OR(H74=\"SEN\",H74<1995),VLOOKUP(I74,Feuil1!$A$11:$F$29,6),IF(AND(H74>1994,H74<1998),VLOOKUP(I74,Feuil1!$A$11:$F$29,5),IF(AND(H74>1997,H74<2000),VLOOKUP(I74,Feuil1!$A$11:$F$29,4),IF(AND(H74>1999,H74<2002),VLOOKUP(I74,Feuil1!$A$11:$F$29,3),VLOOKUP(I74,Feuil1!$A$11:$F$29,2))))),IF(OR(H74=\"SEN\",H74<1995),VLOOKUP(I74,Feuil1!$G$11:$L$25,6),IF(AND(H74>1994,H74<1998),VLOOKUP(I74,Feuil1!$G$11:$L$25,5),IF(AND(H74>1997,H74<2000),VLOOKUP(I74,Feuil1!$G$11:$L$25,4),IF(AND(H74>1999,H74<2002),VLOOKUP(I74,Feuil1!$G$11:$L$25,3),VLOOKUP(I74,Feuil1!$G$11:$L$25,2)))))))","v":"S62"},190.45103612426573,null," ",{"$f":"T74-HLOOKUP(X74,Feuil1!$C$1:$BL$10,2,FALSE)","v":7},{"$f":"T74-HLOOKUP(X74,Feuil1!$C$1:$BL$10,3,FALSE)","v":-8},{"$f":"T74-HLOOKUP(X74,Feuil1!$C$1:$BL$10,4,FALSE)","v":-23},{"$f":"T74-HLOOKUP(X74,Feuil1!$C$1:$BL$10,5,FALSE)","v":-43},{"$f":"T74-HLOOKUP(X74,Feuil1!$C$1:$BL$10,6,FALSE)","v":-63},{"$f":"T74-HLOOKUP(X74,Feuil1!$C$1:$BL$10,7,FALSE)","v":-83},{"$f":"T74-HLOOKUP(X74,Feuil1!$C$1:$BL$10,8,FALSE)","v":-103},{"$f":"T74-HLOOKUP(X74,Feuil1!$C$1:$BL$10,9,FALSE)","v":-128},{"$f":"T74-HLOOKUP(X74,Feuil1!$C$1:$BL$10,10,FALSE)","v":-143},null,null,null,null,null,null,"DEB "]
["H","NE","CHA",52,7515,"DEHU ","Olivier",1960,62,"Reims HM","F",45,50,53,53,60,65,70,70,123,-1,"DEB ",3,{"$f":"IF(I75=\"\",\"\",IF(A75=\"H\",IF(OR(H75=\"SEN\",H75<1995),VLOOKUP(I75,Feuil1!$A$11:$F$29,6),IF(AND(H75>1994,H75<1998),VLOOKUP(I75,Feuil1!$A$11:$F$29,5),IF(AND(H75>1997,H75<2000),VLOOKUP(I75,Feuil1!$A$11:$F$29,4),IF(AND(H75>1999,H75<2002),VLOOKUP(I75,Feuil1!$A$11:$F$29,3),VLOOKUP(I75,Feuil1!$A$11:$F$29,2))))),IF(OR(H75=\"SEN\",H75<1995),VLOOKUP(I75,Feuil1!$G$11:$L$25,6),IF(AND(H75>1994,H75<1998),VLOOKUP(I75,Feuil1!$G$11:$L$25,5),IF(AND(H75>1997,H75<2000),VLOOKUP(I75,Feuil1!$G$11:$L$25,4),IF(AND(H75>1999,H75<2002),VLOOKUP(I75,Feuil1!$G$11:$L$25,3),VLOOKUP(I75,Feuil1!$G$11:$L$25,2)))))))","v":"S62"},177.88793962018238,null," ",{"$f":"T75-HLOOKUP(X75,Feuil1!$C$1:$BL$10,2,FALSE)","v":3},{"$f":"T75-HLOOKUP(X75,Feuil1!$C$1:$BL$10,3,FALSE)","v":-12},{"$f":"T75-HLOOKUP(X75,Feuil1!$C$1:$BL$10,4,FALSE)","v":-27},{"$f":"T75-HLOOKUP(X75,Feuil1!$C$1:$BL$10,5,FALSE)","v":-47},{"$f":"T75-HLOOKUP(X75,Feuil1!$C$1:$BL$10,6,FALSE)","v":-67},{"$f":"T75-HLOOKUP(X75,Feuil1!$C$1:$BL$10,7,FALSE)","v":-87},{"$f":"T75-HLOOKUP(X75,Feuil1!$C$1:$BL$10,8,FALSE)","v":-107},{"$f":"T75-HLOOKUP(X75,Feuil1!$C$1:$BL$10,9,FALSE)","v":-132},{"$f":"T75-HLOOKUP(X75,Feuil1!$C$1:$BL$10,10,FALSE)","v":-147},null,null,null,null,null,null,"DEB "]
["H","NE","BOU",53,193792,"BELOT","Rémi",1993,56.7,"ASO Mont de Rême","F",40,45,50,50,65,70,-75,70,120,6.5999999999999943,"DEB ",0,{"$f":"IF(I76=\"\",\"\",IF(A76=\"H\",IF(OR(H76=\"SEN\",H76<1995),VLOOKUP(I76,Feuil1!$A$11:$F$29,6),IF(AND(H76>1994,H76<1998),VLOOKUP(I76,Feuil1!$A$11:$F$29,5),IF(AND(H76>1997,H76<2000),VLOOKUP(I76,Feuil1!$A$11:$F$29,4),IF(AND(H76>1999,H76<2002),VLOOKUP(I76,Feuil1!$A$11:$F$29,3),VLOOKUP(I76,Feuil1!$A$11:$F$29,2))))),IF(OR(H76=\"SEN\",H76<1995),VLOOKUP(I76,Feuil1!$G$11:$L$25,6),IF(AND(H76>1994,H76<1998),VLOOKUP(I76,Feuil1!$G$11:$L$25,5),IF(AND(H76>1997,H76<2000),VLOOKUP(I76,Feuil1!$G$11:$L$25,4),IF(AND(H76>1999,H76<2002),VLOOKUP(I76,Feuil1!$G$11:$L$25,3),VLOOKUP(I76,Feuil1!$G$11:$L$25,2)))))))","v":"S62"},185.48594190228135,null," ",{"$f":"T76-HLOOKUP(X76,Feuil1!$C$1:$BL$10,2,FALSE)","v":0},{"$f":"T76-HLOOKUP(X76,Feuil1!$C$1:$BL$10,3,FALSE)","v":-15},{"$f":"T76-HLOOKUP(X76,Feuil1!$C$1:$BL$10,4,FALSE)","v":-30},{"$f":"T76-HLOOKUP(X76,Feuil1!$C$1:$BL$10,5,FALSE)","v":-50},{"$f":"T76-HLOOKUP(X76,Feuil1!$C$1:$BL$10,6,FALSE)","v":-70},{"$f":"T76-HLOOKUP(X76,Feuil1!$C$1:$BL$10,7,FALSE)","v":-90},{"$f":"T76-HLOOKUP(X76,Feuil1!$C$1:$BL$10,8,FALSE)","v":-110},{"$f":"T76-HLOOKUP(X76,Feuil1!$C$1:$BL$10,9,FALSE)","v":-135},{"$f":"T76-HLOOKUP(X76,Feuil1!$C$1:$BL$10,10,FALSE)","v":-150},null,null,null,null,null,null,"DEB "]
["H","SO","AQU",54,391309,"DELEBARRE","JEREMY",1994,58.5,"LE BOUSCAT","F",40,50,-60,50,60,-70,70,70,120,3,"DEB ",0,{"$f":"IF(I77=\"\",\"\",IF(A77=\"H\",IF(OR(H77=\"SEN\",H77<1995),VLOOKUP(I77,Feuil1!$A$11:$F$29,6),IF(AND(H77>1994,H77<1998),VLOOKUP(I77,Feuil1!$A$11:$F$29,5),IF(AND(H77>1997,H77<2000),VLOOKUP(I77,Feuil1!$A$11:$F$29,4),IF(AND(H77>1999,H77<2002),VLOOKUP(I77,Feuil1!$A$11:$F$29,3),VLOOKUP(I77,Feuil1!$A$11:$F$29,2))))),IF(OR(H77=\"SEN\",H77<1995),VLOOKUP(I77,Feuil1!$G$11:$L$25,6),IF(AND(H77>1994,H77<1998),VLOOKUP(I77,Feuil1!$G$11:$L$25,5),IF(AND(H77>1997,H77<2000),VLOOKUP(I77,Feuil1!$G$11:$L$25,4),IF(AND(H77>1999,H77<2002),VLOOKUP(I77,Feuil1!$G$11:$L$25,3),VLOOKUP(I77,Feuil1!$G$11:$L$25,2)))))))","v":"S62"},181.10714823417587,null," ",{"$f":"T77-HLOOKUP(X77,Feuil1!$C$1:$BL$10,2,FALSE)","v":0},{"$f":"T77-HLOOKUP(X77,Feuil1!$C$1:$BL$10,3,FALSE)","v":-15},{"$f":"T77-HLOOKUP(X77,Feuil1!$C$1:$BL$10,4,FALSE)","v":-30},{"$f":"T77-HLOOKUP(X77,Feuil1!$C$1:$BL$10,5,FALSE)","v":-50},{"$f":"T77-HLOOKUP(X77,Feuil1!$C$1:$BL$10,6,FALSE)","v":-70},{"$f":"T77-HLOOKUP(X77,Feuil1!$C$1:$BL$10,7,FALSE)","v":-90},{"$f":"T77-HLOOKUP(X77,Feuil1!$C$1:$BL$10,8,FALSE)","v":-110},{"$f":"T77-HLOOKUP(X77,Feuil1!$C$1:$BL$10,9,FALSE)","v":-135},{"$f":"T77-HLOOKUP(X77,Feuil1!$C$1:$BL$10,10,FALSE)","v":-150},null,null,null,null,null,null,"DEB "]
["H","NORD","PIC",55,171380,"DEMESSENCE","Guillaume",1992,56.5,"Hirson CEHT","F",45,47,50,50,68,-71,-72,68,118,5,"DEB ",-2,{"$f":"IF(I78=\"\",\"\",IF(A78=\"H\",IF(OR(H78=\"SEN\",H78<1995),VLOOKUP(I78,Feuil1!$A$11:$F$29,6),IF(AND(H78>1994,H78<1998),VLOOKUP(I78,Feuil1!$A$11:$F$29,5),IF(AND(H78>1997,H78<2000),VLOOKUP(I78,Feuil1!$A$11:$F$29,4),IF(AND(H78>1999,H78<2002),VLOOKUP(I78,Feuil1!$A$11:$F$29,3),VLOOKUP(I78,Feuil1!$A$11:$F$29,2))))),IF(OR(H78=\"SEN\",H78<1995),VLOOKUP(I78,Feuil1!$G$11:$L$25,6),IF(AND(H78>1994,H78<1998),VLOOKUP(I78,Feuil1!$G$11:$L$25,5),IF(AND(H78>1997,H78<2000),VLOOKUP(I78,Feuil1!$G$11:$L$25,4),IF(AND(H78>1999,H78<2002),VLOOKUP(I78,Feuil1!$G$11:$L$25,3),VLOOKUP(I78,Feuil1!$G$11:$L$25,2)))))))","v":"S62"},182.89560696181402,null," ",{"$f":"T78-HLOOKUP(X78,Feuil1!$C$1:$BL$10,2,FALSE)","v":-2},{"$f":"T78-HLOOKUP(X78,Feuil1!$C$1:$BL$10,3,FALSE)","v":-17},{"$f":"T78-HLOOKUP(X78,Feuil1!$C$1:$BL$10,4,FALSE)","v":-32},{"$f":"T78-HLOOKUP(X78,Feuil1!$C$1:$BL$10,5,FALSE)","v":-52},{"$f":"T78-HLOOKUP(X78,Feuil1!$C$1:$BL$10,6,FALSE)","v":-72},{"$f":"T78-HLOOKUP(X78,Feuil1!$C$1:$BL$10,7,FALSE)","v":-92},{"$f":"T78-HLOOKUP(X78,Feuil1!$C$1:$BL$10,8,FALSE)","v":-112},{"$f":"T78-HLOOKUP(X78,Feuil1!$C$1:$BL$10,9,FALSE)","v":-137},{"$f":"T78-HLOOKUP(X78,Feuil1!$C$1:$BL$10,10,FALSE)","v":-152},null,null,null,null,null,null,"DEB "]
["H","SEST","PRO",56,37253,"PEDROLA","JEAN MARC",1956,61,"AVIGNON HALTERO","F",45,-50,53,53,60,65,-70,65,118,-4,"DEB ",-2,{"$f":"IF(I79=\"\",\"\",IF(A79=\"H\",IF(OR(H79=\"SEN\",H79<1995),VLOOKUP(I79,Feuil1!$A$11:$F$29,6),IF(AND(H79>1994,H79<1998),VLOOKUP(I79,Feuil1!$A$11:$F$29,5),IF(AND(H79>1997,H79<2000),VLOOKUP(I79,Feuil1!$A$11:$F$29,4),IF(AND(H79>1999,H79<2002),VLOOKUP(I79,Feuil1!$A$11:$F$29,3),VLOOKUP(I79,Feuil1!$A$11:$F$29,2))))),IF(OR(H79=\"SEN\",H79<1995),VLOOKUP(I79,Feuil1!$G$11:$L$25,6),IF(AND(H79>1994,H79<1998),VLOOKUP(I79,Feuil1!$G$11:$L$25,5),IF(AND(H79>1997,H79<2000),VLOOKUP(I79,Feuil1!$G$11:$L$25,4),IF(AND(H79>1999,H79<2002),VLOOKUP(I79,Feuil1!$G$11:$L$25,3),VLOOKUP(I79,Feuil1!$G$11:$L$25,2)))))))","v":"S62"},172.66408619197111,null," ",{"$f":"T79-HLOOKUP(X79,Feuil1!$C$1:$BL$10,2,FALSE)","v":-2},{"$f":"T79-HLOOKUP(X79,Feuil1!$C$1:$BL$10,3,FALSE)","v":-17},{"$f":"T79-HLOOKUP(X79,Feuil1!$C$1:$BL$10,4,FALSE)","v":-32},{"$f":"T79-HLOOKUP(X79,Feuil1!$C$1:$BL$10,5,FALSE)","v":-52},{"$f":"T79-HLOOKUP(X79,Feuil1!$C$1:$BL$10,6,FALSE)","v":-72},{"$f":"T79-HLOOKUP(X79,Feuil1!$C$1:$BL$10,7,FALSE)","v":-92},{"$f":"T79-HLOOKUP(X79,Feuil1!$C$1:$BL$10,8,FALSE)","v":-112},{"$f":"T79-HLOOKUP(X79,Feuil1!$C$1:$BL$10,9,FALSE)","v":-137},{"$f":"T79-HLOOKUP(X79,Feuil1!$C$1:$BL$10,10,FALSE)","v":-152},null,null,null,null,null,null,"DEB "]
["H","NE","BOU",57,392907,"LLORET","Robert",1979,61.2,"HMDB21","esp",40,45,48,48,60,65,68,68,116,-6.4000000000000057,"DEB ",-4,{"$f":"IF(I80=\"\",\"\",IF(A80=\"H\",IF(OR(H80=\"SEN\",H80<1995),VLOOKUP(I80,Feuil1!$A$11:$F$29,6),IF(AND(H80>1994,H80<1998),VLOOKUP(I80,Feuil1!$A$11:$F$29,5),IF(AND(H80>1997,H80<2000),VLOOKUP(I80,Feuil1!$A$11:$F$29,4),IF(AND(H80>1999,H80<2002),VLOOKUP(I80,Feuil1!$A$11:$F$29,3),VLOOKUP(I80,Feuil1!$A$11:$F$29,2))))),IF(OR(H80=\"SEN\",H80<1995),VLOOKUP(I80,Feuil1!$G$11:$L$25,6),IF(AND(H80>1994,H80<1998),VLOOKUP(I80,Feuil1!$G$11:$L$25,5),IF(AND(H80>1997,H80<2000),VLOOKUP(I80,Feuil1!$G$11:$L$25,4),IF(AND(H80>1999,H80<2002),VLOOKUP(I80,Feuil1!$G$11:$L$25,3),VLOOKUP(I80,Feuil1!$G$11:$L$25,2)))))))","v":"S62"},169.33599207454708,null," ",{"$f":"T80-HLOOKUP(X80,Feuil1!$C$1:$BL$10,2,FALSE)","v":-4},{"$f":"T80-HLOOKUP(X80,Feuil1!$C$1:$BL$10,3,FALSE)","v":-19},{"$f":"T80-HLOOKUP(X80,Feuil1!$C$1:$BL$10,4,FALSE)","v":-34},{"$f":"T80-HLOOKUP(X80,Feuil1!$C$1:$BL$10,5,FALSE)","v":-54},{"$f":"T80-HLOOKUP(X80,Feuil1!$C$1:$BL$10,6,FALSE)","v":-74},{"$f":"T80-HLOOKUP(X80,Feuil1!$C$1:$BL$10,7,FALSE)","v":-94},{"$f":"T80-HLOOKUP(X80,Feuil1!$C$1:$BL$10,8,FALSE)","v":-114},{"$f":"T80-HLOOKUP(X80,Feuil1!$C$1:$BL$10,9,FALSE)","v":-139},{"$f":"T80-HLOOKUP(X80,Feuil1!$C$1:$BL$10,10,FALSE)","v":-154},null,null,null,null,null,null,"DEB "]
["H","NE","LOR",58,361050,"ALBANESE","Laurent",1994,61.8,"S.C.FAMECK","F",45,-50,-50,45,60,-65,65,65,110,-13.599999999999994,"DEB ",-10,{"$f":"IF(I81=\"\",\"\",IF(A81=\"H\",IF(OR(H81=\"SEN\",H81<1995),VLOOKUP(I81,Feuil1!$A$11:$F$29,6),IF(AND(H81>1994,H81<1998),VLOOKUP(I81,Feuil1!$A$11:$F$29,5),IF(AND(H81>1997,H81<2000),VLOOKUP(I81,Feuil1!$A$11:$F$29,4),IF(AND(H81>1999,H81<2002),VLOOKUP(I81,Feuil1!$A$11:$F$29,3),VLOOKUP(I81,Feuil1!$A$11:$F$29,2))))),IF(OR(H81=\"SEN\",H81<1995),VLOOKUP(I81,Feuil1!$G$11:$L$25,6),IF(AND(H81>1994,H81<1998),VLOOKUP(I81,Feuil1!$G$11:$L$25,5),IF(AND(H81>1997,H81<2000),VLOOKUP(I81,Feuil1!$G$11:$L$25,4),IF(AND(H81>1999,H81<2002),VLOOKUP(I81,Feuil1!$G$11:$L$25,3),VLOOKUP(I81,Feuil1!$G$11:$L$25,2)))))))","v":"S62"},159.45454733131837,null," ",{"$f":"T81-HLOOKUP(X81,Feuil1!$C$1:$BL$10,2,FALSE)","v":-10},{"$f":"T81-HLOOKUP(X81,Feuil1!$C$1:$BL$10,3,FALSE)","v":-25},{"$f":"T81-HLOOKUP(X81,Feuil1!$C$1:$BL$10,4,FALSE)","v":-40},{"$f":"T81-HLOOKUP(X81,Feuil1!$C$1:$BL$10,5,FALSE)","v":-60},{"$f":"T81-HLOOKUP(X81,Feuil1!$C$1:$BL$10,6,FALSE)","v":-80},{"$f":"T81-HLOOKUP(X81,Feuil1!$C$1:$BL$10,7,FALSE)","v":-100},{"$f":"T81-HLOOKUP(X81,Feuil1!$C$1:$BL$10,8,FALSE)","v":-120},{"$f":"T81-HLOOKUP(X81,Feuil1!$C$1:$BL$10,9,FALSE)","v":-145},{"$f":"T81-HLOOKUP(X81,Feuil1!$C$1:$BL$10,10,FALSE)","v":-160},null,null,null,null,null,null,"DEB "]
["H","CO","BNO",59,4982,"CORNEILLET","Jacques",1949,56.2,"Alençon","F",44,-47,47,47,56,62,-64,62,109,-3.4000000000000057,"DEB ",-11,{"$f":"IF(I82=\"\",\"\",IF(A82=\"H\",IF(OR(H82=\"SEN\",H82<1995),VLOOKUP(I82,Feuil1!$A$11:$F$29,6),IF(AND(H82>1994,H82<1998),VLOOKUP(I82,Feuil1!$A$11:$F$29,5),IF(AND(H82>1997,H82<2000),VLOOKUP(I82,Feuil1!$A$11:$F$29,4),IF(AND(H82>1999,H82<2002),VLOOKUP(I82,Feuil1!$A$11:$F$29,3),VLOOKUP(I82,Feuil1!$A$11:$F$29,2))))),IF(OR(H82=\"SEN\",H82<1995),VLOOKUP(I82,Feuil1!$G$11:$L$25,6),IF(AND(H82>1994,H82<1998),VLOOKUP(I82,Feuil1!$G$11:$L$25,5),IF(AND(H82>1997,H82<2000),VLOOKUP(I82,Feuil1!$G$11:$L$25,4),IF(AND(H82>1999,H82<2002),VLOOKUP(I82,Feuil1!$G$11:$L$25,3),VLOOKUP(I82,Feuil1!$G$11:$L$25,2)))))))","v":"S62"},169.64850282951784,null," ",{"$f":"T82-HLOOKUP(X82,Feuil1!$C$1:$BL$10,2,FALSE)","v":-11},{"$f":"T82-HLOOKUP(X82,Feuil1!$C$1:$BL$10,3,FALSE)","v":-26},{"$f":"T82-HLOOKUP(X82,Feuil1!$C$1:$BL$10,4,FALSE)","v":-41},{"$f":"T82-HLOOKUP(X82,Feuil1!$C$1:$BL$10,5,FALSE)","v":-61},{"$f":"T82-HLOOKUP(X82,Feuil1!$C$1:$BL$10,6,FALSE)","v":-81},{"$f":"T82-HLOOKUP(X82,Feuil1!$C$1:$BL$10,7,FALSE)","v":-101},{"$f":"T82-HLOOKUP(X82,Feuil1!$C$1:$BL$10,8,FALSE)","v":-121},{"$f":"T82-HLOOKUP(X82,Feuil1!$C$1:$BL$10,9,FALSE)","v":-146},{"$f":"T82-HLOOKUP(X82,Feuil1!$C$1:$BL$10,10,FALSE)","v":-161},null,null,null,null,null,null,"DEB "]
["H","SEST","RAL",60,19515,"DUFOUR ","Serge",1953,61.6,"Entente VIRIAT","F",42,45,-47,45,55,60,62,62,107,-16.200000000000003,"DEB ",-13,{"$f":"IF(I83=\"\",\"\",IF(A83=\"H\",IF(OR(H83=\"SEN\",H83<1995),VLOOKUP(I83,Feuil1!$A$11:$F$29,6),IF(AND(H83>1994,H83<1998),VLOOKUP(I83,Feuil1!$A$11:$F$29,5),IF(AND(H83>1997,H83<2000),VLOOKUP(I83,Feuil1!$A$11:$F$29,4),IF(AND(H83>1999,H83<2002),VLOOKUP(I83,Feuil1!$A$11:$F$29,3),VLOOKUP(I83,Feuil1!$A$11:$F$29,2))))),IF(OR(H83=\"SEN\",H83<1995),VLOOKUP(I83,Feuil1!$G$11:$L$25,6),IF(AND(H83>1994,H83<1998),VLOOKUP(I83,Feuil1!$G$11:$L$25,5),IF(AND(H83>1997,H83<2000),VLOOKUP(I83,Feuil1!$G$11:$L$25,4),IF(AND(H83>1999,H83<2002),VLOOKUP(I83,Feuil1!$G$11:$L$25,3),VLOOKUP(I83,Feuil1!$G$11:$L$25,2)))))))","v":"S62"},155.46664479193598,null," ",{"$f":"T83-HLOOKUP(X83,Feuil1!$C$1:$BL$10,2,FALSE)","v":-13},{"$f":"T83-HLOOKUP(X83,Feuil1!$C$1:$BL$10,3,FALSE)","v":-28},{"$f":"T83-HLOOKUP(X83,Feuil1!$C$1:$BL$10,4,FALSE)","v":-43},{"$f":"T83-HLOOKUP(X83,Feuil1!$C$1:$BL$10,5,FALSE)","v":-63},{"$f":"T83-HLOOKUP(X83,Feuil1!$C$1:$BL$10,6,FALSE)","v":-83},{"$f":"T83-HLOOKUP(X83,Feuil1!$C$1:$BL$10,7,FALSE)","v":-103},{"$f":"T83-HLOOKUP(X83,Feuil1!$C$1:$BL$10,8,FALSE)","v":-123},{"$f":"T83-HLOOKUP(X83,Feuil1!$C$1:$BL$10,9,FALSE)","v":-148},{"$f":"T83-HLOOKUP(X83,Feuil1!$C$1:$BL$10,10,FALSE)","v":-163},null,null,null,null,null,null,"DEB "]
["H","SO","AQU",61,394141,"MENIN","REMI",1993,61,"LE BOUSCAT","F",40,-45,-45,40,50,-60,-60,50,90,-32,"DEB ",-30,{"$f":"IF(I84=\"\",\"\",IF(A84=\"H\",IF(OR(H84=\"SEN\",H84<1995),VLOOKUP(I84,Feuil1!$A$11:$F$29,6),IF(AND(H84>1994,H84<1998),VLOOKUP(I84,Feuil1!$A$11:$F$29,5),IF(AND(H84>1997,H84<2000),VLOOKUP(I84,Feuil1!$A$11:$F$29,4),IF(AND(H84>1999,H84<2002),VLOOKUP(I84,Feuil1!$A$11:$F$29,3),VLOOKUP(I84,Feuil1!$A$11:$F$29,2))))),IF(OR(H84=\"SEN\",H84<1995),VLOOKUP(I84,Feuil1!$G$11:$L$25,6),IF(AND(H84>1994,H84<1998),VLOOKUP(I84,Feuil1!$G$11:$L$25,5),IF(AND(H84>1997,H84<2000),VLOOKUP(I84,Feuil1!$G$11:$L$25,4),IF(AND(H84>1999,H84<2002),VLOOKUP(I84,Feuil1!$G$11:$L$25,3),VLOOKUP(I84,Feuil1!$G$11:$L$25,2)))))))","v":"S62"},131.69294709557118,null," ",{"$f":"T84-HLOOKUP(X84,Feuil1!$C$1:$BL$10,2,FALSE)","v":-30},{"$f":"T84-HLOOKUP(X84,Feuil1!$C$1:$BL$10,3,FALSE)","v":-45},{"$f":"T84-HLOOKUP(X84,Feuil1!$C$1:$BL$10,4,FALSE)","v":-60},{"$f":"T84-HLOOKUP(X84,Feuil1!$C$1:$BL$10,5,FALSE)","v":-80},{"$f":"T84-HLOOKUP(X84,Feuil1!$C$1:$BL$10,6,FALSE)","v":-100},{"$f":"T84-HLOOKUP(X84,Feuil1!$C$1:$BL$10,7,FALSE)","v":-120},{"$f":"T84-HLOOKUP(X84,Feuil1!$C$1:$BL$10,8,FALSE)","v":-140},{"$f":"T84-HLOOKUP(X84,Feuil1!$C$1:$BL$10,9,FALSE)","v":-165},{"$f":"T84-HLOOKUP(X84,Feuil1!$C$1:$BL$10,10,FALSE)","v":-180},null,null,null,null,null,null,"DEB "]
["H","CO","PDL",62,376950,"LAMARQUE","Xavier",1980,57.65,"SGTAngers","F",40,-43,-43,40,-45,45,-49,45,85,-30.299999999999997,"DEB ",-35,{"$f":"IF(I85=\"\",\"\",IF(A85=\"H\",IF(OR(H85=\"SEN\",H85<1995),VLOOKUP(I85,Feuil1!$A$11:$F$29,6),IF(AND(H85>1994,H85<1998),VLOOKUP(I85,Feuil1!$A$11:$F$29,5),IF(AND(H85>1997,H85<2000),VLOOKUP(I85,Feuil1!$A$11:$F$29,4),IF(AND(H85>1999,H85<2002),VLOOKUP(I85,Feuil1!$A$11:$F$29,3),VLOOKUP(I85,Feuil1!$A$11:$F$29,2))))),IF(OR(H85=\"SEN\",H85<1995),VLOOKUP(I85,Feuil1!$G$11:$L$25,6),IF(AND(H85>1994,H85<1998),VLOOKUP(I85,Feuil1!$G$11:$L$25,5),IF(AND(H85>1997,H85<2000),VLOOKUP(I85,Feuil1!$G$11:$L$25,4),IF(AND(H85>1999,H85<2002),VLOOKUP(I85,Feuil1!$G$11:$L$25,3),VLOOKUP(I85,Feuil1!$G$11:$L$25,2)))))))","v":"S62"},129.71671745014871,null," ",{"$f":"T85-HLOOKUP(X85,Feuil1!$C$1:$BL$10,2,FALSE)","v":-35},{"$f":"T85-HLOOKUP(X85,Feuil1!$C$1:$BL$10,3,FALSE)","v":-50},{"$f":"T85-HLOOKUP(X85,Feuil1!$C$1:$BL$10,4,FALSE)","v":-65},{"$f":"T85-HLOOKUP(X85,Feuil1!$C$1:$BL$10,5,FALSE)","v":-85},{"$f":"T85-HLOOKUP(X85,Feuil1!$C$1:$BL$10,6,FALSE)","v":-105},{"$f":"T85-HLOOKUP(X85,Feuil1!$C$1:$BL$10,7,FALSE)","v":-125},{"$f":"T85-HLOOKUP(X85,Feuil1!$C$1:$BL$10,8,FALSE)","v":-145},{"$f":"T85-HLOOKUP(X85,Feuil1!$C$1:$BL$10,9,FALSE)","v":-170},{"$f":"T85-HLOOKUP(X85,Feuil1!$C$1:$BL$10,10,FALSE)","v":-185},null,null,null,null,null,null,"DEB "]
["H","N","IDF",63,12966,"BRETAGNE","Jacques",1928,59.8,"SA MONTMARTRE","F",25,30,-32,30,40,45,47,47,77,-42.599999999999994,"DEB ",-43,{"$f":"IF(I86=\"\",\"\",IF(A86=\"H\",IF(OR(H86=\"SEN\",H86<1995),VLOOKUP(I86,Feuil1!$A$11:$F$29,6),IF(AND(H86>1994,H86<1998),VLOOKUP(I86,Feuil1!$A$11:$F$29,5),IF(AND(H86>1997,H86<2000),VLOOKUP(I86,Feuil1!$A$11:$F$29,4),IF(AND(H86>1999,H86<2002),VLOOKUP(I86,Feuil1!$A$11:$F$29,3),VLOOKUP(I86,Feuil1!$A$11:$F$29,2))))),IF(OR(H86=\"SEN\",H86<1995),VLOOKUP(I86,Feuil1!$G$11:$L$25,6),IF(AND(H86>1994,H86<1998),VLOOKUP(I86,Feuil1!$G$11:$L$25,5),IF(AND(H86>1997,H86<2000),VLOOKUP(I86,Feuil1!$G$11:$L$25,4),IF(AND(H86>1999,H86<2002),VLOOKUP(I86,Feuil1!$G$11:$L$25,3),VLOOKUP(I86,Feuil1!$G$11:$L$25,2)))))))","v":"S62"},114.3203833955686,null," ",{"$f":"T86-HLOOKUP(X86,Feuil1!$C$1:$BL$10,2,FALSE)","v":-43},{"$f":"T86-HLOOKUP(X86,Feuil1!$C$1:$BL$10,3,FALSE)","v":-58},{"$f":"T86-HLOOKUP(X86,Feuil1!$C$1:$BL$10,4,FALSE)","v":-73},{"$f":"T86-HLOOKUP(X86,Feuil1!$C$1:$BL$10,5,FALSE)","v":-93},{"$f":"T86-HLOOKUP(X86,Feuil1!$C$1:$BL$10,6,FALSE)","v":-113},{"$f":"T86-HLOOKUP(X86,Feuil1!$C$1:$BL$10,7,FALSE)","v":-133},{"$f":"T86-HLOOKUP(X86,Feuil1!$C$1:$BL$10,8,FALSE)","v":-153},{"$f":"T86-HLOOKUP(X86,Feuil1!$C$1:$BL$10,9,FALSE)","v":-178},{"$f":"T86-HLOOKUP(X86,Feuil1!$C$1:$BL$10,10,FALSE)","v":-193},null,null,null,null,null,null,"DEB "]
["H","ZCO","CEN",64,310054,"BARDET","Michel",1940,61.4,"US Tours","F",28,30,32,32,-38,38,43,43,75,-47.8,"DEB ",-45,{"$f":"IF(I87=\"\",\"\",IF(A87=\"H\",IF(OR(H87=\"SEN\",H87<1995),VLOOKUP(I87,Feuil1!$A$11:$F$29,6),IF(AND(H87>1994,H87<1998),VLOOKUP(I87,Feuil1!$A$11:$F$29,5),IF(AND(H87>1997,H87<2000),VLOOKUP(I87,Feuil1!$A$11:$F$29,4),IF(AND(H87>1999,H87<2002),VLOOKUP(I87,Feuil1!$A$11:$F$29,3),VLOOKUP(I87,Feuil1!$A$11:$F$29,2))))),IF(OR(H87=\"SEN\",H87<1995),VLOOKUP(I87,Feuil1!$G$11:$L$25,6),IF(AND(H87>1994,H87<1998),VLOOKUP(I87,Feuil1!$G$11:$L$25,5),IF(AND(H87>1997,H87<2000),VLOOKUP(I87,Feuil1!$G$11:$L$25,4),IF(AND(H87>1999,H87<2002),VLOOKUP(I87,Feuil1!$G$11:$L$25,3),VLOOKUP(I87,Feuil1!$G$11:$L$25,2)))))))","v":"S62"},109.22709465861192,null," ",{"$f":"T87-HLOOKUP(X87,Feuil1!$C$1:$BL$10,2,FALSE)","v":-45},{"$f":"T87-HLOOKUP(X87,Feuil1!$C$1:$BL$10,3,FALSE)","v":-60},{"$f":"T87-HLOOKUP(X87,Feuil1!$C$1:$BL$10,4,FALSE)","v":-75},{"$f":"T87-HLOOKUP(X87,Feuil1!$C$1:$BL$10,5,FALSE)","v":-95},{"$f":"T87-HLOOKUP(X87,Feuil1!$C$1:$BL$10,6,FALSE)","v":-115},{"$f":"T87-HLOOKUP(X87,Feuil1!$C$1:$BL$10,7,FALSE)","v":-135},{"$f":"T87-HLOOKUP(X87,Feuil1!$C$1:$BL$10,8,FALSE)","v":-155},{"$f":"T87-HLOOKUP(X87,Feuil1!$C$1:$BL$10,9,FALSE)","v":-180},{"$f":"T87-HLOOKUP(X87,Feuil1!$C$1:$BL$10,10,FALSE)","v":-195},null,null,null,null,null,null,"DEB "]
["H","DOM","REU",65,166673,"DARGEL","JEAN",1937,58.43,"CSPJ St Denis","F",25,30,31,{"$f":"IF(H88=\"\",\"\",IF(MAXA(L88:N88)<=0,0,MAXA(L88:N88)))","v":31},35,40,-42,{"$f":"IF(H88=\"\",\"\",IF(MAXA(P88:R88)<=0,0,MAXA(P88:R88)))","v":40},{"$f":"IF(H88=\"\",\"\",IF(OR(O88=0,S88=0),0,O88+S88))","v":71},{"$f":"T88-I88*2","v":-45.86},"DEB ",-49,{"$f":"IF(I88=\"\",\"\",IF(A88=\"H\",IF(OR(H88=\"SEN\",H88<1995),VLOOKUP(I88,Feuil1!$A$11:$F$29,6),IF(AND(H88>1994,H88<1998),VLOOKUP(I88,Feuil1!$A$11:$F$29,5),IF(AND(H88>1997,H88<2000),VLOOKUP(I88,Feuil1!$A$11:$F$29,4),IF(AND(H88>1999,H88<2002),VLOOKUP(I88,Feuil1!$A$11:$F$29,3),VLOOKUP(I88,Feuil1!$A$11:$F$29,2))))),IF(OR(H88=\"SEN\",H88<1995),VLOOKUP(I88,Feuil1!$G$11:$L$25,6),IF(AND(H88>1994,H88<1998),VLOOKUP(I88,Feuil1!$G$11:$L$25,5),IF(AND(H88>1997,H88<2000),VLOOKUP(I88,Feuil1!$G$11:$L$25,4),IF(AND(H88>1999,H88<2002),VLOOKUP(I88,Feuil1!$G$11:$L$25,3),VLOOKUP(I88,Feuil1!$G$11:$L$25,2)))))))","v":"S62"},107.25184932648745,null," ",{"$f":"T88-HLOOKUP(X88,Feuil1!$C$1:$BL$10,2,FALSE)","v":-49},{"$f":"T88-HLOOKUP(X88,Feuil1!$C$1:$BL$10,3,FALSE)","v":-64},{"$f":"T88-HLOOKUP(X88,Feuil1!$C$1:$BL$10,4,FALSE)","v":-79},{"$f":"T88-HLOOKUP(X88,Feuil1!$C$1:$BL$10,5,FALSE)","v":-99},{"$f":"T88-HLOOKUP(X88,Feuil1!$C$1:$BL$10,6,FALSE)","v":-119},{"$f":"T88-HLOOKUP(X88,Feuil1!$C$1:$BL$10,7,FALSE)","v":-139},{"$f":"T88-HLOOKUP(X88,Feuil1!$C$1:$BL$10,8,FALSE)","v":-159},{"$f":"T88-HLOOKUP(X88,Feuil1!$C$1:$BL$10,9,FALSE)","v":-184},{"$f":"T88-HLOOKUP(X88,Feuil1!$C$1:$BL$10,10,FALSE)","v":-199},null,null,null,null,null,null,"DEB "]
["H","NE","BOU",66,3127,"NIVAULT ","Marcel",1933,62,"Moulins Engilbert","F",27,29,-30,29,32,37,39,39,68,-56,"DEB ",-52,{"$f":"IF(I89=\"\",\"\",IF(A89=\"H\",IF(OR(H89=\"SEN\",H89<1995),VLOOKUP(I89,Feuil1!$A$11:$F$29,6),IF(AND(H89>1994,H89<1998),VLOOKUP(I89,Feuil1!$A$11:$F$29,5),IF(AND(H89>1997,H89<2000),VLOOKUP(I89,Feuil1!$A$11:$F$29,4),IF(AND(H89>1999,H89<2002),VLOOKUP(I89,Feuil1!$A$11:$F$29,3),VLOOKUP(I89,Feuil1!$A$11:$F$29,2))))),IF(OR(H89=\"SEN\",H89<1995),VLOOKUP(I89,Feuil1!$G$11:$L$25,6),IF(AND(H89>1994,H89<1998),VLOOKUP(I89,Feuil1!$G$11:$L$25,5),IF(AND(H89>1997,H89<2000),VLOOKUP(I89,Feuil1!$G$11:$L$25,4),IF(AND(H89>1999,H89<2002),VLOOKUP(I89,Feuil1!$G$11:$L$25,3),VLOOKUP(I89,Feuil1!$G$11:$L$25,2)))))))","v":"S62"},98.344551985141479,null," ",{"$f":"T89-HLOOKUP(X89,Feuil1!$C$1:$BL$10,2,FALSE)","v":-52},{"$f":"T89-HLOOKUP(X89,Feuil1!$C$1:$BL$10,3,FALSE)","v":-67},{"$f":"T89-HLOOKUP(X89,Feuil1!$C$1:$BL$10,4,FALSE)","v":-82},{"$f":"T89-HLOOKUP(X89,Feuil1!$C$1:$BL$10,5,FALSE)","v":-102},{"$f":"T89-HLOOKUP(X89,Feuil1!$C$1:$BL$10,6,FALSE)","v":-122},{"$f":"T89-HLOOKUP(X89,Feuil1!$C$1:$BL$10,7,FALSE)","v":-142},{"$f":"T89-HLOOKUP(X89,Feuil1!$C$1:$BL$10,8,FALSE)","v":-162},{"$f":"T89-HLOOKUP(X89,Feuil1!$C$1:$BL$10,9,FALSE)","v":-187},{"$f":"T89-HLOOKUP(X89,Feuil1!$C$1:$BL$10,10,FALSE)","v":-202},null,null,null,null,null,null,"DEB "]
["H","SO","MPY",67,396427,"REDING","Emile",1947,56.6,"FIGEAC HC","F",20,22,-25,22,-25,-30,30,30,52,-61.2,"DEB ",-68,{"$f":"IF(I90=\"\",\"\",IF(A90=\"H\",IF(OR(H90=\"SEN\",H90<1995),VLOOKUP(I90,Feuil1!$A$11:$F$29,6),IF(AND(H90>1994,H90<1998),VLOOKUP(I90,Feuil1!$A$11:$F$29,5),IF(AND(H90>1997,H90<2000),VLOOKUP(I90,Feuil1!$A$11:$F$29,4),IF(AND(H90>1999,H90<2002),VLOOKUP(I90,Feuil1!$A$11:$F$29,3),VLOOKUP(I90,Feuil1!$A$11:$F$29,2))))),IF(OR(H90=\"SEN\",H90<1995),VLOOKUP(I90,Feuil1!$G$11:$L$25,6),IF(AND(H90>1994,H90<1998),VLOOKUP(I90,Feuil1!$G$11:$L$25,5),IF(AND(H90>1997,H90<2000),VLOOKUP(I90,Feuil1!$G$11:$L$25,4),IF(AND(H90>1999,H90<2002),VLOOKUP(I90,Feuil1!$G$11:$L$25,3),VLOOKUP(I90,Feuil1!$G$11:$L$25,2)))))))","v":"S62"},80.487392845962859,null," ",{"$f":"T90-HLOOKUP(X90,Feuil1!$C$1:$BL$10,2,FALSE)","v":-68},{"$f":"T90-HLOOKUP(X90,Feuil1!$C$1:$BL$10,3,FALSE)","v":-83},{"$f":"T90-HLOOKUP(X90,Feuil1!$C$1:$BL$10,4,FALSE)","v":-98},{"$f":"T90-HLOOKUP(X90,Feuil1!$C$1:$BL$10,5,FALSE)","v":-118},{"$f":"T90-HLOOKUP(X90,Feuil1!$C$1:$BL$10,6,FALSE)","v":-138},{"$f":"T90-HLOOKUP(X90,Feuil1!$C$1:$BL$10,7,FALSE)","v":-158},{"$f":"T90-HLOOKUP(X90,Feuil1!$C$1:$BL$10,8,FALSE)","v":-178},{"$f":"T90-HLOOKUP(X90,Feuil1!$C$1:$BL$10,9,FALSE)","v":-203},{"$f":"T90-HLOOKUP(X90,Feuil1!$C$1:$BL$10,10,FALSE)","v":-218},null,null,null,null,null,null,"DEB "]
[null,null,null,null,null,null,null,null,null,null,null,null,null,null,null,null,null,null,null,null,null,null,null,null,null,null," ",{"$f":"T91-HLOOKUP(X91,[1]Feuil1!$C$1:$BL$10,2,FALSE)","v":{"$error":"#N/A"}},{"$f":"T91-HLOOKUP(X91,[1]Feuil1!$C$1:$BL$10,3,FALSE)","v":{"$error":"#N/A"}},{"$f":"T91-HLOOKUP(X91,[1]Feuil1!$C$1:$BL$10,4,FALSE)","v":{"$error":"#N/A"}},{"$f":"T91-HLOOKUP(X91,[1]Feuil1!$C$1:$BL$10,5,FALSE)","v":{"$error":"#N/A"}},{"$f":"T91-HLOOKUP(X91,[1]Feuil1!$C$1:$BL$10,6,FALSE)","v":{"$error":"#N/A"}},{"$f":"T91-HLOOKUP(X91,[1]Feuil1!$C$1:$BL$10,7,FALSE)","v":{"$error":"#N/A"}},{"$f":"T91-HLOOKUP(X91,[1]Feuil1!$C$1:$BL$10,8,FALSE)","v":{"$error":"#N/A"}},{"$f":"T91-HLOOKUP(X91,[1]Feuil1!$C$1:$BL$10,9,FALSE)","v":{"$error":"#N/A"}},{"$f":"T91-HLOOKUP(X91,[1]Feuil1!$C$1:$BL$10,10,FALSE)","v":{"$error":"#N/A"}},null,null,null,null,null,null,{"$f":"IF(AJ91>=0,$AJ$4,IF(AI91>=0,$AI$4,IF(AH91>=0,$AH$4,IF(AG91>=0,$AG$4,IF(AF91>=0,$AF$4,IF(AE91>=0,$AE$4,IF(AD91>=0,$AD$4,IF(AC91>=0,$AC$4,$AB$4))))))))","v":{"$error":"#N/A"}}]
["H","NE","FCO",1,122822,"KINGUE MATAM LEDOUX","Bernardin",1990,68.680000000000007,"LF Besançon","F",146,null,null,{"$f":"IF(H92=\"\",\"\",IF(MAXA(L92:N92)<=0,0,MAXA(L92:N92)))","v":146},175,null,null,{"$f":"IF(H92=\"\",\"\",IF(MAXA(P92:R92)<=0,0,MAXA(P92:R92)))","v":175},{"$f":"IF(H92=\"\",\"\",IF(OR(O92=0,S92=0),0,O92+S92))","v":321},{"$f":"T92-I92*2","v":183.64},{"$f":"IF(H92=\"\",\"\",AQ92)","v":"OLY +"},{"$f":"IF(AJ92>=0,AJ92,IF(AI92>=0,AI92,IF(AH92>=0,AH92,IF(AG92>=0,AG92,IF(AF92>=0,AF92,IF(AE92>=0,AE92,IF(AD92>=0,AD92,IF(AC92>=0,AC92,AB92))))))))","v":31},{"$f":"IF(I92=\"\",\"\",IF(A92=\"H\",IF(OR(H92=\"SEN\",H92<1995),VLOOKUP(I92,Feuil1!$A$11:$F$29,6),IF(AND(H92>1994,H92<1998),VLOOKUP(I92,Feuil1!$A$11:$F$29,5),IF(AND(H92>1997,H92<2000),VLOOKUP(I92,Feuil1!$A$11:$F$29,4),IF(AND(H92>1999,H92<2002),VLOOKUP(I92,Feuil1!$A$11:$F$29,3),VLOOKUP(I92,Feuil1!$A$11:$F$29,2))))),IF(OR(H92=\"SEN\",H92<1995),VLOOKUP(I92,Feuil1!$G$11:$L$25,6),IF(AND(H92>1994,H92<1998),VLOOKUP(I92,Feuil1!$G$11:$L$25,5),IF(AND(H92>1997,H92<2000),VLOOKUP(I92,Feuil1!$G$11:$L$25,4),IF(AND(H92>1999,H92<2002),VLOOKUP(I92,Feuil1!$G$11:$L$25,3),VLOOKUP(I92,Feuil1!$G$11:$L$25,2)))))))","v":"S69"},{"$f":"IF(I92=\"\",\"\",IF(A92=\"H\",10^(0.794358141*LOG(I92/174.393)^2)*T92,IF(A92=\"F\",10^(0.89726074*LOG(I92/148.026)^2)*T92,\"\")))","v":433.11764108491911},null," ",{"$f":"T92-HLOOKUP(X92,Feuil1!$C$1:$BL$10,2,FALSE)","v":191},{"$f":"T92-HLOOKUP(X92,Feuil1!$C$1:$BL$10,3,FALSE)","v":171},{"$f":"T92-HLOOKUP(X92,Feuil1!$C$1:$BL$10,4,FALSE)","v":151},{"$f":"T92-HLOOKUP(X92,Feuil1!$C$1:$BL$10,5,FALSE)","v":131},{"$f":"T92-HLOOKUP(X92,Feuil1!$C$1:$BL$10,6,FALSE)","v":101},{"$f":"T92-HLOOKUP(X92,Feuil1!$C$1:$BL$10,7,FALSE)","v":81},{"$f":"T92-HLOOKUP(X92,Feuil1!$C$1:$BL$10,8,FALSE)","v":61},{"$f":"T92-HLOOKUP(X92,Feuil1!$C$1:$BL$10,9,FALSE)","v":46},{"$f":"T92-HLOOKUP(X92,Feuil1!$C$1:$BL$10,10,FALSE)","v":31},null,null,null,null,null,null,{"$f":"IF(AJ92>=0,$AJ$4,IF(AI92>=0,$AI$4,IF(AH92>=0,$AH$4,IF(AG92>=0,$AG$4,IF(AF92>=0,$AF$4,IF(AE92>=0,$AE$4,IF(AD92>=0,$AD$4,IF(AC92>=0,$AC$4,$AB$4))))))))","v":"OLY +"}]
["H","SEST","PRO",2,352691,"ENEV","Stoyan",1989,67.5,"EEAR MONTEUX","Bul",120,125,128,128,160,167,-171,167,295,160,"OLY +",5,{"$f":"IF(I93=\"\",\"\",IF(A93=\"H\",IF(OR(H93=\"SEN\",H93<1995),VLOOKUP(I93,Feuil1!$A$11:$F$29,6),IF(AND(H93>1994,H93<1998),VLOOKUP(I93,Feuil1!$A$11:$F$29,5),IF(AND(H93>1997,H93<2000),VLOOKUP(I93,Feuil1!$A$11:$F$29,4),IF(AND(H93>1999,H93<2002),VLOOKUP(I93,Feuil1!$A$11:$F$29,3),VLOOKUP(I93,Feuil1!$A$11:$F$29,2))))),IF(OR(H93=\"SEN\",H93<1995),VLOOKUP(I93,Feuil1!$G$11:$L$25,6),IF(AND(H93>1994,H93<1998),VLOOKUP(I93,Feuil1!$G$11:$L$25,5),IF(AND(H93>1997,H93<2000),VLOOKUP(I93,Feuil1!$G$11:$L$25,4),IF(AND(H93>1999,H93<2002),VLOOKUP(I93,Feuil1!$G$11:$L$25,3),VLOOKUP(I93,Feuil1!$G$11:$L$25,2)))))))","v":"S69"},402.53814335525789,null," ",{"$f":"T93-HLOOKUP(X93,Feuil1!$C$1:$BL$10,2,FALSE)","v":165},{"$f":"T93-HLOOKUP(X93,Feuil1!$C$1:$BL$10,3,FALSE)","v":145},{"$f":"T93-HLOOKUP(X93,Feuil1!$C$1:$BL$10,4,FALSE)","v":125},{"$f":"T93-HLOOKUP(X93,Feuil1!$C$1:$BL$10,5,FALSE)","v":105},{"$f":"T93-HLOOKUP(X93,Feuil1!$C$1:$BL$10,6,FALSE)","v":75},{"$f":"T93-HLOOKUP(X93,Feuil1!$C$1:$BL$10,7,FALSE)","v":55},{"$f":"T93-HLOOKUP(X93,Feuil1!$C$1:$BL$10,8,FALSE)","v":35},{"$f":"T93-HLOOKUP(X93,Feuil1!$C$1:$BL$10,9,FALSE)","v":20},{"$f":"T93-HLOOKUP(X93,Feuil1!$C$1:$BL$10,10,FALSE)","v":5},null,null,null,null,null,null,"OLY +"]
["H","SEST","LAN ",3,14585,"AUCOUTURIER","Yann",1986,68.849999999999994,"Clermont Sports","F",127,132,-135,132,157,163,-166,163,295,157.30000000000001,"OLY +",5,{"$f":"IF(I94=\"\",\"\",IF(A94=\"H\",IF(OR(H94=\"SEN\",H94<1995),VLOOKUP(I94,Feuil1!$A$11:$F$29,6),IF(AND(H94>1994,H94<1998),VLOOKUP(I94,Feuil1!$A$11:$F$29,5),IF(AND(H94>1997,H94<2000),VLOOKUP(I94,Feuil1!$A$11:$F$29,4),IF(AND(H94>1999,H94<2002),VLOOKUP(I94,Feuil1!$A$11:$F$29,3),VLOOKUP(I94,Feuil1!$A$11:$F$29,2))))),IF(OR(H94=\"SEN\",H94<1995),VLOOKUP(I94,Feuil1!$G$11:$L$25,6),IF(AND(H94>1994,H94<1998),VLOOKUP(I94,Feuil1!$G$11:$L$25,5),IF(AND(H94>1997,H94<2000),VLOOKUP(I94,Feuil1!$G$11:$L$25,4),IF(AND(H94>1999,H94<2002),VLOOKUP(I94,Feuil1!$G$11:$L$25,3),VLOOKUP(I94,Feuil1!$G$11:$L$25,2)))))))","v":"S69"},397.4051238361634,null," ",{"$f":"T94-HLOOKUP(X94,Feuil1!$C$1:$BL$10,2,FALSE)","v":165},{"$f":"T94-HLOOKUP(X94,Feuil1!$C$1:$BL$10,3,FALSE)","v":145},{"$f":"T94-HLOOKUP(X94,Feuil1!$C$1:$BL$10,4,FALSE)","v":125},{"$f":"T94-HLOOKUP(X94,Feuil1!$C$1:$BL$10,5,FALSE)","v":105},{"$f":"T94-HLOOKUP(X94,Feuil1!$C$1:$BL$10,6,FALSE)","v":75},{"$f":"T94-HLOOKUP(X94,Feuil1!$C$1:$BL$10,7,FALSE)","v":55},{"$f":"T94-HLOOKUP(X94,Feuil1!$C$1:$BL$10,8,FALSE)","v":35},{"$f":"T94-HLOOKUP(X94,Feuil1!$C$1:$BL$10,9,FALSE)","v":20},{"$f":"T94-HLOOKUP(X94,Feuil1!$C$1:$BL$10,10,FALSE)","v":5},null,null,null,null,null,null,"OLY +"]
["H","NORD","NPC",4,211179,"BUYSSCHAERT","Nathan",1994,68.900000000000006,"CHCD COMINES","F",115,120,-123,120,137,147,-155,147,267,129.19999999999999,"INTB +",7,{"$f":"IF(I95=\"\",\"\",IF(A95=\"H\",IF(OR(H95=\"SEN\",H95<1995),VLOOKUP(I95,Feuil1!$A$11:$F$29,6),IF(AND(H95>1994,H95<1998),VLOOKUP(I95,Feuil1!$A$11:$F$29,5),IF(AND(H95>1997,H95<2000),VLOOKUP(I95,Feuil1!$A$11:$F$29,4),IF(AND(H95>1999,H95<2002),VLOOKUP(I95,Feuil1!$A$11:$F$29,3),VLOOKUP(I95,Feuil1!$A$11:$F$29,2))))),IF(OR(H95=\"SEN\",H95<1995),VLOOKUP(I95,Feuil1!$G$11:$L$25,6),IF(AND(H95>1994,H95<1998),VLOOKUP(I95,Feuil1!$G$11:$L$25,5),IF(AND(H95>1997,H95<2000),VLOOKUP(I95,Feuil1!$G$11:$L$25,4),IF(AND(H95>1999,H95<2002),VLOOKUP(I95,Feuil1!$G$11:$L$25,3),VLOOKUP(I95,Feuil1!$G$11:$L$25,2)))))))","v":"S69"},359.51798118255414,null," ",{"$f":"T95-HLOOKUP(X95,Feuil1!$C$1:$BL$10,2,FALSE)","v":137},{"$f":"T95-HLOOKUP(X95,Feuil1!$C$1:$BL$10,3,FALSE)","v":117},{"$f":"T95-HLOOKUP(X95,Feuil1!$C$1:$BL$10,4,FALSE)","v":97},{"$f":"T95-HLOOKUP(X95,Feuil1!$C$1:$BL$10,5,FALSE)","v":77},{"$f":"T95-HLOOKUP(X95,Feuil1!$C$1:$BL$10,6,FALSE)","v":47},{"$f":"T95-HLOOKUP(X95,Feuil1!$C$1:$BL$10,7,FALSE)","v":27},{"$f":"T95-HLOOKUP(X95,Feuil1!$C$1:$BL$10,8,FALSE)","v":7},{"$f":"T95-HLOOKUP(X95,Feuil1!$C$1:$BL$10,9,FALSE)","v":-8},{"$f":"T95-HLOOKUP(X95,Feuil1!$C$1:$BL$10,10,FALSE)","v":-23},null,null,null,null,null,null,"INTB +"]
["H","SEST","RAL",5,246207,"BOMBACI","Maurizio",1975,68.8,"A.C. ST MARCELLIN","ITA",105,110,115,115,140,-145,-183,140,255,117.4,"NAT +",15,{"$f":"IF(I96=\"\",\"\",IF(A96=\"H\",IF(OR(H96=\"SEN\",H96<1995),VLOOKUP(I96,Feuil1!$A$11:$F$29,6),IF(AND(H96>1994,H96<1998),VLOOKUP(I96,Feuil1!$A$11:$F$29,5),IF(AND(H96>1997,H96<2000),VLOOKUP(I96,Feuil1!$A$11:$F$29,4),IF(AND(H96>1999,H96<2002),VLOOKUP(I96,Feuil1!$A$11:$F$29,3),VLOOKUP(I96,Feuil1!$A$11:$F$29,2))))),IF(OR(H96=\"SEN\",H96<1995),VLOOKUP(I96,Feuil1!$G$11:$L$25,6),IF(AND(H96>1994,H96<1998),VLOOKUP(I96,Feuil1!$G$11:$L$25,5),IF(AND(H96>1997,H96<2000),VLOOKUP(I96,Feuil1!$G$11:$L$25,4),IF(AND(H96>1999,H96<2002),VLOOKUP(I96,Feuil1!$G$11:$L$25,3),VLOOKUP(I96,Feuil1!$G$11:$L$25,2)))))))","v":"S69"},343.67981263456107,null," ",{"$f":"T96-HLOOKUP(X96,Feuil1!$C$1:$BL$10,2,FALSE)","v":125},{"$f":"T96-HLOOKUP(X96,Feuil1!$C$1:$BL$10,3,FALSE)","v":105},{"$f":"T96-HLOOKUP(X96,Feuil1!$C$1:$BL$10,4,FALSE)","v":85},{"$f":"T96-HLOOKUP(X96,Feuil1!$C$1:$BL$10,5,FALSE)","v":65},{"$f":"T96-HLOOKUP(X96,Feuil1!$C$1:$BL$10,6,FALSE)","v":35},{"$f":"T96-HLOOKUP(X96,Feuil1!$C$1:$BL$10,7,FALSE)","v":15},{"$f":"T96-HLOOKUP(X96,Feuil1!$C$1:$BL$10,8,FALSE)","v":-5},{"$f":"T96-HLOOKUP(X96,Feuil1!$C$1:$BL$10,9,FALSE)","v":-20},{"$f":"T96-HLOOKUP(X96,Feuil1!$C$1:$BL$10,10,FALSE)","v":-35},null,null,null,null,null,null,"NAT +"]
["H","NORD","NPC",6,101764,"GOEGEBUER","Tom",1975,62.3,"CHCD COMINES","BEL",107,112,-115,112,127,132,137,137,249,124.4,"NAT +",9,{"$f":"IF(I97=\"\",\"\",IF(A97=\"H\",IF(OR(H97=\"SEN\",H97<1995),VLOOKUP(I97,Feuil1!$A$11:$F$29,6),IF(AND(H97>1994,H97<1998),VLOOKUP(I97,Feuil1!$A$11:$F$29,5),IF(AND(H97>1997,H97<2000),VLOOKUP(I97,Feuil1!$A$11:$F$29,4),IF(AND(H97>1999,H97<2002),VLOOKUP(I97,Feuil1!$A$11:$F$29,3),VLOOKUP(I97,Feuil1!$A$11:$F$29,2))))),IF(OR(H97=\"SEN\",H97<1995),VLOOKUP(I97,Feuil1!$G$11:$L$25,6),IF(AND(H97>1994,H97<1998),VLOOKUP(I97,Feuil1!$G$11:$L$25,5),IF(AND(H97>1997,H97<2000),VLOOKUP(I97,Feuil1!$G$11:$L$25,4),IF(AND(H97>1999,H97<2002),VLOOKUP(I97,Feuil1!$G$11:$L$25,3),VLOOKUP(I97,Feuil1!$G$11:$L$25,2)))))))","v":"S69"},358.87926937482052,null," ",{"$f":"T97-HLOOKUP(X97,Feuil1!$C$1:$BL$10,2,FALSE)","v":119},{"$f":"T97-HLOOKUP(X97,Feuil1!$C$1:$BL$10,3,FALSE)","v":99},{"$f":"T97-HLOOKUP(X97,Feuil1!$C$1:$BL$10,4,FALSE)","v":79},{"$f":"T97-HLOOKUP(X97,Feuil1!$C$1:$BL$10,5,FALSE)","v":59},{"$f":"T97-HLOOKUP(X97,Feuil1!$C$1:$BL$10,6,FALSE)","v":29},{"$f":"T97-HLOOKUP(X97,Feuil1!$C$1:$BL$10,7,FALSE)","v":9},{"$f":"T97-HLOOKUP(X97,Feuil1!$C$1:$BL$10,8,FALSE)","v":-11},{"$f":"T97-HLOOKUP(X97,Feuil1!$C$1:$BL$10,9,FALSE)","v":-26},{"$f":"T97-HLOOKUP(X97,Feuil1!$C$1:$BL$10,10,FALSE)","v":-41},null,null,null,null,null,null,"NAT +"]
["H","SEST","RAL",7,209228,"SARDARYAN","Gor",1992,69,"Vaulx-en-Velin","F",105,-108,108,108,132,-137,140,140,248,110,"NAT +",8,{"$f":"IF(I98=\"\",\"\",IF(A98=\"H\",IF(OR(H98=\"SEN\",H98<1995),VLOOKUP(I98,Feuil1!$A$11:$F$29,6),IF(AND(H98>1994,H98<1998),VLOOKUP(I98,Feuil1!$A$11:$F$29,5),IF(AND(H98>1997,H98<2000),VLOOKUP(I98,Feuil1!$A$11:$F$29,4),IF(AND(H98>1999,H98<2002),VLOOKUP(I98,Feuil1!$A$11:$F$29,3),VLOOKUP(I98,Feuil1!$A$11:$F$29,2))))),IF(OR(H98=\"SEN\",H98<1995),VLOOKUP(I98,Feuil1!$G$11:$L$25,6),IF(AND(H98>1994,H98<1998),VLOOKUP(I98,Feuil1!$G$11:$L$25,5),IF(AND(H98>1997,H98<2000),VLOOKUP(I98,Feuil1!$G$11:$L$25,4),IF(AND(H98>1999,H98<2002),VLOOKUP(I98,Feuil1!$G$11:$L$25,3),VLOOKUP(I98,Feuil1!$G$11:$L$25,2)))))))","v":"S69"},333.6243692709042,null," ",{"$f":"T98-HLOOKUP(X98,Feuil1!$C$1:$BL$10,2,FALSE)","v":118},{"$f":"T98-HLOOKUP(X98,Feuil1!$C$1:$BL$10,3,FALSE)","v":98},{"$f":"T98-HLOOKUP(X98,Feuil1!$C$1:$BL$10,4,FALSE)","v":78},{"$f":"T98-HLOOKUP(X98,Feuil1!$C$1:$BL$10,5,FALSE)","v":58},{"$f":"T98-HLOOKUP(X98,Feuil1!$C$1:$BL$10,6,FALSE)","v":28},{"$f":"T98-HLOOKUP(X98,Feuil1!$C$1:$BL$10,7,FALSE)","v":8},{"$f":"T98-HLOOKUP(X98,Feuil1!$C$1:$BL$10,8,FALSE)","v":-12},{"$f":"T98-HLOOKUP(X98,Feuil1!$C$1:$BL$10,9,FALSE)","v":-27},{"$f":"T98-HLOOKUP(X98,Feuil1!$C$1:$BL$10,10,FALSE)","v":-42},null,null,null,null,null,null,"NAT +"]
["H","N","IDF",8,32445,"CAESEMAECKER","Kévin",1986,63.7,"RUEIL ","F",100,107,112,112,125,135,-143,135,247,119.6,"NAT +",7,{"$f":"IF(I99=\"\",\"\",IF(A99=\"H\",IF(OR(H99=\"SEN\",H99<1995),VLOOKUP(I99,Feuil1!$A$11:$F$29,6),IF(AND(H99>1994,H99<1998),VLOOKUP(I99,Feuil1!$A$11:$F$29,5),IF(AND(H99>1997,H99<2000),VLOOKUP(I99,Feuil1!$A$11:$F$29,4),IF(AND(H99>1999,H99<2002),VLOOKUP(I99,Feuil1!$A$11:$F$29,3),VLOOKUP(I99,Feuil1!$A$11:$F$29,2))))),IF(OR(H99=\"SEN\",H99<1995),VLOOKUP(I99,Feuil1!$G$11:$L$25,6),IF(AND(H99>1994,H99<1998),VLOOKUP(I99,Feuil1!$G$11:$L$25,5),IF(AND(H99>1997,H99<2000),VLOOKUP(I99,Feuil1!$G$11:$L$25,4),IF(AND(H99>1999,H99<2002),VLOOKUP(I99,Feuil1!$G$11:$L$25,3),VLOOKUP(I99,Feuil1!$G$11:$L$25,2)))))))","v":"S69"},350.48170446883501,null," ",{"$f":"T99-HLOOKUP(X99,Feuil1!$C$1:$BL$10,2,FALSE)","v":117},{"$f":"T99-HLOOKUP(X99,Feuil1!$C$1:$BL$10,3,FALSE)","v":97},{"$f":"T99-HLOOKUP(X99,Feuil1!$C$1:$BL$10,4,FALSE)","v":77},{"$f":"T99-HLOOKUP(X99,Feuil1!$C$1:$BL$10,5,FALSE)","v":57},{"$f":"T99-HLOOKUP(X99,Feuil1!$C$1:$BL$10,6,FALSE)","v":27},{"$f":"T99-HLOOKUP(X99,Feuil1!$C$1:$BL$10,7,FALSE)","v":7},{"$f":"T99-HLOOKUP(X99,Feuil1!$C$1:$BL$10,8,FALSE)","v":-13},{"$f":"T99-HLOOKUP(X99,Feuil1!$C$1:$BL$10,9,FALSE)","v":-28},{"$f":"T99-HLOOKUP(X99,Feuil1!$C$1:$BL$10,10,FALSE)","v":-43},null,null,null,null,null,null,"NAT +"]
["H","SEST","RAL",9,367576,"CERTOSSI","Francesco",1993,64.7,"CH Ansois","I",100,107,-112,107,130,136,-142,136,243,113.6,"NAT +",3,{"$f":"IF(I100=\"\",\"\",IF(A100=\"H\",IF(OR(H100=\"SEN\",H100<1995),VLOOKUP(I100,Feuil1!$A$11:$F$29,6),IF(AND(H100>1994,H100<1998),VLOOKUP(I100,Feuil1!$A$11:$F$29,5),IF(AND(H100>1997,H100<2000),VLOOKUP(I100,Feuil1!$A$11:$F$29,4),IF(AND(H100>1999,H100<2002),VLOOKUP(I100,Feuil1!$A$11:$F$29,3),VLOOKUP(I100,Feuil1!$A$11:$F$29,2))))),IF(OR(H100=\"SEN\",H100<1995),VLOOKUP(I100,Feuil1!$G$11:$L$25,6),IF(AND(H100>1994,H100<1998),VLOOKUP(I100,Feuil1!$G$11:$L$25,5),IF(AND(H100>1997,H100<2000),VLOOKUP(I100,Feuil1!$G$11:$L$25,4),IF(AND(H100>1999,H100<2002),VLOOKUP(I100,Feuil1!$G$11:$L$25,3),VLOOKUP(I100,Feuil1!$G$11:$L$25,2)))))))","v":"S69"},341.12237991245536,null," ",{"$f":"T100-HLOOKUP(X100,Feuil1!$C$1:$BL$10,2,FALSE)","v":113},{"$f":"T100-HLOOKUP(X100,Feuil1!$C$1:$BL$10,3,FALSE)","v":93},{"$f":"T100-HLOOKUP(X100,Feuil1!$C$1:$BL$10,4,FALSE)","v":73},{"$f":"T100-HLOOKUP(X100,Feuil1!$C$1:$BL$10,5,FALSE)","v":53},{"$f":"T100-HLOOKUP(X100,Feuil1!$C$1:$BL$10,6,FALSE)","v":23},{"$f":"T100-HLOOKUP(X100,Feuil1!$C$1:$BL$10,7,FALSE)","v":3},{"$f":"T100-HLOOKUP(X100,Feuil1!$C$1:$BL$10,8,FALSE)","v":-17},{"$f":"T100-HLOOKUP(X100,Feuil1!$C$1:$BL$10,9,FALSE)","v":-32},{"$f":"T100-HLOOKUP(X100,Feuil1!$C$1:$BL$10,10,FALSE)","v":-47},null,null,null,null,null,null,"NAT +"]
["H","CO","PDL",10,25361,"LECHAT","Kévin",1992,67.7,"CA Evron 53","F",104,107,-109,107,125,129,131,131,238,102.6,"FED +",18,{"$f":"IF(I101=\"\",\"\",IF(A101=\"H\",IF(OR(H101=\"SEN\",H101<1995),VLOOKUP(I101,Feuil1!$A$11:$F$29,6),IF(AND(H101>1994,H101<1998),VLOOKUP(I101,Feuil1!$A$11:$F$29,5),IF(AND(H101>1997,H101<2000),VLOOKUP(I101,Feuil1!$A$11:$F$29,4),IF(AND(H101>1999,H101<2002),VLOOKUP(I101,Feuil1!$A$11:$F$29,3),VLOOKUP(I101,Feuil1!$A$11:$F$29,2))))),IF(OR(H101=\"SEN\",H101<1995),VLOOKUP(I101,Feuil1!$G$11:$L$25,6),IF(AND(H101>1994,H101<1998),VLOOKUP(I101,Feuil1!$G$11:$L$25,5),IF(AND(H101>1997,H101<2000),VLOOKUP(I101,Feuil1!$G$11:$L$25,4),IF(AND(H101>1999,H101<2002),VLOOKUP(I101,Feuil1!$G$11:$L$25,3),VLOOKUP(I101,Feuil1!$G$11:$L$25,2)))))))","v":"S69"},324.13192002667546,null," ",{"$f":"T101-HLOOKUP(X101,Feuil1!$C$1:$BL$10,2,FALSE)","v":108},{"$f":"T101-HLOOKUP(X101,Feuil1!$C$1:$BL$10,3,FALSE)","v":88},{"$f":"T101-HLOOKUP(X101,Feuil1!$C$1:$BL$10,4,FALSE)","v":68},{"$f":"T101-HLOOKUP(X101,Feuil1!$C$1:$BL$10,5,FALSE)","v":48},{"$f":"T101-HLOOKUP(X101,Feuil1!$C$1:$BL$10,6,FALSE)","v":18},{"$f":"T101-HLOOKUP(X101,Feuil1!$C$1:$BL$10,7,FALSE)","v":-2},{"$f":"T101-HLOOKUP(X101,Feuil1!$C$1:$BL$10,8,FALSE)","v":-22},{"$f":"T101-HLOOKUP(X101,Feuil1!$C$1:$BL$10,9,FALSE)","v":-37},{"$f":"T101-HLOOKUP(X101,Feuil1!$C$1:$BL$10,10,FALSE)","v":-52},null,null,null,null,null,null,"FED +"]
["H","SEST","PRO",11,130685,"CLAUX","Anthony",1991,65,"ISTRES SPORTS","F",102,106,-110,106,122,127,130,130,236,106,"FED +",16,{"$f":"IF(I102=\"\",\"\",IF(A102=\"H\",IF(OR(H102=\"SEN\",H102<1995),VLOOKUP(I102,Feuil1!$A$11:$F$29,6),IF(AND(H102>1994,H102<1998),VLOOKUP(I102,Feuil1!$A$11:$F$29,5),IF(AND(H102>1997,H102<2000),VLOOKUP(I102,Feuil1!$A$11:$F$29,4),IF(AND(H102>1999,H102<2002),VLOOKUP(I102,Feuil1!$A$11:$F$29,3),VLOOKUP(I102,Feuil1!$A$11:$F$29,2))))),IF(OR(H102=\"SEN\",H102<1995),VLOOKUP(I102,Feuil1!$G$11:$L$25,6),IF(AND(H102>1994,H102<1998),VLOOKUP(I102,Feuil1!$G$11:$L$25,5),IF(AND(H102>1997,H102<2000),VLOOKUP(I102,Feuil1!$G$11:$L$25,4),IF(AND(H102>1999,H102<2002),VLOOKUP(I102,Feuil1!$G$11:$L$25,3),VLOOKUP(I102,Feuil1!$G$11:$L$25,2)))))))","v":"S69"},330.25139309836567,null," ",{"$f":"T102-HLOOKUP(X102,Feuil1!$C$1:$BL$10,2,FALSE)","v":106},{"$f":"T102-HLOOKUP(X102,Feuil1!$C$1:$BL$10,3,FALSE)","v":86},{"$f":"T102-HLOOKUP(X102,Feuil1!$C$1:$BL$10,4,FALSE)","v":66},{"$f":"T102-HLOOKUP(X102,Feuil1!$C$1:$BL$10,5,FALSE)","v":46},{"$f":"T102-HLOOKUP(X102,Feuil1!$C$1:$BL$10,6,FALSE)","v":16},{"$f":"T102-HLOOKUP(X102,Feuil1!$C$1:$BL$10,7,FALSE)","v":-4},{"$f":"T102-HLOOKUP(X102,Feuil1!$C$1:$BL$10,8,FALSE)","v":-24},{"$f":"T102-HLOOKUP(X102,Feuil1!$C$1:$BL$10,9,FALSE)","v":-39},{"$f":"T102-HLOOKUP(X102,Feuil1!$C$1:$BL$10,10,FALSE)","v":-54},null,null,null,null,null,null,"FED +"]
["H","N","IDF",12,300037,"DUBROUSKI","MAKSIM",1981,68.8,"CHAVILLE","BLR",94,100,104,104,122,128,132,132,236,98.4,"FED +",16,{"$f":"IF(I103=\"\",\"\",IF(A103=\"H\",IF(OR(H103=\"SEN\",H103<1995),VLOOKUP(I103,Feuil1!$A$11:$F$29,6),IF(AND(H103>1994,H103<1998),VLOOKUP(I103,Feuil1!$A$11:$F$29,5),IF(AND(H103>1997,H103<2000),VLOOKUP(I103,Feuil1!$A$11:$F$29,4),IF(AND(H103>1999,H103<2002),VLOOKUP(I103,Feuil1!$A$11:$F$29,3),VLOOKUP(I103,Feuil1!$A$11:$F$29,2))))),IF(OR(H103=\"SEN\",H103<1995),VLOOKUP(I103,Feuil1!$G$11:$L$25,6),IF(AND(H103>1994,H103<1998),VLOOKUP(I103,Feuil1!$G$11:$L$25,5),IF(AND(H103>1997,H103<2000),VLOOKUP(I103,Feuil1!$G$11:$L$25,4),IF(AND(H103>1999,H103<2002),VLOOKUP(I103,Feuil1!$G$11:$L$25,3),VLOOKUP(I103,Feuil1!$G$11:$L$25,2)))))))","v":"S69"},318.07229718335844,null," ",{"$f":"T103-HLOOKUP(X103,Feuil1!$C$1:$BL$10,2,FALSE)","v":106},{"$f":"T103-HLOOKUP(X103,Feuil1!$C$1:$BL$10,3,FALSE)","v":86},{"$f":"T103-HLOOKUP(X103,Feuil1!$C$1:$BL$10,4,FALSE)","v":66},{"$f":"T103-HLOOKUP(X103,Feuil1!$C$1:$BL$10,5,FALSE)","v":46},{"$f":"T103-HLOOKUP(X103,Feuil1!$C$1:$BL$10,6,FALSE)","v":16},{"$f":"T103-HLOOKUP(X103,Feuil1!$C$1:$BL$10,7,FALSE)","v":-4},{"$f":"T103-HLOOKUP(X103,Feuil1!$C$1:$BL$10,8,FALSE)","v":-24},{"$f":"T103-HLOOKUP(X103,Feuil1!$C$1:$BL$10,9,FALSE)","v":-39},{"$f":"T103-HLOOKUP(X103,Feuil1!$C$1:$BL$10,10,FALSE)","v":-54},null,null,null,null,null,null,"FED +"]
["H","ZCO","BRE",13,176166,"RABEZARA","Jeannot",1980,68.400000000000006,"Vannes AC","F",100,105,-107,105,125,130,-135,130,235,98.199999999999989,"FED +",15,{"$f":"IF(I104=\"\",\"\",IF(A104=\"H\",IF(OR(H104=\"SEN\",H104<1995),VLOOKUP(I104,Feuil1!$A$11:$F$29,6),IF(AND(H104>1994,H104<1998),VLOOKUP(I104,Feuil1!$A$11:$F$29,5),IF(AND(H104>1997,H104<2000),VLOOKUP(I104,Feuil1!$A$11:$F$29,4),IF(AND(H104>1999,H104<2002),VLOOKUP(I104,Feuil1!$A$11:$F$29,3),VLOOKUP(I104,Feuil1!$A$11:$F$29,2))))),IF(OR(H104=\"SEN\",H104<1995),VLOOKUP(I104,Feuil1!$G$11:$L$25,6),IF(AND(H104>1994,H104<1998),VLOOKUP(I104,Feuil1!$G$11:$L$25,5),IF(AND(H104>1997,H104<2000),VLOOKUP(I104,Feuil1!$G$11:$L$25,4),IF(AND(H104>1999,H104<2002),VLOOKUP(I104,Feuil1!$G$11:$L$25,3),VLOOKUP(I104,Feuil1!$G$11:$L$25,2)))))))","v":"S69"},317.91565788619005,null," ",{"$f":"T104-HLOOKUP(X104,Feuil1!$C$1:$BL$10,2,FALSE)","v":105},{"$f":"T104-HLOOKUP(X104,Feuil1!$C$1:$BL$10,3,FALSE)","v":85},{"$f":"T104-HLOOKUP(X104,Feuil1!$C$1:$BL$10,4,FALSE)","v":65},{"$f":"T104-HLOOKUP(X104,Feuil1!$C$1:$BL$10,5,FALSE)","v":45},{"$f":"T104-HLOOKUP(X104,Feuil1!$C$1:$BL$10,6,FALSE)","v":15},{"$f":"T104-HLOOKUP(X104,Feuil1!$C$1:$BL$10,7,FALSE)","v":-5},{"$f":"T104-HLOOKUP(X104,Feuil1!$C$1:$BL$10,8,FALSE)","v":-25},{"$f":"T104-HLOOKUP(X104,Feuil1!$C$1:$BL$10,9,FALSE)","v":-40},{"$f":"T104-HLOOKUP(X104,Feuil1!$C$1:$BL$10,10,FALSE)","v":-55},null,null,null,null,null,null,"FED +"]
["H","CO","PDL",14,366255,"COGNON","JONATHAN",1990,68.56,"CJF Laval-Voutré","F",100,103,105,105,127,129,130,130,235,97.88,"FED +",15,{"$f":"IF(I105=\"\",\"\",IF(A105=\"H\",IF(OR(H105=\"SEN\",H105<1995),VLOOKUP(I105,Feuil1!$A$11:$F$29,6),IF(AND(H105>1994,H105<1998),VLOOKUP(I105,Feuil1!$A$11:$F$29,5),IF(AND(H105>1997,H105<2000),VLOOKUP(I105,Feuil1!$A$11:$F$29,4),IF(AND(H105>1999,H105<2002),VLOOKUP(I105,Feuil1!$A$11:$F$29,3),VLOOKUP(I105,Feuil1!$A$11:$F$29,2))))),IF(OR(H105=\"SEN\",H105<1995),VLOOKUP(I105,Feuil1!$G$11:$L$25,6),IF(AND(H105>1994,H105<1998),VLOOKUP(I105,Feuil1!$G$11:$L$25,5),IF(AND(H105>1997,H105<2000),VLOOKUP(I105,Feuil1!$G$11:$L$25,4),IF(AND(H105>1999,H105<2002),VLOOKUP(I105,Feuil1!$G$11:$L$25,3),VLOOKUP(I105,Feuil1!$G$11:$L$25,2)))))))","v":"S69"},317.43694321561782,null," ",{"$f":"T105-HLOOKUP(X105,Feuil1!$C$1:$BL$10,2,FALSE)","v":105},{"$f":"T105-HLOOKUP(X105,Feuil1!$C$1:$BL$10,3,FALSE)","v":85},{"$f":"T105-HLOOKUP(X105,Feuil1!$C$1:$BL$10,4,FALSE)","v":65},{"$f":"T105-HLOOKUP(X105,Feuil1!$C$1:$BL$10,5,FALSE)","v":45},{"$f":"T105-HLOOKUP(X105,Feuil1!$C$1:$BL$10,6,FALSE)","v":15},{"$f":"T105-HLOOKUP(X105,Feuil1!$C$1:$BL$10,7,FALSE)","v":-5},{"$f":"T105-HLOOKUP(X105,Feuil1!$C$1:$BL$10,8,FALSE)","v":-25},{"$f":"T105-HLOOKUP(X105,Feuil1!$C$1:$BL$10,9,FALSE)","v":-40},{"$f":"T105-HLOOKUP(X105,Feuil1!$C$1:$BL$10,10,FALSE)","v":-55},null,null,null,null,null,null,"FED +"]
["H","NORD","PIC",15,223277,"DUMEIGE","Antoine",1994,68.7,"Villers-Bretonneux KC","F",100,-105,105,105,130,-135,-135,130,235,97.6,"FED +",15,{"$f":"IF(I106=\"\",\"\",IF(A106=\"H\",IF(OR(H106=\"SEN\",H106<1995),VLOOKUP(I106,Feuil1!$A$11:$F$29,6),IF(AND(H106>1994,H106<1998),VLOOKUP(I106,Feuil1!$A$11:$F$29,5),IF(AND(H106>1997,H106<2000),VLOOKUP(I106,Feuil1!$A$11:$F$29,4),IF(AND(H106>1999,H106<2002),VLOOKUP(I106,Feuil1!$A$11:$F$29,3),VLOOKUP(I106,Feuil1!$A$11:$F$29,2))))),IF(OR(H106=\"SEN\",H106<1995),VLOOKUP(I106,Feuil1!$G$11:$L$25,6),IF(AND(H106>1994,H106<1998),VLOOKUP(I106,Feuil1!$G$11:$L$25,5),IF(AND(H106>1997,H106<2000),VLOOKUP(I106,Feuil1!$G$11:$L$25,4),IF(AND(H106>1999,H106<2002),VLOOKUP(I106,Feuil1!$G$11:$L$25,3),VLOOKUP(I106,Feuil1!$G$11:$L$25,2)))))))","v":"S69"},317.02054926656444,null," ",{"$f":"T106-HLOOKUP(X106,Feuil1!$C$1:$BL$10,2,FALSE)","v":105},{"$f":"T106-HLOOKUP(X106,Feuil1!$C$1:$BL$10,3,FALSE)","v":85},{"$f":"T106-HLOOKUP(X106,Feuil1!$C$1:$BL$10,4,FALSE)","v":65},{"$f":"T106-HLOOKUP(X106,Feuil1!$C$1:$BL$10,5,FALSE)","v":45},{"$f":"T106-HLOOKUP(X106,Feuil1!$C$1:$BL$10,6,FALSE)","v":15},{"$f":"T106-HLOOKUP(X106,Feuil1!$C$1:$BL$10,7,FALSE)","v":-5},{"$f":"T106-HLOOKUP(X106,Feuil1!$C$1:$BL$10,8,FALSE)","v":-25},{"$f":"T106-HLOOKUP(X106,Feuil1!$C$1:$BL$10,9,FALSE)","v":-40},{"$f":"T106-HLOOKUP(X106,Feuil1!$C$1:$BL$10,10,FALSE)","v":-55},null,null,null,null,null,null,"FED +"]
["H","NE","FCO",16,28538,"JEGAN","Thaya",1982,69,"CH Luxeuil","F",100,-104,-106,100,-120,125,130,130,230,92,"FED +",10,{"$f":"IF(I107=\"\",\"\",IF(A107=\"H\",IF(OR(H107=\"SEN\",H107<1995),VLOOKUP(I107,Feuil1!$A$11:$F$29,6),IF(AND(H107>1994,H107<1998),VLOOKUP(I107,Feuil1!$A$11:$F$29,5),IF(AND(H107>1997,H107<2000),VLOOKUP(I107,Feuil1!$A$11:$F$29,4),IF(AND(H107>1999,H107<2002),VLOOKUP(I107,Feuil1!$A$11:$F$29,3),VLOOKUP(I107,Feuil1!$A$11:$F$29,2))))),IF(OR(H107=\"SEN\",H107<1995),VLOOKUP(I107,Feuil1!$G$11:$L$25,6),IF(AND(H107>1994,H107<1998),VLOOKUP(I107,Feuil1!$G$11:$L$25,5),IF(AND(H107>1997,H107<2000),VLOOKUP(I107,Feuil1!$G$11:$L$25,4),IF(AND(H107>1999,H107<2002),VLOOKUP(I107,Feuil1!$G$11:$L$25,3),VLOOKUP(I107,Feuil1!$G$11:$L$25,2)))))))","v":"S69"},309.40969730769342,null," ",{"$f":"T107-HLOOKUP(X107,Feuil1!$C$1:$BL$10,2,FALSE)","v":100},{"$f":"T107-HLOOKUP(X107,Feuil1!$C$1:$BL$10,3,FALSE)","v":80},{"$f":"T107-HLOOKUP(X107,Feuil1!$C$1:$BL$10,4,FALSE)","v":60},{"$f":"T107-HLOOKUP(X107,Feuil1!$C$1:$BL$10,5,FALSE)","v":40},{"$f":"T107-HLOOKUP(X107,Feuil1!$C$1:$BL$10,6,FALSE)","v":10},{"$f":"T107-HLOOKUP(X107,Feuil1!$C$1:$BL$10,7,FALSE)","v":-10},{"$f":"T107-HLOOKUP(X107,Feuil1!$C$1:$BL$10,8,FALSE)","v":-30},{"$f":"T107-HLOOKUP(X107,Feuil1!$C$1:$BL$10,9,FALSE)","v":-45},{"$f":"T107-HLOOKUP(X107,Feuil1!$C$1:$BL$10,10,FALSE)","v":-60},null,null,null,null,null,null,"FED +"]
["H","ZCO","BRE",17,157718,"BEREHOUC","Maxime",1985,69,"AL Quimper","F",100,-104,-104,100,130,-132,-132,130,230,92,"FED +",10,{"$f":"IF(I108=\"\",\"\",IF(A108=\"H\",IF(OR(H108=\"SEN\",H108<1995),VLOOKUP(I108,Feuil1!$A$11:$F$29,6),IF(AND(H108>1994,H108<1998),VLOOKUP(I108,Feuil1!$A$11:$F$29,5),IF(AND(H108>1997,H108<2000),VLOOKUP(I108,Feuil1!$A$11:$F$29,4),IF(AND(H108>1999,H108<2002),VLOOKUP(I108,Feuil1!$A$11:$F$29,3),VLOOKUP(I108,Feuil1!$A$11:$F$29,2))))),IF(OR(H108=\"SEN\",H108<1995),VLOOKUP(I108,Feuil1!$G$11:$L$25,6),IF(AND(H108>1994,H108<1998),VLOOKUP(I108,Feuil1!$G$11:$L$25,5),IF(AND(H108>1997,H108<2000),VLOOKUP(I108,Feuil1!$G$11:$L$25,4),IF(AND(H108>1999,H108<2002),VLOOKUP(I108,Feuil1!$G$11:$L$25,3),VLOOKUP(I108,Feuil1!$G$11:$L$25,2)))))))","v":"S69"},309.40969730769342,null," ",{"$f":"T108-HLOOKUP(X108,Feuil1!$C$1:$BL$10,2,FALSE)","v":100},{"$f":"T108-HLOOKUP(X108,Feuil1!$C$1:$BL$10,3,FALSE)","v":80},{"$f":"T108-HLOOKUP(X108,Feuil1!$C$1:$BL$10,4,FALSE)","v":60},{"$f":"T108-HLOOKUP(X108,Feuil1!$C$1:$BL$10,5,FALSE)","v":40},{"$f":"T108-HLOOKUP(X108,Feuil1!$C$1:$BL$10,6,FALSE)","v":10},{"$f":"T108-HLOOKUP(X108,Feuil1!$C$1:$BL$10,7,FALSE)","v":-10},{"$f":"T108-HLOOKUP(X108,Feuil1!$C$1:$BL$10,8,FALSE)","v":-30},{"$f":"T108-HLOOKUP(X108,Feuil1!$C$1:$BL$10,9,FALSE)","v":-45},{"$f":"T108-HLOOKUP(X108,Feuil1!$C$1:$BL$10,10,FALSE)","v":-60},null,null,null,null,null,null,"FED +"]
["H","SEST","PRO",18,431,"SOL","Guillaume",1977,67.7,"EEAR MONTEUX","F",97,102,-105,102,115,120,125,125,227,91.6,"FED +",7,{"$f":"IF(I109=\"\",\"\",IF(A109=\"H\",IF(OR(H109=\"SEN\",H109<1995),VLOOKUP(I109,Feuil1!$A$11:$F$29,6),IF(AND(H109>1994,H109<1998),VLOOKUP(I109,Feuil1!$A$11:$F$29,5),IF(AND(H109>1997,H109<2000),VLOOKUP(I109,Feuil1!$A$11:$F$29,4),IF(AND(H109>1999,H109<2002),VLOOKUP(I109,Feuil1!$A$11:$F$29,3),VLOOKUP(I109,Feuil1!$A$11:$F$29,2))))),IF(OR(H109=\"SEN\",H109<1995),VLOOKUP(I109,Feuil1!$G$11:$L$25,6),IF(AND(H109>1994,H109<1998),VLOOKUP(I109,Feuil1!$G$11:$L$25,5),IF(AND(H109>1997,H109<2000),VLOOKUP(I109,Feuil1!$G$11:$L$25,4),IF(AND(H109>1999,H109<2002),VLOOKUP(I109,Feuil1!$G$11:$L$25,3),VLOOKUP(I109,Feuil1!$G$11:$L$25,2)))))))","v":"S69"},309.15103296661903,null," ",{"$f":"T109-HLOOKUP(X109,Feuil1!$C$1:$BL$10,2,FALSE)","v":97},{"$f":"T109-HLOOKUP(X109,Feuil1!$C$1:$BL$10,3,FALSE)","v":77},{"$f":"T109-HLOOKUP(X109,Feuil1!$C$1:$BL$10,4,FALSE)","v":57},{"$f":"T109-HLOOKUP(X109,Feuil1!$C$1:$BL$10,5,FALSE)","v":37},{"$f":"T109-HLOOKUP(X109,Feuil1!$C$1:$BL$10,6,FALSE)","v":7},{"$f":"T109-HLOOKUP(X109,Feuil1!$C$1:$BL$10,7,FALSE)","v":-13},{"$f":"T109-HLOOKUP(X109,Feuil1!$C$1:$BL$10,8,FALSE)","v":-33},{"$f":"T109-HLOOKUP(X109,Feuil1!$C$1:$BL$10,9,FALSE)","v":-48},{"$f":"T109-HLOOKUP(X109,Feuil1!$C$1:$BL$10,10,FALSE)","v":-63},null,null,null,null,null,null,"FED +"]
["H","NORD","NPC",19,307413,"UMEGAE","Kenta",1987,67.2,"LILLE U.C.","BEL",95,100,103,103,115,120,123,123,226,91.6,"FED +",6,{"$f":"IF(I110=\"\",\"\",IF(A110=\"H\",IF(OR(H110=\"SEN\",H110<1995),VLOOKUP(I110,Feuil1!$A$11:$F$29,6),IF(AND(H110>1994,H110<1998),VLOOKUP(I110,Feuil1!$A$11:$F$29,5),IF(AND(H110>1997,H110<2000),VLOOKUP(I110,Feuil1!$A$11:$F$29,4),IF(AND(H110>1999,H110<2002),VLOOKUP(I110,Feuil1!$A$11:$F$29,3),VLOOKUP(I110,Feuil1!$A$11:$F$29,2))))),IF(OR(H110=\"SEN\",H110<1995),VLOOKUP(I110,Feuil1!$G$11:$L$25,6),IF(AND(H110>1994,H110<1998),VLOOKUP(I110,Feuil1!$G$11:$L$25,5),IF(AND(H110>1997,H110<2000),VLOOKUP(I110,Feuil1!$G$11:$L$25,4),IF(AND(H110>1999,H110<2002),VLOOKUP(I110,Feuil1!$G$11:$L$25,3),VLOOKUP(I110,Feuil1!$G$11:$L$25,2)))))))","v":"S69"},309.28820377448761,null," ",{"$f":"T110-HLOOKUP(X110,Feuil1!$C$1:$BL$10,2,FALSE)","v":96},{"$f":"T110-HLOOKUP(X110,Feuil1!$C$1:$BL$10,3,FALSE)","v":76},{"$f":"T110-HLOOKUP(X110,Feuil1!$C$1:$BL$10,4,FALSE)","v":56},{"$f":"T110-HLOOKUP(X110,Feuil1!$C$1:$BL$10,5,FALSE)","v":36},{"$f":"T110-HLOOKUP(X110,Feuil1!$C$1:$BL$10,6,FALSE)","v":6},{"$f":"T110-HLOOKUP(X110,Feuil1!$C$1:$BL$10,7,FALSE)","v":-14},{"$f":"T110-HLOOKUP(X110,Feuil1!$C$1:$BL$10,8,FALSE)","v":-34},{"$f":"T110-HLOOKUP(X110,Feuil1!$C$1:$BL$10,9,FALSE)","v":-49},{"$f":"T110-HLOOKUP(X110,Feuil1!$C$1:$BL$10,10,FALSE)","v":-64},null,null,null,null,null,null,"FED +"]
["H","ZCO","BRE",20,75189,"LE GUERN","Alexandre",1984,68.95,"AL Quimper","F",98,-102,103,103,123,-126,-126,123,226,88.1,"FED +",6,{"$f":"IF(I111=\"\",\"\",IF(A111=\"H\",IF(OR(H111=\"SEN\",H111<1995),VLOOKUP(I111,Feuil1!$A$11:$F$29,6),IF(AND(H111>1994,H111<1998),VLOOKUP(I111,Feuil1!$A$11:$F$29,5),IF(AND(H111>1997,H111<2000),VLOOKUP(I111,Feuil1!$A$11:$F$29,4),IF(AND(H111>1999,H111<2002),VLOOKUP(I111,Feuil1!$A$11:$F$29,3),VLOOKUP(I111,Feuil1!$A$11:$F$29,2))))),IF(OR(H111=\"SEN\",H111<1995),VLOOKUP(I111,Feuil1!$G$11:$L$25,6),IF(AND(H111>1994,H111<1998),VLOOKUP(I111,Feuil1!$G$11:$L$25,5),IF(AND(H111>1997,H111<2000),VLOOKUP(I111,Feuil1!$G$11:$L$25,4),IF(AND(H111>1999,H111<2002),VLOOKUP(I111,Feuil1!$G$11:$L$25,3),VLOOKUP(I111,Feuil1!$G$11:$L$25,2)))))))","v":"S69"},304.16974046745298,null," ",{"$f":"T111-HLOOKUP(X111,Feuil1!$C$1:$BL$10,2,FALSE)","v":96},{"$f":"T111-HLOOKUP(X111,Feuil1!$C$1:$BL$10,3,FALSE)","v":76},{"$f":"T111-HLOOKUP(X111,Feuil1!$C$1:$BL$10,4,FALSE)","v":56},{"$f":"T111-HLOOKUP(X111,Feuil1!$C$1:$BL$10,5,FALSE)","v":36},{"$f":"T111-HLOOKUP(X111,Feuil1!$C$1:$BL$10,6,FALSE)","v":6},{"$f":"T111-HLOOKUP(X111,Feuil1!$C$1:$BL$10,7,FALSE)","v":-14},{"$f":"T111-HLOOKUP(X111,Feuil1!$C$1:$BL$10,8,FALSE)","v":-34},{"$f":"T111-HLOOKUP(X111,Feuil1!$C$1:$BL$10,9,FALSE)","v":-49},{"$f":"T111-HLOOKUP(X111,Feuil1!$C$1:$BL$10,10,FALSE)","v":-64},null,null,null,null,null,null,"FED +"]
["H","CO","BNO",21,98798,"Tanquerel","Antoine",1994,63.3,"Verson","F",92,96,100,100,120,125,-130,125,225,98.4,"FED +",5,{"$f":"IF(I112=\"\",\"\",IF(A112=\"H\",IF(OR(H112=\"SEN\",H112<1995),VLOOKUP(I112,Feuil1!$A$11:$F$29,6),IF(AND(H112>1994,H112<1998),VLOOKUP(I112,Feuil1!$A$11:$F$29,5),IF(AND(H112>1997,H112<2000),VLOOKUP(I112,Feuil1!$A$11:$F$29,4),IF(AND(H112>1999,H112<2002),VLOOKUP(I112,Feuil1!$A$11:$F$29,3),VLOOKUP(I112,Feuil1!$A$11:$F$29,2))))),IF(OR(H112=\"SEN\",H112<1995),VLOOKUP(I112,Feuil1!$G$11:$L$25,6),IF(AND(H112>1994,H112<1998),VLOOKUP(I112,Feuil1!$G$11:$L$25,5),IF(AND(H112>1997,H112<2000),VLOOKUP(I112,Feuil1!$G$11:$L$25,4),IF(AND(H112>1999,H112<2002),VLOOKUP(I112,Feuil1!$G$11:$L$25,3),VLOOKUP(I112,Feuil1!$G$11:$L$25,2)))))))","v":"S69"},320.66966850594997,null," ",{"$f":"T112-HLOOKUP(X112,Feuil1!$C$1:$BL$10,2,FALSE)","v":95},{"$f":"T112-HLOOKUP(X112,Feuil1!$C$1:$BL$10,3,FALSE)","v":75},{"$f":"T112-HLOOKUP(X112,Feuil1!$C$1:$BL$10,4,FALSE)","v":55},{"$f":"T112-HLOOKUP(X112,Feuil1!$C$1:$BL$10,5,FALSE)","v":35},{"$f":"T112-HLOOKUP(X112,Feuil1!$C$1:$BL$10,6,FALSE)","v":5},{"$f":"T112-HLOOKUP(X112,Feuil1!$C$1:$BL$10,7,FALSE)","v":-15},{"$f":"T112-HLOOKUP(X112,Feuil1!$C$1:$BL$10,8,FALSE)","v":-35},{"$f":"T112-HLOOKUP(X112,Feuil1!$C$1:$BL$10,9,FALSE)","v":-50},{"$f":"T112-HLOOKUP(X112,Feuil1!$C$1:$BL$10,10,FALSE)","v":-65},null,null,null,null,null,null,"FED +"]
["H","NE","ALS",22,5860,"GORTH","JEAN SEBASTIEN",89,67.099999999999994,"HCA Selestat","F",100,105,-110,105,115,120,-125,120,225,90.800000000000011,"FED +",5,{"$f":"IF(I113=\"\",\"\",IF(A113=\"H\",IF(OR(H113=\"SEN\",H113<1995),VLOOKUP(I113,Feuil1!$A$11:$F$29,6),IF(AND(H113>1994,H113<1998),VLOOKUP(I113,Feuil1!$A$11:$F$29,5),IF(AND(H113>1997,H113<2000),VLOOKUP(I113,Feuil1!$A$11:$F$29,4),IF(AND(H113>1999,H113<2002),VLOOKUP(I113,Feuil1!$A$11:$F$29,3),VLOOKUP(I113,Feuil1!$A$11:$F$29,2))))),IF(OR(H113=\"SEN\",H113<1995),VLOOKUP(I113,Feuil1!$G$11:$L$25,6),IF(AND(H113>1994,H113<1998),VLOOKUP(I113,Feuil1!$G$11:$L$25,5),IF(AND(H113>1997,H113<2000),VLOOKUP(I113,Feuil1!$G$11:$L$25,4),IF(AND(H113>1999,H113<2002),VLOOKUP(I113,Feuil1!$G$11:$L$25,3),VLOOKUP(I113,Feuil1!$G$11:$L$25,2)))))))","v":"S69"},308.22177674180239,null," ",{"$f":"T113-HLOOKUP(X113,Feuil1!$C$1:$BL$10,2,FALSE)","v":95},{"$f":"T113-HLOOKUP(X113,Feuil1!$C$1:$BL$10,3,FALSE)","v":75},{"$f":"T113-HLOOKUP(X113,Feuil1!$C$1:$BL$10,4,FALSE)","v":55},{"$f":"T113-HLOOKUP(X113,Feuil1!$C$1:$BL$10,5,FALSE)","v":35},{"$f":"T113-HLOOKUP(X113,Feuil1!$C$1:$BL$10,6,FALSE)","v":5},{"$f":"T113-HLOOKUP(X113,Feuil1!$C$1:$BL$10,7,FALSE)","v":-15},{"$f":"T113-HLOOKUP(X113,Feuil1!$C$1:$BL$10,8,FALSE)","v":-35},{"$f":"T113-HLOOKUP(X113,Feuil1!$C$1:$BL$10,9,FALSE)","v":-50},{"$f":"T113-HLOOKUP(X113,Feuil1!$C$1:$BL$10,10,FALSE)","v":-65},null,null,null,null,null,null,"FED +"]
["H","N","IDF",23,357546,"BRIK","YANIS",1991,66.8,"RUEIL ","F",93,-98,98,98,115,121,126,126,224,90.4,"FED +",4,{"$f":"IF(I114=\"\",\"\",IF(A114=\"H\",IF(OR(H114=\"SEN\",H114<1995),VLOOKUP(I114,Feuil1!$A$11:$F$29,6),IF(AND(H114>1994,H114<1998),VLOOKUP(I114,Feuil1!$A$11:$F$29,5),IF(AND(H114>1997,H114<2000),VLOOKUP(I114,Feuil1!$A$11:$F$29,4),IF(AND(H114>1999,H114<2002),VLOOKUP(I114,Feuil1!$A$11:$F$29,3),VLOOKUP(I114,Feuil1!$A$11:$F$29,2))))),IF(OR(H114=\"SEN\",H114<1995),VLOOKUP(I114,Feuil1!$G$11:$L$25,6),IF(AND(H114>1994,H114<1998),VLOOKUP(I114,Feuil1!$G$11:$L$25,5),IF(AND(H114>1997,H114<2000),VLOOKUP(I114,Feuil1!$G$11:$L$25,4),IF(AND(H114>1999,H114<2002),VLOOKUP(I114,Feuil1!$G$11:$L$25,3),VLOOKUP(I114,Feuil1!$G$11:$L$25,2)))))))","v":"S69"},307.7615066722496,null," ",{"$f":"T114-HLOOKUP(X114,Feuil1!$C$1:$BL$10,2,FALSE)","v":94},{"$f":"T114-HLOOKUP(X114,Feuil1!$C$1:$BL$10,3,FALSE)","v":74},{"$f":"T114-HLOOKUP(X114,Feuil1!$C$1:$BL$10,4,FALSE)","v":54},{"$f":"T114-HLOOKUP(X114,Feuil1!$C$1:$BL$10,5,FALSE)","v":34},{"$f":"T114-HLOOKUP(X114,Feuil1!$C$1:$BL$10,6,FALSE)","v":4},{"$f":"T114-HLOOKUP(X114,Feuil1!$C$1:$BL$10,7,FALSE)","v":-16},{"$f":"T114-HLOOKUP(X114,Feuil1!$C$1:$BL$10,8,FALSE)","v":-36},{"$f":"T114-HLOOKUP(X114,Feuil1!$C$1:$BL$10,9,FALSE)","v":-51},{"$f":"T114-HLOOKUP(X114,Feuil1!$C$1:$BL$10,10,FALSE)","v":-66},null,null,null,null,null,null,"FED +"]
["H","NORD","PIC",24,75095,"JEROME","Kévin",1992,68.900000000000006,"Senlis Ligne & Forme","F",94,98,102,102,118,122,-126,122,224,86.199999999999989,"FED +",4,{"$f":"IF(I115=\"\",\"\",IF(A115=\"H\",IF(OR(H115=\"SEN\",H115<1995),VLOOKUP(I115,Feuil1!$A$11:$F$29,6),IF(AND(H115>1994,H115<1998),VLOOKUP(I115,Feuil1!$A$11:$F$29,5),IF(AND(H115>1997,H115<2000),VLOOKUP(I115,Feuil1!$A$11:$F$29,4),IF(AND(H115>1999,H115<2002),VLOOKUP(I115,Feuil1!$A$11:$F$29,3),VLOOKUP(I115,Feuil1!$A$11:$F$29,2))))),IF(OR(H115=\"SEN\",H115<1995),VLOOKUP(I115,Feuil1!$G$11:$L$25,6),IF(AND(H115>1994,H115<1998),VLOOKUP(I115,Feuil1!$G$11:$L$25,5),IF(AND(H115>1997,H115<2000),VLOOKUP(I115,Feuil1!$G$11:$L$25,4),IF(AND(H115>1999,H115<2002),VLOOKUP(I115,Feuil1!$G$11:$L$25,3),VLOOKUP(I115,Feuil1!$G$11:$L$25,2)))))))","v":"S69"},301.61808159135632,null," ",{"$f":"T115-HLOOKUP(X115,Feuil1!$C$1:$BL$10,2,FALSE)","v":94},{"$f":"T115-HLOOKUP(X115,Feuil1!$C$1:$BL$10,3,FALSE)","v":74},{"$f":"T115-HLOOKUP(X115,Feuil1!$C$1:$BL$10,4,FALSE)","v":54},{"$f":"T115-HLOOKUP(X115,Feuil1!$C$1:$BL$10,5,FALSE)","v":34},{"$f":"T115-HLOOKUP(X115,Feuil1!$C$1:$BL$10,6,FALSE)","v":4},{"$f":"T115-HLOOKUP(X115,Feuil1!$C$1:$BL$10,7,FALSE)","v":-16},{"$f":"T115-HLOOKUP(X115,Feuil1!$C$1:$BL$10,8,FALSE)","v":-36},{"$f":"T115-HLOOKUP(X115,Feuil1!$C$1:$BL$10,9,FALSE)","v":-51},{"$f":"T115-HLOOKUP(X115,Feuil1!$C$1:$BL$10,10,FALSE)","v":-66},null,null,null,null,null,null,"FED +"]
["H","ZCO","BRE",25,171426,"MORICE","Vincent",1993,67.7,"AL Quimper","F",85,90,95,95,115,122,126,126,221,85.6,"FED +",1,{"$f":"IF(I116=\"\",\"\",IF(A116=\"H\",IF(OR(H116=\"SEN\",H116<1995),VLOOKUP(I116,Feuil1!$A$11:$F$29,6),IF(AND(H116>1994,H116<1998),VLOOKUP(I116,Feuil1!$A$11:$F$29,5),IF(AND(H116>1997,H116<2000),VLOOKUP(I116,Feuil1!$A$11:$F$29,4),IF(AND(H116>1999,H116<2002),VLOOKUP(I116,Feuil1!$A$11:$F$29,3),VLOOKUP(I116,Feuil1!$A$11:$F$29,2))))),IF(OR(H116=\"SEN\",H116<1995),VLOOKUP(I116,Feuil1!$G$11:$L$25,6),IF(AND(H116>1994,H116<1998),VLOOKUP(I116,Feuil1!$G$11:$L$25,5),IF(AND(H116>1997,H116<2000),VLOOKUP(I116,Feuil1!$G$11:$L$25,4),IF(AND(H116>1999,H116<2002),VLOOKUP(I116,Feuil1!$G$11:$L$25,3),VLOOKUP(I116,Feuil1!$G$11:$L$25,2)))))))","v":"S69"},300.97964002477005,null," ",{"$f":"T116-HLOOKUP(X116,Feuil1!$C$1:$BL$10,2,FALSE)","v":91},{"$f":"T116-HLOOKUP(X116,Feuil1!$C$1:$BL$10,3,FALSE)","v":71},{"$f":"T116-HLOOKUP(X116,Feuil1!$C$1:$BL$10,4,FALSE)","v":51},{"$f":"T116-HLOOKUP(X116,Feuil1!$C$1:$BL$10,5,FALSE)","v":31},{"$f":"T116-HLOOKUP(X116,Feuil1!$C$1:$BL$10,6,FALSE)","v":1},{"$f":"T116-HLOOKUP(X116,Feuil1!$C$1:$BL$10,7,FALSE)","v":-19},{"$f":"T116-HLOOKUP(X116,Feuil1!$C$1:$BL$10,8,FALSE)","v":-39},{"$f":"T116-HLOOKUP(X116,Feuil1!$C$1:$BL$10,9,FALSE)","v":-54},{"$f":"T116-HLOOKUP(X116,Feuil1!$C$1:$BL$10,10,FALSE)","v":-69},null,null,null,null,null,null,"FED +"]
["H","NORD","NPC",26,"002579","FONTENELLE","Ludovic",1979,68.989999999999995,"CHCD COMINES","F",95,99,102,102,115,119,-122,119,221,83.02000000000001,"FED +",1,{"$f":"IF(I117=\"\",\"\",IF(A117=\"H\",IF(OR(H117=\"SEN\",H117<1995),VLOOKUP(I117,Feuil1!$A$11:$F$29,6),IF(AND(H117>1994,H117<1998),VLOOKUP(I117,Feuil1!$A$11:$F$29,5),IF(AND(H117>1997,H117<2000),VLOOKUP(I117,Feuil1!$A$11:$F$29,4),IF(AND(H117>1999,H117<2002),VLOOKUP(I117,Feuil1!$A$11:$F$29,3),VLOOKUP(I117,Feuil1!$A$11:$F$29,2))))),IF(OR(H117=\"SEN\",H117<1995),VLOOKUP(I117,Feuil1!$G$11:$L$25,6),IF(AND(H117>1994,H117<1998),VLOOKUP(I117,Feuil1!$G$11:$L$25,5),IF(AND(H117>1997,H117<2000),VLOOKUP(I117,Feuil1!$G$11:$L$25,4),IF(AND(H117>1999,H117<2002),VLOOKUP(I117,Feuil1!$G$11:$L$25,3),VLOOKUP(I117,Feuil1!$G$11:$L$25,2)))))))","v":"S69"},297.32993160631111,null," ",{"$f":"T117-HLOOKUP(X117,Feuil1!$C$1:$BL$10,2,FALSE)","v":91},{"$f":"T117-HLOOKUP(X117,Feuil1!$C$1:$BL$10,3,FALSE)","v":71},{"$f":"T117-HLOOKUP(X117,Feuil1!$C$1:$BL$10,4,FALSE)","v":51},{"$f":"T117-HLOOKUP(X117,Feuil1!$C$1:$BL$10,5,FALSE)","v":31},{"$f":"T117-HLOOKUP(X117,Feuil1!$C$1:$BL$10,6,FALSE)","v":1},{"$f":"T117-HLOOKUP(X117,Feuil1!$C$1:$BL$10,7,FALSE)","v":-19},{"$f":"T117-HLOOKUP(X117,Feuil1!$C$1:$BL$10,8,FALSE)","v":-39},{"$f":"T117-HLOOKUP(X117,Feuil1!$C$1:$BL$10,9,FALSE)","v":-54},{"$f":"T117-HLOOKUP(X117,Feuil1!$C$1:$BL$10,10,FALSE)","v":-69},null,null,null,null,null,null,"FED +"]
["H","NORD","PIC",27,34508,"JEROME","Alexis",1989,65.5,"Senlis Ligne & Forme","F",95,-100,100,100,120,-125,-125,120,220,89,"FED +",0,{"$f":"IF(I118=\"\",\"\",IF(A118=\"H\",IF(OR(H118=\"SEN\",H118<1995),VLOOKUP(I118,Feuil1!$A$11:$F$29,6),IF(AND(H118>1994,H118<1998),VLOOKUP(I118,Feuil1!$A$11:$F$29,5),IF(AND(H118>1997,H118<2000),VLOOKUP(I118,Feuil1!$A$11:$F$29,4),IF(AND(H118>1999,H118<2002),VLOOKUP(I118,Feuil1!$A$11:$F$29,3),VLOOKUP(I118,Feuil1!$A$11:$F$29,2))))),IF(OR(H118=\"SEN\",H118<1995),VLOOKUP(I118,Feuil1!$G$11:$L$25,6),IF(AND(H118>1994,H118<1998),VLOOKUP(I118,Feuil1!$G$11:$L$25,5),IF(AND(H118>1997,H118<2000),VLOOKUP(I118,Feuil1!$G$11:$L$25,4),IF(AND(H118>1999,H118<2002),VLOOKUP(I118,Feuil1!$G$11:$L$25,3),VLOOKUP(I118,Feuil1!$G$11:$L$25,2)))))))","v":"S69"},306.26542777222448,null," ",{"$f":"T118-HLOOKUP(X118,Feuil1!$C$1:$BL$10,2,FALSE)","v":90},{"$f":"T118-HLOOKUP(X118,Feuil1!$C$1:$BL$10,3,FALSE)","v":70},{"$f":"T118-HLOOKUP(X118,Feuil1!$C$1:$BL$10,4,FALSE)","v":50},{"$f":"T118-HLOOKUP(X118,Feuil1!$C$1:$BL$10,5,FALSE)","v":30},{"$f":"T118-HLOOKUP(X118,Feuil1!$C$1:$BL$10,6,FALSE)","v":0},{"$f":"T118-HLOOKUP(X118,Feuil1!$C$1:$BL$10,7,FALSE)","v":-20},{"$f":"T118-HLOOKUP(X118,Feuil1!$C$1:$BL$10,8,FALSE)","v":-40},{"$f":"T118-HLOOKUP(X118,Feuil1!$C$1:$BL$10,9,FALSE)","v":-55},{"$f":"T118-HLOOKUP(X118,Feuil1!$C$1:$BL$10,10,FALSE)","v":-70},null,null,null,null,null,null,"FED +"]
["H","N","IDF",28,303807,"LEVIENNESSE","STEPHANE",1974,68.7,"TORCY","F",95,100,"-",100,115,120,"-",120,220,82.6,"FED +",0,{"$f":"IF(I119=\"\",\"\",IF(A119=\"H\",IF(OR(H119=\"SEN\",H119<1995),VLOOKUP(I119,Feuil1!$A$11:$F$29,6),IF(AND(H119>1994,H119<1998),VLOOKUP(I119,Feuil1!$A$11:$F$29,5),IF(AND(H119>1997,H119<2000),VLOOKUP(I119,Feuil1!$A$11:$F$29,4),IF(AND(H119>1999,H119<2002),VLOOKUP(I119,Feuil1!$A$11:$F$29,3),VLOOKUP(I119,Feuil1!$A$11:$F$29,2))))),IF(OR(H119=\"SEN\",H119<1995),VLOOKUP(I119,Feuil1!$G$11:$L$25,6),IF(AND(H119>1994,H119<1998),VLOOKUP(I119,Feuil1!$G$11:$L$25,5),IF(AND(H119>1997,H119<2000),VLOOKUP(I119,Feuil1!$G$11:$L$25,4),IF(AND(H119>1999,H119<2002),VLOOKUP(I119,Feuil1!$G$11:$L$25,3),VLOOKUP(I119,Feuil1!$G$11:$L$25,2)))))))","v":"S69"},296.78519505806031,null," ",{"$f":"T119-HLOOKUP(X119,Feuil1!$C$1:$BL$10,2,FALSE)","v":90},{"$f":"T119-HLOOKUP(X119,Feuil1!$C$1:$BL$10,3,FALSE)","v":70},{"$f":"T119-HLOOKUP(X119,Feuil1!$C$1:$BL$10,4,FALSE)","v":50},{"$f":"T119-HLOOKUP(X119,Feuil1!$C$1:$BL$10,5,FALSE)","v":30},{"$f":"T119-HLOOKUP(X119,Feuil1!$C$1:$BL$10,6,FALSE)","v":0},{"$f":"T119-HLOOKUP(X119,Feuil1!$C$1:$BL$10,7,FALSE)","v":-20},{"$f":"T119-HLOOKUP(X119,Feuil1!$C$1:$BL$10,8,FALSE)","v":-40},{"$f":"T119-HLOOKUP(X119,Feuil1!$C$1:$BL$10,9,FALSE)","v":-55},{"$f":"T119-HLOOKUP(X119,Feuil1!$C$1:$BL$10,10,FALSE)","v":-70},null,null,null,null,null,null,"FED +"]
["H","NORD","PIC",29,240195,"ALEXANDRE","Tony",1994,68.849999999999994,"La Ferté Milon CMHM","F",95,100,-103,100,120,-125,"-",120,220,82.300000000000011,"FED +",0,{"$f":"IF(I120=\"\",\"\",IF(A120=\"H\",IF(OR(H120=\"SEN\",H120<1995),VLOOKUP(I120,Feuil1!$A$11:$F$29,6),IF(AND(H120>1994,H120<1998),VLOOKUP(I120,Feuil1!$A$11:$F$29,5),IF(AND(H120>1997,H120<2000),VLOOKUP(I120,Feuil1!$A$11:$F$29,4),IF(AND(H120>1999,H120<2002),VLOOKUP(I120,Feuil1!$A$11:$F$29,3),VLOOKUP(I120,Feuil1!$A$11:$F$29,2))))),IF(OR(H120=\"SEN\",H120<1995),VLOOKUP(I120,Feuil1!$G$11:$L$25,6),IF(AND(H120>1994,H120<1998),VLOOKUP(I120,Feuil1!$G$11:$L$25,5),IF(AND(H120>1997,H120<2000),VLOOKUP(I120,Feuil1!$G$11:$L$25,4),IF(AND(H120>1999,H120<2002),VLOOKUP(I120,Feuil1!$G$11:$L$25,3),VLOOKUP(I120,Feuil1!$G$11:$L$25,2)))))))","v":"S69"},296.36992286086763,null," ",{"$f":"T120-HLOOKUP(X120,Feuil1!$C$1:$BL$10,2,FALSE)","v":90},{"$f":"T120-HLOOKUP(X120,Feuil1!$C$1:$BL$10,3,FALSE)","v":70},{"$f":"T120-HLOOKUP(X120,Feuil1!$C$1:$BL$10,4,FALSE)","v":50},{"$f":"T120-HLOOKUP(X120,Feuil1!$C$1:$BL$10,5,FALSE)","v":30},{"$f":"T120-HLOOKUP(X120,Feuil1!$C$1:$BL$10,6,FALSE)","v":0},{"$f":"T120-HLOOKUP(X120,Feuil1!$C$1:$BL$10,7,FALSE)","v":-20},{"$f":"T120-HLOOKUP(X120,Feuil1!$C$1:$BL$10,8,FALSE)","v":-40},{"$f":"T120-HLOOKUP(X120,Feuil1!$C$1:$BL$10,9,FALSE)","v":-55},{"$f":"T120-HLOOKUP(X120,Feuil1!$C$1:$BL$10,10,FALSE)","v":-70},null,null,null,null,null,null,"FED +"]
["H","SO","POI",30,235902,"MAGRIN","Fabrice",1971,69,"AYTRÉ","F",90,95,100,100,115,120,-125,120,220,82,"FED +",0,{"$f":"IF(I121=\"\",\"\",IF(A121=\"H\",IF(OR(H121=\"SEN\",H121<1995),VLOOKUP(I121,Feuil1!$A$11:$F$29,6),IF(AND(H121>1994,H121<1998),VLOOKUP(I121,Feuil1!$A$11:$F$29,5),IF(AND(H121>1997,H121<2000),VLOOKUP(I121,Feuil1!$A$11:$F$29,4),IF(AND(H121>1999,H121<2002),VLOOKUP(I121,Feuil1!$A$11:$F$29,3),VLOOKUP(I121,Feuil1!$A$11:$F$29,2))))),IF(OR(H121=\"SEN\",H121<1995),VLOOKUP(I121,Feuil1!$G$11:$L$25,6),IF(AND(H121>1994,H121<1998),VLOOKUP(I121,Feuil1!$G$11:$L$25,5),IF(AND(H121>1997,H121<2000),VLOOKUP(I121,Feuil1!$G$11:$L$25,4),IF(AND(H121>1999,H121<2002),VLOOKUP(I121,Feuil1!$G$11:$L$25,3),VLOOKUP(I121,Feuil1!$G$11:$L$25,2)))))))","v":"S69"},295.95710177257632,null," ",{"$f":"T121-HLOOKUP(X121,Feuil1!$C$1:$BL$10,2,FALSE)","v":90},{"$f":"T121-HLOOKUP(X121,Feuil1!$C$1:$BL$10,3,FALSE)","v":70},{"$f":"T121-HLOOKUP(X121,Feuil1!$C$1:$BL$10,4,FALSE)","v":50},{"$f":"T121-HLOOKUP(X121,Feuil1!$C$1:$BL$10,5,FALSE)","v":30},{"$f":"T121-HLOOKUP(X121,Feuil1!$C$1:$BL$10,6,FALSE)","v":0},{"$f":"T121-HLOOKUP(X121,Feuil1!$C$1:$BL$10,7,FALSE)","v":-20},{"$f":"T121-HLOOKUP(X121,Feuil1!$C$1:$BL$10,8,FALSE)","v":-40},{"$f":"T121-HLOOKUP(X121,Feuil1!$C$1:$BL$10,9,FALSE)","v":-55},{"$f":"T121-HLOOKUP(X121,Feuil1!$C$1:$BL$10,10,FALSE)","v":-70},null,null,null,null,null,null,"FED +"]
["H","NORD","NPC",31,"076341","MANCINI","Julien",1990,63.1,"C.A.ROSENDAEL","F",90,95,100,100,110,115,-118,115,215,88.8,"IRG +",25,{"$f":"IF(I122=\"\",\"\",IF(A122=\"H\",IF(OR(H122=\"SEN\",H122<1995),VLOOKUP(I122,Feuil1!$A$11:$F$29,6),IF(AND(H122>1994,H122<1998),VLOOKUP(I122,Feuil1!$A$11:$F$29,5),IF(AND(H122>1997,H122<2000),VLOOKUP(I122,Feuil1!$A$11:$F$29,4),IF(AND(H122>1999,H122<2002),VLOOKUP(I122,Feuil1!$A$11:$F$29,3),VLOOKUP(I122,Feuil1!$A$11:$F$29,2))))),IF(OR(H122=\"SEN\",H122<1995),VLOOKUP(I122,Feuil1!$G$11:$L$25,6),IF(AND(H122>1994,H122<1998),VLOOKUP(I122,Feuil1!$G$11:$L$25,5),IF(AND(H122>1997,H122<2000),VLOOKUP(I122,Feuil1!$G$11:$L$25,4),IF(AND(H122>1999,H122<2002),VLOOKUP(I122,Feuil1!$G$11:$L$25,3),VLOOKUP(I122,Feuil1!$G$11:$L$25,2)))))))","v":"S69"},307.09752635084561,null," ",{"$f":"T122-HLOOKUP(X122,Feuil1!$C$1:$BL$10,2,FALSE)","v":85},{"$f":"T122-HLOOKUP(X122,Feuil1!$C$1:$BL$10,3,FALSE)","v":65},{"$f":"T122-HLOOKUP(X122,Feuil1!$C$1:$BL$10,4,FALSE)","v":45},{"$f":"T122-HLOOKUP(X122,Feuil1!$C$1:$BL$10,5,FALSE)","v":25},{"$f":"T122-HLOOKUP(X122,Feuil1!$C$1:$BL$10,6,FALSE)","v":-5},{"$f":"T122-HLOOKUP(X122,Feuil1!$C$1:$BL$10,7,FALSE)","v":-25},{"$f":"T122-HLOOKUP(X122,Feuil1!$C$1:$BL$10,8,FALSE)","v":-45},{"$f":"T122-HLOOKUP(X122,Feuil1!$C$1:$BL$10,9,FALSE)","v":-60},{"$f":"T122-HLOOKUP(X122,Feuil1!$C$1:$BL$10,10,FALSE)","v":-75},null,null,null,null,null,null,"IRG +"]
["H","NORD","NPC",32,"068900","MANCINI","Alexandre",1987,66.599999999999994,"C.A.ROSENDAEL","F",95,100,-103,100,110,115,-120,115,215,81.800000000000011,"IRG +",25,{"$f":"IF(I123=\"\",\"\",IF(A123=\"H\",IF(OR(H123=\"SEN\",H123<1995),VLOOKUP(I123,Feuil1!$A$11:$F$29,6),IF(AND(H123>1994,H123<1998),VLOOKUP(I123,Feuil1!$A$11:$F$29,5),IF(AND(H123>1997,H123<2000),VLOOKUP(I123,Feuil1!$A$11:$F$29,4),IF(AND(H123>1999,H123<2002),VLOOKUP(I123,Feuil1!$A$11:$F$29,3),VLOOKUP(I123,Feuil1!$A$11:$F$29,2))))),IF(OR(H123=\"SEN\",H123<1995),VLOOKUP(I123,Feuil1!$G$11:$L$25,6),IF(AND(H123>1994,H123<1998),VLOOKUP(I123,Feuil1!$G$11:$L$25,5),IF(AND(H123>1997,H123<2000),VLOOKUP(I123,Feuil1!$G$11:$L$25,4),IF(AND(H123>1999,H123<2002),VLOOKUP(I123,Feuil1!$G$11:$L$25,3),VLOOKUP(I123,Feuil1!$G$11:$L$25,2)))))))","v":"S69"},295.98404349871589,null," ",{"$f":"T123-HLOOKUP(X123,Feuil1!$C$1:$BL$10,2,FALSE)","v":85},{"$f":"T123-HLOOKUP(X123,Feuil1!$C$1:$BL$10,3,FALSE)","v":65},{"$f":"T123-HLOOKUP(X123,Feuil1!$C$1:$BL$10,4,FALSE)","v":45},{"$f":"T123-HLOOKUP(X123,Feuil1!$C$1:$BL$10,5,FALSE)","v":25},{"$f":"T123-HLOOKUP(X123,Feuil1!$C$1:$BL$10,6,FALSE)","v":-5},{"$f":"T123-HLOOKUP(X123,Feuil1!$C$1:$BL$10,7,FALSE)","v":-25},{"$f":"T123-HLOOKUP(X123,Feuil1!$C$1:$BL$10,8,FALSE)","v":-45},{"$f":"T123-HLOOKUP(X123,Feuil1!$C$1:$BL$10,9,FALSE)","v":-60},{"$f":"T123-HLOOKUP(X123,Feuil1!$C$1:$BL$10,10,FALSE)","v":-75},null,null,null,null,null,null,"IRG +"]
["H","DOM","GUA",33,271603,"BOURGAREL","Jean Bernard",1993,69,"AHCS/Pointois","F",90,95,-100,95,115,120,-125,120,215,77,"IRG +",25,{"$f":"IF(I124=\"\",\"\",IF(A124=\"H\",IF(OR(H124=\"SEN\",H124<1995),VLOOKUP(I124,Feuil1!$A$11:$F$29,6),IF(AND(H124>1994,H124<1998),VLOOKUP(I124,Feuil1!$A$11:$F$29,5),IF(AND(H124>1997,H124<2000),VLOOKUP(I124,Feuil1!$A$11:$F$29,4),IF(AND(H124>1999,H124<2002),VLOOKUP(I124,Feuil1!$A$11:$F$29,3),VLOOKUP(I124,Feuil1!$A$11:$F$29,2))))),IF(OR(H124=\"SEN\",H124<1995),VLOOKUP(I124,Feuil1!$G$11:$L$25,6),IF(AND(H124>1994,H124<1998),VLOOKUP(I124,Feuil1!$G$11:$L$25,5),IF(AND(H124>1997,H124<2000),VLOOKUP(I124,Feuil1!$G$11:$L$25,4),IF(AND(H124>1999,H124<2002),VLOOKUP(I124,Feuil1!$G$11:$L$25,3),VLOOKUP(I124,Feuil1!$G$11:$L$25,2)))))))","v":"S69"},289.23080400501777,null," ",{"$f":"T124-HLOOKUP(X124,Feuil1!$C$1:$BL$10,2,FALSE)","v":85},{"$f":"T124-HLOOKUP(X124,Feuil1!$C$1:$BL$10,3,FALSE)","v":65},{"$f":"T124-HLOOKUP(X124,Feuil1!$C$1:$BL$10,4,FALSE)","v":45},{"$f":"T124-HLOOKUP(X124,Feuil1!$C$1:$BL$10,5,FALSE)","v":25},{"$f":"T124-HLOOKUP(X124,Feuil1!$C$1:$BL$10,6,FALSE)","v":-5},{"$f":"T124-HLOOKUP(X124,Feuil1!$C$1:$BL$10,7,FALSE)","v":-25},{"$f":"T124-HLOOKUP(X124,Feuil1!$C$1:$BL$10,8,FALSE)","v":-45},{"$f":"T124-HLOOKUP(X124,Feuil1!$C$1:$BL$10,9,FALSE)","v":-60},{"$f":"T124-HLOOKUP(X124,Feuil1!$C$1:$BL$10,10,FALSE)","v":-75},null,null,null,null,null,null,"IRG +"]
["H","SEST","LAN ",34,10053,"RIERA","Fabien",1988,65.5,"Frontignan AC","F",85,92,96,96,113,117,-120,117,213,82,"IRG +",23,{"$f":"IF(I125=\"\",\"\",IF(A125=\"H\",IF(OR(H125=\"SEN\",H125<1995),VLOOKUP(I125,Feuil1!$A$11:$F$29,6),IF(AND(H125>1994,H125<1998),VLOOKUP(I125,Feuil1!$A$11:$F$29,5),IF(AND(H125>1997,H125<2000),VLOOKUP(I125,Feuil1!$A$11:$F$29,4),IF(AND(H125>1999,H125<2002),VLOOKUP(I125,Feuil1!$A$11:$F$29,3),VLOOKUP(I125,Feuil1!$A$11:$F$29,2))))),IF(OR(H125=\"SEN\",H125<1995),VLOOKUP(I125,Feuil1!$G$11:$L$25,6),IF(AND(H125>1994,H125<1998),VLOOKUP(I125,Feuil1!$G$11:$L$25,5),IF(AND(H125>1997,H125<2000),VLOOKUP(I125,Feuil1!$G$11:$L$25,4),IF(AND(H125>1999,H125<2002),VLOOKUP(I125,Feuil1!$G$11:$L$25,3),VLOOKUP(I125,Feuil1!$G$11:$L$25,2)))))))","v":"S69"},296.52061870674459,null," ",{"$f":"T125-HLOOKUP(X125,Feuil1!$C$1:$BL$10,2,FALSE)","v":83},{"$f":"T125-HLOOKUP(X125,Feuil1!$C$1:$BL$10,3,FALSE)","v":63},{"$f":"T125-HLOOKUP(X125,Feuil1!$C$1:$BL$10,4,FALSE)","v":43},{"$f":"T125-HLOOKUP(X125,Feuil1!$C$1:$BL$10,5,FALSE)","v":23},{"$f":"T125-HLOOKUP(X125,Feuil1!$C$1:$BL$10,6,FALSE)","v":-7},{"$f":"T125-HLOOKUP(X125,Feuil1!$C$1:$BL$10,7,FALSE)","v":-27},{"$f":"T125-HLOOKUP(X125,Feuil1!$C$1:$BL$10,8,FALSE)","v":-47},{"$f":"T125-HLOOKUP(X125,Feuil1!$C$1:$BL$10,9,FALSE)","v":-62},{"$f":"T125-HLOOKUP(X125,Feuil1!$C$1:$BL$10,10,FALSE)","v":-77},null,null,null,null,null,null,"IRG +"]
["H","NE","CHA",35,"079275","BLANCHARD ","Alexandre",1989,67.650000000000006,"Langres HM","F",92,-95,-95,92,121,-128,-128,121,213,77.699999999999989,"IRG +",23,{"$f":"IF(I126=\"\",\"\",IF(A126=\"H\",IF(OR(H126=\"SEN\",H126<1995),VLOOKUP(I126,Feuil1!$A$11:$F$29,6),IF(AND(H126>1994,H126<1998),VLOOKUP(I126,Feuil1!$A$11:$F$29,5),IF(AND(H126>1997,H126<2000),VLOOKUP(I126,Feuil1!$A$11:$F$29,4),IF(AND(H126>1999,H126<2002),VLOOKUP(I126,Feuil1!$A$11:$F$29,3),VLOOKUP(I126,Feuil1!$A$11:$F$29,2))))),IF(OR(H126=\"SEN\",H126<1995),VLOOKUP(I126,Feuil1!$G$11:$L$25,6),IF(AND(H126>1994,H126<1998),VLOOKUP(I126,Feuil1!$G$11:$L$25,5),IF(AND(H126>1997,H126<2000),VLOOKUP(I126,Feuil1!$G$11:$L$25,4),IF(AND(H126>1999,H126<2002),VLOOKUP(I126,Feuil1!$G$11:$L$25,3),VLOOKUP(I126,Feuil1!$G$11:$L$25,2)))))))","v":"S69"},290.22446157063848,null," ",{"$f":"T126-HLOOKUP(X126,Feuil1!$C$1:$BL$10,2,FALSE)","v":83},{"$f":"T126-HLOOKUP(X126,Feuil1!$C$1:$BL$10,3,FALSE)","v":63},{"$f":"T126-HLOOKUP(X126,Feuil1!$C$1:$BL$10,4,FALSE)","v":43},{"$f":"T126-HLOOKUP(X126,Feuil1!$C$1:$BL$10,5,FALSE)","v":23},{"$f":"T126-HLOOKUP(X126,Feuil1!$C$1:$BL$10,6,FALSE)","v":-7},{"$f":"T126-HLOOKUP(X126,Feuil1!$C$1:$BL$10,7,FALSE)","v":-27},{"$f":"T126-HLOOKUP(X126,Feuil1!$C$1:$BL$10,8,FALSE)","v":-47},{"$f":"T126-HLOOKUP(X126,Feuil1!$C$1:$BL$10,9,FALSE)","v":-62},{"$f":"T126-HLOOKUP(X126,Feuil1!$C$1:$BL$10,10,FALSE)","v":-77},null,null,null,null,null,null,"IRG +"]
["H","CO","PDL",36,19801,"MEZIERE","Benjamin",1990,68.7,"CA Evron 53","F",90,-95,95,95,112,116,-118,116,211,73.599999999999994,"IRG +",21,{"$f":"IF(I127=\"\",\"\",IF(A127=\"H\",IF(OR(H127=\"SEN\",H127<1995),VLOOKUP(I127,Feuil1!$A$11:$F$29,6),IF(AND(H127>1994,H127<1998),VLOOKUP(I127,Feuil1!$A$11:$F$29,5),IF(AND(H127>1997,H127<2000),VLOOKUP(I127,Feuil1!$A$11:$F$29,4),IF(AND(H127>1999,H127<2002),VLOOKUP(I127,Feuil1!$A$11:$F$29,3),VLOOKUP(I127,Feuil1!$A$11:$F$29,2))))),IF(OR(H127=\"SEN\",H127<1995),VLOOKUP(I127,Feuil1!$G$11:$L$25,6),IF(AND(H127>1994,H127<1998),VLOOKUP(I127,Feuil1!$G$11:$L$25,5),IF(AND(H127>1997,H127<2000),VLOOKUP(I127,Feuil1!$G$11:$L$25,4),IF(AND(H127>1999,H127<2002),VLOOKUP(I127,Feuil1!$G$11:$L$25,3),VLOOKUP(I127,Feuil1!$G$11:$L$25,2)))))))","v":"S69"},284.64398253295786,null," ",{"$f":"T127-HLOOKUP(X127,Feuil1!$C$1:$BL$10,2,FALSE)","v":81},{"$f":"T127-HLOOKUP(X127,Feuil1!$C$1:$BL$10,3,FALSE)","v":61},{"$f":"T127-HLOOKUP(X127,Feuil1!$C$1:$BL$10,4,FALSE)","v":41},{"$f":"T127-HLOOKUP(X127,Feuil1!$C$1:$BL$10,5,FALSE)","v":21},{"$f":"T127-HLOOKUP(X127,Feuil1!$C$1:$BL$10,6,FALSE)","v":-9},{"$f":"T127-HLOOKUP(X127,Feuil1!$C$1:$BL$10,7,FALSE)","v":-29},{"$f":"T127-HLOOKUP(X127,Feuil1!$C$1:$BL$10,8,FALSE)","v":-49},{"$f":"T127-HLOOKUP(X127,Feuil1!$C$1:$BL$10,9,FALSE)","v":-64},{"$f":"T127-HLOOKUP(X127,Feuil1!$C$1:$BL$10,10,FALSE)","v":-79},null,null,null,null,null,null,"IRG +"]
["H","NORD","PIC",37,300,"ANDRIEUX","Sylvain",1981,62.6,"La Ferté Milon CMHM","F",90,95,-98,95,110,115,-118,115,210,84.8,"IRG +",20,{"$f":"IF(I128=\"\",\"\",IF(A128=\"H\",IF(OR(H128=\"SEN\",H128<1995),VLOOKUP(I128,Feuil1!$A$11:$F$29,6),IF(AND(H128>1994,H128<1998),VLOOKUP(I128,Feuil1!$A$11:$F$29,5),IF(AND(H128>1997,H128<2000),VLOOKUP(I128,Feuil1!$A$11:$F$29,4),IF(AND(H128>1999,H128<2002),VLOOKUP(I128,Feuil1!$A$11:$F$29,3),VLOOKUP(I128,Feuil1!$A$11:$F$29,2))))),IF(OR(H128=\"SEN\",H128<1995),VLOOKUP(I128,Feuil1!$G$11:$L$25,6),IF(AND(H128>1994,H128<1998),VLOOKUP(I128,Feuil1!$G$11:$L$25,5),IF(AND(H128>1997,H128<2000),VLOOKUP(I128,Feuil1!$G$11:$L$25,4),IF(AND(H128>1999,H128<2002),VLOOKUP(I128,Feuil1!$G$11:$L$25,3),VLOOKUP(I128,Feuil1!$G$11:$L$25,2)))))))","v":"S69"},301.64077785271064,null," ",{"$f":"T128-HLOOKUP(X128,Feuil1!$C$1:$BL$10,2,FALSE)","v":80},{"$f":"T128-HLOOKUP(X128,Feuil1!$C$1:$BL$10,3,FALSE)","v":60},{"$f":"T128-HLOOKUP(X128,Feuil1!$C$1:$BL$10,4,FALSE)","v":40},{"$f":"T128-HLOOKUP(X128,Feuil1!$C$1:$BL$10,5,FALSE)","v":20},{"$f":"T128-HLOOKUP(X128,Feuil1!$C$1:$BL$10,6,FALSE)","v":-10},{"$f":"T128-HLOOKUP(X128,Feuil1!$C$1:$BL$10,7,FALSE)","v":-30},{"$f":"T128-HLOOKUP(X128,Feuil1!$C$1:$BL$10,8,FALSE)","v":-50},{"$f":"T128-HLOOKUP(X128,Feuil1!$C$1:$BL$10,9,FALSE)","v":-65},{"$f":"T128-HLOOKUP(X128,Feuil1!$C$1:$BL$10,10,FALSE)","v":-80},null,null,null,null,null,null,"IRG +"]
["H","SEST","CAZ",38,182760,"HELOISE","Quentin",1988,68,"ASLDD TOULON","F",85,90,95,95,110,115,-119,115,210,74,"IRG +",20,{"$f":"IF(I129=\"\",\"\",IF(A129=\"H\",IF(OR(H129=\"SEN\",H129<1995),VLOOKUP(I129,Feuil1!$A$11:$F$29,6),IF(AND(H129>1994,H129<1998),VLOOKUP(I129,Feuil1!$A$11:$F$29,5),IF(AND(H129>1997,H129<2000),VLOOKUP(I129,Feuil1!$A$11:$F$29,4),IF(AND(H129>1999,H129<2002),VLOOKUP(I129,Feuil1!$A$11:$F$29,3),VLOOKUP(I129,Feuil1!$A$11:$F$29,2))))),IF(OR(H129=\"SEN\",H129<1995),VLOOKUP(I129,Feuil1!$G$11:$L$25,6),IF(AND(H129>1994,H129<1998),VLOOKUP(I129,Feuil1!$G$11:$L$25,5),IF(AND(H129>1997,H129<2000),VLOOKUP(I129,Feuil1!$G$11:$L$25,4),IF(AND(H129>1999,H129<2002),VLOOKUP(I129,Feuil1!$G$11:$L$25,3),VLOOKUP(I129,Feuil1!$G$11:$L$25,2)))))))","v":"S69"},285.17628247839934,null," ",{"$f":"T129-HLOOKUP(X129,Feuil1!$C$1:$BL$10,2,FALSE)","v":80},{"$f":"T129-HLOOKUP(X129,Feuil1!$C$1:$BL$10,3,FALSE)","v":60},{"$f":"T129-HLOOKUP(X129,Feuil1!$C$1:$BL$10,4,FALSE)","v":40},{"$f":"T129-HLOOKUP(X129,Feuil1!$C$1:$BL$10,5,FALSE)","v":20},{"$f":"T129-HLOOKUP(X129,Feuil1!$C$1:$BL$10,6,FALSE)","v":-10},{"$f":"T129-HLOOKUP(X129,Feuil1!$C$1:$BL$10,7,FALSE)","v":-30},{"$f":"T129-HLOOKUP(X129,Feuil1!$C$1:$BL$10,8,FALSE)","v":-50},{"$f":"T129-HLOOKUP(X129,Feuil1!$C$1:$BL$10,9,FALSE)","v":-65},{"$f":"T129-HLOOKUP(X129,Feuil1!$C$1:$BL$10,10,FALSE)","v":-80},null,null,null,null,null,null,"IRG +"]
["H","DOM","REU",39,366168,"RICHARD","CEDRIC",1985,69,"SCHM Saint Paul","F",90,95,-100,95,100,110,115,115,210,72,"IRG +",20,{"$f":"IF(I130=\"\",\"\",IF(A130=\"H\",IF(OR(H130=\"SEN\",H130<1995),VLOOKUP(I130,Feuil1!$A$11:$F$29,6),IF(AND(H130>1994,H130<1998),VLOOKUP(I130,Feuil1!$A$11:$F$29,5),IF(AND(H130>1997,H130<2000),VLOOKUP(I130,Feuil1!$A$11:$F$29,4),IF(AND(H130>1999,H130<2002),VLOOKUP(I130,Feuil1!$A$11:$F$29,3),VLOOKUP(I130,Feuil1!$A$11:$F$29,2))))),IF(OR(H130=\"SEN\",H130<1995),VLOOKUP(I130,Feuil1!$G$11:$L$25,6),IF(AND(H130>1994,H130<1998),VLOOKUP(I130,Feuil1!$G$11:$L$25,5),IF(AND(H130>1997,H130<2000),VLOOKUP(I130,Feuil1!$G$11:$L$25,4),IF(AND(H130>1999,H130<2002),VLOOKUP(I130,Feuil1!$G$11:$L$25,3),VLOOKUP(I130,Feuil1!$G$11:$L$25,2)))))))","v":"S69"},282.50450623745917,null," ",{"$f":"T130-HLOOKUP(X130,Feuil1!$C$1:$BL$10,2,FALSE)","v":80},{"$f":"T130-HLOOKUP(X130,Feuil1!$C$1:$BL$10,3,FALSE)","v":60},{"$f":"T130-HLOOKUP(X130,Feuil1!$C$1:$BL$10,4,FALSE)","v":40},{"$f":"T130-HLOOKUP(X130,Feuil1!$C$1:$BL$10,5,FALSE)","v":20},{"$f":"T130-HLOOKUP(X130,Feuil1!$C$1:$BL$10,6,FALSE)","v":-10},{"$f":"T130-HLOOKUP(X130,Feuil1!$C$1:$BL$10,7,FALSE)","v":-30},{"$f":"T130-HLOOKUP(X130,Feuil1!$C$1:$BL$10,8,FALSE)","v":-50},{"$f":"T130-HLOOKUP(X130,Feuil1!$C$1:$BL$10,9,FALSE)","v":-65},{"$f":"T130-HLOOKUP(X130,Feuil1!$C$1:$BL$10,10,FALSE)","v":-80},null,null,null,null,null,null,"IRG +"]
["H","NE","ALS",40,145070,"GERBER","SEBASTIEN",93,67.900000000000006,"SR Obernai HM","F",86,90,95,95,113,-120,-120,113,208,72.199999999999989,"IRG +",18,{"$f":"IF(I131=\"\",\"\",IF(A131=\"H\",IF(OR(H131=\"SEN\",H131<1995),VLOOKUP(I131,Feuil1!$A$11:$F$29,6),IF(AND(H131>1994,H131<1998),VLOOKUP(I131,Feuil1!$A$11:$F$29,5),IF(AND(H131>1997,H131<2000),VLOOKUP(I131,Feuil1!$A$11:$F$29,4),IF(AND(H131>1999,H131<2002),VLOOKUP(I131,Feuil1!$A$11:$F$29,3),VLOOKUP(I131,Feuil1!$A$11:$F$29,2))))),IF(OR(H131=\"SEN\",H131<1995),VLOOKUP(I131,Feuil1!$G$11:$L$25,6),IF(AND(H131>1994,H131<1998),VLOOKUP(I131,Feuil1!$G$11:$L$25,5),IF(AND(H131>1997,H131<2000),VLOOKUP(I131,Feuil1!$G$11:$L$25,4),IF(AND(H131>1999,H131<2002),VLOOKUP(I131,Feuil1!$G$11:$L$25,3),VLOOKUP(I131,Feuil1!$G$11:$L$25,2)))))))","v":"S69"},282.73077979920856,null," ",{"$f":"T131-HLOOKUP(X131,Feuil1!$C$1:$BL$10,2,FALSE)","v":78},{"$f":"T131-HLOOKUP(X131,Feuil1!$C$1:$BL$10,3,FALSE)","v":58},{"$f":"T131-HLOOKUP(X131,Feuil1!$C$1:$BL$10,4,FALSE)","v":38},{"$f":"T131-HLOOKUP(X131,Feuil1!$C$1:$BL$10,5,FALSE)","v":18},{"$f":"T131-HLOOKUP(X131,Feuil1!$C$1:$BL$10,6,FALSE)","v":-12},{"$f":"T131-HLOOKUP(X131,Feuil1!$C$1:$BL$10,7,FALSE)","v":-32},{"$f":"T131-HLOOKUP(X131,Feuil1!$C$1:$BL$10,8,FALSE)","v":-52},{"$f":"T131-HLOOKUP(X131,Feuil1!$C$1:$BL$10,9,FALSE)","v":-67},{"$f":"T131-HLOOKUP(X131,Feuil1!$C$1:$BL$10,10,FALSE)","v":-82},null,null,null,null,null,null,"IRG +"]
["H","N","IDF",41,340603,"LAAJOUNE","Nour-Edddine",1977,69,"GENNEVLLIERS","F",80,90,-96,90,105,-115,118,118,208,70,"IRG +",18,{"$f":"IF(I132=\"\",\"\",IF(A132=\"H\",IF(OR(H132=\"SEN\",H132<1995),VLOOKUP(I132,Feuil1!$A$11:$F$29,6),IF(AND(H132>1994,H132<1998),VLOOKUP(I132,Feuil1!$A$11:$F$29,5),IF(AND(H132>1997,H132<2000),VLOOKUP(I132,Feuil1!$A$11:$F$29,4),IF(AND(H132>1999,H132<2002),VLOOKUP(I132,Feuil1!$A$11:$F$29,3),VLOOKUP(I132,Feuil1!$A$11:$F$29,2))))),IF(OR(H132=\"SEN\",H132<1995),VLOOKUP(I132,Feuil1!$G$11:$L$25,6),IF(AND(H132>1994,H132<1998),VLOOKUP(I132,Feuil1!$G$11:$L$25,5),IF(AND(H132>1997,H132<2000),VLOOKUP(I132,Feuil1!$G$11:$L$25,4),IF(AND(H132>1999,H132<2002),VLOOKUP(I132,Feuil1!$G$11:$L$25,3),VLOOKUP(I132,Feuil1!$G$11:$L$25,2)))))))","v":"S69"},279.81398713043575,null," ",{"$f":"T132-HLOOKUP(X132,Feuil1!$C$1:$BL$10,2,FALSE)","v":78},{"$f":"T132-HLOOKUP(X132,Feuil1!$C$1:$BL$10,3,FALSE)","v":58},{"$f":"T132-HLOOKUP(X132,Feuil1!$C$1:$BL$10,4,FALSE)","v":38},{"$f":"T132-HLOOKUP(X132,Feuil1!$C$1:$BL$10,5,FALSE)","v":18},{"$f":"T132-HLOOKUP(X132,Feuil1!$C$1:$BL$10,6,FALSE)","v":-12},{"$f":"T132-HLOOKUP(X132,Feuil1!$C$1:$BL$10,7,FALSE)","v":-32},{"$f":"T132-HLOOKUP(X132,Feuil1!$C$1:$BL$10,8,FALSE)","v":-52},{"$f":"T132-HLOOKUP(X132,Feuil1!$C$1:$BL$10,9,FALSE)","v":-67},{"$f":"T132-HLOOKUP(X132,Feuil1!$C$1:$BL$10,10,FALSE)","v":-82},null,null,null,null,null,null,"IRG +"]
["H","NORD","NPC",42,"040606","RIQUIER","Mickael",1987,66.400000000000006,"LILLE U.C.","F",90,95,-100,95,100,110,-115,110,205,72.199999999999989,"IRG +",15,{"$f":"IF(I133=\"\",\"\",IF(A133=\"H\",IF(OR(H133=\"SEN\",H133<1995),VLOOKUP(I133,Feuil1!$A$11:$F$29,6),IF(AND(H133>1994,H133<1998),VLOOKUP(I133,Feuil1!$A$11:$F$29,5),IF(AND(H133>1997,H133<2000),VLOOKUP(I133,Feuil1!$A$11:$F$29,4),IF(AND(H133>1999,H133<2002),VLOOKUP(I133,Feuil1!$A$11:$F$29,3),VLOOKUP(I133,Feuil1!$A$11:$F$29,2))))),IF(OR(H133=\"SEN\",H133<1995),VLOOKUP(I133,Feuil1!$G$11:$L$25,6),IF(AND(H133>1994,H133<1998),VLOOKUP(I133,Feuil1!$G$11:$L$25,5),IF(AND(H133>1997,H133<2000),VLOOKUP(I133,Feuil1!$G$11:$L$25,4),IF(AND(H133>1999,H133<2002),VLOOKUP(I133,Feuil1!$G$11:$L$25,3),VLOOKUP(I133,Feuil1!$G$11:$L$25,2)))))))","v":"S69"},282.78252066670706,null," ",{"$f":"T133-HLOOKUP(X133,Feuil1!$C$1:$BL$10,2,FALSE)","v":75},{"$f":"T133-HLOOKUP(X133,Feuil1!$C$1:$BL$10,3,FALSE)","v":55},{"$f":"T133-HLOOKUP(X133,Feuil1!$C$1:$BL$10,4,FALSE)","v":35},{"$f":"T133-HLOOKUP(X133,Feuil1!$C$1:$BL$10,5,FALSE)","v":15},{"$f":"T133-HLOOKUP(X133,Feuil1!$C$1:$BL$10,6,FALSE)","v":-15},{"$f":"T133-HLOOKUP(X133,Feuil1!$C$1:$BL$10,7,FALSE)","v":-35},{"$f":"T133-HLOOKUP(X133,Feuil1!$C$1:$BL$10,8,FALSE)","v":-55},{"$f":"T133-HLOOKUP(X133,Feuil1!$C$1:$BL$10,9,FALSE)","v":-70},{"$f":"T133-HLOOKUP(X133,Feuil1!$C$1:$BL$10,10,FALSE)","v":-85},null,null,null,null,null,null,"IRG +"]
["H","NORD","NPC",43,"034399","RIQUIER","Daniel",1978,66.7,"CHCD COMINES","F",85,90,-95,90,110,115,"-",115,205,71.599999999999994,"IRG +",15,{"$f":"IF(I134=\"\",\"\",IF(A134=\"H\",IF(OR(H134=\"SEN\",H134<1995),VLOOKUP(I134,Feuil1!$A$11:$F$29,6),IF(AND(H134>1994,H134<1998),VLOOKUP(I134,Feuil1!$A$11:$F$29,5),IF(AND(H134>1997,H134<2000),VLOOKUP(I134,Feuil1!$A$11:$F$29,4),IF(AND(H134>1999,H134<2002),VLOOKUP(I134,Feuil1!$A$11:$F$29,3),VLOOKUP(I134,Feuil1!$A$11:$F$29,2))))),IF(OR(H134=\"SEN\",H134<1995),VLOOKUP(I134,Feuil1!$G$11:$L$25,6),IF(AND(H134>1994,H134<1998),VLOOKUP(I134,Feuil1!$G$11:$L$25,5),IF(AND(H134>1997,H134<2000),VLOOKUP(I134,Feuil1!$G$11:$L$25,4),IF(AND(H134>1999,H134<2002),VLOOKUP(I134,Feuil1!$G$11:$L$25,3),VLOOKUP(I134,Feuil1!$G$11:$L$25,2)))))))","v":"S69"},281.93647182059044,null," ",{"$f":"T134-HLOOKUP(X134,Feuil1!$C$1:$BL$10,2,FALSE)","v":75},{"$f":"T134-HLOOKUP(X134,Feuil1!$C$1:$BL$10,3,FALSE)","v":55},{"$f":"T134-HLOOKUP(X134,Feuil1!$C$1:$BL$10,4,FALSE)","v":35},{"$f":"T134-HLOOKUP(X134,Feuil1!$C$1:$BL$10,5,FALSE)","v":15},{"$f":"T134-HLOOKUP(X134,Feuil1!$C$1:$BL$10,6,FALSE)","v":-15},{"$f":"T134-HLOOKUP(X134,Feuil1!$C$1:$BL$10,7,FALSE)","v":-35},{"$f":"T134-HLOOKUP(X134,Feuil1!$C$1:$BL$10,8,FALSE)","v":-55},{"$f":"T134-HLOOKUP(X134,Feuil1!$C$1:$BL$10,9,FALSE)","v":-70},{"$f":"T134-HLOOKUP(X134,Feuil1!$C$1:$BL$10,10,FALSE)","v":-85},null,null,null,null,null,null,"IRG +"]
["H","N","IDF",44,245354,"FICO","ENZO",1990,68.3,"RUEIL ","F",95,-100,-105,95,105,110,-115,110,205,68.400000000000006,"IRG +",15,{"$f":"IF(I135=\"\",\"\",IF(A135=\"H\",IF(OR(H135=\"SEN\",H135<1995),VLOOKUP(I135,Feuil1!$A$11:$F$29,6),IF(AND(H135>1994,H135<1998),VLOOKUP(I135,Feuil1!$A$11:$F$29,5),IF(AND(H135>1997,H135<2000),VLOOKUP(I135,Feuil1!$A$11:$F$29,4),IF(AND(H135>1999,H135<2002),VLOOKUP(I135,Feuil1!$A$11:$F$29,3),VLOOKUP(I135,Feuil1!$A$11:$F$29,2))))),IF(OR(H135=\"SEN\",H135<1995),VLOOKUP(I135,Feuil1!$G$11:$L$25,6),IF(AND(H135>1994,H135<1998),VLOOKUP(I135,Feuil1!$G$11:$L$25,5),IF(AND(H135>1997,H135<2000),VLOOKUP(I135,Feuil1!$G$11:$L$25,4),IF(AND(H135>1999,H135<2002),VLOOKUP(I135,Feuil1!$G$11:$L$25,3),VLOOKUP(I135,Feuil1!$G$11:$L$25,2)))))))","v":"S69"},277.5930309170522,null," ",{"$f":"T135-HLOOKUP(X135,Feuil1!$C$1:$BL$10,2,FALSE)","v":75},{"$f":"T135-HLOOKUP(X135,Feuil1!$C$1:$BL$10,3,FALSE)","v":55},{"$f":"T135-HLOOKUP(X135,Feuil1!$C$1:$BL$10,4,FALSE)","v":35},{"$f":"T135-HLOOKUP(X135,Feuil1!$C$1:$BL$10,5,FALSE)","v":15},{"$f":"T135-HLOOKUP(X135,Feuil1!$C$1:$BL$10,6,FALSE)","v":-15},{"$f":"T135-HLOOKUP(X135,Feuil1!$C$1:$BL$10,7,FALSE)","v":-35},{"$f":"T135-HLOOKUP(X135,Feuil1!$C$1:$BL$10,8,FALSE)","v":-55},{"$f":"T135-HLOOKUP(X135,Feuil1!$C$1:$BL$10,9,FALSE)","v":-70},{"$f":"T135-HLOOKUP(X135,Feuil1!$C$1:$BL$10,10,FALSE)","v":-85},null,null,null,null,null,null,"IRG +"]
["H","SEST","PRO",45,635,"GOURRIER","Benoit",1978,68.599999999999994,"EEAR MONTEUX","F",88,92,95,95,102,107,110,110,205,67.800000000000011,"IRG +",15,{"$f":"IF(I136=\"\",\"\",IF(A136=\"H\",IF(OR(H136=\"SEN\",H136<1995),VLOOKUP(I136,Feuil1!$A$11:$F$29,6),IF(AND(H136>1994,H136<1998),VLOOKUP(I136,Feuil1!$A$11:$F$29,5),IF(AND(H136>1997,H136<2000),VLOOKUP(I136,Feuil1!$A$11:$F$29,4),IF(AND(H136>1999,H136<2002),VLOOKUP(I136,Feuil1!$A$11:$F$29,3),VLOOKUP(I136,Feuil1!$A$11:$F$29,2))))),IF(OR(H136=\"SEN\",H136<1995),VLOOKUP(I136,Feuil1!$G$11:$L$25,6),IF(AND(H136>1994,H136<1998),VLOOKUP(I136,Feuil1!$G$11:$L$25,5),IF(AND(H136>1997,H136<2000),VLOOKUP(I136,Feuil1!$G$11:$L$25,4),IF(AND(H136>1999,H136<2002),VLOOKUP(I136,Feuil1!$G$11:$L$25,3),VLOOKUP(I136,Feuil1!$G$11:$L$25,2)))))))","v":"S69"},276.80909060250167,null," ",{"$f":"T136-HLOOKUP(X136,Feuil1!$C$1:$BL$10,2,FALSE)","v":75},{"$f":"T136-HLOOKUP(X136,Feuil1!$C$1:$BL$10,3,FALSE)","v":55},{"$f":"T136-HLOOKUP(X136,Feuil1!$C$1:$BL$10,4,FALSE)","v":35},{"$f":"T136-HLOOKUP(X136,Feuil1!$C$1:$BL$10,5,FALSE)","v":15},{"$f":"T136-HLOOKUP(X136,Feuil1!$C$1:$BL$10,6,FALSE)","v":-15},{"$f":"T136-HLOOKUP(X136,Feuil1!$C$1:$BL$10,7,FALSE)","v":-35},{"$f":"T136-HLOOKUP(X136,Feuil1!$C$1:$BL$10,8,FALSE)","v":-55},{"$f":"T136-HLOOKUP(X136,Feuil1!$C$1:$BL$10,9,FALSE)","v":-70},{"$f":"T136-HLOOKUP(X136,Feuil1!$C$1:$BL$10,10,FALSE)","v":-85},null,null,null,null,null,null,"IRG +"]
["H","N","IDF",46,295954,"DE MESQUITA","JEREMY",1988,69,"NEUILLY","F",90,-95,-100,90,-110,110,115,115,205,67,"IRG +",15,{"$f":"IF(I137=\"\",\"\",IF(A137=\"H\",IF(OR(H137=\"SEN\",H137<1995),VLOOKUP(I137,Feuil1!$A$11:$F$29,6),IF(AND(H137>1994,H137<1998),VLOOKUP(I137,Feuil1!$A$11:$F$29,5),IF(AND(H137>1997,H137<2000),VLOOKUP(I137,Feuil1!$A$11:$F$29,4),IF(AND(H137>1999,H137<2002),VLOOKUP(I137,Feuil1!$A$11:$F$29,3),VLOOKUP(I137,Feuil1!$A$11:$F$29,2))))),IF(OR(H137=\"SEN\",H137<1995),VLOOKUP(I137,Feuil1!$G$11:$L$25,6),IF(AND(H137>1994,H137<1998),VLOOKUP(I137,Feuil1!$G$11:$L$25,5),IF(AND(H137>1997,H137<2000),VLOOKUP(I137,Feuil1!$G$11:$L$25,4),IF(AND(H137>1999,H137<2002),VLOOKUP(I137,Feuil1!$G$11:$L$25,3),VLOOKUP(I137,Feuil1!$G$11:$L$25,2)))))))","v":"S69"},275.77820846990062,null," ",{"$f":"T137-HLOOKUP(X137,Feuil1!$C$1:$BL$10,2,FALSE)","v":75},{"$f":"T137-HLOOKUP(X137,Feuil1!$C$1:$BL$10,3,FALSE)","v":55},{"$f":"T137-HLOOKUP(X137,Feuil1!$C$1:$BL$10,4,FALSE)","v":35},{"$f":"T137-HLOOKUP(X137,Feuil1!$C$1:$BL$10,5,FALSE)","v":15},{"$f":"T137-HLOOKUP(X137,Feuil1!$C$1:$BL$10,6,FALSE)","v":-15},{"$f":"T137-HLOOKUP(X137,Feuil1!$C$1:$BL$10,7,FALSE)","v":-35},{"$f":"T137-HLOOKUP(X137,Feuil1!$C$1:$BL$10,8,FALSE)","v":-55},{"$f":"T137-HLOOKUP(X137,Feuil1!$C$1:$BL$10,9,FALSE)","v":-70},{"$f":"T137-HLOOKUP(X137,Feuil1!$C$1:$BL$10,10,FALSE)","v":-85},null,null,null,null,null,null,"IRG +"]
["H","SEST","RAL",47,41660,"VAILLOUD","Fabien",1986,66.3,"OYONNAX","F",-90,90,90,90,112,-116,112,112,202,69.400000000000006,"IRG +",12,{"$f":"IF(I138=\"\",\"\",IF(A138=\"H\",IF(OR(H138=\"SEN\",H138<1995),VLOOKUP(I138,Feuil1!$A$11:$F$29,6),IF(AND(H138>1994,H138<1998),VLOOKUP(I138,Feuil1!$A$11:$F$29,5),IF(AND(H138>1997,H138<2000),VLOOKUP(I138,Feuil1!$A$11:$F$29,4),IF(AND(H138>1999,H138<2002),VLOOKUP(I138,Feuil1!$A$11:$F$29,3),VLOOKUP(I138,Feuil1!$A$11:$F$29,2))))),IF(OR(H138=\"SEN\",H138<1995),VLOOKUP(I138,Feuil1!$G$11:$L$25,6),IF(AND(H138>1994,H138<1998),VLOOKUP(I138,Feuil1!$G$11:$L$25,5),IF(AND(H138>1997,H138<2000),VLOOKUP(I138,Feuil1!$G$11:$L$25,4),IF(AND(H138>1999,H138<2002),VLOOKUP(I138,Feuil1!$G$11:$L$25,3),VLOOKUP(I138,Feuil1!$G$11:$L$25,2)))))))","v":"S69"},278.92439631677291,null," ",{"$f":"T138-HLOOKUP(X138,Feuil1!$C$1:$BL$10,2,FALSE)","v":72},{"$f":"T138-HLOOKUP(X138,Feuil1!$C$1:$BL$10,3,FALSE)","v":52},{"$f":"T138-HLOOKUP(X138,Feuil1!$C$1:$BL$10,4,FALSE)","v":32},{"$f":"T138-HLOOKUP(X138,Feuil1!$C$1:$BL$10,5,FALSE)","v":12},{"$f":"T138-HLOOKUP(X138,Feuil1!$C$1:$BL$10,6,FALSE)","v":-18},{"$f":"T138-HLOOKUP(X138,Feuil1!$C$1:$BL$10,7,FALSE)","v":-38},{"$f":"T138-HLOOKUP(X138,Feuil1!$C$1:$BL$10,8,FALSE)","v":-58},{"$f":"T138-HLOOKUP(X138,Feuil1!$C$1:$BL$10,9,FALSE)","v":-73},{"$f":"T138-HLOOKUP(X138,Feuil1!$C$1:$BL$10,10,FALSE)","v":-88},null,null,null,null,null,null,"IRG +"]
["H","SO","AQU",48,390375,"GREGOIRE","THIERRY",1992,68.599999999999994,"MONT DE MARSAN","F",80,85,-90,85,110,117,-121,117,202,64.800000000000011,"IRG +",12,{"$f":"IF(I139=\"\",\"\",IF(A139=\"H\",IF(OR(H139=\"SEN\",H139<1995),VLOOKUP(I139,Feuil1!$A$11:$F$29,6),IF(AND(H139>1994,H139<1998),VLOOKUP(I139,Feuil1!$A$11:$F$29,5),IF(AND(H139>1997,H139<2000),VLOOKUP(I139,Feuil1!$A$11:$F$29,4),IF(AND(H139>1999,H139<2002),VLOOKUP(I139,Feuil1!$A$11:$F$29,3),VLOOKUP(I139,Feuil1!$A$11:$F$29,2))))),IF(OR(H139=\"SEN\",H139<1995),VLOOKUP(I139,Feuil1!$G$11:$L$25,6),IF(AND(H139>1994,H139<1998),VLOOKUP(I139,Feuil1!$G$11:$L$25,5),IF(AND(H139>1997,H139<2000),VLOOKUP(I139,Feuil1!$G$11:$L$25,4),IF(AND(H139>1999,H139<2002),VLOOKUP(I139,Feuil1!$G$11:$L$25,3),VLOOKUP(I139,Feuil1!$G$11:$L$25,2)))))))","v":"S69"},272.75822586197728,null," ",{"$f":"T139-HLOOKUP(X139,Feuil1!$C$1:$BL$10,2,FALSE)","v":72},{"$f":"T139-HLOOKUP(X139,Feuil1!$C$1:$BL$10,3,FALSE)","v":52},{"$f":"T139-HLOOKUP(X139,Feuil1!$C$1:$BL$10,4,FALSE)","v":32},{"$f":"T139-HLOOKUP(X139,Feuil1!$C$1:$BL$10,5,FALSE)","v":12},{"$f":"T139-HLOOKUP(X139,Feuil1!$C$1:$BL$10,6,FALSE)","v":-18},{"$f":"T139-HLOOKUP(X139,Feuil1!$C$1:$BL$10,7,FALSE)","v":-38},{"$f":"T139-HLOOKUP(X139,Feuil1!$C$1:$BL$10,8,FALSE)","v":-58},{"$f":"T139-HLOOKUP(X139,Feuil1!$C$1:$BL$10,9,FALSE)","v":-73},{"$f":"T139-HLOOKUP(X139,Feuil1!$C$1:$BL$10,10,FALSE)","v":-88},null,null,null,null,null,null,"IRG +"]
["H","SEST","RAL",49,71451,"MERANCIENNE","LOIC",1987,62.9,"Vaulx-en-Velin","F",82,86,-88,86,105,110,114,114,200,74.2,"IRG +",10,{"$f":"IF(I140=\"\",\"\",IF(A140=\"H\",IF(OR(H140=\"SEN\",H140<1995),VLOOKUP(I140,Feuil1!$A$11:$F$29,6),IF(AND(H140>1994,H140<1998),VLOOKUP(I140,Feuil1!$A$11:$F$29,5),IF(AND(H140>1997,H140<2000),VLOOKUP(I140,Feuil1!$A$11:$F$29,4),IF(AND(H140>1999,H140<2002),VLOOKUP(I140,Feuil1!$A$11:$F$29,3),VLOOKUP(I140,Feuil1!$A$11:$F$29,2))))),IF(OR(H140=\"SEN\",H140<1995),VLOOKUP(I140,Feuil1!$G$11:$L$25,6),IF(AND(H140>1994,H140<1998),VLOOKUP(I140,Feuil1!$G$11:$L$25,5),IF(AND(H140>1997,H140<2000),VLOOKUP(I140,Feuil1!$G$11:$L$25,4),IF(AND(H140>1999,H140<2002),VLOOKUP(I140,Feuil1!$G$11:$L$25,3),VLOOKUP(I140,Feuil1!$G$11:$L$25,2)))))))","v":"S69"},286.30993493709468,null," ",{"$f":"T140-HLOOKUP(X140,Feuil1!$C$1:$BL$10,2,FALSE)","v":70},{"$f":"T140-HLOOKUP(X140,Feuil1!$C$1:$BL$10,3,FALSE)","v":50},{"$f":"T140-HLOOKUP(X140,Feuil1!$C$1:$BL$10,4,FALSE)","v":30},{"$f":"T140-HLOOKUP(X140,Feuil1!$C$1:$BL$10,5,FALSE)","v":10},{"$f":"T140-HLOOKUP(X140,Feuil1!$C$1:$BL$10,6,FALSE)","v":-20},{"$f":"T140-HLOOKUP(X140,Feuil1!$C$1:$BL$10,7,FALSE)","v":-40},{"$f":"T140-HLOOKUP(X140,Feuil1!$C$1:$BL$10,8,FALSE)","v":-60},{"$f":"T140-HLOOKUP(X140,Feuil1!$C$1:$BL$10,9,FALSE)","v":-75},{"$f":"T140-HLOOKUP(X140,Feuil1!$C$1:$BL$10,10,FALSE)","v":-90},null,null,null,null,null,null,"IRG +"]
["H","SO","POI",50,375635,"BIET","Nicolas",1976,66.400000000000006,"POITIERS","F",80,85,90,90,105,110,-115,110,200,67.199999999999989,"IRG +",10,{"$f":"IF(I141=\"\",\"\",IF(A141=\"H\",IF(OR(H141=\"SEN\",H141<1995),VLOOKUP(I141,Feuil1!$A$11:$F$29,6),IF(AND(H141>1994,H141<1998),VLOOKUP(I141,Feuil1!$A$11:$F$29,5),IF(AND(H141>1997,H141<2000),VLOOKUP(I141,Feuil1!$A$11:$F$29,4),IF(AND(H141>1999,H141<2002),VLOOKUP(I141,Feuil1!$A$11:$F$29,3),VLOOKUP(I141,Feuil1!$A$11:$F$29,2))))),IF(OR(H141=\"SEN\",H141<1995),VLOOKUP(I141,Feuil1!$G$11:$L$25,6),IF(AND(H141>1994,H141<1998),VLOOKUP(I141,Feuil1!$G$11:$L$25,5),IF(AND(H141>1997,H141<2000),VLOOKUP(I141,Feuil1!$G$11:$L$25,4),IF(AND(H141>1999,H141<2002),VLOOKUP(I141,Feuil1!$G$11:$L$25,3),VLOOKUP(I141,Feuil1!$G$11:$L$25,2)))))))","v":"S69"},275.88538601629955,null," ",{"$f":"T141-HLOOKUP(X141,Feuil1!$C$1:$BL$10,2,FALSE)","v":70},{"$f":"T141-HLOOKUP(X141,Feuil1!$C$1:$BL$10,3,FALSE)","v":50},{"$f":"T141-HLOOKUP(X141,Feuil1!$C$1:$BL$10,4,FALSE)","v":30},{"$f":"T141-HLOOKUP(X141,Feuil1!$C$1:$BL$10,5,FALSE)","v":10},{"$f":"T141-HLOOKUP(X141,Feuil1!$C$1:$BL$10,6,FALSE)","v":-20},{"$f":"T141-HLOOKUP(X141,Feuil1!$C$1:$BL$10,7,FALSE)","v":-40},{"$f":"T141-HLOOKUP(X141,Feuil1!$C$1:$BL$10,8,FALSE)","v":-60},{"$f":"T141-HLOOKUP(X141,Feuil1!$C$1:$BL$10,9,FALSE)","v":-75},{"$f":"T141-HLOOKUP(X141,Feuil1!$C$1:$BL$10,10,FALSE)","v":-90},null,null,null,null,null,null,"IRG +"]
["H","NORD","NPC",51,374343,"CHAPUIS","Johann",1982,66.900000000000006,"LOMME","F",80,85,-87,85,104,108,112,112,197,63.199999999999989,"IRG +",7,{"$f":"IF(I142=\"\",\"\",IF(A142=\"H\",IF(OR(H142=\"SEN\",H142<1995),VLOOKUP(I142,Feuil1!$A$11:$F$29,6),IF(AND(H142>1994,H142<1998),VLOOKUP(I142,Feuil1!$A$11:$F$29,5),IF(AND(H142>1997,H142<2000),VLOOKUP(I142,Feuil1!$A$11:$F$29,4),IF(AND(H142>1999,H142<2002),VLOOKUP(I142,Feuil1!$A$11:$F$29,3),VLOOKUP(I142,Feuil1!$A$11:$F$29,2))))),IF(OR(H142=\"SEN\",H142<1995),VLOOKUP(I142,Feuil1!$G$11:$L$25,6),IF(AND(H142>1994,H142<1998),VLOOKUP(I142,Feuil1!$G$11:$L$25,5),IF(AND(H142>1997,H142<2000),VLOOKUP(I142,Feuil1!$G$11:$L$25,4),IF(AND(H142>1999,H142<2002),VLOOKUP(I142,Feuil1!$G$11:$L$25,3),VLOOKUP(I142,Feuil1!$G$11:$L$25,2)))))))","v":"S69"},270.39752038525643,null," ",{"$f":"T142-HLOOKUP(X142,Feuil1!$C$1:$BL$10,2,FALSE)","v":67},{"$f":"T142-HLOOKUP(X142,Feuil1!$C$1:$BL$10,3,FALSE)","v":47},{"$f":"T142-HLOOKUP(X142,Feuil1!$C$1:$BL$10,4,FALSE)","v":27},{"$f":"T142-HLOOKUP(X142,Feuil1!$C$1:$BL$10,5,FALSE)","v":7},{"$f":"T142-HLOOKUP(X142,Feuil1!$C$1:$BL$10,6,FALSE)","v":-23},{"$f":"T142-HLOOKUP(X142,Feuil1!$C$1:$BL$10,7,FALSE)","v":-43},{"$f":"T142-HLOOKUP(X142,Feuil1!$C$1:$BL$10,8,FALSE)","v":-63},{"$f":"T142-HLOOKUP(X142,Feuil1!$C$1:$BL$10,9,FALSE)","v":-78},{"$f":"T142-HLOOKUP(X142,Feuil1!$C$1:$BL$10,10,FALSE)","v":-93},null,null,null,null,null,null,"IRG +"]
["H","SO","MPY",52,251459,"BARBAGALLO","Anaël",1989,67.5,"TOULOUSE HC","F",80,85,-90,85,110,-115,-117,110,195,60,"IRG +",5,{"$f":"IF(I143=\"\",\"\",IF(A143=\"H\",IF(OR(H143=\"SEN\",H143<1995),VLOOKUP(I143,Feuil1!$A$11:$F$29,6),IF(AND(H143>1994,H143<1998),VLOOKUP(I143,Feuil1!$A$11:$F$29,5),IF(AND(H143>1997,H143<2000),VLOOKUP(I143,Feuil1!$A$11:$F$29,4),IF(AND(H143>1999,H143<2002),VLOOKUP(I143,Feuil1!$A$11:$F$29,3),VLOOKUP(I143,Feuil1!$A$11:$F$29,2))))),IF(OR(H143=\"SEN\",H143<1995),VLOOKUP(I143,Feuil1!$G$11:$L$25,6),IF(AND(H143>1994,H143<1998),VLOOKUP(I143,Feuil1!$G$11:$L$25,5),IF(AND(H143>1997,H143<2000),VLOOKUP(I143,Feuil1!$G$11:$L$25,4),IF(AND(H143>1999,H143<2002),VLOOKUP(I143,Feuil1!$G$11:$L$25,3),VLOOKUP(I143,Feuil1!$G$11:$L$25,2)))))))","v":"S69"},266.08453543822134,null," ",{"$f":"T143-HLOOKUP(X143,Feuil1!$C$1:$BL$10,2,FALSE)","v":65},{"$f":"T143-HLOOKUP(X143,Feuil1!$C$1:$BL$10,3,FALSE)","v":45},{"$f":"T143-HLOOKUP(X143,Feuil1!$C$1:$BL$10,4,FALSE)","v":25},{"$f":"T143-HLOOKUP(X143,Feuil1!$C$1:$BL$10,5,FALSE)","v":5},{"$f":"T143-HLOOKUP(X143,Feuil1!$C$1:$BL$10,6,FALSE)","v":-25},{"$f":"T143-HLOOKUP(X143,Feuil1!$C$1:$BL$10,7,FALSE)","v":-45},{"$f":"T143-HLOOKUP(X143,Feuil1!$C$1:$BL$10,8,FALSE)","v":-65},{"$f":"T143-HLOOKUP(X143,Feuil1!$C$1:$BL$10,9,FALSE)","v":-80},{"$f":"T143-HLOOKUP(X143,Feuil1!$C$1:$BL$10,10,FALSE)","v":-95},null,null,null,null,null,null,"IRG +"]
["H","NE","ALS",53,179102,"CAQUEUX","BAPTISTE",91,68.099999999999994,"MJC Ungersheim","F",85,90,-94,90,105,-110,0,105,195,58.800000000000011,"IRG +",5,{"$f":"IF(I144=\"\",\"\",IF(A144=\"H\",IF(OR(H144=\"SEN\",H144<1995),VLOOKUP(I144,Feuil1!$A$11:$F$29,6),IF(AND(H144>1994,H144<1998),VLOOKUP(I144,Feuil1!$A$11:$F$29,5),IF(AND(H144>1997,H144<2000),VLOOKUP(I144,Feuil1!$A$11:$F$29,4),IF(AND(H144>1999,H144<2002),VLOOKUP(I144,Feuil1!$A$11:$F$29,3),VLOOKUP(I144,Feuil1!$A$11:$F$29,2))))),IF(OR(H144=\"SEN\",H144<1995),VLOOKUP(I144,Feuil1!$G$11:$L$25,6),IF(AND(H144>1994,H144<1998),VLOOKUP(I144,Feuil1!$G$11:$L$25,5),IF(AND(H144>1997,H144<2000),VLOOKUP(I144,Feuil1!$G$11:$L$25,4),IF(AND(H144>1999,H144<2002),VLOOKUP(I144,Feuil1!$G$11:$L$25,3),VLOOKUP(I144,Feuil1!$G$11:$L$25,2)))))))","v":"S69"},264.55399906060359,null," ",{"$f":"T144-HLOOKUP(X144,Feuil1!$C$1:$BL$10,2,FALSE)","v":65},{"$f":"T144-HLOOKUP(X144,Feuil1!$C$1:$BL$10,3,FALSE)","v":45},{"$f":"T144-HLOOKUP(X144,Feuil1!$C$1:$BL$10,4,FALSE)","v":25},{"$f":"T144-HLOOKUP(X144,Feuil1!$C$1:$BL$10,5,FALSE)","v":5},{"$f":"T144-HLOOKUP(X144,Feuil1!$C$1:$BL$10,6,FALSE)","v":-25},{"$f":"T144-HLOOKUP(X144,Feuil1!$C$1:$BL$10,7,FALSE)","v":-45},{"$f":"T144-HLOOKUP(X144,Feuil1!$C$1:$BL$10,8,FALSE)","v":-65},{"$f":"T144-HLOOKUP(X144,Feuil1!$C$1:$BL$10,9,FALSE)","v":-80},{"$f":"T144-HLOOKUP(X144,Feuil1!$C$1:$BL$10,10,FALSE)","v":-95},null,null,null,null,null,null,"IRG +"]
["H","ZCO","BRE",54,233398,"TROUDET","Philippe",1971,65.400000000000006,"Vannes AC","F",78,82,-86,82,106,112,-114,112,194,63.199999999999989,"IRG +",4,{"$f":"IF(I145=\"\",\"\",IF(A145=\"H\",IF(OR(H145=\"SEN\",H145<1995),VLOOKUP(I145,Feuil1!$A$11:$F$29,6),IF(AND(H145>1994,H145<1998),VLOOKUP(I145,Feuil1!$A$11:$F$29,5),IF(AND(H145>1997,H145<2000),VLOOKUP(I145,Feuil1!$A$11:$F$29,4),IF(AND(H145>1999,H145<2002),VLOOKUP(I145,Feuil1!$A$11:$F$29,3),VLOOKUP(I145,Feuil1!$A$11:$F$29,2))))),IF(OR(H145=\"SEN\",H145<1995),VLOOKUP(I145,Feuil1!$G$11:$L$25,6),IF(AND(H145>1994,H145<1998),VLOOKUP(I145,Feuil1!$G$11:$L$25,5),IF(AND(H145>1997,H145<2000),VLOOKUP(I145,Feuil1!$G$11:$L$25,4),IF(AND(H145>1999,H145<2002),VLOOKUP(I145,Feuil1!$G$11:$L$25,3),VLOOKUP(I145,Feuil1!$G$11:$L$25,2)))))))","v":"S69"},270.34958686232568,null," ",{"$f":"T145-HLOOKUP(X145,Feuil1!$C$1:$BL$10,2,FALSE)","v":64},{"$f":"T145-HLOOKUP(X145,Feuil1!$C$1:$BL$10,3,FALSE)","v":44},{"$f":"T145-HLOOKUP(X145,Feuil1!$C$1:$BL$10,4,FALSE)","v":24},{"$f":"T145-HLOOKUP(X145,Feuil1!$C$1:$BL$10,5,FALSE)","v":4},{"$f":"T145-HLOOKUP(X145,Feuil1!$C$1:$BL$10,6,FALSE)","v":-26},{"$f":"T145-HLOOKUP(X145,Feuil1!$C$1:$BL$10,7,FALSE)","v":-46},{"$f":"T145-HLOOKUP(X145,Feuil1!$C$1:$BL$10,8,FALSE)","v":-66},{"$f":"T145-HLOOKUP(X145,Feuil1!$C$1:$BL$10,9,FALSE)","v":-81},{"$f":"T145-HLOOKUP(X145,Feuil1!$C$1:$BL$10,10,FALSE)","v":-96},null,null,null,null,null,null,"IRG +"]
["H","NE","CHA",55,323378,"CHOL","Nicolas",1986,67.8,"Reims HM","F",80,85,-88,85,102,-108,108,108,193,57.400000000000006,"IRG +",3,{"$f":"IF(I146=\"\",\"\",IF(A146=\"H\",IF(OR(H146=\"SEN\",H146<1995),VLOOKUP(I146,Feuil1!$A$11:$F$29,6),IF(AND(H146>1994,H146<1998),VLOOKUP(I146,Feuil1!$A$11:$F$29,5),IF(AND(H146>1997,H146<2000),VLOOKUP(I146,Feuil1!$A$11:$F$29,4),IF(AND(H146>1999,H146<2002),VLOOKUP(I146,Feuil1!$A$11:$F$29,3),VLOOKUP(I146,Feuil1!$A$11:$F$29,2))))),IF(OR(H146=\"SEN\",H146<1995),VLOOKUP(I146,Feuil1!$G$11:$L$25,6),IF(AND(H146>1994,H146<1998),VLOOKUP(I146,Feuil1!$G$11:$L$25,5),IF(AND(H146>1997,H146<2000),VLOOKUP(I146,Feuil1!$G$11:$L$25,4),IF(AND(H146>1999,H146<2002),VLOOKUP(I146,Feuil1!$G$11:$L$25,3),VLOOKUP(I146,Feuil1!$G$11:$L$25,2)))))))","v":"S69"},262.59350229593946,null," ",{"$f":"T146-HLOOKUP(X146,Feuil1!$C$1:$BL$10,2,FALSE)","v":63},{"$f":"T146-HLOOKUP(X146,Feuil1!$C$1:$BL$10,3,FALSE)","v":43},{"$f":"T146-HLOOKUP(X146,Feuil1!$C$1:$BL$10,4,FALSE)","v":23},{"$f":"T146-HLOOKUP(X146,Feuil1!$C$1:$BL$10,5,FALSE)","v":3},{"$f":"T146-HLOOKUP(X146,Feuil1!$C$1:$BL$10,6,FALSE)","v":-27},{"$f":"T146-HLOOKUP(X146,Feuil1!$C$1:$BL$10,7,FALSE)","v":-47},{"$f":"T146-HLOOKUP(X146,Feuil1!$C$1:$BL$10,8,FALSE)","v":-67},{"$f":"T146-HLOOKUP(X146,Feuil1!$C$1:$BL$10,9,FALSE)","v":-82},{"$f":"T146-HLOOKUP(X146,Feuil1!$C$1:$BL$10,10,FALSE)","v":-97},null,null,null,null,null,null,"IRG +"]
["H","DOM","REU",56,118313,"LEBLE","JEAN LOUIS",1960,68,"SCHM St Paul","F",75,79,83,83,105,110,-113,110,193,57,"IRG +",3,{"$f":"IF(I147=\"\",\"\",IF(A147=\"H\",IF(OR(H147=\"SEN\",H147<1995),VLOOKUP(I147,Feuil1!$A$11:$F$29,6),IF(AND(H147>1994,H147<1998),VLOOKUP(I147,Feuil1!$A$11:$F$29,5),IF(AND(H147>1997,H147<2000),VLOOKUP(I147,Feuil1!$A$11:$F$29,4),IF(AND(H147>1999,H147<2002),VLOOKUP(I147,Feuil1!$A$11:$F$29,3),VLOOKUP(I147,Feuil1!$A$11:$F$29,2))))),IF(OR(H147=\"SEN\",H147<1995),VLOOKUP(I147,Feuil1!$G$11:$L$25,6),IF(AND(H147>1994,H147<1998),VLOOKUP(I147,Feuil1!$G$11:$L$25,5),IF(AND(H147>1997,H147<2000),VLOOKUP(I147,Feuil1!$G$11:$L$25,4),IF(AND(H147>1999,H147<2002),VLOOKUP(I147,Feuil1!$G$11:$L$25,3),VLOOKUP(I147,Feuil1!$G$11:$L$25,2)))))))","v":"S69"},262.09058342062411,null," ",{"$f":"T147-HLOOKUP(X147,Feuil1!$C$1:$BL$10,2,FALSE)","v":63},{"$f":"T147-HLOOKUP(X147,Feuil1!$C$1:$BL$10,3,FALSE)","v":43},{"$f":"T147-HLOOKUP(X147,Feuil1!$C$1:$BL$10,4,FALSE)","v":23},{"$f":"T147-HLOOKUP(X147,Feuil1!$C$1:$BL$10,5,FALSE)","v":3},{"$f":"T147-HLOOKUP(X147,Feuil1!$C$1:$BL$10,6,FALSE)","v":-27},{"$f":"T147-HLOOKUP(X147,Feuil1!$C$1:$BL$10,7,FALSE)","v":-47},{"$f":"T147-HLOOKUP(X147,Feuil1!$C$1:$BL$10,8,FALSE)","v":-67},{"$f":"T147-HLOOKUP(X147,Feuil1!$C$1:$BL$10,9,FALSE)","v":-82},{"$f":"T147-HLOOKUP(X147,Feuil1!$C$1:$BL$10,10,FALSE)","v":-97},null,null,null,null,null,null,"IRG +"]
["H","NE","FCO",57,389352,"IBER","Jean-François",1972,68.55,"BELFORT","F",-77,78,81,81,104,110,-113,110,191,53.900000000000006,"IRG +",1,{"$f":"IF(I148=\"\",\"\",IF(A148=\"H\",IF(OR(H148=\"SEN\",H148<1995),VLOOKUP(I148,Feuil1!$A$11:$F$29,6),IF(AND(H148>1994,H148<1998),VLOOKUP(I148,Feuil1!$A$11:$F$29,5),IF(AND(H148>1997,H148<2000),VLOOKUP(I148,Feuil1!$A$11:$F$29,4),IF(AND(H148>1999,H148<2002),VLOOKUP(I148,Feuil1!$A$11:$F$29,3),VLOOKUP(I148,Feuil1!$A$11:$F$29,2))))),IF(OR(H148=\"SEN\",H148<1995),VLOOKUP(I148,Feuil1!$G$11:$L$25,6),IF(AND(H148>1994,H148<1998),VLOOKUP(I148,Feuil1!$G$11:$L$25,5),IF(AND(H148>1997,H148<2000),VLOOKUP(I148,Feuil1!$G$11:$L$25,4),IF(AND(H148>1999,H148<2002),VLOOKUP(I148,Feuil1!$G$11:$L$25,3),VLOOKUP(I148,Feuil1!$G$11:$L$25,2)))))))","v":"S69"},258.02618655388557,null," ",{"$f":"T148-HLOOKUP(X148,Feuil1!$C$1:$BL$10,2,FALSE)","v":61},{"$f":"T148-HLOOKUP(X148,Feuil1!$C$1:$BL$10,3,FALSE)","v":41},{"$f":"T148-HLOOKUP(X148,Feuil1!$C$1:$BL$10,4,FALSE)","v":21},{"$f":"T148-HLOOKUP(X148,Feuil1!$C$1:$BL$10,5,FALSE)","v":1},{"$f":"T148-HLOOKUP(X148,Feuil1!$C$1:$BL$10,6,FALSE)","v":-29},{"$f":"T148-HLOOKUP(X148,Feuil1!$C$1:$BL$10,7,FALSE)","v":-49},{"$f":"T148-HLOOKUP(X148,Feuil1!$C$1:$BL$10,8,FALSE)","v":-69},{"$f":"T148-HLOOKUP(X148,Feuil1!$C$1:$BL$10,9,FALSE)","v":-84},{"$f":"T148-HLOOKUP(X148,Feuil1!$C$1:$BL$10,10,FALSE)","v":-99},null,null,null,null,null,null,"IRG +"]
["H","N","IDF",58,202883,"EISNITZ","ALEXANDRE",1986,68.8,"SAINT-MAUR","F",80,-84,84,84,102,-107,107,107,191,53.400000000000006,"IRG +",1,{"$f":"IF(I149=\"\",\"\",IF(A149=\"H\",IF(OR(H149=\"SEN\",H149<1995),VLOOKUP(I149,Feuil1!$A$11:$F$29,6),IF(AND(H149>1994,H149<1998),VLOOKUP(I149,Feuil1!$A$11:$F$29,5),IF(AND(H149>1997,H149<2000),VLOOKUP(I149,Feuil1!$A$11:$F$29,4),IF(AND(H149>1999,H149<2002),VLOOKUP(I149,Feuil1!$A$11:$F$29,3),VLOOKUP(I149,Feuil1!$A$11:$F$29,2))))),IF(OR(H149=\"SEN\",H149<1995),VLOOKUP(I149,Feuil1!$G$11:$L$25,6),IF(AND(H149>1994,H149<1998),VLOOKUP(I149,Feuil1!$G$11:$L$25,5),IF(AND(H149>1997,H149<2000),VLOOKUP(I149,Feuil1!$G$11:$L$25,4),IF(AND(H149>1999,H149<2002),VLOOKUP(I149,Feuil1!$G$11:$L$25,3),VLOOKUP(I149,Feuil1!$G$11:$L$25,2)))))))","v":"S69"},257.42291848314181,null," ",{"$f":"T149-HLOOKUP(X149,Feuil1!$C$1:$BL$10,2,FALSE)","v":61},{"$f":"T149-HLOOKUP(X149,Feuil1!$C$1:$BL$10,3,FALSE)","v":41},{"$f":"T149-HLOOKUP(X149,Feuil1!$C$1:$BL$10,4,FALSE)","v":21},{"$f":"T149-HLOOKUP(X149,Feuil1!$C$1:$BL$10,5,FALSE)","v":1},{"$f":"T149-HLOOKUP(X149,Feuil1!$C$1:$BL$10,6,FALSE)","v":-29},{"$f":"T149-HLOOKUP(X149,Feuil1!$C$1:$BL$10,7,FALSE)","v":-49},{"$f":"T149-HLOOKUP(X149,Feuil1!$C$1:$BL$10,8,FALSE)","v":-69},{"$f":"T149-HLOOKUP(X149,Feuil1!$C$1:$BL$10,9,FALSE)","v":-84},{"$f":"T149-HLOOKUP(X149,Feuil1!$C$1:$BL$10,10,FALSE)","v":-99},null,null,null,null,null,null,"IRG +"]
["H","NE","CHA",59,"133565","POIRET ","Allan",1990,62.6,"Reims HM","F",77,81,-84,81,100,105,109,109,190,64.8,"IRG +",0,{"$f":"IF(I150=\"\",\"\",IF(A150=\"H\",IF(OR(H150=\"SEN\",H150<1995),VLOOKUP(I150,Feuil1!$A$11:$F$29,6),IF(AND(H150>1994,H150<1998),VLOOKUP(I150,Feuil1!$A$11:$F$29,5),IF(AND(H150>1997,H150<2000),VLOOKUP(I150,Feuil1!$A$11:$F$29,4),IF(AND(H150>1999,H150<2002),VLOOKUP(I150,Feuil1!$A$11:$F$29,3),VLOOKUP(I150,Feuil1!$A$11:$F$29,2))))),IF(OR(H150=\"SEN\",H150<1995),VLOOKUP(I150,Feuil1!$G$11:$L$25,6),IF(AND(H150>1994,H150<1998),VLOOKUP(I150,Feuil1!$G$11:$L$25,5),IF(AND(H150>1997,H150<2000),VLOOKUP(I150,Feuil1!$G$11:$L$25,4),IF(AND(H150>1999,H150<2002),VLOOKUP(I150,Feuil1!$G$11:$L$25,3),VLOOKUP(I150,Feuil1!$G$11:$L$25,2)))))))","v":"S69"},272.91308472388107,null," ",{"$f":"T150-HLOOKUP(X150,Feuil1!$C$1:$BL$10,2,FALSE)","v":60},{"$f":"T150-HLOOKUP(X150,Feuil1!$C$1:$BL$10,3,FALSE)","v":40},{"$f":"T150-HLOOKUP(X150,Feuil1!$C$1:$BL$10,4,FALSE)","v":20},{"$f":"T150-HLOOKUP(X150,Feuil1!$C$1:$BL$10,5,FALSE)","v":0},{"$f":"T150-HLOOKUP(X150,Feuil1!$C$1:$BL$10,6,FALSE)","v":-30},{"$f":"T150-HLOOKUP(X150,Feuil1!$C$1:$BL$10,7,FALSE)","v":-50},{"$f":"T150-HLOOKUP(X150,Feuil1!$C$1:$BL$10,8,FALSE)","v":-70},{"$f":"T150-HLOOKUP(X150,Feuil1!$C$1:$BL$10,9,FALSE)","v":-85},{"$f":"T150-HLOOKUP(X150,Feuil1!$C$1:$BL$10,10,FALSE)","v":-100},null,null,null,null,null,null,"IRG +"]
["H","NE","ALS",60,141114,"FAESSEL","LOIC",91,68.2,"SA Koenigshoffen","F",78,83,-86,83,100,-107,107,107,190,53.599999999999994,"IRG +",0,{"$f":"IF(I151=\"\",\"\",IF(A151=\"H\",IF(OR(H151=\"SEN\",H151<1995),VLOOKUP(I151,Feuil1!$A$11:$F$29,6),IF(AND(H151>1994,H151<1998),VLOOKUP(I151,Feuil1!$A$11:$F$29,5),IF(AND(H151>1997,H151<2000),VLOOKUP(I151,Feuil1!$A$11:$F$29,4),IF(AND(H151>1999,H151<2002),VLOOKUP(I151,Feuil1!$A$11:$F$29,3),VLOOKUP(I151,Feuil1!$A$11:$F$29,2))))),IF(OR(H151=\"SEN\",H151<1995),VLOOKUP(I151,Feuil1!$G$11:$L$25,6),IF(AND(H151>1994,H151<1998),VLOOKUP(I151,Feuil1!$G$11:$L$25,5),IF(AND(H151>1997,H151<2000),VLOOKUP(I151,Feuil1!$G$11:$L$25,4),IF(AND(H151>1999,H151<2002),VLOOKUP(I151,Feuil1!$G$11:$L$25,3),VLOOKUP(I151,Feuil1!$G$11:$L$25,2)))))))","v":"S69"},257.52546794752379,null," ",{"$f":"T151-HLOOKUP(X151,Feuil1!$C$1:$BL$10,2,FALSE)","v":60},{"$f":"T151-HLOOKUP(X151,Feuil1!$C$1:$BL$10,3,FALSE)","v":40},{"$f":"T151-HLOOKUP(X151,Feuil1!$C$1:$BL$10,4,FALSE)","v":20},{"$f":"T151-HLOOKUP(X151,Feuil1!$C$1:$BL$10,5,FALSE)","v":0},{"$f":"T151-HLOOKUP(X151,Feuil1!$C$1:$BL$10,6,FALSE)","v":-30},{"$f":"T151-HLOOKUP(X151,Feuil1!$C$1:$BL$10,7,FALSE)","v":-50},{"$f":"T151-HLOOKUP(X151,Feuil1!$C$1:$BL$10,8,FALSE)","v":-70},{"$f":"T151-HLOOKUP(X151,Feuil1!$C$1:$BL$10,9,FALSE)","v":-85},{"$f":"T151-HLOOKUP(X151,Feuil1!$C$1:$BL$10,10,FALSE)","v":-100},null,null,null,null,null,null,"IRG +"]
["H","NORD","PIC",61,269667,"OBEL","Alexandre",1993,68.3,"Villers-Bretonneux KC","F",70,75,80,80,100,106,110,110,190,53.400000000000006,"IRG +",0,{"$f":"IF(I152=\"\",\"\",IF(A152=\"H\",IF(OR(H152=\"SEN\",H152<1995),VLOOKUP(I152,Feuil1!$A$11:$F$29,6),IF(AND(H152>1994,H152<1998),VLOOKUP(I152,Feuil1!$A$11:$F$29,5),IF(AND(H152>1997,H152<2000),VLOOKUP(I152,Feuil1!$A$11:$F$29,4),IF(AND(H152>1999,H152<2002),VLOOKUP(I152,Feuil1!$A$11:$F$29,3),VLOOKUP(I152,Feuil1!$A$11:$F$29,2))))),IF(OR(H152=\"SEN\",H152<1995),VLOOKUP(I152,Feuil1!$G$11:$L$25,6),IF(AND(H152>1994,H152<1998),VLOOKUP(I152,Feuil1!$G$11:$L$25,5),IF(AND(H152>1997,H152<2000),VLOOKUP(I152,Feuil1!$G$11:$L$25,4),IF(AND(H152>1999,H152<2002),VLOOKUP(I152,Feuil1!$G$11:$L$25,3),VLOOKUP(I152,Feuil1!$G$11:$L$25,2)))))))","v":"S69"},257.28134572799962,null," ",{"$f":"T152-HLOOKUP(X152,Feuil1!$C$1:$BL$10,2,FALSE)","v":60},{"$f":"T152-HLOOKUP(X152,Feuil1!$C$1:$BL$10,3,FALSE)","v":40},{"$f":"T152-HLOOKUP(X152,Feuil1!$C$1:$BL$10,4,FALSE)","v":20},{"$f":"T152-HLOOKUP(X152,Feuil1!$C$1:$BL$10,5,FALSE)","v":0},{"$f":"T152-HLOOKUP(X152,Feuil1!$C$1:$BL$10,6,FALSE)","v":-30},{"$f":"T152-HLOOKUP(X152,Feuil1!$C$1:$BL$10,7,FALSE)","v":-50},{"$f":"T152-HLOOKUP(X152,Feuil1!$C$1:$BL$10,8,FALSE)","v":-70},{"$f":"T152-HLOOKUP(X152,Feuil1!$C$1:$BL$10,9,FALSE)","v":-85},{"$f":"T152-HLOOKUP(X152,Feuil1!$C$1:$BL$10,10,FALSE)","v":-100},null,null,null,null,null,null,"IRG +"]
["H","NE","ALS",62,5861,"GORTH","ALEXANDRE",84,68.7,"HCA Selestat","F",75,80,85,85,95,101,105,105,190,52.599999999999994,"IRG +",0,{"$f":"IF(I153=\"\",\"\",IF(A153=\"H\",IF(OR(H153=\"SEN\",H153<1995),VLOOKUP(I153,Feuil1!$A$11:$F$29,6),IF(AND(H153>1994,H153<1998),VLOOKUP(I153,Feuil1!$A$11:$F$29,5),IF(AND(H153>1997,H153<2000),VLOOKUP(I153,Feuil1!$A$11:$F$29,4),IF(AND(H153>1999,H153<2002),VLOOKUP(I153,Feuil1!$A$11:$F$29,3),VLOOKUP(I153,Feuil1!$A$11:$F$29,2))))),IF(OR(H153=\"SEN\",H153<1995),VLOOKUP(I153,Feuil1!$G$11:$L$25,6),IF(AND(H153>1994,H153<1998),VLOOKUP(I153,Feuil1!$G$11:$L$25,5),IF(AND(H153>1997,H153<2000),VLOOKUP(I153,Feuil1!$G$11:$L$25,4),IF(AND(H153>1999,H153<2002),VLOOKUP(I153,Feuil1!$G$11:$L$25,3),VLOOKUP(I153,Feuil1!$G$11:$L$25,2)))))))","v":"S69"},256.3144866410521,null," ",{"$f":"T153-HLOOKUP(X153,Feuil1!$C$1:$BL$10,2,FALSE)","v":60},{"$f":"T153-HLOOKUP(X153,Feuil1!$C$1:$BL$10,3,FALSE)","v":40},{"$f":"T153-HLOOKUP(X153,Feuil1!$C$1:$BL$10,4,FALSE)","v":20},{"$f":"T153-HLOOKUP(X153,Feuil1!$C$1:$BL$10,5,FALSE)","v":0},{"$f":"T153-HLOOKUP(X153,Feuil1!$C$1:$BL$10,6,FALSE)","v":-30},{"$f":"T153-HLOOKUP(X153,Feuil1!$C$1:$BL$10,7,FALSE)","v":-50},{"$f":"T153-HLOOKUP(X153,Feuil1!$C$1:$BL$10,8,FALSE)","v":-70},{"$f":"T153-HLOOKUP(X153,Feuil1!$C$1:$BL$10,9,FALSE)","v":-85},{"$f":"T153-HLOOKUP(X153,Feuil1!$C$1:$BL$10,10,FALSE)","v":-100},null,null,null,null,null,null,"IRG +"]
["H","N","IDF",63,305605,"KHANH","CHRISTOPHE",1988,65.099999999999994,"MASSY","F",-82,82,-85,82,103,107,-112,107,189,58.800000000000011,"REG +",19,{"$f":"IF(I154=\"\",\"\",IF(A154=\"H\",IF(OR(H154=\"SEN\",H154<1995),VLOOKUP(I154,Feuil1!$A$11:$F$29,6),IF(AND(H154>1994,H154<1998),VLOOKUP(I154,Feuil1!$A$11:$F$29,5),IF(AND(H154>1997,H154<2000),VLOOKUP(I154,Feuil1!$A$11:$F$29,4),IF(AND(H154>1999,H154<2002),VLOOKUP(I154,Feuil1!$A$11:$F$29,3),VLOOKUP(I154,Feuil1!$A$11:$F$29,2))))),IF(OR(H154=\"SEN\",H154<1995),VLOOKUP(I154,Feuil1!$G$11:$L$25,6),IF(AND(H154>1994,H154<1998),VLOOKUP(I154,Feuil1!$G$11:$L$25,5),IF(AND(H154>1997,H154<2000),VLOOKUP(I154,Feuil1!$G$11:$L$25,4),IF(AND(H154>1999,H154<2002),VLOOKUP(I154,Feuil1!$G$11:$L$25,3),VLOOKUP(I154,Feuil1!$G$11:$L$25,2)))))))","v":"S69"},264.20448788065312,null," ",{"$f":"T154-HLOOKUP(X154,Feuil1!$C$1:$BL$10,2,FALSE)","v":59},{"$f":"T154-HLOOKUP(X154,Feuil1!$C$1:$BL$10,3,FALSE)","v":39},{"$f":"T154-HLOOKUP(X154,Feuil1!$C$1:$BL$10,4,FALSE)","v":19},{"$f":"T154-HLOOKUP(X154,Feuil1!$C$1:$BL$10,5,FALSE)","v":-1},{"$f":"T154-HLOOKUP(X154,Feuil1!$C$1:$BL$10,6,FALSE)","v":-31},{"$f":"T154-HLOOKUP(X154,Feuil1!$C$1:$BL$10,7,FALSE)","v":-51},{"$f":"T154-HLOOKUP(X154,Feuil1!$C$1:$BL$10,8,FALSE)","v":-71},{"$f":"T154-HLOOKUP(X154,Feuil1!$C$1:$BL$10,9,FALSE)","v":-86},{"$f":"T154-HLOOKUP(X154,Feuil1!$C$1:$BL$10,10,FALSE)","v":-101},null,null,null,null,null,null,"REG +"]
["H","SEST","LAN ",64,168623,"MULLOR","Nicolas",1994,63.25,"Clermont Sports","F",78,81,-83,81,100,105,107,107,188,61.5,"REG +",18,{"$f":"IF(I155=\"\",\"\",IF(A155=\"H\",IF(OR(H155=\"SEN\",H155<1995),VLOOKUP(I155,Feuil1!$A$11:$F$29,6),IF(AND(H155>1994,H155<1998),VLOOKUP(I155,Feuil1!$A$11:$F$29,5),IF(AND(H155>1997,H155<2000),VLOOKUP(I155,Feuil1!$A$11:$F$29,4),IF(AND(H155>1999,H155<2002),VLOOKUP(I155,Feuil1!$A$11:$F$29,3),VLOOKUP(I155,Feuil1!$A$11:$F$29,2))))),IF(OR(H155=\"SEN\",H155<1995),VLOOKUP(I155,Feuil1!$G$11:$L$25,6),IF(AND(H155>1994,H155<1998),VLOOKUP(I155,Feuil1!$G$11:$L$25,5),IF(AND(H155>1997,H155<2000),VLOOKUP(I155,Feuil1!$G$11:$L$25,4),IF(AND(H155>1999,H155<2002),VLOOKUP(I155,Feuil1!$G$11:$L$25,3),VLOOKUP(I155,Feuil1!$G$11:$L$25,2)))))))","v":"S69"},268.08546669658995,null," ",{"$f":"T155-HLOOKUP(X155,Feuil1!$C$1:$BL$10,2,FALSE)","v":58},{"$f":"T155-HLOOKUP(X155,Feuil1!$C$1:$BL$10,3,FALSE)","v":38},{"$f":"T155-HLOOKUP(X155,Feuil1!$C$1:$BL$10,4,FALSE)","v":18},{"$f":"T155-HLOOKUP(X155,Feuil1!$C$1:$BL$10,5,FALSE)","v":-2},{"$f":"T155-HLOOKUP(X155,Feuil1!$C$1:$BL$10,6,FALSE)","v":-32},{"$f":"T155-HLOOKUP(X155,Feuil1!$C$1:$BL$10,7,FALSE)","v":-52},{"$f":"T155-HLOOKUP(X155,Feuil1!$C$1:$BL$10,8,FALSE)","v":-72},{"$f":"T155-HLOOKUP(X155,Feuil1!$C$1:$BL$10,9,FALSE)","v":-87},{"$f":"T155-HLOOKUP(X155,Feuil1!$C$1:$BL$10,10,FALSE)","v":-102},null,null,null,null,null,null,"REG +"]
["H","SEST","RAL",65,95245,"ROBLES","Franck",1987,65.599999999999994,"Bourg de Péage","F",78,-83,83,{"$f":"IF(H156=\"\",\"\",IF(MAXA(L156:N156)<=0,0,MAXA(L156:N156)))","v":83},100,-103,103,{"$f":"IF(H156=\"\",\"\",IF(MAXA(P156:R156)<=0,0,MAXA(P156:R156)))","v":103},{"$f":"IF(H156=\"\",\"\",IF(OR(O156=0,S156=0),0,O156+S156))","v":186},{"$f":"T156-I156*2","v":54.800000000000011},{"$f":"IF(H156=\"\",\"\",AQ156)","v":"REG +"},{"$f":"IF(AJ156>=0,AJ156,IF(AI156>=0,AI156,IF(AH156>=0,AH156,IF(AG156>=0,AG156,IF(AF156>=0,AF156,IF(AE156>=0,AE156,IF(AD156>=0,AD156,IF(AC156>=0,AC156,AB156))))))))","v":16},{"$f":"IF(I156=\"\",\"\",IF(A156=\"H\",IF(OR(H156=\"SEN\",H156<1995),VLOOKUP(I156,Feuil1!$A$11:$F$29,6),IF(AND(H156>1994,H156<1998),VLOOKUP(I156,Feuil1!$A$11:$F$29,5),IF(AND(H156>1997,H156<2000),VLOOKUP(I156,Feuil1!$A$11:$F$29,4),IF(AND(H156>1999,H156<2002),VLOOKUP(I156,Feuil1!$A$11:$F$29,3),VLOOKUP(I156,Feuil1!$A$11:$F$29,2))))),IF(OR(H156=\"SEN\",H156<1995),VLOOKUP(I156,Feuil1!$G$11:$L$25,6),IF(AND(H156>1994,H156<1998),VLOOKUP(I156,Feuil1!$G$11:$L$25,5),IF(AND(H156>1997,H156<2000),VLOOKUP(I156,Feuil1!$G$11:$L$25,4),IF(AND(H156>1999,H156<2002),VLOOKUP(I156,Feuil1!$G$11:$L$25,3),VLOOKUP(I156,Feuil1!$G$11:$L$25,2)))))))","v":"S69"},{"$f":"IF(I156=\"\",\"\",IF(A156=\"H\",10^(0.794358141*LOG(I156/174.393)^2)*T156,IF(A156=\"F\",10^(0.89726074*LOG(I156/148.026)^2)*T156,\"\")))","v":258.66694550395681},null," ",{"$f":"T156-HLOOKUP(X156,Feuil1!$C$1:$BL$10,2,FALSE)","v":56},{"$f":"T156-HLOOKUP(X156,Feuil1!$C$1:$BL$10,3,FALSE)","v":36},{"$f":"T156-HLOOKUP(X156,Feuil1!$C$1:$BL$10,4,FALSE)","v":16},{"$f":"T156-HLOOKUP(X156,Feuil1!$C$1:$BL$10,5,FALSE)","v":-4},{"$f":"T156-HLOOKUP(X156,Feuil1!$C$1:$BL$10,6,FALSE)","v":-34},{"$f":"T156-HLOOKUP(X156,Feuil1!$C$1:$BL$10,7,FALSE)","v":-54},{"$f":"T156-HLOOKUP(X156,Feuil1!$C$1:$BL$10,8,FALSE)","v":-74},{"$f":"T156-HLOOKUP(X156,Feuil1!$C$1:$BL$10,9,FALSE)","v":-89},{"$f":"T156-HLOOKUP(X156,Feuil1!$C$1:$BL$10,10,FALSE)","v":-104},null,null,null,null,null,null,{"$f":"IF(AJ156>=0,$AJ$4,IF(AI156>=0,$AI$4,IF(AH156>=0,$AH$4,IF(AG156>=0,$AG$4,IF(AF156>=0,$AF$4,IF(AE156>=0,$AE$4,IF(AD156>=0,$AD$4,IF(AC156>=0,$AC$4,$AB$4))))))))","v":"REG +"}]
["H","NE","ALS",66,5706,"ILLER","ADRIEN",85,66.3,"CHM Andlau","F",78,82,86,86,100,-105,-105,100,186,53.400000000000006,"REG +",16,{"$f":"IF(I157=\"\",\"\",IF(A157=\"H\",IF(OR(H157=\"SEN\",H157<1995),VLOOKUP(I157,Feuil1!$A$11:$F$29,6),IF(AND(H157>1994,H157<1998),VLOOKUP(I157,Feuil1!$A$11:$F$29,5),IF(AND(H157>1997,H157<2000),VLOOKUP(I157,Feuil1!$A$11:$F$29,4),IF(AND(H157>1999,H157<2002),VLOOKUP(I157,Feuil1!$A$11:$F$29,3),VLOOKUP(I157,Feuil1!$A$11:$F$29,2))))),IF(OR(H157=\"SEN\",H157<1995),VLOOKUP(I157,Feuil1!$G$11:$L$25,6),IF(AND(H157>1994,H157<1998),VLOOKUP(I157,Feuil1!$G$11:$L$25,5),IF(AND(H157>1997,H157<2000),VLOOKUP(I157,Feuil1!$G$11:$L$25,4),IF(AND(H157>1999,H157<2002),VLOOKUP(I157,Feuil1!$G$11:$L$25,3),VLOOKUP(I157,Feuil1!$G$11:$L$25,2)))))))","v":"S69"},256.83137482633543,null," ",{"$f":"T157-HLOOKUP(X157,Feuil1!$C$1:$BL$10,2,FALSE)","v":56},{"$f":"T157-HLOOKUP(X157,Feuil1!$C$1:$BL$10,3,FALSE)","v":36},{"$f":"T157-HLOOKUP(X157,Feuil1!$C$1:$BL$10,4,FALSE)","v":16},{"$f":"T157-HLOOKUP(X157,Feuil1!$C$1:$BL$10,5,FALSE)","v":-4},{"$f":"T157-HLOOKUP(X157,Feuil1!$C$1:$BL$10,6,FALSE)","v":-34},{"$f":"T157-HLOOKUP(X157,Feuil1!$C$1:$BL$10,7,FALSE)","v":-54},{"$f":"T157-HLOOKUP(X157,Feuil1!$C$1:$BL$10,8,FALSE)","v":-74},{"$f":"T157-HLOOKUP(X157,Feuil1!$C$1:$BL$10,9,FALSE)","v":-89},{"$f":"T157-HLOOKUP(X157,Feuil1!$C$1:$BL$10,10,FALSE)","v":-104},null,null,null,null,null,null,"REG +"]
["H","SO","AQU",67,166152,"LECOMTE","MAXENCE",1992,66.400000000000006,"ST MEDARD","F",75,80,85,85,95,100,-103,100,185,52.199999999999989,"REG +",15,{"$f":"IF(I158=\"\",\"\",IF(A158=\"H\",IF(OR(H158=\"SEN\",H158<1995),VLOOKUP(I158,Feuil1!$A$11:$F$29,6),IF(AND(H158>1994,H158<1998),VLOOKUP(I158,Feuil1!$A$11:$F$29,5),IF(AND(H158>1997,H158<2000),VLOOKUP(I158,Feuil1!$A$11:$F$29,4),IF(AND(H158>1999,H158<2002),VLOOKUP(I158,Feuil1!$A$11:$F$29,3),VLOOKUP(I158,Feuil1!$A$11:$F$29,2))))),IF(OR(H158=\"SEN\",H158<1995),VLOOKUP(I158,Feuil1!$G$11:$L$25,6),IF(AND(H158>1994,H158<1998),VLOOKUP(I158,Feuil1!$G$11:$L$25,5),IF(AND(H158>1997,H158<2000),VLOOKUP(I158,Feuil1!$G$11:$L$25,4),IF(AND(H158>1999,H158<2002),VLOOKUP(I158,Feuil1!$G$11:$L$25,3),VLOOKUP(I158,Feuil1!$G$11:$L$25,2)))))))","v":"S69"},255.19398206507711,null," ",{"$f":"T158-HLOOKUP(X158,Feuil1!$C$1:$BL$10,2,FALSE)","v":55},{"$f":"T158-HLOOKUP(X158,Feuil1!$C$1:$BL$10,3,FALSE)","v":35},{"$f":"T158-HLOOKUP(X158,Feuil1!$C$1:$BL$10,4,FALSE)","v":15},{"$f":"T158-HLOOKUP(X158,Feuil1!$C$1:$BL$10,5,FALSE)","v":-5},{"$f":"T158-HLOOKUP(X158,Feuil1!$C$1:$BL$10,6,FALSE)","v":-35},{"$f":"T158-HLOOKUP(X158,Feuil1!$C$1:$BL$10,7,FALSE)","v":-55},{"$f":"T158-HLOOKUP(X158,Feuil1!$C$1:$BL$10,8,FALSE)","v":-75},{"$f":"T158-HLOOKUP(X158,Feuil1!$C$1:$BL$10,9,FALSE)","v":-90},{"$f":"T158-HLOOKUP(X158,Feuil1!$C$1:$BL$10,10,FALSE)","v":-105},null,null,null,null,null,null,"REG +"]
["H","SEST","RAL",68,380621,"KENZARI","Rachid",1965,69,"Gauloise de Vaise","F",75,80,-85,80,100,-105,105,105,185,47,"REG +",15,{"$f":"IF(I159=\"\",\"\",IF(A159=\"H\",IF(OR(H159=\"SEN\",H159<1995),VLOOKUP(I159,Feuil1!$A$11:$F$29,6),IF(AND(H159>1994,H159<1998),VLOOKUP(I159,Feuil1!$A$11:$F$29,5),IF(AND(H159>1997,H159<2000),VLOOKUP(I159,Feuil1!$A$11:$F$29,4),IF(AND(H159>1999,H159<2002),VLOOKUP(I159,Feuil1!$A$11:$F$29,3),VLOOKUP(I159,Feuil1!$A$11:$F$29,2))))),IF(OR(H159=\"SEN\",H159<1995),VLOOKUP(I159,Feuil1!$G$11:$L$25,6),IF(AND(H159>1994,H159<1998),VLOOKUP(I159,Feuil1!$G$11:$L$25,5),IF(AND(H159>1997,H159<2000),VLOOKUP(I159,Feuil1!$G$11:$L$25,4),IF(AND(H159>1999,H159<2002),VLOOKUP(I159,Feuil1!$G$11:$L$25,3),VLOOKUP(I159,Feuil1!$G$11:$L$25,2)))))))","v":"S69"},248.87301739966642,null," ",{"$f":"T159-HLOOKUP(X159,Feuil1!$C$1:$BL$10,2,FALSE)","v":55},{"$f":"T159-HLOOKUP(X159,Feuil1!$C$1:$BL$10,3,FALSE)","v":35},{"$f":"T159-HLOOKUP(X159,Feuil1!$C$1:$BL$10,4,FALSE)","v":15},{"$f":"T159-HLOOKUP(X159,Feuil1!$C$1:$BL$10,5,FALSE)","v":-5},{"$f":"T159-HLOOKUP(X159,Feuil1!$C$1:$BL$10,6,FALSE)","v":-35},{"$f":"T159-HLOOKUP(X159,Feuil1!$C$1:$BL$10,7,FALSE)","v":-55},{"$f":"T159-HLOOKUP(X159,Feuil1!$C$1:$BL$10,8,FALSE)","v":-75},{"$f":"T159-HLOOKUP(X159,Feuil1!$C$1:$BL$10,9,FALSE)","v":-90},{"$f":"T159-HLOOKUP(X159,Feuil1!$C$1:$BL$10,10,FALSE)","v":-105},null,null,null,null,null,null,"REG +"]
["H","SEST","RAL",69,227887,"JUSTET","Julien",1986,65.900000000000006,"Bourg de Péage","F",77,-82,82,82,96,102,-105,102,184,52.199999999999989,"REG +",14,{"$f":"IF(I160=\"\",\"\",IF(A160=\"H\",IF(OR(H160=\"SEN\",H160<1995),VLOOKUP(I160,Feuil1!$A$11:$F$29,6),IF(AND(H160>1994,H160<1998),VLOOKUP(I160,Feuil1!$A$11:$F$29,5),IF(AND(H160>1997,H160<2000),VLOOKUP(I160,Feuil1!$A$11:$F$29,4),IF(AND(H160>1999,H160<2002),VLOOKUP(I160,Feuil1!$A$11:$F$29,3),VLOOKUP(I160,Feuil1!$A$11:$F$29,2))))),IF(OR(H160=\"SEN\",H160<1995),VLOOKUP(I160,Feuil1!$G$11:$L$25,6),IF(AND(H160>1994,H160<1998),VLOOKUP(I160,Feuil1!$G$11:$L$25,5),IF(AND(H160>1997,H160<2000),VLOOKUP(I160,Feuil1!$G$11:$L$25,4),IF(AND(H160>1999,H160<2002),VLOOKUP(I160,Feuil1!$G$11:$L$25,3),VLOOKUP(I160,Feuil1!$G$11:$L$25,2)))))))","v":"S69"},255.10099010257747,null," ",{"$f":"T160-HLOOKUP(X160,Feuil1!$C$1:$BL$10,2,FALSE)","v":54},{"$f":"T160-HLOOKUP(X160,Feuil1!$C$1:$BL$10,3,FALSE)","v":34},{"$f":"T160-HLOOKUP(X160,Feuil1!$C$1:$BL$10,4,FALSE)","v":14},{"$f":"T160-HLOOKUP(X160,Feuil1!$C$1:$BL$10,5,FALSE)","v":-6},{"$f":"T160-HLOOKUP(X160,Feuil1!$C$1:$BL$10,6,FALSE)","v":-36},{"$f":"T160-HLOOKUP(X160,Feuil1!$C$1:$BL$10,7,FALSE)","v":-56},{"$f":"T160-HLOOKUP(X160,Feuil1!$C$1:$BL$10,8,FALSE)","v":-76},{"$f":"T160-HLOOKUP(X160,Feuil1!$C$1:$BL$10,9,FALSE)","v":-91},{"$f":"T160-HLOOKUP(X160,Feuil1!$C$1:$BL$10,10,FALSE)","v":-106},null,null,null,null,null,null,"REG +"]
["H","NE","FCO",70,75190,"LOISEAU","Jean-Luc",1968,68.3,"CH Luxeuil","F",-82,-82,82,82,97,101,-104,101,183,46.400000000000006,"REG +",13,{"$f":"IF(I161=\"\",\"\",IF(A161=\"H\",IF(OR(H161=\"SEN\",H161<1995),VLOOKUP(I161,Feuil1!$A$11:$F$29,6),IF(AND(H161>1994,H161<1998),VLOOKUP(I161,Feuil1!$A$11:$F$29,5),IF(AND(H161>1997,H161<2000),VLOOKUP(I161,Feuil1!$A$11:$F$29,4),IF(AND(H161>1999,H161<2002),VLOOKUP(I161,Feuil1!$A$11:$F$29,3),VLOOKUP(I161,Feuil1!$A$11:$F$29,2))))),IF(OR(H161=\"SEN\",H161<1995),VLOOKUP(I161,Feuil1!$G$11:$L$25,6),IF(AND(H161>1994,H161<1998),VLOOKUP(I161,Feuil1!$G$11:$L$25,5),IF(AND(H161>1997,H161<2000),VLOOKUP(I161,Feuil1!$G$11:$L$25,4),IF(AND(H161>1999,H161<2002),VLOOKUP(I161,Feuil1!$G$11:$L$25,3),VLOOKUP(I161,Feuil1!$G$11:$L$25,2)))))))","v":"S69"},247.80255930644174,null," ",{"$f":"T161-HLOOKUP(X161,Feuil1!$C$1:$BL$10,2,FALSE)","v":53},{"$f":"T161-HLOOKUP(X161,Feuil1!$C$1:$BL$10,3,FALSE)","v":33},{"$f":"T161-HLOOKUP(X161,Feuil1!$C$1:$BL$10,4,FALSE)","v":13},{"$f":"T161-HLOOKUP(X161,Feuil1!$C$1:$BL$10,5,FALSE)","v":-7},{"$f":"T161-HLOOKUP(X161,Feuil1!$C$1:$BL$10,6,FALSE)","v":-37},{"$f":"T161-HLOOKUP(X161,Feuil1!$C$1:$BL$10,7,FALSE)","v":-57},{"$f":"T161-HLOOKUP(X161,Feuil1!$C$1:$BL$10,8,FALSE)","v":-77},{"$f":"T161-HLOOKUP(X161,Feuil1!$C$1:$BL$10,9,FALSE)","v":-92},{"$f":"T161-HLOOKUP(X161,Feuil1!$C$1:$BL$10,10,FALSE)","v":-107},null,null,null,null,null,null,"REG +"]
["H","NE","BOU",71,166142,"OPY","Valentin",1990,62.4,"HMDB21","F",67,72,76,76,95,100,105,105,181,56.2,"REG +",11,{"$f":"IF(I162=\"\",\"\",IF(A162=\"H\",IF(OR(H162=\"SEN\",H162<1995),VLOOKUP(I162,Feuil1!$A$11:$F$29,6),IF(AND(H162>1994,H162<1998),VLOOKUP(I162,Feuil1!$A$11:$F$29,5),IF(AND(H162>1997,H162<2000),VLOOKUP(I162,Feuil1!$A$11:$F$29,4),IF(AND(H162>1999,H162<2002),VLOOKUP(I162,Feuil1!$A$11:$F$29,3),VLOOKUP(I162,Feuil1!$A$11:$F$29,2))))),IF(OR(H162=\"SEN\",H162<1995),VLOOKUP(I162,Feuil1!$G$11:$L$25,6),IF(AND(H162>1994,H162<1998),VLOOKUP(I162,Feuil1!$G$11:$L$25,5),IF(AND(H162>1997,H162<2000),VLOOKUP(I162,Feuil1!$G$11:$L$25,4),IF(AND(H162>1999,H162<2002),VLOOKUP(I162,Feuil1!$G$11:$L$25,3),VLOOKUP(I162,Feuil1!$G$11:$L$25,2)))))))","v":"S69"},260.57532346491246,null," ",{"$f":"T162-HLOOKUP(X162,Feuil1!$C$1:$BL$10,2,FALSE)","v":51},{"$f":"T162-HLOOKUP(X162,Feuil1!$C$1:$BL$10,3,FALSE)","v":31},{"$f":"T162-HLOOKUP(X162,Feuil1!$C$1:$BL$10,4,FALSE)","v":11},{"$f":"T162-HLOOKUP(X162,Feuil1!$C$1:$BL$10,5,FALSE)","v":-9},{"$f":"T162-HLOOKUP(X162,Feuil1!$C$1:$BL$10,6,FALSE)","v":-39},{"$f":"T162-HLOOKUP(X162,Feuil1!$C$1:$BL$10,7,FALSE)","v":-59},{"$f":"T162-HLOOKUP(X162,Feuil1!$C$1:$BL$10,8,FALSE)","v":-79},{"$f":"T162-HLOOKUP(X162,Feuil1!$C$1:$BL$10,9,FALSE)","v":-94},{"$f":"T162-HLOOKUP(X162,Feuil1!$C$1:$BL$10,10,FALSE)","v":-109},null,null,null,null,null,null,"REG +"]
["H","N","IDF",72,352108,"BRIK","LOAN",1989,66.2,"FRANCONVILLE","F",76,-80,-80,76,95,102,105,105,181,48.599999999999994,"REG +",11,{"$f":"IF(I163=\"\",\"\",IF(A163=\"H\",IF(OR(H163=\"SEN\",H163<1995),VLOOKUP(I163,Feuil1!$A$11:$F$29,6),IF(AND(H163>1994,H163<1998),VLOOKUP(I163,Feuil1!$A$11:$F$29,5),IF(AND(H163>1997,H163<2000),VLOOKUP(I163,Feuil1!$A$11:$F$29,4),IF(AND(H163>1999,H163<2002),VLOOKUP(I163,Feuil1!$A$11:$F$29,3),VLOOKUP(I163,Feuil1!$A$11:$F$29,2))))),IF(OR(H163=\"SEN\",H163<1995),VLOOKUP(I163,Feuil1!$G$11:$L$25,6),IF(AND(H163>1994,H163<1998),VLOOKUP(I163,Feuil1!$G$11:$L$25,5),IF(AND(H163>1997,H163<2000),VLOOKUP(I163,Feuil1!$G$11:$L$25,4),IF(AND(H163>1999,H163<2002),VLOOKUP(I163,Feuil1!$G$11:$L$25,3),VLOOKUP(I163,Feuil1!$G$11:$L$25,2)))))))","v":"S69"},250.17936174831681,null," ",{"$f":"T163-HLOOKUP(X163,Feuil1!$C$1:$BL$10,2,FALSE)","v":51},{"$f":"T163-HLOOKUP(X163,Feuil1!$C$1:$BL$10,3,FALSE)","v":31},{"$f":"T163-HLOOKUP(X163,Feuil1!$C$1:$BL$10,4,FALSE)","v":11},{"$f":"T163-HLOOKUP(X163,Feuil1!$C$1:$BL$10,5,FALSE)","v":-9},{"$f":"T163-HLOOKUP(X163,Feuil1!$C$1:$BL$10,6,FALSE)","v":-39},{"$f":"T163-HLOOKUP(X163,Feuil1!$C$1:$BL$10,7,FALSE)","v":-59},{"$f":"T163-HLOOKUP(X163,Feuil1!$C$1:$BL$10,8,FALSE)","v":-79},{"$f":"T163-HLOOKUP(X163,Feuil1!$C$1:$BL$10,9,FALSE)","v":-94},{"$f":"T163-HLOOKUP(X163,Feuil1!$C$1:$BL$10,10,FALSE)","v":-109},null,null,null,null,null,null,"REG +"]
["H","SEST","PRO",73,376717,"DESBORDES","Remi",1992,68.099999999999994," AS SORGUES","F",75,80,-83,80,92,97,101,101,181,44.800000000000011,"REG +",11,{"$f":"IF(I164=\"\",\"\",IF(A164=\"H\",IF(OR(H164=\"SEN\",H164<1995),VLOOKUP(I164,Feuil1!$A$11:$F$29,6),IF(AND(H164>1994,H164<1998),VLOOKUP(I164,Feuil1!$A$11:$F$29,5),IF(AND(H164>1997,H164<2000),VLOOKUP(I164,Feuil1!$A$11:$F$29,4),IF(AND(H164>1999,H164<2002),VLOOKUP(I164,Feuil1!$A$11:$F$29,3),VLOOKUP(I164,Feuil1!$A$11:$F$29,2))))),IF(OR(H164=\"SEN\",H164<1995),VLOOKUP(I164,Feuil1!$G$11:$L$25,6),IF(AND(H164>1994,H164<1998),VLOOKUP(I164,Feuil1!$G$11:$L$25,5),IF(AND(H164>1997,H164<2000),VLOOKUP(I164,Feuil1!$G$11:$L$25,4),IF(AND(H164>1999,H164<2002),VLOOKUP(I164,Feuil1!$G$11:$L$25,3),VLOOKUP(I164,Feuil1!$G$11:$L$25,2)))))))","v":"S69"},245.56037861522691,null," ",{"$f":"T164-HLOOKUP(X164,Feuil1!$C$1:$BL$10,2,FALSE)","v":51},{"$f":"T164-HLOOKUP(X164,Feuil1!$C$1:$BL$10,3,FALSE)","v":31},{"$f":"T164-HLOOKUP(X164,Feuil1!$C$1:$BL$10,4,FALSE)","v":11},{"$f":"T164-HLOOKUP(X164,Feuil1!$C$1:$BL$10,5,FALSE)","v":-9},{"$f":"T164-HLOOKUP(X164,Feuil1!$C$1:$BL$10,6,FALSE)","v":-39},{"$f":"T164-HLOOKUP(X164,Feuil1!$C$1:$BL$10,7,FALSE)","v":-59},{"$f":"T164-HLOOKUP(X164,Feuil1!$C$1:$BL$10,8,FALSE)","v":-79},{"$f":"T164-HLOOKUP(X164,Feuil1!$C$1:$BL$10,9,FALSE)","v":-94},{"$f":"T164-HLOOKUP(X164,Feuil1!$C$1:$BL$10,10,FALSE)","v":-109},null,null,null,null,null,null,"REG +"]
["H","NORD","PIC",74,378353,"DUPUIS","Simon",1993,66.099999999999994,"Villers-Bretonneux KC","F",65,70,75,75,95,100,105,105,180,47.800000000000011,"REG +",10,{"$f":"IF(I165=\"\",\"\",IF(A165=\"H\",IF(OR(H165=\"SEN\",H165<1995),VLOOKUP(I165,Feuil1!$A$11:$F$29,6),IF(AND(H165>1994,H165<1998),VLOOKUP(I165,Feuil1!$A$11:$F$29,5),IF(AND(H165>1997,H165<2000),VLOOKUP(I165,Feuil1!$A$11:$F$29,4),IF(AND(H165>1999,H165<2002),VLOOKUP(I165,Feuil1!$A$11:$F$29,3),VLOOKUP(I165,Feuil1!$A$11:$F$29,2))))),IF(OR(H165=\"SEN\",H165<1995),VLOOKUP(I165,Feuil1!$G$11:$L$25,6),IF(AND(H165>1994,H165<1998),VLOOKUP(I165,Feuil1!$G$11:$L$25,5),IF(AND(H165>1997,H165<2000),VLOOKUP(I165,Feuil1!$G$11:$L$25,4),IF(AND(H165>1999,H165<2002),VLOOKUP(I165,Feuil1!$G$11:$L$25,3),VLOOKUP(I165,Feuil1!$G$11:$L$25,2)))))))","v":"S69"},249.04884359532264,null," ",{"$f":"T165-HLOOKUP(X165,Feuil1!$C$1:$BL$10,2,FALSE)","v":50},{"$f":"T165-HLOOKUP(X165,Feuil1!$C$1:$BL$10,3,FALSE)","v":30},{"$f":"T165-HLOOKUP(X165,Feuil1!$C$1:$BL$10,4,FALSE)","v":10},{"$f":"T165-HLOOKUP(X165,Feuil1!$C$1:$BL$10,5,FALSE)","v":-10},{"$f":"T165-HLOOKUP(X165,Feuil1!$C$1:$BL$10,6,FALSE)","v":-40},{"$f":"T165-HLOOKUP(X165,Feuil1!$C$1:$BL$10,7,FALSE)","v":-60},{"$f":"T165-HLOOKUP(X165,Feuil1!$C$1:$BL$10,8,FALSE)","v":-80},{"$f":"T165-HLOOKUP(X165,Feuil1!$C$1:$BL$10,9,FALSE)","v":-95},{"$f":"T165-HLOOKUP(X165,Feuil1!$C$1:$BL$10,10,FALSE)","v":-110},null,null,null,null,null,null,"REG +"]
["H","ZCO","BRE",75,210743,"JUNGBLUTH","Nils",1993,67.099999999999994,"ES Saint Avé","F",74,-78,78,78,93,98,102,102,180,45.800000000000011,"REG +",10,{"$f":"IF(I166=\"\",\"\",IF(A166=\"H\",IF(OR(H166=\"SEN\",H166<1995),VLOOKUP(I166,Feuil1!$A$11:$F$29,6),IF(AND(H166>1994,H166<1998),VLOOKUP(I166,Feuil1!$A$11:$F$29,5),IF(AND(H166>1997,H166<2000),VLOOKUP(I166,Feuil1!$A$11:$F$29,4),IF(AND(H166>1999,H166<2002),VLOOKUP(I166,Feuil1!$A$11:$F$29,3),VLOOKUP(I166,Feuil1!$A$11:$F$29,2))))),IF(OR(H166=\"SEN\",H166<1995),VLOOKUP(I166,Feuil1!$G$11:$L$25,6),IF(AND(H166>1994,H166<1998),VLOOKUP(I166,Feuil1!$G$11:$L$25,5),IF(AND(H166>1997,H166<2000),VLOOKUP(I166,Feuil1!$G$11:$L$25,4),IF(AND(H166>1999,H166<2002),VLOOKUP(I166,Feuil1!$G$11:$L$25,3),VLOOKUP(I166,Feuil1!$G$11:$L$25,2)))))))","v":"S69"},246.57742139344188,null," ",{"$f":"T166-HLOOKUP(X166,Feuil1!$C$1:$BL$10,2,FALSE)","v":50},{"$f":"T166-HLOOKUP(X166,Feuil1!$C$1:$BL$10,3,FALSE)","v":30},{"$f":"T166-HLOOKUP(X166,Feuil1!$C$1:$BL$10,4,FALSE)","v":10},{"$f":"T166-HLOOKUP(X166,Feuil1!$C$1:$BL$10,5,FALSE)","v":-10},{"$f":"T166-HLOOKUP(X166,Feuil1!$C$1:$BL$10,6,FALSE)","v":-40},{"$f":"T166-HLOOKUP(X166,Feuil1!$C$1:$BL$10,7,FALSE)","v":-60},{"$f":"T166-HLOOKUP(X166,Feuil1!$C$1:$BL$10,8,FALSE)","v":-80},{"$f":"T166-HLOOKUP(X166,Feuil1!$C$1:$BL$10,9,FALSE)","v":-95},{"$f":"T166-HLOOKUP(X166,Feuil1!$C$1:$BL$10,10,FALSE)","v":-110},null,null,null,null,null,null,"REG +"]
["H","NE","ALS",76,212357,"MANSOR","AWOS",90,67.599999999999994,"ASPTT Strasbourg","F",72,-76,76,76,95,100,104,104,180,44.800000000000011,"REG +",10,{"$f":"IF(I167=\"\",\"\",IF(A167=\"H\",IF(OR(H167=\"SEN\",H167<1995),VLOOKUP(I167,Feuil1!$A$11:$F$29,6),IF(AND(H167>1994,H167<1998),VLOOKUP(I167,Feuil1!$A$11:$F$29,5),IF(AND(H167>1997,H167<2000),VLOOKUP(I167,Feuil1!$A$11:$F$29,4),IF(AND(H167>1999,H167<2002),VLOOKUP(I167,Feuil1!$A$11:$F$29,3),VLOOKUP(I167,Feuil1!$A$11:$F$29,2))))),IF(OR(H167=\"SEN\",H167<1995),VLOOKUP(I167,Feuil1!$G$11:$L$25,6),IF(AND(H167>1994,H167<1998),VLOOKUP(I167,Feuil1!$G$11:$L$25,5),IF(AND(H167>1997,H167<2000),VLOOKUP(I167,Feuil1!$G$11:$L$25,4),IF(AND(H167>1999,H167<2002),VLOOKUP(I167,Feuil1!$G$11:$L$25,3),VLOOKUP(I167,Feuil1!$G$11:$L$25,2)))))))","v":"S69"},245.3786656572197,null," ",{"$f":"T167-HLOOKUP(X167,Feuil1!$C$1:$BL$10,2,FALSE)","v":50},{"$f":"T167-HLOOKUP(X167,Feuil1!$C$1:$BL$10,3,FALSE)","v":30},{"$f":"T167-HLOOKUP(X167,Feuil1!$C$1:$BL$10,4,FALSE)","v":10},{"$f":"T167-HLOOKUP(X167,Feuil1!$C$1:$BL$10,5,FALSE)","v":-10},{"$f":"T167-HLOOKUP(X167,Feuil1!$C$1:$BL$10,6,FALSE)","v":-40},{"$f":"T167-HLOOKUP(X167,Feuil1!$C$1:$BL$10,7,FALSE)","v":-60},{"$f":"T167-HLOOKUP(X167,Feuil1!$C$1:$BL$10,8,FALSE)","v":-80},{"$f":"T167-HLOOKUP(X167,Feuil1!$C$1:$BL$10,9,FALSE)","v":-95},{"$f":"T167-HLOOKUP(X167,Feuil1!$C$1:$BL$10,10,FALSE)","v":-110},null,null,null,null,null,null,"REG +"]
["H","NE","ALS",77,278904,"MURSCH","RENATO",92,68.2,"ASPTT Strasbourg","F",74,78,-83,78,97,102,-105,102,180,43.599999999999994,"REG +",10,{"$f":"IF(I168=\"\",\"\",IF(A168=\"H\",IF(OR(H168=\"SEN\",H168<1995),VLOOKUP(I168,Feuil1!$A$11:$F$29,6),IF(AND(H168>1994,H168<1998),VLOOKUP(I168,Feuil1!$A$11:$F$29,5),IF(AND(H168>1997,H168<2000),VLOOKUP(I168,Feuil1!$A$11:$F$29,4),IF(AND(H168>1999,H168<2002),VLOOKUP(I168,Feuil1!$A$11:$F$29,3),VLOOKUP(I168,Feuil1!$A$11:$F$29,2))))),IF(OR(H168=\"SEN\",H168<1995),VLOOKUP(I168,Feuil1!$G$11:$L$25,6),IF(AND(H168>1994,H168<1998),VLOOKUP(I168,Feuil1!$G$11:$L$25,5),IF(AND(H168>1997,H168<2000),VLOOKUP(I168,Feuil1!$G$11:$L$25,4),IF(AND(H168>1999,H168<2002),VLOOKUP(I168,Feuil1!$G$11:$L$25,3),VLOOKUP(I168,Feuil1!$G$11:$L$25,2)))))))","v":"S69"},243.97149595028571,null," ",{"$f":"T168-HLOOKUP(X168,Feuil1!$C$1:$BL$10,2,FALSE)","v":50},{"$f":"T168-HLOOKUP(X168,Feuil1!$C$1:$BL$10,3,FALSE)","v":30},{"$f":"T168-HLOOKUP(X168,Feuil1!$C$1:$BL$10,4,FALSE)","v":10},{"$f":"T168-HLOOKUP(X168,Feuil1!$C$1:$BL$10,5,FALSE)","v":-10},{"$f":"T168-HLOOKUP(X168,Feuil1!$C$1:$BL$10,6,FALSE)","v":-40},{"$f":"T168-HLOOKUP(X168,Feuil1!$C$1:$BL$10,7,FALSE)","v":-60},{"$f":"T168-HLOOKUP(X168,Feuil1!$C$1:$BL$10,8,FALSE)","v":-80},{"$f":"T168-HLOOKUP(X168,Feuil1!$C$1:$BL$10,9,FALSE)","v":-95},{"$f":"T168-HLOOKUP(X168,Feuil1!$C$1:$BL$10,10,FALSE)","v":-110},null,null,null,null,null,null,"REG +"]
["H","SO","POI",78,377681,"GRAVISSE","Nicolas",1990,68.3,"LA ROCHELLE","F",70,-75,80,80,95,100,-106,100,180,43.400000000000006,"REG +",10,{"$f":"IF(I169=\"\",\"\",IF(A169=\"H\",IF(OR(H169=\"SEN\",H169<1995),VLOOKUP(I169,Feuil1!$A$11:$F$29,6),IF(AND(H169>1994,H169<1998),VLOOKUP(I169,Feuil1!$A$11:$F$29,5),IF(AND(H169>1997,H169<2000),VLOOKUP(I169,Feuil1!$A$11:$F$29,4),IF(AND(H169>1999,H169<2002),VLOOKUP(I169,Feuil1!$A$11:$F$29,3),VLOOKUP(I169,Feuil1!$A$11:$F$29,2))))),IF(OR(H169=\"SEN\",H169<1995),VLOOKUP(I169,Feuil1!$G$11:$L$25,6),IF(AND(H169>1994,H169<1998),VLOOKUP(I169,Feuil1!$G$11:$L$25,5),IF(AND(H169>1997,H169<2000),VLOOKUP(I169,Feuil1!$G$11:$L$25,4),IF(AND(H169>1999,H169<2002),VLOOKUP(I169,Feuil1!$G$11:$L$25,3),VLOOKUP(I169,Feuil1!$G$11:$L$25,2)))))))","v":"S69"},243.74022226863121,null," ",{"$f":"T169-HLOOKUP(X169,Feuil1!$C$1:$BL$10,2,FALSE)","v":50},{"$f":"T169-HLOOKUP(X169,Feuil1!$C$1:$BL$10,3,FALSE)","v":30},{"$f":"T169-HLOOKUP(X169,Feuil1!$C$1:$BL$10,4,FALSE)","v":10},{"$f":"T169-HLOOKUP(X169,Feuil1!$C$1:$BL$10,5,FALSE)","v":-10},{"$f":"T169-HLOOKUP(X169,Feuil1!$C$1:$BL$10,6,FALSE)","v":-40},{"$f":"T169-HLOOKUP(X169,Feuil1!$C$1:$BL$10,7,FALSE)","v":-60},{"$f":"T169-HLOOKUP(X169,Feuil1!$C$1:$BL$10,8,FALSE)","v":-80},{"$f":"T169-HLOOKUP(X169,Feuil1!$C$1:$BL$10,9,FALSE)","v":-95},{"$f":"T169-HLOOKUP(X169,Feuil1!$C$1:$BL$10,10,FALSE)","v":-110},null,null,null,null,null,null,"REG +"]
["H","N","IDF",79,388119,"LE   BIHAN","LUDOVIC",1982,68.599999999999994,"RUEIL ","F",75,80,-85,80,100,-105,-105,100,180,42.800000000000011,"REG +",10,{"$f":"IF(I170=\"\",\"\",IF(A170=\"H\",IF(OR(H170=\"SEN\",H170<1995),VLOOKUP(I170,Feuil1!$A$11:$F$29,6),IF(AND(H170>1994,H170<1998),VLOOKUP(I170,Feuil1!$A$11:$F$29,5),IF(AND(H170>1997,H170<2000),VLOOKUP(I170,Feuil1!$A$11:$F$29,4),IF(AND(H170>1999,H170<2002),VLOOKUP(I170,Feuil1!$A$11:$F$29,3),VLOOKUP(I170,Feuil1!$A$11:$F$29,2))))),IF(OR(H170=\"SEN\",H170<1995),VLOOKUP(I170,Feuil1!$G$11:$L$25,6),IF(AND(H170>1994,H170<1998),VLOOKUP(I170,Feuil1!$G$11:$L$25,5),IF(AND(H170>1997,H170<2000),VLOOKUP(I170,Feuil1!$G$11:$L$25,4),IF(AND(H170>1999,H170<2002),VLOOKUP(I170,Feuil1!$G$11:$L$25,3),VLOOKUP(I170,Feuil1!$G$11:$L$25,2)))))))","v":"S69"},243.05188443146488,null," ",{"$f":"T170-HLOOKUP(X170,Feuil1!$C$1:$BL$10,2,FALSE)","v":50},{"$f":"T170-HLOOKUP(X170,Feuil1!$C$1:$BL$10,3,FALSE)","v":30},{"$f":"T170-HLOOKUP(X170,Feuil1!$C$1:$BL$10,4,FALSE)","v":10},{"$f":"T170-HLOOKUP(X170,Feuil1!$C$1:$BL$10,5,FALSE)","v":-10},{"$f":"T170-HLOOKUP(X170,Feuil1!$C$1:$BL$10,6,FALSE)","v":-40},{"$f":"T170-HLOOKUP(X170,Feuil1!$C$1:$BL$10,7,FALSE)","v":-60},{"$f":"T170-HLOOKUP(X170,Feuil1!$C$1:$BL$10,8,FALSE)","v":-80},{"$f":"T170-HLOOKUP(X170,Feuil1!$C$1:$BL$10,9,FALSE)","v":-95},{"$f":"T170-HLOOKUP(X170,Feuil1!$C$1:$BL$10,10,FALSE)","v":-110},null,null,null,null,null,null,"REG +"]
["H","NORD","NPC",80,325821,"BOONE","Niels",1991,68.599999999999994,"CHCD COMINES","F",80,85,-88,85,95,-100,-100,95,180,42.800000000000011,"REG +",10,{"$f":"IF(I171=\"\",\"\",IF(A171=\"H\",IF(OR(H171=\"SEN\",H171<1995),VLOOKUP(I171,Feuil1!$A$11:$F$29,6),IF(AND(H171>1994,H171<1998),VLOOKUP(I171,Feuil1!$A$11:$F$29,5),IF(AND(H171>1997,H171<2000),VLOOKUP(I171,Feuil1!$A$11:$F$29,4),IF(AND(H171>1999,H171<2002),VLOOKUP(I171,Feuil1!$A$11:$F$29,3),VLOOKUP(I171,Feuil1!$A$11:$F$29,2))))),IF(OR(H171=\"SEN\",H171<1995),VLOOKUP(I171,Feuil1!$G$11:$L$25,6),IF(AND(H171>1994,H171<1998),VLOOKUP(I171,Feuil1!$G$11:$L$25,5),IF(AND(H171>1997,H171<2000),VLOOKUP(I171,Feuil1!$G$11:$L$25,4),IF(AND(H171>1999,H171<2002),VLOOKUP(I171,Feuil1!$G$11:$L$25,3),VLOOKUP(I171,Feuil1!$G$11:$L$25,2)))))))","v":"S69"},243.05188443146488,null," ",{"$f":"T171-HLOOKUP(X171,Feuil1!$C$1:$BL$10,2,FALSE)","v":50},{"$f":"T171-HLOOKUP(X171,Feuil1!$C$1:$BL$10,3,FALSE)","v":30},{"$f":"T171-HLOOKUP(X171,Feuil1!$C$1:$BL$10,4,FALSE)","v":10},{"$f":"T171-HLOOKUP(X171,Feuil1!$C$1:$BL$10,5,FALSE)","v":-10},{"$f":"T171-HLOOKUP(X171,Feuil1!$C$1:$BL$10,6,FALSE)","v":-40},{"$f":"T171-HLOOKUP(X171,Feuil1!$C$1:$BL$10,7,FALSE)","v":-60},{"$f":"T171-HLOOKUP(X171,Feuil1!$C$1:$BL$10,8,FALSE)","v":-80},{"$f":"T171-HLOOKUP(X171,Feuil1!$C$1:$BL$10,9,FALSE)","v":-95},{"$f":"T171-HLOOKUP(X171,Feuil1!$C$1:$BL$10,10,FALSE)","v":-110},null,null,null,null,null,null,"REG +"]
["H","NORD","PIC",81,364229,"DUMOND","Rémi",1993,68.7,"Saleux CHM","F",75,-80,-80,75,95,100,105,105,180,42.599999999999994,"REG +",10,{"$f":"IF(I172=\"\",\"\",IF(A172=\"H\",IF(OR(H172=\"SEN\",H172<1995),VLOOKUP(I172,Feuil1!$A$11:$F$29,6),IF(AND(H172>1994,H172<1998),VLOOKUP(I172,Feuil1!$A$11:$F$29,5),IF(AND(H172>1997,H172<2000),VLOOKUP(I172,Feuil1!$A$11:$F$29,4),IF(AND(H172>1999,H172<2002),VLOOKUP(I172,Feuil1!$A$11:$F$29,3),VLOOKUP(I172,Feuil1!$A$11:$F$29,2))))),IF(OR(H172=\"SEN\",H172<1995),VLOOKUP(I172,Feuil1!$G$11:$L$25,6),IF(AND(H172>1994,H172<1998),VLOOKUP(I172,Feuil1!$G$11:$L$25,5),IF(AND(H172>1997,H172<2000),VLOOKUP(I172,Feuil1!$G$11:$L$25,4),IF(AND(H172>1999,H172<2002),VLOOKUP(I172,Feuil1!$G$11:$L$25,3),VLOOKUP(I172,Feuil1!$G$11:$L$25,2)))))))","v":"S69"},242.82425050204935,null," ",{"$f":"T172-HLOOKUP(X172,Feuil1!$C$1:$BL$10,2,FALSE)","v":50},{"$f":"T172-HLOOKUP(X172,Feuil1!$C$1:$BL$10,3,FALSE)","v":30},{"$f":"T172-HLOOKUP(X172,Feuil1!$C$1:$BL$10,4,FALSE)","v":10},{"$f":"T172-HLOOKUP(X172,Feuil1!$C$1:$BL$10,5,FALSE)","v":-10},{"$f":"T172-HLOOKUP(X172,Feuil1!$C$1:$BL$10,6,FALSE)","v":-40},{"$f":"T172-HLOOKUP(X172,Feuil1!$C$1:$BL$10,7,FALSE)","v":-60},{"$f":"T172-HLOOKUP(X172,Feuil1!$C$1:$BL$10,8,FALSE)","v":-80},{"$f":"T172-HLOOKUP(X172,Feuil1!$C$1:$BL$10,9,FALSE)","v":-95},{"$f":"T172-HLOOKUP(X172,Feuil1!$C$1:$BL$10,10,FALSE)","v":-110},null,null,null,null,null,null,"REG +"]
["H","SEST","RAL",82,311417,"CLERC","Grégory",1989,68.8,"H.C. ST BALDOPH","F",73,77,80,80,93,97,100,100,180,42.400000000000006,"REG +",10,{"$f":"IF(I173=\"\",\"\",IF(A173=\"H\",IF(OR(H173=\"SEN\",H173<1995),VLOOKUP(I173,Feuil1!$A$11:$F$29,6),IF(AND(H173>1994,H173<1998),VLOOKUP(I173,Feuil1!$A$11:$F$29,5),IF(AND(H173>1997,H173<2000),VLOOKUP(I173,Feuil1!$A$11:$F$29,4),IF(AND(H173>1999,H173<2002),VLOOKUP(I173,Feuil1!$A$11:$F$29,3),VLOOKUP(I173,Feuil1!$A$11:$F$29,2))))),IF(OR(H173=\"SEN\",H173<1995),VLOOKUP(I173,Feuil1!$G$11:$L$25,6),IF(AND(H173>1994,H173<1998),VLOOKUP(I173,Feuil1!$G$11:$L$25,5),IF(AND(H173>1997,H173<2000),VLOOKUP(I173,Feuil1!$G$11:$L$25,4),IF(AND(H173>1999,H173<2002),VLOOKUP(I173,Feuil1!$G$11:$L$25,3),VLOOKUP(I173,Feuil1!$G$11:$L$25,2)))))))","v":"S69"},242.59751480086663,null," ",{"$f":"T173-HLOOKUP(X173,Feuil1!$C$1:$BL$10,2,FALSE)","v":50},{"$f":"T173-HLOOKUP(X173,Feuil1!$C$1:$BL$10,3,FALSE)","v":30},{"$f":"T173-HLOOKUP(X173,Feuil1!$C$1:$BL$10,4,FALSE)","v":10},{"$f":"T173-HLOOKUP(X173,Feuil1!$C$1:$BL$10,5,FALSE)","v":-10},{"$f":"T173-HLOOKUP(X173,Feuil1!$C$1:$BL$10,6,FALSE)","v":-40},{"$f":"T173-HLOOKUP(X173,Feuil1!$C$1:$BL$10,7,FALSE)","v":-60},{"$f":"T173-HLOOKUP(X173,Feuil1!$C$1:$BL$10,8,FALSE)","v":-80},{"$f":"T173-HLOOKUP(X173,Feuil1!$C$1:$BL$10,9,FALSE)","v":-95},{"$f":"T173-HLOOKUP(X173,Feuil1!$C$1:$BL$10,10,FALSE)","v":-110},null,null,null,null,null,null,"REG +"]
["H","SO","MPY",83,248128,"MAURY","Fabrice",1968,68.900000000000006,"PAMIERS HC","F",75,80,-83,80,90,95,100,100,180,42.199999999999989,"REG +",10,{"$f":"IF(I174=\"\",\"\",IF(A174=\"H\",IF(OR(H174=\"SEN\",H174<1995),VLOOKUP(I174,Feuil1!$A$11:$F$29,6),IF(AND(H174>1994,H174<1998),VLOOKUP(I174,Feuil1!$A$11:$F$29,5),IF(AND(H174>1997,H174<2000),VLOOKUP(I174,Feuil1!$A$11:$F$29,4),IF(AND(H174>1999,H174<2002),VLOOKUP(I174,Feuil1!$A$11:$F$29,3),VLOOKUP(I174,Feuil1!$A$11:$F$29,2))))),IF(OR(H174=\"SEN\",H174<1995),VLOOKUP(I174,Feuil1!$G$11:$L$25,6),IF(AND(H174>1994,H174<1998),VLOOKUP(I174,Feuil1!$G$11:$L$25,5),IF(AND(H174>1997,H174<2000),VLOOKUP(I174,Feuil1!$G$11:$L$25,4),IF(AND(H174>1999,H174<2002),VLOOKUP(I174,Feuil1!$G$11:$L$25,3),VLOOKUP(I174,Feuil1!$G$11:$L$25,2)))))))","v":"S69"},242.37167270733988,null," ",{"$f":"T174-HLOOKUP(X174,Feuil1!$C$1:$BL$10,2,FALSE)","v":50},{"$f":"T174-HLOOKUP(X174,Feuil1!$C$1:$BL$10,3,FALSE)","v":30},{"$f":"T174-HLOOKUP(X174,Feuil1!$C$1:$BL$10,4,FALSE)","v":10},{"$f":"T174-HLOOKUP(X174,Feuil1!$C$1:$BL$10,5,FALSE)","v":-10},{"$f":"T174-HLOOKUP(X174,Feuil1!$C$1:$BL$10,6,FALSE)","v":-40},{"$f":"T174-HLOOKUP(X174,Feuil1!$C$1:$BL$10,7,FALSE)","v":-60},{"$f":"T174-HLOOKUP(X174,Feuil1!$C$1:$BL$10,8,FALSE)","v":-80},{"$f":"T174-HLOOKUP(X174,Feuil1!$C$1:$BL$10,9,FALSE)","v":-95},{"$f":"T174-HLOOKUP(X174,Feuil1!$C$1:$BL$10,10,FALSE)","v":-110},null,null,null,null,null,null,"REG +"]
["H","N","IDF",84,195867,"CHAPUIS","CHRISTOPHER",1985,67,"GENNEVLLIERS","F",70,75,80,80,93,98,-103,98,178,44,"REG +",8,{"$f":"IF(I175=\"\",\"\",IF(A175=\"H\",IF(OR(H175=\"SEN\",H175<1995),VLOOKUP(I175,Feuil1!$A$11:$F$29,6),IF(AND(H175>1994,H175<1998),VLOOKUP(I175,Feuil1!$A$11:$F$29,5),IF(AND(H175>1997,H175<2000),VLOOKUP(I175,Feuil1!$A$11:$F$29,4),IF(AND(H175>1999,H175<2002),VLOOKUP(I175,Feuil1!$A$11:$F$29,3),VLOOKUP(I175,Feuil1!$A$11:$F$29,2))))),IF(OR(H175=\"SEN\",H175<1995),VLOOKUP(I175,Feuil1!$G$11:$L$25,6),IF(AND(H175>1994,H175<1998),VLOOKUP(I175,Feuil1!$G$11:$L$25,5),IF(AND(H175>1997,H175<2000),VLOOKUP(I175,Feuil1!$G$11:$L$25,4),IF(AND(H175>1999,H175<2002),VLOOKUP(I175,Feuil1!$G$11:$L$25,3),VLOOKUP(I175,Feuil1!$G$11:$L$25,2)))))))","v":"S69"},244.07763653801146,null," ",{"$f":"T175-HLOOKUP(X175,Feuil1!$C$1:$BL$10,2,FALSE)","v":48},{"$f":"T175-HLOOKUP(X175,Feuil1!$C$1:$BL$10,3,FALSE)","v":28},{"$f":"T175-HLOOKUP(X175,Feuil1!$C$1:$BL$10,4,FALSE)","v":8},{"$f":"T175-HLOOKUP(X175,Feuil1!$C$1:$BL$10,5,FALSE)","v":-12},{"$f":"T175-HLOOKUP(X175,Feuil1!$C$1:$BL$10,6,FALSE)","v":-42},{"$f":"T175-HLOOKUP(X175,Feuil1!$C$1:$BL$10,7,FALSE)","v":-62},{"$f":"T175-HLOOKUP(X175,Feuil1!$C$1:$BL$10,8,FALSE)","v":-82},{"$f":"T175-HLOOKUP(X175,Feuil1!$C$1:$BL$10,9,FALSE)","v":-97},{"$f":"T175-HLOOKUP(X175,Feuil1!$C$1:$BL$10,10,FALSE)","v":-112},null,null,null,null,null,null,"REG +"]
["H","N","IDF",85,171499,"BOBIN","JEREMY",1991,67.8,"NEUILLY","F",73,-78,78,78,100,-110,-110,100,178,42.400000000000006,"REG +",8,{"$f":"IF(I176=\"\",\"\",IF(A176=\"H\",IF(OR(H176=\"SEN\",H176<1995),VLOOKUP(I176,Feuil1!$A$11:$F$29,6),IF(AND(H176>1994,H176<1998),VLOOKUP(I176,Feuil1!$A$11:$F$29,5),IF(AND(H176>1997,H176<2000),VLOOKUP(I176,Feuil1!$A$11:$F$29,4),IF(AND(H176>1999,H176<2002),VLOOKUP(I176,Feuil1!$A$11:$F$29,3),VLOOKUP(I176,Feuil1!$A$11:$F$29,2))))),IF(OR(H176=\"SEN\",H176<1995),VLOOKUP(I176,Feuil1!$G$11:$L$25,6),IF(AND(H176>1994,H176<1998),VLOOKUP(I176,Feuil1!$G$11:$L$25,5),IF(AND(H176>1997,H176<2000),VLOOKUP(I176,Feuil1!$G$11:$L$25,4),IF(AND(H176>1999,H176<2002),VLOOKUP(I176,Feuil1!$G$11:$L$25,3),VLOOKUP(I176,Feuil1!$G$11:$L$25,2)))))))","v":"S69"},242.18468087397528,null," ",{"$f":"T176-HLOOKUP(X176,Feuil1!$C$1:$BL$10,2,FALSE)","v":48},{"$f":"T176-HLOOKUP(X176,Feuil1!$C$1:$BL$10,3,FALSE)","v":28},{"$f":"T176-HLOOKUP(X176,Feuil1!$C$1:$BL$10,4,FALSE)","v":8},{"$f":"T176-HLOOKUP(X176,Feuil1!$C$1:$BL$10,5,FALSE)","v":-12},{"$f":"T176-HLOOKUP(X176,Feuil1!$C$1:$BL$10,6,FALSE)","v":-42},{"$f":"T176-HLOOKUP(X176,Feuil1!$C$1:$BL$10,7,FALSE)","v":-62},{"$f":"T176-HLOOKUP(X176,Feuil1!$C$1:$BL$10,8,FALSE)","v":-82},{"$f":"T176-HLOOKUP(X176,Feuil1!$C$1:$BL$10,9,FALSE)","v":-97},{"$f":"T176-HLOOKUP(X176,Feuil1!$C$1:$BL$10,10,FALSE)","v":-112},null,null,null,null,null,null,"REG +"]
["H","ZCO","BRE",86,195634,"PERVIER","Alix",1990,62.3,"Vannes AC","F",75,77,-79,77,95,100,-105,100,177,52.400000000000006,"REG +",7,{"$f":"IF(I177=\"\",\"\",IF(A177=\"H\",IF(OR(H177=\"SEN\",H177<1995),VLOOKUP(I177,Feuil1!$A$11:$F$29,6),IF(AND(H177>1994,H177<1998),VLOOKUP(I177,Feuil1!$A$11:$F$29,5),IF(AND(H177>1997,H177<2000),VLOOKUP(I177,Feuil1!$A$11:$F$29,4),IF(AND(H177>1999,H177<2002),VLOOKUP(I177,Feuil1!$A$11:$F$29,3),VLOOKUP(I177,Feuil1!$A$11:$F$29,2))))),IF(OR(H177=\"SEN\",H177<1995),VLOOKUP(I177,Feuil1!$G$11:$L$25,6),IF(AND(H177>1994,H177<1998),VLOOKUP(I177,Feuil1!$G$11:$L$25,5),IF(AND(H177>1997,H177<2000),VLOOKUP(I177,Feuil1!$G$11:$L$25,4),IF(AND(H177>1999,H177<2002),VLOOKUP(I177,Feuil1!$G$11:$L$25,3),VLOOKUP(I177,Feuil1!$G$11:$L$25,2)))))))","v":"S69"},255.10695051945075,null," ",{"$f":"T177-HLOOKUP(X177,Feuil1!$C$1:$BL$10,2,FALSE)","v":47},{"$f":"T177-HLOOKUP(X177,Feuil1!$C$1:$BL$10,3,FALSE)","v":27},{"$f":"T177-HLOOKUP(X177,Feuil1!$C$1:$BL$10,4,FALSE)","v":7},{"$f":"T177-HLOOKUP(X177,Feuil1!$C$1:$BL$10,5,FALSE)","v":-13},{"$f":"T177-HLOOKUP(X177,Feuil1!$C$1:$BL$10,6,FALSE)","v":-43},{"$f":"T177-HLOOKUP(X177,Feuil1!$C$1:$BL$10,7,FALSE)","v":-63},{"$f":"T177-HLOOKUP(X177,Feuil1!$C$1:$BL$10,8,FALSE)","v":-83},{"$f":"T177-HLOOKUP(X177,Feuil1!$C$1:$BL$10,9,FALSE)","v":-98},{"$f":"T177-HLOOKUP(X177,Feuil1!$C$1:$BL$10,10,FALSE)","v":-113},null,null,null,null,null,null,"REG +"]
["H","NORD","NPC",87,"000779","ROOSEBEKE","Bernard",1963,68.900000000000006,"O.GRANDE SYNTHE","F",74,78,82,82,95,-100,-100,95,177,39.199999999999989,"REG +",7,{"$f":"IF(I178=\"\",\"\",IF(A178=\"H\",IF(OR(H178=\"SEN\",H178<1995),VLOOKUP(I178,Feuil1!$A$11:$F$29,6),IF(AND(H178>1994,H178<1998),VLOOKUP(I178,Feuil1!$A$11:$F$29,5),IF(AND(H178>1997,H178<2000),VLOOKUP(I178,Feuil1!$A$11:$F$29,4),IF(AND(H178>1999,H178<2002),VLOOKUP(I178,Feuil1!$A$11:$F$29,3),VLOOKUP(I178,Feuil1!$A$11:$F$29,2))))),IF(OR(H178=\"SEN\",H178<1995),VLOOKUP(I178,Feuil1!$G$11:$L$25,6),IF(AND(H178>1994,H178<1998),VLOOKUP(I178,Feuil1!$G$11:$L$25,5),IF(AND(H178>1997,H178<2000),VLOOKUP(I178,Feuil1!$G$11:$L$25,4),IF(AND(H178>1999,H178<2002),VLOOKUP(I178,Feuil1!$G$11:$L$25,3),VLOOKUP(I178,Feuil1!$G$11:$L$25,2)))))))","v":"S69"},238.33214482888422,null," ",{"$f":"T178-HLOOKUP(X178,Feuil1!$C$1:$BL$10,2,FALSE)","v":47},{"$f":"T178-HLOOKUP(X178,Feuil1!$C$1:$BL$10,3,FALSE)","v":27},{"$f":"T178-HLOOKUP(X178,Feuil1!$C$1:$BL$10,4,FALSE)","v":7},{"$f":"T178-HLOOKUP(X178,Feuil1!$C$1:$BL$10,5,FALSE)","v":-13},{"$f":"T178-HLOOKUP(X178,Feuil1!$C$1:$BL$10,6,FALSE)","v":-43},{"$f":"T178-HLOOKUP(X178,Feuil1!$C$1:$BL$10,7,FALSE)","v":-63},{"$f":"T178-HLOOKUP(X178,Feuil1!$C$1:$BL$10,8,FALSE)","v":-83},{"$f":"T178-HLOOKUP(X178,Feuil1!$C$1:$BL$10,9,FALSE)","v":-98},{"$f":"T178-HLOOKUP(X178,Feuil1!$C$1:$BL$10,10,FALSE)","v":-113},null,null,null,null,null,null,"REG +"]
["H","SO","LIM",88,3907,"DUMET ","Eric",1980,65.3,"LIMOGES AVA","F",70,75,78,78,90,98,"x",98,176,45.400000000000006,"REG +",6,{"$f":"IF(I179=\"\",\"\",IF(A179=\"H\",IF(OR(H179=\"SEN\",H179<1995),VLOOKUP(I179,Feuil1!$A$11:$F$29,6),IF(AND(H179>1994,H179<1998),VLOOKUP(I179,Feuil1!$A$11:$F$29,5),IF(AND(H179>1997,H179<2000),VLOOKUP(I179,Feuil1!$A$11:$F$29,4),IF(AND(H179>1999,H179<2002),VLOOKUP(I179,Feuil1!$A$11:$F$29,3),VLOOKUP(I179,Feuil1!$A$11:$F$29,2))))),IF(OR(H179=\"SEN\",H179<1995),VLOOKUP(I179,Feuil1!$G$11:$L$25,6),IF(AND(H179>1994,H179<1998),VLOOKUP(I179,Feuil1!$G$11:$L$25,5),IF(AND(H179>1997,H179<2000),VLOOKUP(I179,Feuil1!$G$11:$L$25,4),IF(AND(H179>1999,H179<2002),VLOOKUP(I179,Feuil1!$G$11:$L$25,3),VLOOKUP(I179,Feuil1!$G$11:$L$25,2)))))))","v":"S69"},245.51991323766109,null," ",{"$f":"T179-HLOOKUP(X179,Feuil1!$C$1:$BL$10,2,FALSE)","v":46},{"$f":"T179-HLOOKUP(X179,Feuil1!$C$1:$BL$10,3,FALSE)","v":26},{"$f":"T179-HLOOKUP(X179,Feuil1!$C$1:$BL$10,4,FALSE)","v":6},{"$f":"T179-HLOOKUP(X179,Feuil1!$C$1:$BL$10,5,FALSE)","v":-14},{"$f":"T179-HLOOKUP(X179,Feuil1!$C$1:$BL$10,6,FALSE)","v":-44},{"$f":"T179-HLOOKUP(X179,Feuil1!$C$1:$BL$10,7,FALSE)","v":-64},{"$f":"T179-HLOOKUP(X179,Feuil1!$C$1:$BL$10,8,FALSE)","v":-84},{"$f":"T179-HLOOKUP(X179,Feuil1!$C$1:$BL$10,9,FALSE)","v":-99},{"$f":"T179-HLOOKUP(X179,Feuil1!$C$1:$BL$10,10,FALSE)","v":-114},null,null,null,null,null,null,"REG +"]
["H","N","IDF",89,32173,"SCHOLTES","ROMAIN",1983,64.3,"MELUN","F",65,70,75,75,95,100,-105,100,175,46.400000000000006,"REG +",5,{"$f":"IF(I180=\"\",\"\",IF(A180=\"H\",IF(OR(H180=\"SEN\",H180<1995),VLOOKUP(I180,Feuil1!$A$11:$F$29,6),IF(AND(H180>1994,H180<1998),VLOOKUP(I180,Feuil1!$A$11:$F$29,5),IF(AND(H180>1997,H180<2000),VLOOKUP(I180,Feuil1!$A$11:$F$29,4),IF(AND(H180>1999,H180<2002),VLOOKUP(I180,Feuil1!$A$11:$F$29,3),VLOOKUP(I180,Feuil1!$A$11:$F$29,2))))),IF(OR(H180=\"SEN\",H180<1995),VLOOKUP(I180,Feuil1!$G$11:$L$25,6),IF(AND(H180>1994,H180<1998),VLOOKUP(I180,Feuil1!$G$11:$L$25,5),IF(AND(H180>1997,H180<2000),VLOOKUP(I180,Feuil1!$G$11:$L$25,4),IF(AND(H180>1999,H180<2002),VLOOKUP(I180,Feuil1!$G$11:$L$25,3),VLOOKUP(I180,Feuil1!$G$11:$L$25,2)))))))","v":"S69"},246.71204397968046,null," ",{"$f":"T180-HLOOKUP(X180,Feuil1!$C$1:$BL$10,2,FALSE)","v":45},{"$f":"T180-HLOOKUP(X180,Feuil1!$C$1:$BL$10,3,FALSE)","v":25},{"$f":"T180-HLOOKUP(X180,Feuil1!$C$1:$BL$10,4,FALSE)","v":5},{"$f":"T180-HLOOKUP(X180,Feuil1!$C$1:$BL$10,5,FALSE)","v":-15},{"$f":"T180-HLOOKUP(X180,Feuil1!$C$1:$BL$10,6,FALSE)","v":-45},{"$f":"T180-HLOOKUP(X180,Feuil1!$C$1:$BL$10,7,FALSE)","v":-65},{"$f":"T180-HLOOKUP(X180,Feuil1!$C$1:$BL$10,8,FALSE)","v":-85},{"$f":"T180-HLOOKUP(X180,Feuil1!$C$1:$BL$10,9,FALSE)","v":-100},{"$f":"T180-HLOOKUP(X180,Feuil1!$C$1:$BL$10,10,FALSE)","v":-115},null,null,null,null,null,null,"REG +"]
["H","ZCO","CEN",90,695,"JOUVEAUX","Franck",1971,64.8,"US Tours","F",70,75,-80,75,95,100,-102,100,175,45.400000000000006,"REG +",5,{"$f":"IF(I181=\"\",\"\",IF(A181=\"H\",IF(OR(H181=\"SEN\",H181<1995),VLOOKUP(I181,Feuil1!$A$11:$F$29,6),IF(AND(H181>1994,H181<1998),VLOOKUP(I181,Feuil1!$A$11:$F$29,5),IF(AND(H181>1997,H181<2000),VLOOKUP(I181,Feuil1!$A$11:$F$29,4),IF(AND(H181>1999,H181<2002),VLOOKUP(I181,Feuil1!$A$11:$F$29,3),VLOOKUP(I181,Feuil1!$A$11:$F$29,2))))),IF(OR(H181=\"SEN\",H181<1995),VLOOKUP(I181,Feuil1!$G$11:$L$25,6),IF(AND(H181>1994,H181<1998),VLOOKUP(I181,Feuil1!$G$11:$L$25,5),IF(AND(H181>1997,H181<2000),VLOOKUP(I181,Feuil1!$G$11:$L$25,4),IF(AND(H181>1999,H181<2002),VLOOKUP(I181,Feuil1!$G$11:$L$25,3),VLOOKUP(I181,Feuil1!$G$11:$L$25,2)))))))","v":"S69"},245.40503846996421,null," ",{"$f":"T181-HLOOKUP(X181,Feuil1!$C$1:$BL$10,2,FALSE)","v":45},{"$f":"T181-HLOOKUP(X181,Feuil1!$C$1:$BL$10,3,FALSE)","v":25},{"$f":"T181-HLOOKUP(X181,Feuil1!$C$1:$BL$10,4,FALSE)","v":5},{"$f":"T181-HLOOKUP(X181,Feuil1!$C$1:$BL$10,5,FALSE)","v":-15},{"$f":"T181-HLOOKUP(X181,Feuil1!$C$1:$BL$10,6,FALSE)","v":-45},{"$f":"T181-HLOOKUP(X181,Feuil1!$C$1:$BL$10,7,FALSE)","v":-65},{"$f":"T181-HLOOKUP(X181,Feuil1!$C$1:$BL$10,8,FALSE)","v":-85},{"$f":"T181-HLOOKUP(X181,Feuil1!$C$1:$BL$10,9,FALSE)","v":-100},{"$f":"T181-HLOOKUP(X181,Feuil1!$C$1:$BL$10,10,FALSE)","v":-115},null,null,null,null,null,null,"REG +"]
["H","NE","ALS",91,384665,"BAUMEYER","PATRICK",62,66.25,"HCA Selestat","F",70,75,80,80,90,-95,95,95,175,42.5,"REG +",5,{"$f":"IF(I182=\"\",\"\",IF(A182=\"H\",IF(OR(H182=\"SEN\",H182<1995),VLOOKUP(I182,Feuil1!$A$11:$F$29,6),IF(AND(H182>1994,H182<1998),VLOOKUP(I182,Feuil1!$A$11:$F$29,5),IF(AND(H182>1997,H182<2000),VLOOKUP(I182,Feuil1!$A$11:$F$29,4),IF(AND(H182>1999,H182<2002),VLOOKUP(I182,Feuil1!$A$11:$F$29,3),VLOOKUP(I182,Feuil1!$A$11:$F$29,2))))),IF(OR(H182=\"SEN\",H182<1995),VLOOKUP(I182,Feuil1!$G$11:$L$25,6),IF(AND(H182>1994,H182<1998),VLOOKUP(I182,Feuil1!$G$11:$L$25,5),IF(AND(H182>1997,H182<2000),VLOOKUP(I182,Feuil1!$G$11:$L$25,4),IF(AND(H182>1999,H182<2002),VLOOKUP(I182,Feuil1!$G$11:$L$25,3),VLOOKUP(I182,Feuil1!$G$11:$L$25,2)))))))","v":"S69"},241.76414869928797,null," ",{"$f":"T182-HLOOKUP(X182,Feuil1!$C$1:$BL$10,2,FALSE)","v":45},{"$f":"T182-HLOOKUP(X182,Feuil1!$C$1:$BL$10,3,FALSE)","v":25},{"$f":"T182-HLOOKUP(X182,Feuil1!$C$1:$BL$10,4,FALSE)","v":5},{"$f":"T182-HLOOKUP(X182,Feuil1!$C$1:$BL$10,5,FALSE)","v":-15},{"$f":"T182-HLOOKUP(X182,Feuil1!$C$1:$BL$10,6,FALSE)","v":-45},{"$f":"T182-HLOOKUP(X182,Feuil1!$C$1:$BL$10,7,FALSE)","v":-65},{"$f":"T182-HLOOKUP(X182,Feuil1!$C$1:$BL$10,8,FALSE)","v":-85},{"$f":"T182-HLOOKUP(X182,Feuil1!$C$1:$BL$10,9,FALSE)","v":-100},{"$f":"T182-HLOOKUP(X182,Feuil1!$C$1:$BL$10,10,FALSE)","v":-115},null,null,null,null,null,null,"REG +"]
["H","SEST","RAL",92,243169,"COQUARD","Sidney",1988,67.900000000000006,"Charlieu","F",-73,73,76,76,93,98,-102,98,174,38.199999999999989,"REG +",4,{"$f":"IF(I183=\"\",\"\",IF(A183=\"H\",IF(OR(H183=\"SEN\",H183<1995),VLOOKUP(I183,Feuil1!$A$11:$F$29,6),IF(AND(H183>1994,H183<1998),VLOOKUP(I183,Feuil1!$A$11:$F$29,5),IF(AND(H183>1997,H183<2000),VLOOKUP(I183,Feuil1!$A$11:$F$29,4),IF(AND(H183>1999,H183<2002),VLOOKUP(I183,Feuil1!$A$11:$F$29,3),VLOOKUP(I183,Feuil1!$A$11:$F$29,2))))),IF(OR(H183=\"SEN\",H183<1995),VLOOKUP(I183,Feuil1!$G$11:$L$25,6),IF(AND(H183>1994,H183<1998),VLOOKUP(I183,Feuil1!$G$11:$L$25,5),IF(AND(H183>1997,H183<2000),VLOOKUP(I183,Feuil1!$G$11:$L$25,4),IF(AND(H183>1999,H183<2002),VLOOKUP(I183,Feuil1!$G$11:$L$25,3),VLOOKUP(I183,Feuil1!$G$11:$L$25,2)))))))","v":"S69"},236.51517156279945,null," ",{"$f":"T183-HLOOKUP(X183,Feuil1!$C$1:$BL$10,2,FALSE)","v":44},{"$f":"T183-HLOOKUP(X183,Feuil1!$C$1:$BL$10,3,FALSE)","v":24},{"$f":"T183-HLOOKUP(X183,Feuil1!$C$1:$BL$10,4,FALSE)","v":4},{"$f":"T183-HLOOKUP(X183,Feuil1!$C$1:$BL$10,5,FALSE)","v":-16},{"$f":"T183-HLOOKUP(X183,Feuil1!$C$1:$BL$10,6,FALSE)","v":-46},{"$f":"T183-HLOOKUP(X183,Feuil1!$C$1:$BL$10,7,FALSE)","v":-66},{"$f":"T183-HLOOKUP(X183,Feuil1!$C$1:$BL$10,8,FALSE)","v":-86},{"$f":"T183-HLOOKUP(X183,Feuil1!$C$1:$BL$10,9,FALSE)","v":-101},{"$f":"T183-HLOOKUP(X183,Feuil1!$C$1:$BL$10,10,FALSE)","v":-116},null,null,null,null,null,null,"REG +"]
["H","CO","PDL",93,3592,"VEILLARD","Miguel",1985,63.4,"CJF Laval-Voutré","F",70,73,75,75,95,-98,98,98,173,46.2,"REG +",3,{"$f":"IF(I184=\"\",\"\",IF(A184=\"H\",IF(OR(H184=\"SEN\",H184<1995),VLOOKUP(I184,Feuil1!$A$11:$F$29,6),IF(AND(H184>1994,H184<1998),VLOOKUP(I184,Feuil1!$A$11:$F$29,5),IF(AND(H184>1997,H184<2000),VLOOKUP(I184,Feuil1!$A$11:$F$29,4),IF(AND(H184>1999,H184<2002),VLOOKUP(I184,Feuil1!$A$11:$F$29,3),VLOOKUP(I184,Feuil1!$A$11:$F$29,2))))),IF(OR(H184=\"SEN\",H184<1995),VLOOKUP(I184,Feuil1!$G$11:$L$25,6),IF(AND(H184>1994,H184<1998),VLOOKUP(I184,Feuil1!$G$11:$L$25,5),IF(AND(H184>1997,H184<2000),VLOOKUP(I184,Feuil1!$G$11:$L$25,4),IF(AND(H184>1999,H184<2002),VLOOKUP(I184,Feuil1!$G$11:$L$25,3),VLOOKUP(I184,Feuil1!$G$11:$L$25,2)))))))","v":"S69"},246.2875636610276,null," ",{"$f":"T184-HLOOKUP(X184,Feuil1!$C$1:$BL$10,2,FALSE)","v":43},{"$f":"T184-HLOOKUP(X184,Feuil1!$C$1:$BL$10,3,FALSE)","v":23},{"$f":"T184-HLOOKUP(X184,Feuil1!$C$1:$BL$10,4,FALSE)","v":3},{"$f":"T184-HLOOKUP(X184,Feuil1!$C$1:$BL$10,5,FALSE)","v":-17},{"$f":"T184-HLOOKUP(X184,Feuil1!$C$1:$BL$10,6,FALSE)","v":-47},{"$f":"T184-HLOOKUP(X184,Feuil1!$C$1:$BL$10,7,FALSE)","v":-67},{"$f":"T184-HLOOKUP(X184,Feuil1!$C$1:$BL$10,8,FALSE)","v":-87},{"$f":"T184-HLOOKUP(X184,Feuil1!$C$1:$BL$10,9,FALSE)","v":-102},{"$f":"T184-HLOOKUP(X184,Feuil1!$C$1:$BL$10,10,FALSE)","v":-117},null,null,null,null,null,null,"REG +"]
["H","SEST","CAZ",94,200485,"DEMEESTER","Loic",1988,64.900000000000006,"ASLDD TOULON","F",70,73,-75,73,95,100,-103,100,173,43.199999999999989,"REG +",3,{"$f":"IF(I185=\"\",\"\",IF(A185=\"H\",IF(OR(H185=\"SEN\",H185<1995),VLOOKUP(I185,Feuil1!$A$11:$F$29,6),IF(AND(H185>1994,H185<1998),VLOOKUP(I185,Feuil1!$A$11:$F$29,5),IF(AND(H185>1997,H185<2000),VLOOKUP(I185,Feuil1!$A$11:$F$29,4),IF(AND(H185>1999,H185<2002),VLOOKUP(I185,Feuil1!$A$11:$F$29,3),VLOOKUP(I185,Feuil1!$A$11:$F$29,2))))),IF(OR(H185=\"SEN\",H185<1995),VLOOKUP(I185,Feuil1!$G$11:$L$25,6),IF(AND(H185>1994,H185<1998),VLOOKUP(I185,Feuil1!$G$11:$L$25,5),IF(AND(H185>1997,H185<2000),VLOOKUP(I185,Feuil1!$G$11:$L$25,4),IF(AND(H185>1999,H185<2002),VLOOKUP(I185,Feuil1!$G$11:$L$25,3),VLOOKUP(I185,Feuil1!$G$11:$L$25,2)))))))","v":"S69"},242.34520801064008,null," ",{"$f":"T185-HLOOKUP(X185,Feuil1!$C$1:$BL$10,2,FALSE)","v":43},{"$f":"T185-HLOOKUP(X185,Feuil1!$C$1:$BL$10,3,FALSE)","v":23},{"$f":"T185-HLOOKUP(X185,Feuil1!$C$1:$BL$10,4,FALSE)","v":3},{"$f":"T185-HLOOKUP(X185,Feuil1!$C$1:$BL$10,5,FALSE)","v":-17},{"$f":"T185-HLOOKUP(X185,Feuil1!$C$1:$BL$10,6,FALSE)","v":-47},{"$f":"T185-HLOOKUP(X185,Feuil1!$C$1:$BL$10,7,FALSE)","v":-67},{"$f":"T185-HLOOKUP(X185,Feuil1!$C$1:$BL$10,8,FALSE)","v":-87},{"$f":"T185-HLOOKUP(X185,Feuil1!$C$1:$BL$10,9,FALSE)","v":-102},{"$f":"T185-HLOOKUP(X185,Feuil1!$C$1:$BL$10,10,FALSE)","v":-117},null,null,null,null,null,null,"REG +"]
["H","ZCO","BRE",95,1313,"YVENOU","Jérôme",1980,67.7,"CA Lorient","F",70,75,78,78,90,95,-100,95,173,37.599999999999994,"REG +",3,{"$f":"IF(I186=\"\",\"\",IF(A186=\"H\",IF(OR(H186=\"SEN\",H186<1995),VLOOKUP(I186,Feuil1!$A$11:$F$29,6),IF(AND(H186>1994,H186<1998),VLOOKUP(I186,Feuil1!$A$11:$F$29,5),IF(AND(H186>1997,H186<2000),VLOOKUP(I186,Feuil1!$A$11:$F$29,4),IF(AND(H186>1999,H186<2002),VLOOKUP(I186,Feuil1!$A$11:$F$29,3),VLOOKUP(I186,Feuil1!$A$11:$F$29,2))))),IF(OR(H186=\"SEN\",H186<1995),VLOOKUP(I186,Feuil1!$G$11:$L$25,6),IF(AND(H186>1994,H186<1998),VLOOKUP(I186,Feuil1!$G$11:$L$25,5),IF(AND(H186>1997,H186<2000),VLOOKUP(I186,Feuil1!$G$11:$L$25,4),IF(AND(H186>1999,H186<2002),VLOOKUP(I186,Feuil1!$G$11:$L$25,3),VLOOKUP(I186,Feuil1!$G$11:$L$25,2)))))))","v":"S69"},235.60849648997836,null," ",{"$f":"T186-HLOOKUP(X186,Feuil1!$C$1:$BL$10,2,FALSE)","v":43},{"$f":"T186-HLOOKUP(X186,Feuil1!$C$1:$BL$10,3,FALSE)","v":23},{"$f":"T186-HLOOKUP(X186,Feuil1!$C$1:$BL$10,4,FALSE)","v":3},{"$f":"T186-HLOOKUP(X186,Feuil1!$C$1:$BL$10,5,FALSE)","v":-17},{"$f":"T186-HLOOKUP(X186,Feuil1!$C$1:$BL$10,6,FALSE)","v":-47},{"$f":"T186-HLOOKUP(X186,Feuil1!$C$1:$BL$10,7,FALSE)","v":-67},{"$f":"T186-HLOOKUP(X186,Feuil1!$C$1:$BL$10,8,FALSE)","v":-87},{"$f":"T186-HLOOKUP(X186,Feuil1!$C$1:$BL$10,9,FALSE)","v":-102},{"$f":"T186-HLOOKUP(X186,Feuil1!$C$1:$BL$10,10,FALSE)","v":-117},null,null,null,null,null,null,"REG +"]
["H","NE","ALS",96,247897,"VANOVERBEKE","JEREMY",90,68.8,"SHC Haguenau","F",70,-73,74,74,98,-102,-102,98,172,34.400000000000006,"REG +",2,{"$f":"IF(I187=\"\",\"\",IF(A187=\"H\",IF(OR(H187=\"SEN\",H187<1995),VLOOKUP(I187,Feuil1!$A$11:$F$29,6),IF(AND(H187>1994,H187<1998),VLOOKUP(I187,Feuil1!$A$11:$F$29,5),IF(AND(H187>1997,H187<2000),VLOOKUP(I187,Feuil1!$A$11:$F$29,4),IF(AND(H187>1999,H187<2002),VLOOKUP(I187,Feuil1!$A$11:$F$29,3),VLOOKUP(I187,Feuil1!$A$11:$F$29,2))))),IF(OR(H187=\"SEN\",H187<1995),VLOOKUP(I187,Feuil1!$G$11:$L$25,6),IF(AND(H187>1994,H187<1998),VLOOKUP(I187,Feuil1!$G$11:$L$25,5),IF(AND(H187>1997,H187<2000),VLOOKUP(I187,Feuil1!$G$11:$L$25,4),IF(AND(H187>1999,H187<2002),VLOOKUP(I187,Feuil1!$G$11:$L$25,3),VLOOKUP(I187,Feuil1!$G$11:$L$25,2)))))))","v":"S69"},231.81540303193921,null," ",{"$f":"T187-HLOOKUP(X187,Feuil1!$C$1:$BL$10,2,FALSE)","v":42},{"$f":"T187-HLOOKUP(X187,Feuil1!$C$1:$BL$10,3,FALSE)","v":22},{"$f":"T187-HLOOKUP(X187,Feuil1!$C$1:$BL$10,4,FALSE)","v":2},{"$f":"T187-HLOOKUP(X187,Feuil1!$C$1:$BL$10,5,FALSE)","v":-18},{"$f":"T187-HLOOKUP(X187,Feuil1!$C$1:$BL$10,6,FALSE)","v":-48},{"$f":"T187-HLOOKUP(X187,Feuil1!$C$1:$BL$10,7,FALSE)","v":-68},{"$f":"T187-HLOOKUP(X187,Feuil1!$C$1:$BL$10,8,FALSE)","v":-88},{"$f":"T187-HLOOKUP(X187,Feuil1!$C$1:$BL$10,9,FALSE)","v":-103},{"$f":"T187-HLOOKUP(X187,Feuil1!$C$1:$BL$10,10,FALSE)","v":-118},null,null,null,null,null,null,"REG +"]
["H","ZCO","CEN",97,318973,"BENAMEUR","Sidi Ahmed",1988,62.1,"CM Orléans","F",73,-76,76,76,-95,95,-97,95,171,46.8,"REG +",1,{"$f":"IF(I188=\"\",\"\",IF(A188=\"H\",IF(OR(H188=\"SEN\",H188<1995),VLOOKUP(I188,Feuil1!$A$11:$F$29,6),IF(AND(H188>1994,H188<1998),VLOOKUP(I188,Feuil1!$A$11:$F$29,5),IF(AND(H188>1997,H188<2000),VLOOKUP(I188,Feuil1!$A$11:$F$29,4),IF(AND(H188>1999,H188<2002),VLOOKUP(I188,Feuil1!$A$11:$F$29,3),VLOOKUP(I188,Feuil1!$A$11:$F$29,2))))),IF(OR(H188=\"SEN\",H188<1995),VLOOKUP(I188,Feuil1!$G$11:$L$25,6),IF(AND(H188>1994,H188<1998),VLOOKUP(I188,Feuil1!$G$11:$L$25,5),IF(AND(H188>1997,H188<2000),VLOOKUP(I188,Feuil1!$G$11:$L$25,4),IF(AND(H188>1999,H188<2002),VLOOKUP(I188,Feuil1!$G$11:$L$25,3),VLOOKUP(I188,Feuil1!$G$11:$L$25,2)))))))","v":"S69"},247.02361357522091,null," ",{"$f":"T188-HLOOKUP(X188,Feuil1!$C$1:$BL$10,2,FALSE)","v":41},{"$f":"T188-HLOOKUP(X188,Feuil1!$C$1:$BL$10,3,FALSE)","v":21},{"$f":"T188-HLOOKUP(X188,Feuil1!$C$1:$BL$10,4,FALSE)","v":1},{"$f":"T188-HLOOKUP(X188,Feuil1!$C$1:$BL$10,5,FALSE)","v":-19},{"$f":"T188-HLOOKUP(X188,Feuil1!$C$1:$BL$10,6,FALSE)","v":-49},{"$f":"T188-HLOOKUP(X188,Feuil1!$C$1:$BL$10,7,FALSE)","v":-69},{"$f":"T188-HLOOKUP(X188,Feuil1!$C$1:$BL$10,8,FALSE)","v":-89},{"$f":"T188-HLOOKUP(X188,Feuil1!$C$1:$BL$10,9,FALSE)","v":-104},{"$f":"T188-HLOOKUP(X188,Feuil1!$C$1:$BL$10,10,FALSE)","v":-119},null,null,null,null,null,null,"REG +"]
["H","ZCO","BRE",98,258132,"RYO","Jean Marie",1992,65.400000000000006,"ES Saint Avé","F",-72,72,76,76,87,-95,95,95,171,40.199999999999989,"REG +",1,{"$f":"IF(I189=\"\",\"\",IF(A189=\"H\",IF(OR(H189=\"SEN\",H189<1995),VLOOKUP(I189,Feuil1!$A$11:$F$29,6),IF(AND(H189>1994,H189<1998),VLOOKUP(I189,Feuil1!$A$11:$F$29,5),IF(AND(H189>1997,H189<2000),VLOOKUP(I189,Feuil1!$A$11:$F$29,4),IF(AND(H189>1999,H189<2002),VLOOKUP(I189,Feuil1!$A$11:$F$29,3),VLOOKUP(I189,Feuil1!$A$11:$F$29,2))))),IF(OR(H189=\"SEN\",H189<1995),VLOOKUP(I189,Feuil1!$G$11:$L$25,6),IF(AND(H189>1994,H189<1998),VLOOKUP(I189,Feuil1!$G$11:$L$25,5),IF(AND(H189>1997,H189<2000),VLOOKUP(I189,Feuil1!$G$11:$L$25,4),IF(AND(H189>1999,H189<2002),VLOOKUP(I189,Feuil1!$G$11:$L$25,3),VLOOKUP(I189,Feuil1!$G$11:$L$25,2)))))))","v":"S69"},238.2978317188541,null," ",{"$f":"T189-HLOOKUP(X189,Feuil1!$C$1:$BL$10,2,FALSE)","v":41},{"$f":"T189-HLOOKUP(X189,Feuil1!$C$1:$BL$10,3,FALSE)","v":21},{"$f":"T189-HLOOKUP(X189,Feuil1!$C$1:$BL$10,4,FALSE)","v":1},{"$f":"T189-HLOOKUP(X189,Feuil1!$C$1:$BL$10,5,FALSE)","v":-19},{"$f":"T189-HLOOKUP(X189,Feuil1!$C$1:$BL$10,6,FALSE)","v":-49},{"$f":"T189-HLOOKUP(X189,Feuil1!$C$1:$BL$10,7,FALSE)","v":-69},{"$f":"T189-HLOOKUP(X189,Feuil1!$C$1:$BL$10,8,FALSE)","v":-89},{"$f":"T189-HLOOKUP(X189,Feuil1!$C$1:$BL$10,9,FALSE)","v":-104},{"$f":"T189-HLOOKUP(X189,Feuil1!$C$1:$BL$10,10,FALSE)","v":-119},null,null,null,null,null,null,"REG +"]
["H","SEST","RAL",99,364003,"BORNUAT","Christopher",1986,67,"C.H. L'ARBRESLE","F",70,-80,-80,70,95,101,-104,101,171,37,"REG +",1,{"$f":"IF(I190=\"\",\"\",IF(A190=\"H\",IF(OR(H190=\"SEN\",H190<1995),VLOOKUP(I190,Feuil1!$A$11:$F$29,6),IF(AND(H190>1994,H190<1998),VLOOKUP(I190,Feuil1!$A$11:$F$29,5),IF(AND(H190>1997,H190<2000),VLOOKUP(I190,Feuil1!$A$11:$F$29,4),IF(AND(H190>1999,H190<2002),VLOOKUP(I190,Feuil1!$A$11:$F$29,3),VLOOKUP(I190,Feuil1!$A$11:$F$29,2))))),IF(OR(H190=\"SEN\",H190<1995),VLOOKUP(I190,Feuil1!$G$11:$L$25,6),IF(AND(H190>1994,H190<1998),VLOOKUP(I190,Feuil1!$G$11:$L$25,5),IF(AND(H190>1997,H190<2000),VLOOKUP(I190,Feuil1!$G$11:$L$25,4),IF(AND(H190>1999,H190<2002),VLOOKUP(I190,Feuil1!$G$11:$L$25,3),VLOOKUP(I190,Feuil1!$G$11:$L$25,2)))))))","v":"S69"},234.47907779775258,null," ",{"$f":"T190-HLOOKUP(X190,Feuil1!$C$1:$BL$10,2,FALSE)","v":41},{"$f":"T190-HLOOKUP(X190,Feuil1!$C$1:$BL$10,3,FALSE)","v":21},{"$f":"T190-HLOOKUP(X190,Feuil1!$C$1:$BL$10,4,FALSE)","v":1},{"$f":"T190-HLOOKUP(X190,Feuil1!$C$1:$BL$10,5,FALSE)","v":-19},{"$f":"T190-HLOOKUP(X190,Feuil1!$C$1:$BL$10,6,FALSE)","v":-49},{"$f":"T190-HLOOKUP(X190,Feuil1!$C$1:$BL$10,7,FALSE)","v":-69},{"$f":"T190-HLOOKUP(X190,Feuil1!$C$1:$BL$10,8,FALSE)","v":-89},{"$f":"T190-HLOOKUP(X190,Feuil1!$C$1:$BL$10,9,FALSE)","v":-104},{"$f":"T190-HLOOKUP(X190,Feuil1!$C$1:$BL$10,10,FALSE)","v":-119},null,null,null,null,null,null,"REG +"]
["H","NORD","NPC",100,141063,"CAPIOMONT","Frédéric",1990,63.3,"LOMME","F",70,75,-80,75,90,95,"-",95,170,43.400000000000006,"REG +",0,{"$f":"IF(I191=\"\",\"\",IF(A191=\"H\",IF(OR(H191=\"SEN\",H191<1995),VLOOKUP(I191,Feuil1!$A$11:$F$29,6),IF(AND(H191>1994,H191<1998),VLOOKUP(I191,Feuil1!$A$11:$F$29,5),IF(AND(H191>1997,H191<2000),VLOOKUP(I191,Feuil1!$A$11:$F$29,4),IF(AND(H191>1999,H191<2002),VLOOKUP(I191,Feuil1!$A$11:$F$29,3),VLOOKUP(I191,Feuil1!$A$11:$F$29,2))))),IF(OR(H191=\"SEN\",H191<1995),VLOOKUP(I191,Feuil1!$G$11:$L$25,6),IF(AND(H191>1994,H191<1998),VLOOKUP(I191,Feuil1!$G$11:$L$25,5),IF(AND(H191>1997,H191<2000),VLOOKUP(I191,Feuil1!$G$11:$L$25,4),IF(AND(H191>1999,H191<2002),VLOOKUP(I191,Feuil1!$G$11:$L$25,3),VLOOKUP(I191,Feuil1!$G$11:$L$25,2)))))))","v":"S69"},242.2837495378289,null," ",{"$f":"T191-HLOOKUP(X191,Feuil1!$C$1:$BL$10,2,FALSE)","v":40},{"$f":"T191-HLOOKUP(X191,Feuil1!$C$1:$BL$10,3,FALSE)","v":20},{"$f":"T191-HLOOKUP(X191,Feuil1!$C$1:$BL$10,4,FALSE)","v":0},{"$f":"T191-HLOOKUP(X191,Feuil1!$C$1:$BL$10,5,FALSE)","v":-20},{"$f":"T191-HLOOKUP(X191,Feuil1!$C$1:$BL$10,6,FALSE)","v":-50},{"$f":"T191-HLOOKUP(X191,Feuil1!$C$1:$BL$10,7,FALSE)","v":-70},{"$f":"T191-HLOOKUP(X191,Feuil1!$C$1:$BL$10,8,FALSE)","v":-90},{"$f":"T191-HLOOKUP(X191,Feuil1!$C$1:$BL$10,9,FALSE)","v":-105},{"$f":"T191-HLOOKUP(X191,Feuil1!$C$1:$BL$10,10,FALSE)","v":-120},null,null,null,null,null,null,"REG +"]
["H","NE","BOU",101,366144,"FAVRETTO","Robin",1990,66.5,"Olympique Mâcon","F",65,70,75,75,85,90,95,95,170,37,"REG +",0,{"$f":"IF(I192=\"\",\"\",IF(A192=\"H\",IF(OR(H192=\"SEN\",H192<1995),VLOOKUP(I192,Feuil1!$A$11:$F$29,6),IF(AND(H192>1994,H192<1998),VLOOKUP(I192,Feuil1!$A$11:$F$29,5),IF(AND(H192>1997,H192<2000),VLOOKUP(I192,Feuil1!$A$11:$F$29,4),IF(AND(H192>1999,H192<2002),VLOOKUP(I192,Feuil1!$A$11:$F$29,3),VLOOKUP(I192,Feuil1!$A$11:$F$29,2))))),IF(OR(H192=\"SEN\",H192<1995),VLOOKUP(I192,Feuil1!$G$11:$L$25,6),IF(AND(H192>1994,H192<1998),VLOOKUP(I192,Feuil1!$G$11:$L$25,5),IF(AND(H192>1997,H192<2000),VLOOKUP(I192,Feuil1!$G$11:$L$25,4),IF(AND(H192>1999,H192<2002),VLOOKUP(I192,Feuil1!$G$11:$L$25,3),VLOOKUP(I192,Feuil1!$G$11:$L$25,2)))))))","v":"S69"},234.26776032691114,null," ",{"$f":"T192-HLOOKUP(X192,Feuil1!$C$1:$BL$10,2,FALSE)","v":40},{"$f":"T192-HLOOKUP(X192,Feuil1!$C$1:$BL$10,3,FALSE)","v":20},{"$f":"T192-HLOOKUP(X192,Feuil1!$C$1:$BL$10,4,FALSE)","v":0},{"$f":"T192-HLOOKUP(X192,Feuil1!$C$1:$BL$10,5,FALSE)","v":-20},{"$f":"T192-HLOOKUP(X192,Feuil1!$C$1:$BL$10,6,FALSE)","v":-50},{"$f":"T192-HLOOKUP(X192,Feuil1!$C$1:$BL$10,7,FALSE)","v":-70},{"$f":"T192-HLOOKUP(X192,Feuil1!$C$1:$BL$10,8,FALSE)","v":-90},{"$f":"T192-HLOOKUP(X192,Feuil1!$C$1:$BL$10,9,FALSE)","v":-105},{"$f":"T192-HLOOKUP(X192,Feuil1!$C$1:$BL$10,10,FALSE)","v":-120},null,null,null,null,null,null,"REG +"]
["H","SEST","RAL",102,208743,"CHAMBEFORT","Benjamin",1989,67.3,"CH Ansois","F",68,71,73,73,87,92,97,97,170,35.400000000000006,"REG +",0,{"$f":"IF(I193=\"\",\"\",IF(A193=\"H\",IF(OR(H193=\"SEN\",H193<1995),VLOOKUP(I193,Feuil1!$A$11:$F$29,6),IF(AND(H193>1994,H193<1998),VLOOKUP(I193,Feuil1!$A$11:$F$29,5),IF(AND(H193>1997,H193<2000),VLOOKUP(I193,Feuil1!$A$11:$F$29,4),IF(AND(H193>1999,H193<2002),VLOOKUP(I193,Feuil1!$A$11:$F$29,3),VLOOKUP(I193,Feuil1!$A$11:$F$29,2))))),IF(OR(H193=\"SEN\",H193<1995),VLOOKUP(I193,Feuil1!$G$11:$L$25,6),IF(AND(H193>1994,H193<1998),VLOOKUP(I193,Feuil1!$G$11:$L$25,5),IF(AND(H193>1997,H193<2000),VLOOKUP(I193,Feuil1!$G$11:$L$25,4),IF(AND(H193>1999,H193<2002),VLOOKUP(I193,Feuil1!$G$11:$L$25,3),VLOOKUP(I193,Feuil1!$G$11:$L$25,2)))))))","v":"S69"},232.42307927340616,null," ",{"$f":"T193-HLOOKUP(X193,Feuil1!$C$1:$BL$10,2,FALSE)","v":40},{"$f":"T193-HLOOKUP(X193,Feuil1!$C$1:$BL$10,3,FALSE)","v":20},{"$f":"T193-HLOOKUP(X193,Feuil1!$C$1:$BL$10,4,FALSE)","v":0},{"$f":"T193-HLOOKUP(X193,Feuil1!$C$1:$BL$10,5,FALSE)","v":-20},{"$f":"T193-HLOOKUP(X193,Feuil1!$C$1:$BL$10,6,FALSE)","v":-50},{"$f":"T193-HLOOKUP(X193,Feuil1!$C$1:$BL$10,7,FALSE)","v":-70},{"$f":"T193-HLOOKUP(X193,Feuil1!$C$1:$BL$10,8,FALSE)","v":-90},{"$f":"T193-HLOOKUP(X193,Feuil1!$C$1:$BL$10,9,FALSE)","v":-105},{"$f":"T193-HLOOKUP(X193,Feuil1!$C$1:$BL$10,10,FALSE)","v":-120},null,null,null,null,null,null,"REG +"]
["H","ZCO","BRE",103,5558,"LECHEVALIER","Renaud",1974,68.2,"CHM Plouhinec PR","F",65,70,75,75,85,90,95,95,170,33.599999999999994,"REG +",0,{"$f":"IF(I194=\"\",\"\",IF(A194=\"H\",IF(OR(H194=\"SEN\",H194<1995),VLOOKUP(I194,Feuil1!$A$11:$F$29,6),IF(AND(H194>1994,H194<1998),VLOOKUP(I194,Feuil1!$A$11:$F$29,5),IF(AND(H194>1997,H194<2000),VLOOKUP(I194,Feuil1!$A$11:$F$29,4),IF(AND(H194>1999,H194<2002),VLOOKUP(I194,Feuil1!$A$11:$F$29,3),VLOOKUP(I194,Feuil1!$A$11:$F$29,2))))),IF(OR(H194=\"SEN\",H194<1995),VLOOKUP(I194,Feuil1!$G$11:$L$25,6),IF(AND(H194>1994,H194<1998),VLOOKUP(I194,Feuil1!$G$11:$L$25,5),IF(AND(H194>1997,H194<2000),VLOOKUP(I194,Feuil1!$G$11:$L$25,4),IF(AND(H194>1999,H194<2002),VLOOKUP(I194,Feuil1!$G$11:$L$25,3),VLOOKUP(I194,Feuil1!$G$11:$L$25,2)))))))","v":"S69"},230.41752395304761,null," ",{"$f":"T194-HLOOKUP(X194,Feuil1!$C$1:$BL$10,2,FALSE)","v":40},{"$f":"T194-HLOOKUP(X194,Feuil1!$C$1:$BL$10,3,FALSE)","v":20},{"$f":"T194-HLOOKUP(X194,Feuil1!$C$1:$BL$10,4,FALSE)","v":0},{"$f":"T194-HLOOKUP(X194,Feuil1!$C$1:$BL$10,5,FALSE)","v":-20},{"$f":"T194-HLOOKUP(X194,Feuil1!$C$1:$BL$10,6,FALSE)","v":-50},{"$f":"T194-HLOOKUP(X194,Feuil1!$C$1:$BL$10,7,FALSE)","v":-70},{"$f":"T194-HLOOKUP(X194,Feuil1!$C$1:$BL$10,8,FALSE)","v":-90},{"$f":"T194-HLOOKUP(X194,Feuil1!$C$1:$BL$10,9,FALSE)","v":-105},{"$f":"T194-HLOOKUP(X194,Feuil1!$C$1:$BL$10,10,FALSE)","v":-120},null,null,null,null,null,null,"REG +"]
["H","N","IDF",104,358106,"ABBA","CHAFIK",1992,68.599999999999994,"NEUILLY","F",72,75,-77,75,92,-95,95,95,170,32.800000000000011,"REG +",0,{"$f":"IF(I195=\"\",\"\",IF(A195=\"H\",IF(OR(H195=\"SEN\",H195<1995),VLOOKUP(I195,Feuil1!$A$11:$F$29,6),IF(AND(H195>1994,H195<1998),VLOOKUP(I195,Feuil1!$A$11:$F$29,5),IF(AND(H195>1997,H195<2000),VLOOKUP(I195,Feuil1!$A$11:$F$29,4),IF(AND(H195>1999,H195<2002),VLOOKUP(I195,Feuil1!$A$11:$F$29,3),VLOOKUP(I195,Feuil1!$A$11:$F$29,2))))),IF(OR(H195=\"SEN\",H195<1995),VLOOKUP(I195,Feuil1!$G$11:$L$25,6),IF(AND(H195>1994,H195<1998),VLOOKUP(I195,Feuil1!$G$11:$L$25,5),IF(AND(H195>1997,H195<2000),VLOOKUP(I195,Feuil1!$G$11:$L$25,4),IF(AND(H195>1999,H195<2002),VLOOKUP(I195,Feuil1!$G$11:$L$25,3),VLOOKUP(I195,Feuil1!$G$11:$L$25,2)))))))","v":"S69"},229.54900196305019,null," ",{"$f":"T195-HLOOKUP(X195,Feuil1!$C$1:$BL$10,2,FALSE)","v":40},{"$f":"T195-HLOOKUP(X195,Feuil1!$C$1:$BL$10,3,FALSE)","v":20},{"$f":"T195-HLOOKUP(X195,Feuil1!$C$1:$BL$10,4,FALSE)","v":0},{"$f":"T195-HLOOKUP(X195,Feuil1!$C$1:$BL$10,5,FALSE)","v":-20},{"$f":"T195-HLOOKUP(X195,Feuil1!$C$1:$BL$10,6,FALSE)","v":-50},{"$f":"T195-HLOOKUP(X195,Feuil1!$C$1:$BL$10,7,FALSE)","v":-70},{"$f":"T195-HLOOKUP(X195,Feuil1!$C$1:$BL$10,8,FALSE)","v":-90},{"$f":"T195-HLOOKUP(X195,Feuil1!$C$1:$BL$10,9,FALSE)","v":-105},{"$f":"T195-HLOOKUP(X195,Feuil1!$C$1:$BL$10,10,FALSE)","v":-120},null,null,null,null,null,null,"REG +"]
["H","SEST","AUV",105,375910,"LEVEQUE","Julien",1982,68.599999999999994,"CHM AURILLAC",null,-70,70,75,75,90,95,-100,95,170,32.800000000000011,"REG +",0,{"$f":"IF(I196=\"\",\"\",IF(A196=\"H\",IF(OR(H196=\"SEN\",H196<1995),VLOOKUP(I196,Feuil1!$A$11:$F$29,6),IF(AND(H196>1994,H196<1998),VLOOKUP(I196,Feuil1!$A$11:$F$29,5),IF(AND(H196>1997,H196<2000),VLOOKUP(I196,Feuil1!$A$11:$F$29,4),IF(AND(H196>1999,H196<2002),VLOOKUP(I196,Feuil1!$A$11:$F$29,3),VLOOKUP(I196,Feuil1!$A$11:$F$29,2))))),IF(OR(H196=\"SEN\",H196<1995),VLOOKUP(I196,Feuil1!$G$11:$L$25,6),IF(AND(H196>1994,H196<1998),VLOOKUP(I196,Feuil1!$G$11:$L$25,5),IF(AND(H196>1997,H196<2000),VLOOKUP(I196,Feuil1!$G$11:$L$25,4),IF(AND(H196>1999,H196<2002),VLOOKUP(I196,Feuil1!$G$11:$L$25,3),VLOOKUP(I196,Feuil1!$G$11:$L$25,2)))))))","v":"S69"},229.54900196305019,null," ",{"$f":"T196-HLOOKUP(X196,Feuil1!$C$1:$BL$10,2,FALSE)","v":40},{"$f":"T196-HLOOKUP(X196,Feuil1!$C$1:$BL$10,3,FALSE)","v":20},{"$f":"T196-HLOOKUP(X196,Feuil1!$C$1:$BL$10,4,FALSE)","v":0},{"$f":"T196-HLOOKUP(X196,Feuil1!$C$1:$BL$10,5,FALSE)","v":-20},{"$f":"T196-HLOOKUP(X196,Feuil1!$C$1:$BL$10,6,FALSE)","v":-50},{"$f":"T196-HLOOKUP(X196,Feuil1!$C$1:$BL$10,7,FALSE)","v":-70},{"$f":"T196-HLOOKUP(X196,Feuil1!$C$1:$BL$10,8,FALSE)","v":-90},{"$f":"T196-HLOOKUP(X196,Feuil1!$C$1:$BL$10,9,FALSE)","v":-105},{"$f":"T196-HLOOKUP(X196,Feuil1!$C$1:$BL$10,10,FALSE)","v":-120},null,null,null,null,null,null,"REG +"]
["H","DOM","GUA",106,383968,"JEAN BAPTISTE","Lesly",1988,68.599999999999994,"AHCS/Pointois","Hai",70,75,78,78,85,90,92,92,170,32.800000000000011,"REG +",0,{"$f":"IF(I197=\"\",\"\",IF(A197=\"H\",IF(OR(H197=\"SEN\",H197<1995),VLOOKUP(I197,Feuil1!$A$11:$F$29,6),IF(AND(H197>1994,H197<1998),VLOOKUP(I197,Feuil1!$A$11:$F$29,5),IF(AND(H197>1997,H197<2000),VLOOKUP(I197,Feuil1!$A$11:$F$29,4),IF(AND(H197>1999,H197<2002),VLOOKUP(I197,Feuil1!$A$11:$F$29,3),VLOOKUP(I197,Feuil1!$A$11:$F$29,2))))),IF(OR(H197=\"SEN\",H197<1995),VLOOKUP(I197,Feuil1!$G$11:$L$25,6),IF(AND(H197>1994,H197<1998),VLOOKUP(I197,Feuil1!$G$11:$L$25,5),IF(AND(H197>1997,H197<2000),VLOOKUP(I197,Feuil1!$G$11:$L$25,4),IF(AND(H197>1999,H197<2002),VLOOKUP(I197,Feuil1!$G$11:$L$25,3),VLOOKUP(I197,Feuil1!$G$11:$L$25,2)))))))","v":"S69"},229.54900196305019,null," ",{"$f":"T197-HLOOKUP(X197,Feuil1!$C$1:$BL$10,2,FALSE)","v":40},{"$f":"T197-HLOOKUP(X197,Feuil1!$C$1:$BL$10,3,FALSE)","v":20},{"$f":"T197-HLOOKUP(X197,Feuil1!$C$1:$BL$10,4,FALSE)","v":0},{"$f":"T197-HLOOKUP(X197,Feuil1!$C$1:$BL$10,5,FALSE)","v":-20},{"$f":"T197-HLOOKUP(X197,Feuil1!$C$1:$BL$10,6,FALSE)","v":-50},{"$f":"T197-HLOOKUP(X197,Feuil1!$C$1:$BL$10,7,FALSE)","v":-70},{"$f":"T197-HLOOKUP(X197,Feuil1!$C$1:$BL$10,8,FALSE)","v":-90},{"$f":"T197-HLOOKUP(X197,Feuil1!$C$1:$BL$10,9,FALSE)","v":-105},{"$f":"T197-HLOOKUP(X197,Feuil1!$C$1:$BL$10,10,FALSE)","v":-120},null,null,null,null,null,null,"REG +"]
["H","N","IDF",107,359902,"DEMAACK","ALEXIS",1987,68.7,"SA MONTMARTRE","F",70,-75,75,75,90,95,-100,95,170,32.599999999999994,"REG +",0,{"$f":"IF(I198=\"\",\"\",IF(A198=\"H\",IF(OR(H198=\"SEN\",H198<1995),VLOOKUP(I198,Feuil1!$A$11:$F$29,6),IF(AND(H198>1994,H198<1998),VLOOKUP(I198,Feuil1!$A$11:$F$29,5),IF(AND(H198>1997,H198<2000),VLOOKUP(I198,Feuil1!$A$11:$F$29,4),IF(AND(H198>1999,H198<2002),VLOOKUP(I198,Feuil1!$A$11:$F$29,3),VLOOKUP(I198,Feuil1!$A$11:$F$29,2))))),IF(OR(H198=\"SEN\",H198<1995),VLOOKUP(I198,Feuil1!$G$11:$L$25,6),IF(AND(H198>1994,H198<1998),VLOOKUP(I198,Feuil1!$G$11:$L$25,5),IF(AND(H198>1997,H198<2000),VLOOKUP(I198,Feuil1!$G$11:$L$25,4),IF(AND(H198>1999,H198<2002),VLOOKUP(I198,Feuil1!$G$11:$L$25,3),VLOOKUP(I198,Feuil1!$G$11:$L$25,2)))))))","v":"S69"},229.33401436304663,null," ",{"$f":"T198-HLOOKUP(X198,Feuil1!$C$1:$BL$10,2,FALSE)","v":40},{"$f":"T198-HLOOKUP(X198,Feuil1!$C$1:$BL$10,3,FALSE)","v":20},{"$f":"T198-HLOOKUP(X198,Feuil1!$C$1:$BL$10,4,FALSE)","v":0},{"$f":"T198-HLOOKUP(X198,Feuil1!$C$1:$BL$10,5,FALSE)","v":-20},{"$f":"T198-HLOOKUP(X198,Feuil1!$C$1:$BL$10,6,FALSE)","v":-50},{"$f":"T198-HLOOKUP(X198,Feuil1!$C$1:$BL$10,7,FALSE)","v":-70},{"$f":"T198-HLOOKUP(X198,Feuil1!$C$1:$BL$10,8,FALSE)","v":-90},{"$f":"T198-HLOOKUP(X198,Feuil1!$C$1:$BL$10,9,FALSE)","v":-105},{"$f":"T198-HLOOKUP(X198,Feuil1!$C$1:$BL$10,10,FALSE)","v":-120},null,null,null,null,null,null,"REG +"]
["H","N","IDF",108,380138,"GODET","MATHIEU",1989,68.8,"US METRO","F",70,-75,-75,70,95,100,-105,100,170,32.400000000000006,"REG +",0,{"$f":"IF(I199=\"\",\"\",IF(A199=\"H\",IF(OR(H199=\"SEN\",H199<1995),VLOOKUP(I199,Feuil1!$A$11:$F$29,6),IF(AND(H199>1994,H199<1998),VLOOKUP(I199,Feuil1!$A$11:$F$29,5),IF(AND(H199>1997,H199<2000),VLOOKUP(I199,Feuil1!$A$11:$F$29,4),IF(AND(H199>1999,H199<2002),VLOOKUP(I199,Feuil1!$A$11:$F$29,3),VLOOKUP(I199,Feuil1!$A$11:$F$29,2))))),IF(OR(H199=\"SEN\",H199<1995),VLOOKUP(I199,Feuil1!$G$11:$L$25,6),IF(AND(H199>1994,H199<1998),VLOOKUP(I199,Feuil1!$G$11:$L$25,5),IF(AND(H199>1997,H199<2000),VLOOKUP(I199,Feuil1!$G$11:$L$25,4),IF(AND(H199>1999,H199<2002),VLOOKUP(I199,Feuil1!$G$11:$L$25,3),VLOOKUP(I199,Feuil1!$G$11:$L$25,2)))))))","v":"S69"},229.11987508970736,null," ",{"$f":"T199-HLOOKUP(X199,Feuil1!$C$1:$BL$10,2,FALSE)","v":40},{"$f":"T199-HLOOKUP(X199,Feuil1!$C$1:$BL$10,3,FALSE)","v":20},{"$f":"T199-HLOOKUP(X199,Feuil1!$C$1:$BL$10,4,FALSE)","v":0},{"$f":"T199-HLOOKUP(X199,Feuil1!$C$1:$BL$10,5,FALSE)","v":-20},{"$f":"T199-HLOOKUP(X199,Feuil1!$C$1:$BL$10,6,FALSE)","v":-50},{"$f":"T199-HLOOKUP(X199,Feuil1!$C$1:$BL$10,7,FALSE)","v":-70},{"$f":"T199-HLOOKUP(X199,Feuil1!$C$1:$BL$10,8,FALSE)","v":-90},{"$f":"T199-HLOOKUP(X199,Feuil1!$C$1:$BL$10,9,FALSE)","v":-105},{"$f":"T199-HLOOKUP(X199,Feuil1!$C$1:$BL$10,10,FALSE)","v":-120},null,null,null,null,null,null,"REG +"]
["H","NE","FCO",109,377508,"ALI MESSAOUDI","Karim",1985,69,"LF Besançon","F",68,72,74,74,-87,88,96,96,170,32,"REG +",0,{"$f":"IF(I200=\"\",\"\",IF(A200=\"H\",IF(OR(H200=\"SEN\",H200<1995),VLOOKUP(I200,Feuil1!$A$11:$F$29,6),IF(AND(H200>1994,H200<1998),VLOOKUP(I200,Feuil1!$A$11:$F$29,5),IF(AND(H200>1997,H200<2000),VLOOKUP(I200,Feuil1!$A$11:$F$29,4),IF(AND(H200>1999,H200<2002),VLOOKUP(I200,Feuil1!$A$11:$F$29,3),VLOOKUP(I200,Feuil1!$A$11:$F$29,2))))),IF(OR(H200=\"SEN\",H200<1995),VLOOKUP(I200,Feuil1!$G$11:$L$25,6),IF(AND(H200>1994,H200<1998),VLOOKUP(I200,Feuil1!$G$11:$L$25,5),IF(AND(H200>1997,H200<2000),VLOOKUP(I200,Feuil1!$G$11:$L$25,4),IF(AND(H200>1999,H200<2002),VLOOKUP(I200,Feuil1!$G$11:$L$25,3),VLOOKUP(I200,Feuil1!$G$11:$L$25,2)))))))","v":"S69"},228.69412409699078,null," ",{"$f":"T200-HLOOKUP(X200,Feuil1!$C$1:$BL$10,2,FALSE)","v":40},{"$f":"T200-HLOOKUP(X200,Feuil1!$C$1:$BL$10,3,FALSE)","v":20},{"$f":"T200-HLOOKUP(X200,Feuil1!$C$1:$BL$10,4,FALSE)","v":0},{"$f":"T200-HLOOKUP(X200,Feuil1!$C$1:$BL$10,5,FALSE)","v":-20},{"$f":"T200-HLOOKUP(X200,Feuil1!$C$1:$BL$10,6,FALSE)","v":-50},{"$f":"T200-HLOOKUP(X200,Feuil1!$C$1:$BL$10,7,FALSE)","v":-70},{"$f":"T200-HLOOKUP(X200,Feuil1!$C$1:$BL$10,8,FALSE)","v":-90},{"$f":"T200-HLOOKUP(X200,Feuil1!$C$1:$BL$10,9,FALSE)","v":-105},{"$f":"T200-HLOOKUP(X200,Feuil1!$C$1:$BL$10,10,FALSE)","v":-120},null,null,null,null,null,null,"REG +"]
["H","NE","FCO",110,377508,"ALI-MESSAOUDI","Karim",1985,69,"LF Besançon","F",68,72,74,74,-87,88,96,96,170,32,"REG +",0,{"$f":"IF(I201=\"\",\"\",IF(A201=\"H\",IF(OR(H201=\"SEN\",H201<1995),VLOOKUP(I201,Feuil1!$A$11:$F$29,6),IF(AND(H201>1994,H201<1998),VLOOKUP(I201,Feuil1!$A$11:$F$29,5),IF(AND(H201>1997,H201<2000),VLOOKUP(I201,Feuil1!$A$11:$F$29,4),IF(AND(H201>1999,H201<2002),VLOOKUP(I201,Feuil1!$A$11:$F$29,3),VLOOKUP(I201,Feuil1!$A$11:$F$29,2))))),IF(OR(H201=\"SEN\",H201<1995),VLOOKUP(I201,Feuil1!$G$11:$L$25,6),IF(AND(H201>1994,H201<1998),VLOOKUP(I201,Feuil1!$G$11:$L$25,5),IF(AND(H201>1997,H201<2000),VLOOKUP(I201,Feuil1!$G$11:$L$25,4),IF(AND(H201>1999,H201<2002),VLOOKUP(I201,Feuil1!$G$11:$L$25,3),VLOOKUP(I201,Feuil1!$G$11:$L$25,2)))))))","v":"S69"},228.69412409699078,null," ",{"$f":"T201-HLOOKUP(X201,Feuil1!$C$1:$BL$10,2,FALSE)","v":40},{"$f":"T201-HLOOKUP(X201,Feuil1!$C$1:$BL$10,3,FALSE)","v":20},{"$f":"T201-HLOOKUP(X201,Feuil1!$C$1:$BL$10,4,FALSE)","v":0},{"$f":"T201-HLOOKUP(X201,Feuil1!$C$1:$BL$10,5,FALSE)","v":-20},{"$f":"T201-HLOOKUP(X201,Feuil1!$C$1:$BL$10,6,FALSE)","v":-50},{"$f":"T201-HLOOKUP(X201,Feuil1!$C$1:$BL$10,7,FALSE)","v":-70},{"$f":"T201-HLOOKUP(X201,Feuil1!$C$1:$BL$10,8,FALSE)","v":-90},{"$f":"T201-HLOOKUP(X201,Feuil1!$C$1:$BL$10,9,FALSE)","v":-105},{"$f":"T201-HLOOKUP(X201,Feuil1!$C$1:$BL$10,10,FALSE)","v":-120},null,null,null,null,null,null,"REG +"]
["H","NE","ALS",111,5715,"DA SILVA","JEROME",79,63.1,"CHM Andlau","F",70,75,78,78,90,-96,-97,90,168,41.8,"DEP +",18,{"$f":"IF(I202=\"\",\"\",IF(A202=\"H\",IF(OR(H202=\"SEN\",H202<1995),VLOOKUP(I202,Feuil1!$A$11:$F$29,6),IF(AND(H202>1994,H202<1998),VLOOKUP(I202,Feuil1!$A$11:$F$29,5),IF(AND(H202>1997,H202<2000),VLOOKUP(I202,Feuil1!$A$11:$F$29,4),IF(AND(H202>1999,H202<2002),VLOOKUP(I202,Feuil1!$A$11:$F$29,3),VLOOKUP(I202,Feuil1!$A$11:$F$29,2))))),IF(OR(H202=\"SEN\",H202<1995),VLOOKUP(I202,Feuil1!$G$11:$L$25,6),IF(AND(H202>1994,H202<1998),VLOOKUP(I202,Feuil1!$G$11:$L$25,5),IF(AND(H202>1997,H202<2000),VLOOKUP(I202,Feuil1!$G$11:$L$25,4),IF(AND(H202>1999,H202<2002),VLOOKUP(I202,Feuil1!$G$11:$L$25,3),VLOOKUP(I202,Feuil1!$G$11:$L$25,2)))))))","v":"S69"},239.96457872996308,null," ",{"$f":"T202-HLOOKUP(X202,Feuil1!$C$1:$BL$10,2,FALSE)","v":38},{"$f":"T202-HLOOKUP(X202,Feuil1!$C$1:$BL$10,3,FALSE)","v":18},{"$f":"T202-HLOOKUP(X202,Feuil1!$C$1:$BL$10,4,FALSE)","v":-2},{"$f":"T202-HLOOKUP(X202,Feuil1!$C$1:$BL$10,5,FALSE)","v":-22},{"$f":"T202-HLOOKUP(X202,Feuil1!$C$1:$BL$10,6,FALSE)","v":-52},{"$f":"T202-HLOOKUP(X202,Feuil1!$C$1:$BL$10,7,FALSE)","v":-72},{"$f":"T202-HLOOKUP(X202,Feuil1!$C$1:$BL$10,8,FALSE)","v":-92},{"$f":"T202-HLOOKUP(X202,Feuil1!$C$1:$BL$10,9,FALSE)","v":-107},{"$f":"T202-HLOOKUP(X202,Feuil1!$C$1:$BL$10,10,FALSE)","v":-122},null,null,null,null,null,null,"DEP +"]
["H","SO","POI",112,215260,"SAMARA","Elvis",1973,68,"POITIERS","Alb",68,-73,73,73,85,90,95,95,168,32,"DEP +",18,{"$f":"IF(I203=\"\",\"\",IF(A203=\"H\",IF(OR(H203=\"SEN\",H203<1995),VLOOKUP(I203,Feuil1!$A$11:$F$29,6),IF(AND(H203>1994,H203<1998),VLOOKUP(I203,Feuil1!$A$11:$F$29,5),IF(AND(H203>1997,H203<2000),VLOOKUP(I203,Feuil1!$A$11:$F$29,4),IF(AND(H203>1999,H203<2002),VLOOKUP(I203,Feuil1!$A$11:$F$29,3),VLOOKUP(I203,Feuil1!$A$11:$F$29,2))))),IF(OR(H203=\"SEN\",H203<1995),VLOOKUP(I203,Feuil1!$G$11:$L$25,6),IF(AND(H203>1994,H203<1998),VLOOKUP(I203,Feuil1!$G$11:$L$25,5),IF(AND(H203>1997,H203<2000),VLOOKUP(I203,Feuil1!$G$11:$L$25,4),IF(AND(H203>1999,H203<2002),VLOOKUP(I203,Feuil1!$G$11:$L$25,3),VLOOKUP(I203,Feuil1!$G$11:$L$25,2)))))))","v":"S69"},228.14102598271947,null," ",{"$f":"T203-HLOOKUP(X203,Feuil1!$C$1:$BL$10,2,FALSE)","v":38},{"$f":"T203-HLOOKUP(X203,Feuil1!$C$1:$BL$10,3,FALSE)","v":18},{"$f":"T203-HLOOKUP(X203,Feuil1!$C$1:$BL$10,4,FALSE)","v":-2},{"$f":"T203-HLOOKUP(X203,Feuil1!$C$1:$BL$10,5,FALSE)","v":-22},{"$f":"T203-HLOOKUP(X203,Feuil1!$C$1:$BL$10,6,FALSE)","v":-52},{"$f":"T203-HLOOKUP(X203,Feuil1!$C$1:$BL$10,7,FALSE)","v":-72},{"$f":"T203-HLOOKUP(X203,Feuil1!$C$1:$BL$10,8,FALSE)","v":-92},{"$f":"T203-HLOOKUP(X203,Feuil1!$C$1:$BL$10,9,FALSE)","v":-107},{"$f":"T203-HLOOKUP(X203,Feuil1!$C$1:$BL$10,10,FALSE)","v":-122},null,null,null,null,null,null,"DEP +"]
["H","NORD","PIC",113,391576,"TETARD","Guillaume",1990,65.2,"Amiens HM","F",64,67,72,72,85,90,95,95,167,36.599999999999994,"DEP +",17,{"$f":"IF(I204=\"\",\"\",IF(A204=\"H\",IF(OR(H204=\"SEN\",H204<1995),VLOOKUP(I204,Feuil1!$A$11:$F$29,6),IF(AND(H204>1994,H204<1998),VLOOKUP(I204,Feuil1!$A$11:$F$29,5),IF(AND(H204>1997,H204<2000),VLOOKUP(I204,Feuil1!$A$11:$F$29,4),IF(AND(H204>1999,H204<2002),VLOOKUP(I204,Feuil1!$A$11:$F$29,3),VLOOKUP(I204,Feuil1!$A$11:$F$29,2))))),IF(OR(H204=\"SEN\",H204<1995),VLOOKUP(I204,Feuil1!$G$11:$L$25,6),IF(AND(H204>1994,H204<1998),VLOOKUP(I204,Feuil1!$G$11:$L$25,5),IF(AND(H204>1997,H204<2000),VLOOKUP(I204,Feuil1!$G$11:$L$25,4),IF(AND(H204>1999,H204<2002),VLOOKUP(I204,Feuil1!$G$11:$L$25,3),VLOOKUP(I204,Feuil1!$G$11:$L$25,2)))))))","v":"S69"},233.20722014852859,null," ",{"$f":"T204-HLOOKUP(X204,Feuil1!$C$1:$BL$10,2,FALSE)","v":37},{"$f":"T204-HLOOKUP(X204,Feuil1!$C$1:$BL$10,3,FALSE)","v":17},{"$f":"T204-HLOOKUP(X204,Feuil1!$C$1:$BL$10,4,FALSE)","v":-3},{"$f":"T204-HLOOKUP(X204,Feuil1!$C$1:$BL$10,5,FALSE)","v":-23},{"$f":"T204-HLOOKUP(X204,Feuil1!$C$1:$BL$10,6,FALSE)","v":-53},{"$f":"T204-HLOOKUP(X204,Feuil1!$C$1:$BL$10,7,FALSE)","v":-73},{"$f":"T204-HLOOKUP(X204,Feuil1!$C$1:$BL$10,8,FALSE)","v":-93},{"$f":"T204-HLOOKUP(X204,Feuil1!$C$1:$BL$10,9,FALSE)","v":-108},{"$f":"T204-HLOOKUP(X204,Feuil1!$C$1:$BL$10,10,FALSE)","v":-123},null,null,null,null,null,null,"DEP +"]
["H","NE","ALS",114,5859,"BAUMEYER","ALAIN",65,67.819999999999993,"HCA Selestat","F",70,75,-80,75,85,90,92,92,167,31.360000000000014,"DEP +",17,{"$f":"IF(I205=\"\",\"\",IF(A205=\"H\",IF(OR(H205=\"SEN\",H205<1995),VLOOKUP(I205,Feuil1!$A$11:$F$29,6),IF(AND(H205>1994,H205<1998),VLOOKUP(I205,Feuil1!$A$11:$F$29,5),IF(AND(H205>1997,H205<2000),VLOOKUP(I205,Feuil1!$A$11:$F$29,4),IF(AND(H205>1999,H205<2002),VLOOKUP(I205,Feuil1!$A$11:$F$29,3),VLOOKUP(I205,Feuil1!$A$11:$F$29,2))))),IF(OR(H205=\"SEN\",H205<1995),VLOOKUP(I205,Feuil1!$G$11:$L$25,6),IF(AND(H205>1994,H205<1998),VLOOKUP(I205,Feuil1!$G$11:$L$25,5),IF(AND(H205>1997,H205<2000),VLOOKUP(I205,Feuil1!$G$11:$L$25,4),IF(AND(H205>1999,H205<2002),VLOOKUP(I205,Feuil1!$G$11:$L$25,3),VLOOKUP(I205,Feuil1!$G$11:$L$25,2)))))))","v":"S69"},227.17453842801305,null," ",{"$f":"T205-HLOOKUP(X205,Feuil1!$C$1:$BL$10,2,FALSE)","v":37},{"$f":"T205-HLOOKUP(X205,Feuil1!$C$1:$BL$10,3,FALSE)","v":17},{"$f":"T205-HLOOKUP(X205,Feuil1!$C$1:$BL$10,4,FALSE)","v":-3},{"$f":"T205-HLOOKUP(X205,Feuil1!$C$1:$BL$10,5,FALSE)","v":-23},{"$f":"T205-HLOOKUP(X205,Feuil1!$C$1:$BL$10,6,FALSE)","v":-53},{"$f":"T205-HLOOKUP(X205,Feuil1!$C$1:$BL$10,7,FALSE)","v":-73},{"$f":"T205-HLOOKUP(X205,Feuil1!$C$1:$BL$10,8,FALSE)","v":-93},{"$f":"T205-HLOOKUP(X205,Feuil1!$C$1:$BL$10,9,FALSE)","v":-108},{"$f":"T205-HLOOKUP(X205,Feuil1!$C$1:$BL$10,10,FALSE)","v":-123},null,null,null,null,null,null,"DEP +"]
["H","SO","LIM",115,3906,"DESBORDES","JEAN-PIERRE",1960,68.900000000000006,"LIMOGES AVA","F",68,73,-75,73,91,94,-96,94,167,29.199999999999989,"DEP +",17,{"$f":"IF(I206=\"\",\"\",IF(A206=\"H\",IF(OR(H206=\"SEN\",H206<1995),VLOOKUP(I206,Feuil1!$A$11:$F$29,6),IF(AND(H206>1994,H206<1998),VLOOKUP(I206,Feuil1!$A$11:$F$29,5),IF(AND(H206>1997,H206<2000),VLOOKUP(I206,Feuil1!$A$11:$F$29,4),IF(AND(H206>1999,H206<2002),VLOOKUP(I206,Feuil1!$A$11:$F$29,3),VLOOKUP(I206,Feuil1!$A$11:$F$29,2))))),IF(OR(H206=\"SEN\",H206<1995),VLOOKUP(I206,Feuil1!$G$11:$L$25,6),IF(AND(H206>1994,H206<1998),VLOOKUP(I206,Feuil1!$G$11:$L$25,5),IF(AND(H206>1997,H206<2000),VLOOKUP(I206,Feuil1!$G$11:$L$25,4),IF(AND(H206>1999,H206<2002),VLOOKUP(I206,Feuil1!$G$11:$L$25,3),VLOOKUP(I206,Feuil1!$G$11:$L$25,2)))))))","v":"S69"},224.86705190069867,null," ",{"$f":"T206-HLOOKUP(X206,Feuil1!$C$1:$BL$10,2,FALSE)","v":37},{"$f":"T206-HLOOKUP(X206,Feuil1!$C$1:$BL$10,3,FALSE)","v":17},{"$f":"T206-HLOOKUP(X206,Feuil1!$C$1:$BL$10,4,FALSE)","v":-3},{"$f":"T206-HLOOKUP(X206,Feuil1!$C$1:$BL$10,5,FALSE)","v":-23},{"$f":"T206-HLOOKUP(X206,Feuil1!$C$1:$BL$10,6,FALSE)","v":-53},{"$f":"T206-HLOOKUP(X206,Feuil1!$C$1:$BL$10,7,FALSE)","v":-73},{"$f":"T206-HLOOKUP(X206,Feuil1!$C$1:$BL$10,8,FALSE)","v":-93},{"$f":"T206-HLOOKUP(X206,Feuil1!$C$1:$BL$10,9,FALSE)","v":-108},{"$f":"T206-HLOOKUP(X206,Feuil1!$C$1:$BL$10,10,FALSE)","v":-123},null,null,null,null,null,null,"DEP +"]
["H","SO","MPY",116,369427,"MARRAGOU","Bastien",1989,63.5,"COLOMIERS US","F",68,-71,71,71,90,95,-100,95,166,39,"DEP +",16,{"$f":"IF(I207=\"\",\"\",IF(A207=\"H\",IF(OR(H207=\"SEN\",H207<1995),VLOOKUP(I207,Feuil1!$A$11:$F$29,6),IF(AND(H207>1994,H207<1998),VLOOKUP(I207,Feuil1!$A$11:$F$29,5),IF(AND(H207>1997,H207<2000),VLOOKUP(I207,Feuil1!$A$11:$F$29,4),IF(AND(H207>1999,H207<2002),VLOOKUP(I207,Feuil1!$A$11:$F$29,3),VLOOKUP(I207,Feuil1!$A$11:$F$29,2))))),IF(OR(H207=\"SEN\",H207<1995),VLOOKUP(I207,Feuil1!$G$11:$L$25,6),IF(AND(H207>1994,H207<1998),VLOOKUP(I207,Feuil1!$G$11:$L$25,5),IF(AND(H207>1997,H207<2000),VLOOKUP(I207,Feuil1!$G$11:$L$25,4),IF(AND(H207>1999,H207<2002),VLOOKUP(I207,Feuil1!$G$11:$L$25,3),VLOOKUP(I207,Feuil1!$G$11:$L$25,2)))))))","v":"S69"},236.06248907305459,null," ",{"$f":"T207-HLOOKUP(X207,Feuil1!$C$1:$BL$10,2,FALSE)","v":36},{"$f":"T207-HLOOKUP(X207,Feuil1!$C$1:$BL$10,3,FALSE)","v":16},{"$f":"T207-HLOOKUP(X207,Feuil1!$C$1:$BL$10,4,FALSE)","v":-4},{"$f":"T207-HLOOKUP(X207,Feuil1!$C$1:$BL$10,5,FALSE)","v":-24},{"$f":"T207-HLOOKUP(X207,Feuil1!$C$1:$BL$10,6,FALSE)","v":-54},{"$f":"T207-HLOOKUP(X207,Feuil1!$C$1:$BL$10,7,FALSE)","v":-74},{"$f":"T207-HLOOKUP(X207,Feuil1!$C$1:$BL$10,8,FALSE)","v":-94},{"$f":"T207-HLOOKUP(X207,Feuil1!$C$1:$BL$10,9,FALSE)","v":-109},{"$f":"T207-HLOOKUP(X207,Feuil1!$C$1:$BL$10,10,FALSE)","v":-124},null,null,null,null,null,null,"DEP +"]
["H","ZCO","BRE",117,378683,"OUDIN","Sébastien",1994,65.8,"CHM Plouhinec PR","F",68,72,76,76,90,-94,-95,90,166,34.400000000000006,"DEP +",16,{"$f":"IF(I208=\"\",\"\",IF(A208=\"H\",IF(OR(H208=\"SEN\",H208<1995),VLOOKUP(I208,Feuil1!$A$11:$F$29,6),IF(AND(H208>1994,H208<1998),VLOOKUP(I208,Feuil1!$A$11:$F$29,5),IF(AND(H208>1997,H208<2000),VLOOKUP(I208,Feuil1!$A$11:$F$29,4),IF(AND(H208>1999,H208<2002),VLOOKUP(I208,Feuil1!$A$11:$F$29,3),VLOOKUP(I208,Feuil1!$A$11:$F$29,2))))),IF(OR(H208=\"SEN\",H208<1995),VLOOKUP(I208,Feuil1!$G$11:$L$25,6),IF(AND(H208>1994,H208<1998),VLOOKUP(I208,Feuil1!$G$11:$L$25,5),IF(AND(H208>1997,H208<2000),VLOOKUP(I208,Feuil1!$G$11:$L$25,4),IF(AND(H208>1999,H208<2002),VLOOKUP(I208,Feuil1!$G$11:$L$25,3),VLOOKUP(I208,Feuil1!$G$11:$L$25,2)))))))","v":"S69"},230.38043674368021,null," ",{"$f":"T208-HLOOKUP(X208,Feuil1!$C$1:$BL$10,2,FALSE)","v":36},{"$f":"T208-HLOOKUP(X208,Feuil1!$C$1:$BL$10,3,FALSE)","v":16},{"$f":"T208-HLOOKUP(X208,Feuil1!$C$1:$BL$10,4,FALSE)","v":-4},{"$f":"T208-HLOOKUP(X208,Feuil1!$C$1:$BL$10,5,FALSE)","v":-24},{"$f":"T208-HLOOKUP(X208,Feuil1!$C$1:$BL$10,6,FALSE)","v":-54},{"$f":"T208-HLOOKUP(X208,Feuil1!$C$1:$BL$10,7,FALSE)","v":-74},{"$f":"T208-HLOOKUP(X208,Feuil1!$C$1:$BL$10,8,FALSE)","v":-94},{"$f":"T208-HLOOKUP(X208,Feuil1!$C$1:$BL$10,9,FALSE)","v":-109},{"$f":"T208-HLOOKUP(X208,Feuil1!$C$1:$BL$10,10,FALSE)","v":-124},null,null,null,null,null,null,"DEP +"]
["H","N","IDF",118,7236,"LOISEL ","PIERRE",1961,62.3,"PONTOISE","F",70,-80,-80,70,83,90,95,95,165,40.400000000000006,"DEP +",15,{"$f":"IF(I209=\"\",\"\",IF(A209=\"H\",IF(OR(H209=\"SEN\",H209<1995),VLOOKUP(I209,Feuil1!$A$11:$F$29,6),IF(AND(H209>1994,H209<1998),VLOOKUP(I209,Feuil1!$A$11:$F$29,5),IF(AND(H209>1997,H209<2000),VLOOKUP(I209,Feuil1!$A$11:$F$29,4),IF(AND(H209>1999,H209<2002),VLOOKUP(I209,Feuil1!$A$11:$F$29,3),VLOOKUP(I209,Feuil1!$A$11:$F$29,2))))),IF(OR(H209=\"SEN\",H209<1995),VLOOKUP(I209,Feuil1!$G$11:$L$25,6),IF(AND(H209>1994,H209<1998),VLOOKUP(I209,Feuil1!$G$11:$L$25,5),IF(AND(H209>1997,H209<2000),VLOOKUP(I209,Feuil1!$G$11:$L$25,4),IF(AND(H209>1999,H209<2002),VLOOKUP(I209,Feuil1!$G$11:$L$25,3),VLOOKUP(I209,Feuil1!$G$11:$L$25,2)))))))","v":"S69"},237.81156404355579,null," ",{"$f":"T209-HLOOKUP(X209,Feuil1!$C$1:$BL$10,2,FALSE)","v":35},{"$f":"T209-HLOOKUP(X209,Feuil1!$C$1:$BL$10,3,FALSE)","v":15},{"$f":"T209-HLOOKUP(X209,Feuil1!$C$1:$BL$10,4,FALSE)","v":-5},{"$f":"T209-HLOOKUP(X209,Feuil1!$C$1:$BL$10,5,FALSE)","v":-25},{"$f":"T209-HLOOKUP(X209,Feuil1!$C$1:$BL$10,6,FALSE)","v":-55},{"$f":"T209-HLOOKUP(X209,Feuil1!$C$1:$BL$10,7,FALSE)","v":-75},{"$f":"T209-HLOOKUP(X209,Feuil1!$C$1:$BL$10,8,FALSE)","v":-95},{"$f":"T209-HLOOKUP(X209,Feuil1!$C$1:$BL$10,9,FALSE)","v":-110},{"$f":"T209-HLOOKUP(X209,Feuil1!$C$1:$BL$10,10,FALSE)","v":-125},null,null,null,null,null,null,"DEP +"]
["H","CO","PDL",119,384293,"COLLAT","Gabriel",1994,63.65," C A cholet","F",65,70,-77,70,-90,90,95,95,165,37.700000000000003,"DEP +",15,{"$f":"IF(I210=\"\",\"\",IF(A210=\"H\",IF(OR(H210=\"SEN\",H210<1995),VLOOKUP(I210,Feuil1!$A$11:$F$29,6),IF(AND(H210>1994,H210<1998),VLOOKUP(I210,Feuil1!$A$11:$F$29,5),IF(AND(H210>1997,H210<2000),VLOOKUP(I210,Feuil1!$A$11:$F$29,4),IF(AND(H210>1999,H210<2002),VLOOKUP(I210,Feuil1!$A$11:$F$29,3),VLOOKUP(I210,Feuil1!$A$11:$F$29,2))))),IF(OR(H210=\"SEN\",H210<1995),VLOOKUP(I210,Feuil1!$G$11:$L$25,6),IF(AND(H210>1994,H210<1998),VLOOKUP(I210,Feuil1!$G$11:$L$25,5),IF(AND(H210>1997,H210<2000),VLOOKUP(I210,Feuil1!$G$11:$L$25,4),IF(AND(H210>1999,H210<2002),VLOOKUP(I210,Feuil1!$G$11:$L$25,3),VLOOKUP(I210,Feuil1!$G$11:$L$25,2)))))))","v":"S69"},234.25529124684184,null," ",{"$f":"T210-HLOOKUP(X210,Feuil1!$C$1:$BL$10,2,FALSE)","v":35},{"$f":"T210-HLOOKUP(X210,Feuil1!$C$1:$BL$10,3,FALSE)","v":15},{"$f":"T210-HLOOKUP(X210,Feuil1!$C$1:$BL$10,4,FALSE)","v":-5},{"$f":"T210-HLOOKUP(X210,Feuil1!$C$1:$BL$10,5,FALSE)","v":-25},{"$f":"T210-HLOOKUP(X210,Feuil1!$C$1:$BL$10,6,FALSE)","v":-55},{"$f":"T210-HLOOKUP(X210,Feuil1!$C$1:$BL$10,7,FALSE)","v":-75},{"$f":"T210-HLOOKUP(X210,Feuil1!$C$1:$BL$10,8,FALSE)","v":-95},{"$f":"T210-HLOOKUP(X210,Feuil1!$C$1:$BL$10,9,FALSE)","v":-110},{"$f":"T210-HLOOKUP(X210,Feuil1!$C$1:$BL$10,10,FALSE)","v":-125},null,null,null,null,null,null,"DEP +"]
["H","NE","ALS",120,383313,"MORITZ","DAVID",80,64.099999999999994,"CHM Andlau","F",70,75,80,80,85,-93,-93,85,165,36.800000000000011,"DEP +",15,{"$f":"IF(I211=\"\",\"\",IF(A211=\"H\",IF(OR(H211=\"SEN\",H211<1995),VLOOKUP(I211,Feuil1!$A$11:$F$29,6),IF(AND(H211>1994,H211<1998),VLOOKUP(I211,Feuil1!$A$11:$F$29,5),IF(AND(H211>1997,H211<2000),VLOOKUP(I211,Feuil1!$A$11:$F$29,4),IF(AND(H211>1999,H211<2002),VLOOKUP(I211,Feuil1!$A$11:$F$29,3),VLOOKUP(I211,Feuil1!$A$11:$F$29,2))))),IF(OR(H211=\"SEN\",H211<1995),VLOOKUP(I211,Feuil1!$G$11:$L$25,6),IF(AND(H211>1994,H211<1998),VLOOKUP(I211,Feuil1!$G$11:$L$25,5),IF(AND(H211>1997,H211<2000),VLOOKUP(I211,Feuil1!$G$11:$L$25,4),IF(AND(H211>1999,H211<2002),VLOOKUP(I211,Feuil1!$G$11:$L$25,3),VLOOKUP(I211,Feuil1!$G$11:$L$25,2)))))))","v":"S69"},233.11439562471389,null," ",{"$f":"T211-HLOOKUP(X211,Feuil1!$C$1:$BL$10,2,FALSE)","v":35},{"$f":"T211-HLOOKUP(X211,Feuil1!$C$1:$BL$10,3,FALSE)","v":15},{"$f":"T211-HLOOKUP(X211,Feuil1!$C$1:$BL$10,4,FALSE)","v":-5},{"$f":"T211-HLOOKUP(X211,Feuil1!$C$1:$BL$10,5,FALSE)","v":-25},{"$f":"T211-HLOOKUP(X211,Feuil1!$C$1:$BL$10,6,FALSE)","v":-55},{"$f":"T211-HLOOKUP(X211,Feuil1!$C$1:$BL$10,7,FALSE)","v":-75},{"$f":"T211-HLOOKUP(X211,Feuil1!$C$1:$BL$10,8,FALSE)","v":-95},{"$f":"T211-HLOOKUP(X211,Feuil1!$C$1:$BL$10,9,FALSE)","v":-110},{"$f":"T211-HLOOKUP(X211,Feuil1!$C$1:$BL$10,10,FALSE)","v":-125},null,null,null,null,null,null,"DEP +"]
["H","NE","LOR",121,193058,"DUCHAUFFOUR","Anthony",1986,64.599999999999994,"H.VALLEROY-AUBOUÉ","F",70,-75,-75,70,90,95,-100,95,165,35.800000000000011,"DEP +",15,{"$f":"IF(I212=\"\",\"\",IF(A212=\"H\",IF(OR(H212=\"SEN\",H212<1995),VLOOKUP(I212,Feuil1!$A$11:$F$29,6),IF(AND(H212>1994,H212<1998),VLOOKUP(I212,Feuil1!$A$11:$F$29,5),IF(AND(H212>1997,H212<2000),VLOOKUP(I212,Feuil1!$A$11:$F$29,4),IF(AND(H212>1999,H212<2002),VLOOKUP(I212,Feuil1!$A$11:$F$29,3),VLOOKUP(I212,Feuil1!$A$11:$F$29,2))))),IF(OR(H212=\"SEN\",H212<1995),VLOOKUP(I212,Feuil1!$G$11:$L$25,6),IF(AND(H212>1994,H212<1998),VLOOKUP(I212,Feuil1!$G$11:$L$25,5),IF(AND(H212>1997,H212<2000),VLOOKUP(I212,Feuil1!$G$11:$L$25,4),IF(AND(H212>1999,H212<2002),VLOOKUP(I212,Feuil1!$G$11:$L$25,3),VLOOKUP(I212,Feuil1!$G$11:$L$25,2)))))))","v":"S69"},231.8717405954859,null," ",{"$f":"T212-HLOOKUP(X212,Feuil1!$C$1:$BL$10,2,FALSE)","v":35},{"$f":"T212-HLOOKUP(X212,Feuil1!$C$1:$BL$10,3,FALSE)","v":15},{"$f":"T212-HLOOKUP(X212,Feuil1!$C$1:$BL$10,4,FALSE)","v":-5},{"$f":"T212-HLOOKUP(X212,Feuil1!$C$1:$BL$10,5,FALSE)","v":-25},{"$f":"T212-HLOOKUP(X212,Feuil1!$C$1:$BL$10,6,FALSE)","v":-55},{"$f":"T212-HLOOKUP(X212,Feuil1!$C$1:$BL$10,7,FALSE)","v":-75},{"$f":"T212-HLOOKUP(X212,Feuil1!$C$1:$BL$10,8,FALSE)","v":-95},{"$f":"T212-HLOOKUP(X212,Feuil1!$C$1:$BL$10,9,FALSE)","v":-110},{"$f":"T212-HLOOKUP(X212,Feuil1!$C$1:$BL$10,10,FALSE)","v":-125},null,null,null,null,null,null,"DEP +"]
["H","DOM","REU",122,9015,"PAYET","GILBERT",1961,68.5,"CH LA PLAINE","F",70,-75,75,75,85,90,-95,90,165,28,"DEP +",15,{"$f":"IF(I213=\"\",\"\",IF(A213=\"H\",IF(OR(H213=\"SEN\",H213<1995),VLOOKUP(I213,Feuil1!$A$11:$F$29,6),IF(AND(H213>1994,H213<1998),VLOOKUP(I213,Feuil1!$A$11:$F$29,5),IF(AND(H213>1997,H213<2000),VLOOKUP(I213,Feuil1!$A$11:$F$29,4),IF(AND(H213>1999,H213<2002),VLOOKUP(I213,Feuil1!$A$11:$F$29,3),VLOOKUP(I213,Feuil1!$A$11:$F$29,2))))),IF(OR(H213=\"SEN\",H213<1995),VLOOKUP(I213,Feuil1!$G$11:$L$25,6),IF(AND(H213>1994,H213<1998),VLOOKUP(I213,Feuil1!$G$11:$L$25,5),IF(AND(H213>1997,H213<2000),VLOOKUP(I213,Feuil1!$G$11:$L$25,4),IF(AND(H213>1999,H213<2002),VLOOKUP(I213,Feuil1!$G$11:$L$25,3),VLOOKUP(I213,Feuil1!$G$11:$L$25,2)))))))","v":"S69"},223.0070528044036,null," ",{"$f":"T213-HLOOKUP(X213,Feuil1!$C$1:$BL$10,2,FALSE)","v":35},{"$f":"T213-HLOOKUP(X213,Feuil1!$C$1:$BL$10,3,FALSE)","v":15},{"$f":"T213-HLOOKUP(X213,Feuil1!$C$1:$BL$10,4,FALSE)","v":-5},{"$f":"T213-HLOOKUP(X213,Feuil1!$C$1:$BL$10,5,FALSE)","v":-25},{"$f":"T213-HLOOKUP(X213,Feuil1!$C$1:$BL$10,6,FALSE)","v":-55},{"$f":"T213-HLOOKUP(X213,Feuil1!$C$1:$BL$10,7,FALSE)","v":-75},{"$f":"T213-HLOOKUP(X213,Feuil1!$C$1:$BL$10,8,FALSE)","v":-95},{"$f":"T213-HLOOKUP(X213,Feuil1!$C$1:$BL$10,9,FALSE)","v":-110},{"$f":"T213-HLOOKUP(X213,Feuil1!$C$1:$BL$10,10,FALSE)","v":-125},null,null,null,null,null,null,"DEP +"]
["H","SEST","LAN ",123,336860,"SCARAMOZZINO","Paul",1981,68.599999999999994,"Frontignan AC","F",65,72,-75,72,85,92,-96,92,164,26.800000000000011,"DEP +",14,{"$f":"IF(I214=\"\",\"\",IF(A214=\"H\",IF(OR(H214=\"SEN\",H214<1995),VLOOKUP(I214,Feuil1!$A$11:$F$29,6),IF(AND(H214>1994,H214<1998),VLOOKUP(I214,Feuil1!$A$11:$F$29,5),IF(AND(H214>1997,H214<2000),VLOOKUP(I214,Feuil1!$A$11:$F$29,4),IF(AND(H214>1999,H214<2002),VLOOKUP(I214,Feuil1!$A$11:$F$29,3),VLOOKUP(I214,Feuil1!$A$11:$F$29,2))))),IF(OR(H214=\"SEN\",H214<1995),VLOOKUP(I214,Feuil1!$G$11:$L$25,6),IF(AND(H214>1994,H214<1998),VLOOKUP(I214,Feuil1!$G$11:$L$25,5),IF(AND(H214>1997,H214<2000),VLOOKUP(I214,Feuil1!$G$11:$L$25,4),IF(AND(H214>1999,H214<2002),VLOOKUP(I214,Feuil1!$G$11:$L$25,3),VLOOKUP(I214,Feuil1!$G$11:$L$25,2)))))))","v":"S69"},221.44727248200135,null," ",{"$f":"T214-HLOOKUP(X214,Feuil1!$C$1:$BL$10,2,FALSE)","v":34},{"$f":"T214-HLOOKUP(X214,Feuil1!$C$1:$BL$10,3,FALSE)","v":14},{"$f":"T214-HLOOKUP(X214,Feuil1!$C$1:$BL$10,4,FALSE)","v":-6},{"$f":"T214-HLOOKUP(X214,Feuil1!$C$1:$BL$10,5,FALSE)","v":-26},{"$f":"T214-HLOOKUP(X214,Feuil1!$C$1:$BL$10,6,FALSE)","v":-56},{"$f":"T214-HLOOKUP(X214,Feuil1!$C$1:$BL$10,7,FALSE)","v":-76},{"$f":"T214-HLOOKUP(X214,Feuil1!$C$1:$BL$10,8,FALSE)","v":-96},{"$f":"T214-HLOOKUP(X214,Feuil1!$C$1:$BL$10,9,FALSE)","v":-111},{"$f":"T214-HLOOKUP(X214,Feuil1!$C$1:$BL$10,10,FALSE)","v":-126},null,null,null,null,null,null,"DEP +"]
["H","N","IDF",124,379285,"BROUTA","BRYAN",1993,67.7,"SAINT-MAUR","F",70,-75,-75,70,90,93,-96,93,163,27.599999999999994,"DEP +",13,{"$f":"IF(I215=\"\",\"\",IF(A215=\"H\",IF(OR(H215=\"SEN\",H215<1995),VLOOKUP(I215,Feuil1!$A$11:$F$29,6),IF(AND(H215>1994,H215<1998),VLOOKUP(I215,Feuil1!$A$11:$F$29,5),IF(AND(H215>1997,H215<2000),VLOOKUP(I215,Feuil1!$A$11:$F$29,4),IF(AND(H215>1999,H215<2002),VLOOKUP(I215,Feuil1!$A$11:$F$29,3),VLOOKUP(I215,Feuil1!$A$11:$F$29,2))))),IF(OR(H215=\"SEN\",H215<1995),VLOOKUP(I215,Feuil1!$G$11:$L$25,6),IF(AND(H215>1994,H215<1998),VLOOKUP(I215,Feuil1!$G$11:$L$25,5),IF(AND(H215>1997,H215<2000),VLOOKUP(I215,Feuil1!$G$11:$L$25,4),IF(AND(H215>1999,H215<2002),VLOOKUP(I215,Feuil1!$G$11:$L$25,3),VLOOKUP(I215,Feuil1!$G$11:$L$25,2)))))))","v":"S69"},221.98950825356343,null," ",{"$f":"T215-HLOOKUP(X215,Feuil1!$C$1:$BL$10,2,FALSE)","v":33},{"$f":"T215-HLOOKUP(X215,Feuil1!$C$1:$BL$10,3,FALSE)","v":13},{"$f":"T215-HLOOKUP(X215,Feuil1!$C$1:$BL$10,4,FALSE)","v":-7},{"$f":"T215-HLOOKUP(X215,Feuil1!$C$1:$BL$10,5,FALSE)","v":-27},{"$f":"T215-HLOOKUP(X215,Feuil1!$C$1:$BL$10,6,FALSE)","v":-57},{"$f":"T215-HLOOKUP(X215,Feuil1!$C$1:$BL$10,7,FALSE)","v":-77},{"$f":"T215-HLOOKUP(X215,Feuil1!$C$1:$BL$10,8,FALSE)","v":-97},{"$f":"T215-HLOOKUP(X215,Feuil1!$C$1:$BL$10,9,FALSE)","v":-112},{"$f":"T215-HLOOKUP(X215,Feuil1!$C$1:$BL$10,10,FALSE)","v":-127},null,null,null,null,null,null,"DEP +"]
["H","NE","FCO",125,124233,"DURIC","Sifet",1979,68,"CH Luxeuil","F",78,82,-85,82,80,-85,-85,80,162,26,"DEP +",12,{"$f":"IF(I216=\"\",\"\",IF(A216=\"H\",IF(OR(H216=\"SEN\",H216<1995),VLOOKUP(I216,Feuil1!$A$11:$F$29,6),IF(AND(H216>1994,H216<1998),VLOOKUP(I216,Feuil1!$A$11:$F$29,5),IF(AND(H216>1997,H216<2000),VLOOKUP(I216,Feuil1!$A$11:$F$29,4),IF(AND(H216>1999,H216<2002),VLOOKUP(I216,Feuil1!$A$11:$F$29,3),VLOOKUP(I216,Feuil1!$A$11:$F$29,2))))),IF(OR(H216=\"SEN\",H216<1995),VLOOKUP(I216,Feuil1!$G$11:$L$25,6),IF(AND(H216>1994,H216<1998),VLOOKUP(I216,Feuil1!$G$11:$L$25,5),IF(AND(H216>1997,H216<2000),VLOOKUP(I216,Feuil1!$G$11:$L$25,4),IF(AND(H216>1999,H216<2002),VLOOKUP(I216,Feuil1!$G$11:$L$25,3),VLOOKUP(I216,Feuil1!$G$11:$L$25,2)))))))","v":"S69"},219.99313219762234,null," ",{"$f":"T216-HLOOKUP(X216,Feuil1!$C$1:$BL$10,2,FALSE)","v":32},{"$f":"T216-HLOOKUP(X216,Feuil1!$C$1:$BL$10,3,FALSE)","v":12},{"$f":"T216-HLOOKUP(X216,Feuil1!$C$1:$BL$10,4,FALSE)","v":-8},{"$f":"T216-HLOOKUP(X216,Feuil1!$C$1:$BL$10,5,FALSE)","v":-28},{"$f":"T216-HLOOKUP(X216,Feuil1!$C$1:$BL$10,6,FALSE)","v":-58},{"$f":"T216-HLOOKUP(X216,Feuil1!$C$1:$BL$10,7,FALSE)","v":-78},{"$f":"T216-HLOOKUP(X216,Feuil1!$C$1:$BL$10,8,FALSE)","v":-98},{"$f":"T216-HLOOKUP(X216,Feuil1!$C$1:$BL$10,9,FALSE)","v":-113},{"$f":"T216-HLOOKUP(X216,Feuil1!$C$1:$BL$10,10,FALSE)","v":-128},null,null,null,null,null,null,"DEP +"]
["H","NE","BOU",126,392904,"CLOUET","Jean-Pierre",1975,67.150000000000006,"varennes vauzelles","F",70,73,76,76,78,81,85,85,161,26.699999999999989,"DEP +",11,{"$f":"IF(I217=\"\",\"\",IF(A217=\"H\",IF(OR(H217=\"SEN\",H217<1995),VLOOKUP(I217,Feuil1!$A$11:$F$29,6),IF(AND(H217>1994,H217<1998),VLOOKUP(I217,Feuil1!$A$11:$F$29,5),IF(AND(H217>1997,H217<2000),VLOOKUP(I217,Feuil1!$A$11:$F$29,4),IF(AND(H217>1999,H217<2002),VLOOKUP(I217,Feuil1!$A$11:$F$29,3),VLOOKUP(I217,Feuil1!$A$11:$F$29,2))))),IF(OR(H217=\"SEN\",H217<1995),VLOOKUP(I217,Feuil1!$G$11:$L$25,6),IF(AND(H217>1994,H217<1998),VLOOKUP(I217,Feuil1!$G$11:$L$25,5),IF(AND(H217>1997,H217<2000),VLOOKUP(I217,Feuil1!$G$11:$L$25,4),IF(AND(H217>1999,H217<2002),VLOOKUP(I217,Feuil1!$G$11:$L$25,3),VLOOKUP(I217,Feuil1!$G$11:$L$25,2)))))))","v":"S69"},220.44160938859631,null," ",{"$f":"T217-HLOOKUP(X217,Feuil1!$C$1:$BL$10,2,FALSE)","v":31},{"$f":"T217-HLOOKUP(X217,Feuil1!$C$1:$BL$10,3,FALSE)","v":11},{"$f":"T217-HLOOKUP(X217,Feuil1!$C$1:$BL$10,4,FALSE)","v":-9},{"$f":"T217-HLOOKUP(X217,Feuil1!$C$1:$BL$10,5,FALSE)","v":-29},{"$f":"T217-HLOOKUP(X217,Feuil1!$C$1:$BL$10,6,FALSE)","v":-59},{"$f":"T217-HLOOKUP(X217,Feuil1!$C$1:$BL$10,7,FALSE)","v":-79},{"$f":"T217-HLOOKUP(X217,Feuil1!$C$1:$BL$10,8,FALSE)","v":-99},{"$f":"T217-HLOOKUP(X217,Feuil1!$C$1:$BL$10,9,FALSE)","v":-114},{"$f":"T217-HLOOKUP(X217,Feuil1!$C$1:$BL$10,10,FALSE)","v":-129},null,null,null,null,null,null,"DEP +"]
["H","N","IDF",127,382133,"MALVES","MARTIN",1979,68.3,"NEUILLY","F",60,67,67,67,83,87,94,94,161,24.400000000000006,"DEP +",11,{"$f":"IF(I218=\"\",\"\",IF(A218=\"H\",IF(OR(H218=\"SEN\",H218<1995),VLOOKUP(I218,Feuil1!$A$11:$F$29,6),IF(AND(H218>1994,H218<1998),VLOOKUP(I218,Feuil1!$A$11:$F$29,5),IF(AND(H218>1997,H218<2000),VLOOKUP(I218,Feuil1!$A$11:$F$29,4),IF(AND(H218>1999,H218<2002),VLOOKUP(I218,Feuil1!$A$11:$F$29,3),VLOOKUP(I218,Feuil1!$A$11:$F$29,2))))),IF(OR(H218=\"SEN\",H218<1995),VLOOKUP(I218,Feuil1!$G$11:$L$25,6),IF(AND(H218>1994,H218<1998),VLOOKUP(I218,Feuil1!$G$11:$L$25,5),IF(AND(H218>1997,H218<2000),VLOOKUP(I218,Feuil1!$G$11:$L$25,4),IF(AND(H218>1999,H218<2002),VLOOKUP(I218,Feuil1!$G$11:$L$25,3),VLOOKUP(I218,Feuil1!$G$11:$L$25,2)))))))","v":"S69"},218.01208769583124,null," ",{"$f":"T218-HLOOKUP(X218,Feuil1!$C$1:$BL$10,2,FALSE)","v":31},{"$f":"T218-HLOOKUP(X218,Feuil1!$C$1:$BL$10,3,FALSE)","v":11},{"$f":"T218-HLOOKUP(X218,Feuil1!$C$1:$BL$10,4,FALSE)","v":-9},{"$f":"T218-HLOOKUP(X218,Feuil1!$C$1:$BL$10,5,FALSE)","v":-29},{"$f":"T218-HLOOKUP(X218,Feuil1!$C$1:$BL$10,6,FALSE)","v":-59},{"$f":"T218-HLOOKUP(X218,Feuil1!$C$1:$BL$10,7,FALSE)","v":-79},{"$f":"T218-HLOOKUP(X218,Feuil1!$C$1:$BL$10,8,FALSE)","v":-99},{"$f":"T218-HLOOKUP(X218,Feuil1!$C$1:$BL$10,9,FALSE)","v":-114},{"$f":"T218-HLOOKUP(X218,Feuil1!$C$1:$BL$10,10,FALSE)","v":-129},null,null,null,null,null,null,"DEP +"]
["H","NE","ALS",128,219699,"MIESCH","BAPTISTE",90,62.4,"US Wittenheim","F",70,75,-78,75,75,80,85,85,160,35.200000000000003,"DEP +",10,{"$f":"IF(I219=\"\",\"\",IF(A219=\"H\",IF(OR(H219=\"SEN\",H219<1995),VLOOKUP(I219,Feuil1!$A$11:$F$29,6),IF(AND(H219>1994,H219<1998),VLOOKUP(I219,Feuil1!$A$11:$F$29,5),IF(AND(H219>1997,H219<2000),VLOOKUP(I219,Feuil1!$A$11:$F$29,4),IF(AND(H219>1999,H219<2002),VLOOKUP(I219,Feuil1!$A$11:$F$29,3),VLOOKUP(I219,Feuil1!$A$11:$F$29,2))))),IF(OR(H219=\"SEN\",H219<1995),VLOOKUP(I219,Feuil1!$G$11:$L$25,6),IF(AND(H219>1994,H219<1998),VLOOKUP(I219,Feuil1!$G$11:$L$25,5),IF(AND(H219>1997,H219<2000),VLOOKUP(I219,Feuil1!$G$11:$L$25,4),IF(AND(H219>1999,H219<2002),VLOOKUP(I219,Feuil1!$G$11:$L$25,3),VLOOKUP(I219,Feuil1!$G$11:$L$25,2)))))))","v":"S69"},230.3428273722983,null," ",{"$f":"T219-HLOOKUP(X219,Feuil1!$C$1:$BL$10,2,FALSE)","v":30},{"$f":"T219-HLOOKUP(X219,Feuil1!$C$1:$BL$10,3,FALSE)","v":10},{"$f":"T219-HLOOKUP(X219,Feuil1!$C$1:$BL$10,4,FALSE)","v":-10},{"$f":"T219-HLOOKUP(X219,Feuil1!$C$1:$BL$10,5,FALSE)","v":-30},{"$f":"T219-HLOOKUP(X219,Feuil1!$C$1:$BL$10,6,FALSE)","v":-60},{"$f":"T219-HLOOKUP(X219,Feuil1!$C$1:$BL$10,7,FALSE)","v":-80},{"$f":"T219-HLOOKUP(X219,Feuil1!$C$1:$BL$10,8,FALSE)","v":-100},{"$f":"T219-HLOOKUP(X219,Feuil1!$C$1:$BL$10,9,FALSE)","v":-115},{"$f":"T219-HLOOKUP(X219,Feuil1!$C$1:$BL$10,10,FALSE)","v":-130},null,null,null,null,null,null,"DEP +"]
["H","N","IDF",129,385418,"OUMEDIBEUR","MASIL",1981,64.599999999999994,"MELUN","F",60,65,-70,{"$f":"IF(H220=\"\",\"\",IF(MAXA(L220:N220)<=0,0,MAXA(L220:N220)))","v":65},90,95,-101,{"$f":"IF(H220=\"\",\"\",IF(MAXA(P220:R220)<=0,0,MAXA(P220:R220)))","v":95},{"$f":"IF(H220=\"\",\"\",IF(OR(O220=0,S220=0),0,O220+S220))","v":160},{"$f":"T220-I220*2","v":30.800000000000011},{"$f":"IF(H220=\"\",\"\",AQ220)","v":"DEP +"},{"$f":"IF(AJ220>=0,AJ220,IF(AI220>=0,AI220,IF(AH220>=0,AH220,IF(AG220>=0,AG220,IF(AF220>=0,AF220,IF(AE220>=0,AE220,IF(AD220>=0,AD220,IF(AC220>=0,AC220,AB220))))))))","v":10},{"$f":"IF(I220=\"\",\"\",IF(A220=\"H\",IF(OR(H220=\"SEN\",H220<1995),VLOOKUP(I220,Feuil1!$A$11:$F$29,6),IF(AND(H220>1994,H220<1998),VLOOKUP(I220,Feuil1!$A$11:$F$29,5),IF(AND(H220>1997,H220<2000),VLOOKUP(I220,Feuil1!$A$11:$F$29,4),IF(AND(H220>1999,H220<2002),VLOOKUP(I220,Feuil1!$A$11:$F$29,3),VLOOKUP(I220,Feuil1!$A$11:$F$29,2))))),IF(OR(H220=\"SEN\",H220<1995),VLOOKUP(I220,Feuil1!$G$11:$L$25,6),IF(AND(H220>1994,H220<1998),VLOOKUP(I220,Feuil1!$G$11:$L$25,5),IF(AND(H220>1997,H220<2000),VLOOKUP(I220,Feuil1!$G$11:$L$25,4),IF(AND(H220>1999,H220<2002),VLOOKUP(I220,Feuil1!$G$11:$L$25,3),VLOOKUP(I220,Feuil1!$G$11:$L$25,2)))))))","v":"S69"},{"$f":"IF(I220=\"\",\"\",IF(A220=\"H\",10^(0.794358141*LOG(I220/174.393)^2)*T220,IF(A220=\"F\",10^(0.89726074*LOG(I220/148.026)^2)*T220,\"\")))","v":224.8453242138045},null," ",{"$f":"T220-HLOOKUP(X220,Feuil1!$C$1:$BL$10,2,FALSE)","v":30},{"$f":"T220-HLOOKUP(X220,Feuil1!$C$1:$BL$10,3,FALSE)","v":10},{"$f":"T220-HLOOKUP(X220,Feuil1!$C$1:$BL$10,4,FALSE)","v":-10},{"$f":"T220-HLOOKUP(X220,Feuil1!$C$1:$BL$10,5,FALSE)","v":-30},{"$f":"T220-HLOOKUP(X220,Feuil1!$C$1:$BL$10,6,FALSE)","v":-60},{"$f":"T220-HLOOKUP(X220,Feuil1!$C$1:$BL$10,7,FALSE)","v":-80},{"$f":"T220-HLOOKUP(X220,Feuil1!$C$1:$BL$10,8,FALSE)","v":-100},{"$f":"T220-HLOOKUP(X220,Feuil1!$C$1:$BL$10,9,FALSE)","v":-115},{"$f":"T220-HLOOKUP(X220,Feuil1!$C$1:$BL$10,10,FALSE)","v":-130},null,null,null,null,null,null,{"$f":"IF(AJ220>=0,$AJ$4,IF(AI220>=0,$AI$4,IF(AH220>=0,$AH$4,IF(AG220>=0,$AG$4,IF(AF220>=0,$AF$4,IF(AE220>=0,$AE$4,IF(AD220>=0,$AD$4,IF(AC220>=0,$AC$4,$AB$4))))))))","v":"DEP +"}]
["H","N","IDF",130,83861,"BREGAINT","DANIEL",1964,67.900000000000006,"MELUN","F",65,70,75,75,85,-90,-90,85,160,24.199999999999989,"DEP +",10,{"$f":"IF(I221=\"\",\"\",IF(A221=\"H\",IF(OR(H221=\"SEN\",H221<1995),VLOOKUP(I221,Feuil1!$A$11:$F$29,6),IF(AND(H221>1994,H221<1998),VLOOKUP(I221,Feuil1!$A$11:$F$29,5),IF(AND(H221>1997,H221<2000),VLOOKUP(I221,Feuil1!$A$11:$F$29,4),IF(AND(H221>1999,H221<2002),VLOOKUP(I221,Feuil1!$A$11:$F$29,3),VLOOKUP(I221,Feuil1!$A$11:$F$29,2))))),IF(OR(H221=\"SEN\",H221<1995),VLOOKUP(I221,Feuil1!$G$11:$L$25,6),IF(AND(H221>1994,H221<1998),VLOOKUP(I221,Feuil1!$G$11:$L$25,5),IF(AND(H221>1997,H221<2000),VLOOKUP(I221,Feuil1!$G$11:$L$25,4),IF(AND(H221>1999,H221<2002),VLOOKUP(I221,Feuil1!$G$11:$L$25,3),VLOOKUP(I221,Feuil1!$G$11:$L$25,2)))))))","v":"S69"},217.48521523016041,null," ",{"$f":"T221-HLOOKUP(X221,Feuil1!$C$1:$BL$10,2,FALSE)","v":30},{"$f":"T221-HLOOKUP(X221,Feuil1!$C$1:$BL$10,3,FALSE)","v":10},{"$f":"T221-HLOOKUP(X221,Feuil1!$C$1:$BL$10,4,FALSE)","v":-10},{"$f":"T221-HLOOKUP(X221,Feuil1!$C$1:$BL$10,5,FALSE)","v":-30},{"$f":"T221-HLOOKUP(X221,Feuil1!$C$1:$BL$10,6,FALSE)","v":-60},{"$f":"T221-HLOOKUP(X221,Feuil1!$C$1:$BL$10,7,FALSE)","v":-80},{"$f":"T221-HLOOKUP(X221,Feuil1!$C$1:$BL$10,8,FALSE)","v":-100},{"$f":"T221-HLOOKUP(X221,Feuil1!$C$1:$BL$10,9,FALSE)","v":-115},{"$f":"T221-HLOOKUP(X221,Feuil1!$C$1:$BL$10,10,FALSE)","v":-130},null,null,null,null,null,null,"DEP +"]
["H","CO","BNO",131,391214,"DUMONT","JOSSELIN",1994,68.099999999999994,"Caen CHM","F",65,70,-75,70,85,90,-95,90,160,23.800000000000011,"DEP +",10,{"$f":"IF(I222=\"\",\"\",IF(A222=\"H\",IF(OR(H222=\"SEN\",H222<1995),VLOOKUP(I222,Feuil1!$A$11:$F$29,6),IF(AND(H222>1994,H222<1998),VLOOKUP(I222,Feuil1!$A$11:$F$29,5),IF(AND(H222>1997,H222<2000),VLOOKUP(I222,Feuil1!$A$11:$F$29,4),IF(AND(H222>1999,H222<2002),VLOOKUP(I222,Feuil1!$A$11:$F$29,3),VLOOKUP(I222,Feuil1!$A$11:$F$29,2))))),IF(OR(H222=\"SEN\",H222<1995),VLOOKUP(I222,Feuil1!$G$11:$L$25,6),IF(AND(H222>1994,H222<1998),VLOOKUP(I222,Feuil1!$G$11:$L$25,5),IF(AND(H222>1997,H222<2000),VLOOKUP(I222,Feuil1!$G$11:$L$25,4),IF(AND(H222>1999,H222<2002),VLOOKUP(I222,Feuil1!$G$11:$L$25,3),VLOOKUP(I222,Feuil1!$G$11:$L$25,2)))))))","v":"S69"},217.06994794716192,null," ",{"$f":"T222-HLOOKUP(X222,Feuil1!$C$1:$BL$10,2,FALSE)","v":30},{"$f":"T222-HLOOKUP(X222,Feuil1!$C$1:$BL$10,3,FALSE)","v":10},{"$f":"T222-HLOOKUP(X222,Feuil1!$C$1:$BL$10,4,FALSE)","v":-10},{"$f":"T222-HLOOKUP(X222,Feuil1!$C$1:$BL$10,5,FALSE)","v":-30},{"$f":"T222-HLOOKUP(X222,Feuil1!$C$1:$BL$10,6,FALSE)","v":-60},{"$f":"T222-HLOOKUP(X222,Feuil1!$C$1:$BL$10,7,FALSE)","v":-80},{"$f":"T222-HLOOKUP(X222,Feuil1!$C$1:$BL$10,8,FALSE)","v":-100},{"$f":"T222-HLOOKUP(X222,Feuil1!$C$1:$BL$10,9,FALSE)","v":-115},{"$f":"T222-HLOOKUP(X222,Feuil1!$C$1:$BL$10,10,FALSE)","v":-130},null,null,null,null,null,null,"DEP +"]
["H","NORD","NPC",132,207624,"GUILLEMIN","Patrick",1994,68.3,"C.A.ROSENDAEL","F",65,-70,70,70,85,90,-95,90,160,23.400000000000006,"DEP +",10,{"$f":"IF(I223=\"\",\"\",IF(A223=\"H\",IF(OR(H223=\"SEN\",H223<1995),VLOOKUP(I223,Feuil1!$A$11:$F$29,6),IF(AND(H223>1994,H223<1998),VLOOKUP(I223,Feuil1!$A$11:$F$29,5),IF(AND(H223>1997,H223<2000),VLOOKUP(I223,Feuil1!$A$11:$F$29,4),IF(AND(H223>1999,H223<2002),VLOOKUP(I223,Feuil1!$A$11:$F$29,3),VLOOKUP(I223,Feuil1!$A$11:$F$29,2))))),IF(OR(H223=\"SEN\",H223<1995),VLOOKUP(I223,Feuil1!$G$11:$L$25,6),IF(AND(H223>1994,H223<1998),VLOOKUP(I223,Feuil1!$G$11:$L$25,5),IF(AND(H223>1997,H223<2000),VLOOKUP(I223,Feuil1!$G$11:$L$25,4),IF(AND(H223>1999,H223<2002),VLOOKUP(I223,Feuil1!$G$11:$L$25,3),VLOOKUP(I223,Feuil1!$G$11:$L$25,2)))))))","v":"S69"},216.6579753498944,null," ",{"$f":"T223-HLOOKUP(X223,Feuil1!$C$1:$BL$10,2,FALSE)","v":30},{"$f":"T223-HLOOKUP(X223,Feuil1!$C$1:$BL$10,3,FALSE)","v":10},{"$f":"T223-HLOOKUP(X223,Feuil1!$C$1:$BL$10,4,FALSE)","v":-10},{"$f":"T223-HLOOKUP(X223,Feuil1!$C$1:$BL$10,5,FALSE)","v":-30},{"$f":"T223-HLOOKUP(X223,Feuil1!$C$1:$BL$10,6,FALSE)","v":-60},{"$f":"T223-HLOOKUP(X223,Feuil1!$C$1:$BL$10,7,FALSE)","v":-80},{"$f":"T223-HLOOKUP(X223,Feuil1!$C$1:$BL$10,8,FALSE)","v":-100},{"$f":"T223-HLOOKUP(X223,Feuil1!$C$1:$BL$10,9,FALSE)","v":-115},{"$f":"T223-HLOOKUP(X223,Feuil1!$C$1:$BL$10,10,FALSE)","v":-130},null,null,null,null,null,null,"DEP +"]
["H","CO","PDL",133,119458,"Jardin","Kévin",1986,68.7,"CJF Laval-Voutré","F",71,75,null,75,85,null,null,85,160,22.599999999999994,"DEP +",10,{"$f":"IF(I224=\"\",\"\",IF(A224=\"H\",IF(OR(H224=\"SEN\",H224<1995),VLOOKUP(I224,Feuil1!$A$11:$F$29,6),IF(AND(H224>1994,H224<1998),VLOOKUP(I224,Feuil1!$A$11:$F$29,5),IF(AND(H224>1997,H224<2000),VLOOKUP(I224,Feuil1!$A$11:$F$29,4),IF(AND(H224>1999,H224<2002),VLOOKUP(I224,Feuil1!$A$11:$F$29,3),VLOOKUP(I224,Feuil1!$A$11:$F$29,2))))),IF(OR(H224=\"SEN\",H224<1995),VLOOKUP(I224,Feuil1!$G$11:$L$25,6),IF(AND(H224>1994,H224<1998),VLOOKUP(I224,Feuil1!$G$11:$L$25,5),IF(AND(H224>1997,H224<2000),VLOOKUP(I224,Feuil1!$G$11:$L$25,4),IF(AND(H224>1999,H224<2002),VLOOKUP(I224,Feuil1!$G$11:$L$25,3),VLOOKUP(I224,Feuil1!$G$11:$L$25,2)))))))","v":"S69"},215.84377822404389,null," ",{"$f":"T224-HLOOKUP(X224,Feuil1!$C$1:$BL$10,2,FALSE)","v":30},{"$f":"T224-HLOOKUP(X224,Feuil1!$C$1:$BL$10,3,FALSE)","v":10},{"$f":"T224-HLOOKUP(X224,Feuil1!$C$1:$BL$10,4,FALSE)","v":-10},{"$f":"T224-HLOOKUP(X224,Feuil1!$C$1:$BL$10,5,FALSE)","v":-30},{"$f":"T224-HLOOKUP(X224,Feuil1!$C$1:$BL$10,6,FALSE)","v":-60},{"$f":"T224-HLOOKUP(X224,Feuil1!$C$1:$BL$10,7,FALSE)","v":-80},{"$f":"T224-HLOOKUP(X224,Feuil1!$C$1:$BL$10,8,FALSE)","v":-100},{"$f":"T224-HLOOKUP(X224,Feuil1!$C$1:$BL$10,9,FALSE)","v":-115},{"$f":"T224-HLOOKUP(X224,Feuil1!$C$1:$BL$10,10,FALSE)","v":-130},null,null,null,null,null,null,"DEP +"]
["H","DOM","REU",134,62558,"GROSSET","JEAN PIERRE",1955,69,"CSPJ St Denis","F",70,-75,-75,70,85,87,90,90,160,22,"DEP +",10,{"$f":"IF(I225=\"\",\"\",IF(A225=\"H\",IF(OR(H225=\"SEN\",H225<1995),VLOOKUP(I225,Feuil1!$A$11:$F$29,6),IF(AND(H225>1994,H225<1998),VLOOKUP(I225,Feuil1!$A$11:$F$29,5),IF(AND(H225>1997,H225<2000),VLOOKUP(I225,Feuil1!$A$11:$F$29,4),IF(AND(H225>1999,H225<2002),VLOOKUP(I225,Feuil1!$A$11:$F$29,3),VLOOKUP(I225,Feuil1!$A$11:$F$29,2))))),IF(OR(H225=\"SEN\",H225<1995),VLOOKUP(I225,Feuil1!$G$11:$L$25,6),IF(AND(H225>1994,H225<1998),VLOOKUP(I225,Feuil1!$G$11:$L$25,5),IF(AND(H225>1997,H225<2000),VLOOKUP(I225,Feuil1!$G$11:$L$25,4),IF(AND(H225>1999,H225<2002),VLOOKUP(I225,Feuil1!$G$11:$L$25,3),VLOOKUP(I225,Feuil1!$G$11:$L$25,2)))))))","v":"S69"},215.24152856187368,null," ",{"$f":"T225-HLOOKUP(X225,Feuil1!$C$1:$BL$10,2,FALSE)","v":30},{"$f":"T225-HLOOKUP(X225,Feuil1!$C$1:$BL$10,3,FALSE)","v":10},{"$f":"T225-HLOOKUP(X225,Feuil1!$C$1:$BL$10,4,FALSE)","v":-10},{"$f":"T225-HLOOKUP(X225,Feuil1!$C$1:$BL$10,5,FALSE)","v":-30},{"$f":"T225-HLOOKUP(X225,Feuil1!$C$1:$BL$10,6,FALSE)","v":-60},{"$f":"T225-HLOOKUP(X225,Feuil1!$C$1:$BL$10,7,FALSE)","v":-80},{"$f":"T225-HLOOKUP(X225,Feuil1!$C$1:$BL$10,8,FALSE)","v":-100},{"$f":"T225-HLOOKUP(X225,Feuil1!$C$1:$BL$10,9,FALSE)","v":-115},{"$f":"T225-HLOOKUP(X225,Feuil1!$C$1:$BL$10,10,FALSE)","v":-130},null,null,null,null,null,null,"DEP +"]
["H","NE","ALS",135,372644,"LE","HOANG DONG",88,65.5,"MJC Ungersheim","F",63,68,72,72,82,-87,87,87,159,28,"DEP +",9,{"$f":"IF(I226=\"\",\"\",IF(A226=\"H\",IF(OR(H226=\"SEN\",H226<1995),VLOOKUP(I226,Feuil1!$A$11:$F$29,6),IF(AND(H226>1994,H226<1998),VLOOKUP(I226,Feuil1!$A$11:$F$29,5),IF(AND(H226>1997,H226<2000),VLOOKUP(I226,Feuil1!$A$11:$F$29,4),IF(AND(H226>1999,H226<2002),VLOOKUP(I226,Feuil1!$A$11:$F$29,3),VLOOKUP(I226,Feuil1!$A$11:$F$29,2))))),IF(OR(H226=\"SEN\",H226<1995),VLOOKUP(I226,Feuil1!$G$11:$L$25,6),IF(AND(H226>1994,H226<1998),VLOOKUP(I226,Feuil1!$G$11:$L$25,5),IF(AND(H226>1997,H226<2000),VLOOKUP(I226,Feuil1!$G$11:$L$25,4),IF(AND(H226>1999,H226<2002),VLOOKUP(I226,Feuil1!$G$11:$L$25,3),VLOOKUP(I226,Feuil1!$G$11:$L$25,2)))))))","v":"S69"},221.34637734447131,null," ",{"$f":"T226-HLOOKUP(X226,Feuil1!$C$1:$BL$10,2,FALSE)","v":29},{"$f":"T226-HLOOKUP(X226,Feuil1!$C$1:$BL$10,3,FALSE)","v":9},{"$f":"T226-HLOOKUP(X226,Feuil1!$C$1:$BL$10,4,FALSE)","v":-11},{"$f":"T226-HLOOKUP(X226,Feuil1!$C$1:$BL$10,5,FALSE)","v":-31},{"$f":"T226-HLOOKUP(X226,Feuil1!$C$1:$BL$10,6,FALSE)","v":-61},{"$f":"T226-HLOOKUP(X226,Feuil1!$C$1:$BL$10,7,FALSE)","v":-81},{"$f":"T226-HLOOKUP(X226,Feuil1!$C$1:$BL$10,8,FALSE)","v":-101},{"$f":"T226-HLOOKUP(X226,Feuil1!$C$1:$BL$10,9,FALSE)","v":-116},{"$f":"T226-HLOOKUP(X226,Feuil1!$C$1:$BL$10,10,FALSE)","v":-131},null,null,null,null,null,null,"DEP +"]
["H","SEST","RAL",136,362015,"PERON","Pierre Henri",1981,64.2,"Vaulx-en-Velin","F",60,65,68,68,85,90,-95,90,158,29.599999999999994,"DEP +",8,{"$f":"IF(I227=\"\",\"\",IF(A227=\"H\",IF(OR(H227=\"SEN\",H227<1995),VLOOKUP(I227,Feuil1!$A$11:$F$29,6),IF(AND(H227>1994,H227<1998),VLOOKUP(I227,Feuil1!$A$11:$F$29,5),IF(AND(H227>1997,H227<2000),VLOOKUP(I227,Feuil1!$A$11:$F$29,4),IF(AND(H227>1999,H227<2002),VLOOKUP(I227,Feuil1!$A$11:$F$29,3),VLOOKUP(I227,Feuil1!$A$11:$F$29,2))))),IF(OR(H227=\"SEN\",H227<1995),VLOOKUP(I227,Feuil1!$G$11:$L$25,6),IF(AND(H227>1994,H227<1998),VLOOKUP(I227,Feuil1!$G$11:$L$25,5),IF(AND(H227>1997,H227<2000),VLOOKUP(I227,Feuil1!$G$11:$L$25,4),IF(AND(H227>1999,H227<2002),VLOOKUP(I227,Feuil1!$G$11:$L$25,3),VLOOKUP(I227,Feuil1!$G$11:$L$25,2)))))))","v":"S69"},222.98471081234047,null," ",{"$f":"T227-HLOOKUP(X227,Feuil1!$C$1:$BL$10,2,FALSE)","v":28},{"$f":"T227-HLOOKUP(X227,Feuil1!$C$1:$BL$10,3,FALSE)","v":8},{"$f":"T227-HLOOKUP(X227,Feuil1!$C$1:$BL$10,4,FALSE)","v":-12},{"$f":"T227-HLOOKUP(X227,Feuil1!$C$1:$BL$10,5,FALSE)","v":-32},{"$f":"T227-HLOOKUP(X227,Feuil1!$C$1:$BL$10,6,FALSE)","v":-62},{"$f":"T227-HLOOKUP(X227,Feuil1!$C$1:$BL$10,7,FALSE)","v":-82},{"$f":"T227-HLOOKUP(X227,Feuil1!$C$1:$BL$10,8,FALSE)","v":-102},{"$f":"T227-HLOOKUP(X227,Feuil1!$C$1:$BL$10,9,FALSE)","v":-117},{"$f":"T227-HLOOKUP(X227,Feuil1!$C$1:$BL$10,10,FALSE)","v":-132},null,null,null,null,null,null,"DEP +"]
["H","NE","ALS",137,189173,"PETRYSZYN","GAUTIER",93,69,"MJC Ungersheim","F",60,65,-70,65,84,88,93,93,158,20,"DEP +",8,{"$f":"IF(I228=\"\",\"\",IF(A228=\"H\",IF(OR(H228=\"SEN\",H228<1995),VLOOKUP(I228,Feuil1!$A$11:$F$29,6),IF(AND(H228>1994,H228<1998),VLOOKUP(I228,Feuil1!$A$11:$F$29,5),IF(AND(H228>1997,H228<2000),VLOOKUP(I228,Feuil1!$A$11:$F$29,4),IF(AND(H228>1999,H228<2002),VLOOKUP(I228,Feuil1!$A$11:$F$29,3),VLOOKUP(I228,Feuil1!$A$11:$F$29,2))))),IF(OR(H228=\"SEN\",H228<1995),VLOOKUP(I228,Feuil1!$G$11:$L$25,6),IF(AND(H228>1994,H228<1998),VLOOKUP(I228,Feuil1!$G$11:$L$25,5),IF(AND(H228>1997,H228<2000),VLOOKUP(I228,Feuil1!$G$11:$L$25,4),IF(AND(H228>1999,H228<2002),VLOOKUP(I228,Feuil1!$G$11:$L$25,3),VLOOKUP(I228,Feuil1!$G$11:$L$25,2)))))))","v":"S69"},212.55100945485026,null," ",{"$f":"T228-HLOOKUP(X228,Feuil1!$C$1:$BL$10,2,FALSE)","v":28},{"$f":"T228-HLOOKUP(X228,Feuil1!$C$1:$BL$10,3,FALSE)","v":8},{"$f":"T228-HLOOKUP(X228,Feuil1!$C$1:$BL$10,4,FALSE)","v":-12},{"$f":"T228-HLOOKUP(X228,Feuil1!$C$1:$BL$10,5,FALSE)","v":-32},{"$f":"T228-HLOOKUP(X228,Feuil1!$C$1:$BL$10,6,FALSE)","v":-62},{"$f":"T228-HLOOKUP(X228,Feuil1!$C$1:$BL$10,7,FALSE)","v":-82},{"$f":"T228-HLOOKUP(X228,Feuil1!$C$1:$BL$10,8,FALSE)","v":-102},{"$f":"T228-HLOOKUP(X228,Feuil1!$C$1:$BL$10,9,FALSE)","v":-117},{"$f":"T228-HLOOKUP(X228,Feuil1!$C$1:$BL$10,10,FALSE)","v":-132},null,null,null,null,null,null,"DEP +"]
["H","CO","PDL",138,238779,"CESBRON","Pierrick",1989,64,"SGTAngers","F",68,70,72,72,-85,85,-88,85,157,29,"DEP +",7,{"$f":"IF(I229=\"\",\"\",IF(A229=\"H\",IF(OR(H229=\"SEN\",H229<1995),VLOOKUP(I229,Feuil1!$A$11:$F$29,6),IF(AND(H229>1994,H229<1998),VLOOKUP(I229,Feuil1!$A$11:$F$29,5),IF(AND(H229>1997,H229<2000),VLOOKUP(I229,Feuil1!$A$11:$F$29,4),IF(AND(H229>1999,H229<2002),VLOOKUP(I229,Feuil1!$A$11:$F$29,3),VLOOKUP(I229,Feuil1!$A$11:$F$29,2))))),IF(OR(H229=\"SEN\",H229<1995),VLOOKUP(I229,Feuil1!$G$11:$L$25,6),IF(AND(H229>1994,H229<1998),VLOOKUP(I229,Feuil1!$G$11:$L$25,5),IF(AND(H229>1997,H229<2000),VLOOKUP(I229,Feuil1!$G$11:$L$25,4),IF(AND(H229>1999,H229<2002),VLOOKUP(I229,Feuil1!$G$11:$L$25,3),VLOOKUP(I229,Feuil1!$G$11:$L$25,2)))))))","v":"S69"},222.05134649640564,null," ",{"$f":"T229-HLOOKUP(X229,Feuil1!$C$1:$BL$10,2,FALSE)","v":27},{"$f":"T229-HLOOKUP(X229,Feuil1!$C$1:$BL$10,3,FALSE)","v":7},{"$f":"T229-HLOOKUP(X229,Feuil1!$C$1:$BL$10,4,FALSE)","v":-13},{"$f":"T229-HLOOKUP(X229,Feuil1!$C$1:$BL$10,5,FALSE)","v":-33},{"$f":"T229-HLOOKUP(X229,Feuil1!$C$1:$BL$10,6,FALSE)","v":-63},{"$f":"T229-HLOOKUP(X229,Feuil1!$C$1:$BL$10,7,FALSE)","v":-83},{"$f":"T229-HLOOKUP(X229,Feuil1!$C$1:$BL$10,8,FALSE)","v":-103},{"$f":"T229-HLOOKUP(X229,Feuil1!$C$1:$BL$10,9,FALSE)","v":-118},{"$f":"T229-HLOOKUP(X229,Feuil1!$C$1:$BL$10,10,FALSE)","v":-133},null,null,null,null,null,null,"DEP +"]
["H","NORD","NPC",139,358014,"BARET","Sébastien",1979,66.7,"O.GRANDE SYNTHE","F",65,70,72,72,85,"-","-",85,157,23.599999999999994,"DEP +",7,{"$f":"IF(I230=\"\",\"\",IF(A230=\"H\",IF(OR(H230=\"SEN\",H230<1995),VLOOKUP(I230,Feuil1!$A$11:$F$29,6),IF(AND(H230>1994,H230<1998),VLOOKUP(I230,Feuil1!$A$11:$F$29,5),IF(AND(H230>1997,H230<2000),VLOOKUP(I230,Feuil1!$A$11:$F$29,4),IF(AND(H230>1999,H230<2002),VLOOKUP(I230,Feuil1!$A$11:$F$29,3),VLOOKUP(I230,Feuil1!$A$11:$F$29,2))))),IF(OR(H230=\"SEN\",H230<1995),VLOOKUP(I230,Feuil1!$G$11:$L$25,6),IF(AND(H230>1994,H230<1998),VLOOKUP(I230,Feuil1!$G$11:$L$25,5),IF(AND(H230>1997,H230<2000),VLOOKUP(I230,Feuil1!$G$11:$L$25,4),IF(AND(H230>1999,H230<2002),VLOOKUP(I230,Feuil1!$G$11:$L$25,3),VLOOKUP(I230,Feuil1!$G$11:$L$25,2)))))))","v":"S69"},215.92207841869612,null," ",{"$f":"T230-HLOOKUP(X230,Feuil1!$C$1:$BL$10,2,FALSE)","v":27},{"$f":"T230-HLOOKUP(X230,Feuil1!$C$1:$BL$10,3,FALSE)","v":7},{"$f":"T230-HLOOKUP(X230,Feuil1!$C$1:$BL$10,4,FALSE)","v":-13},{"$f":"T230-HLOOKUP(X230,Feuil1!$C$1:$BL$10,5,FALSE)","v":-33},{"$f":"T230-HLOOKUP(X230,Feuil1!$C$1:$BL$10,6,FALSE)","v":-63},{"$f":"T230-HLOOKUP(X230,Feuil1!$C$1:$BL$10,7,FALSE)","v":-83},{"$f":"T230-HLOOKUP(X230,Feuil1!$C$1:$BL$10,8,FALSE)","v":-103},{"$f":"T230-HLOOKUP(X230,Feuil1!$C$1:$BL$10,9,FALSE)","v":-118},{"$f":"T230-HLOOKUP(X230,Feuil1!$C$1:$BL$10,10,FALSE)","v":-133},null,null,null,null,null,null,"DEP +"]
["H","ZCO","BRE",140,307700,"BURBAN","Didier",1962,67.900000000000006,"Vannes AC","F",64,-67,67,67,85,90,0,90,157,21.199999999999989,"DEP +",7,{"$f":"IF(I231=\"\",\"\",IF(A231=\"H\",IF(OR(H231=\"SEN\",H231<1995),VLOOKUP(I231,Feuil1!$A$11:$F$29,6),IF(AND(H231>1994,H231<1998),VLOOKUP(I231,Feuil1!$A$11:$F$29,5),IF(AND(H231>1997,H231<2000),VLOOKUP(I231,Feuil1!$A$11:$F$29,4),IF(AND(H231>1999,H231<2002),VLOOKUP(I231,Feuil1!$A$11:$F$29,3),VLOOKUP(I231,Feuil1!$A$11:$F$29,2))))),IF(OR(H231=\"SEN\",H231<1995),VLOOKUP(I231,Feuil1!$G$11:$L$25,6),IF(AND(H231>1994,H231<1998),VLOOKUP(I231,Feuil1!$G$11:$L$25,5),IF(AND(H231>1997,H231<2000),VLOOKUP(I231,Feuil1!$G$11:$L$25,4),IF(AND(H231>1999,H231<2002),VLOOKUP(I231,Feuil1!$G$11:$L$25,3),VLOOKUP(I231,Feuil1!$G$11:$L$25,2)))))))","v":"S69"},213.40736744459491,null," ",{"$f":"T231-HLOOKUP(X231,Feuil1!$C$1:$BL$10,2,FALSE)","v":27},{"$f":"T231-HLOOKUP(X231,Feuil1!$C$1:$BL$10,3,FALSE)","v":7},{"$f":"T231-HLOOKUP(X231,Feuil1!$C$1:$BL$10,4,FALSE)","v":-13},{"$f":"T231-HLOOKUP(X231,Feuil1!$C$1:$BL$10,5,FALSE)","v":-33},{"$f":"T231-HLOOKUP(X231,Feuil1!$C$1:$BL$10,6,FALSE)","v":-63},{"$f":"T231-HLOOKUP(X231,Feuil1!$C$1:$BL$10,7,FALSE)","v":-83},{"$f":"T231-HLOOKUP(X231,Feuil1!$C$1:$BL$10,8,FALSE)","v":-103},{"$f":"T231-HLOOKUP(X231,Feuil1!$C$1:$BL$10,9,FALSE)","v":-118},{"$f":"T231-HLOOKUP(X231,Feuil1!$C$1:$BL$10,10,FALSE)","v":-133},null,null,null,null,null,null,"DEP +"]
["H","NE","FCO",141,1202,"BOURDENET","Hervé",1960,69,"LF Besançon","F",62,67,-72,67,80,85,90,90,157,19,"DEP +",7,{"$f":"IF(I232=\"\",\"\",IF(A232=\"H\",IF(OR(H232=\"SEN\",H232<1995),VLOOKUP(I232,Feuil1!$A$11:$F$29,6),IF(AND(H232>1994,H232<1998),VLOOKUP(I232,Feuil1!$A$11:$F$29,5),IF(AND(H232>1997,H232<2000),VLOOKUP(I232,Feuil1!$A$11:$F$29,4),IF(AND(H232>1999,H232<2002),VLOOKUP(I232,Feuil1!$A$11:$F$29,3),VLOOKUP(I232,Feuil1!$A$11:$F$29,2))))),IF(OR(H232=\"SEN\",H232<1995),VLOOKUP(I232,Feuil1!$G$11:$L$25,6),IF(AND(H232>1994,H232<1998),VLOOKUP(I232,Feuil1!$G$11:$L$25,5),IF(AND(H232>1997,H232<2000),VLOOKUP(I232,Feuil1!$G$11:$L$25,4),IF(AND(H232>1999,H232<2002),VLOOKUP(I232,Feuil1!$G$11:$L$25,3),VLOOKUP(I232,Feuil1!$G$11:$L$25,2)))))))","v":"S69"},211.20574990133855,null," ",{"$f":"T232-HLOOKUP(X232,Feuil1!$C$1:$BL$10,2,FALSE)","v":27},{"$f":"T232-HLOOKUP(X232,Feuil1!$C$1:$BL$10,3,FALSE)","v":7},{"$f":"T232-HLOOKUP(X232,Feuil1!$C$1:$BL$10,4,FALSE)","v":-13},{"$f":"T232-HLOOKUP(X232,Feuil1!$C$1:$BL$10,5,FALSE)","v":-33},{"$f":"T232-HLOOKUP(X232,Feuil1!$C$1:$BL$10,6,FALSE)","v":-63},{"$f":"T232-HLOOKUP(X232,Feuil1!$C$1:$BL$10,7,FALSE)","v":-83},{"$f":"T232-HLOOKUP(X232,Feuil1!$C$1:$BL$10,8,FALSE)","v":-103},{"$f":"T232-HLOOKUP(X232,Feuil1!$C$1:$BL$10,9,FALSE)","v":-118},{"$f":"T232-HLOOKUP(X232,Feuil1!$C$1:$BL$10,10,FALSE)","v":-133},null,null,null,null,null,null,"DEP +"]
["H","CO","BNO",142,19398,"CORNEILLET","FABIEN",1982,65.599999999999994,"Alençon","F",60,65,70,70,78,83,86,86,156,24.800000000000011,"DEP +",6,{"$f":"IF(I233=\"\",\"\",IF(A233=\"H\",IF(OR(H233=\"SEN\",H233<1995),VLOOKUP(I233,Feuil1!$A$11:$F$29,6),IF(AND(H233>1994,H233<1998),VLOOKUP(I233,Feuil1!$A$11:$F$29,5),IF(AND(H233>1997,H233<2000),VLOOKUP(I233,Feuil1!$A$11:$F$29,4),IF(AND(H233>1999,H233<2002),VLOOKUP(I233,Feuil1!$A$11:$F$29,3),VLOOKUP(I233,Feuil1!$A$11:$F$29,2))))),IF(OR(H233=\"SEN\",H233<1995),VLOOKUP(I233,Feuil1!$G$11:$L$25,6),IF(AND(H233>1994,H233<1998),VLOOKUP(I233,Feuil1!$G$11:$L$25,5),IF(AND(H233>1997,H233<2000),VLOOKUP(I233,Feuil1!$G$11:$L$25,4),IF(AND(H233>1999,H233<2002),VLOOKUP(I233,Feuil1!$G$11:$L$25,3),VLOOKUP(I233,Feuil1!$G$11:$L$25,2)))))))","v":"S69"},216.94647042267346,null," ",{"$f":"T233-HLOOKUP(X233,Feuil1!$C$1:$BL$10,2,FALSE)","v":26},{"$f":"T233-HLOOKUP(X233,Feuil1!$C$1:$BL$10,3,FALSE)","v":6},{"$f":"T233-HLOOKUP(X233,Feuil1!$C$1:$BL$10,4,FALSE)","v":-14},{"$f":"T233-HLOOKUP(X233,Feuil1!$C$1:$BL$10,5,FALSE)","v":-34},{"$f":"T233-HLOOKUP(X233,Feuil1!$C$1:$BL$10,6,FALSE)","v":-64},{"$f":"T233-HLOOKUP(X233,Feuil1!$C$1:$BL$10,7,FALSE)","v":-84},{"$f":"T233-HLOOKUP(X233,Feuil1!$C$1:$BL$10,8,FALSE)","v":-104},{"$f":"T233-HLOOKUP(X233,Feuil1!$C$1:$BL$10,9,FALSE)","v":-119},{"$f":"T233-HLOOKUP(X233,Feuil1!$C$1:$BL$10,10,FALSE)","v":-134},null,null,null,null,null,null,"DEP +"]
["H","SEST","RAL",143,246836,"CLAUZIER","Florian",1986,69,"Pierrelatte","F",60,63,66,66,80,85,90,90,156,18,"DEP +",6,{"$f":"IF(I234=\"\",\"\",IF(A234=\"H\",IF(OR(H234=\"SEN\",H234<1995),VLOOKUP(I234,Feuil1!$A$11:$F$29,6),IF(AND(H234>1994,H234<1998),VLOOKUP(I234,Feuil1!$A$11:$F$29,5),IF(AND(H234>1997,H234<2000),VLOOKUP(I234,Feuil1!$A$11:$F$29,4),IF(AND(H234>1999,H234<2002),VLOOKUP(I234,Feuil1!$A$11:$F$29,3),VLOOKUP(I234,Feuil1!$A$11:$F$29,2))))),IF(OR(H234=\"SEN\",H234<1995),VLOOKUP(I234,Feuil1!$G$11:$L$25,6),IF(AND(H234>1994,H234<1998),VLOOKUP(I234,Feuil1!$G$11:$L$25,5),IF(AND(H234>1997,H234<2000),VLOOKUP(I234,Feuil1!$G$11:$L$25,4),IF(AND(H234>1999,H234<2002),VLOOKUP(I234,Feuil1!$G$11:$L$25,3),VLOOKUP(I234,Feuil1!$G$11:$L$25,2)))))))","v":"S69"},209.86049034782684,null," ",{"$f":"T234-HLOOKUP(X234,Feuil1!$C$1:$BL$10,2,FALSE)","v":26},{"$f":"T234-HLOOKUP(X234,Feuil1!$C$1:$BL$10,3,FALSE)","v":6},{"$f":"T234-HLOOKUP(X234,Feuil1!$C$1:$BL$10,4,FALSE)","v":-14},{"$f":"T234-HLOOKUP(X234,Feuil1!$C$1:$BL$10,5,FALSE)","v":-34},{"$f":"T234-HLOOKUP(X234,Feuil1!$C$1:$BL$10,6,FALSE)","v":-64},{"$f":"T234-HLOOKUP(X234,Feuil1!$C$1:$BL$10,7,FALSE)","v":-84},{"$f":"T234-HLOOKUP(X234,Feuil1!$C$1:$BL$10,8,FALSE)","v":-104},{"$f":"T234-HLOOKUP(X234,Feuil1!$C$1:$BL$10,9,FALSE)","v":-119},{"$f":"T234-HLOOKUP(X234,Feuil1!$C$1:$BL$10,10,FALSE)","v":-134},null,null,null,null,null,null,"DEP +"]
["H","SEST","PRO",144,333586,"BAUDRY","MARC",1981,65.8,"AVIGNON HALTERO","F",65,-70,-70,65,85,-90,90,90,155,23.400000000000006,"DEP +",5,{"$f":"IF(I235=\"\",\"\",IF(A235=\"H\",IF(OR(H235=\"SEN\",H235<1995),VLOOKUP(I235,Feuil1!$A$11:$F$29,6),IF(AND(H235>1994,H235<1998),VLOOKUP(I235,Feuil1!$A$11:$F$29,5),IF(AND(H235>1997,H235<2000),VLOOKUP(I235,Feuil1!$A$11:$F$29,4),IF(AND(H235>1999,H235<2002),VLOOKUP(I235,Feuil1!$A$11:$F$29,3),VLOOKUP(I235,Feuil1!$A$11:$F$29,2))))),IF(OR(H235=\"SEN\",H235<1995),VLOOKUP(I235,Feuil1!$G$11:$L$25,6),IF(AND(H235>1994,H235<1998),VLOOKUP(I235,Feuil1!$G$11:$L$25,5),IF(AND(H235>1997,H235<2000),VLOOKUP(I235,Feuil1!$G$11:$L$25,4),IF(AND(H235>1999,H235<2002),VLOOKUP(I235,Feuil1!$G$11:$L$25,3),VLOOKUP(I235,Feuil1!$G$11:$L$25,2)))))))","v":"S69"},215.11426322452067,null," ",{"$f":"T235-HLOOKUP(X235,Feuil1!$C$1:$BL$10,2,FALSE)","v":25},{"$f":"T235-HLOOKUP(X235,Feuil1!$C$1:$BL$10,3,FALSE)","v":5},{"$f":"T235-HLOOKUP(X235,Feuil1!$C$1:$BL$10,4,FALSE)","v":-15},{"$f":"T235-HLOOKUP(X235,Feuil1!$C$1:$BL$10,5,FALSE)","v":-35},{"$f":"T235-HLOOKUP(X235,Feuil1!$C$1:$BL$10,6,FALSE)","v":-65},{"$f":"T235-HLOOKUP(X235,Feuil1!$C$1:$BL$10,7,FALSE)","v":-85},{"$f":"T235-HLOOKUP(X235,Feuil1!$C$1:$BL$10,8,FALSE)","v":-105},{"$f":"T235-HLOOKUP(X235,Feuil1!$C$1:$BL$10,9,FALSE)","v":-120},{"$f":"T235-HLOOKUP(X235,Feuil1!$C$1:$BL$10,10,FALSE)","v":-135},null,null,null,null,null,null,"DEP +"]
["H","N","IDF",145,391697,"ANGRAND","ADRIEN",1993,68.599999999999994,"MELUN","F",55,60,-65,60,85,90,95,95,155,17.800000000000011,"DEP +",5,{"$f":"IF(I236=\"\",\"\",IF(A236=\"H\",IF(OR(H236=\"SEN\",H236<1995),VLOOKUP(I236,Feuil1!$A$11:$F$29,6),IF(AND(H236>1994,H236<1998),VLOOKUP(I236,Feuil1!$A$11:$F$29,5),IF(AND(H236>1997,H236<2000),VLOOKUP(I236,Feuil1!$A$11:$F$29,4),IF(AND(H236>1999,H236<2002),VLOOKUP(I236,Feuil1!$A$11:$F$29,3),VLOOKUP(I236,Feuil1!$A$11:$F$29,2))))),IF(OR(H236=\"SEN\",H236<1995),VLOOKUP(I236,Feuil1!$G$11:$L$25,6),IF(AND(H236>1994,H236<1998),VLOOKUP(I236,Feuil1!$G$11:$L$25,5),IF(AND(H236>1997,H236<2000),VLOOKUP(I236,Feuil1!$G$11:$L$25,4),IF(AND(H236>1999,H236<2002),VLOOKUP(I236,Feuil1!$G$11:$L$25,3),VLOOKUP(I236,Feuil1!$G$11:$L$25,2)))))))","v":"S69"},209.2946782604281,null," ",{"$f":"T236-HLOOKUP(X236,Feuil1!$C$1:$BL$10,2,FALSE)","v":25},{"$f":"T236-HLOOKUP(X236,Feuil1!$C$1:$BL$10,3,FALSE)","v":5},{"$f":"T236-HLOOKUP(X236,Feuil1!$C$1:$BL$10,4,FALSE)","v":-15},{"$f":"T236-HLOOKUP(X236,Feuil1!$C$1:$BL$10,5,FALSE)","v":-35},{"$f":"T236-HLOOKUP(X236,Feuil1!$C$1:$BL$10,6,FALSE)","v":-65},{"$f":"T236-HLOOKUP(X236,Feuil1!$C$1:$BL$10,7,FALSE)","v":-85},{"$f":"T236-HLOOKUP(X236,Feuil1!$C$1:$BL$10,8,FALSE)","v":-105},{"$f":"T236-HLOOKUP(X236,Feuil1!$C$1:$BL$10,9,FALSE)","v":-120},{"$f":"T236-HLOOKUP(X236,Feuil1!$C$1:$BL$10,10,FALSE)","v":-135},null,null,null,null,null,null,"DEP +"]
["H","DOM","GUA",146,382566,"SAINT AURET","Meddy",1992,69,"AHCS/Pointois","F",65,70,-75,70,80,85,-90,85,155,17,"DEP +",5,{"$f":"IF(I237=\"\",\"\",IF(A237=\"H\",IF(OR(H237=\"SEN\",H237<1995),VLOOKUP(I237,Feuil1!$A$11:$F$29,6),IF(AND(H237>1994,H237<1998),VLOOKUP(I237,Feuil1!$A$11:$F$29,5),IF(AND(H237>1997,H237<2000),VLOOKUP(I237,Feuil1!$A$11:$F$29,4),IF(AND(H237>1999,H237<2002),VLOOKUP(I237,Feuil1!$A$11:$F$29,3),VLOOKUP(I237,Feuil1!$A$11:$F$29,2))))),IF(OR(H237=\"SEN\",H237<1995),VLOOKUP(I237,Feuil1!$G$11:$L$25,6),IF(AND(H237>1994,H237<1998),VLOOKUP(I237,Feuil1!$G$11:$L$25,5),IF(AND(H237>1997,H237<2000),VLOOKUP(I237,Feuil1!$G$11:$L$25,4),IF(AND(H237>1999,H237<2002),VLOOKUP(I237,Feuil1!$G$11:$L$25,3),VLOOKUP(I237,Feuil1!$G$11:$L$25,2)))))))","v":"S69"},208.51523079431513,null," ",{"$f":"T237-HLOOKUP(X237,Feuil1!$C$1:$BL$10,2,FALSE)","v":25},{"$f":"T237-HLOOKUP(X237,Feuil1!$C$1:$BL$10,3,FALSE)","v":5},{"$f":"T237-HLOOKUP(X237,Feuil1!$C$1:$BL$10,4,FALSE)","v":-15},{"$f":"T237-HLOOKUP(X237,Feuil1!$C$1:$BL$10,5,FALSE)","v":-35},{"$f":"T237-HLOOKUP(X237,Feuil1!$C$1:$BL$10,6,FALSE)","v":-65},{"$f":"T237-HLOOKUP(X237,Feuil1!$C$1:$BL$10,7,FALSE)","v":-85},{"$f":"T237-HLOOKUP(X237,Feuil1!$C$1:$BL$10,8,FALSE)","v":-105},{"$f":"T237-HLOOKUP(X237,Feuil1!$C$1:$BL$10,9,FALSE)","v":-120},{"$f":"T237-HLOOKUP(X237,Feuil1!$C$1:$BL$10,10,FALSE)","v":-135},null,null,null,null,null,null,"DEP +"]
["H","SEST","RAL",147,311200,"KONIG","Johan",1988,66.3,"Bourg de Péage","F",65,68,-73,68,80,85,-87,85,153,20.400000000000006,"DEP +",3,{"$f":"IF(I238=\"\",\"\",IF(A238=\"H\",IF(OR(H238=\"SEN\",H238<1995),VLOOKUP(I238,Feuil1!$A$11:$F$29,6),IF(AND(H238>1994,H238<1998),VLOOKUP(I238,Feuil1!$A$11:$F$29,5),IF(AND(H238>1997,H238<2000),VLOOKUP(I238,Feuil1!$A$11:$F$29,4),IF(AND(H238>1999,H238<2002),VLOOKUP(I238,Feuil1!$A$11:$F$29,3),VLOOKUP(I238,Feuil1!$A$11:$F$29,2))))),IF(OR(H238=\"SEN\",H238<1995),VLOOKUP(I238,Feuil1!$G$11:$L$25,6),IF(AND(H238>1994,H238<1998),VLOOKUP(I238,Feuil1!$G$11:$L$25,5),IF(AND(H238>1997,H238<2000),VLOOKUP(I238,Feuil1!$G$11:$L$25,4),IF(AND(H238>1999,H238<2002),VLOOKUP(I238,Feuil1!$G$11:$L$25,3),VLOOKUP(I238,Feuil1!$G$11:$L$25,2)))))))","v":"S69"},211.26451800230819,null," ",{"$f":"T238-HLOOKUP(X238,Feuil1!$C$1:$BL$10,2,FALSE)","v":23},{"$f":"T238-HLOOKUP(X238,Feuil1!$C$1:$BL$10,3,FALSE)","v":3},{"$f":"T238-HLOOKUP(X238,Feuil1!$C$1:$BL$10,4,FALSE)","v":-17},{"$f":"T238-HLOOKUP(X238,Feuil1!$C$1:$BL$10,5,FALSE)","v":-37},{"$f":"T238-HLOOKUP(X238,Feuil1!$C$1:$BL$10,6,FALSE)","v":-67},{"$f":"T238-HLOOKUP(X238,Feuil1!$C$1:$BL$10,7,FALSE)","v":-87},{"$f":"T238-HLOOKUP(X238,Feuil1!$C$1:$BL$10,8,FALSE)","v":-107},{"$f":"T238-HLOOKUP(X238,Feuil1!$C$1:$BL$10,9,FALSE)","v":-122},{"$f":"T238-HLOOKUP(X238,Feuil1!$C$1:$BL$10,10,FALSE)","v":-137},null,null,null,null,null,null,"DEP +"]
["H","SO","MPY",148,379380,"FABRE","Jonathan",1994,68.2,"TOULOUSE HC","F",63,65,-68,65,85,-88,88,88,153,16.599999999999994,"DEP +",3,{"$f":"IF(I239=\"\",\"\",IF(A239=\"H\",IF(OR(H239=\"SEN\",H239<1995),VLOOKUP(I239,Feuil1!$A$11:$F$29,6),IF(AND(H239>1994,H239<1998),VLOOKUP(I239,Feuil1!$A$11:$F$29,5),IF(AND(H239>1997,H239<2000),VLOOKUP(I239,Feuil1!$A$11:$F$29,4),IF(AND(H239>1999,H239<2002),VLOOKUP(I239,Feuil1!$A$11:$F$29,3),VLOOKUP(I239,Feuil1!$A$11:$F$29,2))))),IF(OR(H239=\"SEN\",H239<1995),VLOOKUP(I239,Feuil1!$G$11:$L$25,6),IF(AND(H239>1994,H239<1998),VLOOKUP(I239,Feuil1!$G$11:$L$25,5),IF(AND(H239>1997,H239<2000),VLOOKUP(I239,Feuil1!$G$11:$L$25,4),IF(AND(H239>1999,H239<2002),VLOOKUP(I239,Feuil1!$G$11:$L$25,3),VLOOKUP(I239,Feuil1!$G$11:$L$25,2)))))))","v":"S69"},207.37577155774284,null," ",{"$f":"T239-HLOOKUP(X239,Feuil1!$C$1:$BL$10,2,FALSE)","v":23},{"$f":"T239-HLOOKUP(X239,Feuil1!$C$1:$BL$10,3,FALSE)","v":3},{"$f":"T239-HLOOKUP(X239,Feuil1!$C$1:$BL$10,4,FALSE)","v":-17},{"$f":"T239-HLOOKUP(X239,Feuil1!$C$1:$BL$10,5,FALSE)","v":-37},{"$f":"T239-HLOOKUP(X239,Feuil1!$C$1:$BL$10,6,FALSE)","v":-67},{"$f":"T239-HLOOKUP(X239,Feuil1!$C$1:$BL$10,7,FALSE)","v":-87},{"$f":"T239-HLOOKUP(X239,Feuil1!$C$1:$BL$10,8,FALSE)","v":-107},{"$f":"T239-HLOOKUP(X239,Feuil1!$C$1:$BL$10,9,FALSE)","v":-122},{"$f":"T239-HLOOKUP(X239,Feuil1!$C$1:$BL$10,10,FALSE)","v":-137},null,null,null,null,null,null,"DEP +"]
["H","CO","PDL",149,327463,"HAUGMARD","tony",1973,66.7,"ALSavenay","F",64,68,70,70,78,82,-85,82,152,18.599999999999994,"DEP +",2,{"$f":"IF(I240=\"\",\"\",IF(A240=\"H\",IF(OR(H240=\"SEN\",H240<1995),VLOOKUP(I240,Feuil1!$A$11:$F$29,6),IF(AND(H240>1994,H240<1998),VLOOKUP(I240,Feuil1!$A$11:$F$29,5),IF(AND(H240>1997,H240<2000),VLOOKUP(I240,Feuil1!$A$11:$F$29,4),IF(AND(H240>1999,H240<2002),VLOOKUP(I240,Feuil1!$A$11:$F$29,3),VLOOKUP(I240,Feuil1!$A$11:$F$29,2))))),IF(OR(H240=\"SEN\",H240<1995),VLOOKUP(I240,Feuil1!$G$11:$L$25,6),IF(AND(H240>1994,H240<1998),VLOOKUP(I240,Feuil1!$G$11:$L$25,5),IF(AND(H240>1997,H240<2000),VLOOKUP(I240,Feuil1!$G$11:$L$25,4),IF(AND(H240>1999,H240<2002),VLOOKUP(I240,Feuil1!$G$11:$L$25,3),VLOOKUP(I240,Feuil1!$G$11:$L$25,2)))))))","v":"S69"},209.0455791059988,null," ",{"$f":"T240-HLOOKUP(X240,Feuil1!$C$1:$BL$10,2,FALSE)","v":22},{"$f":"T240-HLOOKUP(X240,Feuil1!$C$1:$BL$10,3,FALSE)","v":2},{"$f":"T240-HLOOKUP(X240,Feuil1!$C$1:$BL$10,4,FALSE)","v":-18},{"$f":"T240-HLOOKUP(X240,Feuil1!$C$1:$BL$10,5,FALSE)","v":-38},{"$f":"T240-HLOOKUP(X240,Feuil1!$C$1:$BL$10,6,FALSE)","v":-68},{"$f":"T240-HLOOKUP(X240,Feuil1!$C$1:$BL$10,7,FALSE)","v":-88},{"$f":"T240-HLOOKUP(X240,Feuil1!$C$1:$BL$10,8,FALSE)","v":-108},{"$f":"T240-HLOOKUP(X240,Feuil1!$C$1:$BL$10,9,FALSE)","v":-123},{"$f":"T240-HLOOKUP(X240,Feuil1!$C$1:$BL$10,10,FALSE)","v":-138},null,null,null,null,null,null,"DEP +"]
["H","NE","ALS",150,143852,"BOEHRER","GREGORY",91,68.3,"CHM Andlau","F",60,65,-68,65,82,86,0,86,151,14.400000000000006,"DEP +",1,{"$f":"IF(I241=\"\",\"\",IF(A241=\"H\",IF(OR(H241=\"SEN\",H241<1995),VLOOKUP(I241,Feuil1!$A$11:$F$29,6),IF(AND(H241>1994,H241<1998),VLOOKUP(I241,Feuil1!$A$11:$F$29,5),IF(AND(H241>1997,H241<2000),VLOOKUP(I241,Feuil1!$A$11:$F$29,4),IF(AND(H241>1999,H241<2002),VLOOKUP(I241,Feuil1!$A$11:$F$29,3),VLOOKUP(I241,Feuil1!$A$11:$F$29,2))))),IF(OR(H241=\"SEN\",H241<1995),VLOOKUP(I241,Feuil1!$G$11:$L$25,6),IF(AND(H241>1994,H241<1998),VLOOKUP(I241,Feuil1!$G$11:$L$25,5),IF(AND(H241>1997,H241<2000),VLOOKUP(I241,Feuil1!$G$11:$L$25,4),IF(AND(H241>1999,H241<2002),VLOOKUP(I241,Feuil1!$G$11:$L$25,3),VLOOKUP(I241,Feuil1!$G$11:$L$25,2)))))))","v":"S69"},204.47096423646283,null," ",{"$f":"T241-HLOOKUP(X241,Feuil1!$C$1:$BL$10,2,FALSE)","v":21},{"$f":"T241-HLOOKUP(X241,Feuil1!$C$1:$BL$10,3,FALSE)","v":1},{"$f":"T241-HLOOKUP(X241,Feuil1!$C$1:$BL$10,4,FALSE)","v":-19},{"$f":"T241-HLOOKUP(X241,Feuil1!$C$1:$BL$10,5,FALSE)","v":-39},{"$f":"T241-HLOOKUP(X241,Feuil1!$C$1:$BL$10,6,FALSE)","v":-69},{"$f":"T241-HLOOKUP(X241,Feuil1!$C$1:$BL$10,7,FALSE)","v":-89},{"$f":"T241-HLOOKUP(X241,Feuil1!$C$1:$BL$10,8,FALSE)","v":-109},{"$f":"T241-HLOOKUP(X241,Feuil1!$C$1:$BL$10,9,FALSE)","v":-124},{"$f":"T241-HLOOKUP(X241,Feuil1!$C$1:$BL$10,10,FALSE)","v":-139},null,null,null,null,null,null,"DEP +"]
["H","NORD","NPC",151,166401,"DAHMANI","Alexandre",1988,63.9,"A.O.SALLAUMINES","F",60,65,-68,65,80,85,-88,85,150,22.200000000000003,"DEP +",0,{"$f":"IF(I242=\"\",\"\",IF(A242=\"H\",IF(OR(H242=\"SEN\",H242<1995),VLOOKUP(I242,Feuil1!$A$11:$F$29,6),IF(AND(H242>1994,H242<1998),VLOOKUP(I242,Feuil1!$A$11:$F$29,5),IF(AND(H242>1997,H242<2000),VLOOKUP(I242,Feuil1!$A$11:$F$29,4),IF(AND(H242>1999,H242<2002),VLOOKUP(I242,Feuil1!$A$11:$F$29,3),VLOOKUP(I242,Feuil1!$A$11:$F$29,2))))),IF(OR(H242=\"SEN\",H242<1995),VLOOKUP(I242,Feuil1!$G$11:$L$25,6),IF(AND(H242>1994,H242<1998),VLOOKUP(I242,Feuil1!$G$11:$L$25,5),IF(AND(H242>1997,H242<2000),VLOOKUP(I242,Feuil1!$G$11:$L$25,4),IF(AND(H242>1999,H242<2002),VLOOKUP(I242,Feuil1!$G$11:$L$25,3),VLOOKUP(I242,Feuil1!$G$11:$L$25,2)))))))","v":"S69"},212.38072151938414,null," ",{"$f":"T242-HLOOKUP(X242,Feuil1!$C$1:$BL$10,2,FALSE)","v":20},{"$f":"T242-HLOOKUP(X242,Feuil1!$C$1:$BL$10,3,FALSE)","v":0},{"$f":"T242-HLOOKUP(X242,Feuil1!$C$1:$BL$10,4,FALSE)","v":-20},{"$f":"T242-HLOOKUP(X242,Feuil1!$C$1:$BL$10,5,FALSE)","v":-40},{"$f":"T242-HLOOKUP(X242,Feuil1!$C$1:$BL$10,6,FALSE)","v":-70},{"$f":"T242-HLOOKUP(X242,Feuil1!$C$1:$BL$10,7,FALSE)","v":-90},{"$f":"T242-HLOOKUP(X242,Feuil1!$C$1:$BL$10,8,FALSE)","v":-110},{"$f":"T242-HLOOKUP(X242,Feuil1!$C$1:$BL$10,9,FALSE)","v":-125},{"$f":"T242-HLOOKUP(X242,Feuil1!$C$1:$BL$10,10,FALSE)","v":-140},null,null,null,null,null,null,"DEP +"]
["H","N","IDF",152,352744,"BELLION","ELIE",1989,65.099999999999994,"CHAVILLE","F",60,65,-70,65,70,80,85,85,150,19.800000000000011,"DEP +",0,{"$f":"IF(I243=\"\",\"\",IF(A243=\"H\",IF(OR(H243=\"SEN\",H243<1995),VLOOKUP(I243,Feuil1!$A$11:$F$29,6),IF(AND(H243>1994,H243<1998),VLOOKUP(I243,Feuil1!$A$11:$F$29,5),IF(AND(H243>1997,H243<2000),VLOOKUP(I243,Feuil1!$A$11:$F$29,4),IF(AND(H243>1999,H243<2002),VLOOKUP(I243,Feuil1!$A$11:$F$29,3),VLOOKUP(I243,Feuil1!$A$11:$F$29,2))))),IF(OR(H243=\"SEN\",H243<1995),VLOOKUP(I243,Feuil1!$G$11:$L$25,6),IF(AND(H243>1994,H243<1998),VLOOKUP(I243,Feuil1!$G$11:$L$25,5),IF(AND(H243>1997,H243<2000),VLOOKUP(I243,Feuil1!$G$11:$L$25,4),IF(AND(H243>1999,H243<2002),VLOOKUP(I243,Feuil1!$G$11:$L$25,3),VLOOKUP(I243,Feuil1!$G$11:$L$25,2)))))))","v":"S69"},209.68610149258183,null," ",{"$f":"T243-HLOOKUP(X243,Feuil1!$C$1:$BL$10,2,FALSE)","v":20},{"$f":"T243-HLOOKUP(X243,Feuil1!$C$1:$BL$10,3,FALSE)","v":0},{"$f":"T243-HLOOKUP(X243,Feuil1!$C$1:$BL$10,4,FALSE)","v":-20},{"$f":"T243-HLOOKUP(X243,Feuil1!$C$1:$BL$10,5,FALSE)","v":-40},{"$f":"T243-HLOOKUP(X243,Feuil1!$C$1:$BL$10,6,FALSE)","v":-70},{"$f":"T243-HLOOKUP(X243,Feuil1!$C$1:$BL$10,7,FALSE)","v":-90},{"$f":"T243-HLOOKUP(X243,Feuil1!$C$1:$BL$10,8,FALSE)","v":-110},{"$f":"T243-HLOOKUP(X243,Feuil1!$C$1:$BL$10,9,FALSE)","v":-125},{"$f":"T243-HLOOKUP(X243,Feuil1!$C$1:$BL$10,10,FALSE)","v":-140},null,null,null,null,null,null,"DEP +"]
["H","SEST","AUV",153,392436,"XARAU","Johan",1988,66.8,"CROSSWOD TEAM",null,57,60,65,65,75,80,85,85,150,16.400000000000006,"DEP +",0,{"$f":"IF(I244=\"\",\"\",IF(A244=\"H\",IF(OR(H244=\"SEN\",H244<1995),VLOOKUP(I244,Feuil1!$A$11:$F$29,6),IF(AND(H244>1994,H244<1998),VLOOKUP(I244,Feuil1!$A$11:$F$29,5),IF(AND(H244>1997,H244<2000),VLOOKUP(I244,Feuil1!$A$11:$F$29,4),IF(AND(H244>1999,H244<2002),VLOOKUP(I244,Feuil1!$A$11:$F$29,3),VLOOKUP(I244,Feuil1!$A$11:$F$29,2))))),IF(OR(H244=\"SEN\",H244<1995),VLOOKUP(I244,Feuil1!$G$11:$L$25,6),IF(AND(H244>1994,H244<1998),VLOOKUP(I244,Feuil1!$G$11:$L$25,5),IF(AND(H244>1997,H244<2000),VLOOKUP(I244,Feuil1!$G$11:$L$25,4),IF(AND(H244>1999,H244<2002),VLOOKUP(I244,Feuil1!$G$11:$L$25,3),VLOOKUP(I244,Feuil1!$G$11:$L$25,2)))))))","v":"S69"},206.09029464659571,null," ",{"$f":"T244-HLOOKUP(X244,Feuil1!$C$1:$BL$10,2,FALSE)","v":20},{"$f":"T244-HLOOKUP(X244,Feuil1!$C$1:$BL$10,3,FALSE)","v":0},{"$f":"T244-HLOOKUP(X244,Feuil1!$C$1:$BL$10,4,FALSE)","v":-20},{"$f":"T244-HLOOKUP(X244,Feuil1!$C$1:$BL$10,5,FALSE)","v":-40},{"$f":"T244-HLOOKUP(X244,Feuil1!$C$1:$BL$10,6,FALSE)","v":-70},{"$f":"T244-HLOOKUP(X244,Feuil1!$C$1:$BL$10,7,FALSE)","v":-90},{"$f":"T244-HLOOKUP(X244,Feuil1!$C$1:$BL$10,8,FALSE)","v":-110},{"$f":"T244-HLOOKUP(X244,Feuil1!$C$1:$BL$10,9,FALSE)","v":-125},{"$f":"T244-HLOOKUP(X244,Feuil1!$C$1:$BL$10,10,FALSE)","v":-140},null,null,null,null,null,null,"DEP +"]
["H","N","IDF",154,"002315","COZERET","Jean-Claude",1949,68.400000000000006,"NEUILLY","F",60,65,-68,65,78,82,85,85,150,13.199999999999989,"DEP +",0,{"$f":"IF(I245=\"\",\"\",IF(A245=\"H\",IF(OR(H245=\"SEN\",H245<1995),VLOOKUP(I245,Feuil1!$A$11:$F$29,6),IF(AND(H245>1994,H245<1998),VLOOKUP(I245,Feuil1!$A$11:$F$29,5),IF(AND(H245>1997,H245<2000),VLOOKUP(I245,Feuil1!$A$11:$F$29,4),IF(AND(H245>1999,H245<2002),VLOOKUP(I245,Feuil1!$A$11:$F$29,3),VLOOKUP(I245,Feuil1!$A$11:$F$29,2))))),IF(OR(H245=\"SEN\",H245<1995),VLOOKUP(I245,Feuil1!$G$11:$L$25,6),IF(AND(H245>1994,H245<1998),VLOOKUP(I245,Feuil1!$G$11:$L$25,5),IF(AND(H245>1997,H245<2000),VLOOKUP(I245,Feuil1!$G$11:$L$25,4),IF(AND(H245>1999,H245<2002),VLOOKUP(I245,Feuil1!$G$11:$L$25,3),VLOOKUP(I245,Feuil1!$G$11:$L$25,2)))))))","v":"S69"},202.92488801246174,null," ",{"$f":"T245-HLOOKUP(X245,Feuil1!$C$1:$BL$10,2,FALSE)","v":20},{"$f":"T245-HLOOKUP(X245,Feuil1!$C$1:$BL$10,3,FALSE)","v":0},{"$f":"T245-HLOOKUP(X245,Feuil1!$C$1:$BL$10,4,FALSE)","v":-20},{"$f":"T245-HLOOKUP(X245,Feuil1!$C$1:$BL$10,5,FALSE)","v":-40},{"$f":"T245-HLOOKUP(X245,Feuil1!$C$1:$BL$10,6,FALSE)","v":-70},{"$f":"T245-HLOOKUP(X245,Feuil1!$C$1:$BL$10,7,FALSE)","v":-90},{"$f":"T245-HLOOKUP(X245,Feuil1!$C$1:$BL$10,8,FALSE)","v":-110},{"$f":"T245-HLOOKUP(X245,Feuil1!$C$1:$BL$10,9,FALSE)","v":-125},{"$f":"T245-HLOOKUP(X245,Feuil1!$C$1:$BL$10,10,FALSE)","v":-140},null,null,null,null,null,null,"DEP +"]
["H","SEST","AUV",155,309804,"MARTINS","conrad",1991,68.400000000000006,"STADE CLERMONTOIS",null,60,65,-70,65,-80,80,85,85,150,13.199999999999989,"DEP +",0,{"$f":"IF(I246=\"\",\"\",IF(A246=\"H\",IF(OR(H246=\"SEN\",H246<1995),VLOOKUP(I246,Feuil1!$A$11:$F$29,6),IF(AND(H246>1994,H246<1998),VLOOKUP(I246,Feuil1!$A$11:$F$29,5),IF(AND(H246>1997,H246<2000),VLOOKUP(I246,Feuil1!$A$11:$F$29,4),IF(AND(H246>1999,H246<2002),VLOOKUP(I246,Feuil1!$A$11:$F$29,3),VLOOKUP(I246,Feuil1!$A$11:$F$29,2))))),IF(OR(H246=\"SEN\",H246<1995),VLOOKUP(I246,Feuil1!$G$11:$L$25,6),IF(AND(H246>1994,H246<1998),VLOOKUP(I246,Feuil1!$G$11:$L$25,5),IF(AND(H246>1997,H246<2000),VLOOKUP(I246,Feuil1!$G$11:$L$25,4),IF(AND(H246>1999,H246<2002),VLOOKUP(I246,Feuil1!$G$11:$L$25,3),VLOOKUP(I246,Feuil1!$G$11:$L$25,2)))))))","v":"S69"},202.92488801246174,null," ",{"$f":"T246-HLOOKUP(X246,Feuil1!$C$1:$BL$10,2,FALSE)","v":20},{"$f":"T246-HLOOKUP(X246,Feuil1!$C$1:$BL$10,3,FALSE)","v":0},{"$f":"T246-HLOOKUP(X246,Feuil1!$C$1:$BL$10,4,FALSE)","v":-20},{"$f":"T246-HLOOKUP(X246,Feuil1!$C$1:$BL$10,5,FALSE)","v":-40},{"$f":"T246-HLOOKUP(X246,Feuil1!$C$1:$BL$10,6,FALSE)","v":-70},{"$f":"T246-HLOOKUP(X246,Feuil1!$C$1:$BL$10,7,FALSE)","v":-90},{"$f":"T246-HLOOKUP(X246,Feuil1!$C$1:$BL$10,8,FALSE)","v":-110},{"$f":"T246-HLOOKUP(X246,Feuil1!$C$1:$BL$10,9,FALSE)","v":-125},{"$f":"T246-HLOOKUP(X246,Feuil1!$C$1:$BL$10,10,FALSE)","v":-140},null,null,null,null,null,null,"DEP +"]
["H","SEST","PRO",156,2561,"RAYNAUD","MICHEL",1957,65,"EEAR MONTEUX","F",62,67,-70,67,82,-86,-86,82,149,19,"DEB ",19,{"$f":"IF(I247=\"\",\"\",IF(A247=\"H\",IF(OR(H247=\"SEN\",H247<1995),VLOOKUP(I247,Feuil1!$A$11:$F$29,6),IF(AND(H247>1994,H247<1998),VLOOKUP(I247,Feuil1!$A$11:$F$29,5),IF(AND(H247>1997,H247<2000),VLOOKUP(I247,Feuil1!$A$11:$F$29,4),IF(AND(H247>1999,H247<2002),VLOOKUP(I247,Feuil1!$A$11:$F$29,3),VLOOKUP(I247,Feuil1!$A$11:$F$29,2))))),IF(OR(H247=\"SEN\",H247<1995),VLOOKUP(I247,Feuil1!$G$11:$L$25,6),IF(AND(H247>1994,H247<1998),VLOOKUP(I247,Feuil1!$G$11:$L$25,5),IF(AND(H247>1997,H247<2000),VLOOKUP(I247,Feuil1!$G$11:$L$25,4),IF(AND(H247>1999,H247<2002),VLOOKUP(I247,Feuil1!$G$11:$L$25,3),VLOOKUP(I247,Feuil1!$G$11:$L$25,2)))))))","v":"S69"},208.50617615108681,null," ",{"$f":"T247-HLOOKUP(X247,Feuil1!$C$1:$BL$10,2,FALSE)","v":19},{"$f":"T247-HLOOKUP(X247,Feuil1!$C$1:$BL$10,3,FALSE)","v":-1},{"$f":"T247-HLOOKUP(X247,Feuil1!$C$1:$BL$10,4,FALSE)","v":-21},{"$f":"T247-HLOOKUP(X247,Feuil1!$C$1:$BL$10,5,FALSE)","v":-41},{"$f":"T247-HLOOKUP(X247,Feuil1!$C$1:$BL$10,6,FALSE)","v":-71},{"$f":"T247-HLOOKUP(X247,Feuil1!$C$1:$BL$10,7,FALSE)","v":-91},{"$f":"T247-HLOOKUP(X247,Feuil1!$C$1:$BL$10,8,FALSE)","v":-111},{"$f":"T247-HLOOKUP(X247,Feuil1!$C$1:$BL$10,9,FALSE)","v":-126},{"$f":"T247-HLOOKUP(X247,Feuil1!$C$1:$BL$10,10,FALSE)","v":-141},null,null,null,null,null,null,"DEB "]
["H","SO","MPY",157,379379,"DESTARAC","Romain",1994,68.260000000000005,"TOULOUSE HC","F",55,58,62,62,77,82,87,87,149,12.47999999999999,"DEB ",19,{"$f":"IF(I248=\"\",\"\",IF(A248=\"H\",IF(OR(H248=\"SEN\",H248<1995),VLOOKUP(I248,Feuil1!$A$11:$F$29,6),IF(AND(H248>1994,H248<1998),VLOOKUP(I248,Feuil1!$A$11:$F$29,5),IF(AND(H248>1997,H248<2000),VLOOKUP(I248,Feuil1!$A$11:$F$29,4),IF(AND(H248>1999,H248<2002),VLOOKUP(I248,Feuil1!$A$11:$F$29,3),VLOOKUP(I248,Feuil1!$A$11:$F$29,2))))),IF(OR(H248=\"SEN\",H248<1995),VLOOKUP(I248,Feuil1!$G$11:$L$25,6),IF(AND(H248>1994,H248<1998),VLOOKUP(I248,Feuil1!$G$11:$L$25,5),IF(AND(H248>1997,H248<2000),VLOOKUP(I248,Feuil1!$G$11:$L$25,4),IF(AND(H248>1999,H248<2002),VLOOKUP(I248,Feuil1!$G$11:$L$25,3),VLOOKUP(I248,Feuil1!$G$11:$L$25,2)))))))","v":"S69"},201.8392255178436,null," ",{"$f":"T248-HLOOKUP(X248,Feuil1!$C$1:$BL$10,2,FALSE)","v":19},{"$f":"T248-HLOOKUP(X248,Feuil1!$C$1:$BL$10,3,FALSE)","v":-1},{"$f":"T248-HLOOKUP(X248,Feuil1!$C$1:$BL$10,4,FALSE)","v":-21},{"$f":"T248-HLOOKUP(X248,Feuil1!$C$1:$BL$10,5,FALSE)","v":-41},{"$f":"T248-HLOOKUP(X248,Feuil1!$C$1:$BL$10,6,FALSE)","v":-71},{"$f":"T248-HLOOKUP(X248,Feuil1!$C$1:$BL$10,7,FALSE)","v":-91},{"$f":"T248-HLOOKUP(X248,Feuil1!$C$1:$BL$10,8,FALSE)","v":-111},{"$f":"T248-HLOOKUP(X248,Feuil1!$C$1:$BL$10,9,FALSE)","v":-126},{"$f":"T248-HLOOKUP(X248,Feuil1!$C$1:$BL$10,10,FALSE)","v":-141},null,null,null,null,null,null,"DEB "]
["H","NORD","NPC",158,391228,"DURIEZ","Dimitri",1994,65.5,"ALSH BULLY LES MINES","F",62,65,-68,65,75,78,83,83,148,17,"DEB ",18,{"$f":"IF(I249=\"\",\"\",IF(A249=\"H\",IF(OR(H249=\"SEN\",H249<1995),VLOOKUP(I249,Feuil1!$A$11:$F$29,6),IF(AND(H249>1994,H249<1998),VLOOKUP(I249,Feuil1!$A$11:$F$29,5),IF(AND(H249>1997,H249<2000),VLOOKUP(I249,Feuil1!$A$11:$F$29,4),IF(AND(H249>1999,H249<2002),VLOOKUP(I249,Feuil1!$A$11:$F$29,3),VLOOKUP(I249,Feuil1!$A$11:$F$29,2))))),IF(OR(H249=\"SEN\",H249<1995),VLOOKUP(I249,Feuil1!$G$11:$L$25,6),IF(AND(H249>1994,H249<1998),VLOOKUP(I249,Feuil1!$G$11:$L$25,5),IF(AND(H249>1997,H249<2000),VLOOKUP(I249,Feuil1!$G$11:$L$25,4),IF(AND(H249>1999,H249<2002),VLOOKUP(I249,Feuil1!$G$11:$L$25,3),VLOOKUP(I249,Feuil1!$G$11:$L$25,2)))))))","v":"S69"},206.03310595586009,null," ",{"$f":"T249-HLOOKUP(X249,Feuil1!$C$1:$BL$10,2,FALSE)","v":18},{"$f":"T249-HLOOKUP(X249,Feuil1!$C$1:$BL$10,3,FALSE)","v":-2},{"$f":"T249-HLOOKUP(X249,Feuil1!$C$1:$BL$10,4,FALSE)","v":-22},{"$f":"T249-HLOOKUP(X249,Feuil1!$C$1:$BL$10,5,FALSE)","v":-42},{"$f":"T249-HLOOKUP(X249,Feuil1!$C$1:$BL$10,6,FALSE)","v":-72},{"$f":"T249-HLOOKUP(X249,Feuil1!$C$1:$BL$10,7,FALSE)","v":-92},{"$f":"T249-HLOOKUP(X249,Feuil1!$C$1:$BL$10,8,FALSE)","v":-112},{"$f":"T249-HLOOKUP(X249,Feuil1!$C$1:$BL$10,9,FALSE)","v":-127},{"$f":"T249-HLOOKUP(X249,Feuil1!$C$1:$BL$10,10,FALSE)","v":-142},null,null,null,null,null,null,"DEB "]
["H","NE","ALS",159,328568,"HOFFMANN","MARTIAL",93,66.7,"MJC Ungersheim","F",61,-65,65,65,77,82,-88,82,147,13.599999999999994,"DEB ",17,{"$f":"IF(I250=\"\",\"\",IF(A250=\"H\",IF(OR(H250=\"SEN\",H250<1995),VLOOKUP(I250,Feuil1!$A$11:$F$29,6),IF(AND(H250>1994,H250<1998),VLOOKUP(I250,Feuil1!$A$11:$F$29,5),IF(AND(H250>1997,H250<2000),VLOOKUP(I250,Feuil1!$A$11:$F$29,4),IF(AND(H250>1999,H250<2002),VLOOKUP(I250,Feuil1!$A$11:$F$29,3),VLOOKUP(I250,Feuil1!$A$11:$F$29,2))))),IF(OR(H250=\"SEN\",H250<1995),VLOOKUP(I250,Feuil1!$G$11:$L$25,6),IF(AND(H250>1994,H250<1998),VLOOKUP(I250,Feuil1!$G$11:$L$25,5),IF(AND(H250>1997,H250<2000),VLOOKUP(I250,Feuil1!$G$11:$L$25,4),IF(AND(H250>1999,H250<2002),VLOOKUP(I250,Feuil1!$G$11:$L$25,3),VLOOKUP(I250,Feuil1!$G$11:$L$25,2)))))))","v":"S69"},202.16907979330145,null," ",{"$f":"T250-HLOOKUP(X250,Feuil1!$C$1:$BL$10,2,FALSE)","v":17},{"$f":"T250-HLOOKUP(X250,Feuil1!$C$1:$BL$10,3,FALSE)","v":-3},{"$f":"T250-HLOOKUP(X250,Feuil1!$C$1:$BL$10,4,FALSE)","v":-23},{"$f":"T250-HLOOKUP(X250,Feuil1!$C$1:$BL$10,5,FALSE)","v":-43},{"$f":"T250-HLOOKUP(X250,Feuil1!$C$1:$BL$10,6,FALSE)","v":-73},{"$f":"T250-HLOOKUP(X250,Feuil1!$C$1:$BL$10,7,FALSE)","v":-93},{"$f":"T250-HLOOKUP(X250,Feuil1!$C$1:$BL$10,8,FALSE)","v":-113},{"$f":"T250-HLOOKUP(X250,Feuil1!$C$1:$BL$10,9,FALSE)","v":-128},{"$f":"T250-HLOOKUP(X250,Feuil1!$C$1:$BL$10,10,FALSE)","v":-143},null,null,null,null,null,null,"DEB "]
["H","NORD","PIC",160,278116,"DUMEIGE","Christophe",1965,68.400000000000006,"Villers-Bretonneux KC","F",65,-70,-70,65,-82,-82,82,82,147,10.199999999999989,"DEB ",17,{"$f":"IF(I251=\"\",\"\",IF(A251=\"H\",IF(OR(H251=\"SEN\",H251<1995),VLOOKUP(I251,Feuil1!$A$11:$F$29,6),IF(AND(H251>1994,H251<1998),VLOOKUP(I251,Feuil1!$A$11:$F$29,5),IF(AND(H251>1997,H251<2000),VLOOKUP(I251,Feuil1!$A$11:$F$29,4),IF(AND(H251>1999,H251<2002),VLOOKUP(I251,Feuil1!$A$11:$F$29,3),VLOOKUP(I251,Feuil1!$A$11:$F$29,2))))),IF(OR(H251=\"SEN\",H251<1995),VLOOKUP(I251,Feuil1!$G$11:$L$25,6),IF(AND(H251>1994,H251<1998),VLOOKUP(I251,Feuil1!$G$11:$L$25,5),IF(AND(H251>1997,H251<2000),VLOOKUP(I251,Feuil1!$G$11:$L$25,4),IF(AND(H251>1999,H251<2002),VLOOKUP(I251,Feuil1!$G$11:$L$25,3),VLOOKUP(I251,Feuil1!$G$11:$L$25,2)))))))","v":"S69"},198.86639025221248,null," ",{"$f":"T251-HLOOKUP(X251,Feuil1!$C$1:$BL$10,2,FALSE)","v":17},{"$f":"T251-HLOOKUP(X251,Feuil1!$C$1:$BL$10,3,FALSE)","v":-3},{"$f":"T251-HLOOKUP(X251,Feuil1!$C$1:$BL$10,4,FALSE)","v":-23},{"$f":"T251-HLOOKUP(X251,Feuil1!$C$1:$BL$10,5,FALSE)","v":-43},{"$f":"T251-HLOOKUP(X251,Feuil1!$C$1:$BL$10,6,FALSE)","v":-73},{"$f":"T251-HLOOKUP(X251,Feuil1!$C$1:$BL$10,7,FALSE)","v":-93},{"$f":"T251-HLOOKUP(X251,Feuil1!$C$1:$BL$10,8,FALSE)","v":-113},{"$f":"T251-HLOOKUP(X251,Feuil1!$C$1:$BL$10,9,FALSE)","v":-128},{"$f":"T251-HLOOKUP(X251,Feuil1!$C$1:$BL$10,10,FALSE)","v":-143},null,null,null,null,null,null,"DEB "]
["H","SEST","AUV",161,294857,"PINEAU","Jules",1990,68.400000000000006,"CHM AURILLAC",null,62,65,67,67,75,80,-83,80,147,10.199999999999989,"DEB ",17,{"$f":"IF(I252=\"\",\"\",IF(A252=\"H\",IF(OR(H252=\"SEN\",H252<1995),VLOOKUP(I252,Feuil1!$A$11:$F$29,6),IF(AND(H252>1994,H252<1998),VLOOKUP(I252,Feuil1!$A$11:$F$29,5),IF(AND(H252>1997,H252<2000),VLOOKUP(I252,Feuil1!$A$11:$F$29,4),IF(AND(H252>1999,H252<2002),VLOOKUP(I252,Feuil1!$A$11:$F$29,3),VLOOKUP(I252,Feuil1!$A$11:$F$29,2))))),IF(OR(H252=\"SEN\",H252<1995),VLOOKUP(I252,Feuil1!$G$11:$L$25,6),IF(AND(H252>1994,H252<1998),VLOOKUP(I252,Feuil1!$G$11:$L$25,5),IF(AND(H252>1997,H252<2000),VLOOKUP(I252,Feuil1!$G$11:$L$25,4),IF(AND(H252>1999,H252<2002),VLOOKUP(I252,Feuil1!$G$11:$L$25,3),VLOOKUP(I252,Feuil1!$G$11:$L$25,2)))))))","v":"S69"},198.86639025221248,null," ",{"$f":"T252-HLOOKUP(X252,Feuil1!$C$1:$BL$10,2,FALSE)","v":17},{"$f":"T252-HLOOKUP(X252,Feuil1!$C$1:$BL$10,3,FALSE)","v":-3},{"$f":"T252-HLOOKUP(X252,Feuil1!$C$1:$BL$10,4,FALSE)","v":-23},{"$f":"T252-HLOOKUP(X252,Feuil1!$C$1:$BL$10,5,FALSE)","v":-43},{"$f":"T252-HLOOKUP(X252,Feuil1!$C$1:$BL$10,6,FALSE)","v":-73},{"$f":"T252-HLOOKUP(X252,Feuil1!$C$1:$BL$10,7,FALSE)","v":-93},{"$f":"T252-HLOOKUP(X252,Feuil1!$C$1:$BL$10,8,FALSE)","v":-113},{"$f":"T252-HLOOKUP(X252,Feuil1!$C$1:$BL$10,9,FALSE)","v":-128},{"$f":"T252-HLOOKUP(X252,Feuil1!$C$1:$BL$10,10,FALSE)","v":-143},null,null,null,null,null,null,"DEB "]
["H","SEST","RAL",162,388222,"ANTON","Xavier",1989,62.6,"C.H. L'ARBRESLE","F",65,68,71,71,75,-80,-83,75,146,20.799999999999997,"DEB ",16,{"$f":"IF(I253=\"\",\"\",IF(A253=\"H\",IF(OR(H253=\"SEN\",H253<1995),VLOOKUP(I253,Feuil1!$A$11:$F$29,6),IF(AND(H253>1994,H253<1998),VLOOKUP(I253,Feuil1!$A$11:$F$29,5),IF(AND(H253>1997,H253<2000),VLOOKUP(I253,Feuil1!$A$11:$F$29,4),IF(AND(H253>1999,H253<2002),VLOOKUP(I253,Feuil1!$A$11:$F$29,3),VLOOKUP(I253,Feuil1!$A$11:$F$29,2))))),IF(OR(H253=\"SEN\",H253<1995),VLOOKUP(I253,Feuil1!$G$11:$L$25,6),IF(AND(H253>1994,H253<1998),VLOOKUP(I253,Feuil1!$G$11:$L$25,5),IF(AND(H253>1997,H253<2000),VLOOKUP(I253,Feuil1!$G$11:$L$25,4),IF(AND(H253>1999,H253<2002),VLOOKUP(I253,Feuil1!$G$11:$L$25,3),VLOOKUP(I253,Feuil1!$G$11:$L$25,2)))))))","v":"S69"},209.71215984045597,null," ",{"$f":"T253-HLOOKUP(X253,Feuil1!$C$1:$BL$10,2,FALSE)","v":16},{"$f":"T253-HLOOKUP(X253,Feuil1!$C$1:$BL$10,3,FALSE)","v":-4},{"$f":"T253-HLOOKUP(X253,Feuil1!$C$1:$BL$10,4,FALSE)","v":-24},{"$f":"T253-HLOOKUP(X253,Feuil1!$C$1:$BL$10,5,FALSE)","v":-44},{"$f":"T253-HLOOKUP(X253,Feuil1!$C$1:$BL$10,6,FALSE)","v":-74},{"$f":"T253-HLOOKUP(X253,Feuil1!$C$1:$BL$10,7,FALSE)","v":-94},{"$f":"T253-HLOOKUP(X253,Feuil1!$C$1:$BL$10,8,FALSE)","v":-114},{"$f":"T253-HLOOKUP(X253,Feuil1!$C$1:$BL$10,9,FALSE)","v":-129},{"$f":"T253-HLOOKUP(X253,Feuil1!$C$1:$BL$10,10,FALSE)","v":-144},null,null,null,null,null,null,"DEB "]
["H","N","IDF",163,384462,"LE ROUX","LOIC",1976,65,"MELUN","F",55,60,-65,60,80,85,-90,85,145,15,"DEB ",15,{"$f":"IF(I254=\"\",\"\",IF(A254=\"H\",IF(OR(H254=\"SEN\",H254<1995),VLOOKUP(I254,Feuil1!$A$11:$F$29,6),IF(AND(H254>1994,H254<1998),VLOOKUP(I254,Feuil1!$A$11:$F$29,5),IF(AND(H254>1997,H254<2000),VLOOKUP(I254,Feuil1!$A$11:$F$29,4),IF(AND(H254>1999,H254<2002),VLOOKUP(I254,Feuil1!$A$11:$F$29,3),VLOOKUP(I254,Feuil1!$A$11:$F$29,2))))),IF(OR(H254=\"SEN\",H254<1995),VLOOKUP(I254,Feuil1!$G$11:$L$25,6),IF(AND(H254>1994,H254<1998),VLOOKUP(I254,Feuil1!$G$11:$L$25,5),IF(AND(H254>1997,H254<2000),VLOOKUP(I254,Feuil1!$G$11:$L$25,4),IF(AND(H254>1999,H254<2002),VLOOKUP(I254,Feuil1!$G$11:$L$25,3),VLOOKUP(I254,Feuil1!$G$11:$L$25,2)))))))","v":"S69"},202.90869491213147,null," ",{"$f":"T254-HLOOKUP(X254,Feuil1!$C$1:$BL$10,2,FALSE)","v":15},{"$f":"T254-HLOOKUP(X254,Feuil1!$C$1:$BL$10,3,FALSE)","v":-5},{"$f":"T254-HLOOKUP(X254,Feuil1!$C$1:$BL$10,4,FALSE)","v":-25},{"$f":"T254-HLOOKUP(X254,Feuil1!$C$1:$BL$10,5,FALSE)","v":-45},{"$f":"T254-HLOOKUP(X254,Feuil1!$C$1:$BL$10,6,FALSE)","v":-75},{"$f":"T254-HLOOKUP(X254,Feuil1!$C$1:$BL$10,7,FALSE)","v":-95},{"$f":"T254-HLOOKUP(X254,Feuil1!$C$1:$BL$10,8,FALSE)","v":-115},{"$f":"T254-HLOOKUP(X254,Feuil1!$C$1:$BL$10,9,FALSE)","v":-130},{"$f":"T254-HLOOKUP(X254,Feuil1!$C$1:$BL$10,10,FALSE)","v":-145},null,null,null,null,null,null,"DEB "]
["H","SO","POI",164,243054,"SAID OILI","Archimède",1994,65.599999999999994,"POITIERS","F",57,-62,62,62,73,78,83,83,145,13.800000000000011,"DEB ",15,{"$f":"IF(I255=\"\",\"\",IF(A255=\"H\",IF(OR(H255=\"SEN\",H255<1995),VLOOKUP(I255,Feuil1!$A$11:$F$29,6),IF(AND(H255>1994,H255<1998),VLOOKUP(I255,Feuil1!$A$11:$F$29,5),IF(AND(H255>1997,H255<2000),VLOOKUP(I255,Feuil1!$A$11:$F$29,4),IF(AND(H255>1999,H255<2002),VLOOKUP(I255,Feuil1!$A$11:$F$29,3),VLOOKUP(I255,Feuil1!$A$11:$F$29,2))))),IF(OR(H255=\"SEN\",H255<1995),VLOOKUP(I255,Feuil1!$G$11:$L$25,6),IF(AND(H255>1994,H255<1998),VLOOKUP(I255,Feuil1!$G$11:$L$25,5),IF(AND(H255>1997,H255<2000),VLOOKUP(I255,Feuil1!$G$11:$L$25,4),IF(AND(H255>1999,H255<2002),VLOOKUP(I255,Feuil1!$G$11:$L$25,3),VLOOKUP(I255,Feuil1!$G$11:$L$25,2)))))))","v":"S69"},201.64896289286955,null," ",{"$f":"T255-HLOOKUP(X255,Feuil1!$C$1:$BL$10,2,FALSE)","v":15},{"$f":"T255-HLOOKUP(X255,Feuil1!$C$1:$BL$10,3,FALSE)","v":-5},{"$f":"T255-HLOOKUP(X255,Feuil1!$C$1:$BL$10,4,FALSE)","v":-25},{"$f":"T255-HLOOKUP(X255,Feuil1!$C$1:$BL$10,5,FALSE)","v":-45},{"$f":"T255-HLOOKUP(X255,Feuil1!$C$1:$BL$10,6,FALSE)","v":-75},{"$f":"T255-HLOOKUP(X255,Feuil1!$C$1:$BL$10,7,FALSE)","v":-95},{"$f":"T255-HLOOKUP(X255,Feuil1!$C$1:$BL$10,8,FALSE)","v":-115},{"$f":"T255-HLOOKUP(X255,Feuil1!$C$1:$BL$10,9,FALSE)","v":-130},{"$f":"T255-HLOOKUP(X255,Feuil1!$C$1:$BL$10,10,FALSE)","v":-145},null,null,null,null,null,null,"DEB "]
["H","SEST","CAZ",165,380288,"GARCIA SANCHEZ","Stephan",1988,64.599999999999994,"ASLDD","F",60,63,65,65,74,-78,78,78,143,13.800000000000011,"DEB ",13,{"$f":"IF(I256=\"\",\"\",IF(A256=\"H\",IF(OR(H256=\"SEN\",H256<1995),VLOOKUP(I256,Feuil1!$A$11:$F$29,6),IF(AND(H256>1994,H256<1998),VLOOKUP(I256,Feuil1!$A$11:$F$29,5),IF(AND(H256>1997,H256<2000),VLOOKUP(I256,Feuil1!$A$11:$F$29,4),IF(AND(H256>1999,H256<2002),VLOOKUP(I256,Feuil1!$A$11:$F$29,3),VLOOKUP(I256,Feuil1!$A$11:$F$29,2))))),IF(OR(H256=\"SEN\",H256<1995),VLOOKUP(I256,Feuil1!$G$11:$L$25,6),IF(AND(H256>1994,H256<1998),VLOOKUP(I256,Feuil1!$G$11:$L$25,5),IF(AND(H256>1997,H256<2000),VLOOKUP(I256,Feuil1!$G$11:$L$25,4),IF(AND(H256>1999,H256<2002),VLOOKUP(I256,Feuil1!$G$11:$L$25,3),VLOOKUP(I256,Feuil1!$G$11:$L$25,2)))))))","v":"S69"},200.95550851608778,null," ",{"$f":"T256-HLOOKUP(X256,Feuil1!$C$1:$BL$10,2,FALSE)","v":13},{"$f":"T256-HLOOKUP(X256,Feuil1!$C$1:$BL$10,3,FALSE)","v":-7},{"$f":"T256-HLOOKUP(X256,Feuil1!$C$1:$BL$10,4,FALSE)","v":-27},{"$f":"T256-HLOOKUP(X256,Feuil1!$C$1:$BL$10,5,FALSE)","v":-47},{"$f":"T256-HLOOKUP(X256,Feuil1!$C$1:$BL$10,6,FALSE)","v":-77},{"$f":"T256-HLOOKUP(X256,Feuil1!$C$1:$BL$10,7,FALSE)","v":-97},{"$f":"T256-HLOOKUP(X256,Feuil1!$C$1:$BL$10,8,FALSE)","v":-117},{"$f":"T256-HLOOKUP(X256,Feuil1!$C$1:$BL$10,9,FALSE)","v":-132},{"$f":"T256-HLOOKUP(X256,Feuil1!$C$1:$BL$10,10,FALSE)","v":-147},null,null,null,null,null,null,"DEB "]
["H","NORD","PIC",166,378368,"DIOT","Julien",1986,68.95,"Villers-Bretonneux KC","F",57,61,-63,61,78,-82,82,82,143,5.0999999999999943,"DEB ",13,{"$f":"IF(I257=\"\",\"\",IF(A257=\"H\",IF(OR(H257=\"SEN\",H257<1995),VLOOKUP(I257,Feuil1!$A$11:$F$29,6),IF(AND(H257>1994,H257<1998),VLOOKUP(I257,Feuil1!$A$11:$F$29,5),IF(AND(H257>1997,H257<2000),VLOOKUP(I257,Feuil1!$A$11:$F$29,4),IF(AND(H257>1999,H257<2002),VLOOKUP(I257,Feuil1!$A$11:$F$29,3),VLOOKUP(I257,Feuil1!$A$11:$F$29,2))))),IF(OR(H257=\"SEN\",H257<1995),VLOOKUP(I257,Feuil1!$G$11:$L$25,6),IF(AND(H257>1994,H257<1998),VLOOKUP(I257,Feuil1!$G$11:$L$25,5),IF(AND(H257>1997,H257<2000),VLOOKUP(I257,Feuil1!$G$11:$L$25,4),IF(AND(H257>1999,H257<2002),VLOOKUP(I257,Feuil1!$G$11:$L$25,3),VLOOKUP(I257,Feuil1!$G$11:$L$25,2)))))))","v":"S69"},192.4613844550698,null," ",{"$f":"T257-HLOOKUP(X257,Feuil1!$C$1:$BL$10,2,FALSE)","v":13},{"$f":"T257-HLOOKUP(X257,Feuil1!$C$1:$BL$10,3,FALSE)","v":-7},{"$f":"T257-HLOOKUP(X257,Feuil1!$C$1:$BL$10,4,FALSE)","v":-27},{"$f":"T257-HLOOKUP(X257,Feuil1!$C$1:$BL$10,5,FALSE)","v":-47},{"$f":"T257-HLOOKUP(X257,Feuil1!$C$1:$BL$10,6,FALSE)","v":-77},{"$f":"T257-HLOOKUP(X257,Feuil1!$C$1:$BL$10,7,FALSE)","v":-97},{"$f":"T257-HLOOKUP(X257,Feuil1!$C$1:$BL$10,8,FALSE)","v":-117},{"$f":"T257-HLOOKUP(X257,Feuil1!$C$1:$BL$10,9,FALSE)","v":-132},{"$f":"T257-HLOOKUP(X257,Feuil1!$C$1:$BL$10,10,FALSE)","v":-147},null,null,null,null,null,null,"DEB "]
["H","CO","PDL",167,302291,"BOMMERT","Kévin",1992,63.3,"BBFC Allonnes","F",50,-55,56,56,80,85,-88,85,141,14.400000000000006,"DEB ",11,{"$f":"IF(I258=\"\",\"\",IF(A258=\"H\",IF(OR(H258=\"SEN\",H258<1995),VLOOKUP(I258,Feuil1!$A$11:$F$29,6),IF(AND(H258>1994,H258<1998),VLOOKUP(I258,Feuil1!$A$11:$F$29,5),IF(AND(H258>1997,H258<2000),VLOOKUP(I258,Feuil1!$A$11:$F$29,4),IF(AND(H258>1999,H258<2002),VLOOKUP(I258,Feuil1!$A$11:$F$29,3),VLOOKUP(I258,Feuil1!$A$11:$F$29,2))))),IF(OR(H258=\"SEN\",H258<1995),VLOOKUP(I258,Feuil1!$G$11:$L$25,6),IF(AND(H258>1994,H258<1998),VLOOKUP(I258,Feuil1!$G$11:$L$25,5),IF(AND(H258>1997,H258<2000),VLOOKUP(I258,Feuil1!$G$11:$L$25,4),IF(AND(H258>1999,H258<2002),VLOOKUP(I258,Feuil1!$G$11:$L$25,3),VLOOKUP(I258,Feuil1!$G$11:$L$25,2)))))))","v":"S69"},200.95299226372867,null," ",{"$f":"T258-HLOOKUP(X258,Feuil1!$C$1:$BL$10,2,FALSE)","v":11},{"$f":"T258-HLOOKUP(X258,Feuil1!$C$1:$BL$10,3,FALSE)","v":-9},{"$f":"T258-HLOOKUP(X258,Feuil1!$C$1:$BL$10,4,FALSE)","v":-29},{"$f":"T258-HLOOKUP(X258,Feuil1!$C$1:$BL$10,5,FALSE)","v":-49},{"$f":"T258-HLOOKUP(X258,Feuil1!$C$1:$BL$10,6,FALSE)","v":-79},{"$f":"T258-HLOOKUP(X258,Feuil1!$C$1:$BL$10,7,FALSE)","v":-99},{"$f":"T258-HLOOKUP(X258,Feuil1!$C$1:$BL$10,8,FALSE)","v":-119},{"$f":"T258-HLOOKUP(X258,Feuil1!$C$1:$BL$10,9,FALSE)","v":-134},{"$f":"T258-HLOOKUP(X258,Feuil1!$C$1:$BL$10,10,FALSE)","v":-149},null,null,null,null,null,null,"DEB "]
["H","CO","BNO",168,44659,"CORNEILLET","GERALD",1985,63.6,"Alençon","F",50,55,57,57,73,78,83,83,140,12.799999999999997,"DEB ",10,{"$f":"IF(I259=\"\",\"\",IF(A259=\"H\",IF(OR(H259=\"SEN\",H259<1995),VLOOKUP(I259,Feuil1!$A$11:$F$29,6),IF(AND(H259>1994,H259<1998),VLOOKUP(I259,Feuil1!$A$11:$F$29,5),IF(AND(H259>1997,H259<2000),VLOOKUP(I259,Feuil1!$A$11:$F$29,4),IF(AND(H259>1999,H259<2002),VLOOKUP(I259,Feuil1!$A$11:$F$29,3),VLOOKUP(I259,Feuil1!$A$11:$F$29,2))))),IF(OR(H259=\"SEN\",H259<1995),VLOOKUP(I259,Feuil1!$G$11:$L$25,6),IF(AND(H259>1994,H259<1998),VLOOKUP(I259,Feuil1!$G$11:$L$25,5),IF(AND(H259>1997,H259<2000),VLOOKUP(I259,Feuil1!$G$11:$L$25,4),IF(AND(H259>1999,H259<2002),VLOOKUP(I259,Feuil1!$G$11:$L$25,3),VLOOKUP(I259,Feuil1!$G$11:$L$25,2)))))))","v":"S69"},198.87076216676562,null," ",{"$f":"T259-HLOOKUP(X259,Feuil1!$C$1:$BL$10,2,FALSE)","v":10},{"$f":"T259-HLOOKUP(X259,Feuil1!$C$1:$BL$10,3,FALSE)","v":-10},{"$f":"T259-HLOOKUP(X259,Feuil1!$C$1:$BL$10,4,FALSE)","v":-30},{"$f":"T259-HLOOKUP(X259,Feuil1!$C$1:$BL$10,5,FALSE)","v":-50},{"$f":"T259-HLOOKUP(X259,Feuil1!$C$1:$BL$10,6,FALSE)","v":-80},{"$f":"T259-HLOOKUP(X259,Feuil1!$C$1:$BL$10,7,FALSE)","v":-100},{"$f":"T259-HLOOKUP(X259,Feuil1!$C$1:$BL$10,8,FALSE)","v":-120},{"$f":"T259-HLOOKUP(X259,Feuil1!$C$1:$BL$10,9,FALSE)","v":-135},{"$f":"T259-HLOOKUP(X259,Feuil1!$C$1:$BL$10,10,FALSE)","v":-150},null,null,null,null,null,null,"DEB "]
["H","ZCO","CEN",169,132316,"COSTENTIN","Antoine",1977,66,"US Tours","F",60,-65,65,65,70,75,-78,75,140,8,"DEB ",10,{"$f":"IF(I260=\"\",\"\",IF(A260=\"H\",IF(OR(H260=\"SEN\",H260<1995),VLOOKUP(I260,Feuil1!$A$11:$F$29,6),IF(AND(H260>1994,H260<1998),VLOOKUP(I260,Feuil1!$A$11:$F$29,5),IF(AND(H260>1997,H260<2000),VLOOKUP(I260,Feuil1!$A$11:$F$29,4),IF(AND(H260>1999,H260<2002),VLOOKUP(I260,Feuil1!$A$11:$F$29,3),VLOOKUP(I260,Feuil1!$A$11:$F$29,2))))),IF(OR(H260=\"SEN\",H260<1995),VLOOKUP(I260,Feuil1!$G$11:$L$25,6),IF(AND(H260>1994,H260<1998),VLOOKUP(I260,Feuil1!$G$11:$L$25,5),IF(AND(H260>1997,H260<2000),VLOOKUP(I260,Feuil1!$G$11:$L$25,4),IF(AND(H260>1999,H260<2002),VLOOKUP(I260,Feuil1!$G$11:$L$25,3),VLOOKUP(I260,Feuil1!$G$11:$L$25,2)))))))","v":"S69"},193.90121496384168,null," ",{"$f":"T260-HLOOKUP(X260,Feuil1!$C$1:$BL$10,2,FALSE)","v":10},{"$f":"T260-HLOOKUP(X260,Feuil1!$C$1:$BL$10,3,FALSE)","v":-10},{"$f":"T260-HLOOKUP(X260,Feuil1!$C$1:$BL$10,4,FALSE)","v":-30},{"$f":"T260-HLOOKUP(X260,Feuil1!$C$1:$BL$10,5,FALSE)","v":-50},{"$f":"T260-HLOOKUP(X260,Feuil1!$C$1:$BL$10,6,FALSE)","v":-80},{"$f":"T260-HLOOKUP(X260,Feuil1!$C$1:$BL$10,7,FALSE)","v":-100},{"$f":"T260-HLOOKUP(X260,Feuil1!$C$1:$BL$10,8,FALSE)","v":-120},{"$f":"T260-HLOOKUP(X260,Feuil1!$C$1:$BL$10,9,FALSE)","v":-135},{"$f":"T260-HLOOKUP(X260,Feuil1!$C$1:$BL$10,10,FALSE)","v":-150},null,null,null,null,null,null,"DEB "]
["H","ZCO","BRE",170,195807,"LEME","Michel",1958,67.400000000000006,"HC Pleurtuit","F",60,0,0,60,75,80,0,80,140,5.1999999999999886,"DEB ",10,{"$f":"IF(I261=\"\",\"\",IF(A261=\"H\",IF(OR(H261=\"SEN\",H261<1995),VLOOKUP(I261,Feuil1!$A$11:$F$29,6),IF(AND(H261>1994,H261<1998),VLOOKUP(I261,Feuil1!$A$11:$F$29,5),IF(AND(H261>1997,H261<2000),VLOOKUP(I261,Feuil1!$A$11:$F$29,4),IF(AND(H261>1999,H261<2002),VLOOKUP(I261,Feuil1!$A$11:$F$29,3),VLOOKUP(I261,Feuil1!$A$11:$F$29,2))))),IF(OR(H261=\"SEN\",H261<1995),VLOOKUP(I261,Feuil1!$G$11:$L$25,6),IF(AND(H261>1994,H261<1998),VLOOKUP(I261,Feuil1!$G$11:$L$25,5),IF(AND(H261>1997,H261<2000),VLOOKUP(I261,Feuil1!$G$11:$L$25,4),IF(AND(H261>1999,H261<2002),VLOOKUP(I261,Feuil1!$G$11:$L$25,3),VLOOKUP(I261,Feuil1!$G$11:$L$25,2)))))))","v":"S69"},191.22077259614898,null," ",{"$f":"T261-HLOOKUP(X261,Feuil1!$C$1:$BL$10,2,FALSE)","v":10},{"$f":"T261-HLOOKUP(X261,Feuil1!$C$1:$BL$10,3,FALSE)","v":-10},{"$f":"T261-HLOOKUP(X261,Feuil1!$C$1:$BL$10,4,FALSE)","v":-30},{"$f":"T261-HLOOKUP(X261,Feuil1!$C$1:$BL$10,5,FALSE)","v":-50},{"$f":"T261-HLOOKUP(X261,Feuil1!$C$1:$BL$10,6,FALSE)","v":-80},{"$f":"T261-HLOOKUP(X261,Feuil1!$C$1:$BL$10,7,FALSE)","v":-100},{"$f":"T261-HLOOKUP(X261,Feuil1!$C$1:$BL$10,8,FALSE)","v":-120},{"$f":"T261-HLOOKUP(X261,Feuil1!$C$1:$BL$10,9,FALSE)","v":-135},{"$f":"T261-HLOOKUP(X261,Feuil1!$C$1:$BL$10,10,FALSE)","v":-150},null,null,null,null,null,null,"DEB "]
["H","ZCO","BRE",171,381279,"COZIC","Stephane",1962,67.8,"AL Quimper","F",60,64,-66,64,-72,72,76,76,140,4.4000000000000057,"DEB ",10,{"$f":"IF(I262=\"\",\"\",IF(A262=\"H\",IF(OR(H262=\"SEN\",H262<1995),VLOOKUP(I262,Feuil1!$A$11:$F$29,6),IF(AND(H262>1994,H262<1998),VLOOKUP(I262,Feuil1!$A$11:$F$29,5),IF(AND(H262>1997,H262<2000),VLOOKUP(I262,Feuil1!$A$11:$F$29,4),IF(AND(H262>1999,H262<2002),VLOOKUP(I262,Feuil1!$A$11:$F$29,3),VLOOKUP(I262,Feuil1!$A$11:$F$29,2))))),IF(OR(H262=\"SEN\",H262<1995),VLOOKUP(I262,Feuil1!$G$11:$L$25,6),IF(AND(H262>1994,H262<1998),VLOOKUP(I262,Feuil1!$G$11:$L$25,5),IF(AND(H262>1997,H262<2000),VLOOKUP(I262,Feuil1!$G$11:$L$25,4),IF(AND(H262>1999,H262<2002),VLOOKUP(I262,Feuil1!$G$11:$L$25,3),VLOOKUP(I262,Feuil1!$G$11:$L$25,2)))))))","v":"S69"},190.48233327166594,null," ",{"$f":"T262-HLOOKUP(X262,Feuil1!$C$1:$BL$10,2,FALSE)","v":10},{"$f":"T262-HLOOKUP(X262,Feuil1!$C$1:$BL$10,3,FALSE)","v":-10},{"$f":"T262-HLOOKUP(X262,Feuil1!$C$1:$BL$10,4,FALSE)","v":-30},{"$f":"T262-HLOOKUP(X262,Feuil1!$C$1:$BL$10,5,FALSE)","v":-50},{"$f":"T262-HLOOKUP(X262,Feuil1!$C$1:$BL$10,6,FALSE)","v":-80},{"$f":"T262-HLOOKUP(X262,Feuil1!$C$1:$BL$10,7,FALSE)","v":-100},{"$f":"T262-HLOOKUP(X262,Feuil1!$C$1:$BL$10,8,FALSE)","v":-120},{"$f":"T262-HLOOKUP(X262,Feuil1!$C$1:$BL$10,9,FALSE)","v":-135},{"$f":"T262-HLOOKUP(X262,Feuil1!$C$1:$BL$10,10,FALSE)","v":-150},null,null,null,null,null,null,"DEB "]
["H","ZCO","BRE",172,184598,"GUILLEMOT","Christian",1962,68.2,"CA Lorient","F",-62,62,-66,62,76,-78,78,78,140,3.5999999999999943,"DEB ",10,{"$f":"IF(I263=\"\",\"\",IF(A263=\"H\",IF(OR(H263=\"SEN\",H263<1995),VLOOKUP(I263,Feuil1!$A$11:$F$29,6),IF(AND(H263>1994,H263<1998),VLOOKUP(I263,Feuil1!$A$11:$F$29,5),IF(AND(H263>1997,H263<2000),VLOOKUP(I263,Feuil1!$A$11:$F$29,4),IF(AND(H263>1999,H263<2002),VLOOKUP(I263,Feuil1!$A$11:$F$29,3),VLOOKUP(I263,Feuil1!$A$11:$F$29,2))))),IF(OR(H263=\"SEN\",H263<1995),VLOOKUP(I263,Feuil1!$G$11:$L$25,6),IF(AND(H263>1994,H263<1998),VLOOKUP(I263,Feuil1!$G$11:$L$25,5),IF(AND(H263>1997,H263<2000),VLOOKUP(I263,Feuil1!$G$11:$L$25,4),IF(AND(H263>1999,H263<2002),VLOOKUP(I263,Feuil1!$G$11:$L$25,3),VLOOKUP(I263,Feuil1!$G$11:$L$25,2)))))))","v":"S69"},189.75560796133331,null," ",{"$f":"T263-HLOOKUP(X263,Feuil1!$C$1:$BL$10,2,FALSE)","v":10},{"$f":"T263-HLOOKUP(X263,Feuil1!$C$1:$BL$10,3,FALSE)","v":-10},{"$f":"T263-HLOOKUP(X263,Feuil1!$C$1:$BL$10,4,FALSE)","v":-30},{"$f":"T263-HLOOKUP(X263,Feuil1!$C$1:$BL$10,5,FALSE)","v":-50},{"$f":"T263-HLOOKUP(X263,Feuil1!$C$1:$BL$10,6,FALSE)","v":-80},{"$f":"T263-HLOOKUP(X263,Feuil1!$C$1:$BL$10,7,FALSE)","v":-100},{"$f":"T263-HLOOKUP(X263,Feuil1!$C$1:$BL$10,8,FALSE)","v":-120},{"$f":"T263-HLOOKUP(X263,Feuil1!$C$1:$BL$10,9,FALSE)","v":-135},{"$f":"T263-HLOOKUP(X263,Feuil1!$C$1:$BL$10,10,FALSE)","v":-150},null,null,null,null,null,null,"DEB "]
["H","ZCO","BRE",173,374855,"GUILLOUZO","Basile",1989,68.55,"CA Lorient","F",53,-58,58,58,78,-82,82,82,140,2.9000000000000057,"DEB ",10,{"$f":"IF(I264=\"\",\"\",IF(A264=\"H\",IF(OR(H264=\"SEN\",H264<1995),VLOOKUP(I264,Feuil1!$A$11:$F$29,6),IF(AND(H264>1994,H264<1998),VLOOKUP(I264,Feuil1!$A$11:$F$29,5),IF(AND(H264>1997,H264<2000),VLOOKUP(I264,Feuil1!$A$11:$F$29,4),IF(AND(H264>1999,H264<2002),VLOOKUP(I264,Feuil1!$A$11:$F$29,3),VLOOKUP(I264,Feuil1!$A$11:$F$29,2))))),IF(OR(H264=\"SEN\",H264<1995),VLOOKUP(I264,Feuil1!$G$11:$L$25,6),IF(AND(H264>1994,H264<1998),VLOOKUP(I264,Feuil1!$G$11:$L$25,5),IF(AND(H264>1997,H264<2000),VLOOKUP(I264,Feuil1!$G$11:$L$25,4),IF(AND(H264>1999,H264<2002),VLOOKUP(I264,Feuil1!$G$11:$L$25,3),VLOOKUP(I264,Feuil1!$G$11:$L$25,2)))))))","v":"S69"},189.12914197667007,null," ",{"$f":"T264-HLOOKUP(X264,Feuil1!$C$1:$BL$10,2,FALSE)","v":10},{"$f":"T264-HLOOKUP(X264,Feuil1!$C$1:$BL$10,3,FALSE)","v":-10},{"$f":"T264-HLOOKUP(X264,Feuil1!$C$1:$BL$10,4,FALSE)","v":-30},{"$f":"T264-HLOOKUP(X264,Feuil1!$C$1:$BL$10,5,FALSE)","v":-50},{"$f":"T264-HLOOKUP(X264,Feuil1!$C$1:$BL$10,6,FALSE)","v":-80},{"$f":"T264-HLOOKUP(X264,Feuil1!$C$1:$BL$10,7,FALSE)","v":-100},{"$f":"T264-HLOOKUP(X264,Feuil1!$C$1:$BL$10,8,FALSE)","v":-120},{"$f":"T264-HLOOKUP(X264,Feuil1!$C$1:$BL$10,9,FALSE)","v":-135},{"$f":"T264-HLOOKUP(X264,Feuil1!$C$1:$BL$10,10,FALSE)","v":-150},null,null,null,null,null,null,"DEB "]
["H","ZCO","BRE",174,382044,"GUEGEN","David",1985,66.7,"CHM Plougastel Daoulas","F",55,59,62,62,71,74,77,77,139,5.5999999999999943,"DEB ",9,{"$f":"IF(I265=\"\",\"\",IF(A265=\"H\",IF(OR(H265=\"SEN\",H265<1995),VLOOKUP(I265,Feuil1!$A$11:$F$29,6),IF(AND(H265>1994,H265<1998),VLOOKUP(I265,Feuil1!$A$11:$F$29,5),IF(AND(H265>1997,H265<2000),VLOOKUP(I265,Feuil1!$A$11:$F$29,4),IF(AND(H265>1999,H265<2002),VLOOKUP(I265,Feuil1!$A$11:$F$29,3),VLOOKUP(I265,Feuil1!$A$11:$F$29,2))))),IF(OR(H265=\"SEN\",H265<1995),VLOOKUP(I265,Feuil1!$G$11:$L$25,6),IF(AND(H265>1994,H265<1998),VLOOKUP(I265,Feuil1!$G$11:$L$25,5),IF(AND(H265>1997,H265<2000),VLOOKUP(I265,Feuil1!$G$11:$L$25,4),IF(AND(H265>1999,H265<2002),VLOOKUP(I265,Feuil1!$G$11:$L$25,3),VLOOKUP(I265,Feuil1!$G$11:$L$25,2)))))))","v":"S69"},191.16668089298574,null," ",{"$f":"T265-HLOOKUP(X265,Feuil1!$C$1:$BL$10,2,FALSE)","v":9},{"$f":"T265-HLOOKUP(X265,Feuil1!$C$1:$BL$10,3,FALSE)","v":-11},{"$f":"T265-HLOOKUP(X265,Feuil1!$C$1:$BL$10,4,FALSE)","v":-31},{"$f":"T265-HLOOKUP(X265,Feuil1!$C$1:$BL$10,5,FALSE)","v":-51},{"$f":"T265-HLOOKUP(X265,Feuil1!$C$1:$BL$10,6,FALSE)","v":-81},{"$f":"T265-HLOOKUP(X265,Feuil1!$C$1:$BL$10,7,FALSE)","v":-101},{"$f":"T265-HLOOKUP(X265,Feuil1!$C$1:$BL$10,8,FALSE)","v":-121},{"$f":"T265-HLOOKUP(X265,Feuil1!$C$1:$BL$10,9,FALSE)","v":-136},{"$f":"T265-HLOOKUP(X265,Feuil1!$C$1:$BL$10,10,FALSE)","v":-151},null,null,null,null,null,null,"DEB "]
["H","SO","POI",175,180600,"DALMON","Gaël",1978,69,"ST JEAN D'ANGÉLY","F",56,60,65,65,67,70,73,73,138,0,"DEB ",8,{"$f":"IF(I266=\"\",\"\",IF(A266=\"H\",IF(OR(H266=\"SEN\",H266<1995),VLOOKUP(I266,Feuil1!$A$11:$F$29,6),IF(AND(H266>1994,H266<1998),VLOOKUP(I266,Feuil1!$A$11:$F$29,5),IF(AND(H266>1997,H266<2000),VLOOKUP(I266,Feuil1!$A$11:$F$29,4),IF(AND(H266>1999,H266<2002),VLOOKUP(I266,Feuil1!$A$11:$F$29,3),VLOOKUP(I266,Feuil1!$A$11:$F$29,2))))),IF(OR(H266=\"SEN\",H266<1995),VLOOKUP(I266,Feuil1!$G$11:$L$25,6),IF(AND(H266>1994,H266<1998),VLOOKUP(I266,Feuil1!$G$11:$L$25,5),IF(AND(H266>1997,H266<2000),VLOOKUP(I266,Feuil1!$G$11:$L$25,4),IF(AND(H266>1999,H266<2002),VLOOKUP(I266,Feuil1!$G$11:$L$25,3),VLOOKUP(I266,Feuil1!$G$11:$L$25,2)))))))","v":"S69"},185.64581838461604,null," ",{"$f":"T266-HLOOKUP(X266,Feuil1!$C$1:$BL$10,2,FALSE)","v":8},{"$f":"T266-HLOOKUP(X266,Feuil1!$C$1:$BL$10,3,FALSE)","v":-12},{"$f":"T266-HLOOKUP(X266,Feuil1!$C$1:$BL$10,4,FALSE)","v":-32},{"$f":"T266-HLOOKUP(X266,Feuil1!$C$1:$BL$10,5,FALSE)","v":-52},{"$f":"T266-HLOOKUP(X266,Feuil1!$C$1:$BL$10,6,FALSE)","v":-82},{"$f":"T266-HLOOKUP(X266,Feuil1!$C$1:$BL$10,7,FALSE)","v":-102},{"$f":"T266-HLOOKUP(X266,Feuil1!$C$1:$BL$10,8,FALSE)","v":-122},{"$f":"T266-HLOOKUP(X266,Feuil1!$C$1:$BL$10,9,FALSE)","v":-137},{"$f":"T266-HLOOKUP(X266,Feuil1!$C$1:$BL$10,10,FALSE)","v":-152},null,null,null,null,null,null,"DEB "]
["H","ZCO","BRE",176,288397,"JULIEN","Nicolas",1990,65.599999999999994,"AL Quimper","F",55,-60,61,61,70,-75,76,76,137,5.8000000000000114,"DEB ",7,{"$f":"IF(I267=\"\",\"\",IF(A267=\"H\",IF(OR(H267=\"SEN\",H267<1995),VLOOKUP(I267,Feuil1!$A$11:$F$29,6),IF(AND(H267>1994,H267<1998),VLOOKUP(I267,Feuil1!$A$11:$F$29,5),IF(AND(H267>1997,H267<2000),VLOOKUP(I267,Feuil1!$A$11:$F$29,4),IF(AND(H267>1999,H267<2002),VLOOKUP(I267,Feuil1!$A$11:$F$29,3),VLOOKUP(I267,Feuil1!$A$11:$F$29,2))))),IF(OR(H267=\"SEN\",H267<1995),VLOOKUP(I267,Feuil1!$G$11:$L$25,6),IF(AND(H267>1994,H267<1998),VLOOKUP(I267,Feuil1!$G$11:$L$25,5),IF(AND(H267>1997,H267<2000),VLOOKUP(I267,Feuil1!$G$11:$L$25,4),IF(AND(H267>1999,H267<2002),VLOOKUP(I267,Feuil1!$G$11:$L$25,3),VLOOKUP(I267,Feuil1!$G$11:$L$25,2)))))))","v":"S69"},190.52350287119398,null," ",{"$f":"T267-HLOOKUP(X267,Feuil1!$C$1:$BL$10,2,FALSE)","v":7},{"$f":"T267-HLOOKUP(X267,Feuil1!$C$1:$BL$10,3,FALSE)","v":-13},{"$f":"T267-HLOOKUP(X267,Feuil1!$C$1:$BL$10,4,FALSE)","v":-33},{"$f":"T267-HLOOKUP(X267,Feuil1!$C$1:$BL$10,5,FALSE)","v":-53},{"$f":"T267-HLOOKUP(X267,Feuil1!$C$1:$BL$10,6,FALSE)","v":-83},{"$f":"T267-HLOOKUP(X267,Feuil1!$C$1:$BL$10,7,FALSE)","v":-103},{"$f":"T267-HLOOKUP(X267,Feuil1!$C$1:$BL$10,8,FALSE)","v":-123},{"$f":"T267-HLOOKUP(X267,Feuil1!$C$1:$BL$10,9,FALSE)","v":-138},{"$f":"T267-HLOOKUP(X267,Feuil1!$C$1:$BL$10,10,FALSE)","v":-153},null,null,null,null,null,null,"DEB "]
["H","SEST","CAZ",177,366292,"NAUDO","Bastien",1983,64,"AC GARDEEN","F",50,-55,55,55,70,80,-85,80,135,7,"DEB ",5,{"$f":"IF(I268=\"\",\"\",IF(A268=\"H\",IF(OR(H268=\"SEN\",H268<1995),VLOOKUP(I268,Feuil1!$A$11:$F$29,6),IF(AND(H268>1994,H268<1998),VLOOKUP(I268,Feuil1!$A$11:$F$29,5),IF(AND(H268>1997,H268<2000),VLOOKUP(I268,Feuil1!$A$11:$F$29,4),IF(AND(H268>1999,H268<2002),VLOOKUP(I268,Feuil1!$A$11:$F$29,3),VLOOKUP(I268,Feuil1!$A$11:$F$29,2))))),IF(OR(H268=\"SEN\",H268<1995),VLOOKUP(I268,Feuil1!$G$11:$L$25,6),IF(AND(H268>1994,H268<1998),VLOOKUP(I268,Feuil1!$G$11:$L$25,5),IF(AND(H268>1997,H268<2000),VLOOKUP(I268,Feuil1!$G$11:$L$25,4),IF(AND(H268>1999,H268<2002),VLOOKUP(I268,Feuil1!$G$11:$L$25,3),VLOOKUP(I268,Feuil1!$G$11:$L$25,2)))))))","v":"S69"},190.93587119117683,null," ",{"$f":"T268-HLOOKUP(X268,Feuil1!$C$1:$BL$10,2,FALSE)","v":5},{"$f":"T268-HLOOKUP(X268,Feuil1!$C$1:$BL$10,3,FALSE)","v":-15},{"$f":"T268-HLOOKUP(X268,Feuil1!$C$1:$BL$10,4,FALSE)","v":-35},{"$f":"T268-HLOOKUP(X268,Feuil1!$C$1:$BL$10,5,FALSE)","v":-55},{"$f":"T268-HLOOKUP(X268,Feuil1!$C$1:$BL$10,6,FALSE)","v":-85},{"$f":"T268-HLOOKUP(X268,Feuil1!$C$1:$BL$10,7,FALSE)","v":-105},{"$f":"T268-HLOOKUP(X268,Feuil1!$C$1:$BL$10,8,FALSE)","v":-125},{"$f":"T268-HLOOKUP(X268,Feuil1!$C$1:$BL$10,9,FALSE)","v":-140},{"$f":"T268-HLOOKUP(X268,Feuil1!$C$1:$BL$10,10,FALSE)","v":-155},null,null,null,null,null,null,"DEB "]
["H","DOM","REU",178,375979,"MELCHIOR","CHRISTOPHER",1992,64,"CH LA PLAINE","F",50,55,60,60,70,-75,75,75,135,7,"DEB ",5,{"$f":"IF(I269=\"\",\"\",IF(A269=\"H\",IF(OR(H269=\"SEN\",H269<1995),VLOOKUP(I269,Feuil1!$A$11:$F$29,6),IF(AND(H269>1994,H269<1998),VLOOKUP(I269,Feuil1!$A$11:$F$29,5),IF(AND(H269>1997,H269<2000),VLOOKUP(I269,Feuil1!$A$11:$F$29,4),IF(AND(H269>1999,H269<2002),VLOOKUP(I269,Feuil1!$A$11:$F$29,3),VLOOKUP(I269,Feuil1!$A$11:$F$29,2))))),IF(OR(H269=\"SEN\",H269<1995),VLOOKUP(I269,Feuil1!$G$11:$L$25,6),IF(AND(H269>1994,H269<1998),VLOOKUP(I269,Feuil1!$G$11:$L$25,5),IF(AND(H269>1997,H269<2000),VLOOKUP(I269,Feuil1!$G$11:$L$25,4),IF(AND(H269>1999,H269<2002),VLOOKUP(I269,Feuil1!$G$11:$L$25,3),VLOOKUP(I269,Feuil1!$G$11:$L$25,2)))))))","v":"S69"},190.93587119117683,null," ",{"$f":"T269-HLOOKUP(X269,Feuil1!$C$1:$BL$10,2,FALSE)","v":5},{"$f":"T269-HLOOKUP(X269,Feuil1!$C$1:$BL$10,3,FALSE)","v":-15},{"$f":"T269-HLOOKUP(X269,Feuil1!$C$1:$BL$10,4,FALSE)","v":-35},{"$f":"T269-HLOOKUP(X269,Feuil1!$C$1:$BL$10,5,FALSE)","v":-55},{"$f":"T269-HLOOKUP(X269,Feuil1!$C$1:$BL$10,6,FALSE)","v":-85},{"$f":"T269-HLOOKUP(X269,Feuil1!$C$1:$BL$10,7,FALSE)","v":-105},{"$f":"T269-HLOOKUP(X269,Feuil1!$C$1:$BL$10,8,FALSE)","v":-125},{"$f":"T269-HLOOKUP(X269,Feuil1!$C$1:$BL$10,9,FALSE)","v":-140},{"$f":"T269-HLOOKUP(X269,Feuil1!$C$1:$BL$10,10,FALSE)","v":-155},null,null,null,null,null,null,"DEB "]
["H","ZCO","BRE",179,372595,"JEHANNO","Joan",1994,64.7,"ES Saint Avé","F",52,-57,60,60,-70,-75,75,75,135,5.5999999999999943,"DEB ",5,{"$f":"IF(I270=\"\",\"\",IF(A270=\"H\",IF(OR(H270=\"SEN\",H270<1995),VLOOKUP(I270,Feuil1!$A$11:$F$29,6),IF(AND(H270>1994,H270<1998),VLOOKUP(I270,Feuil1!$A$11:$F$29,5),IF(AND(H270>1997,H270<2000),VLOOKUP(I270,Feuil1!$A$11:$F$29,4),IF(AND(H270>1999,H270<2002),VLOOKUP(I270,Feuil1!$A$11:$F$29,3),VLOOKUP(I270,Feuil1!$A$11:$F$29,2))))),IF(OR(H270=\"SEN\",H270<1995),VLOOKUP(I270,Feuil1!$G$11:$L$25,6),IF(AND(H270>1994,H270<1998),VLOOKUP(I270,Feuil1!$G$11:$L$25,5),IF(AND(H270>1997,H270<2000),VLOOKUP(I270,Feuil1!$G$11:$L$25,4),IF(AND(H270>1999,H270<2002),VLOOKUP(I270,Feuil1!$G$11:$L$25,3),VLOOKUP(I270,Feuil1!$G$11:$L$25,2)))))))","v":"S69"},189.51243328469741,null," ",{"$f":"T270-HLOOKUP(X270,Feuil1!$C$1:$BL$10,2,FALSE)","v":5},{"$f":"T270-HLOOKUP(X270,Feuil1!$C$1:$BL$10,3,FALSE)","v":-15},{"$f":"T270-HLOOKUP(X270,Feuil1!$C$1:$BL$10,4,FALSE)","v":-35},{"$f":"T270-HLOOKUP(X270,Feuil1!$C$1:$BL$10,5,FALSE)","v":-55},{"$f":"T270-HLOOKUP(X270,Feuil1!$C$1:$BL$10,6,FALSE)","v":-85},{"$f":"T270-HLOOKUP(X270,Feuil1!$C$1:$BL$10,7,FALSE)","v":-105},{"$f":"T270-HLOOKUP(X270,Feuil1!$C$1:$BL$10,8,FALSE)","v":-125},{"$f":"T270-HLOOKUP(X270,Feuil1!$C$1:$BL$10,9,FALSE)","v":-140},{"$f":"T270-HLOOKUP(X270,Feuil1!$C$1:$BL$10,10,FALSE)","v":-155},null,null,null,null,null,null,"DEB "]
["H","NE","CHA",180,7515,"DEHU ","Olivier",1960,66,"Reims HM","F",50,55,58,58,70,75,77,77,135,3,"DEB ",5,{"$f":"IF(I271=\"\",\"\",IF(A271=\"H\",IF(OR(H271=\"SEN\",H271<1995),VLOOKUP(I271,Feuil1!$A$11:$F$29,6),IF(AND(H271>1994,H271<1998),VLOOKUP(I271,Feuil1!$A$11:$F$29,5),IF(AND(H271>1997,H271<2000),VLOOKUP(I271,Feuil1!$A$11:$F$29,4),IF(AND(H271>1999,H271<2002),VLOOKUP(I271,Feuil1!$A$11:$F$29,3),VLOOKUP(I271,Feuil1!$A$11:$F$29,2))))),IF(OR(H271=\"SEN\",H271<1995),VLOOKUP(I271,Feuil1!$G$11:$L$25,6),IF(AND(H271>1994,H271<1998),VLOOKUP(I271,Feuil1!$G$11:$L$25,5),IF(AND(H271>1997,H271<2000),VLOOKUP(I271,Feuil1!$G$11:$L$25,4),IF(AND(H271>1999,H271<2002),VLOOKUP(I271,Feuil1!$G$11:$L$25,3),VLOOKUP(I271,Feuil1!$G$11:$L$25,2)))))))","v":"S69"},186.97617157227589,null," ",{"$f":"T271-HLOOKUP(X271,Feuil1!$C$1:$BL$10,2,FALSE)","v":5},{"$f":"T271-HLOOKUP(X271,Feuil1!$C$1:$BL$10,3,FALSE)","v":-15},{"$f":"T271-HLOOKUP(X271,Feuil1!$C$1:$BL$10,4,FALSE)","v":-35},{"$f":"T271-HLOOKUP(X271,Feuil1!$C$1:$BL$10,5,FALSE)","v":-55},{"$f":"T271-HLOOKUP(X271,Feuil1!$C$1:$BL$10,6,FALSE)","v":-85},{"$f":"T271-HLOOKUP(X271,Feuil1!$C$1:$BL$10,7,FALSE)","v":-105},{"$f":"T271-HLOOKUP(X271,Feuil1!$C$1:$BL$10,8,FALSE)","v":-125},{"$f":"T271-HLOOKUP(X271,Feuil1!$C$1:$BL$10,9,FALSE)","v":-140},{"$f":"T271-HLOOKUP(X271,Feuil1!$C$1:$BL$10,10,FALSE)","v":-155},null,null,null,null,null,null,"DEB "]
["H","SO","AQU",181,361328,"DE JESUS","CARLOS",1978,67.3,"ASOA Aquitaine","POR",50,55,-60,55,70,75,80,80,135,0.40000000000000568,"DEB ",5,{"$f":"IF(I272=\"\",\"\",IF(A272=\"H\",IF(OR(H272=\"SEN\",H272<1995),VLOOKUP(I272,Feuil1!$A$11:$F$29,6),IF(AND(H272>1994,H272<1998),VLOOKUP(I272,Feuil1!$A$11:$F$29,5),IF(AND(H272>1997,H272<2000),VLOOKUP(I272,Feuil1!$A$11:$F$29,4),IF(AND(H272>1999,H272<2002),VLOOKUP(I272,Feuil1!$A$11:$F$29,3),VLOOKUP(I272,Feuil1!$A$11:$F$29,2))))),IF(OR(H272=\"SEN\",H272<1995),VLOOKUP(I272,Feuil1!$G$11:$L$25,6),IF(AND(H272>1994,H272<1998),VLOOKUP(I272,Feuil1!$G$11:$L$25,5),IF(AND(H272>1997,H272<2000),VLOOKUP(I272,Feuil1!$G$11:$L$25,4),IF(AND(H272>1999,H272<2002),VLOOKUP(I272,Feuil1!$G$11:$L$25,3),VLOOKUP(I272,Feuil1!$G$11:$L$25,2)))))))","v":"S69"},184.57126883476371,null," ",{"$f":"T272-HLOOKUP(X272,Feuil1!$C$1:$BL$10,2,FALSE)","v":5},{"$f":"T272-HLOOKUP(X272,Feuil1!$C$1:$BL$10,3,FALSE)","v":-15},{"$f":"T272-HLOOKUP(X272,Feuil1!$C$1:$BL$10,4,FALSE)","v":-35},{"$f":"T272-HLOOKUP(X272,Feuil1!$C$1:$BL$10,5,FALSE)","v":-55},{"$f":"T272-HLOOKUP(X272,Feuil1!$C$1:$BL$10,6,FALSE)","v":-85},{"$f":"T272-HLOOKUP(X272,Feuil1!$C$1:$BL$10,7,FALSE)","v":-105},{"$f":"T272-HLOOKUP(X272,Feuil1!$C$1:$BL$10,8,FALSE)","v":-125},{"$f":"T272-HLOOKUP(X272,Feuil1!$C$1:$BL$10,9,FALSE)","v":-140},{"$f":"T272-HLOOKUP(X272,Feuil1!$C$1:$BL$10,10,FALSE)","v":-155},null,null,null,null,null,null,"DEB "]
["H","N","IDF",182,26665,"YODE","PATRICK",1983,66,"GENNEVILLIERS","F",58,-64,-64,58,-75,75,-80,75,133,1,"DEB ",3,{"$f":"IF(I273=\"\",\"\",IF(A273=\"H\",IF(OR(H273=\"SEN\",H273<1995),VLOOKUP(I273,Feuil1!$A$11:$F$29,6),IF(AND(H273>1994,H273<1998),VLOOKUP(I273,Feuil1!$A$11:$F$29,5),IF(AND(H273>1997,H273<2000),VLOOKUP(I273,Feuil1!$A$11:$F$29,4),IF(AND(H273>1999,H273<2002),VLOOKUP(I273,Feuil1!$A$11:$F$29,3),VLOOKUP(I273,Feuil1!$A$11:$F$29,2))))),IF(OR(H273=\"SEN\",H273<1995),VLOOKUP(I273,Feuil1!$G$11:$L$25,6),IF(AND(H273>1994,H273<1998),VLOOKUP(I273,Feuil1!$G$11:$L$25,5),IF(AND(H273>1997,H273<2000),VLOOKUP(I273,Feuil1!$G$11:$L$25,4),IF(AND(H273>1999,H273<2002),VLOOKUP(I273,Feuil1!$G$11:$L$25,3),VLOOKUP(I273,Feuil1!$G$11:$L$25,2)))))))","v":"S69"},184.20615421564958,null," ",{"$f":"T273-HLOOKUP(X273,Feuil1!$C$1:$BL$10,2,FALSE)","v":3},{"$f":"T273-HLOOKUP(X273,Feuil1!$C$1:$BL$10,3,FALSE)","v":-17},{"$f":"T273-HLOOKUP(X273,Feuil1!$C$1:$BL$10,4,FALSE)","v":-37},{"$f":"T273-HLOOKUP(X273,Feuil1!$C$1:$BL$10,5,FALSE)","v":-57},{"$f":"T273-HLOOKUP(X273,Feuil1!$C$1:$BL$10,6,FALSE)","v":-87},{"$f":"T273-HLOOKUP(X273,Feuil1!$C$1:$BL$10,7,FALSE)","v":-107},{"$f":"T273-HLOOKUP(X273,Feuil1!$C$1:$BL$10,8,FALSE)","v":-127},{"$f":"T273-HLOOKUP(X273,Feuil1!$C$1:$BL$10,9,FALSE)","v":-142},{"$f":"T273-HLOOKUP(X273,Feuil1!$C$1:$BL$10,10,FALSE)","v":-157},null,null,null,null,null,null,"DEB "]
["H","SEST","LAN ",183,186814,"CASTALDO","François",1969,68,"Frontignan AC","F",50,55,58,58,70,73,75,75,133,-3,"DEB ",3,{"$f":"IF(I274=\"\",\"\",IF(A274=\"H\",IF(OR(H274=\"SEN\",H274<1995),VLOOKUP(I274,Feuil1!$A$11:$F$29,6),IF(AND(H274>1994,H274<1998),VLOOKUP(I274,Feuil1!$A$11:$F$29,5),IF(AND(H274>1997,H274<2000),VLOOKUP(I274,Feuil1!$A$11:$F$29,4),IF(AND(H274>1999,H274<2002),VLOOKUP(I274,Feuil1!$A$11:$F$29,3),VLOOKUP(I274,Feuil1!$A$11:$F$29,2))))),IF(OR(H274=\"SEN\",H274<1995),VLOOKUP(I274,Feuil1!$G$11:$L$25,6),IF(AND(H274>1994,H274<1998),VLOOKUP(I274,Feuil1!$G$11:$L$25,5),IF(AND(H274>1997,H274<2000),VLOOKUP(I274,Feuil1!$G$11:$L$25,4),IF(AND(H274>1999,H274<2002),VLOOKUP(I274,Feuil1!$G$11:$L$25,3),VLOOKUP(I274,Feuil1!$G$11:$L$25,2)))))))","v":"S69"},180.61164556965289,null," ",{"$f":"T274-HLOOKUP(X274,Feuil1!$C$1:$BL$10,2,FALSE)","v":3},{"$f":"T274-HLOOKUP(X274,Feuil1!$C$1:$BL$10,3,FALSE)","v":-17},{"$f":"T274-HLOOKUP(X274,Feuil1!$C$1:$BL$10,4,FALSE)","v":-37},{"$f":"T274-HLOOKUP(X274,Feuil1!$C$1:$BL$10,5,FALSE)","v":-57},{"$f":"T274-HLOOKUP(X274,Feuil1!$C$1:$BL$10,6,FALSE)","v":-87},{"$f":"T274-HLOOKUP(X274,Feuil1!$C$1:$BL$10,7,FALSE)","v":-107},{"$f":"T274-HLOOKUP(X274,Feuil1!$C$1:$BL$10,8,FALSE)","v":-127},{"$f":"T274-HLOOKUP(X274,Feuil1!$C$1:$BL$10,9,FALSE)","v":-142},{"$f":"T274-HLOOKUP(X274,Feuil1!$C$1:$BL$10,10,FALSE)","v":-157},null,null,null,null,null,null,"DEB "]
["H","SEST","LAN ",184,330623,"SEMPERE","Landry",1992,68.5,"Force STAPS Montpellier","F",-55,55,58,58,72,-75,75,75,133,-4,"DEB ",3,{"$f":"IF(I275=\"\",\"\",IF(A275=\"H\",IF(OR(H275=\"SEN\",H275<1995),VLOOKUP(I275,Feuil1!$A$11:$F$29,6),IF(AND(H275>1994,H275<1998),VLOOKUP(I275,Feuil1!$A$11:$F$29,5),IF(AND(H275>1997,H275<2000),VLOOKUP(I275,Feuil1!$A$11:$F$29,4),IF(AND(H275>1999,H275<2002),VLOOKUP(I275,Feuil1!$A$11:$F$29,3),VLOOKUP(I275,Feuil1!$A$11:$F$29,2))))),IF(OR(H275=\"SEN\",H275<1995),VLOOKUP(I275,Feuil1!$G$11:$L$25,6),IF(AND(H275>1994,H275<1998),VLOOKUP(I275,Feuil1!$G$11:$L$25,5),IF(AND(H275>1997,H275<2000),VLOOKUP(I275,Feuil1!$G$11:$L$25,4),IF(AND(H275>1999,H275<2002),VLOOKUP(I275,Feuil1!$G$11:$L$25,3),VLOOKUP(I275,Feuil1!$G$11:$L$25,2)))))))","v":"S69"},179.75720013930714,null," ",{"$f":"T275-HLOOKUP(X275,Feuil1!$C$1:$BL$10,2,FALSE)","v":3},{"$f":"T275-HLOOKUP(X275,Feuil1!$C$1:$BL$10,3,FALSE)","v":-17},{"$f":"T275-HLOOKUP(X275,Feuil1!$C$1:$BL$10,4,FALSE)","v":-37},{"$f":"T275-HLOOKUP(X275,Feuil1!$C$1:$BL$10,5,FALSE)","v":-57},{"$f":"T275-HLOOKUP(X275,Feuil1!$C$1:$BL$10,6,FALSE)","v":-87},{"$f":"T275-HLOOKUP(X275,Feuil1!$C$1:$BL$10,7,FALSE)","v":-107},{"$f":"T275-HLOOKUP(X275,Feuil1!$C$1:$BL$10,8,FALSE)","v":-127},{"$f":"T275-HLOOKUP(X275,Feuil1!$C$1:$BL$10,9,FALSE)","v":-142},{"$f":"T275-HLOOKUP(X275,Feuil1!$C$1:$BL$10,10,FALSE)","v":-157},null,null,null,null,null,null,"DEB "]
["H","NE","ALS",185,376013,"PETAUD","SEBASTIEN",89,68.599999999999994,"SA Koenigshoffen","F",48,53,56,56,67,72,77,77,133,-4.1999999999999886,"DEB ",3,{"$f":"IF(I276=\"\",\"\",IF(A276=\"H\",IF(OR(H276=\"SEN\",H276<1995),VLOOKUP(I276,Feuil1!$A$11:$F$29,6),IF(AND(H276>1994,H276<1998),VLOOKUP(I276,Feuil1!$A$11:$F$29,5),IF(AND(H276>1997,H276<2000),VLOOKUP(I276,Feuil1!$A$11:$F$29,4),IF(AND(H276>1999,H276<2002),VLOOKUP(I276,Feuil1!$A$11:$F$29,3),VLOOKUP(I276,Feuil1!$A$11:$F$29,2))))),IF(OR(H276=\"SEN\",H276<1995),VLOOKUP(I276,Feuil1!$G$11:$L$25,6),IF(AND(H276>1994,H276<1998),VLOOKUP(I276,Feuil1!$G$11:$L$25,5),IF(AND(H276>1997,H276<2000),VLOOKUP(I276,Feuil1!$G$11:$L$25,4),IF(AND(H276>1999,H276<2002),VLOOKUP(I276,Feuil1!$G$11:$L$25,3),VLOOKUP(I276,Feuil1!$G$11:$L$25,2)))))))","v":"S69"},179.58833682991573,null," ",{"$f":"T276-HLOOKUP(X276,Feuil1!$C$1:$BL$10,2,FALSE)","v":3},{"$f":"T276-HLOOKUP(X276,Feuil1!$C$1:$BL$10,3,FALSE)","v":-17},{"$f":"T276-HLOOKUP(X276,Feuil1!$C$1:$BL$10,4,FALSE)","v":-37},{"$f":"T276-HLOOKUP(X276,Feuil1!$C$1:$BL$10,5,FALSE)","v":-57},{"$f":"T276-HLOOKUP(X276,Feuil1!$C$1:$BL$10,6,FALSE)","v":-87},{"$f":"T276-HLOOKUP(X276,Feuil1!$C$1:$BL$10,7,FALSE)","v":-107},{"$f":"T276-HLOOKUP(X276,Feuil1!$C$1:$BL$10,8,FALSE)","v":-127},{"$f":"T276-HLOOKUP(X276,Feuil1!$C$1:$BL$10,9,FALSE)","v":-142},{"$f":"T276-HLOOKUP(X276,Feuil1!$C$1:$BL$10,10,FALSE)","v":-157},null,null,null,null,null,null,"DEB "]
["H","N","IDF",186,222762,"THIBOUT","VINCENT",1987,68.8,"RUEIL ","F",50,57,-60,57,70,-75,75,75,132,-5.5999999999999943,"DEB ",2,{"$f":"IF(I277=\"\",\"\",IF(A277=\"H\",IF(OR(H277=\"SEN\",H277<1995),VLOOKUP(I277,Feuil1!$A$11:$F$29,6),IF(AND(H277>1994,H277<1998),VLOOKUP(I277,Feuil1!$A$11:$F$29,5),IF(AND(H277>1997,H277<2000),VLOOKUP(I277,Feuil1!$A$11:$F$29,4),IF(AND(H277>1999,H277<2002),VLOOKUP(I277,Feuil1!$A$11:$F$29,3),VLOOKUP(I277,Feuil1!$A$11:$F$29,2))))),IF(OR(H277=\"SEN\",H277<1995),VLOOKUP(I277,Feuil1!$G$11:$L$25,6),IF(AND(H277>1994,H277<1998),VLOOKUP(I277,Feuil1!$G$11:$L$25,5),IF(AND(H277>1997,H277<2000),VLOOKUP(I277,Feuil1!$G$11:$L$25,4),IF(AND(H277>1999,H277<2002),VLOOKUP(I277,Feuil1!$G$11:$L$25,3),VLOOKUP(I277,Feuil1!$G$11:$L$25,2)))))))","v":"S69"},177.90484418730219,null," ",{"$f":"T277-HLOOKUP(X277,Feuil1!$C$1:$BL$10,2,FALSE)","v":2},{"$f":"T277-HLOOKUP(X277,Feuil1!$C$1:$BL$10,3,FALSE)","v":-18},{"$f":"T277-HLOOKUP(X277,Feuil1!$C$1:$BL$10,4,FALSE)","v":-38},{"$f":"T277-HLOOKUP(X277,Feuil1!$C$1:$BL$10,5,FALSE)","v":-58},{"$f":"T277-HLOOKUP(X277,Feuil1!$C$1:$BL$10,6,FALSE)","v":-88},{"$f":"T277-HLOOKUP(X277,Feuil1!$C$1:$BL$10,7,FALSE)","v":-108},{"$f":"T277-HLOOKUP(X277,Feuil1!$C$1:$BL$10,8,FALSE)","v":-128},{"$f":"T277-HLOOKUP(X277,Feuil1!$C$1:$BL$10,9,FALSE)","v":-143},{"$f":"T277-HLOOKUP(X277,Feuil1!$C$1:$BL$10,10,FALSE)","v":-158},null,null,null,null,null,null,"DEB "]
["H","CO","BNO",187,3809,"DUVAL","BERNARD",1949,67.48,"Giberville","F",54,-57,57,57,70,74,-76,74,131,-3.960000000000008,"DEB ",1,{"$f":"IF(I278=\"\",\"\",IF(A278=\"H\",IF(OR(H278=\"SEN\",H278<1995),VLOOKUP(I278,Feuil1!$A$11:$F$29,6),IF(AND(H278>1994,H278<1998),VLOOKUP(I278,Feuil1!$A$11:$F$29,5),IF(AND(H278>1997,H278<2000),VLOOKUP(I278,Feuil1!$A$11:$F$29,4),IF(AND(H278>1999,H278<2002),VLOOKUP(I278,Feuil1!$A$11:$F$29,3),VLOOKUP(I278,Feuil1!$A$11:$F$29,2))))),IF(OR(H278=\"SEN\",H278<1995),VLOOKUP(I278,Feuil1!$G$11:$L$25,6),IF(AND(H278>1994,H278<1998),VLOOKUP(I278,Feuil1!$G$11:$L$25,5),IF(AND(H278>1997,H278<2000),VLOOKUP(I278,Feuil1!$G$11:$L$25,4),IF(AND(H278>1999,H278<2002),VLOOKUP(I278,Feuil1!$G$11:$L$25,3),VLOOKUP(I278,Feuil1!$G$11:$L$25,2)))))))","v":"S69"},178.78892703593203,null," ",{"$f":"T278-HLOOKUP(X278,Feuil1!$C$1:$BL$10,2,FALSE)","v":1},{"$f":"T278-HLOOKUP(X278,Feuil1!$C$1:$BL$10,3,FALSE)","v":-19},{"$f":"T278-HLOOKUP(X278,Feuil1!$C$1:$BL$10,4,FALSE)","v":-39},{"$f":"T278-HLOOKUP(X278,Feuil1!$C$1:$BL$10,5,FALSE)","v":-59},{"$f":"T278-HLOOKUP(X278,Feuil1!$C$1:$BL$10,6,FALSE)","v":-89},{"$f":"T278-HLOOKUP(X278,Feuil1!$C$1:$BL$10,7,FALSE)","v":-109},{"$f":"T278-HLOOKUP(X278,Feuil1!$C$1:$BL$10,8,FALSE)","v":-129},{"$f":"T278-HLOOKUP(X278,Feuil1!$C$1:$BL$10,9,FALSE)","v":-144},{"$f":"T278-HLOOKUP(X278,Feuil1!$C$1:$BL$10,10,FALSE)","v":-159},null,null,null,null,null,null,"DEB "]
["H","N","IDF",188,8913,"TANGUY","MICHEL",1954,65.2,"NEUILLY","F",51,-56,56,56,66,71,74,74,130,-0.40000000000000568,"DEB ",0,{"$f":"IF(I279=\"\",\"\",IF(A279=\"H\",IF(OR(H279=\"SEN\",H279<1995),VLOOKUP(I279,Feuil1!$A$11:$F$29,6),IF(AND(H279>1994,H279<1998),VLOOKUP(I279,Feuil1!$A$11:$F$29,5),IF(AND(H279>1997,H279<2000),VLOOKUP(I279,Feuil1!$A$11:$F$29,4),IF(AND(H279>1999,H279<2002),VLOOKUP(I279,Feuil1!$A$11:$F$29,3),VLOOKUP(I279,Feuil1!$A$11:$F$29,2))))),IF(OR(H279=\"SEN\",H279<1995),VLOOKUP(I279,Feuil1!$G$11:$L$25,6),IF(AND(H279>1994,H279<1998),VLOOKUP(I279,Feuil1!$G$11:$L$25,5),IF(AND(H279>1997,H279<2000),VLOOKUP(I279,Feuil1!$G$11:$L$25,4),IF(AND(H279>1999,H279<2002),VLOOKUP(I279,Feuil1!$G$11:$L$25,3),VLOOKUP(I279,Feuil1!$G$11:$L$25,2)))))))","v":"S69"},181.53855460663902,null," ",{"$f":"T279-HLOOKUP(X279,Feuil1!$C$1:$BL$10,2,FALSE)","v":0},{"$f":"T279-HLOOKUP(X279,Feuil1!$C$1:$BL$10,3,FALSE)","v":-20},{"$f":"T279-HLOOKUP(X279,Feuil1!$C$1:$BL$10,4,FALSE)","v":-40},{"$f":"T279-HLOOKUP(X279,Feuil1!$C$1:$BL$10,5,FALSE)","v":-60},{"$f":"T279-HLOOKUP(X279,Feuil1!$C$1:$BL$10,6,FALSE)","v":-90},{"$f":"T279-HLOOKUP(X279,Feuil1!$C$1:$BL$10,7,FALSE)","v":-110},{"$f":"T279-HLOOKUP(X279,Feuil1!$C$1:$BL$10,8,FALSE)","v":-130},{"$f":"T279-HLOOKUP(X279,Feuil1!$C$1:$BL$10,9,FALSE)","v":-145},{"$f":"T279-HLOOKUP(X279,Feuil1!$C$1:$BL$10,10,FALSE)","v":-160},null,null,null,null,null,null,"DEB "]
["H","CO","PDL",189,302183,"POTTIER","Fréderic",1981,65.5,"BBFC Allonnes","F",48,-52,52,52,70,75,78,78,130,-1,"DEB ",0,{"$f":"IF(I280=\"\",\"\",IF(A280=\"H\",IF(OR(H280=\"SEN\",H280<1995),VLOOKUP(I280,Feuil1!$A$11:$F$29,6),IF(AND(H280>1994,H280<1998),VLOOKUP(I280,Feuil1!$A$11:$F$29,5),IF(AND(H280>1997,H280<2000),VLOOKUP(I280,Feuil1!$A$11:$F$29,4),IF(AND(H280>1999,H280<2002),VLOOKUP(I280,Feuil1!$A$11:$F$29,3),VLOOKUP(I280,Feuil1!$A$11:$F$29,2))))),IF(OR(H280=\"SEN\",H280<1995),VLOOKUP(I280,Feuil1!$G$11:$L$25,6),IF(AND(H280>1994,H280<1998),VLOOKUP(I280,Feuil1!$G$11:$L$25,5),IF(AND(H280>1997,H280<2000),VLOOKUP(I280,Feuil1!$G$11:$L$25,4),IF(AND(H280>1999,H280<2002),VLOOKUP(I280,Feuil1!$G$11:$L$25,3),VLOOKUP(I280,Feuil1!$G$11:$L$25,2)))))))","v":"S69"},180.97502550176901,null," ",{"$f":"T280-HLOOKUP(X280,Feuil1!$C$1:$BL$10,2,FALSE)","v":0},{"$f":"T280-HLOOKUP(X280,Feuil1!$C$1:$BL$10,3,FALSE)","v":-20},{"$f":"T280-HLOOKUP(X280,Feuil1!$C$1:$BL$10,4,FALSE)","v":-40},{"$f":"T280-HLOOKUP(X280,Feuil1!$C$1:$BL$10,5,FALSE)","v":-60},{"$f":"T280-HLOOKUP(X280,Feuil1!$C$1:$BL$10,6,FALSE)","v":-90},{"$f":"T280-HLOOKUP(X280,Feuil1!$C$1:$BL$10,7,FALSE)","v":-110},{"$f":"T280-HLOOKUP(X280,Feuil1!$C$1:$BL$10,8,FALSE)","v":-130},{"$f":"T280-HLOOKUP(X280,Feuil1!$C$1:$BL$10,9,FALSE)","v":-145},{"$f":"T280-HLOOKUP(X280,Feuil1!$C$1:$BL$10,10,FALSE)","v":-160},null,null,null,null,null,null,"DEB "]
["H","SO","MPY",190,331259,"MARTIN","Alexis",1993,66,"TARBES CUTPH","F",55,-60,-65,55,75,-80,-80,75,130,-2,"DEB ",0,{"$f":"IF(I281=\"\",\"\",IF(A281=\"H\",IF(OR(H281=\"SEN\",H281<1995),VLOOKUP(I281,Feuil1!$A$11:$F$29,6),IF(AND(H281>1994,H281<1998),VLOOKUP(I281,Feuil1!$A$11:$F$29,5),IF(AND(H281>1997,H281<2000),VLOOKUP(I281,Feuil1!$A$11:$F$29,4),IF(AND(H281>1999,H281<2002),VLOOKUP(I281,Feuil1!$A$11:$F$29,3),VLOOKUP(I281,Feuil1!$A$11:$F$29,2))))),IF(OR(H281=\"SEN\",H281<1995),VLOOKUP(I281,Feuil1!$G$11:$L$25,6),IF(AND(H281>1994,H281<1998),VLOOKUP(I281,Feuil1!$G$11:$L$25,5),IF(AND(H281>1997,H281<2000),VLOOKUP(I281,Feuil1!$G$11:$L$25,4),IF(AND(H281>1999,H281<2002),VLOOKUP(I281,Feuil1!$G$11:$L$25,3),VLOOKUP(I281,Feuil1!$G$11:$L$25,2)))))))","v":"S69"},180.05112818071012,null," ",{"$f":"T281-HLOOKUP(X281,Feuil1!$C$1:$BL$10,2,FALSE)","v":0},{"$f":"T281-HLOOKUP(X281,Feuil1!$C$1:$BL$10,3,FALSE)","v":-20},{"$f":"T281-HLOOKUP(X281,Feuil1!$C$1:$BL$10,4,FALSE)","v":-40},{"$f":"T281-HLOOKUP(X281,Feuil1!$C$1:$BL$10,5,FALSE)","v":-60},{"$f":"T281-HLOOKUP(X281,Feuil1!$C$1:$BL$10,6,FALSE)","v":-90},{"$f":"T281-HLOOKUP(X281,Feuil1!$C$1:$BL$10,7,FALSE)","v":-110},{"$f":"T281-HLOOKUP(X281,Feuil1!$C$1:$BL$10,8,FALSE)","v":-130},{"$f":"T281-HLOOKUP(X281,Feuil1!$C$1:$BL$10,9,FALSE)","v":-145},{"$f":"T281-HLOOKUP(X281,Feuil1!$C$1:$BL$10,10,FALSE)","v":-160},null,null,null,null,null,null,"DEB "]
["H","CO","PDL",191,389480,"MERCIER","Pierre",1984,67.349999999999994,"Saint Herblain","F",52,56,57,57,65,73,-75,73,130,-4.6999999999999886,"DEB ",0,{"$f":"IF(I282=\"\",\"\",IF(A282=\"H\",IF(OR(H282=\"SEN\",H282<1995),VLOOKUP(I282,Feuil1!$A$11:$F$29,6),IF(AND(H282>1994,H282<1998),VLOOKUP(I282,Feuil1!$A$11:$F$29,5),IF(AND(H282>1997,H282<2000),VLOOKUP(I282,Feuil1!$A$11:$F$29,4),IF(AND(H282>1999,H282<2002),VLOOKUP(I282,Feuil1!$A$11:$F$29,3),VLOOKUP(I282,Feuil1!$A$11:$F$29,2))))),IF(OR(H282=\"SEN\",H282<1995),VLOOKUP(I282,Feuil1!$G$11:$L$25,6),IF(AND(H282>1994,H282<1998),VLOOKUP(I282,Feuil1!$G$11:$L$25,5),IF(AND(H282>1997,H282<2000),VLOOKUP(I282,Feuil1!$G$11:$L$25,4),IF(AND(H282>1999,H282<2002),VLOOKUP(I282,Feuil1!$G$11:$L$25,3),VLOOKUP(I282,Feuil1!$G$11:$L$25,2)))))))","v":"S69"},177.64863393919921,null," ",{"$f":"T282-HLOOKUP(X282,Feuil1!$C$1:$BL$10,2,FALSE)","v":0},{"$f":"T282-HLOOKUP(X282,Feuil1!$C$1:$BL$10,3,FALSE)","v":-20},{"$f":"T282-HLOOKUP(X282,Feuil1!$C$1:$BL$10,4,FALSE)","v":-40},{"$f":"T282-HLOOKUP(X282,Feuil1!$C$1:$BL$10,5,FALSE)","v":-60},{"$f":"T282-HLOOKUP(X282,Feuil1!$C$1:$BL$10,6,FALSE)","v":-90},{"$f":"T282-HLOOKUP(X282,Feuil1!$C$1:$BL$10,7,FALSE)","v":-110},{"$f":"T282-HLOOKUP(X282,Feuil1!$C$1:$BL$10,8,FALSE)","v":-130},{"$f":"T282-HLOOKUP(X282,Feuil1!$C$1:$BL$10,9,FALSE)","v":-145},{"$f":"T282-HLOOKUP(X282,Feuil1!$C$1:$BL$10,10,FALSE)","v":-160},null,null,null,null,null,null,"DEB "]
["H","SO","POI",192,6250,"ARNAULT","Jean-Yves",1949,68.2,"POITIERS","F",55,58,60,60,66,70,"x",70,130,-6.4000000000000057,"DEB ",0,{"$f":"IF(I283=\"\",\"\",IF(A283=\"H\",IF(OR(H283=\"SEN\",H283<1995),VLOOKUP(I283,Feuil1!$A$11:$F$29,6),IF(AND(H283>1994,H283<1998),VLOOKUP(I283,Feuil1!$A$11:$F$29,5),IF(AND(H283>1997,H283<2000),VLOOKUP(I283,Feuil1!$A$11:$F$29,4),IF(AND(H283>1999,H283<2002),VLOOKUP(I283,Feuil1!$A$11:$F$29,3),VLOOKUP(I283,Feuil1!$A$11:$F$29,2))))),IF(OR(H283=\"SEN\",H283<1995),VLOOKUP(I283,Feuil1!$G$11:$L$25,6),IF(AND(H283>1994,H283<1998),VLOOKUP(I283,Feuil1!$G$11:$L$25,5),IF(AND(H283>1997,H283<2000),VLOOKUP(I283,Feuil1!$G$11:$L$25,4),IF(AND(H283>1999,H283<2002),VLOOKUP(I283,Feuil1!$G$11:$L$25,3),VLOOKUP(I283,Feuil1!$G$11:$L$25,2)))))))","v":"S69"},176.20163596409523,null," ",{"$f":"T283-HLOOKUP(X283,Feuil1!$C$1:$BL$10,2,FALSE)","v":0},{"$f":"T283-HLOOKUP(X283,Feuil1!$C$1:$BL$10,3,FALSE)","v":-20},{"$f":"T283-HLOOKUP(X283,Feuil1!$C$1:$BL$10,4,FALSE)","v":-40},{"$f":"T283-HLOOKUP(X283,Feuil1!$C$1:$BL$10,5,FALSE)","v":-60},{"$f":"T283-HLOOKUP(X283,Feuil1!$C$1:$BL$10,6,FALSE)","v":-90},{"$f":"T283-HLOOKUP(X283,Feuil1!$C$1:$BL$10,7,FALSE)","v":-110},{"$f":"T283-HLOOKUP(X283,Feuil1!$C$1:$BL$10,8,FALSE)","v":-130},{"$f":"T283-HLOOKUP(X283,Feuil1!$C$1:$BL$10,9,FALSE)","v":-145},{"$f":"T283-HLOOKUP(X283,Feuil1!$C$1:$BL$10,10,FALSE)","v":-160},null,null,null,null,null,null,"DEB "]
["H","ZCO","BRE",193,295132,"FERDINAND","Fagio",1994,67.599999999999994,"Vannes AC","F",52,55,-57,{"$f":"IF(H284=\"\",\"\",IF(MAXA(L284:N284)<=0,0,MAXA(L284:N284)))","v":55},-70,70,72,{"$f":"IF(H284=\"\",\"\",IF(MAXA(P284:R284)<=0,0,MAXA(P284:R284)))","v":72},{"$f":"IF(H284=\"\",\"\",IF(OR(O284=0,S284=0),0,O284+S284))","v":127},{"$f":"T284-I284*2","v":-8.1999999999999886},{"$f":"IF(H284=\"\",\"\",AQ284)","v":"DEB "},{"$f":"IF(AJ284>=0,AJ284,IF(AI284>=0,AI284,IF(AH284>=0,AH284,IF(AG284>=0,AG284,IF(AF284>=0,AF284,IF(AE284>=0,AE284,IF(AD284>=0,AD284,IF(AC284>=0,AC284,AB284))))))))","v":-3},{"$f":"IF(I284=\"\",\"\",IF(A284=\"H\",IF(OR(H284=\"SEN\",H284<1995),VLOOKUP(I284,Feuil1!$A$11:$F$29,6),IF(AND(H284>1994,H284<1998),VLOOKUP(I284,Feuil1!$A$11:$F$29,5),IF(AND(H284>1997,H284<2000),VLOOKUP(I284,Feuil1!$A$11:$F$29,4),IF(AND(H284>1999,H284<2002),VLOOKUP(I284,Feuil1!$A$11:$F$29,3),VLOOKUP(I284,Feuil1!$A$11:$F$29,2))))),IF(OR(H284=\"SEN\",H284<1995),VLOOKUP(I284,Feuil1!$G$11:$L$25,6),IF(AND(H284>1994,H284<1998),VLOOKUP(I284,Feuil1!$G$11:$L$25,5),IF(AND(H284>1997,H284<2000),VLOOKUP(I284,Feuil1!$G$11:$L$25,4),IF(AND(H284>1999,H284<2002),VLOOKUP(I284,Feuil1!$G$11:$L$25,3),VLOOKUP(I284,Feuil1!$G$11:$L$25,2)))))))","v":"S69"},{"$f":"IF(I284=\"\",\"\",IF(A284=\"H\",10^(0.794358141*LOG(I284/174.393)^2)*T284,IF(A284=\"F\",10^(0.89726074*LOG(I284/148.026)^2)*T284,\"\")))","v":173.12828076926058},null," ",{"$f":"T284-HLOOKUP(X284,Feuil1!$C$1:$BL$10,2,FALSE)","v":-3},{"$f":"T284-HLOOKUP(X284,Feuil1!$C$1:$BL$10,3,FALSE)","v":-23},{"$f":"T284-HLOOKUP(X284,Feuil1!$C$1:$BL$10,4,FALSE)","v":-43},{"$f":"T284-HLOOKUP(X284,Feuil1!$C$1:$BL$10,5,FALSE)","v":-63},{"$f":"T284-HLOOKUP(X284,Feuil1!$C$1:$BL$10,6,FALSE)","v":-93},{"$f":"T284-HLOOKUP(X284,Feuil1!$C$1:$BL$10,7,FALSE)","v":-113},{"$f":"T284-HLOOKUP(X284,Feuil1!$C$1:$BL$10,8,FALSE)","v":-133},{"$f":"T284-HLOOKUP(X284,Feuil1!$C$1:$BL$10,9,FALSE)","v":-148},{"$f":"T284-HLOOKUP(X284,Feuil1!$C$1:$BL$10,10,FALSE)","v":-163},null,null,null,null,null,null,{"$f":"IF(AJ284>=0,$AJ$4,IF(AI284>=0,$AI$4,IF(AH284>=0,$AH$4,IF(AG284>=0,$AG$4,IF(AF284>=0,$AF$4,IF(AE284>=0,$AE$4,IF(AD284>=0,$AD$4,IF(AC284>=0,$AC$4,$AB$4))))))))","v":"DEB "}]
["H","SEST","RAL",194,143248,"DUPUY","Gratien",1993,66.8,"CH Ansois","F",50,54,56,56,65,70,-75,70,126,-7.5999999999999943,"DEB ",-4,{"$f":"IF(I285=\"\",\"\",IF(A285=\"H\",IF(OR(H285=\"SEN\",H285<1995),VLOOKUP(I285,Feuil1!$A$11:$F$29,6),IF(AND(H285>1994,H285<1998),VLOOKUP(I285,Feuil1!$A$11:$F$29,5),IF(AND(H285>1997,H285<2000),VLOOKUP(I285,Feuil1!$A$11:$F$29,4),IF(AND(H285>1999,H285<2002),VLOOKUP(I285,Feuil1!$A$11:$F$29,3),VLOOKUP(I285,Feuil1!$A$11:$F$29,2))))),IF(OR(H285=\"SEN\",H285<1995),VLOOKUP(I285,Feuil1!$G$11:$L$25,6),IF(AND(H285>1994,H285<1998),VLOOKUP(I285,Feuil1!$G$11:$L$25,5),IF(AND(H285>1997,H285<2000),VLOOKUP(I285,Feuil1!$G$11:$L$25,4),IF(AND(H285>1999,H285<2002),VLOOKUP(I285,Feuil1!$G$11:$L$25,3),VLOOKUP(I285,Feuil1!$G$11:$L$25,2)))))))","v":"S69"},173.1158475031404,null," ",{"$f":"T285-HLOOKUP(X285,Feuil1!$C$1:$BL$10,2,FALSE)","v":-4},{"$f":"T285-HLOOKUP(X285,Feuil1!$C$1:$BL$10,3,FALSE)","v":-24},{"$f":"T285-HLOOKUP(X285,Feuil1!$C$1:$BL$10,4,FALSE)","v":-44},{"$f":"T285-HLOOKUP(X285,Feuil1!$C$1:$BL$10,5,FALSE)","v":-64},{"$f":"T285-HLOOKUP(X285,Feuil1!$C$1:$BL$10,6,FALSE)","v":-94},{"$f":"T285-HLOOKUP(X285,Feuil1!$C$1:$BL$10,7,FALSE)","v":-114},{"$f":"T285-HLOOKUP(X285,Feuil1!$C$1:$BL$10,8,FALSE)","v":-134},{"$f":"T285-HLOOKUP(X285,Feuil1!$C$1:$BL$10,9,FALSE)","v":-149},{"$f":"T285-HLOOKUP(X285,Feuil1!$C$1:$BL$10,10,FALSE)","v":-164},null,null,null,null,null,null,"DEB "]
["H","SEST","CAZ",195,386628,"MAMOLO","Mathieu",1985,66.92,"ASPTT DRAGUIGNAN","F",50,-55,55,55,-65,65,70,70,125,-8.8400000000000034,"DEB ",-5,{"$f":"IF(I286=\"\",\"\",IF(A286=\"H\",IF(OR(H286=\"SEN\",H286<1995),VLOOKUP(I286,Feuil1!$A$11:$F$29,6),IF(AND(H286>1994,H286<1998),VLOOKUP(I286,Feuil1!$A$11:$F$29,5),IF(AND(H286>1997,H286<2000),VLOOKUP(I286,Feuil1!$A$11:$F$29,4),IF(AND(H286>1999,H286<2002),VLOOKUP(I286,Feuil1!$A$11:$F$29,3),VLOOKUP(I286,Feuil1!$A$11:$F$29,2))))),IF(OR(H286=\"SEN\",H286<1995),VLOOKUP(I286,Feuil1!$G$11:$L$25,6),IF(AND(H286>1994,H286<1998),VLOOKUP(I286,Feuil1!$G$11:$L$25,5),IF(AND(H286>1997,H286<2000),VLOOKUP(I286,Feuil1!$G$11:$L$25,4),IF(AND(H286>1999,H286<2002),VLOOKUP(I286,Feuil1!$G$11:$L$25,3),VLOOKUP(I286,Feuil1!$G$11:$L$25,2)))))))","v":"S69"},171.53813677109699,null," ",{"$f":"T286-HLOOKUP(X286,Feuil1!$C$1:$BL$10,2,FALSE)","v":-5},{"$f":"T286-HLOOKUP(X286,Feuil1!$C$1:$BL$10,3,FALSE)","v":-25},{"$f":"T286-HLOOKUP(X286,Feuil1!$C$1:$BL$10,4,FALSE)","v":-45},{"$f":"T286-HLOOKUP(X286,Feuil1!$C$1:$BL$10,5,FALSE)","v":-65},{"$f":"T286-HLOOKUP(X286,Feuil1!$C$1:$BL$10,6,FALSE)","v":-95},{"$f":"T286-HLOOKUP(X286,Feuil1!$C$1:$BL$10,7,FALSE)","v":-115},{"$f":"T286-HLOOKUP(X286,Feuil1!$C$1:$BL$10,8,FALSE)","v":-135},{"$f":"T286-HLOOKUP(X286,Feuil1!$C$1:$BL$10,9,FALSE)","v":-150},{"$f":"T286-HLOOKUP(X286,Feuil1!$C$1:$BL$10,10,FALSE)","v":-165},null,null,null,null,null,null,"DEB "]
["H","NE","CHA",196,318727,"VACTER","Christophe",1970,67,"CAD Mourmelon FAC","F",55,-60,-60,55,65,70,-75,70,125,-9,"DEB ",-5,{"$f":"IF(I287=\"\",\"\",IF(A287=\"H\",IF(OR(H287=\"SEN\",H287<1995),VLOOKUP(I287,Feuil1!$A$11:$F$29,6),IF(AND(H287>1994,H287<1998),VLOOKUP(I287,Feuil1!$A$11:$F$29,5),IF(AND(H287>1997,H287<2000),VLOOKUP(I287,Feuil1!$A$11:$F$29,4),IF(AND(H287>1999,H287<2002),VLOOKUP(I287,Feuil1!$A$11:$F$29,3),VLOOKUP(I287,Feuil1!$A$11:$F$29,2))))),IF(OR(H287=\"SEN\",H287<1995),VLOOKUP(I287,Feuil1!$G$11:$L$25,6),IF(AND(H287>1994,H287<1998),VLOOKUP(I287,Feuil1!$G$11:$L$25,5),IF(AND(H287>1997,H287<2000),VLOOKUP(I287,Feuil1!$G$11:$L$25,4),IF(AND(H287>1999,H287<2002),VLOOKUP(I287,Feuil1!$G$11:$L$25,3),VLOOKUP(I287,Feuil1!$G$11:$L$25,2)))))))","v":"S69"},171.40283464747995,null," ",{"$f":"T287-HLOOKUP(X287,Feuil1!$C$1:$BL$10,2,FALSE)","v":-5},{"$f":"T287-HLOOKUP(X287,Feuil1!$C$1:$BL$10,3,FALSE)","v":-25},{"$f":"T287-HLOOKUP(X287,Feuil1!$C$1:$BL$10,4,FALSE)","v":-45},{"$f":"T287-HLOOKUP(X287,Feuil1!$C$1:$BL$10,5,FALSE)","v":-65},{"$f":"T287-HLOOKUP(X287,Feuil1!$C$1:$BL$10,6,FALSE)","v":-95},{"$f":"T287-HLOOKUP(X287,Feuil1!$C$1:$BL$10,7,FALSE)","v":-115},{"$f":"T287-HLOOKUP(X287,Feuil1!$C$1:$BL$10,8,FALSE)","v":-135},{"$f":"T287-HLOOKUP(X287,Feuil1!$C$1:$BL$10,9,FALSE)","v":-150},{"$f":"T287-HLOOKUP(X287,Feuil1!$C$1:$BL$10,10,FALSE)","v":-165},null,null,null,null,null,null,"DEB "]
["H","ZCO","BRE",197,377670,"LEON","Guillaume",1988,67.7,"ES Saint Avé","F",50,55,-60,55,-70,70,-65,70,125,-10.400000000000006,"DEB ",-5,{"$f":"IF(I288=\"\",\"\",IF(A288=\"H\",IF(OR(H288=\"SEN\",H288<1995),VLOOKUP(I288,Feuil1!$A$11:$F$29,6),IF(AND(H288>1994,H288<1998),VLOOKUP(I288,Feuil1!$A$11:$F$29,5),IF(AND(H288>1997,H288<2000),VLOOKUP(I288,Feuil1!$A$11:$F$29,4),IF(AND(H288>1999,H288<2002),VLOOKUP(I288,Feuil1!$A$11:$F$29,3),VLOOKUP(I288,Feuil1!$A$11:$F$29,2))))),IF(OR(H288=\"SEN\",H288<1995),VLOOKUP(I288,Feuil1!$G$11:$L$25,6),IF(AND(H288>1994,H288<1998),VLOOKUP(I288,Feuil1!$G$11:$L$25,5),IF(AND(H288>1997,H288<2000),VLOOKUP(I288,Feuil1!$G$11:$L$25,4),IF(AND(H288>1999,H288<2002),VLOOKUP(I288,Feuil1!$G$11:$L$25,3),VLOOKUP(I288,Feuil1!$G$11:$L$25,2)))))))","v":"S69"},170.23735295518668,null," ",{"$f":"T288-HLOOKUP(X288,Feuil1!$C$1:$BL$10,2,FALSE)","v":-5},{"$f":"T288-HLOOKUP(X288,Feuil1!$C$1:$BL$10,3,FALSE)","v":-25},{"$f":"T288-HLOOKUP(X288,Feuil1!$C$1:$BL$10,4,FALSE)","v":-45},{"$f":"T288-HLOOKUP(X288,Feuil1!$C$1:$BL$10,5,FALSE)","v":-65},{"$f":"T288-HLOOKUP(X288,Feuil1!$C$1:$BL$10,6,FALSE)","v":-95},{"$f":"T288-HLOOKUP(X288,Feuil1!$C$1:$BL$10,7,FALSE)","v":-115},{"$f":"T288-HLOOKUP(X288,Feuil1!$C$1:$BL$10,8,FALSE)","v":-135},{"$f":"T288-HLOOKUP(X288,Feuil1!$C$1:$BL$10,9,FALSE)","v":-150},{"$f":"T288-HLOOKUP(X288,Feuil1!$C$1:$BL$10,10,FALSE)","v":-165},null,null,null,null,null,null,"DEB "]
["H","SEST","RAL",198,19512,"MERLE","Jean-Louis",1956,68.5,"Entente VIRIAT","F",50,-53,53,53,70,-73,-73,70,123,-14,"DEB ",-7,{"$f":"IF(I289=\"\",\"\",IF(A289=\"H\",IF(OR(H289=\"SEN\",H289<1995),VLOOKUP(I289,Feuil1!$A$11:$F$29,6),IF(AND(H289>1994,H289<1998),VLOOKUP(I289,Feuil1!$A$11:$F$29,5),IF(AND(H289>1997,H289<2000),VLOOKUP(I289,Feuil1!$A$11:$F$29,4),IF(AND(H289>1999,H289<2002),VLOOKUP(I289,Feuil1!$A$11:$F$29,3),VLOOKUP(I289,Feuil1!$A$11:$F$29,2))))),IF(OR(H289=\"SEN\",H289<1995),VLOOKUP(I289,Feuil1!$G$11:$L$25,6),IF(AND(H289>1994,H289<1998),VLOOKUP(I289,Feuil1!$G$11:$L$25,5),IF(AND(H289>1997,H289<2000),VLOOKUP(I289,Feuil1!$G$11:$L$25,4),IF(AND(H289>1999,H289<2002),VLOOKUP(I289,Feuil1!$G$11:$L$25,3),VLOOKUP(I289,Feuil1!$G$11:$L$25,2)))))))","v":"S69"},166.2416211814645,null," ",{"$f":"T289-HLOOKUP(X289,Feuil1!$C$1:$BL$10,2,FALSE)","v":-7},{"$f":"T289-HLOOKUP(X289,Feuil1!$C$1:$BL$10,3,FALSE)","v":-27},{"$f":"T289-HLOOKUP(X289,Feuil1!$C$1:$BL$10,4,FALSE)","v":-47},{"$f":"T289-HLOOKUP(X289,Feuil1!$C$1:$BL$10,5,FALSE)","v":-67},{"$f":"T289-HLOOKUP(X289,Feuil1!$C$1:$BL$10,6,FALSE)","v":-97},{"$f":"T289-HLOOKUP(X289,Feuil1!$C$1:$BL$10,7,FALSE)","v":-117},{"$f":"T289-HLOOKUP(X289,Feuil1!$C$1:$BL$10,8,FALSE)","v":-137},{"$f":"T289-HLOOKUP(X289,Feuil1!$C$1:$BL$10,9,FALSE)","v":-152},{"$f":"T289-HLOOKUP(X289,Feuil1!$C$1:$BL$10,10,FALSE)","v":-167},null,null,null,null,null,null,"DEB "]
["H","SEST","CAZ",199,372311,"GAILLARD","Julien",1981,64.7,"ASLDD TOULON","F",48,52,-54,52,65,-69,70,70,122,-7.4000000000000057,"DEB ",-8,{"$f":"IF(I290=\"\",\"\",IF(A290=\"H\",IF(OR(H290=\"SEN\",H290<1995),VLOOKUP(I290,Feuil1!$A$11:$F$29,6),IF(AND(H290>1994,H290<1998),VLOOKUP(I290,Feuil1!$A$11:$F$29,5),IF(AND(H290>1997,H290<2000),VLOOKUP(I290,Feuil1!$A$11:$F$29,4),IF(AND(H290>1999,H290<2002),VLOOKUP(I290,Feuil1!$A$11:$F$29,3),VLOOKUP(I290,Feuil1!$A$11:$F$29,2))))),IF(OR(H290=\"SEN\",H290<1995),VLOOKUP(I290,Feuil1!$G$11:$L$25,6),IF(AND(H290>1994,H290<1998),VLOOKUP(I290,Feuil1!$G$11:$L$25,5),IF(AND(H290>1997,H290<2000),VLOOKUP(I290,Feuil1!$G$11:$L$25,4),IF(AND(H290>1999,H290<2002),VLOOKUP(I290,Feuil1!$G$11:$L$25,3),VLOOKUP(I290,Feuil1!$G$11:$L$25,2)))))))","v":"S69"},171.2630878572821,null," ",{"$f":"T290-HLOOKUP(X290,Feuil1!$C$1:$BL$10,2,FALSE)","v":-8},{"$f":"T290-HLOOKUP(X290,Feuil1!$C$1:$BL$10,3,FALSE)","v":-28},{"$f":"T290-HLOOKUP(X290,Feuil1!$C$1:$BL$10,4,FALSE)","v":-48},{"$f":"T290-HLOOKUP(X290,Feuil1!$C$1:$BL$10,5,FALSE)","v":-68},{"$f":"T290-HLOOKUP(X290,Feuil1!$C$1:$BL$10,6,FALSE)","v":-98},{"$f":"T290-HLOOKUP(X290,Feuil1!$C$1:$BL$10,7,FALSE)","v":-118},{"$f":"T290-HLOOKUP(X290,Feuil1!$C$1:$BL$10,8,FALSE)","v":-138},{"$f":"T290-HLOOKUP(X290,Feuil1!$C$1:$BL$10,9,FALSE)","v":-153},{"$f":"T290-HLOOKUP(X290,Feuil1!$C$1:$BL$10,10,FALSE)","v":-168},null,null,null,null,null,null,"DEB "]
["H","SEST","CAZ",200,392295,"JULEWITZ","Pierre",1991,66.900000000000006,"HC Nice","F",-50,50,-55,50,65,70,-75,70,120,-13.800000000000011,"DEB ",-10,{"$f":"IF(I291=\"\",\"\",IF(A291=\"H\",IF(OR(H291=\"SEN\",H291<1995),VLOOKUP(I291,Feuil1!$A$11:$F$29,6),IF(AND(H291>1994,H291<1998),VLOOKUP(I291,Feuil1!$A$11:$F$29,5),IF(AND(H291>1997,H291<2000),VLOOKUP(I291,Feuil1!$A$11:$F$29,4),IF(AND(H291>1999,H291<2002),VLOOKUP(I291,Feuil1!$A$11:$F$29,3),VLOOKUP(I291,Feuil1!$A$11:$F$29,2))))),IF(OR(H291=\"SEN\",H291<1995),VLOOKUP(I291,Feuil1!$G$11:$L$25,6),IF(AND(H291>1994,H291<1998),VLOOKUP(I291,Feuil1!$G$11:$L$25,5),IF(AND(H291>1997,H291<2000),VLOOKUP(I291,Feuil1!$G$11:$L$25,4),IF(AND(H291>1999,H291<2002),VLOOKUP(I291,Feuil1!$G$11:$L$25,3),VLOOKUP(I291,Feuil1!$G$11:$L$25,2)))))))","v":"S69"},164.70914947325264,null," ",{"$f":"T291-HLOOKUP(X291,Feuil1!$C$1:$BL$10,2,FALSE)","v":-10},{"$f":"T291-HLOOKUP(X291,Feuil1!$C$1:$BL$10,3,FALSE)","v":-30},{"$f":"T291-HLOOKUP(X291,Feuil1!$C$1:$BL$10,4,FALSE)","v":-50},{"$f":"T291-HLOOKUP(X291,Feuil1!$C$1:$BL$10,5,FALSE)","v":-70},{"$f":"T291-HLOOKUP(X291,Feuil1!$C$1:$BL$10,6,FALSE)","v":-100},{"$f":"T291-HLOOKUP(X291,Feuil1!$C$1:$BL$10,7,FALSE)","v":-120},{"$f":"T291-HLOOKUP(X291,Feuil1!$C$1:$BL$10,8,FALSE)","v":-140},{"$f":"T291-HLOOKUP(X291,Feuil1!$C$1:$BL$10,9,FALSE)","v":-155},{"$f":"T291-HLOOKUP(X291,Feuil1!$C$1:$BL$10,10,FALSE)","v":-170},null,null,null,null,null,null,"DEB "]
["H","SEST","AUV",null,379127,"FOUR","Yoann",1988,67.8,"CHM AURILLAC",null,45,50,55,55,50,60,-65,60,115,-20.599999999999994,"DEB ",-15,{"$f":"IF(I292=\"\",\"\",IF(A292=\"H\",IF(OR(H292=\"SEN\",H292<1995),VLOOKUP(I292,Feuil1!$A$11:$F$29,6),IF(AND(H292>1994,H292<1998),VLOOKUP(I292,Feuil1!$A$11:$F$29,5),IF(AND(H292>1997,H292<2000),VLOOKUP(I292,Feuil1!$A$11:$F$29,4),IF(AND(H292>1999,H292<2002),VLOOKUP(I292,Feuil1!$A$11:$F$29,3),VLOOKUP(I292,Feuil1!$A$11:$F$29,2))))),IF(OR(H292=\"SEN\",H292<1995),VLOOKUP(I292,Feuil1!$G$11:$L$25,6),IF(AND(H292>1994,H292<1998),VLOOKUP(I292,Feuil1!$G$11:$L$25,5),IF(AND(H292>1997,H292<2000),VLOOKUP(I292,Feuil1!$G$11:$L$25,4),IF(AND(H292>1999,H292<2002),VLOOKUP(I292,Feuil1!$G$11:$L$25,3),VLOOKUP(I292,Feuil1!$G$11:$L$25,2)))))))","v":"S69"},156.46763090172558,null," ",{"$f":"T292-HLOOKUP(X292,Feuil1!$C$1:$BL$10,2,FALSE)","v":-15},{"$f":"T292-HLOOKUP(X292,Feuil1!$C$1:$BL$10,3,FALSE)","v":-35},{"$f":"T292-HLOOKUP(X292,Feuil1!$C$1:$BL$10,4,FALSE)","v":-55},{"$f":"T292-HLOOKUP(X292,Feuil1!$C$1:$BL$10,5,FALSE)","v":-75},{"$f":"T292-HLOOKUP(X292,Feuil1!$C$1:$BL$10,6,FALSE)","v":-105},{"$f":"T292-HLOOKUP(X292,Feuil1!$C$1:$BL$10,7,FALSE)","v":-125},{"$f":"T292-HLOOKUP(X292,Feuil1!$C$1:$BL$10,8,FALSE)","v":-145},{"$f":"T292-HLOOKUP(X292,Feuil1!$C$1:$BL$10,9,FALSE)","v":-160},{"$f":"T292-HLOOKUP(X292,Feuil1!$C$1:$BL$10,10,FALSE)","v":-175},null,null,null,null,null,null,"DEB "]
["H","SO","MPY",null,389328,"VIEIRA","Nadir",1989,67.900000000000006,"TOULOUSE HC","F",40,45,50,50,55,60,65,65,115,-20.800000000000011,"DEB ",-15,{"$f":"IF(I293=\"\",\"\",IF(A293=\"H\",IF(OR(H293=\"SEN\",H293<1995),VLOOKUP(I293,Feuil1!$A$11:$F$29,6),IF(AND(H293>1994,H293<1998),VLOOKUP(I293,Feuil1!$A$11:$F$29,5),IF(AND(H293>1997,H293<2000),VLOOKUP(I293,Feuil1!$A$11:$F$29,4),IF(AND(H293>1999,H293<2002),VLOOKUP(I293,Feuil1!$A$11:$F$29,3),VLOOKUP(I293,Feuil1!$A$11:$F$29,2))))),IF(OR(H293=\"SEN\",H293<1995),VLOOKUP(I293,Feuil1!$G$11:$L$25,6),IF(AND(H293>1994,H293<1998),VLOOKUP(I293,Feuil1!$G$11:$L$25,5),IF(AND(H293>1997,H293<2000),VLOOKUP(I293,Feuil1!$G$11:$L$25,4),IF(AND(H293>1999,H293<2002),VLOOKUP(I293,Feuil1!$G$11:$L$25,3),VLOOKUP(I293,Feuil1!$G$11:$L$25,2)))))))","v":"S69"},156.3174984466778,null," ",{"$f":"T293-HLOOKUP(X293,Feuil1!$C$1:$BL$10,2,FALSE)","v":-15},{"$f":"T293-HLOOKUP(X293,Feuil1!$C$1:$BL$10,3,FALSE)","v":-35},{"$f":"T293-HLOOKUP(X293,Feuil1!$C$1:$BL$10,4,FALSE)","v":-55},{"$f":"T293-HLOOKUP(X293,Feuil1!$C$1:$BL$10,5,FALSE)","v":-75},{"$f":"T293-HLOOKUP(X293,Feuil1!$C$1:$BL$10,6,FALSE)","v":-105},{"$f":"T293-HLOOKUP(X293,Feuil1!$C$1:$BL$10,7,FALSE)","v":-125},{"$f":"T293-HLOOKUP(X293,Feuil1!$C$1:$BL$10,8,FALSE)","v":-145},{"$f":"T293-HLOOKUP(X293,Feuil1!$C$1:$BL$10,9,FALSE)","v":-160},{"$f":"T293-HLOOKUP(X293,Feuil1!$C$1:$BL$10,10,FALSE)","v":-175},null,null,null,null,null,null,"DEB "]
["H","SEST","RAL",null,149085,"SANJUAN","André",1953,62.7,"Entente VIRIAT","F",47,50,53,53,60,-65,-65,60,113,-12.400000000000006,"DEB ",-17,{"$f":"IF(I294=\"\",\"\",IF(A294=\"H\",IF(OR(H294=\"SEN\",H294<1995),VLOOKUP(I294,Feuil1!$A$11:$F$29,6),IF(AND(H294>1994,H294<1998),VLOOKUP(I294,Feuil1!$A$11:$F$29,5),IF(AND(H294>1997,H294<2000),VLOOKUP(I294,Feuil1!$A$11:$F$29,4),IF(AND(H294>1999,H294<2002),VLOOKUP(I294,Feuil1!$A$11:$F$29,3),VLOOKUP(I294,Feuil1!$A$11:$F$29,2))))),IF(OR(H294=\"SEN\",H294<1995),VLOOKUP(I294,Feuil1!$G$11:$L$25,6),IF(AND(H294>1994,H294<1998),VLOOKUP(I294,Feuil1!$G$11:$L$25,5),IF(AND(H294>1997,H294<2000),VLOOKUP(I294,Feuil1!$G$11:$L$25,4),IF(AND(H294>1999,H294<2002),VLOOKUP(I294,Feuil1!$G$11:$L$25,3),VLOOKUP(I294,Feuil1!$G$11:$L$25,2)))))))","v":"S69"},162.12856894146316,null," ",{"$f":"T294-HLOOKUP(X294,Feuil1!$C$1:$BL$10,2,FALSE)","v":-17},{"$f":"T294-HLOOKUP(X294,Feuil1!$C$1:$BL$10,3,FALSE)","v":-37},{"$f":"T294-HLOOKUP(X294,Feuil1!$C$1:$BL$10,4,FALSE)","v":-57},{"$f":"T294-HLOOKUP(X294,Feuil1!$C$1:$BL$10,5,FALSE)","v":-77},{"$f":"T294-HLOOKUP(X294,Feuil1!$C$1:$BL$10,6,FALSE)","v":-107},{"$f":"T294-HLOOKUP(X294,Feuil1!$C$1:$BL$10,7,FALSE)","v":-127},{"$f":"T294-HLOOKUP(X294,Feuil1!$C$1:$BL$10,8,FALSE)","v":-147},{"$f":"T294-HLOOKUP(X294,Feuil1!$C$1:$BL$10,9,FALSE)","v":-162},{"$f":"T294-HLOOKUP(X294,Feuil1!$C$1:$BL$10,10,FALSE)","v":-177},null,null,null,null,null,null,"DEB "]
["H","CO","PDL",null,205142,"LHERMITTE","Romain",1984,64,"BBFC Allonnes","F",46,50,51,51,56,60,62,62,113,-15,"DEB ",-17,{"$f":"IF(I295=\"\",\"\",IF(A295=\"H\",IF(OR(H295=\"SEN\",H295<1995),VLOOKUP(I295,Feuil1!$A$11:$F$29,6),IF(AND(H295>1994,H295<1998),VLOOKUP(I295,Feuil1!$A$11:$F$29,5),IF(AND(H295>1997,H295<2000),VLOOKUP(I295,Feuil1!$A$11:$F$29,4),IF(AND(H295>1999,H295<2002),VLOOKUP(I295,Feuil1!$A$11:$F$29,3),VLOOKUP(I295,Feuil1!$A$11:$F$29,2))))),IF(OR(H295=\"SEN\",H295<1995),VLOOKUP(I295,Feuil1!$G$11:$L$25,6),IF(AND(H295>1994,H295<1998),VLOOKUP(I295,Feuil1!$G$11:$L$25,5),IF(AND(H295>1997,H295<2000),VLOOKUP(I295,Feuil1!$G$11:$L$25,4),IF(AND(H295>1999,H295<2002),VLOOKUP(I295,Feuil1!$G$11:$L$25,3),VLOOKUP(I295,Feuil1!$G$11:$L$25,2)))))))","v":"S69"},159.82039588594802,null," ",{"$f":"T295-HLOOKUP(X295,Feuil1!$C$1:$BL$10,2,FALSE)","v":-17},{"$f":"T295-HLOOKUP(X295,Feuil1!$C$1:$BL$10,3,FALSE)","v":-37},{"$f":"T295-HLOOKUP(X295,Feuil1!$C$1:$BL$10,4,FALSE)","v":-57},{"$f":"T295-HLOOKUP(X295,Feuil1!$C$1:$BL$10,5,FALSE)","v":-77},{"$f":"T295-HLOOKUP(X295,Feuil1!$C$1:$BL$10,6,FALSE)","v":-107},{"$f":"T295-HLOOKUP(X295,Feuil1!$C$1:$BL$10,7,FALSE)","v":-127},{"$f":"T295-HLOOKUP(X295,Feuil1!$C$1:$BL$10,8,FALSE)","v":-147},{"$f":"T295-HLOOKUP(X295,Feuil1!$C$1:$BL$10,9,FALSE)","v":-162},{"$f":"T295-HLOOKUP(X295,Feuil1!$C$1:$BL$10,10,FALSE)","v":-177},null,null,null,null,null,null,"DEB "]
["H","CO","BNO",null,234686,"MARIE","Benoit",1971,67.599999999999994,"Stade St Lois","F",40,45,-50,45,60,65,-69,65,110,-25.199999999999989,"DEB ",-20,{"$f":"IF(I296=\"\",\"\",IF(A296=\"H\",IF(OR(H296=\"SEN\",H296<1995),VLOOKUP(I296,Feuil1!$A$11:$F$29,6),IF(AND(H296>1994,H296<1998),VLOOKUP(I296,Feuil1!$A$11:$F$29,5),IF(AND(H296>1997,H296<2000),VLOOKUP(I296,Feuil1!$A$11:$F$29,4),IF(AND(H296>1999,H296<2002),VLOOKUP(I296,Feuil1!$A$11:$F$29,3),VLOOKUP(I296,Feuil1!$A$11:$F$29,2))))),IF(OR(H296=\"SEN\",H296<1995),VLOOKUP(I296,Feuil1!$G$11:$L$25,6),IF(AND(H296>1994,H296<1998),VLOOKUP(I296,Feuil1!$G$11:$L$25,5),IF(AND(H296>1997,H296<2000),VLOOKUP(I296,Feuil1!$G$11:$L$25,4),IF(AND(H296>1999,H296<2002),VLOOKUP(I296,Feuil1!$G$11:$L$25,3),VLOOKUP(I296,Feuil1!$G$11:$L$25,2)))))))","v":"S69"},149.95362901274538,null," ",{"$f":"T296-HLOOKUP(X296,Feuil1!$C$1:$BL$10,2,FALSE)","v":-20},{"$f":"T296-HLOOKUP(X296,Feuil1!$C$1:$BL$10,3,FALSE)","v":-40},{"$f":"T296-HLOOKUP(X296,Feuil1!$C$1:$BL$10,4,FALSE)","v":-60},{"$f":"T296-HLOOKUP(X296,Feuil1!$C$1:$BL$10,5,FALSE)","v":-80},{"$f":"T296-HLOOKUP(X296,Feuil1!$C$1:$BL$10,6,FALSE)","v":-110},{"$f":"T296-HLOOKUP(X296,Feuil1!$C$1:$BL$10,7,FALSE)","v":-130},{"$f":"T296-HLOOKUP(X296,Feuil1!$C$1:$BL$10,8,FALSE)","v":-150},{"$f":"T296-HLOOKUP(X296,Feuil1!$C$1:$BL$10,9,FALSE)","v":-165},{"$f":"T296-HLOOKUP(X296,Feuil1!$C$1:$BL$10,10,FALSE)","v":-180},null,null,null,null,null,null,"DEB "]
["H","NORD","PIC",null,380237,"HAMIDOU","Sélim",1994,64.5,"Amiens HM","F",40,45,-50,45,-61,61,63,63,108,-21,"DEB ",-22,{"$f":"IF(I297=\"\",\"\",IF(A297=\"H\",IF(OR(H297=\"SEN\",H297<1995),VLOOKUP(I297,Feuil1!$A$11:$F$29,6),IF(AND(H297>1994,H297<1998),VLOOKUP(I297,Feuil1!$A$11:$F$29,5),IF(AND(H297>1997,H297<2000),VLOOKUP(I297,Feuil1!$A$11:$F$29,4),IF(AND(H297>1999,H297<2002),VLOOKUP(I297,Feuil1!$A$11:$F$29,3),VLOOKUP(I297,Feuil1!$A$11:$F$29,2))))),IF(OR(H297=\"SEN\",H297<1995),VLOOKUP(I297,Feuil1!$G$11:$L$25,6),IF(AND(H297>1994,H297<1998),VLOOKUP(I297,Feuil1!$G$11:$L$25,5),IF(AND(H297>1997,H297<2000),VLOOKUP(I297,Feuil1!$G$11:$L$25,4),IF(AND(H297>1999,H297<2002),VLOOKUP(I297,Feuil1!$G$11:$L$25,3),VLOOKUP(I297,Feuil1!$G$11:$L$25,2)))))))","v":"S69"},151.93191194427126,null," ",{"$f":"T297-HLOOKUP(X297,Feuil1!$C$1:$BL$10,2,FALSE)","v":-22},{"$f":"T297-HLOOKUP(X297,Feuil1!$C$1:$BL$10,3,FALSE)","v":-42},{"$f":"T297-HLOOKUP(X297,Feuil1!$C$1:$BL$10,4,FALSE)","v":-62},{"$f":"T297-HLOOKUP(X297,Feuil1!$C$1:$BL$10,5,FALSE)","v":-82},{"$f":"T297-HLOOKUP(X297,Feuil1!$C$1:$BL$10,6,FALSE)","v":-112},{"$f":"T297-HLOOKUP(X297,Feuil1!$C$1:$BL$10,7,FALSE)","v":-132},{"$f":"T297-HLOOKUP(X297,Feuil1!$C$1:$BL$10,8,FALSE)","v":-152},{"$f":"T297-HLOOKUP(X297,Feuil1!$C$1:$BL$10,9,FALSE)","v":-167},{"$f":"T297-HLOOKUP(X297,Feuil1!$C$1:$BL$10,10,FALSE)","v":-182},null,null,null,null,null,null,"DEB "]
["H","NE","CHA",null,97566,"DIEUDONNE","Louis",1951,67.900000000000006,"Reims HM","F",40,-47,47,47,50,-60,60,60,107,-28.800000000000011,"DEB ",-23,{"$f":"IF(I298=\"\",\"\",IF(A298=\"H\",IF(OR(H298=\"SEN\",H298<1995),VLOOKUP(I298,Feuil1!$A$11:$F$29,6),IF(AND(H298>1994,H298<1998),VLOOKUP(I298,Feuil1!$A$11:$F$29,5),IF(AND(H298>1997,H298<2000),VLOOKUP(I298,Feuil1!$A$11:$F$29,4),IF(AND(H298>1999,H298<2002),VLOOKUP(I298,Feuil1!$A$11:$F$29,3),VLOOKUP(I298,Feuil1!$A$11:$F$29,2))))),IF(OR(H298=\"SEN\",H298<1995),VLOOKUP(I298,Feuil1!$G$11:$L$25,6),IF(AND(H298>1994,H298<1998),VLOOKUP(I298,Feuil1!$G$11:$L$25,5),IF(AND(H298>1997,H298<2000),VLOOKUP(I298,Feuil1!$G$11:$L$25,4),IF(AND(H298>1999,H298<2002),VLOOKUP(I298,Feuil1!$G$11:$L$25,3),VLOOKUP(I298,Feuil1!$G$11:$L$25,2)))))))","v":"S69"},145.44323768516978,null," ",{"$f":"T298-HLOOKUP(X298,Feuil1!$C$1:$BL$10,2,FALSE)","v":-23},{"$f":"T298-HLOOKUP(X298,Feuil1!$C$1:$BL$10,3,FALSE)","v":-43},{"$f":"T298-HLOOKUP(X298,Feuil1!$C$1:$BL$10,4,FALSE)","v":-63},{"$f":"T298-HLOOKUP(X298,Feuil1!$C$1:$BL$10,5,FALSE)","v":-83},{"$f":"T298-HLOOKUP(X298,Feuil1!$C$1:$BL$10,6,FALSE)","v":-113},{"$f":"T298-HLOOKUP(X298,Feuil1!$C$1:$BL$10,7,FALSE)","v":-133},{"$f":"T298-HLOOKUP(X298,Feuil1!$C$1:$BL$10,8,FALSE)","v":-153},{"$f":"T298-HLOOKUP(X298,Feuil1!$C$1:$BL$10,9,FALSE)","v":-168},{"$f":"T298-HLOOKUP(X298,Feuil1!$C$1:$BL$10,10,FALSE)","v":-183},null,null,null,null,null,null,"DEB "]
["H","SEST","RAL",null,19515,"DUFOUR ","Serge",1953,64.900000000000006,"Entente VIRIAT","F",41,-45,45,45,50,55,60,60,105,-24.800000000000011,"DEB ",-25,{"$f":"IF(I299=\"\",\"\",IF(A299=\"H\",IF(OR(H299=\"SEN\",H299<1995),VLOOKUP(I299,Feuil1!$A$11:$F$29,6),IF(AND(H299>1994,H299<1998),VLOOKUP(I299,Feuil1!$A$11:$F$29,5),IF(AND(H299>1997,H299<2000),VLOOKUP(I299,Feuil1!$A$11:$F$29,4),IF(AND(H299>1999,H299<2002),VLOOKUP(I299,Feuil1!$A$11:$F$29,3),VLOOKUP(I299,Feuil1!$A$11:$F$29,2))))),IF(OR(H299=\"SEN\",H299<1995),VLOOKUP(I299,Feuil1!$G$11:$L$25,6),IF(AND(H299>1994,H299<1998),VLOOKUP(I299,Feuil1!$G$11:$L$25,5),IF(AND(H299>1997,H299<2000),VLOOKUP(I299,Feuil1!$G$11:$L$25,4),IF(AND(H299>1999,H299<2002),VLOOKUP(I299,Feuil1!$G$11:$L$25,3),VLOOKUP(I299,Feuil1!$G$11:$L$25,2)))))))","v":"S69"},147.08813202957924,null," ",{"$f":"T299-HLOOKUP(X299,Feuil1!$C$1:$BL$10,2,FALSE)","v":-25},{"$f":"T299-HLOOKUP(X299,Feuil1!$C$1:$BL$10,3,FALSE)","v":-45},{"$f":"T299-HLOOKUP(X299,Feuil1!$C$1:$BL$10,4,FALSE)","v":-65},{"$f":"T299-HLOOKUP(X299,Feuil1!$C$1:$BL$10,5,FALSE)","v":-85},{"$f":"T299-HLOOKUP(X299,Feuil1!$C$1:$BL$10,6,FALSE)","v":-115},{"$f":"T299-HLOOKUP(X299,Feuil1!$C$1:$BL$10,7,FALSE)","v":-135},{"$f":"T299-HLOOKUP(X299,Feuil1!$C$1:$BL$10,8,FALSE)","v":-155},{"$f":"T299-HLOOKUP(X299,Feuil1!$C$1:$BL$10,9,FALSE)","v":-170},{"$f":"T299-HLOOKUP(X299,Feuil1!$C$1:$BL$10,10,FALSE)","v":-185},null,null,null,null,null,null,"DEB "]
["H","SO","MPY",null,372191,"MOHAMED BENKADA","Houari",1989,65.2,"DECAZEVILLE HC","F",40,45,-50,45,55,60,-65,60,105,-25.400000000000006,"DEB ",-25,{"$f":"IF(I300=\"\",\"\",IF(A300=\"H\",IF(OR(H300=\"SEN\",H300<1995),VLOOKUP(I300,Feuil1!$A$11:$F$29,6),IF(AND(H300>1994,H300<1998),VLOOKUP(I300,Feuil1!$A$11:$F$29,5),IF(AND(H300>1997,H300<2000),VLOOKUP(I300,Feuil1!$A$11:$F$29,4),IF(AND(H300>1999,H300<2002),VLOOKUP(I300,Feuil1!$A$11:$F$29,3),VLOOKUP(I300,Feuil1!$A$11:$F$29,2))))),IF(OR(H300=\"SEN\",H300<1995),VLOOKUP(I300,Feuil1!$G$11:$L$25,6),IF(AND(H300>1994,H300<1998),VLOOKUP(I300,Feuil1!$G$11:$L$25,5),IF(AND(H300>1997,H300<2000),VLOOKUP(I300,Feuil1!$G$11:$L$25,4),IF(AND(H300>1999,H300<2002),VLOOKUP(I300,Feuil1!$G$11:$L$25,3),VLOOKUP(I300,Feuil1!$G$11:$L$25,2)))))))","v":"S69"},146.6272941053623,null," ",{"$f":"T300-HLOOKUP(X300,Feuil1!$C$1:$BL$10,2,FALSE)","v":-25},{"$f":"T300-HLOOKUP(X300,Feuil1!$C$1:$BL$10,3,FALSE)","v":-45},{"$f":"T300-HLOOKUP(X300,Feuil1!$C$1:$BL$10,4,FALSE)","v":-65},{"$f":"T300-HLOOKUP(X300,Feuil1!$C$1:$BL$10,5,FALSE)","v":-85},{"$f":"T300-HLOOKUP(X300,Feuil1!$C$1:$BL$10,6,FALSE)","v":-115},{"$f":"T300-HLOOKUP(X300,Feuil1!$C$1:$BL$10,7,FALSE)","v":-135},{"$f":"T300-HLOOKUP(X300,Feuil1!$C$1:$BL$10,8,FALSE)","v":-155},{"$f":"T300-HLOOKUP(X300,Feuil1!$C$1:$BL$10,9,FALSE)","v":-170},{"$f":"T300-HLOOKUP(X300,Feuil1!$C$1:$BL$10,10,FALSE)","v":-185},null,null,null,null,null,null,"DEB "]
["H","NE","CHA",null,376660,"DUPRE","Guillaume",1989,65.3,"Reims HM","F",-45,-45,45,45,55,60,-65,60,105,-25.599999999999994,"DEB ",-25,{"$f":"IF(I301=\"\",\"\",IF(A301=\"H\",IF(OR(H301=\"SEN\",H301<1995),VLOOKUP(I301,Feuil1!$A$11:$F$29,6),IF(AND(H301>1994,H301<1998),VLOOKUP(I301,Feuil1!$A$11:$F$29,5),IF(AND(H301>1997,H301<2000),VLOOKUP(I301,Feuil1!$A$11:$F$29,4),IF(AND(H301>1999,H301<2002),VLOOKUP(I301,Feuil1!$A$11:$F$29,3),VLOOKUP(I301,Feuil1!$A$11:$F$29,2))))),IF(OR(H301=\"SEN\",H301<1995),VLOOKUP(I301,Feuil1!$G$11:$L$25,6),IF(AND(H301>1994,H301<1998),VLOOKUP(I301,Feuil1!$G$11:$L$25,5),IF(AND(H301>1997,H301<2000),VLOOKUP(I301,Feuil1!$G$11:$L$25,4),IF(AND(H301>1999,H301<2002),VLOOKUP(I301,Feuil1!$G$11:$L$25,3),VLOOKUP(I301,Feuil1!$G$11:$L$25,2)))))))","v":"S69"},146.47494823837735,null," ",{"$f":"T301-HLOOKUP(X301,Feuil1!$C$1:$BL$10,2,FALSE)","v":-25},{"$f":"T301-HLOOKUP(X301,Feuil1!$C$1:$BL$10,3,FALSE)","v":-45},{"$f":"T301-HLOOKUP(X301,Feuil1!$C$1:$BL$10,4,FALSE)","v":-65},{"$f":"T301-HLOOKUP(X301,Feuil1!$C$1:$BL$10,5,FALSE)","v":-85},{"$f":"T301-HLOOKUP(X301,Feuil1!$C$1:$BL$10,6,FALSE)","v":-115},{"$f":"T301-HLOOKUP(X301,Feuil1!$C$1:$BL$10,7,FALSE)","v":-135},{"$f":"T301-HLOOKUP(X301,Feuil1!$C$1:$BL$10,8,FALSE)","v":-155},{"$f":"T301-HLOOKUP(X301,Feuil1!$C$1:$BL$10,9,FALSE)","v":-170},{"$f":"T301-HLOOKUP(X301,Feuil1!$C$1:$BL$10,10,FALSE)","v":-185},null,null,null,null,null,null,"DEB "]
["H","CO","PDL",null,205142,"SEBILLET","Clément",1994,68.2,"BBFC Allonnes","F",42,-45,-45,42,58,60,63,63,105,-31.400000000000006,"DEB ",-25,{"$f":"IF(I302=\"\",\"\",IF(A302=\"H\",IF(OR(H302=\"SEN\",H302<1995),VLOOKUP(I302,Feuil1!$A$11:$F$29,6),IF(AND(H302>1994,H302<1998),VLOOKUP(I302,Feuil1!$A$11:$F$29,5),IF(AND(H302>1997,H302<2000),VLOOKUP(I302,Feuil1!$A$11:$F$29,4),IF(AND(H302>1999,H302<2002),VLOOKUP(I302,Feuil1!$A$11:$F$29,3),VLOOKUP(I302,Feuil1!$A$11:$F$29,2))))),IF(OR(H302=\"SEN\",H302<1995),VLOOKUP(I302,Feuil1!$G$11:$L$25,6),IF(AND(H302>1994,H302<1998),VLOOKUP(I302,Feuil1!$G$11:$L$25,5),IF(AND(H302>1997,H302<2000),VLOOKUP(I302,Feuil1!$G$11:$L$25,4),IF(AND(H302>1999,H302<2002),VLOOKUP(I302,Feuil1!$G$11:$L$25,3),VLOOKUP(I302,Feuil1!$G$11:$L$25,2)))))))","v":"S69"},142.316705971,null," ",{"$f":"T302-HLOOKUP(X302,Feuil1!$C$1:$BL$10,2,FALSE)","v":-25},{"$f":"T302-HLOOKUP(X302,Feuil1!$C$1:$BL$10,3,FALSE)","v":-45},{"$f":"T302-HLOOKUP(X302,Feuil1!$C$1:$BL$10,4,FALSE)","v":-65},{"$f":"T302-HLOOKUP(X302,Feuil1!$C$1:$BL$10,5,FALSE)","v":-85},{"$f":"T302-HLOOKUP(X302,Feuil1!$C$1:$BL$10,6,FALSE)","v":-115},{"$f":"T302-HLOOKUP(X302,Feuil1!$C$1:$BL$10,7,FALSE)","v":-135},{"$f":"T302-HLOOKUP(X302,Feuil1!$C$1:$BL$10,8,FALSE)","v":-155},{"$f":"T302-HLOOKUP(X302,Feuil1!$C$1:$BL$10,9,FALSE)","v":-170},{"$f":"T302-HLOOKUP(X302,Feuil1!$C$1:$BL$10,10,FALSE)","v":-185},null,null,null,null,null,null,"DEB "]
["H","NORD","NPC",null,358299,"MATHE","Julian",1990,68.5,"ALSH BULLY LES MINES","F",40,43,45,45,58,60,-63,60,105,-32,"DEB ",-25,{"$f":"IF(I303=\"\",\"\",IF(A303=\"H\",IF(OR(H303=\"SEN\",H303<1995),VLOOKUP(I303,Feuil1!$A$11:$F$29,6),IF(AND(H303>1994,H303<1998),VLOOKUP(I303,Feuil1!$A$11:$F$29,5),IF(AND(H303>1997,H303<2000),VLOOKUP(I303,Feuil1!$A$11:$F$29,4),IF(AND(H303>1999,H303<2002),VLOOKUP(I303,Feuil1!$A$11:$F$29,3),VLOOKUP(I303,Feuil1!$A$11:$F$29,2))))),IF(OR(H303=\"SEN\",H303<1995),VLOOKUP(I303,Feuil1!$G$11:$L$25,6),IF(AND(H303>1994,H303<1998),VLOOKUP(I303,Feuil1!$G$11:$L$25,5),IF(AND(H303>1997,H303<2000),VLOOKUP(I303,Feuil1!$G$11:$L$25,4),IF(AND(H303>1999,H303<2002),VLOOKUP(I303,Feuil1!$G$11:$L$25,3),VLOOKUP(I303,Feuil1!$G$11:$L$25,2)))))))","v":"S69"},141.91357905734773,null," ",{"$f":"T303-HLOOKUP(X303,Feuil1!$C$1:$BL$10,2,FALSE)","v":-25},{"$f":"T303-HLOOKUP(X303,Feuil1!$C$1:$BL$10,3,FALSE)","v":-45},{"$f":"T303-HLOOKUP(X303,Feuil1!$C$1:$BL$10,4,FALSE)","v":-65},{"$f":"T303-HLOOKUP(X303,Feuil1!$C$1:$BL$10,5,FALSE)","v":-85},{"$f":"T303-HLOOKUP(X303,Feuil1!$C$1:$BL$10,6,FALSE)","v":-115},{"$f":"T303-HLOOKUP(X303,Feuil1!$C$1:$BL$10,7,FALSE)","v":-135},{"$f":"T303-HLOOKUP(X303,Feuil1!$C$1:$BL$10,8,FALSE)","v":-155},{"$f":"T303-HLOOKUP(X303,Feuil1!$C$1:$BL$10,9,FALSE)","v":-170},{"$f":"T303-HLOOKUP(X303,Feuil1!$C$1:$BL$10,10,FALSE)","v":-185},null,null,null,null,null,null,"DEB "]
["H","NE","FCO",null,207618,"LARCY","Yvan",1943,68.8,"LF Besançon","F",40,45,47,47,50,55,58,58,105,-32.599999999999994,"DEB ",-25,{"$f":"IF(I304=\"\",\"\",IF(A304=\"H\",IF(OR(H304=\"SEN\",H304<1995),VLOOKUP(I304,Feuil1!$A$11:$F$29,6),IF(AND(H304>1994,H304<1998),VLOOKUP(I304,Feuil1!$A$11:$F$29,5),IF(AND(H304>1997,H304<2000),VLOOKUP(I304,Feuil1!$A$11:$F$29,4),IF(AND(H304>1999,H304<2002),VLOOKUP(I304,Feuil1!$A$11:$F$29,3),VLOOKUP(I304,Feuil1!$A$11:$F$29,2))))),IF(OR(H304=\"SEN\",H304<1995),VLOOKUP(I304,Feuil1!$G$11:$L$25,6),IF(AND(H304>1994,H304<1998),VLOOKUP(I304,Feuil1!$G$11:$L$25,5),IF(AND(H304>1997,H304<2000),VLOOKUP(I304,Feuil1!$G$11:$L$25,4),IF(AND(H304>1999,H304<2002),VLOOKUP(I304,Feuil1!$G$11:$L$25,3),VLOOKUP(I304,Feuil1!$G$11:$L$25,2)))))))","v":"S69"},141.51521696717219,null," ",{"$f":"T304-HLOOKUP(X304,Feuil1!$C$1:$BL$10,2,FALSE)","v":-25},{"$f":"T304-HLOOKUP(X304,Feuil1!$C$1:$BL$10,3,FALSE)","v":-45},{"$f":"T304-HLOOKUP(X304,Feuil1!$C$1:$BL$10,4,FALSE)","v":-65},{"$f":"T304-HLOOKUP(X304,Feuil1!$C$1:$BL$10,5,FALSE)","v":-85},{"$f":"T304-HLOOKUP(X304,Feuil1!$C$1:$BL$10,6,FALSE)","v":-115},{"$f":"T304-HLOOKUP(X304,Feuil1!$C$1:$BL$10,7,FALSE)","v":-135},{"$f":"T304-HLOOKUP(X304,Feuil1!$C$1:$BL$10,8,FALSE)","v":-155},{"$f":"T304-HLOOKUP(X304,Feuil1!$C$1:$BL$10,9,FALSE)","v":-170},{"$f":"T304-HLOOKUP(X304,Feuil1!$C$1:$BL$10,10,FALSE)","v":-185},null,null,null,null,null,null,"DEB "]
["H","N","IDF",null,77481,"HALGAND","BERNARD",1947,69,"SAINT-MAUR","F",-47,47,-52,47,52,58,-70,58,105,-33,"DEB ",-25,{"$f":"IF(I305=\"\",\"\",IF(A305=\"H\",IF(OR(H305=\"SEN\",H305<1995),VLOOKUP(I305,Feuil1!$A$11:$F$29,6),IF(AND(H305>1994,H305<1998),VLOOKUP(I305,Feuil1!$A$11:$F$29,5),IF(AND(H305>1997,H305<2000),VLOOKUP(I305,Feuil1!$A$11:$F$29,4),IF(AND(H305>1999,H305<2002),VLOOKUP(I305,Feuil1!$A$11:$F$29,3),VLOOKUP(I305,Feuil1!$A$11:$F$29,2))))),IF(OR(H305=\"SEN\",H305<1995),VLOOKUP(I305,Feuil1!$G$11:$L$25,6),IF(AND(H305>1994,H305<1998),VLOOKUP(I305,Feuil1!$G$11:$L$25,5),IF(AND(H305>1997,H305<2000),VLOOKUP(I305,Feuil1!$G$11:$L$25,4),IF(AND(H305>1999,H305<2002),VLOOKUP(I305,Feuil1!$G$11:$L$25,3),VLOOKUP(I305,Feuil1!$G$11:$L$25,2)))))))","v":"S69"},141.25225311872958,null," ",{"$f":"T305-HLOOKUP(X305,Feuil1!$C$1:$BL$10,2,FALSE)","v":-25},{"$f":"T305-HLOOKUP(X305,Feuil1!$C$1:$BL$10,3,FALSE)","v":-45},{"$f":"T305-HLOOKUP(X305,Feuil1!$C$1:$BL$10,4,FALSE)","v":-65},{"$f":"T305-HLOOKUP(X305,Feuil1!$C$1:$BL$10,5,FALSE)","v":-85},{"$f":"T305-HLOOKUP(X305,Feuil1!$C$1:$BL$10,6,FALSE)","v":-115},{"$f":"T305-HLOOKUP(X305,Feuil1!$C$1:$BL$10,7,FALSE)","v":-135},{"$f":"T305-HLOOKUP(X305,Feuil1!$C$1:$BL$10,8,FALSE)","v":-155},{"$f":"T305-HLOOKUP(X305,Feuil1!$C$1:$BL$10,9,FALSE)","v":-170},{"$f":"T305-HLOOKUP(X305,Feuil1!$C$1:$BL$10,10,FALSE)","v":-185},null,null,null,null,null,null,"DEB "]
["H","NE","ALS",null,347617,"DURAND","TOM",94,69,"MJC Ungersheim","F",38,41,-44,41,50,55,58,58,99,-39,"DEB ",-31,{"$f":"IF(I306=\"\",\"\",IF(A306=\"H\",IF(OR(H306=\"SEN\",H306<1995),VLOOKUP(I306,Feuil1!$A$11:$F$29,6),IF(AND(H306>1994,H306<1998),VLOOKUP(I306,Feuil1!$A$11:$F$29,5),IF(AND(H306>1997,H306<2000),VLOOKUP(I306,Feuil1!$A$11:$F$29,4),IF(AND(H306>1999,H306<2002),VLOOKUP(I306,Feuil1!$A$11:$F$29,3),VLOOKUP(I306,Feuil1!$A$11:$F$29,2))))),IF(OR(H306=\"SEN\",H306<1995),VLOOKUP(I306,Feuil1!$G$11:$L$25,6),IF(AND(H306>1994,H306<1998),VLOOKUP(I306,Feuil1!$G$11:$L$25,5),IF(AND(H306>1997,H306<2000),VLOOKUP(I306,Feuil1!$G$11:$L$25,4),IF(AND(H306>1999,H306<2002),VLOOKUP(I306,Feuil1!$G$11:$L$25,3),VLOOKUP(I306,Feuil1!$G$11:$L$25,2)))))))","v":"S69"},133.18069579765933,null," ",{"$f":"T306-HLOOKUP(X306,Feuil1!$C$1:$BL$10,2,FALSE)","v":-31},{"$f":"T306-HLOOKUP(X306,Feuil1!$C$1:$BL$10,3,FALSE)","v":-51},{"$f":"T306-HLOOKUP(X306,Feuil1!$C$1:$BL$10,4,FALSE)","v":-71},{"$f":"T306-HLOOKUP(X306,Feuil1!$C$1:$BL$10,5,FALSE)","v":-91},{"$f":"T306-HLOOKUP(X306,Feuil1!$C$1:$BL$10,6,FALSE)","v":-121},{"$f":"T306-HLOOKUP(X306,Feuil1!$C$1:$BL$10,7,FALSE)","v":-141},{"$f":"T306-HLOOKUP(X306,Feuil1!$C$1:$BL$10,8,FALSE)","v":-161},{"$f":"T306-HLOOKUP(X306,Feuil1!$C$1:$BL$10,9,FALSE)","v":-176},{"$f":"T306-HLOOKUP(X306,Feuil1!$C$1:$BL$10,10,FALSE)","v":-191},null,null,null,null,null,null,"DEB "]
["H","NE","CHA",null,183414,"CHANTIER","Jacky",1944,66.5,"CA Savinien","F",35,40,42,42,45,50,55,55,97,-36,"DEB ",-33,{"$f":"IF(I307=\"\",\"\",IF(A307=\"H\",IF(OR(H307=\"SEN\",H307<1995),VLOOKUP(I307,Feuil1!$A$11:$F$29,6),IF(AND(H307>1994,H307<1998),VLOOKUP(I307,Feuil1!$A$11:$F$29,5),IF(AND(H307>1997,H307<2000),VLOOKUP(I307,Feuil1!$A$11:$F$29,4),IF(AND(H307>1999,H307<2002),VLOOKUP(I307,Feuil1!$A$11:$F$29,3),VLOOKUP(I307,Feuil1!$A$11:$F$29,2))))),IF(OR(H307=\"SEN\",H307<1995),VLOOKUP(I307,Feuil1!$G$11:$L$25,6),IF(AND(H307>1994,H307<1998),VLOOKUP(I307,Feuil1!$G$11:$L$25,5),IF(AND(H307>1997,H307<2000),VLOOKUP(I307,Feuil1!$G$11:$L$25,4),IF(AND(H307>1999,H307<2002),VLOOKUP(I307,Feuil1!$G$11:$L$25,3),VLOOKUP(I307,Feuil1!$G$11:$L$25,2)))))))","v":"S69"},133.67042795123754,null," ",{"$f":"T307-HLOOKUP(X307,Feuil1!$C$1:$BL$10,2,FALSE)","v":-33},{"$f":"T307-HLOOKUP(X307,Feuil1!$C$1:$BL$10,3,FALSE)","v":-53},{"$f":"T307-HLOOKUP(X307,Feuil1!$C$1:$BL$10,4,FALSE)","v":-73},{"$f":"T307-HLOOKUP(X307,Feuil1!$C$1:$BL$10,5,FALSE)","v":-93},{"$f":"T307-HLOOKUP(X307,Feuil1!$C$1:$BL$10,6,FALSE)","v":-123},{"$f":"T307-HLOOKUP(X307,Feuil1!$C$1:$BL$10,7,FALSE)","v":-143},{"$f":"T307-HLOOKUP(X307,Feuil1!$C$1:$BL$10,8,FALSE)","v":-163},{"$f":"T307-HLOOKUP(X307,Feuil1!$C$1:$BL$10,9,FALSE)","v":-178},{"$f":"T307-HLOOKUP(X307,Feuil1!$C$1:$BL$10,10,FALSE)","v":-193},null,null,null,null,null,null,"DEB "]
["H","NE","LOR",null,29199,"KAISER","Paul",1933,68.7,"A.O.C.Pte-ROSSELLE","F",40,-42,42,42,50,53,55,55,97,-40.400000000000006,"DEB ",-33,{"$f":"IF(I308=\"\",\"\",IF(A308=\"H\",IF(OR(H308=\"SEN\",H308<1995),VLOOKUP(I308,Feuil1!$A$11:$F$29,6),IF(AND(H308>1994,H308<1998),VLOOKUP(I308,Feuil1!$A$11:$F$29,5),IF(AND(H308>1997,H308<2000),VLOOKUP(I308,Feuil1!$A$11:$F$29,4),IF(AND(H308>1999,H308<2002),VLOOKUP(I308,Feuil1!$A$11:$F$29,3),VLOOKUP(I308,Feuil1!$A$11:$F$29,2))))),IF(OR(H308=\"SEN\",H308<1995),VLOOKUP(I308,Feuil1!$G$11:$L$25,6),IF(AND(H308>1994,H308<1998),VLOOKUP(I308,Feuil1!$G$11:$L$25,5),IF(AND(H308>1997,H308<2000),VLOOKUP(I308,Feuil1!$G$11:$L$25,4),IF(AND(H308>1999,H308<2002),VLOOKUP(I308,Feuil1!$G$11:$L$25,3),VLOOKUP(I308,Feuil1!$G$11:$L$25,2)))))))","v":"S69"},130.85529054832659,null," ",{"$f":"T308-HLOOKUP(X308,Feuil1!$C$1:$BL$10,2,FALSE)","v":-33},{"$f":"T308-HLOOKUP(X308,Feuil1!$C$1:$BL$10,3,FALSE)","v":-53},{"$f":"T308-HLOOKUP(X308,Feuil1!$C$1:$BL$10,4,FALSE)","v":-73},{"$f":"T308-HLOOKUP(X308,Feuil1!$C$1:$BL$10,5,FALSE)","v":-93},{"$f":"T308-HLOOKUP(X308,Feuil1!$C$1:$BL$10,6,FALSE)","v":-123},{"$f":"T308-HLOOKUP(X308,Feuil1!$C$1:$BL$10,7,FALSE)","v":-143},{"$f":"T308-HLOOKUP(X308,Feuil1!$C$1:$BL$10,8,FALSE)","v":-163},{"$f":"T308-HLOOKUP(X308,Feuil1!$C$1:$BL$10,9,FALSE)","v":-178},{"$f":"T308-HLOOKUP(X308,Feuil1!$C$1:$BL$10,10,FALSE)","v":-193},null,null,null,null,null,null,"DEB "]
["H","N","IDF",null,377706,"BRIANSOULET","KEVIN",1991,69,"RUEIL ","F",35,-38,-38,35,50,55,60,60,95,-43,"DEB ",-35,{"$f":"IF(I309=\"\",\"\",IF(A309=\"H\",IF(OR(H309=\"SEN\",H309<1995),VLOOKUP(I309,Feuil1!$A$11:$F$29,6),IF(AND(H309>1994,H309<1998),VLOOKUP(I309,Feuil1!$A$11:$F$29,5),IF(AND(H309>1997,H309<2000),VLOOKUP(I309,Feuil1!$A$11:$F$29,4),IF(AND(H309>1999,H309<2002),VLOOKUP(I309,Feuil1!$A$11:$F$29,3),VLOOKUP(I309,Feuil1!$A$11:$F$29,2))))),IF(OR(H309=\"SEN\",H309<1995),VLOOKUP(I309,Feuil1!$G$11:$L$25,6),IF(AND(H309>1994,H309<1998),VLOOKUP(I309,Feuil1!$G$11:$L$25,5),IF(AND(H309>1997,H309<2000),VLOOKUP(I309,Feuil1!$G$11:$L$25,4),IF(AND(H309>1999,H309<2002),VLOOKUP(I309,Feuil1!$G$11:$L$25,3),VLOOKUP(I309,Feuil1!$G$11:$L$25,2)))))))","v":"S69"},127.79965758361249,null," ",{"$f":"T309-HLOOKUP(X309,Feuil1!$C$1:$BL$10,2,FALSE)","v":-35},{"$f":"T309-HLOOKUP(X309,Feuil1!$C$1:$BL$10,3,FALSE)","v":-55},{"$f":"T309-HLOOKUP(X309,Feuil1!$C$1:$BL$10,4,FALSE)","v":-75},{"$f":"T309-HLOOKUP(X309,Feuil1!$C$1:$BL$10,5,FALSE)","v":-95},{"$f":"T309-HLOOKUP(X309,Feuil1!$C$1:$BL$10,6,FALSE)","v":-125},{"$f":"T309-HLOOKUP(X309,Feuil1!$C$1:$BL$10,7,FALSE)","v":-145},{"$f":"T309-HLOOKUP(X309,Feuil1!$C$1:$BL$10,8,FALSE)","v":-165},{"$f":"T309-HLOOKUP(X309,Feuil1!$C$1:$BL$10,9,FALSE)","v":-180},{"$f":"T309-HLOOKUP(X309,Feuil1!$C$1:$BL$10,10,FALSE)","v":-195},null,null,null,null,null,null,"DEB "]
["H","SEST","RAL",null,21680,"HACHERELLE","Michel",1942,62.6,"Vaulx-en-Velin","F",30,35,37,37,40,45,50,50,87,-38.200000000000003,"DEB ",-43,{"$f":"IF(I310=\"\",\"\",IF(A310=\"H\",IF(OR(H310=\"SEN\",H310<1995),VLOOKUP(I310,Feuil1!$A$11:$F$29,6),IF(AND(H310>1994,H310<1998),VLOOKUP(I310,Feuil1!$A$11:$F$29,5),IF(AND(H310>1997,H310<2000),VLOOKUP(I310,Feuil1!$A$11:$F$29,4),IF(AND(H310>1999,H310<2002),VLOOKUP(I310,Feuil1!$A$11:$F$29,3),VLOOKUP(I310,Feuil1!$A$11:$F$29,2))))),IF(OR(H310=\"SEN\",H310<1995),VLOOKUP(I310,Feuil1!$G$11:$L$25,6),IF(AND(H310>1994,H310<1998),VLOOKUP(I310,Feuil1!$G$11:$L$25,5),IF(AND(H310>1997,H310<2000),VLOOKUP(I310,Feuil1!$G$11:$L$25,4),IF(AND(H310>1999,H310<2002),VLOOKUP(I310,Feuil1!$G$11:$L$25,3),VLOOKUP(I310,Feuil1!$G$11:$L$25,2)))))))","v":"S69"},124.9654651104087,null," ",{"$f":"T310-HLOOKUP(X310,Feuil1!$C$1:$BL$10,2,FALSE)","v":-43},{"$f":"T310-HLOOKUP(X310,Feuil1!$C$1:$BL$10,3,FALSE)","v":-63},{"$f":"T310-HLOOKUP(X310,Feuil1!$C$1:$BL$10,4,FALSE)","v":-83},{"$f":"T310-HLOOKUP(X310,Feuil1!$C$1:$BL$10,5,FALSE)","v":-103},{"$f":"T310-HLOOKUP(X310,Feuil1!$C$1:$BL$10,6,FALSE)","v":-133},{"$f":"T310-HLOOKUP(X310,Feuil1!$C$1:$BL$10,7,FALSE)","v":-153},{"$f":"T310-HLOOKUP(X310,Feuil1!$C$1:$BL$10,8,FALSE)","v":-173},{"$f":"T310-HLOOKUP(X310,Feuil1!$C$1:$BL$10,9,FALSE)","v":-188},{"$f":"T310-HLOOKUP(X310,Feuil1!$C$1:$BL$10,10,FALSE)","v":-203},null,null,null,null,null,null,"DEB "]
["H","SEST","CAZ",null,347617,"DURAND","Tom",1994,64.099999999999994,"HC Nice","F",35,37,-40,37,45,48,-52,48,85,-43.199999999999989,"DEB ",-45,{"$f":"IF(I311=\"\",\"\",IF(A311=\"H\",IF(OR(H311=\"SEN\",H311<1995),VLOOKUP(I311,Feuil1!$A$11:$F$29,6),IF(AND(H311>1994,H311<1998),VLOOKUP(I311,Feuil1!$A$11:$F$29,5),IF(AND(H311>1997,H311<2000),VLOOKUP(I311,Feuil1!$A$11:$F$29,4),IF(AND(H311>1999,H311<2002),VLOOKUP(I311,Feuil1!$A$11:$F$29,3),VLOOKUP(I311,Feuil1!$A$11:$F$29,2))))),IF(OR(H311=\"SEN\",H311<1995),VLOOKUP(I311,Feuil1!$G$11:$L$25,6),IF(AND(H311>1994,H311<1998),VLOOKUP(I311,Feuil1!$G$11:$L$25,5),IF(AND(H311>1997,H311<2000),VLOOKUP(I311,Feuil1!$G$11:$L$25,4),IF(AND(H311>1999,H311<2002),VLOOKUP(I311,Feuil1!$G$11:$L$25,3),VLOOKUP(I311,Feuil1!$G$11:$L$25,2)))))))","v":"S69"},120.0892341097011,null," ",{"$f":"T311-HLOOKUP(X311,Feuil1!$C$1:$BL$10,2,FALSE)","v":-45},{"$f":"T311-HLOOKUP(X311,Feuil1!$C$1:$BL$10,3,FALSE)","v":-65},{"$f":"T311-HLOOKUP(X311,Feuil1!$C$1:$BL$10,4,FALSE)","v":-85},{"$f":"T311-HLOOKUP(X311,Feuil1!$C$1:$BL$10,5,FALSE)","v":-105},{"$f":"T311-HLOOKUP(X311,Feuil1!$C$1:$BL$10,6,FALSE)","v":-135},{"$f":"T311-HLOOKUP(X311,Feuil1!$C$1:$BL$10,7,FALSE)","v":-155},{"$f":"T311-HLOOKUP(X311,Feuil1!$C$1:$BL$10,8,FALSE)","v":-175},{"$f":"T311-HLOOKUP(X311,Feuil1!$C$1:$BL$10,9,FALSE)","v":-190},{"$f":"T311-HLOOKUP(X311,Feuil1!$C$1:$BL$10,10,FALSE)","v":-205},null,null,null,null,null,null,"DEB "]
["H","ZCO","CEN",null,310054,"BARDET","Michel",1940,63.1,"US Tours","F",27,29,31,31,38,41," -",41,72,-54.2,"DEB ",-58,{"$f":"IF(I312=\"\",\"\",IF(A312=\"H\",IF(OR(H312=\"SEN\",H312<1995),VLOOKUP(I312,Feuil1!$A$11:$F$29,6),IF(AND(H312>1994,H312<1998),VLOOKUP(I312,Feuil1!$A$11:$F$29,5),IF(AND(H312>1997,H312<2000),VLOOKUP(I312,Feuil1!$A$11:$F$29,4),IF(AND(H312>1999,H312<2002),VLOOKUP(I312,Feuil1!$A$11:$F$29,3),VLOOKUP(I312,Feuil1!$A$11:$F$29,2))))),IF(OR(H312=\"SEN\",H312<1995),VLOOKUP(I312,Feuil1!$G$11:$L$25,6),IF(AND(H312>1994,H312<1998),VLOOKUP(I312,Feuil1!$G$11:$L$25,5),IF(AND(H312>1997,H312<2000),VLOOKUP(I312,Feuil1!$G$11:$L$25,4),IF(AND(H312>1999,H312<2002),VLOOKUP(I312,Feuil1!$G$11:$L$25,3),VLOOKUP(I312,Feuil1!$G$11:$L$25,2)))))))","v":"S69"},102.84196231284132,null," ",{"$f":"T312-HLOOKUP(X312,Feuil1!$C$1:$BL$10,2,FALSE)","v":-58},{"$f":"T312-HLOOKUP(X312,Feuil1!$C$1:$BL$10,3,FALSE)","v":-78},{"$f":"T312-HLOOKUP(X312,Feuil1!$C$1:$BL$10,4,FALSE)","v":-98},{"$f":"T312-HLOOKUP(X312,Feuil1!$C$1:$BL$10,5,FALSE)","v":-118},{"$f":"T312-HLOOKUP(X312,Feuil1!$C$1:$BL$10,6,FALSE)","v":-148},{"$f":"T312-HLOOKUP(X312,Feuil1!$C$1:$BL$10,7,FALSE)","v":-168},{"$f":"T312-HLOOKUP(X312,Feuil1!$C$1:$BL$10,8,FALSE)","v":-188},{"$f":"T312-HLOOKUP(X312,Feuil1!$C$1:$BL$10,9,FALSE)","v":-203},{"$f":"T312-HLOOKUP(X312,Feuil1!$C$1:$BL$10,10,FALSE)","v":-218},null,null,null,null,null,null,"DEB "]
["H","N","IDF",null,38239,"LAMARQUE","JEAN-MICHEL",1959,63.2,"NEUILLY","F",20,25,30,30,30,35,40,40,70,-56.400000000000006,"DEB ",-60,{"$f":"IF(I313=\"\",\"\",IF(A313=\"H\",IF(OR(H313=\"SEN\",H313<1995),VLOOKUP(I313,Feuil1!$A$11:$F$29,6),IF(AND(H313>1994,H313<1998),VLOOKUP(I313,Feuil1!$A$11:$F$29,5),IF(AND(H313>1997,H313<2000),VLOOKUP(I313,Feuil1!$A$11:$F$29,4),IF(AND(H313>1999,H313<2002),VLOOKUP(I313,Feuil1!$A$11:$F$29,3),VLOOKUP(I313,Feuil1!$A$11:$F$29,2))))),IF(OR(H313=\"SEN\",H313<1995),VLOOKUP(I313,Feuil1!$G$11:$L$25,6),IF(AND(H313>1994,H313<1998),VLOOKUP(I313,Feuil1!$G$11:$L$25,5),IF(AND(H313>1997,H313<2000),VLOOKUP(I313,Feuil1!$G$11:$L$25,4),IF(AND(H313>1999,H313<2002),VLOOKUP(I313,Feuil1!$G$11:$L$25,3),VLOOKUP(I313,Feuil1!$G$11:$L$25,2)))))))","v":"S69"},99.874333865112874,null," ",{"$f":"T313-HLOOKUP(X313,Feuil1!$C$1:$BL$10,2,FALSE)","v":-60},{"$f":"T313-HLOOKUP(X313,Feuil1!$C$1:$BL$10,3,FALSE)","v":-80},{"$f":"T313-HLOOKUP(X313,Feuil1!$C$1:$BL$10,4,FALSE)","v":-100},{"$f":"T313-HLOOKUP(X313,Feuil1!$C$1:$BL$10,5,FALSE)","v":-120},{"$f":"T313-HLOOKUP(X313,Feuil1!$C$1:$BL$10,6,FALSE)","v":-150},{"$f":"T313-HLOOKUP(X313,Feuil1!$C$1:$BL$10,7,FALSE)","v":-170},{"$f":"T313-HLOOKUP(X313,Feuil1!$C$1:$BL$10,8,FALSE)","v":-190},{"$f":"T313-HLOOKUP(X313,Feuil1!$C$1:$BL$10,9,FALSE)","v":-205},{"$f":"T313-HLOOKUP(X313,Feuil1!$C$1:$BL$10,10,FALSE)","v":-220},null,null,null,null,null,null,"DEB "]
["H","SO","MPY",null,252648,"FAU ","Camille",1991,64,"FIGEAC HC","F",16,18,20,20,20,22,24,24,44,-84,"DEB ",-86,{"$f":"IF(I314=\"\",\"\",IF(A314=\"H\",IF(OR(H314=\"SEN\",H314<1995),VLOOKUP(I314,Feuil1!$A$11:$F$29,6),IF(AND(H314>1994,H314<1998),VLOOKUP(I314,Feuil1!$A$11:$F$29,5),IF(AND(H314>1997,H314<2000),VLOOKUP(I314,Feuil1!$A$11:$F$29,4),IF(AND(H314>1999,H314<2002),VLOOKUP(I314,Feuil1!$A$11:$F$29,3),VLOOKUP(I314,Feuil1!$A$11:$F$29,2))))),IF(OR(H314=\"SEN\",H314<1995),VLOOKUP(I314,Feuil1!$G$11:$L$25,6),IF(AND(H314>1994,H314<1998),VLOOKUP(I314,Feuil1!$G$11:$L$25,5),IF(AND(H314>1997,H314<2000),VLOOKUP(I314,Feuil1!$G$11:$L$25,4),IF(AND(H314>1999,H314<2002),VLOOKUP(I314,Feuil1!$G$11:$L$25,3),VLOOKUP(I314,Feuil1!$G$11:$L$25,2)))))))","v":"S69"},62.230950610457633,null," ",{"$f":"T314-HLOOKUP(X314,Feuil1!$C$1:$BL$10,2,FALSE)","v":-86},{"$f":"T314-HLOOKUP(X314,Feuil1!$C$1:$BL$10,3,FALSE)","v":-106},{"$f":"T314-HLOOKUP(X314,Feuil1!$C$1:$BL$10,4,FALSE)","v":-126},{"$f":"T314-HLOOKUP(X314,Feuil1!$C$1:$BL$10,5,FALSE)","v":-146},{"$f":"T314-HLOOKUP(X314,Feuil1!$C$1:$BL$10,6,FALSE)","v":-176},{"$f":"T314-HLOOKUP(X314,Feuil1!$C$1:$BL$10,7,FALSE)","v":-196},{"$f":"T314-HLOOKUP(X314,Feuil1!$C$1:$BL$10,8,FALSE)","v":-216},{"$f":"T314-HLOOKUP(X314,Feuil1!$C$1:$BL$10,9,FALSE)","v":-231},{"$f":"T314-HLOOKUP(X314,Feuil1!$C$1:$BL$10,10,FALSE)","v":-246},null,null,null,null,null,null,"DEB "]
["H","SO","MPY",null,393493,"JEANPIERRE","Romain",1985,64.2,"TOULOUSE HC","F",-70,-70,-70,0,80,90,-100,90,0,-128.4,"DEB ",-130,{"$f":"IF(I315=\"\",\"\",IF(A315=\"H\",IF(OR(H315=\"SEN\",H315<1995),VLOOKUP(I315,Feuil1!$A$11:$F$29,6),IF(AND(H315>1994,H315<1998),VLOOKUP(I315,Feuil1!$A$11:$F$29,5),IF(AND(H315>1997,H315<2000),VLOOKUP(I315,Feuil1!$A$11:$F$29,4),IF(AND(H315>1999,H315<2002),VLOOKUP(I315,Feuil1!$A$11:$F$29,3),VLOOKUP(I315,Feuil1!$A$11:$F$29,2))))),IF(OR(H315=\"SEN\",H315<1995),VLOOKUP(I315,Feuil1!$G$11:$L$25,6),IF(AND(H315>1994,H315<1998),VLOOKUP(I315,Feuil1!$G$11:$L$25,5),IF(AND(H315>1997,H315<2000),VLOOKUP(I315,Feuil1!$G$11:$L$25,4),IF(AND(H315>1999,H315<2002),VLOOKUP(I315,Feuil1!$G$11:$L$25,3),VLOOKUP(I315,Feuil1!$G$11:$L$25,2)))))))","v":"S69"},0,null," ",{"$f":"T315-HLOOKUP(X315,Feuil1!$C$1:$BL$10,2,FALSE)","v":-130},{"$f":"T315-HLOOKUP(X315,Feuil1!$C$1:$BL$10,3,FALSE)","v":-150},{"$f":"T315-HLOOKUP(X315,Feuil1!$C$1:$BL$10,4,FALSE)","v":-170},{"$f":"T315-HLOOKUP(X315,Feuil1!$C$1:$BL$10,5,FALSE)","v":-190},{"$f":"T315-HLOOKUP(X315,Feuil1!$C$1:$BL$10,6,FALSE)","v":-220},{"$f":"T315-HLOOKUP(X315,Feuil1!$C$1:$BL$10,7,FALSE)","v":-240},{"$f":"T315-HLOOKUP(X315,Feuil1!$C$1:$BL$10,8,FALSE)","v":-260},{"$f":"T315-HLOOKUP(X315,Feuil1!$C$1:$BL$10,9,FALSE)","v":-275},{"$f":"T315-HLOOKUP(X315,Feuil1!$C$1:$BL$10,10,FALSE)","v":-290},null,null,null,null,null,null,"DEB "]
["H","DOM","REU",null,67019,"CUVELIER","ALAIN",1953,66.900000000000006,"TAN ROUGE","F",40,50,-60,50,-60,-60,-60,0,0,-133.80000000000001,"DEB ",-130,{"$f":"IF(I316=\"\",\"\",IF(A316=\"H\",IF(OR(H316=\"SEN\",H316<1995),VLOOKUP(I316,Feuil1!$A$11:$F$29,6),IF(AND(H316>1994,H316<1998),VLOOKUP(I316,Feuil1!$A$11:$F$29,5),IF(AND(H316>1997,H316<2000),VLOOKUP(I316,Feuil1!$A$11:$F$29,4),IF(AND(H316>1999,H316<2002),VLOOKUP(I316,Feuil1!$A$11:$F$29,3),VLOOKUP(I316,Feuil1!$A$11:$F$29,2))))),IF(OR(H316=\"SEN\",H316<1995),VLOOKUP(I316,Feuil1!$G$11:$L$25,6),IF(AND(H316>1994,H316<1998),VLOOKUP(I316,Feuil1!$G$11:$L$25,5),IF(AND(H316>1997,H316<2000),VLOOKUP(I316,Feuil1!$G$11:$L$25,4),IF(AND(H316>1999,H316<2002),VLOOKUP(I316,Feuil1!$G$11:$L$25,3),VLOOKUP(I316,Feuil1!$G$11:$L$25,2)))))))","v":"S69"},0,null," ",{"$f":"T316-HLOOKUP(X316,Feuil1!$C$1:$BL$10,2,FALSE)","v":-130},{"$f":"T316-HLOOKUP(X316,Feuil1!$C$1:$BL$10,3,FALSE)","v":-150},{"$f":"T316-HLOOKUP(X316,Feuil1!$C$1:$BL$10,4,FALSE)","v":-170},{"$f":"T316-HLOOKUP(X316,Feuil1!$C$1:$BL$10,5,FALSE)","v":-190},{"$f":"T316-HLOOKUP(X316,Feuil1!$C$1:$BL$10,6,FALSE)","v":-220},{"$f":"T316-HLOOKUP(X316,Feuil1!$C$1:$BL$10,7,FALSE)","v":-240},{"$f":"T316-HLOOKUP(X316,Feuil1!$C$1:$BL$10,8,FALSE)","v":-260},{"$f":"T316-HLOOKUP(X316,Feuil1!$C$1:$BL$10,9,FALSE)","v":-275},{"$f":"T316-HLOOKUP(X316,Feuil1!$C$1:$BL$10,10,FALSE)","v":-290},null,null,null,null,null,null,"DEB "]
[null,null,null,null,null,null,null,null,null,null,null,null,null,null,null,null,null,null,null,null,null,null,null,null,null,null," ",{"$f":"T317-HLOOKUP(X317,[1]Feuil1!$C$1:$BL$10,2,FALSE)","v":{"$error":"#N/A"}},{"$f":"T317-HLOOKUP(X317,[1]Feuil1!$C$1:$BL$10,3,FALSE)","v":{"$error":"#N/A"}},{"$f":"T317-HLOOKUP(X317,[1]Feuil1!$C$1:$BL$10,4,FALSE)","v":{"$error":"#N/A"}},{"$f":"T317-HLOOKUP(X317,[1]Feuil1!$C$1:$BL$10,5,FALSE)","v":{"$error":"#N/A"}},{"$f":"T317-HLOOKUP(X317,[1]Feuil1!$C$1:$BL$10,6,FALSE)","v":{"$error":"#N/A"}},{"$f":"T317-HLOOKUP(X317,[1]Feuil1!$C$1:$BL$10,7,FALSE)","v":{"$error":"#N/A"}},{"$f":"T317-HLOOKUP(X317,[1]Feuil1!$C$1:$BL$10,8,FALSE)","v":{"$error":"#N/A"}},{"$f":"T317-HLOOKUP(X317,[1]Feuil1!$C$1:$BL$10,9,FALSE)","v":{"$error":"#N/A"}},{"$f":"T317-HLOOKUP(X317,[1]Feuil1!$C$1:$BL$10,10,FALSE)","v":{"$error":"#N/A"}},null,null,null,null,null,null,{"$f":"IF(AJ317>=0,$AJ$4,IF(AI317>=0,$AI$4,IF(AH317>=0,$AH$4,IF(AG317>=0,$AG$4,IF(AF317>=0,$AF$4,IF(AE317>=0,$AE$4,IF(AD317>=0,$AD$4,IF(AC317>=0,$AC$4,$AB$4))))))))","v":{"$error":"#N/A"}}]
["H","NE","FCO",1,122822,"KINGUE MATAM LEDOUX","Bernardin",1990,71.489999999999995,"LF Besançon","F",140,146,148,{"$f":"IF(H318=\"\",\"\",IF(MAXA(L318:N318)<=0,0,MAXA(L318:N318)))","v":148},172,182,-186,{"$f":"IF(H318=\"\",\"\",IF(MAXA(P318:R318)<=0,0,MAXA(P318:R318)))","v":182},{"$f":"IF(H318=\"\",\"\",IF(OR(O318=0,S318=0),0,O318+S318))","v":330},{"$f":"T318-I318*2","v":187.02},{"$f":"IF(H318=\"\",\"\",AQ318)","v":"OLY +"},{"$f":"IF(AJ318>=0,AJ318,IF(AI318>=0,AI318,IF(AH318>=0,AH318,IF(AG318>=0,AG318,IF(AF318>=0,AF318,IF(AE318>=0,AE318,IF(AD318>=0,AD318,IF(AC318>=0,AC318,AB318))))))))","v":10},{"$f":"IF(I318=\"\",\"\",IF(A318=\"H\",IF(OR(H318=\"SEN\",H318<1995),VLOOKUP(I318,Feuil1!$A$11:$F$29,6),IF(AND(H318>1994,H318<1998),VLOOKUP(I318,Feuil1!$A$11:$F$29,5),IF(AND(H318>1997,H318<2000),VLOOKUP(I318,Feuil1!$A$11:$F$29,4),IF(AND(H318>1999,H318<2002),VLOOKUP(I318,Feuil1!$A$11:$F$29,3),VLOOKUP(I318,Feuil1!$A$11:$F$29,2))))),IF(OR(H318=\"SEN\",H318<1995),VLOOKUP(I318,Feuil1!$G$11:$L$25,6),IF(AND(H318>1994,H318<1998),VLOOKUP(I318,Feuil1!$G$11:$L$25,5),IF(AND(H318>1997,H318<2000),VLOOKUP(I318,Feuil1!$G$11:$L$25,4),IF(AND(H318>1999,H318<2002),VLOOKUP(I318,Feuil1!$G$11:$L$25,3),VLOOKUP(I318,Feuil1!$G$11:$L$25,2)))))))","v":"S77"},{"$f":"IF(I318=\"\",\"\",IF(A318=\"H\",10^(0.794358141*LOG(I318/174.393)^2)*T318,IF(A318=\"F\",10^(0.89726074*LOG(I318/148.026)^2)*T318,\"\")))","v":434.16887695145971},null," ",{"$f":"T318-HLOOKUP(X318,Feuil1!$C$1:$BL$10,2,FALSE)","v":180},{"$f":"T318-HLOOKUP(X318,Feuil1!$C$1:$BL$10,3,FALSE)","v":160},{"$f":"T318-HLOOKUP(X318,Feuil1!$C$1:$BL$10,4,FALSE)","v":140},{"$f":"T318-HLOOKUP(X318,Feuil1!$C$1:$BL$10,5,FALSE)","v":120},{"$f":"T318-HLOOKUP(X318,Feuil1!$C$1:$BL$10,6,FALSE)","v":90},{"$f":"T318-HLOOKUP(X318,Feuil1!$C$1:$BL$10,7,FALSE)","v":65},{"$f":"T318-HLOOKUP(X318,Feuil1!$C$1:$BL$10,8,FALSE)","v":45},{"$f":"T318-HLOOKUP(X318,Feuil1!$C$1:$BL$10,9,FALSE)","v":25},{"$f":"T318-HLOOKUP(X318,Feuil1!$C$1:$BL$10,10,FALSE)","v":10},null,null,null,null,null,null,{"$f":"IF(AJ318>=0,$AJ$4,IF(AI318>=0,$AI$4,IF(AH318>=0,$AH$4,IF(AG318>=0,$AG$4,IF(AF318>=0,$AF$4,IF(AE318>=0,$AE$4,IF(AD318>=0,$AD$4,IF(AC318>=0,$AC$4,$AB$4))))))))","v":"OLY +"}]
["H","NE","FCO",2,94944,"LEPAUL","Emmanuel",1991,76.75,"CH Luxeuil","F",127,132,-135,132,-163,168,-173,168,300,146.5,"INTB +",15,{"$f":"IF(I319=\"\",\"\",IF(A319=\"H\",IF(OR(H319=\"SEN\",H319<1995),VLOOKUP(I319,Feuil1!$A$11:$F$29,6),IF(AND(H319>1994,H319<1998),VLOOKUP(I319,Feuil1!$A$11:$F$29,5),IF(AND(H319>1997,H319<2000),VLOOKUP(I319,Feuil1!$A$11:$F$29,4),IF(AND(H319>1999,H319<2002),VLOOKUP(I319,Feuil1!$A$11:$F$29,3),VLOOKUP(I319,Feuil1!$A$11:$F$29,2))))),IF(OR(H319=\"SEN\",H319<1995),VLOOKUP(I319,Feuil1!$G$11:$L$25,6),IF(AND(H319>1994,H319<1998),VLOOKUP(I319,Feuil1!$G$11:$L$25,5),IF(AND(H319>1997,H319<2000),VLOOKUP(I319,Feuil1!$G$11:$L$25,4),IF(AND(H319>1999,H319<2002),VLOOKUP(I319,Feuil1!$G$11:$L$25,3),VLOOKUP(I319,Feuil1!$G$11:$L$25,2)))))))","v":"S77"},378.48622468234453,null," ",{"$f":"T319-HLOOKUP(X319,Feuil1!$C$1:$BL$10,2,FALSE)","v":150},{"$f":"T319-HLOOKUP(X319,Feuil1!$C$1:$BL$10,3,FALSE)","v":130},{"$f":"T319-HLOOKUP(X319,Feuil1!$C$1:$BL$10,4,FALSE)","v":110},{"$f":"T319-HLOOKUP(X319,Feuil1!$C$1:$BL$10,5,FALSE)","v":90},{"$f":"T319-HLOOKUP(X319,Feuil1!$C$1:$BL$10,6,FALSE)","v":60},{"$f":"T319-HLOOKUP(X319,Feuil1!$C$1:$BL$10,7,FALSE)","v":35},{"$f":"T319-HLOOKUP(X319,Feuil1!$C$1:$BL$10,8,FALSE)","v":15},{"$f":"T319-HLOOKUP(X319,Feuil1!$C$1:$BL$10,9,FALSE)","v":-5},{"$f":"T319-HLOOKUP(X319,Feuil1!$C$1:$BL$10,10,FALSE)","v":-20},null,null,null,null,null,null,"INTB +"]
["H","SEST","LAN ",3,14585,"AUCOUTURIER","Yann",1986,72,"Clermont Sports","F",125,-130,130,130,155,160,165,165,295,151,"INTB +",10,{"$f":"IF(I320=\"\",\"\",IF(A320=\"H\",IF(OR(H320=\"SEN\",H320<1995),VLOOKUP(I320,Feuil1!$A$11:$F$29,6),IF(AND(H320>1994,H320<1998),VLOOKUP(I320,Feuil1!$A$11:$F$29,5),IF(AND(H320>1997,H320<2000),VLOOKUP(I320,Feuil1!$A$11:$F$29,4),IF(AND(H320>1999,H320<2002),VLOOKUP(I320,Feuil1!$A$11:$F$29,3),VLOOKUP(I320,Feuil1!$A$11:$F$29,2))))),IF(OR(H320=\"SEN\",H320<1995),VLOOKUP(I320,Feuil1!$G$11:$L$25,6),IF(AND(H320>1994,H320<1998),VLOOKUP(I320,Feuil1!$G$11:$L$25,5),IF(AND(H320>1997,H320<2000),VLOOKUP(I320,Feuil1!$G$11:$L$25,4),IF(AND(H320>1999,H320<2002),VLOOKUP(I320,Feuil1!$G$11:$L$25,3),VLOOKUP(I320,Feuil1!$G$11:$L$25,2)))))))","v":"S77"},386.4335554488664,null," ",{"$f":"T320-HLOOKUP(X320,Feuil1!$C$1:$BL$10,2,FALSE)","v":145},{"$f":"T320-HLOOKUP(X320,Feuil1!$C$1:$BL$10,3,FALSE)","v":125},{"$f":"T320-HLOOKUP(X320,Feuil1!$C$1:$BL$10,4,FALSE)","v":105},{"$f":"T320-HLOOKUP(X320,Feuil1!$C$1:$BL$10,5,FALSE)","v":85},{"$f":"T320-HLOOKUP(X320,Feuil1!$C$1:$BL$10,6,FALSE)","v":55},{"$f":"T320-HLOOKUP(X320,Feuil1!$C$1:$BL$10,7,FALSE)","v":30},{"$f":"T320-HLOOKUP(X320,Feuil1!$C$1:$BL$10,8,FALSE)","v":10},{"$f":"T320-HLOOKUP(X320,Feuil1!$C$1:$BL$10,9,FALSE)","v":-10},{"$f":"T320-HLOOKUP(X320,Feuil1!$C$1:$BL$10,10,FALSE)","v":-25},null,null,null,null,null,null,"INTB +"]
["H","NE","BOU",4,374375,"YANOU KETCHANKE","Jean Baptiste",1993,75.599999999999994,"HMDB21","cam",-130,130,-131,130,160,165,0,165,295,143.80000000000001,"INTB +",10,{"$f":"IF(I321=\"\",\"\",IF(A321=\"H\",IF(OR(H321=\"SEN\",H321<1995),VLOOKUP(I321,Feuil1!$A$11:$F$29,6),IF(AND(H321>1994,H321<1998),VLOOKUP(I321,Feuil1!$A$11:$F$29,5),IF(AND(H321>1997,H321<2000),VLOOKUP(I321,Feuil1!$A$11:$F$29,4),IF(AND(H321>1999,H321<2002),VLOOKUP(I321,Feuil1!$A$11:$F$29,3),VLOOKUP(I321,Feuil1!$A$11:$F$29,2))))),IF(OR(H321=\"SEN\",H321<1995),VLOOKUP(I321,Feuil1!$G$11:$L$25,6),IF(AND(H321>1994,H321<1998),VLOOKUP(I321,Feuil1!$G$11:$L$25,5),IF(AND(H321>1997,H321<2000),VLOOKUP(I321,Feuil1!$G$11:$L$25,4),IF(AND(H321>1999,H321<2002),VLOOKUP(I321,Feuil1!$G$11:$L$25,3),VLOOKUP(I321,Feuil1!$G$11:$L$25,2)))))))","v":"S77"},375.40320566280127,null," ",{"$f":"T321-HLOOKUP(X321,Feuil1!$C$1:$BL$10,2,FALSE)","v":145},{"$f":"T321-HLOOKUP(X321,Feuil1!$C$1:$BL$10,3,FALSE)","v":125},{"$f":"T321-HLOOKUP(X321,Feuil1!$C$1:$BL$10,4,FALSE)","v":105},{"$f":"T321-HLOOKUP(X321,Feuil1!$C$1:$BL$10,5,FALSE)","v":85},{"$f":"T321-HLOOKUP(X321,Feuil1!$C$1:$BL$10,6,FALSE)","v":55},{"$f":"T321-HLOOKUP(X321,Feuil1!$C$1:$BL$10,7,FALSE)","v":30},{"$f":"T321-HLOOKUP(X321,Feuil1!$C$1:$BL$10,8,FALSE)","v":10},{"$f":"T321-HLOOKUP(X321,Feuil1!$C$1:$BL$10,9,FALSE)","v":-10},{"$f":"T321-HLOOKUP(X321,Feuil1!$C$1:$BL$10,10,FALSE)","v":-25},null,null,null,null,null,null,"INTB +"]
["H","ZCO","BRE",5,80728,"ISRAEL","Joachim",1987,75.95,"AL Quimper","F",-126,126,130,130,145,151,155,155,285,133.1,"INTB +",0,{"$f":"IF(I322=\"\",\"\",IF(A322=\"H\",IF(OR(H322=\"SEN\",H322<1995),VLOOKUP(I322,Feuil1!$A$11:$F$29,6),IF(AND(H322>1994,H322<1998),VLOOKUP(I322,Feuil1!$A$11:$F$29,5),IF(AND(H322>1997,H322<2000),VLOOKUP(I322,Feuil1!$A$11:$F$29,4),IF(AND(H322>1999,H322<2002),VLOOKUP(I322,Feuil1!$A$11:$F$29,3),VLOOKUP(I322,Feuil1!$A$11:$F$29,2))))),IF(OR(H322=\"SEN\",H322<1995),VLOOKUP(I322,Feuil1!$G$11:$L$25,6),IF(AND(H322>1994,H322<1998),VLOOKUP(I322,Feuil1!$G$11:$L$25,5),IF(AND(H322>1997,H322<2000),VLOOKUP(I322,Feuil1!$G$11:$L$25,4),IF(AND(H322>1999,H322<2002),VLOOKUP(I322,Feuil1!$G$11:$L$25,3),VLOOKUP(I322,Feuil1!$G$11:$L$25,2)))))))","v":"S77"},361.71551391098762,null," ",{"$f":"T322-HLOOKUP(X322,Feuil1!$C$1:$BL$10,2,FALSE)","v":135},{"$f":"T322-HLOOKUP(X322,Feuil1!$C$1:$BL$10,3,FALSE)","v":115},{"$f":"T322-HLOOKUP(X322,Feuil1!$C$1:$BL$10,4,FALSE)","v":95},{"$f":"T322-HLOOKUP(X322,Feuil1!$C$1:$BL$10,5,FALSE)","v":75},{"$f":"T322-HLOOKUP(X322,Feuil1!$C$1:$BL$10,6,FALSE)","v":45},{"$f":"T322-HLOOKUP(X322,Feuil1!$C$1:$BL$10,7,FALSE)","v":20},{"$f":"T322-HLOOKUP(X322,Feuil1!$C$1:$BL$10,8,FALSE)","v":0},{"$f":"T322-HLOOKUP(X322,Feuil1!$C$1:$BL$10,9,FALSE)","v":-20},{"$f":"T322-HLOOKUP(X322,Feuil1!$C$1:$BL$10,10,FALSE)","v":-35},null,null,null,null,null,null,"INTB +"]
["H","N","IDF",6,326797,"MINCHEV","DIAN",1983,70.900000000000006,"FRANCONVILLE","Bul",110,117,122,122,145,152,160,160,282,140.19999999999999,"NAT +",17,{"$f":"IF(I323=\"\",\"\",IF(A323=\"H\",IF(OR(H323=\"SEN\",H323<1995),VLOOKUP(I323,Feuil1!$A$11:$F$29,6),IF(AND(H323>1994,H323<1998),VLOOKUP(I323,Feuil1!$A$11:$F$29,5),IF(AND(H323>1997,H323<2000),VLOOKUP(I323,Feuil1!$A$11:$F$29,4),IF(AND(H323>1999,H323<2002),VLOOKUP(I323,Feuil1!$A$11:$F$29,3),VLOOKUP(I323,Feuil1!$A$11:$F$29,2))))),IF(OR(H323=\"SEN\",H323<1995),VLOOKUP(I323,Feuil1!$G$11:$L$25,6),IF(AND(H323>1994,H323<1998),VLOOKUP(I323,Feuil1!$G$11:$L$25,5),IF(AND(H323>1997,H323<2000),VLOOKUP(I323,Feuil1!$G$11:$L$25,4),IF(AND(H323>1999,H323<2002),VLOOKUP(I323,Feuil1!$G$11:$L$25,3),VLOOKUP(I323,Feuil1!$G$11:$L$25,2)))))))","v":"S77"},372.92250373901908,null," ",{"$f":"T323-HLOOKUP(X323,Feuil1!$C$1:$BL$10,2,FALSE)","v":132},{"$f":"T323-HLOOKUP(X323,Feuil1!$C$1:$BL$10,3,FALSE)","v":112},{"$f":"T323-HLOOKUP(X323,Feuil1!$C$1:$BL$10,4,FALSE)","v":92},{"$f":"T323-HLOOKUP(X323,Feuil1!$C$1:$BL$10,5,FALSE)","v":72},{"$f":"T323-HLOOKUP(X323,Feuil1!$C$1:$BL$10,6,FALSE)","v":42},{"$f":"T323-HLOOKUP(X323,Feuil1!$C$1:$BL$10,7,FALSE)","v":17},{"$f":"T323-HLOOKUP(X323,Feuil1!$C$1:$BL$10,8,FALSE)","v":-3},{"$f":"T323-HLOOKUP(X323,Feuil1!$C$1:$BL$10,9,FALSE)","v":-23},{"$f":"T323-HLOOKUP(X323,Feuil1!$C$1:$BL$10,10,FALSE)","v":-38},null,null,null,null,null,null,"NAT +"]
["H","ZCO","CEN",7,374125,"FIKRETOV","Mehmed",1986,74.400000000000006,"CM Orléans","Bul",115,118,120,120,155,-160,-160,155,275,126.19999999999999,"NAT +",10,{"$f":"IF(I324=\"\",\"\",IF(A324=\"H\",IF(OR(H324=\"SEN\",H324<1995),VLOOKUP(I324,Feuil1!$A$11:$F$29,6),IF(AND(H324>1994,H324<1998),VLOOKUP(I324,Feuil1!$A$11:$F$29,5),IF(AND(H324>1997,H324<2000),VLOOKUP(I324,Feuil1!$A$11:$F$29,4),IF(AND(H324>1999,H324<2002),VLOOKUP(I324,Feuil1!$A$11:$F$29,3),VLOOKUP(I324,Feuil1!$A$11:$F$29,2))))),IF(OR(H324=\"SEN\",H324<1995),VLOOKUP(I324,Feuil1!$G$11:$L$25,6),IF(AND(H324>1994,H324<1998),VLOOKUP(I324,Feuil1!$G$11:$L$25,5),IF(AND(H324>1997,H324<2000),VLOOKUP(I324,Feuil1!$G$11:$L$25,4),IF(AND(H324>1999,H324<2002),VLOOKUP(I324,Feuil1!$G$11:$L$25,3),VLOOKUP(I324,Feuil1!$G$11:$L$25,2)))))))","v":"S77"},353.22751586612662,null," ",{"$f":"T324-HLOOKUP(X324,Feuil1!$C$1:$BL$10,2,FALSE)","v":125},{"$f":"T324-HLOOKUP(X324,Feuil1!$C$1:$BL$10,3,FALSE)","v":105},{"$f":"T324-HLOOKUP(X324,Feuil1!$C$1:$BL$10,4,FALSE)","v":85},{"$f":"T324-HLOOKUP(X324,Feuil1!$C$1:$BL$10,5,FALSE)","v":65},{"$f":"T324-HLOOKUP(X324,Feuil1!$C$1:$BL$10,6,FALSE)","v":35},{"$f":"T324-HLOOKUP(X324,Feuil1!$C$1:$BL$10,7,FALSE)","v":10},{"$f":"T324-HLOOKUP(X324,Feuil1!$C$1:$BL$10,8,FALSE)","v":-10},{"$f":"T324-HLOOKUP(X324,Feuil1!$C$1:$BL$10,9,FALSE)","v":-30},{"$f":"T324-HLOOKUP(X324,Feuil1!$C$1:$BL$10,10,FALSE)","v":-45},null,null,null,null,null,null,"NAT +"]
["H","NE","CHA",8,106238,"DIJOUX","Romain",1989,76.55,"Reims HM","F",116,120,122,122,150,-154,-155,150,272,118.9,"NAT +",7,{"$f":"IF(I325=\"\",\"\",IF(A325=\"H\",IF(OR(H325=\"SEN\",H325<1995),VLOOKUP(I325,Feuil1!$A$11:$F$29,6),IF(AND(H325>1994,H325<1998),VLOOKUP(I325,Feuil1!$A$11:$F$29,5),IF(AND(H325>1997,H325<2000),VLOOKUP(I325,Feuil1!$A$11:$F$29,4),IF(AND(H325>1999,H325<2002),VLOOKUP(I325,Feuil1!$A$11:$F$29,3),VLOOKUP(I325,Feuil1!$A$11:$F$29,2))))),IF(OR(H325=\"SEN\",H325<1995),VLOOKUP(I325,Feuil1!$G$11:$L$25,6),IF(AND(H325>1994,H325<1998),VLOOKUP(I325,Feuil1!$G$11:$L$25,5),IF(AND(H325>1997,H325<2000),VLOOKUP(I325,Feuil1!$G$11:$L$25,4),IF(AND(H325>1999,H325<2002),VLOOKUP(I325,Feuil1!$G$11:$L$25,3),VLOOKUP(I325,Feuil1!$G$11:$L$25,2)))))))","v":"S77"},343.6690883193545,null," ",{"$f":"T325-HLOOKUP(X325,Feuil1!$C$1:$BL$10,2,FALSE)","v":122},{"$f":"T325-HLOOKUP(X325,Feuil1!$C$1:$BL$10,3,FALSE)","v":102},{"$f":"T325-HLOOKUP(X325,Feuil1!$C$1:$BL$10,4,FALSE)","v":82},{"$f":"T325-HLOOKUP(X325,Feuil1!$C$1:$BL$10,5,FALSE)","v":62},{"$f":"T325-HLOOKUP(X325,Feuil1!$C$1:$BL$10,6,FALSE)","v":32},{"$f":"T325-HLOOKUP(X325,Feuil1!$C$1:$BL$10,7,FALSE)","v":7},{"$f":"T325-HLOOKUP(X325,Feuil1!$C$1:$BL$10,8,FALSE)","v":-13},{"$f":"T325-HLOOKUP(X325,Feuil1!$C$1:$BL$10,9,FALSE)","v":-33},{"$f":"T325-HLOOKUP(X325,Feuil1!$C$1:$BL$10,10,FALSE)","v":-48},null,null,null,null,null,null,"NAT +"]
["H","NORD","NPC",9,211179,"BUYSSCHAERT","Nathan",1994,71.099999999999994,"CHCD COMINES","F",-116,116,123,123,142,-148,148,148,271,128.80000000000001,"NAT +",6,{"$f":"IF(I326=\"\",\"\",IF(A326=\"H\",IF(OR(H326=\"SEN\",H326<1995),VLOOKUP(I326,Feuil1!$A$11:$F$29,6),IF(AND(H326>1994,H326<1998),VLOOKUP(I326,Feuil1!$A$11:$F$29,5),IF(AND(H326>1997,H326<2000),VLOOKUP(I326,Feuil1!$A$11:$F$29,4),IF(AND(H326>1999,H326<2002),VLOOKUP(I326,Feuil1!$A$11:$F$29,3),VLOOKUP(I326,Feuil1!$A$11:$F$29,2))))),IF(OR(H326=\"SEN\",H326<1995),VLOOKUP(I326,Feuil1!$G$11:$L$25,6),IF(AND(H326>1994,H326<1998),VLOOKUP(I326,Feuil1!$G$11:$L$25,5),IF(AND(H326>1997,H326<2000),VLOOKUP(I326,Feuil1!$G$11:$L$25,4),IF(AND(H326>1999,H326<2002),VLOOKUP(I326,Feuil1!$G$11:$L$25,3),VLOOKUP(I326,Feuil1!$G$11:$L$25,2)))))))","v":"S77"},357.75050084021188,null," ",{"$f":"T326-HLOOKUP(X326,Feuil1!$C$1:$BL$10,2,FALSE)","v":121},{"$f":"T326-HLOOKUP(X326,Feuil1!$C$1:$BL$10,3,FALSE)","v":101},{"$f":"T326-HLOOKUP(X326,Feuil1!$C$1:$BL$10,4,FALSE)","v":81},{"$f":"T326-HLOOKUP(X326,Feuil1!$C$1:$BL$10,5,FALSE)","v":61},{"$f":"T326-HLOOKUP(X326,Feuil1!$C$1:$BL$10,6,FALSE)","v":31},{"$f":"T326-HLOOKUP(X326,Feuil1!$C$1:$BL$10,7,FALSE)","v":6},{"$f":"T326-HLOOKUP(X326,Feuil1!$C$1:$BL$10,8,FALSE)","v":-14},{"$f":"T326-HLOOKUP(X326,Feuil1!$C$1:$BL$10,9,FALSE)","v":-34},{"$f":"T326-HLOOKUP(X326,Feuil1!$C$1:$BL$10,10,FALSE)","v":-49},null,null,null,null,null,null,"NAT +"]
["H","N","IDF",10,375896,"MINCHEV","Zlatko",1993,71.599999999999994,"FRANCONVILLE","Bul",110,120,125,125,140,-147,-148,140,265,121.80000000000001,"NAT +",0,{"$f":"IF(I327=\"\",\"\",IF(A327=\"H\",IF(OR(H327=\"SEN\",H327<1995),VLOOKUP(I327,Feuil1!$A$11:$F$29,6),IF(AND(H327>1994,H327<1998),VLOOKUP(I327,Feuil1!$A$11:$F$29,5),IF(AND(H327>1997,H327<2000),VLOOKUP(I327,Feuil1!$A$11:$F$29,4),IF(AND(H327>1999,H327<2002),VLOOKUP(I327,Feuil1!$A$11:$F$29,3),VLOOKUP(I327,Feuil1!$A$11:$F$29,2))))),IF(OR(H327=\"SEN\",H327<1995),VLOOKUP(I327,Feuil1!$G$11:$L$25,6),IF(AND(H327>1994,H327<1998),VLOOKUP(I327,Feuil1!$G$11:$L$25,5),IF(AND(H327>1997,H327<2000),VLOOKUP(I327,Feuil1!$G$11:$L$25,4),IF(AND(H327>1999,H327<2002),VLOOKUP(I327,Feuil1!$G$11:$L$25,3),VLOOKUP(I327,Feuil1!$G$11:$L$25,2)))))))","v":"S77"},348.32138275754619,null," ",{"$f":"T327-HLOOKUP(X327,Feuil1!$C$1:$BL$10,2,FALSE)","v":115},{"$f":"T327-HLOOKUP(X327,Feuil1!$C$1:$BL$10,3,FALSE)","v":95},{"$f":"T327-HLOOKUP(X327,Feuil1!$C$1:$BL$10,4,FALSE)","v":75},{"$f":"T327-HLOOKUP(X327,Feuil1!$C$1:$BL$10,5,FALSE)","v":55},{"$f":"T327-HLOOKUP(X327,Feuil1!$C$1:$BL$10,6,FALSE)","v":25},{"$f":"T327-HLOOKUP(X327,Feuil1!$C$1:$BL$10,7,FALSE)","v":0},{"$f":"T327-HLOOKUP(X327,Feuil1!$C$1:$BL$10,8,FALSE)","v":-20},{"$f":"T327-HLOOKUP(X327,Feuil1!$C$1:$BL$10,9,FALSE)","v":-40},{"$f":"T327-HLOOKUP(X327,Feuil1!$C$1:$BL$10,10,FALSE)","v":-55},null,null,null,null,null,null,"NAT +"]
["H","SO","AQU",11,32461,"DABAYA","VENCELAS",1981,74.3,"ST MEDARD","F",110,115,120,120,130,140,145,145,265,116.4,"NAT +",0,{"$f":"IF(I328=\"\",\"\",IF(A328=\"H\",IF(OR(H328=\"SEN\",H328<1995),VLOOKUP(I328,Feuil1!$A$11:$F$29,6),IF(AND(H328>1994,H328<1998),VLOOKUP(I328,Feuil1!$A$11:$F$29,5),IF(AND(H328>1997,H328<2000),VLOOKUP(I328,Feuil1!$A$11:$F$29,4),IF(AND(H328>1999,H328<2002),VLOOKUP(I328,Feuil1!$A$11:$F$29,3),VLOOKUP(I328,Feuil1!$A$11:$F$29,2))))),IF(OR(H328=\"SEN\",H328<1995),VLOOKUP(I328,Feuil1!$G$11:$L$25,6),IF(AND(H328>1994,H328<1998),VLOOKUP(I328,Feuil1!$G$11:$L$25,5),IF(AND(H328>1997,H328<2000),VLOOKUP(I328,Feuil1!$G$11:$L$25,4),IF(AND(H328>1999,H328<2002),VLOOKUP(I328,Feuil1!$G$11:$L$25,3),VLOOKUP(I328,Feuil1!$G$11:$L$25,2)))))))","v":"S77"},340.65227910383459,null," ",{"$f":"T328-HLOOKUP(X328,Feuil1!$C$1:$BL$10,2,FALSE)","v":115},{"$f":"T328-HLOOKUP(X328,Feuil1!$C$1:$BL$10,3,FALSE)","v":95},{"$f":"T328-HLOOKUP(X328,Feuil1!$C$1:$BL$10,4,FALSE)","v":75},{"$f":"T328-HLOOKUP(X328,Feuil1!$C$1:$BL$10,5,FALSE)","v":55},{"$f":"T328-HLOOKUP(X328,Feuil1!$C$1:$BL$10,6,FALSE)","v":25},{"$f":"T328-HLOOKUP(X328,Feuil1!$C$1:$BL$10,7,FALSE)","v":0},{"$f":"T328-HLOOKUP(X328,Feuil1!$C$1:$BL$10,8,FALSE)","v":-20},{"$f":"T328-HLOOKUP(X328,Feuil1!$C$1:$BL$10,9,FALSE)","v":-40},{"$f":"T328-HLOOKUP(X328,Feuil1!$C$1:$BL$10,10,FALSE)","v":-55},null,null,null,null,null,null,"NAT +"]
["H","NORD","NPC",12,384045,"DEYKOV","Yordan",1982,75.599999999999994,"CHCD COMINES","BUL",-110,110,115,115,140,145,150,150,265,113.80000000000001,"NAT +",0,{"$f":"IF(I329=\"\",\"\",IF(A329=\"H\",IF(OR(H329=\"SEN\",H329<1995),VLOOKUP(I329,Feuil1!$A$11:$F$29,6),IF(AND(H329>1994,H329<1998),VLOOKUP(I329,Feuil1!$A$11:$F$29,5),IF(AND(H329>1997,H329<2000),VLOOKUP(I329,Feuil1!$A$11:$F$29,4),IF(AND(H329>1999,H329<2002),VLOOKUP(I329,Feuil1!$A$11:$F$29,3),VLOOKUP(I329,Feuil1!$A$11:$F$29,2))))),IF(OR(H329=\"SEN\",H329<1995),VLOOKUP(I329,Feuil1!$G$11:$L$25,6),IF(AND(H329>1994,H329<1998),VLOOKUP(I329,Feuil1!$G$11:$L$25,5),IF(AND(H329>1997,H329<2000),VLOOKUP(I329,Feuil1!$G$11:$L$25,4),IF(AND(H329>1999,H329<2002),VLOOKUP(I329,Feuil1!$G$11:$L$25,3),VLOOKUP(I329,Feuil1!$G$11:$L$25,2)))))))","v":"S77"},337.22660847675365,null," ",{"$f":"T329-HLOOKUP(X329,Feuil1!$C$1:$BL$10,2,FALSE)","v":115},{"$f":"T329-HLOOKUP(X329,Feuil1!$C$1:$BL$10,3,FALSE)","v":95},{"$f":"T329-HLOOKUP(X329,Feuil1!$C$1:$BL$10,4,FALSE)","v":75},{"$f":"T329-HLOOKUP(X329,Feuil1!$C$1:$BL$10,5,FALSE)","v":55},{"$f":"T329-HLOOKUP(X329,Feuil1!$C$1:$BL$10,6,FALSE)","v":25},{"$f":"T329-HLOOKUP(X329,Feuil1!$C$1:$BL$10,7,FALSE)","v":0},{"$f":"T329-HLOOKUP(X329,Feuil1!$C$1:$BL$10,8,FALSE)","v":-20},{"$f":"T329-HLOOKUP(X329,Feuil1!$C$1:$BL$10,9,FALSE)","v":-40},{"$f":"T329-HLOOKUP(X329,Feuil1!$C$1:$BL$10,10,FALSE)","v":-55},null,null,null,null,null,null,"NAT +"]
["H","NORD","PIC",13,6506,"BRASSART","Aurélien",1977,76.25,"Villers-Bretonneux KC","F",115,120,122,122,135,143,"-",143,265,112.5,"NAT +",0,{"$f":"IF(I330=\"\",\"\",IF(A330=\"H\",IF(OR(H330=\"SEN\",H330<1995),VLOOKUP(I330,Feuil1!$A$11:$F$29,6),IF(AND(H330>1994,H330<1998),VLOOKUP(I330,Feuil1!$A$11:$F$29,5),IF(AND(H330>1997,H330<2000),VLOOKUP(I330,Feuil1!$A$11:$F$29,4),IF(AND(H330>1999,H330<2002),VLOOKUP(I330,Feuil1!$A$11:$F$29,3),VLOOKUP(I330,Feuil1!$A$11:$F$29,2))))),IF(OR(H330=\"SEN\",H330<1995),VLOOKUP(I330,Feuil1!$G$11:$L$25,6),IF(AND(H330>1994,H330<1998),VLOOKUP(I330,Feuil1!$G$11:$L$25,5),IF(AND(H330>1997,H330<2000),VLOOKUP(I330,Feuil1!$G$11:$L$25,4),IF(AND(H330>1999,H330<2002),VLOOKUP(I330,Feuil1!$G$11:$L$25,3),VLOOKUP(I330,Feuil1!$G$11:$L$25,2)))))))","v":"S77"},335.57419520388208,null," ",{"$f":"T330-HLOOKUP(X330,Feuil1!$C$1:$BL$10,2,FALSE)","v":115},{"$f":"T330-HLOOKUP(X330,Feuil1!$C$1:$BL$10,3,FALSE)","v":95},{"$f":"T330-HLOOKUP(X330,Feuil1!$C$1:$BL$10,4,FALSE)","v":75},{"$f":"T330-HLOOKUP(X330,Feuil1!$C$1:$BL$10,5,FALSE)","v":55},{"$f":"T330-HLOOKUP(X330,Feuil1!$C$1:$BL$10,6,FALSE)","v":25},{"$f":"T330-HLOOKUP(X330,Feuil1!$C$1:$BL$10,7,FALSE)","v":0},{"$f":"T330-HLOOKUP(X330,Feuil1!$C$1:$BL$10,8,FALSE)","v":-20},{"$f":"T330-HLOOKUP(X330,Feuil1!$C$1:$BL$10,9,FALSE)","v":-40},{"$f":"T330-HLOOKUP(X330,Feuil1!$C$1:$BL$10,10,FALSE)","v":-55},null,null,null,null,null,null,"NAT +"]
["H","SEST","PRO",14,652,"BAZIN","Anthony",1983,76.08,"HM STE TULLE","F",110,-113,113,113,142,-150,150,150,263,110.84,"FED +",23,{"$f":"IF(I331=\"\",\"\",IF(A331=\"H\",IF(OR(H331=\"SEN\",H331<1995),VLOOKUP(I331,Feuil1!$A$11:$F$29,6),IF(AND(H331>1994,H331<1998),VLOOKUP(I331,Feuil1!$A$11:$F$29,5),IF(AND(H331>1997,H331<2000),VLOOKUP(I331,Feuil1!$A$11:$F$29,4),IF(AND(H331>1999,H331<2002),VLOOKUP(I331,Feuil1!$A$11:$F$29,3),VLOOKUP(I331,Feuil1!$A$11:$F$29,2))))),IF(OR(H331=\"SEN\",H331<1995),VLOOKUP(I331,Feuil1!$G$11:$L$25,6),IF(AND(H331>1994,H331<1998),VLOOKUP(I331,Feuil1!$G$11:$L$25,5),IF(AND(H331>1997,H331<2000),VLOOKUP(I331,Feuil1!$G$11:$L$25,4),IF(AND(H331>1999,H331<2002),VLOOKUP(I331,Feuil1!$G$11:$L$25,3),VLOOKUP(I331,Feuil1!$G$11:$L$25,2)))))))","v":"S77"},333.46671263558659,null," ",{"$f":"T331-HLOOKUP(X331,Feuil1!$C$1:$BL$10,2,FALSE)","v":113},{"$f":"T331-HLOOKUP(X331,Feuil1!$C$1:$BL$10,3,FALSE)","v":93},{"$f":"T331-HLOOKUP(X331,Feuil1!$C$1:$BL$10,4,FALSE)","v":73},{"$f":"T331-HLOOKUP(X331,Feuil1!$C$1:$BL$10,5,FALSE)","v":53},{"$f":"T331-HLOOKUP(X331,Feuil1!$C$1:$BL$10,6,FALSE)","v":23},{"$f":"T331-HLOOKUP(X331,Feuil1!$C$1:$BL$10,7,FALSE)","v":-2},{"$f":"T331-HLOOKUP(X331,Feuil1!$C$1:$BL$10,8,FALSE)","v":-22},{"$f":"T331-HLOOKUP(X331,Feuil1!$C$1:$BL$10,9,FALSE)","v":-42},{"$f":"T331-HLOOKUP(X331,Feuil1!$C$1:$BL$10,10,FALSE)","v":-57},null,null,null,null,null,null,"FED +"]
["H","SEST","RAL",15,209228,"SARDARYAN","Gor",1992,75,"Vaulx-en-Velin","F",108,114,-118,114,135,140,145,145,259,109,"FED +",19,{"$f":"IF(I332=\"\",\"\",IF(A332=\"H\",IF(OR(H332=\"SEN\",H332<1995),VLOOKUP(I332,Feuil1!$A$11:$F$29,6),IF(AND(H332>1994,H332<1998),VLOOKUP(I332,Feuil1!$A$11:$F$29,5),IF(AND(H332>1997,H332<2000),VLOOKUP(I332,Feuil1!$A$11:$F$29,4),IF(AND(H332>1999,H332<2002),VLOOKUP(I332,Feuil1!$A$11:$F$29,3),VLOOKUP(I332,Feuil1!$A$11:$F$29,2))))),IF(OR(H332=\"SEN\",H332<1995),VLOOKUP(I332,Feuil1!$G$11:$L$25,6),IF(AND(H332>1994,H332<1998),VLOOKUP(I332,Feuil1!$G$11:$L$25,5),IF(AND(H332>1997,H332<2000),VLOOKUP(I332,Feuil1!$G$11:$L$25,4),IF(AND(H332>1999,H332<2002),VLOOKUP(I332,Feuil1!$G$11:$L$25,3),VLOOKUP(I332,Feuil1!$G$11:$L$25,2)))))))","v":"S77"},331.11662003979353,null," ",{"$f":"T332-HLOOKUP(X332,Feuil1!$C$1:$BL$10,2,FALSE)","v":109},{"$f":"T332-HLOOKUP(X332,Feuil1!$C$1:$BL$10,3,FALSE)","v":89},{"$f":"T332-HLOOKUP(X332,Feuil1!$C$1:$BL$10,4,FALSE)","v":69},{"$f":"T332-HLOOKUP(X332,Feuil1!$C$1:$BL$10,5,FALSE)","v":49},{"$f":"T332-HLOOKUP(X332,Feuil1!$C$1:$BL$10,6,FALSE)","v":19},{"$f":"T332-HLOOKUP(X332,Feuil1!$C$1:$BL$10,7,FALSE)","v":-6},{"$f":"T332-HLOOKUP(X332,Feuil1!$C$1:$BL$10,8,FALSE)","v":-26},{"$f":"T332-HLOOKUP(X332,Feuil1!$C$1:$BL$10,9,FALSE)","v":-46},{"$f":"T332-HLOOKUP(X332,Feuil1!$C$1:$BL$10,10,FALSE)","v":-61},null,null,null,null,null,null,"FED +"]
["H","NORD","PIC",16,269669,"PECQUEUX","Maxence",1994,76.400000000000006,"Villers-Bretonneux KC","F",100,105,111,111,135,145,-150,145,256,103.19999999999999,"FED +",16,{"$f":"IF(I333=\"\",\"\",IF(A333=\"H\",IF(OR(H333=\"SEN\",H333<1995),VLOOKUP(I333,Feuil1!$A$11:$F$29,6),IF(AND(H333>1994,H333<1998),VLOOKUP(I333,Feuil1!$A$11:$F$29,5),IF(AND(H333>1997,H333<2000),VLOOKUP(I333,Feuil1!$A$11:$F$29,4),IF(AND(H333>1999,H333<2002),VLOOKUP(I333,Feuil1!$A$11:$F$29,3),VLOOKUP(I333,Feuil1!$A$11:$F$29,2))))),IF(OR(H333=\"SEN\",H333<1995),VLOOKUP(I333,Feuil1!$G$11:$L$25,6),IF(AND(H333>1994,H333<1998),VLOOKUP(I333,Feuil1!$G$11:$L$25,5),IF(AND(H333>1997,H333<2000),VLOOKUP(I333,Feuil1!$G$11:$L$25,4),IF(AND(H333>1999,H333<2002),VLOOKUP(I333,Feuil1!$G$11:$L$25,3),VLOOKUP(I333,Feuil1!$G$11:$L$25,2)))))))","v":"S77"},323.81430925990873,null," ",{"$f":"T333-HLOOKUP(X333,Feuil1!$C$1:$BL$10,2,FALSE)","v":106},{"$f":"T333-HLOOKUP(X333,Feuil1!$C$1:$BL$10,3,FALSE)","v":86},{"$f":"T333-HLOOKUP(X333,Feuil1!$C$1:$BL$10,4,FALSE)","v":66},{"$f":"T333-HLOOKUP(X333,Feuil1!$C$1:$BL$10,5,FALSE)","v":46},{"$f":"T333-HLOOKUP(X333,Feuil1!$C$1:$BL$10,6,FALSE)","v":16},{"$f":"T333-HLOOKUP(X333,Feuil1!$C$1:$BL$10,7,FALSE)","v":-9},{"$f":"T333-HLOOKUP(X333,Feuil1!$C$1:$BL$10,8,FALSE)","v":-29},{"$f":"T333-HLOOKUP(X333,Feuil1!$C$1:$BL$10,9,FALSE)","v":-49},{"$f":"T333-HLOOKUP(X333,Feuil1!$C$1:$BL$10,10,FALSE)","v":-64},null,null,null,null,null,null,"FED +"]
["H","SO","AQU",17,191716,"LALOI","NICOLAS",1986,76.400000000000006,"EYSINES","F",105,110,115,115,130,-135,140,140,255,102.19999999999999,"FED +",15,{"$f":"IF(I334=\"\",\"\",IF(A334=\"H\",IF(OR(H334=\"SEN\",H334<1995),VLOOKUP(I334,Feuil1!$A$11:$F$29,6),IF(AND(H334>1994,H334<1998),VLOOKUP(I334,Feuil1!$A$11:$F$29,5),IF(AND(H334>1997,H334<2000),VLOOKUP(I334,Feuil1!$A$11:$F$29,4),IF(AND(H334>1999,H334<2002),VLOOKUP(I334,Feuil1!$A$11:$F$29,3),VLOOKUP(I334,Feuil1!$A$11:$F$29,2))))),IF(OR(H334=\"SEN\",H334<1995),VLOOKUP(I334,Feuil1!$G$11:$L$25,6),IF(AND(H334>1994,H334<1998),VLOOKUP(I334,Feuil1!$G$11:$L$25,5),IF(AND(H334>1997,H334<2000),VLOOKUP(I334,Feuil1!$G$11:$L$25,4),IF(AND(H334>1999,H334<2002),VLOOKUP(I334,Feuil1!$G$11:$L$25,3),VLOOKUP(I334,Feuil1!$G$11:$L$25,2)))))))","v":"S77"},322.54940961436222,null," ",{"$f":"T334-HLOOKUP(X334,Feuil1!$C$1:$BL$10,2,FALSE)","v":105},{"$f":"T334-HLOOKUP(X334,Feuil1!$C$1:$BL$10,3,FALSE)","v":85},{"$f":"T334-HLOOKUP(X334,Feuil1!$C$1:$BL$10,4,FALSE)","v":65},{"$f":"T334-HLOOKUP(X334,Feuil1!$C$1:$BL$10,5,FALSE)","v":45},{"$f":"T334-HLOOKUP(X334,Feuil1!$C$1:$BL$10,6,FALSE)","v":15},{"$f":"T334-HLOOKUP(X334,Feuil1!$C$1:$BL$10,7,FALSE)","v":-10},{"$f":"T334-HLOOKUP(X334,Feuil1!$C$1:$BL$10,8,FALSE)","v":-30},{"$f":"T334-HLOOKUP(X334,Feuil1!$C$1:$BL$10,9,FALSE)","v":-50},{"$f":"T334-HLOOKUP(X334,Feuil1!$C$1:$BL$10,10,FALSE)","v":-65},null,null,null,null,null,null,"FED +"]
["H","NORD","NPC",18,166230,"BERAL","Sébastien",1986,76.5,"LOMME","F",110,-117,117,117,128,133,137,137,254,101,"FED +",14,{"$f":"IF(I335=\"\",\"\",IF(A335=\"H\",IF(OR(H335=\"SEN\",H335<1995),VLOOKUP(I335,Feuil1!$A$11:$F$29,6),IF(AND(H335>1994,H335<1998),VLOOKUP(I335,Feuil1!$A$11:$F$29,5),IF(AND(H335>1997,H335<2000),VLOOKUP(I335,Feuil1!$A$11:$F$29,4),IF(AND(H335>1999,H335<2002),VLOOKUP(I335,Feuil1!$A$11:$F$29,3),VLOOKUP(I335,Feuil1!$A$11:$F$29,2))))),IF(OR(H335=\"SEN\",H335<1995),VLOOKUP(I335,Feuil1!$G$11:$L$25,6),IF(AND(H335>1994,H335<1998),VLOOKUP(I335,Feuil1!$G$11:$L$25,5),IF(AND(H335>1997,H335<2000),VLOOKUP(I335,Feuil1!$G$11:$L$25,4),IF(AND(H335>1999,H335<2002),VLOOKUP(I335,Feuil1!$G$11:$L$25,3),VLOOKUP(I335,Feuil1!$G$11:$L$25,2)))))))","v":"S77"},321.04547355947267,null," ",{"$f":"T335-HLOOKUP(X335,Feuil1!$C$1:$BL$10,2,FALSE)","v":104},{"$f":"T335-HLOOKUP(X335,Feuil1!$C$1:$BL$10,3,FALSE)","v":84},{"$f":"T335-HLOOKUP(X335,Feuil1!$C$1:$BL$10,4,FALSE)","v":64},{"$f":"T335-HLOOKUP(X335,Feuil1!$C$1:$BL$10,5,FALSE)","v":44},{"$f":"T335-HLOOKUP(X335,Feuil1!$C$1:$BL$10,6,FALSE)","v":14},{"$f":"T335-HLOOKUP(X335,Feuil1!$C$1:$BL$10,7,FALSE)","v":-11},{"$f":"T335-HLOOKUP(X335,Feuil1!$C$1:$BL$10,8,FALSE)","v":-31},{"$f":"T335-HLOOKUP(X335,Feuil1!$C$1:$BL$10,9,FALSE)","v":-51},{"$f":"T335-HLOOKUP(X335,Feuil1!$C$1:$BL$10,10,FALSE)","v":-66},null,null,null,null,null,null,"FED +"]
["H","NORD","NPC",19,"034401","RIQUIER","Laurent",1979,76.599999999999994,"CHCD COMINES","F",107,111,-115,111,132,137,142,142,253,99.800000000000011,"FED +",13,{"$f":"IF(I336=\"\",\"\",IF(A336=\"H\",IF(OR(H336=\"SEN\",H336<1995),VLOOKUP(I336,Feuil1!$A$11:$F$29,6),IF(AND(H336>1994,H336<1998),VLOOKUP(I336,Feuil1!$A$11:$F$29,5),IF(AND(H336>1997,H336<2000),VLOOKUP(I336,Feuil1!$A$11:$F$29,4),IF(AND(H336>1999,H336<2002),VLOOKUP(I336,Feuil1!$A$11:$F$29,3),VLOOKUP(I336,Feuil1!$A$11:$F$29,2))))),IF(OR(H336=\"SEN\",H336<1995),VLOOKUP(I336,Feuil1!$G$11:$L$25,6),IF(AND(H336>1994,H336<1998),VLOOKUP(I336,Feuil1!$G$11:$L$25,5),IF(AND(H336>1997,H336<2000),VLOOKUP(I336,Feuil1!$G$11:$L$25,4),IF(AND(H336>1999,H336<2002),VLOOKUP(I336,Feuil1!$G$11:$L$25,3),VLOOKUP(I336,Feuil1!$G$11:$L$25,2)))))))","v":"S77"},319.54428400156979,null," ",{"$f":"T336-HLOOKUP(X336,Feuil1!$C$1:$BL$10,2,FALSE)","v":103},{"$f":"T336-HLOOKUP(X336,Feuil1!$C$1:$BL$10,3,FALSE)","v":83},{"$f":"T336-HLOOKUP(X336,Feuil1!$C$1:$BL$10,4,FALSE)","v":63},{"$f":"T336-HLOOKUP(X336,Feuil1!$C$1:$BL$10,5,FALSE)","v":43},{"$f":"T336-HLOOKUP(X336,Feuil1!$C$1:$BL$10,6,FALSE)","v":13},{"$f":"T336-HLOOKUP(X336,Feuil1!$C$1:$BL$10,7,FALSE)","v":-12},{"$f":"T336-HLOOKUP(X336,Feuil1!$C$1:$BL$10,8,FALSE)","v":-32},{"$f":"T336-HLOOKUP(X336,Feuil1!$C$1:$BL$10,9,FALSE)","v":-52},{"$f":"T336-HLOOKUP(X336,Feuil1!$C$1:$BL$10,10,FALSE)","v":-67},null,null,null,null,null,null,"FED +"]
["H","NE","ALS",20,83129,"RUOLT","SEBASTIEN",88,76.7,"MJC Ungersheim","F",113,-118,-118,113,135,-140,140,140,253,99.6,"FED +",13,{"$f":"IF(I337=\"\",\"\",IF(A337=\"H\",IF(OR(H337=\"SEN\",H337<1995),VLOOKUP(I337,Feuil1!$A$11:$F$29,6),IF(AND(H337>1994,H337<1998),VLOOKUP(I337,Feuil1!$A$11:$F$29,5),IF(AND(H337>1997,H337<2000),VLOOKUP(I337,Feuil1!$A$11:$F$29,4),IF(AND(H337>1999,H337<2002),VLOOKUP(I337,Feuil1!$A$11:$F$29,3),VLOOKUP(I337,Feuil1!$A$11:$F$29,2))))),IF(OR(H337=\"SEN\",H337<1995),VLOOKUP(I337,Feuil1!$G$11:$L$25,6),IF(AND(H337>1994,H337<1998),VLOOKUP(I337,Feuil1!$G$11:$L$25,5),IF(AND(H337>1997,H337<2000),VLOOKUP(I337,Feuil1!$G$11:$L$25,4),IF(AND(H337>1999,H337<2002),VLOOKUP(I337,Feuil1!$G$11:$L$25,3),VLOOKUP(I337,Feuil1!$G$11:$L$25,2)))))))","v":"S77"},319.30791337817215,null," ",{"$f":"T337-HLOOKUP(X337,Feuil1!$C$1:$BL$10,2,FALSE)","v":103},{"$f":"T337-HLOOKUP(X337,Feuil1!$C$1:$BL$10,3,FALSE)","v":83},{"$f":"T337-HLOOKUP(X337,Feuil1!$C$1:$BL$10,4,FALSE)","v":63},{"$f":"T337-HLOOKUP(X337,Feuil1!$C$1:$BL$10,5,FALSE)","v":43},{"$f":"T337-HLOOKUP(X337,Feuil1!$C$1:$BL$10,6,FALSE)","v":13},{"$f":"T337-HLOOKUP(X337,Feuil1!$C$1:$BL$10,7,FALSE)","v":-12},{"$f":"T337-HLOOKUP(X337,Feuil1!$C$1:$BL$10,8,FALSE)","v":-32},{"$f":"T337-HLOOKUP(X337,Feuil1!$C$1:$BL$10,9,FALSE)","v":-52},{"$f":"T337-HLOOKUP(X337,Feuil1!$C$1:$BL$10,10,FALSE)","v":-67},null,null,null,null,null,null,"FED +"]
["H","ZCO","CEN",21,11996,"AMLOUKA","Mostapha",1983,70,"CM Orléans","F",105,110,114,114,132,136,-138,136,250,110,"FED +",10,{"$f":"IF(I338=\"\",\"\",IF(A338=\"H\",IF(OR(H338=\"SEN\",H338<1995),VLOOKUP(I338,Feuil1!$A$11:$F$29,6),IF(AND(H338>1994,H338<1998),VLOOKUP(I338,Feuil1!$A$11:$F$29,5),IF(AND(H338>1997,H338<2000),VLOOKUP(I338,Feuil1!$A$11:$F$29,4),IF(AND(H338>1999,H338<2002),VLOOKUP(I338,Feuil1!$A$11:$F$29,3),VLOOKUP(I338,Feuil1!$A$11:$F$29,2))))),IF(OR(H338=\"SEN\",H338<1995),VLOOKUP(I338,Feuil1!$G$11:$L$25,6),IF(AND(H338>1994,H338<1998),VLOOKUP(I338,Feuil1!$G$11:$L$25,5),IF(AND(H338>1997,H338<2000),VLOOKUP(I338,Feuil1!$G$11:$L$25,4),IF(AND(H338>1999,H338<2002),VLOOKUP(I338,Feuil1!$G$11:$L$25,3),VLOOKUP(I338,Feuil1!$G$11:$L$25,2)))))))","v":"S77"},333.25707921301085,null," ",{"$f":"T338-HLOOKUP(X338,Feuil1!$C$1:$BL$10,2,FALSE)","v":100},{"$f":"T338-HLOOKUP(X338,Feuil1!$C$1:$BL$10,3,FALSE)","v":80},{"$f":"T338-HLOOKUP(X338,Feuil1!$C$1:$BL$10,4,FALSE)","v":60},{"$f":"T338-HLOOKUP(X338,Feuil1!$C$1:$BL$10,5,FALSE)","v":40},{"$f":"T338-HLOOKUP(X338,Feuil1!$C$1:$BL$10,6,FALSE)","v":10},{"$f":"T338-HLOOKUP(X338,Feuil1!$C$1:$BL$10,7,FALSE)","v":-15},{"$f":"T338-HLOOKUP(X338,Feuil1!$C$1:$BL$10,8,FALSE)","v":-35},{"$f":"T338-HLOOKUP(X338,Feuil1!$C$1:$BL$10,9,FALSE)","v":-55},{"$f":"T338-HLOOKUP(X338,Feuil1!$C$1:$BL$10,10,FALSE)","v":-70},null,null,null,null,null,null,"FED +"]
["H","SEST","RAL",22,169056,"SCHIPPER","Aubry-Jan",1991,77,"Bourg de Péage","F",105,110,112,112,133,137,-140,137,249,95,"FED +",9,{"$f":"IF(I339=\"\",\"\",IF(A339=\"H\",IF(OR(H339=\"SEN\",H339<1995),VLOOKUP(I339,Feuil1!$A$11:$F$29,6),IF(AND(H339>1994,H339<1998),VLOOKUP(I339,Feuil1!$A$11:$F$29,5),IF(AND(H339>1997,H339<2000),VLOOKUP(I339,Feuil1!$A$11:$F$29,4),IF(AND(H339>1999,H339<2002),VLOOKUP(I339,Feuil1!$A$11:$F$29,3),VLOOKUP(I339,Feuil1!$A$11:$F$29,2))))),IF(OR(H339=\"SEN\",H339<1995),VLOOKUP(I339,Feuil1!$G$11:$L$25,6),IF(AND(H339>1994,H339<1998),VLOOKUP(I339,Feuil1!$G$11:$L$25,5),IF(AND(H339>1997,H339<2000),VLOOKUP(I339,Feuil1!$G$11:$L$25,4),IF(AND(H339>1999,H339<2002),VLOOKUP(I339,Feuil1!$G$11:$L$25,3),VLOOKUP(I339,Feuil1!$G$11:$L$25,2)))))))","v":"S77"},313.56670849161986,null," ",{"$f":"T339-HLOOKUP(X339,Feuil1!$C$1:$BL$10,2,FALSE)","v":99},{"$f":"T339-HLOOKUP(X339,Feuil1!$C$1:$BL$10,3,FALSE)","v":79},{"$f":"T339-HLOOKUP(X339,Feuil1!$C$1:$BL$10,4,FALSE)","v":59},{"$f":"T339-HLOOKUP(X339,Feuil1!$C$1:$BL$10,5,FALSE)","v":39},{"$f":"T339-HLOOKUP(X339,Feuil1!$C$1:$BL$10,6,FALSE)","v":9},{"$f":"T339-HLOOKUP(X339,Feuil1!$C$1:$BL$10,7,FALSE)","v":-16},{"$f":"T339-HLOOKUP(X339,Feuil1!$C$1:$BL$10,8,FALSE)","v":-36},{"$f":"T339-HLOOKUP(X339,Feuil1!$C$1:$BL$10,9,FALSE)","v":-56},{"$f":"T339-HLOOKUP(X339,Feuil1!$C$1:$BL$10,10,FALSE)","v":-71},null,null,null,null,null,null,"FED +"]
["H","NORD","PIC",23,223277,"DUMEIGE","Antoine",1994,74.8,"Villers-Bretonneux KC","F",103,108,-112,108,130,135,140,140,248,98.4,"FED +",8,{"$f":"IF(I340=\"\",\"\",IF(A340=\"H\",IF(OR(H340=\"SEN\",H340<1995),VLOOKUP(I340,Feuil1!$A$11:$F$29,6),IF(AND(H340>1994,H340<1998),VLOOKUP(I340,Feuil1!$A$11:$F$29,5),IF(AND(H340>1997,H340<2000),VLOOKUP(I340,Feuil1!$A$11:$F$29,4),IF(AND(H340>1999,H340<2002),VLOOKUP(I340,Feuil1!$A$11:$F$29,3),VLOOKUP(I340,Feuil1!$A$11:$F$29,2))))),IF(OR(H340=\"SEN\",H340<1995),VLOOKUP(I340,Feuil1!$G$11:$L$25,6),IF(AND(H340>1994,H340<1998),VLOOKUP(I340,Feuil1!$G$11:$L$25,5),IF(AND(H340>1997,H340<2000),VLOOKUP(I340,Feuil1!$G$11:$L$25,4),IF(AND(H340>1999,H340<2002),VLOOKUP(I340,Feuil1!$G$11:$L$25,3),VLOOKUP(I340,Feuil1!$G$11:$L$25,2)))))))","v":"S77"},317.54782174515924,null," ",{"$f":"T340-HLOOKUP(X340,Feuil1!$C$1:$BL$10,2,FALSE)","v":98},{"$f":"T340-HLOOKUP(X340,Feuil1!$C$1:$BL$10,3,FALSE)","v":78},{"$f":"T340-HLOOKUP(X340,Feuil1!$C$1:$BL$10,4,FALSE)","v":58},{"$f":"T340-HLOOKUP(X340,Feuil1!$C$1:$BL$10,5,FALSE)","v":38},{"$f":"T340-HLOOKUP(X340,Feuil1!$C$1:$BL$10,6,FALSE)","v":8},{"$f":"T340-HLOOKUP(X340,Feuil1!$C$1:$BL$10,7,FALSE)","v":-17},{"$f":"T340-HLOOKUP(X340,Feuil1!$C$1:$BL$10,8,FALSE)","v":-37},{"$f":"T340-HLOOKUP(X340,Feuil1!$C$1:$BL$10,9,FALSE)","v":-57},{"$f":"T340-HLOOKUP(X340,Feuil1!$C$1:$BL$10,10,FALSE)","v":-72},null,null,null,null,null,null,"FED +"]
["H","NE","ALS",24,122522,"KARACA","HUSNU",93,75.900000000000006,"ASI Avenir HM","F",105,-112,112,112,125,135,0,135,247,95.199999999999989,"FED +",7,{"$f":"IF(I341=\"\",\"\",IF(A341=\"H\",IF(OR(H341=\"SEN\",H341<1995),VLOOKUP(I341,Feuil1!$A$11:$F$29,6),IF(AND(H341>1994,H341<1998),VLOOKUP(I341,Feuil1!$A$11:$F$29,5),IF(AND(H341>1997,H341<2000),VLOOKUP(I341,Feuil1!$A$11:$F$29,4),IF(AND(H341>1999,H341<2002),VLOOKUP(I341,Feuil1!$A$11:$F$29,3),VLOOKUP(I341,Feuil1!$A$11:$F$29,2))))),IF(OR(H341=\"SEN\",H341<1995),VLOOKUP(I341,Feuil1!$G$11:$L$25,6),IF(AND(H341>1994,H341<1998),VLOOKUP(I341,Feuil1!$G$11:$L$25,5),IF(AND(H341>1997,H341<2000),VLOOKUP(I341,Feuil1!$G$11:$L$25,4),IF(AND(H341>1999,H341<2002),VLOOKUP(I341,Feuil1!$G$11:$L$25,3),VLOOKUP(I341,Feuil1!$G$11:$L$25,2)))))))","v":"S77"},313.60525013797405,null," ",{"$f":"T341-HLOOKUP(X341,Feuil1!$C$1:$BL$10,2,FALSE)","v":97},{"$f":"T341-HLOOKUP(X341,Feuil1!$C$1:$BL$10,3,FALSE)","v":77},{"$f":"T341-HLOOKUP(X341,Feuil1!$C$1:$BL$10,4,FALSE)","v":57},{"$f":"T341-HLOOKUP(X341,Feuil1!$C$1:$BL$10,5,FALSE)","v":37},{"$f":"T341-HLOOKUP(X341,Feuil1!$C$1:$BL$10,6,FALSE)","v":7},{"$f":"T341-HLOOKUP(X341,Feuil1!$C$1:$BL$10,7,FALSE)","v":-18},{"$f":"T341-HLOOKUP(X341,Feuil1!$C$1:$BL$10,8,FALSE)","v":-38},{"$f":"T341-HLOOKUP(X341,Feuil1!$C$1:$BL$10,9,FALSE)","v":-58},{"$f":"T341-HLOOKUP(X341,Feuil1!$C$1:$BL$10,10,FALSE)","v":-73},null,null,null,null,null,null,"FED +"]
["H","ZCO","BRE",25,122826,"BEQUET","Jérémmy",1988,77,"ES Saint-Avé","F",102,-107,107,107,-140,-140,140,140,247,93,"FED +",7,{"$f":"IF(I342=\"\",\"\",IF(A342=\"H\",IF(OR(H342=\"SEN\",H342<1995),VLOOKUP(I342,Feuil1!$A$11:$F$29,6),IF(AND(H342>1994,H342<1998),VLOOKUP(I342,Feuil1!$A$11:$F$29,5),IF(AND(H342>1997,H342<2000),VLOOKUP(I342,Feuil1!$A$11:$F$29,4),IF(AND(H342>1999,H342<2002),VLOOKUP(I342,Feuil1!$A$11:$F$29,3),VLOOKUP(I342,Feuil1!$A$11:$F$29,2))))),IF(OR(H342=\"SEN\",H342<1995),VLOOKUP(I342,Feuil1!$G$11:$L$25,6),IF(AND(H342>1994,H342<1998),VLOOKUP(I342,Feuil1!$G$11:$L$25,5),IF(AND(H342>1997,H342<2000),VLOOKUP(I342,Feuil1!$G$11:$L$25,4),IF(AND(H342>1999,H342<2002),VLOOKUP(I342,Feuil1!$G$11:$L$25,3),VLOOKUP(I342,Feuil1!$G$11:$L$25,2)))))))","v":"S77"},311.04810039128557,null," ",{"$f":"T342-HLOOKUP(X342,Feuil1!$C$1:$BL$10,2,FALSE)","v":97},{"$f":"T342-HLOOKUP(X342,Feuil1!$C$1:$BL$10,3,FALSE)","v":77},{"$f":"T342-HLOOKUP(X342,Feuil1!$C$1:$BL$10,4,FALSE)","v":57},{"$f":"T342-HLOOKUP(X342,Feuil1!$C$1:$BL$10,5,FALSE)","v":37},{"$f":"T342-HLOOKUP(X342,Feuil1!$C$1:$BL$10,6,FALSE)","v":7},{"$f":"T342-HLOOKUP(X342,Feuil1!$C$1:$BL$10,7,FALSE)","v":-18},{"$f":"T342-HLOOKUP(X342,Feuil1!$C$1:$BL$10,8,FALSE)","v":-38},{"$f":"T342-HLOOKUP(X342,Feuil1!$C$1:$BL$10,9,FALSE)","v":-58},{"$f":"T342-HLOOKUP(X342,Feuil1!$C$1:$BL$10,10,FALSE)","v":-73},null,null,null,null,null,null,"FED +"]
["H","NORD","NPC",26,282532,"NAGA","Djihed",1988,71.2,"C.A.ROSENDAEL","BEL",105,110,113,113,125,130,133,133,246,103.6,"FED +",6,{"$f":"IF(I343=\"\",\"\",IF(A343=\"H\",IF(OR(H343=\"SEN\",H343<1995),VLOOKUP(I343,Feuil1!$A$11:$F$29,6),IF(AND(H343>1994,H343<1998),VLOOKUP(I343,Feuil1!$A$11:$F$29,5),IF(AND(H343>1997,H343<2000),VLOOKUP(I343,Feuil1!$A$11:$F$29,4),IF(AND(H343>1999,H343<2002),VLOOKUP(I343,Feuil1!$A$11:$F$29,3),VLOOKUP(I343,Feuil1!$A$11:$F$29,2))))),IF(OR(H343=\"SEN\",H343<1995),VLOOKUP(I343,Feuil1!$G$11:$L$25,6),IF(AND(H343>1994,H343<1998),VLOOKUP(I343,Feuil1!$G$11:$L$25,5),IF(AND(H343>1997,H343<2000),VLOOKUP(I343,Feuil1!$G$11:$L$25,4),IF(AND(H343>1999,H343<2002),VLOOKUP(I343,Feuil1!$G$11:$L$25,3),VLOOKUP(I343,Feuil1!$G$11:$L$25,2)))))))","v":"S77"},324.46547624532184,null," ",{"$f":"T343-HLOOKUP(X343,Feuil1!$C$1:$BL$10,2,FALSE)","v":96},{"$f":"T343-HLOOKUP(X343,Feuil1!$C$1:$BL$10,3,FALSE)","v":76},{"$f":"T343-HLOOKUP(X343,Feuil1!$C$1:$BL$10,4,FALSE)","v":56},{"$f":"T343-HLOOKUP(X343,Feuil1!$C$1:$BL$10,5,FALSE)","v":36},{"$f":"T343-HLOOKUP(X343,Feuil1!$C$1:$BL$10,6,FALSE)","v":6},{"$f":"T343-HLOOKUP(X343,Feuil1!$C$1:$BL$10,7,FALSE)","v":-19},{"$f":"T343-HLOOKUP(X343,Feuil1!$C$1:$BL$10,8,FALSE)","v":-39},{"$f":"T343-HLOOKUP(X343,Feuil1!$C$1:$BL$10,9,FALSE)","v":-59},{"$f":"T343-HLOOKUP(X343,Feuil1!$C$1:$BL$10,10,FALSE)","v":-74},null,null,null,null,null,null,"FED +"]
["H","SEST","RAL",27,228220,"ARAKELIAN","EMINE",1993,76.8,"Vaulx-en-Velin","ARM",108,113,-118,113,129,133,-140,133,246,92.4,"FED +",6,{"$f":"IF(I344=\"\",\"\",IF(A344=\"H\",IF(OR(H344=\"SEN\",H344<1995),VLOOKUP(I344,Feuil1!$A$11:$F$29,6),IF(AND(H344>1994,H344<1998),VLOOKUP(I344,Feuil1!$A$11:$F$29,5),IF(AND(H344>1997,H344<2000),VLOOKUP(I344,Feuil1!$A$11:$F$29,4),IF(AND(H344>1999,H344<2002),VLOOKUP(I344,Feuil1!$A$11:$F$29,3),VLOOKUP(I344,Feuil1!$A$11:$F$29,2))))),IF(OR(H344=\"SEN\",H344<1995),VLOOKUP(I344,Feuil1!$G$11:$L$25,6),IF(AND(H344>1994,H344<1998),VLOOKUP(I344,Feuil1!$G$11:$L$25,5),IF(AND(H344>1997,H344<2000),VLOOKUP(I344,Feuil1!$G$11:$L$25,4),IF(AND(H344>1999,H344<2002),VLOOKUP(I344,Feuil1!$G$11:$L$25,3),VLOOKUP(I344,Feuil1!$G$11:$L$25,2)))))))","v":"S77"},310.24430911554219,null," ",{"$f":"T344-HLOOKUP(X344,Feuil1!$C$1:$BL$10,2,FALSE)","v":96},{"$f":"T344-HLOOKUP(X344,Feuil1!$C$1:$BL$10,3,FALSE)","v":76},{"$f":"T344-HLOOKUP(X344,Feuil1!$C$1:$BL$10,4,FALSE)","v":56},{"$f":"T344-HLOOKUP(X344,Feuil1!$C$1:$BL$10,5,FALSE)","v":36},{"$f":"T344-HLOOKUP(X344,Feuil1!$C$1:$BL$10,6,FALSE)","v":6},{"$f":"T344-HLOOKUP(X344,Feuil1!$C$1:$BL$10,7,FALSE)","v":-19},{"$f":"T344-HLOOKUP(X344,Feuil1!$C$1:$BL$10,8,FALSE)","v":-39},{"$f":"T344-HLOOKUP(X344,Feuil1!$C$1:$BL$10,9,FALSE)","v":-59},{"$f":"T344-HLOOKUP(X344,Feuil1!$C$1:$BL$10,10,FALSE)","v":-74},null,null,null,null,null,null,"FED +"]
["H","NE","LOR",28,1195,"ANDRIEUX","Nicolas",1984,76,"E.S.LANEUVEVILLOISE","F",102,106,108,108,132,137,"-",137,245,93,"FED +",5,{"$f":"IF(I345=\"\",\"\",IF(A345=\"H\",IF(OR(H345=\"SEN\",H345<1995),VLOOKUP(I345,Feuil1!$A$11:$F$29,6),IF(AND(H345>1994,H345<1998),VLOOKUP(I345,Feuil1!$A$11:$F$29,5),IF(AND(H345>1997,H345<2000),VLOOKUP(I345,Feuil1!$A$11:$F$29,4),IF(AND(H345>1999,H345<2002),VLOOKUP(I345,Feuil1!$A$11:$F$29,3),VLOOKUP(I345,Feuil1!$A$11:$F$29,2))))),IF(OR(H345=\"SEN\",H345<1995),VLOOKUP(I345,Feuil1!$G$11:$L$25,6),IF(AND(H345>1994,H345<1998),VLOOKUP(I345,Feuil1!$G$11:$L$25,5),IF(AND(H345>1997,H345<2000),VLOOKUP(I345,Feuil1!$G$11:$L$25,4),IF(AND(H345>1999,H345<2002),VLOOKUP(I345,Feuil1!$G$11:$L$25,3),VLOOKUP(I345,Feuil1!$G$11:$L$25,2)))))))","v":"S77"},310.83112670928148,null," ",{"$f":"T345-HLOOKUP(X345,Feuil1!$C$1:$BL$10,2,FALSE)","v":95},{"$f":"T345-HLOOKUP(X345,Feuil1!$C$1:$BL$10,3,FALSE)","v":75},{"$f":"T345-HLOOKUP(X345,Feuil1!$C$1:$BL$10,4,FALSE)","v":55},{"$f":"T345-HLOOKUP(X345,Feuil1!$C$1:$BL$10,5,FALSE)","v":35},{"$f":"T345-HLOOKUP(X345,Feuil1!$C$1:$BL$10,6,FALSE)","v":5},{"$f":"T345-HLOOKUP(X345,Feuil1!$C$1:$BL$10,7,FALSE)","v":-20},{"$f":"T345-HLOOKUP(X345,Feuil1!$C$1:$BL$10,8,FALSE)","v":-40},{"$f":"T345-HLOOKUP(X345,Feuil1!$C$1:$BL$10,9,FALSE)","v":-60},{"$f":"T345-HLOOKUP(X345,Feuil1!$C$1:$BL$10,10,FALSE)","v":-75},null,null,null,null,null,null,"FED +"]
["H","N","IDF",29,38385,"MÉLOU","YOHANN",1985,76.5,"RUEIL ","F",105,110,-115,110,130,135,-140,135,245,92,"FED +",5,{"$f":"IF(I346=\"\",\"\",IF(A346=\"H\",IF(OR(H346=\"SEN\",H346<1995),VLOOKUP(I346,Feuil1!$A$11:$F$29,6),IF(AND(H346>1994,H346<1998),VLOOKUP(I346,Feuil1!$A$11:$F$29,5),IF(AND(H346>1997,H346<2000),VLOOKUP(I346,Feuil1!$A$11:$F$29,4),IF(AND(H346>1999,H346<2002),VLOOKUP(I346,Feuil1!$A$11:$F$29,3),VLOOKUP(I346,Feuil1!$A$11:$F$29,2))))),IF(OR(H346=\"SEN\",H346<1995),VLOOKUP(I346,Feuil1!$G$11:$L$25,6),IF(AND(H346>1994,H346<1998),VLOOKUP(I346,Feuil1!$G$11:$L$25,5),IF(AND(H346>1997,H346<2000),VLOOKUP(I346,Feuil1!$G$11:$L$25,4),IF(AND(H346>1999,H346<2002),VLOOKUP(I346,Feuil1!$G$11:$L$25,3),VLOOKUP(I346,Feuil1!$G$11:$L$25,2)))))))","v":"S77"},309.66984654358583,null," ",{"$f":"T346-HLOOKUP(X346,Feuil1!$C$1:$BL$10,2,FALSE)","v":95},{"$f":"T346-HLOOKUP(X346,Feuil1!$C$1:$BL$10,3,FALSE)","v":75},{"$f":"T346-HLOOKUP(X346,Feuil1!$C$1:$BL$10,4,FALSE)","v":55},{"$f":"T346-HLOOKUP(X346,Feuil1!$C$1:$BL$10,5,FALSE)","v":35},{"$f":"T346-HLOOKUP(X346,Feuil1!$C$1:$BL$10,6,FALSE)","v":5},{"$f":"T346-HLOOKUP(X346,Feuil1!$C$1:$BL$10,7,FALSE)","v":-20},{"$f":"T346-HLOOKUP(X346,Feuil1!$C$1:$BL$10,8,FALSE)","v":-40},{"$f":"T346-HLOOKUP(X346,Feuil1!$C$1:$BL$10,9,FALSE)","v":-60},{"$f":"T346-HLOOKUP(X346,Feuil1!$C$1:$BL$10,10,FALSE)","v":-75},null,null,null,null,null,null,"FED +"]
["H","N","IDF",30,371999,"HASSAINE","ADAM",1994,75.239999999999995,"HERBLAY","F",105,109,-111,109,-135,135,-141,135,244,93.52000000000001,"FED +",4,{"$f":"IF(I347=\"\",\"\",IF(A347=\"H\",IF(OR(H347=\"SEN\",H347<1995),VLOOKUP(I347,Feuil1!$A$11:$F$29,6),IF(AND(H347>1994,H347<1998),VLOOKUP(I347,Feuil1!$A$11:$F$29,5),IF(AND(H347>1997,H347<2000),VLOOKUP(I347,Feuil1!$A$11:$F$29,4),IF(AND(H347>1999,H347<2002),VLOOKUP(I347,Feuil1!$A$11:$F$29,3),VLOOKUP(I347,Feuil1!$A$11:$F$29,2))))),IF(OR(H347=\"SEN\",H347<1995),VLOOKUP(I347,Feuil1!$G$11:$L$25,6),IF(AND(H347>1994,H347<1998),VLOOKUP(I347,Feuil1!$G$11:$L$25,5),IF(AND(H347>1997,H347<2000),VLOOKUP(I347,Feuil1!$G$11:$L$25,4),IF(AND(H347>1999,H347<2002),VLOOKUP(I347,Feuil1!$G$11:$L$25,3),VLOOKUP(I347,Feuil1!$G$11:$L$25,2)))))))","v":"S77"},311.36137547078232,null," ",{"$f":"T347-HLOOKUP(X347,Feuil1!$C$1:$BL$10,2,FALSE)","v":94},{"$f":"T347-HLOOKUP(X347,Feuil1!$C$1:$BL$10,3,FALSE)","v":74},{"$f":"T347-HLOOKUP(X347,Feuil1!$C$1:$BL$10,4,FALSE)","v":54},{"$f":"T347-HLOOKUP(X347,Feuil1!$C$1:$BL$10,5,FALSE)","v":34},{"$f":"T347-HLOOKUP(X347,Feuil1!$C$1:$BL$10,6,FALSE)","v":4},{"$f":"T347-HLOOKUP(X347,Feuil1!$C$1:$BL$10,7,FALSE)","v":-21},{"$f":"T347-HLOOKUP(X347,Feuil1!$C$1:$BL$10,8,FALSE)","v":-41},{"$f":"T347-HLOOKUP(X347,Feuil1!$C$1:$BL$10,9,FALSE)","v":-61},{"$f":"T347-HLOOKUP(X347,Feuil1!$C$1:$BL$10,10,FALSE)","v":-76},null,null,null,null,null,null,"FED +"]
["H","NE","CHA",31,219704,"CORRAZE","Guillaume",1987,76.7,"Langres HM","F",105,108,110,110,-130,130,134,134,244,90.6,"FED +",4,{"$f":"IF(I348=\"\",\"\",IF(A348=\"H\",IF(OR(H348=\"SEN\",H348<1995),VLOOKUP(I348,Feuil1!$A$11:$F$29,6),IF(AND(H348>1994,H348<1998),VLOOKUP(I348,Feuil1!$A$11:$F$29,5),IF(AND(H348>1997,H348<2000),VLOOKUP(I348,Feuil1!$A$11:$F$29,4),IF(AND(H348>1999,H348<2002),VLOOKUP(I348,Feuil1!$A$11:$F$29,3),VLOOKUP(I348,Feuil1!$A$11:$F$29,2))))),IF(OR(H348=\"SEN\",H348<1995),VLOOKUP(I348,Feuil1!$G$11:$L$25,6),IF(AND(H348>1994,H348<1998),VLOOKUP(I348,Feuil1!$G$11:$L$25,5),IF(AND(H348>1997,H348<2000),VLOOKUP(I348,Feuil1!$G$11:$L$25,4),IF(AND(H348>1999,H348<2002),VLOOKUP(I348,Feuil1!$G$11:$L$25,3),VLOOKUP(I348,Feuil1!$G$11:$L$25,2)))))))","v":"S77"},307.9491338508854,null," ",{"$f":"T348-HLOOKUP(X348,Feuil1!$C$1:$BL$10,2,FALSE)","v":94},{"$f":"T348-HLOOKUP(X348,Feuil1!$C$1:$BL$10,3,FALSE)","v":74},{"$f":"T348-HLOOKUP(X348,Feuil1!$C$1:$BL$10,4,FALSE)","v":54},{"$f":"T348-HLOOKUP(X348,Feuil1!$C$1:$BL$10,5,FALSE)","v":34},{"$f":"T348-HLOOKUP(X348,Feuil1!$C$1:$BL$10,6,FALSE)","v":4},{"$f":"T348-HLOOKUP(X348,Feuil1!$C$1:$BL$10,7,FALSE)","v":-21},{"$f":"T348-HLOOKUP(X348,Feuil1!$C$1:$BL$10,8,FALSE)","v":-41},{"$f":"T348-HLOOKUP(X348,Feuil1!$C$1:$BL$10,9,FALSE)","v":-61},{"$f":"T348-HLOOKUP(X348,Feuil1!$C$1:$BL$10,10,FALSE)","v":-76},null,null,null,null,null,null,"FED +"]
["H","ZCO","BRE",32,157718,"BEREHOUC","Maxime",1985,73.8,"AL Quimper","F",100,104,108,108,130,135,-140,135,243,95.4,"FED +",3,{"$f":"IF(I349=\"\",\"\",IF(A349=\"H\",IF(OR(H349=\"SEN\",H349<1995),VLOOKUP(I349,Feuil1!$A$11:$F$29,6),IF(AND(H349>1994,H349<1998),VLOOKUP(I349,Feuil1!$A$11:$F$29,5),IF(AND(H349>1997,H349<2000),VLOOKUP(I349,Feuil1!$A$11:$F$29,4),IF(AND(H349>1999,H349<2002),VLOOKUP(I349,Feuil1!$A$11:$F$29,3),VLOOKUP(I349,Feuil1!$A$11:$F$29,2))))),IF(OR(H349=\"SEN\",H349<1995),VLOOKUP(I349,Feuil1!$G$11:$L$25,6),IF(AND(H349>1994,H349<1998),VLOOKUP(I349,Feuil1!$G$11:$L$25,5),IF(AND(H349>1997,H349<2000),VLOOKUP(I349,Feuil1!$G$11:$L$25,4),IF(AND(H349>1999,H349<2002),VLOOKUP(I349,Feuil1!$G$11:$L$25,3),VLOOKUP(I349,Feuil1!$G$11:$L$25,2)))))))","v":"S77"},313.62076869677452,null," ",{"$f":"T349-HLOOKUP(X349,Feuil1!$C$1:$BL$10,2,FALSE)","v":93},{"$f":"T349-HLOOKUP(X349,Feuil1!$C$1:$BL$10,3,FALSE)","v":73},{"$f":"T349-HLOOKUP(X349,Feuil1!$C$1:$BL$10,4,FALSE)","v":53},{"$f":"T349-HLOOKUP(X349,Feuil1!$C$1:$BL$10,5,FALSE)","v":33},{"$f":"T349-HLOOKUP(X349,Feuil1!$C$1:$BL$10,6,FALSE)","v":3},{"$f":"T349-HLOOKUP(X349,Feuil1!$C$1:$BL$10,7,FALSE)","v":-22},{"$f":"T349-HLOOKUP(X349,Feuil1!$C$1:$BL$10,8,FALSE)","v":-42},{"$f":"T349-HLOOKUP(X349,Feuil1!$C$1:$BL$10,9,FALSE)","v":-62},{"$f":"T349-HLOOKUP(X349,Feuil1!$C$1:$BL$10,10,FALSE)","v":-77},null,null,null,null,null,null,"FED +"]
["H","SEST","PRO",33,86808,"LAUGIER","Jonathan",1989,76.55,"EEAR MONTEUX","F",107,111,-113,111,132,-137,-137,132,243,89.9,"FED +",3,{"$f":"IF(I350=\"\",\"\",IF(A350=\"H\",IF(OR(H350=\"SEN\",H350<1995),VLOOKUP(I350,Feuil1!$A$11:$F$29,6),IF(AND(H350>1994,H350<1998),VLOOKUP(I350,Feuil1!$A$11:$F$29,5),IF(AND(H350>1997,H350<2000),VLOOKUP(I350,Feuil1!$A$11:$F$29,4),IF(AND(H350>1999,H350<2002),VLOOKUP(I350,Feuil1!$A$11:$F$29,3),VLOOKUP(I350,Feuil1!$A$11:$F$29,2))))),IF(OR(H350=\"SEN\",H350<1995),VLOOKUP(I350,Feuil1!$G$11:$L$25,6),IF(AND(H350>1994,H350<1998),VLOOKUP(I350,Feuil1!$G$11:$L$25,5),IF(AND(H350>1997,H350<2000),VLOOKUP(I350,Feuil1!$G$11:$L$25,4),IF(AND(H350>1999,H350<2002),VLOOKUP(I350,Feuil1!$G$11:$L$25,3),VLOOKUP(I350,Feuil1!$G$11:$L$25,2)))))))","v":"S77"},307.02789875589389,null," ",{"$f":"T350-HLOOKUP(X350,Feuil1!$C$1:$BL$10,2,FALSE)","v":93},{"$f":"T350-HLOOKUP(X350,Feuil1!$C$1:$BL$10,3,FALSE)","v":73},{"$f":"T350-HLOOKUP(X350,Feuil1!$C$1:$BL$10,4,FALSE)","v":53},{"$f":"T350-HLOOKUP(X350,Feuil1!$C$1:$BL$10,5,FALSE)","v":33},{"$f":"T350-HLOOKUP(X350,Feuil1!$C$1:$BL$10,6,FALSE)","v":3},{"$f":"T350-HLOOKUP(X350,Feuil1!$C$1:$BL$10,7,FALSE)","v":-22},{"$f":"T350-HLOOKUP(X350,Feuil1!$C$1:$BL$10,8,FALSE)","v":-42},{"$f":"T350-HLOOKUP(X350,Feuil1!$C$1:$BL$10,9,FALSE)","v":-62},{"$f":"T350-HLOOKUP(X350,Feuil1!$C$1:$BL$10,10,FALSE)","v":-77},null,null,null,null,null,null,"FED +"]
["H","ZCO","BRE",34,2890,"COLENO","Yoann",1976,76.88,"Vannes AC","F",104,108,-112,108,128,133,-137,133,241,87.240000000000009,"FED +",1,{"$f":"IF(I351=\"\",\"\",IF(A351=\"H\",IF(OR(H351=\"SEN\",H351<1995),VLOOKUP(I351,Feuil1!$A$11:$F$29,6),IF(AND(H351>1994,H351<1998),VLOOKUP(I351,Feuil1!$A$11:$F$29,5),IF(AND(H351>1997,H351<2000),VLOOKUP(I351,Feuil1!$A$11:$F$29,4),IF(AND(H351>1999,H351<2002),VLOOKUP(I351,Feuil1!$A$11:$F$29,3),VLOOKUP(I351,Feuil1!$A$11:$F$29,2))))),IF(OR(H351=\"SEN\",H351<1995),VLOOKUP(I351,Feuil1!$G$11:$L$25,6),IF(AND(H351>1994,H351<1998),VLOOKUP(I351,Feuil1!$G$11:$L$25,5),IF(AND(H351>1997,H351<2000),VLOOKUP(I351,Feuil1!$G$11:$L$25,4),IF(AND(H351>1999,H351<2002),VLOOKUP(I351,Feuil1!$G$11:$L$25,3),VLOOKUP(I351,Feuil1!$G$11:$L$25,2)))))))","v":"S77"},303.75964055470479,null," ",{"$f":"T351-HLOOKUP(X351,Feuil1!$C$1:$BL$10,2,FALSE)","v":91},{"$f":"T351-HLOOKUP(X351,Feuil1!$C$1:$BL$10,3,FALSE)","v":71},{"$f":"T351-HLOOKUP(X351,Feuil1!$C$1:$BL$10,4,FALSE)","v":51},{"$f":"T351-HLOOKUP(X351,Feuil1!$C$1:$BL$10,5,FALSE)","v":31},{"$f":"T351-HLOOKUP(X351,Feuil1!$C$1:$BL$10,6,FALSE)","v":1},{"$f":"T351-HLOOKUP(X351,Feuil1!$C$1:$BL$10,7,FALSE)","v":-24},{"$f":"T351-HLOOKUP(X351,Feuil1!$C$1:$BL$10,8,FALSE)","v":-44},{"$f":"T351-HLOOKUP(X351,Feuil1!$C$1:$BL$10,9,FALSE)","v":-64},{"$f":"T351-HLOOKUP(X351,Feuil1!$C$1:$BL$10,10,FALSE)","v":-79},null,null,null,null,null,null,"FED +"]
["H","CO","BNO",35,302189,"DESMARES DECAUX","Leny",1985,75.2,"Stade St Lois","F",100,-105,105,105,130,135,-138,135,240,89.6,"FED +",0,{"$f":"IF(I352=\"\",\"\",IF(A352=\"H\",IF(OR(H352=\"SEN\",H352<1995),VLOOKUP(I352,Feuil1!$A$11:$F$29,6),IF(AND(H352>1994,H352<1998),VLOOKUP(I352,Feuil1!$A$11:$F$29,5),IF(AND(H352>1997,H352<2000),VLOOKUP(I352,Feuil1!$A$11:$F$29,4),IF(AND(H352>1999,H352<2002),VLOOKUP(I352,Feuil1!$A$11:$F$29,3),VLOOKUP(I352,Feuil1!$A$11:$F$29,2))))),IF(OR(H352=\"SEN\",H352<1995),VLOOKUP(I352,Feuil1!$G$11:$L$25,6),IF(AND(H352>1994,H352<1998),VLOOKUP(I352,Feuil1!$G$11:$L$25,5),IF(AND(H352>1997,H352<2000),VLOOKUP(I352,Feuil1!$G$11:$L$25,4),IF(AND(H352>1999,H352<2002),VLOOKUP(I352,Feuil1!$G$11:$L$25,3),VLOOKUP(I352,Feuil1!$G$11:$L$25,2)))))))","v":"S77"},306.35159499163905,null," ",{"$f":"T352-HLOOKUP(X352,Feuil1!$C$1:$BL$10,2,FALSE)","v":90},{"$f":"T352-HLOOKUP(X352,Feuil1!$C$1:$BL$10,3,FALSE)","v":70},{"$f":"T352-HLOOKUP(X352,Feuil1!$C$1:$BL$10,4,FALSE)","v":50},{"$f":"T352-HLOOKUP(X352,Feuil1!$C$1:$BL$10,5,FALSE)","v":30},{"$f":"T352-HLOOKUP(X352,Feuil1!$C$1:$BL$10,6,FALSE)","v":0},{"$f":"T352-HLOOKUP(X352,Feuil1!$C$1:$BL$10,7,FALSE)","v":-25},{"$f":"T352-HLOOKUP(X352,Feuil1!$C$1:$BL$10,8,FALSE)","v":-45},{"$f":"T352-HLOOKUP(X352,Feuil1!$C$1:$BL$10,9,FALSE)","v":-65},{"$f":"T352-HLOOKUP(X352,Feuil1!$C$1:$BL$10,10,FALSE)","v":-80},null,null,null,null,null,null,"FED +"]
["H","NORD","PIC",36,90786,"LEFEUVRE KOHUEINUI","François",1991,76.3,"La Ferté Milon CMHM","F",105,-110,-110,105,125,130,135,135,240,87.4,"FED +",0,{"$f":"IF(I353=\"\",\"\",IF(A353=\"H\",IF(OR(H353=\"SEN\",H353<1995),VLOOKUP(I353,Feuil1!$A$11:$F$29,6),IF(AND(H353>1994,H353<1998),VLOOKUP(I353,Feuil1!$A$11:$F$29,5),IF(AND(H353>1997,H353<2000),VLOOKUP(I353,Feuil1!$A$11:$F$29,4),IF(AND(H353>1999,H353<2002),VLOOKUP(I353,Feuil1!$A$11:$F$29,3),VLOOKUP(I353,Feuil1!$A$11:$F$29,2))))),IF(OR(H353=\"SEN\",H353<1995),VLOOKUP(I353,Feuil1!$G$11:$L$25,6),IF(AND(H353>1994,H353<1998),VLOOKUP(I353,Feuil1!$G$11:$L$25,5),IF(AND(H353>1997,H353<2000),VLOOKUP(I353,Feuil1!$G$11:$L$25,4),IF(AND(H353>1999,H353<2002),VLOOKUP(I353,Feuil1!$G$11:$L$25,3),VLOOKUP(I353,Feuil1!$G$11:$L$25,2)))))))","v":"S77"},303.80259977754991,null," ",{"$f":"T353-HLOOKUP(X353,Feuil1!$C$1:$BL$10,2,FALSE)","v":90},{"$f":"T353-HLOOKUP(X353,Feuil1!$C$1:$BL$10,3,FALSE)","v":70},{"$f":"T353-HLOOKUP(X353,Feuil1!$C$1:$BL$10,4,FALSE)","v":50},{"$f":"T353-HLOOKUP(X353,Feuil1!$C$1:$BL$10,5,FALSE)","v":30},{"$f":"T353-HLOOKUP(X353,Feuil1!$C$1:$BL$10,6,FALSE)","v":0},{"$f":"T353-HLOOKUP(X353,Feuil1!$C$1:$BL$10,7,FALSE)","v":-25},{"$f":"T353-HLOOKUP(X353,Feuil1!$C$1:$BL$10,8,FALSE)","v":-45},{"$f":"T353-HLOOKUP(X353,Feuil1!$C$1:$BL$10,9,FALSE)","v":-65},{"$f":"T353-HLOOKUP(X353,Feuil1!$C$1:$BL$10,10,FALSE)","v":-80},null,null,null,null,null,null,"FED +"]
["H","NE","ALS",37,250230,"GROSLIER","Alexandre",1988,76.739999999999995,"CS Brumath","F",100,105,110,110,130,0,0,130,240,86.52000000000001,"FED +",0,{"$f":"IF(I354=\"\",\"\",IF(A354=\"H\",IF(OR(H354=\"SEN\",H354<1995),VLOOKUP(I354,Feuil1!$A$11:$F$29,6),IF(AND(H354>1994,H354<1998),VLOOKUP(I354,Feuil1!$A$11:$F$29,5),IF(AND(H354>1997,H354<2000),VLOOKUP(I354,Feuil1!$A$11:$F$29,4),IF(AND(H354>1999,H354<2002),VLOOKUP(I354,Feuil1!$A$11:$F$29,3),VLOOKUP(I354,Feuil1!$A$11:$F$29,2))))),IF(OR(H354=\"SEN\",H354<1995),VLOOKUP(I354,Feuil1!$G$11:$L$25,6),IF(AND(H354>1994,H354<1998),VLOOKUP(I354,Feuil1!$G$11:$L$25,5),IF(AND(H354>1997,H354<2000),VLOOKUP(I354,Feuil1!$G$11:$L$25,4),IF(AND(H354>1999,H354<2002),VLOOKUP(I354,Feuil1!$G$11:$L$25,3),VLOOKUP(I354,Feuil1!$G$11:$L$25,2)))))))","v":"S77"},302.81132504882282,null," ",{"$f":"T354-HLOOKUP(X354,Feuil1!$C$1:$BL$10,2,FALSE)","v":90},{"$f":"T354-HLOOKUP(X354,Feuil1!$C$1:$BL$10,3,FALSE)","v":70},{"$f":"T354-HLOOKUP(X354,Feuil1!$C$1:$BL$10,4,FALSE)","v":50},{"$f":"T354-HLOOKUP(X354,Feuil1!$C$1:$BL$10,5,FALSE)","v":30},{"$f":"T354-HLOOKUP(X354,Feuil1!$C$1:$BL$10,6,FALSE)","v":0},{"$f":"T354-HLOOKUP(X354,Feuil1!$C$1:$BL$10,7,FALSE)","v":-25},{"$f":"T354-HLOOKUP(X354,Feuil1!$C$1:$BL$10,8,FALSE)","v":-45},{"$f":"T354-HLOOKUP(X354,Feuil1!$C$1:$BL$10,9,FALSE)","v":-65},{"$f":"T354-HLOOKUP(X354,Feuil1!$C$1:$BL$10,10,FALSE)","v":-80},null,null,null,null,null,null,"FED +"]
["H","NE","BOU",38,27,"BARDIS","Luca",1982,74.3,"HMDB21","F",95,102,106,106,125,130,133,133,239,90.4,"IRG +",29,{"$f":"IF(I355=\"\",\"\",IF(A355=\"H\",IF(OR(H355=\"SEN\",H355<1995),VLOOKUP(I355,Feuil1!$A$11:$F$29,6),IF(AND(H355>1994,H355<1998),VLOOKUP(I355,Feuil1!$A$11:$F$29,5),IF(AND(H355>1997,H355<2000),VLOOKUP(I355,Feuil1!$A$11:$F$29,4),IF(AND(H355>1999,H355<2002),VLOOKUP(I355,Feuil1!$A$11:$F$29,3),VLOOKUP(I355,Feuil1!$A$11:$F$29,2))))),IF(OR(H355=\"SEN\",H355<1995),VLOOKUP(I355,Feuil1!$G$11:$L$25,6),IF(AND(H355>1994,H355<1998),VLOOKUP(I355,Feuil1!$G$11:$L$25,5),IF(AND(H355>1997,H355<2000),VLOOKUP(I355,Feuil1!$G$11:$L$25,4),IF(AND(H355>1999,H355<2002),VLOOKUP(I355,Feuil1!$G$11:$L$25,3),VLOOKUP(I355,Feuil1!$G$11:$L$25,2)))))))","v":"S77"},307.22979134270366,null," ",{"$f":"T355-HLOOKUP(X355,Feuil1!$C$1:$BL$10,2,FALSE)","v":89},{"$f":"T355-HLOOKUP(X355,Feuil1!$C$1:$BL$10,3,FALSE)","v":69},{"$f":"T355-HLOOKUP(X355,Feuil1!$C$1:$BL$10,4,FALSE)","v":49},{"$f":"T355-HLOOKUP(X355,Feuil1!$C$1:$BL$10,5,FALSE)","v":29},{"$f":"T355-HLOOKUP(X355,Feuil1!$C$1:$BL$10,6,FALSE)","v":-1},{"$f":"T355-HLOOKUP(X355,Feuil1!$C$1:$BL$10,7,FALSE)","v":-26},{"$f":"T355-HLOOKUP(X355,Feuil1!$C$1:$BL$10,8,FALSE)","v":-46},{"$f":"T355-HLOOKUP(X355,Feuil1!$C$1:$BL$10,9,FALSE)","v":-66},{"$f":"T355-HLOOKUP(X355,Feuil1!$C$1:$BL$10,10,FALSE)","v":-81},null,null,null,null,null,null,"IRG +"]
["H","ZCO","BRE",39,1304,"LERUYET","Patrice",1967,76.599999999999994,"CA Lorient","F",100,105,-110,105,123,-128,132,132,237,83.800000000000011,"IRG +",27,{"$f":"IF(I356=\"\",\"\",IF(A356=\"H\",IF(OR(H356=\"SEN\",H356<1995),VLOOKUP(I356,Feuil1!$A$11:$F$29,6),IF(AND(H356>1994,H356<1998),VLOOKUP(I356,Feuil1!$A$11:$F$29,5),IF(AND(H356>1997,H356<2000),VLOOKUP(I356,Feuil1!$A$11:$F$29,4),IF(AND(H356>1999,H356<2002),VLOOKUP(I356,Feuil1!$A$11:$F$29,3),VLOOKUP(I356,Feuil1!$A$11:$F$29,2))))),IF(OR(H356=\"SEN\",H356<1995),VLOOKUP(I356,Feuil1!$G$11:$L$25,6),IF(AND(H356>1994,H356<1998),VLOOKUP(I356,Feuil1!$G$11:$L$25,5),IF(AND(H356>1997,H356<2000),VLOOKUP(I356,Feuil1!$G$11:$L$25,4),IF(AND(H356>1999,H356<2002),VLOOKUP(I356,Feuil1!$G$11:$L$25,3),VLOOKUP(I356,Feuil1!$G$11:$L$25,2)))))))","v":"S77"},299.33594983546266,null," ",{"$f":"T356-HLOOKUP(X356,Feuil1!$C$1:$BL$10,2,FALSE)","v":87},{"$f":"T356-HLOOKUP(X356,Feuil1!$C$1:$BL$10,3,FALSE)","v":67},{"$f":"T356-HLOOKUP(X356,Feuil1!$C$1:$BL$10,4,FALSE)","v":47},{"$f":"T356-HLOOKUP(X356,Feuil1!$C$1:$BL$10,5,FALSE)","v":27},{"$f":"T356-HLOOKUP(X356,Feuil1!$C$1:$BL$10,6,FALSE)","v":-3},{"$f":"T356-HLOOKUP(X356,Feuil1!$C$1:$BL$10,7,FALSE)","v":-28},{"$f":"T356-HLOOKUP(X356,Feuil1!$C$1:$BL$10,8,FALSE)","v":-48},{"$f":"T356-HLOOKUP(X356,Feuil1!$C$1:$BL$10,9,FALSE)","v":-68},{"$f":"T356-HLOOKUP(X356,Feuil1!$C$1:$BL$10,10,FALSE)","v":-83},null,null,null,null,null,null,"IRG +"]
["H","CO","PDL",40,25361,"LECHAT","Kevin",1992,70.7,"CA Evron 53","F",100,105,108,108,120,125,128,128,236,94.6,"IRG +",26,{"$f":"IF(I357=\"\",\"\",IF(A357=\"H\",IF(OR(H357=\"SEN\",H357<1995),VLOOKUP(I357,Feuil1!$A$11:$F$29,6),IF(AND(H357>1994,H357<1998),VLOOKUP(I357,Feuil1!$A$11:$F$29,5),IF(AND(H357>1997,H357<2000),VLOOKUP(I357,Feuil1!$A$11:$F$29,4),IF(AND(H357>1999,H357<2002),VLOOKUP(I357,Feuil1!$A$11:$F$29,3),VLOOKUP(I357,Feuil1!$A$11:$F$29,2))))),IF(OR(H357=\"SEN\",H357<1995),VLOOKUP(I357,Feuil1!$G$11:$L$25,6),IF(AND(H357>1994,H357<1998),VLOOKUP(I357,Feuil1!$G$11:$L$25,5),IF(AND(H357>1997,H357<2000),VLOOKUP(I357,Feuil1!$G$11:$L$25,4),IF(AND(H357>1999,H357<2002),VLOOKUP(I357,Feuil1!$G$11:$L$25,3),VLOOKUP(I357,Feuil1!$G$11:$L$25,2)))))))","v":"S77"},312.63999851101829,null," ",{"$f":"T357-HLOOKUP(X357,Feuil1!$C$1:$BL$10,2,FALSE)","v":86},{"$f":"T357-HLOOKUP(X357,Feuil1!$C$1:$BL$10,3,FALSE)","v":66},{"$f":"T357-HLOOKUP(X357,Feuil1!$C$1:$BL$10,4,FALSE)","v":46},{"$f":"T357-HLOOKUP(X357,Feuil1!$C$1:$BL$10,5,FALSE)","v":26},{"$f":"T357-HLOOKUP(X357,Feuil1!$C$1:$BL$10,6,FALSE)","v":-4},{"$f":"T357-HLOOKUP(X357,Feuil1!$C$1:$BL$10,7,FALSE)","v":-29},{"$f":"T357-HLOOKUP(X357,Feuil1!$C$1:$BL$10,8,FALSE)","v":-49},{"$f":"T357-HLOOKUP(X357,Feuil1!$C$1:$BL$10,9,FALSE)","v":-69},{"$f":"T357-HLOOKUP(X357,Feuil1!$C$1:$BL$10,10,FALSE)","v":-84},null,null,null,null,null,null,"IRG +"]
["H","N","IDF",41,300037,"DUBROUSKI","MAKSIM",1981,71.3,"CHAVILLE","Blr",94,100,103,103,120,127,131,131,234,91.4,"IRG +",24,{"$f":"IF(I358=\"\",\"\",IF(A358=\"H\",IF(OR(H358=\"SEN\",H358<1995),VLOOKUP(I358,Feuil1!$A$11:$F$29,6),IF(AND(H358>1994,H358<1998),VLOOKUP(I358,Feuil1!$A$11:$F$29,5),IF(AND(H358>1997,H358<2000),VLOOKUP(I358,Feuil1!$A$11:$F$29,4),IF(AND(H358>1999,H358<2002),VLOOKUP(I358,Feuil1!$A$11:$F$29,3),VLOOKUP(I358,Feuil1!$A$11:$F$29,2))))),IF(OR(H358=\"SEN\",H358<1995),VLOOKUP(I358,Feuil1!$G$11:$L$25,6),IF(AND(H358>1994,H358<1998),VLOOKUP(I358,Feuil1!$G$11:$L$25,5),IF(AND(H358>1997,H358<2000),VLOOKUP(I358,Feuil1!$G$11:$L$25,4),IF(AND(H358>1999,H358<2002),VLOOKUP(I358,Feuil1!$G$11:$L$25,3),VLOOKUP(I358,Feuil1!$G$11:$L$25,2)))))))","v":"S77"},308.37047652348349,null," ",{"$f":"T358-HLOOKUP(X358,Feuil1!$C$1:$BL$10,2,FALSE)","v":84},{"$f":"T358-HLOOKUP(X358,Feuil1!$C$1:$BL$10,3,FALSE)","v":64},{"$f":"T358-HLOOKUP(X358,Feuil1!$C$1:$BL$10,4,FALSE)","v":44},{"$f":"T358-HLOOKUP(X358,Feuil1!$C$1:$BL$10,5,FALSE)","v":24},{"$f":"T358-HLOOKUP(X358,Feuil1!$C$1:$BL$10,6,FALSE)","v":-6},{"$f":"T358-HLOOKUP(X358,Feuil1!$C$1:$BL$10,7,FALSE)","v":-31},{"$f":"T358-HLOOKUP(X358,Feuil1!$C$1:$BL$10,8,FALSE)","v":-51},{"$f":"T358-HLOOKUP(X358,Feuil1!$C$1:$BL$10,9,FALSE)","v":-71},{"$f":"T358-HLOOKUP(X358,Feuil1!$C$1:$BL$10,10,FALSE)","v":-86},null,null,null,null,null,null,"IRG +"]
["H","SEST","PRO",42,1852,"DEBARROS","Daniel",1984,75.8,"ISTRES SPORTS","F",100,-105,-105,100,125,133,-138,133,233,81.400000000000006,"IRG +",23,{"$f":"IF(I359=\"\",\"\",IF(A359=\"H\",IF(OR(H359=\"SEN\",H359<1995),VLOOKUP(I359,Feuil1!$A$11:$F$29,6),IF(AND(H359>1994,H359<1998),VLOOKUP(I359,Feuil1!$A$11:$F$29,5),IF(AND(H359>1997,H359<2000),VLOOKUP(I359,Feuil1!$A$11:$F$29,4),IF(AND(H359>1999,H359<2002),VLOOKUP(I359,Feuil1!$A$11:$F$29,3),VLOOKUP(I359,Feuil1!$A$11:$F$29,2))))),IF(OR(H359=\"SEN\",H359<1995),VLOOKUP(I359,Feuil1!$G$11:$L$25,6),IF(AND(H359>1994,H359<1998),VLOOKUP(I359,Feuil1!$G$11:$L$25,5),IF(AND(H359>1997,H359<2000),VLOOKUP(I359,Feuil1!$G$11:$L$25,4),IF(AND(H359>1999,H359<2002),VLOOKUP(I359,Feuil1!$G$11:$L$25,3),VLOOKUP(I359,Feuil1!$G$11:$L$25,2)))))))","v":"S77"},296.0541808073379,null," ",{"$f":"T359-HLOOKUP(X359,Feuil1!$C$1:$BL$10,2,FALSE)","v":83},{"$f":"T359-HLOOKUP(X359,Feuil1!$C$1:$BL$10,3,FALSE)","v":63},{"$f":"T359-HLOOKUP(X359,Feuil1!$C$1:$BL$10,4,FALSE)","v":43},{"$f":"T359-HLOOKUP(X359,Feuil1!$C$1:$BL$10,5,FALSE)","v":23},{"$f":"T359-HLOOKUP(X359,Feuil1!$C$1:$BL$10,6,FALSE)","v":-7},{"$f":"T359-HLOOKUP(X359,Feuil1!$C$1:$BL$10,7,FALSE)","v":-32},{"$f":"T359-HLOOKUP(X359,Feuil1!$C$1:$BL$10,8,FALSE)","v":-52},{"$f":"T359-HLOOKUP(X359,Feuil1!$C$1:$BL$10,9,FALSE)","v":-72},{"$f":"T359-HLOOKUP(X359,Feuil1!$C$1:$BL$10,10,FALSE)","v":-87},null,null,null,null,null,null,"IRG +"]
["H","ZCO","CEN",43,190039,"CHASSIGNEUX","Maverick",1994,72.400000000000006,"CM Orléans","F",95,102,107,107,115,120,125,125,232,87.199999999999989,"IRG +",22,{"$f":"IF(I360=\"\",\"\",IF(A360=\"H\",IF(OR(H360=\"SEN\",H360<1995),VLOOKUP(I360,Feuil1!$A$11:$F$29,6),IF(AND(H360>1994,H360<1998),VLOOKUP(I360,Feuil1!$A$11:$F$29,5),IF(AND(H360>1997,H360<2000),VLOOKUP(I360,Feuil1!$A$11:$F$29,4),IF(AND(H360>1999,H360<2002),VLOOKUP(I360,Feuil1!$A$11:$F$29,3),VLOOKUP(I360,Feuil1!$A$11:$F$29,2))))),IF(OR(H360=\"SEN\",H360<1995),VLOOKUP(I360,Feuil1!$G$11:$L$25,6),IF(AND(H360>1994,H360<1998),VLOOKUP(I360,Feuil1!$G$11:$L$25,5),IF(AND(H360>1997,H360<2000),VLOOKUP(I360,Feuil1!$G$11:$L$25,4),IF(AND(H360>1999,H360<2002),VLOOKUP(I360,Feuil1!$G$11:$L$25,3),VLOOKUP(I360,Feuil1!$G$11:$L$25,2)))))))","v":"S77"},302.88431455012051,null," ",{"$f":"T360-HLOOKUP(X360,Feuil1!$C$1:$BL$10,2,FALSE)","v":82},{"$f":"T360-HLOOKUP(X360,Feuil1!$C$1:$BL$10,3,FALSE)","v":62},{"$f":"T360-HLOOKUP(X360,Feuil1!$C$1:$BL$10,4,FALSE)","v":42},{"$f":"T360-HLOOKUP(X360,Feuil1!$C$1:$BL$10,5,FALSE)","v":22},{"$f":"T360-HLOOKUP(X360,Feuil1!$C$1:$BL$10,6,FALSE)","v":-8},{"$f":"T360-HLOOKUP(X360,Feuil1!$C$1:$BL$10,7,FALSE)","v":-33},{"$f":"T360-HLOOKUP(X360,Feuil1!$C$1:$BL$10,8,FALSE)","v":-53},{"$f":"T360-HLOOKUP(X360,Feuil1!$C$1:$BL$10,9,FALSE)","v":-73},{"$f":"T360-HLOOKUP(X360,Feuil1!$C$1:$BL$10,10,FALSE)","v":-88},null,null,null,null,null,null,"IRG +"]
["H","NORD","PIC",44,240195,"ALEXANDRE","Tony",1994,70.599999999999994,"La Ferté Milon CMHM","F",90,95,100,100,120,125,130,130,230,88.800000000000011,"IRG +",20,{"$f":"IF(I361=\"\",\"\",IF(A361=\"H\",IF(OR(H361=\"SEN\",H361<1995),VLOOKUP(I361,Feuil1!$A$11:$F$29,6),IF(AND(H361>1994,H361<1998),VLOOKUP(I361,Feuil1!$A$11:$F$29,5),IF(AND(H361>1997,H361<2000),VLOOKUP(I361,Feuil1!$A$11:$F$29,4),IF(AND(H361>1999,H361<2002),VLOOKUP(I361,Feuil1!$A$11:$F$29,3),VLOOKUP(I361,Feuil1!$A$11:$F$29,2))))),IF(OR(H361=\"SEN\",H361<1995),VLOOKUP(I361,Feuil1!$G$11:$L$25,6),IF(AND(H361>1994,H361<1998),VLOOKUP(I361,Feuil1!$G$11:$L$25,5),IF(AND(H361>1997,H361<2000),VLOOKUP(I361,Feuil1!$G$11:$L$25,4),IF(AND(H361>1999,H361<2002),VLOOKUP(I361,Feuil1!$G$11:$L$25,3),VLOOKUP(I361,Feuil1!$G$11:$L$25,2)))))))","v":"S77"},304.96051268841569,null," ",{"$f":"T361-HLOOKUP(X361,Feuil1!$C$1:$BL$10,2,FALSE)","v":80},{"$f":"T361-HLOOKUP(X361,Feuil1!$C$1:$BL$10,3,FALSE)","v":60},{"$f":"T361-HLOOKUP(X361,Feuil1!$C$1:$BL$10,4,FALSE)","v":40},{"$f":"T361-HLOOKUP(X361,Feuil1!$C$1:$BL$10,5,FALSE)","v":20},{"$f":"T361-HLOOKUP(X361,Feuil1!$C$1:$BL$10,6,FALSE)","v":-10},{"$f":"T361-HLOOKUP(X361,Feuil1!$C$1:$BL$10,7,FALSE)","v":-35},{"$f":"T361-HLOOKUP(X361,Feuil1!$C$1:$BL$10,8,FALSE)","v":-55},{"$f":"T361-HLOOKUP(X361,Feuil1!$C$1:$BL$10,9,FALSE)","v":-75},{"$f":"T361-HLOOKUP(X361,Feuil1!$C$1:$BL$10,10,FALSE)","v":-90},null,null,null,null,null,null,"IRG +"]
["H","ZCO","BRE",45,75189,"LE GUERN","Alexandre",1984,69.2,"AL Quimper","F",98,102,-104,102,122,127,-130,127,229,90.6,"IRG +",19,{"$f":"IF(I362=\"\",\"\",IF(A362=\"H\",IF(OR(H362=\"SEN\",H362<1995),VLOOKUP(I362,Feuil1!$A$11:$F$29,6),IF(AND(H362>1994,H362<1998),VLOOKUP(I362,Feuil1!$A$11:$F$29,5),IF(AND(H362>1997,H362<2000),VLOOKUP(I362,Feuil1!$A$11:$F$29,4),IF(AND(H362>1999,H362<2002),VLOOKUP(I362,Feuil1!$A$11:$F$29,3),VLOOKUP(I362,Feuil1!$A$11:$F$29,2))))),IF(OR(H362=\"SEN\",H362<1995),VLOOKUP(I362,Feuil1!$G$11:$L$25,6),IF(AND(H362>1994,H362<1998),VLOOKUP(I362,Feuil1!$G$11:$L$25,5),IF(AND(H362>1997,H362<2000),VLOOKUP(I362,Feuil1!$G$11:$L$25,4),IF(AND(H362>1999,H362<2002),VLOOKUP(I362,Feuil1!$G$11:$L$25,3),VLOOKUP(I362,Feuil1!$G$11:$L$25,2)))))))","v":"S77"},307.49542707997489,null," ",{"$f":"T362-HLOOKUP(X362,Feuil1!$C$1:$BL$10,2,FALSE)","v":79},{"$f":"T362-HLOOKUP(X362,Feuil1!$C$1:$BL$10,3,FALSE)","v":59},{"$f":"T362-HLOOKUP(X362,Feuil1!$C$1:$BL$10,4,FALSE)","v":39},{"$f":"T362-HLOOKUP(X362,Feuil1!$C$1:$BL$10,5,FALSE)","v":19},{"$f":"T362-HLOOKUP(X362,Feuil1!$C$1:$BL$10,6,FALSE)","v":-11},{"$f":"T362-HLOOKUP(X362,Feuil1!$C$1:$BL$10,7,FALSE)","v":-36},{"$f":"T362-HLOOKUP(X362,Feuil1!$C$1:$BL$10,8,FALSE)","v":-56},{"$f":"T362-HLOOKUP(X362,Feuil1!$C$1:$BL$10,9,FALSE)","v":-76},{"$f":"T362-HLOOKUP(X362,Feuil1!$C$1:$BL$10,10,FALSE)","v":-91},null,null,null,null,null,null,"IRG +"]
["H","NE","FCO",46,28338,"JEGAN","Thaya",1982,69.599999999999994,"CH Luxeuil","F",-101,101,-105,101,123,128,-131,128,229,89.800000000000011,"IRG +",19,{"$f":"IF(I363=\"\",\"\",IF(A363=\"H\",IF(OR(H363=\"SEN\",H363<1995),VLOOKUP(I363,Feuil1!$A$11:$F$29,6),IF(AND(H363>1994,H363<1998),VLOOKUP(I363,Feuil1!$A$11:$F$29,5),IF(AND(H363>1997,H363<2000),VLOOKUP(I363,Feuil1!$A$11:$F$29,4),IF(AND(H363>1999,H363<2002),VLOOKUP(I363,Feuil1!$A$11:$F$29,3),VLOOKUP(I363,Feuil1!$A$11:$F$29,2))))),IF(OR(H363=\"SEN\",H363<1995),VLOOKUP(I363,Feuil1!$G$11:$L$25,6),IF(AND(H363>1994,H363<1998),VLOOKUP(I363,Feuil1!$G$11:$L$25,5),IF(AND(H363>1997,H363<2000),VLOOKUP(I363,Feuil1!$G$11:$L$25,4),IF(AND(H363>1999,H363<2002),VLOOKUP(I363,Feuil1!$G$11:$L$25,3),VLOOKUP(I363,Feuil1!$G$11:$L$25,2)))))))","v":"S77"},306.37072550679875,null," ",{"$f":"T363-HLOOKUP(X363,Feuil1!$C$1:$BL$10,2,FALSE)","v":79},{"$f":"T363-HLOOKUP(X363,Feuil1!$C$1:$BL$10,3,FALSE)","v":59},{"$f":"T363-HLOOKUP(X363,Feuil1!$C$1:$BL$10,4,FALSE)","v":39},{"$f":"T363-HLOOKUP(X363,Feuil1!$C$1:$BL$10,5,FALSE)","v":19},{"$f":"T363-HLOOKUP(X363,Feuil1!$C$1:$BL$10,6,FALSE)","v":-11},{"$f":"T363-HLOOKUP(X363,Feuil1!$C$1:$BL$10,7,FALSE)","v":-36},{"$f":"T363-HLOOKUP(X363,Feuil1!$C$1:$BL$10,8,FALSE)","v":-56},{"$f":"T363-HLOOKUP(X363,Feuil1!$C$1:$BL$10,9,FALSE)","v":-76},{"$f":"T363-HLOOKUP(X363,Feuil1!$C$1:$BL$10,10,FALSE)","v":-91},null,null,null,null,null,null,"IRG +"]
["H","CO","BNO",47,32517,"FARIA VILACA","Alexandre",1992,75.099999999999994,"Stade St Lois","F",96,100,-104,100,120,125,128,128,228,77.800000000000011,"IRG +",18,{"$f":"IF(I364=\"\",\"\",IF(A364=\"H\",IF(OR(H364=\"SEN\",H364<1995),VLOOKUP(I364,Feuil1!$A$11:$F$29,6),IF(AND(H364>1994,H364<1998),VLOOKUP(I364,Feuil1!$A$11:$F$29,5),IF(AND(H364>1997,H364<2000),VLOOKUP(I364,Feuil1!$A$11:$F$29,4),IF(AND(H364>1999,H364<2002),VLOOKUP(I364,Feuil1!$A$11:$F$29,3),VLOOKUP(I364,Feuil1!$A$11:$F$29,2))))),IF(OR(H364=\"SEN\",H364<1995),VLOOKUP(I364,Feuil1!$G$11:$L$25,6),IF(AND(H364>1994,H364<1998),VLOOKUP(I364,Feuil1!$G$11:$L$25,5),IF(AND(H364>1997,H364<2000),VLOOKUP(I364,Feuil1!$G$11:$L$25,4),IF(AND(H364>1999,H364<2002),VLOOKUP(I364,Feuil1!$G$11:$L$25,3),VLOOKUP(I364,Feuil1!$G$11:$L$25,2)))))))","v":"S77"},291.25904263971933,null," ",{"$f":"T364-HLOOKUP(X364,Feuil1!$C$1:$BL$10,2,FALSE)","v":78},{"$f":"T364-HLOOKUP(X364,Feuil1!$C$1:$BL$10,3,FALSE)","v":58},{"$f":"T364-HLOOKUP(X364,Feuil1!$C$1:$BL$10,4,FALSE)","v":38},{"$f":"T364-HLOOKUP(X364,Feuil1!$C$1:$BL$10,5,FALSE)","v":18},{"$f":"T364-HLOOKUP(X364,Feuil1!$C$1:$BL$10,6,FALSE)","v":-12},{"$f":"T364-HLOOKUP(X364,Feuil1!$C$1:$BL$10,7,FALSE)","v":-37},{"$f":"T364-HLOOKUP(X364,Feuil1!$C$1:$BL$10,8,FALSE)","v":-57},{"$f":"T364-HLOOKUP(X364,Feuil1!$C$1:$BL$10,9,FALSE)","v":-77},{"$f":"T364-HLOOKUP(X364,Feuil1!$C$1:$BL$10,10,FALSE)","v":-92},null,null,null,null,null,null,"IRG +"]
["H","NORD","PIC",48,75095,"JEROME","Kévin",1992,73.16,"Senlis Ligne & Forme","F",97,102,-106,102,120,125,-130,125,227,80.680000000000007,"IRG +",17,{"$f":"IF(I365=\"\",\"\",IF(A365=\"H\",IF(OR(H365=\"SEN\",H365<1995),VLOOKUP(I365,Feuil1!$A$11:$F$29,6),IF(AND(H365>1994,H365<1998),VLOOKUP(I365,Feuil1!$A$11:$F$29,5),IF(AND(H365>1997,H365<2000),VLOOKUP(I365,Feuil1!$A$11:$F$29,4),IF(AND(H365>1999,H365<2002),VLOOKUP(I365,Feuil1!$A$11:$F$29,3),VLOOKUP(I365,Feuil1!$A$11:$F$29,2))))),IF(OR(H365=\"SEN\",H365<1995),VLOOKUP(I365,Feuil1!$G$11:$L$25,6),IF(AND(H365>1994,H365<1998),VLOOKUP(I365,Feuil1!$G$11:$L$25,5),IF(AND(H365>1997,H365<2000),VLOOKUP(I365,Feuil1!$G$11:$L$25,4),IF(AND(H365>1999,H365<2002),VLOOKUP(I365,Feuil1!$G$11:$L$25,3),VLOOKUP(I365,Feuil1!$G$11:$L$25,2)))))))","v":"S77"},294.49652815533642,null," ",{"$f":"T365-HLOOKUP(X365,Feuil1!$C$1:$BL$10,2,FALSE)","v":77},{"$f":"T365-HLOOKUP(X365,Feuil1!$C$1:$BL$10,3,FALSE)","v":57},{"$f":"T365-HLOOKUP(X365,Feuil1!$C$1:$BL$10,4,FALSE)","v":37},{"$f":"T365-HLOOKUP(X365,Feuil1!$C$1:$BL$10,5,FALSE)","v":17},{"$f":"T365-HLOOKUP(X365,Feuil1!$C$1:$BL$10,6,FALSE)","v":-13},{"$f":"T365-HLOOKUP(X365,Feuil1!$C$1:$BL$10,7,FALSE)","v":-38},{"$f":"T365-HLOOKUP(X365,Feuil1!$C$1:$BL$10,8,FALSE)","v":-58},{"$f":"T365-HLOOKUP(X365,Feuil1!$C$1:$BL$10,9,FALSE)","v":-78},{"$f":"T365-HLOOKUP(X365,Feuil1!$C$1:$BL$10,10,FALSE)","v":-93},null,null,null,null,null,null,"IRG +"]
["H","SEST","RAL",49,171427,"SEIGNEMARTIN","Loïc",1993,73.599999999999994,"OYONNAX","F",102,-105,106,106,115,-120,120,120,226,78.800000000000011,"IRG +",16,{"$f":"IF(I366=\"\",\"\",IF(A366=\"H\",IF(OR(H366=\"SEN\",H366<1995),VLOOKUP(I366,Feuil1!$A$11:$F$29,6),IF(AND(H366>1994,H366<1998),VLOOKUP(I366,Feuil1!$A$11:$F$29,5),IF(AND(H366>1997,H366<2000),VLOOKUP(I366,Feuil1!$A$11:$F$29,4),IF(AND(H366>1999,H366<2002),VLOOKUP(I366,Feuil1!$A$11:$F$29,3),VLOOKUP(I366,Feuil1!$A$11:$F$29,2))))),IF(OR(H366=\"SEN\",H366<1995),VLOOKUP(I366,Feuil1!$G$11:$L$25,6),IF(AND(H366>1994,H366<1998),VLOOKUP(I366,Feuil1!$G$11:$L$25,5),IF(AND(H366>1997,H366<2000),VLOOKUP(I366,Feuil1!$G$11:$L$25,4),IF(AND(H366>1999,H366<2002),VLOOKUP(I366,Feuil1!$G$11:$L$25,3),VLOOKUP(I366,Feuil1!$G$11:$L$25,2)))))))","v":"S77"},292.15099229281429,null," ",{"$f":"T366-HLOOKUP(X366,Feuil1!$C$1:$BL$10,2,FALSE)","v":76},{"$f":"T366-HLOOKUP(X366,Feuil1!$C$1:$BL$10,3,FALSE)","v":56},{"$f":"T366-HLOOKUP(X366,Feuil1!$C$1:$BL$10,4,FALSE)","v":36},{"$f":"T366-HLOOKUP(X366,Feuil1!$C$1:$BL$10,5,FALSE)","v":16},{"$f":"T366-HLOOKUP(X366,Feuil1!$C$1:$BL$10,6,FALSE)","v":-14},{"$f":"T366-HLOOKUP(X366,Feuil1!$C$1:$BL$10,7,FALSE)","v":-39},{"$f":"T366-HLOOKUP(X366,Feuil1!$C$1:$BL$10,8,FALSE)","v":-59},{"$f":"T366-HLOOKUP(X366,Feuil1!$C$1:$BL$10,9,FALSE)","v":-79},{"$f":"T366-HLOOKUP(X366,Feuil1!$C$1:$BL$10,10,FALSE)","v":-94},null,null,null,null,null,null,"IRG +"]
["H","CO","PDL",50,366255,"COGNON","Jonathan",1990,69.099999999999994,"CJF Laval-Voutré","F",95,100,-105,100,120,125,-128,125,225,86.800000000000011,"IRG +",15,{"$f":"IF(I367=\"\",\"\",IF(A367=\"H\",IF(OR(H367=\"SEN\",H367<1995),VLOOKUP(I367,Feuil1!$A$11:$F$29,6),IF(AND(H367>1994,H367<1998),VLOOKUP(I367,Feuil1!$A$11:$F$29,5),IF(AND(H367>1997,H367<2000),VLOOKUP(I367,Feuil1!$A$11:$F$29,4),IF(AND(H367>1999,H367<2002),VLOOKUP(I367,Feuil1!$A$11:$F$29,3),VLOOKUP(I367,Feuil1!$A$11:$F$29,2))))),IF(OR(H367=\"SEN\",H367<1995),VLOOKUP(I367,Feuil1!$G$11:$L$25,6),IF(AND(H367>1994,H367<1998),VLOOKUP(I367,Feuil1!$G$11:$L$25,5),IF(AND(H367>1997,H367<2000),VLOOKUP(I367,Feuil1!$G$11:$L$25,4),IF(AND(H367>1999,H367<2002),VLOOKUP(I367,Feuil1!$G$11:$L$25,3),VLOOKUP(I367,Feuil1!$G$11:$L$25,2)))))))","v":"S77"},302.40331377095634,null," ",{"$f":"T367-HLOOKUP(X367,Feuil1!$C$1:$BL$10,2,FALSE)","v":75},{"$f":"T367-HLOOKUP(X367,Feuil1!$C$1:$BL$10,3,FALSE)","v":55},{"$f":"T367-HLOOKUP(X367,Feuil1!$C$1:$BL$10,4,FALSE)","v":35},{"$f":"T367-HLOOKUP(X367,Feuil1!$C$1:$BL$10,5,FALSE)","v":15},{"$f":"T367-HLOOKUP(X367,Feuil1!$C$1:$BL$10,6,FALSE)","v":-15},{"$f":"T367-HLOOKUP(X367,Feuil1!$C$1:$BL$10,7,FALSE)","v":-40},{"$f":"T367-HLOOKUP(X367,Feuil1!$C$1:$BL$10,8,FALSE)","v":-60},{"$f":"T367-HLOOKUP(X367,Feuil1!$C$1:$BL$10,9,FALSE)","v":-80},{"$f":"T367-HLOOKUP(X367,Feuil1!$C$1:$BL$10,10,FALSE)","v":-95},null,null,null,null,null,null,"IRG +"]
["H","SO","MPY",51,144700,"FRANCOUAL","Loïck",1994,77,"FIGEAC HC","F",90,100,105,105,-115,115,120,120,225,71,"IRG +",15,{"$f":"IF(I368=\"\",\"\",IF(A368=\"H\",IF(OR(H368=\"SEN\",H368<1995),VLOOKUP(I368,Feuil1!$A$11:$F$29,6),IF(AND(H368>1994,H368<1998),VLOOKUP(I368,Feuil1!$A$11:$F$29,5),IF(AND(H368>1997,H368<2000),VLOOKUP(I368,Feuil1!$A$11:$F$29,4),IF(AND(H368>1999,H368<2002),VLOOKUP(I368,Feuil1!$A$11:$F$29,3),VLOOKUP(I368,Feuil1!$A$11:$F$29,2))))),IF(OR(H368=\"SEN\",H368<1995),VLOOKUP(I368,Feuil1!$G$11:$L$25,6),IF(AND(H368>1994,H368<1998),VLOOKUP(I368,Feuil1!$G$11:$L$25,5),IF(AND(H368>1997,H368<2000),VLOOKUP(I368,Feuil1!$G$11:$L$25,4),IF(AND(H368>1999,H368<2002),VLOOKUP(I368,Feuil1!$G$11:$L$25,3),VLOOKUP(I368,Feuil1!$G$11:$L$25,2)))))))","v":"S77"},283.34341128760832,null," ",{"$f":"T368-HLOOKUP(X368,Feuil1!$C$1:$BL$10,2,FALSE)","v":75},{"$f":"T368-HLOOKUP(X368,Feuil1!$C$1:$BL$10,3,FALSE)","v":55},{"$f":"T368-HLOOKUP(X368,Feuil1!$C$1:$BL$10,4,FALSE)","v":35},{"$f":"T368-HLOOKUP(X368,Feuil1!$C$1:$BL$10,5,FALSE)","v":15},{"$f":"T368-HLOOKUP(X368,Feuil1!$C$1:$BL$10,6,FALSE)","v":-15},{"$f":"T368-HLOOKUP(X368,Feuil1!$C$1:$BL$10,7,FALSE)","v":-40},{"$f":"T368-HLOOKUP(X368,Feuil1!$C$1:$BL$10,8,FALSE)","v":-60},{"$f":"T368-HLOOKUP(X368,Feuil1!$C$1:$BL$10,9,FALSE)","v":-80},{"$f":"T368-HLOOKUP(X368,Feuil1!$C$1:$BL$10,10,FALSE)","v":-95},null,null,null,null,null,null,"IRG +"]
["H","DOM","REU",52,353273,"OMAR","JULIEN",1988,74,"CH TAMPON","F",95,100,-103,100,115,120,123,123,223,75,"IRG +",13,{"$f":"IF(I369=\"\",\"\",IF(A369=\"H\",IF(OR(H369=\"SEN\",H369<1995),VLOOKUP(I369,Feuil1!$A$11:$F$29,6),IF(AND(H369>1994,H369<1998),VLOOKUP(I369,Feuil1!$A$11:$F$29,5),IF(AND(H369>1997,H369<2000),VLOOKUP(I369,Feuil1!$A$11:$F$29,4),IF(AND(H369>1999,H369<2002),VLOOKUP(I369,Feuil1!$A$11:$F$29,3),VLOOKUP(I369,Feuil1!$A$11:$F$29,2))))),IF(OR(H369=\"SEN\",H369<1995),VLOOKUP(I369,Feuil1!$G$11:$L$25,6),IF(AND(H369>1994,H369<1998),VLOOKUP(I369,Feuil1!$G$11:$L$25,5),IF(AND(H369>1997,H369<2000),VLOOKUP(I369,Feuil1!$G$11:$L$25,4),IF(AND(H369>1999,H369<2002),VLOOKUP(I369,Feuil1!$G$11:$L$25,3),VLOOKUP(I369,Feuil1!$G$11:$L$25,2)))))))","v":"S77"},287.34729449500981,null," ",{"$f":"T369-HLOOKUP(X369,Feuil1!$C$1:$BL$10,2,FALSE)","v":73},{"$f":"T369-HLOOKUP(X369,Feuil1!$C$1:$BL$10,3,FALSE)","v":53},{"$f":"T369-HLOOKUP(X369,Feuil1!$C$1:$BL$10,4,FALSE)","v":33},{"$f":"T369-HLOOKUP(X369,Feuil1!$C$1:$BL$10,5,FALSE)","v":13},{"$f":"T369-HLOOKUP(X369,Feuil1!$C$1:$BL$10,6,FALSE)","v":-17},{"$f":"T369-HLOOKUP(X369,Feuil1!$C$1:$BL$10,7,FALSE)","v":-42},{"$f":"T369-HLOOKUP(X369,Feuil1!$C$1:$BL$10,8,FALSE)","v":-62},{"$f":"T369-HLOOKUP(X369,Feuil1!$C$1:$BL$10,9,FALSE)","v":-82},{"$f":"T369-HLOOKUP(X369,Feuil1!$C$1:$BL$10,10,FALSE)","v":-97},null,null,null,null,null,null,"IRG +"]
["H","NORD","PIC",53,6481,"DUHAUTOY","David",1975,76.400000000000006,"Hirson CEHT","F",95,99,102,102,113,118,121,121,223,70.199999999999989,"IRG +",13,{"$f":"IF(I370=\"\",\"\",IF(A370=\"H\",IF(OR(H370=\"SEN\",H370<1995),VLOOKUP(I370,Feuil1!$A$11:$F$29,6),IF(AND(H370>1994,H370<1998),VLOOKUP(I370,Feuil1!$A$11:$F$29,5),IF(AND(H370>1997,H370<2000),VLOOKUP(I370,Feuil1!$A$11:$F$29,4),IF(AND(H370>1999,H370<2002),VLOOKUP(I370,Feuil1!$A$11:$F$29,3),VLOOKUP(I370,Feuil1!$A$11:$F$29,2))))),IF(OR(H370=\"SEN\",H370<1995),VLOOKUP(I370,Feuil1!$G$11:$L$25,6),IF(AND(H370>1994,H370<1998),VLOOKUP(I370,Feuil1!$G$11:$L$25,5),IF(AND(H370>1997,H370<2000),VLOOKUP(I370,Feuil1!$G$11:$L$25,4),IF(AND(H370>1999,H370<2002),VLOOKUP(I370,Feuil1!$G$11:$L$25,3),VLOOKUP(I370,Feuil1!$G$11:$L$25,2)))))))","v":"S77"},282.07262095687361,null," ",{"$f":"T370-HLOOKUP(X370,Feuil1!$C$1:$BL$10,2,FALSE)","v":73},{"$f":"T370-HLOOKUP(X370,Feuil1!$C$1:$BL$10,3,FALSE)","v":53},{"$f":"T370-HLOOKUP(X370,Feuil1!$C$1:$BL$10,4,FALSE)","v":33},{"$f":"T370-HLOOKUP(X370,Feuil1!$C$1:$BL$10,5,FALSE)","v":13},{"$f":"T370-HLOOKUP(X370,Feuil1!$C$1:$BL$10,6,FALSE)","v":-17},{"$f":"T370-HLOOKUP(X370,Feuil1!$C$1:$BL$10,7,FALSE)","v":-42},{"$f":"T370-HLOOKUP(X370,Feuil1!$C$1:$BL$10,8,FALSE)","v":-62},{"$f":"T370-HLOOKUP(X370,Feuil1!$C$1:$BL$10,9,FALSE)","v":-82},{"$f":"T370-HLOOKUP(X370,Feuil1!$C$1:$BL$10,10,FALSE)","v":-97},null,null,null,null,null,null,"IRG +"]
["H","CO","BNO",54,190040,"HORAITIS","DIMITRI",1989,74.5,"Stade St Lois","F",90,95,-102,95,115,122,127,127,222,73,"IRG +",12,{"$f":"IF(I371=\"\",\"\",IF(A371=\"H\",IF(OR(H371=\"SEN\",H371<1995),VLOOKUP(I371,Feuil1!$A$11:$F$29,6),IF(AND(H371>1994,H371<1998),VLOOKUP(I371,Feuil1!$A$11:$F$29,5),IF(AND(H371>1997,H371<2000),VLOOKUP(I371,Feuil1!$A$11:$F$29,4),IF(AND(H371>1999,H371<2002),VLOOKUP(I371,Feuil1!$A$11:$F$29,3),VLOOKUP(I371,Feuil1!$A$11:$F$29,2))))),IF(OR(H371=\"SEN\",H371<1995),VLOOKUP(I371,Feuil1!$G$11:$L$25,6),IF(AND(H371>1994,H371<1998),VLOOKUP(I371,Feuil1!$G$11:$L$25,5),IF(AND(H371>1997,H371<2000),VLOOKUP(I371,Feuil1!$G$11:$L$25,4),IF(AND(H371>1999,H371<2002),VLOOKUP(I371,Feuil1!$G$11:$L$25,3),VLOOKUP(I371,Feuil1!$G$11:$L$25,2)))))))","v":"S77"},284.92609006915438,null," ",{"$f":"T371-HLOOKUP(X371,Feuil1!$C$1:$BL$10,2,FALSE)","v":72},{"$f":"T371-HLOOKUP(X371,Feuil1!$C$1:$BL$10,3,FALSE)","v":52},{"$f":"T371-HLOOKUP(X371,Feuil1!$C$1:$BL$10,4,FALSE)","v":32},{"$f":"T371-HLOOKUP(X371,Feuil1!$C$1:$BL$10,5,FALSE)","v":12},{"$f":"T371-HLOOKUP(X371,Feuil1!$C$1:$BL$10,6,FALSE)","v":-18},{"$f":"T371-HLOOKUP(X371,Feuil1!$C$1:$BL$10,7,FALSE)","v":-43},{"$f":"T371-HLOOKUP(X371,Feuil1!$C$1:$BL$10,8,FALSE)","v":-63},{"$f":"T371-HLOOKUP(X371,Feuil1!$C$1:$BL$10,9,FALSE)","v":-83},{"$f":"T371-HLOOKUP(X371,Feuil1!$C$1:$BL$10,10,FALSE)","v":-98},null,null,null,null,null,null,"IRG +"]
["H","N","IDF",55,245354,"FICO","ENZO",1990,74,"RUEIL ","F",100,105,-108,105,-110,110,116,116,221,73,"IRG +",11,{"$f":"IF(I372=\"\",\"\",IF(A372=\"H\",IF(OR(H372=\"SEN\",H372<1995),VLOOKUP(I372,Feuil1!$A$11:$F$29,6),IF(AND(H372>1994,H372<1998),VLOOKUP(I372,Feuil1!$A$11:$F$29,5),IF(AND(H372>1997,H372<2000),VLOOKUP(I372,Feuil1!$A$11:$F$29,4),IF(AND(H372>1999,H372<2002),VLOOKUP(I372,Feuil1!$A$11:$F$29,3),VLOOKUP(I372,Feuil1!$A$11:$F$29,2))))),IF(OR(H372=\"SEN\",H372<1995),VLOOKUP(I372,Feuil1!$G$11:$L$25,6),IF(AND(H372>1994,H372<1998),VLOOKUP(I372,Feuil1!$G$11:$L$25,5),IF(AND(H372>1997,H372<2000),VLOOKUP(I372,Feuil1!$G$11:$L$25,4),IF(AND(H372>1999,H372<2002),VLOOKUP(I372,Feuil1!$G$11:$L$25,3),VLOOKUP(I372,Feuil1!$G$11:$L$25,2)))))))","v":"S77"},284.77018871478555,null," ",{"$f":"T372-HLOOKUP(X372,Feuil1!$C$1:$BL$10,2,FALSE)","v":71},{"$f":"T372-HLOOKUP(X372,Feuil1!$C$1:$BL$10,3,FALSE)","v":51},{"$f":"T372-HLOOKUP(X372,Feuil1!$C$1:$BL$10,4,FALSE)","v":31},{"$f":"T372-HLOOKUP(X372,Feuil1!$C$1:$BL$10,5,FALSE)","v":11},{"$f":"T372-HLOOKUP(X372,Feuil1!$C$1:$BL$10,6,FALSE)","v":-19},{"$f":"T372-HLOOKUP(X372,Feuil1!$C$1:$BL$10,7,FALSE)","v":-44},{"$f":"T372-HLOOKUP(X372,Feuil1!$C$1:$BL$10,8,FALSE)","v":-64},{"$f":"T372-HLOOKUP(X372,Feuil1!$C$1:$BL$10,9,FALSE)","v":-84},{"$f":"T372-HLOOKUP(X372,Feuil1!$C$1:$BL$10,10,FALSE)","v":-99},null,null,null,null,null,null,"IRG +"]
["H","CO","PDL",56,127418,"DANIEL","Alexandre",1994,76.7,"CJF Laval-Voutré","F",96,-100,100,100,115,118,121,121,221,67.599999999999994,"IRG +",11,{"$f":"IF(I373=\"\",\"\",IF(A373=\"H\",IF(OR(H373=\"SEN\",H373<1995),VLOOKUP(I373,Feuil1!$A$11:$F$29,6),IF(AND(H373>1994,H373<1998),VLOOKUP(I373,Feuil1!$A$11:$F$29,5),IF(AND(H373>1997,H373<2000),VLOOKUP(I373,Feuil1!$A$11:$F$29,4),IF(AND(H373>1999,H373<2002),VLOOKUP(I373,Feuil1!$A$11:$F$29,3),VLOOKUP(I373,Feuil1!$A$11:$F$29,2))))),IF(OR(H373=\"SEN\",H373<1995),VLOOKUP(I373,Feuil1!$G$11:$L$25,6),IF(AND(H373>1994,H373<1998),VLOOKUP(I373,Feuil1!$G$11:$L$25,5),IF(AND(H373>1997,H373<2000),VLOOKUP(I373,Feuil1!$G$11:$L$25,4),IF(AND(H373>1999,H373<2002),VLOOKUP(I373,Feuil1!$G$11:$L$25,3),VLOOKUP(I373,Feuil1!$G$11:$L$25,2)))))))","v":"S77"},278.92114172559701,null," ",{"$f":"T373-HLOOKUP(X373,Feuil1!$C$1:$BL$10,2,FALSE)","v":71},{"$f":"T373-HLOOKUP(X373,Feuil1!$C$1:$BL$10,3,FALSE)","v":51},{"$f":"T373-HLOOKUP(X373,Feuil1!$C$1:$BL$10,4,FALSE)","v":31},{"$f":"T373-HLOOKUP(X373,Feuil1!$C$1:$BL$10,5,FALSE)","v":11},{"$f":"T373-HLOOKUP(X373,Feuil1!$C$1:$BL$10,6,FALSE)","v":-19},{"$f":"T373-HLOOKUP(X373,Feuil1!$C$1:$BL$10,7,FALSE)","v":-44},{"$f":"T373-HLOOKUP(X373,Feuil1!$C$1:$BL$10,8,FALSE)","v":-64},{"$f":"T373-HLOOKUP(X373,Feuil1!$C$1:$BL$10,9,FALSE)","v":-84},{"$f":"T373-HLOOKUP(X373,Feuil1!$C$1:$BL$10,10,FALSE)","v":-99},null,null,null,null,null,null,"IRG +"]
["H","N","IDF",57,303807,"LEVIENNESSE","STEPHANE",1974,73.25,"TORCY","F",95,-99,100,100,115,120,-125,120,220,73.5,"IRG +",10,{"$f":"IF(I374=\"\",\"\",IF(A374=\"H\",IF(OR(H374=\"SEN\",H374<1995),VLOOKUP(I374,Feuil1!$A$11:$F$29,6),IF(AND(H374>1994,H374<1998),VLOOKUP(I374,Feuil1!$A$11:$F$29,5),IF(AND(H374>1997,H374<2000),VLOOKUP(I374,Feuil1!$A$11:$F$29,4),IF(AND(H374>1999,H374<2002),VLOOKUP(I374,Feuil1!$A$11:$F$29,3),VLOOKUP(I374,Feuil1!$A$11:$F$29,2))))),IF(OR(H374=\"SEN\",H374<1995),VLOOKUP(I374,Feuil1!$G$11:$L$25,6),IF(AND(H374>1994,H374<1998),VLOOKUP(I374,Feuil1!$G$11:$L$25,5),IF(AND(H374>1997,H374<2000),VLOOKUP(I374,Feuil1!$G$11:$L$25,4),IF(AND(H374>1999,H374<2002),VLOOKUP(I374,Feuil1!$G$11:$L$25,3),VLOOKUP(I374,Feuil1!$G$11:$L$25,2)))))))","v":"S77"},285.20505328487036,null," ",{"$f":"T374-HLOOKUP(X374,Feuil1!$C$1:$BL$10,2,FALSE)","v":70},{"$f":"T374-HLOOKUP(X374,Feuil1!$C$1:$BL$10,3,FALSE)","v":50},{"$f":"T374-HLOOKUP(X374,Feuil1!$C$1:$BL$10,4,FALSE)","v":30},{"$f":"T374-HLOOKUP(X374,Feuil1!$C$1:$BL$10,5,FALSE)","v":10},{"$f":"T374-HLOOKUP(X374,Feuil1!$C$1:$BL$10,6,FALSE)","v":-20},{"$f":"T374-HLOOKUP(X374,Feuil1!$C$1:$BL$10,7,FALSE)","v":-45},{"$f":"T374-HLOOKUP(X374,Feuil1!$C$1:$BL$10,8,FALSE)","v":-65},{"$f":"T374-HLOOKUP(X374,Feuil1!$C$1:$BL$10,9,FALSE)","v":-85},{"$f":"T374-HLOOKUP(X374,Feuil1!$C$1:$BL$10,10,FALSE)","v":-100},null,null,null,null,null,null,"IRG +"]
["H","NORD","NPC",58,271405,"BUZELIN","Cédric",1994,76,"CAHC BERCK/MER","F",95,100,-104,100,-120,120,"-",120,220,68,"IRG +",10,{"$f":"IF(I375=\"\",\"\",IF(A375=\"H\",IF(OR(H375=\"SEN\",H375<1995),VLOOKUP(I375,Feuil1!$A$11:$F$29,6),IF(AND(H375>1994,H375<1998),VLOOKUP(I375,Feuil1!$A$11:$F$29,5),IF(AND(H375>1997,H375<2000),VLOOKUP(I375,Feuil1!$A$11:$F$29,4),IF(AND(H375>1999,H375<2002),VLOOKUP(I375,Feuil1!$A$11:$F$29,3),VLOOKUP(I375,Feuil1!$A$11:$F$29,2))))),IF(OR(H375=\"SEN\",H375<1995),VLOOKUP(I375,Feuil1!$G$11:$L$25,6),IF(AND(H375>1994,H375<1998),VLOOKUP(I375,Feuil1!$G$11:$L$25,5),IF(AND(H375>1997,H375<2000),VLOOKUP(I375,Feuil1!$G$11:$L$25,4),IF(AND(H375>1999,H375<2002),VLOOKUP(I375,Feuil1!$G$11:$L$25,3),VLOOKUP(I375,Feuil1!$G$11:$L$25,2)))))))","v":"S77"},279.11366480017114,null," ",{"$f":"T375-HLOOKUP(X375,Feuil1!$C$1:$BL$10,2,FALSE)","v":70},{"$f":"T375-HLOOKUP(X375,Feuil1!$C$1:$BL$10,3,FALSE)","v":50},{"$f":"T375-HLOOKUP(X375,Feuil1!$C$1:$BL$10,4,FALSE)","v":30},{"$f":"T375-HLOOKUP(X375,Feuil1!$C$1:$BL$10,5,FALSE)","v":10},{"$f":"T375-HLOOKUP(X375,Feuil1!$C$1:$BL$10,6,FALSE)","v":-20},{"$f":"T375-HLOOKUP(X375,Feuil1!$C$1:$BL$10,7,FALSE)","v":-45},{"$f":"T375-HLOOKUP(X375,Feuil1!$C$1:$BL$10,8,FALSE)","v":-65},{"$f":"T375-HLOOKUP(X375,Feuil1!$C$1:$BL$10,9,FALSE)","v":-85},{"$f":"T375-HLOOKUP(X375,Feuil1!$C$1:$BL$10,10,FALSE)","v":-100},null,null,null,null,null,null,"IRG +"]
["H","CO","BNO",59,113896,"LECLERC HAIRIE","Romain",1988,76.7,"Caen CHM","F",95,-98,-99,95,120,125,-127,125,220,66.599999999999994,"IRG +",10,{"$f":"IF(I376=\"\",\"\",IF(A376=\"H\",IF(OR(H376=\"SEN\",H376<1995),VLOOKUP(I376,Feuil1!$A$11:$F$29,6),IF(AND(H376>1994,H376<1998),VLOOKUP(I376,Feuil1!$A$11:$F$29,5),IF(AND(H376>1997,H376<2000),VLOOKUP(I376,Feuil1!$A$11:$F$29,4),IF(AND(H376>1999,H376<2002),VLOOKUP(I376,Feuil1!$A$11:$F$29,3),VLOOKUP(I376,Feuil1!$A$11:$F$29,2))))),IF(OR(H376=\"SEN\",H376<1995),VLOOKUP(I376,Feuil1!$G$11:$L$25,6),IF(AND(H376>1994,H376<1998),VLOOKUP(I376,Feuil1!$G$11:$L$25,5),IF(AND(H376>1997,H376<2000),VLOOKUP(I376,Feuil1!$G$11:$L$25,4),IF(AND(H376>1999,H376<2002),VLOOKUP(I376,Feuil1!$G$11:$L$25,3),VLOOKUP(I376,Feuil1!$G$11:$L$25,2)))))))","v":"S77"},277.65905511145405,null," ",{"$f":"T376-HLOOKUP(X376,Feuil1!$C$1:$BL$10,2,FALSE)","v":70},{"$f":"T376-HLOOKUP(X376,Feuil1!$C$1:$BL$10,3,FALSE)","v":50},{"$f":"T376-HLOOKUP(X376,Feuil1!$C$1:$BL$10,4,FALSE)","v":30},{"$f":"T376-HLOOKUP(X376,Feuil1!$C$1:$BL$10,5,FALSE)","v":10},{"$f":"T376-HLOOKUP(X376,Feuil1!$C$1:$BL$10,6,FALSE)","v":-20},{"$f":"T376-HLOOKUP(X376,Feuil1!$C$1:$BL$10,7,FALSE)","v":-45},{"$f":"T376-HLOOKUP(X376,Feuil1!$C$1:$BL$10,8,FALSE)","v":-65},{"$f":"T376-HLOOKUP(X376,Feuil1!$C$1:$BL$10,9,FALSE)","v":-85},{"$f":"T376-HLOOKUP(X376,Feuil1!$C$1:$BL$10,10,FALSE)","v":-100},null,null,null,null,null,null,"IRG +"]
["H","N","IDF",60,236,"COLIN","BRUNO",1964,76.900000000000006,"FRANCONVILLE","F",95,-98,98,98,117,120,122,122,220,66.199999999999989,"IRG +",10,{"$f":"IF(I377=\"\",\"\",IF(A377=\"H\",IF(OR(H377=\"SEN\",H377<1995),VLOOKUP(I377,Feuil1!$A$11:$F$29,6),IF(AND(H377>1994,H377<1998),VLOOKUP(I377,Feuil1!$A$11:$F$29,5),IF(AND(H377>1997,H377<2000),VLOOKUP(I377,Feuil1!$A$11:$F$29,4),IF(AND(H377>1999,H377<2002),VLOOKUP(I377,Feuil1!$A$11:$F$29,3),VLOOKUP(I377,Feuil1!$A$11:$F$29,2))))),IF(OR(H377=\"SEN\",H377<1995),VLOOKUP(I377,Feuil1!$G$11:$L$25,6),IF(AND(H377>1994,H377<1998),VLOOKUP(I377,Feuil1!$G$11:$L$25,5),IF(AND(H377>1997,H377<2000),VLOOKUP(I377,Feuil1!$G$11:$L$25,4),IF(AND(H377>1999,H377<2002),VLOOKUP(I377,Feuil1!$G$11:$L$25,3),VLOOKUP(I377,Feuil1!$G$11:$L$25,2)))))))","v":"S77"},277.25020661559944,null," ",{"$f":"T377-HLOOKUP(X377,Feuil1!$C$1:$BL$10,2,FALSE)","v":70},{"$f":"T377-HLOOKUP(X377,Feuil1!$C$1:$BL$10,3,FALSE)","v":50},{"$f":"T377-HLOOKUP(X377,Feuil1!$C$1:$BL$10,4,FALSE)","v":30},{"$f":"T377-HLOOKUP(X377,Feuil1!$C$1:$BL$10,5,FALSE)","v":10},{"$f":"T377-HLOOKUP(X377,Feuil1!$C$1:$BL$10,6,FALSE)","v":-20},{"$f":"T377-HLOOKUP(X377,Feuil1!$C$1:$BL$10,7,FALSE)","v":-45},{"$f":"T377-HLOOKUP(X377,Feuil1!$C$1:$BL$10,8,FALSE)","v":-65},{"$f":"T377-HLOOKUP(X377,Feuil1!$C$1:$BL$10,9,FALSE)","v":-85},{"$f":"T377-HLOOKUP(X377,Feuil1!$C$1:$BL$10,10,FALSE)","v":-100},null,null,null,null,null,null,"IRG +"]
["H","DOM","REU",61,194173,"MARKA","Alexandre",1976,75.709999999999994,"CSPJ St Denis","F",97,-103,-103,97,117,122,-127,122,219,67.580000000000013,"IRG +",9,{"$f":"IF(I378=\"\",\"\",IF(A378=\"H\",IF(OR(H378=\"SEN\",H378<1995),VLOOKUP(I378,Feuil1!$A$11:$F$29,6),IF(AND(H378>1994,H378<1998),VLOOKUP(I378,Feuil1!$A$11:$F$29,5),IF(AND(H378>1997,H378<2000),VLOOKUP(I378,Feuil1!$A$11:$F$29,4),IF(AND(H378>1999,H378<2002),VLOOKUP(I378,Feuil1!$A$11:$F$29,3),VLOOKUP(I378,Feuil1!$A$11:$F$29,2))))),IF(OR(H378=\"SEN\",H378<1995),VLOOKUP(I378,Feuil1!$G$11:$L$25,6),IF(AND(H378>1994,H378<1998),VLOOKUP(I378,Feuil1!$G$11:$L$25,5),IF(AND(H378>1997,H378<2000),VLOOKUP(I378,Feuil1!$G$11:$L$25,4),IF(AND(H378>1999,H378<2002),VLOOKUP(I378,Feuil1!$G$11:$L$25,3),VLOOKUP(I378,Feuil1!$G$11:$L$25,2)))))))","v":"S77"},278.45577225124174,null," ",{"$f":"T378-HLOOKUP(X378,Feuil1!$C$1:$BL$10,2,FALSE)","v":69},{"$f":"T378-HLOOKUP(X378,Feuil1!$C$1:$BL$10,3,FALSE)","v":49},{"$f":"T378-HLOOKUP(X378,Feuil1!$C$1:$BL$10,4,FALSE)","v":29},{"$f":"T378-HLOOKUP(X378,Feuil1!$C$1:$BL$10,5,FALSE)","v":9},{"$f":"T378-HLOOKUP(X378,Feuil1!$C$1:$BL$10,6,FALSE)","v":-21},{"$f":"T378-HLOOKUP(X378,Feuil1!$C$1:$BL$10,7,FALSE)","v":-46},{"$f":"T378-HLOOKUP(X378,Feuil1!$C$1:$BL$10,8,FALSE)","v":-66},{"$f":"T378-HLOOKUP(X378,Feuil1!$C$1:$BL$10,9,FALSE)","v":-86},{"$f":"T378-HLOOKUP(X378,Feuil1!$C$1:$BL$10,10,FALSE)","v":-101},null,null,null,null,null,null,"IRG +"]
["H","NE","BOU",62,276437,"COMTE","Mickael",1983,76.400000000000006,"HC Avallon","F",90,95,-100,95,113,118,123,123,218,65.199999999999989,"IRG +",8,{"$f":"IF(I379=\"\",\"\",IF(A379=\"H\",IF(OR(H379=\"SEN\",H379<1995),VLOOKUP(I379,Feuil1!$A$11:$F$29,6),IF(AND(H379>1994,H379<1998),VLOOKUP(I379,Feuil1!$A$11:$F$29,5),IF(AND(H379>1997,H379<2000),VLOOKUP(I379,Feuil1!$A$11:$F$29,4),IF(AND(H379>1999,H379<2002),VLOOKUP(I379,Feuil1!$A$11:$F$29,3),VLOOKUP(I379,Feuil1!$A$11:$F$29,2))))),IF(OR(H379=\"SEN\",H379<1995),VLOOKUP(I379,Feuil1!$G$11:$L$25,6),IF(AND(H379>1994,H379<1998),VLOOKUP(I379,Feuil1!$G$11:$L$25,5),IF(AND(H379>1997,H379<2000),VLOOKUP(I379,Feuil1!$G$11:$L$25,4),IF(AND(H379>1999,H379<2002),VLOOKUP(I379,Feuil1!$G$11:$L$25,3),VLOOKUP(I379,Feuil1!$G$11:$L$25,2)))))))","v":"S77"},275.74812272914102,null," ",{"$f":"T379-HLOOKUP(X379,Feuil1!$C$1:$BL$10,2,FALSE)","v":68},{"$f":"T379-HLOOKUP(X379,Feuil1!$C$1:$BL$10,3,FALSE)","v":48},{"$f":"T379-HLOOKUP(X379,Feuil1!$C$1:$BL$10,4,FALSE)","v":28},{"$f":"T379-HLOOKUP(X379,Feuil1!$C$1:$BL$10,5,FALSE)","v":8},{"$f":"T379-HLOOKUP(X379,Feuil1!$C$1:$BL$10,6,FALSE)","v":-22},{"$f":"T379-HLOOKUP(X379,Feuil1!$C$1:$BL$10,7,FALSE)","v":-47},{"$f":"T379-HLOOKUP(X379,Feuil1!$C$1:$BL$10,8,FALSE)","v":-67},{"$f":"T379-HLOOKUP(X379,Feuil1!$C$1:$BL$10,9,FALSE)","v":-87},{"$f":"T379-HLOOKUP(X379,Feuil1!$C$1:$BL$10,10,FALSE)","v":-102},null,null,null,null,null,null,"IRG +"]
["H","SEST","CAZ",63,123180,"DURBANO","THOMAS",1988,76.900000000000006,"HC NICE","F",90,95,-100,95,115,121,-125,121,216,62.199999999999989,"IRG +",6,{"$f":"IF(I380=\"\",\"\",IF(A380=\"H\",IF(OR(H380=\"SEN\",H380<1995),VLOOKUP(I380,Feuil1!$A$11:$F$29,6),IF(AND(H380>1994,H380<1998),VLOOKUP(I380,Feuil1!$A$11:$F$29,5),IF(AND(H380>1997,H380<2000),VLOOKUP(I380,Feuil1!$A$11:$F$29,4),IF(AND(H380>1999,H380<2002),VLOOKUP(I380,Feuil1!$A$11:$F$29,3),VLOOKUP(I380,Feuil1!$A$11:$F$29,2))))),IF(OR(H380=\"SEN\",H380<1995),VLOOKUP(I380,Feuil1!$G$11:$L$25,6),IF(AND(H380>1994,H380<1998),VLOOKUP(I380,Feuil1!$G$11:$L$25,5),IF(AND(H380>1997,H380<2000),VLOOKUP(I380,Feuil1!$G$11:$L$25,4),IF(AND(H380>1999,H380<2002),VLOOKUP(I380,Feuil1!$G$11:$L$25,3),VLOOKUP(I380,Feuil1!$G$11:$L$25,2)))))))","v":"S77"},272.2092937680431,null," ",{"$f":"T380-HLOOKUP(X380,Feuil1!$C$1:$BL$10,2,FALSE)","v":66},{"$f":"T380-HLOOKUP(X380,Feuil1!$C$1:$BL$10,3,FALSE)","v":46},{"$f":"T380-HLOOKUP(X380,Feuil1!$C$1:$BL$10,4,FALSE)","v":26},{"$f":"T380-HLOOKUP(X380,Feuil1!$C$1:$BL$10,5,FALSE)","v":6},{"$f":"T380-HLOOKUP(X380,Feuil1!$C$1:$BL$10,6,FALSE)","v":-24},{"$f":"T380-HLOOKUP(X380,Feuil1!$C$1:$BL$10,7,FALSE)","v":-49},{"$f":"T380-HLOOKUP(X380,Feuil1!$C$1:$BL$10,8,FALSE)","v":-69},{"$f":"T380-HLOOKUP(X380,Feuil1!$C$1:$BL$10,9,FALSE)","v":-89},{"$f":"T380-HLOOKUP(X380,Feuil1!$C$1:$BL$10,10,FALSE)","v":-104},null,null,null,null,null,null,"IRG +"]
["H","SO","MPY",64,17645,"BOSSIAN","David",1973,77,"TOULOUSE HC","F",88,94,98,98,110,-115,118,118,216,62,"IRG +",6,{"$f":"IF(I381=\"\",\"\",IF(A381=\"H\",IF(OR(H381=\"SEN\",H381<1995),VLOOKUP(I381,Feuil1!$A$11:$F$29,6),IF(AND(H381>1994,H381<1998),VLOOKUP(I381,Feuil1!$A$11:$F$29,5),IF(AND(H381>1997,H381<2000),VLOOKUP(I381,Feuil1!$A$11:$F$29,4),IF(AND(H381>1999,H381<2002),VLOOKUP(I381,Feuil1!$A$11:$F$29,3),VLOOKUP(I381,Feuil1!$A$11:$F$29,2))))),IF(OR(H381=\"SEN\",H381<1995),VLOOKUP(I381,Feuil1!$G$11:$L$25,6),IF(AND(H381>1994,H381<1998),VLOOKUP(I381,Feuil1!$G$11:$L$25,5),IF(AND(H381>1997,H381<2000),VLOOKUP(I381,Feuil1!$G$11:$L$25,4),IF(AND(H381>1999,H381<2002),VLOOKUP(I381,Feuil1!$G$11:$L$25,3),VLOOKUP(I381,Feuil1!$G$11:$L$25,2)))))))","v":"S77"},272.00967483610395,null," ",{"$f":"T381-HLOOKUP(X381,Feuil1!$C$1:$BL$10,2,FALSE)","v":66},{"$f":"T381-HLOOKUP(X381,Feuil1!$C$1:$BL$10,3,FALSE)","v":46},{"$f":"T381-HLOOKUP(X381,Feuil1!$C$1:$BL$10,4,FALSE)","v":26},{"$f":"T381-HLOOKUP(X381,Feuil1!$C$1:$BL$10,5,FALSE)","v":6},{"$f":"T381-HLOOKUP(X381,Feuil1!$C$1:$BL$10,6,FALSE)","v":-24},{"$f":"T381-HLOOKUP(X381,Feuil1!$C$1:$BL$10,7,FALSE)","v":-49},{"$f":"T381-HLOOKUP(X381,Feuil1!$C$1:$BL$10,8,FALSE)","v":-69},{"$f":"T381-HLOOKUP(X381,Feuil1!$C$1:$BL$10,9,FALSE)","v":-89},{"$f":"T381-HLOOKUP(X381,Feuil1!$C$1:$BL$10,10,FALSE)","v":-104},null,null,null,null,null,null,"IRG +"]
["H","N","IDF",65,353154,"BENHAMOU","SACHA",1993,76.099999999999994,"US METRO","F",90,-95,95,{"$f":"IF(H382=\"\",\"\",IF(MAXA(L382:N382)<=0,0,MAXA(L382:N382)))","v":95},115,120,-125,{"$f":"IF(H382=\"\",\"\",IF(MAXA(P382:R382)<=0,0,MAXA(P382:R382)))","v":120},{"$f":"IF(H382=\"\",\"\",IF(OR(O382=0,S382=0),0,O382+S382))","v":215},{"$f":"T382-I382*2","v":62.800000000000011},{"$f":"IF(H382=\"\",\"\",AQ382)","v":"IRG +"},{"$f":"IF(AJ382>=0,AJ382,IF(AI382>=0,AI382,IF(AH382>=0,AH382,IF(AG382>=0,AG382,IF(AF382>=0,AF382,IF(AE382>=0,AE382,IF(AD382>=0,AD382,IF(AC382>=0,AC382,AB382))))))))","v":5},{"$f":"IF(I382=\"\",\"\",IF(A382=\"H\",IF(OR(H382=\"SEN\",H382<1995),VLOOKUP(I382,Feuil1!$A$11:$F$29,6),IF(AND(H382>1994,H382<1998),VLOOKUP(I382,Feuil1!$A$11:$F$29,5),IF(AND(H382>1997,H382<2000),VLOOKUP(I382,Feuil1!$A$11:$F$29,4),IF(AND(H382>1999,H382<2002),VLOOKUP(I382,Feuil1!$A$11:$F$29,3),VLOOKUP(I382,Feuil1!$A$11:$F$29,2))))),IF(OR(H382=\"SEN\",H382<1995),VLOOKUP(I382,Feuil1!$G$11:$L$25,6),IF(AND(H382>1994,H382<1998),VLOOKUP(I382,Feuil1!$G$11:$L$25,5),IF(AND(H382>1997,H382<2000),VLOOKUP(I382,Feuil1!$G$11:$L$25,4),IF(AND(H382>1999,H382<2002),VLOOKUP(I382,Feuil1!$G$11:$L$25,3),VLOOKUP(I382,Feuil1!$G$11:$L$25,2)))))))","v":"S77"},{"$f":"IF(I382=\"\",\"\",IF(A382=\"H\",10^(0.794358141*LOG(I382/174.393)^2)*T382,IF(A382=\"F\",10^(0.89726074*LOG(I382/148.026)^2)*T382,\"\")))","v":272.56486652415134},null," ",{"$f":"T382-HLOOKUP(X382,Feuil1!$C$1:$BL$10,2,FALSE)","v":65},{"$f":"T382-HLOOKUP(X382,Feuil1!$C$1:$BL$10,3,FALSE)","v":45},{"$f":"T382-HLOOKUP(X382,Feuil1!$C$1:$BL$10,4,FALSE)","v":25},{"$f":"T382-HLOOKUP(X382,Feuil1!$C$1:$BL$10,5,FALSE)","v":5},{"$f":"T382-HLOOKUP(X382,Feuil1!$C$1:$BL$10,6,FALSE)","v":-25},{"$f":"T382-HLOOKUP(X382,Feuil1!$C$1:$BL$10,7,FALSE)","v":-50},{"$f":"T382-HLOOKUP(X382,Feuil1!$C$1:$BL$10,8,FALSE)","v":-70},{"$f":"T382-HLOOKUP(X382,Feuil1!$C$1:$BL$10,9,FALSE)","v":-90},{"$f":"T382-HLOOKUP(X382,Feuil1!$C$1:$BL$10,10,FALSE)","v":-105},null,null,null,null,null,null,{"$f":"IF(AJ382>=0,$AJ$4,IF(AI382>=0,$AI$4,IF(AH382>=0,$AH$4,IF(AG382>=0,$AG$4,IF(AF382>=0,$AF$4,IF(AE382>=0,$AE$4,IF(AD382>=0,$AD$4,IF(AC382>=0,$AC$4,$AB$4))))))))","v":"IRG +"}]
["H","CO","PDL",66,19801,"MEZIERE","Benjamin",1990,69.3,"CA Evron 53","F",92,96,98,98,113,116,-118,116,214,75.400000000000006,"IRG +",4,{"$f":"IF(I383=\"\",\"\",IF(A383=\"H\",IF(OR(H383=\"SEN\",H383<1995),VLOOKUP(I383,Feuil1!$A$11:$F$29,6),IF(AND(H383>1994,H383<1998),VLOOKUP(I383,Feuil1!$A$11:$F$29,5),IF(AND(H383>1997,H383<2000),VLOOKUP(I383,Feuil1!$A$11:$F$29,4),IF(AND(H383>1999,H383<2002),VLOOKUP(I383,Feuil1!$A$11:$F$29,3),VLOOKUP(I383,Feuil1!$A$11:$F$29,2))))),IF(OR(H383=\"SEN\",H383<1995),VLOOKUP(I383,Feuil1!$G$11:$L$25,6),IF(AND(H383>1994,H383<1998),VLOOKUP(I383,Feuil1!$G$11:$L$25,5),IF(AND(H383>1997,H383<2000),VLOOKUP(I383,Feuil1!$G$11:$L$25,4),IF(AND(H383>1999,H383<2002),VLOOKUP(I383,Feuil1!$G$11:$L$25,3),VLOOKUP(I383,Feuil1!$G$11:$L$25,2)))))))","v":"S77"},287.08949946815528,null," ",{"$f":"T383-HLOOKUP(X383,Feuil1!$C$1:$BL$10,2,FALSE)","v":64},{"$f":"T383-HLOOKUP(X383,Feuil1!$C$1:$BL$10,3,FALSE)","v":44},{"$f":"T383-HLOOKUP(X383,Feuil1!$C$1:$BL$10,4,FALSE)","v":24},{"$f":"T383-HLOOKUP(X383,Feuil1!$C$1:$BL$10,5,FALSE)","v":4},{"$f":"T383-HLOOKUP(X383,Feuil1!$C$1:$BL$10,6,FALSE)","v":-26},{"$f":"T383-HLOOKUP(X383,Feuil1!$C$1:$BL$10,7,FALSE)","v":-51},{"$f":"T383-HLOOKUP(X383,Feuil1!$C$1:$BL$10,8,FALSE)","v":-71},{"$f":"T383-HLOOKUP(X383,Feuil1!$C$1:$BL$10,9,FALSE)","v":-91},{"$f":"T383-HLOOKUP(X383,Feuil1!$C$1:$BL$10,10,FALSE)","v":-106},null,null,null,null,null,null,"IRG +"]
["H","NE","ALS",67,145070,"GERBER","SEBASTIEN",93,71.3,"SR Obernai HM","F",89,93,-96,93,115,121,-125,121,214,71.400000000000006,"IRG +",4,{"$f":"IF(I384=\"\",\"\",IF(A384=\"H\",IF(OR(H384=\"SEN\",H384<1995),VLOOKUP(I384,Feuil1!$A$11:$F$29,6),IF(AND(H384>1994,H384<1998),VLOOKUP(I384,Feuil1!$A$11:$F$29,5),IF(AND(H384>1997,H384<2000),VLOOKUP(I384,Feuil1!$A$11:$F$29,4),IF(AND(H384>1999,H384<2002),VLOOKUP(I384,Feuil1!$A$11:$F$29,3),VLOOKUP(I384,Feuil1!$A$11:$F$29,2))))),IF(OR(H384=\"SEN\",H384<1995),VLOOKUP(I384,Feuil1!$G$11:$L$25,6),IF(AND(H384>1994,H384<1998),VLOOKUP(I384,Feuil1!$G$11:$L$25,5),IF(AND(H384>1997,H384<2000),VLOOKUP(I384,Feuil1!$G$11:$L$25,4),IF(AND(H384>1999,H384<2002),VLOOKUP(I384,Feuil1!$G$11:$L$25,3),VLOOKUP(I384,Feuil1!$G$11:$L$25,2)))))))","v":"S77"},282.01402553857037,null," ",{"$f":"T384-HLOOKUP(X384,Feuil1!$C$1:$BL$10,2,FALSE)","v":64},{"$f":"T384-HLOOKUP(X384,Feuil1!$C$1:$BL$10,3,FALSE)","v":44},{"$f":"T384-HLOOKUP(X384,Feuil1!$C$1:$BL$10,4,FALSE)","v":24},{"$f":"T384-HLOOKUP(X384,Feuil1!$C$1:$BL$10,5,FALSE)","v":4},{"$f":"T384-HLOOKUP(X384,Feuil1!$C$1:$BL$10,6,FALSE)","v":-26},{"$f":"T384-HLOOKUP(X384,Feuil1!$C$1:$BL$10,7,FALSE)","v":-51},{"$f":"T384-HLOOKUP(X384,Feuil1!$C$1:$BL$10,8,FALSE)","v":-71},{"$f":"T384-HLOOKUP(X384,Feuil1!$C$1:$BL$10,9,FALSE)","v":-91},{"$f":"T384-HLOOKUP(X384,Feuil1!$C$1:$BL$10,10,FALSE)","v":-106},null,null,null,null,null,null,"IRG +"]
["H","NORD","PIC",68,156069,"GROUZELLE","Steven",1988,75.3,"La Vaillante Saint Quentin","F",95,-100,-100,95,110,115,118,118,213,62.400000000000006,"IRG +",3,{"$f":"IF(I385=\"\",\"\",IF(A385=\"H\",IF(OR(H385=\"SEN\",H385<1995),VLOOKUP(I385,Feuil1!$A$11:$F$29,6),IF(AND(H385>1994,H385<1998),VLOOKUP(I385,Feuil1!$A$11:$F$29,5),IF(AND(H385>1997,H385<2000),VLOOKUP(I385,Feuil1!$A$11:$F$29,4),IF(AND(H385>1999,H385<2002),VLOOKUP(I385,Feuil1!$A$11:$F$29,3),VLOOKUP(I385,Feuil1!$A$11:$F$29,2))))),IF(OR(H385=\"SEN\",H385<1995),VLOOKUP(I385,Feuil1!$G$11:$L$25,6),IF(AND(H385>1994,H385<1998),VLOOKUP(I385,Feuil1!$G$11:$L$25,5),IF(AND(H385>1997,H385<2000),VLOOKUP(I385,Feuil1!$G$11:$L$25,4),IF(AND(H385>1999,H385<2002),VLOOKUP(I385,Feuil1!$G$11:$L$25,3),VLOOKUP(I385,Feuil1!$G$11:$L$25,2)))))))","v":"S77"},271.67759030607846,null," ",{"$f":"T385-HLOOKUP(X385,Feuil1!$C$1:$BL$10,2,FALSE)","v":63},{"$f":"T385-HLOOKUP(X385,Feuil1!$C$1:$BL$10,3,FALSE)","v":43},{"$f":"T385-HLOOKUP(X385,Feuil1!$C$1:$BL$10,4,FALSE)","v":23},{"$f":"T385-HLOOKUP(X385,Feuil1!$C$1:$BL$10,5,FALSE)","v":3},{"$f":"T385-HLOOKUP(X385,Feuil1!$C$1:$BL$10,6,FALSE)","v":-27},{"$f":"T385-HLOOKUP(X385,Feuil1!$C$1:$BL$10,7,FALSE)","v":-52},{"$f":"T385-HLOOKUP(X385,Feuil1!$C$1:$BL$10,8,FALSE)","v":-72},{"$f":"T385-HLOOKUP(X385,Feuil1!$C$1:$BL$10,9,FALSE)","v":-92},{"$f":"T385-HLOOKUP(X385,Feuil1!$C$1:$BL$10,10,FALSE)","v":-107},null,null,null,null,null,null,"IRG +"]
["H","SEST","RAL",69,17418,"PRADA PRADA","Jonathan",1975,76.849999999999994,"OYONNAX","F",90,94,97,97,-110,110,115,115,212,58.300000000000011,"IRG +",2,{"$f":"IF(I386=\"\",\"\",IF(A386=\"H\",IF(OR(H386=\"SEN\",H386<1995),VLOOKUP(I386,Feuil1!$A$11:$F$29,6),IF(AND(H386>1994,H386<1998),VLOOKUP(I386,Feuil1!$A$11:$F$29,5),IF(AND(H386>1997,H386<2000),VLOOKUP(I386,Feuil1!$A$11:$F$29,4),IF(AND(H386>1999,H386<2002),VLOOKUP(I386,Feuil1!$A$11:$F$29,3),VLOOKUP(I386,Feuil1!$A$11:$F$29,2))))),IF(OR(H386=\"SEN\",H386<1995),VLOOKUP(I386,Feuil1!$G$11:$L$25,6),IF(AND(H386>1994,H386<1998),VLOOKUP(I386,Feuil1!$G$11:$L$25,5),IF(AND(H386>1997,H386<2000),VLOOKUP(I386,Feuil1!$G$11:$L$25,4),IF(AND(H386>1999,H386<2002),VLOOKUP(I386,Feuil1!$G$11:$L$25,3),VLOOKUP(I386,Feuil1!$G$11:$L$25,2)))))))","v":"S77"},267.26660854347318,null," ",{"$f":"T386-HLOOKUP(X386,Feuil1!$C$1:$BL$10,2,FALSE)","v":62},{"$f":"T386-HLOOKUP(X386,Feuil1!$C$1:$BL$10,3,FALSE)","v":42},{"$f":"T386-HLOOKUP(X386,Feuil1!$C$1:$BL$10,4,FALSE)","v":22},{"$f":"T386-HLOOKUP(X386,Feuil1!$C$1:$BL$10,5,FALSE)","v":2},{"$f":"T386-HLOOKUP(X386,Feuil1!$C$1:$BL$10,6,FALSE)","v":-28},{"$f":"T386-HLOOKUP(X386,Feuil1!$C$1:$BL$10,7,FALSE)","v":-53},{"$f":"T386-HLOOKUP(X386,Feuil1!$C$1:$BL$10,8,FALSE)","v":-73},{"$f":"T386-HLOOKUP(X386,Feuil1!$C$1:$BL$10,9,FALSE)","v":-93},{"$f":"T386-HLOOKUP(X386,Feuil1!$C$1:$BL$10,10,FALSE)","v":-108},null,null,null,null,null,null,"IRG +"]
["H","NORD","NPC",70,199341,"CETANI","Mariolino",1994,76.599999999999994,"A.O.SALLAUMINES","F",85,89,92,92,115,119,-122,119,211,57.800000000000011,"IRG +",1,{"$f":"IF(I387=\"\",\"\",IF(A387=\"H\",IF(OR(H387=\"SEN\",H387<1995),VLOOKUP(I387,Feuil1!$A$11:$F$29,6),IF(AND(H387>1994,H387<1998),VLOOKUP(I387,Feuil1!$A$11:$F$29,5),IF(AND(H387>1997,H387<2000),VLOOKUP(I387,Feuil1!$A$11:$F$29,4),IF(AND(H387>1999,H387<2002),VLOOKUP(I387,Feuil1!$A$11:$F$29,3),VLOOKUP(I387,Feuil1!$A$11:$F$29,2))))),IF(OR(H387=\"SEN\",H387<1995),VLOOKUP(I387,Feuil1!$G$11:$L$25,6),IF(AND(H387>1994,H387<1998),VLOOKUP(I387,Feuil1!$G$11:$L$25,5),IF(AND(H387>1997,H387<2000),VLOOKUP(I387,Feuil1!$G$11:$L$25,4),IF(AND(H387>1999,H387<2002),VLOOKUP(I387,Feuil1!$G$11:$L$25,3),VLOOKUP(I387,Feuil1!$G$11:$L$25,2)))))))","v":"S77"},266.49740681553845,null," ",{"$f":"T387-HLOOKUP(X387,Feuil1!$C$1:$BL$10,2,FALSE)","v":61},{"$f":"T387-HLOOKUP(X387,Feuil1!$C$1:$BL$10,3,FALSE)","v":41},{"$f":"T387-HLOOKUP(X387,Feuil1!$C$1:$BL$10,4,FALSE)","v":21},{"$f":"T387-HLOOKUP(X387,Feuil1!$C$1:$BL$10,5,FALSE)","v":1},{"$f":"T387-HLOOKUP(X387,Feuil1!$C$1:$BL$10,6,FALSE)","v":-29},{"$f":"T387-HLOOKUP(X387,Feuil1!$C$1:$BL$10,7,FALSE)","v":-54},{"$f":"T387-HLOOKUP(X387,Feuil1!$C$1:$BL$10,8,FALSE)","v":-74},{"$f":"T387-HLOOKUP(X387,Feuil1!$C$1:$BL$10,9,FALSE)","v":-94},{"$f":"T387-HLOOKUP(X387,Feuil1!$C$1:$BL$10,10,FALSE)","v":-109},null,null,null,null,null,null,"IRG +"]
["H","SO","AQU",71,16250,"MARC","LAURENT",1968,76.5,"ST MEDARD","F",90,95,-100,95,110,115,-118,115,210,57,"IRG +",0,{"$f":"IF(I388=\"\",\"\",IF(A388=\"H\",IF(OR(H388=\"SEN\",H388<1995),VLOOKUP(I388,Feuil1!$A$11:$F$29,6),IF(AND(H388>1994,H388<1998),VLOOKUP(I388,Feuil1!$A$11:$F$29,5),IF(AND(H388>1997,H388<2000),VLOOKUP(I388,Feuil1!$A$11:$F$29,4),IF(AND(H388>1999,H388<2002),VLOOKUP(I388,Feuil1!$A$11:$F$29,3),VLOOKUP(I388,Feuil1!$A$11:$F$29,2))))),IF(OR(H388=\"SEN\",H388<1995),VLOOKUP(I388,Feuil1!$G$11:$L$25,6),IF(AND(H388>1994,H388<1998),VLOOKUP(I388,Feuil1!$G$11:$L$25,5),IF(AND(H388>1997,H388<2000),VLOOKUP(I388,Feuil1!$G$11:$L$25,4),IF(AND(H388>1999,H388<2002),VLOOKUP(I388,Feuil1!$G$11:$L$25,3),VLOOKUP(I388,Feuil1!$G$11:$L$25,2)))))))","v":"S77"},265.43129703735929,null," ",{"$f":"T388-HLOOKUP(X388,Feuil1!$C$1:$BL$10,2,FALSE)","v":60},{"$f":"T388-HLOOKUP(X388,Feuil1!$C$1:$BL$10,3,FALSE)","v":40},{"$f":"T388-HLOOKUP(X388,Feuil1!$C$1:$BL$10,4,FALSE)","v":20},{"$f":"T388-HLOOKUP(X388,Feuil1!$C$1:$BL$10,5,FALSE)","v":0},{"$f":"T388-HLOOKUP(X388,Feuil1!$C$1:$BL$10,6,FALSE)","v":-30},{"$f":"T388-HLOOKUP(X388,Feuil1!$C$1:$BL$10,7,FALSE)","v":-55},{"$f":"T388-HLOOKUP(X388,Feuil1!$C$1:$BL$10,8,FALSE)","v":-75},{"$f":"T388-HLOOKUP(X388,Feuil1!$C$1:$BL$10,9,FALSE)","v":-95},{"$f":"T388-HLOOKUP(X388,Feuil1!$C$1:$BL$10,10,FALSE)","v":-110},null,null,null,null,null,null,"IRG +"]
["H","SO","MPY",72,375104,"RAMIN","Alexandre",1983,76.7,"GRAULHET EF","F",90,95,101,101,109,-115,-117,109,210,56.599999999999994,"IRG +",0,{"$f":"IF(I389=\"\",\"\",IF(A389=\"H\",IF(OR(H389=\"SEN\",H389<1995),VLOOKUP(I389,Feuil1!$A$11:$F$29,6),IF(AND(H389>1994,H389<1998),VLOOKUP(I389,Feuil1!$A$11:$F$29,5),IF(AND(H389>1997,H389<2000),VLOOKUP(I389,Feuil1!$A$11:$F$29,4),IF(AND(H389>1999,H389<2002),VLOOKUP(I389,Feuil1!$A$11:$F$29,3),VLOOKUP(I389,Feuil1!$A$11:$F$29,2))))),IF(OR(H389=\"SEN\",H389<1995),VLOOKUP(I389,Feuil1!$G$11:$L$25,6),IF(AND(H389>1994,H389<1998),VLOOKUP(I389,Feuil1!$G$11:$L$25,5),IF(AND(H389>1997,H389<2000),VLOOKUP(I389,Feuil1!$G$11:$L$25,4),IF(AND(H389>1999,H389<2002),VLOOKUP(I389,Feuil1!$G$11:$L$25,3),VLOOKUP(I389,Feuil1!$G$11:$L$25,2)))))))","v":"S77"},265.03818897002429,null," ",{"$f":"T389-HLOOKUP(X389,Feuil1!$C$1:$BL$10,2,FALSE)","v":60},{"$f":"T389-HLOOKUP(X389,Feuil1!$C$1:$BL$10,3,FALSE)","v":40},{"$f":"T389-HLOOKUP(X389,Feuil1!$C$1:$BL$10,4,FALSE)","v":20},{"$f":"T389-HLOOKUP(X389,Feuil1!$C$1:$BL$10,5,FALSE)","v":0},{"$f":"T389-HLOOKUP(X389,Feuil1!$C$1:$BL$10,6,FALSE)","v":-30},{"$f":"T389-HLOOKUP(X389,Feuil1!$C$1:$BL$10,7,FALSE)","v":-55},{"$f":"T389-HLOOKUP(X389,Feuil1!$C$1:$BL$10,8,FALSE)","v":-75},{"$f":"T389-HLOOKUP(X389,Feuil1!$C$1:$BL$10,9,FALSE)","v":-95},{"$f":"T389-HLOOKUP(X389,Feuil1!$C$1:$BL$10,10,FALSE)","v":-110},null,null,null,null,null,null,"IRG +"]
["H","SEST","RAL",73,236356,"GIBERT","Loïc",1976,76.900000000000006,"LF Besançon","F",88,95,-100,95,105,-115,115,115,210,56.199999999999989,"IRG +",0,{"$f":"IF(I390=\"\",\"\",IF(A390=\"H\",IF(OR(H390=\"SEN\",H390<1995),VLOOKUP(I390,Feuil1!$A$11:$F$29,6),IF(AND(H390>1994,H390<1998),VLOOKUP(I390,Feuil1!$A$11:$F$29,5),IF(AND(H390>1997,H390<2000),VLOOKUP(I390,Feuil1!$A$11:$F$29,4),IF(AND(H390>1999,H390<2002),VLOOKUP(I390,Feuil1!$A$11:$F$29,3),VLOOKUP(I390,Feuil1!$A$11:$F$29,2))))),IF(OR(H390=\"SEN\",H390<1995),VLOOKUP(I390,Feuil1!$G$11:$L$25,6),IF(AND(H390>1994,H390<1998),VLOOKUP(I390,Feuil1!$G$11:$L$25,5),IF(AND(H390>1997,H390<2000),VLOOKUP(I390,Feuil1!$G$11:$L$25,4),IF(AND(H390>1999,H390<2002),VLOOKUP(I390,Feuil1!$G$11:$L$25,3),VLOOKUP(I390,Feuil1!$G$11:$L$25,2)))))))","v":"S77"},264.64792449670858,null," ",{"$f":"T390-HLOOKUP(X390,Feuil1!$C$1:$BL$10,2,FALSE)","v":60},{"$f":"T390-HLOOKUP(X390,Feuil1!$C$1:$BL$10,3,FALSE)","v":40},{"$f":"T390-HLOOKUP(X390,Feuil1!$C$1:$BL$10,4,FALSE)","v":20},{"$f":"T390-HLOOKUP(X390,Feuil1!$C$1:$BL$10,5,FALSE)","v":0},{"$f":"T390-HLOOKUP(X390,Feuil1!$C$1:$BL$10,6,FALSE)","v":-30},{"$f":"T390-HLOOKUP(X390,Feuil1!$C$1:$BL$10,7,FALSE)","v":-55},{"$f":"T390-HLOOKUP(X390,Feuil1!$C$1:$BL$10,8,FALSE)","v":-75},{"$f":"T390-HLOOKUP(X390,Feuil1!$C$1:$BL$10,9,FALSE)","v":-95},{"$f":"T390-HLOOKUP(X390,Feuil1!$C$1:$BL$10,10,FALSE)","v":-110},null,null,null,null,null,null,"IRG +"]
["H","DOM","REU",74,304859,"SIMPLON","BENEDICT",1994,77,"SCHM Saint Paul","F",-85,85,90,90,110,115,120,120,210,56,"IRG +",0,{"$f":"IF(I391=\"\",\"\",IF(A391=\"H\",IF(OR(H391=\"SEN\",H391<1995),VLOOKUP(I391,Feuil1!$A$11:$F$29,6),IF(AND(H391>1994,H391<1998),VLOOKUP(I391,Feuil1!$A$11:$F$29,5),IF(AND(H391>1997,H391<2000),VLOOKUP(I391,Feuil1!$A$11:$F$29,4),IF(AND(H391>1999,H391<2002),VLOOKUP(I391,Feuil1!$A$11:$F$29,3),VLOOKUP(I391,Feuil1!$A$11:$F$29,2))))),IF(OR(H391=\"SEN\",H391<1995),VLOOKUP(I391,Feuil1!$G$11:$L$25,6),IF(AND(H391>1994,H391<1998),VLOOKUP(I391,Feuil1!$G$11:$L$25,5),IF(AND(H391>1997,H391<2000),VLOOKUP(I391,Feuil1!$G$11:$L$25,4),IF(AND(H391>1999,H391<2002),VLOOKUP(I391,Feuil1!$G$11:$L$25,3),VLOOKUP(I391,Feuil1!$G$11:$L$25,2)))))))","v":"S77"},264.45385053510108,null," ",{"$f":"T391-HLOOKUP(X391,Feuil1!$C$1:$BL$10,2,FALSE)","v":60},{"$f":"T391-HLOOKUP(X391,Feuil1!$C$1:$BL$10,3,FALSE)","v":40},{"$f":"T391-HLOOKUP(X391,Feuil1!$C$1:$BL$10,4,FALSE)","v":20},{"$f":"T391-HLOOKUP(X391,Feuil1!$C$1:$BL$10,5,FALSE)","v":0},{"$f":"T391-HLOOKUP(X391,Feuil1!$C$1:$BL$10,6,FALSE)","v":-30},{"$f":"T391-HLOOKUP(X391,Feuil1!$C$1:$BL$10,7,FALSE)","v":-55},{"$f":"T391-HLOOKUP(X391,Feuil1!$C$1:$BL$10,8,FALSE)","v":-75},{"$f":"T391-HLOOKUP(X391,Feuil1!$C$1:$BL$10,9,FALSE)","v":-95},{"$f":"T391-HLOOKUP(X391,Feuil1!$C$1:$BL$10,10,FALSE)","v":-110},null,null,null,null,null,null,"IRG +"]
["H","N","IDF",75,317636,"CAUPENNE","BENJAMIN",1987,77,"NEUILLY","F",88,92,-100,92,117,-125,-125,117,209,55,"REG +",19,{"$f":"IF(I392=\"\",\"\",IF(A392=\"H\",IF(OR(H392=\"SEN\",H392<1995),VLOOKUP(I392,Feuil1!$A$11:$F$29,6),IF(AND(H392>1994,H392<1998),VLOOKUP(I392,Feuil1!$A$11:$F$29,5),IF(AND(H392>1997,H392<2000),VLOOKUP(I392,Feuil1!$A$11:$F$29,4),IF(AND(H392>1999,H392<2002),VLOOKUP(I392,Feuil1!$A$11:$F$29,3),VLOOKUP(I392,Feuil1!$A$11:$F$29,2))))),IF(OR(H392=\"SEN\",H392<1995),VLOOKUP(I392,Feuil1!$G$11:$L$25,6),IF(AND(H392>1994,H392<1998),VLOOKUP(I392,Feuil1!$G$11:$L$25,5),IF(AND(H392>1997,H392<2000),VLOOKUP(I392,Feuil1!$G$11:$L$25,4),IF(AND(H392>1999,H392<2002),VLOOKUP(I392,Feuil1!$G$11:$L$25,3),VLOOKUP(I392,Feuil1!$G$11:$L$25,2)))))))","v":"S77"},263.19454648493394,null," ",{"$f":"T392-HLOOKUP(X392,Feuil1!$C$1:$BL$10,2,FALSE)","v":59},{"$f":"T392-HLOOKUP(X392,Feuil1!$C$1:$BL$10,3,FALSE)","v":39},{"$f":"T392-HLOOKUP(X392,Feuil1!$C$1:$BL$10,4,FALSE)","v":19},{"$f":"T392-HLOOKUP(X392,Feuil1!$C$1:$BL$10,5,FALSE)","v":-1},{"$f":"T392-HLOOKUP(X392,Feuil1!$C$1:$BL$10,6,FALSE)","v":-31},{"$f":"T392-HLOOKUP(X392,Feuil1!$C$1:$BL$10,7,FALSE)","v":-56},{"$f":"T392-HLOOKUP(X392,Feuil1!$C$1:$BL$10,8,FALSE)","v":-76},{"$f":"T392-HLOOKUP(X392,Feuil1!$C$1:$BL$10,9,FALSE)","v":-96},{"$f":"T392-HLOOKUP(X392,Feuil1!$C$1:$BL$10,10,FALSE)","v":-111},null,null,null,null,null,null,"REG +"]
["H","NE","ALS",76,3310,"RAUL","ANTOINE",71,71.2,"SAS Colmarienne","F",85,90,93,93,110,113,115,115,208,65.599999999999994,"REG +",18,{"$f":"IF(I393=\"\",\"\",IF(A393=\"H\",IF(OR(H393=\"SEN\",H393<1995),VLOOKUP(I393,Feuil1!$A$11:$F$29,6),IF(AND(H393>1994,H393<1998),VLOOKUP(I393,Feuil1!$A$11:$F$29,5),IF(AND(H393>1997,H393<2000),VLOOKUP(I393,Feuil1!$A$11:$F$29,4),IF(AND(H393>1999,H393<2002),VLOOKUP(I393,Feuil1!$A$11:$F$29,3),VLOOKUP(I393,Feuil1!$A$11:$F$29,2))))),IF(OR(H393=\"SEN\",H393<1995),VLOOKUP(I393,Feuil1!$G$11:$L$25,6),IF(AND(H393>1994,H393<1998),VLOOKUP(I393,Feuil1!$G$11:$L$25,5),IF(AND(H393>1997,H393<2000),VLOOKUP(I393,Feuil1!$G$11:$L$25,4),IF(AND(H393>1999,H393<2002),VLOOKUP(I393,Feuil1!$G$11:$L$25,3),VLOOKUP(I393,Feuil1!$G$11:$L$25,2)))))))","v":"S77"},274.34479292287375,null," ",{"$f":"T393-HLOOKUP(X393,Feuil1!$C$1:$BL$10,2,FALSE)","v":58},{"$f":"T393-HLOOKUP(X393,Feuil1!$C$1:$BL$10,3,FALSE)","v":38},{"$f":"T393-HLOOKUP(X393,Feuil1!$C$1:$BL$10,4,FALSE)","v":18},{"$f":"T393-HLOOKUP(X393,Feuil1!$C$1:$BL$10,5,FALSE)","v":-2},{"$f":"T393-HLOOKUP(X393,Feuil1!$C$1:$BL$10,6,FALSE)","v":-32},{"$f":"T393-HLOOKUP(X393,Feuil1!$C$1:$BL$10,7,FALSE)","v":-57},{"$f":"T393-HLOOKUP(X393,Feuil1!$C$1:$BL$10,8,FALSE)","v":-77},{"$f":"T393-HLOOKUP(X393,Feuil1!$C$1:$BL$10,9,FALSE)","v":-97},{"$f":"T393-HLOOKUP(X393,Feuil1!$C$1:$BL$10,10,FALSE)","v":-112},null,null,null,null,null,null,"REG +"]
["H","NORD","NPC",77,"034399","RIQUIER","Daniel",1978,69.099999999999994,"CHCD COMINES","F",88,92,-95,92,110,115,-120,115,207,68.800000000000011,"REG +",17,{"$f":"IF(I394=\"\",\"\",IF(A394=\"H\",IF(OR(H394=\"SEN\",H394<1995),VLOOKUP(I394,Feuil1!$A$11:$F$29,6),IF(AND(H394>1994,H394<1998),VLOOKUP(I394,Feuil1!$A$11:$F$29,5),IF(AND(H394>1997,H394<2000),VLOOKUP(I394,Feuil1!$A$11:$F$29,4),IF(AND(H394>1999,H394<2002),VLOOKUP(I394,Feuil1!$A$11:$F$29,3),VLOOKUP(I394,Feuil1!$A$11:$F$29,2))))),IF(OR(H394=\"SEN\",H394<1995),VLOOKUP(I394,Feuil1!$G$11:$L$25,6),IF(AND(H394>1994,H394<1998),VLOOKUP(I394,Feuil1!$G$11:$L$25,5),IF(AND(H394>1997,H394<2000),VLOOKUP(I394,Feuil1!$G$11:$L$25,4),IF(AND(H394>1999,H394<2002),VLOOKUP(I394,Feuil1!$G$11:$L$25,3),VLOOKUP(I394,Feuil1!$G$11:$L$25,2)))))))","v":"S77"},278.21104866927982,null," ",{"$f":"T394-HLOOKUP(X394,Feuil1!$C$1:$BL$10,2,FALSE)","v":57},{"$f":"T394-HLOOKUP(X394,Feuil1!$C$1:$BL$10,3,FALSE)","v":37},{"$f":"T394-HLOOKUP(X394,Feuil1!$C$1:$BL$10,4,FALSE)","v":17},{"$f":"T394-HLOOKUP(X394,Feuil1!$C$1:$BL$10,5,FALSE)","v":-3},{"$f":"T394-HLOOKUP(X394,Feuil1!$C$1:$BL$10,6,FALSE)","v":-33},{"$f":"T394-HLOOKUP(X394,Feuil1!$C$1:$BL$10,7,FALSE)","v":-58},{"$f":"T394-HLOOKUP(X394,Feuil1!$C$1:$BL$10,8,FALSE)","v":-78},{"$f":"T394-HLOOKUP(X394,Feuil1!$C$1:$BL$10,9,FALSE)","v":-98},{"$f":"T394-HLOOKUP(X394,Feuil1!$C$1:$BL$10,10,FALSE)","v":-113},null,null,null,null,null,null,"REG +"]
["H","SEST","CAZ",78,182760,"HELOISE","Quentin",1988,70,"ASLDD TOULON","F",90,93,95,95,108,112,-116,112,207,67,"REG +",17,{"$f":"IF(I395=\"\",\"\",IF(A395=\"H\",IF(OR(H395=\"SEN\",H395<1995),VLOOKUP(I395,Feuil1!$A$11:$F$29,6),IF(AND(H395>1994,H395<1998),VLOOKUP(I395,Feuil1!$A$11:$F$29,5),IF(AND(H395>1997,H395<2000),VLOOKUP(I395,Feuil1!$A$11:$F$29,4),IF(AND(H395>1999,H395<2002),VLOOKUP(I395,Feuil1!$A$11:$F$29,3),VLOOKUP(I395,Feuil1!$A$11:$F$29,2))))),IF(OR(H395=\"SEN\",H395<1995),VLOOKUP(I395,Feuil1!$G$11:$L$25,6),IF(AND(H395>1994,H395<1998),VLOOKUP(I395,Feuil1!$G$11:$L$25,5),IF(AND(H395>1997,H395<2000),VLOOKUP(I395,Feuil1!$G$11:$L$25,4),IF(AND(H395>1999,H395<2002),VLOOKUP(I395,Feuil1!$G$11:$L$25,3),VLOOKUP(I395,Feuil1!$G$11:$L$25,2)))))))","v":"S77"},275.93686158837301,null," ",{"$f":"T395-HLOOKUP(X395,Feuil1!$C$1:$BL$10,2,FALSE)","v":57},{"$f":"T395-HLOOKUP(X395,Feuil1!$C$1:$BL$10,3,FALSE)","v":37},{"$f":"T395-HLOOKUP(X395,Feuil1!$C$1:$BL$10,4,FALSE)","v":17},{"$f":"T395-HLOOKUP(X395,Feuil1!$C$1:$BL$10,5,FALSE)","v":-3},{"$f":"T395-HLOOKUP(X395,Feuil1!$C$1:$BL$10,6,FALSE)","v":-33},{"$f":"T395-HLOOKUP(X395,Feuil1!$C$1:$BL$10,7,FALSE)","v":-58},{"$f":"T395-HLOOKUP(X395,Feuil1!$C$1:$BL$10,8,FALSE)","v":-78},{"$f":"T395-HLOOKUP(X395,Feuil1!$C$1:$BL$10,9,FALSE)","v":-98},{"$f":"T395-HLOOKUP(X395,Feuil1!$C$1:$BL$10,10,FALSE)","v":-113},null,null,null,null,null,null,"REG +"]
["H","DOM","GUA",79,271603,"BOURGAREL","Jean Bernard",1993,71,"AHCS/Pointois","F",88,92,-95,92,115,-120,-125,115,207,65,"REG +",17,{"$f":"IF(I396=\"\",\"\",IF(A396=\"H\",IF(OR(H396=\"SEN\",H396<1995),VLOOKUP(I396,Feuil1!$A$11:$F$29,6),IF(AND(H396>1994,H396<1998),VLOOKUP(I396,Feuil1!$A$11:$F$29,5),IF(AND(H396>1997,H396<2000),VLOOKUP(I396,Feuil1!$A$11:$F$29,4),IF(AND(H396>1999,H396<2002),VLOOKUP(I396,Feuil1!$A$11:$F$29,3),VLOOKUP(I396,Feuil1!$A$11:$F$29,2))))),IF(OR(H396=\"SEN\",H396<1995),VLOOKUP(I396,Feuil1!$G$11:$L$25,6),IF(AND(H396>1994,H396<1998),VLOOKUP(I396,Feuil1!$G$11:$L$25,5),IF(AND(H396>1997,H396<2000),VLOOKUP(I396,Feuil1!$G$11:$L$25,4),IF(AND(H396>1999,H396<2002),VLOOKUP(I396,Feuil1!$G$11:$L$25,3),VLOOKUP(I396,Feuil1!$G$11:$L$25,2)))))))","v":"S77"},273.50168257517163,null," ",{"$f":"T396-HLOOKUP(X396,Feuil1!$C$1:$BL$10,2,FALSE)","v":57},{"$f":"T396-HLOOKUP(X396,Feuil1!$C$1:$BL$10,3,FALSE)","v":37},{"$f":"T396-HLOOKUP(X396,Feuil1!$C$1:$BL$10,4,FALSE)","v":17},{"$f":"T396-HLOOKUP(X396,Feuil1!$C$1:$BL$10,5,FALSE)","v":-3},{"$f":"T396-HLOOKUP(X396,Feuil1!$C$1:$BL$10,6,FALSE)","v":-33},{"$f":"T396-HLOOKUP(X396,Feuil1!$C$1:$BL$10,7,FALSE)","v":-58},{"$f":"T396-HLOOKUP(X396,Feuil1!$C$1:$BL$10,8,FALSE)","v":-78},{"$f":"T396-HLOOKUP(X396,Feuil1!$C$1:$BL$10,9,FALSE)","v":-98},{"$f":"T396-HLOOKUP(X396,Feuil1!$C$1:$BL$10,10,FALSE)","v":-113},null,null,null,null,null,null,"REG +"]
["H","SO","POI",80,39758,"FERNANDES","José",1972,76.3,"ST JEAN D'ANGÉLY","F",-80,85,89,89,107,113,118,118,207,54.400000000000006,"REG +",17,{"$f":"IF(I397=\"\",\"\",IF(A397=\"H\",IF(OR(H397=\"SEN\",H397<1995),VLOOKUP(I397,Feuil1!$A$11:$F$29,6),IF(AND(H397>1994,H397<1998),VLOOKUP(I397,Feuil1!$A$11:$F$29,5),IF(AND(H397>1997,H397<2000),VLOOKUP(I397,Feuil1!$A$11:$F$29,4),IF(AND(H397>1999,H397<2002),VLOOKUP(I397,Feuil1!$A$11:$F$29,3),VLOOKUP(I397,Feuil1!$A$11:$F$29,2))))),IF(OR(H397=\"SEN\",H397<1995),VLOOKUP(I397,Feuil1!$G$11:$L$25,6),IF(AND(H397>1994,H397<1998),VLOOKUP(I397,Feuil1!$G$11:$L$25,5),IF(AND(H397>1997,H397<2000),VLOOKUP(I397,Feuil1!$G$11:$L$25,4),IF(AND(H397>1999,H397<2002),VLOOKUP(I397,Feuil1!$G$11:$L$25,3),VLOOKUP(I397,Feuil1!$G$11:$L$25,2)))))))","v":"S77"},262.0297423081368,null," ",{"$f":"T397-HLOOKUP(X397,Feuil1!$C$1:$BL$10,2,FALSE)","v":57},{"$f":"T397-HLOOKUP(X397,Feuil1!$C$1:$BL$10,3,FALSE)","v":37},{"$f":"T397-HLOOKUP(X397,Feuil1!$C$1:$BL$10,4,FALSE)","v":17},{"$f":"T397-HLOOKUP(X397,Feuil1!$C$1:$BL$10,5,FALSE)","v":-3},{"$f":"T397-HLOOKUP(X397,Feuil1!$C$1:$BL$10,6,FALSE)","v":-33},{"$f":"T397-HLOOKUP(X397,Feuil1!$C$1:$BL$10,7,FALSE)","v":-58},{"$f":"T397-HLOOKUP(X397,Feuil1!$C$1:$BL$10,8,FALSE)","v":-78},{"$f":"T397-HLOOKUP(X397,Feuil1!$C$1:$BL$10,9,FALSE)","v":-98},{"$f":"T397-HLOOKUP(X397,Feuil1!$C$1:$BL$10,10,FALSE)","v":-113},null,null,null,null,null,null,"REG +"]
["H","SEST","CAZ",81,955,"CANESTRIER","Jean",1966,70,"AS MONACO","F",85,90,-95,90,105,110,115,115,205,65,"REG +",15,{"$f":"IF(I398=\"\",\"\",IF(A398=\"H\",IF(OR(H398=\"SEN\",H398<1995),VLOOKUP(I398,Feuil1!$A$11:$F$29,6),IF(AND(H398>1994,H398<1998),VLOOKUP(I398,Feuil1!$A$11:$F$29,5),IF(AND(H398>1997,H398<2000),VLOOKUP(I398,Feuil1!$A$11:$F$29,4),IF(AND(H398>1999,H398<2002),VLOOKUP(I398,Feuil1!$A$11:$F$29,3),VLOOKUP(I398,Feuil1!$A$11:$F$29,2))))),IF(OR(H398=\"SEN\",H398<1995),VLOOKUP(I398,Feuil1!$G$11:$L$25,6),IF(AND(H398>1994,H398<1998),VLOOKUP(I398,Feuil1!$G$11:$L$25,5),IF(AND(H398>1997,H398<2000),VLOOKUP(I398,Feuil1!$G$11:$L$25,4),IF(AND(H398>1999,H398<2002),VLOOKUP(I398,Feuil1!$G$11:$L$25,3),VLOOKUP(I398,Feuil1!$G$11:$L$25,2)))))))","v":"S77"},273.2708049546689,null," ",{"$f":"T398-HLOOKUP(X398,Feuil1!$C$1:$BL$10,2,FALSE)","v":55},{"$f":"T398-HLOOKUP(X398,Feuil1!$C$1:$BL$10,3,FALSE)","v":35},{"$f":"T398-HLOOKUP(X398,Feuil1!$C$1:$BL$10,4,FALSE)","v":15},{"$f":"T398-HLOOKUP(X398,Feuil1!$C$1:$BL$10,5,FALSE)","v":-5},{"$f":"T398-HLOOKUP(X398,Feuil1!$C$1:$BL$10,6,FALSE)","v":-35},{"$f":"T398-HLOOKUP(X398,Feuil1!$C$1:$BL$10,7,FALSE)","v":-60},{"$f":"T398-HLOOKUP(X398,Feuil1!$C$1:$BL$10,8,FALSE)","v":-80},{"$f":"T398-HLOOKUP(X398,Feuil1!$C$1:$BL$10,9,FALSE)","v":-100},{"$f":"T398-HLOOKUP(X398,Feuil1!$C$1:$BL$10,10,FALSE)","v":-115},null,null,null,null,null,null,"REG +"]
["H","NORD","PIC",82,381026,"OLLIVIER","Frédéric",1984,73.599999999999994,"Saleux CHM","F",80,86,90,90,105,110,115,115,205,57.800000000000011,"REG +",15,{"$f":"IF(I399=\"\",\"\",IF(A399=\"H\",IF(OR(H399=\"SEN\",H399<1995),VLOOKUP(I399,Feuil1!$A$11:$F$29,6),IF(AND(H399>1994,H399<1998),VLOOKUP(I399,Feuil1!$A$11:$F$29,5),IF(AND(H399>1997,H399<2000),VLOOKUP(I399,Feuil1!$A$11:$F$29,4),IF(AND(H399>1999,H399<2002),VLOOKUP(I399,Feuil1!$A$11:$F$29,3),VLOOKUP(I399,Feuil1!$A$11:$F$29,2))))),IF(OR(H399=\"SEN\",H399<1995),VLOOKUP(I399,Feuil1!$G$11:$L$25,6),IF(AND(H399>1994,H399<1998),VLOOKUP(I399,Feuil1!$G$11:$L$25,5),IF(AND(H399>1997,H399<2000),VLOOKUP(I399,Feuil1!$G$11:$L$25,4),IF(AND(H399>1999,H399<2002),VLOOKUP(I399,Feuil1!$G$11:$L$25,3),VLOOKUP(I399,Feuil1!$G$11:$L$25,2)))))))","v":"S77"},265.00421867268551,null," ",{"$f":"T399-HLOOKUP(X399,Feuil1!$C$1:$BL$10,2,FALSE)","v":55},{"$f":"T399-HLOOKUP(X399,Feuil1!$C$1:$BL$10,3,FALSE)","v":35},{"$f":"T399-HLOOKUP(X399,Feuil1!$C$1:$BL$10,4,FALSE)","v":15},{"$f":"T399-HLOOKUP(X399,Feuil1!$C$1:$BL$10,5,FALSE)","v":-5},{"$f":"T399-HLOOKUP(X399,Feuil1!$C$1:$BL$10,6,FALSE)","v":-35},{"$f":"T399-HLOOKUP(X399,Feuil1!$C$1:$BL$10,7,FALSE)","v":-60},{"$f":"T399-HLOOKUP(X399,Feuil1!$C$1:$BL$10,8,FALSE)","v":-80},{"$f":"T399-HLOOKUP(X399,Feuil1!$C$1:$BL$10,9,FALSE)","v":-100},{"$f":"T399-HLOOKUP(X399,Feuil1!$C$1:$BL$10,10,FALSE)","v":-115},null,null,null,null,null,null,"REG +"]
["H","SO","AQU",83,219379,"DELIGNETTE","ROMAIN",1987,76.900000000000006,"EYSINES","F",80,87,90,90,105,110,115,115,205,51.199999999999989,"REG +",15,{"$f":"IF(I400=\"\",\"\",IF(A400=\"H\",IF(OR(H400=\"SEN\",H400<1995),VLOOKUP(I400,Feuil1!$A$11:$F$29,6),IF(AND(H400>1994,H400<1998),VLOOKUP(I400,Feuil1!$A$11:$F$29,5),IF(AND(H400>1997,H400<2000),VLOOKUP(I400,Feuil1!$A$11:$F$29,4),IF(AND(H400>1999,H400<2002),VLOOKUP(I400,Feuil1!$A$11:$F$29,3),VLOOKUP(I400,Feuil1!$A$11:$F$29,2))))),IF(OR(H400=\"SEN\",H400<1995),VLOOKUP(I400,Feuil1!$G$11:$L$25,6),IF(AND(H400>1994,H400<1998),VLOOKUP(I400,Feuil1!$G$11:$L$25,5),IF(AND(H400>1997,H400<2000),VLOOKUP(I400,Feuil1!$G$11:$L$25,4),IF(AND(H400>1999,H400<2002),VLOOKUP(I400,Feuil1!$G$11:$L$25,3),VLOOKUP(I400,Feuil1!$G$11:$L$25,2)))))))","v":"S77"},258.34678343726313,null," ",{"$f":"T400-HLOOKUP(X400,Feuil1!$C$1:$BL$10,2,FALSE)","v":55},{"$f":"T400-HLOOKUP(X400,Feuil1!$C$1:$BL$10,3,FALSE)","v":35},{"$f":"T400-HLOOKUP(X400,Feuil1!$C$1:$BL$10,4,FALSE)","v":15},{"$f":"T400-HLOOKUP(X400,Feuil1!$C$1:$BL$10,5,FALSE)","v":-5},{"$f":"T400-HLOOKUP(X400,Feuil1!$C$1:$BL$10,6,FALSE)","v":-35},{"$f":"T400-HLOOKUP(X400,Feuil1!$C$1:$BL$10,7,FALSE)","v":-60},{"$f":"T400-HLOOKUP(X400,Feuil1!$C$1:$BL$10,8,FALSE)","v":-80},{"$f":"T400-HLOOKUP(X400,Feuil1!$C$1:$BL$10,9,FALSE)","v":-100},{"$f":"T400-HLOOKUP(X400,Feuil1!$C$1:$BL$10,10,FALSE)","v":-115},null,null,null,null,null,null,"REG +"]
["H","NE","LOR",84,133327,"HEIL","Maxime",1992,74.900000000000006,"A.O.C.Pte-ROSSELLE","F",85,92,-97,92,105,112,-117,112,204,54.199999999999989,"REG +",14,{"$f":"IF(I401=\"\",\"\",IF(A401=\"H\",IF(OR(H401=\"SEN\",H401<1995),VLOOKUP(I401,Feuil1!$A$11:$F$29,6),IF(AND(H401>1994,H401<1998),VLOOKUP(I401,Feuil1!$A$11:$F$29,5),IF(AND(H401>1997,H401<2000),VLOOKUP(I401,Feuil1!$A$11:$F$29,4),IF(AND(H401>1999,H401<2002),VLOOKUP(I401,Feuil1!$A$11:$F$29,3),VLOOKUP(I401,Feuil1!$A$11:$F$29,2))))),IF(OR(H401=\"SEN\",H401<1995),VLOOKUP(I401,Feuil1!$G$11:$L$25,6),IF(AND(H401>1994,H401<1998),VLOOKUP(I401,Feuil1!$G$11:$L$25,5),IF(AND(H401>1997,H401<2000),VLOOKUP(I401,Feuil1!$G$11:$L$25,4),IF(AND(H401>1999,H401<2002),VLOOKUP(I401,Feuil1!$G$11:$L$25,3),VLOOKUP(I401,Feuil1!$G$11:$L$25,2)))))))","v":"S77"},261.00511071979361,null," ",{"$f":"T401-HLOOKUP(X401,Feuil1!$C$1:$BL$10,2,FALSE)","v":54},{"$f":"T401-HLOOKUP(X401,Feuil1!$C$1:$BL$10,3,FALSE)","v":34},{"$f":"T401-HLOOKUP(X401,Feuil1!$C$1:$BL$10,4,FALSE)","v":14},{"$f":"T401-HLOOKUP(X401,Feuil1!$C$1:$BL$10,5,FALSE)","v":-6},{"$f":"T401-HLOOKUP(X401,Feuil1!$C$1:$BL$10,6,FALSE)","v":-36},{"$f":"T401-HLOOKUP(X401,Feuil1!$C$1:$BL$10,7,FALSE)","v":-61},{"$f":"T401-HLOOKUP(X401,Feuil1!$C$1:$BL$10,8,FALSE)","v":-81},{"$f":"T401-HLOOKUP(X401,Feuil1!$C$1:$BL$10,9,FALSE)","v":-101},{"$f":"T401-HLOOKUP(X401,Feuil1!$C$1:$BL$10,10,FALSE)","v":-116},null,null,null,null,null,null,"REG +"]
["H","SEST","RAL",85,493,"SERANO","Alexandre",1978,75.5,"HC CHAMBON FEUGEROLLES","F",85,90,-93,90,110,113,-115,113,203,52,"REG +",13,{"$f":"IF(I402=\"\",\"\",IF(A402=\"H\",IF(OR(H402=\"SEN\",H402<1995),VLOOKUP(I402,Feuil1!$A$11:$F$29,6),IF(AND(H402>1994,H402<1998),VLOOKUP(I402,Feuil1!$A$11:$F$29,5),IF(AND(H402>1997,H402<2000),VLOOKUP(I402,Feuil1!$A$11:$F$29,4),IF(AND(H402>1999,H402<2002),VLOOKUP(I402,Feuil1!$A$11:$F$29,3),VLOOKUP(I402,Feuil1!$A$11:$F$29,2))))),IF(OR(H402=\"SEN\",H402<1995),VLOOKUP(I402,Feuil1!$G$11:$L$25,6),IF(AND(H402>1994,H402<1998),VLOOKUP(I402,Feuil1!$G$11:$L$25,5),IF(AND(H402>1997,H402<2000),VLOOKUP(I402,Feuil1!$G$11:$L$25,4),IF(AND(H402>1999,H402<2002),VLOOKUP(I402,Feuil1!$G$11:$L$25,3),VLOOKUP(I402,Feuil1!$G$11:$L$25,2)))))))","v":"S77"},258.52573568415721,null," ",{"$f":"T402-HLOOKUP(X402,Feuil1!$C$1:$BL$10,2,FALSE)","v":53},{"$f":"T402-HLOOKUP(X402,Feuil1!$C$1:$BL$10,3,FALSE)","v":33},{"$f":"T402-HLOOKUP(X402,Feuil1!$C$1:$BL$10,4,FALSE)","v":13},{"$f":"T402-HLOOKUP(X402,Feuil1!$C$1:$BL$10,5,FALSE)","v":-7},{"$f":"T402-HLOOKUP(X402,Feuil1!$C$1:$BL$10,6,FALSE)","v":-37},{"$f":"T402-HLOOKUP(X402,Feuil1!$C$1:$BL$10,7,FALSE)","v":-62},{"$f":"T402-HLOOKUP(X402,Feuil1!$C$1:$BL$10,8,FALSE)","v":-82},{"$f":"T402-HLOOKUP(X402,Feuil1!$C$1:$BL$10,9,FALSE)","v":-102},{"$f":"T402-HLOOKUP(X402,Feuil1!$C$1:$BL$10,10,FALSE)","v":-117},null,null,null,null,null,null,"REG +"]
["H","NORD","NPC",86,"025089","VASSAUX","Florian",1983,72,"LILLE U.C.","F",82,87,91,91,100,105,110,110,201,57,"REG +",11,{"$f":"IF(I403=\"\",\"\",IF(A403=\"H\",IF(OR(H403=\"SEN\",H403<1995),VLOOKUP(I403,Feuil1!$A$11:$F$29,6),IF(AND(H403>1994,H403<1998),VLOOKUP(I403,Feuil1!$A$11:$F$29,5),IF(AND(H403>1997,H403<2000),VLOOKUP(I403,Feuil1!$A$11:$F$29,4),IF(AND(H403>1999,H403<2002),VLOOKUP(I403,Feuil1!$A$11:$F$29,3),VLOOKUP(I403,Feuil1!$A$11:$F$29,2))))),IF(OR(H403=\"SEN\",H403<1995),VLOOKUP(I403,Feuil1!$G$11:$L$25,6),IF(AND(H403>1994,H403<1998),VLOOKUP(I403,Feuil1!$G$11:$L$25,5),IF(AND(H403>1997,H403<2000),VLOOKUP(I403,Feuil1!$G$11:$L$25,4),IF(AND(H403>1999,H403<2002),VLOOKUP(I403,Feuil1!$G$11:$L$25,3),VLOOKUP(I403,Feuil1!$G$11:$L$25,2)))))))","v":"S77"},263.29879540753268,null," ",{"$f":"T403-HLOOKUP(X403,Feuil1!$C$1:$BL$10,2,FALSE)","v":51},{"$f":"T403-HLOOKUP(X403,Feuil1!$C$1:$BL$10,3,FALSE)","v":31},{"$f":"T403-HLOOKUP(X403,Feuil1!$C$1:$BL$10,4,FALSE)","v":11},{"$f":"T403-HLOOKUP(X403,Feuil1!$C$1:$BL$10,5,FALSE)","v":-9},{"$f":"T403-HLOOKUP(X403,Feuil1!$C$1:$BL$10,6,FALSE)","v":-39},{"$f":"T403-HLOOKUP(X403,Feuil1!$C$1:$BL$10,7,FALSE)","v":-64},{"$f":"T403-HLOOKUP(X403,Feuil1!$C$1:$BL$10,8,FALSE)","v":-84},{"$f":"T403-HLOOKUP(X403,Feuil1!$C$1:$BL$10,9,FALSE)","v":-104},{"$f":"T403-HLOOKUP(X403,Feuil1!$C$1:$BL$10,10,FALSE)","v":-119},null,null,null,null,null,null,"REG +"]
["H","CO","BNO",87,5206,"Fauvel ","Anthony",1978,77,"Verson","F",82,86,-90,86,-110,111,115,115,201,47,"REG +",11,{"$f":"IF(I404=\"\",\"\",IF(A404=\"H\",IF(OR(H404=\"SEN\",H404<1995),VLOOKUP(I404,Feuil1!$A$11:$F$29,6),IF(AND(H404>1994,H404<1998),VLOOKUP(I404,Feuil1!$A$11:$F$29,5),IF(AND(H404>1997,H404<2000),VLOOKUP(I404,Feuil1!$A$11:$F$29,4),IF(AND(H404>1999,H404<2002),VLOOKUP(I404,Feuil1!$A$11:$F$29,3),VLOOKUP(I404,Feuil1!$A$11:$F$29,2))))),IF(OR(H404=\"SEN\",H404<1995),VLOOKUP(I404,Feuil1!$G$11:$L$25,6),IF(AND(H404>1994,H404<1998),VLOOKUP(I404,Feuil1!$G$11:$L$25,5),IF(AND(H404>1997,H404<2000),VLOOKUP(I404,Feuil1!$G$11:$L$25,4),IF(AND(H404>1999,H404<2002),VLOOKUP(I404,Feuil1!$G$11:$L$25,3),VLOOKUP(I404,Feuil1!$G$11:$L$25,2)))))))","v":"S77"},253.12011408359675,null," ",{"$f":"T404-HLOOKUP(X404,Feuil1!$C$1:$BL$10,2,FALSE)","v":51},{"$f":"T404-HLOOKUP(X404,Feuil1!$C$1:$BL$10,3,FALSE)","v":31},{"$f":"T404-HLOOKUP(X404,Feuil1!$C$1:$BL$10,4,FALSE)","v":11},{"$f":"T404-HLOOKUP(X404,Feuil1!$C$1:$BL$10,5,FALSE)","v":-9},{"$f":"T404-HLOOKUP(X404,Feuil1!$C$1:$BL$10,6,FALSE)","v":-39},{"$f":"T404-HLOOKUP(X404,Feuil1!$C$1:$BL$10,7,FALSE)","v":-64},{"$f":"T404-HLOOKUP(X404,Feuil1!$C$1:$BL$10,8,FALSE)","v":-84},{"$f":"T404-HLOOKUP(X404,Feuil1!$C$1:$BL$10,9,FALSE)","v":-104},{"$f":"T404-HLOOKUP(X404,Feuil1!$C$1:$BL$10,10,FALSE)","v":-119},null,null,null,null,null,null,"REG +"]
["H","N","IDF",88,257099,"DIONIS","ETIENNE",1994,73.599999999999994,"RUEIL ","F",85,90,-93,90,100,105,110,110,200,52.800000000000011,"REG +",10,{"$f":"IF(I405=\"\",\"\",IF(A405=\"H\",IF(OR(H405=\"SEN\",H405<1995),VLOOKUP(I405,Feuil1!$A$11:$F$29,6),IF(AND(H405>1994,H405<1998),VLOOKUP(I405,Feuil1!$A$11:$F$29,5),IF(AND(H405>1997,H405<2000),VLOOKUP(I405,Feuil1!$A$11:$F$29,4),IF(AND(H405>1999,H405<2002),VLOOKUP(I405,Feuil1!$A$11:$F$29,3),VLOOKUP(I405,Feuil1!$A$11:$F$29,2))))),IF(OR(H405=\"SEN\",H405<1995),VLOOKUP(I405,Feuil1!$G$11:$L$25,6),IF(AND(H405>1994,H405<1998),VLOOKUP(I405,Feuil1!$G$11:$L$25,5),IF(AND(H405>1997,H405<2000),VLOOKUP(I405,Feuil1!$G$11:$L$25,4),IF(AND(H405>1999,H405<2002),VLOOKUP(I405,Feuil1!$G$11:$L$25,3),VLOOKUP(I405,Feuil1!$G$11:$L$25,2)))))))","v":"S77"},258.54070114408347,null," ",{"$f":"T405-HLOOKUP(X405,Feuil1!$C$1:$BL$10,2,FALSE)","v":50},{"$f":"T405-HLOOKUP(X405,Feuil1!$C$1:$BL$10,3,FALSE)","v":30},{"$f":"T405-HLOOKUP(X405,Feuil1!$C$1:$BL$10,4,FALSE)","v":10},{"$f":"T405-HLOOKUP(X405,Feuil1!$C$1:$BL$10,5,FALSE)","v":-10},{"$f":"T405-HLOOKUP(X405,Feuil1!$C$1:$BL$10,6,FALSE)","v":-40},{"$f":"T405-HLOOKUP(X405,Feuil1!$C$1:$BL$10,7,FALSE)","v":-65},{"$f":"T405-HLOOKUP(X405,Feuil1!$C$1:$BL$10,8,FALSE)","v":-85},{"$f":"T405-HLOOKUP(X405,Feuil1!$C$1:$BL$10,9,FALSE)","v":-105},{"$f":"T405-HLOOKUP(X405,Feuil1!$C$1:$BL$10,10,FALSE)","v":-120},null,null,null,null,null,null,"REG +"]
["H","NORD","NPC",89,288107,"MANCINI","Thomas",1960,73.7,"C.A.ROSENDAEL","F",85,90,-95,90,105,110,-115,110,200,52.599999999999994,"REG +",10,{"$f":"IF(I406=\"\",\"\",IF(A406=\"H\",IF(OR(H406=\"SEN\",H406<1995),VLOOKUP(I406,Feuil1!$A$11:$F$29,6),IF(AND(H406>1994,H406<1998),VLOOKUP(I406,Feuil1!$A$11:$F$29,5),IF(AND(H406>1997,H406<2000),VLOOKUP(I406,Feuil1!$A$11:$F$29,4),IF(AND(H406>1999,H406<2002),VLOOKUP(I406,Feuil1!$A$11:$F$29,3),VLOOKUP(I406,Feuil1!$A$11:$F$29,2))))),IF(OR(H406=\"SEN\",H406<1995),VLOOKUP(I406,Feuil1!$G$11:$L$25,6),IF(AND(H406>1994,H406<1998),VLOOKUP(I406,Feuil1!$G$11:$L$25,5),IF(AND(H406>1997,H406<2000),VLOOKUP(I406,Feuil1!$G$11:$L$25,4),IF(AND(H406>1999,H406<2002),VLOOKUP(I406,Feuil1!$G$11:$L$25,3),VLOOKUP(I406,Feuil1!$G$11:$L$25,2)))))))","v":"S77"},258.33200592386032,null," ",{"$f":"T406-HLOOKUP(X406,Feuil1!$C$1:$BL$10,2,FALSE)","v":50},{"$f":"T406-HLOOKUP(X406,Feuil1!$C$1:$BL$10,3,FALSE)","v":30},{"$f":"T406-HLOOKUP(X406,Feuil1!$C$1:$BL$10,4,FALSE)","v":10},{"$f":"T406-HLOOKUP(X406,Feuil1!$C$1:$BL$10,5,FALSE)","v":-10},{"$f":"T406-HLOOKUP(X406,Feuil1!$C$1:$BL$10,6,FALSE)","v":-40},{"$f":"T406-HLOOKUP(X406,Feuil1!$C$1:$BL$10,7,FALSE)","v":-65},{"$f":"T406-HLOOKUP(X406,Feuil1!$C$1:$BL$10,8,FALSE)","v":-85},{"$f":"T406-HLOOKUP(X406,Feuil1!$C$1:$BL$10,9,FALSE)","v":-105},{"$f":"T406-HLOOKUP(X406,Feuil1!$C$1:$BL$10,10,FALSE)","v":-120},null,null,null,null,null,null,"REG +"]
["H","ZCO","BRE",90,281657,"SPINEC","Axel",1994,74.7,"AL Quimper","F",88,-92,92,92,-108,108,-112,108,200,50.599999999999994,"REG +",10,{"$f":"IF(I407=\"\",\"\",IF(A407=\"H\",IF(OR(H407=\"SEN\",H407<1995),VLOOKUP(I407,Feuil1!$A$11:$F$29,6),IF(AND(H407>1994,H407<1998),VLOOKUP(I407,Feuil1!$A$11:$F$29,5),IF(AND(H407>1997,H407<2000),VLOOKUP(I407,Feuil1!$A$11:$F$29,4),IF(AND(H407>1999,H407<2002),VLOOKUP(I407,Feuil1!$A$11:$F$29,3),VLOOKUP(I407,Feuil1!$A$11:$F$29,2))))),IF(OR(H407=\"SEN\",H407<1995),VLOOKUP(I407,Feuil1!$G$11:$L$25,6),IF(AND(H407>1994,H407<1998),VLOOKUP(I407,Feuil1!$G$11:$L$25,5),IF(AND(H407>1997,H407<2000),VLOOKUP(I407,Feuil1!$G$11:$L$25,4),IF(AND(H407>1999,H407<2002),VLOOKUP(I407,Feuil1!$G$11:$L$25,3),VLOOKUP(I407,Feuil1!$G$11:$L$25,2)))))))","v":"S77"},256.28728185030042,null," ",{"$f":"T407-HLOOKUP(X407,Feuil1!$C$1:$BL$10,2,FALSE)","v":50},{"$f":"T407-HLOOKUP(X407,Feuil1!$C$1:$BL$10,3,FALSE)","v":30},{"$f":"T407-HLOOKUP(X407,Feuil1!$C$1:$BL$10,4,FALSE)","v":10},{"$f":"T407-HLOOKUP(X407,Feuil1!$C$1:$BL$10,5,FALSE)","v":-10},{"$f":"T407-HLOOKUP(X407,Feuil1!$C$1:$BL$10,6,FALSE)","v":-40},{"$f":"T407-HLOOKUP(X407,Feuil1!$C$1:$BL$10,7,FALSE)","v":-65},{"$f":"T407-HLOOKUP(X407,Feuil1!$C$1:$BL$10,8,FALSE)","v":-85},{"$f":"T407-HLOOKUP(X407,Feuil1!$C$1:$BL$10,9,FALSE)","v":-105},{"$f":"T407-HLOOKUP(X407,Feuil1!$C$1:$BL$10,10,FALSE)","v":-120},null,null,null,null,null,null,"REG +"]
["H","SEST","PRO",91,138623,"QUEFERUS","JULIEN",1983,75.599999999999994,"HM STE TULLE","F",90,95,-98,95,105,-110,-110,105,200,48.800000000000011,"REG +",10,{"$f":"IF(I408=\"\",\"\",IF(A408=\"H\",IF(OR(H408=\"SEN\",H408<1995),VLOOKUP(I408,Feuil1!$A$11:$F$29,6),IF(AND(H408>1994,H408<1998),VLOOKUP(I408,Feuil1!$A$11:$F$29,5),IF(AND(H408>1997,H408<2000),VLOOKUP(I408,Feuil1!$A$11:$F$29,4),IF(AND(H408>1999,H408<2002),VLOOKUP(I408,Feuil1!$A$11:$F$29,3),VLOOKUP(I408,Feuil1!$A$11:$F$29,2))))),IF(OR(H408=\"SEN\",H408<1995),VLOOKUP(I408,Feuil1!$G$11:$L$25,6),IF(AND(H408>1994,H408<1998),VLOOKUP(I408,Feuil1!$G$11:$L$25,5),IF(AND(H408>1997,H408<2000),VLOOKUP(I408,Feuil1!$G$11:$L$25,4),IF(AND(H408>1999,H408<2002),VLOOKUP(I408,Feuil1!$G$11:$L$25,3),VLOOKUP(I408,Feuil1!$G$11:$L$25,2)))))))","v":"S77"},254.51064790698391,null," ",{"$f":"T408-HLOOKUP(X408,Feuil1!$C$1:$BL$10,2,FALSE)","v":50},{"$f":"T408-HLOOKUP(X408,Feuil1!$C$1:$BL$10,3,FALSE)","v":30},{"$f":"T408-HLOOKUP(X408,Feuil1!$C$1:$BL$10,4,FALSE)","v":10},{"$f":"T408-HLOOKUP(X408,Feuil1!$C$1:$BL$10,5,FALSE)","v":-10},{"$f":"T408-HLOOKUP(X408,Feuil1!$C$1:$BL$10,6,FALSE)","v":-40},{"$f":"T408-HLOOKUP(X408,Feuil1!$C$1:$BL$10,7,FALSE)","v":-65},{"$f":"T408-HLOOKUP(X408,Feuil1!$C$1:$BL$10,8,FALSE)","v":-85},{"$f":"T408-HLOOKUP(X408,Feuil1!$C$1:$BL$10,9,FALSE)","v":-105},{"$f":"T408-HLOOKUP(X408,Feuil1!$C$1:$BL$10,10,FALSE)","v":-120},null,null,null,null,null,null,"REG +"]
["H","N","IDF",92,340682,"MYSCILE","GIANNI",1982,76.400000000000006,"US METRO","F",80,90,-95,90,105,-110,110,110,200,47.199999999999989,"REG +",10,{"$f":"IF(I409=\"\",\"\",IF(A409=\"H\",IF(OR(H409=\"SEN\",H409<1995),VLOOKUP(I409,Feuil1!$A$11:$F$29,6),IF(AND(H409>1994,H409<1998),VLOOKUP(I409,Feuil1!$A$11:$F$29,5),IF(AND(H409>1997,H409<2000),VLOOKUP(I409,Feuil1!$A$11:$F$29,4),IF(AND(H409>1999,H409<2002),VLOOKUP(I409,Feuil1!$A$11:$F$29,3),VLOOKUP(I409,Feuil1!$A$11:$F$29,2))))),IF(OR(H409=\"SEN\",H409<1995),VLOOKUP(I409,Feuil1!$G$11:$L$25,6),IF(AND(H409>1994,H409<1998),VLOOKUP(I409,Feuil1!$G$11:$L$25,5),IF(AND(H409>1997,H409<2000),VLOOKUP(I409,Feuil1!$G$11:$L$25,4),IF(AND(H409>1999,H409<2002),VLOOKUP(I409,Feuil1!$G$11:$L$25,3),VLOOKUP(I409,Feuil1!$G$11:$L$25,2)))))))","v":"S77"},252.9799291093037,null," ",{"$f":"T409-HLOOKUP(X409,Feuil1!$C$1:$BL$10,2,FALSE)","v":50},{"$f":"T409-HLOOKUP(X409,Feuil1!$C$1:$BL$10,3,FALSE)","v":30},{"$f":"T409-HLOOKUP(X409,Feuil1!$C$1:$BL$10,4,FALSE)","v":10},{"$f":"T409-HLOOKUP(X409,Feuil1!$C$1:$BL$10,5,FALSE)","v":-10},{"$f":"T409-HLOOKUP(X409,Feuil1!$C$1:$BL$10,6,FALSE)","v":-40},{"$f":"T409-HLOOKUP(X409,Feuil1!$C$1:$BL$10,7,FALSE)","v":-65},{"$f":"T409-HLOOKUP(X409,Feuil1!$C$1:$BL$10,8,FALSE)","v":-85},{"$f":"T409-HLOOKUP(X409,Feuil1!$C$1:$BL$10,9,FALSE)","v":-105},{"$f":"T409-HLOOKUP(X409,Feuil1!$C$1:$BL$10,10,FALSE)","v":-120},null,null,null,null,null,null,"REG +"]
["H","N","IDF",93,340890,"MASCLEF","CAMILLE",1994,76.900000000000006,"GENNEVILLIERS","F",75,81,85,85,105,110,115,115,200,46.199999999999989,"REG +",10,{"$f":"IF(I410=\"\",\"\",IF(A410=\"H\",IF(OR(H410=\"SEN\",H410<1995),VLOOKUP(I410,Feuil1!$A$11:$F$29,6),IF(AND(H410>1994,H410<1998),VLOOKUP(I410,Feuil1!$A$11:$F$29,5),IF(AND(H410>1997,H410<2000),VLOOKUP(I410,Feuil1!$A$11:$F$29,4),IF(AND(H410>1999,H410<2002),VLOOKUP(I410,Feuil1!$A$11:$F$29,3),VLOOKUP(I410,Feuil1!$A$11:$F$29,2))))),IF(OR(H410=\"SEN\",H410<1995),VLOOKUP(I410,Feuil1!$G$11:$L$25,6),IF(AND(H410>1994,H410<1998),VLOOKUP(I410,Feuil1!$G$11:$L$25,5),IF(AND(H410>1997,H410<2000),VLOOKUP(I410,Feuil1!$G$11:$L$25,4),IF(AND(H410>1999,H410<2002),VLOOKUP(I410,Feuil1!$G$11:$L$25,3),VLOOKUP(I410,Feuil1!$G$11:$L$25,2)))))))","v":"S77"},252.04564237781767,null," ",{"$f":"T410-HLOOKUP(X410,Feuil1!$C$1:$BL$10,2,FALSE)","v":50},{"$f":"T410-HLOOKUP(X410,Feuil1!$C$1:$BL$10,3,FALSE)","v":30},{"$f":"T410-HLOOKUP(X410,Feuil1!$C$1:$BL$10,4,FALSE)","v":10},{"$f":"T410-HLOOKUP(X410,Feuil1!$C$1:$BL$10,5,FALSE)","v":-10},{"$f":"T410-HLOOKUP(X410,Feuil1!$C$1:$BL$10,6,FALSE)","v":-40},{"$f":"T410-HLOOKUP(X410,Feuil1!$C$1:$BL$10,7,FALSE)","v":-65},{"$f":"T410-HLOOKUP(X410,Feuil1!$C$1:$BL$10,8,FALSE)","v":-85},{"$f":"T410-HLOOKUP(X410,Feuil1!$C$1:$BL$10,9,FALSE)","v":-105},{"$f":"T410-HLOOKUP(X410,Feuil1!$C$1:$BL$10,10,FALSE)","v":-120},null,null,null,null,null,null,"REG +"]
["H","N","IDF",94,340603,"LAAJOUNE","Nour Edddine",1977,69.400000000000006,"GENNEVLLIERS","F",82,87,-90,87,-109,110,-114,110,197,58.199999999999989,"REG +",7,{"$f":"IF(I411=\"\",\"\",IF(A411=\"H\",IF(OR(H411=\"SEN\",H411<1995),VLOOKUP(I411,Feuil1!$A$11:$F$29,6),IF(AND(H411>1994,H411<1998),VLOOKUP(I411,Feuil1!$A$11:$F$29,5),IF(AND(H411>1997,H411<2000),VLOOKUP(I411,Feuil1!$A$11:$F$29,4),IF(AND(H411>1999,H411<2002),VLOOKUP(I411,Feuil1!$A$11:$F$29,3),VLOOKUP(I411,Feuil1!$A$11:$F$29,2))))),IF(OR(H411=\"SEN\",H411<1995),VLOOKUP(I411,Feuil1!$G$11:$L$25,6),IF(AND(H411>1994,H411<1998),VLOOKUP(I411,Feuil1!$G$11:$L$25,5),IF(AND(H411>1997,H411<2000),VLOOKUP(I411,Feuil1!$G$11:$L$25,4),IF(AND(H411>1999,H411<2002),VLOOKUP(I411,Feuil1!$G$11:$L$25,3),VLOOKUP(I411,Feuil1!$G$11:$L$25,2)))))))","v":"S77"},264.04096800322083,null," ",{"$f":"T411-HLOOKUP(X411,Feuil1!$C$1:$BL$10,2,FALSE)","v":47},{"$f":"T411-HLOOKUP(X411,Feuil1!$C$1:$BL$10,3,FALSE)","v":27},{"$f":"T411-HLOOKUP(X411,Feuil1!$C$1:$BL$10,4,FALSE)","v":7},{"$f":"T411-HLOOKUP(X411,Feuil1!$C$1:$BL$10,5,FALSE)","v":-13},{"$f":"T411-HLOOKUP(X411,Feuil1!$C$1:$BL$10,6,FALSE)","v":-43},{"$f":"T411-HLOOKUP(X411,Feuil1!$C$1:$BL$10,7,FALSE)","v":-68},{"$f":"T411-HLOOKUP(X411,Feuil1!$C$1:$BL$10,8,FALSE)","v":-88},{"$f":"T411-HLOOKUP(X411,Feuil1!$C$1:$BL$10,9,FALSE)","v":-108},{"$f":"T411-HLOOKUP(X411,Feuil1!$C$1:$BL$10,10,FALSE)","v":-123},null,null,null,null,null,null,"REG +"]
["H","SEST","RAL",95,95245,"ROBLES","Franck",1987,71.900000000000006,"Bourg de Péage","F",83,88,90,90,103,107,-112,107,197,53.199999999999989,"REG +",7,{"$f":"IF(I412=\"\",\"\",IF(A412=\"H\",IF(OR(H412=\"SEN\",H412<1995),VLOOKUP(I412,Feuil1!$A$11:$F$29,6),IF(AND(H412>1994,H412<1998),VLOOKUP(I412,Feuil1!$A$11:$F$29,5),IF(AND(H412>1997,H412<2000),VLOOKUP(I412,Feuil1!$A$11:$F$29,4),IF(AND(H412>1999,H412<2002),VLOOKUP(I412,Feuil1!$A$11:$F$29,3),VLOOKUP(I412,Feuil1!$A$11:$F$29,2))))),IF(OR(H412=\"SEN\",H412<1995),VLOOKUP(I412,Feuil1!$G$11:$L$25,6),IF(AND(H412>1994,H412<1998),VLOOKUP(I412,Feuil1!$G$11:$L$25,5),IF(AND(H412>1997,H412<2000),VLOOKUP(I412,Feuil1!$G$11:$L$25,4),IF(AND(H412>1999,H412<2002),VLOOKUP(I412,Feuil1!$G$11:$L$25,3),VLOOKUP(I412,Feuil1!$G$11:$L$25,2)))))))","v":"S77"},258.27820474101497,null," ",{"$f":"T412-HLOOKUP(X412,Feuil1!$C$1:$BL$10,2,FALSE)","v":47},{"$f":"T412-HLOOKUP(X412,Feuil1!$C$1:$BL$10,3,FALSE)","v":27},{"$f":"T412-HLOOKUP(X412,Feuil1!$C$1:$BL$10,4,FALSE)","v":7},{"$f":"T412-HLOOKUP(X412,Feuil1!$C$1:$BL$10,5,FALSE)","v":-13},{"$f":"T412-HLOOKUP(X412,Feuil1!$C$1:$BL$10,6,FALSE)","v":-43},{"$f":"T412-HLOOKUP(X412,Feuil1!$C$1:$BL$10,7,FALSE)","v":-68},{"$f":"T412-HLOOKUP(X412,Feuil1!$C$1:$BL$10,8,FALSE)","v":-88},{"$f":"T412-HLOOKUP(X412,Feuil1!$C$1:$BL$10,9,FALSE)","v":-108},{"$f":"T412-HLOOKUP(X412,Feuil1!$C$1:$BL$10,10,FALSE)","v":-123},null,null,null,null,null,null,"REG +"]
["H","SO","MPY",96,68301,"PASTUREL","Anthony",1986,73.2,"ALBI HC","F",80,87,-90,87,100,-110,110,110,197,50.599999999999994,"REG +",7,{"$f":"IF(I413=\"\",\"\",IF(A413=\"H\",IF(OR(H413=\"SEN\",H413<1995),VLOOKUP(I413,Feuil1!$A$11:$F$29,6),IF(AND(H413>1994,H413<1998),VLOOKUP(I413,Feuil1!$A$11:$F$29,5),IF(AND(H413>1997,H413<2000),VLOOKUP(I413,Feuil1!$A$11:$F$29,4),IF(AND(H413>1999,H413<2002),VLOOKUP(I413,Feuil1!$A$11:$F$29,3),VLOOKUP(I413,Feuil1!$A$11:$F$29,2))))),IF(OR(H413=\"SEN\",H413<1995),VLOOKUP(I413,Feuil1!$G$11:$L$25,6),IF(AND(H413>1994,H413<1998),VLOOKUP(I413,Feuil1!$G$11:$L$25,5),IF(AND(H413>1997,H413<2000),VLOOKUP(I413,Feuil1!$G$11:$L$25,4),IF(AND(H413>1999,H413<2002),VLOOKUP(I413,Feuil1!$G$11:$L$25,3),VLOOKUP(I413,Feuil1!$G$11:$L$25,2)))))))","v":"S77"},255.49259434810764,null," ",{"$f":"T413-HLOOKUP(X413,Feuil1!$C$1:$BL$10,2,FALSE)","v":47},{"$f":"T413-HLOOKUP(X413,Feuil1!$C$1:$BL$10,3,FALSE)","v":27},{"$f":"T413-HLOOKUP(X413,Feuil1!$C$1:$BL$10,4,FALSE)","v":7},{"$f":"T413-HLOOKUP(X413,Feuil1!$C$1:$BL$10,5,FALSE)","v":-13},{"$f":"T413-HLOOKUP(X413,Feuil1!$C$1:$BL$10,6,FALSE)","v":-43},{"$f":"T413-HLOOKUP(X413,Feuil1!$C$1:$BL$10,7,FALSE)","v":-68},{"$f":"T413-HLOOKUP(X413,Feuil1!$C$1:$BL$10,8,FALSE)","v":-88},{"$f":"T413-HLOOKUP(X413,Feuil1!$C$1:$BL$10,9,FALSE)","v":-108},{"$f":"T413-HLOOKUP(X413,Feuil1!$C$1:$BL$10,10,FALSE)","v":-123},null,null,null,null,null,null,"REG +"]
["H","SEST","PRO",97,115921,"FREROT","OLIVIER",1969,76.599999999999994,"HM STE TULLE","F",80,-85,-85,80,110,-117,117,117,197,43.800000000000011,"REG +",7,{"$f":"IF(I414=\"\",\"\",IF(A414=\"H\",IF(OR(H414=\"SEN\",H414<1995),VLOOKUP(I414,Feuil1!$A$11:$F$29,6),IF(AND(H414>1994,H414<1998),VLOOKUP(I414,Feuil1!$A$11:$F$29,5),IF(AND(H414>1997,H414<2000),VLOOKUP(I414,Feuil1!$A$11:$F$29,4),IF(AND(H414>1999,H414<2002),VLOOKUP(I414,Feuil1!$A$11:$F$29,3),VLOOKUP(I414,Feuil1!$A$11:$F$29,2))))),IF(OR(H414=\"SEN\",H414<1995),VLOOKUP(I414,Feuil1!$G$11:$L$25,6),IF(AND(H414>1994,H414<1998),VLOOKUP(I414,Feuil1!$G$11:$L$25,5),IF(AND(H414>1997,H414<2000),VLOOKUP(I414,Feuil1!$G$11:$L$25,4),IF(AND(H414>1999,H414<2002),VLOOKUP(I414,Feuil1!$G$11:$L$25,3),VLOOKUP(I414,Feuil1!$G$11:$L$25,2)))))))","v":"S77"},248.81511442019467,null," ",{"$f":"T414-HLOOKUP(X414,Feuil1!$C$1:$BL$10,2,FALSE)","v":47},{"$f":"T414-HLOOKUP(X414,Feuil1!$C$1:$BL$10,3,FALSE)","v":27},{"$f":"T414-HLOOKUP(X414,Feuil1!$C$1:$BL$10,4,FALSE)","v":7},{"$f":"T414-HLOOKUP(X414,Feuil1!$C$1:$BL$10,5,FALSE)","v":-13},{"$f":"T414-HLOOKUP(X414,Feuil1!$C$1:$BL$10,6,FALSE)","v":-43},{"$f":"T414-HLOOKUP(X414,Feuil1!$C$1:$BL$10,7,FALSE)","v":-68},{"$f":"T414-HLOOKUP(X414,Feuil1!$C$1:$BL$10,8,FALSE)","v":-88},{"$f":"T414-HLOOKUP(X414,Feuil1!$C$1:$BL$10,9,FALSE)","v":-108},{"$f":"T414-HLOOKUP(X414,Feuil1!$C$1:$BL$10,10,FALSE)","v":-123},null,null,null,null,null,null,"REG +"]
["H","DOM","REU",98,366168,"RICHARD","CEDRIC",1985,69.5,"SCHM Saint Paul","F",80,90,-100,90,105,-115,-115,105,195,56,"REG +",5,{"$f":"IF(I415=\"\",\"\",IF(A415=\"H\",IF(OR(H415=\"SEN\",H415<1995),VLOOKUP(I415,Feuil1!$A$11:$F$29,6),IF(AND(H415>1994,H415<1998),VLOOKUP(I415,Feuil1!$A$11:$F$29,5),IF(AND(H415>1997,H415<2000),VLOOKUP(I415,Feuil1!$A$11:$F$29,4),IF(AND(H415>1999,H415<2002),VLOOKUP(I415,Feuil1!$A$11:$F$29,3),VLOOKUP(I415,Feuil1!$A$11:$F$29,2))))),IF(OR(H415=\"SEN\",H415<1995),VLOOKUP(I415,Feuil1!$G$11:$L$25,6),IF(AND(H415>1994,H415<1998),VLOOKUP(I415,Feuil1!$G$11:$L$25,5),IF(AND(H415>1997,H415<2000),VLOOKUP(I415,Feuil1!$G$11:$L$25,4),IF(AND(H415>1999,H415<2002),VLOOKUP(I415,Feuil1!$G$11:$L$25,3),VLOOKUP(I415,Feuil1!$G$11:$L$25,2)))))))","v":"S77"},261.12139197657956,null," ",{"$f":"T415-HLOOKUP(X415,Feuil1!$C$1:$BL$10,2,FALSE)","v":45},{"$f":"T415-HLOOKUP(X415,Feuil1!$C$1:$BL$10,3,FALSE)","v":25},{"$f":"T415-HLOOKUP(X415,Feuil1!$C$1:$BL$10,4,FALSE)","v":5},{"$f":"T415-HLOOKUP(X415,Feuil1!$C$1:$BL$10,5,FALSE)","v":-15},{"$f":"T415-HLOOKUP(X415,Feuil1!$C$1:$BL$10,6,FALSE)","v":-45},{"$f":"T415-HLOOKUP(X415,Feuil1!$C$1:$BL$10,7,FALSE)","v":-70},{"$f":"T415-HLOOKUP(X415,Feuil1!$C$1:$BL$10,8,FALSE)","v":-90},{"$f":"T415-HLOOKUP(X415,Feuil1!$C$1:$BL$10,9,FALSE)","v":-110},{"$f":"T415-HLOOKUP(X415,Feuil1!$C$1:$BL$10,10,FALSE)","v":-125},null,null,null,null,null,null,"REG +"]
["H","NORD","PIC",99,364229,"DUMOND","Rémi",1993,69.900000000000006,"Saleux CHM","F",78,81,85,85,100,105,110,110,195,55.199999999999989,"REG +",5,{"$f":"IF(I416=\"\",\"\",IF(A416=\"H\",IF(OR(H416=\"SEN\",H416<1995),VLOOKUP(I416,Feuil1!$A$11:$F$29,6),IF(AND(H416>1994,H416<1998),VLOOKUP(I416,Feuil1!$A$11:$F$29,5),IF(AND(H416>1997,H416<2000),VLOOKUP(I416,Feuil1!$A$11:$F$29,4),IF(AND(H416>1999,H416<2002),VLOOKUP(I416,Feuil1!$A$11:$F$29,3),VLOOKUP(I416,Feuil1!$A$11:$F$29,2))))),IF(OR(H416=\"SEN\",H416<1995),VLOOKUP(I416,Feuil1!$G$11:$L$25,6),IF(AND(H416>1994,H416<1998),VLOOKUP(I416,Feuil1!$G$11:$L$25,5),IF(AND(H416>1997,H416<2000),VLOOKUP(I416,Feuil1!$G$11:$L$25,4),IF(AND(H416>1999,H416<2002),VLOOKUP(I416,Feuil1!$G$11:$L$25,3),VLOOKUP(I416,Feuil1!$G$11:$L$25,2)))))))","v":"S77"},260.17485612680673,null," ",{"$f":"T416-HLOOKUP(X416,Feuil1!$C$1:$BL$10,2,FALSE)","v":45},{"$f":"T416-HLOOKUP(X416,Feuil1!$C$1:$BL$10,3,FALSE)","v":25},{"$f":"T416-HLOOKUP(X416,Feuil1!$C$1:$BL$10,4,FALSE)","v":5},{"$f":"T416-HLOOKUP(X416,Feuil1!$C$1:$BL$10,5,FALSE)","v":-15},{"$f":"T416-HLOOKUP(X416,Feuil1!$C$1:$BL$10,6,FALSE)","v":-45},{"$f":"T416-HLOOKUP(X416,Feuil1!$C$1:$BL$10,7,FALSE)","v":-70},{"$f":"T416-HLOOKUP(X416,Feuil1!$C$1:$BL$10,8,FALSE)","v":-90},{"$f":"T416-HLOOKUP(X416,Feuil1!$C$1:$BL$10,9,FALSE)","v":-110},{"$f":"T416-HLOOKUP(X416,Feuil1!$C$1:$BL$10,10,FALSE)","v":-125},null,null,null,null,null,null,"REG +"]
["H","SEST","CAZ",100,375932,"RAMOS","Julien",1989,75.3,"AS MONACO","F",80,85,90,90,105,-110,-115,105,195,44.400000000000006,"REG +",5,{"$f":"IF(I417=\"\",\"\",IF(A417=\"H\",IF(OR(H417=\"SEN\",H417<1995),VLOOKUP(I417,Feuil1!$A$11:$F$29,6),IF(AND(H417>1994,H417<1998),VLOOKUP(I417,Feuil1!$A$11:$F$29,5),IF(AND(H417>1997,H417<2000),VLOOKUP(I417,Feuil1!$A$11:$F$29,4),IF(AND(H417>1999,H417<2002),VLOOKUP(I417,Feuil1!$A$11:$F$29,3),VLOOKUP(I417,Feuil1!$A$11:$F$29,2))))),IF(OR(H417=\"SEN\",H417<1995),VLOOKUP(I417,Feuil1!$G$11:$L$25,6),IF(AND(H417>1994,H417<1998),VLOOKUP(I417,Feuil1!$G$11:$L$25,5),IF(AND(H417>1997,H417<2000),VLOOKUP(I417,Feuil1!$G$11:$L$25,4),IF(AND(H417>1999,H417<2002),VLOOKUP(I417,Feuil1!$G$11:$L$25,3),VLOOKUP(I417,Feuil1!$G$11:$L$25,2)))))))","v":"S77"},248.71892070274788,null," ",{"$f":"T417-HLOOKUP(X417,Feuil1!$C$1:$BL$10,2,FALSE)","v":45},{"$f":"T417-HLOOKUP(X417,Feuil1!$C$1:$BL$10,3,FALSE)","v":25},{"$f":"T417-HLOOKUP(X417,Feuil1!$C$1:$BL$10,4,FALSE)","v":5},{"$f":"T417-HLOOKUP(X417,Feuil1!$C$1:$BL$10,5,FALSE)","v":-15},{"$f":"T417-HLOOKUP(X417,Feuil1!$C$1:$BL$10,6,FALSE)","v":-45},{"$f":"T417-HLOOKUP(X417,Feuil1!$C$1:$BL$10,7,FALSE)","v":-70},{"$f":"T417-HLOOKUP(X417,Feuil1!$C$1:$BL$10,8,FALSE)","v":-90},{"$f":"T417-HLOOKUP(X417,Feuil1!$C$1:$BL$10,9,FALSE)","v":-110},{"$f":"T417-HLOOKUP(X417,Feuil1!$C$1:$BL$10,10,FALSE)","v":-125},null,null,null,null,null,null,"REG +"]
["H","SEST","PRO",101,374678,"VAN THUAN","BAPTISTE",1994,75.7,"HC MARSEILLE","F",85,-90,-90,85,110,-115,-115,110,195,43.599999999999994,"REG +",5,{"$f":"IF(I418=\"\",\"\",IF(A418=\"H\",IF(OR(H418=\"SEN\",H418<1995),VLOOKUP(I418,Feuil1!$A$11:$F$29,6),IF(AND(H418>1994,H418<1998),VLOOKUP(I418,Feuil1!$A$11:$F$29,5),IF(AND(H418>1997,H418<2000),VLOOKUP(I418,Feuil1!$A$11:$F$29,4),IF(AND(H418>1999,H418<2002),VLOOKUP(I418,Feuil1!$A$11:$F$29,3),VLOOKUP(I418,Feuil1!$A$11:$F$29,2))))),IF(OR(H418=\"SEN\",H418<1995),VLOOKUP(I418,Feuil1!$G$11:$L$25,6),IF(AND(H418>1994,H418<1998),VLOOKUP(I418,Feuil1!$G$11:$L$25,5),IF(AND(H418>1997,H418<2000),VLOOKUP(I418,Feuil1!$G$11:$L$25,4),IF(AND(H418>1999,H418<2002),VLOOKUP(I418,Feuil1!$G$11:$L$25,3),VLOOKUP(I418,Feuil1!$G$11:$L$25,2)))))))","v":"S77"},247.95892844240785,null," ",{"$f":"T418-HLOOKUP(X418,Feuil1!$C$1:$BL$10,2,FALSE)","v":45},{"$f":"T418-HLOOKUP(X418,Feuil1!$C$1:$BL$10,3,FALSE)","v":25},{"$f":"T418-HLOOKUP(X418,Feuil1!$C$1:$BL$10,4,FALSE)","v":5},{"$f":"T418-HLOOKUP(X418,Feuil1!$C$1:$BL$10,5,FALSE)","v":-15},{"$f":"T418-HLOOKUP(X418,Feuil1!$C$1:$BL$10,6,FALSE)","v":-45},{"$f":"T418-HLOOKUP(X418,Feuil1!$C$1:$BL$10,7,FALSE)","v":-70},{"$f":"T418-HLOOKUP(X418,Feuil1!$C$1:$BL$10,8,FALSE)","v":-90},{"$f":"T418-HLOOKUP(X418,Feuil1!$C$1:$BL$10,9,FALSE)","v":-110},{"$f":"T418-HLOOKUP(X418,Feuil1!$C$1:$BL$10,10,FALSE)","v":-125},null,null,null,null,null,null,"REG +"]
["H","N","IDF",102,227662,"ROUSSEAU","NICOLAS",1986,76,"RUEIL ","F",85,-88,-88,85,105,110,-113,110,195,43,"REG +",5,{"$f":"IF(I419=\"\",\"\",IF(A419=\"H\",IF(OR(H419=\"SEN\",H419<1995),VLOOKUP(I419,Feuil1!$A$11:$F$29,6),IF(AND(H419>1994,H419<1998),VLOOKUP(I419,Feuil1!$A$11:$F$29,5),IF(AND(H419>1997,H419<2000),VLOOKUP(I419,Feuil1!$A$11:$F$29,4),IF(AND(H419>1999,H419<2002),VLOOKUP(I419,Feuil1!$A$11:$F$29,3),VLOOKUP(I419,Feuil1!$A$11:$F$29,2))))),IF(OR(H419=\"SEN\",H419<1995),VLOOKUP(I419,Feuil1!$G$11:$L$25,6),IF(AND(H419>1994,H419<1998),VLOOKUP(I419,Feuil1!$G$11:$L$25,5),IF(AND(H419>1997,H419<2000),VLOOKUP(I419,Feuil1!$G$11:$L$25,4),IF(AND(H419>1999,H419<2002),VLOOKUP(I419,Feuil1!$G$11:$L$25,3),VLOOKUP(I419,Feuil1!$G$11:$L$25,2)))))))","v":"S77"},247.39620289106077,null," ",{"$f":"T419-HLOOKUP(X419,Feuil1!$C$1:$BL$10,2,FALSE)","v":45},{"$f":"T419-HLOOKUP(X419,Feuil1!$C$1:$BL$10,3,FALSE)","v":25},{"$f":"T419-HLOOKUP(X419,Feuil1!$C$1:$BL$10,4,FALSE)","v":5},{"$f":"T419-HLOOKUP(X419,Feuil1!$C$1:$BL$10,5,FALSE)","v":-15},{"$f":"T419-HLOOKUP(X419,Feuil1!$C$1:$BL$10,6,FALSE)","v":-45},{"$f":"T419-HLOOKUP(X419,Feuil1!$C$1:$BL$10,7,FALSE)","v":-70},{"$f":"T419-HLOOKUP(X419,Feuil1!$C$1:$BL$10,8,FALSE)","v":-90},{"$f":"T419-HLOOKUP(X419,Feuil1!$C$1:$BL$10,9,FALSE)","v":-110},{"$f":"T419-HLOOKUP(X419,Feuil1!$C$1:$BL$10,10,FALSE)","v":-125},null,null,null,null,null,null,"REG +"]
["H","CO","PDL",103,355924,"COUILLANDEAU","Alexandre",1992,76.5,"Saint Herblain","F",82,-87,87,87,100,107,-111,107,194,41,"REG +",4,{"$f":"IF(I420=\"\",\"\",IF(A420=\"H\",IF(OR(H420=\"SEN\",H420<1995),VLOOKUP(I420,Feuil1!$A$11:$F$29,6),IF(AND(H420>1994,H420<1998),VLOOKUP(I420,Feuil1!$A$11:$F$29,5),IF(AND(H420>1997,H420<2000),VLOOKUP(I420,Feuil1!$A$11:$F$29,4),IF(AND(H420>1999,H420<2002),VLOOKUP(I420,Feuil1!$A$11:$F$29,3),VLOOKUP(I420,Feuil1!$A$11:$F$29,2))))),IF(OR(H420=\"SEN\",H420<1995),VLOOKUP(I420,Feuil1!$G$11:$L$25,6),IF(AND(H420>1994,H420<1998),VLOOKUP(I420,Feuil1!$G$11:$L$25,5),IF(AND(H420>1997,H420<2000),VLOOKUP(I420,Feuil1!$G$11:$L$25,4),IF(AND(H420>1999,H420<2002),VLOOKUP(I420,Feuil1!$G$11:$L$25,3),VLOOKUP(I420,Feuil1!$G$11:$L$25,2)))))))","v":"S77"},245.20796012022717,null," ",{"$f":"T420-HLOOKUP(X420,Feuil1!$C$1:$BL$10,2,FALSE)","v":44},{"$f":"T420-HLOOKUP(X420,Feuil1!$C$1:$BL$10,3,FALSE)","v":24},{"$f":"T420-HLOOKUP(X420,Feuil1!$C$1:$BL$10,4,FALSE)","v":4},{"$f":"T420-HLOOKUP(X420,Feuil1!$C$1:$BL$10,5,FALSE)","v":-16},{"$f":"T420-HLOOKUP(X420,Feuil1!$C$1:$BL$10,6,FALSE)","v":-46},{"$f":"T420-HLOOKUP(X420,Feuil1!$C$1:$BL$10,7,FALSE)","v":-71},{"$f":"T420-HLOOKUP(X420,Feuil1!$C$1:$BL$10,8,FALSE)","v":-91},{"$f":"T420-HLOOKUP(X420,Feuil1!$C$1:$BL$10,9,FALSE)","v":-111},{"$f":"T420-HLOOKUP(X420,Feuil1!$C$1:$BL$10,10,FALSE)","v":-126},null,null,null,null,null,null,"REG +"]
["H","NE","ALS",104,3736,"PARISET","VINCENT",79,71.900000000000006,"ASI Avenir HM","F",77,81,-85,81,108,112,-115,112,193,49.199999999999989,"REG +",3,{"$f":"IF(I421=\"\",\"\",IF(A421=\"H\",IF(OR(H421=\"SEN\",H421<1995),VLOOKUP(I421,Feuil1!$A$11:$F$29,6),IF(AND(H421>1994,H421<1998),VLOOKUP(I421,Feuil1!$A$11:$F$29,5),IF(AND(H421>1997,H421<2000),VLOOKUP(I421,Feuil1!$A$11:$F$29,4),IF(AND(H421>1999,H421<2002),VLOOKUP(I421,Feuil1!$A$11:$F$29,3),VLOOKUP(I421,Feuil1!$A$11:$F$29,2))))),IF(OR(H421=\"SEN\",H421<1995),VLOOKUP(I421,Feuil1!$G$11:$L$25,6),IF(AND(H421>1994,H421<1998),VLOOKUP(I421,Feuil1!$G$11:$L$25,5),IF(AND(H421>1997,H421<2000),VLOOKUP(I421,Feuil1!$G$11:$L$25,4),IF(AND(H421>1999,H421<2002),VLOOKUP(I421,Feuil1!$G$11:$L$25,3),VLOOKUP(I421,Feuil1!$G$11:$L$25,2)))))))","v":"S77"},253.03397723358319,null," ",{"$f":"T421-HLOOKUP(X421,Feuil1!$C$1:$BL$10,2,FALSE)","v":43},{"$f":"T421-HLOOKUP(X421,Feuil1!$C$1:$BL$10,3,FALSE)","v":23},{"$f":"T421-HLOOKUP(X421,Feuil1!$C$1:$BL$10,4,FALSE)","v":3},{"$f":"T421-HLOOKUP(X421,Feuil1!$C$1:$BL$10,5,FALSE)","v":-17},{"$f":"T421-HLOOKUP(X421,Feuil1!$C$1:$BL$10,6,FALSE)","v":-47},{"$f":"T421-HLOOKUP(X421,Feuil1!$C$1:$BL$10,7,FALSE)","v":-72},{"$f":"T421-HLOOKUP(X421,Feuil1!$C$1:$BL$10,8,FALSE)","v":-92},{"$f":"T421-HLOOKUP(X421,Feuil1!$C$1:$BL$10,9,FALSE)","v":-112},{"$f":"T421-HLOOKUP(X421,Feuil1!$C$1:$BL$10,10,FALSE)","v":-127},null,null,null,null,null,null,"REG +"]
["H","NORD","NPC",105,337688,"ABDELAZIZ","Walid",1981,72.3,"LOMME","F",75,79,83,83,106,110,-114,110,193,48.400000000000006,"REG +",3,{"$f":"IF(I422=\"\",\"\",IF(A422=\"H\",IF(OR(H422=\"SEN\",H422<1995),VLOOKUP(I422,Feuil1!$A$11:$F$29,6),IF(AND(H422>1994,H422<1998),VLOOKUP(I422,Feuil1!$A$11:$F$29,5),IF(AND(H422>1997,H422<2000),VLOOKUP(I422,Feuil1!$A$11:$F$29,4),IF(AND(H422>1999,H422<2002),VLOOKUP(I422,Feuil1!$A$11:$F$29,3),VLOOKUP(I422,Feuil1!$A$11:$F$29,2))))),IF(OR(H422=\"SEN\",H422<1995),VLOOKUP(I422,Feuil1!$G$11:$L$25,6),IF(AND(H422>1994,H422<1998),VLOOKUP(I422,Feuil1!$G$11:$L$25,5),IF(AND(H422>1997,H422<2000),VLOOKUP(I422,Feuil1!$G$11:$L$25,4),IF(AND(H422>1999,H422<2002),VLOOKUP(I422,Feuil1!$G$11:$L$25,3),VLOOKUP(I422,Feuil1!$G$11:$L$25,2)))))))","v":"S77"},252.17991304357594,null," ",{"$f":"T422-HLOOKUP(X422,Feuil1!$C$1:$BL$10,2,FALSE)","v":43},{"$f":"T422-HLOOKUP(X422,Feuil1!$C$1:$BL$10,3,FALSE)","v":23},{"$f":"T422-HLOOKUP(X422,Feuil1!$C$1:$BL$10,4,FALSE)","v":3},{"$f":"T422-HLOOKUP(X422,Feuil1!$C$1:$BL$10,5,FALSE)","v":-17},{"$f":"T422-HLOOKUP(X422,Feuil1!$C$1:$BL$10,6,FALSE)","v":-47},{"$f":"T422-HLOOKUP(X422,Feuil1!$C$1:$BL$10,7,FALSE)","v":-72},{"$f":"T422-HLOOKUP(X422,Feuil1!$C$1:$BL$10,8,FALSE)","v":-92},{"$f":"T422-HLOOKUP(X422,Feuil1!$C$1:$BL$10,9,FALSE)","v":-112},{"$f":"T422-HLOOKUP(X422,Feuil1!$C$1:$BL$10,10,FALSE)","v":-127},null,null,null,null,null,null,"REG +"]
["H","SO","MPY",106,77679,"CRETON","Régis",1971,73.8,"TOULOUSE HC","F",-80,80,88,88,100,105,-110,105,193,45.400000000000006,"REG +",3,{"$f":"IF(I423=\"\",\"\",IF(A423=\"H\",IF(OR(H423=\"SEN\",H423<1995),VLOOKUP(I423,Feuil1!$A$11:$F$29,6),IF(AND(H423>1994,H423<1998),VLOOKUP(I423,Feuil1!$A$11:$F$29,5),IF(AND(H423>1997,H423<2000),VLOOKUP(I423,Feuil1!$A$11:$F$29,4),IF(AND(H423>1999,H423<2002),VLOOKUP(I423,Feuil1!$A$11:$F$29,3),VLOOKUP(I423,Feuil1!$A$11:$F$29,2))))),IF(OR(H423=\"SEN\",H423<1995),VLOOKUP(I423,Feuil1!$G$11:$L$25,6),IF(AND(H423>1994,H423<1998),VLOOKUP(I423,Feuil1!$G$11:$L$25,5),IF(AND(H423>1997,H423<2000),VLOOKUP(I423,Feuil1!$G$11:$L$25,4),IF(AND(H423>1999,H423<2002),VLOOKUP(I423,Feuil1!$G$11:$L$25,3),VLOOKUP(I423,Feuil1!$G$11:$L$25,2)))))))","v":"S77"},249.08974633118305,null," ",{"$f":"T423-HLOOKUP(X423,Feuil1!$C$1:$BL$10,2,FALSE)","v":43},{"$f":"T423-HLOOKUP(X423,Feuil1!$C$1:$BL$10,3,FALSE)","v":23},{"$f":"T423-HLOOKUP(X423,Feuil1!$C$1:$BL$10,4,FALSE)","v":3},{"$f":"T423-HLOOKUP(X423,Feuil1!$C$1:$BL$10,5,FALSE)","v":-17},{"$f":"T423-HLOOKUP(X423,Feuil1!$C$1:$BL$10,6,FALSE)","v":-47},{"$f":"T423-HLOOKUP(X423,Feuil1!$C$1:$BL$10,7,FALSE)","v":-72},{"$f":"T423-HLOOKUP(X423,Feuil1!$C$1:$BL$10,8,FALSE)","v":-92},{"$f":"T423-HLOOKUP(X423,Feuil1!$C$1:$BL$10,9,FALSE)","v":-112},{"$f":"T423-HLOOKUP(X423,Feuil1!$C$1:$BL$10,10,FALSE)","v":-127},null,null,null,null,null,null,"REG +"]
["H","SEST","PRO",107,237412,"DEBARROS","Jean Paul",1974,75,"ISTRES SPORTS","F",77,82,85,85,100,105,108,108,193,43,"REG +",3,{"$f":"IF(I424=\"\",\"\",IF(A424=\"H\",IF(OR(H424=\"SEN\",H424<1995),VLOOKUP(I424,Feuil1!$A$11:$F$29,6),IF(AND(H424>1994,H424<1998),VLOOKUP(I424,Feuil1!$A$11:$F$29,5),IF(AND(H424>1997,H424<2000),VLOOKUP(I424,Feuil1!$A$11:$F$29,4),IF(AND(H424>1999,H424<2002),VLOOKUP(I424,Feuil1!$A$11:$F$29,3),VLOOKUP(I424,Feuil1!$A$11:$F$29,2))))),IF(OR(H424=\"SEN\",H424<1995),VLOOKUP(I424,Feuil1!$G$11:$L$25,6),IF(AND(H424>1994,H424<1998),VLOOKUP(I424,Feuil1!$G$11:$L$25,5),IF(AND(H424>1997,H424<2000),VLOOKUP(I424,Feuil1!$G$11:$L$25,4),IF(AND(H424>1999,H424<2002),VLOOKUP(I424,Feuil1!$G$11:$L$25,3),VLOOKUP(I424,Feuil1!$G$11:$L$25,2)))))))","v":"S77"},246.73941184432491,null," ",{"$f":"T424-HLOOKUP(X424,Feuil1!$C$1:$BL$10,2,FALSE)","v":43},{"$f":"T424-HLOOKUP(X424,Feuil1!$C$1:$BL$10,3,FALSE)","v":23},{"$f":"T424-HLOOKUP(X424,Feuil1!$C$1:$BL$10,4,FALSE)","v":3},{"$f":"T424-HLOOKUP(X424,Feuil1!$C$1:$BL$10,5,FALSE)","v":-17},{"$f":"T424-HLOOKUP(X424,Feuil1!$C$1:$BL$10,6,FALSE)","v":-47},{"$f":"T424-HLOOKUP(X424,Feuil1!$C$1:$BL$10,7,FALSE)","v":-72},{"$f":"T424-HLOOKUP(X424,Feuil1!$C$1:$BL$10,8,FALSE)","v":-92},{"$f":"T424-HLOOKUP(X424,Feuil1!$C$1:$BL$10,9,FALSE)","v":-112},{"$f":"T424-HLOOKUP(X424,Feuil1!$C$1:$BL$10,10,FALSE)","v":-127},null,null,null,null,null,null,"REG +"]
["H","SEST","RAL",108,191660,"CHEVILLARD","Luc",1990,76.7,"Charlieu","F",78,-83,83,83,100,105,110,110,193,39.599999999999994,"REG +",3,{"$f":"IF(I425=\"\",\"\",IF(A425=\"H\",IF(OR(H425=\"SEN\",H425<1995),VLOOKUP(I425,Feuil1!$A$11:$F$29,6),IF(AND(H425>1994,H425<1998),VLOOKUP(I425,Feuil1!$A$11:$F$29,5),IF(AND(H425>1997,H425<2000),VLOOKUP(I425,Feuil1!$A$11:$F$29,4),IF(AND(H425>1999,H425<2002),VLOOKUP(I425,Feuil1!$A$11:$F$29,3),VLOOKUP(I425,Feuil1!$A$11:$F$29,2))))),IF(OR(H425=\"SEN\",H425<1995),VLOOKUP(I425,Feuil1!$G$11:$L$25,6),IF(AND(H425>1994,H425<1998),VLOOKUP(I425,Feuil1!$G$11:$L$25,5),IF(AND(H425>1997,H425<2000),VLOOKUP(I425,Feuil1!$G$11:$L$25,4),IF(AND(H425>1999,H425<2002),VLOOKUP(I425,Feuil1!$G$11:$L$25,3),VLOOKUP(I425,Feuil1!$G$11:$L$25,2)))))))","v":"S77"},243.58271652959377,null," ",{"$f":"T425-HLOOKUP(X425,Feuil1!$C$1:$BL$10,2,FALSE)","v":43},{"$f":"T425-HLOOKUP(X425,Feuil1!$C$1:$BL$10,3,FALSE)","v":23},{"$f":"T425-HLOOKUP(X425,Feuil1!$C$1:$BL$10,4,FALSE)","v":3},{"$f":"T425-HLOOKUP(X425,Feuil1!$C$1:$BL$10,5,FALSE)","v":-17},{"$f":"T425-HLOOKUP(X425,Feuil1!$C$1:$BL$10,6,FALSE)","v":-47},{"$f":"T425-HLOOKUP(X425,Feuil1!$C$1:$BL$10,7,FALSE)","v":-72},{"$f":"T425-HLOOKUP(X425,Feuil1!$C$1:$BL$10,8,FALSE)","v":-92},{"$f":"T425-HLOOKUP(X425,Feuil1!$C$1:$BL$10,9,FALSE)","v":-112},{"$f":"T425-HLOOKUP(X425,Feuil1!$C$1:$BL$10,10,FALSE)","v":-127},null,null,null,null,null,null,"REG +"]
["H","CO","PDL",109,324258,"BOUYER","Romain",1988,76.900000000000006,"Saint Herblain","F",-79,81,-86,81,102,-110,112,112,193,39.199999999999989,"REG +",3,{"$f":"IF(I426=\"\",\"\",IF(A426=\"H\",IF(OR(H426=\"SEN\",H426<1995),VLOOKUP(I426,Feuil1!$A$11:$F$29,6),IF(AND(H426>1994,H426<1998),VLOOKUP(I426,Feuil1!$A$11:$F$29,5),IF(AND(H426>1997,H426<2000),VLOOKUP(I426,Feuil1!$A$11:$F$29,4),IF(AND(H426>1999,H426<2002),VLOOKUP(I426,Feuil1!$A$11:$F$29,3),VLOOKUP(I426,Feuil1!$A$11:$F$29,2))))),IF(OR(H426=\"SEN\",H426<1995),VLOOKUP(I426,Feuil1!$G$11:$L$25,6),IF(AND(H426>1994,H426<1998),VLOOKUP(I426,Feuil1!$G$11:$L$25,5),IF(AND(H426>1997,H426<2000),VLOOKUP(I426,Feuil1!$G$11:$L$25,4),IF(AND(H426>1999,H426<2002),VLOOKUP(I426,Feuil1!$G$11:$L$25,3),VLOOKUP(I426,Feuil1!$G$11:$L$25,2)))))))","v":"S77"},243.22404489459407,null," ",{"$f":"T426-HLOOKUP(X426,Feuil1!$C$1:$BL$10,2,FALSE)","v":43},{"$f":"T426-HLOOKUP(X426,Feuil1!$C$1:$BL$10,3,FALSE)","v":23},{"$f":"T426-HLOOKUP(X426,Feuil1!$C$1:$BL$10,4,FALSE)","v":3},{"$f":"T426-HLOOKUP(X426,Feuil1!$C$1:$BL$10,5,FALSE)","v":-17},{"$f":"T426-HLOOKUP(X426,Feuil1!$C$1:$BL$10,6,FALSE)","v":-47},{"$f":"T426-HLOOKUP(X426,Feuil1!$C$1:$BL$10,7,FALSE)","v":-72},{"$f":"T426-HLOOKUP(X426,Feuil1!$C$1:$BL$10,8,FALSE)","v":-92},{"$f":"T426-HLOOKUP(X426,Feuil1!$C$1:$BL$10,9,FALSE)","v":-112},{"$f":"T426-HLOOKUP(X426,Feuil1!$C$1:$BL$10,10,FALSE)","v":-127},null,null,null,null,null,null,"REG +"]
["H","NE","ALS",110,141114,"FAESSEL","LOIC",91,69.599999999999994,"SA Koenigshoffen","F",80,85,87,87,101,105,-108,105,192,52.800000000000011,"REG +",2,{"$f":"IF(I427=\"\",\"\",IF(A427=\"H\",IF(OR(H427=\"SEN\",H427<1995),VLOOKUP(I427,Feuil1!$A$11:$F$29,6),IF(AND(H427>1994,H427<1998),VLOOKUP(I427,Feuil1!$A$11:$F$29,5),IF(AND(H427>1997,H427<2000),VLOOKUP(I427,Feuil1!$A$11:$F$29,4),IF(AND(H427>1999,H427<2002),VLOOKUP(I427,Feuil1!$A$11:$F$29,3),VLOOKUP(I427,Feuil1!$A$11:$F$29,2))))),IF(OR(H427=\"SEN\",H427<1995),VLOOKUP(I427,Feuil1!$G$11:$L$25,6),IF(AND(H427>1994,H427<1998),VLOOKUP(I427,Feuil1!$G$11:$L$25,5),IF(AND(H427>1997,H427<2000),VLOOKUP(I427,Feuil1!$G$11:$L$25,4),IF(AND(H427>1999,H427<2002),VLOOKUP(I427,Feuil1!$G$11:$L$25,3),VLOOKUP(I427,Feuil1!$G$11:$L$25,2)))))))","v":"S77"},256.86977859085312,null," ",{"$f":"T427-HLOOKUP(X427,Feuil1!$C$1:$BL$10,2,FALSE)","v":42},{"$f":"T427-HLOOKUP(X427,Feuil1!$C$1:$BL$10,3,FALSE)","v":22},{"$f":"T427-HLOOKUP(X427,Feuil1!$C$1:$BL$10,4,FALSE)","v":2},{"$f":"T427-HLOOKUP(X427,Feuil1!$C$1:$BL$10,5,FALSE)","v":-18},{"$f":"T427-HLOOKUP(X427,Feuil1!$C$1:$BL$10,6,FALSE)","v":-48},{"$f":"T427-HLOOKUP(X427,Feuil1!$C$1:$BL$10,7,FALSE)","v":-73},{"$f":"T427-HLOOKUP(X427,Feuil1!$C$1:$BL$10,8,FALSE)","v":-93},{"$f":"T427-HLOOKUP(X427,Feuil1!$C$1:$BL$10,9,FALSE)","v":-113},{"$f":"T427-HLOOKUP(X427,Feuil1!$C$1:$BL$10,10,FALSE)","v":-128},null,null,null,null,null,null,"REG +"]
["H","N","IDF",111,352108,"BRIK","LOAN",1989,69.7,"FRANCONVILLE","F",80,-84,85,85,100,104,107,107,192,52.599999999999994,"REG +",2,{"$f":"IF(I428=\"\",\"\",IF(A428=\"H\",IF(OR(H428=\"SEN\",H428<1995),VLOOKUP(I428,Feuil1!$A$11:$F$29,6),IF(AND(H428>1994,H428<1998),VLOOKUP(I428,Feuil1!$A$11:$F$29,5),IF(AND(H428>1997,H428<2000),VLOOKUP(I428,Feuil1!$A$11:$F$29,4),IF(AND(H428>1999,H428<2002),VLOOKUP(I428,Feuil1!$A$11:$F$29,3),VLOOKUP(I428,Feuil1!$A$11:$F$29,2))))),IF(OR(H428=\"SEN\",H428<1995),VLOOKUP(I428,Feuil1!$G$11:$L$25,6),IF(AND(H428>1994,H428<1998),VLOOKUP(I428,Feuil1!$G$11:$L$25,5),IF(AND(H428>1997,H428<2000),VLOOKUP(I428,Feuil1!$G$11:$L$25,4),IF(AND(H428>1999,H428<2002),VLOOKUP(I428,Feuil1!$G$11:$L$25,3),VLOOKUP(I428,Feuil1!$G$11:$L$25,2)))))))","v":"S77"},256.63633231771064,null," ",{"$f":"T428-HLOOKUP(X428,Feuil1!$C$1:$BL$10,2,FALSE)","v":42},{"$f":"T428-HLOOKUP(X428,Feuil1!$C$1:$BL$10,3,FALSE)","v":22},{"$f":"T428-HLOOKUP(X428,Feuil1!$C$1:$BL$10,4,FALSE)","v":2},{"$f":"T428-HLOOKUP(X428,Feuil1!$C$1:$BL$10,5,FALSE)","v":-18},{"$f":"T428-HLOOKUP(X428,Feuil1!$C$1:$BL$10,6,FALSE)","v":-48},{"$f":"T428-HLOOKUP(X428,Feuil1!$C$1:$BL$10,7,FALSE)","v":-73},{"$f":"T428-HLOOKUP(X428,Feuil1!$C$1:$BL$10,8,FALSE)","v":-93},{"$f":"T428-HLOOKUP(X428,Feuil1!$C$1:$BL$10,9,FALSE)","v":-113},{"$f":"T428-HLOOKUP(X428,Feuil1!$C$1:$BL$10,10,FALSE)","v":-128},null,null,null,null,null,null,"REG +"]
["H","DOM","REU",112,118313,"LEBLE","JEAN LOUIS",1960,69.7,"SCHM St Paul","F",75,80,-85,80,100,110,112,112,192,52.599999999999994,"REG +",2,{"$f":"IF(I429=\"\",\"\",IF(A429=\"H\",IF(OR(H429=\"SEN\",H429<1995),VLOOKUP(I429,Feuil1!$A$11:$F$29,6),IF(AND(H429>1994,H429<1998),VLOOKUP(I429,Feuil1!$A$11:$F$29,5),IF(AND(H429>1997,H429<2000),VLOOKUP(I429,Feuil1!$A$11:$F$29,4),IF(AND(H429>1999,H429<2002),VLOOKUP(I429,Feuil1!$A$11:$F$29,3),VLOOKUP(I429,Feuil1!$A$11:$F$29,2))))),IF(OR(H429=\"SEN\",H429<1995),VLOOKUP(I429,Feuil1!$G$11:$L$25,6),IF(AND(H429>1994,H429<1998),VLOOKUP(I429,Feuil1!$G$11:$L$25,5),IF(AND(H429>1997,H429<2000),VLOOKUP(I429,Feuil1!$G$11:$L$25,4),IF(AND(H429>1999,H429<2002),VLOOKUP(I429,Feuil1!$G$11:$L$25,3),VLOOKUP(I429,Feuil1!$G$11:$L$25,2)))))))","v":"S77"},256.63633231771064,null," ",{"$f":"T429-HLOOKUP(X429,Feuil1!$C$1:$BL$10,2,FALSE)","v":42},{"$f":"T429-HLOOKUP(X429,Feuil1!$C$1:$BL$10,3,FALSE)","v":22},{"$f":"T429-HLOOKUP(X429,Feuil1!$C$1:$BL$10,4,FALSE)","v":2},{"$f":"T429-HLOOKUP(X429,Feuil1!$C$1:$BL$10,5,FALSE)","v":-18},{"$f":"T429-HLOOKUP(X429,Feuil1!$C$1:$BL$10,6,FALSE)","v":-48},{"$f":"T429-HLOOKUP(X429,Feuil1!$C$1:$BL$10,7,FALSE)","v":-73},{"$f":"T429-HLOOKUP(X429,Feuil1!$C$1:$BL$10,8,FALSE)","v":-93},{"$f":"T429-HLOOKUP(X429,Feuil1!$C$1:$BL$10,9,FALSE)","v":-113},{"$f":"T429-HLOOKUP(X429,Feuil1!$C$1:$BL$10,10,FALSE)","v":-128},null,null,null,null,null,null,"REG +"]
["H","SEST","AUV",113,304426,"COUSIN","STEVE",1983,73.400000000000006,"I.S MONTLUCONNAIS",null,75,80,85,85,103,-107,107,107,192,45.199999999999989,"REG +",2,{"$f":"IF(I430=\"\",\"\",IF(A430=\"H\",IF(OR(H430=\"SEN\",H430<1995),VLOOKUP(I430,Feuil1!$A$11:$F$29,6),IF(AND(H430>1994,H430<1998),VLOOKUP(I430,Feuil1!$A$11:$F$29,5),IF(AND(H430>1997,H430<2000),VLOOKUP(I430,Feuil1!$A$11:$F$29,4),IF(AND(H430>1999,H430<2002),VLOOKUP(I430,Feuil1!$A$11:$F$29,3),VLOOKUP(I430,Feuil1!$A$11:$F$29,2))))),IF(OR(H430=\"SEN\",H430<1995),VLOOKUP(I430,Feuil1!$G$11:$L$25,6),IF(AND(H430>1994,H430<1998),VLOOKUP(I430,Feuil1!$G$11:$L$25,5),IF(AND(H430>1997,H430<2000),VLOOKUP(I430,Feuil1!$G$11:$L$25,4),IF(AND(H430>1999,H430<2002),VLOOKUP(I430,Feuil1!$G$11:$L$25,3),VLOOKUP(I430,Feuil1!$G$11:$L$25,2)))))))","v":"S77"},248.60202508233351,null," ",{"$f":"T430-HLOOKUP(X430,Feuil1!$C$1:$BL$10,2,FALSE)","v":42},{"$f":"T430-HLOOKUP(X430,Feuil1!$C$1:$BL$10,3,FALSE)","v":22},{"$f":"T430-HLOOKUP(X430,Feuil1!$C$1:$BL$10,4,FALSE)","v":2},{"$f":"T430-HLOOKUP(X430,Feuil1!$C$1:$BL$10,5,FALSE)","v":-18},{"$f":"T430-HLOOKUP(X430,Feuil1!$C$1:$BL$10,6,FALSE)","v":-48},{"$f":"T430-HLOOKUP(X430,Feuil1!$C$1:$BL$10,7,FALSE)","v":-73},{"$f":"T430-HLOOKUP(X430,Feuil1!$C$1:$BL$10,8,FALSE)","v":-93},{"$f":"T430-HLOOKUP(X430,Feuil1!$C$1:$BL$10,9,FALSE)","v":-113},{"$f":"T430-HLOOKUP(X430,Feuil1!$C$1:$BL$10,10,FALSE)","v":-128},null,null,null,null,null,null,"REG +"]
["H","N","IDF",114,243,"AIT SIDI LAHCEN","MOHAMED",1971,77,"GENNEVILLIERS","F",80,-85,-85,80,112,-117,-120,112,192,38,"REG +",2,{"$f":"IF(I431=\"\",\"\",IF(A431=\"H\",IF(OR(H431=\"SEN\",H431<1995),VLOOKUP(I431,Feuil1!$A$11:$F$29,6),IF(AND(H431>1994,H431<1998),VLOOKUP(I431,Feuil1!$A$11:$F$29,5),IF(AND(H431>1997,H431<2000),VLOOKUP(I431,Feuil1!$A$11:$F$29,4),IF(AND(H431>1999,H431<2002),VLOOKUP(I431,Feuil1!$A$11:$F$29,3),VLOOKUP(I431,Feuil1!$A$11:$F$29,2))))),IF(OR(H431=\"SEN\",H431<1995),VLOOKUP(I431,Feuil1!$G$11:$L$25,6),IF(AND(H431>1994,H431<1998),VLOOKUP(I431,Feuil1!$G$11:$L$25,5),IF(AND(H431>1997,H431<2000),VLOOKUP(I431,Feuil1!$G$11:$L$25,4),IF(AND(H431>1999,H431<2002),VLOOKUP(I431,Feuil1!$G$11:$L$25,3),VLOOKUP(I431,Feuil1!$G$11:$L$25,2)))))))","v":"S77"},241.78637763209241,null," ",{"$f":"T431-HLOOKUP(X431,Feuil1!$C$1:$BL$10,2,FALSE)","v":42},{"$f":"T431-HLOOKUP(X431,Feuil1!$C$1:$BL$10,3,FALSE)","v":22},{"$f":"T431-HLOOKUP(X431,Feuil1!$C$1:$BL$10,4,FALSE)","v":2},{"$f":"T431-HLOOKUP(X431,Feuil1!$C$1:$BL$10,5,FALSE)","v":-18},{"$f":"T431-HLOOKUP(X431,Feuil1!$C$1:$BL$10,6,FALSE)","v":-48},{"$f":"T431-HLOOKUP(X431,Feuil1!$C$1:$BL$10,7,FALSE)","v":-73},{"$f":"T431-HLOOKUP(X431,Feuil1!$C$1:$BL$10,8,FALSE)","v":-93},{"$f":"T431-HLOOKUP(X431,Feuil1!$C$1:$BL$10,9,FALSE)","v":-113},{"$f":"T431-HLOOKUP(X431,Feuil1!$C$1:$BL$10,10,FALSE)","v":-128},null,null,null,null,null,null,"REG +"]
["H","SEST","RAL",115,327636,"BLONDEAU","Olivier",1987,75.7,"C.H. L'ARBRESLE","F",-70,75,-81,75,100,110,116,116,191,39.599999999999994,"REG +",1,{"$f":"IF(I432=\"\",\"\",IF(A432=\"H\",IF(OR(H432=\"SEN\",H432<1995),VLOOKUP(I432,Feuil1!$A$11:$F$29,6),IF(AND(H432>1994,H432<1998),VLOOKUP(I432,Feuil1!$A$11:$F$29,5),IF(AND(H432>1997,H432<2000),VLOOKUP(I432,Feuil1!$A$11:$F$29,4),IF(AND(H432>1999,H432<2002),VLOOKUP(I432,Feuil1!$A$11:$F$29,3),VLOOKUP(I432,Feuil1!$A$11:$F$29,2))))),IF(OR(H432=\"SEN\",H432<1995),VLOOKUP(I432,Feuil1!$G$11:$L$25,6),IF(AND(H432>1994,H432<1998),VLOOKUP(I432,Feuil1!$G$11:$L$25,5),IF(AND(H432>1997,H432<2000),VLOOKUP(I432,Feuil1!$G$11:$L$25,4),IF(AND(H432>1999,H432<2002),VLOOKUP(I432,Feuil1!$G$11:$L$25,3),VLOOKUP(I432,Feuil1!$G$11:$L$25,2)))))))","v":"S77"},242.87259144871743,null," ",{"$f":"T432-HLOOKUP(X432,Feuil1!$C$1:$BL$10,2,FALSE)","v":41},{"$f":"T432-HLOOKUP(X432,Feuil1!$C$1:$BL$10,3,FALSE)","v":21},{"$f":"T432-HLOOKUP(X432,Feuil1!$C$1:$BL$10,4,FALSE)","v":1},{"$f":"T432-HLOOKUP(X432,Feuil1!$C$1:$BL$10,5,FALSE)","v":-19},{"$f":"T432-HLOOKUP(X432,Feuil1!$C$1:$BL$10,6,FALSE)","v":-49},{"$f":"T432-HLOOKUP(X432,Feuil1!$C$1:$BL$10,7,FALSE)","v":-74},{"$f":"T432-HLOOKUP(X432,Feuil1!$C$1:$BL$10,8,FALSE)","v":-94},{"$f":"T432-HLOOKUP(X432,Feuil1!$C$1:$BL$10,9,FALSE)","v":-114},{"$f":"T432-HLOOKUP(X432,Feuil1!$C$1:$BL$10,10,FALSE)","v":-129},null,null,null,null,null,null,"REG +"]
["H","SEST","RAL",116,184599,"VEZZU","Arnaud",1979,76.099999999999994,"OYONNAX","F",70,75,78,78,107,-112,113,113,191,38.800000000000011,"REG +",1,{"$f":"IF(I433=\"\",\"\",IF(A433=\"H\",IF(OR(H433=\"SEN\",H433<1995),VLOOKUP(I433,Feuil1!$A$11:$F$29,6),IF(AND(H433>1994,H433<1998),VLOOKUP(I433,Feuil1!$A$11:$F$29,5),IF(AND(H433>1997,H433<2000),VLOOKUP(I433,Feuil1!$A$11:$F$29,4),IF(AND(H433>1999,H433<2002),VLOOKUP(I433,Feuil1!$A$11:$F$29,3),VLOOKUP(I433,Feuil1!$A$11:$F$29,2))))),IF(OR(H433=\"SEN\",H433<1995),VLOOKUP(I433,Feuil1!$G$11:$L$25,6),IF(AND(H433>1994,H433<1998),VLOOKUP(I433,Feuil1!$G$11:$L$25,5),IF(AND(H433>1997,H433<2000),VLOOKUP(I433,Feuil1!$G$11:$L$25,4),IF(AND(H433>1999,H433<2002),VLOOKUP(I433,Feuil1!$G$11:$L$25,3),VLOOKUP(I433,Feuil1!$G$11:$L$25,2)))))))","v":"S77"},242.13902095866467,null," ",{"$f":"T433-HLOOKUP(X433,Feuil1!$C$1:$BL$10,2,FALSE)","v":41},{"$f":"T433-HLOOKUP(X433,Feuil1!$C$1:$BL$10,3,FALSE)","v":21},{"$f":"T433-HLOOKUP(X433,Feuil1!$C$1:$BL$10,4,FALSE)","v":1},{"$f":"T433-HLOOKUP(X433,Feuil1!$C$1:$BL$10,5,FALSE)","v":-19},{"$f":"T433-HLOOKUP(X433,Feuil1!$C$1:$BL$10,6,FALSE)","v":-49},{"$f":"T433-HLOOKUP(X433,Feuil1!$C$1:$BL$10,7,FALSE)","v":-74},{"$f":"T433-HLOOKUP(X433,Feuil1!$C$1:$BL$10,8,FALSE)","v":-94},{"$f":"T433-HLOOKUP(X433,Feuil1!$C$1:$BL$10,9,FALSE)","v":-114},{"$f":"T433-HLOOKUP(X433,Feuil1!$C$1:$BL$10,10,FALSE)","v":-129},null,null,null,null,null,null,"REG +"]
["H","CO","BNO",117,376354,"BISSON","Maxime",1992,76.900000000000006,"Caen CHM","F",80,85,-90,85,100,106,-111,106,191,37.199999999999989,"REG +",1,{"$f":"IF(I434=\"\",\"\",IF(A434=\"H\",IF(OR(H434=\"SEN\",H434<1995),VLOOKUP(I434,Feuil1!$A$11:$F$29,6),IF(AND(H434>1994,H434<1998),VLOOKUP(I434,Feuil1!$A$11:$F$29,5),IF(AND(H434>1997,H434<2000),VLOOKUP(I434,Feuil1!$A$11:$F$29,4),IF(AND(H434>1999,H434<2002),VLOOKUP(I434,Feuil1!$A$11:$F$29,3),VLOOKUP(I434,Feuil1!$A$11:$F$29,2))))),IF(OR(H434=\"SEN\",H434<1995),VLOOKUP(I434,Feuil1!$G$11:$L$25,6),IF(AND(H434>1994,H434<1998),VLOOKUP(I434,Feuil1!$G$11:$L$25,5),IF(AND(H434>1997,H434<2000),VLOOKUP(I434,Feuil1!$G$11:$L$25,4),IF(AND(H434>1999,H434<2002),VLOOKUP(I434,Feuil1!$G$11:$L$25,3),VLOOKUP(I434,Feuil1!$G$11:$L$25,2)))))))","v":"S77"},240.70358847081587,null," ",{"$f":"T434-HLOOKUP(X434,Feuil1!$C$1:$BL$10,2,FALSE)","v":41},{"$f":"T434-HLOOKUP(X434,Feuil1!$C$1:$BL$10,3,FALSE)","v":21},{"$f":"T434-HLOOKUP(X434,Feuil1!$C$1:$BL$10,4,FALSE)","v":1},{"$f":"T434-HLOOKUP(X434,Feuil1!$C$1:$BL$10,5,FALSE)","v":-19},{"$f":"T434-HLOOKUP(X434,Feuil1!$C$1:$BL$10,6,FALSE)","v":-49},{"$f":"T434-HLOOKUP(X434,Feuil1!$C$1:$BL$10,7,FALSE)","v":-74},{"$f":"T434-HLOOKUP(X434,Feuil1!$C$1:$BL$10,8,FALSE)","v":-94},{"$f":"T434-HLOOKUP(X434,Feuil1!$C$1:$BL$10,9,FALSE)","v":-114},{"$f":"T434-HLOOKUP(X434,Feuil1!$C$1:$BL$10,10,FALSE)","v":-129},null,null,null,null,null,null,"REG +"]
["H","N","IDF",118,171499,"BOBIN","JEREMY",1991,69.599999999999994,"NEUILLY","F",80,-85,-85,80,105,110,-112,110,190,50.800000000000011,"REG +",0,{"$f":"IF(I435=\"\",\"\",IF(A435=\"H\",IF(OR(H435=\"SEN\",H435<1995),VLOOKUP(I435,Feuil1!$A$11:$F$29,6),IF(AND(H435>1994,H435<1998),VLOOKUP(I435,Feuil1!$A$11:$F$29,5),IF(AND(H435>1997,H435<2000),VLOOKUP(I435,Feuil1!$A$11:$F$29,4),IF(AND(H435>1999,H435<2002),VLOOKUP(I435,Feuil1!$A$11:$F$29,3),VLOOKUP(I435,Feuil1!$A$11:$F$29,2))))),IF(OR(H435=\"SEN\",H435<1995),VLOOKUP(I435,Feuil1!$G$11:$L$25,6),IF(AND(H435>1994,H435<1998),VLOOKUP(I435,Feuil1!$G$11:$L$25,5),IF(AND(H435>1997,H435<2000),VLOOKUP(I435,Feuil1!$G$11:$L$25,4),IF(AND(H435>1999,H435<2002),VLOOKUP(I435,Feuil1!$G$11:$L$25,3),VLOOKUP(I435,Feuil1!$G$11:$L$25,2)))))))","v":"S77"},254.19405173053173,null," ",{"$f":"T435-HLOOKUP(X435,Feuil1!$C$1:$BL$10,2,FALSE)","v":40},{"$f":"T435-HLOOKUP(X435,Feuil1!$C$1:$BL$10,3,FALSE)","v":20},{"$f":"T435-HLOOKUP(X435,Feuil1!$C$1:$BL$10,4,FALSE)","v":0},{"$f":"T435-HLOOKUP(X435,Feuil1!$C$1:$BL$10,5,FALSE)","v":-20},{"$f":"T435-HLOOKUP(X435,Feuil1!$C$1:$BL$10,6,FALSE)","v":-50},{"$f":"T435-HLOOKUP(X435,Feuil1!$C$1:$BL$10,7,FALSE)","v":-75},{"$f":"T435-HLOOKUP(X435,Feuil1!$C$1:$BL$10,8,FALSE)","v":-95},{"$f":"T435-HLOOKUP(X435,Feuil1!$C$1:$BL$10,9,FALSE)","v":-115},{"$f":"T435-HLOOKUP(X435,Feuil1!$C$1:$BL$10,10,FALSE)","v":-130},null,null,null,null,null,null,"REG +"]
["H","SEST","PRO",119,395213,"PADOVANI","JULIEN",1989,73.3,"AP AIX","F",80,-85,85,85,100,105,-107,105,190,43.400000000000006,"REG +",0,{"$f":"IF(I436=\"\",\"\",IF(A436=\"H\",IF(OR(H436=\"SEN\",H436<1995),VLOOKUP(I436,Feuil1!$A$11:$F$29,6),IF(AND(H436>1994,H436<1998),VLOOKUP(I436,Feuil1!$A$11:$F$29,5),IF(AND(H436>1997,H436<2000),VLOOKUP(I436,Feuil1!$A$11:$F$29,4),IF(AND(H436>1999,H436<2002),VLOOKUP(I436,Feuil1!$A$11:$F$29,3),VLOOKUP(I436,Feuil1!$A$11:$F$29,2))))),IF(OR(H436=\"SEN\",H436<1995),VLOOKUP(I436,Feuil1!$G$11:$L$25,6),IF(AND(H436>1994,H436<1998),VLOOKUP(I436,Feuil1!$G$11:$L$25,5),IF(AND(H436>1997,H436<2000),VLOOKUP(I436,Feuil1!$G$11:$L$25,4),IF(AND(H436>1999,H436<2002),VLOOKUP(I436,Feuil1!$G$11:$L$25,3),VLOOKUP(I436,Feuil1!$G$11:$L$25,2)))))))","v":"S77"},246.21292191217248,null," ",{"$f":"T436-HLOOKUP(X436,Feuil1!$C$1:$BL$10,2,FALSE)","v":40},{"$f":"T436-HLOOKUP(X436,Feuil1!$C$1:$BL$10,3,FALSE)","v":20},{"$f":"T436-HLOOKUP(X436,Feuil1!$C$1:$BL$10,4,FALSE)","v":0},{"$f":"T436-HLOOKUP(X436,Feuil1!$C$1:$BL$10,5,FALSE)","v":-20},{"$f":"T436-HLOOKUP(X436,Feuil1!$C$1:$BL$10,6,FALSE)","v":-50},{"$f":"T436-HLOOKUP(X436,Feuil1!$C$1:$BL$10,7,FALSE)","v":-75},{"$f":"T436-HLOOKUP(X436,Feuil1!$C$1:$BL$10,8,FALSE)","v":-95},{"$f":"T436-HLOOKUP(X436,Feuil1!$C$1:$BL$10,9,FALSE)","v":-115},{"$f":"T436-HLOOKUP(X436,Feuil1!$C$1:$BL$10,10,FALSE)","v":-130},null,null,null,null,null,null,"REG +"]
["H","SO","MPY",120,337326,"SENDER","Hugo",1991,74.599999999999994,"TARBES CUTPH","F",85,88,-90,88,102,-110,-110,102,190,40.800000000000011,"REG +",0,{"$f":"IF(I437=\"\",\"\",IF(A437=\"H\",IF(OR(H437=\"SEN\",H437<1995),VLOOKUP(I437,Feuil1!$A$11:$F$29,6),IF(AND(H437>1994,H437<1998),VLOOKUP(I437,Feuil1!$A$11:$F$29,5),IF(AND(H437>1997,H437<2000),VLOOKUP(I437,Feuil1!$A$11:$F$29,4),IF(AND(H437>1999,H437<2002),VLOOKUP(I437,Feuil1!$A$11:$F$29,3),VLOOKUP(I437,Feuil1!$A$11:$F$29,2))))),IF(OR(H437=\"SEN\",H437<1995),VLOOKUP(I437,Feuil1!$G$11:$L$25,6),IF(AND(H437>1994,H437<1998),VLOOKUP(I437,Feuil1!$G$11:$L$25,5),IF(AND(H437>1997,H437<2000),VLOOKUP(I437,Feuil1!$G$11:$L$25,4),IF(AND(H437>1999,H437<2002),VLOOKUP(I437,Feuil1!$G$11:$L$25,3),VLOOKUP(I437,Feuil1!$G$11:$L$25,2)))))))","v":"S77"},243.66393574977275,null," ",{"$f":"T437-HLOOKUP(X437,Feuil1!$C$1:$BL$10,2,FALSE)","v":40},{"$f":"T437-HLOOKUP(X437,Feuil1!$C$1:$BL$10,3,FALSE)","v":20},{"$f":"T437-HLOOKUP(X437,Feuil1!$C$1:$BL$10,4,FALSE)","v":0},{"$f":"T437-HLOOKUP(X437,Feuil1!$C$1:$BL$10,5,FALSE)","v":-20},{"$f":"T437-HLOOKUP(X437,Feuil1!$C$1:$BL$10,6,FALSE)","v":-50},{"$f":"T437-HLOOKUP(X437,Feuil1!$C$1:$BL$10,7,FALSE)","v":-75},{"$f":"T437-HLOOKUP(X437,Feuil1!$C$1:$BL$10,8,FALSE)","v":-95},{"$f":"T437-HLOOKUP(X437,Feuil1!$C$1:$BL$10,9,FALSE)","v":-115},{"$f":"T437-HLOOKUP(X437,Feuil1!$C$1:$BL$10,10,FALSE)","v":-130},null,null,null,null,null,null,"REG +"]
["H","NE","ALS",121,362302,"REITHER","Alexandre",92,74.900000000000006,"ASPTT Strasbourg","F",80,85,-88,85,-105,-105,105,105,190,40.199999999999989,"REG +",0,{"$f":"IF(I438=\"\",\"\",IF(A438=\"H\",IF(OR(H438=\"SEN\",H438<1995),VLOOKUP(I438,Feuil1!$A$11:$F$29,6),IF(AND(H438>1994,H438<1998),VLOOKUP(I438,Feuil1!$A$11:$F$29,5),IF(AND(H438>1997,H438<2000),VLOOKUP(I438,Feuil1!$A$11:$F$29,4),IF(AND(H438>1999,H438<2002),VLOOKUP(I438,Feuil1!$A$11:$F$29,3),VLOOKUP(I438,Feuil1!$A$11:$F$29,2))))),IF(OR(H438=\"SEN\",H438<1995),VLOOKUP(I438,Feuil1!$G$11:$L$25,6),IF(AND(H438>1994,H438<1998),VLOOKUP(I438,Feuil1!$G$11:$L$25,5),IF(AND(H438>1997,H438<2000),VLOOKUP(I438,Feuil1!$G$11:$L$25,4),IF(AND(H438>1999,H438<2002),VLOOKUP(I438,Feuil1!$G$11:$L$25,3),VLOOKUP(I438,Feuil1!$G$11:$L$25,2)))))))","v":"S77"},243.09299527823913,null," ",{"$f":"T438-HLOOKUP(X438,Feuil1!$C$1:$BL$10,2,FALSE)","v":40},{"$f":"T438-HLOOKUP(X438,Feuil1!$C$1:$BL$10,3,FALSE)","v":20},{"$f":"T438-HLOOKUP(X438,Feuil1!$C$1:$BL$10,4,FALSE)","v":0},{"$f":"T438-HLOOKUP(X438,Feuil1!$C$1:$BL$10,5,FALSE)","v":-20},{"$f":"T438-HLOOKUP(X438,Feuil1!$C$1:$BL$10,6,FALSE)","v":-50},{"$f":"T438-HLOOKUP(X438,Feuil1!$C$1:$BL$10,7,FALSE)","v":-75},{"$f":"T438-HLOOKUP(X438,Feuil1!$C$1:$BL$10,8,FALSE)","v":-95},{"$f":"T438-HLOOKUP(X438,Feuil1!$C$1:$BL$10,9,FALSE)","v":-115},{"$f":"T438-HLOOKUP(X438,Feuil1!$C$1:$BL$10,10,FALSE)","v":-130},null,null,null,null,null,null,"REG +"]
["H","NE","LOR",122,2628,"HOLLER","Sébastien",1978,76.3,"A.O.C.Pte-ROSSELLE","F",80,85,"-",85,105,-110,"-",105,190,37.400000000000006,"REG +",0,{"$f":"IF(I439=\"\",\"\",IF(A439=\"H\",IF(OR(H439=\"SEN\",H439<1995),VLOOKUP(I439,Feuil1!$A$11:$F$29,6),IF(AND(H439>1994,H439<1998),VLOOKUP(I439,Feuil1!$A$11:$F$29,5),IF(AND(H439>1997,H439<2000),VLOOKUP(I439,Feuil1!$A$11:$F$29,4),IF(AND(H439>1999,H439<2002),VLOOKUP(I439,Feuil1!$A$11:$F$29,3),VLOOKUP(I439,Feuil1!$A$11:$F$29,2))))),IF(OR(H439=\"SEN\",H439<1995),VLOOKUP(I439,Feuil1!$G$11:$L$25,6),IF(AND(H439>1994,H439<1998),VLOOKUP(I439,Feuil1!$G$11:$L$25,5),IF(AND(H439>1997,H439<2000),VLOOKUP(I439,Feuil1!$G$11:$L$25,4),IF(AND(H439>1999,H439<2002),VLOOKUP(I439,Feuil1!$G$11:$L$25,3),VLOOKUP(I439,Feuil1!$G$11:$L$25,2)))))))","v":"S77"},240.51039149056038,null," ",{"$f":"T439-HLOOKUP(X439,Feuil1!$C$1:$BL$10,2,FALSE)","v":40},{"$f":"T439-HLOOKUP(X439,Feuil1!$C$1:$BL$10,3,FALSE)","v":20},{"$f":"T439-HLOOKUP(X439,Feuil1!$C$1:$BL$10,4,FALSE)","v":0},{"$f":"T439-HLOOKUP(X439,Feuil1!$C$1:$BL$10,5,FALSE)","v":-20},{"$f":"T439-HLOOKUP(X439,Feuil1!$C$1:$BL$10,6,FALSE)","v":-50},{"$f":"T439-HLOOKUP(X439,Feuil1!$C$1:$BL$10,7,FALSE)","v":-75},{"$f":"T439-HLOOKUP(X439,Feuil1!$C$1:$BL$10,8,FALSE)","v":-95},{"$f":"T439-HLOOKUP(X439,Feuil1!$C$1:$BL$10,9,FALSE)","v":-115},{"$f":"T439-HLOOKUP(X439,Feuil1!$C$1:$BL$10,10,FALSE)","v":-130},null,null,null,null,null,null,"REG +"]
["H","N","IDF",123,363854,"LEVEQUE","REMI ",1983,76.3,"SAINT-MAUR","F",80,-85,85,85,100,105,-110,105,190,37.400000000000006,"REG +",0,{"$f":"IF(I440=\"\",\"\",IF(A440=\"H\",IF(OR(H440=\"SEN\",H440<1995),VLOOKUP(I440,Feuil1!$A$11:$F$29,6),IF(AND(H440>1994,H440<1998),VLOOKUP(I440,Feuil1!$A$11:$F$29,5),IF(AND(H440>1997,H440<2000),VLOOKUP(I440,Feuil1!$A$11:$F$29,4),IF(AND(H440>1999,H440<2002),VLOOKUP(I440,Feuil1!$A$11:$F$29,3),VLOOKUP(I440,Feuil1!$A$11:$F$29,2))))),IF(OR(H440=\"SEN\",H440<1995),VLOOKUP(I440,Feuil1!$G$11:$L$25,6),IF(AND(H440>1994,H440<1998),VLOOKUP(I440,Feuil1!$G$11:$L$25,5),IF(AND(H440>1997,H440<2000),VLOOKUP(I440,Feuil1!$G$11:$L$25,4),IF(AND(H440>1999,H440<2002),VLOOKUP(I440,Feuil1!$G$11:$L$25,3),VLOOKUP(I440,Feuil1!$G$11:$L$25,2)))))))","v":"S77"},240.51039149056038,null," ",{"$f":"T440-HLOOKUP(X440,Feuil1!$C$1:$BL$10,2,FALSE)","v":40},{"$f":"T440-HLOOKUP(X440,Feuil1!$C$1:$BL$10,3,FALSE)","v":20},{"$f":"T440-HLOOKUP(X440,Feuil1!$C$1:$BL$10,4,FALSE)","v":0},{"$f":"T440-HLOOKUP(X440,Feuil1!$C$1:$BL$10,5,FALSE)","v":-20},{"$f":"T440-HLOOKUP(X440,Feuil1!$C$1:$BL$10,6,FALSE)","v":-50},{"$f":"T440-HLOOKUP(X440,Feuil1!$C$1:$BL$10,7,FALSE)","v":-75},{"$f":"T440-HLOOKUP(X440,Feuil1!$C$1:$BL$10,8,FALSE)","v":-95},{"$f":"T440-HLOOKUP(X440,Feuil1!$C$1:$BL$10,9,FALSE)","v":-115},{"$f":"T440-HLOOKUP(X440,Feuil1!$C$1:$BL$10,10,FALSE)","v":-130},null,null,null,null,null,null,"REG +"]
["H","SEST","CAZ",124,362267,"THOMASSIN ","Thibault",1987,76.400000000000006,"ASLDD TOULON","F",75,80,85,85,100,105,-110,105,190,37.199999999999989,"REG +",0,{"$f":"IF(I441=\"\",\"\",IF(A441=\"H\",IF(OR(H441=\"SEN\",H441<1995),VLOOKUP(I441,Feuil1!$A$11:$F$29,6),IF(AND(H441>1994,H441<1998),VLOOKUP(I441,Feuil1!$A$11:$F$29,5),IF(AND(H441>1997,H441<2000),VLOOKUP(I441,Feuil1!$A$11:$F$29,4),IF(AND(H441>1999,H441<2002),VLOOKUP(I441,Feuil1!$A$11:$F$29,3),VLOOKUP(I441,Feuil1!$A$11:$F$29,2))))),IF(OR(H441=\"SEN\",H441<1995),VLOOKUP(I441,Feuil1!$G$11:$L$25,6),IF(AND(H441>1994,H441<1998),VLOOKUP(I441,Feuil1!$G$11:$L$25,5),IF(AND(H441>1997,H441<2000),VLOOKUP(I441,Feuil1!$G$11:$L$25,4),IF(AND(H441>1999,H441<2002),VLOOKUP(I441,Feuil1!$G$11:$L$25,3),VLOOKUP(I441,Feuil1!$G$11:$L$25,2)))))))","v":"S77"},240.33093265383852,null," ",{"$f":"T441-HLOOKUP(X441,Feuil1!$C$1:$BL$10,2,FALSE)","v":40},{"$f":"T441-HLOOKUP(X441,Feuil1!$C$1:$BL$10,3,FALSE)","v":20},{"$f":"T441-HLOOKUP(X441,Feuil1!$C$1:$BL$10,4,FALSE)","v":0},{"$f":"T441-HLOOKUP(X441,Feuil1!$C$1:$BL$10,5,FALSE)","v":-20},{"$f":"T441-HLOOKUP(X441,Feuil1!$C$1:$BL$10,6,FALSE)","v":-50},{"$f":"T441-HLOOKUP(X441,Feuil1!$C$1:$BL$10,7,FALSE)","v":-75},{"$f":"T441-HLOOKUP(X441,Feuil1!$C$1:$BL$10,8,FALSE)","v":-95},{"$f":"T441-HLOOKUP(X441,Feuil1!$C$1:$BL$10,9,FALSE)","v":-115},{"$f":"T441-HLOOKUP(X441,Feuil1!$C$1:$BL$10,10,FALSE)","v":-130},null,null,null,null,null,null,"REG +"]
["H","NE","FCO",125,383242,"COUE","Clément",1994,76.5,"LF Besançon","F",75,80,85,85,100,105,-115,105,190,37,"REG +",0,{"$f":"IF(I442=\"\",\"\",IF(A442=\"H\",IF(OR(H442=\"SEN\",H442<1995),VLOOKUP(I442,Feuil1!$A$11:$F$29,6),IF(AND(H442>1994,H442<1998),VLOOKUP(I442,Feuil1!$A$11:$F$29,5),IF(AND(H442>1997,H442<2000),VLOOKUP(I442,Feuil1!$A$11:$F$29,4),IF(AND(H442>1999,H442<2002),VLOOKUP(I442,Feuil1!$A$11:$F$29,3),VLOOKUP(I442,Feuil1!$A$11:$F$29,2))))),IF(OR(H442=\"SEN\",H442<1995),VLOOKUP(I442,Feuil1!$G$11:$L$25,6),IF(AND(H442>1994,H442<1998),VLOOKUP(I442,Feuil1!$G$11:$L$25,5),IF(AND(H442>1997,H442<2000),VLOOKUP(I442,Feuil1!$G$11:$L$25,4),IF(AND(H442>1999,H442<2002),VLOOKUP(I442,Feuil1!$G$11:$L$25,3),VLOOKUP(I442,Feuil1!$G$11:$L$25,2)))))))","v":"S77"},240.15212589094412,null," ",{"$f":"T442-HLOOKUP(X442,Feuil1!$C$1:$BL$10,2,FALSE)","v":40},{"$f":"T442-HLOOKUP(X442,Feuil1!$C$1:$BL$10,3,FALSE)","v":20},{"$f":"T442-HLOOKUP(X442,Feuil1!$C$1:$BL$10,4,FALSE)","v":0},{"$f":"T442-HLOOKUP(X442,Feuil1!$C$1:$BL$10,5,FALSE)","v":-20},{"$f":"T442-HLOOKUP(X442,Feuil1!$C$1:$BL$10,6,FALSE)","v":-50},{"$f":"T442-HLOOKUP(X442,Feuil1!$C$1:$BL$10,7,FALSE)","v":-75},{"$f":"T442-HLOOKUP(X442,Feuil1!$C$1:$BL$10,8,FALSE)","v":-95},{"$f":"T442-HLOOKUP(X442,Feuil1!$C$1:$BL$10,9,FALSE)","v":-115},{"$f":"T442-HLOOKUP(X442,Feuil1!$C$1:$BL$10,10,FALSE)","v":-130},null,null,null,null,null,null,"REG +"]
["H","DOM","REU",126,38011,"ANKIBOS","LEONCE",1977,76.599999999999994,"CH LA PLAINE","F",75,80,85,85,95,100,105,105,190,36.800000000000011,"REG +",0,{"$f":"IF(I443=\"\",\"\",IF(A443=\"H\",IF(OR(H443=\"SEN\",H443<1995),VLOOKUP(I443,Feuil1!$A$11:$F$29,6),IF(AND(H443>1994,H443<1998),VLOOKUP(I443,Feuil1!$A$11:$F$29,5),IF(AND(H443>1997,H443<2000),VLOOKUP(I443,Feuil1!$A$11:$F$29,4),IF(AND(H443>1999,H443<2002),VLOOKUP(I443,Feuil1!$A$11:$F$29,3),VLOOKUP(I443,Feuil1!$A$11:$F$29,2))))),IF(OR(H443=\"SEN\",H443<1995),VLOOKUP(I443,Feuil1!$G$11:$L$25,6),IF(AND(H443>1994,H443<1998),VLOOKUP(I443,Feuil1!$G$11:$L$25,5),IF(AND(H443>1997,H443<2000),VLOOKUP(I443,Feuil1!$G$11:$L$25,4),IF(AND(H443>1999,H443<2002),VLOOKUP(I443,Feuil1!$G$11:$L$25,3),VLOOKUP(I443,Feuil1!$G$11:$L$25,2)))))))","v":"S77"},239.97396822252279,null," ",{"$f":"T443-HLOOKUP(X443,Feuil1!$C$1:$BL$10,2,FALSE)","v":40},{"$f":"T443-HLOOKUP(X443,Feuil1!$C$1:$BL$10,3,FALSE)","v":20},{"$f":"T443-HLOOKUP(X443,Feuil1!$C$1:$BL$10,4,FALSE)","v":0},{"$f":"T443-HLOOKUP(X443,Feuil1!$C$1:$BL$10,5,FALSE)","v":-20},{"$f":"T443-HLOOKUP(X443,Feuil1!$C$1:$BL$10,6,FALSE)","v":-50},{"$f":"T443-HLOOKUP(X443,Feuil1!$C$1:$BL$10,7,FALSE)","v":-75},{"$f":"T443-HLOOKUP(X443,Feuil1!$C$1:$BL$10,8,FALSE)","v":-95},{"$f":"T443-HLOOKUP(X443,Feuil1!$C$1:$BL$10,9,FALSE)","v":-115},{"$f":"T443-HLOOKUP(X443,Feuil1!$C$1:$BL$10,10,FALSE)","v":-130},null,null,null,null,null,null,"REG +"]
["H","ZCO","BRE",127,811897,"LE TRIONNAIRE","Grégory",1979,76.7,"Vannes AC","F",82,86,90,90,92,96,100,100,190,36.599999999999994,"REG +",0,{"$f":"IF(I444=\"\",\"\",IF(A444=\"H\",IF(OR(H444=\"SEN\",H444<1995),VLOOKUP(I444,Feuil1!$A$11:$F$29,6),IF(AND(H444>1994,H444<1998),VLOOKUP(I444,Feuil1!$A$11:$F$29,5),IF(AND(H444>1997,H444<2000),VLOOKUP(I444,Feuil1!$A$11:$F$29,4),IF(AND(H444>1999,H444<2002),VLOOKUP(I444,Feuil1!$A$11:$F$29,3),VLOOKUP(I444,Feuil1!$A$11:$F$29,2))))),IF(OR(H444=\"SEN\",H444<1995),VLOOKUP(I444,Feuil1!$G$11:$L$25,6),IF(AND(H444>1994,H444<1998),VLOOKUP(I444,Feuil1!$G$11:$L$25,5),IF(AND(H444>1997,H444<2000),VLOOKUP(I444,Feuil1!$G$11:$L$25,4),IF(AND(H444>1999,H444<2002),VLOOKUP(I444,Feuil1!$G$11:$L$25,3),VLOOKUP(I444,Feuil1!$G$11:$L$25,2)))))))","v":"S77"},239.79645668716486,null," ",{"$f":"T444-HLOOKUP(X444,Feuil1!$C$1:$BL$10,2,FALSE)","v":40},{"$f":"T444-HLOOKUP(X444,Feuil1!$C$1:$BL$10,3,FALSE)","v":20},{"$f":"T444-HLOOKUP(X444,Feuil1!$C$1:$BL$10,4,FALSE)","v":0},{"$f":"T444-HLOOKUP(X444,Feuil1!$C$1:$BL$10,5,FALSE)","v":-20},{"$f":"T444-HLOOKUP(X444,Feuil1!$C$1:$BL$10,6,FALSE)","v":-50},{"$f":"T444-HLOOKUP(X444,Feuil1!$C$1:$BL$10,7,FALSE)","v":-75},{"$f":"T444-HLOOKUP(X444,Feuil1!$C$1:$BL$10,8,FALSE)","v":-95},{"$f":"T444-HLOOKUP(X444,Feuil1!$C$1:$BL$10,9,FALSE)","v":-115},{"$f":"T444-HLOOKUP(X444,Feuil1!$C$1:$BL$10,10,FALSE)","v":-130},null,null,null,null,null,null,"REG +"]
["H","NE","ALS",128,5861,"GORTH","Alexandre",84,69.8,"HCA Selestat","F",74,78,84,84,94,98,104,104,188,48.400000000000006,"DEP +",18,{"$f":"IF(I445=\"\",\"\",IF(A445=\"H\",IF(OR(H445=\"SEN\",H445<1995),VLOOKUP(I445,Feuil1!$A$11:$F$29,6),IF(AND(H445>1994,H445<1998),VLOOKUP(I445,Feuil1!$A$11:$F$29,5),IF(AND(H445>1997,H445<2000),VLOOKUP(I445,Feuil1!$A$11:$F$29,4),IF(AND(H445>1999,H445<2002),VLOOKUP(I445,Feuil1!$A$11:$F$29,3),VLOOKUP(I445,Feuil1!$A$11:$F$29,2))))),IF(OR(H445=\"SEN\",H445<1995),VLOOKUP(I445,Feuil1!$G$11:$L$25,6),IF(AND(H445>1994,H445<1998),VLOOKUP(I445,Feuil1!$G$11:$L$25,5),IF(AND(H445>1997,H445<2000),VLOOKUP(I445,Feuil1!$G$11:$L$25,4),IF(AND(H445>1999,H445<2002),VLOOKUP(I445,Feuil1!$G$11:$L$25,3),VLOOKUP(I445,Feuil1!$G$11:$L$25,2)))))))","v":"S77"},251.06205057724338,null," ",{"$f":"T445-HLOOKUP(X445,Feuil1!$C$1:$BL$10,2,FALSE)","v":38},{"$f":"T445-HLOOKUP(X445,Feuil1!$C$1:$BL$10,3,FALSE)","v":18},{"$f":"T445-HLOOKUP(X445,Feuil1!$C$1:$BL$10,4,FALSE)","v":-2},{"$f":"T445-HLOOKUP(X445,Feuil1!$C$1:$BL$10,5,FALSE)","v":-22},{"$f":"T445-HLOOKUP(X445,Feuil1!$C$1:$BL$10,6,FALSE)","v":-52},{"$f":"T445-HLOOKUP(X445,Feuil1!$C$1:$BL$10,7,FALSE)","v":-77},{"$f":"T445-HLOOKUP(X445,Feuil1!$C$1:$BL$10,8,FALSE)","v":-97},{"$f":"T445-HLOOKUP(X445,Feuil1!$C$1:$BL$10,9,FALSE)","v":-117},{"$f":"T445-HLOOKUP(X445,Feuil1!$C$1:$BL$10,10,FALSE)","v":-132},null,null,null,null,null,null,"DEP +"]
["H","ZCO","BRE",129,14559,"LEPART","Stéfan",1979,72,"CA Lorient","F",80,84,-88,{"$f":"IF(H446=\"\",\"\",IF(MAXA(L446:N446)<=0,0,MAXA(L446:N446)))","v":84},100,104,-108,{"$f":"IF(H446=\"\",\"\",IF(MAXA(P446:R446)<=0,0,MAXA(P446:R446)))","v":104},{"$f":"IF(H446=\"\",\"\",IF(OR(O446=0,S446=0),0,O446+S446))","v":188},{"$f":"T446-I446*2","v":44},{"$f":"IF(H446=\"\",\"\",AQ446)","v":"DEP +"},{"$f":"IF(AJ446>=0,AJ446,IF(AI446>=0,AI446,IF(AH446>=0,AH446,IF(AG446>=0,AG446,IF(AF446>=0,AF446,IF(AE446>=0,AE446,IF(AD446>=0,AD446,IF(AC446>=0,AC446,AB446))))))))","v":18},{"$f":"IF(I446=\"\",\"\",IF(A446=\"H\",IF(OR(H446=\"SEN\",H446<1995),VLOOKUP(I446,Feuil1!$A$11:$F$29,6),IF(AND(H446>1994,H446<1998),VLOOKUP(I446,Feuil1!$A$11:$F$29,5),IF(AND(H446>1997,H446<2000),VLOOKUP(I446,Feuil1!$A$11:$F$29,4),IF(AND(H446>1999,H446<2002),VLOOKUP(I446,Feuil1!$A$11:$F$29,3),VLOOKUP(I446,Feuil1!$A$11:$F$29,2))))),IF(OR(H446=\"SEN\",H446<1995),VLOOKUP(I446,Feuil1!$G$11:$L$25,6),IF(AND(H446>1994,H446<1998),VLOOKUP(I446,Feuil1!$G$11:$L$25,5),IF(AND(H446>1997,H446<2000),VLOOKUP(I446,Feuil1!$G$11:$L$25,4),IF(AND(H446>1999,H446<2002),VLOOKUP(I446,Feuil1!$G$11:$L$25,3),VLOOKUP(I446,Feuil1!$G$11:$L$25,2)))))))","v":"S77"},{"$f":"IF(I446=\"\",\"\",IF(A446=\"H\",10^(0.794358141*LOG(I446/174.393)^2)*T446,IF(A446=\"F\",10^(0.89726074*LOG(I446/148.026)^2)*T446,\"\")))","v":246.26952008266741},null," ",{"$f":"T446-HLOOKUP(X446,Feuil1!$C$1:$BL$10,2,FALSE)","v":38},{"$f":"T446-HLOOKUP(X446,Feuil1!$C$1:$BL$10,3,FALSE)","v":18},{"$f":"T446-HLOOKUP(X446,Feuil1!$C$1:$BL$10,4,FALSE)","v":-2},{"$f":"T446-HLOOKUP(X446,Feuil1!$C$1:$BL$10,5,FALSE)","v":-22},{"$f":"T446-HLOOKUP(X446,Feuil1!$C$1:$BL$10,6,FALSE)","v":-52},{"$f":"T446-HLOOKUP(X446,Feuil1!$C$1:$BL$10,7,FALSE)","v":-77},{"$f":"T446-HLOOKUP(X446,Feuil1!$C$1:$BL$10,8,FALSE)","v":-97},{"$f":"T446-HLOOKUP(X446,Feuil1!$C$1:$BL$10,9,FALSE)","v":-117},{"$f":"T446-HLOOKUP(X446,Feuil1!$C$1:$BL$10,10,FALSE)","v":-132},null,null,null,null,null,null,{"$f":"IF(AJ446>=0,$AJ$4,IF(AI446>=0,$AI$4,IF(AH446>=0,$AH$4,IF(AG446>=0,$AG$4,IF(AF446>=0,$AF$4,IF(AE446>=0,$AE$4,IF(AD446>=0,$AD$4,IF(AC446>=0,$AC$4,$AB$4))))))))","v":"DEP +"}]
["H","SEST","RAL",130,369337,"MANCEL","Yann",1988,74,"Vaulx-en-Velin","F",78,-83,83,83,95,-100,105,105,188,40,"DEP +",18,{"$f":"IF(I447=\"\",\"\",IF(A447=\"H\",IF(OR(H447=\"SEN\",H447<1995),VLOOKUP(I447,Feuil1!$A$11:$F$29,6),IF(AND(H447>1994,H447<1998),VLOOKUP(I447,Feuil1!$A$11:$F$29,5),IF(AND(H447>1997,H447<2000),VLOOKUP(I447,Feuil1!$A$11:$F$29,4),IF(AND(H447>1999,H447<2002),VLOOKUP(I447,Feuil1!$A$11:$F$29,3),VLOOKUP(I447,Feuil1!$A$11:$F$29,2))))),IF(OR(H447=\"SEN\",H447<1995),VLOOKUP(I447,Feuil1!$G$11:$L$25,6),IF(AND(H447>1994,H447<1998),VLOOKUP(I447,Feuil1!$G$11:$L$25,5),IF(AND(H447>1997,H447<2000),VLOOKUP(I447,Feuil1!$G$11:$L$25,4),IF(AND(H447>1999,H447<2002),VLOOKUP(I447,Feuil1!$G$11:$L$25,3),VLOOKUP(I447,Feuil1!$G$11:$L$25,2)))))))","v":"S77"},242.24794334108452,null," ",{"$f":"T447-HLOOKUP(X447,Feuil1!$C$1:$BL$10,2,FALSE)","v":38},{"$f":"T447-HLOOKUP(X447,Feuil1!$C$1:$BL$10,3,FALSE)","v":18},{"$f":"T447-HLOOKUP(X447,Feuil1!$C$1:$BL$10,4,FALSE)","v":-2},{"$f":"T447-HLOOKUP(X447,Feuil1!$C$1:$BL$10,5,FALSE)","v":-22},{"$f":"T447-HLOOKUP(X447,Feuil1!$C$1:$BL$10,6,FALSE)","v":-52},{"$f":"T447-HLOOKUP(X447,Feuil1!$C$1:$BL$10,7,FALSE)","v":-77},{"$f":"T447-HLOOKUP(X447,Feuil1!$C$1:$BL$10,8,FALSE)","v":-97},{"$f":"T447-HLOOKUP(X447,Feuil1!$C$1:$BL$10,9,FALSE)","v":-117},{"$f":"T447-HLOOKUP(X447,Feuil1!$C$1:$BL$10,10,FALSE)","v":-132},null,null,null,null,null,null,"DEP +"]
["H","N","IDF",131,51894,"ALLEAUME","CHRISTIAN",1971,72.400000000000006,"MANTES","F",78,82,85,85,98,100,102,102,187,42.199999999999989,"DEP +",17,{"$f":"IF(I448=\"\",\"\",IF(A448=\"H\",IF(OR(H448=\"SEN\",H448<1995),VLOOKUP(I448,Feuil1!$A$11:$F$29,6),IF(AND(H448>1994,H448<1998),VLOOKUP(I448,Feuil1!$A$11:$F$29,5),IF(AND(H448>1997,H448<2000),VLOOKUP(I448,Feuil1!$A$11:$F$29,4),IF(AND(H448>1999,H448<2002),VLOOKUP(I448,Feuil1!$A$11:$F$29,3),VLOOKUP(I448,Feuil1!$A$11:$F$29,2))))),IF(OR(H448=\"SEN\",H448<1995),VLOOKUP(I448,Feuil1!$G$11:$L$25,6),IF(AND(H448>1994,H448<1998),VLOOKUP(I448,Feuil1!$G$11:$L$25,5),IF(AND(H448>1997,H448<2000),VLOOKUP(I448,Feuil1!$G$11:$L$25,4),IF(AND(H448>1999,H448<2002),VLOOKUP(I448,Feuil1!$G$11:$L$25,3),VLOOKUP(I448,Feuil1!$G$11:$L$25,2)))))))","v":"S77"},244.13520181410573,null," ",{"$f":"T448-HLOOKUP(X448,Feuil1!$C$1:$BL$10,2,FALSE)","v":37},{"$f":"T448-HLOOKUP(X448,Feuil1!$C$1:$BL$10,3,FALSE)","v":17},{"$f":"T448-HLOOKUP(X448,Feuil1!$C$1:$BL$10,4,FALSE)","v":-3},{"$f":"T448-HLOOKUP(X448,Feuil1!$C$1:$BL$10,5,FALSE)","v":-23},{"$f":"T448-HLOOKUP(X448,Feuil1!$C$1:$BL$10,6,FALSE)","v":-53},{"$f":"T448-HLOOKUP(X448,Feuil1!$C$1:$BL$10,7,FALSE)","v":-78},{"$f":"T448-HLOOKUP(X448,Feuil1!$C$1:$BL$10,8,FALSE)","v":-98},{"$f":"T448-HLOOKUP(X448,Feuil1!$C$1:$BL$10,9,FALSE)","v":-118},{"$f":"T448-HLOOKUP(X448,Feuil1!$C$1:$BL$10,10,FALSE)","v":-133},null,null,null,null,null,null,"DEP +"]
["H","SEST","AUV",132,301533,"FOUR","Anthony",1990,75,"CHM AURILLAC",null,75,80,85,85,97,102,-105,102,187,37,"DEP +",17,{"$f":"IF(I449=\"\",\"\",IF(A449=\"H\",IF(OR(H449=\"SEN\",H449<1995),VLOOKUP(I449,Feuil1!$A$11:$F$29,6),IF(AND(H449>1994,H449<1998),VLOOKUP(I449,Feuil1!$A$11:$F$29,5),IF(AND(H449>1997,H449<2000),VLOOKUP(I449,Feuil1!$A$11:$F$29,4),IF(AND(H449>1999,H449<2002),VLOOKUP(I449,Feuil1!$A$11:$F$29,3),VLOOKUP(I449,Feuil1!$A$11:$F$29,2))))),IF(OR(H449=\"SEN\",H449<1995),VLOOKUP(I449,Feuil1!$G$11:$L$25,6),IF(AND(H449>1994,H449<1998),VLOOKUP(I449,Feuil1!$G$11:$L$25,5),IF(AND(H449>1997,H449<2000),VLOOKUP(I449,Feuil1!$G$11:$L$25,4),IF(AND(H449>1999,H449<2002),VLOOKUP(I449,Feuil1!$G$11:$L$25,3),VLOOKUP(I449,Feuil1!$G$11:$L$25,2)))))))","v":"S77"},239.06875655382777,null," ",{"$f":"T449-HLOOKUP(X449,Feuil1!$C$1:$BL$10,2,FALSE)","v":37},{"$f":"T449-HLOOKUP(X449,Feuil1!$C$1:$BL$10,3,FALSE)","v":17},{"$f":"T449-HLOOKUP(X449,Feuil1!$C$1:$BL$10,4,FALSE)","v":-3},{"$f":"T449-HLOOKUP(X449,Feuil1!$C$1:$BL$10,5,FALSE)","v":-23},{"$f":"T449-HLOOKUP(X449,Feuil1!$C$1:$BL$10,6,FALSE)","v":-53},{"$f":"T449-HLOOKUP(X449,Feuil1!$C$1:$BL$10,7,FALSE)","v":-78},{"$f":"T449-HLOOKUP(X449,Feuil1!$C$1:$BL$10,8,FALSE)","v":-98},{"$f":"T449-HLOOKUP(X449,Feuil1!$C$1:$BL$10,9,FALSE)","v":-118},{"$f":"T449-HLOOKUP(X449,Feuil1!$C$1:$BL$10,10,FALSE)","v":-133},null,null,null,null,null,null,"DEP +"]
["H","NORD","PIC",133,379094,"WATTEBLED","Guillaume",1987,75.739999999999995,"Villers-Bretonneux KC","F",80,-85,85,85,95,100,102,102,187,35.52000000000001,"DEP +",17,{"$f":"IF(I450=\"\",\"\",IF(A450=\"H\",IF(OR(H450=\"SEN\",H450<1995),VLOOKUP(I450,Feuil1!$A$11:$F$29,6),IF(AND(H450>1994,H450<1998),VLOOKUP(I450,Feuil1!$A$11:$F$29,5),IF(AND(H450>1997,H450<2000),VLOOKUP(I450,Feuil1!$A$11:$F$29,4),IF(AND(H450>1999,H450<2002),VLOOKUP(I450,Feuil1!$A$11:$F$29,3),VLOOKUP(I450,Feuil1!$A$11:$F$29,2))))),IF(OR(H450=\"SEN\",H450<1995),VLOOKUP(I450,Feuil1!$G$11:$L$25,6),IF(AND(H450>1994,H450<1998),VLOOKUP(I450,Feuil1!$G$11:$L$25,5),IF(AND(H450>1997,H450<2000),VLOOKUP(I450,Feuil1!$G$11:$L$25,4),IF(AND(H450>1999,H450<2002),VLOOKUP(I450,Feuil1!$G$11:$L$25,3),VLOOKUP(I450,Feuil1!$G$11:$L$25,2)))))))","v":"S77"},237.71395967835906,null," ",{"$f":"T450-HLOOKUP(X450,Feuil1!$C$1:$BL$10,2,FALSE)","v":37},{"$f":"T450-HLOOKUP(X450,Feuil1!$C$1:$BL$10,3,FALSE)","v":17},{"$f":"T450-HLOOKUP(X450,Feuil1!$C$1:$BL$10,4,FALSE)","v":-3},{"$f":"T450-HLOOKUP(X450,Feuil1!$C$1:$BL$10,5,FALSE)","v":-23},{"$f":"T450-HLOOKUP(X450,Feuil1!$C$1:$BL$10,6,FALSE)","v":-53},{"$f":"T450-HLOOKUP(X450,Feuil1!$C$1:$BL$10,7,FALSE)","v":-78},{"$f":"T450-HLOOKUP(X450,Feuil1!$C$1:$BL$10,8,FALSE)","v":-98},{"$f":"T450-HLOOKUP(X450,Feuil1!$C$1:$BL$10,9,FALSE)","v":-118},{"$f":"T450-HLOOKUP(X450,Feuil1!$C$1:$BL$10,10,FALSE)","v":-133},null,null,null,null,null,null,"DEP +"]
["H","N","IDF",134,355914,"KINTZLER","ETIENNE",1991,71.8,"CACHAN","F",70,77,82,82,95,100,104,104,186,42.400000000000006,"DEP +",16,{"$f":"IF(I451=\"\",\"\",IF(A451=\"H\",IF(OR(H451=\"SEN\",H451<1995),VLOOKUP(I451,Feuil1!$A$11:$F$29,6),IF(AND(H451>1994,H451<1998),VLOOKUP(I451,Feuil1!$A$11:$F$29,5),IF(AND(H451>1997,H451<2000),VLOOKUP(I451,Feuil1!$A$11:$F$29,4),IF(AND(H451>1999,H451<2002),VLOOKUP(I451,Feuil1!$A$11:$F$29,3),VLOOKUP(I451,Feuil1!$A$11:$F$29,2))))),IF(OR(H451=\"SEN\",H451<1995),VLOOKUP(I451,Feuil1!$G$11:$L$25,6),IF(AND(H451>1994,H451<1998),VLOOKUP(I451,Feuil1!$G$11:$L$25,5),IF(AND(H451>1997,H451<2000),VLOOKUP(I451,Feuil1!$G$11:$L$25,4),IF(AND(H451>1999,H451<2002),VLOOKUP(I451,Feuil1!$G$11:$L$25,3),VLOOKUP(I451,Feuil1!$G$11:$L$25,2)))))))","v":"S77"},244.06431675978749,null," ",{"$f":"T451-HLOOKUP(X451,Feuil1!$C$1:$BL$10,2,FALSE)","v":36},{"$f":"T451-HLOOKUP(X451,Feuil1!$C$1:$BL$10,3,FALSE)","v":16},{"$f":"T451-HLOOKUP(X451,Feuil1!$C$1:$BL$10,4,FALSE)","v":-4},{"$f":"T451-HLOOKUP(X451,Feuil1!$C$1:$BL$10,5,FALSE)","v":-24},{"$f":"T451-HLOOKUP(X451,Feuil1!$C$1:$BL$10,6,FALSE)","v":-54},{"$f":"T451-HLOOKUP(X451,Feuil1!$C$1:$BL$10,7,FALSE)","v":-79},{"$f":"T451-HLOOKUP(X451,Feuil1!$C$1:$BL$10,8,FALSE)","v":-99},{"$f":"T451-HLOOKUP(X451,Feuil1!$C$1:$BL$10,9,FALSE)","v":-119},{"$f":"T451-HLOOKUP(X451,Feuil1!$C$1:$BL$10,10,FALSE)","v":-134},null,null,null,null,null,null,"DEP +"]
["H","NE","FCO",135,75190,"LOISEAU","Jean-Luc",1968,69.099999999999994,"CH Luxeuil","F",80,85,-87,85,95,98,100,100,185,46.800000000000011,"DEP +",15,{"$f":"IF(I452=\"\",\"\",IF(A452=\"H\",IF(OR(H452=\"SEN\",H452<1995),VLOOKUP(I452,Feuil1!$A$11:$F$29,6),IF(AND(H452>1994,H452<1998),VLOOKUP(I452,Feuil1!$A$11:$F$29,5),IF(AND(H452>1997,H452<2000),VLOOKUP(I452,Feuil1!$A$11:$F$29,4),IF(AND(H452>1999,H452<2002),VLOOKUP(I452,Feuil1!$A$11:$F$29,3),VLOOKUP(I452,Feuil1!$A$11:$F$29,2))))),IF(OR(H452=\"SEN\",H452<1995),VLOOKUP(I452,Feuil1!$G$11:$L$25,6),IF(AND(H452>1994,H452<1998),VLOOKUP(I452,Feuil1!$G$11:$L$25,5),IF(AND(H452>1997,H452<2000),VLOOKUP(I452,Feuil1!$G$11:$L$25,4),IF(AND(H452>1999,H452<2002),VLOOKUP(I452,Feuil1!$G$11:$L$25,3),VLOOKUP(I452,Feuil1!$G$11:$L$25,2)))))))","v":"S77"},248.64272465611967,null," ",{"$f":"T452-HLOOKUP(X452,Feuil1!$C$1:$BL$10,2,FALSE)","v":35},{"$f":"T452-HLOOKUP(X452,Feuil1!$C$1:$BL$10,3,FALSE)","v":15},{"$f":"T452-HLOOKUP(X452,Feuil1!$C$1:$BL$10,4,FALSE)","v":-5},{"$f":"T452-HLOOKUP(X452,Feuil1!$C$1:$BL$10,5,FALSE)","v":-25},{"$f":"T452-HLOOKUP(X452,Feuil1!$C$1:$BL$10,6,FALSE)","v":-55},{"$f":"T452-HLOOKUP(X452,Feuil1!$C$1:$BL$10,7,FALSE)","v":-80},{"$f":"T452-HLOOKUP(X452,Feuil1!$C$1:$BL$10,8,FALSE)","v":-100},{"$f":"T452-HLOOKUP(X452,Feuil1!$C$1:$BL$10,9,FALSE)","v":-120},{"$f":"T452-HLOOKUP(X452,Feuil1!$C$1:$BL$10,10,FALSE)","v":-135},null,null,null,null,null,null,"DEP +"]
["H","CO","PDL",136,119458,"Jardin","Kévin",1986,69.099999999999994,"CJF Laval-Voutré","F",73,77,80,80,100,-105,105,105,185,46.800000000000011,"DEP +",15,{"$f":"IF(I453=\"\",\"\",IF(A453=\"H\",IF(OR(H453=\"SEN\",H453<1995),VLOOKUP(I453,Feuil1!$A$11:$F$29,6),IF(AND(H453>1994,H453<1998),VLOOKUP(I453,Feuil1!$A$11:$F$29,5),IF(AND(H453>1997,H453<2000),VLOOKUP(I453,Feuil1!$A$11:$F$29,4),IF(AND(H453>1999,H453<2002),VLOOKUP(I453,Feuil1!$A$11:$F$29,3),VLOOKUP(I453,Feuil1!$A$11:$F$29,2))))),IF(OR(H453=\"SEN\",H453<1995),VLOOKUP(I453,Feuil1!$G$11:$L$25,6),IF(AND(H453>1994,H453<1998),VLOOKUP(I453,Feuil1!$G$11:$L$25,5),IF(AND(H453>1997,H453<2000),VLOOKUP(I453,Feuil1!$G$11:$L$25,4),IF(AND(H453>1999,H453<2002),VLOOKUP(I453,Feuil1!$G$11:$L$25,3),VLOOKUP(I453,Feuil1!$G$11:$L$25,2)))))))","v":"S77"},248.64272465611967,null," ",{"$f":"T453-HLOOKUP(X453,Feuil1!$C$1:$BL$10,2,FALSE)","v":35},{"$f":"T453-HLOOKUP(X453,Feuil1!$C$1:$BL$10,3,FALSE)","v":15},{"$f":"T453-HLOOKUP(X453,Feuil1!$C$1:$BL$10,4,FALSE)","v":-5},{"$f":"T453-HLOOKUP(X453,Feuil1!$C$1:$BL$10,5,FALSE)","v":-25},{"$f":"T453-HLOOKUP(X453,Feuil1!$C$1:$BL$10,6,FALSE)","v":-55},{"$f":"T453-HLOOKUP(X453,Feuil1!$C$1:$BL$10,7,FALSE)","v":-80},{"$f":"T453-HLOOKUP(X453,Feuil1!$C$1:$BL$10,8,FALSE)","v":-100},{"$f":"T453-HLOOKUP(X453,Feuil1!$C$1:$BL$10,9,FALSE)","v":-120},{"$f":"T453-HLOOKUP(X453,Feuil1!$C$1:$BL$10,10,FALSE)","v":-135},null,null,null,null,null,null,"DEP +"]
["H","SEST","PRO",137,376717,"DESBORDES","Remi",1992,69.099999999999994," AS SORGUES","F",75,80,85,85,95,-100,100,100,185,46.800000000000011,"DEP +",15,{"$f":"IF(I454=\"\",\"\",IF(A454=\"H\",IF(OR(H454=\"SEN\",H454<1995),VLOOKUP(I454,Feuil1!$A$11:$F$29,6),IF(AND(H454>1994,H454<1998),VLOOKUP(I454,Feuil1!$A$11:$F$29,5),IF(AND(H454>1997,H454<2000),VLOOKUP(I454,Feuil1!$A$11:$F$29,4),IF(AND(H454>1999,H454<2002),VLOOKUP(I454,Feuil1!$A$11:$F$29,3),VLOOKUP(I454,Feuil1!$A$11:$F$29,2))))),IF(OR(H454=\"SEN\",H454<1995),VLOOKUP(I454,Feuil1!$G$11:$L$25,6),IF(AND(H454>1994,H454<1998),VLOOKUP(I454,Feuil1!$G$11:$L$25,5),IF(AND(H454>1997,H454<2000),VLOOKUP(I454,Feuil1!$G$11:$L$25,4),IF(AND(H454>1999,H454<2002),VLOOKUP(I454,Feuil1!$G$11:$L$25,3),VLOOKUP(I454,Feuil1!$G$11:$L$25,2)))))))","v":"S77"},248.64272465611967,null," ",{"$f":"T454-HLOOKUP(X454,Feuil1!$C$1:$BL$10,2,FALSE)","v":35},{"$f":"T454-HLOOKUP(X454,Feuil1!$C$1:$BL$10,3,FALSE)","v":15},{"$f":"T454-HLOOKUP(X454,Feuil1!$C$1:$BL$10,4,FALSE)","v":-5},{"$f":"T454-HLOOKUP(X454,Feuil1!$C$1:$BL$10,5,FALSE)","v":-25},{"$f":"T454-HLOOKUP(X454,Feuil1!$C$1:$BL$10,6,FALSE)","v":-55},{"$f":"T454-HLOOKUP(X454,Feuil1!$C$1:$BL$10,7,FALSE)","v":-80},{"$f":"T454-HLOOKUP(X454,Feuil1!$C$1:$BL$10,8,FALSE)","v":-100},{"$f":"T454-HLOOKUP(X454,Feuil1!$C$1:$BL$10,9,FALSE)","v":-120},{"$f":"T454-HLOOKUP(X454,Feuil1!$C$1:$BL$10,10,FALSE)","v":-135},null,null,null,null,null,null,"DEP +"]
["H","N","IDF",138,202883,"EISNITZ","Alexandre",1986,70,"SAINT-MAUR","F",80,-85,-90,80,100,105,-110,105,185,45,"DEP +",15,{"$f":"IF(I455=\"\",\"\",IF(A455=\"H\",IF(OR(H455=\"SEN\",H455<1995),VLOOKUP(I455,Feuil1!$A$11:$F$29,6),IF(AND(H455>1994,H455<1998),VLOOKUP(I455,Feuil1!$A$11:$F$29,5),IF(AND(H455>1997,H455<2000),VLOOKUP(I455,Feuil1!$A$11:$F$29,4),IF(AND(H455>1999,H455<2002),VLOOKUP(I455,Feuil1!$A$11:$F$29,3),VLOOKUP(I455,Feuil1!$A$11:$F$29,2))))),IF(OR(H455=\"SEN\",H455<1995),VLOOKUP(I455,Feuil1!$G$11:$L$25,6),IF(AND(H455>1994,H455<1998),VLOOKUP(I455,Feuil1!$G$11:$L$25,5),IF(AND(H455>1997,H455<2000),VLOOKUP(I455,Feuil1!$G$11:$L$25,4),IF(AND(H455>1999,H455<2002),VLOOKUP(I455,Feuil1!$G$11:$L$25,3),VLOOKUP(I455,Feuil1!$G$11:$L$25,2)))))))","v":"S77"},246.61023861762803,null," ",{"$f":"T455-HLOOKUP(X455,Feuil1!$C$1:$BL$10,2,FALSE)","v":35},{"$f":"T455-HLOOKUP(X455,Feuil1!$C$1:$BL$10,3,FALSE)","v":15},{"$f":"T455-HLOOKUP(X455,Feuil1!$C$1:$BL$10,4,FALSE)","v":-5},{"$f":"T455-HLOOKUP(X455,Feuil1!$C$1:$BL$10,5,FALSE)","v":-25},{"$f":"T455-HLOOKUP(X455,Feuil1!$C$1:$BL$10,6,FALSE)","v":-55},{"$f":"T455-HLOOKUP(X455,Feuil1!$C$1:$BL$10,7,FALSE)","v":-80},{"$f":"T455-HLOOKUP(X455,Feuil1!$C$1:$BL$10,8,FALSE)","v":-100},{"$f":"T455-HLOOKUP(X455,Feuil1!$C$1:$BL$10,9,FALSE)","v":-120},{"$f":"T455-HLOOKUP(X455,Feuil1!$C$1:$BL$10,10,FALSE)","v":-135},null,null,null,null,null,null,"DEP +"]
["H","NE","ALS",139,278904,"MURSCH","RENATO",92,70.5,"ASPTT Strasbourg","F",80,-85,-85,80,100,-105,105,105,185,44,"DEP +",15,{"$f":"IF(I456=\"\",\"\",IF(A456=\"H\",IF(OR(H456=\"SEN\",H456<1995),VLOOKUP(I456,Feuil1!$A$11:$F$29,6),IF(AND(H456>1994,H456<1998),VLOOKUP(I456,Feuil1!$A$11:$F$29,5),IF(AND(H456>1997,H456<2000),VLOOKUP(I456,Feuil1!$A$11:$F$29,4),IF(AND(H456>1999,H456<2002),VLOOKUP(I456,Feuil1!$A$11:$F$29,3),VLOOKUP(I456,Feuil1!$A$11:$F$29,2))))),IF(OR(H456=\"SEN\",H456<1995),VLOOKUP(I456,Feuil1!$G$11:$L$25,6),IF(AND(H456>1994,H456<1998),VLOOKUP(I456,Feuil1!$G$11:$L$25,5),IF(AND(H456>1997,H456<2000),VLOOKUP(I456,Feuil1!$G$11:$L$25,4),IF(AND(H456>1999,H456<2002),VLOOKUP(I456,Feuil1!$G$11:$L$25,3),VLOOKUP(I456,Feuil1!$G$11:$L$25,2)))))))","v":"S77"},245.51152409892839,null," ",{"$f":"T456-HLOOKUP(X456,Feuil1!$C$1:$BL$10,2,FALSE)","v":35},{"$f":"T456-HLOOKUP(X456,Feuil1!$C$1:$BL$10,3,FALSE)","v":15},{"$f":"T456-HLOOKUP(X456,Feuil1!$C$1:$BL$10,4,FALSE)","v":-5},{"$f":"T456-HLOOKUP(X456,Feuil1!$C$1:$BL$10,5,FALSE)","v":-25},{"$f":"T456-HLOOKUP(X456,Feuil1!$C$1:$BL$10,6,FALSE)","v":-55},{"$f":"T456-HLOOKUP(X456,Feuil1!$C$1:$BL$10,7,FALSE)","v":-80},{"$f":"T456-HLOOKUP(X456,Feuil1!$C$1:$BL$10,8,FALSE)","v":-100},{"$f":"T456-HLOOKUP(X456,Feuil1!$C$1:$BL$10,9,FALSE)","v":-120},{"$f":"T456-HLOOKUP(X456,Feuil1!$C$1:$BL$10,10,FALSE)","v":-135},null,null,null,null,null,null,"DEP +"]
["H","SO","AQU",140,392362,"ABELLAN","DAVID",1991,70.75,"LE BOUSCAT","F",-70,71,80,80,90,100,105,105,185,43.5,"DEP +",15,{"$f":"IF(I457=\"\",\"\",IF(A457=\"H\",IF(OR(H457=\"SEN\",H457<1995),VLOOKUP(I457,Feuil1!$A$11:$F$29,6),IF(AND(H457>1994,H457<1998),VLOOKUP(I457,Feuil1!$A$11:$F$29,5),IF(AND(H457>1997,H457<2000),VLOOKUP(I457,Feuil1!$A$11:$F$29,4),IF(AND(H457>1999,H457<2002),VLOOKUP(I457,Feuil1!$A$11:$F$29,3),VLOOKUP(I457,Feuil1!$A$11:$F$29,2))))),IF(OR(H457=\"SEN\",H457<1995),VLOOKUP(I457,Feuil1!$G$11:$L$25,6),IF(AND(H457>1994,H457<1998),VLOOKUP(I457,Feuil1!$G$11:$L$25,5),IF(AND(H457>1997,H457<2000),VLOOKUP(I457,Feuil1!$G$11:$L$25,4),IF(AND(H457>1999,H457<2002),VLOOKUP(I457,Feuil1!$G$11:$L$25,3),VLOOKUP(I457,Feuil1!$G$11:$L$25,2)))))))","v":"S77"},244.97009770202246,null," ",{"$f":"T457-HLOOKUP(X457,Feuil1!$C$1:$BL$10,2,FALSE)","v":35},{"$f":"T457-HLOOKUP(X457,Feuil1!$C$1:$BL$10,3,FALSE)","v":15},{"$f":"T457-HLOOKUP(X457,Feuil1!$C$1:$BL$10,4,FALSE)","v":-5},{"$f":"T457-HLOOKUP(X457,Feuil1!$C$1:$BL$10,5,FALSE)","v":-25},{"$f":"T457-HLOOKUP(X457,Feuil1!$C$1:$BL$10,6,FALSE)","v":-55},{"$f":"T457-HLOOKUP(X457,Feuil1!$C$1:$BL$10,7,FALSE)","v":-80},{"$f":"T457-HLOOKUP(X457,Feuil1!$C$1:$BL$10,8,FALSE)","v":-100},{"$f":"T457-HLOOKUP(X457,Feuil1!$C$1:$BL$10,9,FALSE)","v":-120},{"$f":"T457-HLOOKUP(X457,Feuil1!$C$1:$BL$10,10,FALSE)","v":-135},null,null,null,null,null,null,"DEP +"]
["H","NORD","NPC",141,325821,"BOONE","Niels",1991,72.099999999999994,"CHCD COMINES","F",75,80,85,85,95,100,-105,100,185,40.800000000000011,"DEP +",15,{"$f":"IF(I458=\"\",\"\",IF(A458=\"H\",IF(OR(H458=\"SEN\",H458<1995),VLOOKUP(I458,Feuil1!$A$11:$F$29,6),IF(AND(H458>1994,H458<1998),VLOOKUP(I458,Feuil1!$A$11:$F$29,5),IF(AND(H458>1997,H458<2000),VLOOKUP(I458,Feuil1!$A$11:$F$29,4),IF(AND(H458>1999,H458<2002),VLOOKUP(I458,Feuil1!$A$11:$F$29,3),VLOOKUP(I458,Feuil1!$A$11:$F$29,2))))),IF(OR(H458=\"SEN\",H458<1995),VLOOKUP(I458,Feuil1!$G$11:$L$25,6),IF(AND(H458>1994,H458<1998),VLOOKUP(I458,Feuil1!$G$11:$L$25,5),IF(AND(H458>1997,H458<2000),VLOOKUP(I458,Feuil1!$G$11:$L$25,4),IF(AND(H458>1999,H458<2002),VLOOKUP(I458,Feuil1!$G$11:$L$25,3),VLOOKUP(I458,Feuil1!$G$11:$L$25,2)))))))","v":"S77"},242.13463446118899,null," ",{"$f":"T458-HLOOKUP(X458,Feuil1!$C$1:$BL$10,2,FALSE)","v":35},{"$f":"T458-HLOOKUP(X458,Feuil1!$C$1:$BL$10,3,FALSE)","v":15},{"$f":"T458-HLOOKUP(X458,Feuil1!$C$1:$BL$10,4,FALSE)","v":-5},{"$f":"T458-HLOOKUP(X458,Feuil1!$C$1:$BL$10,5,FALSE)","v":-25},{"$f":"T458-HLOOKUP(X458,Feuil1!$C$1:$BL$10,6,FALSE)","v":-55},{"$f":"T458-HLOOKUP(X458,Feuil1!$C$1:$BL$10,7,FALSE)","v":-80},{"$f":"T458-HLOOKUP(X458,Feuil1!$C$1:$BL$10,8,FALSE)","v":-100},{"$f":"T458-HLOOKUP(X458,Feuil1!$C$1:$BL$10,9,FALSE)","v":-120},{"$f":"T458-HLOOKUP(X458,Feuil1!$C$1:$BL$10,10,FALSE)","v":-135},null,null,null,null,null,null,"DEP +"]
["H","CO","HNO",142,374629,"LEURY","TONY",1971,72.8,"CHM Le Trait","F",77,80,-85,80,100,105,-110,105,185,39.400000000000006,"DEP +",15,{"$f":"IF(I459=\"\",\"\",IF(A459=\"H\",IF(OR(H459=\"SEN\",H459<1995),VLOOKUP(I459,Feuil1!$A$11:$F$29,6),IF(AND(H459>1994,H459<1998),VLOOKUP(I459,Feuil1!$A$11:$F$29,5),IF(AND(H459>1997,H459<2000),VLOOKUP(I459,Feuil1!$A$11:$F$29,4),IF(AND(H459>1999,H459<2002),VLOOKUP(I459,Feuil1!$A$11:$F$29,3),VLOOKUP(I459,Feuil1!$A$11:$F$29,2))))),IF(OR(H459=\"SEN\",H459<1995),VLOOKUP(I459,Feuil1!$G$11:$L$25,6),IF(AND(H459>1994,H459<1998),VLOOKUP(I459,Feuil1!$G$11:$L$25,5),IF(AND(H459>1997,H459<2000),VLOOKUP(I459,Feuil1!$G$11:$L$25,4),IF(AND(H459>1999,H459<2002),VLOOKUP(I459,Feuil1!$G$11:$L$25,3),VLOOKUP(I459,Feuil1!$G$11:$L$25,2)))))))","v":"S77"},240.72084422037449,null," ",{"$f":"T459-HLOOKUP(X459,Feuil1!$C$1:$BL$10,2,FALSE)","v":35},{"$f":"T459-HLOOKUP(X459,Feuil1!$C$1:$BL$10,3,FALSE)","v":15},{"$f":"T459-HLOOKUP(X459,Feuil1!$C$1:$BL$10,4,FALSE)","v":-5},{"$f":"T459-HLOOKUP(X459,Feuil1!$C$1:$BL$10,5,FALSE)","v":-25},{"$f":"T459-HLOOKUP(X459,Feuil1!$C$1:$BL$10,6,FALSE)","v":-55},{"$f":"T459-HLOOKUP(X459,Feuil1!$C$1:$BL$10,7,FALSE)","v":-80},{"$f":"T459-HLOOKUP(X459,Feuil1!$C$1:$BL$10,8,FALSE)","v":-100},{"$f":"T459-HLOOKUP(X459,Feuil1!$C$1:$BL$10,9,FALSE)","v":-120},{"$f":"T459-HLOOKUP(X459,Feuil1!$C$1:$BL$10,10,FALSE)","v":-135},null,null,null,null,null,null,"DEP +"]
["H","SO","AQU",143,364941,"BOUYE","MATHIEU",1985,73.5,"ST MEDARD","F",75,-80,-80,75,105,110,-115,110,185,38,"DEP +",15,{"$f":"IF(I460=\"\",\"\",IF(A460=\"H\",IF(OR(H460=\"SEN\",H460<1995),VLOOKUP(I460,Feuil1!$A$11:$F$29,6),IF(AND(H460>1994,H460<1998),VLOOKUP(I460,Feuil1!$A$11:$F$29,5),IF(AND(H460>1997,H460<2000),VLOOKUP(I460,Feuil1!$A$11:$F$29,4),IF(AND(H460>1999,H460<2002),VLOOKUP(I460,Feuil1!$A$11:$F$29,3),VLOOKUP(I460,Feuil1!$A$11:$F$29,2))))),IF(OR(H460=\"SEN\",H460<1995),VLOOKUP(I460,Feuil1!$G$11:$L$25,6),IF(AND(H460>1994,H460<1998),VLOOKUP(I460,Feuil1!$G$11:$L$25,5),IF(AND(H460>1997,H460<2000),VLOOKUP(I460,Feuil1!$G$11:$L$25,4),IF(AND(H460>1999,H460<2002),VLOOKUP(I460,Feuil1!$G$11:$L$25,3),VLOOKUP(I460,Feuil1!$G$11:$L$25,2)))))))","v":"S77"},239.34391543670458,null," ",{"$f":"T460-HLOOKUP(X460,Feuil1!$C$1:$BL$10,2,FALSE)","v":35},{"$f":"T460-HLOOKUP(X460,Feuil1!$C$1:$BL$10,3,FALSE)","v":15},{"$f":"T460-HLOOKUP(X460,Feuil1!$C$1:$BL$10,4,FALSE)","v":-5},{"$f":"T460-HLOOKUP(X460,Feuil1!$C$1:$BL$10,5,FALSE)","v":-25},{"$f":"T460-HLOOKUP(X460,Feuil1!$C$1:$BL$10,6,FALSE)","v":-55},{"$f":"T460-HLOOKUP(X460,Feuil1!$C$1:$BL$10,7,FALSE)","v":-80},{"$f":"T460-HLOOKUP(X460,Feuil1!$C$1:$BL$10,8,FALSE)","v":-100},{"$f":"T460-HLOOKUP(X460,Feuil1!$C$1:$BL$10,9,FALSE)","v":-120},{"$f":"T460-HLOOKUP(X460,Feuil1!$C$1:$BL$10,10,FALSE)","v":-135},null,null,null,null,null,null,"DEP +"]
["H","SO","MPY",144,368730,"DABLANC","François",1973,74,"FIGEAC HC","F",70,80,85,85,90,-100,100,100,185,37,"DEP +",15,{"$f":"IF(I461=\"\",\"\",IF(A461=\"H\",IF(OR(H461=\"SEN\",H461<1995),VLOOKUP(I461,Feuil1!$A$11:$F$29,6),IF(AND(H461>1994,H461<1998),VLOOKUP(I461,Feuil1!$A$11:$F$29,5),IF(AND(H461>1997,H461<2000),VLOOKUP(I461,Feuil1!$A$11:$F$29,4),IF(AND(H461>1999,H461<2002),VLOOKUP(I461,Feuil1!$A$11:$F$29,3),VLOOKUP(I461,Feuil1!$A$11:$F$29,2))))),IF(OR(H461=\"SEN\",H461<1995),VLOOKUP(I461,Feuil1!$G$11:$L$25,6),IF(AND(H461>1994,H461<1998),VLOOKUP(I461,Feuil1!$G$11:$L$25,5),IF(AND(H461>1997,H461<2000),VLOOKUP(I461,Feuil1!$G$11:$L$25,4),IF(AND(H461>1999,H461<2002),VLOOKUP(I461,Feuil1!$G$11:$L$25,3),VLOOKUP(I461,Feuil1!$G$11:$L$25,2)))))))","v":"S77"},238.38228467074805,null," ",{"$f":"T461-HLOOKUP(X461,Feuil1!$C$1:$BL$10,2,FALSE)","v":35},{"$f":"T461-HLOOKUP(X461,Feuil1!$C$1:$BL$10,3,FALSE)","v":15},{"$f":"T461-HLOOKUP(X461,Feuil1!$C$1:$BL$10,4,FALSE)","v":-5},{"$f":"T461-HLOOKUP(X461,Feuil1!$C$1:$BL$10,5,FALSE)","v":-25},{"$f":"T461-HLOOKUP(X461,Feuil1!$C$1:$BL$10,6,FALSE)","v":-55},{"$f":"T461-HLOOKUP(X461,Feuil1!$C$1:$BL$10,7,FALSE)","v":-80},{"$f":"T461-HLOOKUP(X461,Feuil1!$C$1:$BL$10,8,FALSE)","v":-100},{"$f":"T461-HLOOKUP(X461,Feuil1!$C$1:$BL$10,9,FALSE)","v":-120},{"$f":"T461-HLOOKUP(X461,Feuil1!$C$1:$BL$10,10,FALSE)","v":-135},null,null,null,null,null,null,"DEP +"]
["H","NE","LOR",145,223568,"HAROUTUNIAN","Vartan",1992,76.400000000000006,"E.S.LANEUVEVILLOISE","ARM",75,-80,-83,75,-110,110,-115,110,185,32.199999999999989,"DEP +",15,{"$f":"IF(I462=\"\",\"\",IF(A462=\"H\",IF(OR(H462=\"SEN\",H462<1995),VLOOKUP(I462,Feuil1!$A$11:$F$29,6),IF(AND(H462>1994,H462<1998),VLOOKUP(I462,Feuil1!$A$11:$F$29,5),IF(AND(H462>1997,H462<2000),VLOOKUP(I462,Feuil1!$A$11:$F$29,4),IF(AND(H462>1999,H462<2002),VLOOKUP(I462,Feuil1!$A$11:$F$29,3),VLOOKUP(I462,Feuil1!$A$11:$F$29,2))))),IF(OR(H462=\"SEN\",H462<1995),VLOOKUP(I462,Feuil1!$G$11:$L$25,6),IF(AND(H462>1994,H462<1998),VLOOKUP(I462,Feuil1!$G$11:$L$25,5),IF(AND(H462>1997,H462<2000),VLOOKUP(I462,Feuil1!$G$11:$L$25,4),IF(AND(H462>1999,H462<2002),VLOOKUP(I462,Feuil1!$G$11:$L$25,3),VLOOKUP(I462,Feuil1!$G$11:$L$25,2)))))))","v":"S77"},234.00643442610593,null," ",{"$f":"T462-HLOOKUP(X462,Feuil1!$C$1:$BL$10,2,FALSE)","v":35},{"$f":"T462-HLOOKUP(X462,Feuil1!$C$1:$BL$10,3,FALSE)","v":15},{"$f":"T462-HLOOKUP(X462,Feuil1!$C$1:$BL$10,4,FALSE)","v":-5},{"$f":"T462-HLOOKUP(X462,Feuil1!$C$1:$BL$10,5,FALSE)","v":-25},{"$f":"T462-HLOOKUP(X462,Feuil1!$C$1:$BL$10,6,FALSE)","v":-55},{"$f":"T462-HLOOKUP(X462,Feuil1!$C$1:$BL$10,7,FALSE)","v":-80},{"$f":"T462-HLOOKUP(X462,Feuil1!$C$1:$BL$10,8,FALSE)","v":-100},{"$f":"T462-HLOOKUP(X462,Feuil1!$C$1:$BL$10,9,FALSE)","v":-120},{"$f":"T462-HLOOKUP(X462,Feuil1!$C$1:$BL$10,10,FALSE)","v":-135},null,null,null,null,null,null,"DEP +"]
["H","N","IDF",146,330778,"MORVAN","ANTONY",1986,77,"SA MONTMARTRE","F",80,-85,85,85,100,-105,-105,100,185,31,"DEP +",15,{"$f":"IF(I463=\"\",\"\",IF(A463=\"H\",IF(OR(H463=\"SEN\",H463<1995),VLOOKUP(I463,Feuil1!$A$11:$F$29,6),IF(AND(H463>1994,H463<1998),VLOOKUP(I463,Feuil1!$A$11:$F$29,5),IF(AND(H463>1997,H463<2000),VLOOKUP(I463,Feuil1!$A$11:$F$29,4),IF(AND(H463>1999,H463<2002),VLOOKUP(I463,Feuil1!$A$11:$F$29,3),VLOOKUP(I463,Feuil1!$A$11:$F$29,2))))),IF(OR(H463=\"SEN\",H463<1995),VLOOKUP(I463,Feuil1!$G$11:$L$25,6),IF(AND(H463>1994,H463<1998),VLOOKUP(I463,Feuil1!$G$11:$L$25,5),IF(AND(H463>1997,H463<2000),VLOOKUP(I463,Feuil1!$G$11:$L$25,4),IF(AND(H463>1999,H463<2002),VLOOKUP(I463,Feuil1!$G$11:$L$25,3),VLOOKUP(I463,Feuil1!$G$11:$L$25,2)))))))","v":"S77"},232.97124928092236,null," ",{"$f":"T463-HLOOKUP(X463,Feuil1!$C$1:$BL$10,2,FALSE)","v":35},{"$f":"T463-HLOOKUP(X463,Feuil1!$C$1:$BL$10,3,FALSE)","v":15},{"$f":"T463-HLOOKUP(X463,Feuil1!$C$1:$BL$10,4,FALSE)","v":-5},{"$f":"T463-HLOOKUP(X463,Feuil1!$C$1:$BL$10,5,FALSE)","v":-25},{"$f":"T463-HLOOKUP(X463,Feuil1!$C$1:$BL$10,6,FALSE)","v":-55},{"$f":"T463-HLOOKUP(X463,Feuil1!$C$1:$BL$10,7,FALSE)","v":-80},{"$f":"T463-HLOOKUP(X463,Feuil1!$C$1:$BL$10,8,FALSE)","v":-100},{"$f":"T463-HLOOKUP(X463,Feuil1!$C$1:$BL$10,9,FALSE)","v":-120},{"$f":"T463-HLOOKUP(X463,Feuil1!$C$1:$BL$10,10,FALSE)","v":-135},null,null,null,null,null,null,"DEP +"]
["H","SEST","RAL",147,50672,"PESCHOUD","Frédéric",1981,77,"Entente VIRIAT","F",75,80,-83,80,97,102,105,105,185,31,"DEP +",15,{"$f":"IF(I464=\"\",\"\",IF(A464=\"H\",IF(OR(H464=\"SEN\",H464<1995),VLOOKUP(I464,Feuil1!$A$11:$F$29,6),IF(AND(H464>1994,H464<1998),VLOOKUP(I464,Feuil1!$A$11:$F$29,5),IF(AND(H464>1997,H464<2000),VLOOKUP(I464,Feuil1!$A$11:$F$29,4),IF(AND(H464>1999,H464<2002),VLOOKUP(I464,Feuil1!$A$11:$F$29,3),VLOOKUP(I464,Feuil1!$A$11:$F$29,2))))),IF(OR(H464=\"SEN\",H464<1995),VLOOKUP(I464,Feuil1!$G$11:$L$25,6),IF(AND(H464>1994,H464<1998),VLOOKUP(I464,Feuil1!$G$11:$L$25,5),IF(AND(H464>1997,H464<2000),VLOOKUP(I464,Feuil1!$G$11:$L$25,4),IF(AND(H464>1999,H464<2002),VLOOKUP(I464,Feuil1!$G$11:$L$25,3),VLOOKUP(I464,Feuil1!$G$11:$L$25,2)))))))","v":"S77"},232.97124928092236,null," ",{"$f":"T464-HLOOKUP(X464,Feuil1!$C$1:$BL$10,2,FALSE)","v":35},{"$f":"T464-HLOOKUP(X464,Feuil1!$C$1:$BL$10,3,FALSE)","v":15},{"$f":"T464-HLOOKUP(X464,Feuil1!$C$1:$BL$10,4,FALSE)","v":-5},{"$f":"T464-HLOOKUP(X464,Feuil1!$C$1:$BL$10,5,FALSE)","v":-25},{"$f":"T464-HLOOKUP(X464,Feuil1!$C$1:$BL$10,6,FALSE)","v":-55},{"$f":"T464-HLOOKUP(X464,Feuil1!$C$1:$BL$10,7,FALSE)","v":-80},{"$f":"T464-HLOOKUP(X464,Feuil1!$C$1:$BL$10,8,FALSE)","v":-100},{"$f":"T464-HLOOKUP(X464,Feuil1!$C$1:$BL$10,9,FALSE)","v":-120},{"$f":"T464-HLOOKUP(X464,Feuil1!$C$1:$BL$10,10,FALSE)","v":-135},null,null,null,null,null,null,"DEP +"]
["H","SEST","RAL",148,379108,"BEGDOURI","Faycal",1983,71.5,"STADE CLERMONTOIS","F",75,-80,81,81,95,-100,103,103,184,41,"DEP +",14,{"$f":"IF(I465=\"\",\"\",IF(A465=\"H\",IF(OR(H465=\"SEN\",H465<1995),VLOOKUP(I465,Feuil1!$A$11:$F$29,6),IF(AND(H465>1994,H465<1998),VLOOKUP(I465,Feuil1!$A$11:$F$29,5),IF(AND(H465>1997,H465<2000),VLOOKUP(I465,Feuil1!$A$11:$F$29,4),IF(AND(H465>1999,H465<2002),VLOOKUP(I465,Feuil1!$A$11:$F$29,3),VLOOKUP(I465,Feuil1!$A$11:$F$29,2))))),IF(OR(H465=\"SEN\",H465<1995),VLOOKUP(I465,Feuil1!$G$11:$L$25,6),IF(AND(H465>1994,H465<1998),VLOOKUP(I465,Feuil1!$G$11:$L$25,5),IF(AND(H465>1997,H465<2000),VLOOKUP(I465,Feuil1!$G$11:$L$25,4),IF(AND(H465>1999,H465<2002),VLOOKUP(I465,Feuil1!$G$11:$L$25,3),VLOOKUP(I465,Feuil1!$G$11:$L$25,2)))))))","v":"S77"},242.0612094983712,null," ",{"$f":"T465-HLOOKUP(X465,Feuil1!$C$1:$BL$10,2,FALSE)","v":34},{"$f":"T465-HLOOKUP(X465,Feuil1!$C$1:$BL$10,3,FALSE)","v":14},{"$f":"T465-HLOOKUP(X465,Feuil1!$C$1:$BL$10,4,FALSE)","v":-6},{"$f":"T465-HLOOKUP(X465,Feuil1!$C$1:$BL$10,5,FALSE)","v":-26},{"$f":"T465-HLOOKUP(X465,Feuil1!$C$1:$BL$10,6,FALSE)","v":-56},{"$f":"T465-HLOOKUP(X465,Feuil1!$C$1:$BL$10,7,FALSE)","v":-81},{"$f":"T465-HLOOKUP(X465,Feuil1!$C$1:$BL$10,8,FALSE)","v":-101},{"$f":"T465-HLOOKUP(X465,Feuil1!$C$1:$BL$10,9,FALSE)","v":-121},{"$f":"T465-HLOOKUP(X465,Feuil1!$C$1:$BL$10,10,FALSE)","v":-136},null,null,null,null,null,null,"DEP +"]
["H","SEST","RAL",149,96329,"GAGET","Julien",1980,74.599999999999994,"ST QUENTIN FALLAVIER","F",75,-80,80,80,95,100,103,103,183,33.800000000000011,"DEP +",13,{"$f":"IF(I466=\"\",\"\",IF(A466=\"H\",IF(OR(H466=\"SEN\",H466<1995),VLOOKUP(I466,Feuil1!$A$11:$F$29,6),IF(AND(H466>1994,H466<1998),VLOOKUP(I466,Feuil1!$A$11:$F$29,5),IF(AND(H466>1997,H466<2000),VLOOKUP(I466,Feuil1!$A$11:$F$29,4),IF(AND(H466>1999,H466<2002),VLOOKUP(I466,Feuil1!$A$11:$F$29,3),VLOOKUP(I466,Feuil1!$A$11:$F$29,2))))),IF(OR(H466=\"SEN\",H466<1995),VLOOKUP(I466,Feuil1!$G$11:$L$25,6),IF(AND(H466>1994,H466<1998),VLOOKUP(I466,Feuil1!$G$11:$L$25,5),IF(AND(H466>1997,H466<2000),VLOOKUP(I466,Feuil1!$G$11:$L$25,4),IF(AND(H466>1999,H466<2002),VLOOKUP(I466,Feuil1!$G$11:$L$25,3),VLOOKUP(I466,Feuil1!$G$11:$L$25,2)))))))","v":"S77"},234.68684338004428,null," ",{"$f":"T466-HLOOKUP(X466,Feuil1!$C$1:$BL$10,2,FALSE)","v":33},{"$f":"T466-HLOOKUP(X466,Feuil1!$C$1:$BL$10,3,FALSE)","v":13},{"$f":"T466-HLOOKUP(X466,Feuil1!$C$1:$BL$10,4,FALSE)","v":-7},{"$f":"T466-HLOOKUP(X466,Feuil1!$C$1:$BL$10,5,FALSE)","v":-27},{"$f":"T466-HLOOKUP(X466,Feuil1!$C$1:$BL$10,6,FALSE)","v":-57},{"$f":"T466-HLOOKUP(X466,Feuil1!$C$1:$BL$10,7,FALSE)","v":-82},{"$f":"T466-HLOOKUP(X466,Feuil1!$C$1:$BL$10,8,FALSE)","v":-102},{"$f":"T466-HLOOKUP(X466,Feuil1!$C$1:$BL$10,9,FALSE)","v":-122},{"$f":"T466-HLOOKUP(X466,Feuil1!$C$1:$BL$10,10,FALSE)","v":-137},null,null,null,null,null,null,"DEP +"]
["H","SEST","RAL",150,218639,"EL OBBABI","Jawad",1978,71.2,"Vaulx-en-Velin","F",78,82,-85,82,92,-97,100,100,182,39.599999999999994,"DEP +",12,{"$f":"IF(I467=\"\",\"\",IF(A467=\"H\",IF(OR(H467=\"SEN\",H467<1995),VLOOKUP(I467,Feuil1!$A$11:$F$29,6),IF(AND(H467>1994,H467<1998),VLOOKUP(I467,Feuil1!$A$11:$F$29,5),IF(AND(H467>1997,H467<2000),VLOOKUP(I467,Feuil1!$A$11:$F$29,4),IF(AND(H467>1999,H467<2002),VLOOKUP(I467,Feuil1!$A$11:$F$29,3),VLOOKUP(I467,Feuil1!$A$11:$F$29,2))))),IF(OR(H467=\"SEN\",H467<1995),VLOOKUP(I467,Feuil1!$G$11:$L$25,6),IF(AND(H467>1994,H467<1998),VLOOKUP(I467,Feuil1!$G$11:$L$25,5),IF(AND(H467>1997,H467<2000),VLOOKUP(I467,Feuil1!$G$11:$L$25,4),IF(AND(H467>1999,H467<2002),VLOOKUP(I467,Feuil1!$G$11:$L$25,3),VLOOKUP(I467,Feuil1!$G$11:$L$25,2)))))))","v":"S77"},240.05169380751454,null," ",{"$f":"T467-HLOOKUP(X467,Feuil1!$C$1:$BL$10,2,FALSE)","v":32},{"$f":"T467-HLOOKUP(X467,Feuil1!$C$1:$BL$10,3,FALSE)","v":12},{"$f":"T467-HLOOKUP(X467,Feuil1!$C$1:$BL$10,4,FALSE)","v":-8},{"$f":"T467-HLOOKUP(X467,Feuil1!$C$1:$BL$10,5,FALSE)","v":-28},{"$f":"T467-HLOOKUP(X467,Feuil1!$C$1:$BL$10,6,FALSE)","v":-58},{"$f":"T467-HLOOKUP(X467,Feuil1!$C$1:$BL$10,7,FALSE)","v":-83},{"$f":"T467-HLOOKUP(X467,Feuil1!$C$1:$BL$10,8,FALSE)","v":-103},{"$f":"T467-HLOOKUP(X467,Feuil1!$C$1:$BL$10,9,FALSE)","v":-123},{"$f":"T467-HLOOKUP(X467,Feuil1!$C$1:$BL$10,10,FALSE)","v":-138},null,null,null,null,null,null,"DEP +"]
["H","SEST","RAL",151,3340,"MARCHESSOU","Romain",1985,72.5,"A.C. ST MARCELLIN","F",77,82,-87,82,90,95,100,100,182,37,"DEP +",12,{"$f":"IF(I468=\"\",\"\",IF(A468=\"H\",IF(OR(H468=\"SEN\",H468<1995),VLOOKUP(I468,Feuil1!$A$11:$F$29,6),IF(AND(H468>1994,H468<1998),VLOOKUP(I468,Feuil1!$A$11:$F$29,5),IF(AND(H468>1997,H468<2000),VLOOKUP(I468,Feuil1!$A$11:$F$29,4),IF(AND(H468>1999,H468<2002),VLOOKUP(I468,Feuil1!$A$11:$F$29,3),VLOOKUP(I468,Feuil1!$A$11:$F$29,2))))),IF(OR(H468=\"SEN\",H468<1995),VLOOKUP(I468,Feuil1!$G$11:$L$25,6),IF(AND(H468>1994,H468<1998),VLOOKUP(I468,Feuil1!$G$11:$L$25,5),IF(AND(H468>1997,H468<2000),VLOOKUP(I468,Feuil1!$G$11:$L$25,4),IF(AND(H468>1999,H468<2002),VLOOKUP(I468,Feuil1!$G$11:$L$25,3),VLOOKUP(I468,Feuil1!$G$11:$L$25,2)))))))","v":"S77"},237.40883509800014,null," ",{"$f":"T468-HLOOKUP(X468,Feuil1!$C$1:$BL$10,2,FALSE)","v":32},{"$f":"T468-HLOOKUP(X468,Feuil1!$C$1:$BL$10,3,FALSE)","v":12},{"$f":"T468-HLOOKUP(X468,Feuil1!$C$1:$BL$10,4,FALSE)","v":-8},{"$f":"T468-HLOOKUP(X468,Feuil1!$C$1:$BL$10,5,FALSE)","v":-28},{"$f":"T468-HLOOKUP(X468,Feuil1!$C$1:$BL$10,6,FALSE)","v":-58},{"$f":"T468-HLOOKUP(X468,Feuil1!$C$1:$BL$10,7,FALSE)","v":-83},{"$f":"T468-HLOOKUP(X468,Feuil1!$C$1:$BL$10,8,FALSE)","v":-103},{"$f":"T468-HLOOKUP(X468,Feuil1!$C$1:$BL$10,9,FALSE)","v":-123},{"$f":"T468-HLOOKUP(X468,Feuil1!$C$1:$BL$10,10,FALSE)","v":-138},null,null,null,null,null,null,"DEP +"]
["H","DOM","GUA",152,397943,"MACON","Pierre",1989,75,"Primal Karukera","F",78,82,-85,82,100,-103,-103,100,182,32,"DEP +",12,{"$f":"IF(I469=\"\",\"\",IF(A469=\"H\",IF(OR(H469=\"SEN\",H469<1995),VLOOKUP(I469,Feuil1!$A$11:$F$29,6),IF(AND(H469>1994,H469<1998),VLOOKUP(I469,Feuil1!$A$11:$F$29,5),IF(AND(H469>1997,H469<2000),VLOOKUP(I469,Feuil1!$A$11:$F$29,4),IF(AND(H469>1999,H469<2002),VLOOKUP(I469,Feuil1!$A$11:$F$29,3),VLOOKUP(I469,Feuil1!$A$11:$F$29,2))))),IF(OR(H469=\"SEN\",H469<1995),VLOOKUP(I469,Feuil1!$G$11:$L$25,6),IF(AND(H469>1994,H469<1998),VLOOKUP(I469,Feuil1!$G$11:$L$25,5),IF(AND(H469>1997,H469<2000),VLOOKUP(I469,Feuil1!$G$11:$L$25,4),IF(AND(H469>1999,H469<2002),VLOOKUP(I469,Feuil1!$G$11:$L$25,3),VLOOKUP(I469,Feuil1!$G$11:$L$25,2)))))))","v":"S77"},232.6765438117468,null," ",{"$f":"T469-HLOOKUP(X469,Feuil1!$C$1:$BL$10,2,FALSE)","v":32},{"$f":"T469-HLOOKUP(X469,Feuil1!$C$1:$BL$10,3,FALSE)","v":12},{"$f":"T469-HLOOKUP(X469,Feuil1!$C$1:$BL$10,4,FALSE)","v":-8},{"$f":"T469-HLOOKUP(X469,Feuil1!$C$1:$BL$10,5,FALSE)","v":-28},{"$f":"T469-HLOOKUP(X469,Feuil1!$C$1:$BL$10,6,FALSE)","v":-58},{"$f":"T469-HLOOKUP(X469,Feuil1!$C$1:$BL$10,7,FALSE)","v":-83},{"$f":"T469-HLOOKUP(X469,Feuil1!$C$1:$BL$10,8,FALSE)","v":-103},{"$f":"T469-HLOOKUP(X469,Feuil1!$C$1:$BL$10,9,FALSE)","v":-123},{"$f":"T469-HLOOKUP(X469,Feuil1!$C$1:$BL$10,10,FALSE)","v":-138},null,null,null,null,null,null,"DEP +"]
["H","N","IDF",153,371857,"PUECH","RAPHAEL",1992,76,"RUEIL ","F",75,-80,80,80,95,100,102,102,182,30,"DEP +",12,{"$f":"IF(I470=\"\",\"\",IF(A470=\"H\",IF(OR(H470=\"SEN\",H470<1995),VLOOKUP(I470,Feuil1!$A$11:$F$29,6),IF(AND(H470>1994,H470<1998),VLOOKUP(I470,Feuil1!$A$11:$F$29,5),IF(AND(H470>1997,H470<2000),VLOOKUP(I470,Feuil1!$A$11:$F$29,4),IF(AND(H470>1999,H470<2002),VLOOKUP(I470,Feuil1!$A$11:$F$29,3),VLOOKUP(I470,Feuil1!$A$11:$F$29,2))))),IF(OR(H470=\"SEN\",H470<1995),VLOOKUP(I470,Feuil1!$G$11:$L$25,6),IF(AND(H470>1994,H470<1998),VLOOKUP(I470,Feuil1!$G$11:$L$25,5),IF(AND(H470>1997,H470<2000),VLOOKUP(I470,Feuil1!$G$11:$L$25,4),IF(AND(H470>1999,H470<2002),VLOOKUP(I470,Feuil1!$G$11:$L$25,3),VLOOKUP(I470,Feuil1!$G$11:$L$25,2)))))))","v":"S77"},230.90312269832339,null," ",{"$f":"T470-HLOOKUP(X470,Feuil1!$C$1:$BL$10,2,FALSE)","v":32},{"$f":"T470-HLOOKUP(X470,Feuil1!$C$1:$BL$10,3,FALSE)","v":12},{"$f":"T470-HLOOKUP(X470,Feuil1!$C$1:$BL$10,4,FALSE)","v":-8},{"$f":"T470-HLOOKUP(X470,Feuil1!$C$1:$BL$10,5,FALSE)","v":-28},{"$f":"T470-HLOOKUP(X470,Feuil1!$C$1:$BL$10,6,FALSE)","v":-58},{"$f":"T470-HLOOKUP(X470,Feuil1!$C$1:$BL$10,7,FALSE)","v":-83},{"$f":"T470-HLOOKUP(X470,Feuil1!$C$1:$BL$10,8,FALSE)","v":-103},{"$f":"T470-HLOOKUP(X470,Feuil1!$C$1:$BL$10,9,FALSE)","v":-123},{"$f":"T470-HLOOKUP(X470,Feuil1!$C$1:$BL$10,10,FALSE)","v":-138},null,null,null,null,null,null,"DEP +"]
["H","N","IDF",154,397515,"ABDELWAHED","RAMZI",1991,75.599999999999994,"MELUN","F",75,80,-85,80,95,101,-105,101,181,29.800000000000011,"DEP +",11,{"$f":"IF(I471=\"\",\"\",IF(A471=\"H\",IF(OR(H471=\"SEN\",H471<1995),VLOOKUP(I471,Feuil1!$A$11:$F$29,6),IF(AND(H471>1994,H471<1998),VLOOKUP(I471,Feuil1!$A$11:$F$29,5),IF(AND(H471>1997,H471<2000),VLOOKUP(I471,Feuil1!$A$11:$F$29,4),IF(AND(H471>1999,H471<2002),VLOOKUP(I471,Feuil1!$A$11:$F$29,3),VLOOKUP(I471,Feuil1!$A$11:$F$29,2))))),IF(OR(H471=\"SEN\",H471<1995),VLOOKUP(I471,Feuil1!$G$11:$L$25,6),IF(AND(H471>1994,H471<1998),VLOOKUP(I471,Feuil1!$G$11:$L$25,5),IF(AND(H471>1997,H471<2000),VLOOKUP(I471,Feuil1!$G$11:$L$25,4),IF(AND(H471>1999,H471<2002),VLOOKUP(I471,Feuil1!$G$11:$L$25,3),VLOOKUP(I471,Feuil1!$G$11:$L$25,2)))))))","v":"S77"},230.33213635582044,null," ",{"$f":"T471-HLOOKUP(X471,Feuil1!$C$1:$BL$10,2,FALSE)","v":31},{"$f":"T471-HLOOKUP(X471,Feuil1!$C$1:$BL$10,3,FALSE)","v":11},{"$f":"T471-HLOOKUP(X471,Feuil1!$C$1:$BL$10,4,FALSE)","v":-9},{"$f":"T471-HLOOKUP(X471,Feuil1!$C$1:$BL$10,5,FALSE)","v":-29},{"$f":"T471-HLOOKUP(X471,Feuil1!$C$1:$BL$10,6,FALSE)","v":-59},{"$f":"T471-HLOOKUP(X471,Feuil1!$C$1:$BL$10,7,FALSE)","v":-84},{"$f":"T471-HLOOKUP(X471,Feuil1!$C$1:$BL$10,8,FALSE)","v":-104},{"$f":"T471-HLOOKUP(X471,Feuil1!$C$1:$BL$10,9,FALSE)","v":-124},{"$f":"T471-HLOOKUP(X471,Feuil1!$C$1:$BL$10,10,FALSE)","v":-139},null,null,null,null,null,null,"DEP +"]
["H","SEST","PRO",155,326355,"GNERUCCI","MATTHEW",1977,76.7,"ISTRES SPORTS","F",80,-84,84,84,97,-102,-102,97,181,27.599999999999994,"DEP +",11,{"$f":"IF(I472=\"\",\"\",IF(A472=\"H\",IF(OR(H472=\"SEN\",H472<1995),VLOOKUP(I472,Feuil1!$A$11:$F$29,6),IF(AND(H472>1994,H472<1998),VLOOKUP(I472,Feuil1!$A$11:$F$29,5),IF(AND(H472>1997,H472<2000),VLOOKUP(I472,Feuil1!$A$11:$F$29,4),IF(AND(H472>1999,H472<2002),VLOOKUP(I472,Feuil1!$A$11:$F$29,3),VLOOKUP(I472,Feuil1!$A$11:$F$29,2))))),IF(OR(H472=\"SEN\",H472<1995),VLOOKUP(I472,Feuil1!$G$11:$L$25,6),IF(AND(H472>1994,H472<1998),VLOOKUP(I472,Feuil1!$G$11:$L$25,5),IF(AND(H472>1997,H472<2000),VLOOKUP(I472,Feuil1!$G$11:$L$25,4),IF(AND(H472>1999,H472<2002),VLOOKUP(I472,Feuil1!$G$11:$L$25,3),VLOOKUP(I472,Feuil1!$G$11:$L$25,2)))))))","v":"S77"},228.43767715987809,null," ",{"$f":"T472-HLOOKUP(X472,Feuil1!$C$1:$BL$10,2,FALSE)","v":31},{"$f":"T472-HLOOKUP(X472,Feuil1!$C$1:$BL$10,3,FALSE)","v":11},{"$f":"T472-HLOOKUP(X472,Feuil1!$C$1:$BL$10,4,FALSE)","v":-9},{"$f":"T472-HLOOKUP(X472,Feuil1!$C$1:$BL$10,5,FALSE)","v":-29},{"$f":"T472-HLOOKUP(X472,Feuil1!$C$1:$BL$10,6,FALSE)","v":-59},{"$f":"T472-HLOOKUP(X472,Feuil1!$C$1:$BL$10,7,FALSE)","v":-84},{"$f":"T472-HLOOKUP(X472,Feuil1!$C$1:$BL$10,8,FALSE)","v":-104},{"$f":"T472-HLOOKUP(X472,Feuil1!$C$1:$BL$10,9,FALSE)","v":-124},{"$f":"T472-HLOOKUP(X472,Feuil1!$C$1:$BL$10,10,FALSE)","v":-139},null,null,null,null,null,null,"DEP +"]
["H","N","IDF",156,380138,"GODET","MATHIEU",1989,69.5,"US METRO","F",75,80,-85,80,95,100,-103,100,180,41,"DEP +",10,{"$f":"IF(I473=\"\",\"\",IF(A473=\"H\",IF(OR(H473=\"SEN\",H473<1995),VLOOKUP(I473,Feuil1!$A$11:$F$29,6),IF(AND(H473>1994,H473<1998),VLOOKUP(I473,Feuil1!$A$11:$F$29,5),IF(AND(H473>1997,H473<2000),VLOOKUP(I473,Feuil1!$A$11:$F$29,4),IF(AND(H473>1999,H473<2002),VLOOKUP(I473,Feuil1!$A$11:$F$29,3),VLOOKUP(I473,Feuil1!$A$11:$F$29,2))))),IF(OR(H473=\"SEN\",H473<1995),VLOOKUP(I473,Feuil1!$G$11:$L$25,6),IF(AND(H473>1994,H473<1998),VLOOKUP(I473,Feuil1!$G$11:$L$25,5),IF(AND(H473>1997,H473<2000),VLOOKUP(I473,Feuil1!$G$11:$L$25,4),IF(AND(H473>1999,H473<2002),VLOOKUP(I473,Feuil1!$G$11:$L$25,3),VLOOKUP(I473,Feuil1!$G$11:$L$25,2)))))))","v":"S77"},241.03513105530422,null," ",{"$f":"T473-HLOOKUP(X473,Feuil1!$C$1:$BL$10,2,FALSE)","v":30},{"$f":"T473-HLOOKUP(X473,Feuil1!$C$1:$BL$10,3,FALSE)","v":10},{"$f":"T473-HLOOKUP(X473,Feuil1!$C$1:$BL$10,4,FALSE)","v":-10},{"$f":"T473-HLOOKUP(X473,Feuil1!$C$1:$BL$10,5,FALSE)","v":-30},{"$f":"T473-HLOOKUP(X473,Feuil1!$C$1:$BL$10,6,FALSE)","v":-60},{"$f":"T473-HLOOKUP(X473,Feuil1!$C$1:$BL$10,7,FALSE)","v":-85},{"$f":"T473-HLOOKUP(X473,Feuil1!$C$1:$BL$10,8,FALSE)","v":-105},{"$f":"T473-HLOOKUP(X473,Feuil1!$C$1:$BL$10,9,FALSE)","v":-125},{"$f":"T473-HLOOKUP(X473,Feuil1!$C$1:$BL$10,10,FALSE)","v":-140},null,null,null,null,null,null,"DEP +"]
["H","N","IDF",157,359902,"DEMAACK","ALEXIS",1987,69.900000000000006,"SA MONTMARTRE","F",60,75,80,80,90,95,100,100,180,40.199999999999989,"DEP +",10,{"$f":"IF(I474=\"\",\"\",IF(A474=\"H\",IF(OR(H474=\"SEN\",H474<1995),VLOOKUP(I474,Feuil1!$A$11:$F$29,6),IF(AND(H474>1994,H474<1998),VLOOKUP(I474,Feuil1!$A$11:$F$29,5),IF(AND(H474>1997,H474<2000),VLOOKUP(I474,Feuil1!$A$11:$F$29,4),IF(AND(H474>1999,H474<2002),VLOOKUP(I474,Feuil1!$A$11:$F$29,3),VLOOKUP(I474,Feuil1!$A$11:$F$29,2))))),IF(OR(H474=\"SEN\",H474<1995),VLOOKUP(I474,Feuil1!$G$11:$L$25,6),IF(AND(H474>1994,H474<1998),VLOOKUP(I474,Feuil1!$G$11:$L$25,5),IF(AND(H474>1997,H474<2000),VLOOKUP(I474,Feuil1!$G$11:$L$25,4),IF(AND(H474>1999,H474<2002),VLOOKUP(I474,Feuil1!$G$11:$L$25,3),VLOOKUP(I474,Feuil1!$G$11:$L$25,2)))))))","v":"S77"},240.1614056555139,null," ",{"$f":"T474-HLOOKUP(X474,Feuil1!$C$1:$BL$10,2,FALSE)","v":30},{"$f":"T474-HLOOKUP(X474,Feuil1!$C$1:$BL$10,3,FALSE)","v":10},{"$f":"T474-HLOOKUP(X474,Feuil1!$C$1:$BL$10,4,FALSE)","v":-10},{"$f":"T474-HLOOKUP(X474,Feuil1!$C$1:$BL$10,5,FALSE)","v":-30},{"$f":"T474-HLOOKUP(X474,Feuil1!$C$1:$BL$10,6,FALSE)","v":-60},{"$f":"T474-HLOOKUP(X474,Feuil1!$C$1:$BL$10,7,FALSE)","v":-85},{"$f":"T474-HLOOKUP(X474,Feuil1!$C$1:$BL$10,8,FALSE)","v":-105},{"$f":"T474-HLOOKUP(X474,Feuil1!$C$1:$BL$10,9,FALSE)","v":-125},{"$f":"T474-HLOOKUP(X474,Feuil1!$C$1:$BL$10,10,FALSE)","v":-140},null,null,null,null,null,null,"DEP +"]
["H","NORD","NPC",158,"000779","ROOSEBEKE","Bernard",1963,70.099999999999994,"O.GRANDE SYNTHE","F",70,75,80,80,90,95,100,100,180,39.800000000000011,"DEP +",10,{"$f":"IF(I475=\"\",\"\",IF(A475=\"H\",IF(OR(H475=\"SEN\",H475<1995),VLOOKUP(I475,Feuil1!$A$11:$F$29,6),IF(AND(H475>1994,H475<1998),VLOOKUP(I475,Feuil1!$A$11:$F$29,5),IF(AND(H475>1997,H475<2000),VLOOKUP(I475,Feuil1!$A$11:$F$29,4),IF(AND(H475>1999,H475<2002),VLOOKUP(I475,Feuil1!$A$11:$F$29,3),VLOOKUP(I475,Feuil1!$A$11:$F$29,2))))),IF(OR(H475=\"SEN\",H475<1995),VLOOKUP(I475,Feuil1!$G$11:$L$25,6),IF(AND(H475>1994,H475<1998),VLOOKUP(I475,Feuil1!$G$11:$L$25,5),IF(AND(H475>1997,H475<2000),VLOOKUP(I475,Feuil1!$G$11:$L$25,4),IF(AND(H475>1999,H475<2002),VLOOKUP(I475,Feuil1!$G$11:$L$25,3),VLOOKUP(I475,Feuil1!$G$11:$L$25,2)))))))","v":"S77"},239.72962893430235,null," ",{"$f":"T475-HLOOKUP(X475,Feuil1!$C$1:$BL$10,2,FALSE)","v":30},{"$f":"T475-HLOOKUP(X475,Feuil1!$C$1:$BL$10,3,FALSE)","v":10},{"$f":"T475-HLOOKUP(X475,Feuil1!$C$1:$BL$10,4,FALSE)","v":-10},{"$f":"T475-HLOOKUP(X475,Feuil1!$C$1:$BL$10,5,FALSE)","v":-30},{"$f":"T475-HLOOKUP(X475,Feuil1!$C$1:$BL$10,6,FALSE)","v":-60},{"$f":"T475-HLOOKUP(X475,Feuil1!$C$1:$BL$10,7,FALSE)","v":-85},{"$f":"T475-HLOOKUP(X475,Feuil1!$C$1:$BL$10,8,FALSE)","v":-105},{"$f":"T475-HLOOKUP(X475,Feuil1!$C$1:$BL$10,9,FALSE)","v":-125},{"$f":"T475-HLOOKUP(X475,Feuil1!$C$1:$BL$10,10,FALSE)","v":-140},null,null,null,null,null,null,"DEP +"]
["H","N","IDF",159,243051,"GRANDJON","GAUTHIER fils",1989,70.2,"CACHAN","F",75,80,-85,80,90,95,100,100,180,39.599999999999994,"DEP +",10,{"$f":"IF(I476=\"\",\"\",IF(A476=\"H\",IF(OR(H476=\"SEN\",H476<1995),VLOOKUP(I476,Feuil1!$A$11:$F$29,6),IF(AND(H476>1994,H476<1998),VLOOKUP(I476,Feuil1!$A$11:$F$29,5),IF(AND(H476>1997,H476<2000),VLOOKUP(I476,Feuil1!$A$11:$F$29,4),IF(AND(H476>1999,H476<2002),VLOOKUP(I476,Feuil1!$A$11:$F$29,3),VLOOKUP(I476,Feuil1!$A$11:$F$29,2))))),IF(OR(H476=\"SEN\",H476<1995),VLOOKUP(I476,Feuil1!$G$11:$L$25,6),IF(AND(H476>1994,H476<1998),VLOOKUP(I476,Feuil1!$G$11:$L$25,5),IF(AND(H476>1997,H476<2000),VLOOKUP(I476,Feuil1!$G$11:$L$25,4),IF(AND(H476>1999,H476<2002),VLOOKUP(I476,Feuil1!$G$11:$L$25,3),VLOOKUP(I476,Feuil1!$G$11:$L$25,2)))))))","v":"S77"},239.5149971240026,null," ",{"$f":"T476-HLOOKUP(X476,Feuil1!$C$1:$BL$10,2,FALSE)","v":30},{"$f":"T476-HLOOKUP(X476,Feuil1!$C$1:$BL$10,3,FALSE)","v":10},{"$f":"T476-HLOOKUP(X476,Feuil1!$C$1:$BL$10,4,FALSE)","v":-10},{"$f":"T476-HLOOKUP(X476,Feuil1!$C$1:$BL$10,5,FALSE)","v":-30},{"$f":"T476-HLOOKUP(X476,Feuil1!$C$1:$BL$10,6,FALSE)","v":-60},{"$f":"T476-HLOOKUP(X476,Feuil1!$C$1:$BL$10,7,FALSE)","v":-85},{"$f":"T476-HLOOKUP(X476,Feuil1!$C$1:$BL$10,8,FALSE)","v":-105},{"$f":"T476-HLOOKUP(X476,Feuil1!$C$1:$BL$10,9,FALSE)","v":-125},{"$f":"T476-HLOOKUP(X476,Feuil1!$C$1:$BL$10,10,FALSE)","v":-140},null,null,null,null,null,null,"DEP +"]
["H","ZCO","BRE",160,383807,"HAMON","Thierry",1985,72.599999999999994,"SC Le Rheu","F",-78,78,-84,78,102,-105,-105,102,180,34.800000000000011,"DEP +",10,{"$f":"IF(I477=\"\",\"\",IF(A477=\"H\",IF(OR(H477=\"SEN\",H477<1995),VLOOKUP(I477,Feuil1!$A$11:$F$29,6),IF(AND(H477>1994,H477<1998),VLOOKUP(I477,Feuil1!$A$11:$F$29,5),IF(AND(H477>1997,H477<2000),VLOOKUP(I477,Feuil1!$A$11:$F$29,4),IF(AND(H477>1999,H477<2002),VLOOKUP(I477,Feuil1!$A$11:$F$29,3),VLOOKUP(I477,Feuil1!$A$11:$F$29,2))))),IF(OR(H477=\"SEN\",H477<1995),VLOOKUP(I477,Feuil1!$G$11:$L$25,6),IF(AND(H477>1994,H477<1998),VLOOKUP(I477,Feuil1!$G$11:$L$25,5),IF(AND(H477>1997,H477<2000),VLOOKUP(I477,Feuil1!$G$11:$L$25,4),IF(AND(H477>1999,H477<2002),VLOOKUP(I477,Feuil1!$G$11:$L$25,3),VLOOKUP(I477,Feuil1!$G$11:$L$25,2)))))))","v":"S77"},234.60418523224624,null," ",{"$f":"T477-HLOOKUP(X477,Feuil1!$C$1:$BL$10,2,FALSE)","v":30},{"$f":"T477-HLOOKUP(X477,Feuil1!$C$1:$BL$10,3,FALSE)","v":10},{"$f":"T477-HLOOKUP(X477,Feuil1!$C$1:$BL$10,4,FALSE)","v":-10},{"$f":"T477-HLOOKUP(X477,Feuil1!$C$1:$BL$10,5,FALSE)","v":-30},{"$f":"T477-HLOOKUP(X477,Feuil1!$C$1:$BL$10,6,FALSE)","v":-60},{"$f":"T477-HLOOKUP(X477,Feuil1!$C$1:$BL$10,7,FALSE)","v":-85},{"$f":"T477-HLOOKUP(X477,Feuil1!$C$1:$BL$10,8,FALSE)","v":-105},{"$f":"T477-HLOOKUP(X477,Feuil1!$C$1:$BL$10,9,FALSE)","v":-125},{"$f":"T477-HLOOKUP(X477,Feuil1!$C$1:$BL$10,10,FALSE)","v":-140},null,null,null,null,null,null,"DEP +"]
["H","SEST","AUV",161,375910,"LEVEQUE","Julien",1982,72.900000000000006,"CHM AURILLAC",null,75,-80,80,80,100,-105,-105,100,180,34.199999999999989,"DEP +",10,{"$f":"IF(I478=\"\",\"\",IF(A478=\"H\",IF(OR(H478=\"SEN\",H478<1995),VLOOKUP(I478,Feuil1!$A$11:$F$29,6),IF(AND(H478>1994,H478<1998),VLOOKUP(I478,Feuil1!$A$11:$F$29,5),IF(AND(H478>1997,H478<2000),VLOOKUP(I478,Feuil1!$A$11:$F$29,4),IF(AND(H478>1999,H478<2002),VLOOKUP(I478,Feuil1!$A$11:$F$29,3),VLOOKUP(I478,Feuil1!$A$11:$F$29,2))))),IF(OR(H478=\"SEN\",H478<1995),VLOOKUP(I478,Feuil1!$G$11:$L$25,6),IF(AND(H478>1994,H478<1998),VLOOKUP(I478,Feuil1!$G$11:$L$25,5),IF(AND(H478>1997,H478<2000),VLOOKUP(I478,Feuil1!$G$11:$L$25,4),IF(AND(H478>1999,H478<2002),VLOOKUP(I478,Feuil1!$G$11:$L$25,3),VLOOKUP(I478,Feuil1!$G$11:$L$25,2)))))))","v":"S77"},234.02132012507479,null," ",{"$f":"T478-HLOOKUP(X478,Feuil1!$C$1:$BL$10,2,FALSE)","v":30},{"$f":"T478-HLOOKUP(X478,Feuil1!$C$1:$BL$10,3,FALSE)","v":10},{"$f":"T478-HLOOKUP(X478,Feuil1!$C$1:$BL$10,4,FALSE)","v":-10},{"$f":"T478-HLOOKUP(X478,Feuil1!$C$1:$BL$10,5,FALSE)","v":-30},{"$f":"T478-HLOOKUP(X478,Feuil1!$C$1:$BL$10,6,FALSE)","v":-60},{"$f":"T478-HLOOKUP(X478,Feuil1!$C$1:$BL$10,7,FALSE)","v":-85},{"$f":"T478-HLOOKUP(X478,Feuil1!$C$1:$BL$10,8,FALSE)","v":-105},{"$f":"T478-HLOOKUP(X478,Feuil1!$C$1:$BL$10,9,FALSE)","v":-125},{"$f":"T478-HLOOKUP(X478,Feuil1!$C$1:$BL$10,10,FALSE)","v":-140},null,null,null,null,null,null,"DEP +"]
["H","ZCO","CEN",162,389989,"HENYENGUE","Justin",1987,73.5,"US Tours","F",70,75,80,80,90,95,100,100,180,33,"DEP +",10,{"$f":"IF(I479=\"\",\"\",IF(A479=\"H\",IF(OR(H479=\"SEN\",H479<1995),VLOOKUP(I479,Feuil1!$A$11:$F$29,6),IF(AND(H479>1994,H479<1998),VLOOKUP(I479,Feuil1!$A$11:$F$29,5),IF(AND(H479>1997,H479<2000),VLOOKUP(I479,Feuil1!$A$11:$F$29,4),IF(AND(H479>1999,H479<2002),VLOOKUP(I479,Feuil1!$A$11:$F$29,3),VLOOKUP(I479,Feuil1!$A$11:$F$29,2))))),IF(OR(H479=\"SEN\",H479<1995),VLOOKUP(I479,Feuil1!$G$11:$L$25,6),IF(AND(H479>1994,H479<1998),VLOOKUP(I479,Feuil1!$G$11:$L$25,5),IF(AND(H479>1997,H479<2000),VLOOKUP(I479,Feuil1!$G$11:$L$25,4),IF(AND(H479>1999,H479<2002),VLOOKUP(I479,Feuil1!$G$11:$L$25,3),VLOOKUP(I479,Feuil1!$G$11:$L$25,2)))))))","v":"S77"},232.87516096544229,null," ",{"$f":"T479-HLOOKUP(X479,Feuil1!$C$1:$BL$10,2,FALSE)","v":30},{"$f":"T479-HLOOKUP(X479,Feuil1!$C$1:$BL$10,3,FALSE)","v":10},{"$f":"T479-HLOOKUP(X479,Feuil1!$C$1:$BL$10,4,FALSE)","v":-10},{"$f":"T479-HLOOKUP(X479,Feuil1!$C$1:$BL$10,5,FALSE)","v":-30},{"$f":"T479-HLOOKUP(X479,Feuil1!$C$1:$BL$10,6,FALSE)","v":-60},{"$f":"T479-HLOOKUP(X479,Feuil1!$C$1:$BL$10,7,FALSE)","v":-85},{"$f":"T479-HLOOKUP(X479,Feuil1!$C$1:$BL$10,8,FALSE)","v":-105},{"$f":"T479-HLOOKUP(X479,Feuil1!$C$1:$BL$10,9,FALSE)","v":-125},{"$f":"T479-HLOOKUP(X479,Feuil1!$C$1:$BL$10,10,FALSE)","v":-140},null,null,null,null,null,null,"DEP +"]
["H","DOM","REU",163,372871,"NYSSEN","MICHAEL",1976,75.650000000000006,"CH TAMPON","BEL",75,80,-85,80,95,-100,100,100,180,28.699999999999989,"DEP +",10,{"$f":"IF(I480=\"\",\"\",IF(A480=\"H\",IF(OR(H480=\"SEN\",H480<1995),VLOOKUP(I480,Feuil1!$A$11:$F$29,6),IF(AND(H480>1994,H480<1998),VLOOKUP(I480,Feuil1!$A$11:$F$29,5),IF(AND(H480>1997,H480<2000),VLOOKUP(I480,Feuil1!$A$11:$F$29,4),IF(AND(H480>1999,H480<2002),VLOOKUP(I480,Feuil1!$A$11:$F$29,3),VLOOKUP(I480,Feuil1!$A$11:$F$29,2))))),IF(OR(H480=\"SEN\",H480<1995),VLOOKUP(I480,Feuil1!$G$11:$L$25,6),IF(AND(H480>1994,H480<1998),VLOOKUP(I480,Feuil1!$G$11:$L$25,5),IF(AND(H480>1997,H480<2000),VLOOKUP(I480,Feuil1!$G$11:$L$25,4),IF(AND(H480>1999,H480<2002),VLOOKUP(I480,Feuil1!$G$11:$L$25,3),VLOOKUP(I480,Feuil1!$G$11:$L$25,2)))))))","v":"S77"},228.97229398154616,null," ",{"$f":"T480-HLOOKUP(X480,Feuil1!$C$1:$BL$10,2,FALSE)","v":30},{"$f":"T480-HLOOKUP(X480,Feuil1!$C$1:$BL$10,3,FALSE)","v":10},{"$f":"T480-HLOOKUP(X480,Feuil1!$C$1:$BL$10,4,FALSE)","v":-10},{"$f":"T480-HLOOKUP(X480,Feuil1!$C$1:$BL$10,5,FALSE)","v":-30},{"$f":"T480-HLOOKUP(X480,Feuil1!$C$1:$BL$10,6,FALSE)","v":-60},{"$f":"T480-HLOOKUP(X480,Feuil1!$C$1:$BL$10,7,FALSE)","v":-85},{"$f":"T480-HLOOKUP(X480,Feuil1!$C$1:$BL$10,8,FALSE)","v":-105},{"$f":"T480-HLOOKUP(X480,Feuil1!$C$1:$BL$10,9,FALSE)","v":-125},{"$f":"T480-HLOOKUP(X480,Feuil1!$C$1:$BL$10,10,FALSE)","v":-140},null,null,null,null,null,null,"DEP +"]
["H","N","IDF",164,11141,"GAUDIAU","DAVID",1970,75.900000000000006,"CHAVILLE","F",75,80,-85,80,95,100,-105,100,180,28.199999999999989,"DEP +",10,{"$f":"IF(I481=\"\",\"\",IF(A481=\"H\",IF(OR(H481=\"SEN\",H481<1995),VLOOKUP(I481,Feuil1!$A$11:$F$29,6),IF(AND(H481>1994,H481<1998),VLOOKUP(I481,Feuil1!$A$11:$F$29,5),IF(AND(H481>1997,H481<2000),VLOOKUP(I481,Feuil1!$A$11:$F$29,4),IF(AND(H481>1999,H481<2002),VLOOKUP(I481,Feuil1!$A$11:$F$29,3),VLOOKUP(I481,Feuil1!$A$11:$F$29,2))))),IF(OR(H481=\"SEN\",H481<1995),VLOOKUP(I481,Feuil1!$G$11:$L$25,6),IF(AND(H481>1994,H481<1998),VLOOKUP(I481,Feuil1!$G$11:$L$25,5),IF(AND(H481>1997,H481<2000),VLOOKUP(I481,Feuil1!$G$11:$L$25,4),IF(AND(H481>1999,H481<2002),VLOOKUP(I481,Feuil1!$G$11:$L$25,3),VLOOKUP(I481,Feuil1!$G$11:$L$25,2)))))))","v":"S77"},228.53823896694468,null," ",{"$f":"T481-HLOOKUP(X481,Feuil1!$C$1:$BL$10,2,FALSE)","v":30},{"$f":"T481-HLOOKUP(X481,Feuil1!$C$1:$BL$10,3,FALSE)","v":10},{"$f":"T481-HLOOKUP(X481,Feuil1!$C$1:$BL$10,4,FALSE)","v":-10},{"$f":"T481-HLOOKUP(X481,Feuil1!$C$1:$BL$10,5,FALSE)","v":-30},{"$f":"T481-HLOOKUP(X481,Feuil1!$C$1:$BL$10,6,FALSE)","v":-60},{"$f":"T481-HLOOKUP(X481,Feuil1!$C$1:$BL$10,7,FALSE)","v":-85},{"$f":"T481-HLOOKUP(X481,Feuil1!$C$1:$BL$10,8,FALSE)","v":-105},{"$f":"T481-HLOOKUP(X481,Feuil1!$C$1:$BL$10,9,FALSE)","v":-125},{"$f":"T481-HLOOKUP(X481,Feuil1!$C$1:$BL$10,10,FALSE)","v":-140},null,null,null,null,null,null,"DEP +"]
["H","NE","BOU",165,376657,"RAMEL","Pascal",1971,76,"HMDB21","F",70,75,80,80,85,95,100,100,180,28,"DEP +",10,{"$f":"IF(I482=\"\",\"\",IF(A482=\"H\",IF(OR(H482=\"SEN\",H482<1995),VLOOKUP(I482,Feuil1!$A$11:$F$29,6),IF(AND(H482>1994,H482<1998),VLOOKUP(I482,Feuil1!$A$11:$F$29,5),IF(AND(H482>1997,H482<2000),VLOOKUP(I482,Feuil1!$A$11:$F$29,4),IF(AND(H482>1999,H482<2002),VLOOKUP(I482,Feuil1!$A$11:$F$29,3),VLOOKUP(I482,Feuil1!$A$11:$F$29,2))))),IF(OR(H482=\"SEN\",H482<1995),VLOOKUP(I482,Feuil1!$G$11:$L$25,6),IF(AND(H482>1994,H482<1998),VLOOKUP(I482,Feuil1!$G$11:$L$25,5),IF(AND(H482>1997,H482<2000),VLOOKUP(I482,Feuil1!$G$11:$L$25,4),IF(AND(H482>1999,H482<2002),VLOOKUP(I482,Feuil1!$G$11:$L$25,3),VLOOKUP(I482,Feuil1!$G$11:$L$25,2)))))))","v":"S77"},228.36572574559457,null," ",{"$f":"T482-HLOOKUP(X482,Feuil1!$C$1:$BL$10,2,FALSE)","v":30},{"$f":"T482-HLOOKUP(X482,Feuil1!$C$1:$BL$10,3,FALSE)","v":10},{"$f":"T482-HLOOKUP(X482,Feuil1!$C$1:$BL$10,4,FALSE)","v":-10},{"$f":"T482-HLOOKUP(X482,Feuil1!$C$1:$BL$10,5,FALSE)","v":-30},{"$f":"T482-HLOOKUP(X482,Feuil1!$C$1:$BL$10,6,FALSE)","v":-60},{"$f":"T482-HLOOKUP(X482,Feuil1!$C$1:$BL$10,7,FALSE)","v":-85},{"$f":"T482-HLOOKUP(X482,Feuil1!$C$1:$BL$10,8,FALSE)","v":-105},{"$f":"T482-HLOOKUP(X482,Feuil1!$C$1:$BL$10,9,FALSE)","v":-125},{"$f":"T482-HLOOKUP(X482,Feuil1!$C$1:$BL$10,10,FALSE)","v":-140},null,null,null,null,null,null,"DEP +"]
["H","ZCO","BRE",166,264927,"LEBON","Frédéric",1975,76.099999999999994,"Vannes AC","F",72,76,79,79,94,97,101,101,180,27.800000000000011,"DEP +",10,{"$f":"IF(I483=\"\",\"\",IF(A483=\"H\",IF(OR(H483=\"SEN\",H483<1995),VLOOKUP(I483,Feuil1!$A$11:$F$29,6),IF(AND(H483>1994,H483<1998),VLOOKUP(I483,Feuil1!$A$11:$F$29,5),IF(AND(H483>1997,H483<2000),VLOOKUP(I483,Feuil1!$A$11:$F$29,4),IF(AND(H483>1999,H483<2002),VLOOKUP(I483,Feuil1!$A$11:$F$29,3),VLOOKUP(I483,Feuil1!$A$11:$F$29,2))))),IF(OR(H483=\"SEN\",H483<1995),VLOOKUP(I483,Feuil1!$G$11:$L$25,6),IF(AND(H483>1994,H483<1998),VLOOKUP(I483,Feuil1!$G$11:$L$25,5),IF(AND(H483>1997,H483<2000),VLOOKUP(I483,Feuil1!$G$11:$L$25,4),IF(AND(H483>1999,H483<2002),VLOOKUP(I483,Feuil1!$G$11:$L$25,3),VLOOKUP(I483,Feuil1!$G$11:$L$25,2)))))))","v":"S77"},228.19384174114995,null," ",{"$f":"T483-HLOOKUP(X483,Feuil1!$C$1:$BL$10,2,FALSE)","v":30},{"$f":"T483-HLOOKUP(X483,Feuil1!$C$1:$BL$10,3,FALSE)","v":10},{"$f":"T483-HLOOKUP(X483,Feuil1!$C$1:$BL$10,4,FALSE)","v":-10},{"$f":"T483-HLOOKUP(X483,Feuil1!$C$1:$BL$10,5,FALSE)","v":-30},{"$f":"T483-HLOOKUP(X483,Feuil1!$C$1:$BL$10,6,FALSE)","v":-60},{"$f":"T483-HLOOKUP(X483,Feuil1!$C$1:$BL$10,7,FALSE)","v":-85},{"$f":"T483-HLOOKUP(X483,Feuil1!$C$1:$BL$10,8,FALSE)","v":-105},{"$f":"T483-HLOOKUP(X483,Feuil1!$C$1:$BL$10,9,FALSE)","v":-125},{"$f":"T483-HLOOKUP(X483,Feuil1!$C$1:$BL$10,10,FALSE)","v":-140},null,null,null,null,null,null,"DEP +"]
["H","CO","PDL",167,383719,"BEZI","Franck",1967,76.900000000000006,"SGTAngers","F",75,80,-85,80,95,100,-105,100,180,26.199999999999989,"DEP +",10,{"$f":"IF(I484=\"\",\"\",IF(A484=\"H\",IF(OR(H484=\"SEN\",H484<1995),VLOOKUP(I484,Feuil1!$A$11:$F$29,6),IF(AND(H484>1994,H484<1998),VLOOKUP(I484,Feuil1!$A$11:$F$29,5),IF(AND(H484>1997,H484<2000),VLOOKUP(I484,Feuil1!$A$11:$F$29,4),IF(AND(H484>1999,H484<2002),VLOOKUP(I484,Feuil1!$A$11:$F$29,3),VLOOKUP(I484,Feuil1!$A$11:$F$29,2))))),IF(OR(H484=\"SEN\",H484<1995),VLOOKUP(I484,Feuil1!$G$11:$L$25,6),IF(AND(H484>1994,H484<1998),VLOOKUP(I484,Feuil1!$G$11:$L$25,5),IF(AND(H484>1997,H484<2000),VLOOKUP(I484,Feuil1!$G$11:$L$25,4),IF(AND(H484>1999,H484<2002),VLOOKUP(I484,Feuil1!$G$11:$L$25,3),VLOOKUP(I484,Feuil1!$G$11:$L$25,2)))))))","v":"S77"},226.8410781400359,null," ",{"$f":"T484-HLOOKUP(X484,Feuil1!$C$1:$BL$10,2,FALSE)","v":30},{"$f":"T484-HLOOKUP(X484,Feuil1!$C$1:$BL$10,3,FALSE)","v":10},{"$f":"T484-HLOOKUP(X484,Feuil1!$C$1:$BL$10,4,FALSE)","v":-10},{"$f":"T484-HLOOKUP(X484,Feuil1!$C$1:$BL$10,5,FALSE)","v":-30},{"$f":"T484-HLOOKUP(X484,Feuil1!$C$1:$BL$10,6,FALSE)","v":-60},{"$f":"T484-HLOOKUP(X484,Feuil1!$C$1:$BL$10,7,FALSE)","v":-85},{"$f":"T484-HLOOKUP(X484,Feuil1!$C$1:$BL$10,8,FALSE)","v":-105},{"$f":"T484-HLOOKUP(X484,Feuil1!$C$1:$BL$10,9,FALSE)","v":-125},{"$f":"T484-HLOOKUP(X484,Feuil1!$C$1:$BL$10,10,FALSE)","v":-140},null,null,null,null,null,null,"DEP +"]
["H","N","IDF",168,355314,"VOTHANH","DANNY",1988,73.7,"AS BALNEOLITAINE","F",-75,75,82,82,-90,90,97,97,179,31.599999999999994,"DEP +",9,{"$f":"IF(I485=\"\",\"\",IF(A485=\"H\",IF(OR(H485=\"SEN\",H485<1995),VLOOKUP(I485,Feuil1!$A$11:$F$29,6),IF(AND(H485>1994,H485<1998),VLOOKUP(I485,Feuil1!$A$11:$F$29,5),IF(AND(H485>1997,H485<2000),VLOOKUP(I485,Feuil1!$A$11:$F$29,4),IF(AND(H485>1999,H485<2002),VLOOKUP(I485,Feuil1!$A$11:$F$29,3),VLOOKUP(I485,Feuil1!$A$11:$F$29,2))))),IF(OR(H485=\"SEN\",H485<1995),VLOOKUP(I485,Feuil1!$G$11:$L$25,6),IF(AND(H485>1994,H485<1998),VLOOKUP(I485,Feuil1!$G$11:$L$25,5),IF(AND(H485>1997,H485<2000),VLOOKUP(I485,Feuil1!$G$11:$L$25,4),IF(AND(H485>1999,H485<2002),VLOOKUP(I485,Feuil1!$G$11:$L$25,3),VLOOKUP(I485,Feuil1!$G$11:$L$25,2)))))))","v":"S77"},231.20714530185498,null," ",{"$f":"T485-HLOOKUP(X485,Feuil1!$C$1:$BL$10,2,FALSE)","v":29},{"$f":"T485-HLOOKUP(X485,Feuil1!$C$1:$BL$10,3,FALSE)","v":9},{"$f":"T485-HLOOKUP(X485,Feuil1!$C$1:$BL$10,4,FALSE)","v":-11},{"$f":"T485-HLOOKUP(X485,Feuil1!$C$1:$BL$10,5,FALSE)","v":-31},{"$f":"T485-HLOOKUP(X485,Feuil1!$C$1:$BL$10,6,FALSE)","v":-61},{"$f":"T485-HLOOKUP(X485,Feuil1!$C$1:$BL$10,7,FALSE)","v":-86},{"$f":"T485-HLOOKUP(X485,Feuil1!$C$1:$BL$10,8,FALSE)","v":-106},{"$f":"T485-HLOOKUP(X485,Feuil1!$C$1:$BL$10,9,FALSE)","v":-126},{"$f":"T485-HLOOKUP(X485,Feuil1!$C$1:$BL$10,10,FALSE)","v":-141},null,null,null,null,null,null,"DEP +"]
["H","N","IDF",169,356183,"SOULAS","THOMAS",1992,75.8,"SAINT-MAUR","F",75,80,81,81,-95,95,98,98,179,27.400000000000006,"DEP +",9,{"$f":"IF(I486=\"\",\"\",IF(A486=\"H\",IF(OR(H486=\"SEN\",H486<1995),VLOOKUP(I486,Feuil1!$A$11:$F$29,6),IF(AND(H486>1994,H486<1998),VLOOKUP(I486,Feuil1!$A$11:$F$29,5),IF(AND(H486>1997,H486<2000),VLOOKUP(I486,Feuil1!$A$11:$F$29,4),IF(AND(H486>1999,H486<2002),VLOOKUP(I486,Feuil1!$A$11:$F$29,3),VLOOKUP(I486,Feuil1!$A$11:$F$29,2))))),IF(OR(H486=\"SEN\",H486<1995),VLOOKUP(I486,Feuil1!$G$11:$L$25,6),IF(AND(H486>1994,H486<1998),VLOOKUP(I486,Feuil1!$G$11:$L$25,5),IF(AND(H486>1997,H486<2000),VLOOKUP(I486,Feuil1!$G$11:$L$25,4),IF(AND(H486>1999,H486<2002),VLOOKUP(I486,Feuil1!$G$11:$L$25,3),VLOOKUP(I486,Feuil1!$G$11:$L$25,2)))))))","v":"S77"},227.44076551293341,null," ",{"$f":"T486-HLOOKUP(X486,Feuil1!$C$1:$BL$10,2,FALSE)","v":29},{"$f":"T486-HLOOKUP(X486,Feuil1!$C$1:$BL$10,3,FALSE)","v":9},{"$f":"T486-HLOOKUP(X486,Feuil1!$C$1:$BL$10,4,FALSE)","v":-11},{"$f":"T486-HLOOKUP(X486,Feuil1!$C$1:$BL$10,5,FALSE)","v":-31},{"$f":"T486-HLOOKUP(X486,Feuil1!$C$1:$BL$10,6,FALSE)","v":-61},{"$f":"T486-HLOOKUP(X486,Feuil1!$C$1:$BL$10,7,FALSE)","v":-86},{"$f":"T486-HLOOKUP(X486,Feuil1!$C$1:$BL$10,8,FALSE)","v":-106},{"$f":"T486-HLOOKUP(X486,Feuil1!$C$1:$BL$10,9,FALSE)","v":-126},{"$f":"T486-HLOOKUP(X486,Feuil1!$C$1:$BL$10,10,FALSE)","v":-141},null,null,null,null,null,null,"DEP +"]
["H","NE","FCO",170,37997,"BOURDENET","Cyrille",1964,76.45,"LF Besançon","F",75,79,-82,79,95,100,-102,100,179,26.099999999999994,"DEP +",9,{"$f":"IF(I487=\"\",\"\",IF(A487=\"H\",IF(OR(H487=\"SEN\",H487<1995),VLOOKUP(I487,Feuil1!$A$11:$F$29,6),IF(AND(H487>1994,H487<1998),VLOOKUP(I487,Feuil1!$A$11:$F$29,5),IF(AND(H487>1997,H487<2000),VLOOKUP(I487,Feuil1!$A$11:$F$29,4),IF(AND(H487>1999,H487<2002),VLOOKUP(I487,Feuil1!$A$11:$F$29,3),VLOOKUP(I487,Feuil1!$A$11:$F$29,2))))),IF(OR(H487=\"SEN\",H487<1995),VLOOKUP(I487,Feuil1!$G$11:$L$25,6),IF(AND(H487>1994,H487<1998),VLOOKUP(I487,Feuil1!$G$11:$L$25,5),IF(AND(H487>1997,H487<2000),VLOOKUP(I487,Feuil1!$G$11:$L$25,4),IF(AND(H487>1999,H487<2002),VLOOKUP(I487,Feuil1!$G$11:$L$25,3),VLOOKUP(I487,Feuil1!$G$11:$L$25,2)))))))","v":"S77"},226.33273254217499,null," ",{"$f":"T487-HLOOKUP(X487,Feuil1!$C$1:$BL$10,2,FALSE)","v":29},{"$f":"T487-HLOOKUP(X487,Feuil1!$C$1:$BL$10,3,FALSE)","v":9},{"$f":"T487-HLOOKUP(X487,Feuil1!$C$1:$BL$10,4,FALSE)","v":-11},{"$f":"T487-HLOOKUP(X487,Feuil1!$C$1:$BL$10,5,FALSE)","v":-31},{"$f":"T487-HLOOKUP(X487,Feuil1!$C$1:$BL$10,6,FALSE)","v":-61},{"$f":"T487-HLOOKUP(X487,Feuil1!$C$1:$BL$10,7,FALSE)","v":-86},{"$f":"T487-HLOOKUP(X487,Feuil1!$C$1:$BL$10,8,FALSE)","v":-106},{"$f":"T487-HLOOKUP(X487,Feuil1!$C$1:$BL$10,9,FALSE)","v":-126},{"$f":"T487-HLOOKUP(X487,Feuil1!$C$1:$BL$10,10,FALSE)","v":-141},null,null,null,null,null,null,"DEP +"]
["H","NE","BOU",171,342482,"DEBROSSES","Samuel",1987,77,"HMDB21","F",68,72,74,74,98,102,105,105,179,25,"DEP +",9,{"$f":"IF(I488=\"\",\"\",IF(A488=\"H\",IF(OR(H488=\"SEN\",H488<1995),VLOOKUP(I488,Feuil1!$A$11:$F$29,6),IF(AND(H488>1994,H488<1998),VLOOKUP(I488,Feuil1!$A$11:$F$29,5),IF(AND(H488>1997,H488<2000),VLOOKUP(I488,Feuil1!$A$11:$F$29,4),IF(AND(H488>1999,H488<2002),VLOOKUP(I488,Feuil1!$A$11:$F$29,3),VLOOKUP(I488,Feuil1!$A$11:$F$29,2))))),IF(OR(H488=\"SEN\",H488<1995),VLOOKUP(I488,Feuil1!$G$11:$L$25,6),IF(AND(H488>1994,H488<1998),VLOOKUP(I488,Feuil1!$G$11:$L$25,5),IF(AND(H488>1997,H488<2000),VLOOKUP(I488,Feuil1!$G$11:$L$25,4),IF(AND(H488>1999,H488<2002),VLOOKUP(I488,Feuil1!$G$11:$L$25,3),VLOOKUP(I488,Feuil1!$G$11:$L$25,2)))))))","v":"S77"},225.41542497991949,null," ",{"$f":"T488-HLOOKUP(X488,Feuil1!$C$1:$BL$10,2,FALSE)","v":29},{"$f":"T488-HLOOKUP(X488,Feuil1!$C$1:$BL$10,3,FALSE)","v":9},{"$f":"T488-HLOOKUP(X488,Feuil1!$C$1:$BL$10,4,FALSE)","v":-11},{"$f":"T488-HLOOKUP(X488,Feuil1!$C$1:$BL$10,5,FALSE)","v":-31},{"$f":"T488-HLOOKUP(X488,Feuil1!$C$1:$BL$10,6,FALSE)","v":-61},{"$f":"T488-HLOOKUP(X488,Feuil1!$C$1:$BL$10,7,FALSE)","v":-86},{"$f":"T488-HLOOKUP(X488,Feuil1!$C$1:$BL$10,8,FALSE)","v":-106},{"$f":"T488-HLOOKUP(X488,Feuil1!$C$1:$BL$10,9,FALSE)","v":-126},{"$f":"T488-HLOOKUP(X488,Feuil1!$C$1:$BL$10,10,FALSE)","v":-141},null,null,null,null,null,null,"DEP +"]
["H","SEST","RAL",172,96299,"CHAZELLE","Mathieu",1989,69.2,"Charlieu","F",75,79,83,83,90,95,"_",95,178,39.599999999999994,"DEP +",8,{"$f":"IF(I489=\"\",\"\",IF(A489=\"H\",IF(OR(H489=\"SEN\",H489<1995),VLOOKUP(I489,Feuil1!$A$11:$F$29,6),IF(AND(H489>1994,H489<1998),VLOOKUP(I489,Feuil1!$A$11:$F$29,5),IF(AND(H489>1997,H489<2000),VLOOKUP(I489,Feuil1!$A$11:$F$29,4),IF(AND(H489>1999,H489<2002),VLOOKUP(I489,Feuil1!$A$11:$F$29,3),VLOOKUP(I489,Feuil1!$A$11:$F$29,2))))),IF(OR(H489=\"SEN\",H489<1995),VLOOKUP(I489,Feuil1!$G$11:$L$25,6),IF(AND(H489>1994,H489<1998),VLOOKUP(I489,Feuil1!$G$11:$L$25,5),IF(AND(H489>1997,H489<2000),VLOOKUP(I489,Feuil1!$G$11:$L$25,4),IF(AND(H489>1999,H489<2002),VLOOKUP(I489,Feuil1!$G$11:$L$25,3),VLOOKUP(I489,Feuil1!$G$11:$L$25,2)))))))","v":"S77"},239.01391275212023,null," ",{"$f":"T489-HLOOKUP(X489,Feuil1!$C$1:$BL$10,2,FALSE)","v":28},{"$f":"T489-HLOOKUP(X489,Feuil1!$C$1:$BL$10,3,FALSE)","v":8},{"$f":"T489-HLOOKUP(X489,Feuil1!$C$1:$BL$10,4,FALSE)","v":-12},{"$f":"T489-HLOOKUP(X489,Feuil1!$C$1:$BL$10,5,FALSE)","v":-32},{"$f":"T489-HLOOKUP(X489,Feuil1!$C$1:$BL$10,6,FALSE)","v":-62},{"$f":"T489-HLOOKUP(X489,Feuil1!$C$1:$BL$10,7,FALSE)","v":-87},{"$f":"T489-HLOOKUP(X489,Feuil1!$C$1:$BL$10,8,FALSE)","v":-107},{"$f":"T489-HLOOKUP(X489,Feuil1!$C$1:$BL$10,9,FALSE)","v":-127},{"$f":"T489-HLOOKUP(X489,Feuil1!$C$1:$BL$10,10,FALSE)","v":-142},null,null,null,null,null,null,"DEP +"]
["H","NE","ALS",173,66630,"DIEBOLD","ERIC",73,75.180000000000007,"ASPTT Strasbourg","F",74,78,81,81,-93,93,97,97,178,27.639999999999986,"DEP +",8,{"$f":"IF(I490=\"\",\"\",IF(A490=\"H\",IF(OR(H490=\"SEN\",H490<1995),VLOOKUP(I490,Feuil1!$A$11:$F$29,6),IF(AND(H490>1994,H490<1998),VLOOKUP(I490,Feuil1!$A$11:$F$29,5),IF(AND(H490>1997,H490<2000),VLOOKUP(I490,Feuil1!$A$11:$F$29,4),IF(AND(H490>1999,H490<2002),VLOOKUP(I490,Feuil1!$A$11:$F$29,3),VLOOKUP(I490,Feuil1!$A$11:$F$29,2))))),IF(OR(H490=\"SEN\",H490<1995),VLOOKUP(I490,Feuil1!$G$11:$L$25,6),IF(AND(H490>1994,H490<1998),VLOOKUP(I490,Feuil1!$G$11:$L$25,5),IF(AND(H490>1997,H490<2000),VLOOKUP(I490,Feuil1!$G$11:$L$25,4),IF(AND(H490>1999,H490<2002),VLOOKUP(I490,Feuil1!$G$11:$L$25,3),VLOOKUP(I490,Feuil1!$G$11:$L$25,2)))))))","v":"S77"},227.24585038645208,null," ",{"$f":"T490-HLOOKUP(X490,Feuil1!$C$1:$BL$10,2,FALSE)","v":28},{"$f":"T490-HLOOKUP(X490,Feuil1!$C$1:$BL$10,3,FALSE)","v":8},{"$f":"T490-HLOOKUP(X490,Feuil1!$C$1:$BL$10,4,FALSE)","v":-12},{"$f":"T490-HLOOKUP(X490,Feuil1!$C$1:$BL$10,5,FALSE)","v":-32},{"$f":"T490-HLOOKUP(X490,Feuil1!$C$1:$BL$10,6,FALSE)","v":-62},{"$f":"T490-HLOOKUP(X490,Feuil1!$C$1:$BL$10,7,FALSE)","v":-87},{"$f":"T490-HLOOKUP(X490,Feuil1!$C$1:$BL$10,8,FALSE)","v":-107},{"$f":"T490-HLOOKUP(X490,Feuil1!$C$1:$BL$10,9,FALSE)","v":-127},{"$f":"T490-HLOOKUP(X490,Feuil1!$C$1:$BL$10,10,FALSE)","v":-142},null,null,null,null,null,null,"DEP +"]
["H","NORD","PIC",174,75093,"LEDANT","John",1976,75.400000000000006,"Senlis Ligne & Forme","F",78,-81,-81,78,95,-99,100,100,178,27.199999999999989,"DEP +",8,{"$f":"IF(I491=\"\",\"\",IF(A491=\"H\",IF(OR(H491=\"SEN\",H491<1995),VLOOKUP(I491,Feuil1!$A$11:$F$29,6),IF(AND(H491>1994,H491<1998),VLOOKUP(I491,Feuil1!$A$11:$F$29,5),IF(AND(H491>1997,H491<2000),VLOOKUP(I491,Feuil1!$A$11:$F$29,4),IF(AND(H491>1999,H491<2002),VLOOKUP(I491,Feuil1!$A$11:$F$29,3),VLOOKUP(I491,Feuil1!$A$11:$F$29,2))))),IF(OR(H491=\"SEN\",H491<1995),VLOOKUP(I491,Feuil1!$G$11:$L$25,6),IF(AND(H491>1994,H491<1998),VLOOKUP(I491,Feuil1!$G$11:$L$25,5),IF(AND(H491>1997,H491<2000),VLOOKUP(I491,Feuil1!$G$11:$L$25,4),IF(AND(H491>1999,H491<2002),VLOOKUP(I491,Feuil1!$G$11:$L$25,3),VLOOKUP(I491,Feuil1!$G$11:$L$25,2)))))))","v":"S77"},226.86134194227299,null," ",{"$f":"T491-HLOOKUP(X491,Feuil1!$C$1:$BL$10,2,FALSE)","v":28},{"$f":"T491-HLOOKUP(X491,Feuil1!$C$1:$BL$10,3,FALSE)","v":8},{"$f":"T491-HLOOKUP(X491,Feuil1!$C$1:$BL$10,4,FALSE)","v":-12},{"$f":"T491-HLOOKUP(X491,Feuil1!$C$1:$BL$10,5,FALSE)","v":-32},{"$f":"T491-HLOOKUP(X491,Feuil1!$C$1:$BL$10,6,FALSE)","v":-62},{"$f":"T491-HLOOKUP(X491,Feuil1!$C$1:$BL$10,7,FALSE)","v":-87},{"$f":"T491-HLOOKUP(X491,Feuil1!$C$1:$BL$10,8,FALSE)","v":-107},{"$f":"T491-HLOOKUP(X491,Feuil1!$C$1:$BL$10,9,FALSE)","v":-127},{"$f":"T491-HLOOKUP(X491,Feuil1!$C$1:$BL$10,10,FALSE)","v":-142},null,null,null,null,null,null,"DEP +"]
["H","N","IDF",175,380680,"MAUCUIT ","LAURENT",1975,72.25,"SAINT-MAUR","F",67,72,-77,72,97,100,105,105,177,32.5,"DEP +",7,{"$f":"IF(I492=\"\",\"\",IF(A492=\"H\",IF(OR(H492=\"SEN\",H492<1995),VLOOKUP(I492,Feuil1!$A$11:$F$29,6),IF(AND(H492>1994,H492<1998),VLOOKUP(I492,Feuil1!$A$11:$F$29,5),IF(AND(H492>1997,H492<2000),VLOOKUP(I492,Feuil1!$A$11:$F$29,4),IF(AND(H492>1999,H492<2002),VLOOKUP(I492,Feuil1!$A$11:$F$29,3),VLOOKUP(I492,Feuil1!$A$11:$F$29,2))))),IF(OR(H492=\"SEN\",H492<1995),VLOOKUP(I492,Feuil1!$G$11:$L$25,6),IF(AND(H492>1994,H492<1998),VLOOKUP(I492,Feuil1!$G$11:$L$25,5),IF(AND(H492>1997,H492<2000),VLOOKUP(I492,Feuil1!$G$11:$L$25,4),IF(AND(H492>1999,H492<2002),VLOOKUP(I492,Feuil1!$G$11:$L$25,3),VLOOKUP(I492,Feuil1!$G$11:$L$25,2)))))))","v":"S77"},231.37106395862989,null," ",{"$f":"T492-HLOOKUP(X492,Feuil1!$C$1:$BL$10,2,FALSE)","v":27},{"$f":"T492-HLOOKUP(X492,Feuil1!$C$1:$BL$10,3,FALSE)","v":7},{"$f":"T492-HLOOKUP(X492,Feuil1!$C$1:$BL$10,4,FALSE)","v":-13},{"$f":"T492-HLOOKUP(X492,Feuil1!$C$1:$BL$10,5,FALSE)","v":-33},{"$f":"T492-HLOOKUP(X492,Feuil1!$C$1:$BL$10,6,FALSE)","v":-63},{"$f":"T492-HLOOKUP(X492,Feuil1!$C$1:$BL$10,7,FALSE)","v":-88},{"$f":"T492-HLOOKUP(X492,Feuil1!$C$1:$BL$10,8,FALSE)","v":-108},{"$f":"T492-HLOOKUP(X492,Feuil1!$C$1:$BL$10,9,FALSE)","v":-128},{"$f":"T492-HLOOKUP(X492,Feuil1!$C$1:$BL$10,10,FALSE)","v":-143},null,null,null,null,null,null,"DEP +"]
["H","N","IDF",176,382309,"VALMER","ANTOINE",1989,74.400000000000006,"NEUILLY","F",70,77,-83,77,90,97,100,100,177,28.199999999999989,"DEP +",7,{"$f":"IF(I493=\"\",\"\",IF(A493=\"H\",IF(OR(H493=\"SEN\",H493<1995),VLOOKUP(I493,Feuil1!$A$11:$F$29,6),IF(AND(H493>1994,H493<1998),VLOOKUP(I493,Feuil1!$A$11:$F$29,5),IF(AND(H493>1997,H493<2000),VLOOKUP(I493,Feuil1!$A$11:$F$29,4),IF(AND(H493>1999,H493<2002),VLOOKUP(I493,Feuil1!$A$11:$F$29,3),VLOOKUP(I493,Feuil1!$A$11:$F$29,2))))),IF(OR(H493=\"SEN\",H493<1995),VLOOKUP(I493,Feuil1!$G$11:$L$25,6),IF(AND(H493>1994,H493<1998),VLOOKUP(I493,Feuil1!$G$11:$L$25,5),IF(AND(H493>1997,H493<2000),VLOOKUP(I493,Feuil1!$G$11:$L$25,4),IF(AND(H493>1999,H493<2002),VLOOKUP(I493,Feuil1!$G$11:$L$25,3),VLOOKUP(I493,Feuil1!$G$11:$L$25,2)))))))","v":"S77"},227.35007384837968,null," ",{"$f":"T493-HLOOKUP(X493,Feuil1!$C$1:$BL$10,2,FALSE)","v":27},{"$f":"T493-HLOOKUP(X493,Feuil1!$C$1:$BL$10,3,FALSE)","v":7},{"$f":"T493-HLOOKUP(X493,Feuil1!$C$1:$BL$10,4,FALSE)","v":-13},{"$f":"T493-HLOOKUP(X493,Feuil1!$C$1:$BL$10,5,FALSE)","v":-33},{"$f":"T493-HLOOKUP(X493,Feuil1!$C$1:$BL$10,6,FALSE)","v":-63},{"$f":"T493-HLOOKUP(X493,Feuil1!$C$1:$BL$10,7,FALSE)","v":-88},{"$f":"T493-HLOOKUP(X493,Feuil1!$C$1:$BL$10,8,FALSE)","v":-108},{"$f":"T493-HLOOKUP(X493,Feuil1!$C$1:$BL$10,9,FALSE)","v":-128},{"$f":"T493-HLOOKUP(X493,Feuil1!$C$1:$BL$10,10,FALSE)","v":-143},null,null,null,null,null,null,"DEP +"]
["H","CO","PDL",177,355123,"AULNETTE","Jonathan",1991,75.599999999999994,"CA Evron 53","F",77,82,-84,82,90,95,-98,95,177,25.800000000000011,"DEP +",7,{"$f":"IF(I494=\"\",\"\",IF(A494=\"H\",IF(OR(H494=\"SEN\",H494<1995),VLOOKUP(I494,Feuil1!$A$11:$F$29,6),IF(AND(H494>1994,H494<1998),VLOOKUP(I494,Feuil1!$A$11:$F$29,5),IF(AND(H494>1997,H494<2000),VLOOKUP(I494,Feuil1!$A$11:$F$29,4),IF(AND(H494>1999,H494<2002),VLOOKUP(I494,Feuil1!$A$11:$F$29,3),VLOOKUP(I494,Feuil1!$A$11:$F$29,2))))),IF(OR(H494=\"SEN\",H494<1995),VLOOKUP(I494,Feuil1!$G$11:$L$25,6),IF(AND(H494>1994,H494<1998),VLOOKUP(I494,Feuil1!$G$11:$L$25,5),IF(AND(H494>1997,H494<2000),VLOOKUP(I494,Feuil1!$G$11:$L$25,4),IF(AND(H494>1999,H494<2002),VLOOKUP(I494,Feuil1!$G$11:$L$25,3),VLOOKUP(I494,Feuil1!$G$11:$L$25,2)))))))","v":"S77"},225.24192339768075,null," ",{"$f":"T494-HLOOKUP(X494,Feuil1!$C$1:$BL$10,2,FALSE)","v":27},{"$f":"T494-HLOOKUP(X494,Feuil1!$C$1:$BL$10,3,FALSE)","v":7},{"$f":"T494-HLOOKUP(X494,Feuil1!$C$1:$BL$10,4,FALSE)","v":-13},{"$f":"T494-HLOOKUP(X494,Feuil1!$C$1:$BL$10,5,FALSE)","v":-33},{"$f":"T494-HLOOKUP(X494,Feuil1!$C$1:$BL$10,6,FALSE)","v":-63},{"$f":"T494-HLOOKUP(X494,Feuil1!$C$1:$BL$10,7,FALSE)","v":-88},{"$f":"T494-HLOOKUP(X494,Feuil1!$C$1:$BL$10,8,FALSE)","v":-108},{"$f":"T494-HLOOKUP(X494,Feuil1!$C$1:$BL$10,9,FALSE)","v":-128},{"$f":"T494-HLOOKUP(X494,Feuil1!$C$1:$BL$10,10,FALSE)","v":-143},null,null,null,null,null,null,"DEP +"]
["H","N","IDF",178,367767,"NASCIMENTO","CARLOS",1966,76,"SAINT-MAUR","F",70,75,-80,75,95,101,-107,101,176,24,"DEP +",6,{"$f":"IF(I495=\"\",\"\",IF(A495=\"H\",IF(OR(H495=\"SEN\",H495<1995),VLOOKUP(I495,Feuil1!$A$11:$F$29,6),IF(AND(H495>1994,H495<1998),VLOOKUP(I495,Feuil1!$A$11:$F$29,5),IF(AND(H495>1997,H495<2000),VLOOKUP(I495,Feuil1!$A$11:$F$29,4),IF(AND(H495>1999,H495<2002),VLOOKUP(I495,Feuil1!$A$11:$F$29,3),VLOOKUP(I495,Feuil1!$A$11:$F$29,2))))),IF(OR(H495=\"SEN\",H495<1995),VLOOKUP(I495,Feuil1!$G$11:$L$25,6),IF(AND(H495>1994,H495<1998),VLOOKUP(I495,Feuil1!$G$11:$L$25,5),IF(AND(H495>1997,H495<2000),VLOOKUP(I495,Feuil1!$G$11:$L$25,4),IF(AND(H495>1999,H495<2002),VLOOKUP(I495,Feuil1!$G$11:$L$25,3),VLOOKUP(I495,Feuil1!$G$11:$L$25,2)))))))","v":"S77"},223.29093184013692,null," ",{"$f":"T495-HLOOKUP(X495,Feuil1!$C$1:$BL$10,2,FALSE)","v":26},{"$f":"T495-HLOOKUP(X495,Feuil1!$C$1:$BL$10,3,FALSE)","v":6},{"$f":"T495-HLOOKUP(X495,Feuil1!$C$1:$BL$10,4,FALSE)","v":-14},{"$f":"T495-HLOOKUP(X495,Feuil1!$C$1:$BL$10,5,FALSE)","v":-34},{"$f":"T495-HLOOKUP(X495,Feuil1!$C$1:$BL$10,6,FALSE)","v":-64},{"$f":"T495-HLOOKUP(X495,Feuil1!$C$1:$BL$10,7,FALSE)","v":-89},{"$f":"T495-HLOOKUP(X495,Feuil1!$C$1:$BL$10,8,FALSE)","v":-109},{"$f":"T495-HLOOKUP(X495,Feuil1!$C$1:$BL$10,9,FALSE)","v":-129},{"$f":"T495-HLOOKUP(X495,Feuil1!$C$1:$BL$10,10,FALSE)","v":-144},null,null,null,null,null,null,"DEP +"]
["H","NE","ALS",179,166358,"GIORGIANI","QUENTIN",94,70,"US Wittenheim","F",70,75,-80,75,95,100,-103,100,175,35,"DEP +",5,{"$f":"IF(I496=\"\",\"\",IF(A496=\"H\",IF(OR(H496=\"SEN\",H496<1995),VLOOKUP(I496,Feuil1!$A$11:$F$29,6),IF(AND(H496>1994,H496<1998),VLOOKUP(I496,Feuil1!$A$11:$F$29,5),IF(AND(H496>1997,H496<2000),VLOOKUP(I496,Feuil1!$A$11:$F$29,4),IF(AND(H496>1999,H496<2002),VLOOKUP(I496,Feuil1!$A$11:$F$29,3),VLOOKUP(I496,Feuil1!$A$11:$F$29,2))))),IF(OR(H496=\"SEN\",H496<1995),VLOOKUP(I496,Feuil1!$G$11:$L$25,6),IF(AND(H496>1994,H496<1998),VLOOKUP(I496,Feuil1!$G$11:$L$25,5),IF(AND(H496>1997,H496<2000),VLOOKUP(I496,Feuil1!$G$11:$L$25,4),IF(AND(H496>1999,H496<2002),VLOOKUP(I496,Feuil1!$G$11:$L$25,3),VLOOKUP(I496,Feuil1!$G$11:$L$25,2)))))))","v":"S77"},233.2799554491076,null," ",{"$f":"T496-HLOOKUP(X496,Feuil1!$C$1:$BL$10,2,FALSE)","v":25},{"$f":"T496-HLOOKUP(X496,Feuil1!$C$1:$BL$10,3,FALSE)","v":5},{"$f":"T496-HLOOKUP(X496,Feuil1!$C$1:$BL$10,4,FALSE)","v":-15},{"$f":"T496-HLOOKUP(X496,Feuil1!$C$1:$BL$10,5,FALSE)","v":-35},{"$f":"T496-HLOOKUP(X496,Feuil1!$C$1:$BL$10,6,FALSE)","v":-65},{"$f":"T496-HLOOKUP(X496,Feuil1!$C$1:$BL$10,7,FALSE)","v":-90},{"$f":"T496-HLOOKUP(X496,Feuil1!$C$1:$BL$10,8,FALSE)","v":-110},{"$f":"T496-HLOOKUP(X496,Feuil1!$C$1:$BL$10,9,FALSE)","v":-130},{"$f":"T496-HLOOKUP(X496,Feuil1!$C$1:$BL$10,10,FALSE)","v":-145},null,null,null,null,null,null,"DEP +"]
["H","CO","BNO",180,3806,"SEBBAH","LUDOVIC",1981,70.8,"Giberville","F",73,78,80,80,90,95,-100,95,175,33.400000000000006,"DEP +",5,{"$f":"IF(I497=\"\",\"\",IF(A497=\"H\",IF(OR(H497=\"SEN\",H497<1995),VLOOKUP(I497,Feuil1!$A$11:$F$29,6),IF(AND(H497>1994,H497<1998),VLOOKUP(I497,Feuil1!$A$11:$F$29,5),IF(AND(H497>1997,H497<2000),VLOOKUP(I497,Feuil1!$A$11:$F$29,4),IF(AND(H497>1999,H497<2002),VLOOKUP(I497,Feuil1!$A$11:$F$29,3),VLOOKUP(I497,Feuil1!$A$11:$F$29,2))))),IF(OR(H497=\"SEN\",H497<1995),VLOOKUP(I497,Feuil1!$G$11:$L$25,6),IF(AND(H497>1994,H497<1998),VLOOKUP(I497,Feuil1!$G$11:$L$25,5),IF(AND(H497>1997,H497<2000),VLOOKUP(I497,Feuil1!$G$11:$L$25,4),IF(AND(H497>1999,H497<2002),VLOOKUP(I497,Feuil1!$G$11:$L$25,3),VLOOKUP(I497,Feuil1!$G$11:$L$25,2)))))))","v":"S77"},231.62663096617908,null," ",{"$f":"T497-HLOOKUP(X497,Feuil1!$C$1:$BL$10,2,FALSE)","v":25},{"$f":"T497-HLOOKUP(X497,Feuil1!$C$1:$BL$10,3,FALSE)","v":5},{"$f":"T497-HLOOKUP(X497,Feuil1!$C$1:$BL$10,4,FALSE)","v":-15},{"$f":"T497-HLOOKUP(X497,Feuil1!$C$1:$BL$10,5,FALSE)","v":-35},{"$f":"T497-HLOOKUP(X497,Feuil1!$C$1:$BL$10,6,FALSE)","v":-65},{"$f":"T497-HLOOKUP(X497,Feuil1!$C$1:$BL$10,7,FALSE)","v":-90},{"$f":"T497-HLOOKUP(X497,Feuil1!$C$1:$BL$10,8,FALSE)","v":-110},{"$f":"T497-HLOOKUP(X497,Feuil1!$C$1:$BL$10,9,FALSE)","v":-130},{"$f":"T497-HLOOKUP(X497,Feuil1!$C$1:$BL$10,10,FALSE)","v":-145},null,null,null,null,null,null,"DEP +"]
["H","SEST","RAL",181,363225,"KAPOUDJIAN","Jean-Baptiste",1978,72.3,"Vaulx-en-Velin","F",75,80,-83,80,95,-100,-100,95,175,30.400000000000006,"DEP +",5,{"$f":"IF(I498=\"\",\"\",IF(A498=\"H\",IF(OR(H498=\"SEN\",H498<1995),VLOOKUP(I498,Feuil1!$A$11:$F$29,6),IF(AND(H498>1994,H498<1998),VLOOKUP(I498,Feuil1!$A$11:$F$29,5),IF(AND(H498>1997,H498<2000),VLOOKUP(I498,Feuil1!$A$11:$F$29,4),IF(AND(H498>1999,H498<2002),VLOOKUP(I498,Feuil1!$A$11:$F$29,3),VLOOKUP(I498,Feuil1!$A$11:$F$29,2))))),IF(OR(H498=\"SEN\",H498<1995),VLOOKUP(I498,Feuil1!$G$11:$L$25,6),IF(AND(H498>1994,H498<1998),VLOOKUP(I498,Feuil1!$G$11:$L$25,5),IF(AND(H498>1997,H498<2000),VLOOKUP(I498,Feuil1!$G$11:$L$25,4),IF(AND(H498>1999,H498<2002),VLOOKUP(I498,Feuil1!$G$11:$L$25,3),VLOOKUP(I498,Feuil1!$G$11:$L$25,2)))))))","v":"S77"},228.66054291515954,null," ",{"$f":"T498-HLOOKUP(X498,Feuil1!$C$1:$BL$10,2,FALSE)","v":25},{"$f":"T498-HLOOKUP(X498,Feuil1!$C$1:$BL$10,3,FALSE)","v":5},{"$f":"T498-HLOOKUP(X498,Feuil1!$C$1:$BL$10,4,FALSE)","v":-15},{"$f":"T498-HLOOKUP(X498,Feuil1!$C$1:$BL$10,5,FALSE)","v":-35},{"$f":"T498-HLOOKUP(X498,Feuil1!$C$1:$BL$10,6,FALSE)","v":-65},{"$f":"T498-HLOOKUP(X498,Feuil1!$C$1:$BL$10,7,FALSE)","v":-90},{"$f":"T498-HLOOKUP(X498,Feuil1!$C$1:$BL$10,8,FALSE)","v":-110},{"$f":"T498-HLOOKUP(X498,Feuil1!$C$1:$BL$10,9,FALSE)","v":-130},{"$f":"T498-HLOOKUP(X498,Feuil1!$C$1:$BL$10,10,FALSE)","v":-145},null,null,null,null,null,null,"DEP +"]
["H","CO","BNO",182,4689,"RENIER","SYLVAIN",1978,72.400000000000006,"Caen CHM","F",70,72,-75,72,95,100,103,103,175,30.199999999999989,"DEP +",5,{"$f":"IF(I499=\"\",\"\",IF(A499=\"H\",IF(OR(H499=\"SEN\",H499<1995),VLOOKUP(I499,Feuil1!$A$11:$F$29,6),IF(AND(H499>1994,H499<1998),VLOOKUP(I499,Feuil1!$A$11:$F$29,5),IF(AND(H499>1997,H499<2000),VLOOKUP(I499,Feuil1!$A$11:$F$29,4),IF(AND(H499>1999,H499<2002),VLOOKUP(I499,Feuil1!$A$11:$F$29,3),VLOOKUP(I499,Feuil1!$A$11:$F$29,2))))),IF(OR(H499=\"SEN\",H499<1995),VLOOKUP(I499,Feuil1!$G$11:$L$25,6),IF(AND(H499>1994,H499<1998),VLOOKUP(I499,Feuil1!$G$11:$L$25,5),IF(AND(H499>1997,H499<2000),VLOOKUP(I499,Feuil1!$G$11:$L$25,4),IF(AND(H499>1999,H499<2002),VLOOKUP(I499,Feuil1!$G$11:$L$25,3),VLOOKUP(I499,Feuil1!$G$11:$L$25,2)))))))","v":"S77"},228.46877175116848,null," ",{"$f":"T499-HLOOKUP(X499,Feuil1!$C$1:$BL$10,2,FALSE)","v":25},{"$f":"T499-HLOOKUP(X499,Feuil1!$C$1:$BL$10,3,FALSE)","v":5},{"$f":"T499-HLOOKUP(X499,Feuil1!$C$1:$BL$10,4,FALSE)","v":-15},{"$f":"T499-HLOOKUP(X499,Feuil1!$C$1:$BL$10,5,FALSE)","v":-35},{"$f":"T499-HLOOKUP(X499,Feuil1!$C$1:$BL$10,6,FALSE)","v":-65},{"$f":"T499-HLOOKUP(X499,Feuil1!$C$1:$BL$10,7,FALSE)","v":-90},{"$f":"T499-HLOOKUP(X499,Feuil1!$C$1:$BL$10,8,FALSE)","v":-110},{"$f":"T499-HLOOKUP(X499,Feuil1!$C$1:$BL$10,9,FALSE)","v":-130},{"$f":"T499-HLOOKUP(X499,Feuil1!$C$1:$BL$10,10,FALSE)","v":-145},null,null,null,null,null,null,"DEP +"]
["H","NE","ALS",183,9510,"GLUCK","PASCAL",64,72.5,"US Wittenheim","F",67,72,75,75,95,100,-103,100,175,30,"DEP +",5,{"$f":"IF(I500=\"\",\"\",IF(A500=\"H\",IF(OR(H500=\"SEN\",H500<1995),VLOOKUP(I500,Feuil1!$A$11:$F$29,6),IF(AND(H500>1994,H500<1998),VLOOKUP(I500,Feuil1!$A$11:$F$29,5),IF(AND(H500>1997,H500<2000),VLOOKUP(I500,Feuil1!$A$11:$F$29,4),IF(AND(H500>1999,H500<2002),VLOOKUP(I500,Feuil1!$A$11:$F$29,3),VLOOKUP(I500,Feuil1!$A$11:$F$29,2))))),IF(OR(H500=\"SEN\",H500<1995),VLOOKUP(I500,Feuil1!$G$11:$L$25,6),IF(AND(H500>1994,H500<1998),VLOOKUP(I500,Feuil1!$G$11:$L$25,5),IF(AND(H500>1997,H500<2000),VLOOKUP(I500,Feuil1!$G$11:$L$25,4),IF(AND(H500>1999,H500<2002),VLOOKUP(I500,Feuil1!$G$11:$L$25,3),VLOOKUP(I500,Feuil1!$G$11:$L$25,2)))))))","v":"S77"},228.27772605576936,null," ",{"$f":"T500-HLOOKUP(X500,Feuil1!$C$1:$BL$10,2,FALSE)","v":25},{"$f":"T500-HLOOKUP(X500,Feuil1!$C$1:$BL$10,3,FALSE)","v":5},{"$f":"T500-HLOOKUP(X500,Feuil1!$C$1:$BL$10,4,FALSE)","v":-15},{"$f":"T500-HLOOKUP(X500,Feuil1!$C$1:$BL$10,5,FALSE)","v":-35},{"$f":"T500-HLOOKUP(X500,Feuil1!$C$1:$BL$10,6,FALSE)","v":-65},{"$f":"T500-HLOOKUP(X500,Feuil1!$C$1:$BL$10,7,FALSE)","v":-90},{"$f":"T500-HLOOKUP(X500,Feuil1!$C$1:$BL$10,8,FALSE)","v":-110},{"$f":"T500-HLOOKUP(X500,Feuil1!$C$1:$BL$10,9,FALSE)","v":-130},{"$f":"T500-HLOOKUP(X500,Feuil1!$C$1:$BL$10,10,FALSE)","v":-145},null,null,null,null,null,null,"DEP +"]
["H","ZCO","CEN",184,84322,"CHAVIGNY","Roland",1950,72.900000000000006,"US Tours","F",-75,75,80,80,95,-100,-100,95,175,29.199999999999989,"DEP +",5,{"$f":"IF(I501=\"\",\"\",IF(A501=\"H\",IF(OR(H501=\"SEN\",H501<1995),VLOOKUP(I501,Feuil1!$A$11:$F$29,6),IF(AND(H501>1994,H501<1998),VLOOKUP(I501,Feuil1!$A$11:$F$29,5),IF(AND(H501>1997,H501<2000),VLOOKUP(I501,Feuil1!$A$11:$F$29,4),IF(AND(H501>1999,H501<2002),VLOOKUP(I501,Feuil1!$A$11:$F$29,3),VLOOKUP(I501,Feuil1!$A$11:$F$29,2))))),IF(OR(H501=\"SEN\",H501<1995),VLOOKUP(I501,Feuil1!$G$11:$L$25,6),IF(AND(H501>1994,H501<1998),VLOOKUP(I501,Feuil1!$G$11:$L$25,5),IF(AND(H501>1997,H501<2000),VLOOKUP(I501,Feuil1!$G$11:$L$25,4),IF(AND(H501>1999,H501<2002),VLOOKUP(I501,Feuil1!$G$11:$L$25,3),VLOOKUP(I501,Feuil1!$G$11:$L$25,2)))))))","v":"S77"},227.52072789937827,null," ",{"$f":"T501-HLOOKUP(X501,Feuil1!$C$1:$BL$10,2,FALSE)","v":25},{"$f":"T501-HLOOKUP(X501,Feuil1!$C$1:$BL$10,3,FALSE)","v":5},{"$f":"T501-HLOOKUP(X501,Feuil1!$C$1:$BL$10,4,FALSE)","v":-15},{"$f":"T501-HLOOKUP(X501,Feuil1!$C$1:$BL$10,5,FALSE)","v":-35},{"$f":"T501-HLOOKUP(X501,Feuil1!$C$1:$BL$10,6,FALSE)","v":-65},{"$f":"T501-HLOOKUP(X501,Feuil1!$C$1:$BL$10,7,FALSE)","v":-90},{"$f":"T501-HLOOKUP(X501,Feuil1!$C$1:$BL$10,8,FALSE)","v":-110},{"$f":"T501-HLOOKUP(X501,Feuil1!$C$1:$BL$10,9,FALSE)","v":-130},{"$f":"T501-HLOOKUP(X501,Feuil1!$C$1:$BL$10,10,FALSE)","v":-145},null,null,null,null,null,null,"DEP +"]
["H","DOM","GUA",185,382593,"BOUDHOU","Jimmy",1994,73,"AHCS/Pointois","F",70,75,80,80,90,95,-100,95,175,29,"DEP +",5,{"$f":"IF(I502=\"\",\"\",IF(A502=\"H\",IF(OR(H502=\"SEN\",H502<1995),VLOOKUP(I502,Feuil1!$A$11:$F$29,6),IF(AND(H502>1994,H502<1998),VLOOKUP(I502,Feuil1!$A$11:$F$29,5),IF(AND(H502>1997,H502<2000),VLOOKUP(I502,Feuil1!$A$11:$F$29,4),IF(AND(H502>1999,H502<2002),VLOOKUP(I502,Feuil1!$A$11:$F$29,3),VLOOKUP(I502,Feuil1!$A$11:$F$29,2))))),IF(OR(H502=\"SEN\",H502<1995),VLOOKUP(I502,Feuil1!$G$11:$L$25,6),IF(AND(H502>1994,H502<1998),VLOOKUP(I502,Feuil1!$G$11:$L$25,5),IF(AND(H502>1997,H502<2000),VLOOKUP(I502,Feuil1!$G$11:$L$25,4),IF(AND(H502>1999,H502<2002),VLOOKUP(I502,Feuil1!$G$11:$L$25,3),VLOOKUP(I502,Feuil1!$G$11:$L$25,2)))))))","v":"S77"},227.33325719615308,null," ",{"$f":"T502-HLOOKUP(X502,Feuil1!$C$1:$BL$10,2,FALSE)","v":25},{"$f":"T502-HLOOKUP(X502,Feuil1!$C$1:$BL$10,3,FALSE)","v":5},{"$f":"T502-HLOOKUP(X502,Feuil1!$C$1:$BL$10,4,FALSE)","v":-15},{"$f":"T502-HLOOKUP(X502,Feuil1!$C$1:$BL$10,5,FALSE)","v":-35},{"$f":"T502-HLOOKUP(X502,Feuil1!$C$1:$BL$10,6,FALSE)","v":-65},{"$f":"T502-HLOOKUP(X502,Feuil1!$C$1:$BL$10,7,FALSE)","v":-90},{"$f":"T502-HLOOKUP(X502,Feuil1!$C$1:$BL$10,8,FALSE)","v":-110},{"$f":"T502-HLOOKUP(X502,Feuil1!$C$1:$BL$10,9,FALSE)","v":-130},{"$f":"T502-HLOOKUP(X502,Feuil1!$C$1:$BL$10,10,FALSE)","v":-145},null,null,null,null,null,null,"DEP +"]
["H","SO","AQU",186,389294,"GUIERE","GREGORY",1983,73.86,"ASOA Aquitaine","F",75,-80,-80,75,100,-105,-105,100,175,27.28,"DEP +",5,{"$f":"IF(I503=\"\",\"\",IF(A503=\"H\",IF(OR(H503=\"SEN\",H503<1995),VLOOKUP(I503,Feuil1!$A$11:$F$29,6),IF(AND(H503>1994,H503<1998),VLOOKUP(I503,Feuil1!$A$11:$F$29,5),IF(AND(H503>1997,H503<2000),VLOOKUP(I503,Feuil1!$A$11:$F$29,4),IF(AND(H503>1999,H503<2002),VLOOKUP(I503,Feuil1!$A$11:$F$29,3),VLOOKUP(I503,Feuil1!$A$11:$F$29,2))))),IF(OR(H503=\"SEN\",H503<1995),VLOOKUP(I503,Feuil1!$G$11:$L$25,6),IF(AND(H503>1994,H503<1998),VLOOKUP(I503,Feuil1!$G$11:$L$25,5),IF(AND(H503>1997,H503<2000),VLOOKUP(I503,Feuil1!$G$11:$L$25,4),IF(AND(H503>1999,H503<2002),VLOOKUP(I503,Feuil1!$G$11:$L$25,3),VLOOKUP(I503,Feuil1!$G$11:$L$25,2)))))))","v":"S77"},225.74974786681975,null," ",{"$f":"T503-HLOOKUP(X503,Feuil1!$C$1:$BL$10,2,FALSE)","v":25},{"$f":"T503-HLOOKUP(X503,Feuil1!$C$1:$BL$10,3,FALSE)","v":5},{"$f":"T503-HLOOKUP(X503,Feuil1!$C$1:$BL$10,4,FALSE)","v":-15},{"$f":"T503-HLOOKUP(X503,Feuil1!$C$1:$BL$10,5,FALSE)","v":-35},{"$f":"T503-HLOOKUP(X503,Feuil1!$C$1:$BL$10,6,FALSE)","v":-65},{"$f":"T503-HLOOKUP(X503,Feuil1!$C$1:$BL$10,7,FALSE)","v":-90},{"$f":"T503-HLOOKUP(X503,Feuil1!$C$1:$BL$10,8,FALSE)","v":-110},{"$f":"T503-HLOOKUP(X503,Feuil1!$C$1:$BL$10,9,FALSE)","v":-130},{"$f":"T503-HLOOKUP(X503,Feuil1!$C$1:$BL$10,10,FALSE)","v":-145},null,null,null,null,null,null,"DEP +"]
["H","SEST","PRO",187,356008,"NUNES","MATHIEU",1984,74.599999999999994,"AP AIX","F",70,-75,-75,70,100,105,-110,105,175,25.800000000000011,"DEP +",5,{"$f":"IF(I504=\"\",\"\",IF(A504=\"H\",IF(OR(H504=\"SEN\",H504<1995),VLOOKUP(I504,Feuil1!$A$11:$F$29,6),IF(AND(H504>1994,H504<1998),VLOOKUP(I504,Feuil1!$A$11:$F$29,5),IF(AND(H504>1997,H504<2000),VLOOKUP(I504,Feuil1!$A$11:$F$29,4),IF(AND(H504>1999,H504<2002),VLOOKUP(I504,Feuil1!$A$11:$F$29,3),VLOOKUP(I504,Feuil1!$A$11:$F$29,2))))),IF(OR(H504=\"SEN\",H504<1995),VLOOKUP(I504,Feuil1!$G$11:$L$25,6),IF(AND(H504>1994,H504<1998),VLOOKUP(I504,Feuil1!$G$11:$L$25,5),IF(AND(H504>1997,H504<2000),VLOOKUP(I504,Feuil1!$G$11:$L$25,4),IF(AND(H504>1999,H504<2002),VLOOKUP(I504,Feuil1!$G$11:$L$25,3),VLOOKUP(I504,Feuil1!$G$11:$L$25,2)))))))","v":"S77"},224.42730924321174,null," ",{"$f":"T504-HLOOKUP(X504,Feuil1!$C$1:$BL$10,2,FALSE)","v":25},{"$f":"T504-HLOOKUP(X504,Feuil1!$C$1:$BL$10,3,FALSE)","v":5},{"$f":"T504-HLOOKUP(X504,Feuil1!$C$1:$BL$10,4,FALSE)","v":-15},{"$f":"T504-HLOOKUP(X504,Feuil1!$C$1:$BL$10,5,FALSE)","v":-35},{"$f":"T504-HLOOKUP(X504,Feuil1!$C$1:$BL$10,6,FALSE)","v":-65},{"$f":"T504-HLOOKUP(X504,Feuil1!$C$1:$BL$10,7,FALSE)","v":-90},{"$f":"T504-HLOOKUP(X504,Feuil1!$C$1:$BL$10,8,FALSE)","v":-110},{"$f":"T504-HLOOKUP(X504,Feuil1!$C$1:$BL$10,9,FALSE)","v":-130},{"$f":"T504-HLOOKUP(X504,Feuil1!$C$1:$BL$10,10,FALSE)","v":-145},null,null,null,null,null,null,"DEP +"]
["H","SEST","RAL",188,1129,"MARIN","David",1969,75.5,"ST QUENTIN FALLAVIER","F",75,80,-85,80,90,95,-100,95,175,24,"DEP +",5,{"$f":"IF(I505=\"\",\"\",IF(A505=\"H\",IF(OR(H505=\"SEN\",H505<1995),VLOOKUP(I505,Feuil1!$A$11:$F$29,6),IF(AND(H505>1994,H505<1998),VLOOKUP(I505,Feuil1!$A$11:$F$29,5),IF(AND(H505>1997,H505<2000),VLOOKUP(I505,Feuil1!$A$11:$F$29,4),IF(AND(H505>1999,H505<2002),VLOOKUP(I505,Feuil1!$A$11:$F$29,3),VLOOKUP(I505,Feuil1!$A$11:$F$29,2))))),IF(OR(H505=\"SEN\",H505<1995),VLOOKUP(I505,Feuil1!$G$11:$L$25,6),IF(AND(H505>1994,H505<1998),VLOOKUP(I505,Feuil1!$G$11:$L$25,5),IF(AND(H505>1997,H505<2000),VLOOKUP(I505,Feuil1!$G$11:$L$25,4),IF(AND(H505>1999,H505<2002),VLOOKUP(I505,Feuil1!$G$11:$L$25,3),VLOOKUP(I505,Feuil1!$G$11:$L$25,2)))))))","v":"S77"},222.86701352082517,null," ",{"$f":"T505-HLOOKUP(X505,Feuil1!$C$1:$BL$10,2,FALSE)","v":25},{"$f":"T505-HLOOKUP(X505,Feuil1!$C$1:$BL$10,3,FALSE)","v":5},{"$f":"T505-HLOOKUP(X505,Feuil1!$C$1:$BL$10,4,FALSE)","v":-15},{"$f":"T505-HLOOKUP(X505,Feuil1!$C$1:$BL$10,5,FALSE)","v":-35},{"$f":"T505-HLOOKUP(X505,Feuil1!$C$1:$BL$10,6,FALSE)","v":-65},{"$f":"T505-HLOOKUP(X505,Feuil1!$C$1:$BL$10,7,FALSE)","v":-90},{"$f":"T505-HLOOKUP(X505,Feuil1!$C$1:$BL$10,8,FALSE)","v":-110},{"$f":"T505-HLOOKUP(X505,Feuil1!$C$1:$BL$10,9,FALSE)","v":-130},{"$f":"T505-HLOOKUP(X505,Feuil1!$C$1:$BL$10,10,FALSE)","v":-145},null,null,null,null,null,null,"DEP +"]
["H","SEST","PRO",189,386993,"BARRAZA","Johan",1987,75.5," AS SORGUES","F",65,70,75,75,90,95,100,100,175,24,"DEP +",5,{"$f":"IF(I506=\"\",\"\",IF(A506=\"H\",IF(OR(H506=\"SEN\",H506<1995),VLOOKUP(I506,Feuil1!$A$11:$F$29,6),IF(AND(H506>1994,H506<1998),VLOOKUP(I506,Feuil1!$A$11:$F$29,5),IF(AND(H506>1997,H506<2000),VLOOKUP(I506,Feuil1!$A$11:$F$29,4),IF(AND(H506>1999,H506<2002),VLOOKUP(I506,Feuil1!$A$11:$F$29,3),VLOOKUP(I506,Feuil1!$A$11:$F$29,2))))),IF(OR(H506=\"SEN\",H506<1995),VLOOKUP(I506,Feuil1!$G$11:$L$25,6),IF(AND(H506>1994,H506<1998),VLOOKUP(I506,Feuil1!$G$11:$L$25,5),IF(AND(H506>1997,H506<2000),VLOOKUP(I506,Feuil1!$G$11:$L$25,4),IF(AND(H506>1999,H506<2002),VLOOKUP(I506,Feuil1!$G$11:$L$25,3),VLOOKUP(I506,Feuil1!$G$11:$L$25,2)))))))","v":"S77"},222.86701352082517,null," ",{"$f":"T506-HLOOKUP(X506,Feuil1!$C$1:$BL$10,2,FALSE)","v":25},{"$f":"T506-HLOOKUP(X506,Feuil1!$C$1:$BL$10,3,FALSE)","v":5},{"$f":"T506-HLOOKUP(X506,Feuil1!$C$1:$BL$10,4,FALSE)","v":-15},{"$f":"T506-HLOOKUP(X506,Feuil1!$C$1:$BL$10,5,FALSE)","v":-35},{"$f":"T506-HLOOKUP(X506,Feuil1!$C$1:$BL$10,6,FALSE)","v":-65},{"$f":"T506-HLOOKUP(X506,Feuil1!$C$1:$BL$10,7,FALSE)","v":-90},{"$f":"T506-HLOOKUP(X506,Feuil1!$C$1:$BL$10,8,FALSE)","v":-110},{"$f":"T506-HLOOKUP(X506,Feuil1!$C$1:$BL$10,9,FALSE)","v":-130},{"$f":"T506-HLOOKUP(X506,Feuil1!$C$1:$BL$10,10,FALSE)","v":-145},null,null,null,null,null,null,"DEP +"]
["H","N","IDF",190,323271,"SILLITOE","NICOLAS",1991,75.8,"CHAVILLE","F",-70,70,75,75,90,95,100,100,175,23.400000000000006,"DEP +",5,{"$f":"IF(I507=\"\",\"\",IF(A507=\"H\",IF(OR(H507=\"SEN\",H507<1995),VLOOKUP(I507,Feuil1!$A$11:$F$29,6),IF(AND(H507>1994,H507<1998),VLOOKUP(I507,Feuil1!$A$11:$F$29,5),IF(AND(H507>1997,H507<2000),VLOOKUP(I507,Feuil1!$A$11:$F$29,4),IF(AND(H507>1999,H507<2002),VLOOKUP(I507,Feuil1!$A$11:$F$29,3),VLOOKUP(I507,Feuil1!$A$11:$F$29,2))))),IF(OR(H507=\"SEN\",H507<1995),VLOOKUP(I507,Feuil1!$G$11:$L$25,6),IF(AND(H507>1994,H507<1998),VLOOKUP(I507,Feuil1!$G$11:$L$25,5),IF(AND(H507>1997,H507<2000),VLOOKUP(I507,Feuil1!$G$11:$L$25,4),IF(AND(H507>1999,H507<2002),VLOOKUP(I507,Feuil1!$G$11:$L$25,3),VLOOKUP(I507,Feuil1!$G$11:$L$25,2)))))))","v":"S77"},222.3582903059405,null," ",{"$f":"T507-HLOOKUP(X507,Feuil1!$C$1:$BL$10,2,FALSE)","v":25},{"$f":"T507-HLOOKUP(X507,Feuil1!$C$1:$BL$10,3,FALSE)","v":5},{"$f":"T507-HLOOKUP(X507,Feuil1!$C$1:$BL$10,4,FALSE)","v":-15},{"$f":"T507-HLOOKUP(X507,Feuil1!$C$1:$BL$10,5,FALSE)","v":-35},{"$f":"T507-HLOOKUP(X507,Feuil1!$C$1:$BL$10,6,FALSE)","v":-65},{"$f":"T507-HLOOKUP(X507,Feuil1!$C$1:$BL$10,7,FALSE)","v":-90},{"$f":"T507-HLOOKUP(X507,Feuil1!$C$1:$BL$10,8,FALSE)","v":-110},{"$f":"T507-HLOOKUP(X507,Feuil1!$C$1:$BL$10,9,FALSE)","v":-130},{"$f":"T507-HLOOKUP(X507,Feuil1!$C$1:$BL$10,10,FALSE)","v":-145},null,null,null,null,null,null,"DEP +"]
["H","SO","POI",191,39751,"LAMBERT","Eric",1960,77,"CRESSÉ","F",71,74,-76,74,97,-101,101,101,175,21,"DEP +",5,{"$f":"IF(I508=\"\",\"\",IF(A508=\"H\",IF(OR(H508=\"SEN\",H508<1995),VLOOKUP(I508,Feuil1!$A$11:$F$29,6),IF(AND(H508>1994,H508<1998),VLOOKUP(I508,Feuil1!$A$11:$F$29,5),IF(AND(H508>1997,H508<2000),VLOOKUP(I508,Feuil1!$A$11:$F$29,4),IF(AND(H508>1999,H508<2002),VLOOKUP(I508,Feuil1!$A$11:$F$29,3),VLOOKUP(I508,Feuil1!$A$11:$F$29,2))))),IF(OR(H508=\"SEN\",H508<1995),VLOOKUP(I508,Feuil1!$G$11:$L$25,6),IF(AND(H508>1994,H508<1998),VLOOKUP(I508,Feuil1!$G$11:$L$25,5),IF(AND(H508>1997,H508<2000),VLOOKUP(I508,Feuil1!$G$11:$L$25,4),IF(AND(H508>1999,H508<2002),VLOOKUP(I508,Feuil1!$G$11:$L$25,3),VLOOKUP(I508,Feuil1!$G$11:$L$25,2)))))))","v":"S77"},220.37820877925088,null," ",{"$f":"T508-HLOOKUP(X508,Feuil1!$C$1:$BL$10,2,FALSE)","v":25},{"$f":"T508-HLOOKUP(X508,Feuil1!$C$1:$BL$10,3,FALSE)","v":5},{"$f":"T508-HLOOKUP(X508,Feuil1!$C$1:$BL$10,4,FALSE)","v":-15},{"$f":"T508-HLOOKUP(X508,Feuil1!$C$1:$BL$10,5,FALSE)","v":-35},{"$f":"T508-HLOOKUP(X508,Feuil1!$C$1:$BL$10,6,FALSE)","v":-65},{"$f":"T508-HLOOKUP(X508,Feuil1!$C$1:$BL$10,7,FALSE)","v":-90},{"$f":"T508-HLOOKUP(X508,Feuil1!$C$1:$BL$10,8,FALSE)","v":-110},{"$f":"T508-HLOOKUP(X508,Feuil1!$C$1:$BL$10,9,FALSE)","v":-130},{"$f":"T508-HLOOKUP(X508,Feuil1!$C$1:$BL$10,10,FALSE)","v":-145},null,null,null,null,null,null,"DEP +"]
["H","SEST","RAL",192,381765,"ROCHE","Léo",1993,77,"Pierrelatte","F",-80,80,-85,80,-95,95,-100,95,175,21,"DEP +",5,{"$f":"IF(I509=\"\",\"\",IF(A509=\"H\",IF(OR(H509=\"SEN\",H509<1995),VLOOKUP(I509,Feuil1!$A$11:$F$29,6),IF(AND(H509>1994,H509<1998),VLOOKUP(I509,Feuil1!$A$11:$F$29,5),IF(AND(H509>1997,H509<2000),VLOOKUP(I509,Feuil1!$A$11:$F$29,4),IF(AND(H509>1999,H509<2002),VLOOKUP(I509,Feuil1!$A$11:$F$29,3),VLOOKUP(I509,Feuil1!$A$11:$F$29,2))))),IF(OR(H509=\"SEN\",H509<1995),VLOOKUP(I509,Feuil1!$G$11:$L$25,6),IF(AND(H509>1994,H509<1998),VLOOKUP(I509,Feuil1!$G$11:$L$25,5),IF(AND(H509>1997,H509<2000),VLOOKUP(I509,Feuil1!$G$11:$L$25,4),IF(AND(H509>1999,H509<2002),VLOOKUP(I509,Feuil1!$G$11:$L$25,3),VLOOKUP(I509,Feuil1!$G$11:$L$25,2)))))))","v":"S77"},220.37820877925088,null," ",{"$f":"T509-HLOOKUP(X509,Feuil1!$C$1:$BL$10,2,FALSE)","v":25},{"$f":"T509-HLOOKUP(X509,Feuil1!$C$1:$BL$10,3,FALSE)","v":5},{"$f":"T509-HLOOKUP(X509,Feuil1!$C$1:$BL$10,4,FALSE)","v":-15},{"$f":"T509-HLOOKUP(X509,Feuil1!$C$1:$BL$10,5,FALSE)","v":-35},{"$f":"T509-HLOOKUP(X509,Feuil1!$C$1:$BL$10,6,FALSE)","v":-65},{"$f":"T509-HLOOKUP(X509,Feuil1!$C$1:$BL$10,7,FALSE)","v":-90},{"$f":"T509-HLOOKUP(X509,Feuil1!$C$1:$BL$10,8,FALSE)","v":-110},{"$f":"T509-HLOOKUP(X509,Feuil1!$C$1:$BL$10,9,FALSE)","v":-130},{"$f":"T509-HLOOKUP(X509,Feuil1!$C$1:$BL$10,10,FALSE)","v":-145},null,null,null,null,null,null,"DEP +"]
["H","SEST","RAL",193,119477,"BREVET","Gilles",1966,73.599999999999994,"Entente VIRIAT","F",70,74,-77,{"$f":"IF(H510=\"\",\"\",IF(MAXA(L510:N510)<=0,0,MAXA(L510:N510)))","v":74},95,-100,100,{"$f":"IF(H510=\"\",\"\",IF(MAXA(P510:R510)<=0,0,MAXA(P510:R510)))","v":100},{"$f":"IF(H510=\"\",\"\",IF(OR(O510=0,S510=0),0,O510+S510))","v":174},{"$f":"T510-I510*2","v":26.800000000000011},{"$f":"IF(H510=\"\",\"\",AQ510)","v":"DEP +"},{"$f":"IF(AJ510>=0,AJ510,IF(AI510>=0,AI510,IF(AH510>=0,AH510,IF(AG510>=0,AG510,IF(AF510>=0,AF510,IF(AE510>=0,AE510,IF(AD510>=0,AD510,IF(AC510>=0,AC510,AB510))))))))","v":4},{"$f":"IF(I510=\"\",\"\",IF(A510=\"H\",IF(OR(H510=\"SEN\",H510<1995),VLOOKUP(I510,Feuil1!$A$11:$F$29,6),IF(AND(H510>1994,H510<1998),VLOOKUP(I510,Feuil1!$A$11:$F$29,5),IF(AND(H510>1997,H510<2000),VLOOKUP(I510,Feuil1!$A$11:$F$29,4),IF(AND(H510>1999,H510<2002),VLOOKUP(I510,Feuil1!$A$11:$F$29,3),VLOOKUP(I510,Feuil1!$A$11:$F$29,2))))),IF(OR(H510=\"SEN\",H510<1995),VLOOKUP(I510,Feuil1!$G$11:$L$25,6),IF(AND(H510>1994,H510<1998),VLOOKUP(I510,Feuil1!$G$11:$L$25,5),IF(AND(H510>1997,H510<2000),VLOOKUP(I510,Feuil1!$G$11:$L$25,4),IF(AND(H510>1999,H510<2002),VLOOKUP(I510,Feuil1!$G$11:$L$25,3),VLOOKUP(I510,Feuil1!$G$11:$L$25,2)))))))","v":"S77"},{"$f":"IF(I510=\"\",\"\",IF(A510=\"H\",10^(0.794358141*LOG(I510/174.393)^2)*T510,IF(A510=\"F\",10^(0.89726074*LOG(I510/148.026)^2)*T510,\"\")))","v":224.93040999535259},null," ",{"$f":"T510-HLOOKUP(X510,Feuil1!$C$1:$BL$10,2,FALSE)","v":24},{"$f":"T510-HLOOKUP(X510,Feuil1!$C$1:$BL$10,3,FALSE)","v":4},{"$f":"T510-HLOOKUP(X510,Feuil1!$C$1:$BL$10,4,FALSE)","v":-16},{"$f":"T510-HLOOKUP(X510,Feuil1!$C$1:$BL$10,5,FALSE)","v":-36},{"$f":"T510-HLOOKUP(X510,Feuil1!$C$1:$BL$10,6,FALSE)","v":-66},{"$f":"T510-HLOOKUP(X510,Feuil1!$C$1:$BL$10,7,FALSE)","v":-91},{"$f":"T510-HLOOKUP(X510,Feuil1!$C$1:$BL$10,8,FALSE)","v":-111},{"$f":"T510-HLOOKUP(X510,Feuil1!$C$1:$BL$10,9,FALSE)","v":-131},{"$f":"T510-HLOOKUP(X510,Feuil1!$C$1:$BL$10,10,FALSE)","v":-146},null,null,null,null,null,null,{"$f":"IF(AJ510>=0,$AJ$4,IF(AI510>=0,$AI$4,IF(AH510>=0,$AH$4,IF(AG510>=0,$AG$4,IF(AF510>=0,$AF$4,IF(AE510>=0,$AE$4,IF(AD510>=0,$AD$4,IF(AC510>=0,$AC$4,$AB$4))))))))","v":"DEP +"}]
["H","SO","MPY",194,347187,"SUAREZ","Paul-Antoine",1987,76.900000000000006,"TOULOUSE HC","F",70,74,-77,74,-95,95,100,100,174,20.199999999999989,"DEP +",4,{"$f":"IF(I511=\"\",\"\",IF(A511=\"H\",IF(OR(H511=\"SEN\",H511<1995),VLOOKUP(I511,Feuil1!$A$11:$F$29,6),IF(AND(H511>1994,H511<1998),VLOOKUP(I511,Feuil1!$A$11:$F$29,5),IF(AND(H511>1997,H511<2000),VLOOKUP(I511,Feuil1!$A$11:$F$29,4),IF(AND(H511>1999,H511<2002),VLOOKUP(I511,Feuil1!$A$11:$F$29,3),VLOOKUP(I511,Feuil1!$A$11:$F$29,2))))),IF(OR(H511=\"SEN\",H511<1995),VLOOKUP(I511,Feuil1!$G$11:$L$25,6),IF(AND(H511>1994,H511<1998),VLOOKUP(I511,Feuil1!$G$11:$L$25,5),IF(AND(H511>1997,H511<2000),VLOOKUP(I511,Feuil1!$G$11:$L$25,4),IF(AND(H511>1999,H511<2002),VLOOKUP(I511,Feuil1!$G$11:$L$25,3),VLOOKUP(I511,Feuil1!$G$11:$L$25,2)))))))","v":"S77"},219.27970886870139,null," ",{"$f":"T511-HLOOKUP(X511,Feuil1!$C$1:$BL$10,2,FALSE)","v":24},{"$f":"T511-HLOOKUP(X511,Feuil1!$C$1:$BL$10,3,FALSE)","v":4},{"$f":"T511-HLOOKUP(X511,Feuil1!$C$1:$BL$10,4,FALSE)","v":-16},{"$f":"T511-HLOOKUP(X511,Feuil1!$C$1:$BL$10,5,FALSE)","v":-36},{"$f":"T511-HLOOKUP(X511,Feuil1!$C$1:$BL$10,6,FALSE)","v":-66},{"$f":"T511-HLOOKUP(X511,Feuil1!$C$1:$BL$10,7,FALSE)","v":-91},{"$f":"T511-HLOOKUP(X511,Feuil1!$C$1:$BL$10,8,FALSE)","v":-111},{"$f":"T511-HLOOKUP(X511,Feuil1!$C$1:$BL$10,9,FALSE)","v":-131},{"$f":"T511-HLOOKUP(X511,Feuil1!$C$1:$BL$10,10,FALSE)","v":-146},null,null,null,null,null,null,"DEP +"]
["H","NE","ALS",195,394229,"RICCIARDELLA","ANGELO",86,75,"ASPTT Strasbourg","F",70,75,78,78,90,95,-98,95,173,23,"DEP +",3,{"$f":"IF(I512=\"\",\"\",IF(A512=\"H\",IF(OR(H512=\"SEN\",H512<1995),VLOOKUP(I512,Feuil1!$A$11:$F$29,6),IF(AND(H512>1994,H512<1998),VLOOKUP(I512,Feuil1!$A$11:$F$29,5),IF(AND(H512>1997,H512<2000),VLOOKUP(I512,Feuil1!$A$11:$F$29,4),IF(AND(H512>1999,H512<2002),VLOOKUP(I512,Feuil1!$A$11:$F$29,3),VLOOKUP(I512,Feuil1!$A$11:$F$29,2))))),IF(OR(H512=\"SEN\",H512<1995),VLOOKUP(I512,Feuil1!$G$11:$L$25,6),IF(AND(H512>1994,H512<1998),VLOOKUP(I512,Feuil1!$G$11:$L$25,5),IF(AND(H512>1997,H512<2000),VLOOKUP(I512,Feuil1!$G$11:$L$25,4),IF(AND(H512>1999,H512<2002),VLOOKUP(I512,Feuil1!$G$11:$L$25,3),VLOOKUP(I512,Feuil1!$G$11:$L$25,2)))))))","v":"S77"},221.17056087600108,null," ",{"$f":"T512-HLOOKUP(X512,Feuil1!$C$1:$BL$10,2,FALSE)","v":23},{"$f":"T512-HLOOKUP(X512,Feuil1!$C$1:$BL$10,3,FALSE)","v":3},{"$f":"T512-HLOOKUP(X512,Feuil1!$C$1:$BL$10,4,FALSE)","v":-17},{"$f":"T512-HLOOKUP(X512,Feuil1!$C$1:$BL$10,5,FALSE)","v":-37},{"$f":"T512-HLOOKUP(X512,Feuil1!$C$1:$BL$10,6,FALSE)","v":-67},{"$f":"T512-HLOOKUP(X512,Feuil1!$C$1:$BL$10,7,FALSE)","v":-92},{"$f":"T512-HLOOKUP(X512,Feuil1!$C$1:$BL$10,8,FALSE)","v":-112},{"$f":"T512-HLOOKUP(X512,Feuil1!$C$1:$BL$10,9,FALSE)","v":-132},{"$f":"T512-HLOOKUP(X512,Feuil1!$C$1:$BL$10,10,FALSE)","v":-147},null,null,null,null,null,null,"DEP +"]
["H","SO","AQU",196,276966,"MONTMASSON","REGIS",1985,75.099999999999994,"EYSINES","F",70,73,75,75,93,98,-101,98,173,22.800000000000011,"DEP +",3,{"$f":"IF(I513=\"\",\"\",IF(A513=\"H\",IF(OR(H513=\"SEN\",H513<1995),VLOOKUP(I513,Feuil1!$A$11:$F$29,6),IF(AND(H513>1994,H513<1998),VLOOKUP(I513,Feuil1!$A$11:$F$29,5),IF(AND(H513>1997,H513<2000),VLOOKUP(I513,Feuil1!$A$11:$F$29,4),IF(AND(H513>1999,H513<2002),VLOOKUP(I513,Feuil1!$A$11:$F$29,3),VLOOKUP(I513,Feuil1!$A$11:$F$29,2))))),IF(OR(H513=\"SEN\",H513<1995),VLOOKUP(I513,Feuil1!$G$11:$L$25,6),IF(AND(H513>1994,H513<1998),VLOOKUP(I513,Feuil1!$G$11:$L$25,5),IF(AND(H513>1997,H513<2000),VLOOKUP(I513,Feuil1!$G$11:$L$25,4),IF(AND(H513>1999,H513<2002),VLOOKUP(I513,Feuil1!$G$11:$L$25,3),VLOOKUP(I513,Feuil1!$G$11:$L$25,2)))))))","v":"S77"},220.99918586259406,null," ",{"$f":"T513-HLOOKUP(X513,Feuil1!$C$1:$BL$10,2,FALSE)","v":23},{"$f":"T513-HLOOKUP(X513,Feuil1!$C$1:$BL$10,3,FALSE)","v":3},{"$f":"T513-HLOOKUP(X513,Feuil1!$C$1:$BL$10,4,FALSE)","v":-17},{"$f":"T513-HLOOKUP(X513,Feuil1!$C$1:$BL$10,5,FALSE)","v":-37},{"$f":"T513-HLOOKUP(X513,Feuil1!$C$1:$BL$10,6,FALSE)","v":-67},{"$f":"T513-HLOOKUP(X513,Feuil1!$C$1:$BL$10,7,FALSE)","v":-92},{"$f":"T513-HLOOKUP(X513,Feuil1!$C$1:$BL$10,8,FALSE)","v":-112},{"$f":"T513-HLOOKUP(X513,Feuil1!$C$1:$BL$10,9,FALSE)","v":-132},{"$f":"T513-HLOOKUP(X513,Feuil1!$C$1:$BL$10,10,FALSE)","v":-147},null,null,null,null,null,null,"DEP +"]
["H","SEST","RAL",197,34896,"MONTORIER","Philippe",1964,76.400000000000006,"Vaulx-en-Velin","F",73,-77,-77,73,100,-105,-105,100,173,20.199999999999989,"DEP +",3,{"$f":"IF(I514=\"\",\"\",IF(A514=\"H\",IF(OR(H514=\"SEN\",H514<1995),VLOOKUP(I514,Feuil1!$A$11:$F$29,6),IF(AND(H514>1994,H514<1998),VLOOKUP(I514,Feuil1!$A$11:$F$29,5),IF(AND(H514>1997,H514<2000),VLOOKUP(I514,Feuil1!$A$11:$F$29,4),IF(AND(H514>1999,H514<2002),VLOOKUP(I514,Feuil1!$A$11:$F$29,3),VLOOKUP(I514,Feuil1!$A$11:$F$29,2))))),IF(OR(H514=\"SEN\",H514<1995),VLOOKUP(I514,Feuil1!$G$11:$L$25,6),IF(AND(H514>1994,H514<1998),VLOOKUP(I514,Feuil1!$G$11:$L$25,5),IF(AND(H514>1997,H514<2000),VLOOKUP(I514,Feuil1!$G$11:$L$25,4),IF(AND(H514>1999,H514<2002),VLOOKUP(I514,Feuil1!$G$11:$L$25,3),VLOOKUP(I514,Feuil1!$G$11:$L$25,2)))))))","v":"S77"},218.8276386795477,null," ",{"$f":"T514-HLOOKUP(X514,Feuil1!$C$1:$BL$10,2,FALSE)","v":23},{"$f":"T514-HLOOKUP(X514,Feuil1!$C$1:$BL$10,3,FALSE)","v":3},{"$f":"T514-HLOOKUP(X514,Feuil1!$C$1:$BL$10,4,FALSE)","v":-17},{"$f":"T514-HLOOKUP(X514,Feuil1!$C$1:$BL$10,5,FALSE)","v":-37},{"$f":"T514-HLOOKUP(X514,Feuil1!$C$1:$BL$10,6,FALSE)","v":-67},{"$f":"T514-HLOOKUP(X514,Feuil1!$C$1:$BL$10,7,FALSE)","v":-92},{"$f":"T514-HLOOKUP(X514,Feuil1!$C$1:$BL$10,8,FALSE)","v":-112},{"$f":"T514-HLOOKUP(X514,Feuil1!$C$1:$BL$10,9,FALSE)","v":-132},{"$f":"T514-HLOOKUP(X514,Feuil1!$C$1:$BL$10,10,FALSE)","v":-147},null,null,null,null,null,null,"DEP +"]
["H","SEST","RAL",198,363220,"LASBATX","Raphael",1990,71.900000000000006,"Vaulx-en-Velin","F",70,75,77,77,87,91,95,95,172,28.199999999999989,"DEP +",2,{"$f":"IF(I515=\"\",\"\",IF(A515=\"H\",IF(OR(H515=\"SEN\",H515<1995),VLOOKUP(I515,Feuil1!$A$11:$F$29,6),IF(AND(H515>1994,H515<1998),VLOOKUP(I515,Feuil1!$A$11:$F$29,5),IF(AND(H515>1997,H515<2000),VLOOKUP(I515,Feuil1!$A$11:$F$29,4),IF(AND(H515>1999,H515<2002),VLOOKUP(I515,Feuil1!$A$11:$F$29,3),VLOOKUP(I515,Feuil1!$A$11:$F$29,2))))),IF(OR(H515=\"SEN\",H515<1995),VLOOKUP(I515,Feuil1!$G$11:$L$25,6),IF(AND(H515>1994,H515<1998),VLOOKUP(I515,Feuil1!$G$11:$L$25,5),IF(AND(H515>1997,H515<2000),VLOOKUP(I515,Feuil1!$G$11:$L$25,4),IF(AND(H515>1999,H515<2002),VLOOKUP(I515,Feuil1!$G$11:$L$25,3),VLOOKUP(I515,Feuil1!$G$11:$L$25,2)))))))","v":"S77"},225.50178281956639,null," ",{"$f":"T515-HLOOKUP(X515,Feuil1!$C$1:$BL$10,2,FALSE)","v":22},{"$f":"T515-HLOOKUP(X515,Feuil1!$C$1:$BL$10,3,FALSE)","v":2},{"$f":"T515-HLOOKUP(X515,Feuil1!$C$1:$BL$10,4,FALSE)","v":-18},{"$f":"T515-HLOOKUP(X515,Feuil1!$C$1:$BL$10,5,FALSE)","v":-38},{"$f":"T515-HLOOKUP(X515,Feuil1!$C$1:$BL$10,6,FALSE)","v":-68},{"$f":"T515-HLOOKUP(X515,Feuil1!$C$1:$BL$10,7,FALSE)","v":-93},{"$f":"T515-HLOOKUP(X515,Feuil1!$C$1:$BL$10,8,FALSE)","v":-113},{"$f":"T515-HLOOKUP(X515,Feuil1!$C$1:$BL$10,9,FALSE)","v":-133},{"$f":"T515-HLOOKUP(X515,Feuil1!$C$1:$BL$10,10,FALSE)","v":-148},null,null,null,null,null,null,"DEP +"]
["H","NORD","NPC",199,268687,"RAZOUKI","Adnane",1985,73.099999999999994,"LILLE U.C.","F",75,80,82,82,-90,-90,90,90,172,25.800000000000011,"DEP +",2,{"$f":"IF(I516=\"\",\"\",IF(A516=\"H\",IF(OR(H516=\"SEN\",H516<1995),VLOOKUP(I516,Feuil1!$A$11:$F$29,6),IF(AND(H516>1994,H516<1998),VLOOKUP(I516,Feuil1!$A$11:$F$29,5),IF(AND(H516>1997,H516<2000),VLOOKUP(I516,Feuil1!$A$11:$F$29,4),IF(AND(H516>1999,H516<2002),VLOOKUP(I516,Feuil1!$A$11:$F$29,3),VLOOKUP(I516,Feuil1!$A$11:$F$29,2))))),IF(OR(H516=\"SEN\",H516<1995),VLOOKUP(I516,Feuil1!$G$11:$L$25,6),IF(AND(H516>1994,H516<1998),VLOOKUP(I516,Feuil1!$G$11:$L$25,5),IF(AND(H516>1997,H516<2000),VLOOKUP(I516,Feuil1!$G$11:$L$25,4),IF(AND(H516>1999,H516<2002),VLOOKUP(I516,Feuil1!$G$11:$L$25,3),VLOOKUP(I516,Feuil1!$G$11:$L$25,2)))))))","v":"S77"},223.25255132729754,null," ",{"$f":"T516-HLOOKUP(X516,Feuil1!$C$1:$BL$10,2,FALSE)","v":22},{"$f":"T516-HLOOKUP(X516,Feuil1!$C$1:$BL$10,3,FALSE)","v":2},{"$f":"T516-HLOOKUP(X516,Feuil1!$C$1:$BL$10,4,FALSE)","v":-18},{"$f":"T516-HLOOKUP(X516,Feuil1!$C$1:$BL$10,5,FALSE)","v":-38},{"$f":"T516-HLOOKUP(X516,Feuil1!$C$1:$BL$10,6,FALSE)","v":-68},{"$f":"T516-HLOOKUP(X516,Feuil1!$C$1:$BL$10,7,FALSE)","v":-93},{"$f":"T516-HLOOKUP(X516,Feuil1!$C$1:$BL$10,8,FALSE)","v":-113},{"$f":"T516-HLOOKUP(X516,Feuil1!$C$1:$BL$10,9,FALSE)","v":-133},{"$f":"T516-HLOOKUP(X516,Feuil1!$C$1:$BL$10,10,FALSE)","v":-148},null,null,null,null,null,null,"DEP +"]
["H","NE","CHA",200,6287,"LARCY","Stéphane",1957,75.599999999999994,"Reims HM","F",72,74,76,76,88,92,96,96,172,20.800000000000011,"DEP +",2,{"$f":"IF(I517=\"\",\"\",IF(A517=\"H\",IF(OR(H517=\"SEN\",H517<1995),VLOOKUP(I517,Feuil1!$A$11:$F$29,6),IF(AND(H517>1994,H517<1998),VLOOKUP(I517,Feuil1!$A$11:$F$29,5),IF(AND(H517>1997,H517<2000),VLOOKUP(I517,Feuil1!$A$11:$F$29,4),IF(AND(H517>1999,H517<2002),VLOOKUP(I517,Feuil1!$A$11:$F$29,3),VLOOKUP(I517,Feuil1!$A$11:$F$29,2))))),IF(OR(H517=\"SEN\",H517<1995),VLOOKUP(I517,Feuil1!$G$11:$L$25,6),IF(AND(H517>1994,H517<1998),VLOOKUP(I517,Feuil1!$G$11:$L$25,5),IF(AND(H517>1997,H517<2000),VLOOKUP(I517,Feuil1!$G$11:$L$25,4),IF(AND(H517>1999,H517<2002),VLOOKUP(I517,Feuil1!$G$11:$L$25,3),VLOOKUP(I517,Feuil1!$G$11:$L$25,2)))))))","v":"S77"},218.87915720000615,null," ",{"$f":"T517-HLOOKUP(X517,Feuil1!$C$1:$BL$10,2,FALSE)","v":22},{"$f":"T517-HLOOKUP(X517,Feuil1!$C$1:$BL$10,3,FALSE)","v":2},{"$f":"T517-HLOOKUP(X517,Feuil1!$C$1:$BL$10,4,FALSE)","v":-18},{"$f":"T517-HLOOKUP(X517,Feuil1!$C$1:$BL$10,5,FALSE)","v":-38},{"$f":"T517-HLOOKUP(X517,Feuil1!$C$1:$BL$10,6,FALSE)","v":-68},{"$f":"T517-HLOOKUP(X517,Feuil1!$C$1:$BL$10,7,FALSE)","v":-93},{"$f":"T517-HLOOKUP(X517,Feuil1!$C$1:$BL$10,8,FALSE)","v":-113},{"$f":"T517-HLOOKUP(X517,Feuil1!$C$1:$BL$10,9,FALSE)","v":-133},{"$f":"T517-HLOOKUP(X517,Feuil1!$C$1:$BL$10,10,FALSE)","v":-148},null,null,null,null,null,null,"DEP +"]
["H","SEST","PRO",null,388061,"SERRA","OLIVIER",1971,76.7,"AP AIX","F",70,74,76,76,86,90,96,96,172,18.599999999999994,"DEP +",2,{"$f":"IF(I518=\"\",\"\",IF(A518=\"H\",IF(OR(H518=\"SEN\",H518<1995),VLOOKUP(I518,Feuil1!$A$11:$F$29,6),IF(AND(H518>1994,H518<1998),VLOOKUP(I518,Feuil1!$A$11:$F$29,5),IF(AND(H518>1997,H518<2000),VLOOKUP(I518,Feuil1!$A$11:$F$29,4),IF(AND(H518>1999,H518<2002),VLOOKUP(I518,Feuil1!$A$11:$F$29,3),VLOOKUP(I518,Feuil1!$A$11:$F$29,2))))),IF(OR(H518=\"SEN\",H518<1995),VLOOKUP(I518,Feuil1!$G$11:$L$25,6),IF(AND(H518>1994,H518<1998),VLOOKUP(I518,Feuil1!$G$11:$L$25,5),IF(AND(H518>1997,H518<2000),VLOOKUP(I518,Feuil1!$G$11:$L$25,4),IF(AND(H518>1999,H518<2002),VLOOKUP(I518,Feuil1!$G$11:$L$25,3),VLOOKUP(I518,Feuil1!$G$11:$L$25,2)))))))","v":"S77"},217.07889763259135,null," ",{"$f":"T518-HLOOKUP(X518,Feuil1!$C$1:$BL$10,2,FALSE)","v":22},{"$f":"T518-HLOOKUP(X518,Feuil1!$C$1:$BL$10,3,FALSE)","v":2},{"$f":"T518-HLOOKUP(X518,Feuil1!$C$1:$BL$10,4,FALSE)","v":-18},{"$f":"T518-HLOOKUP(X518,Feuil1!$C$1:$BL$10,5,FALSE)","v":-38},{"$f":"T518-HLOOKUP(X518,Feuil1!$C$1:$BL$10,6,FALSE)","v":-68},{"$f":"T518-HLOOKUP(X518,Feuil1!$C$1:$BL$10,7,FALSE)","v":-93},{"$f":"T518-HLOOKUP(X518,Feuil1!$C$1:$BL$10,8,FALSE)","v":-113},{"$f":"T518-HLOOKUP(X518,Feuil1!$C$1:$BL$10,9,FALSE)","v":-133},{"$f":"T518-HLOOKUP(X518,Feuil1!$C$1:$BL$10,10,FALSE)","v":-148},null,null,null,null,null,null,"DEP +"]
["H","NORD","NPC",null,"099090","LEHAQUE","Jérémy",1989,70.459999999999994,"LOMME","F",73,77,-80,77,90,94,-96,94,171,30.080000000000013,"DEP +",1,{"$f":"IF(I519=\"\",\"\",IF(A519=\"H\",IF(OR(H519=\"SEN\",H519<1995),VLOOKUP(I519,Feuil1!$A$11:$F$29,6),IF(AND(H519>1994,H519<1998),VLOOKUP(I519,Feuil1!$A$11:$F$29,5),IF(AND(H519>1997,H519<2000),VLOOKUP(I519,Feuil1!$A$11:$F$29,4),IF(AND(H519>1999,H519<2002),VLOOKUP(I519,Feuil1!$A$11:$F$29,3),VLOOKUP(I519,Feuil1!$A$11:$F$29,2))))),IF(OR(H519=\"SEN\",H519<1995),VLOOKUP(I519,Feuil1!$G$11:$L$25,6),IF(AND(H519>1994,H519<1998),VLOOKUP(I519,Feuil1!$G$11:$L$25,5),IF(AND(H519>1997,H519<2000),VLOOKUP(I519,Feuil1!$G$11:$L$25,4),IF(AND(H519>1999,H519<2002),VLOOKUP(I519,Feuil1!$G$11:$L$25,3),VLOOKUP(I519,Feuil1!$G$11:$L$25,2)))))))","v":"S77"},227.01279623688563,null," ",{"$f":"T519-HLOOKUP(X519,Feuil1!$C$1:$BL$10,2,FALSE)","v":21},{"$f":"T519-HLOOKUP(X519,Feuil1!$C$1:$BL$10,3,FALSE)","v":1},{"$f":"T519-HLOOKUP(X519,Feuil1!$C$1:$BL$10,4,FALSE)","v":-19},{"$f":"T519-HLOOKUP(X519,Feuil1!$C$1:$BL$10,5,FALSE)","v":-39},{"$f":"T519-HLOOKUP(X519,Feuil1!$C$1:$BL$10,6,FALSE)","v":-69},{"$f":"T519-HLOOKUP(X519,Feuil1!$C$1:$BL$10,7,FALSE)","v":-94},{"$f":"T519-HLOOKUP(X519,Feuil1!$C$1:$BL$10,8,FALSE)","v":-114},{"$f":"T519-HLOOKUP(X519,Feuil1!$C$1:$BL$10,9,FALSE)","v":-134},{"$f":"T519-HLOOKUP(X519,Feuil1!$C$1:$BL$10,10,FALSE)","v":-149},null,null,null,null,null,null,"DEP +"]
["H","SEST","RAL",null,252670,"PERRIN","Clément",1994,71.8,"Entente VIRIAT","F",65,70,-77,70,85,93,101,101,171,27.400000000000006,"DEP +",1,{"$f":"IF(I520=\"\",\"\",IF(A520=\"H\",IF(OR(H520=\"SEN\",H520<1995),VLOOKUP(I520,Feuil1!$A$11:$F$29,6),IF(AND(H520>1994,H520<1998),VLOOKUP(I520,Feuil1!$A$11:$F$29,5),IF(AND(H520>1997,H520<2000),VLOOKUP(I520,Feuil1!$A$11:$F$29,4),IF(AND(H520>1999,H520<2002),VLOOKUP(I520,Feuil1!$A$11:$F$29,3),VLOOKUP(I520,Feuil1!$A$11:$F$29,2))))),IF(OR(H520=\"SEN\",H520<1995),VLOOKUP(I520,Feuil1!$G$11:$L$25,6),IF(AND(H520>1994,H520<1998),VLOOKUP(I520,Feuil1!$G$11:$L$25,5),IF(AND(H520>1997,H520<2000),VLOOKUP(I520,Feuil1!$G$11:$L$25,4),IF(AND(H520>1999,H520<2002),VLOOKUP(I520,Feuil1!$G$11:$L$25,3),VLOOKUP(I520,Feuil1!$G$11:$L$25,2)))))))","v":"S77"},224.38171056948204,null," ",{"$f":"T520-HLOOKUP(X520,Feuil1!$C$1:$BL$10,2,FALSE)","v":21},{"$f":"T520-HLOOKUP(X520,Feuil1!$C$1:$BL$10,3,FALSE)","v":1},{"$f":"T520-HLOOKUP(X520,Feuil1!$C$1:$BL$10,4,FALSE)","v":-19},{"$f":"T520-HLOOKUP(X520,Feuil1!$C$1:$BL$10,5,FALSE)","v":-39},{"$f":"T520-HLOOKUP(X520,Feuil1!$C$1:$BL$10,6,FALSE)","v":-69},{"$f":"T520-HLOOKUP(X520,Feuil1!$C$1:$BL$10,7,FALSE)","v":-94},{"$f":"T520-HLOOKUP(X520,Feuil1!$C$1:$BL$10,8,FALSE)","v":-114},{"$f":"T520-HLOOKUP(X520,Feuil1!$C$1:$BL$10,9,FALSE)","v":-134},{"$f":"T520-HLOOKUP(X520,Feuil1!$C$1:$BL$10,10,FALSE)","v":-149},null,null,null,null,null,null,"DEP +"]
["H","SEST","CAZ",null,378372,"SALHI","Johan",1994,75.599999999999994,"HC HYERES","F",70,-75,75,75,87,91,96,96,171,19.800000000000011,"DEP +",1,{"$f":"IF(I521=\"\",\"\",IF(A521=\"H\",IF(OR(H521=\"SEN\",H521<1995),VLOOKUP(I521,Feuil1!$A$11:$F$29,6),IF(AND(H521>1994,H521<1998),VLOOKUP(I521,Feuil1!$A$11:$F$29,5),IF(AND(H521>1997,H521<2000),VLOOKUP(I521,Feuil1!$A$11:$F$29,4),IF(AND(H521>1999,H521<2002),VLOOKUP(I521,Feuil1!$A$11:$F$29,3),VLOOKUP(I521,Feuil1!$A$11:$F$29,2))))),IF(OR(H521=\"SEN\",H521<1995),VLOOKUP(I521,Feuil1!$G$11:$L$25,6),IF(AND(H521>1994,H521<1998),VLOOKUP(I521,Feuil1!$G$11:$L$25,5),IF(AND(H521>1997,H521<2000),VLOOKUP(I521,Feuil1!$G$11:$L$25,4),IF(AND(H521>1999,H521<2002),VLOOKUP(I521,Feuil1!$G$11:$L$25,3),VLOOKUP(I521,Feuil1!$G$11:$L$25,2)))))))","v":"S77"},217.60660396047123,null," ",{"$f":"T521-HLOOKUP(X521,Feuil1!$C$1:$BL$10,2,FALSE)","v":21},{"$f":"T521-HLOOKUP(X521,Feuil1!$C$1:$BL$10,3,FALSE)","v":1},{"$f":"T521-HLOOKUP(X521,Feuil1!$C$1:$BL$10,4,FALSE)","v":-19},{"$f":"T521-HLOOKUP(X521,Feuil1!$C$1:$BL$10,5,FALSE)","v":-39},{"$f":"T521-HLOOKUP(X521,Feuil1!$C$1:$BL$10,6,FALSE)","v":-69},{"$f":"T521-HLOOKUP(X521,Feuil1!$C$1:$BL$10,7,FALSE)","v":-94},{"$f":"T521-HLOOKUP(X521,Feuil1!$C$1:$BL$10,8,FALSE)","v":-114},{"$f":"T521-HLOOKUP(X521,Feuil1!$C$1:$BL$10,9,FALSE)","v":-134},{"$f":"T521-HLOOKUP(X521,Feuil1!$C$1:$BL$10,10,FALSE)","v":-149},null,null,null,null,null,null,"DEP +"]
["H","CO","BNO",null,379645,"LEBARON","Clément",1992,75.8,"Stade St Lois","F",70,75,-80,75,90,96,-100,96,171,19.400000000000006,"DEP +",1,{"$f":"IF(I522=\"\",\"\",IF(A522=\"H\",IF(OR(H522=\"SEN\",H522<1995),VLOOKUP(I522,Feuil1!$A$11:$F$29,6),IF(AND(H522>1994,H522<1998),VLOOKUP(I522,Feuil1!$A$11:$F$29,5),IF(AND(H522>1997,H522<2000),VLOOKUP(I522,Feuil1!$A$11:$F$29,4),IF(AND(H522>1999,H522<2002),VLOOKUP(I522,Feuil1!$A$11:$F$29,3),VLOOKUP(I522,Feuil1!$A$11:$F$29,2))))),IF(OR(H522=\"SEN\",H522<1995),VLOOKUP(I522,Feuil1!$G$11:$L$25,6),IF(AND(H522>1994,H522<1998),VLOOKUP(I522,Feuil1!$G$11:$L$25,5),IF(AND(H522>1997,H522<2000),VLOOKUP(I522,Feuil1!$G$11:$L$25,4),IF(AND(H522>1999,H522<2002),VLOOKUP(I522,Feuil1!$G$11:$L$25,3),VLOOKUP(I522,Feuil1!$G$11:$L$25,2)))))))","v":"S77"},217.27581509894756,null," ",{"$f":"T522-HLOOKUP(X522,Feuil1!$C$1:$BL$10,2,FALSE)","v":21},{"$f":"T522-HLOOKUP(X522,Feuil1!$C$1:$BL$10,3,FALSE)","v":1},{"$f":"T522-HLOOKUP(X522,Feuil1!$C$1:$BL$10,4,FALSE)","v":-19},{"$f":"T522-HLOOKUP(X522,Feuil1!$C$1:$BL$10,5,FALSE)","v":-39},{"$f":"T522-HLOOKUP(X522,Feuil1!$C$1:$BL$10,6,FALSE)","v":-69},{"$f":"T522-HLOOKUP(X522,Feuil1!$C$1:$BL$10,7,FALSE)","v":-94},{"$f":"T522-HLOOKUP(X522,Feuil1!$C$1:$BL$10,8,FALSE)","v":-114},{"$f":"T522-HLOOKUP(X522,Feuil1!$C$1:$BL$10,9,FALSE)","v":-134},{"$f":"T522-HLOOKUP(X522,Feuil1!$C$1:$BL$10,10,FALSE)","v":-149},null,null,null,null,null,null,"DEP +"]
["H","SEST","RAL",null,243169,"COQUARD","Sidney",1988,69.900000000000006,"Charlieu","F",70,75,-80,75,90,95,-100,95,170,30.199999999999989,"DEP +",0,{"$f":"IF(I523=\"\",\"\",IF(A523=\"H\",IF(OR(H523=\"SEN\",H523<1995),VLOOKUP(I523,Feuil1!$A$11:$F$29,6),IF(AND(H523>1994,H523<1998),VLOOKUP(I523,Feuil1!$A$11:$F$29,5),IF(AND(H523>1997,H523<2000),VLOOKUP(I523,Feuil1!$A$11:$F$29,4),IF(AND(H523>1999,H523<2002),VLOOKUP(I523,Feuil1!$A$11:$F$29,3),VLOOKUP(I523,Feuil1!$A$11:$F$29,2))))),IF(OR(H523=\"SEN\",H523<1995),VLOOKUP(I523,Feuil1!$G$11:$L$25,6),IF(AND(H523>1994,H523<1998),VLOOKUP(I523,Feuil1!$G$11:$L$25,5),IF(AND(H523>1997,H523<2000),VLOOKUP(I523,Feuil1!$G$11:$L$25,4),IF(AND(H523>1999,H523<2002),VLOOKUP(I523,Feuil1!$G$11:$L$25,3),VLOOKUP(I523,Feuil1!$G$11:$L$25,2)))))))","v":"S77"},226.81910534131868,null," ",{"$f":"T523-HLOOKUP(X523,Feuil1!$C$1:$BL$10,2,FALSE)","v":20},{"$f":"T523-HLOOKUP(X523,Feuil1!$C$1:$BL$10,3,FALSE)","v":0},{"$f":"T523-HLOOKUP(X523,Feuil1!$C$1:$BL$10,4,FALSE)","v":-20},{"$f":"T523-HLOOKUP(X523,Feuil1!$C$1:$BL$10,5,FALSE)","v":-40},{"$f":"T523-HLOOKUP(X523,Feuil1!$C$1:$BL$10,6,FALSE)","v":-70},{"$f":"T523-HLOOKUP(X523,Feuil1!$C$1:$BL$10,7,FALSE)","v":-95},{"$f":"T523-HLOOKUP(X523,Feuil1!$C$1:$BL$10,8,FALSE)","v":-115},{"$f":"T523-HLOOKUP(X523,Feuil1!$C$1:$BL$10,9,FALSE)","v":-135},{"$f":"T523-HLOOKUP(X523,Feuil1!$C$1:$BL$10,10,FALSE)","v":-150},null,null,null,null,null,null,"DEP +"]
["H","N","IDF",null,332329,"HAIDOUN","ISMAIL",1991,73.5,"MANTES","F",73,75,-80,75,90,95,-97,95,170,23,"DEP +",0,{"$f":"IF(I524=\"\",\"\",IF(A524=\"H\",IF(OR(H524=\"SEN\",H524<1995),VLOOKUP(I524,Feuil1!$A$11:$F$29,6),IF(AND(H524>1994,H524<1998),VLOOKUP(I524,Feuil1!$A$11:$F$29,5),IF(AND(H524>1997,H524<2000),VLOOKUP(I524,Feuil1!$A$11:$F$29,4),IF(AND(H524>1999,H524<2002),VLOOKUP(I524,Feuil1!$A$11:$F$29,3),VLOOKUP(I524,Feuil1!$A$11:$F$29,2))))),IF(OR(H524=\"SEN\",H524<1995),VLOOKUP(I524,Feuil1!$G$11:$L$25,6),IF(AND(H524>1994,H524<1998),VLOOKUP(I524,Feuil1!$G$11:$L$25,5),IF(AND(H524>1997,H524<2000),VLOOKUP(I524,Feuil1!$G$11:$L$25,4),IF(AND(H524>1999,H524<2002),VLOOKUP(I524,Feuil1!$G$11:$L$25,3),VLOOKUP(I524,Feuil1!$G$11:$L$25,2)))))))","v":"S77"},219.93765202291772,null," ",{"$f":"T524-HLOOKUP(X524,Feuil1!$C$1:$BL$10,2,FALSE)","v":20},{"$f":"T524-HLOOKUP(X524,Feuil1!$C$1:$BL$10,3,FALSE)","v":0},{"$f":"T524-HLOOKUP(X524,Feuil1!$C$1:$BL$10,4,FALSE)","v":-20},{"$f":"T524-HLOOKUP(X524,Feuil1!$C$1:$BL$10,5,FALSE)","v":-40},{"$f":"T524-HLOOKUP(X524,Feuil1!$C$1:$BL$10,6,FALSE)","v":-70},{"$f":"T524-HLOOKUP(X524,Feuil1!$C$1:$BL$10,7,FALSE)","v":-95},{"$f":"T524-HLOOKUP(X524,Feuil1!$C$1:$BL$10,8,FALSE)","v":-115},{"$f":"T524-HLOOKUP(X524,Feuil1!$C$1:$BL$10,9,FALSE)","v":-135},{"$f":"T524-HLOOKUP(X524,Feuil1!$C$1:$BL$10,10,FALSE)","v":-150},null,null,null,null,null,null,"DEP +"]
["H","SEST","RAL",null,352751,"BEAUFILS","Remy",1991,73.7,"Gauloise de Vaise","F",65,70,73,73,87,92,97,97,170,22.599999999999994,"DEP +",0,{"$f":"IF(I525=\"\",\"\",IF(A525=\"H\",IF(OR(H525=\"SEN\",H525<1995),VLOOKUP(I525,Feuil1!$A$11:$F$29,6),IF(AND(H525>1994,H525<1998),VLOOKUP(I525,Feuil1!$A$11:$F$29,5),IF(AND(H525>1997,H525<2000),VLOOKUP(I525,Feuil1!$A$11:$F$29,4),IF(AND(H525>1999,H525<2002),VLOOKUP(I525,Feuil1!$A$11:$F$29,3),VLOOKUP(I525,Feuil1!$A$11:$F$29,2))))),IF(OR(H525=\"SEN\",H525<1995),VLOOKUP(I525,Feuil1!$G$11:$L$25,6),IF(AND(H525>1994,H525<1998),VLOOKUP(I525,Feuil1!$G$11:$L$25,5),IF(AND(H525>1997,H525<2000),VLOOKUP(I525,Feuil1!$G$11:$L$25,4),IF(AND(H525>1999,H525<2002),VLOOKUP(I525,Feuil1!$G$11:$L$25,3),VLOOKUP(I525,Feuil1!$G$11:$L$25,2)))))))","v":"S77"},219.58220503528125,null," ",{"$f":"T525-HLOOKUP(X525,Feuil1!$C$1:$BL$10,2,FALSE)","v":20},{"$f":"T525-HLOOKUP(X525,Feuil1!$C$1:$BL$10,3,FALSE)","v":0},{"$f":"T525-HLOOKUP(X525,Feuil1!$C$1:$BL$10,4,FALSE)","v":-20},{"$f":"T525-HLOOKUP(X525,Feuil1!$C$1:$BL$10,5,FALSE)","v":-40},{"$f":"T525-HLOOKUP(X525,Feuil1!$C$1:$BL$10,6,FALSE)","v":-70},{"$f":"T525-HLOOKUP(X525,Feuil1!$C$1:$BL$10,7,FALSE)","v":-95},{"$f":"T525-HLOOKUP(X525,Feuil1!$C$1:$BL$10,8,FALSE)","v":-115},{"$f":"T525-HLOOKUP(X525,Feuil1!$C$1:$BL$10,9,FALSE)","v":-135},{"$f":"T525-HLOOKUP(X525,Feuil1!$C$1:$BL$10,10,FALSE)","v":-150},null,null,null,null,null,null,"DEP +"]
["H","CO","BNO",null,391215,"Clement","Joris",1990,74,"Caen CHM","F",-75,75,80,80,85,-90,90,90,170,22,"DEP +",0,{"$f":"IF(I526=\"\",\"\",IF(A526=\"H\",IF(OR(H526=\"SEN\",H526<1995),VLOOKUP(I526,Feuil1!$A$11:$F$29,6),IF(AND(H526>1994,H526<1998),VLOOKUP(I526,Feuil1!$A$11:$F$29,5),IF(AND(H526>1997,H526<2000),VLOOKUP(I526,Feuil1!$A$11:$F$29,4),IF(AND(H526>1999,H526<2002),VLOOKUP(I526,Feuil1!$A$11:$F$29,3),VLOOKUP(I526,Feuil1!$A$11:$F$29,2))))),IF(OR(H526=\"SEN\",H526<1995),VLOOKUP(I526,Feuil1!$G$11:$L$25,6),IF(AND(H526>1994,H526<1998),VLOOKUP(I526,Feuil1!$G$11:$L$25,5),IF(AND(H526>1997,H526<2000),VLOOKUP(I526,Feuil1!$G$11:$L$25,4),IF(AND(H526>1999,H526<2002),VLOOKUP(I526,Feuil1!$G$11:$L$25,3),VLOOKUP(I526,Feuil1!$G$11:$L$25,2)))))))","v":"S77"},219.05399131906577,null," ",{"$f":"T526-HLOOKUP(X526,Feuil1!$C$1:$BL$10,2,FALSE)","v":20},{"$f":"T526-HLOOKUP(X526,Feuil1!$C$1:$BL$10,3,FALSE)","v":0},{"$f":"T526-HLOOKUP(X526,Feuil1!$C$1:$BL$10,4,FALSE)","v":-20},{"$f":"T526-HLOOKUP(X526,Feuil1!$C$1:$BL$10,5,FALSE)","v":-40},{"$f":"T526-HLOOKUP(X526,Feuil1!$C$1:$BL$10,6,FALSE)","v":-70},{"$f":"T526-HLOOKUP(X526,Feuil1!$C$1:$BL$10,7,FALSE)","v":-95},{"$f":"T526-HLOOKUP(X526,Feuil1!$C$1:$BL$10,8,FALSE)","v":-115},{"$f":"T526-HLOOKUP(X526,Feuil1!$C$1:$BL$10,9,FALSE)","v":-135},{"$f":"T526-HLOOKUP(X526,Feuil1!$C$1:$BL$10,10,FALSE)","v":-150},null,null,null,null,null,null,"DEP +"]
["H","SEST","LAN ",null,312382,"MATHIEU","Aurélien",1990,75.8,"Clermont Sports","F",-75,-75,75,75,85,90,95,95,170,18.400000000000006,"DEP +",0,{"$f":"IF(I527=\"\",\"\",IF(A527=\"H\",IF(OR(H527=\"SEN\",H527<1995),VLOOKUP(I527,Feuil1!$A$11:$F$29,6),IF(AND(H527>1994,H527<1998),VLOOKUP(I527,Feuil1!$A$11:$F$29,5),IF(AND(H527>1997,H527<2000),VLOOKUP(I527,Feuil1!$A$11:$F$29,4),IF(AND(H527>1999,H527<2002),VLOOKUP(I527,Feuil1!$A$11:$F$29,3),VLOOKUP(I527,Feuil1!$A$11:$F$29,2))))),IF(OR(H527=\"SEN\",H527<1995),VLOOKUP(I527,Feuil1!$G$11:$L$25,6),IF(AND(H527>1994,H527<1998),VLOOKUP(I527,Feuil1!$G$11:$L$25,5),IF(AND(H527>1997,H527<2000),VLOOKUP(I527,Feuil1!$G$11:$L$25,4),IF(AND(H527>1999,H527<2002),VLOOKUP(I527,Feuil1!$G$11:$L$25,3),VLOOKUP(I527,Feuil1!$G$11:$L$25,2)))))))","v":"S77"},216.00519629719935,null," ",{"$f":"T527-HLOOKUP(X527,Feuil1!$C$1:$BL$10,2,FALSE)","v":20},{"$f":"T527-HLOOKUP(X527,Feuil1!$C$1:$BL$10,3,FALSE)","v":0},{"$f":"T527-HLOOKUP(X527,Feuil1!$C$1:$BL$10,4,FALSE)","v":-20},{"$f":"T527-HLOOKUP(X527,Feuil1!$C$1:$BL$10,5,FALSE)","v":-40},{"$f":"T527-HLOOKUP(X527,Feuil1!$C$1:$BL$10,6,FALSE)","v":-70},{"$f":"T527-HLOOKUP(X527,Feuil1!$C$1:$BL$10,7,FALSE)","v":-95},{"$f":"T527-HLOOKUP(X527,Feuil1!$C$1:$BL$10,8,FALSE)","v":-115},{"$f":"T527-HLOOKUP(X527,Feuil1!$C$1:$BL$10,9,FALSE)","v":-135},{"$f":"T527-HLOOKUP(X527,Feuil1!$C$1:$BL$10,10,FALSE)","v":-150},null,null,null,null,null,null,"DEP +"]
["H","SO","MPY",null,77581,"THOMARAT","Mathieu",1983,76.5,"MONTAUBAN HC","F",65,70,75,75,85,90,95,95,170,17,"DEP +",0,{"$f":"IF(I528=\"\",\"\",IF(A528=\"H\",IF(OR(H528=\"SEN\",H528<1995),VLOOKUP(I528,Feuil1!$A$11:$F$29,6),IF(AND(H528>1994,H528<1998),VLOOKUP(I528,Feuil1!$A$11:$F$29,5),IF(AND(H528>1997,H528<2000),VLOOKUP(I528,Feuil1!$A$11:$F$29,4),IF(AND(H528>1999,H528<2002),VLOOKUP(I528,Feuil1!$A$11:$F$29,3),VLOOKUP(I528,Feuil1!$A$11:$F$29,2))))),IF(OR(H528=\"SEN\",H528<1995),VLOOKUP(I528,Feuil1!$G$11:$L$25,6),IF(AND(H528>1994,H528<1998),VLOOKUP(I528,Feuil1!$G$11:$L$25,5),IF(AND(H528>1997,H528<2000),VLOOKUP(I528,Feuil1!$G$11:$L$25,4),IF(AND(H528>1999,H528<2002),VLOOKUP(I528,Feuil1!$G$11:$L$25,3),VLOOKUP(I528,Feuil1!$G$11:$L$25,2)))))))","v":"S77"},214.87295474452895,null," ",{"$f":"T528-HLOOKUP(X528,Feuil1!$C$1:$BL$10,2,FALSE)","v":20},{"$f":"T528-HLOOKUP(X528,Feuil1!$C$1:$BL$10,3,FALSE)","v":0},{"$f":"T528-HLOOKUP(X528,Feuil1!$C$1:$BL$10,4,FALSE)","v":-20},{"$f":"T528-HLOOKUP(X528,Feuil1!$C$1:$BL$10,5,FALSE)","v":-40},{"$f":"T528-HLOOKUP(X528,Feuil1!$C$1:$BL$10,6,FALSE)","v":-70},{"$f":"T528-HLOOKUP(X528,Feuil1!$C$1:$BL$10,7,FALSE)","v":-95},{"$f":"T528-HLOOKUP(X528,Feuil1!$C$1:$BL$10,8,FALSE)","v":-115},{"$f":"T528-HLOOKUP(X528,Feuil1!$C$1:$BL$10,9,FALSE)","v":-135},{"$f":"T528-HLOOKUP(X528,Feuil1!$C$1:$BL$10,10,FALSE)","v":-150},null,null,null,null,null,null,"DEP +"]
["H","NORD","NPC",null,354864,"HORVATH","Youness",1991,76.89,"CHCD COMINES","F",65,70,75,75,95,-101,-107,95,170,16.22,"DEP +",0,{"$f":"IF(I529=\"\",\"\",IF(A529=\"H\",IF(OR(H529=\"SEN\",H529<1995),VLOOKUP(I529,Feuil1!$A$11:$F$29,6),IF(AND(H529>1994,H529<1998),VLOOKUP(I529,Feuil1!$A$11:$F$29,5),IF(AND(H529>1997,H529<2000),VLOOKUP(I529,Feuil1!$A$11:$F$29,4),IF(AND(H529>1999,H529<2002),VLOOKUP(I529,Feuil1!$A$11:$F$29,3),VLOOKUP(I529,Feuil1!$A$11:$F$29,2))))),IF(OR(H529=\"SEN\",H529<1995),VLOOKUP(I529,Feuil1!$G$11:$L$25,6),IF(AND(H529>1994,H529<1998),VLOOKUP(I529,Feuil1!$G$11:$L$25,5),IF(AND(H529>1997,H529<2000),VLOOKUP(I529,Feuil1!$G$11:$L$25,4),IF(AND(H529>1999,H529<2002),VLOOKUP(I529,Feuil1!$G$11:$L$25,3),VLOOKUP(I529,Feuil1!$G$11:$L$25,2)))))))","v":"S77"},214.25453809218754,null," ",{"$f":"T529-HLOOKUP(X529,Feuil1!$C$1:$BL$10,2,FALSE)","v":20},{"$f":"T529-HLOOKUP(X529,Feuil1!$C$1:$BL$10,3,FALSE)","v":0},{"$f":"T529-HLOOKUP(X529,Feuil1!$C$1:$BL$10,4,FALSE)","v":-20},{"$f":"T529-HLOOKUP(X529,Feuil1!$C$1:$BL$10,5,FALSE)","v":-40},{"$f":"T529-HLOOKUP(X529,Feuil1!$C$1:$BL$10,6,FALSE)","v":-70},{"$f":"T529-HLOOKUP(X529,Feuil1!$C$1:$BL$10,7,FALSE)","v":-95},{"$f":"T529-HLOOKUP(X529,Feuil1!$C$1:$BL$10,8,FALSE)","v":-115},{"$f":"T529-HLOOKUP(X529,Feuil1!$C$1:$BL$10,9,FALSE)","v":-135},{"$f":"T529-HLOOKUP(X529,Feuil1!$C$1:$BL$10,10,FALSE)","v":-150},null,null,null,null,null,null,"DEP +"]
["H","SO","AQU",null,313798,"MUNOZ","PAUL",1986,77,"MONT DE MARSAN","F",75,80,-82,80,90,-95,-95,90,170,16,"DEP +",0,{"$f":"IF(I530=\"\",\"\",IF(A530=\"H\",IF(OR(H530=\"SEN\",H530<1995),VLOOKUP(I530,Feuil1!$A$11:$F$29,6),IF(AND(H530>1994,H530<1998),VLOOKUP(I530,Feuil1!$A$11:$F$29,5),IF(AND(H530>1997,H530<2000),VLOOKUP(I530,Feuil1!$A$11:$F$29,4),IF(AND(H530>1999,H530<2002),VLOOKUP(I530,Feuil1!$A$11:$F$29,3),VLOOKUP(I530,Feuil1!$A$11:$F$29,2))))),IF(OR(H530=\"SEN\",H530<1995),VLOOKUP(I530,Feuil1!$G$11:$L$25,6),IF(AND(H530>1994,H530<1998),VLOOKUP(I530,Feuil1!$G$11:$L$25,5),IF(AND(H530>1997,H530<2000),VLOOKUP(I530,Feuil1!$G$11:$L$25,4),IF(AND(H530>1999,H530<2002),VLOOKUP(I530,Feuil1!$G$11:$L$25,3),VLOOKUP(I530,Feuil1!$G$11:$L$25,2)))))))","v":"S77"},214.08168852841516,null," ",{"$f":"T530-HLOOKUP(X530,Feuil1!$C$1:$BL$10,2,FALSE)","v":20},{"$f":"T530-HLOOKUP(X530,Feuil1!$C$1:$BL$10,3,FALSE)","v":0},{"$f":"T530-HLOOKUP(X530,Feuil1!$C$1:$BL$10,4,FALSE)","v":-20},{"$f":"T530-HLOOKUP(X530,Feuil1!$C$1:$BL$10,5,FALSE)","v":-40},{"$f":"T530-HLOOKUP(X530,Feuil1!$C$1:$BL$10,6,FALSE)","v":-70},{"$f":"T530-HLOOKUP(X530,Feuil1!$C$1:$BL$10,7,FALSE)","v":-95},{"$f":"T530-HLOOKUP(X530,Feuil1!$C$1:$BL$10,8,FALSE)","v":-115},{"$f":"T530-HLOOKUP(X530,Feuil1!$C$1:$BL$10,9,FALSE)","v":-135},{"$f":"T530-HLOOKUP(X530,Feuil1!$C$1:$BL$10,10,FALSE)","v":-150},null,null,null,null,null,null,"DEP +"]
["H","SEST","RAL",null,"\n 389240","FRATTINI","Victor",1991,73.3,"Vaulx-en-Velin","F",-73,73,-77,73,90,95,-100,95,168,21.400000000000006,"DEB ",18,{"$f":"IF(I531=\"\",\"\",IF(A531=\"H\",IF(OR(H531=\"SEN\",H531<1995),VLOOKUP(I531,Feuil1!$A$11:$F$29,6),IF(AND(H531>1994,H531<1998),VLOOKUP(I531,Feuil1!$A$11:$F$29,5),IF(AND(H531>1997,H531<2000),VLOOKUP(I531,Feuil1!$A$11:$F$29,4),IF(AND(H531>1999,H531<2002),VLOOKUP(I531,Feuil1!$A$11:$F$29,3),VLOOKUP(I531,Feuil1!$A$11:$F$29,2))))),IF(OR(H531=\"SEN\",H531<1995),VLOOKUP(I531,Feuil1!$G$11:$L$25,6),IF(AND(H531>1994,H531<1998),VLOOKUP(I531,Feuil1!$G$11:$L$25,5),IF(AND(H531>1997,H531<2000),VLOOKUP(I531,Feuil1!$G$11:$L$25,4),IF(AND(H531>1999,H531<2002),VLOOKUP(I531,Feuil1!$G$11:$L$25,3),VLOOKUP(I531,Feuil1!$G$11:$L$25,2)))))))","v":"S77"},217.7040572697104,null," ",{"$f":"T531-HLOOKUP(X531,Feuil1!$C$1:$BL$10,2,FALSE)","v":18},{"$f":"T531-HLOOKUP(X531,Feuil1!$C$1:$BL$10,3,FALSE)","v":-2},{"$f":"T531-HLOOKUP(X531,Feuil1!$C$1:$BL$10,4,FALSE)","v":-22},{"$f":"T531-HLOOKUP(X531,Feuil1!$C$1:$BL$10,5,FALSE)","v":-42},{"$f":"T531-HLOOKUP(X531,Feuil1!$C$1:$BL$10,6,FALSE)","v":-72},{"$f":"T531-HLOOKUP(X531,Feuil1!$C$1:$BL$10,7,FALSE)","v":-97},{"$f":"T531-HLOOKUP(X531,Feuil1!$C$1:$BL$10,8,FALSE)","v":-117},{"$f":"T531-HLOOKUP(X531,Feuil1!$C$1:$BL$10,9,FALSE)","v":-137},{"$f":"T531-HLOOKUP(X531,Feuil1!$C$1:$BL$10,10,FALSE)","v":-152},null,null,null,null,null,null,"DEB "]
["H","NE","FCO",null,28545,"MUTSCHLER","David",1982,76.599999999999994,"CH Luxeuil","F",70,-74,-74,70,95,98,-100,98,168,14.800000000000011,"DEB ",18,{"$f":"IF(I532=\"\",\"\",IF(A532=\"H\",IF(OR(H532=\"SEN\",H532<1995),VLOOKUP(I532,Feuil1!$A$11:$F$29,6),IF(AND(H532>1994,H532<1998),VLOOKUP(I532,Feuil1!$A$11:$F$29,5),IF(AND(H532>1997,H532<2000),VLOOKUP(I532,Feuil1!$A$11:$F$29,4),IF(AND(H532>1999,H532<2002),VLOOKUP(I532,Feuil1!$A$11:$F$29,3),VLOOKUP(I532,Feuil1!$A$11:$F$29,2))))),IF(OR(H532=\"SEN\",H532<1995),VLOOKUP(I532,Feuil1!$G$11:$L$25,6),IF(AND(H532>1994,H532<1998),VLOOKUP(I532,Feuil1!$G$11:$L$25,5),IF(AND(H532>1997,H532<2000),VLOOKUP(I532,Feuil1!$G$11:$L$25,4),IF(AND(H532>1999,H532<2002),VLOOKUP(I532,Feuil1!$G$11:$L$25,3),VLOOKUP(I532,Feuil1!$G$11:$L$25,2)))))))","v":"S77"},212.18750874412541,null," ",{"$f":"T532-HLOOKUP(X532,Feuil1!$C$1:$BL$10,2,FALSE)","v":18},{"$f":"T532-HLOOKUP(X532,Feuil1!$C$1:$BL$10,3,FALSE)","v":-2},{"$f":"T532-HLOOKUP(X532,Feuil1!$C$1:$BL$10,4,FALSE)","v":-22},{"$f":"T532-HLOOKUP(X532,Feuil1!$C$1:$BL$10,5,FALSE)","v":-42},{"$f":"T532-HLOOKUP(X532,Feuil1!$C$1:$BL$10,6,FALSE)","v":-72},{"$f":"T532-HLOOKUP(X532,Feuil1!$C$1:$BL$10,7,FALSE)","v":-97},{"$f":"T532-HLOOKUP(X532,Feuil1!$C$1:$BL$10,8,FALSE)","v":-117},{"$f":"T532-HLOOKUP(X532,Feuil1!$C$1:$BL$10,9,FALSE)","v":-137},{"$f":"T532-HLOOKUP(X532,Feuil1!$C$1:$BL$10,10,FALSE)","v":-152},null,null,null,null,null,null,"DEB "]
["H","ZCO","CEN",null,3702,"LUCIANO","Antoine",1955,74.95,"CM Orléans","F",70,-73,73,73,90,94,-100,94,167,17.099999999999994,"DEB ",17,{"$f":"IF(I533=\"\",\"\",IF(A533=\"H\",IF(OR(H533=\"SEN\",H533<1995),VLOOKUP(I533,Feuil1!$A$11:$F$29,6),IF(AND(H533>1994,H533<1998),VLOOKUP(I533,Feuil1!$A$11:$F$29,5),IF(AND(H533>1997,H533<2000),VLOOKUP(I533,Feuil1!$A$11:$F$29,4),IF(AND(H533>1999,H533<2002),VLOOKUP(I533,Feuil1!$A$11:$F$29,3),VLOOKUP(I533,Feuil1!$A$11:$F$29,2))))),IF(OR(H533=\"SEN\",H533<1995),VLOOKUP(I533,Feuil1!$G$11:$L$25,6),IF(AND(H533>1994,H533<1998),VLOOKUP(I533,Feuil1!$G$11:$L$25,5),IF(AND(H533>1997,H533<2000),VLOOKUP(I533,Feuil1!$G$11:$L$25,4),IF(AND(H533>1999,H533<2002),VLOOKUP(I533,Feuil1!$G$11:$L$25,3),VLOOKUP(I533,Feuil1!$G$11:$L$25,2)))))))","v":"S77"},213.58285041391616,null," ",{"$f":"T533-HLOOKUP(X533,Feuil1!$C$1:$BL$10,2,FALSE)","v":17},{"$f":"T533-HLOOKUP(X533,Feuil1!$C$1:$BL$10,3,FALSE)","v":-3},{"$f":"T533-HLOOKUP(X533,Feuil1!$C$1:$BL$10,4,FALSE)","v":-23},{"$f":"T533-HLOOKUP(X533,Feuil1!$C$1:$BL$10,5,FALSE)","v":-43},{"$f":"T533-HLOOKUP(X533,Feuil1!$C$1:$BL$10,6,FALSE)","v":-73},{"$f":"T533-HLOOKUP(X533,Feuil1!$C$1:$BL$10,7,FALSE)","v":-98},{"$f":"T533-HLOOKUP(X533,Feuil1!$C$1:$BL$10,8,FALSE)","v":-118},{"$f":"T533-HLOOKUP(X533,Feuil1!$C$1:$BL$10,9,FALSE)","v":-138},{"$f":"T533-HLOOKUP(X533,Feuil1!$C$1:$BL$10,10,FALSE)","v":-153},null,null,null,null,null,null,"DEB "]
["H","SEST","RAL",null,15611,"MARTIN SOLER","Manuel",1969,76.5,"Gauloise de Vaise","F",72,-75,-75,72,85,90,95,95,167,14,"DEB ",17,{"$f":"IF(I534=\"\",\"\",IF(A534=\"H\",IF(OR(H534=\"SEN\",H534<1995),VLOOKUP(I534,Feuil1!$A$11:$F$29,6),IF(AND(H534>1994,H534<1998),VLOOKUP(I534,Feuil1!$A$11:$F$29,5),IF(AND(H534>1997,H534<2000),VLOOKUP(I534,Feuil1!$A$11:$F$29,4),IF(AND(H534>1999,H534<2002),VLOOKUP(I534,Feuil1!$A$11:$F$29,3),VLOOKUP(I534,Feuil1!$A$11:$F$29,2))))),IF(OR(H534=\"SEN\",H534<1995),VLOOKUP(I534,Feuil1!$G$11:$L$25,6),IF(AND(H534>1994,H534<1998),VLOOKUP(I534,Feuil1!$G$11:$L$25,5),IF(AND(H534>1997,H534<2000),VLOOKUP(I534,Feuil1!$G$11:$L$25,4),IF(AND(H534>1999,H534<2002),VLOOKUP(I534,Feuil1!$G$11:$L$25,3),VLOOKUP(I534,Feuil1!$G$11:$L$25,2)))))))","v":"S77"},211.08107907256669,null," ",{"$f":"T534-HLOOKUP(X534,Feuil1!$C$1:$BL$10,2,FALSE)","v":17},{"$f":"T534-HLOOKUP(X534,Feuil1!$C$1:$BL$10,3,FALSE)","v":-3},{"$f":"T534-HLOOKUP(X534,Feuil1!$C$1:$BL$10,4,FALSE)","v":-23},{"$f":"T534-HLOOKUP(X534,Feuil1!$C$1:$BL$10,5,FALSE)","v":-43},{"$f":"T534-HLOOKUP(X534,Feuil1!$C$1:$BL$10,6,FALSE)","v":-73},{"$f":"T534-HLOOKUP(X534,Feuil1!$C$1:$BL$10,7,FALSE)","v":-98},{"$f":"T534-HLOOKUP(X534,Feuil1!$C$1:$BL$10,8,FALSE)","v":-118},{"$f":"T534-HLOOKUP(X534,Feuil1!$C$1:$BL$10,9,FALSE)","v":-138},{"$f":"T534-HLOOKUP(X534,Feuil1!$C$1:$BL$10,10,FALSE)","v":-153},null,null,null,null,null,null,"DEB "]
["H","SEST","CAZ",null,372603,"BIDELLO","GIULIANO",1990,77,"AC MENTON","F",60,66,-71,66,95,101,-105,101,167,13,"DEB ",17,{"$f":"IF(I535=\"\",\"\",IF(A535=\"H\",IF(OR(H535=\"SEN\",H535<1995),VLOOKUP(I535,Feuil1!$A$11:$F$29,6),IF(AND(H535>1994,H535<1998),VLOOKUP(I535,Feuil1!$A$11:$F$29,5),IF(AND(H535>1997,H535<2000),VLOOKUP(I535,Feuil1!$A$11:$F$29,4),IF(AND(H535>1999,H535<2002),VLOOKUP(I535,Feuil1!$A$11:$F$29,3),VLOOKUP(I535,Feuil1!$A$11:$F$29,2))))),IF(OR(H535=\"SEN\",H535<1995),VLOOKUP(I535,Feuil1!$G$11:$L$25,6),IF(AND(H535>1994,H535<1998),VLOOKUP(I535,Feuil1!$G$11:$L$25,5),IF(AND(H535>1997,H535<2000),VLOOKUP(I535,Feuil1!$G$11:$L$25,4),IF(AND(H535>1999,H535<2002),VLOOKUP(I535,Feuil1!$G$11:$L$25,3),VLOOKUP(I535,Feuil1!$G$11:$L$25,2)))))))","v":"S77"},210.30377637791372,null," ",{"$f":"T535-HLOOKUP(X535,Feuil1!$C$1:$BL$10,2,FALSE)","v":17},{"$f":"T535-HLOOKUP(X535,Feuil1!$C$1:$BL$10,3,FALSE)","v":-3},{"$f":"T535-HLOOKUP(X535,Feuil1!$C$1:$BL$10,4,FALSE)","v":-23},{"$f":"T535-HLOOKUP(X535,Feuil1!$C$1:$BL$10,5,FALSE)","v":-43},{"$f":"T535-HLOOKUP(X535,Feuil1!$C$1:$BL$10,6,FALSE)","v":-73},{"$f":"T535-HLOOKUP(X535,Feuil1!$C$1:$BL$10,7,FALSE)","v":-98},{"$f":"T535-HLOOKUP(X535,Feuil1!$C$1:$BL$10,8,FALSE)","v":-118},{"$f":"T535-HLOOKUP(X535,Feuil1!$C$1:$BL$10,9,FALSE)","v":-138},{"$f":"T535-HLOOKUP(X535,Feuil1!$C$1:$BL$10,10,FALSE)","v":-153},null,null,null,null,null,null,"DEB "]
["H","NORD","NPC",null,331611,"VERKEST","Théo",1992,73.400000000000006,"CHCD COMINES","F",65,69,-72,69,90,94,97,97,166,19.199999999999989,"DEB ",16,{"$f":"IF(I536=\"\",\"\",IF(A536=\"H\",IF(OR(H536=\"SEN\",H536<1995),VLOOKUP(I536,Feuil1!$A$11:$F$29,6),IF(AND(H536>1994,H536<1998),VLOOKUP(I536,Feuil1!$A$11:$F$29,5),IF(AND(H536>1997,H536<2000),VLOOKUP(I536,Feuil1!$A$11:$F$29,4),IF(AND(H536>1999,H536<2002),VLOOKUP(I536,Feuil1!$A$11:$F$29,3),VLOOKUP(I536,Feuil1!$A$11:$F$29,2))))),IF(OR(H536=\"SEN\",H536<1995),VLOOKUP(I536,Feuil1!$G$11:$L$25,6),IF(AND(H536>1994,H536<1998),VLOOKUP(I536,Feuil1!$G$11:$L$25,5),IF(AND(H536>1997,H536<2000),VLOOKUP(I536,Feuil1!$G$11:$L$25,4),IF(AND(H536>1999,H536<2002),VLOOKUP(I536,Feuil1!$G$11:$L$25,3),VLOOKUP(I536,Feuil1!$G$11:$L$25,2)))))))","v":"S77"},214.93716751910085,null," ",{"$f":"T536-HLOOKUP(X536,Feuil1!$C$1:$BL$10,2,FALSE)","v":16},{"$f":"T536-HLOOKUP(X536,Feuil1!$C$1:$BL$10,3,FALSE)","v":-4},{"$f":"T536-HLOOKUP(X536,Feuil1!$C$1:$BL$10,4,FALSE)","v":-24},{"$f":"T536-HLOOKUP(X536,Feuil1!$C$1:$BL$10,5,FALSE)","v":-44},{"$f":"T536-HLOOKUP(X536,Feuil1!$C$1:$BL$10,6,FALSE)","v":-74},{"$f":"T536-HLOOKUP(X536,Feuil1!$C$1:$BL$10,7,FALSE)","v":-99},{"$f":"T536-HLOOKUP(X536,Feuil1!$C$1:$BL$10,8,FALSE)","v":-119},{"$f":"T536-HLOOKUP(X536,Feuil1!$C$1:$BL$10,9,FALSE)","v":-139},{"$f":"T536-HLOOKUP(X536,Feuil1!$C$1:$BL$10,10,FALSE)","v":-154},null,null,null,null,null,null,"DEB "]
["H","NE","ALS",null,189173,"PETRYSZYN","GAUTIER",93,70,"MJC Ungersheim","F",63,68,71,71,85,90,94,94,165,25,"DEB ",15,{"$f":"IF(I537=\"\",\"\",IF(A537=\"H\",IF(OR(H537=\"SEN\",H537<1995),VLOOKUP(I537,Feuil1!$A$11:$F$29,6),IF(AND(H537>1994,H537<1998),VLOOKUP(I537,Feuil1!$A$11:$F$29,5),IF(AND(H537>1997,H537<2000),VLOOKUP(I537,Feuil1!$A$11:$F$29,4),IF(AND(H537>1999,H537<2002),VLOOKUP(I537,Feuil1!$A$11:$F$29,3),VLOOKUP(I537,Feuil1!$A$11:$F$29,2))))),IF(OR(H537=\"SEN\",H537<1995),VLOOKUP(I537,Feuil1!$G$11:$L$25,6),IF(AND(H537>1994,H537<1998),VLOOKUP(I537,Feuil1!$G$11:$L$25,5),IF(AND(H537>1997,H537<2000),VLOOKUP(I537,Feuil1!$G$11:$L$25,4),IF(AND(H537>1999,H537<2002),VLOOKUP(I537,Feuil1!$G$11:$L$25,3),VLOOKUP(I537,Feuil1!$G$11:$L$25,2)))))))","v":"S77"},219.94967228058715,null," ",{"$f":"T537-HLOOKUP(X537,Feuil1!$C$1:$BL$10,2,FALSE)","v":15},{"$f":"T537-HLOOKUP(X537,Feuil1!$C$1:$BL$10,3,FALSE)","v":-5},{"$f":"T537-HLOOKUP(X537,Feuil1!$C$1:$BL$10,4,FALSE)","v":-25},{"$f":"T537-HLOOKUP(X537,Feuil1!$C$1:$BL$10,5,FALSE)","v":-45},{"$f":"T537-HLOOKUP(X537,Feuil1!$C$1:$BL$10,6,FALSE)","v":-75},{"$f":"T537-HLOOKUP(X537,Feuil1!$C$1:$BL$10,7,FALSE)","v":-100},{"$f":"T537-HLOOKUP(X537,Feuil1!$C$1:$BL$10,8,FALSE)","v":-120},{"$f":"T537-HLOOKUP(X537,Feuil1!$C$1:$BL$10,9,FALSE)","v":-140},{"$f":"T537-HLOOKUP(X537,Feuil1!$C$1:$BL$10,10,FALSE)","v":-155},null,null,null,null,null,null,"DEB "]
["H","NORD","NPC",null,207624,"GUILLEMIN","Patrick",1994,70,"C.A.ROSENDAEL","F",70,75,-80,75,85,90,-95,90,165,25,"DEB ",15,{"$f":"IF(I538=\"\",\"\",IF(A538=\"H\",IF(OR(H538=\"SEN\",H538<1995),VLOOKUP(I538,Feuil1!$A$11:$F$29,6),IF(AND(H538>1994,H538<1998),VLOOKUP(I538,Feuil1!$A$11:$F$29,5),IF(AND(H538>1997,H538<2000),VLOOKUP(I538,Feuil1!$A$11:$F$29,4),IF(AND(H538>1999,H538<2002),VLOOKUP(I538,Feuil1!$A$11:$F$29,3),VLOOKUP(I538,Feuil1!$A$11:$F$29,2))))),IF(OR(H538=\"SEN\",H538<1995),VLOOKUP(I538,Feuil1!$G$11:$L$25,6),IF(AND(H538>1994,H538<1998),VLOOKUP(I538,Feuil1!$G$11:$L$25,5),IF(AND(H538>1997,H538<2000),VLOOKUP(I538,Feuil1!$G$11:$L$25,4),IF(AND(H538>1999,H538<2002),VLOOKUP(I538,Feuil1!$G$11:$L$25,3),VLOOKUP(I538,Feuil1!$G$11:$L$25,2)))))))","v":"S77"},219.94967228058715,null," ",{"$f":"T538-HLOOKUP(X538,Feuil1!$C$1:$BL$10,2,FALSE)","v":15},{"$f":"T538-HLOOKUP(X538,Feuil1!$C$1:$BL$10,3,FALSE)","v":-5},{"$f":"T538-HLOOKUP(X538,Feuil1!$C$1:$BL$10,4,FALSE)","v":-25},{"$f":"T538-HLOOKUP(X538,Feuil1!$C$1:$BL$10,5,FALSE)","v":-45},{"$f":"T538-HLOOKUP(X538,Feuil1!$C$1:$BL$10,6,FALSE)","v":-75},{"$f":"T538-HLOOKUP(X538,Feuil1!$C$1:$BL$10,7,FALSE)","v":-100},{"$f":"T538-HLOOKUP(X538,Feuil1!$C$1:$BL$10,8,FALSE)","v":-120},{"$f":"T538-HLOOKUP(X538,Feuil1!$C$1:$BL$10,9,FALSE)","v":-140},{"$f":"T538-HLOOKUP(X538,Feuil1!$C$1:$BL$10,10,FALSE)","v":-155},null,null,null,null,null,null,"DEB "]
["H","N","IDF",null,391697,"ANGRAND","ADRIEN",1993,70.099999999999994,"MELUN","F",60,65,-68,65,-90,95,100,100,165,24.800000000000011,"DEB ",15,{"$f":"IF(I539=\"\",\"\",IF(A539=\"H\",IF(OR(H539=\"SEN\",H539<1995),VLOOKUP(I539,Feuil1!$A$11:$F$29,6),IF(AND(H539>1994,H539<1998),VLOOKUP(I539,Feuil1!$A$11:$F$29,5),IF(AND(H539>1997,H539<2000),VLOOKUP(I539,Feuil1!$A$11:$F$29,4),IF(AND(H539>1999,H539<2002),VLOOKUP(I539,Feuil1!$A$11:$F$29,3),VLOOKUP(I539,Feuil1!$A$11:$F$29,2))))),IF(OR(H539=\"SEN\",H539<1995),VLOOKUP(I539,Feuil1!$G$11:$L$25,6),IF(AND(H539>1994,H539<1998),VLOOKUP(I539,Feuil1!$G$11:$L$25,5),IF(AND(H539>1997,H539<2000),VLOOKUP(I539,Feuil1!$G$11:$L$25,4),IF(AND(H539>1999,H539<2002),VLOOKUP(I539,Feuil1!$G$11:$L$25,3),VLOOKUP(I539,Feuil1!$G$11:$L$25,2)))))))","v":"S77"},219.75215985644382,null," ",{"$f":"T539-HLOOKUP(X539,Feuil1!$C$1:$BL$10,2,FALSE)","v":15},{"$f":"T539-HLOOKUP(X539,Feuil1!$C$1:$BL$10,3,FALSE)","v":-5},{"$f":"T539-HLOOKUP(X539,Feuil1!$C$1:$BL$10,4,FALSE)","v":-25},{"$f":"T539-HLOOKUP(X539,Feuil1!$C$1:$BL$10,5,FALSE)","v":-45},{"$f":"T539-HLOOKUP(X539,Feuil1!$C$1:$BL$10,6,FALSE)","v":-75},{"$f":"T539-HLOOKUP(X539,Feuil1!$C$1:$BL$10,7,FALSE)","v":-100},{"$f":"T539-HLOOKUP(X539,Feuil1!$C$1:$BL$10,8,FALSE)","v":-120},{"$f":"T539-HLOOKUP(X539,Feuil1!$C$1:$BL$10,9,FALSE)","v":-140},{"$f":"T539-HLOOKUP(X539,Feuil1!$C$1:$BL$10,10,FALSE)","v":-155},null,null,null,null,null,null,"DEB "]
["H","DOM","REU",null,62558,"GROSSET","JEAN PIERRE",1955,70.31,"CSPJ St Denis","F",65,70,75,75,85,90,-95,90,165,24.379999999999995,"DEB ",15,{"$f":"IF(I540=\"\",\"\",IF(A540=\"H\",IF(OR(H540=\"SEN\",H540<1995),VLOOKUP(I540,Feuil1!$A$11:$F$29,6),IF(AND(H540>1994,H540<1998),VLOOKUP(I540,Feuil1!$A$11:$F$29,5),IF(AND(H540>1997,H540<2000),VLOOKUP(I540,Feuil1!$A$11:$F$29,4),IF(AND(H540>1999,H540<2002),VLOOKUP(I540,Feuil1!$A$11:$F$29,3),VLOOKUP(I540,Feuil1!$A$11:$F$29,2))))),IF(OR(H540=\"SEN\",H540<1995),VLOOKUP(I540,Feuil1!$G$11:$L$25,6),IF(AND(H540>1994,H540<1998),VLOOKUP(I540,Feuil1!$G$11:$L$25,5),IF(AND(H540>1997,H540<2000),VLOOKUP(I540,Feuil1!$G$11:$L$25,4),IF(AND(H540>1999,H540<2002),VLOOKUP(I540,Feuil1!$G$11:$L$25,3),VLOOKUP(I540,Feuil1!$G$11:$L$25,2)))))))","v":"S77"},219.33987444126049,null," ",{"$f":"T540-HLOOKUP(X540,Feuil1!$C$1:$BL$10,2,FALSE)","v":15},{"$f":"T540-HLOOKUP(X540,Feuil1!$C$1:$BL$10,3,FALSE)","v":-5},{"$f":"T540